{"text_format":"2","workbook":"xlsx","n_sheets":18,"sheets":["Planilha Orçamentária","Planilha Orçamentária Desoner","CPU DES","Equipe de Mergulho","CPU","Memorial de cálculo","Cronograma","Cronograma Desoner","Cotações","BDI serv","BDI serv Desonerado","BDI forn","BDI forn Desonerado","Encargos Sociais","Comp SINAPI PE 03-2024 Onerado","Comp SINAPI BA 05-2023 Desoner","Ins SINAPI PE 03-2024 Onerado","Ins SINAPI BA 05-2023 Desoner"],"not_rendered":{"charts":0,"images":7,"macros":0,"external_links":1,"defined_names":1452,"comments":2,"pivot_tables":0},"unopened":[],"bounds":{"document_bytes":16777216,"sheet_cells":100000,"run_cost":"one","rows_first":2000,"rows_last":500,"rows_between":2000,"halvings":0,"cell_chars":16384,"cell_head_chars":4096},"cells_cut":0,"cells_raw":0,"read":"whole","date_system":"1900"}

{"sheet":"Planilha Orçamentária","index":0,"n_rows":52,"n_cols":13,"rows_kept":52,"cut":false,"hidden":false,"merged":[[7,6,8,6],[7,7,8,7],[7,8,8,8],[7,9,8,9],[7,10,8,10],[7,0,8,0],[7,1,7,2],[7,3,8,3],[7,4,8,4],[7,5,8,5],[4,5,4,6],[5,1,5,2],[5,4,5,6],[6,1,6,2],[6,4,6,6],[0,0,0,8],[1,0,1,8],[2,0,2,8],[3,1,3,3],[3,5,3,6]]}
["Ministério da Integração e do Desenvolvimento Regional"]
["Companhia de desenvolvimento dos Vales do São Francisco e do Parnaíba"]
["PLANILHA ORÇAMENTÁRIA - ORÇAMENTO NÃO DESONERADO"]
["OBRA:",{"$f":"UPPER(\"SERVIÇOS DE MANUTENÇÃO E OBRAS CIVIS NA BARRAGEM BOM VIVER\")","v":"SERVIÇOS DE MANUTENÇÃO E OBRAS CIVIS NA BARRAGEM BOM VIVER"},null,null,null,"BDI (serv.):",null,{"$f":"'BDI serv'!D22","v":0.23880000000000001},"Bancos"]
["LOCAL:","BARRAGEM BOM VIVER, BELÉM DO SÃO FRANCISCO/PE",null,null,null,"BDI (forn.):",null,{"$f":"'BDI forn'!E6","v":0.14699999999999999},"03/2024 - SINAPI/PE"]
["DATA BASE:","2024-05-13",null,null,"Encargos sociais Horistas:",null,null,{"$f":"'Encargos Sociais'!E47","v":1.1455000000000002},"01/2024 - SICRO/PE"]
["PRAZO:","120 DIAS",null,null,"Encargos sociais - Mensalista:",null,null,{"$f":"'Encargos Sociais'!F47","v":0.70109999999999995}]
["ITEM","REFERÊNCIA",null,"DESCRIÇÃO","UNID.","QUANT.","CUSTO UNITÁRIO","PREÇO UNITÁRIO ","PREÇO TOTAL","TIPO de BDI","CLASSIF"]
[null,"FONTE","CÓDIGO",{"$nulls":8},"S","A"]
[1,null,null,"ADMINISTRAÇÃO DA OBRA",{"$nulls":4},{"$f":"SUM(I11:I11)","v":143206.96},null,"ss","COMENTÁRIOS"]
["1.1","PRÓPRIA","CPU.01","Administração Local","MÊS",{"$f":"VLOOKUP(A11,'Memorial de cálculo'!A11:H471,8,0)","v":4},{"$f":"SUMIFS(CPU!$H:$H,CPU!$B:$B,'Planilha Orçamentária'!$A11,CPU!$I:$I,\"ss\")+SUMIFS(CPU!$H:$H,CPU!$B:$B,'Planilha Orçamentária'!$A11,CPU!$I:$I,\"mdo\")+SUMIF('Comp SINAPI PE 03-2024 Onerado'!G:G,'Planilha Orçamentária'!C11,'Comp SINAPI PE 03-2024 Onerado'!K:K)+SUMIF('Ins SINAPI PE 03-2024 Onerado'!A:A,'Planilha Orçamentária'!C11,'Ins SINAPI PE 03-2024 Onerado'!E:E)","v":28900.34},{"$f":"IF(J11=\"SERV\",G11*(1+$H$4),G11*(1+$H$5))","v":35801.741191999994},{"$f":"TRUNC(IF(J11=\"SERV\",G11*F11*(1+$H$4),G11*F11*(1+$H$5)),2)","v":143206.96},"serv","s"]
[]
[2,null,null,"SERVIÇOS PRELIMINARES",{"$nulls":4},{"$f":"SUM(I14:I16)","v":38607.870000000003},null,"ss"]
["2.1","PRÓPRIA","CPU.02","Mobilização e desmobilização de instalação do canteiro","UN",{"$f":"VLOOKUP(A14,'Memorial de cálculo'!A17:H476,8,0)","v":1},{"$f":"SUMIFS(CPU!$H:$H,CPU!$B:$B,'Planilha Orçamentária'!$A14,CPU!$I:$I,\"ss\")+SUMIFS(CPU!$H:$H,CPU!$B:$B,'Planilha Orçamentária'!$A14,CPU!$I:$I,\"mdo\")+SUMIF('Comp SINAPI PE 03-2024 Onerado'!G:G,'Planilha Orçamentária'!C14,'Comp SINAPI PE 03-2024 Onerado'!K:K)+SUMIF('Ins SINAPI PE 03-2024 Onerado'!A:A,'Planilha Orçamentária'!C14,'Ins SINAPI PE 03-2024 Onerado'!E:E)","v":8886.43},{"$f":"IF(J14=\"SERV\",G14*(1+$H$4),G14*(1+$H$5))","v":11008.509484},{"$f":"TRUNC(IF(J14=\"SERV\",G14*F14*(1+$H$4),G14*F14*(1+$H$5)),2)","v":11008.5},"serv","s"]
["2.2","PRÓPRIA","CPU.03","Canteiro de obras","M2",{"$f":"VLOOKUP(A15,'Memorial de cálculo'!A21:H387,8,0)","v":28.5},{"$f":"SUMIFS(CPU!$H:$H,CPU!$B:$B,'Planilha Orçamentária'!$A15,CPU!$I:$I,\"ss\")+SUMIFS(CPU!$H:$H,CPU!$B:$B,'Planilha Orçamentária'!$A15,CPU!$I:$I,\"mdo\")+SUMIF('Comp SINAPI PE 03-2024 Onerado'!G:G,'Planilha Orçamentária'!C15,'Comp SINAPI PE 03-2024 Onerado'!K:K)+SUMIF('Ins SINAPI PE 03-2024 Onerado'!A:A,'Planilha Orçamentária'!C15,'Ins SINAPI PE 03-2024 Onerado'!E:E)","v":746.64},{"$f":"IF(J15=\"SERV\",G15*(1+$H$4),G15*(1+$H$5))","v":924.93763199999989},{"$f":"TRUNC(IF(J15=\"SERV\",G15*F15*(1+$H$4),G15*F15*(1+$H$5)),2)","v":26360.720000000001},"serv","s"]
["2.3","PRÓPRIA","CPU.04","Placa de obra em chapa de aço galvanizado","M2",{"$f":"VLOOKUP(A16,'Memorial de cálculo'!A22:H388,8,0)","v":2},{"$f":"SUMIFS(CPU!$H:$H,CPU!$B:$B,'Planilha Orçamentária'!$A16,CPU!$I:$I,\"ss\")+SUMIFS(CPU!$H:$H,CPU!$B:$B,'Planilha Orçamentária'!$A16,CPU!$I:$I,\"mdo\")+SUMIF('Comp SINAPI PE 03-2024 Onerado'!G:G,'Planilha Orçamentária'!C16,'Comp SINAPI PE 03-2024 Onerado'!K:K)+SUMIF('Ins SINAPI PE 03-2024 Onerado'!A:A,'Planilha Orçamentária'!C16,'Ins SINAPI PE 03-2024 Onerado'!E:E)","v":499.93999999999994},{"$f":"IF(J16=\"SERV\",G16*(1+$H$4),G16*(1+$H$5))","v":619.32567199999983},1238.6500000000001,"serv","s"]
[]
[3,null,null,"CORTE DA VEGETAÇÃO E REMOÇÃO DAS RAIZES",{"$nulls":4},{"$f":"SUM(I19:I21)","v":271206.81},null,"ss"]
["3.1","PRÓPRIA","CPU.05","Limpeza de Vegetação","M2",{"$f":"VLOOKUP(A19,'Memorial de cálculo'!$A$10:$H$491,8,0)","v":25760},{"$f":"SUMIFS(CPU!$H:$H,CPU!$B:$B,'Planilha Orçamentária'!$A19,CPU!$I:$I,\"ss\")+SUMIFS(CPU!$H:$H,CPU!$B:$B,'Planilha Orçamentária'!$A19,CPU!$I:$I,\"mdo\")+SUMIF('Comp SINAPI PE 03-2024 Onerado'!G:G,'Planilha Orçamentária'!C19,'Comp SINAPI PE 03-2024 Onerado'!K:K)+SUMIF('Ins SINAPI PE 03-2024 Onerado'!A:A,'Planilha Orçamentária'!C19,'Ins SINAPI PE 03-2024 Onerado'!E:E)","v":7.6000000000000014},{"$f":"IF(J19=\"SERV\",G19*(1+$H$4),G19*(1+$H$5))","v":9.4148800000000001},{"$f":"TRUNC(IF(J19=\"SERV\",G19*F19*(1+$H$4),G19*F19*(1+$H$5)),2)","v":242527.3},"serv","s"]
["3.2","PRÓPRIA","CPU.06","Corte raso de árvores","UN",{"$f":"VLOOKUP(A20,'Memorial de cálculo'!$A$10:$H$491,8,0)","v":65},{"$f":"SUMIFS(CPU!$H:$H,CPU!$B:$B,'Planilha Orçamentária'!$A20,CPU!$I:$I,\"ss\")+SUMIFS(CPU!$H:$H,CPU!$B:$B,'Planilha Orçamentária'!$A20,CPU!$I:$I,\"mdo\")+SUMIF('Comp SINAPI PE 03-2024 Onerado'!G:G,'Planilha Orçamentária'!C20,'Comp SINAPI PE 03-2024 Onerado'!K:K)+SUMIF('Ins SINAPI PE 03-2024 Onerado'!A:A,'Planilha Orçamentária'!C20,'Ins SINAPI PE 03-2024 Onerado'!E:E)","v":174.68},{"$f":"IF(J20=\"SERV\",G20*(1+$H$4),G20*(1+$H$5))","v":216.393584},{"$f":"TRUNC(IF(J20=\"SERV\",G20*F20*(1+$H$4),G20*F20*(1+$H$5)),2)","v":14065.58},"serv","s"]
["3.3","PRÓPRIA","CPU.07","Remoção de raízes","UN",{"$f":"VLOOKUP(A21,'Memorial de cálculo'!$A$10:$H$491,8,0)","v":65},{"$f":"SUMIFS(CPU!$H:$H,CPU!$B:$B,'Planilha Orçamentária'!$A21,CPU!$I:$I,\"ss\")+SUMIFS(CPU!$H:$H,CPU!$B:$B,'Planilha Orçamentária'!$A21,CPU!$I:$I,\"mdo\")+SUMIF('Comp SINAPI PE 03-2024 Onerado'!G:G,'Planilha Orçamentária'!C21,'Comp SINAPI PE 03-2024 Onerado'!K:K)+SUMIF('Ins SINAPI PE 03-2024 Onerado'!A:A,'Planilha Orçamentária'!C21,'Ins SINAPI PE 03-2024 Onerado'!E:E)","v":181.49},{"$f":"IF(J21=\"SERV\",G21*(1+$H$4),G21*(1+$H$5))","v":224.829812},14613.93,"serv","s"]
[]
[4,null,null,"RECUPERAÇÃO DA EROSÃO TALUDES MONTANTE, JUSANTE e CRISTA",{"$nulls":4},{"$f":"I24","v":182589.11},null,"ss"]
["4.1","PROPRIA","CPU.08","Aterro de valas ","M2",{"$f":"VLOOKUP(A24,'Memorial de cálculo'!A7:H495,8,0)","v":936},{"$f":"SUMIFS(CPU!$H:$H,CPU!$B:$B,'Planilha Orçamentária'!$A24,CPU!$I:$I,\"ss\")+SUMIFS(CPU!$H:$H,CPU!$B:$B,'Planilha Orçamentária'!$A24,CPU!$I:$I,\"mdo\")+SUMIF('Comp SINAPI PE 03-2024 Onerado'!G:G,'Planilha Orçamentária'!C24,'Comp SINAPI PE 03-2024 Onerado'!K:K)+SUMIF('Ins SINAPI PE 03-2024 Onerado'!A:A,'Planilha Orçamentária'!C24,'Ins SINAPI PE 03-2024 Onerado'!E:E)","v":157.47},{"$f":"IF(J24=\"SERV\",G24*(1+$H$4),G24*(1+$H$5))","v":195.07383599999997},{"$f":"TRUNC(IF(J24=\"SERV\",G24*F24*(1+$H$4),G24*F24*(1+$H$5)),2)","v":182589.11},"serv","s"]
[]
[5,null,null,"REGULARIZAÇÃO E PAVIMENTAÇÃO DA CRISTA",{"$nulls":4},{"$f":"SUM(I27:I29)","v":171766.49},null,"ss"]
["5.1","PROPRIA","CPU.09","Regularização e compactação da crista","M2",{"$f":"VLOOKUP(A27,'Memorial de cálculo'!A10:H498,8,0)","v":1925},{"$f":"SUMIFS(CPU!$H:$H,CPU!$B:$B,'Planilha Orçamentária'!$A27,CPU!$I:$I,\"ss\")+SUMIFS(CPU!$H:$H,CPU!$B:$B,'Planilha Orçamentária'!$A27,CPU!$I:$I,\"mdo\")+SUMIF('Comp SINAPI PE 03-2024 Onerado'!G:G,'Planilha Orçamentária'!C27,'Comp SINAPI PE 03-2024 Onerado'!K:K)+SUMIF('Ins SINAPI PE 03-2024 Onerado'!A:A,'Planilha Orçamentária'!C27,'Ins SINAPI PE 03-2024 Onerado'!E:E)","v":3.48},{"$f":"IF(J27=\"SERV\",G27*(1+$H$4),G27*(1+$H$5))","v":4.3110239999999997},{"$f":"TRUNC(IF(J27=\"SERV\",G27*F27*(1+$H$4),G27*F27*(1+$H$5)),2)","v":8298.7199999999993},"serv","s"]
["5.2","PROPRIA","CPU.10","Drenagem","M",{"$f":"VLOOKUP(A28,'Memorial de cálculo'!A67:H500,8,0)","v":1100},{"$f":"SUMIFS(CPU!$H:$H,CPU!$B:$B,'Planilha Orçamentária'!$A28,CPU!$I:$I,\"ss\")+SUMIFS(CPU!$H:$H,CPU!$B:$B,'Planilha Orçamentária'!$A28,CPU!$I:$I,\"mdo\")+SUMIF('Comp SINAPI PE 03-2024 Onerado'!G:G,'Planilha Orçamentária'!C28,'Comp SINAPI PE 03-2024 Onerado'!K:K)+SUMIF('Ins SINAPI PE 03-2024 Onerado'!A:A,'Planilha Orçamentária'!C28,'Ins SINAPI PE 03-2024 Onerado'!E:E)","v":76.06},{"$f":"IF(J28=\"SERV\",G28*(1+$H$4),G28*(1+$H$5))","v":94.223127999999988},{"$f":"TRUNC(IF(J28=\"SERV\",G28*F28*(1+$H$4),G28*F28*(1+$H$5)),2)","v":103645.44},"serv","s"]
["5.3","SINAPI","CPU.11","Revestimento com BGS","M3",{"$f":"VLOOKUP(A29,'Memorial de cálculo'!A68:H501,8,0)","v":192.5},{"$f":"SUMIFS(CPU!$H:$H,CPU!$B:$B,'Planilha Orçamentária'!$A29,CPU!$I:$I,\"ss\")+SUMIFS(CPU!$H:$H,CPU!$B:$B,'Planilha Orçamentária'!$A29,CPU!$I:$I,\"mdo\")+SUMIF('Comp SINAPI PE 03-2024 Onerado'!G:G,'Planilha Orçamentária'!C29,'Comp SINAPI PE 03-2024 Onerado'!K:K)+SUMIF('Ins SINAPI PE 03-2024 Onerado'!A:A,'Planilha Orçamentária'!C29,'Ins SINAPI PE 03-2024 Onerado'!E:E)","v":250.85999999999999},{"$f":"IF(J29=\"SERV\",G29*(1+$H$4),G29*(1+$H$5))","v":310.76536799999997},59822.33,"serv","s"]
[]
[6,null,null,{"$f":"UPPER(\"Manutenção no talude de montante\")","v":"MANUTENÇÃO NO TALUDE DE MONTANTE"},{"$nulls":4},{"$f":"I32","v":313687.64},null,"ss"]
["6.1","PROPRIA","CPU.12","Enrocamento c/ pedra de mão para proteção do talude","m³",{"$f":"VLOOKUP(A32,'Memorial de cálculo'!A140:H520,8,0)","v":621},{"$f":"SUMIFS(CPU!$H:$H,CPU!$B:$B,'Planilha Orçamentária'!$A32,CPU!$I:$I,\"ss\")+SUMIFS(CPU!$H:$H,CPU!$B:$B,'Planilha Orçamentária'!$A32,CPU!$I:$I,\"mdo\")+SUMIF('Comp SINAPI PE 03-2024 Onerado'!G:G,'Planilha Orçamentária'!C32,'Comp SINAPI PE 03-2024 Onerado'!K:K)+SUMIF('Ins SINAPI PE 03-2024 Onerado'!A:A,'Planilha Orçamentária'!C32,'Ins SINAPI PE 03-2024 Onerado'!E:E)","v":407.76},{"$f":"IF(J32=\"SERV\",G32*(1+$H$4),G32*(1+$H$5))","v":505.13308799999993},{"$f":"TRUNC(IF(J32=\"SERV\",G32*F32*(1+$H$4),G32*F32*(1+$H$5)),2)","v":313687.64},"serv","s"]
[]
[7,null,null,{"$f":"UPPER(\"Drenagem superficial do talude jusante\")","v":"DRENAGEM SUPERFICIAL DO TALUDE JUSANTE"},{"$nulls":4},{"$f":"I35+I36","v":56180.86},null,"ss"]
["7.1","PROPRIA","CPU.13","Canaleta para descida d'água","M",{"$f":"VLOOKUP(A35,'Memorial de cálculo'!A177:H528,8,0)","v":616},{"$f":"SUMIFS(CPU!$H:$H,CPU!$B:$B,'Planilha Orçamentária'!$A35,CPU!$I:$I,\"ss\")+SUMIFS(CPU!$H:$H,CPU!$B:$B,'Planilha Orçamentária'!$A35,CPU!$I:$I,\"mdo\")+SUMIF('Comp SINAPI PE 03-2024 Onerado'!G:G,'Planilha Orçamentária'!C35,'Comp SINAPI PE 03-2024 Onerado'!K:K)+SUMIF('Ins SINAPI PE 03-2024 Onerado'!A:A,'Planilha Orçamentária'!C35,'Ins SINAPI PE 03-2024 Onerado'!E:E)","v":69.38},{"$f":"IF(J35=\"SERV\",G35*(1+$H$4),G35*(1+$H$5))","v":85.947943999999993},{"$f":"TRUNC(IF(J35=\"SERV\",G35*F35*(1+$H$4),G35*F35*(1+$H$5)),2)","v":52943.93},"serv","S"]
["7.2","PROPRIA","CPU.14","Entrada para descida d'água","un",{"$f":"VLOOKUP(A36,'Memorial de cálculo'!A178:H529,8,0)","v":28},{"$f":"SUMIFS(CPU!$H:$H,CPU!$B:$B,'Planilha Orçamentária'!$A36,CPU!$I:$I,\"ss\")+SUMIFS(CPU!$H:$H,CPU!$B:$B,'Planilha Orçamentária'!$A36,CPU!$I:$I,\"mdo\")+SUMIF('Comp SINAPI PE 03-2024 Onerado'!G:G,'Planilha Orçamentária'!C36,'Comp SINAPI PE 03-2024 Onerado'!K:K)+SUMIF('Ins SINAPI PE 03-2024 Onerado'!A:A,'Planilha Orçamentária'!C36,'Ins SINAPI PE 03-2024 Onerado'!E:E)","v":93.32},{"$f":"IF(J36=\"SERV\",G36*(1+$H$4),G36*(1+$H$5))","v":115.60481599999999},3236.93,"serv","s"]
[]
[8,null,null,{"$f":"UPPER(\"Proteção superficial do talude de jusante\")","v":"PROTEÇÃO SUPERFICIAL DO TALUDE DE JUSANTE"},{"$nulls":4},{"$f":"I39+I40","v":329039.20999999996},null,"ss"]
["8.1","PROPRIA","CPU.15","Aplicação de Adubo","M2",{"$f":"VLOOKUP(A39,'Memorial de cálculo'!A181:H532,8,0)","v":10315},{"$f":"SUMIFS(CPU!$H:$H,CPU!$B:$B,'Planilha Orçamentária'!$A39,CPU!$I:$I,\"ss\")+SUMIFS(CPU!$H:$H,CPU!$B:$B,'Planilha Orçamentária'!$A39,CPU!$I:$I,\"mdo\")+SUMIF('Comp SINAPI PE 03-2024 Onerado'!G:G,'Planilha Orçamentária'!C39,'Comp SINAPI PE 03-2024 Onerado'!K:K)+SUMIF('Ins SINAPI PE 03-2024 Onerado'!A:A,'Planilha Orçamentária'!C39,'Ins SINAPI PE 03-2024 Onerado'!E:E)","v":5.1499999999999995},{"$f":"IF(J39=\"SERV\",G39*(1+$H$4),G39*(1+$H$5))","v":6.3798199999999987},{"$f":"TRUNC(IF(J39=\"SERV\",G39*F39*(1+$H$4),G39*F39*(1+$H$5)),2)","v":65807.839999999997},"serv","s"]
["8.2","PROPRIA","CPU.16","Plantio de Grama","M2",{"$f":"VLOOKUP(A40,'Memorial de cálculo'!A182:H533,8,0)","v":10315},{"$f":"SUMIFS(CPU!$H:$H,CPU!$B:$B,'Planilha Orçamentária'!$A40,CPU!$I:$I,\"ss\")+SUMIFS(CPU!$H:$H,CPU!$B:$B,'Planilha Orçamentária'!$A40,CPU!$I:$I,\"mdo\")+SUMIF('Comp SINAPI PE 03-2024 Onerado'!G:G,'Planilha Orçamentária'!C40,'Comp SINAPI PE 03-2024 Onerado'!K:K)+SUMIF('Ins SINAPI PE 03-2024 Onerado'!A:A,'Planilha Orçamentária'!C40,'Ins SINAPI PE 03-2024 Onerado'!E:E)","v":20.599999999999998},{"$f":"IF(J40=\"SERV\",G40*(1+$H$4),G40*(1+$H$5))","v":25.519279999999995},263231.37,"serv","s","Confirmar se deixa essa ou da SICRO - DA SICRO ESTÁ BEM MAIS BARATA"]
[]
[9,null,null,"RESTAURAÇÃO SUPERFICIAL - MUROS LATERAIS E VERTEDOURO",{"$nulls":4},{"$f":"I43","v":8039.84},null,"ss"]
["9.1","PROPRIA","CPU.17","Restauração superficial dos muros laterias e vertedouro","M2",{"$f":"VLOOKUP(A43,'Memorial de cálculo'!A193:H543,8,0)","v":51.5},{"$f":"SUMIFS(CPU!$H:$H,CPU!$B:$B,'Planilha Orçamentária'!$A43,CPU!$I:$I,\"ss\")+SUMIFS(CPU!$H:$H,CPU!$B:$B,'Planilha Orçamentária'!$A43,CPU!$I:$I,\"mdo\")+SUMIF('Comp SINAPI PE 03-2024 Onerado'!G:G,'Planilha Orçamentária'!C43,'Comp SINAPI PE 03-2024 Onerado'!K:K)+SUMIF('Ins SINAPI PE 03-2024 Onerado'!A:A,'Planilha Orçamentária'!C43,'Ins SINAPI PE 03-2024 Onerado'!E:E)","v":126.02000000000001},{"$f":"IF(J43=\"SERV\",G43*(1+$H$4),G43*(1+$H$5))","v":156.11357599999999},{"$f":"TRUNC(IF(J43=\"SERV\",G43*F43*(1+$H$4),G43*F43*(1+$H$5)),2)","v":8039.84},"serv","s"]
[]
[10,null,null,"SERVIÇOS COMPLEMENTARES",{"$nulls":4},{"$f":"SUM(I46:I49)","v":141556.62},null,"ss"]
["10.1","PRÓPRIA","CPU.22","Instalação de placas de aviso","m²",{"$f":"VLOOKUP(A46,'Memorial de cálculo'!A205:H553,8,0)","v":4},{"$f":"SUMIFS(CPU!$H:$H,CPU!$B:$B,'Planilha Orçamentária'!$A46,CPU!$I:$I,\"ss\")+SUMIFS(CPU!$H:$H,CPU!$B:$B,'Planilha Orçamentária'!$A46,CPU!$I:$I,\"mdo\")+SUMIF('Comp SINAPI PE 03-2024 Onerado'!G:G,'Planilha Orçamentária'!C46,'Comp SINAPI PE 03-2024 Onerado'!K:K)+SUMIF('Ins SINAPI PE 03-2024 Onerado'!A:A,'Planilha Orçamentária'!C46,'Ins SINAPI PE 03-2024 Onerado'!E:E)","v":499.93999999999994},{"$f":"IF(J46=\"SERV\",G46*(1+$H$4),G46*(1+$H$5))","v":619.32567199999983},{"$f":"TRUNC(IF(J46=\"SERV\",G46*F46*(1+$H$4),G46*F46*(1+$H$5)),2)","v":2477.3000000000002},"serv","s","4 placas de 1 m²"]
["10.2","PRÓPRIA","CPU.23","Instalação de mourões para medida de cota d’água","un",{"$f":"VLOOKUP(A47,'Memorial de cálculo'!A209:H557,8,0)","v":10},{"$f":"CPU!H238","v":375.29},{"$f":"IF(J47=\"SERV\",G47*(1+$H$4),G47*(1+$H$5))","v":464.90925199999998},4649.09,"serv","s"]
["10.3","PRÓPRIA","CPU.24","Cercas de proteção","M",{"$f":"VLOOKUP(A48,'Memorial de cálculo'!A222:H559,8,0)","v":930},{"$f":"SUMIFS(CPU!$H:$H,CPU!$B:$B,'Planilha Orçamentária'!$A48,CPU!$I:$I,\"ss\")+SUMIFS(CPU!$H:$H,CPU!$B:$B,'Planilha Orçamentária'!$A48,CPU!$I:$I,\"mdo\")+SUMIF('Comp SINAPI PE 03-2024 Onerado'!G:G,'Planilha Orçamentária'!C48,'Comp SINAPI PE 03-2024 Onerado'!K:K)+SUMIF('Ins SINAPI PE 03-2024 Onerado'!A:A,'Planilha Orçamentária'!C48,'Ins SINAPI PE 03-2024 Onerado'!E:E)","v":101.05000000000001},{"$f":"IF(J48=\"SERV\",G48*(1+$H$4),G48*(1+$H$5))","v":125.18074},116418.08,"serv","s"]
["10.4","PRÓPRIA","CPU.25","Limpeza das margens do reservatório","M2",{"$f":"VLOOKUP(A49,'Memorial de cálculo'!A230:H563,8,0)","v":2000},{"$f":"SUMIFS(CPU!$H:$H,CPU!$B:$B,'Planilha Orçamentária'!$A49,CPU!$I:$I,\"ss\")+SUMIFS(CPU!$H:$H,CPU!$B:$B,'Planilha Orçamentária'!$A49,CPU!$I:$I,\"mdo\")+SUMIF('Comp SINAPI PE 03-2024 Onerado'!G:G,'Planilha Orçamentária'!C49,'Comp SINAPI PE 03-2024 Onerado'!K:K)+SUMIF('Ins SINAPI PE 03-2024 Onerado'!A:A,'Planilha Orçamentária'!C49,'Ins SINAPI PE 03-2024 Onerado'!E:E)","v":7.2700000000000005},{"$f":"IF(J49=\"SERV\",G49*(1+$H$4),G49*(1+$H$5))","v":9.0060760000000002},18012.150000000001,"serv","s"]
[null,null,null,"TOTAL Sem BDI:",{"$nulls":4},{"$f":"SUMPRODUCT(F10:F49,G10:G49)","v":1336681.8699999999}]
[null,null,null,"BDI:",{"$nulls":4},{"$f":"I52-I50","v":319199.54000000027}]
[null,null,null,"TOTAL COM BDI:",{"$nulls":4},{"$f":"I10+I13+I18+I23+I26+I31+I34+I38+I42+I45","v":1655881.4100000001}]

{"sheet":"Planilha Orçamentária Desoner","index":1,"n_rows":95,"n_cols":11,"rows_kept":95,"cut":false,"hidden":true,"merged":[[8,7,9,7],[8,8,9,8],[8,9,9,9],[8,10,9,10],[6,1,6,2],[6,4,6,6],[7,1,7,2],[7,4,7,6],[8,6,9,6],[8,0,9,0],[8,1,8,2],[8,3,9,3],[8,4,9,4],[8,5,9,5],[0,0,0,8],[1,0,1,8],[2,0,2,8],[3,0,3,8],[4,1,4,3]]}
["Ministério da Integração e do Desenvolvimento Regional"]
["Companhia de desenvolvimento dos Vales do São Francisco e do Parnaíba"]
[]
["PLANILHA ORÇAMENTÁRIA - ORÇAMENTO DESONERADO"]
["OBRA:",{"$f":"UPPER(\"SERVIÇOS DE MANUTENÇÃO E OBRAS CIVIS NA ESTRUTURA DA BARRAGEM E EQUIPAMENTO HIDROMECÂNICO\")","v":"SERVIÇOS DE MANUTENÇÃO E OBRAS CIVIS NA ESTRUTURA DA BARRAGEM E EQUIPAMENTO HIDROMECÂNICO"},{"$nulls":4},"BDI (serv.):",{"$f":"'BDI serv Desonerado'!D22","v":0.33510000000000001},"Bancos"]
["LOCAL:","BARRAGEM POÇO DO MAGRO, GUANAMBI/BA",{"$nulls":4},"BDI (forn.):",{"$f":"'BDI forn Desonerado'!D22","v":0.21199999999999999},"05/2023 - SINAPI/BA"]
["DATA BASE:","2023-05-01",null,null,"Encargos sociais Horistas:",null,null,{"$f":"'Encargos Sociais'!C47","v":0.84939999999999993},"01/2023 - SICRO/BA"]
["PRAZO:","120 DIAS",null,null,"Encargos sociais - Mensalista:",null,null,{"$f":"'Encargos Sociais'!D47","v":0.46579999999999994},"04/2023 - ORSE"]
["ITEM","REFERÊNCIA",null,"DESCRIÇÃO","UNID.","QUANT.","CUSTO UNITÁRIO","PREÇO UNITÁRIO ","PREÇO TOTAL","TIPO de BDI","CLASSIF"]
[null,"FONTE","CÓDIGO"]
[1,null,null,"ADMINISTRAÇÃO LOCAL",{"$nulls":4},{"$f":"SUM(I12:I12)","v":41837.868488},null,"ss"]
["1.1","PRÓPRIA","CPU.01","ADMINISTRAÇÃO LOCAL","MÊS",{"$f":"'Planilha Orçamentária'!F11","v":4},{"$f":"SUMIFS('CPU DES'!$H:$H,'CPU DES'!$B:$B,'Planilha Orçamentária Desoner'!$A12,'CPU DES'!$I:$I,\"ss\")+SUMIFS('CPU DES'!$H:$H,'CPU DES'!$B:$B,'Planilha Orçamentária Desoner'!$A12,'CPU DES'!$I:$I,\"mdo\")+SUMIF('Comp SINAPI BA 05-2023 Desoner'!G:G,'Planilha Orçamentária Desoner'!C12,'Comp SINAPI BA 05-2023 Desoner'!K:K)+SUMIF('Ins SINAPI BA 05-2023 Desoner'!A:A,'Planilha Orçamentária Desoner'!C12,'Ins SINAPI BA 05-2023 Desoner'!E:E)","v":7834.22},{"$f":"IF(J12=\"SERV\",G12*(1+$H$5),G12*(1+$H$6))","v":10459.467122},{"$f":"IF(J12=\"SERV\",G12*F12*(1+$H$5),G12*F12*(1+$H$6))","v":41837.868488},"serv","s"]
[]
[2,null,null,"SERVIÇOS PRELIMINARES",{"$nulls":4},{"$f":"SUM(I15,I21)","v":{"$error":"#REF!"}},null,"ss"]
["2.1",null,null,"Canteiro de obras",{"$nulls":4},{"$f":"SUM(I16:I20)","v":{"$error":"#REF!"}},null,"s"]
["2.1.1","SINAPI",98525,{"$f":"PROPER(IF(K16=\"i\",VLOOKUP(C16,'Ins SINAPI BA 05-2023 Desoner'!$A$8:$E$5189,2,0),VLOOKUP(C16,'Comp SINAPI BA 05-2023 Desoner'!$G$7:$K$7500,2,0)))","v":"Limpeza Mecanizada De Camada Vegetal, Vegetação E Pequenas Árvores (Diâmetro De Tronco Menor Que 0,20 M), Com Trator De Esteiras.Af_05/2018"},{"$f":"LOWER(IF(K16=\"i\",VLOOKUP(C16,'Ins SINAPI BA 05-2023 Desoner'!$A$8:$E$5189,3,0),VLOOKUP(C16,'Comp SINAPI BA 05-2023 Desoner'!$G$7:$K$7500,3,0)))","v":"m2"},{"$f":"'Planilha Orçamentária'!F15","v":28.5},{"$f":"SUMIFS('CPU DES'!$H:$H,'CPU DES'!$B:$B,'Planilha Orçamentária Desoner'!$A16,'CPU DES'!$I:$I,\"ss\")+SUMIFS('CPU DES'!$H:$H,'CPU DES'!$B:$B,'Planilha Orçamentária Desoner'!$A16,'CPU DES'!$I:$I,\"mdo\")+SUMIF('Comp SINAPI BA 05-2023 Desoner'!G:G,'Planilha Orçamentária Desoner'!C16,'Comp SINAPI BA 05-2023 Desoner'!K:K)+SUMIF('Ins SINAPI BA 05-2023 Desoner'!A:A,'Planilha Orçamentária Desoner'!C16,'Ins SINAPI BA 05-2023 Desoner'!E:E)","v":0.37},{"$f":"IF(J16=\"SERV\",G16*(1+$H$5),G16*(1+$H$6))","v":0.49398699999999995},{"$f":"IF(J16=\"SERV\",G16*F16*(1+$H$5),G16*F16*(1+$H$6))","v":14.0786295},"serv","s"]
["2.1.2","SINAPI",94975,{"$f":"PROPER(IF(K17=\"i\",VLOOKUP(C17,'Ins SINAPI BA 05-2023 Desoner'!$A$8:$E$5189,2,0),VLOOKUP(C17,'Comp SINAPI BA 05-2023 Desoner'!$G$7:$K$7500,2,0)))","v":"Concreto Fck = 15Mpa, Traço 1:3,4:3,5 (Em Massa Seca De Cimento/ Areia Média/ Brita 1) - Preparo Manual. Af_05/2021"},{"$f":"LOWER(IF(K17=\"i\",VLOOKUP(C17,'Ins SINAPI BA 05-2023 Desoner'!$A$8:$E$5189,3,0),VLOOKUP(C17,'Comp SINAPI BA 05-2023 Desoner'!$G$7:$K$7500,3,0)))","v":"m3"},{"$f":"'Planilha Orçamentária'!#REF!","v":{"$error":"#REF!"}},{"$f":"SUMIFS('CPU DES'!$H:$H,'CPU DES'!$B:$B,'Planilha Orçamentária Desoner'!$A17,'CPU DES'!$I:$I,\"ss\")+SUMIFS('CPU DES'!$H:$H,'CPU DES'!$B:$B,'Planilha Orçamentária Desoner'!$A17,'CPU DES'!$I:$I,\"mdo\")+SUMIF('Comp SINAPI BA 05-2023 Desoner'!G:G,'Planilha Orçamentária Desoner'!C17,'Comp SINAPI BA 05-2023 Desoner'!K:K)+SUMIF('Ins SINAPI BA 05-2023 Desoner'!A:A,'Planilha Orçamentária Desoner'!C17,'Ins SINAPI BA 05-2023 Desoner'!E:E)","v":510.11},{"$f":"IF(J17=\"SERV\",G17*(1+$H$5),G17*(1+$H$6))","v":681.04786100000001},{"$f":"IF(J17=\"SERV\",G17*F17*(1+$H$5),G17*F17*(1+$H$6))","v":{"$error":"#REF!"}},"serv","s"]
["2.1.3","SINAPI",93210,{"$f":"PROPER(IF(K18=\"i\",VLOOKUP(C18,'Ins SINAPI BA 05-2023 Desoner'!$A$8:$E$5189,2,0),VLOOKUP(C18,'Comp SINAPI BA 05-2023 Desoner'!$G$7:$K$7500,2,0)))","v":"Execução De Refeitório Em Canteiro De Obra Em Chapa De Madeira Compensada, Não Incluso Mobiliário E Equipamentos. Af_02/2016"},{"$f":"LOWER(IF(K18=\"i\",VLOOKUP(C18,'Ins SINAPI BA 05-2023 Desoner'!$A$8:$E$5189,3,0),VLOOKUP(C18,'Comp SINAPI BA 05-2023 Desoner'!$G$7:$K$7500,3,0)))","v":"m2"},{"$f":"'Planilha Orçamentária'!#REF!","v":{"$error":"#REF!"}},{"$f":"SUMIFS('CPU DES'!$H:$H,'CPU DES'!$B:$B,'Planilha Orçamentária Desoner'!$A18,'CPU DES'!$I:$I,\"ss\")+SUMIFS('CPU DES'!$H:$H,'CPU DES'!$B:$B,'Planilha Orçamentária Desoner'!$A18,'CPU DES'!$I:$I,\"mdo\")+SUMIF('Comp SINAPI BA 05-2023 Desoner'!G:G,'Planilha Orçamentária Desoner'!C18,'Comp SINAPI BA 05-2023 Desoner'!K:K)+SUMIF('Ins SINAPI BA 05-2023 Desoner'!A:A,'Planilha Orçamentária Desoner'!C18,'Ins SINAPI BA 05-2023 Desoner'!E:E)","v":602.5},804.39774999999997,{"$error":"#REF!"},"serv","s"]
["2.1.4","SINAPI",93212,{"$f":"PROPER(IF(K19=\"i\",VLOOKUP(C19,'Ins SINAPI BA 05-2023 Desoner'!$A$8:$E$5189,2,0),VLOOKUP(C19,'Comp SINAPI BA 05-2023 Desoner'!$G$7:$K$7500,2,0)))","v":"Execução De Sanitário E Vestiário Em Canteiro De Obra Em Chapa De Madeira Compensada, Não Incluso Mobiliário. Af_02/2016"},{"$f":"LOWER(IF(K19=\"i\",VLOOKUP(C19,'Ins SINAPI BA 05-2023 Desoner'!$A$8:$E$5189,3,0),VLOOKUP(C19,'Comp SINAPI BA 05-2023 Desoner'!$G$7:$K$7500,3,0)))","v":"m2"},{"$f":"'Planilha Orçamentária'!#REF!","v":{"$error":"#REF!"}},{"$f":"SUMIFS('CPU DES'!$H:$H,'CPU DES'!$B:$B,'Planilha Orçamentária Desoner'!$A19,'CPU DES'!$I:$I,\"ss\")+SUMIFS('CPU DES'!$H:$H,'CPU DES'!$B:$B,'Planilha Orçamentária Desoner'!$A19,'CPU DES'!$I:$I,\"mdo\")+SUMIF('Comp SINAPI BA 05-2023 Desoner'!G:G,'Planilha Orçamentária Desoner'!C19,'Comp SINAPI BA 05-2023 Desoner'!K:K)+SUMIF('Ins SINAPI BA 05-2023 Desoner'!A:A,'Planilha Orçamentária Desoner'!C19,'Ins SINAPI BA 05-2023 Desoner'!E:E)","v":1003.35},1339.5725849999999,{"$error":"#REF!"},"serv","s"]
["2.1.5","SINAPI",93583,{"$f":"PROPER(IF(K20=\"i\",VLOOKUP(C20,'Ins SINAPI BA 05-2023 Desoner'!$A$8:$E$5189,2,0),VLOOKUP(C20,'Comp SINAPI BA 05-2023 Desoner'!$G$7:$K$7500,2,0)))","v":"Execução De Central De Fôrmas, Produção De Argamassa Ou Concreto Em Canteiro De Obra, Não Incluso Mobiliário E Equipamentos. Af_04/2016"},{"$f":"LOWER(IF(K20=\"i\",VLOOKUP(C20,'Ins SINAPI BA 05-2023 Desoner'!$A$8:$E$5189,3,0),VLOOKUP(C20,'Comp SINAPI BA 05-2023 Desoner'!$G$7:$K$7500,3,0)))","v":"m2"},{"$f":"'Planilha Orçamentária'!#REF!","v":{"$error":"#REF!"}},{"$f":"SUMIFS('CPU DES'!$H:$H,'CPU DES'!$B:$B,'Planilha Orçamentária Desoner'!$A20,'CPU DES'!$I:$I,\"ss\")+SUMIFS('CPU DES'!$H:$H,'CPU DES'!$B:$B,'Planilha Orçamentária Desoner'!$A20,'CPU DES'!$I:$I,\"mdo\")+SUMIF('Comp SINAPI BA 05-2023 Desoner'!G:G,'Planilha Orçamentária Desoner'!C20,'Comp SINAPI BA 05-2023 Desoner'!K:K)+SUMIF('Ins SINAPI BA 05-2023 Desoner'!A:A,'Planilha Orçamentária Desoner'!C20,'Ins SINAPI BA 05-2023 Desoner'!E:E)","v":463.26},618.49842599999999,{"$error":"#REF!"},"serv","s"]
["2.2",null,null,"Sinalização",{"$nulls":4},{"$f":"SUM(I22:I22)","v":1086.4242739999997},null,"s"]
["2.2.1","PRÓPRIA","CPU.02","PLACA DE OBRA EM CHAPA DE ACO GALVANIZADO","m²",{"$f":"'Planilha Orçamentária'!F16","v":2},{"$f":"SUMIFS('CPU DES'!$H:$H,'CPU DES'!$B:$B,'Planilha Orçamentária Desoner'!$A22,'CPU DES'!$I:$I,\"ss\")+SUMIFS('CPU DES'!$H:$H,'CPU DES'!$B:$B,'Planilha Orçamentária Desoner'!$A22,'CPU DES'!$I:$I,\"mdo\")+SUMIF('Comp SINAPI BA 05-2023 Desoner'!G:G,'Planilha Orçamentária Desoner'!C22,'Comp SINAPI BA 05-2023 Desoner'!K:K)+SUMIF('Ins SINAPI BA 05-2023 Desoner'!A:A,'Planilha Orçamentária Desoner'!C22,'Ins SINAPI BA 05-2023 Desoner'!E:E)","v":406.86999999999995},{"$f":"IF(J22=\"SERV\",G22*(1+$H$5),G22*(1+$H$6))","v":543.21213699999987},{"$f":"IF(J22=\"SERV\",G22*F22*(1+$H$5),G22*F22*(1+$H$6))","v":1086.4242739999997},"serv","i"]
[]
[3,null,null,"LIMPEZA DA REGIÃO A JUSANTE ",{"$nulls":4},{"$f":"SUM(I25)","v":{"$error":"#REF!"}},null,"ss"]
["3.1",null,null,"Remoção da vegetação a jusante",{"$nulls":4},{"$f":"SUM(I26:I29)","v":{"$error":"#REF!"}},null,"s"]
["3.1.1","SINAPI",98525,{"$f":"PROPER(IF(K26=\"i\",VLOOKUP(C26,'Ins SINAPI BA 05-2023 Desoner'!$A$8:$E$5189,2,0),VLOOKUP(C26,'Comp SINAPI BA 05-2023 Desoner'!$G$7:$K$7500,2,0)))","v":"Limpeza Mecanizada De Camada Vegetal, Vegetação E Pequenas Árvores (Diâmetro De Tronco Menor Que 0,20 M), Com Trator De Esteiras.Af_05/2018"},{"$f":"LOWER(IF(K26=\"i\",VLOOKUP(C26,'Ins SINAPI BA 05-2023 Desoner'!$A$8:$E$5189,3,0),VLOOKUP(C26,'Comp SINAPI BA 05-2023 Desoner'!$G$7:$K$7500,3,0)))","v":"m2"},{"$f":"'Planilha Orçamentária'!#REF!","v":{"$error":"#REF!"}},{"$f":"SUMIFS('CPU DES'!$H:$H,'CPU DES'!$B:$B,'Planilha Orçamentária Desoner'!$A26,'CPU DES'!$I:$I,\"ss\")+SUMIFS('CPU DES'!$H:$H,'CPU DES'!$B:$B,'Planilha Orçamentária Desoner'!$A26,'CPU DES'!$I:$I,\"mdo\")+SUMIF('Comp SINAPI BA 05-2023 Desoner'!G:G,'Planilha Orçamentária Desoner'!C26,'Comp SINAPI BA 05-2023 Desoner'!K:K)+SUMIF('Ins SINAPI BA 05-2023 Desoner'!A:A,'Planilha Orçamentária Desoner'!C26,'Ins SINAPI BA 05-2023 Desoner'!E:E)","v":0.37},{"$f":"IF(J26=\"SERV\",G26*(1+$H$5),G26*(1+$H$6))","v":0.49398699999999995},{"$f":"IF(J26=\"SERV\",G26*F26*(1+$H$5),G26*F26*(1+$H$6))","v":{"$error":"#REF!"}},"serv","s"]
["3.1.2","EMBASA","02.04.04","CORTE DE ARVORE COM DESTOCAMENTO MANUAL,C/DIAMETRO ENTRE 15 E 30cm ","UN",{"$f":"'Planilha Orçamentária'!#REF!","v":{"$error":"#REF!"}},60.7,{"$f":"IF(J27=\"SERV\",G27*(1+$H$5),G27*(1+$H$6))","v":81.040570000000002},{"$f":"IF(J27=\"SERV\",G27*F27*(1+$H$5),G27*F27*(1+$H$6))","v":{"$error":"#REF!"}},"serv","s"]
["3.1.3","EMBASA","15.92.02","LIMPEZA E DESOBSTRUCAO DE REDES DE ESGOTO / DRENAGEM","H",{"$f":"'Planilha Orçamentária'!#REF!","v":{"$error":"#REF!"}},160.18,{"$f":"IF(J28=\"SERV\",G28*(1+$H$5),G28*(1+$H$6))","v":213.85631799999999},{"$f":"IF(J28=\"SERV\",G28*F28*(1+$H$5),G28*F28*(1+$H$6))","v":{"$error":"#REF!"}},"serv","s"]
["3.1.4","SINAPI",97912,{"$f":"PROPER(IF(K29=\"i\",VLOOKUP(C29,'Ins SINAPI BA 05-2023 Desoner'!$A$8:$E$5189,2,0),VLOOKUP(C29,'Comp SINAPI BA 05-2023 Desoner'!$G$7:$K$7500,2,0)))","v":"Transporte Com Caminhão Basculante De 6 M³, Em Via Urbana Em Leito Natural (Unidade: M3Xkm). Af_07/2020"},{"$f":"LOWER(IF(K29=\"i\",VLOOKUP(C29,'Ins SINAPI BA 05-2023 Desoner'!$A$8:$E$5189,3,0),VLOOKUP(C29,'Comp SINAPI BA 05-2023 Desoner'!$G$7:$K$7500,3,0)))","v":"m3xkm"},{"$f":"'Planilha Orçamentária'!F20","v":65},{"$f":"SUMIFS('CPU DES'!$H:$H,'CPU DES'!$B:$B,'Planilha Orçamentária Desoner'!$A29,'CPU DES'!$I:$I,\"ss\")+SUMIFS('CPU DES'!$H:$H,'CPU DES'!$B:$B,'Planilha Orçamentária Desoner'!$A29,'CPU DES'!$I:$I,\"mdo\")+SUMIF('Comp SINAPI BA 05-2023 Desoner'!G:G,'Planilha Orçamentária Desoner'!C29,'Comp SINAPI BA 05-2023 Desoner'!K:K)+SUMIF('Ins SINAPI BA 05-2023 Desoner'!A:A,'Planilha Orçamentária Desoner'!C29,'Ins SINAPI BA 05-2023 Desoner'!E:E)","v":3.41},{"$f":"IF(J29=\"SERV\",G29*(1+$H$5),G29*(1+$H$6))","v":4.5526910000000003},{"$f":"IF(J29=\"SERV\",G29*F29*(1+$H$5),G29*F29*(1+$H$6))","v":295.924915},"serv","s"]
[]
[4,null,null,"OPERAÇÃO SUBAQUÁTICA",{"$nulls":4},{"$f":"SUM(I32,I35)","v":{"$error":"#REF!"}},null,"ss"]
["4.1",null,null,"Inspeção e Laudo da região subaquática",{"$nulls":4},{"$f":"SUM(I33:I34)","v":{"$error":"#REF!"}}]
["4.1.1","PRÓPRIA","CPU.03","Mobilização da Equipe, Camara Hiperbarica e todos os equipamentos de mergulho envolvidos na operação","un",{"$f":"'Planilha Orçamentária'!#REF!","v":{"$error":"#REF!"}},{"$f":"SUMIFS(CPU!$H:$H,CPU!$B:$B,'Planilha Orçamentária'!#REF!,CPU!$I:$I,\"ss\")+SUMIFS(CPU!$H:$H,CPU!$B:$B,'Planilha Orçamentária'!#REF!,CPU!$I:$I,\"mdo\")+SUMIF('Comp SINAPI PE 03-2024 Onerado'!G:G,'Planilha Orçamentária'!#REF!,'Comp SINAPI PE 03-2024 Onerado'!K:K)+SUMIF('Ins SINAPI PE 03-2024 Onerado'!A:A,'Planilha Orçamentária'!#REF!,'Ins SINAPI PE 03-2024 Onerado'!E:E)","v":0},{"$f":"IF(J33=\"SERV\",G33*(1+$H$5),G33*(1+$H$6))","v":0},{"$f":"IF(J33=\"SERV\",G33*F33*(1+$H$5),G33*F33*(1+$H$6))","v":{"$error":"#REF!"}},"serv","s"]
["4.1.2","SICRO",4816024,"Operação de mergulho dependente em profundidade de até 30 m - inclusive descompressão","h",{"$f":"'Planilha Orçamentária'!#REF!","v":{"$error":"#REF!"}},255.2,{"$f":"IF(K34=\"SERV\",G34*(1+$H$5),G34*(1+$H$6))","v":309.30239999999998},{"$f":"IF(J34=\"SERV\",G34*F34*(1+$H$5),G34*F34*(1+$H$6))","v":{"$error":"#REF!"}},"serv","s"]
["4.2",null,null,"Vedação/Abertura da tomada d'água",{"$nulls":4},{"$f":"SUM(I36:I37)","v":{"$error":"#REF!"}}]
["4.2.1","PRÓPRIA","CPU.04","Vedação da entrada da tomada d’água com chapas metálicas","un",{"$f":"'Planilha Orçamentária'!#REF!","v":{"$error":"#REF!"}},{"$f":"SUMIFS(CPU!$H:$H,CPU!$B:$B,'Planilha Orçamentária'!#REF!,CPU!$I:$I,\"ss\")+SUMIFS(CPU!$H:$H,CPU!$B:$B,'Planilha Orçamentária'!#REF!,CPU!$I:$I,\"mdo\")+SUMIF('Comp SINAPI PE 03-2024 Onerado'!G:G,'Planilha Orçamentária'!#REF!,'Comp SINAPI PE 03-2024 Onerado'!K:K)+SUMIF('Ins SINAPI PE 03-2024 Onerado'!A:A,'Planilha Orçamentária'!#REF!,'Ins SINAPI PE 03-2024 Onerado'!E:E)","v":0},{"$f":"IF(J36=\"SERV\",G36*(1+$H$5),G36*(1+$H$6))","v":0},{"$error":"#REF!"},"serv","s"]
["4.2.2","PRÓPRIA","CPU.05","Remoção da vedação da entrada da tomada d’água com chapas metálicas","un",{"$f":"'Planilha Orçamentária'!#REF!","v":{"$error":"#REF!"}},{"$f":"SUMIFS(CPU!$H:$H,CPU!$B:$B,'Planilha Orçamentária'!#REF!,CPU!$I:$I,\"ss\")+SUMIFS(CPU!$H:$H,CPU!$B:$B,'Planilha Orçamentária'!#REF!,CPU!$I:$I,\"mdo\")+SUMIF('Comp SINAPI PE 03-2024 Onerado'!G:G,'Planilha Orçamentária'!#REF!,'Comp SINAPI PE 03-2024 Onerado'!K:K)+SUMIF('Ins SINAPI PE 03-2024 Onerado'!A:A,'Planilha Orçamentária'!#REF!,'Ins SINAPI PE 03-2024 Onerado'!E:E)","v":0},0,{"$error":"#REF!"},"serv","s"]
[]
[5,null,null,"MANUTENÇÃO NOS DISPOSITIVOS DE CONTROLE",{"$nulls":4},{"$f":"SUM(I40,I47)","v":{"$error":"#REF!"}}]
["5.1",null,null,"Manutenção das válvulas",{"$nulls":4},{"$f":"SUM(I41:I46)","v":{"$error":"#REF!"}}]
["5.1.1","SINAPI",98524,{"$f":"PROPER(IF(K41=\"i\",VLOOKUP(C41,'Ins SINAPI BA 05-2023 Desoner'!$A$8:$E$5189,2,0),VLOOKUP(C41,'Comp SINAPI BA 05-2023 Desoner'!$G$7:$K$7500,2,0)))","v":"Limpeza Manual De Vegetação Em Terreno Com Enxada.Af_05/2018"},{"$f":"LOWER(IF(K41=\"i\",VLOOKUP(C41,'Ins SINAPI BA 05-2023 Desoner'!$A$8:$E$5189,3,0),VLOOKUP(C41,'Comp SINAPI BA 05-2023 Desoner'!$G$7:$K$7500,3,0)))","v":"m2"},{"$f":"'Planilha Orçamentária'!#REF!","v":{"$error":"#REF!"}},{"$f":"SUMIFS('CPU DES'!$H:$H,'CPU DES'!$B:$B,'Planilha Orçamentária Desoner'!$A41,'CPU DES'!$I:$I,\"ss\")+SUMIFS('CPU DES'!$H:$H,'CPU DES'!$B:$B,'Planilha Orçamentária Desoner'!$A41,'CPU DES'!$I:$I,\"mdo\")+SUMIF('Comp SINAPI BA 05-2023 Desoner'!G:G,'Planilha Orçamentária Desoner'!C41,'Comp SINAPI BA 05-2023 Desoner'!K:K)+SUMIF('Ins SINAPI BA 05-2023 Desoner'!A:A,'Planilha Orçamentária Desoner'!C41,'Ins SINAPI BA 05-2023 Desoner'!E:E)","v":2.9},{"$f":"IF(J41=\"SERV\",G41*(1+$H$5),G41*(1+$H$6))","v":3.8717899999999998},{"$f":"IF(J41=\"SERV\",G41*F41*(1+$H$5),G41*F41*(1+$H$6))","v":{"$error":"#REF!"}},"serv","s"]
["5.1.2","EMBASA","12.99.10","DESMONT. DE PECAS, CONEXOES, VALVULAS, APARELHOS E ACESSORIOS DE FERRO FUNDIDO DUCTIL OU ACO CARBONO, JUNTA TRAVADA, EXTERNA MECANICA OU FLANGEADA C/ DIAMETROS DE 700 A 1200 MM","kg",{"$f":"'Planilha Orçamentária'!#REF!","v":{"$error":"#REF!"}},1.21,{"$f":"IF(J42=\"SERV\",G42*(1+$H$5),G42*(1+$H$6))","v":1.6154709999999999},{"$f":"IF(J42=\"SERV\",G42*F42*(1+$H$5),G42*F42*(1+$H$6))","v":{"$error":"#REF!"}},"serv","s"]
["5.1.3","EMBASA","62.01.53","MANUTENCAO EM VALVULAS (VRP, NIVEL E ANTI-GOLPE), VENTOSAS E REGISTROS ACIMA DE 16\" ATÉ 24\" POLEGADAS","un",{"$f":"'Planilha Orçamentária'!#REF!","v":{"$error":"#REF!"}},581.86,{"$f":"IF(J43=\"SERV\",G43*(1+$H$5),G43*(1+$H$6))","v":776.84128599999997},{"$error":"#REF!"},"serv","s"]
["5.1.4","EMBASA","M012309000/M012309045","PARAFUSOS C/ PORCA P/ VALVULA BORBOLETA C/ FLANGE PN 10 - AWWA / PBFW10 DN 700 48,900 kg","PC",{"$f":"'Planilha Orçamentária'!#REF!","v":{"$error":"#REF!"}},5.36,7.1561360000000001,{"$error":"#REF!"},"serv","s"]
["5.1.5","EMBASA","15.07.46","(REVISADA) - PINTURA EPOXI EM SURPEFICIE METALICA, INCL. LIXAMENTO E FUNDO EPOXI ANTICORROSIVO, DUAS DEMAOS","m²",{"$f":"'Planilha Orçamentária'!#REF!","v":{"$error":"#REF!"}},75.540000000000006,100.853454,{"$error":"#REF!"},"serv","s"]
["5.1.6","EMBASA","12.02.07","MONT. DE PECAS, CONEXOES, VALVULAS, APARELHOS E ACESSORIOS DE FERRO FUNDIDO DUCTIL OU ACO CARBONO, JUNTA TRAVADA, EXTERNA MECANICA OU FLANGEADA C/ DIAMETROSDE 700 A 1200 mm.","kg",{"$f":"'Planilha Orçamentária'!#REF!","v":{"$error":"#REF!"}},1.21,1.6154709999999999,{"$error":"#REF!"},"serv","s"]
["5.2",null,null,"Instalação de dispositivo de drenagem na caixa de válvulas",{"$nulls":4},{"$f":"SUM(I48:I50)","v":{"$error":"#REF!"}}]
["5.2.1","SINAPI",97627,{"$f":"PROPER(IF(K48=\"i\",VLOOKUP(C48,'Ins SINAPI BA 05-2023 Desoner'!$A$8:$E$5189,2,0),VLOOKUP(C48,'Comp SINAPI BA 05-2023 Desoner'!$G$7:$K$7500,2,0)))","v":"Demolição De Pilares E Vigas Em Concreto Armado, De Forma Mecanizada Com Martelete, Sem Reaproveitamento. Af_12/2017"},{"$f":"LOWER(IF(K48=\"i\",VLOOKUP(C48,'Ins SINAPI BA 05-2023 Desoner'!$A$8:$E$5189,3,0),VLOOKUP(C48,'Comp SINAPI BA 05-2023 Desoner'!$G$7:$K$7500,3,0)))","v":"m3"},{"$f":"'Planilha Orçamentária'!#REF!","v":{"$error":"#REF!"}},{"$f":"SUMIFS('CPU DES'!$H:$H,'CPU DES'!$B:$B,'Planilha Orçamentária Desoner'!$A48,'CPU DES'!$I:$I,\"ss\")+SUMIFS('CPU DES'!$H:$H,'CPU DES'!$B:$B,'Planilha Orçamentária Desoner'!$A48,'CPU DES'!$I:$I,\"mdo\")+SUMIF('Comp SINAPI BA 05-2023 Desoner'!G:G,'Planilha Orçamentária Desoner'!C48,'Comp SINAPI BA 05-2023 Desoner'!K:K)+SUMIF('Ins SINAPI BA 05-2023 Desoner'!A:A,'Planilha Orçamentária Desoner'!C48,'Ins SINAPI BA 05-2023 Desoner'!E:E)","v":311.2},{"$f":"IF(J48=\"SERV\",G48*(1+$H$5),G48*(1+$H$6))","v":415.48311999999999},{"$f":"IF(J48=\"SERV\",G48*F48*(1+$H$5),G48*F48*(1+$H$6))","v":{"$error":"#REF!"}},"serv","s"]
["5.2.2","SINAPI",89714,{"$f":"PROPER(IF(K49=\"i\",VLOOKUP(C49,'Ins SINAPI BA 05-2023 Desoner'!$A$8:$E$5189,2,0),VLOOKUP(C49,'Comp SINAPI BA 05-2023 Desoner'!$G$7:$K$7500,2,0)))","v":"Tubo Pvc, Serie Normal, Esgoto Predial, Dn 100 Mm, Fornecido E Instalado Em Ramal De Descarga Ou Ramal De Esgoto Sanitário. Af_08/2022"},{"$f":"LOWER(IF(K49=\"i\",VLOOKUP(C49,'Ins SINAPI BA 05-2023 Desoner'!$A$8:$E$5189,3,0),VLOOKUP(C49,'Comp SINAPI BA 05-2023 Desoner'!$G$7:$K$7500,3,0)))","v":"m"},{"$f":"'Planilha Orçamentária'!#REF!","v":{"$error":"#REF!"}},{"$f":"SUMIFS('CPU DES'!$H:$H,'CPU DES'!$B:$B,'Planilha Orçamentária Desoner'!$A49,'CPU DES'!$I:$I,\"ss\")+SUMIFS('CPU DES'!$H:$H,'CPU DES'!$B:$B,'Planilha Orçamentária Desoner'!$A49,'CPU DES'!$I:$I,\"mdo\")+SUMIF('Comp SINAPI BA 05-2023 Desoner'!G:G,'Planilha Orçamentária Desoner'!C49,'Comp SINAPI BA 05-2023 Desoner'!K:K)+SUMIF('Ins SINAPI BA 05-2023 Desoner'!A:A,'Planilha Orçamentária Desoner'!C49,'Ins SINAPI BA 05-2023 Desoner'!E:E)","v":36.26},{"$f":"IF(J49=\"SERV\",G49*(1+$H$5),G49*(1+$H$6))","v":48.410725999999997},{"$f":"IF(J49=\"SERV\",G49*F49*(1+$H$5),G49*F49*(1+$H$6))","v":{"$error":"#REF!"}},"serv","s"]
["5.2.3","SINAPI",103682,{"$f":"PROPER(IF(K50=\"i\",VLOOKUP(C50,'Ins SINAPI BA 05-2023 Desoner'!$A$8:$E$5189,2,0),VLOOKUP(C50,'Comp SINAPI BA 05-2023 Desoner'!$G$7:$K$7500,2,0)))","v":"Concretagem De Vigas E Lajes, Fck=25 Mpa, Para Qualquer Tipo De Laje Com Baldes Em Edificação Térrea - Lançamento, Adensamento E Acabamento. Af_02/2022"},{"$f":"LOWER(IF(K50=\"i\",VLOOKUP(C50,'Ins SINAPI BA 05-2023 Desoner'!$A$8:$E$5189,3,0),VLOOKUP(C50,'Comp SINAPI BA 05-2023 Desoner'!$G$7:$K$7500,3,0)))","v":"m3"},{"$f":"'Planilha Orçamentária'!#REF!","v":{"$error":"#REF!"}},{"$f":"SUMIFS('CPU DES'!$H:$H,'CPU DES'!$B:$B,'Planilha Orçamentária Desoner'!$A50,'CPU DES'!$I:$I,\"ss\")+SUMIFS('CPU DES'!$H:$H,'CPU DES'!$B:$B,'Planilha Orçamentária Desoner'!$A50,'CPU DES'!$I:$I,\"mdo\")+SUMIF('Comp SINAPI BA 05-2023 Desoner'!G:G,'Planilha Orçamentária Desoner'!C50,'Comp SINAPI BA 05-2023 Desoner'!K:K)+SUMIF('Ins SINAPI BA 05-2023 Desoner'!A:A,'Planilha Orçamentária Desoner'!C50,'Ins SINAPI BA 05-2023 Desoner'!E:E)","v":962.12},1284.5264119999999,{"$error":"#REF!"},"serv","s"]
[]
[6,null,null,"RECUPERAÇÃO",{"$nulls":4},{"$f":"SUM(I53,I63,I69)","v":{"$error":"#REF!"}},null,"ss"]
["6.1",null,null,"Paramento a jusante",{"$nulls":4},{"$f":"SUM(I54:I62)","v":{"$error":"#REF!"}}]
["6.1.1","SINAPI",41805,{"$f":"PROPER(IF(K54=\"i\",VLOOKUP(C54,'Ins SINAPI BA 05-2023 Desoner'!$A$8:$E$5189,2,0),VLOOKUP(C54,'Comp SINAPI BA 05-2023 Desoner'!$G$7:$K$7500,2,0)))","v":"Locacao De Andaime Suspenso Ou Balancim Manual, Capacidade De Carga Total De Aproximadamente 250 Kg/M2, Plataforma De 1,50 M X 0,80 M (C X L), Cabo De 45 M                                                                                                                                                                                                                                                                                                                                               "},{"$f":"LOWER(IF(K54=\"i\",VLOOKUP(C54,'Ins SINAPI BA 05-2023 Desoner'!$A$8:$E$5189,3,0),VLOOKUP(C54,'Comp SINAPI BA 05-2023 Desoner'!$G$7:$K$7500,3,0)))","v":"mes   "},{"$f":"'Planilha Orçamentária'!#REF!","v":{"$error":"#REF!"}},{"$f":"SUMIFS('CPU DES'!$H:$H,'CPU DES'!$B:$B,'Planilha Orçamentária Desoner'!$A54,'CPU DES'!$I:$I,\"ss\")+SUMIFS('CPU DES'!$H:$H,'CPU DES'!$B:$B,'Planilha Orçamentária Desoner'!$A54,'CPU DES'!$I:$I,\"mdo\")+SUMIF('Comp SINAPI BA 05-2023 Desoner'!G:G,'Planilha Orçamentária Desoner'!C54,'Comp SINAPI BA 05-2023 Desoner'!K:K)+SUMIF('Ins SINAPI BA 05-2023 Desoner'!A:A,'Planilha Orçamentária Desoner'!C54,'Ins SINAPI BA 05-2023 Desoner'!E:E)","v":425},{"$f":"IF(J54=\"SERV\",G54*(1+$H$5),G54*(1+$H$6))","v":567.41750000000002},{"$f":"IF(J54=\"SERV\",G54*F54*(1+$H$5),G54*F54*(1+$H$6))","v":{"$error":"#REF!"}},"serv","i"]
["6.1.2","SICRO",3806402,"Limpeza em superfície de concreto com jateamento d'água sob pressão","m2",{"$f":"'Planilha Orçamentária'!#REF!","v":{"$error":"#REF!"}},2.2999999999999998,{"$f":"IF(J55=\"SERV\",G55*(1+$H$5),G55*(1+$H$6))","v":3.0707299999999997},{"$f":"IF(J55=\"SERV\",G55*F55*(1+$H$5),G55*F55*(1+$H$6))","v":{"$error":"#REF!"}},"serv","s"]
["6.1.3","SICRO",3806413,"Apicoamento mecanizado de concreto","m2",{"$f":"F55","v":{"$error":"#REF!"}},20.399999999999999,{"$f":"IF(J56=\"SERV\",G56*(1+$H$5),G56*(1+$H$6))","v":27.236039999999996},{"$error":"#REF!"},"serv","s"]
["6.1.4","SICRO",4915645,"Injeção de adesivo estrutural à base de resina epóxi de baixa viscosidade para tratamento de fissuras em estruturas de concreto - fornecimento e aplicação mecanizada","kg",{"$f":"'Planilha Orçamentária'!#REF!","v":{"$error":"#REF!"}},272.61,363.961611,{"$error":"#REF!"},"serv","s"]
["6.1.5","SINAPI",92264,{"$f":"PROPER(IF(K58=\"i\",VLOOKUP(C58,'Ins SINAPI BA 05-2023 Desoner'!$A$8:$E$5189,2,0),VLOOKUP(C58,'Comp SINAPI BA 05-2023 Desoner'!$G$7:$K$7500,2,0)))","v":"Fabricação De Fôrma Para Pilares E Estruturas Similares, Em Chapa De Madeira Compensada Plastificada, E = 18 Mm. Af_09/2020"},{"$f":"LOWER(IF(K58=\"i\",VLOOKUP(C58,'Ins SINAPI BA 05-2023 Desoner'!$A$8:$E$5189,3,0),VLOOKUP(C58,'Comp SINAPI BA 05-2023 Desoner'!$G$7:$K$7500,3,0)))","v":"m2"},{"$f":"'Planilha Orçamentária'!#REF!","v":{"$error":"#REF!"}},{"$f":"SUMIFS('CPU DES'!$H:$H,'CPU DES'!$B:$B,'Planilha Orçamentária Desoner'!$A58,'CPU DES'!$I:$I,\"ss\")+SUMIFS('CPU DES'!$H:$H,'CPU DES'!$B:$B,'Planilha Orçamentária Desoner'!$A58,'CPU DES'!$I:$I,\"mdo\")+SUMIF('Comp SINAPI BA 05-2023 Desoner'!G:G,'Planilha Orçamentária Desoner'!C58,'Comp SINAPI BA 05-2023 Desoner'!K:K)+SUMIF('Ins SINAPI BA 05-2023 Desoner'!A:A,'Planilha Orçamentária Desoner'!C58,'Ins SINAPI BA 05-2023 Desoner'!E:E)","v":204.44},272.94784399999998,{"$error":"#REF!"},"serv","s"]
["6.1.6","PRÓPRIA","CPU.06","ARGAMASSA TRACO 1:3 (CIMENTO E AREIA), PREPARO MANUAL, INCLUSO ADITIVO IMPERMEABILIZANTE","m3",{"$f":"'Planilha Orçamentária'!#REF!","v":{"$error":"#REF!"}},{"$f":"SUMIFS(CPU!$H:$H,CPU!$B:$B,'Planilha Orçamentária'!#REF!,CPU!$I:$I,\"ss\")+SUMIFS(CPU!$H:$H,CPU!$B:$B,'Planilha Orçamentária'!#REF!,CPU!$I:$I,\"mdo\")+SUMIF('Comp SINAPI PE 03-2024 Onerado'!G:G,'Planilha Orçamentária'!#REF!,'Comp SINAPI PE 03-2024 Onerado'!K:K)+SUMIF('Ins SINAPI PE 03-2024 Onerado'!A:A,'Planilha Orçamentária'!#REF!,'Ins SINAPI PE 03-2024 Onerado'!E:E)","v":0},0,{"$error":"#REF!"},"serv","s"]
["6.1.7","SINAPI",97912,{"$f":"PROPER(IF(K60=\"i\",VLOOKUP(C60,'Ins SINAPI BA 05-2023 Desoner'!$A$8:$E$5189,2,0),VLOOKUP(C60,'Comp SINAPI BA 05-2023 Desoner'!$G$7:$K$7500,2,0)))","v":"Transporte Com Caminhão Basculante De 6 M³, Em Via Urbana Em Leito Natural (Unidade: M3Xkm). Af_07/2020"},{"$f":"LOWER(IF(K60=\"i\",VLOOKUP(C60,'Ins SINAPI BA 05-2023 Desoner'!$A$8:$E$5189,3,0),VLOOKUP(C60,'Comp SINAPI BA 05-2023 Desoner'!$G$7:$K$7500,3,0)))","v":"m3xkm"},{"$f":"'Planilha Orçamentária'!#REF!","v":{"$error":"#REF!"}},{"$f":"SUMIFS('CPU DES'!$H:$H,'CPU DES'!$B:$B,'Planilha Orçamentária Desoner'!$A60,'CPU DES'!$I:$I,\"ss\")+SUMIFS('CPU DES'!$H:$H,'CPU DES'!$B:$B,'Planilha Orçamentária Desoner'!$A60,'CPU DES'!$I:$I,\"mdo\")+SUMIF('Comp SINAPI BA 05-2023 Desoner'!G:G,'Planilha Orçamentária Desoner'!C60,'Comp SINAPI BA 05-2023 Desoner'!K:K)+SUMIF('Ins SINAPI BA 05-2023 Desoner'!A:A,'Planilha Orçamentária Desoner'!C60,'Ins SINAPI BA 05-2023 Desoner'!E:E)","v":3.41},{"$f":"IF(J60=\"SERV\",G60*(1+$H$5),G60*(1+$H$6))","v":4.5526910000000003},{"$f":"IF(J60=\"SERV\",G60*F60*(1+$H$5),G60*F60*(1+$H$6))","v":{"$error":"#REF!"}},"serv","s"]
["6.1.8","PRÓPRIA","CPU.07","CURA QUÍMICA","m2",{"$f":"'Planilha Orçamentária'!#REF!","v":{"$error":"#REF!"}},{"$f":"SUMIFS(CPU!$H:$H,CPU!$B:$B,'Planilha Orçamentária'!#REF!,CPU!$I:$I,\"ss\")+SUMIFS(CPU!$H:$H,CPU!$B:$B,'Planilha Orçamentária'!#REF!,CPU!$I:$I,\"mdo\")+SUMIF('Comp SINAPI PE 03-2024 Onerado'!G:G,'Planilha Orçamentária'!#REF!,'Comp SINAPI PE 03-2024 Onerado'!K:K)+SUMIF('Ins SINAPI PE 03-2024 Onerado'!A:A,'Planilha Orçamentária'!#REF!,'Ins SINAPI PE 03-2024 Onerado'!E:E)","v":0},0,{"$error":"#REF!"},"serv","s"]
["6.1.9","SICRO",3808043,"Pintura manual com nata de cimento - 3 demãos","m2",{"$f":"'Planilha Orçamentária'!#REF!","v":{"$error":"#REF!"}},3.79,5.0600290000000001,{"$error":"#REF!"},"serv","s"]
["6.2",null,null,"Crista",{"$nulls":4},{"$f":"SUM(I64:I68)","v":{"$error":"#REF!"}}]
["6.2.1","SICRO",3806402,"Limpeza em superfície de concreto com jateamento d'água sob pressão","m2",{"$f":"'Planilha Orçamentária'!#REF!","v":{"$error":"#REF!"}},2.2999999999999998,{"$f":"IF(J64=\"SERV\",G64*(1+$H$5),G64*(1+$H$6))","v":3.0707299999999997},{"$f":"IF(J64=\"SERV\",G64*F64*(1+$H$5),G64*F64*(1+$H$6))","v":{"$error":"#REF!"}},"serv","s"]
["6.2.2","SICRO",4915645,"Injeção de adesivo estrutural à base de resina epóxi de baixa viscosidade para tratamento de fissuras em estruturas de concreto - fornecimento e aplicação mecanizada","kg",{"$f":"'Planilha Orçamentária'!#REF!","v":{"$error":"#REF!"}},272.61,{"$f":"IF(J65=\"SERV\",G65*(1+$H$5),G65*(1+$H$6))","v":363.961611},{"$f":"IF(J65=\"SERV\",G65*F65*(1+$H$5),G65*F65*(1+$H$6))","v":{"$error":"#REF!"}},"serv","s"]
["6.2.3","PRÓPRIA","CPU.06","ARGAMASSA TRACO 1:3 (CIMENTO E AREIA), PREPARO MANUAL, INCLUSO ADITIVO IMPERMEABILIZANTE","m3",{"$f":"'Planilha Orçamentária'!#REF!","v":{"$error":"#REF!"}},{"$f":"G59","v":0},{"$f":"IF(J66=\"SERV\",G66*(1+$H$5),G66*(1+$H$6))","v":0},{"$error":"#REF!"},"serv","s"]
["6.2.4","SINAPI",97912,{"$f":"PROPER(IF(K67=\"i\",VLOOKUP(C67,'Ins SINAPI BA 05-2023 Desoner'!$A$8:$E$5189,2,0),VLOOKUP(C67,'Comp SINAPI BA 05-2023 Desoner'!$G$7:$K$7500,2,0)))","v":"Transporte Com Caminhão Basculante De 6 M³, Em Via Urbana Em Leito Natural (Unidade: M3Xkm). Af_07/2020"},{"$f":"LOWER(IF(K67=\"i\",VLOOKUP(C67,'Ins SINAPI PE 03-2024 Onerado'!$A$8:$E$5189,3,0),VLOOKUP(C67,'Comp SINAPI PE 03-2024 Onerado'!$G$7:$K$7500,3,0)))","v":"m3xkm"},{"$f":"'Planilha Orçamentária'!#REF!","v":{"$error":"#REF!"}},{"$f":"SUMIFS('CPU DES'!$H:$H,'CPU DES'!$B:$B,'Planilha Orçamentária Desoner'!$A67,'CPU DES'!$I:$I,\"ss\")+SUMIFS('CPU DES'!$H:$H,'CPU DES'!$B:$B,'Planilha Orçamentária Desoner'!$A67,'CPU DES'!$I:$I,\"mdo\")+SUMIF('Comp SINAPI BA 05-2023 Desoner'!G:G,'Planilha Orçamentária Desoner'!C67,'Comp SINAPI BA 05-2023 Desoner'!K:K)+SUMIF('Ins SINAPI BA 05-2023 Desoner'!A:A,'Planilha Orçamentária Desoner'!C67,'Ins SINAPI BA 05-2023 Desoner'!E:E)","v":3.41},{"$f":"IF(J67=\"SERV\",G67*(1+$H$5),G67*(1+$H$6))","v":4.5526910000000003},{"$f":"IF(J67=\"SERV\",G67*F67*(1+$H$5),G67*F67*(1+$H$6))","v":{"$error":"#REF!"}},"serv","s"]
["6.2.5","PRÓPRIA","CPU.07","CURA QUÍMICA","m2",{"$f":"'Planilha Orçamentária'!#REF!","v":{"$error":"#REF!"}},{"$f":"G61","v":0},{"$f":"IF(J68=\"SERV\",G68*(1+$H$5),G68*(1+$H$6))","v":0},{"$error":"#REF!"},"serv","s"]
["6.3",null,null,"Vertedouro",{"$nulls":4},{"$f":"SUM(I70:I72)","v":{"$error":"#REF!"}}]
["6.3.1","SICRO",3806402,"Limpeza em superfície de concreto com jateamento d'água sob pressão","m2",{"$f":"'Planilha Orçamentária'!#REF!","v":{"$error":"#REF!"}},2.2999999999999998,{"$f":"IF(J70=\"SERV\",G70*(1+$H$5),G70*(1+$H$6))","v":3.0707299999999997},{"$f":"IF(J70=\"SERV\",G70*F70*(1+$H$5),G70*F70*(1+$H$6))","v":{"$error":"#REF!"}},"serv","s"]
["6.3.2","SICRO",4915645,"Injeção de adesivo estrutural à base de resina epóxi de baixa viscosidade para tratamento de fissuras em estruturas de concreto - fornecimento e aplicação mecanizada","kg",{"$f":"'Planilha Orçamentária'!#REF!","v":{"$error":"#REF!"}},272.61,{"$f":"IF(J71=\"SERV\",G71*(1+$H$5),G71*(1+$H$6))","v":363.961611},{"$f":"IF(J71=\"SERV\",G71*F71*(1+$H$5),G71*F71*(1+$H$6))","v":{"$error":"#REF!"}},"serv","s"]
["6.3.3","SICRO",4915694," Limpeza, serragem e enchimento de fissuras niveladas com abertura entre 0,4 mm e 1,0 mm e profundidade de 25 mm em estruturas de concreto com selante elástico a frio (BASEADO SICRO 4915694)","m",{"$f":"'Planilha Orçamentária'!#REF!","v":{"$error":"#REF!"}},27,36.047699999999999,{"$error":"#REF!"},"serv","s"]
[]
[7,null,null,"DIQUE",{"$nulls":4},{"$f":"SUM(I75,I82)","v":{"$error":"#REF!"}}]
["7.1",null,null,"Investigação do maciço",{"$nulls":4},{"$f":"SUM(I76:I81)","v":{"$error":"#REF!"}}]
["7.1.1","EMBASA","32.02.01","SONDAGEM A PERCUSSÃO","m",{"$f":"'Planilha Orçamentária'!#REF!","v":{"$error":"#REF!"}},101.49,{"$f":"IF(J76=\"SERV\",G76*(1+$H$5),G76*(1+$H$6))","v":135.49929899999998},{"$f":"IF(J76=\"SERV\",G76*F76*(1+$H$5),G76*F76*(1+$H$6))","v":{"$error":"#REF!"}},"serv","s"]
["7.1.2","EMBASA","34.01.43","ENSAIO DE PERMEABILIDADE COM CARGA CONSTANTE","un",{"$f":"'Planilha Orçamentária'!#REF!","v":{"$error":"#REF!"}},501.25,{"$f":"IF(J77=\"SERV\",G77*(1+$H$5),G77*(1+$H$6))","v":669.21887500000003},{"$f":"IF(J77=\"SERV\",G77*F77*(1+$H$5),G77*F77*(1+$H$6))","v":{"$error":"#REF!"}},"serv","s"]
["7.1.3","EMBASA","34.02.04","\"ANALISE GRANULOMETRICA POR PENEIRAMENTO E SEDIMENTACAO EM \"TOP SOIL\" ","un",{"$f":"'Planilha Orçamentária'!#REF!","v":{"$error":"#REF!"}},223.64,298.58176399999996,{"$error":"#REF!"},"serv","s"]
["7.1.4","EMBASA","34.01.16","MASSA ESPECIFICA REAL DOS GRAOS","un",{"$f":"'Planilha Orçamentária'!#REF!","v":{"$error":"#REF!"}},65.78,87.822878000000003,{"$error":"#REF!"},"serv","s"]
["7.1.5","EMBASA","34.01.07","DETERMINACAO DE LIMITE DE LIQUIDEZ (NBR - 06459) ","un",{"$f":"'Planilha Orçamentária'!#REF!","v":{"$error":"#REF!"}},86.09,114.938759,{"$error":"#REF!"},"serv","s"]
["7.1.6","EMBASA","34.01.10","DETERMINACAO DE LIMITE DE PLASTICIDADE (NBR - 07180) ","un",{"$f":"'Planilha Orçamentária'!#REF!","v":{"$error":"#REF!"}},77.48,103.44354800000001,{"$error":"#REF!"},"serv","s"]
["7.2",null,null,"Recuperação do maciço",{"$nulls":4},{"$f":"SUM(I83:I85)","v":{"$error":"#REF!"}}]
["7.2.1","SINAPI",93358,{"$f":"PROPER(IF(K83=\"i\",VLOOKUP(C83,'Ins SINAPI BA 05-2023 Desoner'!$A$8:$E$5189,2,0),VLOOKUP(C83,'Comp SINAPI BA 05-2023 Desoner'!$G$7:$K$7500,2,0)))","v":"Escavação Manual De Vala Com Profundidade Menor Ou Igual A 1,30 M. Af_02/2021"},{"$f":"LOWER(IF(K83=\"i\",VLOOKUP(C83,'Ins SINAPI BA 05-2023 Desoner'!$A$8:$E$5189,3,0),VLOOKUP(C83,'Comp SINAPI BA 05-2023 Desoner'!$G$7:$K$7500,3,0)))","v":"m3"},{"$f":"'Planilha Orçamentária'!#REF!","v":{"$error":"#REF!"}},{"$f":"SUMIFS('CPU DES'!$H:$H,'CPU DES'!$B:$B,'Planilha Orçamentária Desoner'!$A83,'CPU DES'!$I:$I,\"ss\")+SUMIFS('CPU DES'!$H:$H,'CPU DES'!$B:$B,'Planilha Orçamentária Desoner'!$A83,'CPU DES'!$I:$I,\"mdo\")+SUMIF('Comp SINAPI BA 05-2023 Desoner'!G:G,'Planilha Orçamentária Desoner'!C83,'Comp SINAPI BA 05-2023 Desoner'!K:K)+SUMIF('Ins SINAPI BA 05-2023 Desoner'!A:A,'Planilha Orçamentária Desoner'!C83,'Ins SINAPI BA 05-2023 Desoner'!E:E)","v":77.73},{"$f":"IF(J83=\"SERV\",G83*(1+$H$5),G83*(1+$H$6))","v":103.777323},{"$f":"IF(J83=\"SERV\",G83*F83*(1+$H$5),G83*F83*(1+$H$6))","v":{"$error":"#REF!"}},"serv","s"]
["7.2.2","SINAPI",99814,{"$f":"PROPER(IF(K84=\"i\",VLOOKUP(C84,'Ins SINAPI BA 05-2023 Desoner'!$A$8:$E$5189,2,0),VLOOKUP(C84,'Comp SINAPI BA 05-2023 Desoner'!$G$7:$K$7500,2,0)))","v":"Limpeza De Superfície Com Jato De Alta Pressão. Af_04/2019"},{"$f":"LOWER(IF(K84=\"i\",VLOOKUP(C84,'Ins SINAPI BA 05-2023 Desoner'!$A$8:$E$5189,3,0),VLOOKUP(C84,'Comp SINAPI BA 05-2023 Desoner'!$G$7:$K$7500,3,0)))","v":"m2"},{"$f":"'Planilha Orçamentária'!#REF!","v":{"$error":"#REF!"}},{"$f":"SUMIFS('CPU DES'!$H:$H,'CPU DES'!$B:$B,'Planilha Orçamentária Desoner'!$A84,'CPU DES'!$I:$I,\"ss\")+SUMIFS('CPU DES'!$H:$H,'CPU DES'!$B:$B,'Planilha Orçamentária Desoner'!$A84,'CPU DES'!$I:$I,\"mdo\")+SUMIF('Comp SINAPI BA 05-2023 Desoner'!G:G,'Planilha Orçamentária Desoner'!C84,'Comp SINAPI BA 05-2023 Desoner'!K:K)+SUMIF('Ins SINAPI BA 05-2023 Desoner'!A:A,'Planilha Orçamentária Desoner'!C84,'Ins SINAPI BA 05-2023 Desoner'!E:E)","v":1.77},2.363127,{"$error":"#REF!"},"serv","s"]
["7.2.3","SICRO",3816196,"Injeção de nata de cimento","m3",{"$f":"'Planilha Orçamentária'!#REF!","v":{"$error":"#REF!"}},1205.45,1609.396295,{"$error":"#REF!"},"serv","s"]
[]
[8,null,null,"SERVIÇOS AUXILIARES",{"$nulls":4},{"$f":"SUM(I88)","v":{"$error":"#REF!"}}]
["8.1",null,null,"Análise da qualidade da água",{"$nulls":4},{"$f":"SUM(I89:I91)","v":{"$error":"#REF!"}}]
["8.1.1","SEDOP","PT0009","Analise fisico-quimica da agua","un",{"$f":"'Planilha Orçamentária'!#REF!","v":{"$error":"#REF!"}},236.71,{"$f":"IF(J89=\"SERV\",G89*(1+$H$5),G89*(1+$H$6))","v":316.031521},{"$f":"IF(J89=\"SERV\",G89*F89*(1+$H$5),G89*F89*(1+$H$6))","v":{"$error":"#REF!"}},"serv","s"]
["8.1.2","SEDOP","PT0010","Analise bacteriologica ","un",{"$f":"'Planilha Orçamentária'!#REF!","v":{"$error":"#REF!"}},210.75,281.37232499999999,{"$error":"#REF!"},"serv","s"]
["8.1.3","SEDOP","PT0019","Relatório de analises e testes","un",{"$f":"'Planilha Orçamentária'!#REF!","v":{"$error":"#REF!"}},1511.88,2018.510988,{"$error":"#REF!"},"serv","s"]
[]
[null,null,null,"TOTAL Sem BDI:",{"$nulls":4},{"$f":"SUMPRODUCT(F11:F92,G11:G92)","v":{"$error":"#REF!"}}]
[null,null,null,"BDI:",{"$nulls":4},{"$f":"I93*H5","v":{"$error":"#REF!"}}]
[null,null,null,"TOTAL COM BDI:",{"$nulls":4},{"$f":"SUM(I93:I94)","v":{"$error":"#REF!"}}]

{"sheet":"CPU DES","index":2,"n_rows":96,"n_cols":9,"rows_kept":96,"cut":false,"hidden":true,"merged":[[6,2,6,3],[7,2,7,3],[0,1,0,6],[1,1,1,6],[2,1,2,6],[3,1,3,7],[4,2,4,3],[5,2,5,3]]}
[null,"Ministério da Integração e do Desenvolvimento Regional"]
[null,"Companhia de Desenvolvimento dos Vales do São Francisco e do Parnaíba"]
[]
[null," COMPOSIÇÕES DE PREÇOS UNITÁRIOS - ORÇAMENTO DESONERADO"]
[null,"OBRA:","SERVIÇOS DE MANUTENÇÃO E OBRAS CIVIS NA ESTRUTURA DA BARRAGEM E EQUIPAMENTO HIDROMECÂNICO",null,null,"BDI (serv.):",{"$f":"'BDI serv Desonerado'!D22","v":0.33510000000000001}]
[null,"LOCAL:","BARRAGEM POÇO DO MAGRO, GUANAMBI/BA",null,null,"BDI (forn.):",{"$f":"'BDI forn Desonerado'!D22","v":0.21199999999999999}]
[null,"DATA BASE:","2023-05-01"]
[null,"PRAZO:","120 DIAS"]
[]
[null,"REFERÊNCIA","CÓDIGO","DESCRIÇÃO","UNIDADE","ÍNDICE","CUSTO\nUNITÁRIO","PREÇO\nTOTAL"]
[null,{"$f":"'Planilha Orçamentária Desoner'!A12","v":"1.1"},{"$f":"VLOOKUP($B11,'Planilha Orçamentária Desoner'!$A$11:$I$504,3,)","v":"CPU.01"},{"$f":"VLOOKUP($B11,'Planilha Orçamentária Desoner'!$A$11:$I$504,4,)","v":"ADMINISTRAÇÃO LOCAL"},"un",null,null,{"$f":"SUM(H15,H14,H13,H12)","v":7834.22},"S"]
[null,{"$f":"B11","v":"1.1"},null,"MATERIAL",{"$nulls":4},"ss"]
[null,{"$f":"B11","v":"1.1"},null,"EQUIPAMENTOS ",null,null,null,0,"ss"]
[null,{"$f":"B11","v":"1.1"},null,"SERVIÇOS",{"$nulls":4},"ss"]
[null,{"$f":"B11","v":"1.1"},null,"MÃO DE OBRA",null,null,null,{"$f":"SUM(H16:H17)","v":7834.22},"mdo"]
[null,"SINAPI",90778,{"$f":"PROPER(IF(I16=\"i\",VLOOKUP(C16,'Ins SINAPI BA 05-2023 Desoner'!$A$8:$E$5189,2,0),VLOOKUP(C16,'Comp SINAPI BA 05-2023 Desoner'!$G$7:$K$7500,2,0)))","v":"Engenheiro Civil De Obra Pleno Com Encargos Complementares"},{"$f":"LOWER(IF(I16=\"i\",VLOOKUP(C16,'Ins SINAPI BA 05-2023 Desoner'!$A$8:$E$5189,3,0),VLOOKUP(C16,'Comp SINAPI BA 05-2023 Desoner'!$G$7:$K$7500,3,0)))","v":"h"},{"$f":"CPU!F15","v":30},{"$f":"IF(I16=\"i\",VLOOKUP(C16,'Ins SINAPI BA 05-2023 Desoner'!$A$8:$E$5189,5,0),VLOOKUP(C16,'Comp SINAPI BA 05-2023 Desoner'!$G$7:$K$7500,5,0))","v":111.26},{"$f":"ROUND(F16*G16,2)","v":3337.8},"ca"]
[null,"SINAPI",93572,{"$f":"PROPER(IF(I17=\"i\",VLOOKUP(C17,'Ins SINAPI BA 05-2023 Desoner'!$A$8:$E$5189,2,0),VLOOKUP(C17,'Comp SINAPI BA 05-2023 Desoner'!$G$7:$K$7500,2,0)))","v":"Encarregado Geral De Obras Com Encargos Complementares"},{"$f":"LOWER(IF(I17=\"i\",VLOOKUP(C17,'Ins SINAPI BA 05-2023 Desoner'!$A$8:$E$5189,3,0),VLOOKUP(C17,'Comp SINAPI BA 05-2023 Desoner'!$G$7:$K$7500,3,0)))","v":"mes"},{"$f":"CPU!F16","v":0.8},{"$f":"IF(I17=\"i\",VLOOKUP(C17,'Ins SINAPI BA 05-2023 Desoner'!$A$8:$E$5189,5,0),VLOOKUP(C17,'Comp SINAPI BA 05-2023 Desoner'!$G$7:$K$7500,5,0))","v":5620.52},{"$f":"ROUND(F17*G17,2)","v":4496.42},"ca"]
[{"$nulls":8},"x"]
[null,{"$f":"'Planilha Orçamentária Desoner'!A22","v":"2.2.1"},{"$f":"VLOOKUP($B19,'Planilha Orçamentária Desoner'!$A$11:$I$504,3,)","v":"CPU.02"},{"$f":"VLOOKUP($B19,'Planilha Orçamentária Desoner'!$A$11:$I$504,4,)","v":"PLACA DE OBRA EM CHAPA DE ACO GALVANIZADO"},"m²",null,null,{"$f":"SUM(H20,H28,H26,H27)","v":406.86999999999995},"S"]
[null,{"$f":"B19","v":"2.2.1"},null,"MATERIAL",null,null,null,{"$f":"SUM(H21:H25)","v":373.63999999999993},"SS"]
[null,"SINAPI",4417,{"$f":"PROPER(IF(I21=\"i\",VLOOKUP(C21,'Ins SINAPI BA 05-2023 Desoner'!$A$8:$E$5189,2,0),VLOOKUP(C21,'Comp SINAPI BA 05-2023 Desoner'!$G$7:$K$7500,2,0)))","v":"Sarrafo Nao Aparelhado *2,5 X 7* Cm, Em Macaranduba, Angelim Ou Equivalente Da Regiao -  Bruta                                                                                                                                                                                                                                                                                                                                                                                                            "},{"$f":"LOWER(IF(I21=\"i\",VLOOKUP(C21,'Ins SINAPI BA 05-2023 Desoner'!$A$8:$E$5189,3,0),VLOOKUP(C21,'Comp SINAPI BA 05-2023 Desoner'!$G$7:$K$7500,3,0)))","v":"m     "},{"$f":"CPU!F46","v":2},{"$f":"IF(I21=\"i\",VLOOKUP(C21,'Ins SINAPI BA 05-2023 Desoner'!$A$8:$E$5189,5,0),VLOOKUP(C21,'Comp SINAPI BA 05-2023 Desoner'!$G$7:$K$7500,5,0))","v":7.18},{"$f":"ROUND(F21*G21,2)","v":14.36},"i"]
[null,"SINAPI",4430,{"$f":"PROPER(IF(I22=\"i\",VLOOKUP(C22,'Ins SINAPI BA 05-2023 Desoner'!$A$8:$E$5189,2,0),VLOOKUP(C22,'Comp SINAPI BA 05-2023 Desoner'!$G$7:$K$7500,2,0)))","v":"Caibro Nao Aparelhado *5 X 6* Cm, Em Macaranduba, Angelim Ou Equivalente Da Regiao -  Bruta                                                                                                                                                                                                                                                                                                                                                                                                               "},{"$f":"LOWER(IF(I22=\"i\",VLOOKUP(C22,'Ins SINAPI BA 05-2023 Desoner'!$A$8:$E$5189,3,0),VLOOKUP(C22,'Comp SINAPI BA 05-2023 Desoner'!$G$7:$K$7500,3,0)))","v":"m     "},{"$f":"CPU!F47","v":4},{"$f":"IF(I22=\"i\",VLOOKUP(C22,'Ins SINAPI BA 05-2023 Desoner'!$A$8:$E$5189,5,0),VLOOKUP(C22,'Comp SINAPI BA 05-2023 Desoner'!$G$7:$K$7500,5,0))","v":13.2},{"$f":"ROUND(F22*G22,2)","v":52.8},"I"]
[null,"SINAPI",4813,{"$f":"PROPER(IF(I23=\"i\",VLOOKUP(C23,'Ins SINAPI BA 05-2023 Desoner'!$A$8:$E$5189,2,0),VLOOKUP(C23,'Comp SINAPI BA 05-2023 Desoner'!$G$7:$K$7500,2,0)))","v":"Placa De Obra (Para Construcao Civil) Em Chapa Galvanizada *N. 22*, Adesivada, De *2,4 X 1,2* M (Sem Postes Para Fixacao)                                                                                                                                                                                                                                                                                                                                                                                 "},{"$f":"LOWER(IF(I23=\"i\",VLOOKUP(C23,'Ins SINAPI BA 05-2023 Desoner'!$A$8:$E$5189,3,0),VLOOKUP(C23,'Comp SINAPI BA 05-2023 Desoner'!$G$7:$K$7500,3,0)))","v":"m2    "},{"$f":"CPU!F48","v":1},{"$f":"IF(I23=\"i\",VLOOKUP(C23,'Ins SINAPI BA 05-2023 Desoner'!$A$8:$E$5189,5,0),VLOOKUP(C23,'Comp SINAPI BA 05-2023 Desoner'!$G$7:$K$7500,5,0))","v":300},{"$f":"ROUND(F23*G23,2)","v":300},"I"]
[null,"SINAPI",5075,{"$f":"PROPER(IF(I24=\"i\",VLOOKUP(C24,'Ins SINAPI BA 05-2023 Desoner'!$A$8:$E$5189,2,0),VLOOKUP(C24,'Comp SINAPI BA 05-2023 Desoner'!$G$7:$K$7500,2,0)))","v":"Prego De Aco Polido Com Cabeca 18 X 30 (2 3/4 X 10)                                                                                                                                                                                                                                                                                                                                                                                                                                                       "},{"$f":"LOWER(IF(I24=\"i\",VLOOKUP(C24,'Ins SINAPI BA 05-2023 Desoner'!$A$8:$E$5189,3,0),VLOOKUP(C24,'Comp SINAPI BA 05-2023 Desoner'!$G$7:$K$7500,3,0)))","v":"kg    "},{"$f":"CPU!F49","v":0.11},{"$f":"IF(I24=\"i\",VLOOKUP(C24,'Ins SINAPI BA 05-2023 Desoner'!$A$8:$E$5189,5,0),VLOOKUP(C24,'Comp SINAPI BA 05-2023 Desoner'!$G$7:$K$7500,5,0))","v":20.6},{"$f":"ROUND(F24*G24,2)","v":2.27},"I"]
[null,"SINAPI",94962,{"$f":"PROPER(IF(I25=\"i\",VLOOKUP(C25,'Ins SINAPI BA 05-2023 Desoner'!$A$8:$E$5189,2,0),VLOOKUP(C25,'Comp SINAPI BA 05-2023 Desoner'!$G$7:$K$7500,2,0)))","v":"Concreto Magro Para Lastro, Traço 1:4,5:4,5 (Em Massa Seca De Cimento/ Areia Média/ Brita 1) - Preparo Mecânico Com Betoneira 400 L. Af_05/2021"},{"$f":"LOWER(IF(I25=\"i\",VLOOKUP(C25,'Ins SINAPI BA 05-2023 Desoner'!$A$8:$E$5189,3,0),VLOOKUP(C25,'Comp SINAPI BA 05-2023 Desoner'!$G$7:$K$7500,3,0)))","v":"m3"},{"$f":"CPU!F50","v":0.01},{"$f":"IF(I25=\"i\",VLOOKUP(C25,'Ins SINAPI BA 05-2023 Desoner'!$A$8:$E$5189,5,0),VLOOKUP(C25,'Comp SINAPI BA 05-2023 Desoner'!$G$7:$K$7500,5,0))","v":421.32},{"$f":"ROUND(F25*G25,2)","v":4.21},"ca"]
[null,{"$f":"B19","v":"2.2.1"},null,"EQUIPAMENTOS ",null,null,null,0,"SS"]
[null,{"$f":"B19","v":"2.2.1"},null,"SERVIÇOS",null,null,null,0,"SS"]
[null,{"$f":"B19","v":"2.2.1"},null,"MÃO DE OBRA",null,null,null,{"$f":"SUM(H29:H30)","v":33.229999999999997},"ss"]
[null,"SINAPI",88262,{"$f":"PROPER(IF(I29=\"i\",VLOOKUP(C29,'Ins SINAPI BA 05-2023 Desoner'!$A$8:$E$5189,2,0),VLOOKUP(C29,'Comp SINAPI BA 05-2023 Desoner'!$G$7:$K$7500,2,0)))","v":"Carpinteiro De Formas Com Encargos Complementares"},{"$f":"LOWER(IF(I29=\"i\",VLOOKUP(C29,'Ins SINAPI BA 05-2023 Desoner'!$A$8:$E$5189,3,0),VLOOKUP(C29,'Comp SINAPI BA 05-2023 Desoner'!$G$7:$K$7500,3,0)))","v":"h"},{"$f":"CPU!F59","v":0.5},{"$f":"IF(I29=\"i\",VLOOKUP(C29,'Ins SINAPI BA 05-2023 Desoner'!$A$8:$E$5189,5,0),VLOOKUP(C29,'Comp SINAPI BA 05-2023 Desoner'!$G$7:$K$7500,5,0))","v":27.16},{"$f":"ROUND(F29*G29,2)","v":13.58},"ca"]
[null,"SINAPI",88316,{"$f":"PROPER(IF(I30=\"i\",VLOOKUP(C30,'Ins SINAPI BA 05-2023 Desoner'!$A$8:$E$5189,2,0),VLOOKUP(C30,'Comp SINAPI BA 05-2023 Desoner'!$G$7:$K$7500,2,0)))","v":"Servente Com Encargos Complementares"},{"$f":"LOWER(IF(I30=\"i\",VLOOKUP(C30,'Ins SINAPI BA 05-2023 Desoner'!$A$8:$E$5189,3,0),VLOOKUP(C30,'Comp SINAPI BA 05-2023 Desoner'!$G$7:$K$7500,3,0)))","v":"h"},{"$f":"CPU!F60","v":1},{"$f":"IF(I30=\"i\",VLOOKUP(C30,'Ins SINAPI BA 05-2023 Desoner'!$A$8:$E$5189,5,0),VLOOKUP(C30,'Comp SINAPI BA 05-2023 Desoner'!$G$7:$K$7500,5,0))","v":19.649999999999999},{"$f":"ROUND(F30*G30,2)","v":19.649999999999999},"ca"]
[]
[null,{"$f":"'Planilha Orçamentária Desoner'!A33","v":"4.1.1"},{"$f":"VLOOKUP($B32,'Planilha Orçamentária Desoner'!$A$11:$I$504,3,)","v":"CPU.03"},{"$f":"VLOOKUP($B32,'Planilha Orçamentária Desoner'!$A$11:$I$504,4,)","v":"Mobilização da Equipe, Camara Hiperbarica e todos os equipamentos de mergulho envolvidos na operação"},"un",1,null,{"$f":"SUM(H33,H35,H37)","v":{"$error":"#REF!"}},"S"]
[null,{"$f":"B32","v":"4.1.1"},null,"MATERIAL",null,null,null,0,"ss"]
[null,{"$f":"B32","v":"4.1.1"},null,"EQUIPAMENTOS ",null,null,null,0,"ss"]
[null,{"$f":"B32","v":"4.1.1"},null,"SERVIÇOS",null,null,null,{"$f":"H36","v":{"$error":"#REF!"}},"ss"]
[null,"COTAÇÃO","2023-05-01","Mobilização e desmobilização da Equipe, Camara Hiperbarica e todos os equipamentos de mergulho envolvidos na operação","un",{"$f":"CPU!#REF!","v":{"$error":"#REF!"}},{"$f":"2*(21000+22000+19400)/3","v":41600},{"$f":"ROUND(F36*G36,2)","v":{"$error":"#REF!"}},"ca"]
[null,{"$f":"B32","v":"4.1.1"},null,"MÃO DE OBRA",null,null,null,0,"ss"]
[{"$nulls":8},"x"]
[null,{"$f":"'Planilha Orçamentária Desoner'!A36","v":"4.2.1"},{"$f":"VLOOKUP($B39,'Planilha Orçamentária Desoner'!$A$11:$I$504,3,)","v":"CPU.04"},{"$f":"VLOOKUP($B39,'Planilha Orçamentária Desoner'!$A$11:$I$504,4,)","v":"Vedação da entrada da tomada d’água com chapas metálicas"},"un",1,null,{"$f":"SUM(H40,H51,H53,H56)","v":{"$error":"#REF!"}},"S"]
[null,{"$f":"B39","v":"4.2.1"},null,"MATERIAL",null,null,null,{"$f":"SUM(H41:H50)","v":{"$error":"#REF!"}},"ss"]
[null,"CODEVASF","DP","DIÁRIA","dia",{"$f":"CPU!F148","v":1.2},305.10000000000002,{"$f":"ROUND(F41*G41,2)","v":366.12}]
[null,"SICRO","E9043","Embarcação de alumínio com comprimento de 6 m e motor de popa - 18,60 kW","h",{"$f":"CPU!#REF!","v":{"$error":"#REF!"}},66.157700000000006,{"$f":"ROUND(F42*G42,2)","v":{"$error":"#REF!"}}]
[null,"SICRO",2408149,"Estrutura em chapa de aço ASTM A36 corte, solda e montagem - fornecimento e instalação","kg",{"$f":"CPU!#REF!","v":{"$error":"#REF!"}},14.84,{"$f":"ROUND(F43*G43,2)","v":{"$error":"#REF!"}}]
[null,"SICRO","E9243","Câmara hiperbárica com filtro, serpentina e reservatório de ar para mergulho raso - D= 1,80 m e H = 2,22 m.","h",{"$f":"CPU!#REF!","v":{"$error":"#REF!"}},58.351700000000001,{"$f":"ROUND(F44*G44,2)","v":{"$error":"#REF!"}}]
[null,"SICRO","E9245"," Estação transmissora de superfície para comunicação com fio","h",{"$f":"CPU!#REF!","v":{"$error":"#REF!"}},0.74280000000000002,{"$error":"#REF!"}]
[null,"SICRO","E9242"," Estação transmissora de superfície para televisionamento","h",{"$f":"CPU!#REF!","v":{"$error":"#REF!"}},1.3332999999999999,{"$error":"#REF!"}]
[null,"SICRO","E9066","Grupo gerador - 14 kVA","h",{"$f":"CPU!#REF!","v":{"$error":"#REF!"}},19.380099999999999,{"$error":"#REF!"}]
[null,"SICRO","E9246"," Painel de controle de ar com manômetros e pneufatômetros","h",{"$f":"CPU!#REF!","v":{"$error":"#REF!"}},1.4255,{"$error":"#REF!"}]
[null,"SICRO","E9248","Sistema de ar comprimido para mergulho até 30 m com pressão de trabalho de 1,4\nMPa - 7,46 kW","h",{"$f":"CPU!#REF!","v":{"$error":"#REF!"}},15.0543,{"$error":"#REF!"}]
[null,"SICRO","E9058","Plataforma flutuante de 12 x 24 x 1,8 m com capacidade de 150 t","h",{"$f":"CPU!#REF!","v":{"$error":"#REF!"}},40.301200000000001,{"$f":"ROUND(F50*G50,2)","v":{"$error":"#REF!"}}]
[null,{"$f":"B39","v":"4.2.1"},null,"EQUIPAMENTOS ",null,null,null,{"$f":"SUM(H52)","v":{"$error":"#REF!"}},"ss"]
[null,"CODEVASF",null,"CAMINHONETE ","mes",{"$f":"CPU!#REF!","v":{"$error":"#REF!"}},5885.33,{"$f":"ROUND(F52*G52,2)","v":{"$error":"#REF!"}},"I"]
[null,{"$f":"B39","v":"4.2.1"},null,"SERVIÇOS",null,null,null,{"$f":"SUM(H54:H55)","v":80.33},"ss"]
[null,"SICRO",3807863,"Chumbador para concreto D = 12,5 mm tipo tecbolt - fornecimento e instalação","un",{"$f":"CPU!F151","v":5.8000000000000007},13.2,{"$f":"ROUND(F54*G54,2)","v":76.56}]
[null,"SICRO",4915639,"Limpeza em superfície de concreto com escova de aço","m²",{"$f":"CPU!F153","v":1},3.77,{"$f":"ROUND(F55*G55,2)","v":3.77}]
[null,{"$f":"B39","v":"4.2.1"},null,"MÃO DE OBRA",null,null,null,{"$f":"SUM(H57:H59)","v":{"$error":"#REF!"}},"ss"]
[null,"SICRO","P9926","Mergulhador raso auxiliar de superfície","h",{"$f":"CPU!F158","v":0.5},28.220300000000002,{"$f":"ROUND(F57*G57,2)","v":14.11}]
[null,"EMBASA","B010000113","MERGULHADOR PROFISSIONAL","h",{"$f":"CPU!F159","v":5},76.19,{"$f":"ROUND(F58*G58,2)","v":380.95}]
[null,"SICRO","P9922","Mergulhador raso dependente de emergência","h",{"$f":"CPU!#REF!","v":{"$error":"#REF!"}},31.552199999999999,{"$error":"#REF!"}]
[]
[null,{"$f":"'Planilha Orçamentária Desoner'!A37","v":"4.2.2"},{"$f":"VLOOKUP($B61,'Planilha Orçamentária Desoner'!$A$11:$I$504,3,)","v":"CPU.05"},{"$f":"VLOOKUP($B61,'Planilha Orçamentária Desoner'!$A$11:$I$504,4,)","v":"Remoção da vedação da entrada da tomada d’água com chapas metálicas"},"un",1,null,{"$f":"SUM(H62,H72,H74,H75)","v":{"$error":"#REF!"}},"S"]
[null,{"$f":"B61","v":"4.2.2"},null,"MATERIAL",null,null,null,{"$f":"SUM(H63:H71)","v":{"$error":"#REF!"}},"ss"]
[null,"CODEVASF","DP","DIÁRIA","dia",{"$f":"CPU!#REF!","v":{"$error":"#REF!"}},305.10000000000002,{"$f":"ROUND(F63*G63,2)","v":{"$error":"#REF!"}}]
[null,"SICRO","E9043","Embarcação de alumínio com comprimento de 6 m e motor de popa - 18,60 kW","h",{"$f":"CPU!#REF!","v":{"$error":"#REF!"}},66.157700000000006,{"$f":"ROUND(F64*G64,2)","v":{"$error":"#REF!"}}]
[null,"SICRO","E9243","Câmara hiperbárica com filtro, serpentina e reservatório de ar para mergulho raso - D= 1,80 m e H = 2,22 m.","h",{"$f":"CPU!#REF!","v":{"$error":"#REF!"}},58.351700000000001,{"$f":"ROUND(F65*G65,2)","v":{"$error":"#REF!"}}]
[null,"SICRO","E9245"," Estação transmissora de superfície para comunicação com fio","h",{"$f":"CPU!#REF!","v":{"$error":"#REF!"}},0.74280000000000002,{"$error":"#REF!"}]
[null,"SICRO","E9242"," Estação transmissora de superfície para televisionamento","h",{"$f":"CPU!#REF!","v":{"$error":"#REF!"}},1.3332999999999999,{"$error":"#REF!"}]
[null,"SICRO","E9066","Grupo gerador - 14 kVA","h",{"$f":"CPU!#REF!","v":{"$error":"#REF!"}},19.380099999999999,{"$error":"#REF!"}]
[null,"SICRO","E9246"," Painel de controle de ar com manômetros e pneufatômetros","h",{"$f":"CPU!#REF!","v":{"$error":"#REF!"}},1.4255,{"$error":"#REF!"}]
[null,"SICRO","E9248","Sistema de ar comprimido para mergulho até 30 m com pressão de trabalho de 1,4\nMPa - 7,46 kW","h",{"$f":"CPU!#REF!","v":{"$error":"#REF!"}},15.0543,{"$error":"#REF!"}]
[null,"SICRO","E9058","Plataforma flutuante de 12 x 24 x 1,8 m com capacidade de 150 t","h",{"$f":"CPU!#REF!","v":{"$error":"#REF!"}},40.301200000000001,{"$f":"ROUND(F71*G71,2)","v":{"$error":"#REF!"}}]
[null,{"$f":"B61","v":"4.2.2"},null,"EQUIPAMENTOS ",null,null,null,{"$f":"SUM(H73)","v":{"$error":"#REF!"}},"ss"]
[null,"CODEVASF",null,"CAMINHONETE ","mes",{"$f":"CPU!#REF!","v":{"$error":"#REF!"}},5885.33,{"$f":"ROUND(F73*G73,2)","v":{"$error":"#REF!"}},"I"]
[null,{"$f":"B61","v":"4.2.2"},null,"SERVIÇOS",null,null,null,0,"ss"]
[null,{"$f":"B61","v":"4.2.2"},null,"MÃO DE OBRA",null,null,null,{"$f":"SUM(H76:H78)","v":{"$error":"#REF!"}},"ss"]
[null,"SICRO","P9926","Mergulhador raso auxiliar de superfície","h",{"$f":"CPU!#REF!","v":{"$error":"#REF!"}},28.220300000000002,{"$f":"ROUND(F76*G76,2)","v":{"$error":"#REF!"}}]
[null,"EMBASA","B010000113","MERGULHADOR PROFISSIONAL","h",{"$f":"CPU!#REF!","v":{"$error":"#REF!"}},76.19,{"$error":"#REF!"}]
[null,"SICRO","P9922","Mergulhador raso dependente de emergência","h",{"$f":"CPU!#REF!","v":{"$error":"#REF!"}},31.552199999999999,{"$error":"#REF!"}]
[]
[null,{"$f":"'Planilha Orçamentária Desoner'!A59","v":"6.1.6"},{"$f":"VLOOKUP($B80,'Planilha Orçamentária Desoner'!$A$11:$I$504,3,)","v":"CPU.06"},{"$f":"VLOOKUP($B80,'Planilha Orçamentária Desoner'!$A$11:$I$504,4,)","v":"ARGAMASSA TRACO 1:3 (CIMENTO E AREIA), PREPARO MANUAL, INCLUSO ADITIVO IMPERMEABILIZANTE"},"m3",null,null,{"$f":"H81+H84+H86+H87","v":{"$error":"#REF!"}},"s"]
[null,{"$f":"B80","v":"6.1.6"},null,"MATERIAL",null,null,null,{"$f":"SUM(H82:H83)","v":{"$error":"#REF!"}},"ss"]
[null,"SINAPI",88629,{"$f":"PROPER(IF(I82=\"i\",VLOOKUP(C82,'Ins SINAPI BA 05-2023 Desoner'!$A$8:$E$5189,2,0),VLOOKUP(C82,'Comp SINAPI BA 05-2023 Desoner'!$G$7:$K$7500,2,0)))","v":"Argamassa Traço 1:3 (Em Volume De Cimento E Areia Média Úmida), Preparo Manual. Af_08/2019"},{"$f":"LOWER(IF(I82=\"i\",VLOOKUP(C82,'Ins SINAPI BA 05-2023 Desoner'!$A$8:$E$5189,3,0),VLOOKUP(C82,'Comp SINAPI BA 05-2023 Desoner'!$G$7:$K$7500,3,0)))","v":"m3"},{"$f":"CPU!#REF!","v":{"$error":"#REF!"}},{"$f":"IF(I82=\"i\",VLOOKUP(C82,'Ins SINAPI BA 05-2023 Desoner'!$A$8:$E$5189,5,0),VLOOKUP(C82,'Comp SINAPI BA 05-2023 Desoner'!$G$7:$K$7500,5,0))","v":693.49},{"$f":"ROUND(F82*G82,2)","v":{"$error":"#REF!"}},"ca"]
[null,"SINAPI",123,{"$f":"PROPER(IF(I83=\"i\",VLOOKUP(C83,'Ins SINAPI BA 05-2023 Desoner'!$A$8:$E$5189,2,0),VLOOKUP(C83,'Comp SINAPI BA 05-2023 Desoner'!$G$7:$K$7500,2,0)))","v":"Aditivo Impermeabilizante De Pega Normal Para Argamassas E Concretos Sem Armacao, Liquido E Isento De Cloretos                                                                                                                                                                                                                                                                                                                                                                                            "},{"$f":"LOWER(IF(I83=\"i\",VLOOKUP(C83,'Ins SINAPI BA 05-2023 Desoner'!$A$8:$E$5189,3,0),VLOOKUP(C83,'Comp SINAPI BA 05-2023 Desoner'!$G$7:$K$7500,3,0)))","v":"l     "},{"$f":"CPU!#REF!","v":{"$error":"#REF!"}},{"$f":"IF(I83=\"i\",VLOOKUP(C83,'Ins SINAPI BA 05-2023 Desoner'!$A$8:$E$5189,5,0),VLOOKUP(C83,'Comp SINAPI BA 05-2023 Desoner'!$G$7:$K$7500,5,0))","v":6.85},{"$f":"ROUND(F83*G83,2)","v":{"$error":"#REF!"}},"i"]
[null,{"$f":"B80","v":"6.1.6"},null,"EQUIPAMENTOS ",null,null,null,{"$f":"H85","v":{"$error":"#REF!"}},"ss"]
[null,"SICRO","E9121","Plataforma elevatória articulada elétrica com alcance de 6 m com capacidade de 500\nkg - 1,5 kW","h",{"$f":"CPU!#REF!","v":{"$error":"#REF!"}},36.356400000000001,{"$f":"ROUND(F85*G85,2)","v":{"$error":"#REF!"}},"ca"]
[null,{"$f":"B80","v":"6.1.6"},null,"SERVIÇOS",null,null,null,0,"ss"]
[null,{"$f":"B80","v":"6.1.6"},null,"MÃO DE OBRA",null,null,null,0,"mdo"]
[]
[null,{"$f":"'Planilha Orçamentária Desoner'!A61","v":"6.1.8"},{"$f":"VLOOKUP($B89,'Planilha Orçamentária Desoner'!$A$11:$I$504,3,)","v":"CPU.07"},{"$f":"VLOOKUP($B89,'Planilha Orçamentária Desoner'!$A$11:$I$504,4,)","v":"CURA QUÍMICA"},"m2",null,null,{"$f":"H90+H92+H94+H95","v":{"$error":"#REF!"}},"s"]
[null,{"$f":"B89","v":"6.1.8"},null,"MATERIAL",null,null,null,{"$f":"SUM(H91)","v":{"$error":"#REF!"}},"ss"]
[null,"SICRO","M2152","Aditivo de cura para concreto","kg",{"$f":"CPU!#REF!","v":{"$error":"#REF!"}},7.7205000000000004,{"$f":"ROUND(F91*G91,2)","v":{"$error":"#REF!"}},"ca"]
[null,{"$f":"B89","v":"6.1.8"},null,"EQUIPAMENTOS ",null,null,null,{"$f":"SUM(H93)","v":{"$error":"#REF!"}},"ss"]
[null,"SICRO","E9589","Máquina texturizadora e aplicadora de cura química em pavimento de concreto - 44,80 kW","H",{"$f":"CPU!#REF!","v":{"$error":"#REF!"}},206.45830000000001,{"$f":"ROUND(F93*G93,2)","v":{"$error":"#REF!"}},"ca"]
[null,{"$f":"B89","v":"6.1.8"},null,"SERVIÇOS",null,null,null,0,"ss"]
[null,{"$f":"B89","v":"6.1.8"},null,"MÃO DE OBRA",null,null,null,{"$f":"SUM(H96)","v":15.72},"mdo"]
[null,"SINAPI",88316,{"$f":"PROPER(IF(I96=\"i\",VLOOKUP(C96,'Ins SINAPI BA 05-2023 Desoner'!$A$8:$E$5189,2,0),VLOOKUP(C96,'Comp SINAPI BA 05-2023 Desoner'!$G$7:$K$7500,2,0)))","v":"Servente Com Encargos Complementares"},{"$f":"LOWER(IF(I96=\"i\",VLOOKUP(C96,'Ins SINAPI BA 05-2023 Desoner'!$A$8:$E$5189,3,0),VLOOKUP(C96,'Comp SINAPI BA 05-2023 Desoner'!$G$7:$K$7500,3,0)))","v":"h"},{"$f":"CPU!F249","v":0.8},{"$f":"IF(I96=\"i\",VLOOKUP(C96,'Ins SINAPI BA 05-2023 Desoner'!$A$8:$E$5189,5,0),VLOOKUP(C96,'Comp SINAPI BA 05-2023 Desoner'!$G$7:$K$7500,5,0))","v":19.649999999999999},{"$f":"ROUND(F96*G96,2)","v":15.72},"ca"]

{"sheet":"Equipe de Mergulho","index":3,"n_rows":29,"n_cols":8,"rows_kept":29,"cut":false,"hidden":true,"merged":[[1,1,1,3],[3,3,4,3],[7,1,7,3],[26,3,26,4],[22,1,22,2]]}
[]
[null,"Definições de acordo com a TABELA REFERÊNCIA",{"$nulls":5},"TABELA REFERÊNCIA"]
[null,20,"m","Profundidade"]
[null,48,"min","Tempo de mergulho"]
[null,{"$f":"B4/60","v":0.8},"h"]
[null,8,"un","Qd de mergulhadores"]
[]
[null,"EQUIPE ADOTADA DE ACORDO COM A NR 15 - ATIVIDADES E OPERAÇÕES INSALUBRES (POR DIA)"]
[null,"H","QTD"]
[null,{"$f":"$B$5","v":0.8},1,"Mergulhador Profissional"]
[null,{"$f":"$B$5","v":0.8},1,"Mergulhador Profissional"]
[null,0.8,1,"Mergulhador Profissional"]
[null,0.8,1,"Mergulhador Profissional"]
[null,0.8,1,"Mergulhador Profissional"]
[null,0.8,1,"Mergulhador Profissional"]
[null,0.8,1,"Mergulhador Profissional"]
[null,0.8,1,"Mergulhador Profissional"]
[null,{"$f":"B5*B6","v":6.4},1,"Mergulhador raso auxiliar de superfície"]
[null,{"$f":"B5*B6","v":6.4},1,"Mergulhador raso auxiliar de superfície"]
[null,{"$f":"B5*B6","v":6.4},1,"Mergulhador raso dependente de emergência"]
[null,{"$f":"MAX(B10:B20)","v":6.4},{"$f":"SUM(C10:C20)","v":11},"TOTAL"]
[]
[null,"Identificação",null,"Serviço","Duração (dias)","Total (h)"]
[null,{"$f":"CPU!B146","v":"6.1"},{"$f":"CPU!C146","v":"CPU.12"},{"$f":"CPU!D146","v":"Enrocamento c/ pedra de mão para proteção do talude"},2,{"$f":"$B$21*E24","v":12.8}]
[null,{"$f":"CPU!#REF!","v":{"$error":"#REF!"}},{"$f":"CPU!#REF!","v":{"$error":"#REF!"}},{"$f":"CPU!#REF!","v":{"$error":"#REF!"}},2,{"$f":"$B$21*E25","v":12.8}]
[]
[null,null,null,"De acordo com a duração do serviço será atualizada a quantidade de diárias"]
[null,null,null,"Duração",2]
[null,null,null,"Diária",{"$f":"E28-1","v":1}]

{"sheet":"CPU","index":4,"n_rows":272,"n_cols":10,"rows_kept":272,"cut":false,"hidden":false,"merged":[[6,2,6,3],[7,2,7,3],[0,1,0,6],[1,1,1,6],[2,1,2,6],[3,1,3,7],[4,2,4,3],[5,2,5,3],[4,4,4,5],[5,4,5,5],[6,4,6,5],[7,4,7,5]]}
[null,"Ministério da Integração e do Desenvolvimento Regional"]
[null,"Companhia de Desenvolvimento dos Vales do São Francisco e do Parnaíba"]
[]
[null," COMPOSIÇÕES DE PREÇOS UNITÁRIOS - ORÇAMENTO NÃO DESONERADO"]
[null,"OBRA:",{"$f":"'Planilha Orçamentária'!B4","v":"SERVIÇOS DE MANUTENÇÃO E OBRAS CIVIS NA BARRAGEM BOM VIVER"}]
[null,"LOCAL:",{"$f":"'Planilha Orçamentária'!B5","v":"BARRAGEM BOM VIVER, BELÉM DO SÃO FRANCISCO/PE"}]
[null,"DATA BASE:",{"$f":"'Planilha Orçamentária'!B6","v":"2024-05-13"}]
[null,"PRAZO:",{"$f":"'Planilha Orçamentária'!B7","v":"120 DIAS"}]
[null,"REFERÊNCIA","CÓDIGO","DESCRIÇÃO","UNIDADE","ÍNDICE","CUSTO\nUNITÁRIO","PREÇO\nTOTAL"]
[null,{"$f":"'Planilha Orçamentária'!A11","v":"1.1"},{"$f":"VLOOKUP($B10,'Planilha Orçamentária'!$A$10:$I$472,3,)","v":"CPU.01"},{"$f":"VLOOKUP($B10,'Planilha Orçamentária'!$A$10:$I$472,4,)","v":"Administração Local"},"mes",1,null,{"$f":"SUM(H14,H13,H12,H11)","v":28900.34},"ss","COMENTÁRIOS"]
[null,{"$f":"B10","v":"1.1"},null,"MATERIAL",null,null,null,0]
[null,{"$f":"B10","v":"1.1"},null,"EQUIPAMENTOS ",null,null,null,0]
[null,{"$f":"B10","v":"1.1"},null,"SERVIÇOS",null,null,null,0,"ss"]
[null,{"$f":"B10","v":"1.1"},null,"MÃO DE OBRA",null,null,null,{"$f":"SUM(H15:H17)","v":28900.34}]
[null,"SINAPI",90778,{"$f":"PROPER(IF(K15=\"i\",VLOOKUP(C15,'Ins SINAPI PE 03-2024 Onerado'!$A$8:$E$5189,2,0),VLOOKUP(C15,'Comp SINAPI PE 03-2024 Onerado'!$G$7:$K$7500,2,0)))","v":"Engenheiro Civil De Obra Pleno Com Encargos Complementares"},{"$f":"LOWER(IF(K15=\"i\",VLOOKUP(C15,'Ins SINAPI PE 03-2024 Onerado'!$A$8:$E$5189,3,0),VLOOKUP(C15,'Comp SINAPI PE 03-2024 Onerado'!$G$7:$K$7500,3,0)))","v":"h"},{"$f":"1.5*5*4","v":30},{"$f":"IF(I15=\"i\",VLOOKUP(C15,'Ins SINAPI PE 03-2024 Onerado'!$A$8:$E$5189,5,0),VLOOKUP(C15,'Comp SINAPI PE 03-2024 Onerado'!$G$7:$K$7500,5,0))","v":126.7},{"$f":"ROUND(F15*G15,2)","v":3801},"ca"]
[null,"SINAPI",93572,{"$f":"PROPER(IF(K16=\"i\",VLOOKUP(C16,'Ins SINAPI PE 03-2024 Onerado'!$A$8:$E$5189,2,0),VLOOKUP(C16,'Comp SINAPI PE 03-2024 Onerado'!$G$7:$K$7500,2,0)))","v":"Encarregado Geral De Obras Com Encargos Complementares"},{"$f":"LOWER(IF(K16=\"i\",VLOOKUP(C16,'Ins SINAPI PE 03-2024 Onerado'!$A$8:$E$5189,3,0),VLOOKUP(C16,'Comp SINAPI PE 03-2024 Onerado'!$G$7:$K$7500,3,0)))","v":"mes"},0.8,{"$f":"IF(I16=\"i\",VLOOKUP(C16,'Ins SINAPI PE 03-2024 Onerado'!$A$8:$E$5189,5,0),VLOOKUP(C16,'Comp SINAPI PE 03-2024 Onerado'!$G$7:$K$7500,5,0))","v":6840.17},{"$f":"ROUND(F16*G16,2)","v":5472.14},"ca"]
[null,"SINAPI","88326 (ref nov/23)","VIGIA NOTURNO COM ENCARGOS COMPLEMENTARES","H",{"$f":"4*12*15","v":720},27.26,{"$f":"ROUND(F17*G17,2)","v":19627.2},"ca","considerando 4 vigias intercalando em dupla na jornada de 12/36"]
[]
[null,{"$f":"'Planilha Orçamentária'!A14","v":"2.1"},{"$f":"VLOOKUP($B19,'Planilha Orçamentária'!$A$10:$I$472,3,)","v":"CPU.02"},{"$f":"VLOOKUP($B19,'Planilha Orçamentária'!$A$10:$I$472,4,)","v":"Mobilização e desmobilização de instalação do canteiro"},"un",1,null,{"$f":"SUM(H20,H21,H26,H27)","v":8886.43},null,"mobilização e desmobilização de Petrolina a barragem"]
[null,{"$f":"B19","v":"2.1"},null,"MATERIAL",null,null,null,0]
[null,{"$f":"B19","v":"2.1"},null,"EQUIPAMENTOS ",null,null,null,{"$f":"SUM(H22:H25)","v":8556.35},"ss"]
["2.1.1","SICRO","E9134","Miniônibus com capacidade para 30 passageiros - 111 Kw","chp",{"$f":"VLOOKUP(A22,'Memorial de cálculo'!$A$10:$H$484,8,0)","v":7},221.20400000000001,{"$f":"ROUND(F22*G22,2)","v":1548.43},"ca"]
["2.1.2","SICRO","E9134","Miniônibus com capacidade para 30 passageiros - 111 Kw","chi",{"$f":"VLOOKUP(A23,'Memorial de cálculo'!$A$10:$H$484,8,0)","v":9},74.239999999999995,{"$f":"ROUND(F23*G23,2)","v":668.16},"ca"]
["2.1.3","SINAPI",100946,{"$f":"IF(I24=\"i\",VLOOKUP(C24,'Ins SINAPI PE 03-2024 Onerado'!$A$8:$E$5189,2,0),VLOOKUP(C24,'Comp SINAPI PE 03-2024 Onerado'!$G$7:$K$7500,2,0))","v":"TRANSPORTE COM CAMINHÃO CARROCERIA 9T, EM VIA URBANA EM REVESTIMENTO PRIMÁRIO (UNIDADE: TXKM). AF_07/2020"},{"$f":"IF(I24=\"i\",VLOOKUP(C24,'Ins SINAPI PE 03-2024 Onerado'!$A$8:$E$5189,3,0),VLOOKUP(C24,'Comp SINAPI PE 03-2024 Onerado'!$G$7:$K$7500,3,0))","v":"TXKM"},{"$f":"VLOOKUP(A24,'Memorial de cálculo'!$A$10:$H$484,8,0)","v":58.000000000000007},{"$f":"IF(I24=\"i\",VLOOKUP(C24,'Ins SINAPI PE 03-2024 Onerado'!$A$8:$E$5189,5,0),VLOOKUP(C24,'Comp SINAPI PE 03-2024 Onerado'!$G$7:$K$7500,5,0))","v":2.42},{"$f":"ROUND(F24*G24,2)","v":140.36000000000001},"ca","considerando 5 toneladas de carga e metade da distância para Petrolina"]
["2.1.4","SINAPI",100947,{"$f":"IF(I25=\"i\",VLOOKUP(C25,'Ins SINAPI PE 03-2024 Onerado'!$A$8:$E$5189,2,0),VLOOKUP(C25,'Comp SINAPI PE 03-2024 Onerado'!$G$7:$K$7500,2,0))","v":"TRANSPORTE COM CAMINHÃO CARROCERIA 9T, EM VIA URBANA PAVIMENTADA, DMT ATÉ 30KM (UNIDADE: TXKM). AF_07/2020"},{"$f":"IF(I25=\"i\",VLOOKUP(C25,'Ins SINAPI PE 03-2024 Onerado'!$A$8:$E$5189,3,0),VLOOKUP(C25,'Comp SINAPI PE 03-2024 Onerado'!$G$7:$K$7500,3,0))","v":"TXKM"},{"$f":"VLOOKUP(A25,'Memorial de cálculo'!$A$10:$H$484,8,0)","v":2780},{"$f":"IF(I25=\"i\",VLOOKUP(C25,'Ins SINAPI PE 03-2024 Onerado'!$A$8:$E$5189,5,0),VLOOKUP(C25,'Comp SINAPI PE 03-2024 Onerado'!$G$7:$K$7500,5,0))","v":2.23},6199.4,"ca"]
[null,{"$f":"B19","v":"2.1"},null,"SERVIÇOS",{"$nulls":4},"ss"]
[null,{"$f":"B19","v":"2.1"},null,"MÃO DE OBRA",null,null,null,{"$f":"H28","v":330.08},"mdo"]
["2.1.5","SINAPI",88284,{"$f":"PROPER(IF(K28=\"i\",VLOOKUP(C28,'Ins SINAPI PE 03-2024 Onerado'!$A$8:$E$5189,2,0),VLOOKUP(C28,'Comp SINAPI PE 03-2024 Onerado'!$G$7:$K$7500,2,0)))","v":"Motorista De Veículo Leve Com Encargos Complementares"},{"$f":"LOWER(IF(K28=\"i\",VLOOKUP(C28,'Ins SINAPI PE 03-2024 Onerado'!$A$8:$E$5189,3,0),VLOOKUP(C28,'Comp SINAPI PE 03-2024 Onerado'!$G$7:$K$7500,3,0)))","v":"h"},{"$f":"F22+F23","v":16},{"$f":"IF(I28=\"i\",VLOOKUP(C28,'Ins SINAPI PE 03-2024 Onerado'!$A$8:$E$5189,5,0),VLOOKUP(C28,'Comp SINAPI PE 03-2024 Onerado'!$G$7:$K$7500,5,0))","v":20.63},{"$f":"ROUND(F28*G28,2)","v":330.08},"ca"]
[]
[null,{"$f":"'Planilha Orçamentária'!A15","v":"2.2"},{"$f":"VLOOKUP($B30,'Planilha Orçamentária'!$A$10:$I$472,3,)","v":"CPU.03"},{"$f":"VLOOKUP($B30,'Planilha Orçamentária'!$A$10:$I$472,4,)","v":"Canteiro de obras"},"un",null,null,{"$f":"H33","v":746.64},"ss"]
[null,{"$f":"B30","v":"2.2"},null,"MATERIAL",null,null,null,0]
[null,{"$f":"B30","v":"2.2"},null,"EQUIPAMENTOS ",null,null,null,0]
[null,{"$f":"B30","v":"2.2"},null,"SERVIÇOS",null,null,null,{"$f":"SUM(H34:H41)","v":746.64}]
["2.2.1","SINAPI",98524,{"$f":"PROPER(IF(K34=\"i\",VLOOKUP(C34,'Ins SINAPI PE 03-2024 Onerado'!$A$8:$E$5189,2,0),VLOOKUP(C34,'Comp SINAPI PE 03-2024 Onerado'!$G$7:$K$7500,2,0)))","v":"Limpeza Manual De Vegetação Em Terreno Com Enxada. Af_03/2024"},{"$f":"LOWER(IF(K34=\"i\",VLOOKUP(C34,'Ins SINAPI PE 03-2024 Onerado'!$A$8:$E$5189,3,0),VLOOKUP(C34,'Comp SINAPI PE 03-2024 Onerado'!$G$7:$K$7500,3,0)))","v":"m2"},{"$f":"VLOOKUP(A34,'Memorial de cálculo'!$A$10:$H$484,8,0)","v":1},{"$f":"IF(I34=\"i\",VLOOKUP(C34,'Ins SINAPI PE 03-2024 Onerado'!$A$8:$E$5189,5,0),VLOOKUP(C34,'Comp SINAPI PE 03-2024 Onerado'!$G$7:$K$7500,5,0))","v":4.32},{"$f":"ROUND(F34*G34,2)","v":4.32},"ca"]
["2.2.2","SINAPI",94975,{"$f":"PROPER(IF(K35=\"i\",VLOOKUP(C35,'Ins SINAPI PE 03-2024 Onerado'!$A$8:$E$5189,2,0),VLOOKUP(C35,'Comp SINAPI PE 03-2024 Onerado'!$G$7:$K$7500,2,0)))","v":"Concreto Fck = 15Mpa, Traço 1:3,4:3,5 (Em Massa Seca De Cimento/ Areia Média/ Brita 1) - Preparo Manual. Af_05/2021"},{"$f":"LOWER(IF(K35=\"i\",VLOOKUP(C35,'Ins SINAPI PE 03-2024 Onerado'!$A$8:$E$5189,3,0),VLOOKUP(C35,'Comp SINAPI PE 03-2024 Onerado'!$G$7:$K$7500,3,0)))","v":"m3"},{"$f":"VLOOKUP(A35,'Memorial de cálculo'!$A$10:$H$484,8,0)","v":0.05},{"$f":"IF(I35=\"i\",VLOOKUP(C35,'Ins SINAPI PE 03-2024 Onerado'!$A$8:$E$5189,5,0),VLOOKUP(C35,'Comp SINAPI PE 03-2024 Onerado'!$G$7:$K$7500,5,0))","v":479.76},23.99,"ca"]
["2.2.3","SINAPI","93210 (ref dez/2023)","EXECUÇÃO DE REFEITÓRIO EM CANTEIRO DE OBRA EM CHAPA DE MADEIRA COMPENSADA, NÃO INCLUSO MOBILIÁRIO E EQUIPAMENTOS. AF_02/2016","m²",{"$f":"VLOOKUP(A36,'Memorial de cálculo'!$A$10:$H$484,8,0)","v":0.26315789473684209},632.64,166.48,"ca"]
["2.2.4","SINAPI","93212 (ref dez/2023)","EXECUÇÃO DE SANITÁRIO E VESTIÁRIO EM CANTEIRO DE OBRA EM CHAPA DE MADEIRA COMPENSADA, NÃO INCLUSO MOBILIÁRIO. AF_02/2016","m²",{"$f":"VLOOKUP(A37,'Memorial de cálculo'!$A$10:$H$484,8,0)","v":0.31578947368421051},1038.4100000000001,327.92,"ca"]
["2.2.5","SINAPI","93583 (ref dez/2023)","EXECUÇÃO DE CENTRAL DE FÔRMAS, PRODUÇÃO DE ARGAMASSA OU CONCRETO EM CANTEIRO DE OBRA, NÃO INCLUSO MOBILIÁRIO E EQUIPAMENTOS. AF_04/2016","m²",{"$f":"VLOOKUP(A38,'Memorial de cálculo'!$A$10:$H$484,8,0)","v":0.42105263157894735},514.11,216.47,"ca"]
["2.2.6","COTAÇÃO","CT.01","Hospedagem","un",{"$f":"VLOOKUP(A39,'Memorial de cálculo'!$A$10:$H$484,8,0)","v":8.9750000000000003E-3},90,{"$f":"ROUND(F39*G39,2)","v":0.81},"ca"]
["2.2.7","SICRO","E9134","Miniônibus com capacidade para 30 passageiros - 111 Kw","chp",{"$f":"VLOOKUP(A40,'Memorial de cálculo'!$A$10:$H$484,8,0)","v":8.9750000000000003E-3},221.2,{"$f":"ROUND(F40*G40,2)","v":1.99},"ca"]
["2.2.8","SICRO","E9134","Miniônibus com capacidade para 30 passageiros - 111 Kw","chi",{"$f":"VLOOKUP(A41,'Memorial de cálculo'!$A$10:$H$484,8,0)","v":6.2825000000000006E-2},74.239999999999995,{"$f":"ROUND(F41*G41,2)","v":4.66},"ca"]
[null,{"$f":"B30","v":"2.2"},null,"MÃO DE OBRA",null,null,null,0,"mdo"]
[]
[null,{"$f":"'Planilha Orçamentária'!A16","v":"2.3"},{"$f":"VLOOKUP($B44,'Planilha Orçamentária'!$A$10:$I$472,3,)","v":"CPU.04"},{"$f":"VLOOKUP($B44,'Planilha Orçamentária'!$A$10:$I$472,4,)","v":"Placa de obra em chapa de aço galvanizado"},{"$f":"VLOOKUP($B44,'Planilha Orçamentária'!$A$10:$I$49,5)","v":"M2"},null,null,{"$f":"SUM(H45,H58,H51,H52)","v":499.93999999999994},"ss"]
[null,{"$f":"B44","v":"2.3"},null,"MATERIAL",null,null,null,{"$f":"SUM(H46:H50)","v":330.85999999999996}]
["2.3.1","SINAPI",4417,{"$f":"IF(I46=\"i\",VLOOKUP(C46,'Ins SINAPI PE 03-2024 Onerado'!$A$8:$E$5189,2,0),VLOOKUP(C46,'Comp SINAPI PE 03-2024 Onerado'!$G$7:$K$6879,2,0))","v":"SARRAFO NAO APARELHADO *2,5 X 7* CM, EM MACARANDUBA/MASSARANDUBA, ANGELIM, PEROBA-ROSA OU EQUIVALENTE DA REGIAO - BRUTA                                                                                                                                                                                                                                                                                                                                                                                   "},{"$f":"IF(I46=\"i\",VLOOKUP(C46,'Ins SINAPI PE 03-2024 Onerado'!$A$8:$E$5189,3,0),VLOOKUP(C46,'Comp SINAPI PE 03-2024 Onerado'!$G$7:$K$7500,3,0))","v":"M     "},{"$f":"VLOOKUP(A46,'Memorial de cálculo'!$A$10:$H$484,8,0)","v":2},{"$f":"IF(I46=\"i\",VLOOKUP(C46,'Ins SINAPI PE 03-2024 Onerado'!$A$8:$E$5189,5,0),VLOOKUP(C46,'Comp SINAPI PE 03-2024 Onerado'!$G$7:$K$7500,5,0))","v":"8,02"},{"$f":"ROUND(F46*G46,2)","v":16.04},"i"]
["2.3.2","SINAPI",4430,{"$f":"IF(I47=\"i\",VLOOKUP(C47,'Ins SINAPI PE 03-2024 Onerado'!$A$8:$E$5189,2,0),VLOOKUP(C47,'Comp SINAPI PE 03-2024 Onerado'!$G$7:$K$6879,2,0))","v":"CAIBRO NAO APARELHADO *5 X 6* CM, EM MACARANDUBA/MASSARANDUBA, ANGELIM OU EQUIVALENTE DA REGIAO - BRUTA                                                                                                                                                                                                                                                                                                                                                                                                   "},{"$f":"IF(I47=\"i\",VLOOKUP(C47,'Ins SINAPI PE 03-2024 Onerado'!$A$8:$E$5189,3,0),VLOOKUP(C47,'Comp SINAPI PE 03-2024 Onerado'!$G$7:$K$7500,3,0))","v":"M     "},{"$f":"VLOOKUP(A47,'Memorial de cálculo'!$A$10:$H$484,8,0)","v":4},{"$f":"IF(I47=\"i\",VLOOKUP(C47,'Ins SINAPI PE 03-2024 Onerado'!$A$8:$E$5189,5,0),VLOOKUP(C47,'Comp SINAPI PE 03-2024 Onerado'!$G$7:$K$7500,5,0))","v":"14,75"},{"$f":"ROUND(F47*G47,2)","v":59},"i"]
["2.3.3","SINAPI",4813,{"$f":"IF(I48=\"i\",VLOOKUP(C48,'Ins SINAPI PE 03-2024 Onerado'!$A$8:$E$5189,2,0),VLOOKUP(C48,'Comp SINAPI PE 03-2024 Onerado'!$G$7:$K$6879,2,0))","v":"PLACA DE OBRA (PARA CONSTRUCAO CIVIL) EM CHAPA GALVANIZADA *N. 22*, ADESIVADA, DE *2,4 X 1,2* M (SEM POSTES PARA FIXACAO)                                                                                                                                                                                                                                                                                                                                                                                 "},{"$f":"IF(I48=\"i\",VLOOKUP(C48,'Ins SINAPI PE 03-2024 Onerado'!$A$8:$E$5189,3,0),VLOOKUP(C48,'Comp SINAPI PE 03-2024 Onerado'!$G$7:$K$7500,3,0))","v":"M2    "},{"$f":"VLOOKUP(A48,'Memorial de cálculo'!$A$10:$H$484,8,0)","v":1},{"$f":"IF(I48=\"i\",VLOOKUP(C48,'Ins SINAPI PE 03-2024 Onerado'!$A$8:$E$5189,5,0),VLOOKUP(C48,'Comp SINAPI PE 03-2024 Onerado'!$G$7:$K$7500,5,0))","v":"250,00"},250,"i"]
["2.3.4","SINAPI",5075,{"$f":"IF(I49=\"i\",VLOOKUP(C49,'Ins SINAPI PE 03-2024 Onerado'!$A$8:$E$5189,2,0),VLOOKUP(C49,'Comp SINAPI PE 03-2024 Onerado'!$G$7:$K$6879,2,0))","v":"PREGO DE ACO POLIDO COM CABECA 18 X 30 (2 3/4 X 10)                                                                                                                                                                                                                                                                                                                                                                                                                                                       "},{"$f":"IF(I49=\"i\",VLOOKUP(C49,'Ins SINAPI PE 03-2024 Onerado'!$A$8:$E$5189,3,0),VLOOKUP(C49,'Comp SINAPI PE 03-2024 Onerado'!$G$7:$K$7500,3,0))","v":"KG    "},{"$f":"VLOOKUP(A49,'Memorial de cálculo'!$A$10:$H$484,8,0)","v":0.11},{"$f":"IF(I49=\"i\",VLOOKUP(C49,'Ins SINAPI PE 03-2024 Onerado'!$A$8:$E$5189,5,0),VLOOKUP(C49,'Comp SINAPI PE 03-2024 Onerado'!$G$7:$K$7500,5,0))","v":"16,73"},1.84,"i"]
["2.3.5","SINAPI",94962,{"$f":"IF(I50=\"i\",VLOOKUP(C50,'Ins SINAPI PE 03-2024 Onerado'!$A$8:$E$5189,2,0),VLOOKUP(C50,'Comp SINAPI PE 03-2024 Onerado'!$G$7:$K$6879,2,0))","v":"CONCRETO MAGRO PARA LASTRO, TRAÇO 1:4,5:4,5 (EM MASSA SECA DE CIMENTO/ AREIA MÉDIA/ BRITA 1) - PREPARO MECÂNICO COM BETONEIRA 400 L. AF_05/2021"},{"$f":"IF(I50=\"i\",VLOOKUP(C50,'Ins SINAPI PE 03-2024 Onerado'!$A$8:$E$5189,3,0),VLOOKUP(C50,'Comp SINAPI PE 03-2024 Onerado'!$G$7:$K$7500,3,0))","v":"M3"},{"$f":"VLOOKUP(A50,'Memorial de cálculo'!$A$10:$H$484,8,0)","v":0.01},{"$f":"IF(I50=\"i\",VLOOKUP(C50,'Ins SINAPI PE 03-2024 Onerado'!$A$8:$E$5189,5,0),VLOOKUP(C50,'Comp SINAPI PE 03-2024 Onerado'!$G$7:$K$7500,5,0))","v":398.48},3.98,"ca"]
[null,{"$f":"B44","v":"2.3"},null,"EQUIPAMENTOS ",null,null,null,0]
[null,{"$f":"B44","v":"2.3"},null,"SERVIÇOS",null,null,null,{"$f":"H53+H54+H55+H56+H57","v":136.25}]
["2.3.6","COTAÇÃO","CT.01","Hospedagem","un",{"$f":"VLOOKUP(A53,'Memorial de cálculo'!$A$10:$H$484,8,0)","v":0.1875},90,{"$f":"ROUND(F53*G53,2)","v":16.88},"ca"]
["2.3.7","SICRO","E9134","Miniônibus com capacidade para 30 passageiros - 111 Kw","chp",{"$f":"VLOOKUP(A54,'Memorial de cálculo'!$A$10:$H$484,8,0)","v":0.125},221.2,{"$f":"ROUND(F54*G54,2)","v":27.65},"ca"]
["2.3.8","SICRO","E9134","Miniônibus com capacidade para 30 passageiros - 111 Kw","chi",{"$f":"VLOOKUP(A55,'Memorial de cálculo'!$A$10:$H$484,8,0)","v":0.875},74.239999999999995,{"$f":"ROUND(F55*G55,2)","v":64.959999999999994},"ca"]
["2.3.9","SINAPI",100946,{"$f":"IF(I56=\"i\",VLOOKUP(C56,'Ins SINAPI PE 03-2024 Onerado'!$A$8:$E$5189,2,0),VLOOKUP(C56,'Comp SINAPI PE 03-2024 Onerado'!$G$7:$K$7500,2,0))","v":"TRANSPORTE COM CAMINHÃO CARROCERIA 9T, EM VIA URBANA EM REVESTIMENTO PRIMÁRIO (UNIDADE: TXKM). AF_07/2020"},{"$f":"IF(I56=\"i\",VLOOKUP(C56,'Ins SINAPI PE 03-2024 Onerado'!$A$8:$E$5189,3,0),VLOOKUP(C56,'Comp SINAPI PE 03-2024 Onerado'!$G$7:$K$7500,3,0))","v":"TXKM"},{"$f":"VLOOKUP(A56,'Memorial de cálculo'!$A$10:$H$484,8,0)","v":2.9000000000000004},{"$f":"IF(I56=\"i\",VLOOKUP(C56,'Ins SINAPI PE 03-2024 Onerado'!$A$8:$E$5189,5,0),VLOOKUP(C56,'Comp SINAPI PE 03-2024 Onerado'!$G$7:$K$7500,5,0))","v":2.42},{"$f":"ROUND(F56*G56,2)","v":7.02},"ca"]
["2.3.10","SINAPI",100947,{"$f":"IF(I57=\"i\",VLOOKUP(C57,'Ins SINAPI PE 03-2024 Onerado'!$A$8:$E$5189,2,0),VLOOKUP(C57,'Comp SINAPI PE 03-2024 Onerado'!$G$7:$K$7500,2,0))","v":"TRANSPORTE COM CAMINHÃO CARROCERIA 9T, EM VIA URBANA PAVIMENTADA, DMT ATÉ 30KM (UNIDADE: TXKM). AF_07/2020"},{"$f":"IF(I57=\"i\",VLOOKUP(C57,'Ins SINAPI PE 03-2024 Onerado'!$A$8:$E$5189,3,0),VLOOKUP(C57,'Comp SINAPI PE 03-2024 Onerado'!$G$7:$K$7500,3,0))","v":"TXKM"},{"$f":"VLOOKUP(A57,'Memorial de cálculo'!$A$10:$H$484,8,0)","v":8.85},{"$f":"IF(I57=\"i\",VLOOKUP(C57,'Ins SINAPI PE 03-2024 Onerado'!$A$8:$E$5189,5,0),VLOOKUP(C57,'Comp SINAPI PE 03-2024 Onerado'!$G$7:$K$7500,5,0))","v":2.23},{"$f":"ROUND(F57*G57,2)","v":19.739999999999998},"ca"]
[null,{"$f":"B44","v":"2.3"},null,"MÃO DE OBRA",null,null,null,{"$f":"SUM(H59:H60)","v":32.83}]
["2.3.11","SINAPI",88262,{"$f":"IF(I59=\"i\",VLOOKUP(C59,'Ins SINAPI PE 03-2024 Onerado'!$A$8:$E$5189,2,0),VLOOKUP(C59,'Comp SINAPI PE 03-2024 Onerado'!$G$7:$K$7500,2,0))","v":"CARPINTEIRO DE FORMAS COM ENCARGOS COMPLEMENTARES"},{"$f":"IF(I59=\"i\",VLOOKUP(C59,'Ins SINAPI PE 03-2024 Onerado'!$A$8:$E$5189,3,0),VLOOKUP(C59,'Comp SINAPI PE 03-2024 Onerado'!$G$7:$K$7500,3,0))","v":"H"},{"$f":"VLOOKUP(A59,'Memorial de cálculo'!A2:H377,8,0)","v":0.5},{"$f":"IF(I59=\"i\",VLOOKUP(C59,'Ins SINAPI PE 03-2024 Onerado'!$A$8:$E$5189,5,0),VLOOKUP(C59,'Comp SINAPI PE 03-2024 Onerado'!$G$7:$K$7500,5,0))","v":25.1},{"$f":"ROUND(F59*G59,2)","v":12.55},"mdo"]
["2.3.12","SINAPI",88316,{"$f":"IF(I60=\"i\",VLOOKUP(C60,'Ins SINAPI PE 03-2024 Onerado'!$A$8:$E$5189,2,0),VLOOKUP(C60,'Comp SINAPI PE 03-2024 Onerado'!$G$7:$K$7500,2,0))","v":"SERVENTE COM ENCARGOS COMPLEMENTARES"},{"$f":"IF(I60=\"i\",VLOOKUP(C60,'Ins SINAPI PE 03-2024 Onerado'!$A$8:$E$5189,3,0),VLOOKUP(C60,'Comp SINAPI PE 03-2024 Onerado'!$G$7:$K$7500,3,0))","v":"H"},{"$f":"VLOOKUP(A60,'Memorial de cálculo'!A3:H378,8,0)","v":1},{"$f":"IF(I60=\"i\",VLOOKUP(C60,'Ins SINAPI PE 03-2024 Onerado'!$A$8:$E$5189,5,0),VLOOKUP(C60,'Comp SINAPI PE 03-2024 Onerado'!$G$7:$K$7500,5,0))","v":20.28},{"$f":"ROUND(F60*G60,2)","v":20.28},"mdo"]
[]
[]
[3,null,null,"CORTE DA VEGETAÇÃO E REMOÇÃO DAS RAIZES"]
["3.1",{"$f":"'Planilha Orçamentária'!A19","v":"3.1"},{"$f":"VLOOKUP($B64,'Planilha Orçamentária'!$A$10:$I$472,3,0)","v":"CPU.05"},{"$f":"VLOOKUP($B64,'Planilha Orçamentária'!$A$10:$I$472,4,)","v":"Limpeza de Vegetação"},{"$f":"VLOOKUP($B64,'Planilha Orçamentária'!$A$10:$I$49,5)","v":"M2"},null,null,{"$f":"H67","v":7.6000000000000014},"ss"]
[null,{"$f":"B63","v":0},null,"MATERIAL",null,null,null,0]
[null,{"$f":"B63","v":0},null,"EQUIPAMENTOS ",null,null,null,0]
[null,{"$f":"B63","v":0},null,"SERVIÇOS",null,null,null,{"$f":"H68+H69+H70+H71+H72+H73","v":7.6000000000000014}]
["3.1.1","SINAPI",98524,{"$f":"PROPER(IF(K68=\"i\",VLOOKUP(C68,'Ins SINAPI PE 03-2024 Onerado'!$A$8:$E$5189,2,0),VLOOKUP(C68,'Comp SINAPI PE 03-2024 Onerado'!$G$7:$K$7500,2,0)))","v":"Limpeza Manual De Vegetação Em Terreno Com Enxada. Af_03/2024"},{"$f":"LOWER(IF(K68=\"i\",VLOOKUP(C68,'Ins SINAPI PE 03-2024 Onerado'!$A$8:$E$5189,3,0),VLOOKUP(C68,'Comp SINAPI PE 03-2024 Onerado'!$G$7:$K$7500,3,0)))","v":"m2"},{"$f":"VLOOKUP(A68,'Memorial de cálculo'!A11:H386,8,0)","v":1},{"$f":"IF(I68=\"i\",VLOOKUP(C68,'Ins SINAPI PE 03-2024 Onerado'!$A$8:$E$5189,5,0),VLOOKUP(C68,'Comp SINAPI PE 03-2024 Onerado'!$G$7:$K$7500,5,0))","v":4.32},{"$f":"ROUND(F68*G68,2)","v":4.32},"ca"]
["3.1.2","COTAÇÃO","CT.01","Hospedagem","un",{"$f":"VLOOKUP(A69,'Memorial de cálculo'!A12:H387,8,0)","v":1.7950000000000001E-2},90,{"$f":"ROUND(F69*G69,2)","v":1.62},"ca"]
["3.1.3","SICRO","E9134","Miniônibus com capacidade para 30 passageiros - 111 Kw","chp",{"$f":"VLOOKUP(A70,'Memorial de cálculo'!A13:H388,8,0)","v":1.2821428571428571E-3},221.2,0.28000000000000003,"ca"]
["3.1.4","SICRO","E9134","Miniônibus com capacidade para 30 passageiros - 111 Kw","chi",{"$f":"VLOOKUP(A71,'Memorial de cálculo'!A14:H479,8,0)","v":8.9750000000000003E-3},74.239999999999995,0.67,"ca"]
["3.1.5","SINAPI",97913,{"$f":"PROPER(IF(K72=\"i\",VLOOKUP(C72,'Ins SINAPI PE 03-2024 Onerado'!$A$8:$E$5189,2,0),VLOOKUP(C72,'Comp SINAPI PE 03-2024 Onerado'!$G$7:$K$7500,2,0)))","v":"Transporte Com Caminhão Basculante De 6 M³, Em Via Urbana Em Revestimento Primário (Unidade: M3Xkm). Af_07/2020"},{"$f":"LOWER(IF(K72=\"i\",VLOOKUP(C72,'Ins SINAPI PE 03-2024 Onerado'!$A$8:$E$5189,3,0),VLOOKUP(C72,'Comp SINAPI PE 03-2024 Onerado'!$G$7:$K$7500,3,0)))","v":"m3xkm"},{"$f":"VLOOKUP(A72,'Memorial de cálculo'!A15:H481,8,0)","v":5.800000000000001E-2},{"$f":"IF(I72=\"i\",VLOOKUP(C72,'Ins SINAPI PE 03-2024 Onerado'!$A$8:$E$5189,5,0),VLOOKUP(C72,'Comp SINAPI PE 03-2024 Onerado'!$G$7:$K$7500,5,0))","v":3.23},0.19,"ca"]
["3.1.6","SINAPI",97914,{"$f":"PROPER(IF(K73=\"i\",VLOOKUP(C73,'Ins SINAPI PE 03-2024 Onerado'!$A$8:$E$5189,2,0),VLOOKUP(C73,'Comp SINAPI PE 03-2024 Onerado'!$G$7:$K$7500,2,0)))","v":"Transporte Com Caminhão Basculante De 6 M³, Em Via Urbana Pavimentada, Dmt Até 30 Km (Unidade: M3Xkm). Af_07/2020"},{"$f":"LOWER(IF(K73=\"i\",VLOOKUP(C73,'Ins SINAPI PE 03-2024 Onerado'!$A$8:$E$5189,3,0),VLOOKUP(C73,'Comp SINAPI PE 03-2024 Onerado'!$G$7:$K$7500,3,0)))","v":"m3xkm"},{"$f":"VLOOKUP(A73,'Memorial de cálculo'!A16:H482,8,0)","v":0.17699999999999999},{"$f":"IF(I73=\"i\",VLOOKUP(C73,'Ins SINAPI PE 03-2024 Onerado'!$A$8:$E$5189,5,0),VLOOKUP(C73,'Comp SINAPI PE 03-2024 Onerado'!$G$7:$K$7500,5,0))","v":2.95},{"$f":"ROUND(F73*G73,2)","v":0.52},"ca"]
[null,{"$f":"B65","v":0},null,"MÃO DE OBRA"]
[]
["3.2",{"$f":"'Planilha Orçamentária'!A20","v":"3.2"},{"$f":"VLOOKUP($B76,'Planilha Orçamentária'!$A$10:$I$472,3,0)","v":"CPU.06"},{"$f":"VLOOKUP($B76,'Planilha Orçamentária'!$A$10:$I$472,4,)","v":"Corte raso de árvores"},{"$f":"VLOOKUP($B76,'Planilha Orçamentária'!$A$10:$I$49,5)","v":"UN"},null,null,{"$f":"H79","v":174.68},"ss"]
[null,{"$f":"B75","v":0},null,"MATERIAL",null,null,null,0]
[null,{"$f":"B75","v":0},null,"EQUIPAMENTOS ",null,null,null,0]
[null,{"$f":"B75","v":0},null,"SERVIÇOS",null,null,null,{"$f":"H80+H81+H82+H83","v":174.68}]
["3.2.1","SINAPI",98529,{"$f":"PROPER(IF(K80=\"i\",VLOOKUP(C80,'Ins SINAPI PE 03-2024 Onerado'!$A$8:$E$5189,2,0),VLOOKUP(C80,'Comp SINAPI PE 03-2024 Onerado'!$G$7:$K$7500,2,0)))","v":"Corte Raso E Recorte De Árvore Com Diâmetro De Tronco Maior Ou Igual A 0,20 M E Menor Que 0,40 M. Af_03/2024"},{"$f":"LOWER(IF(K80=\"i\",VLOOKUP(C80,'Ins SINAPI PE 03-2024 Onerado'!$A$8:$E$5189,3,0),VLOOKUP(C80,'Comp SINAPI PE 03-2024 Onerado'!$G$7:$K$7500,3,0)))","v":"un"},{"$f":"VLOOKUP(A80,'Memorial de cálculo'!A16:H482,8,0)","v":1},{"$f":"IF(I80=\"i\",VLOOKUP(C80,'Ins SINAPI PE 03-2024 Onerado'!$A$8:$E$5189,5,0),VLOOKUP(C80,'Comp SINAPI PE 03-2024 Onerado'!$G$7:$K$7500,5,0))","v":68.42},68.42,"ca"]
["3.2.5","COTAÇÃO","CT.01","Hospedagem","un",{"$f":"VLOOKUP(A81,'Memorial de cálculo'!A17:H483,8,0)","v":0.3861},90,{"$f":"ROUND(F81*G81,2)","v":34.75},"ca"]
["3.2.6","SICRO","E9134","Miniônibus com capacidade para 30 passageiros - 111 Kw","chp",{"$f":"VLOOKUP(A82,'Memorial de cálculo'!A17:H484,8,0)","v":9.6525E-2},221.2,21.35,"ca"]
["3.2.7","SICRO","E9134","Miniônibus com capacidade para 30 passageiros - 111 Kw","chi",{"$f":"VLOOKUP(A83,'Memorial de cálculo'!A18:H485,8,0)","v":0.67567500000000003},74.239999999999995,50.16,"ca"]
[null,{"$f":"B75","v":0},null,"MÃO DE OBRA",null,null,null,0]
[]
["3.3",{"$f":"'Planilha Orçamentária'!A21","v":"3.3"},{"$f":"VLOOKUP($B86,'Planilha Orçamentária'!$A$10:$I$472,3,0)","v":"CPU.07"},{"$f":"VLOOKUP($B86,'Planilha Orçamentária'!$A$10:$I$472,4,)","v":"Remoção de raízes"},{"$f":"VLOOKUP($B86,'Planilha Orçamentária'!$A$10:$I$49,5)","v":"UN"},null,null,{"$f":"H89","v":181.49},"ss"]
[null,{"$f":"B85","v":0},null,"MATERIAL",null,null,null,0]
[null,{"$f":"B85","v":0},null,"EQUIPAMENTOS ",null,null,null,0]
[null,{"$f":"B85","v":0},null,"SERVIÇOS",null,null,null,{"$f":"H90+H91+H92+H93","v":181.49}]
["3.3.1","SINAPI",98526,{"$f":"PROPER(IF(K90=\"i\",VLOOKUP(C90,'Ins SINAPI PE 03-2024 Onerado'!$A$8:$E$5189,2,0),VLOOKUP(C90,'Comp SINAPI PE 03-2024 Onerado'!$G$7:$K$7500,2,0)))","v":"Remoção De Raízes Remanescentes De Tronco De Árvore Com Diâmetro Maior Ou Igual A 0,20 M E Menor Que 0,40 M. Af_03/2024"},{"$f":"LOWER(IF(K90=\"i\",VLOOKUP(C90,'Ins SINAPI PE 03-2024 Onerado'!$A$8:$E$5189,3,0),VLOOKUP(C90,'Comp SINAPI PE 03-2024 Onerado'!$G$7:$K$7500,3,0)))","v":"un"},1,{"$f":"IF(I90=\"i\",VLOOKUP(C90,'Ins SINAPI PE 03-2024 Onerado'!$A$8:$E$5189,5,0),VLOOKUP(C90,'Comp SINAPI PE 03-2024 Onerado'!$G$7:$K$7500,5,0))","v":134.84},{"$f":"ROUND(F90*G90,2)","v":134.84},"ca"]
["3.3.2","COTAÇÃO","CT.01","Hospedagem","un",{"$f":"VLOOKUP(A91,'Memorial de cálculo'!A21:H488,8,0)","v":0.16950000000000001},90,{"$f":"ROUND(F91*G91,2)","v":15.26},"ca"]
["3.3.3","SICRO","E9134","Miniônibus com capacidade para 30 passageiros - 111 Kw","chp",{"$f":"VLOOKUP(A92,'Memorial de cálculo'!A22:H489,8,0)","v":4.2375000000000003E-2},221.2,9.3699999999999992,"ca"]
["3.3.4","SICRO","E9134","Miniônibus com capacidade para 30 passageiros - 111 Kw","chi",{"$f":"VLOOKUP(A93,'Memorial de cálculo'!A23:H490,8,0)","v":0.29662500000000003},74.239999999999995,22.02,"ca"]
[null,{"$f":"B80","v":"SINAPI"},null,"MÃO DE OBRA",null,null,null,0]
[]
[4,null,null,"RECUPERAÇÃO DA EROSÃO TALUDES MONTANTE, JUSANTE e CRISTA"]
["4.1",{"$f":"'Planilha Orçamentária'!A24","v":"4.1"},{"$f":"VLOOKUP($B97,'Planilha Orçamentária'!$A$10:$I$472,3,0)","v":"CPU.08"},{"$f":"VLOOKUP($B97,'Planilha Orçamentária'!$A$10:$I$472,4,)","v":"Aterro de valas "},{"$f":"VLOOKUP($B97,'Planilha Orçamentária'!$A$10:$I$49,5)","v":"M2"},null,null,{"$f":"SUM(H101:H106)","v":157.47},"ss"]
[null,{"$f":"B97","v":"4.1"},null,"MATERIAL",null,null,null,0]
[null,{"$f":"B97","v":"4.1"},null,"EQUIPAMENTOS ",null,null,null,0]
[null,{"$f":"B97","v":"4.1"},null,"SERVIÇOS",null,null,null,{"$f":"H101+H102+H103+H104+H105+H106","v":157.47}]
["4.1.1","SINAPI",94319,{"$f":"PROPER(IF(K101=\"i\",VLOOKUP(C101,'Ins SINAPI PE 03-2024 Onerado'!$A$8:$E$5189,2,0),VLOOKUP(C101,'Comp SINAPI PE 03-2024 Onerado'!$G$7:$K$7500,2,0)))","v":"Aterro Manual De Valas Com Solo Argilo-Arenoso. Af_08/2023"},{"$f":"LOWER(IF(K101=\"i\",VLOOKUP(C101,'Ins SINAPI PE 03-2024 Onerado'!$A$8:$E$5189,3,0),VLOOKUP(C101,'Comp SINAPI PE 03-2024 Onerado'!$G$7:$K$7500,3,0)))","v":"m3"},1,{"$f":"IF(I101=\"i\",VLOOKUP(C101,'Ins SINAPI PE 03-2024 Onerado'!$A$8:$E$5189,5,0),VLOOKUP(C101,'Comp SINAPI PE 03-2024 Onerado'!$G$7:$K$7500,5,0))","v":76.27},{"$f":"ROUND(F101*G101,2)","v":76.27},"ca"]
["4.1.2","COTAÇÃO","CT.01","Hospedagem","un",{"$f":"VLOOKUP(A102,'Memorial de cálculo'!A23:H387,8,0)","v":9.8324999999999996E-2},90,8.85,"ca"]
["4.1.3","SICRO","E9134","Miniônibus com capacidade para 30 passageiros - 111 Kw","chp",{"$f":"VLOOKUP(A103,'Memorial de cálculo'!A24:H388,8,0)","v":1.4046428571428571E-2},221.2,3.11,"ca"]
["4.1.4","SICRO","E9134","Miniônibus com capacidade para 30 passageiros - 111 Kw","chi",{"$f":"VLOOKUP(A104,'Memorial de cálculo'!A25:H479,8,0)","v":9.8324999999999996E-2},74.239999999999995,7.3,"ca"]
["4.1.5","SINAPI",93589,{"$f":"PROPER(IF(K105=\"i\",VLOOKUP(C105,'Ins SINAPI PE 03-2024 Onerado'!$A$8:$E$5189,2,0),VLOOKUP(C105,'Comp SINAPI PE 03-2024 Onerado'!$G$7:$K$7500,2,0)))","v":"Transporte Com Caminhão Basculante De 10 M³, Em Via Urbana Em Revestimento Primário (Unidade: M3Xkm). Af_07/2020"},{"$f":"LOWER(IF(K105=\"i\",VLOOKUP(C105,'Ins SINAPI PE 03-2024 Onerado'!$A$8:$E$5189,3,0),VLOOKUP(C105,'Comp SINAPI PE 03-2024 Onerado'!$G$7:$K$7500,3,0)))","v":"m3xkm"},{"$f":"VLOOKUP(A105,'Memorial de cálculo'!A119:H509,8,0)","v":17.7},{"$f":"IF(I105=\"i\",VLOOKUP(C105,'Ins SINAPI PE 03-2024 Onerado'!$A$8:$E$5189,5,0),VLOOKUP(C105,'Comp SINAPI PE 03-2024 Onerado'!$G$7:$K$7500,5,0))","v":2.69},47.61,"ca"]
["4.1.6","SINAPI",95875,{"$f":"PROPER(IF(K106=\"i\",VLOOKUP(C106,'Ins SINAPI PE 03-2024 Onerado'!$A$8:$E$5189,2,0),VLOOKUP(C106,'Comp SINAPI PE 03-2024 Onerado'!$G$7:$K$7500,2,0)))","v":"Transporte Com Caminhão Basculante De 10 M³, Em Via Urbana Pavimentada, Dmt Até 30 Km (Unidade: M3Xkm). Af_07/2020"},{"$f":"LOWER(IF(K106=\"i\",VLOOKUP(C106,'Ins SINAPI PE 03-2024 Onerado'!$A$8:$E$5189,3,0),VLOOKUP(C106,'Comp SINAPI PE 03-2024 Onerado'!$G$7:$K$7500,3,0)))","v":"m3xkm"},{"$f":"VLOOKUP(A106,'Memorial de cálculo'!A128:H510,8,0)","v":5.8000000000000007},{"$f":"IF(I106=\"i\",VLOOKUP(C106,'Ins SINAPI PE 03-2024 Onerado'!$A$8:$E$5189,5,0),VLOOKUP(C106,'Comp SINAPI PE 03-2024 Onerado'!$G$7:$K$7500,5,0))","v":2.4700000000000002},{"$f":"ROUND(F106*G106,2)","v":14.33},"ca"]
[null,{"$f":"B97","v":"4.1"},null,"MÃO DE OBRA",null,null,null,0]
[]
["5.1",{"$f":"'Planilha Orçamentária'!A27","v":"5.1"},{"$f":"VLOOKUP($B109,'Planilha Orçamentária'!$A$10:$I$472,3,)","v":"CPU.09"},{"$f":"VLOOKUP($B109,'Planilha Orçamentária'!$A$10:$I$472,4,)","v":"Regularização e compactação da crista"},{"$f":"VLOOKUP($B109,'Planilha Orçamentária'!$A$10:$I$49,5)","v":"M2"},null,null,{"$f":"SUM(H113:H116)","v":3.48},"SS"]
[null,{"$f":"B109","v":"5.1"},null,"MATERIAL",null,null,null,0]
[null,{"$f":"B109","v":"5.1"},null,"EQUIPAMENTOS ",null,null,null,0]
[null,{"$f":"B109","v":"5.1"},null,"SERVIÇOS",null,null,null,{"$f":"SUM(H113:H116)","v":3.48}]
["5.1.1","SINAPI",100576,{"$f":"PROPER(IF(K115=\"i\",VLOOKUP(C113,'Ins SINAPI PE 03-2024 Onerado'!$A$8:$E$5189,2,0),VLOOKUP(C113,'Comp SINAPI PE 03-2024 Onerado'!$G$7:$K$7500,2,0)))","v":"Regularização E Compactação De Subleito De Solo  Predominantemente Argiloso. Af_11/2019"},{"$f":"LOWER(IF(K115=\"i\",VLOOKUP(C113,'Ins SINAPI PE 03-2024 Onerado'!$A$8:$E$5189,3,0),VLOOKUP(C113,'Comp SINAPI PE 03-2024 Onerado'!$G$7:$K$7500,3,0)))","v":"m2"},1,{"$f":"IF(I113=\"i\",VLOOKUP(C113,'Ins SINAPI PE 03-2024 Onerado'!$A$8:$E$5189,5,0),VLOOKUP(C113,'Comp SINAPI PE 03-2024 Onerado'!$G$7:$K$7500,5,0))","v":2.65},{"$f":"ROUND(F113*G113,2)","v":2.65},"ca"]
["5.1.2","COTAÇÃO","CT.01","Hospedagem","un",{"$f":"VLOOKUP(A114,'Memorial de cálculo'!A12:H479,8,0)","v":1E-3},90,{"$f":"ROUND(F114*G114,2)","v":0.09},"ca"]
["5.1.3","SICRO","E9134","Miniônibus com capacidade para 30 passageiros - 111 Kw","chp",{"$f":"VLOOKUP(A115,'Memorial de cálculo'!A13:H387,8,0)","v":1E-3},221.2,0.22,"ca"]
["5.1.4","SICRO","E9134","Miniônibus com capacidade para 30 passageiros - 111 Kw","chi",{"$f":"VLOOKUP(A116,'Memorial de cálculo'!A14:H388,8,0)","v":7.0000000000000001E-3},74.239999999999995,0.52,"ca"]
[null,{"$f":"B113","v":"SINAPI"},null,"MÃO DE OBRA",null,null,null,0,"mdo"]
[]
[null,{"$f":"'Planilha Orçamentária'!A28","v":"5.2"},{"$f":"VLOOKUP($B119,'Planilha Orçamentária'!$A$10:$I$472,3,)","v":"CPU.10"},{"$f":"VLOOKUP($B119,'Planilha Orçamentária'!$A$10:$I$472,4,)","v":"Drenagem"},{"$f":"VLOOKUP($B119,'Planilha Orçamentária'!$A$10:$I$49,5)","v":"M"},null,null,{"$f":"SUM(H123:H130)","v":76.06},"SS"]
[null,{"$f":"B119","v":"5.2"},null,"MATERIAL",null,null,null,0]
[null,{"$f":"B119","v":"5.2"},null,"EQUIPAMENTOS ",null,null,null,0]
[null,{"$f":"B119","v":"5.2"},null,"SERVIÇOS",null,null,null,{"$f":"SUM(H123:H130)","v":76.06}]
["5.2.1","SINAPI",94267,{"$f":"PROPER(IF(K123=\"i\",VLOOKUP(C123,'Ins SINAPI PE 03-2024 Onerado'!$A$8:$E$5189,2,0),VLOOKUP(C123,'Comp SINAPI PE 03-2024 Onerado'!$G$7:$K$7500,2,0)))","v":"Guia (Meio-Fio) E Sarjeta Conjugados De Concreto, Moldada  In Loco  Em Trecho Reto Com Extrusora, 45 Cm Base (15 Cm Base Da Guia + 30 Cm Base Da Sarjeta) X 22 Cm Altura. Af_01/2024"},{"$f":"LOWER(IF(K123=\"i\",VLOOKUP(C123,'Ins SINAPI PE 03-2024 Onerado'!$A$8:$E$5189,3,0),VLOOKUP(C123,'Comp SINAPI PE 03-2024 Onerado'!$G$7:$K$7500,3,0)))","v":"m"},1,{"$f":"IF(I123=\"i\",VLOOKUP(C123,'Ins SINAPI PE 03-2024 Onerado'!$A$8:$E$5189,5,0),VLOOKUP(C123,'Comp SINAPI PE 03-2024 Onerado'!$G$7:$K$7500,5,0))","v":52.03},{"$f":"ROUND(F123*G123,2)","v":52.03},"ca"]
["5.2.2","SINAPI",100946,{"$f":"PROPER(IF(K124=\"i\",VLOOKUP(C124,'Ins SINAPI PE 03-2024 Onerado'!$A$8:$E$5189,2,0),VLOOKUP(C124,'Comp SINAPI PE 03-2024 Onerado'!$G$7:$K$7500,2,0)))","v":"Transporte Com Caminhão Carroceria 9T, Em Via Urbana Em Revestimento Primário (Unidade: Txkm). Af_07/2020"},{"$f":"LOWER(IF(K124=\"i\",VLOOKUP(C124,'Ins SINAPI PE 03-2024 Onerado'!$A$8:$E$5189,3,0),VLOOKUP(C124,'Comp SINAPI PE 03-2024 Onerado'!$G$7:$K$7500,3,0)))","v":"txkm"},{"$f":"VLOOKUP(A124,'Memorial de cálculo'!A18:H484,8,0)","v":0.33350000000000007},{"$f":"IF(I124=\"i\",VLOOKUP(C124,'Ins SINAPI PE 03-2024 Onerado'!$A$8:$E$5189,5,0),VLOOKUP(C124,'Comp SINAPI PE 03-2024 Onerado'!$G$7:$K$7500,5,0))","v":2.42},{"$f":"ROUND(F124*G124,2)","v":0.81},"ca",{"$f":"F124*G124","v":0.80707000000000018}]
["5.2.3","SINAPI",100947,{"$f":"PROPER(IF(K125=\"i\",VLOOKUP(C125,'Ins SINAPI PE 03-2024 Onerado'!$A$8:$E$5189,2,0),VLOOKUP(C125,'Comp SINAPI PE 03-2024 Onerado'!$G$7:$K$7500,2,0)))","v":"Transporte Com Caminhão Carroceria 9T, Em Via Urbana Pavimentada, Dmt Até 30Km (Unidade: Txkm). Af_07/2020"},{"$f":"LOWER(IF(K125=\"i\",VLOOKUP(C125,'Ins SINAPI PE 03-2024 Onerado'!$A$8:$E$5189,3,0),VLOOKUP(C125,'Comp SINAPI PE 03-2024 Onerado'!$G$7:$K$7500,3,0)))","v":"txkm"},{"$f":"VLOOKUP(A125,'Memorial de cálculo'!A19:H485,8,0)","v":1.0177499999999999},{"$f":"IF(I125=\"i\",VLOOKUP(C125,'Ins SINAPI PE 03-2024 Onerado'!$A$8:$E$5189,5,0),VLOOKUP(C125,'Comp SINAPI PE 03-2024 Onerado'!$G$7:$K$7500,5,0))","v":2.23},{"$f":"ROUND(F125*G125,2)","v":2.27},"ca"]
["5.2.4","SINAPI",88830,{"$f":"PROPER(IF(K126=\"i\",VLOOKUP(C126,'Ins SINAPI PE 03-2024 Onerado'!$A$8:$E$5189,2,0),VLOOKUP(C126,'Comp SINAPI PE 03-2024 Onerado'!$G$7:$K$7500,2,0)))","v":"Betoneira Capacidade Nominal De 400 L, Capacidade De Mistura 280 L, Motor Elétrico Trifásico Potência De 2 Cv, Sem Carregador - Chp Diurno. Af_05/2023"},{"$f":"LOWER(IF(K126=\"i\",VLOOKUP(C126,'Ins SINAPI PE 03-2024 Onerado'!$A$8:$E$5189,3,0),VLOOKUP(C126,'Comp SINAPI PE 03-2024 Onerado'!$G$7:$K$7500,3,0)))","v":"chp"},{"$f":"VLOOKUP(A126,'Memorial de cálculo'!A20:H486,8,0)","v":9.5161219999999991E-2},{"$f":"IF(I126=\"i\",VLOOKUP(C126,'Ins SINAPI PE 03-2024 Onerado'!$A$8:$E$5189,5,0),VLOOKUP(C126,'Comp SINAPI PE 03-2024 Onerado'!$G$7:$K$7500,5,0))","v":2.04},0.19,"ca"]
["5.2.5","SINAPI",88831,{"$f":"PROPER(IF(K127=\"i\",VLOOKUP(C127,'Ins SINAPI PE 03-2024 Onerado'!$A$8:$E$5189,2,0),VLOOKUP(C127,'Comp SINAPI PE 03-2024 Onerado'!$G$7:$K$7500,2,0)))","v":"Betoneira Capacidade Nominal De 400 L, Capacidade De Mistura 280 L, Motor Elétrico Trifásico Potência De 2 Cv, Sem Carregador - Chi Diurno. Af_05/2023"},{"$f":"LOWER(IF(K127=\"i\",VLOOKUP(C127,'Ins SINAPI PE 03-2024 Onerado'!$A$8:$E$5189,3,0),VLOOKUP(C127,'Comp SINAPI PE 03-2024 Onerado'!$G$7:$K$7500,3,0)))","v":"chi"},{"$f":"VLOOKUP(A127,'Memorial de cálculo'!A21:H487,8,0)","v":1.8054779999999999E-2},{"$f":"IF(I127=\"i\",VLOOKUP(C127,'Ins SINAPI PE 03-2024 Onerado'!$A$8:$E$5189,5,0),VLOOKUP(C127,'Comp SINAPI PE 03-2024 Onerado'!$G$7:$K$7500,5,0))","v":0.42},0.01,"ca",{"$f":"F127*G127","v":7.5830075999999995E-3}]
["5.2.6","COTAÇÃO","CT.01","Hospedagem","un",{"$f":"VLOOKUP(A128,'Memorial de cálculo'!A22:H488,8,0)","v":0.105},90,9.4499999999999993,"ca"]
["5.2.7","SICRO","E9134","Miniônibus com capacidade para 30 passageiros - 111 Kw","chp",{"$f":"VLOOKUP(A129,'Memorial de cálculo'!A23:H489,8,0)","v":1.525E-2},221.2,3.37,"ca"]
["5.2.8","SICRO","E9134","Miniônibus com capacidade para 30 passageiros - 111 Kw","chi",{"$f":"VLOOKUP(A130,'Memorial de cálculo'!A24:H490,8,0)","v":0.10675},74.239999999999995,7.93,"ca"]
[null,{"$f":"B127","v":"SINAPI"},null,"MÃO DE OBRA",null,null,null,0,"mdo"]
[]
[null,{"$f":"'Planilha Orçamentária'!A29","v":"5.3"},{"$f":"VLOOKUP($B133,'Planilha Orçamentária'!$A$10:$I$472,3,)","v":"CPU.11"},{"$f":"VLOOKUP($B133,'Planilha Orçamentária'!$A$10:$I$472,4,)","v":"Revestimento com BGS"},{"$f":"VLOOKUP($B133,'Planilha Orçamentária'!$A$10:$I$49,5)","v":"M3"},null,null,{"$f":"SUM(H137:H143)","v":250.85999999999999},"SS"]
["5.3",{"$f":"B133","v":"5.3"},null,"MATERIAL",null,null,null,0]
[null,{"$f":"B133","v":"5.3"},null,"EQUIPAMENTOS ",null,null,null,0]
[null,{"$f":"B133","v":"5.3"},null,"SERVIÇOS",null,null,null,{"$f":"SUM(H137:H143)","v":250.85999999999999}]
["5.3.1","SINAPI",96396,{"$f":"PROPER(IF(K137=\"i\",VLOOKUP(C137,'Ins SINAPI PE 03-2024 Onerado'!$A$8:$E$5189,2,0),VLOOKUP(C137,'Comp SINAPI PE 03-2024 Onerado'!$G$7:$K$7500,2,0)))","v":"Execução E Compactação De Base E Ou Sub Base Para Pavimentação De Brita Graduada Simples - Exclusive Carga E Transporte. Af_11/2019"},{"$f":"LOWER(IF(K137=\"i\",VLOOKUP(C137,'Ins SINAPI PE 03-2024 Onerado'!$A$8:$E$5189,3,0),VLOOKUP(C137,'Comp SINAPI PE 03-2024 Onerado'!$G$7:$K$7500,3,0)))","v":"m3"},1,{"$f":"IF(I137=\"i\",VLOOKUP(C137,'Ins SINAPI PE 03-2024 Onerado'!$A$8:$E$5189,5,0),VLOOKUP(C137,'Comp SINAPI PE 03-2024 Onerado'!$G$7:$K$7500,5,0))","v":180.14},{"$f":"ROUND(F137*G137,2)","v":180.14},"ca"]
["5.3.2","SINAPI",100976,{"$f":"PROPER(IF(K138=\"i\",VLOOKUP(C138,'Ins SINAPI PE 03-2024 Onerado'!$A$8:$E$5189,2,0),VLOOKUP(C138,'Comp SINAPI PE 03-2024 Onerado'!$G$7:$K$7500,2,0)))","v":"Carga, Manobra E Descarga De Solos E Materiais Granulares Em Caminhão Basculante 18 M³ - Carga Com Pá Carregadeira (Caçamba De 1,7 A 2,8 M³ / 128 Hp) E Descarga Livre (Unidade: M3). Af_07/2020"},{"$f":"LOWER(IF(K138=\"i\",VLOOKUP(C138,'Ins SINAPI PE 03-2024 Onerado'!$A$8:$E$5189,3,0),VLOOKUP(C138,'Comp SINAPI PE 03-2024 Onerado'!$G$7:$K$7500,3,0)))","v":"m3"},{"$f":"VLOOKUP(A138,'Memorial de cálculo'!A42:H494,8,0)","v":1},{"$f":"IF(I138=\"i\",VLOOKUP(C138,'Ins SINAPI PE 03-2024 Onerado'!$A$8:$E$5189,5,0),VLOOKUP(C138,'Comp SINAPI PE 03-2024 Onerado'!$G$7:$K$7500,5,0))","v":8.2799999999999994},{"$f":"ROUND(F138*G138,2)","v":8.2799999999999994},"ca"]
["5.3.3","SINAPI",93589,{"$f":"PROPER(IF(K139=\"i\",VLOOKUP(C139,'Ins SINAPI PE 03-2024 Onerado'!$A$8:$E$5189,2,0),VLOOKUP(C139,'Comp SINAPI PE 03-2024 Onerado'!$G$7:$K$7500,2,0)))","v":"Transporte Com Caminhão Basculante De 10 M³, Em Via Urbana Em Revestimento Primário (Unidade: M3Xkm). Af_07/2020"},{"$f":"LOWER(IF(K139=\"i\",VLOOKUP(C139,'Ins SINAPI PE 03-2024 Onerado'!$A$8:$E$5189,3,0),VLOOKUP(C139,'Comp SINAPI PE 03-2024 Onerado'!$G$7:$K$7500,3,0)))","v":"m3xkm"},{"$f":"VLOOKUP(A139,'Memorial de cálculo'!A43:H495,8,0)","v":5.8000000000000007},{"$f":"IF(I139=\"i\",VLOOKUP(C139,'Ins SINAPI PE 03-2024 Onerado'!$A$8:$E$5189,5,0),VLOOKUP(C139,'Comp SINAPI PE 03-2024 Onerado'!$G$7:$K$7500,5,0))","v":2.69},15.6,"ca"]
["5.3.4","SINAPI",95875,{"$f":"PROPER(IF(K140=\"i\",VLOOKUP(C140,'Ins SINAPI PE 03-2024 Onerado'!$A$8:$E$5189,2,0),VLOOKUP(C140,'Comp SINAPI PE 03-2024 Onerado'!$G$7:$K$7500,2,0)))","v":"Transporte Com Caminhão Basculante De 10 M³, Em Via Urbana Pavimentada, Dmt Até 30 Km (Unidade: M3Xkm). Af_07/2020"},{"$f":"LOWER(IF(K140=\"i\",VLOOKUP(C140,'Ins SINAPI PE 03-2024 Onerado'!$A$8:$E$5189,3,0),VLOOKUP(C140,'Comp SINAPI PE 03-2024 Onerado'!$G$7:$K$7500,3,0)))","v":"m3xkm"},{"$f":"VLOOKUP(A140,'Memorial de cálculo'!A44:H496,8,0)","v":17.7},{"$f":"IF(I140=\"i\",VLOOKUP(C140,'Ins SINAPI PE 03-2024 Onerado'!$A$8:$E$5189,5,0),VLOOKUP(C140,'Comp SINAPI PE 03-2024 Onerado'!$G$7:$K$7500,5,0))","v":2.4700000000000002},43.72,"ca"]
["5.3.5","COTAÇÃO","CT.01","Hospedagem","un",{"$f":"VLOOKUP(A141,'Memorial de cálculo'!A45:H497,8,0)","v":3.7499999999999999E-3},90,0.34,"ca"]
["5.3.6","SICRO","E9134","Miniônibus com capacidade para 30 passageiros - 111 Kw","chp",{"$f":"VLOOKUP(A142,'Memorial de cálculo'!A46:H498,8,0)","v":3.7499999999999999E-3},221.2,{"$f":"ROUND(F142*G142,2)","v":0.83},"ca"]
["5.3.7","SICRO","E9134","Miniônibus com capacidade para 30 passageiros - 111 Kw","chi",{"$f":"VLOOKUP(A143,'Memorial de cálculo'!A47:H499,8,0)","v":2.6249999999999999E-2},74.239999999999995,{"$f":"ROUND(F143*G143,2)","v":1.95},"ca"]
[null,{"$f":"B133","v":"5.3"},null,"MÃO DE OBRA",null,null,null,0,"mdo"]
[]
[null,{"$f":"'Planilha Orçamentária'!A32","v":"6.1"},{"$f":"VLOOKUP($B146,'Planilha Orçamentária'!$A$10:$I$472,3,)","v":"CPU.12"},{"$f":"VLOOKUP($B146,'Planilha Orçamentária'!$A$10:$I$472,4,)","v":"Enrocamento c/ pedra de mão para proteção do talude"},"m³",1,null,{"$f":"SUM(H147,H149,H150,H157)","v":407.76},"ss"]
[null,{"$f":"B146","v":"6.1"},null,"MATERIAL",null,null,null,{"$f":"SUM(H148:H148)","v":117.84}]
["6.1.1","SINAPI",4730,{"$f":"IF(I148=\"i\",VLOOKUP(C148,'Ins SINAPI PE 03-2024 Onerado'!$A$8:$E$5189,2,0),VLOOKUP(C148,'Comp SINAPI PE 03-2024 Onerado'!$G$7:$K$7500,2,0))","v":"PEDRA DE MAO OU PEDRA RACHAO PARA ARRIMO/FUNDACAO (POSTO PEDREIRA/FORNECEDOR, SEM FRETE)                                                                                                                                                                                                                                                                                                                                                                                                                  "},{"$f":"IF(I148=\"i\",VLOOKUP(C148,'Ins SINAPI PE 03-2024 Onerado'!$A$8:$E$5189,3,0),VLOOKUP(C148,'Comp SINAPI PE 03-2024 Onerado'!$G$7:$K$7500,3,0))","v":"M3    "},{"$f":"VLOOKUP(A148,'Memorial de cálculo'!A52:H504,8,0)","v":1.2},{"$f":"IF(I148=\"i\",VLOOKUP(C148,'Ins SINAPI PE 03-2024 Onerado'!$A$8:$E$5189,5,0),VLOOKUP(C148,'Comp SINAPI PE 03-2024 Onerado'!$G$7:$K$7500,5,0))","v":"98,20"},{"$f":"ROUND(F148*G148,2)","v":117.84},"i","INDICES COM BASE NA COMPOSIÇÃO DA SICRO"]
[null,{"$f":"B146","v":"6.1"},null,"EQUIPAMENTOS "]
[null,{"$f":"B146","v":"6.1"},null,"SERVIÇOS",null,null,null,{"$f":"SUM(H151:H156)","v":175.79}]
["6.1.2","SINAPI",93589,{"$f":"IF(I151=\"i\",VLOOKUP(C151,'Ins SINAPI PE 03-2024 Onerado'!$A$8:$E$5189,2,0),VLOOKUP(C151,'Comp SINAPI PE 03-2024 Onerado'!$G$7:$K$7500,2,0))","v":"TRANSPORTE COM CAMINHÃO BASCULANTE DE 10 M³, EM VIA URBANA EM REVESTIMENTO PRIMÁRIO (UNIDADE: M3XKM). AF_07/2020"},{"$f":"IF(I151=\"i\",VLOOKUP(C151,'Ins SINAPI PE 03-2024 Onerado'!$A$8:$E$5189,3,0),VLOOKUP(C151,'Comp SINAPI PE 03-2024 Onerado'!$G$7:$K$7500,3,0))","v":"M3XKM"},{"$f":"VLOOKUP(A151,'Memorial de cálculo'!A55:H507,8,0)","v":5.8000000000000007},{"$f":"IF(I151=\"i\",VLOOKUP(C151,'Ins SINAPI PE 03-2024 Onerado'!$A$8:$E$5189,5,0),VLOOKUP(C151,'Comp SINAPI PE 03-2024 Onerado'!$G$7:$K$7500,5,0))","v":2.69},{"$f":"ROUND(F151*G151,2)","v":15.6},"ca"]
["6.1.3","SINAPI",95875,{"$f":"IF(I152=\"i\",VLOOKUP(C152,'Ins SINAPI PE 03-2024 Onerado'!$A$8:$E$5189,2,0),VLOOKUP(C152,'Comp SINAPI PE 03-2024 Onerado'!$G$7:$K$7500,2,0))","v":"TRANSPORTE COM CAMINHÃO BASCULANTE DE 10 M³, EM VIA URBANA PAVIMENTADA, DMT ATÉ 30 KM (UNIDADE: M3XKM). AF_07/2020"},{"$f":"IF(I152=\"i\",VLOOKUP(C152,'Ins SINAPI PE 03-2024 Onerado'!$A$8:$E$5189,3,0),VLOOKUP(C152,'Comp SINAPI PE 03-2024 Onerado'!$G$7:$K$7500,3,0))","v":"M3XKM"},{"$f":"VLOOKUP(A152,'Memorial de cálculo'!A56:H508,8,0)","v":17.7},{"$f":"IF(I152=\"i\",VLOOKUP(C152,'Ins SINAPI PE 03-2024 Onerado'!$A$8:$E$5189,5,0),VLOOKUP(C152,'Comp SINAPI PE 03-2024 Onerado'!$G$7:$K$7500,5,0))","v":2.4700000000000002},{"$f":"ROUND(F152*G152,2)","v":43.72},"ca"]
["6.1.4","SINAPI",100976,{"$f":"IF(I153=\"i\",VLOOKUP(C153,'Ins SINAPI PE 03-2024 Onerado'!$A$8:$E$5189,2,0),VLOOKUP(C153,'Comp SINAPI PE 03-2024 Onerado'!$G$7:$K$7500,2,0))","v":"CARGA, MANOBRA E DESCARGA DE SOLOS E MATERIAIS GRANULARES EM CAMINHÃO BASCULANTE 18 M³ - CARGA COM PÁ CARREGADEIRA (CAÇAMBA DE 1,7 A 2,8 M³ / 128 HP) E DESCARGA LIVRE (UNIDADE: M3). AF_07/2020"},{"$f":"IF(I153=\"i\",VLOOKUP(C153,'Ins SINAPI PE 03-2024 Onerado'!$A$8:$E$5189,3,0),VLOOKUP(C153,'Comp SINAPI PE 03-2024 Onerado'!$G$7:$K$7500,3,0))","v":"M3"},{"$f":"VLOOKUP(A153,'Memorial de cálculo'!A57:H509,8,0)","v":1},{"$f":"IF(I153=\"i\",VLOOKUP(C153,'Ins SINAPI PE 03-2024 Onerado'!$A$8:$E$5189,5,0),VLOOKUP(C153,'Comp SINAPI PE 03-2024 Onerado'!$G$7:$K$7500,5,0))","v":8.2799999999999994},{"$f":"ROUND(F153*G153,2)","v":8.2799999999999994},"ca"]
["6.1.5","COTAÇÃO","CT.01","Hospedagem","un",{"$f":"VLOOKUP(A154,'Memorial de cálculo'!A61:H513,8,0)","v":0.6875},90,{"$f":"ROUND(F154*G154,2)","v":61.88},"ca"]
["6.1.6","SICRO","E9134","Miniônibus com capacidade para 30 passageiros - 111 Kw","chp",{"$f":"VLOOKUP(A155,'Memorial de cálculo'!A62:H514,8,0)","v":6.25E-2},221.2,13.83,"ca"]
["6.1.7","SICRO","E9134","Miniônibus com capacidade para 30 passageiros - 111 Kw","chi",{"$f":"VLOOKUP(A156,'Memorial de cálculo'!A63:H515,8,0)","v":0.4375},74.239999999999995,{"$f":"ROUND(F156*G156,2)","v":32.479999999999997},"ca"]
[null,{"$f":"B146","v":"6.1"},null,"MÃO DE OBRA",null,null,null,{"$f":"SUM(H158:H160)","v":114.13000000000001}]
["6.1.8","SINAPI",88309,{"$f":"IF(I158=\"i\",VLOOKUP(C158,'Ins SINAPI PE 03-2024 Onerado'!$A$8:$E$5189,2,0),VLOOKUP(C158,'Comp SINAPI PE 03-2024 Onerado'!$G$7:$K$7500,2,0))","v":"PEDREIRO COM ENCARGOS COMPLEMENTARES"},{"$f":"IF(I158=\"i\",VLOOKUP(C158,'Ins SINAPI PE 03-2024 Onerado'!$A$8:$E$5189,3,0),VLOOKUP(C158,'Comp SINAPI PE 03-2024 Onerado'!$G$7:$K$7500,3,0))","v":"H"},{"$f":"VLOOKUP(A158,'Memorial de cálculo'!A59:H511,8,0)","v":0.5},{"$f":"IF(I158=\"i\",VLOOKUP(C158,'Ins SINAPI PE 03-2024 Onerado'!$A$8:$E$5189,5,0),VLOOKUP(C158,'Comp SINAPI PE 03-2024 Onerado'!$G$7:$K$7500,5,0))","v":25.46},{"$f":"ROUND(F158*G158,2)","v":12.73},"ca"]
["6.1.9","SINAPI",88316,{"$f":"IF(I159=\"i\",VLOOKUP(C159,'Ins SINAPI PE 03-2024 Onerado'!$A$8:$E$5189,2,0),VLOOKUP(C159,'Comp SINAPI PE 03-2024 Onerado'!$G$7:$K$7500,2,0))","v":"SERVENTE COM ENCARGOS COMPLEMENTARES"},{"$f":"IF(I159=\"i\",VLOOKUP(C159,'Ins SINAPI PE 03-2024 Onerado'!$A$8:$E$5189,3,0),VLOOKUP(C159,'Comp SINAPI PE 03-2024 Onerado'!$G$7:$K$7500,3,0))","v":"H"},{"$f":"VLOOKUP(A159,'Memorial de cálculo'!A60:H512,8,0)","v":5},{"$f":"IF(I159=\"i\",VLOOKUP(C159,'Ins SINAPI PE 03-2024 Onerado'!$A$8:$E$5189,5,0),VLOOKUP(C159,'Comp SINAPI PE 03-2024 Onerado'!$G$7:$K$7500,5,0))","v":20.28},{"$f":"ROUND(F159*G159,2)","v":101.4},"ca"]
[]
[null,{"$f":"'Planilha Orçamentária'!A35","v":"7.1"},{"$f":"VLOOKUP($B161,'Planilha Orçamentária'!$A$10:$I$472,3,)","v":"CPU.13"},{"$f":"VLOOKUP($B161,'Planilha Orçamentária'!$A$10:$I$472,4,)","v":"Canaleta para descida d'água"},"un",null,null,{"$f":"H164","v":69.38},"ss"]
[null,{"$f":"B161","v":"7.1"},null,"MATERIAL"]
[null,{"$f":"B161","v":"7.1"},null,"EQUIPAMENTOS "]
[null,{"$f":"B161","v":"7.1"},null,"SERVIÇOS",null,null,null,{"$f":"SUM(H165:H170)","v":69.38}]
["7.1.1","SINAPI",102990,{"$f":"PROPER(IF(K162=\"i\",VLOOKUP(C165,'Ins SINAPI PE 03-2024 Onerado'!$A$8:$E$5189,2,0),VLOOKUP(C165,'Comp SINAPI PE 03-2024 Onerado'!$G$7:$K$7500,2,0)))","v":"Canaleta Meia Cana Pré-Moldada De Concreto (D = 30 Cm) - Fornecimento E Instalação. Af_08/2021"},{"$f":"LOWER(IF(K162=\"i\",VLOOKUP(C165,'Ins SINAPI PE 03-2024 Onerado'!$A$8:$E$5189,3,0),VLOOKUP(C165,'Comp SINAPI PE 03-2024 Onerado'!$G$7:$K$7500,3,0)))","v":"m"},1,{"$f":"IF(I165=\"i\",VLOOKUP(C165,'Ins SINAPI PE 03-2024 Onerado'!$A$8:$E$5189,5,0),VLOOKUP(C165,'Comp SINAPI PE 03-2024 Onerado'!$G$7:$K$7500,5,0))","v":45.75},{"$f":"ROUND(F165*G165,2)","v":45.75}]
["7.1.2","SINAPI",100946,{"$f":"PROPER(IF(K163=\"i\",VLOOKUP(C166,'Ins SINAPI PE 03-2024 Onerado'!$A$8:$E$5189,2,0),VLOOKUP(C166,'Comp SINAPI PE 03-2024 Onerado'!$G$7:$K$7500,2,0)))","v":"Transporte Com Caminhão Carroceria 9T, Em Via Urbana Em Revestimento Primário (Unidade: Txkm). Af_07/2020"},{"$f":"LOWER(IF(K163=\"i\",VLOOKUP(C166,'Ins SINAPI PE 03-2024 Onerado'!$A$8:$E$5189,3,0),VLOOKUP(C166,'Comp SINAPI PE 03-2024 Onerado'!$G$7:$K$7500,3,0)))","v":"txkm"},{"$f":"VLOOKUP(A166,'Memorial de cálculo'!A100:H542,8,0)","v":0.46400000000000008},{"$f":"IF(I166=\"i\",VLOOKUP(C166,'Ins SINAPI PE 03-2024 Onerado'!$A$8:$E$5189,5,0),VLOOKUP(C166,'Comp SINAPI PE 03-2024 Onerado'!$G$7:$K$7500,5,0))","v":2.42},{"$f":"ROUND(F166*G166,2)","v":1.1200000000000001},"ca"]
["7.1.3","SINAPI",100947,{"$f":"PROPER(IF(K164=\"i\",VLOOKUP(C167,'Ins SINAPI PE 03-2024 Onerado'!$A$8:$E$5189,2,0),VLOOKUP(C167,'Comp SINAPI PE 03-2024 Onerado'!$G$7:$K$7500,2,0)))","v":"Transporte Com Caminhão Carroceria 9T, Em Via Urbana Pavimentada, Dmt Até 30Km (Unidade: Txkm). Af_07/2020"},{"$f":"LOWER(IF(K164=\"i\",VLOOKUP(C167,'Ins SINAPI PE 03-2024 Onerado'!$A$8:$E$5189,3,0),VLOOKUP(C167,'Comp SINAPI PE 03-2024 Onerado'!$G$7:$K$7500,3,0)))","v":"txkm"},{"$f":"VLOOKUP(A167,'Memorial de cálculo'!A101:H543,8,0)","v":1.4159999999999999},{"$f":"IF(I167=\"i\",VLOOKUP(C167,'Ins SINAPI PE 03-2024 Onerado'!$A$8:$E$5189,5,0),VLOOKUP(C167,'Comp SINAPI PE 03-2024 Onerado'!$G$7:$K$7500,5,0))","v":2.23},{"$f":"ROUND(F167*G167,2)","v":3.16},"ca"]
["7.1.4","COTAÇÃO","CT.01","Hospedagem","un",{"$f":"VLOOKUP(A168,'Memorial de cálculo'!A71:H522,8,0)","v":7.0300000000000001E-2},90,6.33,"ca"]
["7.1.5","SICRO","E9134","Miniônibus com capacidade para 30 passageiros - 111 Kw","chp",{"$f":"VLOOKUP(A169,'Memorial de cálculo'!A72:H523,8,0)","v":1.7575E-2},221.2,3.89,"ca"]
["7.1.6","SICRO","E9134","Miniônibus com capacidade para 30 passageiros - 111 Kw","chi",{"$f":"VLOOKUP(A170,'Memorial de cálculo'!A73:H524,8,0)","v":0.123025},74.239999999999995,9.1300000000000008,"ca"]
[null,{"$f":"B156","v":"SICRO"},null,"MÃO DE OBRA",null,null,null,0,"mdo"]
[]
[null,{"$f":"'Planilha Orçamentária'!A36","v":"7.2"},{"$f":"VLOOKUP($B173,'Planilha Orçamentária'!$A$10:$I$472,3,)","v":"CPU.14"},{"$f":"VLOOKUP($B173,'Planilha Orçamentária'!$A$10:$I$472,4,)","v":"Entrada para descida d'água"},"un",null,null,{"$f":"H174+H175+H176+H182","v":93.32},"ss"]
[null,{"$f":"B173","v":"7.2"},null,"MATERIAL"]
[null,{"$f":"B173","v":"7.2"},null,"EQUIPAMENTOS "]
[null,{"$f":"B173","v":"7.2"},null,"SERVIÇOS",null,null,null,{"$f":"SUM(H177:H181)","v":93.32}]
["7.2.1","SINPAI",94964,{"$f":"PROPER(IF(K177=\"i\",VLOOKUP(C177,'Ins SINAPI PE 03-2024 Onerado'!$A$8:$E$5189,2,0),VLOOKUP(C177,'Comp SINAPI PE 03-2024 Onerado'!$G$7:$K$7500,2,0)))","v":"Concreto Fck = 20Mpa, Traço 1:2,7:3 (Em Massa Seca De Cimento/ Areia Média/ Brita 1) - Preparo Mecânico Com Betoneira 400 L. Af_05/2021"},{"$f":"IF(I177=\"i\",VLOOKUP(C177,'Ins SINAPI PE 03-2024 Onerado'!$A$8:$E$5189,3,0),VLOOKUP(C177,'Comp SINAPI PE 03-2024 Onerado'!$G$7:$K$7500,3,0))","v":"M3"},{"$f":"VLOOKUP(A177,'Memorial de cálculo'!A80:H531,8,0)","v":0.11},{"$f":"IF(I177=\"i\",VLOOKUP(C177,'Ins SINAPI PE 03-2024 Onerado'!$A$8:$E$5189,5,0),VLOOKUP(C177,'Comp SINAPI PE 03-2024 Onerado'!$G$7:$K$7500,5,0))","v":476.05},{"$f":"ROUND(F177*G177,2)","v":52.37},"ca","índices baseados em SICRO 2003385 Entrada para descida d'água - EDA 01 - areia e brita comerciais"]
["7.2.2","SINPAI",92268,{"$f":"PROPER(IF(K178=\"i\",VLOOKUP(C178,'Ins SINAPI PE 03-2024 Onerado'!$A$8:$E$5189,2,0),VLOOKUP(C178,'Comp SINAPI PE 03-2024 Onerado'!$G$7:$K$7500,2,0)))","v":"Fabricação De Fôrma Para Lajes, Em Chapa De Madeira Compensada Plastificada, E = 18 Mm. Af_09/2020"},{"$f":"IF(I178=\"i\",VLOOKUP(C178,'Ins SINAPI PE 03-2024 Onerado'!$A$8:$E$5189,3,0),VLOOKUP(C178,'Comp SINAPI PE 03-2024 Onerado'!$G$7:$K$7500,3,0))","v":"M2"},{"$f":"VLOOKUP(A178,'Memorial de cálculo'!A81:H532,8,0)","v":0.1},{"$f":"IF(I178=\"i\",VLOOKUP(C178,'Ins SINAPI PE 03-2024 Onerado'!$A$8:$E$5189,5,0),VLOOKUP(C178,'Comp SINAPI PE 03-2024 Onerado'!$G$7:$K$7500,5,0))","v":88.55},8.86,"ca"]
["7.2.3","COTAÇÃO","CT.01","Hospedagem","un",{"$f":"VLOOKUP(A179,'Memorial de cálculo'!A82:H533,8,0)","v":6.9728249999999992E-2},90,6.28]
["7.2.4","SICRO","E9134","Miniônibus com capacidade para 30 passageiros - 111 Kw","chp",{"$f":"VLOOKUP(A180,'Memorial de cálculo'!A83:H534,8,0)","v":3.4832874999999999E-2},221.2,7.71]
["7.2.5","SICRO","E9134","Miniônibus com capacidade para 30 passageiros - 111 Kw","chi",{"$f":"VLOOKUP(A181,'Memorial de cálculo'!A84:H535,8,0)","v":0.24383012500000001},74.239999999999995,18.100000000000001]
[null,{"$f":"B173","v":"7.2"},null,"MÃO DE OBRA",null,null,null,0]
[]
[null,{"$f":"'Planilha Orçamentária'!A39","v":"8.1"},{"$f":"VLOOKUP($B184,'Planilha Orçamentária'!$A$10:$I$472,3,)","v":"CPU.15"},{"$f":"VLOOKUP($B184,'Planilha Orçamentária'!$A$10:$I$472,4,)","v":"Aplicação de Adubo"},"un",null,null,{"$f":"H187","v":5.1499999999999995},"ss"]
[null,{"$f":"B184","v":"8.1"},null,"MATERIAL"]
[null,{"$f":"B184","v":"8.1"},null,"EQUIPAMENTOS "]
[null,{"$f":"B184","v":"8.1"},null,"SERVIÇOS",null,null,null,{"$f":"H188+H189+H190+H191+H192+H193","v":5.1499999999999995}]
["8.1.1","SINAPI",98520,{"$f":"PROPER(IF(K188=\"i\",VLOOKUP(C188,'Ins SINAPI PE 03-2024 Onerado'!$A$8:$E$5189,2,0),VLOOKUP(C188,'Comp SINAPI PE 03-2024 Onerado'!$G$7:$K$7500,2,0)))","v":"Aplicação De Adubo Em Solo. Af_05/2018"},{"$f":"LOWER(IF(K188=\"i\",VLOOKUP(C188,'Ins SINAPI PE 03-2024 Onerado'!$A$8:$E$5189,3,0),VLOOKUP(C188,'Comp SINAPI PE 03-2024 Onerado'!$G$7:$K$7500,3,0)))","v":"m2"},{"$f":"VLOOKUP(A188,'Memorial de cálculo'!A100:H542,8,0)","v":1},{"$f":"IF(I188=\"i\",VLOOKUP(C188,'Ins SINAPI PE 03-2024 Onerado'!$A$8:$E$5189,5,0),VLOOKUP(C188,'Comp SINAPI PE 03-2024 Onerado'!$G$7:$K$7500,5,0))","v":4.51},{"$f":"ROUND(F188*G188,2)","v":4.51},"ca"]
["8.1.2","COTAÇÃO","CT.01","Hospedagem","un",{"$f":"VLOOKUP(A189,'Memorial de cálculo'!A101:H543,8,0)","v":2.075E-3},90,{"$f":"ROUND(F189*G189,2)","v":0.19},"ca"]
["8.1.3","SICRO","E9134","Miniônibus com capacidade para 30 passageiros - 111 Kw","chp",{"$f":"VLOOKUP(A190,'Memorial de cálculo'!A102:H544,8,0)","v":4.1562499999999998E-4},221.2,0.09,"ca"]
["8.1.4","SICRO","E9134","Miniônibus com capacidade para 30 passageiros - 111 Kw","chi",{"$f":"VLOOKUP(A191,'Memorial de cálculo'!A103:H545,8,0)","v":2.9093749999999996E-3},74.239999999999995,0.22,"ca"]
["8.1.5","SINAPI",100946,{"$f":"PROPER(IF(K192=\"i\",VLOOKUP(C192,'Ins SINAPI PE 03-2024 Onerado'!$A$8:$E$5189,2,0),VLOOKUP(C192,'Comp SINAPI PE 03-2024 Onerado'!$G$7:$K$7500,2,0)))","v":"Transporte Com Caminhão Carroceria 9T, Em Via Urbana Em Revestimento Primário (Unidade: Txkm). Af_07/2020"},{"$f":"LOWER(IF(K192=\"i\",VLOOKUP(C192,'Ins SINAPI PE 03-2024 Onerado'!$A$8:$E$5189,3,0),VLOOKUP(C192,'Comp SINAPI PE 03-2024 Onerado'!$G$7:$K$7500,3,0)))","v":"txkm"},{"$f":"VLOOKUP(A192,'Memorial de cálculo'!A105:H547,8,0)","v":1.5080000000000001E-2},{"$f":"IF(I192=\"i\",VLOOKUP(C192,'Ins SINAPI PE 03-2024 Onerado'!$A$8:$E$5189,5,0),VLOOKUP(C192,'Comp SINAPI PE 03-2024 Onerado'!$G$7:$K$7500,5,0))","v":2.42},0.04,"ca"]
["8.1.6","SINAPI",100947,{"$f":"PROPER(IF(K193=\"i\",VLOOKUP(C193,'Ins SINAPI PE 03-2024 Onerado'!$A$8:$E$5189,2,0),VLOOKUP(C193,'Comp SINAPI PE 03-2024 Onerado'!$G$7:$K$7500,2,0)))","v":"Transporte Com Caminhão Carroceria 9T, Em Via Urbana Pavimentada, Dmt Até 30Km (Unidade: Txkm). Af_07/2020"},{"$f":"LOWER(IF(K193=\"i\",VLOOKUP(C193,'Ins SINAPI PE 03-2024 Onerado'!$A$8:$E$5189,3,0),VLOOKUP(C193,'Comp SINAPI PE 03-2024 Onerado'!$G$7:$K$7500,3,0)))","v":"txkm"},{"$f":"VLOOKUP(A193,'Memorial de cálculo'!A106:H548,8,0)","v":4.6019999999999998E-2},{"$f":"IF(I193=\"i\",VLOOKUP(C193,'Ins SINAPI PE 03-2024 Onerado'!$A$8:$E$5189,5,0),VLOOKUP(C193,'Comp SINAPI PE 03-2024 Onerado'!$G$7:$K$7500,5,0))","v":2.23},0.1,"ca"]
[null,{"$f":"B183","v":0},null,"MÃO DE OBRA",null,null,null,0,"mdo"]
[]
[null,{"$f":"'Planilha Orçamentária'!A40","v":"8.2"},{"$f":"VLOOKUP($B196,'Planilha Orçamentária'!$A$10:$I$472,3,)","v":"CPU.16"},{"$f":"VLOOKUP($B196,'Planilha Orçamentária'!$A$10:$I$472,4,)","v":"Plantio de Grama"},"un",null,null,{"$f":"H199","v":20.599999999999998},"ss"]
[null,{"$f":"B196","v":"8.2"},null,"MATERIAL"]
[null,{"$f":"B196","v":"8.2"},null,"EQUIPAMENTOS "]
[null,{"$f":"B196","v":"8.2"},null,"SERVIÇOS",null,null,null,{"$f":"H200+H201+H202+H203+H204+H205","v":20.599999999999998}]
["8.2.1","SINAPI",98504,{"$f":"PROPER(IF(K200=\"i\",VLOOKUP(C200,'Ins SINAPI PE 03-2024 Onerado'!$A$8:$E$5189,2,0),VLOOKUP(C200,'Comp SINAPI PE 03-2024 Onerado'!$G$7:$K$7500,2,0)))","v":"Plantio De Grama Batatais Em Placas. Af_05/2018"},{"$f":"LOWER(IF(K200=\"i\",VLOOKUP(C200,'Ins SINAPI PE 03-2024 Onerado'!$A$8:$E$5189,3,0),VLOOKUP(C200,'Comp SINAPI PE 03-2024 Onerado'!$G$7:$K$7500,3,0)))","v":"m2"},{"$f":"VLOOKUP(A200,'Memorial de cálculo'!A112:H554,8,0)","v":1},{"$f":"IF(I200=\"i\",VLOOKUP(C200,'Ins SINAPI PE 03-2024 Onerado'!$A$8:$E$5189,5,0),VLOOKUP(C200,'Comp SINAPI PE 03-2024 Onerado'!$G$7:$K$7500,5,0))","v":20.059999999999999},{"$f":"ROUND(F200*G200,2)","v":20.059999999999999},"ca"]
["8.2.2","COTAÇÃO","CT.01","Hospedagem","un",{"$f":"VLOOKUP(A201,'Memorial de cálculo'!A113:H555,8,0)","v":2.075E-3},90,{"$f":"ROUND(F201*G201,2)","v":0.19},"ca"]
["8.2.3","SICRO","E9134","Miniônibus com capacidade para 30 passageiros - 111 Kw","chp",{"$f":"VLOOKUP(A202,'Memorial de cálculo'!A114:H556,8,0)","v":4.1562499999999998E-4},221.2,0.09,"ca"]
["8.2.4","SICRO","E9134","Miniônibus com capacidade para 30 passageiros - 111 Kw","chi",{"$f":"VLOOKUP(A203,'Memorial de cálculo'!A115:H557,8,0)","v":2.9093749999999996E-3},74.239999999999995,0.22,"ca"]
["8.2.5","SINAPI",100946,{"$f":"PROPER(IF(K204=\"i\",VLOOKUP(C204,'Ins SINAPI PE 03-2024 Onerado'!$A$8:$E$5189,2,0),VLOOKUP(C204,'Comp SINAPI PE 03-2024 Onerado'!$G$7:$K$7500,2,0)))","v":"Transporte Com Caminhão Carroceria 9T, Em Via Urbana Em Revestimento Primário (Unidade: Txkm). Af_07/2020"},{"$f":"LOWER(IF(K204=\"i\",VLOOKUP(C204,'Ins SINAPI PE 03-2024 Onerado'!$A$8:$E$5189,3,0),VLOOKUP(C204,'Comp SINAPI PE 03-2024 Onerado'!$G$7:$K$7500,3,0)))","v":"txkm"},{"$f":"VLOOKUP(A204,'Memorial de cálculo'!A116:H558,8,0)","v":1.5080000000000001E-2},{"$f":"IF(I204=\"i\",VLOOKUP(C204,'Ins SINAPI PE 03-2024 Onerado'!$A$8:$E$5189,5,0),VLOOKUP(C204,'Comp SINAPI PE 03-2024 Onerado'!$G$7:$K$7500,5,0))","v":2.42},0.04,"ca"]
["8.2.6","SINAPI",100947,{"$f":"PROPER(IF(K205=\"i\",VLOOKUP(C205,'Ins SINAPI PE 03-2024 Onerado'!$A$8:$E$5189,2,0),VLOOKUP(C205,'Comp SINAPI PE 03-2024 Onerado'!$G$7:$K$7500,2,0)))","v":"Transporte Com Caminhão Carroceria 9T, Em Via Urbana Pavimentada, Dmt Até 30Km (Unidade: Txkm). Af_07/2020"},{"$f":"LOWER(IF(K205=\"i\",VLOOKUP(C205,'Ins SINAPI PE 03-2024 Onerado'!$A$8:$E$5189,3,0),VLOOKUP(C205,'Comp SINAPI PE 03-2024 Onerado'!$G$7:$K$7500,3,0)))","v":"txkm"},{"$f":"VLOOKUP(A205,'Memorial de cálculo'!A117:H559,8,0)","v":4.461463887542414E-6},{"$f":"IF(I205=\"i\",VLOOKUP(C205,'Ins SINAPI PE 03-2024 Onerado'!$A$8:$E$5189,5,0),VLOOKUP(C205,'Comp SINAPI PE 03-2024 Onerado'!$G$7:$K$7500,5,0))","v":2.23},0,"ca"]
[null,{"$f":"B195","v":0},null,"MÃO DE OBRA",null,null,null,0,"mdo"]
[]
[null,{"$f":"'Planilha Orçamentária'!A43","v":"9.1"},{"$f":"VLOOKUP($B208,'Planilha Orçamentária'!$A$10:$I$472,3,)","v":"CPU.17"},{"$f":"VLOOKUP($B208,'Planilha Orçamentária'!$A$10:$I$472,4,)","v":"Restauração superficial dos muros laterias e vertedouro"},"un",null,null,{"$f":"H211","v":126.02000000000001},"ss"]
[null,{"$f":"B208","v":"9.1"},null,"MATERIAL"]
[null,{"$f":"B208","v":"9.1"},null,"EQUIPAMENTOS "]
[null,{"$f":"B208","v":"9.1"},null,"SERVIÇOS",null,null,null,{"$f":"H212+H213+H214+H215+H216+H217","v":126.02000000000001}]
["9.1.1","SINAPI",104208,{"$f":"PROPER(IF(K210=\"i\",VLOOKUP(C212,'Ins SINAPI PE 03-2024 Onerado'!$A$8:$E$5189,2,0),VLOOKUP(C212,'Comp SINAPI PE 03-2024 Onerado'!$G$7:$K$7500,2,0)))","v":"Emboço Ou Massa Única Em Argamassa Traço 1:2:8, Preparo Mecânica Com Betoneira 400 L, Aplicada Com Projetor Tipo Canequinha Em Panos De Fachada Sem Presença De Vãos, Espessura De 35 Mm, Acesso Por Balancim Manual. Af_08/2022"},{"$f":"LOWER(IF(K212=\"i\",VLOOKUP(C212,'Ins SINAPI PE 03-2024 Onerado'!$A$8:$E$5189,3,0),VLOOKUP(C212,'Comp SINAPI PE 03-2024 Onerado'!$G$7:$K$7500,3,0)))","v":"m2"},{"$f":"VLOOKUP(A212,'Memorial de cálculo'!A124:H566,8,0)","v":1},{"$f":"IF(I212=\"i\",VLOOKUP(C212,'Ins SINAPI PE 03-2024 Onerado'!$A$8:$E$5189,5,0),VLOOKUP(C212,'Comp SINAPI PE 03-2024 Onerado'!$G$7:$K$7500,5,0))","v":60.96},{"$f":"ROUND(F212*G212,2)","v":60.96},"ca"]
["9.1.2","SINAPI",93589,{"$f":"PROPER(IF(K211=\"i\",VLOOKUP(C213,'Ins SINAPI PE 03-2024 Onerado'!$A$8:$E$5189,2,0),VLOOKUP(C213,'Comp SINAPI PE 03-2024 Onerado'!$G$7:$K$7500,2,0)))","v":"Transporte Com Caminhão Basculante De 10 M³, Em Via Urbana Em Revestimento Primário (Unidade: M3Xkm). Af_07/2020"},{"$f":"LOWER(IF(K213=\"i\",VLOOKUP(C213,'Ins SINAPI PE 03-2024 Onerado'!$A$8:$E$5189,3,0),VLOOKUP(C213,'Comp SINAPI PE 03-2024 Onerado'!$G$7:$K$7500,3,0)))","v":"m3xkm"},{"$f":"VLOOKUP(A213,'Memorial de cálculo'!A125:H567,8,0)","v":0.22794000000000003},{"$f":"IF(I213=\"i\",VLOOKUP(C213,'Ins SINAPI PE 03-2024 Onerado'!$A$8:$E$5189,5,0),VLOOKUP(C213,'Comp SINAPI PE 03-2024 Onerado'!$G$7:$K$7500,5,0))","v":2.69},{"$f":"ROUND(F213*G213,2)","v":0.61},"ca"]
["9.1.3","SINAPI",95875,{"$f":"PROPER(IF(K212=\"i\",VLOOKUP(C214,'Ins SINAPI PE 03-2024 Onerado'!$A$8:$E$5189,2,0),VLOOKUP(C214,'Comp SINAPI PE 03-2024 Onerado'!$G$7:$K$7500,2,0)))","v":"Transporte Com Caminhão Basculante De 10 M³, Em Via Urbana Pavimentada, Dmt Até 30 Km (Unidade: M3Xkm). Af_07/2020"},{"$f":"LOWER(IF(K214=\"i\",VLOOKUP(C214,'Ins SINAPI PE 03-2024 Onerado'!$A$8:$E$5189,3,0),VLOOKUP(C214,'Comp SINAPI PE 03-2024 Onerado'!$G$7:$K$7500,3,0)))","v":"m3xkm"},{"$f":"VLOOKUP(A214,'Memorial de cálculo'!A126:H568,8,0)","v":0.69560999999999995},{"$f":"IF(I214=\"i\",VLOOKUP(C214,'Ins SINAPI PE 03-2024 Onerado'!$A$8:$E$5189,5,0),VLOOKUP(C214,'Comp SINAPI PE 03-2024 Onerado'!$G$7:$K$7500,5,0))","v":2.4700000000000002},1.72,"ca"]
["9.1.4","COTAÇÃO","CT.01","Hospedagem","un",{"$f":"VLOOKUP(A215,'Memorial de cálculo'!A127:H569,8,0)","v":0.13625000000000001},90,12.26,"ca"]
["9.1.5","SICRO","E9134","Miniônibus com capacidade para 30 passageiros - 111 Kw","chp",{"$f":"VLOOKUP(A216,'Memorial de cálculo'!A128:H570,8,0)","v":6.8125000000000005E-2},221.2,15.07,"ca"]
["9.1.6","SICRO","E9134","Miniônibus com capacidade para 30 passageiros - 111 Kw","chi",{"$f":"VLOOKUP(A217,'Memorial de cálculo'!A129:H571,8,0)","v":0.47687500000000005},74.239999999999995,35.4,"ca"]
[null,{"$f":"B208","v":"9.1"},null,"MÃO DE OBRA",null,null,null,0,"mdo"]
[]
[null,{"$f":"'Planilha Orçamentária'!A46","v":"10.1"},{"$f":"VLOOKUP($B220,'Planilha Orçamentária'!$A$10:$I$472,3,)","v":"CPU.22"},{"$f":"VLOOKUP($B220,'Planilha Orçamentária'!$A$10:$I$472,4,)","v":"Instalação de placas de aviso"},"un",null,null,{"$f":"H221+H228+H234","v":499.93999999999994},"ss"]
[null,{"$f":"B220","v":"10.1"},null,"MATERIAL",null,null,null,{"$f":"H222+H223+H224+H225+H226","v":330.85999999999996}]
["10.1.1","SINAPI",4417,{"$f":"IF(I222=\"i\",VLOOKUP(C222,'Ins SINAPI PE 03-2024 Onerado'!$A$8:$E$5189,2,0),VLOOKUP(C222,'Comp SINAPI PE 03-2024 Onerado'!$G$7:$K$6879,2,0))","v":"SARRAFO NAO APARELHADO *2,5 X 7* CM, EM MACARANDUBA/MASSARANDUBA, ANGELIM, PEROBA-ROSA OU EQUIVALENTE DA REGIAO - BRUTA                                                                                                                                                                                                                                                                                                                                                                                   "},{"$f":"IF(I222=\"i\",VLOOKUP(C222,'Ins SINAPI PE 03-2024 Onerado'!$A$8:$E$5189,3,0),VLOOKUP(C222,'Comp SINAPI PE 03-2024 Onerado'!$G$7:$K$7500,3,0))","v":"M     "},{"$f":"VLOOKUP(A222,'Memorial de cálculo'!A136:H578,8,0)","v":2},{"$f":"IF(I222=\"i\",VLOOKUP(C222,'Ins SINAPI PE 03-2024 Onerado'!$A$8:$E$5189,5,0),VLOOKUP(C222,'Comp SINAPI PE 03-2024 Onerado'!$G$7:$K$7500,5,0))","v":"8,02"},{"$f":"ROUND(F222*G222,2)","v":16.04},"i"]
["10.1.2","SINAPI",4430,{"$f":"IF(I223=\"i\",VLOOKUP(C223,'Ins SINAPI PE 03-2024 Onerado'!$A$8:$E$5189,2,0),VLOOKUP(C223,'Comp SINAPI PE 03-2024 Onerado'!$G$7:$K$6879,2,0))","v":"CAIBRO NAO APARELHADO *5 X 6* CM, EM MACARANDUBA/MASSARANDUBA, ANGELIM OU EQUIVALENTE DA REGIAO - BRUTA                                                                                                                                                                                                                                                                                                                                                                                                   "},{"$f":"IF(I223=\"i\",VLOOKUP(C223,'Ins SINAPI PE 03-2024 Onerado'!$A$8:$E$5189,3,0),VLOOKUP(C223,'Comp SINAPI PE 03-2024 Onerado'!$G$7:$K$7500,3,0))","v":"M     "},{"$f":"VLOOKUP(A223,'Memorial de cálculo'!A137:H579,8,0)","v":4},{"$f":"IF(I223=\"i\",VLOOKUP(C223,'Ins SINAPI PE 03-2024 Onerado'!$A$8:$E$5189,5,0),VLOOKUP(C223,'Comp SINAPI PE 03-2024 Onerado'!$G$7:$K$7500,5,0))","v":"14,75"},59,"i"]
["10.1.3","SINAPI",4813,{"$f":"IF(I224=\"i\",VLOOKUP(C224,'Ins SINAPI PE 03-2024 Onerado'!$A$8:$E$5189,2,0),VLOOKUP(C224,'Comp SINAPI PE 03-2024 Onerado'!$G$7:$K$6879,2,0))","v":"PLACA DE OBRA (PARA CONSTRUCAO CIVIL) EM CHAPA GALVANIZADA *N. 22*, ADESIVADA, DE *2,4 X 1,2* M (SEM POSTES PARA FIXACAO)                                                                                                                                                                                                                                                                                                                                                                                 "},{"$f":"IF(I224=\"i\",VLOOKUP(C224,'Ins SINAPI PE 03-2024 Onerado'!$A$8:$E$5189,3,0),VLOOKUP(C224,'Comp SINAPI PE 03-2024 Onerado'!$G$7:$K$7500,3,0))","v":"M2    "},{"$f":"VLOOKUP(A224,'Memorial de cálculo'!A138:H580,8,0)","v":1},{"$f":"IF(I224=\"i\",VLOOKUP(C224,'Ins SINAPI PE 03-2024 Onerado'!$A$8:$E$5189,5,0),VLOOKUP(C224,'Comp SINAPI PE 03-2024 Onerado'!$G$7:$K$7500,5,0))","v":"250,00"},250,"i"]
["10.1.4","SINAPI",5075,{"$f":"IF(I225=\"i\",VLOOKUP(C225,'Ins SINAPI PE 03-2024 Onerado'!$A$8:$E$5189,2,0),VLOOKUP(C225,'Comp SINAPI PE 03-2024 Onerado'!$G$7:$K$6879,2,0))","v":"PREGO DE ACO POLIDO COM CABECA 18 X 30 (2 3/4 X 10)                                                                                                                                                                                                                                                                                                                                                                                                                                                       "},{"$f":"IF(I225=\"i\",VLOOKUP(C225,'Ins SINAPI PE 03-2024 Onerado'!$A$8:$E$5189,3,0),VLOOKUP(C225,'Comp SINAPI PE 03-2024 Onerado'!$G$7:$K$7500,3,0))","v":"KG    "},{"$f":"VLOOKUP(A225,'Memorial de cálculo'!A139:H581,8,0)","v":0.11},{"$f":"IF(I225=\"i\",VLOOKUP(C225,'Ins SINAPI PE 03-2024 Onerado'!$A$8:$E$5189,5,0),VLOOKUP(C225,'Comp SINAPI PE 03-2024 Onerado'!$G$7:$K$7500,5,0))","v":"16,73"},1.84,"i"]
["10.1.5","SINAPI",94962,{"$f":"IF(I226=\"i\",VLOOKUP(C226,'Ins SINAPI PE 03-2024 Onerado'!$A$8:$E$5189,2,0),VLOOKUP(C226,'Comp SINAPI PE 03-2024 Onerado'!$G$7:$K$6879,2,0))","v":"CONCRETO MAGRO PARA LASTRO, TRAÇO 1:4,5:4,5 (EM MASSA SECA DE CIMENTO/ AREIA MÉDIA/ BRITA 1) - PREPARO MECÂNICO COM BETONEIRA 400 L. AF_05/2021"},{"$f":"IF(I226=\"i\",VLOOKUP(C226,'Ins SINAPI PE 03-2024 Onerado'!$A$8:$E$5189,3,0),VLOOKUP(C226,'Comp SINAPI PE 03-2024 Onerado'!$G$7:$K$7500,3,0))","v":"M3"},{"$f":"VLOOKUP(A226,'Memorial de cálculo'!A140:H582,8,0)","v":0.01},{"$f":"IF(I226=\"i\",VLOOKUP(C226,'Ins SINAPI PE 03-2024 Onerado'!$A$8:$E$5189,5,0),VLOOKUP(C226,'Comp SINAPI PE 03-2024 Onerado'!$G$7:$K$7500,5,0))","v":398.48},{"$f":"ROUND(F226*G226,2)","v":3.98},"ca"]
[null,{"$f":"B220","v":"10.1"},null,"EQUIPAMENTOS "]
[null,{"$f":"B220","v":"10.1"},null,"SERVIÇOS",null,null,null,{"$f":"H229+H230+H231+H232+H233","v":136.25}]
["10.1.6","COTAÇÃO","CT.01","Hospedagem","un",{"$f":"VLOOKUP(A229,'Memorial de cálculo'!A143:H585,8,0)","v":0.1875},90,{"$f":"ROUND(F229*G229,2)","v":16.88},"ca"]
["10.1.7","SICRO","E9134","Miniônibus com capacidade para 30 passageiros - 111 Kw","chp",{"$f":"VLOOKUP(A230,'Memorial de cálculo'!A144:H586,8,0)","v":0.125},221.2,27.65,"ca"]
["10.1.8","SICRO","E9134","Miniônibus com capacidade para 30 passageiros - 111 Kw","chi",{"$f":"VLOOKUP(A231,'Memorial de cálculo'!A145:H587,8,0)","v":0.875},74.239999999999995,64.959999999999994,"ca"]
["10.1.9","SINAPI",100946,{"$f":"PROPER(IF(K232=\"i\",VLOOKUP(C232,'Ins SINAPI PE 03-2024 Onerado'!$A$8:$E$5189,2,0),VLOOKUP(C232,'Comp SINAPI PE 03-2024 Onerado'!$G$7:$K$7500,2,0)))","v":"Transporte Com Caminhão Carroceria 9T, Em Via Urbana Em Revestimento Primário (Unidade: Txkm). Af_07/2020"},{"$f":"LOWER(IF(K234=\"i\",VLOOKUP(C232,'Ins SINAPI PE 03-2024 Onerado'!$A$8:$E$5189,3,0),VLOOKUP(C232,'Comp SINAPI PE 03-2024 Onerado'!$G$7:$K$7500,3,0)))","v":"txkm"},{"$f":"VLOOKUP(A232,'Memorial de cálculo'!A146:H588,8,0)","v":2.9000000000000004},{"$f":"IF(I232=\"i\",VLOOKUP(C232,'Ins SINAPI PE 03-2024 Onerado'!$A$8:$E$5189,5,0),VLOOKUP(C232,'Comp SINAPI PE 03-2024 Onerado'!$G$7:$K$7500,5,0))","v":2.42},7.02,"ca"]
["10.1.10","SINAPI",100947,{"$f":"PROPER(IF(K233=\"i\",VLOOKUP(C233,'Ins SINAPI PE 03-2024 Onerado'!$A$8:$E$5189,2,0),VLOOKUP(C233,'Comp SINAPI PE 03-2024 Onerado'!$G$7:$K$7500,2,0)))","v":"Transporte Com Caminhão Carroceria 9T, Em Via Urbana Pavimentada, Dmt Até 30Km (Unidade: Txkm). Af_07/2020"},{"$f":"LOWER(IF(K235=\"i\",VLOOKUP(C233,'Ins SINAPI PE 03-2024 Onerado'!$A$8:$E$5189,3,0),VLOOKUP(C233,'Comp SINAPI PE 03-2024 Onerado'!$G$7:$K$7500,3,0)))","v":"txkm"},{"$f":"VLOOKUP(A233,'Memorial de cálculo'!A147:H589,8,0)","v":8.85},{"$f":"IF(I233=\"i\",VLOOKUP(C233,'Ins SINAPI PE 03-2024 Onerado'!$A$8:$E$5189,5,0),VLOOKUP(C233,'Comp SINAPI PE 03-2024 Onerado'!$G$7:$K$7500,5,0))","v":2.23},19.739999999999998,"ca"]
[null,{"$f":"B224","v":"SINAPI"},null,"MÃO DE OBRA",null,null,null,{"$f":"H235+H236","v":32.83}]
["10.1.11","SINAPI",88262,{"$f":"PROPER(IF(K235=\"i\",VLOOKUP(C235,'Ins SINAPI PE 03-2024 Onerado'!$A$8:$E$5189,2,0),VLOOKUP(C235,'Comp SINAPI PE 03-2024 Onerado'!$G$7:$K$7500,2,0)))","v":"Carpinteiro De Formas Com Encargos Complementares"},{"$f":"LOWER(IF(K237=\"i\",VLOOKUP(C235,'Ins SINAPI PE 03-2024 Onerado'!$A$8:$E$5189,3,0),VLOOKUP(C235,'Comp SINAPI PE 03-2024 Onerado'!$G$7:$K$7500,3,0)))","v":"h"},{"$f":"VLOOKUP(A235,'Memorial de cálculo'!A149:H591,8,0)","v":0.5},{"$f":"IF(I235=\"i\",VLOOKUP(C235,'Ins SINAPI PE 03-2024 Onerado'!$A$8:$E$5189,5,0),VLOOKUP(C235,'Comp SINAPI PE 03-2024 Onerado'!$G$7:$K$7500,5,0))","v":25.1},{"$f":"ROUND(F235*G235,2)","v":12.55},"ca"]
["10.1.12","SINAPI",88316,{"$f":"PROPER(IF(K236=\"i\",VLOOKUP(C236,'Ins SINAPI PE 03-2024 Onerado'!$A$8:$E$5189,2,0),VLOOKUP(C236,'Comp SINAPI PE 03-2024 Onerado'!$G$7:$K$7500,2,0)))","v":"Servente Com Encargos Complementares"},{"$f":"LOWER(IF(K238=\"i\",VLOOKUP(C236,'Ins SINAPI PE 03-2024 Onerado'!$A$8:$E$5189,3,0),VLOOKUP(C236,'Comp SINAPI PE 03-2024 Onerado'!$G$7:$K$7500,3,0)))","v":"h"},{"$f":"VLOOKUP(A236,'Memorial de cálculo'!A150:H592,8,0)","v":1},{"$f":"IF(I236=\"i\",VLOOKUP(C236,'Ins SINAPI PE 03-2024 Onerado'!$A$8:$E$5189,5,0),VLOOKUP(C236,'Comp SINAPI PE 03-2024 Onerado'!$G$7:$K$7500,5,0))","v":20.28},{"$f":"ROUND(F236*G236,2)","v":20.28},"ca"]
[]
[null,{"$f":"'Planilha Orçamentária'!A47","v":"10.2"},{"$f":"VLOOKUP($B238,'Planilha Orçamentária'!$A$10:$I$472,3,)","v":"CPU.23"},{"$f":"VLOOKUP($B238,'Planilha Orçamentária'!$A$10:$I$472,4,)","v":"Instalação de mourões para medida de cota d’água"},"un",null,null,{"$f":"H239+H243+H248","v":375.29},"ss"]
[null,{"$f":"B238","v":"10.2"},null,"MATERIAL",null,null,null,{"$f":"H240+H241","v":137.94}]
["10.2.1","2024-01-01","COTAÇÃO","RÉGUA LINIMÉTRICA PADRÃO “ANA”, AÇO CARBONO - 2 X 70 X 1000MM","un",{"$f":"VLOOKUP(A240,'Memorial de cálculo'!A150:H592,8,0)","v":1},89.53,{"$f":"ROUND(F240*G240,2)","v":89.53},"ca"]
["10.2.2","SINAPI",2747,{"$f":"IF(I241=\"i\",VLOOKUP(C241,'Ins SINAPI PE 03-2024 Onerado'!$A$8:$E$5189,2,0),VLOOKUP(C241,'Comp SINAPI PE 03-2024 Onerado'!$G$7:$K$7500,2,0))","v":"MOURAO ROLICO DE MADEIRA TRATADA, D = 16 A 20 CM, H = 2,20 M, EM EUCALIPTO OU EQUIVALENTE DA REGIAO (PARA CERCA)                                                                                                                                                                                                                                                                                                                                                                                          "},{"$f":"IF(I241=\"i\",VLOOKUP(C241,'Ins SINAPI PE 03-2024 Onerado'!$A$8:$E$5189,3,0),VLOOKUP(C241,'Comp SINAPI PE 03-2024 Onerado'!$G$7:$K$7500,3,0))","v":"M     "},{"$f":"VLOOKUP(A241,'Memorial de cálculo'!A151:H593,8,0)","v":1.5},{"$f":"IF(I241=\"i\",VLOOKUP(C241,'Ins SINAPI PE 03-2024 Onerado'!$A$8:$E$5189,5,0),VLOOKUP(C241,'Comp SINAPI PE 03-2024 Onerado'!$G$7:$K$7500,5,0))","v":"32,27"},{"$f":"ROUND(F241*G241,2)","v":48.41},"i"]
[null,{"$f":"B238","v":"10.2"},null,"EQUIPAMENTOS "]
[null,{"$f":"B238","v":"10.2"},null,"SERVIÇOS",null,null,null,{"$f":"H244+H245+H246+H247","v":179.98000000000002}]
["10.2.3","SINAPI",94975,{"$f":"IF(I244=\"i\",VLOOKUP(C244,'Ins SINAPI PE 03-2024 Onerado'!$A$8:$E$5189,2,0),VLOOKUP(C244,'Comp SINAPI PE 03-2024 Onerado'!$G$7:$K$7500,2,0))","v":"CONCRETO FCK = 15MPA, TRAÇO 1:3,4:3,5 (EM MASSA SECA DE CIMENTO/ AREIA MÉDIA/ BRITA 1) - PREPARO MANUAL. AF_05/2021"},{"$f":"IF(I244=\"i\",VLOOKUP(C244,'Ins SINAPI PE 03-2024 Onerado'!$A$8:$E$5189,3,0),VLOOKUP(C244,'Comp SINAPI PE 03-2024 Onerado'!$G$7:$K$7500,3,0))","v":"M3"},{"$f":"VLOOKUP(A244,'Memorial de cálculo'!A154:H596,8,0)","v":0.01},{"$f":"IF(I244=\"i\",VLOOKUP(C244,'Ins SINAPI PE 03-2024 Onerado'!$A$8:$E$5189,5,0),VLOOKUP(C244,'Comp SINAPI PE 03-2024 Onerado'!$G$7:$K$7500,5,0))","v":479.76},{"$f":"ROUND(F244*G244,2)","v":4.8},"ca"]
["10.2.4","COTAÇÃO","CT.01","Hospedagem","un",{"$f":"VLOOKUP(A245,'Memorial de cálculo'!A155:H597,8,0)","v":0.30000000000000004},90,{"$f":"ROUND(F245*G245,2)","v":27},"ca"]
["10.2.5","SICRO","E9134","Miniônibus com capacidade para 30 passageiros - 111 Kw","chp",{"$f":"VLOOKUP(A246,'Memorial de cálculo'!A156:H598,8,0)","v":0.2},221.2,44.24,"ca"]
["10.2.6","SICRO","E9134","Miniônibus com capacidade para 30 passageiros - 111 Kw","chi",{"$f":"VLOOKUP(A247,'Memorial de cálculo'!A157:H599,8,0)","v":1.4000000000000001},74.239999999999995,103.94,"ca"]
[null,{"$f":"B238","v":"10.2"},null,"MÃO DE OBRA",null,null,null,{"$f":"H249+H250","v":57.370000000000005}]
["10.2.7","SINAPI",90781,{"$f":"IF(I249=\"i\",VLOOKUP(C249,'Ins SINAPI PE 03-2024 Onerado'!$A$8:$E$5189,2,0),VLOOKUP(C249,'Comp SINAPI PE 03-2024 Onerado'!$G$7:$K$7500,2,0))","v":"TOPOGRAFO COM ENCARGOS COMPLEMENTARES"},{"$f":"IF(I249=\"i\",VLOOKUP(C249,'Ins SINAPI PE 03-2024 Onerado'!$A$8:$E$5189,3,0),VLOOKUP(C249,'Comp SINAPI PE 03-2024 Onerado'!$G$7:$K$7500,3,0))","v":"H"},{"$f":"VLOOKUP(A249,'Memorial de cálculo'!A159:H601,8,0)","v":0.8},{"$f":"IF(I249=\"i\",VLOOKUP(C249,'Ins SINAPI PE 03-2024 Onerado'!$A$8:$E$5189,5,0),VLOOKUP(C249,'Comp SINAPI PE 03-2024 Onerado'!$G$7:$K$7500,5,0))","v":31.15},{"$f":"ROUND(F249*G249,2)","v":24.92}]
["10.2.8","SINAPI",88316,{"$f":"IF(I250=\"i\",VLOOKUP(C250,'Ins SINAPI PE 03-2024 Onerado'!$A$8:$E$5189,2,0),VLOOKUP(C250,'Comp SINAPI PE 03-2024 Onerado'!$G$7:$K$7500,2,0))","v":"SERVENTE COM ENCARGOS COMPLEMENTARES"},{"$f":"IF(I250=\"i\",VLOOKUP(C250,'Ins SINAPI PE 03-2024 Onerado'!$A$8:$E$5189,3,0),VLOOKUP(C250,'Comp SINAPI PE 03-2024 Onerado'!$G$7:$K$7500,3,0))","v":"H"},{"$f":"VLOOKUP(A250,'Memorial de cálculo'!A160:H602,8,0)","v":1.6},{"$f":"IF(I250=\"i\",VLOOKUP(C250,'Ins SINAPI PE 03-2024 Onerado'!$A$8:$E$5189,5,0),VLOOKUP(C250,'Comp SINAPI PE 03-2024 Onerado'!$G$7:$K$7500,5,0))","v":20.28},{"$f":"ROUND(F250*G250,2)","v":32.450000000000003}]
[]
[null,{"$f":"'Planilha Orçamentária'!A48","v":"10.3"},{"$f":"VLOOKUP($B252,'Planilha Orçamentária'!$A$10:$I$472,3,)","v":"CPU.24"},{"$f":"VLOOKUP($B252,'Planilha Orçamentária'!$A$10:$I$472,4,)","v":"Cercas de proteção"},"un",null,null,{"$f":"H255","v":101.05000000000001},"ss"]
[null,{"$f":"B252","v":"10.3"},null,"MATERIAL"]
[null,{"$f":"B252","v":"10.3"},null,"EQUIPAMENTOS "]
[null,{"$f":"B252","v":"10.3"},null,"SERVIÇOS",null,null,null,{"$f":"H256+H257+H258+H259+H260+H261","v":101.05000000000001}]
["10.3.1","SINAPI",101189,{"$f":"PROPER(IF(K253=\"i\",VLOOKUP(C256,'Ins SINAPI PE 03-2024 Onerado'!$A$8:$E$5189,2,0),VLOOKUP(C256,'Comp SINAPI PE 03-2024 Onerado'!$G$7:$K$7500,2,0)))","v":"Cerca Com Mourões De Concreto, Reto, H=3,00 M, Espaçamento De 2,5 M, Cravados 0,5 M, Com 4 Fios De Arame Farpado Nº 14 Classe 250 - Fornecimento E Instalação. Af_05/2020"},{"$f":"LOWER(IF(K256=\"i\",VLOOKUP(C256,'Ins SINAPI PE 03-2024 Onerado'!$A$8:$E$5189,3,0),VLOOKUP(C256,'Comp SINAPI PE 03-2024 Onerado'!$G$7:$K$7500,3,0)))","v":"m"},{"$f":"VLOOKUP(A256,'Memorial de cálculo'!A166:H608,8,0)","v":1},{"$f":"IF(I256=\"i\",VLOOKUP(C256,'Ins SINAPI PE 03-2024 Onerado'!$A$8:$E$5189,5,0),VLOOKUP(C256,'Comp SINAPI PE 03-2024 Onerado'!$G$7:$K$7500,5,0))","v":71.84},{"$f":"ROUND(F256*G256,2)","v":71.84},"ca"]
["10.3.2","SINAPI",100946,{"$f":"PROPER(IF(K255=\"i\",VLOOKUP(C257,'Ins SINAPI PE 03-2024 Onerado'!$A$8:$E$5189,2,0),VLOOKUP(C257,'Comp SINAPI PE 03-2024 Onerado'!$G$7:$K$7500,2,0)))","v":"Transporte Com Caminhão Carroceria 9T, Em Via Urbana Em Revestimento Primário (Unidade: Txkm). Af_07/2020"},{"$f":"LOWER(IF(K257=\"i\",VLOOKUP(C257,'Ins SINAPI PE 03-2024 Onerado'!$A$8:$E$5189,3,0),VLOOKUP(C257,'Comp SINAPI PE 03-2024 Onerado'!$G$7:$K$7500,3,0)))","v":"txkm"},{"$f":"VLOOKUP(A257,'Memorial de cálculo'!A167:H609,8,0)","v":0.11136000000000003},{"$f":"IF(I257=\"i\",VLOOKUP(C257,'Ins SINAPI PE 03-2024 Onerado'!$A$8:$E$5189,5,0),VLOOKUP(C257,'Comp SINAPI PE 03-2024 Onerado'!$G$7:$K$7500,5,0))","v":2.42},{"$f":"ROUND(F257*G257,2)","v":0.27},"ca"]
["10.3.3","SINAPI",100947,{"$f":"PROPER(IF(K256=\"i\",VLOOKUP(C258,'Ins SINAPI PE 03-2024 Onerado'!$A$8:$E$5189,2,0),VLOOKUP(C258,'Comp SINAPI PE 03-2024 Onerado'!$G$7:$K$7500,2,0)))","v":"Transporte Com Caminhão Carroceria 9T, Em Via Urbana Pavimentada, Dmt Até 30Km (Unidade: Txkm). Af_07/2020"},{"$f":"LOWER(IF(K258=\"i\",VLOOKUP(C258,'Ins SINAPI PE 03-2024 Onerado'!$A$8:$E$5189,3,0),VLOOKUP(C258,'Comp SINAPI PE 03-2024 Onerado'!$G$7:$K$7500,3,0)))","v":"txkm"},{"$f":"VLOOKUP(A258,'Memorial de cálculo'!A168:H610,8,0)","v":0.33984000000000003},{"$f":"IF(I258=\"i\",VLOOKUP(C258,'Ins SINAPI PE 03-2024 Onerado'!$A$8:$E$5189,5,0),VLOOKUP(C258,'Comp SINAPI PE 03-2024 Onerado'!$G$7:$K$7500,5,0))","v":2.23},0.76,"ca"]
["10.3.4","COTAÇÃO","CT.01","Hospedagem","un",{"$f":"VLOOKUP(A259,'Memorial de cálculo'!A169:H611,8,0)","v":0.13200000000000001},90,11.88,"ca"]
["10.3.5","SICRO","E9134","Miniônibus com capacidade para 30 passageiros - 111 Kw","chp",{"$f":"VLOOKUP(A260,'Memorial de cálculo'!A170:H612,8,0)","v":2.2000000000000002E-2},221.2,4.87,"ca"]
["10.3.6","SICRO","E9134","Miniônibus com capacidade para 30 passageiros - 111 Kw","chi",{"$f":"VLOOKUP(A261,'Memorial de cálculo'!A171:H613,8,0)","v":0.15400000000000003},74.239999999999995,11.43,"ca"]
[null,{"$f":"B253","v":"10.3"},null,"MÃO DE OBRA",null,null,null,0,"mdo"]
[]
[null,{"$f":"'Planilha Orçamentária'!A49","v":"10.4"},{"$f":"VLOOKUP($B264,'Planilha Orçamentária'!$A$10:$I$472,3,)","v":"CPU.25"},{"$f":"VLOOKUP($B264,'Planilha Orçamentária'!$A$10:$I$472,4,)","v":"Limpeza das margens do reservatório"},"un",null,null,{"$f":"H267","v":7.2700000000000005},"ss"]
[null,{"$f":"B264","v":"10.4"},null,"MATERIAL"]
[null,{"$f":"B264","v":"10.4"},null,"EQUIPAMENTOS "]
[null,{"$f":"B264","v":"10.4"},null,"SERVIÇOS",null,null,null,{"$f":"H268+H269+H270+H271","v":7.2700000000000005}]
["10.4.1","SINAPI",98524,{"$f":"PROPER(IF(K268=\"i\",VLOOKUP(C268,'Ins SINAPI PE 03-2024 Onerado'!$A$8:$E$5189,2,0),VLOOKUP(C268,'Comp SINAPI PE 03-2024 Onerado'!$G$7:$K$7500,2,0)))","v":"Limpeza Manual De Vegetação Em Terreno Com Enxada. Af_03/2024"},{"$f":"LOWER(IF(K268=\"i\",VLOOKUP(C268,'Ins SINAPI PE 03-2024 Onerado'!$A$8:$E$5189,3,0),VLOOKUP(C268,'Comp SINAPI PE 03-2024 Onerado'!$G$7:$K$7500,3,0)))","v":"m2"},{"$f":"VLOOKUP(A268,'Memorial de cálculo'!A178:H620,8,0)","v":1},{"$f":"IF(I268=\"i\",VLOOKUP(C268,'Ins SINAPI PE 03-2024 Onerado'!$A$8:$E$5189,5,0),VLOOKUP(C268,'Comp SINAPI PE 03-2024 Onerado'!$G$7:$K$7500,5,0))","v":4.32},{"$f":"ROUND(F268*G268,2)","v":4.32}]
["10.4.2","COTAÇÃO","CT.01","Hospedagem","un",{"$f":"VLOOKUP(A269,'Memorial de cálculo'!A179:H621,8,0)","v":1.7950000000000001E-2},90,{"$f":"ROUND(F269*G269,2)","v":1.62}]
["10.4.3","SICRO","E9134","Miniônibus com capacidade para 30 passageiros - 111 Kw","chp",{"$f":"VLOOKUP(A270,'Memorial de cálculo'!A180:H622,8,0)","v":1.7950000000000002E-3},221.2,0.4]
["10.4.4","SICRO","E9134","Miniônibus com capacidade para 30 passageiros - 111 Kw","chi",{"$f":"VLOOKUP(A271,'Memorial de cálculo'!A181:H623,8,0)","v":1.2565000000000002E-2},74.239999999999995,0.93]
[null,{"$f":"B263","v":0},null,"MÃO DE OBRA",null,null,null,{"$f":"H273+H274","v":0}]

{"sheet":"Memorial de cálculo","index":5,"n_rows":479,"n_cols":10,"rows_kept":479,"cut":false,"hidden":false,"merged":[[4,2,4,5],[5,2,5,5],[6,2,6,5],[7,2,7,5],[0,0,0,7],[1,0,1,7],[2,0,2,7],[3,0,3,7]]}
["Ministério da Integração e do Desenvolvimento Regional"]
["Companhia de desenvolvimento dos Vales do São Francisco e do Parnaíba"]
[]
[" MEMORIAL DE CÁLCULO"]
["OBRA:",{"$f":"'Planilha Orçamentária'!B4","v":"SERVIÇOS DE MANUTENÇÃO E OBRAS CIVIS NA BARRAGEM BOM VIVER"},"DESLOCAMENTO - Petrolina para Floresta (km) - (tempo IDA E VOLTA):",null,null,null,7,278]
["LOCAL:",{"$f":"'Planilha Orçamentária'!B5","v":"BARRAGEM BOM VIVER, BELÉM DO SÃO FRANCISCO/PE"},"DESLOCAMENTO - Floresta para Barragem Bom Viver (km) - (tempo IDA E VOLTA):",null,null,null,1,23.5]
["DATA BASE:",{"$f":"'Planilha Orçamentária'!B6","v":"2024-05-13"},"VIA URBANA PAVIMENTADA - Floresta para Barragem Bom Viver (km)",{"$nulls":4},17.7]
["PRAZO:",{"$f":"'Planilha Orçamentária'!B7","v":"120 DIAS"},"REVESTIMENTO PRIMÁRIO - Floresta para Barragem Bom Viver (km)",{"$nulls":4},{"$f":"H6-H7","v":5.8000000000000007}]
["ITEM","DESCRIÇÃO","UNID.","PARÂMETRO 1","PARÂMETRO 2","PARÂMETRO 3","PARÂMETRO 4","TOTAL"]
[{"$f":"'Planilha Orçamentária'!A10","v":1},{"$f":"VLOOKUP(A10,'Planilha Orçamentária'!$A$10:$D$49,4,0)","v":"ADMINISTRAÇÃO DA OBRA"}]
[{"$f":"'Planilha Orçamentária'!A11","v":"1.1"},{"$f":"VLOOKUP(A11,'Planilha Orçamentária'!$A$7:$E$5161,4,0)","v":"Administração Local"},{"$f":"VLOOKUP(A11,'Planilha Orçamentária'!$A$7:$E$5161,5,0)","v":"MÊS"},"QUANT PESSOAS","HORAS DIÁRIA","DIAS TRABALHADOS NO MÊS","MESES",{"$f":"G12","v":4}]
["CPU.01",{"$nulls":5},4,1]
[]
[null,"Engenheiro Civil De Obra Pleno Com Encargos Complementares","h",1,1.5,20,null,30]
[null,"Encarregado Geral De Obras Com Encargos Complementares","mes",1,null,null,0.8,0.8]
[null,"VIGIA NOTURNO COM ENCARGOS COMPLEMENTARES","h",4,12,15,null,720]
[]
[{"$f":"'Planilha Orçamentária'!A13","v":2},{"$f":"VLOOKUP(A18,'Planilha Orçamentária'!$A$10:$D$49,4,0)","v":"SERVIÇOS PRELIMINARES"}]
[{"$f":"'Planilha Orçamentária'!A14","v":"2.1"},{"$f":"VLOOKUP(A19,'Planilha Orçamentária'!$A$7:$E$5161,4,0)","v":"Mobilização e desmobilização de instalação do canteiro"},{"$f":"VLOOKUP(A19,'Planilha Orçamentária'!$A$7:$E$5161,5,0)","v":"UN"},"TEMPO DE VIAGEM","TONELADAS","KM","IDA E VOLTA",1]
["CPU.03"]
["SICRO","Miniônibus com capacidade para 30 passageiros - 111 Kw","chp",3,null,null,2,{"$f":"D21*G21","v":6}]
["SICRO","Miniônibus com capacidade para 30 passageiros - 111 Kw","chi",{"$f":"8-D21","v":5},null,null,2,{"$f":"D22*G22","v":10}]
[100946,"TRANSPORTE COM CAMINHÃO CARROCERIA 9T, EM VIA URBANA EM REVESTIMENTO PRIMÁRIO (UNIDADE: TXKM). AF_07/2020",{"$f":"IF(G23=\"i\",VLOOKUP(A23,'Ins SINAPI PE 03-2024 Onerado'!$A$8:$E$5189,3,0),VLOOKUP(A23,'Comp SINAPI PE 03-2024 Onerado'!$G$7:$K$7500,3,0))","v":"TXKM"},null,5,22.9,2,{"$f":"E23*F23*G23","v":229}]
[100947,"TRANSPORTE COM CAMINHÃO CARROCERIA 9T, EM VIA URBANA PAVIMENTADA, DMT ATÉ 30KM (UNIDADE: TXKM). AF_07/2020",{"$f":"IF(G24=\"i\",VLOOKUP(A24,'Ins SINAPI PE 03-2024 Onerado'!$A$8:$E$5189,3,0),VLOOKUP(A24,'Comp SINAPI PE 03-2024 Onerado'!$G$7:$K$7500,3,0))","v":"TXKM"},null,5,{"$f":"H5","v":278},2,{"$f":"E24*F24*G24","v":2780},{"$f":"5*194*2","v":1940}]
["DIAS MÃO DE OBRA","MOTORISTA DE VEÍCULO LEVE COM ENCARGOS COMPLEMENTARES","h",{"$nulls":4},{"$f":"H21+H22","v":16}]
[]
[{"$f":"[1]CPU!A22","v":"2.1.1"},{"$f":"VLOOKUP(A27,CPU!$A$7:$E$5455,4,0)","v":"Miniônibus com capacidade para 30 passageiros - 111 Kw"},{"$f":"VLOOKUP(A27,[1]CPU!$A$7:$E$5453,5,0)","v":"chp"},"tempo de viagem","Ida e Volta",null,"ÍNDICE",{"$f":"H28","v":7}]
[null,null,null,{"$f":"$G$5","v":7},2,null,null,{"$f":"D28","v":7}]
[{"$f":"[1]CPU!A23","v":"2.1.2"},{"$f":"VLOOKUP(A29,CPU!$A$7:$E$5455,4,0)","v":"Miniônibus com capacidade para 30 passageiros - 111 Kw"},{"$f":"VLOOKUP(A29,[1]CPU!$A$7:$E$5453,5,0)","v":"chi"},"tempo de viagem","Ida e Volta",null,"ÍNDICE",{"$f":"H30","v":9}]
[null,null,null,{"$f":"(8*2)-D28","v":9},2,null,null,{"$f":"D30","v":9}]
[{"$f":"[1]CPU!A24","v":"2.1.3"},{"$f":"VLOOKUP(A31,CPU!$A$7:$E$5455,4,0)","v":"TRANSPORTE COM CAMINHÃO CARROCERIA 9T, EM VIA URBANA EM REVESTIMENTO PRIMÁRIO (UNIDADE: TXKM). AF_07/2020"},{"$f":"VLOOKUP(A31,[1]CPU!$A$7:$E$5453,5,0)","v":"TXKM"},"ton","Ida e Volta","km","ÍNDICE",{"$f":"H32","v":58.000000000000007}]
[null,null,null,5,2,{"$f":"H8","v":5.8000000000000007},null,{"$f":"D32*E32*F32","v":58.000000000000007}]
[{"$f":"[1]CPU!A25","v":"2.1.4"},{"$f":"VLOOKUP(A33,CPU!$A$7:$E$5455,4,0)","v":"TRANSPORTE COM CAMINHÃO CARROCERIA 9T, EM VIA URBANA PAVIMENTADA, DMT ATÉ 30KM (UNIDADE: TXKM). AF_07/2020"},{"$f":"VLOOKUP(A33,[1]CPU!$A$7:$E$5453,5,0)","v":"TXKM"},"ton","Ida e Volta","km","ÍNDICE",{"$f":"H34","v":2780}]
[null,null,null,5,2,{"$f":"H5","v":278},null,{"$f":"D34*E34*F34","v":2780}]
[]
[{"$f":"'Planilha Orçamentária'!A15","v":"2.2"},{"$f":"VLOOKUP(A36,'Planilha Orçamentária'!$A$7:$E$5161,4,0)","v":"Canteiro de obras"},{"$nulls":5},{"$f":"H37+H38+H39","v":28.5}]
[null,"dimensões refeitório",null,1,3,2.5,null,{"$f":"D37*E37*F37","v":7.5}]
[null,"dimensões banheiro",null,1,4.5,2,null,{"$f":"D38*E38*F38","v":9}]
[null,"dimensões central de formas",null,1,4,3,null,{"$f":"D39*E39*F39","v":12}]
[{"$f":"CPU!A34","v":"2.2.1"},{"$f":"VLOOKUP(A40,CPU!$A$7:$E$5404,4,0)","v":"Limpeza Manual De Vegetação Em Terreno Com Enxada. Af_03/2024"},{"$f":"VLOOKUP(A40,CPU!$A$7:$E$5404,5,0)","v":"m2"},"QUANT PESSOAS","RENDIMENTO (H/M2)","m2","HORAS",{"$f":"H41/C41","v":1},{"$f":"H44+H80","v":0.13397500000000001}]
[null,"Conforme as áreas REFEITÓRIO, SANITÁRIO E CENTRAL DE FORMAS",28.5,{"$nulls":4},{"$f":"C41","v":28.5}]
[]
[null,"MÃO DE OBRA",null,"PESSOAS","ÍNDICE","RENDIMENTO","H","DIAS"]
["DIAS MÃO DE OBRA","88316 SERVENTE COM ENCARGOS COMPLEMENTARES/88441 JARDINEIRO COM ENCARGOS COMPLEMENTARES","h",1,7.1800000000000003E-2,{"$f":"E44/D44","v":7.1800000000000003E-2},{"$f":"F44*$H$40","v":7.1800000000000003E-2},{"$f":"G44/8","v":8.9750000000000003E-3}]
[]
[{"$f":"CPU!A35","v":"2.2.2"},{"$f":"VLOOKUP(A46,CPU!$A$7:$E$5404,4,0)","v":"Concreto Fck = 15Mpa, Traço 1:3,4:3,5 (Em Massa Seca De Cimento/ Areia Média/ Brita 1) - Preparo Manual. Af_05/2021"},{"$f":"VLOOKUP(A46,CPU!$A$7:$E$5404,5,0)","v":"m3"},null,null,null,"ÍNDICE",{"$f":"H47","v":0.05}]
[null,"Soma da área das instalações do canteiro",null,{"$f":"C41","v":28.5},null,null,0.05,{"$f":"G47","v":0.05}]
[]
[{"$f":"CPU!A36","v":"2.2.3"},{"$f":"VLOOKUP(A49,CPU!$A$7:$E$5404,4,0)","v":"EXECUÇÃO DE REFEITÓRIO EM CANTEIRO DE OBRA EM CHAPA DE MADEIRA COMPENSADA, NÃO INCLUSO MOBILIÁRIO E EQUIPAMENTOS. AF_02/2016"},{"$f":"VLOOKUP(A49,CPU!$A$7:$E$5404,5,0)","v":"m²"},{"$nulls":4},{"$f":"H50/$C$41","v":0.26315789473684209}]
[null,"Área do Refeitório Em Canteiro De Obra",null,1,3,2.5,null,{"$f":"D50*E50*F50","v":7.5}]
[]
[{"$f":"CPU!A37","v":"2.2.4"},{"$f":"VLOOKUP(A52,CPU!$A$7:$E$5404,4,0)","v":"EXECUÇÃO DE SANITÁRIO E VESTIÁRIO EM CANTEIRO DE OBRA EM CHAPA DE MADEIRA COMPENSADA, NÃO INCLUSO MOBILIÁRIO. AF_02/2016"},{"$f":"VLOOKUP(A52,CPU!$A$7:$E$5404,5,0)","v":"m²"},{"$nulls":4},{"$f":"H53/$C$41","v":0.31578947368421051}]
[null,"Área do Sanitário Em Canteiro De Obra",null,1,4.5,2,null,{"$f":"D53*E53*F53","v":9}]
[]
[{"$f":"CPU!A38","v":"2.2.5"},{"$f":"VLOOKUP(A55,CPU!$A$7:$E$5404,4,0)","v":"EXECUÇÃO DE CENTRAL DE FÔRMAS, PRODUÇÃO DE ARGAMASSA OU CONCRETO EM CANTEIRO DE OBRA, NÃO INCLUSO MOBILIÁRIO E EQUIPAMENTOS. AF_04/2016"},{"$f":"VLOOKUP(A55,CPU!$A$7:$E$5404,5,0)","v":"m²"},{"$nulls":4},{"$f":"H56/$C$41","v":0.42105263157894735}]
[null,"Área da Central de Fôrmas Em Canteiro De Obra",null,1,4,3,null,{"$f":"D56*E56*F56","v":12}]
[]
[{"$f":"CPU!A39","v":"2.2.6"},{"$f":"VLOOKUP(A58,CPU!$A$7:$E$5404,4,0)","v":"Hospedagem"},{"$f":"VLOOKUP(A58,CPU!$A$7:$E$5404,5,0)","v":"un"},{"$nulls":4},{"$f":"$H$44*$D$44","v":8.9750000000000003E-3}]
[]
[{"$f":"CPU!A40","v":"2.2.7"},{"$f":"VLOOKUP(A60,CPU!$A$7:$E$5404,4,0)","v":"Miniônibus com capacidade para 30 passageiros - 111 Kw"},{"$f":"VLOOKUP(A60,CPU!$A$7:$E$5404,5,0)","v":"chp"},null,"horas diárias","dias de trabalho",null,{"$f":"H61","v":8.9750000000000003E-3}]
[null,null,"chp",null,1,{"$f":"$H$44","v":8.9750000000000003E-3},null,{"$f":"E61*F61","v":8.9750000000000003E-3}]
[{"$f":"CPU!A41","v":"2.2.8"},{"$f":"VLOOKUP(A62,CPU!$A$7:$E$5404,4,0)","v":"Miniônibus com capacidade para 30 passageiros - 111 Kw"},{"$f":"VLOOKUP(A62,CPU!$A$7:$E$5404,5,0)","v":"chi"},null,"horas diárias","dias de trabalho",null,{"$f":"H63","v":6.2825000000000006E-2}]
[null,null,"chi",null,{"$f":"8-E61","v":7},{"$f":"$H$44","v":8.9750000000000003E-3},null,{"$f":"E63*F63","v":6.2825000000000006E-2}]
[]
[{"$f":"'Planilha Orçamentária'!A16","v":"2.3"},{"$f":"VLOOKUP(A65,'Planilha Orçamentária'!$A$7:$E$5161,4,0)","v":"Placa de obra em chapa de aço galvanizado"},{"$f":"VLOOKUP(A65,'Planilha Orçamentária'!$A$7:$E$5161,5,0)","v":"M2"},"QUANT.","COMP. (M)","LARG. (M)",null,{"$f":"H67","v":2}]
[null,"Dimensionamento para 1 placa",{"$nulls":5},1]
[{"$f":"CPU!A46","v":"2.3.1"},{"$f":"VLOOKUP(A67,[1]CPU!$A$7:$E$5453,4,0)","v":"SARRAFO NAO APARELHADO *2,5 X 7* CM, EM MACARANDUBA/MASSARANDUBA, ANGELIM, PEROBA-ROSA OU EQUIVALENTE DA REGIAO - BRUTA                                                                                                                                                                                                                                                                                                                                                                                   "},{"$f":"VLOOKUP(A67,[1]CPU!$A$7:$E$5453,5,0)","v":"M     "},{"$nulls":4},{"$f":"H68","v":2}]
[{"$nulls":7},2]
[{"$f":"CPU!A47","v":"2.3.2"},{"$f":"VLOOKUP(A69,[1]CPU!$A$7:$E$5453,4,0)","v":"CAIBRO NAO APARELHADO *5 X 6* CM, EM MACARANDUBA/MASSARANDUBA, ANGELIM OU EQUIVALENTE DA REGIAO - BRUTA                                                                                                                                                                                                                                                                                                                                                                                                   "},{"$f":"VLOOKUP(A69,[1]CPU!$A$7:$E$5453,5,0)","v":"M     "},{"$nulls":4},4]
[]
[{"$f":"CPU!A48","v":"2.3.3"},{"$f":"VLOOKUP(A71,[1]CPU!$A$7:$E$5453,4,0)","v":"PLACA DE OBRA (PARA CONSTRUCAO CIVIL) EM CHAPA GALVANIZADA *N. 22*, ADESIVADA, DE *2,4 X 1,2* M (SEM POSTES PARA FIXACAO)                                                                                                                                                                                                                                                                                                                                                                                 "},{"$f":"VLOOKUP(A71,[1]CPU!$A$7:$E$5453,5,0)","v":"M2    "},{"$nulls":4},1]
[{"$nulls":8},"i"]
[{"$f":"CPU!A49","v":"2.3.4"},{"$f":"VLOOKUP(A73,[1]CPU!$A$7:$E$5453,4,0)","v":"PREGO DE ACO POLIDO COM CABECA 18 X 30 (2 3/4 X 10)                                                                                                                                                                                                                                                                                                                                                                                                                                                       "},{"$f":"VLOOKUP(A73,[1]CPU!$A$7:$E$5453,5,0)","v":"KG    "},{"$nulls":4},0.11,"i"]
[{"$nulls":8},"i"]
[{"$f":"CPU!A50","v":"2.3.5"},{"$f":"VLOOKUP(A75,[1]CPU!$A$7:$E$5453,4,0)","v":"CONCRETO MAGRO PARA LASTRO, TRAÇO 1:4,5:4,5 (EM MASSA SECA DE CIMENTO/ AREIA MÉDIA/ BRITA 1) - PREPARO MECÂNICO COM BETONEIRA 400 L. AF_05/2021"},{"$f":"VLOOKUP(A75,[1]CPU!$A$7:$E$5453,5,0)","v":"M3"},{"$nulls":4},0.01,"i"]
[]
[]
[null,"MÃO DE OBRA",null,"PESSOAS","ÍNDICE","RENDIMENTO","H","DIAS"]
["DIAS MÃO DE OBRA","88262 CARPINTEIRO DE FORMAS COM ENCARGOS COMPLEMENTARES","H",1,0.5,{"$f":"E79/D79","v":0.5},{"$f":"F79*$H$66","v":0.5},{"$f":"G79/8","v":6.25E-2},"ca"]
["DIAS MÃO DE OBRA","88316 SERVENTE COM ENCARGOS COMPLEMENTARES","H",1,1,{"$f":"E80/D80","v":1},{"$f":"F80*$H$66","v":1},{"$f":"G80/8","v":0.125},"ca"]
[]
[{"$f":"CPU!A53","v":"2.3.6"},{"$f":"VLOOKUP(A82,CPU!$A$7:$E$5404,4,0)","v":"Hospedagem"},{"$f":"VLOOKUP(A82,CPU!$A$7:$E$5404,5,0)","v":"un"},{"$nulls":4},{"$f":"$H$79*$D$79+$H$80*$D$80","v":0.1875}]
[]
[{"$f":"CPU!A54","v":"2.3.7"},{"$f":"VLOOKUP(A84,CPU!$A$7:$E$5404,4,0)","v":"Miniônibus com capacidade para 30 passageiros - 111 Kw"},{"$f":"VLOOKUP(A84,CPU!$A$7:$E$5404,5,0)","v":"chp"},null,"horas diárias","dias de trabalho",null,{"$f":"H85","v":0.125}]
[null,null,"chp",null,1,{"$f":"$H$80","v":0.125},null,{"$f":"E85*F85","v":0.125}]
[{"$f":"CPU!A55","v":"2.3.8"},{"$f":"VLOOKUP(A86,CPU!$A$7:$E$5404,4,0)","v":"Miniônibus com capacidade para 30 passageiros - 111 Kw"},{"$f":"VLOOKUP(A86,CPU!$A$7:$E$5404,5,0)","v":"chi"},null,"horas diárias","dias de trabalho",null,{"$f":"H87","v":0.875}]
[null,null,"chi",null,{"$f":"8-E85","v":7},{"$f":"$H$80","v":0.125},null,{"$f":"E87*F87","v":0.875}]
[{"$f":"[1]CPU!A56","v":"2.3.9"},{"$f":"VLOOKUP(A88,[1]CPU!$A$7:$E$5527,4,0)","v":"TRANSPORTE COM CAMINHÃO CARROCERIA 9T, EM VIA URBANA EM REVESTIMENTO PRIMÁRIO (UNIDADE: TXKM). AF_07/2020"},{"$f":"VLOOKUP(A88,[1]CPU!$A$7:$E$5527,5,0)","v":"TXKM"},"ton","km",null,null,{"$f":"H89","v":2.9000000000000004}]
[null,null,null,0.5,{"$f":"$H$8","v":5.8000000000000007},null,null,{"$f":"D89*E89","v":2.9000000000000004}]
[{"$f":"[1]CPU!A57","v":"2.3.10"},{"$f":"VLOOKUP(A90,[1]CPU!$A$7:$E$5527,4,0)","v":"TRANSPORTE COM CAMINHÃO CARROCERIA 9T, EM VIA URBANA PAVIMENTADA, DMT ATÉ 30KM (UNIDADE: TXKM). AF_07/2020"},{"$f":"VLOOKUP(A90,[1]CPU!$A$7:$E$5527,5,0)","v":"TXKM"},"ton","km",null,null,{"$f":"H91","v":8.85}]
[null,"500 kg uma placa",null,0.5,{"$f":"$H$7","v":17.7},null,null,{"$f":"D91*E91","v":8.85}]
[]
[{"$f":"[1]CPU!A59","v":"2.3.11"},{"$f":"VLOOKUP(A93,[1]CPU!$A$7:$E$5527,4,0)","v":"CARPINTEIRO DE FORMAS COM ENCARGOS COMPLEMENTARES"},{"$nulls":5},0.5]
[]
[{"$f":"[1]CPU!A60","v":"2.3.12"},{"$f":"VLOOKUP(A95,[1]CPU!$A$7:$E$5527,4,0)","v":"SERVENTE COM ENCARGOS COMPLEMENTARES"},{"$nulls":5},1]
[]
[{"$nulls":8},"TOTAL DIAS","TOTAL PESSOAS"]
[{"$f":"'Planilha Orçamentária'!A18","v":3},{"$f":"VLOOKUP(A98,'Planilha Orçamentária'!$A$10:$D$49,4,0)","v":"CORTE DA VEGETAÇÃO E REMOÇÃO DAS RAIZES"},{"$nulls":6},{"$f":"H104+H124+H138","v":0.14018214285714287},{"$f":"D104+D105+D124+D125+D138+D139","v":22}]
[{"$f":"'Planilha Orçamentária'!A19","v":"3.1"},{"$f":"VLOOKUP(A99,CPU!$A$7:$E$5404,4,0)","v":"Limpeza de Vegetação"},{"$f":"VLOOKUP(A99,CPU!$A$7:$E$5404,5,0)","v":"M2"},{"$nulls":4},{"$f":"C101","v":25760}]
[{"$f":"CPU!A68","v":"3.1.1"},{"$f":"VLOOKUP(A100,CPU!$A$7:$E$5404,4,0)","v":"Limpeza Manual De Vegetação Em Terreno Com Enxada. Af_03/2024"},{"$f":"VLOOKUP(A100,CPU!$A$7:$E$5404,5,0)","v":"m2"},"Talude de Montante (m²)","Talude de Jusante (m²)","Região à Jusante (m²)","Canal de Aproximação e Restituição (m²)",1]
[null,"Área calculada no Google Earth",{"$f":"D101+E101+F101+G101","v":25760},6210,10310,5740,3500]
[null,"6210+10310+5740+3500 = 25760",{"$nulls":7},"diárias hotel"]
[null,"MÃO DE OBRA",null,"PESSOAS","ÍNDICE","RENDIMENTO","H","DIAS",null,{"$f":"ROUND($H$104*$D$104+$H$105*$D$105,0)","v":0}]
["DIAS MÃO DE OBRA","88316 SERVENTE COM ENCARGOS COMPLEMENTARES","h",7,7.1800000000000003E-2,{"$f":"E104/D104","v":1.0257142857142857E-2},{"$f":"F104*$H$100","v":1.0257142857142857E-2},{"$f":"G104/8","v":1.2821428571428571E-3}]
[null,"88441 JARDINEIRO COM ENCARGOS COMPLEMENTARES","h",7,7.1800000000000003E-2,{"$f":"E105/D105","v":1.0257142857142857E-2},{"$f":"F105*$H$100","v":1.0257142857142857E-2},{"$f":"G105/8","v":1.2821428571428571E-3}]
[]
[{"$f":"CPU!A69","v":"3.1.2"},{"$f":"VLOOKUP(A107,CPU!$A$7:$E$5404,4,0)","v":"Hospedagem"},{"$f":"VLOOKUP(A107,CPU!$A$7:$E$5404,5,0)","v":"un"},{"$nulls":4},{"$f":"$H$104*$D$104+$H$105*$D$105","v":1.7950000000000001E-2}]
[{"$nulls":4},{"$f":"ROUNDUP($H$104*$D$104+$H$105*$D$105,0)","v":1}]
[{"$f":"CPU!A70","v":"3.1.3"},{"$f":"VLOOKUP(A109,CPU!$A$7:$E$5404,4,0)","v":"Miniônibus com capacidade para 30 passageiros - 111 Kw"},{"$f":"VLOOKUP(A109,CPU!$A$7:$E$5404,5,0)","v":"chp"},null,"horas diárias","dias de trabalho",null,{"$f":"SUM(H110:H110)","v":1.2821428571428571E-3}]
[null,null,"chp",null,1,{"$f":"$H$104","v":1.2821428571428571E-3},null,{"$f":"E110*F110","v":1.2821428571428571E-3}]
[{"$f":"CPU!A71","v":"3.1.4"},{"$f":"VLOOKUP(A111,CPU!$A$7:$E$5404,4,0)","v":"Miniônibus com capacidade para 30 passageiros - 111 Kw"},{"$f":"VLOOKUP(A111,CPU!$A$7:$E$5404,5,0)","v":"chi"},null,"horas diárias","dias de trabalho",null,{"$f":"H112","v":8.9750000000000003E-3}]
[null,null,"chi",null,{"$f":"8-E110","v":7},{"$f":"$H$104","v":1.2821428571428571E-3},null,{"$f":"E112*F112","v":8.9750000000000003E-3}]
[]
[{"$f":"CPU!A72","v":"3.1.5"},{"$f":"VLOOKUP(A114,CPU!$A$7:$E$5404,4,0)","v":"Transporte Com Caminhão Basculante De 6 M³, Em Via Urbana Em Revestimento Primário (Unidade: M3Xkm). Af_07/2020"},{"$f":"VLOOKUP(A114,CPU!$A$7:$E$5404,5,0)","v":"m3xkm"},"m2","m","km",null,{"$f":"SUM(H115:H115)","v":5.800000000000001E-2}]
[null," - Cáculo m3 de árvore = (área total*x)*distância km = 11.670 m² *,01 m*5km\nonde x varia entre 0,1 m a 0,05 a depender da densidade de vegetação no local ",null,{"$f":"$H$100","v":1},0.01,{"$f":"H8","v":5.8000000000000007},null,{"$f":"E115*F115","v":5.800000000000001E-2}]
[]
[{"$f":"CPU!A73","v":"3.1.6"},{"$f":"VLOOKUP(A117,CPU!$A$7:$E$5404,4,0)","v":"Transporte Com Caminhão Basculante De 6 M³, Em Via Urbana Pavimentada, Dmt Até 30 Km (Unidade: M3Xkm). Af_07/2020"},{"$f":"VLOOKUP(A117,CPU!$A$7:$E$5404,5,0)","v":"m3xkm"},"m2","m","km",null,{"$f":"SUM(H118:H118)","v":0.17699999999999999}]
[null," - Cáculo m3 de árvore = (área total*x)*distância km = 11.670 m² *,01 m*5km\nonde x varia entre 0,1 m a 0,05 a depender da densidade de vegetação no local ",null,{"$f":"$H$100","v":1},0.01,{"$f":"H7","v":17.7},null,{"$f":"E118*F118","v":0.17699999999999999}]
[]
[{"$f":"'Planilha Orçamentária'!A20","v":"3.2"},{"$f":"VLOOKUP(A120,'Planilha Orçamentária'!$A$10:$D$49,4,0)","v":"Corte raso de árvores"},{"$nulls":5},{"$f":"C122","v":65}]
[{"$f":"CPU!A80","v":"3.2.1"},{"$f":"VLOOKUP(A121,CPU!$A$7:$E$5404,4,0)","v":"Corte Raso E Recorte De Árvore Com Diâmetro De Tronco Maior Ou Igual A 0,20 M E Menor Que 0,40 M. Af_03/2024"},{"$f":"VLOOKUP(A121,CPU!$A$7:$E$5404,5,0)","v":"un"},"QUANT PESSOAS","RENDIMENTO (H/corte recorte de árvore)","QUANTIDADE DE ÁRVORES","HORAS DE TRABALHO",1]
[null,"Quantidade estimada através das imagens obtidas na visita técnica (Contém na especificação técnica)",65,{"$nulls":4},{"$f":"C122","v":65},null,"diárias hotel"]
[null,"MÃO DE OBRA",null,"PESSOAS","ÍNDICE","RENDIMENTO","H","DIAS",null,{"$f":"ROUND($H$124*$D$124+$H$125*$D$125,0)","v":0}]
["DIAS MÃO DE OBRA","88316 SERVENTE COM ENCARGOS COMPLEMENTARES",null,2,1.5444,{"$f":"E124/D124","v":0.7722},{"$f":"F124*$H$121","v":0.7722},{"$f":"G124/8","v":9.6525E-2}]
[null,"88441 JARDINEIRO COM ENCARGOS COMPLEMENTARES",null,2,1.5444,{"$f":"E125/D125","v":0.7722},{"$f":"F125*$H$121","v":0.7722},{"$f":"G125/8","v":9.6525E-2}]
[]
[{"$f":"CPU!A81","v":"3.2.5"},{"$f":"VLOOKUP(A127,CPU!$A$7:$E$5404,4,0)","v":"Hospedagem"},{"$f":"VLOOKUP(A127,CPU!$A$7:$E$5404,5,0)","v":"un"},{"$nulls":4},{"$f":"$H$124*$D$124+$H$125*$D$125","v":0.3861}]
[]
[{"$f":"CPU!A82","v":"3.2.6"},{"$f":"VLOOKUP(A129,CPU!$A$7:$E$5404,4,0)","v":"Miniônibus com capacidade para 30 passageiros - 111 Kw"},{"$f":"VLOOKUP(A129,CPU!$A$7:$E$5404,5,0)","v":"chp"},null,"horas diárias","dias de trabalho",null,{"$f":"H130","v":9.6525E-2}]
[null,null,"chp",null,1,{"$f":"$H$124","v":9.6525E-2},null,{"$f":"E130*F130","v":9.6525E-2}]
[{"$f":"CPU!A83","v":"3.2.7"},{"$f":"VLOOKUP(A131,CPU!$A$7:$E$5404,4,0)","v":"Miniônibus com capacidade para 30 passageiros - 111 Kw"},{"$f":"VLOOKUP(A131,CPU!$A$7:$E$5404,5,0)","v":"chi"},null,"horas diárias","dias de trabalho",null,{"$f":"H132","v":0.67567500000000003}]
[null,null,"chi",null,{"$f":"8-E130","v":7},{"$f":"$H$124","v":9.6525E-2},null,{"$f":"E132*F132","v":0.67567500000000003}]
[]
[{"$f":"'Planilha Orçamentária'!A21","v":"3.3"},{"$f":"VLOOKUP(A134,'Planilha Orçamentária'!$A$7:$E$5161,4,0)","v":"Remoção de raízes"},{"$nulls":5},{"$f":"C136","v":65}]
[{"$f":"CPU!A90","v":"3.3.1"},{"$f":"VLOOKUP(A135,CPU!$A$7:$E$5404,4,0)","v":"Remoção De Raízes Remanescentes De Tronco De Árvore Com Diâmetro Maior Ou Igual A 0,20 M E Menor Que 0,40 M. Af_03/2024"},{"$f":"VLOOKUP(A135,CPU!$A$7:$E$5404,5,0)","v":"un"},{"$nulls":4},1]
[null,"Quantidade estimada através das imagens obtidas na visita técnica (Contém na especificação técnica)",65,{"$nulls":4},{"$f":"C136","v":65}]
[null,"MÃO DE OBRA",null,"PESSOAS","ÍNDICE","RENDIMENTO","H","DIAS"]
["DIAS MÃO DE OBRA","88316 SERVENTE COM ENCARGOS COMPLEMENTARES",null,2,0.67800000000000005,{"$f":"E138/D138","v":0.33900000000000002},{"$f":"F138*$H$135","v":0.33900000000000002},{"$f":"G138/8","v":4.2375000000000003E-2}]
[null,"88441 JARDINEIRO COM ENCARGOS COMPLEMENTARES",null,2,0.67800000000000005,{"$f":"E139/D139","v":0.33900000000000002},{"$f":"F139*$H$135","v":0.33900000000000002},{"$f":"G139/8","v":4.2375000000000003E-2}]
[]
[{"$f":"CPU!A91","v":"3.3.2"},{"$f":"VLOOKUP(A141,CPU!$A$7:$E$5404,4,0)","v":"Hospedagem"},{"$f":"VLOOKUP(A141,CPU!$A$7:$E$5404,5,0)","v":"un"},{"$nulls":4},{"$f":"$H$138*$D$138+H139*D139","v":0.16950000000000001}]
[]
[{"$f":"CPU!A92","v":"3.3.3"},{"$f":"VLOOKUP(A143,CPU!$A$7:$E$5404,4,0)","v":"Miniônibus com capacidade para 30 passageiros - 111 Kw"},{"$f":"VLOOKUP(A143,CPU!$A$7:$E$5404,5,0)","v":"chp"},null,"horas diárias","dias de trabalho",null,{"$f":"H144","v":4.2375000000000003E-2}]
[null,null,"chp",null,1,{"$f":"$H$138","v":4.2375000000000003E-2},null,{"$f":"E144*F144","v":4.2375000000000003E-2}]
[{"$f":"CPU!A93","v":"3.3.4"},{"$f":"VLOOKUP(A145,CPU!$A$7:$E$5404,4,0)","v":"Miniônibus com capacidade para 30 passageiros - 111 Kw"},{"$f":"VLOOKUP(A145,CPU!$A$7:$E$5404,5,0)","v":"chi"},null,"horas diárias","dias de trabalho",null,{"$f":"H146","v":0.29662500000000003}]
[null,null,"chi",null,{"$f":"8-E144","v":7},{"$f":"$H$138","v":4.2375000000000003E-2},null,{"$f":"E146*F146","v":0.29662500000000003}]
[]
[{"$f":"'Planilha Orçamentária'!A23","v":4},{"$f":"VLOOKUP(A148,'Planilha Orçamentária'!$A$10:$D$49,4,0)","v":"RECUPERAÇÃO DA EROSÃO TALUDES MONTANTE, JUSANTE e CRISTA"}]
[{"$f":"'Planilha Orçamentária'!A24","v":"4.1"},{"$f":"VLOOKUP(A149,'Planilha Orçamentária'!$A$7:$E$5161,4,0)","v":"Aterro de valas "},{"$nulls":5},{"$f":"C151","v":936}]
[{"$f":"CPU!A101","v":"4.1.1"},{"$f":"VLOOKUP(A150,CPU!$A$7:$E$5404,4,0)","v":"Aterro Manual De Valas Com Solo Argilo-Arenoso. Af_08/2023"},{"$f":"VLOOKUP(A150,CPU!$A$7:$E$5404,5,0)","v":"m3"},"m2","Revolvimento do Solo","Porcentagem da área total dos taludes","VOLUME DE ATERRO",1]
[null,"VOLUME DE ATERRO ",{"$f":"C152+G151","v":936},null,null,null,{"$f":"((D153+D154)*E156*F155)","v":826},{"$f":"G151","v":826}]
[null,"Volume recuperação crsita - recuperação de 0,50 m de cada lada do aterro com comprimento de 550 m com 0,20 m de profundiade = 2*0,5*550*0,2",{"$f":"2*0.5*550*0.2","v":110},{"$nulls":4},{"$f":"C152","v":110}]
[null,"Talude de Montante (m²) - calculado no Google Earth",null,6210]
[null,"Talude de Jusante (m²) - calculado no Google Earth",null,10310]
[null,"Aterro será aplicado para 50% da área total",null,null,null,0.5]
[null,"10 cm de revolvimento do solo",null,null,0.1]
[]
[null,"MÃO DE OBRA",null,"PESSOAS","ÍNDICE","RENDIMENTO","H","DIAS"]
["DIAS MÃO DE OBRA","88316 SERVENTE COM ENCARGOS COMPLEMENTARES ",null,7,0.78659999999999997,{"$f":"E159/D159","v":0.11237142857142857},{"$f":"F159*$H$150","v":0.11237142857142857},{"$f":"G159/8","v":1.4046428571428571E-2}]
[]
[{"$f":"CPU!A102","v":"4.1.2"},{"$f":"VLOOKUP(A161,CPU!$A$7:$E$5404,4,0)","v":"Hospedagem"},{"$f":"VLOOKUP(A161,CPU!$A$7:$E$5404,5,0)","v":"un"},"DIAS DE HOSPEDAGEM",null,null,null,{"$f":"D162","v":9.8324999999999996E-2}]
[null,null,null,{"$f":"$H$159*$D$159","v":9.8324999999999996E-2}]
[]
[{"$f":"CPU!A103","v":"4.1.3"},{"$f":"VLOOKUP(A164,CPU!$A$7:$E$5404,4,0)","v":"Miniônibus com capacidade para 30 passageiros - 111 Kw"},{"$f":"VLOOKUP(A164,CPU!$A$7:$E$5404,5,0)","v":"chp"},null,"horas diárias","dias de trabalho",null,{"$f":"H165","v":1.4046428571428571E-2}]
[null,null,"chp",null,1,{"$f":"$H$159","v":1.4046428571428571E-2},null,{"$f":"E165*F165","v":1.4046428571428571E-2}]
[{"$f":"CPU!A104","v":"4.1.4"},{"$f":"VLOOKUP(A166,CPU!$A$7:$E$5404,4,0)","v":"Miniônibus com capacidade para 30 passageiros - 111 Kw"},{"$f":"VLOOKUP(A166,CPU!$A$7:$E$5404,5,0)","v":"chi"},null,"horas diárias","dias de trabalho",null,{"$f":"H167","v":9.8324999999999996E-2}]
[null,null,"chi",null,{"$f":"8-E165","v":7},{"$f":"$H$159","v":1.4046428571428571E-2},null,{"$f":"E167*F167","v":9.8324999999999996E-2}]
[]
[{"$f":"CPU!A105","v":"4.1.5"},{"$f":"VLOOKUP(A169,CPU!$A$7:$E$5404,4,0)","v":"Transporte Com Caminhão Basculante De 10 M³, Em Via Urbana Em Revestimento Primário (Unidade: M3Xkm). Af_07/2020"},{"$f":"VLOOKUP(A169,CPU!$A$7:$E$5404,5,0)","v":"m3xkm"},"m³","km",null,null,{"$f":"H171","v":17.7}]
[null,"VOLUME TRANSPORTADO: ARGILA, ARGILA VERMELHA OU ARGILA ARENOSA para atividade aterro",null,{"$f":"$H$150","v":1}]
[null,"Transporte Com Caminhão Basculante De 10 M³, Em Via Urbana Em Revestimento Primário (Unidade: M3Xkm). Af_07/2020",null,null,{"$f":"$H$7","v":17.7},null,null,{"$f":"$D$170*E171","v":17.7}]
[]
[{"$f":"CPU!A106","v":"4.1.6"},{"$f":"VLOOKUP(A173,CPU!$A$7:$E$5404,4,0)","v":"Transporte Com Caminhão Basculante De 10 M³, Em Via Urbana Pavimentada, Dmt Até 30 Km (Unidade: M3Xkm). Af_07/2020"},{"$f":"VLOOKUP(A173,CPU!$A$7:$E$5404,5,0)","v":"m3xkm"},"m³","km",null,null,{"$f":"H175","v":5.8000000000000007}]
[null,"VOLUME TRANSPORTADO: ARGILA, ARGILA VERMELHA OU ARGILA ARENOSA para atividade aterro",null,{"$f":"$H$150","v":1}]
[" ","Transporte Com Caminhão Basculante De 10 M³, Em Via Urbana Pavimentada, Adicional Para Dmt Excedente A 30 Km (Unidade: M3Xkm). Af_07/2020"," ",null,{"$f":"H8","v":5.8000000000000007},null,null,{"$f":"$D$174*E175","v":5.8000000000000007}]
[]
[{"$f":"'Planilha Orçamentária'!A26","v":5},{"$f":"VLOOKUP(A177,'Planilha Orçamentária'!$A$10:$D$49,4,0)","v":"REGULARIZAÇÃO E PAVIMENTAÇÃO DA CRISTA"},{"$nulls":6},{"$f":"H183+H198","v":1.6250000000000001E-2},{"$f":"D183+D197+D198+D269+D270","v":15}]
[{"$f":"CPU!A109","v":"5.1"},{"$f":"VLOOKUP(A178,'Planilha Orçamentária'!$A$7:$E$5161,4,0)","v":"Regularização e compactação da crista"},{"$nulls":5},{"$f":"C180","v":1925}]
[{"$f":"CPU!A113","v":"5.1.1"},{"$f":"VLOOKUP(A179,CPU!$A$7:$E$5404,4,0)","v":"Regularização E Compactação De Subleito De Solo  Predominantemente Argiloso. Af_11/2019"},{"$f":"VLOOKUP(A179,CPU!$A$7:$E$5404,5,0)","v":"m2"},"Comprimento crista (m)","Largura da crista",null,null,1]
[null,"ESTRUTRURA NOVA",{"$f":"D180*E180","v":1925},550,3.5,null,null,{"$f":"D180*E180","v":1925}]
[]
[null,"MÃO DE OBRA",null,"PESSOAS","ÍNDICE","RENDIMENTO","H","DIAS"]
[null,"88316 SERVENTE COM ENCARGOS COMPLEMENTARES ","H",1,8.0000000000000002E-3,{"$f":"E183/D183","v":8.0000000000000002E-3},{"$f":"F183*$H$179","v":8.0000000000000002E-3},{"$f":"G183/8","v":1E-3}]
[]
[{"$f":"CPU!A114","v":"5.1.2"},{"$f":"VLOOKUP(A185,CPU!$A$7:$E$5404,4,0)","v":"Hospedagem"},{"$f":"VLOOKUP(A185,CPU!$A$7:$E$5404,5,0)","v":"un"},"DIAS DE HOSPEDAGEM",null,null,null,{"$f":"H186","v":1E-3}]
[null,null,null,{"$f":"$H$183*$D$183","v":1E-3},null,null,null,{"$f":"D186","v":1E-3}]
[]
[{"$f":"CPU!A115","v":"5.1.3"},{"$f":"VLOOKUP(A188,CPU!$A$7:$E$5404,4,0)","v":"Miniônibus com capacidade para 30 passageiros - 111 Kw"},{"$f":"VLOOKUP(A188,CPU!$A$7:$E$5404,5,0)","v":"chp"},null,"horas diárias","dias de trabalho",null,{"$f":"H189","v":1E-3}]
[null,null,"chp",null,1,{"$f":"$H$183","v":1E-3},null,{"$f":"E189*F189","v":1E-3}]
[{"$f":"CPU!A116","v":"5.1.4"},{"$f":"VLOOKUP(A190,CPU!$A$7:$E$5404,4,0)","v":"Miniônibus com capacidade para 30 passageiros - 111 Kw"},{"$f":"VLOOKUP(A190,CPU!$A$7:$E$5404,5,0)","v":"chi"},null,"horas diárias","dias de trabalho",null,{"$f":"H191","v":7.0000000000000001E-3}]
[null,null,"chi",null,{"$f":"8-E189","v":7},{"$f":"$H$183","v":1E-3},null,{"$f":"E191*F191","v":7.0000000000000001E-3}]
[{"$f":"'Planilha Orçamentária'!A28","v":"5.2"},{"$f":"VLOOKUP(A192,'Planilha Orçamentária'!$A$7:$E$5161,4,0)","v":"Drenagem"},{"$nulls":5},1100]
[{"$f":"CPU!A123","v":"5.2.1"},{"$f":"VLOOKUP(A193,CPU!$A$7:$E$5404,4,0)","v":"Guia (Meio-Fio) E Sarjeta Conjugados De Concreto, Moldada  In Loco  Em Trecho Reto Com Extrusora, 45 Cm Base (15 Cm Base Da Guia + 30 Cm Base Da Sarjeta) X 22 Cm Altura. Af_01/2024"},"Comprimento meio-fio (m)","Comprimento crista (m)",null,null,null,1]
[null,"ESTRUTRURA NOVA",1100,550,null,null,null,{"$f":"C194","v":1100}]
[]
[null,"MÃO DE OBRA",null,"PESSOAS","ÍNDICE","RENDIMENTO","H","DIAS"]
["DIAS MÃO DE OBRA","88243 AJUDANTE ESPECIALIZADO COM ENCARGOS COMPLEMENTARES","H",1,0.109,{"$f":"E197/D197","v":0.109},{"$f":"F197*$H$193","v":0.109},{"$f":"G197/8","v":1.3625E-2},{"$f":"E198/$E$197","v":2.238532110091743}]
["DIAS MÃO DE OBRA","88309 PEDREIRO COM ENCARGOS COMPLEMENTARES","H",2,0.24399999999999999,{"$f":"E198/D198","v":0.122},{"$f":"F198*$H$193","v":0.122},{"$f":"G198/8","v":1.525E-2},{"$f":"E199/$E$197","v":4.4678899082568808}]
["DIAS MÃO DE OBRA","88316 SERVENTE COM ENCARGOS COMPLEMENTARES ","H",4,0.48699999999999999,{"$f":"E199/D199","v":0.12175},{"$f":"F199*$H$193","v":0.12175},{"$f":"G199/8","v":1.521875E-2},13.39]
[]
[{"$f":"CPU!A124","v":"5.2.2"},{"$f":"VLOOKUP(A201,CPU!$A$7:$E$5404,4,0)","v":"Transporte Com Caminhão Carroceria 9T, Em Via Urbana Em Revestimento Primário (Unidade: Txkm). Af_07/2020"},{"$f":"VLOOKUP(A201,CPU!$A$7:$E$5404,5,0)","v":"txkm"},"kg/m","ton","km",null,{"$f":"H202","v":0.33350000000000007}]
[null,"GUIA DE CALÇADA 1,00 X 0,30 X 0,10 : 57,5 kg (https://crepan.com.br/guias-de-concreto/)",null,57.5,{"$f":"($H$193*D202)/1000","v":5.7500000000000002E-2},{"$f":"$H$8","v":5.8000000000000007},null,{"$f":"E202*F202","v":0.33350000000000007}]
[]
[{"$f":"CPU!A125","v":"5.2.3"},{"$f":"VLOOKUP(A204,CPU!$A$7:$E$5404,4,0)","v":"Transporte Com Caminhão Carroceria 9T, Em Via Urbana Pavimentada, Dmt Até 30Km (Unidade: Txkm). Af_07/2020"},{"$f":"VLOOKUP(A204,CPU!$A$7:$E$5404,5,0)","v":"txkm"},"kg/m","ton","km",null,{"$f":"H205","v":1.0177499999999999}]
[null,null,null,57.5,{"$f":"($H$193*D205)/1000","v":5.7500000000000002E-2},{"$f":"H7","v":17.7},null,{"$f":"E205*F205","v":1.0177499999999999}]
[]
[{"$f":"CPU!A126","v":"5.2.4"},{"$f":"VLOOKUP(A207,CPU!$A$7:$E$5404,4,0)","v":"Betoneira Capacidade Nominal De 400 L, Capacidade De Mistura 280 L, Motor Elétrico Trifásico Potência De 2 Cv, Sem Carregador - Chp Diurno. Af_05/2023"},{"$f":"VLOOKUP(A207,CPU!$A$7:$E$5404,5,0)","v":"chp"},"HORAS","OPERAÇÃO",null,null,{"$f":"H208","v":9.5161219999999991E-2}]
[null,null,1.1143000000000001,{"$f":"G198","v":0.122},0.7,null,null,{"$f":"C208*D208*E208","v":9.5161219999999991E-2}]
[]
[{"$f":"CPU!A127","v":"5.2.5"},{"$f":"VLOOKUP(A210,CPU!$A$7:$E$5404,4,0)","v":"Betoneira Capacidade Nominal De 400 L, Capacidade De Mistura 280 L, Motor Elétrico Trifásico Potência De 2 Cv, Sem Carregador - Chi Diurno. Af_05/2023"},{"$f":"VLOOKUP(A210,CPU!$A$7:$E$5404,5,0)","v":"chi"},"HORAS","NÃO OPERAÇÃO",null,null,{"$f":"H211","v":1.8054779999999999E-2}]
[null,null,0.49330000000000002,{"$f":"D208","v":0.122},0.3,null,null,{"$f":"C211*D211*E211","v":1.8054779999999999E-2}]
[]
[{"$f":"CPU!A128","v":"5.2.6"},{"$f":"VLOOKUP(A213,CPU!$A$7:$E$5404,4,0)","v":"Hospedagem"},{"$f":"VLOOKUP(A213,CPU!$A$7:$E$5404,5,0)","v":"un"},"DIAS DE HOSPEDAGEM",null,null,null,{"$f":"D214","v":0.105}]
[null,null,null,{"$f":"$H$197*$D$197+$H$198*$D$198+$H$199*$D$199","v":0.105}]
[{"$f":"CPU!A129","v":"5.2.7"},{"$f":"VLOOKUP(A215,CPU!$A$7:$E$5404,4,0)","v":"Miniônibus com capacidade para 30 passageiros - 111 Kw"},{"$f":"VLOOKUP(A215,CPU!$A$7:$E$5404,5,0)","v":"chp"},null,"horas diárias","dias de trabalho",null,{"$f":"SUM(H216:H216)","v":1.525E-2}]
[null,null,"chp",null,1,{"$f":"$H$198","v":1.525E-2},null,{"$f":"E216*F216","v":1.525E-2}]
[{"$f":"CPU!A130","v":"5.2.8"},{"$f":"VLOOKUP(A217,CPU!$A$7:$E$5404,4,0)","v":"Miniônibus com capacidade para 30 passageiros - 111 Kw"},{"$f":"VLOOKUP(A217,CPU!$A$7:$E$5404,5,0)","v":"chi"},null,"horas diárias","dias de trabalho",null,{"$f":"H218","v":0.10675}]
[null,null,"chi",null,{"$f":"8-E216","v":7},{"$f":"$H$198","v":1.525E-2},null,{"$f":"E218*F218","v":0.10675}]
[]
[{"$f":"'Planilha Orçamentária'!A29","v":"5.3"},{"$f":"VLOOKUP(A220,'Planilha Orçamentária'!$A$7:$E$5161,4,0)","v":"Revestimento com BGS"},{"$nulls":5},{"$f":"H222","v":192.5}]
[{"$f":"CPU!A137","v":"5.3.1"},{"$f":"VLOOKUP(A221,CPU!$A$7:$E$5404,4,0)","v":"Execução E Compactação De Base E Ou Sub Base Para Pavimentação De Brita Graduada Simples - Exclusive Carga E Transporte. Af_11/2019"},{"$f":"VLOOKUP(A221,CPU!$A$7:$E$5404,5,0)","v":"m3"},"m²","Espessura BGS",null,null,1]
[null,"Considerou-se 10 cm de cobrimento - área da crista 1925,00 m²",{"$f":"D222*E222","v":192.5},1925,0.1,null,null,{"$f":"D222*E222","v":192.5}]
[]
[null,"MÃO DE OBRA",null,"PESSOAS","ÍNDICE","RENDIMENTO","H","DIAS"]
["DIAS MÃO DE OBRA","88316 SERVENTE COM ENCARGOS COMPLEMENTARES","H",1,0.03,{"$f":"E225/D225","v":0.03},{"$f":"F225*$H$221","v":0.03},{"$f":"G225/8","v":3.7499999999999999E-3}]
[]
[]
[{"$f":"CPU!A138","v":"5.3.2"},{"$f":"VLOOKUP(A228,CPU!$A$7:$E$5404,4,0)","v":"Carga, Manobra E Descarga De Solos E Materiais Granulares Em Caminhão Basculante 18 M³ - Carga Com Pá Carregadeira (Caçamba De 1,7 A 2,8 M³ / 128 Hp) E Descarga Livre (Unidade: M3). Af_07/2020"},{"$f":"VLOOKUP(A228,CPU!$A$7:$E$5404,5,0)","v":"m3"},{"$nulls":4},{"$f":"H229","v":1}]
[null,"Considerou-se 10 cm de cobrimento - área da crista 1925,00 m²",null,{"$f":"$H$221","v":1},null,null,null,{"$f":"D229","v":1}]
[]
[{"$f":"CPU!A139","v":"5.3.3"},{"$f":"VLOOKUP(A231,CPU!$A$7:$E$5404,4,0)","v":"Transporte Com Caminhão Basculante De 10 M³, Em Via Urbana Em Revestimento Primário (Unidade: M3Xkm). Af_07/2020"},{"$f":"VLOOKUP(A231,CPU!$A$7:$E$5404,5,0)","v":"m3xkm"},null,null,"km",null,{"$f":"H232","v":5.8000000000000007}]
[{"$nulls":5},{"$f":"$H$8","v":5.8000000000000007},null,{"$f":"F232","v":5.8000000000000007}]
[]
[{"$f":"CPU!A140","v":"5.3.4"},{"$f":"VLOOKUP(A234,CPU!$A$7:$E$5404,4,0)","v":"Transporte Com Caminhão Basculante De 10 M³, Em Via Urbana Pavimentada, Dmt Até 30 Km (Unidade: M3Xkm). Af_07/2020"},{"$f":"VLOOKUP(A234,CPU!$A$7:$E$5404,5,0)","v":"m3xkm"},null,null,"km",null,{"$f":"H235","v":17.7}]
[{"$nulls":5},{"$f":"$H$7","v":17.7},null,{"$f":"F235","v":17.7}]
[]
[{"$f":"CPU!A141","v":"5.3.5"},{"$f":"VLOOKUP(A237,CPU!$A$7:$E$5404,4,0)","v":"Hospedagem"},{"$f":"VLOOKUP(A237,CPU!$A$7:$E$5404,5,0)","v":"un"},"DIAS DE HOSPEDAGEM","VOLUME BGTC",null,null,{"$f":"D238","v":3.7499999999999999E-3}]
[null,null,null,{"$f":"$H$225*$D$225","v":3.7499999999999999E-3},{"$f":"$H$220","v":192.5}]
[{"$f":"CPU!A142","v":"5.3.6"},{"$f":"VLOOKUP(A239,CPU!$A$7:$E$5404,4,0)","v":"Miniônibus com capacidade para 30 passageiros - 111 Kw"},{"$f":"VLOOKUP(A239,CPU!$A$7:$E$5404,5,0)","v":"chp"},null,"horas diárias","dias de trabalho","VOLUME BGTC",{"$f":"SUM(H240:H240)","v":3.7499999999999999E-3}]
[null,null,"chp",null,1,{"$f":"$H$225","v":3.7499999999999999E-3},{"$f":"$H$220","v":192.5},{"$f":"E240*F240","v":3.7499999999999999E-3}]
[{"$f":"CPU!A143","v":"5.3.7"},{"$f":"VLOOKUP(A241,CPU!$A$7:$E$5404,4,0)","v":"Miniônibus com capacidade para 30 passageiros - 111 Kw"},{"$f":"VLOOKUP(A241,CPU!$A$7:$E$5404,5,0)","v":"chi"},null,"horas diárias","dias de trabalho","VOLUME BGTC",{"$f":"H242","v":2.6249999999999999E-2}]
[null,null,"chi",null,{"$f":"8-E240","v":7},{"$f":"$H$225","v":3.7499999999999999E-3},{"$f":"$H$220","v":192.5},{"$f":"E242*F242","v":2.6249999999999999E-2}]
[]
[{"$f":"'Planilha Orçamentária'!A31","v":6},{"$f":"VLOOKUP(A244,'Planilha Orçamentária'!$A$10:$D$49,4,0)","v":"MANUTENÇÃO NO TALUDE DE MONTANTE"},{"$nulls":6},{"$f":"H270","v":6.25E-2},{"$f":"D269+D270+D278+D279+D301+D302","v":17}]
[{"$f":"'Planilha Orçamentária'!A32","v":"6.1"},{"$f":"VLOOKUP(A245,'Planilha Orçamentária'!$A$7:$E$5161,4,0)","v":"Enrocamento c/ pedra de mão para proteção do talude"},{"$nulls":5},{"$f":"H247","v":621}]
[null,null,"m2","Altura","m3",null,null,1]
[null,"Área talude de montante calculada no Google Earth",6210,0.1,{"$f":"C247*D247","v":621},null,null,{"$f":"C247*D247","v":621}]
["CPU.05",null,null,"Índices conforme SICRO"]
[{"$f":"CPU!A148","v":"6.1.1"},{"$f":"VLOOKUP(A249,CPU!$A$7:$E$5478,4,0)","v":"PEDRA DE MAO OU PEDRA RACHAO PARA ARRIMO/FUNDACAO (POSTO PEDREIRA/FORNECEDOR, SEM FRETE)                                                                                                                                                                                                                                                                                                                                                                                                                  "},{"$f":"VLOOKUP(A249,CPU!$A$7:$E$5478,5,0)","v":"M3    "},"M2","Índice",null,null,1.2,"i"]
[{"$nulls":4},1.2]
[{"$f":"CPU!A151","v":"6.1.2"},{"$f":"VLOOKUP(A251,CPU!$A$7:$E$5478,4,0)","v":"TRANSPORTE COM CAMINHÃO BASCULANTE DE 10 M³, EM VIA URBANA EM REVESTIMENTO PRIMÁRIO (UNIDADE: M3XKM). AF_07/2020"},{"$f":"VLOOKUP(A251,CPU!$A$7:$E$5478,5,0)","v":"M3XKM"},"m3","km",null,null,{"$f":"H252","v":5.8000000000000007}]
[{"$nulls":4},{"$f":"$H$8","v":5.8000000000000007},null,null,{"$f":"E252","v":5.8000000000000007}]
[{"$f":"CPU!A152","v":"6.1.3"},{"$f":"VLOOKUP(A253,CPU!$A$7:$E$5478,4,0)","v":"TRANSPORTE COM CAMINHÃO BASCULANTE DE 10 M³, EM VIA URBANA PAVIMENTADA, DMT ATÉ 30 KM (UNIDADE: M3XKM). AF_07/2020"},{"$f":"VLOOKUP(A253,CPU!$A$7:$E$5478,5,0)","v":"M3XKM"},"m3","km",null,null,{"$f":"H254","v":17.7}]
[{"$nulls":4},{"$f":"$H$7","v":17.7},null,null,{"$f":"E254","v":17.7}]
[]
[{"$f":"CPU!A153","v":"6.1.4"},{"$f":"VLOOKUP(A256,CPU!$A$7:$E$5478,4,0)","v":"CARGA, MANOBRA E DESCARGA DE SOLOS E MATERIAIS GRANULARES EM CAMINHÃO BASCULANTE 18 M³ - CARGA COM PÁ CARREGADEIRA (CAÇAMBA DE 1,7 A 2,8 M³ / 128 HP) E DESCARGA LIVRE (UNIDADE: M3). AF_07/2020"},{"$f":"VLOOKUP(A256,CPU!$A$7:$E$5478,5,0)","v":"M3"},null,"Índice",null,null,{"$f":"H257","v":1}]
[{"$nulls":4},1,null,null,{"$f":"E257","v":1}]
[]
[{"$f":"CPU!A154","v":"6.1.5"},{"$f":"VLOOKUP(A259,CPU!$A$7:$E$5478,4,0)","v":"Hospedagem"},{"$f":"VLOOKUP(A259,CPU!$A$7:$E$5478,5,0)","v":"un"},"DIAS DE HOSPEDAGEM",null,null,null,{"$f":"D260","v":0.6875}]
[null,null,null,{"$f":"$H$269*$D$269+$H$270*$D$270","v":0.6875}]
[{"$f":"CPU!A155","v":"6.1.6"},{"$f":"VLOOKUP(A261,CPU!$A$7:$E$5478,4,0)","v":"Miniônibus com capacidade para 30 passageiros - 111 Kw"},{"$f":"VLOOKUP(A261,CPU!$A$7:$E$5478,5,0)","v":"chp"},null,"horas diárias","dias de trabalho",null,{"$f":"H262","v":6.25E-2}]
[null,null,"chp",null,1,{"$f":"$H$269","v":6.25E-2},null,{"$f":"E262*F262","v":6.25E-2}]
[{"$f":"CPU!A156","v":"6.1.7"},{"$f":"VLOOKUP(A263,CPU!$A$7:$E$5478,4,0)","v":"Miniônibus com capacidade para 30 passageiros - 111 Kw"},{"$f":"VLOOKUP(A263,CPU!$A$7:$E$5478,5,0)","v":"chi"},null,"horas diárias","dias de trabalho",null,{"$f":"H264","v":0.4375}]
[null,null,"chi",null,{"$f":"8-E262","v":7},{"$f":"$H$269","v":6.25E-2},null,{"$f":"E264*F264","v":0.4375}]
[null,null,null,1]
[{"$f":"CPU!A158","v":"6.1.8"},{"$f":"VLOOKUP(A266,CPU!$A$7:$E$5478,4,0)","v":"PEDREIRO COM ENCARGOS COMPLEMENTARES"},{"$nulls":5},0.5]
[{"$f":"CPU!A159","v":"6.1.9"},{"$f":"VLOOKUP(A267,CPU!$A$7:$E$5478,4,0)","v":"SERVENTE COM ENCARGOS COMPLEMENTARES"},{"$nulls":5},5]
[null,"MÃO DE OBRA",null,"PESSOAS","ÍNDICE","RENDIMENTO","H","DIAS"]
["DIAS MÃO DE OBRA","88309 PEDREIRO COM ENCARGOS COMPLEMENTARES","H",1,0.5,{"$f":"E269/D269","v":0.5},{"$f":"F269*$H$246","v":0.5},{"$f":"G269/8","v":6.25E-2}]
["DIAS MÃO DE OBRA","88316 SERVENTE COM ENCARGOS COMPLEMENTARES ","H",10,5,{"$f":"E270/D270","v":0.5},{"$f":"F270*$H$246","v":0.5},{"$f":"G270/8","v":6.25E-2}]
[]
[{"$f":"'Planilha Orçamentária'!A34","v":7},{"$f":"VLOOKUP(A272,'Planilha Orçamentária'!$A$10:$D$49,4,0)","v":"DRENAGEM SUPERFICIAL DO TALUDE JUSANTE"},{"$nulls":6},{"$f":"H278+H301","v":5.2407875E-2},{"$f":"D278+D301+D302","v":4}]
[{"$f":"'Planilha Orçamentária'!A35","v":"7.1"},{"$f":"VLOOKUP(A273,'Planilha Orçamentária'!$A$7:$E$5161,4,0)","v":"Canaleta para descida d'água"},{"$nulls":5},{"$f":"D275*E275","v":616}]
[{"$f":"CPU!A165","v":"7.1.1"},{"$f":"VLOOKUP(A274,CPU!$A$7:$E$5478,4,0)","v":"Canaleta Meia Cana Pré-Moldada De Concreto (D = 30 Cm) - Fornecimento E Instalação. Af_08/2021"},{"$f":"VLOOKUP(A274,CPU!$A$7:$E$5478,5,0)","v":"m"},"QUANTIDADE CANALETAS","COMPR. MÉDIO (m)","Porcentagem de Restauraçãp",null,1]
[null,"canaleta nova",{"$f":"D275*E275","v":616},28,22,null,null,{"$f":"D275*E275","v":616}]
[]
[null,"MÃO DE OBRA",null,"PESSOAS","ÍNDICE","RENDIMENTO","H","DIAS"]
["DIAS MÃO DE OBRA","88309 PEDREIRO COM ENCARGOS COMPLEMENTARES","H",2,{"$f":"0.2812","v":0.28120000000000001},{"$f":"E278/D278","v":0.1406},{"$f":"F278*$H$274","v":0.1406},{"$f":"G278/8","v":1.7575E-2}]
["DIAS MÃO DE OBRA","88316 SERVENTE COM ENCARGOS COMPLEMENTARES ","H",2,{"$f":"0.2812","v":0.28120000000000001},{"$f":"E279/D279","v":0.1406},{"$f":"F279*$H$274","v":0.1406},{"$f":"G279/8","v":1.7575E-2}]
[]
[{"$f":"CPU!A166","v":"7.1.2"},{"$f":"VLOOKUP(A281,CPU!$A$7:$E$5478,4,0)","v":"Transporte Com Caminhão Carroceria 9T, Em Via Urbana Em Revestimento Primário (Unidade: Txkm). Af_07/2020"},{"$f":"VLOOKUP(A281,CPU!$A$7:$E$5478,5,0)","v":"txkm"},"m","Peso canaleta (ton","km",null,{"$f":"H282","v":0.46400000000000008}]
[null,"Peso da meia cana D400mm = 80 kg",null,{"$f":"$H$274","v":1},{"$f":"80/1000","v":0.08},{"$f":"H8","v":5.8000000000000007},null,{"$f":"D282*E282*F282","v":0.46400000000000008}]
[]
[{"$f":"CPU!A167","v":"7.1.3"},{"$f":"VLOOKUP(A284,CPU!$A$7:$E$5478,4,0)","v":"Transporte Com Caminhão Carroceria 9T, Em Via Urbana Pavimentada, Dmt Até 30Km (Unidade: Txkm). Af_07/2020"},{"$f":"VLOOKUP(A284,CPU!$A$7:$E$5478,5,0)","v":"txkm"},"m","Peso canaleta (ton","km",null,{"$f":"H285","v":1.4159999999999999}]
[null,null,null,{"$f":"$H$274","v":1},{"$f":"80/1000","v":0.08},{"$f":"H7","v":17.7},null,{"$f":"D285*E285*F285","v":1.4159999999999999}]
[]
[{"$f":"CPU!A168","v":"7.1.4"},{"$f":"VLOOKUP(A287,CPU!$A$7:$E$5478,4,0)","v":"Hospedagem"},{"$f":"VLOOKUP(A287,CPU!$A$7:$E$5478,5,0)","v":"un"},{"$nulls":4},{"$f":"$H$278*$D$278+$H$279*$D$279","v":7.0300000000000001E-2}]
[]
[{"$f":"CPU!A169","v":"7.1.5"},{"$f":"VLOOKUP(A289,CPU!$A$7:$E$5478,4,0)","v":"Miniônibus com capacidade para 30 passageiros - 111 Kw"},{"$f":"VLOOKUP(A289,CPU!$A$7:$E$5478,5,0)","v":"chp"},null,"horas diárias","dias de trabalho",null,{"$f":"H290","v":1.7575E-2}]
[null,null,"chp",null,1,{"$f":"$H$278","v":1.7575E-2},null,{"$f":"E290*F290","v":1.7575E-2}]
[{"$f":"CPU!A170","v":"7.1.6"},{"$f":"VLOOKUP(A291,CPU!$A$7:$E$5478,4,0)","v":"Miniônibus com capacidade para 30 passageiros - 111 Kw"},{"$f":"VLOOKUP(A291,CPU!$A$7:$E$5478,5,0)","v":"chi"},null,"horas diárias","dias de trabalho",null,{"$f":"H292","v":0.123025}]
[null,null,"chi",null,{"$f":"8-E290","v":7},{"$f":"$H$278","v":1.7575E-2},null,{"$f":"E292*F292","v":0.123025}]
[]
[{"$f":"'Planilha Orçamentária'!A36","v":"7.2"},{"$f":"VLOOKUP(A294,'Planilha Orçamentária'!$A$7:$E$5161,4,0)","v":"Entrada para descida d'água"},{"$nulls":5},{"$f":"D296","v":28}]
[null,"Dimensionamento para 1 canaleta",null,"QUANTIDADE CANALETAS",null,null,null,1]
[null,null,null,28]
[{"$f":"CPU!A177","v":"7.2.1"},{"$f":"VLOOKUP(A297,CPU!$A$7:$E$5478,4,0)","v":"Concreto Fck = 20Mpa, Traço 1:2,7:3 (Em Massa Seca De Cimento/ Areia Média/ Brita 1) - Preparo Mecânico Com Betoneira 400 L. Af_05/2021"},{"$f":"VLOOKUP(A297,CPU!$A$7:$E$5478,5,0)","v":"M3"},null,"ÍNDICE",null,null,{"$f":"H298","v":0.11}]
[null,null,1,null,0.11,null,null,{"$f":"E298","v":0.11}]
[]
[null,"MÃO DE OBRA",null,"PESSOAS","ÍNDICE","RENDIMENTO","H","DIAS"]
[null,"88316 SERVENTE COM ENCARGOS COMPLEMENTARES ","H",1,{"$f":"2.5333*$E$298","v":0.27866299999999999},{"$f":"E301/D301","v":0.27866299999999999},{"$f":"F301*$H$295","v":0.27866299999999999},{"$f":"G301/8","v":3.4832874999999999E-2}]
[null,"88377 OPERADOR DE BETONEIRA ESTACIONÁRIA/MISTURADOR COM ENCARGOS COMPLEMENTARES","H",1,{"$f":"2.5333*$E$298","v":0.27866299999999999},{"$f":"E302/D302","v":0.27866299999999999},{"$f":"F302*$H$295","v":0.27866299999999999},{"$f":"G302/8","v":3.4832874999999999E-2}]
[]
[{"$f":"CPU!A178","v":"7.2.2"},{"$f":"VLOOKUP(A304,CPU!$A$7:$E$5478,4,0)","v":"Fabricação De Fôrma Para Lajes, Em Chapa De Madeira Compensada Plastificada, E = 18 Mm. Af_09/2020"},{"$f":"VLOOKUP(A304,CPU!$A$7:$E$5478,5,0)","v":"M2"},{"$nulls":4},{"$f":"H305","v":0.1}]
[null,null,null,0.1,null,null,null,{"$f":"D305","v":0.1}]
[]
[null,"MÃO DE OBRA",null,"PESSOAS","ÍNDICE","RENDIMENTO","H","DIAS"]
[null,"88239 AJUDANTE DE CARPINTEIRO COM ENCARGOS COMPLEMENTARES ","H",1,{"$f":"0.005*D305","v":5.0000000000000001E-4},{"$f":"E308/D308","v":5.0000000000000001E-4},{"$f":"F308*$H$295","v":5.0000000000000001E-4},{"$f":"G308/8","v":6.2500000000000001E-5}]
[null,"88262 CARPINTEIRO DE FORMAS COM ENCARGOS COMPLEMENTARES ","H",1,{"$f":"0.005*D306","v":0},{"$f":"E309/D309","v":0},{"$f":"F309*$H$295","v":0},{"$f":"G309/8","v":0}]
[]
[{"$f":"CPU!A179","v":"7.2.3"},{"$f":"VLOOKUP(A311,CPU!$A$7:$E$5478,4,0)","v":"Hospedagem"},{"$f":"VLOOKUP(A311,CPU!$A$7:$E$5478,5,0)","v":"un"},{"$nulls":4},{"$f":"$H$301*$D$301+$H$302*$D$302+$H$308*$D$308+$H$309*$D$309","v":6.9728249999999992E-2}]
[]
[{"$f":"CPU!A180","v":"7.2.4"},{"$f":"VLOOKUP(A313,CPU!$A$7:$E$5478,4,0)","v":"Miniônibus com capacidade para 30 passageiros - 111 Kw"},{"$f":"VLOOKUP(A313,CPU!$A$7:$E$5478,5,0)","v":"chp"},null,"horas diárias","dias de trabalho",null,{"$f":"H314","v":3.4832874999999999E-2}]
[null,null,"chp",null,1,{"$f":"$H$301","v":3.4832874999999999E-2},null,{"$f":"E314*F314","v":3.4832874999999999E-2}]
[{"$f":"CPU!A181","v":"7.2.5"},{"$f":"VLOOKUP(A315,CPU!$A$7:$E$5478,4,0)","v":"Miniônibus com capacidade para 30 passageiros - 111 Kw"},{"$f":"VLOOKUP(A315,CPU!$A$7:$E$5478,5,0)","v":"chi"},null,"horas diárias","dias de trabalho",null,{"$f":"H316","v":0.24383012500000001}]
[null,null,"chi",null,{"$f":"8-E314","v":7},{"$f":"$H$301","v":3.4832874999999999E-2},null,{"$f":"E316*F316","v":0.24383012500000001}]
[{"$f":"'Planilha Orçamentária'!A38","v":8},{"$f":"VLOOKUP(A317,'Planilha Orçamentária'!$A$10:$D$49,4,0)","v":"PROTEÇÃO SUPERFICIAL DO TALUDE DE JUSANTE"}]
[{"$f":"'Planilha Orçamentária'!A39","v":"8.1"},{"$f":"VLOOKUP(A318,'Planilha Orçamentária'!$A$7:$E$5161,4,0)","v":"Aplicação de Adubo"},{"$nulls":5},10315]
[{"$f":"CPU!A188","v":"8.1.1"},{"$f":"VLOOKUP(A319,CPU!$A$7:$E$5478,4,0)","v":"Aplicação De Adubo Em Solo. Af_05/2018"},{"$f":"VLOOKUP(A319,CPU!$A$7:$E$5478,5,0)","v":"m2"},{"$nulls":4},1]
[null,"Área talude de jusante calculada no Google Earth",10315,{"$nulls":4},{"$f":"C320","v":10315}]
[]
[null,"MÃO DE OBRA",null,"PESSOAS","ÍNDICE","RENDIMENTO","H","DIAS"]
["DIAS MÃO DE OBRA","88316 SERVENTE COM ENCARGOS COMPLEMENTARES ","H",4,1.3299999999999999E-2,{"$f":"E323/D323","v":3.3249999999999998E-3},{"$f":"F323*$H$319","v":3.3249999999999998E-3},{"$f":"G323/8","v":4.1562499999999998E-4}]
["DIAS MÃO DE OBRA","88441 JARDINEIRO COM ENCARGOS COMPLEMENTARES ","H",1,3.3E-3,{"$f":"E324/D324","v":3.3E-3},{"$f":"F324*$H$319","v":3.3E-3},{"$f":"G324/8","v":4.125E-4}]
[]
[{"$f":"CPU!A189","v":"8.1.2"},{"$f":"VLOOKUP(A326,CPU!$A$7:$E$5478,4,0)","v":"Hospedagem"},{"$f":"VLOOKUP(A326,CPU!$A$7:$E$5478,5,0)","v":"un"},{"$nulls":4},{"$f":"$H$323*$D$323+$H$324*$D$324","v":2.075E-3}]
[]
[{"$f":"CPU!A190","v":"8.1.3"},{"$f":"VLOOKUP(A328,CPU!$A$7:$E$5478,4,0)","v":"Miniônibus com capacidade para 30 passageiros - 111 Kw"},{"$f":"VLOOKUP(A328,CPU!$A$7:$E$5478,5,0)","v":"chp"},null,"horas diárias","dias de trabalho",null,{"$f":"H329","v":4.1562499999999998E-4}]
[null,null,"chp",null,1,{"$f":"$H$323","v":4.1562499999999998E-4},null,{"$f":"E329*F329","v":4.1562499999999998E-4}]
[{"$f":"CPU!A191","v":"8.1.4"},{"$f":"VLOOKUP(A330,CPU!$A$7:$E$5478,4,0)","v":"Miniônibus com capacidade para 30 passageiros - 111 Kw"},{"$f":"VLOOKUP(A330,CPU!$A$7:$E$5478,5,0)","v":"chi"},null,"horas diárias","dias de trabalho",null,{"$f":"H331","v":2.9093749999999996E-3}]
[null,null,"chi",null,{"$f":"8-E329","v":7},{"$f":"$H$323","v":4.1562499999999998E-4},null,{"$f":"E331*F331","v":2.9093749999999996E-3}]
[]
[{"$f":"CPU!A192","v":"8.1.5"},{"$f":"VLOOKUP(A333,CPU!$A$7:$E$5478,4,0)","v":"Transporte Com Caminhão Carroceria 9T, Em Via Urbana Em Revestimento Primário (Unidade: Txkm). Af_07/2020"},{"$f":"VLOOKUP(A333,CPU!$A$7:$E$5478,5,0)","v":"txkm"},"Grama (ton)","km",null,null,{"$f":"H334","v":1.5080000000000001E-2}]
[null,null,null,{"$f":"((0.1+2.5)/1000)","v":2.5999999999999999E-3},{"$f":"H8","v":5.8000000000000007},null,null,{"$f":"D334*E334","v":1.5080000000000001E-2}]
[]
[{"$f":"CPU!A193","v":"8.1.6"},{"$f":"VLOOKUP(A336,CPU!$A$7:$E$5478,4,0)","v":"Transporte Com Caminhão Carroceria 9T, Em Via Urbana Pavimentada, Dmt Até 30Km (Unidade: Txkm). Af_07/2020"},{"$f":"VLOOKUP(A336,CPU!$A$7:$E$5478,5,0)","v":"txkm"},"Grama (ton)","km",null,null,{"$f":"H337","v":4.6019999999999998E-2}]
[null,null,null,{"$f":"(0.1+2.5)/1000","v":2.5999999999999999E-3},{"$f":"H7","v":17.7},null,null,{"$f":"D337*E337","v":4.6019999999999998E-2}]
[]
["8.2",{"$f":"VLOOKUP(A339,'Planilha Orçamentária'!$A$7:$E$5161,4,0)","v":"Plantio de Grama"},{"$nulls":5},{"$f":"H341","v":10315}]
[{"$f":"CPU!A200","v":"8.2.1"},{"$f":"VLOOKUP(A340,CPU!$A$7:$E$5478,4,0)","v":"Plantio De Grama Batatais Em Placas. Af_05/2018"},{"$f":"VLOOKUP(A340,CPU!$A$7:$E$5478,5,0)","v":"m2"},{"$nulls":4},1]
[null,"Área talude de jusante calculada no Google Earth",10315,{"$nulls":4},{"$f":"C341","v":10315}]
[]
[null,"MÃO DE OBRA",null,"PESSOAS","ÍNDICE","RENDIMENTO","H","DIAS"]
["DIAS MÃO DE OBRA","88316 SERVENTE COM ENCARGOS COMPLEMENTARES ","H",4,1.3299999999999999E-2,{"$f":"E344/D344","v":3.3249999999999998E-3},{"$f":"F344*$H$340","v":3.3249999999999998E-3},{"$f":"G344/8","v":4.1562499999999998E-4}]
["DIAS MÃO DE OBRA","88441 JARDINEIRO COM ENCARGOS COMPLEMENTARES ","H",1,3.3E-3,{"$f":"E345/D345","v":3.3E-3},{"$f":"F345*$H$340","v":3.3E-3},{"$f":"G345/8","v":4.125E-4}]
[]
[{"$f":"CPU!A201","v":"8.2.2"},{"$f":"VLOOKUP(A347,CPU!$A$7:$E$5478,4,0)","v":"Hospedagem"},{"$f":"VLOOKUP(A347,CPU!$A$7:$E$5478,5,0)","v":"un"},{"$nulls":4},{"$f":"$H$344*$D$344+$H$345*$D$345","v":2.075E-3}]
[]
[{"$f":"CPU!A202","v":"8.2.3"},{"$f":"VLOOKUP(A349,CPU!$A$7:$E$5478,4,0)","v":"Miniônibus com capacidade para 30 passageiros - 111 Kw"},{"$f":"VLOOKUP(A349,CPU!$A$7:$E$5478,5,0)","v":"chp"},null,"horas diárias","dias de trabalho",null,{"$f":"H350","v":4.1562499999999998E-4}]
[null,null,"chp",null,1,{"$f":"$H$344","v":4.1562499999999998E-4},null,{"$f":"E350*F350","v":4.1562499999999998E-4}]
[{"$f":"CPU!A203","v":"8.2.4"},{"$f":"VLOOKUP(A351,CPU!$A$7:$E$5478,4,0)","v":"Miniônibus com capacidade para 30 passageiros - 111 Kw"},{"$f":"VLOOKUP(A351,CPU!$A$7:$E$5478,5,0)","v":"chi"},null,"horas diárias","dias de trabalho",null,{"$f":"H352","v":2.9093749999999996E-3}]
[null,null,"chi",null,{"$f":"8-E350","v":7},{"$f":"$H$344","v":4.1562499999999998E-4},null,{"$f":"E352*F352","v":2.9093749999999996E-3}]
[]
[{"$f":"CPU!A204","v":"8.2.5"},{"$f":"VLOOKUP(A354,CPU!$A$7:$E$5478,4,0)","v":"Transporte Com Caminhão Carroceria 9T, Em Via Urbana Em Revestimento Primário (Unidade: Txkm). Af_07/2020"},{"$f":"VLOOKUP(A354,CPU!$A$7:$E$5478,5,0)","v":"txkm"},"Grama (ton)","km",null,null,{"$f":"H355","v":1.5080000000000001E-2}]
[null,null,null,{"$f":"(0.1+2.5)/1000","v":2.5999999999999999E-3},{"$f":"$H$8","v":5.8000000000000007},null,null,{"$f":"D355*E355","v":1.5080000000000001E-2}]
[]
[{"$f":"CPU!A205","v":"8.2.6"},{"$f":"VLOOKUP(A357,CPU!$A$7:$E$5478,4,0)","v":"Transporte Com Caminhão Carroceria 9T, Em Via Urbana Pavimentada, Dmt Até 30Km (Unidade: Txkm). Af_07/2020"},{"$f":"VLOOKUP(A357,CPU!$A$7:$E$5478,5,0)","v":"txkm"},"Grama (ton)","km",null,null,{"$f":"H358/$C$320","v":4.461463887542414E-6}]
[null,null,null,{"$f":"(0.1+2.5)/1000","v":2.5999999999999999E-3},{"$f":"$H$7","v":17.7},null,null,{"$f":"D358*E358","v":4.6019999999999998E-2}]
[]
[{"$f":"'Planilha Orçamentária'!A42","v":9},{"$f":"VLOOKUP(A360,'Planilha Orçamentária'!$A$10:$D$49,4,0)","v":"RESTAURAÇÃO SUPERFICIAL - MUROS LATERAIS E VERTEDOURO"},{"$nulls":6},{"$f":"H368","v":6.8125000000000005E-2},{"$f":"D368+D369","v":2}]
[{"$f":"'Planilha Orçamentária'!A43","v":"9.1"},{"$f":"VLOOKUP(A361,'Planilha Orçamentária'!$A$7:$E$5161,4,0)","v":"Restauração superficial dos muros laterias e vertedouro"},{"$nulls":5},{"$f":"H363+H364+H365","v":51.5}]
[{"$f":"CPU!A212","v":"9.1.1"},{"$f":"VLOOKUP(A362,CPU!$A$7:$E$5478,4,0)","v":"Emboço Ou Massa Única Em Argamassa Traço 1:2:8, Preparo Mecânica Com Betoneira 400 L, Aplicada Com Projetor Tipo Canequinha Em Panos De Fachada Sem Presença De Vãos, Espessura De 35 Mm, Acesso Por Balancim Manual. Af_08/2022"},{"$f":"VLOOKUP(A362,CPU!$A$7:$E$5478,5,0)","v":"m2"},"Altura (m)","Lados","Porcentagem",null,1]
[null,"Área Vertedouro",70,0.3,2,0.5,null,{"$f":"C363*D363*E363*F363","v":21}]
[null,"ÁREA MURO LATERAL DIREITO",7,1.5,2,0.5,null,{"$f":"C364*D364*E364*F364","v":10.5}]
[null,"ÁREA MURO LATERAL ESQUERDO",20,2,1,0.5,null,{"$f":"C365*D365*E365*F365","v":20}]
[]
[null,"MÃO DE OBRA",null,"PESSOAS","ÍNDICE","RENDIMENTO","H","DIAS"]
["DIAS MÃO DE OBRA","88309 PEDREIRO COM ENCARGOS COMPLEMENTARES","h",1,{"$f":"0.545","v":0.54500000000000004},{"$f":"E368/D368","v":0.54500000000000004},{"$f":"F368*$H$362","v":0.54500000000000004},{"$f":"G368/8","v":6.8125000000000005E-2}]
["DIAS MÃO DE OBRA","88316 SERVENTE COM ENCARGOS COMPLEMENTARES ","h",1,{"$f":"0.545","v":0.54500000000000004},{"$f":"E369/D369","v":0.54500000000000004},{"$f":"F369*$H$362","v":0.54500000000000004},{"$f":"G369/8","v":6.8125000000000005E-2}]
[]
[{"$f":"CPU!A213","v":"9.1.2"},{"$f":"VLOOKUP(A371,CPU!$A$7:$E$5478,4,0)","v":"Transporte Com Caminhão Basculante De 10 M³, Em Via Urbana Em Revestimento Primário (Unidade: M3Xkm). Af_07/2020"},{"$f":"VLOOKUP(A371,CPU!$A$7:$E$5478,5,0)","v":"m3xkm"},null,"Volume de armassa traço para fazer 1 m²","km",null,{"$f":"H372","v":0.22794000000000003}]
[{"$nulls":4},3.9300000000000002E-2,{"$f":"$H$8","v":5.8000000000000007},null,{"$f":"E372*F372","v":0.22794000000000003}]
[]
[{"$f":"CPU!A214","v":"9.1.3"},{"$f":"VLOOKUP(A374,CPU!$A$7:$E$5478,4,0)","v":"Transporte Com Caminhão Basculante De 10 M³, Em Via Urbana Pavimentada, Dmt Até 30 Km (Unidade: M3Xkm). Af_07/2020"},{"$f":"VLOOKUP(A374,CPU!$A$7:$E$5478,5,0)","v":"m3xkm"},null,"Volume de armassa traço para fazer 1 m²","km",null,{"$f":"H375","v":0.69560999999999995}]
[{"$nulls":4},3.9300000000000002E-2,{"$f":"$H$7","v":17.7},null,{"$f":"E375*F375","v":0.69560999999999995}]
[]
[{"$f":"CPU!A215","v":"9.1.4"},{"$f":"VLOOKUP(A377,CPU!$A$7:$E$5478,4,0)","v":"Hospedagem"},{"$f":"VLOOKUP(A377,CPU!$A$7:$E$5478,5,0)","v":"un"},{"$nulls":4},{"$f":"$H$368*$D$368+$H$369*$D$369","v":0.13625000000000001}]
[]
[{"$f":"CPU!A216","v":"9.1.5"},{"$f":"VLOOKUP(A379,CPU!$A$7:$E$5478,4,0)","v":"Miniônibus com capacidade para 30 passageiros - 111 Kw"},{"$f":"VLOOKUP(A379,CPU!$A$7:$E$5478,5,0)","v":"chp"},null,"horas diárias","dias de trabalho",null,{"$f":"H380","v":6.8125000000000005E-2}]
[null,null,"chp",null,1,{"$f":"$H$368","v":6.8125000000000005E-2},null,{"$f":"E380*F380","v":6.8125000000000005E-2}]
[{"$f":"CPU!A217","v":"9.1.6"},{"$f":"VLOOKUP(A381,CPU!$A$7:$E$5478,4,0)","v":"Miniônibus com capacidade para 30 passageiros - 111 Kw"},{"$f":"VLOOKUP(A381,CPU!$A$7:$E$5478,5,0)","v":"chi"},null,"horas diárias","dias de trabalho",null,{"$f":"H382","v":0.47687500000000005}]
[null,null,"chi",null,{"$f":"8-E380","v":7},{"$f":"$H$368","v":6.8125000000000005E-2},null,{"$f":"E382*F382","v":0.47687500000000005}]
[]
[{"$f":"'Planilha Orçamentária'!A45","v":10},{"$f":"VLOOKUP(A384,'Planilha Orçamentária'!$A$10:$D$49,4,0)","v":"SERVIÇOS COMPLEMENTARES"},{"$nulls":6},{"$f":"H430+H451+H471","v":0.22379499999999999},{"$f":"D429+D430+D451+D452+D471+D472","v":18}]
[{"$f":"'Planilha Orçamentária'!A46","v":"10.1"},{"$f":"VLOOKUP(A385,'Planilha Orçamentária'!$A$7:$E$5161,4,0)","v":"Instalação de placas de aviso"},{"$nulls":5},4]
[null,"Dimensionamento para 1 placa",{"$nulls":5},1]
[null,"MÃO DE OBRA",null,"PESSOAS","ÍNDICE","RENDIMENTO","H","DIAS"]
["DIAS MÃO DE OBRA","88262 CARPINTEIRO DE FORMAS COM ENCARGOS COMPLEMENTARES","H",1,0.5,{"$f":"E388/D388","v":0.5},{"$f":"F388*$H$386","v":0.5},{"$f":"G388/8","v":6.25E-2},"ca"]
["DIAS MÃO DE OBRA","88316 SERVENTE COM ENCARGOS COMPLEMENTARES","H",1,1,{"$f":"E389/D389","v":1},{"$f":"F389*$H$386","v":1},{"$f":"G389/8","v":0.125},"ca"]
[]
[{"$f":"CPU!A222","v":"10.1.1"},{"$f":"VLOOKUP(A391,CPU!$A$7:$E$5478,4,0)","v":"SARRAFO NAO APARELHADO *2,5 X 7* CM, EM MACARANDUBA/MASSARANDUBA, ANGELIM, PEROBA-ROSA OU EQUIVALENTE DA REGIAO - BRUTA                                                                                                                                                                                                                                                                                                                                                                                   "},{"$f":"VLOOKUP(A391,CPU!$A$7:$E$5478,5,0)","v":"M     "},{"$nulls":4},{"$f":"H392","v":2}]
[null,null,2,{"$nulls":4},{"$f":"C392","v":2}]
[]
[{"$f":"CPU!A223","v":"10.1.2"},{"$f":"VLOOKUP(A394,CPU!$A$7:$E$5478,4,0)","v":"CAIBRO NAO APARELHADO *5 X 6* CM, EM MACARANDUBA/MASSARANDUBA, ANGELIM OU EQUIVALENTE DA REGIAO - BRUTA                                                                                                                                                                                                                                                                                                                                                                                                   "},{"$nulls":5},{"$f":"H395","v":4}]
[{"$nulls":7},4]
[]
[{"$f":"CPU!A224","v":"10.1.3"},{"$f":"VLOOKUP(A397,CPU!$A$7:$E$5478,4,0)","v":"PLACA DE OBRA (PARA CONSTRUCAO CIVIL) EM CHAPA GALVANIZADA *N. 22*, ADESIVADA, DE *2,4 X 1,2* M (SEM POSTES PARA FIXACAO)                                                                                                                                                                                                                                                                                                                                                                                 "},{"$nulls":5},{"$f":"H398","v":1}]
[{"$nulls":7},1]
[]
[{"$f":"CPU!A225","v":"10.1.4"},{"$f":"VLOOKUP(A400,CPU!$A$7:$E$5478,4,0)","v":"PREGO DE ACO POLIDO COM CABECA 18 X 30 (2 3/4 X 10)                                                                                                                                                                                                                                                                                                                                                                                                                                                       "},{"$nulls":5},{"$f":"H401","v":0.11}]
[{"$nulls":7},0.11]
[]
[{"$f":"CPU!A226","v":"10.1.5"},{"$f":"VLOOKUP(A403,CPU!$A$7:$E$5478,4,0)","v":"CONCRETO MAGRO PARA LASTRO, TRAÇO 1:4,5:4,5 (EM MASSA SECA DE CIMENTO/ AREIA MÉDIA/ BRITA 1) - PREPARO MECÂNICO COM BETONEIRA 400 L. AF_05/2021"},{"$nulls":5},{"$f":"H404","v":0.01}]
[{"$nulls":7},0.01]
[]
[{"$f":"CPU!A229","v":"10.1.6"},{"$f":"VLOOKUP(A406,CPU!$A$7:$E$5404,4,0)","v":"Hospedagem"},{"$f":"VLOOKUP(A406,CPU!$A$7:$E$5404,5,0)","v":"un"},{"$nulls":4},{"$f":"H407","v":0.1875}]
[{"$nulls":4},{"$f":"$H$388*$D$388+$H$389*$D$389","v":0.1875},null,null,{"$f":"E407","v":0.1875}]
[{"$f":"CPU!A230","v":"10.1.7"},{"$f":"VLOOKUP(A408,CPU!$A$7:$E$5404,4,0)","v":"Miniônibus com capacidade para 30 passageiros - 111 Kw"},{"$f":"VLOOKUP(A408,CPU!$A$7:$E$5404,5,0)","v":"chp"},null,"horas diárias","dias de trabalho",null,{"$f":"H409","v":0.125}]
[null,null,"chp",null,1,{"$f":"$H$389","v":0.125},null,{"$f":"E409*F409","v":0.125}]
[{"$f":"CPU!A231","v":"10.1.8"},{"$f":"VLOOKUP(A410,CPU!$A$7:$E$5404,4,0)","v":"Miniônibus com capacidade para 30 passageiros - 111 Kw"},{"$f":"VLOOKUP(A410,CPU!$A$7:$E$5404,5,0)","v":"chi"},null,"horas diárias","dias de trabalho",null,{"$f":"H411","v":0.875}]
[null,null,"chi",null,{"$f":"8-E409","v":7},{"$f":"F409","v":0.125},null,{"$f":"E411*F411","v":0.875}]
[]
[{"$f":"CPU!A232","v":"10.1.9"},{"$f":"VLOOKUP(A413,CPU!$A$7:$E$5478,4,0)","v":"Transporte Com Caminhão Carroceria 9T, Em Via Urbana Em Revestimento Primário (Unidade: Txkm). Af_07/2020"},{"$f":"VLOOKUP(A413,CPU!$A$7:$E$5478,5,0)","v":"txkm"},"ton","km",null,null,{"$f":"H414","v":2.9000000000000004}]
[null,null,null,0.5,{"$f":"$H$8","v":5.8000000000000007},null,null,{"$f":"D414*E414","v":2.9000000000000004}]
[{"$f":"CPU!A233","v":"10.1.10"},{"$f":"VLOOKUP(A415,CPU!$A$7:$E$5478,4,0)","v":"Transporte Com Caminhão Carroceria 9T, Em Via Urbana Pavimentada, Dmt Até 30Km (Unidade: Txkm). Af_07/2020"},{"$f":"VLOOKUP(A415,CPU!$A$7:$E$5478,5,0)","v":"txkm"},"ton","km",null,null,{"$f":"H416","v":8.85}]
[null,"500 kg uma placa",null,0.5,{"$f":"$H$7","v":17.7},null,null,{"$f":"D416*E416","v":8.85}]
[]
[{"$f":"CPU!A235","v":"10.1.11"},{"$f":"VLOOKUP(A418,CPU!$A$7:$E$5528,4,0)","v":"Carpinteiro De Formas Com Encargos Complementares"},{"$nulls":5},0.5]
[]
[{"$f":"CPU!A236","v":"10.1.12"},{"$f":"VLOOKUP(A420,CPU!$A$7:$E$5528,4,0)","v":"Servente Com Encargos Complementares"},{"$nulls":5},1]
[]
[]
[]
[{"$f":"'Planilha Orçamentária'!A47","v":"10.2"},{"$f":"VLOOKUP(A424,'Planilha Orçamentária'!$A$7:$E$5161,4,0)","v":"Instalação de mourões para medida de cota d’água"},{"$nulls":5},{"$f":"H426","v":10}]
[{"$f":"CPU!A240","v":"10.2.1"},{"$f":"VLOOKUP(A425,CPU!$A$7:$E$5478,4,0)","v":"RÉGUA LINIMÉTRICA PADRÃO “ANA”, AÇO CARBONO - 2 X 70 X 1000MM"},{"$f":"VLOOKUP(A425,CPU!$A$7:$E$5478,5,0)","v":"un"},{"$nulls":4},1]
[null,"cotação",10,{"$nulls":4},{"$f":"C426","v":10}]
[]
[null,"MÃO DE OBRA",null,"PESSOAS","ÍNDICE","RENDIMENTO","H","DIAS"]
["DIAS MÃO DE OBRA","90781 TOPOGRAFO COM ENCARGOS COMPLEMENTARES","H",1,{"$f":"(8/10)","v":0.8},{"$f":"E429/D429","v":0.8},{"$f":"F429*$H$425","v":0.8},{"$f":"G429/8","v":0.1}]
["DIAS MÃO DE OBRA","88316 SERVENTE COM ENCARGOS COMPLEMENTARES","H",1,{"$f":"(16/10)","v":1.6},{"$f":"E430/D430","v":1.6},{"$f":"F430*$H$425","v":1.6},{"$f":"G430/8","v":0.2}]
[]
[{"$f":"CPU!A241","v":"10.2.2"},{"$f":"VLOOKUP(A432,CPU!$A$7:$E$5478,4,0)","v":"MOURAO ROLICO DE MADEIRA TRATADA, D = 16 A 20 CM, H = 2,20 M, EM EUCALIPTO OU EQUIVALENTE DA REGIAO (PARA CERCA)                                                                                                                                                                                                                                                                                                                                                                                          "},"M",{"$nulls":4},{"$f":"H433","v":1.5}]
[null,null,null,1.5,null,null,null,{"$f":"D433","v":1.5}]
[{"$f":"CPU!A244","v":"10.2.3"},{"$f":"VLOOKUP(A434,CPU!$A$7:$E$5478,4,0)","v":"CONCRETO FCK = 15MPA, TRAÇO 1:3,4:3,5 (EM MASSA SECA DE CIMENTO/ AREIA MÉDIA/ BRITA 1) - PREPARO MANUAL. AF_05/2021"},{"$f":"VLOOKUP(A434,CPU!$A$7:$E$5478,5,0)","v":"M3"},{"$nulls":4},{"$f":"H435","v":0.01}]
[null,null,null,0.01,null,null,null,{"$f":"D435","v":0.01}]
[{"$f":"CPU!A245","v":"10.2.4"},{"$f":"VLOOKUP(A436,CPU!$A$7:$E$5478,4,0)","v":"Hospedagem"},{"$nulls":5},{"$f":"H437","v":0.30000000000000004}]
[{"$nulls":4},{"$f":"$H$429*$D$429+$H$430*$D$430","v":0.30000000000000004},null,null,{"$f":"E437","v":0.30000000000000004}]
[{"$f":"CPU!A246","v":"10.2.5"},{"$f":"VLOOKUP(A438,CPU!$A$7:$E$5478,4,0)","v":"Miniônibus com capacidade para 30 passageiros - 111 Kw"},{"$f":"VLOOKUP(A438,CPU!$A$7:$E$5478,5,0)","v":"chp"},null,"horas diárias","dias de trabalho",null,{"$f":"H439","v":0.2}]
[null,null,"h",null,1,{"$f":"$H$430","v":0.2},null,{"$f":"E439*F439","v":0.2}]
[{"$f":"CPU!A247","v":"10.2.6"},{"$f":"VLOOKUP(A440,CPU!$A$7:$E$5478,4,0)","v":"Miniônibus com capacidade para 30 passageiros - 111 Kw"},{"$f":"VLOOKUP(A440,CPU!$A$7:$E$5478,5,0)","v":"chi"},null,"horas diárias","dias de trabalho",null,{"$f":"H441","v":1.4000000000000001}]
[null,null,"h",null,{"$f":"8-E439","v":7},{"$f":"$H$430","v":0.2},null,{"$f":"E441*F441","v":1.4000000000000001}]
[{"$f":"CPU!A249","v":"10.2.7"},{"$f":"VLOOKUP(A442,CPU!$A$7:$E$5478,4,0)","v":"TOPOGRAFO COM ENCARGOS COMPLEMENTARES"},{"$f":"VLOOKUP(A442,CPU!$A$7:$E$5478,5,0)","v":"H"},{"$nulls":4},{"$f":"E429","v":0.8}]
[]
[{"$f":"CPU!A250","v":"10.2.8"},{"$f":"VLOOKUP(A444,CPU!$A$7:$E$5478,4,0)","v":"SERVENTE COM ENCARGOS COMPLEMENTARES"},{"$f":"VLOOKUP(A444,CPU!$A$7:$E$5478,5,0)","v":"H"},{"$nulls":4},{"$f":"E430","v":1.6}]
[]
[{"$f":"'Planilha Orçamentária'!A48","v":"10.3"},{"$f":"VLOOKUP(A446,'Planilha Orçamentária'!$A$7:$E$5161,4,0)","v":"Cercas de proteção"},{"$nulls":5},{"$f":"H448","v":930}]
[{"$f":"CPU!A256","v":"10.3.1"},{"$f":"VLOOKUP(A447,CPU!$A$7:$E$5478,4,0)","v":"Cerca Com Mourões De Concreto, Reto, H=3,00 M, Espaçamento De 2,5 M, Cravados 0,5 M, Com 4 Fios De Arame Farpado Nº 14 Classe 250 - Fornecimento E Instalação. Af_05/2020"},{"$f":"VLOOKUP(A447,CPU!$A$7:$E$5478,5,0)","v":"m"},{"$nulls":4},1]
[null,"Comprimento calculado no Google Earth",930,{"$nulls":4},{"$f":"C448","v":930}]
[]
[null,"MÃO DE OBRA",null,"PESSOAS","ÍNDICE","RENDIMENTO","H","DIAS"]
["DIAS MÃO DE OBRA","88309 PEDREIRO COM ENCARGOS COMPLEMENTARES ",null,3,{"$f":"0.528","v":0.52800000000000002},{"$f":"E451/D451","v":0.17600000000000002},{"$f":"F451*$H$447","v":0.17600000000000002},{"$f":"G451/8","v":2.2000000000000002E-2}]
["DIAS MÃO DE OBRA","88316 SERVENTE COM ENCARGOS COMPLEMENTARES",null,3,{"$f":"0.528","v":0.52800000000000002},{"$f":"E452/D452","v":0.17600000000000002},{"$f":"F452*$H$447","v":0.17600000000000002},{"$f":"G452/8","v":2.2000000000000002E-2}]
[]
[{"$f":"CPU!A257","v":"10.3.2"},{"$f":"VLOOKUP(A454,CPU!$A$7:$E$5478,4,0)","v":"Transporte Com Caminhão Carroceria 9T, Em Via Urbana Em Revestimento Primário (Unidade: Txkm). Af_07/2020"},{"$f":"VLOOKUP(A454,CPU!$A$7:$E$5478,5,0)","v":"txkm"},"Peso Mourão concreto","Quantidade de Mourões (considera espaçamento de 2,5 m)","ton","km",{"$f":"H455","v":0.11136000000000003}]
[null,"Peso do mourao https://crepan.com.br/mourao-de-concreto/",null,48,{"$f":"1/2.5","v":0.4},{"$f":"D455*E455/1000","v":1.9200000000000002E-2},{"$f":"H8","v":5.8000000000000007},{"$f":"F455*G455","v":0.11136000000000003}]
[]
[{"$f":"CPU!A258","v":"10.3.3"},{"$f":"VLOOKUP(A457,CPU!$A$7:$E$5478,4,0)","v":"Transporte Com Caminhão Carroceria 9T, Em Via Urbana Pavimentada, Dmt Até 30Km (Unidade: Txkm). Af_07/2020"},{"$f":"VLOOKUP(A457,CPU!$A$7:$E$5478,5,0)","v":"txkm"},"Peso Mourão concreto","Quantidade de Mourões (considera espaçamento de 2,5 m)","ton","km",{"$f":"H458","v":0.33984000000000003}]
[null,null,null,48,{"$f":"1/2.5","v":0.4},{"$f":"D458*E458/1000","v":1.9200000000000002E-2},{"$f":"H7","v":17.7},{"$f":"F458*G458","v":0.33984000000000003}]
[{"$f":"CPU!A259","v":"10.3.4"},{"$f":"VLOOKUP(A459,CPU!$A$7:$E$5478,4,0)","v":"Hospedagem"},{"$f":"VLOOKUP(A459,CPU!$A$7:$E$5478,5,0)","v":"un"},{"$nulls":4},{"$f":"$H$451*$D$451+$H$452*$D$452","v":0.13200000000000001}]
[{"$nulls":4},{"$f":"$H$451*$D$451+$H$452*$D$452","v":0.13200000000000001}]
[{"$f":"CPU!A260","v":"10.3.5"},{"$f":"VLOOKUP(A461,CPU!$A$7:$E$5478,4,0)","v":"Miniônibus com capacidade para 30 passageiros - 111 Kw"},{"$f":"VLOOKUP(A461,CPU!$A$7:$E$5478,5,0)","v":"chp"},null,"horas diárias","dias de trabalho",null,{"$f":"H462","v":2.2000000000000002E-2}]
[null,null,"chp",null,1,{"$f":"$H$451","v":2.2000000000000002E-2},null,{"$f":"E462*F462","v":2.2000000000000002E-2}]
[{"$f":"CPU!A261","v":"10.3.6"},{"$f":"VLOOKUP(A463,CPU!$A$7:$E$5478,4,0)","v":"Miniônibus com capacidade para 30 passageiros - 111 Kw"},{"$f":"VLOOKUP(A463,CPU!$A$7:$E$5478,5,0)","v":"chi"},null,"horas diárias","dias de trabalho",null,{"$f":"H464","v":0.15400000000000003}]
[null,null,"chi",null,{"$f":"8-E462","v":7},{"$f":"$H$451","v":2.2000000000000002E-2},null,{"$f":"E464*F464","v":0.15400000000000003}]
[]
[{"$f":"'Planilha Orçamentária'!A49","v":"10.4"},{"$f":"VLOOKUP(A466,'Planilha Orçamentária'!$A$7:$E$5161,4,0)","v":"Limpeza das margens do reservatório"},{"$nulls":5},{"$f":"H468","v":2000}]
[{"$f":"CPU!A268","v":"10.4.1"},{"$f":"VLOOKUP(A467,CPU!$A$7:$E$5478,4,0)","v":"Limpeza Manual De Vegetação Em Terreno Com Enxada. Af_03/2024"},{"$f":"VLOOKUP(A467,CPU!$A$7:$E$5478,5,0)","v":"m2"},{"$nulls":4},1]
[null,"Área calculada Google Earth",2000,{"$nulls":4},{"$f":"C468","v":2000}]
[]
[null,"MÃO DE OBRA",null,"PESSOAS","ÍNDICE","RENDIMENTO","H","DIAS"]
["DIAS MÃO DE OBRA","88316 SERVENTE COM ENCARGOS COMPLEMENTARES ",null,5,7.1800000000000003E-2,{"$f":"E471/D471","v":1.4360000000000001E-2},{"$f":"F471*$H$467","v":1.4360000000000001E-2},{"$f":"G471/8","v":1.7950000000000002E-3}]
["DIAS MÃO DE OBRA","88441 JARDINEIRO COM ENCARGOS COMPLEMENTARES ",null,5,7.1800000000000003E-2,{"$f":"E472/D472","v":1.4360000000000001E-2},{"$f":"F472*$H$467","v":1.4360000000000001E-2},{"$f":"G472/8","v":1.7950000000000002E-3}]
[]
[{"$f":"CPU!A269","v":"10.4.2"},{"$f":"VLOOKUP(A474,CPU!$A$7:$E$5478,4,0)","v":"Hospedagem"},{"$f":"VLOOKUP(A474,CPU!$A$7:$E$5478,5,0)","v":"un"},{"$nulls":4},{"$f":"H475","v":1.7950000000000001E-2}]
[{"$nulls":4},{"$f":"$H$471*$D$471+$H$472*$D$472","v":1.7950000000000001E-2},null,null,{"$f":"E475","v":1.7950000000000001E-2}]
[{"$f":"CPU!A270","v":"10.4.3"},{"$f":"VLOOKUP(A476,CPU!$A$7:$E$5478,4,0)","v":"Miniônibus com capacidade para 30 passageiros - 111 Kw"},{"$f":"VLOOKUP(A476,CPU!$A$7:$E$5478,5,0)","v":"chp"},null,"horas diárias","dias de trabalho",null,{"$f":"H477","v":1.7950000000000002E-3}]
[null,null,"chp",null,1,{"$f":"$H$471","v":1.7950000000000002E-3},null,{"$f":"E477*F477","v":1.7950000000000002E-3}]
[{"$f":"CPU!A271","v":"10.4.4"},{"$f":"VLOOKUP(A478,CPU!$A$7:$E$5478,4,0)","v":"Miniônibus com capacidade para 30 passageiros - 111 Kw"},{"$f":"VLOOKUP(A478,CPU!$A$7:$E$5478,5,0)","v":"chi"},null,"horas diárias","dias de trabalho",null,{"$f":"H479","v":1.2565000000000002E-2}]
[null,null,"chi",null,{"$f":"8-E477","v":7},{"$f":"$H$471","v":1.7950000000000002E-3},null,{"$f":"E479*F479","v":1.2565000000000002E-2}]

{"sheet":"Cronograma","index":6,"n_rows":34,"n_cols":11,"rows_kept":34,"cut":false,"hidden":false,"merged":[[28,10,29,10],[14,10,15,10],[16,10,17,10],[18,10,19,10],[20,10,21,10],[22,10,23,10],[24,10,25,10],[26,10,27,10],[24,9,25,9],[26,9,27,9],[28,9,29,9],[12,9,13,9],[14,9,15,9],[16,9,17,9],[18,9,19,9],[20,9,21,9],[22,9,23,9],[20,0,21,0],[20,1,21,1],[22,0,23,0],[22,1,23,1],[28,0,29,0],[28,1,29,1],[24,0,25,0],[24,1,25,1],[26,0,27,0],[26,1,27,1],[10,0,11,0],[10,1,11,1],[18,0,19,0],[18,1,19,1],[12,0,13,0],[12,1,13,1],[14,0,15,0],[14,1,15,1],[16,0,17,0],[16,1,17,1],[8,7,9,7],[0,0,0,7],[1,0,1,7],[2,0,2,7],[3,0,3,7],[4,1,4,2],[5,1,5,2],[6,1,6,2],[7,1,7,2],[8,3,8,5],[8,0,9,0],[8,1,9,1],[8,2,9,2]]}
["Ministério da Integração e do Desenvolvimento Regional"]
["Companhia de Desenvolvimento dos Vales do São Francisco e do Parnaíba"]
[]
["CRONOGRAMA FÍSICO-FINANCEIRO ONERADO"]
["OBRA:",{"$f":"CPU!C5","v":"SERVIÇOS DE MANUTENÇÃO E OBRAS CIVIS NA BARRAGEM BOM VIVER"},null,null,null,"BDI (serv.):",null,{"$f":"'Planilha Orçamentária'!H4","v":0.23880000000000001}]
["LOCAL:",{"$f":"CPU!C6","v":"BARRAGEM BOM VIVER, BELÉM DO SÃO FRANCISCO/PE"},null,null,null,"BDI (forn.):",null,{"$f":"'Planilha Orçamentária'!H5","v":0.14699999999999999}]
["DATA BASE:",{"$f":"CPU!C7","v":"2024-05-13"}]
["PRAZO:",{"$f":"'Planilha Orçamentária'!B7:C7","v":"120 DIAS"}]
["ITEM","DESCRIÇÃO","TOTAL POR ETAPA","MESES",null,null,null,"TOTAL"]
[null,null,null,1,"2","3","4"]
[1,{"$f":"VLOOKUP(A11,'Planilha Orçamentária'!$A$10:$D$49,4)","v":"ADMINISTRAÇÃO DA OBRA"},{"$f":"SUMIF('Planilha Orçamentária'!$A$10:$A$49,A11,'Planilha Orçamentária'!$I$10:$I$49)","v":143206.96},{"$f":"$C11*D12","v":35801.74},35801.74,35801.74,35801.74,{"$f":"SUM(D11:G11)","v":143206.96},"R$"]
[null,null,{"$f":"C11/C11","v":1},0.25,0.25,0.25,0.25,{"$f":"SUM(D12:G12)","v":1},"%",{"$f":"'Memorial de cálculo'!I10","v":0}]
[2,{"$f":"VLOOKUP(A13,'Planilha Orçamentária'!$A$10:$D$49,4)","v":"SERVIÇOS PRELIMINARES"},{"$f":"SUMIF('Planilha Orçamentária'!$A$10:$A$49,A13,'Planilha Orçamentária'!$I$10:$I$49)","v":38607.870000000003},{"$f":"$C13*D14","v":38607.870000000003},null,null,null,{"$f":"SUM(D13:G13)","v":38607.870000000003},"R$","DIAS","PESSOAS"]
[null,null,{"$f":"C13/C13","v":1},1,null,null,null,1,"%"]
[3,{"$f":"VLOOKUP(A15,'Planilha Orçamentária'!$A$10:$D$49,4)","v":"CORTE DA VEGETAÇÃO E REMOÇÃO DAS RAIZES"},{"$f":"SUMIF('Planilha Orçamentária'!$A$10:$A$49,A15,'Planilha Orçamentária'!$I$10:$I$49)","v":271206.81},{"$f":"$C15*D16","v":216965.448},{"$f":"$C15*E16","v":54241.362000000001},null,null,271206.81,"R$",{"$f":"'Memorial de cálculo'!I98","v":0.14018214285714287},{"$f":"'Memorial de cálculo'!J98","v":22}]
[null,null,{"$f":"C15/C15","v":1},0.8,0.2,null,null,1,"%"]
[4,{"$f":"VLOOKUP(A17,'Planilha Orçamentária'!$A$10:$D$49,4)","v":"RECUPERAÇÃO DA EROSÃO TALUDES MONTANTE, JUSANTE e CRISTA"},{"$f":"SUMIF('Planilha Orçamentária'!$A$10:$A$49,A17,'Planilha Orçamentária'!$I$10:$I$49)","v":182589.11},null,{"$f":"$C17*E18","v":91294.554999999993},{"$f":"$C17*F18","v":91294.554999999993},null,{"$f":"SUM(D17:G17)","v":182589.11},"R$",{"$f":"'Memorial de cálculo'!I148","v":0},{"$f":"'Memorial de cálculo'!J148","v":0}]
[null,null,{"$f":"C17/C17","v":1},null,0.5,0.5,null,{"$f":"SUM(D18:G18)","v":1},"%"]
[5,{"$f":"VLOOKUP(A19,'Planilha Orçamentária'!$A$10:$D$49,4)","v":"REGULARIZAÇÃO E PAVIMENTAÇÃO DA CRISTA"},{"$f":"SUMIF('Planilha Orçamentária'!$A$10:$A$49,A19,'Planilha Orçamentária'!$I$10:$I$49)","v":171766.49},null,{"$f":"$C19*E20","v":85883.244999999995},{"$f":"$C19*F20","v":85883.244999999995},null,171766.49,"R$",{"$f":"'Memorial de cálculo'!I177","v":1.6250000000000001E-2},{"$f":"'Memorial de cálculo'!J177","v":15}]
[null,null,{"$f":"C19/C19","v":1},null,0.5,0.5,null,1,"%"]
[6,{"$f":"VLOOKUP(A21,'Planilha Orçamentária'!$A$10:$D$49,4)","v":"MANUTENÇÃO NO TALUDE DE MONTANTE"},{"$f":"SUMIF('Planilha Orçamentária'!$A$10:$A$49,A21,'Planilha Orçamentária'!$I$10:$I$49)","v":313687.64},null,{"$f":"$C21*E22","v":156843.82},{"$f":"$C21*F22","v":156843.82},null,{"$f":"SUM(D21:F21)","v":313687.64},"R$",{"$f":"'Memorial de cálculo'!I244","v":6.25E-2},{"$f":"'Memorial de cálculo'!J244","v":17}]
[null,null,{"$f":"C21/C21","v":1},null,0.5,0.5,null,{"$f":"SUM(D22:F22)","v":1},"%"]
[7,{"$f":"VLOOKUP(A23,'Planilha Orçamentária'!$A$10:$D$49,4)","v":"DRENAGEM SUPERFICIAL DO TALUDE JUSANTE"},{"$f":"SUMIF('Planilha Orçamentária'!$A$10:$A$49,A23,'Planilha Orçamentária'!$I$10:$I$49)","v":56180.86},null,null,{"$f":"$C23*F24","v":28090.43},{"$f":"$C23*G24","v":28090.43},{"$f":"SUM(D23:G23)","v":56180.86},"R$",{"$f":"'Memorial de cálculo'!I272","v":5.2407875E-2},{"$f":"'Memorial de cálculo'!J272","v":4}]
[null,null,{"$f":"C23/C23","v":1},null,null,0.5,0.5,{"$f":"SUM(D24:G24)","v":1},"%"]
[8,{"$f":"VLOOKUP(A25,'Planilha Orçamentária'!$A$10:$D$49,4)","v":"PROTEÇÃO SUPERFICIAL DO TALUDE DE JUSANTE"},{"$f":"SUMIF('Planilha Orçamentária'!$A$10:$A$49,A25,'Planilha Orçamentária'!$I$10:$I$49)","v":329039.20999999996},null,null,{"$f":"$C25*F26","v":164519.60499999998},{"$f":"$C25*G26","v":164519.60499999998},329039.20999999996,"R$",{"$f":"'Memorial de cálculo'!I317","v":0},{"$f":"'Memorial de cálculo'!J317","v":0}]
[null,null,{"$f":"C25/C25","v":1},null,null,0.5,0.5,1,"%"]
[9,{"$f":"VLOOKUP(A27,'Planilha Orçamentária'!$A$10:$D$49,4)","v":"RESTAURAÇÃO SUPERFICIAL - MUROS LATERAIS E VERTEDOURO"},{"$f":"SUMIF('Planilha Orçamentária'!$A$10:$A$49,A27,'Planilha Orçamentária'!$I$10:$I$49)","v":8039.84},null,null,null,{"$f":"$C27*G28","v":8039.84},{"$f":"SUM(D27:G27)","v":8039.84},"R$",{"$f":"'Memorial de cálculo'!I360","v":6.8125000000000005E-2},{"$f":"'Memorial de cálculo'!J360","v":2}]
[null,null,{"$f":"C27/C27","v":1},null,null,null,1,{"$f":"SUM(D28:G28)","v":1},"%"]
[10,{"$f":"VLOOKUP(A29,'Planilha Orçamentária'!$A$10:$D$49,4)","v":"SERVIÇOS COMPLEMENTARES"},{"$f":"SUMIF('Planilha Orçamentária'!$A$10:$A$49,A29,'Planilha Orçamentária'!$I$10:$I$49)","v":141556.62},null,null,null,{"$f":"$C29*G30","v":141556.62},141556.62,"R$",{"$f":"'Memorial de cálculo'!I384","v":0.22379499999999999},{"$f":"'Memorial de cálculo'!J384","v":18}]
[null,null,{"$f":"C29/C29","v":1},null,null,null,1,1,"%"]
[null,"VALOR TOTAL:",{"$f":"SUMIF($I$11:$I$30,\"R$\",C$11:C$30)","v":1655881.4100000001},291375.05800000002,424064.72200000001,562433.39500000002,378008.23499999999,1655881.4100000001]
[null,"VALOR ACUMULADO:",null,{"$f":"D31","v":291375.05800000002},{"$f":"E31+D32","v":715439.78},{"$f":"F31+E32","v":1277873.175},{"$f":"G31+F32","v":1655881.4100000001},{"$f":"H31","v":1655881.4100000001}]
[null,"FÍSICO PARCIAL:",null,{"$f":"SUMIF($I$13:$I$30,\"R$\",D$13:D$30)/$C$31","v":0.15434276661152924},{"$f":"SUMIF($I$13:$I$30,\"R$\",E$13:E$30)/$C$31","v":0.23447511377037558},{"$f":"SUMIF($I$13:$I$30,\"R$\",F$13:F$30)/$C$31","v":0.31803705979161878},{"$f":"SUMIF($I$13:$I$30,\"R$\",G$13:G$30)/$C$31","v":0.20666123366890143},{"$f":"H31/$C$31","v":1}]
[null,"AVANÇO FÍSICO:",null,{"$f":"D31/$C$31","v":0.17596372315092298},{"$f":"E31/$C$31","v":0.25609607030976933},{"$f":"F31/$C$31","v":0.3396580163310125},0.22828219020829515]

{"sheet":"Cronograma Desoner","index":7,"n_rows":38,"n_cols":9,"rows_kept":38,"cut":false,"hidden":true,"merged":[[14,0,15,0],[14,1,15,1],[16,0,17,0],[16,1,17,1],[18,0,19,0],[18,1,19,1],[32,0,33,0],[32,1,33,1],[20,0,21,0],[20,1,21,1],[30,0,31,0],[30,1,31,1],[22,0,23,0],[22,1,23,1],[24,0,25,0],[26,0,27,0],[28,0,29,0],[24,1,25,1],[26,1,27,1],[28,1,29,1],[10,0,11,0],[10,1,11,1],[12,0,13,0],[12,1,13,1],[5,1,5,2],[6,1,6,2],[7,1,7,2],[8,0,9,0],[8,1,9,1],[8,2,9,2],[8,3,8,6],[8,7,9,7],[0,0,0,7],[1,0,1,7],[2,0,2,7],[3,0,3,7],[4,1,4,2]]}
["Ministério da Integração e do Desenvolvimento Regional"]
["Companhia de Desenvolvimento dos Vales do São Francisco e do Parnaíba"]
[]
["CRONOGRAMA FÍSICO-FINANCEIRO DESONERADO"]
["OBRA:",{"$f":"UPPER(\"SERVIÇOS DE MANUTENÇÃO E OBRAS CIVIS NA ESTRUTURA DA BARRAGEM E EQUIPAMENTO HIDROMECÂNICO\")","v":"SERVIÇOS DE MANUTENÇÃO E OBRAS CIVIS NA ESTRUTURA DA BARRAGEM E EQUIPAMENTO HIDROMECÂNICO"},null,null,null,"BDI (serv.):",{"$f":"'BDI serv Desonerado'!D22","v":0.33510000000000001}]
["LOCAL:","BARRAGEM POÇO DO MAGRO, GUANAMBI/BA",null,null,null,"BDI (forn.):",{"$f":"'BDI forn Desonerado'!D22","v":0.21199999999999999}]
["DATA BASE:","2023-05-01"]
["PRAZO:","120 DIAS"]
["ITEM","DESCRIÇÃO","TOTAL POR ETAPA","MESES",null,null,null,"TOTAL"]
[null,null,null,1,"2","3","4"]
[1,{"$f":"VLOOKUP(A11,'Planilha Orçamentária Desoner'!$A$11:$D$92,4)","v":"ADMINISTRAÇÃO LOCAL"},{"$f":"SUMIF('Planilha Orçamentária Desoner'!$A$11:$A$92,A11,'Planilha Orçamentária Desoner'!$I$11:$I$92)","v":41837.868488},{"$f":"$C11*D12","v":{"$error":"#REF!"}},{"$error":"#REF!"},{"$error":"#REF!"},{"$error":"#REF!"},{"$f":"SUM(D11:G11)","v":{"$error":"#REF!"}},"R$"]
[null,null,{"$f":"C11/C11","v":1},{"$f":"D37","v":{"$error":"#REF!"}},{"$f":"D38-D37+E37","v":{"$error":"#REF!"}},{"$f":"E38-E37+F37","v":{"$error":"#REF!"}},{"$f":"1-SUM(D12:F12)","v":{"$error":"#REF!"}},{"$error":"#REF!"},"%"]
[2,{"$f":"VLOOKUP(A13,'Planilha Orçamentária Desoner'!$A$11:$D$92,4)","v":"SERVIÇOS PRELIMINARES"},{"$f":"SUMIF('Planilha Orçamentária Desoner'!$A$11:$A$92,A13,'Planilha Orçamentária Desoner'!$I$11:$I$92)","v":{"$error":"#REF!"}},{"$f":"$C13*D14","v":{"$error":"#REF!"}},null,null,null,{"$error":"#REF!"},"R$"]
[null,null,{"$f":"C13/C13","v":{"$error":"#REF!"}},1,null,null,null,1,"%"]
[3,{"$f":"VLOOKUP(A15,'Planilha Orçamentária Desoner'!$A$11:$D$92,4)","v":"LIMPEZA DA REGIÃO A JUSANTE "},{"$f":"SUMIF('Planilha Orçamentária Desoner'!$A$11:$A$92,A15,'Planilha Orçamentária Desoner'!$I$11:$I$92)","v":{"$error":"#REF!"}},{"$f":"$C15*D16","v":{"$error":"#REF!"}},null,null,null,{"$error":"#REF!"},"R$"]
[null,null,{"$f":"C15/C15","v":{"$error":"#REF!"}},1,null,null,null,1,"%"]
["4.1",{"$f":"VLOOKUP(A17,'Planilha Orçamentária Desoner'!$A$11:$D$92,4)","v":"Inspeção e Laudo da região subaquática"},{"$f":"SUMIF('Planilha Orçamentária Desoner'!$A$11:$A$92,A17,'Planilha Orçamentária Desoner'!$I$11:$I$92)","v":{"$error":"#REF!"}},{"$f":"$C17*D18","v":{"$error":"#REF!"}},null,null,null,{"$error":"#REF!"},"R$"]
[null,null,{"$f":"C17/C17","v":{"$error":"#REF!"}},1,null,null,null,1,"%"]
["4.2",{"$f":"VLOOKUP(A19,'Planilha Orçamentária Desoner'!$A$11:$D$92,4)","v":"Vedação/Abertura da tomada d'água"},{"$f":"SUMIF('Planilha Orçamentária Desoner'!$A$11:$A$92,A19,'Planilha Orçamentária Desoner'!$I$11:$I$92)","v":{"$error":"#REF!"}},{"$f":"$C19*D20","v":{"$error":"#REF!"}},{"$f":"$C19*E20","v":{"$error":"#REF!"}},null,null,{"$error":"#REF!"},"R$"]
[null,null,{"$f":"C19/C19","v":{"$error":"#REF!"}},0.5,0.5,null,null,1,"%"]
[5,{"$f":"VLOOKUP(A21,'Planilha Orçamentária Desoner'!$A$11:$D$92,4)","v":"MANUTENÇÃO NOS DISPOSITIVOS DE CONTROLE"},{"$f":"SUMIF('Planilha Orçamentária Desoner'!$A$11:$A$92,A21,'Planilha Orçamentária Desoner'!$I$11:$I$92)","v":{"$error":"#REF!"}},null,{"$f":"$C21*E22","v":{"$error":"#REF!"}},null,null,{"$f":"SUM(E21:G21)","v":{"$error":"#REF!"}},"R$"]
[null,null,{"$f":"C21/C21","v":{"$error":"#REF!"}},null,1,null,null,{"$f":"SUM(E22:G22)","v":1},"%"]
["6.1",{"$f":"VLOOKUP(A23,'Planilha Orçamentária Desoner'!$A$11:$D$92,4)","v":"Paramento a jusante"},{"$f":"SUMIF('Planilha Orçamentária Desoner'!$A$11:$A$92,A23,'Planilha Orçamentária Desoner'!$I$11:$I$92)","v":{"$error":"#REF!"}},null,{"$f":"$C23*E24","v":{"$error":"#REF!"}},{"$f":"$C23*F24","v":{"$error":"#REF!"}},null,{"$f":"SUM(E23:G23)","v":{"$error":"#REF!"}},"R$"]
[null,null,{"$f":"C23/C23","v":{"$error":"#REF!"}},null,0.5,0.5,null,1,"%"]
["6.2",{"$f":"VLOOKUP(A25,'Planilha Orçamentária Desoner'!$A$11:$D$92,4)","v":"Crista"},{"$f":"SUMIF('Planilha Orçamentária Desoner'!$A$11:$A$92,A25,'Planilha Orçamentária Desoner'!$I$11:$I$92)","v":{"$error":"#REF!"}},null,null,{"$f":"$C25*F26","v":{"$error":"#REF!"}},null,{"$error":"#REF!"},"R$"]
[null,null,{"$f":"C25/C25","v":{"$error":"#REF!"}},null,null,1,null,1,"%"]
["6.3",{"$f":"VLOOKUP(A27,'Planilha Orçamentária Desoner'!$A$11:$D$92,4)","v":"Vertedouro"},{"$f":"SUMIF('Planilha Orçamentária Desoner'!$A$11:$A$92,A27,'Planilha Orçamentária Desoner'!$I$11:$I$92)","v":{"$error":"#REF!"}},null,null,{"$f":"$C27*F28","v":{"$error":"#REF!"}},null,{"$error":"#REF!"},"R$"]
[null,null,{"$f":"C27/C27","v":{"$error":"#REF!"}},null,null,1,null,1,"%"]
["7.1",{"$f":"VLOOKUP(A29,'Planilha Orçamentária Desoner'!$A$11:$D$92,4)","v":"Investigação do maciço"},{"$f":"SUMIF('Planilha Orçamentária Desoner'!$A$11:$A$92,A29,'Planilha Orçamentária Desoner'!$I$11:$I$92)","v":{"$error":"#REF!"}},null,null,{"$f":"$C29*F30","v":{"$error":"#REF!"}},null,{"$error":"#REF!"},"R$"]
[null,null,{"$f":"C29/C29","v":{"$error":"#REF!"}},null,null,1,null,1,"%"]
["7.2",{"$f":"VLOOKUP(A31,'Planilha Orçamentária Desoner'!$A$11:$D$92,4)","v":"Recuperação do maciço"},{"$f":"SUMIF('Planilha Orçamentária Desoner'!$A$11:$A$92,A31,'Planilha Orçamentária Desoner'!$I$11:$I$92)","v":{"$error":"#REF!"}},null,null,{"$f":"$C31*F32","v":{"$error":"#REF!"}},null,{"$error":"#REF!"},"R$"]
[null,null,{"$f":"C31/C31","v":{"$error":"#REF!"}},null,null,1,null,1,"%"]
[8,{"$f":"VLOOKUP(A33,'Planilha Orçamentária Desoner'!$A$11:$D$92,4)","v":"SERVIÇOS AUXILIARES"},{"$f":"SUMIF('Planilha Orçamentária Desoner'!$A$11:$A$92,A33,'Planilha Orçamentária Desoner'!$I$11:$I$92)","v":{"$error":"#REF!"}},null,null,null,{"$f":"$C33*G34","v":{"$error":"#REF!"}},{"$error":"#REF!"},"R$"]
[null,null,{"$f":"C33/C33","v":{"$error":"#REF!"}},null,null,null,1,1,"%"]
[null,"VALOR TOTAL:",{"$f":"SUMIF($I$11:$I$34,\"R$\",C$11:C$34)","v":{"$error":"#REF!"}},{"$error":"#REF!"},{"$error":"#REF!"},{"$error":"#REF!"},{"$error":"#REF!"},{"$error":"#REF!"}]
[null,"VALOR ACUMULADO:",null,{"$f":"D35","v":{"$error":"#REF!"}},{"$f":"E35+D36","v":{"$error":"#REF!"}},{"$error":"#REF!"},{"$error":"#REF!"},{"$f":"H35","v":{"$error":"#REF!"}}]
[null,"FÍSICO PARCIAL:",null,{"$f":"SUMIF($I$13:$I$34,\"R$\",D$13:D$34)/$C$35","v":{"$error":"#REF!"}},{"$f":"SUMIF($I$13:$I$34,\"R$\",E$13:E$34)/$C$35","v":{"$error":"#REF!"}},{"$f":"SUMIF($I$13:$I$34,\"R$\",F$13:F$34)/$C$35","v":{"$error":"#REF!"}},{"$f":"SUMIF($I$13:$I$34,\"R$\",G$13:G$34)/$C$35","v":{"$error":"#REF!"}},{"$f":"H35/$C$35","v":{"$error":"#REF!"}}]
[null,"AVANÇO FÍSICO:",null,{"$f":"D35/$C$35","v":{"$error":"#REF!"}},{"$f":"E35/$C$35","v":{"$error":"#REF!"}},{"$f":"F35/$C$35","v":{"$error":"#REF!"}},{"$error":"#REF!"}]

{"sheet":"Cotações","index":8,"n_rows":18,"n_cols":15,"rows_kept":18,"cut":false,"hidden":false,"merged":[[13,1,13,7],[10,1,10,7],[8,16,9,16],[8,9,9,9],[8,10,9,10],[8,11,8,14],[8,15,9,15],[8,0,9,0],[8,1,8,5],[8,6,9,6],[8,7,9,7],[8,8,9,8],[0,0,0,14],[1,0,1,14],[2,0,2,14],[3,0,3,14],[7,11,7,14],[4,1,4,6],[5,1,5,6],[6,1,6,6],[7,1,7,6]]}
["Ministério do Desenvolvimento Regional"]
["Companhia de Desenvolvimento dos Vales do São Francisco e do Parnaíba"]
[{"$f":"'Planilha Orçamentária'!#REF!","v":{"$error":"#REF!"}}]
["COTAÇÕES"]
["OBRA:",{"$f":"'Planilha Orçamentária'!B4:D4","v":"SERVIÇOS DE MANUTENÇÃO E OBRAS CIVIS NA BARRAGEM BOM VIVER"},{"$nulls":8},"BDI (serv.):",{"$f":"'BDI serv'!D22","v":0.23880000000000001}]
["LOCAL:",{"$f":"'Planilha Orçamentária'!B5","v":"BARRAGEM BOM VIVER, BELÉM DO SÃO FRANCISCO/PE"},{"$nulls":8},"BDI (forn.):",{"$f":"'BDI forn'!E6","v":0.14699999999999999}]
["DATA BASE:",{"$f":"'Planilha Orçamentária'!B6:C6","v":"2024-05-13"}]
["PRAZO:",{"$f":"'Planilha Orçamentária'!B7:C7","v":"120 DIAS"}]
["ITEM","EMPRESA",{"$nulls":4},"ORÇADO\nPOR","DESCRIÇÃO / OBSERVAÇÃO","UNID","QUANT","LINK OU LOCAL DO ARQUIVO","VALOR"]
[null,"DATA","EMPRESA / CNPJ","RESPONSÁVEL","ENDEREÇO","CONTATO",{"$nulls":5},"MAT","MDO","TRANSPORTE","TOTAL"]
[{"$f":"CPU!#REF!","v":{"$error":"#REF!"}},{"$f":"CPU!#REF!","v":{"$error":"#REF!"}},{"$nulls":12},{"$f":"AVERAGE(O12:O13)","v":90}]
[1,"2024-01-22",{"$nulls":4},"Murilo - RHA","Diária hotel","un",1,null,100,null,null,{"$f":"SUM(L12:N12)","v":100}]
[2,"2024-01-22",{"$nulls":4},"Murilo - RHA","Diaria hotel","un",1,null,80,null,null,{"$f":"SUM(L13:N13)","v":80}]
[{"$f":"CPU!C238","v":"CPU.23"},"Régua linimétrica",{"$nulls":12},{"$f":"AVERAGE(O15:O17)","v":183}]
[1,"2024-01-22","POLIMEDIÇÃO COMERCIAL","Preço na loja online","R. Arlete, 151 - Jardim Penha - São Paulo - SP","Tel: (11) 4328-3003\nWhatsApp: (11) 98575-6343\npolimedicao@gmail.com","Murilo - RHA","Régua linimétrica em alumínio 2 X 70 X 1000MM","un",1,"https://www.polimedicao.com.br/product-page/r%C3%A9gua-linim%C3%A9trica-em-chapa-de-aluminio-2-x-70-x-1000mm",169,null,null,{"$f":"SUM(L15:N15)","v":169}]
[2,"2024-01-22","Gravametal","Preço na loja online","Rua Uniflor, 1012 - Emiliano Perneta\nPinhais - Paraná - CEP: 83324-227","☎ (41) 3403-0144\n✆ (41) 99672-9692\n✉ gravametal@gmail.com","Murilo - RHA","Régua linimétrica em alumínio 2 X 70 X 1000MM","un",1,"https://www.gravametal.com.br/product-page/r%C3%A9gua-linim%C3%A9trica-fluviom%C3%A9trica-1000x70x2mm",240,null,null,{"$f":"SUM(L16:N16)","v":240}]
[3,"2024-01-22","Hidromec","Consulta via Whatsapp","Rua Sacadura Cabral, 351\nSaúde - Rio de Janeiro - RJ\nCEP: 20221-160","(21) 3622-8000\ncontato@hidromechc.com.br","Murilo - RHA","Régua linimétrica em alumínio 2 X 70 X 1000MM","un",1,"https://www.hidromechc.com.br/regua",140,null,null,140]
[4,"2024-01-22","Agrosensores",null,null,null,"Murilo - RHA","Régua linimétrica em alumínio 2 X 70 X 1000MM","un",1,"https://www.agrosensores.com.br/sensores/limnimetro/regua-limnimetrica-dualbase",null,null,89.53,89.53]

{"sheet":"BDI serv","index":9,"n_rows":23,"n_cols":7,"rows_kept":23,"cut":false,"hidden":false,"merged":[[5,1,5,2],[8,3,9,3],[8,4,8,6],[22,0,26,6],[6,1,6,2],[7,1,7,2],[8,0,9,0],[8,1,9,1],[8,2,9,2],[0,0,0,6],[1,0,1,6],[2,0,2,6],[3,0,3,6],[4,1,4,2]]}
["Ministério da Integração e do Desenvolvimento Regional"]
["Companhia de Desenvolvimento dos Vales do São Francisco e do Parnaíba"]
[{"$f":"'Planilha Orçamentária'!#REF!","v":{"$error":"#REF!"}}]
["COMPOSIÇÃO DE BDI - SERVIÇOS - ONERADO"]
["OBRA:",{"$f":"'Planilha Orçamentária'!B4:D4","v":"SERVIÇOS DE MANUTENÇÃO E OBRAS CIVIS NA BARRAGEM BOM VIVER"},null,null,null,"BDI (serv.):",{"$f":"D22","v":0.23880000000000001}]
["LOCAL:",{"$f":"'Planilha Orçamentária'!B5","v":"BARRAGEM BOM VIVER, BELÉM DO SÃO FRANCISCO/PE"},null,null,null,"BDI (forn.):",{"$f":"'BDI forn'!D22","v":0.14699999999999999}]
["DATA BASE:",{"$f":"'Planilha Orçamentária'!B6:C6","v":"2024-05-13"}]
["PRAZO:",{"$f":"'Planilha Orçamentária'!B7:C7","v":"120 DIAS"}]
["ITEM","DESCRIÇÃO","SIGLA","% APLICADO","REFERÊNCIA TCU\n(ACÓRDÃO Nº 2622/2013)"]
[{"$nulls":4},"1º QUARTIL","2º QUARTIL","3º QUARTIL"]
[1,"ADMINISTRAÇÃO CENTRAL","AC",{"$f":"E11","v":0.04},0.04,5.5199999999999999E-2,7.85E-2]
[2,"IMPOSTOS","T",{"$f":"SUM(D13:D16)","v":7.1500000000000008E-2}]
["2.1","ISS (*)",null,3.5000000000000003E-2,"-","-","-"]
["2.2","PIS",null,6.4999999999999997E-3,"-","-","-"]
["2.3","Cofins",null,0.03,"-","-","-"]
["2.4","Contribuição previdênciária sobre a receita bruta (CPRB)",null,null,"-","-","-"]
[3,"SEGURO, GARANTIA E RISCO",null,{"$f":"SUM(D18:D19)","v":2.2699999999999998E-2}]
["3.1","Seguro + Garantia","S + G",{"$f":"E18","v":8.0999999999999996E-3},8.0999999999999996E-3,1.2200000000000001E-2,1.9900000000000001E-2]
["3.2","Risco","R",{"$f":"E19","v":1.46E-2},1.46E-2,2.3199999999999998E-2,3.1600000000000003E-2]
[4,"DESPESAS FINANCEIRAS","DF",{"$f":"F20","v":1.0200000000000001E-2},9.4000000000000004E-3,1.0200000000000001E-2,1.363E-2]
[5,"LUCRO","L",{"$f":"E21","v":7.1400000000000005E-2},7.1400000000000005E-2,8.4000000000000005E-2,0.1043]
[null,"BDI ADOTADO:",null,{"$f":"ROUND(((((1+D11+D17)*(1+D20)*(1+D21))/(1-D12))-1),4)","v":0.23880000000000001}]
["Considerações:\nO BDI foi calculado através da seguinte fórmula, regulamentada pelo Acórdão Nº 2622/2013 – TCU.\n\n\n\n\n* O percentual de ISSQN aqui utilizado refere-se ao município de Porteirinha/MG, conforme Lei Complementar 1899/2007 - Art. 1º (Item 7.02C). Conforme Art. 112, § 14, na base de cálculo do ISSQN considerou-se dedução do percentual abaixo discriminado."]

{"sheet":"BDI serv Desonerado","index":10,"n_rows":23,"n_cols":7,"rows_kept":23,"cut":false,"hidden":true,"merged":[[22,0,26,6],[0,0,0,6],[1,0,1,6],[2,0,2,6],[3,0,3,6],[8,0,9,0],[8,1,9,1],[8,2,9,2],[8,3,9,3],[8,4,8,6],[6,1,6,2],[7,1,7,2],[4,1,4,2],[5,1,5,2]]}
["Ministério do Desenvolvimento Regional"]
["Companhia de Desenvolvimento dos Vales do São Francisco e do Parnaíba"]
[{"$f":"'Planilha Orçamentária'!#REF!","v":{"$error":"#REF!"}}]
["COMPOSIÇÃO DE BDI - SERVIÇOS - DESONERADO"]
["OBRA:",{"$f":"UPPER(\"SERVIÇOS DE MANUTENÇÃO E OBRAS CIVIS NA ESTRUTURA DA BARRAGEM E EQUIPAMENTO HIDROMECÂNICO\")","v":"SERVIÇOS DE MANUTENÇÃO E OBRAS CIVIS NA ESTRUTURA DA BARRAGEM E EQUIPAMENTO HIDROMECÂNICO"},null,"BDI (serv.):",{"$f":"D22","v":0.33510000000000001}]
["LOCAL:","BARRAGEM POÇO DO MAGRO, GUANAMBI/BA",null,"BDI (forn.):",{"$f":"'BDI forn Desonerado'!E6","v":0.21199999999999999}]
["DATA BASE:","2023-05-01"]
["PRAZO:","120 DIAS"]
["ITEM","DESCRIÇÃO","SIGLA","% APLICADO","REFERÊNCIA TCU\n(ACÓRDÃO Nº 2622/2013)"]
[{"$nulls":4},"1º QUARTIL","2º QUARTIL","3º QUARTIL"]
[1,"ADMINISTRAÇÃO CENTRAL","AC",{"$f":"E11","v":0.04},0.04,5.5199999999999999E-2,7.85E-2]
[2,"IMPOSTOS","T",{"$f":"SUM(D13:D16)","v":0.13150000000000001}]
["2.1","ISS (*)",null,0.05,"-","-","-"]
["2.2","PIS",null,6.4999999999999997E-3,"-","-","-"]
["2.3","Cofins",null,0.03,"-","-","-"]
["2.4","Contribuição previdênciária sobre a receita bruta (CPRB)",null,4.4999999999999998E-2,"-","-","-"]
[3,"SEGURO, GARANTIA E RISCO",null,{"$f":"SUM(D18:D19)","v":3.1299999999999994E-2}]
["3.1","Seguro + Garantia","S + G",{"$f":"E18","v":8.0999999999999996E-3},8.0999999999999996E-3,1.2200000000000001E-2,1.9900000000000001E-2]
["3.2","Risco","R",{"$f":"F19","v":2.3199999999999998E-2},1.46E-2,2.3199999999999998E-2,3.1600000000000003E-2]
[4,"DESPESAS FINANCEIRAS","DF",{"$f":"F20","v":1.0200000000000001E-2},9.4000000000000004E-3,1.0200000000000001E-2,1.363E-2]
[5,"LUCRO","L",{"$f":"E21","v":7.1400000000000005E-2},7.1400000000000005E-2,8.4000000000000005E-2,0.1043]
[null,"BDI ADOTADO:",null,{"$f":"ROUND(((((1+D11+D17)*(1+D20)*(1+D21))/(1-D12))-1),4)","v":0.33510000000000001}]
["Considerações:\nO BDI foi calculado através da seguinte fórmula, regulamentada pelo Acórdão Nº 2622/2013 – TCU.\n\n\n\n\n* O percentual de ISSQN aqui utilizado refere-se ao município de Porteirinha/MG, conforme Lei Complementar 1899/2007 - Art. 1º (Item 7.02C). Conforme Art. 112, § 14, na base de cálculo do ISSQN considerou-se dedução do percentual abaixo discriminado."]

{"sheet":"BDI forn","index":11,"n_rows":23,"n_cols":7,"rows_kept":23,"cut":false,"hidden":false,"merged":[[22,0,26,6],[0,0,0,6],[1,0,1,6],[2,0,2,6],[3,0,3,6],[8,0,9,0],[8,1,9,1],[8,2,9,2],[8,3,9,3],[8,4,8,6],[6,1,6,2],[7,1,7,2],[4,1,4,2],[5,1,5,2]]}
["Ministério do Desenvolvimento Regional"]
["Companhia de Desenvolvimento dos Vales do São Francisco e do Parnaíba"]
[{"$f":"'Planilha Orçamentária'!#REF!","v":{"$error":"#REF!"}}]
["COMPOSIÇÃO DE BDI - FORNECIMENTO - ONERADO"]
["OBRA:",{"$f":"'Planilha Orçamentária'!B4:D4","v":"SERVIÇOS DE MANUTENÇÃO E OBRAS CIVIS NA BARRAGEM BOM VIVER"},null,"BDI (serv.):",{"$f":"'BDI serv'!D22","v":0.23880000000000001}]
["LOCAL:",{"$f":"'Planilha Orçamentária'!B5","v":"BARRAGEM BOM VIVER, BELÉM DO SÃO FRANCISCO/PE"},null,"BDI (forn.):",{"$f":"D22","v":0.14699999999999999}]
["DATA BASE:",{"$f":"'Planilha Orçamentária'!B6:C6","v":"2024-05-13"}]
["PRAZO:",{"$f":"'Planilha Orçamentária'!B7:C7","v":"120 DIAS"}]
["ITEM","DESCRIÇÃO","SIGLA","% APLICADO","REFERÊNCIA TCU\n(ACÓRDÃO Nº 2622/2013)"]
[{"$nulls":4},"1º QUARTIL","2º QUARTIL","3º QUARTIL"]
[1,"ADMINISTRAÇÃO CENTRAL","AC",0.04,1.4999999999999999E-2,3.4500000000000003E-2,4.4900000000000002E-2]
[2,"IMPOSTOS","T",{"$f":"SUM(D13:D16)","v":3.6499999999999998E-2}]
["2.1","ISS (*)",null,null,"-","-","-"]
["2.2","PIS",null,6.4999999999999997E-3,"-","-","-"]
["2.3","Cofins",null,0.03,"-","-","-"]
["2.4","Contribuição previdênciária sobre a receita bruta (CPRB)",null,null,"-","-","-"]
[3,"SEGURO, GARANTIA E RISCO",null,{"$f":"SUM(D18:D19)","v":8.6E-3}]
["3.1","Seguro + Garantia","S + G",{"$f":"E18","v":3.0000000000000001E-3},3.0000000000000001E-3,4.7999999999999996E-3,8.2000000000000007E-3]
["3.3","Risco","R",{"$f":"E19","v":5.5999999999999999E-3},5.5999999999999999E-3,8.5000000000000006E-3,8.8999999999999999E-3]
[4,"DESPESAS FINANCEIRAS","DF",{"$f":"E20","v":8.5000000000000006E-3},8.5000000000000006E-3,8.5000000000000006E-3,1.11E-2]
[5,"LUCRO","L",4.4999999999999998E-2,3.5000000000000003E-2,5.11E-2,6.2199999999999998E-2]
[null,"BDI ADOTADO:",null,{"$f":"ROUND(((((1+D11+D17)*(1+D20)*(1+D21))/(1-D12))-1),4)","v":0.14699999999999999}]
["Considerações:\nO BDI foi calculado através da seguinte fórmula, regulamentada pelo Acórdão Nº 2622/2013 – TCU.\n\n\n\n"]

{"sheet":"BDI forn Desonerado","index":12,"n_rows":23,"n_cols":7,"rows_kept":23,"cut":false,"hidden":true,"merged":[[22,0,26,6],[0,0,0,6],[1,0,1,6],[2,0,2,6],[3,0,3,6],[8,0,9,0],[8,1,9,1],[8,2,9,2],[8,3,9,3],[8,4,8,6],[4,1,4,2],[5,1,5,2],[6,1,6,2],[7,1,7,2]]}
["Ministério do Desenvolvimento Regional"]
["Companhia de Desenvolvimento dos Vales do São Francisco e do Parnaíba"]
[{"$f":"'Planilha Orçamentária'!#REF!","v":{"$error":"#REF!"}}]
["COMPOSIÇÃO DE BDI - FORNECIMENTO - DESONERADO"]
["OBRA:",{"$f":"UPPER(\"SERVIÇOS DE MANUTENÇÃO E OBRAS CIVIS NA ESTRUTURA DA BARRAGEM E EQUIPAMENTO HIDROMECÂNICO\")","v":"SERVIÇOS DE MANUTENÇÃO E OBRAS CIVIS NA ESTRUTURA DA BARRAGEM E EQUIPAMENTO HIDROMECÂNICO"},null,"BDI (serv.):",{"$f":"'BDI serv Desonerado'!E5","v":0.33510000000000001}]
["LOCAL:","BARRAGEM POÇO DO MAGRO, GUANAMBI/BA",null,"BDI (forn.):",{"$f":"D22","v":0.21199999999999999}]
["DATA BASE:","2023-05-01"]
["PRAZO:","120 DIAS"]
["ITEM","DESCRIÇÃO","SIGLA","% APLICADO","REFERÊNCIA TCU\n(ACÓRDÃO Nº 2622/2013)"]
[{"$nulls":4},"1º QUARTIL","2º QUARTIL","3º QUARTIL"]
[1,"ADMINISTRAÇÃO CENTRAL","AC",0.04,1.4999999999999999E-2,3.4500000000000003E-2,4.4900000000000002E-2]
[2,"IMPOSTOS","T",{"$f":"SUM(D13:D16)","v":8.1499999999999989E-2}]
["2.1","ISS (*)",null,null,"-","-","-"]
["2.2","PIS",null,6.4999999999999997E-3,"-","-","-"]
["2.3","Cofins",null,0.03,"-","-","-"]
["2.4","Contribuição previdênciária sobre a receita bruta (CPRB)",null,4.4999999999999998E-2,"-","-","-"]
[3,"SEGURO, GARANTIA E RISCO",null,{"$f":"SUM(D18:D19)","v":8.6E-3}]
["3.1","Seguro +Garantia","S+G",{"$f":"E18","v":3.0000000000000001E-3},3.0000000000000001E-3,4.7999999999999996E-3,8.2000000000000007E-3]
["3.2","Risco","R",{"$f":"E19","v":5.5999999999999999E-3},5.5999999999999999E-3,8.5000000000000006E-3,8.8999999999999999E-3]
[4,"DESPESAS FINANCEIRAS","DF",0.01,8.5000000000000006E-3,8.5000000000000006E-3,1.11E-2]
[5,"LUCRO","L",{"$f":"F21","v":5.11E-2},3.5000000000000003E-2,5.11E-2,6.2199999999999998E-2]
[null,"BDI ADOTADO:",null,{"$f":"ROUND(((((1+D11+D17)*(1+D20)*(1+D21))/(1-D12))-1),4)","v":0.21199999999999999}]
["Considerações:\nO BDI foi calculado através da seguinte fórmula, regulamentada pelo Acórdão Nº 2622/2013 – TCU.\n\n\n\n"]

{"sheet":"Encargos Sociais","index":13,"n_rows":48,"n_cols":6,"rows_kept":48,"cut":false,"hidden":false,"merged":[[47,0,47,1],[12,0,12,5],[23,0,23,5],[35,0,35,5],[42,0,42,5],[46,0,46,1],[9,0,9,5],[10,0,11,0],[10,1,11,1],[10,2,10,3],[10,4,10,5],[0,0,0,5],[1,0,1,5],[2,0,2,5],[3,0,3,5],[8,0,8,5],[4,1,4,2],[5,1,5,2],[6,1,6,2],[7,1,7,2]]}
["Ministério da Integração e do Desenvolvimento Regional"]
["Companhia de Desenvolvimento dos Vales do São Francisco e do Parnaíba"]
[{"$f":"'Planilha Orçamentária'!#REF!","v":{"$error":"#REF!"}}]
["COMPOSIÇÃO DE ENCARGOS SOCIAIS SOBRE A MÃO DE OBRA"]
["OBRA:",{"$f":"'Planilha Orçamentária'!B4:D4","v":"SERVIÇOS DE MANUTENÇÃO E OBRAS CIVIS NA BARRAGEM BOM VIVER"}]
["LOCAL:",{"$f":"'Planilha Orçamentária'!B5","v":"BARRAGEM BOM VIVER, BELÉM DO SÃO FRANCISCO/PE"}]
["DATA BASE:",{"$f":"'Planilha Orçamentária'!B6:C6","v":"2024-05-13"}]
["PRAZO:",{"$f":"'Planilha Orçamentária'!B7:C7","v":"120 DIAS"}]
["Encargos Sociais – Pernambuco   VIGÊNCIA A PARTIR DE  12/2022"]
["ENCARGOS SOCIAIS SOBRE A MÃO DE OBRA"]
["CÓDIGO","DESCRIÇÃO","COM DESONERAÇÃO",null,"SEM DESONERAÇÃO"]
[null,null,"HORISTA\n%","MENSALISTA\n%","HORISTA\n%","MENSALISTA\n%"]
["GRUPO A"]
["A1","INSS",0,0,0.2,0.2]
["A2","SESI",1.4999999999999999E-2,1.4999999999999999E-2,1.4999999999999999E-2,1.4999999999999999E-2]
["A3","SENAI",0.01,0.01,0.01,0.01]
["A4","INCRA",2E-3,2E-3,2E-3,2E-3]
["A5","SEBRAE",6.0000000000000001E-3,6.0000000000000001E-3,6.0000000000000001E-3,6.0000000000000001E-3]
["A6","Salário Educação",2.5000000000000001E-2,2.5000000000000001E-2,2.5000000000000001E-2,2.5000000000000001E-2]
["A7","Seguro Contra Acidentes de Trabalho",0.03,0.03,0.03,0.03]
["A8","FGTS",0.08,0.08,0.08,0.08]
["A9","SECONCI",0,0,0,0]
["A","Total",{"$f":"SUM(C14:C22)","v":0.16799999999999998},{"$f":"SUM(D14:D22)","v":0.16799999999999998},{"$f":"SUM(E14:E22)","v":0.36800000000000005},{"$f":"SUM(F14:F22)","v":0.36800000000000005}]
["GRUPO B"]
["B1","Repouso Semanal Remunerado",0.18060000000000001,"Não incide",0.18060000000000001,"Não incide"]
["B2","Feriados",4.3299999999999998E-2,"Não incide",4.3299999999999998E-2,"Não incide"]
["B3","Auxílio - Enfermidade",8.6999999999999994E-3,6.6E-3,8.6999999999999994E-3,6.6E-3]
["B4","13º Salário",0.1103,8.3299999999999999E-2,0.1103,8.3299999999999999E-2]
["B5","Licença Paternidade",6.9999999999999999E-4,5.0000000000000001E-4,6.9999999999999999E-4,5.0000000000000001E-4]
["B6","Faltas Justificadas",7.4000000000000003E-3,5.5999999999999999E-3,7.4000000000000003E-3,5.5999999999999999E-3]
["B7","Dias de Chuvas",2.23E-2,"Não incide",2.23E-2,"Não incide"]
["B8","Auxílio Acidente de Trabalho",1.1000000000000001E-3,8.0000000000000004E-4,1.1000000000000001E-3,8.0000000000000004E-4]
["B9","Férias Gozadas",0.1046,7.9000000000000001E-2,0.1046,7.9000000000000001E-2]
["B10","Salário Maternidade",4.0000000000000002E-4,2.9999999999999997E-4,4.0000000000000002E-4,2.9999999999999997E-4]
["B","Total",{"$f":"SUM(C25:C34)","v":0.47939999999999999},{"$f":"SUM(D25:D34)","v":0.17609999999999998},{"$f":"SUM(E25:E34)","v":0.47939999999999999},{"$f":"SUM(F25:F34)","v":0.17609999999999998}]
["GRUPO C"]
["C1","Aviso Prévio Indenizado",4.8000000000000001E-2,3.6299999999999999E-2,4.8000000000000001E-2,3.6299999999999999E-2]
["C2","Aviso Prévio Trabalhado",1.1000000000000001E-3,8.9999999999999998E-4,1.1000000000000001E-3,8.9999999999999998E-4]
["C3","Férias Indenizadas",3.49E-2,2.64E-2,3.49E-2,2.64E-2]
["C4","Depósito Rescisão Sem Justa Causa",2.9499999999999998E-2,2.23E-2,2.9499999999999998E-2,2.23E-2]
["C5","Indenização Adicional",4.0000000000000001E-3,3.0999999999999999E-3,4.0000000000000001E-3,3.0999999999999999E-3]
["C","Total",{"$f":"SUM(C37:C41)","v":0.11749999999999999},{"$f":"SUM(D37:D41)","v":8.8999999999999996E-2},{"$f":"SUM(E37:E41)","v":0.11749999999999999},{"$f":"SUM(F37:F41)","v":8.8999999999999996E-2}]
["GRUPO D"]
["D1","Reincidência de Grupo A sobre Grupo B",8.0500000000000002E-2,2.9600000000000001E-2,0.1764,6.4799999999999996E-2]
["D2","Reincidência de Grupo A sobre Aviso Prévio Trabalhado e Reincidência do FGTS sobre Aviso\nPrévio Indenizado",4.0000000000000001E-3,3.0999999999999999E-3,4.1999999999999997E-3,3.2000000000000002E-3]
["D","Total",{"$f":"SUM(C44:C45)","v":8.4500000000000006E-2},{"$f":"SUM(D44:D45)","v":3.27E-2},{"$f":"SUM(E44:E45)","v":0.18060000000000001},{"$f":"SUM(F44:F45)","v":6.7999999999999991E-2}]
["TOTAL(A+B+C+D)",null,{"$f":"C23+C35+C42+C46","v":0.84939999999999993},{"$f":"D23+D35+D42+D46","v":0.46579999999999994},{"$f":"E23+E35+E42+E46","v":1.1455000000000002},{"$f":"F23+F35+F42+F46","v":0.70109999999999995}]
["Fonte: Informação Dias de Chuva – INMET"]

{"sheet":"Comp SINAPI PE 03-2024 Onerado","index":14,"n_rows":7554,"n_cols":12,"rows_kept":7554,"cut":false,"hidden":false,"merged":[[0,0,0,12],[1,0,1,12],[2,0,2,12]]}
["PCI.817.01 - CUSTO DE COMPOSIÇÕES - SINTÉTICO                                               DATA DE EMISSÃO: 17/04/2024 23:50:35            DATA DE RT: 17/04/2024"]
["ENCARGOS SOCIAIS SOBRE PREÇOS DA MÃO-DE-OBRA: 113,98%(HORA)   70,00%(MÊS)"]
["ABRANGÊNCIA : NACIONAL                                              LOCALIDADE  : RECIFE                                                                                                              DATA DE PREÇO   : 03/2024 REFERÊNCIA COLETA : MEDIANO"]
[]
["DESCRICAO DA CLASSE","SIGLA DA CLASSE","DESCRICAO DO TIPO 1","SIGLA DO TIPO 1","CODIGO DO AGRUPADOR","DESCRICAO DO AGRUPADOR","CODIGO  DA COMPOSICAO","DESCRICAO DA COMPOSICAO","UNIDADE","ORIGEM DE PREÇO","CUSTO TOTAL","VINCULO"]
[]
["ASSENTAMENTO DE TUBOS E PECAS","ASTU","FORNEC E/OU ASSENT DE TUBO DE FERRO FUNDIDO JUNTA ELASTICA","0045","","",97141,"ASSENTAMENTO DE TUBO DE FERRO FUNDIDO PARA REDE DE ÁGUA, DN 80 MM, JUNTA ELÁSTICA, INSTALADO EM LOCAL COM NÍVEL ALTO DE INTERFERÊNCIAS (NÃO INCLUI FORNECIMENTO). AF_11/2017","M","COEFICIENTE DE REPRESENTATIVIDADE",8.9700000000000006,"CAIXA REFERENCIAL"]
["ASSENTAMENTO DE TUBOS E PECAS","ASTU","FORNEC E/OU ASSENT DE TUBO DE FERRO FUNDIDO JUNTA ELASTICA","0045","","",97142,"ASSENTAMENTO DE TUBO DE FERRO FUNDIDO PARA REDE DE ÁGUA, DN 100 MM, JUNTA ELÁSTICA, INSTALADO EM LOCAL COM NÍVEL ALTO DE INTERFERÊNCIAS (NÃO INCLUI FORNECIMENTO). AF_11/2017","M","COEFICIENTE DE REPRESENTATIVIDADE",9.93,"CAIXA REFERENCIAL"]
["ASSENTAMENTO DE TUBOS E PECAS","ASTU","FORNEC E/OU ASSENT DE TUBO DE FERRO FUNDIDO JUNTA ELASTICA","0045","","",97143,"ASSENTAMENTO DE TUBO DE FERRO FUNDIDO PARA REDE DE ÁGUA, DN 150 MM, JUNTA ELÁSTICA, INSTALADO EM LOCAL COM NÍVEL ALTO DE INTERFERÊNCIAS (NÃO INCLUI FORNECIMENTO). AF_11/2017","M","COEFICIENTE DE REPRESENTATIVIDADE",12.37,"CAIXA REFERENCIAL"]
["ASSENTAMENTO DE TUBOS E PECAS","ASTU","FORNEC E/OU ASSENT DE TUBO DE FERRO FUNDIDO JUNTA ELASTICA","0045","","",97144,"ASSENTAMENTO DE TUBO DE FERRO FUNDIDO PARA REDE DE ÁGUA, DN 200 MM, JUNTA ELÁSTICA, INSTALADO EM LOCAL COM NÍVEL ALTO DE INTERFERÊNCIAS (NÃO INCLUI FORNECIMENTO). AF_11/2017","M","COEFICIENTE DE REPRESENTATIVIDADE",14.79,"CAIXA REFERENCIAL"]
["ASSENTAMENTO DE TUBOS E PECAS","ASTU","FORNEC E/OU ASSENT DE TUBO DE FERRO FUNDIDO JUNTA ELASTICA","0045","","",97145,"ASSENTAMENTO DE TUBO DE FERRO FUNDIDO PARA REDE DE ÁGUA, DN 250 MM, JUNTA ELÁSTICA, INSTALADO EM LOCAL COM NÍVEL ALTO DE INTERFERÊNCIAS (NÃO INCLUI FORNECIMENTO). AF_11/2017","M","COEFICIENTE DE REPRESENTATIVIDADE",17.239999999999998,"CAIXA REFERENCIAL"]
["ASSENTAMENTO DE TUBOS E PECAS","ASTU","FORNEC E/OU ASSENT DE TUBO DE FERRO FUNDIDO JUNTA ELASTICA","0045","","",97146,"ASSENTAMENTO DE TUBO DE FERRO FUNDIDO PARA REDE DE ÁGUA, DN 300 MM, JUNTA ELÁSTICA, INSTALADO EM LOCAL COM NÍVEL ALTO DE INTERFERÊNCIAS (NÃO INCLUI FORNECIMENTO). AF_11/2017","M","COEFICIENTE DE REPRESENTATIVIDADE",19.68,"CAIXA REFERENCIAL"]
["ASSENTAMENTO DE TUBOS E PECAS","ASTU","FORNEC E/OU ASSENT DE TUBO DE FERRO FUNDIDO JUNTA ELASTICA","0045","","",97147,"ASSENTAMENTO DE TUBO DE FERRO FUNDIDO PARA REDE DE ÁGUA, DN 350 MM, JUNTA ELÁSTICA, INSTALADO EM LOCAL COM NÍVEL ALTO DE INTERFERÊNCIAS (NÃO INCLUI FORNECIMENTO). AF_11/2017","M","COEFICIENTE DE REPRESENTATIVIDADE",22.12,"CAIXA REFERENCIAL"]
["ASSENTAMENTO DE TUBOS E PECAS","ASTU","FORNEC E/OU ASSENT DE TUBO DE FERRO FUNDIDO JUNTA ELASTICA","0045","","",97148,"ASSENTAMENTO DE TUBO DE FERRO FUNDIDO PARA REDE DE ÁGUA, DN 400 MM, JUNTA ELÁSTICA, INSTALADO EM LOCAL COM NÍVEL ALTO DE INTERFERÊNCIAS (NÃO INCLUI FORNECIMENTO). AF_11/2017","M","COEFICIENTE DE REPRESENTATIVIDADE",24.56,"CAIXA REFERENCIAL"]
["ASSENTAMENTO DE TUBOS E PECAS","ASTU","FORNEC E/OU ASSENT DE TUBO DE FERRO FUNDIDO JUNTA ELASTICA","0045","","",97149,"ASSENTAMENTO DE TUBO DE FERRO FUNDIDO PARA REDE DE ÁGUA, DN 450 MM, JUNTA ELÁSTICA, INSTALADO EM LOCAL COM NÍVEL ALTO DE INTERFERÊNCIAS (NÃO INCLUI FORNECIMENTO). AF_11/2017","M","COEFICIENTE DE REPRESENTATIVIDADE",27.04,"CAIXA REFERENCIAL"]
["ASSENTAMENTO DE TUBOS E PECAS","ASTU","FORNEC E/OU ASSENT DE TUBO DE FERRO FUNDIDO JUNTA ELASTICA","0045","","",97150,"ASSENTAMENTO DE TUBO DE FERRO FUNDIDO PARA REDE DE ÁGUA, DN 500 MM, JUNTA ELÁSTICA, INSTALADO EM LOCAL COM NÍVEL ALTO DE INTERFERÊNCIAS (NÃO INCLUI FORNECIMENTO). AF_11/2017","M","COEFICIENTE DE REPRESENTATIVIDADE",33.71,"CAIXA REFERENCIAL"]
["ASSENTAMENTO DE TUBOS E PECAS","ASTU","FORNEC E/OU ASSENT DE TUBO DE FERRO FUNDIDO JUNTA ELASTICA","0045","","",97151,"ASSENTAMENTO DE TUBO DE FERRO FUNDIDO PARA REDE DE ÁGUA, DN 600 MM, JUNTA ELÁSTICA, INSTALADO EM LOCAL COM NÍVEL ALTO DE INTERFERÊNCIAS (NÃO INCLUI FORNECIMENTO). AF_11/2017","M","COEFICIENTE DE REPRESENTATIVIDADE",39.24,"CAIXA REFERENCIAL"]
["ASSENTAMENTO DE TUBOS E PECAS","ASTU","FORNEC E/OU ASSENT DE TUBO DE FERRO FUNDIDO JUNTA ELASTICA","0045","","",97152,"ASSENTAMENTO DE TUBO DE FERRO FUNDIDO PARA REDE DE ÁGUA, DN 700 MM, JUNTA ELÁSTICA, INSTALADO EM LOCAL COM NÍVEL ALTO DE INTERFERÊNCIAS (NÃO INCLUI FORNECIMENTO). AF_11/2017","M","COEFICIENTE DE REPRESENTATIVIDADE",44.53,"CAIXA REFERENCIAL"]
["ASSENTAMENTO DE TUBOS E PECAS","ASTU","FORNEC E/OU ASSENT DE TUBO DE FERRO FUNDIDO JUNTA ELASTICA","0045","","",97153,"ASSENTAMENTO DE TUBO DE FERRO FUNDIDO PARA REDE DE ÁGUA, DN 800 MM, JUNTA ELÁSTICA, INSTALADO EM LOCAL COM NÍVEL ALTO DE INTERFERÊNCIAS (NÃO INCLUI FORNECIMENTO). AF_11/2017","M","COEFICIENTE DE REPRESENTATIVIDADE",49.97,"CAIXA REFERENCIAL"]
["ASSENTAMENTO DE TUBOS E PECAS","ASTU","FORNEC E/OU ASSENT DE TUBO DE FERRO FUNDIDO JUNTA ELASTICA","0045","","",97154,"ASSENTAMENTO DE TUBO DE FERRO FUNDIDO PARA REDE DE ÁGUA, DN 900 MM, JUNTA ELÁSTICA, INSTALADO EM LOCAL COM NÍVEL ALTO DE INTERFERÊNCIAS (NÃO INCLUI FORNECIMENTO). AF_11/2017","M","COEFICIENTE DE REPRESENTATIVIDADE",55.46,"CAIXA REFERENCIAL"]
["ASSENTAMENTO DE TUBOS E PECAS","ASTU","FORNEC E/OU ASSENT DE TUBO DE FERRO FUNDIDO JUNTA ELASTICA","0045","","",97155,"ASSENTAMENTO DE TUBO DE FERRO FUNDIDO PARA REDE DE ÁGUA, DN 1000 MM, JUNTA ELÁSTICA, INSTALADO EM LOCAL COM NÍVEL ALTO DE INTERFERÊNCIAS (NÃO INCLUI FORNECIMENTO). AF_11/2017","M","COEFICIENTE DE REPRESENTATIVIDADE",60.92,"CAIXA REFERENCIAL"]
["ASSENTAMENTO DE TUBOS E PECAS","ASTU","FORNEC E/OU ASSENT DE TUBO DE FERRO FUNDIDO JUNTA ELASTICA","0045","","",97156,"ASSENTAMENTO DE TUBO DE FERRO FUNDIDO PARA REDE DE ÁGUA, DN 1200 MM, JUNTA ELÁSTICA, INSTALADO EM LOCAL COM NÍVEL ALTO DE INTERFERÊNCIAS (NÃO INCLUI FORNECIMENTO). AF_11/2017","M","COEFICIENTE DE REPRESENTATIVIDADE",72.23,"CAIXA REFERENCIAL"]
["ASSENTAMENTO DE TUBOS E PECAS","ASTU","FORNEC E/OU ASSENT DE TUBO DE FERRO FUNDIDO JUNTA ELASTICA","0045","","",97157,"ASSENTAMENTO DE TUBO DE FERRO FUNDIDO PARA REDE DE ÁGUA, DN 80 MM, JUNTA ELÁSTICA, INSTALADO EM LOCAL COM NÍVEL BAIXO DE INTERFERÊNCIAS (NÃO INCLUI FORNECIMENTO). AF_11/2017","M","COEFICIENTE DE REPRESENTATIVIDADE",5.37,"CAIXA REFERENCIAL"]
["ASSENTAMENTO DE TUBOS E PECAS","ASTU","FORNEC E/OU ASSENT DE TUBO DE FERRO FUNDIDO JUNTA ELASTICA","0045","","",97158,"ASSENTAMENTO DE TUBO DE FERRO FUNDIDO PARA REDE DE ÁGUA, DN 100 MM, JUNTA ELÁSTICA, INSTALADO EM LOCAL COM NÍVEL BAIXO DE INTERFERÊNCIAS (NÃO INCLUI FORNECIMENTO). AF_11/2017","M","COEFICIENTE DE REPRESENTATIVIDADE",5.96,"CAIXA REFERENCIAL"]
["ASSENTAMENTO DE TUBOS E PECAS","ASTU","FORNEC E/OU ASSENT DE TUBO DE FERRO FUNDIDO JUNTA ELASTICA","0045","","",97159,"ASSENTAMENTO DE TUBO DE FERRO FUNDIDO PARA REDE DE ÁGUA, DN 150 MM, JUNTA ELÁSTICA, INSTALADO EM LOCAL COM NÍVEL BAIXO DE INTERFERÊNCIAS (NÃO INCLUI FORNECIMENTO). AF_11/2017","M","COEFICIENTE DE REPRESENTATIVIDADE",7.43,"CAIXA REFERENCIAL"]
["ASSENTAMENTO DE TUBOS E PECAS","ASTU","FORNEC E/OU ASSENT DE TUBO DE FERRO FUNDIDO JUNTA ELASTICA","0045","","",97160,"ASSENTAMENTO DE TUBO DE FERRO FUNDIDO PARA REDE DE ÁGUA, DN 200 MM, JUNTA ELÁSTICA, INSTALADO EM LOCAL COM NÍVEL BAIXO DE INTERFERÊNCIAS (NÃO INCLUI FORNECIMENTO). AF_11/2017","M","COEFICIENTE DE REPRESENTATIVIDADE",8.89,"CAIXA REFERENCIAL"]
["ASSENTAMENTO DE TUBOS E PECAS","ASTU","FORNEC E/OU ASSENT DE TUBO DE FERRO FUNDIDO JUNTA ELASTICA","0045","","",97161,"ASSENTAMENTO DE TUBO DE FERRO FUNDIDO PARA REDE DE ÁGUA, DN 250 MM, JUNTA ELÁSTICA, INSTALADO EM LOCAL COM NÍVEL BAIXO DE INTERFERÊNCIAS (NÃO INCLUI FORNECIMENTO). AF_11/2017","M","COEFICIENTE DE REPRESENTATIVIDADE",10.38,"CAIXA REFERENCIAL"]
["ASSENTAMENTO DE TUBOS E PECAS","ASTU","FORNEC E/OU ASSENT DE TUBO DE FERRO FUNDIDO JUNTA ELASTICA","0045","","",97162,"ASSENTAMENTO DE TUBO DE FERRO FUNDIDO PARA REDE DE ÁGUA, DN 300 MM, JUNTA ELÁSTICA, INSTALADO EM LOCAL COM NÍVEL BAIXO DE INTERFERÊNCIAS (NÃO INCLUI FORNECIMENTO). AF_11/2017","M","COEFICIENTE DE REPRESENTATIVIDADE",11.86,"CAIXA REFERENCIAL"]
["ASSENTAMENTO DE TUBOS E PECAS","ASTU","FORNEC E/OU ASSENT DE TUBO DE FERRO FUNDIDO JUNTA ELASTICA","0045","","",97163,"ASSENTAMENTO DE TUBO DE FERRO FUNDIDO PARA REDE DE ÁGUA, DN 350 MM, JUNTA ELÁSTICA, INSTALADO EM LOCAL COM NÍVEL BAIXO DE INTERFERÊNCIAS (NÃO INCLUI FORNECIMENTO). AF_11/2017","M","COEFICIENTE DE REPRESENTATIVIDADE",13.36,"CAIXA REFERENCIAL"]
["ASSENTAMENTO DE TUBOS E PECAS","ASTU","FORNEC E/OU ASSENT DE TUBO DE FERRO FUNDIDO JUNTA ELASTICA","0045","","",97164,"ASSENTAMENTO DE TUBO DE FERRO FUNDIDO PARA REDE DE ÁGUA, DN 400 MM, JUNTA ELÁSTICA, INSTALADO EM LOCAL COM NÍVEL BAIXO DE INTERFERÊNCIAS (NÃO INCLUI FORNECIMENTO). AF_11/2017","M","COEFICIENTE DE REPRESENTATIVIDADE",14.84,"CAIXA REFERENCIAL"]
["ASSENTAMENTO DE TUBOS E PECAS","ASTU","FORNEC E/OU ASSENT DE TUBO DE FERRO FUNDIDO JUNTA ELASTICA","0045","","",97165,"ASSENTAMENTO DE TUBO DE FERRO FUNDIDO PARA REDE DE ÁGUA, DN 450 MM, JUNTA ELÁSTICA, INSTALADO EM LOCAL COM NÍVEL BAIXO DE INTERFERÊNCIAS (NÃO INCLUI FORNECIMENTO). AF_11/2017","M","COEFICIENTE DE REPRESENTATIVIDADE",16.350000000000001,"CAIXA REFERENCIAL"]
["ASSENTAMENTO DE TUBOS E PECAS","ASTU","FORNEC E/OU ASSENT DE TUBO DE FERRO FUNDIDO JUNTA ELASTICA","0045","","",97166,"ASSENTAMENTO DE TUBO DE FERRO FUNDIDO PARA REDE DE ÁGUA, DN 500 MM, JUNTA ELÁSTICA, INSTALADO EM LOCAL COM NÍVEL BAIXO DE INTERFERÊNCIAS (NÃO INCLUI FORNECIMENTO). AF_11/2017","M","COEFICIENTE DE REPRESENTATIVIDADE",20.399999999999999,"CAIXA REFERENCIAL"]
["ASSENTAMENTO DE TUBOS E PECAS","ASTU","FORNEC E/OU ASSENT DE TUBO DE FERRO FUNDIDO JUNTA ELASTICA","0045","","",97167,"ASSENTAMENTO DE TUBO DE FERRO FUNDIDO PARA REDE DE ÁGUA, DN 600 MM, JUNTA ELÁSTICA, INSTALADO EM LOCAL COM NÍVEL BAIXO DE INTERFERÊNCIAS (NÃO INCLUI FORNECIMENTO). AF_11/2017","M","COEFICIENTE DE REPRESENTATIVIDADE",23.78,"CAIXA REFERENCIAL"]
["ASSENTAMENTO DE TUBOS E PECAS","ASTU","FORNEC E/OU ASSENT DE TUBO DE FERRO FUNDIDO JUNTA ELASTICA","0045","","",97168,"ASSENTAMENTO DE TUBO DE FERRO FUNDIDO PARA REDE DE ÁGUA, DN 700 MM, JUNTA ELÁSTICA, INSTALADO EM LOCAL COM NÍVEL BAIXO DE INTERFERÊNCIAS (NÃO INCLUI FORNECIMENTO). AF_11/2017","M","COEFICIENTE DE REPRESENTATIVIDADE",26.93,"CAIXA REFERENCIAL"]
["ASSENTAMENTO DE TUBOS E PECAS","ASTU","FORNEC E/OU ASSENT DE TUBO DE FERRO FUNDIDO JUNTA ELASTICA","0045","","",97169,"ASSENTAMENTO DE TUBO DE FERRO FUNDIDO PARA REDE DE ÁGUA, DN 800 MM, JUNTA ELÁSTICA, INSTALADO EM LOCAL COM NÍVEL BAIXO DE INTERFERÊNCIAS (NÃO INCLUI FORNECIMENTO). AF_11/2017","M","COEFICIENTE DE REPRESENTATIVIDADE",30.23,"CAIXA REFERENCIAL"]
["ASSENTAMENTO DE TUBOS E PECAS","ASTU","FORNEC E/OU ASSENT DE TUBO DE FERRO FUNDIDO JUNTA ELASTICA","0045","","",97170,"ASSENTAMENTO DE TUBO DE FERRO FUNDIDO PARA REDE DE ÁGUA, DN 900 MM, JUNTA ELÁSTICA, INSTALADO EM LOCAL COM NÍVEL BAIXO DE INTERFERÊNCIAS (NÃO INCLUI FORNECIMENTO). AF_11/2017","M","COEFICIENTE DE REPRESENTATIVIDADE",33.549999999999997,"CAIXA REFERENCIAL"]
["ASSENTAMENTO DE TUBOS E PECAS","ASTU","FORNEC E/OU ASSENT DE TUBO DE FERRO FUNDIDO JUNTA ELASTICA","0045","","",97171,"ASSENTAMENTO DE TUBO DE FERRO FUNDIDO PARA REDE DE ÁGUA, DN 1000 MM, JUNTA ELÁSTICA, INSTALADO EM LOCAL COM NÍVEL BAIXO DE INTERFERÊNCIAS (NÃO INCLUI FORNECIMENTO). AF_11/2017","M","COEFICIENTE DE REPRESENTATIVIDADE",36.880000000000003,"CAIXA REFERENCIAL"]
["ASSENTAMENTO DE TUBOS E PECAS","ASTU","FORNEC E/OU ASSENT DE TUBO DE FERRO FUNDIDO JUNTA ELASTICA","0045","","",97172,"ASSENTAMENTO DE TUBO DE FERRO FUNDIDO PARA REDE DE ÁGUA, DN 1200 MM, JUNTA ELÁSTICA, INSTALADO EM LOCAL COM NÍVEL BAIXO DE INTERFERÊNCIAS (NÃO INCLUI FORNECIMENTO). AF_11/2017","M","COEFICIENTE DE REPRESENTATIVIDADE",43.89,"CAIXA REFERENCIAL"]
["ASSENTAMENTO DE TUBOS E PECAS","ASTU","FORNEC E/OU ASSENT DE TUBO DE ACO COM JUNTA SOLDADA","0046","","",97173,"ASSENTAMENTO DE TUBO DE AÇO CARBONO PARA REDE DE ÁGUA, DN 600 MM (24\"), JUNTA SOLDADA, INSTALADO EM LOCAL COM NÍVEL ALTO DE INTERFERÊNCIAS (NÃO INCLUI FORNECIMENTO). AF_11/2017","M","COEFICIENTE DE REPRESENTATIVIDADE",36.229999999999997,"CAIXA REFERENCIAL"]
["ASSENTAMENTO DE TUBOS E PECAS","ASTU","FORNEC E/OU ASSENT DE TUBO DE ACO COM JUNTA SOLDADA","0046","","",97174,"ASSENTAMENTO DE TUBO DE AÇO CARBONO PARA REDE DE ÁGUA, DN 700 MM (28\"), JUNTA SOLDADA, INSTALADO EM LOCAL COM NÍVEL ALTO DE INTERFERÊNCIAS (NÃO INCLUI FORNECIMENTO). AF_11/2017","M","COEFICIENTE DE REPRESENTATIVIDADE",41.95,"CAIXA REFERENCIAL"]
["ASSENTAMENTO DE TUBOS E PECAS","ASTU","FORNEC E/OU ASSENT DE TUBO DE ACO COM JUNTA SOLDADA","0046","","",97175,"ASSENTAMENTO DE TUBO DE AÇO CARBONO PARA REDE DE ÁGUA, DN 800 MM (32\"), JUNTA SOLDADA, INSTALADO EM LOCAL COM NÍVEL ALTO DE INTERFERÊNCIAS (NÃO INCLUI FORNECIMENTO). AF_11/2017","M","COEFICIENTE DE REPRESENTATIVIDADE",47.66,"CAIXA REFERENCIAL"]
["ASSENTAMENTO DE TUBOS E PECAS","ASTU","FORNEC E/OU ASSENT DE TUBO DE ACO COM JUNTA SOLDADA","0046","","",97176,"ASSENTAMENTO DE TUBO DE AÇO CARBONO PARA REDE DE ÁGUA, DN 900 MM (36\"), JUNTA SOLDADA, INSTALADO EM LOCAL COM NÍVEL ALTO DE INTERFERÊNCIAS (NÃO INCLUI FORNECIMENTO). AF_11/2017","M","COEFICIENTE DE REPRESENTATIVIDADE",53.37,"CAIXA REFERENCIAL"]
["ASSENTAMENTO DE TUBOS E PECAS","ASTU","FORNEC E/OU ASSENT DE TUBO DE ACO COM JUNTA SOLDADA","0046","","",97177,"ASSENTAMENTO DE TUBO DE AÇO CARBONO PARA REDE DE ÁGUA, DN 1000 MM (40\") OU DN 1100 MM (44\"), JUNTA SOLDADA, INSTALADO EM LOCAL COM NÍVEL ALTO DE INTERFERÊNCIAS (NÃO INCLUI FORNECIMENTO). AF_11/2017","M","COEFICIENTE DE REPRESENTATIVIDADE",64.81,"CAIXA REFERENCIAL"]
["ASSENTAMENTO DE TUBOS E PECAS","ASTU","FORNEC E/OU ASSENT DE TUBO DE ACO COM JUNTA SOLDADA","0046","","",97178,"ASSENTAMENTO DE TUBO DE AÇO CARBONO PARA REDE DE ÁGUA, DN 1200 MM (48\") OU DN 1300 MM (52\"), JUNTA SOLDADA, INSTALADO EM LOCAL COM NÍVEL ALTO DE INTERFERÊNCIAS (NÃO INCLUI FORNECIMENTO). AF_11/2017","M","COEFICIENTE DE REPRESENTATIVIDADE",76.25,"CAIXA REFERENCIAL"]
["ASSENTAMENTO DE TUBOS E PECAS","ASTU","FORNEC E/OU ASSENT DE TUBO DE ACO COM JUNTA SOLDADA","0046","","",97179,"ASSENTAMENTO DE TUBO DE AÇO CARBONO PARA REDE DE ÁGUA, DN 1400 MM (56'') OU DN 1500 MM (60\"), JUNTA SOLDADA, INSTALADO EM LOCAL COM NÍVEL ALTO DE INTERFERÊNCIAS (NÃO INCLUI FORNECIMENTO). AF_11/2017","M","COEFICIENTE DE REPRESENTATIVIDADE",87.65,"CAIXA REFERENCIAL"]
["ASSENTAMENTO DE TUBOS E PECAS","ASTU","FORNEC E/OU ASSENT DE TUBO DE ACO COM JUNTA SOLDADA","0046","","",97180,"ASSENTAMENTO DE TUBO DE AÇO CARBONO PARA REDE DE ÁGUA, DN 1600 MM (64\") OU DN 1700 MM (68\"), JUNTA SOLDADA, INSTALADO EM LOCAL COM NÍVEL ALTO DE INTERFERÊNCIAS (NÃO INCLUI FORNECIMENTO). AF_11/2017","M","COEFICIENTE DE REPRESENTATIVIDADE",99.1,"CAIXA REFERENCIAL"]
["ASSENTAMENTO DE TUBOS E PECAS","ASTU","FORNEC E/OU ASSENT DE TUBO DE ACO COM JUNTA SOLDADA","0046","","",97181,"ASSENTAMENTO DE TUBO DE AÇO CARBONO PARA REDE DE ÁGUA, DN 1800 MM (72\") OU DN 1900 MM (76\"), JUNTA SOLDADA, INSTALADO EM LOCAL COM NÍVEL ALTO DE INTERFERÊNCIAS (NÃO INCLUI FORNECIMENTO). AF_11/2017","M","COEFICIENTE DE REPRESENTATIVIDADE",115.2,"CAIXA REFERENCIAL"]
["ASSENTAMENTO DE TUBOS E PECAS","ASTU","FORNEC E/OU ASSENT DE TUBO DE ACO COM JUNTA SOLDADA","0046","","",97182,"ASSENTAMENTO DE TUBO DE AÇO CARBONO PARA REDE DE ÁGUA, DN 2000 MM (80\") OU DN 2100 MM (84\"), JUNTA SOLDADA, INSTALADO EM LOCAL COM NÍVEL ALTO DE INTERFERÊNCIAS (NÃO INCLUI FORNECIMENTO). AF_11/2017","M","COEFICIENTE DE REPRESENTATIVIDADE",127.14,"CAIXA REFERENCIAL"]
["ASSENTAMENTO DE TUBOS E PECAS","ASTU","FORNEC E/OU ASSENT DE TUBO DE ACO COM JUNTA SOLDADA","0046","","",97183,"ASSENTAMENTO DE TUBO DE AÇO CARBONO PARA REDE DE ÁGUA, DN 600 MM (24\"), JUNTA SOLDADA, INSTALADO EM LOCAL COM NÍVEL BAIXO DE INTERFERÊNCIAS (NÃO INCLUI FORNECIMENTO). AF_11/2017","M","COEFICIENTE DE REPRESENTATIVIDADE",28.59,"CAIXA REFERENCIAL"]
["ASSENTAMENTO DE TUBOS E PECAS","ASTU","FORNEC E/OU ASSENT DE TUBO DE ACO COM JUNTA SOLDADA","0046","","",97184,"ASSENTAMENTO DE TUBO DE AÇO CARBONO PARA REDE DE ÁGUA, DN 700 MM (28\"), JUNTA SOLDADA, INSTALADO EM LOCAL COM NÍVEL BAIXO DE INTERFERÊNCIAS (NÃO INCLUI FORNECIMENTO). AF_11/2017","M","COEFICIENTE DE REPRESENTATIVIDADE",33.15,"CAIXA REFERENCIAL"]
["ASSENTAMENTO DE TUBOS E PECAS","ASTU","FORNEC E/OU ASSENT DE TUBO DE ACO COM JUNTA SOLDADA","0046","","",97185,"ASSENTAMENTO DE TUBO DE AÇO CARBONO PARA REDE DE ÁGUA, DN 800 MM (32\"), JUNTA SOLDADA, INSTALADO EM LOCAL COM NÍVEL BAIXO DE INTERFERÊNCIAS (NÃO INCLUI FORNECIMENTO). AF_11/2017","M","COEFICIENTE DE REPRESENTATIVIDADE",37.72,"CAIXA REFERENCIAL"]
["ASSENTAMENTO DE TUBOS E PECAS","ASTU","FORNEC E/OU ASSENT DE TUBO DE ACO COM JUNTA SOLDADA","0046","","",97186,"ASSENTAMENTO DE TUBO DE AÇO CARBONO PARA REDE DE ÁGUA, DN 900 MM (36\"), JUNTA SOLDADA, INSTALADO EM LOCAL COM NÍVEL BAIXO DE INTERFERÊNCIAS (NÃO INCLUI FORNECIMENTO). AF_11/2017","M","COEFICIENTE DE REPRESENTATIVIDADE",42.3,"CAIXA REFERENCIAL"]
["ASSENTAMENTO DE TUBOS E PECAS","ASTU","FORNEC E/OU ASSENT DE TUBO DE ACO COM JUNTA SOLDADA","0046","","",97187,"ASSENTAMENTO DE TUBO DE AÇO CARBONO PARA REDE DE ÁGUA, DN 1000 MM (40  ) OU DN 1100 MM (44  ), JUNTA SOLDADA, INSTALADO EM LOCAL COM NÍVEL BAIXO DE INTERFERÊNCIAS (NÃO INCLUI FORNECIMENTO). AF_11/2017","M","COEFICIENTE DE REPRESENTATIVIDADE",51.44,"CAIXA REFERENCIAL"]
["ASSENTAMENTO DE TUBOS E PECAS","ASTU","FORNEC E/OU ASSENT DE TUBO DE ACO COM JUNTA SOLDADA","0046","","",97188,"ASSENTAMENTO DE TUBO DE AÇO CARBONO PARA REDE DE ÁGUA, DN 1200 MM (48\") OU DN 1300 MM (52\"), JUNTA SOLDADA, INSTALADO EM LOCAL COM NÍVEL BAIXO DE INTERFERÊNCIAS (NÃO INCLUI FORNECIMENTO). AF_11/2017","M","COEFICIENTE DE REPRESENTATIVIDADE",60.58,"CAIXA REFERENCIAL"]
["ASSENTAMENTO DE TUBOS E PECAS","ASTU","FORNEC E/OU ASSENT DE TUBO DE ACO COM JUNTA SOLDADA","0046","","",97189,"ASSENTAMENTO DE TUBO DE AÇO CARBONO PARA REDE DE ÁGUA, DN 1400 MM (56'') OU DN 1500 MM (60\"), JUNTA SOLDADA, INSTALADO EM LOCAL COM NÍVEL BAIXO DE INTERFERÊNCIAS (NÃO INCLUI FORNECIMENTO). AF_11/2017","M","COEFICIENTE DE REPRESENTATIVIDADE",69.709999999999994,"CAIXA REFERENCIAL"]
["ASSENTAMENTO DE TUBOS E PECAS","ASTU","FORNEC E/OU ASSENT DE TUBO DE ACO COM JUNTA SOLDADA","0046","","",97190,"ASSENTAMENTO DE TUBO DE AÇO CARBONO PARA REDE DE ÁGUA, DN 1600 MM (64\") OU DN 1700 MM (68\"), JUNTA SOLDADA, INSTALADO EM LOCAL COM NÍVEL BAIXO DE INTERFERÊNCIAS (NÃO INCLUI FORNECIMENTO). AF_11/2017","M","COEFICIENTE DE REPRESENTATIVIDADE",78.86,"CAIXA REFERENCIAL"]
["ASSENTAMENTO DE TUBOS E PECAS","ASTU","FORNEC E/OU ASSENT DE TUBO DE ACO COM JUNTA SOLDADA","0046","","",97191,"ASSENTAMENTO DE TUBO DE AÇO CARBONO PARA REDE DE ÁGUA, DN 1800 MM (72\") OU DN 1900 MM (76\"), JUNTA SOLDADA, INSTALADO EM LOCAL COM NÍVEL BAIXO DE INTERFERÊNCIAS (NÃO INCLUI FORNECIMENTO). AF_11/2017","M","COEFICIENTE DE REPRESENTATIVIDADE",91.4,"CAIXA REFERENCIAL"]
["ASSENTAMENTO DE TUBOS E PECAS","ASTU","FORNEC E/OU ASSENT DE TUBO DE ACO COM JUNTA SOLDADA","0046","","",97192,"ASSENTAMENTO DE TUBO DE AÇO CARBONO PARA REDE DE ÁGUA, DN 2000 MM (80\") OU DN 2100 MM (84\"), JUNTA SOLDADA, INSTALADO EM LOCAL COM NÍVEL BAIXO DE INTERFERÊNCIAS (NÃO INCLUI FORNECIMENTO). AF_11/2017","M","COEFICIENTE DE REPRESENTATIVIDADE",100.91,"CAIXA REFERENCIAL"]
["ASSENTAMENTO DE TUBOS E PECAS","ASTU","FORNEC E/OU ASSENT DE TUBO DE PVC COM JUNTA ELASTICA","0048","","",90694,"TUBO DE PVC PARA REDE COLETORA DE ESGOTO DE PAREDE MACIÇA, DN 100 MM, JUNTA ELÁSTICA - FORNECIMENTO E ASSENTAMENTO. AF_01/2021","M","COEFICIENTE DE REPRESENTATIVIDADE",37.72,"CAIXA REFERENCIAL"]
["ASSENTAMENTO DE TUBOS E PECAS","ASTU","FORNEC E/OU ASSENT DE TUBO DE PVC COM JUNTA ELASTICA","0048","","",90695,"TUBO DE PVC PARA REDE COLETORA DE ESGOTO DE PAREDE MACIÇA, DN 150 MM, JUNTA ELÁSTICA  - FORNECIMENTO E ASSENTAMENTO. AF_01/2021","M","COEFICIENTE DE REPRESENTATIVIDADE",71.36,"CAIXA REFERENCIAL"]
["ASSENTAMENTO DE TUBOS E PECAS","ASTU","FORNEC E/OU ASSENT DE TUBO DE PVC COM JUNTA ELASTICA","0048","","",90696,"TUBO DE PVC PARA REDE COLETORA DE ESGOTO DE PAREDE MACIÇA, DN 200 MM, JUNTA ELÁSTICA - FORNECIMENTO E ASSENTAMENTO. AF_01/2021","M","COEFICIENTE DE REPRESENTATIVIDADE",118.93,"CAIXA REFERENCIAL"]
["ASSENTAMENTO DE TUBOS E PECAS","ASTU","FORNEC E/OU ASSENT DE TUBO DE PVC COM JUNTA ELASTICA","0048","","",90697,"TUBO DE PVC PARA REDE COLETORA DE ESGOTO DE PAREDE MACIÇA, DN 250 MM, JUNTA ELÁSTICA  - FORNECIMENTO E ASSENTAMENTO. AF_01/2021","M","COEFICIENTE DE REPRESENTATIVIDADE",184.27,"CAIXA REFERENCIAL"]
["ASSENTAMENTO DE TUBOS E PECAS","ASTU","FORNEC E/OU ASSENT DE TUBO DE PVC COM JUNTA ELASTICA","0048","","",90698,"TUBO DE PVC PARA REDE COLETORA DE ESGOTO DE PAREDE MACIÇA, DN 300 MM, JUNTA ELÁSTICA,  FORNECIMENTO E ASSENTAMENTO. AF_01/2021","M","COEFICIENTE DE REPRESENTATIVIDADE",281.36,"CAIXA REFERENCIAL"]
["ASSENTAMENTO DE TUBOS E PECAS","ASTU","FORNEC E/OU ASSENT DE TUBO DE PVC COM JUNTA ELASTICA","0048","","",90699,"TUBO DE PVC PARA REDE COLETORA DE ESGOTO DE PAREDE MACIÇA, DN 350 MM, JUNTA ELÁSTICA  - FORNECIMENTO E ASSENTAMENTO. AF_01/2021","M","COEFICIENTE DE REPRESENTATIVIDADE",395.77,"CAIXA REFERENCIAL"]
["ASSENTAMENTO DE TUBOS E PECAS","ASTU","FORNEC E/OU ASSENT DE TUBO DE PVC COM JUNTA ELASTICA","0048","","",90700,"TUBO DE PVC PARA REDE COLETORA DE ESGOTO DE PAREDE MACIÇA, DN 400 MM, JUNTA ELÁSTICA  FORNECIMENTO E ASSENTAMENTO. AF_01/2021","M","COEFICIENTE DE REPRESENTATIVIDADE",463.2,"CAIXA REFERENCIAL"]
["ASSENTAMENTO DE TUBOS E PECAS","ASTU","FORNEC E/OU ASSENT DE TUBO DE PVC COM JUNTA ELASTICA","0048","","",90701,"TUBO DE PVC CORRUGADO DE DUPLA PAREDE PARA REDE COLETORA DE ESGOTO, DN 150 MM, JUNTA ELÁSTICA - FORNECIMENTO E ASSENTAMENTO. AF_01/2021","M","COEFICIENTE DE REPRESENTATIVIDADE",57.18,"CAIXA REFERENCIAL"]
["ASSENTAMENTO DE TUBOS E PECAS","ASTU","FORNEC E/OU ASSENT DE TUBO DE PVC COM JUNTA ELASTICA","0048","","",90702,"TUBO DE PVC CORRUGADO DE DUPLA PAREDE PARA REDE COLETORA DE ESGOTO, DN 200 MM, JUNTA ELÁSTICA - FORNECIMENTO E ASSENTAMENTO. AF_01/2021","M","COEFICIENTE DE REPRESENTATIVIDADE",94.22,"CAIXA REFERENCIAL"]
["ASSENTAMENTO DE TUBOS E PECAS","ASTU","FORNEC E/OU ASSENT DE TUBO DE PVC COM JUNTA ELASTICA","0048","","",90703,"TUBO DE PVC CORRUGADO DE DUPLA PAREDE PARA REDE COLETORA DE ESGOTO, DN 250 MM, JUNTA ELÁSTICA - FORNECIMENTO E ASSENTAMENTO. AF_01/2021","M","COEFICIENTE DE REPRESENTATIVIDADE",148.65,"CAIXA REFERENCIAL"]
["ASSENTAMENTO DE TUBOS E PECAS","ASTU","FORNEC E/OU ASSENT DE TUBO DE PVC COM JUNTA ELASTICA","0048","","",90704,"TUBO DE PVC CORRUGADO DE DUPLA PAREDE PARA REDE COLETORA DE ESGOTO, DN 300 MM, JUNTA ELÁSTICA - FORNECIMENTO E ASSENTAMENTO. AF_01/2021","M","COEFICIENTE DE REPRESENTATIVIDADE",223.36,"CAIXA REFERENCIAL"]
["ASSENTAMENTO DE TUBOS E PECAS","ASTU","FORNEC E/OU ASSENT DE TUBO DE PVC COM JUNTA ELASTICA","0048","","",90705,"TUBO DE PVC CORRUGADO DE DUPLA PAREDE PARA REDE COLETORA DE ESGOTO, DN 350 MM, JUNTA ELÁSTICA - FORNECIMENTO E ASSENTAMENTO. AF_01/2021","M","COEFICIENTE DE REPRESENTATIVIDADE",287.10000000000002,"CAIXA REFERENCIAL"]
["ASSENTAMENTO DE TUBOS E PECAS","ASTU","FORNEC E/OU ASSENT DE TUBO DE PVC COM JUNTA ELASTICA","0048","","",90706,"TUBO DE PVC CORRUGADO DE DUPLA PAREDE PARA REDE COLETORA DE ESGOTO, DN 400 MM, JUNTA ELÁSTICA - FORNECIMENTO E ASSENTAMENTO. AF_01/2021","M","COEFICIENTE DE REPRESENTATIVIDADE",381.88,"CAIXA REFERENCIAL"]
["ASSENTAMENTO DE TUBOS E PECAS","ASTU","FORNEC E/OU ASSENT DE TUBO DE PVC COM JUNTA ELASTICA","0048","","",90708,"TUBO DE PEAD CORRUGADO DE DUPLA PAREDE PARA REDE COLETORA DE ESGOTO, DN 600 MM, JUNTA ELÁSTICA INTEGRADA - FORNECIMENTO E ASSENTAMENTO. AF_01/2021","M","COEFICIENTE DE REPRESENTATIVIDADE",1783.84,"CAIXA REFERENCIAL"]
["ASSENTAMENTO DE TUBOS E PECAS","ASTU","FORNEC E/OU ASSENT DE TUBO DE PVC COM JUNTA ELASTICA","0048","","",90724,"JUNTA ARGAMASSADA ENTRE TUBO DN 100 MM E O POÇO DE VISITA/ CAIXA DE CONCRETO OU ALVENARIA EM REDES DE ESGOTO. AF_01/2021","UN","COEFICIENTE DE REPRESENTATIVIDADE",22.88,"CAIXA REFERENCIAL"]
["ASSENTAMENTO DE TUBOS E PECAS","ASTU","FORNEC E/OU ASSENT DE TUBO DE PVC COM JUNTA ELASTICA","0048","","",90725,"JUNTA ARGAMASSADA ENTRE TUBO DN 150 MM E O POÇO DE VISITA/ CAIXA DE CONCRETO OU ALVENARIA EM REDES DE ESGOTO. AF_01/2021","UN","COEFICIENTE DE REPRESENTATIVIDADE",28.15,"CAIXA REFERENCIAL"]
["ASSENTAMENTO DE TUBOS E PECAS","ASTU","FORNEC E/OU ASSENT DE TUBO DE PVC COM JUNTA ELASTICA","0048","","",90726,"JUNTA ARGAMASSADA ENTRE TUBO DN 200 MM E O POÇO/ CAIXA DE CONCRETO OU ALVENARIA EM REDES DE ESGOTO. AF_01/2021","UN","COEFICIENTE DE REPRESENTATIVIDADE",33.520000000000003,"CAIXA REFERENCIAL"]
["ASSENTAMENTO DE TUBOS E PECAS","ASTU","FORNEC E/OU ASSENT DE TUBO DE PVC COM JUNTA ELASTICA","0048","","",90727,"JUNTA ARGAMASSADA ENTRE TUBO DN 250 MM E O POÇO DE VISITA/ CAIXA DE CONCRETO OU ALVENARIA EM REDES DE ESGOTO. AF_01/2021","UN","COEFICIENTE DE REPRESENTATIVIDADE",38.79,"CAIXA REFERENCIAL"]
["ASSENTAMENTO DE TUBOS E PECAS","ASTU","FORNEC E/OU ASSENT DE TUBO DE PVC COM JUNTA ELASTICA","0048","","",90728,"JUNTA ARGAMASSADA ENTRE TUBO DN 300 MM E O POÇO DE VISITA/ CAIXA DE CONCRETO OU ALVENARIA EM REDES DE ESGOTO. AF_01/2021","UN","COEFICIENTE DE REPRESENTATIVIDADE",44.07,"CAIXA REFERENCIAL"]
["ASSENTAMENTO DE TUBOS E PECAS","ASTU","FORNEC E/OU ASSENT DE TUBO DE PVC COM JUNTA ELASTICA","0048","","",90729,"JUNTA ARGAMASSADA ENTRE TUBO DN 350 MM E O POÇO DE VISITA/ CAIXA DE CONCRETO OU ALVENARIA EM REDES DE ESGOTO. AF_01/2021","UN","COEFICIENTE DE REPRESENTATIVIDADE",49.36,"CAIXA REFERENCIAL"]
["ASSENTAMENTO DE TUBOS E PECAS","ASTU","FORNEC E/OU ASSENT DE TUBO DE PVC COM JUNTA ELASTICA","0048","","",90730,"JUNTA ARGAMASSADA ENTRE TUBO DN 400 MM E O POÇO DE VISITA/ CAIXA DE CONCRETO OU ALVENARIA EM REDES DE ESGOTO. AF_01/2021","UN","COEFICIENTE DE REPRESENTATIVIDADE",54.64,"CAIXA REFERENCIAL"]
["ASSENTAMENTO DE TUBOS E PECAS","ASTU","FORNEC E/OU ASSENT DE TUBO DE PVC COM JUNTA ELASTICA","0048","","",90731,"JUNTA ARGAMASSADA ENTRE TUBO DN 450 MM E O POÇO DE VISITA/ CAIXA DE CONCRETO OU ALVENARIA EM REDES DE ESGOTO. AF_01/2021","UN","COEFICIENTE DE REPRESENTATIVIDADE",59.93,"CAIXA REFERENCIAL"]
["ASSENTAMENTO DE TUBOS E PECAS","ASTU","FORNEC E/OU ASSENT DE TUBO DE PVC COM JUNTA ELASTICA","0048","","",90732,"JUNTA ARGAMASSADA ENTRE TUBO DN 600 MM E O POÇO DE VISITA/ CAIXA DE CONCRETO OU ALVENARIA EM REDES DE ESGOTO. AF_01/2021","UN","COEFICIENTE DE REPRESENTATIVIDADE",75.78,"CAIXA REFERENCIAL"]
["ASSENTAMENTO DE TUBOS E PECAS","ASTU","FORNEC E/OU ASSENT DE TUBO DE PVC COM JUNTA ELASTICA","0048","","",90733,"ASSENTAMENTO DE TUBO DE PVC PARA REDE COLETORA DE ESGOTO DE PAREDE MACIÇA, DN 100 MM, JUNTA ELÁSTICA (NÃO INCLUI FORNECIMENTO). AF_01/2021","M","COEFICIENTE DE REPRESENTATIVIDADE",3.21,"CAIXA REFERENCIAL"]
["ASSENTAMENTO DE TUBOS E PECAS","ASTU","FORNEC E/OU ASSENT DE TUBO DE PVC COM JUNTA ELASTICA","0048","","",90734,"ASSENTAMENTO DE TUBO DE PVC PARA REDE COLETORA DE ESGOTO DE PAREDE MACIÇA, DN 150 MM, JUNTA ELÁSTICA,  (NÃO INCLUI FORNECIMENTO). AF_01/2021","M","COEFICIENTE DE REPRESENTATIVIDADE",3.8,"CAIXA REFERENCIAL"]
["ASSENTAMENTO DE TUBOS E PECAS","ASTU","FORNEC E/OU ASSENT DE TUBO DE PVC COM JUNTA ELASTICA","0048","","",90735,"ASSENTAMENTO DE TUBO DE PVC PARA REDE COLETORA DE ESGOTO DE PAREDE MACIÇA, DN 200 MM, JUNTA ELÁSTICA (NÃO INCLUI FORNECIMENTO). AF_01/2021","M","COEFICIENTE DE REPRESENTATIVIDADE",4.3899999999999997,"CAIXA REFERENCIAL"]
["ASSENTAMENTO DE TUBOS E PECAS","ASTU","FORNEC E/OU ASSENT DE TUBO DE PVC COM JUNTA ELASTICA","0048","","",90736,"ASSENTAMENTO DE TUBO DE PVC PARA REDE COLETORA DE ESGOTO DE PAREDE MACIÇA, DN 250 MM, JUNTA ELÁSTICA (NÃO INCLUI FORNECIMENTO). AF_01/2021","M","COEFICIENTE DE REPRESENTATIVIDADE",4.99,"CAIXA REFERENCIAL"]
["ASSENTAMENTO DE TUBOS E PECAS","ASTU","FORNEC E/OU ASSENT DE TUBO DE PVC COM JUNTA ELASTICA","0048","","",90737,"ASSENTAMENTO DE TUBO DE PVC PARA REDE COLETORA DE ESGOTO DE PAREDE MACIÇA, DN 300 MM, JUNTA ELÁSTICA  (NÃO INCLUI FORNECIMENTO). AF_01/2021","M","COEFICIENTE DE REPRESENTATIVIDADE",5.58,"CAIXA REFERENCIAL"]
["ASSENTAMENTO DE TUBOS E PECAS","ASTU","FORNEC E/OU ASSENT DE TUBO DE PVC COM JUNTA ELASTICA","0048","","",90738,"ASSENTAMENTO DE TUBO DE PVC PARA REDE COLETORA DE ESGOTO DE PAREDE MACIÇA, DN 350 MM, JUNTA ELÁSTICA (NÃO INCLUI FORNECIMENTO). AF_01/2021","M","COEFICIENTE DE REPRESENTATIVIDADE",6.18,"CAIXA REFERENCIAL"]
["ASSENTAMENTO DE TUBOS E PECAS","ASTU","FORNEC E/OU ASSENT DE TUBO DE PVC COM JUNTA ELASTICA","0048","","",90739,"ASSENTAMENTO DE TUBO DE PVC PARA REDE COLETORA DE ESGOTO DE PAREDE MACIÇA, DN 400 MM, JUNTA ELÁSTICA (NÃO INCLUI FORNECIMENTO). AF_01/2021","M","COEFICIENTE DE REPRESENTATIVIDADE",9.48,"CAIXA REFERENCIAL"]
["ASSENTAMENTO DE TUBOS E PECAS","ASTU","FORNEC E/OU ASSENT DE TUBO DE PVC COM JUNTA ELASTICA","0048","","",90740,"ASSENTAMENTO DE TUBO DE PVC CORRUGADO DE DUPLA PAREDE PARA REDE COLETORA DE ESGOTO, DN 150 MM, JUNTA ELÁSTICA (NÃO INCLUI FORNECIMENTO). AF_01/2021","M","COEFICIENTE DE REPRESENTATIVIDADE",4.24,"CAIXA REFERENCIAL"]
["ASSENTAMENTO DE TUBOS E PECAS","ASTU","FORNEC E/OU ASSENT DE TUBO DE PVC COM JUNTA ELASTICA","0048","","",90741,"ASSENTAMENTO DE TUBO DE PVC CORRUGADO DE DUPLA PAREDE PARA REDE COLETORA DE ESGOTO, DN 200 MM, JUNTA ELÁSTICA (NÃO INCLUI FORNECIMENTO). AF_01/2021","M","COEFICIENTE DE REPRESENTATIVIDADE",4.83,"CAIXA REFERENCIAL"]
["ASSENTAMENTO DE TUBOS E PECAS","ASTU","FORNEC E/OU ASSENT DE TUBO DE PVC COM JUNTA ELASTICA","0048","","",90742,"ASSENTAMENTO DE TUBO DE PVC CORRUGADO DE DUPLA PAREDE PARA REDE COLETORA DE ESGOTO, DN 250 MM, JUNTA ELÁSTICA (NÃO INCLUI FORNECIMENTO). AF_01/2021","M","COEFICIENTE DE REPRESENTATIVIDADE",5.42,"CAIXA REFERENCIAL"]
["ASSENTAMENTO DE TUBOS E PECAS","ASTU","FORNEC E/OU ASSENT DE TUBO DE PVC COM JUNTA ELASTICA","0048","","",90743,"ASSENTAMENTO DE TUBO DE PVC CORRUGADO DE DUPLA PAREDE PARA REDE COLETORA DE ESGOTO, DN 300 MM, JUNTA ELÁSTICA (NÃO INCLUI FORNECIMENTO). AF_01/2021","M","COEFICIENTE DE REPRESENTATIVIDADE",6.01,"CAIXA REFERENCIAL"]
["ASSENTAMENTO DE TUBOS E PECAS","ASTU","FORNEC E/OU ASSENT DE TUBO DE PVC COM JUNTA ELASTICA","0048","","",90744,"ASSENTAMENTO DE TUBO DE PVC CORRUGADO DE DUPLA PAREDE PARA REDE COLETORA DE ESGOTO, DN 350 MM, JUNTA ELÁSTICA (NÃO INCLUI FORNECIMENTO). AF_01/2021","M","COEFICIENTE DE REPRESENTATIVIDADE",6.62,"CAIXA REFERENCIAL"]
["ASSENTAMENTO DE TUBOS E PECAS","ASTU","FORNEC E/OU ASSENT DE TUBO DE PVC COM JUNTA ELASTICA","0048","","",90745,"ASSENTAMENTO DE TUBO DE PVC CORRUGADO DE DUPLA PAREDE PARA REDE COLETORA DE ESGOTO, DN 400 MM, JUNTA ELÁSTICA  (NÃO INCLUI FORNECIMENTO). AF_01/2021","M","COEFICIENTE DE REPRESENTATIVIDADE",10.57,"CAIXA REFERENCIAL"]
["ASSENTAMENTO DE TUBOS E PECAS","ASTU","FORNEC E/OU ASSENT DE TUBO DE PVC COM JUNTA ELASTICA","0048","","",90746,"ASSENTAMENTO DE TUBO DE PEAD CORRUGADO DE DUPLA PAREDE PARA REDE COLETORA DE ESGOTO, DN 450 MM, JUNTA ELÁSTICA INTEGRADA (NÃO INCLUI FORNECIMENTO). AF_01/2021","M","COEFICIENTE DE REPRESENTATIVIDADE",3.47,"CAIXA REFERENCIAL"]
["ASSENTAMENTO DE TUBOS E PECAS","ASTU","FORNEC E/OU ASSENT DE TUBO DE PVC COM JUNTA ELASTICA","0048","","",90747,"ASSENTAMENTO DE TUBO DE PEAD CORRUGADO DE DUPLA PAREDE PARA REDE COLETORA DE ESGOTO, DN 600 MM, JUNTA ELÁSTICA INTEGRADA (NÃO INCLUI FORNECIMENTO). AF_01/2021","M","COEFICIENTE DE REPRESENTATIVIDADE",17.25,"CAIXA REFERENCIAL"]
["ASSENTAMENTO DE TUBOS E PECAS","ASTU","FORNEC E/OU ASSENT DE TUBO DE PVC COM JUNTA ELASTICA","0048","","",94869,"TUBO DE PEAD CORRUGADO DE DUPLA PAREDE PARA REDE COLETORA DE ESGOTO, DN 250 MM, JUNTA ELÁSTICA INTEGRADA - FORNECIMENTO E ASSENTAMENTO. AF_01/2021","M","COEFICIENTE DE REPRESENTATIVIDADE",316.22000000000003,"CAIXA REFERENCIAL"]
["ASSENTAMENTO DE TUBOS E PECAS","ASTU","FORNEC E/OU ASSENT DE TUBO DE PVC COM JUNTA ELASTICA","0048","","",94870,"ASSENTAMENTO DE TUBO DE PEAD CORRUGADO DE DUPLA PAREDE PARA REDE COLETORA DE ESGOTO, DN 250 MM, JUNTA ELÁSTICA INTEGRADA (NÃO INCLUI FORNECIMENTO). AF_01/2021","M","COEFICIENTE DE REPRESENTATIVIDADE",1.74,"CAIXA REFERENCIAL"]
["ASSENTAMENTO DE TUBOS E PECAS","ASTU","FORNEC E/OU ASSENT DE TUBO DE PVC COM JUNTA ELASTICA","0048","","",94871,"TUBO DE PEAD CORRUGADO DE DUPLA PAREDE PARA REDE COLETORA DE ESGOTO, DN 300 MM, JUNTA ELÁSTICA INTEGRADA - FORNECIMENTO E ASSENTAMENTO. AF_01/2021","M","COEFICIENTE DE REPRESENTATIVIDADE",495.17,"CAIXA REFERENCIAL"]
["ASSENTAMENTO DE TUBOS E PECAS","ASTU","FORNEC E/OU ASSENT DE TUBO DE PVC COM JUNTA ELASTICA","0048","","",94872,"ASSENTAMENTO DE TUBO DE PEAD CORRUGADO DE DUPLA PAREDE PARA REDE COLETORA DE ESGOTO, DN 300 MM, JUNTA ELÁSTICA INTEGRADA  (NÃO INCLUI FORNECIMENTO). AF_01/2021","M","COEFICIENTE DE REPRESENTATIVIDADE",2.4700000000000002,"CAIXA REFERENCIAL"]
["ASSENTAMENTO DE TUBOS E PECAS","ASTU","FORNEC E/OU ASSENT DE TUBO DE PVC COM JUNTA ELASTICA","0048","","",94875,"TUBO DE PEAD CORRUGADO DE DUPLA PAREDE PARA REDE COLETORA DE ESGOTO, DN 800 MM, JUNTA ELÁSTICA INTEGRADA - FORNECIMENTO E ASSENTAMENTO. AF_01/2021","M","COEFICIENTE DE REPRESENTATIVIDADE",2899.33,"CAIXA REFERENCIAL"]
["ASSENTAMENTO DE TUBOS E PECAS","ASTU","FORNEC E/OU ASSENT DE TUBO DE PVC COM JUNTA ELASTICA","0048","","",94876,"ASSENTAMENTO DE TUBO DE PEAD CORRUGADO DE DUPLA PAREDE PARA REDE COLETORA DE ESGOTO, DN 800 MM, JUNTA ELÁSTICA INTEGRADA  (NÃO INCLUI FORNECIMENTO). AF_01/2021","M","COEFICIENTE DE REPRESENTATIVIDADE",28.59,"CAIXA REFERENCIAL"]
["ASSENTAMENTO DE TUBOS E PECAS","ASTU","FORNEC E/OU ASSENT DE TUBO DE PVC COM JUNTA ELASTICA","0048","","",94878,"ASSENTAMENTO DE TUBO DE PEAD CORRUGADO DE DUPLA PAREDE PARA REDE COLETORA DE ESGOTO, DN 900 MM, JUNTA ELÁSTICA INTEGRADA (NÃO INCLUI FORNECIMENTO). AF_01/2021","M","COEFICIENTE DE REPRESENTATIVIDADE",33.14,"CAIXA REFERENCIAL"]
["ASSENTAMENTO DE TUBOS E PECAS","ASTU","FORNEC E/OU ASSENT DE TUBO DE PVC COM JUNTA ELASTICA","0048","","",94879,"TUBO DE PEAD CORRUGADO DE DUPLA PAREDE PARA REDE COLETORA DE ESGOTO, DN 1000 MM, JUNTA ELÁSTICA INTEGRADA - FORNECIMENTO E ASSENTAMENTO. AF_01/2021","M","COEFICIENTE DE REPRESENTATIVIDADE",4464.79,"CAIXA REFERENCIAL"]
["ASSENTAMENTO DE TUBOS E PECAS","ASTU","FORNEC E/OU ASSENT DE TUBO DE PVC COM JUNTA ELASTICA","0048","","",94880,"ASSENTAMENTO DE TUBO DE PEAD CORRUGADO DE DUPLA PAREDE PARA REDE COLETORA DE ESGOTO, DN 1000 MM, JUNTA ELÁSTICA INTEGRADA (NÃO INCLUI FORNECIMENTO). AF_01/2021","M","COEFICIENTE DE REPRESENTATIVIDADE",42.48,"CAIXA REFERENCIAL"]
["ASSENTAMENTO DE TUBOS E PECAS","ASTU","FORNEC E/OU ASSENT DE TUBO DE PVC COM JUNTA ELASTICA","0048","","",94881,"TUBO DE PEAD CORRUGADO DE DUPLA PAREDE PARA REDE COLETORA DE ESGOTO, DN 1200 MM, JUNTA ELÁSTICA INTEGRADA - FORNECIMENTO E ASSENTAMENTO. AF_01/2021","M","COEFICIENTE DE REPRESENTATIVIDADE",6161.38,"CAIXA REFERENCIAL"]
["ASSENTAMENTO DE TUBOS E PECAS","ASTU","FORNEC E/OU ASSENT DE TUBO DE PVC COM JUNTA ELASTICA","0048","","",94882,"ASSENTAMENTO DE TUBO DE PEAD CORRUGADO DE DUPLA PAREDE PARA REDE COLETORA DE ESGOTO, DN 1200 MM, JUNTA ELÁSTICA INTEGRADA (NÃO INCLUI FORNECIMENTO). AF_01/2021","M","COEFICIENTE DE REPRESENTATIVIDADE",49.47,"CAIXA REFERENCIAL"]
["ASSENTAMENTO DE TUBOS E PECAS","ASTU","FORNEC E/OU ASSENT DE TUBO DE PVC COM JUNTA ELASTICA","0048","","",94884,"ASSENTAMENTO DE TUBO DE PEAD CORRUGADO DE DUPLA PAREDE PARA REDE COLETORA DE ESGOTO, DN 1500 MM, JUNTA ELÁSTICA INTEGRADA (NÃO INCLUI FORNECIMENTO). AF_01/2021","M","COEFICIENTE DE REPRESENTATIVIDADE",63.66,"CAIXA REFERENCIAL"]
["ASSENTAMENTO DE TUBOS E PECAS","ASTU","FORNEC E/OU ASSENT DE TUBO DE PVC COM JUNTA ELASTICA","0048","","",97121,"ASSENTAMENTO DE TUBO DE PVC PBA PARA REDE DE ÁGUA, DN 50 MM, JUNTA ELÁSTICA INTEGRADA, INSTALADO EM LOCAL COM NÍVEL ALTO DE INTERFERÊNCIAS (NÃO INCLUI FORNECIMENTO). AF_11/2017","M","COEFICIENTE DE REPRESENTATIVIDADE",1.91,"CAIXA REFERENCIAL"]
["ASSENTAMENTO DE TUBOS E PECAS","ASTU","FORNEC E/OU ASSENT DE TUBO DE PVC COM JUNTA ELASTICA","0048","","",97122,"ASSENTAMENTO DE TUBO DE PVC PBA PARA REDE DE ÁGUA, DN 75 MM, JUNTA ELÁSTICA INTEGRADA, INSTALADO EM LOCAL COM NÍVEL ALTO DE INTERFERÊNCIAS (NÃO INCLUI FORNECIMENTO). AF_11/2017","M","COEFICIENTE DE REPRESENTATIVIDADE",2.65,"CAIXA REFERENCIAL"]
["ASSENTAMENTO DE TUBOS E PECAS","ASTU","FORNEC E/OU ASSENT DE TUBO DE PVC COM JUNTA ELASTICA","0048","","",97123,"ASSENTAMENTO DE TUBO DE PVC PBA PARA REDE DE ÁGUA, DN 100 MM, JUNTA ELÁSTICA INTEGRADA, INSTALADO EM LOCAL COM NÍVEL ALTO DE INTERFERÊNCIAS (NÃO INCLUI FORNECIMENTO). AF_11/2017","M","COEFICIENTE DE REPRESENTATIVIDADE",3.36,"CAIXA REFERENCIAL"]
["ASSENTAMENTO DE TUBOS E PECAS","ASTU","FORNEC E/OU ASSENT DE TUBO DE PVC COM JUNTA ELASTICA","0048","","",97124,"ASSENTAMENTO DE TUBO DE PVC PBA PARA REDE DE ÁGUA, DN 50 MM, JUNTA ELÁSTICA INTEGRADA, INSTALADO EM LOCAL COM NÍVEL BAIXO DE INTERFERÊNCIAS (NÃO INCLUI FORNECIMENTO). AF_11/2017","M","COEFICIENTE DE REPRESENTATIVIDADE",0.84,"CAIXA REFERENCIAL"]
["ASSENTAMENTO DE TUBOS E PECAS","ASTU","FORNEC E/OU ASSENT DE TUBO DE PVC COM JUNTA ELASTICA","0048","","",97125,"ASSENTAMENTO DE TUBO DE PVC PBA PARA REDE DE ÁGUA, DN 75 MM, JUNTA ELÁSTICA INTEGRADA, INSTALADO EM LOCAL COM NÍVEL BAIXO DE INTERFERÊNCIAS (NÃO INCLUI FORNECIMENTO). AF_11/2017","M","COEFICIENTE DE REPRESENTATIVIDADE",1.19,"CAIXA REFERENCIAL"]
["ASSENTAMENTO DE TUBOS E PECAS","ASTU","FORNEC E/OU ASSENT DE TUBO DE PVC COM JUNTA ELASTICA","0048","","",97126,"ASSENTAMENTO DE TUBO DE PVC PBA PARA REDE DE ÁGUA, DN 100 MM, JUNTA ELÁSTICA INTEGRADA, INSTALADO EM LOCAL COM NÍVEL BAIXO DE INTERFERÊNCIAS (NÃO INCLUI FORNECIMENTO). AF_11/2017","M","COEFICIENTE DE REPRESENTATIVIDADE",1.51,"CAIXA REFERENCIAL"]
["ASSENTAMENTO DE TUBOS E PECAS","ASTU","FORNEC E/OU ASSENT DE TUBO DE PVC COM JUNTA ELASTICA","0048","","",102264,"TUBO DE PVC BRANCO PARA REDE COLETORA DE ESGOTO CONDOMINIAL DE PAREDE MACIÇA, DN 100 MM, JUNTA ELÁSTICA - FORNECIMENTO E ASSENTAMENTO. AF_01/2021","M","COEFICIENTE DE REPRESENTATIVIDADE",16.899999999999999,"CAIXA REFERENCIAL"]
["ASSENTAMENTO DE TUBOS E PECAS","ASTU","FORNEC E/OU ASSENT DE TUBO DE PVC COM JUNTA ELASTICA","0048","","",102265,"JUNTA ARGAMASSADA ENTRE TUBO DN 800 MM E O POÇO DE VISITA/ CAIXA DE CONCRETO OU ALVENARIA EM REDES DE ESGOTO. AF_01/2021","UN","COEFICIENTE DE REPRESENTATIVIDADE",96.9,"CAIXA REFERENCIAL"]
["ASSENTAMENTO DE TUBOS E PECAS","ASTU","FORNEC E/OU ASSENT DE TUBO DE PVC COM JUNTA ELASTICA","0048","","",102266,"JUNTA ARGAMASSADA ENTRE TUBO DN 900 MM E O POÇO DE VISITA/ CAIXA DE CONCRETO OU ALVENARIA EM REDES DE ESGOTO. AF_01/2021","UN","COEFICIENTE DE REPRESENTATIVIDADE",107.47,"CAIXA REFERENCIAL"]
["ASSENTAMENTO DE TUBOS E PECAS","ASTU","FORNEC E/OU ASSENT DE TUBO DE PVC COM JUNTA ELASTICA","0048","","",102267,"JUNTA ARGAMASSADA ENTRE TUBO DN 1000 MM E O POÇO DE VISITA/ CAIXA DE CONCRETO OU ALVENARIA EM REDES DE ESGOTO. AF_01/2021","UN","COEFICIENTE DE REPRESENTATIVIDADE",123.38,"CAIXA REFERENCIAL"]
["ASSENTAMENTO DE TUBOS E PECAS","ASTU","FORNEC E/OU ASSENT DE TUBO DE PVC COM JUNTA ELASTICA","0048","","",102268,"JUNTA ARGAMASSADA ENTRE TUBO DN 1200 MM E O POÇO DE VISITA/ CAIXA DE CONCRETO OU ALVENARIA EM REDES DE ESGOTO. AF_01/2021","UN","COEFICIENTE DE REPRESENTATIVIDADE",139.22999999999999,"CAIXA REFERENCIAL"]
["ASSENTAMENTO DE TUBOS E PECAS","ASTU","FORNEC E/OU ASSENT DE TUBO DE PVC COM JUNTA ELASTICA","0048","","",102269,"JUNTA ARGAMASSADA ENTRE TUBO DN 1500 MM E O POÇO DE VISITA/ CAIXA DE CONCRETO OU ALVENARIA EM REDES DE ESGOTO. AF_01/2021","UN","COEFICIENTE DE REPRESENTATIVIDADE",170.92,"CAIXA REFERENCIAL"]
["ASSENTAMENTO DE TUBOS E PECAS","ASTU","FORNEC E/OU ASSENT DE TUBO DE CONCRETO COM JUNTA ELASTICA","0051","","",92833,"TUBO DE CONCRETO PARA REDES COLETORAS DE ESGOTO SANITÁRIO, DIÂMETRO DE 300 MM, JUNTA ELÁSTICA, INSTALADO EM LOCAL COM BAIXO NÍVEL DE INTERFERÊNCIAS - FORNECIMENTO E ASSENTAMENTO. AF_03/2024","M","COEFICIENTE DE REPRESENTATIVIDADE",174.61,"CAIXA REFERENCIAL"]
["ASSENTAMENTO DE TUBOS E PECAS","ASTU","FORNEC E/OU ASSENT DE TUBO DE CONCRETO COM JUNTA ELASTICA","0051","","",92834,"ASSENTAMENTO DE TUBO DE CONCRETO PARA REDES COLETORAS DE ESGOTO SANITÁRIO, DIÂMETRO DE 300 MM, JUNTA ELÁSTICA, INSTALADO EM LOCAL COM BAIXO NÍVEL DE INTERFERÊNCIAS (NÃO INCLUI FORNECIMENTO). AF_03/2024","M","COEFICIENTE DE REPRESENTATIVIDADE",22.72,"CAIXA REFERENCIAL"]
["ASSENTAMENTO DE TUBOS E PECAS","ASTU","FORNEC E/OU ASSENT DE TUBO DE CONCRETO COM JUNTA ELASTICA","0051","","",92835,"TUBO DE CONCRETO PARA REDES COLETORAS DE ESGOTO SANITÁRIO, DIÂMETRO DE 400 MM, JUNTA ELÁSTICA, INSTALADO EM LOCAL COM BAIXO NÍVEL DE INTERFERÊNCIAS - FORNECIMENTO E ASSENTAMENTO. AF_03/2024","M","COEFICIENTE DE REPRESENTATIVIDADE",185.45,"CAIXA REFERENCIAL"]
["ASSENTAMENTO DE TUBOS E PECAS","ASTU","FORNEC E/OU ASSENT DE TUBO DE CONCRETO COM JUNTA ELASTICA","0051","","",92836,"ASSENTAMENTO DE TUBO DE CONCRETO PARA REDES COLETORAS DE ESGOTO SANITÁRIO, DIÂMETRO DE 400 MM, JUNTA ELÁSTICA, INSTALADO EM LOCAL COM BAIXO NÍVEL DE INTERFERÊNCIAS (NÃO INCLUI FORNECIMENTO). AF_03/2024","M","COEFICIENTE DE REPRESENTATIVIDADE",29.66,"CAIXA REFERENCIAL"]
["ASSENTAMENTO DE TUBOS E PECAS","ASTU","FORNEC E/OU ASSENT DE TUBO DE CONCRETO COM JUNTA ELASTICA","0051","","",92837,"TUBO DE CONCRETO PARA REDES COLETORAS DE ESGOTO SANITÁRIO, DIÂMETRO DE 500 MM, JUNTA ELÁSTICA, INSTALADO EM LOCAL COM BAIXO NÍVEL DE INTERFERÊNCIAS - FORNECIMENTO E ASSENTAMENTO. AF_03/2024","M","COEFICIENTE DE REPRESENTATIVIDADE",325.29000000000002,"CAIXA REFERENCIAL"]
["ASSENTAMENTO DE TUBOS E PECAS","ASTU","FORNEC E/OU ASSENT DE TUBO DE CONCRETO COM JUNTA ELASTICA","0051","","",92838,"ASSENTAMENTO DE TUBO DE CONCRETO PARA REDES COLETORAS DE ESGOTO SANITÁRIO, DIÂMETRO DE 500 MM, JUNTA ELÁSTICA, INSTALADO EM LOCAL COM BAIXO NÍVEL DE INTERFERÊNCIAS (NÃO INCLUI FORNECIMENTO). AF_03/2024","M","COEFICIENTE DE REPRESENTATIVIDADE",37.07,"CAIXA REFERENCIAL"]
["ASSENTAMENTO DE TUBOS E PECAS","ASTU","FORNEC E/OU ASSENT DE TUBO DE CONCRETO COM JUNTA ELASTICA","0051","","",92839,"TUBO DE CONCRETO PARA REDES COLETORAS DE ESGOTO SANITÁRIO, DIÂMETRO DE 600 MM, JUNTA ELÁSTICA, INSTALADO EM LOCAL COM BAIXO NÍVEL DE INTERFERÊNCIAS - FORNECIMENTO E ASSENTAMENTO. AF_03/2024","M","COEFICIENTE DE REPRESENTATIVIDADE",398.53,"CAIXA REFERENCIAL"]
["ASSENTAMENTO DE TUBOS E PECAS","ASTU","FORNEC E/OU ASSENT DE TUBO DE CONCRETO COM JUNTA ELASTICA","0051","","",92840,"ASSENTAMENTO DE TUBO DE CONCRETO PARA REDES COLETORAS DE ESGOTO SANITÁRIO, DIÂMETRO DE 600 MM, JUNTA ELÁSTICA, INSTALADO EM LOCAL COM BAIXO NÍVEL DE INTERFERÊNCIAS (NÃO INCLUI FORNECIMENTO). AF_03/2024","M","COEFICIENTE DE REPRESENTATIVIDADE",44.87,"CAIXA REFERENCIAL"]
["ASSENTAMENTO DE TUBOS E PECAS","ASTU","FORNEC E/OU ASSENT DE TUBO DE CONCRETO COM JUNTA ELASTICA","0051","","",92841,"TUBO DE CONCRETO PARA REDES COLETORAS DE ESGOTO SANITÁRIO, DIÂMETRO DE 700 MM, JUNTA ELÁSTICA, INSTALADO EM LOCAL COM BAIXO NÍVEL DE INTERFERÊNCIAS - FORNECIMENTO E ASSENTAMENTO. AF_03/2024","M","COEFICIENTE DE REPRESENTATIVIDADE",518.69000000000005,"CAIXA REFERENCIAL"]
["ASSENTAMENTO DE TUBOS E PECAS","ASTU","FORNEC E/OU ASSENT DE TUBO DE CONCRETO COM JUNTA ELASTICA","0051","","",92842,"ASSENTAMENTO DE TUBO DE CONCRETO PARA REDES COLETORAS DE ESGOTO SANITÁRIO, DIÂMETRO DE 700 MM, JUNTA ELÁSTICA, INSTALADO EM LOCAL COM BAIXO NÍVEL DE INTERFERÊNCIAS (NÃO INCLUI FORNECIMENTO). AF_03/2024","M","COEFICIENTE DE REPRESENTATIVIDADE",56.76,"CAIXA REFERENCIAL"]
["ASSENTAMENTO DE TUBOS E PECAS","ASTU","FORNEC E/OU ASSENT DE TUBO DE CONCRETO COM JUNTA ELASTICA","0051","","",92843,"TUBO DE CONCRETO PARA REDES COLETORAS DE ESGOTO SANITÁRIO, DIÂMETRO DE 800 MM, JUNTA ELÁSTICA, INSTALADO EM LOCAL COM BAIXO NÍVEL DE INTERFERÊNCIAS - FORNECIMENTO E ASSENTAMENTO. AF_03/2024","M","COEFICIENTE DE REPRESENTATIVIDADE",539.87,"CAIXA REFERENCIAL"]
["ASSENTAMENTO DE TUBOS E PECAS","ASTU","FORNEC E/OU ASSENT DE TUBO DE CONCRETO COM JUNTA ELASTICA","0051","","",92844,"ASSENTAMENTO DE TUBO DE CONCRETO PARA REDES COLETORAS DE ESGOTO SANITÁRIO, DIÂMETRO DE 800 MM, JUNTA ELÁSTICA, INSTALADO EM LOCAL COM BAIXO NÍVEL DE INTERFERÊNCIAS (NÃO INCLUI FORNECIMENTO). AF_03/2024","M","COEFICIENTE DE REPRESENTATIVIDADE",67.73,"CAIXA REFERENCIAL"]
["ASSENTAMENTO DE TUBOS E PECAS","ASTU","FORNEC E/OU ASSENT DE TUBO DE CONCRETO COM JUNTA ELASTICA","0051","","",92845,"TUBO DE CONCRETO PARA REDES COLETORAS DE ESGOTO SANITÁRIO, DIÂMETRO DE 900 MM, JUNTA ELÁSTICA, INSTALADO EM LOCAL COM BAIXO NÍVEL DE INTERFERÊNCIAS - FORNECIMENTO E ASSENTAMENTO. AF_03/2024","M","COEFICIENTE DE REPRESENTATIVIDADE",793.66,"CAIXA REFERENCIAL"]
["ASSENTAMENTO DE TUBOS E PECAS","ASTU","FORNEC E/OU ASSENT DE TUBO DE CONCRETO COM JUNTA ELASTICA","0051","","",92846,"ASSENTAMENTO DE TUBO DE CONCRETO PARA REDES COLETORAS DE ESGOTO SANITÁRIO, DIÂMETRO DE 900 MM, JUNTA ELÁSTICA, INSTALADO EM LOCAL COM BAIXO NÍVEL DE INTERFERÊNCIAS (NÃO INCLUI FORNECIMENTO). AF_03/2024","M","COEFICIENTE DE REPRESENTATIVIDADE",77.77,"CAIXA REFERENCIAL"]
["ASSENTAMENTO DE TUBOS E PECAS","ASTU","FORNEC E/OU ASSENT DE TUBO DE CONCRETO COM JUNTA ELASTICA","0051","","",92847,"TUBO DE CONCRETO PARA REDES COLETORAS DE ESGOTO SANITÁRIO, DIÂMETRO DE 1000 MM, JUNTA ELÁSTICA, INSTALADO EM LOCAL COM BAIXO NÍVEL DE INTERFERÊNCIAS - FORNECIMENTO E ASSENTAMENTO. AF_03/2024","M","COEFICIENTE DE REPRESENTATIVIDADE",818.36,"CAIXA REFERENCIAL"]
["ASSENTAMENTO DE TUBOS E PECAS","ASTU","FORNEC E/OU ASSENT DE TUBO DE CONCRETO COM JUNTA ELASTICA","0051","","",92848,"ASSENTAMENTO DE TUBO DE CONCRETO PARA REDES COLETORAS DE ESGOTO SANITÁRIO, DIÂMETRO DE 1000 MM, JUNTA ELÁSTICA, INSTALADO EM LOCAL COM BAIXO NÍVEL DE INTERFERÊNCIAS (NÃO INCLUI FORNECIMENTO). AF_03/2024","M","COEFICIENTE DE REPRESENTATIVIDADE",92.35,"CAIXA REFERENCIAL"]
["ASSENTAMENTO DE TUBOS E PECAS","ASTU","FORNEC E/OU ASSENT DE TUBO DE CONCRETO COM JUNTA ELASTICA","0051","","",92849,"TUBO DE CONCRETO PARA REDES COLETORAS DE ESGOTO SANITÁRIO, DIÂMETRO DE 300 MM, JUNTA ELÁSTICA, INSTALADO EM LOCAL COM ALTO NÍVEL DE INTERFERÊNCIAS - FORNECIMENTO E ASSENTAMENTO. AF_03/2024","M","COEFICIENTE DE REPRESENTATIVIDADE",177.05,"CAIXA REFERENCIAL"]
["ASSENTAMENTO DE TUBOS E PECAS","ASTU","FORNEC E/OU ASSENT DE TUBO DE CONCRETO COM JUNTA ELASTICA","0051","","",92850,"ASSENTAMENTO DE TUBO DE CONCRETO PARA REDES COLETORAS DE ESGOTO SANITÁRIO, DIÂMETRO DE 300 MM, JUNTA ELÁSTICA, INSTALADO EM LOCAL COM ALTO NÍVEL DE INTERFERÊNCIAS (NÃO INCLUI FORNECIMENTO). AF_03/2024","M","COEFICIENTE DE REPRESENTATIVIDADE",25.16,"CAIXA REFERENCIAL"]
["ASSENTAMENTO DE TUBOS E PECAS","ASTU","FORNEC E/OU ASSENT DE TUBO DE CONCRETO COM JUNTA ELASTICA","0051","","",92851,"TUBO DE CONCRETO PARA REDES COLETORAS DE ESGOTO SANITÁRIO, DIÂMETRO DE 400 MM, JUNTA ELÁSTICA, INSTALADO EM LOCAL COM ALTO NÍVEL DE INTERFERÊNCIAS - FORNECIMENTO E ASSENTAMENTO. AF_03/2024","M","COEFICIENTE DE REPRESENTATIVIDADE",188.95,"CAIXA REFERENCIAL"]
["ASSENTAMENTO DE TUBOS E PECAS","ASTU","FORNEC E/OU ASSENT DE TUBO DE CONCRETO COM JUNTA ELASTICA","0051","","",92852,"ASSENTAMENTO DE TUBO DE CONCRETO PARA REDES COLETORAS DE ESGOTO SANITÁRIO, DIÂMETRO DE 400 MM, JUNTA ELÁSTICA, INSTALADO EM LOCAL COM ALTO NÍVEL DE INTERFERÊNCIAS (NÃO INCLUI FORNECIMENTO). AF_03/2024","M","COEFICIENTE DE REPRESENTATIVIDADE",33.159999999999997,"CAIXA REFERENCIAL"]
["ASSENTAMENTO DE TUBOS E PECAS","ASTU","FORNEC E/OU ASSENT DE TUBO DE CONCRETO COM JUNTA ELASTICA","0051","","",92853,"TUBO DE CONCRETO PARA REDES COLETORAS DE ESGOTO SANITÁRIO, DIÂMETRO DE 500 MM, JUNTA ELÁSTICA, INSTALADO EM LOCAL COM ALTO NÍVEL DE INTERFERÊNCIAS - FORNECIMENTO E ASSENTAMENTO. AF_03/2024","M","COEFICIENTE DE REPRESENTATIVIDADE",329.82,"CAIXA REFERENCIAL"]
["ASSENTAMENTO DE TUBOS E PECAS","ASTU","FORNEC E/OU ASSENT DE TUBO DE CONCRETO COM JUNTA ELASTICA","0051","","",92854,"ASSENTAMENTO DE TUBO DE CONCRETO PARA REDES COLETORAS DE ESGOTO SANITÁRIO, DIÂMETRO DE 500 MM, JUNTA ELÁSTICA, INSTALADO EM LOCAL COM ALTO NÍVEL DE INTERFERÊNCIAS (NÃO INCLUI FORNECIMENTO). AF_03/2024","M","COEFICIENTE DE REPRESENTATIVIDADE",41.6,"CAIXA REFERENCIAL"]
["ASSENTAMENTO DE TUBOS E PECAS","ASTU","FORNEC E/OU ASSENT DE TUBO DE CONCRETO COM JUNTA ELASTICA","0051","","",92855,"TUBO DE CONCRETO PARA REDES COLETORAS DE ESGOTO SANITÁRIO, DIÂMETRO DE 600 MM, JUNTA ELÁSTICA, INSTALADO EM LOCAL COM ALTO NÍVEL DE INTERFERÊNCIAS - FORNECIMENTO E ASSENTAMENTO. AF_03/2024","M","COEFICIENTE DE REPRESENTATIVIDADE",404.11,"CAIXA REFERENCIAL"]
["ASSENTAMENTO DE TUBOS E PECAS","ASTU","FORNEC E/OU ASSENT DE TUBO DE CONCRETO COM JUNTA ELASTICA","0051","","",92856,"ASSENTAMENTO DE TUBO DE CONCRETO PARA REDES COLETORAS DE ESGOTO SANITÁRIO, DIÂMETRO DE 600 MM, JUNTA ELÁSTICA, INSTALADO EM LOCAL COM ALTO NÍVEL DE INTERFERÊNCIAS (NÃO INCLUI FORNECIMENTO). AF_03/2024","M","COEFICIENTE DE REPRESENTATIVIDADE",50.45,"CAIXA REFERENCIAL"]
["ASSENTAMENTO DE TUBOS E PECAS","ASTU","FORNEC E/OU ASSENT DE TUBO DE CONCRETO COM JUNTA ELASTICA","0051","","",92857,"TUBO DE CONCRETO PARA REDES COLETORAS DE ESGOTO SANITÁRIO, DIÂMETRO DE 700 MM, JUNTA ELÁSTICA, INSTALADO EM LOCAL COM ALTO NÍVEL DE INTERFERÊNCIAS - FORNECIMENTO E ASSENTAMENTO. AF_03/2024","M","COEFICIENTE DE REPRESENTATIVIDADE",525.33000000000004,"CAIXA REFERENCIAL"]
["ASSENTAMENTO DE TUBOS E PECAS","ASTU","FORNEC E/OU ASSENT DE TUBO DE CONCRETO COM JUNTA ELASTICA","0051","","",92858,"ASSENTAMENTO DE TUBO DE CONCRETO PARA REDES COLETORAS DE ESGOTO SANITÁRIO, DIÂMETRO DE 700 MM, JUNTA ELÁSTICA, INSTALADO EM LOCAL COM ALTO NÍVEL DE INTERFERÊNCIAS (NÃO INCLUI FORNECIMENTO). AF_03/2024","M","COEFICIENTE DE REPRESENTATIVIDADE",63.4,"CAIXA REFERENCIAL"]
["ASSENTAMENTO DE TUBOS E PECAS","ASTU","FORNEC E/OU ASSENT DE TUBO DE CONCRETO COM JUNTA ELASTICA","0051","","",92859,"TUBO DE CONCRETO PARA REDES COLETORAS DE ESGOTO SANITÁRIO, DIÂMETRO DE 800 MM, JUNTA ELÁSTICA, INSTALADO EM LOCAL COM ALTO NÍVEL DE INTERFERÊNCIAS - FORNECIMENTO E ASSENTAMENTO. AF_03/2024","M","COEFICIENTE DE REPRESENTATIVIDADE",547.54,"CAIXA REFERENCIAL"]
["ASSENTAMENTO DE TUBOS E PECAS","ASTU","FORNEC E/OU ASSENT DE TUBO DE CONCRETO COM JUNTA ELASTICA","0051","","",92860,"ASSENTAMENTO DE TUBO DE CONCRETO PARA REDES COLETORAS DE ESGOTO SANITÁRIO, DIÂMETRO DE 800 MM, JUNTA ELÁSTICA, INSTALADO EM LOCAL COM ALTO NÍVEL DE INTERFERÊNCIAS (NÃO INCLUI FORNECIMENTO). AF_03/2024","M","COEFICIENTE DE REPRESENTATIVIDADE",75.400000000000006,"CAIXA REFERENCIAL"]
["ASSENTAMENTO DE TUBOS E PECAS","ASTU","FORNEC E/OU ASSENT DE TUBO DE CONCRETO COM JUNTA ELASTICA","0051","","",92861,"TUBO DE CONCRETO PARA REDES COLETORAS DE ESGOTO SANITÁRIO, DIÂMETRO DE 900 MM, JUNTA ELÁSTICA, INSTALADO EM LOCAL COM ALTO NÍVEL DE INTERFERÊNCIAS - FORNECIMENTO E ASSENTAMENTO. AF_03/2024","M","COEFICIENTE DE REPRESENTATIVIDADE",802.37,"CAIXA REFERENCIAL"]
["ASSENTAMENTO DE TUBOS E PECAS","ASTU","FORNEC E/OU ASSENT DE TUBO DE CONCRETO COM JUNTA ELASTICA","0051","","",92862,"ASSENTAMENTO DE TUBO DE CONCRETO PARA REDES COLETORAS DE ESGOTO SANITÁRIO, DIÂMETRO DE 900 MM, JUNTA ELÁSTICA, INSTALADO EM LOCAL COM ALTO NÍVEL DE INTERFERÊNCIAS (NÃO INCLUI FORNECIMENTO). AF_03/2024","M","COEFICIENTE DE REPRESENTATIVIDADE",86.48,"CAIXA REFERENCIAL"]
["ASSENTAMENTO DE TUBOS E PECAS","ASTU","FORNEC E/OU ASSENT DE TUBO DE CONCRETO COM JUNTA ELASTICA","0051","","",92863,"TUBO DE CONCRETO PARA REDES COLETORAS DE ESGOTO SANITÁRIO, DIÂMETRO DE 1000 MM, JUNTA ELÁSTICA, INSTALADO EM LOCAL COM ALTO NÍVEL DE INTERFERÊNCIAS - FORNECIMENTO E ASSENTAMENTO. AF_03/2024","M","COEFICIENTE DE REPRESENTATIVIDADE",828.12,"CAIXA REFERENCIAL"]
["ASSENTAMENTO DE TUBOS E PECAS","ASTU","FORNEC E/OU ASSENT DE TUBO DE CONCRETO COM JUNTA ELASTICA","0051","","",92864,"ASSENTAMENTO DE TUBO DE CONCRETO PARA REDES COLETORAS DE ESGOTO SANITÁRIO, DIÂMETRO DE 1000 MM, JUNTA ELÁSTICA, INSTALADO EM LOCAL COM ALTO NÍVEL DE INTERFERÊNCIAS (NÃO INCLUI FORNECIMENTO). AF_03/2024","M","COEFICIENTE DE REPRESENTATIVIDADE",102.11,"CAIXA REFERENCIAL"]
["ASSENTAMENTO DE TUBOS E PECAS","ASTU","FORNEC E/OU ASSENT DE TUBO DE CONCRETO COM JUNTA ARGAMASSADA","0052","","",92210,"TUBO DE CONCRETO PARA REDES COLETORAS DE ÁGUAS PLUVIAIS, DIÂMETRO DE 400 MM, JUNTA RÍGIDA, INSTALADO EM LOCAL COM BAIXO NÍVEL DE INTERFERÊNCIAS - FORNECIMENTO E ASSENTAMENTO. AF_03/2024","M","COEFICIENTE DE REPRESENTATIVIDADE",129.80000000000001,"CAIXA REFERENCIAL"]
["ASSENTAMENTO DE TUBOS E PECAS","ASTU","FORNEC E/OU ASSENT DE TUBO DE CONCRETO COM JUNTA ARGAMASSADA","0052","","",92211,"TUBO DE CONCRETO PARA REDES COLETORAS DE ÁGUAS PLUVIAIS, DIÂMETRO DE 500 MM, JUNTA RÍGIDA, INSTALADO EM LOCAL COM BAIXO NÍVEL DE INTERFERÊNCIAS - FORNECIMENTO E ASSENTAMENTO. AF_03/2024","M","COEFICIENTE DE REPRESENTATIVIDADE",158.35,"CAIXA REFERENCIAL"]
["ASSENTAMENTO DE TUBOS E PECAS","ASTU","FORNEC E/OU ASSENT DE TUBO DE CONCRETO COM JUNTA ARGAMASSADA","0052","","",92212,"TUBO DE CONCRETO PARA REDES COLETORAS DE ÁGUAS PLUVIAIS, DIÂMETRO DE 600 MM, JUNTA RÍGIDA, INSTALADO EM LOCAL COM BAIXO NÍVEL DE INTERFERÊNCIAS - FORNECIMENTO E ASSENTAMENTO. AF_03/2024","M","COEFICIENTE DE REPRESENTATIVIDADE",239.32,"CAIXA REFERENCIAL"]
["ASSENTAMENTO DE TUBOS E PECAS","ASTU","FORNEC E/OU ASSENT DE TUBO DE CONCRETO COM JUNTA ARGAMASSADA","0052","","",92213,"TUBO DE CONCRETO PARA REDES COLETORAS DE ÁGUAS PLUVIAIS, DIÂMETRO DE 700 MM, JUNTA RÍGIDA, INSTALADO EM LOCAL COM BAIXO NÍVEL DE INTERFERÊNCIAS - FORNECIMENTO E ASSENTAMENTO. AF_03/2024","M","COEFICIENTE DE REPRESENTATIVIDADE",316.94,"CAIXA REFERENCIAL"]
["ASSENTAMENTO DE TUBOS E PECAS","ASTU","FORNEC E/OU ASSENT DE TUBO DE CONCRETO COM JUNTA ARGAMASSADA","0052","","",92214,"TUBO DE CONCRETO PARA REDES COLETORAS DE ÁGUAS PLUVIAIS, DIÂMETRO DE 800 MM, JUNTA RÍGIDA, INSTALADO EM LOCAL COM BAIXO NÍVEL DE INTERFERÊNCIAS - FORNECIMENTO E ASSENTAMENTO. AF_03/2024","M","COEFICIENTE DE REPRESENTATIVIDADE",383.27,"CAIXA REFERENCIAL"]
["ASSENTAMENTO DE TUBOS E PECAS","ASTU","FORNEC E/OU ASSENT DE TUBO DE CONCRETO COM JUNTA ARGAMASSADA","0052","","",92215,"TUBO DE CONCRETO PARA REDES COLETORAS DE ÁGUAS PLUVIAIS, DIÂMETRO DE 900 MM, JUNTA RÍGIDA, INSTALADO EM LOCAL COM BAIXO NÍVEL DE INTERFERÊNCIAS - FORNECIMENTO E ASSENTAMENTO. AF_03/2024","M","COEFICIENTE DE REPRESENTATIVIDADE",440.06,"CAIXA REFERENCIAL"]
["ASSENTAMENTO DE TUBOS E PECAS","ASTU","FORNEC E/OU ASSENT DE TUBO DE CONCRETO COM JUNTA ARGAMASSADA","0052","","",92216,"TUBO DE CONCRETO PARA REDES COLETORAS DE ÁGUAS PLUVIAIS, DIÂMETRO DE 1000 MM, JUNTA RÍGIDA, INSTALADO EM LOCAL COM BAIXO NÍVEL DE INTERFERÊNCIAS - FORNECIMENTO E ASSENTAMENTO. AF_03/2024","M","COEFICIENTE DE REPRESENTATIVIDADE",458.09,"CAIXA REFERENCIAL"]
["ASSENTAMENTO DE TUBOS E PECAS","ASTU","FORNEC E/OU ASSENT DE TUBO DE CONCRETO COM JUNTA ARGAMASSADA","0052","","",92219,"TUBO DE CONCRETO PARA REDES COLETORAS DE ÁGUAS PLUVIAIS, DIÂMETRO DE 400 MM, JUNTA RÍGIDA, INSTALADO EM LOCAL COM ALTO NÍVEL DE INTERFERÊNCIAS - FORNECIMENTO E ASSENTAMENTO. AF_03/2024","M","COEFICIENTE DE REPRESENTATIVIDADE",133.29,"CAIXA REFERENCIAL"]
["ASSENTAMENTO DE TUBOS E PECAS","ASTU","FORNEC E/OU ASSENT DE TUBO DE CONCRETO COM JUNTA ARGAMASSADA","0052","","",92220,"TUBO DE CONCRETO PARA REDES COLETORAS DE ÁGUAS PLUVIAIS, DIÂMETRO DE 500 MM, JUNTA RÍGIDA, INSTALADO EM LOCAL COM ALTO NÍVEL DE INTERFERÊNCIAS - FORNECIMENTO E ASSENTAMENTO. AF_03/2024","M","COEFICIENTE DE REPRESENTATIVIDADE",162.9,"CAIXA REFERENCIAL"]
["ASSENTAMENTO DE TUBOS E PECAS","ASTU","FORNEC E/OU ASSENT DE TUBO DE CONCRETO COM JUNTA ARGAMASSADA","0052","","",92221,"TUBO DE CONCRETO PARA REDES COLETORAS DE ÁGUAS PLUVIAIS, DIÂMETRO DE 600 MM, JUNTA RÍGIDA, INSTALADO EM LOCAL COM ALTO NÍVEL DE INTERFERÊNCIAS - FORNECIMENTO E ASSENTAMENTO. AF_03/2024","M","COEFICIENTE DE REPRESENTATIVIDADE",244.89,"CAIXA REFERENCIAL"]
["ASSENTAMENTO DE TUBOS E PECAS","ASTU","FORNEC E/OU ASSENT DE TUBO DE CONCRETO COM JUNTA ARGAMASSADA","0052","","",92222,"TUBO DE CONCRETO PARA REDES COLETORAS DE ÁGUAS PLUVIAIS, DIÂMETRO DE 700 MM, JUNTA RÍGIDA, INSTALADO EM LOCAL COM ALTO NÍVEL DE INTERFERÊNCIAS - FORNECIMENTO E ASSENTAMENTO. AF_03/2024","M","COEFICIENTE DE REPRESENTATIVIDADE",323.56,"CAIXA REFERENCIAL"]
["ASSENTAMENTO DE TUBOS E PECAS","ASTU","FORNEC E/OU ASSENT DE TUBO DE CONCRETO COM JUNTA ARGAMASSADA","0052","","",92223,"TUBO DE CONCRETO PARA REDES COLETORAS DE ÁGUAS PLUVIAIS, DIÂMETRO DE 800 MM, JUNTA RÍGIDA, INSTALADO EM LOCAL COM ALTO NÍVEL DE INTERFERÊNCIAS - FORNECIMENTO E ASSENTAMENTO. AF_03/2024","M","COEFICIENTE DE REPRESENTATIVIDADE",390.92,"CAIXA REFERENCIAL"]
["ASSENTAMENTO DE TUBOS E PECAS","ASTU","FORNEC E/OU ASSENT DE TUBO DE CONCRETO COM JUNTA ARGAMASSADA","0052","","",92224,"TUBO DE CONCRETO PARA REDES COLETORAS DE ÁGUAS PLUVIAIS, DIÂMETRO DE 900 MM, JUNTA RÍGIDA, INSTALADO EM LOCAL COM ALTO NÍVEL DE INTERFERÊNCIAS - FORNECIMENTO E ASSENTAMENTO. AF_03/2024","M","COEFICIENTE DE REPRESENTATIVIDADE",448.78,"CAIXA REFERENCIAL"]
["ASSENTAMENTO DE TUBOS E PECAS","ASTU","FORNEC E/OU ASSENT DE TUBO DE CONCRETO COM JUNTA ARGAMASSADA","0052","","",92226,"TUBO DE CONCRETO PARA REDES COLETORAS DE ÁGUAS PLUVIAIS, DIÂMETRO DE 1000 MM, JUNTA RÍGIDA, INSTALADO EM LOCAL COM ALTO NÍVEL DE INTERFERÊNCIAS - FORNECIMENTO E ASSENTAMENTO. AF_03/2024","M","COEFICIENTE DE REPRESENTATIVIDADE",467.86,"CAIXA REFERENCIAL"]
["ASSENTAMENTO DE TUBOS E PECAS","ASTU","FORNEC E/OU ASSENT DE TUBO DE CONCRETO COM JUNTA ARGAMASSADA","0052","","",92808,"ASSENTAMENTO DE TUBO DE CONCRETO PARA REDES COLETORAS DE ÁGUAS PLUVIAIS, DIÂMETRO DE 300 MM, JUNTA RÍGIDA, INSTALADO EM LOCAL COM BAIXO NÍVEL DE INTERFERÊNCIAS (NÃO INCLUI FORNECIMENTO). AF_03/2024","M","COEFICIENTE DE REPRESENTATIVIDADE",24.43,"CAIXA REFERENCIAL"]
["ASSENTAMENTO DE TUBOS E PECAS","ASTU","FORNEC E/OU ASSENT DE TUBO DE CONCRETO COM JUNTA ARGAMASSADA","0052","","",92809,"ASSENTAMENTO DE TUBO DE CONCRETO PARA REDES COLETORAS DE ÁGUAS PLUVIAIS, DIÂMETRO DE 400 MM, JUNTA RÍGIDA, INSTALADO EM LOCAL COM BAIXO NÍVEL DE INTERFERÊNCIAS (NÃO INCLUI FORNECIMENTO). AF_03/2024","M","COEFICIENTE DE REPRESENTATIVIDADE",33.99,"CAIXA REFERENCIAL"]
["ASSENTAMENTO DE TUBOS E PECAS","ASTU","FORNEC E/OU ASSENT DE TUBO DE CONCRETO COM JUNTA ARGAMASSADA","0052","","",92810,"ASSENTAMENTO DE TUBO DE CONCRETO PARA REDES COLETORAS DE ÁGUAS PLUVIAIS, DIÂMETRO DE 500 MM, JUNTA RÍGIDA, INSTALADO EM LOCAL COM BAIXO NÍVEL DE INTERFERÊNCIAS (NÃO INCLUI FORNECIMENTO). AF_03/2024","M","COEFICIENTE DE REPRESENTATIVIDADE",43.85,"CAIXA REFERENCIAL"]
["ASSENTAMENTO DE TUBOS E PECAS","ASTU","FORNEC E/OU ASSENT DE TUBO DE CONCRETO COM JUNTA ARGAMASSADA","0052","","",92811,"ASSENTAMENTO DE TUBO DE CONCRETO PARA REDES COLETORAS DE ÁGUAS PLUVIAIS, DIÂMETRO DE 600 MM, JUNTA RÍGIDA, INSTALADO EM LOCAL COM BAIXO NÍVEL DE INTERFERÊNCIAS (NÃO INCLUI FORNECIMENTO). AF_03/2024","M","COEFICIENTE DE REPRESENTATIVIDADE",53.92,"CAIXA REFERENCIAL"]
["ASSENTAMENTO DE TUBOS E PECAS","ASTU","FORNEC E/OU ASSENT DE TUBO DE CONCRETO COM JUNTA ARGAMASSADA","0052","","",92812,"ASSENTAMENTO DE TUBO DE CONCRETO PARA REDES COLETORAS DE ÁGUAS PLUVIAIS, DIÂMETRO DE 700 MM, JUNTA RÍGIDA, INSTALADO EM LOCAL COM BAIXO NÍVEL DE INTERFERÊNCIAS (NÃO INCLUI FORNECIMENTO). AF_03/2024","M","COEFICIENTE DE REPRESENTATIVIDADE",64.239999999999995,"CAIXA REFERENCIAL"]
["ASSENTAMENTO DE TUBOS E PECAS","ASTU","FORNEC E/OU ASSENT DE TUBO DE CONCRETO COM JUNTA ARGAMASSADA","0052","","",92813,"ASSENTAMENTO DE TUBO DE CONCRETO PARA REDES COLETORAS DE ÁGUAS PLUVIAIS, DIÂMETRO DE 800 MM, JUNTA RÍGIDA, INSTALADO EM LOCAL COM BAIXO NÍVEL DE INTERFERÊNCIAS (NÃO INCLUI FORNECIMENTO). AF_03/2024","M","COEFICIENTE DE REPRESENTATIVIDADE",74.8,"CAIXA REFERENCIAL"]
["ASSENTAMENTO DE TUBOS E PECAS","ASTU","FORNEC E/OU ASSENT DE TUBO DE CONCRETO COM JUNTA ARGAMASSADA","0052","","",92814,"ASSENTAMENTO DE TUBO DE CONCRETO PARA REDES COLETORAS DE ÁGUAS PLUVIAIS, DIÂMETRO DE 900 MM, JUNTA RÍGIDA, INSTALADO EM LOCAL COM BAIXO NÍVEL DE INTERFERÊNCIAS (NÃO INCLUI FORNECIMENTO). AF_03/2024","M","COEFICIENTE DE REPRESENTATIVIDADE",85.63,"CAIXA REFERENCIAL"]
["ASSENTAMENTO DE TUBOS E PECAS","ASTU","FORNEC E/OU ASSENT DE TUBO DE CONCRETO COM JUNTA ARGAMASSADA","0052","","",92815,"ASSENTAMENTO DE TUBO DE CONCRETO PARA REDES COLETORAS DE ÁGUAS PLUVIAIS, DIÂMETRO DE 1000 MM, JUNTA RÍGIDA, INSTALADO EM LOCAL COM BAIXO NÍVEL DE INTERFERÊNCIAS (NÃO INCLUI FORNECIMENTO). AF_03/2024","M","COEFICIENTE DE REPRESENTATIVIDADE",96.65,"CAIXA REFERENCIAL"]
["ASSENTAMENTO DE TUBOS E PECAS","ASTU","FORNEC E/OU ASSENT DE TUBO DE CONCRETO COM JUNTA ARGAMASSADA","0052","","",92816,"TUBO DE CONCRETO PARA REDES COLETORAS DE ÁGUAS PLUVIAIS, DIÂMETRO DE 1200 MM, JUNTA RÍGIDA, INSTALADO EM LOCAL COM BAIXO NÍVEL DE INTERFERÊNCIAS - FORNECIMENTO E ASSENTAMENTO. AF_03/2024","M","COEFICIENTE DE REPRESENTATIVIDADE",659.28,"CAIXA REFERENCIAL"]
["ASSENTAMENTO DE TUBOS E PECAS","ASTU","FORNEC E/OU ASSENT DE TUBO DE CONCRETO COM JUNTA ARGAMASSADA","0052","","",92817,"ASSENTAMENTO DE TUBO DE CONCRETO PARA REDES COLETORAS DE ÁGUAS PLUVIAIS, DIÂMETRO DE 1200 MM, JUNTA RÍGIDA, INSTALADO EM LOCAL COM BAIXO NÍVEL DE INTERFERÊNCIAS (NÃO INCLUI FORNECIMENTO). AF_03/2024","M","COEFICIENTE DE REPRESENTATIVIDADE",119.45,"CAIXA REFERENCIAL"]
["ASSENTAMENTO DE TUBOS E PECAS","ASTU","FORNEC E/OU ASSENT DE TUBO DE CONCRETO COM JUNTA ARGAMASSADA","0052","","",92818,"TUBO DE CONCRETO PARA REDES COLETORAS DE ÁGUAS PLUVIAIS, DIÂMETRO DE 1500 MM, JUNTA RÍGIDA, INSTALADO EM LOCAL COM BAIXO NÍVEL DE INTERFERÊNCIAS - FORNECIMENTO E ASSENTAMENTO. AF_03/2024","M","COEFICIENTE DE REPRESENTATIVIDADE",937.52,"CAIXA REFERENCIAL"]
["ASSENTAMENTO DE TUBOS E PECAS","ASTU","FORNEC E/OU ASSENT DE TUBO DE CONCRETO COM JUNTA ARGAMASSADA","0052","","",92819,"ASSENTAMENTO DE TUBO DE CONCRETO PARA REDES COLETORAS DE ÁGUAS PLUVIAIS, DIÂMETRO DE 1500 MM, JUNTA RÍGIDA, INSTALADO EM LOCAL COM BAIXO NÍVEL DE INTERFERÊNCIAS (NÃO INCLUI FORNECIMENTO). AF_03/2024","M","COEFICIENTE DE REPRESENTATIVIDADE",155.43,"CAIXA REFERENCIAL"]
["ASSENTAMENTO DE TUBOS E PECAS","ASTU","FORNEC E/OU ASSENT DE TUBO DE CONCRETO COM JUNTA ARGAMASSADA","0052","","",92820,"ASSENTAMENTO DE TUBO DE CONCRETO PARA REDES COLETORAS DE ÁGUAS PLUVIAIS, DIÂMETRO DE 300 MM, JUNTA RÍGIDA, INSTALADO EM LOCAL COM ALTO NÍVEL DE INTERFERÊNCIAS (NÃO INCLUI FORNECIMENTO). AF_03/2024","M","COEFICIENTE DE REPRESENTATIVIDADE",26.9,"CAIXA REFERENCIAL"]
["ASSENTAMENTO DE TUBOS E PECAS","ASTU","FORNEC E/OU ASSENT DE TUBO DE CONCRETO COM JUNTA ARGAMASSADA","0052","","",92821,"ASSENTAMENTO DE TUBO DE CONCRETO PARA REDES COLETORAS DE ÁGUAS PLUVIAIS, DIÂMETRO DE 400 MM, JUNTA RÍGIDA, INSTALADO EM LOCAL COM ALTO NÍVEL DE INTERFERÊNCIAS (NÃO INCLUI FORNECIMENTO). AF_03/2024","M","COEFICIENTE DE REPRESENTATIVIDADE",37.479999999999997,"CAIXA REFERENCIAL"]
["ASSENTAMENTO DE TUBOS E PECAS","ASTU","FORNEC E/OU ASSENT DE TUBO DE CONCRETO COM JUNTA ARGAMASSADA","0052","","",92822,"ASSENTAMENTO DE TUBO DE CONCRETO PARA REDES COLETORAS DE ÁGUAS PLUVIAIS, DIÂMETRO DE 500 MM, JUNTA RÍGIDA, INSTALADO EM LOCAL COM ALTO NÍVEL DE INTERFERÊNCIAS (NÃO INCLUI FORNECIMENTO). AF_03/2024","M","COEFICIENTE DE REPRESENTATIVIDADE",48.4,"CAIXA REFERENCIAL"]
["ASSENTAMENTO DE TUBOS E PECAS","ASTU","FORNEC E/OU ASSENT DE TUBO DE CONCRETO COM JUNTA ARGAMASSADA","0052","","",92824,"ASSENTAMENTO DE TUBO DE CONCRETO PARA REDES COLETORAS DE ÁGUAS PLUVIAIS, DIÂMETRO DE 600 MM, JUNTA RÍGIDA, INSTALADO EM LOCAL COM ALTO NÍVEL DE INTERFERÊNCIAS (NÃO INCLUI FORNECIMENTO). AF_03/2024","M","COEFICIENTE DE REPRESENTATIVIDADE",59.49,"CAIXA REFERENCIAL"]
["ASSENTAMENTO DE TUBOS E PECAS","ASTU","FORNEC E/OU ASSENT DE TUBO DE CONCRETO COM JUNTA ARGAMASSADA","0052","","",92825,"ASSENTAMENTO DE TUBO DE CONCRETO PARA REDES COLETORAS DE ÁGUAS PLUVIAIS, DIÂMETRO DE 700 MM, JUNTA RÍGIDA, INSTALADO EM LOCAL COM ALTO NÍVEL DE INTERFERÊNCIAS (NÃO INCLUI FORNECIMENTO). AF_03/2024","M","COEFICIENTE DE REPRESENTATIVIDADE",70.86,"CAIXA REFERENCIAL"]
["ASSENTAMENTO DE TUBOS E PECAS","ASTU","FORNEC E/OU ASSENT DE TUBO DE CONCRETO COM JUNTA ARGAMASSADA","0052","","",92826,"ASSENTAMENTO DE TUBO DE CONCRETO PARA REDES COLETORAS DE ÁGUAS PLUVIAIS, DIÂMETRO DE 800 MM, JUNTA RÍGIDA, INSTALADO EM LOCAL COM ALTO NÍVEL DE INTERFERÊNCIAS (NÃO INCLUI FORNECIMENTO). AF_03/2024","M","COEFICIENTE DE REPRESENTATIVIDADE",82.45,"CAIXA REFERENCIAL"]
["ASSENTAMENTO DE TUBOS E PECAS","ASTU","FORNEC E/OU ASSENT DE TUBO DE CONCRETO COM JUNTA ARGAMASSADA","0052","","",92827,"ASSENTAMENTO DE TUBO DE CONCRETO PARA REDES COLETORAS DE ÁGUAS PLUVIAIS, DIÂMETRO DE 900 MM, JUNTA RÍGIDA, INSTALADO EM LOCAL COM ALTO NÍVEL DE INTERFERÊNCIAS (NÃO INCLUI FORNECIMENTO). AF_03/2024","M","COEFICIENTE DE REPRESENTATIVIDADE",94.35,"CAIXA REFERENCIAL"]
["ASSENTAMENTO DE TUBOS E PECAS","ASTU","FORNEC E/OU ASSENT DE TUBO DE CONCRETO COM JUNTA ARGAMASSADA","0052","","",92828,"ASSENTAMENTO DE TUBO DE CONCRETO PARA REDES COLETORAS DE ÁGUAS PLUVIAIS, DIÂMETRO DE 1000 MM, JUNTA RÍGIDA, INSTALADO EM LOCAL COM ALTO NÍVEL DE INTERFERÊNCIAS (NÃO INCLUI FORNECIMENTO). AF_03/2024","M","COEFICIENTE DE REPRESENTATIVIDADE",106.42,"CAIXA REFERENCIAL"]
["ASSENTAMENTO DE TUBOS E PECAS","ASTU","FORNEC E/OU ASSENT DE TUBO DE CONCRETO COM JUNTA ARGAMASSADA","0052","","",92829,"TUBO DE CONCRETO PARA REDES COLETORAS DE ÁGUAS PLUVIAIS, DIÂMETRO DE 1200 MM, JUNTA RÍGIDA, INSTALADO EM LOCAL COM ALTO NÍVEL DE INTERFERÊNCIAS - FORNECIMENTO E ASSENTAMENTO. AF_03/2024","M","COEFICIENTE DE REPRESENTATIVIDADE",671.13,"CAIXA REFERENCIAL"]
["ASSENTAMENTO DE TUBOS E PECAS","ASTU","FORNEC E/OU ASSENT DE TUBO DE CONCRETO COM JUNTA ARGAMASSADA","0052","","",92830,"ASSENTAMENTO DE TUBO DE CONCRETO PARA REDES COLETORAS DE ÁGUAS PLUVIAIS, DIÂMETRO DE 1200 MM, JUNTA RÍGIDA, INSTALADO EM LOCAL COM ALTO NÍVEL DE INTERFERÊNCIAS (NÃO INCLUI FORNECIMENTO). AF_03/2024","M","COEFICIENTE DE REPRESENTATIVIDADE",131.30000000000001,"CAIXA REFERENCIAL"]
["ASSENTAMENTO DE TUBOS E PECAS","ASTU","FORNEC E/OU ASSENT DE TUBO DE CONCRETO COM JUNTA ARGAMASSADA","0052","","",92831,"TUBO DE CONCRETO PARA REDES COLETORAS DE ÁGUAS PLUVIAIS, DIÂMETRO DE 1500 MM, JUNTA RÍGIDA, INSTALADO EM LOCAL COM ALTO NÍVEL DE INTERFERÊNCIAS - FORNECIMENTO E ASSENTAMENTO. AF_03/2024","M","COEFICIENTE DE REPRESENTATIVIDADE",952.51,"CAIXA REFERENCIAL"]
["ASSENTAMENTO DE TUBOS E PECAS","ASTU","FORNEC E/OU ASSENT DE TUBO DE CONCRETO COM JUNTA ARGAMASSADA","0052","","",92832,"ASSENTAMENTO DE TUBO DE CONCRETO PARA REDES COLETORAS DE ÁGUAS PLUVIAIS, DIÂMETRO DE 1500 MM, JUNTA RÍGIDA, INSTALADO EM LOCAL COM ALTO NÍVEL DE INTERFERÊNCIAS (NÃO INCLUI FORNECIMENTO). AF_03/2024","M","COEFICIENTE DE REPRESENTATIVIDADE",170.42,"CAIXA REFERENCIAL"]
["ASSENTAMENTO DE TUBOS E PECAS","ASTU","FORNEC E/OU ASSENT DE TUBO DE CONCRETO COM JUNTA ARGAMASSADA","0052","","",95565,"TUBO DE CONCRETO PARA REDES COLETORAS DE ÁGUAS PLUVIAIS, DIÂMETRO DE 300MM, JUNTA RÍGIDA, INSTALADO EM LOCAL COM BAIXO NÍVEL DE INTERFERÊNCIAS - FORNECIMENTO E ASSENTAMENTO. AF_03/2024","M","COEFICIENTE DE REPRESENTATIVIDADE",109.33,"CAIXA REFERENCIAL"]
["ASSENTAMENTO DE TUBOS E PECAS","ASTU","FORNEC E/OU ASSENT DE TUBO DE CONCRETO COM JUNTA ARGAMASSADA","0052","","",95566,"TUBO DE CONCRETO PARA REDES COLETORAS DE ÁGUAS PLUVIAIS, DIÂMETRO DE 300MM, JUNTA RÍGIDA, INSTALADO EM LOCAL COM ALTO NÍVEL DE INTERFERÊNCIAS - FORNECIMENTO E ASSENTAMENTO. AF_03/2024","M","COEFICIENTE DE REPRESENTATIVIDADE",111.8,"CAIXA REFERENCIAL"]
["ASSENTAMENTO DE TUBOS E PECAS","ASTU","FORNEC E/OU ASSENT DE TUBO DE CONCRETO COM JUNTA ARGAMASSADA","0052","","",95567,"TUBO DE CONCRETO (SIMPLES) PARA REDES COLETORAS DE ÁGUAS PLUVIAIS, DIÂMETRO DE 300 MM, JUNTA RÍGIDA, INSTALADO EM LOCAL COM BAIXO NÍVEL DE INTERFERÊNCIAS - FORNECIMENTO E ASSENTAMENTO. AF_03/2024","M","ATRIBUÍDO SÃO PAULO",88.29,"CAIXA REFERENCIAL"]
["ASSENTAMENTO DE TUBOS E PECAS","ASTU","FORNEC E/OU ASSENT DE TUBO DE CONCRETO COM JUNTA ARGAMASSADA","0052","","",95568,"TUBO DE CONCRETO (SIMPLES) PARA REDES COLETORAS DE ÁGUAS PLUVIAIS, DIÂMETRO DE 400 MM, JUNTA RÍGIDA, INSTALADO EM LOCAL COM BAIXO NÍVEL DE INTERFERÊNCIAS - FORNECIMENTO E ASSENTAMENTO. AF_03/2024","M","ATRIBUÍDO SÃO PAULO",109.44,"CAIXA REFERENCIAL"]
["ASSENTAMENTO DE TUBOS E PECAS","ASTU","FORNEC E/OU ASSENT DE TUBO DE CONCRETO COM JUNTA ARGAMASSADA","0052","","",95569,"TUBO DE CONCRETO (SIMPLES) PARA REDES COLETORAS DE ÁGUAS PLUVIAIS, DIÂMETRO DE 500 MM, JUNTA RÍGIDA, INSTALADO EM LOCAL COM BAIXO NÍVEL DE INTERFERÊNCIAS - FORNECIMENTO E ASSENTAMENTO. AF_03/2024","M","ATRIBUÍDO SÃO PAULO",156.16,"CAIXA REFERENCIAL"]
["ASSENTAMENTO DE TUBOS E PECAS","ASTU","FORNEC E/OU ASSENT DE TUBO DE CONCRETO COM JUNTA ARGAMASSADA","0052","","",95570,"TUBO DE CONCRETO (SIMPLES) PARA REDES COLETORAS DE ÁGUAS PLUVIAIS, DIÂMETRO DE 300 MM, JUNTA RÍGIDA, INSTALADO EM LOCAL COM ALTO NÍVEL DE INTERFERÊNCIAS - FORNECIMENTO E ASSENTAMENTO. AF_03/2024","M","ATRIBUÍDO SÃO PAULO",90.76,"CAIXA REFERENCIAL"]
["ASSENTAMENTO DE TUBOS E PECAS","ASTU","FORNEC E/OU ASSENT DE TUBO DE CONCRETO COM JUNTA ARGAMASSADA","0052","","",95571,"TUBO DE CONCRETO (SIMPLES) PARA REDES COLETORAS DE ÁGUAS PLUVIAIS, DIÂMETRO DE 400 MM, JUNTA RÍGIDA, INSTALADO EM LOCAL COM ALTO NÍVEL DE INTERFERÊNCIAS - FORNECIMENTO E ASSENTAMENTO. AF_03/2024","M","ATRIBUÍDO SÃO PAULO",112.93,"CAIXA REFERENCIAL"]
["ASSENTAMENTO DE TUBOS E PECAS","ASTU","FORNEC E/OU ASSENT DE TUBO DE CONCRETO COM JUNTA ARGAMASSADA","0052","","",95572,"TUBO DE CONCRETO (SIMPLES) PARA REDES COLETORAS DE ÁGUAS PLUVIAIS, DIÂMETRO DE 500 MM, JUNTA RÍGIDA, INSTALADO EM LOCAL COM ALTO NÍVEL DE INTERFERÊNCIAS - FORNECIMENTO E ASSENTAMENTO. AF_03/2024","M","ATRIBUÍDO SÃO PAULO",160.71,"CAIXA REFERENCIAL"]
["ASSENTAMENTO DE TUBOS E PECAS","ASTU","FORNEC E/OU ASSENT DE TUBO PVC DEFOFO COM JUNTA ELASTICA","0230","","",97127,"ASSENTAMENTO DE TUBO DE PVC DEFOFO OU PRFV OU RPVC PARA REDE DE ÁGUA, DN 150 MM, JUNTA ELÁSTICA INTEGRADA, INSTALADO EM LOCAL COM NÍVEL ALTO DE INTERFERÊNCIAS (NÃO INCLUI FORNECIMENTO). AF_11/2017","M","COEFICIENTE DE REPRESENTATIVIDADE",4.82,"CAIXA REFERENCIAL"]
["ASSENTAMENTO DE TUBOS E PECAS","ASTU","FORNEC E/OU ASSENT DE TUBO PVC DEFOFO COM JUNTA ELASTICA","0230","","",97128,"ASSENTAMENTO DE TUBO DE PVC DEFOFO OU PRFV OU RPVC PARA REDE DE ÁGUA, DN 200 MM, JUNTA ELÁSTICA INTEGRADA, INSTALADO EM LOCAL COM NÍVEL ALTO DE INTERFERÊNCIAS (NÃO INCLUI FORNECIMENTO). AF_11/2017","M","COEFICIENTE DE REPRESENTATIVIDADE",10.61,"CAIXA REFERENCIAL"]
["ASSENTAMENTO DE TUBOS E PECAS","ASTU","FORNEC E/OU ASSENT DE TUBO PVC DEFOFO COM JUNTA ELASTICA","0230","","",97129,"ASSENTAMENTO DE TUBO DE PVC DEFOFO OU PRFV OU RPVC PARA REDE DE ÁGUA, DN 250 MM, JUNTA ELÁSTICA INTEGRADA, INSTALADO EM LOCAL COM NÍVEL ALTO DE INTERFERÊNCIAS (NÃO INCLUI FORNECIMENTO). AF_11/2017","M","COEFICIENTE DE REPRESENTATIVIDADE",13.05,"CAIXA REFERENCIAL"]
["ASSENTAMENTO DE TUBOS E PECAS","ASTU","FORNEC E/OU ASSENT DE TUBO PVC DEFOFO COM JUNTA ELASTICA","0230","","",97130,"ASSENTAMENTO DE TUBO DE PVC DEFOFO OU PRFV OU RPVC PARA REDE DE ÁGUA, DN 300 MM, JUNTA ELÁSTICA INTEGRADA, INSTALADO EM LOCAL COM NÍVEL ALTO DE INTERFERÊNCIAS (NÃO INCLUI FORNECIMENTO). AF_11/2017","M","COEFICIENTE DE REPRESENTATIVIDADE",15.49,"CAIXA REFERENCIAL"]
["ASSENTAMENTO DE TUBOS E PECAS","ASTU","FORNEC E/OU ASSENT DE TUBO PVC DEFOFO COM JUNTA ELASTICA","0230","","",97131,"ASSENTAMENTO DE TUBO DE PVC DEFOFO OU PRFV OU RPVC PARA REDE DE ÁGUA, DN 350 MM, JUNTA ELÁSTICA INTEGRADA, INSTALADO EM LOCAL COM NÍVEL ALTO DE INTERFERÊNCIAS (NÃO INCLUI FORNECIMENTO). AF_11/2017","M","COEFICIENTE DE REPRESENTATIVIDADE",17.920000000000002,"CAIXA REFERENCIAL"]
["ASSENTAMENTO DE TUBOS E PECAS","ASTU","FORNEC E/OU ASSENT DE TUBO PVC DEFOFO COM JUNTA ELASTICA","0230","","",97132,"ASSENTAMENTO DE TUBO DE PVC DEFOFO OU PRFV OU RPVC PARA REDE DE ÁGUA, DN 400 MM, JUNTA ELÁSTICA INTEGRADA, INSTALADO EM LOCAL COM NÍVEL ALTO DE INTERFERÊNCIAS (NÃO INCLUI FORNECIMENTO). AF_11/2017","M","COEFICIENTE DE REPRESENTATIVIDADE",20.329999999999998,"CAIXA REFERENCIAL"]
["ASSENTAMENTO DE TUBOS E PECAS","ASTU","FORNEC E/OU ASSENT DE TUBO PVC DEFOFO COM JUNTA ELASTICA","0230","","",97133,"ASSENTAMENTO DE TUBO DE PVC DEFOFO OU PRFV OU RPVC PARA REDE DE ÁGUA, DN 500 MM, JUNTA ELÁSTICA INTEGRADA, INSTALADO EM LOCAL COM NÍVEL ALTO DE INTERFERÊNCIAS (NÃO INCLUI FORNECIMENTO). AF_11/2017","M","COEFICIENTE DE REPRESENTATIVIDADE",25.22,"CAIXA REFERENCIAL"]
["ASSENTAMENTO DE TUBOS E PECAS","ASTU","FORNEC E/OU ASSENT DE TUBO PVC DEFOFO COM JUNTA ELASTICA","0230","","",97134,"ASSENTAMENTO DE TUBO DE PVC DEFOFO OU PRFV OU RPVC PARA REDE DE ÁGUA, DN 150 MM, JUNTA ELÁSTICA INTEGRADA, INSTALADO EM LOCAL COM NÍVEL BAIXO DE INTERFERÊNCIAS (NÃO INCLUI FORNECIMENTO). AF_11/2017","M","COEFICIENTE DE REPRESENTATIVIDADE",2.19,"CAIXA REFERENCIAL"]
["ASSENTAMENTO DE TUBOS E PECAS","ASTU","FORNEC E/OU ASSENT DE TUBO PVC DEFOFO COM JUNTA ELASTICA","0230","","",97135,"ASSENTAMENTO DE TUBO DE PVC DEFOFO OU PRFV OU RPVC PARA REDE DE ÁGUA, DN 200 MM, JUNTA ELÁSTICA INTEGRADA, INSTALADO EM LOCAL COM NÍVEL BAIXO DE INTERFERÊNCIAS (NÃO INCLUI FORNECIMENTO). AF_11/2017","M","COEFICIENTE DE REPRESENTATIVIDADE",5.4,"CAIXA REFERENCIAL"]
["ASSENTAMENTO DE TUBOS E PECAS","ASTU","FORNEC E/OU ASSENT DE TUBO PVC DEFOFO COM JUNTA ELASTICA","0230","","",97136,"ASSENTAMENTO DE TUBO DE PVC DEFOFO OU PRFV OU RPVC PARA REDE DE ÁGUA, DN 250 MM, JUNTA ELÁSTICA INTEGRADA, INSTALADO EM LOCAL COM NÍVEL BAIXO DE INTERFERÊNCIAS (NÃO INCLUI FORNECIMENTO). AF_11/2017","M","COEFICIENTE DE REPRESENTATIVIDADE",6.64,"CAIXA REFERENCIAL"]
["ASSENTAMENTO DE TUBOS E PECAS","ASTU","FORNEC E/OU ASSENT DE TUBO PVC DEFOFO COM JUNTA ELASTICA","0230","","",97137,"ASSENTAMENTO DE TUBO DE PVC DEFOFO OU PRFV OU RPVC PARA REDE DE ÁGUA, DN 300 MM, JUNTA ELÁSTICA INTEGRADA, INSTALADO EM LOCAL COM NÍVEL BAIXO DE INTERFERÊNCIAS (NÃO INCLUI FORNECIMENTO). AF_11/2017","M","COEFICIENTE DE REPRESENTATIVIDADE",7.9,"CAIXA REFERENCIAL"]
["ASSENTAMENTO DE TUBOS E PECAS","ASTU","FORNEC E/OU ASSENT DE TUBO PVC DEFOFO COM JUNTA ELASTICA","0230","","",97138,"ASSENTAMENTO DE TUBO DE PVC DEFOFO OU PRFV OU RPVC PARA REDE DE ÁGUA, DN 350 MM, JUNTA ELÁSTICA INTEGRADA, INSTALADO EM LOCAL COM NÍVEL BAIXO DE INTERFERÊNCIAS (NÃO INCLUI FORNECIMENTO). AF_11/2017","M","COEFICIENTE DE REPRESENTATIVIDADE",9.14,"CAIXA REFERENCIAL"]
["ASSENTAMENTO DE TUBOS E PECAS","ASTU","FORNEC E/OU ASSENT DE TUBO PVC DEFOFO COM JUNTA ELASTICA","0230","","",97139,"ASSENTAMENTO DE TUBO DE PVC DEFOFO OU PRFV OU RPVC PARA REDE DE ÁGUA, DN 400 MM, JUNTA ELÁSTICA INTEGRADA, INSTALADO EM LOCAL COM NÍVEL BAIXO DE INTERFERÊNCIAS (NÃO INCLUI FORNECIMENTO). AF_11/2017","M","COEFICIENTE DE REPRESENTATIVIDADE",10.36,"CAIXA REFERENCIAL"]
["ASSENTAMENTO DE TUBOS E PECAS","ASTU","FORNEC E/OU ASSENT DE TUBO PVC DEFOFO COM JUNTA ELASTICA","0230","","",97140,"ASSENTAMENTO DE TUBO DE PVC DEFOFO OU PRFV OU RPVC PARA REDE DE ÁGUA, DN 500 MM, JUNTA ELÁSTICA INTEGRADA, INSTALADO EM LOCAL COM NÍVEL BAIXO DE INTERFERÊNCIAS (NÃO INCLUI FORNECIMENTO). AF_11/2017","M","COEFICIENTE DE REPRESENTATIVIDADE",12.86,"CAIXA REFERENCIAL"]
["ASSENTAMENTO DE TUBOS E PECAS","ASTU","FORNEC E/OU ASSENT DE TUBO DE FERRO FUNDIDO JUNTA FLANGEADA","0248","","",103089,"ASSENTAMENTO DE TUBO DE FERRO FUNDIDO PARA REDE DE ÁGUA, DN 80 MM, JUNTA FLANGEADA (NÃO INCLUI O FORNECIMENTO). AF_09/2021","M","ATRIBUÍDO SÃO PAULO",11.12,"CAIXA REFERENCIAL"]
["ASSENTAMENTO DE TUBOS E PECAS","ASTU","FORNEC E/OU ASSENT DE TUBO DE FERRO FUNDIDO JUNTA FLANGEADA","0248","","",103090,"ASSENTAMENTO DE TUBO DE FERRO FUNDIDO PARA REDE DE ÁGUA, DN 100 MM, JUNTA FLANGEADA (NÃO INCLUI O FORNECIMENTO). AF_09/2021","M","ATRIBUÍDO SÃO PAULO",13.27,"CAIXA REFERENCIAL"]
["ASSENTAMENTO DE TUBOS E PECAS","ASTU","FORNEC E/OU ASSENT DE TUBO DE FERRO FUNDIDO JUNTA FLANGEADA","0248","","",103091,"ASSENTAMENTO DE TUBO DE FERRO FUNDIDO PARA REDE DE ÁGUA, DN 150 MM, JUNTA FLANGEADA (NÃO INCLUI O FORNECIMENTO). AF_09/2021","M","ATRIBUÍDO SÃO PAULO",18.64,"CAIXA REFERENCIAL"]
["ASSENTAMENTO DE TUBOS E PECAS","ASTU","FORNEC E/OU ASSENT DE TUBO DE FERRO FUNDIDO JUNTA FLANGEADA","0248","","",103092,"ASSENTAMENTO DE TUBO DE FERRO FUNDIDO PARA REDE DE ÁGUA, DN 200 MM, JUNTA FLANGEADA (NÃO INCLUI O FORNECIMENTO). AF_09/2021","M","ATRIBUÍDO SÃO PAULO",24.01,"CAIXA REFERENCIAL"]
["ASSENTAMENTO DE TUBOS E PECAS","ASTU","FORNEC E/OU ASSENT DE TUBO DE FERRO FUNDIDO JUNTA FLANGEADA","0248","","",103093,"ASSENTAMENTO DE TUBO DE FERRO FUNDIDO PARA REDE DE ÁGUA, DN 250 MM, JUNTA FLANGEADA (NÃO INCLUI O FORNECIMENTO). AF_09/2021","M","ATRIBUÍDO SÃO PAULO",36.700000000000003,"CAIXA REFERENCIAL"]
["ASSENTAMENTO DE TUBOS E PECAS","ASTU","FORNEC E/OU ASSENT DE TUBO DE FERRO FUNDIDO JUNTA FLANGEADA","0248","","",103094,"ASSENTAMENTO DE TUBO DE FERRO FUNDIDO PARA REDE DE ÁGUA, DN 300 MM, JUNTA FLANGEADA (NÃO INCLUI O FORNECIMENTO). AF_09/2021","M","ATRIBUÍDO SÃO PAULO",42.11,"CAIXA REFERENCIAL"]
["ASSENTAMENTO DE TUBOS E PECAS","ASTU","FORNEC E/OU ASSENT DE TUBO DE FERRO FUNDIDO JUNTA FLANGEADA","0248","","",103095,"ASSENTAMENTO DE TUBO DE FERRO FUNDIDO PARA REDE DE ÁGUA, DN 350 MM, JUNTA FLANGEADA (NÃO INCLUI O FORNECIMENTO). AF_09/2021","M","ATRIBUÍDO SÃO PAULO",54.78,"CAIXA REFERENCIAL"]
["ASSENTAMENTO DE TUBOS E PECAS","ASTU","FORNEC E/OU ASSENT DE TUBO DE FERRO FUNDIDO JUNTA FLANGEADA","0248","","",103096,"ASSENTAMENTO DE TUBO DE FERRO FUNDIDO PARA REDE DE ÁGUA, DN 400 MM, JUNTA FLANGEADA (NÃO INCLUI O FORNECIMENTO). AF_09/2021","M","ATRIBUÍDO SÃO PAULO",60.17,"CAIXA REFERENCIAL"]
["ASSENTAMENTO DE TUBOS E PECAS","ASTU","FORNEC E/OU ASSENT DE TUBO DE FERRO FUNDIDO JUNTA FLANGEADA","0248","","",103097,"ASSENTAMENTO DE TUBO DE FERRO FUNDIDO PARA REDE DE ÁGUA, DN 450 MM, JUNTA FLANGEADA (NÃO INCLUI O FORNECIMENTO). AF_09/2021","M","ATRIBUÍDO SÃO PAULO",72.86,"CAIXA REFERENCIAL"]
["ASSENTAMENTO DE TUBOS E PECAS","ASTU","FORNEC E/OU ASSENT DE TUBO DE FERRO FUNDIDO JUNTA FLANGEADA","0248","","",103098,"ASSENTAMENTO DE TUBO DE FERRO FUNDIDO PARA REDE DE ÁGUA, DN 500 MM, JUNTA FLANGEADA (NÃO INCLUI O FORNECIMENTO). AF_09/2021","M","ATRIBUÍDO SÃO PAULO",78.25,"CAIXA REFERENCIAL"]
["ASSENTAMENTO DE TUBOS E PECAS","ASTU","FORNEC E/OU ASSENT DE TUBO DE FERRO FUNDIDO JUNTA FLANGEADA","0248","","",103099,"ASSENTAMENTO DE TUBO DE FERRO FUNDIDO PARA REDE DE ÁGUA, DN 600 MM, JUNTA FLANGEADA (NÃO INCLUI O FORNECIMENTO). AF_09/2021","M","ATRIBUÍDO SÃO PAULO",89,"CAIXA REFERENCIAL"]
["ASSENTAMENTO DE TUBOS E PECAS","ASTU","FORNEC E/OU ASSENT DE TUBO DE FERRO FUNDIDO JUNTA FLANGEADA","0248","","",103100,"ASSENTAMENTO DE TUBO DE FERRO FUNDIDO PARA REDE DE ÁGUA, DN 700 MM, JUNTA FLANGEADA (NÃO INCLUI O FORNECIMENTO). AF_09/2021","M","ATRIBUÍDO SÃO PAULO",94.95,"CAIXA REFERENCIAL"]
["ASSENTAMENTO DE TUBOS E PECAS","ASTU","FORNEC E/OU ASSENT DE TUBO DE FERRO FUNDIDO JUNTA FLANGEADA","0248","","",103101,"ASSENTAMENTO DE TUBO DE FERRO FUNDIDO PARA REDE DE ÁGUA, DN 800 MM, JUNTA FLANGEADA (NÃO INCLUI O FORNECIMENTO). AF_09/2021","M","ATRIBUÍDO SÃO PAULO",104.55,"CAIXA REFERENCIAL"]
["ASSENTAMENTO DE TUBOS E PECAS","ASTU","FORNEC E/OU ASSENT DE TUBO DE FERRO FUNDIDO JUNTA FLANGEADA","0248","","",103102,"ASSENTAMENTO DE TUBO DE FERRO FUNDIDO PARA REDE DE ÁGUA, DN 900 MM, JUNTA FLANGEADA (NÃO INCLUI O FORNECIMENTO). AF_09/2021","M","ATRIBUÍDO SÃO PAULO",120.41,"CAIXA REFERENCIAL"]
["ASSENTAMENTO DE TUBOS E PECAS","ASTU","FORNEC E/OU ASSENT DE TUBO DE FERRO FUNDIDO JUNTA FLANGEADA","0248","","",103103,"ASSENTAMENTO DE TUBO DE FERRO FUNDIDO PARA REDE DE ÁGUA, DN 1000 MM, JUNTA FLANGEADA (NÃO INCLUI O FORNECIMENTO). AF_09/2021","M","ATRIBUÍDO SÃO PAULO",130.02000000000001,"CAIXA REFERENCIAL"]
["ASSENTAMENTO DE TUBOS E PECAS","ASTU","FORNEC E/OU ASSENT DE TUBO DE FERRO FUNDIDO JUNTA FLANGEADA","0248","","",103104,"ASSENTAMENTO DE TUBO DE FERRO FUNDIDO PARA REDE DE ÁGUA, DN 1200 MM, JUNTA FLANGEADA (NÃO INCLUI O FORNECIMENTO). AF_09/2021","M","ATRIBUÍDO SÃO PAULO",155.5,"CAIXA REFERENCIAL"]
["ASSENTAMENTO DE TUBOS E PECAS","ASTU","FORNEC E/OU ASSENT DE TUBO DE FERRO FUNDIDO JUNTA FLANGEADA","0248","","",103105,"ASSENTAMENTO DE CONEXÃO COM 2 ACESSOS, FERRO FUNDIDO PARA REDE DE ÁGUA, DN  80 MM, JUNTA FLANGEADA (NÃO INCLUI O FORNECIMENTO). AF_09/2021","UN","ATRIBUÍDO SÃO PAULO",47.18,"CAIXA REFERENCIAL"]
["ASSENTAMENTO DE TUBOS E PECAS","ASTU","FORNEC E/OU ASSENT DE TUBO DE FERRO FUNDIDO JUNTA FLANGEADA","0248","","",103106,"ASSENTAMENTO DE CONEXÃO COM 2 ACESSOS, FERRO FUNDIDO PARA REDE DE ÁGUA, DN  100 MM, JUNTA FLANGEADA (NÃO INCLUI O FORNECIMENTO). AF_09/2021","UN","ATRIBUÍDO SÃO PAULO",56.21,"CAIXA REFERENCIAL"]
["ASSENTAMENTO DE TUBOS E PECAS","ASTU","FORNEC E/OU ASSENT DE TUBO DE FERRO FUNDIDO JUNTA FLANGEADA","0248","","",103107,"ASSENTAMENTO DE CONEXÃO COM 2 ACESSOS, FERRO FUNDIDO PARA REDE DE ÁGUA, DN  150 MM, JUNTA FLANGEADA (NÃO INCLUI O FORNECIMENTO). AF_09/2021","UN","ATRIBUÍDO SÃO PAULO",78.790000000000006,"CAIXA REFERENCIAL"]
["ASSENTAMENTO DE TUBOS E PECAS","ASTU","FORNEC E/OU ASSENT DE TUBO DE FERRO FUNDIDO JUNTA FLANGEADA","0248","","",103108,"ASSENTAMENTO DE CONEXÃO COM 2 ACESSOS, FERRO FUNDIDO PARA REDE DE ÁGUA, DN  200 MM, JUNTA FLANGEADA (NÃO INCLUI O FORNECIMENTO). AF_09/2021","UN","ATRIBUÍDO SÃO PAULO",101.37,"CAIXA REFERENCIAL"]
["ASSENTAMENTO DE TUBOS E PECAS","ASTU","FORNEC E/OU ASSENT DE TUBO DE FERRO FUNDIDO JUNTA FLANGEADA","0248","","",103109,"ASSENTAMENTO DE CONEXÃO COM 2 ACESSOS, FERRO FUNDIDO PARA REDE DE ÁGUA, DN  250 MM, JUNTA FLANGEADA (NÃO INCLUI O FORNECIMENTO). AF_09/2021","UN","ATRIBUÍDO SÃO PAULO",166.36,"CAIXA REFERENCIAL"]
["ASSENTAMENTO DE TUBOS E PECAS","ASTU","FORNEC E/OU ASSENT DE TUBO DE FERRO FUNDIDO JUNTA FLANGEADA","0248","","",103110,"ASSENTAMENTO DE CONEXÃO COM 2 ACESSOS, FERRO FUNDIDO PARA REDE DE ÁGUA, DN  300 MM, JUNTA FLANGEADA (NÃO INCLUI O FORNECIMENTO). AF_09/2021","UN","ATRIBUÍDO SÃO PAULO",188.93,"CAIXA REFERENCIAL"]
["ASSENTAMENTO DE TUBOS E PECAS","ASTU","FORNEC E/OU ASSENT DE TUBO DE FERRO FUNDIDO JUNTA FLANGEADA","0248","","",103111,"ASSENTAMENTO DE CONEXÃO COM 2 ACESSOS, FERRO FUNDIDO PARA REDE DE ÁGUA, DN  350 MM, JUNTA FLANGEADA (NÃO INCLUI O FORNECIMENTO). AF_09/2021","UN","ATRIBUÍDO SÃO PAULO",253.93,"CAIXA REFERENCIAL"]
["ASSENTAMENTO DE TUBOS E PECAS","ASTU","FORNEC E/OU ASSENT DE TUBO DE FERRO FUNDIDO JUNTA FLANGEADA","0248","","",103112,"ASSENTAMENTO DE CONEXÃO COM 2 ACESSOS, FERRO FUNDIDO PARA REDE DE ÁGUA, DN  400 MM, JUNTA FLANGEADA (NÃO INCLUI O FORNECIMENTO). AF_09/2021","UN","ATRIBUÍDO SÃO PAULO",276.51,"CAIXA REFERENCIAL"]
["ASSENTAMENTO DE TUBOS E PECAS","ASTU","FORNEC E/OU ASSENT DE TUBO DE FERRO FUNDIDO JUNTA FLANGEADA","0248","","",103113,"ASSENTAMENTO DE CONEXÃO COM 2 ACESSOS, FERRO FUNDIDO PARA REDE DE ÁGUA, DN  450 MM, JUNTA FLANGEADA (NÃO INCLUI O FORNECIMENTO). AF_09/2021","UN","ATRIBUÍDO SÃO PAULO",341.5,"CAIXA REFERENCIAL"]
["ASSENTAMENTO DE TUBOS E PECAS","ASTU","FORNEC E/OU ASSENT DE TUBO DE FERRO FUNDIDO JUNTA FLANGEADA","0248","","",103114,"ASSENTAMENTO DE CONEXÃO COM 2 ACESSOS, FERRO FUNDIDO PARA REDE DE ÁGUA, DN  500 MM, JUNTA FLANGEADA (NÃO INCLUI O FORNECIMENTO). AF_09/2021","UN","ATRIBUÍDO SÃO PAULO",364.07,"CAIXA REFERENCIAL"]
["ASSENTAMENTO DE TUBOS E PECAS","ASTU","FORNEC E/OU ASSENT DE TUBO DE FERRO FUNDIDO JUNTA FLANGEADA","0248","","",103115,"ASSENTAMENTO DE CONEXÃO COM 2 ACESSOS, FERRO FUNDIDO PARA REDE DE ÁGUA, DN  600 MM, JUNTA FLANGEADA (NÃO INCLUI O FORNECIMENTO). AF_09/2021","UN","ATRIBUÍDO SÃO PAULO",409.22,"CAIXA REFERENCIAL"]
["ASSENTAMENTO DE TUBOS E PECAS","ASTU","FORNEC E/OU ASSENT DE TUBO DE FERRO FUNDIDO JUNTA FLANGEADA","0248","","",103116,"ASSENTAMENTO DE CONEXÃO COM 2 ACESSOS, FERRO FUNDIDO PARA REDE DE ÁGUA, DN  700 MM, JUNTA FLANGEADA (NÃO INCLUI O FORNECIMENTO). AF_09/2021","UN","ATRIBUÍDO SÃO PAULO",496.79,"CAIXA REFERENCIAL"]
["ASSENTAMENTO DE TUBOS E PECAS","ASTU","FORNEC E/OU ASSENT DE TUBO DE FERRO FUNDIDO JUNTA FLANGEADA","0248","","",103117,"ASSENTAMENTO DE CONEXÃO COM 2 ACESSOS, FERRO FUNDIDO PARA REDE DE ÁGUA, DN  800 MM, JUNTA FLANGEADA (NÃO INCLUI O FORNECIMENTO). AF_09/2021","UN","ATRIBUÍDO SÃO PAULO",541.95000000000005,"CAIXA REFERENCIAL"]
["ASSENTAMENTO DE TUBOS E PECAS","ASTU","FORNEC E/OU ASSENT DE TUBO DE FERRO FUNDIDO JUNTA FLANGEADA","0248","","",103118,"ASSENTAMENTO DE CONEXÃO COM 2 ACESSOS, FERRO FUNDIDO PARA REDE DE ÁGUA, DN  900 MM, JUNTA FLANGEADA (NÃO INCLUI O FORNECIMENTO). AF_09/2021","UN","ATRIBUÍDO SÃO PAULO",629.51,"CAIXA REFERENCIAL"]
["ASSENTAMENTO DE TUBOS E PECAS","ASTU","FORNEC E/OU ASSENT DE TUBO DE FERRO FUNDIDO JUNTA FLANGEADA","0248","","",103119,"ASSENTAMENTO DE CONEXÃO COM 2 ACESSOS, FERRO FUNDIDO PARA REDE DE ÁGUA, DN  1000 MM, JUNTA FLANGEADA (NÃO INCLUI O FORNECIMENTO). AF_09/2021","UN","ATRIBUÍDO SÃO PAULO",674.67,"CAIXA REFERENCIAL"]
["ASSENTAMENTO DE TUBOS E PECAS","ASTU","FORNEC E/OU ASSENT DE TUBO DE FERRO FUNDIDO JUNTA FLANGEADA","0248","","",103120,"ASSENTAMENTO DE CONEXÃO COM 2 ACESSOS, FERRO FUNDIDO PARA REDE DE ÁGUA, DN  1200 MM, JUNTA FLANGEADA (NÃO INCLUI O FORNECIMENTO). AF_09/2021","UN","ATRIBUÍDO SÃO PAULO",807.38,"CAIXA REFERENCIAL"]
["ASSENTAMENTO DE TUBOS E PECAS","ASTU","FORNEC E/OU ASSENT DE TUBO DE FERRO FUNDIDO JUNTA FLANGEADA","0248","","",103121,"ASSENTAMENTO DE CONEXÃO COM 3 ACESSOS, FERRO FUNDIDO PARA REDE DE ÁGUA, DN  80 MM, JUNTA FLANGEADA (NÃO INCLUI O FORNECIMENTO). AF_09/2021","UN","ATRIBUÍDO SÃO PAULO",61.81,"CAIXA REFERENCIAL"]
["ASSENTAMENTO DE TUBOS E PECAS","ASTU","FORNEC E/OU ASSENT DE TUBO DE FERRO FUNDIDO JUNTA FLANGEADA","0248","","",103122,"ASSENTAMENTO DE CONEXÃO COM 3 ACESSOS, FERRO FUNDIDO PARA REDE DE ÁGUA, DN  100 MM, JUNTA FLANGEADA (NÃO INCLUI O FORNECIMENTO). AF_09/2021","UN","ATRIBUÍDO SÃO PAULO",75.34,"CAIXA REFERENCIAL"]
["ASSENTAMENTO DE TUBOS E PECAS","ASTU","FORNEC E/OU ASSENT DE TUBO DE FERRO FUNDIDO JUNTA FLANGEADA","0248","","",103123,"ASSENTAMENTO DE CONEXÃO COM 3 ACESSOS, FERRO FUNDIDO PARA REDE DE ÁGUA, DN  150 MM, JUNTA FLANGEADA (NÃO INCLUI O FORNECIMENTO). AF_09/2021","UN","ATRIBUÍDO SÃO PAULO",109.21,"CAIXA REFERENCIAL"]
["ASSENTAMENTO DE TUBOS E PECAS","ASTU","FORNEC E/OU ASSENT DE TUBO DE FERRO FUNDIDO JUNTA FLANGEADA","0248","","",103124,"ASSENTAMENTO DE CONEXÃO COM 3 ACESSOS, FERRO FUNDIDO PARA REDE DE ÁGUA, DN  200 MM, JUNTA FLANGEADA (NÃO INCLUI O FORNECIMENTO). AF_09/2021","UN","ATRIBUÍDO SÃO PAULO",143.07,"CAIXA REFERENCIAL"]
["ASSENTAMENTO DE TUBOS E PECAS","ASTU","FORNEC E/OU ASSENT DE TUBO DE FERRO FUNDIDO JUNTA FLANGEADA","0248","","",103125,"ASSENTAMENTO DE CONEXÃO COM 3 ACESSOS, FERRO FUNDIDO PARA REDE DE ÁGUA, DN  250 MM, JUNTA FLANGEADA (NÃO INCLUI O FORNECIMENTO). AF_09/2021","UN","ATRIBUÍDO SÃO PAULO",240.57,"CAIXA REFERENCIAL"]
["ASSENTAMENTO DE TUBOS E PECAS","ASTU","FORNEC E/OU ASSENT DE TUBO DE FERRO FUNDIDO JUNTA FLANGEADA","0248","","",103126,"ASSENTAMENTO DE CONEXÃO COM 3 ACESSOS, FERRO FUNDIDO PARA REDE DE ÁGUA, DN  300 MM, JUNTA FLANGEADA (NÃO INCLUI O FORNECIMENTO). AF_09/2021","UN","ATRIBUÍDO SÃO PAULO",274.43,"CAIXA REFERENCIAL"]
["ASSENTAMENTO DE TUBOS E PECAS","ASTU","FORNEC E/OU ASSENT DE TUBO DE FERRO FUNDIDO JUNTA FLANGEADA","0248","","",103127,"ASSENTAMENTO DE CONEXÃO COM 3 ACESSOS, FERRO FUNDIDO PARA REDE DE ÁGUA, DN  350 MM, JUNTA FLANGEADA (NÃO INCLUI O FORNECIMENTO). AF_09/2021","UN","ATRIBUÍDO SÃO PAULO",371.93,"CAIXA REFERENCIAL"]
["ASSENTAMENTO DE TUBOS E PECAS","ASTU","FORNEC E/OU ASSENT DE TUBO DE FERRO FUNDIDO JUNTA FLANGEADA","0248","","",103128,"ASSENTAMENTO DE CONEXÃO COM 3 ACESSOS, FERRO FUNDIDO PARA REDE DE ÁGUA, DN  400 MM, JUNTA FLANGEADA (NÃO INCLUI O FORNECIMENTO). AF_09/2021","UN","ATRIBUÍDO SÃO PAULO",405.78,"CAIXA REFERENCIAL"]
["ASSENTAMENTO DE TUBOS E PECAS","ASTU","FORNEC E/OU ASSENT DE TUBO DE FERRO FUNDIDO JUNTA FLANGEADA","0248","","",103129,"ASSENTAMENTO DE CONEXÃO COM 3 ACESSOS, FERRO FUNDIDO PARA REDE DE ÁGUA, DN  450 MM, JUNTA FLANGEADA (NÃO INCLUI O FORNECIMENTO). AF_09/2021","UN","ATRIBUÍDO SÃO PAULO",503.29,"CAIXA REFERENCIAL"]
["ASSENTAMENTO DE TUBOS E PECAS","ASTU","FORNEC E/OU ASSENT DE TUBO DE FERRO FUNDIDO JUNTA FLANGEADA","0248","","",103130,"ASSENTAMENTO DE CONEXÃO COM 3 ACESSOS, FERRO FUNDIDO PARA REDE DE ÁGUA, DN  500 MM, JUNTA FLANGEADA (NÃO INCLUI O FORNECIMENTO). AF_09/2021","UN","ATRIBUÍDO SÃO PAULO",537.13,"CAIXA REFERENCIAL"]
["ASSENTAMENTO DE TUBOS E PECAS","ASTU","FORNEC E/OU ASSENT DE TUBO DE FERRO FUNDIDO JUNTA FLANGEADA","0248","","",103131,"ASSENTAMENTO DE CONEXÃO COM 3 ACESSOS, FERRO FUNDIDO PARA REDE DE ÁGUA, DN  600 MM, JUNTA FLANGEADA (NÃO INCLUI O FORNECIMENTO). AF_09/2021","UN","ATRIBUÍDO SÃO PAULO",604.85,"CAIXA REFERENCIAL"]
["ASSENTAMENTO DE TUBOS E PECAS","ASTU","FORNEC E/OU ASSENT DE TUBO DE FERRO FUNDIDO JUNTA FLANGEADA","0248","","",103132,"ASSENTAMENTO DE CONEXÃO COM 3 ACESSOS, FERRO FUNDIDO PARA REDE DE ÁGUA, DN  700 MM, JUNTA FLANGEADA (NÃO INCLUI O FORNECIMENTO). AF_09/2021","UN","ATRIBUÍDO SÃO PAULO",736.21,"CAIXA REFERENCIAL"]
["ASSENTAMENTO DE TUBOS E PECAS","ASTU","FORNEC E/OU ASSENT DE TUBO DE FERRO FUNDIDO JUNTA FLANGEADA","0248","","",103133,"ASSENTAMENTO DE CONEXÃO COM 3 ACESSOS, FERRO FUNDIDO PARA REDE DE ÁGUA, DN  800 MM, JUNTA FLANGEADA (NÃO INCLUI O FORNECIMENTO). AF_09/2021","UN","ATRIBUÍDO SÃO PAULO",803.93,"CAIXA REFERENCIAL"]
["ASSENTAMENTO DE TUBOS E PECAS","ASTU","FORNEC E/OU ASSENT DE TUBO DE FERRO FUNDIDO JUNTA FLANGEADA","0248","","",103134,"ASSENTAMENTO DE CONEXÃO COM 3 ACESSOS, FERRO FUNDIDO PARA REDE DE ÁGUA, DN  900 MM, JUNTA FLANGEADA (NÃO INCLUI O FORNECIMENTO). AF_09/2021","UN","ATRIBUÍDO SÃO PAULO",935.29,"CAIXA REFERENCIAL"]
["ASSENTAMENTO DE TUBOS E PECAS","ASTU","FORNEC E/OU ASSENT DE TUBO DE FERRO FUNDIDO JUNTA FLANGEADA","0248","","",103135,"ASSENTAMENTO DE CONEXÃO COM 3 ACESSOS, FERRO FUNDIDO PARA REDE DE ÁGUA, DN  1000 MM, JUNTA FLANGEADA (NÃO INCLUI O FORNECIMENTO). AF_09/2021","UN","ATRIBUÍDO SÃO PAULO",1003.02,"CAIXA REFERENCIAL"]
["ASSENTAMENTO DE TUBOS E PECAS","ASTU","FORNEC E/OU ASSENT DE TUBO DE FERRO FUNDIDO JUNTA FLANGEADA","0248","","",103136,"ASSENTAMENTO DE CONEXÃO COM 3 ACESSOS, FERRO FUNDIDO PARA REDE DE ÁGUA, DN  1200 MM, JUNTA FLANGEADA (NÃO INCLUI O FORNECIMENTO). AF_09/2021","UN","ATRIBUÍDO SÃO PAULO",1202.0999999999999,"CAIXA REFERENCIAL"]
["ASSENTAMENTO DE TUBOS E PECAS","ASTU","FORNEC E/OU ASSENT DE TUBO DE FERRO FUNDIDO JUNTA FLANGEADA","0248","","",103137,"ASSENTAMENTO DE CONEXÃO COM 1 ACESSO, FERRO FUNDIDO PARA REDE DE ÁGUA, DN  80 MM, JUNTA FLANGEADA (NÃO INCLUI O FORNECIMENTO). AF_09/2021","UN","ATRIBUÍDO SÃO PAULO",32.590000000000003,"CAIXA REFERENCIAL"]
["ASSENTAMENTO DE TUBOS E PECAS","ASTU","FORNEC E/OU ASSENT DE TUBO DE FERRO FUNDIDO JUNTA FLANGEADA","0248","","",103138,"ASSENTAMENTO DE CONEXÃO COM 1 ACESSO, FERRO FUNDIDO PARA REDE DE ÁGUA, DN  100 MM, JUNTA FLANGEADA (NÃO INCLUI O FORNECIMENTO). AF_09/2021","UN","ATRIBUÍDO SÃO PAULO",37.08,"CAIXA REFERENCIAL"]
["ASSENTAMENTO DE TUBOS E PECAS","ASTU","FORNEC E/OU ASSENT DE TUBO DE FERRO FUNDIDO JUNTA FLANGEADA","0248","","",103139,"ASSENTAMENTO DE CONEXÃO COM 1 ACESSO, FERRO FUNDIDO PARA REDE DE ÁGUA, DN  150 MM, JUNTA FLANGEADA (NÃO INCLUI O FORNECIMENTO). AF_09/2021","UN","ATRIBUÍDO SÃO PAULO",48.38,"CAIXA REFERENCIAL"]
["ASSENTAMENTO DE TUBOS E PECAS","ASTU","FORNEC E/OU ASSENT DE TUBO DE FERRO FUNDIDO JUNTA FLANGEADA","0248","","",103140,"ASSENTAMENTO DE CONEXÃO COM 1 ACESSO, FERRO FUNDIDO PARA REDE DE ÁGUA, DN  200 MM, JUNTA FLANGEADA (NÃO INCLUI O FORNECIMENTO). AF_09/2021","UN","ATRIBUÍDO SÃO PAULO",59.67,"CAIXA REFERENCIAL"]
["ASSENTAMENTO DE TUBOS E PECAS","ASTU","FORNEC E/OU ASSENT DE TUBO DE FERRO FUNDIDO JUNTA FLANGEADA","0248","","",103141,"ASSENTAMENTO DE CONEXÃO COM 1 ACESSO, FERRO FUNDIDO PARA REDE DE ÁGUA, DN  250 MM, JUNTA FLANGEADA (NÃO INCLUI O FORNECIMENTO). AF_09/2021","UN","ATRIBUÍDO SÃO PAULO",92.18,"CAIXA REFERENCIAL"]
["ASSENTAMENTO DE TUBOS E PECAS","ASTU","FORNEC E/OU ASSENT DE TUBO DE FERRO FUNDIDO JUNTA FLANGEADA","0248","","",103142,"ASSENTAMENTO DE CONEXÃO COM 1 ACESSO, FERRO FUNDIDO PARA REDE DE ÁGUA, DN  300 MM, JUNTA FLANGEADA (NÃO INCLUI O FORNECIMENTO). AF_09/2021","UN","ATRIBUÍDO SÃO PAULO",103.45,"CAIXA REFERENCIAL"]
["ASSENTAMENTO DE TUBOS E PECAS","ASTU","FORNEC E/OU ASSENT DE TUBO DE FERRO FUNDIDO JUNTA FLANGEADA","0248","","",103143,"ASSENTAMENTO DE CONEXÃO COM 1 ACESSO, FERRO FUNDIDO PARA REDE DE ÁGUA, DN  350 MM, JUNTA FLANGEADA (NÃO INCLUI O FORNECIMENTO). AF_09/2021","UN","ATRIBUÍDO SÃO PAULO",135.96,"CAIXA REFERENCIAL"]
["ASSENTAMENTO DE TUBOS E PECAS","ASTU","FORNEC E/OU ASSENT DE TUBO DE FERRO FUNDIDO JUNTA FLANGEADA","0248","","",103144,"ASSENTAMENTO DE CONEXÃO COM 1 ACESSO, FERRO FUNDIDO PARA REDE DE ÁGUA, DN  400 MM, JUNTA FLANGEADA (NÃO INCLUI O FORNECIMENTO). AF_09/2021","UN","ATRIBUÍDO SÃO PAULO",147.22999999999999,"CAIXA REFERENCIAL"]
["ASSENTAMENTO DE TUBOS E PECAS","ASTU","FORNEC E/OU ASSENT DE TUBO DE FERRO FUNDIDO JUNTA FLANGEADA","0248","","",103145,"ASSENTAMENTO DE CONEXÃO COM 1 ACESSO, FERRO FUNDIDO PARA REDE DE ÁGUA, DN  450 MM, JUNTA FLANGEADA (NÃO INCLUI O FORNECIMENTO). AF_09/2021","UN","ATRIBUÍDO SÃO PAULO",179.75,"CAIXA REFERENCIAL"]
["ASSENTAMENTO DE TUBOS E PECAS","ASTU","FORNEC E/OU ASSENT DE TUBO DE FERRO FUNDIDO JUNTA FLANGEADA","0248","","",103146,"ASSENTAMENTO DE CONEXÃO COM 1 ACESSO, FERRO FUNDIDO PARA REDE DE ÁGUA, DN  500 MM, JUNTA FLANGEADA (NÃO INCLUI O FORNECIMENTO). AF_09/2021","UN","ATRIBUÍDO SÃO PAULO",191.01,"CAIXA REFERENCIAL"]
["ASSENTAMENTO DE TUBOS E PECAS","ASTU","FORNEC E/OU ASSENT DE TUBO DE FERRO FUNDIDO JUNTA FLANGEADA","0248","","",103147,"ASSENTAMENTO DE CONEXÃO COM 1 ACESSO, FERRO FUNDIDO PARA REDE DE ÁGUA, DN  600 MM, JUNTA FLANGEADA (NÃO INCLUI O FORNECIMENTO). AF_09/2021","UN","ATRIBUÍDO SÃO PAULO",213.59,"CAIXA REFERENCIAL"]
["ASSENTAMENTO DE TUBOS E PECAS","ASTU","FORNEC E/OU ASSENT DE TUBO DE FERRO FUNDIDO JUNTA FLANGEADA","0248","","",103148,"ASSENTAMENTO DE CONEXÃO COM 1 ACESSO, FERRO FUNDIDO PARA REDE DE ÁGUA, DN  700 MM, JUNTA FLANGEADA (NÃO INCLUI O FORNECIMENTO). AF_09/2021","UN","ATRIBUÍDO SÃO PAULO",257.37,"CAIXA REFERENCIAL"]
["ASSENTAMENTO DE TUBOS E PECAS","ASTU","FORNEC E/OU ASSENT DE TUBO DE FERRO FUNDIDO JUNTA FLANGEADA","0248","","",103149,"ASSENTAMENTO DE CONEXÃO COM 1 ACESSO, FERRO FUNDIDO PARA REDE DE ÁGUA, DN  800 MM, JUNTA FLANGEADA (NÃO INCLUI O FORNECIMENTO). AF_09/2021","UN","ATRIBUÍDO SÃO PAULO",279.97000000000003,"CAIXA REFERENCIAL"]
["ASSENTAMENTO DE TUBOS E PECAS","ASTU","FORNEC E/OU ASSENT DE TUBO DE FERRO FUNDIDO JUNTA FLANGEADA","0248","","",103150,"ASSENTAMENTO DE CONEXÃO COM 1 ACESSO, FERRO FUNDIDO PARA REDE DE ÁGUA, DN  900 MM, JUNTA FLANGEADA (NÃO INCLUI O FORNECIMENTO). AF_09/2021","UN","ATRIBUÍDO SÃO PAULO",323.68,"CAIXA REFERENCIAL"]
["ASSENTAMENTO DE TUBOS E PECAS","ASTU","FORNEC E/OU ASSENT DE TUBO DE FERRO FUNDIDO JUNTA FLANGEADA","0248","","",103151,"ASSENTAMENTO DE CONEXÃO COM 1 ACESSO, FERRO FUNDIDO PARA REDE DE ÁGUA, DN  1000 MM, JUNTA FLANGEADA (NÃO INCLUI O FORNECIMENTO). AF_09/2021","UN","ATRIBUÍDO SÃO PAULO",346.31,"CAIXA REFERENCIAL"]
["ASSENTAMENTO DE TUBOS E PECAS","ASTU","FORNEC E/OU ASSENT DE TUBO DE FERRO FUNDIDO JUNTA FLANGEADA","0248","","",103152,"ASSENTAMENTO DE CONEXÃO COM 1 ACESSO, FERRO FUNDIDO PARA REDE DE ÁGUA, DN  1200 MM, JUNTA FLANGEADA (NÃO INCLUI O FORNECIMENTO). AF_09/2021","UN","ATRIBUÍDO SÃO PAULO",412.68,"CAIXA REFERENCIAL"]
["ASSENTAMENTO DE TUBOS E PECAS","ASTU","FORNEC E/OU ASSENT DE CONEXOES DIVERSAS","0253","","",103372,"TUBO PEAD LISO PARA REDE DE ÁGUA OU ESGOTO, DIÂMETRO DE 20 MM, JUNTA SOLDADA (NÃO INCLUI A EXECUÇÃO DE SOLDA) - FORNECIMENTO E ASSENTAMENTO. AF_12/2021","M","ATRIBUÍDO SÃO PAULO",5.35,"CAIXA REFERENCIAL"]
["ASSENTAMENTO DE TUBOS E PECAS","ASTU","FORNEC E/OU ASSENT DE CONEXOES DIVERSAS","0253","","",103373,"TUBO PEAD LISO PARA REDE DE ÁGUA OU ESGOTO, DIÂMETRO DE 32 MM, JUNTA SOLDADA (NÃO INCLUI A EXECUÇÃO DE SOLDA) - FORNECIMENTO E ASSENTAMENTO. AF_12/2021","M","ATRIBUÍDO SÃO PAULO",10.5,"CAIXA REFERENCIAL"]
["ASSENTAMENTO DE TUBOS E PECAS","ASTU","FORNEC E/OU ASSENT DE CONEXOES DIVERSAS","0253","","",103376,"TUBO PEAD LISO PARA REDE DE ÁGUA OU ESGOTO, DIÂMETRO DE 110 MM, JUNTA SOLDADA (NÃO INCLUI A EXECUÇÃO DE SOLDA) - FORNECIMENTO E ASSENTAMENTO. AF_12/2021","M","ATRIBUÍDO SÃO PAULO",125.19,"CAIXA REFERENCIAL"]
["ASSENTAMENTO DE TUBOS E PECAS","ASTU","FORNEC E/OU ASSENT DE CONEXOES DIVERSAS","0253","","",103377,"TUBO PEAD LISO PARA REDE DE ÁGUA OU ESGOTO, DIÂMETRO DE 160 MM, JUNTA SOLDADA (NÃO INCLUI A EXECUÇÃO DE SOLDA) - FORNECIMENTO E ASSENTAMENTO. AF_12/2021","M","ATRIBUÍDO SÃO PAULO",267.92,"CAIXA REFERENCIAL"]
["ASSENTAMENTO DE TUBOS E PECAS","ASTU","FORNEC E/OU ASSENT DE CONEXOES DIVERSAS","0253","","",103379,"TUBO PEAD LISO PARA REDE DE ÁGUA OU ESGOTO, DIÂMETRO DE 200 MM, JUNTA SOLDADA (NÃO INCLUI A EXECUÇÃO DE SOLDA) - FORNECIMENTO E ASSENTAMENTO. AF_12/2021","M","ATRIBUÍDO SÃO PAULO",417.14,"CAIXA REFERENCIAL"]
["ASSENTAMENTO DE TUBOS E PECAS","ASTU","FORNEC E/OU ASSENT DE CONEXOES DIVERSAS","0253","","",103383,"TUBO PEAD LISO PARA REDE DE ÁGUA OU ESGOTO, DIÂMETRO DE 315 MM, JUNTA SOLDADA (NÃO INCLUI A EXECUÇÃO DE SOLDA) - FORNECIMENTO E ASSENTAMENTO. AF_12/2021","M","ATRIBUÍDO SÃO PAULO",1022.91,"CAIXA REFERENCIAL"]
["ASSENTAMENTO DE TUBOS E PECAS","ASTU","FORNEC E/OU ASSENT DE CONEXOES DIVERSAS","0253","","",103385,"TUBO PEAD LISO PARA REDE DE ÁGUA OU ESGOTO, DIÂMETRO DE 400 MM, JUNTA SOLDADA (NÃO INCLUI A EXECUÇÃO DE SOLDA) - FORNECIMENTO E ASSENTAMENTO. AF_12/2021","M","ATRIBUÍDO SÃO PAULO",1649.39,"CAIXA REFERENCIAL"]
["ASSENTAMENTO DE TUBOS E PECAS","ASTU","FORNEC E/OU ASSENT DE CONEXOES DIVERSAS","0253","","",103387,"TUBO PEAD LISO PARA REDE DE ÁGUA OU ESGOTO, DIÂMETRO DE 500 MM, JUNTA SOLDADA (NÃO INCLUI A EXECUÇÃO DE SOLDA) - FORNECIMENTO E ASSENTAMENTO. AF_12/2021","M","ATRIBUÍDO SÃO PAULO",2893.49,"CAIXA REFERENCIAL"]
["ASSENTAMENTO DE TUBOS E PECAS","ASTU","FORNEC E/OU ASSENT DE CONEXOES DIVERSAS","0253","","",103389,"TUBO PEAD LISO PARA REDE DE ÁGUA OU ESGOTO, DIÂMETRO DE 630 MM, JUNTA SOLDADA (NÃO INCLUI A EXECUÇÃO DE SOLDA) - FORNECIMENTO E ASSENTAMENTO. AF_12/2021","M","ATRIBUÍDO SÃO PAULO",4303.08,"CAIXA REFERENCIAL"]
["ASSENTAMENTO DE TUBOS E PECAS","ASTU","FORNEC E/OU ASSENT DE CONEXOES DIVERSAS","0253","","",103391,"TUBO PEAD LISO PARA REDE DE ÁGUA OU ESGOTO, DIÂMETRO DE 800 MM, JUNTA SOLDADA (NÃO INCLUI A EXECUÇÃO DE SOLDA) - FORNECIMENTO E ASSENTAMENTO. AF_12/2021","M","ATRIBUÍDO SÃO PAULO",2835.42,"CAIXA REFERENCIAL"]
["ASSENTAMENTO DE TUBOS E PECAS","ASTU","FORNEC E/OU ASSENT DE CONEXOES DIVERSAS","0253","","",103392,"TUBO PEAD LISO PARA REDE DE ÁGUA OU ESGOTO, DIÂMETRO DE 900 MM, JUNTA SOLDADA (NÃO INCLUI A EXECUÇÃO DE SOLDA) - FORNECIMENTO E ASSENTAMENTO. AF_12/2021","M","ATRIBUÍDO SÃO PAULO",4633.8500000000004,"CAIXA REFERENCIAL"]
["ASSENTAMENTO DE TUBOS E PECAS","ASTU","FORNEC E/OU ASSENT DE CONEXOES DIVERSAS","0253","","",103393,"TUBO PEAD LISO PARA REDE DE ÁGUA OU ESGOTO, DIÂMETRO DE 1000 MM, JUNTA SOLDADA (NÃO INCLUI A EXECUÇÃO DE SOLDA) - FORNECIMENTO E ASSENTAMENTO. AF_12/2021","M","ATRIBUÍDO SÃO PAULO",5111,"CAIXA REFERENCIAL"]
["ASSENTAMENTO DE TUBOS E PECAS","ASTU","FORNEC E/OU ASSENT DE CONEXOES DIVERSAS","0253","","",103397,"ASSENTAMENTO DE CONEXÃO COM 2 ACESSOS, EM PEAD LISO PARA REDE DE ÁGUA OU ESGOTO, DIÂMETRO DE 20 MM, JUNTA SOLDADA (NÃO INCLUI O FORNECIMENTO E EXECUÇÃO DE SOLDA). AF_12/2021","UN","COEFICIENTE DE REPRESENTATIVIDADE",3.63,"CAIXA REFERENCIAL"]
["ASSENTAMENTO DE TUBOS E PECAS","ASTU","FORNEC E/OU ASSENT DE CONEXOES DIVERSAS","0253","","",103398,"ASSENTAMENTO DE CONEXÃO COM 2 ACESSOS, EM PEAD LISO PARA REDE DE ÁGUA OU ESGOTO, DIÂMETRO DE 32 MM, JUNTA SOLDADA (NÃO INCLUI O FORNECIMENTO E EXECUÇÃO DE SOLDA). AF_12/2021","UN","COEFICIENTE DE REPRESENTATIVIDADE",5.81,"CAIXA REFERENCIAL"]
["ASSENTAMENTO DE TUBOS E PECAS","ASTU","FORNEC E/OU ASSENT DE CONEXOES DIVERSAS","0253","","",103399,"ASSENTAMENTO DE CONEXÃO COM 2 ACESSOS, EM PEAD LISO PARA REDE DE ÁGUA OU ESGOTO, DIÂMETRO DE 63 MM, JUNTA SOLDADA (NÃO INCLUI O FORNECIMENTO E EXECUÇÃO DE SOLDA). AF_12/2021","UN","COEFICIENTE DE REPRESENTATIVIDADE",11.45,"CAIXA REFERENCIAL"]
["ASSENTAMENTO DE TUBOS E PECAS","ASTU","FORNEC E/OU ASSENT DE CONEXOES DIVERSAS","0253","","",103400,"ASSENTAMENTO DE CONEXÃO COM 2 ACESSOS, EM PEAD LISO PARA REDE DE ÁGUA OU ESGOTO, DIÂMETRO DE 90 MM, JUNTA SOLDADA (NÃO INCLUI O FORNECIMENTO E EXECUÇÃO DE SOLDA). AF_12/2021","UN","COEFICIENTE DE REPRESENTATIVIDADE",16.36,"CAIXA REFERENCIAL"]
["ASSENTAMENTO DE TUBOS E PECAS","ASTU","FORNEC E/OU ASSENT DE CONEXOES DIVERSAS","0253","","",103401,"ASSENTAMENTO DE CONEXÃO COM 2 ACESSOS, EM PEAD LISO PARA REDE DE ÁGUA OU ESGOTO, DIÂMETRO DE 110 MM, JUNTA SOLDADA (NÃO INCLUI O FORNECIMENTO E EXECUÇÃO DE SOLDA). AF_12/2021","UN","COEFICIENTE DE REPRESENTATIVIDADE",20,"CAIXA REFERENCIAL"]
["ASSENTAMENTO DE TUBOS E PECAS","ASTU","FORNEC E/OU ASSENT DE CONEXOES DIVERSAS","0253","","",103402,"ASSENTAMENTO DE CONEXÃO COM 2 ACESSOS, EM PEAD LISO PARA REDE DE ÁGUA OU ESGOTO, DIÂMETRO DE 160 MM, JUNTA SOLDADA (NÃO INCLUI O FORNECIMENTO E EXECUÇÃO DE SOLDA). AF_12/2021","UN","COEFICIENTE DE REPRESENTATIVIDADE",29.1,"CAIXA REFERENCIAL"]
["ASSENTAMENTO DE TUBOS E PECAS","ASTU","FORNEC E/OU ASSENT DE CONEXOES DIVERSAS","0253","","",103403,"ASSENTAMENTO DE CONEXÃO COM 2 ACESSOS, EM PEAD LISO PARA REDE DE ÁGUA OU ESGOTO, DIÂMETRO DE 180 MM, JUNTA SOLDADA (NÃO INCLUI O FORNECIMENTO E EXECUÇÃO DE SOLDA). AF_12/2021","UN","COEFICIENTE DE REPRESENTATIVIDADE",32.74,"CAIXA REFERENCIAL"]
["ASSENTAMENTO DE TUBOS E PECAS","ASTU","FORNEC E/OU ASSENT DE CONEXOES DIVERSAS","0253","","",103404,"ASSENTAMENTO DE CONEXÃO COM 2 ACESSOS, EM PEAD LISO PARA REDE DE ÁGUA OU ESGOTO, DIÂMETRO DE 200 MM, JUNTA SOLDADA (NÃO INCLUI O FORNECIMENTO E EXECUÇÃO DE SOLDA). AF_12/2021","UN","COEFICIENTE DE REPRESENTATIVIDADE",36.380000000000003,"CAIXA REFERENCIAL"]
["ASSENTAMENTO DE TUBOS E PECAS","ASTU","FORNEC E/OU ASSENT DE CONEXOES DIVERSAS","0253","","",103405,"ASSENTAMENTO DE CONEXÃO COM 2 ACESSOS, EM PEAD LISO PARA REDE DE ÁGUA OU ESGOTO, DIÂMETRO DE 225 MM, JUNTA SOLDADA (NÃO INCLUI O FORNECIMENTO E EXECUÇÃO DE SOLDA). AF_12/2021","UN","COEFICIENTE DE REPRESENTATIVIDADE",40.93,"CAIXA REFERENCIAL"]
["ASSENTAMENTO DE TUBOS E PECAS","ASTU","FORNEC E/OU ASSENT DE CONEXOES DIVERSAS","0253","","",103406,"ASSENTAMENTO DE CONEXÃO COM 2 ACESSOS, EM PEAD LISO PARA REDE DE ÁGUA OU ESGOTO, DIÂMETRO DE 250 MM, JUNTA SOLDADA (NÃO INCLUI O FORNECIMENTO E EXECUÇÃO DE SOLDA). AF_12/2021","UN","COEFICIENTE DE REPRESENTATIVIDADE",45.48,"CAIXA REFERENCIAL"]
["ASSENTAMENTO DE TUBOS E PECAS","ASTU","FORNEC E/OU ASSENT DE CONEXOES DIVERSAS","0253","","",103407,"ASSENTAMENTO DE CONEXÃO COM 2 ACESSOS, EM PEAD LISO PARA REDE DE ÁGUA OU ESGOTO, DIÂMETRO DE 280 MM, JUNTA SOLDADA (NÃO INCLUI O FORNECIMENTO E EXECUÇÃO DE SOLDA). AF_12/2021","UN","COEFICIENTE DE REPRESENTATIVIDADE",50.94,"CAIXA REFERENCIAL"]
["ASSENTAMENTO DE TUBOS E PECAS","ASTU","FORNEC E/OU ASSENT DE CONEXOES DIVERSAS","0253","","",103408,"ASSENTAMENTO DE CONEXÃO COM 2 ACESSOS, EM PEAD LISO PARA REDE DE ÁGUA OU ESGOTO, DIÂMETRO DE 315 MM, JUNTA SOLDADA (NÃO INCLUI O FORNECIMENTO E EXECUÇÃO DE SOLDA). AF_12/2021","UN","COEFICIENTE DE REPRESENTATIVIDADE",57.31,"CAIXA REFERENCIAL"]
["ASSENTAMENTO DE TUBOS E PECAS","ASTU","FORNEC E/OU ASSENT DE CONEXOES DIVERSAS","0253","","",103409,"ASSENTAMENTO DE CONEXÃO COM 2 ACESSOS, EM PEAD LISO PARA REDE DE ÁGUA OU ESGOTO, DIÂMETRO DE 355 MM, JUNTA SOLDADA (NÃO INCLUI O FORNECIMENTO E EXECUÇÃO DE SOLDA). AF_12/2021","UN","COEFICIENTE DE REPRESENTATIVIDADE",64.58,"CAIXA REFERENCIAL"]
["ASSENTAMENTO DE TUBOS E PECAS","ASTU","FORNEC E/OU ASSENT DE CONEXOES DIVERSAS","0253","","",103410,"ASSENTAMENTO DE CONEXÃO COM 2 ACESSOS, EM PEAD LISO PARA REDE DE ÁGUA OU ESGOTO, DIÂMETRO DE 400 MM, JUNTA SOLDADA (NÃO INCLUI O FORNECIMENTO E EXECUÇÃO DE SOLDA). AF_12/2021","UN","COEFICIENTE DE REPRESENTATIVIDADE",72.77,"CAIXA REFERENCIAL"]
["ASSENTAMENTO DE TUBOS E PECAS","ASTU","FORNEC E/OU ASSENT DE CONEXOES DIVERSAS","0253","","",103411,"ASSENTAMENTO DE CONEXÃO COM 3 ACESSOS, EM PEAD LISO PARA REDE DE ÁGUA OU ESGOTO, DIÂMETRO DE 20 MM, JUNTA SOLDADA (NÃO INCLUI O FORNECIMENTO E EXECUÇÃO DE SOLDA). AF_12/2021","UN","COEFICIENTE DE REPRESENTATIVIDADE",7.27,"CAIXA REFERENCIAL"]
["ASSENTAMENTO DE TUBOS E PECAS","ASTU","FORNEC E/OU ASSENT DE CONEXOES DIVERSAS","0253","","",103412,"ASSENTAMENTO DE CONEXÃO COM 3 ACESSOS, EM PEAD LISO PARA REDE DE ÁGUA OU ESGOTO, DIÂMETRO DE 32 MM, JUNTA SOLDADA (NÃO INCLUI O FORNECIMENTO E EXECUÇÃO DE SOLDA). AF_12/2021","UN","COEFICIENTE DE REPRESENTATIVIDADE",11.64,"CAIXA REFERENCIAL"]
["ASSENTAMENTO DE TUBOS E PECAS","ASTU","FORNEC E/OU ASSENT DE CONEXOES DIVERSAS","0253","","",103413,"ASSENTAMENTO DE CONEXÃO COM 3 ACESSOS, EM PEAD LISO PARA REDE DE ÁGUA OU ESGOTO, DIÂMETRO DE 63 MM, JUNTA SOLDADA (NÃO INCLUI O FORNECIMENTO E EXECUÇÃO DE SOLDA). AF_12/2021","UN","COEFICIENTE DE REPRESENTATIVIDADE",22.92,"CAIXA REFERENCIAL"]
["ASSENTAMENTO DE TUBOS E PECAS","ASTU","FORNEC E/OU ASSENT DE CONEXOES DIVERSAS","0253","","",103414,"ASSENTAMENTO DE CONEXÃO COM 3 ACESSOS, EM PEAD LISO PARA REDE DE ÁGUA OU ESGOTO, DIÂMETRO DE 90 MM, JUNTA SOLDADA (NÃO INCLUI O FORNECIMENTO E EXECUÇÃO DE SOLDA). AF_12/2021","UN","COEFICIENTE DE REPRESENTATIVIDADE",32.74,"CAIXA REFERENCIAL"]
["ASSENTAMENTO DE TUBOS E PECAS","ASTU","FORNEC E/OU ASSENT DE CONEXOES DIVERSAS","0253","","",103415,"ASSENTAMENTO DE CONEXÃO COM 3 ACESSOS, EM PEAD LISO PARA REDE DE ÁGUA OU ESGOTO, DIÂMETRO DE 110 MM, JUNTA SOLDADA (NÃO INCLUI O FORNECIMENTO E EXECUÇÃO DE SOLDA). AF_12/2021","UN","COEFICIENTE DE REPRESENTATIVIDADE",40.020000000000003,"CAIXA REFERENCIAL"]
["ASSENTAMENTO DE TUBOS E PECAS","ASTU","FORNEC E/OU ASSENT DE CONEXOES DIVERSAS","0253","","",103416,"ASSENTAMENTO DE CONEXÃO COM 3 ACESSOS, EM PEAD LISO PARA REDE DE ÁGUA OU ESGOTO, DIÂMETRO DE 160 MM, JUNTA SOLDADA (NÃO INCLUI O FORNECIMENTO E EXECUÇÃO DE SOLDA). AF_12/2021","UN","COEFICIENTE DE REPRESENTATIVIDADE",58.21,"CAIXA REFERENCIAL"]
["ASSENTAMENTO DE TUBOS E PECAS","ASTU","FORNEC E/OU ASSENT DE CONEXOES DIVERSAS","0253","","",103417,"ASSENTAMENTO DE CONEXÃO COM 3 ACESSOS, EM PEAD LISO PARA REDE DE ÁGUA OU ESGOTO, DIÂMETRO DE 180 MM, JUNTA SOLDADA (NÃO INCLUI O FORNECIMENTO E EXECUÇÃO DE SOLDA). AF_12/2021","UN","COEFICIENTE DE REPRESENTATIVIDADE",65.5,"CAIXA REFERENCIAL"]
["ASSENTAMENTO DE TUBOS E PECAS","ASTU","FORNEC E/OU ASSENT DE CONEXOES DIVERSAS","0253","","",103418,"ASSENTAMENTO DE CONEXÃO COM 3 ACESSOS, EM PEAD LISO PARA REDE DE ÁGUA OU ESGOTO, DIÂMETRO DE 200 MM, JUNTA SOLDADA (NÃO INCLUI O FORNECIMENTO E EXECUÇÃO DE SOLDA). AF_12/2021","UN","COEFICIENTE DE REPRESENTATIVIDADE",72.77,"CAIXA REFERENCIAL"]
["ASSENTAMENTO DE TUBOS E PECAS","ASTU","FORNEC E/OU ASSENT DE CONEXOES DIVERSAS","0253","","",103419,"ASSENTAMENTO DE CONEXÃO COM 3 ACESSOS, EM PEAD LISO PARA REDE DE ÁGUA OU ESGOTO, DIÂMETRO DE 225 MM, JUNTA SOLDADA (NÃO INCLUI O FORNECIMENTO E EXECUÇÃO DE SOLDA). AF_12/2021","UN","COEFICIENTE DE REPRESENTATIVIDADE",81.88,"CAIXA REFERENCIAL"]
["ASSENTAMENTO DE TUBOS E PECAS","ASTU","FORNEC E/OU ASSENT DE CONEXOES DIVERSAS","0253","","",103420,"ASSENTAMENTO DE CONEXÃO COM 3 ACESSOS, EM PEAD LISO PARA REDE DE ÁGUA OU ESGOTO, DIÂMETRO DE 250 MM, JUNTA SOLDADA (NÃO INCLUI O FORNECIMENTO E EXECUÇÃO DE SOLDA). AF_12/2021","UN","COEFICIENTE DE REPRESENTATIVIDADE",90.97,"CAIXA REFERENCIAL"]
["ASSENTAMENTO DE TUBOS E PECAS","ASTU","FORNEC E/OU ASSENT DE CONEXOES DIVERSAS","0253","","",103421,"ASSENTAMENTO DE CONEXÃO COM 3 ACESSOS, EM PEAD LISO PARA REDE DE ÁGUA OU ESGOTO, DIÂMETRO DE 280 MM, JUNTA SOLDADA (NÃO INCLUI O FORNECIMENTO E EXECUÇÃO DE SOLDA). AF_12/2021","UN","COEFICIENTE DE REPRESENTATIVIDADE",101.89,"CAIXA REFERENCIAL"]
["ASSENTAMENTO DE TUBOS E PECAS","ASTU","FORNEC E/OU ASSENT DE CONEXOES DIVERSAS","0253","","",103422,"ASSENTAMENTO DE CONEXÃO COM 3 ACESSOS, EM PEAD LISO PARA REDE DE ÁGUA OU ESGOTO, DIÂMETRO DE 315 MM, JUNTA SOLDADA (NÃO INCLUI O FORNECIMENTO E EXECUÇÃO DE SOLDA). AF_12/2021","UN","COEFICIENTE DE REPRESENTATIVIDADE",114.62,"CAIXA REFERENCIAL"]
["ASSENTAMENTO DE TUBOS E PECAS","ASTU","FORNEC E/OU ASSENT DE CONEXOES DIVERSAS","0253","","",103423,"ASSENTAMENTO DE CONEXÃO COM 3 ACESSOS, EM PEAD LISO PARA REDE DE ÁGUA OU ESGOTO, DIÂMETRO DE 355 MM, JUNTA SOLDADA (NÃO INCLUI O FORNECIMENTO E EXECUÇÃO DE SOLDA). AF_12/2021","UN","COEFICIENTE DE REPRESENTATIVIDADE",129.18,"CAIXA REFERENCIAL"]
["ASSENTAMENTO DE TUBOS E PECAS","ASTU","FORNEC E/OU ASSENT DE CONEXOES DIVERSAS","0253","","",103424,"ASSENTAMENTO DE CONEXÃO COM 3 ACESSOS, EM PEAD LISO PARA REDE DE ÁGUA OU ESGOTO, DIÂMETRO DE 400 MM, JUNTA SOLDADA (NÃO INCLUI O FORNECIMENTO E EXECUÇÃO DE SOLDA). AF_12/2021","UN","COEFICIENTE DE REPRESENTATIVIDADE",145.56,"CAIXA REFERENCIAL"]
["ASSENTAMENTO DE TUBOS E PECAS","ASTU","FORNEC E/OU ASSENT DE CONEXOES DIVERSAS","0253","","",103425,"LUVA, EM PEAD LISO PARA REDE DE ÁGUA OU ESGOTO, DIÂMETRO DE 20 MM, JUNTA SOLDADA POR ELETROFUSÃO (NÃO INCLUI A EXECUÇÃO DE SOLDA). AF_12/2021","UN","ATRIBUÍDO SÃO PAULO",15.3,"CAIXA REFERENCIAL"]
["ASSENTAMENTO DE TUBOS E PECAS","ASTU","FORNEC E/OU ASSENT DE CONEXOES DIVERSAS","0253","","",103426,"LUVA, EM PEAD LISO PARA REDE DE ÁGUA OU ESGOTO, DIÂMETRO DE 32 MM, JUNTA SOLDADA POR ELETROFUSÃO (NÃO INCLUI A EXECUÇÃO DE SOLDA). AF_12/2021","UN","ATRIBUÍDO SÃO PAULO",18.39,"CAIXA REFERENCIAL"]
["ASSENTAMENTO DE TUBOS E PECAS","ASTU","FORNEC E/OU ASSENT DE CONEXOES DIVERSAS","0253","","",103427,"LUVA, EM PEAD LISO PARA REDE DE ÁGUA OU ESGOTO, DIÂMETRO DE 63 MM, JUNTA SOLDADA POR ELETROFUSÃO (NÃO INCLUI A EXECUÇÃO DE SOLDA). AF_12/2021","UN","ATRIBUÍDO SÃO PAULO",36.85,"CAIXA REFERENCIAL"]
["ASSENTAMENTO DE TUBOS E PECAS","ASTU","FORNEC E/OU ASSENT DE CONEXOES DIVERSAS","0253","","",103428,"LUVA, EM PEAD LISO PARA REDE DE ÁGUA OU ESGOTO, DIÂMETRO DE 200 MM, JUNTA SOLDADA POR ELETROFUSÃO (NÃO INCLUI A EXECUÇÃO DE SOLDA). AF_12/2021","UN","ATRIBUÍDO SÃO PAULO",245.17,"CAIXA REFERENCIAL"]
["ASSENTAMENTO DE TUBOS E PECAS","ASTU","FORNEC E/OU ASSENT DE CONEXOES DIVERSAS","0253","","",103429,"LUVA, EM PEAD LISO PARA REDE DE ÁGUA OU ESGOTO, DIÂMETRO DE 400 MM, JUNTA SOLDADA POR ELETROFUSÃO (NÃO INCLUI A EXECUÇÃO DE SOLDA). AF_12/2021","UN","ATRIBUÍDO SÃO PAULO",2713.1,"CAIXA REFERENCIAL"]
["ASSENTAMENTO DE TUBOS E PECAS","ASTU","FORNEC E/OU ASSENT DE CONEXOES DIVERSAS","0253","","",103430,"COTOVELO 45 GRAUS, EM PEAD LISO PARA REDE DE ÁGUA OU ESGOTO, DIÂMETRO DE 32 MM, JUNTA SOLDADA POR ELETROFUSÃO (NÃO INCLUI A EXECUÇÃO DE SOLDA). AF_12/2021","UN","ATRIBUÍDO SÃO PAULO",32.840000000000003,"CAIXA REFERENCIAL"]
["ASSENTAMENTO DE TUBOS E PECAS","ASTU","FORNEC E/OU ASSENT DE CONEXOES DIVERSAS","0253","","",103431,"COTOVELO 45 GRAUS, EM PEAD LISO PARA REDE DE ÁGUA OU ESGOTO, DIÂMETRO DE 63 MM, JUNTA SOLDADA POR ELETROFUSÃO (NÃO INCLUI A EXECUÇÃO DE SOLDA). AF_12/2021","UN","ATRIBUÍDO SÃO PAULO",57.59,"CAIXA REFERENCIAL"]
["ASSENTAMENTO DE TUBOS E PECAS","ASTU","FORNEC E/OU ASSENT DE CONEXOES DIVERSAS","0253","","",103432,"COTOVELO 45 GRAUS, EM PEAD LISO PARA REDE DE ÁGUA OU ESGOTO, DIÂMETRO DE 200 MM, JUNTA SOLDADA POR ELETROFUSÃO (NÃO INCLUI A EXECUÇÃO DE SOLDA). AF_12/2021","UN","ATRIBUÍDO SÃO PAULO",1540.11,"CAIXA REFERENCIAL"]
["ASSENTAMENTO DE TUBOS E PECAS","ASTU","FORNEC E/OU ASSENT DE CONEXOES DIVERSAS","0253","","",103433,"COTOVELO 90 GRAUS, EM PEAD LISO PARA REDE DE ÁGUA OU ESGOTO, DIÂMETRO DE 20 MM, JUNTA SOLDADA POR ELETROFUSÃO (NÃO INCLUI A EXECUÇÃO DE SOLDA). AF_12/2021","UN","ATRIBUÍDO SÃO PAULO",32.450000000000003,"CAIXA REFERENCIAL"]
["ASSENTAMENTO DE TUBOS E PECAS","ASTU","FORNEC E/OU ASSENT DE CONEXOES DIVERSAS","0253","","",103434,"COTOVELO 90 GRAUS, EM PEAD LISO PARA REDE DE ÁGUA OU ESGOTO, DIÂMETRO DE 32 MM, JUNTA SOLDADA POR ELETROFUSÃO (NÃO INCLUI A EXECUÇÃO DE SOLDA). AF_12/2021","UN","ATRIBUÍDO SÃO PAULO",44.91,"CAIXA REFERENCIAL"]
["ASSENTAMENTO DE TUBOS E PECAS","ASTU","FORNEC E/OU ASSENT DE CONEXOES DIVERSAS","0253","","",103435,"COTOVELO 90 GRAUS, EM PEAD LISO PARA REDE DE ÁGUA OU ESGOTO, DIÂMETRO DE 63 MM, JUNTA SOLDADA POR ELETROFUSÃO (NÃO INCLUI A EXECUÇÃO DE SOLDA). AF_12/2021","UN","ATRIBUÍDO SÃO PAULO",83.57,"CAIXA REFERENCIAL"]
["ASSENTAMENTO DE TUBOS E PECAS","ASTU","FORNEC E/OU ASSENT DE CONEXOES DIVERSAS","0253","","",103436,"COTOVELO 90 GRAUS, POLIETILENO DE ALTA DENSIDADE (PEAD) PARA REDE DE ÁGUA OU ESGOTO, DIÂMETRO DE 200 MM, JUNTA SOLDADA POR ELETROFUSÃO (NÃO INCLUI A EXECUÇÃO DE SOLDA). AF_12/2021","UN","ATRIBUÍDO SÃO PAULO",2180.9,"CAIXA REFERENCIAL"]
["ASSENTAMENTO DE TUBOS E PECAS","ASTU","FORNEC E/OU ASSENT DE CONEXOES DIVERSAS","0253","","",103437,"TÊ DE SERVIÇO, EM PEAD LISO PARA REDE DE ÁGUA OU ESGOTO, DIÂMETRO DE 63 X 20 MM, JUNTA SOLDADA POR ELETROFUSÃO (NÃO INCLUI A EXECUÇÃO DE SOLDA). AF_12/2021","UN","ATRIBUÍDO SÃO PAULO",173.38,"CAIXA REFERENCIAL"]
["ASSENTAMENTO DE TUBOS E PECAS","ASTU","FORNEC E/OU ASSENT DE CONEXOES DIVERSAS","0253","","",103438,"TÊ DE SERVIÇO, EM PEAD LISO PARA REDE DE ÁGUA OU ESGOTO, DIÂMETRO DE 63 X 32 MM, JUNTA SOLDADA POR ELETROFUSÃO (NÃO INCLUI A EXECUÇÃO DE SOLDA). AF_12/2021","UN","ATRIBUÍDO SÃO PAULO",173.38,"CAIXA REFERENCIAL"]
["ASSENTAMENTO DE TUBOS E PECAS","ASTU","FORNEC E/OU ASSENT DE CONEXOES DIVERSAS","0253","","",103439,"TÊ DE SERVIÇO, EM PEAD LISO PARA REDE DE ÁGUA OU ESGOTO, DIÂMETRO DE 63 X 63 MM, JUNTA SOLDADA POR ELETROFUSÃO (NÃO INCLUI A EXECUÇÃO DE SOLDA). AF_12/2021","UN","ATRIBUÍDO SÃO PAULO",204.14,"CAIXA REFERENCIAL"]
["ASSENTAMENTO DE TUBOS E PECAS","ASTU","FORNEC E/OU ASSENT DE CONEXOES DIVERSAS","0253","","",103440,"TÊ DE SERVIÇO, EM PEAD LISO PARA REDE DE ÁGUA OU ESGOTO, DIÂMETRO DE 200 X 20 MM, JUNTA SOLDADA POR ELETROFUSÃO (NÃO INCLUI A EXECUÇÃO DE SOLDA). AF_12/2021","UN","ATRIBUÍDO SÃO PAULO",391.32,"CAIXA REFERENCIAL"]
["ASSENTAMENTO DE TUBOS E PECAS","ASTU","FORNEC E/OU ASSENT DE CONEXOES DIVERSAS","0253","","",103441,"TÊ DE SERVIÇO, EM PEAD LISO PARA REDE DE ÁGUA OU ESGOTO, DIÂMETRO DE 200 X 32 MM, JUNTA SOLDADA POR ELETROFUSÃO (NÃO INCLUI A EXECUÇÃO DE SOLDA). AF_12/2021","UN","ATRIBUÍDO SÃO PAULO",396.31,"CAIXA REFERENCIAL"]
["ASSENTAMENTO DE TUBOS E PECAS","ASTU","FORNEC E/OU ASSENT DE CONEXOES DIVERSAS","0253","","",103442,"TÊ DE SERVIÇO, EM PEAD LISO PARA REDE DE ÁGUA OU ESGOTO, DIÂMETRO DE 200 X 63 MM, JUNTA SOLDADA POR ELETROFUSÃO (NÃO INCLUI A EXECUÇÃO DE SOLDA). AF_12/2021","UN","ATRIBUÍDO SÃO PAULO",516.54999999999995,"CAIXA REFERENCIAL"]
["CANTEIRO DE OBRAS","CANT","CONSTRUCAO DO CANTEIRO","0001","","",98441,"PAREDE DE MADEIRA COMPENSADA PARA CONSTRUÇÃO TEMPORÁRIA EM CHAPA SIMPLES, EXTERNA, SEM VÃO. AF_03/2024","M2","COEFICIENTE DE REPRESENTATIVIDADE",94.54,"CAIXA REFERENCIAL"]
["CANTEIRO DE OBRAS","CANT","CONSTRUCAO DO CANTEIRO","0001","","",98443,"PAREDE DE MADEIRA COMPENSADA PARA CONSTRUÇÃO TEMPORÁRIA EM CHAPA SIMPLES, INTERNA, SEM VÃO. AF_03/2024","M2","COEFICIENTE DE REPRESENTATIVIDADE",75.45,"CAIXA REFERENCIAL"]
["CANTEIRO DE OBRAS","CANT","CONSTRUCAO DO CANTEIRO","0001","","",98445,"PAREDE DE MADEIRA COMPENSADA PARA CONSTRUÇÃO TEMPORÁRIA EM CHAPA SIMPLES, EXTERNA, COM ÁREA LÍQUIDA MAIOR OU IGUAL A 6 M², COM VÃO. AF_03/2024","M2","COEFICIENTE DE REPRESENTATIVIDADE",111.12,"CAIXA REFERENCIAL"]
["CANTEIRO DE OBRAS","CANT","CONSTRUCAO DO CANTEIRO","0001","","",98446,"PAREDE DE MADEIRA COMPENSADA PARA CONSTRUÇÃO TEMPORÁRIA EM CHAPA SIMPLES, EXTERNA, COM ÁREA LÍQUIDA MENOR QUE 6 M², COM VÃO. AF_03/2024","M2","COEFICIENTE DE REPRESENTATIVIDADE",140.94999999999999,"CAIXA REFERENCIAL"]
["CANTEIRO DE OBRAS","CANT","CONSTRUCAO DO CANTEIRO","0001","","",98447,"PAREDE DE MADEIRA COMPENSADA PARA CONSTRUÇÃO TEMPORÁRIA EM CHAPA SIMPLES, INTERNA, COM ÁREA LÍQUIDA MAIOR OU IGUAL A 6 M², COM VÃO. AF_03/2024","M2","COEFICIENTE DE REPRESENTATIVIDADE",89,"CAIXA REFERENCIAL"]
["CANTEIRO DE OBRAS","CANT","CONSTRUCAO DO CANTEIRO","0001","","",98448,"PAREDE DE MADEIRA COMPENSADA PARA CONSTRUÇÃO TEMPORÁRIA EM CHAPA SIMPLES, INTERNA, COM ÁREA LÍQUIDA MENOR QUE 6 M², COM VÃO. AF_03/2024","M2","COEFICIENTE DE REPRESENTATIVIDADE",113.67,"CAIXA REFERENCIAL"]
["CANTEIRO DE OBRAS","CANT","CONSTRUCAO DO CANTEIRO","0001","","",98449,"PAREDE DE MADEIRA COMPENSADA PARA CONSTRUÇÃO TEMPORÁRIA EM CHAPA DUPLA, EXTERNA, SEM VÃO. AF_03/2024","M2","COEFICIENTE DE REPRESENTATIVIDADE",132.11000000000001,"CAIXA REFERENCIAL"]
["CANTEIRO DE OBRAS","CANT","CONSTRUCAO DO CANTEIRO","0001","","",98451,"PAREDE DE MADEIRA COMPENSADA PARA CONSTRUÇÃO TEMPORÁRIA EM CHAPA DUPLA, INTERNA, SEM VÃO. AF_03/2024","M2","COEFICIENTE DE REPRESENTATIVIDADE",110.51,"CAIXA REFERENCIAL"]
["CANTEIRO DE OBRAS","CANT","CONSTRUCAO DO CANTEIRO","0001","","",98452,"PAREDE DE MADEIRA COMPENSADA PARA CONSTRUÇÃO TEMPORÁRIA EM CHAPA DUPLA, INTERNA, COM ÁREA LÍQUIDA MENOR QUE 6 M², SEM VÃO. AF_05/2018","M2","COEFICIENTE DE REPRESENTATIVIDADE",172.27,"CAIXA REFERENCIAL"]
["CANTEIRO DE OBRAS","CANT","CONSTRUCAO DO CANTEIRO","0001","","",98453,"PAREDE DE MADEIRA COMPENSADA PARA CONSTRUÇÃO TEMPORÁRIA EM CHAPA DUPLA, EXTERNA, COM ÁREA LÍQUIDA MAIOR OU IGUAL A QUE 6 M², COM VÃO. AF_03/2024","M2","COEFICIENTE DE REPRESENTATIVIDADE",152.30000000000001,"CAIXA REFERENCIAL"]
["CANTEIRO DE OBRAS","CANT","CONSTRUCAO DO CANTEIRO","0001","","",98454,"PAREDE DE MADEIRA COMPENSADA PARA CONSTRUÇÃO TEMPORÁRIA EM CHAPA DUPLA, EXTERNA, COM ÁREA LÍQUIDA MENOR QUE 6 M², COM VÃO. AF_03/2024","M2","COEFICIENTE DE REPRESENTATIVIDADE",189.01,"CAIXA REFERENCIAL"]
["CANTEIRO DE OBRAS","CANT","CONSTRUCAO DO CANTEIRO","0001","","",98455,"PAREDE DE MADEIRA COMPENSADA PARA CONSTRUÇÃO TEMPORÁRIA EM CHAPA DUPLA, INTERNA, COM ÁREA LÍQUIDA MAIOR OU IGUAL A 6 M², COM VÃO. AF_03/2024","M2","COEFICIENTE DE REPRESENTATIVIDADE",126.96,"CAIXA REFERENCIAL"]
["CANTEIRO DE OBRAS","CANT","CONSTRUCAO DO CANTEIRO","0001","","",98456,"PAREDE DE MADEIRA COMPENSADA PARA CONSTRUÇÃO TEMPORÁRIA EM CHAPA DUPLA, INTERNA, COM ÁREA LÍQUIDA MENOR QUE 6 M², COM VÃO. AF_03/2024","M2","COEFICIENTE DE REPRESENTATIVIDADE",158.9,"CAIXA REFERENCIAL"]
["CANTEIRO DE OBRAS","CANT","CONSTRUCAO DO CANTEIRO","0001","","",98458,"TAPUME COM COMPENSADO DE MADEIRA. AF_03/2024","M2","COEFICIENTE DE REPRESENTATIVIDADE",95.24,"CAIXA REFERENCIAL"]
["CANTEIRO DE OBRAS","CANT","CONSTRUCAO DO CANTEIRO","0001","","",98459,"TAPUME COM TELHA METÁLICA. AF_03/2024","M2","ATRIBUÍDO SÃO PAULO",87.69,"CAIXA REFERENCIAL"]
["CANTEIRO DE OBRAS","CANT","CONSTRUCAO DO CANTEIRO","0001","","",98460,"PISO PARA CONSTRUÇÃO TEMPORÁRIA EM MADEIRA, SEM REAPROVEITAMENTO. AF_03/2024","M2","COEFICIENTE DE REPRESENTATIVIDADE",76.239999999999995,"CAIXA REFERENCIAL"]
["CANTEIRO DE OBRAS","CANT","CONSTRUCAO DO CANTEIRO","0001","","",98461,"ESTRUTURA DE MADEIRA PROVISÓRIA PARA SUPORTE DE CAIXA DÁGUA ELEVADA DE 1000 LITROS. AF_03/2024_PS","UN","COEFICIENTE DE REPRESENTATIVIDADE",5891.36,"CAIXA REFERENCIAL"]
["CANTEIRO DE OBRAS","CANT","CONSTRUCAO DO CANTEIRO","0001","","",98462,"ESTRUTURA DE MADEIRA PROVISÓRIA PARA SUPORTE DE CAIXA DÁGUA ELEVADA DE 3000 LITROS. AF_03/2024_PS","UN","COEFICIENTE DE REPRESENTATIVIDADE",9932.61,"CAIXA REFERENCIAL"]
["CANTEIRO DE OBRAS","CANT","CONSTRUCAO DO CANTEIRO","0001","","",105113,"ESTRUTURA DE MADEIRA PROVISÓRIA PARA SUPORTE DE CAIXA D\u0092ÁGUA ELEVADA DE 2000 LITROS. AF_03/2024","UN","COEFICIENTE DE REPRESENTATIVIDADE",7752.44,"CAIXA REFERENCIAL"]
["CANTEIRO DE OBRAS","CANT","CONSTRUCAO DO CANTEIRO","0001","","",105114,"EXECUÇÃO DOS APOIOS PARA CONTÊINER OU MÓDULO HABITÁVEL. AF_03/2024","M3","ATRIBUÍDO SÃO PAULO",1713.26,"CAIXA REFERENCIAL"]
["CANTEIRO DE OBRAS","CANT","CONSTRUCAO DO CANTEIRO","0001","","",105115,"INSTALAÇÃO E DESINSTALAÇÃO MECANIZADA DE CONTÊINER OU MÓDULO HABITÁVEL DE USOS DIVERSOS. AF_03/2024","UN","ATRIBUÍDO SÃO PAULO",120.62,"CAIXA REFERENCIAL"]
["CANTEIRO DE OBRAS","CANT","CONSTRUCAO DO CANTEIRO","0001","","",105116,"INSTALAÇÃO E DESINSTALAÇÃO MANUAL DE CONTÊINER OU MÓDULO HABITÁVEL PEQUENO. AF_03/2024","UN","COEFICIENTE DE REPRESENTATIVIDADE",10.54,"CAIXA REFERENCIAL"]
["CANTEIRO DE OBRAS","CANT","CONSTRUCAO DO CANTEIRO","0001","","",105126,"INSTALAÇÃO DE CONCERTINA SIMPLES, ESPIRAL DE 300 MM. AF_03/2024","M","COEFICIENTE DE REPRESENTATIVIDADE",29.98,"CAIXA REFERENCIAL"]
["CANTEIRO DE OBRAS","CANT","CONSTRUCAO DO CANTEIRO","0001","","",105127,"INSTALAÇÃO DE CONCERTINA DUPLA CLIPADA, ESPIRAL DE 300 MM. AF_03/2024","M","COEFICIENTE DE REPRESENTATIVIDADE",27.77,"CAIXA REFERENCIAL"]
["CANTEIRO DE OBRAS","CANT","CONSTRUCAO DO CANTEIRO","0001","","",105128,"INSTALAÇÃO DE CONCERTINA FLAT, ESPIRAL DE 300 MM. AF_03/2024","M","COEFICIENTE DE REPRESENTATIVIDADE",88.05,"CAIXA REFERENCIAL"]
["CANTEIRO DE OBRAS","CANT","CONSTRUCAO DO CANTEIRO","0001","","",105130,"EXECUÇÃO DE PILARETES PARA TAPUMES E CONSTRUÇÕES TEMPORÁRIAS. AF_03/2024","M","COEFICIENTE DE REPRESENTATIVIDADE",28.44,"CAIXA REFERENCIAL"]
["CUSTOS HORÁRIOS DE MÁQUINAS E EQUIPAMENTOS","CHOR","CUSTO HORÁRIO PRODUTIVO DIURNO","0325","","",5631,"ESCAVADEIRA HIDRÁULICA SOBRE ESTEIRAS, CAÇAMBA 0,80 M3, PESO OPERACIONAL 17 T, POTENCIA BRUTA 111 HP - CHP DIURNO. AF_06/2014","CHP","COLETADO",218.18,"CAIXA REFERENCIAL"]
["CUSTOS HORÁRIOS DE MÁQUINAS E EQUIPAMENTOS","CHOR","CUSTO HORÁRIO PRODUTIVO DIURNO","0325","","",5678,"RETROESCAVADEIRA SOBRE RODAS COM CARREGADEIRA, TRAÇÃO 4X4, POTÊNCIA LÍQ. 88 HP, CAÇAMBA CARREG. CAP. MÍN. 1 M3, CAÇAMBA RETRO CAP. 0,26 M3, PESO OPERACIONAL MÍN. 6.674 KG, PROFUNDIDADE ESCAVAÇÃO MÁX. 4,37 M - CHP DIURNO. AF_06/2014","CHP","COEFICIENTE DE REPRESENTATIVIDADE",158.49,"CAIXA REFERENCIAL"]
["CUSTOS HORÁRIOS DE MÁQUINAS E EQUIPAMENTOS","CHOR","CUSTO HORÁRIO PRODUTIVO DIURNO","0325","","",5680,"RETROESCAVADEIRA SOBRE RODAS COM CARREGADEIRA, TRAÇÃO 4X2, POTÊNCIA LÍQ. 79 HP, CAÇAMBA CARREG. CAP. MÍN. 1 M3, CAÇAMBA RETRO CAP. 0,20 M3, PESO OPERACIONAL MÍN. 6.570 KG, PROFUNDIDADE ESCAVAÇÃO MÁX. 4,37 M - CHP DIURNO. AF_06/2014","CHP","COEFICIENTE DE REPRESENTATIVIDADE",145.41999999999999,"CAIXA REFERENCIAL"]
["CUSTOS HORÁRIOS DE MÁQUINAS E EQUIPAMENTOS","CHOR","CUSTO HORÁRIO PRODUTIVO DIURNO","0325","","",5684,"ROLO COMPACTADOR VIBRATÓRIO DE UM CILINDRO AÇO LISO, POTÊNCIA 80 HP, PESO OPERACIONAL MÁXIMO 8,1 T, IMPACTO DINÂMICO 16,15 / 9,5 T, LARGURA DE TRABALHO 1,68 M - CHP DIURNO. AF_06/2014","CHP","ATRIBUÍDO SÃO PAULO",172.17,"CAIXA REFERENCIAL"]
["CUSTOS HORÁRIOS DE MÁQUINAS E EQUIPAMENTOS","CHOR","CUSTO HORÁRIO PRODUTIVO DIURNO","0325","","",5689,"GRADE DE DISCO CONTROLE REMOTO REBOCÁVEL, COM 24 DISCOS 24 X 6 MM COM PNEUS PARA TRANSPORTE - CHP DIURNO. AF_06/2014","CHP","ATRIBUÍDO SÃO PAULO",6.32,"CAIXA REFERENCIAL"]
["CUSTOS HORÁRIOS DE MÁQUINAS E EQUIPAMENTOS","CHOR","CUSTO HORÁRIO PRODUTIVO DIURNO","0325","","",5795,"MARTELETE OU ROMPEDOR PNEUMÁTICO MANUAL, 28 KG, COM SILENCIADOR - CHP DIURNO. AF_07/2016","CHP","COEFICIENTE DE REPRESENTATIVIDADE",31.4,"CAIXA REFERENCIAL"]
["CUSTOS HORÁRIOS DE MÁQUINAS E EQUIPAMENTOS","CHOR","CUSTO HORÁRIO PRODUTIVO DIURNO","0325","","",5811,"CAMINHÃO BASCULANTE 6 M3, PESO BRUTO TOTAL 16.000 KG, CARGA ÚTIL MÁXIMA 13.071 KG, DISTÂNCIA ENTRE EIXOS 4,80 M, POTÊNCIA 230 CV INCLUSIVE CAÇAMBA METÁLICA - CHP DIURNO. AF_06/2014","CHP","ATRIBUÍDO SÃO PAULO",203.13,"CAIXA REFERENCIAL"]
["CUSTOS HORÁRIOS DE MÁQUINAS E EQUIPAMENTOS","CHOR","CUSTO HORÁRIO PRODUTIVO DIURNO","0325","","",5823,"USINA DE CONCRETO FIXA, CAPACIDADE NOMINAL DE 90 A 120 M3/H, SEM SILO - CHP DIURNO. AF_07/2016","CHP","ATRIBUÍDO SÃO PAULO",222.34,"CAIXA REFERENCIAL"]
["CUSTOS HORÁRIOS DE MÁQUINAS E EQUIPAMENTOS","CHOR","CUSTO HORÁRIO PRODUTIVO DIURNO","0325","","",5824,"CAMINHÃO TOCO, PBT 16.000 KG, CARGA ÚTIL MÁX. 10.685 KG, DIST. ENTRE EIXOS 4,8 M, POTÊNCIA 189 CV, INCLUSIVE CARROCERIA FIXA ABERTA DE MADEIRA P/ TRANSPORTE GERAL DE CARGA SECA, DIMEN. APROX. 2,5 X 7,00 X 0,50 M - CHP DIURNO. AF_06/2014","CHP","ATRIBUÍDO SÃO PAULO",215.39,"CAIXA REFERENCIAL"]
["CUSTOS HORÁRIOS DE MÁQUINAS E EQUIPAMENTOS","CHOR","CUSTO HORÁRIO PRODUTIVO DIURNO","0325","","",5835,"VIBROACABADORA DE ASFALTO SOBRE ESTEIRAS, LARGURA DE PAVIMENTAÇÃO 1,90 M A 5,30 M, POTÊNCIA 105 HP CAPACIDADE 450 T/H - CHP DIURNO. AF_11/2014","CHP","ATRIBUÍDO SÃO PAULO",350.07,"CAIXA REFERENCIAL"]
["CUSTOS HORÁRIOS DE MÁQUINAS E EQUIPAMENTOS","CHOR","CUSTO HORÁRIO PRODUTIVO DIURNO","0325","","",5839,"VASSOURA MECÂNICA REBOCÁVEL COM ESCOVA CILÍNDRICA, LARGURA ÚTIL DE VARRIMENTO DE 2,44 M - CHP DIURNO. AF_06/2014","CHP","ATRIBUÍDO SÃO PAULO",9.31,"CAIXA REFERENCIAL"]
["CUSTOS HORÁRIOS DE MÁQUINAS E EQUIPAMENTOS","CHOR","CUSTO HORÁRIO PRODUTIVO DIURNO","0325","","",5843,"TRATOR DE PNEUS, POTÊNCIA 122 CV, TRAÇÃO 4X4, PESO COM LASTRO DE 4.510 KG - CHP DIURNO. AF_06/2014","CHP","ATRIBUÍDO SÃO PAULO",170.88,"CAIXA REFERENCIAL"]
["CUSTOS HORÁRIOS DE MÁQUINAS E EQUIPAMENTOS","CHOR","CUSTO HORÁRIO PRODUTIVO DIURNO","0325","","",5847,"TRATOR DE ESTEIRAS, POTÊNCIA 170 HP, PESO OPERACIONAL 19 T, CAÇAMBA 5,2 M3 - CHP DIURNO. AF_06/2014","CHP","ATRIBUÍDO SÃO PAULO",261.43,"CAIXA REFERENCIAL"]
["CUSTOS HORÁRIOS DE MÁQUINAS E EQUIPAMENTOS","CHOR","CUSTO HORÁRIO PRODUTIVO DIURNO","0325","","",5851,"TRATOR DE ESTEIRAS, POTÊNCIA 150 HP, PESO OPERACIONAL 16,7 T, COM RODA MOTRIZ ELEVADA E LÂMINA 3,18 M3 - CHP DIURNO. AF_06/2014","CHP","ATRIBUÍDO SÃO PAULO",249.8,"CAIXA REFERENCIAL"]
["CUSTOS HORÁRIOS DE MÁQUINAS E EQUIPAMENTOS","CHOR","CUSTO HORÁRIO PRODUTIVO DIURNO","0325","","",5855,"TRATOR DE ESTEIRAS, POTÊNCIA 347 HP, PESO OPERACIONAL 38,5 T, COM LÂMINA 8,70 M3 - CHP DIURNO. AF_06/2014","CHP","ATRIBUÍDO SÃO PAULO",655.08000000000004,"CAIXA REFERENCIAL"]
["CUSTOS HORÁRIOS DE MÁQUINAS E EQUIPAMENTOS","CHOR","CUSTO HORÁRIO PRODUTIVO DIURNO","0325","","",5863,"ROLO COMPACTADOR VIBRATÓRIO REBOCÁVEL, CILINDRO DE AÇO LISO, POTÊNCIA DE TRAÇÃO DE 65 CV, PESO 4,7 T, IMPACTO DINÂMICO 18,3 T, LARGURA DE TRABALHO 1,67 M - CHP DIURNO. AF_02/2016","CHP","ATRIBUÍDO SÃO PAULO",25.02,"CAIXA REFERENCIAL"]
["CUSTOS HORÁRIOS DE MÁQUINAS E EQUIPAMENTOS","CHOR","CUSTO HORÁRIO PRODUTIVO DIURNO","0325","","",5867,"ROLO COMPACTADOR VIBRATÓRIO TANDEM AÇO LISO, POTÊNCIA 58 HP, PESO SEM/COM LASTRO 6,5 / 9,4 T, LARGURA DE TRABALHO 1,2 M - CHP DIURNO. AF_06/2014","CHP","ATRIBUÍDO SÃO PAULO",174.96,"CAIXA REFERENCIAL"]
["CUSTOS HORÁRIOS DE MÁQUINAS E EQUIPAMENTOS","CHOR","CUSTO HORÁRIO PRODUTIVO DIURNO","0325","","",5875,"RETROESCAVADEIRA SOBRE RODAS COM CARREGADEIRA, TRAÇÃO 4X4, POTÊNCIA LÍQ. 72 HP, CAÇAMBA CARREG. CAP. MÍN. 0,79 M3, CAÇAMBA RETRO CAP. 0,18 M3, PESO OPERACIONAL MÍN. 7.140 KG, PROFUNDIDADE ESCAVAÇÃO MÁX. 4,50 M - CHP DIURNO. AF_06/2014","CHP","COLETADO",146.79,"CAIXA REFERENCIAL"]
["CUSTOS HORÁRIOS DE MÁQUINAS E EQUIPAMENTOS","CHOR","CUSTO HORÁRIO PRODUTIVO DIURNO","0325","","",5879,"ROLO COMPACTADOR VIBRATÓRIO PÉ DE CARNEIRO, OPERADO POR CONTROLE REMOTO, POTÊNCIA 12,5 KW, PESO OPERACIONAL 1,675 T, LARGURA DE TRABALHO 0,85 M - CHP DIURNO. AF_02/2016","CHP","ATRIBUÍDO SÃO PAULO",157.79,"CAIXA REFERENCIAL"]
["CUSTOS HORÁRIOS DE MÁQUINAS E EQUIPAMENTOS","CHOR","CUSTO HORÁRIO PRODUTIVO DIURNO","0325","","",5882,"USINA DE LAMA ASFÁLTICA, PROD 30 A 50 T/H, SILO DE AGREGADO 7 M3, RESERVATÓRIOS PARA EMULSÃO E ÁGUA DE 2,3 M3 CADA, MISTURADOR TIPO PUG MILL A SER MONTADO SOBRE CAMINHÃO - CHP DIURNO. AF_10/2014","CHP","ATRIBUÍDO SÃO PAULO",122.59,"CAIXA REFERENCIAL"]
["CUSTOS HORÁRIOS DE MÁQUINAS E EQUIPAMENTOS","CHOR","CUSTO HORÁRIO PRODUTIVO DIURNO","0325","","",5890,"CAMINHÃO TOCO, PESO BRUTO TOTAL 14.300 KG, CARGA ÚTIL MÁXIMA 9590 KG, DISTÂNCIA ENTRE EIXOS 4,76 M, POTÊNCIA 185 CV (NÃO INCLUI CARROCERIA) - CHP DIURNO. AF_06/2014","CHP","COEFICIENTE DE REPRESENTATIVIDADE",202.39,"CAIXA REFERENCIAL"]
["CUSTOS HORÁRIOS DE MÁQUINAS E EQUIPAMENTOS","CHOR","CUSTO HORÁRIO PRODUTIVO DIURNO","0325","","",5894,"CAMINHÃO TOCO, PESO BRUTO TOTAL 16.000 KG, CARGA ÚTIL MÁXIMA DE 10.685 KG, DISTÂNCIA ENTRE EIXOS 4,80 M, POTÊNCIA 189 CV EXCLUSIVE CARROCERIA - CHP DIURNO. AF_06/2014","CHP","COEFICIENTE DE REPRESENTATIVIDADE",211.24,"CAIXA REFERENCIAL"]
["CUSTOS HORÁRIOS DE MÁQUINAS E EQUIPAMENTOS","CHOR","CUSTO HORÁRIO PRODUTIVO DIURNO","0325","","",5901,"CAMINHÃO PIPA 10.000 L TRUCADO, PESO BRUTO TOTAL 23.000 KG, CARGA ÚTIL MÁXIMA 15.935 KG, DISTÂNCIA ENTRE EIXOS 4,8 M, POTÊNCIA 230 CV, INCLUSIVE TANQUE DE AÇO PARA TRANSPORTE DE ÁGUA - CHP DIURNO. AF_06/2014","CHP","ATRIBUÍDO SÃO PAULO",317.22000000000003,"CAIXA REFERENCIAL"]
["CUSTOS HORÁRIOS DE MÁQUINAS E EQUIPAMENTOS","CHOR","CUSTO HORÁRIO PRODUTIVO DIURNO","0325","","",5909,"ESPARGIDOR DE ASFALTO PRESSURIZADO COM TANQUE DE 2500 L, REBOCÁVEL COM MOTOR A GASOLINA POTÊNCIA 3,4 HP - CHP DIURNO. AF_07/2014","CHP","ATRIBUÍDO SÃO PAULO",32.880000000000003,"CAIXA REFERENCIAL"]
["CUSTOS HORÁRIOS DE MÁQUINAS E EQUIPAMENTOS","CHOR","CUSTO HORÁRIO PRODUTIVO DIURNO","0325","","",5921,"GRADE DE DISCO REBOCÁVEL COM 20 DISCOS 24\" X 6 MM COM PNEUS PARA TRANSPORTE - CHP DIURNO. AF_06/2014","CHP","ATRIBUÍDO SÃO PAULO",4.9400000000000004,"CAIXA REFERENCIAL"]
["CUSTOS HORÁRIOS DE MÁQUINAS E EQUIPAMENTOS","CHOR","CUSTO HORÁRIO PRODUTIVO DIURNO","0325","","",5928,"GUINDAUTO HIDRÁULICO, CAPACIDADE MÁXIMA DE CARGA 6200 KG, MOMENTO MÁXIMO DE CARGA 11,7 TM, ALCANCE MÁXIMO HORIZONTAL 9,70 M, INCLUSIVE CAMINHÃO TOCO PBT 16.000 KG, POTÊNCIA DE 189 CV - CHP DIURNO. AF_06/2014","CHP","ATRIBUÍDO SÃO PAULO",275.36,"CAIXA REFERENCIAL"]
["CUSTOS HORÁRIOS DE MÁQUINAS E EQUIPAMENTOS","CHOR","CUSTO HORÁRIO PRODUTIVO DIURNO","0325","","",5932,"MOTONIVELADORA POTÊNCIA BÁSICA LÍQUIDA (PRIMEIRA MARCHA) 125 HP, PESO BRUTO 13032 KG, LARGURA DA LÂMINA DE 3,7 M - CHP DIURNO. AF_06/2014","CHP","COEFICIENTE DE REPRESENTATIVIDADE",271.82,"CAIXA REFERENCIAL"]
["CUSTOS HORÁRIOS DE MÁQUINAS E EQUIPAMENTOS","CHOR","CUSTO HORÁRIO PRODUTIVO DIURNO","0325","","",5940,"PÁ CARREGADEIRA SOBRE RODAS, POTÊNCIA LÍQUIDA 128 HP, CAPACIDADE DA CAÇAMBA 1,7 A 2,8 M3, PESO OPERACIONAL 11632 KG - CHP DIURNO. AF_06/2014","CHP","COEFICIENTE DE REPRESENTATIVIDADE",184.93,"CAIXA REFERENCIAL"]
["CUSTOS HORÁRIOS DE MÁQUINAS E EQUIPAMENTOS","CHOR","CUSTO HORÁRIO PRODUTIVO DIURNO","0325","","",5944,"PÁ CARREGADEIRA SOBRE RODAS, POTÊNCIA 197 HP, CAPACIDADE DA CAÇAMBA 2,5 A 3,5 M3, PESO OPERACIONAL 18338 KG - CHP DIURNO. AF_06/2014","CHP","COEFICIENTE DE REPRESENTATIVIDADE",224.51,"CAIXA REFERENCIAL"]
["CUSTOS HORÁRIOS DE MÁQUINAS E EQUIPAMENTOS","CHOR","CUSTO HORÁRIO PRODUTIVO DIURNO","0325","","",5953,"COMPRESSOR DE AR REBOCÁVEL, VAZÃO 189 PCM, PRESSÃO EFETIVA DE TRABALHO 102 PSI, MOTOR DIESEL, POTÊNCIA 63 CV - CHP DIURNO. AF_06/2015","CHP","ATRIBUÍDO SÃO PAULO",59.64,"CAIXA REFERENCIAL"]
["CUSTOS HORÁRIOS DE MÁQUINAS E EQUIPAMENTOS","CHOR","CUSTO HORÁRIO PRODUTIVO DIURNO","0325","","",6259,"CAMINHÃO PIPA 6.000 L, PESO BRUTO TOTAL 13.000 KG, DISTÂNCIA ENTRE EIXOS 4,80 M, POTÊNCIA 189 CV INCLUSIVE TANQUE DE AÇO PARA TRANSPORTE DE ÁGUA, CAPACIDADE 6 M3 - CHP DIURNO. AF_06/2014","CHP","ATRIBUÍDO SÃO PAULO",253.97,"CAIXA REFERENCIAL"]
["CUSTOS HORÁRIOS DE MÁQUINAS E EQUIPAMENTOS","CHOR","CUSTO HORÁRIO PRODUTIVO DIURNO","0325","","",6879,"ROLO COMPACTADOR DE PNEUS ESTÁTICO, PRESSÃO VARIÁVEL, POTÊNCIA 111 HP, PESO SEM/COM LASTRO 9,5 / 26 T, LARGURA DE TRABALHO 1,90 M - CHP DIURNO. AF_07/2014","CHP","ATRIBUÍDO SÃO PAULO",226.08,"CAIXA REFERENCIAL"]
["CUSTOS HORÁRIOS DE MÁQUINAS E EQUIPAMENTOS","CHOR","CUSTO HORÁRIO PRODUTIVO DIURNO","0325","","",7030,"TANQUE DE ASFALTO ESTACIONÁRIO COM SERPENTINA, CAPACIDADE 30.000 L - CHP DIURNO. AF_05/2023","CHP","ATRIBUÍDO SÃO PAULO",265.74,"CAIXA REFERENCIAL"]
["CUSTOS HORÁRIOS DE MÁQUINAS E EQUIPAMENTOS","CHOR","CUSTO HORÁRIO PRODUTIVO DIURNO","0325","","",7042,"MOTOBOMBA TRASH (PARA ÁGUA SUJA) AUTO ESCORVANTE, MOTOR GASOLINA DE 6,41 HP, DIÂMETROS DE SUCÇÃO X RECALQUE: 3\" X 3\", HM/Q = 10 MCA / 60 M3/H A 23 MCA / 0 M3/H - CHP DIURNO. AF_10/2014","CHP","COEFICIENTE DE REPRESENTATIVIDADE",23.61,"CAIXA REFERENCIAL"]
["CUSTOS HORÁRIOS DE MÁQUINAS E EQUIPAMENTOS","CHOR","CUSTO HORÁRIO PRODUTIVO DIURNO","0325","","",7049,"ROLO COMPACTADOR PE DE CARNEIRO VIBRATORIO, POTENCIA 125 HP, PESO OPERACIONAL SEM/COM LASTRO 11,95 / 13,30 T, IMPACTO DINAMICO 38,5 / 22,5 T, LARGURA DE TRABALHO 2,15 M - CHP DIURNO. AF_06/2014","CHP","ATRIBUÍDO SÃO PAULO",236.12,"CAIXA REFERENCIAL"]
["CUSTOS HORÁRIOS DE MÁQUINAS E EQUIPAMENTOS","CHOR","CUSTO HORÁRIO PRODUTIVO DIURNO","0325","","",67826,"CAMINHÃO BASCULANTE 6 M3 TOCO, PESO BRUTO TOTAL 16.000 KG, CARGA ÚTIL MÁXIMA 11.130 KG, DISTÂNCIA ENTRE EIXOS 5,36 M, POTÊNCIA 185 CV, INCLUSIVE CAÇAMBA METÁLICA - CHP DIURNO. AF_06/2014","CHP","ATRIBUÍDO SÃO PAULO",186.29,"CAIXA REFERENCIAL"]
["CUSTOS HORÁRIOS DE MÁQUINAS E EQUIPAMENTOS","CHOR","CUSTO HORÁRIO PRODUTIVO DIURNO","0325","","",73417,"GRUPO GERADOR ESTACIONÁRIO, MOTOR DIESEL POTÊNCIA 170 KVA - CHP DIURNO. AF_02/2016","CHP","COEFICIENTE DE REPRESENTATIVIDADE",189.96,"CAIXA REFERENCIAL"]
["CUSTOS HORÁRIOS DE MÁQUINAS E EQUIPAMENTOS","CHOR","CUSTO HORÁRIO PRODUTIVO DIURNO","0325","","",73436,"ROLO COMPACTADOR VIBRATÓRIO PÉ DE CARNEIRO PARA SOLOS, POTÊNCIA 80 HP, PESO OPERACIONAL SEM/COM LASTRO 7,4 / 8,8 T, LARGURA DE TRABALHO 1,68 M - CHP DIURNO. AF_02/2016","CHP","ATRIBUÍDO SÃO PAULO",175.53,"CAIXA REFERENCIAL"]
["CUSTOS HORÁRIOS DE MÁQUINAS E EQUIPAMENTOS","CHOR","CUSTO HORÁRIO PRODUTIVO DIURNO","0325","","",73467,"CAMINHÃO TOCO, PBT 14.300 KG, CARGA ÚTIL MÁX. 9.710 KG, DIST. ENTRE EIXOS 3,56 M, POTÊNCIA 185 CV, INCLUSIVE CARROCERIA FIXA ABERTA DE MADEIRA P/ TRANSPORTE GERAL DE CARGA SECA, DIMEN. APROX. 2,50 X 6,50 X 0,50 M - CHP DIURNO. AF_06/2014","CHP","ATRIBUÍDO SÃO PAULO",246.64,"CAIXA REFERENCIAL"]
["CUSTOS HORÁRIOS DE MÁQUINAS E EQUIPAMENTOS","CHOR","CUSTO HORÁRIO PRODUTIVO DIURNO","0325","","",73536,"MOTOBOMBA CENTRÍFUGA, MOTOR A GASOLINA, POTÊNCIA 5,42 HP, BOCAIS 1 1/2\" X 1\", DIÂMETRO ROTOR 143 MM HM/Q = 6 MCA / 16,8 M3/H A 38 MCA / 6,6 M3/H - CHP DIURNO. AF_06/2014","CHP","COEFICIENTE DE REPRESENTATIVIDADE",19.97,"CAIXA REFERENCIAL"]
["CUSTOS HORÁRIOS DE MÁQUINAS E EQUIPAMENTOS","CHOR","CUSTO HORÁRIO PRODUTIVO DIURNO","0325","","",83362,"ESPARGIDOR DE ASFALTO PRESSURIZADO, TANQUE 6 M3 COM ISOLAÇÃO TÉRMICA, AQUECIDO COM 2 MAÇARICOS, COM BARRA ESPARGIDORA 3,60 M, MONTADO SOBRE CAMINHÃO  TOCO, PBT 14.300 KG, POTÊNCIA 185 CV - CHP DIURNO. AF_05/2023","CHP","ATRIBUÍDO SÃO PAULO",273.44,"CAIXA REFERENCIAL"]
["CUSTOS HORÁRIOS DE MÁQUINAS E EQUIPAMENTOS","CHOR","CUSTO HORÁRIO PRODUTIVO DIURNO","0325","","",83765,"GRUPO DE SOLDAGEM COM GERADOR A DIESEL 60 CV PARA SOLDA ELÉTRICA, SOBRE 04 RODAS, COM MOTOR 4 CILINDROS 600 A - CHP DIURNO. AF_02/2016","CHP","COEFICIENTE DE REPRESENTATIVIDADE",97.18,"CAIXA REFERENCIAL"]
["CUSTOS HORÁRIOS DE MÁQUINAS E EQUIPAMENTOS","CHOR","CUSTO HORÁRIO PRODUTIVO DIURNO","0325","","",87445,"BETONEIRA CAPACIDADE NOMINAL 400 L, CAPACIDADE DE MISTURA 310 L, MOTOR A DIESEL POTÊNCIA 5,0 HP, SEM CARREGADOR - CHP DIURNO. AF_05/2023","CHP","COEFICIENTE DE REPRESENTATIVIDADE",5.41,"CAIXA REFERENCIAL"]
["CUSTOS HORÁRIOS DE MÁQUINAS E EQUIPAMENTOS","CHOR","CUSTO HORÁRIO PRODUTIVO DIURNO","0325","","",88386,"MISTURADOR DE ARGAMASSA, EIXO HORIZONTAL, CAPACIDADE DE MISTURA 300 KG, MOTOR ELÉTRICO POTÊNCIA 5 CV - CHP DIURNO. AF_05/2023","CHP","COEFICIENTE DE REPRESENTATIVIDADE",5.27,"CAIXA REFERENCIAL"]
["CUSTOS HORÁRIOS DE MÁQUINAS E EQUIPAMENTOS","CHOR","CUSTO HORÁRIO PRODUTIVO DIURNO","0325","","",88393,"MISTURADOR DE ARGAMASSA, EIXO HORIZONTAL, CAPACIDADE DE MISTURA 600 KG, MOTOR ELÉTRICO POTÊNCIA 7,5 CV - CHP DIURNO. AF_05/2023","CHP","COEFICIENTE DE REPRESENTATIVIDADE",7.23,"CAIXA REFERENCIAL"]
["CUSTOS HORÁRIOS DE MÁQUINAS E EQUIPAMENTOS","CHOR","CUSTO HORÁRIO PRODUTIVO DIURNO","0325","","",88399,"MISTURADOR DE ARGAMASSA, EIXO HORIZONTAL, CAPACIDADE DE MISTURA 160 KG, MOTOR ELÉTRICO POTÊNCIA 3 CV - CHP DIURNO. AF_05/2023","CHP","COEFICIENTE DE REPRESENTATIVIDADE",3.92,"CAIXA REFERENCIAL"]
["CUSTOS HORÁRIOS DE MÁQUINAS E EQUIPAMENTOS","CHOR","CUSTO HORÁRIO PRODUTIVO DIURNO","0325","","",88418,"PROJETOR DE ARGAMASSA, CAPACIDADE DE PROJEÇÃO 1,5 M3/H, ALCANCE DE 30 ATÉ 60 M, MOTOR ELÉTRICO POTÊNCIA 7,5 HP - CHP DIURNO. AF_06/2014","CHP","COEFICIENTE DE REPRESENTATIVIDADE",16.03,"CAIXA REFERENCIAL"]
["CUSTOS HORÁRIOS DE MÁQUINAS E EQUIPAMENTOS","CHOR","CUSTO HORÁRIO PRODUTIVO DIURNO","0325","","",88433,"PROJETOR DE ARGAMASSA, CAPACIDADE DE PROJEÇÃO 2 M3/H, ALCANCE ATÉ 50 M, MOTOR ELÉTRICO POTÊNCIA 7,5 HP - CHP DIURNO. AF_06/2014","CHP","COEFICIENTE DE REPRESENTATIVIDADE",20.92,"CAIXA REFERENCIAL"]
["CUSTOS HORÁRIOS DE MÁQUINAS E EQUIPAMENTOS","CHOR","CUSTO HORÁRIO PRODUTIVO DIURNO","0325","","",88830,"BETONEIRA CAPACIDADE NOMINAL DE 400 L, CAPACIDADE DE MISTURA 280 L, MOTOR ELÉTRICO TRIFÁSICO POTÊNCIA DE 2 CV, SEM CARREGADOR - CHP DIURNO. AF_05/2023","CHP","COEFICIENTE DE REPRESENTATIVIDADE",2.04,"CAIXA REFERENCIAL"]
["CUSTOS HORÁRIOS DE MÁQUINAS E EQUIPAMENTOS","CHOR","CUSTO HORÁRIO PRODUTIVO DIURNO","0325","","",88843,"TRATOR DE ESTEIRAS, POTÊNCIA 125 HP, PESO OPERACIONAL 12,9 T, COM LÂMINA 2,7 M3 - CHP DIURNO. AF_10/2014","CHP","ATRIBUÍDO SÃO PAULO",210.34,"CAIXA REFERENCIAL"]
["CUSTOS HORÁRIOS DE MÁQUINAS E EQUIPAMENTOS","CHOR","CUSTO HORÁRIO PRODUTIVO DIURNO","0325","","",88907,"ESCAVADEIRA HIDRÁULICA SOBRE ESTEIRAS, CAÇAMBA 1,20 M3, PESO OPERACIONAL 21 T, POTÊNCIA BRUTA 155 HP - CHP DIURNO. AF_06/2014","CHP","COEFICIENTE DE REPRESENTATIVIDADE",256.7,"CAIXA REFERENCIAL"]
["CUSTOS HORÁRIOS DE MÁQUINAS E EQUIPAMENTOS","CHOR","CUSTO HORÁRIO PRODUTIVO DIURNO","0325","","",89021,"BOMBA SUBMERSÍVEL ELÉTRICA TRIFÁSICA, POTÊNCIA 2,96 HP, Ø ROTOR 144 MM SEMI-ABERTO, BOCAL DE SAÍDA Ø 2\", HM/Q = 2 MCA / 38,8 M3/H A 28 MCA / 5 M3/H - CHP DIURNO. AF_06/2014","CHP","COEFICIENTE DE REPRESENTATIVIDADE",2.4900000000000002,"CAIXA REFERENCIAL"]
["CUSTOS HORÁRIOS DE MÁQUINAS E EQUIPAMENTOS","CHOR","CUSTO HORÁRIO PRODUTIVO DIURNO","0325","","",89028,"TANQUE DE ASFALTO ESTACIONÁRIO COM MAÇARICO, CAPACIDADE 20.000 L - CHP DIURNO. AF_05/2023","CHP","ATRIBUÍDO SÃO PAULO",178.84,"CAIXA REFERENCIAL"]
["CUSTOS HORÁRIOS DE MÁQUINAS E EQUIPAMENTOS","CHOR","CUSTO HORÁRIO PRODUTIVO DIURNO","0325","","",89032,"TRATOR DE ESTEIRAS, POTÊNCIA 100 HP, PESO OPERACIONAL 9,4 T, COM LÂMINA 2,19 M3 - CHP DIURNO. AF_06/2014","CHP","ATRIBUÍDO SÃO PAULO",190.32,"CAIXA REFERENCIAL"]
["CUSTOS HORÁRIOS DE MÁQUINAS E EQUIPAMENTOS","CHOR","CUSTO HORÁRIO PRODUTIVO DIURNO","0325","","",89035,"TRATOR DE PNEUS, POTÊNCIA 85 CV, TRAÇÃO 4X4, PESO COM LASTRO DE 4.675 KG - CHP DIURNO. AF_06/2014","CHP","ATRIBUÍDO SÃO PAULO",130.38999999999999,"CAIXA REFERENCIAL"]
["CUSTOS HORÁRIOS DE MÁQUINAS E EQUIPAMENTOS","CHOR","CUSTO HORÁRIO PRODUTIVO DIURNO","0325","","",89225,"BETONEIRA CAPACIDADE NOMINAL DE 600 L, CAPACIDADE DE MISTURA 360 L, MOTOR ELÉTRICO TRIFÁSICO POTÊNCIA DE 4 CV, SEM CARREGADOR - CHP DIURNO. AF_05/2023","CHP","COEFICIENTE DE REPRESENTATIVIDADE",5.85,"CAIXA REFERENCIAL"]
["CUSTOS HORÁRIOS DE MÁQUINAS E EQUIPAMENTOS","CHOR","CUSTO HORÁRIO PRODUTIVO DIURNO","0325","","",89234,"FRESADORA DE ASFALTO A FRIO SOBRE RODAS, LARGURA FRESAGEM DE 1,0 M, POTÊNCIA 208 HP - CHP DIURNO. AF_11/2014","CHP","ATRIBUÍDO SÃO PAULO",531.5,"CAIXA REFERENCIAL"]
["CUSTOS HORÁRIOS DE MÁQUINAS E EQUIPAMENTOS","CHOR","CUSTO HORÁRIO PRODUTIVO DIURNO","0325","","",89242,"FRESADORA DE ASFALTO A FRIO SOBRE RODAS, LARGURA FRESAGEM DE 2,0 M, POTÊNCIA 550 HP - CHP DIURNO. AF_11/2014","CHP","ATRIBUÍDO SÃO PAULO",1247.6300000000001,"CAIXA REFERENCIAL"]
["CUSTOS HORÁRIOS DE MÁQUINAS E EQUIPAMENTOS","CHOR","CUSTO HORÁRIO PRODUTIVO DIURNO","0325","","",89250,"RECICLADORA DE ASFALTO A FRIO SOBRE RODAS, LARGURA FRESAGEM DE 2,0 M, POTÊNCIA 422 HP - CHP DIURNO. AF_11/2014","CHP","ATRIBUÍDO SÃO PAULO",1081.29,"CAIXA REFERENCIAL"]
["CUSTOS HORÁRIOS DE MÁQUINAS E EQUIPAMENTOS","CHOR","CUSTO HORÁRIO PRODUTIVO DIURNO","0325","","",89257,"VIBROACABADORA DE ASFALTO SOBRE ESTEIRAS, LARGURA DE PAVIMENTAÇÃO 2,13 M A 4,55 M, POTÊNCIA 100 HP CAPACIDADE 400 T/H - CHP DIURNO. AF_11/2014","CHP","ATRIBUÍDO SÃO PAULO",304.68,"CAIXA REFERENCIAL"]
["CUSTOS HORÁRIOS DE MÁQUINAS E EQUIPAMENTOS","CHOR","CUSTO HORÁRIO PRODUTIVO DIURNO","0325","","",89272,"GUINDASTE HIDRÁULICO AUTOPROPELIDO, COM LANÇA TELESCÓPICA 28,80 M, CAPACIDADE MÁXIMA 30 T, POTÊNCIA 97 KW, TRAÇÃO 4 X 4 - CHP DIURNO. AF_11/2014","CHP","ATRIBUÍDO SÃO PAULO",227.67,"CAIXA REFERENCIAL"]
["CUSTOS HORÁRIOS DE MÁQUINAS E EQUIPAMENTOS","CHOR","CUSTO HORÁRIO PRODUTIVO DIURNO","0325","","",89278,"BETONEIRA CAPACIDADE NOMINAL DE 600 L, CAPACIDADE DE MISTURA 440 L, MOTOR A DIESEL POTÊNCIA 10 HP, COM CARREGADOR - CHP DIURNO. AF_05/2023","CHP","COEFICIENTE DE REPRESENTATIVIDADE",12.83,"CAIXA REFERENCIAL"]
["CUSTOS HORÁRIOS DE MÁQUINAS E EQUIPAMENTOS","CHOR","CUSTO HORÁRIO PRODUTIVO DIURNO","0325","","",89843,"BATE-ESTACAS POR GRAVIDADE, POTÊNCIA DE 160 HP, PESO DO MARTELO ATÉ 3 TONELADAS - CHP DIURNO. AF_11/2014","CHP","ATRIBUÍDO SÃO PAULO",213.1,"CAIXA REFERENCIAL"]
["CUSTOS HORÁRIOS DE MÁQUINAS E EQUIPAMENTOS","CHOR","CUSTO HORÁRIO PRODUTIVO DIURNO","0325","","",89876,"CAMINHÃO BASCULANTE 14 M3, COM CAVALO MECÂNICO DE CAPACIDADE MÁXIMA DE TRAÇÃO COMBINADO DE 36000 KG, POTÊNCIA 286 CV, INCLUSIVE SEMIREBOQUE COM CAÇAMBA METÁLICA - CHP DIURNO. AF_12/2014","CHP","ATRIBUÍDO SÃO PAULO",318.70999999999998,"CAIXA REFERENCIAL"]
["CUSTOS HORÁRIOS DE MÁQUINAS E EQUIPAMENTOS","CHOR","CUSTO HORÁRIO PRODUTIVO DIURNO","0325","","",89883,"CAMINHÃO BASCULANTE 18 M3, COM CAVALO MECÂNICO DE CAPACIDADE MÁXIMA DE TRAÇÃO COMBINADO DE 45000 KG, POTÊNCIA 330 CV, INCLUSIVE SEMIREBOQUE COM CAÇAMBA METÁLICA - CHP DIURNO. AF_12/2014","CHP","ATRIBUÍDO SÃO PAULO",352.83,"CAIXA REFERENCIAL"]
["CUSTOS HORÁRIOS DE MÁQUINAS E EQUIPAMENTOS","CHOR","CUSTO HORÁRIO PRODUTIVO DIURNO","0325","","",90586,"VIBRADOR DE IMERSÃO, DIÂMETRO DE PONTEIRA 45MM, MOTOR ELÉTRICO TRIFÁSICO POTÊNCIA DE 2 CV - CHP DIURNO. AF_06/2015","CHP","ATRIBUÍDO SÃO PAULO",1.31,"CAIXA REFERENCIAL"]
["CUSTOS HORÁRIOS DE MÁQUINAS E EQUIPAMENTOS","CHOR","CUSTO HORÁRIO PRODUTIVO DIURNO","0325","","",90625,"PERFURATRIZ MANUAL, TORQUE MÁXIMO 83 N.M, POTÊNCIA 5 CV, COM DIÂMETRO MÁXIMO 4\" - CHP DIURNO. AF_06/2015","CHP","COEFICIENTE DE REPRESENTATIVIDADE",7.58,"CAIXA REFERENCIAL"]
["CUSTOS HORÁRIOS DE MÁQUINAS E EQUIPAMENTOS","CHOR","CUSTO HORÁRIO PRODUTIVO DIURNO","0325","","",90631,"PERFURATRIZ SOBRE ESTEIRA, TORQUE MÁXIMO 600 KGF, PESO MÉDIO 1000 KG, POTÊNCIA 20 HP, DIÂMETRO MÁXIMO 10\" - CHP DIURNO. AF_06/2015","CHP","COEFICIENTE DE REPRESENTATIVIDADE",154.13,"CAIXA REFERENCIAL"]
["CUSTOS HORÁRIOS DE MÁQUINAS E EQUIPAMENTOS","CHOR","CUSTO HORÁRIO PRODUTIVO DIURNO","0325","","",90637,"MISTURADOR DUPLO HORIZONTAL DE ALTA TURBULÊNCIA, CAPACIDADE / VOLUME 2 X 500 LITROS, MOTORES ELÉTRICOS MÍNIMO 5 CV CADA, PARA NATA CIMENTO, ARGAMASSA E OUTROS - CHP DIURNO. AF_06/2015","CHP","COEFICIENTE DE REPRESENTATIVIDADE",16.940000000000001,"CAIXA REFERENCIAL"]
["CUSTOS HORÁRIOS DE MÁQUINAS E EQUIPAMENTOS","CHOR","CUSTO HORÁRIO PRODUTIVO DIURNO","0325","","",90643,"BOMBA TRIPLEX, PARA INJEÇÃO DE NATA DE CIMENTO, VAZÃO MÁXIMA DE 100 LITROS/MINUTO, PRESSÃO MÁXIMA DE 70 BAR - CHP DIURNO. AF_06/2015","CHP","COEFICIENTE DE REPRESENTATIVIDADE",28.59,"CAIXA REFERENCIAL"]
["CUSTOS HORÁRIOS DE MÁQUINAS E EQUIPAMENTOS","CHOR","CUSTO HORÁRIO PRODUTIVO DIURNO","0325","","",90650,"BOMBA CENTRÍFUGA MONOESTÁGIO COM MOTOR ELÉTRICO MONOFÁSICO, POTÊNCIA 15 HP, DIÂMETRO DO ROTOR 173 MM, HM/Q = 30 MCA / 90 M3/H A 45 MCA / 55 M3/H - CHP DIURNO. AF_06/2015","CHP","COEFICIENTE DE REPRESENTATIVIDADE",11.08,"CAIXA REFERENCIAL"]
["CUSTOS HORÁRIOS DE MÁQUINAS E EQUIPAMENTOS","CHOR","CUSTO HORÁRIO PRODUTIVO DIURNO","0325","","",90656,"BOMBA DE PROJEÇÃO DE CONCRETO SECO, POTÊNCIA 10 CV, VAZÃO 3 M3/H - CHP DIURNO. AF_06/2015","CHP","COEFICIENTE DE REPRESENTATIVIDADE",16.760000000000002,"CAIXA REFERENCIAL"]
["CUSTOS HORÁRIOS DE MÁQUINAS E EQUIPAMENTOS","CHOR","CUSTO HORÁRIO PRODUTIVO DIURNO","0325","","",90662,"BOMBA DE PROJEÇÃO DE CONCRETO SECO, POTÊNCIA 10 CV, VAZÃO 6 M3/H - CHP DIURNO. AF_06/2015","CHP","COEFICIENTE DE REPRESENTATIVIDADE",17.52,"CAIXA REFERENCIAL"]
["CUSTOS HORÁRIOS DE MÁQUINAS E EQUIPAMENTOS","CHOR","CUSTO HORÁRIO PRODUTIVO DIURNO","0325","","",90668,"PROJETOR PNEUMÁTICO DE ARGAMASSA PARA CHAPISCO E REBOCO COM RECIPIENTE ACOPLADO, TIPO CANEQUINHA, COM COMPRESSOR DE AR REBOCÁVEL VAZÃO 89 PCM E MOTOR DIESEL DE 20 CV - CHP DIURNO. AF_05/2023","CHP","ATRIBUÍDO SÃO PAULO",32.630000000000003,"CAIXA REFERENCIAL"]
["CUSTOS HORÁRIOS DE MÁQUINAS E EQUIPAMENTOS","CHOR","CUSTO HORÁRIO PRODUTIVO DIURNO","0325","","",90674,"PERFURATRIZ COM TORRE METÁLICA PARA EXECUÇÃO DE ESTACA HÉLICE CONTÍNUA, PROFUNDIDADE MÁXIMA DE 30 M, DIÂMETRO MÁXIMO DE 800 MM, POTÊNCIA INSTALADA DE 268 HP, MESA ROTATIVA COM TORQUE MÁXIMO DE 170 KNM - CHP DIURNO. AF_06/2015","CHP","COEFICIENTE DE REPRESENTATIVIDADE",702.95,"CAIXA REFERENCIAL"]
["CUSTOS HORÁRIOS DE MÁQUINAS E EQUIPAMENTOS","CHOR","CUSTO HORÁRIO PRODUTIVO DIURNO","0325","","",90680,"PERFURATRIZ HIDRÁULICA SOBRE CAMINHÃO COM TRADO CURTO ACOPLADO, PROFUNDIDADE MÁXIMA DE 20 M, DIÂMETRO MÁXIMO DE 1500 MM, POTÊNCIA INSTALADA DE 137 HP, MESA ROTATIVA COM TORQUE MÁXIMO DE 30 KNM - CHP DIURNO. AF_06/2015","CHP","COEFICIENTE DE REPRESENTATIVIDADE",428.29,"CAIXA REFERENCIAL"]
["CUSTOS HORÁRIOS DE MÁQUINAS E EQUIPAMENTOS","CHOR","CUSTO HORÁRIO PRODUTIVO DIURNO","0325","","",90686,"MANIPULADOR TELESCÓPICO, POTÊNCIA DE 85 HP, CAPACIDADE DE CARGA DE 3.500 KG, ALTURA MÁXIMA DE ELEVAÇÃO DE 12,3 M - CHP DIURNO. AF_05/2023","CHP","ATRIBUÍDO SÃO PAULO",164.71,"CAIXA REFERENCIAL"]
["CUSTOS HORÁRIOS DE MÁQUINAS E EQUIPAMENTOS","CHOR","CUSTO HORÁRIO PRODUTIVO DIURNO","0325","","",90692,"MINICARREGADEIRA SOBRE RODAS, POTÊNCIA LÍQUIDA DE 47 HP, CAPACIDADE NOMINAL DE OPERAÇÃO DE 646 KG - CHP DIURNO. AF_06/2015","CHP","ATRIBUÍDO SÃO PAULO",138.22999999999999,"CAIXA REFERENCIAL"]
["CUSTOS HORÁRIOS DE MÁQUINAS E EQUIPAMENTOS","CHOR","CUSTO HORÁRIO PRODUTIVO DIURNO","0325","","",90964,"COMPRESSOR DE AR REBOCÁVEL, VAZÃO 89 PCM, PRESSÃO EFETIVA DE TRABALHO 102 PSI, MOTOR DIESEL, POTÊNCIA 20 CV - CHP DIURNO. AF_06/2015","CHP","ATRIBUÍDO SÃO PAULO",32.090000000000003,"CAIXA REFERENCIAL"]
["CUSTOS HORÁRIOS DE MÁQUINAS E EQUIPAMENTOS","CHOR","CUSTO HORÁRIO PRODUTIVO DIURNO","0325","","",90972,"COMPRESSOR DE AR REBOCAVEL, VAZÃO 250 PCM, PRESSAO DE TRABALHO 102 PSI, MOTOR A DIESEL POTÊNCIA 81 CV - CHP DIURNO. AF_06/2015","CHP","ATRIBUÍDO SÃO PAULO",77.38,"CAIXA REFERENCIAL"]
["CUSTOS HORÁRIOS DE MÁQUINAS E EQUIPAMENTOS","CHOR","CUSTO HORÁRIO PRODUTIVO DIURNO","0325","","",90979,"COMPRESSOR DE AR REBOCÁVEL, VAZÃO 748 PCM, PRESSÃO EFETIVA DE TRABALHO 102 PSI, MOTOR DIESEL, POTÊNCIA 210 CV - CHP DIURNO. AF_06/2015","CHP","ATRIBUÍDO SÃO PAULO",199.83,"CAIXA REFERENCIAL"]
["CUSTOS HORÁRIOS DE MÁQUINAS E EQUIPAMENTOS","CHOR","CUSTO HORÁRIO PRODUTIVO DIURNO","0325","","",90991,"ESCAVADEIRA HIDRÁULICA SOBRE ESTEIRAS, CAÇAMBA 0,80 M3, PESO OPERACIONAL 17,8 T, POTÊNCIA LÍQUIDA 110 HP - CHP DIURNO. AF_10/2014","CHP","COEFICIENTE DE REPRESENTATIVIDADE",212.17,"CAIXA REFERENCIAL"]
["CUSTOS HORÁRIOS DE MÁQUINAS E EQUIPAMENTOS","CHOR","CUSTO HORÁRIO PRODUTIVO DIURNO","0325","","",90999,"COMPRESSOR DE AR REBOCAVEL, VAZÃO 400 PCM, PRESSAO DE TRABALHO 102 PSI, MOTOR A DIESEL POTÊNCIA 110 CV - CHP DIURNO. AF_06/2015","CHP","ATRIBUÍDO SÃO PAULO",102.12,"CAIXA REFERENCIAL"]
["CUSTOS HORÁRIOS DE MÁQUINAS E EQUIPAMENTOS","CHOR","CUSTO HORÁRIO PRODUTIVO DIURNO","0325","","",91031,"CAMINHÃO TRUCADO (C/ TERCEIRO EIXO) ELETRÔNICO - POTÊNCIA 231CV - PBT = 22000KG - DIST. ENTRE EIXOS 5170 MM - INCLUI CARROCERIA FIXA ABERTA DE MADEIRA - CHP DIURNO. AF_06/2015","CHP","ATRIBUÍDO SÃO PAULO",259.08999999999997,"CAIXA REFERENCIAL"]
["CUSTOS HORÁRIOS DE MÁQUINAS E EQUIPAMENTOS","CHOR","CUSTO HORÁRIO PRODUTIVO DIURNO","0325","","",91277,"PLACA VIBRATÓRIA REVERSÍVEL COM MOTOR 4 TEMPOS A GASOLINA, FORÇA CENTRÍFUGA DE 25 KN (2500 KGF), POTÊNCIA 5,5 CV - CHP DIURNO. AF_08/2015","CHP","ATRIBUÍDO SÃO PAULO",9.4499999999999993,"CAIXA REFERENCIAL"]
["CUSTOS HORÁRIOS DE MÁQUINAS E EQUIPAMENTOS","CHOR","CUSTO HORÁRIO PRODUTIVO DIURNO","0325","","",91283,"CORTADORA DE PISO COM MOTOR 4 TEMPOS A GASOLINA, POTÊNCIA DE 13 HP, COM DISCO DE CORTE DIAMANTADO SEGMENTADO PARA CONCRETO, DIÂMETRO DE 350 MM, FURO DE 1\" (14 X 1\") - CHP DIURNO. AF_08/2015","CHP","COEFICIENTE DE REPRESENTATIVIDADE",9.9499999999999993,"CAIXA REFERENCIAL"]
["CUSTOS HORÁRIOS DE MÁQUINAS E EQUIPAMENTOS","CHOR","CUSTO HORÁRIO PRODUTIVO DIURNO","0325","","",91386,"CAMINHÃO BASCULANTE 10 M3, TRUCADO CABINE SIMPLES, PESO BRUTO TOTAL 23.000 KG, CARGA ÚTIL MÁXIMA 15.935 KG, DISTÂNCIA ENTRE EIXOS 4,80 M, POTÊNCIA 230 CV INCLUSIVE CAÇAMBA METÁLICA - CHP DIURNO. AF_06/2014","CHP","ATRIBUÍDO SÃO PAULO",267.8,"CAIXA REFERENCIAL"]
["CUSTOS HORÁRIOS DE MÁQUINAS E EQUIPAMENTOS","CHOR","CUSTO HORÁRIO PRODUTIVO DIURNO","0325","","",91533,"COMPACTADOR DE SOLOS DE PERCUSSÃO (SOQUETE) COM MOTOR A GASOLINA 4 TEMPOS, POTÊNCIA 4 CV - CHP DIURNO. AF_08/2015","CHP","ATRIBUÍDO SÃO PAULO",40.14,"CAIXA REFERENCIAL"]
["CUSTOS HORÁRIOS DE MÁQUINAS E EQUIPAMENTOS","CHOR","CUSTO HORÁRIO PRODUTIVO DIURNO","0325","","",91634,"GUINDAUTO HIDRÁULICO, CAPACIDADE MÁXIMA DE CARGA 6500 KG, MOMENTO MÁXIMO DE CARGA 5,8 TM, ALCANCE MÁXIMO HORIZONTAL 7,60 M, INCLUSIVE CAMINHÃO TOCO PBT 9.700 KG, POTÊNCIA DE 160 CV - CHP DIURNO. AF_08/2015","CHP","ATRIBUÍDO SÃO PAULO",232.89,"CAIXA REFERENCIAL"]
["CUSTOS HORÁRIOS DE MÁQUINAS E EQUIPAMENTOS","CHOR","CUSTO HORÁRIO PRODUTIVO DIURNO","0325","","",91645,"CAMINHÃO DE TRANSPORTE DE MATERIAL ASFÁLTICO 30.000 L, COM CAVALO MECÂNICO DE CAPACIDADE MÁXIMA DE TRAÇÃO COMBINADO DE 66.000 KG, POTÊNCIA 360 CV, INCLUSIVE TANQUE DE ASFALTO COM SERPENTINA - CHP DIURNO. AF_08/2015","CHP","ATRIBUÍDO SÃO PAULO",458.46,"CAIXA REFERENCIAL"]
["CUSTOS HORÁRIOS DE MÁQUINAS E EQUIPAMENTOS","CHOR","CUSTO HORÁRIO PRODUTIVO DIURNO","0325","","",91692,"SERRA CIRCULAR DE BANCADA COM MOTOR ELÉTRICO POTÊNCIA DE 5HP, COM COIFA PARA DISCO 10\" - CHP DIURNO. AF_08/2015","CHP","COEFICIENTE DE REPRESENTATIVIDADE",33.869999999999997,"CAIXA REFERENCIAL"]
["CUSTOS HORÁRIOS DE MÁQUINAS E EQUIPAMENTOS","CHOR","CUSTO HORÁRIO PRODUTIVO DIURNO","0325","","",92043,"DISTRIBUIDOR DE AGREGADOS REBOCAVEL, CAPACIDADE 1,9 M³, LARGURA DE TRABALHO 3,66 M - CHP DIURNO. AF_11/2015","CHP","ATRIBUÍDO SÃO PAULO",13.19,"CAIXA REFERENCIAL"]
["CUSTOS HORÁRIOS DE MÁQUINAS E EQUIPAMENTOS","CHOR","CUSTO HORÁRIO PRODUTIVO DIURNO","0325","","",92106,"CAMINHÃO PARA EQUIPAMENTO DE LIMPEZA A SUCÇÃO, COM CAMINHÃO TRUCADO DE PESO BRUTO TOTAL 23000 KG, CARGA ÚTIL MÁXIMA 15935 KG, DISTÂNCIA ENTRE EIXOS 4,80 M, POTÊNCIA 230 CV, INCLUSIVE LIMPADORA A SUCÇÃO, TANQUE 12000 L - CHP DIURNO. AF_05/2023","CHP","ATRIBUÍDO SÃO PAULO",337.6,"CAIXA REFERENCIAL"]
["CUSTOS HORÁRIOS DE MÁQUINAS E EQUIPAMENTOS","CHOR","CUSTO HORÁRIO PRODUTIVO DIURNO","0325","","",92112,"PENEIRA ROTATIVA COM MOTOR ELÉTRICO TRIFÁSICO DE 2 CV, CILINDRO DE 1 M X 0,60 M, COM FUROS DE 3,17 MM - CHP DIURNO. AF_05/2023","CHP","COEFICIENTE DE REPRESENTATIVIDADE",3.85,"CAIXA REFERENCIAL"]
["CUSTOS HORÁRIOS DE MÁQUINAS E EQUIPAMENTOS","CHOR","CUSTO HORÁRIO PRODUTIVO DIURNO","0325","","",92118,"DOSADOR DE AREIA, CAPACIDADE DE 26 LITROS - CHP DIURNO. AF_05/2023","CHP","COEFICIENTE DE REPRESENTATIVIDADE",0.5,"CAIXA REFERENCIAL"]
["CUSTOS HORÁRIOS DE MÁQUINAS E EQUIPAMENTOS","CHOR","CUSTO HORÁRIO PRODUTIVO DIURNO","0325","","",92138,"CAMINHONETE COM MOTOR A DIESEL, POTÊNCIA 180 CV, CABINE DUPLA, 4X4 - CHP DIURNO. AF_11/2015","CHP","COEFICIENTE DE REPRESENTATIVIDADE",90.23,"CAIXA REFERENCIAL"]
["CUSTOS HORÁRIOS DE MÁQUINAS E EQUIPAMENTOS","CHOR","CUSTO HORÁRIO PRODUTIVO DIURNO","0325","","",92145,"CAMINHONETE CABINE SIMPLES COM MOTOR 1.6 FLEX, CÂMBIO MANUAL, POTÊNCIA 101/104 CV, 2 PORTAS - CHP DIURNO. AF_11/2015","CHP","COEFICIENTE DE REPRESENTATIVIDADE",71.319999999999993,"CAIXA REFERENCIAL"]
["CUSTOS HORÁRIOS DE MÁQUINAS E EQUIPAMENTOS","CHOR","CUSTO HORÁRIO PRODUTIVO DIURNO","0325","","",92242,"CAMINHÃO DE TRANSPORTE DE MATERIAL ASFÁLTICO 20.000 L, COM CAVALO MECÂNICO DE CAPACIDADE MÁXIMA DE TRAÇÃO COMBINADO DE 45.000 KG, POTÊNCIA 330 CV, INCLUSIVE TANQUE DE ASFALTO COM MAÇARICO - CHP DIURNO. AF_12/2015","CHP","ATRIBUÍDO SÃO PAULO",397.71,"CAIXA REFERENCIAL"]
["CUSTOS HORÁRIOS DE MÁQUINAS E EQUIPAMENTOS","CHOR","CUSTO HORÁRIO PRODUTIVO DIURNO","0325","","",92716,"APARELHO PARA CORTE E SOLDA OXI-ACETILENO SOBRE RODAS, INCLUSIVE CILINDROS E MAÇARICOS - CHP DIURNO. AF_05/2023","CHP","ATRIBUÍDO SÃO PAULO",91.04,"CAIXA REFERENCIAL"]
["CUSTOS HORÁRIOS DE MÁQUINAS E EQUIPAMENTOS","CHOR","CUSTO HORÁRIO PRODUTIVO DIURNO","0325","","",92960,"MÁQUINA EXTRUSORA DE CONCRETO PARA GUIAS E SARJETAS, MOTOR A DIESEL, POTÊNCIA 14 CV - CHP DIURNO. AF_12/2015","CHP","ATRIBUÍDO SÃO PAULO",19.190000000000001,"CAIXA REFERENCIAL"]
["CUSTOS HORÁRIOS DE MÁQUINAS E EQUIPAMENTOS","CHOR","CUSTO HORÁRIO PRODUTIVO DIURNO","0325","","",92966,"MARTELO PERFURADOR PNEUMÁTICO MANUAL, HASTE 25 X 75 MM, 21 KG - CHP DIURNO. AF_12/2015","CHP","COEFICIENTE DE REPRESENTATIVIDADE",31.5,"CAIXA REFERENCIAL"]
["CUSTOS HORÁRIOS DE MÁQUINAS E EQUIPAMENTOS","CHOR","CUSTO HORÁRIO PRODUTIVO DIURNO","0325","","",93224,"PERFURATRIZ COM TORRE METÁLICA PARA EXECUÇÃO DE ESTACA HÉLICE CONTÍNUA, PROFUNDIDADE MÁXIMA DE 32 M, DIÂMETRO MÁXIMO DE 1000 MM, POTÊNCIA INSTALADA DE 350 HP, MESA ROTATIVA COM TORQUE MÁXIMO DE 263 KNM - CHP DIURNO. AF_01/2016","CHP","COEFICIENTE DE REPRESENTATIVIDADE",1045.58,"CAIXA REFERENCIAL"]
["CUSTOS HORÁRIOS DE MÁQUINAS E EQUIPAMENTOS","CHOR","CUSTO HORÁRIO PRODUTIVO DIURNO","0325","","",93233,"BETONEIRA CAPACIDADE NOMINAL 400 L, CAPACIDADE DE MISTURA 310 L, MOTOR A GASOLINA POTÊNCIA 5,5 HP, SEM CARREGADOR - CHP DIURNO. AF_02/2016","CHP","COEFICIENTE DE REPRESENTATIVIDADE",5.51,"CAIXA REFERENCIAL"]
["CUSTOS HORÁRIOS DE MÁQUINAS E EQUIPAMENTOS","CHOR","CUSTO HORÁRIO PRODUTIVO DIURNO","0325","","",93272,"GRUA ASCENSIONAL, LANCA DE 30 M, CAPACIDADE DE 1,0 T A 30 M, ALTURA ATE 39 M - CHP DIURNO. AF_05/2023","CHP","ATRIBUÍDO SÃO PAULO",119.21,"CAIXA REFERENCIAL"]
["CUSTOS HORÁRIOS DE MÁQUINAS E EQUIPAMENTOS","CHOR","CUSTO HORÁRIO PRODUTIVO DIURNO","0325","","",93281,"GUINCHO ELÉTRICO DE COLUNA, CAPACIDADE 400 KG, COM MOTO FREIO, MOTOR TRIFÁSICO DE 1,25 CV - CHP DIURNO. AF_03/2016","CHP","COEFICIENTE DE REPRESENTATIVIDADE",29.84,"CAIXA REFERENCIAL"]
["CUSTOS HORÁRIOS DE MÁQUINAS E EQUIPAMENTOS","CHOR","CUSTO HORÁRIO PRODUTIVO DIURNO","0325","","",93287,"GUINDASTE HIDRÁULICO AUTOPROPELIDO, COM LANÇA TELESCÓPICA 40 M, CAPACIDADE MÁXIMA 60 T, POTÊNCIA 260 KW - CHP DIURNO. AF_03/2016","CHP","ATRIBUÍDO SÃO PAULO",355.77,"CAIXA REFERENCIAL"]
["CUSTOS HORÁRIOS DE MÁQUINAS E EQUIPAMENTOS","CHOR","CUSTO HORÁRIO PRODUTIVO DIURNO","0325","","",93402,"GUINDAUTO HIDRÁULICO, CAPACIDADE MÁXIMA DE CARGA 3300 KG, MOMENTO MÁXIMO DE CARGA 5,8 TM, ALCANCE MÁXIMO HORIZONTAL 7,60 M, INCLUSIVE CAMINHÃO TOCO PBT 16.000 KG, POTÊNCIA DE 189 CV - CHP DIURNO. AF_03/2016","CHP","ATRIBUÍDO SÃO PAULO",269.52,"CAIXA REFERENCIAL"]
["CUSTOS HORÁRIOS DE MÁQUINAS E EQUIPAMENTOS","CHOR","CUSTO HORÁRIO PRODUTIVO DIURNO","0325","","",93408,"MÁQUINA JATO DE PRESSAO PORTÁTIL, CAMARA DE 1 SAIDA, CAPACIDADE 280 L, DIAMETRO 670 MM, BICO DE JATO CURTO VENTURI DE 5/16\" , MANGUEIRA DE 1\" COM COMPRESSOR DE AR REBOCÁVEL 189 PCM E MOTOR DIESEL 63 CV - CHP DIURNO. AF_05/2023","CHP","ATRIBUÍDO SÃO PAULO",95.3,"CAIXA REFERENCIAL"]
["CUSTOS HORÁRIOS DE MÁQUINAS E EQUIPAMENTOS","CHOR","CUSTO HORÁRIO PRODUTIVO DIURNO","0325","","",93415,"GERADOR PORTÁTIL MONOFÁSICO, POTÊNCIA 5500 VA, MOTOR A GASOLINA, POTÊNCIA DO MOTOR 13 CV - CHP DIURNO. AF_03/2016","CHP","COEFICIENTE DE REPRESENTATIVIDADE",14.9,"CAIXA REFERENCIAL"]
["CUSTOS HORÁRIOS DE MÁQUINAS E EQUIPAMENTOS","CHOR","CUSTO HORÁRIO PRODUTIVO DIURNO","0325","","",93421,"GRUPO GERADOR REBOCÁVEL, POTÊNCIA 66 KVA, MOTOR A DIESEL - CHP DIURNO. AF_03/2016","CHP","COEFICIENTE DE REPRESENTATIVIDADE",76.48,"CAIXA REFERENCIAL"]
["CUSTOS HORÁRIOS DE MÁQUINAS E EQUIPAMENTOS","CHOR","CUSTO HORÁRIO PRODUTIVO DIURNO","0325","","",93427,"GRUPO GERADOR ESTACIONÁRIO, POTÊNCIA 150 KVA, MOTOR A DIESEL- CHP DIURNO. AF_03/2016","CHP","COEFICIENTE DE REPRESENTATIVIDADE",173.04,"CAIXA REFERENCIAL"]
["CUSTOS HORÁRIOS DE MÁQUINAS E EQUIPAMENTOS","CHOR","CUSTO HORÁRIO PRODUTIVO DIURNO","0325","","",93433,"USINA DE MISTURA ASFÁLTICA À QUENTE, TIPO CONTRA FLUXO, PROD 40 A 80 TON/HORA - CHP DIURNO. AF_05/2023","CHP","ATRIBUÍDO SÃO PAULO",2627.57,"CAIXA REFERENCIAL"]
["CUSTOS HORÁRIOS DE MÁQUINAS E EQUIPAMENTOS","CHOR","CUSTO HORÁRIO PRODUTIVO DIURNO","0325","","",93439,"USINA DE ASFALTO À FRIO, CAPACIDADE DE 40 A 60 TON/HORA, ELÉTRICA POTÊNCIA 30 CV - CHP DIURNO. AF_05/2023","CHP","ATRIBUÍDO SÃO PAULO",253.4,"CAIXA REFERENCIAL"]
["CUSTOS HORÁRIOS DE MÁQUINAS E EQUIPAMENTOS","CHOR","CUSTO HORÁRIO PRODUTIVO DIURNO","0325","","",95121,"USINA MISTURADORA DE SOLOS, CAPACIDADE DE 200 A 500 TON/H, POTENCIA 75KW - CHP DIURNO. AF_07/2016","CHP","ATRIBUÍDO SÃO PAULO",350.74,"CAIXA REFERENCIAL"]
["CUSTOS HORÁRIOS DE MÁQUINAS E EQUIPAMENTOS","CHOR","CUSTO HORÁRIO PRODUTIVO DIURNO","0325","","",95127,"DISTRIBUIDOR DE AGREGADOS AUTOPROPELIDO, CAP 3 M3, A DIESEL, POTÊNCIA 176CV - CHP DIURNO. AF_07/2016","CHP","ATRIBUÍDO SÃO PAULO",221.27,"CAIXA REFERENCIAL"]
["CUSTOS HORÁRIOS DE MÁQUINAS E EQUIPAMENTOS","CHOR","CUSTO HORÁRIO PRODUTIVO DIURNO","0325","","",95133,"MÁQUINA DEMARCADORA DE FAIXA DE TRÁFEGO À FRIO, AUTOPROPELIDA, POTÊNCIA 38 HP - CHP DIURNO. AF_07/2016","CHP","ATRIBUÍDO SÃO PAULO",187.34,"CAIXA REFERENCIAL"]
["CUSTOS HORÁRIOS DE MÁQUINAS E EQUIPAMENTOS","CHOR","CUSTO HORÁRIO PRODUTIVO DIURNO","0325","","",95139,"TALHA MANUAL DE CORRENTE, CAPACIDADE DE 2 TON. COM ELEVAÇÃO DE 3 M - CHP DIURNO. AF_07/2016","CHP","COLETADO",0.08,"CAIXA REFERENCIAL"]
["CUSTOS HORÁRIOS DE MÁQUINAS E EQUIPAMENTOS","CHOR","CUSTO HORÁRIO PRODUTIVO DIURNO","0325","","",95212,"GRUA ASCENCIONAL, LANCA DE 42 M, CAPACIDADE DE 1,5 T A 30 M, ALTURA ATE 39 M - CHP DIURNO. AF_05/2023","CHP","ATRIBUÍDO SÃO PAULO",129.19999999999999,"CAIXA REFERENCIAL"]
["CUSTOS HORÁRIOS DE MÁQUINAS E EQUIPAMENTOS","CHOR","CUSTO HORÁRIO PRODUTIVO DIURNO","0325","","",95258,"MARTELO DEMOLIDOR PNEUMÁTICO MANUAL, 32 KG - CHP DIURNO. AF_09/2016","CHP","COEFICIENTE DE REPRESENTATIVIDADE",31.02,"CAIXA REFERENCIAL"]
["CUSTOS HORÁRIOS DE MÁQUINAS E EQUIPAMENTOS","CHOR","CUSTO HORÁRIO PRODUTIVO DIURNO","0325","","",95264,"COMPACTADOR DE SOLOS DE PERCUSÃO (SOQUETE) COM MOTOR A GASOLINA, POTÊNCIA 3 CV - CHP DIURNO. AF_09/2016","CHP","ATRIBUÍDO SÃO PAULO",5.96,"CAIXA REFERENCIAL"]
["CUSTOS HORÁRIOS DE MÁQUINAS E EQUIPAMENTOS","CHOR","CUSTO HORÁRIO PRODUTIVO DIURNO","0325","","",95270,"RÉGUA VIBRATÓRIA DUPLA PARA CONCRETO, PESO DE 60KG, COMPRIMENTO 4 M, COM MOTOR A GASOLINA, POTÊNCIA 5,5 HP - CHP DIURNO. AF_09/2016","CHP","ATRIBUÍDO SÃO PAULO",9.1300000000000008,"CAIXA REFERENCIAL"]
["CUSTOS HORÁRIOS DE MÁQUINAS E EQUIPAMENTOS","CHOR","CUSTO HORÁRIO PRODUTIVO DIURNO","0325","","",95276,"POLIDORA DE PISO (POLITRIZ), PESO DE 100KG, DIÂMETRO 450 MM, MOTOR ELÉTRICO, POTÊNCIA 4 HP - CHP DIURNO. AF_05/2023","CHP","ATRIBUÍDO SÃO PAULO",3.31,"CAIXA REFERENCIAL"]
["CUSTOS HORÁRIOS DE MÁQUINAS E EQUIPAMENTOS","CHOR","CUSTO HORÁRIO PRODUTIVO DIURNO","0325","","",95282,"DESEMPENADEIRA DE CONCRETO, PESO DE 78 KG, 4 PÁS, MOTOR A GASOLINA, POTÊNCIA 5,5 HP - CHP DIURNO. AF_05/2023","CHP","ATRIBUÍDO SÃO PAULO",9.27,"CAIXA REFERENCIAL"]
["CUSTOS HORÁRIOS DE MÁQUINAS E EQUIPAMENTOS","CHOR","CUSTO HORÁRIO PRODUTIVO DIURNO","0325","","",95620,"PERFURATRIZ PNEUMATICA MANUAL DE PESO MEDIO, MARTELETE, 18KG, COMPRIMENTO MÁXIMO DE CURSO DE 6 M, DIAMETRO DO PISTAO DE 5,5 CM - CHP DIURNO. AF_11/2016","CHP","COEFICIENTE DE REPRESENTATIVIDADE",30.47,"CAIXA REFERENCIAL"]
["CUSTOS HORÁRIOS DE MÁQUINAS E EQUIPAMENTOS","CHOR","CUSTO HORÁRIO PRODUTIVO DIURNO","0325","","",95631,"ROLO COMPACTADOR VIBRATORIO TANDEM, ACO LISO, POTENCIA 125 HP, PESO SEM/COM LASTRO 10,20/11,65 T, LARGURA DE TRABALHO 1,73 M - CHP DIURNO. AF_11/2016","CHP","ATRIBUÍDO SÃO PAULO",245.13,"CAIXA REFERENCIAL"]
["CUSTOS HORÁRIOS DE MÁQUINAS E EQUIPAMENTOS","CHOR","CUSTO HORÁRIO PRODUTIVO DIURNO","0325","","",95702,"PERFURATRIZ MANUAL, TORQUE MAXIMO 55 KGF.M, POTENCIA 5 CV, COM DIAMETRO MAXIMO 8 1/2\" - CHP DIURNO. AF_11/2016","CHP","COEFICIENTE DE REPRESENTATIVIDADE",45.5,"CAIXA REFERENCIAL"]
["CUSTOS HORÁRIOS DE MÁQUINAS E EQUIPAMENTOS","CHOR","CUSTO HORÁRIO PRODUTIVO DIURNO","0325","","",95708,"PERFURATRIZ SOBRE ESTEIRA, TORQUE MÁXIMO 600 KGF, POTÊNCIA ENTRE 50 E 60 HP, DIÂMETRO MÁXIMO 10\" - CHP DIURNO. AF_11/2016","CHP","COEFICIENTE DE REPRESENTATIVIDADE",151.68,"CAIXA REFERENCIAL"]
["CUSTOS HORÁRIOS DE MÁQUINAS E EQUIPAMENTOS","CHOR","CUSTO HORÁRIO PRODUTIVO DIURNO","0325","","",95714,"ESCAVADEIRA HIDRAULICA SOBRE ESTEIRA, COM GARRA GIRATORIA DE MANDIBULAS, PESO OPERACIONAL ENTRE 22,00 E 25,50 TON, POTENCIA LIQUIDA ENTRE 150 E 160 HP - CHP DIURNO. AF_11/2016","CHP","COEFICIENTE DE REPRESENTATIVIDADE",263.77999999999997,"CAIXA REFERENCIAL"]
["CUSTOS HORÁRIOS DE MÁQUINAS E EQUIPAMENTOS","CHOR","CUSTO HORÁRIO PRODUTIVO DIURNO","0325","","",95720,"ESCAVADEIRA HIDRAULICA SOBRE ESTEIRA, EQUIPADA COM CLAMSHELL, COM CAPACIDADE DA CAÇAMBA ENTRE 1,20 E 1,50 M3, PESO OPERACIONAL ENTRE 20,00 E 22,00 TON, POTENCIA LIQUIDA ENTRE 150 E 160 HP - CHP DIURNO. AF_11/2016","CHP","COEFICIENTE DE REPRESENTATIVIDADE",258.62,"CAIXA REFERENCIAL"]
["CUSTOS HORÁRIOS DE MÁQUINAS E EQUIPAMENTOS","CHOR","CUSTO HORÁRIO PRODUTIVO DIURNO","0325","","",95872,"GRUPO GERADOR COM CARENAGEM, MOTOR DIESEL POTÊNCIA STANDART ENTRE 250 E 260 KVA - CHP DIURNO. AF_12/2016","CHP","COEFICIENTE DE REPRESENTATIVIDADE",293.32,"CAIXA REFERENCIAL"]
["CUSTOS HORÁRIOS DE MÁQUINAS E EQUIPAMENTOS","CHOR","CUSTO HORÁRIO PRODUTIVO DIURNO","0325","","",96013,"TRATOR DE PNEUS COM POTÊNCIA DE 122 CV, TRAÇÃO 4X4, COM VASSOURA MECÂNICA ACOPLADA - CHP DIURNO. AF_02/2017","CHP","ATRIBUÍDO SÃO PAULO",179.18,"CAIXA REFERENCIAL"]
["CUSTOS HORÁRIOS DE MÁQUINAS E EQUIPAMENTOS","CHOR","CUSTO HORÁRIO PRODUTIVO DIURNO","0325","","",96020,"TRATOR DE PNEUS COM POTÊNCIA DE 122 CV, TRAÇÃO 4X4, COM GRADE DE DISCOS ACOPLADA - CHP DIURNO. AF_02/2017","CHP","ATRIBUÍDO SÃO PAULO",178.71,"CAIXA REFERENCIAL"]
["CUSTOS HORÁRIOS DE MÁQUINAS E EQUIPAMENTOS","CHOR","CUSTO HORÁRIO PRODUTIVO DIURNO","0325","","",96028,"TRATOR DE PNEUS COM POTÊNCIA DE 85 CV, TRAÇÃO 4X4, COM GRADE DE DISCOS ACOPLADA - CHP DIURNO. AF_02/2017","CHP","ATRIBUÍDO SÃO PAULO",138.25,"CAIXA REFERENCIAL"]
["CUSTOS HORÁRIOS DE MÁQUINAS E EQUIPAMENTOS","CHOR","CUSTO HORÁRIO PRODUTIVO DIURNO","0325","","",96035,"CAMINHÃO BASCULANTE 10 M3, TRUCADO, POTÊNCIA 230 CV, INCLUSIVE CAÇAMBA METÁLICA, COM DISTRIBUIDOR DE AGREGADOS ACOPLADO - CHP DIURNO. AF_02/2017","CHP","ATRIBUÍDO SÃO PAULO",278.24,"CAIXA REFERENCIAL"]
["CUSTOS HORÁRIOS DE MÁQUINAS E EQUIPAMENTOS","CHOR","CUSTO HORÁRIO PRODUTIVO DIURNO","0325","","",96157,"TRATOR DE PNEUS COM POTÊNCIA DE 85 CV, TRAÇÃO 4X4, COM VASSOURA MECÂNICA ACOPLADA - CHP DIURNO. AF_03/2017","CHP","ATRIBUÍDO SÃO PAULO",138.72,"CAIXA REFERENCIAL"]
["CUSTOS HORÁRIOS DE MÁQUINAS E EQUIPAMENTOS","CHOR","CUSTO HORÁRIO PRODUTIVO DIURNO","0325","","",96158,"MINICARREGADEIRA SOBRE RODAS POTENCIA 47HP CAPACIDADE OPERACAO 646 KG, COM VASSOURA MECÂNICA ACOPLADA - CHP DIURNO. AF_03/2017","CHP","ATRIBUÍDO SÃO PAULO",151.12,"CAIXA REFERENCIAL"]
["CUSTOS HORÁRIOS DE MÁQUINAS E EQUIPAMENTOS","CHOR","CUSTO HORÁRIO PRODUTIVO DIURNO","0325","","",96245,"MINIESCAVADEIRA SOBRE ESTEIRAS, POTENCIA LIQUIDA DE *30* HP, PESO OPERACIONAL DE *3.500* KG - CHP DIURNO. AF_04/2017","CHP","ATRIBUÍDO SÃO PAULO",124.6,"CAIXA REFERENCIAL"]
["CUSTOS HORÁRIOS DE MÁQUINAS E EQUIPAMENTOS","CHOR","CUSTO HORÁRIO PRODUTIVO DIURNO","0325","","",96463,"ROLO COMPACTADOR DE PNEUS, ESTATICO, PRESSAO VARIAVEL, POTENCIA 110 HP, PESO SEM/COM LASTRO 10,8/27 T, LARGURA DE ROLAGEM 2,30 M - CHP DIURNO. AF_06/2017","CHP","ATRIBUÍDO SÃO PAULO",233.46,"CAIXA REFERENCIAL"]
["CUSTOS HORÁRIOS DE MÁQUINAS E EQUIPAMENTOS","CHOR","CUSTO HORÁRIO PRODUTIVO DIURNO","0325","","",98764,"INVERSOR DE SOLDA MONOFÁSICO DE 160 A, POTÊNCIA DE 5400 W, TENSÃO DE 220 V, PARA SOLDA COM ELETRODOS DE 2,0 A 4,0 MM E PROCESSO TIG - CHP DIURNO. AF_06/2018","CHP","COEFICIENTE DE REPRESENTATIVIDADE",4.6100000000000003,"CAIXA REFERENCIAL"]
["CUSTOS HORÁRIOS DE MÁQUINAS E EQUIPAMENTOS","CHOR","CUSTO HORÁRIO PRODUTIVO DIURNO","0325","","",99833,"LAVADORA DE ALTA PRESSAO (LAVA-JATO) PARA AGUA FRIA, PRESSAO DE OPERACAO ENTRE 1400 E 1900 LIB/POL2, VAZAO MAXIMA ENTRE 400 E 700 L/H - CHP DIURNO. AF_05/2023","CHP","COEFICIENTE DE REPRESENTATIVIDADE",2.0299999999999998,"CAIXA REFERENCIAL"]
["CUSTOS HORÁRIOS DE MÁQUINAS E EQUIPAMENTOS","CHOR","CUSTO HORÁRIO PRODUTIVO DIURNO","0325","","",100641,"USINA DE MISTURA ASFÁLTICA À QUENTE, TIPO CONTRA FLUXO, PROD 100 A 140 TON/HORA - CHP DIURNO. AF_12/2019","CHP","ATRIBUÍDO SÃO PAULO",4786.8900000000003,"CAIXA REFERENCIAL"]
["CUSTOS HORÁRIOS DE MÁQUINAS E EQUIPAMENTOS","CHOR","CUSTO HORÁRIO PRODUTIVO DIURNO","0325","","",100647,"USINA DE ASFALTO, TIPO GRAVIMÉTRICA, PROD 150 TON/HORA - CHP DIURNO. AF_12/2019","CHP","ATRIBUÍDO SÃO PAULO",6508.95,"CAIXA REFERENCIAL"]
["CUSTOS HORÁRIOS DE MÁQUINAS E EQUIPAMENTOS","CHOR","CUSTO HORÁRIO PRODUTIVO DIURNO","0325","","",102275,"MARTELO DEMOLIDOR ELÉTRICO, COM POTÊNCIA DE 2.000 W, 1.000 IMPACTOS POR MINUTO, PESO DE 30 KG - CHP DIURNO. AF_01/2021","CHP","COEFICIENTE DE REPRESENTATIVIDADE",31.15,"CAIXA REFERENCIAL"]
["CUSTOS HORÁRIOS DE MÁQUINAS E EQUIPAMENTOS","CHOR","CUSTO HORÁRIO PRODUTIVO DIURNO","0325","","",104091,"TERMOFUSORA PARA TUBOS E CONEXÕES EM PPR COM DIÂMETROS DE 20 A 63 MM, POTÊNCIA DE 800 W, TENSAO 220 V - CHP DIURNO. AF_05/2022","CHP","COEFICIENTE DE REPRESENTATIVIDADE",0.78,"CAIXA REFERENCIAL"]
["CUSTOS HORÁRIOS DE MÁQUINAS E EQUIPAMENTOS","CHOR","CUSTO HORÁRIO PRODUTIVO DIURNO","0325","","",104097,"TERMOFUSORA PARA TUBOS E CONEXÕES EM PPR COM DIÂMETROS DE 75 A 110 MM, POTÊNCIA DE *1100* W, TENSÃO 220 V - CHP DIURNO. AF_05/2022","CHP","COEFICIENTE DE REPRESENTATIVIDADE",1.0900000000000001,"CAIXA REFERENCIAL"]
["CUSTOS HORÁRIOS DE MÁQUINAS E EQUIPAMENTOS","CHOR","CUSTO HORÁRIO IMPRODUTIVO DIURNO","0327","","",5632,"ESCAVADEIRA HIDRÁULICA SOBRE ESTEIRAS, CAÇAMBA 0,80 M3, PESO OPERACIONAL 17 T, POTENCIA BRUTA 111 HP - CHI DIURNO. AF_06/2014","CHI","COLETADO",95.7,"CAIXA REFERENCIAL"]
["CUSTOS HORÁRIOS DE MÁQUINAS E EQUIPAMENTOS","CHOR","CUSTO HORÁRIO IMPRODUTIVO DIURNO","0327","","",5679,"RETROESCAVADEIRA SOBRE RODAS COM CARREGADEIRA, TRAÇÃO 4X4, POTÊNCIA LÍQ. 88 HP, CAÇAMBA CARREG. CAP. MÍN. 1 M3, CAÇAMBA RETRO CAP. 0,26 M3, PESO OPERACIONAL MÍN. 6.674 KG, PROFUNDIDADE ESCAVAÇÃO MÁX. 4,37 M - CHI DIURNO. AF_06/2014","CHI","COEFICIENTE DE REPRESENTATIVIDADE",72.36,"CAIXA REFERENCIAL"]
["CUSTOS HORÁRIOS DE MÁQUINAS E EQUIPAMENTOS","CHOR","CUSTO HORÁRIO IMPRODUTIVO DIURNO","0327","","",5681,"RETROESCAVADEIRA SOBRE RODAS COM CARREGADEIRA, TRAÇÃO 4X2, POTÊNCIA LÍQ. 79 HP, CAÇAMBA CARREG. CAP. MÍN. 1 M3, CAÇAMBA RETRO CAP. 0,20 M3, PESO OPERACIONAL MÍN. 6.570 KG, PROFUNDIDADE ESCAVAÇÃO MÁX. 4,37 M - CHI DIURNO. AF_06/2014","CHI","COEFICIENTE DE REPRESENTATIVIDADE",68.38,"CAIXA REFERENCIAL"]
["CUSTOS HORÁRIOS DE MÁQUINAS E EQUIPAMENTOS","CHOR","CUSTO HORÁRIO IMPRODUTIVO DIURNO","0327","","",5685,"ROLO COMPACTADOR VIBRATÓRIO DE UM CILINDRO AÇO LISO, POTÊNCIA 80 HP, PESO OPERACIONAL MÁXIMO 8,1 T, IMPACTO DINÂMICO 16,15 / 9,5 T, LARGURA DE TRABALHO 1,68 M - CHI DIURNO. AF_06/2014","CHI","ATRIBUÍDO SÃO PAULO",74.36,"CAIXA REFERENCIAL"]
["CUSTOS HORÁRIOS DE MÁQUINAS E EQUIPAMENTOS","CHOR","CUSTO HORÁRIO IMPRODUTIVO DIURNO","0327","","",5690,"GRADE DE DISCO CONTROLE REMOTO REBOCÁVEL, COM 24 DISCOS 24\" X 6 MM COM PNEUS PARA TRANSPORTE - CHI DIURNO. AF_06/2014","CHI","ATRIBUÍDO SÃO PAULO",4.09,"CAIXA REFERENCIAL"]
["CUSTOS HORÁRIOS DE MÁQUINAS E EQUIPAMENTOS","CHOR","CUSTO HORÁRIO IMPRODUTIVO DIURNO","0327","","",5806,"MOTOBOMBA CENTRÍFUGA, MOTOR A GASOLINA, POTÊNCIA 5,42 HP, BOCAIS 1 1/2\" X 1\", DIÂMETRO ROTOR 143 MM HM/Q = 6 MCA / 16,8 M3/H A 38 MCA / 6,6 M3/H - CHI DIURNO. AF_06/2014","CHI","COEFICIENTE DE REPRESENTATIVIDADE",0.23,"CAIXA REFERENCIAL"]
["CUSTOS HORÁRIOS DE MÁQUINAS E EQUIPAMENTOS","CHOR","CUSTO HORÁRIO IMPRODUTIVO DIURNO","0327","","",5826,"CAMINHÃO TOCO, PBT 16.000 KG, CARGA ÚTIL MÁX. 10.685 KG, DIST. ENTRE EIXOS 4,8 M, POTÊNCIA 189 CV, INCLUSIVE CARROCERIA FIXA ABERTA DE MADEIRA P/ TRANSPORTE GERAL DE CARGA SECA, DIMEN. APROX. 2,5 X 7,00 X 0,50 M - CHI DIURNO. AF_06/2014","CHI","ATRIBUÍDO SÃO PAULO",58.91,"CAIXA REFERENCIAL"]
["CUSTOS HORÁRIOS DE MÁQUINAS E EQUIPAMENTOS","CHOR","CUSTO HORÁRIO IMPRODUTIVO DIURNO","0327","","",5829,"USINA DE CONCRETO FIXA, CAPACIDADE NOMINAL DE 90 A 120 M3/H, SEM SILO - CHI DIURNO. AF_07/2016","CHI","ATRIBUÍDO SÃO PAULO",163.4,"CAIXA REFERENCIAL"]
["CUSTOS HORÁRIOS DE MÁQUINAS E EQUIPAMENTOS","CHOR","CUSTO HORÁRIO IMPRODUTIVO DIURNO","0327","","",5837,"VIBROACABADORA DE ASFALTO SOBRE ESTEIRAS, LARGURA DE PAVIMENTAÇÃO 1,90 M A 5,30 M, POTÊNCIA 105 HP CAPACIDADE 450 T/H - CHI DIURNO. AF_11/2014","CHI","ATRIBUÍDO SÃO PAULO",137.96,"CAIXA REFERENCIAL"]
["CUSTOS HORÁRIOS DE MÁQUINAS E EQUIPAMENTOS","CHOR","CUSTO HORÁRIO IMPRODUTIVO DIURNO","0327","","",5841,"VASSOURA MECÂNICA REBOCÁVEL COM ESCOVA CILÍNDRICA, LARGURA ÚTIL DE VARRIMENTO DE 2,44 M - CHI DIURNO. AF_06/2014","CHI","ATRIBUÍDO SÃO PAULO",4.68,"CAIXA REFERENCIAL"]
["CUSTOS HORÁRIOS DE MÁQUINAS E EQUIPAMENTOS","CHOR","CUSTO HORÁRIO IMPRODUTIVO DIURNO","0327","","",5845,"TRATOR DE PNEUS, POTÊNCIA 122 CV, TRAÇÃO 4X4, PESO COM LASTRO DE 4.510 KG - CHI DIURNO. AF_06/2014","CHI","ATRIBUÍDO SÃO PAULO",55.32,"CAIXA REFERENCIAL"]
["CUSTOS HORÁRIOS DE MÁQUINAS E EQUIPAMENTOS","CHOR","CUSTO HORÁRIO IMPRODUTIVO DIURNO","0327","","",5849,"TRATOR DE ESTEIRAS, POTÊNCIA 170 HP, PESO OPERACIONAL 19 T, CAÇAMBA 5,2 M3 - CHI DIURNO. AF_06/2014","CHI","ATRIBUÍDO SÃO PAULO",87.6,"CAIXA REFERENCIAL"]
["CUSTOS HORÁRIOS DE MÁQUINAS E EQUIPAMENTOS","CHOR","CUSTO HORÁRIO IMPRODUTIVO DIURNO","0327","","",5853,"TRATOR DE ESTEIRAS, POTÊNCIA 150 HP, PESO OPERACIONAL 16,7 T, COM RODA MOTRIZ ELEVADA E LÂMINA 3,18 M3 - CHI DIURNO. AF_06/2014","CHI","ATRIBUÍDO SÃO PAULO",87.94,"CAIXA REFERENCIAL"]
["CUSTOS HORÁRIOS DE MÁQUINAS E EQUIPAMENTOS","CHOR","CUSTO HORÁRIO IMPRODUTIVO DIURNO","0327","","",5857,"TRATOR DE ESTEIRAS, POTÊNCIA 347 HP, PESO OPERACIONAL 38,5 T, COM LÂMINA 8,70 M3 - CHI DIURNO. AF_06/2014","CHI","ATRIBUÍDO SÃO PAULO",214.35,"CAIXA REFERENCIAL"]
["CUSTOS HORÁRIOS DE MÁQUINAS E EQUIPAMENTOS","CHOR","CUSTO HORÁRIO IMPRODUTIVO DIURNO","0327","","",5865,"ROLO COMPACTADOR VIBRATÓRIO REBOCÁVEL, CILINDRO DE AÇO LISO, POTÊNCIA DE TRAÇÃO DE 65 CV, PESO 4,7 T, IMPACTO DINÂMICO 18,3 T, LARGURA DE TRABALHO 1,67 M - CHI DIURNO. AF_02/2016","CHI","ATRIBUÍDO SÃO PAULO",12.59,"CAIXA REFERENCIAL"]
["CUSTOS HORÁRIOS DE MÁQUINAS E EQUIPAMENTOS","CHOR","CUSTO HORÁRIO IMPRODUTIVO DIURNO","0327","","",5869,"ROLO COMPACTADOR VIBRATÓRIO TANDEM AÇO LISO, POTÊNCIA 58 HP, PESO SEM/COM LASTRO 6,5 / 9,4 T, LARGURA DE TRABALHO 1,2 M - CHI DIURNO. AF_06/2014","CHI","ATRIBUÍDO SÃO PAULO",83.89,"CAIXA REFERENCIAL"]
["CUSTOS HORÁRIOS DE MÁQUINAS E EQUIPAMENTOS","CHOR","CUSTO HORÁRIO IMPRODUTIVO DIURNO","0327","","",5877,"RETROESCAVADEIRA SOBRE RODAS COM CARREGADEIRA, TRAÇÃO 4X4, POTÊNCIA LÍQ. 72 HP, CAÇAMBA CARREG. CAP. MÍN. 0,79 M3, CAÇAMBA RETRO CAP. 0,18 M3, PESO OPERACIONAL MÍN. 7.140 KG, PROFUNDIDADE ESCAVAÇÃO MÁX. 4,50 M - CHI DIURNO. AF_06/2014","CHI","COLETADO",71.099999999999994,"CAIXA REFERENCIAL"]
["CUSTOS HORÁRIOS DE MÁQUINAS E EQUIPAMENTOS","CHOR","CUSTO HORÁRIO IMPRODUTIVO DIURNO","0327","","",5881,"ROLO COMPACTADOR VIBRATÓRIO PÉ DE CARNEIRO, OPERADO POR CONTROLE REMOTO, POTÊNCIA 12,5 KW, PESO OPERACIONAL 1,675 T, LARGURA DE TRABALHO 0,85 M - CHI DIURNO. AF_02/2016","CHI","ATRIBUÍDO SÃO PAULO",89.66,"CAIXA REFERENCIAL"]
["CUSTOS HORÁRIOS DE MÁQUINAS E EQUIPAMENTOS","CHOR","CUSTO HORÁRIO IMPRODUTIVO DIURNO","0327","","",5884,"USINA DE LAMA ASFÁLTICA, PROD 30 A 50 T/H, SILO DE AGREGADO 7 M3, RESERVATÓRIOS PARA EMULSÃO E ÁGUA DE 2,3 M3 CADA, MISTURADOR TIPO PUG MILL A SER MONTADO SOBRE CAMINHÃO - CHI DIURNO. AF_10/2014","CHI","ATRIBUÍDO SÃO PAULO",52.48,"CAIXA REFERENCIAL"]
["CUSTOS HORÁRIOS DE MÁQUINAS E EQUIPAMENTOS","CHOR","CUSTO HORÁRIO IMPRODUTIVO DIURNO","0327","","",5892,"CAMINHÃO TOCO, PESO BRUTO TOTAL 14.300 KG, CARGA ÚTIL MÁXIMA 9590 KG, DISTÂNCIA ENTRE EIXOS 4,76 M, POTÊNCIA 185 CV (NÃO INCLUI CARROCERIA) - CHI DIURNO. AF_06/2014","CHI","COEFICIENTE DE REPRESENTATIVIDADE",53.81,"CAIXA REFERENCIAL"]
["CUSTOS HORÁRIOS DE MÁQUINAS E EQUIPAMENTOS","CHOR","CUSTO HORÁRIO IMPRODUTIVO DIURNO","0327","","",5896,"CAMINHÃO TOCO, PESO BRUTO TOTAL 16.000 KG, CARGA ÚTIL MÁXIMA DE 10.685 KG, DISTÂNCIA ENTRE EIXOS 4,80 M, POTÊNCIA 189 CV EXCLUSIVE CARROCERIA - CHI DIURNO. AF_06/2014","CHI","COEFICIENTE DE REPRESENTATIVIDADE",56.75,"CAIXA REFERENCIAL"]
["CUSTOS HORÁRIOS DE MÁQUINAS E EQUIPAMENTOS","CHOR","CUSTO HORÁRIO IMPRODUTIVO DIURNO","0327","","",5903,"CAMINHÃO PIPA 10.000 L TRUCADO, PESO BRUTO TOTAL 23.000 KG, CARGA ÚTIL MÁXIMA 15.935 KG, DISTÂNCIA ENTRE EIXOS 4,8 M, POTÊNCIA 230 CV, INCLUSIVE TANQUE DE AÇO PARA TRANSPORTE DE ÁGUA - CHI DIURNO. AF_06/2014","CHI","ATRIBUÍDO SÃO PAULO",71.569999999999993,"CAIXA REFERENCIAL"]
["CUSTOS HORÁRIOS DE MÁQUINAS E EQUIPAMENTOS","CHOR","CUSTO HORÁRIO IMPRODUTIVO DIURNO","0327","","",5911,"ESPARGIDOR DE ASFALTO PRESSURIZADO COM TANQUE DE 2500 L, REBOCÁVEL COM MOTOR A GASOLINA POTÊNCIA 3,4 HP - CHI DIURNO. AF_07/2014","CHI","ATRIBUÍDO SÃO PAULO",25.52,"CAIXA REFERENCIAL"]
["CUSTOS HORÁRIOS DE MÁQUINAS E EQUIPAMENTOS","CHOR","CUSTO HORÁRIO IMPRODUTIVO DIURNO","0327","","",5923,"GRADE DE DISCO REBOCÁVEL COM 20 DISCOS 24\" X 6 MM COM PNEUS PARA TRANSPORTE - CHI DIURNO. AF_06/2014","CHI","ATRIBUÍDO SÃO PAULO",3.2,"CAIXA REFERENCIAL"]
["CUSTOS HORÁRIOS DE MÁQUINAS E EQUIPAMENTOS","CHOR","CUSTO HORÁRIO IMPRODUTIVO DIURNO","0327","","",5930,"GUINDAUTO HIDRÁULICO, CAPACIDADE MÁXIMA DE CARGA 6200 KG, MOMENTO MÁXIMO DE CARGA 11,7 TM, ALCANCE MÁXIMO HORIZONTAL 9,70 M, INCLUSIVE CAMINHÃO TOCO PBT 16.000 KG, POTÊNCIA DE 189 CV - CHI DIURNO. AF_06/2014","CHI","ATRIBUÍDO SÃO PAULO",69.98,"CAIXA REFERENCIAL"]
["CUSTOS HORÁRIOS DE MÁQUINAS E EQUIPAMENTOS","CHOR","CUSTO HORÁRIO IMPRODUTIVO DIURNO","0327","","",5934,"MOTONIVELADORA POTÊNCIA BÁSICA LÍQUIDA (PRIMEIRA MARCHA) 125 HP, PESO BRUTO 13032 KG, LARGURA DA LÂMINA DE 3,7 M - CHI DIURNO. AF_06/2014","CHI","COEFICIENTE DE REPRESENTATIVIDADE",107.85,"CAIXA REFERENCIAL"]
["CUSTOS HORÁRIOS DE MÁQUINAS E EQUIPAMENTOS","CHOR","CUSTO HORÁRIO IMPRODUTIVO DIURNO","0327","","",5942,"PÁ CARREGADEIRA SOBRE RODAS, POTÊNCIA LÍQUIDA 128 HP, CAPACIDADE DA CAÇAMBA 1,7 A 2,8 M3, PESO OPERACIONAL 11632 KG - CHI DIURNO. AF_06/2014","CHI","COEFICIENTE DE REPRESENTATIVIDADE",77.63,"CAIXA REFERENCIAL"]
["CUSTOS HORÁRIOS DE MÁQUINAS E EQUIPAMENTOS","CHOR","CUSTO HORÁRIO IMPRODUTIVO DIURNO","0327","","",5946,"PÁ CARREGADEIRA SOBRE RODAS, POTÊNCIA 197 HP, CAPACIDADE DA CAÇAMBA 2,5 A 3,5 M3, PESO OPERACIONAL 18338 KG - CHI DIURNO. AF_06/2014","CHI","COEFICIENTE DE REPRESENTATIVIDADE",94.6,"CAIXA REFERENCIAL"]
["CUSTOS HORÁRIOS DE MÁQUINAS E EQUIPAMENTOS","CHOR","CUSTO HORÁRIO IMPRODUTIVO DIURNO","0327","","",5952,"MARTELETE OU ROMPEDOR PNEUMÁTICO MANUAL, 28 KG, COM SILENCIADOR - CHI DIURNO. AF_07/2016","CHI","COEFICIENTE DE REPRESENTATIVIDADE",29.69,"CAIXA REFERENCIAL"]
["CUSTOS HORÁRIOS DE MÁQUINAS E EQUIPAMENTOS","CHOR","CUSTO HORÁRIO IMPRODUTIVO DIURNO","0327","","",5954,"COMPRESSOR DE AR REBOCÁVEL, VAZÃO 189 PCM, PRESSÃO EFETIVA DE TRABALHO 102 PSI, MOTOR DIESEL, POTÊNCIA 63 CV - CHI DIURNO. AF_06/2015","CHI","ATRIBUÍDO SÃO PAULO",6.5,"CAIXA REFERENCIAL"]
["CUSTOS HORÁRIOS DE MÁQUINAS E EQUIPAMENTOS","CHOR","CUSTO HORÁRIO IMPRODUTIVO DIURNO","0327","","",5961,"CAMINHÃO BASCULANTE 6 M3, PESO BRUTO TOTAL 16.000 KG, CARGA ÚTIL MÁXIMA 13.071 KG, DISTÂNCIA ENTRE EIXOS 4,80 M, POTÊNCIA 230 CV INCLUSIVE CAÇAMBA METÁLICA - CHI DIURNO. AF_06/2014","CHI","ATRIBUÍDO SÃO PAULO",60.59,"CAIXA REFERENCIAL"]
["CUSTOS HORÁRIOS DE MÁQUINAS E EQUIPAMENTOS","CHOR","CUSTO HORÁRIO IMPRODUTIVO DIURNO","0327","","",6260,"CAMINHÃO PIPA 6.000 L, PESO BRUTO TOTAL 13.000 KG, DISTÂNCIA ENTRE EIXOS 4,80 M, POTÊNCIA 189 CV INCLUSIVE TANQUE DE AÇO PARA TRANSPORTE DE ÁGUA, CAPACIDADE 6 M3 - CHI DIURNO. AF_06/2014","CHI","ATRIBUÍDO SÃO PAULO",58.06,"CAIXA REFERENCIAL"]
["CUSTOS HORÁRIOS DE MÁQUINAS E EQUIPAMENTOS","CHOR","CUSTO HORÁRIO IMPRODUTIVO DIURNO","0327","","",6880,"ROLO COMPACTADOR DE PNEUS ESTÁTICO, PRESSÃO VARIÁVEL, POTÊNCIA 111 HP, PESO SEM/COM LASTRO 9,5 / 26 T, LARGURA DE TRABALHO 1,90 M - CHI DIURNO. AF_07/2014","CHI","ATRIBUÍDO SÃO PAULO",97.86,"CAIXA REFERENCIAL"]
["CUSTOS HORÁRIOS DE MÁQUINAS E EQUIPAMENTOS","CHOR","CUSTO HORÁRIO IMPRODUTIVO DIURNO","0327","","",7031,"TANQUE DE ASFALTO ESTACIONÁRIO COM SERPENTINA, CAPACIDADE 30.000 L - CHI DIURNO. AF_05/2023","CHI","ATRIBUÍDO SÃO PAULO",5.86,"CAIXA REFERENCIAL"]
["CUSTOS HORÁRIOS DE MÁQUINAS E EQUIPAMENTOS","CHOR","CUSTO HORÁRIO IMPRODUTIVO DIURNO","0327","","",7043,"MOTOBOMBA TRASH (PARA ÁGUA SUJA) AUTO ESCORVANTE, MOTOR GASOLINA DE 6,41 HP, DIÂMETROS DE SUCÇÃO X RECALQUE: 3\" X 3\", HM/Q = 10 MCA / 60 M3/H A 23 MCA / 0 M3/H - CHI DIURNO. AF_10/2014","CHI","COEFICIENTE DE REPRESENTATIVIDADE",0.28999999999999998,"CAIXA REFERENCIAL"]
["CUSTOS HORÁRIOS DE MÁQUINAS E EQUIPAMENTOS","CHOR","CUSTO HORÁRIO IMPRODUTIVO DIURNO","0327","","",7050,"ROLO COMPACTADOR PE DE CARNEIRO VIBRATORIO, POTENCIA 125 HP, PESO OPERACIONAL SEM/COM LASTRO 11,95 / 13,30 T, IMPACTO DINAMICO 38,5 / 22,5 T, LARGURA DE TRABALHO 2,15 M - CHI DIURNO. AF_06/2014","CHI","ATRIBUÍDO SÃO PAULO",90.57,"CAIXA REFERENCIAL"]
["CUSTOS HORÁRIOS DE MÁQUINAS E EQUIPAMENTOS","CHOR","CUSTO HORÁRIO IMPRODUTIVO DIURNO","0327","","",67827,"CAMINHÃO BASCULANTE 6 M3 TOCO, PESO BRUTO TOTAL 16.000 KG, CARGA ÚTIL MÁXIMA 11.130 KG, DISTÂNCIA ENTRE EIXOS 5,36 M, POTÊNCIA 185 CV, INCLUSIVE CAÇAMBA METÁLICA - CHI DIURNO. AF_06/2014","CHI","ATRIBUÍDO SÃO PAULO",61.89,"CAIXA REFERENCIAL"]
["CUSTOS HORÁRIOS DE MÁQUINAS E EQUIPAMENTOS","CHOR","CUSTO HORÁRIO IMPRODUTIVO DIURNO","0327","","",73395,"GRUPO GERADOR ESTACIONÁRIO, MOTOR DIESEL POTÊNCIA 170 KVA - CHI DIURNO. AF_02/2016","CHI","COEFICIENTE DE REPRESENTATIVIDADE",9.6,"CAIXA REFERENCIAL"]
["CUSTOS HORÁRIOS DE MÁQUINAS E EQUIPAMENTOS","CHOR","CUSTO HORÁRIO IMPRODUTIVO DIURNO","0327","","",83766,"GRUPO DE SOLDAGEM COM GERADOR A DIESEL 60 CV PARA SOLDA ELÉTRICA, SOBRE 04 RODAS, COM MOTOR 4 CILINDROS 600 A - CHI DIURNO. AF_02/2016","CHI","COEFICIENTE DE REPRESENTATIVIDADE",38.99,"CAIXA REFERENCIAL"]
["CUSTOS HORÁRIOS DE MÁQUINAS E EQUIPAMENTOS","CHOR","CUSTO HORÁRIO IMPRODUTIVO DIURNO","0327","","",84013,"ESCAVADEIRA HIDRÁULICA SOBRE ESTEIRAS, CAÇAMBA 0,80 M3, PESO OPERACIONAL 17,8 T, POTÊNCIA LÍQUIDA 110 HP - CHI DIURNO. AF_10/2014","CHI","COEFICIENTE DE REPRESENTATIVIDADE",92.97,"CAIXA REFERENCIAL"]
["CUSTOS HORÁRIOS DE MÁQUINAS E EQUIPAMENTOS","CHOR","CUSTO HORÁRIO IMPRODUTIVO DIURNO","0327","","",87446,"BETONEIRA CAPACIDADE NOMINAL 400 L, CAPACIDADE DE MISTURA 310 L, MOTOR A DIESEL POTÊNCIA 5,0 HP, SEM CARREGADOR - CHI DIURNO. AF_05/2023","CHI","COEFICIENTE DE REPRESENTATIVIDADE",0.57999999999999996,"CAIXA REFERENCIAL"]
["CUSTOS HORÁRIOS DE MÁQUINAS E EQUIPAMENTOS","CHOR","CUSTO HORÁRIO IMPRODUTIVO DIURNO","0327","","",88392,"MISTURADOR DE ARGAMASSA, EIXO HORIZONTAL, CAPACIDADE DE MISTURA 300 KG, MOTOR ELÉTRICO POTÊNCIA 5 CV - CHI DIURNO. AF_05/2023","CHI","COEFICIENTE DE REPRESENTATIVIDADE",1.1399999999999999,"CAIXA REFERENCIAL"]
["CUSTOS HORÁRIOS DE MÁQUINAS E EQUIPAMENTOS","CHOR","CUSTO HORÁRIO IMPRODUTIVO DIURNO","0327","","",88398,"MISTURADOR DE ARGAMASSA, EIXO HORIZONTAL, CAPACIDADE DE MISTURA 600 KG, MOTOR ELÉTRICO POTÊNCIA 7,5 CV - CHI DIURNO. AF_05/2023","CHI","COEFICIENTE DE REPRESENTATIVIDADE",1.36,"CAIXA REFERENCIAL"]
["CUSTOS HORÁRIOS DE MÁQUINAS E EQUIPAMENTOS","CHOR","CUSTO HORÁRIO IMPRODUTIVO DIURNO","0327","","",88404,"MISTURADOR DE ARGAMASSA, EIXO HORIZONTAL, CAPACIDADE DE MISTURA 160 KG, MOTOR ELÉTRICO POTÊNCIA 3 CV - CHI DIURNO. AF_05/2023","CHI","COEFICIENTE DE REPRESENTATIVIDADE",1.08,"CAIXA REFERENCIAL"]
["CUSTOS HORÁRIOS DE MÁQUINAS E EQUIPAMENTOS","CHOR","CUSTO HORÁRIO IMPRODUTIVO DIURNO","0327","","",88430,"PROJETOR DE ARGAMASSA, CAPACIDADE DE PROJEÇÃO 1,5 M3/H, ALCANCE DE 30 ATÉ 60 M, MOTOR ELÉTRICO POTÊNCIA 7,5 HP - CHI DIURNO. AF_06/2014","CHI","COEFICIENTE DE REPRESENTATIVIDADE",7.44,"CAIXA REFERENCIAL"]
["CUSTOS HORÁRIOS DE MÁQUINAS E EQUIPAMENTOS","CHOR","CUSTO HORÁRIO IMPRODUTIVO DIURNO","0327","","",88438,"PROJETOR DE ARGAMASSA, CAPACIDADE DE PROJEÇÃO 2 M3/H, ALCANCE ATÉ 50 M, MOTOR ELÉTRICO POTÊNCIA 7,5 HP - CHI DIURNO. AF_06/2014","CHI","COEFICIENTE DE REPRESENTATIVIDADE",9.8699999999999992,"CAIXA REFERENCIAL"]
["CUSTOS HORÁRIOS DE MÁQUINAS E EQUIPAMENTOS","CHOR","CUSTO HORÁRIO IMPRODUTIVO DIURNO","0327","","",88831,"BETONEIRA CAPACIDADE NOMINAL DE 400 L, CAPACIDADE DE MISTURA 280 L, MOTOR ELÉTRICO TRIFÁSICO POTÊNCIA DE 2 CV, SEM CARREGADOR - CHI DIURNO. AF_05/2023","CHI","COLETADO",0.42,"CAIXA REFERENCIAL"]
["CUSTOS HORÁRIOS DE MÁQUINAS E EQUIPAMENTOS","CHOR","CUSTO HORÁRIO IMPRODUTIVO DIURNO","0327","","",88844,"TRATOR DE ESTEIRAS, POTÊNCIA 125 HP, PESO OPERACIONAL 12,9 T, COM LÂMINA 2,7 M3 - CHI DIURNO. AF_10/2014","CHI","ATRIBUÍDO SÃO PAULO",77.239999999999995,"CAIXA REFERENCIAL"]
["CUSTOS HORÁRIOS DE MÁQUINAS E EQUIPAMENTOS","CHOR","CUSTO HORÁRIO IMPRODUTIVO DIURNO","0327","","",88908,"ESCAVADEIRA HIDRÁULICA SOBRE ESTEIRAS, CAÇAMBA 1,20 M3, PESO OPERACIONAL 21 T, POTÊNCIA BRUTA 155 HP - CHI DIURNO. AF_06/2014","CHI","COEFICIENTE DE REPRESENTATIVIDADE",102.36,"CAIXA REFERENCIAL"]
["CUSTOS HORÁRIOS DE MÁQUINAS E EQUIPAMENTOS","CHOR","CUSTO HORÁRIO IMPRODUTIVO DIURNO","0327","","",89022,"BOMBA SUBMERSÍVEL ELÉTRICA TRIFÁSICA, POTÊNCIA 2,96 HP, Ø ROTOR 144 MM SEMI-ABERTO, BOCAL DE SAÍDA Ø 2\", HM/Q = 2 MCA / 38,8 M3/H A 28 MCA / 5 M3/H - CHI DIURNO. AF_06/2014","CHI","COEFICIENTE DE REPRESENTATIVIDADE",0.32,"CAIXA REFERENCIAL"]
["CUSTOS HORÁRIOS DE MÁQUINAS E EQUIPAMENTOS","CHOR","CUSTO HORÁRIO IMPRODUTIVO DIURNO","0327","","",89027,"TANQUE DE ASFALTO ESTACIONÁRIO COM MAÇARICO, CAPACIDADE 20.000 L - CHI DIURNO. AF_05/2023","CHI","ATRIBUÍDO SÃO PAULO",4.76,"CAIXA REFERENCIAL"]
["CUSTOS HORÁRIOS DE MÁQUINAS E EQUIPAMENTOS","CHOR","CUSTO HORÁRIO IMPRODUTIVO DIURNO","0327","","",89031,"TRATOR DE ESTEIRAS, POTÊNCIA 100 HP, PESO OPERACIONAL 9,4 T, COM LÂMINA 2,19 M3 - CHI DIURNO. AF_06/2014","CHI","ATRIBUÍDO SÃO PAULO",75.239999999999995,"CAIXA REFERENCIAL"]
["CUSTOS HORÁRIOS DE MÁQUINAS E EQUIPAMENTOS","CHOR","CUSTO HORÁRIO IMPRODUTIVO DIURNO","0327","","",89036,"TRATOR DE PNEUS, POTÊNCIA 85 CV, TRAÇÃO 4X4, PESO COM LASTRO DE 4.675 KG - CHI DIURNO. AF_06/2014","CHI","ATRIBUÍDO SÃO PAULO",49.16,"CAIXA REFERENCIAL"]
["CUSTOS HORÁRIOS DE MÁQUINAS E EQUIPAMENTOS","CHOR","CUSTO HORÁRIO IMPRODUTIVO DIURNO","0327","","",89218,"BATE-ESTACAS POR GRAVIDADE, POTÊNCIA DE 160 HP, PESO DO MARTELO ATÉ 3 TONELADAS - CHI DIURNO. AF_11/2014","CHI","ATRIBUÍDO SÃO PAULO",93.93,"CAIXA REFERENCIAL"]
["CUSTOS HORÁRIOS DE MÁQUINAS E EQUIPAMENTOS","CHOR","CUSTO HORÁRIO IMPRODUTIVO DIURNO","0327","","",89226,"BETONEIRA CAPACIDADE NOMINAL DE 600 L, CAPACIDADE DE MISTURA 360 L, MOTOR ELÉTRICO TRIFÁSICO POTÊNCIA DE 4 CV, SEM CARREGADOR - CHI DIURNO. AF_05/2023","CHI","COEFICIENTE DE REPRESENTATIVIDADE",1.75,"CAIXA REFERENCIAL"]
["CUSTOS HORÁRIOS DE MÁQUINAS E EQUIPAMENTOS","CHOR","CUSTO HORÁRIO IMPRODUTIVO DIURNO","0327","","",89235,"FRESADORA DE ASFALTO A FRIO SOBRE RODAS, LARGURA FRESAGEM DE 1,0 M, POTÊNCIA 208 HP - CHI DIURNO. AF_11/2014","CHI","ATRIBUÍDO SÃO PAULO",174.14,"CAIXA REFERENCIAL"]
["CUSTOS HORÁRIOS DE MÁQUINAS E EQUIPAMENTOS","CHOR","CUSTO HORÁRIO IMPRODUTIVO DIURNO","0327","","",89243,"FRESADORA DE ASFALTO A FRIO SOBRE RODAS, LARGURA FRESAGEM DE 2,0 M, POTÊNCIA 550 HP - CHI DIURNO. AF_11/2014","CHI","ATRIBUÍDO SÃO PAULO",361.74,"CAIXA REFERENCIAL"]
["CUSTOS HORÁRIOS DE MÁQUINAS E EQUIPAMENTOS","CHOR","CUSTO HORÁRIO IMPRODUTIVO DIURNO","0327","","",89251,"RECICLADORA DE ASFALTO A FRIO SOBRE RODAS, LARGURA FRESAGEM DE 2,0 M, POTÊNCIA 422 HP - CHI DIURNO. AF_11/2014","CHI","ATRIBUÍDO SÃO PAULO",318.74,"CAIXA REFERENCIAL"]
["CUSTOS HORÁRIOS DE MÁQUINAS E EQUIPAMENTOS","CHOR","CUSTO HORÁRIO IMPRODUTIVO DIURNO","0327","","",89258,"VIBROACABADORA DE ASFALTO SOBRE ESTEIRAS, LARGURA DE PAVIMENTAÇÃO 2,13 M A 4,55 M, POTÊNCIA 100 HP, CAPACIDADE 400 T/H - CHI DIURNO. AF_11/2014","CHI","ATRIBUÍDO SÃO PAULO",119.15,"CAIXA REFERENCIAL"]
["CUSTOS HORÁRIOS DE MÁQUINAS E EQUIPAMENTOS","CHOR","CUSTO HORÁRIO IMPRODUTIVO DIURNO","0327","","",89273,"GUINDASTE HIDRÁULICO AUTOPROPELIDO, COM LANÇA TELESCÓPICA 28,80 M, CAPACIDADE MÁXIMA 30 T, POTÊNCIA 97 KW, TRAÇÃO 4 X 4 - CHI DIURNO. AF_11/2014","CHI","ATRIBUÍDO SÃO PAULO",118.01,"CAIXA REFERENCIAL"]
["CUSTOS HORÁRIOS DE MÁQUINAS E EQUIPAMENTOS","CHOR","CUSTO HORÁRIO IMPRODUTIVO DIURNO","0327","","",89279,"BETONEIRA CAPACIDADE NOMINAL DE 600 L, CAPACIDADE DE MISTURA 440 L, MOTOR A DIESEL POTÊNCIA 10 HP, COM CARREGADOR - CHI DIURNO. AF_05/2023","CHI","COEFICIENTE DE REPRESENTATIVIDADE",2.14,"CAIXA REFERENCIAL"]
["CUSTOS HORÁRIOS DE MÁQUINAS E EQUIPAMENTOS","CHOR","CUSTO HORÁRIO IMPRODUTIVO DIURNO","0327","","",89877,"CAMINHÃO BASCULANTE 14 M3, COM CAVALO MECÂNICO DE CAPACIDADE MÁXIMA DE TRAÇÃO COMBINADO DE 36000 KG, POTÊNCIA 286 CV, INCLUSIVE SEMIREBOQUE COM CAÇAMBA METÁLICA - CHI DIURNO. AF_12/2014","CHI","ATRIBUÍDO SÃO PAULO",80.239999999999995,"CAIXA REFERENCIAL"]
["CUSTOS HORÁRIOS DE MÁQUINAS E EQUIPAMENTOS","CHOR","CUSTO HORÁRIO IMPRODUTIVO DIURNO","0327","","",89884,"CAMINHÃO BASCULANTE 18 M3, COM CAVALO MECÂNICO DE CAPACIDADE MÁXIMA DE TRAÇÃO COMBINADO DE 45000 KG, POTÊNCIA 330 CV, INCLUSIVE SEMIREBOQUE COM CAÇAMBA METÁLICA - CHI DIURNO. AF_12/2014","CHI","ATRIBUÍDO SÃO PAULO",83.75,"CAIXA REFERENCIAL"]
["CUSTOS HORÁRIOS DE MÁQUINAS E EQUIPAMENTOS","CHOR","CUSTO HORÁRIO IMPRODUTIVO DIURNO","0327","","",90587,"VIBRADOR DE IMERSÃO, DIÂMETRO DE PONTEIRA 45MM, MOTOR ELÉTRICO TRIFÁSICO POTÊNCIA DE 2 CV - CHI DIURNO. AF_06/2015","CHI","ATRIBUÍDO SÃO PAULO",0.49,"CAIXA REFERENCIAL"]
["CUSTOS HORÁRIOS DE MÁQUINAS E EQUIPAMENTOS","CHOR","CUSTO HORÁRIO IMPRODUTIVO DIURNO","0327","","",90626,"PERFURATRIZ MANUAL, TORQUE MÁXIMO 83 N.M, POTÊNCIA 5 CV, COM DIÂMETRO MÁXIMO 4\" - CHI DIURNO. AF_06/2015","CHI","COEFICIENTE DE REPRESENTATIVIDADE",2.2400000000000002,"CAIXA REFERENCIAL"]
["CUSTOS HORÁRIOS DE MÁQUINAS E EQUIPAMENTOS","CHOR","CUSTO HORÁRIO IMPRODUTIVO DIURNO","0327","","",90632,"PERFURATRIZ SOBRE ESTEIRA, TORQUE MÁXIMO 600 KGF, PESO MÉDIO 1000 KG, POTÊNCIA 20 HP, DIÂMETRO MÁXIMO 10\" - CHI DIURNO. AF_06/2015","CHI","COEFICIENTE DE REPRESENTATIVIDADE",92.93,"CAIXA REFERENCIAL"]
["CUSTOS HORÁRIOS DE MÁQUINAS E EQUIPAMENTOS","CHOR","CUSTO HORÁRIO IMPRODUTIVO DIURNO","0327","","",90638,"MISTURADOR DUPLO HORIZONTAL DE ALTA TURBULÊNCIA, CAPACIDADE / VOLUME 2 X 500 LITROS, MOTORES ELÉTRICOS MÍNIMO 5 CV CADA, PARA NATA CIMENTO, ARGAMASSA E OUTROS - CHI DIURNO. AF_06/2015","CHI","COEFICIENTE DE REPRESENTATIVIDADE",5.72,"CAIXA REFERENCIAL"]
["CUSTOS HORÁRIOS DE MÁQUINAS E EQUIPAMENTOS","CHOR","CUSTO HORÁRIO IMPRODUTIVO DIURNO","0327","","",90644,"BOMBA TRIPLEX, PARA INJEÇÃO DE NATA DE CIMENTO, VAZÃO MÁXIMA DE 100 LITROS/MINUTO, PRESSÃO MÁXIMA DE 70 BAR - CHI DIURNO. AF_06/2015","CHI","COEFICIENTE DE REPRESENTATIVIDADE",8.5399999999999991,"CAIXA REFERENCIAL"]
["CUSTOS HORÁRIOS DE MÁQUINAS E EQUIPAMENTOS","CHOR","CUSTO HORÁRIO IMPRODUTIVO DIURNO","0327","","",90651,"BOMBA CENTRÍFUGA MONOESTÁGIO COM MOTOR ELÉTRICO MONOFÁSICO, POTÊNCIA 15 HP, DIÂMETRO DO ROTOR 173 MM, HM/Q = 30 MCA / 90 M3/H A 45 MCA / 55 M3/H - CHI DIURNO. AF_06/2015","CHI","COEFICIENTE DE REPRESENTATIVIDADE",0.83,"CAIXA REFERENCIAL"]
["CUSTOS HORÁRIOS DE MÁQUINAS E EQUIPAMENTOS","CHOR","CUSTO HORÁRIO IMPRODUTIVO DIURNO","0327","","",90657,"BOMBA DE PROJEÇÃO DE CONCRETO SECO, POTÊNCIA 10 CV, VAZÃO 3 M3/H - CHI DIURNO. AF_06/2015","CHI","COEFICIENTE DE REPRESENTATIVIDADE",5.56,"CAIXA REFERENCIAL"]
["CUSTOS HORÁRIOS DE MÁQUINAS E EQUIPAMENTOS","CHOR","CUSTO HORÁRIO IMPRODUTIVO DIURNO","0327","","",90663,"BOMBA DE PROJEÇÃO DE CONCRETO SECO, POTÊNCIA 10 CV, VAZÃO 6 M3/H - CHI DIURNO. AF_06/2015","CHI","COEFICIENTE DE REPRESENTATIVIDADE",5.96,"CAIXA REFERENCIAL"]
["CUSTOS HORÁRIOS DE MÁQUINAS E EQUIPAMENTOS","CHOR","CUSTO HORÁRIO IMPRODUTIVO DIURNO","0327","","",90669,"PROJETOR PNEUMÁTICO DE ARGAMASSA PARA CHAPISCO E REBOCO COM RECIPIENTE ACOPLADO, TIPO CANEQUINHA, COM COMPRESSOR DE AR REBOCÁVEL VAZÃO 89 PCM E MOTOR DIESEL DE 20 CV - CHI DIURNO. AF_05/2023","CHI","ATRIBUÍDO SÃO PAULO",8.74,"CAIXA REFERENCIAL"]
["CUSTOS HORÁRIOS DE MÁQUINAS E EQUIPAMENTOS","CHOR","CUSTO HORÁRIO IMPRODUTIVO DIURNO","0327","","",90675,"PERFURATRIZ COM TORRE METÁLICA PARA EXECUÇÃO DE ESTACA HÉLICE CONTÍNUA, PROFUNDIDADE MÁXIMA DE 30 M, DIÂMETRO MÁXIMO DE 800 MM, POTÊNCIA INSTALADA DE 268 HP, MESA ROTATIVA COM TORQUE MÁXIMO DE 170 KNM - CHI DIURNO. AF_06/2015","CHI","COEFICIENTE DE REPRESENTATIVIDADE",310.25,"CAIXA REFERENCIAL"]
["CUSTOS HORÁRIOS DE MÁQUINAS E EQUIPAMENTOS","CHOR","CUSTO HORÁRIO IMPRODUTIVO DIURNO","0327","","",90681,"PERFURATRIZ HIDRÁULICA SOBRE CAMINHÃO COM TRADO CURTO ACOPLADO, PROFUNDIDADE MÁXIMA DE 20 M, DIÂMETRO MÁXIMO DE 1500 MM, POTÊNCIA INSTALADA DE 137 HP, MESA ROTATIVA COM TORQUE MÁXIMO DE 30 KNM - CHI DIURNO. AF_06/2015","CHI","COEFICIENTE DE REPRESENTATIVIDADE",186.42,"CAIXA REFERENCIAL"]
["CUSTOS HORÁRIOS DE MÁQUINAS E EQUIPAMENTOS","CHOR","CUSTO HORÁRIO IMPRODUTIVO DIURNO","0327","","",90687,"MANIPULADOR TELESCÓPICO, POTÊNCIA DE 85 HP, CAPACIDADE DE CARGA DE 3.500 KG, ALTURA MÁXIMA DE ELEVAÇÃO DE 12,3 M - CHI DIURNO. AF_05/2023","CHI","ATRIBUÍDO SÃO PAULO",72.260000000000005,"CAIXA REFERENCIAL"]
["CUSTOS HORÁRIOS DE MÁQUINAS E EQUIPAMENTOS","CHOR","CUSTO HORÁRIO IMPRODUTIVO DIURNO","0327","","",90693,"MINICARREGADEIRA SOBRE RODAS, POTÊNCIA LÍQUIDA DE 47 HP, CAPACIDADE NOMINAL DE OPERAÇÃO DE 646 KG - CHI DIURNO. AF_06/2015","CHI","ATRIBUÍDO SÃO PAULO",65.540000000000006,"CAIXA REFERENCIAL"]
["CUSTOS HORÁRIOS DE MÁQUINAS E EQUIPAMENTOS","CHOR","CUSTO HORÁRIO IMPRODUTIVO DIURNO","0327","","",90965,"COMPRESSOR DE AR REBOCÁVEL, VAZÃO 89 PCM, PRESSÃO EFETIVA DE TRABALHO 102 PSI, MOTOR DIESEL, POTÊNCIA 20 CV - CHI DIURNO. AF_06/2015","CHI","ATRIBUÍDO SÃO PAULO",8.69,"CAIXA REFERENCIAL"]
["CUSTOS HORÁRIOS DE MÁQUINAS E EQUIPAMENTOS","CHOR","CUSTO HORÁRIO IMPRODUTIVO DIURNO","0327","","",90973,"COMPRESSOR DE AR REBOCAVEL, VAZÃO 250 PCM, PRESSAO DE TRABALHO 102 PSI, MOTOR A DIESEL POTÊNCIA 81 CV - CHI DIURNO. AF_06/2015","CHI","ATRIBUÍDO SÃO PAULO",8.7100000000000009,"CAIXA REFERENCIAL"]
["CUSTOS HORÁRIOS DE MÁQUINAS E EQUIPAMENTOS","CHOR","CUSTO HORÁRIO IMPRODUTIVO DIURNO","0327","","",90982,"COMPRESSOR DE AR REBOCÁVEL, VAZÃO 748 PCM, PRESSÃO EFETIVA DE TRABALHO 102 PSI, MOTOR DIESEL, POTÊNCIA 210 CV - CHI DIURNO. AF_06/2015","CHI","ATRIBUÍDO SÃO PAULO",22.14,"CAIXA REFERENCIAL"]
["CUSTOS HORÁRIOS DE MÁQUINAS E EQUIPAMENTOS","CHOR","CUSTO HORÁRIO IMPRODUTIVO DIURNO","0327","","",91001,"COMPRESSOR DE AR REBOCAVEL, VAZÃO 400 PCM, PRESSAO DE TRABALHO 102 PSI, MOTOR A DIESEL POTÊNCIA 110 CV - CHI DIURNO. AF_06/2015","CHI","ATRIBUÍDO SÃO PAULO",10.33,"CAIXA REFERENCIAL"]
["CUSTOS HORÁRIOS DE MÁQUINAS E EQUIPAMENTOS","CHOR","CUSTO HORÁRIO IMPRODUTIVO DIURNO","0327","","",91032,"CAMINHÃO TRUCADO (C/ TERCEIRO EIXO) ELETRÔNICO - POTÊNCIA 231CV - PBT = 22000KG - DIST. ENTRE EIXOS 5170 MM - INCLUI CARROCERIA FIXA ABERTA DE MADEIRA - CHI DIURNO. AF_06/2015","CHI","ATRIBUÍDO SÃO PAULO",65.16,"CAIXA REFERENCIAL"]
["CUSTOS HORÁRIOS DE MÁQUINAS E EQUIPAMENTOS","CHOR","CUSTO HORÁRIO IMPRODUTIVO DIURNO","0327","","",91278,"PLACA VIBRATÓRIA REVERSÍVEL COM MOTOR 4 TEMPOS A GASOLINA, FORÇA CENTRÍFUGA DE 25 KN (2500 KGF), POTÊNCIA 5,5 CV - CHI DIURNO. AF_08/2015","CHI","ATRIBUÍDO SÃO PAULO",0.64,"CAIXA REFERENCIAL"]
["CUSTOS HORÁRIOS DE MÁQUINAS E EQUIPAMENTOS","CHOR","CUSTO HORÁRIO IMPRODUTIVO DIURNO","0327","","",91285,"CORTADORA DE PISO COM MOTOR 4 TEMPOS A GASOLINA, POTÊNCIA DE 13 HP, COM DISCO DE CORTE DIAMANTADO SEGMENTADO PARA CONCRETO, DIÂMETRO DE 350 MM, FURO DE 1\" (14 X 1\") - CHI DIURNO. AF_08/2015","CHI","COEFICIENTE DE REPRESENTATIVIDADE",0.85,"CAIXA REFERENCIAL"]
["CUSTOS HORÁRIOS DE MÁQUINAS E EQUIPAMENTOS","CHOR","CUSTO HORÁRIO IMPRODUTIVO DIURNO","0327","","",91387,"CAMINHÃO BASCULANTE 10 M3, TRUCADO CABINE SIMPLES, PESO BRUTO TOTAL 23.000 KG, CARGA ÚTIL MÁXIMA 15.935 KG, DISTÂNCIA ENTRE EIXOS 4,80 M, POTÊNCIA 230 CV INCLUSIVE CAÇAMBA METÁLICA - CHI DIURNO. AF_06/2014","CHI","ATRIBUÍDO SÃO PAULO",71.91,"CAIXA REFERENCIAL"]
["CUSTOS HORÁRIOS DE MÁQUINAS E EQUIPAMENTOS","CHOR","CUSTO HORÁRIO IMPRODUTIVO DIURNO","0327","","",91395,"CAMINHÃO TOCO, PBT 14.300 KG, CARGA ÚTIL MÁX. 9.710 KG, DIST. ENTRE EIXOS 3,56 M, POTÊNCIA 185 CV, INCLUSIVE CARROCERIA FIXA ABERTA DE MADEIRA P/ TRANSPORTE GERAL DE CARGA SECA, DIMEN. APROX. 2,50 X 6,50 X 0,50 M - CHI DIURNO. AF_06/2014","CHI","ATRIBUÍDO SÃO PAULO",55.82,"CAIXA REFERENCIAL"]
["CUSTOS HORÁRIOS DE MÁQUINAS E EQUIPAMENTOS","CHOR","CUSTO HORÁRIO IMPRODUTIVO DIURNO","0327","","",91486,"ESPARGIDOR DE ASFALTO PRESSURIZADO, TANQUE 6 M3 COM ISOLAÇÃO TÉRMICA, AQUECIDO COM 2 MAÇARICOS, COM BARRA ESPARGIDORA 3,60 M, MONTADO SOBRE CAMINHÃO  TOCO, PBT 14.300 KG, POTÊNCIA 185 CV - CHI DIURNO. AF_05/2023","CHI","ATRIBUÍDO SÃO PAULO",66.38,"CAIXA REFERENCIAL"]
["CUSTOS HORÁRIOS DE MÁQUINAS E EQUIPAMENTOS","CHOR","CUSTO HORÁRIO IMPRODUTIVO DIURNO","0327","","",91534,"COMPACTADOR DE SOLOS DE PERCUSSÃO (SOQUETE) COM MOTOR A GASOLINA 4 TEMPOS, POTÊNCIA 4 CV - CHI DIURNO. AF_08/2015","CHI","ATRIBUÍDO SÃO PAULO",33.35,"CAIXA REFERENCIAL"]
["CUSTOS HORÁRIOS DE MÁQUINAS E EQUIPAMENTOS","CHOR","CUSTO HORÁRIO IMPRODUTIVO DIURNO","0327","","",91635,"GUINDAUTO HIDRÁULICO, CAPACIDADE MÁXIMA DE CARGA 6500 KG, MOMENTO MÁXIMO DE CARGA 5,8 TM, ALCANCE MÁXIMO HORIZONTAL 7,60 M, INCLUSIVE CAMINHÃO TOCO PBT 9.700 KG, POTÊNCIA DE 160 CV - CHI DIURNO. AF_08/2015","CHI","ATRIBUÍDO SÃO PAULO",61.18,"CAIXA REFERENCIAL"]
["CUSTOS HORÁRIOS DE MÁQUINAS E EQUIPAMENTOS","CHOR","CUSTO HORÁRIO IMPRODUTIVO DIURNO","0327","","",91646,"CAMINHÃO DE TRANSPORTE DE MATERIAL ASFÁLTICO 30.000 L, COM CAVALO MECÂNICO DE CAPACIDADE MÁXIMA DE TRAÇÃO COMBINADO DE 66.000 KG, POTÊNCIA 360 CV, INCLUSIVE TANQUE DE ASFALTO COM SERPENTINA - CHI DIURNO. AF_08/2015","CHI","ATRIBUÍDO SÃO PAULO",89.79,"CAIXA REFERENCIAL"]
["CUSTOS HORÁRIOS DE MÁQUINAS E EQUIPAMENTOS","CHOR","CUSTO HORÁRIO IMPRODUTIVO DIURNO","0327","","",91693,"SERRA CIRCULAR DE BANCADA COM MOTOR ELÉTRICO POTÊNCIA DE 5HP, COM COIFA PARA DISCO 10\" - CHI DIURNO. AF_08/2015","CHI","COEFICIENTE DE REPRESENTATIVIDADE",32.49,"CAIXA REFERENCIAL"]
["CUSTOS HORÁRIOS DE MÁQUINAS E EQUIPAMENTOS","CHOR","CUSTO HORÁRIO IMPRODUTIVO DIURNO","0327","","",92044,"DISTRIBUIDOR DE AGREGADOS REBOCAVEL, CAPACIDADE 1,9 M³, LARGURA DE TRABALHO 3,66 M - CHI DIURNO. AF_11/2015","CHI","ATRIBUÍDO SÃO PAULO",7.8,"CAIXA REFERENCIAL"]
["CUSTOS HORÁRIOS DE MÁQUINAS E EQUIPAMENTOS","CHOR","CUSTO HORÁRIO IMPRODUTIVO DIURNO","0327","","",92107,"CAMINHÃO PARA EQUIPAMENTO DE LIMPEZA A SUCÇÃO COM CAMINHÃO TRUCADO DE PESO BRUTO TOTAL 23000 KG, CARGA ÚTIL MÁXIMA 15935 KG, DISTÂNCIA ENTRE EIXOS 4,80 M, POTÊNCIA 230 CV, INCLUSIVE LIMPADORA A SUCÇÃO, TANQUE 12000 L - CHI DIURNO. AF_05/2023","CHI","ATRIBUÍDO SÃO PAULO",91.89,"CAIXA REFERENCIAL"]
["CUSTOS HORÁRIOS DE MÁQUINAS E EQUIPAMENTOS","CHOR","CUSTO HORÁRIO IMPRODUTIVO DIURNO","0327","","",92113,"PENEIRA ROTATIVA COM MOTOR ELÉTRICO TRIFÁSICO DE 2 CV, CILINDRO DE 1 M X 0,60 M, COM FUROS DE 3,17 MM - CHI DIURNO. AF_05/2023","CHI","COEFICIENTE DE REPRESENTATIVIDADE",1.27,"CAIXA REFERENCIAL"]
["CUSTOS HORÁRIOS DE MÁQUINAS E EQUIPAMENTOS","CHOR","CUSTO HORÁRIO IMPRODUTIVO DIURNO","0327","","",92119,"DOSADOR DE AREIA, CAPACIDADE DE 26 LITROS - CHI DIURNO. AF_05/2023","CHI","COEFICIENTE DE REPRESENTATIVIDADE",0.31,"CAIXA REFERENCIAL"]
["CUSTOS HORÁRIOS DE MÁQUINAS E EQUIPAMENTOS","CHOR","CUSTO HORÁRIO IMPRODUTIVO DIURNO","0327","","",92139,"CAMINHONETE COM MOTOR A DIESEL, POTÊNCIA 180 CV, CABINE DUPLA, 4X4 - CHI DIURNO. AF_11/2015","CHI","COEFICIENTE DE REPRESENTATIVIDADE",39.15,"CAIXA REFERENCIAL"]
["CUSTOS HORÁRIOS DE MÁQUINAS E EQUIPAMENTOS","CHOR","CUSTO HORÁRIO IMPRODUTIVO DIURNO","0327","","",92146,"CAMINHONETE CABINE SIMPLES COM MOTOR 1.6 FLEX, CÂMBIO MANUAL, POTÊNCIA 101/104 CV, 2 PORTAS - CHI DIURNO. AF_11/2015","CHI","COEFICIENTE DE REPRESENTATIVIDADE",27.41,"CAIXA REFERENCIAL"]
["CUSTOS HORÁRIOS DE MÁQUINAS E EQUIPAMENTOS","CHOR","CUSTO HORÁRIO IMPRODUTIVO DIURNO","0327","","",92243,"CAMINHÃO DE TRANSPORTE DE MATERIAL ASFÁLTICO 20.000 L, COM CAVALO MECÂNICO DE CAPACIDADE MÁXIMA DE TRAÇÃO COMBINADO DE 45.000 KG, POTÊNCIA 330 CV, INCLUSIVE TANQUE DE ASFALTO COM MAÇARICO - CHI DIURNO. AF_12/2015","CHI","ATRIBUÍDO SÃO PAULO",73.180000000000007,"CAIXA REFERENCIAL"]
["CUSTOS HORÁRIOS DE MÁQUINAS E EQUIPAMENTOS","CHOR","CUSTO HORÁRIO IMPRODUTIVO DIURNO","0327","","",92717,"APARELHO PARA CORTE E SOLDA OXI-ACETILENO SOBRE RODAS, INCLUSIVE CILINDROS E MAÇARICOS - CHI DIURNO. AF_05/2023","CHI","COEFICIENTE DE REPRESENTATIVIDADE",0.15,"CAIXA REFERENCIAL"]
["CUSTOS HORÁRIOS DE MÁQUINAS E EQUIPAMENTOS","CHOR","CUSTO HORÁRIO IMPRODUTIVO DIURNO","0327","","",92961,"MÁQUINA EXTRUSORA DE CONCRETO PARA GUIAS E SARJETAS, MOTOR A DIESEL, POTÊNCIA 14 CV - CHI DIURNO. AF_12/2015","CHI","ATRIBUÍDO SÃO PAULO",5.29,"CAIXA REFERENCIAL"]
["CUSTOS HORÁRIOS DE MÁQUINAS E EQUIPAMENTOS","CHOR","CUSTO HORÁRIO IMPRODUTIVO DIURNO","0327","","",92967,"MARTELO PERFURADOR PNEUMÁTICO MANUAL, HASTE 25 X 75 MM, 21 KG - CHI DIURNO. AF_12/2015","CHI","COEFICIENTE DE REPRESENTATIVIDADE",29.74,"CAIXA REFERENCIAL"]
["CUSTOS HORÁRIOS DE MÁQUINAS E EQUIPAMENTOS","CHOR","CUSTO HORÁRIO IMPRODUTIVO DIURNO","0327","","",93225,"PERFURATRIZ COM TORRE METÁLICA PARA EXECUÇÃO DE ESTACA HÉLICE CONTÍNUA, PROFUNDIDADE MÁXIMA DE 32 M, DIÂMETRO MÁXIMO DE 1000 MM, POTÊNCIA INSTALADA DE 350 HP, MESA ROTATIVA COM TORQUE MÁXIMO DE 263 KNM - CHI DIURNO. AF_01/2016","CHI","COEFICIENTE DE REPRESENTATIVIDADE",464.45,"CAIXA REFERENCIAL"]
["CUSTOS HORÁRIOS DE MÁQUINAS E EQUIPAMENTOS","CHOR","CUSTO HORÁRIO IMPRODUTIVO DIURNO","0327","","",93234,"BETONEIRA CAPACIDADE NOMINAL 400 L, CAPACIDADE DE MISTURA 310 L, MOTOR A GASOLINA POTÊNCIA 5,5 HP, SEM CARREGADOR - CHI DIURNO. AF_02/2016","CHI","COEFICIENTE DE REPRESENTATIVIDADE",0.56000000000000005,"CAIXA REFERENCIAL"]
["CUSTOS HORÁRIOS DE MÁQUINAS E EQUIPAMENTOS","CHOR","CUSTO HORÁRIO IMPRODUTIVO DIURNO","0327","","",93244,"ROLO COMPACTADOR VIBRATÓRIO PÉ DE CARNEIRO PARA SOLOS, POTÊNCIA 80 HP, PESO OPERACIONAL SEM/COM LASTRO 7,4 / 8,8 T, LARGURA DE TRABALHO 1,68 M - CHI DIURNO. AF_02/2016","CHI","ATRIBUÍDO SÃO PAULO",76.09,"CAIXA REFERENCIAL"]
["CUSTOS HORÁRIOS DE MÁQUINAS E EQUIPAMENTOS","CHOR","CUSTO HORÁRIO IMPRODUTIVO DIURNO","0327","","",93274,"GRUA ASCENSIONAL, LANÇA DE 30 M, CAPACIDADE DE 1,0 T A 30 M, ALTURA ATÉ 39 M - CHI DIURNO. AF_05/2023","CHI","ATRIBUÍDO SÃO PAULO",81.27,"CAIXA REFERENCIAL"]
["CUSTOS HORÁRIOS DE MÁQUINAS E EQUIPAMENTOS","CHOR","CUSTO HORÁRIO IMPRODUTIVO DIURNO","0327","","",93282,"GUINCHO ELÉTRICO DE COLUNA, CAPACIDADE 400 KG, COM MOTO FREIO, MOTOR TRIFÁSICO DE 1,25 CV - CHI DIURNO. AF_03/2016","CHI","COEFICIENTE DE REPRESENTATIVIDADE",28.72,"CAIXA REFERENCIAL"]
["CUSTOS HORÁRIOS DE MÁQUINAS E EQUIPAMENTOS","CHOR","CUSTO HORÁRIO IMPRODUTIVO DIURNO","0327","","",93288,"GUINDASTE HIDRÁULICO AUTOPROPELIDO, COM LANÇA TELESCÓPICA 40 M, CAPACIDADE MÁXIMA 60 T, POTÊNCIA 260 KW - CHI DIURNO. AF_03/2016","CHI","ATRIBUÍDO SÃO PAULO",187.46,"CAIXA REFERENCIAL"]
["CUSTOS HORÁRIOS DE MÁQUINAS E EQUIPAMENTOS","CHOR","CUSTO HORÁRIO IMPRODUTIVO DIURNO","0327","","",93403,"GUINDAUTO HIDRÁULICO, CAPACIDADE MÁXIMA DE CARGA 3300 KG, MOMENTO MÁXIMO DE CARGA 5,8 TM, ALCANCE MÁXIMO HORIZONTAL 7,60 M, INCLUSIVE CAMINHÃO TOCO PBT 16.000 KG, POTÊNCIA DE 189 CV - CHI DIURNO. AF_03/2016","CHI","ATRIBUÍDO SÃO PAULO",66.930000000000007,"CAIXA REFERENCIAL"]
["CUSTOS HORÁRIOS DE MÁQUINAS E EQUIPAMENTOS","CHOR","CUSTO HORÁRIO IMPRODUTIVO DIURNO","0327","","",93409,"MÁQUINA JATO DE PRESSAO PORTÁTIL, CAMARA DE 1 SAIDA, CAPACIDADE 280 L, DIAMETRO 670 MM, BICO DE JATO CURTO VENTURI DE 5/16\" , MANGUEIRA DE 1\" COM COMPRESSOR DE AR REBOCÁVEL 189 PCM E MOTOR DIESEL 63 CV - CHI DIURNO. AF_05/2023","CHI","ATRIBUÍDO SÃO PAULO",39.159999999999997,"CAIXA REFERENCIAL"]
["CUSTOS HORÁRIOS DE MÁQUINAS E EQUIPAMENTOS","CHOR","CUSTO HORÁRIO IMPRODUTIVO DIURNO","0327","","",93416,"GERADOR PORTÁTIL MONOFÁSICO, POTÊNCIA 5500 VA, MOTOR A GASOLINA, POTÊNCIA DO MOTOR 13 CV - CHI DIURNO. AF_03/2016","CHI","COEFICIENTE DE REPRESENTATIVIDADE",0.46,"CAIXA REFERENCIAL"]
["CUSTOS HORÁRIOS DE MÁQUINAS E EQUIPAMENTOS","CHOR","CUSTO HORÁRIO IMPRODUTIVO DIURNO","0327","","",93422,"GRUPO GERADOR REBOCÁVEL, POTÊNCIA 66 KVA, MOTOR A DIESEL - CHI DIURNO. AF_03/2016","CHI","COEFICIENTE DE REPRESENTATIVIDADE",6.03,"CAIXA REFERENCIAL"]
["CUSTOS HORÁRIOS DE MÁQUINAS E EQUIPAMENTOS","CHOR","CUSTO HORÁRIO IMPRODUTIVO DIURNO","0327","","",93428,"GRUPO GERADOR ESTACIONÁRIO, POTÊNCIA 150 KVA, MOTOR A DIESEL- CHI DIURNO. AF_03/2016","CHI","COEFICIENTE DE REPRESENTATIVIDADE",8.5399999999999991,"CAIXA REFERENCIAL"]
["CUSTOS HORÁRIOS DE MÁQUINAS E EQUIPAMENTOS","CHOR","CUSTO HORÁRIO IMPRODUTIVO DIURNO","0327","","",93434,"USINA DE MISTURA ASFÁLTICA À QUENTE, TIPO CONTRA FLUXO, PROD 40 A 80 TON/HORA - CHI DIURNO. AF_05/2023","CHI","ATRIBUÍDO SÃO PAULO",315.36,"CAIXA REFERENCIAL"]
["CUSTOS HORÁRIOS DE MÁQUINAS E EQUIPAMENTOS","CHOR","CUSTO HORÁRIO IMPRODUTIVO DIURNO","0327","","",93440,"USINA DE ASFALTO À FRIO, CAPACIDADE DE 40 A 60 TON/HORA, ELÉTRICA POTÊNCIA 30 CV - CHI DIURNO. AF_05/2023","CHI","ATRIBUÍDO SÃO PAULO",132.77000000000001,"CAIXA REFERENCIAL"]
["CUSTOS HORÁRIOS DE MÁQUINAS E EQUIPAMENTOS","CHOR","CUSTO HORÁRIO IMPRODUTIVO DIURNO","0327","","",95122,"USINA MISTURADORA DE SOLOS, CAPACIDADE DE 200 A 500 TON/H, POTENCIA 75KW - CHI DIURNO. AF_07/2016","CHI","ATRIBUÍDO SÃO PAULO",212.01,"CAIXA REFERENCIAL"]
["CUSTOS HORÁRIOS DE MÁQUINAS E EQUIPAMENTOS","CHOR","CUSTO HORÁRIO IMPRODUTIVO DIURNO","0327","","",95128,"DISTRIBUIDOR DE AGREGADOS AUTOPROPELIDO, CAP 3 M3, A DIESEL, POTÊNCIA 176CV - CHI DIURNO. AF_07/2016","CHI","ATRIBUÍDO SÃO PAULO",55.78,"CAIXA REFERENCIAL"]
["CUSTOS HORÁRIOS DE MÁQUINAS E EQUIPAMENTOS","CHOR","CUSTO HORÁRIO IMPRODUTIVO DIURNO","0327","","",95140,"TALHA MANUAL DE CORRENTE, CAPACIDADE DE 2 TON. COM ELEVAÇÃO DE 3 M - CHI DIURNO. AF_07/2016","CHI","COLETADO",0.05,"CAIXA REFERENCIAL"]
["CUSTOS HORÁRIOS DE MÁQUINAS E EQUIPAMENTOS","CHOR","CUSTO HORÁRIO IMPRODUTIVO DIURNO","0327","","",95213,"GRUA ASCENCIONAL, LANÇA DE 42 M, CAPACIDADE DE 1,5 T A 30 M, ALTURA ATÉ 39 M - CHI DIURNO. AF_05/2023","CHI","ATRIBUÍDO SÃO PAULO",87.44,"CAIXA REFERENCIAL"]
["CUSTOS HORÁRIOS DE MÁQUINAS E EQUIPAMENTOS","CHOR","CUSTO HORÁRIO IMPRODUTIVO DIURNO","0327","","",95259,"MARTELO DEMOLIDOR PNEUMÁTICO MANUAL, 32 KG - CHI DIURNO. AF_09/2016","CHI","COEFICIENTE DE REPRESENTATIVIDADE",29.5,"CAIXA REFERENCIAL"]
["CUSTOS HORÁRIOS DE MÁQUINAS E EQUIPAMENTOS","CHOR","CUSTO HORÁRIO IMPRODUTIVO DIURNO","0327","","",95265,"COMPACTADOR DE SOLOS DE PERCUSÃO (SOQUETE) COM MOTOR A GASOLINA, POTÊNCIA 3 CV - CHI DIURNO. AF_09/2016","CHI","ATRIBUÍDO SÃO PAULO",0.77,"CAIXA REFERENCIAL"]
["CUSTOS HORÁRIOS DE MÁQUINAS E EQUIPAMENTOS","CHOR","CUSTO HORÁRIO IMPRODUTIVO DIURNO","0327","","",95271,"RÉGUA VIBRATÓRIA DUPLA PARA CONCRETO, PESO DE 60KG, COMPRIMENTO 4 M, COM MOTOR A GASOLINA, POTÊNCIA 5,5 HP - CHI DIURNO. AF_09/2016","CHI","ATRIBUÍDO SÃO PAULO",0.53,"CAIXA REFERENCIAL"]
["CUSTOS HORÁRIOS DE MÁQUINAS E EQUIPAMENTOS","CHOR","CUSTO HORÁRIO IMPRODUTIVO DIURNO","0327","","",95277,"POLIDORA DE PISO (POLITRIZ), PESO DE 100KG, DIÂMETRO 450 MM, MOTOR ELÉTRICO, POTÊNCIA 4 HP - CHI DIURNO. AF_05/2023","CHI","ATRIBUÍDO SÃO PAULO",0.5,"CAIXA REFERENCIAL"]
["CUSTOS HORÁRIOS DE MÁQUINAS E EQUIPAMENTOS","CHOR","CUSTO HORÁRIO IMPRODUTIVO DIURNO","0327","","",95283,"DESEMPENADEIRA DE CONCRETO, PESO DE 78 KG, 4 PÁS, MOTOR A GASOLINA, POTÊNCIA 5,5 HP - CHI DIURNO. AF_05/2023","CHI","ATRIBUÍDO SÃO PAULO",0.61,"CAIXA REFERENCIAL"]
["CUSTOS HORÁRIOS DE MÁQUINAS E EQUIPAMENTOS","CHOR","CUSTO HORÁRIO IMPRODUTIVO DIURNO","0327","","",95621,"PERFURATRIZ PNEUMATICA MANUAL DE PESO MEDIO, MARTELETE, 18KG, COMPRIMENTO MÁXIMO DE CURSO DE 6 M, DIAMETRO DO PISTAO DE 5,5 CM - CHI DIURNO. AF_11/2016","CHI","COEFICIENTE DE REPRESENTATIVIDADE",29.23,"CAIXA REFERENCIAL"]
["CUSTOS HORÁRIOS DE MÁQUINAS E EQUIPAMENTOS","CHOR","CUSTO HORÁRIO IMPRODUTIVO DIURNO","0327","","",95632,"ROLO COMPACTADOR VIBRATORIO TANDEM, ACO LISO, POTENCIA 125 HP, PESO SEM/COM LASTRO 10,20/11,65 T, LARGURA DE TRABALHO 1,73 M - CHI DIURNO. AF_11/2016","CHI","ATRIBUÍDO SÃO PAULO",95.06,"CAIXA REFERENCIAL"]
["CUSTOS HORÁRIOS DE MÁQUINAS E EQUIPAMENTOS","CHOR","CUSTO HORÁRIO IMPRODUTIVO DIURNO","0327","","",95703,"PERFURATRIZ MANUAL, TORQUE MAXIMO 55 KGF.M, POTENCIA 5 CV, COM DIAMETRO MAXIMO 8 1/2\" - CHI DIURNO. AF_11/2016","CHI","COEFICIENTE DE REPRESENTATIVIDADE",37.380000000000003,"CAIXA REFERENCIAL"]
["CUSTOS HORÁRIOS DE MÁQUINAS E EQUIPAMENTOS","CHOR","CUSTO HORÁRIO IMPRODUTIVO DIURNO","0327","","",95709,"PERFURATRIZ SOBRE ESTEIRA, TORQUE MÁXIMO 600 KGF, POTÊNCIA ENTRE 50 E 60 HP, DIÂMETRO MÁXIMO 10\" - CHI DIURNO. AF_11/2016","CHI","COEFICIENTE DE REPRESENTATIVIDADE",90.42,"CAIXA REFERENCIAL"]
["CUSTOS HORÁRIOS DE MÁQUINAS E EQUIPAMENTOS","CHOR","CUSTO HORÁRIO IMPRODUTIVO DIURNO","0327","","",95715,"ESCAVADEIRA HIDRAULICA SOBRE ESTEIRA, COM GARRA GIRATORIA DE MANDIBULAS, PESO OPERACIONAL ENTRE 22,00 E 25,50 TON, POTENCIA LIQUIDA ENTRE 150 E 160 HP - CHI DIURNO. AF_11/2016","CHI","COEFICIENTE DE REPRESENTATIVIDADE",105.93,"CAIXA REFERENCIAL"]
["CUSTOS HORÁRIOS DE MÁQUINAS E EQUIPAMENTOS","CHOR","CUSTO HORÁRIO IMPRODUTIVO DIURNO","0327","","",95721,"ESCAVADEIRA HIDRAULICA SOBRE ESTEIRA, EQUIPADA COM CLAMSHELL, COM CAPACIDADE DA CAÇAMBA ENTRE 1,20 E 1,50 M3, PESO OPERACIONAL ENTRE 20,00 E 22,00 TON, POTENCIA LIQUIDA ENTRE 150 E 160 HP - CHI DIURNO. AF_11/2016","CHI","COEFICIENTE DE REPRESENTATIVIDADE",103.33,"CAIXA REFERENCIAL"]
["CUSTOS HORÁRIOS DE MÁQUINAS E EQUIPAMENTOS","CHOR","CUSTO HORÁRIO IMPRODUTIVO DIURNO","0327","","",95873,"GRUPO GERADOR COM CARENAGEM, MOTOR DIESEL POTÊNCIA STANDART ENTRE 250 E 260 KVA - CHI DIURNO. AF_12/2016","CHI","COEFICIENTE DE REPRESENTATIVIDADE",13.66,"CAIXA REFERENCIAL"]
["CUSTOS HORÁRIOS DE MÁQUINAS E EQUIPAMENTOS","CHOR","CUSTO HORÁRIO IMPRODUTIVO DIURNO","0327","","",96014,"TRATOR DE PNEUS COM POTÊNCIA DE 122 CV, TRAÇÃO 4X4, COM VASSOURA MECÂNICA ACOPLADA - CHI DIURNO. AF_02/2017","CHI","ATRIBUÍDO SÃO PAULO",59.76,"CAIXA REFERENCIAL"]
["CUSTOS HORÁRIOS DE MÁQUINAS E EQUIPAMENTOS","CHOR","CUSTO HORÁRIO IMPRODUTIVO DIURNO","0327","","",96021,"TRATOR DE PNEUS COM POTÊNCIA DE 122 CV, TRAÇÃO 4X4, COM GRADE DE DISCOS ACOPLADA - CHI DIURNO. AF_02/2017","CHI","ATRIBUÍDO SÃO PAULO",59.51,"CAIXA REFERENCIAL"]
["CUSTOS HORÁRIOS DE MÁQUINAS E EQUIPAMENTOS","CHOR","CUSTO HORÁRIO IMPRODUTIVO DIURNO","0327","","",96029,"TRATOR DE PNEUS COM POTÊNCIA DE 85 CV, TRAÇÃO 4X4, COM GRADE DE DISCOS ACOPLADA - CHI DIURNO. AF_02/2017","CHI","ATRIBUÍDO SÃO PAULO",53.38,"CAIXA REFERENCIAL"]
["CUSTOS HORÁRIOS DE MÁQUINAS E EQUIPAMENTOS","CHOR","CUSTO HORÁRIO IMPRODUTIVO DIURNO","0327","","",96036,"CAMINHÃO BASCULANTE 10 M3, TRUCADO, POTÊNCIA 230 CV, INCLUSIVE CAÇAMBA METÁLICA, COM DISTRIBUIDOR DE AGREGADOS ACOPLADO - CHI DIURNO. AF_02/2017","CHI","ATRIBUÍDO SÃO PAULO",77.86,"CAIXA REFERENCIAL"]
["CUSTOS HORÁRIOS DE MÁQUINAS E EQUIPAMENTOS","CHOR","CUSTO HORÁRIO IMPRODUTIVO DIURNO","0327","","",96155,"TRATOR DE PNEUS COM POTÊNCIA DE 85 CV, TRAÇÃO 4X4, COM VASSOURA MECÂNICA ACOPLADA - CHI DIURNO. AF_02/2017","CHI","ATRIBUÍDO SÃO PAULO",53.63,"CAIXA REFERENCIAL"]
["CUSTOS HORÁRIOS DE MÁQUINAS E EQUIPAMENTOS","CHOR","CUSTO HORÁRIO IMPRODUTIVO DIURNO","0327","","",96156,"MINICARREGADEIRA SOBRE RODAS POTENCIA 47HP CAPACIDADE OPERACAO 646 KG, COM VASSOURA MECÂNICA ACOPLADA - CHI DIURNO. AF_03/2017","CHI","ATRIBUÍDO SÃO PAULO",71.81,"CAIXA REFERENCIAL"]
["CUSTOS HORÁRIOS DE MÁQUINAS E EQUIPAMENTOS","CHOR","CUSTO HORÁRIO IMPRODUTIVO DIURNO","0327","","",96159,"MÁQUINA DEMARCADORA DE FAIXA DE TRÁFEGO À FRIO, AUTOPROPELIDA, POTÊNCIA 38 HP - CHI DIURNO. AF_07/2016","CHI","ATRIBUÍDO SÃO PAULO",99,"CAIXA REFERENCIAL"]
["CUSTOS HORÁRIOS DE MÁQUINAS E EQUIPAMENTOS","CHOR","CUSTO HORÁRIO IMPRODUTIVO DIURNO","0327","","",96246,"MINIESCAVADEIRA SOBRE ESTEIRAS, POTENCIA LIQUIDA DE *30* HP, PESO OPERACIONAL DE *3.500* KG - CHI DIURNO. AF_04/2017","CHI","ATRIBUÍDO SÃO PAULO",72.08,"CAIXA REFERENCIAL"]
["CUSTOS HORÁRIOS DE MÁQUINAS E EQUIPAMENTOS","CHOR","CUSTO HORÁRIO IMPRODUTIVO DIURNO","0327","","",96464,"ROLO COMPACTADOR DE PNEUS, ESTATICO, PRESSAO VARIAVEL, POTENCIA 110 HP, PESO SEM/COM LASTRO 10,8/27 T, LARGURA DE ROLAGEM 2,30 M - CHI DIURNO. AF_06/2017","CHI","ATRIBUÍDO SÃO PAULO",101.87,"CAIXA REFERENCIAL"]
["CUSTOS HORÁRIOS DE MÁQUINAS E EQUIPAMENTOS","CHOR","CUSTO HORÁRIO IMPRODUTIVO DIURNO","0327","","",98765,"INVERSOR DE SOLDA MONOFÁSICO DE 160 A, POTÊNCIA DE 5400 W, TENSÃO DE 220 V, PARA SOLDA COM ELETRODOS DE 2,0 A 4,0 MM E PROCESSO TIG - CHI DIURNO. AF_06/2018","CHI","COLETADO",0.06,"CAIXA REFERENCIAL"]
["CUSTOS HORÁRIOS DE MÁQUINAS E EQUIPAMENTOS","CHOR","CUSTO HORÁRIO IMPRODUTIVO DIURNO","0327","","",99834,"LAVADORA DE ALTA PRESSAO (LAVA-JATO) PARA AGUA FRIA, PRESSAO DE OPERACAO ENTRE 1400 E 1900 LIB/POL2, VAZAO MAXIMA ENTRE 400 E 700 L/H - CHI DIURNO. AF_05/2023","CHI","COLETADO",0.13,"CAIXA REFERENCIAL"]
["CUSTOS HORÁRIOS DE MÁQUINAS E EQUIPAMENTOS","CHOR","CUSTO HORÁRIO IMPRODUTIVO DIURNO","0327","","",100642,"USINA DE MISTURA ASFÁLTICA À QUENTE, TIPO CONTRA FLUXO, PROD 100 A 140 TON/HORA - CHI DIURNO. AF_12/2019","CHI","ATRIBUÍDO SÃO PAULO",283.75,"CAIXA REFERENCIAL"]
["CUSTOS HORÁRIOS DE MÁQUINAS E EQUIPAMENTOS","CHOR","CUSTO HORÁRIO IMPRODUTIVO DIURNO","0327","","",100648,"USINA DE ASFALTO, TIPO GRAVIMÉTRICA, PROD 150 TON/HORA - CHI DIURNO. AF_12/2019","CHI","ATRIBUÍDO SÃO PAULO",557.04999999999995,"CAIXA REFERENCIAL"]
["CUSTOS HORÁRIOS DE MÁQUINAS E EQUIPAMENTOS","CHOR","CUSTO HORÁRIO IMPRODUTIVO DIURNO","0327","","",102274,"MARTELO DEMOLIDOR ELÉTRICO, COM POTÊNCIA DE 2.000 W, 1.000 IMPACTOS POR MINUTO, PESO DE 30 KG -  CHI DIURNO. AF_01/2021","CHI","COEFICIENTE DE REPRESENTATIVIDADE",28.74,"CAIXA REFERENCIAL"]
["CUSTOS HORÁRIOS DE MÁQUINAS E EQUIPAMENTOS","CHOR","CUSTO HORÁRIO IMPRODUTIVO DIURNO","0327","","",104092,"TERMOFUSORA PARA TUBOS E CONEXÕES EM PPR COM DIÂMETROS DE 20 A 63 MM, POTÊNCIA DE 800 W, TENSAO 220 V - CHI DIURNO. AF_05/2022","CHI","COEFICIENTE DE REPRESENTATIVIDADE",0.06,"CAIXA REFERENCIAL"]
["CUSTOS HORÁRIOS DE MÁQUINAS E EQUIPAMENTOS","CHOR","CUSTO HORÁRIO IMPRODUTIVO DIURNO","0327","","",104098,"TERMOFUSORA PARA TUBOS E CONEXÕES EM PPR COM DIÂMETROS DE 75 A 110 MM, POTÊNCIA DE *1100* W, TENSÃO 220 V - CHI DIURNO. AF_05/2022","CHI","COEFICIENTE DE REPRESENTATIVIDADE",0.08,"CAIXA REFERENCIAL"]
["CUSTOS HORÁRIOS DE MÁQUINAS E EQUIPAMENTOS","CHOR","COMPOSIÇÕES AUXILIARES","0329","","",5089,"ROLO COMPACTADOR VIBRATÓRIO PÉ DE CARNEIRO PARA SOLOS, POTÊNCIA 80 HP, PESO OPERACIONAL SEM/COM LASTRO 7,4 / 8,8 T, LARGURA DE TRABALHO 1,68 M - MANUTENÇÃO. AF_02/2016","H","ATRIBUÍDO SÃO PAULO",42.81,"CAIXA REFERENCIAL"]
["CUSTOS HORÁRIOS DE MÁQUINAS E EQUIPAMENTOS","CHOR","COMPOSIÇÕES AUXILIARES","0329","","",5627,"ESCAVADEIRA HIDRÁULICA SOBRE ESTEIRAS, CAÇAMBA 0,80 M3, PESO OPERACIONAL 17 T, POTENCIA BRUTA 111 HP - DEPRECIAÇÃO. AF_06/2014","H","COLETADO",46.9,"CAIXA REFERENCIAL"]
["CUSTOS HORÁRIOS DE MÁQUINAS E EQUIPAMENTOS","CHOR","COMPOSIÇÕES AUXILIARES","0329","","",5628,"ESCAVADEIRA HIDRÁULICA SOBRE ESTEIRAS, CAÇAMBA 0,80 M3, PESO OPERACIONAL 17 T, POTENCIA BRUTA 111 HP - JUROS. AF_06/2014","H","COLETADO",12.39,"CAIXA REFERENCIAL"]
["CUSTOS HORÁRIOS DE MÁQUINAS E EQUIPAMENTOS","CHOR","COMPOSIÇÕES AUXILIARES","0329","","",5629,"ESCAVADEIRA HIDRÁULICA SOBRE ESTEIRAS, CAÇAMBA 0,80 M3, PESO OPERACIONAL 17 T, POTENCIA BRUTA 111 HP - MANUTENÇÃO. AF_06/2014","H","COLETADO",58.62,"CAIXA REFERENCIAL"]
["CUSTOS HORÁRIOS DE MÁQUINAS E EQUIPAMENTOS","CHOR","COMPOSIÇÕES AUXILIARES","0329","","",5630,"ESCAVADEIRA HIDRÁULICA SOBRE ESTEIRAS, CAÇAMBA 0,80 M3, PESO OPERACIONAL 17 T, POTENCIA BRUTA 111 HP - MATERIAIS NA OPERAÇÃO. AF_06/2014","H","COLETADO",63.86,"CAIXA REFERENCIAL"]
["CUSTOS HORÁRIOS DE MÁQUINAS E EQUIPAMENTOS","CHOR","COMPOSIÇÕES AUXILIARES","0329","","",5658,"GRADE DE DISCO CONTROLE REMOTO REBOCÁVEL, COM 24 DISCOS 24\" X 6 MM COM PNEUS PARA TRANSPORTE - MANUTENÇÃO. AF_06/2014","H","ATRIBUÍDO SÃO PAULO",2.23,"CAIXA REFERENCIAL"]
["CUSTOS HORÁRIOS DE MÁQUINAS E EQUIPAMENTOS","CHOR","COMPOSIÇÕES AUXILIARES","0329","","",5664,"RETROESCAVADEIRA SOBRE RODAS COM CARREGADEIRA, TRAÇÃO 4X4, POTÊNCIA LÍQ. 88 HP, CAÇAMBA CARREG. CAP. MÍN. 1 M3, CAÇAMBA RETRO CAP. 0,26 M3, PESO OPERACIONAL MÍN. 6.674 KG, PROFUNDIDADE ESCAVAÇÃO MÁX. 4,37 M - MANUTENÇÃO. AF_06/2014","H","COEFICIENTE DE REPRESENTATIVIDADE",35.549999999999997,"CAIXA REFERENCIAL"]
["CUSTOS HORÁRIOS DE MÁQUINAS E EQUIPAMENTOS","CHOR","COMPOSIÇÕES AUXILIARES","0329","","",5667,"RETROESCAVADEIRA SOBRE RODAS COM CARREGADEIRA, TRAÇÃO 4X2, POTÊNCIA LÍQ. 79 HP, CAÇAMBA CARREG. CAP. MÍN. 1 M3, CAÇAMBA RETRO CAP. 0,20 M3, PESO OPERACIONAL MÍN. 6.570 KG, PROFUNDIDADE ESCAVAÇÃO MÁX. 4,37 M - MANUTENÇÃO. AF_06/2014","H","COEFICIENTE DE REPRESENTATIVIDADE",31.62,"CAIXA REFERENCIAL"]
["CUSTOS HORÁRIOS DE MÁQUINAS E EQUIPAMENTOS","CHOR","COMPOSIÇÕES AUXILIARES","0329","","",5668,"RETROESCAVADEIRA SOBRE RODAS COM CARREGADEIRA, TRAÇÃO 4X2, POTÊNCIA LÍQ. 79 HP, CAÇAMBA CARREG. CAP. MÍN. 1 M3, CAÇAMBA RETRO CAP. 0,20 M3, PESO OPERACIONAL MÍN. 6.570 KG, PROFUNDIDADE ESCAVAÇÃO MÁX. 4,37 M - MATERIAIS NA OPERAÇÃO. AF_06/2014","H","COLETADO",45.42,"CAIXA REFERENCIAL"]
["CUSTOS HORÁRIOS DE MÁQUINAS E EQUIPAMENTOS","CHOR","COMPOSIÇÕES AUXILIARES","0329","","",5674,"ROLO COMPACTADOR VIBRATÓRIO DE UM CILINDRO AÇO LISO, POTÊNCIA 80 HP, PESO OPERACIONAL MÁXIMO 8,1 T, IMPACTO DINÂMICO 16,15 / 9,5 T, LARGURA DE TRABALHO 1,68 M - MANUTENÇÃO. AF_06/2014","H","ATRIBUÍDO SÃO PAULO",41.18,"CAIXA REFERENCIAL"]
["CUSTOS HORÁRIOS DE MÁQUINAS E EQUIPAMENTOS","CHOR","COMPOSIÇÕES AUXILIARES","0329","","",5692,"MOTOBOMBA CENTRÍFUGA, MOTOR A GASOLINA, POTÊNCIA 5,42 HP, BOCAIS 1 1/2\" X 1\", DIÂMETRO ROTOR 143 MM HM/Q = 6 MCA / 16,8 M3/H A 38 MCA / 6,6 M3/H - MANUTENÇÃO. AF_06/2014","H","COEFICIENTE DE REPRESENTATIVIDADE",0.21,"CAIXA REFERENCIAL"]
["CUSTOS HORÁRIOS DE MÁQUINAS E EQUIPAMENTOS","CHOR","COMPOSIÇÕES AUXILIARES","0329","","",5693,"MOTOBOMBA CENTRÍFUGA, MOTOR A GASOLINA, POTÊNCIA 5,42 HP, BOCAIS 1 1/2\" X 1\", DIÂMETRO ROTOR 143 MM HM/Q = 6 MCA / 16,8 M3/H A 38 MCA / 6,6 M3/H - MATERIAIS NA OPERAÇÃO. AF_06/2014","H","COLETADO",19.53,"CAIXA REFERENCIAL"]
["CUSTOS HORÁRIOS DE MÁQUINAS E EQUIPAMENTOS","CHOR","COMPOSIÇÕES AUXILIARES","0329","","",5695,"CAMINHÃO BASCULANTE 6 M3, PESO BRUTO TOTAL 16.000 KG, CARGA ÚTIL MÁXIMA 13.071 KG, DISTÂNCIA ENTRE EIXOS 4,80 M, POTÊNCIA 230 CV INCLUSIVE CAÇAMBA METÁLICA - MANUTENÇÃO. AF_06/2014","H","ATRIBUÍDO SÃO PAULO",42.15,"CAIXA REFERENCIAL"]
["CUSTOS HORÁRIOS DE MÁQUINAS E EQUIPAMENTOS","CHOR","COMPOSIÇÕES AUXILIARES","0329","","",5703,"USINA DE CONCRETO FIXA, CAPACIDADE NOMINAL DE 90 A 120 M3/H, SEM SILO - MATERIAIS NA OPERAÇÃO. AF_07/2016","H","COEFICIENTE DE REPRESENTATIVIDADE",23.32,"CAIXA REFERENCIAL"]
["CUSTOS HORÁRIOS DE MÁQUINAS E EQUIPAMENTOS","CHOR","COMPOSIÇÕES AUXILIARES","0329","","",5705,"CAMINHÃO TOCO, PBT 16.000 KG, CARGA ÚTIL MÁX. 10.685 KG, DIST. ENTRE EIXOS 4,8 M, POTÊNCIA 189 CV, INCLUSIVE CARROCERIA FIXA ABERTA DE MADEIRA P/ TRANSPORTE GERAL DE CARGA SECA, DIMEN. APROX. 2,5 X 7,00 X 0,50 M - MANUTENÇÃO. AF_06/2014","H","ATRIBUÍDO SÃO PAULO",41.03,"CAIXA REFERENCIAL"]
["CUSTOS HORÁRIOS DE MÁQUINAS E EQUIPAMENTOS","CHOR","COMPOSIÇÕES AUXILIARES","0329","","",5707,"USINA MISTURADORA DE SOLOS, CAPACIDADE DE 200 A 500 TON/H, POTENCIA 75KW - MANUTENÇÃO. AF_07/2016","H","ATRIBUÍDO SÃO PAULO",76.260000000000005,"CAIXA REFERENCIAL"]
["CUSTOS HORÁRIOS DE MÁQUINAS E EQUIPAMENTOS","CHOR","COMPOSIÇÕES AUXILIARES","0329","","",5710,"VIBROACABADORA DE ASFALTO SOBRE ESTEIRAS, LARGURA DE PAVIMENTAÇÃO 1,90 M A 5,30 M, POTÊNCIA 105 HP CAPACIDADE 450 T/H - MANUTENÇÃO. AF_11/2014","H","ATRIBUÍDO SÃO PAULO",123.88,"CAIXA REFERENCIAL"]
["CUSTOS HORÁRIOS DE MÁQUINAS E EQUIPAMENTOS","CHOR","COMPOSIÇÕES AUXILIARES","0329","","",5711,"VIBROACABADORA DE ASFALTO SOBRE ESTEIRAS, LARGURA DE PAVIMENTAÇÃO 1,90 M A 5,30 M, POTÊNCIA 105 HP CAPACIDADE 450 T/H - MATERIAIS NA OPERAÇÃO. AF_11/2014","H","COLETADO",88.23,"CAIXA REFERENCIAL"]
["CUSTOS HORÁRIOS DE MÁQUINAS E EQUIPAMENTOS","CHOR","COMPOSIÇÕES AUXILIARES","0329","","",5714,"TRATOR DE PNEUS, POTÊNCIA 85 CV, TRAÇÃO 4X4, PESO COM LASTRO DE 4.675 KG - MANUTENÇÃO. AF_06/2014","H","ATRIBUÍDO SÃO PAULO",14.46,"CAIXA REFERENCIAL"]
["CUSTOS HORÁRIOS DE MÁQUINAS E EQUIPAMENTOS","CHOR","COMPOSIÇÕES AUXILIARES","0329","","",5715,"TRATOR DE PNEUS, POTÊNCIA 85 CV, TRAÇÃO 4X4, PESO COM LASTRO DE 4.675 KG - MATERIAIS NA OPERAÇÃO. AF_06/2014","H","COLETADO",66.77,"CAIXA REFERENCIAL"]
["CUSTOS HORÁRIOS DE MÁQUINAS E EQUIPAMENTOS","CHOR","COMPOSIÇÕES AUXILIARES","0329","","",5718,"TRATOR DE ESTEIRAS, POTÊNCIA 170 HP, PESO OPERACIONAL 19 T, CAÇAMBA 5,2 M3 - MATERIAIS NA OPERAÇÃO. AF_06/2014","H","COLETADO",105.31,"CAIXA REFERENCIAL"]
["CUSTOS HORÁRIOS DE MÁQUINAS E EQUIPAMENTOS","CHOR","COMPOSIÇÕES AUXILIARES","0329","","",5721,"TRATOR DE ESTEIRAS, POTÊNCIA 150 HP, PESO OPERACIONAL 16,7 T, COM RODA MOTRIZ ELEVADA E LÂMINA 3,18 M3 - MATERIAIS NA OPERAÇÃO. AF_06/2014","H","COLETADO",92.92,"CAIXA REFERENCIAL"]
["CUSTOS HORÁRIOS DE MÁQUINAS E EQUIPAMENTOS","CHOR","COMPOSIÇÕES AUXILIARES","0329","","",5722,"TRATOR DE ESTEIRAS, POTÊNCIA 347 HP, PESO OPERACIONAL 38,5 T, COM LÂMINA 8,70 M3 - MATERIAIS NA OPERAÇÃO. AF_06/2014","H","COLETADO",214.9,"CAIXA REFERENCIAL"]
["CUSTOS HORÁRIOS DE MÁQUINAS E EQUIPAMENTOS","CHOR","COMPOSIÇÕES AUXILIARES","0329","","",5724,"TRATOR DE ESTEIRAS, POTÊNCIA 100 HP, PESO OPERACIONAL 9,4 T, COM LÂMINA 2,19 M3 - MANUTENÇÃO. AF_06/2014","H","ATRIBUÍDO SÃO PAULO",53.18,"CAIXA REFERENCIAL"]
["CUSTOS HORÁRIOS DE MÁQUINAS E EQUIPAMENTOS","CHOR","COMPOSIÇÕES AUXILIARES","0329","","",5727,"ROLO COMPACTADOR VIBRATÓRIO REBOCÁVEL, CILINDRO DE AÇO LISO, POTÊNCIA DE TRAÇÃO DE 65 CV, PESO 4,7 T, IMPACTO DINÂMICO 18,3 T, LARGURA DE TRABALHO 1,67 M - MANUTENÇÃO. AF_02/2016","H","ATRIBUÍDO SÃO PAULO",12.43,"CAIXA REFERENCIAL"]
["CUSTOS HORÁRIOS DE MÁQUINAS E EQUIPAMENTOS","CHOR","COMPOSIÇÕES AUXILIARES","0329","","",5729,"ROLO COMPACTADOR VIBRATÓRIO TANDEM AÇO LISO, POTÊNCIA 58 HP, PESO SEM/COM LASTRO 6,5 / 9,4 T, LARGURA DE TRABALHO 1,2 M - MANUTENÇÃO. AF_06/2014","H","ATRIBUÍDO SÃO PAULO",50.57,"CAIXA REFERENCIAL"]
["CUSTOS HORÁRIOS DE MÁQUINAS E EQUIPAMENTOS","CHOR","COMPOSIÇÕES AUXILIARES","0329","","",5730,"ROLO COMPACTADOR VIBRATÓRIO TANDEM AÇO LISO, POTÊNCIA 58 HP, PESO SEM/COM LASTRO 6,5 / 9,4 T, LARGURA DE TRABALHO 1,2 M - MATERIAIS NA OPERAÇÃO. AF_06/2014","H","COLETADO",40.5,"CAIXA REFERENCIAL"]
["CUSTOS HORÁRIOS DE MÁQUINAS E EQUIPAMENTOS","CHOR","COMPOSIÇÕES AUXILIARES","0329","","",5735,"RETROESCAVADEIRA SOBRE RODAS COM CARREGADEIRA, TRAÇÃO 4X4, POTÊNCIA LÍQ. 72 HP, CAÇAMBA CARREG. CAP. MÍN. 0,79 M3, CAÇAMBA RETRO CAP. 0,18 M3, PESO OPERACIONAL MÍN. 7.140 KG, PROFUNDIDADE ESCAVAÇÃO MÁX. 4,50 M - MANUTENÇÃO. AF_06/2014","H","COLETADO",34.299999999999997,"CAIXA REFERENCIAL"]
["CUSTOS HORÁRIOS DE MÁQUINAS E EQUIPAMENTOS","CHOR","COMPOSIÇÕES AUXILIARES","0329","","",5736,"RETROESCAVADEIRA SOBRE RODAS COM CARREGADEIRA, TRAÇÃO 4X4, POTÊNCIA LÍQ. 72 HP, CAÇAMBA CARREG. CAP. MÍN. 0,79 M3, CAÇAMBA RETRO CAP. 0,18 M3, PESO OPERACIONAL MÍN. 7.140 KG, PROFUNDIDADE ESCAVAÇÃO MÁX. 4,50 M - MATERIAIS NA OPERAÇÃO. AF_06/2014","H","COLETADO",41.39,"CAIXA REFERENCIAL"]
["CUSTOS HORÁRIOS DE MÁQUINAS E EQUIPAMENTOS","CHOR","COMPOSIÇÕES AUXILIARES","0329","","",5738,"ROLO COMPACTADOR VIBRATÓRIO PÉ DE CARNEIRO, OPERADO POR CONTROLE REMOTO, POTÊNCIA 12,5 KW, PESO OPERACIONAL 1,675 T, LARGURA DE TRABALHO 0,85 M - DEPRECIAÇÃO. AF_02/2016","H","ATRIBUÍDO SÃO PAULO",44.96,"CAIXA REFERENCIAL"]
["CUSTOS HORÁRIOS DE MÁQUINAS E EQUIPAMENTOS","CHOR","COMPOSIÇÕES AUXILIARES","0329","","",5739,"ROLO COMPACTADOR VIBRATÓRIO PÉ DE CARNEIRO, OPERADO POR CONTROLE REMOTO, POTÊNCIA 12,5 KW, PESO OPERACIONAL 1,675 T, LARGURA DE TRABALHO 0,85 M - MANUTENÇÃO. AF_02/2016","H","ATRIBUÍDO SÃO PAULO",56.27,"CAIXA REFERENCIAL"]
["CUSTOS HORÁRIOS DE MÁQUINAS E EQUIPAMENTOS","CHOR","COMPOSIÇÕES AUXILIARES","0329","","",5741,"USINA DE LAMA ASFÁLTICA, PROD 30 A 50 T/H, SILO DE AGREGADO 7 M3, RESERVATÓRIOS PARA EMULSÃO E ÁGUA DE 2,3 M3 CADA, MISTURADOR TIPO PUG MILL A SER MONTADO SOBRE CAMINHÃO - MANUTENÇÃO. AF_10/2014","H","ATRIBUÍDO SÃO PAULO",42.78,"CAIXA REFERENCIAL"]
["CUSTOS HORÁRIOS DE MÁQUINAS E EQUIPAMENTOS","CHOR","COMPOSIÇÕES AUXILIARES","0329","","",5742,"USINA DE LAMA ASFÁLTICA, PROD 30 A 50 T/H, SILO DE AGREGADO 7 M3, RESERVATÓRIOS PARA EMULSÃO E ÁGUA DE 2,3 M3 CADA, MISTURADOR TIPO PUG MILL A SER MONTADO SOBRE CAMINHÃO - MATERIAIS NA OPERAÇÃO. AF_10/2014","H","COLETADO",27.33,"CAIXA REFERENCIAL"]
["CUSTOS HORÁRIOS DE MÁQUINAS E EQUIPAMENTOS","CHOR","COMPOSIÇÕES AUXILIARES","0329","","",5747,"CAMINHÃO PIPA 6.000 L, PESO BRUTO TOTAL 13.000 KG, DISTÂNCIA ENTRE EIXOS 4,80 M, POTÊNCIA 189 CV INCLUSIVE TANQUE DE AÇO PARA TRANSPORTE DE ÁGUA, CAPACIDADE 6 M3 - MATERIAIS NA OPERAÇÃO. AF_06/2014","H","COLETADO",156.72,"CAIXA REFERENCIAL"]
["CUSTOS HORÁRIOS DE MÁQUINAS E EQUIPAMENTOS","CHOR","COMPOSIÇÕES AUXILIARES","0329","","",5751,"CAMINHÃO TOCO, PESO BRUTO TOTAL 14.300 KG, CARGA ÚTIL MÁXIMA 9590 KG, DISTÂNCIA ENTRE EIXOS 4,76 M, POTÊNCIA 185 CV (NÃO INCLUI CARROCERIA) - MANUTENÇÃO. AF_06/2014","H","COEFICIENTE DE REPRESENTATIVIDADE",35.56,"CAIXA REFERENCIAL"]
["CUSTOS HORÁRIOS DE MÁQUINAS E EQUIPAMENTOS","CHOR","COMPOSIÇÕES AUXILIARES","0329","","",5754,"CAMINHÃO TOCO, PESO BRUTO TOTAL 16.000 KG, CARGA ÚTIL MÁXIMA DE 10.685 KG, DISTÂNCIA ENTRE EIXOS 4,80 M, POTÊNCIA 189 CV EXCLUSIVE CARROCERIA - MANUTENÇÃO. AF_06/2014","H","COEFICIENTE DE REPRESENTATIVIDADE",39.04,"CAIXA REFERENCIAL"]
["CUSTOS HORÁRIOS DE MÁQUINAS E EQUIPAMENTOS","CHOR","COMPOSIÇÕES AUXILIARES","0329","","",5763,"CAMINHÃO PIPA 10.000 L TRUCADO, PESO BRUTO TOTAL 23.000 KG, CARGA ÚTIL MÁXIMA 15.935 KG, DISTÂNCIA ENTRE EIXOS 4,8 M, POTÊNCIA 230 CV, INCLUSIVE TANQUE DE AÇO PARA TRANSPORTE DE ÁGUA - MANUTENÇÃO. AF_06/2014","H","ATRIBUÍDO SÃO PAULO",54.95,"CAIXA REFERENCIAL"]
["CUSTOS HORÁRIOS DE MÁQUINAS E EQUIPAMENTOS","CHOR","COMPOSIÇÕES AUXILIARES","0329","","",5765,"ESPARGIDOR DE ASFALTO PRESSURIZADO COM TANQUE DE 2500 L, REBOCÁVEL COM MOTOR A GASOLINA POTÊNCIA 3,4 HP - MANUTENÇÃO. AF_07/2014","H","ATRIBUÍDO SÃO PAULO",4.6399999999999997,"CAIXA REFERENCIAL"]
["CUSTOS HORÁRIOS DE MÁQUINAS E EQUIPAMENTOS","CHOR","COMPOSIÇÕES AUXILIARES","0329","","",5766,"ESPARGIDOR DE ASFALTO PRESSURIZADO COM TANQUE DE 2500 L, REBOCÁVEL COM MOTOR A GASOLINA POTÊNCIA 3,4 HP - MATERIAIS NA OPERAÇÃO. AF_07/2014","H","COLETADO",2.72,"CAIXA REFERENCIAL"]
["CUSTOS HORÁRIOS DE MÁQUINAS E EQUIPAMENTOS","CHOR","COMPOSIÇÕES AUXILIARES","0329","","",5779,"MOTONIVELADORA POTÊNCIA BÁSICA LÍQUIDA (PRIMEIRA MARCHA) 125 HP, PESO BRUTO 13032 KG, LARGURA DA LÂMINA DE 3,7 M - MANUTENÇÃO. AF_06/2014","H","COLETADO",81.010000000000005,"CAIXA REFERENCIAL"]
["CUSTOS HORÁRIOS DE MÁQUINAS E EQUIPAMENTOS","CHOR","COMPOSIÇÕES AUXILIARES","0329","","",5787,"PÁ CARREGADEIRA SOBRE RODAS, POTÊNCIA 197 HP, CAPACIDADE DA CAÇAMBA 2,5 A 3,5 M3, PESO OPERACIONAL 18338 KG - MATERIAIS NA OPERAÇÃO. AF_06/2014","H","COLETADO",69.73,"CAIXA REFERENCIAL"]
["CUSTOS HORÁRIOS DE MÁQUINAS E EQUIPAMENTOS","CHOR","COMPOSIÇÕES AUXILIARES","0329","","",5797,"COMPRESSOR DE AR REBOCÁVEL, VAZÃO 189 PCM, PRESSÃO EFETIVA DE TRABALHO 102 PSI, MOTOR DIESEL, POTÊNCIA 63 CV - MANUTENÇÃO. AF_06/2015","H","ATRIBUÍDO SÃO PAULO",6.42,"CAIXA REFERENCIAL"]
["CUSTOS HORÁRIOS DE MÁQUINAS E EQUIPAMENTOS","CHOR","COMPOSIÇÕES AUXILIARES","0329","","",5800,"BOMBA SUBMERSÍVEL ELÉTRICA TRIFÁSICA, POTÊNCIA 2,96 HP, Ø ROTOR 144 MM SEMI-ABERTO, BOCAL DE SAÍDA Ø 2\", HM/Q = 2 MCA / 38,8 M3/H A 28 MCA / 5 M3/H - MANUTENÇÃO. AF_06/2014","H","COEFICIENTE DE REPRESENTATIVIDADE",0.28999999999999998,"CAIXA REFERENCIAL"]
["CUSTOS HORÁRIOS DE MÁQUINAS E EQUIPAMENTOS","CHOR","COMPOSIÇÕES AUXILIARES","0329","","",7032,"TANQUE DE ASFALTO ESTACIONÁRIO COM SERPENTINA, CAPACIDADE 30.000 L - DEPRECIAÇÃO. AF_05/2023","H","ATRIBUÍDO SÃO PAULO",4.28,"CAIXA REFERENCIAL"]
["CUSTOS HORÁRIOS DE MÁQUINAS E EQUIPAMENTOS","CHOR","COMPOSIÇÕES AUXILIARES","0329","","",7033,"TANQUE DE ASFALTO ESTACIONÁRIO COM SERPENTINA, CAPACIDADE 30.000 L - JUROS. AF_05/2023","H","ATRIBUÍDO SÃO PAULO",1.58,"CAIXA REFERENCIAL"]
["CUSTOS HORÁRIOS DE MÁQUINAS E EQUIPAMENTOS","CHOR","COMPOSIÇÕES AUXILIARES","0329","","",7034,"TANQUE DE ASFALTO ESTACIONÁRIO COM SERPENTINA, CAPACIDADE 30.000 L - MANUTENÇÃO. AF_05/2023","H","ATRIBUÍDO SÃO PAULO",5.71,"CAIXA REFERENCIAL"]
["CUSTOS HORÁRIOS DE MÁQUINAS E EQUIPAMENTOS","CHOR","COMPOSIÇÕES AUXILIARES","0329","","",7035,"TANQUE DE ASFALTO ESTACIONÁRIO COM SERPENTINA, CAPACIDADE 30.000 L - MATERIAIS NA OPERAÇÃO. AF_05/2023","H","COLETADO",254.17,"CAIXA REFERENCIAL"]
["CUSTOS HORÁRIOS DE MÁQUINAS E EQUIPAMENTOS","CHOR","COMPOSIÇÕES AUXILIARES","0329","","",7038,"ROLO COMPACTADOR DE PNEUS ESTÁTICO, PRESSÃO VARIÁVEL, POTÊNCIA 111 HP, PESO SEM/COM LASTRO 9,5 / 26 T, LARGURA DE TRABALHO 1,90 M - DEPRECIAÇÃO. AF_07/2014","H","ATRIBUÍDO SÃO PAULO",51.43,"CAIXA REFERENCIAL"]
["CUSTOS HORÁRIOS DE MÁQUINAS E EQUIPAMENTOS","CHOR","COMPOSIÇÕES AUXILIARES","0329","","",7039,"ROLO COMPACTADOR DE PNEUS ESTÁTICO, PRESSÃO VARIÁVEL, POTÊNCIA 111 HP, PESO SEM/COM LASTRO 9,5 / 26 T, LARGURA DE TRABALHO 1,90 M - JUROS. AF_07/2014","H","ATRIBUÍDO SÃO PAULO",13.79,"CAIXA REFERENCIAL"]
["CUSTOS HORÁRIOS DE MÁQUINAS E EQUIPAMENTOS","CHOR","COMPOSIÇÕES AUXILIARES","0329","","",7040,"ROLO COMPACTADOR DE PNEUS ESTÁTICO, PRESSÃO VARIÁVEL, POTÊNCIA 111 HP, PESO SEM/COM LASTRO 9,5 / 26 T, LARGURA DE TRABALHO 1,90 M - MANUTENÇÃO. AF_07/2014","H","ATRIBUÍDO SÃO PAULO",64.36,"CAIXA REFERENCIAL"]
["CUSTOS HORÁRIOS DE MÁQUINAS E EQUIPAMENTOS","CHOR","COMPOSIÇÕES AUXILIARES","0329","","",7044,"MOTOBOMBA TRASH (PARA ÁGUA SUJA) AUTO ESCORVANTE, MOTOR GASOLINA DE 6,41 HP, DIÂMETROS DE SUCÇÃO X RECALQUE: 3\" X 3\", HM/Q = 10 MCA / 60 M3/H A 23 MCA / 0 M3/H - DEPRECIAÇÃO. AF_10/2014","H","COEFICIENTE DE REPRESENTATIVIDADE",0.24,"CAIXA REFERENCIAL"]
["CUSTOS HORÁRIOS DE MÁQUINAS E EQUIPAMENTOS","CHOR","COMPOSIÇÕES AUXILIARES","0329","","",7045,"MOTOBOMBA TRASH (PARA ÁGUA SUJA) AUTO ESCORVANTE, MOTOR GASOLINA DE 6,41 HP, DIÂMETROS DE SUCÇÃO X RECALQUE: 3\" X 3\", HM/Q = 10 MCA / 60 M3/H A 23 MCA / 0 M3/H - JUROS. AF_10/2014","H","COEFICIENTE DE REPRESENTATIVIDADE",0.05,"CAIXA REFERENCIAL"]
["CUSTOS HORÁRIOS DE MÁQUINAS E EQUIPAMENTOS","CHOR","COMPOSIÇÕES AUXILIARES","0329","","",7046,"MOTOBOMBA TRASH (PARA ÁGUA SUJA) AUTO ESCORVANTE, MOTOR GASOLINA DE 6,41 HP, DIÂMETROS DE SUCÇÃO X RECALQUE: 3\" X 3\", HM/Q = 10 MCA / 60 M3/H A 23 MCA / 0 M3/H - MANUTENÇÃO. AF_10/2014","H","COEFICIENTE DE REPRESENTATIVIDADE",0.26,"CAIXA REFERENCIAL"]
["CUSTOS HORÁRIOS DE MÁQUINAS E EQUIPAMENTOS","CHOR","COMPOSIÇÕES AUXILIARES","0329","","",7047,"MOTOBOMBA TRASH (PARA ÁGUA SUJA) AUTO ESCORVANTE, MOTOR GASOLINA DE 6,41 HP, DIÂMETROS DE SUCÇÃO X RECALQUE: 3\" X 3\", HM/Q = 10 MCA / 60 M3/H A 23 MCA / 0 M3/H - MATERIAIS NA OPERAÇÃO. AF_10/2014","H","COLETADO",23.06,"CAIXA REFERENCIAL"]
["CUSTOS HORÁRIOS DE MÁQUINAS E EQUIPAMENTOS","CHOR","COMPOSIÇÕES AUXILIARES","0329","","",7051,"ROLO COMPACTADOR PE DE CARNEIRO VIBRATORIO, POTENCIA 125 HP, PESO OPERACIONAL SEM/COM LASTRO 11,95 / 13,30 T, IMPACTO DINAMICO 38,5 / 22,5 T, LARGURA DE TRABALHO 2,15 M - DEPRECIAÇÃO. AF_06/2014","H","ATRIBUÍDO SÃO PAULO",45.61,"CAIXA REFERENCIAL"]
["CUSTOS HORÁRIOS DE MÁQUINAS E EQUIPAMENTOS","CHOR","COMPOSIÇÕES AUXILIARES","0329","","",7052,"ROLO COMPACTADOR PE DE CARNEIRO VIBRATORIO, POTENCIA 125 HP, PESO OPERACIONAL SEM/COM LASTRO 11,95 / 13,30 T, IMPACTO DINAMICO 38,5 / 22,5 T, LARGURA DE TRABALHO 2,15 M - JUROS. AF_06/2014","H","ATRIBUÍDO SÃO PAULO",12.32,"CAIXA REFERENCIAL"]
["CUSTOS HORÁRIOS DE MÁQUINAS E EQUIPAMENTOS","CHOR","COMPOSIÇÕES AUXILIARES","0329","","",7053,"ROLO COMPACTADOR PE DE CARNEIRO VIBRATORIO, POTENCIA 125 HP, PESO OPERACIONAL SEM/COM LASTRO 11,95 / 13,30 T, IMPACTO DINAMICO 38,5 / 22,5 T, LARGURA DE TRABALHO 2,15 M - MANUTENÇÃO. AF_06/2014","H","ATRIBUÍDO SÃO PAULO",57.08,"CAIXA REFERENCIAL"]
["CUSTOS HORÁRIOS DE MÁQUINAS E EQUIPAMENTOS","CHOR","COMPOSIÇÕES AUXILIARES","0329","","",7054,"ROLO COMPACTADOR PE DE CARNEIRO VIBRATORIO, POTENCIA 125 HP, PESO OPERACIONAL SEM/COM LASTRO 11,95 / 13,30 T, IMPACTO DINAMICO 38,5 / 22,5 T, LARGURA DE TRABALHO 2,15 M - MATERIAIS NA OPERAÇÃO. AF_06/2014","H","COLETADO",88.47,"CAIXA REFERENCIAL"]
["CUSTOS HORÁRIOS DE MÁQUINAS E EQUIPAMENTOS","CHOR","COMPOSIÇÕES AUXILIARES","0329","","",7058,"CAMINHÃO BASCULANTE 6 M3 TOCO, PESO BRUTO TOTAL 16.000 KG, CARGA ÚTIL MÁXIMA 11.130 KG, DISTÂNCIA ENTRE EIXOS 5,36 M, POTÊNCIA 185 CV, INCLUSIVE CAÇAMBA METÁLICA - DEPRECIAÇÃO. AF_06/2014","H","ATRIBUÍDO SÃO PAULO",24.07,"CAIXA REFERENCIAL"]
["CUSTOS HORÁRIOS DE MÁQUINAS E EQUIPAMENTOS","CHOR","COMPOSIÇÕES AUXILIARES","0329","","",7059,"CAMINHÃO BASCULANTE 6 M3 TOCO, PESO BRUTO TOTAL 16.000 KG, CARGA ÚTIL MÁXIMA 11.130 KG, DISTÂNCIA ENTRE EIXOS 5,36 M, POTÊNCIA 185 CV, INCLUSIVE CAÇAMBA METÁLICA - JUROS. AF_06/2014","H","ATRIBUÍDO SÃO PAULO",9.36,"CAIXA REFERENCIAL"]
["CUSTOS HORÁRIOS DE MÁQUINAS E EQUIPAMENTOS","CHOR","COMPOSIÇÕES AUXILIARES","0329","","",7060,"CAMINHÃO BASCULANTE 6 M3 TOCO, PESO BRUTO TOTAL 16.000 KG, CARGA ÚTIL MÁXIMA 11.130 KG, DISTÂNCIA ENTRE EIXOS 5,36 M, POTÊNCIA 185 CV, INCLUSIVE CAÇAMBA METÁLICA - MANUTENÇÃO. AF_06/2014","H","ATRIBUÍDO SÃO PAULO",43.64,"CAIXA REFERENCIAL"]
["CUSTOS HORÁRIOS DE MÁQUINAS E EQUIPAMENTOS","CHOR","COMPOSIÇÕES AUXILIARES","0329","","",7061,"CAMINHÃO BASCULANTE 6 M3 TOCO, PESO BRUTO TOTAL 16.000 KG, CARGA ÚTIL MÁXIMA 11.130 KG, DISTÂNCIA ENTRE EIXOS 5,36 M, POTÊNCIA 185 CV, INCLUSIVE CAÇAMBA METÁLICA - MATERIAIS NA OPERAÇÃO. AF_06/2014","H","COLETADO",80.760000000000005,"CAIXA REFERENCIAL"]
["CUSTOS HORÁRIOS DE MÁQUINAS E EQUIPAMENTOS","CHOR","COMPOSIÇÕES AUXILIARES","0329","","",7063,"TRATOR DE PNEUS, POTÊNCIA 122 CV, TRAÇÃO 4X4, PESO COM LASTRO DE 4.510 KG - DEPRECIAÇÃO. AF_06/2014","H","ATRIBUÍDO SÃO PAULO",18.05,"CAIXA REFERENCIAL"]
["CUSTOS HORÁRIOS DE MÁQUINAS E EQUIPAMENTOS","CHOR","COMPOSIÇÕES AUXILIARES","0329","","",7064,"TRATOR DE PNEUS, POTÊNCIA 122 CV, TRAÇÃO 4X4, PESO COM LASTRO DE 4.510 KG - JUROS. AF_06/2014","H","ATRIBUÍDO SÃO PAULO",4.87,"CAIXA REFERENCIAL"]
["CUSTOS HORÁRIOS DE MÁQUINAS E EQUIPAMENTOS","CHOR","COMPOSIÇÕES AUXILIARES","0329","","",7065,"TRATOR DE PNEUS, POTÊNCIA 122 CV, TRAÇÃO 4X4, PESO COM LASTRO DE 4.510 KG - MANUTENÇÃO. AF_06/2014","H","ATRIBUÍDO SÃO PAULO",19.739999999999998,"CAIXA REFERENCIAL"]
["CUSTOS HORÁRIOS DE MÁQUINAS E EQUIPAMENTOS","CHOR","COMPOSIÇÕES AUXILIARES","0329","","",7066,"TRATOR DE PNEUS, POTÊNCIA 122 CV, TRAÇÃO 4X4, PESO COM LASTRO DE 4.510 KG - MATERIAIS NA OPERAÇÃO. AF_06/2014","H","COLETADO",95.82,"CAIXA REFERENCIAL"]
["CUSTOS HORÁRIOS DE MÁQUINAS E EQUIPAMENTOS","CHOR","COMPOSIÇÕES AUXILIARES","0329","","",53786,"RETROESCAVADEIRA SOBRE RODAS COM CARREGADEIRA, TRAÇÃO 4X4, POTÊNCIA LÍQ. 88 HP, CAÇAMBA CARREG. CAP. MÍN. 1 M3, CAÇAMBA RETRO CAP. 0,26 M3, PESO OPERACIONAL MÍN. 6.674 KG, PROFUNDIDADE ESCAVAÇÃO MÁX. 4,37 M - MATERIAIS NA OPERAÇÃO. AF_06/2014","H","COLETADO",50.58,"CAIXA REFERENCIAL"]
["CUSTOS HORÁRIOS DE MÁQUINAS E EQUIPAMENTOS","CHOR","COMPOSIÇÕES AUXILIARES","0329","","",53788,"ROLO COMPACTADOR VIBRATÓRIO DE UM CILINDRO AÇO LISO, POTÊNCIA 80 HP, PESO OPERACIONAL MÁXIMO 8,1 T, IMPACTO DINÂMICO 16,15 / 9,5 T, LARGURA DE TRABALHO 1,68 M - MATERIAIS NA OPERAÇÃO. AF_06/2014","H","COLETADO",56.63,"CAIXA REFERENCIAL"]
["CUSTOS HORÁRIOS DE MÁQUINAS E EQUIPAMENTOS","CHOR","COMPOSIÇÕES AUXILIARES","0329","","",53792,"CAMINHÃO BASCULANTE 6 M3, PESO BRUTO TOTAL 16.000 KG, CARGA ÚTIL MÁXIMA 13.071 KG, DISTÂNCIA ENTRE EIXOS 4,80 M, POTÊNCIA 230 CV INCLUSIVE CAÇAMBA METÁLICA - MATERIAIS NA OPERAÇÃO. AF_06/2014","H","COLETADO",100.39,"CAIXA REFERENCIAL"]
["CUSTOS HORÁRIOS DE MÁQUINAS E EQUIPAMENTOS","CHOR","COMPOSIÇÕES AUXILIARES","0329","","",53794,"USINA DE CONCRETO FIXA, CAPACIDADE NOMINAL DE 90 A 120 M3/H, SEM SILO - MANUTENÇÃO. AF_07/2016","H","ATRIBUÍDO SÃO PAULO",35.619999999999997,"CAIXA REFERENCIAL"]
["CUSTOS HORÁRIOS DE MÁQUINAS E EQUIPAMENTOS","CHOR","COMPOSIÇÕES AUXILIARES","0329","","",53797,"CAMINHÃO TOCO, PBT 16.000 KG, CARGA ÚTIL MÁX. 10.685 KG, DIST. ENTRE EIXOS 4,8 M, POTÊNCIA 189 CV, INCLUSIVE CARROCERIA FIXA ABERTA DE MADEIRA P/ TRANSPORTE GERAL DE CARGA SECA, DIMEN. APROX. 2,5 X 7,00 X 0,50 M - MATERIAIS NA OPERAÇÃO. AF_06/2014","H","COLETADO",115.45,"CAIXA REFERENCIAL"]
["CUSTOS HORÁRIOS DE MÁQUINAS E EQUIPAMENTOS","CHOR","COMPOSIÇÕES AUXILIARES","0329","","",53804,"VASSOURA MECÂNICA REBOCÁVEL COM ESCOVA CILÍNDRICA, LARGURA ÚTIL DE VARRIMENTO DE 2,44 M - MANUTENÇÃO. AF_06/2014","H","ATRIBUÍDO SÃO PAULO",4.63,"CAIXA REFERENCIAL"]
["CUSTOS HORÁRIOS DE MÁQUINAS E EQUIPAMENTOS","CHOR","COMPOSIÇÕES AUXILIARES","0329","","",53806,"TRATOR DE ESTEIRAS, POTÊNCIA 170 HP, PESO OPERACIONAL 19 T, CAÇAMBA 5,2 M3 - MANUTENÇÃO. AF_06/2014","H","ATRIBUÍDO SÃO PAULO",68.52,"CAIXA REFERENCIAL"]
["CUSTOS HORÁRIOS DE MÁQUINAS E EQUIPAMENTOS","CHOR","COMPOSIÇÕES AUXILIARES","0329","","",53810,"TRATOR DE ESTEIRAS, POTÊNCIA 150 HP, PESO OPERACIONAL 16,7 T, COM RODA MOTRIZ ELEVADA E LÂMINA 3,18 M3 - MANUTENÇÃO. AF_06/2014","H","ATRIBUÍDO SÃO PAULO",68.94,"CAIXA REFERENCIAL"]
["CUSTOS HORÁRIOS DE MÁQUINAS E EQUIPAMENTOS","CHOR","COMPOSIÇÕES AUXILIARES","0329","","",53814,"TRATOR DE ESTEIRAS, POTÊNCIA 347 HP, PESO OPERACIONAL 38,5 T, COM LÂMINA 8,70 M3 - MANUTENÇÃO. AF_06/2014","H","ATRIBUÍDO SÃO PAULO",225.83,"CAIXA REFERENCIAL"]
["CUSTOS HORÁRIOS DE MÁQUINAS E EQUIPAMENTOS","CHOR","COMPOSIÇÕES AUXILIARES","0329","","",53817,"TRATOR DE ESTEIRAS, POTÊNCIA 100 HP, PESO OPERACIONAL 9,4 T, COM LÂMINA 2,19 M3 - MATERIAIS NA OPERAÇÃO. AF_06/2014","H","COLETADO",61.9,"CAIXA REFERENCIAL"]
["CUSTOS HORÁRIOS DE MÁQUINAS E EQUIPAMENTOS","CHOR","COMPOSIÇÕES AUXILIARES","0329","","",53818,"ROLO COMPACTADOR VIBRATÓRIO REBOCÁVEL, CILINDRO DE AÇO LISO, POTÊNCIA DE TRAÇÃO DE 65 CV, PESO 4,7 T, IMPACTO DINÂMICO 18,3 T, LARGURA DE TRABALHO 1,67 M - DEPRECIAÇÃO. AF_02/2016","H","ATRIBUÍDO SÃO PAULO",9.93,"CAIXA REFERENCIAL"]
["CUSTOS HORÁRIOS DE MÁQUINAS E EQUIPAMENTOS","CHOR","COMPOSIÇÕES AUXILIARES","0329","","",53827,"CAMINHÃO TOCO, PESO BRUTO TOTAL 14.300 KG, CARGA ÚTIL MÁXIMA 9590 KG, DISTÂNCIA ENTRE EIXOS 4,76 M, POTÊNCIA 185 CV (NÃO INCLUI CARROCERIA) - MATERIAIS NA OPERAÇÃO. AF_06/2014","H","COLETADO",113.02,"CAIXA REFERENCIAL"]
["CUSTOS HORÁRIOS DE MÁQUINAS E EQUIPAMENTOS","CHOR","COMPOSIÇÕES AUXILIARES","0329","","",53829,"CAMINHÃO TOCO, PESO BRUTO TOTAL 16.000 KG, CARGA ÚTIL MÁXIMA DE 10.685 KG, DISTÂNCIA ENTRE EIXOS 4,80 M, POTÊNCIA 189 CV EXCLUSIVE CARROCERIA - MATERIAIS NA OPERAÇÃO. AF_06/2014","H","COLETADO",115.45,"CAIXA REFERENCIAL"]
["CUSTOS HORÁRIOS DE MÁQUINAS E EQUIPAMENTOS","CHOR","COMPOSIÇÕES AUXILIARES","0329","","",53831,"CAMINHÃO PIPA 10.000 L TRUCADO, PESO BRUTO TOTAL 23.000 KG, CARGA ÚTIL MÁXIMA 15.935 KG, DISTÂNCIA ENTRE EIXOS 4,8 M, POTÊNCIA 230 CV, INCLUSIVE TANQUE DE AÇO PARA TRANSPORTE DE ÁGUA - MATERIAIS NA OPERAÇÃO. AF_06/2014","H","COLETADO",190.7,"CAIXA REFERENCIAL"]
["CUSTOS HORÁRIOS DE MÁQUINAS E EQUIPAMENTOS","CHOR","COMPOSIÇÕES AUXILIARES","0329","","",53840,"GRADE DE DISCO REBOCÁVEL COM 20 DISCOS 24\" X 6 MM COM PNEUS PARA TRANSPORTE - DEPRECIAÇÃO. AF_06/2014","H","ATRIBUÍDO SÃO PAULO",2.5099999999999998,"CAIXA REFERENCIAL"]
["CUSTOS HORÁRIOS DE MÁQUINAS E EQUIPAMENTOS","CHOR","COMPOSIÇÕES AUXILIARES","0329","","",53841,"GRADE DE DISCO REBOCÁVEL COM 20 DISCOS 24\" X 6 MM COM PNEUS PARA TRANSPORTE - MANUTENÇÃO. AF_06/2014","H","ATRIBUÍDO SÃO PAULO",1.74,"CAIXA REFERENCIAL"]
["CUSTOS HORÁRIOS DE MÁQUINAS E EQUIPAMENTOS","CHOR","COMPOSIÇÕES AUXILIARES","0329","","",53849,"MOTONIVELADORA POTÊNCIA BÁSICA LÍQUIDA (PRIMEIRA MARCHA) 125 HP, PESO BRUTO 13032 KG, LARGURA DA LÂMINA DE 3,7 M - MATERIAIS NA OPERAÇÃO. AF_06/2014","H","COLETADO",82.96,"CAIXA REFERENCIAL"]
["CUSTOS HORÁRIOS DE MÁQUINAS E EQUIPAMENTOS","CHOR","COMPOSIÇÕES AUXILIARES","0329","","",53857,"PÁ CARREGADEIRA SOBRE RODAS, POTÊNCIA LÍQUIDA 128 HP, CAPACIDADE DA CAÇAMBA 1,7 A 2,8 M3, PESO OPERACIONAL 11632 KG - MANUTENÇÃO. AF_06/2014","H","COLETADO",62,"CAIXA REFERENCIAL"]
["CUSTOS HORÁRIOS DE MÁQUINAS E EQUIPAMENTOS","CHOR","COMPOSIÇÕES AUXILIARES","0329","","",53858,"PÁ CARREGADEIRA SOBRE RODAS, POTÊNCIA LÍQUIDA 128 HP, CAPACIDADE DA CAÇAMBA 1,7 A 2,8 M3, PESO OPERACIONAL 11632 KG - MATERIAIS NA OPERAÇÃO. AF_06/2014","H","COLETADO",45.3,"CAIXA REFERENCIAL"]
["CUSTOS HORÁRIOS DE MÁQUINAS E EQUIPAMENTOS","CHOR","COMPOSIÇÕES AUXILIARES","0329","","",53861,"PÁ CARREGADEIRA SOBRE RODAS, POTÊNCIA 197 HP, CAPACIDADE DA CAÇAMBA 2,5 A 3,5 M3, PESO OPERACIONAL 18338 KG - MANUTENÇÃO. AF_06/2014","H","COEFICIENTE DE REPRESENTATIVIDADE",60.18,"CAIXA REFERENCIAL"]
["CUSTOS HORÁRIOS DE MÁQUINAS E EQUIPAMENTOS","CHOR","COMPOSIÇÕES AUXILIARES","0329","","",53863,"MARTELETE OU ROMPEDOR PNEUMÁTICO MANUAL, 28 KG, COM SILENCIADOR - MANUTENÇÃO. AF_07/2016","H","COEFICIENTE DE REPRESENTATIVIDADE",1.71,"CAIXA REFERENCIAL"]
["CUSTOS HORÁRIOS DE MÁQUINAS E EQUIPAMENTOS","CHOR","COMPOSIÇÕES AUXILIARES","0329","","",53865,"COMPRESSOR DE AR REBOCÁVEL, VAZÃO 189 PCM, PRESSÃO EFETIVA DE TRABALHO 102 PSI, MOTOR DIESEL, POTÊNCIA 63 CV - MATERIAIS NA OPERAÇÃO. AF_06/2015","H","COLETADO",46.72,"CAIXA REFERENCIAL"]
["CUSTOS HORÁRIOS DE MÁQUINAS E EQUIPAMENTOS","CHOR","COMPOSIÇÕES AUXILIARES","0329","","",53866,"BOMBA SUBMERSÍVEL ELÉTRICA TRIFÁSICA, POTÊNCIA 2,96 HP, Ø ROTOR 144 MM SEMI-ABERTO, BOCAL DE SAÍDA Ø 2\", HM/Q = 2 MCA / 38,8 M3/H A 28 MCA / 5 M3/H - MATERIAIS NA OPERAÇÃO. AF_06/2014","H","COLETADO",1.88,"CAIXA REFERENCIAL"]
["CUSTOS HORÁRIOS DE MÁQUINAS E EQUIPAMENTOS","CHOR","COMPOSIÇÕES AUXILIARES","0329","","",53882,"CAMINHÃO PIPA 6.000 L, PESO BRUTO TOTAL 13.000 KG, DISTÂNCIA ENTRE EIXOS 4,80 M, POTÊNCIA 189 CV INCLUSIVE TANQUE DE AÇO PARA TRANSPORTE DE ÁGUA, CAPACIDADE 6 M3 - MANUTENÇÃO. AF_06/2014","H","ATRIBUÍDO SÃO PAULO",39.19,"CAIXA REFERENCIAL"]
["CUSTOS HORÁRIOS DE MÁQUINAS E EQUIPAMENTOS","CHOR","COMPOSIÇÕES AUXILIARES","0329","","",55263,"ROLO COMPACTADOR DE PNEUS ESTÁTICO, PRESSÃO VARIÁVEL, POTÊNCIA 111 HP, PESO SEM/COM LASTRO 9,5 / 26 T, LARGURA DE TRABALHO 1,90 M - MATERIAIS NA OPERAÇÃO. AF_07/2014","H","COLETADO",63.86,"CAIXA REFERENCIAL"]
["CUSTOS HORÁRIOS DE MÁQUINAS E EQUIPAMENTOS","CHOR","COMPOSIÇÕES AUXILIARES","0329","","",73303,"GRUPO GERADOR ESTACIONÁRIO, MOTOR DIESEL POTÊNCIA 170 KVA - DEPRECIAÇÃO. AF_02/2016","H","COEFICIENTE DE REPRESENTATIVIDADE",7.1,"CAIXA REFERENCIAL"]
["CUSTOS HORÁRIOS DE MÁQUINAS E EQUIPAMENTOS","CHOR","COMPOSIÇÕES AUXILIARES","0329","","",73307,"GRUPO GERADOR ESTACIONÁRIO, MOTOR DIESEL POTÊNCIA 170 KVA - MANUTENÇÃO. AF_02/2016","H","COEFICIENTE DE REPRESENTATIVIDADE",6.33,"CAIXA REFERENCIAL"]
["CUSTOS HORÁRIOS DE MÁQUINAS E EQUIPAMENTOS","CHOR","COMPOSIÇÕES AUXILIARES","0329","","",73309,"ROLO COMPACTADOR VIBRATÓRIO PÉ DE CARNEIRO PARA SOLOS, POTÊNCIA 80 HP, PESO OPERACIONAL SEM/COM LASTRO 7,4 / 8,8 T, LARGURA DE TRABALHO 1,68 M - DEPRECIAÇÃO. AF_02/2016","H","ATRIBUÍDO SÃO PAULO",34.21,"CAIXA REFERENCIAL"]
["CUSTOS HORÁRIOS DE MÁQUINAS E EQUIPAMENTOS","CHOR","COMPOSIÇÕES AUXILIARES","0329","","",73311,"GRUPO GERADOR ESTACIONÁRIO, MOTOR DIESEL POTÊNCIA 170 KVA - MATERIAIS NA OPERAÇÃO. AF_02/2016","H","COLETADO",176.53,"CAIXA REFERENCIAL"]
["CUSTOS HORÁRIOS DE MÁQUINAS E EQUIPAMENTOS","CHOR","COMPOSIÇÕES AUXILIARES","0329","","",73313,"ROLO COMPACTADOR VIBRATÓRIO PÉ DE CARNEIRO PARA SOLOS, POTÊNCIA 80 HP, PESO OPERACIONAL SEM/COM LASTRO 7,4 / 8,8 T, LARGURA DE TRABALHO 1,68 M - JUROS. AF_02/2016","H","ATRIBUÍDO SÃO PAULO",9.24,"CAIXA REFERENCIAL"]
["CUSTOS HORÁRIOS DE MÁQUINAS E EQUIPAMENTOS","CHOR","COMPOSIÇÕES AUXILIARES","0329","","",73315,"ROLO COMPACTADOR VIBRATÓRIO PÉ DE CARNEIRO PARA SOLOS, POTÊNCIA 80 HP, PESO OPERACIONAL SEM/COM LASTRO 7,4 / 8,8 T, LARGURA DE TRABALHO 1,68 M - MATERIAIS NA OPERAÇÃO. AF_02/2016","H","COLETADO",56.63,"CAIXA REFERENCIAL"]
["CUSTOS HORÁRIOS DE MÁQUINAS E EQUIPAMENTOS","CHOR","COMPOSIÇÕES AUXILIARES","0329","","",73335,"CAMINHÃO TOCO, PBT 14.300 KG, CARGA ÚTIL MÁX. 9.710 KG, DIST. ENTRE EIXOS 3,56 M, POTÊNCIA 185 CV, INCLUSIVE CARROCERIA FIXA ABERTA DE MADEIRA P/ TRANSPORTE GERAL DE CARGA SECA, DIMEN. APROX. 2,50 X 6,50 X 0,50 M - MANUTENÇÃO. AF_06/2014","H","ATRIBUÍDO SÃO PAULO",37.42,"CAIXA REFERENCIAL"]
["CUSTOS HORÁRIOS DE MÁQUINAS E EQUIPAMENTOS","CHOR","COMPOSIÇÕES AUXILIARES","0329","","",73340,"CAMINHÃO TOCO, PBT 14.300 KG, CARGA ÚTIL MÁX. 9.710 KG, DIST. ENTRE EIXOS 3,56 M, POTÊNCIA 185 CV, INCLUSIVE CARROCERIA FIXA ABERTA DE MADEIRA P/ TRANSPORTE GERAL DE CARGA SECA, DIMEN. APROX. 2,50 X 6,50 X 0,50 M - MATERIAIS NA OPERAÇÃO. AF_06/2014","H","COLETADO",153.4,"CAIXA REFERENCIAL"]
["CUSTOS HORÁRIOS DE MÁQUINAS E EQUIPAMENTOS","CHOR","COMPOSIÇÕES AUXILIARES","0329","","",83361,"ESPARGIDOR DE ASFALTO PRESSURIZADO, TANQUE 6 M3 COM ISOLAÇÃO TÉRMICA, AQUECIDO COM 2 MAÇARICOS, COM BARRA ESPARGIDORA 3,60 M, MONTADO SOBRE CAMINHÃO  TOCO, PBT 14.300 KG, POTÊNCIA 185 CV - MANUTENÇÃO. AF_08/2015","H","ATRIBUÍDO SÃO PAULO",45.35,"CAIXA REFERENCIAL"]
["CUSTOS HORÁRIOS DE MÁQUINAS E EQUIPAMENTOS","CHOR","COMPOSIÇÕES AUXILIARES","0329","","",83761,"GRUPO DE SOLDAGEM COM GERADOR A DIESEL 60 CV PARA SOLDA ELÉTRICA, SOBRE 04 RODAS, COM MOTOR 4 CILINDROS 600 A - DEPRECIAÇÃO. AF_02/2016","H","COEFICIENTE DE REPRESENTATIVIDADE",9.4600000000000009,"CAIXA REFERENCIAL"]
["CUSTOS HORÁRIOS DE MÁQUINAS E EQUIPAMENTOS","CHOR","COMPOSIÇÕES AUXILIARES","0329","","",83762,"GRUPO DE SOLDAGEM COM GERADOR A DIESEL 60 CV PARA SOLDA ELÉTRICA, SOBRE 04 RODAS, COM MOTOR 4 CILINDROS 600 A - MANUTENÇÃO. AF_02/2016","H","COEFICIENTE DE REPRESENTATIVIDADE",8.44,"CAIXA REFERENCIAL"]
["CUSTOS HORÁRIOS DE MÁQUINAS E EQUIPAMENTOS","CHOR","COMPOSIÇÕES AUXILIARES","0329","","",83763,"GRUPO DE SOLDAGEM COM GERADOR A DIESEL 60 CV PARA SOLDA ELÉTRICA, SOBRE 04 RODAS, COM MOTOR 4 CILINDROS 600 A - MATERIAIS NA OPERAÇÃO. AF_02/2016","H","COLETADO",49.75,"CAIXA REFERENCIAL"]
["CUSTOS HORÁRIOS DE MÁQUINAS E EQUIPAMENTOS","CHOR","COMPOSIÇÕES AUXILIARES","0329","","",83764,"GRUPO DE SOLDAGEM COM GERADOR A DIESEL 60 CV PARA SOLDA ELÉTRICA, SOBRE 04 RODAS, COM MOTOR 4 CILINDROS 600 A - JUROS. AF_02/2016","H","COEFICIENTE DE REPRESENTATIVIDADE",3.33,"CAIXA REFERENCIAL"]
["CUSTOS HORÁRIOS DE MÁQUINAS E EQUIPAMENTOS","CHOR","COMPOSIÇÕES AUXILIARES","0329","","",87026,"GRADE DE DISCO REBOCÁVEL COM 20 DISCOS 24\" X 6 MM COM PNEUS PARA TRANSPORTE - JUROS. AF_06/2014","H","ATRIBUÍDO SÃO PAULO",0.69,"CAIXA REFERENCIAL"]
["CUSTOS HORÁRIOS DE MÁQUINAS E EQUIPAMENTOS","CHOR","COMPOSIÇÕES AUXILIARES","0329","","",87441,"BETONEIRA CAPACIDADE NOMINAL 400 L, CAPACIDADE DE MISTURA 310 L, MOTOR A DIESEL POTÊNCIA 5,0 CV, SEM CARREGADOR - DEPRECIAÇÃO. AF_05/2023","H","COEFICIENTE DE REPRESENTATIVIDADE",0.47,"CAIXA REFERENCIAL"]
["CUSTOS HORÁRIOS DE MÁQUINAS E EQUIPAMENTOS","CHOR","COMPOSIÇÕES AUXILIARES","0329","","",87442,"BETONEIRA CAPACIDADE NOMINAL 400 L, CAPACIDADE DE MISTURA 310 L, MOTOR A DIESEL POTÊNCIA 5,0 CV, SEM CARREGADOR - JUROS. AF_05/2023","H","COEFICIENTE DE REPRESENTATIVIDADE",0.11,"CAIXA REFERENCIAL"]
["CUSTOS HORÁRIOS DE MÁQUINAS E EQUIPAMENTOS","CHOR","COMPOSIÇÕES AUXILIARES","0329","","",87443,"BETONEIRA CAPACIDADE NOMINAL 400 L, CAPACIDADE DE MISTURA 310 L, MOTOR A DIESEL POTÊNCIA 5,0 CV, SEM CARREGADOR - MANUTENÇÃO. AF_05/2023","H","COEFICIENTE DE REPRESENTATIVIDADE",0.63,"CAIXA REFERENCIAL"]
["CUSTOS HORÁRIOS DE MÁQUINAS E EQUIPAMENTOS","CHOR","COMPOSIÇÕES AUXILIARES","0329","","",87444,"BETONEIRA CAPACIDADE NOMINAL 400 L, CAPACIDADE DE MISTURA 310 L, MOTOR A DIESEL POTÊNCIA 5,0 CV, SEM CARREGADOR - MATERIAIS NA OPERAÇÃO. AF_05/2023","H","COLETADO",4.2,"CAIXA REFERENCIAL"]
["CUSTOS HORÁRIOS DE MÁQUINAS E EQUIPAMENTOS","CHOR","COMPOSIÇÕES AUXILIARES","0329","","",88387,"MISTURADOR DE ARGAMASSA, EIXO HORIZONTAL, CAPACIDADE DE MISTURA 300 KG, MOTOR ELÉTRICO POTÊNCIA 5 CV - DEPRECIAÇÃO. AF_05/2023","H","COEFICIENTE DE REPRESENTATIVIDADE",0.92,"CAIXA REFERENCIAL"]
["CUSTOS HORÁRIOS DE MÁQUINAS E EQUIPAMENTOS","CHOR","COMPOSIÇÕES AUXILIARES","0329","","",88389,"MISTURADOR DE ARGAMASSA, EIXO HORIZONTAL, CAPACIDADE DE MISTURA 300 KG, MOTOR ELÉTRICO POTÊNCIA 5 CV - JUROS. AF_05/2023","H","COEFICIENTE DE REPRESENTATIVIDADE",0.22,"CAIXA REFERENCIAL"]
["CUSTOS HORÁRIOS DE MÁQUINAS E EQUIPAMENTOS","CHOR","COMPOSIÇÕES AUXILIARES","0329","","",88390,"MISTURADOR DE ARGAMASSA, EIXO HORIZONTAL, CAPACIDADE DE MISTURA 300 KG, MOTOR ELÉTRICO POTÊNCIA 5 CV - MANUTENÇÃO. AF_05/2023","H","COEFICIENTE DE REPRESENTATIVIDADE",1.07,"CAIXA REFERENCIAL"]
["CUSTOS HORÁRIOS DE MÁQUINAS E EQUIPAMENTOS","CHOR","COMPOSIÇÕES AUXILIARES","0329","","",88391,"MISTURADOR DE ARGAMASSA, EIXO HORIZONTAL, CAPACIDADE DE MISTURA 300 KG, MOTOR ELÉTRICO POTÊNCIA 5 CV - MATERIAIS NA OPERAÇÃO. AF_05/2023","H","COEFICIENTE DE REPRESENTATIVIDADE",3.06,"CAIXA REFERENCIAL"]
["CUSTOS HORÁRIOS DE MÁQUINAS E EQUIPAMENTOS","CHOR","COMPOSIÇÕES AUXILIARES","0329","","",88394,"MISTURADOR DE ARGAMASSA, EIXO HORIZONTAL, CAPACIDADE DE MISTURA 600 KG, MOTOR ELÉTRICO POTÊNCIA 7,5 CV - DEPRECIAÇÃO. AF_05/2023","H","COEFICIENTE DE REPRESENTATIVIDADE",1.0900000000000001,"CAIXA REFERENCIAL"]
["CUSTOS HORÁRIOS DE MÁQUINAS E EQUIPAMENTOS","CHOR","COMPOSIÇÕES AUXILIARES","0329","","",88395,"MISTURADOR DE ARGAMASSA, EIXO HORIZONTAL, CAPACIDADE DE MISTURA 600 KG, MOTOR ELÉTRICO POTÊNCIA 7,5 CV - JUROS. AF_05/2023","H","COEFICIENTE DE REPRESENTATIVIDADE",0.27,"CAIXA REFERENCIAL"]
["CUSTOS HORÁRIOS DE MÁQUINAS E EQUIPAMENTOS","CHOR","COMPOSIÇÕES AUXILIARES","0329","","",88396,"MISTURADOR DE ARGAMASSA, EIXO HORIZONTAL, CAPACIDADE DE MISTURA 600 KG, MOTOR ELÉTRICO POTÊNCIA 7,5 CV - MANUTENÇÃO. AF_05/2023","H","COEFICIENTE DE REPRESENTATIVIDADE",1.28,"CAIXA REFERENCIAL"]
["CUSTOS HORÁRIOS DE MÁQUINAS E EQUIPAMENTOS","CHOR","COMPOSIÇÕES AUXILIARES","0329","","",88397,"MISTURADOR DE ARGAMASSA, EIXO HORIZONTAL, CAPACIDADE DE MISTURA 600 KG, MOTOR ELÉTRICO POTÊNCIA 7,5 CV - MATERIAIS NA OPERAÇÃO. AF_05/2023","H","COEFICIENTE DE REPRESENTATIVIDADE",4.59,"CAIXA REFERENCIAL"]
["CUSTOS HORÁRIOS DE MÁQUINAS E EQUIPAMENTOS","CHOR","COMPOSIÇÕES AUXILIARES","0329","","",88400,"MISTURADOR DE ARGAMASSA, EIXO HORIZONTAL, CAPACIDADE DE MISTURA 160 KG, MOTOR ELÉTRICO POTÊNCIA 3 CV - DEPRECIAÇÃO. AF_05/2023","H","COEFICIENTE DE REPRESENTATIVIDADE",0.87,"CAIXA REFERENCIAL"]
["CUSTOS HORÁRIOS DE MÁQUINAS E EQUIPAMENTOS","CHOR","COMPOSIÇÕES AUXILIARES","0329","","",88401,"MISTURADOR DE ARGAMASSA, EIXO HORIZONTAL, CAPACIDADE DE MISTURA 160 KG, MOTOR ELÉTRICO POTÊNCIA 3 CV - JUROS. AF_05/2023","H","COEFICIENTE DE REPRESENTATIVIDADE",0.21,"CAIXA REFERENCIAL"]
["CUSTOS HORÁRIOS DE MÁQUINAS E EQUIPAMENTOS","CHOR","COMPOSIÇÕES AUXILIARES","0329","","",88402,"MISTURADOR DE ARGAMASSA, EIXO HORIZONTAL, CAPACIDADE DE MISTURA 160 KG, MOTOR ELÉTRICO POTÊNCIA 3 CV - MANUTENÇÃO. AF_05/2023","H","COEFICIENTE DE REPRESENTATIVIDADE",1.01,"CAIXA REFERENCIAL"]
["CUSTOS HORÁRIOS DE MÁQUINAS E EQUIPAMENTOS","CHOR","COMPOSIÇÕES AUXILIARES","0329","","",88403,"MISTURADOR DE ARGAMASSA, EIXO HORIZONTAL, CAPACIDADE DE MISTURA 160 KG, MOTOR ELÉTRICO POTÊNCIA 3 CV - MATERIAIS NA OPERAÇÃO. AF_05/2023","H","COEFICIENTE DE REPRESENTATIVIDADE",1.83,"CAIXA REFERENCIAL"]
["CUSTOS HORÁRIOS DE MÁQUINAS E EQUIPAMENTOS","CHOR","COMPOSIÇÕES AUXILIARES","0329","","",88419,"PROJETOR DE ARGAMASSA, CAPACIDADE DE PROJEÇÃO 1,5 M3/H, ALCANCE DE 30 ATÉ 60 M, MOTOR ELÉTRICO POTÊNCIA 7,5 HP - DEPRECIAÇÃO. AF_06/2014","H","COEFICIENTE DE REPRESENTATIVIDADE",6.05,"CAIXA REFERENCIAL"]
["CUSTOS HORÁRIOS DE MÁQUINAS E EQUIPAMENTOS","CHOR","COMPOSIÇÕES AUXILIARES","0329","","",88422,"PROJETOR DE ARGAMASSA, CAPACIDADE DE PROJEÇÃO 1,5 M3/H, ALCANCE DE 30 ATÉ 60 M, MOTOR ELÉTRICO POTÊNCIA 7,5 HP - JUROS. AF_06/2014","H","COEFICIENTE DE REPRESENTATIVIDADE",1.39,"CAIXA REFERENCIAL"]
["CUSTOS HORÁRIOS DE MÁQUINAS E EQUIPAMENTOS","CHOR","COMPOSIÇÕES AUXILIARES","0329","","",88425,"PROJETOR DE ARGAMASSA, CAPACIDADE DE PROJEÇÃO 1,5 M3/H, ALCANCE DE 30 ATÉ 60 M, MOTOR ELÉTRICO POTÊNCIA 7,5 HP - MANUTENÇÃO. AF_06/2014","H","COEFICIENTE DE REPRESENTATIVIDADE",7.56,"CAIXA REFERENCIAL"]
["CUSTOS HORÁRIOS DE MÁQUINAS E EQUIPAMENTOS","CHOR","COMPOSIÇÕES AUXILIARES","0329","","",88427,"PROJETOR DE ARGAMASSA, CAPACIDADE DE PROJEÇÃO 1,5 M3/H, ALCANCE DE 30 ATÉ 60 M, MOTOR ELÉTRICO POTÊNCIA 7,5 HP - MATERIAIS NA OPERAÇÃO. AF_06/2014","H","COEFICIENTE DE REPRESENTATIVIDADE",1.03,"CAIXA REFERENCIAL"]
["CUSTOS HORÁRIOS DE MÁQUINAS E EQUIPAMENTOS","CHOR","COMPOSIÇÕES AUXILIARES","0329","","",88434,"PROJETOR DE ARGAMASSA, CAPACIDADE DE PROJEÇÃO 2 M3/H, ALCANCE ATÉ 50 M, MOTOR ELÉTRICO POTÊNCIA 7,5 HP - DEPRECIAÇÃO. AF_06/2014","H","COEFICIENTE DE REPRESENTATIVIDADE",8.02,"CAIXA REFERENCIAL"]
["CUSTOS HORÁRIOS DE MÁQUINAS E EQUIPAMENTOS","CHOR","COMPOSIÇÕES AUXILIARES","0329","","",88435,"PROJETOR DE ARGAMASSA, CAPACIDADE DE PROJEÇÃO 2 M3/H, ALCANCE ATÉ 50 M, MOTOR ELÉTRICO POTÊNCIA 7,5 HP - JUROS. AF_06/2014","H","COEFICIENTE DE REPRESENTATIVIDADE",1.85,"CAIXA REFERENCIAL"]
["CUSTOS HORÁRIOS DE MÁQUINAS E EQUIPAMENTOS","CHOR","COMPOSIÇÕES AUXILIARES","0329","","",88436,"PROJETOR DE ARGAMASSA, CAPACIDADE DE PROJEÇÃO 2 M3/H, ALCANCE ATÉ 50 M, MOTOR ELÉTRICO POTÊNCIA 7,5 HP - MANUTENÇÃO. AF_06/2014","H","COEFICIENTE DE REPRESENTATIVIDADE",10.02,"CAIXA REFERENCIAL"]
["CUSTOS HORÁRIOS DE MÁQUINAS E EQUIPAMENTOS","CHOR","COMPOSIÇÕES AUXILIARES","0329","","",88437,"PROJETOR DE ARGAMASSA, CAPACIDADE DE PROJEÇÃO 2 M3/H, ALCANCE ATÉ 50 M, MOTOR ELÉTRICO POTÊNCIA 7,5 HP - MATERIAIS NA OPERAÇÃO. AF_06/2014","H","COEFICIENTE DE REPRESENTATIVIDADE",1.03,"CAIXA REFERENCIAL"]
["CUSTOS HORÁRIOS DE MÁQUINAS E EQUIPAMENTOS","CHOR","COMPOSIÇÕES AUXILIARES","0329","","",88569,"ESPARGIDOR DE ASFALTO PRESSURIZADO COM TANQUE DE 2500 L, REBOCÁVEL COM MOTOR A GASOLINA POTÊNCIA 3,4 HP - DEPRECIAÇÃO. AF_07/2014","H","ATRIBUÍDO SÃO PAULO",3.96,"CAIXA REFERENCIAL"]
["CUSTOS HORÁRIOS DE MÁQUINAS E EQUIPAMENTOS","CHOR","COMPOSIÇÕES AUXILIARES","0329","","",88570,"ESPARGIDOR DE ASFALTO PRESSURIZADO COM TANQUE DE 2500 L, REBOCÁVEL COM MOTOR A GASOLINA POTÊNCIA 3,4 HP - JUROS. AF_07/2014","H","ATRIBUÍDO SÃO PAULO",1.28,"CAIXA REFERENCIAL"]
["CUSTOS HORÁRIOS DE MÁQUINAS E EQUIPAMENTOS","CHOR","COMPOSIÇÕES AUXILIARES","0329","","",88826,"BETONEIRA CAPACIDADE NOMINAL DE 400 L, CAPACIDADE DE MISTURA 280 L, MOTOR ELÉTRICO TRIFÁSICO POTÊNCIA DE 2 CV, SEM CARREGADOR - DEPRECIAÇÃO. AF_05/2023","H","COLETADO",0.34,"CAIXA REFERENCIAL"]
["CUSTOS HORÁRIOS DE MÁQUINAS E EQUIPAMENTOS","CHOR","COMPOSIÇÕES AUXILIARES","0329","","",88827,"BETONEIRA CAPACIDADE NOMINAL DE 400 L, CAPACIDADE DE MISTURA 280 L, MOTOR ELÉTRICO TRIFÁSICO POTÊNCIA DE 2 CV, SEM CARREGADOR - JUROS. AF_05/2023","H","COLETADO",0.08,"CAIXA REFERENCIAL"]
["CUSTOS HORÁRIOS DE MÁQUINAS E EQUIPAMENTOS","CHOR","COMPOSIÇÕES AUXILIARES","0329","","",88828,"BETONEIRA CAPACIDADE NOMINAL DE 400 L, CAPACIDADE DE MISTURA 280 L, MOTOR ELÉTRICO TRIFÁSICO POTÊNCIA DE 2 CV, SEM CARREGADOR - MANUTENÇÃO. AF_05/2023","H","COLETADO",0.4,"CAIXA REFERENCIAL"]
["CUSTOS HORÁRIOS DE MÁQUINAS E EQUIPAMENTOS","CHOR","COMPOSIÇÕES AUXILIARES","0329","","",88829,"BETONEIRA CAPACIDADE NOMINAL DE 400 L, CAPACIDADE DE MISTURA 280 L, MOTOR ELÉTRICO TRIFÁSICO POTÊNCIA DE 2 CV, SEM CARREGADOR - MATERIAIS NA OPERAÇÃO. AF_05/2023","H","COEFICIENTE DE REPRESENTATIVIDADE",1.22,"CAIXA REFERENCIAL"]
["CUSTOS HORÁRIOS DE MÁQUINAS E EQUIPAMENTOS","CHOR","COMPOSIÇÕES AUXILIARES","0329","","",88832,"ESCAVADEIRA HIDRÁULICA SOBRE ESTEIRAS, CAÇAMBA 0,80 M3, PESO OPERACIONAL 17,8 T, POTÊNCIA LÍQUIDA 110 HP - DEPRECIAÇÃO. AF_10/2014","H","COEFICIENTE DE REPRESENTATIVIDADE",44.74,"CAIXA REFERENCIAL"]
["CUSTOS HORÁRIOS DE MÁQUINAS E EQUIPAMENTOS","CHOR","COMPOSIÇÕES AUXILIARES","0329","","",88834,"ESCAVADEIRA HIDRÁULICA SOBRE ESTEIRAS, CAÇAMBA 0,80 M3, PESO OPERACIONAL 17,8 T, POTÊNCIA LÍQUIDA 110 HP - JUROS. AF_10/2014","H","COEFICIENTE DE REPRESENTATIVIDADE",11.82,"CAIXA REFERENCIAL"]
["CUSTOS HORÁRIOS DE MÁQUINAS E EQUIPAMENTOS","CHOR","COMPOSIÇÕES AUXILIARES","0329","","",88835,"ESCAVADEIRA HIDRÁULICA SOBRE ESTEIRAS, CAÇAMBA 0,80 M3, PESO OPERACIONAL 17,8 T, POTÊNCIA LÍQUIDA 110 HP - MANUTENÇÃO. AF_10/2014","H","COEFICIENTE DE REPRESENTATIVIDADE",55.93,"CAIXA REFERENCIAL"]
["CUSTOS HORÁRIOS DE MÁQUINAS E EQUIPAMENTOS","CHOR","COMPOSIÇÕES AUXILIARES","0329","","",88836,"ESCAVADEIRA HIDRÁULICA SOBRE ESTEIRAS, CAÇAMBA 0,80 M3, PESO OPERACIONAL 17,8 T, POTÊNCIA LÍQUIDA 110 HP - MATERIAIS NA OPERAÇÃO. AF_10/2014","H","COLETADO",63.27,"CAIXA REFERENCIAL"]
["CUSTOS HORÁRIOS DE MÁQUINAS E EQUIPAMENTOS","CHOR","COMPOSIÇÕES AUXILIARES","0329","","",88839,"TRATOR DE ESTEIRAS, POTÊNCIA 125 HP, PESO OPERACIONAL 12,9 T, COM LÂMINA 2,7 M3 - DEPRECIAÇÃO. AF_10/2014","H","ATRIBUÍDO SÃO PAULO",31.13,"CAIXA REFERENCIAL"]
["CUSTOS HORÁRIOS DE MÁQUINAS E EQUIPAMENTOS","CHOR","COMPOSIÇÕES AUXILIARES","0329","","",88840,"TRATOR DE ESTEIRAS, POTÊNCIA 125 HP, PESO OPERACIONAL 12,9 T, COM LÂMINA 2,7 M3 - JUROS. AF_10/2014","H","ATRIBUÍDO SÃO PAULO",13.71,"CAIXA REFERENCIAL"]
["CUSTOS HORÁRIOS DE MÁQUINAS E EQUIPAMENTOS","CHOR","COMPOSIÇÕES AUXILIARES","0329","","",88841,"TRATOR DE ESTEIRAS, POTÊNCIA 125 HP, PESO OPERACIONAL 12,9 T, COM LÂMINA 2,7 M3 - MANUTENÇÃO. AF_10/2014","H","ATRIBUÍDO SÃO PAULO",55.66,"CAIXA REFERENCIAL"]
["CUSTOS HORÁRIOS DE MÁQUINAS E EQUIPAMENTOS","CHOR","COMPOSIÇÕES AUXILIARES","0329","","",88842,"TRATOR DE ESTEIRAS, POTÊNCIA 125 HP, PESO OPERACIONAL 12,9 T, COM LÂMINA 2,7 M3 - MATERIAIS NA OPERAÇÃO. AF_10/2014","H","COLETADO",77.44,"CAIXA REFERENCIAL"]
["CUSTOS HORÁRIOS DE MÁQUINAS E EQUIPAMENTOS","CHOR","COMPOSIÇÕES AUXILIARES","0329","","",88847,"USINA DE LAMA ASFÁLTICA, PROD 30 A 50 T/H, SILO DE AGREGADO 7 M3, RESERVATÓRIOS PARA EMULSÃO E ÁGUA DE 2,3 M3 CADA, MISTURADOR TIPO PUG MILL A SER MONTADO SOBRE CAMINHÃO - DEPRECIAÇÃO. AF_10/2014","H","ATRIBUÍDO SÃO PAULO",22.82,"CAIXA REFERENCIAL"]
["CUSTOS HORÁRIOS DE MÁQUINAS E EQUIPAMENTOS","CHOR","COMPOSIÇÕES AUXILIARES","0329","","",88848,"USINA DE LAMA ASFÁLTICA, PROD 30 A 50 T/H, SILO DE AGREGADO 7 M3, RESERVATÓRIOS PARA EMULSÃO E ÁGUA DE 2,3 M3 CADA, MISTURADOR TIPO PUG MILL A SER MONTADO SOBRE CAMINHÃO - JUROS. AF_10/2014","H","ATRIBUÍDO SÃO PAULO",9.3800000000000008,"CAIXA REFERENCIAL"]
["CUSTOS HORÁRIOS DE MÁQUINAS E EQUIPAMENTOS","CHOR","COMPOSIÇÕES AUXILIARES","0329","","",88853,"MOTOBOMBA CENTRÍFUGA, MOTOR A GASOLINA, POTÊNCIA 5,42 HP, BOCAIS 1 1/2\" X 1\", DIÂMETRO ROTOR 143 MM HM/Q = 6 MCA / 16,8 M3/H A 38 MCA / 6,6 M3/H - DEPRECIAÇÃO. AF_06/2014","H","COEFICIENTE DE REPRESENTATIVIDADE",0.19,"CAIXA REFERENCIAL"]
["CUSTOS HORÁRIOS DE MÁQUINAS E EQUIPAMENTOS","CHOR","COMPOSIÇÕES AUXILIARES","0329","","",88854,"MOTOBOMBA CENTRÍFUGA, MOTOR A GASOLINA, POTÊNCIA 5,42 HP, BOCAIS 1 1/2\" X 1\", DIÂMETRO ROTOR 143 MM HM/Q = 6 MCA / 16,8 M3/H A 38 MCA / 6,6 M3/H - JUROS. AF_06/2014","H","COEFICIENTE DE REPRESENTATIVIDADE",0.04,"CAIXA REFERENCIAL"]
["CUSTOS HORÁRIOS DE MÁQUINAS E EQUIPAMENTOS","CHOR","COMPOSIÇÕES AUXILIARES","0329","","",88855,"GRADE DE DISCO CONTROLE REMOTO REBOCÁVEL, COM 24 DISCOS 24\" X 6 MM COM PNEUS PARA TRANSPORTE - DEPRECIAÇÃO. AF_06/2014","H","ATRIBUÍDO SÃO PAULO",3.21,"CAIXA REFERENCIAL"]
["CUSTOS HORÁRIOS DE MÁQUINAS E EQUIPAMENTOS","CHOR","COMPOSIÇÕES AUXILIARES","0329","","",88856,"GRADE DE DISCO CONTROLE REMOTO REBOCÁVEL, COM 24 DISCOS 24\" X 6 MM COM PNEUS PARA TRANSPORTE - JUROS. AF_06/2014","H","ATRIBUÍDO SÃO PAULO",0.88,"CAIXA REFERENCIAL"]
["CUSTOS HORÁRIOS DE MÁQUINAS E EQUIPAMENTOS","CHOR","COMPOSIÇÕES AUXILIARES","0329","","",88857,"RETROESCAVADEIRA SOBRE RODAS COM CARREGADEIRA, TRAÇÃO 4X4, POTÊNCIA LÍQ. 88 HP, CAÇAMBA CARREG. CAP. MÍN. 1 M3, CAÇAMBA RETRO CAP. 0,26 M3, PESO OPERACIONAL MÍN. 6.674 KG, PROFUNDIDADE ESCAVAÇÃO MÁX. 4,37 M - DEPRECIAÇÃO. AF_06/2014","H","COEFICIENTE DE REPRESENTATIVIDADE",28.44,"CAIXA REFERENCIAL"]
["CUSTOS HORÁRIOS DE MÁQUINAS E EQUIPAMENTOS","CHOR","COMPOSIÇÕES AUXILIARES","0329","","",88858,"RETROESCAVADEIRA SOBRE RODAS COM CARREGADEIRA, TRAÇÃO 4X4, POTÊNCIA LÍQ. 88 HP, CAÇAMBA CARREG. CAP. MÍN. 1 M3, CAÇAMBA RETRO CAP. 0,26 M3, PESO OPERACIONAL MÍN. 6.674 KG, PROFUNDIDADE ESCAVAÇÃO MÁX. 4,37 M - JUROS. AF_06/2014","H","COEFICIENTE DE REPRESENTATIVIDADE",7.51,"CAIXA REFERENCIAL"]
["CUSTOS HORÁRIOS DE MÁQUINAS E EQUIPAMENTOS","CHOR","COMPOSIÇÕES AUXILIARES","0329","","",88859,"RETROESCAVADEIRA SOBRE RODAS COM CARREGADEIRA, TRAÇÃO 4X2, POTÊNCIA LÍQ. 79 HP, CAÇAMBA CARREG. CAP. MÍN. 1 M3, CAÇAMBA RETRO CAP. 0,20 M3, PESO OPERACIONAL MÍN. 6.570 KG, PROFUNDIDADE ESCAVAÇÃO MÁX. 4,37 M - DEPRECIAÇÃO. AF_06/2014","H","COEFICIENTE DE REPRESENTATIVIDADE",25.29,"CAIXA REFERENCIAL"]
["CUSTOS HORÁRIOS DE MÁQUINAS E EQUIPAMENTOS","CHOR","COMPOSIÇÕES AUXILIARES","0329","","",88860,"RETROESCAVADEIRA SOBRE RODAS COM CARREGADEIRA, TRAÇÃO 4X2, POTÊNCIA LÍQ. 79 HP, CAÇAMBA CARREG. CAP. MÍN. 1 M3, CAÇAMBA RETRO CAP. 0,20 M3, PESO OPERACIONAL MÍN. 6.570 KG, PROFUNDIDADE ESCAVAÇÃO MÁX. 4,37 M - JUROS. AF_06/2014","H","COEFICIENTE DE REPRESENTATIVIDADE",6.68,"CAIXA REFERENCIAL"]
["CUSTOS HORÁRIOS DE MÁQUINAS E EQUIPAMENTOS","CHOR","COMPOSIÇÕES AUXILIARES","0329","","",88900,"ESCAVADEIRA HIDRÁULICA SOBRE ESTEIRAS, CAÇAMBA 1,20 M3, PESO OPERACIONAL 21 T, POTÊNCIA BRUTA 155 HP - DEPRECIAÇÃO. AF_06/2014","H","COEFICIENTE DE REPRESENTATIVIDADE",52.17,"CAIXA REFERENCIAL"]
["CUSTOS HORÁRIOS DE MÁQUINAS E EQUIPAMENTOS","CHOR","COMPOSIÇÕES AUXILIARES","0329","","",88902,"ESCAVADEIRA HIDRÁULICA SOBRE ESTEIRAS, CAÇAMBA 1,20 M3, PESO OPERACIONAL 21 T, POTÊNCIA BRUTA 155 HP - JUROS. AF_06/2014","H","COEFICIENTE DE REPRESENTATIVIDADE",13.78,"CAIXA REFERENCIAL"]
["CUSTOS HORÁRIOS DE MÁQUINAS E EQUIPAMENTOS","CHOR","COMPOSIÇÕES AUXILIARES","0329","","",88903,"ESCAVADEIRA HIDRÁULICA SOBRE ESTEIRAS, CAÇAMBA 1,20 M3, PESO OPERACIONAL 21 T, POTÊNCIA BRUTA 155 HP - MANUTENÇÃO. AF_06/2014","H","COEFICIENTE DE REPRESENTATIVIDADE",65.22,"CAIXA REFERENCIAL"]
["CUSTOS HORÁRIOS DE MÁQUINAS E EQUIPAMENTOS","CHOR","COMPOSIÇÕES AUXILIARES","0329","","",88904,"ESCAVADEIRA HIDRÁULICA SOBRE ESTEIRAS, CAÇAMBA 1,20 M3, PESO OPERACIONAL 21 T, POTÊNCIA BRUTA 155 HP - MATERIAIS NA OPERAÇÃO. AF_06/2014","H","COLETADO",89.12,"CAIXA REFERENCIAL"]
["CUSTOS HORÁRIOS DE MÁQUINAS E EQUIPAMENTOS","CHOR","COMPOSIÇÕES AUXILIARES","0329","","",89009,"TRATOR DE ESTEIRAS, POTÊNCIA 150 HP, PESO OPERACIONAL 16,7 T, COM RODA MOTRIZ ELEVADA E LÂMINA 3,18 M3 - DEPRECIAÇÃO. AF_06/2014","H","ATRIBUÍDO SÃO PAULO",38.56,"CAIXA REFERENCIAL"]
["CUSTOS HORÁRIOS DE MÁQUINAS E EQUIPAMENTOS","CHOR","COMPOSIÇÕES AUXILIARES","0329","","",89010,"TRATOR DE ESTEIRAS, POTÊNCIA 150 HP, PESO OPERACIONAL 16,7 T, COM RODA MOTRIZ ELEVADA E LÂMINA 3,18 M3 - JUROS. AF_06/2014","H","ATRIBUÍDO SÃO PAULO",16.98,"CAIXA REFERENCIAL"]
["CUSTOS HORÁRIOS DE MÁQUINAS E EQUIPAMENTOS","CHOR","COMPOSIÇÕES AUXILIARES","0329","","",89011,"RETROESCAVADEIRA SOBRE RODAS COM CARREGADEIRA, TRAÇÃO 4X4, POTÊNCIA LÍQ. 72 HP, CAÇAMBA CARREG. CAP. MÍN. 0,79 M3, CAÇAMBA RETRO CAP. 0,18 M3, PESO OPERACIONAL MÍN. 7.140 KG, PROFUNDIDADE ESCAVAÇÃO MÁX. 4,50 M - DEPRECIAÇÃO. AF_06/2014","H","COLETADO",27.44,"CAIXA REFERENCIAL"]
["CUSTOS HORÁRIOS DE MÁQUINAS E EQUIPAMENTOS","CHOR","COMPOSIÇÕES AUXILIARES","0329","","",89012,"RETROESCAVADEIRA SOBRE RODAS COM CARREGADEIRA, TRAÇÃO 4X4, POTÊNCIA LÍQ. 72 HP, CAÇAMBA CARREG. CAP. MÍN. 0,79 M3, CAÇAMBA RETRO CAP. 0,18 M3, PESO OPERACIONAL MÍN. 7.140 KG, PROFUNDIDADE ESCAVAÇÃO MÁX. 4,50 M - JUROS. AF_06/2014","H","COLETADO",7.25,"CAIXA REFERENCIAL"]
["CUSTOS HORÁRIOS DE MÁQUINAS E EQUIPAMENTOS","CHOR","COMPOSIÇÕES AUXILIARES","0329","","",89013,"TRATOR DE ESTEIRAS, POTÊNCIA 347 HP, PESO OPERACIONAL 38,5 T, COM LÂMINA 8,70 M3 - DEPRECIAÇÃO. AF_06/2014","H","ATRIBUÍDO SÃO PAULO",126.31,"CAIXA REFERENCIAL"]
["CUSTOS HORÁRIOS DE MÁQUINAS E EQUIPAMENTOS","CHOR","COMPOSIÇÕES AUXILIARES","0329","","",89014,"TRATOR DE ESTEIRAS, POTÊNCIA 347 HP, PESO OPERACIONAL 38,5 T, COM LÂMINA 8,70 M3 - JUROS. AF_06/2014","H","ATRIBUÍDO SÃO PAULO",55.64,"CAIXA REFERENCIAL"]
["CUSTOS HORÁRIOS DE MÁQUINAS E EQUIPAMENTOS","CHOR","COMPOSIÇÕES AUXILIARES","0329","","",89015,"VASSOURA MECÂNICA REBOCÁVEL COM ESCOVA CILÍNDRICA, LARGURA ÚTIL DE VARRIMENTO DE 2,44 M - DEPRECIAÇÃO. AF_06/2014","H","ATRIBUÍDO SÃO PAULO",3.7,"CAIXA REFERENCIAL"]
["CUSTOS HORÁRIOS DE MÁQUINAS E EQUIPAMENTOS","CHOR","COMPOSIÇÕES AUXILIARES","0329","","",89016,"VASSOURA MECÂNICA REBOCÁVEL COM ESCOVA CILÍNDRICA, LARGURA ÚTIL DE VARRIMENTO DE 2,44 M - JUROS. AF_06/2014","H","ATRIBUÍDO SÃO PAULO",0.98,"CAIXA REFERENCIAL"]
["CUSTOS HORÁRIOS DE MÁQUINAS E EQUIPAMENTOS","CHOR","COMPOSIÇÕES AUXILIARES","0329","","",89017,"TRATOR DE ESTEIRAS, POTÊNCIA 170 HP, PESO OPERACIONAL 19 T, CAÇAMBA 5,2 M3 - DEPRECIAÇÃO. AF_06/2014","H","ATRIBUÍDO SÃO PAULO",38.32,"CAIXA REFERENCIAL"]
["CUSTOS HORÁRIOS DE MÁQUINAS E EQUIPAMENTOS","CHOR","COMPOSIÇÕES AUXILIARES","0329","","",89018,"TRATOR DE ESTEIRAS, POTÊNCIA 170 HP, PESO OPERACIONAL 19 T, CAÇAMBA 5,2 M3 - JUROS. AF_06/2014","H","ATRIBUÍDO SÃO PAULO",16.88,"CAIXA REFERENCIAL"]
["CUSTOS HORÁRIOS DE MÁQUINAS E EQUIPAMENTOS","CHOR","COMPOSIÇÕES AUXILIARES","0329","","",89019,"BOMBA SUBMERSÍVEL ELÉTRICA TRIFÁSICA, POTÊNCIA 2,96 HP, Ø ROTOR 144 MM SEMI-ABERTO, BOCAL DE SAÍDA Ø 2\", HM/Q = 2 MCA / 38,8 M3/H A 28 MCA / 5 M3/H - DEPRECIAÇÃO. AF_06/2014","H","COEFICIENTE DE REPRESENTATIVIDADE",0.26,"CAIXA REFERENCIAL"]
["CUSTOS HORÁRIOS DE MÁQUINAS E EQUIPAMENTOS","CHOR","COMPOSIÇÕES AUXILIARES","0329","","",89020,"BOMBA SUBMERSÍVEL ELÉTRICA TRIFÁSICA, POTÊNCIA 2,96 HP, Ø ROTOR 144 MM SEMI-ABERTO, BOCAL DE SAÍDA Ø 2\", HM/Q = 2 MCA / 38,8 M3/H A 28 MCA / 5 M3/H - JUROS. AF_06/2014","H","COEFICIENTE DE REPRESENTATIVIDADE",0.06,"CAIXA REFERENCIAL"]
["CUSTOS HORÁRIOS DE MÁQUINAS E EQUIPAMENTOS","CHOR","COMPOSIÇÕES AUXILIARES","0329","","",89023,"TANQUE DE ASFALTO ESTACIONÁRIO COM MAÇARICO, CAPACIDADE 20.000 L - DEPRECIAÇÃO. AF_05/2023","H","ATRIBUÍDO SÃO PAULO",3.48,"CAIXA REFERENCIAL"]
["CUSTOS HORÁRIOS DE MÁQUINAS E EQUIPAMENTOS","CHOR","COMPOSIÇÕES AUXILIARES","0329","","",89024,"TANQUE DE ASFALTO ESTACIONÁRIO COM MAÇARICO, CAPACIDADE 20.000 L - JUROS. AF_05/2023","H","ATRIBUÍDO SÃO PAULO",1.28,"CAIXA REFERENCIAL"]
["CUSTOS HORÁRIOS DE MÁQUINAS E EQUIPAMENTOS","CHOR","COMPOSIÇÕES AUXILIARES","0329","","",89025,"TANQUE DE ASFALTO ESTACIONÁRIO COM MAÇARICO, CAPACIDADE 20.000 L - MANUTENÇÃO. AF_05/2023","H","ATRIBUÍDO SÃO PAULO",4.6399999999999997,"CAIXA REFERENCIAL"]
["CUSTOS HORÁRIOS DE MÁQUINAS E EQUIPAMENTOS","CHOR","COMPOSIÇÕES AUXILIARES","0329","","",89026,"TANQUE DE ASFALTO ESTACIONÁRIO COM MAÇARICO, CAPACIDADE 20.000 L - MATERIAIS NA OPERAÇÃO. AF_05/2023","H","COLETADO",169.44,"CAIXA REFERENCIAL"]
["CUSTOS HORÁRIOS DE MÁQUINAS E EQUIPAMENTOS","CHOR","COMPOSIÇÕES AUXILIARES","0329","","",89029,"TRATOR DE ESTEIRAS, POTÊNCIA 100 HP, PESO OPERACIONAL 9,4 T, COM LÂMINA 2,19 M3 - DEPRECIAÇÃO. AF_06/2014","H","ATRIBUÍDO SÃO PAULO",29.74,"CAIXA REFERENCIAL"]
["CUSTOS HORÁRIOS DE MÁQUINAS E EQUIPAMENTOS","CHOR","COMPOSIÇÕES AUXILIARES","0329","","",89030,"TRATOR DE ESTEIRAS, POTÊNCIA 100 HP, PESO OPERACIONAL 9,4 T, COM LÂMINA 2,19 M3 - JUROS. AF_06/2014","H","ATRIBUÍDO SÃO PAULO",13.1,"CAIXA REFERENCIAL"]
["CUSTOS HORÁRIOS DE MÁQUINAS E EQUIPAMENTOS","CHOR","COMPOSIÇÕES AUXILIARES","0329","","",89033,"TRATOR DE PNEUS, POTÊNCIA 85 CV, TRAÇÃO 4X4, PESO COM LASTRO DE 4.675 KG - DEPRECIAÇÃO. AF_06/2014","H","ATRIBUÍDO SÃO PAULO",13.22,"CAIXA REFERENCIAL"]
["CUSTOS HORÁRIOS DE MÁQUINAS E EQUIPAMENTOS","CHOR","COMPOSIÇÕES AUXILIARES","0329","","",89034,"TRATOR DE PNEUS, POTÊNCIA 85 CV, TRAÇÃO 4X4, PESO COM LASTRO DE 4.675 KG - JUROS. AF_06/2014","H","ATRIBUÍDO SÃO PAULO",3.54,"CAIXA REFERENCIAL"]
["CUSTOS HORÁRIOS DE MÁQUINAS E EQUIPAMENTOS","CHOR","COMPOSIÇÕES AUXILIARES","0329","","",89128,"PÁ CARREGADEIRA SOBRE RODAS, POTÊNCIA LÍQUIDA 128 HP, CAPACIDADE DA CAÇAMBA 1,7 A 2,8 M3, PESO OPERACIONAL 11632 KG - DEPRECIAÇÃO. AF_06/2014","H","COLETADO",34.72,"CAIXA REFERENCIAL"]
["CUSTOS HORÁRIOS DE MÁQUINAS E EQUIPAMENTOS","CHOR","COMPOSIÇÕES AUXILIARES","0329","","",89129,"PÁ CARREGADEIRA SOBRE RODAS, POTÊNCIA LÍQUIDA 128 HP, CAPACIDADE DA CAÇAMBA 1,7 A 2,8 M3, PESO OPERACIONAL 11632 KG - JUROS. AF_06/2014","H","COLETADO",9.17,"CAIXA REFERENCIAL"]
["CUSTOS HORÁRIOS DE MÁQUINAS E EQUIPAMENTOS","CHOR","COMPOSIÇÕES AUXILIARES","0329","","",89130,"PÁ CARREGADEIRA SOBRE RODAS, POTÊNCIA 197 HP, CAPACIDADE DA CAÇAMBA 2,5 A 3,5 M3, PESO OPERACIONAL 18338 KG - DEPRECIAÇÃO. AF_06/2014","H","COEFICIENTE DE REPRESENTATIVIDADE",48.14,"CAIXA REFERENCIAL"]
["CUSTOS HORÁRIOS DE MÁQUINAS E EQUIPAMENTOS","CHOR","COMPOSIÇÕES AUXILIARES","0329","","",89131,"PÁ CARREGADEIRA SOBRE RODAS, POTÊNCIA 197 HP, CAPACIDADE DA CAÇAMBA 2,5 A 3,5 M3, PESO OPERACIONAL 18338 KG - JUROS. AF_06/2014","H","COEFICIENTE DE REPRESENTATIVIDADE",12.72,"CAIXA REFERENCIAL"]
["CUSTOS HORÁRIOS DE MÁQUINAS E EQUIPAMENTOS","CHOR","COMPOSIÇÕES AUXILIARES","0329","","",89210,"ROLO COMPACTADOR VIBRATÓRIO DE UM CILINDRO AÇO LISO, POTÊNCIA 80 HP, PESO OPERACIONAL MÁXIMO 8,1 T, IMPACTO DINÂMICO 16,15 / 9,5 T, LARGURA DE TRABALHO 1,68 M - DEPRECIAÇÃO. AF_06/2014","H","ATRIBUÍDO SÃO PAULO",32.9,"CAIXA REFERENCIAL"]
["CUSTOS HORÁRIOS DE MÁQUINAS E EQUIPAMENTOS","CHOR","COMPOSIÇÕES AUXILIARES","0329","","",89211,"ROLO COMPACTADOR VIBRATÓRIO DE UM CILINDRO AÇO LISO, POTÊNCIA 80 HP, PESO OPERACIONAL MÁXIMO 8,1 T, IMPACTO DINÂMICO 16,15 / 9,5 T, LARGURA DE TRABALHO 1,68 M - JUROS. AF_06/2014","H","ATRIBUÍDO SÃO PAULO",8.82,"CAIXA REFERENCIAL"]
["CUSTOS HORÁRIOS DE MÁQUINAS E EQUIPAMENTOS","CHOR","COMPOSIÇÕES AUXILIARES","0329","","",89212,"BATE-ESTACAS POR GRAVIDADE, POTÊNCIA DE 160 HP, PESO DO MARTELO ATÉ 3 TONELADAS - DEPRECIAÇÃO. AF_11/2014","H","ATRIBUÍDO SÃO PAULO",28.91,"CAIXA REFERENCIAL"]
["CUSTOS HORÁRIOS DE MÁQUINAS E EQUIPAMENTOS","CHOR","COMPOSIÇÕES AUXILIARES","0329","","",89213,"BATE-ESTACAS POR GRAVIDADE, POTÊNCIA DE 160 HP, PESO DO MARTELO ATÉ 3 TONELADAS - JUROS. AF_11/2014","H","ATRIBUÍDO SÃO PAULO",8.92,"CAIXA REFERENCIAL"]
["CUSTOS HORÁRIOS DE MÁQUINAS E EQUIPAMENTOS","CHOR","COMPOSIÇÕES AUXILIARES","0329","","",89214,"BATE-ESTACAS POR GRAVIDADE, POTÊNCIA DE 160 HP, PESO DO MARTELO ATÉ 3 TONELADAS - MANUTENÇÃO. AF_11/2014","H","ATRIBUÍDO SÃO PAULO",27.14,"CAIXA REFERENCIAL"]
["CUSTOS HORÁRIOS DE MÁQUINAS E EQUIPAMENTOS","CHOR","COMPOSIÇÕES AUXILIARES","0329","","",89215,"BATE-ESTACAS POR GRAVIDADE, POTÊNCIA DE 160 HP, PESO DO MARTELO ATÉ 3 TONELADAS - MATERIAIS NA OPERAÇÃO. AF_11/2014","H","COLETADO",92.03,"CAIXA REFERENCIAL"]
["CUSTOS HORÁRIOS DE MÁQUINAS E EQUIPAMENTOS","CHOR","COMPOSIÇÕES AUXILIARES","0329","","",89221,"BETONEIRA CAPACIDADE NOMINAL DE 600 L, CAPACIDADE DE MISTURA 360 L, MOTOR ELÉTRICO TRIFÁSICO POTÊNCIA DE 4 CV, SEM CARREGADOR - DEPRECIAÇÃO. AF_05/2023","H","COEFICIENTE DE REPRESENTATIVIDADE",1.41,"CAIXA REFERENCIAL"]
["CUSTOS HORÁRIOS DE MÁQUINAS E EQUIPAMENTOS","CHOR","COMPOSIÇÕES AUXILIARES","0329","","",89222,"BETONEIRA CAPACIDADE NOMINAL DE 600 L, CAPACIDADE DE MISTURA 360 L, MOTOR ELÉTRICO TRIFÁSICO POTÊNCIA DE 4 CV, SEM CARREGADOR - JUROS. AF_05/2023","H","COEFICIENTE DE REPRESENTATIVIDADE",0.34,"CAIXA REFERENCIAL"]
["CUSTOS HORÁRIOS DE MÁQUINAS E EQUIPAMENTOS","CHOR","COMPOSIÇÕES AUXILIARES","0329","","",89223,"BETONEIRA CAPACIDADE NOMINAL DE 600 L, CAPACIDADE DE MISTURA 360 L, MOTOR ELÉTRICO TRIFÁSICO POTÊNCIA DE 4 CV, SEM CARREGADOR - MANUTENÇÃO. AF_05/2023","H","COEFICIENTE DE REPRESENTATIVIDADE",1.65,"CAIXA REFERENCIAL"]
["CUSTOS HORÁRIOS DE MÁQUINAS E EQUIPAMENTOS","CHOR","COMPOSIÇÕES AUXILIARES","0329","","",89224,"BETONEIRA CAPACIDADE NOMINAL DE 600 L, CAPACIDADE DE MISTURA 360 L, MOTOR ELÉTRICO TRIFÁSICO POTÊNCIA DE 4 CV, SEM CARREGADOR - MATERIAIS NA OPERAÇÃO. AF_05/2023","H","COEFICIENTE DE REPRESENTATIVIDADE",2.4500000000000002,"CAIXA REFERENCIAL"]
["CUSTOS HORÁRIOS DE MÁQUINAS E EQUIPAMENTOS","CHOR","COMPOSIÇÕES AUXILIARES","0329","","",89228,"MOTONIVELADORA POTÊNCIA BÁSICA LÍQUIDA (PRIMEIRA MARCHA) 125 HP, PESO BRUTO 13032 KG, LARGURA DA LÂMINA DE 3,7 M - DEPRECIAÇÃO. AF_06/2014","H","COLETADO",50.4,"CAIXA REFERENCIAL"]
["CUSTOS HORÁRIOS DE MÁQUINAS E EQUIPAMENTOS","CHOR","COMPOSIÇÕES AUXILIARES","0329","","",89229,"MOTONIVELADORA POTÊNCIA BÁSICA LÍQUIDA (PRIMEIRA MARCHA) 125 HP, PESO BRUTO 13032 KG, LARGURA DA LÂMINA DE 3,7 M - JUROS. AF_06/2014","H","COLETADO",17.760000000000002,"CAIXA REFERENCIAL"]
["CUSTOS HORÁRIOS DE MÁQUINAS E EQUIPAMENTOS","CHOR","COMPOSIÇÕES AUXILIARES","0329","","",89230,"FRESADORA DE ASFALTO A FRIO SOBRE RODAS, LARGURA FRESAGEM DE 1,0 M, POTÊNCIA 208 HP - DEPRECIAÇÃO. AF_11/2014","H","ATRIBUÍDO SÃO PAULO",107.49,"CAIXA REFERENCIAL"]
["CUSTOS HORÁRIOS DE MÁQUINAS E EQUIPAMENTOS","CHOR","COMPOSIÇÕES AUXILIARES","0329","","",89231,"FRESADORA DE ASFALTO A FRIO SOBRE RODAS, LARGURA FRESAGEM DE 1,0 M, POTÊNCIA 208 HP - JUROS. AF_11/2014","H","ATRIBUÍDO SÃO PAULO",32.909999999999997,"CAIXA REFERENCIAL"]
["CUSTOS HORÁRIOS DE MÁQUINAS E EQUIPAMENTOS","CHOR","COMPOSIÇÕES AUXILIARES","0329","","",89232,"FRESADORA DE ASFALTO A FRIO SOBRE RODAS, LARGURA FRESAGEM DE 1,0 M, POTÊNCIA 208 HP - MANUTENÇÃO. AF_11/2014","H","ATRIBUÍDO SÃO PAULO",191.74,"CAIXA REFERENCIAL"]
["CUSTOS HORÁRIOS DE MÁQUINAS E EQUIPAMENTOS","CHOR","COMPOSIÇÕES AUXILIARES","0329","","",89233,"FRESADORA DE ASFALTO A FRIO SOBRE RODAS, LARGURA FRESAGEM DE 1,0 M, POTÊNCIA 208 HP - MATERIAIS NA OPERAÇÃO. AF_11/2014","H","COLETADO",165.62,"CAIXA REFERENCIAL"]
["CUSTOS HORÁRIOS DE MÁQUINAS E EQUIPAMENTOS","CHOR","COMPOSIÇÕES AUXILIARES","0329","","",89236,"FRESADORA DE ASFALTO A FRIO SOBRE RODAS, LARGURA FRESAGEM DE 2,0 M, POTÊNCIA 550 HP - DEPRECIAÇÃO. AF_11/2014","H","ATRIBUÍDO SÃO PAULO",251.11,"CAIXA REFERENCIAL"]
["CUSTOS HORÁRIOS DE MÁQUINAS E EQUIPAMENTOS","CHOR","COMPOSIÇÕES AUXILIARES","0329","","",89237,"FRESADORA DE ASFALTO A FRIO SOBRE RODAS, LARGURA FRESAGEM DE 2,0 M, POTÊNCIA 550 HP - JUROS. AF_11/2014","H","ATRIBUÍDO SÃO PAULO",76.89,"CAIXA REFERENCIAL"]
["CUSTOS HORÁRIOS DE MÁQUINAS E EQUIPAMENTOS","CHOR","COMPOSIÇÕES AUXILIARES","0329","","",89238,"FRESADORA DE ASFALTO A FRIO SOBRE RODAS, LARGURA FRESAGEM DE 2,0 M, POTÊNCIA 550 HP - MANUTENÇÃO. AF_11/2014","H","ATRIBUÍDO SÃO PAULO",447.91,"CAIXA REFERENCIAL"]
["CUSTOS HORÁRIOS DE MÁQUINAS E EQUIPAMENTOS","CHOR","COMPOSIÇÕES AUXILIARES","0329","","",89239,"FRESADORA DE ASFALTO A FRIO SOBRE RODAS, LARGURA FRESAGEM DE 2,0 M, POTÊNCIA 550 HP - MATERIAIS NA OPERAÇÃO. AF_11/2014","H","COLETADO",437.98,"CAIXA REFERENCIAL"]
["CUSTOS HORÁRIOS DE MÁQUINAS E EQUIPAMENTOS","CHOR","COMPOSIÇÕES AUXILIARES","0329","","",89240,"VIBROACABADORA DE ASFALTO SOBRE ESTEIRAS, LARGURA DE PAVIMENTAÇÃO 1,90 M A 5,30 M, POTÊNCIA 105 HP CAPACIDADE 450 T/H - DEPRECIAÇÃO. AF_11/2014","H","ATRIBUÍDO SÃO PAULO",77.06,"CAIXA REFERENCIAL"]
["CUSTOS HORÁRIOS DE MÁQUINAS E EQUIPAMENTOS","CHOR","COMPOSIÇÕES AUXILIARES","0329","","",89241,"VIBROACABADORA DE ASFALTO SOBRE ESTEIRAS, LARGURA DE PAVIMENTAÇÃO 1,90 M A 5,30 M, POTÊNCIA 105 HP CAPACIDADE 450 T/H - JUROS. AF_11/2014","H","ATRIBUÍDO SÃO PAULO",27.16,"CAIXA REFERENCIAL"]
["CUSTOS HORÁRIOS DE MÁQUINAS E EQUIPAMENTOS","CHOR","COMPOSIÇÕES AUXILIARES","0329","","",89246,"RECICLADORA DE ASFALTO A FRIO SOBRE RODAS, LARGURA FRESAGEM DE 2,0 M, POTÊNCIA 422 HP - DEPRECIAÇÃO. AF_11/2014","H","ATRIBUÍDO SÃO PAULO",218.19,"CAIXA REFERENCIAL"]
["CUSTOS HORÁRIOS DE MÁQUINAS E EQUIPAMENTOS","CHOR","COMPOSIÇÕES AUXILIARES","0329","","",89247,"RECICLADORA DE ASFALTO A FRIO SOBRE RODAS, LARGURA FRESAGEM DE 2,0 M, POTÊNCIA 422 HP - JUROS. AF_11/2014","H","ATRIBUÍDO SÃO PAULO",66.81,"CAIXA REFERENCIAL"]
["CUSTOS HORÁRIOS DE MÁQUINAS E EQUIPAMENTOS","CHOR","COMPOSIÇÕES AUXILIARES","0329","","",89248,"RECICLADORA DE ASFALTO A FRIO SOBRE RODAS, LARGURA FRESAGEM DE 2,0 M, POTÊNCIA 422 HP - MANUTENÇÃO. AF_11/2014","H","ATRIBUÍDO SÃO PAULO",389.2,"CAIXA REFERENCIAL"]
["CUSTOS HORÁRIOS DE MÁQUINAS E EQUIPAMENTOS","CHOR","COMPOSIÇÕES AUXILIARES","0329","","",89249,"RECICLADORA DE ASFALTO A FRIO SOBRE RODAS, LARGURA FRESAGEM DE 2,0 M, POTÊNCIA 422 HP - MATERIAIS NA OPERAÇÃO. AF_11/2014","H","COLETADO",373.35,"CAIXA REFERENCIAL"]
["CUSTOS HORÁRIOS DE MÁQUINAS E EQUIPAMENTOS","CHOR","COMPOSIÇÕES AUXILIARES","0329","","",89253,"VIBROACABADORA DE ASFALTO SOBRE ESTEIRAS, LARGURA DE PAVIMENTAÇÃO 2,13 M A 4,55 M, POTÊNCIA 100 HP, CAPACIDADE 400 T/H - DEPRECIAÇÃO. AF_11/2014","H","ATRIBUÍDO SÃO PAULO",63.15,"CAIXA REFERENCIAL"]
["CUSTOS HORÁRIOS DE MÁQUINAS E EQUIPAMENTOS","CHOR","COMPOSIÇÕES AUXILIARES","0329","","",89254,"VIBROACABADORA DE ASFALTO SOBRE ESTEIRAS, LARGURA DE PAVIMENTAÇÃO 2,13 M A 4,55 M, POTÊNCIA 100 HP, CAPACIDADE 400 T/H - JUROS. AF_11/2014","H","ATRIBUÍDO SÃO PAULO",22.26,"CAIXA REFERENCIAL"]
["CUSTOS HORÁRIOS DE MÁQUINAS E EQUIPAMENTOS","CHOR","COMPOSIÇÕES AUXILIARES","0329","","",89255,"VIBROACABADORA DE ASFALTO SOBRE ESTEIRAS, LARGURA DE PAVIMENTAÇÃO 2,13 M A 4,55 M, POTÊNCIA 100 HP, CAPACIDADE 400 T/H - MANUTENÇÃO. AF_11/2014","H","ATRIBUÍDO SÃO PAULO",101.51,"CAIXA REFERENCIAL"]
["CUSTOS HORÁRIOS DE MÁQUINAS E EQUIPAMENTOS","CHOR","COMPOSIÇÕES AUXILIARES","0329","","",89256,"VIBROACABADORA DE ASFALTO SOBRE ESTEIRAS, LARGURA DE PAVIMENTAÇÃO 2,13 M A 4,55 M, POTÊNCIA 100 HP, CAPACIDADE 400 T/H - MATERIAIS NA OPERAÇÃO. AF_11/2014","H","COLETADO",84.02,"CAIXA REFERENCIAL"]
["CUSTOS HORÁRIOS DE MÁQUINAS E EQUIPAMENTOS","CHOR","COMPOSIÇÕES AUXILIARES","0329","","",89259,"GUINDAUTO HIDRÁULICO, CAPACIDADE MÁXIMA DE CARGA 6200 KG, MOMENTO MÁXIMO DE CARGA 11,7 TM, ALCANCE MÁXIMO HORIZONTAL 9,70 M, INCLUSIVE CAMINHÃO TOCO PBT 16.000 KG, POTÊNCIA DE 189 CV - DEPRECIAÇÃO. AF_06/2014","H","ATRIBUÍDO SÃO PAULO",28.52,"CAIXA REFERENCIAL"]
["CUSTOS HORÁRIOS DE MÁQUINAS E EQUIPAMENTOS","CHOR","COMPOSIÇÕES AUXILIARES","0329","","",89260,"GUINDAUTO HIDRÁULICO, CAPACIDADE MÁXIMA DE CARGA 6200 KG, MOMENTO MÁXIMO DE CARGA 11,7 TM, ALCANCE MÁXIMO HORIZONTAL 9,70 M, INCLUSIVE CAMINHÃO TOCO PBT 16.000 KG, POTÊNCIA DE 189 CV - JUROS. AF_06/2014","H","ATRIBUÍDO SÃO PAULO",10.57,"CAIXA REFERENCIAL"]
["CUSTOS HORÁRIOS DE MÁQUINAS E EQUIPAMENTOS","CHOR","COMPOSIÇÕES AUXILIARES","0329","","",89262,"GUINDAUTO HIDRÁULICO, CAPACIDADE MÁXIMA DE CARGA 6200 KG, MOMENTO MÁXIMO DE CARGA 11,7 TM, ALCANCE MÁXIMO HORIZONTAL 9,70 M, INCLUSIVE CAMINHÃO TOCO PBT 16.000 KG, POTÊNCIA DE 189 CV - MANUTENÇÃO. AF_06/2014","H","ATRIBUÍDO SÃO PAULO",48.66,"CAIXA REFERENCIAL"]
["CUSTOS HORÁRIOS DE MÁQUINAS E EQUIPAMENTOS","CHOR","COMPOSIÇÕES AUXILIARES","0329","","",89264,"CAMINHÃO TOCO, PBT 16.000 KG, CARGA ÚTIL MÁX. 10.685 KG, DIST. ENTRE EIXOS 4,8 M, POTÊNCIA 189 CV, INCLUSIVE CARROCERIA FIXA ABERTA DE MADEIRA P/ TRANSPORTE GERAL DE CARGA SECA, DIMEN. APROX. 2,5 X 7,00 X 0,50 M - DEPRECIAÇÃO. AF_06/2014","H","ATRIBUÍDO SÃO PAULO",22.42,"CAIXA REFERENCIAL"]
["CUSTOS HORÁRIOS DE MÁQUINAS E EQUIPAMENTOS","CHOR","COMPOSIÇÕES AUXILIARES","0329","","",89265,"CAMINHÃO TOCO, PBT 16.000 KG, CARGA ÚTIL MÁX. 10.685 KG, DIST. ENTRE EIXOS 4,8 M, POTÊNCIA 189 CV, INCLUSIVE CARROCERIA FIXA ABERTA DE MADEIRA P/ TRANSPORTE GERAL DE CARGA SECA, DIMEN. APROX. 2,5 X 7,00 X 0,50 M - JUROS. AF_06/2014","H","ATRIBUÍDO SÃO PAULO",8.9700000000000006,"CAIXA REFERENCIAL"]
["CUSTOS HORÁRIOS DE MÁQUINAS E EQUIPAMENTOS","CHOR","COMPOSIÇÕES AUXILIARES","0329","","",89266,"CAMINHÃO TOCO, PBT 16.000 KG, CARGA ÚTIL MÁX. 10.685 KG, DIST. ENTRE EIXOS 4,8 M, POTÊNCIA 189 CV, INCLUSIVE CARROCERIA FIXA ABERTA DE MADEIRA P/ TRANSPORTE GERAL DE CARGA SECA, DIMEN. APROX. 2,5 X 7,00 X 0,50 M - IMPOSTOS E SEGUROS. AF_06/2014","H","ATRIBUÍDO SÃO PAULO",3.62,"CAIXA REFERENCIAL"]
["CUSTOS HORÁRIOS DE MÁQUINAS E EQUIPAMENTOS","CHOR","COMPOSIÇÕES AUXILIARES","0329","","",89267,"GUINDASTE HIDRÁULICO AUTOPROPELIDO, COM LANÇA TELESCÓPICA 28,80 M, CAPACIDADE MÁXIMA 30 T, POTÊNCIA 97 KW, TRAÇÃO 4 X 4 - DEPRECIAÇÃO. AF_11/2014","H","ATRIBUÍDO SÃO PAULO",50.32,"CAIXA REFERENCIAL"]
["CUSTOS HORÁRIOS DE MÁQUINAS E EQUIPAMENTOS","CHOR","COMPOSIÇÕES AUXILIARES","0329","","",89268,"GUINDASTE HIDRÁULICO AUTOPROPELIDO, COM LANÇA TELESCÓPICA 28,80 M, CAPACIDADE MÁXIMA 30 T, POTÊNCIA 97 KW, TRAÇÃO 4 X 4 - JUROS. AF_11/2014","H","ATRIBUÍDO SÃO PAULO",17.739999999999998,"CAIXA REFERENCIAL"]
["CUSTOS HORÁRIOS DE MÁQUINAS E EQUIPAMENTOS","CHOR","COMPOSIÇÕES AUXILIARES","0329","","",89269,"GUINDASTE HIDRÁULICO AUTOPROPELIDO, COM LANÇA TELESCÓPICA 28,80 M, CAPACIDADE MÁXIMA 30 T, POTÊNCIA 97 KW, TRAÇÃO 4 X 4 - IMPOSTOS E SEGUROS. AF_11/2014","H","ATRIBUÍDO SÃO PAULO",7.17,"CAIXA REFERENCIAL"]
["CUSTOS HORÁRIOS DE MÁQUINAS E EQUIPAMENTOS","CHOR","COMPOSIÇÕES AUXILIARES","0329","","",89270,"GUINDASTE HIDRÁULICO AUTOPROPELIDO, COM LANÇA TELESCÓPICA 28,80 M, CAPACIDADE MÁXIMA 30 T, POTÊNCIA 97 KW, TRAÇÃO 4 X 4 - MANUTENÇÃO. AF_11/2014","H","ATRIBUÍDO SÃO PAULO",80.900000000000006,"CAIXA REFERENCIAL"]
["CUSTOS HORÁRIOS DE MÁQUINAS E EQUIPAMENTOS","CHOR","COMPOSIÇÕES AUXILIARES","0329","","",89271,"GUINDASTE HIDRÁULICO AUTOPROPELIDO, COM LANÇA TELESCÓPICA 28,80 M, CAPACIDADE MÁXIMA 30 T, POTÊNCIA 97 KW, TRAÇÃO 4 X 4 - MATERIAIS NA OPERAÇÃO. AF_11/2014","H","COLETADO",28.76,"CAIXA REFERENCIAL"]
["CUSTOS HORÁRIOS DE MÁQUINAS E EQUIPAMENTOS","CHOR","COMPOSIÇÕES AUXILIARES","0329","","",89274,"BETONEIRA CAPACIDADE NOMINAL DE 600 L, CAPACIDADE DE MISTURA 440 L, MOTOR A DIESEL POTÊNCIA 10 CV, COM CARREGADOR - DEPRECIAÇÃO. AF_05/2023","H","COEFICIENTE DE REPRESENTATIVIDADE",1.72,"CAIXA REFERENCIAL"]
["CUSTOS HORÁRIOS DE MÁQUINAS E EQUIPAMENTOS","CHOR","COMPOSIÇÕES AUXILIARES","0329","","",89275,"BETONEIRA CAPACIDADE NOMINAL DE 600 L, CAPACIDADE DE MISTURA 440 L, MOTOR A DIESEL POTÊNCIA 10 CV, COM CARREGADOR - JUROS. AF_05/2023","H","COEFICIENTE DE REPRESENTATIVIDADE",0.42,"CAIXA REFERENCIAL"]
["CUSTOS HORÁRIOS DE MÁQUINAS E EQUIPAMENTOS","CHOR","COMPOSIÇÕES AUXILIARES","0329","","",89276,"BETONEIRA CAPACIDADE NOMINAL DE 600 L, CAPACIDADE DE MISTURA 440 L, MOTOR A DIESEL POTÊNCIA 10 CV, COM CARREGADOR - MANUTENÇÃO. AF_05/2023","H","COEFICIENTE DE REPRESENTATIVIDADE",2.29,"CAIXA REFERENCIAL"]
["CUSTOS HORÁRIOS DE MÁQUINAS E EQUIPAMENTOS","CHOR","COMPOSIÇÕES AUXILIARES","0329","","",89277,"BETONEIRA CAPACIDADE NOMINAL DE 600 L, CAPACIDADE DE MISTURA 440 L, MOTOR A DIESEL POTÊNCIA 10 CV, COM CARREGADOR - MATERIAIS NA OPERAÇÃO. AF_05/2023","H","COLETADO",8.4,"CAIXA REFERENCIAL"]
["CUSTOS HORÁRIOS DE MÁQUINAS E EQUIPAMENTOS","CHOR","COMPOSIÇÕES AUXILIARES","0329","","",89280,"ROLO COMPACTADOR VIBRATÓRIO TANDEM AÇO LISO, POTÊNCIA 58 HP, PESO SEM/COM LASTRO 6,5 / 9,4 T, LARGURA DE TRABALHO 1,2 M - DEPRECIAÇÃO. AF_06/2014","H","ATRIBUÍDO SÃO PAULO",40.409999999999997,"CAIXA REFERENCIAL"]
["CUSTOS HORÁRIOS DE MÁQUINAS E EQUIPAMENTOS","CHOR","COMPOSIÇÕES AUXILIARES","0329","","",89281,"ROLO COMPACTADOR VIBRATÓRIO TANDEM AÇO LISO, POTÊNCIA 58 HP, PESO SEM/COM LASTRO 6,5 / 9,4 T, LARGURA DE TRABALHO 1,2 M - JUROS. AF_06/2014","H","ATRIBUÍDO SÃO PAULO",10.84,"CAIXA REFERENCIAL"]
["CUSTOS HORÁRIOS DE MÁQUINAS E EQUIPAMENTOS","CHOR","COMPOSIÇÕES AUXILIARES","0329","","",89870,"CAMINHÃO BASCULANTE 14 M3, COM CAVALO MECÂNICO DE CAPACIDADE MÁXIMA DE TRAÇÃO COMBINADO DE 36000 KG, POTÊNCIA 286 CV, INCLUSIVE SEMIREBOQUE COM CAÇAMBA METÁLICA - DEPRECIAÇÃO. AF_12/2014","H","ATRIBUÍDO SÃO PAULO",37.15,"CAIXA REFERENCIAL"]
["CUSTOS HORÁRIOS DE MÁQUINAS E EQUIPAMENTOS","CHOR","COMPOSIÇÕES AUXILIARES","0329","","",89871,"CAMINHÃO BASCULANTE 14 M3, COM CAVALO MECÂNICO DE CAPACIDADE MÁXIMA DE TRAÇÃO COMBINADO DE 36000 KG, POTÊNCIA 286 CV, INCLUSIVE SEMIREBOQUE COM CAÇAMBA METÁLICA - JUROS. AF_12/2014","H","ATRIBUÍDO SÃO PAULO",13.12,"CAIXA REFERENCIAL"]
["CUSTOS HORÁRIOS DE MÁQUINAS E EQUIPAMENTOS","CHOR","COMPOSIÇÕES AUXILIARES","0329","","",89872,"CAMINHÃO BASCULANTE 14 M3, COM CAVALO MECÂNICO DE CAPACIDADE MÁXIMA DE TRAÇÃO COMBINADO DE 36000 KG, POTÊNCIA 286 CV, INCLUSIVE SEMIREBOQUE COM CAÇAMBA METÁLICA - IMPOSTOS E SEGUROS. AF_12/2014","H","ATRIBUÍDO SÃO PAULO",5.29,"CAIXA REFERENCIAL"]
["CUSTOS HORÁRIOS DE MÁQUINAS E EQUIPAMENTOS","CHOR","COMPOSIÇÕES AUXILIARES","0329","","",89873,"CAMINHÃO BASCULANTE 14 M3, COM CAVALO MECÂNICO DE CAPACIDADE MÁXIMA DE TRAÇÃO COMBINADO DE 36000 KG, POTÊNCIA 286 CV, INCLUSIVE SEMIREBOQUE COM CAÇAMBA METÁLICA - MANUTENÇÃO. AF_12/2014","H","ATRIBUÍDO SÃO PAULO",63.72,"CAIXA REFERENCIAL"]
["CUSTOS HORÁRIOS DE MÁQUINAS E EQUIPAMENTOS","CHOR","COMPOSIÇÕES AUXILIARES","0329","","",89874,"CAMINHÃO BASCULANTE 14 M3, COM CAVALO MECÂNICO DE CAPACIDADE MÁXIMA DE TRAÇÃO COMBINADO DE 36000 KG, POTÊNCIA 286 CV, INCLUSIVE SEMIREBOQUE COM CAÇAMBA METÁLICA - MATERIAIS NA OPERAÇÃO. AF_12/2014","H","COLETADO",174.75,"CAIXA REFERENCIAL"]
["CUSTOS HORÁRIOS DE MÁQUINAS E EQUIPAMENTOS","CHOR","COMPOSIÇÕES AUXILIARES","0329","","",89878,"CAMINHÃO BASCULANTE 18 M3, COM CAVALO MECÂNICO DE CAPACIDADE MÁXIMA DE TRAÇÃO COMBINADO DE 45000 KG, POTÊNCIA 330 CV, INCLUSIVE SEMIREBOQUE COM CAÇAMBA METÁLICA - DEPRECIAÇÃO. AF_12/2014","H","ATRIBUÍDO SÃO PAULO",39.71,"CAIXA REFERENCIAL"]
["CUSTOS HORÁRIOS DE MÁQUINAS E EQUIPAMENTOS","CHOR","COMPOSIÇÕES AUXILIARES","0329","","",89879,"CAMINHÃO BASCULANTE 18 M3, COM CAVALO MECÂNICO DE CAPACIDADE MÁXIMA DE TRAÇÃO COMBINADO DE 45000 KG, POTÊNCIA 330 CV, INCLUSIVE SEMIREBOQUE COM CAÇAMBA METÁLICA - JUROS. AF_12/2014","H","ATRIBUÍDO SÃO PAULO",13.79,"CAIXA REFERENCIAL"]
["CUSTOS HORÁRIOS DE MÁQUINAS E EQUIPAMENTOS","CHOR","COMPOSIÇÕES AUXILIARES","0329","","",89880,"CAMINHÃO BASCULANTE 18 M3, COM CAVALO MECÂNICO DE CAPACIDADE MÁXIMA DE TRAÇÃO COMBINADO DE 45000 KG, POTÊNCIA 330 CV, INCLUSIVE SEMIREBOQUE COM CAÇAMBA METÁLICA - IMPOSTOS E SEGUROS. AF_12/2014","H","ATRIBUÍDO SÃO PAULO",5.57,"CAIXA REFERENCIAL"]
["CUSTOS HORÁRIOS DE MÁQUINAS E EQUIPAMENTOS","CHOR","COMPOSIÇÕES AUXILIARES","0329","","",89881,"CAMINHÃO BASCULANTE 18 M3, COM CAVALO MECÂNICO DE CAPACIDADE MÁXIMA DE TRAÇÃO COMBINADO DE 45000 KG, POTÊNCIA 330 CV, INCLUSIVE SEMIREBOQUE COM CAÇAMBA METÁLICA - MANUTENÇÃO. AF_12/2014","H","ATRIBUÍDO SÃO PAULO",67.459999999999994,"CAIXA REFERENCIAL"]
["CUSTOS HORÁRIOS DE MÁQUINAS E EQUIPAMENTOS","CHOR","COMPOSIÇÕES AUXILIARES","0329","","",89882,"CAMINHÃO BASCULANTE 18 M3, COM CAVALO MECÂNICO DE CAPACIDADE MÁXIMA DE TRAÇÃO COMBINADO DE 45000 KG, POTÊNCIA 330 CV, INCLUSIVE SEMIREBOQUE COM CAÇAMBA METÁLICA - MATERIAIS NA OPERAÇÃO. AF_12/2014","H","COLETADO",201.62,"CAIXA REFERENCIAL"]
["CUSTOS HORÁRIOS DE MÁQUINAS E EQUIPAMENTOS","CHOR","COMPOSIÇÕES AUXILIARES","0329","","",90582,"VIBRADOR DE IMERSÃO, DIÂMETRO DE PONTEIRA 45MM, MOTOR ELÉTRICO TRIFÁSICO POTÊNCIA DE 2 CV - DEPRECIAÇÃO. AF_06/2015","H","ATRIBUÍDO SÃO PAULO",0.4,"CAIXA REFERENCIAL"]
["CUSTOS HORÁRIOS DE MÁQUINAS E EQUIPAMENTOS","CHOR","COMPOSIÇÕES AUXILIARES","0329","","",90583,"VIBRADOR DE IMERSÃO, DIÂMETRO DE PONTEIRA 45MM, MOTOR ELÉTRICO TRIFÁSICO POTÊNCIA DE 2 CV - JUROS. AF_06/2015","H","ATRIBUÍDO SÃO PAULO",0.09,"CAIXA REFERENCIAL"]
["CUSTOS HORÁRIOS DE MÁQUINAS E EQUIPAMENTOS","CHOR","COMPOSIÇÕES AUXILIARES","0329","","",90584,"VIBRADOR DE IMERSÃO, DIÂMETRO DE PONTEIRA 45MM, MOTOR ELÉTRICO TRIFÁSICO POTÊNCIA DE 2 CV - MANUTENÇÃO. AF_06/2015","H","ATRIBUÍDO SÃO PAULO",0.32,"CAIXA REFERENCIAL"]
["CUSTOS HORÁRIOS DE MÁQUINAS E EQUIPAMENTOS","CHOR","COMPOSIÇÕES AUXILIARES","0329","","",90585,"VIBRADOR DE IMERSÃO, DIÂMETRO DE PONTEIRA 45MM, MOTOR ELÉTRICO TRIFÁSICO POTÊNCIA DE 2 CV - MATERIAIS NA OPERAÇÃO. AF_06/2015","H","COEFICIENTE DE REPRESENTATIVIDADE",0.5,"CAIXA REFERENCIAL"]
["CUSTOS HORÁRIOS DE MÁQUINAS E EQUIPAMENTOS","CHOR","COMPOSIÇÕES AUXILIARES","0329","","",90621,"PERFURATRIZ MANUAL, TORQUE MÁXIMO 83 N.M, POTÊNCIA 5 CV, COM DIÂMETRO MÁXIMO 4\" - DEPRECIAÇÃO. AF_06/2015","H","COEFICIENTE DE REPRESENTATIVIDADE",1.82,"CAIXA REFERENCIAL"]
["CUSTOS HORÁRIOS DE MÁQUINAS E EQUIPAMENTOS","CHOR","COMPOSIÇÕES AUXILIARES","0329","","",90622,"PERFURATRIZ MANUAL, TORQUE MÁXIMO 83 N.M, POTÊNCIA 5 CV, COM DIÂMETRO MÁXIMO 4\" - JUROS. AF_06/2015","H","COEFICIENTE DE REPRESENTATIVIDADE",0.42,"CAIXA REFERENCIAL"]
["CUSTOS HORÁRIOS DE MÁQUINAS E EQUIPAMENTOS","CHOR","COMPOSIÇÕES AUXILIARES","0329","","",90623,"PERFURATRIZ MANUAL, TORQUE MÁXIMO 83 N.M, POTÊNCIA 5 CV, COM DIÂMETRO MÁXIMO 4\" - MANUTENÇÃO. AF_06/2015","H","COEFICIENTE DE REPRESENTATIVIDADE",2.2799999999999998,"CAIXA REFERENCIAL"]
["CUSTOS HORÁRIOS DE MÁQUINAS E EQUIPAMENTOS","CHOR","COMPOSIÇÕES AUXILIARES","0329","","",90624,"PERFURATRIZ MANUAL, TORQUE MÁXIMO 83 N.M, POTÊNCIA 5 CV, COM DIÂMETRO MÁXIMO 4\" - MATERIAIS NA OPERAÇÃO. AF_06/2015","H","COEFICIENTE DE REPRESENTATIVIDADE",3.06,"CAIXA REFERENCIAL"]
["CUSTOS HORÁRIOS DE MÁQUINAS E EQUIPAMENTOS","CHOR","COMPOSIÇÕES AUXILIARES","0329","","",90627,"PERFURATRIZ SOBRE ESTEIRA, TORQUE MÁXIMO 600 KGF, PESO MÉDIO 1000 KG, POTÊNCIA 20 HP, DIÂMETRO MÁXIMO 10\" - DEPRECIAÇÃO. AF_06/2015","H","COEFICIENTE DE REPRESENTATIVIDADE",47.73,"CAIXA REFERENCIAL"]
["CUSTOS HORÁRIOS DE MÁQUINAS E EQUIPAMENTOS","CHOR","COMPOSIÇÕES AUXILIARES","0329","","",90628,"PERFURATRIZ SOBRE ESTEIRA, TORQUE MÁXIMO 600 KGF, PESO MÉDIO 1000 KG, POTÊNCIA 20 HP, DIÂMETRO MÁXIMO 10\" - JUROS. AF_06/2015","H","COEFICIENTE DE REPRESENTATIVIDADE",12.8,"CAIXA REFERENCIAL"]
["CUSTOS HORÁRIOS DE MÁQUINAS E EQUIPAMENTOS","CHOR","COMPOSIÇÕES AUXILIARES","0329","","",90629,"PERFURATRIZ SOBRE ESTEIRA, TORQUE MÁXIMO 600 KGF, PESO MÉDIO 1000 KG, POTÊNCIA 20 HP, DIÂMETRO MÁXIMO 10\" - MANUTENÇÃO. AF_06/2015","H","COEFICIENTE DE REPRESENTATIVIDADE",59.74,"CAIXA REFERENCIAL"]
["CUSTOS HORÁRIOS DE MÁQUINAS E EQUIPAMENTOS","CHOR","COMPOSIÇÕES AUXILIARES","0329","","",90630,"PERFURATRIZ SOBRE ESTEIRA, TORQUE MÁXIMO 600 KGF, PESO MÉDIO 1000 KG, POTÊNCIA 20 HP, DIÂMETRO MÁXIMO 10\" - MATERIAIS NA OPERAÇÃO. AF_06/2015","H","COEFICIENTE DE REPRESENTATIVIDADE",1.46,"CAIXA REFERENCIAL"]
["CUSTOS HORÁRIOS DE MÁQUINAS E EQUIPAMENTOS","CHOR","COMPOSIÇÕES AUXILIARES","0329","","",90633,"MISTURADOR DUPLO HORIZONTAL DE ALTA TURBULÊNCIA, CAPACIDADE / VOLUME 2 X 500 LITROS, MOTORES ELÉTRICOS MÍNIMO 5 CV CADA, PARA NATA CIMENTO, ARGAMASSA E OUTROS - DEPRECIAÇÃO. AF_06/2015","H","COEFICIENTE DE REPRESENTATIVIDADE",4.6500000000000004,"CAIXA REFERENCIAL"]
["CUSTOS HORÁRIOS DE MÁQUINAS E EQUIPAMENTOS","CHOR","COMPOSIÇÕES AUXILIARES","0329","","",90634,"MISTURADOR DUPLO HORIZONTAL DE ALTA TURBULÊNCIA, CAPACIDADE / VOLUME 2 X 500 LITROS, MOTORES ELÉTRICOS MÍNIMO 5 CV CADA, PARA NATA CIMENTO, ARGAMASSA E OUTROS - JUROS. AF_06/2015","H","COEFICIENTE DE REPRESENTATIVIDADE",1.07,"CAIXA REFERENCIAL"]
["CUSTOS HORÁRIOS DE MÁQUINAS E EQUIPAMENTOS","CHOR","COMPOSIÇÕES AUXILIARES","0329","","",90635,"MISTURADOR DUPLO HORIZONTAL DE ALTA TURBULÊNCIA, CAPACIDADE / VOLUME 2 X 500 LITROS, MOTORES ELÉTRICOS MÍNIMO 5 CV CADA, PARA NATA CIMENTO, ARGAMASSA E OUTROS - MANUTENÇÃO. AF_06/2015","H","COEFICIENTE DE REPRESENTATIVIDADE",5.09,"CAIXA REFERENCIAL"]
["CUSTOS HORÁRIOS DE MÁQUINAS E EQUIPAMENTOS","CHOR","COMPOSIÇÕES AUXILIARES","0329","","",90636,"MISTURADOR DUPLO HORIZONTAL DE ALTA TURBULÊNCIA, CAPACIDADE / VOLUME 2 X 500 LITROS, MOTORES ELÉTRICOS MÍNIMO 5 CV CADA, PARA NATA CIMENTO, ARGAMASSA E OUTROS - MATERIAIS NA OPERAÇÃO. AF_06/2015","H","COEFICIENTE DE REPRESENTATIVIDADE",6.13,"CAIXA REFERENCIAL"]
["CUSTOS HORÁRIOS DE MÁQUINAS E EQUIPAMENTOS","CHOR","COMPOSIÇÕES AUXILIARES","0329","","",90639,"BOMBA TRIPLEX, PARA INJEÇÃO DE NATA DE CIMENTO, VAZÃO MÁXIMA DE 100 LITROS/MINUTO, PRESSÃO MÁXIMA DE 70 BAR - DEPRECIAÇÃO. AF_06/2015","H","COEFICIENTE DE REPRESENTATIVIDADE",6.94,"CAIXA REFERENCIAL"]
["CUSTOS HORÁRIOS DE MÁQUINAS E EQUIPAMENTOS","CHOR","COMPOSIÇÕES AUXILIARES","0329","","",90640,"BOMBA TRIPLEX, PARA INJEÇÃO DE NATA DE CIMENTO, VAZÃO MÁXIMA DE 100 LITROS/MINUTO, PRESSÃO MÁXIMA DE 70 BAR - JUROS. AF_06/2015","H","COEFICIENTE DE REPRESENTATIVIDADE",1.6,"CAIXA REFERENCIAL"]
["CUSTOS HORÁRIOS DE MÁQUINAS E EQUIPAMENTOS","CHOR","COMPOSIÇÕES AUXILIARES","0329","","",90641,"BOMBA TRIPLEX, PARA INJEÇÃO DE NATA DE CIMENTO, VAZÃO MÁXIMA DE 100 LITROS/MINUTO, PRESSÃO MÁXIMA DE 70 BAR - MANUTENÇÃO. AF_06/2015","H","COEFICIENTE DE REPRESENTATIVIDADE",7.6,"CAIXA REFERENCIAL"]
["CUSTOS HORÁRIOS DE MÁQUINAS E EQUIPAMENTOS","CHOR","COMPOSIÇÕES AUXILIARES","0329","","",90642,"BOMBA TRIPLEX, PARA INJEÇÃO DE NATA DE CIMENTO, VAZÃO MÁXIMA DE 100 LITROS/MINUTO, PRESSÃO MÁXIMA DE 70 BAR - MATERIAIS NA OPERAÇÃO. AF_06/2015","H","COLETADO",12.45,"CAIXA REFERENCIAL"]
["CUSTOS HORÁRIOS DE MÁQUINAS E EQUIPAMENTOS","CHOR","COMPOSIÇÕES AUXILIARES","0329","","",90646,"BOMBA CENTRÍFUGA MONOESTÁGIO COM MOTOR ELÉTRICO MONOFÁSICO, POTÊNCIA 15 HP, DIÂMETRO DO ROTOR 173 MM, HM/Q = 30 MCA / 90 M3/H A 45 MCA / 55 M3/H - DEPRECIAÇÃO. AF_06/2015","H","COEFICIENTE DE REPRESENTATIVIDADE",0.68,"CAIXA REFERENCIAL"]
["CUSTOS HORÁRIOS DE MÁQUINAS E EQUIPAMENTOS","CHOR","COMPOSIÇÕES AUXILIARES","0329","","",90647,"BOMBA CENTRÍFUGA MONOESTÁGIO COM MOTOR ELÉTRICO MONOFÁSICO, POTÊNCIA 15 HP, DIÂMETRO DO ROTOR 173 MM, HM/Q = 30 MCA / 90 M3/H A 45 MCA / 55 M3/H - JUROS. AF_06/2015","H","COEFICIENTE DE REPRESENTATIVIDADE",0.15,"CAIXA REFERENCIAL"]
["CUSTOS HORÁRIOS DE MÁQUINAS E EQUIPAMENTOS","CHOR","COMPOSIÇÕES AUXILIARES","0329","","",90648,"BOMBA CENTRÍFUGA MONOESTÁGIO COM MOTOR ELÉTRICO MONOFÁSICO, POTÊNCIA 15 HP, DIÂMETRO DO ROTOR 173 MM, HM/Q = 30 MCA / 90 M3/H A 45 MCA / 55 M3/H - MANUTENÇÃO. AF_06/2015","H","COEFICIENTE DE REPRESENTATIVIDADE",0.74,"CAIXA REFERENCIAL"]
["CUSTOS HORÁRIOS DE MÁQUINAS E EQUIPAMENTOS","CHOR","COMPOSIÇÕES AUXILIARES","0329","","",90649,"BOMBA CENTRÍFUGA MONOESTÁGIO COM MOTOR ELÉTRICO MONOFÁSICO, POTÊNCIA 15 HP, DIÂMETRO DO ROTOR 173 MM, HM/Q = 30 MCA / 90 M3/H A 45 MCA / 55 M3/H - MATERIAIS NA OPERAÇÃO. AF_06/2015","H","COLETADO",9.51,"CAIXA REFERENCIAL"]
["CUSTOS HORÁRIOS DE MÁQUINAS E EQUIPAMENTOS","CHOR","COMPOSIÇÕES AUXILIARES","0329","","",90652,"BOMBA DE PROJEÇÃO DE CONCRETO SECO, POTÊNCIA 10 CV, VAZÃO 3 M3/H - DEPRECIAÇÃO. AF_06/2015","H","COEFICIENTE DE REPRESENTATIVIDADE",4.5199999999999996,"CAIXA REFERENCIAL"]
["CUSTOS HORÁRIOS DE MÁQUINAS E EQUIPAMENTOS","CHOR","COMPOSIÇÕES AUXILIARES","0329","","",90653,"BOMBA DE PROJEÇÃO DE CONCRETO SECO, POTÊNCIA 10 CV, VAZÃO 3 M3/H - JUROS. AF_06/2015","H","COEFICIENTE DE REPRESENTATIVIDADE",1.04,"CAIXA REFERENCIAL"]
["CUSTOS HORÁRIOS DE MÁQUINAS E EQUIPAMENTOS","CHOR","COMPOSIÇÕES AUXILIARES","0329","","",90654,"BOMBA DE PROJEÇÃO DE CONCRETO SECO, POTÊNCIA 10 CV, VAZÃO 3 M3/H - MANUTENÇÃO. AF_06/2015","H","COEFICIENTE DE REPRESENTATIVIDADE",4.9400000000000004,"CAIXA REFERENCIAL"]
["CUSTOS HORÁRIOS DE MÁQUINAS E EQUIPAMENTOS","CHOR","COMPOSIÇÕES AUXILIARES","0329","","",90655,"BOMBA DE PROJEÇÃO DE CONCRETO SECO, POTÊNCIA 10 CV, VAZÃO 3 M3/H - MATERIAIS NA OPERAÇÃO. AF_06/2015","H","COLETADO",6.26,"CAIXA REFERENCIAL"]
["CUSTOS HORÁRIOS DE MÁQUINAS E EQUIPAMENTOS","CHOR","COMPOSIÇÕES AUXILIARES","0329","","",90658,"BOMBA DE PROJEÇÃO DE CONCRETO SECO, POTÊNCIA 10 CV, VAZÃO 6 M3/H - DEPRECIAÇÃO. AF_06/2015","H","COEFICIENTE DE REPRESENTATIVIDADE",4.84,"CAIXA REFERENCIAL"]
["CUSTOS HORÁRIOS DE MÁQUINAS E EQUIPAMENTOS","CHOR","COMPOSIÇÕES AUXILIARES","0329","","",90659,"BOMBA DE PROJEÇÃO DE CONCRETO SECO, POTÊNCIA 10 CV, VAZÃO 6 M3/H - JUROS. AF_06/2015","H","COEFICIENTE DE REPRESENTATIVIDADE",1.1200000000000001,"CAIXA REFERENCIAL"]
["CUSTOS HORÁRIOS DE MÁQUINAS E EQUIPAMENTOS","CHOR","COMPOSIÇÕES AUXILIARES","0329","","",90660,"BOMBA DE PROJEÇÃO DE CONCRETO SECO, POTÊNCIA 10 CV, VAZÃO 6 M3/H - MANUTENÇÃO. AF_06/2015","H","COEFICIENTE DE REPRESENTATIVIDADE",5.3,"CAIXA REFERENCIAL"]
["CUSTOS HORÁRIOS DE MÁQUINAS E EQUIPAMENTOS","CHOR","COMPOSIÇÕES AUXILIARES","0329","","",90661,"BOMBA DE PROJEÇÃO DE CONCRETO SECO, POTÊNCIA 10 CV, VAZÃO 6 M3/H - MATERIAIS NA OPERAÇÃO. AF_06/2015","H","COLETADO",6.26,"CAIXA REFERENCIAL"]
["CUSTOS HORÁRIOS DE MÁQUINAS E EQUIPAMENTOS","CHOR","COMPOSIÇÕES AUXILIARES","0329","","",90664,"PROJETOR PNEUMÁTICO DE ARGAMASSA PARA CHAPISCO E REBOCO COM RECIPIENTE ACOPLADO, TIPO CANEQUINHA, COM COMPRESSOR DE AR REBOCÁVEL VAZÃO 89 PCM E MOTOR DIESEL DE 20 CV - DEPRECIAÇÃO. AF_05/2023","H","ATRIBUÍDO SÃO PAULO",6.9,"CAIXA REFERENCIAL"]
["CUSTOS HORÁRIOS DE MÁQUINAS E EQUIPAMENTOS","CHOR","COMPOSIÇÕES AUXILIARES","0329","","",90665,"PROJETOR PNEUMÁTICO DE ARGAMASSA PARA CHAPISCO E REBOCO COM RECIPIENTE ACOPLADO, TIPO CANEQUINHA, COM COMPRESSOR DE AR REBOCÁVEL VAZÃO 89 PCM E MOTOR DIESEL DE 20 CV - JUROS. AF_05/2023","H","ATRIBUÍDO SÃO PAULO",1.84,"CAIXA REFERENCIAL"]
["CUSTOS HORÁRIOS DE MÁQUINAS E EQUIPAMENTOS","CHOR","COMPOSIÇÕES AUXILIARES","0329","","",90666,"PROJETOR PNEUMÁTICO DE ARGAMASSA PARA CHAPISCO E REBOCO COM RECIPIENTE ACOPLADO, TIPO CANEQUINHA, COM COMPRESSOR DE AR REBOCÁVEL VAZÃO 89 PCM E MOTOR DIESEL DE 20 CV - MANUTENÇÃO. AF_05/2023","H","ATRIBUÍDO SÃO PAULO",9.06,"CAIXA REFERENCIAL"]
["CUSTOS HORÁRIOS DE MÁQUINAS E EQUIPAMENTOS","CHOR","COMPOSIÇÕES AUXILIARES","0329","","",90667,"PROJETOR PNEUMÁTICO DE ARGAMASSA PARA CHAPISCO E REBOCO COM RECIPIENTE ACOPLADO, TIPO CANEQUINHA, COM COMPRESSOR DE AR REBOCÁVEL VAZÃO 89 PCM E MOTOR DIESEL DE 20 CV - MATERIAIS NA OPERAÇÃO. AF_05/2023","H","COLETADO",14.83,"CAIXA REFERENCIAL"]
["CUSTOS HORÁRIOS DE MÁQUINAS E EQUIPAMENTOS","CHOR","COMPOSIÇÕES AUXILIARES","0329","","",90670,"PERFURATRIZ COM TORRE METÁLICA PARA EXECUÇÃO DE ESTACA HÉLICE CONTÍNUA, PROFUNDIDADE MÁXIMA DE 30 M, DIÂMETRO MÁXIMO DE 800 MM, POTÊNCIA INSTALADA DE 268 HP, MESA ROTATIVA COM TORQUE MÁXIMO DE 170 KNM - DEPRECIAÇÃO. AF_06/2015","H","COEFICIENTE DE REPRESENTATIVIDADE",219.08,"CAIXA REFERENCIAL"]
["CUSTOS HORÁRIOS DE MÁQUINAS E EQUIPAMENTOS","CHOR","COMPOSIÇÕES AUXILIARES","0329","","",90671,"PERFURATRIZ COM TORRE METÁLICA PARA EXECUÇÃO DE ESTACA HÉLICE CONTÍNUA, PROFUNDIDADE MÁXIMA DE 30 M, DIÂMETRO MÁXIMO DE 800 MM, POTÊNCIA INSTALADA DE 268 HP, MESA ROTATIVA COM TORQUE MÁXIMO DE 170 KNM - JUROS. AF_06/2015","H","COEFICIENTE DE REPRESENTATIVIDADE",58.77,"CAIXA REFERENCIAL"]
["CUSTOS HORÁRIOS DE MÁQUINAS E EQUIPAMENTOS","CHOR","COMPOSIÇÕES AUXILIARES","0329","","",90672,"PERFURATRIZ COM TORRE METÁLICA PARA EXECUÇÃO DE ESTACA HÉLICE CONTÍNUA, PROFUNDIDADE MÁXIMA DE 30 M, DIÂMETRO MÁXIMO DE 800 MM, POTÊNCIA INSTALADA DE 268 HP, MESA ROTATIVA COM TORQUE MÁXIMO DE 170 KNM - MANUTENÇÃO. AF_06/2015","H","COEFICIENTE DE REPRESENTATIVIDADE",274.16000000000003,"CAIXA REFERENCIAL"]
["CUSTOS HORÁRIOS DE MÁQUINAS E EQUIPAMENTOS","CHOR","COMPOSIÇÕES AUXILIARES","0329","","",90673,"PERFURATRIZ COM TORRE METÁLICA PARA EXECUÇÃO DE ESTACA HÉLICE CONTÍNUA, PROFUNDIDADE MÁXIMA DE 30 M, DIÂMETRO MÁXIMO DE 800 MM, POTÊNCIA INSTALADA DE 268 HP, MESA ROTATIVA COM TORQUE MÁXIMO DE 170 KNM - MATERIAIS NA OPERAÇÃO. AF_06/2015","H","COLETADO",118.54,"CAIXA REFERENCIAL"]
["CUSTOS HORÁRIOS DE MÁQUINAS E EQUIPAMENTOS","CHOR","COMPOSIÇÕES AUXILIARES","0329","","",90676,"PERFURATRIZ HIDRÁULICA SOBRE CAMINHÃO COM TRADO CURTO ACOPLADO, PROFUNDIDADE MÁXIMA DE 20 M, DIÂMETRO MÁXIMO DE 1500 MM, POTÊNCIA INSTALADA DE 137 HP, MESA ROTATIVA COM TORQUE MÁXIMO DE 30 KNM - DEPRECIAÇÃO. AF_06/2015","H","COEFICIENTE DE REPRESENTATIVIDADE",108.22,"CAIXA REFERENCIAL"]
["CUSTOS HORÁRIOS DE MÁQUINAS E EQUIPAMENTOS","CHOR","COMPOSIÇÕES AUXILIARES","0329","","",90677,"PERFURATRIZ HIDRÁULICA SOBRE CAMINHÃO COM TRADO CURTO ACOPLADO, PROFUNDIDADE MÁXIMA DE 20 M, DIÂMETRO MÁXIMO DE 1500 MM, POTÊNCIA INSTALADA DE 137 HP, MESA ROTATIVA COM TORQUE MÁXIMO DE 30 KNM - JUROS. AF_06/2015","H","COEFICIENTE DE REPRESENTATIVIDADE",32.6,"CAIXA REFERENCIAL"]
["CUSTOS HORÁRIOS DE MÁQUINAS E EQUIPAMENTOS","CHOR","COMPOSIÇÕES AUXILIARES","0329","","",90678,"PERFURATRIZ HIDRÁULICA SOBRE CAMINHÃO COM TRADO CURTO ACOPLADO, PROFUNDIDADE MÁXIMA DE 20 M, DIÂMETRO MÁXIMO DE 1500 MM, POTÊNCIA INSTALADA DE 137 HP, MESA ROTATIVA COM TORQUE MÁXIMO DE 30 KNM - MANUTENÇÃO. AF_06/2015","H","COEFICIENTE DE REPRESENTATIVIDADE",150.97,"CAIXA REFERENCIAL"]
["CUSTOS HORÁRIOS DE MÁQUINAS E EQUIPAMENTOS","CHOR","COMPOSIÇÕES AUXILIARES","0329","","",90679,"PERFURATRIZ HIDRÁULICA SOBRE CAMINHÃO COM TRADO CURTO ACOPLADO, PROFUNDIDADE MÁXIMA DE 20 M, DIÂMETRO MÁXIMO DE 1500 MM, POTÊNCIA INSTALADA DE 137 HP, MESA ROTATIVA COM TORQUE MÁXIMO DE 30 KNM - MATERIAIS NA OPERAÇÃO. AF_06/2015","H","COLETADO",90.9,"CAIXA REFERENCIAL"]
["CUSTOS HORÁRIOS DE MÁQUINAS E EQUIPAMENTOS","CHOR","COMPOSIÇÕES AUXILIARES","0329","","",90682,"MANIPULADOR TELESCÓPICO, POTÊNCIA DE 85 HP, CAPACIDADE DE CARGA DE 3.500 KG, ALTURA MÁXIMA DE ELEVAÇÃO DE 12,3 M - DEPRECIAÇÃO. AF_05/2023","H","ATRIBUÍDO SÃO PAULO",30.9,"CAIXA REFERENCIAL"]
["CUSTOS HORÁRIOS DE MÁQUINAS E EQUIPAMENTOS","CHOR","COMPOSIÇÕES AUXILIARES","0329","","",90683,"MANIPULADOR TELESCÓPICO, POTÊNCIA DE 85 HP, CAPACIDADE DE CARGA DE 3.500 KG, ALTURA MÁXIMA DE ELEVAÇÃO DE 12,3 M - JUROS. AF_05/2023","H","ATRIBUÍDO SÃO PAULO",7.62,"CAIXA REFERENCIAL"]
["CUSTOS HORÁRIOS DE MÁQUINAS E EQUIPAMENTOS","CHOR","COMPOSIÇÕES AUXILIARES","0329","","",90684,"MANIPULADOR TELESCÓPICO, POTÊNCIA DE 85 HP, CAPACIDADE DE CARGA DE 3.500 KG, ALTURA MÁXIMA DE ELEVAÇÃO DE 12,3 M - MANUTENÇÃO. AF_05/2023","H","ATRIBUÍDO SÃO PAULO",36.049999999999997,"CAIXA REFERENCIAL"]
["CUSTOS HORÁRIOS DE MÁQUINAS E EQUIPAMENTOS","CHOR","COMPOSIÇÕES AUXILIARES","0329","","",90685,"MANIPULADOR TELESCÓPICO, POTÊNCIA DE 85 HP, CAPACIDADE DE CARGA DE 3.500 KG, ALTURA MÁXIMA DE ELEVAÇÃO DE 12,3 M - MATERIAIS NA OPERAÇÃO. AF_05/2023","H","COLETADO",56.4,"CAIXA REFERENCIAL"]
["CUSTOS HORÁRIOS DE MÁQUINAS E EQUIPAMENTOS","CHOR","COMPOSIÇÕES AUXILIARES","0329","","",90688,"MINICARREGADEIRA SOBRE RODAS, POTÊNCIA LÍQUIDA DE 47 HP, CAPACIDADE NOMINAL DE OPERAÇÃO DE 646 KG - DEPRECIAÇÃO. AF_06/2015","H","ATRIBUÍDO SÃO PAULO",26.56,"CAIXA REFERENCIAL"]
["CUSTOS HORÁRIOS DE MÁQUINAS E EQUIPAMENTOS","CHOR","COMPOSIÇÕES AUXILIARES","0329","","",90689,"MINICARREGADEIRA SOBRE RODAS, POTÊNCIA LÍQUIDA DE 47 HP, CAPACIDADE NOMINAL DE OPERAÇÃO DE 646 KG - JUROS. AF_06/2015","H","ATRIBUÍDO SÃO PAULO",5.24,"CAIXA REFERENCIAL"]
["CUSTOS HORÁRIOS DE MÁQUINAS E EQUIPAMENTOS","CHOR","COMPOSIÇÕES AUXILIARES","0329","","",90690,"MINICARREGADEIRA SOBRE RODAS, POTÊNCIA LÍQUIDA DE 47 HP, CAPACIDADE NOMINAL DE OPERAÇÃO DE 646 KG - MANUTENÇÃO. AF_06/2015","H","ATRIBUÍDO SÃO PAULO",33.200000000000003,"CAIXA REFERENCIAL"]
["CUSTOS HORÁRIOS DE MÁQUINAS E EQUIPAMENTOS","CHOR","COMPOSIÇÕES AUXILIARES","0329","","",90691,"MINICARREGADEIRA SOBRE RODAS, POTÊNCIA LÍQUIDA DE 47 HP, CAPACIDADE NOMINAL DE OPERAÇÃO DE 646 KG - MATERIAIS NA OPERAÇÃO. AF_06/2015","H","COLETADO",39.49,"CAIXA REFERENCIAL"]
["CUSTOS HORÁRIOS DE MÁQUINAS E EQUIPAMENTOS","CHOR","COMPOSIÇÕES AUXILIARES","0329","","",90957,"COMPRESSOR DE AR REBOCÁVEL, VAZÃO 189 PCM, PRESSÃO EFETIVA DE TRABALHO 102 PSI, MOTOR DIESEL, POTÊNCIA 63 CV - DEPRECIAÇÃO. AF_06/2015","H","ATRIBUÍDO SÃO PAULO",5.13,"CAIXA REFERENCIAL"]
["CUSTOS HORÁRIOS DE MÁQUINAS E EQUIPAMENTOS","CHOR","COMPOSIÇÕES AUXILIARES","0329","","",90958,"COMPRESSOR DE AR REBOCÁVEL, VAZÃO 189 PCM, PRESSÃO EFETIVA DE TRABALHO 102 PSI, MOTOR DIESEL, POTÊNCIA 63 CV - JUROS. AF_06/2015","H","ATRIBUÍDO SÃO PAULO",1.37,"CAIXA REFERENCIAL"]
["CUSTOS HORÁRIOS DE MÁQUINAS E EQUIPAMENTOS","CHOR","COMPOSIÇÕES AUXILIARES","0329","","",90960,"COMPRESSOR DE AR REBOCÁVEL, VAZÃO 89 PCM, PRESSÃO EFETIVA DE TRABALHO 102 PSI, MOTOR DIESEL, POTÊNCIA 20 CV - DEPRECIAÇÃO. AF_06/2015","H","ATRIBUÍDO SÃO PAULO",6.85,"CAIXA REFERENCIAL"]
["CUSTOS HORÁRIOS DE MÁQUINAS E EQUIPAMENTOS","CHOR","COMPOSIÇÕES AUXILIARES","0329","","",90961,"COMPRESSOR DE AR REBOCÁVEL, VAZÃO 89 PCM, PRESSÃO EFETIVA DE TRABALHO 102 PSI, MOTOR DIESEL, POTÊNCIA 20 CV - JUROS. AF_06/2015","H","ATRIBUÍDO SÃO PAULO",1.84,"CAIXA REFERENCIAL"]
["CUSTOS HORÁRIOS DE MÁQUINAS E EQUIPAMENTOS","CHOR","COMPOSIÇÕES AUXILIARES","0329","","",90962,"COMPRESSOR DE AR REBOCÁVEL, VAZÃO 89 PCM, PRESSÃO EFETIVA DE TRABALHO 102 PSI, MOTOR DIESEL, POTÊNCIA 20 CV - MANUTENÇÃO. AF_06/2015","H","ATRIBUÍDO SÃO PAULO",8.58,"CAIXA REFERENCIAL"]
["CUSTOS HORÁRIOS DE MÁQUINAS E EQUIPAMENTOS","CHOR","COMPOSIÇÕES AUXILIARES","0329","","",90963,"COMPRESSOR DE AR REBOCÁVEL, VAZÃO 89 PCM, PRESSÃO EFETIVA DE TRABALHO 102 PSI, MOTOR DIESEL, POTÊNCIA 20 CV - MATERIAIS NA OPERAÇÃO. AF_06/2015","H","COLETADO",14.82,"CAIXA REFERENCIAL"]
["CUSTOS HORÁRIOS DE MÁQUINAS E EQUIPAMENTOS","CHOR","COMPOSIÇÕES AUXILIARES","0329","","",90968,"COMPRESSOR DE AR REBOCAVEL, VAZÃO 250 PCM, PRESSAO DE TRABALHO 102 PSI, MOTOR A DIESEL POTÊNCIA 81 CV - DEPRECIAÇÃO. AF_06/2015","H","ATRIBUÍDO SÃO PAULO",6.87,"CAIXA REFERENCIAL"]
["CUSTOS HORÁRIOS DE MÁQUINAS E EQUIPAMENTOS","CHOR","COMPOSIÇÕES AUXILIARES","0329","","",90969,"COMPRESSOR DE AR REBOCAVEL, VAZÃO 250 PCM, PRESSAO DE TRABALHO 102 PSI, MOTOR A DIESEL POTÊNCIA 81 CV - JUROS. AF_06/2015","H","ATRIBUÍDO SÃO PAULO",1.84,"CAIXA REFERENCIAL"]
["CUSTOS HORÁRIOS DE MÁQUINAS E EQUIPAMENTOS","CHOR","COMPOSIÇÕES AUXILIARES","0329","","",90970,"COMPRESSOR DE AR REBOCAVEL, VAZÃO 250 PCM, PRESSAO DE TRABALHO 102 PSI, MOTOR A DIESEL POTÊNCIA 81 CV - MANUTENÇÃO. AF_06/2015","H","ATRIBUÍDO SÃO PAULO",8.6,"CAIXA REFERENCIAL"]
["CUSTOS HORÁRIOS DE MÁQUINAS E EQUIPAMENTOS","CHOR","COMPOSIÇÕES AUXILIARES","0329","","",90971,"COMPRESSOR DE AR REBOCAVEL, VAZÃO 250 PCM, PRESSAO DE TRABALHO 102 PSI, MOTOR A DIESEL POTÊNCIA 81 CV - MATERIAIS NA OPERAÇÃO. AF_06/2015","H","COLETADO",60.07,"CAIXA REFERENCIAL"]
["CUSTOS HORÁRIOS DE MÁQUINAS E EQUIPAMENTOS","CHOR","COMPOSIÇÕES AUXILIARES","0329","","",90975,"COMPRESSOR DE AR REBOCÁVEL, VAZÃO 748 PCM, PRESSÃO EFETIVA DE TRABALHO 102 PSI, MOTOR DIESEL, POTÊNCIA 210 CV - DEPRECIAÇÃO. AF_06/2015","H","ATRIBUÍDO SÃO PAULO",17.46,"CAIXA REFERENCIAL"]
["CUSTOS HORÁRIOS DE MÁQUINAS E EQUIPAMENTOS","CHOR","COMPOSIÇÕES AUXILIARES","0329","","",90976,"COMPRESSOR DE AR REBOCÁVEL, VAZÃO 748 PCM, PRESSÃO EFETIVA DE TRABALHO 102 PSI, MOTOR DIESEL, POTÊNCIA 210 CV - JUROS. AF_06/2015","H","ATRIBUÍDO SÃO PAULO",4.68,"CAIXA REFERENCIAL"]
["CUSTOS HORÁRIOS DE MÁQUINAS E EQUIPAMENTOS","CHOR","COMPOSIÇÕES AUXILIARES","0329","","",90977,"COMPRESSOR DE AR REBOCÁVEL, VAZÃO 748 PCM, PRESSÃO EFETIVA DE TRABALHO 102 PSI, MOTOR DIESEL, POTÊNCIA 210 CV - MANUTENÇÃO. AF_06/2015","H","ATRIBUÍDO SÃO PAULO",21.85,"CAIXA REFERENCIAL"]
["CUSTOS HORÁRIOS DE MÁQUINAS E EQUIPAMENTOS","CHOR","COMPOSIÇÕES AUXILIARES","0329","","",90978,"COMPRESSOR DE AR REBOCÁVEL, VAZÃO 748 PCM, PRESSÃO EFETIVA DE TRABALHO 102 PSI, MOTOR DIESEL, POTÊNCIA 210 CV - MATERIAIS NA OPERAÇÃO. AF_06/2015","H","COLETADO",155.84,"CAIXA REFERENCIAL"]
["CUSTOS HORÁRIOS DE MÁQUINAS E EQUIPAMENTOS","CHOR","COMPOSIÇÕES AUXILIARES","0329","","",90992,"COMPRESSOR DE AR REBOCAVEL, VAZÃO 400 PCM, PRESSAO DE TRABALHO 102 PSI, MOTOR A DIESEL POTÊNCIA 110 CV - DEPRECIAÇÃO. AF_06/2015","H","ATRIBUÍDO SÃO PAULO",8.15,"CAIXA REFERENCIAL"]
["CUSTOS HORÁRIOS DE MÁQUINAS E EQUIPAMENTOS","CHOR","COMPOSIÇÕES AUXILIARES","0329","","",90993,"COMPRESSOR DE AR REBOCAVEL, VAZÃO 400 PCM, PRESSAO DE TRABALHO 102 PSI, MOTOR A DIESEL POTÊNCIA 110 CV - JUROS. AF_06/2015","H","ATRIBUÍDO SÃO PAULO",2.1800000000000002,"CAIXA REFERENCIAL"]
["CUSTOS HORÁRIOS DE MÁQUINAS E EQUIPAMENTOS","CHOR","COMPOSIÇÕES AUXILIARES","0329","","",90994,"COMPRESSOR DE AR REBOCAVEL, VAZÃO 400 PCM, PRESSAO DE TRABALHO 102 PSI, MOTOR A DIESEL POTÊNCIA 110 CV - MANUTENÇÃO. AF_06/2015","H","ATRIBUÍDO SÃO PAULO",10.199999999999999,"CAIXA REFERENCIAL"]
["CUSTOS HORÁRIOS DE MÁQUINAS E EQUIPAMENTOS","CHOR","COMPOSIÇÕES AUXILIARES","0329","","",90995,"COMPRESSOR DE AR REBOCAVEL, VAZÃO 400 PCM, PRESSAO DE TRABALHO 102 PSI, MOTOR A DIESEL POTÊNCIA 110 CV - MATERIAIS NA OPERAÇÃO. AF_06/2015","H","COLETADO",81.59,"CAIXA REFERENCIAL"]
["CUSTOS HORÁRIOS DE MÁQUINAS E EQUIPAMENTOS","CHOR","COMPOSIÇÕES AUXILIARES","0329","","",91021,"PERFURATRIZ HIDRÁULICA SOBRE CAMINHÃO COM TRADO CURTO ACOPLADO, PROFUNDIDADE MÁXIMA DE 20 M, DIÂMETRO MÁXIMO DE 1500 MM, POTÊNCIA INSTALADA DE 137 HP, MESA ROTATIVA COM TORQUE MÁXIMO DE 30 KNM - IMPOSTOS E SEGUROS. AF_06/2015","H","COEFICIENTE DE REPRESENTATIVIDADE",13.2,"CAIXA REFERENCIAL"]
["CUSTOS HORÁRIOS DE MÁQUINAS E EQUIPAMENTOS","CHOR","COMPOSIÇÕES AUXILIARES","0329","","",91026,"CAMINHÃO TRUCADO (C/ TERCEIRO EIXO) ELETRÔNICO - POTÊNCIA 231CV - PBT = 22000KG - DIST. ENTRE EIXOS 5170 MM - INCLUI CARROCERIA FIXA ABERTA DE MADEIRA - DEPRECIAÇÃO. AF_06/2015","H","ATRIBUÍDO SÃO PAULO",26.37,"CAIXA REFERENCIAL"]
["CUSTOS HORÁRIOS DE MÁQUINAS E EQUIPAMENTOS","CHOR","COMPOSIÇÕES AUXILIARES","0329","","",91027,"CAMINHÃO TRUCADO (C/ TERCEIRO EIXO) ELETRÔNICO - POTÊNCIA 231CV - PBT = 22000KG - DIST. ENTRE EIXOS 5170 MM - INCLUI CARROCERIA FIXA ABERTA DE MADEIRA - JUROS. AF_06/2015","H","ATRIBUÍDO SÃO PAULO",10.61,"CAIXA REFERENCIAL"]
["CUSTOS HORÁRIOS DE MÁQUINAS E EQUIPAMENTOS","CHOR","COMPOSIÇÕES AUXILIARES","0329","","",91028,"CAMINHÃO TRUCADO (C/ TERCEIRO EIXO) ELETRÔNICO - POTÊNCIA 231CV - PBT = 22000KG - DIST. ENTRE EIXOS 5170 MM - INCLUI CARROCERIA FIXA ABERTA DE MADEIRA - IMPOSTOS E SEGUROS. AF_06/2015","H","ATRIBUÍDO SÃO PAULO",4.28,"CAIXA REFERENCIAL"]
["CUSTOS HORÁRIOS DE MÁQUINAS E EQUIPAMENTOS","CHOR","COMPOSIÇÕES AUXILIARES","0329","","",91029,"CAMINHÃO TRUCADO (C/ TERCEIRO EIXO) ELETRÔNICO - POTÊNCIA 231CV - PBT = 22000KG - DIST. ENTRE EIXOS 5170 MM - INCLUI CARROCERIA FIXA ABERTA DE MADEIRA - MANUTENÇÃO. AF_06/2015","H","ATRIBUÍDO SÃO PAULO",48.53,"CAIXA REFERENCIAL"]
["CUSTOS HORÁRIOS DE MÁQUINAS E EQUIPAMENTOS","CHOR","COMPOSIÇÕES AUXILIARES","0329","","",91030,"CAMINHÃO TRUCADO (C/ TERCEIRO EIXO) ELETRÔNICO - POTÊNCIA 231CV - PBT = 22000KG - DIST. ENTRE EIXOS 5170 MM - INCLUI CARROCERIA FIXA ABERTA DE MADEIRA - MATERIAIS NA OPERAÇÃO. AF_06/2015","H","COLETADO",145.4,"CAIXA REFERENCIAL"]
["CUSTOS HORÁRIOS DE MÁQUINAS E EQUIPAMENTOS","CHOR","COMPOSIÇÕES AUXILIARES","0329","","",91273,"PLACA VIBRATÓRIA REVERSÍVEL COM MOTOR 4 TEMPOS A GASOLINA, FORÇA CENTRÍFUGA DE 25 KN (2500 KGF), POTÊNCIA 5,5 CV - DEPRECIAÇÃO. AF_08/2015","H","ATRIBUÍDO SÃO PAULO",0.51,"CAIXA REFERENCIAL"]
["CUSTOS HORÁRIOS DE MÁQUINAS E EQUIPAMENTOS","CHOR","COMPOSIÇÕES AUXILIARES","0329","","",91274,"PLACA VIBRATÓRIA REVERSÍVEL COM MOTOR 4 TEMPOS A GASOLINA, FORÇA CENTRÍFUGA DE 25 KN (2500 KGF), POTÊNCIA 5,5 CV - JUROS. AF_08/2015","H","ATRIBUÍDO SÃO PAULO",0.13,"CAIXA REFERENCIAL"]
["CUSTOS HORÁRIOS DE MÁQUINAS E EQUIPAMENTOS","CHOR","COMPOSIÇÕES AUXILIARES","0329","","",91275,"PLACA VIBRATÓRIA REVERSÍVEL COM MOTOR 4 TEMPOS A GASOLINA, FORÇA CENTRÍFUGA DE 25 KN (2500 KGF), POTÊNCIA 5,5 CV - MANUTENÇÃO. AF_08/2015","H","ATRIBUÍDO SÃO PAULO",0.64,"CAIXA REFERENCIAL"]
["CUSTOS HORÁRIOS DE MÁQUINAS E EQUIPAMENTOS","CHOR","COMPOSIÇÕES AUXILIARES","0329","","",91276,"PLACA VIBRATÓRIA REVERSÍVEL COM MOTOR 4 TEMPOS A GASOLINA, FORÇA CENTRÍFUGA DE 25 KN (2500 KGF), POTÊNCIA 5,5 CV - MATERIAIS NA OPERAÇÃO. AF_08/2015","H","COLETADO",8.17,"CAIXA REFERENCIAL"]
["CUSTOS HORÁRIOS DE MÁQUINAS E EQUIPAMENTOS","CHOR","COMPOSIÇÕES AUXILIARES","0329","","",91279,"CORTADORA DE PISO COM MOTOR 4 TEMPOS A GASOLINA, POTÊNCIA DE 13 HP, COM DISCO DE CORTE DIAMANTADO SEGMENTADO PARA CONCRETO, DIÂMETRO DE 350 MM, FURO DE 1\" (14 X 1\") - DEPRECIAÇÃO. AF_08/2015","H","COEFICIENTE DE REPRESENTATIVIDADE",0.7,"CAIXA REFERENCIAL"]
["CUSTOS HORÁRIOS DE MÁQUINAS E EQUIPAMENTOS","CHOR","COMPOSIÇÕES AUXILIARES","0329","","",91280,"CORTADORA DE PISO COM MOTOR 4 TEMPOS A GASOLINA, POTÊNCIA DE 13 HP, COM DISCO DE CORTE DIAMANTADO SEGMENTADO PARA CONCRETO, DIÂMETRO DE 350 MM, FURO DE 1\" (14 X 1\") - JUROS. AF_08/2015","H","COEFICIENTE DE REPRESENTATIVIDADE",0.15,"CAIXA REFERENCIAL"]
["CUSTOS HORÁRIOS DE MÁQUINAS E EQUIPAMENTOS","CHOR","COMPOSIÇÕES AUXILIARES","0329","","",91281,"CORTADORA DE PISO COM MOTOR 4 TEMPOS A GASOLINA, POTÊNCIA DE 13 HP, COM DISCO DE CORTE DIAMANTADO SEGMENTADO PARA CONCRETO, DIÂMETRO DE 350 MM, FURO DE 1\" (14 X 1\") - MANUTENÇÃO. AF_08/2015","H","COEFICIENTE DE REPRESENTATIVIDADE",0.87,"CAIXA REFERENCIAL"]
["CUSTOS HORÁRIOS DE MÁQUINAS E EQUIPAMENTOS","CHOR","COMPOSIÇÕES AUXILIARES","0329","","",91282,"CORTADORA DE PISO COM MOTOR 4 TEMPOS A GASOLINA, POTÊNCIA DE 13 HP, COM DISCO DE CORTE DIAMANTADO SEGMENTADO PARA CONCRETO, DIÂMETRO DE 350 MM, FURO DE 1\" (14 X 1\") - MATERIAIS NA OPERAÇÃO. AF_08/2015","H","COLETADO",8.23,"CAIXA REFERENCIAL"]
["CUSTOS HORÁRIOS DE MÁQUINAS E EQUIPAMENTOS","CHOR","COMPOSIÇÕES AUXILIARES","0329","","",91354,"CAMINHÃO TOCO, PESO BRUTO TOTAL 14.300 KG, CARGA ÚTIL MÁXIMA 9590 KG, DISTÂNCIA ENTRE EIXOS 4,76 M, POTÊNCIA 185 CV (NÃO INCLUI CARROCERIA) - DEPRECIAÇÃO. AF_06/2014","H","COEFICIENTE DE REPRESENTATIVIDADE",18.97,"CAIXA REFERENCIAL"]
["CUSTOS HORÁRIOS DE MÁQUINAS E EQUIPAMENTOS","CHOR","COMPOSIÇÕES AUXILIARES","0329","","",91355,"CAMINHÃO TOCO, PESO BRUTO TOTAL 14.300 KG, CARGA ÚTIL MÁXIMA 9590 KG, DISTÂNCIA ENTRE EIXOS 4,76 M, POTÊNCIA 185 CV (NÃO INCLUI CARROCERIA) - JUROS. AF_06/2014","H","COEFICIENTE DE REPRESENTATIVIDADE",7.79,"CAIXA REFERENCIAL"]
["CUSTOS HORÁRIOS DE MÁQUINAS E EQUIPAMENTOS","CHOR","COMPOSIÇÕES AUXILIARES","0329","","",91356,"CAMINHÃO TOCO, PESO BRUTO TOTAL 14.300 KG, CARGA ÚTIL MÁXIMA 9590 KG, DISTÂNCIA ENTRE EIXOS 4,76 M, POTÊNCIA 185 CV (NÃO INCLUI CARROCERIA) - IMPOSTOS E SEGUROS. AF_06/2014","H","COEFICIENTE DE REPRESENTATIVIDADE",3.15,"CAIXA REFERENCIAL"]
["CUSTOS HORÁRIOS DE MÁQUINAS E EQUIPAMENTOS","CHOR","COMPOSIÇÕES AUXILIARES","0329","","",91359,"CAMINHÃO PIPA 6.000 L, PESO BRUTO TOTAL 13.000 KG, DISTÂNCIA ENTRE EIXOS 4,80 M, POTÊNCIA 189 CV INCLUSIVE TANQUE DE AÇO PARA TRANSPORTE DE ÁGUA, CAPACIDADE 6 M3 - DEPRECIAÇÃO. AF_06/2014","H","ATRIBUÍDO SÃO PAULO",22.18,"CAIXA REFERENCIAL"]
["CUSTOS HORÁRIOS DE MÁQUINAS E EQUIPAMENTOS","CHOR","COMPOSIÇÕES AUXILIARES","0329","","",91360,"CAMINHÃO PIPA 6.000 L, PESO BRUTO TOTAL 13.000 KG, DISTÂNCIA ENTRE EIXOS 4,80 M, POTÊNCIA 189 CV INCLUSIVE TANQUE DE AÇO PARA TRANSPORTE DE ÁGUA, CAPACIDADE 6 M3 - JUROS. AF_06/2014","H","ATRIBUÍDO SÃO PAULO",8.5399999999999991,"CAIXA REFERENCIAL"]
["CUSTOS HORÁRIOS DE MÁQUINAS E EQUIPAMENTOS","CHOR","COMPOSIÇÕES AUXILIARES","0329","","",91361,"CAMINHÃO PIPA 6.000 L, PESO BRUTO TOTAL 13.000 KG, DISTÂNCIA ENTRE EIXOS 4,80 M, POTÊNCIA 189 CV INCLUSIVE TANQUE DE AÇO PARA TRANSPORTE DE ÁGUA, CAPACIDADE 6 M3 - IMPOSTOS E SEGUROS. AF_06/2014","H","ATRIBUÍDO SÃO PAULO",3.44,"CAIXA REFERENCIAL"]
["CUSTOS HORÁRIOS DE MÁQUINAS E EQUIPAMENTOS","CHOR","COMPOSIÇÕES AUXILIARES","0329","","",91367,"CAMINHÃO BASCULANTE 6 M3, PESO BRUTO TOTAL 16.000 KG, CARGA ÚTIL MÁXIMA 13.071 KG, DISTÂNCIA ENTRE EIXOS 4,80 M, POTÊNCIA 230 CV INCLUSIVE CAÇAMBA METÁLICA - DEPRECIAÇÃO. AF_06/2014","H","ATRIBUÍDO SÃO PAULO",23.25,"CAIXA REFERENCIAL"]
["CUSTOS HORÁRIOS DE MÁQUINAS E EQUIPAMENTOS","CHOR","COMPOSIÇÕES AUXILIARES","0329","","",91368,"CAMINHÃO BASCULANTE 6 M3, PESO BRUTO TOTAL 16.000 KG, CARGA ÚTIL MÁXIMA 13.071 KG, DISTÂNCIA ENTRE EIXOS 4,80 M, POTÊNCIA 230 CV INCLUSIVE CAÇAMBA METÁLICA - JUROS. AF_06/2014","H","ATRIBUÍDO SÃO PAULO",9.02,"CAIXA REFERENCIAL"]
["CUSTOS HORÁRIOS DE MÁQUINAS E EQUIPAMENTOS","CHOR","COMPOSIÇÕES AUXILIARES","0329","","",91369,"CAMINHÃO BASCULANTE 6 M3, PESO BRUTO TOTAL 16.000 KG, CARGA ÚTIL MÁXIMA 13.071 KG, DISTÂNCIA ENTRE EIXOS 4,80 M, POTÊNCIA 230 CV INCLUSIVE CAÇAMBA METÁLICA - IMPOSTOS E SEGUROS. AF_06/2014","H","ATRIBUÍDO SÃO PAULO",3.64,"CAIXA REFERENCIAL"]
["CUSTOS HORÁRIOS DE MÁQUINAS E EQUIPAMENTOS","CHOR","COMPOSIÇÕES AUXILIARES","0329","","",91375,"CAMINHÃO TOCO, PESO BRUTO TOTAL 16.000 KG, CARGA ÚTIL MÁXIMA DE 10.685 KG, DISTÂNCIA ENTRE EIXOS 4,80 M, POTÊNCIA 189 CV EXCLUSIVE CARROCERIA - DEPRECIAÇÃO. AF_06/2014","H","COEFICIENTE DE REPRESENTATIVIDADE",20.83,"CAIXA REFERENCIAL"]
["CUSTOS HORÁRIOS DE MÁQUINAS E EQUIPAMENTOS","CHOR","COMPOSIÇÕES AUXILIARES","0329","","",91376,"CAMINHÃO TOCO, PESO BRUTO TOTAL 16.000 KG, CARGA ÚTIL MÁXIMA DE 10.685 KG, DISTÂNCIA ENTRE EIXOS 4,80 M, POTÊNCIA 189 CV EXCLUSIVE CARROCERIA - JUROS. AF_06/2014","H","COEFICIENTE DE REPRESENTATIVIDADE",8.56,"CAIXA REFERENCIAL"]
["CUSTOS HORÁRIOS DE MÁQUINAS E EQUIPAMENTOS","CHOR","COMPOSIÇÕES AUXILIARES","0329","","",91377,"CAMINHÃO TOCO, PESO BRUTO TOTAL 16.000 KG, CARGA ÚTIL MÁXIMA DE 10.685 KG, DISTÂNCIA ENTRE EIXOS 4,80 M, POTÊNCIA 189 CV EXCLUSIVE CARROCERIA - IMPOSTOS E SEGUROS. AF_06/2014","H","COEFICIENTE DE REPRESENTATIVIDADE",3.46,"CAIXA REFERENCIAL"]
["CUSTOS HORÁRIOS DE MÁQUINAS E EQUIPAMENTOS","CHOR","COMPOSIÇÕES AUXILIARES","0329","","",91380,"CAMINHÃO BASCULANTE 10 M3, TRUCADO CABINE SIMPLES, PESO BRUTO TOTAL 23.000 KG, CARGA ÚTIL MÁXIMA 15.935 KG, DISTÂNCIA ENTRE EIXOS 4,80 M, POTÊNCIA 230 CV INCLUSIVE CAÇAMBA METÁLICA - DEPRECIAÇÃO. AF_06/2014","H","ATRIBUÍDO SÃO PAULO",30.58,"CAIXA REFERENCIAL"]
["CUSTOS HORÁRIOS DE MÁQUINAS E EQUIPAMENTOS","CHOR","COMPOSIÇÕES AUXILIARES","0329","","",91381,"CAMINHÃO BASCULANTE 10 M3, TRUCADO CABINE SIMPLES, PESO BRUTO TOTAL 23.000 KG, CARGA ÚTIL MÁXIMA 15.935 KG, DISTÂNCIA ENTRE EIXOS 4,80 M, POTÊNCIA 230 CV INCLUSIVE CAÇAMBA METÁLICA - JUROS. AF_06/2014","H","ATRIBUÍDO SÃO PAULO",11.86,"CAIXA REFERENCIAL"]
["CUSTOS HORÁRIOS DE MÁQUINAS E EQUIPAMENTOS","CHOR","COMPOSIÇÕES AUXILIARES","0329","","",91382,"CAMINHÃO BASCULANTE 10 M3, TRUCADO CABINE SIMPLES, PESO BRUTO TOTAL 23.000 KG, CARGA ÚTIL MÁXIMA 15.935 KG, DISTÂNCIA ENTRE EIXOS 4,80 M, POTÊNCIA 230 CV INCLUSIVE CAÇAMBA METÁLICA - IMPOSTOS E SEGUROS. AF_06/2014","H","ATRIBUÍDO SÃO PAULO",4.79,"CAIXA REFERENCIAL"]
["CUSTOS HORÁRIOS DE MÁQUINAS E EQUIPAMENTOS","CHOR","COMPOSIÇÕES AUXILIARES","0329","","",91383,"CAMINHÃO BASCULANTE 10 M3, TRUCADO CABINE SIMPLES, PESO BRUTO TOTAL 23.000 KG, CARGA ÚTIL MÁXIMA 15.935 KG, DISTÂNCIA ENTRE EIXOS 4,80 M, POTÊNCIA 230 CV INCLUSIVE CAÇAMBA METÁLICA - MANUTENÇÃO. AF_06/2014","H","ATRIBUÍDO SÃO PAULO",55.35,"CAIXA REFERENCIAL"]
["CUSTOS HORÁRIOS DE MÁQUINAS E EQUIPAMENTOS","CHOR","COMPOSIÇÕES AUXILIARES","0329","","",91384,"CAMINHÃO BASCULANTE 10 M3, TRUCADO CABINE SIMPLES, PESO BRUTO TOTAL 23.000 KG, CARGA ÚTIL MÁXIMA 15.935 KG, DISTÂNCIA ENTRE EIXOS 4,80 M, POTÊNCIA 230 CV INCLUSIVE CAÇAMBA METÁLICA - MATERIAIS NA OPERAÇÃO. AF_06/2014","H","COLETADO",140.54,"CAIXA REFERENCIAL"]
["CUSTOS HORÁRIOS DE MÁQUINAS E EQUIPAMENTOS","CHOR","COMPOSIÇÕES AUXILIARES","0329","","",91390,"CAMINHÃO TOCO, PBT 14.300 KG, CARGA ÚTIL MÁX. 9.710 KG, DIST. ENTRE EIXOS 3,56 M, POTÊNCIA 185 CV, INCLUSIVE CARROCERIA FIXA ABERTA DE MADEIRA P/ TRANSPORTE GERAL DE CARGA SECA, DIMEN. APROX. 2,50 X 6,50 X 0,50 M - DEPRECIAÇÃO. AF_06/2014","H","ATRIBUÍDO SÃO PAULO",20.45,"CAIXA REFERENCIAL"]
["CUSTOS HORÁRIOS DE MÁQUINAS E EQUIPAMENTOS","CHOR","COMPOSIÇÕES AUXILIARES","0329","","",91391,"CAMINHÃO TOCO, PBT 14.300 KG, CARGA ÚTIL MÁX. 9.710 KG, DIST. ENTRE EIXOS 3,56 M, POTÊNCIA 185 CV, INCLUSIVE CARROCERIA FIXA ABERTA DE MADEIRA P/ TRANSPORTE GERAL DE CARGA SECA, DIMEN. APROX. 2,50 X 6,50 X 0,50 M - JUROS. AF_06/2014","H","ATRIBUÍDO SÃO PAULO",8.17,"CAIXA REFERENCIAL"]
["CUSTOS HORÁRIOS DE MÁQUINAS E EQUIPAMENTOS","CHOR","COMPOSIÇÕES AUXILIARES","0329","","",91392,"CAMINHÃO TOCO, PBT 14.300 KG, CARGA ÚTIL MÁX. 9.710 KG, DIST. ENTRE EIXOS 3,56 M, POTÊNCIA 185 CV, INCLUSIVE CARROCERIA FIXA ABERTA DE MADEIRA P/ TRANSPORTE GERAL DE CARGA SECA, DIMEN. APROX. 2,50 X 6,50 X 0,50 M - IMPOSTOS E SEGUROS. AF_06/2014","H","ATRIBUÍDO SÃO PAULO",3.3,"CAIXA REFERENCIAL"]
["CUSTOS HORÁRIOS DE MÁQUINAS E EQUIPAMENTOS","CHOR","COMPOSIÇÕES AUXILIARES","0329","","",91396,"CAMINHÃO PIPA 10.000 L TRUCADO, PESO BRUTO TOTAL 23.000 KG, CARGA ÚTIL MÁXIMA 15.935 KG, DISTÂNCIA ENTRE EIXOS 4,8 M, POTÊNCIA 230 CV, INCLUSIVE TANQUE DE AÇO PARA TRANSPORTE DE ÁGUA - DEPRECIAÇÃO. AF_06/2014","H","ATRIBUÍDO SÃO PAULO",30.84,"CAIXA REFERENCIAL"]
["CUSTOS HORÁRIOS DE MÁQUINAS E EQUIPAMENTOS","CHOR","COMPOSIÇÕES AUXILIARES","0329","","",91397,"CAMINHÃO PIPA 10.000 L TRUCADO, PESO BRUTO TOTAL 23.000 KG, CARGA ÚTIL MÁXIMA 15.935 KG, DISTÂNCIA ENTRE EIXOS 4,8 M, POTÊNCIA 230 CV, INCLUSIVE TANQUE DE AÇO PARA TRANSPORTE DE ÁGUA - JUROS. AF_06/2014","H","ATRIBUÍDO SÃO PAULO",11.99,"CAIXA REFERENCIAL"]
["CUSTOS HORÁRIOS DE MÁQUINAS E EQUIPAMENTOS","CHOR","COMPOSIÇÕES AUXILIARES","0329","","",91398,"CAMINHÃO PIPA 10.000 L TRUCADO, PESO BRUTO TOTAL 23.000 KG, CARGA ÚTIL MÁXIMA 15.935 KG, DISTÂNCIA ENTRE EIXOS 4,8 M, POTÊNCIA 230 CV, INCLUSIVE TANQUE DE AÇO PARA TRANSPORTE DE ÁGUA - IMPOSTOS E SEGUROS. AF_06/2014","H","ATRIBUÍDO SÃO PAULO",4.84,"CAIXA REFERENCIAL"]
["CUSTOS HORÁRIOS DE MÁQUINAS E EQUIPAMENTOS","CHOR","COMPOSIÇÕES AUXILIARES","0329","","",91402,"CAMINHÃO BASCULANTE 6 M3 TOCO, PESO BRUTO TOTAL 16.000 KG, CARGA ÚTIL MÁXIMA 11.130 KG, DISTÂNCIA ENTRE EIXOS 5,36 M, POTÊNCIA 185 CV, INCLUSIVE CAÇAMBA METÁLICA - IMPOSTOS E SEGUROS. AF_06/2014","H","ATRIBUÍDO SÃO PAULO",3.78,"CAIXA REFERENCIAL"]
["CUSTOS HORÁRIOS DE MÁQUINAS E EQUIPAMENTOS","CHOR","COMPOSIÇÕES AUXILIARES","0329","","",91466,"GUINDAUTO HIDRÁULICO, CAPACIDADE MÁXIMA DE CARGA 6200 KG, MOMENTO MÁXIMO DE CARGA 11,7 TM, ALCANCE MÁXIMO HORIZONTAL 9,70 M, INCLUSIVE CAMINHÃO TOCO PBT 16.000 KG, POTÊNCIA DE 189 CV - IMPOSTOS E SEGUROS. AF_08/2015","H","ATRIBUÍDO SÃO PAULO",4.26,"CAIXA REFERENCIAL"]
["CUSTOS HORÁRIOS DE MÁQUINAS E EQUIPAMENTOS","CHOR","COMPOSIÇÕES AUXILIARES","0329","","",91467,"GUINDAUTO HIDRÁULICO, CAPACIDADE MÁXIMA DE CARGA 6200 KG, MOMENTO MÁXIMO DE CARGA 11,7 TM, ALCANCE MÁXIMO HORIZONTAL 9,70 M, INCLUSIVE CAMINHÃO TOCO PBT 16.000 KG, POTÊNCIA DE 189 CV - MATERIAIS NA OPERAÇÃO. AF_08/2015","H","COLETADO",156.72,"CAIXA REFERENCIAL"]
["CUSTOS HORÁRIOS DE MÁQUINAS E EQUIPAMENTOS","CHOR","COMPOSIÇÕES AUXILIARES","0329","","",91468,"ESPARGIDOR DE ASFALTO PRESSURIZADO, TANQUE 6 M3 COM ISOLAÇÃO TÉRMICA, AQUECIDO COM 2 MAÇARICOS, COM BARRA ESPARGIDORA 3,60 M, MONTADO SOBRE CAMINHÃO  TOCO, PBT 14.300 KG, POTÊNCIA 185 CV - DEPRECIAÇÃO. AF_05/2023","H","ATRIBUÍDO SÃO PAULO",23.97,"CAIXA REFERENCIAL"]
["CUSTOS HORÁRIOS DE MÁQUINAS E EQUIPAMENTOS","CHOR","COMPOSIÇÕES AUXILIARES","0329","","",91469,"ESPARGIDOR DE ASFALTO PRESSURIZADO, TANQUE 6 M3 COM ISOLAÇÃO TÉRMICA, AQUECIDO COM 2 MAÇARICOS, COM BARRA ESPARGIDORA 3,60 M, MONTADO SOBRE CAMINHÃO  TOCO, PBT 14.300 KG, POTÊNCIA 185 CV - JUROS. AF_05/2023","H","ATRIBUÍDO SÃO PAULO",10.52,"CAIXA REFERENCIAL"]
["CUSTOS HORÁRIOS DE MÁQUINAS E EQUIPAMENTOS","CHOR","COMPOSIÇÕES AUXILIARES","0329","","",91484,"ESPARGIDOR DE ASFALTO PRESSURIZADO, TANQUE 6 M3 COM ISOLAÇÃO TÉRMICA, AQUECIDO COM 2 MAÇARICOS, COM BARRA ESPARGIDORA 3,60 M, MONTADO SOBRE CAMINHÃO  TOCO, PBT 14.300 KG, POTÊNCIA 185 CV - IMPOSTOS E SEGUROS. AF_05/2023","H","ATRIBUÍDO SÃO PAULO",7.99,"CAIXA REFERENCIAL"]
["CUSTOS HORÁRIOS DE MÁQUINAS E EQUIPAMENTOS","CHOR","COMPOSIÇÕES AUXILIARES","0329","","",91485,"ESPARGIDOR DE ASFALTO PRESSURIZADO, TANQUE 6 M3 COM ISOLAÇÃO TÉRMICA, AQUECIDO COM 2 MAÇARICOS, COM BARRA ESPARGIDORA 3,60 M, MONTADO SOBRE CAMINHÃO  TOCO, PBT 14.300 KG, POTÊNCIA 185 CV - MATERIAIS NA OPERAÇÃO. AF_05/2023","H","COLETADO",161.71,"CAIXA REFERENCIAL"]
["CUSTOS HORÁRIOS DE MÁQUINAS E EQUIPAMENTOS","CHOR","COMPOSIÇÕES AUXILIARES","0329","","",91529,"COMPACTADOR DE SOLOS DE PERCUSSÃO (SOQUETE) COM MOTOR A GASOLINA 4 TEMPOS, POTÊNCIA 4 CV - DEPRECIAÇÃO. AF_08/2015","H","ATRIBUÍDO SÃO PAULO",0.75,"CAIXA REFERENCIAL"]
["CUSTOS HORÁRIOS DE MÁQUINAS E EQUIPAMENTOS","CHOR","COMPOSIÇÕES AUXILIARES","0329","","",91530,"COMPACTADOR DE SOLOS DE PERCUSSÃO (SOQUETE) COM MOTOR A GASOLINA 4 TEMPOS, POTÊNCIA 4 CV - JUROS. AF_08/2015","H","ATRIBUÍDO SÃO PAULO",0.2,"CAIXA REFERENCIAL"]
["CUSTOS HORÁRIOS DE MÁQUINAS E EQUIPAMENTOS","CHOR","COMPOSIÇÕES AUXILIARES","0329","","",91531,"COMPACTADOR DE SOLOS DE PERCUSSÃO (SOQUETE) COM MOTOR A GASOLINA 4 TEMPOS, POTÊNCIA 4 CV - MANUTENÇÃO. AF_08/2015","H","ATRIBUÍDO SÃO PAULO",0.94,"CAIXA REFERENCIAL"]
["CUSTOS HORÁRIOS DE MÁQUINAS E EQUIPAMENTOS","CHOR","COMPOSIÇÕES AUXILIARES","0329","","",91532,"COMPACTADOR DE SOLOS DE PERCUSSÃO (SOQUETE) COM MOTOR A GASOLINA 4 TEMPOS, POTÊNCIA 4 CV - MATERIAIS NA OPERAÇÃO. AF_08/2015","H","COLETADO",5.85,"CAIXA REFERENCIAL"]
["CUSTOS HORÁRIOS DE MÁQUINAS E EQUIPAMENTOS","CHOR","COMPOSIÇÕES AUXILIARES","0329","","",91629,"GUINDAUTO HIDRÁULICO, CAPACIDADE MÁXIMA DE CARGA 6500 KG, MOMENTO MÁXIMO DE CARGA 5,8 TM, ALCANCE MÁXIMO HORIZONTAL 7,60 M, INCLUSIVE CAMINHÃO TOCO PBT 9.700 KG, POTÊNCIA DE 160 CV - DEPRECIAÇÃO. AF_08/2015","H","ATRIBUÍDO SÃO PAULO",22.65,"CAIXA REFERENCIAL"]
["CUSTOS HORÁRIOS DE MÁQUINAS E EQUIPAMENTOS","CHOR","COMPOSIÇÕES AUXILIARES","0329","","",91630,"GUINDAUTO HIDRÁULICO, CAPACIDADE MÁXIMA DE CARGA 6500 KG, MOMENTO MÁXIMO DE CARGA 5,8 TM, ALCANCE MÁXIMO HORIZONTAL 7,60 M, INCLUSIVE CAMINHÃO TOCO PBT 9.700 KG, POTÊNCIA DE 160 CV - JUROS. AF_08/2015","H","ATRIBUÍDO SÃO PAULO",8.48,"CAIXA REFERENCIAL"]
["CUSTOS HORÁRIOS DE MÁQUINAS E EQUIPAMENTOS","CHOR","COMPOSIÇÕES AUXILIARES","0329","","",91631,"GUINDAUTO HIDRÁULICO, CAPACIDADE MÁXIMA DE CARGA 6500 KG, MOMENTO MÁXIMO DE CARGA 5,8 TM, ALCANCE MÁXIMO HORIZONTAL 7,60 M, INCLUSIVE CAMINHÃO TOCO PBT 9.700 KG, POTÊNCIA DE 160 CV - IMPOSTOS E SEGUROS. AF_08/2015","H","ATRIBUÍDO SÃO PAULO",3.42,"CAIXA REFERENCIAL"]
["CUSTOS HORÁRIOS DE MÁQUINAS E EQUIPAMENTOS","CHOR","COMPOSIÇÕES AUXILIARES","0329","","",91632,"GUINDAUTO HIDRÁULICO, CAPACIDADE MÁXIMA DE CARGA 6500 KG, MOMENTO MÁXIMO DE CARGA 5,8 TM, ALCANCE MÁXIMO HORIZONTAL 7,60 M, INCLUSIVE CAMINHÃO TOCO PBT 9.700 KG, POTÊNCIA DE 160 CV - MANUTENÇÃO. AF_08/2015","H","ATRIBUÍDO SÃO PAULO",39.06,"CAIXA REFERENCIAL"]
["CUSTOS HORÁRIOS DE MÁQUINAS E EQUIPAMENTOS","CHOR","COMPOSIÇÕES AUXILIARES","0329","","",91633,"GUINDAUTO HIDRÁULICO, CAPACIDADE MÁXIMA DE CARGA 6500 KG, MOMENTO MÁXIMO DE CARGA 5,8 TM, ALCANCE MÁXIMO HORIZONTAL 7,60 M, INCLUSIVE CAMINHÃO TOCO PBT 9.700 KG, POTÊNCIA DE 160 CV - MATERIAIS NA OPERAÇÃO. AF_08/2015","H","COLETADO",132.65,"CAIXA REFERENCIAL"]
["CUSTOS HORÁRIOS DE MÁQUINAS E EQUIPAMENTOS","CHOR","COMPOSIÇÕES AUXILIARES","0329","","",91640,"CAMINHÃO DE TRANSPORTE DE MATERIAL ASFÁLTICO 30.000 L, COM CAVALO MECÂNICO DE CAPACIDADE MÁXIMA DE TRAÇÃO COMBINADO DE 66.000 KG, POTÊNCIA 360 CV, INCLUSIVE TANQUE DE ASFALTO COM SERPENTINA - DEPRECIAÇÃO. AF_08/2015","H","ATRIBUÍDO SÃO PAULO",38.94,"CAIXA REFERENCIAL"]
["CUSTOS HORÁRIOS DE MÁQUINAS E EQUIPAMENTOS","CHOR","COMPOSIÇÕES AUXILIARES","0329","","",91641,"CAMINHÃO DE TRANSPORTE DE MATERIAL ASFÁLTICO 30.000 L, COM CAVALO MECÂNICO DE CAPACIDADE MÁXIMA DE TRAÇÃO COMBINADO DE 66.000 KG, POTÊNCIA 360 CV, INCLUSIVE TANQUE DE ASFALTO COM SERPENTINA - JUROS. AF_08/2015","H","ATRIBUÍDO SÃO PAULO",15.71,"CAIXA REFERENCIAL"]
["CUSTOS HORÁRIOS DE MÁQUINAS E EQUIPAMENTOS","CHOR","COMPOSIÇÕES AUXILIARES","0329","","",91642,"CAMINHÃO DE TRANSPORTE DE MATERIAL ASFÁLTICO 30.000 L, COM CAVALO MECÂNICO DE CAPACIDADE MÁXIMA DE TRAÇÃO COMBINADO DE 66.000 KG, POTÊNCIA 360 CV, INCLUSIVE TANQUE DE ASFALTO COM SERPENTINA - IMPOSTOS E SEGUROS. AF_08/2015","H","ATRIBUÍDO SÃO PAULO",6.35,"CAIXA REFERENCIAL"]
["CUSTOS HORÁRIOS DE MÁQUINAS E EQUIPAMENTOS","CHOR","COMPOSIÇÕES AUXILIARES","0329","","",91643,"CAMINHÃO DE TRANSPORTE DE MATERIAL ASFÁLTICO 30.000 L, COM CAVALO MECÂNICO DE CAPACIDADE MÁXIMA DE TRAÇÃO COMBINADO DE 66.000 KG, POTÊNCIA 360 CV, INCLUSIVE TANQUE DE ASFALTO COM SERPENTINA - MANUTENÇÃO. AF_08/2015","H","ATRIBUÍDO SÃO PAULO",70.16,"CAIXA REFERENCIAL"]
["CUSTOS HORÁRIOS DE MÁQUINAS E EQUIPAMENTOS","CHOR","COMPOSIÇÕES AUXILIARES","0329","","",91644,"CAMINHÃO DE TRANSPORTE DE MATERIAL ASFÁLTICO 30.000 L, COM CAVALO MECÂNICO DE CAPACIDADE MÁXIMA DE TRAÇÃO COMBINADO DE 66.000 KG, POTÊNCIA 360 CV, INCLUSIVE TANQUE DE ASFALTO COM SERPENTINA - MATERIAIS NA OPERAÇÃO. AF_08/2015","H","COLETADO",298.51,"CAIXA REFERENCIAL"]
["CUSTOS HORÁRIOS DE MÁQUINAS E EQUIPAMENTOS","CHOR","COMPOSIÇÕES AUXILIARES","0329","","",91688,"SERRA CIRCULAR DE BANCADA COM MOTOR ELÉTRICO POTÊNCIA DE 5HP, COM COIFA PARA DISCO 10\" - DEPRECIAÇÃO. AF_08/2015","H","COEFICIENTE DE REPRESENTATIVIDADE",0.08,"CAIXA REFERENCIAL"]
["CUSTOS HORÁRIOS DE MÁQUINAS E EQUIPAMENTOS","CHOR","COMPOSIÇÕES AUXILIARES","0329","","",91689,"SERRA CIRCULAR DE BANCADA COM MOTOR ELÉTRICO POTÊNCIA DE 5HP, COM COIFA PARA DISCO 10\" - JUROS. AF_08/2015","H","COEFICIENTE DE REPRESENTATIVIDADE",0.01,"CAIXA REFERENCIAL"]
["CUSTOS HORÁRIOS DE MÁQUINAS E EQUIPAMENTOS","CHOR","COMPOSIÇÕES AUXILIARES","0329","","",91690,"SERRA CIRCULAR DE BANCADA COM MOTOR ELÉTRICO POTÊNCIA DE 5HP, COM COIFA PARA DISCO 10\" - MANUTENÇÃO. AF_08/2015","H","COEFICIENTE DE REPRESENTATIVIDADE",0.05,"CAIXA REFERENCIAL"]
["CUSTOS HORÁRIOS DE MÁQUINAS E EQUIPAMENTOS","CHOR","COMPOSIÇÕES AUXILIARES","0329","","",91691,"SERRA CIRCULAR DE BANCADA COM MOTOR ELÉTRICO POTÊNCIA DE 5HP, COM COIFA PARA DISCO 10\" - MATERIAIS NA OPERAÇÃO. AF_08/2015","H","COEFICIENTE DE REPRESENTATIVIDADE",1.33,"CAIXA REFERENCIAL"]
["CUSTOS HORÁRIOS DE MÁQUINAS E EQUIPAMENTOS","CHOR","COMPOSIÇÕES AUXILIARES","0329","","",92040,"DISTRIBUIDOR DE AGREGADOS REBOCAVEL, CAPACIDADE 1,9 M³, LARGURA DE TRABALHO 3,66 M - DEPRECIAÇÃO. AF_11/2015","H","ATRIBUÍDO SÃO PAULO",6.47,"CAIXA REFERENCIAL"]
["CUSTOS HORÁRIOS DE MÁQUINAS E EQUIPAMENTOS","CHOR","COMPOSIÇÕES AUXILIARES","0329","","",92041,"DISTRIBUIDOR DE AGREGADOS REBOCAVEL, CAPACIDADE 1,9 M³, LARGURA DE TRABALHO 3,66 M - JUROS. AF_11/2015","H","ATRIBUÍDO SÃO PAULO",1.33,"CAIXA REFERENCIAL"]
["CUSTOS HORÁRIOS DE MÁQUINAS E EQUIPAMENTOS","CHOR","COMPOSIÇÕES AUXILIARES","0329","","",92042,"DISTRIBUIDOR DE AGREGADOS REBOCAVEL, CAPACIDADE 1,9 M³, LARGURA DE TRABALHO 3,66 M - MANUTENÇÃO. AF_11/2015","H","ATRIBUÍDO SÃO PAULO",5.39,"CAIXA REFERENCIAL"]
["CUSTOS HORÁRIOS DE MÁQUINAS E EQUIPAMENTOS","CHOR","COMPOSIÇÕES AUXILIARES","0329","","",92101,"CAMINHÃO PARA EQUIPAMENTO DE LIMPEZA A SUCÇÃO COM CAMINHÃO TRUCADO DE PESO BRUTO TOTAL 23000 KG, CARGA ÚTIL MÁXIMA 15935 KG, DISTÂNCIA ENTRE EIXOS 4,80 M, POTÊNCIA 230 CV, INCLUSIVE LIMPADORA A SUCÇÃO, TANQUE 12000 L - DEPRECIAÇÃO. AF_05/2023","H","ATRIBUÍDO SÃO PAULO",42.85,"CAIXA REFERENCIAL"]
["CUSTOS HORÁRIOS DE MÁQUINAS E EQUIPAMENTOS","CHOR","COMPOSIÇÕES AUXILIARES","0329","","",92102,"CAMINHÃO PARA EQUIPAMENTO DE LIMPEZA A SUCÇÃO COM CAMINHÃO TRUCADO DE PESO BRUTO TOTAL 23000 KG, CARGA ÚTIL MÁXIMA 15935 KG, DISTÂNCIA ENTRE EIXOS 4,80 M, POTÊNCIA 230 CV, INCLUSIVE LIMPADORA A SUCÇÃO, TANQUE 12000 L - JUROS. AF_05/2023","H","ATRIBUÍDO SÃO PAULO",14.79,"CAIXA REFERENCIAL"]
["CUSTOS HORÁRIOS DE MÁQUINAS E EQUIPAMENTOS","CHOR","COMPOSIÇÕES AUXILIARES","0329","","",92103,"CAMINHÃO PARA EQUIPAMENTO DE LIMPEZA A SUCÇÃO COM CAMINHÃO TRUCADO DE PESO BRUTO TOTAL 23000 KG, CARGA ÚTIL MÁXIMA 15935 KG, DISTÂNCIA ENTRE EIXOS 4,80 M, POTÊNCIA 230 CV, INCLUSIVE LIMPADORA A SUCÇÃO, TANQUE 12000 L - IMPOSTOS E SEGUROS. AF_05/2023","H","ATRIBUÍDO SÃO PAULO",10.35,"CAIXA REFERENCIAL"]
["CUSTOS HORÁRIOS DE MÁQUINAS E EQUIPAMENTOS","CHOR","COMPOSIÇÕES AUXILIARES","0329","","",92104,"CAMINHÃO PARA EQUIPAMENTO DE LIMPEZA A SUCÇÃO COM CAMINHÃO TRUCADO DE PESO BRUTO TOTAL 23000 KG, CARGA ÚTIL MÁXIMA 15935 KG, DISTÂNCIA ENTRE EIXOS 4,80 M, POTÊNCIA 230 CV, INCLUSIVE LIMPADORA A SUCÇÃO, TANQUE 12000 L - MANUTENÇÃO. AF_05/2023","H","ATRIBUÍDO SÃO PAULO",70.959999999999994,"CAIXA REFERENCIAL"]
["CUSTOS HORÁRIOS DE MÁQUINAS E EQUIPAMENTOS","CHOR","COMPOSIÇÕES AUXILIARES","0329","","",92105,"CAMINHÃO PARA EQUIPAMENTO DE LIMPEZA A SUCÇÃO COM CAMINHÃO TRUCADO DE PESO BRUTO TOTAL 23000 KG, CARGA ÚTIL MÁX. 15935 KG, DISTÂNCIA ENTRE EIXOS 4,80 M, POTÊNCIA 230 CV, INCLUSIVE LIMPADORA A SUCÇÃO, TANQUE 12000 L - MATERIAIS NA OPERAÇÃO. AF_05/2023","H","COLETADO",174.75,"CAIXA REFERENCIAL"]
["CUSTOS HORÁRIOS DE MÁQUINAS E EQUIPAMENTOS","CHOR","COMPOSIÇÕES AUXILIARES","0329","","",92108,"PENEIRA ROTATIVA COM MOTOR ELÉTRICO TRIFÁSICO DE 2 CV, CILINDRO DE 1 M X 0,60 M, COM FUROS DE 3,17 MM - DEPRECIAÇÃO. AF_05/2023","H","COEFICIENTE DE REPRESENTATIVIDADE",1.02,"CAIXA REFERENCIAL"]
["CUSTOS HORÁRIOS DE MÁQUINAS E EQUIPAMENTOS","CHOR","COMPOSIÇÕES AUXILIARES","0329","","",92109,"PENEIRA ROTATIVA COM MOTOR ELÉTRICO TRIFÁSICO DE 2 CV, CILINDRO DE 1 M X 0,60 M, COM FUROS DE 3,17 MM - JUROS. AF_05/2023","H","COEFICIENTE DE REPRESENTATIVIDADE",0.25,"CAIXA REFERENCIAL"]
["CUSTOS HORÁRIOS DE MÁQUINAS E EQUIPAMENTOS","CHOR","COMPOSIÇÕES AUXILIARES","0329","","",92110,"PENEIRA ROTATIVA COM MOTOR ELÉTRICO TRIFÁSICO DE 2 CV, CILINDRO DE 1 M X 0,60 M, COM FUROS DE 3,17 MM - MANUTENÇÃO. AF_05/2023","H","COEFICIENTE DE REPRESENTATIVIDADE",1.36,"CAIXA REFERENCIAL"]
["CUSTOS HORÁRIOS DE MÁQUINAS E EQUIPAMENTOS","CHOR","COMPOSIÇÕES AUXILIARES","0329","","",92111,"PENEIRA ROTATIVA COM MOTOR ELÉTRICO TRIFÁSICO DE 2 CV, CILINDRO DE 1 M X 0,60 M, COM FUROS DE 3,17 MM - MATERIAIS NA OPERAÇÃO. AF_05/2023","H","COEFICIENTE DE REPRESENTATIVIDADE",1.22,"CAIXA REFERENCIAL"]
["CUSTOS HORÁRIOS DE MÁQUINAS E EQUIPAMENTOS","CHOR","COMPOSIÇÕES AUXILIARES","0329","","",92114,"DOSADOR DE AREIA, CAPACIDADE DE 26 LITROS - DEPRECIAÇÃO. AF_05/2023","H","COEFICIENTE DE REPRESENTATIVIDADE",0.26,"CAIXA REFERENCIAL"]
["CUSTOS HORÁRIOS DE MÁQUINAS E EQUIPAMENTOS","CHOR","COMPOSIÇÕES AUXILIARES","0329","","",92115,"DOSADOR DE AREIA, CAPACIDADE DE 26 LITROS - JUROS. AF_05/2023","H","COEFICIENTE DE REPRESENTATIVIDADE",0.05,"CAIXA REFERENCIAL"]
["CUSTOS HORÁRIOS DE MÁQUINAS E EQUIPAMENTOS","CHOR","COMPOSIÇÕES AUXILIARES","0329","","",92116,"DOSADOR DE AREIA, CAPACIDADE DE 26 LITROS - MANUTENÇÃO. AF_05/2023","H","COEFICIENTE DE REPRESENTATIVIDADE",0.19,"CAIXA REFERENCIAL"]
["CUSTOS HORÁRIOS DE MÁQUINAS E EQUIPAMENTOS","CHOR","COMPOSIÇÕES AUXILIARES","0329","","",92133,"CAMINHONETE COM MOTOR A DIESEL, POTÊNCIA 180 CV, CABINE DUPLA, 4X4 - DEPRECIAÇÃO. AF_11/2015","H","COLETADO",12.93,"CAIXA REFERENCIAL"]
["CUSTOS HORÁRIOS DE MÁQUINAS E EQUIPAMENTOS","CHOR","COMPOSIÇÕES AUXILIARES","0329","","",92134,"CAMINHONETE COM MOTOR A DIESEL, POTÊNCIA 180 CV, CABINE DUPLA, 4X4 - JUROS. AF_11/2015","H","COLETADO",3.98,"CAIXA REFERENCIAL"]
["CUSTOS HORÁRIOS DE MÁQUINAS E EQUIPAMENTOS","CHOR","COMPOSIÇÕES AUXILIARES","0329","","",92135,"CAMINHONETE COM MOTOR A DIESEL, POTÊNCIA 180 CV, CABINE DUPLA, 4X4 - IMPOSTOS E SEGUROS. AF_11/2015","H","COLETADO",1.61,"CAIXA REFERENCIAL"]
["CUSTOS HORÁRIOS DE MÁQUINAS E EQUIPAMENTOS","CHOR","COMPOSIÇÕES AUXILIARES","0329","","",92136,"CAMINHONETE COM MOTOR A DIESEL, POTÊNCIA 180 CV, CABINE DUPLA, 4X4 - MANUTENÇÃO. AF_11/2015","H","COLETADO",16.16,"CAIXA REFERENCIAL"]
["CUSTOS HORÁRIOS DE MÁQUINAS E EQUIPAMENTOS","CHOR","COMPOSIÇÕES AUXILIARES","0329","","",92137,"CAMINHONETE COM MOTOR A DIESEL, POTÊNCIA 180 CV, CABINE DUPLA, 4X4 - MATERIAIS NA OPERAÇÃO. AF_11/2015","H","COLETADO",34.92,"CAIXA REFERENCIAL"]
["CUSTOS HORÁRIOS DE MÁQUINAS E EQUIPAMENTOS","CHOR","COMPOSIÇÕES AUXILIARES","0329","","",92140,"CAMINHONETE CABINE SIMPLES COM MOTOR 1.6 FLEX, CÂMBIO MANUAL, POTÊNCIA 101/104 CV, 2 PORTAS - DEPRECIAÇÃO. AF_11/2015","H","COEFICIENTE DE REPRESENTATIVIDADE",4.7300000000000004,"CAIXA REFERENCIAL"]
["CUSTOS HORÁRIOS DE MÁQUINAS E EQUIPAMENTOS","CHOR","COMPOSIÇÕES AUXILIARES","0329","","",92141,"CAMINHONETE CABINE SIMPLES COM MOTOR 1.6 FLEX, CÂMBIO MANUAL, POTÊNCIA 101/104 CV, 2 PORTAS - JUROS. AF_11/2015","H","COEFICIENTE DE REPRESENTATIVIDADE",1.46,"CAIXA REFERENCIAL"]
["CUSTOS HORÁRIOS DE MÁQUINAS E EQUIPAMENTOS","CHOR","COMPOSIÇÕES AUXILIARES","0329","","",92142,"CAMINHONETE CABINE SIMPLES COM MOTOR 1.6 FLEX, CÂMBIO MANUAL, POTÊNCIA 101/104 CV, 2 PORTAS - IMPOSTOS E SEGUROS. AF_11/2015","H","COEFICIENTE DE REPRESENTATIVIDADE",0.59,"CAIXA REFERENCIAL"]
["CUSTOS HORÁRIOS DE MÁQUINAS E EQUIPAMENTOS","CHOR","COMPOSIÇÕES AUXILIARES","0329","","",92143,"CAMINHONETE CABINE SIMPLES COM MOTOR 1.6 FLEX, CÂMBIO MANUAL, POTÊNCIA 101/104 CV, 2 PORTAS - MANUTENÇÃO. AF_11/2015","H","COEFICIENTE DE REPRESENTATIVIDADE",5.92,"CAIXA REFERENCIAL"]
["CUSTOS HORÁRIOS DE MÁQUINAS E EQUIPAMENTOS","CHOR","COMPOSIÇÕES AUXILIARES","0329","","",92144,"CAMINHONETE CABINE SIMPLES COM MOTOR 1.6 FLEX, CÂMBIO MANUAL, POTÊNCIA 101/104 CV, 2 PORTAS - MATERIAIS NA OPERAÇÃO. AF_11/2015","H","COLETADO",37.99,"CAIXA REFERENCIAL"]
["CUSTOS HORÁRIOS DE MÁQUINAS E EQUIPAMENTOS","CHOR","COMPOSIÇÕES AUXILIARES","0329","","",92237,"CAMINHÃO DE TRANSPORTE DE MATERIAL ASFÁLTICO 20.000 L, COM CAVALO MECÂNICO DE CAPACIDADE MÁXIMA DE TRAÇÃO COMBINADO DE 45.000 KG, POTÊNCIA 330 CV, INCLUSIVE TANQUE DE ASFALTO COM MAÇARICO - DEPRECIAÇÃO. AF_12/2015","H","ATRIBUÍDO SÃO PAULO",28.37,"CAIXA REFERENCIAL"]
["CUSTOS HORÁRIOS DE MÁQUINAS E EQUIPAMENTOS","CHOR","COMPOSIÇÕES AUXILIARES","0329","","",92238,"CAMINHÃO DE TRANSPORTE DE MATERIAL ASFÁLTICO 20.000 L, COM CAVALO MECÂNICO DE CAPACIDADE MÁXIMA DE TRAÇÃO COMBINADO DE 45.000 KG, POTÊNCIA 330 CV, INCLUSIVE TANQUE DE ASFALTO COM MAÇARICO - JUROS. AF_12/2015","H","ATRIBUÍDO SÃO PAULO",11.41,"CAIXA REFERENCIAL"]
["CUSTOS HORÁRIOS DE MÁQUINAS E EQUIPAMENTOS","CHOR","COMPOSIÇÕES AUXILIARES","0329","","",92239,"CAMINHÃO DE TRANSPORTE DE MATERIAL ASFÁLTICO 20.000 L, COM CAVALO MECÂNICO DE CAPACIDADE MÁXIMA DE TRAÇÃO COMBINADO DE 45.000 KG, POTÊNCIA 330 CV, INCLUSIVE TANQUE DE ASFALTO COM MAÇARICO - IMPOSTOS E SEGUROS. AF_12/2015","H","ATRIBUÍDO SÃO PAULO",4.6100000000000003,"CAIXA REFERENCIAL"]
["CUSTOS HORÁRIOS DE MÁQUINAS E EQUIPAMENTOS","CHOR","COMPOSIÇÕES AUXILIARES","0329","","",92240,"CAMINHÃO DE TRANSPORTE DE MATERIAL ASFÁLTICO 20.000 L, COM CAVALO MECÂNICO DE CAPACIDADE MÁXIMA DE TRAÇÃO COMBINADO DE 45.000 KG, POTÊNCIA 330 CV, INCLUSIVE TANQUE DE ASFALTO COM MAÇARICO - MANUTENÇÃO. AF_12/2015","H","ATRIBUÍDO SÃO PAULO",50.87,"CAIXA REFERENCIAL"]
["CUSTOS HORÁRIOS DE MÁQUINAS E EQUIPAMENTOS","CHOR","COMPOSIÇÕES AUXILIARES","0329","","",92241,"CAMINHÃO DE TRANSPORTE DE MATERIAL ASFÁLTICO 20.000 L, COM CAVALO MECÂNICO DE CAPACIDADE MÁXIMA DE TRAÇÃO COMBINADO DE 45.000 KG, POTÊNCIA 330 CV, INCLUSIVE TANQUE DE ASFALTO COM MAÇARICO - MATERIAIS NA OPERAÇÃO. AF_12/2015","H","COLETADO",273.66000000000003,"CAIXA REFERENCIAL"]
["CUSTOS HORÁRIOS DE MÁQUINAS E EQUIPAMENTOS","CHOR","COMPOSIÇÕES AUXILIARES","0329","","",92712,"APARELHO PARA CORTE E SOLDA OXI-ACETILENO SOBRE RODAS, INCLUSIVE CILINDROS E MAÇARICOS - DEPRECIAÇÃO. AF_05/2023","H","COEFICIENTE DE REPRESENTATIVIDADE",0.12,"CAIXA REFERENCIAL"]
["CUSTOS HORÁRIOS DE MÁQUINAS E EQUIPAMENTOS","CHOR","COMPOSIÇÕES AUXILIARES","0329","","",92713,"APARELHO PARA CORTE E SOLDA OXI-ACETILENO SOBRE RODAS, INCLUSIVE CILINDROS E MAÇARICOS - JUROS. AF_05/2023","H","COEFICIENTE DE REPRESENTATIVIDADE",0.03,"CAIXA REFERENCIAL"]
["CUSTOS HORÁRIOS DE MÁQUINAS E EQUIPAMENTOS","CHOR","COMPOSIÇÕES AUXILIARES","0329","","",92714,"APARELHO PARA CORTE E SOLDA OXI-ACETILENO SOBRE RODAS, INCLUSIVE CILINDROS E MAÇARICOS - MANUTENÇÃO. AF_05/2023","H","COEFICIENTE DE REPRESENTATIVIDADE",0.16,"CAIXA REFERENCIAL"]
["CUSTOS HORÁRIOS DE MÁQUINAS E EQUIPAMENTOS","CHOR","COMPOSIÇÕES AUXILIARES","0329","","",92715,"APARELHO PARA CORTE E SOLDA OXI-ACETILENO SOBRE RODAS, INCLUSIVE CILINDROS E MAÇARICOS - MATERIAIS NA OPERAÇÃO. AF_05/2023","H","ATRIBUÍDO SÃO PAULO",90.73,"CAIXA REFERENCIAL"]
["CUSTOS HORÁRIOS DE MÁQUINAS E EQUIPAMENTOS","CHOR","COMPOSIÇÕES AUXILIARES","0329","","",92956,"MÁQUINA EXTRUSORA DE CONCRETO PARA GUIAS E SARJETAS, MOTOR A DIESEL, POTÊNCIA 14 CV - DEPRECIAÇÃO. AF_12/2015","H","ATRIBUÍDO SÃO PAULO",4.3,"CAIXA REFERENCIAL"]
["CUSTOS HORÁRIOS DE MÁQUINAS E EQUIPAMENTOS","CHOR","COMPOSIÇÕES AUXILIARES","0329","","",92957,"MÁQUINA EXTRUSORA DE CONCRETO PARA GUIAS E SARJETAS, MOTOR A DIESEL, POTÊNCIA 14 CV - JUROS. AF_12/2015","H","ATRIBUÍDO SÃO PAULO",0.99,"CAIXA REFERENCIAL"]
["CUSTOS HORÁRIOS DE MÁQUINAS E EQUIPAMENTOS","CHOR","COMPOSIÇÕES AUXILIARES","0329","","",92958,"MÁQUINA EXTRUSORA DE CONCRETO PARA GUIAS E SARJETAS, MOTOR A DIESEL, POTÊNCIA 14 CV - MANUTENÇÃO. AF_12/2015","H","ATRIBUÍDO SÃO PAULO",4.71,"CAIXA REFERENCIAL"]
["CUSTOS HORÁRIOS DE MÁQUINAS E EQUIPAMENTOS","CHOR","COMPOSIÇÕES AUXILIARES","0329","","",92959,"MÁQUINA EXTRUSORA DE CONCRETO PARA GUIAS E SARJETAS, MOTOR A DIESEL, POTÊNCIA 14 CV - MATERIAIS NA OPERAÇÃO. AF_12/2015","H","COLETADO",9.19,"CAIXA REFERENCIAL"]
["CUSTOS HORÁRIOS DE MÁQUINAS E EQUIPAMENTOS","CHOR","COMPOSIÇÕES AUXILIARES","0329","","",92963,"MARTELO PERFURADOR PNEUMÁTICO MANUAL, HASTE 25 X 75 MM, 21 KG - DEPRECIAÇÃO. AF_12/2015","H","COEFICIENTE DE REPRESENTATIVIDADE",1.41,"CAIXA REFERENCIAL"]
["CUSTOS HORÁRIOS DE MÁQUINAS E EQUIPAMENTOS","CHOR","COMPOSIÇÕES AUXILIARES","0329","","",92964,"MARTELO PERFURADOR PNEUMÁTICO MANUAL, HASTE 25 X 75 MM, 21 KG - JUROS. AF_12/2015","H","COEFICIENTE DE REPRESENTATIVIDADE",0.32,"CAIXA REFERENCIAL"]
["CUSTOS HORÁRIOS DE MÁQUINAS E EQUIPAMENTOS","CHOR","COMPOSIÇÕES AUXILIARES","0329","","",92965,"MARTELO PERFURADOR PNEUMÁTICO MANUAL, HASTE 25 X 75 MM, 21 KG - MANUTENÇÃO. AF_12/2015","H","COEFICIENTE DE REPRESENTATIVIDADE",1.76,"CAIXA REFERENCIAL"]
["CUSTOS HORÁRIOS DE MÁQUINAS E EQUIPAMENTOS","CHOR","COMPOSIÇÕES AUXILIARES","0329","","",93220,"PERFURATRIZ COM TORRE METÁLICA PARA EXECUÇÃO DE ESTACA HÉLICE CONTÍNUA, PROFUNDIDADE MÁXIMA DE 32 M, DIÂMETRO MÁXIMO DE 1000 MM, POTÊNCIA INSTALADA DE 350 HP, MESA ROTATIVA COM TORQUE MÁXIMO DE 263 KNM - DEPRECIAÇÃO. AF_01/2016","H","COEFICIENTE DE REPRESENTATIVIDADE",340.66,"CAIXA REFERENCIAL"]
["CUSTOS HORÁRIOS DE MÁQUINAS E EQUIPAMENTOS","CHOR","COMPOSIÇÕES AUXILIARES","0329","","",93221,"PERFURATRIZ COM TORRE METÁLICA PARA EXECUÇÃO DE ESTACA HÉLICE CONTÍNUA, PROFUNDIDADE MÁXIMA DE 32 M, DIÂMETRO MÁXIMO DE 1000 MM, POTÊNCIA INSTALADA DE 350 HP, MESA ROTATIVA COM TORQUE MÁXIMO DE 263 KNM - JUROS. AF_01/2016","H","COEFICIENTE DE REPRESENTATIVIDADE",91.39,"CAIXA REFERENCIAL"]
["CUSTOS HORÁRIOS DE MÁQUINAS E EQUIPAMENTOS","CHOR","COMPOSIÇÕES AUXILIARES","0329","","",93222,"PERFURATRIZ COM TORRE METÁLICA PARA EXECUÇÃO DE ESTACA HÉLICE CONTÍNUA, PROFUNDIDADE MÁXIMA DE 32 M, DIÂMETRO MÁXIMO DE 1000 MM, POTÊNCIA INSTALADA DE 350 HP, MESA ROTATIVA COM TORQUE MÁXIMO DE 263 KNM - MANUTENÇÃO. AF_01/2016","H","COEFICIENTE DE REPRESENTATIVIDADE",426.3,"CAIXA REFERENCIAL"]
["CUSTOS HORÁRIOS DE MÁQUINAS E EQUIPAMENTOS","CHOR","COMPOSIÇÕES AUXILIARES","0329","","",93223,"PERFURATRIZ COM TORRE METÁLICA PARA EXECUÇÃO DE ESTACA HÉLICE CONTÍNUA, PROFUNDIDADE MÁXIMA DE 32 M, DIÂMETRO MÁXIMO DE 1000 MM, POTÊNCIA INSTALADA DE 350 HP, MESA ROTATIVA COM TORQUE MÁXIMO DE 263 KNM - MATERIAIS NA OPERAÇÃO. AF_01/2016","H","COLETADO",154.83000000000001,"CAIXA REFERENCIAL"]
["CUSTOS HORÁRIOS DE MÁQUINAS E EQUIPAMENTOS","CHOR","COMPOSIÇÕES AUXILIARES","0329","","",93229,"BETONEIRA CAPACIDADE NOMINAL 400 L, CAPACIDADE DE MISTURA 310 L, MOTOR A GASOLINA POTÊNCIA 5,5 CV, SEM CARREGADOR - DEPRECIAÇÃO. AF_02/2016","H","COEFICIENTE DE REPRESENTATIVIDADE",0.46,"CAIXA REFERENCIAL"]
["CUSTOS HORÁRIOS DE MÁQUINAS E EQUIPAMENTOS","CHOR","COMPOSIÇÕES AUXILIARES","0329","","",93230,"BETONEIRA CAPACIDADE NOMINAL 400 L, CAPACIDADE DE MISTURA 310 L, MOTOR A GASOLINA POTÊNCIA 5,5 CV, SEM CARREGADOR - JUROS. AF_02/2016","H","COEFICIENTE DE REPRESENTATIVIDADE",0.1,"CAIXA REFERENCIAL"]
["CUSTOS HORÁRIOS DE MÁQUINAS E EQUIPAMENTOS","CHOR","COMPOSIÇÕES AUXILIARES","0329","","",93231,"BETONEIRA CAPACIDADE NOMINAL 400 L, CAPACIDADE DE MISTURA 310 L, MOTOR A GASOLINA POTÊNCIA 5,5 CV, SEM CARREGADOR - MANUTENÇÃO. AF_02/2016","H","COEFICIENTE DE REPRESENTATIVIDADE",0.57999999999999996,"CAIXA REFERENCIAL"]
["CUSTOS HORÁRIOS DE MÁQUINAS E EQUIPAMENTOS","CHOR","COMPOSIÇÕES AUXILIARES","0329","","",93232,"BETONEIRA CAPACIDADE NOMINAL 400 L, CAPACIDADE DE MISTURA 310 L, MOTOR A GASOLINA POTÊNCIA 5,5 CV, SEM CARREGADOR - MATERIAIS NA OPERAÇÃO. AF_02/2016","H","COLETADO",4.37,"CAIXA REFERENCIAL"]
["CUSTOS HORÁRIOS DE MÁQUINAS E EQUIPAMENTOS","CHOR","COMPOSIÇÕES AUXILIARES","0329","","",93235,"GRUPO GERADOR ESTACIONÁRIO, MOTOR DIESEL POTÊNCIA 170 KVA - JUROS. AF_02/2016","H","COEFICIENTE DE REPRESENTATIVIDADE",2.5,"CAIXA REFERENCIAL"]
["CUSTOS HORÁRIOS DE MÁQUINAS E EQUIPAMENTOS","CHOR","COMPOSIÇÕES AUXILIARES","0329","","",93238,"ROLO COMPACTADOR VIBRATÓRIO REBOCÁVEL, CILINDRO DE AÇO LISO, POTÊNCIA DE TRAÇÃO DE 65 CV, PESO 4,7 T, IMPACTO DINÂMICO 18,3 T, LARGURA DE TRABALHO 1,67 M - JUROS. AF_02/2016","H","ATRIBUÍDO SÃO PAULO",2.66,"CAIXA REFERENCIAL"]
["CUSTOS HORÁRIOS DE MÁQUINAS E EQUIPAMENTOS","CHOR","COMPOSIÇÕES AUXILIARES","0329","","",93239,"ROLO COMPACTADOR VIBRATÓRIO PÉ DE CARNEIRO, OPERADO POR CONTROLE REMOTO, POTÊNCIA 12,5 KW, PESO OPERACIONAL 1,675 T, LARGURA DE TRABALHO 0,85 M - JUROS. AF_02/2016","H","ATRIBUÍDO SÃO PAULO",12.06,"CAIXA REFERENCIAL"]
["CUSTOS HORÁRIOS DE MÁQUINAS E EQUIPAMENTOS","CHOR","COMPOSIÇÕES AUXILIARES","0329","","",93240,"ROLO COMPACTADOR VIBRATÓRIO PÉ DE CARNEIRO, OPERADO POR CONTROLE REMOTO, POTÊNCIA 12,5 KW, PESO OPERACIONAL 1,675 T, LARGURA DE TRABALHO 0,85 M - MATERIAIS NA OPERAÇÃO. AF_02/2016","H","COLETADO",11.86,"CAIXA REFERENCIAL"]
["CUSTOS HORÁRIOS DE MÁQUINAS E EQUIPAMENTOS","CHOR","COMPOSIÇÕES AUXILIARES","0329","","",93267,"GRUA ASCENCIONAL, LANÇA DE 30 M, CAPACIDADE DE 1,0 T A 30 M, ALTURA ATÉ 39 M   DEPRECIAÇÃO. AF_05/2023","H","ATRIBUÍDO SÃO PAULO",28.78,"CAIXA REFERENCIAL"]
["CUSTOS HORÁRIOS DE MÁQUINAS E EQUIPAMENTOS","CHOR","COMPOSIÇÕES AUXILIARES","0329","","",93269,"GRUA ASCENCIONAL, LANÇA DE 30 M, CAPACIDADE DE 1,0 T A 30 M, ALTURA ATÉ 39 M   JUROS. AF_05/2023","H","ATRIBUÍDO SÃO PAULO",9.7100000000000009,"CAIXA REFERENCIAL"]
["CUSTOS HORÁRIOS DE MÁQUINAS E EQUIPAMENTOS","CHOR","COMPOSIÇÕES AUXILIARES","0329","","",93270,"GRUA ASCENCIONAL, LANÇA DE 30 M, CAPACIDADE DE 1,0 T A 30 M, ALTURA ATÉ 39 M   MANUTENÇÃO. AF_05/2023","H","ATRIBUÍDO SÃO PAULO",28.78,"CAIXA REFERENCIAL"]
["CUSTOS HORÁRIOS DE MÁQUINAS E EQUIPAMENTOS","CHOR","COMPOSIÇÕES AUXILIARES","0329","","",93271,"GRUA ASCENCIONAL, LANÇA DE 30 M, CAPACIDADE DE 1,0 T A 30 M, ALTURA ATÉ 39 M   MATERIAIS NA OPERAÇÃO. AF_05/2023","H","COEFICIENTE DE REPRESENTATIVIDADE",9.16,"CAIXA REFERENCIAL"]
["CUSTOS HORÁRIOS DE MÁQUINAS E EQUIPAMENTOS","CHOR","COMPOSIÇÕES AUXILIARES","0329","","",93277,"GUINCHO ELÉTRICO DE COLUNA, CAPACIDADE 400 KG, COM MOTO FREIO, MOTOR TRIFÁSICO DE 1,25 CV - DEPRECIAÇÃO. AF_03/2016","H","COEFICIENTE DE REPRESENTATIVIDADE",0.39,"CAIXA REFERENCIAL"]
["CUSTOS HORÁRIOS DE MÁQUINAS E EQUIPAMENTOS","CHOR","COMPOSIÇÕES AUXILIARES","0329","","",93278,"GUINCHO ELÉTRICO DE COLUNA, CAPACIDADE 400 KG, COM MOTO FREIO, MOTOR TRIFÁSICO DE 1,25 CV - JUROS. AF_03/2016","H","COEFICIENTE DE REPRESENTATIVIDADE",0.09,"CAIXA REFERENCIAL"]
["CUSTOS HORÁRIOS DE MÁQUINAS E EQUIPAMENTOS","CHOR","COMPOSIÇÕES AUXILIARES","0329","","",93279,"GUINCHO ELÉTRICO DE COLUNA, CAPACIDADE 400 KG, COM MOTO FREIO, MOTOR TRIFÁSICO DE 1,25 CV - MANUTENÇÃO. AF_03/2016","H","COEFICIENTE DE REPRESENTATIVIDADE",0.36,"CAIXA REFERENCIAL"]
["CUSTOS HORÁRIOS DE MÁQUINAS E EQUIPAMENTOS","CHOR","COMPOSIÇÕES AUXILIARES","0329","","",93280,"GUINCHO ELÉTRICO DE COLUNA, CAPACIDADE 400 KG, COM MOTO FREIO, MOTOR TRIFÁSICO DE 1,25 CV - MATERIAIS NA OPERAÇÃO. AF_03/2016","H","COEFICIENTE DE REPRESENTATIVIDADE",0.76,"CAIXA REFERENCIAL"]
["CUSTOS HORÁRIOS DE MÁQUINAS E EQUIPAMENTOS","CHOR","COMPOSIÇÕES AUXILIARES","0329","","",93283,"GUINDASTE HIDRÁULICO AUTOPROPELIDO, COM LANÇA TELESCÓPICA 40 M, CAPACIDADE MÁXIMA 60 T, POTÊNCIA 260 KW - DEPRECIAÇÃO. AF_03/2016","H","ATRIBUÍDO SÃO PAULO",96.78,"CAIXA REFERENCIAL"]
["CUSTOS HORÁRIOS DE MÁQUINAS E EQUIPAMENTOS","CHOR","COMPOSIÇÕES AUXILIARES","0329","","",93284,"GUINDASTE HIDRÁULICO AUTOPROPELIDO, COM LANÇA TELESCÓPICA 40 M, CAPACIDADE MÁXIMA 60 T, POTÊNCIA 260 KW - JUROS. AF_03/2016","H","ATRIBUÍDO SÃO PAULO",34.11,"CAIXA REFERENCIAL"]
["CUSTOS HORÁRIOS DE MÁQUINAS E EQUIPAMENTOS","CHOR","COMPOSIÇÕES AUXILIARES","0329","","",93285,"GUINDASTE HIDRÁULICO AUTOPROPELIDO, COM LANÇA TELESCÓPICA 40 M, CAPACIDADE MÁXIMA 60 T, POTÊNCIA 260 KW - MANUTENÇÃO. AF_03/2016","H","ATRIBUÍDO SÃO PAULO",155.57,"CAIXA REFERENCIAL"]
["CUSTOS HORÁRIOS DE MÁQUINAS E EQUIPAMENTOS","CHOR","COMPOSIÇÕES AUXILIARES","0329","","",93286,"GUINDASTE HIDRÁULICO AUTOPROPELIDO, COM LANÇA TELESCÓPICA 40 M, CAPACIDADE MÁXIMA 60 T, POTÊNCIA 260 KW - MATERIAIS NA OPERAÇÃO. AF_03/2016","H","COEFICIENTE DE REPRESENTATIVIDADE",12.74,"CAIXA REFERENCIAL"]
["CUSTOS HORÁRIOS DE MÁQUINAS E EQUIPAMENTOS","CHOR","COMPOSIÇÕES AUXILIARES","0329","","",93296,"GUINDASTE HIDRÁULICO AUTOPROPELIDO, COM LANÇA TELESCÓPICA 40 M, CAPACIDADE MÁXIMA 60 T, POTÊNCIA 260 KW - IMPOSTOS E SEGUROS. AF_03/2016","H","ATRIBUÍDO SÃO PAULO",13.79,"CAIXA REFERENCIAL"]
["CUSTOS HORÁRIOS DE MÁQUINAS E EQUIPAMENTOS","CHOR","COMPOSIÇÕES AUXILIARES","0329","","",93397,"GUINDAUTO HIDRÁULICO, CAPACIDADE MÁXIMA DE CARGA 3300 KG, MOMENTO MÁXIMO DE CARGA 5,8 TM, ALCANCE MÁXIMO HORIZONTAL 7,60 M, INCLUSIVE CAMINHÃO TOCO PBT 16.000 KG, POTÊNCIA DE 189 CV - DEPRECIAÇÃO. AF_03/2016","H","ATRIBUÍDO SÃO PAULO",26.29,"CAIXA REFERENCIAL"]
["CUSTOS HORÁRIOS DE MÁQUINAS E EQUIPAMENTOS","CHOR","COMPOSIÇÕES AUXILIARES","0329","","",93398,"GUINDAUTO HIDRÁULICO, CAPACIDADE MÁXIMA DE CARGA 3300 KG, MOMENTO MÁXIMO DE CARGA 5,8 TM, ALCANCE MÁXIMO HORIZONTAL 7,60 M, INCLUSIVE CAMINHÃO TOCO PBT 16.000 KG, POTÊNCIA DE 189 CV - JUROS. AF_03/2016","H","ATRIBUÍDO SÃO PAULO",9.98,"CAIXA REFERENCIAL"]
["CUSTOS HORÁRIOS DE MÁQUINAS E EQUIPAMENTOS","CHOR","COMPOSIÇÕES AUXILIARES","0329","","",93399,"GUINDAUTO HIDRÁULICO, CAPACIDADE MÁXIMA DE CARGA 3300 KG, MOMENTO MÁXIMO DE CARGA 5,8 TM, ALCANCE MÁXIMO HORIZONTAL 7,60 M, INCLUSIVE CAMINHÃO TOCO PBT 16.000 KG, POTÊNCIA DE 189 CV - IMPOSTOS E SEGUROS. AF_03/2016","H","ATRIBUÍDO SÃO PAULO",4.03,"CAIXA REFERENCIAL"]
["CUSTOS HORÁRIOS DE MÁQUINAS E EQUIPAMENTOS","CHOR","COMPOSIÇÕES AUXILIARES","0329","","",93400,"GUINDAUTO HIDRÁULICO, CAPACIDADE MÁXIMA DE CARGA 3300 KG, MOMENTO MÁXIMO DE CARGA 5,8 TM, ALCANCE MÁXIMO HORIZONTAL 7,60 M, INCLUSIVE CAMINHÃO TOCO PBT 16.000 KG, POTÊNCIA DE 189 CV - MANUTENÇÃO. AF_03/2016","H","ATRIBUÍDO SÃO PAULO",45.87,"CAIXA REFERENCIAL"]
["CUSTOS HORÁRIOS DE MÁQUINAS E EQUIPAMENTOS","CHOR","COMPOSIÇÕES AUXILIARES","0329","","",93401,"GUINDAUTO HIDRÁULICO, CAPACIDADE MÁXIMA DE CARGA 3300 KG, MOMENTO MÁXIMO DE CARGA 5,8 TM, ALCANCE MÁXIMO HORIZONTAL 7,60 M, INCLUSIVE CAMINHÃO TOCO PBT 16.000 KG, POTÊNCIA DE 189 CV - MATERIAIS NA OPERAÇÃO. AF_03/2016","H","COLETADO",156.72,"CAIXA REFERENCIAL"]
["CUSTOS HORÁRIOS DE MÁQUINAS E EQUIPAMENTOS","CHOR","COMPOSIÇÕES AUXILIARES","0329","","",93404,"MÁQUINA JATO DE PRESSAO PORTÁTIL, CAMARA DE 1 SAIDA, CAPACIDADE 280 L, DIAMETRO 670 MM, BICO DE JATO CURTO VENTURI DE 5/16\" , MANGUEIRA DE 1\" COM COMPRESSOR DE AR REBOCÁVEL 189 PCM E MOTOR DIESEL 63 CV - DEPRECIAÇÃO. AF_05/2023","H","ATRIBUÍDO SÃO PAULO",7.09,"CAIXA REFERENCIAL"]
["CUSTOS HORÁRIOS DE MÁQUINAS E EQUIPAMENTOS","CHOR","COMPOSIÇÕES AUXILIARES","0329","","",93405,"MÁQUINA JATO DE PRESSAO PORTÁTIL, CAMARA DE 1 SAIDA, CAPACIDADE 280 L, DIAMETRO 670 MM, BICO DE JATO CURTO VENTURI DE 5/16\" , MANGUEIRA DE 1\" COM COMPRESSOR DE AR REBOCÁVEL 189 PCM E MOTOR DIESEL 63 CV - JUROS. AF_05/2023","H","ATRIBUÍDO SÃO PAULO",1.93,"CAIXA REFERENCIAL"]
["CUSTOS HORÁRIOS DE MÁQUINAS E EQUIPAMENTOS","CHOR","COMPOSIÇÕES AUXILIARES","0329","","",93406,"MÁQUINA JATO DE PRESSAO PORTÁTIL, CAMARA DE 1 SAIDA, CAPACIDADE 280 L, DIAMETRO 670 MM, BICO DE JATO CURTO VENTURI DE 5/16\" , MANGUEIRA DE 1\" COM COMPRESSOR DE AR REBOCÁVEL 189 PCM E MOTOR DIESEL 63 CV - MANUTENÇÃO. AF_05/2023","H","ATRIBUÍDO SÃO PAULO",9.4,"CAIXA REFERENCIAL"]
["CUSTOS HORÁRIOS DE MÁQUINAS E EQUIPAMENTOS","CHOR","COMPOSIÇÕES AUXILIARES","0329","","",93407,"MÁQUINA JATO DE PRESSAO PORTÁTIL, CAMARA DE 1 SAIDA, CAPACIDADE 280 L, DIAMETRO 670 MM, BICO DE JATO CURTO VENTURI DE 5/16\" , MANGUEIRA DE 1\" COM COMPRESSOR DE AR REBOCÁVEL 189 PCM E MOTOR DIESEL 63 CV - MATERIAIS NA OPERAÇÃO. AF_05/2023","H","COLETADO",46.74,"CAIXA REFERENCIAL"]
["CUSTOS HORÁRIOS DE MÁQUINAS E EQUIPAMENTOS","CHOR","COMPOSIÇÕES AUXILIARES","0329","","",93411,"GERADOR PORTÁTIL MONOFÁSICO, POTÊNCIA 5500 VA, MOTOR A GASOLINA, POTÊNCIA DO MOTOR 13 CV - DEPRECIAÇÃO. AF_03/2016","H","COEFICIENTE DE REPRESENTATIVIDADE",0.34,"CAIXA REFERENCIAL"]
["CUSTOS HORÁRIOS DE MÁQUINAS E EQUIPAMENTOS","CHOR","COMPOSIÇÕES AUXILIARES","0329","","",93412,"GERADOR PORTÁTIL MONOFÁSICO, POTÊNCIA 5500 VA, MOTOR A GASOLINA, POTÊNCIA DO MOTOR 13 CV - JUROS. AF_03/2016","H","COEFICIENTE DE REPRESENTATIVIDADE",0.12,"CAIXA REFERENCIAL"]
["CUSTOS HORÁRIOS DE MÁQUINAS E EQUIPAMENTOS","CHOR","COMPOSIÇÕES AUXILIARES","0329","","",93413,"GERADOR PORTÁTIL MONOFÁSICO, POTÊNCIA 5500 VA, MOTOR A GASOLINA, POTÊNCIA DO MOTOR 13 CV - MANUTENÇÃO. AF_03/2016","H","COEFICIENTE DE REPRESENTATIVIDADE",0.3,"CAIXA REFERENCIAL"]
["CUSTOS HORÁRIOS DE MÁQUINAS E EQUIPAMENTOS","CHOR","COMPOSIÇÕES AUXILIARES","0329","","",93414,"GERADOR PORTÁTIL MONOFÁSICO, POTÊNCIA 5500 VA, MOTOR A GASOLINA, POTÊNCIA DO MOTOR 13 CV - MATERIAIS NA OPERAÇÃO. AF_03/2016","H","COLETADO",14.14,"CAIXA REFERENCIAL"]
["CUSTOS HORÁRIOS DE MÁQUINAS E EQUIPAMENTOS","CHOR","COMPOSIÇÕES AUXILIARES","0329","","",93417,"GRUPO GERADOR REBOCÁVEL, POTÊNCIA 66 KVA, MOTOR A DIESEL - DEPRECIAÇÃO. AF_03/2016","H","COEFICIENTE DE REPRESENTATIVIDADE",4.46,"CAIXA REFERENCIAL"]
["CUSTOS HORÁRIOS DE MÁQUINAS E EQUIPAMENTOS","CHOR","COMPOSIÇÕES AUXILIARES","0329","","",93418,"GRUPO GERADOR REBOCÁVEL, POTÊNCIA 66 KVA, MOTOR A DIESEL - JUROS. AF_03/2016","H","COEFICIENTE DE REPRESENTATIVIDADE",1.57,"CAIXA REFERENCIAL"]
["CUSTOS HORÁRIOS DE MÁQUINAS E EQUIPAMENTOS","CHOR","COMPOSIÇÕES AUXILIARES","0329","","",93419,"GRUPO GERADOR REBOCÁVEL, POTÊNCIA 66 KVA, MOTOR A DIESEL - MANUTENÇÃO. AF_03/2016","H","COEFICIENTE DE REPRESENTATIVIDADE",3.98,"CAIXA REFERENCIAL"]
["CUSTOS HORÁRIOS DE MÁQUINAS E EQUIPAMENTOS","CHOR","COMPOSIÇÕES AUXILIARES","0329","","",93420,"GRUPO GERADOR REBOCÁVEL, POTÊNCIA 66 KVA, MOTOR A DIESEL - MATERIAIS NA OPERAÇÃO. AF_03/2016","H","COLETADO",66.47,"CAIXA REFERENCIAL"]
["CUSTOS HORÁRIOS DE MÁQUINAS E EQUIPAMENTOS","CHOR","COMPOSIÇÕES AUXILIARES","0329","","",93423,"GRUPO GERADOR ESTACIONÁRIO, POTÊNCIA 150 KVA, MOTOR A DIESEL- DEPRECIAÇÃO. AF_03/2016","H","COEFICIENTE DE REPRESENTATIVIDADE",6.32,"CAIXA REFERENCIAL"]
["CUSTOS HORÁRIOS DE MÁQUINAS E EQUIPAMENTOS","CHOR","COMPOSIÇÕES AUXILIARES","0329","","",93424,"GRUPO GERADOR ESTACIONÁRIO, POTÊNCIA 150 KVA, MOTOR A DIESEL- JUROS. AF_03/2016","H","COEFICIENTE DE REPRESENTATIVIDADE",2.2200000000000002,"CAIXA REFERENCIAL"]
["CUSTOS HORÁRIOS DE MÁQUINAS E EQUIPAMENTOS","CHOR","COMPOSIÇÕES AUXILIARES","0329","","",93425,"GRUPO GERADOR ESTACIONÁRIO, POTÊNCIA 150 KVA, MOTOR A DIESEL- MANUTENÇÃO. AF_03/2016","H","COEFICIENTE DE REPRESENTATIVIDADE",5.64,"CAIXA REFERENCIAL"]
["CUSTOS HORÁRIOS DE MÁQUINAS E EQUIPAMENTOS","CHOR","COMPOSIÇÕES AUXILIARES","0329","","",93426,"GRUPO GERADOR ESTACIONÁRIO, POTÊNCIA 150 KVA, MOTOR A DIESEL- MATERIAIS NA OPERAÇÃO. AF_03/2016","H","COLETADO",158.86000000000001,"CAIXA REFERENCIAL"]
["CUSTOS HORÁRIOS DE MÁQUINAS E EQUIPAMENTOS","CHOR","COMPOSIÇÕES AUXILIARES","0329","","",93429,"USINA DE MISTURA ASFÁLTICA À QUENTE, TIPO CONTRA FLUXO, PROD 40 A 80 TON/HORA - DEPRECIAÇÃO. AF_05/2023","H","ATRIBUÍDO SÃO PAULO",147.84,"CAIXA REFERENCIAL"]
["CUSTOS HORÁRIOS DE MÁQUINAS E EQUIPAMENTOS","CHOR","COMPOSIÇÕES AUXILIARES","0329","","",93430,"USINA DE MISTURA ASFÁLTICA À QUENTE, TIPO CONTRA FLUXO, PROD 40 A 80 TON/HORA - JUROS. AF_05/2023","H","ATRIBUÍDO SÃO PAULO",46.71,"CAIXA REFERENCIAL"]
["CUSTOS HORÁRIOS DE MÁQUINAS E EQUIPAMENTOS","CHOR","COMPOSIÇÕES AUXILIARES","0329","","",93431,"USINA DE MISTURA ASFÁLTICA À QUENTE, TIPO CONTRA FLUXO, PROD 40 A 80 TON/HORA - MANUTENÇÃO. AF_05/2023","H","ATRIBUÍDO SÃO PAULO",177.41,"CAIXA REFERENCIAL"]
["CUSTOS HORÁRIOS DE MÁQUINAS E EQUIPAMENTOS","CHOR","COMPOSIÇÕES AUXILIARES","0329","","",93432,"USINA DE MISTURA ASFÁLTICA À QUENTE, TIPO CONTRA FLUXO, PROD 40 A 80 TON/HORA - MATERIAIS NA OPERAÇÃO. AF_05/2023","H","COLETADO",2134.8000000000002,"CAIXA REFERENCIAL"]
["CUSTOS HORÁRIOS DE MÁQUINAS E EQUIPAMENTOS","CHOR","COMPOSIÇÕES AUXILIARES","0329","","",93435,"USINA DE ASFALTO À FRIO, CAPACIDADE DE 40 A 60 TON/HORA, ELÉTRICA POTÊNCIA 30 CV - DEPRECIAÇÃO. AF_05/2023","H","ATRIBUÍDO SÃO PAULO",9.33,"CAIXA REFERENCIAL"]
["CUSTOS HORÁRIOS DE MÁQUINAS E EQUIPAMENTOS","CHOR","COMPOSIÇÕES AUXILIARES","0329","","",93436,"USINA DE ASFALTO À FRIO, CAPACIDADE DE 40 A 60 TON/HORA, ELÉTRICA POTÊNCIA 30 CV - JUROS. AF_05/2023","H","ATRIBUÍDO SÃO PAULO",2.63,"CAIXA REFERENCIAL"]
["CUSTOS HORÁRIOS DE MÁQUINAS E EQUIPAMENTOS","CHOR","COMPOSIÇÕES AUXILIARES","0329","","",93437,"USINA DE ASFALTO À FRIO, CAPACIDADE DE 40 A 60 TON/HORA, ELÉTRICA POTÊNCIA 30 CV - MANUTENÇÃO. AF_05/2023","H","ATRIBUÍDO SÃO PAULO",9.33,"CAIXA REFERENCIAL"]
["CUSTOS HORÁRIOS DE MÁQUINAS E EQUIPAMENTOS","CHOR","COMPOSIÇÕES AUXILIARES","0329","","",93438,"USINA DE ASFALTO À FRIO, CAPACIDADE DE 40 A 60 TON/HORA, ELÉTRICA POTÊNCIA 30 CV - MATERIAIS NA OPERAÇÃO. AF_05/2023","H","COLETADO",111.3,"CAIXA REFERENCIAL"]
["CUSTOS HORÁRIOS DE MÁQUINAS E EQUIPAMENTOS","CHOR","COMPOSIÇÕES AUXILIARES","0329","","",95114,"MARTELETE OU ROMPEDOR PNEUMÁTICO MANUAL, 28 KG, COM SILENCIADOR - DEPRECIAÇÃO. AF_07/2016","H","COEFICIENTE DE REPRESENTATIVIDADE",1.37,"CAIXA REFERENCIAL"]
["CUSTOS HORÁRIOS DE MÁQUINAS E EQUIPAMENTOS","CHOR","COMPOSIÇÕES AUXILIARES","0329","","",95115,"MARTELETE OU ROMPEDOR PNEUMÁTICO MANUAL, 28 KG, COM SILENCIADOR - JUROS. AF_07/2016","H","COEFICIENTE DE REPRESENTATIVIDADE",0.31,"CAIXA REFERENCIAL"]
["CUSTOS HORÁRIOS DE MÁQUINAS E EQUIPAMENTOS","CHOR","COMPOSIÇÕES AUXILIARES","0329","","",95116,"USINA DE CONCRETO FIXA, CAPACIDADE NOMINAL DE 90 A 120 M3/H, SEM SILO - DEPRECIAÇÃO. AF_07/2016","H","ATRIBUÍDO SÃO PAULO",32.549999999999997,"CAIXA REFERENCIAL"]
["CUSTOS HORÁRIOS DE MÁQUINAS E EQUIPAMENTOS","CHOR","COMPOSIÇÕES AUXILIARES","0329","","",95117,"USINA DE CONCRETO FIXA, CAPACIDADE NOMINAL DE 90 A 120 M3/H, SEM SILO - JUROS. AF_07/2016","H","ATRIBUÍDO SÃO PAULO",10.039999999999999,"CAIXA REFERENCIAL"]
["CUSTOS HORÁRIOS DE MÁQUINAS E EQUIPAMENTOS","CHOR","COMPOSIÇÕES AUXILIARES","0329","","",95118,"USINA MISTURADORA DE SOLOS, CAPACIDADE DE 200 A 500 TON/H, POTENCIA 75KW - DEPRECIAÇÃO. AF_07/2016","H","ATRIBUÍDO SÃO PAULO",69.7,"CAIXA REFERENCIAL"]
["CUSTOS HORÁRIOS DE MÁQUINAS E EQUIPAMENTOS","CHOR","COMPOSIÇÕES AUXILIARES","0329","","",95119,"USINA MISTURADORA DE SOLOS, CAPACIDADE DE 200 A 500 TON/H, POTENCIA 75KW - JUROS. AF_07/2016","H","ATRIBUÍDO SÃO PAULO",21.5,"CAIXA REFERENCIAL"]
["CUSTOS HORÁRIOS DE MÁQUINAS E EQUIPAMENTOS","CHOR","COMPOSIÇÕES AUXILIARES","0329","","",95120,"USINA MISTURADORA DE SOLOS, CAPACIDADE DE 200 A 500 TON/H, POTENCIA 75KW - MATERIAIS NA OPERAÇÃO. AF_07/2016","H","COEFICIENTE DE REPRESENTATIVIDADE",62.47,"CAIXA REFERENCIAL"]
["CUSTOS HORÁRIOS DE MÁQUINAS E EQUIPAMENTOS","CHOR","COMPOSIÇÕES AUXILIARES","0329","","",95123,"DISTRIBUIDOR DE AGREGADOS AUTOPROPELIDO, CAP 3 M3, A DIESEL, POTÊNCIA 176CV - DEPRECIAÇÃO. AF_07/2016","H","ATRIBUÍDO SÃO PAULO",17.87,"CAIXA REFERENCIAL"]
["CUSTOS HORÁRIOS DE MÁQUINAS E EQUIPAMENTOS","CHOR","COMPOSIÇÕES AUXILIARES","0329","","",95124,"DISTRIBUIDOR DE AGREGADOS AUTOPROPELIDO, C/AP 3 M3, A DIESEL, POTÊNCIA 176CV - JUROS. AF_07/2016","H","ATRIBUÍDO SÃO PAULO",5.51,"CAIXA REFERENCIAL"]
["CUSTOS HORÁRIOS DE MÁQUINAS E EQUIPAMENTOS","CHOR","COMPOSIÇÕES AUXILIARES","0329","","",95125,"DISTRIBUIDOR DE AGREGADOS AUTOPROPELIDO, CAP 3 M3, A DIESEL, POTÊNCIA 176CV - MANUTENÇÃO. AF_07/2016","H","ATRIBUÍDO SÃO PAULO",19.559999999999999,"CAIXA REFERENCIAL"]
["CUSTOS HORÁRIOS DE MÁQUINAS E EQUIPAMENTOS","CHOR","COMPOSIÇÕES AUXILIARES","0329","","",95126,"DISTRIBUIDOR DE AGREGADOS AUTOPROPELIDO, CAP 3 M3, A DIESEL, POTÊNCIA 176CV - MATERIAIS NA OPERAÇÃO. AF_07/2016","H","COLETADO",145.93,"CAIXA REFERENCIAL"]
["CUSTOS HORÁRIOS DE MÁQUINAS E EQUIPAMENTOS","CHOR","COMPOSIÇÕES AUXILIARES","0329","","",95129,"MÁQUINA DEMARCADORA DE FAIXA DE TRÁFEGO À FRIO, AUTOPROPELIDA, POTÊNCIA 38 HP - DEPRECIAÇÃO. AF_07/2016","H","ATRIBUÍDO SÃO PAULO",47.9,"CAIXA REFERENCIAL"]
["CUSTOS HORÁRIOS DE MÁQUINAS E EQUIPAMENTOS","CHOR","COMPOSIÇÕES AUXILIARES","0329","","",95130,"MÁQUINA DEMARCADORA DE FAIXA DE TRÁFEGO À FRIO, AUTOPROPELIDA, POTÊNCIA 38 HP - JUROS. AF_07/2016","H","ATRIBUÍDO SÃO PAULO",17.36,"CAIXA REFERENCIAL"]
["CUSTOS HORÁRIOS DE MÁQUINAS E EQUIPAMENTOS","CHOR","COMPOSIÇÕES AUXILIARES","0329","","",95131,"MÁQUINA DEMARCADORA DE FAIXA DE TRÁFEGO À FRIO, AUTOPROPELIDA, POTÊNCIA 38 HP - MANUTENÇÃO. AF_07/2016","H","ATRIBUÍDO SÃO PAULO",56.38,"CAIXA REFERENCIAL"]
["CUSTOS HORÁRIOS DE MÁQUINAS E EQUIPAMENTOS","CHOR","COMPOSIÇÕES AUXILIARES","0329","","",95132,"MÁQUINA DEMARCADORA DE FAIXA DE TRÁFEGO À FRIO, AUTOPROPELIDA, POTÊNCIA 38 HP - MATERIAIS NA OPERAÇÃO. AF_07/2016","H","COLETADO",31.96,"CAIXA REFERENCIAL"]
["CUSTOS HORÁRIOS DE MÁQUINAS E EQUIPAMENTOS","CHOR","COMPOSIÇÕES AUXILIARES","0329","","",95136,"TALHA MANUAL DE CORRENTE, CAPACIDADE DE 2 TON. COM ELEVAÇÃO DE 3 M - DEPRECIAÇÃO. AF_07/2016","H","COLETADO",0.04,"CAIXA REFERENCIAL"]
["CUSTOS HORÁRIOS DE MÁQUINAS E EQUIPAMENTOS","CHOR","COMPOSIÇÕES AUXILIARES","0329","","",95137,"TALHA MANUAL DE CORRENTE, CAPACIDADE DE 2 TON. COM ELEVAÇÃO DE 3 M - JUROS. AF_07/2016","H","COLETADO",0.01,"CAIXA REFERENCIAL"]
["CUSTOS HORÁRIOS DE MÁQUINAS E EQUIPAMENTOS","CHOR","COMPOSIÇÕES AUXILIARES","0329","","",95138,"TALHA MANUAL DE CORRENTE, CAPACIDADE DE 2 TON. COM ELEVAÇÃO DE 3 M - MANUTENÇÃO. AF_07/2016","H","COLETADO",0.03,"CAIXA REFERENCIAL"]
["CUSTOS HORÁRIOS DE MÁQUINAS E EQUIPAMENTOS","CHOR","COMPOSIÇÕES AUXILIARES","0329","","",95208,"GRUA ASCENCIONAL, LANÇA DE 42 M, CAPACIDADE DE 1,5 T A 30 M, ALTURA ATÉ 39 M   DEPRECIAÇÃO. AF_05/2023","H","ATRIBUÍDO SÃO PAULO",32.6,"CAIXA REFERENCIAL"]
["CUSTOS HORÁRIOS DE MÁQUINAS E EQUIPAMENTOS","CHOR","COMPOSIÇÕES AUXILIARES","0329","","",95209,"GRUA ASCENCIONAL, LANCA DE 42 M, CAPACIDADE DE 1,5 T A 30 M, ALTURA ATE 39 M   JUROS. AF_05/2023","H","ATRIBUÍDO SÃO PAULO",12.06,"CAIXA REFERENCIAL"]
["CUSTOS HORÁRIOS DE MÁQUINAS E EQUIPAMENTOS","CHOR","COMPOSIÇÕES AUXILIARES","0329","","",95210,"GRUA ASCENCIONAL, LANCA DE 42 M, CAPACIDADE DE 1,5 T A 30 M, ALTURA ATE 39 M   MANUTENÇÃO. AF_05/2023","H","ATRIBUÍDO SÃO PAULO",32.6,"CAIXA REFERENCIAL"]
["CUSTOS HORÁRIOS DE MÁQUINAS E EQUIPAMENTOS","CHOR","COMPOSIÇÕES AUXILIARES","0329","","",95211,"GRUA ASCENCIONAL, LANCA DE 42 M, CAPACIDADE DE 1,5 T A 30 M, ALTURA ATE 39 M   MATERIAIS NA OPERAÇÃO. AF_05/2023","H","COEFICIENTE DE REPRESENTATIVIDADE",9.16,"CAIXA REFERENCIAL"]
["CUSTOS HORÁRIOS DE MÁQUINAS E EQUIPAMENTOS","CHOR","COMPOSIÇÕES AUXILIARES","0329","","",95217,"PULVERIZADOR DE TINTA ELÉTRICO/MÁQUINA DE PINTURA AIRLESS, VAZÃO 2 L/MIN - MATERIAIS NA OPERAÇÃO. AF_05/2023","H","COEFICIENTE DE REPRESENTATIVIDADE",0.74,"CAIXA REFERENCIAL"]
["CUSTOS HORÁRIOS DE MÁQUINAS E EQUIPAMENTOS","CHOR","COMPOSIÇÕES AUXILIARES","0329","","",95255,"MARTELO DEMOLIDOR PNEUMÁTICO MANUAL, 32 KG - DEPRECIAÇÃO. AF_09/2016","H","COEFICIENTE DE REPRESENTATIVIDADE",1.21,"CAIXA REFERENCIAL"]
["CUSTOS HORÁRIOS DE MÁQUINAS E EQUIPAMENTOS","CHOR","COMPOSIÇÕES AUXILIARES","0329","","",95256,"MARTELO DEMOLIDOR PNEUMÁTICO MANUAL, 32 KG - JUROS. AF_09/2016","H","COEFICIENTE DE REPRESENTATIVIDADE",0.28000000000000003,"CAIXA REFERENCIAL"]
["CUSTOS HORÁRIOS DE MÁQUINAS E EQUIPAMENTOS","CHOR","COMPOSIÇÕES AUXILIARES","0329","","",95257,"MARTELO DEMOLIDOR PNEUMÁTICO MANUAL, 32 KG - MANUTENÇÃO. AF_09/2016","H","COEFICIENTE DE REPRESENTATIVIDADE",1.52,"CAIXA REFERENCIAL"]
["CUSTOS HORÁRIOS DE MÁQUINAS E EQUIPAMENTOS","CHOR","COMPOSIÇÕES AUXILIARES","0329","","",95260,"COMPACTADOR DE SOLOS DE PERCUSÃO (SOQUETE) COM MOTOR A GASOLINA, POTÊNCIA 3 CV - DEPRECIAÇÃO. AF_09/2016","H","ATRIBUÍDO SÃO PAULO",0.61,"CAIXA REFERENCIAL"]
["CUSTOS HORÁRIOS DE MÁQUINAS E EQUIPAMENTOS","CHOR","COMPOSIÇÕES AUXILIARES","0329","","",95261,"COMPACTADOR DE SOLOS DE PERCUSÃO (SOQUETE) COM MOTOR A GASOLINA, POTÊNCIA 3 CV - JUROS. AF_09/2016","H","ATRIBUÍDO SÃO PAULO",0.16,"CAIXA REFERENCIAL"]
["CUSTOS HORÁRIOS DE MÁQUINAS E EQUIPAMENTOS","CHOR","COMPOSIÇÕES AUXILIARES","0329","","",95262,"COMPACTADOR DE SOLOS DE PERCUSÃO (SOQUETE) COM MOTOR A GASOLINA, POTÊNCIA 3 CV - MANUTENÇÃO. AF_09/2016","H","ATRIBUÍDO SÃO PAULO",0.76,"CAIXA REFERENCIAL"]
["CUSTOS HORÁRIOS DE MÁQUINAS E EQUIPAMENTOS","CHOR","COMPOSIÇÕES AUXILIARES","0329","","",95263,"COMPACTADOR DE SOLOS DE PERCUSÃO (SOQUETE) COM MOTOR A GASOLINA, POTÊNCIA 3 CV - MATERIAIS NA OPERAÇÃO. AF_09/2016","H","COLETADO",4.43,"CAIXA REFERENCIAL"]
["CUSTOS HORÁRIOS DE MÁQUINAS E EQUIPAMENTOS","CHOR","COMPOSIÇÕES AUXILIARES","0329","","",95266,"RÉGUA VIBRATÓRIA DUPLA PARA CONCRETO, PESO DE 60KG, COMPRIMENTO 4 M, COM MOTOR A GASOLINA, POTÊNCIA 5,5 HP - DEPRECIAÇÃO. AF_09/2016","H","ATRIBUÍDO SÃO PAULO",0.44,"CAIXA REFERENCIAL"]
["CUSTOS HORÁRIOS DE MÁQUINAS E EQUIPAMENTOS","CHOR","COMPOSIÇÕES AUXILIARES","0329","","",95267,"RÉGUA VIBRATÓRIA DUPLA PARA CONCRETO, PESO DE 60KG, COMPRIMENTO 4 M, COM MOTOR A GASOLINA, POTÊNCIA 5,5 HP - JUROS. AF_09/2016","H","ATRIBUÍDO SÃO PAULO",0.09,"CAIXA REFERENCIAL"]
["CUSTOS HORÁRIOS DE MÁQUINAS E EQUIPAMENTOS","CHOR","COMPOSIÇÕES AUXILIARES","0329","","",95268,"RÉGUA VIBRATÓRIA DUPLA PARA CONCRETO, PESO DE 60KG, COMPRIMENTO 4 M, COM MOTOR A GASOLINA, POTÊNCIA 5,5 HP - MANUTENÇÃO. AF_09/2016","H","ATRIBUÍDO SÃO PAULO",0.43,"CAIXA REFERENCIAL"]
["CUSTOS HORÁRIOS DE MÁQUINAS E EQUIPAMENTOS","CHOR","COMPOSIÇÕES AUXILIARES","0329","","",95269,"RÉGUA VIBRATÓRIA DUPLA PARA CONCRETO, PESO DE 60KG, COMPRIMENTO 4 M, COM MOTOR A GASOLINA, POTÊNCIA 5,5 HP - MATERIAIS NA OPERAÇÃO. AF_09/2016","H","COLETADO",8.17,"CAIXA REFERENCIAL"]
["CUSTOS HORÁRIOS DE MÁQUINAS E EQUIPAMENTOS","CHOR","COMPOSIÇÕES AUXILIARES","0329","","",95272,"POLIDORA DE PISO (POLITRIZ), PESO DE 100KG, DIÂMETRO 450 MM, MOTOR ELÉTRICO, POTÊNCIA 4 HP - DEPRECIAÇÃO. AF_05/2023","H","ATRIBUÍDO SÃO PAULO",0.4,"CAIXA REFERENCIAL"]
["CUSTOS HORÁRIOS DE MÁQUINAS E EQUIPAMENTOS","CHOR","COMPOSIÇÕES AUXILIARES","0329","","",95273,"POLIDORA DE PISO (POLITRIZ), PESO DE 100KG, DIÂMETRO 450 MM, MOTOR ELÉTRICO, POTÊNCIA 4 HP - JUROS. AF_05/2023","H","ATRIBUÍDO SÃO PAULO",0.1,"CAIXA REFERENCIAL"]
["CUSTOS HORÁRIOS DE MÁQUINAS E EQUIPAMENTOS","CHOR","COMPOSIÇÕES AUXILIARES","0329","","",95274,"POLIDORA DE PISO (POLITRIZ), PESO DE 100KG, DIÂMETRO 450 MM, MOTOR ELÉTRICO, POTÊNCIA 4 HP - MANUTENÇÃO. AF_05/2023","H","ATRIBUÍDO SÃO PAULO",0.33,"CAIXA REFERENCIAL"]
["CUSTOS HORÁRIOS DE MÁQUINAS E EQUIPAMENTOS","CHOR","COMPOSIÇÕES AUXILIARES","0329","","",95275,"POLIDORA DE PISO (POLITRIZ), PESO DE 100KG, DIÂMETRO 450 MM, MOTOR ELÉTRICO, POTÊNCIA 4 HP - MATERIAIS NA OPERAÇÃO. AF_05/2023","H","COEFICIENTE DE REPRESENTATIVIDADE",2.48,"CAIXA REFERENCIAL"]
["CUSTOS HORÁRIOS DE MÁQUINAS E EQUIPAMENTOS","CHOR","COMPOSIÇÕES AUXILIARES","0329","","",95278,"DESEMPENADEIRA DE CONCRETO, PESO DE 78 KG, 4 PÁS, MOTOR A GASOLINA, POTÊNCIA 5,5 HP - DEPRECIAÇÃO. AF_05/2023","H","ATRIBUÍDO SÃO PAULO",0.51,"CAIXA REFERENCIAL"]
["CUSTOS HORÁRIOS DE MÁQUINAS E EQUIPAMENTOS","CHOR","COMPOSIÇÕES AUXILIARES","0329","","",95279,"DESEMPENADEIRA DE CONCRETO, PESO DE 78 KG, 4 PÁS, MOTOR A GASOLINA, POTÊNCIA 5,5 HP - JUROS. AF_05/2023","H","ATRIBUÍDO SÃO PAULO",0.1,"CAIXA REFERENCIAL"]
["CUSTOS HORÁRIOS DE MÁQUINAS E EQUIPAMENTOS","CHOR","COMPOSIÇÕES AUXILIARES","0329","","",95280,"DESEMPENADEIRA DE CONCRETO, PESO DE 78 KG, 4 PÁS, MOTOR A GASOLINA, POTÊNCIA 5,5 HP - MANUTENÇÃO. AF_05/2023","H","ATRIBUÍDO SÃO PAULO",0.51,"CAIXA REFERENCIAL"]
["CUSTOS HORÁRIOS DE MÁQUINAS E EQUIPAMENTOS","CHOR","COMPOSIÇÕES AUXILIARES","0329","","",95281,"DESEMPENADEIRA DE CONCRETO, PESO DE 78 KG, 4 PÁS, MOTOR A GASOLINA, POTÊNCIA 5,5 HP   MATERIAIS NA OPERAÇÃO. AF_05/2023","H","COLETADO",8.15,"CAIXA REFERENCIAL"]
["CUSTOS HORÁRIOS DE MÁQUINAS E EQUIPAMENTOS","CHOR","COMPOSIÇÕES AUXILIARES","0329","","",95617,"PERFURATRIZ PNEUMATICA MANUAL DE PESO MEDIO, MARTELETE, 18KG, COMPRIMENTO MÁXIMO DE CURSO DE 6 M, DIAMETRO DO PISTAO DE 5,5 CM - DEPRECIAÇÃO. AF_11/2016","H","COEFICIENTE DE REPRESENTATIVIDADE",0.99,"CAIXA REFERENCIAL"]
["CUSTOS HORÁRIOS DE MÁQUINAS E EQUIPAMENTOS","CHOR","COMPOSIÇÕES AUXILIARES","0329","","",95618,"PERFURATRIZ PNEUMATICA MANUAL DE PESO MEDIO, MARTELETE, 18KG, COMPRIMENTO MÁXIMO DE CURSO DE 6 M, DIAMETRO DO PISTAO DE 5,5 CM - JUROS. AF_11/2016","H","COEFICIENTE DE REPRESENTATIVIDADE",0.23,"CAIXA REFERENCIAL"]
["CUSTOS HORÁRIOS DE MÁQUINAS E EQUIPAMENTOS","CHOR","COMPOSIÇÕES AUXILIARES","0329","","",95619,"PERFURATRIZ PNEUMATICA MANUAL DE PESO MEDIO, MARTELETE, 18KG, COMPRIMENTO MÁXIMO DE CURSO DE 6 M, DIAMETRO DO PISTAO DE 5,5 CM - MANUTENÇÃO. AF_11/2016","H","COEFICIENTE DE REPRESENTATIVIDADE",1.24,"CAIXA REFERENCIAL"]
["CUSTOS HORÁRIOS DE MÁQUINAS E EQUIPAMENTOS","CHOR","COMPOSIÇÕES AUXILIARES","0329","","",95627,"ROLO COMPACTADOR VIBRATORIO TANDEM, ACO LISO, POTENCIA 125 HP, PESO SEM/COM LASTRO 10,20/11,65 T, LARGURA DE TRABALHO 1,73 M - DEPRECIAÇÃO. AF_11/2016","H","ATRIBUÍDO SÃO PAULO",49.22,"CAIXA REFERENCIAL"]
["CUSTOS HORÁRIOS DE MÁQUINAS E EQUIPAMENTOS","CHOR","COMPOSIÇÕES AUXILIARES","0329","","",95628,"ROLO COMPACTADOR VIBRATORIO TANDEM, ACO LISO, POTENCIA 125 HP, PESO SEM/COM LASTRO 10,20/11,65 T, LARGURA DE TRABALHO 1,73 M - JUROS. AF_11/2016","H","ATRIBUÍDO SÃO PAULO",13.2,"CAIXA REFERENCIAL"]
["CUSTOS HORÁRIOS DE MÁQUINAS E EQUIPAMENTOS","CHOR","COMPOSIÇÕES AUXILIARES","0329","","",95629,"ROLO COMPACTADOR VIBRATORIO TANDEM, ACO LISO, POTENCIA 125 HP, PESO SEM/COM LASTRO 10,20/11,65 T, LARGURA DE TRABALHO 1,73 M - MANUTENÇÃO. AF_11/2016","H","ATRIBUÍDO SÃO PAULO",61.6,"CAIXA REFERENCIAL"]
["CUSTOS HORÁRIOS DE MÁQUINAS E EQUIPAMENTOS","CHOR","COMPOSIÇÕES AUXILIARES","0329","","",95630,"ROLO COMPACTADOR VIBRATORIO TANDEM, ACO LISO, POTENCIA 125 HP, PESO SEM/COM LASTRO 10,20/11,65 T, LARGURA DE TRABALHO 1,73 M - MATERIAIS NA OPERAÇÃO. AF_11/2016","H","COLETADO",88.47,"CAIXA REFERENCIAL"]
["CUSTOS HORÁRIOS DE MÁQUINAS E EQUIPAMENTOS","CHOR","COMPOSIÇÕES AUXILIARES","0329","","",95698,"PERFURATRIZ MANUAL, TORQUE MAXIMO 55 KGF.M, POTENCIA 5 CV, COM DIAMETRO MAXIMO 8 1/2\" - DEPRECIAÇÃO. AF_11/2016","H","COEFICIENTE DE REPRESENTATIVIDADE",4.05,"CAIXA REFERENCIAL"]
["CUSTOS HORÁRIOS DE MÁQUINAS E EQUIPAMENTOS","CHOR","COMPOSIÇÕES AUXILIARES","0329","","",95699,"PERFURATRIZ MANUAL, TORQUE MAXIMO 55 KGF.M, POTENCIA 5 CV, COM DIAMETRO MAXIMO 8 1/2\" - JUROS. AF_11/2016","H","COEFICIENTE DE REPRESENTATIVIDADE",0.93,"CAIXA REFERENCIAL"]
["CUSTOS HORÁRIOS DE MÁQUINAS E EQUIPAMENTOS","CHOR","COMPOSIÇÕES AUXILIARES","0329","","",95700,"PERFURATRIZ MANUAL, TORQUE MAXIMO 55 KGF.M, POTENCIA 5 CV, COM DIAMETRO MAXIMO 8 1/2\" - MANUTENÇÃO. AF_11/2016","H","COEFICIENTE DE REPRESENTATIVIDADE",5.0599999999999996,"CAIXA REFERENCIAL"]
["CUSTOS HORÁRIOS DE MÁQUINAS E EQUIPAMENTOS","CHOR","COMPOSIÇÕES AUXILIARES","0329","","",95701,"PERFURATRIZ MANUAL, TORQUE MAXIMO 55 KGF.M, POTENCIA 5 CV, COM DIAMETRO MAXIMO 8 1/2\" - MATERIAIS NA OPERAÇÃO. AF_11/2016","H","COEFICIENTE DE REPRESENTATIVIDADE",3.06,"CAIXA REFERENCIAL"]
["CUSTOS HORÁRIOS DE MÁQUINAS E EQUIPAMENTOS","CHOR","COMPOSIÇÕES AUXILIARES","0329","","",95704,"PERFURATRIZ SOBRE ESTEIRA, TORQUE MÁXIMO 600 KGF, POTÊNCIA ENTRE 50 E 60 HP, DIÂMETRO MÁXIMO 10\" - DEPRECIAÇÃO. AF_11/2016","H","COEFICIENTE DE REPRESENTATIVIDADE",45.75,"CAIXA REFERENCIAL"]
["CUSTOS HORÁRIOS DE MÁQUINAS E EQUIPAMENTOS","CHOR","COMPOSIÇÕES AUXILIARES","0329","","",95705,"PERFURATRIZ SOBRE ESTEIRA, TORQUE MÁXIMO 600 KGF, POTÊNCIA ENTRE 50 E 60 HP, DIÂMETRO MÁXIMO 10\" - JUROS. AF_11/2016","H","COEFICIENTE DE REPRESENTATIVIDADE",12.27,"CAIXA REFERENCIAL"]
["CUSTOS HORÁRIOS DE MÁQUINAS E EQUIPAMENTOS","CHOR","COMPOSIÇÕES AUXILIARES","0329","","",95706,"PERFURATRIZ SOBRE ESTEIRA, TORQUE MÁXIMO 600 KGF, POTÊNCIA ENTRE 50 E 60 HP, DIÂMETRO MÁXIMO 10\" - MANUTENÇÃO. AF_11/2016","H","COEFICIENTE DE REPRESENTATIVIDADE",57.25,"CAIXA REFERENCIAL"]
["CUSTOS HORÁRIOS DE MÁQUINAS E EQUIPAMENTOS","CHOR","COMPOSIÇÕES AUXILIARES","0329","","",95707,"PERFURATRIZ SOBRE ESTEIRA, TORQUE MÁXIMO 600 KGF, POTÊNCIA ENTRE 50 E 60 HP, DIÂMETRO MÁXIMO 10\" - MATERIAIS NA OPERAÇÃO. AF_11/2016","H","COEFICIENTE DE REPRESENTATIVIDADE",4.01,"CAIXA REFERENCIAL"]
["CUSTOS HORÁRIOS DE MÁQUINAS E EQUIPAMENTOS","CHOR","COMPOSIÇÕES AUXILIARES","0329","","",95710,"ESCAVADEIRA HIDRAULICA SOBRE ESTEIRA, COM GARRA GIRATORIA DE MANDIBULAS, PESO OPERACIONAL ENTRE 22,00 E 25,50 TON, POTENCIA LIQUIDA ENTRE 150 E 160 HP - DEPRECIAÇÃO. AF_11/2016","H","COEFICIENTE DE REPRESENTATIVIDADE",54.99,"CAIXA REFERENCIAL"]
["CUSTOS HORÁRIOS DE MÁQUINAS E EQUIPAMENTOS","CHOR","COMPOSIÇÕES AUXILIARES","0329","","",95711,"ESCAVADEIRA HIDRAULICA SOBRE ESTEIRA, COM GARRA GIRATORIA DE MANDIBULAS, PESO OPERACIONAL ENTRE 22,00 E 25,50 TON, POTENCIA LIQUIDA ENTRE 150 E 160 HP - JUROS. AF_11/2016","H","COEFICIENTE DE REPRESENTATIVIDADE",14.53,"CAIXA REFERENCIAL"]
["CUSTOS HORÁRIOS DE MÁQUINAS E EQUIPAMENTOS","CHOR","COMPOSIÇÕES AUXILIARES","0329","","",95712,"ESCAVADEIRA HIDRAULICA SOBRE ESTEIRA, COM GARRA GIRATORIA DE MANDIBULAS, PESO OPERACIONAL ENTRE 22,00 E 25,50 TON, POTENCIA LIQUIDA ENTRE 150 E 160 HP - MANUTENÇÃO. AF_11/2016","H","COEFICIENTE DE REPRESENTATIVIDADE",68.73,"CAIXA REFERENCIAL"]
["CUSTOS HORÁRIOS DE MÁQUINAS E EQUIPAMENTOS","CHOR","COMPOSIÇÕES AUXILIARES","0329","","",95713,"ESCAVADEIRA HIDRAULICA SOBRE ESTEIRA, COM GARRA GIRATORIA DE MANDIBULAS, PESO OPERACIONAL ENTRE 22,00 E 25,50 TON, POTENCIA LIQUIDA ENTRE 150 E 160 HP - MATERIAIS NA OPERAÇÃO. AF_11/2016","H","COLETADO",89.12,"CAIXA REFERENCIAL"]
["CUSTOS HORÁRIOS DE MÁQUINAS E EQUIPAMENTOS","CHOR","COMPOSIÇÕES AUXILIARES","0329","","",95716,"ESCAVADEIRA HIDRAULICA SOBRE ESTEIRA, EQUIPADA COM CLAMSHELL, COM CAPACIDADE DA CAÇAMBA ENTRE 1,20 E 1,50 M3, PESO OPERACIONAL ENTRE 20,00 E 22,00 TON, POTENCIA LIQUIDA ENTRE 150 E 160 HP - DEPRECIAÇÃO. AF_11/2016","H","COEFICIENTE DE REPRESENTATIVIDADE",52.93,"CAIXA REFERENCIAL"]
["CUSTOS HORÁRIOS DE MÁQUINAS E EQUIPAMENTOS","CHOR","COMPOSIÇÕES AUXILIARES","0329","","",95717,"ESCAVADEIRA HIDRAULICA SOBRE ESTEIRA, EQUIPADA COM CLAMSHELL, COM CAPACIDADE DA CAÇAMBA ENTRE 1,20 E 1,50 M3, PESO OPERACIONAL ENTRE 20,00 E 22,00 TON, POTENCIA LIQUIDA ENTRE 150 E 160 HP - JUROS. AF_11/2016","H","COEFICIENTE DE REPRESENTATIVIDADE",13.99,"CAIXA REFERENCIAL"]
["CUSTOS HORÁRIOS DE MÁQUINAS E EQUIPAMENTOS","CHOR","COMPOSIÇÕES AUXILIARES","0329","","",95718,"ESCAVADEIRA HIDRAULICA SOBRE ESTEIRA, EQUIPADA COM CLAMSHELL, COM CAPACIDADE DA CAÇAMBA ENTRE 1,20 E 1,50 M3, PESO OPERACIONAL ENTRE 20,00 E 22,00 TON, POTENCIA LIQUIDA ENTRE 150 E 160 HP - MANUTENÇÃO. AF_11/2016","H","COEFICIENTE DE REPRESENTATIVIDADE",66.17,"CAIXA REFERENCIAL"]
["CUSTOS HORÁRIOS DE MÁQUINAS E EQUIPAMENTOS","CHOR","COMPOSIÇÕES AUXILIARES","0329","","",95719,"ESCAVADEIRA HIDRAULICA SOBRE ESTEIRA, EQUIPADA COM CLAMSHELL, COM CAPACIDADE DA CAÇAMBA ENTRE 1,20 E 1,50 M3, PESO OPERACIONAL ENTRE 20,00 E 22,00 TON, POTENCIA LIQUIDA ENTRE 150 E 160 HP - MATERIAIS NA OPERAÇÃO. AF_11/2016","H","COLETADO",89.12,"CAIXA REFERENCIAL"]
["CUSTOS HORÁRIOS DE MÁQUINAS E EQUIPAMENTOS","CHOR","COMPOSIÇÕES AUXILIARES","0329","","",95869,"GRUPO GERADOR COM CARENAGEM, MOTOR DIESEL POTÊNCIA STANDART ENTRE 250 E 260 KVA - JUROS. AF_12/2016","H","COEFICIENTE DE REPRESENTATIVIDADE",3.56,"CAIXA REFERENCIAL"]
["CUSTOS HORÁRIOS DE MÁQUINAS E EQUIPAMENTOS","CHOR","COMPOSIÇÕES AUXILIARES","0329","","",95870,"GRUPO GERADOR COM CARENAGEM, MOTOR DIESEL POTÊNCIA STANDART ENTRE 250 E 260 KVA - MANUTENÇÃO. AF_12/2016","H","COEFICIENTE DE REPRESENTATIVIDADE",9.02,"CAIXA REFERENCIAL"]
["CUSTOS HORÁRIOS DE MÁQUINAS E EQUIPAMENTOS","CHOR","COMPOSIÇÕES AUXILIARES","0329","","",95871,"GRUPO GERADOR COM CARENAGEM, MOTOR DIESEL POTÊNCIA STANDART ENTRE 250 E 260 KVA - MATERIAIS NA OPERAÇÃO. AF_12/2016","H","COLETADO",270.64,"CAIXA REFERENCIAL"]
["CUSTOS HORÁRIOS DE MÁQUINAS E EQUIPAMENTOS","CHOR","COMPOSIÇÕES AUXILIARES","0329","","",95874,"GRUPO GERADOR COM CARENAGEM, MOTOR DIESEL POTÊNCIA STANDART ENTRE 250 E 260 KVA - DEPRECIAÇÃO. AF_12/2016","H","COEFICIENTE DE REPRESENTATIVIDADE",10.1,"CAIXA REFERENCIAL"]
["CUSTOS HORÁRIOS DE MÁQUINAS E EQUIPAMENTOS","CHOR","COMPOSIÇÕES AUXILIARES","0329","","",96008,"TRATOR DE PNEUS COM POTÊNCIA DE 122 CV, TRAÇÃO 4X4, COM VASSOURA MECÂNICA ACOPLADA - DEPRECIAÇÃO. AF_02/2017","H","ATRIBUÍDO SÃO PAULO",21.58,"CAIXA REFERENCIAL"]
["CUSTOS HORÁRIOS DE MÁQUINAS E EQUIPAMENTOS","CHOR","COMPOSIÇÕES AUXILIARES","0329","","",96009,"TRATOR DE PNEUS COM POTÊNCIA DE 122 CV, TRAÇÃO 4X4, COM VASSOURA MECÂNICA ACOPLADA - JUROS. AF_02/2017","H","ATRIBUÍDO SÃO PAULO",5.78,"CAIXA REFERENCIAL"]
["CUSTOS HORÁRIOS DE MÁQUINAS E EQUIPAMENTOS","CHOR","COMPOSIÇÕES AUXILIARES","0329","","",96011,"TRATOR DE PNEUS COM POTÊNCIA DE 122 CV, TRAÇÃO 4X4, COM VASSOURA MECÂNICA ACOPLADA - MANUTENÇÃO. AF_02/2017","H","ATRIBUÍDO SÃO PAULO",23.6,"CAIXA REFERENCIAL"]
["CUSTOS HORÁRIOS DE MÁQUINAS E EQUIPAMENTOS","CHOR","COMPOSIÇÕES AUXILIARES","0329","","",96012,"TRATOR DE PNEUS COM POTÊNCIA DE 122 CV, TRAÇÃO 4X4, COM VASSOURA MECÂNICA ACOPLADA - MATERIAIS NA OPERAÇÃO. AF_02/2017","H","COLETADO",95.82,"CAIXA REFERENCIAL"]
["CUSTOS HORÁRIOS DE MÁQUINAS E EQUIPAMENTOS","CHOR","COMPOSIÇÕES AUXILIARES","0329","","",96015,"TRATOR DE PNEUS COM POTÊNCIA DE 122 CV, TRAÇÃO 4X4, COM GRADE DE DISCOS ACOPLADA - DEPRECIAÇÃO. AF_02/2017","H","ATRIBUÍDO SÃO PAULO",21.38,"CAIXA REFERENCIAL"]
["CUSTOS HORÁRIOS DE MÁQUINAS E EQUIPAMENTOS","CHOR","COMPOSIÇÕES AUXILIARES","0329","","",96016,"TRATOR DE PNEUS COM POTÊNCIA DE 122 CV, TRAÇÃO 4X4, COM GRADE DE DISCOS ACOPLADA - JUROS. AF_02/2017","H","ATRIBUÍDO SÃO PAULO",5.73,"CAIXA REFERENCIAL"]
["CUSTOS HORÁRIOS DE MÁQUINAS E EQUIPAMENTOS","CHOR","COMPOSIÇÕES AUXILIARES","0329","","",96018,"TRATOR DE PNEUS COM POTÊNCIA DE 122 CV, TRAÇÃO 4X4, COM GRADE DE DISCOS ACOPLADA - MANUTENÇÃO. AF_02/2017","H","ATRIBUÍDO SÃO PAULO",23.38,"CAIXA REFERENCIAL"]
["CUSTOS HORÁRIOS DE MÁQUINAS E EQUIPAMENTOS","CHOR","COMPOSIÇÕES AUXILIARES","0329","","",96019,"TRATOR DE PNEUS COM POTÊNCIA DE 122 CV, TRAÇÃO 4X4, COM GRADE DE DISCOS ACOPLADA - MATERIAIS NA OPERAÇÃO. AF_02/2017","H","COLETADO",95.82,"CAIXA REFERENCIAL"]
["CUSTOS HORÁRIOS DE MÁQUINAS E EQUIPAMENTOS","CHOR","COMPOSIÇÕES AUXILIARES","0329","","",96023,"TRATOR DE PNEUS COM POTÊNCIA DE 85 CV, TRAÇÃO 4X4, COM GRADE DE DISCOS ACOPLADA - DEPRECIAÇÃO. AF_02/2017","H","ATRIBUÍDO SÃO PAULO",16.55,"CAIXA REFERENCIAL"]
["CUSTOS HORÁRIOS DE MÁQUINAS E EQUIPAMENTOS","CHOR","COMPOSIÇÕES AUXILIARES","0329","","",96024,"TRATOR DE PNEUS COM POTÊNCIA DE 85 CV, TRAÇÃO 4X4, COM GRADE DE DISCOS ACOPLADA - JUROS. AF_02/2017","H","ATRIBUÍDO SÃO PAULO",4.43,"CAIXA REFERENCIAL"]
["CUSTOS HORÁRIOS DE MÁQUINAS E EQUIPAMENTOS","CHOR","COMPOSIÇÕES AUXILIARES","0329","","",96026,"TRATOR DE PNEUS COM POTÊNCIA DE 85 CV, TRAÇÃO 4X4, COM GRADE DE DISCOS ACOPLADA - MANUTENÇÃO. AF_02/2017","H","ATRIBUÍDO SÃO PAULO",18.100000000000001,"CAIXA REFERENCIAL"]
["CUSTOS HORÁRIOS DE MÁQUINAS E EQUIPAMENTOS","CHOR","COMPOSIÇÕES AUXILIARES","0329","","",96027,"TRATOR DE PNEUS COM POTÊNCIA DE 85 CV, TRAÇÃO 4X4, COM GRADE DE DISCOS ACOPLADA - MATERIAIS NA OPERAÇÃO. AF_02/2017","H","COLETADO",66.77,"CAIXA REFERENCIAL"]
["CUSTOS HORÁRIOS DE MÁQUINAS E EQUIPAMENTOS","CHOR","COMPOSIÇÕES AUXILIARES","0329","","",96030,"CAMINHÃO BASCULANTE 10 M3, TRUCADO, POTÊNCIA 230 CV, INCLUSIVE CAÇAMBA METÁLICA, COM DISTRIBUIDOR DE AGREGADOS ACOPLADO - DEPRECIAÇÃO. AF_02/2017","H","ATRIBUÍDO SÃO PAULO",34.69,"CAIXA REFERENCIAL"]
["CUSTOS HORÁRIOS DE MÁQUINAS E EQUIPAMENTOS","CHOR","COMPOSIÇÕES AUXILIARES","0329","","",96031,"CAMINHÃO BASCULANTE 10 M3, TRUCADO, POTÊNCIA 230 CV, INCLUSIVE CAÇAMBA METÁLICA, COM DISTRIBUIDOR DE AGREGADOS ACOPLADO - JUROS. AF_02/2017","H","ATRIBUÍDO SÃO PAULO",13.19,"CAIXA REFERENCIAL"]
["CUSTOS HORÁRIOS DE MÁQUINAS E EQUIPAMENTOS","CHOR","COMPOSIÇÕES AUXILIARES","0329","","",96032,"CAMINHÃO BASCULANTE 10 M3, TRUCADO, POTÊNCIA 230 CV, INCLUSIVE CAÇAMBA METÁLICA, COM DISTRIBUIDOR DE AGREGADOS ACOPLADO - IMPOSTOS E SEGUROS. AF_02/2017","H","ATRIBUÍDO SÃO PAULO",5.3,"CAIXA REFERENCIAL"]
["CUSTOS HORÁRIOS DE MÁQUINAS E EQUIPAMENTOS","CHOR","COMPOSIÇÕES AUXILIARES","0329","","",96033,"CAMINHÃO BASCULANTE 10 M3, TRUCADO, POTÊNCIA 230 CV, INCLUSIVE CAÇAMBA METÁLICA, COM DISTRIBUIDOR DE AGREGADOS ACOPLADO - MANUTENÇÃO. AF_02/2017","H","ATRIBUÍDO SÃO PAULO",59.84,"CAIXA REFERENCIAL"]
["CUSTOS HORÁRIOS DE MÁQUINAS E EQUIPAMENTOS","CHOR","COMPOSIÇÕES AUXILIARES","0329","","",96034,"CAMINHÃO BASCULANTE 10 M3, TRUCADO, POTÊNCIA 230 CV, INCLUSIVE CAÇAMBA METÁLICA, COM DISTRIBUIDOR DE AGREGADOS ACOPLADO - MATERIAIS NA OPERAÇÃO. AF_02/2017","H","COLETADO",140.54,"CAIXA REFERENCIAL"]
["CUSTOS HORÁRIOS DE MÁQUINAS E EQUIPAMENTOS","CHOR","COMPOSIÇÕES AUXILIARES","0329","","",96053,"TRATOR DE PNEUS COM POTÊNCIA DE 85 CV, TRAÇÃO 4X4, COM VASSOURA MECÂNICA ACOPLADA - DEPRECIAÇÃO. AF_03/2017","H","ATRIBUÍDO SÃO PAULO",16.75,"CAIXA REFERENCIAL"]
["CUSTOS HORÁRIOS DE MÁQUINAS E EQUIPAMENTOS","CHOR","COMPOSIÇÕES AUXILIARES","0329","","",96054,"MINICARREGADEIRA SOBRE RODAS POTENCIA 47HP CAPACIDADE OPERACAO 646 KG, COM VASSOURA MECÂNICA ACOPLADA - DEPRECIAÇÃO. AF_03/2017","H","ATRIBUÍDO SÃO PAULO",31.85,"CAIXA REFERENCIAL"]
["CUSTOS HORÁRIOS DE MÁQUINAS E EQUIPAMENTOS","CHOR","COMPOSIÇÕES AUXILIARES","0329","","",96055,"TRATOR DE PNEUS COM POTÊNCIA DE 85 CV, TRAÇÃO 4X4, COM VASSOURA MECÂNICA ACOPLADA - JUROS. AF_03/2017","H","ATRIBUÍDO SÃO PAULO",4.4800000000000004,"CAIXA REFERENCIAL"]
["CUSTOS HORÁRIOS DE MÁQUINAS E EQUIPAMENTOS","CHOR","COMPOSIÇÕES AUXILIARES","0329","","",96056,"TRATOR DE PNEUS COM POTÊNCIA DE 85 CV, TRAÇÃO 4X4, COM VASSOURA MECÂNICA ACOPLADA - MANUTENÇÃO. AF_03/2017","H","ATRIBUÍDO SÃO PAULO",18.32,"CAIXA REFERENCIAL"]
["CUSTOS HORÁRIOS DE MÁQUINAS E EQUIPAMENTOS","CHOR","COMPOSIÇÕES AUXILIARES","0329","","",96057,"TRATOR DE PNEUS COM POTÊNCIA DE 85 CV, TRAÇÃO 4X4, COM VASSOURA MECÂNICA ACOPLADA - MATERIAIS NA OPERAÇÃO. AF_03/2017","H","COLETADO",66.77,"CAIXA REFERENCIAL"]
["CUSTOS HORÁRIOS DE MÁQUINAS E EQUIPAMENTOS","CHOR","COMPOSIÇÕES AUXILIARES","0329","","",96060,"MINICARREGADEIRA SOBRE RODAS POTENCIA 47HP CAPACIDADE OPERACAO 646 KG, COM VASSOURA MECÂNICA ACOPLADA - JUROS. AF_03/2017","H","ATRIBUÍDO SÃO PAULO",6.22,"CAIXA REFERENCIAL"]
["CUSTOS HORÁRIOS DE MÁQUINAS E EQUIPAMENTOS","CHOR","COMPOSIÇÕES AUXILIARES","0329","","",96061,"MINICARREGADEIRA SOBRE RODAS POTENCIA 47HP CAPACIDADE OPERACAO 646 KG, COM VASSOURA MECÂNICA ACOPLADA - MANUTENÇÃO. AF_03/2017","H","ATRIBUÍDO SÃO PAULO",39.82,"CAIXA REFERENCIAL"]
["CUSTOS HORÁRIOS DE MÁQUINAS E EQUIPAMENTOS","CHOR","COMPOSIÇÕES AUXILIARES","0329","","",96062,"MINICARREGADEIRA SOBRE RODAS POTENCIA 47HP CAPACIDADE OPERACAO 646 KG, COM VASSOURA MECÂNICA ACOPLADA - MATERIAIS NA OPERAÇÃO. AF_03/2017","H","COLETADO",39.49,"CAIXA REFERENCIAL"]
["CUSTOS HORÁRIOS DE MÁQUINAS E EQUIPAMENTOS","CHOR","COMPOSIÇÕES AUXILIARES","0329","","",96241,"MINIESCAVADEIRA SOBRE ESTEIRAS, POTENCIA LIQUIDA DE *30* HP, PESO OPERACIONAL DE *3.500* KG - DEPRECIACAO. AF_04/2017","H","ATRIBUÍDO SÃO PAULO",28.22,"CAIXA REFERENCIAL"]
["CUSTOS HORÁRIOS DE MÁQUINAS E EQUIPAMENTOS","CHOR","COMPOSIÇÕES AUXILIARES","0329","","",96242,"MINIESCAVADEIRA SOBRE ESTEIRAS, POTENCIA LIQUIDA DE *30* HP, PESO OPERACIONAL DE *3.500* KG - JUROS. AF_04/2017","H","ATRIBUÍDO SÃO PAULO",7.45,"CAIXA REFERENCIAL"]
["CUSTOS HORÁRIOS DE MÁQUINAS E EQUIPAMENTOS","CHOR","COMPOSIÇÕES AUXILIARES","0329","","",96243,"MINIESCAVADEIRA SOBRE ESTEIRAS, POTENCIA LIQUIDA DE *30* HP, PESO OPERACIONAL DE *3.500* KG - MANUTENCAO. AF_04/2017","H","ATRIBUÍDO SÃO PAULO",35.270000000000003,"CAIXA REFERENCIAL"]
["CUSTOS HORÁRIOS DE MÁQUINAS E EQUIPAMENTOS","CHOR","COMPOSIÇÕES AUXILIARES","0329","","",96244,"MINIESCAVADEIRA SOBRE ESTEIRAS, POTENCIA LIQUIDA DE *30* HP, PESO OPERACIONAL DE *3.500* KG - MATERIAIS NA OPERACAO. AF_04/2017","H","COLETADO",17.25,"CAIXA REFERENCIAL"]
["CUSTOS HORÁRIOS DE MÁQUINAS E EQUIPAMENTOS","CHOR","COMPOSIÇÕES AUXILIARES","0329","","",96301,"PERFURATRIZ ROTATIVA SOBRE ESTEIRA, TORQUE MAXIMO 2500 KGM, POTENCIA 110 HP, MOTOR DIESEL - MATERIAIS NA OPERAÇÃO. AF_05/2017","H","COLETADO",48.68,"CAIXA REFERENCIAL"]
["CUSTOS HORÁRIOS DE MÁQUINAS E EQUIPAMENTOS","CHOR","COMPOSIÇÕES AUXILIARES","0329","","",96457,"ROLO COMPACTADOR DE PNEUS, ESTATICO, PRESSAO VARIAVEL, POTENCIA 110 HP, PESO SEM/COM LASTRO 10,8/27 T, LARGURA DE ROLAGEM 2,30 M - MATERIAIS NA OPERACAO. AF_06/2017","H","COLETADO",63.27,"CAIXA REFERENCIAL"]
["CUSTOS HORÁRIOS DE MÁQUINAS E EQUIPAMENTOS","CHOR","COMPOSIÇÕES AUXILIARES","0329","","",96458,"ROLO COMPACTADOR DE PNEUS, ESTATICO, PRESSAO VARIAVEL, POTENCIA 110 HP, PESO SEM/COM LASTRO 10,8/27 T, LARGURA DE ROLAGEM 2,30 M - MANUTENCAO. AF_06/2017","H","ATRIBUÍDO SÃO PAULO",68.319999999999993,"CAIXA REFERENCIAL"]
["CUSTOS HORÁRIOS DE MÁQUINAS E EQUIPAMENTOS","CHOR","COMPOSIÇÕES AUXILIARES","0329","","",96459,"ROLO COMPACTADOR DE PNEUS, ESTATICO, PRESSAO VARIAVEL, POTENCIA 110 HP, PESO SEM/COM LASTRO 10,8/27 T, LARGURA DE ROLAGEM 2,30 M - JUROS. AF_06/2017","H","ATRIBUÍDO SÃO PAULO",14.64,"CAIXA REFERENCIAL"]
["CUSTOS HORÁRIOS DE MÁQUINAS E EQUIPAMENTOS","CHOR","COMPOSIÇÕES AUXILIARES","0329","","",96460,"ROLO COMPACTADOR DE PNEUS, ESTATICO, PRESSAO VARIAVEL, POTENCIA 110 HP, PESO SEM/COM LASTRO 10,8/27 T, LARGURA DE ROLAGEM 2,30 M - DEPRECIAÇÃO. AF_06/2017","H","ATRIBUÍDO SÃO PAULO",54.59,"CAIXA REFERENCIAL"]
["CUSTOS HORÁRIOS DE MÁQUINAS E EQUIPAMENTOS","CHOR","COMPOSIÇÕES AUXILIARES","0329","","",98760,"INVERSOR DE SOLDA MONOFÁSICO DE 160 A, POTÊNCIA DE 5400 W, TENSÃO DE 220 V, PARA SOLDA COM ELETRODOS DE 2,0 A 4,0 MM E PROCESSO TIG - DEPRECIAÇÃO. AF_06/2018","H","COLETADO",0.05,"CAIXA REFERENCIAL"]
["CUSTOS HORÁRIOS DE MÁQUINAS E EQUIPAMENTOS","CHOR","COMPOSIÇÕES AUXILIARES","0329","","",98761,"INVERSOR DE SOLDA MONOFÁSICO DE 160 A, POTÊNCIA DE 5400 W, TENSÃO DE 220 V, PARA SOLDA COM ELETRODOS DE 2,0 A 4,0 MM E PROCESSO TIG - JUROS. AF_06/2018","H","COLETADO",0.01,"CAIXA REFERENCIAL"]
["CUSTOS HORÁRIOS DE MÁQUINAS E EQUIPAMENTOS","CHOR","COMPOSIÇÕES AUXILIARES","0329","","",98762,"INVERSOR DE SOLDA MONOFÁSICO DE 160 A, POTÊNCIA DE 5400 W, TENSÃO DE 220 V, PARA SOLDA COM ELETRODOS DE 2,0 A 4,0 MM E PROCESSO TIG - MANUTENÇÃO. AF_06/2018","H","COLETADO",0.06,"CAIXA REFERENCIAL"]
["CUSTOS HORÁRIOS DE MÁQUINAS E EQUIPAMENTOS","CHOR","COMPOSIÇÕES AUXILIARES","0329","","",98763,"INVERSOR DE SOLDA MONOFÁSICO DE 160 A, POTÊNCIA DE 5400 W, TENSÃO DE 220 V, PARA SOLDA COM ELETRODOS DE 2,0 A 4,0 MM E PROCESSO TIG - MATERIAIS NA OPERAÇÃO. AF_06/2018","H","COEFICIENTE DE REPRESENTATIVIDADE",4.49,"CAIXA REFERENCIAL"]
["CUSTOS HORÁRIOS DE MÁQUINAS E EQUIPAMENTOS","CHOR","COMPOSIÇÕES AUXILIARES","0329","","",99829,"LAVADORA DE ALTA PRESSAO (LAVA-JATO) PARA AGUA FRIA, PRESSAO DE OPERACAO ENTRE 1400 E 1900 LIB/POL2, VAZAO MAXIMA ENTRE 400 E 700 L/H - DEPRECIAÇÃO. AF_05/2023","H","COLETADO",0.11,"CAIXA REFERENCIAL"]
["CUSTOS HORÁRIOS DE MÁQUINAS E EQUIPAMENTOS","CHOR","COMPOSIÇÕES AUXILIARES","0329","","",99830,"LAVADORA DE ALTA PRESSAO (LAVA-JATO) PARA AGUA FRIA, PRESSAO DE OPERACAO ENTRE 1400 E 1900 LIB/POL2, VAZAO MAXIMA ENTRE 400 E 700 L/H - JUROS. AF_05/2023","H","COLETADO",0.02,"CAIXA REFERENCIAL"]
["CUSTOS HORÁRIOS DE MÁQUINAS E EQUIPAMENTOS","CHOR","COMPOSIÇÕES AUXILIARES","0329","","",99831,"LAVADORA DE ALTA PRESSAO (LAVA-JATO) PARA AGUA FRIA, PRESSAO DE OPERACAO ENTRE 1400 E 1900 LIB/POL2, VAZAO MAXIMA ENTRE 400 E 700 L/H - MANUTENÇÃO. AF_05/2023","H","COLETADO",7.0000000000000007E-2,"CAIXA REFERENCIAL"]
["CUSTOS HORÁRIOS DE MÁQUINAS E EQUIPAMENTOS","CHOR","COMPOSIÇÕES AUXILIARES","0329","","",99832,"LAVADORA DE ALTA PRESSAO (LAVA-JATO) PARA AGUA FRIA, PRESSAO DE OPERACAO ENTRE 1400 E 1900 LIB/POL2, VAZAO MAXIMA ENTRE 400 E 700 L/H - MATERIAIS NA OPERAÇÃO. AF_05/2023","H","COEFICIENTE DE REPRESENTATIVIDADE",1.83,"CAIXA REFERENCIAL"]
["CUSTOS HORÁRIOS DE MÁQUINAS E EQUIPAMENTOS","CHOR","COMPOSIÇÕES AUXILIARES","0329","","",100637,"USINA DE MISTURA ASFÁLTICA À QUENTE, TIPO CONTRA FLUXO, PROD 100 A 140 TON/HORA - DEPRECIAÇÃO. AF_12/2019","H","ATRIBUÍDO SÃO PAULO",186.68,"CAIXA REFERENCIAL"]
["CUSTOS HORÁRIOS DE MÁQUINAS E EQUIPAMENTOS","CHOR","COMPOSIÇÕES AUXILIARES","0329","","",100638,"USINA DE MISTURA ASFÁLTICA À QUENTE, TIPO CONTRA FLUXO, PROD 100 A 140 TON/HORA - JUROS. AF_12/2019","H","ATRIBUÍDO SÃO PAULO",57.38,"CAIXA REFERENCIAL"]
["CUSTOS HORÁRIOS DE MÁQUINAS E EQUIPAMENTOS","CHOR","COMPOSIÇÕES AUXILIARES","0329","","",100639,"USINA DE MISTURA ASFÁLTICA À QUENTE, TIPO CONTRA FLUXO, PROD 100 A 140 TON/HORA - MANUTENÇÃO. AF_12/2019","H","ATRIBUÍDO SÃO PAULO",233.54,"CAIXA REFERENCIAL"]
["CUSTOS HORÁRIOS DE MÁQUINAS E EQUIPAMENTOS","CHOR","COMPOSIÇÕES AUXILIARES","0329","","",100640,"USINA DE MISTURA ASFÁLTICA À QUENTE, TIPO CONTRA FLUXO, PROD 100 A 140 TON/HORA - MATERIAIS NA OPERAÇÃO. AF_12/2019","H","COLETADO",4269.6000000000004,"CAIXA REFERENCIAL"]
["CUSTOS HORÁRIOS DE MÁQUINAS E EQUIPAMENTOS","CHOR","COMPOSIÇÕES AUXILIARES","0329","","",100643,"USINA DE ASFALTO, TIPO GRAVIMÉTRICA, PROD 150 TON/HORA - DEPRECIAÇÃO. AF_12/2019","H","ATRIBUÍDO SÃO PAULO",382.52,"CAIXA REFERENCIAL"]
["CUSTOS HORÁRIOS DE MÁQUINAS E EQUIPAMENTOS","CHOR","COMPOSIÇÕES AUXILIARES","0329","","",100644,"USINA DE ASFALTO, TIPO GRAVIMÉTRICA, PROD 150 TON/HORA - JUROS. AF_12/2019","H","ATRIBUÍDO SÃO PAULO",134.84,"CAIXA REFERENCIAL"]
["CUSTOS HORÁRIOS DE MÁQUINAS E EQUIPAMENTOS","CHOR","COMPOSIÇÕES AUXILIARES","0329","","",100645,"USINA DE ASFALTO, TIPO GRAVIMÉTRICA, PROD 150 TON/HORA - MANUTENÇÃO. AF_12/2019","H","ATRIBUÍDO SÃO PAULO",614.9,"CAIXA REFERENCIAL"]
["CUSTOS HORÁRIOS DE MÁQUINAS E EQUIPAMENTOS","CHOR","COMPOSIÇÕES AUXILIARES","0329","","",100646,"USINA DE ASFALTO, TIPO GRAVIMÉTRICA, PROD 150 TON/HORA - MATERIAIS NA OPERAÇÃO. AF_12/2019","H","COLETADO",5337,"CAIXA REFERENCIAL"]
["CUSTOS HORÁRIOS DE MÁQUINAS E EQUIPAMENTOS","CHOR","COMPOSIÇÕES AUXILIARES","0329","","",102270,"MARTELO DEMOLIDOR ELÉTRICO, COM POTÊNCIA DE 2.000 W, 1.000 IMPACTOS POR MINUTO, PESO DE 30 KG - DEPRECIAÇÃO. AF_01/2021","H","COLETADO",0.6,"CAIXA REFERENCIAL"]
["CUSTOS HORÁRIOS DE MÁQUINAS E EQUIPAMENTOS","CHOR","COMPOSIÇÕES AUXILIARES","0329","","",102271,"MARTELO DEMOLIDOR ELÉTRICO, COM POTÊNCIA DE 2.000 W, 1.000 IMPACTOS POR MINUTO, PESO DE 30 KG - JUROS. AF_01/2021","H","COLETADO",0.13,"CAIXA REFERENCIAL"]
["CUSTOS HORÁRIOS DE MÁQUINAS E EQUIPAMENTOS","CHOR","COMPOSIÇÕES AUXILIARES","0329","","",102272,"MARTELO DEMOLIDOR ELÉTRICO, COM POTÊNCIA DE 2.000 W, 1.000 IMPACTOS POR MINUTO, PESO DE 30 KG - MANUTENÇÃO. AF_01/2021","H","COLETADO",0.75,"CAIXA REFERENCIAL"]
["CUSTOS HORÁRIOS DE MÁQUINAS E EQUIPAMENTOS","CHOR","COMPOSIÇÕES AUXILIARES","0329","","",102273,"MARTELO DEMOLIDOR ELÉTRICO, COM POTÊNCIA DE 2.000 W, 1.000 IMPACTOS POR MINUTO, PESO DE 30 KG - MATERIAIS NA OPERAÇÃO. AF_01/2021","H","COEFICIENTE DE REPRESENTATIVIDADE",1.66,"CAIXA REFERENCIAL"]
["CUSTOS HORÁRIOS DE MÁQUINAS E EQUIPAMENTOS","CHOR","COMPOSIÇÕES AUXILIARES","0329","","",102809,"CALDEIRA A GÁS COM TERMOSTATO, CAPACIDADE 100 LITROS - MATERIAIS NA OPERAÇÃO. AF_05/2023","H","COLETADO",14.43,"CAIXA REFERENCIAL"]
["CUSTOS HORÁRIOS DE MÁQUINAS E EQUIPAMENTOS","CHOR","COMPOSIÇÕES AUXILIARES","0329","","",102815,"CENTRAL DE LAMA BENTONÍTICA (DEPÓSITO DE BENTONITA, MISTURADOR DE ALTA TURBULÊNCIA, SILOS DE ARMAZENAMENTO DE LAMA E ÁGUA, LABORATÓRIO DE CONTROLE DE QUALIDADE DA LAMA) - MATERIAIS NA OPERAÇÃO. AF_04/2019","H","COEFICIENTE DE REPRESENTATIVIDADE",3.33,"CAIXA REFERENCIAL"]
["CUSTOS HORÁRIOS DE MÁQUINAS E EQUIPAMENTOS","CHOR","COMPOSIÇÕES AUXILIARES","0329","","",102826,"CONJUNTO MACACO E BOMBA HIDRÁULICA PARA PROTENSAO DE CORDOALHAS, ESFORÇO MAXIMO DE 115 TONELADAS - MATERIAIS NA OPERAÇÃO. AF_05/2023","H","COEFICIENTE DE REPRESENTATIVIDADE",6.25,"CAIXA REFERENCIAL"]
["CUSTOS HORÁRIOS DE MÁQUINAS E EQUIPAMENTOS","CHOR","COMPOSIÇÕES AUXILIARES","0329","","",102832,"CONJUNTO CILINDRO E BOMBA HIDRÁULICA PARA PROTENSÃO DE MONOBARRAS PARA TIRANTES, ESFORÇO MÁXIMO DE 30 TONELADAS  - MATERIAIS NA OPERAÇÃO. AF_05/2023","H","COEFICIENTE DE REPRESENTATIVIDADE",8.33,"CAIXA REFERENCIAL"]
["CUSTOS HORÁRIOS DE MÁQUINAS E EQUIPAMENTOS","CHOR","COMPOSIÇÕES AUXILIARES","0329","","",102843,"GUINDASTE HIDRAULICO AUTOPROPELIDO, COM LANÇA TRELIÇADA 40 M, CAPACIDADE MÁXIMA 75 T, EQUIPADO COM CLAMSHELL - MATERIAIS NA OPERAÇÃO. AF_04/2019","H","COLETADO",133.41999999999999,"CAIXA REFERENCIAL"]
["CUSTOS HORÁRIOS DE MÁQUINAS E EQUIPAMENTOS","CHOR","COMPOSIÇÕES AUXILIARES","0329","","",102849,"GUINDASTE SOBRE ESTEIRAS, COM LANÇA TRELIÇADA 40 M, CAPACIDADE MÁXIMA 75 T - MATERIAIS NA OPERAÇÃO. AF_04/2019","H","COLETADO",65.23,"CAIXA REFERENCIAL"]
["CUSTOS HORÁRIOS DE MÁQUINAS E EQUIPAMENTOS","CHOR","COMPOSIÇÕES AUXILIARES","0329","","",102855,"GUINDASTE SOBRE ESTEIRAS, COM LANÇA TRELIÇADA 40 M, CAPACIDADE MÁXIMA 75 T, EQUIPADO COM CLAMSHELL - MATERIAIS NA OPERAÇÃO. AF_04/2019","H","COLETADO",65.23,"CAIXA REFERENCIAL"]
["CUSTOS HORÁRIOS DE MÁQUINAS E EQUIPAMENTOS","CHOR","COMPOSIÇÕES AUXILIARES","0329","","",102861,"MÁQUINA FORMER DOBRAS DIVERSAS: 220V/380V TRIFÁSICO OU MONOFÁSICO, CAPACIDADE 0,5-1,27MM, MOTOR 2CV - MATERIAIS NA OPERAÇÃO. AF_05/2023","H","COEFICIENTE DE REPRESENTATIVIDADE",1.22,"CAIXA REFERENCIAL"]
["CUSTOS HORÁRIOS DE MÁQUINAS E EQUIPAMENTOS","CHOR","COMPOSIÇÕES AUXILIARES","0329","","",102867,"MÁQUINA SOLDA ARCO COM PISTOLA DE SOLDAGEM PARA STUD BOLT DE 5 MM A 22 MM - MATERIAIS NA OPERAÇÃO. AF_05/2023","H","COEFICIENTE DE REPRESENTATIVIDADE",0.66,"CAIXA REFERENCIAL"]
["CUSTOS HORÁRIOS DE MÁQUINAS E EQUIPAMENTOS","CHOR","COMPOSIÇÕES AUXILIARES","0329","","",102873,"PERFURATRIZ HIDRÁULICA SOBRE ESTEIRA, TORQUE MÁXIMO 161 KNM, PROFUNDIDADE MÁXIMA 54 M, DIÂMETRO MÁXIMO 1500 MM, POTÊNCIA MOTOR 268 HP - MATERIAIS NA OPERAÇÃO. AF_04/2019","H","COLETADO",118.54,"CAIXA REFERENCIAL"]
["CUSTOS HORÁRIOS DE MÁQUINAS E EQUIPAMENTOS","CHOR","COMPOSIÇÕES AUXILIARES","0329","","",102879,"PERFURATRIZ PARA EXECUÇÃO DE ESTACAS SECANTES, TIPO HÉLICE CONTÍNUA COM CABEÇOTE DUPLO E TUBO METÁLICO - MATERIAIS NA OPERAÇÃO. AF_04/2019","H","COLETADO",177.9,"CAIXA REFERENCIAL"]
["CUSTOS HORÁRIOS DE MÁQUINAS E EQUIPAMENTOS","CHOR","COMPOSIÇÕES AUXILIARES","0329","","",102885,"PLATAFORMA ELEVATÓRIA - MATERIAIS NA OPERAÇÃO. AF_04/2019","H","COEFICIENTE DE REPRESENTATIVIDADE",1.25,"CAIXA REFERENCIAL"]
["CUSTOS HORÁRIOS DE MÁQUINAS E EQUIPAMENTOS","CHOR","COMPOSIÇÕES AUXILIARES","0329","","",102891,"PÓRTICO ROLANTE MONOVIGA, PERFIL I, 4 PERNAS, CAPACIDADE 5 T  - MATERIAIS NA OPERAÇÃO. AF_04/2019","H","COEFICIENTE DE REPRESENTATIVIDADE",1.25,"CAIXA REFERENCIAL"]
["CUSTOS HORÁRIOS DE MÁQUINAS E EQUIPAMENTOS","CHOR","COMPOSIÇÕES AUXILIARES","0329","","",102897,"ESCAVADEIRA HIDRÁULICA SOBRE ESTEIRA, PESO OPERACIONAL ENTRE 22,00 E 23,50 T, POTÊNCIA NOMINAL 139 HP, COM MARTELO ROMPEDOR HIDRÁULICO 1700 KG - MATERIAIS NA OPERAÇÃO. AF_04/2019","H","COLETADO",89.12,"CAIXA REFERENCIAL"]
["CUSTOS HORÁRIOS DE MÁQUINAS E EQUIPAMENTOS","CHOR","COMPOSIÇÕES AUXILIARES","0329","","",102903,"TORRE, COMPOSTA POR GUINCHO MECÂNICO, GUINCHO MANUAL, CABOS DE AÇO, PITEIRA E SOQUETE  - MATERIAIS NA OPERAÇÃO. AF_05/2023","H","COLETADO",11.56,"CAIXA REFERENCIAL"]
["CUSTOS HORÁRIOS DE MÁQUINAS E EQUIPAMENTOS","CHOR","COMPOSIÇÕES AUXILIARES","0329","","",102909,"UNIDADE DOSADORA AIRLESS TIPO HOT SPRAY - MATERIAIS NA OPERAÇÃO. AF_05/2023","H","COEFICIENTE DE REPRESENTATIVIDADE",3.99,"CAIXA REFERENCIAL"]
["CUSTOS HORÁRIOS DE MÁQUINAS E EQUIPAMENTOS","CHOR","COMPOSIÇÕES AUXILIARES","0329","","",102915,"ENCERADEIRA INDUSTRIAL, 400 MM, 220V, 1 HP - MATERIAIS NA OPERAÇÃO. AF_05/2023","H","COEFICIENTE DE REPRESENTATIVIDADE",0.62,"CAIXA REFERENCIAL"]
["CUSTOS HORÁRIOS DE MÁQUINAS E EQUIPAMENTOS","CHOR","COMPOSIÇÕES AUXILIARES","0329","","",102927,"SERRA FITA HORIZONTAL, ELÉTRICA, COM CONTROLE HIDRÁULICO, PAINEL DE COMANDO EM 24 V, MOTOR ELÉTRICO 1,5 CV, DIMENSÕES DA FITA 3880 X 27 X 0,9 MM, TRIFÁSICA - MATERIAIS NA OPERAÇÃO. AF_05/2023","H","COEFICIENTE DE REPRESENTATIVIDADE",0.91,"CAIXA REFERENCIAL"]
["CUSTOS HORÁRIOS DE MÁQUINAS E EQUIPAMENTOS","CHOR","COMPOSIÇÕES AUXILIARES","0329","","",102933,"FURADEIRA ELETROMAGNÉTICA, VELOCIDADE (SEM CARGA/ COM CARGA) 450/ 270 RPM, ESPESSURA MÁXIMA DA CHAPA A SER FURADA 50 MM, PORÇA DE ADESÃO MAGNÉTICA 17000 N, POTÊNCIA 1100 W, ALIMENTÇÃO 220 - 60 HZ, MONOFÁSICA - MATERIAIS NA OPERAÇÃO. AF_08/2019","H","COEFICIENTE DE REPRESENTATIVIDADE",0.92,"CAIXA REFERENCIAL"]
["CUSTOS HORÁRIOS DE MÁQUINAS E EQUIPAMENTOS","CHOR","COMPOSIÇÕES AUXILIARES","0329","","",102939,"MÁQUINA METALEIRA UNIVERSAL MODELO IW 110/180 BTD - MATERIAIS NA OPERAÇÃO. AF_05/2023","H","COEFICIENTE DE REPRESENTATIVIDADE",9.16,"CAIXA REFERENCIAL"]
["CUSTOS HORÁRIOS DE MÁQUINAS E EQUIPAMENTOS","CHOR","COMPOSIÇÕES AUXILIARES","0329","","",102945,"TARTARUGA DE OXICORTE CG1, MONOFÁSICA, 220 V, FREQUÊNCIA 50 HZ, VELOCIDADE DE CORTE (MM/MIN) 50 A 750, DIÂMETRO MÍNIMO DO COMPASSO MM 200 - MATERIAIS NA OPERAÇÃO. AF_05/2023","H","COEFICIENTE DE REPRESENTATIVIDADE",0.02,"CAIXA REFERENCIAL"]
["CUSTOS HORÁRIOS DE MÁQUINAS E EQUIPAMENTOS","CHOR","COMPOSIÇÕES AUXILIARES","0329","","",102951,"BETONEIRA CAPACIDADE NOMINAL DE 250 L, CAPACIDADE DE MISTURA DE 175 L, MOTOR ELÉTRICO MONOFÁSICO POTÊNCIA 1CV - MATERIAIS NA OPERAÇÃO. AF_05/2023","H","COEFICIENTE DE REPRESENTATIVIDADE",0.61,"CAIXA REFERENCIAL"]
["CUSTOS HORÁRIOS DE MÁQUINAS E EQUIPAMENTOS","CHOR","COMPOSIÇÕES AUXILIARES","0329","","",102957,"RETROESCAVADEIRA SOBRE RODAS COM CARREGADEIRA , PESO OPERACIONAL MÍN. 6,674, POTÊNCIA LÍQ 88 HP, COM MARTELO ROMPEDOR HIDRÁULICO ENTRE  275 A 362 KG - MATERIAIS NA OPERAÇÃO. AF_02/2021","H","COLETADO",50.58,"CAIXA REFERENCIAL"]
["CUSTOS HORÁRIOS DE MÁQUINAS E EQUIPAMENTOS","CHOR","COMPOSIÇÕES AUXILIARES","0329","","",102963,"PERFURATRIZ HIDRÁULICA SOBRE ESTEIRA, TORQUE MÁXIMO 98 KNM, PROFUNDIDADE MÁXIMA 25 M, DIÂMETRO MÁXIMO 115 MM, POTÊNCIA MOTOR 190 HP - MATERIAIS NA OPERAÇÃO. AF_02/2021","H","COLETADO",84.02,"CAIXA REFERENCIAL"]
["CUSTOS HORÁRIOS DE MÁQUINAS E EQUIPAMENTOS","CHOR","COMPOSIÇÕES AUXILIARES","0329","","",102969,"COMPRESSOR DE AR, VAZAO DE 10 PCM, RESERVATORIO 100 L, PRESSAO DE TRABALHO ENTRE 6,9 E 9,7 BAR, POTENCIA 2 HP, TENSAO 110/220 V - MATERIAIS NA OPERAÇÃO. AF_05/2023","H","COEFICIENTE DE REPRESENTATIVIDADE",1.24,"CAIXA REFERENCIAL"]
["CUSTOS HORÁRIOS DE MÁQUINAS E EQUIPAMENTOS","CHOR","COMPOSIÇÕES AUXILIARES","0329","","",102985,"MÁQUINA DEMARCADORA DE FAIXA DE TRÁFEGO À FRIO, TRAÇÃO MANUAL, 4 CV, PRESSÃO MAX 3300 PSI, TANQUE 20 L - MATERIAIS NA OPERAÇÃO. AF_06/2021","H","COLETADO",2.96,"CAIXA REFERENCIAL"]
["CUSTOS HORÁRIOS DE MÁQUINAS E EQUIPAMENTOS","CHOR","COMPOSIÇÕES AUXILIARES","0329","","",103156,"MÁQUINA PARA SOLDA POR ELETROFUSÃO PARA TUBOS DE POLIETILENO DE ALTA DENSIDADE (PEAD) COM DIÂMETRO EXTERNO DE 20 A 800 MM, POTÊNCIA ENTRE 2750 E 3000 W - MATERIAIS NA OPERAÇÃO. AF_05/2023","H","COEFICIENTE DE REPRESENTATIVIDADE",2.39,"CAIXA REFERENCIAL"]
["CUSTOS HORÁRIOS DE MÁQUINAS E EQUIPAMENTOS","CHOR","COMPOSIÇÕES AUXILIARES","0329","","",103162,"MÁQUINA PARA SOLDA POR ELETROFUSÃO PARA TUBOS DE POLIETILENO DE ALTA DENSIDADE (PEAD) COM DIÂMETRO EXTERNO DE 20 A 1600 MM, POTÊNCIA DE 3500 W - MATERIAIS NA OPERAÇÃO. AF_05/2023","H","COEFICIENTE DE REPRESENTATIVIDADE",2.91,"CAIXA REFERENCIAL"]
["CUSTOS HORÁRIOS DE MÁQUINAS E EQUIPAMENTOS","CHOR","COMPOSIÇÕES AUXILIARES","0329","","",103168,"MÁQUINA PARA SOLDA POR TERMOFUSÃO PARA TUBOS DE POLIETILENO DE ALTA DENSIDADE (PEAD) COM DIÂMETRO EXTERNO DE 90 A 315 MM, POTÊNCIA ENTRE 2500 E 5350 W - MATERIAIS NA OPERAÇÃO. AF_05/2023","H","COEFICIENTE DE REPRESENTATIVIDADE",3.26,"CAIXA REFERENCIAL"]
["CUSTOS HORÁRIOS DE MÁQUINAS E EQUIPAMENTOS","CHOR","COMPOSIÇÕES AUXILIARES","0329","","",103174,"MÁQUINA PARA SOLDA POR TERMOFUSÃO PARA TUBOS DE POLIETILENO DE ALTA DENSIDADE (PEAD) COM DIÂMETRO EXTERNO DE 315 A 630 MM, POTÊNCIA ENTRE 8000 E 12350 W - MATERIAIS NA OPERAÇÃO. AF_05/2023","H","COEFICIENTE DE REPRESENTATIVIDADE",8.4700000000000006,"CAIXA REFERENCIAL"]
["CUSTOS HORÁRIOS DE MÁQUINAS E EQUIPAMENTOS","CHOR","COMPOSIÇÕES AUXILIARES","0329","","",103180,"MÁQUINA PARA SOLDA POR TERMOFUSÃO PARA TUBOS DE POLIETILENO DE ALTA DENSIDADE (PEAD) COM DIÂMETRO EXTERNO DE 710 A 1200 MM, POTÊNCIA ENTRE 16000 E 29500 W - MATERIAIS NA OPERAÇÃO. AF_05/2023","H","COEFICIENTE DE REPRESENTATIVIDADE",18.95,"CAIXA REFERENCIAL"]
["CUSTOS HORÁRIOS DE MÁQUINAS E EQUIPAMENTOS","CHOR","COMPOSIÇÕES AUXILIARES","0329","","",103223,"PERFURATRIZ PARA FURO DIRECIONAL HORIZONTAL (HDD) COM CAPACIDADE ATÉ 89 KN, POTÊNCIA 24,8 HP A 80 HP (INCLUSO FERRAMENTAS E LOCALIZADOR) - MATERIAIS NA OPERAÇÃO. AF_05/2023","H","COLETADO",34.770000000000003,"CAIXA REFERENCIAL"]
["CUSTOS HORÁRIOS DE MÁQUINAS E EQUIPAMENTOS","CHOR","COMPOSIÇÕES AUXILIARES","0329","","",103229,"PERFURATRIZ PARA FURO DIRECIONAL HORIZONTAL (HDD) COM CAPACIDADE DE 90 KN A 200 KN, POTÊNCIA 100 HP A 160 HP (INCLUSO FERRAMENTAS E LOCALIZADOR) - MATERIAIS NA OPERAÇÃO. AF_05/2023","H","COLETADO",96.22,"CAIXA REFERENCIAL"]
["CUSTOS HORÁRIOS DE MÁQUINAS E EQUIPAMENTOS","CHOR","COMPOSIÇÕES AUXILIARES","0329","","",103235,"PERFURATRIZ PARA FURO DIRECIONAL HORIZONTAL (HDD) COM CAPACIDADE DE 201 KN A 560 KN, POTÊNCIA 200 HP A 260 HP (INCLUSO FERRAMENTAS E LOCALIZADOR) - MATERIAIS NA OPERAÇÃO. AF_05/2023","H","COLETADO",101.74,"CAIXA REFERENCIAL"]
["CUSTOS HORÁRIOS DE MÁQUINAS E EQUIPAMENTOS","CHOR","COMPOSIÇÕES AUXILIARES","0329","","",103241,"MISTURADOR PARA PREPARO DE LAMA ESTABILIZANTE COM CAPACIDADE DE *4000* L, COM BOMBA CENTRÍFUGA 5,5 HP A 23,07 HP, PARA SISTEMA DE FURO DIRECIONAL - MATERIAIS NA OPERAÇÃO. AF_05/2023","H","COEFICIENTE DE REPRESENTATIVIDADE",8.8699999999999992,"CAIXA REFERENCIAL"]
["CUSTOS HORÁRIOS DE MÁQUINAS E EQUIPAMENTOS","CHOR","COMPOSIÇÕES AUXILIARES","0329","","",103660,"VARREDEIRA DE GRAMA SINTÉTICA A GASOLINA, 2,4 CV, 4 TEMPOS - MATERIAIS NA OPERAÇÃO. AF_05/2023","H","COLETADO",11.03,"CAIXA REFERENCIAL"]
["CUSTOS HORÁRIOS DE MÁQUINAS E EQUIPAMENTOS","CHOR","COMPOSIÇÕES AUXILIARES","0329","","",103666,"BATE ESTACA PARA INSTALAÇÃO DE DEFENSAS METÁLICAS (GUARD RAIL) FIXO, INCLUSIVE CAMINHÃO TOCO PBT 9.700 KG, POTÊNCIA DE 160 CV - MATERIAIS NA OPERAÇÃO. AF_05/2023","H","COLETADO",159.63,"CAIXA REFERENCIAL"]
["CUSTOS HORÁRIOS DE MÁQUINAS E EQUIPAMENTOS","CHOR","COMPOSIÇÕES AUXILIARES","0329","","",103792,"MINI GUINDASTE ARANHA SOBRE ESTEIRAS E LANCA TELESCÓPICA, CAPACIDADE MÁXIMA DE CARGA 3,0 TON, RAIO MÁXIMO DE TRABALHO 8,25 M, ALTURA DE LANÇA DO SOLO 9,2 M, 55 M DE CABO DE AÇO 8 MM, MOTOR ELÉTRICO 220/380 VOLTS - MATERIAIS NA OPERAÇÃO. AF_03/2022","H","COEFICIENTE DE REPRESENTATIVIDADE",0.27,"CAIXA REFERENCIAL"]
["CUSTOS HORÁRIOS DE MÁQUINAS E EQUIPAMENTOS","CHOR","COMPOSIÇÕES AUXILIARES","0329","","",103937,"CONJUNTO MACACO HIDRÁULICO E CENTRAL DE BOMBEAMENTO MOTORIZADO 1,8 KW PARA PROTENSÃO DE MONOCABOS PARA CONCRETO PROTENDIDO, ESFORÇO MÁXIMO DE 20 TONELADAS  - MATERIAIS NA OPERAÇÃO. AF_05/2022","H","COEFICIENTE DE REPRESENTATIVIDADE",1.49,"CAIXA REFERENCIAL"]
["CUSTOS HORÁRIOS DE MÁQUINAS E EQUIPAMENTOS","CHOR","COMPOSIÇÕES AUXILIARES","0329","","",103943,"CONJUNTO MACACO HIDRÁULICO E CENTRAL DE BOMBEAMENTO MOTORIZADO 1,8 KW PARA PROTENSÃO DE MONOCABOS PARA CONCRETO PROTENDIDO, ESFORÇO MÁXIMO DE 30 TONELADAS  - MATERIAIS NA OPERAÇÃO. AF_05/2022","H","COEFICIENTE DE REPRESENTATIVIDADE",1.49,"CAIXA REFERENCIAL"]
["CUSTOS HORÁRIOS DE MÁQUINAS E EQUIPAMENTOS","CHOR","COMPOSIÇÕES AUXILIARES","0329","","",104087,"TERMOFUSORA PARA TUBOS E CONEXÕES EM PPR COM DIÂMETROS DE 20 A 63 MM, POTÊNCIA DE 800 W, TENSAO 220 V - DEPRECIAÇÃO. AF_05/2022","H","COEFICIENTE DE REPRESENTATIVIDADE",0.05,"CAIXA REFERENCIAL"]
["CUSTOS HORÁRIOS DE MÁQUINAS E EQUIPAMENTOS","CHOR","COMPOSIÇÕES AUXILIARES","0329","","",104088,"TERMOFUSORA PARA TUBOS E CONEXÕES EM PPR COM DIÂMETROS DE 20 A 63 MM, POTÊNCIA DE 800 W, TENSAO 220 V - JUROS. AF_05/2022","H","COEFICIENTE DE REPRESENTATIVIDADE",0.01,"CAIXA REFERENCIAL"]
["CUSTOS HORÁRIOS DE MÁQUINAS E EQUIPAMENTOS","CHOR","COMPOSIÇÕES AUXILIARES","0329","","",104089,"TERMOFUSORA PARA TUBOS E CONEXÕES EM PPR COM DIÂMETROS DE 20 A 63 MM, POTÊNCIA DE 800 W, TENSAO 220 V - MANUTENÇÃO. AF_05/2022","H","COEFICIENTE DE REPRESENTATIVIDADE",0.06,"CAIXA REFERENCIAL"]
["CUSTOS HORÁRIOS DE MÁQUINAS E EQUIPAMENTOS","CHOR","COMPOSIÇÕES AUXILIARES","0329","","",104090,"TERMOFUSORA PARA TUBOS E CONEXÕES EM PPR COM DIÂMETROS DE 20 A 63 MM, POTÊNCIA DE 800 W, TENSAO 220 V - MATERIAIS NA OPERAÇÃO. AF_05/2022","H","COEFICIENTE DE REPRESENTATIVIDADE",0.66,"CAIXA REFERENCIAL"]
["CUSTOS HORÁRIOS DE MÁQUINAS E EQUIPAMENTOS","CHOR","COMPOSIÇÕES AUXILIARES","0329","","",104093,"TERMOFUSORA PARA TUBOS E CONEXÕES EM PPR COM DIÂMETROS DE 75 A 110 MM, POTÊNCIA DE *1100* W, TENSÃO 220 V - DEPRECIAÇÃO. AF_05/2022","H","COEFICIENTE DE REPRESENTATIVIDADE",7.0000000000000007E-2,"CAIXA REFERENCIAL"]
["CUSTOS HORÁRIOS DE MÁQUINAS E EQUIPAMENTOS","CHOR","COMPOSIÇÕES AUXILIARES","0329","","",104094,"TERMOFUSORA PARA TUBOS E CONEXÕES EM PPR COM DIÂMETROS DE 75 A 110 MM, POTÊNCIA DE *1100* W, TENSÃO 220 V - JUROS. AF_05/2022","H","COEFICIENTE DE REPRESENTATIVIDADE",0.01,"CAIXA REFERENCIAL"]
["CUSTOS HORÁRIOS DE MÁQUINAS E EQUIPAMENTOS","CHOR","COMPOSIÇÕES AUXILIARES","0329","","",104095,"TERMOFUSORA PARA TUBOS E CONEXÕES EM PPR COM DIÂMETROS DE 75 A 110 MM, POTÊNCIA DE *1100* W, TENSÃO 220 V - MANUTENÇÃO. AF_05/2022","H","COEFICIENTE DE REPRESENTATIVIDADE",0.09,"CAIXA REFERENCIAL"]
["CUSTOS HORÁRIOS DE MÁQUINAS E EQUIPAMENTOS","CHOR","COMPOSIÇÕES AUXILIARES","0329","","",104096,"TERMOFUSORA PARA TUBOS E CONEXÕES EM PPR COM DIÂMETROS DE 75 A 110 MM, POTÊNCIA DE *1100* W, TENSÃO 220 V - MATERIAIS NA OPERAÇÃO. AF_05/2022","H","COEFICIENTE DE REPRESENTATIVIDADE",0.92,"CAIXA REFERENCIAL"]
["CUSTOS HORÁRIOS DE MÁQUINAS E EQUIPAMENTOS","CHOR","COMPOSIÇÕES AUXILIARES","0329","","",104519,"LIXADEIRA DE PAREDE, COM LED, POTÊNCIA 750 W, FREQUÊNCIA 60 HZ, VELOCIDADE 1000 A 2100 RPM, DIÂMETRO DA LIXA 225 MM - MATERIAIS NA OPERAÇÃO. AF_12/2022","H","COEFICIENTE DE REPRESENTATIVIDADE",0.62,"CAIXA REFERENCIAL"]
["CUSTOS HORÁRIOS DE MÁQUINAS E EQUIPAMENTOS","CHOR","COMPOSIÇÕES AUXILIARES","0329","","",104655,"MARTELETE PERFURADOR/ ROMPEDOR ELÉTRICO, POTÊNCIA 800 W, 220 V - MATERIAIS NA OPERAÇÃO. AF_05/2023","H","COEFICIENTE DE REPRESENTATIVIDADE",0.66,"CAIXA REFERENCIAL"]
["CUSTOS HORÁRIOS DE MÁQUINAS E EQUIPAMENTOS","CHOR","COMPOSIÇÕES AUXILIARES","0329","","",104687,"GRUPO GERADOR DIESEL, COM CARENAGEM, POTÊNCIA STANDART ENTRE 400 E 460 KVA, VELOCIDADE DE 1800 RPM, FREQUÊNCIA DE 60 HZ - MATERIAIS NA OPERAÇÃO. AF_05/2023","H","COLETADO",445.46,"CAIXA REFERENCIAL"]
["CUSTOS HORÁRIOS DE MÁQUINAS E EQUIPAMENTOS","CHOR","COMPOSIÇÕES AUXILIARES","0329","","",104694,"PERFURATRIZ DE COROA DIAMANTADA PARA CONCRETO, DIÂMETRO ATÉ 250 MM, MOTOR ELÉTRICO 220 V, POTÊNCIA 2.500 W - MATERIAIS NA OPERAÇÃO. AF_05/2023","H","COEFICIENTE DE REPRESENTATIVIDADE",2.08,"CAIXA REFERENCIAL"]
["CUSTOS HORÁRIOS DE MÁQUINAS E EQUIPAMENTOS","CHOR","COMPOSIÇÕES AUXILIARES","0329","","",104703,"CAMINHÃO TANQUE PARA HIDROSSEMEADURA, COM CAPACIDADE DE 8.000 LITROS, INCLUINDO BOMBA PARA LANÇAMENTO COM MOTOR DIESEL COM POTÊNCIA DE 105 CV - MATERIAIS NA OPERAÇÃO. AF_06/2023","H","COLETADO",91.67,"CAIXA REFERENCIAL"]
["CUSTOS HORÁRIOS DE MÁQUINAS E EQUIPAMENTOS","CHOR","COMPOSIÇÕES AUXILIARES","0329","","",104709,"GUINDASTE HIDRÁULICO AUTOPROPELIDO, COM LANÇA TRELICADA 41 M, CAPACIDADE MÁXIMA DE ELEVAÇÃO 43 T, POTÊNCIA 230 KW, EQUIPADO COM CAÇAMBA DE ARRASTO (DRAGLINE) DE 0,76 M3 - MATERIAIS NA OPERAÇÃO. AF_06/2023","H","COLETADO",1159.31,"CAIXA REFERENCIAL"]
["CUSTOS HORÁRIOS DE MÁQUINAS E EQUIPAMENTOS","CHOR","COMPOSIÇÕES AUXILIARES","0329","","",104715,"ESCAVADEIRA HIDRÁULICA DE BRAÇO LONGO (LONGO ALCANCE) SOBRE ESTEIRAS, CAÇAMBA 0,52 M3, PESO OPERACIONAL 24 T, POTÊNCIA LÍQUIDA 155 HP  - MATERIAIS NA OPERAÇÃO. AF_06/2023","H","COLETADO",89.12,"CAIXA REFERENCIAL"]
["CUSTOS HORÁRIOS DE MÁQUINAS E EQUIPAMENTOS","CHOR","COMPOSIÇÕES AUXILIARES","0329","","",104906,"GUINDASTE HIDRÁULICO RODOVIÁRIO, LANCA TELESCÓPICA DE *50+20* M, CAPACIDADE MÁXIMA DE 90T, 4 EIXOS, POTÊNCIA 330 KW, MOTOR DIESEL - MATERIAIS NA OPERAÇÃO. AF_01/2024","H","COLETADO",97.84,"CAIXA REFERENCIAL"]
["CUSTOS HORÁRIOS DE MÁQUINAS E EQUIPAMENTOS","CHOR","COMPOSIÇÕES AUXILIARES","0329","","",104912,"GUINDASTE DERRICK, LANÇA DE *20* M, CARGA MÁXIMA 10T, POTÊNCIA 45 KW - MATERIAIS NA OPERAÇÃO. AF_01/2024","H","COEFICIENTE DE REPRESENTATIVIDADE",37.479999999999997,"CAIXA REFERENCIAL"]
["COBERTURA","COBE","MADEIRAMENTO","0073","","",92259,"INSTALAÇÃO DE TESOURA (INTEIRA OU MEIA), BIAPOIADA, EM MADEIRA NÃO APARELHADA, PARA VÃOS MAIORES OU IGUAIS A 3,0 M E MENORES QUE 6,0 M, INCLUSO IÇAMENTO. AF_07/2019","UN","ATRIBUÍDO SÃO PAULO",489.58,"CAIXA REFERENCIAL"]
["COBERTURA","COBE","MADEIRAMENTO","0073","","",92260,"INSTALAÇÃO DE TESOURA (INTEIRA OU MEIA), BIAPOIADA, EM MADEIRA NÃO APARELHADA, PARA VÃOS MAIORES OU IGUAIS A 6,0 M E MENORES QUE 8,0 M, INCLUSO IÇAMENTO. AF_07/2019","UN","ATRIBUÍDO SÃO PAULO",549.47,"CAIXA REFERENCIAL"]
["COBERTURA","COBE","MADEIRAMENTO","0073","","",92261,"INSTALAÇÃO DE TESOURA (INTEIRA OU MEIA), BIAPOIADA, EM MADEIRA NÃO APARELHADA, PARA VÃOS MAIORES OU IGUAIS A 8,0 M E MENORES QUE 10,0 M, INCLUSO IÇAMENTO. AF_07/2019","UN","ATRIBUÍDO SÃO PAULO",607.54999999999995,"CAIXA REFERENCIAL"]
["COBERTURA","COBE","MADEIRAMENTO","0073","","",92262,"INSTALAÇÃO DE TESOURA (INTEIRA OU MEIA), BIAPOIADA, EM MADEIRA NÃO APARELHADA, PARA VÃOS MAIORES OU IGUAIS A 10,0 M E MENORES QUE 12,0 M, INCLUSO IÇAMENTO. AF_07/2019","UN","ATRIBUÍDO SÃO PAULO",701.04,"CAIXA REFERENCIAL"]
["COBERTURA","COBE","MADEIRAMENTO","0073","","",92539,"TRAMA DE MADEIRA COMPOSTA POR RIPAS, CAIBROS E TERÇAS PARA TELHADOS DE ATÉ 2 ÁGUAS PARA TELHA DE ENCAIXE DE CERÂMICA OU DE CONCRETO, INCLUSO TRANSPORTE VERTICAL. AF_07/2019","M2","COEFICIENTE DE REPRESENTATIVIDADE",82.02,"CAIXA REFERENCIAL"]
["COBERTURA","COBE","MADEIRAMENTO","0073","","",92540,"TRAMA DE MADEIRA COMPOSTA POR RIPAS, CAIBROS E TERÇAS PARA TELHADOS DE MAIS QUE 2 ÁGUAS PARA TELHA DE ENCAIXE DE CERÂMICA OU DE CONCRETO, INCLUSO TRANSPORTE VERTICAL. AF_07/2019","M2","COEFICIENTE DE REPRESENTATIVIDADE",91.03,"CAIXA REFERENCIAL"]
["COBERTURA","COBE","MADEIRAMENTO","0073","","",92541,"TRAMA DE MADEIRA COMPOSTA POR RIPAS, CAIBROS E TERÇAS PARA TELHADOS DE ATÉ 2 ÁGUAS PARA TELHA CERÂMICA CAPA-CANAL, INCLUSO TRANSPORTE VERTICAL. AF_07/2019","M2","COEFICIENTE DE REPRESENTATIVIDADE",88.59,"CAIXA REFERENCIAL"]
["COBERTURA","COBE","MADEIRAMENTO","0073","","",92542,"TRAMA DE MADEIRA COMPOSTA POR RIPAS, CAIBROS E TERÇAS PARA TELHADOS DE MAIS QUE 2 ÁGUAS PARA TELHA CERÂMICA CAPA-CANAL, INCLUSO TRANSPORTE VERTICAL. AF_07/2019","M2","COEFICIENTE DE REPRESENTATIVIDADE",106.82,"CAIXA REFERENCIAL"]
["COBERTURA","COBE","MADEIRAMENTO","0073","","",92543,"TRAMA DE MADEIRA COMPOSTA POR TERÇAS PARA TELHADOS DE ATÉ 2 ÁGUAS PARA TELHA ONDULADA DE FIBROCIMENTO, METÁLICA, PLÁSTICA OU TERMOACÚSTICA, INCLUSO TRANSPORTE VERTICAL. AF_07/2019","M2","COEFICIENTE DE REPRESENTATIVIDADE",24.92,"CAIXA REFERENCIAL"]
["COBERTURA","COBE","MADEIRAMENTO","0073","","",92544,"TRAMA DE MADEIRA COMPOSTA POR TERÇAS PARA TELHADOS DE ATÉ 2 ÁGUAS PARA TELHA ESTRUTURAL DE FIBROCIMENTO, INCLUSO TRANSPORTE VERTICAL. AF_07/2019","M2","COEFICIENTE DE REPRESENTATIVIDADE",19.829999999999998,"CAIXA REFERENCIAL"]
["COBERTURA","COBE","MADEIRAMENTO","0073","","",92545,"FABRICAÇÃO E INSTALAÇÃO DE TESOURA INTEIRA EM MADEIRA NÃO APARELHADA, VÃO DE 3 M, PARA TELHA CERÂMICA OU DE CONCRETO, INCLUSO IÇAMENTO. AF_07/2019","UN","ATRIBUÍDO SÃO PAULO",1050.8399999999999,"CAIXA REFERENCIAL"]
["COBERTURA","COBE","MADEIRAMENTO","0073","","",92546,"FABRICAÇÃO E INSTALAÇÃO DE TESOURA INTEIRA EM MADEIRA NÃO APARELHADA, VÃO DE 4 M, PARA TELHA CERÂMICA OU DE CONCRETO, INCLUSO IÇAMENTO. AF_07/2019","UN","ATRIBUÍDO SÃO PAULO",1288.8,"CAIXA REFERENCIAL"]
["COBERTURA","COBE","MADEIRAMENTO","0073","","",92547,"FABRICAÇÃO E INSTALAÇÃO DE TESOURA INTEIRA EM MADEIRA NÃO APARELHADA, VÃO DE 5 M, PARA TELHA CERÂMICA OU DE CONCRETO, INCLUSO IÇAMENTO. AF_07/2019","UN","ATRIBUÍDO SÃO PAULO",1367.54,"CAIXA REFERENCIAL"]
["COBERTURA","COBE","MADEIRAMENTO","0073","","",92548,"FABRICAÇÃO E INSTALAÇÃO DE TESOURA INTEIRA EM MADEIRA NÃO APARELHADA, VÃO DE 6 M, PARA TELHA CERÂMICA OU DE CONCRETO, INCLUSO IÇAMENTO. AF_07/2019","UN","ATRIBUÍDO SÃO PAULO",1521.75,"CAIXA REFERENCIAL"]
["COBERTURA","COBE","MADEIRAMENTO","0073","","",92549,"FABRICAÇÃO E INSTALAÇÃO DE TESOURA INTEIRA EM MADEIRA NÃO APARELHADA, VÃO DE 7 M, PARA TELHA CERÂMICA OU DE CONCRETO, INCLUSO IÇAMENTO. AF_07/2019","UN","ATRIBUÍDO SÃO PAULO",1891.49,"CAIXA REFERENCIAL"]
["COBERTURA","COBE","MADEIRAMENTO","0073","","",92550,"FABRICAÇÃO E INSTALAÇÃO DE TESOURA INTEIRA EM MADEIRA NÃO APARELHADA, VÃO DE 8 M, PARA TELHA CERÂMICA OU DE CONCRETO, INCLUSO IÇAMENTO. AF_07/2019","UN","ATRIBUÍDO SÃO PAULO",2349.3200000000002,"CAIXA REFERENCIAL"]
["COBERTURA","COBE","MADEIRAMENTO","0073","","",92551,"FABRICAÇÃO E INSTALAÇÃO DE TESOURA INTEIRA EM MADEIRA NÃO APARELHADA, VÃO DE 9 M, PARA TELHA CERÂMICA OU DE CONCRETO, INCLUSO IÇAMENTO. AF_07/2019","UN","ATRIBUÍDO SÃO PAULO",2450.7600000000002,"CAIXA REFERENCIAL"]
["COBERTURA","COBE","MADEIRAMENTO","0073","","",92552,"FABRICAÇÃO E INSTALAÇÃO DE TESOURA INTEIRA EM MADEIRA NÃO APARELHADA, VÃO DE 10 M, PARA TELHA CERÂMICA OU DE CONCRETO, INCLUSO IÇAMENTO. AF_07/2019","UN","ATRIBUÍDO SÃO PAULO",2661.3,"CAIXA REFERENCIAL"]
["COBERTURA","COBE","MADEIRAMENTO","0073","","",92553,"FABRICAÇÃO E INSTALAÇÃO DE TESOURA INTEIRA EM MADEIRA NÃO APARELHADA, VÃO DE 11 M, PARA TELHA CERÂMICA OU DE CONCRETO, INCLUSO IÇAMENTO. AF_07/2019","UN","ATRIBUÍDO SÃO PAULO",3040.45,"CAIXA REFERENCIAL"]
["COBERTURA","COBE","MADEIRAMENTO","0073","","",92554,"FABRICAÇÃO E INSTALAÇÃO DE TESOURA INTEIRA EM MADEIRA NÃO APARELHADA, VÃO DE 12 M, PARA TELHA CERÂMICA OU DE CONCRETO, INCLUSO IÇAMENTO. AF_07/2019","UN","ATRIBUÍDO SÃO PAULO",3156.82,"CAIXA REFERENCIAL"]
["COBERTURA","COBE","MADEIRAMENTO","0073","","",92555,"FABRICAÇÃO E INSTALAÇÃO DE TESOURA INTEIRA EM MADEIRA NÃO APARELHADA, VÃO DE 3 M, PARA TELHA ONDULADA DE FIBROCIMENTO, METÁLICA, PLÁSTICA OU TERMOACÚSTICA, INCLUSO IÇAMENTO. AF_07/2019","UN","ATRIBUÍDO SÃO PAULO",1035.24,"CAIXA REFERENCIAL"]
["COBERTURA","COBE","MADEIRAMENTO","0073","","",92556,"FABRICAÇÃO E INSTALAÇÃO DE TESOURA INTEIRA EM MADEIRA NÃO APARELHADA, VÃO DE 4 M, PARA TELHA ONDULADA DE FIBROCIMENTO, METÁLICA, PLÁSTICA OU TERMOACÚSTICA, INCLUSO IÇAMENTO. AF_07/2019","UN","ATRIBUÍDO SÃO PAULO",1261.47,"CAIXA REFERENCIAL"]
["COBERTURA","COBE","MADEIRAMENTO","0073","","",92557,"FABRICAÇÃO E INSTALAÇÃO DE TESOURA INTEIRA EM MADEIRA NÃO APARELHADA, VÃO DE 5 M, PARA TELHA ONDULADA DE FIBROCIMENTO, METÁLICA, PLÁSTICA OU TERMOACÚSTICA, INCLUSO IÇAMENTO. AF_07/2019","UN","ATRIBUÍDO SÃO PAULO",1340.2,"CAIXA REFERENCIAL"]
["COBERTURA","COBE","MADEIRAMENTO","0073","","",92558,"FABRICAÇÃO E INSTALAÇÃO DE TESOURA INTEIRA EM MADEIRA NÃO APARELHADA, VÃO DE 6 M, PARA TELHA ONDULADA DE FIBROCIMENTO, METÁLICA, PLÁSTICA OU TERMOACÚSTICA, INCLUSO IÇAMENTO. AF_07/2019","UN","ATRIBUÍDO SÃO PAULO",1506.15,"CAIXA REFERENCIAL"]
["COBERTURA","COBE","MADEIRAMENTO","0073","","",92559,"FABRICAÇÃO E INSTALAÇÃO DE TESOURA INTEIRA EM MADEIRA NÃO APARELHADA, VÃO DE 7 M, PARA TELHA ONDULADA DE FIBROCIMENTO, METÁLICA, PLÁSTICA OU TERMOACÚSTICA, INCLUSO IÇAMENTO. AF_07/2019","UN","ATRIBUÍDO SÃO PAULO",1862.45,"CAIXA REFERENCIAL"]
["COBERTURA","COBE","MADEIRAMENTO","0073","","",92560,"FABRICAÇÃO E INSTALAÇÃO DE TESOURA INTEIRA EM MADEIRA NÃO APARELHADA, VÃO DE 8 M, PARA TELHA ONDULADA DE FIBROCIMENTO, METÁLICA, PLÁSTICA OU TERMOACÚSTICA, INCLUSO IÇAMENTO. AF_07/2019","UN","ATRIBUÍDO SÃO PAULO",2309.7600000000002,"CAIXA REFERENCIAL"]
["COBERTURA","COBE","MADEIRAMENTO","0073","","",92561,"FABRICAÇÃO E INSTALAÇÃO DE TESOURA INTEIRA EM MADEIRA NÃO APARELHADA, VÃO DE 9 M, PARA TELHA ONDULADA DE FIBROCIMENTO, METÁLICA, PLÁSTICA OU TERMOACÚSTICA, INCLUSO IÇAMENTO. AF_07/2019","UN","ATRIBUÍDO SÃO PAULO",2412.2800000000002,"CAIXA REFERENCIAL"]
["COBERTURA","COBE","MADEIRAMENTO","0073","","",92562,"FABRICAÇÃO E INSTALAÇÃO DE TESOURA INTEIRA EM MADEIRA NÃO APARELHADA, VÃO DE 10 M, PARA TELHA ONDULADA DE FIBROCIMENTO, METÁLICA, PLÁSTICA OU TERMOACÚSTICA, INCLUSO IÇAMENTO. AF_07/2019","UN","ATRIBUÍDO SÃO PAULO",2595.4899999999998,"CAIXA REFERENCIAL"]
["COBERTURA","COBE","MADEIRAMENTO","0073","","",92563,"FABRICAÇÃO E INSTALAÇÃO DE TESOURA INTEIRA EM MADEIRA NÃO APARELHADA, VÃO DE 11 M, PARA TELHA ONDULADA DE FIBROCIMENTO, METÁLICA, PLÁSTICA OU TERMOACÚSTICA, INCLUSO IÇAMENTO. AF_07/2019","UN","ATRIBUÍDO SÃO PAULO",2963.5,"CAIXA REFERENCIAL"]
["COBERTURA","COBE","MADEIRAMENTO","0073","","",92564,"FABRICAÇÃO E INSTALAÇÃO DE TESOURA INTEIRA EM MADEIRA NÃO APARELHADA, VÃO DE 12 M, PARA TELHA ONDULADA DE FIBROCIMENTO, METÁLICA, PLÁSTICA OU TERMOACÚSTICA, INCLUSO IÇAMENTO. AF_07/2019","UN","ATRIBUÍDO SÃO PAULO",3062.57,"CAIXA REFERENCIAL"]
["COBERTURA","COBE","MADEIRAMENTO","0073","","",100379,"FABRICAÇÃO E INSTALAÇÃO DE PONTALETES DE MADEIRA NÃO APARELHADA PARA TELHADOS COM ATÉ 2 ÁGUAS E COM TELHA CERÂMICA OU DE CONCRETO EM EDIFÍCIO RESIDENCIAL TÉRREO, INCLUSO TRANSPORTE VERTICAL. AF_07/2019","M2","COEFICIENTE DE REPRESENTATIVIDADE",39.090000000000003,"CAIXA REFERENCIAL"]
["COBERTURA","COBE","MADEIRAMENTO","0073","","",100380,"FABRICAÇÃO E INSTALAÇÃO DE PONTALETES DE MADEIRA NÃO APARELHADA PARA TELHADOS COM ATÉ 2 ÁGUAS E COM TELHA CERÂMICA OU DE CONCRETO EM EDIFÍCIO RESIDENCIAL DE MÚLTIPLOS PAVIMENTOS, INCLUSO TRANSPORTE VERTICAL. AF_07/2019","M2","ATRIBUÍDO SÃO PAULO",51.31,"CAIXA REFERENCIAL"]
["COBERTURA","COBE","MADEIRAMENTO","0073","","",100381,"FABRICAÇÃO E INSTALAÇÃO DE PONTALETES DE MADEIRA NÃO APARELHADA PARA TELHADOS COM ATÉ 2 ÁGUAS E COM TELHA CERÂMICA OU DE CONCRETO EM EDIFÍCIO INSTITUCIONAL TÉRREO, INCLUSO TRANSPORTE VERTICAL. AF_07/2019","M2","COEFICIENTE DE REPRESENTATIVIDADE",57.23,"CAIXA REFERENCIAL"]
["COBERTURA","COBE","MADEIRAMENTO","0073","","",100383,"FABRICAÇÃO E INSTALAÇÃO DE PONTALETES DE MADEIRA NÃO APARELHADA PARA TELHADOS COM ATÉ 2 ÁGUAS E COM TELHA ONDULADA DE FIBROCIMENTO, ALUMÍNIO OU PLÁSTICA EM EDIFÍCIO RESIDENCIAL DE MÚLTIPLOS PAVIMENTOS, INCLUSO TRANSPORTE VERTICAL. AF_07/2019","M2","ATRIBUÍDO SÃO PAULO",26.91,"CAIXA REFERENCIAL"]
["COBERTURA","COBE","MADEIRAMENTO","0073","","",100384,"FABRICAÇÃO E INSTALAÇÃO DE PONTALETES DE MADEIRA NÃO APARELHADA PARA TELHADOS COM ATÉ 2 ÁGUAS E COM TELHA ONDULADA DE FIBROCIMENTO, ALUMÍNIO OU PLÁSTICA EM EDIFÍCIO INSTITUCIONAL TÉRREO, INCLUSO TRANSPORTE VERTICAL. AF_07/2019","M2","COEFICIENTE DE REPRESENTATIVIDADE",28.14,"CAIXA REFERENCIAL"]
["COBERTURA","COBE","MADEIRAMENTO","0073","","",100385,"FABRICAÇÃO E INSTALAÇÃO DE PONTALETES DE MADEIRA NÃO APARELHADA PARA TELHADOS COM MAIS QUE 2 ÁGUAS E COM TELHA CERÂMICA OU DE CONCRETO EM EDIFÍCIO RESIDENCIAL TÉRREO, INCLUSO TRANSPORTE VERTICAL. AF_07/2019","M2","COEFICIENTE DE REPRESENTATIVIDADE",35.31,"CAIXA REFERENCIAL"]
["COBERTURA","COBE","MADEIRAMENTO","0073","","",100386,"FABRICAÇÃO E INSTALAÇÃO DE PONTALETES DE MADEIRA NÃO APARELHADA PARA TELHADOS COM MAIS QUE 2 ÁGUAS E COM TELHA CERÂMICA OU DE CONCRETO EM EDIFÍCIO RESIDENCIAL DE MÚLTIPLOS PAVIMENTOS. AF_07/2019","M2","ATRIBUÍDO SÃO PAULO",45.17,"CAIXA REFERENCIAL"]
["COBERTURA","COBE","MADEIRAMENTO","0073","","",100387,"FABRICAÇÃO E INSTALAÇÃO DE PONTALETES DE MADEIRA NÃO APARELHADA PARA TELHADOS COM MAIS QUE 2 ÁGUAS E COM TELHA CERÂMICA OU DE CONCRETO EM EDIFÍCIO INSTITUCIONAL TÉRREO, INCLUSO TRANSPORTE VERTICAL. AF_07/2019","M2","COEFICIENTE DE REPRESENTATIVIDADE",55.36,"CAIXA REFERENCIAL"]
["COBERTURA","COBE","MADEIRAMENTO","0073","","",100388,"RETIRADA E RECOLOCAÇÃO DE RIPA EM TELHADOS DE ATÉ 2 ÁGUAS COM TELHA CERÂMICA OU DE CONCRETO DE ENCAIXE, INCLUSO TRANSPORTE VERTICAL. AF_07/2019","M2","COEFICIENTE DE REPRESENTATIVIDADE",20,"CAIXA REFERENCIAL"]
["COBERTURA","COBE","MADEIRAMENTO","0073","","",100389,"RETIRADA E RECOLOCAÇÃO DE CAIBRO EM TELHADOS DE ATÉ 2 ÁGUAS COM TELHA CERÂMICA OU DE CONCRETO DE ENCAIXE, INCLUSO TRANSPORTE VERTICAL. AF_07/2019","M2","COEFICIENTE DE REPRESENTATIVIDADE",17.32,"CAIXA REFERENCIAL"]
["COBERTURA","COBE","MADEIRAMENTO","0073","","",100390,"RETIRADA E RECOLOCAÇÃO DE RIPA EM TELHADOS DE MAIS DE 2 ÁGUAS COM TELHA CERÂMICA OU DE CONCRETO DE ENCAIXE, INCLUSO TRANSPORTE VERTICAL. AF_07/2019","M2","COEFICIENTE DE REPRESENTATIVIDADE",23.55,"CAIXA REFERENCIAL"]
["COBERTURA","COBE","MADEIRAMENTO","0073","","",100391,"RETIRADA E RECOLOCAÇÃO DE CAIBRO EM TELHADOS DE MAIS DE 2 ÁGUAS COM TELHA CERÂMICA OU DE CONCRETO DE ENCAIXE, INCLUSO TRANSPORTE VERTICAL. AF_07/2019","M2","COEFICIENTE DE REPRESENTATIVIDADE",19.53,"CAIXA REFERENCIAL"]
["COBERTURA","COBE","MADEIRAMENTO","0073","","",100392,"RETIRADA E RECOLOCAÇÃO DE RIPA EM TELHADOS DE ATÉ 2 ÁGUAS COM TELHA CERÂMICA CAPA-CANAL, INCLUSO TRANSPORTE VERTICAL. AF_07/2019","M2","COEFICIENTE DE REPRESENTATIVIDADE",15.73,"CAIXA REFERENCIAL"]
["COBERTURA","COBE","MADEIRAMENTO","0073","","",100393,"RETIRADA E RECOLOCAÇÃO DE CAIBRO EM TELHADOS DE ATÉ 2 ÁGUAS COM TELHA CERÂMICA CAPA-CANAL, INCLUSO TRANSPORTE VERTICAL. AF_07/2019","M2","COEFICIENTE DE REPRESENTATIVIDADE",19.739999999999998,"CAIXA REFERENCIAL"]
["COBERTURA","COBE","MADEIRAMENTO","0073","","",100394,"RETIRADA E RECOLOCAÇÃO DE RIPA EM TELHADOS DE MAIS DE 2 ÁGUAS COM TELHA CERÂMICA CAPA-CANAL, INCLUSO TRANSPORTE VERTICAL. AF_07/2019","M2","COEFICIENTE DE REPRESENTATIVIDADE",18.52,"CAIXA REFERENCIAL"]
["COBERTURA","COBE","MADEIRAMENTO","0073","","",100395,"RETIRADA E RECOLOCAÇÃO DE CAIBRO EM TELHADOS DE MAIS DE 2 ÁGUAS COM TELHA CERÂMICA CAPA-CANAL, INCLUSO TRANSPORTE VERTICAL. AF_07/2019","M2","COEFICIENTE DE REPRESENTATIVIDADE",23.3,"CAIXA REFERENCIAL"]
["COBERTURA","COBE","TELHAMENTO COM TELHA CERAMICA","0074","","",94189,"TELHAMENTO COM TELHA DE CONCRETO DE ENCAIXE, COM ATÉ 2 ÁGUAS, INCLUSO TRANSPORTE VERTICAL. AF_07/2019","M2","COEFICIENTE DE REPRESENTATIVIDADE",39.08,"CAIXA REFERENCIAL"]
["COBERTURA","COBE","TELHAMENTO COM TELHA CERAMICA","0074","","",94192,"TELHAMENTO COM TELHA DE CONCRETO DE ENCAIXE, COM MAIS DE 2 ÁGUAS, INCLUSO TRANSPORTE VERTICAL. AF_07/2019","M2","COEFICIENTE DE REPRESENTATIVIDADE",41.51,"CAIXA REFERENCIAL"]
["COBERTURA","COBE","TELHAMENTO COM TELHA CERAMICA","0074","","",94195,"TELHAMENTO COM TELHA CERÂMICA DE ENCAIXE, TIPO PORTUGUESA, COM ATÉ 2 ÁGUAS, INCLUSO TRANSPORTE VERTICAL. AF_07/2019","M2","COEFICIENTE DE REPRESENTATIVIDADE",35.619999999999997,"CAIXA REFERENCIAL"]
["COBERTURA","COBE","TELHAMENTO COM TELHA CERAMICA","0074","","",94198,"TELHAMENTO COM TELHA CERÂMICA DE ENCAIXE, TIPO PORTUGUESA, COM MAIS DE 2 ÁGUAS, INCLUSO TRANSPORTE VERTICAL. AF_07/2019","M2","COEFICIENTE DE REPRESENTATIVIDADE",38.85,"CAIXA REFERENCIAL"]
["COBERTURA","COBE","TELHAMENTO COM TELHA CERAMICA","0074","","",94201,"TELHAMENTO COM TELHA CERÂMICA CAPA-CANAL, TIPO COLONIAL, COM ATÉ 2 ÁGUAS, INCLUSO TRANSPORTE VERTICAL. AF_07/2019","M2","COEFICIENTE DE REPRESENTATIVIDADE",50.69,"CAIXA REFERENCIAL"]
["COBERTURA","COBE","TELHAMENTO COM TELHA CERAMICA","0074","","",94204,"TELHAMENTO COM TELHA CERÂMICA CAPA-CANAL, TIPO COLONIAL, COM MAIS DE 2 ÁGUAS, INCLUSO TRANSPORTE VERTICAL. AF_07/2019","M2","COEFICIENTE DE REPRESENTATIVIDADE",56.16,"CAIXA REFERENCIAL"]
["COBERTURA","COBE","TELHAMENTO COM TELHA CERAMICA","0074","","",94224,"EMBOÇAMENTO COM ARGAMASSA TRAÇO 1:2:9 (CIMENTO, CAL E AREIA). AF_07/2019","M","COEFICIENTE DE REPRESENTATIVIDADE",25.59,"CAIXA REFERENCIAL"]
["COBERTURA","COBE","TELHAMENTO COM TELHA CERAMICA","0074","","",94226,"SUBCOBERTURA COM MANTA PLÁSTICA REVESTIDA POR PELÍCULA DE ALUMÍNO, INCLUSO TRANSPORTE VERTICAL. AF_07/2019","M2","ATRIBUÍDO SÃO PAULO",20.18,"CAIXA REFERENCIAL"]
["COBERTURA","COBE","TELHAMENTO COM TELHA CERAMICA","0074","","",94232,"AMARRAÇÃO DE TELHAS CERÂMICAS OU DE CONCRETO. AF_07/2019","UN","COEFICIENTE DE REPRESENTATIVIDADE",2.67,"CAIXA REFERENCIAL"]
["COBERTURA","COBE","TELHAMENTO COM TELHA CERAMICA","0074","","",94440,"TELHAMENTO COM TELHA CERÂMICA DE ENCAIXE, TIPO FRANCESA, COM ATÉ 2 ÁGUAS, INCLUSO TRANSPORTE VERTICAL. AF_07/2019","M2","COEFICIENTE DE REPRESENTATIVIDADE",35.619999999999997,"CAIXA REFERENCIAL"]
["COBERTURA","COBE","TELHAMENTO COM TELHA CERAMICA","0074","","",94441,"TELHAMENTO COM TELHA CERÂMICA DE ENCAIXE, TIPO FRANCESA, COM MAIS DE 2 ÁGUAS, INCLUSO TRANSPORTE VERTICAL. AF_07/2019","M2","COEFICIENTE DE REPRESENTATIVIDADE",38.85,"CAIXA REFERENCIAL"]
["COBERTURA","COBE","TELHAMENTO COM TELHA CERAMICA","0074","","",94442,"TELHAMENTO COM TELHA CERÂMICA DE ENCAIXE, TIPO ROMANA, COM ATÉ 2 ÁGUAS, INCLUSO TRANSPORTE VERTICAL. AF_07/2019","M2","COEFICIENTE DE REPRESENTATIVIDADE",35.619999999999997,"CAIXA REFERENCIAL"]
["COBERTURA","COBE","TELHAMENTO COM TELHA CERAMICA","0074","","",94443,"TELHAMENTO COM TELHA CERÂMICA DE ENCAIXE, TIPO ROMANA, COM MAIS DE 2 ÁGUAS, INCLUSO TRANSPORTE VERTICAL. AF_07/2019","M2","COEFICIENTE DE REPRESENTATIVIDADE",38.85,"CAIXA REFERENCIAL"]
["COBERTURA","COBE","TELHAMENTO COM TELHA CERAMICA","0074","","",94445,"TELHAMENTO COM TELHA CERÂMICA CAPA-CANAL, TIPO PLAN, COM ATÉ 2 ÁGUAS, INCLUSO TRANSPORTE VERTICAL. AF_07/2019","M2","COEFICIENTE DE REPRESENTATIVIDADE",50.69,"CAIXA REFERENCIAL"]
["COBERTURA","COBE","TELHAMENTO COM TELHA CERAMICA","0074","","",94446,"TELHAMENTO COM TELHA CERÂMICA CAPA-CANAL, TIPO PLAN, COM MAIS DE 2 ÁGUAS, INCLUSO TRANSPORTE VERTICAL. AF_07/2019","M2","COEFICIENTE DE REPRESENTATIVIDADE",56.16,"CAIXA REFERENCIAL"]
["COBERTURA","COBE","TELHAMENTO COM TELHA CERAMICA","0074","","",94447,"TELHAMENTO COM TELHA CERÂMICA CAPA-CANAL, TIPO PAULISTA, COM ATÉ 2 ÁGUAS, INCLUSO TRANSPORTE VERTICAL. AF_07/2019","M2","COEFICIENTE DE REPRESENTATIVIDADE",50.69,"CAIXA REFERENCIAL"]
["COBERTURA","COBE","TELHAMENTO COM TELHA CERAMICA","0074","","",94448,"TELHAMENTO COM TELHA CERÂMICA CAPA-CANAL, TIPO PAULISTA, COM MAIS DE 2 ÁGUAS, INCLUSO TRANSPORTE VERTICAL. AF_07/2019","M2","COEFICIENTE DE REPRESENTATIVIDADE",56.16,"CAIXA REFERENCIAL"]
["COBERTURA","COBE","TELHAMENTO COM TELHA DE FIBROCIMENTO","0075","","",94207,"TELHAMENTO COM TELHA ONDULADA DE FIBROCIMENTO E = 6 MM, COM RECOBRIMENTO LATERAL DE 1/4 DE ONDA PARA TELHADO COM INCLINAÇÃO MAIOR QUE 10°, COM ATÉ 2 ÁGUAS, INCLUSO IÇAMENTO. AF_07/2019","M2","COEFICIENTE DE REPRESENTATIVIDADE",54.62,"CAIXA REFERENCIAL"]
["COBERTURA","COBE","TELHAMENTO COM TELHA DE FIBROCIMENTO","0075","","",94210,"TELHAMENTO COM TELHA ONDULADA DE FIBROCIMENTO E = 6 MM, COM RECOBRIMENTO LATERAL DE 1 1/4 DE ONDA PARA TELHADO COM INCLINAÇÃO MÁXIMA DE 10°, COM ATÉ 2 ÁGUAS, INCLUSO IÇAMENTO. AF_07/2019","M2","COEFICIENTE DE REPRESENTATIVIDADE",58.09,"CAIXA REFERENCIAL"]
["COBERTURA","COBE","TELHAMENTO COM TELHA DE FIBROCIMENTO","0075","","",94218,"TELHAMENTO COM TELHA ESTRUTURAL DE FIBROCIMENTO E= 8 MM, COM ATÉ 2 ÁGUAS, INCLUSO IÇAMENTO. AF_07/2019_PS","M2","COEFICIENTE DE REPRESENTATIVIDADE",148.37,"CAIXA REFERENCIAL"]
["COBERTURA","COBE","TELHAMENTO COM TELHA METALICA","0076","","",94213,"TELHAMENTO COM TELHA DE AÇO/ALUMÍNIO E = 0,5 MM, COM ATÉ 2 ÁGUAS, INCLUSO IÇAMENTO. AF_07/2019","M2","ATRIBUÍDO SÃO PAULO",64.91,"CAIXA REFERENCIAL"]
["COBERTURA","COBE","TELHAMENTO COM TELHA METALICA","0076","","",94216,"TELHAMENTO COM TELHA METÁLICA TERMOACÚSTICA E = 30 MM, COM ATÉ 2 ÁGUAS, INCLUSO IÇAMENTO. AF_07/2019","M2","ATRIBUÍDO SÃO PAULO",187.05,"CAIXA REFERENCIAL"]
["COBERTURA","COBE","CUMEEIRA CERAMICA","0079","","",94219,"CUMEEIRA E ESPIGÃO PARA TELHA CERÂMICA EMBOÇADA COM ARGAMASSA TRAÇO 1:2:9 (CIMENTO, CAL E AREIA), PARA TELHADOS COM MAIS DE 2 ÁGUAS, INCLUSO TRANSPORTE VERTICAL. AF_07/2019","M","COEFICIENTE DE REPRESENTATIVIDADE",32.9,"CAIXA REFERENCIAL"]
["COBERTURA","COBE","CUMEEIRA CERAMICA","0079","","",94220,"CUMEEIRA E ESPIGÃO PARA TELHA DE CONCRETO EMBOÇADA COM ARGAMASSA TRAÇO 1:2:9 (CIMENTO, CAL E AREIA), PARA TELHADOS COM MAIS DE 2 ÁGUAS, INCLUSO TRANSPORTE VERTICAL. AF_07/2019","M","COEFICIENTE DE REPRESENTATIVIDADE",54.53,"CAIXA REFERENCIAL"]
["COBERTURA","COBE","CUMEEIRA CERAMICA","0079","","",94221,"CUMEEIRA PARA TELHA CERÂMICA EMBOÇADA COM ARGAMASSA TRAÇO 1:2:9 (CIMENTO, CAL E AREIA) PARA TELHADOS COM ATÉ 2 ÁGUAS, INCLUSO TRANSPORTE VERTICAL. AF_07/2019","M","COEFICIENTE DE REPRESENTATIVIDADE",26.54,"CAIXA REFERENCIAL"]
["COBERTURA","COBE","CUMEEIRA CERAMICA","0079","","",94222,"CUMEEIRA PARA TELHA DE CONCRETO EMBOÇADA COM ARGAMASSA TRAÇO 1:2:9 (CIMENTO, CAL E AREIA) PARA TELHADOS COM ATÉ 2 ÁGUAS, INCLUSO TRANSPORTE VERTICAL. AF_07/2019","M","COEFICIENTE DE REPRESENTATIVIDADE",48.17,"CAIXA REFERENCIAL"]
["COBERTURA","COBE","CUMEEIRA DE FIBROCIMENTO","0080","","",94223,"CUMEEIRA PARA TELHA DE FIBROCIMENTO ONDULADA E = 6 MM, INCLUSO ACESSÓRIOS DE FIXAÇÃO E IÇAMENTO. AF_07/2019","M","COEFICIENTE DE REPRESENTATIVIDADE",92.67,"CAIXA REFERENCIAL"]
["COBERTURA","COBE","CUMEEIRA DE FIBROCIMENTO","0080","","",94451,"CUMEEIRA PARA TELHA DE FIBROCIMENTO ESTRUTURAL E = 6 MM, INCLUSO ACESSÓRIOS DE FIXAÇÃO E IÇAMENTO. AF_07/2019","M","COEFICIENTE DE REPRESENTATIVIDADE",104.35,"CAIXA REFERENCIAL"]
["COBERTURA","COBE","CUMEEIRA DE FIBROCIMENTO","0080","","",100325,"CUMEEIRA SHED PARA TELHA ONDULADA DE FIBROCIMENTO, E = 6 MM, INCLUSO ACESSÓRIOS DE FIXAÇÃO E IÇAMENTO. AF_07/2019","M","COEFICIENTE DE REPRESENTATIVIDADE",101.41,"CAIXA REFERENCIAL"]
["COBERTURA","COBE","CUMEEIRA DE FIBROCIMENTO","0080","","",100327,"RUFO EXTERNO/INTERNO EM CHAPA DE AÇO GALVANIZADO NÚMERO 26, CORTE DE 33 CM, INCLUSO IÇAMENTO. AF_07/2019","M","ATRIBUÍDO SÃO PAULO",53.27,"CAIXA REFERENCIAL"]
["COBERTURA","COBE","CUMEEIRA DE FIBROCIMENTO","0080","","",100328,"RETIRADA E RECOLOCAÇÃO DE  TELHA CERÂMICA DE ENCAIXE, COM ATÉ DUAS ÁGUAS, INCLUSO IÇAMENTO. AF_07/2019","M2","COEFICIENTE DE REPRESENTATIVIDADE",13.41,"CAIXA REFERENCIAL"]
["COBERTURA","COBE","CUMEEIRA DE FIBROCIMENTO","0080","","",100329,"RETIRADA E RECOLOCAÇÃO DE  TELHA CERÂMICA DE ENCAIXE, COM MAIS DE DUAS ÁGUAS, INCLUSO IÇAMENTO. AF_07/2019","M2","COEFICIENTE DE REPRESENTATIVIDADE",16.64,"CAIXA REFERENCIAL"]
["COBERTURA","COBE","CUMEEIRA DE FIBROCIMENTO","0080","","",100330,"RETIRADA E RECOLOCAÇÃO DE  TELHA CERÂMICA CAPA-CANAL, COM ATÉ DUAS ÁGUAS, INCLUSO IÇAMENTO. AF_07/2019","M2","COEFICIENTE DE REPRESENTATIVIDADE",18.16,"CAIXA REFERENCIAL"]
["COBERTURA","COBE","CUMEEIRA DE FIBROCIMENTO","0080","","",100331,"RETIRADA E RECOLOCAÇÃO DE  TELHA CERÂMICA CAPA-CANAL, COM MAIS DE DUAS ÁGUAS, INCLUSO IÇAMENTO. AF_07/2019","M2","COEFICIENTE DE REPRESENTATIVIDADE",23.67,"CAIXA REFERENCIAL"]
["COBERTURA","COBE","CALHA DE PVC, PECAS E ACESSORIOS","0083","","",100434,"CALHA DE BEIRAL, SEMICIRCULAR DE PVC, DIAMETRO 125 MM, INCLUINDO CABECEIRAS, EMENDAS, BOCAIS, SUPORTES E VEDAÇÕES, EXCLUINDO CONDUTORES, INCLUSO TRANSPORTE VERTICAL. AF_07/2019","M","COEFICIENTE DE REPRESENTATIVIDADE",132.54,"CAIXA REFERENCIAL"]
["COBERTURA","COBE","CALHA DE PVC, PECAS E ACESSORIOS","0083","","",100435,"RUFO EM FIBROCIMENTO PARA TELHA ONDULADA E = 6 MM, ABA DE 26 CM, INCLUSO TRANSPORTE VERTICAL, EXCETO CONTRARRUFO. AF_07/2019","M","COEFICIENTE DE REPRESENTATIVIDADE",75.540000000000006,"CAIXA REFERENCIAL"]
["COBERTURA","COBE","CALHA METALICA","0084","","",94227,"CALHA EM CHAPA DE AÇO GALVANIZADO NÚMERO 24, DESENVOLVIMENTO DE 33 CM, INCLUSO TRANSPORTE VERTICAL. AF_07/2019","M","ATRIBUÍDO SÃO PAULO",57.23,"CAIXA REFERENCIAL"]
["COBERTURA","COBE","CALHA METALICA","0084","","",94228,"CALHA EM CHAPA DE AÇO GALVANIZADO NÚMERO 24, DESENVOLVIMENTO DE 50 CM, INCLUSO TRANSPORTE VERTICAL. AF_07/2019","M","ATRIBUÍDO SÃO PAULO",77.34,"CAIXA REFERENCIAL"]
["COBERTURA","COBE","CALHA METALICA","0084","","",94229,"CALHA EM CHAPA DE AÇO GALVANIZADO NÚMERO 24, DESENVOLVIMENTO DE 100 CM, INCLUSO TRANSPORTE VERTICAL. AF_07/2019","M","ATRIBUÍDO SÃO PAULO",149.07,"CAIXA REFERENCIAL"]
["COBERTURA","COBE","RUFO METALICO","0086","","",94231,"RUFO EM CHAPA DE AÇO GALVANIZADO NÚMERO 24, CORTE DE 25 CM, INCLUSO TRANSPORTE VERTICAL. AF_07/2019","M","ATRIBUÍDO SÃO PAULO",47.59,"CAIXA REFERENCIAL"]
["COBERTURA","COBE","TELHAMENTO COM TELHA DE FIBRA DE VIDRO","0252","","",94449,"TELHAMENTO COM TELHA ONDULADA DE FIBRA DE VIDRO E = 0,6 MM, PARA TELHADO COM INCLINAÇÃO MAIOR QUE 10°, COM ATÉ 2 ÁGUAS, INCLUSO IÇAMENTO. AF_07/2019","M2","ATRIBUÍDO SÃO PAULO",77.52,"CAIXA REFERENCIAL"]
["COBERTURA","COBE","ESTRUTURA METALICA","0291","","",92255,"INSTALAÇÃO DE TESOURA (INTEIRA OU MEIA), EM AÇO, PARA VÃOS MAIORES OU IGUAIS A 3,0 M E MENORES QUE 6,0 M, INCLUSO IÇAMENTO. AF_07/2019","UN","ATRIBUÍDO SÃO PAULO",214.56,"CAIXA REFERENCIAL"]
["COBERTURA","COBE","ESTRUTURA METALICA","0291","","",92256,"INSTALAÇÃO DE TESOURA (INTEIRA OU MEIA), EM AÇO, PARA VÃOS MAIORES OU IGUAIS A 6,0 M E MENORES QUE 8,0 M, INCLUSO IÇAMENTO. AF_07/2019","UN","ATRIBUÍDO SÃO PAULO",263.25,"CAIXA REFERENCIAL"]
["COBERTURA","COBE","ESTRUTURA METALICA","0291","","",92257,"INSTALAÇÃO DE TESOURA (INTEIRA OU MEIA), EM AÇO, PARA VÃOS MAIORES OU IGUAIS A 8,0 M E MENORES QUE 10,0 M, INCLUSO IÇAMENTO. AF_07/2019","UN","ATRIBUÍDO SÃO PAULO",311.26,"CAIXA REFERENCIAL"]
["COBERTURA","COBE","ESTRUTURA METALICA","0291","","",92258,"INSTALAÇÃO DE TESOURA (INTEIRA OU MEIA), EM AÇO, PARA VÃOS MAIORES OU IGUAIS A 10,0 M E MENORES QUE 12,0 M, INCLUSO IÇAMENTO. AF_07/2019","UN","ATRIBUÍDO SÃO PAULO",388.5,"CAIXA REFERENCIAL"]
["COBERTURA","COBE","ESTRUTURA METALICA","0291","","",92568,"TRAMA DE AÇO COMPOSTA POR RIPAS, CAIBROS E TERÇAS PARA TELHADOS DE ATÉ 2 ÁGUAS PARA TELHA DE ENCAIXE DE CERÂMICA OU DE CONCRETO, INCLUSO TRANSPORTE VERTICAL. AF_07/2019","M2","ATRIBUÍDO SÃO PAULO",126.2,"CAIXA REFERENCIAL"]
["COBERTURA","COBE","ESTRUTURA METALICA","0291","","",92569,"TRAMA DE AÇO COMPOSTA POR RIPAS E CAIBROS PARA TELHADOS DE ATÉ 2 ÁGUAS PARA TELHA DE ENCAIXE DE CERÂMICA OU DE CONCRETO, INCLUSO TRANSPORTE VERTICAL. AF_07/2019","M2","ATRIBUÍDO SÃO PAULO",70.28,"CAIXA REFERENCIAL"]
["COBERTURA","COBE","ESTRUTURA METALICA","0291","","",92570,"TRAMA DE AÇO COMPOSTA POR RIPAS PARA TELHADOS DE ATÉ 2 ÁGUAS PARA TELHA DE ENCAIXE DE CERÂMICA OU DE CONCRETO, INCLUSO TRANSPORTE VERTICAL. AF_07/2019","M2","ATRIBUÍDO SÃO PAULO",44.63,"CAIXA REFERENCIAL"]
["COBERTURA","COBE","ESTRUTURA METALICA","0291","","",92571,"TRAMA DE AÇO COMPOSTA POR RIPAS, CAIBROS E TERÇAS PARA TELHADOS DE MAIS DE 2 ÁGUAS PARA TELHA DE ENCAIXE DE CERÂMICA OU DE CONCRETO, INCLUSO TRANSPORTE VERTICAL. AF_07/2019","M2","ATRIBUÍDO SÃO PAULO",135.43,"CAIXA REFERENCIAL"]
["COBERTURA","COBE","ESTRUTURA METALICA","0291","","",92572,"TRAMA DE AÇO COMPOSTA POR RIPAS E CAIBROS PARA TELHADOS DE MAIS DE 2 ÁGUAS PARA TELHA DE ENCAIXE DE CERÂMICA OU DE CONCRETO, INCLUSO TRANSPORTE VERTICAL. AF_07/2019","M2","ATRIBUÍDO SÃO PAULO",81.11,"CAIXA REFERENCIAL"]
["COBERTURA","COBE","ESTRUTURA METALICA","0291","","",92573,"TRAMA DE AÇO COMPOSTA POR RIPAS PARA TELHADOS DE MAIS DE 2 ÁGUAS PARA TELHA DE ENCAIXE DE CERÂMICA OU DE CONCRETO, INCLUSO TRANSPORTE VERTICAL, INCLUSO TRANSPORTE VERTICAL. AF_07/2019","M2","ATRIBUÍDO SÃO PAULO",48.59,"CAIXA REFERENCIAL"]
["COBERTURA","COBE","ESTRUTURA METALICA","0291","","",92574,"TRAMA DE AÇO COMPOSTA POR RIPAS, CAIBROS E TERÇAS PARA TELHADOS DE ATÉ 2 ÁGUAS PARA TELHA CERÂMICA CAPA-CANAL, INCLUSO TRANSPORTE VERTICAL. AF_07/2019","M2","ATRIBUÍDO SÃO PAULO",128.41,"CAIXA REFERENCIAL"]
["COBERTURA","COBE","ESTRUTURA METALICA","0291","","",92575,"TRAMA DE AÇO COMPOSTA POR RIPAS E CAIBROS PARA TELHADOS DE ATÉ 2 ÁGUAS PARA TELHA CERÂMICA CAPA-CANAL, INCLUSO TRANSPORTE VERTICAL. AF_07/2019","M2","ATRIBUÍDO SÃO PAULO",64.5,"CAIXA REFERENCIAL"]
["COBERTURA","COBE","ESTRUTURA METALICA","0291","","",92576,"TRAMA DE AÇO COMPOSTA POR RIPAS PARA TELHADOS DE ATÉ 2 ÁGUAS PARA TELHA CERÂMICA CAPA-CANAL, INCLUSO TRANSPORTE VERTICAL. AF_07/2019","M2","ATRIBUÍDO SÃO PAULO",35.47,"CAIXA REFERENCIAL"]
["COBERTURA","COBE","ESTRUTURA METALICA","0291","","",92577,"TRAMA DE AÇO COMPOSTA POR RIPAS, CAIBROS E TERÇAS PARA TELHADOS DE MAIS DE 2 ÁGUAS PARA TELHA CERÂMICA CAPA-CANAL, INCLUSO TRANSPORTE VERTICAL. AF_07/2019","M2","ATRIBUÍDO SÃO PAULO",138.02000000000001,"CAIXA REFERENCIAL"]
["COBERTURA","COBE","ESTRUTURA METALICA","0291","","",92578,"TRAMA DE AÇO COMPOSTA POR RIPAS E CAIBROS PARA TELHADOS DE MAIS DE 2 ÁGUAS PARA TELHA CERÂMICA CAPA-CANAL, INCLUSO TRANSPORTE VERTICAL. AF_07/2019","M2","ATRIBUÍDO SÃO PAULO",69.89,"CAIXA REFERENCIAL"]
["COBERTURA","COBE","ESTRUTURA METALICA","0291","","",92579,"TRAMA DE AÇO COMPOSTA POR RIPAS PARA TELHADOS DE MAIS DE 2 ÁGUAS PARA TELHA CERÂMICA CAPA-CANAL, INCLUSO TRANSPORTE VERTICAL. AF_07/2019","M2","ATRIBUÍDO SÃO PAULO",38.619999999999997,"CAIXA REFERENCIAL"]
["COBERTURA","COBE","ESTRUTURA METALICA","0291","","",92580,"TRAMA DE AÇO COMPOSTA POR TERÇAS PARA TELHADOS DE ATÉ 2 ÁGUAS PARA TELHA ONDULADA DE FIBROCIMENTO, METÁLICA, PLÁSTICA OU TERMOACÚSTICA, INCLUSO TRANSPORTE VERTICAL. AF_07/2019","M2","ATRIBUÍDO SÃO PAULO",48.05,"CAIXA REFERENCIAL"]
["COBERTURA","COBE","ESTRUTURA METALICA","0291","","",92581,"TRAMA DE AÇO COMPOSTA POR TERÇAS PARA TELHADOS DE ATÉ 2 ÁGUAS PARA TELHA ESTRUTURAL DE FIBROCIMENTO, INCLUSO TRANSPORTE VERTICAL. AF_07/2019","M2","ATRIBUÍDO SÃO PAULO",49.89,"CAIXA REFERENCIAL"]
["COBERTURA","COBE","ESTRUTURA METALICA","0291","","",92582,"FABRICAÇÃO E INSTALAÇÃO DE TESOURA INTEIRA EM AÇO, VÃO DE 3 M, PARA TELHA CERÂMICA OU DE CONCRETO, INCLUSO IÇAMENTO. AF_12/2015","UN","ATRIBUÍDO SÃO PAULO",717.53,"CAIXA REFERENCIAL"]
["COBERTURA","COBE","ESTRUTURA METALICA","0291","","",92584,"FABRICAÇÃO E INSTALAÇÃO DE TESOURA INTEIRA EM AÇO, VÃO DE 4 M, PARA TELHA CERÂMICA OU DE CONCRETO, INCLUSO IÇAMENTO. AF_12/2015","UN","ATRIBUÍDO SÃO PAULO",833.59,"CAIXA REFERENCIAL"]
["COBERTURA","COBE","ESTRUTURA METALICA","0291","","",92586,"FABRICAÇÃO E INSTALAÇÃO DE TESOURA INTEIRA EM AÇO, VÃO DE 5 M, PARA TELHA CERÂMICA OU DE CONCRETO, INCLUSO IÇAMENTO. AF_12/2015","UN","ATRIBUÍDO SÃO PAULO",949.64,"CAIXA REFERENCIAL"]
["COBERTURA","COBE","ESTRUTURA METALICA","0291","","",92588,"FABRICAÇÃO E INSTALAÇÃO DE TESOURA INTEIRA EM AÇO, VÃO DE 6 M, PARA TELHA CERÂMICA OU DE CONCRETO, INCLUSO IÇAMENTO. AF_12/2015","UN","ATRIBUÍDO SÃO PAULO",1199.82,"CAIXA REFERENCIAL"]
["COBERTURA","COBE","ESTRUTURA METALICA","0291","","",92590,"FABRICAÇÃO E INSTALAÇÃO DE TESOURA INTEIRA EM AÇO, VÃO DE 7 M, PARA TELHA CERÂMICA OU DE CONCRETO, INCLUSO IÇAMENTO. AF_12/2015","UN","ATRIBUÍDO SÃO PAULO",1315.87,"CAIXA REFERENCIAL"]
["COBERTURA","COBE","ESTRUTURA METALICA","0291","","",92592,"FABRICAÇÃO E INSTALAÇÃO DE TESOURA INTEIRA EM AÇO, VÃO DE 8 M, PARA TELHA CERÂMICA OU DE CONCRETO, INCLUSO IÇAMENTO. AF_12/2015","UN","ATRIBUÍDO SÃO PAULO",1479.94,"CAIXA REFERENCIAL"]
["COBERTURA","COBE","ESTRUTURA METALICA","0291","","",92594,"FABRICAÇÃO E INSTALAÇÃO DE TESOURA INTEIRA EM AÇO, VÃO DE 9 M, PARA TELHA CERÂMICA OU DE CONCRETO, INCLUSO IÇAMENTO. AF_12/2015","UN","ATRIBUÍDO SÃO PAULO",1710.8,"CAIXA REFERENCIAL"]
["COBERTURA","COBE","ESTRUTURA METALICA","0291","","",92596,"FABRICAÇÃO E INSTALAÇÃO DE TESOURA INTEIRA EM AÇO, VÃO DE 10 M, PARA TELHA CERÂMICA OU DE CONCRETO, INCLUSO IÇAMENTO. AF_12/2015","UN","ATRIBUÍDO SÃO PAULO",1909.06,"CAIXA REFERENCIAL"]
["COBERTURA","COBE","ESTRUTURA METALICA","0291","","",92598,"FABRICAÇÃO E INSTALAÇÃO DE TESOURA INTEIRA EM AÇO, VÃO DE 11 M, PARA TELHA CERÂMICA OU DE CONCRETO, INCLUSO IÇAMENTO. AF_12/2015","UN","ATRIBUÍDO SÃO PAULO",2025.11,"CAIXA REFERENCIAL"]
["COBERTURA","COBE","ESTRUTURA METALICA","0291","","",92600,"FABRICAÇÃO E INSTALAÇÃO DE TESOURA INTEIRA EM AÇO, VÃO DE 12 M, PARA TELHA CERÂMICA OU DE CONCRETO, INCLUSO IÇAMENTO. AF_12/2015","UN","ATRIBUÍDO SÃO PAULO",2170.52,"CAIXA REFERENCIAL"]
["COBERTURA","COBE","ESTRUTURA METALICA","0291","","",92602,"FABRICAÇÃO E INSTALAÇÃO DE TESOURA INTEIRA EM AÇO, VÃO DE 3 M, PARA TELHA ONDULADA DE FIBROCIMENTO, METÁLICA, PLÁSTICA OU TERMOACÚSTICA, INCLUSO IÇAMENTO. AF_12/2015","UN","ATRIBUÍDO SÃO PAULO",717.53,"CAIXA REFERENCIAL"]
["COBERTURA","COBE","ESTRUTURA METALICA","0291","","",92604,"FABRICAÇÃO E INSTALAÇÃO DE TESOURA INTEIRA EM AÇO, VÃO DE 4 M, PARA TELHA ONDULADA DE FIBROCIMENTO, METÁLICA, PLÁSTICA OU TERMOACÚSTICA, INCLUSO IÇAMENTO. AF_12/2015","UN","ATRIBUÍDO SÃO PAULO",804.23,"CAIXA REFERENCIAL"]
["COBERTURA","COBE","ESTRUTURA METALICA","0291","","",92606,"FABRICAÇÃO E INSTALAÇÃO DE TESOURA INTEIRA EM AÇO, VÃO DE 5 M, PARA TELHA ONDULADA DE FIBROCIMENTO, METÁLICA, PLÁSTICA OU TERMOACÚSTICA, INCLUSO IÇAMENTO. AF_12/2015","UN","ATRIBUÍDO SÃO PAULO",920.29,"CAIXA REFERENCIAL"]
["COBERTURA","COBE","ESTRUTURA METALICA","0291","","",92608,"FABRICAÇÃO E INSTALAÇÃO DE TESOURA INTEIRA EM AÇO, VÃO DE 6 M, PARA TELHA ONDULADA DE FIBROCIMENTO, METÁLICA, PLÁSTICA OU TERMOACÚSTICA, INCLUSO IÇAMENTO. AF_12/2015","UN","ATRIBUÍDO SÃO PAULO",1141.1099999999999,"CAIXA REFERENCIAL"]
["COBERTURA","COBE","ESTRUTURA METALICA","0291","","",92610,"FABRICAÇÃO E INSTALAÇÃO DE TESOURA INTEIRA EM AÇO, VÃO DE 7 M, PARA TELHA ONDULADA DE FIBROCIMENTO, METÁLICA, PLÁSTICA OU TERMOACÚSTICA, INCLUSO IÇAMENTO. AF_12/2015","UN","ATRIBUÍDO SÃO PAULO",1257.17,"CAIXA REFERENCIAL"]
["COBERTURA","COBE","ESTRUTURA METALICA","0291","","",92612,"FABRICAÇÃO E INSTALAÇÃO DE TESOURA INTEIRA EM AÇO, VÃO DE 8 M, PARA TELHA ONDULADA DE FIBROCIMENTO, METÁLICA, PLÁSTICA OU TERMOACÚSTICA, INCLUSO IÇAMENTO, INCLUSO IÇAMENTO. AF_12/2015","UN","ATRIBUÍDO SÃO PAULO",1421.23,"CAIXA REFERENCIAL"]
["COBERTURA","COBE","ESTRUTURA METALICA","0291","","",92614,"FABRICAÇÃO E INSTALAÇÃO DE TESOURA INTEIRA EM AÇO, VÃO DE 9 M, PARA TELHA ONDULADA DE FIBROCIMENTO, METÁLICA, PLÁSTICA OU TERMOACÚSTICA, INCLUSO IÇAMENTO. AF_12/2015","UN","ATRIBUÍDO SÃO PAULO",1593.39,"CAIXA REFERENCIAL"]
["COBERTURA","COBE","ESTRUTURA METALICA","0291","","",92616,"FABRICAÇÃO E INSTALAÇÃO DE TESOURA INTEIRA EM AÇO, VÃO DE 10 M, PARA TELHA ONDULADA DE FIBROCIMENTO, METÁLICA, PLÁSTICA OU TERMOACÚSTICA, INCLUSO IÇAMENTO. AF_12/2015","UN","ATRIBUÍDO SÃO PAULO",1821,"CAIXA REFERENCIAL"]
["COBERTURA","COBE","ESTRUTURA METALICA","0291","","",92618,"FABRICAÇÃO E INSTALAÇÃO DE TESOURA INTEIRA EM AÇO, VÃO DE 11 M, PARA TELHA ONDULADA DE FIBROCIMENTO, METÁLICA, PLÁSTICA OU TERMOACÚSTICA, INCLUSO IÇAMENTO. AF_12/2015","UN","ATRIBUÍDO SÃO PAULO",1937.05,"CAIXA REFERENCIAL"]
["COBERTURA","COBE","ESTRUTURA METALICA","0291","","",92620,"FABRICAÇÃO E INSTALAÇÃO DE TESOURA INTEIRA EM AÇO, VÃO DE 12 M, PARA TELHA ONDULADA DE FIBROCIMENTO, METÁLICA, PLÁSTICA OU TERMOACÚSTICA, INCLUSO IÇAMENTO. AF_12/2015","UN","ATRIBUÍDO SÃO PAULO",2053.1,"CAIXA REFERENCIAL"]
["COBERTURA","COBE","ESTRUTURA METALICA","0291","","",100357,"FABRICAÇÃO E INSTALAÇÃO DE MEIA TESOURA DE MADEIRA NÃO APARELHADA, COM VÃO DE 3 M, PARA TELHA CERÂMICA OU DE CONCRETO, INCLUSO IÇAMENTO. AF_07/2019","UN","ATRIBUÍDO SÃO PAULO",1095.27,"CAIXA REFERENCIAL"]
["COBERTURA","COBE","ESTRUTURA METALICA","0291","","",100358,"FABRICAÇÃO E INSTALAÇÃO DE MEIA TESOURA DE MADEIRA NÃO APARELHADA, COM VÃO DE 4 M, PARA TELHA CERÂMICA OU DE CONCRETO, INCLUSO IÇAMENTO. AF_07/2019","UN","ATRIBUÍDO SÃO PAULO",1470.84,"CAIXA REFERENCIAL"]
["COBERTURA","COBE","ESTRUTURA METALICA","0291","","",100359,"FABRICAÇÃO E INSTALAÇÃO DE MEIA TESOURA DE MADEIRA NÃO APARELHADA, COM VÃO DE 5 M, PARA TELHA CERÂMICA OU DE CONCRETO, INCLUSO IÇAMENTO. AF_07/2019","UN","ATRIBUÍDO SÃO PAULO",1551.52,"CAIXA REFERENCIAL"]
["COBERTURA","COBE","ESTRUTURA METALICA","0291","","",100360,"FABRICAÇÃO E INSTALAÇÃO DE MEIA TESOURA DE MADEIRA NÃO APARELHADA, COM VÃO DE 6 M, PARA TELHA CERÂMICA OU DE CONCRETO, INCLUSO IÇAMENTO. AF_07/2019","UN","ATRIBUÍDO SÃO PAULO",1722.21,"CAIXA REFERENCIAL"]
["COBERTURA","COBE","ESTRUTURA METALICA","0291","","",100361,"FABRICAÇÃO E INSTALAÇÃO DE MEIA TESOURA DE MADEIRA NÃO APARELHADA, COM VÃO DE 7 M, PARA TELHA CERÂMICA OU DE CONCRETO, INCLUSO IÇAMENTO. AF_07/2019","UN","ATRIBUÍDO SÃO PAULO",2132.36,"CAIXA REFERENCIAL"]
["COBERTURA","COBE","ESTRUTURA METALICA","0291","","",100362,"FABRICAÇÃO E INSTALAÇÃO DE MEIA TESOURA DE MADEIRA NÃO APARELHADA, COM VÃO DE 8 M, PARA TELHA CERÂMICA OU DE CONCRETO, INCLUSO IÇAMENTO. AF_07/2019","UN","ATRIBUÍDO SÃO PAULO",2883.08,"CAIXA REFERENCIAL"]
["COBERTURA","COBE","ESTRUTURA METALICA","0291","","",100363,"FABRICAÇÃO E INSTALAÇÃO DE MEIA TESOURA DE MADEIRA NÃO APARELHADA, COM VÃO DE 9 M, PARA TELHA CERÂMICA OU DE CONCRETO, INCLUSO IÇAMENTO. AF_07/2019","UN","ATRIBUÍDO SÃO PAULO",2980.98,"CAIXA REFERENCIAL"]
["COBERTURA","COBE","ESTRUTURA METALICA","0291","","",100364,"FABRICAÇÃO E INSTALAÇÃO DE MEIA TESOURA DE MADEIRA NÃO APARELHADA, COM VÃO DE 10 M, PARA TELHA CERÂMICA OU DE CONCRETO, INCLUSO IÇAMENTO. AF_07/2019","UN","ATRIBUÍDO SÃO PAULO",3233.09,"CAIXA REFERENCIAL"]
["COBERTURA","COBE","ESTRUTURA METALICA","0291","","",100365,"FABRICAÇÃO E INSTALAÇÃO DE MEIA TESOURA DE MADEIRA NÃO APARELHADA, COM VÃO DE 11 M, PARA TELHA CERÂMICA OU DE CONCRETO, INCLUSO IÇAMENTO. AF_07/2019","UN","ATRIBUÍDO SÃO PAULO",3702.42,"CAIXA REFERENCIAL"]
["COBERTURA","COBE","ESTRUTURA METALICA","0291","","",100366,"FABRICAÇÃO E INSTALAÇÃO DE MEIA TESOURA DE MADEIRA NÃO APARELHADA, COM VÃO DE 12 M, PARA TELHA CERÂMICA OU DE CONCRETO, INCLUSO IÇAMENTO. AF_07/2019","UN","ATRIBUÍDO SÃO PAULO",3967.75,"CAIXA REFERENCIAL"]
["COBERTURA","COBE","ESTRUTURA METALICA","0291","","",100367,"FABRICAÇÃO E INSTALAÇÃO DE MEIA TESOURA DE MADEIRA NÃO APARELHADA, COM VÃO DE 3 M, PARA TELHA ONDULADA DE FIBROCIMENTO, ALUMÍNIO, PLÁSTICA OU TERMOACÚSTICA, INCLUSO IÇAMENTO. AF_07/2019","UN","ATRIBUÍDO SÃO PAULO",1064.07,"CAIXA REFERENCIAL"]
["COBERTURA","COBE","ESTRUTURA METALICA","0291","","",100368,"FABRICAÇÃO E INSTALAÇÃO DE MEIA TESOURA DE MADEIRA NÃO APARELHADA, COM VÃO DE 4 M, PARA TELHA ONDULADA DE FIBROCIMENTO, ALUMÍNIO, PLÁSTICA OU TERMOACÚSTICA, INCLUSO IÇAMENTO. AF_07/2019","UN","ATRIBUÍDO SÃO PAULO",1432.36,"CAIXA REFERENCIAL"]
["COBERTURA","COBE","ESTRUTURA METALICA","0291","","",100369,"FABRICAÇÃO E INSTALAÇÃO DE MEIA TESOURA DE MADEIRA NÃO APARELHADA, COM VÃO DE 5 M, PARA TELHA ONDULADA DE FIBROCIMENTO, ALUMÍNIO, PLÁSTICA OU TERMOACÚSTICA, INCLUSO IÇAMENTO. AF_07/2019","UN","ATRIBUÍDO SÃO PAULO",1513.05,"CAIXA REFERENCIAL"]
["COBERTURA","COBE","ESTRUTURA METALICA","0291","","",100370,"FABRICAÇÃO E INSTALAÇÃO DE MEIA TESOURA DE MADEIRA NÃO APARELHADA, COM VÃO DE 6 M, PARA TELHA ONDULADA DE FIBROCIMENTO, ALUMÍNIO, PLÁSTICA OU TERMOACÚSTICA, INCLUSO IÇAMENTO. AF_07/2019","UN","ATRIBUÍDO SÃO PAULO",1802.97,"CAIXA REFERENCIAL"]
["COBERTURA","COBE","ESTRUTURA METALICA","0291","","",100371,"FABRICAÇÃO E INSTALAÇÃO DE MEIA TESOURA DE MADEIRA NÃO APARELHADA, COM VÃO DE 7 M, PARA TELHA ONDULADA DE FIBROCIMENTO, ALUMÍNIO, PLÁSTICA OU TERMOACÚSTICA, INCLUSO IÇAMENTO. AF_07/2019","UN","ATRIBUÍDO SÃO PAULO",2029.76,"CAIXA REFERENCIAL"]
["COBERTURA","COBE","ESTRUTURA METALICA","0291","","",100372,"FABRICAÇÃO E INSTALAÇÃO DE MEIA TESOURA DE MADEIRA NÃO APARELHADA, COM VÃO DE 8 M, PARA TELHA ONDULADA DE FIBROCIMENTO, ALUMÍNIO, PLÁSTICA OU TERMOACÚSTICA, INCLUSO IÇAMENTO. AF_07/2019","UN","ATRIBUÍDO SÃO PAULO",2707.27,"CAIXA REFERENCIAL"]
["COBERTURA","COBE","ESTRUTURA METALICA","0291","","",100373,"FABRICAÇÃO E INSTALAÇÃO DE MEIA TESOURA DE MADEIRA NÃO APARELHADA, COM VÃO DE 9 M, PARA TELHA ONDULADA DE FIBROCIMENTO, ALUMÍNIO, PLÁSTICA OU TERMOACÚSTICA, INCLUSO IÇAMENTO. AF_07/2019","UN","ATRIBUÍDO SÃO PAULO",2805.09,"CAIXA REFERENCIAL"]
["COBERTURA","COBE","ESTRUTURA METALICA","0291","","",100374,"FABRICAÇÃO E INSTALAÇÃO DE MEIA TESOURA DE MADEIRA NÃO APARELHADA, COM VÃO DE 10 M, PARA TELHA ONDULADA DE FIBROCIMENTO, ALUMÍNIO, PLÁSTICA OU TERMOACÚSTICA, INCLUSO IÇAMENTO. AF_07/2019","UN","ATRIBUÍDO SÃO PAULO",3001.97,"CAIXA REFERENCIAL"]
["COBERTURA","COBE","ESTRUTURA METALICA","0291","","",100375,"FABRICAÇÃO E INSTALAÇÃO DE MEIA TESOURA DE MADEIRA NÃO APARELHADA, COM VÃO DE 11 M, PARA TELHA ONDULADA DE FIBROCIMENTO, ALUMÍNIO, PLÁSTICA OU TERMOACÚSTICA, INCLUSO IÇAMENTO. AF_07/2019","UN","ATRIBUÍDO SÃO PAULO",3357.42,"CAIXA REFERENCIAL"]
["COBERTURA","COBE","ESTRUTURA METALICA","0291","","",100376,"FABRICAÇÃO E INSTALAÇÃO DE MEIA TESOURA DE MADEIRA NÃO APARELHADA, COM VÃO DE 12 M, PARA TELHA ONDULADA DE FIBROCIMENTO, ALUMÍNIO, PLÁSTICA OU TERMOACÚSTICA, INCLUSO IÇAMENTO. AF_07/2019","UN","ATRIBUÍDO SÃO PAULO",3280.87,"CAIXA REFERENCIAL"]
["COBERTURA","COBE","ESTRUTURA METALICA","0291","","",100377,"FABRICAÇÃO E INSTALAÇÃO DE TESOURA (INTEIRA OU MEIA) EM AÇO, VÃOS MAIORES OU IGUAIS A 3,0 M E MENORES OU IGUAL A 6,0 M, INCLUSO IÇAMENTO. AF_07/2019","KG","ATRIBUÍDO SÃO PAULO",11.77,"CAIXA REFERENCIAL"]
["COBERTURA","COBE","ESTRUTURA METALICA","0291","","",100378,"FABRICAÇÃO E INSTALAÇÃO DE TESOURA (INTEIRA OU MEIA) EM AÇO, VÃOS MAIORES QUE 6,0 M E MENORES QUE 12,0 M, INCLUSO IÇAMENTO. AF_07/2019","KG","ATRIBUÍDO SÃO PAULO",10.82,"CAIXA REFERENCIAL"]
["COBERTURA","COBE","ESTRUTURA METALICA","0291","","",100382,"FABRICAÇÃO E INSTALAÇÃO DE PONTALETES DE MADEIRA NÃO APARELHADA PARA TELHADOS COM ATÉ 2 ÁGUAS E COM TELHA ONDULADA DE FIBROCIMENTO, ALUMÍNIO OU PLÁSTICA EM EDIFÍCIO RESIDENCIAL TÉRREO, INCLUSO TRANSPORTE VERTICAL. AF_07/2019","M2","COEFICIENTE DE REPRESENTATIVIDADE",24.88,"CAIXA REFERENCIAL"]
["COBERTURA","COBE","ESTRUTURA METALICA","0291","","",104314,"TRAMA DE AÇO COMPOSTA POR TERÇAS PARA TELHADOS DE ATÉ 2 ÁGUAS PARA TELHA ONDULADA DE FIBROCIMENTO, METÁLICA, PLÁSTICA OU TERMOACÚSTICA, INCLUSO TRANSPORTE VERTICAL (EM KG). AF_07/2019","KG","ATRIBUÍDO SÃO PAULO",11.07,"CAIXA REFERENCIAL"]
["COBERTURA","COBE","TELHAMENTO COM TELHA DE VIDRO","0302","","",94444,"TELHAMENTO COM TELHA DE ENCAIXE, TIPO FRANCESA DE VIDRO, COM ATÉ 2 ÁGUAS, INCLUSO TRANSPORTE VERTICAL. AF_07/2019","M2","ATRIBUÍDO SÃO PAULO",546.79,"CAIXA REFERENCIAL"]
["DRENAGEM/OBRAS DE CONTENCAO/POCOS DE VISITA E CAIXAS","DROP","ESGOTAMENTO COM BOMBA","0026","","",104482,"ESGOTAMENTO DE VALA COM BOMBA SUBMERSÍVEL. AF_12/2022","H","COEFICIENTE DE REPRESENTATIVIDADE",26.68,"CAIXA REFERENCIAL"]
["DRENAGEM/OBRAS DE CONTENCAO/POCOS DE VISITA E CAIXAS","DROP","REBAIXAMENTO DO LENCOL FREATICO","0027","","",104184,"INSTALAÇÃO E DESINSTALAÇÃO DE REGISTRO DE PVC PARA SISTEMA DE REBAIXAMENTO DE LENÇOL FREÁTICO POR PONTEIRAS FILTRANTES. AF_12/2022","UN","COEFICIENTE DE REPRESENTATIVIDADE",30.87,"CAIXA REFERENCIAL"]
["DRENAGEM/OBRAS DE CONTENCAO/POCOS DE VISITA E CAIXAS","DROP","REBAIXAMENTO DO LENCOL FREATICO","0027","","",104185,"INSTALAÇÃO E DESINSTALAÇÃO DE CONJUNTO DE BOMBAS, À VÁCUO E CENTRÍFUGA, PARA SISTEMA DE REBAIXAMENTO DE LENÇOL FREÁTICO POR PONTEIRAS FILTRANTES (EXCLUI O FORNECIMENTO DE BOMBAS). AF_12/2022","UN","COEFICIENTE DE REPRESENTATIVIDADE",22.6,"CAIXA REFERENCIAL"]
["DRENAGEM/OBRAS DE CONTENCAO/POCOS DE VISITA E CAIXAS","DROP","REBAIXAMENTO DO LENCOL FREATICO","0027","","",104189,"INSTALAÇÃO DE MATERIAL GRANULAR FILTRANTE PARA SISTEMA DE REBAIXAMENTO DE LENÇOL FREÁTICO POR POÇOS PROFUNDOSA, DIÂMETRO DO POÇO DE 400 MM. AF_12/2022","M3","COEFICIENTE DE REPRESENTATIVIDADE",168.88,"CAIXA REFERENCIAL"]
["DRENAGEM/OBRAS DE CONTENCAO/POCOS DE VISITA E CAIXAS","DROP","REBAIXAMENTO DO LENCOL FREATICO","0027","","",104190,"INSTALAÇÃO E DESINSTALAÇÃO DE SISTEMA DE BOMBA PARA SISTEMA DE REBAIXAMENTO DE LENÇOL FREÁTICO POR POÇOS PROFUNDOS (EXCLUI O FORNECIMENTO DE BOMBA). AF_12/2022","UN","COEFICIENTE DE REPRESENTATIVIDADE",610.79,"CAIXA REFERENCIAL"]
["DRENAGEM/OBRAS DE CONTENCAO/POCOS DE VISITA E CAIXAS","DROP","DRENOS","0028","","",102661,"DRENO SUBSUPERFICIAL (SEÇÃO 0,40 X 0,40 M), COM TUBO DE PEAD CORRUGADO PERFURADO, DN 100 MM, ENCHIMENTO COM AREIA. AF_07/2021","M","ATRIBUÍDO SÃO PAULO",40.14,"CAIXA REFERENCIAL"]
["DRENAGEM/OBRAS DE CONTENCAO/POCOS DE VISITA E CAIXAS","DROP","DRENOS","0028","","",102662,"DRENO SUBSUPERFICIAL (SEÇÃO 0,40 X 0,40 M), COM TUBO DE PVC CORRUGADO RÍGIDO PERFURADO, DN 100 MM, ENCHIMENTO COM AREIA. AF_07/2021","M","COEFICIENTE DE REPRESENTATIVIDADE",80.28,"CAIXA REFERENCIAL"]
["DRENAGEM/OBRAS DE CONTENCAO/POCOS DE VISITA E CAIXAS","DROP","DRENOS","0028","","",102663,"DRENO SUBSUPERFICIAL (SEÇÃO 0,40 X 0,40 M), COM TUBO DE CONCRETO SIMPLES POROSO, DN 200 MM, ENCHIMENTO COM AREIA. AF_07/2021","M","ATRIBUÍDO SÃO PAULO",67.37,"CAIXA REFERENCIAL"]
["DRENAGEM/OBRAS DE CONTENCAO/POCOS DE VISITA E CAIXAS","DROP","DRENOS","0028","","",102664,"DRENO SUBSUPERFICIAL (SEÇÃO 0,40 X 0,40 M), CEGO, ENCHIMENTO DE BRITA, ENVOLVIDO COM MANTA GEOTÊXTIL. AF_07/2021","M","COEFICIENTE DE REPRESENTATIVIDADE",49.4,"CAIXA REFERENCIAL"]
["DRENAGEM/OBRAS DE CONTENCAO/POCOS DE VISITA E CAIXAS","DROP","DRENOS","0028","","",102665,"DRENO SUBSUPERFICIAL (SEÇÃO 0,40 X 0,40 M), CEGO, ENCHIMENTO DE BRITA. AF_07/2021","M","COEFICIENTE DE REPRESENTATIVIDADE",24.88,"CAIXA REFERENCIAL"]
["DRENAGEM/OBRAS DE CONTENCAO/POCOS DE VISITA E CAIXAS","DROP","DRENOS","0028","","",102666,"DRENO SUBSUPERFICIAL (SEÇÃO 0,40 X 0,40 M), COM TUBO DE PEAD CORRUGADO PERFURADO, DN 100 MM, ENCHIMENTO COM BRITA, ENVOLVIDO COM MANTA GEOTÊXTIL. AF_07/2021","M","ATRIBUÍDO SÃO PAULO",61.99,"CAIXA REFERENCIAL"]
["DRENAGEM/OBRAS DE CONTENCAO/POCOS DE VISITA E CAIXAS","DROP","DRENOS","0028","","",102668,"DRENO SUBSUPERFICIAL (SEÇÃO 0,40 X 0,40 M), COM TUBO DE PVC CORRUGADO RÍGIDO PERFURADO, DN 100 MM, ENCHIMENTO COM BRITA, ENVOLVIDO COM MANTA GEOTÊXTIL. AF_07/2021","M","COEFICIENTE DE REPRESENTATIVIDADE",102.13,"CAIXA REFERENCIAL"]
["DRENAGEM/OBRAS DE CONTENCAO/POCOS DE VISITA E CAIXAS","DROP","DRENOS","0028","","",102669,"DRENO SUBSUPERFICIAL (SEÇÃO 0,40 X 0,40 M), COM TUBO DE CONCRETO SIMPLES POROSO, DN 200 MM, ENCHIMENTO COM BRITA, ENVOLVIDO COM MANTA GEOTÊXTIL. AF_07/2021","M","ATRIBUÍDO SÃO PAULO",89.63,"CAIXA REFERENCIAL"]
["DRENAGEM/OBRAS DE CONTENCAO/POCOS DE VISITA E CAIXAS","DROP","DRENOS","0028","","",102670,"DRENO PROFUNDO (SEÇÃO 0,50 X 1,50 M), COM TUBO DE PEAD CORRUGADO PERFURADO, DN 100 MM, ENCHIMENTO COM AREIA, COM SELO DE ARGILA. AF_07/2021","M","ATRIBUÍDO SÃO PAULO",121.66,"CAIXA REFERENCIAL"]
["DRENAGEM/OBRAS DE CONTENCAO/POCOS DE VISITA E CAIXAS","DROP","DRENOS","0028","","",102672,"DRENO PROFUNDO (SEÇÃO 0,50 X 1,50 M), COM TUBO DE PVC CORRUGADO RÍGIDO PERFURADO, DN 100 MM, ENCHIMENTO COM AREIA, COM SELO DE ARGILA. AF_07/2021","M","ATRIBUÍDO SÃO PAULO",175.42,"CAIXA REFERENCIAL"]
["DRENAGEM/OBRAS DE CONTENCAO/POCOS DE VISITA E CAIXAS","DROP","DRENOS","0028","","",102673,"DRENO PROFUNDO (SEÇÃO 0,50 X 1,50 M), COM TUBO DE CONCRETO SIMPLES POROSO, DN 200 MM, ENCHIMENTO COM AREIA, COM SELO DE ARGILA. AF_07/2021","M","ATRIBUÍDO SÃO PAULO",177.62,"CAIXA REFERENCIAL"]
["DRENAGEM/OBRAS DE CONTENCAO/POCOS DE VISITA E CAIXAS","DROP","DRENOS","0028","","",102674,"DRENO PROFUNDO (SEÇÃO 0,50 X 1,50 M), COM TUBO DE PEAD CORRUGADO PERFURADO, DN 100 MM, ENCHIMENTO COM AREIA. AF_07/2021","M","ATRIBUÍDO SÃO PAULO",134.38999999999999,"CAIXA REFERENCIAL"]
["DRENAGEM/OBRAS DE CONTENCAO/POCOS DE VISITA E CAIXAS","DROP","DRENOS","0028","","",102676,"DRENO PROFUNDO (SEÇÃO 0,50 X 1,50 M), COM TUBO DE PVC CORRUGADO RÍGIDO PERFURADO, DN 100 MM, ENCHIMENTO COM AREIA. AF_07/2021","M","COEFICIENTE DE REPRESENTATIVIDADE",178.58,"CAIXA REFERENCIAL"]
["DRENAGEM/OBRAS DE CONTENCAO/POCOS DE VISITA E CAIXAS","DROP","DRENOS","0028","","",102677,"DRENO PROFUNDO (SEÇÃO 0,50 X 1,50 M), COM TUBO DE CONCRETO SIMPLES POROSO, DN 200 MM, ENCHIMENTO COM AREIA. AF_07/2021","M","ATRIBUÍDO SÃO PAULO",168.46,"CAIXA REFERENCIAL"]
["DRENAGEM/OBRAS DE CONTENCAO/POCOS DE VISITA E CAIXAS","DROP","DRENOS","0028","","",102678,"DRENO PROFUNDO (SEÇÃO 0,50 X 1,50 M), CEGO, ENCHIMENTO DE BRITA, ENVOLVIDO COM MANTA GEOTÊXTIL, COM SELO DE ARGILA. AF_07/2021","M","ATRIBUÍDO SÃO PAULO",142.97,"CAIXA REFERENCIAL"]
["DRENAGEM/OBRAS DE CONTENCAO/POCOS DE VISITA E CAIXAS","DROP","DRENOS","0028","","",102679,"DRENO PROFUNDO (SEÇÃO 0,50 X 1,50 M), CEGO, ENCHIMENTO DE BRITA, ENVOLVIDO COM MANTA GEOTÊXTIL. AF_07/2021","M","COEFICIENTE DE REPRESENTATIVIDADE",156.66999999999999,"CAIXA REFERENCIAL"]
["DRENAGEM/OBRAS DE CONTENCAO/POCOS DE VISITA E CAIXAS","DROP","DRENOS","0028","","",102680,"DRENO PROFUNDO (SEÇÃO 0,50 X 1,50 M), COM TUBO DE PEAD CORRUGADO PERFURADO, DN 100 MM, ENCHIMENTO COM BRITA, ENVOLVIDO COM MANTA GEOTÊXTIL, COM SELO DE ARGILA. AF_07/2021","M","ATRIBUÍDO SÃO PAULO",156.93,"CAIXA REFERENCIAL"]
["DRENAGEM/OBRAS DE CONTENCAO/POCOS DE VISITA E CAIXAS","DROP","DRENOS","0028","","",102681,"DRENO PROFUNDO (SEÇÃO 0,50 X 1,50 M), COM TUBO DE PVC CORRUGADO RÍGIDO PERFURADO, DN 100 MM, ENCHIMENTO COM BRITA, ENVOLVIDO COM MANTA GEOTÊXTIL, COM SELO DE ARGILA. AF_07/2021","M","ATRIBUÍDO SÃO PAULO",201.12,"CAIXA REFERENCIAL"]
["DRENAGEM/OBRAS DE CONTENCAO/POCOS DE VISITA E CAIXAS","DROP","DRENOS","0028","","",102683,"DRENO PROFUNDO (SEÇÃO 0,50 X 1,50 M), COM TUBO DE CONCRETO SIMPLES POROSO, DN 200 MM, ENCHIMENTO COM BRITA, ENVOLVIDO COM MANTA GEOTÊXTIL, COM SELO DE ARGILA. AF_07/2021","M","ATRIBUÍDO SÃO PAULO",196.05,"CAIXA REFERENCIAL"]
["DRENAGEM/OBRAS DE CONTENCAO/POCOS DE VISITA E CAIXAS","DROP","DRENOS","0028","","",102684,"DRENO PROFUNDO (SEÇÃO 0,50 X 1,50 M), COM TUBO DE PEAD CORRUGADO PERFURADO, DN 100 MM, ENCHIMENTO COM BRITA, ENVOLVIDO COM MANTA GEOTÊXTIL. AF_07/2021","M","ATRIBUÍDO SÃO PAULO",170.65,"CAIXA REFERENCIAL"]
["DRENAGEM/OBRAS DE CONTENCAO/POCOS DE VISITA E CAIXAS","DROP","DRENOS","0028","","",102685,"DRENO PROFUNDO (SEÇÃO 0,50 X 1,50 M), COM TUBO DE PVC CORRUGADO RÍGIDO PERFURADO, DN 100 MM, ENCHIMENTO COM BRITA, ENVOLVIDO COM MANTA GEOTÊXTIL. AF_07/2021","M","COEFICIENTE DE REPRESENTATIVIDADE",214.84,"CAIXA REFERENCIAL"]
["DRENAGEM/OBRAS DE CONTENCAO/POCOS DE VISITA E CAIXAS","DROP","DRENOS","0028","","",102687,"DRENO PROFUNDO (SEÇÃO 0,50 X 1,50 M), COM TUBO DE CONCRETO SIMPLES POROSO, DN 200 MM, ENCHIMENTO COM BRITA, ENVOLVIDO COM MANTA GEOTÊXTIL. AF_07/2021","M","ATRIBUÍDO SÃO PAULO",205.13,"CAIXA REFERENCIAL"]
["DRENAGEM/OBRAS DE CONTENCAO/POCOS DE VISITA E CAIXAS","DROP","DRENOS","0028","","",102688,"DRENO ESPINHA DE PEIXE (SEÇÃO 0,40 X 0,40 M), COM TUBO DE PEAD CORRUGADO PERFURADO, DN 100 MM, ENCHIMENTO COM AREIA, INCLUSIVE CONEXÕES. AF_07/2021","M","ATRIBUÍDO SÃO PAULO",45.44,"CAIXA REFERENCIAL"]
["DRENAGEM/OBRAS DE CONTENCAO/POCOS DE VISITA E CAIXAS","DROP","DRENOS","0028","","",102689,"DRENO ESPINHA DE PEIXE (SEÇÃO 0,40 X 0,40 M), COM TUBO DE PVC CORRUGADO RÍGIDO PERFURADO, DN 100 MM, ENCHIMENTO COM AREIA, INCLUSIVE CONEXÕES. AF_07/2021","M","COEFICIENTE DE REPRESENTATIVIDADE",83.31,"CAIXA REFERENCIAL"]
["DRENAGEM/OBRAS DE CONTENCAO/POCOS DE VISITA E CAIXAS","DROP","DRENOS","0028","","",102690,"DRENO ESPINHA DE PEIXE (SEÇÃO (0,40 X 0,40 M), COM TUBO DE PEAD CORRUGADO PERFURADO, DN 100 MM, ENCHIMENTO COM BRITA, ENVOLVIDO COM MANTA GEOTÊXTIL, INCLUSIVE CONEXÕES. AF_07/2021","M","ATRIBUÍDO SÃO PAULO",67.290000000000006,"CAIXA REFERENCIAL"]
["DRENAGEM/OBRAS DE CONTENCAO/POCOS DE VISITA E CAIXAS","DROP","DRENOS","0028","","",102693,"DRENO ESPINHA DE PEIXE (SEÇÃO 0,40 X 0,40 M), COM TUBO DE PVC CORRUGADO RÍGIDO PERFURADO, DN 100 MM, ENCHIMENTO COM BRITA, ENVOLVIDO COM MANTA GEOTÊXTIL, INCLUSIVE CONEXÕES. AF_07/2021","M","COEFICIENTE DE REPRESENTATIVIDADE",105.16,"CAIXA REFERENCIAL"]
["DRENAGEM/OBRAS DE CONTENCAO/POCOS DE VISITA E CAIXAS","DROP","DRENOS","0028","","",102694,"DRENO ESPINHA DE PEIXE (SEÇÃO 0,50 X 0,80 M), COM TUBO DE PEAD CORRUGADO PERFURADO, DN 100 MM, ENCHIMENTO COM AREIA, INCLUSIVE CONEXÕES. AF_07/2021","M","ATRIBUÍDO SÃO PAULO",88.78,"CAIXA REFERENCIAL"]
["DRENAGEM/OBRAS DE CONTENCAO/POCOS DE VISITA E CAIXAS","DROP","DRENOS","0028","","",102696,"DRENO ESPINHA DE PEIXE (SEÇÃO 0,50 X 0,80 M), COM TUBO DE PVC CORRUGADO RÍGIDO PERFURADO, DN 100 MM, ENCHIMENTO COM AREIA, INCLUSIVE CONEXÕES. AF_07/2021","M","COEFICIENTE DE REPRESENTATIVIDADE",127.02,"CAIXA REFERENCIAL"]
["DRENAGEM/OBRAS DE CONTENCAO/POCOS DE VISITA E CAIXAS","DROP","DRENOS","0028","","",102697,"DRENO ESPINHA DE PEIXE (SEÇÃO 0,50 X 0,80 M), COM TUBO DE PEAD CORRUGADO PERFURADO, DN 100 MM, ENCHIMENTO COM BRITA, ENVOLVIDO COM MANTA GEOTÊXTIL, INCLUSIVE CONEXÕES. AF_07/2021","M","ATRIBUÍDO SÃO PAULO",115.58,"CAIXA REFERENCIAL"]
["DRENAGEM/OBRAS DE CONTENCAO/POCOS DE VISITA E CAIXAS","DROP","DRENOS","0028","","",102703,"DRENO ESPINHA DE PEIXE (SEÇÃO 0,50 X 0,80 M), COM TUBO DE PVC CORRUGADO RÍGIDO PERFURADO, DN 100 MM, ENCHIMENTO COM BRITA, ENVOLVIDO COM MANTA GEOTÊXTIL, INCLUSIVE CONEXÕES. AF_07/2021","M","COEFICIENTE DE REPRESENTATIVIDADE",153.82,"CAIXA REFERENCIAL"]
["DRENAGEM/OBRAS DE CONTENCAO/POCOS DE VISITA E CAIXAS","DROP","DRENOS","0028","","",102704,"TUBO DE PEAD CORRUGADO PERFURADO, DN 100 MM, PARA DRENO - FORNECIMENTO E ASSENTAMENTO. AF_07/2021","M","ATRIBUÍDO SÃO PAULO",13.41,"CAIXA REFERENCIAL"]
["DRENAGEM/OBRAS DE CONTENCAO/POCOS DE VISITA E CAIXAS","DROP","DRENOS","0028","","",102705,"TUBO DE PVC CORRUGADO RÍGIDO PERFURADO, DN 100 MM, PARA DRENO - FORNECIMENTO E ASSENTAMENTO. AF_07/2021","M","COEFICIENTE DE REPRESENTATIVIDADE",50.24,"CAIXA REFERENCIAL"]
["DRENAGEM/OBRAS DE CONTENCAO/POCOS DE VISITA E CAIXAS","DROP","DRENOS","0028","","",102707,"TUBO DE CONCRETO SIMPLES POROSO, DN 200 MM, PARA DRENO - FORNECIMENTO E ASSENTAMENTO. AF_07/2021","M","ATRIBUÍDO SÃO PAULO",44.86,"CAIXA REFERENCIAL"]
["DRENAGEM/OBRAS DE CONTENCAO/POCOS DE VISITA E CAIXAS","DROP","DRENOS","0028","","",102708,"LUVA DE PVC, SÉRIE NORMAL, PARA ESGOTO PREDIAL, DN 100 MM, INSTALADA EM DRENO  - FORNECIMENTO E INSTALAÇÃO. AF_07/2021","UN","COEFICIENTE DE REPRESENTATIVIDADE",21.81,"CAIXA REFERENCIAL"]
["DRENAGEM/OBRAS DE CONTENCAO/POCOS DE VISITA E CAIXAS","DROP","DRENOS","0028","","",102710,"JUNÇÃO SIMPLES DE PVC, 45 GRAUS, SÉRIE NORMAL, PARA ESGOTO PREDIAL, DN 100 MM, INSTALADA EM DRENO - FORNECIMENTO E INSTALAÇÃO. AF_07/2021","UN","COEFICIENTE DE REPRESENTATIVIDADE",52.51,"CAIXA REFERENCIAL"]
["DRENAGEM/OBRAS DE CONTENCAO/POCOS DE VISITA E CAIXAS","DROP","DRENOS","0028","","",102711,"JUNÇÃO DUPLA DE PVC, SÉRIE NORMAL, PARA ESGOTO PREDIAL, DN 100 X 100 X 100 MM, INSTALADA EM DRENO  - FORNECIMENTO E INSTALAÇÃO. AF_07/2021","UN","COEFICIENTE DE REPRESENTATIVIDADE",67.040000000000006,"CAIXA REFERENCIAL"]
["DRENAGEM/OBRAS DE CONTENCAO/POCOS DE VISITA E CAIXAS","DROP","DRENOS","0028","","",102712,"GEOTÊXTIL NÃO TECIDO 100% POLIÉSTER, RESISTÊNCIA A TRAÇÃO DE 9 KN/M (RT - 9), INSTALADO EM DRENO - FORNECIMENTO E INSTALAÇÃO. AF_07/2021","M2","COEFICIENTE DE REPRESENTATIVIDADE",9.52,"CAIXA REFERENCIAL"]
["DRENAGEM/OBRAS DE CONTENCAO/POCOS DE VISITA E CAIXAS","DROP","DRENOS","0028","","",102713,"GEOTÊXTIL NÃO TECIDO 100% POLIÉSTER, RESISTÊNCIA A TRAÇÃO DE 14 KN/M (RT - 14), INSTALADO EM DRENO - FORNECIMENTO E INSTALAÇÃO. AF_07/2021","M2","COEFICIENTE DE REPRESENTATIVIDADE",13.1,"CAIXA REFERENCIAL"]
["DRENAGEM/OBRAS DE CONTENCAO/POCOS DE VISITA E CAIXAS","DROP","DRENOS","0028","","",102715,"GEOTÊXTIL NÃO TECIDO 100% POLIÉSTER, RESISTÊNCIA A TRAÇÃO DE 26 KN/M (RT - 26), INSTALADO EM DRENO - FORNECIMENTO E INSTALAÇÃO. AF_07/2021","M2","COEFICIENTE DE REPRESENTATIVIDADE",25.97,"CAIXA REFERENCIAL"]
["DRENAGEM/OBRAS DE CONTENCAO/POCOS DE VISITA E CAIXAS","DROP","DRENOS","0028","","",102716,"ENCHIMENTO DE AREIA PARA DRENO, LANÇAMENTO MECANIZADO. AF_07/2021","M3","COEFICIENTE DE REPRESENTATIVIDADE",159.76,"CAIXA REFERENCIAL"]
["DRENAGEM/OBRAS DE CONTENCAO/POCOS DE VISITA E CAIXAS","DROP","DRENOS","0028","","",102717,"ENCHIMENTO DE BRITA PARA DRENO, LANÇAMENTO MECANIZADO. AF_07/2021","M3","COEFICIENTE DE REPRESENTATIVIDADE",142.13,"CAIXA REFERENCIAL"]
["DRENAGEM/OBRAS DE CONTENCAO/POCOS DE VISITA E CAIXAS","DROP","DRENOS","0028","","",102718,"ENCHIMENTO DE AREIA PARA DRENO, LANÇAMENTO MANUAL. AF_07/2021","M3","COEFICIENTE DE REPRESENTATIVIDADE",165.17,"CAIXA REFERENCIAL"]
["DRENAGEM/OBRAS DE CONTENCAO/POCOS DE VISITA E CAIXAS","DROP","DRENOS","0028","","",102719,"ENCHIMENTO DE BRITA PARA DRENO, LANÇAMENTO MANUAL. AF_07/2021","M3","COLETADO",147.54,"CAIXA REFERENCIAL"]
["DRENAGEM/OBRAS DE CONTENCAO/POCOS DE VISITA E CAIXAS","DROP","DRENOS","0028","","",102722,"DRENO EM MURO DE CONTENÇÃO, EXECUTADO NO PÉ DO MURO, COM TUBO DE PEAD CORRUGADO FLEXÍVEL PERFURADO, ENCHIMENTO COM BRITA, ENVOLVIDO COM MANTA GEOTÊXTIL. AF_07/2021","M","ATRIBUÍDO SÃO PAULO",56.39,"CAIXA REFERENCIAL"]
["DRENAGEM/OBRAS DE CONTENCAO/POCOS DE VISITA E CAIXAS","DROP","DRENOS","0028","","",102723,"DRENO EM MURO DE CONTENÇÃO, EXECUTADO NO PÉ DO MURO, COM TUBO DE PVC CORRUGADO RÍGIDO PERFURADO, ENCHIMENTO COM BRITA, ENVOLVIDO COM MANTA GEOTÊXTIL. AF_07/2021","M","COEFICIENTE DE REPRESENTATIVIDADE",93.22,"CAIXA REFERENCIAL"]
["DRENAGEM/OBRAS DE CONTENCAO/POCOS DE VISITA E CAIXAS","DROP","DRENOS","0028","","",102724,"DRENO BARBACÃ, DN 100 MM, COM MATERIAL DRENANTE. AF_07/2021","UN","COEFICIENTE DE REPRESENTATIVIDADE",27.97,"CAIXA REFERENCIAL"]
["DRENAGEM/OBRAS DE CONTENCAO/POCOS DE VISITA E CAIXAS","DROP","DRENOS","0028","","",102725,"DRENO BARBACÃ, DN 75 MM, COM MATERIAL DRENANTE. AF_07/2021","UN","COEFICIENTE DE REPRESENTATIVIDADE",27.4,"CAIXA REFERENCIAL"]
["DRENAGEM/OBRAS DE CONTENCAO/POCOS DE VISITA E CAIXAS","DROP","DRENOS","0028","","",102726,"DRENO BARBACÃ, DN 50 MM, COM MATERIAL DRENANTE. AF_07/2021","UN","COEFICIENTE DE REPRESENTATIVIDADE",25.8,"CAIXA REFERENCIAL"]
["DRENAGEM/OBRAS DE CONTENCAO/POCOS DE VISITA E CAIXAS","DROP","DRENOS","0028","","",103653,"GEOTÊXTIL NÃO TECIDO 100% POLIÉSTER, RESISTÊNCIA A TRAÇÃO DE 31 KN/M (RT-31), INSTALADO EM DRENO - FORNECIMENTO E INSTALAÇÃO. AF_07/2021","M2","COEFICIENTE DE REPRESENTATIVIDADE",31.03,"CAIXA REFERENCIAL"]
["DRENAGEM/OBRAS DE CONTENCAO/POCOS DE VISITA E CAIXAS","DROP","GABIOES","0031","","",92743,"MURO DE GABIÃO, ENCHIMENTO COM PEDRA DE MÃO TIPO RACHÃO, DE GRAVIDADE, COM GAIOLAS DE COMPRIMENTO IGUAL A 2 M, PARA MUROS COM ALTURA MENOR OU IGUAL A 4 M \u0096 FORNECIMENTO E EXECUÇÃO. AF_03/2024","M3","COEFICIENTE DE REPRESENTATIVIDADE",648.66999999999996,"CAIXA REFERENCIAL"]
["DRENAGEM/OBRAS DE CONTENCAO/POCOS DE VISITA E CAIXAS","DROP","GABIOES","0031","","",92744,"MURO DE GABIÃO, ENCHIMENTO COM PEDRA DE MÃO TIPO RACHÃO, DE GRAVIDADE, COM GAIOLAS DE COMPRIMENTO IGUAL A 5 M, PARA MUROS COM ALTURA MENOR OU IGUAL A 4 M \u0096 FORNECIMENTO E EXECUÇÃO. AF_03/2024","M3","COEFICIENTE DE REPRESENTATIVIDADE",605.78,"CAIXA REFERENCIAL"]
["DRENAGEM/OBRAS DE CONTENCAO/POCOS DE VISITA E CAIXAS","DROP","GABIOES","0031","","",92745,"MURO DE GABIÃO, ENCHIMENTO COM PEDRA DE MÃO TIPO RACHÃO, DE GRAVIDADE, COM GAIOLAS DE COMPRIMENTO IGUAL A 2 M, PARA MUROS COM ALTURA MAIOR QUE 4 M E MENOR OU IGUAL A 6 M \u0096 FORNECIMENTO E EXECUÇÃO. AF_03/2024","M3","COEFICIENTE DE REPRESENTATIVIDADE",784.8,"CAIXA REFERENCIAL"]
["DRENAGEM/OBRAS DE CONTENCAO/POCOS DE VISITA E CAIXAS","DROP","GABIOES","0031","","",92746,"MURO DE GABIÃO, ENCHIMENTO COM PEDRA DE MÃO TIPO RACHÃO, DE GRAVIDADE, COM GAIOLAS DE COMPRIMENTO IGUAL A 5 M, PARA MUROS COM ALTURA MAIOR QUE 4 M E MENOR OU IGUAL A 6 M \u0096 FORNECIMENTO E EXECUÇÃO. AF_03/2024","M3","COEFICIENTE DE REPRESENTATIVIDADE",715.65,"CAIXA REFERENCIAL"]
["DRENAGEM/OBRAS DE CONTENCAO/POCOS DE VISITA E CAIXAS","DROP","GABIOES","0031","","",92747,"MURO DE GABIÃO, ENCHIMENTO COM PEDRA DE MÃO TIPO RACHÃO, DE GRAVIDADE, COM GAIOLAS DE COMPRIMENTO IGUAL A 2 M, PARA MUROS COM ALTURA MAIOR QUE 6 M E MENOR OU IGUAL A 10 M \u0096 FORNECIMENTO E EXECUÇÃO. AF_03/2024","M3","COEFICIENTE DE REPRESENTATIVIDADE",869.39,"CAIXA REFERENCIAL"]
["DRENAGEM/OBRAS DE CONTENCAO/POCOS DE VISITA E CAIXAS","DROP","GABIOES","0031","","",92748,"MURO DE GABIÃO, ENCHIMENTO COM PEDRA DE MÃO TIPO RACHÃO, DE GRAVIDADE, COM GAIOLAS DE COMPRIMENTO IGUAL A 5 M, PARA MUROS COM ALTURA MAIOR QUE 6 M E MENOR OU IGUAL A 10 M\u0096 FORNECIMENTO E EXECUÇÃO. AF_03/2024","M3","COEFICIENTE DE REPRESENTATIVIDADE",781.82,"CAIXA REFERENCIAL"]
["DRENAGEM/OBRAS DE CONTENCAO/POCOS DE VISITA E CAIXAS","DROP","GABIOES","0031","","",92749,"MURO DE GABIÃO, ENCHIMENTO COM PEDRA DE MÃO TIPO RACHÃO, COM SOLO REFORÇADO, PARA MUROS COM ALTURA MENOR OU IGUAL A 4 M \u0096 FORNECIMENTO E EXECUÇÃO. AF_03/2024","M3","COEFICIENTE DE REPRESENTATIVIDADE",921.97,"CAIXA REFERENCIAL"]
["DRENAGEM/OBRAS DE CONTENCAO/POCOS DE VISITA E CAIXAS","DROP","GABIOES","0031","","",92750,"MURO DE GABIÃO, ENCHIMENTO COM PEDRA DE MÃO TIPO RACHÃO, COM SOLO REFORÇADO, PARA MUROS COM ALTURA MAIOR QUE 4 M E MENOR OU IGUAL A 12 M \u0096 FORNECIMENTO E EXECUÇÃO. AF_03/2024","M3","COEFICIENTE DE REPRESENTATIVIDADE",1528.82,"CAIXA REFERENCIAL"]
["DRENAGEM/OBRAS DE CONTENCAO/POCOS DE VISITA E CAIXAS","DROP","GABIOES","0031","","",92751,"MURO DE GABIÃO, ENCHIMENTO COM PEDRA DE MÃO TIPO RACHÃO, COM SOLO REFORÇADO, PARA MUROS COM ALTURA MAIOR QUE 12 M E MENOR OU IGUAL A 20 M \u0096 FORNECIMENTO E EXECUÇÃO. AF_03/2024","M3","COEFICIENTE DE REPRESENTATIVIDADE",1883.46,"CAIXA REFERENCIAL"]
["DRENAGEM/OBRAS DE CONTENCAO/POCOS DE VISITA E CAIXAS","DROP","GABIOES","0031","","",92752,"MURO DE GABIÃO, ENCHIMENTO COM PEDRA DE MÃO TIPO RACHÃO, COM SOLO REFORÇADO, PARA MUROS COM ALTURA MAIOR QUE 20 M E MENOR OU IGUAL A 28 M \u0096 FORNECIMENTO E EXECUÇÃO. AF_03/2024","M3","COEFICIENTE DE REPRESENTATIVIDADE",2235.6999999999998,"CAIXA REFERENCIAL"]
["DRENAGEM/OBRAS DE CONTENCAO/POCOS DE VISITA E CAIXAS","DROP","GABIOES","0031","","",92753,"MURO DE GABIÃO, ENCHIMENTO COM RESÍDUO DE CONSTRUÇÃO E DEMOLIÇÃO, DE GRAVIDADE, COM GAIOLA TRAPEZOIDAL DE COMPRIMENTO IGUAL A 2 M, PARA MUROS COM ALTURA MENOR OU IGUAL A 2 M \u0096 FORNECIMENTO E EXECUÇÃO. AF_03/2024","M3","ATRIBUÍDO SÃO PAULO",605.12,"CAIXA REFERENCIAL"]
["DRENAGEM/OBRAS DE CONTENCAO/POCOS DE VISITA E CAIXAS","DROP","GABIOES","0031","","",92754,"MURO DE GABIÃO, ENCHIMENTO COM RESÍDUO DE CONSTRUÇÃO E DEMOLIÇÃO, DE GRAVIDADE, COM GAIOLA TRAPEZOIDAL DE COMPRIMENTO IGUAL A 2 M, PARA MUROS COM ALTURA MAIOR QUE 2 M E MENOR OU IGUAL A 4 M \u0096 FORNECIMENTO E EXECUÇÃO. AF_03/2024","M3","ATRIBUÍDO SÃO PAULO",590.42999999999995,"CAIXA REFERENCIAL"]
["DRENAGEM/OBRAS DE CONTENCAO/POCOS DE VISITA E CAIXAS","DROP","GABIOES","0031","","",92755,"PROTEÇÃO SUPERFICIAL DE CANAL EM GABIÃO TIPO COLCHÃO, ALTURA DE 17 CENTÍMETROS, ENCHIMENTO COM PEDRA DE MÃO TIPO RACHÃO \u0096 FORNECIMENTO E EXECUÇÃO. AF_03/2024","M2","COEFICIENTE DE REPRESENTATIVIDADE",236.38,"CAIXA REFERENCIAL"]
["DRENAGEM/OBRAS DE CONTENCAO/POCOS DE VISITA E CAIXAS","DROP","GABIOES","0031","","",92756,"PROTEÇÃO SUPERFICIAL DE CANAL EM GABIÃO TIPO COLCHÃO, ALTURA DE 23 CENTÍMETROS, ENCHIMENTO COM PEDRA DE MÃO TIPO RACHÃO \u0096 FORNECIMENTO E EXECUÇÃO. AF_03/2024","M2","COEFICIENTE DE REPRESENTATIVIDADE",271.43,"CAIXA REFERENCIAL"]
["DRENAGEM/OBRAS DE CONTENCAO/POCOS DE VISITA E CAIXAS","DROP","GABIOES","0031","","",92757,"PROTEÇÃO SUPERFICIAL DE CANAL EM GABIÃO TIPO COLCHÃO, ALTURA DE 30 CENTÍMETROS, ENCHIMENTO COM PEDRA DE MÃO TIPO RACHÃO \u0096 FORNECIMENTO E EXECUÇÃO. AF_03/2024","M2","COEFICIENTE DE REPRESENTATIVIDADE",313.42,"CAIXA REFERENCIAL"]
["DRENAGEM/OBRAS DE CONTENCAO/POCOS DE VISITA E CAIXAS","DROP","GABIOES","0031","","",92758,"PROTEÇÃO SUPERFICIAL DE CANAL EM GABIÃO TIPO SACO, DIÂMETRO DE 65 CENTÍMETROS, ENCHIMENTO MANUAL COM PEDRA DE MÃO TIPO RACHÃO \u0096 FORNECIMENTO E EXECUÇÃO. AF_03/2024","M3","COEFICIENTE DE REPRESENTATIVIDADE",665.13,"CAIXA REFERENCIAL"]
["DRENAGEM/OBRAS DE CONTENCAO/POCOS DE VISITA E CAIXAS","DROP","MUROS DE ARRIMO","0032","","",91069,"EXECUÇÃO DE REVESTIMENTO DE CONCRETO PROJETADO COM ESPESSURA DE 7 CM, ARMADO COM TELA, INCLINAÇÃO MENOR QUE 90°, APLICAÇÃO CONTÍNUA, UTILIZANDO EQUIPAMENTO DE PROJEÇÃO COM 6 M³/H DE CAPACIDADE. AF_01/2016","M2","ATRIBUÍDO SÃO PAULO",119.38,"CAIXA REFERENCIAL"]
["DRENAGEM/OBRAS DE CONTENCAO/POCOS DE VISITA E CAIXAS","DROP","MUROS DE ARRIMO","0032","","",91070,"EXECUÇÃO DE REVESTIMENTO DE CONCRETO PROJETADO COM ESPESSURA DE 10 CM, ARMADO COM TELA, INCLINAÇÃO MENOR QUE 90°, APLICAÇÃO CONTÍNUA, UTILIZANDO EQUIPAMENTO DE PROJEÇÃO COM 6 M³/H DE CAPACIDADE. AF_01/2016","M2","ATRIBUÍDO SÃO PAULO",132.9,"CAIXA REFERENCIAL"]
["DRENAGEM/OBRAS DE CONTENCAO/POCOS DE VISITA E CAIXAS","DROP","MUROS DE ARRIMO","0032","","",91071,"EXECUÇÃO DE REVESTIMENTO DE CONCRETO PROJETADO COM ESPESSURA DE 7 CM, ARMADO COM TELA, INCLINAÇÃO DE 90°, APLICAÇÃO CONTÍNUA, UTILIZANDO EQUIPAMENTO DE PROJEÇÃO COM 6 M³/H DE CAPACIDADE. AF_01/2016","M2","ATRIBUÍDO SÃO PAULO",168.06,"CAIXA REFERENCIAL"]
["DRENAGEM/OBRAS DE CONTENCAO/POCOS DE VISITA E CAIXAS","DROP","MUROS DE ARRIMO","0032","","",91072,"EXECUÇÃO DE REVESTIMENTO DE CONCRETO PROJETADO COM ESPESSURA DE 10 CM, ARMADO COM TELA, INCLINAÇÃO DE 90°, APLICAÇÃO CONTÍNUA, UTILIZANDO EQUIPAMENTO DE PROJEÇÃO COM 6 M³/H DE CAPACIDADE. AF_01/2016","M2","ATRIBUÍDO SÃO PAULO",181.5,"CAIXA REFERENCIAL"]
["DRENAGEM/OBRAS DE CONTENCAO/POCOS DE VISITA E CAIXAS","DROP","MUROS DE ARRIMO","0032","","",91073,"EXECUÇÃO DE REVESTIMENTO DE CONCRETO PROJETADO COM ESPESSURA DE 7 CM, ARMADO COM TELA, INCLINAÇÃO MENOR QUE 90°, APLICAÇÃO CONTÍNUA, UTILIZANDO EQUIPAMENTO DE PROJEÇÃO COM 3 M³/H DE CAPACIDADE. AF_01/2016","M2","ATRIBUÍDO SÃO PAULO",136.32,"CAIXA REFERENCIAL"]
["DRENAGEM/OBRAS DE CONTENCAO/POCOS DE VISITA E CAIXAS","DROP","MUROS DE ARRIMO","0032","","",91074,"EXECUÇÃO DE REVESTIMENTO DE CONCRETO PROJETADO COM ESPESSURA DE 10 CM, ARMADO COM TELA, INCLINAÇÃO MENOR QUE 90°, APLICAÇÃO CONTÍNUA, UTILIZANDO EQUIPAMENTO DE PROJEÇÃO COM 3 M³/H DE CAPACIDADE. AF_01/2016","M2","ATRIBUÍDO SÃO PAULO",151.63,"CAIXA REFERENCIAL"]
["DRENAGEM/OBRAS DE CONTENCAO/POCOS DE VISITA E CAIXAS","DROP","MUROS DE ARRIMO","0032","","",91075,"EXECUÇÃO DE REVESTIMENTO DE CONCRETO PROJETADO COM ESPESSURA DE 7 CM, ARMADO COM TELA, INCLINAÇÃO DE 90°, APLICAÇÃO CONTÍNUA, UTILIZANDO EQUIPAMENTO DE PROJEÇÃO COM 3 M³/H DE CAPACIDADE. AF_01/2016","M2","ATRIBUÍDO SÃO PAULO",186.94,"CAIXA REFERENCIAL"]
["DRENAGEM/OBRAS DE CONTENCAO/POCOS DE VISITA E CAIXAS","DROP","MUROS DE ARRIMO","0032","","",91076,"EXECUÇÃO DE REVESTIMENTO DE CONCRETO PROJETADO COM ESPESSURA DE 10 CM, ARMADO COM TELA, INCLINAÇÃO DE 90°, APLICAÇÃO CONTÍNUA, UTILIZANDO EQUIPAMENTO DE PROJEÇÃO COM 3 M³/H DE CAPACIDADE. AF_01/2016","M2","ATRIBUÍDO SÃO PAULO",202.19,"CAIXA REFERENCIAL"]
["DRENAGEM/OBRAS DE CONTENCAO/POCOS DE VISITA E CAIXAS","DROP","MUROS DE ARRIMO","0032","","",91077,"EXECUÇÃO DE REVESTIMENTO DE CONCRETO PROJETADO COM ESPESSURA DE 7 CM, ARMADO COM FIBRAS DE AÇO, INCLINAÇÃO MENOR QUE 90°, APLICAÇÃO CONTÍNUA, UTILIZANDO EQUIPAMENTO DE PROJEÇÃO COM 6 M³/H DE CAPACIDADE. AF_01/2016","M2","ATRIBUÍDO SÃO PAULO",148.13,"CAIXA REFERENCIAL"]
["DRENAGEM/OBRAS DE CONTENCAO/POCOS DE VISITA E CAIXAS","DROP","MUROS DE ARRIMO","0032","","",91078,"EXECUÇÃO DE REVESTIMENTO DE CONCRETO PROJETADO COM ESPESSURA DE 10 CM, ARMADO COM FIBRAS DE AÇO, INCLINAÇÃO MENOR QUE 90°, APLICAÇÃO CONTÍNUA, UTILIZANDO EQUIPAMENTO DE PROJEÇÃO COM 6 M³/H DE CAPACIDADE. AF_01/2016","M2","ATRIBUÍDO SÃO PAULO",174.12,"CAIXA REFERENCIAL"]
["DRENAGEM/OBRAS DE CONTENCAO/POCOS DE VISITA E CAIXAS","DROP","MUROS DE ARRIMO","0032","","",91079,"EXECUÇÃO DE REVESTIMENTO DE CONCRETO PROJETADO COM ESPESSURA DE 7 CM, ARMADO COM FIBRAS DE AÇO, INCLINAÇÃO DE 90°, APLICAÇÃO CONTÍNUA, UTILIZANDO EQUIPAMENTO DE PROJEÇÃO COM 6 M³/H DE CAPACIDADE. AF_01/2016","M2","ATRIBUÍDO SÃO PAULO",154.55000000000001,"CAIXA REFERENCIAL"]
["DRENAGEM/OBRAS DE CONTENCAO/POCOS DE VISITA E CAIXAS","DROP","MUROS DE ARRIMO","0032","","",91080,"EXECUÇÃO DE REVESTIMENTO DE CONCRETO PROJETADO COM ESPESSURA DE 10 CM, ARMADO COM FIBRAS DE AÇO, INCLINAÇÃO DE 90°, APLICAÇÃO CONTÍNUA, UTILIZANDO EQUIPAMENTO DE PROJEÇÃO COM 6 M³/H DE CAPACIDADE. AF_01/2016","M2","ATRIBUÍDO SÃO PAULO",180.24,"CAIXA REFERENCIAL"]
["DRENAGEM/OBRAS DE CONTENCAO/POCOS DE VISITA E CAIXAS","DROP","MUROS DE ARRIMO","0032","","",91081,"EXECUÇÃO DE REVESTIMENTO DE CONCRETO PROJETADO COM ESPESSURA DE 7 CM, ARMADO COM FIBRAS DE AÇO, INCLINAÇÃO MENOR QUE 90°, APLICAÇÃO CONTÍNUA, UTILIZANDO EQUIPAMENTO DE PROJEÇÃO COM 3 M³/H DE CAPACIDADE. AF_01/2016","M2","ATRIBUÍDO SÃO PAULO",167.34,"CAIXA REFERENCIAL"]
["DRENAGEM/OBRAS DE CONTENCAO/POCOS DE VISITA E CAIXAS","DROP","MUROS DE ARRIMO","0032","","",91082,"EXECUÇÃO DE REVESTIMENTO DE CONCRETO PROJETADO COM ESPESSURA DE 10 CM, ARMADO COM FIBRAS DE AÇO, INCLINAÇÃO MENOR QUE 90°, APLICAÇÃO CONTÍNUA, UTILIZANDO EQUIPAMENTO DE PROJEÇÃO COM 3 M³/H DE CAPACIDADE. AF_01/2016","M2","ATRIBUÍDO SÃO PAULO",194.87,"CAIXA REFERENCIAL"]
["DRENAGEM/OBRAS DE CONTENCAO/POCOS DE VISITA E CAIXAS","DROP","MUROS DE ARRIMO","0032","","",91083,"EXECUÇÃO DE REVESTIMENTO DE CONCRETO PROJETADO COM ESPESSURA DE 7 CM, ARMADO COM FIBRAS DE AÇO, INCLINAÇÃO DE 90°, APLICAÇÃO CONTÍNUA, UTILIZANDO EQUIPAMENTO DE PROJEÇÃO COM 3 M³/H DE CAPACIDADE. AF_01/2016","M2","ATRIBUÍDO SÃO PAULO",178.49,"CAIXA REFERENCIAL"]
["DRENAGEM/OBRAS DE CONTENCAO/POCOS DE VISITA E CAIXAS","DROP","MUROS DE ARRIMO","0032","","",91084,"EXECUÇÃO DE REVESTIMENTO DE CONCRETO PROJETADO COM ESPESSURA DE 10 CM, ARMADO COM FIBRAS DE AÇO, INCLINAÇÃO DE 90°, APLICAÇÃO CONTÍNUA, UTILIZANDO EQUIPAMENTO DE PROJEÇÃO COM 3 M³/H DE CAPACIDADE. AF_01/2016","M2","ATRIBUÍDO SÃO PAULO",205.62,"CAIXA REFERENCIAL"]
["DRENAGEM/OBRAS DE CONTENCAO/POCOS DE VISITA E CAIXAS","DROP","MUROS DE ARRIMO","0032","","",91086,"EXECUÇÃO DE REVESTIMENTO DE CONCRETO PROJETADO COM ESPESSURA DE 7 CM, ARMADO COM TELA, INCLINAÇÃO MENOR QUE 90°, APLICAÇÃO DESCONTÍNUA, UTILIZANDO EQUIPAMENTO DE PROJEÇÃO COM 6 M³/H DE CAPACIDADE. AF_01/2016","M2","ATRIBUÍDO SÃO PAULO",132.44999999999999,"CAIXA REFERENCIAL"]
["DRENAGEM/OBRAS DE CONTENCAO/POCOS DE VISITA E CAIXAS","DROP","MUROS DE ARRIMO","0032","","",91087,"EXECUÇÃO DE REVESTIMENTO DE CONCRETO PROJETADO COM ESPESSURA DE 10 CM, ARMADO COM TELA, INCLINAÇÃO MENOR QUE 90°, APLICAÇÃO DESCONTÍNUA, UTILIZANDO EQUIPAMENTO DE PROJEÇÃO COM 6 M³/H DE CAPACIDADE. AF_01/2016","M2","ATRIBUÍDO SÃO PAULO",146.41,"CAIXA REFERENCIAL"]
["DRENAGEM/OBRAS DE CONTENCAO/POCOS DE VISITA E CAIXAS","DROP","MUROS DE ARRIMO","0032","","",91088,"EXECUÇÃO DE REVESTIMENTO DE CONCRETO PROJETADO COM ESPESSURA DE 7 CM, ARMADO COM TELA, INCLINAÇÃO DE 90°, APLICAÇÃO DESCONTÍNUA, UTILIZANDO EQUIPAMENTO DE PROJEÇÃO COM 6 M³/H DE CAPACIDADE. AF_01/2016","M2","ATRIBUÍDO SÃO PAULO",182.58,"CAIXA REFERENCIAL"]
["DRENAGEM/OBRAS DE CONTENCAO/POCOS DE VISITA E CAIXAS","DROP","MUROS DE ARRIMO","0032","","",91089,"EXECUÇÃO DE REVESTIMENTO DE CONCRETO PROJETADO COM ESPESSURA DE 10 CM, ARMADO COM TELA, INCLINAÇÃO DE 90°, APLICAÇÃO DESCONTÍNUA, UTILIZANDO EQUIPAMENTO DE PROJEÇÃO COM 6 M³/H DE CAPACIDADE. AF_01/2016","M2","ATRIBUÍDO SÃO PAULO",196.62,"CAIXA REFERENCIAL"]
["DRENAGEM/OBRAS DE CONTENCAO/POCOS DE VISITA E CAIXAS","DROP","MUROS DE ARRIMO","0032","","",91090,"EXECUÇÃO DE REVESTIMENTO DE CONCRETO PROJETADO COM ESPESSURA DE 7 CM, ARMADO COM TELA, INCLINAÇÃO MENOR QUE 90°, APLICAÇÃO DESCONTÍNUA, UTILIZANDO EQUIPAMENTO DE PROJEÇÃO COM 3 M³/H DE CAPACIDADE. AF_01/2016","M2","ATRIBUÍDO SÃO PAULO",146.78,"CAIXA REFERENCIAL"]
["DRENAGEM/OBRAS DE CONTENCAO/POCOS DE VISITA E CAIXAS","DROP","MUROS DE ARRIMO","0032","","",91091,"EXECUÇÃO DE REVESTIMENTO DE CONCRETO PROJETADO COM ESPESSURA DE 10 CM, ARMADO COM TELA, INCLINAÇÃO MENOR QUE 90°, APLICAÇÃO DESCONTÍNUA, UTILIZANDO EQUIPAMENTO DE PROJEÇÃO COM 3 M³/H DE CAPACIDADE. AF_01/2016","M2","ATRIBUÍDO SÃO PAULO",162.72,"CAIXA REFERENCIAL"]
["DRENAGEM/OBRAS DE CONTENCAO/POCOS DE VISITA E CAIXAS","DROP","MUROS DE ARRIMO","0032","","",91092,"EXECUÇÃO DE REVESTIMENTO DE CONCRETO PROJETADO COM ESPESSURA DE 7 CM, ARMADO COM TELA, INCLINAÇÃO DE 90°, APLICAÇÃO DESCONTÍNUA, UTILIZANDO EQUIPAMENTO DE PROJEÇÃO COM 3 M³/H DE CAPACIDADE. AF_01/2016","M2","ATRIBUÍDO SÃO PAULO",198.25,"CAIXA REFERENCIAL"]
["DRENAGEM/OBRAS DE CONTENCAO/POCOS DE VISITA E CAIXAS","DROP","MUROS DE ARRIMO","0032","","",91093,"EXECUÇÃO DE REVESTIMENTO DE CONCRETO PROJETADO COM ESPESSURA DE 10 CM, ARMADO COM TELA, INCLINAÇÃO DE 90°, APLICAÇÃO DESCONTÍNUA, UTILIZANDO EQUIPAMENTO DE PROJEÇÃO COM 3 M³/H DE CAPACIDADE. AF_01/2016","M2","ATRIBUÍDO SÃO PAULO",214.49,"CAIXA REFERENCIAL"]
["DRENAGEM/OBRAS DE CONTENCAO/POCOS DE VISITA E CAIXAS","DROP","MUROS DE ARRIMO","0032","","",91094,"EXECUÇÃO DE REVESTIMENTO DE CONCRETO PROJETADO COM ESPESSURA DE 7 CM, ARMADO COM FIBRAS DE AÇO, INCLINAÇÃO MENOR QUE 90°, APLICAÇÃO DESCONTÍNUA, UTILIZANDO EQUIPAMENTO DE PROJEÇÃO COM 6 M³/H DE CAPACIDADE. AF_01/2016","M2","ATRIBUÍDO SÃO PAULO",156.21,"CAIXA REFERENCIAL"]
["DRENAGEM/OBRAS DE CONTENCAO/POCOS DE VISITA E CAIXAS","DROP","MUROS DE ARRIMO","0032","","",91095,"EXECUÇÃO DE REVESTIMENTO DE CONCRETO PROJETADO COM ESPESSURA DE 10 CM, ARMADO COM FIBRAS DE AÇO, INCLINAÇÃO MENOR QUE 90°, APLICAÇÃO DESCONTÍNUA, UTILIZANDO EQUIPAMENTO DE PROJEÇÃO COM 6 M³/H DE CAPACIDADE. AF_01/2016","M2","ATRIBUÍDO SÃO PAULO",182.68,"CAIXA REFERENCIAL"]
["DRENAGEM/OBRAS DE CONTENCAO/POCOS DE VISITA E CAIXAS","DROP","MUROS DE ARRIMO","0032","","",91096,"EXECUÇÃO DE REVESTIMENTO DE CONCRETO PROJETADO COM ESPESSURA DE 7 CM, ARMADO COM FIBRAS DE AÇO, INCLINAÇÃO DE 90°, APLICAÇÃO DESCONTÍNUA, UTILIZANDO EQUIPAMENTO DE PROJEÇÃO COM 6 M³/H DE CAPACIDADE. AF_01/2016","M2","ATRIBUÍDO SÃO PAULO",158.82,"CAIXA REFERENCIAL"]
["DRENAGEM/OBRAS DE CONTENCAO/POCOS DE VISITA E CAIXAS","DROP","MUROS DE ARRIMO","0032","","",91097,"EXECUÇÃO DE REVESTIMENTO DE CONCRETO PROJETADO COM ESPESSURA DE 10 CM, ARMADO COM FIBRAS DE AÇO, INCLINAÇÃO DE 90°, APLICAÇÃO DESCONTÍNUA, UTILIZANDO EQUIPAMENTO DE PROJEÇÃO COM 6 M³/H DE CAPACIDADE. AF_01/2016","M2","ATRIBUÍDO SÃO PAULO",185.03,"CAIXA REFERENCIAL"]
["DRENAGEM/OBRAS DE CONTENCAO/POCOS DE VISITA E CAIXAS","DROP","MUROS DE ARRIMO","0032","","",91098,"EXECUÇÃO DE REVESTIMENTO DE CONCRETO PROJETADO COM ESPESSURA DE 7 CM, ARMADO COM FIBRAS DE AÇO, INCLINAÇÃO MENOR QUE 90°, APLICAÇÃO DESCONTÍNUA, UTILIZANDO EQUIPAMENTO DE PROJEÇÃO COM 3 M³/H DE CAPACIDADE. AF_01/2016","M2","ATRIBUÍDO SÃO PAULO",175.07,"CAIXA REFERENCIAL"]
["DRENAGEM/OBRAS DE CONTENCAO/POCOS DE VISITA E CAIXAS","DROP","MUROS DE ARRIMO","0032","","",91099,"EXECUÇÃO DE REVESTIMENTO DE CONCRETO PROJETADO COM ESPESSURA DE 10 CM, ARMADO COM FIBRAS DE AÇO, INCLINAÇÃO MENOR QUE 90°, APLICAÇÃO DESCONTÍNUA, UTILIZANDO EQUIPAMENTO DE PROJEÇÃO COM 3 M³/H DE CAPACIDADE. AF_01/2016","M2","ATRIBUÍDO SÃO PAULO",203.23,"CAIXA REFERENCIAL"]
["DRENAGEM/OBRAS DE CONTENCAO/POCOS DE VISITA E CAIXAS","DROP","MUROS DE ARRIMO","0032","","",91100,"EXECUÇÃO DE REVESTIMENTO DE CONCRETO PROJETADO COM ESPESSURA DE 7 CM, ARMADO COM FIBRAS DE AÇO, INCLINAÇÃO DE 90°, APLICAÇÃO DESCONTÍNUA, UTILIZANDO EQUIPAMENTO DE PROJEÇÃO COM 3 M³/H DE CAPACIDADE. AF_01/2016","M2","ATRIBUÍDO SÃO PAULO",183.43,"CAIXA REFERENCIAL"]
["DRENAGEM/OBRAS DE CONTENCAO/POCOS DE VISITA E CAIXAS","DROP","MUROS DE ARRIMO","0032","","",91101,"EXECUÇÃO DE REVESTIMENTO DE CONCRETO PROJETADO COM ESPESSURA DE 10 CM, ARMADO COM FIBRAS DE AÇO, INCLINAÇÃO DE 90°, APLICAÇÃO DESCONTÍNUA, UTILIZANDO EQUIPAMENTO DE PROJEÇÃO COM 3 M³/H DE CAPACIDADE. AF_01/2016","M2","ATRIBUÍDO SÃO PAULO",211.36,"CAIXA REFERENCIAL"]
["DRENAGEM/OBRAS DE CONTENCAO/POCOS DE VISITA E CAIXAS","DROP","MUROS DE ARRIMO","0032","","",93952,"EXECUÇÃO DE GRAMPO PARA SOLO GRAMPEADO COM COMPRIMENTO MENOR OU IGUAL A 4 M, DIÂMETRO DE 10 CM, PERFURAÇÃO COM EQUIPAMENTO MANUAL E ARMADURA COM DIÂMETRO DE 16 MM. AF_05/2016","M","ATRIBUÍDO SÃO PAULO",242.96,"CAIXA REFERENCIAL"]
["DRENAGEM/OBRAS DE CONTENCAO/POCOS DE VISITA E CAIXAS","DROP","MUROS DE ARRIMO","0032","","",93953,"EXECUÇÃO DE GRAMPO PARA SOLO GRAMPEADO COM COMPRIMENTO MAIOR QUE 4 M E MENOR OU IGUAL A 6 M, DIÂMETRO DE 10 CM, PERFURAÇÃO COM EQUIPAMENTO MANUAL E ARMADURA COM DIÂMETRO DE 16 MM. AF_05/2016","M","ATRIBUÍDO SÃO PAULO",225.3,"CAIXA REFERENCIAL"]
["DRENAGEM/OBRAS DE CONTENCAO/POCOS DE VISITA E CAIXAS","DROP","MUROS DE ARRIMO","0032","","",93954,"EXECUÇÃO DE GRAMPO PARA SOLO GRAMPEADO COM COMPRIMENTO MAIOR QUE 6 M E MENOR OU IGUAL A 8 M, DIÂMETRO DE 10 CM, PERFURAÇÃO COM EQUIPAMENTO MANUAL E ARMADURA COM DIÂMETRO DE 16 MM. AF_05/2016","M","ATRIBUÍDO SÃO PAULO",214.71,"CAIXA REFERENCIAL"]
["DRENAGEM/OBRAS DE CONTENCAO/POCOS DE VISITA E CAIXAS","DROP","MUROS DE ARRIMO","0032","","",93955,"EXECUÇÃO DE GRAMPO PARA SOLO GRAMPEADO COM COMPRIMENTO MAIOR QUE 8 M E MENOR OU IGUAL A 10 M, DIÂMETRO DE 10 CM, PERFURAÇÃO COM EQUIPAMENTO MANUAL E ARMADURA COM DIÂMETRO DE 16 MM. AF_05/2016","M","ATRIBUÍDO SÃO PAULO",207.2,"CAIXA REFERENCIAL"]
["DRENAGEM/OBRAS DE CONTENCAO/POCOS DE VISITA E CAIXAS","DROP","MUROS DE ARRIMO","0032","","",93956,"EXECUÇÃO DE GRAMPO PARA SOLO GRAMPEADO COM COMPRIMENTO MAIOR QUE 10 M, DIÂMETRO DE 10 CM, PERFURAÇÃO COM EQUIPAMENTO MANUAL E ARMADURA COM DIÂMETRO DE 16 MM. AF_05/2016","M","ATRIBUÍDO SÃO PAULO",201.29,"CAIXA REFERENCIAL"]
["DRENAGEM/OBRAS DE CONTENCAO/POCOS DE VISITA E CAIXAS","DROP","MUROS DE ARRIMO","0032","","",93957,"EXECUÇÃO DE GRAMPO PARA SOLO GRAMPEADO COM COMPRIMENTO MENOR OU IGUAL A 4 M, DIÂMETRO DE 10 CM, PERFURAÇÃO COM EQUIPAMENTO MANUAL E ARMADURA COM DIÂMETRO DE 20 MM. AF_05/2016","M","ATRIBUÍDO SÃO PAULO",257.87,"CAIXA REFERENCIAL"]
["DRENAGEM/OBRAS DE CONTENCAO/POCOS DE VISITA E CAIXAS","DROP","MUROS DE ARRIMO","0032","","",93958,"EXECUÇÃO DE GRAMPO PARA SOLO GRAMPEADO COM COMPRIMENTO MAIOR QUE 4 M E MENOR OU IGUAL A 6 M, DIÂMETRO DE 10 CM, PERFURAÇÃO COM EQUIPAMENTO MANUAL E ARMADURA COM DIÂMETRO DE 20 MM. AF_05/2016","M","ATRIBUÍDO SÃO PAULO",239.2,"CAIXA REFERENCIAL"]
["DRENAGEM/OBRAS DE CONTENCAO/POCOS DE VISITA E CAIXAS","DROP","MUROS DE ARRIMO","0032","","",93959,"EXECUÇÃO DE GRAMPO PARA SOLO GRAMPEADO COM COMPRIMENTO MAIOR QUE 6 M E MENOR OU IGUAL A 8 M, DIÂMETRO DE 10 CM, PERFURAÇÃO COM EQUIPAMENTO MANUAL E ARMADURA COM DIÂMETRO DE 20 MM. AF_05/2016","M","ATRIBUÍDO SÃO PAULO",228.07,"CAIXA REFERENCIAL"]
["DRENAGEM/OBRAS DE CONTENCAO/POCOS DE VISITA E CAIXAS","DROP","MUROS DE ARRIMO","0032","","",93960,"EXECUÇÃO DE GRAMPO PARA SOLO GRAMPEADO COM COMPRIMENTO MAIOR QUE 8 M E MENOR OU IGUAL A 10 M, DIÂMETRO DE 10 CM, PERFURAÇÃO COM EQUIPAMENTO MANUAL E ARMADURA COM DIÂMETRO DE 20 MM. AF_05/2016","M","ATRIBUÍDO SÃO PAULO",220.26,"CAIXA REFERENCIAL"]
["DRENAGEM/OBRAS DE CONTENCAO/POCOS DE VISITA E CAIXAS","DROP","MUROS DE ARRIMO","0032","","",93961,"EXECUÇÃO DE GRAMPO PARA SOLO GRAMPEADO COM COMPRIMENTO MAIOR QUE 10 M, DIÂMETRO DE 10 CM, PERFURAÇÃO COM EQUIPAMENTO MANUAL E ARMADURA COM DIÂMETRO DE 20 MM. AF_05/2016","M","ATRIBUÍDO SÃO PAULO",214.13,"CAIXA REFERENCIAL"]
["DRENAGEM/OBRAS DE CONTENCAO/POCOS DE VISITA E CAIXAS","DROP","MUROS DE ARRIMO","0032","","",93962,"EXECUÇÃO DE GRAMPO PARA SOLO GRAMPEADO COM COMPRIMENTO MENOR OU IGUAL A 4 M, DIÂMETRO DE 7 CM, PERFURAÇÃO COM EQUIPAMENTO MANUAL E ARMADURA COM DIÂMETRO DE 16 MM. AF_05/2016","M","ATRIBUÍDO SÃO PAULO",229.21,"CAIXA REFERENCIAL"]
["DRENAGEM/OBRAS DE CONTENCAO/POCOS DE VISITA E CAIXAS","DROP","MUROS DE ARRIMO","0032","","",93963,"EXECUÇÃO DE GRAMPO PARA SOLO GRAMPEADO COM COMPRIMENTO MAIOR QUE 4 E MENOR OU IGUAL A 6 M, DIÂMETRO DE 7 CM, PERFURAÇÃO COM EQUIPAMENTO MANUAL E ARMADURA COM DIÂMETRO DE 16 MM. AF_05/2016","M","ATRIBUÍDO SÃO PAULO",211.6,"CAIXA REFERENCIAL"]
["DRENAGEM/OBRAS DE CONTENCAO/POCOS DE VISITA E CAIXAS","DROP","MUROS DE ARRIMO","0032","","",93964,"EXECUÇÃO DE GRAMPO PARA SOLO GRAMPEADO COM COMPRIMENTO MAIOR QUE 6 M E MENOR OU IGUAL A 8 M, DIÂMETRO DE 7 CM, PERFURAÇÃO COM EQUIPAMENTO MANUAL E ARMADURA COM DIÂMETRO DE 16 MM. AF_05/2016","M","ATRIBUÍDO SÃO PAULO",201.05,"CAIXA REFERENCIAL"]
["DRENAGEM/OBRAS DE CONTENCAO/POCOS DE VISITA E CAIXAS","DROP","MUROS DE ARRIMO","0032","","",93965,"EXECUÇÃO DE GRAMPO PARA SOLO GRAMPEADO COM COMPRIMENTO MAIOR QUE 8 M E MENOR OU IGUAL A 10 M, DIÂMETRO DE 7 CM, PERFURAÇÃO COM EQUIPAMENTO MANUAL E ARMADURA COM DIÂMETRO DE 16 MM. AF_05/2016","M","ATRIBUÍDO SÃO PAULO",190.39,"CAIXA REFERENCIAL"]
["DRENAGEM/OBRAS DE CONTENCAO/POCOS DE VISITA E CAIXAS","DROP","MUROS DE ARRIMO","0032","","",93966,"EXECUÇÃO DE GRAMPO PARA SOLO GRAMPEADO COM COMPRIMENTO MAIOR QUE 10 M, DIÂMETRO DE 7 CM, PERFURAÇÃO COM EQUIPAMENTO MANUAL E ARMADURA COM DIÂMETRO DE 16 MM. AF_05/2016","M","ATRIBUÍDO SÃO PAULO",187.72,"CAIXA REFERENCIAL"]
["DRENAGEM/OBRAS DE CONTENCAO/POCOS DE VISITA E CAIXAS","DROP","MUROS DE ARRIMO","0032","","",93967,"EXECUÇÃO DE GRAMPO PARA SOLO GRAMPEADO COM COMPRIMENTO MENOR OU IGUAL A 4 M, DIÂMETRO DE 7 CM, PERFURAÇÃO COM EQUIPAMENTO MANUAL E ARMADURA COM DIÂMETRO DE 20 MM. AF_05/2016","M","ATRIBUÍDO SÃO PAULO",244.12,"CAIXA REFERENCIAL"]
["DRENAGEM/OBRAS DE CONTENCAO/POCOS DE VISITA E CAIXAS","DROP","MUROS DE ARRIMO","0032","","",93968,"EXECUÇÃO DE GRAMPO PARA SOLO GRAMPEADO COM COMPRIMENTO MAIOR QUE 4 E MENOR OU IGUAL A 6 M, DIÂMETRO DE 7 CM, PERFURAÇÃO COM EQUIPAMENTO MANUAL E ARMADURA COM DIÂMETRO DE 20 MM. AF_05/2016","M","ATRIBUÍDO SÃO PAULO",225.48,"CAIXA REFERENCIAL"]
["DRENAGEM/OBRAS DE CONTENCAO/POCOS DE VISITA E CAIXAS","DROP","MUROS DE ARRIMO","0032","","",93969,"EXECUÇÃO DE GRAMPO PARA SOLO GRAMPEADO COM COMPRIMENTO MAIOR QUE 6 M E MENOR OU IGUAL A 8 M, DIÂMETRO DE 7 CM, PERFURAÇÃO COM EQUIPAMENTO MANUAL E ARMADURA COM DIÂMETRO DE 20 MM. AF_05/2016","M","ATRIBUÍDO SÃO PAULO",214.43,"CAIXA REFERENCIAL"]
["DRENAGEM/OBRAS DE CONTENCAO/POCOS DE VISITA E CAIXAS","DROP","MUROS DE ARRIMO","0032","","",93970,"EXECUÇÃO DE GRAMPO PARA SOLO GRAMPEADO COM COMPRIMENTO MAIOR QUE 8 MENOR OU IGUAL A 10 M, DIÂMETRO DE 7 CM, PERFURAÇÃO COM EQUIPAMENTO MANUAL E ARMADURA COM DIÂMETRO DE 20 MM. AF_05/2016","M","ATRIBUÍDO SÃO PAULO",206.68,"CAIXA REFERENCIAL"]
["DRENAGEM/OBRAS DE CONTENCAO/POCOS DE VISITA E CAIXAS","DROP","MUROS DE ARRIMO","0032","","",93971,"EXECUÇÃO DE GRAMPO PARA SOLO GRAMPEADO COM COMPRIMENTO MAIOR QUE 10 M, DIÂMETRO DE 7 CM, PERFURAÇÃO COM EQUIPAMENTO MANUAL E ARMADURA COM DIÂMETRO DE 20 MM. AF_05/2016","M","ATRIBUÍDO SÃO PAULO",193.68,"CAIXA REFERENCIAL"]
["DRENAGEM/OBRAS DE CONTENCAO/POCOS DE VISITA E CAIXAS","DROP","MUROS DE ARRIMO","0032","","",95108,"EXECUÇÃO DE PROTEÇÃO DA CABEÇA DO TIRANTE COM USO DE FÔRMAS METÁLICAS, 50 UTILIZAÇÕES, E CONCRETO FCK =15 MPA. AF_11/2023","UN","ATRIBUÍDO SÃO PAULO",34.94,"CAIXA REFERENCIAL"]
["DRENAGEM/OBRAS DE CONTENCAO/POCOS DE VISITA E CAIXAS","DROP","MUROS DE ARRIMO","0032","","",100332,"CONTENÇÃO EM PERFIL PRANCHADO COM PRANCHÃO DE MADEIRA, PERFIS ESPAÇADOS A 1,5 M PARA 1 SUBSOLO. AF_07/2019","M2","ATRIBUÍDO SÃO PAULO",847.36,"CAIXA REFERENCIAL"]
["DRENAGEM/OBRAS DE CONTENCAO/POCOS DE VISITA E CAIXAS","DROP","MUROS DE ARRIMO","0032","","",100333,"CONTENÇÃO EM PERFIL PRANCHADO COM PRANCHÃO DE MADEIRA, PERFIS ESPAÇADOS A 1,5 M PARA 2 OU MAIS SUBSOLOS. AF_07/2019","M2","ATRIBUÍDO SÃO PAULO",532.75,"CAIXA REFERENCIAL"]
["DRENAGEM/OBRAS DE CONTENCAO/POCOS DE VISITA E CAIXAS","DROP","MUROS DE ARRIMO","0032","","",100334,"CONTENÇÃO EM PERFIL PRANCHADO COM PRANCHÃO DE MADEIRA, PERFIS ESPAÇADOS A 2 M PARA 1 SUBSOLO. AF_07/2019","M2","ATRIBUÍDO SÃO PAULO",676.7,"CAIXA REFERENCIAL"]
["DRENAGEM/OBRAS DE CONTENCAO/POCOS DE VISITA E CAIXAS","DROP","MUROS DE ARRIMO","0032","","",100335,"CONTENÇÃO EM PERFIL PRANCHADO COM PRANCHÃO DE MADEIRA, PERFIS ESPAÇADOS A 2 M PARA 2 OU MAIS SUBSOLOS. AF_07/2019","M2","ATRIBUÍDO SÃO PAULO",440.74,"CAIXA REFERENCIAL"]
["DRENAGEM/OBRAS DE CONTENCAO/POCOS DE VISITA E CAIXAS","DROP","MUROS DE ARRIMO","0032","","",100341,"FABRICAÇÃO, MONTAGEM E DESMONTAGEM DE FÔRMA PARA CORTINA DE CONTENÇÃO, EM CHAPA DE MADEIRA COMPENSADA PLASTIFICADA, E = 18 MM, 10 UTILIZAÇÕES. AF_07/2019","M2","COEFICIENTE DE REPRESENTATIVIDADE",39.89,"CAIXA REFERENCIAL"]
["DRENAGEM/OBRAS DE CONTENCAO/POCOS DE VISITA E CAIXAS","DROP","MUROS DE ARRIMO","0032","","",100342,"ARMAÇÃO DE CORTINA DE CONTENÇÃO EM CONCRETO ARMADO, COM AÇO CA-50 DE 6,3 MM - MONTAGEM. AF_07/2019","KG","COEFICIENTE DE REPRESENTATIVIDADE",15.29,"CAIXA REFERENCIAL"]
["DRENAGEM/OBRAS DE CONTENCAO/POCOS DE VISITA E CAIXAS","DROP","MUROS DE ARRIMO","0032","","",100343,"ARMAÇÃO DE CORTINA DE CONTENÇÃO EM CONCRETO ARMADO, COM AÇO CA-50 DE 8 MM - MONTAGEM. AF_07/2019","KG","COEFICIENTE DE REPRESENTATIVIDADE",14.51,"CAIXA REFERENCIAL"]
["DRENAGEM/OBRAS DE CONTENCAO/POCOS DE VISITA E CAIXAS","DROP","MUROS DE ARRIMO","0032","","",100344,"ARMAÇÃO DE CORTINA DE CONTENÇÃO EM CONCRETO ARMADO, COM AÇO CA-50 DE 10 MM - MONTAGEM. AF_07/2019","KG","COEFICIENTE DE REPRESENTATIVIDADE",13.03,"CAIXA REFERENCIAL"]
["DRENAGEM/OBRAS DE CONTENCAO/POCOS DE VISITA E CAIXAS","DROP","MUROS DE ARRIMO","0032","","",100345,"ARMAÇÃO DE CORTINA DE CONTENÇÃO EM CONCRETO ARMADO, COM AÇO CA-50 DE 12,5 MM - MONTAGEM. AF_07/2019","KG","COEFICIENTE DE REPRESENTATIVIDADE",11.05,"CAIXA REFERENCIAL"]
["DRENAGEM/OBRAS DE CONTENCAO/POCOS DE VISITA E CAIXAS","DROP","MUROS DE ARRIMO","0032","","",100346,"ARMAÇÃO DE CORTINA DE CONTENÇÃO EM CONCRETO ARMADO, COM AÇO CA-50 DE 16 MM - MONTAGEM. AF_07/2019","KG","COEFICIENTE DE REPRESENTATIVIDADE",10.53,"CAIXA REFERENCIAL"]
["DRENAGEM/OBRAS DE CONTENCAO/POCOS DE VISITA E CAIXAS","DROP","MUROS DE ARRIMO","0032","","",100347,"ARMAÇÃO DE CORTINA DE CONTENÇÃO EM CONCRETO ARMADO, COM AÇO CA-50 DE 20 MM - MONTAGEM. AF_07/2019","KG","COEFICIENTE DE REPRESENTATIVIDADE",11.88,"CAIXA REFERENCIAL"]
["DRENAGEM/OBRAS DE CONTENCAO/POCOS DE VISITA E CAIXAS","DROP","MUROS DE ARRIMO","0032","","",100348,"ARMAÇÃO DE CORTINA DE CONTENÇÃO EM CONCRETO ARMADO, COM AÇO CA-50 DE 25 MM - MONTAGEM. AF_07/2019","KG","COEFICIENTE DE REPRESENTATIVIDADE",11.62,"CAIXA REFERENCIAL"]
["DRENAGEM/OBRAS DE CONTENCAO/POCOS DE VISITA E CAIXAS","DROP","MUROS DE ARRIMO","0032","","",100349,"CONCRETAGEM DE CORTINA DE CONTENÇÃO, ATRAVÉS DE BOMBA  - LANÇAMENTO, ADENSAMENTO E ACABAMENTO. AF_07/2019","M3","ATRIBUÍDO SÃO PAULO",597.69000000000005,"CAIXA REFERENCIAL"]
["DRENAGEM/OBRAS DE CONTENCAO/POCOS DE VISITA E CAIXAS","DROP","MUROS DE ARRIMO","0032","","",104841,"EXECUÇÃO DE PERFURAÇÃO PARA TIRANTE, COMPRIMENTO MAIOR OU IGUAL A 14 M E MENOR QUE 22 M, COM DIÂMETRO DE FURO DE 100 MM EXECUTADO COM HASTE E TUBOS DE REVESTIMENTO UTILIZANDO PERFURATRIZ SOBRE ESTEIRA. AF_11/2023","M","ATRIBUÍDO SÃO PAULO",84.16,"CAIXA REFERENCIAL"]
["DRENAGEM/OBRAS DE CONTENCAO/POCOS DE VISITA E CAIXAS","DROP","MUROS DE ARRIMO","0032","","",104842,"EXECUÇÃO DE PERFURAÇÃO PARA TIRANTE, COMPRIMENTO MAIOR OU IGUAL A 22 M E MENOR QUE 30 M, COM DIÂMETRO DE FURO DE 100 MM EXECUTADO COM HASTE E TUBOS DE REVESTIMENTO UTILIZANDO PERFURATRIZ SOBRE ESTEIRA. AF_11/2023","M","ATRIBUÍDO SÃO PAULO",72.09,"CAIXA REFERENCIAL"]
["DRENAGEM/OBRAS DE CONTENCAO/POCOS DE VISITA E CAIXAS","DROP","MUROS DE ARRIMO","0032","","",104843,"EXECUÇÃO DE PERFURAÇÃO PARA TIRANTE, COMPRIMENTO MAIOR OU IGUAL A 6 M E MENOR QUE 14 M, COM DIÂMETRO DE FURO DE 150 MM EXECUTADO COM HASTE E TUBOS DE REVESTIMENTO UTILIZANDO PERFURATRIZ SOBRE ESTEIRA. AF_11/2023","M","ATRIBUÍDO SÃO PAULO",115.05,"CAIXA REFERENCIAL"]
["DRENAGEM/OBRAS DE CONTENCAO/POCOS DE VISITA E CAIXAS","DROP","MUROS DE ARRIMO","0032","","",104844,"EXECUÇÃO DE PERFURAÇÃO PARA TIRANTE, COMPRIMENTO MAIOR OU IGUAL A 14 M E MENOR QUE 22 M, COM DIÂMETRO DE FURO DE 150 MM EXECUTADO COM HASTE E TUBOS DE REVESTIMENTO UTILIZANDO PERFURATRIZ SOBRE ESTEIRA. AF_11/2023","M","ATRIBUÍDO SÃO PAULO",92.78,"CAIXA REFERENCIAL"]
["DRENAGEM/OBRAS DE CONTENCAO/POCOS DE VISITA E CAIXAS","DROP","MUROS DE ARRIMO","0032","","",104845,"EXECUÇÃO DE PERFURAÇÃO PARA TIRANTE, COMPRIMENTO MAIOR OU IGUAL A 6 M E MENOR QUE 14 M, COM DIÂMETRO DE FURO DE 200 MM EXECUTADO COM HASTE E TUBOS DE REVESTIMENTO UTILIZANDO PERFURATRIZ SOBRE ESTEIRA. AF_11/2023","M","ATRIBUÍDO SÃO PAULO",130.99,"CAIXA REFERENCIAL"]
["DRENAGEM/OBRAS DE CONTENCAO/POCOS DE VISITA E CAIXAS","DROP","MUROS DE ARRIMO","0032","","",104846,"EXECUÇÃO DE PERFURAÇÃO PARA TIRANTE, COMPRIMENTO MAIOR OU IGUAL A 14 M E MENOR QUE 22 M, COM DIÂMETRO DE FURO DE 200 MM EXECUTADO COM HASTE E TUBOS DE REVESTIMENTO UTILIZANDO PERFURATRIZ SOBRE ESTEIRA. AF_11/2023","M","ATRIBUÍDO SÃO PAULO",105.58,"CAIXA REFERENCIAL"]
["DRENAGEM/OBRAS DE CONTENCAO/POCOS DE VISITA E CAIXAS","DROP","MUROS DE ARRIMO","0032","","",104847,"EXECUÇÃO DE PERFURAÇÃO PARA TIRANTE, COMPRIMENTO MAIOR OU IGUAL A 22 M E MENOR QUE 30 M, COM DIÂMETRO DE FURO DE 200 MM EXECUTADO COM HASTE E TUBOS DE REVESTIMENTO UTILIZANDO PERFURATRIZ SOBRE ESTEIRA. AF_11/2023","M","ATRIBUÍDO SÃO PAULO",89.95,"CAIXA REFERENCIAL"]
["DRENAGEM/OBRAS DE CONTENCAO/POCOS DE VISITA E CAIXAS","DROP","MUROS DE ARRIMO","0032","","",104848,"EXECUÇÃO DE PERFURAÇÃO PARA TIRANTE, COMPRIMENTO MAIOR OU IGUAL A 6 M E MENOR QUE 14 M, COM DIÂMETRO DE FURO DE 100 MM EXECUTADO COM HASTE UTILIZANDO PERFURATRIZ MANUAL SOBRE BASE DE MONTAGEM. AF_11/2023","M","ATRIBUÍDO SÃO PAULO",67.72,"CAIXA REFERENCIAL"]
["DRENAGEM/OBRAS DE CONTENCAO/POCOS DE VISITA E CAIXAS","DROP","MUROS DE ARRIMO","0032","","",104849,"EXECUÇÃO DE PERFURAÇÃO PARA TIRANTE, COMPRIMENTO MAIOR OU IGUAL A 14 M E MENOR QUE 22 M, COM DIÂMETRO DE FURO DE 100 MM EXECUTADO COM HASTE UTILIZANDO PERFURATRIZ MANUAL SOBRE BASE DE MONTAGEM. AF_11/2023","M","ATRIBUÍDO SÃO PAULO",58.4,"CAIXA REFERENCIAL"]
["DRENAGEM/OBRAS DE CONTENCAO/POCOS DE VISITA E CAIXAS","DROP","MUROS DE ARRIMO","0032","","",104850,"EXECUÇÃO DE PERFURAÇÃO PARA TIRANTE, COMPRIMENTO MAIOR OU IGUAL A 22 M E MENOR QUE 30 M, COM DIÂMETRO DE FURO DE 100 MM EXECUTADO COM HASTE UTILIZANDO PERFURATRIZ MANUAL SOBRE BASE DE MONTAGEM. AF_11/2023","M","ATRIBUÍDO SÃO PAULO",52.12,"CAIXA REFERENCIAL"]
["DRENAGEM/OBRAS DE CONTENCAO/POCOS DE VISITA E CAIXAS","DROP","MUROS DE ARRIMO","0032","","",104851,"EXECUÇÃO DE PERFURAÇÃO PARA TIRANTE, COMPRIMENTO MAIOR OU IGUAL A 6 M E MENOR QUE 14 M, COM DIÂMETRO DE FURO DE 150 MM EXECUTADO COM HASTE UTILIZANDO PERFURATRIZ MANUAL SOBRE BASE DE MONTAGEM. AF_11/2023","M","ATRIBUÍDO SÃO PAULO",74.97,"CAIXA REFERENCIAL"]
["DRENAGEM/OBRAS DE CONTENCAO/POCOS DE VISITA E CAIXAS","DROP","MUROS DE ARRIMO","0032","","",104852,"EXECUÇÃO DE PERFURAÇÃO PARA TIRANTE, COMPRIMENTO MAIOR OU IGUAL A 14 M E MENOR QUE 22 M, COM DIÂMETRO DE FURO DE 150 MM EXECUTADO COM HASTE UTILIZANDO PERFURATRIZ MANUAL SOBRE BASE DE MONTAGEM. AF_11/2023","M","ATRIBUÍDO SÃO PAULO",64.180000000000007,"CAIXA REFERENCIAL"]
["DRENAGEM/OBRAS DE CONTENCAO/POCOS DE VISITA E CAIXAS","DROP","MUROS DE ARRIMO","0032","","",104853,"EXECUÇÃO DE PERFURAÇÃO PARA TIRANTE, COMPRIMENTO MAIOR OU IGUAL A 22 M E MENOR QUE 30 M, COM DIÂMETRO DE FURO DE 150 MM EXECUTADO COM HASTE UTILIZANDO PERFURATRIZ MANUAL SOBRE BASE DE MONTAGEM. AF_11/2023","M","ATRIBUÍDO SÃO PAULO",56.96,"CAIXA REFERENCIAL"]
["DRENAGEM/OBRAS DE CONTENCAO/POCOS DE VISITA E CAIXAS","DROP","MUROS DE ARRIMO","0032","","",104854,"EXECUÇÃO DE PERFURAÇÃO PARA TIRANTE, COMPRIMENTO MAIOR OU IGUAL A 14 M E MENOR QUE 22 M, COM DIÂMETRO DE FURO DE 200 MM EXECUTADO COM HASTE UTILIZANDO PERFURATRIZ MANUAL SOBRE BASE DE MONTAGEM. AF_11/2023","M","ATRIBUÍDO SÃO PAULO",72.790000000000006,"CAIXA REFERENCIAL"]
["DRENAGEM/OBRAS DE CONTENCAO/POCOS DE VISITA E CAIXAS","DROP","MUROS DE ARRIMO","0032","","",104855,"EXECUÇÃO DE PERFURAÇÃO PARA TIRANTE, COMPRIMENTO MAIOR OU IGUAL A 22 M E MENOR QUE 30 M, COM DIÂMETRO DE FURO DE 200 MM EXECUTADO COM HASTE UTILIZANDO PERFURATRIZ MANUAL SOBRE BASE DE MONTAGEM. AF_11/2023","M","ATRIBUÍDO SÃO PAULO",64.14,"CAIXA REFERENCIAL"]
["DRENAGEM/OBRAS DE CONTENCAO/POCOS DE VISITA E CAIXAS","DROP","MUROS DE ARRIMO","0032","","",104876,"PERFURAÇÃO DE CORTINA PRÉ-MOLDADA COM MARTELETE ROMPEDOR. AF_11/2023","UN","COEFICIENTE DE REPRESENTATIVIDADE",24.42,"CAIXA REFERENCIAL"]
["DRENAGEM/OBRAS DE CONTENCAO/POCOS DE VISITA E CAIXAS","DROP","MUROS DE ARRIMO","0032","","",104877,"EXECUÇÃO DE LONGARINA, PARA TIRANTES PROVISÓRIOS, COM PERFIL METÁLICO, INCLUINDO CUNHA E SOLIDARIZAÇÃO. AF_11/2023","UN","ATRIBUÍDO SÃO PAULO",582.62,"CAIXA REFERENCIAL"]
["DRENAGEM/OBRAS DE CONTENCAO/POCOS DE VISITA E CAIXAS","DROP","MUROS DE ARRIMO","0032","","",104878,"EXECUÇÃO DE LONGARINA, PARA TIRANTES PERMANENTES, COM PERFIL METÁLICO, INCLUINDO CUNHA E SOLIDARIZAÇÃO. AF_11/2023","UN","ATRIBUÍDO SÃO PAULO",2285.02,"CAIXA REFERENCIAL"]
["DRENAGEM/OBRAS DE CONTENCAO/POCOS DE VISITA E CAIXAS","DROP","MUROS DE ARRIMO","0032","","",104879,"EXECUÇÃO DE PERFURAÇÃO PARA TIRANTE, COMPRIMENTO MAIOR OU IGUAL A 22 M E MENOR QUE 30 M, COM DIÂMETRO DE FURO DE 150 MM EXECUTADO COM HASTE E TUBOS DE REVESTIMENTO UTILIZANDO PERFURATRIZ SOBRE ESTEIRA. AF_11/2023","M","ATRIBUÍDO SÃO PAULO",79.3,"CAIXA REFERENCIAL"]
["DRENAGEM/OBRAS DE CONTENCAO/POCOS DE VISITA E CAIXAS","DROP","MUROS DE ARRIMO","0032","","",104880,"EXECUÇÃO DE PERFURAÇÃO PARA TIRANTE, COMPRIMENTO MAIOR OU IGUAL A 6 M E MENOR QUE 14 M, COM DIÂMETRO DE FURO DE 200 MM EXECUTADO COM HASTE UTILIZANDO PERFURATRIZ MANUAL SOBRE BASE DE MONTAGEM. AF_11/2023","M","ATRIBUÍDO SÃO PAULO",85.7,"CAIXA REFERENCIAL"]
["DRENAGEM/OBRAS DE CONTENCAO/POCOS DE VISITA E CAIXAS","DROP","MUROS DE ARRIMO","0032","","",104886,"EXECUÇÃO DE PERFURAÇÃO PARA TIRANTE, COMPRIMENTO MAIOR OU IGUAL A 6 M E MENOR QUE 14 M, COM DIÂMETRO DE FURO DE 100 MM EXECUTADO COM HASTE UTILIZANDO PERFURATRIZ SOBRE ESTEIRA. AF_11/2023","M","ATRIBUÍDO SÃO PAULO",51.3,"CAIXA REFERENCIAL"]
["DRENAGEM/OBRAS DE CONTENCAO/POCOS DE VISITA E CAIXAS","DROP","MUROS DE ARRIMO","0032","","",104887,"EXECUÇÃO DE PERFURAÇÃO PARA TIRANTE, COMPRIMENTO MAIOR OU IGUAL A 14 M E MENOR QUE 22 M, COM DIÂMETRO DE FURO DE 100 MM EXECUTADO COM HASTE UTILIZANDO PERFURATRIZ SOBRE ESTEIRA. AF_11/2023","M","ATRIBUÍDO SÃO PAULO",45.28,"CAIXA REFERENCIAL"]
["DRENAGEM/OBRAS DE CONTENCAO/POCOS DE VISITA E CAIXAS","DROP","MUROS DE ARRIMO","0032","","",104888,"EXECUÇÃO DE PERFURAÇÃO PARA TIRANTE, COMPRIMENTO MAIOR OU IGUAL A 22 M E MENOR QUE 30 M, COM DIÂMETRO DE FURO DE 100 MM EXECUTADO COM HASTE UTILIZANDO PERFURATRIZ SOBRE ESTEIRA. AF_11/2023","M","ATRIBUÍDO SÃO PAULO",41.21,"CAIXA REFERENCIAL"]
["DRENAGEM/OBRAS DE CONTENCAO/POCOS DE VISITA E CAIXAS","DROP","MUROS DE ARRIMO","0032","","",104889,"EXECUÇÃO DE PERFURAÇÃO PARA TIRANTE, COMPRIMENTO MAIOR OU IGUAL A 6 M E MENOR QUE 14 M, COM DIÂMETRO DE FURO DE 200 MM EXECUTADO COM HASTE UTILIZANDO PERFURATRIZ SOBRE ESTEIRA. AF_11/2023","M","ATRIBUÍDO SÃO PAULO",59.34,"CAIXA REFERENCIAL"]
["DRENAGEM/OBRAS DE CONTENCAO/POCOS DE VISITA E CAIXAS","DROP","MUROS DE ARRIMO","0032","","",104890,"EXECUÇÃO DE PERFURAÇÃO PARA TIRANTE, COMPRIMENTO MAIOR OU IGUAL A 14 M E MENOR QUE 22 M, COM DIÂMETRO DE FURO DE 200 MM EXECUTADO COM HASTE UTILIZANDO PERFURATRIZ SOBRE ESTEIRA. AF_11/2023","M","ATRIBUÍDO SÃO PAULO",51.78,"CAIXA REFERENCIAL"]
["DRENAGEM/OBRAS DE CONTENCAO/POCOS DE VISITA E CAIXAS","DROP","MUROS DE ARRIMO","0032","","",104891,"EXECUÇÃO DE PERFURAÇÃO PARA TIRANTE, COMPRIMENTO MAIOR OU IGUAL A 22 M E MENOR QUE 30 M, COM DIÂMETRO DE FURO DE 200 MM EXECUTADO COM HASTE UTILIZANDO PERFURATRIZ SOBRE ESTEIRA. AF_11/2023","M","ATRIBUÍDO SÃO PAULO",46.67,"CAIXA REFERENCIAL"]
["DRENAGEM/OBRAS DE CONTENCAO/POCOS DE VISITA E CAIXAS","DROP","MUROS DE ARRIMO","0032","","",104892,"EXECUÇÃO DE PERFURAÇÃO PARA TIRANTE, COMPRIMENTO MAIOR OU IGUAL A 6 M E MENOR QUE 14 M, COM DIÂMETRO DE FURO DE 100 MM EXECUTADO COM HASTE E TUBOS DE REVESTIMENTO UTILIZANDO PERFURATRIZ SOBRE ESTEIRA. AF_11/2023","M","ATRIBUÍDO SÃO PAULO",104.32,"CAIXA REFERENCIAL"]
["DRENAGEM/OBRAS DE CONTENCAO/POCOS DE VISITA E CAIXAS","DROP","CALHAS DE DRENAGEM/ALAS DE GALERIAS (ESTRUT. DE LANCAMENTO)","0035","","",102989,"CANALETA MEIA CANA PRÉ-MOLDADA DE CONCRETO (D = 20 CM) - FORNECIMENTO E INSTALAÇÃO. AF_08/2021","M","ATRIBUÍDO SÃO PAULO",37.65,"CAIXA REFERENCIAL"]
["DRENAGEM/OBRAS DE CONTENCAO/POCOS DE VISITA E CAIXAS","DROP","CALHAS DE DRENAGEM/ALAS DE GALERIAS (ESTRUT. DE LANCAMENTO)","0035","","",102990,"CANALETA MEIA CANA PRÉ-MOLDADA DE CONCRETO (D = 30 CM) - FORNECIMENTO E INSTALAÇÃO. AF_08/2021","M","ATRIBUÍDO SÃO PAULO",45.75,"CAIXA REFERENCIAL"]
["DRENAGEM/OBRAS DE CONTENCAO/POCOS DE VISITA E CAIXAS","DROP","CALHAS DE DRENAGEM/ALAS DE GALERIAS (ESTRUT. DE LANCAMENTO)","0035","","",102991,"CANALETA MEIA CANA PRÉ-MOLDADA DE CONCRETO (D = 40 CM) - FORNECIMENTO E INSTALAÇÃO. AF_08/2021","M","ATRIBUÍDO SÃO PAULO",59.28,"CAIXA REFERENCIAL"]
["DRENAGEM/OBRAS DE CONTENCAO/POCOS DE VISITA E CAIXAS","DROP","CALHAS DE DRENAGEM/ALAS DE GALERIAS (ESTRUT. DE LANCAMENTO)","0035","","",102992,"CANALETA MEIA CANA PRÉ-MOLDADA DE CONCRETO (D = 50 CM) - FORNECIMENTO E INSTALAÇÃO. AF_08/2021","M","ATRIBUÍDO SÃO PAULO",87.57,"CAIXA REFERENCIAL"]
["DRENAGEM/OBRAS DE CONTENCAO/POCOS DE VISITA E CAIXAS","DROP","CALHAS DE DRENAGEM/ALAS DE GALERIAS (ESTRUT. DE LANCAMENTO)","0035","","",102993,"CANALETA MEIA CANA PRÉ-MOLDADA DE CONCRETO (D = 60 CM) - FORNECIMENTO E INSTALAÇÃO. AF_08/2021","M","ATRIBUÍDO SÃO PAULO",113.99,"CAIXA REFERENCIAL"]
["DRENAGEM/OBRAS DE CONTENCAO/POCOS DE VISITA E CAIXAS","DROP","CALHAS DE DRENAGEM/ALAS DE GALERIAS (ESTRUT. DE LANCAMENTO)","0035","","",102994,"CANALETA MEIA CANA PRÉ-MOLDADA DE CONCRETO (D = 80 CM) - FORNECIMENTO E INSTALAÇÃO. AF_08/2021","M","ATRIBUÍDO SÃO PAULO",195.19,"CAIXA REFERENCIAL"]
["DRENAGEM/OBRAS DE CONTENCAO/POCOS DE VISITA E CAIXAS","DROP","CALHAS DE DRENAGEM/ALAS DE GALERIAS (ESTRUT. DE LANCAMENTO)","0035","","",102995,"EXECUÇÃO DE CANALETA DE CONCRETO MOLDADO IN LOCO, ESPESSURA DE 0,07 M, GEOMETRIA TRAPEZOIDAL (DIMENSÕES INTERNAS: B=0,6 M; B=0,147 M; H=0,2 M). AF_08/2021","M","COEFICIENTE DE REPRESENTATIVIDADE",52.02,"CAIXA REFERENCIAL"]
["DRENAGEM/OBRAS DE CONTENCAO/POCOS DE VISITA E CAIXAS","DROP","CALHAS DE DRENAGEM/ALAS DE GALERIAS (ESTRUT. DE LANCAMENTO)","0035","","",102996,"EXECUÇÃO DE CANALETA DE CONCRETO MOLDADO IN LOCO, ESPESSURA DE 0,07 M, GEOMETRIA TRAPEZOIDAL (DIMENSÕES INTERNAS: B=0,9 M; B=0,246 M; H=0,3 M). AF_08/2021","M","COEFICIENTE DE REPRESENTATIVIDADE",73.61,"CAIXA REFERENCIAL"]
["DRENAGEM/OBRAS DE CONTENCAO/POCOS DE VISITA E CAIXAS","DROP","CALHAS DE DRENAGEM/ALAS DE GALERIAS (ESTRUT. DE LANCAMENTO)","0035","","",102997,"EXECUÇÃO DE CANALETA DE CONCRETO MOLDADO IN LOCO, ESPESSURA DE 0,08 M, GEOMETRIA TRAPEZOIDAL (DIMENSÕES INTERNAS: B=1M; B=0,5 M; H=0,25 M). AF_08/2021","M","COEFICIENTE DE REPRESENTATIVIDADE",98.55,"CAIXA REFERENCIAL"]
["DRENAGEM/OBRAS DE CONTENCAO/POCOS DE VISITA E CAIXAS","DROP","CALHAS DE DRENAGEM/ALAS DE GALERIAS (ESTRUT. DE LANCAMENTO)","0035","","",102998,"EXECUÇÃO DE CANALETA DE CONCRETO MOLDADO IN LOCO, ESPESSURA DE 0,08 M, GEOMETRIA TRAPEZOIDAL (DIMENSÕES INTERNAS: B=1,074 M; B=0,534 M; H=0,27 M). AF_08/2021","M","COEFICIENTE DE REPRESENTATIVIDADE",94.16,"CAIXA REFERENCIAL"]
["DRENAGEM/OBRAS DE CONTENCAO/POCOS DE VISITA E CAIXAS","DROP","CALHAS DE DRENAGEM/ALAS DE GALERIAS (ESTRUT. DE LANCAMENTO)","0035","","",102999,"EXECUÇÃO DE CANALETA DE CONCRETO MOLDADO IN LOCO, ESPESSURA DE 0,08 M, GEOMETRIA TRAPEZOIDAL (DIMENSÕES INTERNAS: B=1,4 M; B=0,7 M; H=0,35 M). AF_08/2021","M","COEFICIENTE DE REPRESENTATIVIDADE",119.16,"CAIXA REFERENCIAL"]
["DRENAGEM/OBRAS DE CONTENCAO/POCOS DE VISITA E CAIXAS","DROP","CALHAS DE DRENAGEM/ALAS DE GALERIAS (ESTRUT. DE LANCAMENTO)","0035","","",103000,"EXECUÇÃO DE CANALETA DE CONCRETO MOLDADO IN LOCO, ESPESSURA DE 0,08 M, GEOMETRIA TRAPEZOIDAL (DIMENSÕES INTERNAS: B=1,474 M; B=0,934 M; H=0,27 M). AF_08/2021","M","COEFICIENTE DE REPRESENTATIVIDADE",119.65,"CAIXA REFERENCIAL"]
["DRENAGEM/OBRAS DE CONTENCAO/POCOS DE VISITA E CAIXAS","DROP","CALHAS DE DRENAGEM/ALAS DE GALERIAS (ESTRUT. DE LANCAMENTO)","0035","","",103001,"GRELHA DE FERRO FUNDIDO SIMPLES COM REQUADRO, 150 X 1000 MM, ASSENTADA COM ARGAMASSA 1 : 3 CIMENTO: AREIA - FORNECIMENTO E INSTALAÇÃO. AF_08/2021","UN","ATRIBUÍDO SÃO PAULO",241.83,"CAIXA REFERENCIAL"]
["DRENAGEM/OBRAS DE CONTENCAO/POCOS DE VISITA E CAIXAS","DROP","CALHAS DE DRENAGEM/ALAS DE GALERIAS (ESTRUT. DE LANCAMENTO)","0035","","",103002,"GRELHA DE FERRO FUNDIDO SIMPLES COM REQUADRO, 200 X 1000 MM, ASSENTADA COM ARGAMASSA 1 : 3 CIMENTO: AREIA - FORNECIMENTO E INSTALAÇÃO. AF_08/2021","UN","ATRIBUÍDO SÃO PAULO",301.79000000000002,"CAIXA REFERENCIAL"]
["DRENAGEM/OBRAS DE CONTENCAO/POCOS DE VISITA E CAIXAS","DROP","CALHAS DE DRENAGEM/ALAS DE GALERIAS (ESTRUT. DE LANCAMENTO)","0035","","",103003,"GRELHA DE FERRO FUNDIDO SIMPLES COM REQUADRO, 300 X 1000 MM, ASSENTADA COM ARGAMASSA 1 : 3 CIMENTO: AREIA - FORNECIMENTO E INSTALAÇÃO. AF_08/2021","UN","ATRIBUÍDO SÃO PAULO",421.79,"CAIXA REFERENCIAL"]
["DRENAGEM/OBRAS DE CONTENCAO/POCOS DE VISITA E CAIXAS","DROP","CALHAS DE DRENAGEM/ALAS DE GALERIAS (ESTRUT. DE LANCAMENTO)","0035","","",103005,"CAIXA COM GRELHA RETANGULAR DE FERRO FUNDIDO, EM ALVENARIA COM TIJOLOS CERÂMICOS MACIÇOS, DIMENSÕES INTERNAS: 0,15 X 1,00 X 0,3 M. AF_08/2021","UN","ATRIBUÍDO SÃO PAULO",572.15,"CAIXA REFERENCIAL"]
["DRENAGEM/OBRAS DE CONTENCAO/POCOS DE VISITA E CAIXAS","DROP","CALHAS DE DRENAGEM/ALAS DE GALERIAS (ESTRUT. DE LANCAMENTO)","0035","","",103006,"CAIXA COM GRELHA RETANGULAR DE FERRO FUNDIDO, EM ALVENARIA COM TIJOLOS CERÂMICOS MACIÇOS, DIMENSÕES INTERNAS: 0,20 X 1,00 X 0,4 M. AF_08/2021","UN","ATRIBUÍDO SÃO PAULO",778.82,"CAIXA REFERENCIAL"]
["DRENAGEM/OBRAS DE CONTENCAO/POCOS DE VISITA E CAIXAS","DROP","CALHAS DE DRENAGEM/ALAS DE GALERIAS (ESTRUT. DE LANCAMENTO)","0035","","",103007,"CAIXA COM GRELHA RETANGULAR DE FERRO FUNDIDO, EM ALVENARIA COM TIJOLOS CERÂMICOS MACIÇOS, DIMENSÕES INTERNAS: 0,30 X 1,00 X 0,5 M. AF_08/2021","UN","ATRIBUÍDO SÃO PAULO",1029.53,"CAIXA REFERENCIAL"]
["DRENAGEM/OBRAS DE CONTENCAO/POCOS DE VISITA E CAIXAS","DROP","POCOS DE VISITA/BOCAS DE LOBO/CX. DE PASSAGEM/CX. DIVERSAS","0036","","",97933,"CAIXA COM GRELHA SIMPLES RETANGULAR, EM CONCRETO PRÉ-MOLDADO, DIMENSÕES INTERNAS: 0,6X1,0X1,0 M. AF_12/2020","UN","ATRIBUÍDO SÃO PAULO",869.58,"CAIXA REFERENCIAL"]
["DRENAGEM/OBRAS DE CONTENCAO/POCOS DE VISITA E CAIXAS","DROP","POCOS DE VISITA/BOCAS DE LOBO/CX. DE PASSAGEM/CX. DIVERSAS","0036","","",97934,"CAIXA COM GRELHA DUPLA RETANGULAR, EM CONCRETO PRÉ-MOLDADO, DIMENSÕES INTERNAS: 0,5X2,2X1,0 M. AF_12/2020","UN","ATRIBUÍDO SÃO PAULO",2161.5100000000002,"CAIXA REFERENCIAL"]
["DRENAGEM/OBRAS DE CONTENCAO/POCOS DE VISITA E CAIXAS","DROP","POCOS DE VISITA/BOCAS DE LOBO/CX. DE PASSAGEM/CX. DIVERSAS","0036","","",97935,"CAIXA PARA BOCA DE LOBO SIMPLES RETANGULAR, EM CONCRETO PRÉ-MOLDADO, DIMENSÕES INTERNAS: 0,6X1,0X1,2 M. AF_12/2020","UN","ATRIBUÍDO SÃO PAULO",758.98,"CAIXA REFERENCIAL"]
["DRENAGEM/OBRAS DE CONTENCAO/POCOS DE VISITA E CAIXAS","DROP","POCOS DE VISITA/BOCAS DE LOBO/CX. DE PASSAGEM/CX. DIVERSAS","0036","","",97936,"CAIXA PARA BOCA DE LOBO DUPLA RETANGULAR, EM CONCRETO PRÉ-MOLDADO, DIMENSÕES INTERNAS: 0,6X2,2X1,2 M. AF_12/2020","UN","ATRIBUÍDO SÃO PAULO",1972.2,"CAIXA REFERENCIAL"]
["DRENAGEM/OBRAS DE CONTENCAO/POCOS DE VISITA E CAIXAS","DROP","POCOS DE VISITA/BOCAS DE LOBO/CX. DE PASSAGEM/CX. DIVERSAS","0036","","",97947,"CAIXA COM GRELHA SIMPLES RETANGULAR, EM ALVENARIA COM TIJOLOS CERÂMICOS MACIÇOS, DIMENSÕES INTERNAS: 0,5X1X1 M. AF_12/2020","UN","ATRIBUÍDO SÃO PAULO",1548.37,"CAIXA REFERENCIAL"]
["DRENAGEM/OBRAS DE CONTENCAO/POCOS DE VISITA E CAIXAS","DROP","POCOS DE VISITA/BOCAS DE LOBO/CX. DE PASSAGEM/CX. DIVERSAS","0036","","",97948,"CAIXA COM GRELHA DUPLA RETANGULAR, EM ALVENARIA COM TIJOLOS CERÂMICOS MACIÇOS, DIMENSÕES INTERNAS: 0,5X2,2X1 M. AF_12/2020","UN","ATRIBUÍDO SÃO PAULO",2860.9,"CAIXA REFERENCIAL"]
["DRENAGEM/OBRAS DE CONTENCAO/POCOS DE VISITA E CAIXAS","DROP","POCOS DE VISITA/BOCAS DE LOBO/CX. DE PASSAGEM/CX. DIVERSAS","0036","","",97949,"CAIXA PARA BOCA DE LOBO SIMPLES RETANGULAR, EM ALVENARIA COM TIJOLOS CERÂMICOS MACIÇOS, DIMENSÕES INTERNAS: 0,6X1X1,2 M. AF_12/2020","UN","ATRIBUÍDO SÃO PAULO",1618.73,"CAIXA REFERENCIAL"]
["DRENAGEM/OBRAS DE CONTENCAO/POCOS DE VISITA E CAIXAS","DROP","POCOS DE VISITA/BOCAS DE LOBO/CX. DE PASSAGEM/CX. DIVERSAS","0036","","",97950,"CAIXA PARA BOCA DE LOBO DUPLA RETANGULAR, EM ALVENARIA COM TIJOLOS CERÂMICOS MACIÇOS, DIMENSÕES INTERNAS: 0,6X2,2X1,2 M. AF_12/2020","UN","ATRIBUÍDO SÃO PAULO",2868.85,"CAIXA REFERENCIAL"]
["DRENAGEM/OBRAS DE CONTENCAO/POCOS DE VISITA E CAIXAS","DROP","POCOS DE VISITA/BOCAS DE LOBO/CX. DE PASSAGEM/CX. DIVERSAS","0036","","",97951,"CAIXA PARA BOCA DE LOBO COMBINADA COM GRELHA RETANGULAR, EM ALVENARIA COM TIJOLOS CERÂMICOS MACIÇOS, DIMENSÕES INTERNAS: 1,3X1X1,2 M. AF_12/2020","UN","ATRIBUÍDO SÃO PAULO",2547.69,"CAIXA REFERENCIAL"]
["DRENAGEM/OBRAS DE CONTENCAO/POCOS DE VISITA E CAIXAS","DROP","POCOS DE VISITA/BOCAS DE LOBO/CX. DE PASSAGEM/CX. DIVERSAS","0036","","",97952,"CAIXA PARA BOCA DE LOBO DUPLA COMBINADA COM GRELHA RETANGULAR, EM ALVENARIA COM TIJOLOS CERÂMICOS MACIÇOS, DIMENSÕES INTERNAS: 1,3X2,2X1,2 M. AF_12/2020","UN","ATRIBUÍDO SÃO PAULO",4430.7,"CAIXA REFERENCIAL"]
["DRENAGEM/OBRAS DE CONTENCAO/POCOS DE VISITA E CAIXAS","DROP","POCOS DE VISITA/BOCAS DE LOBO/CX. DE PASSAGEM/CX. DIVERSAS","0036","","",97953,"CAIXA COM GRELHA SIMPLES RETANGULAR, EM ALVENARIA COM BLOCOS DE CONCRETO, DIMENSÕES INTERNAS: 0,5X1X1 M. AF_12/2020","UN","ATRIBUÍDO SÃO PAULO",1243.4000000000001,"CAIXA REFERENCIAL"]
["DRENAGEM/OBRAS DE CONTENCAO/POCOS DE VISITA E CAIXAS","DROP","POCOS DE VISITA/BOCAS DE LOBO/CX. DE PASSAGEM/CX. DIVERSAS","0036","","",97955,"CAIXA COM GRELHA DUPLA RETANGULAR, EM ALVENARIA COM BLOCOS DE CONCRETO, DIMENSÕES INTERNAS: 0,5X2,2X1 M. AF_12/2020","UN","ATRIBUÍDO SÃO PAULO",2721.11,"CAIXA REFERENCIAL"]
["DRENAGEM/OBRAS DE CONTENCAO/POCOS DE VISITA E CAIXAS","DROP","POCOS DE VISITA/BOCAS DE LOBO/CX. DE PASSAGEM/CX. DIVERSAS","0036","","",97956,"CAIXA PARA BOCA DE LOBO SIMPLES RETANGULAR, EM ALVENARIA COM BLOCOS DE CONCRETO, DIMENSÕES INTERNAS: 0,6X1X1,2 M. AF_12/2020","UN","ATRIBUÍDO SÃO PAULO",1429.31,"CAIXA REFERENCIAL"]
["DRENAGEM/OBRAS DE CONTENCAO/POCOS DE VISITA E CAIXAS","DROP","POCOS DE VISITA/BOCAS DE LOBO/CX. DE PASSAGEM/CX. DIVERSAS","0036","","",97957,"CAIXA PARA BOCA DE LOBO DUPLA RETANGULAR, EM ALVENARIA COM BLOCOS DE CONCRETO, DIMENSÕES INTERNAS: 0,6X2,2X1,2 M. AF_12/2020","UN","ATRIBUÍDO SÃO PAULO",2556.14,"CAIXA REFERENCIAL"]
["DRENAGEM/OBRAS DE CONTENCAO/POCOS DE VISITA E CAIXAS","DROP","POCOS DE VISITA/BOCAS DE LOBO/CX. DE PASSAGEM/CX. DIVERSAS","0036","","",97961,"CAIXA PARA BOCA DE LOBO COMBINADA COM GRELHA RETANGULAR, EM ALVENARIA COM BLOCOS DE CONCRETO, DIMENSÕES INTERNAS: 1,3X1X1,2 M. AF_12/2020","UN","ATRIBUÍDO SÃO PAULO",2241.81,"CAIXA REFERENCIAL"]
["DRENAGEM/OBRAS DE CONTENCAO/POCOS DE VISITA E CAIXAS","DROP","POCOS DE VISITA/BOCAS DE LOBO/CX. DE PASSAGEM/CX. DIVERSAS","0036","","",97973,"CAIXA PARA BOCA DE LOBO DUPLA COMBINADA COM GRELHA RETANGULAR, EM ALVENARIA COM BLOCOS DE CONCRETO, DIMENSÕES INTERNAS: 1,3X2,2X1,2 M. AF_12/2020","UN","ATRIBUÍDO SÃO PAULO",4193.41,"CAIXA REFERENCIAL"]
["DRENAGEM/OBRAS DE CONTENCAO/POCOS DE VISITA E CAIXAS","DROP","POCOS DE VISITA/BOCAS DE LOBO/CX. DE PASSAGEM/CX. DIVERSAS","0036","","",97974,"POÇO DE INSPEÇÃO CIRCULAR PARA ESGOTO, EM CONCRETO PRÉ-MOLDADO, DIÂMETRO INTERNO = 0,60 M, PROFUNDIDADE = 0,90 M, EXCLUINDO TAMPÃO. AF_12/2020_PA","UN","ATRIBUÍDO SÃO PAULO",417.55,"CAIXA REFERENCIAL"]
["DRENAGEM/OBRAS DE CONTENCAO/POCOS DE VISITA E CAIXAS","DROP","POCOS DE VISITA/BOCAS DE LOBO/CX. DE PASSAGEM/CX. DIVERSAS","0036","","",97975,"POÇO DE INSPEÇÃO CIRCULAR PARA ESGOTO, EM CONCRETO PRÉ-MOLDADO, DIÂMETRO INTERNO = 0,60 M, PROFUNDIDADE = 1,40 M, EXCLUINDO TAMPÃO. AF_12/2020_PA","UN","ATRIBUÍDO SÃO PAULO",539.27,"CAIXA REFERENCIAL"]
["DRENAGEM/OBRAS DE CONTENCAO/POCOS DE VISITA E CAIXAS","DROP","POCOS DE VISITA/BOCAS DE LOBO/CX. DE PASSAGEM/CX. DIVERSAS","0036","","",97976,"POÇO DE INSPEÇÃO CIRCULAR PARA ESGOTO, EM ALVENARIA COM TIJOLOS CERÂMICOS MACIÇOS, DIÂMETRO INTERNO = 0,60 M, PROFUNDIDADE = 0,95 M, EXCLUINDO TAMPÃO. AF_12/2020_PA","UN","ATRIBUÍDO SÃO PAULO",1062.0999999999999,"CAIXA REFERENCIAL"]
["DRENAGEM/OBRAS DE CONTENCAO/POCOS DE VISITA E CAIXAS","DROP","POCOS DE VISITA/BOCAS DE LOBO/CX. DE PASSAGEM/CX. DIVERSAS","0036","","",97977,"POÇO DE INSPEÇÃO CIRCULAR PARA ESGOTO, EM ALVENARIA COM TIJOLOS CERÂMICOS MACIÇOS, DIÂMETRO INTERNO = 0,60 M, PROFUNDIDADE = 1,45 M, EXCLUINDO TAMPÃO. AF_12/2020_PA","UN","ATRIBUÍDO SÃO PAULO",1505.24,"CAIXA REFERENCIAL"]
["DRENAGEM/OBRAS DE CONTENCAO/POCOS DE VISITA E CAIXAS","DROP","POCOS DE VISITA/BOCAS DE LOBO/CX. DE PASSAGEM/CX. DIVERSAS","0036","","",97978,"BASE PARA POÇO DE VISITA CIRCULAR PARA ESGOTO, EM CONCRETO PRÉ-MOLDADO, DIÂMETRO INTERNO = 0,80 M, PROFUNDIDADE = 1,35 M, EXCLUINDO TAMPÃO. AF_12/2020_PA","UN","ATRIBUÍDO SÃO PAULO",856.17,"CAIXA REFERENCIAL"]
["DRENAGEM/OBRAS DE CONTENCAO/POCOS DE VISITA E CAIXAS","DROP","POCOS DE VISITA/BOCAS DE LOBO/CX. DE PASSAGEM/CX. DIVERSAS","0036","","",97980,"BASE PARA POÇO DE VISITA CIRCULAR PARA  ESGOTO, EM ALVENARIA COM TIJOLOS CERÂMICOS MACIÇOS, DIÂMETRO INTERNO = 0,80 M, PROFUNDIDADE = 1,40 M, EXCLUINDO TAMPÃO. AF_12/2020_PA","UN","ATRIBUÍDO SÃO PAULO",1956.21,"CAIXA REFERENCIAL"]
["DRENAGEM/OBRAS DE CONTENCAO/POCOS DE VISITA E CAIXAS","DROP","POCOS DE VISITA/BOCAS DE LOBO/CX. DE PASSAGEM/CX. DIVERSAS","0036","","",97981,"ACRÉSCIMO PARA POÇO DE VISITA CIRCULAR PARA ESGOTO, EM ALVENARIA COM TIJOLOS CERÂMICOS MACIÇOS, DIÂMETRO INTERNO = 0,8 M. AF_12/2020","M","COEFICIENTE DE REPRESENTATIVIDADE",1090.93,"CAIXA REFERENCIAL"]
["DRENAGEM/OBRAS DE CONTENCAO/POCOS DE VISITA E CAIXAS","DROP","POCOS DE VISITA/BOCAS DE LOBO/CX. DE PASSAGEM/CX. DIVERSAS","0036","","",97983,"ACRÉSCIMO PARA POÇO DE VISITA CIRCULAR PARA ESGOTO, EM CONCRETO PRÉ-MOLDADO, DIÂMETRO INTERNO = 1 M. AF_12/2020","M","COEFICIENTE DE REPRESENTATIVIDADE",428.73,"CAIXA REFERENCIAL"]
["DRENAGEM/OBRAS DE CONTENCAO/POCOS DE VISITA E CAIXAS","DROP","POCOS DE VISITA/BOCAS DE LOBO/CX. DE PASSAGEM/CX. DIVERSAS","0036","","",97985,"ACRÉSCIMO PARA POÇO DE VISITA CIRCULAR PARA  ESGOTO, EM ALVENARIA COM TIJOLOS CERÂMICOS MACIÇOS, DIÂMETRO INTERNO = 1 M. AF_12/2020","M","COEFICIENTE DE REPRESENTATIVIDADE",1309.24,"CAIXA REFERENCIAL"]
["DRENAGEM/OBRAS DE CONTENCAO/POCOS DE VISITA E CAIXAS","DROP","POCOS DE VISITA/BOCAS DE LOBO/CX. DE PASSAGEM/CX. DIVERSAS","0036","","",97987,"ACRÉSCIMO PARA POÇO DE VISITA CIRCULAR PARA ESGOTO, EM CONCRETO PRÉ-MOLDADO, DIÂMETRO INTERNO = 1,2 M. AF_12/2020","M","COEFICIENTE DE REPRESENTATIVIDADE",567.36,"CAIXA REFERENCIAL"]
["DRENAGEM/OBRAS DE CONTENCAO/POCOS DE VISITA E CAIXAS","DROP","POCOS DE VISITA/BOCAS DE LOBO/CX. DE PASSAGEM/CX. DIVERSAS","0036","","",97988,"BASE PARA POÇO DE VISITA CIRCULAR PARA  ESGOTO, EM ALVENARIA COM TIJOLOS CERÂMICOS MACIÇOS, DIÂMETRO INTERNO = 1,20 M, PROFUNDIDADE = 1,40 M, EXCLUINDO TAMPÃO. AF_12/2020_PA","UN","ATRIBUÍDO SÃO PAULO",2868.01,"CAIXA REFERENCIAL"]
["DRENAGEM/OBRAS DE CONTENCAO/POCOS DE VISITA E CAIXAS","DROP","POCOS DE VISITA/BOCAS DE LOBO/CX. DE PASSAGEM/CX. DIVERSAS","0036","","",97989,"ACRÉSCIMO PARA POÇO DE VISITA CIRCULAR PARA ESGOTO, EM ALVENARIA COM TIJOLOS CERÂMICOS MACIÇOS, DIÂMETRO INTERNO = 1,2 M. AF_12/2020","M","COEFICIENTE DE REPRESENTATIVIDADE",1527.49,"CAIXA REFERENCIAL"]
["DRENAGEM/OBRAS DE CONTENCAO/POCOS DE VISITA E CAIXAS","DROP","POCOS DE VISITA/BOCAS DE LOBO/CX. DE PASSAGEM/CX. DIVERSAS","0036","","",97991,"ACRÉSCIMO PARA POÇO DE VISITA CIRCULAR PARA  ESGOTO, EM CONCRETO PRÉ-MOLDADO, DIÂMETRO INTERNO = 1,5 M. AF_12/2020","M","COEFICIENTE DE REPRESENTATIVIDADE",775.75,"CAIXA REFERENCIAL"]
["DRENAGEM/OBRAS DE CONTENCAO/POCOS DE VISITA E CAIXAS","DROP","POCOS DE VISITA/BOCAS DE LOBO/CX. DE PASSAGEM/CX. DIVERSAS","0036","","",97992,"BASE PARA POÇO DE VISITA CIRCULAR PARA ESGOTO, EM ALVENARIA COM TIJOLOS CERÂMICOS MACIÇOS, DIÂMETRO INTERNO = 1,50 M, PROFUNDIDADE = 1,40 M, EXCLUINDO TAMPÃO. AF_12/2020_PA","UN","ATRIBUÍDO SÃO PAULO",3674.15,"CAIXA REFERENCIAL"]
["DRENAGEM/OBRAS DE CONTENCAO/POCOS DE VISITA E CAIXAS","DROP","POCOS DE VISITA/BOCAS DE LOBO/CX. DE PASSAGEM/CX. DIVERSAS","0036","","",97993,"ACRÉSCIMO PARA POÇO DE VISITA CIRCULAR PARA  ESGOTO, EM ALVENARIA COM TIJOLOS CERÂMICOS MACIÇOS, DIÂMETRO INTERNO = 1,5 M. AF_12/2020","M","COEFICIENTE DE REPRESENTATIVIDADE",1854.99,"CAIXA REFERENCIAL"]
["DRENAGEM/OBRAS DE CONTENCAO/POCOS DE VISITA E CAIXAS","DROP","POCOS DE VISITA/BOCAS DE LOBO/CX. DE PASSAGEM/CX. DIVERSAS","0036","","",97994,"BASE PARA POÇO DE VISITA RETANGULAR PARA  ESGOTO, EM ALVENARIA COM BLOCOS DE CONCRETO, DIMENSÕES INTERNAS = 1X1 M, PROFUNDIDADE = 1,40 M, EXCLUINDO TAMPÃO. AF_12/2020_PA","UN","ATRIBUÍDO SÃO PAULO",2553.31,"CAIXA REFERENCIAL"]
["DRENAGEM/OBRAS DE CONTENCAO/POCOS DE VISITA E CAIXAS","DROP","POCOS DE VISITA/BOCAS DE LOBO/CX. DE PASSAGEM/CX. DIVERSAS","0036","","",97995,"ACRÉSCIMO PARA POÇO DE VISITA RETANGULAR PARA ESGOTO, EM ALVENARIA COM BLOCOS DE CONCRETO, DIMENSÕES INTERNAS = 1X1 M. AF_12/2020","M","COEFICIENTE DE REPRESENTATIVIDADE",1276.43,"CAIXA REFERENCIAL"]
["DRENAGEM/OBRAS DE CONTENCAO/POCOS DE VISITA E CAIXAS","DROP","POCOS DE VISITA/BOCAS DE LOBO/CX. DE PASSAGEM/CX. DIVERSAS","0036","","",97996,"BASE PARA POÇO DE VISITA RETANGULAR PARA ESGOTO, EM ALVENARIA COM BLOCOS DE CONCRETO, DIMENSÕES INTERNAS = 1X1,5 M, PROFUNDIDADE = 1,40 M, EXCLUINDO TAMPÃO. AF_12/2020_PA","UN","ATRIBUÍDO SÃO PAULO",3236.22,"CAIXA REFERENCIAL"]
["DRENAGEM/OBRAS DE CONTENCAO/POCOS DE VISITA E CAIXAS","DROP","POCOS DE VISITA/BOCAS DE LOBO/CX. DE PASSAGEM/CX. DIVERSAS","0036","","",97997,"ACRÉSCIMO PARA POÇO DE VISITA RETANGULAR PARA ESGOTO, EM ALVENARIA COM BLOCOS DE CONCRETO, DIMENSÕES INTERNAS = 1X1,5 M. AF_12/2020","M","COEFICIENTE DE REPRESENTATIVIDADE",1525,"CAIXA REFERENCIAL"]
["DRENAGEM/OBRAS DE CONTENCAO/POCOS DE VISITA E CAIXAS","DROP","POCOS DE VISITA/BOCAS DE LOBO/CX. DE PASSAGEM/CX. DIVERSAS","0036","","",97999,"ACRÉSCIMO PARA POÇO DE VISITA RETANGULAR PARA ESGOTO, EM ALVENARIA COM BLOCOS DE CONCRETO, DIMENSÕES INTERNAS = 1X2 M. AF_12/2020","M","COEFICIENTE DE REPRESENTATIVIDADE",1773.64,"CAIXA REFERENCIAL"]
["DRENAGEM/OBRAS DE CONTENCAO/POCOS DE VISITA E CAIXAS","DROP","POCOS DE VISITA/BOCAS DE LOBO/CX. DE PASSAGEM/CX. DIVERSAS","0036","","",98001,"ACRÉSCIMO PARA POÇO DE VISITA RETANGULAR PARA ESGOTO, EM ALVENARIA COM BLOCOS DE CONCRETO, DIMENSÕES INTERNAS = 1X2,5 M. AF_12/2020","M","COEFICIENTE DE REPRESENTATIVIDADE",2022.21,"CAIXA REFERENCIAL"]
["DRENAGEM/OBRAS DE CONTENCAO/POCOS DE VISITA E CAIXAS","DROP","POCOS DE VISITA/BOCAS DE LOBO/CX. DE PASSAGEM/CX. DIVERSAS","0036","","",98002,"BASE PARA POÇO DE VISITA RETANGULAR PARA ESGOTO, EM ALVENARIA COM BLOCOS DE CONCRETO, DIMENSÕES INTERNAS = 1X3 M, PROFUNDIDADE = 1,40 M, EXCLUINDO TAMPÃO. AF_12/2020_PA","UN","ATRIBUÍDO SÃO PAULO",5316.97,"CAIXA REFERENCIAL"]
["DRENAGEM/OBRAS DE CONTENCAO/POCOS DE VISITA E CAIXAS","DROP","POCOS DE VISITA/BOCAS DE LOBO/CX. DE PASSAGEM/CX. DIVERSAS","0036","","",98003,"ACRÉSCIMO PARA POÇO DE VISITA RETANGULAR PARA ESGOTO, EM ALVENARIA COM BLOCOS DE CONCRETO, DIMENSÕES INTERNAS = 1X3 M. AF_12/2020","M","COEFICIENTE DE REPRESENTATIVIDADE",2270.84,"CAIXA REFERENCIAL"]
["DRENAGEM/OBRAS DE CONTENCAO/POCOS DE VISITA E CAIXAS","DROP","POCOS DE VISITA/BOCAS DE LOBO/CX. DE PASSAGEM/CX. DIVERSAS","0036","","",98005,"ACRÉSCIMO PARA POÇO DE VISITA RETANGULAR PARA ESGOTO, EM ALVENARIA COM BLOCOS DE CONCRETO, DIMENSÕES INTERNAS = 1X3,5 M. AF_12/2020","M","COEFICIENTE DE REPRESENTATIVIDADE",2519.4699999999998,"CAIXA REFERENCIAL"]
["DRENAGEM/OBRAS DE CONTENCAO/POCOS DE VISITA E CAIXAS","DROP","POCOS DE VISITA/BOCAS DE LOBO/CX. DE PASSAGEM/CX. DIVERSAS","0036","","",98006,"BASE PARA POÇO DE VISITA RETANGULAR PARA ESGOTO, EM ALVENARIA COM BLOCOS DE CONCRETO, DIMENSÕES INTERNAS = 1X4 M, PROFUNDIDADE = 1,40 M, EXCLUINDO TAMPÃO. AF_12/2020_PA","UN","ATRIBUÍDO SÃO PAULO",6690.84,"CAIXA REFERENCIAL"]
["DRENAGEM/OBRAS DE CONTENCAO/POCOS DE VISITA E CAIXAS","DROP","POCOS DE VISITA/BOCAS DE LOBO/CX. DE PASSAGEM/CX. DIVERSAS","0036","","",98007,"ACRÉSCIMO PARA POÇO DE VISITA RETANGULAR PARA ESGOTO, EM ALVENARIA COM BLOCOS DE CONCRETO, DIMENSÕES INTERNAS = 1X4 M. AF_12/2020","M","COEFICIENTE DE REPRESENTATIVIDADE",2768.02,"CAIXA REFERENCIAL"]
["DRENAGEM/OBRAS DE CONTENCAO/POCOS DE VISITA E CAIXAS","DROP","POCOS DE VISITA/BOCAS DE LOBO/CX. DE PASSAGEM/CX. DIVERSAS","0036","","",98008,"BASE PARA POÇO DE VISITA RETANGULAR PARA ESGOTO, EM ALVENARIA COM BLOCOS DE CONCRETO, DIMENSÕES INTERNAS = 1,5X1,5 M, PROFUNDIDADE = 1,45 M, EXCLUINDO TAMPÃO . AF_12/2020_PA","UN","ATRIBUÍDO SÃO PAULO",4017.04,"CAIXA REFERENCIAL"]
["DRENAGEM/OBRAS DE CONTENCAO/POCOS DE VISITA E CAIXAS","DROP","POCOS DE VISITA/BOCAS DE LOBO/CX. DE PASSAGEM/CX. DIVERSAS","0036","","",98009,"ACRÉSCIMO PARA POÇO DE VISITA RETANGULAR PARA ESGOTO, EM ALVENARIA COM BLOCOS DE CONCRETO, DIMENSÕES INTERNAS = 1,5X1,5 M. AF_12/2020","M","COEFICIENTE DE REPRESENTATIVIDADE",1773.64,"CAIXA REFERENCIAL"]
["DRENAGEM/OBRAS DE CONTENCAO/POCOS DE VISITA E CAIXAS","DROP","POCOS DE VISITA/BOCAS DE LOBO/CX. DE PASSAGEM/CX. DIVERSAS","0036","","",98010,"BASE PARA POÇO DE VISITA RETANGULAR PARA ESGOTO, EM ALVENARIA COM BLOCOS DE CONCRETO, DIMENSÕES INTERNAS = 1,5X2 M, PROFUNDIDADE = 1,40 M, EXCLUINDO TAMPÃO. AF_12/2020_PA","UN","ATRIBUÍDO SÃO PAULO",4906.8900000000003,"CAIXA REFERENCIAL"]
["DRENAGEM/OBRAS DE CONTENCAO/POCOS DE VISITA E CAIXAS","DROP","POCOS DE VISITA/BOCAS DE LOBO/CX. DE PASSAGEM/CX. DIVERSAS","0036","","",98011,"ACRÉSCIMO PARA POÇO DE VISITA RETANGULAR PARA ESGOTO, EM ALVENARIA COM BLOCOS DE CONCRETO, DIMENSÕES INTERNAS = 1,5X2 M. AF_12/2020","M","COEFICIENTE DE REPRESENTATIVIDADE",2022.21,"CAIXA REFERENCIAL"]
["DRENAGEM/OBRAS DE CONTENCAO/POCOS DE VISITA E CAIXAS","DROP","POCOS DE VISITA/BOCAS DE LOBO/CX. DE PASSAGEM/CX. DIVERSAS","0036","","",98012,"BASE PARA POÇO DE VISITA RETANGULAR PARA ESGOTO, EM ALVENARIA COM BLOCOS DE CONCRETO, DIMENSÕES INTERNAS = 1,5X2,5 M, PROFUNDIDADE = 1,40 M, EXCLUINDO TAMPÃO. AF_12/2020_PA","UN","ATRIBUÍDO SÃO PAULO",5771.26,"CAIXA REFERENCIAL"]
["DRENAGEM/OBRAS DE CONTENCAO/POCOS DE VISITA E CAIXAS","DROP","POCOS DE VISITA/BOCAS DE LOBO/CX. DE PASSAGEM/CX. DIVERSAS","0036","","",98013,"ACRÉSCIMO PARA POÇO DE VISITA RETANGULAR PARA ESGOTO, EM ALVENARIA COM BLOCOS DE CONCRETO, DIMENSÕES INTERNAS = 1,5X2,5 M. AF_12/2020","M","COEFICIENTE DE REPRESENTATIVIDADE",2270.84,"CAIXA REFERENCIAL"]
["DRENAGEM/OBRAS DE CONTENCAO/POCOS DE VISITA E CAIXAS","DROP","POCOS DE VISITA/BOCAS DE LOBO/CX. DE PASSAGEM/CX. DIVERSAS","0036","","",98014,"BASE PARA POÇO DE VISITA RETANGULAR PARA ESGOTO, EM ALVENARIA COM BLOCOS DE CONCRETO, DIMENSÕES INTERNAS = 1,5X3 M, PROFUNDIDADE = 1,40 M, EXCLUINDO TAMPÃO. AF_12/2020_PA","UN","ATRIBUÍDO SÃO PAULO",6635.51,"CAIXA REFERENCIAL"]
["DRENAGEM/OBRAS DE CONTENCAO/POCOS DE VISITA E CAIXAS","DROP","POCOS DE VISITA/BOCAS DE LOBO/CX. DE PASSAGEM/CX. DIVERSAS","0036","","",98015,"ACRÉSCIMO PARA POÇO DE VISITA RETANGULAR PARA ESGOTO, EM ALVENARIA COM BLOCOS DE CONCRETO, DIMENSÕES INTERNAS = 1,5X3 M. AF_12/2020","M","COEFICIENTE DE REPRESENTATIVIDADE",2519.4699999999998,"CAIXA REFERENCIAL"]
["DRENAGEM/OBRAS DE CONTENCAO/POCOS DE VISITA E CAIXAS","DROP","POCOS DE VISITA/BOCAS DE LOBO/CX. DE PASSAGEM/CX. DIVERSAS","0036","","",98016,"BASE PARA POÇO DE VISITA RETANGULAR PARA ESGOTO, EM ALVENARIA COM BLOCOS DE CONCRETO, DIMENSÕES INTERNAS = 1,5X3,5 M, PROFUNDIDADE = 1,40 M, EXCLUINDO TAMPÃO. AF_12/2020_PA","UN","ATRIBUÍDO SÃO PAULO",7499.97,"CAIXA REFERENCIAL"]
["DRENAGEM/OBRAS DE CONTENCAO/POCOS DE VISITA E CAIXAS","DROP","POCOS DE VISITA/BOCAS DE LOBO/CX. DE PASSAGEM/CX. DIVERSAS","0036","","",98017,"ACRÉSCIMO PARA POÇO DE VISITA RETANGULAR PARA ESGOTO, EM ALVENARIA COM BLOCOS DE CONCRETO, DIMENSÕES INTERNAS = 1,5X3,5 M. AF_12/2020","M","COEFICIENTE DE REPRESENTATIVIDADE",2768.02,"CAIXA REFERENCIAL"]
["DRENAGEM/OBRAS DE CONTENCAO/POCOS DE VISITA E CAIXAS","DROP","POCOS DE VISITA/BOCAS DE LOBO/CX. DE PASSAGEM/CX. DIVERSAS","0036","","",98018,"BASE PARA POÇO DE VISITA RETANGULAR PARA ESGOTO, EM ALVENARIA COM BLOCOS DE CONCRETO, DIMENSÕES INTERNAS = 1,5X4 M, PROFUNDIDADE = 1,40 M, EXCLUINDO TAMPÃO. AF_12/2020_PA","UN","ATRIBUÍDO SÃO PAULO",8364.26,"CAIXA REFERENCIAL"]
["DRENAGEM/OBRAS DE CONTENCAO/POCOS DE VISITA E CAIXAS","DROP","POCOS DE VISITA/BOCAS DE LOBO/CX. DE PASSAGEM/CX. DIVERSAS","0036","","",98019,"ACRÉSCIMO PARA POÇO DE VISITA RETANGULAR PARA ESGOTO, EM ALVENARIA COM BLOCOS DE CONCRETO, DIMENSÕES INTERNAS = 1,5X4 M. AF_12/2020","M","COEFICIENTE DE REPRESENTATIVIDADE",3040.18,"CAIXA REFERENCIAL"]
["DRENAGEM/OBRAS DE CONTENCAO/POCOS DE VISITA E CAIXAS","DROP","POCOS DE VISITA/BOCAS DE LOBO/CX. DE PASSAGEM/CX. DIVERSAS","0036","","",98020,"BASE PARA POÇO DE VISITA RETANGULAR PARA ESGOTO, EM ALVENARIA COM BLOCOS DE CONCRETO, DIMENSÕES INTERNAS = 2X2 M, PROFUNDIDADE = 1,40 M, EXCLUINDO TAMPÃO. AF_12/2020_PA","UN","ATRIBUÍDO SÃO PAULO",5938.81,"CAIXA REFERENCIAL"]
["DRENAGEM/OBRAS DE CONTENCAO/POCOS DE VISITA E CAIXAS","DROP","POCOS DE VISITA/BOCAS DE LOBO/CX. DE PASSAGEM/CX. DIVERSAS","0036","","",98021,"ACRÉSCIMO PARA POÇO DE VISITA RETANGULAR PARA ESGOTO, EM ALVENARIA COM BLOCOS DE CONCRETO, DIMENSÕES INTERNAS = 2X2 M. AF_12/2020","M","COEFICIENTE DE REPRESENTATIVIDADE",2294.4299999999998,"CAIXA REFERENCIAL"]
["DRENAGEM/OBRAS DE CONTENCAO/POCOS DE VISITA E CAIXAS","DROP","POCOS DE VISITA/BOCAS DE LOBO/CX. DE PASSAGEM/CX. DIVERSAS","0036","","",98022,"BASE PARA POÇO DE VISITA RETANGULAR PARA ESGOTO, EM ALVENARIA COM BLOCOS DE CONCRETO, DIMENSÕES INTERNAS = 2X2,5 M, PROFUNDIDADE = 1,40 M, EXCLUINDO TAMPÃO. AF_12/2020_PA","UN","ATRIBUÍDO SÃO PAULO",6968,"CAIXA REFERENCIAL"]
["DRENAGEM/OBRAS DE CONTENCAO/POCOS DE VISITA E CAIXAS","DROP","POCOS DE VISITA/BOCAS DE LOBO/CX. DE PASSAGEM/CX. DIVERSAS","0036","","",98023,"ACRÉSCIMO PARA POÇO DE VISITA RETANGULAR PARA ESGOTO, EM ALVENARIA COM BLOCOS DE CONCRETO, DIMENSÕES INTERNAS = 2X2,5 M. AF_12/2020","M","COEFICIENTE DE REPRESENTATIVIDADE",2542.9899999999998,"CAIXA REFERENCIAL"]
["DRENAGEM/OBRAS DE CONTENCAO/POCOS DE VISITA E CAIXAS","DROP","POCOS DE VISITA/BOCAS DE LOBO/CX. DE PASSAGEM/CX. DIVERSAS","0036","","",98024,"BASE PARA POÇO DE VISITA RETANGULAR PARA ESGOTO, EM ALVENARIA COM BLOCOS DE CONCRETO, DIMENSÕES INTERNAS = 2X3 M, PROFUNDIDADE = 1,40 M, EXCLUINDO TAMPÃO. AF_12/2020_PA","UN","ATRIBUÍDO SÃO PAULO",8053.75,"CAIXA REFERENCIAL"]
["DRENAGEM/OBRAS DE CONTENCAO/POCOS DE VISITA E CAIXAS","DROP","POCOS DE VISITA/BOCAS DE LOBO/CX. DE PASSAGEM/CX. DIVERSAS","0036","","",98025,"ACRÉSCIMO PARA POÇO DE VISITA RETANGULAR PARA ESGOTO, EM ALVENARIA COM BLOCOS DE CONCRETO, DIMENSÕES INTERNAS = 2X3 M. AF_12/2020","M","COEFICIENTE DE REPRESENTATIVIDADE",2791.63,"CAIXA REFERENCIAL"]
["DRENAGEM/OBRAS DE CONTENCAO/POCOS DE VISITA E CAIXAS","DROP","POCOS DE VISITA/BOCAS DE LOBO/CX. DE PASSAGEM/CX. DIVERSAS","0036","","",98026,"BASE PARA POÇO DE VISITA RETANGULAR PARA ESGOTO, EM ALVENARIA COM BLOCOS DE CONCRETO, DIMENSÕES INTERNAS = 2X3,5 M, PROFUNDIDADE = 1,40 M, EXCLUINDO TAMPÃO. AF_12/2020_PA","UN","ATRIBUÍDO SÃO PAULO",9090.14,"CAIXA REFERENCIAL"]
["DRENAGEM/OBRAS DE CONTENCAO/POCOS DE VISITA E CAIXAS","DROP","POCOS DE VISITA/BOCAS DE LOBO/CX. DE PASSAGEM/CX. DIVERSAS","0036","","",98027,"ACRÉSCIMO PARA POÇO DE VISITA RETANGULAR PARA ESGOTO, EM ALVENARIA COM BLOCOS DE CONCRETO, DIMENSÕES INTERNAS = 2X3,5 M. AF_12/2020","M","COEFICIENTE DE REPRESENTATIVIDADE",3040.18,"CAIXA REFERENCIAL"]
["DRENAGEM/OBRAS DE CONTENCAO/POCOS DE VISITA E CAIXAS","DROP","POCOS DE VISITA/BOCAS DE LOBO/CX. DE PASSAGEM/CX. DIVERSAS","0036","","",98028,"BASE PARA POÇO DE VISITA RETANGULAR PARA ESGOTO, EM ALVENARIA COM BLOCOS DE CONCRETO, DIMENSÕES INTERNAS = 2X4 M, PROFUNDIDADE = 1,40 M, EXCLUINDO TAMPÃO. AF_12/2020_PA","UN","ATRIBUÍDO SÃO PAULO",10126.530000000001,"CAIXA REFERENCIAL"]
["DRENAGEM/OBRAS DE CONTENCAO/POCOS DE VISITA E CAIXAS","DROP","POCOS DE VISITA/BOCAS DE LOBO/CX. DE PASSAGEM/CX. DIVERSAS","0036","","",98029,"ACRÉSCIMO PARA POÇO DE VISITA RETANGULAR PARA ESGOTO, EM ALVENARIA COM BLOCOS DE CONCRETO, DIMENSÕES INTERNAS = 2X4 M. AF_12/2020","M","COEFICIENTE DE REPRESENTATIVIDADE",3293.64,"CAIXA REFERENCIAL"]
["DRENAGEM/OBRAS DE CONTENCAO/POCOS DE VISITA E CAIXAS","DROP","POCOS DE VISITA/BOCAS DE LOBO/CX. DE PASSAGEM/CX. DIVERSAS","0036","","",98030,"BASE PARA POÇO DE VISITA RETANGULAR PARA ESGOTO, EM ALVENARIA COM BLOCOS DE CONCRETO, DIMENSÕES INTERNAS = 2,5X2,5 M, PROFUNDIDADE = 1,40 M, EXCLUINDO TAMPÃO. AF_12/2020_PA","UN","ATRIBUÍDO SÃO PAULO",8252.25,"CAIXA REFERENCIAL"]
["DRENAGEM/OBRAS DE CONTENCAO/POCOS DE VISITA E CAIXAS","DROP","POCOS DE VISITA/BOCAS DE LOBO/CX. DE PASSAGEM/CX. DIVERSAS","0036","","",98031,"ACRÉSCIMO PARA POÇO DE VISITA RETANGULAR PARA ESGOTO, EM ALVENARIA COM BLOCOS DE CONCRETO, DIMENSÕES INTERNAS = 2,5X2,5 M. AF_12/2020","M","COEFICIENTE DE REPRESENTATIVIDADE",2796.54,"CAIXA REFERENCIAL"]
["DRENAGEM/OBRAS DE CONTENCAO/POCOS DE VISITA E CAIXAS","DROP","POCOS DE VISITA/BOCAS DE LOBO/CX. DE PASSAGEM/CX. DIVERSAS","0036","","",98032,"BASE PARA POÇO DE VISITA RETANGULAR PARA ESGOTO, EM ALVENARIA COM BLOCOS DE CONCRETO, DIMENSÕES INTERNAS = 2,5X3 M, PROFUNDIDADE = 1,40 M, EXCLUINDO TAMPÃO. AF_12/2020_PA","UN","ATRIBUÍDO SÃO PAULO",9503.33,"CAIXA REFERENCIAL"]
["DRENAGEM/OBRAS DE CONTENCAO/POCOS DE VISITA E CAIXAS","DROP","POCOS DE VISITA/BOCAS DE LOBO/CX. DE PASSAGEM/CX. DIVERSAS","0036","","",98033,"ACRÉSCIMO PARA POÇO DE VISITA RETANGULAR PARA ESGOTO, EM ALVENARIA COM BLOCOS DE CONCRETO, DIMENSÕES INTERNAS = 2,5X3 M. AF_12/2020","M","COEFICIENTE DE REPRESENTATIVIDADE",3045.1,"CAIXA REFERENCIAL"]
["DRENAGEM/OBRAS DE CONTENCAO/POCOS DE VISITA E CAIXAS","DROP","POCOS DE VISITA/BOCAS DE LOBO/CX. DE PASSAGEM/CX. DIVERSAS","0036","","",98034,"BASE PARA POÇO DE VISITA RETANGULAR PARA ESGOTO, EM ALVENARIA COM BLOCOS DE CONCRETO, DIMENSÕES INTERNAS = 2,5X3,5 M, PROFUNDIDADE = 1,40 M, EXCLUINDO TAMPÃO. AF_12/2020_PA","UN","ATRIBUÍDO SÃO PAULO",10754.41,"CAIXA REFERENCIAL"]
["DRENAGEM/OBRAS DE CONTENCAO/POCOS DE VISITA E CAIXAS","DROP","POCOS DE VISITA/BOCAS DE LOBO/CX. DE PASSAGEM/CX. DIVERSAS","0036","","",98035,"ACRÉSCIMO PARA POÇO DE VISITA RETANGULAR PARA ESGOTO, EM ALVENARIA COM BLOCOS DE CONCRETO, DIMENSÕES INTERNAS = 2,5X3,5 M. AF_12/2020","M","COEFICIENTE DE REPRESENTATIVIDADE",3293.64,"CAIXA REFERENCIAL"]
["DRENAGEM/OBRAS DE CONTENCAO/POCOS DE VISITA E CAIXAS","DROP","POCOS DE VISITA/BOCAS DE LOBO/CX. DE PASSAGEM/CX. DIVERSAS","0036","","",98036,"BASE PARA POÇO DE VISITA RETANGULAR PARA ESGOTO, EM ALVENARIA COM BLOCOS DE CONCRETO, DIMENSÕES INTERNAS = 2,5X4 M, PROFUNDIDADE = 1,40 M, EXCLUINDO TAMPÃO. AF_12/2020_PA","UN","ATRIBUÍDO SÃO PAULO",12005.53,"CAIXA REFERENCIAL"]
["DRENAGEM/OBRAS DE CONTENCAO/POCOS DE VISITA E CAIXAS","DROP","POCOS DE VISITA/BOCAS DE LOBO/CX. DE PASSAGEM/CX. DIVERSAS","0036","","",98037,"ACRÉSCIMO PARA POÇO DE VISITA RETANGULAR PARA ESGOTO, EM ALVENARIA COM BLOCOS DE CONCRETO, DIMENSÕES INTERNAS = 2,5X4 M. AF_12/2020","M","COEFICIENTE DE REPRESENTATIVIDADE",3547.13,"CAIXA REFERENCIAL"]
["DRENAGEM/OBRAS DE CONTENCAO/POCOS DE VISITA E CAIXAS","DROP","POCOS DE VISITA/BOCAS DE LOBO/CX. DE PASSAGEM/CX. DIVERSAS","0036","","",98038,"BASE PARA POÇO DE VISITA RETANGULAR PARA ESGOTO, EM ALVENARIA COM BLOCOS DE CONCRETO, DIMENSÕES INTERNAS = 3X3 M, PROFUNDIDADE = 1,40 M, EXCLUINDO TAMPÃO. AF_12/2020_PA","UN","ATRIBUÍDO SÃO PAULO",10985.11,"CAIXA REFERENCIAL"]
["DRENAGEM/OBRAS DE CONTENCAO/POCOS DE VISITA E CAIXAS","DROP","POCOS DE VISITA/BOCAS DE LOBO/CX. DE PASSAGEM/CX. DIVERSAS","0036","","",98039,"ACRÉSCIMO PARA POÇO DE VISITA RETANGULAR PARA ESGOTO, EM ALVENARIA COM BLOCOS DE CONCRETO, DIMENSÕES INTERNAS = 3X3 M. AF_12/2020","M","COEFICIENTE DE REPRESENTATIVIDADE",3298.55,"CAIXA REFERENCIAL"]
["DRENAGEM/OBRAS DE CONTENCAO/POCOS DE VISITA E CAIXAS","DROP","POCOS DE VISITA/BOCAS DE LOBO/CX. DE PASSAGEM/CX. DIVERSAS","0036","","",98040,"BASE PARA POÇO DE VISITA RETANGULAR PARA ESGOTO, EM ALVENARIA COM BLOCOS DE CONCRETO, DIMENSÕES INTERNAS = 3X3,5 M, PROFUNDIDADE = 1,40 M, EXCLUINDO TAMPÃO. AF_12/2020_PA","UN","ATRIBUÍDO SÃO PAULO",12424.35,"CAIXA REFERENCIAL"]
["DRENAGEM/OBRAS DE CONTENCAO/POCOS DE VISITA E CAIXAS","DROP","POCOS DE VISITA/BOCAS DE LOBO/CX. DE PASSAGEM/CX. DIVERSAS","0036","","",98041,"ACRÉSCIMO PARA POÇO DE VISITA RETANGULAR PARA ESGOTO, EM ALVENARIA COM BLOCOS DE CONCRETO, DIMENSÕES INTERNAS = 3X3,5 M. AF_12/2020","M","COEFICIENTE DE REPRESENTATIVIDADE",3547.13,"CAIXA REFERENCIAL"]
["DRENAGEM/OBRAS DE CONTENCAO/POCOS DE VISITA E CAIXAS","DROP","POCOS DE VISITA/BOCAS DE LOBO/CX. DE PASSAGEM/CX. DIVERSAS","0036","","",98042,"BASE PARA POÇO DE VISITA RETANGULAR PARA ESGOTO, EM ALVENARIA COM BLOCOS DE CONCRETO, DIMENSÕES INTERNAS = 3X4 M, PROFUNDIDADE = 1,40 M, EXCLUINDO TAMPÃO. AF_12/2020_PA","UN","ATRIBUÍDO SÃO PAULO",13863.59,"CAIXA REFERENCIAL"]
["DRENAGEM/OBRAS DE CONTENCAO/POCOS DE VISITA E CAIXAS","DROP","POCOS DE VISITA/BOCAS DE LOBO/CX. DE PASSAGEM/CX. DIVERSAS","0036","","",98043,"ACRÉSCIMO PARA POÇO DE VISITA RETANGULAR PARA ESGOTO, EM ALVENARIA COM BLOCOS DE CONCRETO, DIMENSÕES INTERNAS = 3X4 M. AF_12/2020","M","COEFICIENTE DE REPRESENTATIVIDADE",3800.67,"CAIXA REFERENCIAL"]
["DRENAGEM/OBRAS DE CONTENCAO/POCOS DE VISITA E CAIXAS","DROP","POCOS DE VISITA/BOCAS DE LOBO/CX. DE PASSAGEM/CX. DIVERSAS","0036","","",98044,"BASE PARA POÇO DE VISITA RETANGULAR PARA ESGOTO, EM ALVENARIA COM BLOCOS DE CONCRETO, DIMENSÕES INTERNAS = 3,5X3,5 M, PROFUNDIDADE = 1,40 M, EXCLUINDO TAMPÃO. AF_12/2020_PA","UN","ATRIBUÍDO SÃO PAULO",14094.33,"CAIXA REFERENCIAL"]
["DRENAGEM/OBRAS DE CONTENCAO/POCOS DE VISITA E CAIXAS","DROP","POCOS DE VISITA/BOCAS DE LOBO/CX. DE PASSAGEM/CX. DIVERSAS","0036","","",98045,"ACRÉSCIMO PARA POÇO DE VISITA RETANGULAR PARA ESGOTO, EM ALVENARIA COM BLOCOS DE CONCRETO, DIMENSÕES INTERNAS = 3,5X3,5 M. AF_12/2020","M","COEFICIENTE DE REPRESENTATIVIDADE",3800.67,"CAIXA REFERENCIAL"]
["DRENAGEM/OBRAS DE CONTENCAO/POCOS DE VISITA E CAIXAS","DROP","POCOS DE VISITA/BOCAS DE LOBO/CX. DE PASSAGEM/CX. DIVERSAS","0036","","",98046,"BASE PARA POÇO DE VISITA RETANGULAR PARA ESGOTO, EM ALVENARIA COM BLOCOS DE CONCRETO, DIMENSÕES INTERNAS = 3,5X4 M, PROFUNDIDADE = 1,40 M, EXCLUINDO TAMPÃO. AF_12/2020_PA","UN","ATRIBUÍDO SÃO PAULO",15721.54,"CAIXA REFERENCIAL"]
["DRENAGEM/OBRAS DE CONTENCAO/POCOS DE VISITA E CAIXAS","DROP","POCOS DE VISITA/BOCAS DE LOBO/CX. DE PASSAGEM/CX. DIVERSAS","0036","","",98047,"ACRÉSCIMO PARA POÇO DE VISITA RETANGULAR PARA ESGOTO, EM ALVENARIA COM BLOCOS DE CONCRETO, DIMENSÕES INTERNAS = 3,5X4 M. AF_12/2020","M","COEFICIENTE DE REPRESENTATIVIDADE",4054.16,"CAIXA REFERENCIAL"]
["DRENAGEM/OBRAS DE CONTENCAO/POCOS DE VISITA E CAIXAS","DROP","POCOS DE VISITA/BOCAS DE LOBO/CX. DE PASSAGEM/CX. DIVERSAS","0036","","",98048,"BASE PARA POÇO DE VISITA RETANGULAR PARA ESGOTO, EM ALVENARIA COM BLOCOS DE CONCRETO, DIMENSÕES INTERNAS = 4X4 M, PROFUNDIDADE = 1,45 M, EXCLUINDO TAMPÃO. AF_12/2020_PA","UN","ATRIBUÍDO SÃO PAULO",17579.59,"CAIXA REFERENCIAL"]
["DRENAGEM/OBRAS DE CONTENCAO/POCOS DE VISITA E CAIXAS","DROP","POCOS DE VISITA/BOCAS DE LOBO/CX. DE PASSAGEM/CX. DIVERSAS","0036","","",98049,"ACRÉSCIMO PARA POÇO DE VISITA RETANGULAR PARA ESGOTO, EM ALVENARIA COM BLOCOS DE CONCRETO, DIMENSÕES INTERNAS = 4X4 M. AF_12/2020","M","COEFICIENTE DE REPRESENTATIVIDADE",4259.57,"CAIXA REFERENCIAL"]
["DRENAGEM/OBRAS DE CONTENCAO/POCOS DE VISITA E CAIXAS","DROP","POCOS DE VISITA/BOCAS DE LOBO/CX. DE PASSAGEM/CX. DIVERSAS","0036","","",98050,"CHAMINÉ CIRCULAR PARA POÇO DE VISITA PARA ESGOTO, EM CONCRETO PRÉ-MOLDADO, DIÂMETRO INTERNO = 0,6 M. AF_12/2020","M","COEFICIENTE DE REPRESENTATIVIDADE",235.58,"CAIXA REFERENCIAL"]
["DRENAGEM/OBRAS DE CONTENCAO/POCOS DE VISITA E CAIXAS","DROP","POCOS DE VISITA/BOCAS DE LOBO/CX. DE PASSAGEM/CX. DIVERSAS","0036","","",98051,"CHAMINÉ CIRCULAR PARA POÇO DE VISITA PARA ESGOTO, EM ALVENARIA COM TIJOLOS CERÂMICOS MACIÇOS, DIÂMETRO INTERNO = 0,6 M. AF_12/2020","M","COEFICIENTE DE REPRESENTATIVIDADE",881.1,"CAIXA REFERENCIAL"]
["DRENAGEM/OBRAS DE CONTENCAO/POCOS DE VISITA E CAIXAS","DROP","POCOS DE VISITA/BOCAS DE LOBO/CX. DE PASSAGEM/CX. DIVERSAS","0036","","",98405,"BASE PARA POÇO DE VISITA CIRCULAR PARA  ESGOTO, EM ALVENARIA COM TIJOLOS CERÂMICOS MACIÇOS, DIÂMETRO INTERNO = 1,0 M, PROFUNDIDADE = 1,40 M, EXCLUINDO TAMPÃO. AF_12/2020_PA","UN","ATRIBUÍDO SÃO PAULO",2410.61,"CAIXA REFERENCIAL"]
["DRENAGEM/OBRAS DE CONTENCAO/POCOS DE VISITA E CAIXAS","DROP","POCOS DE VISITA/BOCAS DE LOBO/CX. DE PASSAGEM/CX. DIVERSAS","0036","","",98406,"BASE PARA POÇO DE VISITA RETANGULAR PARA ESGOTO, EM ALVENARIA COM BLOCOS DE CONCRETO, DIMENSÕES INTERNAS = 1X3,5 M, PROFUNDIDADE = 1,40 M, EXCLUINDO TAMPÃO. AF_12/2020_PA","UN","ATRIBUÍDO SÃO PAULO",6003.84,"CAIXA REFERENCIAL"]
["DRENAGEM/OBRAS DE CONTENCAO/POCOS DE VISITA E CAIXAS","DROP","POCOS DE VISITA/BOCAS DE LOBO/CX. DE PASSAGEM/CX. DIVERSAS","0036","","",98407,"BASE PARA POÇO DE VISITA RETANGULAR PARA ESGOTO, EM ALVENARIA COM BLOCOS DE CONCRETO, DIMENSÕES INTERNAS = 1X2 M, PROFUNDIDADE = 1,40 M, EXCLUINDO TAMPÃO. AF_12/2020_PA","UN","ATRIBUÍDO SÃO PAULO",3919.03,"CAIXA REFERENCIAL"]
["DRENAGEM/OBRAS DE CONTENCAO/POCOS DE VISITA E CAIXAS","DROP","POCOS DE VISITA/BOCAS DE LOBO/CX. DE PASSAGEM/CX. DIVERSAS","0036","","",98408,"BASE PARA POÇO DE VISITA RETANGULAR PARA ESGOTO, EM ALVENARIA COM BLOCOS DE CONCRETO, DIMENSÕES INTERNAS = 1X2,5 M, PROFUNDIDADE = 1,40 M, EXCLUINDO TAMPÃO. AF_12/2020_PA","UN","ATRIBUÍDO SÃO PAULO",4601.8999999999996,"CAIXA REFERENCIAL"]
["DRENAGEM/OBRAS DE CONTENCAO/POCOS DE VISITA E CAIXAS","DROP","POCOS DE VISITA/BOCAS DE LOBO/CX. DE PASSAGEM/CX. DIVERSAS","0036","","",98409,"ACRÉSCIMO PARA POÇO DE VISITA CIRCULAR PARA ESGOTO, EM CONCRETO PRÉ-MOLDADO, DIÂMETRO INTERNO = 0,8 M. AF_12/2020","M","COEFICIENTE DE REPRESENTATIVIDADE",326.45999999999998,"CAIXA REFERENCIAL"]
["DRENAGEM/OBRAS DE CONTENCAO/POCOS DE VISITA E CAIXAS","DROP","POCOS DE VISITA/BOCAS DE LOBO/CX. DE PASSAGEM/CX. DIVERSAS","0036","","",98410,"BASE PARA POÇO DE VISITA CIRCULAR PARA ESGOTO, EM CONCRETO PRÉ-MOLDADO, DIÂMETRO INTERNO = 1,0 M, PROFUNDIDADE = 1,35 M, EXCLUINDO TAMPÃO. AF_12/2020_PA","UN","ATRIBUÍDO SÃO PAULO",1103.97,"CAIXA REFERENCIAL"]
["DRENAGEM/OBRAS DE CONTENCAO/POCOS DE VISITA E CAIXAS","DROP","POCOS DE VISITA/BOCAS DE LOBO/CX. DE PASSAGEM/CX. DIVERSAS","0036","","",99240,"ACRÉSCIMO PARA POÇO DE VISITA CIRCULAR PARA DRENAGEM, EM CONCRETO PRÉ-MOLDADO, DIÂMETRO INTERNO = 1,2 M. AF_12/2020","M","COEFICIENTE DE REPRESENTATIVIDADE",563.51,"CAIXA REFERENCIAL"]
["DRENAGEM/OBRAS DE CONTENCAO/POCOS DE VISITA E CAIXAS","DROP","POCOS DE VISITA/BOCAS DE LOBO/CX. DE PASSAGEM/CX. DIVERSAS","0036","","",99241,"ACRÉSCIMO PARA POÇO DE VISITA RETANGULAR PARA DRENAGEM, EM ALVENARIA COM BLOCOS DE CONCRETO, DIMENSÕES INTERNAS = 1,5X1,5 M. AF_12/2020","M","COEFICIENTE DE REPRESENTATIVIDADE",1692.87,"CAIXA REFERENCIAL"]
["DRENAGEM/OBRAS DE CONTENCAO/POCOS DE VISITA E CAIXAS","DROP","POCOS DE VISITA/BOCAS DE LOBO/CX. DE PASSAGEM/CX. DIVERSAS","0036","","",99242,"BASE PARA POÇO DE VISITA CIRCULAR PARA DRENAGEM, EM ALVENARIA COM TIJOLOS CERÂMICOS MACIÇOS, DIÂMETRO INTERNO = 1,2 M, PROFUNDIDADE = 1,40 M, EXCLUINDO TAMPÃO. AF_12/2020_PA","UN","ATRIBUÍDO SÃO PAULO",2758.17,"CAIXA REFERENCIAL"]
["DRENAGEM/OBRAS DE CONTENCAO/POCOS DE VISITA E CAIXAS","DROP","POCOS DE VISITA/BOCAS DE LOBO/CX. DE PASSAGEM/CX. DIVERSAS","0036","","",99243,"ACRÉSCIMO PARA POÇO DE VISITA CIRCULAR PARA DRENAGEM, EM ALVENARIA COM TIJOLOS CERÂMICOS MACIÇOS, DIÂMETRO INTERNO = 1,2 M. AF_12/2020","M","COEFICIENTE DE REPRESENTATIVIDADE",1423.47,"CAIXA REFERENCIAL"]
["DRENAGEM/OBRAS DE CONTENCAO/POCOS DE VISITA E CAIXAS","DROP","POCOS DE VISITA/BOCAS DE LOBO/CX. DE PASSAGEM/CX. DIVERSAS","0036","","",99244,"BASE PARA POÇO DE VISITA RETANGULAR PARA DRENAGEM, EM ALVENARIA COM BLOCOS DE CONCRETO, DIMENSÕES INTERNAS = 1,5X2 M, PROFUNDIDADE = 1,40 M, EXCLUINDO TAMPÃO. AF_12/2020_PA","UN","ATRIBUÍDO SÃO PAULO",4774.93,"CAIXA REFERENCIAL"]
["DRENAGEM/OBRAS DE CONTENCAO/POCOS DE VISITA E CAIXAS","DROP","POCOS DE VISITA/BOCAS DE LOBO/CX. DE PASSAGEM/CX. DIVERSAS","0036","","",99246,"ACRÉSCIMO PARA POÇO DE VISITA CIRCULAR PARA DRENAGEM, EM CONCRETO PRÉ-MOLDADO, DIÂMETRO INTERNO = 1,5 M. AF_12/2020","M","COEFICIENTE DE REPRESENTATIVIDADE",770.49,"CAIXA REFERENCIAL"]
["DRENAGEM/OBRAS DE CONTENCAO/POCOS DE VISITA E CAIXAS","DROP","POCOS DE VISITA/BOCAS DE LOBO/CX. DE PASSAGEM/CX. DIVERSAS","0036","","",99247,"ACRÉSCIMO PARA POÇO DE VISITA RETANGULAR PARA DRENAGEM, EM ALVENARIA COM BLOCOS DE CONCRETO, DIMENSÕES INTERNAS = 1,5X2 M. AF_12/2020","M","COEFICIENTE DE REPRESENTATIVIDADE",1929.56,"CAIXA REFERENCIAL"]
["DRENAGEM/OBRAS DE CONTENCAO/POCOS DE VISITA E CAIXAS","DROP","POCOS DE VISITA/BOCAS DE LOBO/CX. DE PASSAGEM/CX. DIVERSAS","0036","","",99248,"BASE PARA POÇO DE VISITA CIRCULAR PARA DRENAGEM, EM ALVENARIA COM TIJOLOS CERÂMICOS MACIÇOS, DIÂMETRO INTERNO = 1,50 M, PROFUNDIDADE = 1,40 M, EXCLUINDO TAMPÃO. AF_12/2020_PA","UN","ATRIBUÍDO SÃO PAULO",3541.6,"CAIXA REFERENCIAL"]
["DRENAGEM/OBRAS DE CONTENCAO/POCOS DE VISITA E CAIXAS","DROP","POCOS DE VISITA/BOCAS DE LOBO/CX. DE PASSAGEM/CX. DIVERSAS","0036","","",99249,"ACRÉSCIMO PARA POÇO DE VISITA CIRCULAR PARA DRENAGEM, EM ALVENARIA COM TIJOLOS CERÂMICOS MACIÇOS, DIÂMETRO INTERNO = 1,5 M. AF_12/2020","M","COEFICIENTE DE REPRESENTATIVIDADE",1734.78,"CAIXA REFERENCIAL"]
["DRENAGEM/OBRAS DE CONTENCAO/POCOS DE VISITA E CAIXAS","DROP","POCOS DE VISITA/BOCAS DE LOBO/CX. DE PASSAGEM/CX. DIVERSAS","0036","","",99252,"BASE PARA POÇO DE VISITA RETANGULAR PARA DRENAGEM, EM ALVENARIA COM BLOCOS DE CONCRETO, DIMENSÕES INTERNAS = 1X1 M, PROFUNDIDADE = 1,40 M, EXCLUINDO TAMPÃO. AF_12/2020_PA","UN","ATRIBUÍDO SÃO PAULO",2484.52,"CAIXA REFERENCIAL"]
["DRENAGEM/OBRAS DE CONTENCAO/POCOS DE VISITA E CAIXAS","DROP","POCOS DE VISITA/BOCAS DE LOBO/CX. DE PASSAGEM/CX. DIVERSAS","0036","","",99254,"ACRÉSCIMO PARA POÇO DE VISITA RETANGULAR PARA DRENAGEM, EM ALVENARIA COM BLOCOS DE CONCRETO, DIMENSÕES INTERNAS = 1X1 M. AF_12/2020","M","COEFICIENTE DE REPRESENTATIVIDADE",1219.4100000000001,"CAIXA REFERENCIAL"]
["DRENAGEM/OBRAS DE CONTENCAO/POCOS DE VISITA E CAIXAS","DROP","POCOS DE VISITA/BOCAS DE LOBO/CX. DE PASSAGEM/CX. DIVERSAS","0036","","",99256,"BASE PARA POÇO DE VISITA RETANGULAR PARA DRENAGEM, EM ALVENARIA COM BLOCOS DE CONCRETO, DIMENSÕES INTERNAS = 1,5X2,5 M, PROFUNDIDADE = 1,40 M, EXCLUINDO TAMPÃO. AF_12/2020_PA","UN","ATRIBUÍDO SÃO PAULO",5615.51,"CAIXA REFERENCIAL"]
["DRENAGEM/OBRAS DE CONTENCAO/POCOS DE VISITA E CAIXAS","DROP","POCOS DE VISITA/BOCAS DE LOBO/CX. DE PASSAGEM/CX. DIVERSAS","0036","","",99259,"BASE PARA POÇO DE VISITA RETANGULAR PARA DRENAGEM, EM ALVENARIA COM BLOCOS DE CONCRETO, DIMENSÕES INTERNAS = 1X1,5 M, PROFUNDIDADE = 1,40 M, EXCLUINDO TAMPÃO. AF_12/2020_PA","UN","ATRIBUÍDO SÃO PAULO",3148.44,"CAIXA REFERENCIAL"]
["DRENAGEM/OBRAS DE CONTENCAO/POCOS DE VISITA E CAIXAS","DROP","POCOS DE VISITA/BOCAS DE LOBO/CX. DE PASSAGEM/CX. DIVERSAS","0036","","",99261,"ACRÉSCIMO PARA POÇO DE VISITA RETANGULAR PARA DRENAGEM, EM ALVENARIA COM BLOCOS DE CONCRETO, DIMENSÕES INTERNAS = 1X1,5 M. AF_12/2020","M","COEFICIENTE DE REPRESENTATIVIDADE",1456.11,"CAIXA REFERENCIAL"]
["DRENAGEM/OBRAS DE CONTENCAO/POCOS DE VISITA E CAIXAS","DROP","POCOS DE VISITA/BOCAS DE LOBO/CX. DE PASSAGEM/CX. DIVERSAS","0036","","",99263,"ACRÉSCIMO PARA POÇO DE VISITA RETANGULAR PARA DRENAGEM, EM ALVENARIA COM BLOCOS DE CONCRETO, DIMENSÕES INTERNAS = 1,5X2,5 M. AF_12/2020","M","COEFICIENTE DE REPRESENTATIVIDADE",2166.31,"CAIXA REFERENCIAL"]
["DRENAGEM/OBRAS DE CONTENCAO/POCOS DE VISITA E CAIXAS","DROP","POCOS DE VISITA/BOCAS DE LOBO/CX. DE PASSAGEM/CX. DIVERSAS","0036","","",99265,"BASE PARA POÇO DE VISITA RETANGULAR PARA DRENAGEM, EM ALVENARIA COM BLOCOS DE CONCRETO, DIMENSÕES INTERNAS = 1X2 M, PROFUNDIDADE = 1,40 M, EXCLUINDO TAMPÃO. AF_12/2020_PA","UN","ATRIBUÍDO SÃO PAULO",3812.28,"CAIXA REFERENCIAL"]
["DRENAGEM/OBRAS DE CONTENCAO/POCOS DE VISITA E CAIXAS","DROP","POCOS DE VISITA/BOCAS DE LOBO/CX. DE PASSAGEM/CX. DIVERSAS","0036","","",99266,"ACRÉSCIMO PARA POÇO DE VISITA RETANGULAR PARA DRENAGEM, EM ALVENARIA COM BLOCOS DE CONCRETO, DIMENSÕES INTERNAS = 1X2 M. AF_12/2020","M","COEFICIENTE DE REPRESENTATIVIDADE",1692.87,"CAIXA REFERENCIAL"]
["DRENAGEM/OBRAS DE CONTENCAO/POCOS DE VISITA E CAIXAS","DROP","POCOS DE VISITA/BOCAS DE LOBO/CX. DE PASSAGEM/CX. DIVERSAS","0036","","",99267,"BASE PARA POÇO DE VISITA RETANGULAR PARA DRENAGEM, EM ALVENARIA COM BLOCOS DE CONCRETO, DIMENSÕES INTERNAS = 1X2,5 M, PROFUNDIDADE = 1,40 M, EXCLUINDO TAMPÃO. AF_12/2020_PA","UN","ATRIBUÍDO SÃO PAULO",4476.16,"CAIXA REFERENCIAL"]
["DRENAGEM/OBRAS DE CONTENCAO/POCOS DE VISITA E CAIXAS","DROP","POCOS DE VISITA/BOCAS DE LOBO/CX. DE PASSAGEM/CX. DIVERSAS","0036","","",99268,"POÇO DE INSPEÇÃO CIRCULAR PARA DRENAGEM, EM CONCRETO PRÉ-MOLDADO, DIÂMETRO INTERNO = 0,60 M, PROFUNDIDADE = 0,90 M, EXCLUINDO TAMPÃO. AF_12/2020_PA","UN","ATRIBUÍDO SÃO PAULO",412.63,"CAIXA REFERENCIAL"]
["DRENAGEM/OBRAS DE CONTENCAO/POCOS DE VISITA E CAIXAS","DROP","POCOS DE VISITA/BOCAS DE LOBO/CX. DE PASSAGEM/CX. DIVERSAS","0036","","",99269,"ACRÉSCIMO PARA POÇO DE VISITA RETANGULAR PARA DRENAGEM, EM ALVENARIA COM BLOCOS DE CONCRETO, DIMENSÕES INTERNAS = 1X2,5 M. AF_12/2020","M","COEFICIENTE DE REPRESENTATIVIDADE",1929.56,"CAIXA REFERENCIAL"]
["DRENAGEM/OBRAS DE CONTENCAO/POCOS DE VISITA E CAIXAS","DROP","POCOS DE VISITA/BOCAS DE LOBO/CX. DE PASSAGEM/CX. DIVERSAS","0036","","",99270,"POÇO DE INSPEÇÃO CIRCULAR PARA DRENAGEM, EM CONCRETO PRÉ-MOLDADO, DIÂMETRO INTERNO = 0,60 M, PROFUNDIDADE = 1,40 M, EXCLUINDO TAMPÃO. AF_12/2020_PA","UN","ATRIBUÍDO SÃO PAULO",533.52,"CAIXA REFERENCIAL"]
["DRENAGEM/OBRAS DE CONTENCAO/POCOS DE VISITA E CAIXAS","DROP","POCOS DE VISITA/BOCAS DE LOBO/CX. DE PASSAGEM/CX. DIVERSAS","0036","","",99271,"BASE PARA POÇO DE VISITA RETANGULAR PARA DRENAGEM, EM ALVENARIA COM BLOCOS DE CONCRETO, DIMENSÕES INTERNAS = 1,5X3 M, PROFUNDIDADE = 1,40 M, EXCLUINDO TAMPÃO. AF_12/2020_PA","UN","ATRIBUÍDO SÃO PAULO",6455.96,"CAIXA REFERENCIAL"]
["DRENAGEM/OBRAS DE CONTENCAO/POCOS DE VISITA E CAIXAS","DROP","POCOS DE VISITA/BOCAS DE LOBO/CX. DE PASSAGEM/CX. DIVERSAS","0036","","",99272,"POÇO DE INSPEÇÃO CIRCULAR PARA DRENAGEM, EM ALVENARIA COM TIJOLOS CERÂMICOS MACIÇOS, DIÂMETRO INTERNO = 0,60 M, PROFUNDIDADE = 0,95 M, EXCLUINDO TAMPÃO. AF_12/2020_PA","UN","ATRIBUÍDO SÃO PAULO",1012.66,"CAIXA REFERENCIAL"]
["DRENAGEM/OBRAS DE CONTENCAO/POCOS DE VISITA E CAIXAS","DROP","POCOS DE VISITA/BOCAS DE LOBO/CX. DE PASSAGEM/CX. DIVERSAS","0036","","",99273,"POÇO DE INSPEÇÃO CIRCULAR PARA DRENAGEM, EM ALVENARIA COM TIJOLOS CERÂMICOS MACIÇOS, DIÂMETRO INTERNO = 0,60 M, PROFUNDIDADE = 1,45 M, EXCLUINDO TAMPÃO. AF_12/2020_PA","UN","ATRIBUÍDO SÃO PAULO",1417.6,"CAIXA REFERENCIAL"]
["DRENAGEM/OBRAS DE CONTENCAO/POCOS DE VISITA E CAIXAS","DROP","POCOS DE VISITA/BOCAS DE LOBO/CX. DE PASSAGEM/CX. DIVERSAS","0036","","",99274,"BASE PARA POÇO DE VISITA RETANGULAR PARA DRENAGEM, EM ALVENARIA COM BLOCOS DE CONCRETO, DIMENSÕES INTERNAS = 1X3 M, PROFUNDIDADE = 1,40 M, EXCLUINDO TAMPÃO. AF_12/2020_PA","UN","ATRIBUÍDO SÃO PAULO",5172.26,"CAIXA REFERENCIAL"]
["DRENAGEM/OBRAS DE CONTENCAO/POCOS DE VISITA E CAIXAS","DROP","POCOS DE VISITA/BOCAS DE LOBO/CX. DE PASSAGEM/CX. DIVERSAS","0036","","",99275,"BASE PARA POÇO DE VISITA CIRCULAR PARA DRENAGEM, EM CONCRETO PRÉ-MOLDADO, DIÂMETRO INTERNO = 0,80 M, PROFUNDIDADE = 1,35 M, EXCLUINDO TAMPÃO. AF_12/2020_PA","UN","ATRIBUÍDO SÃO PAULO",846.52,"CAIXA REFERENCIAL"]
["DRENAGEM/OBRAS DE CONTENCAO/POCOS DE VISITA E CAIXAS","DROP","POCOS DE VISITA/BOCAS DE LOBO/CX. DE PASSAGEM/CX. DIVERSAS","0036","","",99276,"ACRÉSCIMO PARA POÇO DE VISITA RETANGULAR PARA DRENAGEM, EM ALVENARIA COM BLOCOS DE CONCRETO, DIMENSÕES INTERNAS = 1,5X3 M. AF_12/2020","M","COEFICIENTE DE REPRESENTATIVIDADE",2403.0500000000002,"CAIXA REFERENCIAL"]
["DRENAGEM/OBRAS DE CONTENCAO/POCOS DE VISITA E CAIXAS","DROP","POCOS DE VISITA/BOCAS DE LOBO/CX. DE PASSAGEM/CX. DIVERSAS","0036","","",99277,"ACRÉSCIMO PARA POÇO DE VISITA RETANGULAR PARA DRENAGEM, EM ALVENARIA COM BLOCOS DE CONCRETO, DIMENSÕES INTERNAS = 1X3 M. AF_12/2020","M","COEFICIENTE DE REPRESENTATIVIDADE",2166.31,"CAIXA REFERENCIAL"]
["DRENAGEM/OBRAS DE CONTENCAO/POCOS DE VISITA E CAIXAS","DROP","POCOS DE VISITA/BOCAS DE LOBO/CX. DE PASSAGEM/CX. DIVERSAS","0036","","",99278,"ACRÉSCIMO PARA POÇO DE VISITA CIRCULAR PARA DRENAGEM, EM CONCRETO PRÉ-MOLDADO, DIÂMETRO INTERNO = 0,8 M. AF_12/2020","M","COEFICIENTE DE REPRESENTATIVIDADE",324.12,"CAIXA REFERENCIAL"]
["DRENAGEM/OBRAS DE CONTENCAO/POCOS DE VISITA E CAIXAS","DROP","POCOS DE VISITA/BOCAS DE LOBO/CX. DE PASSAGEM/CX. DIVERSAS","0036","","",99279,"BASE PARA POÇO DE VISITA RETANGULAR PARA DRENAGEM, EM ALVENARIA COM BLOCOS DE CONCRETO, DIMENSÕES INTERNAS = 1X3,5 M, PROFUNDIDADE = 1,40 M, EXCLUINDO TAMPÃO. AF_12/2020_PA","UN","ATRIBUÍDO SÃO PAULO",5840.14,"CAIXA REFERENCIAL"]
["DRENAGEM/OBRAS DE CONTENCAO/POCOS DE VISITA E CAIXAS","DROP","POCOS DE VISITA/BOCAS DE LOBO/CX. DE PASSAGEM/CX. DIVERSAS","0036","","",99280,"BASE PARA POÇO DE VISITA CIRCULAR PARA DRENAGEM, EM ALVENARIA COM TIJOLOS CERÂMICOS MACIÇOS, DIÂMETRO INTERNO = 0,80 M, PROFUNDIDADE = 1,40 M, EXCLUINDO TAMPÃO. AF_12/2020_PA","UN","ATRIBUÍDO SÃO PAULO",1869.59,"CAIXA REFERENCIAL"]
["DRENAGEM/OBRAS DE CONTENCAO/POCOS DE VISITA E CAIXAS","DROP","POCOS DE VISITA/BOCAS DE LOBO/CX. DE PASSAGEM/CX. DIVERSAS","0036","","",99281,"ACRÉSCIMO PARA POÇO DE VISITA RETANGULAR PARA DRENAGEM, EM ALVENARIA COM BLOCOS DE CONCRETO, DIMENSÕES INTERNAS = 1X3,5 M. AF_12/2020","M","COEFICIENTE DE REPRESENTATIVIDADE",2403.0500000000002,"CAIXA REFERENCIAL"]
["DRENAGEM/OBRAS DE CONTENCAO/POCOS DE VISITA E CAIXAS","DROP","POCOS DE VISITA/BOCAS DE LOBO/CX. DE PASSAGEM/CX. DIVERSAS","0036","","",99282,"ACRÉSCIMO PARA POÇO DE VISITA RETANGULAR PARA DRENAGEM, EM ALVENARIA COM BLOCOS DE CONCRETO, DIMENSÕES INTERNAS = 2,5X2,5 M. AF_12/2020","M","COEFICIENTE DE REPRESENTATIVIDADE",2663.94,"CAIXA REFERENCIAL"]
["DRENAGEM/OBRAS DE CONTENCAO/POCOS DE VISITA E CAIXAS","DROP","POCOS DE VISITA/BOCAS DE LOBO/CX. DE PASSAGEM/CX. DIVERSAS","0036","","",99283,"ACRÉSCIMO PARA POÇO DE VISITA CIRCULAR PARA DRENAGEM, EM ALVENARIA COM TIJOLOS CERÂMICOS MACIÇOS, DIÂMETRO INTERNO = 0,8 M. AF_12/2020","M","COEFICIENTE DE REPRESENTATIVIDADE",1008.48,"CAIXA REFERENCIAL"]
["DRENAGEM/OBRAS DE CONTENCAO/POCOS DE VISITA E CAIXAS","DROP","POCOS DE VISITA/BOCAS DE LOBO/CX. DE PASSAGEM/CX. DIVERSAS","0036","","",99284,"BASE PARA POÇO DE VISITA RETANGULAR PARA DRENAGEM, EM ALVENARIA COM BLOCOS DE CONCRETO, DIMENSÕES INTERNAS = 1,5X3,5 M, PROFUNDIDADE = 1,40 M, EXCLUINDO TAMPÃO. AF_12/2020_PA","UN","ATRIBUÍDO SÃO PAULO",7296.61,"CAIXA REFERENCIAL"]
["DRENAGEM/OBRAS DE CONTENCAO/POCOS DE VISITA E CAIXAS","DROP","POCOS DE VISITA/BOCAS DE LOBO/CX. DE PASSAGEM/CX. DIVERSAS","0036","","",99285,"BASE PARA POÇO DE VISITA CIRCULAR PARA DRENAGEM, EM CONCRETO PRÉ-MOLDADO, DIÂMETRO INTERNO = 1,0 M, PROFUNDIDADE = 1,35 M, EXCLUINDO TAMPÃO. AF_05/2018_PA","UN","ATRIBUÍDO SÃO PAULO",1173.5899999999999,"CAIXA REFERENCIAL"]
["DRENAGEM/OBRAS DE CONTENCAO/POCOS DE VISITA E CAIXAS","DROP","POCOS DE VISITA/BOCAS DE LOBO/CX. DE PASSAGEM/CX. DIVERSAS","0036","","",99286,"BASE PARA POÇO DE VISITA RETANGULAR PARA DRENAGEM, EM ALVENARIA COM BLOCOS DE CONCRETO, DIMENSÕES INTERNAS = 1X4 M, PROFUNDIDADE = 1,40 M, EXCLUINDO TAMPÃO. AF_12/2020_PA","UN","ATRIBUÍDO SÃO PAULO",6508.16,"CAIXA REFERENCIAL"]
["DRENAGEM/OBRAS DE CONTENCAO/POCOS DE VISITA E CAIXAS","DROP","POCOS DE VISITA/BOCAS DE LOBO/CX. DE PASSAGEM/CX. DIVERSAS","0036","","",99287,"BASE PARA POÇO DE VISITA RETANGULAR PARA DRENAGEM, EM ALVENARIA COM BLOCOS DE CONCRETO, DIMENSÕES INTERNAS = 2,5X3 M, PROFUNDIDADE = 1,40 M, EXCLUINDO TAMPÃO. AF_12/2020_PA","UN","ATRIBUÍDO SÃO PAULO",9244.51,"CAIXA REFERENCIAL"]
["DRENAGEM/OBRAS DE CONTENCAO/POCOS DE VISITA E CAIXAS","DROP","POCOS DE VISITA/BOCAS DE LOBO/CX. DE PASSAGEM/CX. DIVERSAS","0036","","",99288,"ACRÉSCIMO PARA POÇO DE VISITA CIRCULAR PARA DRENAGEM, EM CONCRETO PRÉ-MOLDADO, DIÂMETRO INTERNO = 1 M. AF_12/2020","M","COEFICIENTE DE REPRESENTATIVIDADE",425.66,"CAIXA REFERENCIAL"]
["DRENAGEM/OBRAS DE CONTENCAO/POCOS DE VISITA E CAIXAS","DROP","POCOS DE VISITA/BOCAS DE LOBO/CX. DE PASSAGEM/CX. DIVERSAS","0036","","",99289,"ACRÉSCIMO PARA POÇO DE VISITA RETANGULAR PARA DRENAGEM, EM ALVENARIA COM BLOCOS DE CONCRETO, DIMENSÕES INTERNAS = 1X4 M. AF_12/2020","M","COEFICIENTE DE REPRESENTATIVIDADE",2639.74,"CAIXA REFERENCIAL"]
["DRENAGEM/OBRAS DE CONTENCAO/POCOS DE VISITA E CAIXAS","DROP","POCOS DE VISITA/BOCAS DE LOBO/CX. DE PASSAGEM/CX. DIVERSAS","0036","","",99290,"BASE PARA POÇO DE VISITA RETANGULAR PARA DRENAGEM, EM ALVENARIA COM BLOCOS DE CONCRETO, DIMENSÕES INTERNAS = 1,5X1,5 M, PROFUNDIDADE = 1,40 M, EXCLUINDO TAMPÃO. AF_12/2020_PA","UN","ATRIBUÍDO SÃO PAULO",3908.88,"CAIXA REFERENCIAL"]
["DRENAGEM/OBRAS DE CONTENCAO/POCOS DE VISITA E CAIXAS","DROP","POCOS DE VISITA/BOCAS DE LOBO/CX. DE PASSAGEM/CX. DIVERSAS","0036","","",99291,"ACRÉSCIMO PARA POÇO DE VISITA RETANGULAR PARA DRENAGEM, EM ALVENARIA COM BLOCOS DE CONCRETO, DIMENSÕES INTERNAS = 1,5X3,5 M. AF_12/2020","M","COEFICIENTE DE REPRESENTATIVIDADE",2639.74,"CAIXA REFERENCIAL"]
["DRENAGEM/OBRAS DE CONTENCAO/POCOS DE VISITA E CAIXAS","DROP","POCOS DE VISITA/BOCAS DE LOBO/CX. DE PASSAGEM/CX. DIVERSAS","0036","","",99292,"BASE PARA POÇO DE VISITA CIRCULAR PARA DRENAGEM, EM ALVENARIA COM TIJOLOS CERÂMICOS MACIÇOS, DIÂMETRO INTERNO = 1,0 M, PROFUNDIDADE = 1,40 M, EXCLUINDO TAMPÃO. AF_12/2020_PA","UN","ATRIBUÍDO SÃO PAULO",2311.85,"CAIXA REFERENCIAL"]
["DRENAGEM/OBRAS DE CONTENCAO/POCOS DE VISITA E CAIXAS","DROP","POCOS DE VISITA/BOCAS DE LOBO/CX. DE PASSAGEM/CX. DIVERSAS","0036","","",99293,"ACRÉSCIMO PARA POÇO DE VISITA CIRCULAR PARA DRENAGEM, EM ALVENARIA COM TIJOLOS CERÂMICOS MACIÇOS, DIÂMETRO INTERNO = 1 M. AF_12/2020","M","COEFICIENTE DE REPRESENTATIVIDADE",1216,"CAIXA REFERENCIAL"]
["DRENAGEM/OBRAS DE CONTENCAO/POCOS DE VISITA E CAIXAS","DROP","POCOS DE VISITA/BOCAS DE LOBO/CX. DE PASSAGEM/CX. DIVERSAS","0036","","",99294,"BASE PARA POÇO DE VISITA RETANGULAR PARA DRENAGEM, EM ALVENARIA COM BLOCOS DE CONCRETO, DIMENSÕES INTERNAS = 1,5X4 M, PROFUNDIDADE = 1,40 M, EXCLUINDO TAMPÃO. AF_12/2020_PA","UN","ATRIBUÍDO SÃO PAULO",8137.12,"CAIXA REFERENCIAL"]
["DRENAGEM/OBRAS DE CONTENCAO/POCOS DE VISITA E CAIXAS","DROP","POCOS DE VISITA/BOCAS DE LOBO/CX. DE PASSAGEM/CX. DIVERSAS","0036","","",99296,"ACRÉSCIMO PARA POÇO DE VISITA RETANGULAR PARA DRENAGEM, EM ALVENARIA COM BLOCOS DE CONCRETO, DIMENSÕES INTERNAS = 2,5X3 M. AF_12/2020","M","COEFICIENTE DE REPRESENTATIVIDADE",2900.63,"CAIXA REFERENCIAL"]
["DRENAGEM/OBRAS DE CONTENCAO/POCOS DE VISITA E CAIXAS","DROP","POCOS DE VISITA/BOCAS DE LOBO/CX. DE PASSAGEM/CX. DIVERSAS","0036","","",99297,"ACRÉSCIMO PARA POÇO DE VISITA RETANGULAR PARA DRENAGEM, EM ALVENARIA COM BLOCOS DE CONCRETO, DIMENSÕES INTERNAS = 1,5X4 M. AF_12/2020","M","COEFICIENTE DE REPRESENTATIVIDADE",2896.45,"CAIXA REFERENCIAL"]
["DRENAGEM/OBRAS DE CONTENCAO/POCOS DE VISITA E CAIXAS","DROP","POCOS DE VISITA/BOCAS DE LOBO/CX. DE PASSAGEM/CX. DIVERSAS","0036","","",99298,"BASE PARA POÇO DE VISITA RETANGULAR PARA DRENAGEM, EM ALVENARIA COM BLOCOS DE CONCRETO, DIMENSÕES INTERNAS = 2,5X3,5 M, PROFUNDIDADE = 1,40 M, EXCLUINDO TAMPÃO. AF_12/2020_PA","UN","ATRIBUÍDO SÃO PAULO",10460.82,"CAIXA REFERENCIAL"]
["DRENAGEM/OBRAS DE CONTENCAO/POCOS DE VISITA E CAIXAS","DROP","POCOS DE VISITA/BOCAS DE LOBO/CX. DE PASSAGEM/CX. DIVERSAS","0036","","",99299,"ACRÉSCIMO PARA POÇO DE VISITA RETANGULAR PARA DRENAGEM, EM ALVENARIA COM BLOCOS DE CONCRETO, DIMENSÕES INTERNAS = 2,5X3,5 M. AF_12/2020","M","COEFICIENTE DE REPRESENTATIVIDADE",3137.28,"CAIXA REFERENCIAL"]
["DRENAGEM/OBRAS DE CONTENCAO/POCOS DE VISITA E CAIXAS","DROP","POCOS DE VISITA/BOCAS DE LOBO/CX. DE PASSAGEM/CX. DIVERSAS","0036","","",99300,"BASE PARA POÇO DE VISITA RETANGULAR PARA DRENAGEM, EM ALVENARIA COM BLOCOS DE CONCRETO, DIMENSÕES INTERNAS = 2,5X4 M, PROFUNDIDADE = 1,40 M, EXCLUINDO TAMPÃO. AF_12/2020_PA","UN","ATRIBUÍDO SÃO PAULO",11677.16,"CAIXA REFERENCIAL"]
["DRENAGEM/OBRAS DE CONTENCAO/POCOS DE VISITA E CAIXAS","DROP","POCOS DE VISITA/BOCAS DE LOBO/CX. DE PASSAGEM/CX. DIVERSAS","0036","","",99301,"BASE PARA POÇO DE VISITA RETANGULAR PARA DRENAGEM, EM ALVENARIA COM BLOCOS DE CONCRETO, DIMENSÕES INTERNAS = 2X2 M, PROFUNDIDADE = 1,40 M, EXCLUINDO TAMPÃO. AF_12/2020_PA","UN","ATRIBUÍDO SÃO PAULO",5778.06,"CAIXA REFERENCIAL"]
["DRENAGEM/OBRAS DE CONTENCAO/POCOS DE VISITA E CAIXAS","DROP","POCOS DE VISITA/BOCAS DE LOBO/CX. DE PASSAGEM/CX. DIVERSAS","0036","","",99302,"ACRÉSCIMO PARA POÇO DE VISITA RETANGULAR PARA DRENAGEM, EM ALVENARIA COM BLOCOS DE CONCRETO, DIMENSÕES INTERNAS = 2,5X4 M. AF_12/2020","M","COEFICIENTE DE REPRESENTATIVIDADE",3378.15,"CAIXA REFERENCIAL"]
["DRENAGEM/OBRAS DE CONTENCAO/POCOS DE VISITA E CAIXAS","DROP","POCOS DE VISITA/BOCAS DE LOBO/CX. DE PASSAGEM/CX. DIVERSAS","0036","","",99303,"BASE PARA POÇO DE VISITA RETANGULAR PARA DRENAGEM, EM ALVENARIA COM BLOCOS DE CONCRETO, DIMENSÕES INTERNAS = 3X3 M, PROFUNDIDADE = 1,40 M, EXCLUINDO TAMPÃO. AF_12/2020_PA","UN","ATRIBUÍDO SÃO PAULO",10684.87,"CAIXA REFERENCIAL"]
["DRENAGEM/OBRAS DE CONTENCAO/POCOS DE VISITA E CAIXAS","DROP","POCOS DE VISITA/BOCAS DE LOBO/CX. DE PASSAGEM/CX. DIVERSAS","0036","","",99304,"ACRÉSCIMO PARA POÇO DE VISITA RETANGULAR PARA DRENAGEM, EM ALVENARIA COM BLOCOS DE CONCRETO, DIMENSÕES INTERNAS = 3X3 M. AF_12/2020","M","COEFICIENTE DE REPRESENTATIVIDADE",3141.45,"CAIXA REFERENCIAL"]
["DRENAGEM/OBRAS DE CONTENCAO/POCOS DE VISITA E CAIXAS","DROP","POCOS DE VISITA/BOCAS DE LOBO/CX. DE PASSAGEM/CX. DIVERSAS","0036","","",99305,"BASE PARA POÇO DE VISITA RETANGULAR PARA DRENAGEM, EM ALVENARIA COM BLOCOS DE CONCRETO, DIMENSÕES INTERNAS = 3X3,5 M, PROFUNDIDADE = 1,40 M, EXCLUINDO TAMPÃO. AF_12/2020_PA","UN","ATRIBUÍDO SÃO PAULO",12084.26,"CAIXA REFERENCIAL"]
["DRENAGEM/OBRAS DE CONTENCAO/POCOS DE VISITA E CAIXAS","DROP","POCOS DE VISITA/BOCAS DE LOBO/CX. DE PASSAGEM/CX. DIVERSAS","0036","","",99306,"ACRÉSCIMO PARA POÇO DE VISITA RETANGULAR PARA DRENAGEM, EM ALVENARIA COM BLOCOS DE CONCRETO, DIMENSÕES INTERNAS = 3X3,5 M. AF_12/2020","M","COEFICIENTE DE REPRESENTATIVIDADE",3378.15,"CAIXA REFERENCIAL"]
["DRENAGEM/OBRAS DE CONTENCAO/POCOS DE VISITA E CAIXAS","DROP","POCOS DE VISITA/BOCAS DE LOBO/CX. DE PASSAGEM/CX. DIVERSAS","0036","","",99307,"ACRÉSCIMO PARA POÇO DE VISITA RETANGULAR PARA DRENAGEM, EM ALVENARIA COM BLOCOS DE CONCRETO, DIMENSÕES INTERNAS = 2X2 M. AF_12/2020","M","COEFICIENTE DE REPRESENTATIVIDADE",2186.33,"CAIXA REFERENCIAL"]
["DRENAGEM/OBRAS DE CONTENCAO/POCOS DE VISITA E CAIXAS","DROP","POCOS DE VISITA/BOCAS DE LOBO/CX. DE PASSAGEM/CX. DIVERSAS","0036","","",99308,"BASE PARA POÇO DE VISITA RETANGULAR PARA DRENAGEM, EM ALVENARIA COM BLOCOS DE CONCRETO, DIMENSÕES INTERNAS = 3X4 M, PROFUNDIDADE = 1,40 M, EXCLUINDO TAMPÃO. AF_12/2020_PA","UN","ATRIBUÍDO SÃO PAULO",13483.66,"CAIXA REFERENCIAL"]
["DRENAGEM/OBRAS DE CONTENCAO/POCOS DE VISITA E CAIXAS","DROP","POCOS DE VISITA/BOCAS DE LOBO/CX. DE PASSAGEM/CX. DIVERSAS","0036","","",99309,"ACRÉSCIMO PARA POÇO DE VISITA RETANGULAR PARA DRENAGEM, EM ALVENARIA COM BLOCOS DE CONCRETO, DIMENSÕES INTERNAS = 3X4 M. AF_12/2020","M","COEFICIENTE DE REPRESENTATIVIDADE",3619.06,"CAIXA REFERENCIAL"]
["DRENAGEM/OBRAS DE CONTENCAO/POCOS DE VISITA E CAIXAS","DROP","POCOS DE VISITA/BOCAS DE LOBO/CX. DE PASSAGEM/CX. DIVERSAS","0036","","",99310,"BASE PARA POÇO DE VISITA RETANGULAR PARA DRENAGEM, EM ALVENARIA COM BLOCOS DE CONCRETO, DIMENSÕES INTERNAS = 3,5X3,5 M, PROFUNDIDADE = 1,40 M, EXCLUINDO TAMPÃO. AF_12/2020_PA","UN","ATRIBUÍDO SÃO PAULO",13707.74,"CAIXA REFERENCIAL"]
["DRENAGEM/OBRAS DE CONTENCAO/POCOS DE VISITA E CAIXAS","DROP","POCOS DE VISITA/BOCAS DE LOBO/CX. DE PASSAGEM/CX. DIVERSAS","0036","","",99311,"ACRÉSCIMO PARA POÇO DE VISITA RETANGULAR PARA DRENAGEM, EM ALVENARIA COM BLOCOS DE CONCRETO, DIMENSÕES INTERNAS = 3,5X3,5 M. AF_12/2020","M","COEFICIENTE DE REPRESENTATIVIDADE",3619.06,"CAIXA REFERENCIAL"]
["DRENAGEM/OBRAS DE CONTENCAO/POCOS DE VISITA E CAIXAS","DROP","POCOS DE VISITA/BOCAS DE LOBO/CX. DE PASSAGEM/CX. DIVERSAS","0036","","",99312,"BASE PARA POÇO DE VISITA RETANGULAR PARA DRENAGEM, EM ALVENARIA COM BLOCOS DE CONCRETO, DIMENSÕES INTERNAS = 2X2,5 M, PROFUNDIDADE = 1,40 M, EXCLUINDO TAMPÃO. AF_12/2020_PA","UN","ATRIBUÍDO SÃO PAULO",6779.22,"CAIXA REFERENCIAL"]
["DRENAGEM/OBRAS DE CONTENCAO/POCOS DE VISITA E CAIXAS","DROP","POCOS DE VISITA/BOCAS DE LOBO/CX. DE PASSAGEM/CX. DIVERSAS","0036","","",99313,"BASE PARA POÇO DE VISITA RETANGULAR PARA DRENAGEM, EM ALVENARIA COM BLOCOS DE CONCRETO, DIMENSÕES INTERNAS = 3,5X4 M, PROFUNDIDADE = 1,40 M, EXCLUINDO TAMPÃO. AF_12/2020_PA","UN","ATRIBUÍDO SÃO PAULO",15290.06,"CAIXA REFERENCIAL"]
["DRENAGEM/OBRAS DE CONTENCAO/POCOS DE VISITA E CAIXAS","DROP","POCOS DE VISITA/BOCAS DE LOBO/CX. DE PASSAGEM/CX. DIVERSAS","0036","","",99314,"ACRÉSCIMO PARA POÇO DE VISITA RETANGULAR PARA DRENAGEM, EM ALVENARIA COM BLOCOS DE CONCRETO, DIMENSÕES INTERNAS = 3,5X4 M. AF_12/2020","M","COEFICIENTE DE REPRESENTATIVIDADE",3859.94,"CAIXA REFERENCIAL"]
["DRENAGEM/OBRAS DE CONTENCAO/POCOS DE VISITA E CAIXAS","DROP","POCOS DE VISITA/BOCAS DE LOBO/CX. DE PASSAGEM/CX. DIVERSAS","0036","","",99315,"BASE PARA POÇO DE VISITA RETANGULAR PARA DRENAGEM, EM ALVENARIA COM BLOCOS DE CONCRETO, DIMENSÕES INTERNAS = 4X4 M, PROFUNDIDADE = 1,40 M, EXCLUINDO TAMPÃO. AF_12/2020_PA","UN","ATRIBUÍDO SÃO PAULO",17096.54,"CAIXA REFERENCIAL"]
["DRENAGEM/OBRAS DE CONTENCAO/POCOS DE VISITA E CAIXAS","DROP","POCOS DE VISITA/BOCAS DE LOBO/CX. DE PASSAGEM/CX. DIVERSAS","0036","","",99317,"ACRÉSCIMO PARA POÇO DE VISITA RETANGULAR PARA DRENAGEM, EM ALVENARIA COM BLOCOS DE CONCRETO, DIMENSÕES INTERNAS = 2X2,5 M. AF_12/2020","M","COEFICIENTE DE REPRESENTATIVIDADE",2423.02,"CAIXA REFERENCIAL"]
["DRENAGEM/OBRAS DE CONTENCAO/POCOS DE VISITA E CAIXAS","DROP","POCOS DE VISITA/BOCAS DE LOBO/CX. DE PASSAGEM/CX. DIVERSAS","0036","","",99318,"CHAMINÉ CIRCULAR PARA POÇO DE VISITA PARA DRENAGEM, EM CONCRETO PRÉ-MOLDADO, DIÂMETRO INTERNO = 0,6 M. AF_12/2020","M","COEFICIENTE DE REPRESENTATIVIDADE",234.53,"CAIXA REFERENCIAL"]
["DRENAGEM/OBRAS DE CONTENCAO/POCOS DE VISITA E CAIXAS","DROP","POCOS DE VISITA/BOCAS DE LOBO/CX. DE PASSAGEM/CX. DIVERSAS","0036","","",99319,"CHAMINÉ CIRCULAR PARA POÇO DE VISITA PARA DRENAGEM, EM ALVENARIA COM TIJOLOS CERÂMICOS MACIÇOS, DIÂMETRO INTERNO = 0,6 M. AF_12/2020","M","COEFICIENTE DE REPRESENTATIVIDADE",812.12,"CAIXA REFERENCIAL"]
["DRENAGEM/OBRAS DE CONTENCAO/POCOS DE VISITA E CAIXAS","DROP","POCOS DE VISITA/BOCAS DE LOBO/CX. DE PASSAGEM/CX. DIVERSAS","0036","","",99320,"BASE PARA POÇO DE VISITA RETANGULAR PARA DRENAGEM, EM ALVENARIA COM BLOCOS DE CONCRETO, DIMENSÕES INTERNAS = 2X3 M, PROFUNDIDADE = 1,40 M, EXCLUINDO TAMPÃO. AF_12/2020_PA","UN","ATRIBUÍDO SÃO PAULO",7836.93,"CAIXA REFERENCIAL"]
["DRENAGEM/OBRAS DE CONTENCAO/POCOS DE VISITA E CAIXAS","DROP","POCOS DE VISITA/BOCAS DE LOBO/CX. DE PASSAGEM/CX. DIVERSAS","0036","","",99321,"ACRÉSCIMO PARA POÇO DE VISITA RETANGULAR PARA DRENAGEM, EM ALVENARIA COM BLOCOS DE CONCRETO, DIMENSÕES INTERNAS = 2X3 M. AF_12/2020","M","COEFICIENTE DE REPRESENTATIVIDADE",2659.77,"CAIXA REFERENCIAL"]
["DRENAGEM/OBRAS DE CONTENCAO/POCOS DE VISITA E CAIXAS","DROP","POCOS DE VISITA/BOCAS DE LOBO/CX. DE PASSAGEM/CX. DIVERSAS","0036","","",99322,"BASE PARA POÇO DE VISITA RETANGULAR PARA DRENAGEM, EM ALVENARIA COM BLOCOS DE CONCRETO, DIMENSÕES INTERNAS = 2X3,5 M, PROFUNDIDADE = 1,40 M, EXCLUINDO TAMPÃO. AF_12/2020_PA","UN","ATRIBUÍDO SÃO PAULO",8845.2900000000009,"CAIXA REFERENCIAL"]
["DRENAGEM/OBRAS DE CONTENCAO/POCOS DE VISITA E CAIXAS","DROP","POCOS DE VISITA/BOCAS DE LOBO/CX. DE PASSAGEM/CX. DIVERSAS","0036","","",99323,"ACRÉSCIMO PARA POÇO DE VISITA RETANGULAR PARA DRENAGEM, EM ALVENARIA COM BLOCOS DE CONCRETO, DIMENSÕES INTERNAS = 2X3,5 M. AF_12/2020","M","COEFICIENTE DE REPRESENTATIVIDADE",2896.45,"CAIXA REFERENCIAL"]
["DRENAGEM/OBRAS DE CONTENCAO/POCOS DE VISITA E CAIXAS","DROP","POCOS DE VISITA/BOCAS DE LOBO/CX. DE PASSAGEM/CX. DIVERSAS","0036","","",99324,"BASE PARA POÇO DE VISITA RETANGULAR PARA DRENAGEM, EM ALVENARIA COM BLOCOS DE CONCRETO, DIMENSÕES INTERNAS = 2X4 M, PROFUNDIDADE = 1,40 M, EXCLUINDO TAMPÃO. AF_12/2020_PA","UN","ATRIBUÍDO SÃO PAULO",9853.64,"CAIXA REFERENCIAL"]
["DRENAGEM/OBRAS DE CONTENCAO/POCOS DE VISITA E CAIXAS","DROP","POCOS DE VISITA/BOCAS DE LOBO/CX. DE PASSAGEM/CX. DIVERSAS","0036","","",99325,"ACRÉSCIMO PARA POÇO DE VISITA RETANGULAR PARA DRENAGEM, EM ALVENARIA COM BLOCOS DE CONCRETO, DIMENSÕES INTERNAS = 2X4 M. AF_12/2020","M","COEFICIENTE DE REPRESENTATIVIDADE",3137.28,"CAIXA REFERENCIAL"]
["DRENAGEM/OBRAS DE CONTENCAO/POCOS DE VISITA E CAIXAS","DROP","POCOS DE VISITA/BOCAS DE LOBO/CX. DE PASSAGEM/CX. DIVERSAS","0036","","",99326,"BASE PARA POÇO DE VISITA RETANGULAR PARA DRENAGEM, EM ALVENARIA COM BLOCOS DE CONCRETO, DIMENSÕES INTERNAS = 2,5X2,5 M, PROFUNDIDADE = 1,40 M, EXCLUINDO TAMPÃO. AF_12/2020_PA","UN","ATRIBUÍDO SÃO PAULO",8028.21,"CAIXA REFERENCIAL"]
["DRENAGEM/OBRAS DE CONTENCAO/POCOS DE VISITA E CAIXAS","DROP","POCOS DE VISITA/BOCAS DE LOBO/CX. DE PASSAGEM/CX. DIVERSAS","0036","","",99327,"ACRÉSCIMO PARA POÇO DE VISITA RETANGULAR PARA DRENAGEM, EM ALVENARIA COM BLOCOS DE CONCRETO, DIMENSÕES INTERNAS = 4X4 M. AF_12/2020","M","COEFICIENTE DE REPRESENTATIVIDADE",4060,"CAIXA REFERENCIAL"]
["DRENAGEM/OBRAS DE CONTENCAO/POCOS DE VISITA E CAIXAS","DROP","POCOS DE VISITA/BOCAS DE LOBO/CX. DE PASSAGEM/CX. DIVERSAS","0036","","",101800,"CAIXA COM GRELHA RETANGULAR DE FERRO FUNDIDO, EM ALVENARIA COM TIJOLOS CERÂMICOS MACIÇOS, DIMENSÕES INTERNAS: 0,30 X 1,00 X 1,00. AF_12/2020","UN","ATRIBUÍDO SÃO PAULO",1385.56,"CAIXA REFERENCIAL"]
["DRENAGEM/OBRAS DE CONTENCAO/POCOS DE VISITA E CAIXAS","DROP","POCOS DE VISITA/BOCAS DE LOBO/CX. DE PASSAGEM/CX. DIVERSAS","0036","","",101801,"CAIXA COM GRELHA RETANGULAR DE FERRO FUNDIDO, EM ALVENARIA COM BLOCOS DE CONCRETO, DIMENSÕES INTERNAS: 0,30 X 1,00 X 1,00. AF_12/2020","UN","ATRIBUÍDO SÃO PAULO",1062.96,"CAIXA REFERENCIAL"]
["DRENAGEM/OBRAS DE CONTENCAO/POCOS DE VISITA E CAIXAS","DROP","POCOS DE VISITA/BOCAS DE LOBO/CX. DE PASSAGEM/CX. DIVERSAS","0036","","",101806,"CAIXA ENTERRADA DISTRIBUIDORA DE VAZÃO (SUMIDOUROS MÚLTIPLOS), RETANGULAR, EM ALVENARIA COM TIJOLOS MACIÇOS, DIMENSÕES INTERNAS: 0,60 X 0,60 X H=0,50 M. AF_12/2020","UN","ATRIBUÍDO SÃO PAULO",499.2,"CAIXA REFERENCIAL"]
["DRENAGEM/OBRAS DE CONTENCAO/POCOS DE VISITA E CAIXAS","DROP","POCOS DE VISITA/BOCAS DE LOBO/CX. DE PASSAGEM/CX. DIVERSAS","0036","","",101807,"CAIXA ENTERRADA DISTRIBUIDORA DE VAZÃO (SUMIDOUROS MÚLTIPLOS), RETANGULAR, EM ALVENARIA COM BLOCOS DE CONCRETO, DIMENSÕES INTERNAS: 0,60 X 0,60 X H=0,50 M. AF_12/2020","UN","ATRIBUÍDO SÃO PAULO",474.92,"CAIXA REFERENCIAL"]
["DRENAGEM/OBRAS DE CONTENCAO/POCOS DE VISITA E CAIXAS","DROP","POCOS DE VISITA/BOCAS DE LOBO/CX. DE PASSAGEM/CX. DIVERSAS","0036","","",101808,"CAIXA ENTERRADA DISTRIBUIDORA DE VAZÃO (SUMIDOUROS MÚLTIPLOS), RETANGULAR, EM CONCRETO PRÉ-MOLDADO, DIMENSÕES INTERNAS: 0,60 X 0,60 X H=0,50 M. AF_12/2020","UN","ATRIBUÍDO SÃO PAULO",445.55,"CAIXA REFERENCIAL"]
["DRENAGEM/OBRAS DE CONTENCAO/POCOS DE VISITA E CAIXAS","DROP","POCOS DE VISITA/BOCAS DE LOBO/CX. DE PASSAGEM/CX. DIVERSAS","0036","","",101809,"BASE PARA POCO DE VISITA RETANGULAR PARA ESGOTO E DRENAGEM, EM CONCRETO ESTRUTURAL, DIMENSÕES INTERNAS DE 90X150 M, PROFUNDIDADE DE 1,25 M, EXCLUINDO TAMPÃO. AF_12/2020_PA","UN","ATRIBUÍDO SÃO PAULO",2824.04,"CAIXA REFERENCIAL"]
["DRENAGEM/OBRAS DE CONTENCAO/POCOS DE VISITA E CAIXAS","DROP","POCOS DE VISITA/BOCAS DE LOBO/CX. DE PASSAGEM/CX. DIVERSAS","0036","","",102139,"BASE PARA POÇO DE VISITA CIRCULAR PARA  ESGOTO, EM CONCRETO PRÉ-MOLDADO, DIÂMETRO INTERNO = 1,20 M, PROFUNDIDADE = 1,60 M, EXCLUINDO TAMPÃO. AF_12/2020_PA","UN","ATRIBUÍDO SÃO PAULO",1516.78,"CAIXA REFERENCIAL"]
["DRENAGEM/OBRAS DE CONTENCAO/POCOS DE VISITA E CAIXAS","DROP","POCOS DE VISITA/BOCAS DE LOBO/CX. DE PASSAGEM/CX. DIVERSAS","0036","","",102141,"BASE PARA POÇO DE VISITA CIRCULAR PARA  ESGOTO, EM CONCRETO PRÉ-MOLDADO, DIÂMETRO INTERNO = 1,50 M, PROFUNDIDADE = 1,35 M, EXCLUINDO TAMPÃO. AF_12/2020_PA","UN","ATRIBUÍDO SÃO PAULO",2333.02,"CAIXA REFERENCIAL"]
["DRENAGEM/OBRAS DE CONTENCAO/POCOS DE VISITA E CAIXAS","DROP","POCOS DE VISITA/BOCAS DE LOBO/CX. DE PASSAGEM/CX. DIVERSAS","0036","","",102142,"BASE PARA POÇO DE VISITA CIRCULAR PARA DRENAGEM, EM CONCRETO PRÉ-MOLDADO, DIÂMETRO INTERNO = 1,50 M, PROFUNDIDADE = 1,35 M, EXCLUINDO TAMPÃO. AF_12/2020_PA","UN","ATRIBUÍDO SÃO PAULO",2289.44,"CAIXA REFERENCIAL"]
["DRENAGEM/OBRAS DE CONTENCAO/POCOS DE VISITA E CAIXAS","DROP","POCOS DE VISITA/BOCAS DE LOBO/CX. DE PASSAGEM/CX. DIVERSAS","0036","","",102457,"BASE PARA POÇO DE VISITA CIRCULAR PARA DRENAGEM, EM CONCRETO PRÉ-MOLDADO, DIÂMETRO INTERNO = 1,20 M, PROFUNDIDADE = 1,60 M, EXCLUINDO TAMPÃO. AF_05/2021_PA","UN","ATRIBUÍDO SÃO PAULO",1458.43,"CAIXA REFERENCIAL"]
["DRENAGEM/OBRAS DE CONTENCAO/POCOS DE VISITA E CAIXAS","DROP","MEIO FIO, LINHA D'AGUA E SARJERTA","0037","","",94263,"GUIA (MEIO-FIO) CONCRETO, MOLDADA  IN LOCO  EM TRECHO RETO COM EXTRUSORA, 13 CM BASE X 22 CM ALTURA. AF_01/2024","M","ATRIBUÍDO SÃO PAULO",31.77,"CAIXA REFERENCIAL"]
["DRENAGEM/OBRAS DE CONTENCAO/POCOS DE VISITA E CAIXAS","DROP","MEIO FIO, LINHA D'AGUA E SARJERTA","0037","","",94264,"GUIA (MEIO-FIO) CONCRETO, MOLDADA  IN LOCO  EM TRECHO CURVO COM EXTRUSORA, 13 CM BASE X 22 CM ALTURA. AF_01/2024","M","ATRIBUÍDO SÃO PAULO",36.03,"CAIXA REFERENCIAL"]
["DRENAGEM/OBRAS DE CONTENCAO/POCOS DE VISITA E CAIXAS","DROP","MEIO FIO, LINHA D'AGUA E SARJERTA","0037","","",94265,"GUIA (MEIO-FIO) CONCRETO, MOLDADA  IN LOCO  EM TRECHO RETO COM EXTRUSORA, 15 CM BASE X 30 CM ALTURA. AF_01/2024","M","ATRIBUÍDO SÃO PAULO",43.14,"CAIXA REFERENCIAL"]
["DRENAGEM/OBRAS DE CONTENCAO/POCOS DE VISITA E CAIXAS","DROP","MEIO FIO, LINHA D'AGUA E SARJERTA","0037","","",94266,"GUIA (MEIO-FIO) CONCRETO, MOLDADA  IN LOCO  EM TRECHO CURVO COM EXTRUSORA, 15 CM BASE X 30 CM ALTURA. AF_01/2024","M","ATRIBUÍDO SÃO PAULO",48.04,"CAIXA REFERENCIAL"]
["DRENAGEM/OBRAS DE CONTENCAO/POCOS DE VISITA E CAIXAS","DROP","MEIO FIO, LINHA D'AGUA E SARJERTA","0037","","",94267,"GUIA (MEIO-FIO) E SARJETA CONJUGADOS DE CONCRETO, MOLDADA  IN LOCO  EM TRECHO RETO COM EXTRUSORA, 45 CM BASE (15 CM BASE DA GUIA + 30 CM BASE DA SARJETA) X 22 CM ALTURA. AF_01/2024","M","ATRIBUÍDO SÃO PAULO",52.03,"CAIXA REFERENCIAL"]
["DRENAGEM/OBRAS DE CONTENCAO/POCOS DE VISITA E CAIXAS","DROP","MEIO FIO, LINHA D'AGUA E SARJERTA","0037","","",94268,"GUIA (MEIO-FIO) E SARJETA CONJUGADOS DE CONCRETO, MOLDADA  IN LOCO  EM TRECHO CURVO COM EXTRUSORA, 45 CM BASE (15 CM BASE DA GUIA + 30 CM BASE DA SARJETA) X 22 CM ALTURA. AF_01/2024","M","ATRIBUÍDO SÃO PAULO",57.42,"CAIXA REFERENCIAL"]
["DRENAGEM/OBRAS DE CONTENCAO/POCOS DE VISITA E CAIXAS","DROP","MEIO FIO, LINHA D'AGUA E SARJERTA","0037","","",94269,"GUIA (MEIO-FIO) E SARJETA CONJUGADOS DE CONCRETO, MOLDADA  IN LOCO  EM TRECHO RETO COM EXTRUSORA, 60 CM BASE (15 CM BASE DA GUIA + 45 CM BASE DA SARJETA) X 26 CM ALTURA. AF_01/2024","M","ATRIBUÍDO SÃO PAULO",74.69,"CAIXA REFERENCIAL"]
["DRENAGEM/OBRAS DE CONTENCAO/POCOS DE VISITA E CAIXAS","DROP","MEIO FIO, LINHA D'AGUA E SARJERTA","0037","","",94270,"GUIA (MEIO-FIO) E SARJETA CONJUGADOS DE CONCRETO, MOLDADA IN LOCO  EM TRECHO CURVO COM EXTRUSORA, 60 CM BASE (15 CM BASE DA GUIA + 45 CM BASE DA SARJETA) X 26 CM ALTURA. AF_01/2024","M","ATRIBUÍDO SÃO PAULO",82.16,"CAIXA REFERENCIAL"]
["DRENAGEM/OBRAS DE CONTENCAO/POCOS DE VISITA E CAIXAS","DROP","MEIO FIO, LINHA D'AGUA E SARJERTA","0037","","",94271,"GUIA (MEIO-FIO) E SARJETA CONJUGADOS DE CONCRETO, MOLDADA  IN LOCO  EM TRECHO RETO COM EXTRUSORA, 65 CM BASE (15 CM BASE DA GUIA + 50 CM BASE DA SARJETA) X 26 CM ALTURA. AF_01/2024","M","ATRIBUÍDO SÃO PAULO",91.15,"CAIXA REFERENCIAL"]
["DRENAGEM/OBRAS DE CONTENCAO/POCOS DE VISITA E CAIXAS","DROP","MEIO FIO, LINHA D'AGUA E SARJERTA","0037","","",94272,"GUIA (MEIO-FIO) E SARJETA CONJUGADOS DE CONCRETO, MOLDADA  IN LOCO  EM TRECHO CURVO COM EXTRUSORA, 65 CM BASE (15 CM BASE DA GUIA + 50 CM BASE DA SARJETA) X 26 CM ALTURA. AF_01/2024","M","ATRIBUÍDO SÃO PAULO",101.14,"CAIXA REFERENCIAL"]
["DRENAGEM/OBRAS DE CONTENCAO/POCOS DE VISITA E CAIXAS","DROP","MEIO FIO, LINHA D'AGUA E SARJERTA","0037","","",94273,"ASSENTAMENTO DE GUIA (MEIO-FIO) EM TRECHO RETO, CONFECCIONADA EM CONCRETO PRÉ-FABRICADO, DIMENSÕES 100X15X13X30 CM (COMPRIMENTO X BASE INFERIOR X BASE SUPERIOR X ALTURA). AF_01/2024","M","COEFICIENTE DE REPRESENTATIVIDADE",53.4,"CAIXA REFERENCIAL"]
["DRENAGEM/OBRAS DE CONTENCAO/POCOS DE VISITA E CAIXAS","DROP","MEIO FIO, LINHA D'AGUA E SARJERTA","0037","","",94274,"ASSENTAMENTO DE GUIA (MEIO-FIO) EM TRECHO CURVO, CONFECCIONADA EM CONCRETO PRÉ-FABRICADO, DIMENSÕES 100X15X13X30 CM (COMPRIMENTO X BASE INFERIOR X BASE SUPERIOR X ALTURA). AF_01/2024","M","COEFICIENTE DE REPRESENTATIVIDADE",55.99,"CAIXA REFERENCIAL"]
["DRENAGEM/OBRAS DE CONTENCAO/POCOS DE VISITA E CAIXAS","DROP","MEIO FIO, LINHA D'AGUA E SARJERTA","0037","","",94275,"ASSENTAMENTO DE GUIA (MEIO-FIO) EM TRECHO RETO, CONFECCIONADA EM CONCRETO PRÉ-FABRICADO, DIMENSÕES 100X15X13X20 CM (COMPRIMENTO X BASE INFERIOR X BASE SUPERIOR X ALTURA). AF_01/2024","M","COEFICIENTE DE REPRESENTATIVIDADE",48.47,"CAIXA REFERENCIAL"]
["DRENAGEM/OBRAS DE CONTENCAO/POCOS DE VISITA E CAIXAS","DROP","MEIO FIO, LINHA D'AGUA E SARJERTA","0037","","",94276,"ASSENTAMENTO DE GUIA (MEIO-FIO) EM TRECHO CURVO, CONFECCIONADA EM CONCRETO PRÉ-FABRICADO, DIMENSÕES 100X15X13X20 CM (COMPRIMENTO X BASE INFERIOR X BASE SUPERIOR X ALTURA). AF_01/2024","M","COEFICIENTE DE REPRESENTATIVIDADE",51.05,"CAIXA REFERENCIAL"]
["DRENAGEM/OBRAS DE CONTENCAO/POCOS DE VISITA E CAIXAS","DROP","MEIO FIO, LINHA D'AGUA E SARJERTA","0037","","",94277,"ASSENTAMENTO DE GUIA (MEIO-FIO) EM TRECHO RETO, CONFECCIONADA EM CONCRETO PRÉ-FABRICADO, DIMENSÕES 80X08X08X25 CM (COMPRIMENTO X BASE INFERIOR X BASE SUPERIOR X ALTURA). AF_01/2024","M","COEFICIENTE DE REPRESENTATIVIDADE",42.49,"CAIXA REFERENCIAL"]
["DRENAGEM/OBRAS DE CONTENCAO/POCOS DE VISITA E CAIXAS","DROP","MEIO FIO, LINHA D'AGUA E SARJERTA","0037","","",94278,"ASSENTAMENTO DE GUIA (MEIO-FIO) EM TRECHO CURVO, CONFECCIONADA EM CONCRETO PRÉ-FABRICADO, DIMENSÕES 80X08X08X25 CM (COMPRIMENTO X BASE INFERIOR X BASE SUPERIOR X ALTURA). AF_01/2024","M","COEFICIENTE DE REPRESENTATIVIDADE",45.06,"CAIXA REFERENCIAL"]
["DRENAGEM/OBRAS DE CONTENCAO/POCOS DE VISITA E CAIXAS","DROP","MEIO FIO, LINHA D'AGUA E SARJERTA","0037","","",94279,"ASSENTAMENTO DE GUIA (MEIO-FIO) EM TRECHO RETO, CONFECCIONADA EM CONCRETO PRÉ-FABRICADO, DIMENSÕES 39X6,5X6,5X19 CM (COMPRIMENTO X BASE INFERIOR X BASE SUPERIOR X ALTURA), PARA DELIMITAÇÃO DE JARDINS, PRAÇAS OU PASSEIOS. AF_01/2024","M","COEFICIENTE DE REPRESENTATIVIDADE",52.03,"CAIXA REFERENCIAL"]
["DRENAGEM/OBRAS DE CONTENCAO/POCOS DE VISITA E CAIXAS","DROP","MEIO FIO, LINHA D'AGUA E SARJERTA","0037","","",94280,"ASSENTAMENTO DE GUIA (MEIO-FIO) EM TRECHO CURVO, CONFECCIONADA EM CONCRETO PRÉ-FABRICADO, DIMENSÕES 39X6,5X6,5X19 CM (COMPRIMENTO X BASE INFERIOR X BASE SUPERIOR X ALTURA), PARA DELIMITAÇÃO DE JARDINS, PRAÇAS OU PASSEIOS. AF_01/2024","M","COEFICIENTE DE REPRESENTATIVIDADE",54.6,"CAIXA REFERENCIAL"]
["DRENAGEM/OBRAS DE CONTENCAO/POCOS DE VISITA E CAIXAS","DROP","MEIO FIO, LINHA D'AGUA E SARJERTA","0037","","",94281,"EXECUÇÃO DE SARJETA DE CONCRETO USINADO, MOLDADA  IN LOCO  EM TRECHO RETO, 30 CM BASE X 15 CM ALTURA. AF_01/2024","M","COEFICIENTE DE REPRESENTATIVIDADE",40.74,"CAIXA REFERENCIAL"]
["DRENAGEM/OBRAS DE CONTENCAO/POCOS DE VISITA E CAIXAS","DROP","MEIO FIO, LINHA D'AGUA E SARJERTA","0037","","",94282,"EXECUÇÃO DE SARJETA DE CONCRETO USINADO, MOLDADA  IN LOCO  EM TRECHO CURVO, 30 CM BASE X 15 CM ALTURA. AF_01/2024","M","COEFICIENTE DE REPRESENTATIVIDADE",47.55,"CAIXA REFERENCIAL"]
["DRENAGEM/OBRAS DE CONTENCAO/POCOS DE VISITA E CAIXAS","DROP","MEIO FIO, LINHA D'AGUA E SARJERTA","0037","","",94283,"EXECUÇÃO DE SARJETA DE CONCRETO USINADO, MOLDADA  IN LOCO  EM TRECHO RETO, 45 CM BASE X 15 CM ALTURA. AF_01/2024","M","COEFICIENTE DE REPRESENTATIVIDADE",55.27,"CAIXA REFERENCIAL"]
["DRENAGEM/OBRAS DE CONTENCAO/POCOS DE VISITA E CAIXAS","DROP","MEIO FIO, LINHA D'AGUA E SARJERTA","0037","","",94284,"EXECUÇÃO DE SARJETA DE CONCRETO USINADO, MOLDADA  IN LOCO  EM TRECHO CURVO, 45 CM BASE X 15 CM ALTURA. AF_01/2024","M","COEFICIENTE DE REPRESENTATIVIDADE",62.1,"CAIXA REFERENCIAL"]
["DRENAGEM/OBRAS DE CONTENCAO/POCOS DE VISITA E CAIXAS","DROP","MEIO FIO, LINHA D'AGUA E SARJERTA","0037","","",94285,"EXECUÇÃO DE SARJETA DE CONCRETO USINADO, MOLDADA  IN LOCO  EM TRECHO RETO, 60 CM BASE X 15 CM ALTURA. AF_01/2024","M","COEFICIENTE DE REPRESENTATIVIDADE",71.92,"CAIXA REFERENCIAL"]
["DRENAGEM/OBRAS DE CONTENCAO/POCOS DE VISITA E CAIXAS","DROP","MEIO FIO, LINHA D'AGUA E SARJERTA","0037","","",94286,"EXECUÇÃO DE SARJETA DE CONCRETO USINADO, MOLDADA  IN LOCO  EM TRECHO CURVO, 60 CM BASE X 15 CM ALTURA. AF_01/2024","M","COEFICIENTE DE REPRESENTATIVIDADE",78.75,"CAIXA REFERENCIAL"]
["DRENAGEM/OBRAS DE CONTENCAO/POCOS DE VISITA E CAIXAS","DROP","MEIO FIO, LINHA D'AGUA E SARJERTA","0037","","",94287,"EXECUÇÃO DE SARJETA DE CONCRETO USINADO, MOLDADA  IN LOCO  EM TRECHO RETO, 30 CM BASE X 10 CM ALTURA. AF_01/2024","M","COEFICIENTE DE REPRESENTATIVIDADE",30.82,"CAIXA REFERENCIAL"]
["DRENAGEM/OBRAS DE CONTENCAO/POCOS DE VISITA E CAIXAS","DROP","MEIO FIO, LINHA D'AGUA E SARJERTA","0037","","",94288,"EXECUÇÃO DE SARJETA DE CONCRETO USINADO, MOLDADA  IN LOCO  EM TRECHO CURVO, 30 CM BASE X 10 CM ALTURA. AF_01/2024","M","COEFICIENTE DE REPRESENTATIVIDADE",36.880000000000003,"CAIXA REFERENCIAL"]
["DRENAGEM/OBRAS DE CONTENCAO/POCOS DE VISITA E CAIXAS","DROP","MEIO FIO, LINHA D'AGUA E SARJERTA","0037","","",94289,"EXECUÇÃO DE SARJETA DE CONCRETO USINADO, MOLDADA  IN LOCO  EM TRECHO RETO, 45 CM BASE X 10 CM ALTURA. AF_01/2024","M","COEFICIENTE DE REPRESENTATIVIDADE",40.07,"CAIXA REFERENCIAL"]
["DRENAGEM/OBRAS DE CONTENCAO/POCOS DE VISITA E CAIXAS","DROP","MEIO FIO, LINHA D'AGUA E SARJERTA","0037","","",94290,"EXECUÇÃO DE SARJETA DE CONCRETO USINADO, MOLDADA  IN LOCO  EM TRECHO CURVO, 45 CM BASE X 10 CM ALTURA. AF_01/2024","M","COEFICIENTE DE REPRESENTATIVIDADE",46.14,"CAIXA REFERENCIAL"]
["DRENAGEM/OBRAS DE CONTENCAO/POCOS DE VISITA E CAIXAS","DROP","MEIO FIO, LINHA D'AGUA E SARJERTA","0037","","",94291,"EXECUÇÃO DE SARJETA DE CONCRETO USINADO, MOLDADA  IN LOCO  EM TRECHO RETO, 60 CM BASE X 10 CM ALTURA. AF_01/2024","M","COEFICIENTE DE REPRESENTATIVIDADE",49.79,"CAIXA REFERENCIAL"]
["DRENAGEM/OBRAS DE CONTENCAO/POCOS DE VISITA E CAIXAS","DROP","MEIO FIO, LINHA D'AGUA E SARJERTA","0037","","",94292,"EXECUÇÃO DE SARJETA DE CONCRETO USINADO, MOLDADA  IN LOCO  EM TRECHO CURVO, 60 CM BASE X 10 CM ALTURA. AF_01/2024","M","COEFICIENTE DE REPRESENTATIVIDADE",55.84,"CAIXA REFERENCIAL"]
["DRENAGEM/OBRAS DE CONTENCAO/POCOS DE VISITA E CAIXAS","DROP","MEIO FIO, LINHA D'AGUA E SARJERTA","0037","","",94293,"EXECUÇÃO DE SARJETÃO DE CONCRETO USINADO, MOLDADA  IN LOCO  EM TRECHO RETO, 100 CM BASE X 20 CM ALTURA. AF_01/2024","M","COEFICIENTE DE REPRESENTATIVIDADE",161.80000000000001,"CAIXA REFERENCIAL"]
["DRENAGEM/OBRAS DE CONTENCAO/POCOS DE VISITA E CAIXAS","DROP","MEIO FIO, LINHA D'AGUA E SARJERTA","0037","","",94294,"EXECUÇÃO DE ESCORAS DE CONCRETO PARA CONTENÇÃO DE GUIAS PRÉ-FABRICADAS. AF_01/2024","M","COEFICIENTE DE REPRESENTATIVIDADE",7.88,"CAIXA REFERENCIAL"]
["DRENAGEM/OBRAS DE CONTENCAO/POCOS DE VISITA E CAIXAS","DROP","GALERIAS PLUVIAIS","0266","","",104491,"ADUELA/ GALERIA FECHADA PRE-MOLDADA DE CONCRETO ARMADO, SECAO QUADRANGULAR INTERNA DE 1,50 X 1,50 M (L X A), MISULA DE 20 X 20 CM, C = 1,00 M, ESPESSURA MIN = 15 CM, TB-45 E FCK DO CONCRETO = 30 MPA   FORNECIMENTO E ASSENTAMENTO. AF_01/2023","M","COEFICIENTE DE REPRESENTATIVIDADE",3113.89,"CAIXA REFERENCIAL"]
["DRENAGEM/OBRAS DE CONTENCAO/POCOS DE VISITA E CAIXAS","DROP","GALERIAS PLUVIAIS","0266","","",104492,"ADUELA/ GALERIA FECHADA PRE-MOLDADA DE CONCRETO ARMADO, SECAO QUADRANGULAR INTERNA DE 2,00 X 2,00 M (L X A), MISULA DE 20 X 20 CM, C = 1,00 M, ESPESSURA MIN = 15 CM, TB-45 E FCK DO CONCRETO = 30 MPA   FORNECIMENTO E ASSENTAMENTO. AF_01/2023","M","COEFICIENTE DE REPRESENTATIVIDADE",3891.2,"CAIXA REFERENCIAL"]
["DRENAGEM/OBRAS DE CONTENCAO/POCOS DE VISITA E CAIXAS","DROP","GALERIAS PLUVIAIS","0266","","",104494,"ADUELA/ GALERIA FECHADA PRE-MOLDADA DE CONCRETO ARMADO, SECAO QUADRANGULAR INTERNA DE 2,50 X 2,50 M (L X A), MISULA DE 20 X 20 CM, C = 1,00 M, ESPESSURA MIN = 15 CM, TB-45 E FCK DO CONCRETO = 30 MPA   FORNECIMENTO E ASSENTAMENTO. AF_01/2023","M","COEFICIENTE DE REPRESENTATIVIDADE",5250.88,"CAIXA REFERENCIAL"]
["DRENAGEM/OBRAS DE CONTENCAO/POCOS DE VISITA E CAIXAS","DROP","GALERIAS PLUVIAIS","0266","","",104497,"ADUELA/ GALERIA FECHADA PRE-MOLDADA DE CONCRETO ARMADO, SECAO QUADRANGULAR INTERNA DE 3,00 X 3,00 M (L X A), MISULA DE 20 X 20 CM, C = 1,00 M, ESPESSURA MIN = 20 CM, TB-45 E FCK DO CONCRETO = 30 MPA   FORNECIMENTO E ASSENTAMENTO. AF_01/2023","M","ATRIBUÍDO SÃO PAULO",6318.59,"CAIXA REFERENCIAL"]
["DRENAGEM/OBRAS DE CONTENCAO/POCOS DE VISITA E CAIXAS","DROP","GALERIAS PLUVIAIS","0266","","",104515,"APLICAÇÃO DE MANTA GEOTÊXTIL NAS JUNTAS RÍGIDAS DE ADUELAS PRÉ-MOLDADAS DE CONCRETO ARMADO. AF_01/2023","M2","COEFICIENTE DE REPRESENTATIVIDADE",26.8,"CAIXA REFERENCIAL"]
["DRENAGEM/OBRAS DE CONTENCAO/POCOS DE VISITA E CAIXAS","DROP","BUEIROS","0317","","",102727,"FABRICAÇÃO, MONTAGEM E DESMONTAGEM DE FÔRMA PARA BOCA PARA BUEIRO, EM CHAPA DE MADEIRA COMPENSADA RESINADA, E = 17 MM, 2 UTILIZAÇÕES. AF_07/2021","M2","COEFICIENTE DE REPRESENTATIVIDADE",98.3,"CAIXA REFERENCIAL"]
["DRENAGEM/OBRAS DE CONTENCAO/POCOS DE VISITA E CAIXAS","DROP","BUEIROS","0317","","",102728,"ARMAÇÃO DE MURO ALA E MURO TESTA UTILIZANDO AÇO CA-50 DE 6,3 MM - MONTAGEM. AF_07/2021","KG","COEFICIENTE DE REPRESENTATIVIDADE",15.68,"CAIXA REFERENCIAL"]
["DRENAGEM/OBRAS DE CONTENCAO/POCOS DE VISITA E CAIXAS","DROP","BUEIROS","0317","","",102729,"ARMAÇÃO DE MURO ALA E MURO TESTA UTILIZANDO AÇO CA-50 DE 8 MM - MONTAGEM. AF_07/2021","KG","COEFICIENTE DE REPRESENTATIVIDADE",14.81,"CAIXA REFERENCIAL"]
["DRENAGEM/OBRAS DE CONTENCAO/POCOS DE VISITA E CAIXAS","DROP","BUEIROS","0317","","",102730,"ARMAÇÃO DE MURO ALA E MURO TESTA UTILIZANDO AÇO CA-50 DE 10 MM - MONTAGEM. AF_07/2021","KG","COEFICIENTE DE REPRESENTATIVIDADE",13.25,"CAIXA REFERENCIAL"]
["DRENAGEM/OBRAS DE CONTENCAO/POCOS DE VISITA E CAIXAS","DROP","BUEIROS","0317","","",102731,"ARMAÇÃO DE MURO ALA E MURO TESTA UTILIZANDO AÇO CA-50 DE 12,5 MM - MONTAGEM. AF_07/2021","KG","COEFICIENTE DE REPRESENTATIVIDADE",11.19,"CAIXA REFERENCIAL"]
["DRENAGEM/OBRAS DE CONTENCAO/POCOS DE VISITA E CAIXAS","DROP","BUEIROS","0317","","",102732,"ARMAÇÃO DE MURO ALA E MURO TESTA UTILIZANDO AÇO CA-50 DE 16 MM - MONTAGEM. AF_07/2021","KG","COEFICIENTE DE REPRESENTATIVIDADE",10.64,"CAIXA REFERENCIAL"]
["DRENAGEM/OBRAS DE CONTENCAO/POCOS DE VISITA E CAIXAS","DROP","BUEIROS","0317","","",102733,"ARMAÇÃO DE MURO ALA E MURO TESTA UTILIZANDO AÇO CA-50 DE 20 MM - MONTAGEM. AF_07/2021","KG","COEFICIENTE DE REPRESENTATIVIDADE",11.95,"CAIXA REFERENCIAL"]
["DRENAGEM/OBRAS DE CONTENCAO/POCOS DE VISITA E CAIXAS","DROP","BUEIROS","0317","","",102734,"ARMAÇÃO DE SOLEIRA UTILIZANDO AÇO CA-50 DE 6,3 MM - MONTAGEM. AF_07/2021","KG","COEFICIENTE DE REPRESENTATIVIDADE",14.79,"CAIXA REFERENCIAL"]
["DRENAGEM/OBRAS DE CONTENCAO/POCOS DE VISITA E CAIXAS","DROP","BUEIROS","0317","","",102735,"ARMAÇÃO DE SOLEIRA UTILIZANDO AÇO CA-50 DE 8 MM - MONTAGEM. AF_07/2021","KG","COEFICIENTE DE REPRESENTATIVIDADE",14.03,"CAIXA REFERENCIAL"]
["DRENAGEM/OBRAS DE CONTENCAO/POCOS DE VISITA E CAIXAS","DROP","BUEIROS","0317","","",102736,"CONCRETAGEM DE BOCA PARA BUEIRO, FCK = 20 MPA, COM USO DE BOMBA - LANÇAMENTO, ADENSAMENTO E ACABAMENTO. AF_07/2021","M3","ATRIBUÍDO SÃO PAULO",578.76,"CAIXA REFERENCIAL"]
["DRENAGEM/OBRAS DE CONTENCAO/POCOS DE VISITA E CAIXAS","DROP","BUEIROS","0317","","",102737,"BOCA PARA BUEIRO SIMPLES TUBULAR D = 40 CM EM CONCRETO, ALAS COM ESCONSIDADE DE 0°, INCLUINDO FÔRMAS E MATERIAIS. AF_07/2021","UN","ATRIBUÍDO SÃO PAULO",1090.1099999999999,"CAIXA REFERENCIAL"]
["DRENAGEM/OBRAS DE CONTENCAO/POCOS DE VISITA E CAIXAS","DROP","BUEIROS","0317","","",102738,"BOCA PARA BUEIRO SIMPLES TUBULAR D = 60 CM EM CONCRETO, ALAS COM ESCONSIDADE DE 0°, INCLUINDO FÔRMAS E MATERIAIS. AF_07/2021","UN","ATRIBUÍDO SÃO PAULO",2231.85,"CAIXA REFERENCIAL"]
["DRENAGEM/OBRAS DE CONTENCAO/POCOS DE VISITA E CAIXAS","DROP","BUEIROS","0317","","",102739,"BOCA PARA BUEIRO SIMPLES TUBULAR D = 80 CM EM CONCRETO, ALAS COM ESCONSIDADE DE 0°, INCLUINDO FÔRMAS E MATERIAIS. AF_07/2021","UN","ATRIBUÍDO SÃO PAULO",3735.4,"CAIXA REFERENCIAL"]
["DRENAGEM/OBRAS DE CONTENCAO/POCOS DE VISITA E CAIXAS","DROP","BUEIROS","0317","","",102740,"BOCA PARA BUEIRO SIMPLES TUBULAR D = 100 CM EM CONCRETO, ALAS COM ESCONSIDADE DE 0°, INCLUINDO FÔRMAS E MATERIAIS. AF_07/2021","UN","ATRIBUÍDO SÃO PAULO",5596.9,"CAIXA REFERENCIAL"]
["DRENAGEM/OBRAS DE CONTENCAO/POCOS DE VISITA E CAIXAS","DROP","BUEIROS","0317","","",102741,"BOCA PARA BUEIRO SIMPLES TUBULAR D = 120 CM EM CONCRETO, ALAS COM ESCONSIDADE DE 0°, INCLUINDO FÔRMAS E MATERIAIS. AF_07/2021","UN","ATRIBUÍDO SÃO PAULO",7853.6,"CAIXA REFERENCIAL"]
["DRENAGEM/OBRAS DE CONTENCAO/POCOS DE VISITA E CAIXAS","DROP","BUEIROS","0317","","",102742,"BOCA PARA BUEIRO SIMPLES TUBULAR D = 150 CM EM CONCRETO, ALAS COM ESCONSIDADE DE 0°, INCLUINDO FÔRMAS E MATERIAIS. AF_07/2021","UN","ATRIBUÍDO SÃO PAULO",13596.33,"CAIXA REFERENCIAL"]
["DRENAGEM/OBRAS DE CONTENCAO/POCOS DE VISITA E CAIXAS","DROP","BUEIROS","0317","","",102743,"BOCA PARA BUEIRO DUPLO TUBULAR D = 80 CM EM CONCRETO, ALAS COM ESCONSIDADE DE 0°, INCLUINDO FÔRMAS E MATERIAIS. AF_07/2021","UN","ATRIBUÍDO SÃO PAULO",4533.72,"CAIXA REFERENCIAL"]
["DRENAGEM/OBRAS DE CONTENCAO/POCOS DE VISITA E CAIXAS","DROP","BUEIROS","0317","","",102744,"BOCA PARA BUEIRO DUPLO TUBULAR D = 100 CM EM CONCRETO, ALAS COM ESCONSIDADE DE 0°, INCLUINDO FÔRMAS E MATERIAIS. AF_07/2021","UN","ATRIBUÍDO SÃO PAULO",6788.56,"CAIXA REFERENCIAL"]
["DRENAGEM/OBRAS DE CONTENCAO/POCOS DE VISITA E CAIXAS","DROP","BUEIROS","0317","","",102745,"BOCA PARA BUEIRO DUPLO TUBULAR D = 120 CM EM CONCRETO, ALAS COM ESCONSIDADE DE 0°, INCLUINDO FÔRMAS E MATERIAIS. AF_07/2021","UN","ATRIBUÍDO SÃO PAULO",9538.1299999999992,"CAIXA REFERENCIAL"]
["DRENAGEM/OBRAS DE CONTENCAO/POCOS DE VISITA E CAIXAS","DROP","BUEIROS","0317","","",102746,"BOCA PARA BUEIRO DUPLO TUBULAR D = 150 CM EM CONCRETO, ALAS COM ESCONSIDADE DE 0°, INCLUINDO FÔRMAS E MATERIAIS. AF_07/2021","UN","ATRIBUÍDO SÃO PAULO",16532.169999999998,"CAIXA REFERENCIAL"]
["DRENAGEM/OBRAS DE CONTENCAO/POCOS DE VISITA E CAIXAS","DROP","BUEIROS","0317","","",102747,"BOCA PARA BUEIRO TRIPLO TUBULAR D = 100 CM EM CONCRETO, ALAS COM ESCONSIDADE DE 0°, INCLUINDO FÔRMAS E MATERIAIS. AF_07/2021","UN","ATRIBUÍDO SÃO PAULO",8434.33,"CAIXA REFERENCIAL"]
["DRENAGEM/OBRAS DE CONTENCAO/POCOS DE VISITA E CAIXAS","DROP","BUEIROS","0317","","",102748,"BOCA PARA BUEIRO TRIPLO TUBULAR D = 120 CM EM CONCRETO, ALAS COM ESCONSIDADE DE 0°, INCLUINDO FÔRMAS E MATERIAIS. AF_07/2021","UN","ATRIBUÍDO SÃO PAULO",11799,"CAIXA REFERENCIAL"]
["DRENAGEM/OBRAS DE CONTENCAO/POCOS DE VISITA E CAIXAS","DROP","BUEIROS","0317","","",102749,"BOCA PARA BUEIRO TRIPLO TUBULAR D = 150 CM EM CONCRETO, ALAS COM ESCONSIDADE DE 0°, INCLUINDO FÔRMAS E MATERIAIS. AF_07/2021","UN","ATRIBUÍDO SÃO PAULO",20254.96,"CAIXA REFERENCIAL"]
["DRENAGEM/OBRAS DE CONTENCAO/POCOS DE VISITA E CAIXAS","DROP","BUEIROS","0317","","",102750,"BOCA PARA BUEIRO SIMPLES TUBULAR D = 60 CM EM CONCRETO, ALAS COM ESCONSIDADE DE 30°, INCLUINDO FÔRMAS E MATERIAIS. AF_07/2021","UN","ATRIBUÍDO SÃO PAULO",2721.1,"CAIXA REFERENCIAL"]
["DRENAGEM/OBRAS DE CONTENCAO/POCOS DE VISITA E CAIXAS","DROP","BUEIROS","0317","","",102751,"BOCA PARA BUEIRO SIMPLES TUBULAR D = 80 CM EM CONCRETO, ALAS COM ESCONSIDADE DE 30°, INCLUINDO FÔRMAS E MATERIAIS. AF_07/2021","UN","ATRIBUÍDO SÃO PAULO",4725.1000000000004,"CAIXA REFERENCIAL"]
["DRENAGEM/OBRAS DE CONTENCAO/POCOS DE VISITA E CAIXAS","DROP","BUEIROS","0317","","",102752,"BOCA PARA BUEIRO SIMPLES TUBULAR D = 100 CM EM CONCRETO, ALAS COM ESCONSIDADE DE 30°, INCLUINDO FÔRMAS E MATERIAIS. AF_07/2021","UN","ATRIBUÍDO SÃO PAULO",7525.26,"CAIXA REFERENCIAL"]
["DRENAGEM/OBRAS DE CONTENCAO/POCOS DE VISITA E CAIXAS","DROP","BUEIROS","0317","","",102753,"BOCA PARA BUEIRO SIMPLES TUBULAR D = 120 CM EM CONCRETO, ALAS COM ESCONSIDADE DE 30°, INCLUINDO FÔRMAS E MATERIAIS. AF_07/2021","UN","ATRIBUÍDO SÃO PAULO",11136.57,"CAIXA REFERENCIAL"]
["DRENAGEM/OBRAS DE CONTENCAO/POCOS DE VISITA E CAIXAS","DROP","BUEIROS","0317","","",102754,"BOCA PARA BUEIRO SIMPLES TUBULAR D = 150 CM EM CONCRETO, ALAS COM ESCONSIDADE DE 30°, INCLUINDO FÔRMAS E MATERIAIS. AF_07/2021","UN","ATRIBUÍDO SÃO PAULO",21170.48,"CAIXA REFERENCIAL"]
["DRENAGEM/OBRAS DE CONTENCAO/POCOS DE VISITA E CAIXAS","DROP","BUEIROS","0317","","",102755,"BOCA PARA BUEIRO DUPLO TUBULAR D = 100 CM EM CONCRETO, ALAS COM ESCONSIDADE DE 30°, INCLUINDO FÔRMAS E MATERIAIS. AF_07/2021","UN","ATRIBUÍDO SÃO PAULO",10520.32,"CAIXA REFERENCIAL"]
["DRENAGEM/OBRAS DE CONTENCAO/POCOS DE VISITA E CAIXAS","DROP","BUEIROS","0317","","",102756,"BOCA PARA BUEIRO DUPLO TUBULAR D = 120 CM EM CONCRETO, ALAS COM ESCONSIDADE DE 30°, INCLUINDO FÔRMAS E MATERIAIS. AF_07/2021","UN","ATRIBUÍDO SÃO PAULO",15617.98,"CAIXA REFERENCIAL"]
["DRENAGEM/OBRAS DE CONTENCAO/POCOS DE VISITA E CAIXAS","DROP","BUEIROS","0317","","",102757,"BOCA PARA BUEIRO DUPLO TUBULAR D = 150 CM EM CONCRETO, ALAS COM ESCONSIDADE DE 30°, INCLUINDO FÔRMAS E MATERIAIS. AF_07/2021","UN","ATRIBUÍDO SÃO PAULO",29052.44,"CAIXA REFERENCIAL"]
["DRENAGEM/OBRAS DE CONTENCAO/POCOS DE VISITA E CAIXAS","DROP","BUEIROS","0317","","",102758,"BOCA PARA BUEIRO TRIPLO TUBULAR D = 100 CM EM CONCRETO, ALAS COM ESCONSIDADE DE 30°, INCLUINDO FÔRMAS E MATERIAIS. AF_07/2021","UN","ATRIBUÍDO SÃO PAULO",13529.69,"CAIXA REFERENCIAL"]
["DRENAGEM/OBRAS DE CONTENCAO/POCOS DE VISITA E CAIXAS","DROP","BUEIROS","0317","","",102759,"BOCA PARA BUEIRO TRIPLO TUBULAR D = 120 CM EM CONCRETO, ALAS COM ESCONSIDADE DE 30°, INCLUINDO FÔRMAS E MATERIAIS. AF_07/2021","UN","ATRIBUÍDO SÃO PAULO",20121.14,"CAIXA REFERENCIAL"]
["DRENAGEM/OBRAS DE CONTENCAO/POCOS DE VISITA E CAIXAS","DROP","BUEIROS","0317","","",102760,"BOCA PARA BUEIRO TRIPLO TUBULAR D = 150 CM EM CONCRETO, ALAS COM ESCONSIDADE DE 30°, INCLUINDO FÔRMAS E MATERIAIS. AF_07/2021","UN","ATRIBUÍDO SÃO PAULO",37083.879999999997,"CAIXA REFERENCIAL"]
["DRENAGEM/OBRAS DE CONTENCAO/POCOS DE VISITA E CAIXAS","DROP","BUEIROS","0317","","",102761,"BOCA PARA BUEIRO SIMPLES CELULAR 150 X 150 CM EM CONCRETO, ALAS COM ESCONSIDADE DE 30°, INCLUINDO FÔRMAS E MATERIAIS. AF_07/2021","UN","ATRIBUÍDO SÃO PAULO",12956.9,"CAIXA REFERENCIAL"]
["DRENAGEM/OBRAS DE CONTENCAO/POCOS DE VISITA E CAIXAS","DROP","BUEIROS","0317","","",102762,"BOCA PARA BUEIRO SIMPLES CELULAR 200 X 200 CM EM CONCRETO, ALAS COM ESCONSIDADE DE 30°, INCLUINDO FÔRMAS E MATERIAIS. AF_07/2021","UN","ATRIBUÍDO SÃO PAULO",20047.46,"CAIXA REFERENCIAL"]
["DRENAGEM/OBRAS DE CONTENCAO/POCOS DE VISITA E CAIXAS","DROP","BUEIROS","0317","","",102763,"BOCA PARA BUEIRO SIMPLES CELULAR 250 X 250 CM EM CONCRETO, ALAS COM ESCONSIDADE DE 30°, INCLUINDO FÔRMAS E MATERIAIS. AF_07/2021","UN","ATRIBUÍDO SÃO PAULO",27917.43,"CAIXA REFERENCIAL"]
["DRENAGEM/OBRAS DE CONTENCAO/POCOS DE VISITA E CAIXAS","DROP","BUEIROS","0317","","",102764,"BOCA PARA BUEIRO SIMPLES CELULAR 300 X 300 CM EM CONCRETO, ALAS COM ESCONSIDADE DE 30°, INCLUINDO FÔRMAS E MATERIAIS. AF_07/2021","UN","ATRIBUÍDO SÃO PAULO",39459.379999999997,"CAIXA REFERENCIAL"]
["DRENAGEM/OBRAS DE CONTENCAO/POCOS DE VISITA E CAIXAS","DROP","BUEIROS","0317","","",102765,"BOCA PARA BUEIRO DUPLO CELULAR 150 X 150 CM EM CONCRETO, ALAS COM ESCONSIDADE DE 30°, INCLUINDO FÔRMAS E MATERIAIS. AF_07/2021","UN","ATRIBUÍDO SÃO PAULO",16132.93,"CAIXA REFERENCIAL"]
["DRENAGEM/OBRAS DE CONTENCAO/POCOS DE VISITA E CAIXAS","DROP","BUEIROS","0317","","",102766,"BOCA PARA BUEIRO DUPLO CELULAR 200 X 200 CM EM CONCRETO, ALAS COM ESCONSIDADE DE 30°, INCLUINDO FÔRMAS E MATERIAIS. AF_07/2021","UN","ATRIBUÍDO SÃO PAULO",24343.29,"CAIXA REFERENCIAL"]
["DRENAGEM/OBRAS DE CONTENCAO/POCOS DE VISITA E CAIXAS","DROP","BUEIROS","0317","","",102767,"BOCA PARA BUEIRO DUPLO CELULAR 250 X 250 CM EM CONCRETO, ALAS COM ESCONSIDADE DE 30°, INCLUINDO FÔRMAS E MATERIAIS. AF_07/2021","UN","ATRIBUÍDO SÃO PAULO",34158.28,"CAIXA REFERENCIAL"]
["DRENAGEM/OBRAS DE CONTENCAO/POCOS DE VISITA E CAIXAS","DROP","BUEIROS","0317","","",102768,"BOCA PARA BUEIRO DUPLO CELULAR 300 X 300 CM EM CONCRETO, ALAS COM ESCONSIDADE DE 30°, INCLUINDO FÔRMAS E MATERIAIS. AF_07/2021","UN","ATRIBUÍDO SÃO PAULO",47872.6,"CAIXA REFERENCIAL"]
["DRENAGEM/OBRAS DE CONTENCAO/POCOS DE VISITA E CAIXAS","DROP","BUEIROS","0317","","",102769,"BOCA PARA BUEIRO TRIPLO CELULAR 150 X 150 CM EM CONCRETO, ALAS COM ESCONSIDADE DE 30°, INCLUINDO FÔRMAS E MATERIAIS. AF_07/2021","UN","ATRIBUÍDO SÃO PAULO",18663.47,"CAIXA REFERENCIAL"]
["DRENAGEM/OBRAS DE CONTENCAO/POCOS DE VISITA E CAIXAS","DROP","BUEIROS","0317","","",102770,"BOCA PARA BUEIRO TRIPLO CELULAR 200 X 200 CM EM CONCRETO, ALAS COM ESCONSIDADE DE 30°, INCLUINDO FÔRMAS E MATERIAIS. AF_07/2021","UN","ATRIBUÍDO SÃO PAULO",28697.73,"CAIXA REFERENCIAL"]
["DRENAGEM/OBRAS DE CONTENCAO/POCOS DE VISITA E CAIXAS","DROP","BUEIROS","0317","","",102771,"BOCA PARA BUEIRO TRIPLO CELULAR 250 X 250 CM EM CONCRETO, ALAS COM ESCONSIDADE DE 30°, INCLUINDO FÔRMAS E MATERIAIS. AF_07/2021","UN","ATRIBUÍDO SÃO PAULO",40249.4,"CAIXA REFERENCIAL"]
["DRENAGEM/OBRAS DE CONTENCAO/POCOS DE VISITA E CAIXAS","DROP","BUEIROS","0317","","",102772,"BOCA PARA BUEIRO TRIPLO CELULAR 300 X 300 CM EM CONCRETO, ALAS COM ESCONSIDADE DE 30°, INCLUINDO FÔRMAS E MATERIAIS. AF_07/2021","UN","ATRIBUÍDO SÃO PAULO",56871.25,"CAIXA REFERENCIAL"]
["DRENAGEM/OBRAS DE CONTENCAO/POCOS DE VISITA E CAIXAS","DROP","BUEIROS","0317","","",102773,"BOCA PARA BUEIRO SIMPLES TUBULAR D = 40 CM EM GABIÃO, ALAS COM ESCONSIDADE DE 45°, INCLUINDO FÔRMAS E MATERIAIS. AF_07/2021","UN","COEFICIENTE DE REPRESENTATIVIDADE",7903.66,"CAIXA REFERENCIAL"]
["DRENAGEM/OBRAS DE CONTENCAO/POCOS DE VISITA E CAIXAS","DROP","BUEIROS","0317","","",102774,"BOCA PARA BUEIRO SIMPLES TUBULAR D = 60 CM EM GABIÃO, ALAS COM ESCONSIDADE DE 45°, INCLUINDO FÔRMAS E MATERIAIS. AF_07/2021","UN","COEFICIENTE DE REPRESENTATIVIDADE",7903.66,"CAIXA REFERENCIAL"]
["DRENAGEM/OBRAS DE CONTENCAO/POCOS DE VISITA E CAIXAS","DROP","BUEIROS","0317","","",102775,"BOCA PARA BUEIRO SIMPLES TUBULAR D = 80 CM EM GABIÃO, ALAS COM ESCONSIDADE DE 45°, INCLUINDO FÔRMAS E MATERIAIS. AF_07/2021","UN","COEFICIENTE DE REPRESENTATIVIDADE",11795.68,"CAIXA REFERENCIAL"]
["DRENAGEM/OBRAS DE CONTENCAO/POCOS DE VISITA E CAIXAS","DROP","BUEIROS","0317","","",102776,"BOCA PARA BUEIRO SIMPLES TUBULAR D = 100 CM EM GABIÃO, ALAS COM ESCONSIDADE DE 45°, INCLUINDO FÔRMAS E MATERIAIS. AF_07/2021","UN","COEFICIENTE DE REPRESENTATIVIDADE",11795.68,"CAIXA REFERENCIAL"]
["DRENAGEM/OBRAS DE CONTENCAO/POCOS DE VISITA E CAIXAS","DROP","BUEIROS","0317","","",102777,"BOCA PARA BUEIRO SIMPLES TUBULAR D = 120 CM EM GABIÃO, ALAS COM ESCONSIDADE DE 45°, INCLUINDO FÔRMAS E MATERIAIS. AF_07/2021","UN","COEFICIENTE DE REPRESENTATIVIDADE",17852.23,"CAIXA REFERENCIAL"]
["DRENAGEM/OBRAS DE CONTENCAO/POCOS DE VISITA E CAIXAS","DROP","BUEIROS","0317","","",102778,"BOCA PARA BUEIRO SIMPLES TUBULAR D = 150 CM EM GABIÃO, ALAS COM ESCONSIDADE DE 45°, INCLUINDO FÔRMAS E MATERIAIS. AF_07/2021","UN","COEFICIENTE DE REPRESENTATIVIDADE",26523.84,"CAIXA REFERENCIAL"]
["DRENAGEM/OBRAS DE CONTENCAO/POCOS DE VISITA E CAIXAS","DROP","BUEIROS","0317","","",102779,"BOCA PARA BUEIRO DUPLO TUBULAR D = 40 CM EM GABIÃO, ALAS COM ESCONSIDADE DE 45°, INCLUINDO FÔRMAS E MATERIAIS. AF_07/2021","UN","COEFICIENTE DE REPRESENTATIVIDADE",7903.66,"CAIXA REFERENCIAL"]
["DRENAGEM/OBRAS DE CONTENCAO/POCOS DE VISITA E CAIXAS","DROP","BUEIROS","0317","","",102780,"BOCA PARA BUEIRO DUPLO TUBULAR D = 60 CM EM GABIÃO, ALAS COM ESCONSIDADE DE 45°, INCLUINDO FÔRMAS E MATERIAIS. AF_07/2021","UN","COEFICIENTE DE REPRESENTATIVIDADE",9095.19,"CAIXA REFERENCIAL"]
["DRENAGEM/OBRAS DE CONTENCAO/POCOS DE VISITA E CAIXAS","DROP","BUEIROS","0317","","",102781,"BOCA PARA BUEIRO DUPLO TUBULAR D = 80 CM EM GABIÃO, ALAS COM ESCONSIDADE DE 45°, INCLUINDO FÔRMAS E MATERIAIS. AF_07/2021","UN","COEFICIENTE DE REPRESENTATIVIDADE",13473.71,"CAIXA REFERENCIAL"]
["DRENAGEM/OBRAS DE CONTENCAO/POCOS DE VISITA E CAIXAS","DROP","BUEIROS","0317","","",102782,"BOCA PARA BUEIRO DUPLO TUBULAR D = 100 CM EM GABIÃO, ALAS COM ESCONSIDADE DE 45°, INCLUINDO FÔRMAS E MATERIAIS. AF_07/2021","UN","COEFICIENTE DE REPRESENTATIVIDADE",14980.18,"CAIXA REFERENCIAL"]
["DRENAGEM/OBRAS DE CONTENCAO/POCOS DE VISITA E CAIXAS","DROP","BUEIROS","0317","","",102783,"BOCA PARA BUEIRO DUPLO TUBULAR D = 120 CM EM GABIÃO, ALAS COM ESCONSIDADE DE 45°, INCLUINDO FÔRMAS E MATERIAIS. AF_07/2021","UN","COEFICIENTE DE REPRESENTATIVIDADE",19845.21,"CAIXA REFERENCIAL"]
["DRENAGEM/OBRAS DE CONTENCAO/POCOS DE VISITA E CAIXAS","DROP","BUEIROS","0317","","",102784,"BOCA PARA BUEIRO DUPLO TUBULAR D = 150 CM EM GABIÃO, ALAS COM ESCONSIDADE DE 45°, INCLUINDO FÔRMAS E MATERIAIS. AF_07/2021","UN","COEFICIENTE DE REPRESENTATIVIDADE",30859.65,"CAIXA REFERENCIAL"]
["DRENAGEM/OBRAS DE CONTENCAO/POCOS DE VISITA E CAIXAS","DROP","BUEIROS","0317","","",102785,"BOCA PARA BUEIRO TRIPLO TUBULAR D = 40 CM EM GABIÃO, ALAS COM ESCONSIDADE DE 45°, INCLUINDO FÔRMAS E MATERIAIS. AF_07/2021","UN","COEFICIENTE DE REPRESENTATIVIDADE",9095.19,"CAIXA REFERENCIAL"]
["DRENAGEM/OBRAS DE CONTENCAO/POCOS DE VISITA E CAIXAS","DROP","BUEIROS","0317","","",102786,"BOCA PARA BUEIRO TRIPLO TUBULAR D = 60 CM EM GABIÃO, ALAS COM ESCONSIDADE DE 45°, INCLUINDO FÔRMAS E MATERIAIS. AF_07/2021","UN","COEFICIENTE DE REPRESENTATIVIDADE",10115.16,"CAIXA REFERENCIAL"]
["DRENAGEM/OBRAS DE CONTENCAO/POCOS DE VISITA E CAIXAS","DROP","BUEIROS","0317","","",102787,"BOCA PARA BUEIRO TRIPLO TUBULAR D = 80 CM EM GABIÃO, ALAS COM ESCONSIDADE DE 45°, INCLUINDO FÔRMAS E MATERIAIS. AF_07/2021","UN","COEFICIENTE DE REPRESENTATIVIDADE",14980.18,"CAIXA REFERENCIAL"]
["DRENAGEM/OBRAS DE CONTENCAO/POCOS DE VISITA E CAIXAS","DROP","BUEIROS","0317","","",102788,"BOCA PARA BUEIRO TRIPLO TUBULAR D = 100 CM EM GABIÃO, ALAS COM ESCONSIDADE DE 45°, INCLUINDO FÔRMAS E MATERIAIS. AF_07/2021","UN","COEFICIENTE DE REPRESENTATIVIDADE",16454.48,"CAIXA REFERENCIAL"]
["DRENAGEM/OBRAS DE CONTENCAO/POCOS DE VISITA E CAIXAS","DROP","BUEIROS","0317","","",102789,"BOCA PARA BUEIRO TRIPLO TUBULAR D = 120 CM EM GABIÃO, ALAS COM ESCONSIDADE DE 45°, INCLUINDO FÔRMAS E MATERIAIS. AF_07/2021","UN","COEFICIENTE DE REPRESENTATIVIDADE",21645.18,"CAIXA REFERENCIAL"]
["DRENAGEM/OBRAS DE CONTENCAO/POCOS DE VISITA E CAIXAS","DROP","BUEIROS","0317","","",102790,"BOCA PARA BUEIRO TRIPLO TUBULAR D = 150 CM EM GABIÃO, ALAS COM ESCONSIDADE DE 45°, INCLUINDO FÔRMAS E MATERIAIS. AF_07/2021","UN","COEFICIENTE DE REPRESENTATIVIDADE",35731.58,"CAIXA REFERENCIAL"]
["DRENAGEM/OBRAS DE CONTENCAO/POCOS DE VISITA E CAIXAS","DROP","BUEIROS","0317","","",102791,"BOCA PARA BUEIRO SIMPLES CELULAR 150 X 150 CM EM GABIÃO, ALAS COM ESCONSIDADE DE 45°, INCLUINDO FÔRMAS E MATERIAIS. AF_07/2021","UN","COEFICIENTE DE REPRESENTATIVIDADE",28788.87,"CAIXA REFERENCIAL"]
["DRENAGEM/OBRAS DE CONTENCAO/POCOS DE VISITA E CAIXAS","DROP","BUEIROS","0317","","",102792,"BOCA PARA BUEIRO SIMPLES CELULAR 200 X 200 CM EM GABIÃO, ALAS COM ESCONSIDADE DE 45°, INCLUINDO FÔRMAS E MATERIAIS. AF_07/2021","UN","COEFICIENTE DE REPRESENTATIVIDADE",46808.59,"CAIXA REFERENCIAL"]
["DRENAGEM/OBRAS DE CONTENCAO/POCOS DE VISITA E CAIXAS","DROP","BUEIROS","0317","","",102793,"BOCA PARA BUEIRO SIMPLES CELULAR 250 X 250 CM EM GABIÃO, ALAS COM ESCONSIDADE DE 45°, INCLUINDO FÔRMAS E MATERIAIS. AF_07/2021","UN","COEFICIENTE DE REPRESENTATIVIDADE",62997.68,"CAIXA REFERENCIAL"]
["DRENAGEM/OBRAS DE CONTENCAO/POCOS DE VISITA E CAIXAS","DROP","BUEIROS","0317","","",102794,"BOCA PARA BUEIRO SIMPLES CELULAR 300 X 300 CM EM GABIÃO, ALAS COM ESCONSIDADE DE 45°, INCLUINDO FÔRMAS E MATERIAIS. AF_07/2021","UN","COEFICIENTE DE REPRESENTATIVIDADE",90225.86,"CAIXA REFERENCIAL"]
["DRENAGEM/OBRAS DE CONTENCAO/POCOS DE VISITA E CAIXAS","DROP","BUEIROS","0317","","",102795,"BOCA PARA BUEIRO DUPLO CELULAR 150 X 150 CM EM GABIÃO, ALAS COM ESCONSIDADE DE 45°, INCLUINDO FÔRMAS E MATERIAIS. AF_07/2021","UN","COEFICIENTE DE REPRESENTATIVIDADE",30720.34,"CAIXA REFERENCIAL"]
["DRENAGEM/OBRAS DE CONTENCAO/POCOS DE VISITA E CAIXAS","DROP","BUEIROS","0317","","",102796,"BOCA PARA BUEIRO DUPLO CELULAR 200 X 200 CM EM GABIÃO, ALAS COM ESCONSIDADE DE 45°, INCLUINDO FÔRMAS E MATERIAIS. AF_07/2021","UN","COEFICIENTE DE REPRESENTATIVIDADE",49521.47,"CAIXA REFERENCIAL"]
["DRENAGEM/OBRAS DE CONTENCAO/POCOS DE VISITA E CAIXAS","DROP","BUEIROS","0317","","",102797,"BOCA PARA BUEIRO DUPLO CELULAR 250 X 250 CM EM GABIÃO, ALAS COM ESCONSIDADE DE 45°, INCLUINDO FÔRMAS E MATERIAIS. AF_07/2021","UN","COEFICIENTE DE REPRESENTATIVIDADE",70204.63,"CAIXA REFERENCIAL"]
["DRENAGEM/OBRAS DE CONTENCAO/POCOS DE VISITA E CAIXAS","DROP","BUEIROS","0317","","",102798,"BOCA PARA BUEIRO DUPLO CELULAR 300 X 300 CM EM GABIÃO, ALAS COM ESCONSIDADE DE 45°, INCLUINDO FÔRMAS E MATERIAIS. AF_07/2021","UN","COEFICIENTE DE REPRESENTATIVIDADE",85912.19,"CAIXA REFERENCIAL"]
["DRENAGEM/OBRAS DE CONTENCAO/POCOS DE VISITA E CAIXAS","DROP","BUEIROS","0317","","",102799,"BOCA PARA BUEIRO TRIPLO CELULAR 150 X 150 CM EM GABIÃO, ALAS COM ESCONSIDADE DE 45°, INCLUINDO FÔRMAS E MATERIAIS. AF_07/2021","UN","COEFICIENTE DE REPRESENTATIVIDADE",31369.01,"CAIXA REFERENCIAL"]
["DRENAGEM/OBRAS DE CONTENCAO/POCOS DE VISITA E CAIXAS","DROP","BUEIROS","0317","","",102800,"BOCA PARA BUEIRO TRIPLO CELULAR 200 X 200 CM EM GABIÃO, ALAS COM ESCONSIDADE DE 45°, INCLUINDO FÔRMAS E MATERIAIS. AF_07/2021","UN","COEFICIENTE DE REPRESENTATIVIDADE",54363.98,"CAIXA REFERENCIAL"]
["DRENAGEM/OBRAS DE CONTENCAO/POCOS DE VISITA E CAIXAS","DROP","BUEIROS","0317","","",102801,"BOCA PARA BUEIRO TRIPLO CELULAR 250 X 250 CM EM GABIÃO, ALAS COM ESCONSIDADE DE 45°, INCLUINDO FÔRMAS E MATERIAIS. AF_07/2021","UN","COEFICIENTE DE REPRESENTATIVIDADE",76110,"CAIXA REFERENCIAL"]
["DRENAGEM/OBRAS DE CONTENCAO/POCOS DE VISITA E CAIXAS","DROP","BUEIROS","0317","","",102802,"BOCA PARA BUEIRO TRIPLO CELULAR 300 X 300 CM EM GABIÃO, ALAS COM ESCONSIDADE DE 45°, INCLUINDO FÔRMAS E MATERIAIS. AF_07/2021","UN","COEFICIENTE DE REPRESENTATIVIDADE",91261.57,"CAIXA REFERENCIAL"]
["ESCORAMENTO","ESCO","ESCORAMENTO DE MADEIRA EM VALAS","0023","","",101570,"ESCORAMENTO DE VALA, TIPO PONTALETEAMENTO, COM PROFUNDIDADE DE 0 A 1,5 M, LARGURA MENOR QUE 1,5 M. AF_08/2020","M2","COEFICIENTE DE REPRESENTATIVIDADE",22.81,"CAIXA REFERENCIAL"]
["ESCORAMENTO","ESCO","ESCORAMENTO DE MADEIRA EM VALAS","0023","","",101571,"ESCORAMENTO DE VALA, TIPO PONTALETEAMENTO, COM PROFUNDIDADE DE 0 A 1,5 M, LARGURA MAIOR OU IGUAL A 1,5 M E MENOR QUE 2,5 M. AF_08/2020","M2","COEFICIENTE DE REPRESENTATIVIDADE",30.82,"CAIXA REFERENCIAL"]
["ESCORAMENTO","ESCO","ESCORAMENTO DE MADEIRA EM VALAS","0023","","",101572,"ESCORAMENTO DE VALA, TIPO PONTALETEAMENTO, COM PROFUNDIDADE DE 1,5 A 3,0 M, LARGURA MENOR QUE 1,5 M. AF_08/2020","M2","COEFICIENTE DE REPRESENTATIVIDADE",17.989999999999998,"CAIXA REFERENCIAL"]
["ESCORAMENTO","ESCO","ESCORAMENTO DE MADEIRA EM VALAS","0023","","",101573,"ESCORAMENTO DE VALA, TIPO PONTALETEAMENTO, COM PROFUNDIDADE DE 1,5 A 3,0 M, LARGURA MAIOR OU IGUAL A 1,5 M E MENOR QUE 2,5 M. AF_08/2020","M2","COEFICIENTE DE REPRESENTATIVIDADE",25.99,"CAIXA REFERENCIAL"]
["ESCORAMENTO","ESCO","ESCORAMENTO DE MADEIRA EM VALAS","0023","","",101574,"ESCORAMENTO DE VALA, TIPO PONTALETEAMENTO, COM PROFUNDIDADE DE 3,0 A 4,5 M, LARGURA MENOR QUE 1,5 M. AF_08/2020","M2","COEFICIENTE DE REPRESENTATIVIDADE",13.97,"CAIXA REFERENCIAL"]
["ESCORAMENTO","ESCO","ESCORAMENTO DE MADEIRA EM VALAS","0023","","",101575,"ESCORAMENTO DE VALA, TIPO PONTALETEAMENTO, COM PROFUNDIDADE DE 3,0 A 4,5 M, LARGURA MAIOR OU IGUAL A 1,5 M E MENOR QUE 2,5 M. AF_08/2020","M2","COEFICIENTE DE REPRESENTATIVIDADE",22.16,"CAIXA REFERENCIAL"]
["ESCORAMENTO","ESCO","ESCORAMENTO DE MADEIRA EM VALAS","0023","","",101576,"ESCORAMENTO DE VALA, TIPO DESCONTÍNUO, COM PROFUNDIDADE DE 0 A 1,5 M, LARGURA MENOR QUE 1,5 M. AF_08/2020","M2","COEFICIENTE DE REPRESENTATIVIDADE",41.66,"CAIXA REFERENCIAL"]
["ESCORAMENTO","ESCO","ESCORAMENTO DE MADEIRA EM VALAS","0023","","",101577,"ESCORAMENTO DE VALA, TIPO DESCONTÍNUO, COM PROFUNDIDADE DE 0 A 1,5 M, LARGURA MAIOR OU IGUAL A 1,5 M E MENOR QUE 2,5 M. AF_08/2020","M2","COEFICIENTE DE REPRESENTATIVIDADE",51.88,"CAIXA REFERENCIAL"]
["ESCORAMENTO","ESCO","ESCORAMENTO DE MADEIRA EM VALAS","0023","","",101578,"ESCORAMENTO DE VALA, TIPO DESCONTÍNUO, COM PROFUNDIDADE DE 1,5 M A 3,0 M, LARGURA MENOR QUE 1,5 M. AF_08/2020","M2","COEFICIENTE DE REPRESENTATIVIDADE",34.630000000000003,"CAIXA REFERENCIAL"]
["ESCORAMENTO","ESCO","ESCORAMENTO DE MADEIRA EM VALAS","0023","","",101579,"ESCORAMENTO DE VALA, TIPO DESCONTÍNUO, COM PROFUNDIDADE DE 1,5 A 3,0 M, LARGURA MAIOR OU IGUAL A 1,5 M E MENOR QUE 2,5 M. AF_08/2020","M2","COEFICIENTE DE REPRESENTATIVIDADE",44.84,"CAIXA REFERENCIAL"]
["ESCORAMENTO","ESCO","ESCORAMENTO DE MADEIRA EM VALAS","0023","","",101580,"ESCORAMENTO DE VALA, TIPO DESCONTÍNUO, COM PROFUNDIDADE DE 3,0 A 4,5 M, LARGURA MENOR QUE 1,5 M. AF_08/2020","M2","COEFICIENTE DE REPRESENTATIVIDADE",31.07,"CAIXA REFERENCIAL"]
["ESCORAMENTO","ESCO","ESCORAMENTO DE MADEIRA EM VALAS","0023","","",101581,"ESCORAMENTO DE VALA, TIPO DESCONTÍNUO, COM PROFUNDIDADE DE 3,0 A 4,5 M, LARGURA MAIOR OU IGUAL A 1,5 E MENOR QUE 2,5 M. AF_08/2020","M2","COEFICIENTE DE REPRESENTATIVIDADE",41.46,"CAIXA REFERENCIAL"]
["ESCORAMENTO","ESCO","ESCORAMENTO DE MADEIRA EM VALAS","0023","","",101582,"ESCORAMENTO DE VALA, TIPO CONTÍNUO, COM PROFUNDIDADE DE 0 A 1,5 M, LARGURA MENOR QUE 1,5 M. AF_08/2020","M2","COEFICIENTE DE REPRESENTATIVIDADE",68.540000000000006,"CAIXA REFERENCIAL"]
["ESCORAMENTO","ESCO","ESCORAMENTO DE MADEIRA EM VALAS","0023","","",101583,"ESCORAMENTO DE VALA, TIPO CONTÍNUO, COM PROFUNDIDADE DE 0 A 1,5 M, LARGURA MAIOR OU IGUAL A 1,5 M E MENOR QUE 2,5 M. AF_08/2020","M2","COEFICIENTE DE REPRESENTATIVIDADE",84.39,"CAIXA REFERENCIAL"]
["ESCORAMENTO","ESCO","ESCORAMENTO DE MADEIRA EM VALAS","0023","","",101584,"ESCORAMENTO DE VALA, TIPO CONTÍNUO, COM PROFUNDIDADE DE 1,5 M A 3,0 M, LARGURA MENOR QUE 1,5 M. AF_08/2020","M2","COEFICIENTE DE REPRESENTATIVIDADE",56.62,"CAIXA REFERENCIAL"]
["ESCORAMENTO","ESCO","ESCORAMENTO DE MADEIRA EM VALAS","0023","","",101585,"ESCORAMENTO DE VALA, TIPO CONTÍNUO, COM PROFUNDIDADE DE 1,5 A 3,0 M, LARGURA MAIOR OU IGUAL A 1,5 M E MENOR QUE 2,5 M. AF_08/2020","M2","COEFICIENTE DE REPRESENTATIVIDADE",72.47,"CAIXA REFERENCIAL"]
["ESCORAMENTO","ESCO","ESCORAMENTO DE MADEIRA EM VALAS","0023","","",101586,"ESCORAMENTO DE VALA, TIPO CONTÍNUO, COM PROFUNDIDADE DE 3,0 A 4,5 M, LARGURA MENOR QUE 1,5 M. AF_08/2020","M2","COEFICIENTE DE REPRESENTATIVIDADE",49.5,"CAIXA REFERENCIAL"]
["ESCORAMENTO","ESCO","ESCORAMENTO DE MADEIRA EM VALAS","0023","","",101587,"ESCORAMENTO DE VALA, TIPO CONTÍNUO, COM PROFUNDIDADE DE 3,0 A 4,5 M, LARGURA MAIOR OU IGUAL A 1,5 E MENOR QUE 2,5 M. AF_08/2020","M2","COEFICIENTE DE REPRESENTATIVIDADE",65.540000000000006,"CAIXA REFERENCIAL"]
["ESCORAMENTO","ESCO","ESCORAMENTO METALICO EM VALAS OU POCOS","0024","","",101588,"ESCORAMENTO DE VALA, TIPO CONTÍNUO COM PERFIL METÁLICO \"U\", COM PROFUNDIDADE DE 0 A 1,5 M, LARGURA MENOR QUE 1,5 M. AF_08/2020","M2","ATRIBUÍDO SÃO PAULO",93.92,"CAIXA REFERENCIAL"]
["ESCORAMENTO","ESCO","ESCORAMENTO METALICO EM VALAS OU POCOS","0024","","",101589,"ESCORAMENTO DE VALA,TIPO CONTÍNUO COM PERFIL METÁLICO \"U\", COM PROFUNDIDADE DE 0 A 1,5 M, LARGURA MAIOR OU IGUAL A 1,5 E MENOR QUE 2,5 M. AF_08/2020","M2","ATRIBUÍDO SÃO PAULO",136.81,"CAIXA REFERENCIAL"]
["ESCORAMENTO","ESCO","ESCORAMENTO METALICO EM VALAS OU POCOS","0024","","",101590,"ESCORAMENTO DE VALA, TIPO CONTÍNUO COM PERFIL METÁLICO \"U\", COM PROFUNDIDADE DE 1,5 A 3,0 M, LARGURA MENOR QUE 1,5 M. AF_08/2020","M2","ATRIBUÍDO SÃO PAULO",71.17,"CAIXA REFERENCIAL"]
["ESCORAMENTO","ESCO","ESCORAMENTO METALICO EM VALAS OU POCOS","0024","","",101591,"ESCORAMENTO DE VALA, TIPO CONTÍNUO COM PERFIL METÁLICO \"U\", COM PROFUNDIDADE DE 1,5 A 3,0 M, LARGURA MAIOR OU IGUAL 1,5 M E MENOR QUE 2,5 M. AF_08/2020","M2","ATRIBUÍDO SÃO PAULO",114.07,"CAIXA REFERENCIAL"]
["ESCORAMENTO","ESCO","ESCORAMENTO METALICO EM VALAS OU POCOS","0024","","",101592,"ESCORAMENTO DE VALA, TIPO CONTÍNUO COM PERFIL METÁLICO \"U\", COM PROFUNDIDADE DE 3,0 A 4,5 M, LARGURA MENOR QUE 1,5 M. AF_08/2020","M2","ATRIBUÍDO SÃO PAULO",50.23,"CAIXA REFERENCIAL"]
["ESCORAMENTO","ESCO","ESCORAMENTO METALICO EM VALAS OU POCOS","0024","","",101593,"ESCORAMENTO DE VALA, TIPO CONTÍNUO COM PERFIL METÁLICO \"U\", COM PROFUNDIDADE DE 3,0 A 4,5 M, LARGURA MAIOR OU IGUAL A 1,5 M E MENOR QUE 2,5 M. AF_08/2020","M2","ATRIBUÍDO SÃO PAULO",93.27,"CAIXA REFERENCIAL"]
["ESCORAMENTO","ESCO","ESCORAMENTO METALICO EM VALAS OU POCOS","0024","","",101600,"ESCORAMENTO DE VALA, TIPO BLINDAGEM, COM PROFUNDIDADE DE 0 A 1,5 M, LARGURA MENOR QUE 1,5 M - EXECUÇÃO, NÃO INCLUI MATERIAL. AF_08/2020","M2","COLETADO",17.559999999999999,"CAIXA REFERENCIAL"]
["ESCORAMENTO","ESCO","ESCORAMENTO METALICO EM VALAS OU POCOS","0024","","",101601,"ESCORAMENTO DE VALA, TIPO BLINDAGEM COM PROFUNDIDADE DE 0 A 1,5 M, LARGURA MAIOR OU IGUAL A 1,5 M E MENOR QUE 2,5 M - EXECUÇÃO, NÃO INCLUI MATERIAL. AF_08/2020","M2","COLETADO",25.98,"CAIXA REFERENCIAL"]
["ESCORAMENTO","ESCO","ESCORAMENTO METALICO EM VALAS OU POCOS","0024","","",101602,"ESCORAMENTO DE VALA, TIPO BLINDAGEM, COM PROFUNDIDADE DE 1,5 A 3,0 M, LARGURA MENOR QUE 1,5 M - EXECUÇÃO, NÃO INCLUI MATERIAL. AF_08/2020","M2","COLETADO",13.01,"CAIXA REFERENCIAL"]
["ESCORAMENTO","ESCO","ESCORAMENTO METALICO EM VALAS OU POCOS","0024","","",101603,"ESCORAMENTO DE VALA, TIPO BLINDAGEM, COM PROFUNDIDADE DE 1,5 A 3,0 M, LARGURA MAIOR OU IGUAL A 1,5 M E MENOR QUE 2,5 M - EXECUÇÃO, NÃO INCLUI MATERIAL. AF_08/2020","M2","COLETADO",21.45,"CAIXA REFERENCIAL"]
["ESCORAMENTO","ESCO","ESCORAMENTO METALICO EM VALAS OU POCOS","0024","","",101604,"ESCORAMENTO DE VALA, TIPO BLINDAGEM, COM PROFUNDIDADE DE 3,0 A 4,5 M, LARGURA MENOR QUE 1,5 M - EXECUÇÃO, NÃO INCLUI MATERIAL. AF_08/2020","M2","COLETADO",8.51,"CAIXA REFERENCIAL"]
["ESCORAMENTO","ESCO","ESCORAMENTO METALICO EM VALAS OU POCOS","0024","","",101605,"ESCORAMENTO DE VALA, TIPO BLINDAGEM, COM PROFUNDIDADE DE 3,0 A 4,5 M, LARGURA MAIOR OU IGUAL A 1,5 M E MENOR QUE 2,5 M - EXECUÇÃO, NÃO INCLUI MATERIAL. AF_08/2020","M2","COLETADO",16.95,"CAIXA REFERENCIAL"]
["ESQUADRIAS/FERRAGENS/VIDROS","ESQV","PORTA DE MADEIRA","0089","","",90788,"KIT DE PORTA-PRONTA DE MADEIRA EM ACABAMENTO MELAMÍNICO BRANCO, FOLHA LEVE OU MÉDIA, 60X210CM, EXCLUSIVE FECHADURA, FIXAÇÃO COM PREENCHIMENTO PARCIAL DE ESPUMA EXPANSIVA - FORNECIMENTO E INSTALAÇÃO. AF_12/2019","UN","COEFICIENTE DE REPRESENTATIVIDADE",628.16999999999996,"CAIXA REFERENCIAL"]
["ESQUADRIAS/FERRAGENS/VIDROS","ESQV","PORTA DE MADEIRA","0089","","",90789,"KIT DE PORTA-PRONTA DE MADEIRA EM ACABAMENTO MELAMÍNICO BRANCO, FOLHA LEVE OU MÉDIA, 70X210CM, EXCLUSIVE FECHADURA, FIXAÇÃO COM PREENCHIMENTO PARCIAL DE ESPUMA EXPANSIVA - FORNECIMENTO E INSTALAÇÃO. AF_12/2019","UN","COEFICIENTE DE REPRESENTATIVIDADE",629.82000000000005,"CAIXA REFERENCIAL"]
["ESQUADRIAS/FERRAGENS/VIDROS","ESQV","PORTA DE MADEIRA","0089","","",90790,"KIT DE PORTA-PRONTA DE MADEIRA EM ACABAMENTO MELAMÍNICO BRANCO, FOLHA LEVE OU MÉDIA, 80X210CM, EXCLUSIVE FECHADURA, FIXAÇÃO COM PREENCHIMENTO PARCIAL DE ESPUMA EXPANSIVA - FORNECIMENTO E INSTALAÇÃO. AF_12/2019","UN","COEFICIENTE DE REPRESENTATIVIDADE",649.61,"CAIXA REFERENCIAL"]
["ESQUADRIAS/FERRAGENS/VIDROS","ESQV","PORTA DE MADEIRA","0089","","",90791,"KIT DE PORTA-PRONTA DE MADEIRA EM ACABAMENTO MELAMÍNICO BRANCO, FOLHA PESADA OU SUPERPESADA, 80X210CM, FIXAÇÃO COM PREENCHIMENTO PARCIAL DE ESPUMA EXPANSIVA - FORNECIMENTO E INSTALAÇÃO. AF_12/2019","UN","COEFICIENTE DE REPRESENTATIVIDADE",760.9,"CAIXA REFERENCIAL"]
["ESQUADRIAS/FERRAGENS/VIDROS","ESQV","PORTA DE MADEIRA","0089","","",90793,"KIT DE PORTA-PRONTA DE MADEIRA EM ACABAMENTO MELAMÍNICO BRANCO, FOLHA PESADA OU SUPERPESADA, 90X210CM, FIXAÇÃO COM PREENCHIMENTO TOTAL DE ESPUMA EXPANSIVA - FORNECIMENTO E INSTALAÇÃO. AF_12/2019","UN","COEFICIENTE DE REPRESENTATIVIDADE",819.55,"CAIXA REFERENCIAL"]
["ESQUADRIAS/FERRAGENS/VIDROS","ESQV","PORTA DE MADEIRA","0089","","",90794,"KIT DE PORTA-PRONTA DE MADEIRA EM ACABAMENTO MELAMÍNICO BRANCO, FOLHA LEVE OU MÉDIA, E BATENTE METÁLICO, 60X210CM, FIXAÇÃO COM ARGAMASSA - FORNECIMENTO E INSTALAÇÃO. AF_12/2019","UN","COEFICIENTE DE REPRESENTATIVIDADE",551,"CAIXA REFERENCIAL"]
["ESQUADRIAS/FERRAGENS/VIDROS","ESQV","PORTA DE MADEIRA","0089","","",90795,"KIT DE PORTA-PRONTA DE MADEIRA EM ACABAMENTO MELAMÍNICO BRANCO, FOLHA LEVE OU MÉDIA, E BATENTE METÁLICO, 70X210CM, FIXAÇÃO COM ARGAMASSA - FORNECIMENTO E INSTALAÇÃO. AF_12/2019","UN","COEFICIENTE DE REPRESENTATIVIDADE",558.01,"CAIXA REFERENCIAL"]
["ESQUADRIAS/FERRAGENS/VIDROS","ESQV","PORTA DE MADEIRA","0089","","",90796,"KIT DE PORTA-PRONTA DE MADEIRA EM ACABAMENTO MELAMÍNICO BRANCO, FOLHA LEVE OU MÉDIA, E BATENTE METÁLICO, 80X210CM, FIXAÇÃO COM ARGAMASSA - FORNECIMENTO E INSTALAÇÃO. AF_12/2019","UN","COEFICIENTE DE REPRESENTATIVIDADE",565.02,"CAIXA REFERENCIAL"]
["ESQUADRIAS/FERRAGENS/VIDROS","ESQV","PORTA DE MADEIRA","0089","","",90797,"KIT DE PORTA-PRONTA DE MADEIRA EM ACABAMENTO MELAMÍNICO BRANCO, FOLHA LEVE OU MÉDIA, E BATENTE METÁLICO, 90X210CM, FIXAÇÃO COM ARGAMASSA - FORNECIMENTO E INSTALAÇÃO. AF_12/2019","UN","COEFICIENTE DE REPRESENTATIVIDADE",572.02,"CAIXA REFERENCIAL"]
["ESQUADRIAS/FERRAGENS/VIDROS","ESQV","PORTA DE MADEIRA","0089","","",90798,"KIT DE PORTA-PRONTA DE MADEIRA EM ACABAMENTO MELAMÍNICO BRANCO, FOLHA PESADA OU SUPERPESADA, E BATENTE METÁLICO, 80X210CM, FIXAÇÃO COM ARGAMASSA - FORNECIMENTO E INSTALAÇÃO. AF_12/2019","UN","COEFICIENTE DE REPRESENTATIVIDADE",819.7,"CAIXA REFERENCIAL"]
["ESQUADRIAS/FERRAGENS/VIDROS","ESQV","PORTA DE MADEIRA","0089","","",90799,"KIT DE PORTA-PRONTA DE MADEIRA EM ACABAMENTO MELAMÍNICO BRANCO, FOLHA PESADA OU SUPERPESADA, E BATENTE METÁLICO, 90X210CM, FIXAÇÃO COM ARGAMASSA - FORNECIMENTO E INSTALAÇÃO. AF_12/2019","UN","COEFICIENTE DE REPRESENTATIVIDADE",847.03,"CAIXA REFERENCIAL"]
["ESQUADRIAS/FERRAGENS/VIDROS","ESQV","PORTA DE MADEIRA","0089","","",90801,"BATENTE PARA PORTA DE MADEIRA, PADRÃO MÉDIO - FORNECIMENTO E MONTAGEM. AF_12/2019","UN","COEFICIENTE DE REPRESENTATIVIDADE",295.48,"CAIXA REFERENCIAL"]
["ESQUADRIAS/FERRAGENS/VIDROS","ESQV","PORTA DE MADEIRA","0089","","",90806,"BATENTE PARA PORTA DE MADEIRA, FIXAÇÃO COM ARGAMASSA, PADRÃO MÉDIO - FORNECIMENTO E INSTALAÇÃO. AF_12/2019","UN","COEFICIENTE DE REPRESENTATIVIDADE",382.61,"CAIXA REFERENCIAL"]
["ESQUADRIAS/FERRAGENS/VIDROS","ESQV","PORTA DE MADEIRA","0089","","",90820,"PORTA DE MADEIRA PARA PINTURA, SEMI-OCA (LEVE OU MÉDIA), 60X210CM, ESPESSURA DE 3,5CM, INCLUSO DOBRADIÇAS - FORNECIMENTO E INSTALAÇÃO. AF_12/2019","UN","COEFICIENTE DE REPRESENTATIVIDADE",307.56,"CAIXA REFERENCIAL"]
["ESQUADRIAS/FERRAGENS/VIDROS","ESQV","PORTA DE MADEIRA","0089","","",90821,"PORTA DE MADEIRA PARA PINTURA, SEMI-OCA (LEVE OU MÉDIA), 70X210CM, ESPESSURA DE 3,5CM, INCLUSO DOBRADIÇAS - FORNECIMENTO E INSTALAÇÃO. AF_12/2019","UN","COEFICIENTE DE REPRESENTATIVIDADE",313.45999999999998,"CAIXA REFERENCIAL"]
["ESQUADRIAS/FERRAGENS/VIDROS","ESQV","PORTA DE MADEIRA","0089","","",90822,"PORTA DE MADEIRA PARA PINTURA, SEMI-OCA (LEVE OU MÉDIA), 80X210CM, ESPESSURA DE 3,5CM, INCLUSO DOBRADIÇAS - FORNECIMENTO E INSTALAÇÃO. AF_12/2019","UN","COEFICIENTE DE REPRESENTATIVIDADE",332.14,"CAIXA REFERENCIAL"]
["ESQUADRIAS/FERRAGENS/VIDROS","ESQV","PORTA DE MADEIRA","0089","","",90823,"PORTA DE MADEIRA PARA PINTURA, SEMI-OCA (LEVE OU MÉDIA), 90X210CM, ESPESSURA DE 3,5CM, INCLUSO DOBRADIÇAS - FORNECIMENTO E INSTALAÇÃO. AF_12/2019","UN","COEFICIENTE DE REPRESENTATIVIDADE",392.82,"CAIXA REFERENCIAL"]
["ESQUADRIAS/FERRAGENS/VIDROS","ESQV","PORTA DE MADEIRA","0089","","",90824,"PORTA DE MADEIRA PARA PINTURA, SEMI-OCA (PESADA OU SUPERPESADA), 80X210CM, ESPESSURA DE 3,5CM, INCLUSO DOBRADIÇAS - FORNECIMENTO E INSTALAÇÃO. AF_12/2019","UN","COEFICIENTE DE REPRESENTATIVIDADE",534.07000000000005,"CAIXA REFERENCIAL"]
["ESQUADRIAS/FERRAGENS/VIDROS","ESQV","PORTA DE MADEIRA","0089","","",90825,"PORTA DE MADEIRA, MACIÇA (PESADA OU SUPERPESADA), 90X210CM, ESPESSURA DE 3,5CM, INCLUSO DOBRADIÇAS - FORNECIMENTO E INSTALAÇÃO. AF_12/2019","UN","COEFICIENTE DE REPRESENTATIVIDADE",587.52,"CAIXA REFERENCIAL"]
["ESQUADRIAS/FERRAGENS/VIDROS","ESQV","PORTA DE MADEIRA","0089","","",90830,"FECHADURA DE EMBUTIR COM CILINDRO, EXTERNA, COMPLETA, ACABAMENTO PADRÃO MÉDIO, INCLUSO EXECUÇÃO DE FURO - FORNECIMENTO E INSTALAÇÃO. AF_12/2019","UN","COEFICIENTE DE REPRESENTATIVIDADE",184.47,"CAIXA REFERENCIAL"]
["ESQUADRIAS/FERRAGENS/VIDROS","ESQV","PORTA DE MADEIRA","0089","","",90831,"FECHADURA DE EMBUTIR PARA PORTA DE BANHEIRO, COMPLETA, ACABAMENTO PADRÃO MÉDIO, INCLUSO EXECUÇÃO DE FURO - FORNECIMENTO E INSTALAÇÃO. AF_12/2019","UN","COEFICIENTE DE REPRESENTATIVIDADE",162.32,"CAIXA REFERENCIAL"]
["ESQUADRIAS/FERRAGENS/VIDROS","ESQV","PORTA DE MADEIRA","0089","","",90841,"KIT DE PORTA DE MADEIRA PARA PINTURA, SEMI-OCA (LEVE OU MÉDIA), PADRÃO MÉDIO, 60X210CM, ESPESSURA DE 3,5CM, ITENS INCLUSOS: DOBRADIÇAS, MONTAGEM E INSTALAÇÃO DO BATENTE, FECHADURA COM EXECUÇÃO DO FURO - FORNECIMENTO E INSTALAÇÃO. AF_12/2019","UN","COEFICIENTE DE REPRESENTATIVIDADE",957.41,"CAIXA REFERENCIAL"]
["ESQUADRIAS/FERRAGENS/VIDROS","ESQV","PORTA DE MADEIRA","0089","","",90842,"KIT DE PORTA DE MADEIRA PARA PINTURA, SEMI-OCA (LEVE OU MÉDIA), PADRÃO MÉDIO, 70X210CM, ESPESSURA DE 3,5CM, ITENS INCLUSOS: DOBRADIÇAS, MONTAGEM E INSTALAÇÃO DO BATENTE, FECHADURA COM EXECUÇÃO DO FURO - FORNECIMENTO E INSTALAÇÃO. AF_12/2019","UN","COEFICIENTE DE REPRESENTATIVIDADE",965.5,"CAIXA REFERENCIAL"]
["ESQUADRIAS/FERRAGENS/VIDROS","ESQV","PORTA DE MADEIRA","0089","","",90843,"KIT DE PORTA DE MADEIRA PARA PINTURA, SEMI-OCA (LEVE OU MÉDIA), PADRÃO MÉDIO, 80X210CM, ESPESSURA DE 3,5CM, ITENS INCLUSOS: DOBRADIÇAS, MONTAGEM E INSTALAÇÃO DO BATENTE, FECHADURA COM EXECUÇÃO DO FURO - FORNECIMENTO E INSTALAÇÃO. AF_12/2019","UN","COEFICIENTE DE REPRESENTATIVIDADE",1008.52,"CAIXA REFERENCIAL"]
["ESQUADRIAS/FERRAGENS/VIDROS","ESQV","PORTA DE MADEIRA","0089","","",90844,"KIT DE PORTA DE MADEIRA PARA PINTURA, SEMI-OCA (LEVE OU MÉDIA), PADRÃO MÉDIO, 90X210CM, ESPESSURA DE 3,5CM, ITENS INCLUSOS: DOBRADIÇAS, MONTAGEM E INSTALAÇÃO DO BATENTE, FECHADURA COM EXECUÇÃO DO FURO - FORNECIMENTO E INSTALAÇÃO. AF_12/2019","UN","COEFICIENTE DE REPRESENTATIVIDADE",1071.3800000000001,"CAIXA REFERENCIAL"]
["ESQUADRIAS/FERRAGENS/VIDROS","ESQV","PORTA DE MADEIRA","0089","","",90845,"KIT DE PORTA DE MADEIRA PARA PINTURA, SEMI-OCA (PESADA OU SUPERPESADA), PADRÃO MÉDIO, 80X210CM, ESPESSURA DE 3,5CM, ITENS INCLUSOS: DOBRADIÇAS, MONTAGEM E INSTALAÇÃO DO BATENTE, FECHADURA COM EXECUÇÃO DO FURO - FORNECIMENTO E INSTALAÇÃO. AF_12/2019","UN","COEFICIENTE DE REPRESENTATIVIDADE",1210.45,"CAIXA REFERENCIAL"]
["ESQUADRIAS/FERRAGENS/VIDROS","ESQV","PORTA DE MADEIRA","0089","","",90846,"KIT DE PORTA DE MADEIRA PARA PINTURA, SEMI-OCA (PESADA OU SUPERPESADA), PADRÃO MÉDIO, 90X210CM, ESPESSURA DE 3,5CM, ITENS INCLUSOS: DOBRADIÇAS, MONTAGEM E INSTALAÇÃO DO BATENTE, FECHADURA COM EXECUÇÃO DO FURO - FORNECIMENTO E INSTALAÇÃO. AF_12/2019","UN","COEFICIENTE DE REPRESENTATIVIDADE",1266.08,"CAIXA REFERENCIAL"]
["ESQUADRIAS/FERRAGENS/VIDROS","ESQV","PORTA DE MADEIRA","0089","","",90847,"KIT DE PORTA DE MADEIRA PARA PINTURA, SEMI-OCA (LEVE OU MÉDIA), PADRÃO MÉDIO, 60X210CM, ESPESSURA DE 3,5CM, ITENS INCLUSOS: DOBRADIÇAS, MONTAGEM E INSTALAÇÃO DO BATENTE, SEM FECHADURA - FORNECIMENTO E INSTALAÇÃO. AF_12/2019","UN","COEFICIENTE DE REPRESENTATIVIDADE",795.09,"CAIXA REFERENCIAL"]
["ESQUADRIAS/FERRAGENS/VIDROS","ESQV","PORTA DE MADEIRA","0089","","",90848,"KIT DE PORTA DE MADEIRA PARA PINTURA, SEMI-OCA (LEVE OU MÉDIA), PADRÃO MÉDIO, 70X210CM, ESPESSURA DE 3,5CM, ITENS INCLUSOS: DOBRADIÇAS, MONTAGEM E INSTALAÇÃO DO BATENTE, SEM FECHADURA - FORNECIMENTO E INSTALAÇÃO. AF_12/2019","UN","COEFICIENTE DE REPRESENTATIVIDADE",803.18,"CAIXA REFERENCIAL"]
["ESQUADRIAS/FERRAGENS/VIDROS","ESQV","PORTA DE MADEIRA","0089","","",90849,"KIT DE PORTA DE MADEIRA PARA PINTURA, SEMI-OCA (LEVE OU MÉDIA), PADRÃO MÉDIO, 80X210CM, ESPESSURA DE 3,5CM, ITENS INCLUSOS: DOBRADIÇAS, MONTAGEM E INSTALAÇÃO DO BATENTE, SEM FECHADURA - FORNECIMENTO E INSTALAÇÃO. AF_12/2019","UN","COEFICIENTE DE REPRESENTATIVIDADE",824.05,"CAIXA REFERENCIAL"]
["ESQUADRIAS/FERRAGENS/VIDROS","ESQV","PORTA DE MADEIRA","0089","","",90850,"KIT DE PORTA DE MADEIRA PARA PINTURA, SEMI-OCA (LEVE OU MÉDIA), PADRÃO MÉDIO, 90X210CM, ESPESSURA DE 3,5CM, ITENS INCLUSOS: DOBRADIÇAS, MONTAGEM E INSTALAÇÃO DO BATENTE, SEM FECHADURA - FORNECIMENTO E INSTALAÇÃO. AF_12/2019","UN","COEFICIENTE DE REPRESENTATIVIDADE",886.91,"CAIXA REFERENCIAL"]
["ESQUADRIAS/FERRAGENS/VIDROS","ESQV","PORTA DE MADEIRA","0089","","",90851,"KIT DE PORTA DE MADEIRA PARA PINTURA, SEMI-OCA (PESADA OU SUPERPESADA), PADRÃO MÉDIO, 80X210CM, ESPESSURA DE 3,5CM, ITENS INCLUSOS: DOBRADIÇAS, MONTAGEM E INSTALAÇÃO DO BATENTE, SEM FECHADURA - FORNECIMENTO E INSTALAÇÃO. AF_12/2019","UN","COEFICIENTE DE REPRESENTATIVIDADE",1025.98,"CAIXA REFERENCIAL"]
["ESQUADRIAS/FERRAGENS/VIDROS","ESQV","PORTA DE MADEIRA","0089","","",90852,"KIT DE PORTA DE MADEIRA PARA PINTURA, SEMI-OCA (PESADA OU SUPERPESADA), PADRÃO MÉDIO, 90X210CM, ESPESSURA DE 3,5CM, ITENS INCLUSOS: DOBRADIÇAS, MONTAGEM E INSTALAÇÃO DO BATENTE, SEM FECHADURA - FORNECIMENTO E INSTALAÇÃO. AF_12/2019","UN","COEFICIENTE DE REPRESENTATIVIDADE",1081.6099999999999,"CAIXA REFERENCIAL"]
["ESQUADRIAS/FERRAGENS/VIDROS","ESQV","PORTA DE MADEIRA","0089","","",91009,"PORTA DE MADEIRA PARA VERNIZ, SEMI-OCA (LEVE OU MÉDIA), 60X210CM, ESPESSURA DE 3,5CM, INCLUSO DOBRADIÇAS - FORNECIMENTO E INSTALAÇÃO. AF_12/2019","UN","COEFICIENTE DE REPRESENTATIVIDADE",315.97000000000003,"CAIXA REFERENCIAL"]
["ESQUADRIAS/FERRAGENS/VIDROS","ESQV","PORTA DE MADEIRA","0089","","",91010,"PORTA DE MADEIRA PARA VERNIZ, SEMI-OCA (LEVE OU MÉDIA), 70X210CM, ESPESSURA DE 3,5CM, INCLUSO DOBRADIÇAS - FORNECIMENTO E INSTALAÇÃO. AF_12/2019","UN","COEFICIENTE DE REPRESENTATIVIDADE",322.27,"CAIXA REFERENCIAL"]
["ESQUADRIAS/FERRAGENS/VIDROS","ESQV","PORTA DE MADEIRA","0089","","",91011,"PORTA DE MADEIRA PARA VERNIZ, SEMI-OCA (LEVE OU MÉDIA), 80X210CM, ESPESSURA DE 3,5CM, INCLUSO DOBRADIÇAS - FORNECIMENTO E INSTALAÇÃO. AF_12/2019","UN","COEFICIENTE DE REPRESENTATIVIDADE",366.28,"CAIXA REFERENCIAL"]
["ESQUADRIAS/FERRAGENS/VIDROS","ESQV","PORTA DE MADEIRA","0089","","",91012,"PORTA DE MADEIRA PARA VERNIZ, SEMI-OCA (LEVE OU MÉDIA), 90X210CM, ESPESSURA DE 3,5CM, INCLUSO DOBRADIÇAS - FORNECIMENTO E INSTALAÇÃO. AF_12/2019","UN","COEFICIENTE DE REPRESENTATIVIDADE",400.27,"CAIXA REFERENCIAL"]
["ESQUADRIAS/FERRAGENS/VIDROS","ESQV","PORTA DE MADEIRA","0089","","",91013,"KIT DE PORTA DE MADEIRA PARA VERNIZ, SEMI-OCA (LEVE OU MÉDIA), PADRÃO MÉDIO, 60X210CM, ESPESSURA DE 3,5CM, ITENS INCLUSOS: DOBRADIÇAS, MONTAGEM E INSTALAÇÃO DO BATENTE, SEM FECHADURA - FORNECIMENTO E INSTALAÇÃO. AF_12/2019","UN","COEFICIENTE DE REPRESENTATIVIDADE",803.5,"CAIXA REFERENCIAL"]
["ESQUADRIAS/FERRAGENS/VIDROS","ESQV","PORTA DE MADEIRA","0089","","",91014,"KIT DE PORTA DE MADEIRA PARA VERNIZ, SEMI-OCA (LEVE OU MÉDIA), PADRÃO MÉDIO, 70X210CM, ESPESSURA DE 3,5CM, ITENS INCLUSOS: DOBRADIÇAS, MONTAGEM E INSTALAÇÃO DO BATENTE, SEM FECHADURA - FORNECIMENTO E INSTALAÇÃO. AF_12/2019","UN","COEFICIENTE DE REPRESENTATIVIDADE",811.99,"CAIXA REFERENCIAL"]
["ESQUADRIAS/FERRAGENS/VIDROS","ESQV","PORTA DE MADEIRA","0089","","",91015,"KIT DE PORTA DE MADEIRA PARA VERNIZ, SEMI-OCA (LEVE OU MÉDIA), PADRÃO MÉDIO, 80X210CM, ESPESSURA DE 3,5CM, ITENS INCLUSOS: DOBRADIÇAS, MONTAGEM E INSTALAÇÃO DO BATENTE, SEM FECHADURA - FORNECIMENTO E INSTALAÇÃO. AF_12/2019","UN","COEFICIENTE DE REPRESENTATIVIDADE",858.19,"CAIXA REFERENCIAL"]
["ESQUADRIAS/FERRAGENS/VIDROS","ESQV","PORTA DE MADEIRA","0089","","",91016,"KIT DE PORTA DE MADEIRA PARA VERNIZ, SEMI-OCA (LEVE OU MÉDIA), PADRÃO MÉDIO, 90X210CM, ESPESSURA DE 3,5CM, ITENS INCLUSOS: DOBRADIÇAS, MONTAGEM E INSTALAÇÃO DO BATENTE, SEM FECHADURA - FORNECIMENTO E INSTALAÇÃO. AF_12/2019","UN","COEFICIENTE DE REPRESENTATIVIDADE",894.36,"CAIXA REFERENCIAL"]
["ESQUADRIAS/FERRAGENS/VIDROS","ESQV","PORTA DE MADEIRA","0089","","",91287,"BATENTE PARA PORTA DE MADEIRA, PADRÃO POPULAR - FORNECIMENTO E MONTAGEM. AF_12/2019","UN","COEFICIENTE DE REPRESENTATIVIDADE",219.34,"CAIXA REFERENCIAL"]
["ESQUADRIAS/FERRAGENS/VIDROS","ESQV","PORTA DE MADEIRA","0089","","",91292,"BATENTE PARA PORTA DE MADEIRA, FIXAÇÃO COM ARGAMASSA, PADRÃO POPULAR. FORNECIMENTO E INSTALAÇÃO. AF_12/2019","UN","COEFICIENTE DE REPRESENTATIVIDADE",306.47000000000003,"CAIXA REFERENCIAL"]
["ESQUADRIAS/FERRAGENS/VIDROS","ESQV","PORTA DE MADEIRA","0089","","",91295,"PORTA DE MADEIRA FRISADA, SEMI-OCA (LEVE OU MÉDIA), 60X210CM, ESPESSURA DE 3CM, INCLUSO DOBRADIÇAS - FORNECIMENTO E INSTALAÇÃO. AF_12/2019","UN","COEFICIENTE DE REPRESENTATIVIDADE",323.25,"CAIXA REFERENCIAL"]
["ESQUADRIAS/FERRAGENS/VIDROS","ESQV","PORTA DE MADEIRA","0089","","",91296,"PORTA DE MADEIRA FRISADA, SEMI-OCA (LEVE OU MÉDIA), 70X210CM, ESPESSURA DE 3CM, INCLUSO DOBRADIÇAS - FORNECIMENTO E INSTALAÇÃO. AF_12/2019","UN","COEFICIENTE DE REPRESENTATIVIDADE",342.61,"CAIXA REFERENCIAL"]
["ESQUADRIAS/FERRAGENS/VIDROS","ESQV","PORTA DE MADEIRA","0089","","",91297,"PORTA DE MADEIRA FRISADA, SEMI-OCA (LEVE OU MÉDIA), 80X210CM, ESPESSURA DE 3,5CM, INCLUSO DOBRADIÇAS - FORNECIMENTO E INSTALAÇÃO. AF_12/2019","UN","COEFICIENTE DE REPRESENTATIVIDADE",371.13,"CAIXA REFERENCIAL"]
["ESQUADRIAS/FERRAGENS/VIDROS","ESQV","PORTA DE MADEIRA","0089","","",91298,"PORTA DE MADEIRA TIPO VENEZIANA, 80X210CM, ESPESSURA DE 3CM, INCLUSO DOBRADIÇAS - FORNECIMENTO E INSTALAÇÃO. AF_12/2019","UN","COEFICIENTE DE REPRESENTATIVIDADE",1206.29,"CAIXA REFERENCIAL"]
["ESQUADRIAS/FERRAGENS/VIDROS","ESQV","PORTA DE MADEIRA","0089","","",91299,"PORTA DE MADEIRA, TIPO MEXICANA, MACIÇA (PESADA OU SUPERPESADA), 80X210CM, ESPESSURA DE 3,5CM, INCLUSO DOBRADIÇAS - FORNECIMENTO E INSTALAÇÃO. AF_12/2019","UN","COEFICIENTE DE REPRESENTATIVIDADE",1683.18,"CAIXA REFERENCIAL"]
["ESQUADRIAS/FERRAGENS/VIDROS","ESQV","PORTA DE MADEIRA","0089","","",91304,"FECHADURA DE EMBUTIR COM CILINDRO, EXTERNA, COMPLETA, ACABAMENTO PADRÃO POPULAR, INCLUSO EXECUÇÃO DE FURO - FORNECIMENTO E INSTALAÇÃO. AF_12/2019","UN","COEFICIENTE DE REPRESENTATIVIDADE",110.25,"CAIXA REFERENCIAL"]
["ESQUADRIAS/FERRAGENS/VIDROS","ESQV","PORTA DE MADEIRA","0089","","",91305,"FECHADURA DE EMBUTIR PARA PORTA DE BANHEIRO, COMPLETA, ACABAMENTO PADRÃO POPULAR, INCLUSO EXECUÇÃO DE FURO - FORNECIMENTO E INSTALAÇÃO. AF_12/2019","UN","COEFICIENTE DE REPRESENTATIVIDADE",111.26,"CAIXA REFERENCIAL"]
["ESQUADRIAS/FERRAGENS/VIDROS","ESQV","PORTA DE MADEIRA","0089","","",91306,"FECHADURA DE EMBUTIR PARA PORTAS INTERNAS, COMPLETA, ACABAMENTO PADRÃO MÉDIO, COM EXECUÇÃO DE FURO - FORNECIMENTO E INSTALAÇÃO. AF_12/2019","UN","COEFICIENTE DE REPRESENTATIVIDADE",162.32,"CAIXA REFERENCIAL"]
["ESQUADRIAS/FERRAGENS/VIDROS","ESQV","PORTA DE MADEIRA","0089","","",91307,"FECHADURA DE EMBUTIR PARA PORTAS INTERNAS, COMPLETA, ACABAMENTO PADRÃO POPULAR, COM EXECUÇÃO DE FURO - FORNECIMENTO E INSTALAÇÃO. AF_12/2019","UN","COEFICIENTE DE REPRESENTATIVIDADE",94.04,"CAIXA REFERENCIAL"]
["ESQUADRIAS/FERRAGENS/VIDROS","ESQV","PORTA DE MADEIRA","0089","","",91312,"KIT DE PORTA DE MADEIRA PARA PINTURA, SEMI-OCA (LEVE OU MÉDIA), PADRÃO POPULAR, 60X210CM, ESPESSURA DE 3,5CM, ITENS INCLUSOS: DOBRADIÇAS, MONTAGEM E INSTALAÇÃO DO BATENTE, FECHADURA COM EXECUÇÃO DO FURO - FORNECIMENTO E INSTALAÇÃO. AF_12/2019","UN","COEFICIENTE DE REPRESENTATIVIDADE",797.29,"CAIXA REFERENCIAL"]
["ESQUADRIAS/FERRAGENS/VIDROS","ESQV","PORTA DE MADEIRA","0089","","",91313,"KIT DE PORTA DE MADEIRA PARA PINTURA, SEMI-OCA (LEVE OU MÉDIA), PADRÃO POPULAR, 70X210CM, ESPESSURA DE 3,5CM, ITENS INCLUSOS: DOBRADIÇAS, MONTAGEM E INSTALAÇÃO DO BATENTE, FECHADURA COM EXECUÇÃO DO FURO - FORNECIMENTO E INSTALAÇÃO. AF_12/2019","UN","COEFICIENTE DE REPRESENTATIVIDADE",787.47,"CAIXA REFERENCIAL"]
["ESQUADRIAS/FERRAGENS/VIDROS","ESQV","PORTA DE MADEIRA","0089","","",91314,"KIT DE PORTA DE MADEIRA PARA PINTURA, SEMI-OCA (LEVE OU MÉDIA), PADRÃO POPULAR, 80X210CM, ESPESSURA DE 3,5CM, ITENS INCLUSOS: DOBRADIÇAS, MONTAGEM E INSTALAÇÃO DO BATENTE, FECHADURA COM EXECUÇÃO DO FURO - FORNECIMENTO E INSTALAÇÃO. AF_12/2019","UN","COEFICIENTE DE REPRESENTATIVIDADE",823.86,"CAIXA REFERENCIAL"]
["ESQUADRIAS/FERRAGENS/VIDROS","ESQV","PORTA DE MADEIRA","0089","","",91315,"KIT DE PORTA DE MADEIRA PARA PINTURA, SEMI-OCA (LEVE OU MÉDIA), PADRÃO POPULAR, 90X210CM, ESPESSURA DE 3,5CM, ITENS INCLUSOS: DOBRADIÇAS, MONTAGEM E INSTALAÇÃO DO BATENTE, FECHADURA COM EXECUÇÃO DO FURO - FORNECIMENTO E INSTALAÇÃO. AF_12/2019","UN","COEFICIENTE DE REPRESENTATIVIDADE",886.04,"CAIXA REFERENCIAL"]
["ESQUADRIAS/FERRAGENS/VIDROS","ESQV","PORTA DE MADEIRA","0089","","",91316,"KIT DE PORTA DE MADEIRA PARA PINTURA, SEMI-OCA (PESADA OU SUPERPESADA), PADRÃO POPULAR, 80X210CM, ESPESSURA DE 3,5CM, ITENS INCLUSOS: DOBRADIÇAS, MONTAGEM E INSTALAÇÃO DO BATENTE, FECHADURA COM EXECUÇÃO DO FURO - FORNECIMENTO E INSTALAÇÃO. AF_12/2019","UN","COEFICIENTE DE REPRESENTATIVIDADE",1025.79,"CAIXA REFERENCIAL"]
["ESQUADRIAS/FERRAGENS/VIDROS","ESQV","PORTA DE MADEIRA","0089","","",91317,"KIT DE PORTA DE MADEIRA PARA PINTURA, SEMI-OCA (PESADA OU SUPERPESADA), PADRÃO POPULAR, 90X210CM, ESPESSURA DE 3,5CM, ITENS INCLUSOS: DOBRADIÇAS, MONTAGEM E INSTALAÇÃO DO BATENTE, FECHADURA COM EXECUÇÃO DO FURO - FORNECIMENTO E INSTALAÇÃO. AF_12/2019","UN","COEFICIENTE DE REPRESENTATIVIDADE",1080.74,"CAIXA REFERENCIAL"]
["ESQUADRIAS/FERRAGENS/VIDROS","ESQV","PORTA DE MADEIRA","0089","","",91318,"KIT DE PORTA DE MADEIRA PARA PINTURA, SEMI-OCA (LEVE OU MÉDIA), PADRÃO POPULAR, 60X210CM, ESPESSURA DE 3,5CM, ITENS INCLUSOS: DOBRADIÇAS, MONTAGEM E INSTALAÇÃO DO BATENTE, SEM FECHADURA - FORNECIMENTO E INSTALAÇÃO. AF_12/2019","UN","COEFICIENTE DE REPRESENTATIVIDADE",686.03,"CAIXA REFERENCIAL"]
["ESQUADRIAS/FERRAGENS/VIDROS","ESQV","PORTA DE MADEIRA","0089","","",91319,"KIT DE PORTA DE MADEIRA PARA PINTURA, SEMI-OCA (LEVE OU MÉDIA), PADRÃO POPULAR, 70X210CM, ESPESSURA DE 3,5CM, ITENS INCLUSOS: DOBRADIÇAS, MONTAGEM E INSTALAÇÃO DO BATENTE, SEM FECHADURA - FORNECIMENTO E INSTALAÇÃO. AF_12/2019","UN","COEFICIENTE DE REPRESENTATIVIDADE",693.43,"CAIXA REFERENCIAL"]
["ESQUADRIAS/FERRAGENS/VIDROS","ESQV","PORTA DE MADEIRA","0089","","",91320,"KIT DE PORTA DE MADEIRA PARA PINTURA, SEMI-OCA (LEVE OU MÉDIA), PADRÃO POPULAR, 80X210CM, ESPESSURA DE 3,5CM, ITENS INCLUSOS: DOBRADIÇAS, MONTAGEM E INSTALAÇÃO DO BATENTE, SEM FECHADURA - FORNECIMENTO E INSTALAÇÃO. AF_12/2019","UN","COEFICIENTE DE REPRESENTATIVIDADE",713.61,"CAIXA REFERENCIAL"]
["ESQUADRIAS/FERRAGENS/VIDROS","ESQV","PORTA DE MADEIRA","0089","","",91321,"KIT DE PORTA DE MADEIRA PARA PINTURA, SEMI-OCA (LEVE OU MÉDIA), PADRÃO POPULAR, 90X210CM, ESPESSURA DE 3,5CM, ITENS INCLUSOS: DOBRADIÇAS, MONTAGEM E INSTALAÇÃO DO BATENTE, SEM FECHADURA - FORNECIMENTO E INSTALAÇÃO. AF_12/2019","UN","COEFICIENTE DE REPRESENTATIVIDADE",775.79,"CAIXA REFERENCIAL"]
["ESQUADRIAS/FERRAGENS/VIDROS","ESQV","PORTA DE MADEIRA","0089","","",91322,"KIT DE PORTA DE MADEIRA PARA PINTURA, SEMI-OCA (PESADA OU SUPERPESADA), PADRÃO POPULAR, 80X210CM, ESPESSURA DE 3,5CM, ITENS INCLUSOS: DOBRADIÇAS, MONTAGEM E INSTALAÇÃO DO BATENTE, SEM FECHADURA - FORNECIMENTO E INSTALAÇÃO. AF_12/2019","UN","COEFICIENTE DE REPRESENTATIVIDADE",915.54,"CAIXA REFERENCIAL"]
["ESQUADRIAS/FERRAGENS/VIDROS","ESQV","PORTA DE MADEIRA","0089","","",91323,"KIT DE PORTA DE MADEIRA PARA PINTURA, SEMI-OCA (PESADA OU SUPERPESADA), PADRÃO POPULAR, 90X210CM, ESPESSURA DE 3,5CM, ITENS INCLUSOS: DOBRADIÇAS, MONTAGEM E INSTALAÇÃO DO BATENTE, SEM FECHADURA - FORNECIMENTO E INSTALAÇÃO. AF_12/2019","UN","COEFICIENTE DE REPRESENTATIVIDADE",970.49,"CAIXA REFERENCIAL"]
["ESQUADRIAS/FERRAGENS/VIDROS","ESQV","PORTA DE MADEIRA","0089","","",91324,"KIT DE PORTA DE MADEIRA PARA VERNIZ, SEMI-OCA (LEVE OU MÉDIA), PADRÃO POPULAR, 60X210CM, ESPESSURA DE 3,5CM, ITENS INCLUSOS: DOBRADIÇAS, MONTAGEM E INSTALAÇÃO DO BATENTE, SEM FECHADURA - FORNECIMENTO E INSTALAÇÃO. AF_12/2019","UN","COEFICIENTE DE REPRESENTATIVIDADE",694.44,"CAIXA REFERENCIAL"]
["ESQUADRIAS/FERRAGENS/VIDROS","ESQV","PORTA DE MADEIRA","0089","","",91325,"KIT DE PORTA DE MADEIRA PARA VERNIZ, SEMI-OCA (LEVE OU MÉDIA), PADRÃO POPULAR, 70X210CM, ESPESSURA DE 3,5CM, ITENS INCLUSOS: DOBRADIÇAS, MONTAGEM E INSTALAÇÃO DO BATENTE, SEM FECHADURA - FORNECIMENTO E INSTALAÇÃO. AF_12/2019","UN","COEFICIENTE DE REPRESENTATIVIDADE",702.24,"CAIXA REFERENCIAL"]
["ESQUADRIAS/FERRAGENS/VIDROS","ESQV","PORTA DE MADEIRA","0089","","",91326,"KIT DE PORTA DE MADEIRA PARA VERNIZ, SEMI-OCA (LEVE OU MÉDIA), PADRÃO POPULAR, 80X210CM, ESPESSURA DE 3,5CM, ITENS INCLUSOS: DOBRADIÇAS, MONTAGEM E INSTALAÇÃO DO BATENTE, SEM FECHADURA - FORNECIMENTO E INSTALAÇÃO. AF_12/2019","UN","COEFICIENTE DE REPRESENTATIVIDADE",747.75,"CAIXA REFERENCIAL"]
["ESQUADRIAS/FERRAGENS/VIDROS","ESQV","PORTA DE MADEIRA","0089","","",91327,"KIT DE PORTA DE MADEIRA PARA VERNIZ, SEMI-OCA (LEVE OU MÉDIA), PADRÃO POPULAR, 90X210CM, ESPESSURA DE 3,5CM, ITENS INCLUSOS: DOBRADIÇAS, MONTAGEM E INSTALAÇÃO DO BATENTE, SEM FECHADURA - FORNECIMENTO E INSTALAÇÃO. AF_12/2019","UN","COEFICIENTE DE REPRESENTATIVIDADE",783.24,"CAIXA REFERENCIAL"]
["ESQUADRIAS/FERRAGENS/VIDROS","ESQV","PORTA DE MADEIRA","0089","","",91328,"KIT DE PORTA DE MADEIRA FRISADA, SEMI-OCA (LEVE OU MÉDIA), PADRÃO MÉDIO 60X210CM, ESPESSURA DE 3CM, ITENS INCLUSOS: DOBRADIÇAS, MONTAGEM E INSTALAÇÃO DO BATENTE, SEM FECHADURA - FORNECIMENTO E INSTALAÇÃO. AF_12/2019","UN","COEFICIENTE DE REPRESENTATIVIDADE",810.78,"CAIXA REFERENCIAL"]
["ESQUADRIAS/FERRAGENS/VIDROS","ESQV","PORTA DE MADEIRA","0089","","",91329,"KIT DE PORTA DE MADEIRA FRISADA, SEMI-OCA (LEVE OU MÉDIA), PADRÃO POPULAR, 60X210CM, ESPESSURA DE 3CM, ITENS INCLUSOS: DOBRADIÇAS, MONTAGEM E INSTALAÇÃO DO BATENTE, SEM FECHADURA - FORNECIMENTO E INSTALAÇÃO. AF_12/2019","UN","COEFICIENTE DE REPRESENTATIVIDADE",701.72,"CAIXA REFERENCIAL"]
["ESQUADRIAS/FERRAGENS/VIDROS","ESQV","PORTA DE MADEIRA","0089","","",91330,"KIT DE PORTA DE MADEIRA FRISADA, SEMI-OCA (LEVE OU MÉDIA), PADRÃO MÉDIO, 70X210CM, ESPESSURA DE 3CM, ITENS INCLUSOS: DOBRADIÇAS, MONTAGEM E INSTALAÇÃO DO BATENTE, SEM FECHADURA - FORNECIMENTO E INSTALAÇÃO. AF_12/2019","UN","COEFICIENTE DE REPRESENTATIVIDADE",832.33,"CAIXA REFERENCIAL"]
["ESQUADRIAS/FERRAGENS/VIDROS","ESQV","PORTA DE MADEIRA","0089","","",91331,"KIT DE PORTA DE MADEIRA FRISADA, SEMI-OCA (LEVE OU MÉDIA), PADRÃO POPULAR, 70X210CM, ESPESSURA DE 3CM, ITENS INCLUSOS: DOBRADIÇAS, MONTAGEM E INSTALAÇÃO DO BATENTE, SEM FECHADURA - FORNECIMENTO E INSTALAÇÃO. AF_12/2019","UN","COEFICIENTE DE REPRESENTATIVIDADE",722.58,"CAIXA REFERENCIAL"]
["ESQUADRIAS/FERRAGENS/VIDROS","ESQV","PORTA DE MADEIRA","0089","","",91332,"KIT DE PORTA DE MADEIRA FRISADA, SEMI-OCA (LEVE OU MÉDIA), PADRÃO MÉDIO, 80X210CM, ESPESSURA DE 3,5CM, ITENS INCLUSOS: DOBRADIÇAS, MONTAGEM E INSTALAÇÃO DO BATENTE, SEM FECHADURA - FORNECIMENTO E INSTALAÇÃO. AF_12/2019","UN","COEFICIENTE DE REPRESENTATIVIDADE",863.04,"CAIXA REFERENCIAL"]
["ESQUADRIAS/FERRAGENS/VIDROS","ESQV","PORTA DE MADEIRA","0089","","",91333,"KIT DE PORTA DE MADEIRA FRISADA, SEMI-OCA (LEVE OU MÉDIA), PADRÃO POPULAR, 80X210CM, ESPESSURA DE 3,5CM, ITENS INCLUSOS: DOBRADIÇAS, MONTAGEM E INSTALAÇÃO DO BATENTE, SEM FECHADURA - FORNECIMENTO E INSTALAÇÃO. AF_12/2019","UN","COEFICIENTE DE REPRESENTATIVIDADE",752.6,"CAIXA REFERENCIAL"]
["ESQUADRIAS/FERRAGENS/VIDROS","ESQV","PORTA DE MADEIRA","0089","","",91334,"KIT DE PORTA DE MADEIRA TIPO VENEZIANA, PADRÃO MÉDIO, 80X210CM, ESPESSURA DE 3CM, ITENS INCLUSOS: DOBRADIÇAS, MONTAGEM E INSTALAÇÃO DO BATENTE, SEM FECHADURA - FORNECIMENTO E INSTALAÇÃO. AF_12/2019","UN","COEFICIENTE DE REPRESENTATIVIDADE",1698.2,"CAIXA REFERENCIAL"]
["ESQUADRIAS/FERRAGENS/VIDROS","ESQV","PORTA DE MADEIRA","0089","","",91335,"KIT DE PORTA DE MADEIRA TIPO VENEZIANA, PADRÃO POPULAR, 80X210CM, ESPESSURA DE 3CM, ITENS INCLUSOS: DOBRADIÇAS, MONTAGEM E INSTALAÇÃO DO BATENTE, SEM FECHADURA - FORNECIMENTO E INSTALAÇÃO. AF_12/2019","UN","COEFICIENTE DE REPRESENTATIVIDADE",1587.76,"CAIXA REFERENCIAL"]
["ESQUADRIAS/FERRAGENS/VIDROS","ESQV","PORTA DE MADEIRA","0089","","",91336,"KIT DE PORTA DE MADEIRA TIPO MEXICANA, MACIÇA (PESADA OU SUPERPESADA), PADRÃO MÉDIO, 80X210CM, ESPESSURA DE 3CM, ITENS INCLUSOS: DOBRADIÇAS, MONTAGEM E INSTALAÇÃO DO BATENTE, SEM FECHADURA - FORNECIMENTO E INSTALAÇÃO. AF_12/2019","UN","COEFICIENTE DE REPRESENTATIVIDADE",2175.09,"CAIXA REFERENCIAL"]
["ESQUADRIAS/FERRAGENS/VIDROS","ESQV","PORTA DE MADEIRA","0089","","",91337,"KIT DE PORTA DE MADEIRA TIPO MEXICANA, MACIÇA (PESADA OU SUPERPESADA), PADRÃO POPULAR, 80X210CM, ESPESSURA DE 3CM, ITENS INCLUSOS: DOBRADIÇAS, MONTAGEM E INSTALAÇÃO DO BATENTE, SEM FECHADURA - FORNECIMENTO E INSTALAÇÃO. AF_12/2019","UN","COEFICIENTE DE REPRESENTATIVIDADE",2064.65,"CAIXA REFERENCIAL"]
["ESQUADRIAS/FERRAGENS/VIDROS","ESQV","PORTA DE MADEIRA","0089","","",100659,"ALIZAR DE 5X1,5CM PARA PORTA FIXADO COM PREGOS, PADRÃO MÉDIO - FORNECIMENTO E INSTALAÇÃO. AF_12/2019","M","COEFICIENTE DE REPRESENTATIVIDADE",10.93,"CAIXA REFERENCIAL"]
["ESQUADRIAS/FERRAGENS/VIDROS","ESQV","PORTA DE MADEIRA","0089","","",100660,"ALIZAR DE 5X1,5CM PARA PORTA FIXADO COM PREGOS, PADRÃO POPULAR - FORNECIMENTO E INSTALAÇÃO. AF_12/2019","M","COEFICIENTE DE REPRESENTATIVIDADE",7.5,"CAIXA REFERENCIAL"]
["ESQUADRIAS/FERRAGENS/VIDROS","ESQV","PORTA DE MADEIRA","0089","","",100675,"KIT DE PORTA-PRONTA DE MADEIRA EM ACABAMENTO MELAMÍNICO BRANCO, FOLHA LEVE OU MÉDIA, 90X210, EXCLUSIVE FECHADURA, FIXAÇÃO COM PREENCHIMENTO TOTAL DE ESPUMA EXPANSIVA - FORNECIMENTO E INSTALAÇÃO. AF_12/2019","UN","COEFICIENTE DE REPRESENTATIVIDADE",731.57,"CAIXA REFERENCIAL"]
["ESQUADRIAS/FERRAGENS/VIDROS","ESQV","PORTA DE MADEIRA","0089","","",100676,"BATENTE PARA PORTA COM BANDEIRA, FIXAÇÃO COM PARAFUSO E BUCHA. AF_12/2019","UN","COEFICIENTE DE REPRESENTATIVIDADE",185.95,"CAIXA REFERENCIAL"]
["ESQUADRIAS/FERRAGENS/VIDROS","ESQV","PORTA DE MADEIRA","0089","","",100678,"KIT DE PORTA DE MADEIRA PARA VERNIZ, SEMI-OCA (LEVE OU MÉDIA), PADRÃO MÉDIO, 60X210CM, ESPESSURA DE 3,5CM, ITENS INCLUSOS: DOBRADIÇAS, MONTAGEM E INSTALAÇÃO DE BATENTE, FECHADURA COM EXECUÇÃO DO FURO - FORNECIMENTO E INSTALAÇÃO. AF_12/2019","UN","COEFICIENTE DE REPRESENTATIVIDADE",965.82,"CAIXA REFERENCIAL"]
["ESQUADRIAS/FERRAGENS/VIDROS","ESQV","PORTA DE MADEIRA","0089","","",100679,"KIT DE PORTA DE MADEIRA PARA VERNIZ, SEMI-OCA (LEVE OU MÉDIA), PADRÃO POPULAR, 60X210CM, ESPESSURA DE 3,5CM, ITENS INCLUSOS: DOBRADIÇAS, MONTAGEM E INSTALAÇÃO DE BATENTE, FECHADURA COM EXECUÇÃO DO FURO - FORNECIMENTO E INSTALAÇÃO. AF_12/2019","UN","COEFICIENTE DE REPRESENTATIVIDADE",805.7,"CAIXA REFERENCIAL"]
["ESQUADRIAS/FERRAGENS/VIDROS","ESQV","PORTA DE MADEIRA","0089","","",100680,"KIT DE PORTA DE MADEIRA PARA VERNIZ, SEMI-OCA (LEVE OU MÉDIA), PADRÃO MÉDIO, 70X210CM, ESPESSURA DE 3,5CM, ITENS INCLUSOS: DOBRADIÇAS, MONTAGEM E INSTALAÇÃO DE BATENTE, FECHADURA COM EXECUÇÃO DO FURO - FORNECIMENTO E INSTALAÇÃO. AF_12/2019","UN","COEFICIENTE DE REPRESENTATIVIDADE",974.31,"CAIXA REFERENCIAL"]
["ESQUADRIAS/FERRAGENS/VIDROS","ESQV","PORTA DE MADEIRA","0089","","",100681,"KIT DE PORTA DE MADEIRA FRISADA, SEMI-OCA (LEVE OU MÉDIA), PADRÃO MÉDIO, 70X210CM, ESPESSURA DE 3CM, ITENS INCLUSOS: DOBRADIÇAS, MONTAGEM E INSTALAÇÃO DE BATENTE, FECHADURA COM EXECUÇÃO DO FURO - FORNECIMENTO E INSTALAÇÃO. AF_12/2019","UN","COEFICIENTE DE REPRESENTATIVIDADE",994.65,"CAIXA REFERENCIAL"]
["ESQUADRIAS/FERRAGENS/VIDROS","ESQV","PORTA DE MADEIRA","0089","","",100682,"KIT DE PORTA DE MADEIRA FRISADA, SEMI-OCA (LEVE OU MÉDIA), PADRÃO POPULAR, 70X210CM, ESPESSURA DE 3CM, ITENS INCLUSOS: DOBRADIÇAS, MONTAGEM E INSTALAÇÃO DE BATENTE, FECHADURA COM EXECUÇÃO DO FURO - FORNECIMENTO E INSTALAÇÃO. AF_12/2019","UN","COEFICIENTE DE REPRESENTATIVIDADE",816.62,"CAIXA REFERENCIAL"]
["ESQUADRIAS/FERRAGENS/VIDROS","ESQV","PORTA DE MADEIRA","0089","","",100683,"KIT DE PORTA DE MADEIRA PARA VERNIZ, SEMI-OCA (LEVE OU MÉDIA), PADRÃO MÉDIO, 80X210CM, ESPESSURA DE 3,5CM, ITENS INCLUSOS: DOBRADIÇAS, MONTAGEM E INSTALAÇÃO DE BATENTE, FECHADURA COM EXECUÇÃO DO FURO - FORNECIMENTO E INSTALAÇÃO. AF_12/2019","UN","COEFICIENTE DE REPRESENTATIVIDADE",1042.6600000000001,"CAIXA REFERENCIAL"]
["ESQUADRIAS/FERRAGENS/VIDROS","ESQV","PORTA DE MADEIRA","0089","","",100684,"KIT DE PORTA DE MADEIRA PARA VERNIZ, SEMI-OCA (LEVE OU MÉDIA), PADRÃO POPULAR, 80X210CM, ESPESSURA DE 3,5CM, ITENS INCLUSOS: DOBRADIÇAS, MONTAGEM E INSTALAÇÃO DE BATENTE, FECHADURA COM EXECUÇÃO DO FURO - FORNECIMENTO E INSTALAÇÃO. AF_12/2019","UN","COEFICIENTE DE REPRESENTATIVIDADE",858,"CAIXA REFERENCIAL"]
["ESQUADRIAS/FERRAGENS/VIDROS","ESQV","PORTA DE MADEIRA","0089","","",100685,"KIT DE PORTA DE MADEIRA PARA VERNIZ, SEMI-OCA (LEVE OU MÉDIA), PADRÃO MÉDIO, 90X210CM, ESPESSURA DE 3,5CM, ITENS INCLUSOS: DOBRADIÇAS, MONTAGEM E INSTALAÇÃO DE BATENTE, FECHADURA COM EXECUÇÃO DO FURO - FORNECIMENTO E INSTALAÇÃO. AF_12/2019","UN","COEFICIENTE DE REPRESENTATIVIDADE",1078.83,"CAIXA REFERENCIAL"]
["ESQUADRIAS/FERRAGENS/VIDROS","ESQV","PORTA DE MADEIRA","0089","","",100686,"KIT DE PORTA DE MADEIRA PARA VERNIZ, SEMI-OCA (LEVE OU MÉDIA), PADRÃO POPULAR, 90X210CM, ESPESSURA DE 3CM, ITENS INCLUSOS: DOBRADIÇAS, MONTAGEM E INSTALAÇÃO DE BATENTE, FECHADURA COM EXECUÇÃO DO FURO - FORNECIMENTO E INSTALAÇÃO. AF_12/2019","UN","COEFICIENTE DE REPRESENTATIVIDADE",893.49,"CAIXA REFERENCIAL"]
["ESQUADRIAS/FERRAGENS/VIDROS","ESQV","PORTA DE MADEIRA","0089","","",100687,"KIT DE PORTA DE MADEIRA FRISADA, SEMI-OCA (LEVE OU MÉDIA), PADRÃO MÉDIO, 60X210CM, ESPESSURA DE 3,5CM, ITENS INCLUSOS: DOBRADIÇAS, MONTAGEM E INSTALAÇÃO DE BATENTE, FECHADURA COM EXECUÇÃO DO FURO - FORNECIMENTO E INSTALAÇÃO. AF_12/2019","UN","COEFICIENTE DE REPRESENTATIVIDADE",973.1,"CAIXA REFERENCIAL"]
["ESQUADRIAS/FERRAGENS/VIDROS","ESQV","PORTA DE MADEIRA","0089","","",100688,"KIT DE PORTA DE MADEIRA FRISADA, SEMI-OCA (LEVE OU MÉDIA), PADRÃO POPULAR, 60X210CM, ESPESSURA DE 3CM, ITENS INCLUSOS: DOBRADIÇAS, MONTAGEM E INSTALAÇÃO DE BATENTE, FECHADURA COM EXECUÇÃO DO FURO - FORNECIMENTO E INSTALAÇÃO. AF_12/2019","UN","COEFICIENTE DE REPRESENTATIVIDADE",812.98,"CAIXA REFERENCIAL"]
["ESQUADRIAS/FERRAGENS/VIDROS","ESQV","PORTA DE MADEIRA","0089","","",100689,"KIT DE PORTA DE MADEIRA FRISADA, SEMI-OCA (LEVE OU MÉDIA), PADRÃO MÉDIO, 80X210CM, ESPESSURA DE 3,5CM, ITENS INCLUSOS: DOBRADIÇAS, MONTAGEM E INSTALAÇÃO DE BATENTE, FECHADURA COM EXECUÇÃO DO FURO - FORNECIMENTO E INSTALAÇÃO. AF_12/2019","UN","COEFICIENTE DE REPRESENTATIVIDADE",1047.51,"CAIXA REFERENCIAL"]
["ESQUADRIAS/FERRAGENS/VIDROS","ESQV","PORTA DE MADEIRA","0089","","",100690,"KIT DE PORTA DE MADEIRA FRISADA, SEMI-OCA (LEVE OU MÉDIA), PADRÃO POPULAR, 80X210CM, ESPESSURA DE 3,5CM, ITENS INCLUSOS: DOBRADIÇAS, MONTAGEM E INSTALAÇÃO DE BATENTE, FECHADURA COM EXECUÇÃO DO FURO - FORNECIMENTO E INSTALAÇÃO. AF_12/2019","UN","COEFICIENTE DE REPRESENTATIVIDADE",862.85,"CAIXA REFERENCIAL"]
["ESQUADRIAS/FERRAGENS/VIDROS","ESQV","PORTA DE MADEIRA","0089","","",100691,"KIT DE PORTA DE MADEIRA TIPO VENEZIANA, 80X210CM (ESPESSURA DE 3CM), PADRÃO MÉDIO, ITENS INCLUSOS: DOBRADIÇAS, MONTAGEM E INSTALAÇÃO DE BATENTE, FECHADURA COM EXECUÇÃO DO FURO - FORNECIMENTO E INSTALAÇÃO. AF_12/2019","UN","COEFICIENTE DE REPRESENTATIVIDADE",1882.67,"CAIXA REFERENCIAL"]
["ESQUADRIAS/FERRAGENS/VIDROS","ESQV","PORTA DE MADEIRA","0089","","",100692,"KIT DE PORTA DE MADEIRA TIPO VENEZIANA, 80X210CM (ESPESSURA DE 3CM), PADRÃO POPULAR, ITENS INCLUSOS: DOBRADIÇAS, MONTAGEM E INSTALAÇÃO DE BATENTE, FECHADURA COM EXECUÇÃO DO FURO - FORNECIMENTO E INSTALAÇÃO. AF_12/2019","UN","COEFICIENTE DE REPRESENTATIVIDADE",1698.01,"CAIXA REFERENCIAL"]
["ESQUADRIAS/FERRAGENS/VIDROS","ESQV","PORTA DE MADEIRA","0089","","",100693,"KIT DE PORTA DE MADEIRA TIPO MEXICANA, MACIÇA (PESADA OU SUPERPESADA), PADRÃO MÉDIO, 80X210CM, ESPESSURA DE 3,5CM, ITENS INCLUSOS: DOBRADIÇAS, MONTAGEM E INSTALAÇÃO DE BATENTE, FECHADURA COM EXECUÇÃO DO FURO - FORNECIMENTO E INSTALAÇÃO. AF_12/2019","UN","COEFICIENTE DE REPRESENTATIVIDADE",2359.56,"CAIXA REFERENCIAL"]
["ESQUADRIAS/FERRAGENS/VIDROS","ESQV","PORTA DE MADEIRA","0089","","",100694,"KIT DE PORTA DE MADEIRA TIPO MEXICANA, MACIÇA (PESADA OU SUPERPESADA), PADRÃO POPULAR, 80X210CM, ESPESSURA DE 3,5CM, ITENS INCLUSOS: DOBRADIÇAS, MONTAGEM E INSTALAÇÃO DE BATENTE, FECHADURA COM EXECUÇÃO DO FURO - FORNECIMENTO E INSTALAÇÃO. AF_12/2019","UN","COEFICIENTE DE REPRESENTATIVIDADE",2174.9,"CAIXA REFERENCIAL"]
["ESQUADRIAS/FERRAGENS/VIDROS","ESQV","PORTA DE MADEIRA","0089","","",100695,"RECOLOCAÇÃO DE FOLHAS DE PORTA DE MADEIRA LEVE OU MÉDIA DE 60CM DE LARGURA, CONSIDERANDO REAPROVEITAMENTO DO MATERIAL. AF_12/2019","UN","COEFICIENTE DE REPRESENTATIVIDADE",56.01,"CAIXA REFERENCIAL"]
["ESQUADRIAS/FERRAGENS/VIDROS","ESQV","PORTA DE MADEIRA","0089","","",100696,"RECOLOCAÇÃO DE FOLHAS DE PORTA DE MADEIRA LEVE OU MÉDIA DE 70CM DE LARGURA, CONSIDERANDO REAPROVEITAMENTO DO MATERIAL. AF_12/2019","UN","COEFICIENTE DE REPRESENTATIVIDADE",62.32,"CAIXA REFERENCIAL"]
["ESQUADRIAS/FERRAGENS/VIDROS","ESQV","PORTA DE MADEIRA","0089","","",100697,"RECOLOCAÇÃO DE FOLHAS DE PORTA DE MADEIRA LEVE OU MÉDIA DE 80CM DE LARGURA, CONSIDERANDO REAPROVEITAMENTO DO MATERIAL. AF_12/2019","UN","COEFICIENTE DE REPRESENTATIVIDADE",68.680000000000007,"CAIXA REFERENCIAL"]
["ESQUADRIAS/FERRAGENS/VIDROS","ESQV","PORTA DE MADEIRA","0089","","",100698,"RECOLOCAÇÃO DE FOLHAS DE PORTA DE MADEIRA LEVE OU MÉDIA DE 90CM DE LARGURA, CONSIDERANDO REAPROVEITAMENTO DO MATERIAL. AF_12/2019","UN","COEFICIENTE DE REPRESENTATIVIDADE",75.02,"CAIXA REFERENCIAL"]
["ESQUADRIAS/FERRAGENS/VIDROS","ESQV","PORTA DE MADEIRA","0089","","",100699,"RECOLOCAÇÃO DE FOLHAS DE PORTA DE MADEIRA PESADA OU SUPERPESADA DE 80CM DE LARGURA, CONSIDERANDO REAPROVEITAMENTO DO MATERIAL. AF_12/2019","UN","COEFICIENTE DE REPRESENTATIVIDADE",89.24,"CAIXA REFERENCIAL"]
["ESQUADRIAS/FERRAGENS/VIDROS","ESQV","PORTA DE MADEIRA","0089","","",100700,"PORTA DE MADEIRA COMPENSADA LISA PARA PINTURA, 120X210X3,5CM, 2 FOLHAS, INCLUSO ADUELA 2A, ALIZAR 2A E DOBRADIÇAS. AF_12/2019","UN","COEFICIENTE DE REPRESENTATIVIDADE",744.52,"CAIXA REFERENCIAL"]
["ESQUADRIAS/FERRAGENS/VIDROS","ESQV","PORTA DE MADEIRA","0089","","",100712,"KIT DE PORTA DE MADEIRA PARA VERNIZ, SEMI-OCA (LEVE OU MÉDIA), PADRÃO POPULAR, 70X210CM, ESPESSURA DE 3,5CM, ITENS INCLUSOS: DOBRADIÇAS, MONTAGEM E INSTALAÇÃO DE BATENTE, FECHADURA COM EXECUÇÃO DO FURO - FORNECIMENTO E INSTALAÇÃO. AF_12/2019","UN","COEFICIENTE DE REPRESENTATIVIDADE",796.28,"CAIXA REFERENCIAL"]
["ESQUADRIAS/FERRAGENS/VIDROS","ESQV","JANELA DE MADEIRA","0090","","",100665,"JANELA DE MADEIRA - CEDRINHO/ANGELIM OU EQUIVALENTE DA REGIÃO - DE ABRIR COM 4 FOLHAS (2 VENEZIANAS E 2 GUILHOTINAS PARA VIDRO), COM BATENTE, ALIZAR E FERRAGENS. EXCLUSIVE VIDROS, ACABAMENTO E CONTRAMARCO. FORNECIMENTO E INSTALAÇÃO. AF_12/2019","M2","ATRIBUÍDO SÃO PAULO",1194.45,"CAIXA REFERENCIAL"]
["ESQUADRIAS/FERRAGENS/VIDROS","ESQV","JANELA DE MADEIRA","0090","","",100666,"JANELA DE MADEIRA (PINUS/EUCALIPTO OU EQUIV.) DE ABRIR COM 4 FOLHAS (2 VENEZIANAS E 2 GUILHOTINAS PARA VIDRO), COM BATENTE, ALIZAR E FERRAGENS. EXCLUSIVE VIDROS, ACABAMENTO E CONTRAMARCO. FORNECIMENTO E INSTALAÇÃO. AF_12/2019","M2","ATRIBUÍDO SÃO PAULO",939.22,"CAIXA REFERENCIAL"]
["ESQUADRIAS/FERRAGENS/VIDROS","ESQV","JANELA DE MADEIRA","0090","","",100667,"JANELA DE MADEIRA (IMBUIA/CEDRO OU EQUIV.) DE ABRIR COM 4 FOLHAS (2 VENEZIANAS E 2 GUILHOTINAS PARA VIDRO), COM BATENTE, ALIZAR E FERRAGENS. EXCLUSIVE VIDROS, ACABAMENTO E CONTRAMARCO. FORNECIMENTO E INSTALAÇÃO. AF_12/2019","M2","ATRIBUÍDO SÃO PAULO",1555.27,"CAIXA REFERENCIAL"]
["ESQUADRIAS/FERRAGENS/VIDROS","ESQV","JANELA DE MADEIRA","0090","","",100668,"JANELA DE MADEIRA (CEDRINHO/ANGELIM OU EQUIV.) TIPO MAXIM-AR, PARA VIDRO, COM BATENTE, ALIZAR E FERRAGENS. EXCLUSIVE VIDRO, ACABAMENTO E CONTRAMARCO. FORNECIMENTO E INSTALAÇÃO. AF_12/2019","M2","ATRIBUÍDO SÃO PAULO",1841.97,"CAIXA REFERENCIAL"]
["ESQUADRIAS/FERRAGENS/VIDROS","ESQV","JANELA DE MADEIRA","0090","","",100669,"JANELA DE MADEIRA (PINUS/EUCALIPTO OU EQUIV.) TIPO BASCULANTE COM 2 FOLHAS PARA VIDRO, COM BATENTE, ALIZAR E FERRAGENS. EXCLUSIVE VIDROS, ACABAMENTO E CONTRAMARCO. FORNECIMENTO E INSTALAÇÃO. AF_12/2019","M2","ATRIBUÍDO SÃO PAULO",1102.47,"CAIXA REFERENCIAL"]
["ESQUADRIAS/FERRAGENS/VIDROS","ESQV","JANELA DE MADEIRA","0090","","",100670,"JANELA DE MADEIRA (CEDRINHO/ANGELIM OU EQUIV.) DE CORRER COM 6 FOLHAS (2 VENEZ. FIXAS, 2 VENEZ. DE CORRER E 2 DE CORRER PARA VIDRO), COM BATENTE, ALIZAR E FERRAGENS. EXCLUSIVE VIDROS, ACABAMENTO E CONTRAMARCO. FORNECIMENTO E INSTALAÇÃO. AF_12/2019","M2","ATRIBUÍDO SÃO PAULO",1494.28,"CAIXA REFERENCIAL"]
["ESQUADRIAS/FERRAGENS/VIDROS","ESQV","JANELA DE MADEIRA","0090","","",100671,"JANELA DE MADEIRA (IMBUIA/CEDRO OU EQUIV) DE CORRER COM 6 FOLHAS (2 VENEZIANAS FIXAS, 2 VENEZIANAS DE CORRER E 2 DE CORRER PARA VIDRO), COM BATENTE, ALIZAR E FERRAGENS. EXCLUSIVE VIDROS, ACABAMENTO E CONTRAMARCO. FORNECIMENTO E INSTALAÇÃO. AF_12/2019","M2","ATRIBUÍDO SÃO PAULO",1861.08,"CAIXA REFERENCIAL"]
["ESQUADRIAS/FERRAGENS/VIDROS","ESQV","JANELA DE MADEIRA","0090","","",100672,"JANELA DE MADEIRA (PINUS/EUCALIPTO OU EQUIV.) DE CORRER COM 6 FOLHAS (2 VENEZ. FIXAS, 2 VENEZ. DE CORRER E 2 DE CORRER PARA VIDRO), COM BATENTE, ALIZAR E FERRAGENS. EXCLUSIVE VIDROS, ACABAMENTO E CONTRAMARCO. FORNECIMENTO EINSTALAÇÃO. AF_12/2019","M2","ATRIBUÍDO SÃO PAULO",1191.9000000000001,"CAIXA REFERENCIAL"]
["ESQUADRIAS/FERRAGENS/VIDROS","ESQV","PORTA E/OU TAMPA DE FERRO","0092","","",100701,"PORTA DE FERRO, DE ABRIR, TIPO GRADE COM CHAPA, COM GUARNIÇÕES. AF_12/2019","M2","ATRIBUÍDO SÃO PAULO",562.25,"CAIXA REFERENCIAL"]
["ESQUADRIAS/FERRAGENS/VIDROS","ESQV","JANELA DE FERRO","0093","","",94559,"JANELA DE AÇO TIPO BASCULANTE PARA VIDROS, COM BATENTE, FERRAGENS E PINTURA ANTICORROSIVA. EXCLUSIVE VIDROS, ACABAMENTO, ALIZAR E CONTRAMARCO. FORNECIMENTO E INSTALAÇÃO. AF_12/2019","M2","ATRIBUÍDO SÃO PAULO",690.31,"CAIXA REFERENCIAL"]
["ESQUADRIAS/FERRAGENS/VIDROS","ESQV","JANELA DE FERRO","0093","","",94562,"JANELA DE AÇO DE CORRER COM 4 FOLHAS PARA VIDRO, COM BATENTE, FERRAGENS E PINTURA ANTICORROSIVA. EXCLUSIVE VIDROS, ALIZAR E CONTRAMARCO. FORNECIMENTO E INSTALAÇÃO. AF_12/2019","M2","ATRIBUÍDO SÃO PAULO",647.53,"CAIXA REFERENCIAL"]
["ESQUADRIAS/FERRAGENS/VIDROS","ESQV","JANELA DE FERRO","0093","","",94587,"CONTRAMARCO DE AÇO, FIXAÇÃO COM ARGAMASSA - FORNECIMENTO E INSTALAÇÃO. AF_12/2019","M","ATRIBUÍDO SÃO PAULO",61.38,"CAIXA REFERENCIAL"]
["ESQUADRIAS/FERRAGENS/VIDROS","ESQV","JANELA DE FERRO","0093","","",94588,"CONTRAMARCO DE AÇO, FIXAÇÃO COM PARAFUSO - FORNECIMENTO E INSTALAÇÃO. AF_12/2019","M","ATRIBUÍDO SÃO PAULO",55,"CAIXA REFERENCIAL"]
["ESQUADRIAS/FERRAGENS/VIDROS","ESQV","GUARDA-CORPO DE FERRO","0095","","",99837,"GUARDA-CORPO DE AÇO GALVANIZADO DE 1,10M, MONTANTES TUBULARES DE 1.1/4\" ESPAÇADOS DE 1,20M, TRAVESSA SUPERIOR DE 1.1/2\", GRADIL FORMADO POR TUBOS HORIZONTAIS DE 1\" E VERTICAIS DE 3/4\", FIXADO COM CHUMBADOR MECÂNICO. AF_04/2019_PS","M","COEFICIENTE DE REPRESENTATIVIDADE",523.94000000000005,"CAIXA REFERENCIAL"]
["ESQUADRIAS/FERRAGENS/VIDROS","ESQV","GUARDA-CORPO DE FERRO","0095","","",99839,"GUARDA-CORPO DE AÇO GALVANIZADO DE 1,10M DE ALTURA, MONTANTES TUBULARES DE 1.1/2  ESPAÇADOS DE 1,20M, TRAVESSA SUPERIOR DE 2 , GRADIL FORMADO POR BARRAS CHATAS EM FERRO DE 32X4,8MM, FIXADO COM CHUMBADOR MECÂNICO. AF_04/2019_PS","M","COEFICIENTE DE REPRESENTATIVIDADE",445.89,"CAIXA REFERENCIAL"]
["ESQUADRIAS/FERRAGENS/VIDROS","ESQV","GUARDA-CORPO DE FERRO","0095","","",99841,"GUARDA-CORPO PANORÂMICO COM PERFIS DE ALUMÍNIO E VIDRO LAMINADO 8 MM, FIXADO COM CHUMBADOR MECÂNICO. AF_04/2019_PS","M","ATRIBUÍDO SÃO PAULO",909.91,"CAIXA REFERENCIAL"]
["ESQUADRIAS/FERRAGENS/VIDROS","ESQV","GUARDA-CORPO DE FERRO","0095","","",99855,"CORRIMÃO SIMPLES, DIÂMETRO EXTERNO = 1 1/2\", EM AÇO GALVANIZADO. AF_04/2019_PS","M","COEFICIENTE DE REPRESENTATIVIDADE",95.77,"CAIXA REFERENCIAL"]
["ESQUADRIAS/FERRAGENS/VIDROS","ESQV","GUARDA-CORPO DE FERRO","0095","","",99857,"CORRIMÃO SIMPLES, DIÂMETRO EXTERNO = 1 1/2\", EM ALUMÍNIO. AF_04/2019_PS","M","ATRIBUÍDO SÃO PAULO",83.04,"CAIXA REFERENCIAL"]
["ESQUADRIAS/FERRAGENS/VIDROS","ESQV","GUARDA-CORPO DE FERRO","0095","","",99861,"GRADIL EM FERRO FIXADO EM VÃOS DE JANELAS, FORMADO POR BARRAS CHATAS DE 25X4,8 MM. AF_04/2019","M2","ATRIBUÍDO SÃO PAULO",563.55999999999995,"CAIXA REFERENCIAL"]
["ESQUADRIAS/FERRAGENS/VIDROS","ESQV","GUARDA-CORPO DE FERRO","0095","","",99862,"GRADIL EM ALUMÍNIO FIXADO EM VÃOS DE JANELAS, FORMADO POR TUBOS DE 3/4\". AF_04/2019","M2","ATRIBUÍDO SÃO PAULO",545.41,"CAIXA REFERENCIAL"]
["ESQUADRIAS/FERRAGENS/VIDROS","ESQV","PORTA E/OU TAMPA DE ALUMINIO","0098","","",90838,"PORTA CORTA-FOGO 90X210X4CM - FORNECIMENTO E INSTALAÇÃO. AF_12/2019","UN","ATRIBUÍDO SÃO PAULO",1420.51,"CAIXA REFERENCIAL"]
["ESQUADRIAS/FERRAGENS/VIDROS","ESQV","PORTA E/OU TAMPA DE ALUMINIO","0098","","",91338,"PORTA DE ALUMÍNIO DE ABRIR COM LAMBRI, COM GUARNIÇÃO, FIXAÇÃO COM PARAFUSOS - FORNECIMENTO E INSTALAÇÃO. AF_12/2019","M2","COEFICIENTE DE REPRESENTATIVIDADE",564.24,"CAIXA REFERENCIAL"]
["ESQUADRIAS/FERRAGENS/VIDROS","ESQV","PORTA E/OU TAMPA DE ALUMINIO","0098","","",91341,"PORTA EM ALUMÍNIO DE ABRIR TIPO VENEZIANA COM GUARNIÇÃO, FIXAÇÃO COM PARAFUSOS - FORNECIMENTO E INSTALAÇÃO. AF_12/2019","M2","COEFICIENTE DE REPRESENTATIVIDADE",441.36,"CAIXA REFERENCIAL"]
["ESQUADRIAS/FERRAGENS/VIDROS","ESQV","PORTA E/OU TAMPA DE ALUMINIO","0098","","",94805,"PORTA DE ALUMÍNIO DE ABRIR PARA VIDRO SEM GUARNIÇÃO, 87X210CM, FIXAÇÃO COM PARAFUSOS, INCLUSIVE VIDROS - FORNECIMENTO E INSTALAÇÃO. AF_12/2019","UN","COEFICIENTE DE REPRESENTATIVIDADE",590.37,"CAIXA REFERENCIAL"]
["ESQUADRIAS/FERRAGENS/VIDROS","ESQV","PORTA E/OU TAMPA DE ALUMINIO","0098","","",94806,"PORTA EM AÇO DE ABRIR PARA VIDRO SEM GUARNIÇÃO, 87X210CM, FIXAÇÃO COM PARAFUSOS, EXCLUSIVE VIDROS - FORNECIMENTO E INSTALAÇÃO. AF_12/2019","UN","ATRIBUÍDO SÃO PAULO",675.96,"CAIXA REFERENCIAL"]
["ESQUADRIAS/FERRAGENS/VIDROS","ESQV","PORTA E/OU TAMPA DE ALUMINIO","0098","","",94807,"PORTA EM AÇO DE ABRIR TIPO VENEZIANA SEM GUARNIÇÃO, 87X210CM, FIXAÇÃO COM PARAFUSOS - FORNECIMENTO E INSTALAÇÃO. AF_12/2019","UN","ATRIBUÍDO SÃO PAULO",618.04999999999995,"CAIXA REFERENCIAL"]
["ESQUADRIAS/FERRAGENS/VIDROS","ESQV","PORTA E/OU TAMPA DE ALUMINIO","0098","","",100702,"PORTA DE CORRER DE ALUMÍNIO, COM DUAS FOLHAS PARA VIDRO, INCLUSO VIDRO LISO INCOLOR, FECHADURA E PUXADOR, SEM ALIZAR. AF_12/2019","M2","COEFICIENTE DE REPRESENTATIVIDADE",310.24,"CAIXA REFERENCIAL"]
["ESQUADRIAS/FERRAGENS/VIDROS","ESQV","FERRAGENS PARA PORTAS","0100","","",102188,"MOLA HIDRAULICA DE PISO PARA PORTA DE VIDRO TEMPERADO. AF_01/2021","UN","COEFICIENTE DE REPRESENTATIVIDADE",1015.12,"CAIXA REFERENCIAL"]
["ESQUADRIAS/FERRAGENS/VIDROS","ESQV","FERRAGENS PARA PORTAS","0100","","",102189,"JOGO DE FERRAGENS CROMADAS PARA PORTA DE VIDRO TEMPERADO, UMA FOLHA COMPOSTO DE DOBRADICAS SUPERIOR E INFERIOR, TRINCO, FECHADURA, CONTRA FECHADURA COM CAPUCHINHO SEM MOLA E PUXADOR. AF_01/2021","UN","COEFICIENTE DE REPRESENTATIVIDADE",256.02,"CAIXA REFERENCIAL"]
["ESQUADRIAS/FERRAGENS/VIDROS","ESQV","FERRAGENS DIVERSAS","0102","","",100703,"PUXADOR CENTRAL PARA ESQUADRIA DE MADEIRA. AF_12/2019","UN","COEFICIENTE DE REPRESENTATIVIDADE",32.94,"CAIXA REFERENCIAL"]
["ESQUADRIAS/FERRAGENS/VIDROS","ESQV","FERRAGENS DIVERSAS","0102","","",100704,"PORTA CADEADO ZINCADO OXIDADO PRETO COM CADEADO DE AÇO INOX, LARGURA DE *50* MM. AF_12/2019","UN","COEFICIENTE DE REPRESENTATIVIDADE",70.53,"CAIXA REFERENCIAL"]
["ESQUADRIAS/FERRAGENS/VIDROS","ESQV","FERRAGENS DIVERSAS","0102","","",100705,"TARJETA TIPO LIVRE/OCUPADO PARA PORTA DE BANHEIRO. AF_12/2019","UN","COEFICIENTE DE REPRESENTATIVIDADE",80.03,"CAIXA REFERENCIAL"]
["ESQUADRIAS/FERRAGENS/VIDROS","ESQV","FERRAGENS DIVERSAS","0102","","",100706,"CREMONA EM LATÃO CROMADO OU POLIDO, COMPLETA. AF_12/2019","UN","COEFICIENTE DE REPRESENTATIVIDADE",69.930000000000007,"CAIXA REFERENCIAL"]
["ESQUADRIAS/FERRAGENS/VIDROS","ESQV","FERRAGENS DIVERSAS","0102","","",100707,"FECHO DE EMBUTIR TIPO UNHA 22CM. AF_12/2019","UN","COEFICIENTE DE REPRESENTATIVIDADE",149.16,"CAIXA REFERENCIAL"]
["ESQUADRIAS/FERRAGENS/VIDROS","ESQV","FERRAGENS DIVERSAS","0102","","",100708,"FECHO DE EMBUTIR TIPO UNHA 40CM. AF_12/2019","UN","COEFICIENTE DE REPRESENTATIVIDADE",187.42,"CAIXA REFERENCIAL"]
["ESQUADRIAS/FERRAGENS/VIDROS","ESQV","FERRAGENS DIVERSAS","0102","","",100709,"DOBRADIÇA EM AÇO/FERRO, 3\" X 21/2\", E=1,9 A 2MM, SEN ANEL, CROMADO OU ZINCADO, TAMPA BOLA, COM PARAFUSOS. AF_12/2019","UN","COEFICIENTE DE REPRESENTATIVIDADE",52.3,"CAIXA REFERENCIAL"]
["ESQUADRIAS/FERRAGENS/VIDROS","ESQV","FERRAGENS DIVERSAS","0102","","",100710,"DOBRADIÇA TIPO VAI E VEM EM LATÃO POLIDO 3\". AF_12/2019","UN","COEFICIENTE DE REPRESENTATIVIDADE",152.46,"CAIXA REFERENCIAL"]
["ESQUADRIAS/FERRAGENS/VIDROS","ESQV","VIDROS/ESPELHOS","0103","","",102151,"INSTALAÇÃO DE VIDRO LISO INCOLOR, E = 3 MM, EM ESQUADRIA DE MADEIRA, FIXADO COM BAGUETE. AF_01/2021","M2","COEFICIENTE DE REPRESENTATIVIDADE",141.65,"CAIXA REFERENCIAL"]
["ESQUADRIAS/FERRAGENS/VIDROS","ESQV","VIDROS/ESPELHOS","0103","","",102152,"INSTALAÇÃO DE VIDRO LISO, E = 4 MM, EM ESQUADRIA DE MADEIRA, FIXADO COM BAGUETE. AF_01/2021","M2","COEFICIENTE DE REPRESENTATIVIDADE",156.03,"CAIXA REFERENCIAL"]
["ESQUADRIAS/FERRAGENS/VIDROS","ESQV","VIDROS/ESPELHOS","0103","","",102153,"INSTALAÇÃO DE VIDRO LISO FUME, E = 4 MM, EM ESQUADRIA DE MADEIRA, FIXADO COM BAGUETE. AF_01/2021","M2","COEFICIENTE DE REPRESENTATIVIDADE",194.36,"CAIXA REFERENCIAL"]
["ESQUADRIAS/FERRAGENS/VIDROS","ESQV","VIDROS/ESPELHOS","0103","","",102154,"INSTALAÇÃO DE VIDRO LISO INCOLOR, E = 5 MM, EM ESQUADRIA DE MADEIRA, FIXADO COM BAGUETE. AF_01/2021","M2","COEFICIENTE DE REPRESENTATIVIDADE",167.19,"CAIXA REFERENCIAL"]
["ESQUADRIAS/FERRAGENS/VIDROS","ESQV","VIDROS/ESPELHOS","0103","","",102155,"INSTALAÇÃO DE VIDRO LISO FUME, E = 5 MM, EM ESQUADRIA DE MADEIRA, FIXADO COM BAGUETE. AF_01/2021","M2","COEFICIENTE DE REPRESENTATIVIDADE",198.55,"CAIXA REFERENCIAL"]
["ESQUADRIAS/FERRAGENS/VIDROS","ESQV","VIDROS/ESPELHOS","0103","","",102156,"INSTALAÇÃO DE VIDRO LISO INCOLOR, E = 6 MM, EM ESQUADRIA DE MADEIRA, FIXADO COM BAGUETE. AF_01/2021","M2","COEFICIENTE DE REPRESENTATIVIDADE",188.25,"CAIXA REFERENCIAL"]
["ESQUADRIAS/FERRAGENS/VIDROS","ESQV","VIDROS/ESPELHOS","0103","","",102157,"INSTALAÇÃO DE VIDRO LISO FUME, E = 6 MM, EM ESQUADRIA DE MADEIRA, FIXADO COM BAGUETE. AF_01/2021","M2","COEFICIENTE DE REPRESENTATIVIDADE",255.34,"CAIXA REFERENCIAL"]
["ESQUADRIAS/FERRAGENS/VIDROS","ESQV","VIDROS/ESPELHOS","0103","","",102158,"INSTALAÇÃO DE VIDRO LISO INCOLOR, E = 8 MM, EM ESQUADRIA DE MADEIRA, FIXADO COM BAGUETE. AF_01/2021","M2","COEFICIENTE DE REPRESENTATIVIDADE",256.48,"CAIXA REFERENCIAL"]
["ESQUADRIAS/FERRAGENS/VIDROS","ESQV","VIDROS/ESPELHOS","0103","","",102159,"INSTALAÇÃO DE VIDRO LISO INCOLOR, E = 10 MM, EM ESQUADRIA DE MADEIRA, FIXADO COM BAGUETE. AF_01/2021","M2","COEFICIENTE DE REPRESENTATIVIDADE",303.98,"CAIXA REFERENCIAL"]
["ESQUADRIAS/FERRAGENS/VIDROS","ESQV","VIDROS/ESPELHOS","0103","","",102160,"INSTALAÇÃO DE VIDRO IMPRESSO, E = 4 MM, EM ESQUADRIA DE MADEIRA, FIXADO COM BAGUETE. AF_01/2021","M2","COEFICIENTE DE REPRESENTATIVIDADE",136.86000000000001,"CAIXA REFERENCIAL"]
["ESQUADRIAS/FERRAGENS/VIDROS","ESQV","VIDROS/ESPELHOS","0103","","",102161,"INSTALAÇÃO DE VIDRO LISO INCOLOR, E = 3 MM, EM ESQUADRIA DE ALUMÍNIO OU PVC, FIXADO COM BAGUETE. AF_01/2021_PS","M2","ATRIBUÍDO SÃO PAULO",241.68,"CAIXA REFERENCIAL"]
["ESQUADRIAS/FERRAGENS/VIDROS","ESQV","VIDROS/ESPELHOS","0103","","",102162,"INSTALAÇÃO DE VIDRO LISO INCOLOR, E = 4 MM, EM ESQUADRIA DE ALUMÍNIO OU PVC, FIXADO COM BAGUETE. AF_01/2021_PS","M2","ATRIBUÍDO SÃO PAULO",256.06,"CAIXA REFERENCIAL"]
["ESQUADRIAS/FERRAGENS/VIDROS","ESQV","VIDROS/ESPELHOS","0103","","",102163,"INSTALAÇÃO DE VIDRO LISO FUME, E = 4 MM, EM ESQUADRIA DE ALUMÍNIO OU PVC, FIXADO COM BAGUETE. AF_01/2021_PS","M2","ATRIBUÍDO SÃO PAULO",294.39,"CAIXA REFERENCIAL"]
["ESQUADRIAS/FERRAGENS/VIDROS","ESQV","VIDROS/ESPELHOS","0103","","",102164,"INSTALAÇÃO DE VIDRO LISO INCOLOR, E = 5 MM, EM ESQUADRIA DE ALUMÍNIO OU PVC, FIXADO COM BAGUETE. AF_01/2021_PS","M2","ATRIBUÍDO SÃO PAULO",248.83,"CAIXA REFERENCIAL"]
["ESQUADRIAS/FERRAGENS/VIDROS","ESQV","VIDROS/ESPELHOS","0103","","",102165,"INSTALAÇÃO DE VIDRO LISO FUME, E = 5 MM, EM ESQUADRIA DE ALUMÍNIO OU PVC, FIXADO COM BAGUETE. AF_01/2021_PS","M2","ATRIBUÍDO SÃO PAULO",280.19,"CAIXA REFERENCIAL"]
["ESQUADRIAS/FERRAGENS/VIDROS","ESQV","VIDROS/ESPELHOS","0103","","",102166,"INSTALAÇÃO DE VIDRO LISO INCOLOR, E = 6 MM, EM ESQUADRIA DE ALUMÍNIO OU PVC, FIXADO COM BAGUETE. AF_01/2021_PS","M2","ATRIBUÍDO SÃO PAULO",251.48,"CAIXA REFERENCIAL"]
["ESQUADRIAS/FERRAGENS/VIDROS","ESQV","VIDROS/ESPELHOS","0103","","",102167,"INSTALAÇÃO DE VIDRO LISO FUME, E = 6 MM, EM ESQUADRIA DE ALUMÍNIO OU PVC, FIXADO COM BAGUETE. AF_01/2021_PS","M2","ATRIBUÍDO SÃO PAULO",318.57,"CAIXA REFERENCIAL"]
["ESQUADRIAS/FERRAGENS/VIDROS","ESQV","VIDROS/ESPELHOS","0103","","",102168,"INSTALAÇÃO DE VIDRO LISO INCOLOR, E = 8 MM, EM ESQUADRIA DE ALUMÍNIO OU PVC, FIXADO COM BAGUETE. AF_01/2021_PS","M2","ATRIBUÍDO SÃO PAULO",303.33,"CAIXA REFERENCIAL"]
["ESQUADRIAS/FERRAGENS/VIDROS","ESQV","VIDROS/ESPELHOS","0103","","",102169,"INSTALAÇÃO DE VIDRO LISO INCOLOR, E = 10 MM, EM ESQUADRIA DE ALUMÍNIO OU PVC, FIXADO COM BAGUETE. AF_01/2021_PS","M2","ATRIBUÍDO SÃO PAULO",344.76,"CAIXA REFERENCIAL"]
["ESQUADRIAS/FERRAGENS/VIDROS","ESQV","VIDROS/ESPELHOS","0103","","",102170,"INSTALAÇÃO DE VIDRO IMPRESSO, E = 4 MM, EM ESQUADRIA DE ALUMÍNIO OU PVC, FIXADO COM BAGUETE. AF_01/2021_PS","M2","ATRIBUÍDO SÃO PAULO",236.89,"CAIXA REFERENCIAL"]
["ESQUADRIAS/FERRAGENS/VIDROS","ESQV","VIDROS/ESPELHOS","0103","","",102171,"INSTALAÇÃO DE VIDRO ARAMADO, E = 6 MM, EM ESQUADRIA DE ALUMÍNIO OU PVC, FIXADO COM BAGUETE. AF_01/2021_PS","M2","ATRIBUÍDO SÃO PAULO",402.17,"CAIXA REFERENCIAL"]
["ESQUADRIAS/FERRAGENS/VIDROS","ESQV","VIDROS/ESPELHOS","0103","","",102172,"INSTALAÇÃO DE VIDRO ARAMADO, E = 7 MM, EM ESQUADRIA DE ALUMÍNIO OU PVC, FIXADO COM BAGUETE. AF_01/2021_PS","M2","ATRIBUÍDO SÃO PAULO",385.65,"CAIXA REFERENCIAL"]
["ESQUADRIAS/FERRAGENS/VIDROS","ESQV","VIDROS/ESPELHOS","0103","","",102176,"INSTALAÇÃO DE VIDRO LAMINADO, E = 8 MM (4+4), ENCAIXADO EM PERFIL U. AF_01/2021_PS","M2","ATRIBUÍDO SÃO PAULO",705.34,"CAIXA REFERENCIAL"]
["ESQUADRIAS/FERRAGENS/VIDROS","ESQV","VIDROS/ESPELHOS","0103","","",102177,"INSTALAÇÃO DE VIDRO LAMINADO, E = 12 MM (4+4+4), ENCAIXADO EM PERFIL U. AF_01/2021_PS","M2","ATRIBUÍDO SÃO PAULO",1383.19,"CAIXA REFERENCIAL"]
["ESQUADRIAS/FERRAGENS/VIDROS","ESQV","VIDROS/ESPELHOS","0103","","",102178,"INSTALAÇÃO DE VIDRO LAMINADO, E = 15 MM (5+5+5), ENCAIXADO EM PERFIL U. AF_01/2021_PS","M2","ATRIBUÍDO SÃO PAULO",1580.6,"CAIXA REFERENCIAL"]
["ESQUADRIAS/FERRAGENS/VIDROS","ESQV","VIDROS/ESPELHOS","0103","","",102179,"INSTALAÇÃO DE VIDRO TEMPERADO, E = 6 MM, ENCAIXADO EM PERFIL U. AF_01/2021_PS","M2","ATRIBUÍDO SÃO PAULO",346.82,"CAIXA REFERENCIAL"]
["ESQUADRIAS/FERRAGENS/VIDROS","ESQV","VIDROS/ESPELHOS","0103","","",102180,"INSTALAÇÃO DE VIDRO TEMPERADO, E = 8 MM, ENCAIXADO EM PERFIL U. AF_01/2021_PS","M2","ATRIBUÍDO SÃO PAULO",406.8,"CAIXA REFERENCIAL"]
["ESQUADRIAS/FERRAGENS/VIDROS","ESQV","VIDROS/ESPELHOS","0103","","",102181,"INSTALAÇÃO DE VIDRO TEMPERADO, E = 10 MM, ENCAIXADO EM PERFIL U. AF_01/2021_PS","M2","ATRIBUÍDO SÃO PAULO",487.15,"CAIXA REFERENCIAL"]
["ESQUADRIAS/FERRAGENS/VIDROS","ESQV","VIDROS/ESPELHOS","0103","","",102182,"PORTA PIVOTANTE DE VIDRO TEMPERADO, 90X210 CM, ESPESSURA 10 MM, INCLUSIVE ACESSÓRIOS. AF_01/2021","UN","COEFICIENTE DE REPRESENTATIVIDADE",1045.72,"CAIXA REFERENCIAL"]
["ESQUADRIAS/FERRAGENS/VIDROS","ESQV","VIDROS/ESPELHOS","0103","","",102183,"PORTA PIVOTANTE DE VIDRO TEMPERADO, 2 FOLHAS DE 90X210 CM, ESPESSURA DE 10MM, INCLUSIVE ACESSÓRIOS. AF_01/2021","UN","COEFICIENTE DE REPRESENTATIVIDADE",2101.91,"CAIXA REFERENCIAL"]
["ESQUADRIAS/FERRAGENS/VIDROS","ESQV","VIDROS/ESPELHOS","0103","","",102184,"PORTA DE ABRIR COM MOLA HIDRÁULICA, EM VIDRO TEMPERADO, 90X210 CM, ESPESSURA 10 MM, INCLUSIVE ACESSÓRIOS. AF_01/2021","UN","COEFICIENTE DE REPRESENTATIVIDADE",2041.37,"CAIXA REFERENCIAL"]
["ESQUADRIAS/FERRAGENS/VIDROS","ESQV","VIDROS/ESPELHOS","0103","","",102185,"PORTA DE ABRIR COM MOLA HIDRÁULICA, EM VIDRO TEMPERADO, 2 FOLHAS DE 90X210 CM, ESPESSURA DD 10MM, INCLUSIVE ACESSÓRIOS. AF_01/2021","UN","COEFICIENTE DE REPRESENTATIVIDADE",4092.92,"CAIXA REFERENCIAL"]
["ESQUADRIAS/FERRAGENS/VIDROS","ESQV","VIDROS/ESPELHOS","0103","","",102190,"REMOÇÃO DE VIDRO LISO COMUM DE ESQUADRIA COM BAGUETE DE MADEIRA. AF_01/2021","M2","COEFICIENTE DE REPRESENTATIVIDADE",16.09,"CAIXA REFERENCIAL"]
["ESQUADRIAS/FERRAGENS/VIDROS","ESQV","VIDROS/ESPELHOS","0103","","",102191,"REMOÇÃO DE VIDRO LISO COMUM DE ESQUADRIA COM BAGUETE DE ALUMÍNIO OU PVC. AF_01/2021","M2","COEFICIENTE DE REPRESENTATIVIDADE",19.559999999999999,"CAIXA REFERENCIAL"]
["ESQUADRIAS/FERRAGENS/VIDROS","ESQV","VIDROS/ESPELHOS","0103","","",102192,"REMOÇÃO DE VIDRO TEMPERADO FIXADO EM PERFIL U. AF_01/2021","M2","COEFICIENTE DE REPRESENTATIVIDADE",13.96,"CAIXA REFERENCIAL"]
["ESQUADRIAS/FERRAGENS/VIDROS","ESQV","JANELA DE ALUMINIO","0222","","",94569,"JANELA DE ALUMÍNIO TIPO MAXIM-AR, COM VIDROS, BATENTE E FERRAGENS. EXCLUSIVE ALIZAR, ACABAMENTO E CONTRAMARCO. FORNECIMENTO E INSTALAÇÃO. AF_12/2019","M2","COEFICIENTE DE REPRESENTATIVIDADE",437.11,"CAIXA REFERENCIAL"]
["ESQUADRIAS/FERRAGENS/VIDROS","ESQV","JANELA DE ALUMINIO","0222","","",94570,"JANELA DE ALUMÍNIO DE CORRER COM 2 FOLHAS PARA VIDROS, COM VIDROS, BATENTE, ACABAMENTO COM ACETATO OU BRILHANTE E FERRAGENS. EXCLUSIVE ALIZAR E CONTRAMARCO. FORNECIMENTO E INSTALAÇÃO. AF_12/2019","M2","COEFICIENTE DE REPRESENTATIVIDADE",220.33,"CAIXA REFERENCIAL"]
["ESQUADRIAS/FERRAGENS/VIDROS","ESQV","JANELA DE ALUMINIO","0222","","",94572,"JANELA DE ALUMÍNIO DE CORRER COM 3 FOLHAS (2 VENEZIANAS E 1 PARA VIDRO), COM VIDROS, BATENTE E FERRAGENS. EXCLUSIVE ACABAMENTO, ALIZAR E CONTRAMARCO. FORNECIMENTO E INSTALAÇÃO. AF_12/2019","M2","COEFICIENTE DE REPRESENTATIVIDADE",309.35000000000002,"CAIXA REFERENCIAL"]
["ESQUADRIAS/FERRAGENS/VIDROS","ESQV","JANELA DE ALUMINIO","0222","","",94573,"JANELA DE ALUMÍNIO DE CORRER COM 4 FOLHAS PARA VIDROS, COM VIDROS, BATENTE, ACABAMENTO COM ACETATO OU BRILHANTE E FERRAGENS. EXCLUSIVE ALIZAR E CONTRAMARCO. FORNECIMENTO E INSTALAÇÃO. AF_12/2019","M2","COEFICIENTE DE REPRESENTATIVIDADE",257.76,"CAIXA REFERENCIAL"]
["ESQUADRIAS/FERRAGENS/VIDROS","ESQV","JANELA DE ALUMINIO","0222","","",94580,"JANELA DE ALUMÍNIO DE CORRER COM 6 FOLHAS (2 VENEZIANAS FIXAS, 2 VENEZIANAS DE CORRER E 2 PARA VIDRO), COM VIDROS, BATENTE, ACABAMENTO COM ACETATO OU BRILHANTE E FERRAGENS. EXCLUSIVE ALIZAR E CONTRAMARCO. FORNECIMENTO E INSTALAÇÃO. AF_12/2019","M2","COEFICIENTE DE REPRESENTATIVIDADE",347.7,"CAIXA REFERENCIAL"]
["ESQUADRIAS/FERRAGENS/VIDROS","ESQV","JANELA DE ALUMINIO","0222","","",94589,"CONTRAMARCO DE ALUMÍNIO, FIXAÇÃO COM ARGAMASSA - FORNECIMENTO E INSTALAÇÃO. AF_12/2019","M","COEFICIENTE DE REPRESENTATIVIDADE",17.850000000000001,"CAIXA REFERENCIAL"]
["ESQUADRIAS/FERRAGENS/VIDROS","ESQV","JANELA DE ALUMINIO","0222","","",94590,"CONTRAMARCO DE ALUMÍNIO, FIXAÇÃO COM PARAFUSO - FORNECIMENTO E INSTALAÇÃO. AF_12/2019","M","COEFICIENTE DE REPRESENTATIVIDADE",15.63,"CAIXA REFERENCIAL"]
["ESQUADRIAS/FERRAGENS/VIDROS","ESQV","JANELA DE ALUMINIO","0222","","",100674,"JANELA FIXA DE ALUMÍNIO PARA VIDRO, COM VIDRO, BATENTE E FERRAGENS. EXCLUSIVE ACABAMENTO, ALIZAR E CONTRAMARCO. FORNECIMENTO E INSTALAÇÃO. AF_12/2019","M2","COEFICIENTE DE REPRESENTATIVIDADE",442.58,"CAIXA REFERENCIAL"]
["FUNDACOES E ESTRUTURAS","FUES","TUBULOES","0038","","",101096,"TUBULÃO A CÉU ABERTO, DIÂMETRO DO FUSTE DE 70CM, ESCAVAÇÃO MANUAL, SEM ALARGAMENTO DE BASE, CONCRETO FEITO EM OBRA E LANÇADO COM JERICA. AF_05/2020_PA","M3","ATRIBUÍDO SÃO PAULO",1275.8499999999999,"CAIXA REFERENCIAL"]
["FUNDACOES E ESTRUTURAS","FUES","TUBULOES","0038","","",101097,"TUBULÃO A CÉU ABERTO, DIÂMETRO DO FUSTE DE 80CM, ESCAVAÇÃO MANUAL, SEM ALARGAMENTO DE BASE, CONCRETO FEITO EM OBRA E LANÇADO COM JERICA. AF_05/2020_PA","M3","ATRIBUÍDO SÃO PAULO",1208.73,"CAIXA REFERENCIAL"]
["FUNDACOES E ESTRUTURAS","FUES","TUBULOES","0038","","",101098,"TUBULÃO A CÉU ABERTO, DIÂMETRO DO FUSTE DE 100CM, ESCAVAÇÃO MANUAL, SEM ALARGAMENTO DE BASE, CONCRETO FEITO EM OBRA E LANÇADO COM JERICA. AF_05/2020_PA","M3","ATRIBUÍDO SÃO PAULO",1124.92,"CAIXA REFERENCIAL"]
["FUNDACOES E ESTRUTURAS","FUES","TUBULOES","0038","","",101099,"TUBULÃO A CÉU ABERTO, DIÂMETRO DO FUSTE DE 120CM, ESCAVAÇÃO MANUAL, SEM ALARGAMENTO DE BASE, CONCRETO FEITO EM OBRA E LANÇADO COM JERICA. AF_05/2020_PA","M3","ATRIBUÍDO SÃO PAULO",1030.3900000000001,"CAIXA REFERENCIAL"]
["FUNDACOES E ESTRUTURAS","FUES","TUBULOES","0038","","",101100,"TUBULÃO A CÉU ABERTO, DIÂMETRO DO FUSTE DE 70CM, ESCAVAÇÃO MECÂNICA, SEM ALARGAMENTO DE BASE, CONCRETO FEITO EM OBRA E LANÇADO COM JERICA. AF_05/2020_PA","M3","ATRIBUÍDO SÃO PAULO",954.42,"CAIXA REFERENCIAL"]
["FUNDACOES E ESTRUTURAS","FUES","TUBULOES","0038","","",101101,"TUBULÃO A CÉU ABERTO, DIÂMETRO DO FUSTE DE 80CM, ESCAVAÇÃO MECÂNICA, SEM ALARGAMENTO DE BASE, CONCRETO FEITO EM OBRA E LANÇADO COM JERICA (EXCLUSIVE MOBILIZAÇÃO E DESMOBILIZAÇÃO). AF_05/2020_PA","M3","ATRIBUÍDO SÃO PAULO",932.36,"CAIXA REFERENCIAL"]
["FUNDACOES E ESTRUTURAS","FUES","TUBULOES","0038","","",101102,"TUBULÃO A CÉU ABERTO, DIÂMETRO DO FUSTE DE 100CM, ESCAVAÇÃO MECÂNICA, SEM ALARGAMENTO DE BASE, CONCRETO FEITO EM OBRA E LANÇADO COM JERICA (EXCLUSIVE MOBILIZAÇÃO E DESMOBILIZAÇÃO). AF_05/2020_PA","M3","ATRIBUÍDO SÃO PAULO",910.77,"CAIXA REFERENCIAL"]
["FUNDACOES E ESTRUTURAS","FUES","TUBULOES","0038","","",101103,"TUBULÃO A CÉU ABERTO, DIÂMETRO DO FUSTE DE 120CM, ESCAVAÇÃO MECÂNICA, SEM ALARGAMENTO DE BASE, CONCRETO FEITO EM OBRA E LANÇADO COM JERICA (EXCLUSIVE MOBILIZAÇÃO E DESMOBILIZAÇÃO). AF_05/2020_PA","M3","ATRIBUÍDO SÃO PAULO",856.65,"CAIXA REFERENCIAL"]
["FUNDACOES E ESTRUTURAS","FUES","TUBULOES","0038","","",101104,"TUBULÃO A CÉU ABERTO, DIÂMETRO DO FUSTE DE 70CM, ESCAVAÇÃO MANUAL, SEM ALARGAMENTO DE BASE, CONCRETO USINADO E LANÇADO COM BOMBA OU DIRETAMENTE DO CAMINHÃO (EXCLUSIVE BOMBEAMENTO). AF_05/2020_PA","M3","ATRIBUÍDO SÃO PAULO",1240.95,"CAIXA REFERENCIAL"]
["FUNDACOES E ESTRUTURAS","FUES","TUBULOES","0038","","",101105,"TUBULÃO A CÉU ABERTO, DIÂMETRO DO FUSTE DE 80CM, ESCAVAÇÃO MANUAL, SEM ALARGAMENTO DE BASE, CONCRETO USINADO E LANÇADO COM BOMBA OU DIRETAMENTE DO CAMINHÃO (EXCLUSIVE BOMBEAMENTO). AF_05/2020_PA","M3","ATRIBUÍDO SÃO PAULO",1174.5999999999999,"CAIXA REFERENCIAL"]
["FUNDACOES E ESTRUTURAS","FUES","TUBULOES","0038","","",101106,"TUBULÃO A CÉU ABERTO, DIÂMETRO DO FUSTE DE 100CM, ESCAVAÇÃO MANUAL, SEM ALARGAMENTO DE BASE, CONCRETO USINADO E LANÇADO COM BOMBA OU DIRETAMENTE DO CAMINHÃO (EXCLUSIVE BOMBEAMENTO). AF_05/2020_PA","M3","ATRIBUÍDO SÃO PAULO",1092.3599999999999,"CAIXA REFERENCIAL"]
["FUNDACOES E ESTRUTURAS","FUES","TUBULOES","0038","","",101107,"TUBULÃO A CÉU ABERTO, DIÂMETRO DO FUSTE DE 120CM, ESCAVAÇÃO MANUAL, SEM ALARGAMENTO DE BASE, CONCRETO USINADO E LANÇADO COM BOMBA OU DIRETAMENTE DO CAMINHÃO (EXCLUSIVE BOMBEAMENTO). AF_05/2020_PA","M3","ATRIBUÍDO SÃO PAULO",999.36,"CAIXA REFERENCIAL"]
["FUNDACOES E ESTRUTURAS","FUES","TUBULOES","0038","","",101108,"TUBULÃO A CÉU ABERTO, DIÂMETRO DO FUSTE DE 70CM, ESCAVAÇÃO MECÂNICA, SEM ALARGAMENTO DE BASE, CONCRETO USINADO E LANÇADO COM BOMBA OU DIRETAMENTE DO CAMINHÃO (EXCLUSIVE BOMBEAMENTO, MOBILIZAÇÃO E DESMOBILIZAÇÃO). AF_05/2020_PA","M3","ATRIBUÍDO SÃO PAULO",913.42,"CAIXA REFERENCIAL"]
["FUNDACOES E ESTRUTURAS","FUES","TUBULOES","0038","","",101109,"TUBULÃO A CÉU ABERTO, DIÂMETRO DO FUSTE DE 80CM, ESCAVAÇÃO MECÂNICA, SEM ALARGAMENTO DE BASE, CONCRETO USINADO E LANÇADO COM BOMBA OU DIRETAMENTE DO CAMINHÃO (EXCLUSIVE BOMBEAMENTO, MOBILIZAÇÃO E DESMOBILIZAÇÃO). AF_05/2020_PA","M3","ATRIBUÍDO SÃO PAULO",892.45,"CAIXA REFERENCIAL"]
["FUNDACOES E ESTRUTURAS","FUES","TUBULOES","0038","","",101110,"TUBULÃO A CÉU ABERTO, DIÂMETRO DO FUSTE DE 100CM, ESCAVAÇÃO MECÂNICA, SEM ALARGAMENTO DE BASE, CONCRETO USINADO E LANÇADO COM BOMBA OU DIRETAMENTE DO CAMINHÃO (EXCLUSIVE BOMBEAMENTO, MOBILIZAÇÃO E DESMOBILIZAÇÃO). AF_05/2020_PA","M3","ATRIBUÍDO SÃO PAULO",873.12,"CAIXA REFERENCIAL"]
["FUNDACOES E ESTRUTURAS","FUES","TUBULOES","0038","","",101111,"TUBULÃO A CÉU ABERTO, DIÂMETRO DO FUSTE DE 120CM, ESCAVAÇÃO MECÂNICA, SEM ALARGAMENTO DE BASE, CONCRETO USINADO E LANÇADO COM BOMBA OU DIRETAMENTE DO CAMINHÃO (EXCLUSIVE BOMBEAMENTO, MOBILIZAÇÃO E DESMOBILIZAÇÃO). AF_05/2020_PA","M3","ATRIBUÍDO SÃO PAULO",821.23,"CAIXA REFERENCIAL"]
["FUNDACOES E ESTRUTURAS","FUES","TUBULOES","0038","","",101112,"ALARGAMENTO DE BASE DE TUBULÃO A CÉU ABERTO, ESCAVAÇÃO MANUAL, CONCRETO FEITO EM OBRA E LANÇADO COM JERICA. AF_05/2020","M3","ATRIBUÍDO SÃO PAULO",900.92,"CAIXA REFERENCIAL"]
["FUNDACOES E ESTRUTURAS","FUES","TUBULOES","0038","","",101113,"ALARGAMENTO DE BASE DE TUBULÃO A CÉU ABERTO, ESCAVAÇÃO MANUAL, CONCRETO USINADO E LANÇADO COM BOMBA OU DIRETAMENTE DO CAMINHÃO (EXCLUSIVE BOMBEAMENTO). AF_05/2020","M3","ATRIBUÍDO SÃO PAULO",869.72,"CAIXA REFERENCIAL"]
["FUNDACOES E ESTRUTURAS","FUES","ESTACAS","0039","","",95601,"ARRASAMENTO MECANICO DE ESTACA DE CONCRETO ARMADO, DIAMETROS DE ATÉ 40 CM. AF_05/2021","UN","COEFICIENTE DE REPRESENTATIVIDADE",18.170000000000002,"CAIXA REFERENCIAL"]
["FUNDACOES E ESTRUTURAS","FUES","ESTACAS","0039","","",95602,"ARRASAMENTO MECANICO DE ESTACA DE CONCRETO ARMADO, DIAMETROS DE 41 CM A 60 CM. AF_05/2021","UN","COEFICIENTE DE REPRESENTATIVIDADE",29.08,"CAIXA REFERENCIAL"]
["FUNDACOES E ESTRUTURAS","FUES","ESTACAS","0039","","",95603,"ARRASAMENTO MECANICO DE ESTACA DE CONCRETO ARMADO, DIAMETROS DE 61 CM A 80 CM. AF_05/2021","UN","COEFICIENTE DE REPRESENTATIVIDADE",49.63,"CAIXA REFERENCIAL"]
["FUNDACOES E ESTRUTURAS","FUES","ESTACAS","0039","","",95604,"ARRASAMENTO MECANICO DE ESTACA DE CONCRETO ARMADO, DIAMETROS DE 81 CM A 100 CM. AF_05/2021","UN","COEFICIENTE DE REPRESENTATIVIDADE",77.010000000000005,"CAIXA REFERENCIAL"]
["FUNDACOES E ESTRUTURAS","FUES","ESTACAS","0039","","",95605,"ARRASAMENTO MECANICO DE ESTACA DE CONCRETO ARMADO, DIAMETROS DE 101 CM A 150 CM. AF_05/2021","UN","COEFICIENTE DE REPRESENTATIVIDADE",141.41,"CAIXA REFERENCIAL"]
["FUNDACOES E ESTRUTURAS","FUES","ESTACAS","0039","","",95607,"ARRASAMENTO DE ESTACA METÁLICA, PERFIL LAMINADO TIPO  I  FAMÍLIA 250. AF_05/2021","UN","ATRIBUÍDO SÃO PAULO",21.2,"CAIXA REFERENCIAL"]
["FUNDACOES E ESTRUTURAS","FUES","ESTACAS","0039","","",95608,"ARRASAMENTO MECÂNICO DE ESTACA METÁLICA, PERFIL LAMINADO TIPO  H - FAMÍLIA 250. AF_05/2021","UN","ATRIBUÍDO SÃO PAULO",30.74,"CAIXA REFERENCIAL"]
["FUNDACOES E ESTRUTURAS","FUES","ESTACAS","0039","","",95609,"ARRASAMENTO MECÂNICO DE ESTACA METÁLICA, PERFIL LAMINADO TIPO  H - FAMÍLIA 310. AF_05/2021","UN","ATRIBUÍDO SÃO PAULO",38.979999999999997,"CAIXA REFERENCIAL"]
["FUNDACOES E ESTRUTURAS","FUES","ESTACAS","0039","","",100651,"ESTACA HÉLICE CONTÍNUA, DIÂMETRO DE 30 CM, INCLUSO CONCRETO FCK=30MPA E ARMADURA MÍNIMA (EXCLUSIVE BOMBEAMENTO, MOBILIZAÇÃO E DESMOBILIZAÇÃO). AF_12/2019_PA","M","ATRIBUÍDO SÃO PAULO",135.43,"CAIXA REFERENCIAL"]
["FUNDACOES E ESTRUTURAS","FUES","ESTACAS","0039","","",100652,"ESTACA HÉLICE CONTÍNUA , DIÂMETRO DE 50 CM, INCLUSO CONCRETO FCK=30MPA E ARMADURA MÍNIMA (EXCLUSIVE BOMBEAMENTO, MOBILIZAÇÃO E DESMOBILIZAÇÃO). AF_12/2019_PA","M","ATRIBUÍDO SÃO PAULO",254.21,"CAIXA REFERENCIAL"]
["FUNDACOES E ESTRUTURAS","FUES","ESTACAS","0039","","",100653,"ESTACA HÉLICE CONTÍNUA, DIÂMETRO DE 70 CM, INCLUSO CONCRETO FCK=30MPA E ARMADURA MÍNIMA (EXCLUSIVE BOMBEAMENTO, MOBILIZAÇÃO E DESMOBILIZAÇÃO). AF_12/2019_PA","M","ATRIBUÍDO SÃO PAULO",419.82,"CAIXA REFERENCIAL"]
["FUNDACOES E ESTRUTURAS","FUES","ESTACAS","0039","","",100654,"ESTACA HÉLICE CONTÍNUA, DIÂMETRO DE 80 CM, INCLUSO CONCRETO FCK=30MPA E ARMADURA MÍNIMA (EXCLUSIVE BOMBEAMENTO, MOBILIZAÇÃO E DESMOBILIZAÇÃO). AF_12/2019_PA","M","ATRIBUÍDO SÃO PAULO",569.22,"CAIXA REFERENCIAL"]
["FUNDACOES E ESTRUTURAS","FUES","ESTACAS","0039","","",100655,"ESTACA HÉLICE CONTÍNUA, DIÂMETRO DE 90 CM, INCLUSO CONCRETO FCK=30MPA E ARMADURA MÍNIMA (EXCLUSIVE BOMBEAMENTO, MOBILIZAÇÃO E DESMOBILIZAÇÃO). AF_12/2019_PA","M","ATRIBUÍDO SÃO PAULO",657.14,"CAIXA REFERENCIAL"]
["FUNDACOES E ESTRUTURAS","FUES","ESTACAS","0039","","",100656,"ESTACA PRÉ-MOLDADA DE CONCRETO, SEÇÃO QUADRADA, CAPACIDADE DE 25 TONELADAS, INCLUSO EMENDA (EXCLUSIVE MOBILIZAÇÃO E DESMOBILIZAÇÃO). AF_12/2019","M","ATRIBUÍDO SÃO PAULO",112.08,"CAIXA REFERENCIAL"]
["FUNDACOES E ESTRUTURAS","FUES","ESTACAS","0039","","",100657,"ESTACA PRÉ-MOLDADA DE CONCRETO SEÇÃO QUADRADA, CAPACIDADE DE 50 TONELADAS, INCLUSO EMENDA (EXCLUSIVE MOBILIZAÇÃO E DESMOBILIZAÇÃO). AF_12/2019","M","ATRIBUÍDO SÃO PAULO",144.61000000000001,"CAIXA REFERENCIAL"]
["FUNDACOES E ESTRUTURAS","FUES","ESTACAS","0039","","",100658,"ESTACA PRÉ-MOLDADA DE CONCRETO CENTRIFUGADO, SEÇÃO CIRCULAR, CAPACIDADE DE 100 TONELADAS, INCLUSO EMENDA (EXCLUSIVE MOBILIZAÇÃO E DESMOBILIZAÇÃO). AF_12/2019","M","ATRIBUÍDO SÃO PAULO",334.19,"CAIXA REFERENCIAL"]
["FUNDACOES E ESTRUTURAS","FUES","ESTACAS","0039","","",100889,"ESTACA METÁLICA PARA FUNDAÇÃO, UTILIZANDO PERFIL LAMINADO HP250X62 (EXCLUSIVE MOBILIZAÇÃO E DESMOBILIZAÇÃO). AF_01/2020","KG","ATRIBUÍDO SÃO PAULO",11.94,"CAIXA REFERENCIAL"]
["FUNDACOES E ESTRUTURAS","FUES","ESTACAS","0039","","",100890,"ESTACA METÁLICA PARA FUNDAÇÃO, UTILIZANDO PERFIL LAMINADO HP310X79 (EXCLUSIVE MOBILIZAÇÃO E DESMOBILIZAÇÃO). AF_01/2020","KG","ATRIBUÍDO SÃO PAULO",11.78,"CAIXA REFERENCIAL"]
["FUNDACOES E ESTRUTURAS","FUES","ESTACAS","0039","","",100892,"ESTACA METÁLICA PARA CONTENÇÃO, UTILIZANDO PERFIL LAMINADO W250X32,7 (EXCLUSIVE MOBILIZAÇÃO E DESMOBILIZAÇÃO). AF_01/2020","KG","ATRIBUÍDO SÃO PAULO",12.37,"CAIXA REFERENCIAL"]
["FUNDACOES E ESTRUTURAS","FUES","ESTACAS","0039","","",100893,"ESTACA METÁLICA PARA CONTENÇÃO, UTILIZANDO PERFIL LAMINADO W250X38,5 (EXCLUSIVE MOBILIZAÇÃO E DESMOBILIZAÇÃO). AF_01/2020","KG","ATRIBUÍDO SÃO PAULO",12.2,"CAIXA REFERENCIAL"]
["FUNDACOES E ESTRUTURAS","FUES","ESTACAS","0039","","",100894,"ESTACA METÁLICA PARA CONTENÇÃO, UTILIZANDO PERFIL LAMINADO W250X44,8 (EXCLUSIVE MOBILIZAÇÃO E DESMOBILIZAÇÃO). AF_01/2020","KG","ATRIBUÍDO SÃO PAULO",12.07,"CAIXA REFERENCIAL"]
["FUNDACOES E ESTRUTURAS","FUES","ESTACAS","0039","","",100896,"ESTACA ESCAVADA MECANICAMENTE, SEM FLUIDO ESTABILIZANTE, COM 25CM DE DIÂMETRO, CONCRETO LANÇADO POR CAMINHÃO BETONEIRA (EXCLUSIVE MOBILIZAÇÃO E DESMOBILIZAÇÃO). AF_01/2020_PA","M","ATRIBUÍDO SÃO PAULO",60.9,"CAIXA REFERENCIAL"]
["FUNDACOES E ESTRUTURAS","FUES","ESTACAS","0039","","",100897,"ESTACA ESCAVADA MECANICAMENTE, SEM FLUIDO ESTABILIZANTE, COM 40CM DE DIÂMETRO, CONCRETO LANÇADO POR CAMINHÃO BETONEIRA (EXCLUSIVE MOBILIZAÇÃO E DESMOBILIZAÇÃO). AF_01/2020_PA","M","ATRIBUÍDO SÃO PAULO",116.32,"CAIXA REFERENCIAL"]
["FUNDACOES E ESTRUTURAS","FUES","ESTACAS","0039","","",100898,"ESTACA ESCAVADA MECANICAMENTE, SEM FLUIDO ESTABILIZANTE, COM 60CM DE DIÂMETRO, CONCRETO LANÇADO POR CAMINHÃO BETONEIRA (EXCLUSIVE MOBILIZAÇÃO E DESMOBILIZAÇÃO). AF_01/2020_PA","M","ATRIBUÍDO SÃO PAULO",221.19,"CAIXA REFERENCIAL"]
["FUNDACOES E ESTRUTURAS","FUES","ESTACAS","0039","","",100899,"ESTACA ESCAVADA MECANICAMENTE, SEM FLUIDO ESTABILIZANTE, COM 25CM DE DIÂMETRO, CONCRETO LANÇADO MANUALMENTE (EXCLUSIVE MOBILIZAÇÃO E DESMOBILIZAÇÃO). AF_01/2020_PA","M","ATRIBUÍDO SÃO PAULO",84.09,"CAIXA REFERENCIAL"]
["FUNDACOES E ESTRUTURAS","FUES","ESTACAS","0039","","",100900,"ESTACA ESCAVADA MECANICAMENTE, SEM FLUIDO ESTABILIZANTE, COM 60CM DE DIÂMETRO, CONCRETO LANÇADO POR BOMBA LANÇA (EXCLUSIVE BOMBEAMENTO, MOBILIZAÇÃO E DESMOBILIZAÇÃO). AF_01/2020_PA","M","ATRIBUÍDO SÃO PAULO",252.88,"CAIXA REFERENCIAL"]
["FUNDACOES E ESTRUTURAS","FUES","ESTACAS","0039","","",101173,"ESTACA BROCA DE CONCRETO, DIÂMETRO DE 20CM, ESCAVAÇÃO MANUAL COM TRADO CONCHA, COM ARMADURA DE ARRANQUE. AF_05/2020","M","COEFICIENTE DE REPRESENTATIVIDADE",60.27,"CAIXA REFERENCIAL"]
["FUNDACOES E ESTRUTURAS","FUES","ESTACAS","0039","","",101174,"ESTACA BROCA DE CONCRETO, DIÂMETRO DE 25CM, ESCAVAÇÃO MANUAL COM TRADO CONCHA, COM ARMADURA DE ARRANQUE. AF_05/2020","M","COEFICIENTE DE REPRESENTATIVIDADE",83.67,"CAIXA REFERENCIAL"]
["FUNDACOES E ESTRUTURAS","FUES","ESTACAS","0039","","",101175,"ESTACA BROCA DE CONCRETO, DIÂMETRO DE 30CM, ESCAVAÇÃO MANUAL COM TRADO CONCHA, COM ARMADURA DE ARRANQUE. AF_05/2020","M","COEFICIENTE DE REPRESENTATIVIDADE",114.31,"CAIXA REFERENCIAL"]
["FUNDACOES E ESTRUTURAS","FUES","ESTACAS","0039","","",101176,"ESTACA BROCA DE CONCRETO, DIÂMETRO DE 30CM, ESCAVAÇÃO MANUAL COM TRADO CONCHA, INTEIRAMENTE ARMADA. AF_05/2020_PA","M","COEFICIENTE DE REPRESENTATIVIDADE",144.47999999999999,"CAIXA REFERENCIAL"]
["FUNDACOES E ESTRUTURAS","FUES","ESTACAS","0039","","",102521,"ARRASAMENTO MECÂNICO DE ESTACA BARRETE DE CONCRETO ARMADO, SEÇÃO DE 0,40 X 2,50 M. AF_05/2021","UN","COEFICIENTE DE REPRESENTATIVIDADE",116.65,"CAIXA REFERENCIAL"]
["FUNDACOES E ESTRUTURAS","FUES","ESTACAS","0039","","",102522,"ARRASAMENTO MECÂNICO DE ESTACA BARRETE DE CONCRETO ARMADO, SEÇÃO DE 0,60 X 2,50 M. AF_05/2021","UN","COEFICIENTE DE REPRESENTATIVIDADE",171.15,"CAIXA REFERENCIAL"]
["FUNDACOES E ESTRUTURAS","FUES","ESTACAS","0039","","",102523,"ARRASAMENTO MECÂNICO DE ESTACA BARRETE DE CONCRETO ARMADO, SEÇÃO DE 0,80 X 2,50 M. AF_05/2021","UN","COEFICIENTE DE REPRESENTATIVIDADE",225.63,"CAIXA REFERENCIAL"]
["FUNDACOES E ESTRUTURAS","FUES","LASTROS/FUNDACOES DIVERSAS","0040","","",95240,"LASTRO DE CONCRETO MAGRO, APLICADO EM PISOS, LAJES SOBRE SOLO OU RADIERS, ESPESSURA DE 3 CM. AF_01/2024","M2","COEFICIENTE DE REPRESENTATIVIDADE",18.43,"CAIXA REFERENCIAL"]
["FUNDACOES E ESTRUTURAS","FUES","LASTROS/FUNDACOES DIVERSAS","0040","","",95241,"LASTRO DE CONCRETO MAGRO, APLICADO EM PISOS, LAJES SOBRE SOLO OU RADIERS, ESPESSURA DE 5 CM. AF_01/2024","M2","COEFICIENTE DE REPRESENTATIVIDADE",35.57,"CAIXA REFERENCIAL"]
["FUNDACOES E ESTRUTURAS","FUES","LASTROS/FUNDACOES DIVERSAS","0040","","",96616,"LASTRO DE CONCRETO MAGRO, APLICADO EM BLOCOS DE COROAMENTO OU SAPATAS. AF_01/2024","M3","COEFICIENTE DE REPRESENTATIVIDADE",767.23,"CAIXA REFERENCIAL"]
["FUNDACOES E ESTRUTURAS","FUES","LASTROS/FUNDACOES DIVERSAS","0040","","",96617,"LASTRO DE CONCRETO MAGRO, APLICADO EM BLOCOS DE COROAMENTO OU SAPATAS, ESPESSURA DE 3 CM. AF_01/2024","M2","COEFICIENTE DE REPRESENTATIVIDADE",19.149999999999999,"CAIXA REFERENCIAL"]
["FUNDACOES E ESTRUTURAS","FUES","LASTROS/FUNDACOES DIVERSAS","0040","","",96619,"LASTRO DE CONCRETO MAGRO, APLICADO EM BLOCOS DE COROAMENTO OU SAPATAS, ESPESSURA DE 5 CM. AF_01/2024","M2","COEFICIENTE DE REPRESENTATIVIDADE",38.35,"CAIXA REFERENCIAL"]
["FUNDACOES E ESTRUTURAS","FUES","LASTROS/FUNDACOES DIVERSAS","0040","","",96620,"LASTRO DE CONCRETO MAGRO, APLICADO EM PISOS, LAJES SOBRE SOLO OU RADIERS. AF_01/2024","M3","COEFICIENTE DE REPRESENTATIVIDADE",711.53,"CAIXA REFERENCIAL"]
["FUNDACOES E ESTRUTURAS","FUES","LASTROS/FUNDACOES DIVERSAS","0040","","",96621,"LASTRO COM MATERIAL GRANULAR, APLICAÇÃO EM BLOCOS DE COROAMENTO, ESPESSURA DE *5 CM*. AF_01/2024","M3","ATRIBUÍDO SÃO PAULO",223.62,"CAIXA REFERENCIAL"]
["FUNDACOES E ESTRUTURAS","FUES","LASTROS/FUNDACOES DIVERSAS","0040","","",96622,"LASTRO COM MATERIAL GRANULAR, APLICADO EM PISOS OU LAJES SOBRE SOLO, ESPESSURA DE *5 CM*. AF_01/2024","M3","ATRIBUÍDO SÃO PAULO",210.2,"CAIXA REFERENCIAL"]
["FUNDACOES E ESTRUTURAS","FUES","LASTROS/FUNDACOES DIVERSAS","0040","","",96623,"LASTRO COM MATERIAL GRANULAR, APLICADO EM BLOCOS DE COROAMENTO, ESPESSURA DE *10 CM*. AF_01/2024","M3","ATRIBUÍDO SÃO PAULO",191.76,"CAIXA REFERENCIAL"]
["FUNDACOES E ESTRUTURAS","FUES","LASTROS/FUNDACOES DIVERSAS","0040","","",96624,"LASTRO COM MATERIAL GRANULAR (PEDRA BRITADA N.2), APLICADO EM PISOS OU LAJES SOBRE SOLO, ESPESSURA DE *10 CM*. AF_01/2024","M3","ATRIBUÍDO SÃO PAULO",178.34,"CAIXA REFERENCIAL"]
["FUNDACOES E ESTRUTURAS","FUES","LASTROS/FUNDACOES DIVERSAS","0040","","",97082,"ESCAVAÇÃO MANUAL DE VIGA DE BORDA PARA RADIER. AF_09/2021","M3","COLETADO",58.89,"CAIXA REFERENCIAL"]
["FUNDACOES E ESTRUTURAS","FUES","LASTROS/FUNDACOES DIVERSAS","0040","","",97083,"COMPACTAÇÃO MECÂNICA DE SOLO PARA EXECUÇÃO DE RADIER, PISO DE CONCRETO OU LAJE SOBRE SOLO, COM COMPACTADOR DE SOLOS A PERCUSSÃO. AF_09/2021","M2","ATRIBUÍDO SÃO PAULO",3.11,"CAIXA REFERENCIAL"]
["FUNDACOES E ESTRUTURAS","FUES","LASTROS/FUNDACOES DIVERSAS","0040","","",97084,"COMPACTAÇÃO MECÂNICA DE SOLO PARA EXECUÇÃO DE RADIER, PISO DE CONCRETO OU LAJE SOBRE SOLO, COM COMPACTADOR DE SOLOS TIPO PLACA VIBRATÓRIA. AF_09/2021","M2","ATRIBUÍDO SÃO PAULO",0.64,"CAIXA REFERENCIAL"]
["FUNDACOES E ESTRUTURAS","FUES","LASTROS/FUNDACOES DIVERSAS","0040","","",97086,"FABRICAÇÃO, MONTAGEM E DESMONTAGEM DE FORMA PARA RADIER, PISO DE CONCRETO OU LAJE SOBRE SOLO, EM MADEIRA SERRADA, 4 UTILIZAÇÕES. AF_09/2021","M2","COEFICIENTE DE REPRESENTATIVIDADE",125.36,"CAIXA REFERENCIAL"]
["FUNDACOES E ESTRUTURAS","FUES","LASTROS/FUNDACOES DIVERSAS","0040","","",97087,"CAMADA SEPARADORA PARA EXECUÇÃO DE RADIER, PISO DE CONCRETO OU LAJE SOBRE SOLO, EM LONA PLÁSTICA. AF_09/2021","M2","COEFICIENTE DE REPRESENTATIVIDADE",2.2400000000000002,"CAIXA REFERENCIAL"]
["FUNDACOES E ESTRUTURAS","FUES","LASTROS/FUNDACOES DIVERSAS","0040","","",97088,"ARMAÇÃO PARA EXECUÇÃO DE RADIER, PISO DE CONCRETO OU LAJE SOBRE SOLO, COM USO DE TELA Q-92. AF_09/2021","KG","COEFICIENTE DE REPRESENTATIVIDADE",15.74,"CAIXA REFERENCIAL"]
["FUNDACOES E ESTRUTURAS","FUES","LASTROS/FUNDACOES DIVERSAS","0040","","",97089,"ARMAÇÃO PARA EXECUÇÃO DE RADIER, PISO DE CONCRETO OU LAJE SOBRE SOLO, COM USO DE TELA Q-113. AF_09/2021","KG","COEFICIENTE DE REPRESENTATIVIDADE",14.37,"CAIXA REFERENCIAL"]
["FUNDACOES E ESTRUTURAS","FUES","LASTROS/FUNDACOES DIVERSAS","0040","","",97090,"ARMAÇÃO PARA EXECUÇÃO DE RADIER, PISO DE CONCRETO OU LAJE SOBRE SOLO, COM USO DE TELA Q-138. AF_09/2021","KG","COEFICIENTE DE REPRESENTATIVIDADE",14.1,"CAIXA REFERENCIAL"]
["FUNDACOES E ESTRUTURAS","FUES","LASTROS/FUNDACOES DIVERSAS","0040","","",97091,"ARMAÇÃO PARA EXECUÇÃO DE RADIER, PISO DE CONCRETO OU LAJE SOBRE SOLO, COM USO DE TELA Q-159. AF_09/2021","KG","COEFICIENTE DE REPRESENTATIVIDADE",13.65,"CAIXA REFERENCIAL"]
["FUNDACOES E ESTRUTURAS","FUES","LASTROS/FUNDACOES DIVERSAS","0040","","",97092,"ARMAÇÃO PARA EXECUÇÃO DE RADIER, PISO DE CONCRETO OU LAJE SOBRE SOLO, COM USO DE TELA Q-196. AF_09/2021","KG","COEFICIENTE DE REPRESENTATIVIDADE",13.19,"CAIXA REFERENCIAL"]
["FUNDACOES E ESTRUTURAS","FUES","LASTROS/FUNDACOES DIVERSAS","0040","","",97093,"ARMAÇÃO PARA EXECUÇÃO DE RADIER, PISO DE CONCRETO OU LAJE SOBRE SOLO, COM USO DE TELA Q-283. AF_09/2021","KG","COEFICIENTE DE REPRESENTATIVIDADE",12.36,"CAIXA REFERENCIAL"]
["FUNDACOES E ESTRUTURAS","FUES","LASTROS/FUNDACOES DIVERSAS","0040","","",97096,"CONCRETAGEM DE RADIER, PISO DE CONCRETO OU LAJE SOBRE SOLO, FCK 30 MPA - LANÇAMENTO, ADENSAMENTO E ACABAMENTO. AF_09/2021","M3","ATRIBUÍDO SÃO PAULO",566.52,"CAIXA REFERENCIAL"]
["FUNDACOES E ESTRUTURAS","FUES","LASTROS/FUNDACOES DIVERSAS","0040","","",97097,"ACABAMENTO POLIDO PARA PISO DE CONCRETO ARMADO OU LAJE SOBRE SOLO DE ALTA RESISTÊNCIA. AF_09/2021","M2","ATRIBUÍDO SÃO PAULO",42.14,"CAIXA REFERENCIAL"]
["FUNDACOES E ESTRUTURAS","FUES","LASTROS/FUNDACOES DIVERSAS","0040","","",97101,"EXECUÇÃO DE RADIER, ESPESSURA DE 10 CM, FCK = 30 MPA, COM USO DE FORMAS EM MADEIRA SERRADA. AF_09/2021","M2","ATRIBUÍDO SÃO PAULO",164,"CAIXA REFERENCIAL"]
["FUNDACOES E ESTRUTURAS","FUES","LASTROS/FUNDACOES DIVERSAS","0040","","",97102,"EXECUÇÃO DE RADIER, ESPESSURA DE 15 CM, FCK = 30 MPA, COM USO DE FORMAS EM MADEIRA SERRADA. AF_09/2021","M2","ATRIBUÍDO SÃO PAULO",205.14,"CAIXA REFERENCIAL"]
["FUNDACOES E ESTRUTURAS","FUES","LASTROS/FUNDACOES DIVERSAS","0040","","",97103,"EXECUÇÃO DE RADIER, ESPESSURA DE 20 CM, FCK = 30 MPA, COM USO DE FORMAS EM MADEIRA SERRADA. AF_09/2021","M2","ATRIBUÍDO SÃO PAULO",242.73,"CAIXA REFERENCIAL"]
["FUNDACOES E ESTRUTURAS","FUES","LASTROS/FUNDACOES DIVERSAS","0040","","",100322,"LASTRO COM MATERIAL GRANULAR (PEDRA BRITADA N.3), APLICADO EM PISOS OU LAJES SOBRE SOLO, ESPESSURA DE *10 CM*. AF_01/2024","M3","ATRIBUÍDO SÃO PAULO",170.8,"CAIXA REFERENCIAL"]
["FUNDACOES E ESTRUTURAS","FUES","LASTROS/FUNDACOES DIVERSAS","0040","","",100323,"LASTRO COM MATERIAL GRANULAR (AREIA MÉDIA), APLICADO EM PISOS OU LAJES SOBRE SOLO, ESPESSURA DE *10 CM*. AF_01/2024","M3","ATRIBUÍDO SÃO PAULO",195.56,"CAIXA REFERENCIAL"]
["FUNDACOES E ESTRUTURAS","FUES","LASTROS/FUNDACOES DIVERSAS","0040","","",100324,"LASTRO COM MATERIAL GRANULAR (PEDRA BRITADA N.1 E PEDRA BRITADA N.2), APLICADO EM PISOS OU LAJES SOBRE SOLO, ESPESSURA DE *10 CM*. AF_01/2024","M3","ATRIBUÍDO SÃO PAULO",178.01,"CAIXA REFERENCIAL"]
["FUNDACOES E ESTRUTURAS","FUES","LASTROS/FUNDACOES DIVERSAS","0040","","",103072,"EXECUÇÃO DE RADIER, ESPESSURA DE 25 CM, FCK = 30 MPA, COM USO DE FORMAS EM MADEIRA SERRADA. AF_09/2021","M2","ATRIBUÍDO SÃO PAULO",286.81,"CAIXA REFERENCIAL"]
["FUNDACOES E ESTRUTURAS","FUES","LASTROS/FUNDACOES DIVERSAS","0040","","",103073,"EXECUÇÃO DE RADIER, ESPESSURA DE 30 CM, FCK = 30 MPA, COM USO DE FORMAS EM MADEIRA SERRADA. AF_09/2021","M2","ATRIBUÍDO SÃO PAULO",346.34,"CAIXA REFERENCIAL"]
["FUNDACOES E ESTRUTURAS","FUES","LASTROS/FUNDACOES DIVERSAS","0040","","",103074,"EXECUÇÃO DE PISO DE CONCRETO, SEM ACABAMENTO SUPERFICIAL, ESPESSURA DE 15 CM, FCK = 30 MPA, COM USO DE FORMAS EM MADEIRA SERRADA. AF_09/2021","M2","ATRIBUÍDO SÃO PAULO",161.69999999999999,"CAIXA REFERENCIAL"]
["FUNDACOES E ESTRUTURAS","FUES","LASTROS/FUNDACOES DIVERSAS","0040","","",103075,"EXECUÇÃO DE PISO DE CONCRETO, COM ACABAMENTO SUPERFICIAL, ESPESSURA DE 15 CM, FCK = 30 MPA, COM USO DE FORMAS EM MADEIRA SERRADA. AF_09/2021","M2","ATRIBUÍDO SÃO PAULO",203.84,"CAIXA REFERENCIAL"]
["FUNDACOES E ESTRUTURAS","FUES","LASTROS/FUNDACOES DIVERSAS","0040","","",103076,"EXECUÇÃO DE LAJE SOBRE SOLO, ESPESSURA DE 10 CM, FCK = 30 MPA, COM USO DE FORMAS EM MADEIRA SERRADA. AF_09/2021","M2","ATRIBUÍDO SÃO PAULO",141.58000000000001,"CAIXA REFERENCIAL"]
["FUNDACOES E ESTRUTURAS","FUES","LASTROS/FUNDACOES DIVERSAS","0040","","",103077,"EXECUÇÃO DE LAJE SOBRE SOLO, ESPESSURA DE 15 CM, FCK = 30 MPA, COM USO DE FORMAS EM MADEIRA SERRADA. AF_09/2021","M2","ATRIBUÍDO SÃO PAULO",182.72,"CAIXA REFERENCIAL"]
["FUNDACOES E ESTRUTURAS","FUES","LASTROS/FUNDACOES DIVERSAS","0040","","",103078,"EXECUÇÃO DE LAJE SOBRE SOLO, ESPESSURA DE 20 CM, FCK = 30 MPA, COM USO DE FORMAS EM MADEIRA SERRADA. AF_09/2021","M2","ATRIBUÍDO SÃO PAULO",220.31,"CAIXA REFERENCIAL"]
["FUNDACOES E ESTRUTURAS","FUES","LASTROS/FUNDACOES DIVERSAS","0040","","",103079,"EXECUÇÃO DE LAJE SOBRE SOLO, ESPESSURA DE 25 CM, FCK = 30 MPA, COM USO DE FORMAS EM MADEIRA SERRADA. AF_09/2021","M2","ATRIBUÍDO SÃO PAULO",264.39999999999998,"CAIXA REFERENCIAL"]
["FUNDACOES E ESTRUTURAS","FUES","LASTROS/FUNDACOES DIVERSAS","0040","","",103080,"EXECUÇÃO DE LAJE SOBRE SOLO, ESPESSURA DE 30 CM, FCK = 30 MPA, COM USO DE FORMAS EM MADEIRA SERRADA. AF_09/2021","M2","ATRIBUÍDO SÃO PAULO",323.92,"CAIXA REFERENCIAL"]
["FUNDACOES E ESTRUTURAS","FUES","FORMAS/CIMBRAMENTOS/ESCORAMENTOS","0041","","",92263,"FABRICAÇÃO DE FÔRMA PARA PILARES E ESTRUTURAS SIMILARES, EM CHAPA DE MADEIRA COMPENSADA RESINADA, E = 17 MM. AF_09/2020","M2","COEFICIENTE DE REPRESENTATIVIDADE",170.49,"CAIXA REFERENCIAL"]
["FUNDACOES E ESTRUTURAS","FUES","FORMAS/CIMBRAMENTOS/ESCORAMENTOS","0041","","",92264,"FABRICAÇÃO DE FÔRMA PARA PILARES E ESTRUTURAS SIMILARES, EM CHAPA DE MADEIRA COMPENSADA PLASTIFICADA, E = 18 MM. AF_09/2020","M2","COEFICIENTE DE REPRESENTATIVIDADE",216.06,"CAIXA REFERENCIAL"]
["FUNDACOES E ESTRUTURAS","FUES","FORMAS/CIMBRAMENTOS/ESCORAMENTOS","0041","","",92265,"FABRICAÇÃO DE FÔRMA PARA VIGAS, EM CHAPA DE MADEIRA COMPENSADA RESINADA, E = 17 MM. AF_09/2020","M2","COEFICIENTE DE REPRESENTATIVIDADE",121.82,"CAIXA REFERENCIAL"]
["FUNDACOES E ESTRUTURAS","FUES","FORMAS/CIMBRAMENTOS/ESCORAMENTOS","0041","","",92266,"FABRICAÇÃO DE FÔRMA PARA VIGAS, EM CHAPA DE MADEIRA COMPENSADA PLASTIFICADA, E = 18 MM. AF_09/2020","M2","COEFICIENTE DE REPRESENTATIVIDADE",160.91,"CAIXA REFERENCIAL"]
["FUNDACOES E ESTRUTURAS","FUES","FORMAS/CIMBRAMENTOS/ESCORAMENTOS","0041","","",92267,"FABRICAÇÃO DE FÔRMA PARA LAJES, EM CHAPA DE MADEIRA COMPENSADA RESINADA, E = 17 MM. AF_09/2020","M2","COEFICIENTE DE REPRESENTATIVIDADE",52.73,"CAIXA REFERENCIAL"]
["FUNDACOES E ESTRUTURAS","FUES","FORMAS/CIMBRAMENTOS/ESCORAMENTOS","0041","","",92268,"FABRICAÇÃO DE FÔRMA PARA LAJES, EM CHAPA DE MADEIRA COMPENSADA PLASTIFICADA, E = 18 MM. AF_09/2020","M2","COEFICIENTE DE REPRESENTATIVIDADE",88.55,"CAIXA REFERENCIAL"]
["FUNDACOES E ESTRUTURAS","FUES","FORMAS/CIMBRAMENTOS/ESCORAMENTOS","0041","","",92269,"FABRICAÇÃO DE FÔRMA PARA PILARES E ESTRUTURAS SIMILARES, EM MADEIRA SERRADA, E=25 MM. AF_09/2020","M2","COEFICIENTE DE REPRESENTATIVIDADE",153.07,"CAIXA REFERENCIAL"]
["FUNDACOES E ESTRUTURAS","FUES","FORMAS/CIMBRAMENTOS/ESCORAMENTOS","0041","","",92270,"FABRICAÇÃO DE FÔRMA PARA VIGAS, COM MADEIRA SERRADA, E = 25 MM. AF_09/2020","M2","COEFICIENTE DE REPRESENTATIVIDADE",185.2,"CAIXA REFERENCIAL"]
["FUNDACOES E ESTRUTURAS","FUES","FORMAS/CIMBRAMENTOS/ESCORAMENTOS","0041","","",92271,"FABRICAÇÃO DE FÔRMA PARA LAJES, EM MADEIRA SERRADA, E=25 MM. AF_09/2020","M2","COEFICIENTE DE REPRESENTATIVIDADE",117.82,"CAIXA REFERENCIAL"]
["FUNDACOES E ESTRUTURAS","FUES","FORMAS/CIMBRAMENTOS/ESCORAMENTOS","0041","","",92272,"FABRICAÇÃO DE ESCORAS DE VIGA DO TIPO GARFO, EM MADEIRA. AF_09/2020","M","COEFICIENTE DE REPRESENTATIVIDADE",41.53,"CAIXA REFERENCIAL"]
["FUNDACOES E ESTRUTURAS","FUES","FORMAS/CIMBRAMENTOS/ESCORAMENTOS","0041","","",92273,"FABRICAÇÃO DE ESCORAS DO TIPO PONTALETE, EM MADEIRA, PARA PÉ-DIREITO SIMPLES. AF_09/2020","M","COEFICIENTE DE REPRESENTATIVIDADE",17.54,"CAIXA REFERENCIAL"]
["FUNDACOES E ESTRUTURAS","FUES","FORMAS/CIMBRAMENTOS/ESCORAMENTOS","0041","","",92409,"MONTAGEM E DESMONTAGEM DE FÔRMA DE PILARES RETANGULARES E ESTRUTURAS SIMILARES, PÉ-DIREITO SIMPLES, EM MADEIRA SERRADA, 1 UTILIZAÇÃO. AF_09/2020","M2","COEFICIENTE DE REPRESENTATIVIDADE",244.36,"CAIXA REFERENCIAL"]
["FUNDACOES E ESTRUTURAS","FUES","FORMAS/CIMBRAMENTOS/ESCORAMENTOS","0041","","",92411,"MONTAGEM E DESMONTAGEM DE FÔRMA DE PILARES RETANGULARES E ESTRUTURAS SIMILARES, PÉ-DIREITO SIMPLES, EM MADEIRA SERRADA, 2 UTILIZAÇÕES. AF_09/2020","M2","COEFICIENTE DE REPRESENTATIVIDADE",159.07,"CAIXA REFERENCIAL"]
["FUNDACOES E ESTRUTURAS","FUES","FORMAS/CIMBRAMENTOS/ESCORAMENTOS","0041","","",92413,"MONTAGEM E DESMONTAGEM DE FÔRMA DE PILARES RETANGULARES E ESTRUTURAS SIMILARES, PÉ-DIREITO SIMPLES, EM MADEIRA SERRADA, 4 UTILIZAÇÕES. AF_09/2020","M2","COEFICIENTE DE REPRESENTATIVIDADE",102.19,"CAIXA REFERENCIAL"]
["FUNDACOES E ESTRUTURAS","FUES","FORMAS/CIMBRAMENTOS/ESCORAMENTOS","0041","","",92415,"MONTAGEM E DESMONTAGEM DE FÔRMA DE PILARES RETANGULARES E ESTRUTURAS SIMILARES, PÉ-DIREITO SIMPLES, EM CHAPA DE MADEIRA COMPENSADA RESINADA, 2 UTILIZAÇÕES. AF_09/2020","M2","COEFICIENTE DE REPRESENTATIVIDADE",145.33000000000001,"CAIXA REFERENCIAL"]
["FUNDACOES E ESTRUTURAS","FUES","FORMAS/CIMBRAMENTOS/ESCORAMENTOS","0041","","",92417,"MONTAGEM E DESMONTAGEM DE FÔRMA DE PILARES RETANGULARES E ESTRUTURAS SIMILARES, PÉ-DIREITO DUPLO, EM CHAPA DE MADEIRA COMPENSADA RESINADA, 2 UTILIZAÇÕES. AF_09/2020","M2","COEFICIENTE DE REPRESENTATIVIDADE",166.41,"CAIXA REFERENCIAL"]
["FUNDACOES E ESTRUTURAS","FUES","FORMAS/CIMBRAMENTOS/ESCORAMENTOS","0041","","",92419,"MONTAGEM E DESMONTAGEM DE FÔRMA DE PILARES RETANGULARES E ESTRUTURAS SIMILARES, PÉ-DIREITO SIMPLES, EM CHAPA DE MADEIRA COMPENSADA RESINADA, 4 UTILIZAÇÕES. AF_09/2020","M2","COEFICIENTE DE REPRESENTATIVIDADE",93.17,"CAIXA REFERENCIAL"]
["FUNDACOES E ESTRUTURAS","FUES","FORMAS/CIMBRAMENTOS/ESCORAMENTOS","0041","","",92421,"MONTAGEM E DESMONTAGEM DE FÔRMA DE PILARES RETANGULARES E ESTRUTURAS SIMILARES, PÉ-DIREITO DUPLO, EM CHAPA DE MADEIRA COMPENSADA RESINADA, 4 UTILIZAÇÕES. AF_09/2020","M2","COEFICIENTE DE REPRESENTATIVIDADE",109.33,"CAIXA REFERENCIAL"]
["FUNDACOES E ESTRUTURAS","FUES","FORMAS/CIMBRAMENTOS/ESCORAMENTOS","0041","","",92423,"MONTAGEM E DESMONTAGEM DE FÔRMA DE PILARES RETANGULARES E ESTRUTURAS SIMILARES, PÉ-DIREITO SIMPLES, EM CHAPA DE MADEIRA COMPENSADA RESINADA, 6 UTILIZAÇÕES. AF_09/2020","M2","COEFICIENTE DE REPRESENTATIVIDADE",77.09,"CAIXA REFERENCIAL"]
["FUNDACOES E ESTRUTURAS","FUES","FORMAS/CIMBRAMENTOS/ESCORAMENTOS","0041","","",92425,"MONTAGEM E DESMONTAGEM DE FÔRMA DE PILARES RETANGULARES E ESTRUTURAS SIMILARES, PÉ-DIREITO DUPLO, EM CHAPA DE MADEIRA COMPENSADA RESINADA, 6 UTILIZAÇÕES. AF_09/2020","M2","COEFICIENTE DE REPRESENTATIVIDADE",91.13,"CAIXA REFERENCIAL"]
["FUNDACOES E ESTRUTURAS","FUES","FORMAS/CIMBRAMENTOS/ESCORAMENTOS","0041","","",92427,"MONTAGEM E DESMONTAGEM DE FÔRMA DE PILARES RETANGULARES E ESTRUTURAS SIMILARES, PÉ-DIREITO SIMPLES, EM CHAPA DE MADEIRA COMPENSADA RESINADA, 8 UTILIZAÇÕES. AF_09/2020","M2","COEFICIENTE DE REPRESENTATIVIDADE",68.94,"CAIXA REFERENCIAL"]
["FUNDACOES E ESTRUTURAS","FUES","FORMAS/CIMBRAMENTOS/ESCORAMENTOS","0041","","",92429,"MONTAGEM E DESMONTAGEM DE FÔRMA DE PILARES RETANGULARES E ESTRUTURAS SIMILARES, PÉ-DIREITO DUPLO, EM CHAPA DE MADEIRA COMPENSADA RESINADA, 8 UTILIZAÇÕES. AF_09/2020","M2","COEFICIENTE DE REPRESENTATIVIDADE",81.96,"CAIXA REFERENCIAL"]
["FUNDACOES E ESTRUTURAS","FUES","FORMAS/CIMBRAMENTOS/ESCORAMENTOS","0041","","",92431,"MONTAGEM E DESMONTAGEM DE FÔRMA DE PILARES RETANGULARES E ESTRUTURAS SIMILARES, PÉ-DIREITO SIMPLES, EM CHAPA DE MADEIRA COMPENSADA PLASTIFICADA, 10 UTILIZAÇÕES. AF_09/2020","M2","COEFICIENTE DE REPRESENTATIVIDADE",65.040000000000006,"CAIXA REFERENCIAL"]
["FUNDACOES E ESTRUTURAS","FUES","FORMAS/CIMBRAMENTOS/ESCORAMENTOS","0041","","",92433,"MONTAGEM E DESMONTAGEM DE FÔRMA DE PILARES RETANGULARES E ESTRUTURAS SIMILARES, PÉ-DIREITO DUPLO, EM CHAPA DE MADEIRA COMPENSADA PLASTIFICADA, 10 UTILIZAÇÕES. AF_09/2020","M2","COEFICIENTE DE REPRESENTATIVIDADE",77.39,"CAIXA REFERENCIAL"]
["FUNDACOES E ESTRUTURAS","FUES","FORMAS/CIMBRAMENTOS/ESCORAMENTOS","0041","","",92435,"MONTAGEM E DESMONTAGEM DE FÔRMA DE PILARES RETANGULARES E ESTRUTURAS SIMILARES, PÉ-DIREITO SIMPLES, EM CHAPA DE MADEIRA COMPENSADA PLASTIFICADA, 12 UTILIZAÇÕES. AF_09/2020","M2","COEFICIENTE DE REPRESENTATIVIDADE",61.99,"CAIXA REFERENCIAL"]
["FUNDACOES E ESTRUTURAS","FUES","FORMAS/CIMBRAMENTOS/ESCORAMENTOS","0041","","",92437,"MONTAGEM E DESMONTAGEM DE FÔRMA DE PILARES RETANGULARES E ESTRUTURAS SIMILARES, PÉ-DIREITO DUPLO, EM CHAPA DE MADEIRA COMPENSADA PLASTIFICADA, 12 UTILIZAÇÕES. AF_09/2020","M2","COEFICIENTE DE REPRESENTATIVIDADE",73.94,"CAIXA REFERENCIAL"]
["FUNDACOES E ESTRUTURAS","FUES","FORMAS/CIMBRAMENTOS/ESCORAMENTOS","0041","","",92439,"MONTAGEM E DESMONTAGEM DE FÔRMA DE PILARES RETANGULARES E ESTRUTURAS SIMILARES, PÉ-DIREITO SIMPLES, EM CHAPA DE MADEIRA COMPENSADA PLASTIFICADA, 14 UTILIZAÇÕES. AF_09/2020","M2","COEFICIENTE DE REPRESENTATIVIDADE",59.81,"CAIXA REFERENCIAL"]
["FUNDACOES E ESTRUTURAS","FUES","FORMAS/CIMBRAMENTOS/ESCORAMENTOS","0041","","",92441,"MONTAGEM E DESMONTAGEM DE FÔRMA DE PILARES RETANGULARES E ESTRUTURAS SIMILARES, PÉ-DIREITO DUPLO, EM CHAPA DE MADEIRA COMPENSADA PLASTIFICADA, 14 UTILIZAÇÕES. AF_09/2020","M2","COEFICIENTE DE REPRESENTATIVIDADE",71.459999999999994,"CAIXA REFERENCIAL"]
["FUNDACOES E ESTRUTURAS","FUES","FORMAS/CIMBRAMENTOS/ESCORAMENTOS","0041","","",92443,"MONTAGEM E DESMONTAGEM DE FÔRMA DE PILARES RETANGULARES E ESTRUTURAS SIMILARES, PÉ-DIREITO SIMPLES, EM CHAPA DE MADEIRA COMPENSADA PLASTIFICADA, 18 UTILIZAÇÕES. AF_09/2020","M2","COEFICIENTE DE REPRESENTATIVIDADE",55.06,"CAIXA REFERENCIAL"]
["FUNDACOES E ESTRUTURAS","FUES","FORMAS/CIMBRAMENTOS/ESCORAMENTOS","0041","","",92445,"MONTAGEM E DESMONTAGEM DE FÔRMA DE PILARES RETANGULARES E ESTRUTURAS SIMILARES, PÉ-DIREITO DUPLO, EM CHAPA DE MADEIRA COMPENSADA PLASTIFICADA, 18 UTILIZAÇÕES. AF_09/2020","M2","COEFICIENTE DE REPRESENTATIVIDADE",66.290000000000006,"CAIXA REFERENCIAL"]
["FUNDACOES E ESTRUTURAS","FUES","FORMAS/CIMBRAMENTOS/ESCORAMENTOS","0041","","",92446,"MONTAGEM E DESMONTAGEM DE FÔRMA DE VIGA, ESCORAMENTO COM PONTALETE DE MADEIRA, PÉ-DIREITO SIMPLES, EM MADEIRA SERRADA, 1 UTILIZAÇÃO. AF_09/2020","M2","COEFICIENTE DE REPRESENTATIVIDADE",310.75,"CAIXA REFERENCIAL"]
["FUNDACOES E ESTRUTURAS","FUES","FORMAS/CIMBRAMENTOS/ESCORAMENTOS","0041","","",92447,"MONTAGEM E DESMONTAGEM DE FÔRMA DE VIGA, ESCORAMENTO COM PONTALETE DE MADEIRA, PÉ-DIREITO SIMPLES, EM MADEIRA SERRADA, 2 UTILIZAÇÕES. AF_09/2020","M2","COEFICIENTE DE REPRESENTATIVIDADE",214.45,"CAIXA REFERENCIAL"]
["FUNDACOES E ESTRUTURAS","FUES","FORMAS/CIMBRAMENTOS/ESCORAMENTOS","0041","","",92448,"MONTAGEM E DESMONTAGEM DE FÔRMA DE VIGA, ESCORAMENTO COM PONTALETE DE MADEIRA, PÉ-DIREITO SIMPLES, EM MADEIRA SERRADA, 4 UTILIZAÇÕES. AF_09/2020","M2","COEFICIENTE DE REPRESENTATIVIDADE",167.68,"CAIXA REFERENCIAL"]
["FUNDACOES E ESTRUTURAS","FUES","FORMAS/CIMBRAMENTOS/ESCORAMENTOS","0041","","",92449,"MONTAGEM E DESMONTAGEM DE FÔRMA DE VIGA, ESCORAMENTO COM GARFO DE MADEIRA, PÉ-DIREITO DUPLO, EM CHAPA DE MADEIRA RESINADA, 2 UTILIZAÇÕES. AF_09/2020","M2","COEFICIENTE DE REPRESENTATIVIDADE",290.69,"CAIXA REFERENCIAL"]
["FUNDACOES E ESTRUTURAS","FUES","FORMAS/CIMBRAMENTOS/ESCORAMENTOS","0041","","",92450,"MONTAGEM E DESMONTAGEM DE FÔRMA DE VIGA, ESCORAMENTO METÁLICO, PÉ-DIREITO DUPLO, EM CHAPA DE MADEIRA RESINADA, 2 UTILIZAÇÕES. AF_09/2020","M2","COEFICIENTE DE REPRESENTATIVIDADE",357.83,"CAIXA REFERENCIAL"]
["FUNDACOES E ESTRUTURAS","FUES","FORMAS/CIMBRAMENTOS/ESCORAMENTOS","0041","","",92451,"MONTAGEM E DESMONTAGEM DE FÔRMA DE VIGA, ESCORAMENTO COM GARFO DE MADEIRA, PÉ-DIREITO SIMPLES, EM CHAPA DE MADEIRA RESINADA, 2 UTILIZAÇÕES. AF_09/2020","M2","COEFICIENTE DE REPRESENTATIVIDADE",195.04,"CAIXA REFERENCIAL"]
["FUNDACOES E ESTRUTURAS","FUES","FORMAS/CIMBRAMENTOS/ESCORAMENTOS","0041","","",92452,"MONTAGEM E DESMONTAGEM DE FÔRMA DE VIGA, ESCORAMENTO METÁLICO, PÉ-DIREITO SIMPLES, EM CHAPA DE MADEIRA RESINADA, 2 UTILIZAÇÕES. AF_09/2020","M2","COEFICIENTE DE REPRESENTATIVIDADE",194.42,"CAIXA REFERENCIAL"]
["FUNDACOES E ESTRUTURAS","FUES","FORMAS/CIMBRAMENTOS/ESCORAMENTOS","0041","","",92453,"MONTAGEM E DESMONTAGEM DE FÔRMA DE VIGA, ESCORAMENTO COM GARFO DE MADEIRA, PÉ-DIREITO DUPLO, EM CHAPA DE MADEIRA RESINADA, 4 UTILIZAÇÕES. AF_09/2020","M2","COEFICIENTE DE REPRESENTATIVIDADE",249.56,"CAIXA REFERENCIAL"]
["FUNDACOES E ESTRUTURAS","FUES","FORMAS/CIMBRAMENTOS/ESCORAMENTOS","0041","","",92454,"MONTAGEM E DESMONTAGEM DE FÔRMA DE VIGA, ESCORAMENTO METÁLICO, PÉ-DIREITO DUPLO, EM CHAPA DE MADEIRA RESINADA, 4 UTILIZAÇÕES. AF_09/2020","M2","COEFICIENTE DE REPRESENTATIVIDADE",326.86,"CAIXA REFERENCIAL"]
["FUNDACOES E ESTRUTURAS","FUES","FORMAS/CIMBRAMENTOS/ESCORAMENTOS","0041","","",92455,"MONTAGEM E DESMONTAGEM DE FÔRMA DE VIGA, ESCORAMENTO COM GARFO DE MADEIRA, PÉ-DIREITO SIMPLES, EM CHAPA DE MADEIRA RESINADA, 4 UTILIZAÇÕES. AF_09/2020","M2","COEFICIENTE DE REPRESENTATIVIDADE",160.11000000000001,"CAIXA REFERENCIAL"]
["FUNDACOES E ESTRUTURAS","FUES","FORMAS/CIMBRAMENTOS/ESCORAMENTOS","0041","","",92456,"MONTAGEM E DESMONTAGEM DE FÔRMA DE VIGA, ESCORAMENTO METÁLICO, PÉ-DIREITO SIMPLES, EM CHAPA DE MADEIRA RESINADA, 4 UTILIZAÇÕES. AF_09/2020","M2","COEFICIENTE DE REPRESENTATIVIDADE",162.63,"CAIXA REFERENCIAL"]
["FUNDACOES E ESTRUTURAS","FUES","FORMAS/CIMBRAMENTOS/ESCORAMENTOS","0041","","",92457,"MONTAGEM E DESMONTAGEM DE FÔRMA DE VIGA, ESCORAMENTO COM GARFO DE MADEIRA, PÉ-DIREITO DUPLO, EM CHAPA DE MADEIRA RESINADA, 6 UTILIZAÇÕES. AF_09/2020","M2","COEFICIENTE DE REPRESENTATIVIDADE",217.15,"CAIXA REFERENCIAL"]
["FUNDACOES E ESTRUTURAS","FUES","FORMAS/CIMBRAMENTOS/ESCORAMENTOS","0041","","",92458,"MONTAGEM E DESMONTAGEM DE FÔRMA DE VIGA, ESCORAMENTO METÁLICO, PÉ-DIREITO DUPLO, EM CHAPA DE MADEIRA RESINADA, 6 UTILIZAÇÕES. AF_12/2015","M2","COEFICIENTE DE REPRESENTATIVIDADE",307.82,"CAIXA REFERENCIAL"]
["FUNDACOES E ESTRUTURAS","FUES","FORMAS/CIMBRAMENTOS/ESCORAMENTOS","0041","","",92459,"MONTAGEM E DESMONTAGEM DE FÔRMA DE VIGA, ESCORAMENTO COM GARFO DE MADEIRA, PÉ-DIREITO SIMPLES, EM CHAPA DE MADEIRA RESINADA, 6 UTILIZAÇÕES. AF_09/2020","M2","COEFICIENTE DE REPRESENTATIVIDADE",136.21,"CAIXA REFERENCIAL"]
["FUNDACOES E ESTRUTURAS","FUES","FORMAS/CIMBRAMENTOS/ESCORAMENTOS","0041","","",92460,"MONTAGEM E DESMONTAGEM DE FÔRMA DE VIGA, ESCORAMENTO METÁLICO, PÉ-DIREITO SIMPLES, EM CHAPA DE MADEIRA RESINADA, 6 UTILIZAÇÕES. AF_09/2020","M2","COEFICIENTE DE REPRESENTATIVIDADE",136.34,"CAIXA REFERENCIAL"]
["FUNDACOES E ESTRUTURAS","FUES","FORMAS/CIMBRAMENTOS/ESCORAMENTOS","0041","","",92461,"MONTAGEM E DESMONTAGEM DE FÔRMA DE VIGA, ESCORAMENTO COM GARFO DE MADEIRA, PÉ-DIREITO DUPLO, EM CHAPA DE MADEIRA RESINADA, 8 UTILIZAÇÕES. AF_09/2020","M2","COEFICIENTE DE REPRESENTATIVIDADE",200.9,"CAIXA REFERENCIAL"]
["FUNDACOES E ESTRUTURAS","FUES","FORMAS/CIMBRAMENTOS/ESCORAMENTOS","0041","","",92462,"MONTAGEM E DESMONTAGEM DE FÔRMA DE VIGA, ESCORAMENTO METÁLICO, PÉ-DIREITO DUPLO, EM CHAPA DE MADEIRA RESINADA, 8 UTILIZAÇÕES. AF_09/2020","M2","COEFICIENTE DE REPRESENTATIVIDADE",295.95,"CAIXA REFERENCIAL"]
["FUNDACOES E ESTRUTURAS","FUES","FORMAS/CIMBRAMENTOS/ESCORAMENTOS","0041","","",92463,"MONTAGEM E DESMONTAGEM DE FÔRMA DE VIGA, ESCORAMENTO COM GARFO DE MADEIRA, PÉ-DIREITO SIMPLES, EM CHAPA DE MADEIRA RESINADA, 8 UTILIZAÇÕES. AF_09/2020","M2","COEFICIENTE DE REPRESENTATIVIDADE",123.78,"CAIXA REFERENCIAL"]
["FUNDACOES E ESTRUTURAS","FUES","FORMAS/CIMBRAMENTOS/ESCORAMENTOS","0041","","",92464,"MONTAGEM E DESMONTAGEM DE FÔRMA DE VIGA, ESCORAMENTO METÁLICO, PÉ-DIREITO SIMPLES, EM CHAPA DE MADEIRA RESINADA, 8 UTILIZAÇÕES. AF_09/2020","M2","COEFICIENTE DE REPRESENTATIVIDADE",131.79,"CAIXA REFERENCIAL"]
["FUNDACOES E ESTRUTURAS","FUES","FORMAS/CIMBRAMENTOS/ESCORAMENTOS","0041","","",92465,"MONTAGEM E DESMONTAGEM DE FÔRMA DE VIGA, ESCORAMENTO COM GARFO DE MADEIRA, PÉ-DIREITO DUPLO, EM CHAPA DE MADEIRA PLASTIFICADA, 10 UTILIZAÇÕES. AF_09/2020","M2","COEFICIENTE DE REPRESENTATIVIDADE",158.88,"CAIXA REFERENCIAL"]
["FUNDACOES E ESTRUTURAS","FUES","FORMAS/CIMBRAMENTOS/ESCORAMENTOS","0041","","",92466,"MONTAGEM E DESMONTAGEM DE FÔRMA DE VIGA, ESCORAMENTO METÁLICO, PÉ-DIREITO DUPLO, EM CHAPA DE MADEIRA PLASTIFICADA, 10 UTILIZAÇÕES. AF_09/2020","M2","COEFICIENTE DE REPRESENTATIVIDADE",289.64999999999998,"CAIXA REFERENCIAL"]
["FUNDACOES E ESTRUTURAS","FUES","FORMAS/CIMBRAMENTOS/ESCORAMENTOS","0041","","",92467,"MONTAGEM E DESMONTAGEM DE FÔRMA DE VIGA, ESCORAMENTO COM GARFO DE MADEIRA, PÉ-DIREITO SIMPLES, EM CHAPA DE MADEIRA PLASTIFICADA, 10 UTILIZAÇÕES. AF_09/2020","M2","COEFICIENTE DE REPRESENTATIVIDADE",101.18,"CAIXA REFERENCIAL"]
["FUNDACOES E ESTRUTURAS","FUES","FORMAS/CIMBRAMENTOS/ESCORAMENTOS","0041","","",92468,"MONTAGEM E DESMONTAGEM DE FÔRMA DE VIGA, ESCORAMENTO METÁLICO, PÉ-DIREITO SIMPLES, EM CHAPA DE MADEIRA PLASTIFICADA, 10 UTILIZAÇÕES. AF_09/2020","M2","COEFICIENTE DE REPRESENTATIVIDADE",125.61,"CAIXA REFERENCIAL"]
["FUNDACOES E ESTRUTURAS","FUES","FORMAS/CIMBRAMENTOS/ESCORAMENTOS","0041","","",92469,"MONTAGEM E DESMONTAGEM DE FÔRMA DE VIGA, ESCORAMENTO COM GARFO DE MADEIRA, PÉ-DIREITO DUPLO, EM CHAPA DE MADEIRA PLASTIFICADA, 12 UTILIZAÇÕES. AF_09/2020","M2","COEFICIENTE DE REPRESENTATIVIDADE",144.58000000000001,"CAIXA REFERENCIAL"]
["FUNDACOES E ESTRUTURAS","FUES","FORMAS/CIMBRAMENTOS/ESCORAMENTOS","0041","","",92470,"MONTAGEM E DESMONTAGEM DE FÔRMA DE VIGA, ESCORAMENTO METÁLICO, PÉ-DIREITO DUPLO, EM CHAPA DE MADEIRA PLASTIFICADA, 12 UTILIZAÇÕES. AF_09/2020","M2","COEFICIENTE DE REPRESENTATIVIDADE",283.13,"CAIXA REFERENCIAL"]
["FUNDACOES E ESTRUTURAS","FUES","FORMAS/CIMBRAMENTOS/ESCORAMENTOS","0041","","",92471,"MONTAGEM E DESMONTAGEM DE FÔRMA DE VIGA, ESCORAMENTO COM GARFO DE MADEIRA, PÉ-DIREITO SIMPLES, EM CHAPA DE MADEIRA PLASTIFICADA, 12 UTILIZAÇÕES. AF_09/2020","M2","COEFICIENTE DE REPRESENTATIVIDADE",92.22,"CAIXA REFERENCIAL"]
["FUNDACOES E ESTRUTURAS","FUES","FORMAS/CIMBRAMENTOS/ESCORAMENTOS","0041","","",92472,"MONTAGEM E DESMONTAGEM DE FÔRMA DE VIGA, ESCORAMENTO METÁLICO, PÉ-DIREITO SIMPLES, EM CHAPA DE MADEIRA PLASTIFICADA, 12 UTILIZAÇÕES. AF_09/2020","M2","COEFICIENTE DE REPRESENTATIVIDADE",119.81,"CAIXA REFERENCIAL"]
["FUNDACOES E ESTRUTURAS","FUES","FORMAS/CIMBRAMENTOS/ESCORAMENTOS","0041","","",92473,"MONTAGEM E DESMONTAGEM DE FÔRMA DE VIGA, ESCORAMENTO COM GARFO DE MADEIRA, PÉ-DIREITO DUPLO, EM CHAPA DE MADEIRA PLASTIFICADA, 14 UTILIZAÇÕES. AF_09/2020","M2","COEFICIENTE DE REPRESENTATIVIDADE",133.09,"CAIXA REFERENCIAL"]
["FUNDACOES E ESTRUTURAS","FUES","FORMAS/CIMBRAMENTOS/ESCORAMENTOS","0041","","",92474,"MONTAGEM E DESMONTAGEM DE FÔRMA DE VIGA, ESCORAMENTO METÁLICO, PÉ-DIREITO DUPLO, EM CHAPA DE MADEIRA PLASTIFICADA, 14 UTILIZAÇÕES. AF_09/2020","M2","COEFICIENTE DE REPRESENTATIVIDADE",277.57,"CAIXA REFERENCIAL"]
["FUNDACOES E ESTRUTURAS","FUES","FORMAS/CIMBRAMENTOS/ESCORAMENTOS","0041","","",92475,"MONTAGEM E DESMONTAGEM DE FÔRMA DE VIGA, ESCORAMENTO COM GARFO DE MADEIRA, PÉ-DIREITO SIMPLES, EM CHAPA DE MADEIRA PLASTIFICADA, 14 UTILIZAÇÕES. AF_09/2020","M2","COEFICIENTE DE REPRESENTATIVIDADE",84.96,"CAIXA REFERENCIAL"]
["FUNDACOES E ESTRUTURAS","FUES","FORMAS/CIMBRAMENTOS/ESCORAMENTOS","0041","","",92476,"MONTAGEM E DESMONTAGEM DE FÔRMA DE VIGA, ESCORAMENTO METÁLICO, PÉ-DIREITO SIMPLES, EM CHAPA DE MADEIRA PLASTIFICADA, 14 UTILIZAÇÕES. AF_09/2020","M2","COEFICIENTE DE REPRESENTATIVIDADE",114.93,"CAIXA REFERENCIAL"]
["FUNDACOES E ESTRUTURAS","FUES","FORMAS/CIMBRAMENTOS/ESCORAMENTOS","0041","","",92477,"MONTAGEM E DESMONTAGEM DE FÔRMA DE VIGA, ESCORAMENTO COM GARFO DE MADEIRA, PÉ-DIREITO DUPLO, EM CHAPA DE MADEIRA PLASTIFICADA, 18 UTILIZAÇÕES. AF_09/2020","M2","COEFICIENTE DE REPRESENTATIVIDADE",108.3,"CAIXA REFERENCIAL"]
["FUNDACOES E ESTRUTURAS","FUES","FORMAS/CIMBRAMENTOS/ESCORAMENTOS","0041","","",92478,"MONTAGEM E DESMONTAGEM DE FÔRMA DE VIGA, ESCORAMENTO METÁLICO, PÉ-DIREITO DUPLO, EM CHAPA DE MADEIRA PLASTIFICADA, 18 UTILIZAÇÕES. AF_09/2020","M2","COEFICIENTE DE REPRESENTATIVIDADE",266.51,"CAIXA REFERENCIAL"]
["FUNDACOES E ESTRUTURAS","FUES","FORMAS/CIMBRAMENTOS/ESCORAMENTOS","0041","","",92479,"MONTAGEM E DESMONTAGEM DE FÔRMA DE VIGA, ESCORAMENTO COM GARFO DE MADEIRA, PÉ-DIREITO SIMPLES, EM CHAPA DE MADEIRA PLASTIFICADA, 18 UTILIZAÇÕES. AF_09/2020","M2","COEFICIENTE DE REPRESENTATIVIDADE",69.36,"CAIXA REFERENCIAL"]
["FUNDACOES E ESTRUTURAS","FUES","FORMAS/CIMBRAMENTOS/ESCORAMENTOS","0041","","",92480,"MONTAGEM E DESMONTAGEM DE FÔRMA DE VIGA, ESCORAMENTO METÁLICO, PÉ-DIREITO SIMPLES, EM CHAPA DE MADEIRA PLASTIFICADA, 18 UTILIZAÇÕES. AF_09/2020","M2","COEFICIENTE DE REPRESENTATIVIDADE",105.07,"CAIXA REFERENCIAL"]
["FUNDACOES E ESTRUTURAS","FUES","FORMAS/CIMBRAMENTOS/ESCORAMENTOS","0041","","",92482,"MONTAGEM E DESMONTAGEM DE FÔRMA DE LAJE MACIÇA, PÉ-DIREITO SIMPLES, EM MADEIRA SERRADA, 1 UTILIZAÇÃO. AF_09/2020","M2","COEFICIENTE DE REPRESENTATIVIDADE",340.6,"CAIXA REFERENCIAL"]
["FUNDACOES E ESTRUTURAS","FUES","FORMAS/CIMBRAMENTOS/ESCORAMENTOS","0041","","",92484,"MONTAGEM E DESMONTAGEM DE FÔRMA DE LAJE MACIÇA, PÉ-DIREITO SIMPLES, EM MADEIRA SERRADA, 2 UTILIZAÇÕES. AF_09/2020","M2","COEFICIENTE DE REPRESENTATIVIDADE",232.5,"CAIXA REFERENCIAL"]
["FUNDACOES E ESTRUTURAS","FUES","FORMAS/CIMBRAMENTOS/ESCORAMENTOS","0041","","",92486,"MONTAGEM E DESMONTAGEM DE FÔRMA DE LAJE MACIÇA, PÉ-DIREITO SIMPLES, EM MADEIRA SERRADA, 4 UTILIZAÇÕES. AF_09/2020","M2","COEFICIENTE DE REPRESENTATIVIDADE",164.17,"CAIXA REFERENCIAL"]
["FUNDACOES E ESTRUTURAS","FUES","FORMAS/CIMBRAMENTOS/ESCORAMENTOS","0041","","",92488,"MONTAGEM E DESMONTAGEM DE FÔRMA DE LAJE NERVURADA COM CUBETA E ASSOALHO, PÉ-DIREITO DUPLO, EM CHAPA DE MADEIRA COMPENSADA RESINADA, 8 UTILIZAÇÕES. AF_09/2020","M2","ATRIBUÍDO SÃO PAULO",116.35,"CAIXA REFERENCIAL"]
["FUNDACOES E ESTRUTURAS","FUES","FORMAS/CIMBRAMENTOS/ESCORAMENTOS","0041","","",92490,"MONTAGEM E DESMONTAGEM DE FÔRMA DE LAJE NERVURADA COM CUBETA E ASSOALHO, PÉ-DIREITO SIMPLES, EM CHAPA DE MADEIRA COMPENSADA RESINADA, 8 UTILIZAÇÕES. AF_09/2020","M2","ATRIBUÍDO SÃO PAULO",74.13,"CAIXA REFERENCIAL"]
["FUNDACOES E ESTRUTURAS","FUES","FORMAS/CIMBRAMENTOS/ESCORAMENTOS","0041","","",92492,"MONTAGEM E DESMONTAGEM DE FÔRMA DE LAJE NERVURADA COM CUBETA E ASSOALHO, PÉ-DIREITO DUPLO, EM CHAPA DE MADEIRA COMPENSADA RESINADA, 10 UTILIZAÇÕES. AF_09/2020","M2","ATRIBUÍDO SÃO PAULO",111.06,"CAIXA REFERENCIAL"]
["FUNDACOES E ESTRUTURAS","FUES","FORMAS/CIMBRAMENTOS/ESCORAMENTOS","0041","","",92494,"MONTAGEM E DESMONTAGEM DE FÔRMA DE LAJE NERVURADA COM CUBETA E ASSOALHO, PÉ-DIREITO SIMPLES, EM CHAPA DE MADEIRA COMPENSADA RESINADA, 10 UTILIZAÇÕES. AF_09/2020","M2","ATRIBUÍDO SÃO PAULO",69.84,"CAIXA REFERENCIAL"]
["FUNDACOES E ESTRUTURAS","FUES","FORMAS/CIMBRAMENTOS/ESCORAMENTOS","0041","","",92496,"MONTAGEM E DESMONTAGEM DE FÔRMA DE LAJE NERVURADA COM CUBETA E ASSOALHO, PÉ-DIREITO DUPLO, EM CHAPA DE MADEIRA COMPENSADA RESINADA, 12 UTILIZAÇÕES. AF_09/2020","M2","ATRIBUÍDO SÃO PAULO",106.66,"CAIXA REFERENCIAL"]
["FUNDACOES E ESTRUTURAS","FUES","FORMAS/CIMBRAMENTOS/ESCORAMENTOS","0041","","",92498,"MONTAGEM E DESMONTAGEM DE FÔRMA DE LAJE NERVURADA COM CUBETA E ASSOALHO, PÉ-DIREITO SIMPLES, EM CHAPA DE MADEIRA COMPENSADA RESINADA, 12 UTILIZAÇÕES. AF_09/2020","M2","ATRIBUÍDO SÃO PAULO",66.28,"CAIXA REFERENCIAL"]
["FUNDACOES E ESTRUTURAS","FUES","FORMAS/CIMBRAMENTOS/ESCORAMENTOS","0041","","",92500,"MONTAGEM E DESMONTAGEM DE FÔRMA DE LAJE NERVURADA COM CUBETA E ASSOALHO, PÉ-DIREITO DUPLO, EM CHAPA DE MADEIRA COMPENSADA RESINADA, 14 UTILIZAÇÕES. AF_09/2020","M2","ATRIBUÍDO SÃO PAULO",103.17,"CAIXA REFERENCIAL"]
["FUNDACOES E ESTRUTURAS","FUES","FORMAS/CIMBRAMENTOS/ESCORAMENTOS","0041","","",92502,"MONTAGEM E DESMONTAGEM DE FÔRMA DE LAJE NERVURADA COM CUBETA E ASSOALHO, PÉ-DIREITO SIMPLES, EM CHAPA DE MADEIRA COMPENSADA RESINADA, 14 UTILIZAÇÕES. AF_09/2020","M2","ATRIBUÍDO SÃO PAULO",63.63,"CAIXA REFERENCIAL"]
["FUNDACOES E ESTRUTURAS","FUES","FORMAS/CIMBRAMENTOS/ESCORAMENTOS","0041","","",92504,"MONTAGEM E DESMONTAGEM DE FÔRMA DE LAJE NERVURADA COM CUBETA E ASSOALHO, PÉ-DIREITO DUPLO, EM CHAPA DE MADEIRA COMPENSADA RESINADA, 18 UTILIZAÇÕES. AF_09/2020","M2","ATRIBUÍDO SÃO PAULO",96.77,"CAIXA REFERENCIAL"]
["FUNDACOES E ESTRUTURAS","FUES","FORMAS/CIMBRAMENTOS/ESCORAMENTOS","0041","","",92506,"MONTAGEM E DESMONTAGEM DE FÔRMA DE LAJE NERVURADA COM CUBETA E ASSOALHO, PÉ-DIREITO SIMPLES, EM CHAPA DE MADEIRA COMPENSADA RESINADA, 18 UTILIZAÇÕES. AF_09/2020","M2","ATRIBUÍDO SÃO PAULO",58.68,"CAIXA REFERENCIAL"]
["FUNDACOES E ESTRUTURAS","FUES","FORMAS/CIMBRAMENTOS/ESCORAMENTOS","0041","","",92508,"MONTAGEM E DESMONTAGEM DE FÔRMA DE LAJE MACIÇA, PÉ-DIREITO DUPLO, EM CHAPA DE MADEIRA COMPENSADA RESINADA, 2 UTILIZAÇÕES. AF_09/2020","M2","ATRIBUÍDO SÃO PAULO",110.67,"CAIXA REFERENCIAL"]
["FUNDACOES E ESTRUTURAS","FUES","FORMAS/CIMBRAMENTOS/ESCORAMENTOS","0041","","",92510,"MONTAGEM E DESMONTAGEM DE FÔRMA DE LAJE MACIÇA, PÉ-DIREITO SIMPLES, EM CHAPA DE MADEIRA COMPENSADA RESINADA, 2 UTILIZAÇÕES. AF_09/2020","M2","ATRIBUÍDO SÃO PAULO",66.709999999999994,"CAIXA REFERENCIAL"]
["FUNDACOES E ESTRUTURAS","FUES","FORMAS/CIMBRAMENTOS/ESCORAMENTOS","0041","","",92512,"MONTAGEM E DESMONTAGEM DE FÔRMA DE LAJE MACIÇA, PÉ-DIREITO DUPLO, EM CHAPA DE MADEIRA COMPENSADA RESINADA, 4 UTILIZAÇÕES. AF_09/2020","M2","ATRIBUÍDO SÃO PAULO",95.64,"CAIXA REFERENCIAL"]
["FUNDACOES E ESTRUTURAS","FUES","FORMAS/CIMBRAMENTOS/ESCORAMENTOS","0041","","",92514,"MONTAGEM E DESMONTAGEM DE FÔRMA DE LAJE MACIÇA, PÉ-DIREITO SIMPLES, EM CHAPA DE MADEIRA COMPENSADA RESINADA, 4 UTILIZAÇÕES. AF_09/2020","M2","ATRIBUÍDO SÃO PAULO",52.75,"CAIXA REFERENCIAL"]
["FUNDACOES E ESTRUTURAS","FUES","FORMAS/CIMBRAMENTOS/ESCORAMENTOS","0041","","",92515,"MONTAGEM E DESMONTAGEM DE FÔRMA DE LAJE MACIÇA, PÉ-DIREITO DUPLO, EM CHAPA DE MADEIRA COMPENSADA RESINADA, 6 UTILIZAÇÕES. AF_09/2020","M2","ATRIBUÍDO SÃO PAULO",88.18,"CAIXA REFERENCIAL"]
["FUNDACOES E ESTRUTURAS","FUES","FORMAS/CIMBRAMENTOS/ESCORAMENTOS","0041","","",92518,"MONTAGEM E DESMONTAGEM DE FÔRMA DE LAJE MACIÇA, PÉ-DIREITO SIMPLES, EM CHAPA DE MADEIRA COMPENSADA RESINADA, 6 UTILIZAÇÕES. AF_09/2020","M2","ATRIBUÍDO SÃO PAULO",46.31,"CAIXA REFERENCIAL"]
["FUNDACOES E ESTRUTURAS","FUES","FORMAS/CIMBRAMENTOS/ESCORAMENTOS","0041","","",92520,"MONTAGEM E DESMONTAGEM DE FÔRMA DE LAJE MACIÇA, PÉ-DIREITO DUPLO, EM CHAPA DE MADEIRA COMPENSADA RESINADA, 8 UTILIZAÇÕES. AF_09/2020","M2","ATRIBUÍDO SÃO PAULO",83.31,"CAIXA REFERENCIAL"]
["FUNDACOES E ESTRUTURAS","FUES","FORMAS/CIMBRAMENTOS/ESCORAMENTOS","0041","","",92522,"MONTAGEM E DESMONTAGEM DE FÔRMA DE LAJE MACIÇA, PÉ-DIREITO SIMPLES, EM CHAPA DE MADEIRA COMPENSADA RESINADA, 8 UTILIZAÇÕES. AF_09/2020","M2","ATRIBUÍDO SÃO PAULO",42.38,"CAIXA REFERENCIAL"]
["FUNDACOES E ESTRUTURAS","FUES","FORMAS/CIMBRAMENTOS/ESCORAMENTOS","0041","","",92524,"MONTAGEM E DESMONTAGEM DE FÔRMA DE LAJE MACIÇA, PÉ-DIREITO DUPLO, EM CHAPA DE MADEIRA COMPENSADA PLASTIFICADA, 10 UTILIZAÇÕES. AF_09/2020","M2","ATRIBUÍDO SÃO PAULO",82.98,"CAIXA REFERENCIAL"]
["FUNDACOES E ESTRUTURAS","FUES","FORMAS/CIMBRAMENTOS/ESCORAMENTOS","0041","","",92526,"MONTAGEM E DESMONTAGEM DE FÔRMA DE LAJE MACIÇA, PÉ-DIREITO SIMPLES, EM CHAPA DE MADEIRA COMPENSADA PLASTIFICADA, 10 UTILIZAÇÕES. AF_09/2020","M2","ATRIBUÍDO SÃO PAULO",42.94,"CAIXA REFERENCIAL"]
["FUNDACOES E ESTRUTURAS","FUES","FORMAS/CIMBRAMENTOS/ESCORAMENTOS","0041","","",92528,"MONTAGEM E DESMONTAGEM DE FÔRMA DE LAJE MACIÇA, PÉ-DIREITO DUPLO, EM CHAPA DE MADEIRA COMPENSADA PLASTIFICADA, 12 UTILIZAÇÕES. AF_09/2020","M2","ATRIBUÍDO SÃO PAULO",79.84,"CAIXA REFERENCIAL"]
["FUNDACOES E ESTRUTURAS","FUES","FORMAS/CIMBRAMENTOS/ESCORAMENTOS","0041","","",92530,"MONTAGEM E DESMONTAGEM DE FÔRMA DE LAJE MACIÇA, PÉ-DIREITO SIMPLES, EM CHAPA DE MADEIRA COMPENSADA PLASTIFICADA, 12 UTILIZAÇÕES. AF_09/2020","M2","ATRIBUÍDO SÃO PAULO",40.590000000000003,"CAIXA REFERENCIAL"]
["FUNDACOES E ESTRUTURAS","FUES","FORMAS/CIMBRAMENTOS/ESCORAMENTOS","0041","","",92532,"MONTAGEM E DESMONTAGEM DE FÔRMA DE LAJE MACIÇA, PÉ-DIREITO DUPLO, EM CHAPA DE MADEIRA COMPENSADA PLASTIFICADA, 14 UTILIZAÇÕES. AF_09/2020","M2","ATRIBUÍDO SÃO PAULO",77.11,"CAIXA REFERENCIAL"]
["FUNDACOES E ESTRUTURAS","FUES","FORMAS/CIMBRAMENTOS/ESCORAMENTOS","0041","","",92534,"MONTAGEM E DESMONTAGEM DE FÔRMA DE LAJE MACIÇA, PÉ-DIREITO SIMPLES, EM CHAPA DE MADEIRA COMPENSADA PLASTIFICADA, 14 UTILIZAÇÕES. AF_09/2020","M2","ATRIBUÍDO SÃO PAULO",38.6,"CAIXA REFERENCIAL"]
["FUNDACOES E ESTRUTURAS","FUES","FORMAS/CIMBRAMENTOS/ESCORAMENTOS","0041","","",92536,"MONTAGEM E DESMONTAGEM DE FÔRMA DE LAJE MACIÇA, PÉ-DIREITO DUPLO, EM CHAPA DE MADEIRA COMPENSADA PLASTIFICADA, 18 UTILIZAÇÕES. AF_09/2020","M2","ATRIBUÍDO SÃO PAULO",71.86,"CAIXA REFERENCIAL"]
["FUNDACOES E ESTRUTURAS","FUES","FORMAS/CIMBRAMENTOS/ESCORAMENTOS","0041","","",92538,"MONTAGEM E DESMONTAGEM DE FÔRMA DE LAJE MACIÇA, PÉ-DIREITO SIMPLES, EM CHAPA DE MADEIRA COMPENSADA PLASTIFICADA, 18 UTILIZAÇÕES. AF_09/2020","M2","ATRIBUÍDO SÃO PAULO",34.65,"CAIXA REFERENCIAL"]
["FUNDACOES E ESTRUTURAS","FUES","FORMAS/CIMBRAMENTOS/ESCORAMENTOS","0041","","",96252,"FABRICAÇÃO DE FÔRMA PARA PILARES CIRCULARES, EM CHAPA DE MADEIRA COMPENSADA RESINADA. AF_06/2017","M2","COEFICIENTE DE REPRESENTATIVIDADE",260.89,"CAIXA REFERENCIAL"]
["FUNDACOES E ESTRUTURAS","FUES","FORMAS/CIMBRAMENTOS/ESCORAMENTOS","0041","","",96257,"MONTAGEM E DESMONTAGEM DE FÔRMA DE PILARES CIRCULARES, COM ÁREA MÉDIA DAS SEÇÕES MENOR OU IGUAL A 0,28 M², PÉ-DIREITO SIMPLES, EM MADEIRA, 2 UTILIZAÇÕES. AF_06/2017","M2","COEFICIENTE DE REPRESENTATIVIDADE",208.13,"CAIXA REFERENCIAL"]
["FUNDACOES E ESTRUTURAS","FUES","FORMAS/CIMBRAMENTOS/ESCORAMENTOS","0041","","",96258,"MONTAGEM E DESMONTAGEM DE FÔRMA DE PILARES CIRCULARES, COM ÁREA MÉDIA DAS SEÇÕES MAIOR QUE 0,28 M², PÉ-DIREITO SIMPLES, EM MADEIRA, 2 UTILIZAÇÕES. AF_06/2017","M2","COEFICIENTE DE REPRESENTATIVIDADE",195.18,"CAIXA REFERENCIAL"]
["FUNDACOES E ESTRUTURAS","FUES","FORMAS/CIMBRAMENTOS/ESCORAMENTOS","0041","","",96259,"MONTAGEM E DESMONTAGEM DE FÔRMA DE PILARES CIRCULARES, COM ÁREA MÉDIA DAS SEÇÕES MENOR OU IGUAL A 0,28 M², PÉ-DIREITO DUPLO, EM MADEIRA, 2 UTILIZAÇÕES. AF_06/2017","M2","COEFICIENTE DE REPRESENTATIVIDADE",228.37,"CAIXA REFERENCIAL"]
["FUNDACOES E ESTRUTURAS","FUES","FORMAS/CIMBRAMENTOS/ESCORAMENTOS","0041","","",96529,"FABRICAÇÃO, MONTAGEM E DESMONTAGEM DE FÔRMA PARA SAPATA, EM MADEIRA SERRADA, E=25 MM, 1 UTILIZAÇÃO. AF_01/2024","M2","COEFICIENTE DE REPRESENTATIVIDADE",273.77999999999997,"CAIXA REFERENCIAL"]
["FUNDACOES E ESTRUTURAS","FUES","FORMAS/CIMBRAMENTOS/ESCORAMENTOS","0041","","",96530,"FABRICAÇÃO, MONTAGEM E DESMONTAGEM DE FÔRMA PARA VIGA BALDRAME, EM MADEIRA SERRADA, E=25 MM, 1 UTILIZAÇÃO. AF_01/2024","M2","COEFICIENTE DE REPRESENTATIVIDADE",156.96,"CAIXA REFERENCIAL"]
["FUNDACOES E ESTRUTURAS","FUES","FORMAS/CIMBRAMENTOS/ESCORAMENTOS","0041","","",96531,"FABRICAÇÃO, MONTAGEM E DESMONTAGEM DE FÔRMA PARA BLOCO DE COROAMENTO, EM MADEIRA SERRADA, E=25 MM, 2 UTILIZAÇÕES. AF_01/2024","M2","COEFICIENTE DE REPRESENTATIVIDADE",109.99,"CAIXA REFERENCIAL"]
["FUNDACOES E ESTRUTURAS","FUES","FORMAS/CIMBRAMENTOS/ESCORAMENTOS","0041","","",96532,"FABRICAÇÃO, MONTAGEM E DESMONTAGEM DE FÔRMA PARA SAPATA, EM MADEIRA SERRADA, E=25 MM, 2 UTILIZAÇÕES. AF_01/2024","M2","COEFICIENTE DE REPRESENTATIVIDADE",178.89,"CAIXA REFERENCIAL"]
["FUNDACOES E ESTRUTURAS","FUES","FORMAS/CIMBRAMENTOS/ESCORAMENTOS","0041","","",96533,"FABRICAÇÃO, MONTAGEM E DESMONTAGEM DE FÔRMA PARA VIGA BALDRAME, EM MADEIRA SERRADA, E=25 MM, 2 UTILIZAÇÕES. AF_01/2024","M2","COEFICIENTE DE REPRESENTATIVIDADE",98.6,"CAIXA REFERENCIAL"]
["FUNDACOES E ESTRUTURAS","FUES","FORMAS/CIMBRAMENTOS/ESCORAMENTOS","0041","","",96534,"FABRICAÇÃO, MONTAGEM E DESMONTAGEM DE FÔRMA PARA BLOCO DE COROAMENTO, EM MADEIRA SERRADA, E=25 MM, 4 UTILIZAÇÕES. AF_01/2024","M2","COEFICIENTE DE REPRESENTATIVIDADE",78.03,"CAIXA REFERENCIAL"]
["FUNDACOES E ESTRUTURAS","FUES","FORMAS/CIMBRAMENTOS/ESCORAMENTOS","0041","","",96535,"FABRICAÇÃO, MONTAGEM E DESMONTAGEM DE FÔRMA PARA SAPATA, EM MADEIRA SERRADA, E=25 MM, 4 UTILIZAÇÕES. AF_01/2024","M2","COEFICIENTE DE REPRESENTATIVIDADE",129.51,"CAIXA REFERENCIAL"]
["FUNDACOES E ESTRUTURAS","FUES","FORMAS/CIMBRAMENTOS/ESCORAMENTOS","0041","","",96536,"FABRICAÇÃO, MONTAGEM E DESMONTAGEM DE FÔRMA PARA VIGA BALDRAME, EM MADEIRA SERRADA, E=25 MM, 4 UTILIZAÇÕES. AF_01/2024","M2","COEFICIENTE DE REPRESENTATIVIDADE",68.209999999999994,"CAIXA REFERENCIAL"]
["FUNDACOES E ESTRUTURAS","FUES","FORMAS/CIMBRAMENTOS/ESCORAMENTOS","0041","","",96537,"FABRICAÇÃO, MONTAGEM E DESMONTAGEM DE FÔRMA PARA BLOCO DE COROAMENTO, EM CHAPA DE MADEIRA COMPENSADA RESINADA, E=17 MM, 2 UTILIZAÇÕES. AF_01/2024","M2","COEFICIENTE DE REPRESENTATIVIDADE",183.9,"CAIXA REFERENCIAL"]
["FUNDACOES E ESTRUTURAS","FUES","FORMAS/CIMBRAMENTOS/ESCORAMENTOS","0041","","",96538,"FABRICAÇÃO, MONTAGEM E DESMONTAGEM DE FÔRMA PARA SAPATA, EM CHAPA DE MADEIRA COMPENSADA RESINADA, E=17 MM, 2 UTILIZAÇÕES. AF_01/2024","M2","COEFICIENTE DE REPRESENTATIVIDADE",238.16,"CAIXA REFERENCIAL"]
["FUNDACOES E ESTRUTURAS","FUES","FORMAS/CIMBRAMENTOS/ESCORAMENTOS","0041","","",96539,"FABRICAÇÃO, MONTAGEM E DESMONTAGEM DE FÔRMA PARA VIGA BALDRAME, EM CHAPA DE MADEIRA COMPENSADA RESINADA, E=17 MM, 2 UTILIZAÇÕES. AF_01/2024","M2","COEFICIENTE DE REPRESENTATIVIDADE",126.62,"CAIXA REFERENCIAL"]
["FUNDACOES E ESTRUTURAS","FUES","FORMAS/CIMBRAMENTOS/ESCORAMENTOS","0041","","",96540,"FABRICAÇÃO, MONTAGEM E DESMONTAGEM DE FÔRMA PARA BLOCO DE COROAMENTO, EM CHAPA DE MADEIRA COMPENSADA RESINADA, E=17 MM, 4 UTILIZAÇÕES. AF_01/2024","M2","COEFICIENTE DE REPRESENTATIVIDADE",126.44,"CAIXA REFERENCIAL"]
["FUNDACOES E ESTRUTURAS","FUES","FORMAS/CIMBRAMENTOS/ESCORAMENTOS","0041","","",96541,"FABRICAÇÃO, MONTAGEM E DESMONTAGEM DE FÔRMA PARA SAPATA, EM CHAPA DE MADEIRA COMPENSADA RESINADA, E=17 MM, 4 UTILIZAÇÕES. AF_01/2024","M2","COEFICIENTE DE REPRESENTATIVIDADE",171.23,"CAIXA REFERENCIAL"]
["FUNDACOES E ESTRUTURAS","FUES","FORMAS/CIMBRAMENTOS/ESCORAMENTOS","0041","","",96542,"FABRICAÇÃO, MONTAGEM E DESMONTAGEM DE FÔRMA PARA VIGA BALDRAME, EM CHAPA DE MADEIRA COMPENSADA RESINADA, E=17 MM, 4 UTILIZAÇÕES. AF_01/2024","M2","COEFICIENTE DE REPRESENTATIVIDADE",91.82,"CAIXA REFERENCIAL"]
["FUNDACOES E ESTRUTURAS","FUES","FORMAS/CIMBRAMENTOS/ESCORAMENTOS","0041","","",96543,"ARMAÇÃO DE BLOCO UTILIZANDO AÇO CA-60 DE 5 MM - MONTAGEM. AF_01/2024","KG","COEFICIENTE DE REPRESENTATIVIDADE",20.36,"CAIXA REFERENCIAL"]
["FUNDACOES E ESTRUTURAS","FUES","FORMAS/CIMBRAMENTOS/ESCORAMENTOS","0041","","",97747,"MONTAGEM E DESMONTAGEM DE FÔRMA DE PILARES CIRCULARES, COM ÁREA MÉDIA DAS SEÇÕES MAIOR QUE 0,28 M², PÉ-DIREITO DUPLO, EM MADEIRA, 2 UTILIZAÇÕES.  AF_06/2017","M2","COEFICIENTE DE REPRESENTATIVIDADE",213.07,"CAIXA REFERENCIAL"]
["FUNDACOES E ESTRUTURAS","FUES","FORMAS/CIMBRAMENTOS/ESCORAMENTOS","0041","","",101791,"FABRICAÇÃO DE ESCORAS DO TIPO PONTALETE, EM MADEIRA, PARA PÉ-DIREITO DUPLO. AF_09/2020","M","COEFICIENTE DE REPRESENTATIVIDADE",31.34,"CAIXA REFERENCIAL"]
["FUNDACOES E ESTRUTURAS","FUES","FORMAS/CIMBRAMENTOS/ESCORAMENTOS","0041","","",101792,"ESCORAMENTO DE FÔRMAS DE LAJE EM MADEIRA NÃO APARELHADA, PÉ-DIREITO SIMPLES, INCLUSO TRAVAMENTO, 4 UTILIZAÇÕES. AF_09/2020","M3","COEFICIENTE DE REPRESENTATIVIDADE",17.82,"CAIXA REFERENCIAL"]
["FUNDACOES E ESTRUTURAS","FUES","FORMAS/CIMBRAMENTOS/ESCORAMENTOS","0041","","",101793,"ESCORAMENTO DE FÔRMAS DE LAJE EM MADEIRA NÃO APARELHADA, PÉ-DIREITO DUPLO, INCLUSO TRAVAMENTO, 4 UTILIZAÇÕES. AF_09/2020","M3","COEFICIENTE DE REPRESENTATIVIDADE",27.99,"CAIXA REFERENCIAL"]
["FUNDACOES E ESTRUTURAS","FUES","FORMAS/CIMBRAMENTOS/ESCORAMENTOS","0041","","",101969,"FABRICAÇÃO DE FÔRMA PARA ESCADAS, COM 2 LANCES EM \"U\" E LAJE PLANA, EM CHAPA DE MADEIRA COMPENSADA PLASTIFICADA, E=18 MM. AF_11/2020","M2","COEFICIENTE DE REPRESENTATIVIDADE",200.61,"CAIXA REFERENCIAL"]
["FUNDACOES E ESTRUTURAS","FUES","FORMAS/CIMBRAMENTOS/ESCORAMENTOS","0041","","",101971,"FABRICAÇÃO DE FÔRMA PARA ESCADAS, COM 2 LANCES EM \"U\" E LAJE PLANA, EM CHAPA DE MADEIRA COMPENSADA RESINADA, E= 17 MM. AF_11/2020","M2","COEFICIENTE DE REPRESENTATIVIDADE",159.74,"CAIXA REFERENCIAL"]
["FUNDACOES E ESTRUTURAS","FUES","FORMAS/CIMBRAMENTOS/ESCORAMENTOS","0041","","",101973,"FABRICAÇÃO DE FÔRMA PARA ESCADAS, COM 2 LANCES EM \"U\" E LAJE PLANA, EM MADEIRA SERRADA, E=25 MM. AF_11/2020","M2","COEFICIENTE DE REPRESENTATIVIDADE",227.04,"CAIXA REFERENCIAL"]
["FUNDACOES E ESTRUTURAS","FUES","FORMAS/CIMBRAMENTOS/ESCORAMENTOS","0041","","",101974,"MONTAGEM E DESMONTAGEM DE FÔRMA PARA ESCADAS, COM 2 LANCES EM \"U\" E LAJE PLANA, EM MADEIRA SERRADA, 1 UTILIZAÇÃO. AF_11/2020","M2","COEFICIENTE DE REPRESENTATIVIDADE",497.42,"CAIXA REFERENCIAL"]
["FUNDACOES E ESTRUTURAS","FUES","FORMAS/CIMBRAMENTOS/ESCORAMENTOS","0041","","",101975,"MONTAGEM E DESMONTAGEM DE FÔRMA PARA ESCADAS, COM 2 LANCES EM \"U\"  E LAJE PLANA, EM MADEIRA SERRADA, 2 UTILIZAÇÕES. AF_11/2020","M2","COEFICIENTE DE REPRESENTATIVIDADE",425.45,"CAIXA REFERENCIAL"]
["FUNDACOES E ESTRUTURAS","FUES","FORMAS/CIMBRAMENTOS/ESCORAMENTOS","0041","","",101977,"MONTAGEM E DESMONTAGEM DE FÔRMA PARA ESCADAS, COM 2 LANCES EM \"U\" E LAJE PLANA, EM CHAPA DE MADEIRA COMPENSADA RESINADA, 2 UTILIZAÇÕES. AF_11/2020","M2","COEFICIENTE DE REPRESENTATIVIDADE",314.81,"CAIXA REFERENCIAL"]
["FUNDACOES E ESTRUTURAS","FUES","FORMAS/CIMBRAMENTOS/ESCORAMENTOS","0041","","",101980,"MONTAGEM E DESMONTAGEM DE FÔRMA PARA ESCADAS, COM 2 LANCES EM \"U\" E LAJE PLANA, EM CHAPA DE MADEIRA COMPENSADA RESINADA, 4 UTILIZAÇÕES. AF_11/2020","M2","COEFICIENTE DE REPRESENTATIVIDADE",299.32,"CAIXA REFERENCIAL"]
["FUNDACOES E ESTRUTURAS","FUES","FORMAS/CIMBRAMENTOS/ESCORAMENTOS","0041","","",101981,"MONTAGEM E DESMONTAGEM DE FÔRMA PARA ESCADAS, COM 2 LANCES EM \"U\" E LAJE PLANA, EM CHAPA DE MADEIRA COMPENSADA PLASTIFICADA, 6 UTILIZAÇÕES. AF_11/2020","M2","COEFICIENTE DE REPRESENTATIVIDADE",257.81,"CAIXA REFERENCIAL"]
["FUNDACOES E ESTRUTURAS","FUES","FORMAS/CIMBRAMENTOS/ESCORAMENTOS","0041","","",101982,"MONTAGEM E DESMONTAGEM DE FÔRMA PARA ESCADAS, COM 2 LANCES EM \"U\" E LAJE PLANA, EM CHAPA DE MADEIRA COMPENSADA PLASTIFICADA, 8 UTILIZAÇÕES. AF_11/2020","M2","COEFICIENTE DE REPRESENTATIVIDADE",230.71,"CAIXA REFERENCIAL"]
["FUNDACOES E ESTRUTURAS","FUES","FORMAS/CIMBRAMENTOS/ESCORAMENTOS","0041","","",101983,"MONTAGEM E DESMONTAGEM DE FÔRMA PARA ESCADAS, COM 2 LANCES EM \"U\" E LAJE PLANA, EM CHAPA DE MADEIRA COMPENSADA PLASTIFICADA, 10 UTILIZAÇÕES. AF_11/2020","M2","COEFICIENTE DE REPRESENTATIVIDADE",213.65,"CAIXA REFERENCIAL"]
["FUNDACOES E ESTRUTURAS","FUES","FORMAS/CIMBRAMENTOS/ESCORAMENTOS","0041","","",101985,"FABRICAÇÃO DE FÔRMA PARA ESCADAS, COM 2 LANCES EM \"U\" E LAJE CASCATA, EM CHAPA DE MADEIRA COMPENSADA PLASTIFICADA, E=18 MM. AF_11/2020","M2","COEFICIENTE DE REPRESENTATIVIDADE",203.07,"CAIXA REFERENCIAL"]
["FUNDACOES E ESTRUTURAS","FUES","FORMAS/CIMBRAMENTOS/ESCORAMENTOS","0041","","",101986,"FABRICAÇÃO DE FÔRMA PARA ESCADAS, COM 2 LANCES EM \"U\" E LAJE CASCATA, EM CHAPA DE MADEIRA COMPENSADA RESINADA, E= 17 MM. AF_11/2020","M2","COEFICIENTE DE REPRESENTATIVIDADE",151.12,"CAIXA REFERENCIAL"]
["FUNDACOES E ESTRUTURAS","FUES","FORMAS/CIMBRAMENTOS/ESCORAMENTOS","0041","","",101987,"FABRICAÇÃO DE FÔRMA PARA ESCADAS, COM 2 LANCES EM \"U\" E LAJE CASCATA, EM MADEIRA SERRADA, E=25 MM. AF_11/2020","M2","COEFICIENTE DE REPRESENTATIVIDADE",265.89999999999998,"CAIXA REFERENCIAL"]
["FUNDACOES E ESTRUTURAS","FUES","FORMAS/CIMBRAMENTOS/ESCORAMENTOS","0041","","",101988,"FABRICAÇÃO DE FÔRMA PARA ESCADAS, COM 2 LANCES EM \"L\" E LAJE PLANA, EM CHAPA DE MADEIRA COMPENSADA PLASTIFICADA, E=18 MM. AF_11/2020","M2","COEFICIENTE DE REPRESENTATIVIDADE",208.5,"CAIXA REFERENCIAL"]
["FUNDACOES E ESTRUTURAS","FUES","FORMAS/CIMBRAMENTOS/ESCORAMENTOS","0041","","",101989,"FABRICAÇÃO DE FÔRMA PARA ESCADAS, COM 2 LANCES EM \"L\" E LAJE PLANA, EM CHAPA DE MADEIRA COMPENSADA RESINADA, E= 17 MM. AF_11/2020","M2","COEFICIENTE DE REPRESENTATIVIDADE",168.15,"CAIXA REFERENCIAL"]
["FUNDACOES E ESTRUTURAS","FUES","FORMAS/CIMBRAMENTOS/ESCORAMENTOS","0041","","",101990,"FABRICAÇÃO DE FÔRMA PARA ESCADAS, COM 2 LANCES EM \"L\" E LAJE PLANA, EM MADEIRA SERRADA, E=25 MM. AF_11/2020","M2","COEFICIENTE DE REPRESENTATIVIDADE",244.16,"CAIXA REFERENCIAL"]
["FUNDACOES E ESTRUTURAS","FUES","FORMAS/CIMBRAMENTOS/ESCORAMENTOS","0041","","",101991,"FABRICAÇÃO DE FÔRMA PARA ESCADAS, COM 2 LANCES EM \"L\" E LAJE CASCATA, EM CHAPA DE MADEIRA COMPENSADA PLASTIFICADA, E=18 MM. AF_11/2020","M2","COEFICIENTE DE REPRESENTATIVIDADE",203.55,"CAIXA REFERENCIAL"]
["FUNDACOES E ESTRUTURAS","FUES","FORMAS/CIMBRAMENTOS/ESCORAMENTOS","0041","","",101992,"FABRICAÇÃO DE FÔRMA PARA ESCADAS, COM 2 LANCES EM \"L\" E LAJE CASCATA, EM CHAPA DE MADEIRA COMPENSADA RESINADA, E= 17 MM. AF_11/2020","M2","COEFICIENTE DE REPRESENTATIVIDADE",153.88999999999999,"CAIXA REFERENCIAL"]
["FUNDACOES E ESTRUTURAS","FUES","FORMAS/CIMBRAMENTOS/ESCORAMENTOS","0041","","",101993,"FABRICAÇÃO DE FÔRMA PARA ESCADAS, COM 2 LANCES EM \"L\" E LAJE CASCATA, EM MADEIRA SERRADA, E=25 MM. AF_11/2020","M2","COEFICIENTE DE REPRESENTATIVIDADE",312.02999999999997,"CAIXA REFERENCIAL"]
["FUNDACOES E ESTRUTURAS","FUES","FORMAS/CIMBRAMENTOS/ESCORAMENTOS","0041","","",101994,"FABRICAÇÃO DE FÔRMA PARA ESCADAS, COM 1 LANCE E LAJE PLANA, EM CHAPA DE MADEIRA COMPENSADA PLASTIFICADA, E=18 MM. AF_11/2020","M2","COEFICIENTE DE REPRESENTATIVIDADE",220.81,"CAIXA REFERENCIAL"]
["FUNDACOES E ESTRUTURAS","FUES","FORMAS/CIMBRAMENTOS/ESCORAMENTOS","0041","","",101995,"FABRICAÇÃO DE FÔRMA PARA ESCADAS, COM 1 LANCE E LAJE PLANA, EM CHAPA DE MADEIRA COMPENSADA RESINADA, E= 17 MM. AF_11/2020","M2","COEFICIENTE DE REPRESENTATIVIDADE",175.51,"CAIXA REFERENCIAL"]
["FUNDACOES E ESTRUTURAS","FUES","FORMAS/CIMBRAMENTOS/ESCORAMENTOS","0041","","",101996,"FABRICAÇÃO DE FÔRMA PARA ESCADAS, COM 1 LANCE E LAJE PLANA, EM MADEIRA SERRADA, E=25 MM. AF_11/2020","M2","COEFICIENTE DE REPRESENTATIVIDADE",262.57,"CAIXA REFERENCIAL"]
["FUNDACOES E ESTRUTURAS","FUES","FORMAS/CIMBRAMENTOS/ESCORAMENTOS","0041","","",101997,"FABRICAÇÃO DE FÔRMA PARA ESCADAS, COM 1 LANCE E LAJE CASCATA, EM CHAPA DE MADEIRA COMPENSADA PLASTIFICADA, E=18 MM. AF_11/2020","M2","COEFICIENTE DE REPRESENTATIVIDADE",202.6,"CAIXA REFERENCIAL"]
["FUNDACOES E ESTRUTURAS","FUES","FORMAS/CIMBRAMENTOS/ESCORAMENTOS","0041","","",101998,"FABRICAÇÃO DE FÔRMA PARA ESCADAS, COM 1 LANCE E LAJE CASCATA, EM CHAPA DE MADEIRA COMPENSADA RESINADA, E= 17 MM. AF_11/2020","M2","COEFICIENTE DE REPRESENTATIVIDADE",151.81,"CAIXA REFERENCIAL"]
["FUNDACOES E ESTRUTURAS","FUES","FORMAS/CIMBRAMENTOS/ESCORAMENTOS","0041","","",101999,"FABRICAÇÃO DE FÔRMA PARA ESCADAS, COM 1 LANCE E LAJE CASCATA, EM MADEIRA SERRADA, E=25 MM. AF_11/2020","M2","COEFICIENTE DE REPRESENTATIVIDADE",334.31,"CAIXA REFERENCIAL"]
["FUNDACOES E ESTRUTURAS","FUES","FORMAS/CIMBRAMENTOS/ESCORAMENTOS","0041","","",102000,"MONTAGEM E DESMONTAGEM DE FÔRMA PARA ESCADAS, COM 2 LANCES EM \"U\" E LAJE CASCATA, EM MADEIRA SERRADA, 1 UTILIZAÇÃO. AF_11/2020","M2","COEFICIENTE DE REPRESENTATIVIDADE",505.84,"CAIXA REFERENCIAL"]
["FUNDACOES E ESTRUTURAS","FUES","FORMAS/CIMBRAMENTOS/ESCORAMENTOS","0041","","",102001,"MONTAGEM E DESMONTAGEM DE FÔRMA PARA ESCADAS, COM 2 LANCES EM \"U\" E LAJE CASCATA, EM MADEIRA SERRADA, 2 UTILIZAÇÕES. AF_11/2020","M2","COEFICIENTE DE REPRESENTATIVIDADE",438.18,"CAIXA REFERENCIAL"]
["FUNDACOES E ESTRUTURAS","FUES","FORMAS/CIMBRAMENTOS/ESCORAMENTOS","0041","","",102002,"MONTAGEM E DESMONTAGEM DE FÔRMA PARA ESCADAS, COM 2 LANCES EM \"U\" E LAJE CASCATA, EM CHAPA DE MADEIRA COMPENSADA RESINADA, 2 UTILIZAÇÕES. AF_11/2020","M2","COEFICIENTE DE REPRESENTATIVIDADE",297.35000000000002,"CAIXA REFERENCIAL"]
["FUNDACOES E ESTRUTURAS","FUES","FORMAS/CIMBRAMENTOS/ESCORAMENTOS","0041","","",102003,"MONTAGEM E DESMONTAGEM DE FÔRMA PARA ESCADAS, COM 2 LANCES EM \"U\" E LAJE CASCATA, EM CHAPA DE MADEIRA COMPENSADA RESINADA, 4 UTILIZAÇÕES. AF_11/2020","M2","COEFICIENTE DE REPRESENTATIVIDADE",279.43,"CAIXA REFERENCIAL"]
["FUNDACOES E ESTRUTURAS","FUES","FORMAS/CIMBRAMENTOS/ESCORAMENTOS","0041","","",102004,"MONTAGEM E DESMONTAGEM DE FÔRMA PARA ESCADAS, COM 2 LANCES EM \"U\" E LAJE CASCATA, EM CHAPA DE MADEIRA COMPENSADA PLASTIFICADA, 6 UTILIZAÇÕES. AF_11/2020","M2","COEFICIENTE DE REPRESENTATIVIDADE",245.07,"CAIXA REFERENCIAL"]
["FUNDACOES E ESTRUTURAS","FUES","FORMAS/CIMBRAMENTOS/ESCORAMENTOS","0041","","",102005,"MONTAGEM E DESMONTAGEM DE FÔRMA PARA ESCADAS, COM 2 LANCES EM \"U\" E LAJE CASCATA, EM CHAPA DE MADEIRA COMPENSADA PLASTIFICADA, 8 UTILIZAÇÕES. AF_11/2020","M2","COEFICIENTE DE REPRESENTATIVIDADE",217.7,"CAIXA REFERENCIAL"]
["FUNDACOES E ESTRUTURAS","FUES","FORMAS/CIMBRAMENTOS/ESCORAMENTOS","0041","","",102006,"MONTAGEM E DESMONTAGEM DE FÔRMA PARA ESCADAS, COM 2 LANCES EM \"U\" E LAJE CASCATA, EM CHAPA DE MADEIRA COMPENSADA PLASTIFICADA, 10 UTILIZAÇÕES. AF_11/2020","M2","COEFICIENTE DE REPRESENTATIVIDADE",200.46,"CAIXA REFERENCIAL"]
["FUNDACOES E ESTRUTURAS","FUES","FORMAS/CIMBRAMENTOS/ESCORAMENTOS","0041","","",102007,"MONTAGEM E DESMONTAGEM DE FÔRMA PARA ESCADAS, COM 2 LANCES EM \"L\" E LAJE PLANA, EM MADEIRA SERRADA, 1 UTILIZAÇÃO. AF_11/2020","M2","COEFICIENTE DE REPRESENTATIVIDADE",490.08,"CAIXA REFERENCIAL"]
["FUNDACOES E ESTRUTURAS","FUES","FORMAS/CIMBRAMENTOS/ESCORAMENTOS","0041","","",102008,"MONTAGEM E DESMONTAGEM DE FÔRMA PARA ESCADAS, COM 2 LANCES EM \"L\" E LAJE PLANA, EM MADEIRA SERRADA, 2 UTILIZAÇÕES. AF_11/2020","M2","COEFICIENTE DE REPRESENTATIVIDADE",411.36,"CAIXA REFERENCIAL"]
["FUNDACOES E ESTRUTURAS","FUES","FORMAS/CIMBRAMENTOS/ESCORAMENTOS","0041","","",102009,"MONTAGEM E DESMONTAGEM DE FÔRMA PARA ESCADAS, COM 2 LANCES EM \"L\" E LAJE PLANA, EM CHAPA DE MADEIRA COMPENSADA RESINADA, 2 UTILIZAÇÕES. AF_11/2020","M2","COEFICIENTE DE REPRESENTATIVIDADE",315.35000000000002,"CAIXA REFERENCIAL"]
["FUNDACOES E ESTRUTURAS","FUES","FORMAS/CIMBRAMENTOS/ESCORAMENTOS","0041","","",102010,"MONTAGEM E DESMONTAGEM DE FÔRMA PARA ESCADAS, COM 2 LANCES EM \"L\" E LAJE PLANA, EM CHAPA DE MADEIRA COMPENSADA RESINADA, 4 UTILIZAÇÕES. AF_11/2020","M2","COEFICIENTE DE REPRESENTATIVIDADE",296.39999999999998,"CAIXA REFERENCIAL"]
["FUNDACOES E ESTRUTURAS","FUES","FORMAS/CIMBRAMENTOS/ESCORAMENTOS","0041","","",102011,"MONTAGEM E DESMONTAGEM DE FÔRMA PARA ESCADAS, COM 2 LANCES EM \"L\" E LAJE PLANA, EM CHAPA DE MADEIRA COMPENSADA PLASTIFICADA, 6 UTILIZAÇÕES. AF_11/2020","M2","COEFICIENTE DE REPRESENTATIVIDADE",252.61,"CAIXA REFERENCIAL"]
["FUNDACOES E ESTRUTURAS","FUES","FORMAS/CIMBRAMENTOS/ESCORAMENTOS","0041","","",102012,"MONTAGEM E DESMONTAGEM DE FÔRMA PARA ESCADAS, COM 2 LANCES EM \"L\" E LAJE PLANA, EM CHAPA DE MADEIRA COMPENSADA PLASTIFICADA, 8 UTILIZAÇÕES. AF_11/2020","M2","COEFICIENTE DE REPRESENTATIVIDADE",224.64,"CAIXA REFERENCIAL"]
["FUNDACOES E ESTRUTURAS","FUES","FORMAS/CIMBRAMENTOS/ESCORAMENTOS","0041","","",102013,"MONTAGEM E DESMONTAGEM DE FÔRMA PARA ESCADAS, COM 2 LANCES EM \"L\" E LAJE PLANA, EM CHAPA DE MADEIRA COMPENSADA PLASTIFICADA, 10 UTILIZAÇÕES. AF_11/2020","M2","COEFICIENTE DE REPRESENTATIVIDADE",209.11,"CAIXA REFERENCIAL"]
["FUNDACOES E ESTRUTURAS","FUES","FORMAS/CIMBRAMENTOS/ESCORAMENTOS","0041","","",102014,"MONTAGEM E DESMONTAGEM DE FÔRMA PARA ESCADAS, COM 2 LANCES EM \"L\" E LAJE CASCATA, EM MADEIRA SERRADA, 1 UTILIZAÇÃO. AF_11/2020","M2","COEFICIENTE DE REPRESENTATIVIDADE",551.79999999999995,"CAIXA REFERENCIAL"]
["FUNDACOES E ESTRUTURAS","FUES","FORMAS/CIMBRAMENTOS/ESCORAMENTOS","0041","","",102015,"MONTAGEM E DESMONTAGEM DE FÔRMA PARA ESCADAS, COM 2 LANCES EM \"L\" E LAJE CASCATA, EM MADEIRA SERRADA, 2 UTILIZAÇÕES. AF_11/2020","M2","COEFICIENTE DE REPRESENTATIVIDADE",464.19,"CAIXA REFERENCIAL"]
["FUNDACOES E ESTRUTURAS","FUES","FORMAS/CIMBRAMENTOS/ESCORAMENTOS","0041","","",102016,"MONTAGEM E DESMONTAGEM DE FÔRMA PARA ESCADAS, COM 2 LANCES EM \"L\" E LAJE CASCATA, EM CHAPA DE MADEIRA COMPENSADA RESINADA, 2 UTILIZAÇÕES. AF_11/2020","M2","COEFICIENTE DE REPRESENTATIVIDADE",294.8,"CAIXA REFERENCIAL"]
["FUNDACOES E ESTRUTURAS","FUES","FORMAS/CIMBRAMENTOS/ESCORAMENTOS","0041","","",102017,"MONTAGEM E DESMONTAGEM DE FÔRMA PARA ESCADAS, COM 2 LANCES EM \"L\" E LAJE CASCATA, EM CHAPA DE MADEIRA COMPENSADA RESINADA, 4 UTILIZAÇÕES. AF_11/2020","M2","COEFICIENTE DE REPRESENTATIVIDADE",274.44,"CAIXA REFERENCIAL"]
["FUNDACOES E ESTRUTURAS","FUES","FORMAS/CIMBRAMENTOS/ESCORAMENTOS","0041","","",102036,"MONTAGEM E DESMONTAGEM DE FÔRMA PARA ESCADAS, COM 2 LANCES EM \"L\" E LAJE CASCATA, EM CHAPA DE MADEIRA COMPENSADA PLASTIFICADA, 6 UTILIZAÇÕES. AF_11/2020","M2","COEFICIENTE DE REPRESENTATIVIDADE",238.3,"CAIXA REFERENCIAL"]
["FUNDACOES E ESTRUTURAS","FUES","FORMAS/CIMBRAMENTOS/ESCORAMENTOS","0041","","",102037,"MONTAGEM E DESMONTAGEM DE FÔRMA PARA ESCADAS, COM 2 LANCES EM \"L\" E LAJE CASCATA, EM CHAPA DE MADEIRA COMPENSADA PLASTIFICADA, 8 UTILIZAÇÕES. AF_11/2020","M2","COEFICIENTE DE REPRESENTATIVIDADE",210.88,"CAIXA REFERENCIAL"]
["FUNDACOES E ESTRUTURAS","FUES","FORMAS/CIMBRAMENTOS/ESCORAMENTOS","0041","","",102038,"MONTAGEM E DESMONTAGEM DE FÔRMA PARA ESCADAS, COM 2 LANCES EM \"L\" E LAJE CASCATA, EM CHAPA DE MADEIRA COMPENSADA PLASTIFICADA, 10 UTILIZAÇÕES. AF_11/2020","M2","COEFICIENTE DE REPRESENTATIVIDADE",195.65,"CAIXA REFERENCIAL"]
["FUNDACOES E ESTRUTURAS","FUES","FORMAS/CIMBRAMENTOS/ESCORAMENTOS","0041","","",102039,"MONTAGEM E DESMONTAGEM DE FÔRMA PARA ESCADAS, COM 1 LANCE E LAJE PLANA, EM MADEIRA SERRADA, 1 UTILIZAÇÃO. AF_11/2020","M2","COEFICIENTE DE REPRESENTATIVIDADE",514.37,"CAIXA REFERENCIAL"]
["FUNDACOES E ESTRUTURAS","FUES","FORMAS/CIMBRAMENTOS/ESCORAMENTOS","0041","","",102040,"MONTAGEM E DESMONTAGEM DE FÔRMA PARA ESCADAS, COM 1 LANCE E LAJE PLANA, EM MADEIRA SERRADA, 2 UTILIZAÇÕES. AF_11/2020","M2","COEFICIENTE DE REPRESENTATIVIDADE",430.3,"CAIXA REFERENCIAL"]
["FUNDACOES E ESTRUTURAS","FUES","FORMAS/CIMBRAMENTOS/ESCORAMENTOS","0041","","",102041,"MONTAGEM E DESMONTAGEM DE FÔRMA PARA ESCADAS, COM 1 LANCE E LAJE PLANA, EM CHAPA DE MADEIRA COMPENSADA RESINADA, 2 UTILIZAÇÕES. AF_11/2020","M2","COEFICIENTE DE REPRESENTATIVIDADE",314.83999999999997,"CAIXA REFERENCIAL"]
["FUNDACOES E ESTRUTURAS","FUES","FORMAS/CIMBRAMENTOS/ESCORAMENTOS","0041","","",102042,"MONTAGEM E DESMONTAGEM DE FÔRMA PARA ESCADAS, COM 1 LANCE E LAJE PLANA, EM CHAPA DE MADEIRA COMPENSADA RESINADA, 4 UTILIZAÇÕES. AF_11/2020","M2","COEFICIENTE DE REPRESENTATIVIDADE",292.35000000000002,"CAIXA REFERENCIAL"]
["FUNDACOES E ESTRUTURAS","FUES","FORMAS/CIMBRAMENTOS/ESCORAMENTOS","0041","","",102043,"MONTAGEM E DESMONTAGEM DE FÔRMA PARA ESCADAS, COM 1 LANCE E LAJE PLANA, EM CHAPA DE MADEIRA COMPENSADA PLASTIFICADA, 6 UTILIZAÇÕES. AF_11/2020","M2","COEFICIENTE DE REPRESENTATIVIDADE",249.66,"CAIXA REFERENCIAL"]
["FUNDACOES E ESTRUTURAS","FUES","FORMAS/CIMBRAMENTOS/ESCORAMENTOS","0041","","",102044,"MONTAGEM E DESMONTAGEM DE FÔRMA PARA ESCADAS, COM 1 LANCE E LAJE PLANA, EM CHAPA DE MADEIRA COMPENSADA PLASTIFICADA, 8 UTILIZAÇÕES. AF_11/2020","M2","COEFICIENTE DE REPRESENTATIVIDADE",222.55,"CAIXA REFERENCIAL"]
["FUNDACOES E ESTRUTURAS","FUES","FORMAS/CIMBRAMENTOS/ESCORAMENTOS","0041","","",102045,"MONTAGEM E DESMONTAGEM DE FÔRMA PARA ESCADAS, COM 1 LANCE E LAJE PLANA, EM CHAPA DE MADEIRA COMPENSADA PLASTIFICADA, 10 UTILIZAÇÕES. AF_11/2020","M2","COEFICIENTE DE REPRESENTATIVIDADE",206.28,"CAIXA REFERENCIAL"]
["FUNDACOES E ESTRUTURAS","FUES","FORMAS/CIMBRAMENTOS/ESCORAMENTOS","0041","","",102046,"MONTAGEM E DESMONTAGEM DE FÔRMA PARA ESCADAS, COM 1 LANCE E LAJE CASCATA, EM MADEIRA SERRADA, 1 UTILIZAÇÃO. AF_11/2020","M2","COEFICIENTE DE REPRESENTATIVIDADE",562.29,"CAIXA REFERENCIAL"]
["FUNDACOES E ESTRUTURAS","FUES","FORMAS/CIMBRAMENTOS/ESCORAMENTOS","0041","","",102047,"MONTAGEM E DESMONTAGEM DE FÔRMA PARA ESCADAS, COM 1 LANCE E LAJE CASCATA, EM MADEIRA SERRADA, 2 UTILIZAÇÕES. AF_11/2020","M2","COEFICIENTE DE REPRESENTATIVIDADE",481.75,"CAIXA REFERENCIAL"]
["FUNDACOES E ESTRUTURAS","FUES","FORMAS/CIMBRAMENTOS/ESCORAMENTOS","0041","","",102048,"MONTAGEM E DESMONTAGEM DE FÔRMA PARA ESCADAS, COM 1 LANCE E LAJE CASCATA, EM CHAPA DE MADEIRA COMPENSADA RESINADA, 2 UTILIZAÇÕES. AF_11/2020","M2","COEFICIENTE DE REPRESENTATIVIDADE",284.35000000000002,"CAIXA REFERENCIAL"]
["FUNDACOES E ESTRUTURAS","FUES","FORMAS/CIMBRAMENTOS/ESCORAMENTOS","0041","","",102049,"MONTAGEM E DESMONTAGEM DE FÔRMA PARA ESCADAS, COM 1 LANCE E LAJE CASCATA, EM CHAPA DE MADEIRA COMPENSADA RESINADA, 4 UTILIZAÇÕES. AF_11/2020","M2","COEFICIENTE DE REPRESENTATIVIDADE",259.33,"CAIXA REFERENCIAL"]
["FUNDACOES E ESTRUTURAS","FUES","FORMAS/CIMBRAMENTOS/ESCORAMENTOS","0041","","",102050,"MONTAGEM E DESMONTAGEM DE FÔRMA PARA ESCADAS, COM 1 LANCE E LAJE CASCATA, EM CHAPA DE MADEIRA COMPENSADA PLASTIFICADA, 6 UTILIZAÇÕES. AF_11/2020","M2","COEFICIENTE DE REPRESENTATIVIDADE",225.56,"CAIXA REFERENCIAL"]
["FUNDACOES E ESTRUTURAS","FUES","FORMAS/CIMBRAMENTOS/ESCORAMENTOS","0041","","",102051,"MONTAGEM E DESMONTAGEM DE FÔRMA PARA ESCADAS, COM 1 LANCE E LAJE CASCATA, EM CHAPA DE MADEIRA COMPENSADA PLASTIFICADA, 8 UTILIZAÇÕES. AF_11/2020","M2","COEFICIENTE DE REPRESENTATIVIDADE",198.24,"CAIXA REFERENCIAL"]
["FUNDACOES E ESTRUTURAS","FUES","FORMAS/CIMBRAMENTOS/ESCORAMENTOS","0041","","",102052,"MONTAGEM E DESMONTAGEM DE FÔRMA PARA ESCADAS, COM 1 LANCE E LAJE CASCATA, EM CHAPA DE MADEIRA COMPENSADA PLASTIFICADA, 10 UTILIZAÇÕES. AF_11/2020","M2","COEFICIENTE DE REPRESENTATIVIDADE",183.06,"CAIXA REFERENCIAL"]
["FUNDACOES E ESTRUTURAS","FUES","FORMAS/CIMBRAMENTOS/ESCORAMENTOS","0041","","",102059,"MONTAGEM E DESMONTAGEM DE FÔRMA PARA ESCADA DUPLA COM 2 LANCES EM \"X\" E LAJE PLANA, EM MADEIRA SERRADA, 1 UTILIZAÇÃO. AF_11/2020","M2","COEFICIENTE DE REPRESENTATIVIDADE",480.42,"CAIXA REFERENCIAL"]
["FUNDACOES E ESTRUTURAS","FUES","FORMAS/CIMBRAMENTOS/ESCORAMENTOS","0041","","",102060,"MONTAGEM E DESMONTAGEM DE FÔRMA PARA ESCADA DUPLA COM 2 LANCES EM \"X\" E LAJE PLANA, EM MADEIRA SERRADA, 2 UTILIZAÇÕES. AF_11/2020","M2","COEFICIENTE DE REPRESENTATIVIDADE",405.52,"CAIXA REFERENCIAL"]
["FUNDACOES E ESTRUTURAS","FUES","FORMAS/CIMBRAMENTOS/ESCORAMENTOS","0041","","",102061,"MONTAGEM E DESMONTAGEM DE FÔRMA PARA ESCADA DUPLA COM 2 LANCES EM \"X\" E LAJE PLANA, EM CHAPA DE MADEIRA COMPENSADA RESINADA, 2 UTILIZAÇÕES. AF_11/2020","M2","COEFICIENTE DE REPRESENTATIVIDADE",295.69,"CAIXA REFERENCIAL"]
["FUNDACOES E ESTRUTURAS","FUES","FORMAS/CIMBRAMENTOS/ESCORAMENTOS","0041","","",102062,"MONTAGEM E DESMONTAGEM DE FÔRMA PARA ESCADA DUPLA COM 2 LANCES EM \"X\" E LAJE PLANA, EM CHAPA DE MADEIRA COMPENSADA RESINADA, 4 UTILIZAÇÕES. AF_11/2020","M2","COEFICIENTE DE REPRESENTATIVIDADE",281.62,"CAIXA REFERENCIAL"]
["FUNDACOES E ESTRUTURAS","FUES","FORMAS/CIMBRAMENTOS/ESCORAMENTOS","0041","","",102063,"MONTAGEM E DESMONTAGEM DE FÔRMA PARA ESCADA DUPLA COM 2 LANCES EM \"X\" E LAJE PLANA, EM CHAPA DE MADEIRA COMPENSADA PLASTIFICADA, 6 UTILIZAÇÕES. AF_11/2020","M2","COEFICIENTE DE REPRESENTATIVIDADE",240.03,"CAIXA REFERENCIAL"]
["FUNDACOES E ESTRUTURAS","FUES","FORMAS/CIMBRAMENTOS/ESCORAMENTOS","0041","","",102064,"MONTAGEM E DESMONTAGEM DE FÔRMA PARA ESCADA DUPLA COM 2 LANCES EM \"X\" E LAJE PLANA, EM CHAPA DE MADEIRA COMPENSADA PLASTIFICADA, 8 UTILIZAÇÕES. AF_11/2020","M2","COEFICIENTE DE REPRESENTATIVIDADE",212.5,"CAIXA REFERENCIAL"]
["FUNDACOES E ESTRUTURAS","FUES","FORMAS/CIMBRAMENTOS/ESCORAMENTOS","0041","","",102065,"MONTAGEM E DESMONTAGEM DE FÔRMA PARA ESCADA DUPLA COM 2 LANCES EM \"X\" E LAJE PLANA, EM CHAPA DE MADEIRA COMPENSADA PLASTIFICADA, 10 UTILIZAÇÕES. AF_11/2020","M2","COEFICIENTE DE REPRESENTATIVIDADE",197.24,"CAIXA REFERENCIAL"]
["FUNDACOES E ESTRUTURAS","FUES","FORMAS/CIMBRAMENTOS/ESCORAMENTOS","0041","","",102066,"MONTAGEM E DESMONTAGEM DE FÔRMA PARA ESCADA DUPLA COM 2 LANCES EM \"X\" E LAJE CASCATA, EM MADEIRA SERRADA, 1 UTILIZAÇÃO. AF_11/2020","M2","COEFICIENTE DE REPRESENTATIVIDADE",500.87,"CAIXA REFERENCIAL"]
["FUNDACOES E ESTRUTURAS","FUES","FORMAS/CIMBRAMENTOS/ESCORAMENTOS","0041","","",102067,"MONTAGEM E DESMONTAGEM DE FÔRMA PARA ESCADA DUPLA COM 2 LANCES EM \"X\" E LAJE CASCATA, EM MADEIRA SERRADA, 2 UTILIZAÇÕES. AF_11/2020","M2","COEFICIENTE DE REPRESENTATIVIDADE",431.18,"CAIXA REFERENCIAL"]
["FUNDACOES E ESTRUTURAS","FUES","FORMAS/CIMBRAMENTOS/ESCORAMENTOS","0041","","",102068,"MONTAGEM E DESMONTAGEM DE FÔRMA PARA ESCADA DUPLA COM 2 LANCES EM \"X\" E LAJE CASCATA, EM CHAPA DE MADEIRA COMPENSADA RESINADA, 2 UTILIZAÇÕES. AF_11/2020","M2","COEFICIENTE DE REPRESENTATIVIDADE",265.47000000000003,"CAIXA REFERENCIAL"]
["FUNDACOES E ESTRUTURAS","FUES","FORMAS/CIMBRAMENTOS/ESCORAMENTOS","0041","","",102069,"MONTAGEM E DESMONTAGEM DE FÔRMA PARA ESCADA DUPLA COM 2 LANCES EM \"X\" E LAJE CASCATA, EM CHAPA DE MADEIRA COMPENSADA RESINADA, 4 UTILIZAÇÕES. AF_11/2020","M2","COEFICIENTE DE REPRESENTATIVIDADE",250.01,"CAIXA REFERENCIAL"]
["FUNDACOES E ESTRUTURAS","FUES","FORMAS/CIMBRAMENTOS/ESCORAMENTOS","0041","","",102070,"MONTAGEM E DESMONTAGEM DE FÔRMA PARA ESCADA DUPLA COM 2 LANCES EM \"X\" E LAJE CASCATA, EM CHAPA DE MADEIRA COMPENSADA PLASTIFICADA, 6 UTILIZAÇÕES. AF_11/2020","M2","COEFICIENTE DE REPRESENTATIVIDADE",217.79,"CAIXA REFERENCIAL"]
["FUNDACOES E ESTRUTURAS","FUES","FORMAS/CIMBRAMENTOS/ESCORAMENTOS","0041","","",102071,"MONTAGEM E DESMONTAGEM DE FÔRMA PARA ESCADA DUPLA COM 2 LANCES EM \"X\" E LAJE CASCATA, EM CHAPA DE MADEIRA COMPENSADA PLASTIFICADA, 8 UTILIZAÇÕES. AF_11/2020","M2","COEFICIENTE DE REPRESENTATIVIDADE",192.37,"CAIXA REFERENCIAL"]
["FUNDACOES E ESTRUTURAS","FUES","FORMAS/CIMBRAMENTOS/ESCORAMENTOS","0041","","",102072,"MONTAGEM E DESMONTAGEM DE FÔRMA PARA ESCADA DUPLA COM 2 LANCES EM \"X\" E LAJE CASCATA, EM CHAPA DE MADEIRA COMPENSADA PLASTIFICADA, 10 UTILIZAÇÕES. AF_11/2020","M2","COEFICIENTE DE REPRESENTATIVIDADE",185.52,"CAIXA REFERENCIAL"]
["FUNDACOES E ESTRUTURAS","FUES","FORMAS/CIMBRAMENTOS/ESCORAMENTOS","0041","","",102073,"ESCADA EM CONCRETO ARMADO MOLDADO IN LOCO, FCK 25 MPA, COM 1 LANCE E LAJE PLANA, FÔRMA EM CHAPA DE MADEIRA COMPENSADA RESINADA. AF_11/2020_PA","M3","ATRIBUÍDO SÃO PAULO",3773.87,"CAIXA REFERENCIAL"]
["FUNDACOES E ESTRUTURAS","FUES","FORMAS/CIMBRAMENTOS/ESCORAMENTOS","0041","","",102074,"ESCADA EM CONCRETO ARMADO MOLDADO IN LOCO, FCK 25 MPA, COM 2 LANCES EM  U  E LAJE PLANA, FÔRMA EM CHAPA DE MADEIRA COMPENSADA RESINADA. AF_11/2020_PA","M3","ATRIBUÍDO SÃO PAULO",4574.42,"CAIXA REFERENCIAL"]
["FUNDACOES E ESTRUTURAS","FUES","FORMAS/CIMBRAMENTOS/ESCORAMENTOS","0041","","",102075,"ESCADA EM CONCRETO ARMADO MOLDADO IN LOCO, FCK 25 MPA, COM 2 LANCES EM  L  E LAJE PLANA, FÔRMA EM CHAPA DE MADEIRA COMPENSADA RESINADA. AF_11/2020_PA","M3","ATRIBUÍDO SÃO PAULO",4748.97,"CAIXA REFERENCIAL"]
["FUNDACOES E ESTRUTURAS","FUES","FORMAS/CIMBRAMENTOS/ESCORAMENTOS","0041","","",102076,"ESCADA EM CONCRETO ARMADO MOLDADO IN LOCO, FCK 25 MPA, COM 2 LANCES EM  X  E LAJE PLANA, FÔRMA EM CHAPA DE MADEIRA COMPENSADA RESINADA. AF_11/2020_PA","M3","ATRIBUÍDO SÃO PAULO",4899,"CAIXA REFERENCIAL"]
["FUNDACOES E ESTRUTURAS","FUES","FORMAS/CIMBRAMENTOS/ESCORAMENTOS","0041","","",102077,"ESCADA EM CONCRETO ARMADO MOLDADO IN LOCO, FCK 25 MPA, COM 1 LANCE E LAJE CASCATA, FÔRMA EM CHAPA DE MADEIRA COMPENSADA RESINADA. AF_11/2020_PA","M3","ATRIBUÍDO SÃO PAULO",5163.51,"CAIXA REFERENCIAL"]
["FUNDACOES E ESTRUTURAS","FUES","FORMAS/CIMBRAMENTOS/ESCORAMENTOS","0041","","",102078,"ESCADA EM CONCRETO ARMADO MOLDADO IN LOCO, FCK 25 MPA, COM 2 LANCES EM  U  E LAJE CASCATA, FÔRMA EM CHAPA DE MADEIRA COMPENSADA RESINADA. AF_11/2020_PA","M3","ATRIBUÍDO SÃO PAULO",5331.86,"CAIXA REFERENCIAL"]
["FUNDACOES E ESTRUTURAS","FUES","FORMAS/CIMBRAMENTOS/ESCORAMENTOS","0041","","",102079,"ESCADA EM CONCRETO ARMADO MOLDADO IN LOCO, FCK 25 MPA, COM 2 LANCES EM  L  E LAJE CASCATA, FÔRMA EM CHAPA DE MADEIRA COMPENSADA RESINADA. AF_11/2020_PA","M3","ATRIBUÍDO SÃO PAULO",5110.0600000000004,"CAIXA REFERENCIAL"]
["FUNDACOES E ESTRUTURAS","FUES","FORMAS/CIMBRAMENTOS/ESCORAMENTOS","0041","","",102080,"ESCADA EM CONCRETO ARMADO MOLDADO IN LOCO, FCK 25 MPA, COM 2 LANCES EM  X  E LAJE CASCATA, FÔRMA EM CHAPA DE MADEIRA COMPENSADA RESINADA. AF_11/2020_PA","M3","ATRIBUÍDO SÃO PAULO",4494.6099999999997,"CAIXA REFERENCIAL"]
["FUNDACOES E ESTRUTURAS","FUES","FORMAS/CIMBRAMENTOS/ESCORAMENTOS","0041","","",102086,"FABRICAÇÃO DE FÔRMA PARA ESCADA DUPLA COM 2 LANCES EM \"X\" E LAJE PLANA, EM CHAPA DE MADEIRA COMPENSADA PLASTIFICADA, E=18 MM. AF_11/2020","M2","COEFICIENTE DE REPRESENTATIVIDADE",212.05,"CAIXA REFERENCIAL"]
["FUNDACOES E ESTRUTURAS","FUES","FORMAS/CIMBRAMENTOS/ESCORAMENTOS","0041","","",102087,"FABRICAÇÃO DE FÔRMA PARA ESCADA DUPLA COM 2 LANCES EM \"X\" E LAJE PLANA, EM CHAPA DE MADEIRA COMPENSADA RESINADA, E= 17 MM. AF_11/2020","M2","COEFICIENTE DE REPRESENTATIVIDADE",169.69,"CAIXA REFERENCIAL"]
["FUNDACOES E ESTRUTURAS","FUES","FORMAS/CIMBRAMENTOS/ESCORAMENTOS","0041","","",102088,"FABRICAÇÃO DE FÔRMA PARA ESCADA DUPLA COM 2 LANCES EM \u0093X\u0094 E LAJE PLANA, EM MADEIRA SERRADA, E=25 MM. AF_11/2020","M2","COEFICIENTE DE REPRESENTATIVIDADE",244.41,"CAIXA REFERENCIAL"]
["FUNDACOES E ESTRUTURAS","FUES","FORMAS/CIMBRAMENTOS/ESCORAMENTOS","0041","","",102089,"FABRICAÇÃO DE FÔRMA PARA ESCADA DUPLA COM 2 LANCES EM \"X\" E LAJE CASCATA, EM CHAPA DE MADEIRA COMPENSADA PLASTIFICADA, E=18 MM. AF_11/2020","M2","COEFICIENTE DE REPRESENTATIVIDADE",192.85,"CAIXA REFERENCIAL"]
["FUNDACOES E ESTRUTURAS","FUES","FORMAS/CIMBRAMENTOS/ESCORAMENTOS","0041","","",102090,"FABRICAÇÃO DE FÔRMA PARA ESCADA DUPLA COM 2 LANCES EM \"X\" E LAJE CASCATA, EM CHAPA DE MADEIRA COMPENSADA RESINADA, E= 17 MM. AF_11/2020","M2","COEFICIENTE DE REPRESENTATIVIDADE",144.79,"CAIXA REFERENCIAL"]
["FUNDACOES E ESTRUTURAS","FUES","FORMAS/CIMBRAMENTOS/ESCORAMENTOS","0041","","",102091,"FABRICAÇÃO DE FÔRMA PARA ESCADA DUPLA COM 2 LANCES EM \u0093X\u0094 E LAJE CASCATA, EM MADEIRA SERRADA, E=25 MM. AF_11/2020","M2","COEFICIENTE DE REPRESENTATIVIDADE",282.85000000000002,"CAIXA REFERENCIAL"]
["FUNDACOES E ESTRUTURAS","FUES","FORMAS/CIMBRAMENTOS/ESCORAMENTOS","0041","","",103760,"MONTAGEM E DESMONTAGEM DE FÔRMA DE LAJE MACIÇA, PÉ-DIREITO SIMPLES, EM CHAPA DE MADEIRA COMPENSADA RESINADA E CIMBRAMENTO DE MADEIRA, 2 UTILIZAÇÕES. AF_03/2022","M2","COEFICIENTE DE REPRESENTATIVIDADE",119.27,"CAIXA REFERENCIAL"]
["FUNDACOES E ESTRUTURAS","FUES","FORMAS/CIMBRAMENTOS/ESCORAMENTOS","0041","","",103761,"MONTAGEM E DESMONTAGEM DE FÔRMA DE LAJE MACIÇA, PÉ-DIREITO SIMPLES, EM CHAPA DE MADEIRA COMPENSADA RESINADA E CIMBRAMENTO DE MADEIRA, 4 UTILIZAÇÕES. AF_03/2022","M2","COEFICIENTE DE REPRESENTATIVIDADE",80.099999999999994,"CAIXA REFERENCIAL"]
["FUNDACOES E ESTRUTURAS","FUES","FORMAS/CIMBRAMENTOS/ESCORAMENTOS","0041","","",103762,"MONTAGEM E DESMONTAGEM DE FÔRMA DE LAJE MACIÇA, PÉ-DIREITO SIMPLES, EM CHAPA DE MADEIRA COMPENSADA RESINADA E CIMBRAMENTO DE MADEIRA, 6 UTILIZAÇÕES. AF_03/2022","M2","COEFICIENTE DE REPRESENTATIVIDADE",68.27,"CAIXA REFERENCIAL"]
["FUNDACOES E ESTRUTURAS","FUES","FORMAS/CIMBRAMENTOS/ESCORAMENTOS","0041","","",103763,"MONTAGEM E DESMONTAGEM DE FÔRMA DE LAJE MACIÇA, PÉ-DIREITO SIMPLES, EM CHAPA DE MADEIRA COMPENSADA RESINADA E CIMBRAMENTO DE MADEIRA, 8 UTILIZAÇÕES. AF_03/2022","M2","COEFICIENTE DE REPRESENTATIVIDADE",60.09,"CAIXA REFERENCIAL"]
["FUNDACOES E ESTRUTURAS","FUES","FORMAS/CIMBRAMENTOS/ESCORAMENTOS","0041","","",104925,"FABRICAÇÃO, MONTAGEM E DESMONTAGEM DE FÔRMA PARA SAPATA CORRIDA, EM MADEIRA SERRADA, E=25 MM, 1 UTILIZAÇÃO. AF_01/2024","M2","COEFICIENTE DE REPRESENTATIVIDADE",177.87,"CAIXA REFERENCIAL"]
["FUNDACOES E ESTRUTURAS","FUES","FORMAS/CIMBRAMENTOS/ESCORAMENTOS","0041","","",104926,"FABRICAÇÃO, MONTAGEM E DESMONTAGEM DE FÔRMA PARA SAPATA CORRIDA, EM MADEIRA SERRADA, E=25 MM, 2 UTILIZAÇÕES. AF_01/2024","M2","COEFICIENTE DE REPRESENTATIVIDADE",109.75,"CAIXA REFERENCIAL"]
["FUNDACOES E ESTRUTURAS","FUES","FORMAS/CIMBRAMENTOS/ESCORAMENTOS","0041","","",104927,"FABRICAÇÃO, MONTAGEM E DESMONTAGEM DE FÔRMA PARA SAPATA CORRIDA, EM MADEIRA SERRADA, E=25 MM, 4 UTILIZAÇÕES. AF_01/2024","M2","COEFICIENTE DE REPRESENTATIVIDADE",74.34,"CAIXA REFERENCIAL"]
["FUNDACOES E ESTRUTURAS","FUES","FORMAS/CIMBRAMENTOS/ESCORAMENTOS","0041","","",104928,"FABRICAÇÃO, MONTAGEM E DESMONTAGEM DE FÔRMA PARA SAPATA CORRIDA, EM CHAPA DE MADEIRA COMPENSADA RESINADA, E=17 MM, 2 UTILIZAÇÕES. AF_01/2024","M2","COEFICIENTE DE REPRESENTATIVIDADE",145.24,"CAIXA REFERENCIAL"]
["FUNDACOES E ESTRUTURAS","FUES","FORMAS/CIMBRAMENTOS/ESCORAMENTOS","0041","","",104929,"FABRICAÇÃO, MONTAGEM E DESMONTAGEM DE FÔRMA PARA SAPATA CORRIDA, EM CHAPA DE MADEIRA COMPENSADA RESINADA, E=17 MM, 4 UTILIZAÇÕES. AF_01/2024","M2","COEFICIENTE DE REPRESENTATIVIDADE",87.79,"CAIXA REFERENCIAL"]
["FUNDACOES E ESTRUTURAS","FUES","ARMADURAS","0042","","",89996,"ARMAÇÃO VERTICAL DE ALVENARIA ESTRUTURAL; DIÂMETRO DE 10,0 MM. AF_09/2021","KG","COEFICIENTE DE REPRESENTATIVIDADE",11.85,"CAIXA REFERENCIAL"]
["FUNDACOES E ESTRUTURAS","FUES","ARMADURAS","0042","","",89997,"ARMAÇÃO VERTICAL DE ALVENARIA ESTRUTURAL; DIÂMETRO DE 12,5 MM. AF_09/2021","KG","COEFICIENTE DE REPRESENTATIVIDADE",9.7200000000000006,"CAIXA REFERENCIAL"]
["FUNDACOES E ESTRUTURAS","FUES","ARMADURAS","0042","","",89998,"ARMAÇÃO DE CINTA DE ALVENARIA ESTRUTURAL; DIÂMETRO DE 10,0 MM. AF_09/2021","KG","COEFICIENTE DE REPRESENTATIVIDADE",11.35,"CAIXA REFERENCIAL"]
["FUNDACOES E ESTRUTURAS","FUES","ARMADURAS","0042","","",89999,"ARMAÇÃO DE VERGA E CONTRAVERGA DE ALVENARIA ESTRUTURAL; DIÂMETRO DE 8,0 MM. AF_09/2021","KG","COEFICIENTE DE REPRESENTATIVIDADE",17.059999999999999,"CAIXA REFERENCIAL"]
["FUNDACOES E ESTRUTURAS","FUES","ARMADURAS","0042","","",90000,"ARMAÇÃO DE VERGA E CONTRAVERGA DE ALVENARIA ESTRUTURAL; DIÂMETRO DE 10,0 MM. AF_09/2021","KG","COEFICIENTE DE REPRESENTATIVIDADE",13.94,"CAIXA REFERENCIAL"]
["FUNDACOES E ESTRUTURAS","FUES","ARMADURAS","0042","","",91593,"ARMAÇÃO DO SISTEMA DE PAREDES DE CONCRETO, EXECUTADA EM PAREDES DE EDIFICAÇÕES DE MÚLTIPLOS PAVIMENTOS, TELA Q-138. AF_06/2019","KG","COEFICIENTE DE REPRESENTATIVIDADE",9.89,"CAIXA REFERENCIAL"]
["FUNDACOES E ESTRUTURAS","FUES","ARMADURAS","0042","","",91594,"ARMAÇÃO DO SISTEMA DE PAREDES DE CONCRETO, EXECUTADA EM PAREDES DE EDIFICAÇÕES TÉRREAS OU DE MÚLTIPLOS PAVIMENTOS, TELA Q-92. AF_06/2019","KG","COEFICIENTE DE REPRESENTATIVIDADE",10.28,"CAIXA REFERENCIAL"]
["FUNDACOES E ESTRUTURAS","FUES","ARMADURAS","0042","","",91595,"ARMAÇÃO DO SISTEMA DE PAREDES DE CONCRETO, EXECUTADA EM PAREDES DE EDIFICAÇÕES TÉRREAS, TELA Q-61. AF_06/2019","KG","COEFICIENTE DE REPRESENTATIVIDADE",10.96,"CAIXA REFERENCIAL"]
["FUNDACOES E ESTRUTURAS","FUES","ARMADURAS","0042","","",91596,"ARMAÇÃO DO SISTEMA DE PAREDES DE CONCRETO, EXECUTADA COMO ARMADURA POSITIVA DE LAJES, TELA Q-138. AF_06/2019","KG","COEFICIENTE DE REPRESENTATIVIDADE",10.19,"CAIXA REFERENCIAL"]
["FUNDACOES E ESTRUTURAS","FUES","ARMADURAS","0042","","",91597,"ARMAÇÃO DO SISTEMA DE PAREDES DE CONCRETO, EXECUTADA COMO ARMADURA NEGATIVA DE LAJES, TELA T-196. AF_06/2019","KG","COEFICIENTE DE REPRESENTATIVIDADE",7.28,"CAIXA REFERENCIAL"]
["FUNDACOES E ESTRUTURAS","FUES","ARMADURAS","0042","","",91598,"ARMAÇÃO DO SISTEMA DE PAREDES DE CONCRETO, EXECUTADA COMO ARMADURA POSITIVA DE LAJES, TELA Q-113. AF_06/2019","KG","COEFICIENTE DE REPRESENTATIVIDADE",10.029999999999999,"CAIXA REFERENCIAL"]
["FUNDACOES E ESTRUTURAS","FUES","ARMADURAS","0042","","",91599,"ARMAÇÃO DO SISTEMA DE PAREDES DE CONCRETO, EXECUTADA COMO ARMADURA NEGATIVA DE LAJES, TELA L-159. AF_06/2019","KG","COEFICIENTE DE REPRESENTATIVIDADE",7.64,"CAIXA REFERENCIAL"]
["FUNDACOES E ESTRUTURAS","FUES","ARMADURAS","0042","","",91600,"ARMAÇÃO DO SISTEMA DE PAREDES DE CONCRETO, EXECUTADA EM PLATIBANDAS, TELA Q-92. AF_06/2019","KG","COEFICIENTE DE REPRESENTATIVIDADE",12.61,"CAIXA REFERENCIAL"]
["FUNDACOES E ESTRUTURAS","FUES","ARMADURAS","0042","","",91601,"ARMAÇÃO DO SISTEMA DE PAREDES DE CONCRETO, EXECUTADA COMO REFORÇO, VERGALHÃO DE 6,3 MM DE DIÂMETRO. AF_06/2019","KG","COEFICIENTE DE REPRESENTATIVIDADE",13.74,"CAIXA REFERENCIAL"]
["FUNDACOES E ESTRUTURAS","FUES","ARMADURAS","0042","","",91602,"ARMAÇÃO DO SISTEMA DE PAREDES DE CONCRETO, EXECUTADA COMO REFORÇO, VERGALHÃO DE 8,0 MM DE DIÂMETRO. AF_06/2019","KG","COEFICIENTE DE REPRESENTATIVIDADE",12.82,"CAIXA REFERENCIAL"]
["FUNDACOES E ESTRUTURAS","FUES","ARMADURAS","0042","","",91603,"ARMAÇÃO DO SISTEMA DE PAREDES DE CONCRETO, EXECUTADA COMO REFORÇO, VERGALHÃO DE 10,0 MM DE DIÂMETRO. AF_06/2019","KG","COEFICIENTE DE REPRESENTATIVIDADE",12.09,"CAIXA REFERENCIAL"]
["FUNDACOES E ESTRUTURAS","FUES","ARMADURAS","0042","","",92759,"ARMAÇÃO DE PILAR OU VIGA DE ESTRUTURA CONVENCIONAL DE CONCRETO ARMADO UTILIZANDO AÇO CA-60 DE 5,0 MM - MONTAGEM. AF_06/2022","KG","COEFICIENTE DE REPRESENTATIVIDADE",15.02,"CAIXA REFERENCIAL"]
["FUNDACOES E ESTRUTURAS","FUES","ARMADURAS","0042","","",92760,"ARMAÇÃO DE PILAR OU VIGA DE ESTRUTURA CONVENCIONAL DE CONCRETO ARMADO UTILIZANDO AÇO CA-50 DE 6,3 MM - MONTAGEM. AF_06/2022","KG","COEFICIENTE DE REPRESENTATIVIDADE",14.49,"CAIXA REFERENCIAL"]
["FUNDACOES E ESTRUTURAS","FUES","ARMADURAS","0042","","",92761,"ARMAÇÃO DE PILAR OU VIGA DE ESTRUTURA CONVENCIONAL DE CONCRETO ARMADO UTILIZANDO AÇO CA-50 DE 8,0 MM - MONTAGEM. AF_06/2022","KG","COEFICIENTE DE REPRESENTATIVIDADE",13.83,"CAIXA REFERENCIAL"]
["FUNDACOES E ESTRUTURAS","FUES","ARMADURAS","0042","","",92762,"ARMAÇÃO DE PILAR OU VIGA DE ESTRUTURA CONVENCIONAL DE CONCRETO ARMADO UTILIZANDO AÇO CA-50 DE 10,0 MM - MONTAGEM. AF_06/2022","KG","COEFICIENTE DE REPRESENTATIVIDADE",12.44,"CAIXA REFERENCIAL"]
["FUNDACOES E ESTRUTURAS","FUES","ARMADURAS","0042","","",92763,"ARMAÇÃO DE PILAR OU VIGA DE ESTRUTURA CONVENCIONAL DE CONCRETO ARMADO UTILIZANDO AÇO CA-50 DE 12,5 MM - MONTAGEM. AF_06/2022","KG","COEFICIENTE DE REPRESENTATIVIDADE",10.51,"CAIXA REFERENCIAL"]
["FUNDACOES E ESTRUTURAS","FUES","ARMADURAS","0042","","",92764,"ARMAÇÃO DE PILAR OU VIGA DE ESTRUTURA CONVENCIONAL DE CONCRETO ARMADO UTILIZANDO AÇO CA-50 DE 16,0 MM - MONTAGEM. AF_06/2022","KG","COEFICIENTE DE REPRESENTATIVIDADE",10.23,"CAIXA REFERENCIAL"]
["FUNDACOES E ESTRUTURAS","FUES","ARMADURAS","0042","","",92765,"ARMAÇÃO DE PILAR OU VIGA DE ESTRUTURA CONVENCIONAL DE CONCRETO ARMADO UTILIZANDO AÇO CA-50 DE 20,0 MM - MONTAGEM. AF_06/2022","KG","COEFICIENTE DE REPRESENTATIVIDADE",11.76,"CAIXA REFERENCIAL"]
["FUNDACOES E ESTRUTURAS","FUES","ARMADURAS","0042","","",92766,"ARMAÇÃO DE PILAR OU VIGA DE ESTRUTURA CONVENCIONAL DE CONCRETO ARMADO UTILIZANDO AÇO CA-50 DE 25,0 MM - MONTAGEM. AF_06/2022","KG","COEFICIENTE DE REPRESENTATIVIDADE",11.64,"CAIXA REFERENCIAL"]
["FUNDACOES E ESTRUTURAS","FUES","ARMADURAS","0042","","",92767,"ARMAÇÃO DE LAJE DE ESTRUTURA CONVENCIONAL DE CONCRETO ARMADO UTILIZANDO AÇO CA-60 DE 4,2 MM - MONTAGEM. AF_06/2022","KG","COEFICIENTE DE REPRESENTATIVIDADE",16.28,"CAIXA REFERENCIAL"]
["FUNDACOES E ESTRUTURAS","FUES","ARMADURAS","0042","","",92768,"ARMAÇÃO DE LAJE DE ESTRUTURA CONVENCIONAL DE CONCRETO ARMADO UTILIZANDO AÇO CA-60 DE 5,0 MM - MONTAGEM. AF_06/2022","KG","COEFICIENTE DE REPRESENTATIVIDADE",14.52,"CAIXA REFERENCIAL"]
["FUNDACOES E ESTRUTURAS","FUES","ARMADURAS","0042","","",92769,"ARMAÇÃO DE LAJE DE ESTRUTURA CONVENCIONAL DE CONCRETO ARMADO UTILIZANDO AÇO CA-50 DE 6,3 MM - MONTAGEM. AF_06/2022","KG","COEFICIENTE DE REPRESENTATIVIDADE",13.99,"CAIXA REFERENCIAL"]
["FUNDACOES E ESTRUTURAS","FUES","ARMADURAS","0042","","",92770,"ARMAÇÃO DE LAJE DE ESTRUTURA CONVENCIONAL DE CONCRETO ARMADO UTILIZANDO AÇO CA-50 DE 8,0 MM - MONTAGEM. AF_06/2022","KG","COEFICIENTE DE REPRESENTATIVIDADE",13.37,"CAIXA REFERENCIAL"]
["FUNDACOES E ESTRUTURAS","FUES","ARMADURAS","0042","","",92771,"ARMAÇÃO DE LAJE DE ESTRUTURA CONVENCIONAL DE CONCRETO ARMADO UTILIZANDO AÇO CA-50 DE 10,0 MM - MONTAGEM. AF_06/2022","KG","COEFICIENTE DE REPRESENTATIVIDADE",12.03,"CAIXA REFERENCIAL"]
["FUNDACOES E ESTRUTURAS","FUES","ARMADURAS","0042","","",92772,"ARMAÇÃO DE LAJE DE ESTRUTURA CONVENCIONAL DE CONCRETO ARMADO UTILIZANDO AÇO CA-50 DE 12,5 MM - MONTAGEM. AF_06/2022","KG","COEFICIENTE DE REPRESENTATIVIDADE",10.15,"CAIXA REFERENCIAL"]
["FUNDACOES E ESTRUTURAS","FUES","ARMADURAS","0042","","",92773,"ARMAÇÃO DE LAJE DE ESTRUTURA CONVENCIONAL DE CONCRETO ARMADO UTILIZANDO AÇO CA-50 DE 16,0 MM - MONTAGEM. AF_06/2022","KG","COEFICIENTE DE REPRESENTATIVIDADE",10,"CAIXA REFERENCIAL"]
["FUNDACOES E ESTRUTURAS","FUES","ARMADURAS","0042","","",92774,"ARMAÇÃO DE LAJE DE ESTRUTURA CONVENCIONAL DE CONCRETO ARMADO UTILIZANDO AÇO CA-50 DE 20,0 MM - MONTAGEM. AF_06/2022","KG","COEFICIENTE DE REPRESENTATIVIDADE",11.61,"CAIXA REFERENCIAL"]
["FUNDACOES E ESTRUTURAS","FUES","ARMADURAS","0042","","",92798,"CORTE E DOBRA DE AÇO CA-50, DIÂMETRO DE 25,0 MM. AF_06/2022","KG","COEFICIENTE DE REPRESENTATIVIDADE",10.77,"CAIXA REFERENCIAL"]
["FUNDACOES E ESTRUTURAS","FUES","ARMADURAS","0042","","",92799,"CORTE E DOBRA DE AÇO CA-60, DIÂMETRO DE 4,2 MM. AF_06/2022","KG","COEFICIENTE DE REPRESENTATIVIDADE",12.23,"CAIXA REFERENCIAL"]
["FUNDACOES E ESTRUTURAS","FUES","ARMADURAS","0042","","",92800,"CORTE E DOBRA DE AÇO CA-60, DIÂMETRO DE 5,0 MM. AF_06/2022","KG","COEFICIENTE DE REPRESENTATIVIDADE",11.22,"CAIXA REFERENCIAL"]
["FUNDACOES E ESTRUTURAS","FUES","ARMADURAS","0042","","",92801,"CORTE E DOBRA DE AÇO CA-50, DIÂMETRO DE 6,3 MM. AF_06/2022","KG","COEFICIENTE DE REPRESENTATIVIDADE",11.53,"CAIXA REFERENCIAL"]
["FUNDACOES E ESTRUTURAS","FUES","ARMADURAS","0042","","",92802,"CORTE E DOBRA DE AÇO CA-50, DIÂMETRO DE 8,0 MM. AF_06/2022","KG","COEFICIENTE DE REPRESENTATIVIDADE",11.57,"CAIXA REFERENCIAL"]
["FUNDACOES E ESTRUTURAS","FUES","ARMADURAS","0042","","",92803,"CORTE E DOBRA DE AÇO CA-50, DIÂMETRO DE 10,0 MM. AF_06/2022","KG","COEFICIENTE DE REPRESENTATIVIDADE",10.71,"CAIXA REFERENCIAL"]
["FUNDACOES E ESTRUTURAS","FUES","ARMADURAS","0042","","",92804,"CORTE E DOBRA DE AÇO CA-50, DIÂMETRO DE 12,5 MM. AF_06/2022","KG","COEFICIENTE DE REPRESENTATIVIDADE",9.1999999999999993,"CAIXA REFERENCIAL"]
["FUNDACOES E ESTRUTURAS","FUES","ARMADURAS","0042","","",92805,"CORTE E DOBRA DE AÇO CA-50, DIÂMETRO DE 16,0 MM. AF_06/2022","KG","COEFICIENTE DE REPRESENTATIVIDADE",9.1300000000000008,"CAIXA REFERENCIAL"]
["FUNDACOES E ESTRUTURAS","FUES","ARMADURAS","0042","","",92806,"CORTE E DOBRA DE AÇO CA-50, DIÂMETRO DE 20,0 MM. AF_06/2022","KG","COEFICIENTE DE REPRESENTATIVIDADE",10.78,"CAIXA REFERENCIAL"]
["FUNDACOES E ESTRUTURAS","FUES","ARMADURAS","0042","","",92875,"CORTE E DOBRA DE AÇO CA-25, DIÂMETRO DE 6,3 MM. AF_06/2022","KG","COEFICIENTE DE REPRESENTATIVIDADE",10.87,"CAIXA REFERENCIAL"]
["FUNDACOES E ESTRUTURAS","FUES","ARMADURAS","0042","","",92876,"CORTE E DOBRA DE AÇO CA-25, DIÂMETRO DE 8,0 MM. AF_06/2022","KG","COEFICIENTE DE REPRESENTATIVIDADE",10.67,"CAIXA REFERENCIAL"]
["FUNDACOES E ESTRUTURAS","FUES","ARMADURAS","0042","","",92877,"CORTE E DOBRA DE AÇO CA-25, DIÂMETRO DE 10,0 MM. AF_06/2022","KG","COEFICIENTE DE REPRESENTATIVIDADE",11.6,"CAIXA REFERENCIAL"]
["FUNDACOES E ESTRUTURAS","FUES","ARMADURAS","0042","","",92878,"CORTE E DOBRA DE AÇO CA-25, DIÂMETRO DE 12,5 MM. AF_06/2022","KG","COEFICIENTE DE REPRESENTATIVIDADE",11.45,"CAIXA REFERENCIAL"]
["FUNDACOES E ESTRUTURAS","FUES","ARMADURAS","0042","","",92879,"CORTE E DOBRA DE AÇO CA-25, DIÂMETRO DE 16,0 MM. AF_06/2022","KG","COEFICIENTE DE REPRESENTATIVIDADE",11.35,"CAIXA REFERENCIAL"]
["FUNDACOES E ESTRUTURAS","FUES","ARMADURAS","0042","","",92880,"CORTE E DOBRA DE AÇO CA-25, DIÂMETRO DE 20,0 MM. AF_06/2022","KG","COEFICIENTE DE REPRESENTATIVIDADE",11.62,"CAIXA REFERENCIAL"]
["FUNDACOES E ESTRUTURAS","FUES","ARMADURAS","0042","","",92881,"CORTE E DOBRA DE AÇO CA-25, DIÂMETRO DE 25,0 MM. AF_06/2022","KG","COEFICIENTE DE REPRESENTATIVIDADE",11.59,"CAIXA REFERENCIAL"]
["FUNDACOES E ESTRUTURAS","FUES","ARMADURAS","0042","","",92882,"ARMAÇÃO UTILIZANDO AÇO CA-25 DE 6,3 MM - MONTAGEM. AF_06/2022","KG","COEFICIENTE DE REPRESENTATIVIDADE",14.28,"CAIXA REFERENCIAL"]
["FUNDACOES E ESTRUTURAS","FUES","ARMADURAS","0042","","",92883,"ARMAÇÃO UTILIZANDO AÇO CA-25 DE 8,0 MM - MONTAGEM. AF_06/2022","KG","COEFICIENTE DE REPRESENTATIVIDADE",13.35,"CAIXA REFERENCIAL"]
["FUNDACOES E ESTRUTURAS","FUES","ARMADURAS","0042","","",92884,"ARMAÇÃO UTILIZANDO AÇO CA-25 DE 10,0 MM - MONTAGEM. AF_06/2022","KG","COEFICIENTE DE REPRESENTATIVIDADE",13.73,"CAIXA REFERENCIAL"]
["FUNDACOES E ESTRUTURAS","FUES","ARMADURAS","0042","","",92885,"ARMAÇÃO UTILIZANDO AÇO CA-25 DE 12,5 MM - MONTAGEM. AF_06/2022","KG","COEFICIENTE DE REPRESENTATIVIDADE",13.14,"CAIXA REFERENCIAL"]
["FUNDACOES E ESTRUTURAS","FUES","ARMADURAS","0042","","",92886,"ARMAÇÃO UTILIZANDO AÇO CA-25 DE 16,0 MM - MONTAGEM. AF_06/2022","KG","COEFICIENTE DE REPRESENTATIVIDADE",12.65,"CAIXA REFERENCIAL"]
["FUNDACOES E ESTRUTURAS","FUES","ARMADURAS","0042","","",92887,"ARMAÇÃO UTILIZANDO AÇO CA-25 DE 20,0 MM - MONTAGEM. AF_06/2022","KG","COEFICIENTE DE REPRESENTATIVIDADE",12.65,"CAIXA REFERENCIAL"]
["FUNDACOES E ESTRUTURAS","FUES","ARMADURAS","0042","","",92888,"ARMAÇÃO UTILIZANDO AÇO CA-25 DE 25,0 MM - MONTAGEM. AF_06/2022","KG","COEFICIENTE DE REPRESENTATIVIDADE",12.4,"CAIXA REFERENCIAL"]
["FUNDACOES E ESTRUTURAS","FUES","ARMADURAS","0042","","",92915,"ARMAÇÃO DE ESTRUTURAS DIVERSAS DE CONCRETO ARMADO, EXCETO VIGAS, PILARES, LAJES E FUNDAÇÕES, UTILIZANDO AÇO CA-60 DE 5,0 MM - MONTAGEM. AF_06/2022","KG","COEFICIENTE DE REPRESENTATIVIDADE",17.489999999999998,"CAIXA REFERENCIAL"]
["FUNDACOES E ESTRUTURAS","FUES","ARMADURAS","0042","","",92916,"ARMAÇÃO DE ESTRUTURAS DIVERSAS DE CONCRETO ARMADO, EXCETO VIGAS, PILARES, LAJES E FUNDAÇÕES, UTILIZANDO AÇO CA-50 DE 6,3 MM - MONTAGEM. AF_06/2022","KG","COEFICIENTE DE REPRESENTATIVIDADE",16.32,"CAIXA REFERENCIAL"]
["FUNDACOES E ESTRUTURAS","FUES","ARMADURAS","0042","","",92917,"ARMAÇÃO DE ESTRUTURAS DIVERSAS DE CONCRETO ARMADO, EXCETO VIGAS, PILARES, LAJES E FUNDAÇÕES, UTILIZANDO AÇO CA-50 DE 8,0 MM - MONTAGEM. AF_06/2022","KG","COEFICIENTE DE REPRESENTATIVIDADE",15.14,"CAIXA REFERENCIAL"]
["FUNDACOES E ESTRUTURAS","FUES","ARMADURAS","0042","","",92919,"ARMAÇÃO DE ESTRUTURAS DIVERSAS DE CONCRETO ARMADO, EXCETO VIGAS, PILARES, LAJES E FUNDAÇÕES, UTILIZANDO AÇO CA-50 DE 10,0 MM - MONTAGEM. AF_06/2022","KG","COEFICIENTE DE REPRESENTATIVIDADE",13.35,"CAIXA REFERENCIAL"]
["FUNDACOES E ESTRUTURAS","FUES","ARMADURAS","0042","","",92921,"ARMAÇÃO DE ESTRUTURAS DIVERSAS DE CONCRETO ARMADO, EXCETO VIGAS, PILARES, LAJES E FUNDAÇÕES, UTILIZANDO AÇO CA-50 DE 12,5 MM - MONTAGEM. AF_06/2022","KG","COEFICIENTE DE REPRESENTATIVIDADE",11.12,"CAIXA REFERENCIAL"]
["FUNDACOES E ESTRUTURAS","FUES","ARMADURAS","0042","","",92922,"ARMAÇÃO DE ESTRUTURAS DIVERSAS DE CONCRETO ARMADO, EXCETO VIGAS, PILARES, LAJES E FUNDAÇÕES, UTILIZANDO AÇO CA-50 DE 16,0 MM - MONTAGEM. AF_06/2022","KG","COEFICIENTE DE REPRESENTATIVIDADE",10.69,"CAIXA REFERENCIAL"]
["FUNDACOES E ESTRUTURAS","FUES","ARMADURAS","0042","","",92923,"ARMAÇÃO DE ESTRUTURAS DIVERSAS DE CONCRETO ARMADO, EXCETO VIGAS, PILARES, LAJES E FUNDAÇÕES, UTILIZANDO AÇO CA-50 DE 20,0 MM - MONTAGEM. AF_06/2022","KG","COEFICIENTE DE REPRESENTATIVIDADE",12.11,"CAIXA REFERENCIAL"]
["FUNDACOES E ESTRUTURAS","FUES","ARMADURAS","0042","","",92924,"ARMAÇÃO DE ESTRUTURAS DIVERSAS DE CONCRETO ARMADO, EXCETO VIGAS, PILARES, LAJES E FUNDAÇÕES, UTILIZANDO AÇO CA-50 DE 25,0 MM - MONTAGEM. AF_06/2022","KG","COEFICIENTE DE REPRESENTATIVIDADE",11.91,"CAIXA REFERENCIAL"]
["FUNDACOES E ESTRUTURAS","FUES","ARMADURAS","0042","","",95448,"CORTE E DOBRA DE AÇO CA-50, DIÂMERO DE 32 MM. AF_06/2022","KG","COEFICIENTE DE REPRESENTATIVIDADE",11.82,"CAIXA REFERENCIAL"]
["FUNDACOES E ESTRUTURAS","FUES","ARMADURAS","0042","","",95576,"MONTAGEM DE ARMADURA DE ESTACAS, DIÂMETRO = 8,0 MM. AF_09/2021_PS","KG","COEFICIENTE DE REPRESENTATIVIDADE",14.01,"CAIXA REFERENCIAL"]
["FUNDACOES E ESTRUTURAS","FUES","ARMADURAS","0042","","",95577,"MONTAGEM DE ARMADURA DE ESTACAS, DIÂMETRO = 10,0 MM. AF_09/2021_PS","KG","COEFICIENTE DE REPRESENTATIVIDADE",12.11,"CAIXA REFERENCIAL"]
["FUNDACOES E ESTRUTURAS","FUES","ARMADURAS","0042","","",95578,"MONTAGEM DE ARMADURA DE ESTACAS, DIÂMETRO = 12,5 MM. AF_09/2021_PS","KG","COEFICIENTE DE REPRESENTATIVIDADE",10.16,"CAIXA REFERENCIAL"]
["FUNDACOES E ESTRUTURAS","FUES","ARMADURAS","0042","","",95579,"MONTAGEM DE ARMADURA DE ESTACAS, DIÂMETRO = 16,0 MM. AF_09/2021_PS","KG","COEFICIENTE DE REPRESENTATIVIDADE",9.8800000000000008,"CAIXA REFERENCIAL"]
["FUNDACOES E ESTRUTURAS","FUES","ARMADURAS","0042","","",95580,"MONTAGEM DE ARMADURA DE ESTACAS, DIÂMETRO = 20,0 MM. AF_09/2021_PS","KG","COEFICIENTE DE REPRESENTATIVIDADE",11.46,"CAIXA REFERENCIAL"]
["FUNDACOES E ESTRUTURAS","FUES","ARMADURAS","0042","","",95581,"MONTAGEM DE ARMADURA DE ESTACAS, DIÂMETRO = 25,0 MM. AF_09/2021_PS","KG","COEFICIENTE DE REPRESENTATIVIDADE",11.41,"CAIXA REFERENCIAL"]
["FUNDACOES E ESTRUTURAS","FUES","ARMADURAS","0042","","",95582,"MONTAGEM DE ARMADURA DE ESTACAS, DIÂMETRO = 32,0 MM. AF_09/2021_PS","KG","COEFICIENTE DE REPRESENTATIVIDADE",12.45,"CAIXA REFERENCIAL"]
["FUNDACOES E ESTRUTURAS","FUES","ARMADURAS","0042","","",95583,"MONTAGEM DE ARMADURA TRANSVERSAL DE ESTACAS DE SEÇÃO CIRCULAR, DIÂMETRO = 5,0 MM. AF_09/2021_PS","KG","COEFICIENTE DE REPRESENTATIVIDADE",16.7,"CAIXA REFERENCIAL"]
["FUNDACOES E ESTRUTURAS","FUES","ARMADURAS","0042","","",95584,"MONTAGEM DE ARMADURA TRANSVERSAL DE ESTACAS DE SEÇÃO CIRCULAR, DIÂMETRO = 6,30 MM. AF_09/2021_PS","KG","COEFICIENTE DE REPRESENTATIVIDADE",15.18,"CAIXA REFERENCIAL"]
["FUNDACOES E ESTRUTURAS","FUES","ARMADURAS","0042","","",95592,"MONTAGEM DE ARMADURA TRANVERSAL DE ESTACAS DE SEÇÃO RETANGULAR, DIÂMETRO = 5,0 MM. AF_09/2021_PS","KG","COEFICIENTE DE REPRESENTATIVIDADE",16.7,"CAIXA REFERENCIAL"]
["FUNDACOES E ESTRUTURAS","FUES","ARMADURAS","0042","","",95593,"MONTAGEM DE ARMADURA TRANSVERSAL DE ESTACAS DE SEÇÃO RETANGULAR, DIÂMETRO = 6,30 MM. AF_09/2021_PS","KG","COEFICIENTE DE REPRESENTATIVIDADE",15.18,"CAIXA REFERENCIAL"]
["FUNDACOES E ESTRUTURAS","FUES","ARMADURAS","0042","","",95943,"ARMAÇÃO DE ESCADA, DE UMA ESTRUTURA CONVENCIONAL DE CONCRETO ARMADO UTILIZANDO AÇO CA-60 DE 5,0 MM - MONTAGEM. AF_11/2020","KG","COEFICIENTE DE REPRESENTATIVIDADE",22.38,"CAIXA REFERENCIAL"]
["FUNDACOES E ESTRUTURAS","FUES","ARMADURAS","0042","","",95944,"ARMAÇÃO DE ESCADA, DE UMA ESTRUTURA CONVENCIONAL DE CONCRETO ARMADO UTILIZANDO AÇO CA-50 DE 6,3 MM - MONTAGEM. AF_11/2020","KG","COEFICIENTE DE REPRESENTATIVIDADE",20.68,"CAIXA REFERENCIAL"]
["FUNDACOES E ESTRUTURAS","FUES","ARMADURAS","0042","","",95945,"ARMAÇÃO DE ESCADA, DE UMA ESTRUTURA CONVENCIONAL DE CONCRETO ARMADO UTILIZANDO AÇO CA-50 DE 8,0 MM - MONTAGEM. AF_11/2020","KG","COEFICIENTE DE REPRESENTATIVIDADE",17.21,"CAIXA REFERENCIAL"]
["FUNDACOES E ESTRUTURAS","FUES","ARMADURAS","0042","","",95946,"ARMAÇÃO DE ESCADA, DE UMA ESTRUTURA CONVENCIONAL DE CONCRETO ARMADO UTILIZANDO AÇO CA-50 DE 10,0 MM - MONTAGEM. AF_11/2020","KG","COEFICIENTE DE REPRESENTATIVIDADE",13.99,"CAIXA REFERENCIAL"]
["FUNDACOES E ESTRUTURAS","FUES","ARMADURAS","0042","","",95947,"ARMAÇÃO DE ESCADA, DE UMA ESTRUTURA CONVENCIONAL DE CONCRETO ARMADO UTILIZANDO AÇO CA-50 DE 12,5 MM - MONTAGEM. AF_11/2020","KG","COEFICIENTE DE REPRESENTATIVIDADE",10.98,"CAIXA REFERENCIAL"]
["FUNDACOES E ESTRUTURAS","FUES","ARMADURAS","0042","","",95948,"ARMAÇÃO DE ESCADA, DE UMA ESTRUTURA CONVENCIONAL DE CONCRETO ARMADO UTILIZANDO AÇO CA-50 DE 16,0 MM - MONTAGEM. AF_11/2020","KG","COEFICIENTE DE REPRESENTATIVIDADE",9.8699999999999992,"CAIXA REFERENCIAL"]
["FUNDACOES E ESTRUTURAS","FUES","ARMADURAS","0042","","",96544,"ARMAÇÃO DE BLOCO UTILIZANDO AÇO CA-50 DE 6,3 MM - MONTAGEM. AF_01/2024","KG","COEFICIENTE DE REPRESENTATIVIDADE",18.73,"CAIXA REFERENCIAL"]
["FUNDACOES E ESTRUTURAS","FUES","ARMADURAS","0042","","",96545,"ARMAÇÃO DE BLOCO UTILIZANDO AÇO CA-50 DE 8 MM - MONTAGEM. AF_01/2024","KG","COEFICIENTE DE REPRESENTATIVIDADE",17.190000000000001,"CAIXA REFERENCIAL"]
["FUNDACOES E ESTRUTURAS","FUES","ARMADURAS","0042","","",96546,"ARMAÇÃO DE BLOCO UTILIZANDO AÇO CA-50 DE 10 MM - MONTAGEM. AF_01/2024","KG","COEFICIENTE DE REPRESENTATIVIDADE",15.17,"CAIXA REFERENCIAL"]
["FUNDACOES E ESTRUTURAS","FUES","ARMADURAS","0042","","",100064,"ARMAÇÃO DO SISTEMA DE PAREDES DE CONCRETO, EXECUTADA COMO ARMADURA POSITIVA DE LAJES, TELA Q-159. AF_06/2019","KG","COEFICIENTE DE REPRESENTATIVIDADE",10.14,"CAIXA REFERENCIAL"]
["FUNDACOES E ESTRUTURAS","FUES","ARMADURAS","0042","","",100066,"ARMAÇÃO DO SISTEMA DE PAREDES DE CONCRETO, EXECUTADA COMO ARMADURA POSITIVA DE LAJES, TELA Q-196. AF_06/2019","KG","COEFICIENTE DE REPRESENTATIVIDADE",10.050000000000001,"CAIXA REFERENCIAL"]
["FUNDACOES E ESTRUTURAS","FUES","ARMADURAS","0042","","",100067,"ARMAÇÃO DO SISTEMA DE PAREDES DE CONCRETO, EXECUTADA COMO REFORÇO, VERGALHÃO DE 5,0 MM DE DIÂMETRO. AF_06/2019","KG","COEFICIENTE DE REPRESENTATIVIDADE",13.22,"CAIXA REFERENCIAL"]
["FUNDACOES E ESTRUTURAS","FUES","ARMADURAS","0042","","",100068,"ARMAÇÃO DO SISTEMA DE PAREDES DE CONCRETO, EXECUTADA COMO REFORÇO, VERGALHÃO DE 12,5 MM DE DIÂMETRO. AF_06/2019","KG","COEFICIENTE DE REPRESENTATIVIDADE",10.37,"CAIXA REFERENCIAL"]
["FUNDACOES E ESTRUTURAS","FUES","ARMADURAS","0042","","",102920,"ARMAÇÃO DE CINTA DE ALVENARIA ESTRUTURAL; DIÂMETRO DE 12,5 MM. AF_09/2021","KG","COEFICIENTE DE REPRESENTATIVIDADE",9.41,"CAIXA REFERENCIAL"]
["FUNDACOES E ESTRUTURAS","FUES","ARMADURAS","0042","","",102921,"ARMAÇÃO VERTICAL DE ALVENARIA ESTRUTURAL; DIÂMETRO DE 16,0 MM. AF_09/2021","KG","COEFICIENTE DE REPRESENTATIVIDADE",9.11,"CAIXA REFERENCIAL"]
["FUNDACOES E ESTRUTURAS","FUES","ARMADURAS","0042","","",102922,"ARMAÇÃO DE VERGA E CONTRAVERGA DE ALVENARIA ESTRUTURAL; DIÂMETRO DE 16,0 MM. AF_09/2021","KG","COEFICIENTE DE REPRESENTATIVIDADE",9.94,"CAIXA REFERENCIAL"]
["FUNDACOES E ESTRUTURAS","FUES","ARMADURAS","0042","","",102923,"ARMAÇÃO DE CINTA DE ALVENARIA ESTRUTURAL; DIÂMETRO DE 16,0 MM. AF_09/2021","KG","COEFICIENTE DE REPRESENTATIVIDADE",8.92,"CAIXA REFERENCIAL"]
["FUNDACOES E ESTRUTURAS","FUES","ARMADURAS","0042","","",103088,"ARMAÇÃO DE VERGA E CONTRAVERGA DE ALVENARIA ESTRUTURAL; DIÂMETRO DE 12,5 MM. AF_09/2021","KG","COEFICIENTE DE REPRESENTATIVIDADE",11.06,"CAIXA REFERENCIAL"]
["FUNDACOES E ESTRUTURAS","FUES","ARMADURAS","0042","","",104104,"ARMAÇÃO DE ESTRUTURAS DIVERSAS DE CONCRETO ARMADO, EXCETO VIGAS, PILARES, LAJES E FUNDAÇÕES, UTILIZANDO AÇO CA-50 DE 32,0 MM - MONTAGEM. AF_06/2022","KG","COEFICIENTE DE REPRESENTATIVIDADE",12.6,"CAIXA REFERENCIAL"]
["FUNDACOES E ESTRUTURAS","FUES","ARMADURAS","0042","","",104105,"ARMAÇÃO DE PILAR OU VIGA DE ESTRUTURA CONVENCIONAL DE CONCRETO ARMADO UTILIZANDO AÇO CA-50 DE 32,0 MM. AF_06/2022","KG","COEFICIENTE DE REPRESENTATIVIDADE",12.61,"CAIXA REFERENCIAL"]
["FUNDACOES E ESTRUTURAS","FUES","ARMADURAS","0042","","",104106,"ARMAÇÃO DE PILAR OU VIGA DE ESTRUTURA DE CONCRETO ARMADO EMBUTIDA EM ALVENARIA DE VEDAÇÃO UTILIZANDO AÇO CA-50 DE 16,0 MM - MONTAGEM. AF_06/2022","KG","COEFICIENTE DE REPRESENTATIVIDADE",11.29,"CAIXA REFERENCIAL"]
["FUNDACOES E ESTRUTURAS","FUES","ARMADURAS","0042","","",104107,"ARMAÇÃO DE PILAR OU VIGA DE ESTRUTURA DE CONCRETO ARMADO EMBUTIDA EM ALVENARIA DE VEDAÇÃO UTILIZANDO AÇO CA-50 DE 12,5 MM - MONTAGEM. AF_06/2022","KG","COEFICIENTE DE REPRESENTATIVIDADE",11.91,"CAIXA REFERENCIAL"]
["FUNDACOES E ESTRUTURAS","FUES","ARMADURAS","0042","","",104108,"ARMAÇÃO DE PILAR OU VIGA DE ESTRUTURA DE CONCRETO ARMADO EMBUTIDA EM ALVENARIA DE VEDAÇÃO UTILIZANDO AÇO CA-50 DE 10,0 MM - MONTAGEM. AF_06/2022","KG","COEFICIENTE DE REPRESENTATIVIDADE",14.07,"CAIXA REFERENCIAL"]
["FUNDACOES E ESTRUTURAS","FUES","ARMADURAS","0042","","",104109,"ARMAÇÃO DE PILAR OU VIGA DE ESTRUTURA DE CONCRETO ARMADO EMBUTIDA EM ALVENARIA DE VEDAÇÃO UTILIZANDO AÇO CA-50 DE 8,0 MM - MONTAGEM. AF_06/2022","KG","COEFICIENTE DE REPRESENTATIVIDADE",16.89,"CAIXA REFERENCIAL"]
["FUNDACOES E ESTRUTURAS","FUES","ARMADURAS","0042","","",104110,"ARMAÇÃO DE PILAR OU VIGA DE ESTRUTURA DE CONCRETO ARMADO EMBUTIDA EM ALVENARIA DE VEDAÇÃO UTILIZANDO AÇO CA-50 DE 6,3 MM - MONTAGEM. AF_06/2022","KG","COEFICIENTE DE REPRESENTATIVIDADE",18.77,"CAIXA REFERENCIAL"]
["FUNDACOES E ESTRUTURAS","FUES","ARMADURAS","0042","","",104111,"ARMAÇÃO DE PILAR OU VIGA DE ESTRUTURA DE CONCRETO ARMADO EMBUTIDA EM ALVENARIA DE VEDAÇÃO UTILIZANDO AÇO CA-60 DE 5,0 MM - MONTAGEM. AF_06/2022","KG","COEFICIENTE DE REPRESENTATIVIDADE",20.82,"CAIXA REFERENCIAL"]
["FUNDACOES E ESTRUTURAS","FUES","ARMADURAS","0042","","",104915,"ARMAÇÃO DE BLOCO E SAPATA UTILIZANDO AÇO CA-50 DE 25 MM - MONTAGEM. AF_01/2024","KG","COEFICIENTE DE REPRESENTATIVIDADE",11.7,"CAIXA REFERENCIAL"]
["FUNDACOES E ESTRUTURAS","FUES","ARMADURAS","0042","","",104917,"ARMAÇÃO DE SAPATA ISOLADA, VIGA BALDRAME E SAPATA CORRIDA UTILIZANDO AÇO CA-50 DE 6,3 MM - MONTAGEM. AF_01/2024","KG","COEFICIENTE DE REPRESENTATIVIDADE",16.52,"CAIXA REFERENCIAL"]
["FUNDACOES E ESTRUTURAS","FUES","ARMADURAS","0042","","",104918,"ARMAÇÃO DE SAPATA ISOLADA, VIGA BALDRAME E SAPATA CORRIDA UTILIZANDO AÇO CA-50 DE 8 MM - MONTAGEM. AF_01/2024","KG","COEFICIENTE DE REPRESENTATIVIDADE",15.58,"CAIXA REFERENCIAL"]
["FUNDACOES E ESTRUTURAS","FUES","ARMADURAS","0042","","",104919,"ARMAÇÃO DE SAPATA ISOLADA, VIGA BALDRAME E SAPATA CORRIDA UTILIZANDO AÇO CA-50 DE 10 MM - MONTAGEM. AF_01/2024","KG","COEFICIENTE DE REPRESENTATIVIDADE",14,"CAIXA REFERENCIAL"]
["FUNDACOES E ESTRUTURAS","FUES","ARMADURAS","0042","","",104920,"ARMAÇÃO DE BLOCO, SAPATA ISOLADA, VIGA BALDRAME E SAPATA CORRIDA UTILIZANDO AÇO CA-50 DE 12,5 MM - MONTAGEM. AF_01/2024","KG","COEFICIENTE DE REPRESENTATIVIDADE",11.91,"CAIXA REFERENCIAL"]
["FUNDACOES E ESTRUTURAS","FUES","ARMADURAS","0042","","",104921,"ARMAÇÃO DE BLOCO, SAPATA ISOLADA, VIGA BALDRAME E SAPATA CORRIDA UTILIZANDO AÇO CA-50 DE 16 MM - MONTAGEM. AF_01/2024","KG","COEFICIENTE DE REPRESENTATIVIDADE",11.33,"CAIXA REFERENCIAL"]
["FUNDACOES E ESTRUTURAS","FUES","ARMADURAS","0042","","",104922,"ARMAÇÃO DE BLOCO, SAPATA ISOLADA E SAPATA CORRIDA UTILIZANDO AÇO CA-50 DE 20 MM - MONTAGEM. AF_01/2024","KG","COEFICIENTE DE REPRESENTATIVIDADE",12.63,"CAIXA REFERENCIAL"]
["FUNDACOES E ESTRUTURAS","FUES","CONCRETOS","0043","","",89993,"GRAUTEAMENTO VERTICAL EM ALVENARIA ESTRUTURAL. AF_09/2021","M3","COEFICIENTE DE REPRESENTATIVIDADE",1000.9,"CAIXA REFERENCIAL"]
["FUNDACOES E ESTRUTURAS","FUES","CONCRETOS","0043","","",89994,"GRAUTEAMENTO DE CINTA INTERMEDIÁRIA OU DE CONTRAVERGA EM ALVENARIA ESTRUTURAL. AF_09/2021","M3","COEFICIENTE DE REPRESENTATIVIDADE",866.42,"CAIXA REFERENCIAL"]
["FUNDACOES E ESTRUTURAS","FUES","CONCRETOS","0043","","",89995,"GRAUTEAMENTO DE CINTA SUPERIOR OU DE VERGA EM ALVENARIA ESTRUTURAL. AF_09/2021","M3","COEFICIENTE DE REPRESENTATIVIDADE",966.51,"CAIXA REFERENCIAL"]
["FUNDACOES E ESTRUTURAS","FUES","CONCRETOS","0043","","",90278,"GRAUTE FGK=15 MPA; TRAÇO 1:0,04:2,2:2,5 (EM MASSA SECA DE CIMENTO/CAL/AREIA GROSSA/BRITA 0) - PREPARO MECÂNICO COM BETONEIRA 400 L. AF_09/2021","M3","COEFICIENTE DE REPRESENTATIVIDADE",512.61,"CAIXA REFERENCIAL"]
["FUNDACOES E ESTRUTURAS","FUES","CONCRETOS","0043","","",90279,"GRAUTE FGK=20 MPA; TRAÇO 1:0,04:1,8:2,1 (EM MASSA SECA DE CIMENTO/ CAL/ AREIA GROSSA/ BRITA 0) - PREPARO MECÂNICO COM BETONEIRA 400 L. AF_09/2021","M3","COEFICIENTE DE REPRESENTATIVIDADE",563.16999999999996,"CAIXA REFERENCIAL"]
["FUNDACOES E ESTRUTURAS","FUES","CONCRETOS","0043","","",90280,"GRAUTE FGK=25 MPA; TRAÇO 1:0,02:1,3:1,6 (EM MASSA SECA DE CIMENTO/ CAL/ AREIA GROSSA/ BRITA 0) - PREPARO MECÂNICO COM BETONEIRA 400 L. AF_09/2021","M3","COEFICIENTE DE REPRESENTATIVIDADE",617.09,"CAIXA REFERENCIAL"]
["FUNDACOES E ESTRUTURAS","FUES","CONCRETOS","0043","","",90281,"GRAUTE FGK=30 MPA; TRAÇO 1:0,02:0,9:1,2 (EM MASSA SECA DE CIMENTO/ CAL/ AREIA GROSSA/ BRITA 0) - PREPARO MECÂNICO COM BETONEIRA 400 L. AF_09/2021","M3","COEFICIENTE DE REPRESENTATIVIDADE",710.57,"CAIXA REFERENCIAL"]
["FUNDACOES E ESTRUTURAS","FUES","CONCRETOS","0043","","",90282,"GRAUTE FGK=15 MPA; TRAÇO 1:2,2:2,5:0,3 (EM MASSA SECA DE CIMENTO/ AREIA GROSSA/ BRITA 0/ ADITIVO) - PREPARO MECÂNICO COM BETONEIRA 400 L. AF_09/2021","M3","COEFICIENTE DE REPRESENTATIVIDADE",496.61,"CAIXA REFERENCIAL"]
["FUNDACOES E ESTRUTURAS","FUES","CONCRETOS","0043","","",90283,"GRAUTE FGK=20 MPA; TRAÇO 1:1,8:2,1:0,4 (EM MASSA SECA DE CIMENTO/ AREIA GROSSA/ BRITA 0/ ADITIVO) - PREPARO MECÂNICO COM BETONEIRA 400 L. AF_09/2021","M3","COEFICIENTE DE REPRESENTATIVIDADE",546.53,"CAIXA REFERENCIAL"]
["FUNDACOES E ESTRUTURAS","FUES","CONCRETOS","0043","","",90284,"GRAUTE FGK=25 MPA; TRAÇO 1:1,3:1,6:0,4 (EM MASSA SECA DE CIMENTO/ AREIA GROSSA/ BRITA 0/ ADITIVO) - PREPARO MECÂNICO COM BETONEIRA 400 L. AF_09/2021","M3","COEFICIENTE DE REPRESENTATIVIDADE",605.97,"CAIXA REFERENCIAL"]
["FUNDACOES E ESTRUTURAS","FUES","CONCRETOS","0043","","",90285,"GRAUTE FGK=30 MPA; TRAÇO 1:0,9:1,2:0,6 (EM MASSA SECA DE CIMENTO/ AREIA GROSSA/ BRITA 0/ ADITIVO) - PREPARO MECÂNICO COM BETONEIRA 400 L. AF_09/2021","M3","COEFICIENTE DE REPRESENTATIVIDADE",704.7,"CAIXA REFERENCIAL"]
["FUNDACOES E ESTRUTURAS","FUES","CONCRETOS","0043","","",94962,"CONCRETO MAGRO PARA LASTRO, TRAÇO 1:4,5:4,5 (EM MASSA SECA DE CIMENTO/ AREIA MÉDIA/ BRITA 1) - PREPARO MECÂNICO COM BETONEIRA 400 L. AF_05/2021","M3","COEFICIENTE DE REPRESENTATIVIDADE",398.48,"CAIXA REFERENCIAL"]
["FUNDACOES E ESTRUTURAS","FUES","CONCRETOS","0043","","",94963,"CONCRETO FCK = 15MPA, TRAÇO 1:3,4:3,5 (EM MASSA SECA DE CIMENTO/ AREIA MÉDIA/ BRITA 1) - PREPARO MECÂNICO COM BETONEIRA 400 L. AF_05/2021","M3","COEFICIENTE DE REPRESENTATIVIDADE",437.98,"CAIXA REFERENCIAL"]
["FUNDACOES E ESTRUTURAS","FUES","CONCRETOS","0043","","",94964,"CONCRETO FCK = 20MPA, TRAÇO 1:2,7:3 (EM MASSA SECA DE CIMENTO/ AREIA MÉDIA/ BRITA 1) - PREPARO MECÂNICO COM BETONEIRA 400 L. AF_05/2021","M3","COEFICIENTE DE REPRESENTATIVIDADE",476.05,"CAIXA REFERENCIAL"]
["FUNDACOES E ESTRUTURAS","FUES","CONCRETOS","0043","","",94965,"CONCRETO FCK = 25MPA, TRAÇO 1:2,3:2,7 (EM MASSA SECA DE CIMENTO/ AREIA MÉDIA/ BRITA 1) - PREPARO MECÂNICO COM BETONEIRA 400 L. AF_05/2021","M3","COEFICIENTE DE REPRESENTATIVIDADE",491.92,"CAIXA REFERENCIAL"]
["FUNDACOES E ESTRUTURAS","FUES","CONCRETOS","0043","","",94966,"CONCRETO FCK = 30MPA, TRAÇO 1:2,1:2,5 (EM MASSA SECA DE CIMENTO/ AREIA MÉDIA/ BRITA 1) - PREPARO MECÂNICO COM BETONEIRA 400 L. AF_05/2021","M3","COEFICIENTE DE REPRESENTATIVIDADE",507.28,"CAIXA REFERENCIAL"]
["FUNDACOES E ESTRUTURAS","FUES","CONCRETOS","0043","","",94967,"CONCRETO FCK = 40MPA, TRAÇO 1:1,6:1,9 (EM MASSA SECA DE CIMENTO/ AREIA MÉDIA/ BRITA 1) - PREPARO MECÂNICO COM BETONEIRA 400 L. AF_05/2021","M3","COEFICIENTE DE REPRESENTATIVIDADE",574.57000000000005,"CAIXA REFERENCIAL"]
["FUNDACOES E ESTRUTURAS","FUES","CONCRETOS","0043","","",94968,"CONCRETO MAGRO PARA LASTRO, TRAÇO 1:4,5:4,5 (EM MASSA SECA DE CIMENTO/ AREIA MÉDIA/ BRITA 1) - PREPARO MECÂNICO COM BETONEIRA 600 L. AF_05/2021","M3","COEFICIENTE DE REPRESENTATIVIDADE",394.82,"CAIXA REFERENCIAL"]
["FUNDACOES E ESTRUTURAS","FUES","CONCRETOS","0043","","",94969,"CONCRETO FCK = 15MPA, TRAÇO 1:3,4:3,5 (EM MASSA SECA DE CIMENTO/ AREIA MÉDIA/ BRITA 1) - PREPARO MECÂNICO COM BETONEIRA 600 L. AF_05/2021","M3","COEFICIENTE DE REPRESENTATIVIDADE",431.02,"CAIXA REFERENCIAL"]
["FUNDACOES E ESTRUTURAS","FUES","CONCRETOS","0043","","",94970,"CONCRETO FCK = 20MPA, TRAÇO 1:2,7:3 (EM MASSA SECA DE CIMENTO/ AREIA MÉDIA/ BRITA 1) - PREPARO MECÂNICO COM BETONEIRA 600 L. AF_05/2021","M3","COEFICIENTE DE REPRESENTATIVIDADE",462.07,"CAIXA REFERENCIAL"]
["FUNDACOES E ESTRUTURAS","FUES","CONCRETOS","0043","","",94971,"CONCRETO FCK = 25MPA, TRAÇO 1:2,3:2,7 (EM MASSA SECA DE CIMENTO/ AREIA MÉDIA/ BRITA 1) - PREPARO MECÂNICO COM BETONEIRA 600 L. AF_05/2021","M3","COEFICIENTE DE REPRESENTATIVIDADE",484.74,"CAIXA REFERENCIAL"]
["FUNDACOES E ESTRUTURAS","FUES","CONCRETOS","0043","","",94972,"CONCRETO FCK = 30MPA, TRAÇO 1:2,1:2,5 (EM MASSA SECA DE CIMENTO/ AREIA MÉDIA/ BRITA 1) - PREPARO MECÂNICO COM BETONEIRA 600 L. AF_05/2021","M3","COEFICIENTE DE REPRESENTATIVIDADE",500.12,"CAIXA REFERENCIAL"]
["FUNDACOES E ESTRUTURAS","FUES","CONCRETOS","0043","","",94973,"CONCRETO FCK = 40MPA, TRAÇO 1:1,6:1,9 (EM MASSA SECA DE CIMENTO/ AREIA MÉDIA/ BRITA 1) - PREPARO MECÂNICO COM BETONEIRA 600 L. AF_05/2021","M3","COEFICIENTE DE REPRESENTATIVIDADE",565.28,"CAIXA REFERENCIAL"]
["FUNDACOES E ESTRUTURAS","FUES","CONCRETOS","0043","","",94974,"CONCRETO MAGRO PARA LASTRO, TRAÇO 1:4,5:4,5 (EM MASSA SECA DE CIMENTO/ AREIA MÉDIA/ BRITA 1) - PREPARO MANUAL. AF_05/2021","M3","COEFICIENTE DE REPRESENTATIVIDADE",445.12,"CAIXA REFERENCIAL"]
["FUNDACOES E ESTRUTURAS","FUES","CONCRETOS","0043","","",94975,"CONCRETO FCK = 15MPA, TRAÇO 1:3,4:3,5 (EM MASSA SECA DE CIMENTO/ AREIA MÉDIA/ BRITA 1) - PREPARO MANUAL. AF_05/2021","M3","COEFICIENTE DE REPRESENTATIVIDADE",479.76,"CAIXA REFERENCIAL"]
["FUNDACOES E ESTRUTURAS","FUES","CONCRETOS","0043","","",96555,"CONCRETAGEM DE BLOCO DE COROAMENTO OU VIGA BALDRAME, FCK 30 MPA, COM USO DE JERICA - LANÇAMENTO, ADENSAMENTO E ACABAMENTO. AF_01/2024","M3","ATRIBUÍDO SÃO PAULO",701.28,"CAIXA REFERENCIAL"]
["FUNDACOES E ESTRUTURAS","FUES","CONCRETOS","0043","","",96556,"CONCRETAGEM DE SAPATA, FCK 30 MPA, COM USO DE JERICA - LANÇAMENTO, ADENSAMENTO E ACABAMENTO. AF_01/2024","M3","ATRIBUÍDO SÃO PAULO",842.21,"CAIXA REFERENCIAL"]
["FUNDACOES E ESTRUTURAS","FUES","CONCRETOS","0043","","",96557,"CONCRETAGEM DE BLOCO DE COROAMENTO OU VIGA BALDRAME, FCK 30 MPA, COM USO DE BOMBA - LANÇAMENTO, ADENSAMENTO E ACABAMENTO. AF_01/2024","M3","ATRIBUÍDO SÃO PAULO",654.29999999999995,"CAIXA REFERENCIAL"]
["FUNDACOES E ESTRUTURAS","FUES","CONCRETOS","0043","","",96558,"CONCRETAGEM DE SAPATA, FCK 30 MPA, COM USO DE BOMBA - LANÇAMENTO, ADENSAMENTO E ACABAMENTO. AF_01/2024","M3","ATRIBUÍDO SÃO PAULO",684.06,"CAIXA REFERENCIAL"]
["FUNDACOES E ESTRUTURAS","FUES","CONCRETOS","0043","","",99235,"CONCRETAGEM DE EDIFICAÇÕES (PAREDES E LAJES) FEITAS COM SISTEMA DE FÔRMAS MANUSEÁVEIS, COM CONCRETO USINADO AUTOADENSÁVEL FCK 25 MPA - LANÇAMENTO E ACABAMENTO. AF_10/2021","M3","COEFICIENTE DE REPRESENTATIVIDADE",595.64,"CAIXA REFERENCIAL"]
["FUNDACOES E ESTRUTURAS","FUES","CONCRETOS","0043","","",99431,"CONCRETAGEM DE LAJES EM EDIFICAÇÕES UNIFAMILIARES FEITAS COM SISTEMA DE FÔRMAS MANUSEÁVEIS, COM CONCRETO USINADO BOMBEÁVEL FCK 25 MPA - LANÇAMENTO, ADENSAMENTO E ACABAMENTO (EXCLUSIVE BOMBA LANÇA). AF_10/2021","M3","ATRIBUÍDO SÃO PAULO",616.85,"CAIXA REFERENCIAL"]
["FUNDACOES E ESTRUTURAS","FUES","CONCRETOS","0043","","",99432,"CONCRETAGEM DE PAREDES EM EDIFICAÇÕES UNIFAMILIARES FEITAS COM SISTEMA DE FÔRMAS MANUSEÁVEIS, COM CONCRETO USINADO BOMBEÁVEL FCK 25 MPA - LANÇAMENTO, ADENSAMENTO E ACABAMENTO (EXCLUSIVE BOMBA LANÇA). AF_10/2021","M3","ATRIBUÍDO SÃO PAULO",598.96,"CAIXA REFERENCIAL"]
["FUNDACOES E ESTRUTURAS","FUES","CONCRETOS","0043","","",99433,"CONCRETAGEM DE PLATIBANDA EM EDIFICAÇÕES UNIFAMILIARES FEITAS COM SISTEMA DE FÔRMAS MANUSEÁVEIS, COM CONCRETO USINADO BOMBEÁVEL FCK 25 MPA, - LANÇAMENTO, ADENSAMENTO E ACABAMENTO (EXCLUSIVE BOMBA LANÇA). AF_10/2021","M3","ATRIBUÍDO SÃO PAULO",650.07000000000005,"CAIXA REFERENCIAL"]
["FUNDACOES E ESTRUTURAS","FUES","CONCRETOS","0043","","",99434,"CONCRETAGEM DE LAJES EM EDIFICAÇÕES MULTIFAMILIARES FEITAS COM SISTEMA DE FÔRMAS MANUSEÁVEIS, COM CONCRETO USINADO BOMBEÁVEL FCK 25 MPA - LANÇAMENTO, ADENSAMENTO E ACABAMENTO (EXCLUSIVE BOMBA LANÇA). AF_10/2021","M3","ATRIBUÍDO SÃO PAULO",620.78,"CAIXA REFERENCIAL"]
["FUNDACOES E ESTRUTURAS","FUES","CONCRETOS","0043","","",99435,"CONCRETAGEM DE PAREDES EM EDIFICAÇÕES MULTIFAMILIARES FEITAS COM SISTEMA DE FÔRMAS MANUSEÁVEIS, COM CONCRETO USINADO BOMBEÁVEL FCK 25 MPA - LANÇAMENTO, ADENSAMENTO E ACABAMENTO (EXCLUSIVE BOMBA LANÇA). AF_10/2021","M3","ATRIBUÍDO SÃO PAULO",601.64,"CAIXA REFERENCIAL"]
["FUNDACOES E ESTRUTURAS","FUES","CONCRETOS","0043","","",99436,"CONCRETAGEM DE PLATIBANDA EM EDIFICAÇÕES MULTIFAMILIARES FEITAS COM SISTEMA DE FÔRMAS MANUSEÁVEIS, COM CONCRETO USINADO BOMBEÁVEL FCK 25 MPA - LANÇAMENTO, ADENSAMENTO E ACABAMENTO (EXCLUSIVE BOMBA LANÇA). AF_10/2021","M3","ATRIBUÍDO SÃO PAULO",670.63,"CAIXA REFERENCIAL"]
["FUNDACOES E ESTRUTURAS","FUES","CONCRETOS","0043","","",99437,"CONCRETAGEM DE PLATIBANDA EM EDIFICAÇÕES UNIFAMILIARES FEITAS COM SISTEMA DE FÔRMAS MANUSEÁVEIS, COM CONCRETO USINADO AUTOADENSÁVEL FCK 25 MPA - LANÇAMENTO E ACABAMENTO. AF_10/2021","M3","COEFICIENTE DE REPRESENTATIVIDADE",631.76,"CAIXA REFERENCIAL"]
["FUNDACOES E ESTRUTURAS","FUES","CONCRETOS","0043","","",99438,"CONCRETAGEM DE PLATIBANDA EM EDIFICAÇÕES MULTIFAMILIARES FEITAS COM SISTEMA DE FÔRMAS MANUSEÁVEIS, COM CONCRETO USINADO AUTOADENSÁVEL FCK 25 MPA - LANÇAMENTO E ACABAMENTO. AF_10/2021","M3","COEFICIENTE DE REPRESENTATIVIDADE",637.41999999999996,"CAIXA REFERENCIAL"]
["FUNDACOES E ESTRUTURAS","FUES","CONCRETOS","0043","","",99439,"CONCRETAGEM DE EDIFICAÇÕES (PAREDES E LAJES) FEITAS COM SISTEMA DE FÔRMAS MANUSEÁVEIS, COM CONCRETO USINADO BOMBEÁVEL FCK 25 MPA - LANÇAMENTO, ADENSAMENTO E ACABAMENTO (EXCLUSIVE BOMBA LANÇA). AF_10/2021","M3","ATRIBUÍDO SÃO PAULO",607.33000000000004,"CAIXA REFERENCIAL"]
["FUNDACOES E ESTRUTURAS","FUES","CONCRETOS","0043","","",102473,"CONCRETO MAGRO PARA LASTRO, TRAÇO 1:4,5:4,5 (EM MASSA SECA DE CIMENTO/ AREIA MÉDIA/ SEIXO ROLADO) - PREPARO MECÂNICO COM BETONEIRA 400 L. AF_05/2021","M3","COEFICIENTE DE REPRESENTATIVIDADE",549.87,"CAIXA REFERENCIAL"]
["FUNDACOES E ESTRUTURAS","FUES","CONCRETOS","0043","","",102474,"CONCRETO FCK = 15MPA, TRAÇO 1:3,4:3,4 (EM MASSA SECA DE CIMENTO/ AREIA MÉDIA/ SEIXO ROLADO) - PREPARO MECÂNICO COM BETONEIRA 400 L. AF_05/2021","M3","COEFICIENTE DE REPRESENTATIVIDADE",585.95000000000005,"CAIXA REFERENCIAL"]
["FUNDACOES E ESTRUTURAS","FUES","CONCRETOS","0043","","",102475,"CONCRETO FCK = 20MPA, TRAÇO 1:2,6:2,9 (EM MASSA SECA DE CIMENTO/ AREIA MÉDIA/ SEIXO ROLADO) - PREPARO MECÂNICO COM BETONEIRA 400 L. AF_05/2021","M3","COEFICIENTE DE REPRESENTATIVIDADE",628.79,"CAIXA REFERENCIAL"]
["FUNDACOES E ESTRUTURAS","FUES","CONCRETOS","0043","","",102476,"CONCRETO FCK = 25MPA, TRAÇO 1:2,2:2,5 (EM MASSA SECA DE CIMENTO/ AREIA MÉDIA/ SEIXO ROLADO) - PREPARO MECÂNICO COM BETONEIRA 400 L. AF_05/2021","M3","COEFICIENTE DE REPRESENTATIVIDADE",643.61,"CAIXA REFERENCIAL"]
["FUNDACOES E ESTRUTURAS","FUES","CONCRETOS","0043","","",102477,"CONCRETO FCK = 30MPA, TRAÇO 1:1,9:2,3 (EM MASSA SECA DE CIMENTO/ AREIA MÉDIA/ SEIXO ROLADO) - PREPARO MECÂNICO COM BETONEIRA 400 L. AF_05/2021","M3","COEFICIENTE DE REPRESENTATIVIDADE",677.72,"CAIXA REFERENCIAL"]
["FUNDACOES E ESTRUTURAS","FUES","CONCRETOS","0043","","",102478,"CONCRETO FCK = 40MPA, TRAÇO 1:1,4:1,8 (EM MASSA SECA DE CIMENTO/ AREIA MÉDIA/ SEIXO ROLADO) - PREPARO MECÂNICO COM BETONEIRA 400 L. AF_05/2021","M3","COEFICIENTE DE REPRESENTATIVIDADE",723.7,"CAIXA REFERENCIAL"]
["FUNDACOES E ESTRUTURAS","FUES","CONCRETOS","0043","","",102479,"CONCRETO MAGRO PARA LASTRO, TRAÇO 1:4,5:4,5 (EM MASSA SECA DE CIMENTO/ AREIA MÉDIA/ SEIXO ROLADO) - PREPARO MECÂNICO COM BETONEIRA 600 L. AF_05/2021","M3","COEFICIENTE DE REPRESENTATIVIDADE",546.87,"CAIXA REFERENCIAL"]
["FUNDACOES E ESTRUTURAS","FUES","CONCRETOS","0043","","",102480,"CONCRETO FCK = 15MPA, TRAÇO 1:3,4:3,4 (EM MASSA SECA DE CIMENTO/ AREIA MÉDIA/ SEIXO ROLADO) - PREPARO MECÂNICO COM BETONEIRA 600 L. AF_05/2021","M3","COEFICIENTE DE REPRESENTATIVIDADE",579.5,"CAIXA REFERENCIAL"]
["FUNDACOES E ESTRUTURAS","FUES","CONCRETOS","0043","","",102481,"CONCRETO FCK = 20MPA, TRAÇO 1:2,6:2,9 (EM MASSA SECA DE CIMENTO/ AREIA MÉDIA/ SEIXO ROLADO) - PREPARO MECÂNICO COM BETONEIRA 600 L. AF_05/2021","M3","COEFICIENTE DE REPRESENTATIVIDADE",615.29999999999995,"CAIXA REFERENCIAL"]
["FUNDACOES E ESTRUTURAS","FUES","CONCRETOS","0043","","",102482,"CONCRETO FCK = 25MPA, TRAÇO 1:2,2:2,5 (EM MASSA SECA DE CIMENTO/ AREIA MÉDIA/ SEIXO ROLADO) - PREPARO MECÂNICO COM BETONEIRA 600 L. AF_05/2021","M3","COEFICIENTE DE REPRESENTATIVIDADE",640.69000000000005,"CAIXA REFERENCIAL"]
["FUNDACOES E ESTRUTURAS","FUES","CONCRETOS","0043","","",102483,"CONCRETO FCK = 30MPA, TRAÇO 1:1,9:2,3 (EM MASSA SECA DE CIMENTO/ AREIA MÉDIA/ SEIXO ROLADO) - PREPARO MECÂNICO COM BETONEIRA 600 L. AF_05/2021","M3","COEFICIENTE DE REPRESENTATIVIDADE",670.15,"CAIXA REFERENCIAL"]
["FUNDACOES E ESTRUTURAS","FUES","CONCRETOS","0043","","",102484,"CONCRETO FCK = 40MPA, TRAÇO 1:1,4:1,8 (EM MASSA SECA DE CIMENTO/ AREIA MÉDIA/ SEIXO ROLADO) - PREPARO MECÂNICO COM BETONEIRA 600 L. AF_05/2021","M3","COEFICIENTE DE REPRESENTATIVIDADE",722.77,"CAIXA REFERENCIAL"]
["FUNDACOES E ESTRUTURAS","FUES","CONCRETOS","0043","","",102485,"CONCRETO MAGRO PARA LASTRO, TRAÇO 1:4,5:4,5 (EM MASSA SECA DE CIMENTO/ AREIA MÉDIA/ SEIXO ROLADO) - PREPARO MANUAL. AF_05/2021","M3","COEFICIENTE DE REPRESENTATIVIDADE",599.67999999999995,"CAIXA REFERENCIAL"]
["FUNDACOES E ESTRUTURAS","FUES","CONCRETOS","0043","","",102486,"CONCRETO FCK = 15MPA, TRAÇO 1:3,4:3,4 (EM MASSA SECA DE CIMENTO/ AREIA MÉDIA/ SEIXO ROLADO) - PREPARO MANUAL. AF_05/2021","M3","COEFICIENTE DE REPRESENTATIVIDADE",628.78,"CAIXA REFERENCIAL"]
["FUNDACOES E ESTRUTURAS","FUES","CONCRETOS","0043","","",102487,"CONCRETO CICLÓPICO FCK = 15MPA, 30% PEDRA DE MÃO EM VOLUME REAL, INCLUSIVE LANÇAMENTO. AF_05/2021","M3","ATRIBUÍDO SÃO PAULO",571.46,"CAIXA REFERENCIAL"]
["FUNDACOES E ESTRUTURAS","FUES","CONCRETOS","0043","","",103183,"CONCRETAGEM DE ESCADAS EM EDIFICAÇÕES MULTIFAMILIARES FEITAS COM SISTEMA DE FÔRMAS MANUSEÁVEIS - CONCRETO USINADO BOMBEÁVEL, FCK 25 MPA - LANÇAMENTO, ADENSAMENTO E ACABAMENTO (EXCLUSIVE BOMBA LANÇA). AF_10/2021","M3","ATRIBUÍDO SÃO PAULO",646.20000000000005,"CAIXA REFERENCIAL"]
["FUNDACOES E ESTRUTURAS","FUES","CONCRETOS","0043","","",103184,"CONCRETAGEM DE ESCADAS EM EDIFICAÇÕES MULTIFAMILIARES FEITAS COM SISTEMA DE FÔRMAS MANUSEÁVEIS - CONCRETO USINADO AUTOADENSÁVEL, FCK 25 MPA - LANÇAMENTO, ADENSAMENTO E ACABAMENTO. AF_10/2021","M3","COEFICIENTE DE REPRESENTATIVIDADE",607.05999999999995,"CAIXA REFERENCIAL"]
["FUNDACOES E ESTRUTURAS","FUES","CONCRETOS","0043","","",103669,"CONCRETAGEM DE PILARES, FCK = 25 MPA,  COM USO DE BALDES - LANÇAMENTO, ADENSAMENTO E ACABAMENTO. AF_02/2022","M3","ATRIBUÍDO SÃO PAULO",862.6,"CAIXA REFERENCIAL"]
["FUNDACOES E ESTRUTURAS","FUES","CONCRETOS","0043","","",103670,"LANÇAMENTO COM USO DE BALDES, ADENSAMENTO E ACABAMENTO DE CONCRETO EM ESTRUTURAS. AF_02/2022","M3","ATRIBUÍDO SÃO PAULO",275.97000000000003,"CAIXA REFERENCIAL"]
["FUNDACOES E ESTRUTURAS","FUES","CONCRETOS","0043","","",103671,"CONCRETAGEM DE PILARES, FCK = 25 MPA, COM USO DE GRUA - LANÇAMENTO, ADENSAMENTO E ACABAMENTO. AF_02/2022","M3","ATRIBUÍDO SÃO PAULO",631.36,"CAIXA REFERENCIAL"]
["FUNDACOES E ESTRUTURAS","FUES","CONCRETOS","0043","","",103672,"CONCRETAGEM DE PILARES, FCK = 25 MPA, COM USO DE BOMBA - LANÇAMENTO, ADENSAMENTO E ACABAMENTO. AF_02/2022_PS","M3","ATRIBUÍDO SÃO PAULO",591.63,"CAIXA REFERENCIAL"]
["FUNDACOES E ESTRUTURAS","FUES","CONCRETOS","0043","","",103673,"LANÇAMENTO COM USO DE BOMBA, ADENSAMENTO E ACABAMENTO DE CONCRETO EM ESTRUTURAS. AF_02/2022","M3","ATRIBUÍDO SÃO PAULO",38.770000000000003,"CAIXA REFERENCIAL"]
["FUNDACOES E ESTRUTURAS","FUES","CONCRETOS","0043","","",103674,"CONCRETAGEM DE VIGAS E LAJES, FCK=25 MPA, PARA LAJES PREMOLDADAS COM USO DE BOMBA - LANÇAMENTO, ADENSAMENTO E ACABAMENTO. AF_02/2022_PS","M3","ATRIBUÍDO SÃO PAULO",610.5,"CAIXA REFERENCIAL"]
["FUNDACOES E ESTRUTURAS","FUES","CONCRETOS","0043","","",103675,"CONCRETAGEM DE VIGAS E LAJES, FCK=25 MPA, PARA LAJES MACIÇAS OU NERVURADAS COM USO DE BOMBA - LANÇAMENTO, ADENSAMENTO E ACABAMENTO. AF_02/2022_PS","M3","ATRIBUÍDO SÃO PAULO",592.12,"CAIXA REFERENCIAL"]
["FUNDACOES E ESTRUTURAS","FUES","CONCRETOS","0043","","",103676,"CONCRETAGEM DE VIGAS E LAJES, FCK=25 MPA, PARA LAJES PREMOLDADAS COM JERICAS EM ELEVADOR DE CABO EM EDIFICAÇÃO DE MULTIPAVIMENTOS ATÉ 16 ANDARES - LANÇAMENTO, ADENSAMENTO E ACABAMENTO. AF_02/2022","M3","ATRIBUÍDO SÃO PAULO",915.06,"CAIXA REFERENCIAL"]
["FUNDACOES E ESTRUTURAS","FUES","CONCRETOS","0043","","",103677,"CONCRETAGEM DE VIGAS E LAJES, FCK=25 MPA, PARA LAJES MACIÇAS OU NERVURADAS COM JERICAS EM ELEVADOR DE CABO EM EDIFICAÇÃO DE MULTIPAVIMENTOS ATÉ 16 ANDARES  - LANÇAMENTO, ADENSAMENTO E ACABAMENTO. AF_02/2022","M3","ATRIBUÍDO SÃO PAULO",756.88,"CAIXA REFERENCIAL"]
["FUNDACOES E ESTRUTURAS","FUES","CONCRETOS","0043","","",103678,"CONCRETAGEM DE VIGAS E LAJES, FCK=25 MPA, PARA LAJES PREMOLDADAS COM JERICAS EM CREMALHEIRA EM EDIFICAÇÃO DE MULTIPAVIMENTOS ATÉ 16 ANDARES  - LANÇAMENTO, ADENSAMENTO E ACABAMENTO. AF_02/2022","M3","ATRIBUÍDO SÃO PAULO",826.63,"CAIXA REFERENCIAL"]
["FUNDACOES E ESTRUTURAS","FUES","CONCRETOS","0043","","",103679,"CONCRETAGEM DE VIGAS E LAJES, FCK=25 MPA, PARA LAJES MACIÇAS OU NERVURADAS COM JERICAS EM CREMALHEIRA EM EDIFICAÇÃO DE MULTIPAVIMENTOS ATÉ 16 ANDARES - LANÇAMENTO, ADENSAMENTO E ACABAMENTO. AF_02/2022","M3","ATRIBUÍDO SÃO PAULO",717.63,"CAIXA REFERENCIAL"]
["FUNDACOES E ESTRUTURAS","FUES","CONCRETOS","0043","","",103680,"CONCRETAGEM DE VIGAS E LAJES, FCK=25 MPA, PARA LAJES PREMOLDADAS COM GRUA DE CAÇAMBA DE 350 L EM EDIFICAÇÃO DE MULTIPAVIMENTOS ATÉ 16 ANDARES - LANÇAMENTO, ADENSAMENTO E ACABAMENTO. AF_02/2022","M3","ATRIBUÍDO SÃO PAULO",761.53,"CAIXA REFERENCIAL"]
["FUNDACOES E ESTRUTURAS","FUES","CONCRETOS","0043","","",103681,"CONCRETAGEM DE VIGAS E LAJES, FCK=25 MPA, PARA LAJES MACIÇAS OU NERVURADAS COM GRUA DE CAÇAMBA DE 500 L EM EDIFICAÇÃO DE MULTIPAVIMENTOS ATÉ 16 ANDARES - LANÇAMENTO, ADENSAMENTO E ACABAMENTO. AF_02/2022","M3","ATRIBUÍDO SÃO PAULO",655.49,"CAIXA REFERENCIAL"]
["FUNDACOES E ESTRUTURAS","FUES","CONCRETOS","0043","","",103682,"CONCRETAGEM DE VIGAS E LAJES, FCK=25 MPA, PARA QUALQUER TIPO DE LAJE COM BALDES EM EDIFICAÇÃO TÉRREA - LANÇAMENTO, ADENSAMENTO E ACABAMENTO. AF_02/2022","M3","ATRIBUÍDO SÃO PAULO",879.24,"CAIXA REFERENCIAL"]
["FUNDACOES E ESTRUTURAS","FUES","CONCRETOS","0043","","",103683,"CONCRETAGEM DE VIGAS E LAJES, FCK=25 MPA, PARA QUALQUER TIPO DE LAJE COM BALDES EM EDIFICAÇÃO DE MULTIPAVIMENTOS ATÉ 04 ANDARES - LANÇAMENTO, ADENSAMENTO E ACABAMENTO. AF_02/2022","M3","ATRIBUÍDO SÃO PAULO",1147.1400000000001,"CAIXA REFERENCIAL"]
["FUNDACOES E ESTRUTURAS","FUES","CONCRETOS","0043","","",103684,"CONCRETAGEM DE RESERVATÓRIOS, FCK=25 MPA, COM USO DE BOMBA - LANÇAMENTO, ADENSAMENTO E ACABAMENTO. AF_02/2022_PS","M3","ATRIBUÍDO SÃO PAULO",608.03,"CAIXA REFERENCIAL"]
["FUNDACOES E ESTRUTURAS","FUES","CONCRETOS","0043","","",103685,"CONCRETAGEM DE MURETAS, FCK=25 MPA, COM USO DE BOMBA - LANÇAMENTO, ADENSAMENTO E ACABAMENTO. AF_02/2022_PS","M3","ATRIBUÍDO SÃO PAULO",596.37,"CAIXA REFERENCIAL"]
["FUNDACOES E ESTRUTURAS","FUES","CONCRETOS","0043","","",103686,"CONCRETAGEM DE ESCADAS, FCK=25 MPA, COM USO DE BOMBA - LANÇAMENTO, ADENSAMENTO E ACABAMENTO. AF_02/2022_PS","M3","ATRIBUÍDO SÃO PAULO",652.03,"CAIXA REFERENCIAL"]
["FUNDACOES E ESTRUTURAS","FUES","CONCRETOS","0043","","",103687,"CONCRETAGEM DE PILARES, FCK=25 MPA, COM USO DE JERICAS EM ELEVADOR DE CABO - LANÇAMENTO, ADENSAMENTO E ACABAMENTO. AF_02/2022","M3","ATRIBUÍDO SÃO PAULO",977.32,"CAIXA REFERENCIAL"]
["FUNDACOES E ESTRUTURAS","FUES","CONCRETOS","0043","","",103688,"CONCRETAGEM DE PILARES, FCK=25 MPA, COM USO DE JERICAS EM CREMALHEIRA - LANÇAMENTO, ADENSAMENTO E ACABAMENTO. AF_02/2022","M3","ATRIBUÍDO SÃO PAULO",750.81,"CAIXA REFERENCIAL"]
["FUNDACOES E ESTRUTURAS","FUES","CONCRETOS","0043","","",104916,"ARMAÇÃO DE SAPATA ISOLADA, VIGA BALDRAME E SAPATA CORRIDA UTILIZANDO AÇO CA-60 DE 5 MM - MONTAGEM. AF_01/2024","KG","COEFICIENTE DE REPRESENTATIVIDADE",17.420000000000002,"CAIXA REFERENCIAL"]
["FUNDACOES E ESTRUTURAS","FUES","CONCRETOS","0043","","",104923,"CONCRETAGEM DE SAPATA CORRIDA, FCK 30 MPA, COM USO DE JERICA - LANÇAMENTO, ADENSAMENTO E ACABAMENTO. AF_01/2024","M3","ATRIBUÍDO SÃO PAULO",753.09,"CAIXA REFERENCIAL"]
["FUNDACOES E ESTRUTURAS","FUES","CONCRETOS","0043","","",104924,"CONCRETAGEM DE SAPATA CORRIDA, FCK 30 MPA, COM USO DE BOMBA - LANÇAMENTO, ADENSAMENTO E ACABAMENTO. AF_01/2024","M3","ATRIBUÍDO SÃO PAULO",675.76,"CAIXA REFERENCIAL"]
["FUNDACOES E ESTRUTURAS","FUES","LAJE PRE-FABRICADA","0044","","",101963,"LAJE PRÉ-MOLDADA UNIDIRECIONAL, BIAPOIADA, PARA PISO, ENCHIMENTO EM CERÂMICA, VIGOTA CONVENCIONAL, ALTURA TOTAL DA LAJE (ENCHIMENTO+CAPA) = (8+4). AF_11/2020_PA","M2","ATRIBUÍDO SÃO PAULO",202.44,"CAIXA REFERENCIAL"]
["FUNDACOES E ESTRUTURAS","FUES","LAJE PRE-FABRICADA","0044","","",101964,"LAJE PRÉ-MOLDADA UNIDIRECIONAL, BIAPOIADA, PARA FORRO, ENCHIMENTO EM CERÂMICA, VIGOTA CONVENCIONAL, ALTURA TOTAL DA LAJE (ENCHIMENTO+CAPA) = (8+3). AF_11/2020_PA","M2","ATRIBUÍDO SÃO PAULO",190.03,"CAIXA REFERENCIAL"]
["FUNDACOES E ESTRUTURAS","FUES","EMBASAMENTOS","0247","","",101165,"ALVENARIA DE EMBASAMENTO COM BLOCO ESTRUTURAL DE CONCRETO, DE 14X19X29CM E ARGAMASSA DE ASSENTAMENTO COM PREPARO EM BETONEIRA. AF_05/2020","M3","COEFICIENTE DE REPRESENTATIVIDADE",923.96,"CAIXA REFERENCIAL"]
["FUNDACOES E ESTRUTURAS","FUES","EMBASAMENTOS","0247","","",101166,"ALVENARIA DE EMBASAMENTO COM BLOCO ESTRUTURAL DE CERÂMICA, DE 14X19X29CM E ARGAMASSA DE ASSENTAMENTO COM PREPARO EM BETONEIRA. AF_05/2020","M3","COEFICIENTE DE REPRESENTATIVIDADE",554.84,"CAIXA REFERENCIAL"]
["FUNDACOES E ESTRUTURAS","FUES","ADESIVOS PARA ESTRUTURAS","0286","","",98575,"TRATAMENTO DE JUNTA DE DILATAÇÃO, COM TARUGO DE POLIETILENO E SELANTE PU, INCLUSO PREENCHIMENTO COM ESPUMA EXPANSIVA PU. AF_09/2023","M","COEFICIENTE DE REPRESENTATIVIDADE",69.12,"CAIXA REFERENCIAL"]
["FUNDACOES E ESTRUTURAS","FUES","ADESIVOS PARA ESTRUTURAS","0286","","",98576,"TRATAMENTO DE JUNTA DE DILATAÇÃO COM MANTA ASFÁLTICA ADERIDA COM MAÇARICO. AF_09/2023","M","COEFICIENTE DE REPRESENTATIVIDADE",24.93,"CAIXA REFERENCIAL"]
["FUNDACOES E ESTRUTURAS","FUES","ADESIVOS PARA ESTRUTURAS","0286","","",98577,"TRATAMENTO DE JUNTA SERRADA, COM TARUGO DE POLIETILENO E SELANTE À BASE DE SILICONE. AF_09/2023","M","COEFICIENTE DE REPRESENTATIVIDADE",45.04,"CAIXA REFERENCIAL"]
["FUNDACOES E ESTRUTURAS","FUES","CINTAS E VERGAS","0296","","",93182,"VERGA PRÉ-MOLDADA PARA JANELAS COM ATÉ 1,5 M DE VÃO. AF_03/2016","M","COEFICIENTE DE REPRESENTATIVIDADE",51.93,"CAIXA REFERENCIAL"]
["FUNDACOES E ESTRUTURAS","FUES","CINTAS E VERGAS","0296","","",93183,"VERGA PRÉ-MOLDADA PARA JANELAS COM MAIS DE 1,5 M DE VÃO. AF_03/2016","M","COEFICIENTE DE REPRESENTATIVIDADE",66.349999999999994,"CAIXA REFERENCIAL"]
["FUNDACOES E ESTRUTURAS","FUES","CINTAS E VERGAS","0296","","",93184,"VERGA PRÉ-MOLDADA COM ATÉ 1,5 M DE VÃO, ESPESSURA DE *20* CM. AF_03/2024","M","COEFICIENTE DE REPRESENTATIVIDADE",28.93,"CAIXA REFERENCIAL"]
["FUNDACOES E ESTRUTURAS","FUES","CINTAS E VERGAS","0296","","",93185,"VERGA PRÉ-MOLDADA PARA PORTAS COM MAIS DE 1,5 M DE VÃO. AF_03/2016","M","COEFICIENTE DE REPRESENTATIVIDADE",65.38,"CAIXA REFERENCIAL"]
["FUNDACOES E ESTRUTURAS","FUES","CINTAS E VERGAS","0296","","",93186,"VERGA MOLDADA IN LOCO EM CONCRETO PARA JANELAS COM ATÉ 1,5 M DE VÃO. AF_03/2016","M","COEFICIENTE DE REPRESENTATIVIDADE",96.82,"CAIXA REFERENCIAL"]
["FUNDACOES E ESTRUTURAS","FUES","CINTAS E VERGAS","0296","","",93187,"VERGA MOLDADA IN LOCO EM CONCRETO, ESPESSURA DE *20* CM. AF_03/2024","M","COEFICIENTE DE REPRESENTATIVIDADE",75.7,"CAIXA REFERENCIAL"]
["FUNDACOES E ESTRUTURAS","FUES","CINTAS E VERGAS","0296","","",93188,"VERGA MOLDADA IN LOCO EM CONCRETO PARA PORTAS COM ATÉ 1,5 M DE VÃO. AF_03/2016","M","COEFICIENTE DE REPRESENTATIVIDADE",91.74,"CAIXA REFERENCIAL"]
["FUNDACOES E ESTRUTURAS","FUES","CINTAS E VERGAS","0296","","",93189,"VERGA MOLDADA IN LOCO EM CONCRETO PARA PORTAS COM MAIS DE 1,5 M DE VÃO. AF_03/2016","M","COEFICIENTE DE REPRESENTATIVIDADE",111.71,"CAIXA REFERENCIAL"]
["FUNDACOES E ESTRUTURAS","FUES","CINTAS E VERGAS","0296","","",93190,"VERGA MOLDADA IN LOCO COM UTILIZAÇÃO DE BLOCOS CANALETA PARA JANELAS COM ATÉ 1,5 M DE VÃO. AF_03/2016","M","COEFICIENTE DE REPRESENTATIVIDADE",48.34,"CAIXA REFERENCIAL"]
["FUNDACOES E ESTRUTURAS","FUES","CINTAS E VERGAS","0296","","",93191,"VERGA MOLDADA IN LOCO COM UTILIZAÇÃO DE BLOCOS CANALETA, ESPESSURA DE *20* CM. AF_03/2024","M","COEFICIENTE DE REPRESENTATIVIDADE",61.28,"CAIXA REFERENCIAL"]
["FUNDACOES E ESTRUTURAS","FUES","CINTAS E VERGAS","0296","","",93192,"VERGA MOLDADA IN LOCO COM UTILIZAÇÃO DE BLOCOS CANALETA PARA PORTAS COM ATÉ 1,5 M DE VÃO. AF_03/2016","M","COEFICIENTE DE REPRESENTATIVIDADE",55.21,"CAIXA REFERENCIAL"]
["FUNDACOES E ESTRUTURAS","FUES","CINTAS E VERGAS","0296","","",93193,"VERGA MOLDADA IN LOCO COM UTILIZAÇÃO DE BLOCOS CANALETA PARA PORTAS COM MAIS DE 1,5 M DE VÃO. AF_03/2016","M","COEFICIENTE DE REPRESENTATIVIDADE",51.49,"CAIXA REFERENCIAL"]
["FUNDACOES E ESTRUTURAS","FUES","CINTAS E VERGAS","0296","","",93194,"CONTRAVERGA PRÉ-MOLDADA, ESPESSURA DE *20* CM. AF_03/2024","M","COEFICIENTE DE REPRESENTATIVIDADE",28.19,"CAIXA REFERENCIAL"]
["FUNDACOES E ESTRUTURAS","FUES","CINTAS E VERGAS","0296","","",93195,"CONTRAVERGA PRÉ-MOLDADA PARA VÃOS DE MAIS DE 1,5 M DE COMPRIMENTO. AF_03/2016","M","COEFICIENTE DE REPRESENTATIVIDADE",62.11,"CAIXA REFERENCIAL"]
["FUNDACOES E ESTRUTURAS","FUES","CINTAS E VERGAS","0296","","",93196,"CONTRAVERGA MOLDADA IN LOCO EM CONCRETO PARA VÃOS DE ATÉ 1,5 M DE COMPRIMENTO. AF_03/2016","M","COEFICIENTE DE REPRESENTATIVIDADE",93.27,"CAIXA REFERENCIAL"]
["FUNDACOES E ESTRUTURAS","FUES","CINTAS E VERGAS","0296","","",93197,"CONTRAVERGA MOLDADA IN LOCO EM CONCRETO, ESPESSURA DE *20* CM. AF_03/2024","M","COEFICIENTE DE REPRESENTATIVIDADE",56.75,"CAIXA REFERENCIAL"]
["FUNDACOES E ESTRUTURAS","FUES","CINTAS E VERGAS","0296","","",93198,"CONTRAVERGA MOLDADA IN LOCO COM UTILIZAÇÃO DE BLOCOS CANALETA PARA VÃOS DE ATÉ 1,5 M DE COMPRIMENTO. AF_03/2016","M","COEFICIENTE DE REPRESENTATIVIDADE",41.13,"CAIXA REFERENCIAL"]
["FUNDACOES E ESTRUTURAS","FUES","CINTAS E VERGAS","0296","","",93199,"CONTRAVERGA MOLDADA IN LOCO COM UTILIZAÇÃO DE BLOCOS CANALETA, ESPESSURA DE *20* CM. AF_03/2024","M","COEFICIENTE DE REPRESENTATIVIDADE",48.91,"CAIXA REFERENCIAL"]
["FUNDACOES E ESTRUTURAS","FUES","CINTAS E VERGAS","0296","","",93200,"FIXAÇÃO (ENCUNHAMENTO) DE ALVENARIA DE VEDAÇÃO COM ARGAMASSA APLICADA COM BISNAGA. AF_03/2024","M","COEFICIENTE DE REPRESENTATIVIDADE",11.02,"CAIXA REFERENCIAL"]
["FUNDACOES E ESTRUTURAS","FUES","CINTAS E VERGAS","0296","","",93201,"FIXAÇÃO (ENCUNHAMENTO) DE ALVENARIA DE VEDAÇÃO COM ARGAMASSA APLICADA COM COLHER. AF_03/2016","M","COEFICIENTE DE REPRESENTATIVIDADE",6.61,"CAIXA REFERENCIAL"]
["FUNDACOES E ESTRUTURAS","FUES","CINTAS E VERGAS","0296","","",93202,"FIXAÇÃO (ENCUNHAMENTO) DE ALVENARIA DE VEDAÇÃO COM TIJOLO MACIÇO. AF_03/2024","M","COEFICIENTE DE REPRESENTATIVIDADE",24.65,"CAIXA REFERENCIAL"]
["FUNDACOES E ESTRUTURAS","FUES","CINTAS E VERGAS","0296","","",93203,"FIXAÇÃO (ENCUNHAMENTO) DE ALVENARIA DE VEDAÇÃO COM ESPUMA DE POLIURETANO EXPANSIVA. AF_03/2024","M","COLETADO",18.920000000000002,"CAIXA REFERENCIAL"]
["FUNDACOES E ESTRUTURAS","FUES","CINTAS E VERGAS","0296","","",93204,"CINTA DE AMARRAÇÃO DE ALVENARIA MOLDADA IN LOCO EM CONCRETO. AF_03/2016","M","COEFICIENTE DE REPRESENTATIVIDADE",67.2,"CAIXA REFERENCIAL"]
["FUNDACOES E ESTRUTURAS","FUES","CINTAS E VERGAS","0296","","",93205,"CINTA DE AMARRAÇÃO DE ALVENARIA MOLDADA IN LOCO COM UTILIZAÇÃO DE BLOCOS CANALETA, ESPESSURA DE *20* CM. AF_03/2024","M","COEFICIENTE DE REPRESENTATIVIDADE",59.45,"CAIXA REFERENCIAL"]
["FUNDACOES E ESTRUTURAS","FUES","CINTAS E VERGAS","0296","","",105021,"VERGA PRÉ-MOLDADA COM ATÉ 1,5 M DE VÃO, ESPESSURA DE *15* CM. AF_03/2024","M","COEFICIENTE DE REPRESENTATIVIDADE",25.19,"CAIXA REFERENCIAL"]
["FUNDACOES E ESTRUTURAS","FUES","CINTAS E VERGAS","0296","","",105022,"VERGA PRÉ-MOLDADA COM ATÉ 1,5 M DE VÃO, ESPESSURA DE *10* CM. AF_03/2024","M","COEFICIENTE DE REPRESENTATIVIDADE",22.22,"CAIXA REFERENCIAL"]
["FUNDACOES E ESTRUTURAS","FUES","CINTAS E VERGAS","0296","","",105023,"VERGA MOLDADA IN LOCO EM CONCRETO, ESPESSURA DE *15* CM. AF_03/2024","M","COEFICIENTE DE REPRESENTATIVIDADE",64.66,"CAIXA REFERENCIAL"]
["FUNDACOES E ESTRUTURAS","FUES","CINTAS E VERGAS","0296","","",105024,"VERGA MOLDADA IN LOCO EM CONCRETO, ESPESSURA DE *10* CM. AF_03/2024","M","COEFICIENTE DE REPRESENTATIVIDADE",53.59,"CAIXA REFERENCIAL"]
["FUNDACOES E ESTRUTURAS","FUES","CINTAS E VERGAS","0296","","",105025,"VERGA MOLDADA IN LOCO COM UTILIZAÇÃO DE BLOCOS CANALETA, ESPESSURA DE *15* CM. AF_03/2024","M","COEFICIENTE DE REPRESENTATIVIDADE",57.2,"CAIXA REFERENCIAL"]
["FUNDACOES E ESTRUTURAS","FUES","CINTAS E VERGAS","0296","","",105026,"VERGA MOLDADA IN LOCO COM UTILIZAÇÃO DE BLOCOS CANALETA, ESPESSURA DE *10* CM. AF_03/2024","M","COEFICIENTE DE REPRESENTATIVIDADE",48.64,"CAIXA REFERENCIAL"]
["FUNDACOES E ESTRUTURAS","FUES","CINTAS E VERGAS","0296","","",105027,"CONTRAVERGA PRÉ-MOLDADA, ESPESSURA DE *15* CM. AF_03/2024","M","COEFICIENTE DE REPRESENTATIVIDADE",24.85,"CAIXA REFERENCIAL"]
["FUNDACOES E ESTRUTURAS","FUES","CINTAS E VERGAS","0296","","",105028,"CONTRAVERGA PRÉ-MOLDADA, ESPESSURA DE *10* CM. AF_03/2024","M","COEFICIENTE DE REPRESENTATIVIDADE",21.89,"CAIXA REFERENCIAL"]
["FUNDACOES E ESTRUTURAS","FUES","CINTAS E VERGAS","0296","","",105029,"CONTRAVERGA MOLDADA IN LOCO EM CONCRETO, ESPESSURA DE *15* CM. AF_03/2024","M","COEFICIENTE DE REPRESENTATIVIDADE",49.32,"CAIXA REFERENCIAL"]
["FUNDACOES E ESTRUTURAS","FUES","CINTAS E VERGAS","0296","","",105030,"CONTRAVERGA MOLDADA IN LOCO EM CONCRETO, ESPESSURA DE *10* CM. AF_03/2024","M","COEFICIENTE DE REPRESENTATIVIDADE",41.92,"CAIXA REFERENCIAL"]
["FUNDACOES E ESTRUTURAS","FUES","CINTAS E VERGAS","0296","","",105031,"CONTRAVERGA MOLDADA IN LOCO COM UTILIZAÇÃO DE BLOCOS CANALETA, ESPESSURA DE *15* CM. AF_03/2024","M","COEFICIENTE DE REPRESENTATIVIDADE",46.26,"CAIXA REFERENCIAL"]
["FUNDACOES E ESTRUTURAS","FUES","CINTAS E VERGAS","0296","","",105032,"CONTRAVERGA MOLDADA IN LOCO COM UTILIZAÇÃO DE BLOCOS CANALETA, ESPESSURA DE *10* CM. AF_03/2024","M","COEFICIENTE DE REPRESENTATIVIDADE",39.450000000000003,"CAIXA REFERENCIAL"]
["FUNDACOES E ESTRUTURAS","FUES","CINTAS E VERGAS","0296","","",105033,"CINTA DE AMARRAÇÃO DE ALVENARIA MOLDADA IN LOCO COM UTILIZAÇÃO DE BLOCOS CANALETA, ESPESSURA DE *15* CM. AF_03/2024","M","COEFICIENTE DE REPRESENTATIVIDADE",55.75,"CAIXA REFERENCIAL"]
["FUNDACOES E ESTRUTURAS","FUES","CINTAS E VERGAS","0296","","",105034,"CINTA DE AMARRAÇÃO DE ALVENARIA MOLDADA IN LOCO COM UTILIZAÇÃO DE BLOCOS CANALETA, ESPESSURA DE *10* CM. AF_03/2024","M","COEFICIENTE DE REPRESENTATIVIDADE",47.89,"CAIXA REFERENCIAL"]
["FUNDACOES E ESTRUTURAS","FUES","CINTAS E VERGAS","0296","","",105035,"VERGA PRÉ-FABRICADA COM ATÉ 1,5 M DE VÃO, ESPESSURA DE *20* CM. AF_03/2024","M","ATRIBUÍDO SÃO PAULO",62.39,"CAIXA REFERENCIAL"]
["FUNDACOES E ESTRUTURAS","FUES","CINTAS E VERGAS","0296","","",105036,"VERGA PRÉ-FABRICADA COM ATÉ 1,5 M DE VÃO, ESPESSURA DE *15* CM. AF_03/2024","M","ATRIBUÍDO SÃO PAULO",44.98,"CAIXA REFERENCIAL"]
["FUNDACOES E ESTRUTURAS","FUES","CINTAS E VERGAS","0296","","",105037,"VERGA PRÉ-FABRICADA COM ATÉ 1,5 M DE VÃO, ESPESSURA DE *10* CM. AF_03/2024","M","ATRIBUÍDO SÃO PAULO",30.47,"CAIXA REFERENCIAL"]
["FUNDACOES E ESTRUTURAS","FUES","CINTAS E VERGAS","0296","","",105038,"CONTRAVERGA PRÉ-FABRICADA, ESPESSURA DE *20* CM. AF_03/2024","M","ATRIBUÍDO SÃO PAULO",62.22,"CAIXA REFERENCIAL"]
["FUNDACOES E ESTRUTURAS","FUES","CINTAS E VERGAS","0296","","",105039,"CONTRAVERGA PRÉ-FABRICADA, ESPESSURA DE *15* CM. AF_03/2024","M","ATRIBUÍDO SÃO PAULO",44.8,"CAIXA REFERENCIAL"]
["FUNDACOES E ESTRUTURAS","FUES","CINTAS E VERGAS","0296","","",105040,"CONTRAVERGA PRÉ-FABRICADA, ESPESSURA DE *10* CM. AF_03/2024","M","ATRIBUÍDO SÃO PAULO",30.33,"CAIXA REFERENCIAL"]
["FUNDACOES E ESTRUTURAS","FUES","ESTRUTURAS DIVERSAS","0301","","",97733,"PEÇA RETANGULAR PRÉ-MOLDADA, VOLUME DE CONCRETO DE ATÉ 10 LITROS, TAXA DE AÇO APROXIMADA DE 30KG/M³. AF_03/2024","M3","ATRIBUÍDO SÃO PAULO",3233.95,"CAIXA REFERENCIAL"]
["FUNDACOES E ESTRUTURAS","FUES","ESTRUTURAS DIVERSAS","0301","","",97734,"PEÇA RETANGULAR PRÉ-MOLDADA, VOLUME DE CONCRETO DE 10 A 30 LITROS, TAXA DE AÇO APROXIMADA DE 30KG/M³. AF_03/2024","M3","ATRIBUÍDO SÃO PAULO",2820.18,"CAIXA REFERENCIAL"]
["FUNDACOES E ESTRUTURAS","FUES","ESTRUTURAS DIVERSAS","0301","","",97735,"PEÇA RETANGULAR PRÉ-MOLDADA, VOLUME DE CONCRETO DE 30 A 100 LITROS, TAXA DE AÇO APROXIMADA DE 30KG/M³. AF_03/2024","M3","ATRIBUÍDO SÃO PAULO",2327.1,"CAIXA REFERENCIAL"]
["FUNDACOES E ESTRUTURAS","FUES","ESTRUTURAS DIVERSAS","0301","","",97736,"PEÇA RETANGULAR PRÉ-MOLDADA, VOLUME DE CONCRETO ACIMA DE 100 LITROS, TAXA DE AÇO APROXIMADA DE 30KG/M³. AF_03/2024","M3","ATRIBUÍDO SÃO PAULO",1493.43,"CAIXA REFERENCIAL"]
["FUNDACOES E ESTRUTURAS","FUES","ESTRUTURAS DIVERSAS","0301","","",97737,"PEÇA RETANGULAR PRÉ-MOLDADA, VOLUME DE CONCRETO DE 30 A 70 LITROS , TAXA DE AÇO APROXIMADA DE 70KG/M³. AF_03/2024","M3","ATRIBUÍDO SÃO PAULO",3125.86,"CAIXA REFERENCIAL"]
["FUNDACOES E ESTRUTURAS","FUES","ESTRUTURAS DIVERSAS","0301","","",97738,"PEÇA CIRCULAR PRÉ-MOLDADA, VOLUME DE CONCRETO DE 10 A 30 LITROS, TAXA DE FIBRA DE POLIPROPILENO APROXIMADA DE 6 KG/M³. AF_03/2024","M3","ATRIBUÍDO SÃO PAULO",3728.08,"CAIXA REFERENCIAL"]
["FUNDACOES E ESTRUTURAS","FUES","ESTRUTURAS DIVERSAS","0301","","",97739,"PEÇA CIRCULAR PRÉ-MOLDADA, VOLUME DE CONCRETO DE 30 A 100 LITROS, TAXA DE AÇO APROXIMADA DE 30KG/M³. AF_03/2024","M3","ATRIBUÍDO SÃO PAULO",2747.69,"CAIXA REFERENCIAL"]
["FUNDACOES E ESTRUTURAS","FUES","ESTRUTURAS DIVERSAS","0301","","",97740,"PEÇA CIRCULAR PRÉ-MOLDADA, VOLUME DE CONCRETO ACIMA DE 100 LITROS, TAXA DE AÇO APROXIMADA DE 30KG/M³. AF_03/2024","M3","ATRIBUÍDO SÃO PAULO",2046.26,"CAIXA REFERENCIAL"]
["FUNDACOES E ESTRUTURAS","FUES","ESTRUTURAS DIVERSAS","0301","","",98615,"CONTENÇÃO EM CORTINA COM ESTACAS ESPAÇADAS COM 30 CM DE DIÂMETRO E PROFUNDIDADE MENOR OU IGUAL A 10 M. AF_06/2018","M2","ATRIBUÍDO SÃO PAULO",144.38,"CAIXA REFERENCIAL"]
["FUNDACOES E ESTRUTURAS","FUES","ESTRUTURAS DIVERSAS","0301","","",98616,"CONTENÇÃO EM CORTINA COM ESTACAS ESPAÇADAS COM 30 CM DE DIÂMETRO E PROFUNDIDADE MAIOR QUE 10 M E MENOR OU IGUAL A 15 M. AF_06/2018","M2","ATRIBUÍDO SÃO PAULO",111.34,"CAIXA REFERENCIAL"]
["FUNDACOES E ESTRUTURAS","FUES","ESTRUTURAS DIVERSAS","0301","","",98617,"CONTENÇÃO EM CORTINA COM ESTACAS ESPAÇADAS COM 30 CM DE DIÂMETRO E PROFUNDIDADE MAIOR QUE 15 M. AF_06/2018","M2","ATRIBUÍDO SÃO PAULO",102.2,"CAIXA REFERENCIAL"]
["FUNDACOES E ESTRUTURAS","FUES","ESTRUTURAS DIVERSAS","0301","","",98618,"CONTENÇÃO EM CORTINA COM ESTACAS ESPAÇADAS COM 40 CM DE DIÂMETRO E PROFUNDIDADE MENOR OU IGUAL A 10 M. AF_06/2018","M2","ATRIBUÍDO SÃO PAULO",140.66999999999999,"CAIXA REFERENCIAL"]
["FUNDACOES E ESTRUTURAS","FUES","ESTRUTURAS DIVERSAS","0301","","",98619,"CONTENÇÃO EM CORTINA COM ESTACAS ESPAÇADAS COM 40 CM DE DIÂMETRO E PROFUNDIDADE MAIOR QUE 10 M E MENOR OU IGUAL A 15 M. AF_06/2018","M2","ATRIBUÍDO SÃO PAULO",126.85,"CAIXA REFERENCIAL"]
["FUNDACOES E ESTRUTURAS","FUES","ESTRUTURAS DIVERSAS","0301","","",98620,"CONTENÇÃO EM CORTINA COM ESTACAS ESPAÇADAS COM 40 CM DE DIÂMETRO E PROFUNDIDADE MAIOR QUE 15 M. AF_06/2018","M2","ATRIBUÍDO SÃO PAULO",119.88,"CAIXA REFERENCIAL"]
["FUNDACOES E ESTRUTURAS","FUES","ESTRUTURAS DIVERSAS","0301","","",98621,"CONTENÇÃO EM CORTINA COM ESTACAS ESPAÇADAS COM 50 CM DE DIÂMETRO E PROFUNDIDADE MENOR OU IGUAL A 10 M. AF_06/2018","M2","ATRIBUÍDO SÃO PAULO",157.88,"CAIXA REFERENCIAL"]
["FUNDACOES E ESTRUTURAS","FUES","ESTRUTURAS DIVERSAS","0301","","",98622,"CONTENÇÃO EM CORTINA COM ESTACAS ESPAÇADAS COM 50 CM DE DIÂMETRO E PROFUNDIDADE MAIOR QUE 10 M E MENOR OU IGUAL A 15 M. AF_06/2018","M2","ATRIBUÍDO SÃO PAULO",146.77000000000001,"CAIXA REFERENCIAL"]
["FUNDACOES E ESTRUTURAS","FUES","ESTRUTURAS DIVERSAS","0301","","",98623,"CONTENÇÃO EM CORTINA COM ESTACAS ESPAÇADAS COM 50 CM DE DIÂMETRO E PROFUNDIDADE MAIOR QUE 15 M. AF_06/2018","M2","ATRIBUÍDO SÃO PAULO",141.12,"CAIXA REFERENCIAL"]
["FUNDACOES E ESTRUTURAS","FUES","ESTRUTURAS DIVERSAS","0301","","",98624,"CONTENÇÃO EM CORTINA COM ESTACAS ESPAÇADAS COM 60 CM DE DIÂMETRO E PROFUNDIDADE MENOR OU IGUAL A 10 M. AF_06/2018","M2","ATRIBUÍDO SÃO PAULO",177.03,"CAIXA REFERENCIAL"]
["FUNDACOES E ESTRUTURAS","FUES","ESTRUTURAS DIVERSAS","0301","","",98625,"CONTENÇÃO EM CORTINA COM ESTACAS ESPAÇADAS COM 60 CM DE DIÂMETRO E PROFUNDIDADE MAIOR QUE 10 M E MENOR OU IGUAL A 15 M. AF_06/2018","M2","ATRIBUÍDO SÃO PAULO",167.66,"CAIXA REFERENCIAL"]
["FUNDACOES E ESTRUTURAS","FUES","ESTRUTURAS DIVERSAS","0301","","",98626,"CONTENÇÃO EM CORTINA COM ESTACAS ESPAÇADAS COM 60 CM DE DIÂMETRO E PROFUNDIDADE MAIOR QUE 15 M. AF_06/2018","M2","ATRIBUÍDO SÃO PAULO",162.84,"CAIXA REFERENCIAL"]
["FUNDACOES E ESTRUTURAS","FUES","ESTRUTURAS DIVERSAS","0301","","",98655,"EXECUÇÃO DE MURETA GUIA PARA CONTENÇÃO/ FUNDAÇÃO COM 30 CM DE ESPESSURA. AF_06/2018","M","ATRIBUÍDO SÃO PAULO",694.31,"CAIXA REFERENCIAL"]
["FUNDACOES E ESTRUTURAS","FUES","ESTRUTURAS DIVERSAS","0301","","",98656,"EXECUÇÃO DE MURETA GUIA PARA CONTENÇÃO/ FUNDAÇÃO COM 40 CM DE ESPESSURA. AF_06/2018","M","ATRIBUÍDO SÃO PAULO",705.85,"CAIXA REFERENCIAL"]
["FUNDACOES E ESTRUTURAS","FUES","ESTRUTURAS DIVERSAS","0301","","",98657,"EXECUÇÃO DE MURETA GUIA PARA CONTENÇÃO/ FUNDAÇÃO COM 50 CM DE ESPESSURA. AF_06/2018","M","ATRIBUÍDO SÃO PAULO",717.4,"CAIXA REFERENCIAL"]
["FUNDACOES E ESTRUTURAS","FUES","ESTRUTURAS DIVERSAS","0301","","",98658,"EXECUÇÃO DE MURETA GUIA PARA CONTENÇÃO/ FUNDAÇÃO COM 60 CM DE ESPESSURA. AF_06/2018","M","ATRIBUÍDO SÃO PAULO",728.93,"CAIXA REFERENCIAL"]
["FUNDACOES E ESTRUTURAS","FUES","ESTRUTURAS DIVERSAS","0301","","",98659,"EXECUÇÃO DE MURETA GUIA PARA CONTENÇÃO/ FUNDAÇÃO COM 80 CM DE ESPESSURA. AF_06/2018","M","ATRIBUÍDO SÃO PAULO",752.02,"CAIXA REFERENCIAL"]
["FUNDACOES E ESTRUTURAS","FUES","ESTRUTURAS DIVERSAS","0301","","",98746,"SOLDA DE TOPO EM CHAPA/PERFIL/TUBO DE AÇO CHANFRADO, ESPESSURA=1/4''. AF_06/2018","M","COEFICIENTE DE REPRESENTATIVIDADE",56.68,"CAIXA REFERENCIAL"]
["FUNDACOES E ESTRUTURAS","FUES","ESTRUTURAS DIVERSAS","0301","","",98749,"SOLDA DE TOPO EM CHAPA/PERFIL/TUBO DE AÇO CHANFRADO, ESPESSURA=5/16''. AF_06/2018","M","COEFICIENTE DE REPRESENTATIVIDADE",66.3,"CAIXA REFERENCIAL"]
["FUNDACOES E ESTRUTURAS","FUES","ESTRUTURAS DIVERSAS","0301","","",98750,"SOLDA DE TOPO EM CHAPA/PERFIL/TUBO DE AÇO CHANFRADO, ESPESSURA=3/8''. AF_06/2018","M","COEFICIENTE DE REPRESENTATIVIDADE",77.790000000000006,"CAIXA REFERENCIAL"]
["FUNDACOES E ESTRUTURAS","FUES","ESTRUTURAS DIVERSAS","0301","","",98751,"SOLDA DE TOPO EM CHAPA/PERFIL/TUBO DE AÇO CHANFRADO, ESPESSURA=1/2''. AF_06/2018","M","COEFICIENTE DE REPRESENTATIVIDADE",107.74,"CAIXA REFERENCIAL"]
["FUNDACOES E ESTRUTURAS","FUES","ESTRUTURAS DIVERSAS","0301","","",98752,"SOLDA DE TOPO EM CHAPA/PERFIL/TUBO DE AÇO CHANFRADO, ESPESSURA=5/8''. AF_06/2018","M","COEFICIENTE DE REPRESENTATIVIDADE",143.61000000000001,"CAIXA REFERENCIAL"]
["FUNDACOES E ESTRUTURAS","FUES","ESTRUTURAS DIVERSAS","0301","","",98753,"SOLDA DE TOPO EM CHAPA/PERFIL/TUBO DE AÇO CHANFRADO, ESPESSURA=3/4''. AF_06/2018","M","COEFICIENTE DE REPRESENTATIVIDADE",188.05,"CAIXA REFERENCIAL"]
["FUNDACOES E ESTRUTURAS","FUES","ESTRUTURAS DIVERSAS","0301","","",100763,"VIGA METÁLICA EM PERFIL LAMINADO OU SOLDADO EM AÇO ESTRUTURAL, COM CONEXÕES PARAFUSADAS, INCLUSOS MÃO DE OBRA, TRANSPORTE E IÇAMENTO UTILIZANDO GUINDASTE - FORNECIMENTO E INSTALAÇÃO. AF_01/2020_PSA","KG","ATRIBUÍDO SÃO PAULO",16,"CAIXA REFERENCIAL"]
["FUNDACOES E ESTRUTURAS","FUES","ESTRUTURAS DIVERSAS","0301","","",100764,"VIGA METÁLICA EM PERFIL LAMINADO OU SOLDADO EM AÇO ESTRUTURAL, COM CONEXÕES SOLDADAS, INCLUSOS MÃO DE OBRA, TRANSPORTE E IÇAMENTO UTILIZANDO GUINDASTE - FORNECIMENTO E INSTALAÇÃO. AF_01/2020_PA","KG","ATRIBUÍDO SÃO PAULO",15.63,"CAIXA REFERENCIAL"]
["FUNDACOES E ESTRUTURAS","FUES","ESTRUTURAS DIVERSAS","0301","","",100765,"PILAR METÁLICO PERFIL LAMINADO/SOLDADO EM AÇO ESTRUTURAL, COM CONEXÕES PARAFUSADAS, INCLUSOS MÃO DE OBRA, TRANSPORTE E IÇAMENTO UTILIZANDO GUINDASTE - FORNECIMENTO E INSTALAÇÃO. AF_01/2020_PSA","KG","ATRIBUÍDO SÃO PAULO",13.98,"CAIXA REFERENCIAL"]
["FUNDACOES E ESTRUTURAS","FUES","ESTRUTURAS DIVERSAS","0301","","",100766,"PILAR METÁLICO PERFIL LAMINADO OU SOLDADO EM AÇO ESTRUTURAL, COM CONEXÕES SOLDADAS, INCLUSOS MÃO DE OBRA, TRANSPORTE E IÇAMENTO UTILIZANDO GUINDASTE - FORNECIMENTO E INSTALAÇÃO. AF_01/2020_PA","KG","ATRIBUÍDO SÃO PAULO",14.04,"CAIXA REFERENCIAL"]
["FUNDACOES E ESTRUTURAS","FUES","ESTRUTURAS DIVERSAS","0301","","",100767,"CONTRAVENTAMENTO COM CANTONEIRAS DE AÇO, ABAS IGUAIS, COM CONEXÕES PARAFUSADAS, INCLUSOS MÃO DE OBRA, TRANSPORTE E IÇAMENTO UTILIZANDO TALHA MANUAL, PARA EDIFÍCIOS DE ATÉ 2 PAVIMENTOS - FORNECIMENTO E INSTALAÇÃO. AF_01/2020_PSA","KG","ATRIBUÍDO SÃO PAULO",16.68,"CAIXA REFERENCIAL"]
["FUNDACOES E ESTRUTURAS","FUES","ESTRUTURAS DIVERSAS","0301","","",100768,"CONTRAVENTAMENTO COM CANTONEIRAS DE AÇO, ABAS IGUAIS, COM CONEXÕES SOLDADAS, INCLUSOS MÃO DE OBRA, TRANSPORTE E IÇAMENTO UTILIZANDO TALHA MANUAL, PARA EDIFÍCIOS DE ATÉ 2 PAVIMENTOS - FORNECIMENTO E INSTALAÇÃO. AF_01/2020_PA","KG","ATRIBUÍDO SÃO PAULO",15.46,"CAIXA REFERENCIAL"]
["FUNDACOES E ESTRUTURAS","FUES","ESTRUTURAS DIVERSAS","0301","","",100769,"CONTRAVENTAMENTO COM CANTONEIRAS DE AÇO, ABAS IGUAIS, COM CONEXÕES PARAFUSADAS, INCLUSOS MÃO DE OBRA, TRANSPORTE E IÇAMENTO UTILIZANDO GUINDASTE, PARA EDIFÍCIOS DE 3 A 5 PAVIMENTOS - FORNECIMENTO E INSTALAÇÃO. AF_01/2020_PSA","KG","ATRIBUÍDO SÃO PAULO",22.78,"CAIXA REFERENCIAL"]
["FUNDACOES E ESTRUTURAS","FUES","ESTRUTURAS DIVERSAS","0301","","",100770,"CONTRAVENTAMENTO COM CANTONEIRAS DE AÇO, ABAS IGUAIS, COM CONEXÕES SOLDADAS, INCLUSOS MÃO DE OBRA, TRANSPORTE E IÇAMENTO UTILIZANDO GUINDASTE, PARA EDIFÍCIOS DE 3 A 5 PAVIMENTOS - FORNECIMENTO E INSTALAÇÃO. AF_01/2020_PA","KG","ATRIBUÍDO SÃO PAULO",21.46,"CAIXA REFERENCIAL"]
["FUNDACOES E ESTRUTURAS","FUES","ESTRUTURAS DIVERSAS","0301","","",100771,"CONTRAVENTAMENTO COM CANTONEIRAS DE AÇO, ABAS IGUAIS, COM CONEXÕES PARAFUSADAS, INCLUSOS MÃO DE OBRA, TRANSPORTE E IÇAMENTO UTILIZANDO GRUA, PARA EDIFÍCIOS DE 6 A 10 PAVIMENTOS - FORNECIMENTO E INSTALAÇÃO. AF_01/2020_PSA","KG","ATRIBUÍDO SÃO PAULO",16.989999999999998,"CAIXA REFERENCIAL"]
["FUNDACOES E ESTRUTURAS","FUES","ESTRUTURAS DIVERSAS","0301","","",100772,"CONTRAVENTAMENTO COM CANTONEIRAS DE AÇO, ABAS IGUAIS, COM CONEXÕES SOLDADAS, INCLUSOS MÃO DE OBRA, TRANSPORTE E IÇAMENTO UTILIZANDO GRUA, PARA EDIFÍCIOS DE 6 A 10 PAVIMENTOS - FORNECIMENTO E INSTALAÇÃO. AF_01/2020_PA","KG","ATRIBUÍDO SÃO PAULO",15.73,"CAIXA REFERENCIAL"]
["FUNDACOES E ESTRUTURAS","FUES","ESTRUTURAS DIVERSAS","0301","","",100773,"ESTRUTURA TRELIÇADA DE COBERTURA, TIPO ARCO, COM LIGAÇÕES SOLDADAS, INCLUSOS PERFIS METÁLICOS, CHAPAS METÁLICAS, MÃO DE OBRA E TRANSPORTE COM GUINDASTE - FORNECIMENTO E INSTALAÇÃO. AF_01/2020_PSA","KG","ATRIBUÍDO SÃO PAULO",19.559999999999999,"CAIXA REFERENCIAL"]
["FUNDACOES E ESTRUTURAS","FUES","ESTRUTURAS DIVERSAS","0301","","",100774,"ESTRUTURA TRELIÇADA DE COBERTURA, TIPO SHED, COM LIGAÇÕES SOLDADAS, INCLUSOS PERFIS METÁLICOS, CHAPAS METÁLICAS, MÃO DE OBRA E TRANSPORTE COM GUINDASTE - FORNECIMENTO E INSTALAÇÃO. AF_01/2020_PSA","KG","ATRIBUÍDO SÃO PAULO",11.5,"CAIXA REFERENCIAL"]
["FUNDACOES E ESTRUTURAS","FUES","ESTRUTURAS DIVERSAS","0301","","",100775,"ESTRUTURA TRELIÇADA DE COBERTURA, TIPO FINK, COM LIGAÇÕES SOLDADAS, INCLUSOS PERFIS METÁLICOS, CHAPAS METÁLICAS, MÃO DE OBRA E TRANSPORTE COM GUINDASTE - FORNECIMENTO E INSTALAÇÃO. AF_01/2020_PSA","KG","ATRIBUÍDO SÃO PAULO",13.63,"CAIXA REFERENCIAL"]
["FUNDACOES E ESTRUTURAS","FUES","ESTRUTURAS DIVERSAS","0301","","",100776,"ESTRUTURA TRELIÇADA DE COBERTURA, TIPO ARCO, COM LIGAÇÕES PARAFUSADAS, INCLUSOS PERFIS METÁLICOS, CHAPAS METÁLICAS, MÃO DE OBRA E TRANSPORTE COM GUINDASTE - FORNECIMENTO E INSTALAÇÃO. AF_01/2020_PSA","KG","ATRIBUÍDO SÃO PAULO",19.84,"CAIXA REFERENCIAL"]
["FUNDACOES E ESTRUTURAS","FUES","ESTRUTURAS DIVERSAS","0301","","",100777,"ESTRUTURA TRELIÇADA DE COBERTURA, TIPO SHED, COM LIGAÇÕES PARAFUSADAS, INCLUSOS PERFIS METÁLICOS, CHAPAS METÁLICAS, MÃO DE OBRA E TRANSPORTE COM GUINDASTE - FORNECIMENTO E INSTALAÇÃO. AF_01/2020_PSA","KG","ATRIBUÍDO SÃO PAULO",14.16,"CAIXA REFERENCIAL"]
["FUNDACOES E ESTRUTURAS","FUES","ESTRUTURAS DIVERSAS","0301","","",100778,"ESTRUTURA TRELIÇADA DE COBERTURA, TIPO FINK, COM LIGAÇÕES PARAFUSADAS, INCLUSOS PERFIS METÁLICOS, CHAPAS METÁLICAS, MÃO DE OBRA E TRANSPORTE COM GUINDASTE - FORNECIMENTO E INSTALAÇÃO. AF_01/2020_PSA","KG","ATRIBUÍDO SÃO PAULO",10.17,"CAIXA REFERENCIAL"]
["FUNDACOES E ESTRUTURAS","FUES","ESTRUTURAS DIVERSAS","0301","","",103795,"FABRICAÇÃO, MONTAGEM E DESMONTAGEM DE FÔRMA PARA ESCADA HIDRÁULICA, EM CHAPA DE MADEIRA COMPENSADA RESINADA, E = 17 MM, 3 UTILIZAÇÕES. AF_08/2022","M2","COEFICIENTE DE REPRESENTATIVIDADE",84.58,"CAIXA REFERENCIAL"]
["FUNDACOES E ESTRUTURAS","FUES","ESTRUTURAS DIVERSAS","0301","","",103796,"FABRICAÇÃO, MONTAGEM E DESMONTAGEM DE FÔRMA PARA BACIA DE DISSIPAÇÃO, EM MADEIRA SERRADA, E = 25 MM, 2 UTILIZAÇÕES. AF_08/2022","M2","COEFICIENTE DE REPRESENTATIVIDADE",66.12,"CAIXA REFERENCIAL"]
["FUNDACOES E ESTRUTURAS","FUES","ESTRUTURAS DIVERSAS","0301","","",103797,"ARMAÇÃO DE DESCIDA D'ÁGUA UTILIZANDO AÇO CA-60 DE 5 MM - MONTAGEM. AF_08/2022","KG","COEFICIENTE DE REPRESENTATIVIDADE",16.97,"CAIXA REFERENCIAL"]
["FUNDACOES E ESTRUTURAS","FUES","ESTRUTURAS DIVERSAS","0301","","",103798,"CONCRETAGEM DE DISSIPADOR DE ENERGIA, CONCRETO USINADO, FCK = 20 MPA, COM USO DE BOMBA - LANÇAMENTO, ADENSAMENTO E ACABAMENTO. AF_08/2022","M3","ATRIBUÍDO SÃO PAULO",594.98,"CAIXA REFERENCIAL"]
["FUNDACOES E ESTRUTURAS","FUES","ESTRUTURAS DIVERSAS","0301","","",103799,"PEDRA DE MÃO FIXADA COM CONCRETO PARA BACIA DE DISSIPAÇÃO, 40% DE CONCRETO EM VOLUME, FCK = 20 MPA, COM USO DE JERICA E PREPARO EM BETONEIRA DE 600 L - AREIA, BRITA E PEDRA DE MÃO COMERCIAIS - LANÇAMENTO, ADENSAMENTO E ACABAMENTO. AF_08/2022","M3","COEFICIENTE DE REPRESENTATIVIDADE",412.4,"CAIXA REFERENCIAL"]
["FUNDACOES E ESTRUTURAS","FUES","ESTRUTURAS DIVERSAS","0301","","",103800,"PEDRA ARGAMASSADA COM CIMENTO E AREIA 1:3, 40% DE ARGAMASSA EM VOLUME - AREIA E PEDRA DE MÃO COMERCIAIS - FORNECIMENTO E ASSENTAMENTO. AF_08/2022","M3","COEFICIENTE DE REPRESENTATIVIDADE",490.78,"CAIXA REFERENCIAL"]
["FUNDACOES E ESTRUTURAS","FUES","ESTRUTURAS DIVERSAS","0301","","",103801,"CONCRETAGEM DE DISSIPADOR DE ENERGIA, FCK = 20 MPA, COM USO DE JERICAS E PREPARO EM BETONEIRA DE 600 L - AREIA E BRITA COMERCIAIS - LANÇAMENTO, ADENSAMENTO E ACABAMENTO. AF_08/2022","M3","ATRIBUÍDO SÃO PAULO",632.22,"CAIXA REFERENCIAL"]
["FUNDACOES E ESTRUTURAS","FUES","ESTRUTURAS DIVERSAS","0301","","",103925,"ESCADA HIDRÁULICA, LARGURA ATÉ 1M, TIPO DESCIDA D'ÁGUA DE CORTE OU ATERRO EM DEGRAUS (DCD 02, 04 E DAD 02), EM CONCRETO USINADO, FCK = 20 MPA, LANÇADO COM BOMBA, INCLUINDO ARMAÇÃO, MATERIAIS E FÔRMAS (3 UTILIZAÇÕES). AF_08/2022","M3","ATRIBUÍDO SÃO PAULO",1652.98,"CAIXA REFERENCIAL"]
["FUNDACOES E ESTRUTURAS","FUES","ESTRUTURAS DIVERSAS","0301","","",103926,"ESCADA HIDRÁULICA, LARGURA DE 1 A 4,1 M, TIPO DESCIDA D'ÁGUA DE ATERRO EM DEGRAUS (DAD 04, 06, 08, 10, 12, 14, 16, 18), EM CONCRETO USINADO, FCK = 20 MPA, LANÇADO COM BOMBA, INCLUINDO ARMAÇÃO, MATERIAIS E FÔRMAS (3 UTILIZAÇÕES). AF_08/2022","M3","ATRIBUÍDO SÃO PAULO",1324.31,"CAIXA REFERENCIAL"]
["FUNDACOES E ESTRUTURAS","FUES","ESTRUTURAS DIVERSAS","0301","","",103928,"BACIA DE DISSIPAÇÃO, TIPO BACIA EM PEDRA DE MÃO ARGAMASSADA (DES 01, 02, 03, 04), LANÇADO MANUALMENTE, INCLUINDO MATERIAIS E FÔRMAS (2 UTILIZAÇÕES). AF_08/2022","M3","COEFICIENTE DE REPRESENTATIVIDADE",490.78,"CAIXA REFERENCIAL"]
["FUNDACOES E ESTRUTURAS","FUES","ESTRUTURAS DIVERSAS","0301","","",103929,"BACIA DE DISSIPAÇÃO, TIPO BACIA COM DENTES DE CONCRETO (01), COM PREPARO MANUAL, FCK = 20 MPA, LANÇADO MANUALMENTE, INCLUINDO MATERIAIS E FÔRMAS (2 UTILIZAÇÕES). AF_08/2022","M3","ATRIBUÍDO SÃO PAULO",1293.49,"CAIXA REFERENCIAL"]
["FUNDACOES E ESTRUTURAS","FUES","ESTRUTURAS DIVERSAS","0301","","",103930,"BACIA DE DISSIPAÇÃO, LARGURA ATÉ 1 M, TIPO BACIA EM PEDRA DE MÃO FIXADA COM CONCRETO (DEB 01, 02), COM PREPARO MANUAL, FCK = 20 MPA, LANÇADO MANUALMENTE, INCLUINDO MATERIAIS E FÔRMAS (2 UTILIZAÇÕES). AF_08/2022","M3","ATRIBUÍDO SÃO PAULO",786.43,"CAIXA REFERENCIAL"]
["FUNDACOES E ESTRUTURAS","FUES","ESTRUTURAS DIVERSAS","0301","","",103931,"BACIA DE DISSIPAÇÃO, LARGURA DE 1 A 4 M, TIPO BACIA EM PEDRA DE MÃO FIXADA COM CONCRETO (DEB 03, 04, 05, 06), COM PREPARO MANUAL, FCK = 20 MPA, LANÇADO MANUALMENTE, INCLUINDO MATERIAIS E FÔRMAS (2 UTILIZAÇÕES). AF_08/2022","M3","ATRIBUÍDO SÃO PAULO",565.09,"CAIXA REFERENCIAL"]
["FUNDACOES E ESTRUTURAS","FUES","ESTRUTURAS DIVERSAS","0301","","",103932,"BACIA DE DISSIPAÇÃO, LARGURA DE 4 A 9,2 M, TIPO BACIA EM PEDRA DE MÃO FIXADA COM CONCRETO (DEB 07, 08, 09, 10, 11, 12, 13), COM PREPARO MANUAL, FCK = 20 MPA, LANÇADO MANUALMENTE, INCLUINDO MATERIAIS E FÔRMAS (2 UTILIZAÇÕES). AF_08/2022","M3","ATRIBUÍDO SÃO PAULO",532.66999999999996,"CAIXA REFERENCIAL"]
["FUNDACOES E ESTRUTURAS","FUES","ESTRUTURAS DIVERSAS","0301","","",103933,"DESCIDA D'ÁGUA RÁPIDA (DAR 03), EM CONCRETO USINADO, FCK = 20 MPA, LANÇADO COM BOMBA, INCLUINDO ARMAÇÃO, MATERIAIS E FÔRMAS (2 UTILIZAÇÕES). AF_08/2022","M3","ATRIBUÍDO SÃO PAULO",1552.55,"CAIXA REFERENCIAL"]
["FUNDACOES E ESTRUTURAS","FUES","ESTRUTURAS DIVERSAS","0301","","",105041,"VIGA DE MADEIRA SERRADA, PINUS OU EQUIVALENTE DA REGIÃO, SEÇÃO RETANGULAR 7,5 X 10 CM. AF_03/2024","M","COEFICIENTE DE REPRESENTATIVIDADE",62.12,"CAIXA REFERENCIAL"]
["FUNDACOES E ESTRUTURAS","FUES","ESTRUTURAS DIVERSAS","0301","","",105042,"PILAR DE MADEIRA ROLIÇA, EUCALIPTO OU EQUIVALENTE DA REGIÃO, FIXADO COM VERGALHÃO, DIÂMETRO DE 12 A 15 CM, APOIO ARTICULADO, COMPRIMENTO DE 3 M. AF_03/2024","M","COEFICIENTE DE REPRESENTATIVIDADE",62.41,"CAIXA REFERENCIAL"]
["FUNDACOES E ESTRUTURAS","FUES","ESTRUTURAS DIVERSAS","0301","","",105045,"VIGA DE MADEIRA SERRADA, PINUS OU EQUIVALENTE DA REGIÃO, SEÇÃO RETANGULAR 7,5 X 15 CM. AF_03/2024","M","COEFICIENTE DE REPRESENTATIVIDADE",71.11,"CAIXA REFERENCIAL"]
["FUNDACOES E ESTRUTURAS","FUES","ESTRUTURAS DIVERSAS","0301","","",105046,"PILAR DE MADEIRA ROLIÇA, EUCALIPTO OU EQUIVALENTE DA REGIÃO, FIXADO COM VERGALHÃO, DIÂMETRO DE 12 A 15 CM, APOIO ARTICULADO, COMPRIMENTO DE 6 M. AF_03/2024","M","COEFICIENTE DE REPRESENTATIVIDADE",52.82,"CAIXA REFERENCIAL"]
["FUNDACOES E ESTRUTURAS","FUES","ESTRUTURAS DIVERSAS","0301","","",105050,"PILAR DE MADEIRA ROLIÇA, EUCALIPTO OU EQUIVALENTE DA REGIÃO, FIXADO COM VERGALHÃO, DIÂMETRO DE 21 A 29 CM, APOIO ARTICULADO, COMPRIMENTO DE 3 M. AF_03/2024","M","COEFICIENTE DE REPRESENTATIVIDADE",198.17,"CAIXA REFERENCIAL"]
["FUNDACOES E ESTRUTURAS","FUES","ESTRUTURAS DIVERSAS","0301","","",105053,"PILAR DE MADEIRA ROLIÇA, EUCALIPTO OU EQUIVALENTE DA REGIÃO, FIXADO COM VERGALHÃO, DIÂMETRO DE 21 A 29 CM, APOIO ARTICULADO, COMPRIMENTO DE 6 M. AF_03/2024","M","COEFICIENTE DE REPRESENTATIVIDADE",188.71,"CAIXA REFERENCIAL"]
["FUNDACOES E ESTRUTURAS","FUES","ESTRUTURAS DIVERSAS","0301","","",105056,"PILAR DE MADEIRA ROLIÇA, EUCALIPTO OU EQUIVALENTE DA REGIÃO, FIXADO COM VERGALHÃO, DIÂMETRO DE 30 A 34 CM, APOIO ARTICULADO, COMPRIMENTO DE 3 M. AF_03/2024","M","COEFICIENTE DE REPRESENTATIVIDADE",274.61,"CAIXA REFERENCIAL"]
["FUNDACOES E ESTRUTURAS","FUES","ESTRUTURAS DIVERSAS","0301","","",105058,"PILAR DE MADEIRA ROLIÇA, EUCALIPTO OU EQUIVALENTE DA REGIÃO, FIXADO COM VERGALHÃO, DIÂMETRO DE 30 A 34 CM, APOIO ARTICULADO, COMPRIMENTO DE 6 M. AF_03/2024","M","COEFICIENTE DE REPRESENTATIVIDADE",265.79000000000002,"CAIXA REFERENCIAL"]
["FUNDACOES E ESTRUTURAS","FUES","ESTRUTURAS DIVERSAS","0301","","",105061,"PILAR DE MADEIRA SERRADA, MAÇARANDUBA OU EQUIVALENTE DA REGIÃO, NÃO APARELHADO, FIXADO COM VERGALHÃO, SEÇÃO QUADRADA 10 X 10 CM, APOIO ARTICULADO, COMPRIMENTO DE 3 M. AF_03/2024","M","COEFICIENTE DE REPRESENTATIVIDADE",97.72,"CAIXA REFERENCIAL"]
["FUNDACOES E ESTRUTURAS","FUES","ESTRUTURAS DIVERSAS","0301","","",105064,"PILAR DE MADEIRA SERRADA, MAÇARANDUBA OU EQUIVALENTE DA REGIÃO, NÃO APARELHADO, FIXADO COM VERGALHÃO, SEÇÃO QUADRADA 10 X 10 CM, APOIO ARTICULADO, COMPRIMENTO DE 6 M. AF_03/2024","M","COEFICIENTE DE REPRESENTATIVIDADE",85.56,"CAIXA REFERENCIAL"]
["FUNDACOES E ESTRUTURAS","FUES","ESTRUTURAS DIVERSAS","0301","","",105068,"PILAR DE MADEIRA SERRADA, MAÇARANDUBA OU EQUIVALENTE DA REGIÃO, NÃO APARELHADO, FIXADO COM VERGALHÃO, SEÇÃO QUADRADA 15 X 15 CM, APOIO ARTICULADO, COMPRIMENTO DE 3 M. AF_03/2024","M","COEFICIENTE DE REPRESENTATIVIDADE",166.61,"CAIXA REFERENCIAL"]
["FUNDACOES E ESTRUTURAS","FUES","ESTRUTURAS DIVERSAS","0301","","",105071,"PILAR DE MADEIRA SERRADA, MAÇARANDUBA OU EQUIVALENTE DA REGIÃO, NÃO APARELHADO, FIXADO COM VERGALHÃO, SEÇÃO QUADRADA 15 X 15 CM, APOIO ARTICULADO, COMPRIMENTO DE 6 M. AF_03/2024","M","COEFICIENTE DE REPRESENTATIVIDADE",154.46,"CAIXA REFERENCIAL"]
["FUNDACOES E ESTRUTURAS","FUES","ESTRUTURAS DIVERSAS","0301","","",105074,"PILAR DE MADEIRA SERRADA, MAÇARANDUBA OU EQUIVALENTE DA REGIÃO, NÃO APARELHADO, FIXADO COM VERGALHÃO, SEÇÃO QUADRADA 20 X 20 CM, APOIO ARTICULADO, COMPRIMENTO DE 3 M. AF_03/2024","M","COEFICIENTE DE REPRESENTATIVIDADE",262.99,"CAIXA REFERENCIAL"]
["FUNDACOES E ESTRUTURAS","FUES","ESTRUTURAS DIVERSAS","0301","","",105077,"PILAR DE MADEIRA SERRADA, MAÇARANDUBA OU EQUIVALENTE DA REGIÃO, NÃO APARELHADO, FIXADO COM VERGALHÃO, SEÇÃO QUADRADA 20 X 20 CM, APOIO ARTICULADO, COMPRIMENTO DE 6 M. AF_03/2024","M","COEFICIENTE DE REPRESENTATIVIDADE",250.93,"CAIXA REFERENCIAL"]
["FUNDACOES E ESTRUTURAS","FUES","ESTRUTURAS DIVERSAS","0301","","",105080,"VIGA DE MADEIRA SERRADA, MAÇARANDUBA OU EQUIVALENTE DA REGIÃO, APARELHADA, SEÇÃO RETANGULAR 6 X 12 CM. AF_03/2024","M","COEFICIENTE DE REPRESENTATIVIDADE",71.87,"CAIXA REFERENCIAL"]
["FUNDACOES E ESTRUTURAS","FUES","ESTRUTURAS DIVERSAS","0301","","",105081,"VIGA DE MADEIRA SERRADA, MAÇARANDUBA OU EQUIVALENTE DA REGIÃO, APARELHADA, SEÇÃO RETANGULAR 6 X 16 CM. AF_03/2024","M","COEFICIENTE DE REPRESENTATIVIDADE",82.62,"CAIXA REFERENCIAL"]
["FUNDACOES E ESTRUTURAS","FUES","ESTRUTURAS DIVERSAS","0301","","",105082,"VIGA DE MADEIRA SERRADA, MAÇARANDUBA OU EQUIVALENTE DA REGIÃO, NÃO APARELHADA, SEÇÃO RETANGULAR 6 X 12 CM. AF_03/2024","M","COEFICIENTE DE REPRESENTATIVIDADE",74.81,"CAIXA REFERENCIAL"]
["FUNDACOES E ESTRUTURAS","FUES","ESTRUTURAS DIVERSAS","0301","","",105083,"VIGA DE MADEIRA SERRADA, MAÇARANDUBA OU EQUIVALENTE DA REGIÃO, NÃO APARELHADA, SEÇÃO RETANGULAR 6 X 16 CM. AF_03/2024","M","COEFICIENTE DE REPRESENTATIVIDADE",83.96,"CAIXA REFERENCIAL"]
["FUNDACOES E ESTRUTURAS","FUES","ESTRUTURAS DIVERSAS","0301","","",105084,"VIGA DE MADEIRA SERRADA, MAÇARANDUBA OU EQUIVALENTE DA REGIÃO, NÃO APARELHADA, SEÇÃO RETANGULAR 6 X 20 CM. AF_03/2024","M","COEFICIENTE DE REPRESENTATIVIDADE",103.59,"CAIXA REFERENCIAL"]
["FUNDACOES E ESTRUTURAS","FUES","ESTRUTURAS DIVERSAS","0301","","",105085,"VIGA DE MADEIRA SERRADA, MAÇARANDUBA OU EQUIVALENTE DA REGIÃO, NÃO APARELHADA, SEÇÃO RETANGULAR 8 X 16 CM. AF_03/2024","M","COEFICIENTE DE REPRESENTATIVIDADE",108.12,"CAIXA REFERENCIAL"]
["FUNDACOES E ESTRUTURAS","FUES","ESTRUTURAS DIVERSAS","0301","","",105086,"VIGA DE MADEIRA SERRADA, MAÇARANDUBA OU EQUIVALENTE DA REGIÃO, NÃO APARELHADA, SEÇÃO RETANGULAR 6 X 25 CM. AF_03/2024","M","COEFICIENTE DE REPRESENTATIVIDADE",96.21,"CAIXA REFERENCIAL"]
["FUNDACOES E ESTRUTURAS","FUES","ESTRUTURAS DIVERSAS","0301","","",105087,"VIGA DE MADEIRA SERRADA, MAÇARANDUBA OU EQUIVALENTE DA REGIÃO, NÃO APARELHADA, SEÇÃO RETANGULAR 6 X 30 CM. AF_03/2024","M","COEFICIENTE DE REPRESENTATIVIDADE",107.65,"CAIXA REFERENCIAL"]
["FUNDACOES E ESTRUTURAS","FUES","ESTRUTURAS DIVERSAS","0301","","",105088,"VIGA DE MADEIRA SERRADA, MAÇARANDUBA OU EQUIVALENTE DA REGIÃO, NÃO APARELHADA, SEÇÃO RETANGULAR 6 X 40 CM. AF_03/2024","M","COEFICIENTE DE REPRESENTATIVIDADE",192.89,"CAIXA REFERENCIAL"]
["FUNDACOES E ESTRUTURAS","FUES","ESTRUTURAS DIVERSAS","0301","","",105089,"VIGA DE MADEIRA SERRADA, MAÇARANDUBA OU EQUIVALENTE DA REGIÃO, APARELHADA, SEÇÃO RETANGULAR 8 X 30 CM. AF_03/2024","M","COEFICIENTE DE REPRESENTATIVIDADE",178.13,"CAIXA REFERENCIAL"]
["FUNDACOES E ESTRUTURAS","FUES","ESTRUTURAS DIVERSAS","0301","","",105090,"PISO DE MADEIRA, SOBRE VIGOTAS DE MADEIRA SEÇÃO 7,5 X 15 CM. AF_03/2024","M2","ATRIBUÍDO SÃO PAULO",415.51,"CAIXA REFERENCIAL"]
["FUNDACOES E ESTRUTURAS","FUES","ESTRUTURAS DIVERSAS","0301","","",105091,"VIGA DE MADEIRA SERRADA, MAÇARANDUBA OU EQUIVALENTE DA REGIÃO, APARELHADA, SEÇÃO RETANGULAR 7,5 X 23 CM. AF_03/2024","M","COEFICIENTE DE REPRESENTATIVIDADE",141.88999999999999,"CAIXA REFERENCIAL"]
["FUNDACOES E ESTRUTURAS","FUES","ESTRUTURAS DIVERSAS","0301","","",105092,"VIGA DE MADEIRA SERRADA, MAÇARANDUBA OU EQUIVALENTE DA REGIÃO, NÃO APARELHADA, SEÇÃO RETANGULAR 7,5 X 23 CM. AF_03/2024","M","COEFICIENTE DE REPRESENTATIVIDADE",154.19,"CAIXA REFERENCIAL"]
["FUNDACOES E ESTRUTURAS","FUES","ESTRUTURAS DIVERSAS","0301","","",105093,"VIGA DE MADEIRA SERRADA, MAÇARANDUBA OU EQUIVALENTE DA REGIÃO, NÃO APARELHADA, SEÇÃO RETANGULAR 8 X 30 CM. AF_03/2024","M","COEFICIENTE DE REPRESENTATIVIDADE",155.99,"CAIXA REFERENCIAL"]
["FUNDACOES E ESTRUTURAS","FUES","ESTRUTURAS DIVERSAS","0301","","",105095,"PILAR DE MADEIRA ROLIÇA, EUCALIPTO OU EQUIVALENTE DA REGIÃO, FIXADO COM VERGALHÃO, DIÂMETRO DE 16 A 20 CM, APOIO ARTICULADO, COMPRIMENTO DE 3 M. AF_03/2024","M","COEFICIENTE DE REPRESENTATIVIDADE",94.18,"CAIXA REFERENCIAL"]
["FUNDACOES E ESTRUTURAS","FUES","ESTRUTURAS DIVERSAS","0301","","",105098,"PILAR DE MADEIRA ROLIÇA, EUCALIPTO OU EQUIVALENTE DA REGIÃO, FIXADO COM VERGALHÃO, DIÂMETRO DE 16 A 20 CM, APOIO ARTICULADO, COMPRIMENTO DE 6 M. AF_03/2024","M","COEFICIENTE DE REPRESENTATIVIDADE",84.61,"CAIXA REFERENCIAL"]
["FUNDACOES E ESTRUTURAS","FUES","ESTRUTURAS DIVERSAS","0301","","",105099,"VIGA DE MADEIRA ROLIÇA, EUCALIPTO OU EQUIVALENTE DA REGIÃO, DIÂMETRO DE 12 A 15 CM. AF_03/2024","M","COEFICIENTE DE REPRESENTATIVIDADE",83.79,"CAIXA REFERENCIAL"]
["FUNDACOES E ESTRUTURAS","FUES","ESTRUTURAS DIVERSAS","0301","","",105100,"VIGA DE MADEIRA ROLIÇA, EUCALIPTO OU EQUIVALENTE DA REGIÃO, DIÂMETRO DE 16 A 20 CM. AF_03/2024","M","COEFICIENTE DE REPRESENTATIVIDADE",118.05,"CAIXA REFERENCIAL"]
["FUNDACOES E ESTRUTURAS","FUES","ESTRUTURAS DIVERSAS","0301","","",105101,"VIGA DE MADEIRA ROLIÇA, EUCALIPTO OU EQUIVALENTE DA REGIÃO, DIÂMETRO DE 21 A 29 CM. AF_03/2024","M","COEFICIENTE DE REPRESENTATIVIDADE",227.22,"CAIXA REFERENCIAL"]
["FUNDACOES E ESTRUTURAS","FUES","ESTRUTURAS DIVERSAS","0301","","",105102,"VIGA DE MADEIRA ROLIÇA, EUCALIPTO OU EQUIVALENTE DA REGIÃO, DIÂMETRO DE 30 A 34 CM. AF_03/2024","M","COEFICIENTE DE REPRESENTATIVIDADE",310.42,"CAIXA REFERENCIAL"]
["IMPERMEABILIZACOES E PROTECOES DIVERSAS","IMPE","IMPERMEABILIZACAO COM ARGAMASSA","0138","","",98562,"IMPERMEABILIZAÇÃO DE SUPERFÍCIE COM ARGAMASSA DE CIMENTO E AREIA, COM ADITIVO IMPERMEABILIZANTE, E = 1,5CM. AF_09/2023","M2","COEFICIENTE DE REPRESENTATIVIDADE",46.88,"CAIXA REFERENCIAL"]
["IMPERMEABILIZACOES E PROTECOES DIVERSAS","IMPE","IMPERMEABILIZACAO COM ADITIVO","0140","","",98555,"IMPERMEABILIZAÇÃO DE SUPERFÍCIE COM ARGAMASSA POLIMÉRICA / MEMBRANA ACRÍLICA, 3 DEMÃOS. AF_09/2023","M2","COEFICIENTE DE REPRESENTATIVIDADE",31.09,"CAIXA REFERENCIAL"]
["IMPERMEABILIZACOES E PROTECOES DIVERSAS","IMPE","IMPERMEABILIZACAO COM ADITIVO","0140","","",98556,"IMPERMEABILIZIMPERMEABILIZAÇÃO DE SUPERFÍCIE COM ARGAMASSA POLIMÉRICA / MEMBRANA ACRÍLICA, 4 DEMÃOS, REFORÇADA COM VÉU DE POLIÉSTER (MAV). AF_09/2023","M2","COEFICIENTE DE REPRESENTATIVIDADE",57.52,"CAIXA REFERENCIAL"]
["IMPERMEABILIZACOES E PROTECOES DIVERSAS","IMPE","IMPERMEABILIZACAO COM ADITIVO","0140","","",98558,"TRATAMENTO DE RALO OU PONTO EMERGENTE COM ARGAMASSA POLIMÉRICA / MEMBRANA ACRÍLICA REFORÇADO COM TELA DE POLIÉSTER (MAV). AF_09/2023","UN","COEFICIENTE DE REPRESENTATIVIDADE",9.6199999999999992,"CAIXA REFERENCIAL"]
["IMPERMEABILIZACOES E PROTECOES DIVERSAS","IMPE","IMPERMEABILIZACAO COM ADITIVO","0140","","",98559,"TRATAMENTO DE RODAPÉ COM TELA DE POLIÉSTER. AF_09/2023","M","COEFICIENTE DE REPRESENTATIVIDADE",4.97,"CAIXA REFERENCIAL"]
["IMPERMEABILIZACOES E PROTECOES DIVERSAS","IMPE","IMPERMEABILIZACAO COM MANTA","0141","","",98546,"IMPERMEABILIZAÇÃO DE SUPERFÍCIE COM MANTA ASFÁLTICA, UMA CAMADA, INCLUSIVE APLICAÇÃO DE PRIMER ASFÁLTICO, E=4MM. AF_09/2023","M2","COEFICIENTE DE REPRESENTATIVIDADE",126.07,"CAIXA REFERENCIAL"]
["IMPERMEABILIZACOES E PROTECOES DIVERSAS","IMPE","IMPERMEABILIZACAO COM MANTA","0141","","",98547,"IMPERMEABILIZAÇÃO DE SUPERFÍCIE COM MANTA ASFÁLTICA, DUAS CAMADAS, INCLUSIVE APLICAÇÃO DE PRIMER ASFÁLTICO, E=3MM E E=4MM. AF_09/2023","M2","COEFICIENTE DE REPRESENTATIVIDADE",211.9,"CAIXA REFERENCIAL"]
["IMPERMEABILIZACOES E PROTECOES DIVERSAS","IMPE","IMPERMEABILIZACAO COM MANTA","0141","","",98553,"IMPERMEABILIZAÇÃO DE SUPERFÍCIE COM MEMBRANA À BASE DE POLIURETANO, 2 DEMÃOS. AF_09/2023","M2","COEFICIENTE DE REPRESENTATIVIDADE",190.01,"CAIXA REFERENCIAL"]
["IMPERMEABILIZACOES E PROTECOES DIVERSAS","IMPE","IMPERMEABILIZACAO COM MANTA","0141","","",98554,"IMPERMEABILIZAÇÃO DE SUPERFÍCIE COM MEMBRANA À BASE DE RESINA ACRÍLICA, 3 DEMÃOS. AF_09/2023","M2","COEFICIENTE DE REPRESENTATIVIDADE",48.5,"CAIXA REFERENCIAL"]
["IMPERMEABILIZACOES E PROTECOES DIVERSAS","IMPE","IMPERMEABILIZACAO BETUMINOSA C/EMULSAO ASFALTICA E ACRILICA","0145","","",98557,"IMPERMEABILIZAÇÃO DE SUPERFÍCIE COM EMULSÃO ASFÁLTICA, 2 DEMÃOS. AF_09/2023","M2","COEFICIENTE DE REPRESENTATIVIDADE",42.76,"CAIXA REFERENCIAL"]
["IMPERMEABILIZACOES E PROTECOES DIVERSAS","IMPE","PROTECAO DE SUPERFICIE COM ARGAMASSA","0150","","",98563,"PROTEÇÃO MECÂNICA DE SUPERFÍCIE HORIZONTAL COM ARGAMASSA DE CIMENTO E AREIA, TRAÇO 1:3, E=2CM. AF_09/2023","M2","COEFICIENTE DE REPRESENTATIVIDADE",35.520000000000003,"CAIXA REFERENCIAL"]
["IMPERMEABILIZACOES E PROTECOES DIVERSAS","IMPE","PROTECAO DE SUPERFICIE COM ARGAMASSA","0150","","",98564,"PROTEÇÃO MECÂNICA DE SUPERFÍCIE VERTICAL COM ARGAMASSA DE CIMENTO E AREIA, TRAÇO 1:3, E=2CM. AF_09/2023","M2","COEFICIENTE DE REPRESENTATIVIDADE",53.19,"CAIXA REFERENCIAL"]
["IMPERMEABILIZACOES E PROTECOES DIVERSAS","IMPE","PROTECAO DE SUPERFICIE COM ARGAMASSA","0150","","",98565,"PROTEÇÃO MECÂNICA DE SUPERFICIE HORIZONTAL COM ARGAMASSA DE CIMENTO E AREIA, TRAÇO 1:3, E=3CM. AF_09/2023","M2","COEFICIENTE DE REPRESENTATIVIDADE",50.43,"CAIXA REFERENCIAL"]
["IMPERMEABILIZACOES E PROTECOES DIVERSAS","IMPE","PROTECAO DE SUPERFICIE COM ARGAMASSA","0150","","",98566,"PROTEÇÃO MECÂNICA DE SUPERFÍCIE VERTICAL COM ARGAMASSA DE CIMENTO E AREIA, TRAÇO 1:3, E=3CM. AF_09/2023","M2","COEFICIENTE DE REPRESENTATIVIDADE",68.11,"CAIXA REFERENCIAL"]
["IMPERMEABILIZACOES E PROTECOES DIVERSAS","IMPE","PROTECAO DE SUPERFICIE COM ARGAMASSA","0150","","",98567,"PROTEÇÃO MECÂNICA DE SUPERFICIE HORIZONTAL COM ARGAMASSA DE CIMENTO E AREIA, TRAÇO 1:3, E=4CM. AF_09/2023","M2","COEFICIENTE DE REPRESENTATIVIDADE",64.58,"CAIXA REFERENCIAL"]
["IMPERMEABILIZACOES E PROTECOES DIVERSAS","IMPE","PROTECAO DE SUPERFICIE COM ARGAMASSA","0150","","",98568,"PROTEÇÃO MECÂNICA DE SUPERFÍCIE VERTICAL COM ARGAMASSA DE CIMENTO E AREIA, TRAÇO 1:3, E=4CM. AF_09/2023","M2","COEFICIENTE DE REPRESENTATIVIDADE",82.25,"CAIXA REFERENCIAL"]
["IMPERMEABILIZACOES E PROTECOES DIVERSAS","IMPE","PROTECAO DE SUPERFICIE COM ARGAMASSA","0150","","",98569,"PROTEÇÃO MECÂNICA DE SUPERFICIE HORIZONTAL COM ARGAMASSA DE CIMENTO E AREIA, TRAÇO 1:3, E=5CM. AF_09/2023","M2","COEFICIENTE DE REPRESENTATIVIDADE",79.489999999999995,"CAIXA REFERENCIAL"]
["IMPERMEABILIZACOES E PROTECOES DIVERSAS","IMPE","PROTECAO DE SUPERFICIE COM ARGAMASSA","0150","","",98570,"PROTEÇÃO MECÂNICA DE SUPERFÍCIE VERTICAL COM ARGAMASSA DE CIMENTO E AREIA, TRAÇO 1:3, E=5CM. AF_09/2023","M2","COEFICIENTE DE REPRESENTATIVIDADE",97.17,"CAIXA REFERENCIAL"]
["IMPERMEABILIZACOES E PROTECOES DIVERSAS","IMPE","PROTECAO DE SUPERFICIE COM ARGAMASSA","0150","","",98571,"PROTEÇÃO MECÂNICA DE SUPERFICIE HORIZONTAL COM CONCRETO 15 MPA, E=4CM. AF_09/2023","M2","COEFICIENTE DE REPRESENTATIVIDADE",41.38,"CAIXA REFERENCIAL"]
["IMPERMEABILIZACOES E PROTECOES DIVERSAS","IMPE","PROTECAO DE SUPERFICIE COM ARGAMASSA","0150","","",98572,"PROTEÇÃO MECÂNICA DE SUPERFICIE HORIZONTAL COM CONCRETO 15 MPA, E=5CM. AF_09/2023","M2","COEFICIENTE DE REPRESENTATIVIDADE",50.68,"CAIXA REFERENCIAL"]
["IMPERMEABILIZACOES E PROTECOES DIVERSAS","IMPE","PROTECAO DE SUPERFICIE COM ARGAMASSA","0150","","",98573,"PROTEÇÃO MECÂNICA DE SUPERFÍCIE VERTICAL COM CONCRETO 15 MPA, E=5CM. AF_09/2023","M2","COEFICIENTE DE REPRESENTATIVIDADE",67.83,"CAIXA REFERENCIAL"]
["INSTALACAO ELETRICA/ELETRIFICACAO E ILUMINACAO EXTERNA","INEL","ELETRODUTOS/CALHAS PARA LEITO DE CABOS","0165","","",91831,"ELETRODUTO FLEXÍVEL CORRUGADO, PVC, DN 20 MM (1/2\"), PARA CIRCUITOS TERMINAIS, INSTALADO EM FORRO - FORNECIMENTO E INSTALAÇÃO. AF_03/2023","M","COEFICIENTE DE REPRESENTATIVIDADE",17.34,"CAIXA REFERENCIAL"]
["INSTALACAO ELETRICA/ELETRIFICACAO E ILUMINACAO EXTERNA","INEL","ELETRODUTOS/CALHAS PARA LEITO DE CABOS","0165","","",91833,"ELETRODUTO FLEXÍVEL CORRUGADO REFORÇADO, PVC, DN 20 MM (1/2\"), PARA CIRCUITOS TERMINAIS, INSTALADO EM FORRO - FORNECIMENTO E INSTALAÇÃO. AF_03/2023","M","COEFICIENTE DE REPRESENTATIVIDADE",17.96,"CAIXA REFERENCIAL"]
["INSTALACAO ELETRICA/ELETRIFICACAO E ILUMINACAO EXTERNA","INEL","ELETRODUTOS/CALHAS PARA LEITO DE CABOS","0165","","",91834,"ELETRODUTO FLEXÍVEL CORRUGADO, PVC, DN 25 MM (3/4\"), PARA CIRCUITOS TERMINAIS, INSTALADO EM FORRO - FORNECIMENTO E INSTALAÇÃO. AF_03/2023","M","COEFICIENTE DE REPRESENTATIVIDADE",18.079999999999998,"CAIXA REFERENCIAL"]
["INSTALACAO ELETRICA/ELETRIFICACAO E ILUMINACAO EXTERNA","INEL","ELETRODUTOS/CALHAS PARA LEITO DE CABOS","0165","","",91835,"ELETRODUTO FLEXÍVEL CORRUGADO REFORÇADO, PVC, DN 25 MM (3/4\"), PARA CIRCUITOS TERMINAIS, INSTALADO EM FORRO - FORNECIMENTO E INSTALAÇÃO. AF_03/2023","M","COEFICIENTE DE REPRESENTATIVIDADE",19.7,"CAIXA REFERENCIAL"]
["INSTALACAO ELETRICA/ELETRIFICACAO E ILUMINACAO EXTERNA","INEL","ELETRODUTOS/CALHAS PARA LEITO DE CABOS","0165","","",91836,"ELETRODUTO FLEXÍVEL CORRUGADO, PVC, DN 32 MM (1\"), PARA CIRCUITOS TERMINAIS, INSTALADO EM FORRO - FORNECIMENTO E INSTALAÇÃO. AF_03/2023","M","COEFICIENTE DE REPRESENTATIVIDADE",20.97,"CAIXA REFERENCIAL"]
["INSTALACAO ELETRICA/ELETRIFICACAO E ILUMINACAO EXTERNA","INEL","ELETRODUTOS/CALHAS PARA LEITO DE CABOS","0165","","",91837,"ELETRODUTO FLEXÍVEL CORRUGADO REFORÇADO, PVC, DN 32 MM (1\"), PARA CIRCUITOS TERMINAIS, INSTALADO EM FORRO - FORNECIMENTO E INSTALAÇÃO. AF_03/2023","M","COEFICIENTE DE REPRESENTATIVIDADE",24.75,"CAIXA REFERENCIAL"]
["INSTALACAO ELETRICA/ELETRIFICACAO E ILUMINACAO EXTERNA","INEL","ELETRODUTOS/CALHAS PARA LEITO DE CABOS","0165","","",91839,"ELETRODUTO FLEXÍVEL LISO, PEAD, DN 32 MM (1\"), PARA CIRCUITOS TERMINAIS, INSTALADO EM FORRO - FORNECIMENTO E INSTALAÇÃO. AF_03/2023","M","COEFICIENTE DE REPRESENTATIVIDADE",22.86,"CAIXA REFERENCIAL"]
["INSTALACAO ELETRICA/ELETRIFICACAO E ILUMINACAO EXTERNA","INEL","ELETRODUTOS/CALHAS PARA LEITO DE CABOS","0165","","",91840,"ELETRODUTO FLEXÍVEL CORRUGADO, PEAD, DN 40 MM (1 1/4\"), PARA CIRCUITOS TERMINAIS, INSTALADO EM FORRO - FORNECIMENTO E INSTALAÇÃO. AF_03/2023","M","COEFICIENTE DE REPRESENTATIVIDADE",27.41,"CAIXA REFERENCIAL"]
["INSTALACAO ELETRICA/ELETRIFICACAO E ILUMINACAO EXTERNA","INEL","ELETRODUTOS/CALHAS PARA LEITO DE CABOS","0165","","",91841,"ELETRODUTO FLEXÍVEL LISO, PEAD, DN 40 MM (1 1/4\"), PARA CIRCUITOS TERMINAIS, INSTALADO EM FORRO - FORNECIMENTO E INSTALAÇÃO. AF_03/2023","M","COEFICIENTE DE REPRESENTATIVIDADE",25.74,"CAIXA REFERENCIAL"]
["INSTALACAO ELETRICA/ELETRIFICACAO E ILUMINACAO EXTERNA","INEL","ELETRODUTOS/CALHAS PARA LEITO DE CABOS","0165","","",91843,"ELETRODUTO FLEXÍVEL CORRUGADO REFORÇADO, PVC, DN 20 MM (1/2\"), PARA CIRCUITOS TERMINAIS, INSTALADO EM LAJE - FORNECIMENTO E INSTALAÇÃO. AF_03/2023","M","COEFICIENTE DE REPRESENTATIVIDADE",6.39,"CAIXA REFERENCIAL"]
["INSTALACAO ELETRICA/ELETRIFICACAO E ILUMINACAO EXTERNA","INEL","ELETRODUTOS/CALHAS PARA LEITO DE CABOS","0165","","",91845,"ELETRODUTO FLEXÍVEL CORRUGADO REFORÇADO, PVC, DN 25 MM (3/4\"), PARA CIRCUITOS TERMINAIS, INSTALADO EM LAJE - FORNECIMENTO E INSTALAÇÃO. AF_03/2023","M","COEFICIENTE DE REPRESENTATIVIDADE",8.1,"CAIXA REFERENCIAL"]
["INSTALACAO ELETRICA/ELETRIFICACAO E ILUMINACAO EXTERNA","INEL","ELETRODUTOS/CALHAS PARA LEITO DE CABOS","0165","","",91847,"ELETRODUTO FLEXÍVEL CORRUGADO REFORÇADO, PVC, DN 32 MM (1\"), PARA CIRCUITOS TERMINAIS, INSTALADO EM LAJE - FORNECIMENTO E INSTALAÇÃO. AF_03/2023","M","COEFICIENTE DE REPRESENTATIVIDADE",13.2,"CAIXA REFERENCIAL"]
["INSTALACAO ELETRICA/ELETRIFICACAO E ILUMINACAO EXTERNA","INEL","ELETRODUTOS/CALHAS PARA LEITO DE CABOS","0165","","",91849,"ELETRODUTO FLEXÍVEL LISO, PEAD, DN 32 MM (1\"), PARA CIRCUITOS TERMINAIS, INSTALADO EM LAJE - FORNECIMENTO E INSTALAÇÃO. AF_03/2023","M","COEFICIENTE DE REPRESENTATIVIDADE",11.31,"CAIXA REFERENCIAL"]
["INSTALACAO ELETRICA/ELETRIFICACAO E ILUMINACAO EXTERNA","INEL","ELETRODUTOS/CALHAS PARA LEITO DE CABOS","0165","","",91850,"ELETRODUTO FLEXÍVEL CORRUGADO, PEAD, DN 40 MM (1 1/4\"), PARA CIRCUITOS TERMINAIS, INSTALADO EM LAJE - FORNECIMENTO E INSTALAÇÃO. AF_03/2023","M","COEFICIENTE DE REPRESENTATIVIDADE",15.8,"CAIXA REFERENCIAL"]
["INSTALACAO ELETRICA/ELETRIFICACAO E ILUMINACAO EXTERNA","INEL","ELETRODUTOS/CALHAS PARA LEITO DE CABOS","0165","","",91851,"ELETRODUTO FLEXÍVEL LISO, PEAD, DN 40 MM (1 1/4\"), PARA CIRCUITOS TERMINAIS, INSTALADO EM LAJE - FORNECIMENTO E INSTALAÇÃO. AF_03/2023","M","COEFICIENTE DE REPRESENTATIVIDADE",14.13,"CAIXA REFERENCIAL"]
["INSTALACAO ELETRICA/ELETRIFICACAO E ILUMINACAO EXTERNA","INEL","ELETRODUTOS/CALHAS PARA LEITO DE CABOS","0165","","",91852,"ELETRODUTO FLEXÍVEL CORRUGADO, PVC, DN 20 MM (1/2\"), PARA CIRCUITOS TERMINAIS, INSTALADO EM PAREDE - FORNECIMENTO E INSTALAÇÃO. AF_03/2023","M","COEFICIENTE DE REPRESENTATIVIDADE",8.52,"CAIXA REFERENCIAL"]
["INSTALACAO ELETRICA/ELETRIFICACAO E ILUMINACAO EXTERNA","INEL","ELETRODUTOS/CALHAS PARA LEITO DE CABOS","0165","","",91853,"ELETRODUTO FLEXÍVEL CORRUGADO REFORÇADO, PVC, DN 20 MM (1/2\"), PARA CIRCUITOS TERMINAIS, INSTALADO EM PAREDE - FORNECIMENTO E INSTALAÇÃO. AF_03/2023","M","COEFICIENTE DE REPRESENTATIVIDADE",9.1,"CAIXA REFERENCIAL"]
["INSTALACAO ELETRICA/ELETRIFICACAO E ILUMINACAO EXTERNA","INEL","ELETRODUTOS/CALHAS PARA LEITO DE CABOS","0165","","",91854,"ELETRODUTO FLEXÍVEL CORRUGADO, PVC, DN 25 MM (3/4\"), PARA CIRCUITOS TERMINAIS, INSTALADO EM PAREDE - FORNECIMENTO E INSTALAÇÃO. AF_03/2023","M","COEFICIENTE DE REPRESENTATIVIDADE",9.19,"CAIXA REFERENCIAL"]
["INSTALACAO ELETRICA/ELETRIFICACAO E ILUMINACAO EXTERNA","INEL","ELETRODUTOS/CALHAS PARA LEITO DE CABOS","0165","","",91855,"ELETRODUTO FLEXÍVEL CORRUGADO REFORÇADO, PVC, DN 25 MM (3/4\"), PARA CIRCUITOS TERMINAIS, INSTALADO EM PAREDE - FORNECIMENTO E INSTALAÇÃO. AF_03/2023","M","COEFICIENTE DE REPRESENTATIVIDADE",10.7,"CAIXA REFERENCIAL"]
["INSTALACAO ELETRICA/ELETRIFICACAO E ILUMINACAO EXTERNA","INEL","ELETRODUTOS/CALHAS PARA LEITO DE CABOS","0165","","",91856,"ELETRODUTO FLEXÍVEL CORRUGADO, PVC, DN 32 MM (1\"), PARA CIRCUITOS TERMINAIS, INSTALADO EM PAREDE - FORNECIMENTO E INSTALAÇÃO. AF_03/2023","M","COEFICIENTE DE REPRESENTATIVIDADE",11.96,"CAIXA REFERENCIAL"]
["INSTALACAO ELETRICA/ELETRIFICACAO E ILUMINACAO EXTERNA","INEL","ELETRODUTOS/CALHAS PARA LEITO DE CABOS","0165","","",91857,"ELETRODUTO FLEXÍVEL CORRUGADO REFORÇADO, PVC, DN 32 MM (1\"), PARA CIRCUITOS TERMINAIS, INSTALADO EM PAREDE - FORNECIMENTO E INSTALAÇÃO. AF_03/2023","M","COEFICIENTE DE REPRESENTATIVIDADE",15.46,"CAIXA REFERENCIAL"]
["INSTALACAO ELETRICA/ELETRIFICACAO E ILUMINACAO EXTERNA","INEL","ELETRODUTOS/CALHAS PARA LEITO DE CABOS","0165","","",91859,"ELETRODUTO FLEXÍVEL LISO, PEAD, DN 32 MM (1\"), PARA CIRCUITOS TERMINAIS, INSTALADO EM PAREDE - FORNECIMENTO E INSTALAÇÃO. AF_03/2023","M","COEFICIENTE DE REPRESENTATIVIDADE",13.71,"CAIXA REFERENCIAL"]
["INSTALACAO ELETRICA/ELETRIFICACAO E ILUMINACAO EXTERNA","INEL","ELETRODUTOS/CALHAS PARA LEITO DE CABOS","0165","","",91860,"ELETRODUTO FLEXÍVEL CORRUGADO, PEAD, DN 40 MM (1 1/4\"), PARA CIRCUITOS TERMINAIS, INSTALADO EM PAREDE - FORNECIMENTO E INSTALAÇÃO. AF_03/2023","M","COEFICIENTE DE REPRESENTATIVIDADE",17.93,"CAIXA REFERENCIAL"]
["INSTALACAO ELETRICA/ELETRIFICACAO E ILUMINACAO EXTERNA","INEL","ELETRODUTOS/CALHAS PARA LEITO DE CABOS","0165","","",91861,"ELETRODUTO FLEXÍVEL LISO, PEAD, DN 40 MM (1 1/4\"), PARA CIRCUITOS TERMINAIS, INSTALADO EM PAREDE - FORNECIMENTO E INSTALAÇÃO. AF_03/2023","M","COEFICIENTE DE REPRESENTATIVIDADE",16.399999999999999,"CAIXA REFERENCIAL"]
["INSTALACAO ELETRICA/ELETRIFICACAO E ILUMINACAO EXTERNA","INEL","ELETRODUTOS/CALHAS PARA LEITO DE CABOS","0165","","",91862,"ELETRODUTO RÍGIDO ROSCÁVEL, PVC, DN 20 MM (1/2\"), PARA CIRCUITOS TERMINAIS, INSTALADO EM FORRO - FORNECIMENTO E INSTALAÇÃO. AF_03/2023","M","COEFICIENTE DE REPRESENTATIVIDADE",9.35,"CAIXA REFERENCIAL"]
["INSTALACAO ELETRICA/ELETRIFICACAO E ILUMINACAO EXTERNA","INEL","ELETRODUTOS/CALHAS PARA LEITO DE CABOS","0165","","",91863,"ELETRODUTO RÍGIDO ROSCÁVEL, PVC, DN 25 MM (3/4\"), PARA CIRCUITOS TERMINAIS, INSTALADO EM FORRO - FORNECIMENTO E INSTALAÇÃO. AF_03/2023","M","COEFICIENTE DE REPRESENTATIVIDADE",11.08,"CAIXA REFERENCIAL"]
["INSTALACAO ELETRICA/ELETRIFICACAO E ILUMINACAO EXTERNA","INEL","ELETRODUTOS/CALHAS PARA LEITO DE CABOS","0165","","",91864,"ELETRODUTO RÍGIDO ROSCÁVEL, PVC, DN 32 MM (1\"), PARA CIRCUITOS TERMINAIS, INSTALADO EM FORRO - FORNECIMENTO E INSTALAÇÃO. AF_03/2023","M","COEFICIENTE DE REPRESENTATIVIDADE",15.09,"CAIXA REFERENCIAL"]
["INSTALACAO ELETRICA/ELETRIFICACAO E ILUMINACAO EXTERNA","INEL","ELETRODUTOS/CALHAS PARA LEITO DE CABOS","0165","","",91865,"ELETRODUTO RÍGIDO ROSCÁVEL, PVC, DN 40 MM (1 1/4\"), PARA CIRCUITOS TERMINAIS, INSTALADO EM FORRO - FORNECIMENTO E INSTALAÇÃO. AF_03/2023","M","COEFICIENTE DE REPRESENTATIVIDADE",19,"CAIXA REFERENCIAL"]
["INSTALACAO ELETRICA/ELETRIFICACAO E ILUMINACAO EXTERNA","INEL","ELETRODUTOS/CALHAS PARA LEITO DE CABOS","0165","","",91866,"ELETRODUTO RÍGIDO ROSCÁVEL, PVC, DN 20 MM (1/2\"), PARA CIRCUITOS TERMINAIS, INSTALADO EM LAJE - FORNECIMENTO E INSTALAÇÃO. AF_03/2023","M","COEFICIENTE DE REPRESENTATIVIDADE",8.19,"CAIXA REFERENCIAL"]
["INSTALACAO ELETRICA/ELETRIFICACAO E ILUMINACAO EXTERNA","INEL","ELETRODUTOS/CALHAS PARA LEITO DE CABOS","0165","","",91867,"ELETRODUTO RÍGIDO ROSCÁVEL, PVC, DN 25 MM (3/4\"), PARA CIRCUITOS TERMINAIS, INSTALADO EM LAJE - FORNECIMENTO E INSTALAÇÃO. AF_03/2023","M","COEFICIENTE DE REPRESENTATIVIDADE",9.92,"CAIXA REFERENCIAL"]
["INSTALACAO ELETRICA/ELETRIFICACAO E ILUMINACAO EXTERNA","INEL","ELETRODUTOS/CALHAS PARA LEITO DE CABOS","0165","","",91868,"ELETRODUTO RÍGIDO ROSCÁVEL, PVC, DN 32 MM (1\"), PARA CIRCUITOS TERMINAIS, INSTALADO EM LAJE - FORNECIMENTO E INSTALAÇÃO. AF_03/2023","M","COEFICIENTE DE REPRESENTATIVIDADE",13.95,"CAIXA REFERENCIAL"]
["INSTALACAO ELETRICA/ELETRIFICACAO E ILUMINACAO EXTERNA","INEL","ELETRODUTOS/CALHAS PARA LEITO DE CABOS","0165","","",91869,"ELETRODUTO RÍGIDO ROSCÁVEL, PVC, DN 40 MM (1 1/4\"), PARA CIRCUITOS TERMINAIS, INSTALADO EM LAJE - FORNECIMENTO E INSTALAÇÃO. AF_03/2023","M","COEFICIENTE DE REPRESENTATIVIDADE",17.809999999999999,"CAIXA REFERENCIAL"]
["INSTALACAO ELETRICA/ELETRIFICACAO E ILUMINACAO EXTERNA","INEL","ELETRODUTOS/CALHAS PARA LEITO DE CABOS","0165","","",91870,"ELETRODUTO RÍGIDO ROSCÁVEL, PVC, DN 20 MM (1/2\"), PARA CIRCUITOS TERMINAIS, INSTALADO EM PAREDE - FORNECIMENTO E INSTALAÇÃO. AF_03/2023","M","COEFICIENTE DE REPRESENTATIVIDADE",12.09,"CAIXA REFERENCIAL"]
["INSTALACAO ELETRICA/ELETRIFICACAO E ILUMINACAO EXTERNA","INEL","ELETRODUTOS/CALHAS PARA LEITO DE CABOS","0165","","",91871,"ELETRODUTO RÍGIDO ROSCÁVEL, PVC, DN 25 MM (3/4\"), PARA CIRCUITOS TERMINAIS, INSTALADO EM PAREDE - FORNECIMENTO E INSTALAÇÃO. AF_03/2023","M","COEFICIENTE DE REPRESENTATIVIDADE",13.83,"CAIXA REFERENCIAL"]
["INSTALACAO ELETRICA/ELETRIFICACAO E ILUMINACAO EXTERNA","INEL","ELETRODUTOS/CALHAS PARA LEITO DE CABOS","0165","","",91872,"ELETRODUTO RÍGIDO ROSCÁVEL, PVC, DN 32 MM (1\"), PARA CIRCUITOS TERMINAIS, INSTALADO EM PAREDE - FORNECIMENTO E INSTALAÇÃO. AF_03/2023","M","COEFICIENTE DE REPRESENTATIVIDADE",17.850000000000001,"CAIXA REFERENCIAL"]
["INSTALACAO ELETRICA/ELETRIFICACAO E ILUMINACAO EXTERNA","INEL","ELETRODUTOS/CALHAS PARA LEITO DE CABOS","0165","","",91873,"ELETRODUTO RÍGIDO ROSCÁVEL, PVC, DN 40 MM (1 1/4\"), PARA CIRCUITOS TERMINAIS, INSTALADO EM PAREDE - FORNECIMENTO E INSTALAÇÃO. AF_03/2023","M","COEFICIENTE DE REPRESENTATIVIDADE",21.7,"CAIXA REFERENCIAL"]
["INSTALACAO ELETRICA/ELETRIFICACAO E ILUMINACAO EXTERNA","INEL","ELETRODUTOS/CALHAS PARA LEITO DE CABOS","0165","","",93008,"ELETRODUTO RÍGIDO ROSCÁVEL, PVC, DN 50 MM (1 1/2\"), PARA REDE ENTERRADA DE DISTRIBUIÇÃO DE ENERGIA ELÉTRICA - FORNECIMENTO E INSTALAÇÃO. AF_12/2021","M","COEFICIENTE DE REPRESENTATIVIDADE",18.77,"CAIXA REFERENCIAL"]
["INSTALACAO ELETRICA/ELETRIFICACAO E ILUMINACAO EXTERNA","INEL","ELETRODUTOS/CALHAS PARA LEITO DE CABOS","0165","","",93009,"ELETRODUTO RÍGIDO ROSCÁVEL, PVC, DN 60 MM (2\"), PARA REDE ENTERRADA DE DISTRIBUIÇÃO DE ENERGIA ELÉTRICA - FORNECIMENTO E INSTALAÇÃO. AF_12/2021","M","COEFICIENTE DE REPRESENTATIVIDADE",28.13,"CAIXA REFERENCIAL"]
["INSTALACAO ELETRICA/ELETRIFICACAO E ILUMINACAO EXTERNA","INEL","ELETRODUTOS/CALHAS PARA LEITO DE CABOS","0165","","",93010,"ELETRODUTO RÍGIDO ROSCÁVEL, PVC, DN 75 MM (2 1/2\"), PARA REDE ENTERRADA DE DISTRIBUIÇÃO DE ENERGIA ELÉTRICA - FORNECIMENTO E INSTALAÇÃO. AF_12/2021","M","COEFICIENTE DE REPRESENTATIVIDADE",39.409999999999997,"CAIXA REFERENCIAL"]
["INSTALACAO ELETRICA/ELETRIFICACAO E ILUMINACAO EXTERNA","INEL","ELETRODUTOS/CALHAS PARA LEITO DE CABOS","0165","","",93011,"ELETRODUTO RÍGIDO ROSCÁVEL, PVC, DN 85 MM (3\"), PARA REDE ENTERRADA DE DISTRIBUIÇÃO DE ENERGIA ELÉTRICA - FORNECIMENTO E INSTALAÇÃO. AF_12/2021","M","COEFICIENTE DE REPRESENTATIVIDADE",48.37,"CAIXA REFERENCIAL"]
["INSTALACAO ELETRICA/ELETRIFICACAO E ILUMINACAO EXTERNA","INEL","ELETRODUTOS/CALHAS PARA LEITO DE CABOS","0165","","",93012,"ELETRODUTO RÍGIDO ROSCÁVEL, PVC, DN 110 MM (4\"), PARA REDE ENTERRADA DE DISTRIBUIÇÃO DE ENERGIA ELÉTRICA - FORNECIMENTO E INSTALAÇÃO. AF_12/2021","M","COEFICIENTE DE REPRESENTATIVIDADE",73.53,"CAIXA REFERENCIAL"]
["INSTALACAO ELETRICA/ELETRIFICACAO E ILUMINACAO EXTERNA","INEL","ELETRODUTOS/CALHAS PARA LEITO DE CABOS","0165","","",95726,"ELETRODUTO RÍGIDO SOLDÁVEL, PVC, DN 20 MM (½''), APARENTE - FORNECIMENTO E INSTALAÇÃO. AF_10/2022","M","COEFICIENTE DE REPRESENTATIVIDADE",16.350000000000001,"CAIXA REFERENCIAL"]
["INSTALACAO ELETRICA/ELETRIFICACAO E ILUMINACAO EXTERNA","INEL","ELETRODUTOS/CALHAS PARA LEITO DE CABOS","0165","","",95727,"ELETRODUTO RÍGIDO SOLDÁVEL, PVC, DN 25 MM (3/4''), APARENTE - FORNECIMENTO E INSTALAÇÃO. AF_10/2022","M","COEFICIENTE DE REPRESENTATIVIDADE",19.760000000000002,"CAIXA REFERENCIAL"]
["INSTALACAO ELETRICA/ELETRIFICACAO E ILUMINACAO EXTERNA","INEL","ELETRODUTOS/CALHAS PARA LEITO DE CABOS","0165","","",95728,"ELETRODUTO RÍGIDO SOLDÁVEL, PVC, DN 32 MM (1''), APARENTE - FORNECIMENTO E INSTALAÇÃO. AF_10/2022","M","COEFICIENTE DE REPRESENTATIVIDADE",25.4,"CAIXA REFERENCIAL"]
["INSTALACAO ELETRICA/ELETRIFICACAO E ILUMINACAO EXTERNA","INEL","ELETRODUTOS/CALHAS PARA LEITO DE CABOS","0165","","",97667,"ELETRODUTO FLEXÍVEL CORRUGADO, PEAD, DN 50 (1 1/2\"), PARA REDE ENTERRADA DE DISTRIBUIÇÃO DE ENERGIA ELÉTRICA - FORNECIMENTO E INSTALAÇÃO. AF_12/2021","M","COEFICIENTE DE REPRESENTATIVIDADE",15.66,"CAIXA REFERENCIAL"]
["INSTALACAO ELETRICA/ELETRIFICACAO E ILUMINACAO EXTERNA","INEL","ELETRODUTOS/CALHAS PARA LEITO DE CABOS","0165","","",97668,"ELETRODUTO FLEXÍVEL CORRUGADO, PEAD, DN 63 (2\"), PARA REDE ENTERRADA DE DISTRIBUIÇÃO DE ENERGIA ELÉTRICA - FORNECIMENTO E INSTALAÇÃO. AF_12/2021","M","COEFICIENTE DE REPRESENTATIVIDADE",22.4,"CAIXA REFERENCIAL"]
["INSTALACAO ELETRICA/ELETRIFICACAO E ILUMINACAO EXTERNA","INEL","ELETRODUTOS/CALHAS PARA LEITO DE CABOS","0165","","",97669,"ELETRODUTO FLEXÍVEL CORRUGADO, PEAD, DN 90 (3\"), PARA REDE ENTERRADA DE DISTRIBUIÇÃO DE ENERGIA ELÉTRICA - FORNECIMENTO E INSTALAÇÃO. AF_12/2021","M","COEFICIENTE DE REPRESENTATIVIDADE",32.28,"CAIXA REFERENCIAL"]
["INSTALACAO ELETRICA/ELETRIFICACAO E ILUMINACAO EXTERNA","INEL","ELETRODUTOS/CALHAS PARA LEITO DE CABOS","0165","","",97670,"ELETRODUTO FLEXÍVEL CORRUGADO, PEAD, DN 100 (4\"), PARA REDE ENTERRADA DE DISTRIBUIÇÃO DE ENERGIA ELÉTRICA - FORNECIMENTO E INSTALAÇÃO. AF_12/2021","M","COEFICIENTE DE REPRESENTATIVIDADE",43.17,"CAIXA REFERENCIAL"]
["INSTALACAO ELETRICA/ELETRIFICACAO E ILUMINACAO EXTERNA","INEL","CONEXOES","0166","","",91874,"LUVA PARA ELETRODUTO, PVC, ROSCÁVEL, DN 20 MM (1/2\"), PARA CIRCUITOS TERMINAIS, INSTALADA EM FORRO - FORNECIMENTO E INSTALAÇÃO. AF_03/2023","UN","COEFICIENTE DE REPRESENTATIVIDADE",6.87,"CAIXA REFERENCIAL"]
["INSTALACAO ELETRICA/ELETRIFICACAO E ILUMINACAO EXTERNA","INEL","CONEXOES","0166","","",91875,"LUVA PARA ELETRODUTO, PVC, ROSCÁVEL, DN 25 MM (3/4\"), PARA CIRCUITOS TERMINAIS, INSTALADA EM FORRO - FORNECIMENTO E INSTALAÇÃO. AF_03/2023","UN","COEFICIENTE DE REPRESENTATIVIDADE",8.18,"CAIXA REFERENCIAL"]
["INSTALACAO ELETRICA/ELETRIFICACAO E ILUMINACAO EXTERNA","INEL","CONEXOES","0166","","",91876,"LUVA PARA ELETRODUTO, PVC, ROSCÁVEL, DN 32 MM (1\"), PARA CIRCUITOS TERMINAIS, INSTALADA EM FORRO - FORNECIMENTO E INSTALAÇÃO. AF_03/2023","UN","COEFICIENTE DE REPRESENTATIVIDADE",9.9499999999999993,"CAIXA REFERENCIAL"]
["INSTALACAO ELETRICA/ELETRIFICACAO E ILUMINACAO EXTERNA","INEL","CONEXOES","0166","","",91877,"LUVA PARA ELETRODUTO, PVC, ROSCÁVEL, DN 40 MM (1 1/4\"), PARA CIRCUITOS TERMINAIS, INSTALADA EM FORRO - FORNECIMENTO E INSTALAÇÃO. AF_03/2023","UN","COEFICIENTE DE REPRESENTATIVIDADE",12.49,"CAIXA REFERENCIAL"]
["INSTALACAO ELETRICA/ELETRIFICACAO E ILUMINACAO EXTERNA","INEL","CONEXOES","0166","","",91878,"LUVA PARA ELETRODUTO, PVC, ROSCÁVEL, DN 20 MM (1/2\"), PARA CIRCUITOS TERMINAIS, INSTALADA EM LAJE - FORNECIMENTO E INSTALAÇÃO. AF_03/2023","UN","COEFICIENTE DE REPRESENTATIVIDADE",5.49,"CAIXA REFERENCIAL"]
["INSTALACAO ELETRICA/ELETRIFICACAO E ILUMINACAO EXTERNA","INEL","CONEXOES","0166","","",91879,"LUVA PARA ELETRODUTO, PVC, ROSCÁVEL, DN 25 MM (3/4\"), PARA CIRCUITOS TERMINAIS, INSTALADA EM LAJE - FORNECIMENTO E INSTALAÇÃO. AF_03/2023","UN","COEFICIENTE DE REPRESENTATIVIDADE",6.8,"CAIXA REFERENCIAL"]
["INSTALACAO ELETRICA/ELETRIFICACAO E ILUMINACAO EXTERNA","INEL","CONEXOES","0166","","",91880,"LUVA PARA ELETRODUTO, PVC, ROSCÁVEL, DN 32 MM (1\"), PARA CIRCUITOS TERMINAIS, INSTALADA EM LAJE - FORNECIMENTO E INSTALAÇÃO. AF_03/2023","UN","COEFICIENTE DE REPRESENTATIVIDADE",8.57,"CAIXA REFERENCIAL"]
["INSTALACAO ELETRICA/ELETRIFICACAO E ILUMINACAO EXTERNA","INEL","CONEXOES","0166","","",91881,"LUVA PARA ELETRODUTO, PVC, ROSCÁVEL, DN 40 MM (1 1/4\"), PARA CIRCUITOS TERMINAIS, INSTALADA EM LAJE - FORNECIMENTO E INSTALAÇÃO. AF_03/2023","UN","COEFICIENTE DE REPRESENTATIVIDADE",11.11,"CAIXA REFERENCIAL"]
["INSTALACAO ELETRICA/ELETRIFICACAO E ILUMINACAO EXTERNA","INEL","CONEXOES","0166","","",91882,"LUVA PARA ELETRODUTO, PVC, ROSCÁVEL, DN 20 MM (1/2\"), PARA CIRCUITOS TERMINAIS, INSTALADA EM PAREDE - FORNECIMENTO E INSTALAÇÃO. AF_03/2023","UN","COEFICIENTE DE REPRESENTATIVIDADE",9.7200000000000006,"CAIXA REFERENCIAL"]
["INSTALACAO ELETRICA/ELETRIFICACAO E ILUMINACAO EXTERNA","INEL","CONEXOES","0166","","",91884,"LUVA PARA ELETRODUTO, PVC, ROSCÁVEL, DN 25 MM (3/4\"), PARA CIRCUITOS TERMINAIS, INSTALADA EM PAREDE - FORNECIMENTO E INSTALAÇÃO. AF_03/2023","UN","COEFICIENTE DE REPRESENTATIVIDADE",11.03,"CAIXA REFERENCIAL"]
["INSTALACAO ELETRICA/ELETRIFICACAO E ILUMINACAO EXTERNA","INEL","CONEXOES","0166","","",91885,"LUVA PARA ELETRODUTO, PVC, ROSCÁVEL, DN 32 MM (1\"), PARA CIRCUITOS TERMINAIS, INSTALADA EM PAREDE - FORNECIMENTO E INSTALAÇÃO. AF_03/2023","UN","COEFICIENTE DE REPRESENTATIVIDADE",12.74,"CAIXA REFERENCIAL"]
["INSTALACAO ELETRICA/ELETRIFICACAO E ILUMINACAO EXTERNA","INEL","CONEXOES","0166","","",91886,"LUVA PARA ELETRODUTO, PVC, ROSCÁVEL, DN 40 MM (1 1/4\"), PARA CIRCUITOS TERMINAIS, INSTALADA EM PAREDE - FORNECIMENTO E INSTALAÇÃO. AF_03/2023","UN","COEFICIENTE DE REPRESENTATIVIDADE",15.24,"CAIXA REFERENCIAL"]
["INSTALACAO ELETRICA/ELETRIFICACAO E ILUMINACAO EXTERNA","INEL","CONEXOES","0166","","",91887,"CURVA 90 GRAUS PARA ELETRODUTO, PVC, ROSCÁVEL, DN 20 MM (1/2\"), PARA CIRCUITOS TERMINAIS, INSTALADA EM FORRO - FORNECIMENTO E INSTALAÇÃO. AF_03/2023","UN","COEFICIENTE DE REPRESENTATIVIDADE",12.47,"CAIXA REFERENCIAL"]
["INSTALACAO ELETRICA/ELETRIFICACAO E ILUMINACAO EXTERNA","INEL","CONEXOES","0166","","",91889,"CURVA 180 GRAUS PARA ELETRODUTO, PVC, ROSCÁVEL, DN 20 MM (1/2\"), PARA CIRCUITOS TERMINAIS, INSTALADA EM FORRO - FORNECIMENTO E INSTALAÇÃO. AF_03/2023","UN","COEFICIENTE DE REPRESENTATIVIDADE",12.05,"CAIXA REFERENCIAL"]
["INSTALACAO ELETRICA/ELETRIFICACAO E ILUMINACAO EXTERNA","INEL","CONEXOES","0166","","",91890,"CURVA 90 GRAUS PARA ELETRODUTO, PVC, ROSCÁVEL, DN 25 MM (3/4\"), PARA CIRCUITOS TERMINAIS, INSTALADA EM FORRO - FORNECIMENTO E INSTALAÇÃO. AF_03/2023","UN","COEFICIENTE DE REPRESENTATIVIDADE",13.66,"CAIXA REFERENCIAL"]
["INSTALACAO ELETRICA/ELETRIFICACAO E ILUMINACAO EXTERNA","INEL","CONEXOES","0166","","",91892,"CURVA 180 GRAUS PARA ELETRODUTO, PVC, ROSCÁVEL, DN 25 MM (3/4\"), PARA CIRCUITOS TERMINAIS, INSTALADA EM FORRO - FORNECIMENTO E INSTALAÇÃO. AF_03/2023","UN","COEFICIENTE DE REPRESENTATIVIDADE",16.45,"CAIXA REFERENCIAL"]
["INSTALACAO ELETRICA/ELETRIFICACAO E ILUMINACAO EXTERNA","INEL","CONEXOES","0166","","",91893,"CURVA 90 GRAUS PARA ELETRODUTO, PVC, ROSCÁVEL, DN 32 MM (1\"), PARA CIRCUITOS TERMINAIS, INSTALADA EM FORRO - FORNECIMENTO E INSTALAÇÃO. AF_03/2023","UN","COEFICIENTE DE REPRESENTATIVIDADE",17.29,"CAIXA REFERENCIAL"]
["INSTALACAO ELETRICA/ELETRIFICACAO E ILUMINACAO EXTERNA","INEL","CONEXOES","0166","","",91895,"CURVA 180 GRAUS PARA ELETRODUTO, PVC, ROSCÁVEL, DN 32 MM (1\"), PARA CIRCUITOS TERMINAIS, INSTALADA EM FORRO - FORNECIMENTO E INSTALAÇÃO. AF_03/2023","UN","COEFICIENTE DE REPRESENTATIVIDADE",20.12,"CAIXA REFERENCIAL"]
["INSTALACAO ELETRICA/ELETRIFICACAO E ILUMINACAO EXTERNA","INEL","CONEXOES","0166","","",91896,"CURVA 90 GRAUS PARA ELETRODUTO, PVC, ROSCÁVEL, DN 40 MM (1 1/4\"), PARA CIRCUITOS TERMINAIS, INSTALADA EM FORRO - FORNECIMENTO E INSTALAÇÃO. AF_03/2023","UN","COEFICIENTE DE REPRESENTATIVIDADE",19.850000000000001,"CAIXA REFERENCIAL"]
["INSTALACAO ELETRICA/ELETRIFICACAO E ILUMINACAO EXTERNA","INEL","CONEXOES","0166","","",91898,"CURVA 180 GRAUS PARA ELETRODUTO, PVC, ROSCÁVEL, DN 40 MM (1 1/4\"), PARA CIRCUITOS TERMINAIS, INSTALADA EM FORRO - FORNECIMENTO E INSTALAÇÃO. AF_03/2023","UN","COEFICIENTE DE REPRESENTATIVIDADE",22.88,"CAIXA REFERENCIAL"]
["INSTALACAO ELETRICA/ELETRIFICACAO E ILUMINACAO EXTERNA","INEL","CONEXOES","0166","","",91899,"CURVA 90 GRAUS PARA ELETRODUTO, PVC, ROSCÁVEL, DN 20 MM (1/2\"), PARA CIRCUITOS TERMINAIS, INSTALADA EM LAJE - FORNECIMENTO E INSTALAÇÃO. AF_03/2023","UN","COEFICIENTE DE REPRESENTATIVIDADE",10.39,"CAIXA REFERENCIAL"]
["INSTALACAO ELETRICA/ELETRIFICACAO E ILUMINACAO EXTERNA","INEL","CONEXOES","0166","","",91901,"CURVA 180 GRAUS PARA ELETRODUTO, PVC, ROSCÁVEL, DN 20 MM (1/2\"), PARA CIRCUITOS TERMINAIS, INSTALADA EM LAJE - FORNECIMENTO E INSTALAÇÃO. AF_03/2023","UN","COEFICIENTE DE REPRESENTATIVIDADE",9.9700000000000006,"CAIXA REFERENCIAL"]
["INSTALACAO ELETRICA/ELETRIFICACAO E ILUMINACAO EXTERNA","INEL","CONEXOES","0166","","",91902,"CURVA 90 GRAUS PARA ELETRODUTO, PVC, ROSCÁVEL, DN 25 MM (3/4\"), PARA CIRCUITOS TERMINAIS, INSTALADA EM LAJE - FORNECIMENTO E INSTALAÇÃO. AF_03/2023","UN","COEFICIENTE DE REPRESENTATIVIDADE",11.58,"CAIXA REFERENCIAL"]
["INSTALACAO ELETRICA/ELETRIFICACAO E ILUMINACAO EXTERNA","INEL","CONEXOES","0166","","",91904,"CURVA 180 GRAUS PARA ELETRODUTO, PVC, ROSCÁVEL, DN 25 MM (3/4\"), PARA CIRCUITOS TERMINAIS, INSTALADA EM LAJE - FORNECIMENTO E INSTALAÇÃO. AF_03/2023","UN","COEFICIENTE DE REPRESENTATIVIDADE",14.37,"CAIXA REFERENCIAL"]
["INSTALACAO ELETRICA/ELETRIFICACAO E ILUMINACAO EXTERNA","INEL","CONEXOES","0166","","",91905,"CURVA 90 GRAUS PARA ELETRODUTO, PVC, ROSCÁVEL, DN 32 MM (1\"), PARA CIRCUITOS TERMINAIS, INSTALADA EM LAJE - FORNECIMENTO E INSTALAÇÃO. AF_03/2023","UN","COEFICIENTE DE REPRESENTATIVIDADE",15.2,"CAIXA REFERENCIAL"]
["INSTALACAO ELETRICA/ELETRIFICACAO E ILUMINACAO EXTERNA","INEL","CONEXOES","0166","","",91907,"CURVA 180 GRAUS PARA ELETRODUTO, PVC, ROSCÁVEL, DN 32 MM (1\"), PARA CIRCUITOS TERMINAIS, INSTALADA EM LAJE - FORNECIMENTO E INSTALAÇÃO. AF_03/2023","UN","COEFICIENTE DE REPRESENTATIVIDADE",18.03,"CAIXA REFERENCIAL"]
["INSTALACAO ELETRICA/ELETRIFICACAO E ILUMINACAO EXTERNA","INEL","CONEXOES","0166","","",91908,"CURVA 90 GRAUS PARA ELETRODUTO, PVC, ROSCÁVEL, DN 40 MM (1 1/4\"), PARA CIRCUITOS TERMINAIS, INSTALADA EM LAJE - FORNECIMENTO E INSTALAÇÃO. AF_03/2023","UN","COEFICIENTE DE REPRESENTATIVIDADE",17.809999999999999,"CAIXA REFERENCIAL"]
["INSTALACAO ELETRICA/ELETRIFICACAO E ILUMINACAO EXTERNA","INEL","CONEXOES","0166","","",91910,"CURVA 180 GRAUS PARA ELETRODUTO, PVC, ROSCÁVEL, DN 40 MM (1 1/4\"), PARA CIRCUITOS TERMINAIS, INSTALADA EM LAJE - FORNECIMENTO E INSTALAÇÃO. AF_03/2023","UN","COEFICIENTE DE REPRESENTATIVIDADE",20.84,"CAIXA REFERENCIAL"]
["INSTALACAO ELETRICA/ELETRIFICACAO E ILUMINACAO EXTERNA","INEL","CONEXOES","0166","","",91911,"CURVA 90 GRAUS PARA ELETRODUTO, PVC, ROSCÁVEL, DN 20 MM (1/2\"), PARA CIRCUITOS TERMINAIS, INSTALADA EM PAREDE - FORNECIMENTO E INSTALAÇÃO. AF_03/2023","UN","COEFICIENTE DE REPRESENTATIVIDADE",16.75,"CAIXA REFERENCIAL"]
["INSTALACAO ELETRICA/ELETRIFICACAO E ILUMINACAO EXTERNA","INEL","CONEXOES","0166","","",91913,"CURVA 180 GRAUS PARA ELETRODUTO, PVC, ROSCÁVEL, DN 20 MM (1/2\"), PARA CIRCUITOS TERMINAIS, INSTALADA EM PAREDE - FORNECIMENTO E INSTALAÇÃO. AF_03/2023","UN","COEFICIENTE DE REPRESENTATIVIDADE",16.329999999999998,"CAIXA REFERENCIAL"]
["INSTALACAO ELETRICA/ELETRIFICACAO E ILUMINACAO EXTERNA","INEL","CONEXOES","0166","","",91914,"CURVA 90 GRAUS PARA ELETRODUTO, PVC, ROSCÁVEL, DN 25 MM (3/4\"), PARA CIRCUITOS TERMINAIS, INSTALADA EM PAREDE - FORNECIMENTO E INSTALAÇÃO. AF_03/2023","UN","COEFICIENTE DE REPRESENTATIVIDADE",17.89,"CAIXA REFERENCIAL"]
["INSTALACAO ELETRICA/ELETRIFICACAO E ILUMINACAO EXTERNA","INEL","CONEXOES","0166","","",91916,"CURVA 180 GRAUS PARA ELETRODUTO, PVC, ROSCÁVEL, DN 25 MM (3/4\"), PARA CIRCUITOS TERMINAIS, INSTALADA EM PAREDE - FORNECIMENTO E INSTALAÇÃO. AF_03/2023","UN","COEFICIENTE DE REPRESENTATIVIDADE",20.68,"CAIXA REFERENCIAL"]
["INSTALACAO ELETRICA/ELETRIFICACAO E ILUMINACAO EXTERNA","INEL","CONEXOES","0166","","",91917,"CURVA 90 GRAUS PARA ELETRODUTO, PVC, ROSCÁVEL, DN 32 MM (1\"), PARA CIRCUITOS TERMINAIS, INSTALADA EM PAREDE - FORNECIMENTO E INSTALAÇÃO. AF_03/2023","UN","COEFICIENTE DE REPRESENTATIVIDADE",21.46,"CAIXA REFERENCIAL"]
["INSTALACAO ELETRICA/ELETRIFICACAO E ILUMINACAO EXTERNA","INEL","CONEXOES","0166","","",91919,"CURVA 180 GRAUS PARA ELETRODUTO, PVC, ROSCÁVEL, DN 32 MM (1\"), PARA CIRCUITOS TERMINAIS, INSTALADA EM PAREDE - FORNECIMENTO E INSTALAÇÃO. AF_03/2023","UN","COEFICIENTE DE REPRESENTATIVIDADE",24.29,"CAIXA REFERENCIAL"]
["INSTALACAO ELETRICA/ELETRIFICACAO E ILUMINACAO EXTERNA","INEL","CONEXOES","0166","","",91920,"CURVA 90 GRAUS PARA ELETRODUTO, PVC, ROSCÁVEL, DN 40 MM (1 1/4\"), PARA CIRCUITOS TERMINAIS, INSTALADA EM PAREDE - FORNECIMENTO E INSTALAÇÃO. AF_03/2023","UN","COEFICIENTE DE REPRESENTATIVIDADE",23.98,"CAIXA REFERENCIAL"]
["INSTALACAO ELETRICA/ELETRIFICACAO E ILUMINACAO EXTERNA","INEL","CONEXOES","0166","","",91922,"CURVA 180 GRAUS PARA ELETRODUTO, PVC, ROSCÁVEL, DN 40 MM (1 1/4\"), PARA CIRCUITOS TERMINAIS, INSTALADA EM PAREDE - FORNECIMENTO E INSTALAÇÃO. AF_03/2023","UN","COEFICIENTE DE REPRESENTATIVIDADE",27.01,"CAIXA REFERENCIAL"]
["INSTALACAO ELETRICA/ELETRIFICACAO E ILUMINACAO EXTERNA","INEL","CONEXOES","0166","","",93013,"LUVA PARA ELETRODUTO, PVC, ROSCÁVEL, DN 50 MM (1 1/2\"), PARA REDE ENTERRADA DE DISTRIBUIÇÃO DE ENERGIA ELÉTRICA - FORNECIMENTO E INSTALAÇÃO. AF_12/2021","UN","COEFICIENTE DE REPRESENTATIVIDADE",15.68,"CAIXA REFERENCIAL"]
["INSTALACAO ELETRICA/ELETRIFICACAO E ILUMINACAO EXTERNA","INEL","CONEXOES","0166","","",93014,"LUVA PARA ELETRODUTO, PVC, ROSCÁVEL, DN 60 MM (2\"), PARA REDE ENTERRADA DE DISTRIBUIÇÃO DE ENERGIA ELÉTRICA - FORNECIMENTO E INSTALAÇÃO. AF_12/2021","UN","COEFICIENTE DE REPRESENTATIVIDADE",19.510000000000002,"CAIXA REFERENCIAL"]
["INSTALACAO ELETRICA/ELETRIFICACAO E ILUMINACAO EXTERNA","INEL","CONEXOES","0166","","",93015,"LUVA PARA ELETRODUTO, PVC, ROSCÁVEL, DN 75 MM (2 1/2\"), PARA REDE ENTERRADA DE DISTRIBUIÇÃO DE ENERGIA ELÉTRICA - FORNECIMENTO E INSTALAÇÃO. AF_12/2021","UN","COEFICIENTE DE REPRESENTATIVIDADE",30.85,"CAIXA REFERENCIAL"]
["INSTALACAO ELETRICA/ELETRIFICACAO E ILUMINACAO EXTERNA","INEL","CONEXOES","0166","","",93016,"LUVA PARA ELETRODUTO, PVC, ROSCÁVEL, DN 85 MM (3\"), PARA REDE ENTERRADA DE DISTRIBUIÇÃO DE ENERGIA ELÉTRICA - FORNECIMENTO E INSTALAÇÃO. AF_12/2021","UN","COEFICIENTE DE REPRESENTATIVIDADE",38,"CAIXA REFERENCIAL"]
["INSTALACAO ELETRICA/ELETRIFICACAO E ILUMINACAO EXTERNA","INEL","CONEXOES","0166","","",93017,"LUVA PARA ELETRODUTO, PVC, ROSCÁVEL, DN 110 MM (4\"), PARA REDE ENTERRADA DE DISTRIBUIÇÃO DE ENERGIA ELÉTRICA - FORNECIMENTO E INSTALAÇÃO. AF_12/2021","UN","COEFICIENTE DE REPRESENTATIVIDADE",58.47,"CAIXA REFERENCIAL"]
["INSTALACAO ELETRICA/ELETRIFICACAO E ILUMINACAO EXTERNA","INEL","CONEXOES","0166","","",93018,"CURVA 90 GRAUS PARA ELETRODUTO, PVC, ROSCÁVEL, DN 50 MM (1 1/2\"), PARA REDE ENTERRADA DE DISTRIBUIÇÃO DE ENERGIA ELÉTRICA - FORNECIMENTO E INSTALAÇÃO. AF_12/2021","UN","COEFICIENTE DE REPRESENTATIVIDADE",24.02,"CAIXA REFERENCIAL"]
["INSTALACAO ELETRICA/ELETRIFICACAO E ILUMINACAO EXTERNA","INEL","CONEXOES","0166","","",93020,"CURVA 90 GRAUS PARA ELETRODUTO, PVC, ROSCÁVEL, DN 60 MM (2\"), PARA REDE ENTERRADA DE DISTRIBUIÇÃO DE ENERGIA ELÉTRICA - FORNECIMENTO E INSTALAÇÃO. AF_12/2021","UN","COEFICIENTE DE REPRESENTATIVIDADE",31.46,"CAIXA REFERENCIAL"]
["INSTALACAO ELETRICA/ELETRIFICACAO E ILUMINACAO EXTERNA","INEL","CONEXOES","0166","","",93022,"CURVA 90 GRAUS PARA ELETRODUTO, PVC, ROSCÁVEL, DN 75 MM (2 1/2\"), PARA REDE ENTERRADA DE DISTRIBUIÇÃO DE ENERGIA ELÉTRICA - FORNECIMENTO E INSTALAÇÃO. AF_12/2021","UN","COEFICIENTE DE REPRESENTATIVIDADE",55.41,"CAIXA REFERENCIAL"]
["INSTALACAO ELETRICA/ELETRIFICACAO E ILUMINACAO EXTERNA","INEL","CONEXOES","0166","","",93024,"CURVA 90 GRAUS PARA ELETRODUTO, PVC, ROSCÁVEL, DN 85 MM (3\"), PARA REDE ENTERRADA DE DISTRIBUIÇÃO DE ENERGIA ELÉTRICA - FORNECIMENTO E INSTALAÇÃO. AF_12/2021","UN","COEFICIENTE DE REPRESENTATIVIDADE",57.85,"CAIXA REFERENCIAL"]
["INSTALACAO ELETRICA/ELETRIFICACAO E ILUMINACAO EXTERNA","INEL","CONEXOES","0166","","",93026,"CURVA 90 GRAUS PARA ELETRODUTO, PVC, ROSCÁVEL, DN 110 MM (4\"), PARA REDE ENTERRADA DE DISTRIBUIÇÃO DE ENERGIA ELÉTRICA - FORNECIMENTO E INSTALAÇÃO. AF_12/2021","UN","COEFICIENTE DE REPRESENTATIVIDADE",97.65,"CAIXA REFERENCIAL"]
["INSTALACAO ELETRICA/ELETRIFICACAO E ILUMINACAO EXTERNA","INEL","CONEXOES","0166","","",97559,"CURVA 135 GRAUS PARA ELETRODUTO, PVC, ROSCÁVEL, DN 25 MM (3/4\"), PARA CIRCUITOS TERMINAIS, INSTALADA EM FORRO - FORNECIMENTO E INSTALAÇÃO. AF_03/2023","UN","COEFICIENTE DE REPRESENTATIVIDADE",13.35,"CAIXA REFERENCIAL"]
["INSTALACAO ELETRICA/ELETRIFICACAO E ILUMINACAO EXTERNA","INEL","CONEXOES","0166","","",97562,"CURVA 135 GRAUS PARA ELETRODUTO, PVC, ROSCÁVEL, DN 25 MM (3/4\"), PARA CIRCUITOS TERMINAIS, INSTALADA EM LAJE - FORNECIMENTO E INSTALAÇÃO. AF_03/2023","UN","COEFICIENTE DE REPRESENTATIVIDADE",11.27,"CAIXA REFERENCIAL"]
["INSTALACAO ELETRICA/ELETRIFICACAO E ILUMINACAO EXTERNA","INEL","CONEXOES","0166","","",97564,"CURVA 135 GRAUS PARA ELETRODUTO, PVC, ROSCÁVEL, DN 25 MM (3/4\"), PARA CIRCUITOS TERMINAIS, INSTALADA EM PAREDE - FORNECIMENTO E INSTALAÇÃO. AF_03/2023","UN","COEFICIENTE DE REPRESENTATIVIDADE",17.579999999999998,"CAIXA REFERENCIAL"]
["INSTALACAO ELETRICA/ELETRIFICACAO E ILUMINACAO EXTERNA","INEL","CONEXOES","0166","","",104395,"CONDULETE DE PVC, TIPO E, PARA ELETRODUTO DE PVC SOLDÁVEL DN 20 MM (1/2''), APARENTE - FORNECIMENTO E INSTALAÇÃO. AF_10/2022","UN","COEFICIENTE DE REPRESENTATIVIDADE",24.34,"CAIXA REFERENCIAL"]
["INSTALACAO ELETRICA/ELETRIFICACAO E ILUMINACAO EXTERNA","INEL","FIOS/CABOS","0167","","",91924,"CABO DE COBRE FLEXÍVEL ISOLADO, 1,5 MM², ANTI-CHAMA 450/750 V, PARA CIRCUITOS TERMINAIS - FORNECIMENTO E INSTALAÇÃO. AF_03/2023","M","COEFICIENTE DE REPRESENTATIVIDADE",2.63,"CAIXA REFERENCIAL"]
["INSTALACAO ELETRICA/ELETRIFICACAO E ILUMINACAO EXTERNA","INEL","FIOS/CABOS","0167","","",91925,"CABO DE COBRE FLEXÍVEL ISOLADO, 1,5 MM², ANTI-CHAMA 0,6/1,0 KV, PARA CIRCUITOS TERMINAIS - FORNECIMENTO E INSTALAÇÃO. AF_03/2023","M","COEFICIENTE DE REPRESENTATIVIDADE",3.15,"CAIXA REFERENCIAL"]
["INSTALACAO ELETRICA/ELETRIFICACAO E ILUMINACAO EXTERNA","INEL","FIOS/CABOS","0167","","",91926,"CABO DE COBRE FLEXÍVEL ISOLADO, 2,5 MM², ANTI-CHAMA 450/750 V, PARA CIRCUITOS TERMINAIS - FORNECIMENTO E INSTALAÇÃO. AF_03/2023","M","COEFICIENTE DE REPRESENTATIVIDADE",3.78,"CAIXA REFERENCIAL"]
["INSTALACAO ELETRICA/ELETRIFICACAO E ILUMINACAO EXTERNA","INEL","FIOS/CABOS","0167","","",91927,"CABO DE COBRE FLEXÍVEL ISOLADO, 2,5 MM², ANTI-CHAMA 0,6/1,0 KV, PARA CIRCUITOS TERMINAIS - FORNECIMENTO E INSTALAÇÃO. AF_03/2023","M","COEFICIENTE DE REPRESENTATIVIDADE",4.21,"CAIXA REFERENCIAL"]
["INSTALACAO ELETRICA/ELETRIFICACAO E ILUMINACAO EXTERNA","INEL","FIOS/CABOS","0167","","",91928,"CABO DE COBRE FLEXÍVEL ISOLADO, 4 MM², ANTI-CHAMA 450/750 V, PARA CIRCUITOS TERMINAIS - FORNECIMENTO E INSTALAÇÃO. AF_03/2023","M","COEFICIENTE DE REPRESENTATIVIDADE",5.81,"CAIXA REFERENCIAL"]
["INSTALACAO ELETRICA/ELETRIFICACAO E ILUMINACAO EXTERNA","INEL","FIOS/CABOS","0167","","",91929,"CABO DE COBRE FLEXÍVEL ISOLADO, 4 MM², ANTI-CHAMA 0,6/1,0 KV, PARA CIRCUITOS TERMINAIS - FORNECIMENTO E INSTALAÇÃO. AF_03/2023","M","COEFICIENTE DE REPRESENTATIVIDADE",6.2,"CAIXA REFERENCIAL"]
["INSTALACAO ELETRICA/ELETRIFICACAO E ILUMINACAO EXTERNA","INEL","FIOS/CABOS","0167","","",91930,"CABO DE COBRE FLEXÍVEL ISOLADO, 6 MM², ANTI-CHAMA 450/750 V, PARA CIRCUITOS TERMINAIS - FORNECIMENTO E INSTALAÇÃO. AF_03/2023","M","COEFICIENTE DE REPRESENTATIVIDADE",8.1,"CAIXA REFERENCIAL"]
["INSTALACAO ELETRICA/ELETRIFICACAO E ILUMINACAO EXTERNA","INEL","FIOS/CABOS","0167","","",91931,"CABO DE COBRE FLEXÍVEL ISOLADO, 6 MM², ANTI-CHAMA 0,6/1,0 KV, PARA CIRCUITOS TERMINAIS - FORNECIMENTO E INSTALAÇÃO. AF_03/2023","M","COEFICIENTE DE REPRESENTATIVIDADE",8.7200000000000006,"CAIXA REFERENCIAL"]
["INSTALACAO ELETRICA/ELETRIFICACAO E ILUMINACAO EXTERNA","INEL","FIOS/CABOS","0167","","",91932,"CABO DE COBRE FLEXÍVEL ISOLADO, 10 MM², ANTI-CHAMA 450/750 V, PARA CIRCUITOS TERMINAIS - FORNECIMENTO E INSTALAÇÃO. AF_03/2023","M","COEFICIENTE DE REPRESENTATIVIDADE",14.41,"CAIXA REFERENCIAL"]
["INSTALACAO ELETRICA/ELETRIFICACAO E ILUMINACAO EXTERNA","INEL","FIOS/CABOS","0167","","",91933,"CABO DE COBRE FLEXÍVEL ISOLADO, 10 MM², ANTI-CHAMA 0,6/1,0 KV, PARA CIRCUITOS TERMINAIS - FORNECIMENTO E INSTALAÇÃO. AF_03/2023","M","COEFICIENTE DE REPRESENTATIVIDADE",13.91,"CAIXA REFERENCIAL"]
["INSTALACAO ELETRICA/ELETRIFICACAO E ILUMINACAO EXTERNA","INEL","FIOS/CABOS","0167","","",91934,"CABO DE COBRE FLEXÍVEL ISOLADO, 16 MM², ANTI-CHAMA 450/750 V, PARA CIRCUITOS TERMINAIS - FORNECIMENTO E INSTALAÇÃO. AF_03/2023","M","COEFICIENTE DE REPRESENTATIVIDADE",20.82,"CAIXA REFERENCIAL"]
["INSTALACAO ELETRICA/ELETRIFICACAO E ILUMINACAO EXTERNA","INEL","FIOS/CABOS","0167","","",91935,"CABO DE COBRE FLEXÍVEL ISOLADO, 16 MM², ANTI-CHAMA 0,6/1,0 KV, PARA CIRCUITOS TERMINAIS - FORNECIMENTO E INSTALAÇÃO. AF_03/2023","M","COEFICIENTE DE REPRESENTATIVIDADE",21.79,"CAIXA REFERENCIAL"]
["INSTALACAO ELETRICA/ELETRIFICACAO E ILUMINACAO EXTERNA","INEL","FIOS/CABOS","0167","","",92979,"CABO DE COBRE FLEXÍVEL ISOLADO, 10 MM², ANTI-CHAMA 450/750 V, PARA DISTRIBUIÇÃO - FORNECIMENTO E INSTALAÇÃO. AF_10/2020","M","COEFICIENTE DE REPRESENTATIVIDADE",9.36,"CAIXA REFERENCIAL"]
["INSTALACAO ELETRICA/ELETRIFICACAO E ILUMINACAO EXTERNA","INEL","FIOS/CABOS","0167","","",92980,"CABO DE COBRE FLEXÍVEL ISOLADO, 10 MM², ANTI-CHAMA 0,6/1,0 KV, PARA DISTRIBUIÇÃO - FORNECIMENTO E INSTALAÇÃO. AF_10/2020","M","COEFICIENTE DE REPRESENTATIVIDADE",8.9499999999999993,"CAIXA REFERENCIAL"]
["INSTALACAO ELETRICA/ELETRIFICACAO E ILUMINACAO EXTERNA","INEL","FIOS/CABOS","0167","","",92981,"CABO DE COBRE FLEXÍVEL ISOLADO, 16 MM², ANTI-CHAMA 450/750 V, PARA DISTRIBUIÇÃO - FORNECIMENTO E INSTALAÇÃO. AF_10/2020","M","COEFICIENTE DE REPRESENTATIVIDADE",13.36,"CAIXA REFERENCIAL"]
["INSTALACAO ELETRICA/ELETRIFICACAO E ILUMINACAO EXTERNA","INEL","FIOS/CABOS","0167","","",92982,"CABO DE COBRE FLEXÍVEL ISOLADO, 16 MM², ANTI-CHAMA 0,6/1,0 KV, PARA DISTRIBUIÇÃO - FORNECIMENTO E INSTALAÇÃO. AF_10/2020","M","COEFICIENTE DE REPRESENTATIVIDADE",14.16,"CAIXA REFERENCIAL"]
["INSTALACAO ELETRICA/ELETRIFICACAO E ILUMINACAO EXTERNA","INEL","FIOS/CABOS","0167","","",92984,"CABO DE COBRE FLEXÍVEL ISOLADO, 25 MM², ANTI-CHAMA 0,6/1,0 KV, PARA REDE ENTERRADA DE DISTRIBUIÇÃO DE ENERGIA ELÉTRICA - FORNECIMENTO E INSTALAÇÃO. AF_12/2021","M","COEFICIENTE DE REPRESENTATIVIDADE",23.59,"CAIXA REFERENCIAL"]
["INSTALACAO ELETRICA/ELETRIFICACAO E ILUMINACAO EXTERNA","INEL","FIOS/CABOS","0167","","",92986,"CABO DE COBRE FLEXÍVEL ISOLADO, 35 MM², ANTI-CHAMA 0,6/1,0 KV, PARA REDE ENTERRADA DE DISTRIBUIÇÃO DE ENERGIA ELÉTRICA - FORNECIMENTO E INSTALAÇÃO. AF_12/2021","M","COEFICIENTE DE REPRESENTATIVIDADE",32.56,"CAIXA REFERENCIAL"]
["INSTALACAO ELETRICA/ELETRIFICACAO E ILUMINACAO EXTERNA","INEL","FIOS/CABOS","0167","","",92988,"CABO DE COBRE FLEXÍVEL ISOLADO, 50 MM², ANTI-CHAMA 0,6/1,0 KV, PARA REDE ENTERRADA DE DISTRIBUIÇÃO DE ENERGIA ELÉTRICA - FORNECIMENTO E INSTALAÇÃO. AF_12/2021","M","COEFICIENTE DE REPRESENTATIVIDADE",47.18,"CAIXA REFERENCIAL"]
["INSTALACAO ELETRICA/ELETRIFICACAO E ILUMINACAO EXTERNA","INEL","FIOS/CABOS","0167","","",92990,"CABO DE COBRE FLEXÍVEL ISOLADO, 70 MM², ANTI-CHAMA 0,6/1,0 KV, PARA REDE ENTERRADA DE DISTRIBUIÇÃO DE ENERGIA ELÉTRICA - FORNECIMENTO E INSTALAÇÃO. AF_12/2021","M","COEFICIENTE DE REPRESENTATIVIDADE",65.27,"CAIXA REFERENCIAL"]
["INSTALACAO ELETRICA/ELETRIFICACAO E ILUMINACAO EXTERNA","INEL","FIOS/CABOS","0167","","",92992,"CABO DE COBRE FLEXÍVEL ISOLADO, 95 MM², ANTI-CHAMA 0,6/1,0 KV, PARA REDE ENTERRADA DE DISTRIBUIÇÃO DE ENERGIA ELÉTRICA - FORNECIMENTO E INSTALAÇÃO. AF_12/2021","M","COEFICIENTE DE REPRESENTATIVIDADE",84.35,"CAIXA REFERENCIAL"]
["INSTALACAO ELETRICA/ELETRIFICACAO E ILUMINACAO EXTERNA","INEL","FIOS/CABOS","0167","","",92994,"CABO DE COBRE FLEXÍVEL ISOLADO, 120 MM², ANTI-CHAMA 0,6/1,0 KV, PARA REDE ENTERRADA DE DISTRIBUIÇÃO DE ENERGIA ELÉTRICA - FORNECIMENTO E INSTALAÇÃO. AF_12/2021","M","COEFICIENTE DE REPRESENTATIVIDADE",109.55,"CAIXA REFERENCIAL"]
["INSTALACAO ELETRICA/ELETRIFICACAO E ILUMINACAO EXTERNA","INEL","FIOS/CABOS","0167","","",92996,"CABO DE COBRE FLEXÍVEL ISOLADO, 150 MM², ANTI-CHAMA 0,6/1,0 KV, PARA REDE ENTERRADA DE DISTRIBUIÇÃO DE ENERGIA ELÉTRICA - FORNECIMENTO E INSTALAÇÃO. AF_12/2021","M","COEFICIENTE DE REPRESENTATIVIDADE",132.51,"CAIXA REFERENCIAL"]
["INSTALACAO ELETRICA/ELETRIFICACAO E ILUMINACAO EXTERNA","INEL","FIOS/CABOS","0167","","",92998,"CABO DE COBRE FLEXÍVEL ISOLADO, 185 MM², ANTI-CHAMA 0,6/1,0 KV, PARA REDE ENTERRADA DE DISTRIBUIÇÃO DE ENERGIA ELÉTRICA - FORNECIMENTO E INSTALAÇÃO. AF_12/2021","M","COEFICIENTE DE REPRESENTATIVIDADE",162.38999999999999,"CAIXA REFERENCIAL"]
["INSTALACAO ELETRICA/ELETRIFICACAO E ILUMINACAO EXTERNA","INEL","FIOS/CABOS","0167","","",93000,"CABO DE COBRE FLEXÍVEL ISOLADO, 240 MM², ANTI-CHAMA 0,6/1,0 KV, PARA REDE ENTERRADA DE DISTRIBUIÇÃO DE ENERGIA ELÉTRICA - FORNECIMENTO E INSTALAÇÃO. AF_12/2021","M","COEFICIENTE DE REPRESENTATIVIDADE",214.92,"CAIXA REFERENCIAL"]
["INSTALACAO ELETRICA/ELETRIFICACAO E ILUMINACAO EXTERNA","INEL","FIOS/CABOS","0167","","",93002,"CABO DE COBRE FLEXÍVEL ISOLADO, 300 MM², ANTI-CHAMA 0,6/1,0 KV, PARA REDE ENTERRADA DE DISTRIBUIÇÃO DE ENERGIA ELÉTRICA - FORNECIMENTO E INSTALAÇÃO. AF_12/2021","M","COEFICIENTE DE REPRESENTATIVIDADE",277.83,"CAIXA REFERENCIAL"]
["INSTALACAO ELETRICA/ELETRIFICACAO E ILUMINACAO EXTERNA","INEL","FIOS/CABOS","0167","","",101884,"CABO DE COBRE ISOLADO, 10 MM², ANTI-CHAMA 450/750 V, INSTALADO EM ELETROCALHA OU PERFILADO - FORNECIMENTO E INSTALAÇÃO. AF_10/2020","M","COEFICIENTE DE REPRESENTATIVIDADE",9.11,"CAIXA REFERENCIAL"]
["INSTALACAO ELETRICA/ELETRIFICACAO E ILUMINACAO EXTERNA","INEL","FIOS/CABOS","0167","","",101885,"CABO DE COBRE ISOLADO, 10 MM², ANTI-CHAMA 0,6/1 KV, INSTALADO EM ELETROCALHA OU PERFILADO - FORNECIMENTO E INSTALAÇÃO. AF_10/2020","M","COEFICIENTE DE REPRESENTATIVIDADE",8.6999999999999993,"CAIXA REFERENCIAL"]
["INSTALACAO ELETRICA/ELETRIFICACAO E ILUMINACAO EXTERNA","INEL","FIOS/CABOS","0167","","",101886,"CABO DE COBRE ISOLADO, 16 MM², ANTI-CHAMA 450/750 V, INSTALADO EM ELETROCALHA OU PERFILADO - FORNECIMENTO E INSTALAÇÃO. AF_10/2020","M","COEFICIENTE DE REPRESENTATIVIDADE",13.08,"CAIXA REFERENCIAL"]
["INSTALACAO ELETRICA/ELETRIFICACAO E ILUMINACAO EXTERNA","INEL","FIOS/CABOS","0167","","",101887,"CABO DE COBRE ISOLADO, 16 MM², ANTI-CHAMA 0,6/1 KV, INSTALADO EM ELETROCALHA OU PERFILADO - FORNECIMENTO E INSTALAÇÃO. AF_10/2020","M","COEFICIENTE DE REPRESENTATIVIDADE",13.88,"CAIXA REFERENCIAL"]
["INSTALACAO ELETRICA/ELETRIFICACAO E ILUMINACAO EXTERNA","INEL","FIOS/CABOS","0167","","",101888,"CABO DE COBRE ISOLADO, 25 MM², ANTI-CHAMA 450/750 V, INSTALADO EM ELETROCALHA OU PERFILADO - FORNECIMENTO E INSTALAÇÃO. AF_10/2020","M","COEFICIENTE DE REPRESENTATIVIDADE",20.49,"CAIXA REFERENCIAL"]
["INSTALACAO ELETRICA/ELETRIFICACAO E ILUMINACAO EXTERNA","INEL","FIOS/CABOS","0167","","",101889,"CABO DE COBRE ISOLADO, 25 MM², ANTI-CHAMA 0,6/1 KV, INSTALADO EM ELETROCALHA OU PERFILADO - FORNECIMENTO E INSTALAÇÃO. AF_10/2020","M","COEFICIENTE DE REPRESENTATIVIDADE",21.52,"CAIXA REFERENCIAL"]
["INSTALACAO ELETRICA/ELETRIFICACAO E ILUMINACAO EXTERNA","INEL","CAIXAS","0168","","",91936,"CAIXA OCTOGONAL 4\" X 4\", PVC, INSTALADA EM LAJE - FORNECIMENTO E INSTALAÇÃO. AF_03/2023","UN","COEFICIENTE DE REPRESENTATIVIDADE",19.23,"CAIXA REFERENCIAL"]
["INSTALACAO ELETRICA/ELETRIFICACAO E ILUMINACAO EXTERNA","INEL","CAIXAS","0168","","",91937,"CAIXA OCTOGONAL 3\" X 3\", PVC, INSTALADA EM LAJE - FORNECIMENTO E INSTALAÇÃO. AF_03/2023","UN","COEFICIENTE DE REPRESENTATIVIDADE",16.55,"CAIXA REFERENCIAL"]
["INSTALACAO ELETRICA/ELETRIFICACAO E ILUMINACAO EXTERNA","INEL","CAIXAS","0168","","",91939,"CAIXA RETANGULAR 4\" X 2\" ALTA (2,00 M DO PISO), PVC, INSTALADA EM PAREDE - FORNECIMENTO E INSTALAÇÃO. AF_03/2023","UN","COEFICIENTE DE REPRESENTATIVIDADE",30.03,"CAIXA REFERENCIAL"]
["INSTALACAO ELETRICA/ELETRIFICACAO E ILUMINACAO EXTERNA","INEL","CAIXAS","0168","","",91940,"CAIXA RETANGULAR 4\" X 2\" MÉDIA (1,30 M DO PISO), PVC, INSTALADA EM PAREDE - FORNECIMENTO E INSTALAÇÃO. AF_03/2023","UN","COEFICIENTE DE REPRESENTATIVIDADE",17.739999999999998,"CAIXA REFERENCIAL"]
["INSTALACAO ELETRICA/ELETRIFICACAO E ILUMINACAO EXTERNA","INEL","CAIXAS","0168","","",91941,"CAIXA RETANGULAR 4\" X 2\" BAIXA (0,30 M DO PISO), PVC, INSTALADA EM PAREDE - FORNECIMENTO E INSTALAÇÃO. AF_03/2023","UN","COEFICIENTE DE REPRESENTATIVIDADE",11.71,"CAIXA REFERENCIAL"]
["INSTALACAO ELETRICA/ELETRIFICACAO E ILUMINACAO EXTERNA","INEL","CAIXAS","0168","","",91942,"CAIXA RETANGULAR 4\" X 4\" ALTA (2,00 M DO PISO), PVC, INSTALADA EM PAREDE - FORNECIMENTO E INSTALAÇÃO. AF_03/2023","UN","COEFICIENTE DE REPRESENTATIVIDADE",34.44,"CAIXA REFERENCIAL"]
["INSTALACAO ELETRICA/ELETRIFICACAO E ILUMINACAO EXTERNA","INEL","CAIXAS","0168","","",91943,"CAIXA RETANGULAR 4\" X 4\" MÉDIA (1,30 M DO PISO), PVC, INSTALADA EM PAREDE - FORNECIMENTO E INSTALAÇÃO. AF_03/2023","UN","COEFICIENTE DE REPRESENTATIVIDADE",21.73,"CAIXA REFERENCIAL"]
["INSTALACAO ELETRICA/ELETRIFICACAO E ILUMINACAO EXTERNA","INEL","CAIXAS","0168","","",91944,"CAIXA RETANGULAR 4\" X 4\" BAIXA (0,30 M DO PISO), PVC, INSTALADA EM PAREDE - FORNECIMENTO E INSTALAÇÃO. AF_03/2023","UN","COEFICIENTE DE REPRESENTATIVIDADE",15.46,"CAIXA REFERENCIAL"]
["INSTALACAO ELETRICA/ELETRIFICACAO E ILUMINACAO EXTERNA","INEL","CAIXAS","0168","","",92865,"CAIXA OCTOGONAL 4\" X 4\", METÁLICA, INSTALADA EM LAJE - FORNECIMENTO E INSTALAÇÃO. AF_03/2023","UN","COEFICIENTE DE REPRESENTATIVIDADE",13.64,"CAIXA REFERENCIAL"]
["INSTALACAO ELETRICA/ELETRIFICACAO E ILUMINACAO EXTERNA","INEL","CAIXAS","0168","","",92866,"CAIXA SEXTAVADA 3\" X 3\", METÁLICA, INSTALADA EM LAJE - FORNECIMENTO E INSTALAÇÃO. AF_03/2023","UN","COEFICIENTE DE REPRESENTATIVIDADE",11.95,"CAIXA REFERENCIAL"]
["INSTALACAO ELETRICA/ELETRIFICACAO E ILUMINACAO EXTERNA","INEL","CAIXAS","0168","","",92867,"CAIXA RETANGULAR 4\" X 2\" ALTA (2,00 M DO PISO), METÁLICA, INSTALADA EM PAREDE - FORNECIMENTO E INSTALAÇÃO. AF_03/2023","UN","COEFICIENTE DE REPRESENTATIVIDADE",28.13,"CAIXA REFERENCIAL"]
["INSTALACAO ELETRICA/ELETRIFICACAO E ILUMINACAO EXTERNA","INEL","CAIXAS","0168","","",92868,"CAIXA RETANGULAR 4\" X 2\" MÉDIA (1,30 M DO PISO), METÁLICA, INSTALADA EM PAREDE - FORNECIMENTO E INSTALAÇÃO. AF_03/2023","UN","COEFICIENTE DE REPRESENTATIVIDADE",15.84,"CAIXA REFERENCIAL"]
["INSTALACAO ELETRICA/ELETRIFICACAO E ILUMINACAO EXTERNA","INEL","CAIXAS","0168","","",92869,"CAIXA RETANGULAR 4\" X 2\" BAIXA (0,30 M DO PISO), METÁLICA, INSTALADA EM PAREDE - FORNECIMENTO E INSTALAÇÃO. AF_03/2023","UN","COEFICIENTE DE REPRESENTATIVIDADE",9.81,"CAIXA REFERENCIAL"]
["INSTALACAO ELETRICA/ELETRIFICACAO E ILUMINACAO EXTERNA","INEL","CAIXAS","0168","","",92870,"CAIXA RETANGULAR 4\" X 4\" ALTA (2,00 M DO PISO), METÁLICA, INSTALADA EM PAREDE - FORNECIMENTO E INSTALAÇÃO. AF_03/2023","UN","COEFICIENTE DE REPRESENTATIVIDADE",30.86,"CAIXA REFERENCIAL"]
["INSTALACAO ELETRICA/ELETRIFICACAO E ILUMINACAO EXTERNA","INEL","CAIXAS","0168","","",92871,"CAIXA RETANGULAR 4\" X 4\" MÉDIA (1,30 M DO PISO), METÁLICA, INSTALADA EM PAREDE - FORNECIMENTO E INSTALAÇÃO. AF_03/2023","UN","COEFICIENTE DE REPRESENTATIVIDADE",18.149999999999999,"CAIXA REFERENCIAL"]
["INSTALACAO ELETRICA/ELETRIFICACAO E ILUMINACAO EXTERNA","INEL","CAIXAS","0168","","",92872,"CAIXA RETANGULAR 4\" X 4\" BAIXA (0,30 M DO PISO), METÁLICA, INSTALADA EM PAREDE - FORNECIMENTO E INSTALAÇÃO. AF_03/2023","UN","COEFICIENTE DE REPRESENTATIVIDADE",11.88,"CAIXA REFERENCIAL"]
["INSTALACAO ELETRICA/ELETRIFICACAO E ILUMINACAO EXTERNA","INEL","CAIXAS","0168","","",95777,"CONDULETE DE ALUMÍNIO, TIPO B, PARA ELETRODUTO DE AÇO GALVANIZADO DN 20 MM (3/4''), APARENTE - FORNECIMENTO E INSTALAÇÃO. AF_10/2022","UN","COEFICIENTE DE REPRESENTATIVIDADE",25.68,"CAIXA REFERENCIAL"]
["INSTALACAO ELETRICA/ELETRIFICACAO E ILUMINACAO EXTERNA","INEL","CAIXAS","0168","","",95778,"CONDULETE DE ALUMÍNIO, TIPO C, PARA ELETRODUTO DE AÇO GALVANIZADO DN 20 MM (3/4''), APARENTE - FORNECIMENTO E INSTALAÇÃO. AF_10/2022","UN","COEFICIENTE DE REPRESENTATIVIDADE",28.54,"CAIXA REFERENCIAL"]
["INSTALACAO ELETRICA/ELETRIFICACAO E ILUMINACAO EXTERNA","INEL","CAIXAS","0168","","",95779,"CONDULETE DE ALUMÍNIO, TIPO E, PARA ELETRODUTO DE AÇO GALVANIZADO DN 20 MM (3/4''), APARENTE - FORNECIMENTO E INSTALAÇÃO. AF_10/2022","UN","COEFICIENTE DE REPRESENTATIVIDADE",23.68,"CAIXA REFERENCIAL"]
["INSTALACAO ELETRICA/ELETRIFICACAO E ILUMINACAO EXTERNA","INEL","CAIXAS","0168","","",95780,"CONDULETE DE ALUMÍNIO, TIPO B, PARA ELETRODUTO DE AÇO GALVANIZADO DN 25 MM (1''), APARENTE - FORNECIMENTO E INSTALAÇÃO. AF_10/2022","UN","COEFICIENTE DE REPRESENTATIVIDADE",30.81,"CAIXA REFERENCIAL"]
["INSTALACAO ELETRICA/ELETRIFICACAO E ILUMINACAO EXTERNA","INEL","CAIXAS","0168","","",95781,"CONDULETE DE ALUMÍNIO, TIPO C, PARA ELETRODUTO DE AÇO GALVANIZADO DN 25 MM (1''), APARENTE - FORNECIMENTO E INSTALAÇÃO. AF_10/2022","UN","COEFICIENTE DE REPRESENTATIVIDADE",34.64,"CAIXA REFERENCIAL"]
["INSTALACAO ELETRICA/ELETRIFICACAO E ILUMINACAO EXTERNA","INEL","CAIXAS","0168","","",95782,"CONDULETE DE ALUMÍNIO, TIPO E, ELETRODUTO DE AÇO GALVANIZADO DN 25 MM (1''), APARENTE - FORNECIMENTO E INSTALAÇÃO. AF_10/2022","UN","COEFICIENTE DE REPRESENTATIVIDADE",33.090000000000003,"CAIXA REFERENCIAL"]
["INSTALACAO ELETRICA/ELETRIFICACAO E ILUMINACAO EXTERNA","INEL","CAIXAS","0168","","",95785,"CONDULETE DE ALUMÍNIO, TIPO E, PARA ELETRODUTO DE AÇO GALVANIZADO DN 32 MM (1 1/4''), APARENTE - FORNECIMENTO E INSTALAÇÃO. AF_10/2022","UN","COEFICIENTE DE REPRESENTATIVIDADE",39.340000000000003,"CAIXA REFERENCIAL"]
["INSTALACAO ELETRICA/ELETRIFICACAO E ILUMINACAO EXTERNA","INEL","CAIXAS","0168","","",95787,"CONDULETE DE ALUMÍNIO, TIPO LR, PARA ELETRODUTO DE AÇO GALVANIZADO DN 20 MM (3/4''), APARENTE - FORNECIMENTO E INSTALAÇÃO. AF_10/2022","UN","COEFICIENTE DE REPRESENTATIVIDADE",28.13,"CAIXA REFERENCIAL"]
["INSTALACAO ELETRICA/ELETRIFICACAO E ILUMINACAO EXTERNA","INEL","CAIXAS","0168","","",95789,"CONDULETE DE ALUMÍNIO, TIPO LR, PARA ELETRODUTO DE AÇO GALVANIZADO DN 25 MM (1''), APARENTE - FORNECIMENTO E INSTALAÇÃO. AF_10/2022","UN","COEFICIENTE DE REPRESENTATIVIDADE",38.840000000000003,"CAIXA REFERENCIAL"]
["INSTALACAO ELETRICA/ELETRIFICACAO E ILUMINACAO EXTERNA","INEL","CAIXAS","0168","","",95791,"CONDULETE DE ALUMÍNIO, TIPO LR, PARA ELETRODUTO DE AÇO GALVANIZADO DN 32 MM (1 1/4''), APARENTE - FORNECIMENTO E INSTALAÇÃO. AF_10/2022","UN","COEFICIENTE DE REPRESENTATIVIDADE",54.58,"CAIXA REFERENCIAL"]
["INSTALACAO ELETRICA/ELETRIFICACAO E ILUMINACAO EXTERNA","INEL","CAIXAS","0168","","",95795,"CONDULETE DE ALUMÍNIO, TIPO T, PARA ELETRODUTO DE AÇO GALVANIZADO DN 20 MM (3/4''), APARENTE - FORNECIMENTO E INSTALAÇÃO. AF_10/2022","UN","COEFICIENTE DE REPRESENTATIVIDADE",32.07,"CAIXA REFERENCIAL"]
["INSTALACAO ELETRICA/ELETRIFICACAO E ILUMINACAO EXTERNA","INEL","CAIXAS","0168","","",95796,"CONDULETE DE ALUMÍNIO, TIPO T, PARA ELETRODUTO DE AÇO GALVANIZADO DN 25 MM (1''), APARENTE - FORNECIMENTO E INSTALAÇÃO. AF_10/2022","UN","COEFICIENTE DE REPRESENTATIVIDADE",45.62,"CAIXA REFERENCIAL"]
["INSTALACAO ELETRICA/ELETRIFICACAO E ILUMINACAO EXTERNA","INEL","CAIXAS","0168","","",95797,"CONDULETE DE ALUMÍNIO, TIPO T, PARA ELETRODUTO DE AÇO GALVANIZADO DN 32 MM (1 1/4''), APARENTE - FORNECIMENTO E INSTALAÇÃO. AF_10/2022","UN","COEFICIENTE DE REPRESENTATIVIDADE",63.51,"CAIXA REFERENCIAL"]
["INSTALACAO ELETRICA/ELETRIFICACAO E ILUMINACAO EXTERNA","INEL","CAIXAS","0168","","",95801,"CONDULETE DE ALUMÍNIO, TIPO X, PARA ELETRODUTO DE AÇO GALVANIZADO DN 20 MM (3/4''), APARENTE - FORNECIMENTO E INSTALAÇÃO. AF_10/2022","UN","COEFICIENTE DE REPRESENTATIVIDADE",38.71,"CAIXA REFERENCIAL"]
["INSTALACAO ELETRICA/ELETRIFICACAO E ILUMINACAO EXTERNA","INEL","CAIXAS","0168","","",95802,"CONDULETE DE ALUMÍNIO, TIPO X, PARA ELETRODUTO DE AÇO GALVANIZADO DN 25 MM (1''), APARENTE - FORNECIMENTO E INSTALAÇÃO. AF_10/2022","UN","COEFICIENTE DE REPRESENTATIVIDADE",47.82,"CAIXA REFERENCIAL"]
["INSTALACAO ELETRICA/ELETRIFICACAO E ILUMINACAO EXTERNA","INEL","CAIXAS","0168","","",95803,"CONDULETE DE ALUMÍNIO, TIPO X, PARA ELETRODUTO DE AÇO GALVANIZADO DN 32 MM (1 1/4''), APARENTE - FORNECIMENTO E INSTALAÇÃO. AF_10/2022","UN","COEFICIENTE DE REPRESENTATIVIDADE",70.36,"CAIXA REFERENCIAL"]
["INSTALACAO ELETRICA/ELETRIFICACAO E ILUMINACAO EXTERNA","INEL","CAIXAS","0168","","",95804,"CONDULETE DE PVC, TIPO B, PARA ELETRODUTO DE PVC SOLDÁVEL DN 20 MM (1/2''), APARENTE - FORNECIMENTO E INSTALAÇÃO. AF_10/2022","UN","COEFICIENTE DE REPRESENTATIVIDADE",24.99,"CAIXA REFERENCIAL"]
["INSTALACAO ELETRICA/ELETRIFICACAO E ILUMINACAO EXTERNA","INEL","CAIXAS","0168","","",95805,"CONDULETE DE PVC, TIPO B, PARA ELETRODUTO DE PVC SOLDÁVEL DN 25 MM (3/4''), APARENTE - FORNECIMENTO E INSTALAÇÃO. AF_10/2022","UN","COEFICIENTE DE REPRESENTATIVIDADE",26.17,"CAIXA REFERENCIAL"]
["INSTALACAO ELETRICA/ELETRIFICACAO E ILUMINACAO EXTERNA","INEL","CAIXAS","0168","","",95806,"CONDULETE DE PVC, TIPO B, PARA ELETRODUTO DE PVC SOLDÁVEL DN 32 MM (1''), APARENTE - FORNECIMENTO E INSTALAÇÃO. AF_10/2022","UN","COEFICIENTE DE REPRESENTATIVIDADE",28.47,"CAIXA REFERENCIAL"]
["INSTALACAO ELETRICA/ELETRIFICACAO E ILUMINACAO EXTERNA","INEL","CAIXAS","0168","","",95807,"CONDULETE DE PVC, TIPO LL, PARA ELETRODUTO DE PVC SOLDÁVEL DN 20 MM (1/2''), APARENTE - FORNECIMENTO E INSTALAÇÃO. AF_10/2022","UN","COEFICIENTE DE REPRESENTATIVIDADE",29.03,"CAIXA REFERENCIAL"]
["INSTALACAO ELETRICA/ELETRIFICACAO E ILUMINACAO EXTERNA","INEL","CAIXAS","0168","","",95808,"CONDULETE DE PVC, TIPO LL, PARA ELETRODUTO DE PVC SOLDÁVEL DN 25 MM (3/4''), APARENTE - FORNECIMENTO E INSTALAÇÃO. AF_10/2022","UN","COEFICIENTE DE REPRESENTATIVIDADE",32.56,"CAIXA REFERENCIAL"]
["INSTALACAO ELETRICA/ELETRIFICACAO E ILUMINACAO EXTERNA","INEL","CAIXAS","0168","","",95809,"CONDULETE DE PVC, TIPO LL, PARA ELETRODUTO DE PVC SOLDÁVEL DN 32 MM (1''), APARENTE - FORNECIMENTO E INSTALAÇÃO. AF_10/2022","UN","COEFICIENTE DE REPRESENTATIVIDADE",40.1,"CAIXA REFERENCIAL"]
["INSTALACAO ELETRICA/ELETRIFICACAO E ILUMINACAO EXTERNA","INEL","CAIXAS","0168","","",95810,"CONDULETE DE PVC, TIPO LB, PARA ELETRODUTO DE PVC SOLDÁVEL DN 20 MM (1/2''), APARENTE - FORNECIMENTO E INSTALAÇÃO. AF_10/2022","UN","COEFICIENTE DE REPRESENTATIVIDADE",19.47,"CAIXA REFERENCIAL"]
["INSTALACAO ELETRICA/ELETRIFICACAO E ILUMINACAO EXTERNA","INEL","CAIXAS","0168","","",95811,"CONDULETE DE PVC, TIPO LB, PARA ELETRODUTO DE PVC SOLDÁVEL DN 25 MM (3/4''), APARENTE - FORNECIMENTO E INSTALAÇÃO. AF_10/2022","UN","COEFICIENTE DE REPRESENTATIVIDADE",23.02,"CAIXA REFERENCIAL"]
["INSTALACAO ELETRICA/ELETRIFICACAO E ILUMINACAO EXTERNA","INEL","CAIXAS","0168","","",95812,"CONDULETE DE PVC, TIPO LB, PARA ELETRODUTO DE PVC SOLDÁVEL DN 32 MM (1''), APARENTE - FORNECIMENTO E INSTALAÇÃO. AF_10/2022","UN","COEFICIENTE DE REPRESENTATIVIDADE",30.54,"CAIXA REFERENCIAL"]
["INSTALACAO ELETRICA/ELETRIFICACAO E ILUMINACAO EXTERNA","INEL","CAIXAS","0168","","",95813,"CONDULETE DE PVC, TIPO TB, PARA ELETRODUTO DE PVC SOLDÁVEL DN 20 MM (1/2''), APARENTE - FORNECIMENTO E INSTALAÇÃO. AF_10/2022","UN","COEFICIENTE DE REPRESENTATIVIDADE",22.38,"CAIXA REFERENCIAL"]
["INSTALACAO ELETRICA/ELETRIFICACAO E ILUMINACAO EXTERNA","INEL","CAIXAS","0168","","",95814,"CONDULETE DE PVC, TIPO TB, PARA ELETRODUTO DE PVC SOLDÁVEL DN 25 MM (3/4''), APARENTE - FORNECIMENTO E INSTALAÇÃO. AF_10/2022","UN","COEFICIENTE DE REPRESENTATIVIDADE",27.11,"CAIXA REFERENCIAL"]
["INSTALACAO ELETRICA/ELETRIFICACAO E ILUMINACAO EXTERNA","INEL","CAIXAS","0168","","",95815,"CONDULETE DE PVC, TIPO TB, PARA ELETRODUTO DE PVC SOLDÁVEL DN 32 MM (1''), APARENTE - FORNECIMENTO E INSTALAÇÃO. AF_10/2022","UN","COEFICIENTE DE REPRESENTATIVIDADE",39.21,"CAIXA REFERENCIAL"]
["INSTALACAO ELETRICA/ELETRIFICACAO E ILUMINACAO EXTERNA","INEL","CAIXAS","0168","","",95816,"CONDULETE DE PVC, TIPO X, PARA ELETRODUTO DE PVC SOLDÁVEL DN 20 MM (1/2''), APARENTE - FORNECIMENTO E INSTALAÇÃO. AF_10/2022","UN","COEFICIENTE DE REPRESENTATIVIDADE",35.18,"CAIXA REFERENCIAL"]
["INSTALACAO ELETRICA/ELETRIFICACAO E ILUMINACAO EXTERNA","INEL","CAIXAS","0168","","",95817,"CONDULETE DE PVC, TIPO X, PARA ELETRODUTO DE PVC SOLDÁVEL DN 25 MM (3/4\"), APARENTE - FORNECIMENTO E INSTALAÇÃO. AF_10/2022","UN","COEFICIENTE DE REPRESENTATIVIDADE",40.47,"CAIXA REFERENCIAL"]
["INSTALACAO ELETRICA/ELETRIFICACAO E ILUMINACAO EXTERNA","INEL","CAIXAS","0168","","",95818,"CONDULETE DE PVC, TIPO X, PARA ELETRODUTO DE PVC SOLDÁVEL DN 32 MM (1''), APARENTE - FORNECIMENTO E INSTALAÇÃO. AF_10/2022","UN","COEFICIENTE DE REPRESENTATIVIDADE",56.14,"CAIXA REFERENCIAL"]
["INSTALACAO ELETRICA/ELETRIFICACAO E ILUMINACAO EXTERNA","INEL","CAIXAS","0168","","",97881,"CAIXA ENTERRADA ELÉTRICA RETANGULAR, EM CONCRETO PRÉ-MOLDADO, FUNDO COM BRITA, DIMENSÕES INTERNAS: 0,3X0,3X0,3 M. AF_12/2020","UN","ATRIBUÍDO SÃO PAULO",112.77,"CAIXA REFERENCIAL"]
["INSTALACAO ELETRICA/ELETRIFICACAO E ILUMINACAO EXTERNA","INEL","CAIXAS","0168","","",97882,"CAIXA ENTERRADA ELÉTRICA RETANGULAR, EM CONCRETO PRÉ-MOLDADO, FUNDO COM BRITA, DIMENSÕES INTERNAS: 0,4X0,4X0,4 M. AF_12/2020","UN","ATRIBUÍDO SÃO PAULO",176.8,"CAIXA REFERENCIAL"]
["INSTALACAO ELETRICA/ELETRIFICACAO E ILUMINACAO EXTERNA","INEL","CAIXAS","0168","","",97883,"CAIXA ENTERRADA ELÉTRICA RETANGULAR, EM CONCRETO PRÉ-MOLDADO, FUNDO COM BRITA, DIMENSÕES INTERNAS: 0,6X0,6X0,5 M. AF_12/2020","UN","ATRIBUÍDO SÃO PAULO",343.47,"CAIXA REFERENCIAL"]
["INSTALACAO ELETRICA/ELETRIFICACAO E ILUMINACAO EXTERNA","INEL","CAIXAS","0168","","",97884,"CAIXA ENTERRADA ELÉTRICA RETANGULAR, EM CONCRETO PRÉ-MOLDADO, FUNDO COM BRITA, DIMENSÕES INTERNAS: 0,8X0,8X0,5 M. AF_12/2020","UN","ATRIBUÍDO SÃO PAULO",667.73,"CAIXA REFERENCIAL"]
["INSTALACAO ELETRICA/ELETRIFICACAO E ILUMINACAO EXTERNA","INEL","CAIXAS","0168","","",97885,"CAIXA ENTERRADA ELÉTRICA RETANGULAR, EM CONCRETO PRÉ-MOLDADO, FUNDO COM BRITA, DIMENSÕES INTERNAS: 1X1X0,5 M. AF_12/2020","UN","ATRIBUÍDO SÃO PAULO",1026.23,"CAIXA REFERENCIAL"]
["INSTALACAO ELETRICA/ELETRIFICACAO E ILUMINACAO EXTERNA","INEL","CAIXAS","0168","","",97886,"CAIXA ENTERRADA ELÉTRICA RETANGULAR, EM ALVENARIA COM TIJOLOS CERÂMICOS MACIÇOS, FUNDO COM BRITA, DIMENSÕES INTERNAS: 0,3X0,3X0,3 M. AF_12/2020","UN","ATRIBUÍDO SÃO PAULO",150.80000000000001,"CAIXA REFERENCIAL"]
["INSTALACAO ELETRICA/ELETRIFICACAO E ILUMINACAO EXTERNA","INEL","CAIXAS","0168","","",97887,"CAIXA ENTERRADA ELÉTRICA RETANGULAR, EM ALVENARIA COM TIJOLOS CERÂMICOS MACIÇOS, FUNDO COM BRITA, DIMENSÕES INTERNAS: 0,4X0,4X0,4 M. AF_12/2020","UN","ATRIBUÍDO SÃO PAULO",237.08,"CAIXA REFERENCIAL"]
["INSTALACAO ELETRICA/ELETRIFICACAO E ILUMINACAO EXTERNA","INEL","CAIXAS","0168","","",97888,"CAIXA ENTERRADA ELÉTRICA RETANGULAR, EM ALVENARIA COM TIJOLOS CERÂMICOS MACIÇOS, FUNDO COM BRITA, DIMENSÕES INTERNAS: 0,6X0,6X0,6 M. AF_12/2020","UN","ATRIBUÍDO SÃO PAULO",456.3,"CAIXA REFERENCIAL"]
["INSTALACAO ELETRICA/ELETRIFICACAO E ILUMINACAO EXTERNA","INEL","CAIXAS","0168","","",97889,"CAIXA ENTERRADA ELÉTRICA RETANGULAR, EM ALVENARIA COM TIJOLOS CERÂMICOS MACIÇOS, FUNDO COM BRITA, DIMENSÕES INTERNAS: 0,8X0,8X0,6 M. AF_12/2020","UN","ATRIBUÍDO SÃO PAULO",620.94000000000005,"CAIXA REFERENCIAL"]
["INSTALACAO ELETRICA/ELETRIFICACAO E ILUMINACAO EXTERNA","INEL","CAIXAS","0168","","",97890,"CAIXA ENTERRADA ELÉTRICA RETANGULAR, EM ALVENARIA COM TIJOLOS CERÂMICOS MACIÇOS, FUNDO COM BRITA, DIMENSÕES INTERNAS: 1X1X0,6 M. AF_12/2020","UN","ATRIBUÍDO SÃO PAULO",712.09,"CAIXA REFERENCIAL"]
["INSTALACAO ELETRICA/ELETRIFICACAO E ILUMINACAO EXTERNA","INEL","CAIXAS","0168","","",97891,"CAIXA ENTERRADA ELÉTRICA RETANGULAR, EM ALVENARIA COM BLOCOS DE CONCRETO, FUNDO COM BRITA, DIMENSÕES INTERNAS: 0,4X0,4X0,4 M. AF_12/2020","UN","ATRIBUÍDO SÃO PAULO",192.55,"CAIXA REFERENCIAL"]
["INSTALACAO ELETRICA/ELETRIFICACAO E ILUMINACAO EXTERNA","INEL","CAIXAS","0168","","",97892,"CAIXA ENTERRADA ELÉTRICA RETANGULAR, EM ALVENARIA COM BLOCOS DE CONCRETO, FUNDO COM BRITA, DIMENSÕES INTERNAS: 0,6X0,6X0,6 M. AF_12/2020","UN","ATRIBUÍDO SÃO PAULO",362.17,"CAIXA REFERENCIAL"]
["INSTALACAO ELETRICA/ELETRIFICACAO E ILUMINACAO EXTERNA","INEL","CAIXAS","0168","","",97893,"CAIXA ENTERRADA ELÉTRICA RETANGULAR, EM ALVENARIA COM BLOCOS DE CONCRETO, FUNDO COM BRITA, DIMENSÕES INTERNAS: 0,8X0,8X0,6 M. AF_12/2020","UN","ATRIBUÍDO SÃO PAULO",500.86,"CAIXA REFERENCIAL"]
["INSTALACAO ELETRICA/ELETRIFICACAO E ILUMINACAO EXTERNA","INEL","CAIXAS","0168","","",97894,"CAIXA ENTERRADA ELÉTRICA RETANGULAR, EM ALVENARIA COM BLOCOS DE CONCRETO, FUNDO COM BRITA, DIMENSÕES INTERNAS: 1X1X0,6 M. AF_12/2020","UN","ATRIBUÍDO SÃO PAULO",566.59,"CAIXA REFERENCIAL"]
["INSTALACAO ELETRICA/ELETRIFICACAO E ILUMINACAO EXTERNA","INEL","CAIXAS","0168","","",104396,"CONDULETE DE PVC, TIPO E, PARA ELETRODUTO DE PVC SOLDÁVEL DN 25 MM (3/4''), APARENTE - FORNECIMENTO E INSTALAÇÃO. AF_10/2022","UN","COEFICIENTE DE REPRESENTATIVIDADE",24.44,"CAIXA REFERENCIAL"]
["INSTALACAO ELETRICA/ELETRIFICACAO E ILUMINACAO EXTERNA","INEL","CAIXAS","0168","","",104397,"CONDULETE DE PVC, TIPO E, PARA ELETRODUTO DE PVC SOLDÁVEL DN 32 MM (1''), APARENTE - FORNECIMENTO E INSTALAÇÃO. AF_10/2022","UN","COEFICIENTE DE REPRESENTATIVIDADE",29.3,"CAIXA REFERENCIAL"]
["INSTALACAO ELETRICA/ELETRIFICACAO E ILUMINACAO EXTERNA","INEL","CAIXAS","0168","","",104398,"CONDULETE DE PVC, TIPO LR, PARA ELETRODUTO DE PVC SOLDÁVEL DN 20 MM (1/2''), APARENTE - FORNECIMENTO E INSTALAÇÃO. AF_10/2022","UN","COEFICIENTE DE REPRESENTATIVIDADE",29.01,"CAIXA REFERENCIAL"]
["INSTALACAO ELETRICA/ELETRIFICACAO E ILUMINACAO EXTERNA","INEL","CAIXAS","0168","","",104399,"CONDULETE DE PVC, TIPO LR, PARA ELETRODUTO DE PVC SOLDÁVEL DN 25 MM (3/4''), APARENTE - FORNECIMENTO E INSTALAÇÃO. AF_10/2022","UN","COEFICIENTE DE REPRESENTATIVIDADE",30.82,"CAIXA REFERENCIAL"]
["INSTALACAO ELETRICA/ELETRIFICACAO E ILUMINACAO EXTERNA","INEL","CAIXAS","0168","","",104400,"CONDULETE DE PVC, TIPO LR, PARA ELETRODUTO DE PVC SOLDÁVEL DN 32 MM (1''), APARENTE - FORNECIMENTO E INSTALAÇÃO. AF_10/2022","UN","COEFICIENTE DE REPRESENTATIVIDADE",39.35,"CAIXA REFERENCIAL"]
["INSTALACAO ELETRICA/ELETRIFICACAO E ILUMINACAO EXTERNA","INEL","CAIXAS","0168","","",104401,"CONDULETE DE PVC, TIPO C, PARA ELETRODUTO DE PVC SOLDÁVEL DN 20 MM (1/2''), APARENTE - FORNECIMENTO E INSTALAÇÃO. AF_10/2022","UN","COEFICIENTE DE REPRESENTATIVIDADE",27.7,"CAIXA REFERENCIAL"]
["INSTALACAO ELETRICA/ELETRIFICACAO E ILUMINACAO EXTERNA","INEL","CAIXAS","0168","","",104402,"CONDULETE DE PVC, TIPO C, PARA ELETRODUTO DE PVC SOLDÁVEL DN 25 MM (3/4''), APARENTE - FORNECIMENTO E INSTALAÇÃO. AF_10/2022","UN","COEFICIENTE DE REPRESENTATIVIDADE",28.34,"CAIXA REFERENCIAL"]
["INSTALACAO ELETRICA/ELETRIFICACAO E ILUMINACAO EXTERNA","INEL","CAIXAS","0168","","",104403,"CONDULETE DE PVC, TIPO C, PARA ELETRODUTO DE PVC SOLDÁVEL DN 32 MM (1''), APARENTE - FORNECIMENTO E INSTALAÇÃO. AF_10/2022","UN","COEFICIENTE DE REPRESENTATIVIDADE",35.21,"CAIXA REFERENCIAL"]
["INSTALACAO ELETRICA/ELETRIFICACAO E ILUMINACAO EXTERNA","INEL","CAIXAS","0168","","",104404,"CONDULETE DE PVC, TIPO T, PARA ELETRODUTO DE PVC SOLDÁVEL DN 25 MM (3/4''), APARENTE - FORNECIMENTO E INSTALAÇÃO. AF_10/2022","UN","COEFICIENTE DE REPRESENTATIVIDADE",36.119999999999997,"CAIXA REFERENCIAL"]
["INSTALACAO ELETRICA/ELETRIFICACAO E ILUMINACAO EXTERNA","INEL","CAIXAS","0168","","",104405,"CONDULETE DE PVC, TIPO T, PARA ELETRODUTO DE PVC SOLDÁVEL DN 32 MM (1''), APARENTE - FORNECIMENTO E INSTALAÇÃO. AF_10/2022","UN","COEFICIENTE DE REPRESENTATIVIDADE",48.76,"CAIXA REFERENCIAL"]
["INSTALACAO ELETRICA/ELETRIFICACAO E ILUMINACAO EXTERNA","INEL","QUADROS/DISJUNTORES","0169","","",93653,"DISJUNTOR MONOPOLAR TIPO DIN, CORRENTE NOMINAL DE 10A - FORNECIMENTO E INSTALAÇÃO. AF_10/2020","UN","COEFICIENTE DE REPRESENTATIVIDADE",14.51,"CAIXA REFERENCIAL"]
["INSTALACAO ELETRICA/ELETRIFICACAO E ILUMINACAO EXTERNA","INEL","QUADROS/DISJUNTORES","0169","","",93654,"DISJUNTOR MONOPOLAR TIPO DIN, CORRENTE NOMINAL DE 16A - FORNECIMENTO E INSTALAÇÃO. AF_10/2020","UN","COEFICIENTE DE REPRESENTATIVIDADE",15.09,"CAIXA REFERENCIAL"]
["INSTALACAO ELETRICA/ELETRIFICACAO E ILUMINACAO EXTERNA","INEL","QUADROS/DISJUNTORES","0169","","",93655,"DISJUNTOR MONOPOLAR TIPO DIN, CORRENTE NOMINAL DE 20A - FORNECIMENTO E INSTALAÇÃO. AF_10/2020","UN","COEFICIENTE DE REPRESENTATIVIDADE",16.399999999999999,"CAIXA REFERENCIAL"]
["INSTALACAO ELETRICA/ELETRIFICACAO E ILUMINACAO EXTERNA","INEL","QUADROS/DISJUNTORES","0169","","",93656,"DISJUNTOR MONOPOLAR TIPO DIN, CORRENTE NOMINAL DE 25A - FORNECIMENTO E INSTALAÇÃO. AF_10/2020","UN","COEFICIENTE DE REPRESENTATIVIDADE",16.399999999999999,"CAIXA REFERENCIAL"]
["INSTALACAO ELETRICA/ELETRIFICACAO E ILUMINACAO EXTERNA","INEL","QUADROS/DISJUNTORES","0169","","",93657,"DISJUNTOR MONOPOLAR TIPO DIN, CORRENTE NOMINAL DE 32A - FORNECIMENTO E INSTALAÇÃO. AF_10/2020","UN","COEFICIENTE DE REPRESENTATIVIDADE",17.920000000000002,"CAIXA REFERENCIAL"]
["INSTALACAO ELETRICA/ELETRIFICACAO E ILUMINACAO EXTERNA","INEL","QUADROS/DISJUNTORES","0169","","",93658,"DISJUNTOR MONOPOLAR TIPO DIN, CORRENTE NOMINAL DE 40A - FORNECIMENTO E INSTALAÇÃO. AF_10/2020","UN","COEFICIENTE DE REPRESENTATIVIDADE",25.74,"CAIXA REFERENCIAL"]
["INSTALACAO ELETRICA/ELETRIFICACAO E ILUMINACAO EXTERNA","INEL","QUADROS/DISJUNTORES","0169","","",93659,"DISJUNTOR MONOPOLAR TIPO DIN, CORRENTE NOMINAL DE 50A - FORNECIMENTO E INSTALAÇÃO. AF_10/2020","UN","COEFICIENTE DE REPRESENTATIVIDADE",28.73,"CAIXA REFERENCIAL"]
["INSTALACAO ELETRICA/ELETRIFICACAO E ILUMINACAO EXTERNA","INEL","QUADROS/DISJUNTORES","0169","","",93660,"DISJUNTOR BIPOLAR TIPO DIN, CORRENTE NOMINAL DE 10A - FORNECIMENTO E INSTALAÇÃO. AF_10/2020","UN","COEFICIENTE DE REPRESENTATIVIDADE",71.97,"CAIXA REFERENCIAL"]
["INSTALACAO ELETRICA/ELETRIFICACAO E ILUMINACAO EXTERNA","INEL","QUADROS/DISJUNTORES","0169","","",93661,"DISJUNTOR BIPOLAR TIPO DIN, CORRENTE NOMINAL DE 16A - FORNECIMENTO E INSTALAÇÃO. AF_10/2020","UN","COEFICIENTE DE REPRESENTATIVIDADE",73.14,"CAIXA REFERENCIAL"]
["INSTALACAO ELETRICA/ELETRIFICACAO E ILUMINACAO EXTERNA","INEL","QUADROS/DISJUNTORES","0169","","",93662,"DISJUNTOR BIPOLAR TIPO DIN, CORRENTE NOMINAL DE 20A - FORNECIMENTO E INSTALAÇÃO. AF_10/2020","UN","COEFICIENTE DE REPRESENTATIVIDADE",75.739999999999995,"CAIXA REFERENCIAL"]
["INSTALACAO ELETRICA/ELETRIFICACAO E ILUMINACAO EXTERNA","INEL","QUADROS/DISJUNTORES","0169","","",93663,"DISJUNTOR BIPOLAR TIPO DIN, CORRENTE NOMINAL DE 25A - FORNECIMENTO E INSTALAÇÃO. AF_10/2020","UN","COEFICIENTE DE REPRESENTATIVIDADE",75.739999999999995,"CAIXA REFERENCIAL"]
["INSTALACAO ELETRICA/ELETRIFICACAO E ILUMINACAO EXTERNA","INEL","QUADROS/DISJUNTORES","0169","","",93664,"DISJUNTOR BIPOLAR TIPO DIN, CORRENTE NOMINAL DE 32A - FORNECIMENTO E INSTALAÇÃO. AF_10/2020","UN","COEFICIENTE DE REPRESENTATIVIDADE",78.78,"CAIXA REFERENCIAL"]
["INSTALACAO ELETRICA/ELETRIFICACAO E ILUMINACAO EXTERNA","INEL","QUADROS/DISJUNTORES","0169","","",93665,"DISJUNTOR BIPOLAR TIPO DIN, CORRENTE NOMINAL DE 40A - FORNECIMENTO E INSTALAÇÃO. AF_10/2020","UN","COEFICIENTE DE REPRESENTATIVIDADE",82.3,"CAIXA REFERENCIAL"]
["INSTALACAO ELETRICA/ELETRIFICACAO E ILUMINACAO EXTERNA","INEL","QUADROS/DISJUNTORES","0169","","",93666,"DISJUNTOR BIPOLAR TIPO DIN, CORRENTE NOMINAL DE 50A - FORNECIMENTO E INSTALAÇÃO. AF_10/2020","UN","COEFICIENTE DE REPRESENTATIVIDADE",88.28,"CAIXA REFERENCIAL"]
["INSTALACAO ELETRICA/ELETRIFICACAO E ILUMINACAO EXTERNA","INEL","QUADROS/DISJUNTORES","0169","","",93667,"DISJUNTOR TRIPOLAR TIPO DIN, CORRENTE NOMINAL DE 10A - FORNECIMENTO E INSTALAÇÃO. AF_10/2020","UN","COEFICIENTE DE REPRESENTATIVIDADE",89.84,"CAIXA REFERENCIAL"]
["INSTALACAO ELETRICA/ELETRIFICACAO E ILUMINACAO EXTERNA","INEL","QUADROS/DISJUNTORES","0169","","",93668,"DISJUNTOR TRIPOLAR TIPO DIN, CORRENTE NOMINAL DE 16A - FORNECIMENTO E INSTALAÇÃO. AF_10/2020","UN","COEFICIENTE DE REPRESENTATIVIDADE",91.6,"CAIXA REFERENCIAL"]
["INSTALACAO ELETRICA/ELETRIFICACAO E ILUMINACAO EXTERNA","INEL","QUADROS/DISJUNTORES","0169","","",93669,"DISJUNTOR TRIPOLAR TIPO DIN, CORRENTE NOMINAL DE 20A - FORNECIMENTO E INSTALAÇÃO. AF_10/2020","UN","COEFICIENTE DE REPRESENTATIVIDADE",95.5,"CAIXA REFERENCIAL"]
["INSTALACAO ELETRICA/ELETRIFICACAO E ILUMINACAO EXTERNA","INEL","QUADROS/DISJUNTORES","0169","","",93670,"DISJUNTOR TRIPOLAR TIPO DIN, CORRENTE NOMINAL DE 25A - FORNECIMENTO E INSTALAÇÃO. AF_10/2020","UN","COEFICIENTE DE REPRESENTATIVIDADE",95.5,"CAIXA REFERENCIAL"]
["INSTALACAO ELETRICA/ELETRIFICACAO E ILUMINACAO EXTERNA","INEL","QUADROS/DISJUNTORES","0169","","",93671,"DISJUNTOR TRIPOLAR TIPO DIN, CORRENTE NOMINAL DE 32A - FORNECIMENTO E INSTALAÇÃO. AF_10/2020","UN","COEFICIENTE DE REPRESENTATIVIDADE",100.05,"CAIXA REFERENCIAL"]
["INSTALACAO ELETRICA/ELETRIFICACAO E ILUMINACAO EXTERNA","INEL","QUADROS/DISJUNTORES","0169","","",93672,"DISJUNTOR TRIPOLAR TIPO DIN, CORRENTE NOMINAL DE 40A - FORNECIMENTO E INSTALAÇÃO. AF_10/2020","UN","COEFICIENTE DE REPRESENTATIVIDADE",106.84,"CAIXA REFERENCIAL"]
["INSTALACAO ELETRICA/ELETRIFICACAO E ILUMINACAO EXTERNA","INEL","QUADROS/DISJUNTORES","0169","","",93673,"DISJUNTOR TRIPOLAR TIPO DIN, CORRENTE NOMINAL DE 50A - FORNECIMENTO E INSTALAÇÃO. AF_10/2020","UN","COEFICIENTE DE REPRESENTATIVIDADE",115.81,"CAIXA REFERENCIAL"]
["INSTALACAO ELETRICA/ELETRIFICACAO E ILUMINACAO EXTERNA","INEL","QUADROS/DISJUNTORES","0169","","",97359,"QUADRO DE MEDIÇÃO GERAL DE ENERGIA COM 8 MEDIDORES - FORNECIMENTO E INSTALAÇÃO. AF_10/2020","UN","COEFICIENTE DE REPRESENTATIVIDADE",5344.48,"CAIXA REFERENCIAL"]
["INSTALACAO ELETRICA/ELETRIFICACAO E ILUMINACAO EXTERNA","INEL","QUADROS/DISJUNTORES","0169","","",97360,"QUADRO DE MEDIÇÃO GERAL DE ENERGIA COM 12 MEDIDORES - FORNECIMENTO E INSTALAÇÃO. AF_10/2020","UN","COEFICIENTE DE REPRESENTATIVIDADE",10343.59,"CAIXA REFERENCIAL"]
["INSTALACAO ELETRICA/ELETRIFICACAO E ILUMINACAO EXTERNA","INEL","QUADROS/DISJUNTORES","0169","","",97361,"QUADRO DE MEDIÇÃO GERAL DE ENERGIA COM 16 MEDIDORES - FORNECIMENTO E INSTALAÇÃO. AF_10/2020","UN","COEFICIENTE DE REPRESENTATIVIDADE",13791.45,"CAIXA REFERENCIAL"]
["INSTALACAO ELETRICA/ELETRIFICACAO E ILUMINACAO EXTERNA","INEL","QUADROS/DISJUNTORES","0169","","",97362,"QUADRO DE MEDIÇÃO GERAL DE ENERGIA PARA BARRAMENTO BLINDADO COM 4 MEDIDORES - FORNECIMENTO E INSTALAÇÃO. AF_10/2020","UN","COEFICIENTE DE REPRESENTATIVIDADE",1686.44,"CAIXA REFERENCIAL"]
["INSTALACAO ELETRICA/ELETRIFICACAO E ILUMINACAO EXTERNA","INEL","QUADROS/DISJUNTORES","0169","","",101875,"QUADRO DE DISTRIBUIÇÃO DE ENERGIA EM CHAPA DE AÇO GALVANIZADO, DE EMBUTIR, COM BARRAMENTO TRIFÁSICO, PARA 12 DISJUNTORES DIN 100A - FORNECIMENTO E INSTALAÇÃO. AF_10/2020","UN","COEFICIENTE DE REPRESENTATIVIDADE",364.81,"CAIXA REFERENCIAL"]
["INSTALACAO ELETRICA/ELETRIFICACAO E ILUMINACAO EXTERNA","INEL","QUADROS/DISJUNTORES","0169","","",101876,"QUADRO DE DISTRIBUIÇÃO DE ENERGIA EM PVC, DE EMBUTIR, SEM BARRAMENTO, PARA 6 DISJUNTORES - FORNECIMENTO E INSTALAÇÃO. AF_10/2020","UN","COEFICIENTE DE REPRESENTATIVIDADE",112.18,"CAIXA REFERENCIAL"]
["INSTALACAO ELETRICA/ELETRIFICACAO E ILUMINACAO EXTERNA","INEL","QUADROS/DISJUNTORES","0169","","",101877,"QUADRO DE DISTRIBUIÇÃO DE ENERGIA EM PVC, DE EMBUTIR, SEM BARRAMENTO, PARA 3 DISJUNTORES - FORNECIMENTO E INSTALAÇÃO. AF_10/2020","UN","COEFICIENTE DE REPRESENTATIVIDADE",75.5,"CAIXA REFERENCIAL"]
["INSTALACAO ELETRICA/ELETRIFICACAO E ILUMINACAO EXTERNA","INEL","QUADROS/DISJUNTORES","0169","","",101878,"QUADRO DE DISTRIBUIÇÃO DE ENERGIA EM CHAPA DE AÇO GALVANIZADO, DE SOBREPOR, COM BARRAMENTO TRIFÁSICO, PARA 18 DISJUNTORES DIN 100A - FORNECIMENTO E INSTALAÇÃO. AF_10/2020","UN","COEFICIENTE DE REPRESENTATIVIDADE",504.86,"CAIXA REFERENCIAL"]
["INSTALACAO ELETRICA/ELETRIFICACAO E ILUMINACAO EXTERNA","INEL","QUADROS/DISJUNTORES","0169","","",101879,"QUADRO DE DISTRIBUIÇÃO DE ENERGIA EM CHAPA DE AÇO GALVANIZADO, DE EMBUTIR, COM BARRAMENTO TRIFÁSICO, PARA 24 DISJUNTORES DIN 100A - FORNECIMENTO E INSTALAÇÃO. AF_10/2020","UN","COEFICIENTE DE REPRESENTATIVIDADE",526.96,"CAIXA REFERENCIAL"]
["INSTALACAO ELETRICA/ELETRIFICACAO E ILUMINACAO EXTERNA","INEL","QUADROS/DISJUNTORES","0169","","",101880,"QUADRO DE DISTRIBUIÇÃO DE ENERGIA EM CHAPA DE AÇO GALVANIZADO, DE EMBUTIR, COM BARRAMENTO TRIFÁSICO, PARA 30 DISJUNTORES DIN 150A - FORNECIMENTO E INSTALAÇÃO. AF_10/2020","UN","COEFICIENTE DE REPRESENTATIVIDADE",607.25,"CAIXA REFERENCIAL"]
["INSTALACAO ELETRICA/ELETRIFICACAO E ILUMINACAO EXTERNA","INEL","QUADROS/DISJUNTORES","0169","","",101881,"QUADRO DE DISTRIBUIÇÃO DE ENERGIA EM CHAPA DE AÇO GALVANIZADO, DE EMBUTIR, COM BARRAMENTO TRIFÁSICO, PARA 40 DISJUNTORES DIN 100A - FORNECIMENTO E INSTALAÇÃO. AF_10/2020","UN","COEFICIENTE DE REPRESENTATIVIDADE",870.51,"CAIXA REFERENCIAL"]
["INSTALACAO ELETRICA/ELETRIFICACAO E ILUMINACAO EXTERNA","INEL","QUADROS/DISJUNTORES","0169","","",101882,"QUADRO DE DISTRIBUIÇÃO DE ENERGIA EM CHAPA DE AÇO GALVANIZADO, DE EMBUTIR, COM BARRAMENTO TRIFÁSICO, PARA 30 DISJUNTORES DIN 225A - FORNECIMENTO E INSTALAÇÃO. AF_10/2020","UN","COEFICIENTE DE REPRESENTATIVIDADE",1233.44,"CAIXA REFERENCIAL"]
["INSTALACAO ELETRICA/ELETRIFICACAO E ILUMINACAO EXTERNA","INEL","QUADROS/DISJUNTORES","0169","","",101883,"QUADRO DE DISTRIBUIÇÃO DE ENERGIA EM CHAPA DE AÇO GALVANIZADO, DE EMBUTIR, COM BARRAMENTO TRIFÁSICO, PARA 18 DISJUNTORES DIN 100A - FORNECIMENTO E INSTALAÇÃO. AF_10/2020","UN","COEFICIENTE DE REPRESENTATIVIDADE",502.39,"CAIXA REFERENCIAL"]
["INSTALACAO ELETRICA/ELETRIFICACAO E ILUMINACAO EXTERNA","INEL","QUADROS/DISJUNTORES","0169","","",101890,"DISJUNTOR MONOPOLAR TIPO NEMA, CORRENTE NOMINAL DE 10 ATÉ 30A - FORNECIMENTO E INSTALAÇÃO. AF_10/2020","UN","COEFICIENTE DE REPRESENTATIVIDADE",19.8,"CAIXA REFERENCIAL"]
["INSTALACAO ELETRICA/ELETRIFICACAO E ILUMINACAO EXTERNA","INEL","QUADROS/DISJUNTORES","0169","","",101891,"DISJUNTOR MONOPOLAR TIPO NEMA, CORRENTE NOMINAL DE 35 ATÉ 50A - FORNECIMENTO E INSTALAÇÃO. AF_10/2020","UN","COEFICIENTE DE REPRESENTATIVIDADE",33.67,"CAIXA REFERENCIAL"]
["INSTALACAO ELETRICA/ELETRIFICACAO E ILUMINACAO EXTERNA","INEL","QUADROS/DISJUNTORES","0169","","",101892,"DISJUNTOR BIPOLAR TIPO NEMA, CORRENTE NOMINAL DE 10 ATÉ 50A - FORNECIMENTO E INSTALAÇÃO. AF_10/2020","UN","COEFICIENTE DE REPRESENTATIVIDADE",89.99,"CAIXA REFERENCIAL"]
["INSTALACAO ELETRICA/ELETRIFICACAO E ILUMINACAO EXTERNA","INEL","QUADROS/DISJUNTORES","0169","","",101893,"DISJUNTOR TRIPOLAR TIPO NEMA, CORRENTE NOMINAL DE 10 ATÉ 50A - FORNECIMENTO E INSTALAÇÃO. AF_10/2020","UN","COEFICIENTE DE REPRESENTATIVIDADE",114.73,"CAIXA REFERENCIAL"]
["INSTALACAO ELETRICA/ELETRIFICACAO E ILUMINACAO EXTERNA","INEL","QUADROS/DISJUNTORES","0169","","",101894,"DISJUNTOR TRIPOLAR TIPO NEMA, CORRENTE NOMINAL DE 60 ATÉ 100A - FORNECIMENTO E INSTALAÇÃO. AF_10/2020","UN","COEFICIENTE DE REPRESENTATIVIDADE",189.25,"CAIXA REFERENCIAL"]
["INSTALACAO ELETRICA/ELETRIFICACAO E ILUMINACAO EXTERNA","INEL","QUADROS/DISJUNTORES","0169","","",101895,"DISJUNTOR TERMOMAGNÉTICO TRIPOLAR , CORRENTE NOMINAL DE 125A - FORNECIMENTO E INSTALAÇÃO. AF_10/2020","UN","COEFICIENTE DE REPRESENTATIVIDADE",525.39,"CAIXA REFERENCIAL"]
["INSTALACAO ELETRICA/ELETRIFICACAO E ILUMINACAO EXTERNA","INEL","QUADROS/DISJUNTORES","0169","","",101896,"DISJUNTOR TERMOMAGNÉTICO TRIPOLAR , CORRENTE NOMINAL DE 200A - FORNECIMENTO E INSTALAÇÃO. AF_10/2020","UN","COEFICIENTE DE REPRESENTATIVIDADE",798.03,"CAIXA REFERENCIAL"]
["INSTALACAO ELETRICA/ELETRIFICACAO E ILUMINACAO EXTERNA","INEL","QUADROS/DISJUNTORES","0169","","",101897,"DISJUNTOR TERMOMAGNÉTICO TRIPOLAR , CORRENTE NOMINAL DE 250A - FORNECIMENTO E INSTALAÇÃO. AF_10/2020","UN","COEFICIENTE DE REPRESENTATIVIDADE",1285.07,"CAIXA REFERENCIAL"]
["INSTALACAO ELETRICA/ELETRIFICACAO E ILUMINACAO EXTERNA","INEL","QUADROS/DISJUNTORES","0169","","",101898,"DISJUNTOR TERMOMAGNÉTICO TRIPOLAR , CORRENTE NOMINAL DE 400A - FORNECIMENTO E INSTALAÇÃO. AF_10/2020","UN","COEFICIENTE DE REPRESENTATIVIDADE",1724.1,"CAIXA REFERENCIAL"]
["INSTALACAO ELETRICA/ELETRIFICACAO E ILUMINACAO EXTERNA","INEL","QUADROS/DISJUNTORES","0169","","",101899,"DISJUNTOR TERMOMAGNÉTICO TRIPOLAR , CORRENTE NOMINAL DE 600A - FORNECIMENTO E INSTALAÇÃO. AF_10/2020","UN","COEFICIENTE DE REPRESENTATIVIDADE",2768.37,"CAIXA REFERENCIAL"]
["INSTALACAO ELETRICA/ELETRIFICACAO E ILUMINACAO EXTERNA","INEL","QUADROS/DISJUNTORES","0169","","",101900,"DISJUNTOR BAIXA TENSÃO TRIPOLAR A SECO  800A/600V - FORNECIMENTO E INSTALAÇÃO. AF_10/2020","UN","COEFICIENTE DE REPRESENTATIVIDADE",5793.04,"CAIXA REFERENCIAL"]
["INSTALACAO ELETRICA/ELETRIFICACAO E ILUMINACAO EXTERNA","INEL","QUADROS/DISJUNTORES","0169","","",101901,"CONTATOR TRIPOLAR I NOMINAL 12A - FORNECIMENTO E INSTALAÇÃO. AF_10/2020","UN","ATRIBUÍDO SÃO PAULO",172.03,"CAIXA REFERENCIAL"]
["INSTALACAO ELETRICA/ELETRIFICACAO E ILUMINACAO EXTERNA","INEL","QUADROS/DISJUNTORES","0169","","",101902,"CONTATOR TRIPOLAR I NOMINAL 22A - FORNECIMENTO E INSTALAÇÃO. AF_10/2020","UN","ATRIBUÍDO SÃO PAULO",212.4,"CAIXA REFERENCIAL"]
["INSTALACAO ELETRICA/ELETRIFICACAO E ILUMINACAO EXTERNA","INEL","QUADROS/DISJUNTORES","0169","","",101903,"CONTATOR TRIPOLAR I NOMINAL 38A - FORNECIMENTO E INSTALAÇÃO. AF_10/2020","UN","ATRIBUÍDO SÃO PAULO",442.49,"CAIXA REFERENCIAL"]
["INSTALACAO ELETRICA/ELETRIFICACAO E ILUMINACAO EXTERNA","INEL","QUADROS/DISJUNTORES","0169","","",101904,"CONTATOR TRIPOLAR I NOMIMAL 95A - FORNECIMENTO E INSTALAÇÃO. AF_10/2020","UN","ATRIBUÍDO SÃO PAULO",1632.4,"CAIXA REFERENCIAL"]
["INSTALACAO ELETRICA/ELETRIFICACAO E ILUMINACAO EXTERNA","INEL","QUADROS/DISJUNTORES","0169","","",101938,"CAIXA DE PROTEÇÃO PARA MEDIDOR MONOFÁSICO DE EMBUTIR - FORNECIMENTO E INSTALAÇÃO. AF_10/2020","UN","COEFICIENTE DE REPRESENTATIVIDADE",150.97,"CAIXA REFERENCIAL"]
["INSTALACAO ELETRICA/ELETRIFICACAO E ILUMINACAO EXTERNA","INEL","QUADROS/DISJUNTORES","0169","","",101946,"QUADRO DE MEDIÇÃO GERAL DE ENERGIA PARA 1 MEDIDOR DE SOBREPOR - FORNECIMENTO E INSTALAÇÃO. AF_10/2020","UN","COEFICIENTE DE REPRESENTATIVIDADE",199.62,"CAIXA REFERENCIAL"]
["INSTALACAO ELETRICA/ELETRIFICACAO E ILUMINACAO EXTERNA","INEL","INTERRUPTOR/TOMADA","0170","","",91945,"SUPORTE PARAFUSADO COM PLACA DE ENCAIXE 4\" X 2\" ALTO (2,00 M DO PISO) PARA PONTO ELÉTRICO - FORNECIMENTO E INSTALAÇÃO. AF_03/2023","UN","COEFICIENTE DE REPRESENTATIVIDADE",13.66,"CAIXA REFERENCIAL"]
["INSTALACAO ELETRICA/ELETRIFICACAO E ILUMINACAO EXTERNA","INEL","INTERRUPTOR/TOMADA","0170","","",91946,"SUPORTE PARAFUSADO COM PLACA DE ENCAIXE 4\" X 2\" MÉDIO (1,30 M DO PISO) PARA PONTO ELÉTRICO - FORNECIMENTO E INSTALAÇÃO. AF_03/2023","UN","COEFICIENTE DE REPRESENTATIVIDADE",10.86,"CAIXA REFERENCIAL"]
["INSTALACAO ELETRICA/ELETRIFICACAO E ILUMINACAO EXTERNA","INEL","INTERRUPTOR/TOMADA","0170","","",91947,"SUPORTE PARAFUSADO COM PLACA DE ENCAIXE 4\" X 2\" BAIXO (0,30 M DO PISO) PARA PONTO ELÉTRICO - FORNECIMENTO E INSTALAÇÃO. AF_03/2023","UN","COEFICIENTE DE REPRESENTATIVIDADE",9.1,"CAIXA REFERENCIAL"]
["INSTALACAO ELETRICA/ELETRIFICACAO E ILUMINACAO EXTERNA","INEL","INTERRUPTOR/TOMADA","0170","","",91949,"SUPORTE PARAFUSADO COM PLACA DE ENCAIXE 4\" X 4\" ALTO (2,00 M DO PISO) PARA PONTO ELÉTRICO - FORNECIMENTO E INSTALAÇÃO. AF_03/2023","UN","COEFICIENTE DE REPRESENTATIVIDADE",19.649999999999999,"CAIXA REFERENCIAL"]
["INSTALACAO ELETRICA/ELETRIFICACAO E ILUMINACAO EXTERNA","INEL","INTERRUPTOR/TOMADA","0170","","",91950,"SUPORTE PARAFUSADO COM PLACA DE ENCAIXE 4\" X 4\" MÉDIO (1,30 M DO PISO) PARA PONTO ELÉTRICO - FORNECIMENTO E INSTALAÇÃO. AF_03/2023","UN","COEFICIENTE DE REPRESENTATIVIDADE",16.23,"CAIXA REFERENCIAL"]
["INSTALACAO ELETRICA/ELETRIFICACAO E ILUMINACAO EXTERNA","INEL","INTERRUPTOR/TOMADA","0170","","",91951,"SUPORTE PARAFUSADO COM PLACA DE ENCAIXE 4\" X 4\" BAIXO (0,30 M DO PISO) PARA PONTO ELÉTRICO - FORNECIMENTO E INSTALAÇÃO. AF_03/2023","UN","COEFICIENTE DE REPRESENTATIVIDADE",14.19,"CAIXA REFERENCIAL"]
["INSTALACAO ELETRICA/ELETRIFICACAO E ILUMINACAO EXTERNA","INEL","INTERRUPTOR/TOMADA","0170","","",91952,"INTERRUPTOR SIMPLES (1 MÓDULO), 10A/250V, SEM SUPORTE E SEM PLACA - FORNECIMENTO E INSTALAÇÃO. AF_03/2023","UN","COEFICIENTE DE REPRESENTATIVIDADE",18.47,"CAIXA REFERENCIAL"]
["INSTALACAO ELETRICA/ELETRIFICACAO E ILUMINACAO EXTERNA","INEL","INTERRUPTOR/TOMADA","0170","","",91953,"INTERRUPTOR SIMPLES (1 MÓDULO), 10A/250V, INCLUINDO SUPORTE E PLACA - FORNECIMENTO E INSTALAÇÃO. AF_03/2023","UN","COEFICIENTE DE REPRESENTATIVIDADE",29.33,"CAIXA REFERENCIAL"]
["INSTALACAO ELETRICA/ELETRIFICACAO E ILUMINACAO EXTERNA","INEL","INTERRUPTOR/TOMADA","0170","","",91954,"INTERRUPTOR PARALELO (1 MÓDULO), 10A/250V, SEM SUPORTE E SEM PLACA - FORNECIMENTO E INSTALAÇÃO. AF_03/2023","UN","COEFICIENTE DE REPRESENTATIVIDADE",24.76,"CAIXA REFERENCIAL"]
["INSTALACAO ELETRICA/ELETRIFICACAO E ILUMINACAO EXTERNA","INEL","INTERRUPTOR/TOMADA","0170","","",91955,"INTERRUPTOR PARALELO (1 MÓDULO), 10A/250V, INCLUINDO SUPORTE E PLACA - FORNECIMENTO E INSTALAÇÃO. AF_03/2023","UN","COEFICIENTE DE REPRESENTATIVIDADE",35.619999999999997,"CAIXA REFERENCIAL"]
["INSTALACAO ELETRICA/ELETRIFICACAO E ILUMINACAO EXTERNA","INEL","INTERRUPTOR/TOMADA","0170","","",91956,"INTERRUPTOR SIMPLES (1 MÓDULO) COM INTERRUPTOR PARALELO (1 MÓDULO), 10A/250V, SEM SUPORTE E SEM PLACA - FORNECIMENTO E INSTALAÇÃO. AF_03/2023","UN","COEFICIENTE DE REPRESENTATIVIDADE",40.25,"CAIXA REFERENCIAL"]
["INSTALACAO ELETRICA/ELETRIFICACAO E ILUMINACAO EXTERNA","INEL","INTERRUPTOR/TOMADA","0170","","",91957,"INTERRUPTOR SIMPLES (1 MÓDULO) COM INTERRUPTOR PARALELO (1 MÓDULO), 10A/250V, INCLUINDO SUPORTE E PLACA - FORNECIMENTO E INSTALAÇÃO. AF_03/2023","UN","COEFICIENTE DE REPRESENTATIVIDADE",51.11,"CAIXA REFERENCIAL"]
["INSTALACAO ELETRICA/ELETRIFICACAO E ILUMINACAO EXTERNA","INEL","INTERRUPTOR/TOMADA","0170","","",91958,"INTERRUPTOR SIMPLES (2 MÓDULOS), 10A/250V, SEM SUPORTE E SEM PLACA - FORNECIMENTO E INSTALAÇÃO. AF_03/2023","UN","COEFICIENTE DE REPRESENTATIVIDADE",34,"CAIXA REFERENCIAL"]
["INSTALACAO ELETRICA/ELETRIFICACAO E ILUMINACAO EXTERNA","INEL","INTERRUPTOR/TOMADA","0170","","",91959,"INTERRUPTOR SIMPLES (2 MÓDULOS), 10A/250V, INCLUINDO SUPORTE E PLACA - FORNECIMENTO E INSTALAÇÃO. AF_03/2023","UN","COEFICIENTE DE REPRESENTATIVIDADE",44.86,"CAIXA REFERENCIAL"]
["INSTALACAO ELETRICA/ELETRIFICACAO E ILUMINACAO EXTERNA","INEL","INTERRUPTOR/TOMADA","0170","","",91960,"INTERRUPTOR PARALELO (2 MÓDULOS), 10A/250V, SEM SUPORTE E SEM PLACA - FORNECIMENTO E INSTALAÇÃO. AF_03/2023","UN","COEFICIENTE DE REPRESENTATIVIDADE",46.59,"CAIXA REFERENCIAL"]
["INSTALACAO ELETRICA/ELETRIFICACAO E ILUMINACAO EXTERNA","INEL","INTERRUPTOR/TOMADA","0170","","",91961,"INTERRUPTOR PARALELO (2 MÓDULOS), 10A/250V, INCLUINDO SUPORTE E PLACA - FORNECIMENTO E INSTALAÇÃO. AF_03/2023","UN","COEFICIENTE DE REPRESENTATIVIDADE",57.45,"CAIXA REFERENCIAL"]
["INSTALACAO ELETRICA/ELETRIFICACAO E ILUMINACAO EXTERNA","INEL","INTERRUPTOR/TOMADA","0170","","",91962,"INTERRUPTOR SIMPLES (1 MÓDULO) COM INTERRUPTOR PARALELO (2 MÓDULOS), 10A/250V, SEM SUPORTE E SEM PLACA - FORNECIMENTO E INSTALAÇÃO. AF_03/2023","UN","COEFICIENTE DE REPRESENTATIVIDADE",62.08,"CAIXA REFERENCIAL"]
["INSTALACAO ELETRICA/ELETRIFICACAO E ILUMINACAO EXTERNA","INEL","INTERRUPTOR/TOMADA","0170","","",91963,"INTERRUPTOR SIMPLES (1 MÓDULO) COM INTERRUPTOR PARALELO (2 MÓDULOS), 10A/250V, INCLUINDO SUPORTE E PLACA - FORNECIMENTO E INSTALAÇÃO. AF_03/2023","UN","COEFICIENTE DE REPRESENTATIVIDADE",72.94,"CAIXA REFERENCIAL"]
["INSTALACAO ELETRICA/ELETRIFICACAO E ILUMINACAO EXTERNA","INEL","INTERRUPTOR/TOMADA","0170","","",91964,"INTERRUPTOR SIMPLES (2 MÓDULOS) COM INTERRUPTOR PARALELO (1 MÓDULO), 10A/250V, SEM SUPORTE E SEM PLACA - FORNECIMENTO E INSTALAÇÃO. AF_03/2023","UN","COEFICIENTE DE REPRESENTATIVIDADE",55.78,"CAIXA REFERENCIAL"]
["INSTALACAO ELETRICA/ELETRIFICACAO E ILUMINACAO EXTERNA","INEL","INTERRUPTOR/TOMADA","0170","","",91965,"INTERRUPTOR SIMPLES (2 MÓDULOS) COM INTERRUPTOR PARALELO (1 MÓDULO), 10A/250V, INCLUINDO SUPORTE E PLACA - FORNECIMENTO E INSTALAÇÃO. AF_03/2023","UN","COEFICIENTE DE REPRESENTATIVIDADE",66.64,"CAIXA REFERENCIAL"]
["INSTALACAO ELETRICA/ELETRIFICACAO E ILUMINACAO EXTERNA","INEL","INTERRUPTOR/TOMADA","0170","","",91966,"INTERRUPTOR SIMPLES (3 MÓDULOS), 10A/250V, SEM SUPORTE E SEM PLACA - FORNECIMENTO E INSTALAÇÃO. AF_03/2023","UN","COEFICIENTE DE REPRESENTATIVIDADE",49.54,"CAIXA REFERENCIAL"]
["INSTALACAO ELETRICA/ELETRIFICACAO E ILUMINACAO EXTERNA","INEL","INTERRUPTOR/TOMADA","0170","","",91967,"INTERRUPTOR SIMPLES (3 MÓDULOS), 10A/250V, INCLUINDO SUPORTE E PLACA - FORNECIMENTO E INSTALAÇÃO. AF_03/2023","UN","COEFICIENTE DE REPRESENTATIVIDADE",60.4,"CAIXA REFERENCIAL"]
["INSTALACAO ELETRICA/ELETRIFICACAO E ILUMINACAO EXTERNA","INEL","INTERRUPTOR/TOMADA","0170","","",91968,"INTERRUPTOR PARALELO (3 MÓDULOS), 10A/250V, SEM SUPORTE E SEM PLACA - FORNECIMENTO E INSTALAÇÃO. AF_03/2023","UN","COEFICIENTE DE REPRESENTATIVIDADE",68.37,"CAIXA REFERENCIAL"]
["INSTALACAO ELETRICA/ELETRIFICACAO E ILUMINACAO EXTERNA","INEL","INTERRUPTOR/TOMADA","0170","","",91969,"INTERRUPTOR PARALELO (3 MÓDULOS), 10A/250V, INCLUINDO SUPORTE E PLACA - FORNECIMENTO E INSTALAÇÃO. AF_03/2023","UN","COEFICIENTE DE REPRESENTATIVIDADE",79.23,"CAIXA REFERENCIAL"]
["INSTALACAO ELETRICA/ELETRIFICACAO E ILUMINACAO EXTERNA","INEL","INTERRUPTOR/TOMADA","0170","","",91970,"INTERRUPTOR SIMPLES (3 MÓDULOS) COM INTERRUPTOR PARALELO (1 MÓDULO), 10A/250V, SEM SUPORTE E SEM PLACA - FORNECIMENTO E INSTALAÇÃO. AF_03/2023","UN","COEFICIENTE DE REPRESENTATIVIDADE",71.650000000000006,"CAIXA REFERENCIAL"]
["INSTALACAO ELETRICA/ELETRIFICACAO E ILUMINACAO EXTERNA","INEL","INTERRUPTOR/TOMADA","0170","","",91971,"INTERRUPTOR SIMPLES (3 MÓDULOS) COM INTERRUPTOR PARALELO (1 MÓDULO), 10A/250V, INCLUINDO SUPORTE E PLACA - FORNECIMENTO E INSTALAÇÃO. AF_03/2023","UN","COEFICIENTE DE REPRESENTATIVIDADE",87.88,"CAIXA REFERENCIAL"]
["INSTALACAO ELETRICA/ELETRIFICACAO E ILUMINACAO EXTERNA","INEL","INTERRUPTOR/TOMADA","0170","","",91972,"INTERRUPTOR SIMPLES (2 MÓDULOS) COM INTERRUPTOR PARALELO (2 MÓDULOS), 10A/250V, SEM SUPORTE E SEM PLACA - FORNECIMENTO E INSTALAÇÃO. AF_03/2023","UN","COEFICIENTE DE REPRESENTATIVIDADE",77.989999999999995,"CAIXA REFERENCIAL"]
["INSTALACAO ELETRICA/ELETRIFICACAO E ILUMINACAO EXTERNA","INEL","INTERRUPTOR/TOMADA","0170","","",91973,"INTERRUPTOR SIMPLES (2 MÓDULOS) COM INTERRUPTOR PARALELO (2 MÓDULOS), 10A/250V, INCLUINDO SUPORTE E PLACA - FORNECIMENTO E INSTALAÇÃO. AF_03/2023","UN","COEFICIENTE DE REPRESENTATIVIDADE",94.22,"CAIXA REFERENCIAL"]
["INSTALACAO ELETRICA/ELETRIFICACAO E ILUMINACAO EXTERNA","INEL","INTERRUPTOR/TOMADA","0170","","",91974,"INTERRUPTOR SIMPLES (4 MÓDULOS), 10A/250V, SEM SUPORTE E SEM PLACA - FORNECIMENTO E INSTALAÇÃO. AF_03/2023","UN","COEFICIENTE DE REPRESENTATIVIDADE",65.36,"CAIXA REFERENCIAL"]
["INSTALACAO ELETRICA/ELETRIFICACAO E ILUMINACAO EXTERNA","INEL","INTERRUPTOR/TOMADA","0170","","",91975,"INTERRUPTOR SIMPLES (4 MÓDULOS), 10A/250V, INCLUINDO SUPORTE E PLACA - FORNECIMENTO E INSTALAÇÃO. AF_03/2023","UN","COEFICIENTE DE REPRESENTATIVIDADE",81.59,"CAIXA REFERENCIAL"]
["INSTALACAO ELETRICA/ELETRIFICACAO E ILUMINACAO EXTERNA","INEL","INTERRUPTOR/TOMADA","0170","","",91976,"INTERRUPTOR SIMPLES (6 MÓDULOS), 10A/250V, SEM SUPORTE E SEM PLACA - FORNECIMENTO E INSTALAÇÃO. AF_03/2023","UN","COEFICIENTE DE REPRESENTATIVIDADE",96.48,"CAIXA REFERENCIAL"]
["INSTALACAO ELETRICA/ELETRIFICACAO E ILUMINACAO EXTERNA","INEL","INTERRUPTOR/TOMADA","0170","","",91977,"INTERRUPTOR SIMPLES (6 MÓDULOS), 10A/250V, INCLUINDO SUPORTE E PLACA - FORNECIMENTO E INSTALAÇÃO. AF_03/2023","UN","COEFICIENTE DE REPRESENTATIVIDADE",112.71,"CAIXA REFERENCIAL"]
["INSTALACAO ELETRICA/ELETRIFICACAO E ILUMINACAO EXTERNA","INEL","INTERRUPTOR/TOMADA","0170","","",91978,"INTERRUPTOR INTERMEDIÁRIO (1 MÓDULO), 10A/250V, SEM SUPORTE E SEM PLACA - FORNECIMENTO E INSTALAÇÃO. AF_03/2023","UN","COEFICIENTE DE REPRESENTATIVIDADE",39.729999999999997,"CAIXA REFERENCIAL"]
["INSTALACAO ELETRICA/ELETRIFICACAO E ILUMINACAO EXTERNA","INEL","INTERRUPTOR/TOMADA","0170","","",91979,"INTERRUPTOR INTERMEDIÁRIO (1 MÓDULO), 10A/250V, INCLUINDO SUPORTE E PLACA - FORNECIMENTO E INSTALAÇÃO. AF_03/2023","UN","COEFICIENTE DE REPRESENTATIVIDADE",50.59,"CAIXA REFERENCIAL"]
["INSTALACAO ELETRICA/ELETRIFICACAO E ILUMINACAO EXTERNA","INEL","INTERRUPTOR/TOMADA","0170","","",91980,"INTERRUPTOR BIPOLAR (1 MÓDULO), 10A/250V, SEM SUPORTE E SEM PLACA - FORNECIMENTO E INSTALAÇÃO. AF_03/2023","UN","COEFICIENTE DE REPRESENTATIVIDADE",38.42,"CAIXA REFERENCIAL"]
["INSTALACAO ELETRICA/ELETRIFICACAO E ILUMINACAO EXTERNA","INEL","INTERRUPTOR/TOMADA","0170","","",91981,"INTERRUPTOR BIPOLAR (1 MÓDULO), 10A/250V, INCLUINDO SUPORTE E PLACA - FORNECIMENTO E INSTALAÇÃO. AF_03/2023","UN","COEFICIENTE DE REPRESENTATIVIDADE",49.28,"CAIXA REFERENCIAL"]
["INSTALACAO ELETRICA/ELETRIFICACAO E ILUMINACAO EXTERNA","INEL","INTERRUPTOR/TOMADA","0170","","",91982,"DIMMER ROTATIVO (1 MÓDULO), 220V/600W, SEM SUPORTE E SEM PLACA - FORNECIMENTO E INSTALAÇÃO. AF_03/2023","UN","COEFICIENTE DE REPRESENTATIVIDADE",94.15,"CAIXA REFERENCIAL"]
["INSTALACAO ELETRICA/ELETRIFICACAO E ILUMINACAO EXTERNA","INEL","INTERRUPTOR/TOMADA","0170","","",91983,"DIMMER ROTATIVO (1 MÓDULO), 220V/600W, INCLUINDO SUPORTE E PLACA - FORNECIMENTO E INSTALAÇÃO. AF_03/2023","UN","COEFICIENTE DE REPRESENTATIVIDADE",105.01,"CAIXA REFERENCIAL"]
["INSTALACAO ELETRICA/ELETRIFICACAO E ILUMINACAO EXTERNA","INEL","INTERRUPTOR/TOMADA","0170","","",91984,"INTERRUPTOR PULSADOR CAMPAINHA (1 MÓDULO), 10A/250V, SEM SUPORTE E SEM PLACA - FORNECIMENTO E INSTALAÇÃO. AF_03/2023","UN","COEFICIENTE DE REPRESENTATIVIDADE",17.260000000000002,"CAIXA REFERENCIAL"]
["INSTALACAO ELETRICA/ELETRIFICACAO E ILUMINACAO EXTERNA","INEL","INTERRUPTOR/TOMADA","0170","","",91985,"INTERRUPTOR PULSADOR CAMPAINHA (1 MÓDULO), 10A/250V, INCLUINDO SUPORTE E PLACA - FORNECIMENTO E INSTALAÇÃO. AF_03/2023","UN","COEFICIENTE DE REPRESENTATIVIDADE",28.12,"CAIXA REFERENCIAL"]
["INSTALACAO ELETRICA/ELETRIFICACAO E ILUMINACAO EXTERNA","INEL","INTERRUPTOR/TOMADA","0170","","",91986,"CAMPAINHA CIGARRA (1 MÓDULO), 10A/250V, SEM SUPORTE E SEM PLACA - FORNECIMENTO E INSTALAÇÃO. AF_03/2023","UN","COEFICIENTE DE REPRESENTATIVIDADE",37.14,"CAIXA REFERENCIAL"]
["INSTALACAO ELETRICA/ELETRIFICACAO E ILUMINACAO EXTERNA","INEL","INTERRUPTOR/TOMADA","0170","","",91987,"CAMPAINHA CIGARRA (1 MÓDULO), 10A/250V, INCLUINDO SUPORTE E PLACA - FORNECIMENTO E INSTALAÇÃO. AF_03/2023","UN","COEFICIENTE DE REPRESENTATIVIDADE",48,"CAIXA REFERENCIAL"]
["INSTALACAO ELETRICA/ELETRIFICACAO E ILUMINACAO EXTERNA","INEL","INTERRUPTOR/TOMADA","0170","","",91988,"INTERRUPTOR PULSADOR MINUTERIA (1 MÓDULO), 10A/250V, SEM SUPORTE E SEM PLACA - FORNECIMENTO E INSTALAÇÃO. AF_03/2023","UN","COEFICIENTE DE REPRESENTATIVIDADE",21.66,"CAIXA REFERENCIAL"]
["INSTALACAO ELETRICA/ELETRIFICACAO E ILUMINACAO EXTERNA","INEL","INTERRUPTOR/TOMADA","0170","","",91989,"INTERRUPTOR PULSADOR MINUTERIA (1 MÓDULO), 10A/250V, INCLUINDO SUPORTE E PLACA - FORNECIMENTO E INSTALAÇÃO. AF_03/2023","UN","COEFICIENTE DE REPRESENTATIVIDADE",32.520000000000003,"CAIXA REFERENCIAL"]
["INSTALACAO ELETRICA/ELETRIFICACAO E ILUMINACAO EXTERNA","INEL","INTERRUPTOR/TOMADA","0170","","",91990,"TOMADA ALTA DE EMBUTIR (1 MÓDULO), 2P+T 10 A, SEM SUPORTE E SEM PLACA - FORNECIMENTO E INSTALAÇÃO. AF_03/2023","UN","COEFICIENTE DE REPRESENTATIVIDADE",32.74,"CAIXA REFERENCIAL"]
["INSTALACAO ELETRICA/ELETRIFICACAO E ILUMINACAO EXTERNA","INEL","INTERRUPTOR/TOMADA","0170","","",91991,"TOMADA ALTA DE EMBUTIR (1 MÓDULO), 2P+T 20 A, SEM SUPORTE E SEM PLACA - FORNECIMENTO E INSTALAÇÃO. AF_03/2023","UN","COEFICIENTE DE REPRESENTATIVIDADE",35.11,"CAIXA REFERENCIAL"]
["INSTALACAO ELETRICA/ELETRIFICACAO E ILUMINACAO EXTERNA","INEL","INTERRUPTOR/TOMADA","0170","","",91992,"TOMADA ALTA DE EMBUTIR (1 MÓDULO), 2P+T 10 A, INCLUINDO SUPORTE E PLACA - FORNECIMENTO E INSTALAÇÃO. AF_03/2023","UN","COEFICIENTE DE REPRESENTATIVIDADE",43.6,"CAIXA REFERENCIAL"]
["INSTALACAO ELETRICA/ELETRIFICACAO E ILUMINACAO EXTERNA","INEL","INTERRUPTOR/TOMADA","0170","","",91993,"TOMADA ALTA DE EMBUTIR (1 MÓDULO), 2P+T 20 A, INCLUINDO SUPORTE E PLACA - FORNECIMENTO E INSTALAÇÃO. AF_03/2023","UN","COEFICIENTE DE REPRESENTATIVIDADE",45.97,"CAIXA REFERENCIAL"]
["INSTALACAO ELETRICA/ELETRIFICACAO E ILUMINACAO EXTERNA","INEL","INTERRUPTOR/TOMADA","0170","","",91994,"TOMADA MÉDIA DE EMBUTIR (1 MÓDULO), 2P+T 10 A, SEM SUPORTE E SEM PLACA - FORNECIMENTO E INSTALAÇÃO. AF_03/2023","UN","COEFICIENTE DE REPRESENTATIVIDADE",23.53,"CAIXA REFERENCIAL"]
["INSTALACAO ELETRICA/ELETRIFICACAO E ILUMINACAO EXTERNA","INEL","INTERRUPTOR/TOMADA","0170","","",91995,"TOMADA MÉDIA DE EMBUTIR (1 MÓDULO), 2P+T 20 A, SEM SUPORTE E SEM PLACA - FORNECIMENTO E INSTALAÇÃO. AF_03/2023","UN","COEFICIENTE DE REPRESENTATIVIDADE",25.9,"CAIXA REFERENCIAL"]
["INSTALACAO ELETRICA/ELETRIFICACAO E ILUMINACAO EXTERNA","INEL","INTERRUPTOR/TOMADA","0170","","",91996,"TOMADA MÉDIA DE EMBUTIR (1 MÓDULO), 2P+T 10 A, INCLUINDO SUPORTE E PLACA - FORNECIMENTO E INSTALAÇÃO. AF_03/2023","UN","COEFICIENTE DE REPRESENTATIVIDADE",34.39,"CAIXA REFERENCIAL"]
["INSTALACAO ELETRICA/ELETRIFICACAO E ILUMINACAO EXTERNA","INEL","INTERRUPTOR/TOMADA","0170","","",91997,"TOMADA MÉDIA DE EMBUTIR (1 MÓDULO), 2P+T 20 A, INCLUINDO SUPORTE E PLACA - FORNECIMENTO E INSTALAÇÃO. AF_03/2023","UN","COEFICIENTE DE REPRESENTATIVIDADE",36.76,"CAIXA REFERENCIAL"]
["INSTALACAO ELETRICA/ELETRIFICACAO E ILUMINACAO EXTERNA","INEL","INTERRUPTOR/TOMADA","0170","","",91998,"TOMADA BAIXA DE EMBUTIR (1 MÓDULO), 2P+T 10 A, SEM SUPORTE E SEM PLACA - FORNECIMENTO E INSTALAÇÃO. AF_03/2023","UN","COEFICIENTE DE REPRESENTATIVIDADE",19.97,"CAIXA REFERENCIAL"]
["INSTALACAO ELETRICA/ELETRIFICACAO E ILUMINACAO EXTERNA","INEL","INTERRUPTOR/TOMADA","0170","","",91999,"TOMADA BAIXA DE EMBUTIR (1 MÓDULO), 2P+T 20 A, SEM SUPORTE E SEM PLACA - FORNECIMENTO E INSTALAÇÃO. AF_03/2023","UN","COEFICIENTE DE REPRESENTATIVIDADE",22.34,"CAIXA REFERENCIAL"]
["INSTALACAO ELETRICA/ELETRIFICACAO E ILUMINACAO EXTERNA","INEL","INTERRUPTOR/TOMADA","0170","","",92000,"TOMADA BAIXA DE EMBUTIR (1 MÓDULO), 2P+T 10 A, INCLUINDO SUPORTE E PLACA - FORNECIMENTO E INSTALAÇÃO. AF_03/2023","UN","COEFICIENTE DE REPRESENTATIVIDADE",30.83,"CAIXA REFERENCIAL"]
["INSTALACAO ELETRICA/ELETRIFICACAO E ILUMINACAO EXTERNA","INEL","INTERRUPTOR/TOMADA","0170","","",92001,"TOMADA BAIXA DE EMBUTIR (1 MÓDULO), 2P+T 20 A, INCLUINDO SUPORTE E PLACA - FORNECIMENTO E INSTALAÇÃO. AF_03/2023","UN","COEFICIENTE DE REPRESENTATIVIDADE",33.200000000000003,"CAIXA REFERENCIAL"]
["INSTALACAO ELETRICA/ELETRIFICACAO E ILUMINACAO EXTERNA","INEL","INTERRUPTOR/TOMADA","0170","","",92002,"TOMADA MÉDIA DE EMBUTIR (2 MÓDULOS), 2P+T 10 A, SEM SUPORTE E SEM PLACA - FORNECIMENTO E INSTALAÇÃO. AF_03/2023","UN","COEFICIENTE DE REPRESENTATIVIDADE",44.13,"CAIXA REFERENCIAL"]
["INSTALACAO ELETRICA/ELETRIFICACAO E ILUMINACAO EXTERNA","INEL","INTERRUPTOR/TOMADA","0170","","",92003,"TOMADA MÉDIA DE EMBUTIR (2 MÓDULOS), 2P+T 20 A, SEM SUPORTE E SEM PLACA - FORNECIMENTO E INSTALAÇÃO. AF_03/2023","UN","COEFICIENTE DE REPRESENTATIVIDADE",48.87,"CAIXA REFERENCIAL"]
["INSTALACAO ELETRICA/ELETRIFICACAO E ILUMINACAO EXTERNA","INEL","INTERRUPTOR/TOMADA","0170","","",92004,"TOMADA MÉDIA DE EMBUTIR (2 MÓDULOS), 2P+T 10 A, INCLUINDO SUPORTE E PLACA - FORNECIMENTO E INSTALAÇÃO. AF_03/2023","UN","COEFICIENTE DE REPRESENTATIVIDADE",54.99,"CAIXA REFERENCIAL"]
["INSTALACAO ELETRICA/ELETRIFICACAO E ILUMINACAO EXTERNA","INEL","INTERRUPTOR/TOMADA","0170","","",92005,"TOMADA MÉDIA DE EMBUTIR (2 MÓDULOS), 2P+T 20 A, INCLUINDO SUPORTE E PLACA - FORNECIMENTO E INSTALAÇÃO. AF_03/2023","UN","COEFICIENTE DE REPRESENTATIVIDADE",59.73,"CAIXA REFERENCIAL"]
["INSTALACAO ELETRICA/ELETRIFICACAO E ILUMINACAO EXTERNA","INEL","INTERRUPTOR/TOMADA","0170","","",92006,"TOMADA BAIXA DE EMBUTIR (2 MÓDULOS), 2P+T 10 A, SEM SUPORTE E SEM PLACA - FORNECIMENTO E INSTALAÇÃO. AF_03/2023","UN","COEFICIENTE DE REPRESENTATIVIDADE",36.97,"CAIXA REFERENCIAL"]
["INSTALACAO ELETRICA/ELETRIFICACAO E ILUMINACAO EXTERNA","INEL","INTERRUPTOR/TOMADA","0170","","",92007,"TOMADA BAIXA DE EMBUTIR (2 MÓDULOS), 2P+T 20 A, SEM SUPORTE E SEM PLACA - FORNECIMENTO E INSTALAÇÃO. AF_03/2023","UN","COEFICIENTE DE REPRESENTATIVIDADE",41.71,"CAIXA REFERENCIAL"]
["INSTALACAO ELETRICA/ELETRIFICACAO E ILUMINACAO EXTERNA","INEL","INTERRUPTOR/TOMADA","0170","","",92008,"TOMADA BAIXA DE EMBUTIR (2 MÓDULOS), 2P+T 10 A, INCLUINDO SUPORTE E PLACA - FORNECIMENTO E INSTALAÇÃO. AF_03/2023","UN","COEFICIENTE DE REPRESENTATIVIDADE",47.83,"CAIXA REFERENCIAL"]
["INSTALACAO ELETRICA/ELETRIFICACAO E ILUMINACAO EXTERNA","INEL","INTERRUPTOR/TOMADA","0170","","",92009,"TOMADA BAIXA DE EMBUTIR (2 MÓDULOS), 2P+T 20 A, INCLUINDO SUPORTE E PLACA - FORNECIMENTO E INSTALAÇÃO. AF_03/2023","UN","COEFICIENTE DE REPRESENTATIVIDADE",52.57,"CAIXA REFERENCIAL"]
["INSTALACAO ELETRICA/ELETRIFICACAO E ILUMINACAO EXTERNA","INEL","INTERRUPTOR/TOMADA","0170","","",92010,"TOMADA MÉDIA DE EMBUTIR (3 MÓDULOS), 2P+T 10 A, SEM SUPORTE E SEM PLACA - FORNECIMENTO E INSTALAÇÃO. AF_03/2023","UN","COEFICIENTE DE REPRESENTATIVIDADE",64.680000000000007,"CAIXA REFERENCIAL"]
["INSTALACAO ELETRICA/ELETRIFICACAO E ILUMINACAO EXTERNA","INEL","INTERRUPTOR/TOMADA","0170","","",92011,"TOMADA MÉDIA DE EMBUTIR (3 MÓDULOS), 2P+T 20 A, SEM SUPORTE E SEM PLACA - FORNECIMENTO E INSTALAÇÃO. AF_03/2023","UN","COEFICIENTE DE REPRESENTATIVIDADE",71.790000000000006,"CAIXA REFERENCIAL"]
["INSTALACAO ELETRICA/ELETRIFICACAO E ILUMINACAO EXTERNA","INEL","INTERRUPTOR/TOMADA","0170","","",92012,"TOMADA MÉDIA DE EMBUTIR (3 MÓDULOS), 2P+T 10 A, INCLUINDO SUPORTE E PLACA - FORNECIMENTO E INSTALAÇÃO. AF_03/2023","UN","COEFICIENTE DE REPRESENTATIVIDADE",75.540000000000006,"CAIXA REFERENCIAL"]
["INSTALACAO ELETRICA/ELETRIFICACAO E ILUMINACAO EXTERNA","INEL","INTERRUPTOR/TOMADA","0170","","",92013,"TOMADA MÉDIA DE EMBUTIR (3 MÓDULOS), 2P+T 20 A, INCLUINDO SUPORTE E PLACA - FORNECIMENTO E INSTALAÇÃO. AF_03/2023","UN","COEFICIENTE DE REPRESENTATIVIDADE",82.65,"CAIXA REFERENCIAL"]
["INSTALACAO ELETRICA/ELETRIFICACAO E ILUMINACAO EXTERNA","INEL","INTERRUPTOR/TOMADA","0170","","",92014,"TOMADA BAIXA DE EMBUTIR (3 MÓDULOS), 2P+T 10 A, SEM SUPORTE E SEM PLACA - FORNECIMENTO E INSTALAÇÃO. AF_03/2023","UN","COEFICIENTE DE REPRESENTATIVIDADE",53.96,"CAIXA REFERENCIAL"]
["INSTALACAO ELETRICA/ELETRIFICACAO E ILUMINACAO EXTERNA","INEL","INTERRUPTOR/TOMADA","0170","","",92015,"TOMADA BAIXA DE EMBUTIR (3 MÓDULOS), 2P+T 20 A, SEM SUPORTE E SEM PLACA - FORNECIMENTO E INSTALAÇÃO. AF_03/2023","UN","COEFICIENTE DE REPRESENTATIVIDADE",61.07,"CAIXA REFERENCIAL"]
["INSTALACAO ELETRICA/ELETRIFICACAO E ILUMINACAO EXTERNA","INEL","INTERRUPTOR/TOMADA","0170","","",92016,"TOMADA BAIXA DE EMBUTIR (3 MÓDULOS), 2P+T 10 A, INCLUINDO SUPORTE E PLACA - FORNECIMENTO E INSTALAÇÃO. AF_03/2023","UN","COEFICIENTE DE REPRESENTATIVIDADE",64.819999999999993,"CAIXA REFERENCIAL"]
["INSTALACAO ELETRICA/ELETRIFICACAO E ILUMINACAO EXTERNA","INEL","INTERRUPTOR/TOMADA","0170","","",92017,"TOMADA BAIXA DE EMBUTIR (3 MÓDULOS), 2P+T 20 A, INCLUINDO SUPORTE E PLACA - FORNECIMENTO E INSTALAÇÃO. AF_03/2023","UN","COEFICIENTE DE REPRESENTATIVIDADE",71.930000000000007,"CAIXA REFERENCIAL"]
["INSTALACAO ELETRICA/ELETRIFICACAO E ILUMINACAO EXTERNA","INEL","INTERRUPTOR/TOMADA","0170","","",92018,"TOMADA BAIXA DE EMBUTIR (4 MÓDULOS), 2P+T 10 A, SEM SUPORTE E SEM PLACA - FORNECIMENTO E INSTALAÇÃO. AF_03/2023","UN","COEFICIENTE DE REPRESENTATIVIDADE",71.47,"CAIXA REFERENCIAL"]
["INSTALACAO ELETRICA/ELETRIFICACAO E ILUMINACAO EXTERNA","INEL","INTERRUPTOR/TOMADA","0170","","",92019,"TOMADA BAIXA DE EMBUTIR (4 MÓDULOS), 2P+T 10 A, INCLUINDO SUPORTE E PLACA - FORNECIMENTO E INSTALAÇÃO. AF_03/2023","UN","COEFICIENTE DE REPRESENTATIVIDADE",87.7,"CAIXA REFERENCIAL"]
["INSTALACAO ELETRICA/ELETRIFICACAO E ILUMINACAO EXTERNA","INEL","INTERRUPTOR/TOMADA","0170","","",92020,"TOMADA BAIXA DE EMBUTIR (6 MÓDULOS), 2P+T 10 A, SEM SUPORTE E SEM PLACA - FORNECIMENTO E INSTALAÇÃO. AF_03/2023","UN","COEFICIENTE DE REPRESENTATIVIDADE",105.7,"CAIXA REFERENCIAL"]
["INSTALACAO ELETRICA/ELETRIFICACAO E ILUMINACAO EXTERNA","INEL","INTERRUPTOR/TOMADA","0170","","",92021,"TOMADA BAIXA DE EMBUTIR (6 MÓDULOS), 2P+T 10 A, INCLUINDO SUPORTE E PLACA - FORNECIMENTO E INSTALAÇÃO. AF_03/2023","UN","COEFICIENTE DE REPRESENTATIVIDADE",121.93,"CAIXA REFERENCIAL"]
["INSTALACAO ELETRICA/ELETRIFICACAO E ILUMINACAO EXTERNA","INEL","INTERRUPTOR/TOMADA","0170","","",92022,"INTERRUPTOR SIMPLES (1 MÓDULO) COM 1 TOMADA DE EMBUTIR 2P+T 10 A, SEM SUPORTE E SEM PLACA - FORNECIMENTO E INSTALAÇÃO. AF_03/2023","UN","COEFICIENTE DE REPRESENTATIVIDADE",39.020000000000003,"CAIXA REFERENCIAL"]
["INSTALACAO ELETRICA/ELETRIFICACAO E ILUMINACAO EXTERNA","INEL","INTERRUPTOR/TOMADA","0170","","",92023,"INTERRUPTOR SIMPLES (1 MÓDULO) COM 1 TOMADA DE EMBUTIR 2P+T 10 A, INCLUINDO SUPORTE E PLACA - FORNECIMENTO E INSTALAÇÃO. AF_03/2023","UN","COEFICIENTE DE REPRESENTATIVIDADE",49.88,"CAIXA REFERENCIAL"]
["INSTALACAO ELETRICA/ELETRIFICACAO E ILUMINACAO EXTERNA","INEL","INTERRUPTOR/TOMADA","0170","","",92024,"INTERRUPTOR SIMPLES (1 MÓDULO) COM 2 TOMADAS DE EMBUTIR 2P+T 10 A, SEM SUPORTE E SEM PLACA - FORNECIMENTO E INSTALAÇÃO. AF_03/2023","UN","COEFICIENTE DE REPRESENTATIVIDADE",59.62,"CAIXA REFERENCIAL"]
["INSTALACAO ELETRICA/ELETRIFICACAO E ILUMINACAO EXTERNA","INEL","INTERRUPTOR/TOMADA","0170","","",92025,"INTERRUPTOR SIMPLES (1 MÓDULO) COM 2 TOMADAS DE EMBUTIR 2P+T 10 A, INCLUINDO SUPORTE E PLACA - FORNECIMENTO E INSTALAÇÃO. AF_03/2023","UN","COEFICIENTE DE REPRESENTATIVIDADE",70.48,"CAIXA REFERENCIAL"]
["INSTALACAO ELETRICA/ELETRIFICACAO E ILUMINACAO EXTERNA","INEL","INTERRUPTOR/TOMADA","0170","","",92026,"INTERRUPTOR SIMPLES (2 MÓDULOS) COM 1 TOMADA DE EMBUTIR 2P+T 10 A, SEM SUPORTE E SEM PLACA - FORNECIMENTO E INSTALAÇÃO. AF_03/2023","UN","COEFICIENTE DE REPRESENTATIVIDADE",54.55,"CAIXA REFERENCIAL"]
["INSTALACAO ELETRICA/ELETRIFICACAO E ILUMINACAO EXTERNA","INEL","INTERRUPTOR/TOMADA","0170","","",92027,"INTERRUPTOR SIMPLES (2 MÓDULOS) COM 1 TOMADA DE EMBUTIR 2P+T 10 A, INCLUINDO SUPORTE E PLACA - FORNECIMENTO E INSTALAÇÃO. AF_03/2023","UN","COEFICIENTE DE REPRESENTATIVIDADE",65.41,"CAIXA REFERENCIAL"]
["INSTALACAO ELETRICA/ELETRIFICACAO E ILUMINACAO EXTERNA","INEL","INTERRUPTOR/TOMADA","0170","","",92028,"INTERRUPTOR PARALELO (1 MÓDULO) COM 1 TOMADA DE EMBUTIR 2P+T 10 A, SEM SUPORTE E SEM PLACA - FORNECIMENTO E INSTALAÇÃO. AF_03/2023","UN","COEFICIENTE DE REPRESENTATIVIDADE",45.36,"CAIXA REFERENCIAL"]
["INSTALACAO ELETRICA/ELETRIFICACAO E ILUMINACAO EXTERNA","INEL","INTERRUPTOR/TOMADA","0170","","",92029,"INTERRUPTOR PARALELO (1 MÓDULO) COM 1 TOMADA DE EMBUTIR 2P+T 10 A, INCLUINDO SUPORTE E PLACA - FORNECIMENTO E INSTALAÇÃO. AF_03/2023","UN","COEFICIENTE DE REPRESENTATIVIDADE",56.22,"CAIXA REFERENCIAL"]
["INSTALACAO ELETRICA/ELETRIFICACAO E ILUMINACAO EXTERNA","INEL","INTERRUPTOR/TOMADA","0170","","",92030,"INTERRUPTOR PARALELO (1 MÓDULO) COM 2 TOMADAS DE EMBUTIR 2P+T 10 A, SEM SUPORTE E SEM PLACA - FORNECIMENTO E INSTALAÇÃO. AF_03/2023","UN","COEFICIENTE DE REPRESENTATIVIDADE",65.91,"CAIXA REFERENCIAL"]
["INSTALACAO ELETRICA/ELETRIFICACAO E ILUMINACAO EXTERNA","INEL","INTERRUPTOR/TOMADA","0170","","",92031,"INTERRUPTOR PARALELO (1 MÓDULO) COM 2 TOMADAS DE EMBUTIR 2P+T 10 A, INCLUINDO SUPORTE E PLACA - FORNECIMENTO E INSTALAÇÃO. AF_03/2023","UN","COEFICIENTE DE REPRESENTATIVIDADE",76.77,"CAIXA REFERENCIAL"]
["INSTALACAO ELETRICA/ELETRIFICACAO E ILUMINACAO EXTERNA","INEL","INTERRUPTOR/TOMADA","0170","","",92032,"INTERRUPTOR PARALELO (2 MÓDULOS) COM 1 TOMADA DE EMBUTIR 2P+T 10 A, SEM SUPORTE E SEM PLACA - FORNECIMENTO E INSTALAÇÃO. AF_03/2023","UN","COEFICIENTE DE REPRESENTATIVIDADE",67.14,"CAIXA REFERENCIAL"]
["INSTALACAO ELETRICA/ELETRIFICACAO E ILUMINACAO EXTERNA","INEL","INTERRUPTOR/TOMADA","0170","","",92033,"INTERRUPTOR PARALELO (2 MÓDULOS) COM 1 TOMADA DE EMBUTIR 2P+T 10 A, INCLUINDO SUPORTE E PLACA - FORNECIMENTO E INSTALAÇÃO. AF_03/2023","UN","COEFICIENTE DE REPRESENTATIVIDADE",78,"CAIXA REFERENCIAL"]
["INSTALACAO ELETRICA/ELETRIFICACAO E ILUMINACAO EXTERNA","INEL","INTERRUPTOR/TOMADA","0170","","",92034,"INTERRUPTOR SIMPLES (1 MÓDULO), INTERRUPTOR PARALELO (1 MÓDULO) E 1 TOMADA DE EMBUTIR 2P+T 10 A, SEM SUPORTE E SEM PLACA - FORNECIMENTO E INSTALAÇÃO. AF_03/2023","UN","COEFICIENTE DE REPRESENTATIVIDADE",60.85,"CAIXA REFERENCIAL"]
["INSTALACAO ELETRICA/ELETRIFICACAO E ILUMINACAO EXTERNA","INEL","INTERRUPTOR/TOMADA","0170","","",92035,"INTERRUPTOR SIMPLES (1 MÓDULO), INTERRUPTOR PARALELO (1 MÓDULO) E 1 TOMADA DE EMBUTIR 2P+T 10 A, INCLUINDO SUPORTE E PLACA - FORNECIMENTO E INSTALAÇÃO. AF_03/2023","UN","COEFICIENTE DE REPRESENTATIVIDADE",71.709999999999994,"CAIXA REFERENCIAL"]
["INSTALACAO ELETRICA/ELETRIFICACAO E ILUMINACAO EXTERNA","INEL","LUMINARIA INTERNA/BOCAL/LAMPADAS","0171","","",97583,"LUMINÁRIA TIPO CALHA, DE SOBREPOR, COM 1 LÂMPADA TUBULAR FLUORESCENTE DE 18 W, COM REATOR DE PARTIDA RÁPIDA - FORNECIMENTO E INSTALAÇÃO. AF_02/2020","UN","ATRIBUÍDO SÃO PAULO",85.26,"CAIXA REFERENCIAL"]
["INSTALACAO ELETRICA/ELETRIFICACAO E ILUMINACAO EXTERNA","INEL","LUMINARIA INTERNA/BOCAL/LAMPADAS","0171","","",97584,"LUMINÁRIA TIPO CALHA, DE SOBREPOR, COM 1 LÂMPADA TUBULAR FLUORESCENTE DE 36 W, COM REATOR DE PARTIDA RÁPIDA - FORNECIMENTO E INSTALAÇÃO. AF_02/2020","UN","ATRIBUÍDO SÃO PAULO",119.76,"CAIXA REFERENCIAL"]
["INSTALACAO ELETRICA/ELETRIFICACAO E ILUMINACAO EXTERNA","INEL","LUMINARIA INTERNA/BOCAL/LAMPADAS","0171","","",97585,"LUMINÁRIA TIPO CALHA, DE SOBREPOR, COM 2 LÂMPADAS TUBULARES FLUORESCENTES DE 18 W, COM REATOR DE PARTIDA RÁPIDA - FORNECIMENTO E INSTALAÇÃO. AF_02/2020","UN","ATRIBUÍDO SÃO PAULO",114.99,"CAIXA REFERENCIAL"]
["INSTALACAO ELETRICA/ELETRIFICACAO E ILUMINACAO EXTERNA","INEL","LUMINARIA INTERNA/BOCAL/LAMPADAS","0171","","",97586,"LUMINÁRIA TIPO CALHA, DE SOBREPOR, COM 2 LÂMPADAS TUBULARES FLUORESCENTES DE 36 W, COM REATOR DE PARTIDA RÁPIDA - FORNECIMENTO E INSTALAÇÃO. AF_02/2020","UN","ATRIBUÍDO SÃO PAULO",156.65,"CAIXA REFERENCIAL"]
["INSTALACAO ELETRICA/ELETRIFICACAO E ILUMINACAO EXTERNA","INEL","LUMINARIA INTERNA/BOCAL/LAMPADAS","0171","","",97587,"LUMINÁRIA TIPO CALHA, DE EMBUTIR, COM 2 LÂMPADAS FLUORESCENTES DE 14 W, COM REATOR DE PARTIDA RÁPIDA - FORNECIMENTO E INSTALAÇÃO. AF_02/2020","UN","ATRIBUÍDO SÃO PAULO",287.20999999999998,"CAIXA REFERENCIAL"]
["INSTALACAO ELETRICA/ELETRIFICACAO E ILUMINACAO EXTERNA","INEL","LUMINARIA INTERNA/BOCAL/LAMPADAS","0171","","",97589,"LUMINÁRIA TIPO PLAFON EM PLÁSTICO, DE SOBREPOR, COM 1 LÂMPADA FLUORESCENTE DE 15 W, SEM REATOR - FORNECIMENTO E INSTALAÇÃO. AF_02/2020","UN","ATRIBUÍDO SÃO PAULO",41.11,"CAIXA REFERENCIAL"]
["INSTALACAO ELETRICA/ELETRIFICACAO E ILUMINACAO EXTERNA","INEL","LUMINARIA INTERNA/BOCAL/LAMPADAS","0171","","",97590,"LUMINÁRIA TIPO PLAFON REDONDO COM VIDRO FOSCO, DE SOBREPOR, COM 1 LÂMPADA FLUORESCENTE DE 15 W, SEM REATOR - FORNECIMENTO E INSTALAÇÃO. AF_02/2020","UN","ATRIBUÍDO SÃO PAULO",98.67,"CAIXA REFERENCIAL"]
["INSTALACAO ELETRICA/ELETRIFICACAO E ILUMINACAO EXTERNA","INEL","LUMINARIA INTERNA/BOCAL/LAMPADAS","0171","","",97591,"LUMINÁRIA TIPO PLAFON REDONDO COM VIDRO FOSCO, DE SOBREPOR, COM 2 LÂMPADAS FLUORESCENTES DE 15 W, SEM REATOR - FORNECIMENTO E INSTALAÇÃO. AF_02/2020","UN","ATRIBUÍDO SÃO PAULO",129.93,"CAIXA REFERENCIAL"]
["INSTALACAO ELETRICA/ELETRIFICACAO E ILUMINACAO EXTERNA","INEL","LUMINARIA INTERNA/BOCAL/LAMPADAS","0171","","",97593,"LUMINÁRIA TIPO SPOT, DE SOBREPOR, COM 1 LÂMPADA FLUORESCENTE DE 15 W, SEM REATOR - FORNECIMENTO E INSTALAÇÃO. AF_02/2020","UN","ATRIBUÍDO SÃO PAULO",143.1,"CAIXA REFERENCIAL"]
["INSTALACAO ELETRICA/ELETRIFICACAO E ILUMINACAO EXTERNA","INEL","LUMINARIA INTERNA/BOCAL/LAMPADAS","0171","","",97594,"LUMINÁRIA TIPO SPOT, DE SOBREPOR, COM 2 LÂMPADAS FLUORESCENTES DE 15 W, SEM REATOR - FORNECIMENTO E INSTALAÇÃO. AF_02/2020","UN","ATRIBUÍDO SÃO PAULO",130.9,"CAIXA REFERENCIAL"]
["INSTALACAO ELETRICA/ELETRIFICACAO E ILUMINACAO EXTERNA","INEL","LUMINARIA INTERNA/BOCAL/LAMPADAS","0171","","",97595,"SENSOR DE PRESENÇA COM FOTOCÉLULA, FIXAÇÃO EM PAREDE - FORNECIMENTO E INSTALAÇÃO. AF_02/2020","UN","ATRIBUÍDO SÃO PAULO",101.16,"CAIXA REFERENCIAL"]
["INSTALACAO ELETRICA/ELETRIFICACAO E ILUMINACAO EXTERNA","INEL","LUMINARIA INTERNA/BOCAL/LAMPADAS","0171","","",97596,"SENSOR DE PRESENÇA SEM FOTOCÉLULA, FIXAÇÃO EM PAREDE - FORNECIMENTO E INSTALAÇÃO. AF_02/2020","UN","ATRIBUÍDO SÃO PAULO",70.06,"CAIXA REFERENCIAL"]
["INSTALACAO ELETRICA/ELETRIFICACAO E ILUMINACAO EXTERNA","INEL","LUMINARIA INTERNA/BOCAL/LAMPADAS","0171","","",97597,"SENSOR DE PRESENÇA COM FOTOCÉLULA, FIXAÇÃO EM TETO - FORNECIMENTO E INSTALAÇÃO. AF_02/2020","UN","ATRIBUÍDO SÃO PAULO",69.81,"CAIXA REFERENCIAL"]
["INSTALACAO ELETRICA/ELETRIFICACAO E ILUMINACAO EXTERNA","INEL","LUMINARIA INTERNA/BOCAL/LAMPADAS","0171","","",97598,"SENSOR DE PRESENÇA SEM FOTOCÉLULA, FIXAÇÃO EM TETO - FORNECIMENTO E INSTALAÇÃO. AF_02/2020","UN","ATRIBUÍDO SÃO PAULO",65.84,"CAIXA REFERENCIAL"]
["INSTALACAO ELETRICA/ELETRIFICACAO E ILUMINACAO EXTERNA","INEL","LUMINARIA INTERNA/BOCAL/LAMPADAS","0171","","",97599,"LUMINÁRIA DE EMERGÊNCIA, COM 30 LÂMPADAS LED DE 2 W, SEM REATOR - FORNECIMENTO E INSTALAÇÃO. AF_02/2020","UN","COEFICIENTE DE REPRESENTATIVIDADE",28.6,"CAIXA REFERENCIAL"]
["INSTALACAO ELETRICA/ELETRIFICACAO E ILUMINACAO EXTERNA","INEL","LUMINARIA INTERNA/BOCAL/LAMPADAS","0171","","",97609,"LÂMPADA COMPACTA DE LED 6 W, BASE E27 - FORNECIMENTO E INSTALAÇÃO. AF_02/2020","UN","COEFICIENTE DE REPRESENTATIVIDADE",16.559999999999999,"CAIXA REFERENCIAL"]
["INSTALACAO ELETRICA/ELETRIFICACAO E ILUMINACAO EXTERNA","INEL","LUMINARIA INTERNA/BOCAL/LAMPADAS","0171","","",97610,"LÂMPADA COMPACTA DE LED 10 W, BASE E27 - FORNECIMENTO E INSTALAÇÃO. AF_02/2020","UN","COEFICIENTE DE REPRESENTATIVIDADE",17.73,"CAIXA REFERENCIAL"]
["INSTALACAO ELETRICA/ELETRIFICACAO E ILUMINACAO EXTERNA","INEL","LUMINARIA INTERNA/BOCAL/LAMPADAS","0171","","",97611,"LÂMPADA COMPACTA FLUORESCENTE DE 15 W, BASE E27 - FORNECIMENTO E INSTALAÇÃO. AF_02/2020","UN","ATRIBUÍDO SÃO PAULO",24.47,"CAIXA REFERENCIAL"]
["INSTALACAO ELETRICA/ELETRIFICACAO E ILUMINACAO EXTERNA","INEL","LUMINARIA INTERNA/BOCAL/LAMPADAS","0171","","",97612,"LÂMPADA COMPACTA FLUORESCENTE DE 20 W, BASE E27 - FORNECIMENTO E INSTALAÇÃO. AF_02/2020","UN","ATRIBUÍDO SÃO PAULO",26.68,"CAIXA REFERENCIAL"]
["INSTALACAO ELETRICA/ELETRIFICACAO E ILUMINACAO EXTERNA","INEL","LUMINARIA INTERNA/BOCAL/LAMPADAS","0171","","",97613,"LÂMPADA COMPACTA DE VAPOR MERCURIO 125 W, BASE E27 - FORNECIMENTO E INSTALAÇÃO. AF_02/2020","UN","ATRIBUÍDO SÃO PAULO",34,"CAIXA REFERENCIAL"]
["INSTALACAO ELETRICA/ELETRIFICACAO E ILUMINACAO EXTERNA","INEL","LUMINARIA INTERNA/BOCAL/LAMPADAS","0171","","",97614,"LÂMPADA COMPACTA DE VAPOR METÁLICO OVOIDE 150 W, BASE E27 - FORNECIMENTO E INSTALAÇÃO. AF_02/2020","UN","ATRIBUÍDO SÃO PAULO",60.45,"CAIXA REFERENCIAL"]
["INSTALACAO ELETRICA/ELETRIFICACAO E ILUMINACAO EXTERNA","INEL","LUMINARIA INTERNA/BOCAL/LAMPADAS","0171","","",97615,"LÂMPADA TUBULAR FLUORESCENTE T8 DE 16/18 W, BASE G13 - FORNECIMENTO E INSTALAÇÃO. AF_02/2020_PS","UN","ATRIBUÍDO SÃO PAULO",53.94,"CAIXA REFERENCIAL"]
["INSTALACAO ELETRICA/ELETRIFICACAO E ILUMINACAO EXTERNA","INEL","LUMINARIA INTERNA/BOCAL/LAMPADAS","0171","","",97616,"LÂMPADA TUBULAR FLUORESCENTE T8 DE 32/36 W, BASE G13 - FORNECIMENTO E INSTALAÇÃO. AF_02/2020_PS","UN","ATRIBUÍDO SÃO PAULO",61.94,"CAIXA REFERENCIAL"]
["INSTALACAO ELETRICA/ELETRIFICACAO E ILUMINACAO EXTERNA","INEL","LUMINARIA INTERNA/BOCAL/LAMPADAS","0171","","",97617,"LÂMPADA TUBULAR FLUORESCENTE T10 DE 20/40 W, BASE G13 - FORNECIMENTO E INSTALAÇÃO. AF_02/2020_PS","UN","ATRIBUÍDO SÃO PAULO",61.59,"CAIXA REFERENCIAL"]
["INSTALACAO ELETRICA/ELETRIFICACAO E ILUMINACAO EXTERNA","INEL","LUMINARIA INTERNA/BOCAL/LAMPADAS","0171","","",97618,"LÂMPADA TUBULAR FLUORESCENTE T5 DE 14 W, BASE G13 - FORNECIMENTO E INSTALAÇÃO. AF_02/2020_PS","UN","ATRIBUÍDO SÃO PAULO",57.04,"CAIXA REFERENCIAL"]
["INSTALACAO ELETRICA/ELETRIFICACAO E ILUMINACAO EXTERNA","INEL","LUMINARIA INTERNA/BOCAL/LAMPADAS","0171","","",100902,"LÂMPADA TUBULAR LED DE 9/10 W, BASE G13 - FORNECIMENTO E INSTALAÇÃO. AF_02/2020_PS","UN","COEFICIENTE DE REPRESENTATIVIDADE",26.66,"CAIXA REFERENCIAL"]
["INSTALACAO ELETRICA/ELETRIFICACAO E ILUMINACAO EXTERNA","INEL","LUMINARIA INTERNA/BOCAL/LAMPADAS","0171","","",100903,"LÂMPADA TUBULAR LED DE 18/20 W, BASE G13 - FORNECIMENTO E INSTALAÇÃO. AF_02/2020_PS","UN","COEFICIENTE DE REPRESENTATIVIDADE",31.82,"CAIXA REFERENCIAL"]
["INSTALACAO ELETRICA/ELETRIFICACAO E ILUMINACAO EXTERNA","INEL","LUMINARIA INTERNA/BOCAL/LAMPADAS","0171","","",100904,"LUMINÁRIA TIPO CALHA, DE SOBREPOR, COM 1 LÂMPADA TUBULAR FLUORESCENTE DE 20 W, COM REATOR DE PARTIDA CONVENCIONAL - FORNECIMENTO E INSTALAÇÃO. AF_02/2020","UN","ATRIBUÍDO SÃO PAULO",85.26,"CAIXA REFERENCIAL"]
["INSTALACAO ELETRICA/ELETRIFICACAO E ILUMINACAO EXTERNA","INEL","LUMINARIA INTERNA/BOCAL/LAMPADAS","0171","","",100905,"LUMINÁRIA DUPLA TIPO CALHA, DE SOBREPOR, COM 4 LÂMPADAS TUBULARES FLUORESCENTES DE 18 W,COM REATORES DE PARTIDA RÁPIDA - FORNECIMENTO E INSTALAÇÃO. AF_02/2020","UN","ATRIBUÍDO SÃO PAULO",229.99,"CAIXA REFERENCIAL"]
["INSTALACAO ELETRICA/ELETRIFICACAO E ILUMINACAO EXTERNA","INEL","LUMINARIA INTERNA/BOCAL/LAMPADAS","0171","","",100906,"LUMINÁRIA DUPLA TIPO CALHA, DE SOBREPOR, COM 4 LÂMPADAS TUBULARES FLUORESCENTES DE 36 W, COM REATORES DE PARTIDA RÁPIDA -FORNECIMENTO E INSTALAÇÃO. AF_02/2020","UN","ATRIBUÍDO SÃO PAULO",313.31,"CAIXA REFERENCIAL"]
["INSTALACAO ELETRICA/ELETRIFICACAO E ILUMINACAO EXTERNA","INEL","LUMINARIA INTERNA/BOCAL/LAMPADAS","0171","","",100919,"LÂMPADA FLUORESCENTE ESPIRAL BRANCA 45 W, BASE E27 - FORNECIMENTO E INSTALAÇÃO. AF_02/2020","UN","ATRIBUÍDO SÃO PAULO",69.09,"CAIXA REFERENCIAL"]
["INSTALACAO ELETRICA/ELETRIFICACAO E ILUMINACAO EXTERNA","INEL","LUMINARIA INTERNA/BOCAL/LAMPADAS","0171","","",100920,"LÂMPADA FLUORESCENTE ESPIRAL BRANCA 65 W, BASE E27 - FORNECIMENTO E INSTALAÇÃO. AF_02/2020","UN","ATRIBUÍDO SÃO PAULO",117.87,"CAIXA REFERENCIAL"]
["INSTALACAO ELETRICA/ELETRIFICACAO E ILUMINACAO EXTERNA","INEL","LUMINARIA INTERNA/BOCAL/LAMPADAS","0171","","",100921,"REATOR DE PARTIDA RÁPIDA PARA LÂMPADA FLUORESCENTE 2X40W - FORNECIMENTO E INSTALAÇÃO. AF_02/2020","UN","ATRIBUÍDO SÃO PAULO",64.510000000000005,"CAIXA REFERENCIAL"]
["INSTALACAO ELETRICA/ELETRIFICACAO E ILUMINACAO EXTERNA","INEL","LUMINARIA INTERNA/BOCAL/LAMPADAS","0171","","",100922,"REATOR DE PARTIDA RÁPIDA PARA LÂMPADA FLUORESCENTE 1X20W - FORNECIMENTO E INSTALAÇÃO. AF_02/2020","UN","ATRIBUÍDO SÃO PAULO",46.36,"CAIXA REFERENCIAL"]
["INSTALACAO ELETRICA/ELETRIFICACAO E ILUMINACAO EXTERNA","INEL","LUMINARIA INTERNA/BOCAL/LAMPADAS","0171","","",100923,"REATOR DE PARTIDA RÁPIDA PARA LÂMPADA FLUORESCENTE 1X40W - FORNECIMENTO E INSTALAÇÃO. AF_02/2020","UN","ATRIBUÍDO SÃO PAULO",53.8,"CAIXA REFERENCIAL"]
["INSTALACAO ELETRICA/ELETRIFICACAO E ILUMINACAO EXTERNA","INEL","LUMINARIA INTERNA/BOCAL/LAMPADAS","0171","","",103782,"LUMINÁRIA TIPO PLAFON CIRCULAR, DE SOBREPOR, COM LED DE 12/13 W - FORNECIMENTO E INSTALAÇÃO. AF_03/2022","UN","COEFICIENTE DE REPRESENTATIVIDADE",38,"CAIXA REFERENCIAL"]
["INSTALACAO ELETRICA/ELETRIFICACAO E ILUMINACAO EXTERNA","INEL","FORNECIMENTO DE MAT/MO P/ELETRIFICACAO E ILUMINACAO PUBLICA","0172","","",101489,"ENTRADA DE ENERGIA ELÉTRICA, AÉREA, MONOFÁSICA, COM CAIXA DE SOBREPOR, CABO DE 10 MM2 E DISJUNTOR DIN 50A (NÃO INCLUSO O POSTE DE CONCRETO). AF_07/2020_PS","UN","ATRIBUÍDO SÃO PAULO",1449.45,"CAIXA REFERENCIAL"]
["INSTALACAO ELETRICA/ELETRIFICACAO E ILUMINACAO EXTERNA","INEL","FORNECIMENTO DE MAT/MO P/ELETRIFICACAO E ILUMINACAO PUBLICA","0172","","",101490,"ENTRADA DE ENERGIA ELÉTRICA, AÉREA, MONOFÁSICA, COM CAIXA DE SOBREPOR, CABO DE 16 MM2 E DISJUNTOR DIN 50A (NÃO INCLUSO O POSTE DE CONCRETO). AF_07/2020_PS","UN","ATRIBUÍDO SÃO PAULO",1536.13,"CAIXA REFERENCIAL"]
["INSTALACAO ELETRICA/ELETRIFICACAO E ILUMINACAO EXTERNA","INEL","FORNECIMENTO DE MAT/MO P/ELETRIFICACAO E ILUMINACAO PUBLICA","0172","","",101491,"ENTRADA DE ENERGIA ELÉTRICA, AÉREA, MONOFÁSICA, COM CAIXA DE SOBREPOR, CABO DE 25 MM2 E DISJUNTOR DIN 50A (NÃO INCLUSO O POSTE DE CONCRETO). AF_07/2020_PS","UN","ATRIBUÍDO SÃO PAULO",1555.93,"CAIXA REFERENCIAL"]
["INSTALACAO ELETRICA/ELETRIFICACAO E ILUMINACAO EXTERNA","INEL","FORNECIMENTO DE MAT/MO P/ELETRIFICACAO E ILUMINACAO PUBLICA","0172","","",101492,"ENTRADA DE ENERGIA ELÉTRICA, AÉREA, MONOFÁSICA, COM CAIXA DE SOBREPOR, CABO DE 35 MM2 E DISJUNTOR DIN 50A (NÃO INCLUSO O POSTE DE CONCRETO). AF_07/2020_PS","UN","ATRIBUÍDO SÃO PAULO",1685.63,"CAIXA REFERENCIAL"]
["INSTALACAO ELETRICA/ELETRIFICACAO E ILUMINACAO EXTERNA","INEL","FORNECIMENTO DE MAT/MO P/ELETRIFICACAO E ILUMINACAO PUBLICA","0172","","",101493,"ENTRADA DE ENERGIA ELÉTRICA, AÉREA, MONOFÁSICA, COM CAIXA DE EMBUTIR, CABO DE 10 MM2 E DISJUNTOR DIN 50A (NÃO INCLUSO O POSTE DE CONCRETO). AF_07/2020_PS","UN","ATRIBUÍDO SÃO PAULO",1435.25,"CAIXA REFERENCIAL"]
["INSTALACAO ELETRICA/ELETRIFICACAO E ILUMINACAO EXTERNA","INEL","FORNECIMENTO DE MAT/MO P/ELETRIFICACAO E ILUMINACAO PUBLICA","0172","","",101494,"ENTRADA DE ENERGIA ELÉTRICA, AÉREA, MONOFÁSICA, COM CAIXA DE EMBUTIR, CABO DE 16 MM2 E DISJUNTOR DIN 50A (NÃO INCLUSO O POSTE DE CONCRETO). AF_07/2020_PS","UN","ATRIBUÍDO SÃO PAULO",1521.93,"CAIXA REFERENCIAL"]
["INSTALACAO ELETRICA/ELETRIFICACAO E ILUMINACAO EXTERNA","INEL","FORNECIMENTO DE MAT/MO P/ELETRIFICACAO E ILUMINACAO PUBLICA","0172","","",101495,"ENTRADA DE ENERGIA ELÉTRICA, AÉREA, MONOFÁSICA, COM CAIXA DE EMBUTIR, CABO DE 25 MM2 E DISJUNTOR DIN 50A (NÃO INCLUSO O POSTE DE CONCRETO). AF_07/2020_PS","UN","ATRIBUÍDO SÃO PAULO",1541.73,"CAIXA REFERENCIAL"]
["INSTALACAO ELETRICA/ELETRIFICACAO E ILUMINACAO EXTERNA","INEL","FORNECIMENTO DE MAT/MO P/ELETRIFICACAO E ILUMINACAO PUBLICA","0172","","",101496,"ENTRADA DE ENERGIA ELÉTRICA, AÉREA, MONOFÁSICA, COM CAIXA DE EMBUTIR, CABO DE 35 MM2 E DISJUNTOR DIN 50A (NÃO INCLUSO O POSTE DE CONCRETO). AF_07/2020_PS","UN","ATRIBUÍDO SÃO PAULO",1671.43,"CAIXA REFERENCIAL"]
["INSTALACAO ELETRICA/ELETRIFICACAO E ILUMINACAO EXTERNA","INEL","FORNECIMENTO DE MAT/MO P/ELETRIFICACAO E ILUMINACAO PUBLICA","0172","","",101497,"ENTRADA DE ENERGIA ELÉTRICA, AÉREA, BIFÁSICA, COM CAIXA DE SOBREPOR, CABO DE 10 MM2 E DISJUNTOR DIN 50A (NÃO INCLUSO O POSTE DE CONCRETO). AF_07/2020_PS","UN","ATRIBUÍDO SÃO PAULO",1760.49,"CAIXA REFERENCIAL"]
["INSTALACAO ELETRICA/ELETRIFICACAO E ILUMINACAO EXTERNA","INEL","FORNECIMENTO DE MAT/MO P/ELETRIFICACAO E ILUMINACAO PUBLICA","0172","","",101498,"ENTRADA DE ENERGIA ELÉTRICA, AÉREA, BIFÁSICA, COM CAIXA DE SOBREPOR, CABO DE 16 MM2 E DISJUNTOR DIN 50A (NÃO INCLUSO O POSTE DE CONCRETO). AF_07/2020_PS","UN","ATRIBUÍDO SÃO PAULO",1891.69,"CAIXA REFERENCIAL"]
["INSTALACAO ELETRICA/ELETRIFICACAO E ILUMINACAO EXTERNA","INEL","FORNECIMENTO DE MAT/MO P/ELETRIFICACAO E ILUMINACAO PUBLICA","0172","","",101499,"ENTRADA DE ENERGIA ELÉTRICA, AÉREA, BIFÁSICA, COM CAIXA DE SOBREPOR, CABO DE 25 MM2 E DISJUNTOR DIN 50A (NÃO INCLUSO O POSTE DE CONCRETO). AF_07/2020_PS","UN","ATRIBUÍDO SÃO PAULO",1921.66,"CAIXA REFERENCIAL"]
["INSTALACAO ELETRICA/ELETRIFICACAO E ILUMINACAO EXTERNA","INEL","FORNECIMENTO DE MAT/MO P/ELETRIFICACAO E ILUMINACAO PUBLICA","0172","","",101500,"ENTRADA DE ENERGIA ELÉTRICA, AÉREA, BIFÁSICA, COM CAIXA DE SOBREPOR, CABO DE 35 MM2 E DISJUNTOR DIN 50A (NÃO INCLUSO O POSTE DE CONCRETO). AF_07/2020_PS","UN","ATRIBUÍDO SÃO PAULO",2102.04,"CAIXA REFERENCIAL"]
["INSTALACAO ELETRICA/ELETRIFICACAO E ILUMINACAO EXTERNA","INEL","FORNECIMENTO DE MAT/MO P/ELETRIFICACAO E ILUMINACAO PUBLICA","0172","","",101501,"ENTRADA DE ENERGIA ELÉTRICA, AÉREA, BIFÁSICA, COM CAIXA DE EMBUTIR, CABO DE 10 MM2 E DISJUNTOR DIN 50A (NÃO INCLUSO O POSTE DE CONCRETO). AF_07/2020_PS","UN","ATRIBUÍDO SÃO PAULO",1754.33,"CAIXA REFERENCIAL"]
["INSTALACAO ELETRICA/ELETRIFICACAO E ILUMINACAO EXTERNA","INEL","FORNECIMENTO DE MAT/MO P/ELETRIFICACAO E ILUMINACAO PUBLICA","0172","","",101502,"ENTRADA DE ENERGIA ELÉTRICA, AÉREA, BIFÁSICA, COM CAIXA DE EMBUTIR, CABO DE 16 MM2 E DISJUNTOR DIN 50A (NÃO INCLUSO O POSTE DE CONCRETO). AF_07/2020_PS","UN","ATRIBUÍDO SÃO PAULO",1885.53,"CAIXA REFERENCIAL"]
["INSTALACAO ELETRICA/ELETRIFICACAO E ILUMINACAO EXTERNA","INEL","FORNECIMENTO DE MAT/MO P/ELETRIFICACAO E ILUMINACAO PUBLICA","0172","","",101503,"ENTRADA DE ENERGIA ELÉTRICA, AÉREA, BIFÁSICA, COM CAIXA DE EMBUTIR, CABO DE 25 MM2 E DISJUNTOR DIN 50A (NÃO INCLUSO O POSTE DE CONCRETO). AF_07/2020_PS","UN","ATRIBUÍDO SÃO PAULO",1915.5,"CAIXA REFERENCIAL"]
["INSTALACAO ELETRICA/ELETRIFICACAO E ILUMINACAO EXTERNA","INEL","FORNECIMENTO DE MAT/MO P/ELETRIFICACAO E ILUMINACAO PUBLICA","0172","","",101504,"ENTRADA DE ENERGIA ELÉTRICA, AÉREA, BIFÁSICA, COM CAIXA DE EMBUTIR, CABO DE 35 MM2 E DISJUNTOR DIN 50A (NÃO INCLUSO O POSTE DE CONCRETO). AF_07/2020_PS","UN","ATRIBUÍDO SÃO PAULO",2095.88,"CAIXA REFERENCIAL"]
["INSTALACAO ELETRICA/ELETRIFICACAO E ILUMINACAO EXTERNA","INEL","FORNECIMENTO DE MAT/MO P/ELETRIFICACAO E ILUMINACAO PUBLICA","0172","","",101505,"ENTRADA DE ENERGIA ELÉTRICA, AÉREA, TRIFÁSICA, COM CAIXA DE SOBREPOR, CABO DE 10 MM2 E DISJUNTOR DIN 50A (NÃO INCLUSO O POSTE DE CONCRETO). AF_07/2020_PS","UN","ATRIBUÍDO SÃO PAULO",1865.22,"CAIXA REFERENCIAL"]
["INSTALACAO ELETRICA/ELETRIFICACAO E ILUMINACAO EXTERNA","INEL","FORNECIMENTO DE MAT/MO P/ELETRIFICACAO E ILUMINACAO PUBLICA","0172","","",101506,"ENTRADA DE ENERGIA ELÉTRICA, AÉREA, TRIFÁSICA, COM CAIXA DE SOBREPOR, CABO DE 16 MM2 E DISJUNTOR DIN 50A (NÃO INCLUSO O POSTE DE CONCRETO). AF_07/2020_PS","UN","ATRIBUÍDO SÃO PAULO",2040.15,"CAIXA REFERENCIAL"]
["INSTALACAO ELETRICA/ELETRIFICACAO E ILUMINACAO EXTERNA","INEL","FORNECIMENTO DE MAT/MO P/ELETRIFICACAO E ILUMINACAO PUBLICA","0172","","",101507,"ENTRADA DE ENERGIA ELÉTRICA, AÉREA, TRIFÁSICA, COM CAIXA DE SOBREPOR, CABO DE 25 MM2 E DISJUNTOR DIN 50A (NÃO INCLUSO O POSTE DE CONCRETO). AF_07/2020_PS","UN","ATRIBUÍDO SÃO PAULO",2080.11,"CAIXA REFERENCIAL"]
["INSTALACAO ELETRICA/ELETRIFICACAO E ILUMINACAO EXTERNA","INEL","FORNECIMENTO DE MAT/MO P/ELETRIFICACAO E ILUMINACAO PUBLICA","0172","","",101508,"ENTRADA DE ENERGIA ELÉTRICA, AÉREA, TRIFÁSICA, COM CAIXA DE SOBREPOR, CABO DE 35 MM2 E DISJUNTOR DIN 50A (NÃO INCLUSO O POSTE DE CONCRETO). AF_07/2020_PS","UN","ATRIBUÍDO SÃO PAULO",2310.2800000000002,"CAIXA REFERENCIAL"]
["INSTALACAO ELETRICA/ELETRIFICACAO E ILUMINACAO EXTERNA","INEL","FORNECIMENTO DE MAT/MO P/ELETRIFICACAO E ILUMINACAO PUBLICA","0172","","",101509,"ENTRADA DE ENERGIA ELÉTRICA, AÉREA, TRIFÁSICA, COM CAIXA DE EMBUTIR, CABO DE 10 MM2 E DISJUNTOR DIN 50A (NÃO INCLUSO O POSTE DE CONCRETO). AF_07/2020_PS","UN","ATRIBUÍDO SÃO PAULO",1811.73,"CAIXA REFERENCIAL"]
["INSTALACAO ELETRICA/ELETRIFICACAO E ILUMINACAO EXTERNA","INEL","FORNECIMENTO DE MAT/MO P/ELETRIFICACAO E ILUMINACAO PUBLICA","0172","","",101510,"ENTRADA DE ENERGIA ELÉTRICA, AÉREA, TRIFÁSICA, COM CAIXA DE EMBUTIR, CABO DE 16 MM2 E DISJUNTOR DIN 50A (NÃO INCLUSO O POSTE DE CONCRETO). AF_07/2020_PS","UN","ATRIBUÍDO SÃO PAULO",1986.66,"CAIXA REFERENCIAL"]
["INSTALACAO ELETRICA/ELETRIFICACAO E ILUMINACAO EXTERNA","INEL","FORNECIMENTO DE MAT/MO P/ELETRIFICACAO E ILUMINACAO PUBLICA","0172","","",101511,"ENTRADA DE ENERGIA ELÉTRICA, AÉREA, TRIFÁSICA, COM CAIXA DE EMBUTIR, CABO DE 25 MM2 E DISJUNTOR DIN 50A (NÃO INCLUSO O POSTE DE CONCRETO). AF_07/2020_PS","UN","ATRIBUÍDO SÃO PAULO",2026.62,"CAIXA REFERENCIAL"]
["INSTALACAO ELETRICA/ELETRIFICACAO E ILUMINACAO EXTERNA","INEL","FORNECIMENTO DE MAT/MO P/ELETRIFICACAO E ILUMINACAO PUBLICA","0172","","",101512,"ENTRADA DE ENERGIA ELÉTRICA, AÉREA, TRIFÁSICA, COM CAIXA DE EMBUTIR, CABO DE 35 MM2 E DISJUNTOR DIN 50A (NÃO INCLUSO O POSTE DE CONCRETO). AF_07/2020_PS","UN","ATRIBUÍDO SÃO PAULO",2256.79,"CAIXA REFERENCIAL"]
["INSTALACAO ELETRICA/ELETRIFICACAO E ILUMINACAO EXTERNA","INEL","FORNECIMENTO DE MAT/MO P/ELETRIFICACAO E ILUMINACAO PUBLICA","0172","","",101513,"ENTRADA DE ENERGIA ELÉTRICA, SUBTERRÂNEA, MONOFÁSICA, COM CAIXA DE SOBREPOR, CABO DE 10 MM2 E DISJUNTOR DIN 50A (NÃO INCLUSA MURETA DE ALVENARIA). AF_07/2020_PS","UN","COEFICIENTE DE REPRESENTATIVIDADE",920.51,"CAIXA REFERENCIAL"]
["INSTALACAO ELETRICA/ELETRIFICACAO E ILUMINACAO EXTERNA","INEL","FORNECIMENTO DE MAT/MO P/ELETRIFICACAO E ILUMINACAO PUBLICA","0172","","",101514,"ENTRADA DE ENERGIA ELÉTRICA, SUBTERRÂNEA, MONOFÁSICA, COM CAIXA DE SOBREPOR, CABO DE 16 MM2 E DISJUNTOR DIN 50A (NÃO INCLUSA MURETA DE ALVENARIA). AF_07/2020_PS","UN","COEFICIENTE DE REPRESENTATIVIDADE",1024.52,"CAIXA REFERENCIAL"]
["INSTALACAO ELETRICA/ELETRIFICACAO E ILUMINACAO EXTERNA","INEL","FORNECIMENTO DE MAT/MO P/ELETRIFICACAO E ILUMINACAO PUBLICA","0172","","",101515,"ENTRADA DE ENERGIA ELÉTRICA, SUBTERRÂNEA, MONOFÁSICA, COM CAIXA DE SOBREPOR, CABO DE 25 MM2 E DISJUNTOR DIN 50A (NÃO INCLUSA MURETA DE ALVENARIA). AF_07/2020_PS","UN","COEFICIENTE DE REPRESENTATIVIDADE",1048.28,"CAIXA REFERENCIAL"]
["INSTALACAO ELETRICA/ELETRIFICACAO E ILUMINACAO EXTERNA","INEL","FORNECIMENTO DE MAT/MO P/ELETRIFICACAO E ILUMINACAO PUBLICA","0172","","",101516,"ENTRADA DE ENERGIA ELÉTRICA, SUBTERRÂNEA, MONOFÁSICA, COM CAIXA DE SOBREPOR, CABO DE 35 MM2 E DISJUNTOR DIN 50A (NÃO INCLUSA MURETA DE ALVENARIA). AF_07/2020_PS","UN","COEFICIENTE DE REPRESENTATIVIDADE",1166.69,"CAIXA REFERENCIAL"]
["INSTALACAO ELETRICA/ELETRIFICACAO E ILUMINACAO EXTERNA","INEL","FORNECIMENTO DE MAT/MO P/ELETRIFICACAO E ILUMINACAO PUBLICA","0172","","",101517,"ENTRADA DE ENERGIA ELÉTRICA, SUBTERRÂNEA, MONOFÁSICA, COM CAIXA DE EMBUTIR, CABO DE 10 MM2 E DISJUNTOR DIN 50A (NÃO INCLUSA MURETA DE ALVENARIA). AF_07/2020_PS","UN","COEFICIENTE DE REPRESENTATIVIDADE",906.31,"CAIXA REFERENCIAL"]
["INSTALACAO ELETRICA/ELETRIFICACAO E ILUMINACAO EXTERNA","INEL","FORNECIMENTO DE MAT/MO P/ELETRIFICACAO E ILUMINACAO PUBLICA","0172","","",101518,"ENTRADA DE ENERGIA ELÉTRICA, SUBTERRÂNEA, MONOFÁSICA, COM CAIXA DE EMBUTIR, CABO DE 16 MM2 E DISJUNTOR DIN 50A (NÃO INCLUSA MURETA DE ALVENARIA). AF_07/2020_PS","UN","COEFICIENTE DE REPRESENTATIVIDADE",1010.32,"CAIXA REFERENCIAL"]
["INSTALACAO ELETRICA/ELETRIFICACAO E ILUMINACAO EXTERNA","INEL","FORNECIMENTO DE MAT/MO P/ELETRIFICACAO E ILUMINACAO PUBLICA","0172","","",101519,"ENTRADA DE ENERGIA ELÉTRICA, SUBTERRÂNEA, MONOFÁSICA, COM CAIXA DE EMBUTIR, CABO DE 25 MM2 E DISJUNTOR DIN 50A (NÃO INCLUSA MURETA DE ALVENARIA). AF_07/2020_PS","UN","COEFICIENTE DE REPRESENTATIVIDADE",1034.08,"CAIXA REFERENCIAL"]
["INSTALACAO ELETRICA/ELETRIFICACAO E ILUMINACAO EXTERNA","INEL","FORNECIMENTO DE MAT/MO P/ELETRIFICACAO E ILUMINACAO PUBLICA","0172","","",101520,"ENTRADA DE ENERGIA ELÉTRICA, SUBTERRÂNEA, MONOFÁSICA, COM CAIXA DE EMBUTIR, CABO DE 35 MM2 E DISJUNTOR DIN 50A (NÃO INCLUSA MURETA DE ALVENARIA). AF_07/2020_PS","UN","COEFICIENTE DE REPRESENTATIVIDADE",1152.49,"CAIXA REFERENCIAL"]
["INSTALACAO ELETRICA/ELETRIFICACAO E ILUMINACAO EXTERNA","INEL","FORNECIMENTO DE MAT/MO P/ELETRIFICACAO E ILUMINACAO PUBLICA","0172","","",101521,"ENTRADA DE ENERGIA ELÉTRICA, SUBTERRÂNEA, BIFÁSICA, COM CAIXA DE SOBREPOR, CABO DE 10 MM2 E DISJUNTOR DIN 50A (NÃO INCLUSA MURETA DE ALVENARIA). AF_07/2020_PS","UN","COEFICIENTE DE REPRESENTATIVIDADE",1244.76,"CAIXA REFERENCIAL"]
["INSTALACAO ELETRICA/ELETRIFICACAO E ILUMINACAO EXTERNA","INEL","FORNECIMENTO DE MAT/MO P/ELETRIFICACAO E ILUMINACAO PUBLICA","0172","","",101522,"ENTRADA DE ENERGIA ELÉTRICA, SUBTERRÂNEA, BIFÁSICA, COM CAIXA DE SOBREPOR, CABO DE 16 MM2 E DISJUNTOR DIN 50A (NÃO INCLUSA MURETA DE ALVENARIA). AF_07/2020_PS","UN","COEFICIENTE DE REPRESENTATIVIDADE",1400.79,"CAIXA REFERENCIAL"]
["INSTALACAO ELETRICA/ELETRIFICACAO E ILUMINACAO EXTERNA","INEL","FORNECIMENTO DE MAT/MO P/ELETRIFICACAO E ILUMINACAO PUBLICA","0172","","",101523,"ENTRADA DE ENERGIA ELÉTRICA, SUBTERRÂNEA, BIFÁSICA, COM CAIXA DE SOBREPOR, CABO DE 25 MM2 E DISJUNTOR DIN 50A (NÃO INCLUSA MURETA DE ALVENARIA). AF_07/2020_PS","UN","COEFICIENTE DE REPRESENTATIVIDADE",1436.43,"CAIXA REFERENCIAL"]
["INSTALACAO ELETRICA/ELETRIFICACAO E ILUMINACAO EXTERNA","INEL","FORNECIMENTO DE MAT/MO P/ELETRIFICACAO E ILUMINACAO PUBLICA","0172","","",101524,"ENTRADA DE ENERGIA ELÉTRICA, SUBTERRÂNEA, BIFÁSICA, COM CAIXA DE SOBREPOR, CABO DE 35 MM2 E DISJUNTOR DIN 50A (NÃO INCLUSA MURETA DE ALVENARIA). AF_07/2020_PS","UN","COEFICIENTE DE REPRESENTATIVIDADE",1614.03,"CAIXA REFERENCIAL"]
["INSTALACAO ELETRICA/ELETRIFICACAO E ILUMINACAO EXTERNA","INEL","FORNECIMENTO DE MAT/MO P/ELETRIFICACAO E ILUMINACAO PUBLICA","0172","","",101525,"ENTRADA DE ENERGIA ELÉTRICA, SUBTERRÂNEA, BIFÁSICA, COM CAIXA DE EMBUTIR, CABO DE 10 MM2 E DISJUNTOR DIN 50A (NÃO INCLUSA MURETA DE ALVENARIA). AF_07/2020_PS","UN","COEFICIENTE DE REPRESENTATIVIDADE",1238.5899999999999,"CAIXA REFERENCIAL"]
["INSTALACAO ELETRICA/ELETRIFICACAO E ILUMINACAO EXTERNA","INEL","FORNECIMENTO DE MAT/MO P/ELETRIFICACAO E ILUMINACAO PUBLICA","0172","","",101526,"ENTRADA DE ENERGIA ELÉTRICA, SUBTERRÂNEA, BIFÁSICA, COM CAIXA DE EMBUTIR, CABO DE 16 MM2 E DISJUNTOR DIN 50A (NÃO INCLUSA MURETA DE ALVENARIA). AF_07/2020_PS","UN","COEFICIENTE DE REPRESENTATIVIDADE",1394.62,"CAIXA REFERENCIAL"]
["INSTALACAO ELETRICA/ELETRIFICACAO E ILUMINACAO EXTERNA","INEL","FORNECIMENTO DE MAT/MO P/ELETRIFICACAO E ILUMINACAO PUBLICA","0172","","",101527,"ENTRADA DE ENERGIA ELÉTRICA, SUBTERRÂNEA, BIFÁSICA, COM CAIXA DE EMBUTIR, CABO DE 25 MM2 E DISJUNTOR DIN 50A (NÃO INCLUSA MURETA DE ALVENARIA). AF_07/2020_PS","UN","COEFICIENTE DE REPRESENTATIVIDADE",1430.26,"CAIXA REFERENCIAL"]
["INSTALACAO ELETRICA/ELETRIFICACAO E ILUMINACAO EXTERNA","INEL","FORNECIMENTO DE MAT/MO P/ELETRIFICACAO E ILUMINACAO PUBLICA","0172","","",101528,"ENTRADA DE ENERGIA ELÉTRICA, SUBTERRÂNEA, BIFÁSICA, COM CAIXA DE EMBUTIR, CABO DE 35 MM2 E DISJUNTOR DIN 50A (NÃO INCLUSA MURETA DE ALVENARIA). AF_07/2020_PS","UN","COEFICIENTE DE REPRESENTATIVIDADE",1607.86,"CAIXA REFERENCIAL"]
["INSTALACAO ELETRICA/ELETRIFICACAO E ILUMINACAO EXTERNA","INEL","FORNECIMENTO DE MAT/MO P/ELETRIFICACAO E ILUMINACAO PUBLICA","0172","","",101529,"ENTRADA DE ENERGIA ELÉTRICA, SUBTERRÂNEA, TRIFÁSICA, COM CAIXA DE SOBREPOR, CABO DE 10 MM2 E DISJUNTOR DIN 50A (NÃO INCLUSA MURETA DE ALVENARIA). AF_07/2020_PS","UN","COEFICIENTE DE REPRESENTATIVIDADE",1364.1,"CAIXA REFERENCIAL"]
["INSTALACAO ELETRICA/ELETRIFICACAO E ILUMINACAO EXTERNA","INEL","FORNECIMENTO DE MAT/MO P/ELETRIFICACAO E ILUMINACAO PUBLICA","0172","","",101530,"ENTRADA DE ENERGIA ELÉTRICA, SUBTERRÂNEA, TRIFÁSICA, COM CAIXA DE SOBREPOR, CABO DE 16 MM2 E DISJUNTOR DIN 50A (NÃO INCLUSA MURETA DE ALVENARIA). AF_07/2020_PS","UN","COEFICIENTE DE REPRESENTATIVIDADE",1572.13,"CAIXA REFERENCIAL"]
["INSTALACAO ELETRICA/ELETRIFICACAO E ILUMINACAO EXTERNA","INEL","FORNECIMENTO DE MAT/MO P/ELETRIFICACAO E ILUMINACAO PUBLICA","0172","","",101531,"ENTRADA DE ENERGIA ELÉTRICA, SUBTERRÂNEA, TRIFÁSICA, COM CAIXA DE SOBREPOR, CABO DE 25 MM2 E DISJUNTOR DIN 50A (NÃO INCLUSA MURETA DE ALVENARIA). AF_07/2020_PS","UN","COEFICIENTE DE REPRESENTATIVIDADE",1619.65,"CAIXA REFERENCIAL"]
["INSTALACAO ELETRICA/ELETRIFICACAO E ILUMINACAO EXTERNA","INEL","FORNECIMENTO DE MAT/MO P/ELETRIFICACAO E ILUMINACAO PUBLICA","0172","","",101532,"ENTRADA DE ENERGIA ELÉTRICA, SUBTERRÂNEA, TRIFÁSICA, COM CAIXA DE SOBREPOR, CABO DE 35 MM2 E DISJUNTOR DIN 50A (NÃO INCLUSA MURETA DE ALVENARIA). AF_07/2020_PS","UN","COEFICIENTE DE REPRESENTATIVIDADE",1856.46,"CAIXA REFERENCIAL"]
["INSTALACAO ELETRICA/ELETRIFICACAO E ILUMINACAO EXTERNA","INEL","FORNECIMENTO DE MAT/MO P/ELETRIFICACAO E ILUMINACAO PUBLICA","0172","","",101533,"ENTRADA DE ENERGIA ELÉTRICA, SUBTERRÂNEA, TRIFÁSICA, COM CAIXA DE EMBUTIR, CABO DE 10 MM2 E DISJUNTOR DIN 50A (NÃO INCLUSA MURETA DE ALVENARIA). AF_07/2020_PS","UN","COEFICIENTE DE REPRESENTATIVIDADE",1310.5999999999999,"CAIXA REFERENCIAL"]
["INSTALACAO ELETRICA/ELETRIFICACAO E ILUMINACAO EXTERNA","INEL","FORNECIMENTO DE MAT/MO P/ELETRIFICACAO E ILUMINACAO PUBLICA","0172","","",101534,"ENTRADA DE ENERGIA ELÉTRICA, SUBTERRÂNEA, TRIFÁSICA, COM CAIXA DE EMBUTIR, CABO DE 16 MM2 E DISJUNTOR DIN 50A (NÃO INCLUSA MURETA DE ALVENARIA). AF_07/2020_PS","UN","COEFICIENTE DE REPRESENTATIVIDADE",1518.63,"CAIXA REFERENCIAL"]
["INSTALACAO ELETRICA/ELETRIFICACAO E ILUMINACAO EXTERNA","INEL","FORNECIMENTO DE MAT/MO P/ELETRIFICACAO E ILUMINACAO PUBLICA","0172","","",101535,"ENTRADA DE ENERGIA ELÉTRICA, SUBTERRÂNEA, TRIFÁSICA, COM CAIXA DE EMBUTIR, CABO DE 25 MM2 E DISJUNTOR DIN 50A (NÃO INCLUSA MURETA DE ALVENARIA). AF_07/2020_PS","UN","COEFICIENTE DE REPRESENTATIVIDADE",1566.15,"CAIXA REFERENCIAL"]
["INSTALACAO ELETRICA/ELETRIFICACAO E ILUMINACAO EXTERNA","INEL","FORNECIMENTO DE MAT/MO P/ELETRIFICACAO E ILUMINACAO PUBLICA","0172","","",101536,"ENTRADA DE ENERGIA ELÉTRICA, SUBTERRÂNEA, TRIFÁSICA, COM CAIXA DE EMBUTIR, CABO DE 35 MM2 E DISJUNTOR DIN 50A (NÃO INCLUSA MURETA DE ALVENARIA). AF_07/2020_PS","UN","COEFICIENTE DE REPRESENTATIVIDADE",1802.96,"CAIXA REFERENCIAL"]
["INSTALACAO ELETRICA/ELETRIFICACAO E ILUMINACAO EXTERNA","INEL","FORNECIMENTO DE MAT/MO P/ELETRIFICACAO E ILUMINACAO PUBLICA","0172","","",101537,"APARELHO SINALIZADOR DE SAÍDA DE GARAGEM, COM CÉLULA FOTOELÉTRICA - FORNECIMENTO E INSTALAÇÃO. AF_07/2020","UN","COEFICIENTE DE REPRESENTATIVIDADE",135.97999999999999,"CAIXA REFERENCIAL"]
["INSTALACAO ELETRICA/ELETRIFICACAO E ILUMINACAO EXTERNA","INEL","FORNECIMENTO DE MAT/MO P/ELETRIFICACAO E ILUMINACAO PUBLICA","0172","","",101538,"ARMAÇÃO SECUNDÁRIA, COM 1 ESTRIBO E 1 ISOLADOR - FORNECIMENTO E INSTALAÇÃO. AF_07/2020","UN","ATRIBUÍDO SÃO PAULO",40.21,"CAIXA REFERENCIAL"]
["INSTALACAO ELETRICA/ELETRIFICACAO E ILUMINACAO EXTERNA","INEL","FORNECIMENTO DE MAT/MO P/ELETRIFICACAO E ILUMINACAO PUBLICA","0172","","",101539,"ARMAÇÃO SECUNDÁRIA, COM 2 ESTRIBOS E 2 ISOLADORES - FORNECIMENTO E INSTALAÇÃO. AF_07/2020","UN","ATRIBUÍDO SÃO PAULO",67.540000000000006,"CAIXA REFERENCIAL"]
["INSTALACAO ELETRICA/ELETRIFICACAO E ILUMINACAO EXTERNA","INEL","FORNECIMENTO DE MAT/MO P/ELETRIFICACAO E ILUMINACAO PUBLICA","0172","","",101540,"ARMAÇÃO SECUNDÁRIA, COM 3 ESTRIBOS E 3 ISOLADORES - FORNECIMENTO E INSTALAÇÃO. AF_07/2020","UN","ATRIBUÍDO SÃO PAULO",112.78,"CAIXA REFERENCIAL"]
["INSTALACAO ELETRICA/ELETRIFICACAO E ILUMINACAO EXTERNA","INEL","FORNECIMENTO DE MAT/MO P/ELETRIFICACAO E ILUMINACAO PUBLICA","0172","","",101541,"ARMAÇÃO SECUNDÁRIA, COM 4 ESTRIBOS E 4 ISOLADORES - FORNECIMENTO E INSTALAÇÃO. AF_07/2020","UN","ATRIBUÍDO SÃO PAULO",147.35,"CAIXA REFERENCIAL"]
["INSTALACAO ELETRICA/ELETRIFICACAO E ILUMINACAO EXTERNA","INEL","FORNECIMENTO DE MAT/MO P/ELETRIFICACAO E ILUMINACAO PUBLICA","0172","","",101542,"ARMAÇÃO SECUNDÁRIA, COM 1 ESTRIBO, SEM ISOLADOR - FORNECIMENTO E INSTALAÇÃO. AF_07/2020","UN","ATRIBUÍDO SÃO PAULO",30.91,"CAIXA REFERENCIAL"]
["INSTALACAO ELETRICA/ELETRIFICACAO E ILUMINACAO EXTERNA","INEL","FORNECIMENTO DE MAT/MO P/ELETRIFICACAO E ILUMINACAO PUBLICA","0172","","",101543,"ARMAÇÃO SECUNDÁRIA, COM 2 ESTRIBOS, SEM ISOLADOR - FORNECIMENTO E INSTALAÇÃO. AF_07/2020","UN","ATRIBUÍDO SÃO PAULO",55.59,"CAIXA REFERENCIAL"]
["INSTALACAO ELETRICA/ELETRIFICACAO E ILUMINACAO EXTERNA","INEL","FORNECIMENTO DE MAT/MO P/ELETRIFICACAO E ILUMINACAO PUBLICA","0172","","",101544,"ARMAÇÃO SECUNDÁRIA, COM 3 ESTRIBOS, SEM ISOLADOR - FORNECIMENTO E INSTALAÇÃO. AF_07/2020","UN","ATRIBUÍDO SÃO PAULO",88.36,"CAIXA REFERENCIAL"]
["INSTALACAO ELETRICA/ELETRIFICACAO E ILUMINACAO EXTERNA","INEL","FORNECIMENTO DE MAT/MO P/ELETRIFICACAO E ILUMINACAO PUBLICA","0172","","",101545,"ARMAÇÃO SECUNDÁRIA, COM 4 ESTRIBOS, SEM ISOLADOR - FORNECIMENTO E INSTALAÇÃO. AF_07/2020","UN","ATRIBUÍDO SÃO PAULO",127.23,"CAIXA REFERENCIAL"]
["INSTALACAO ELETRICA/ELETRIFICACAO E ILUMINACAO EXTERNA","INEL","FORNECIMENTO DE MAT/MO P/ELETRIFICACAO E ILUMINACAO PUBLICA","0172","","",101546,"ISOLADOR, TIPO PINO, PARA TENSÃO 15 KV - FORNECIMENTO E INSTALAÇÃO. AF_07/2020","UN","ATRIBUÍDO SÃO PAULO",31.28,"CAIXA REFERENCIAL"]
["INSTALACAO ELETRICA/ELETRIFICACAO E ILUMINACAO EXTERNA","INEL","FORNECIMENTO DE MAT/MO P/ELETRIFICACAO E ILUMINACAO PUBLICA","0172","","",101547,"ISOLADOR, TIPO DISCO, PARA TENSÃO 15 KV - FORNECIMENTO E INSTALAÇÃO. AF_07/2020","UN","ATRIBUÍDO SÃO PAULO",98.27,"CAIXA REFERENCIAL"]
["INSTALACAO ELETRICA/ELETRIFICACAO E ILUMINACAO EXTERNA","INEL","FORNECIMENTO DE MAT/MO P/ELETRIFICACAO E ILUMINACAO PUBLICA","0172","","",101548,"ISOLADOR, TIPO ROLDANA, PARA BAIXA TENSÃO - FORNECIMENTO E INSTALAÇÃO. AF_07/2020","UN","ATRIBUÍDO SÃO PAULO",7.65,"CAIXA REFERENCIAL"]
["INSTALACAO ELETRICA/ELETRIFICACAO E ILUMINACAO EXTERNA","INEL","FORNECIMENTO DE MAT/MO P/ELETRIFICACAO E ILUMINACAO PUBLICA","0172","","",101549,"GRAMPO PARALELO METÁLICO, PARA REDES AÉREAS DE DISTRIBUIÇÃO DE ENERGIA ELÉTRICA DE BAIXA TENSÃO - FORNECIMENTO E INSTALAÇÃO. AF_07/2020","UN","COEFICIENTE DE REPRESENTATIVIDADE",27.98,"CAIXA REFERENCIAL"]
["INSTALACAO ELETRICA/ELETRIFICACAO E ILUMINACAO EXTERNA","INEL","FORNECIMENTO DE MAT/MO P/ELETRIFICACAO E ILUMINACAO PUBLICA","0172","","",101553,"ALÇA PREFORMADA DE DISTRIBUIÇÃO, EM  AÇO GALVANIZADO, AWG 1 - FORNECIMENTO E INSTALAÇÃO. AF_07/2020","UN","ATRIBUÍDO SÃO PAULO",13.64,"CAIXA REFERENCIAL"]
["INSTALACAO ELETRICA/ELETRIFICACAO E ILUMINACAO EXTERNA","INEL","FORNECIMENTO DE MAT/MO P/ELETRIFICACAO E ILUMINACAO PUBLICA","0172","","",101554,"ALÇA PREFORMADA DE DISTRIBUIÇÃO, EM  AÇO GALVANIZADO, AWG 2 - FORNECIMENTO E INSTALAÇÃO. AF_07/2020","UN","ATRIBUÍDO SÃO PAULO",9.99,"CAIXA REFERENCIAL"]
["INSTALACAO ELETRICA/ELETRIFICACAO E ILUMINACAO EXTERNA","INEL","FORNECIMENTO DE MAT/MO P/ELETRIFICACAO E ILUMINACAO PUBLICA","0172","","",101555,"ALÇA PREFORMADA DE DISTRIBUIÇÃO, EM  AÇO GALVANIZADO, AWG 4 - FORNECIMENTO E INSTALAÇÃO. AF_07/2020","UN","ATRIBUÍDO SÃO PAULO",6.65,"CAIXA REFERENCIAL"]
["INSTALACAO ELETRICA/ELETRIFICACAO E ILUMINACAO EXTERNA","INEL","FORNECIMENTO DE MAT/MO P/ELETRIFICACAO E ILUMINACAO PUBLICA","0172","","",101556,"ALÇA PREFORMADA DE DISTRIBUIÇÃO, EM  AÇO GALVANIZADO, AWG 6 - FORNECIMENTO E INSTALAÇÃO. AF_07/2020","UN","ATRIBUÍDO SÃO PAULO",6.12,"CAIXA REFERENCIAL"]
["INSTALACAO ELETRICA/ELETRIFICACAO E ILUMINACAO EXTERNA","INEL","FORNECIMENTO DE MAT/MO P/ELETRIFICACAO E ILUMINACAO PUBLICA","0172","","",101560,"CABO DE COBRE FLEXÍVEL ISOLADO, 10 MM², 0,6/1,0 KV, PARA REDE AÉREA DE DISTRIBUIÇÃO DE ENERGIA ELÉTRICA DE BAIXA TENSÃO - FORNECIMENTO E INSTALAÇÃO. AF_07/2020","M","COEFICIENTE DE REPRESENTATIVIDADE",8.65,"CAIXA REFERENCIAL"]
["INSTALACAO ELETRICA/ELETRIFICACAO E ILUMINACAO EXTERNA","INEL","FORNECIMENTO DE MAT/MO P/ELETRIFICACAO E ILUMINACAO PUBLICA","0172","","",101561,"CABO DE COBRE FLEXÍVEL ISOLADO, 16 MM², 0,6/1,0 KV, PARA REDE AÉREA DE DISTRIBUIÇÃO DE ENERGIA ELÉTRICA DE BAIXA TENSÃO - FORNECIMENTO E INSTALAÇÃO. AF_07/2020","M","COEFICIENTE DE REPRESENTATIVIDADE",13.73,"CAIXA REFERENCIAL"]
["INSTALACAO ELETRICA/ELETRIFICACAO E ILUMINACAO EXTERNA","INEL","FORNECIMENTO DE MAT/MO P/ELETRIFICACAO E ILUMINACAO PUBLICA","0172","","",101562,"CABO DE COBRE FLEXÍVEL ISOLADO, 25 MM², 0,6/1,0 KV, PARA REDE AÉREA DE DISTRIBUIÇÃO DE ENERGIA ELÉTRICA DE BAIXA TENSÃO - FORNECIMENTO E INSTALAÇÃO. AF_07/2020","M","COEFICIENTE DE REPRESENTATIVIDADE",21.25,"CAIXA REFERENCIAL"]
["INSTALACAO ELETRICA/ELETRIFICACAO E ILUMINACAO EXTERNA","INEL","FORNECIMENTO DE MAT/MO P/ELETRIFICACAO E ILUMINACAO PUBLICA","0172","","",101563,"CABO DE COBRE FLEXÍVEL ISOLADO, 35 MM², 0,6/1,0 KV, PARA REDE AÉREA DE DISTRIBUIÇÃO DE ENERGIA ELÉTRICA DE BAIXA TENSÃO - FORNECIMENTO E INSTALAÇÃO. AF_07/2020","M","COEFICIENTE DE REPRESENTATIVIDADE",30.01,"CAIXA REFERENCIAL"]
["INSTALACAO ELETRICA/ELETRIFICACAO E ILUMINACAO EXTERNA","INEL","FORNECIMENTO DE MAT/MO P/ELETRIFICACAO E ILUMINACAO PUBLICA","0172","","",101564,"CABO DE COBRE FLEXÍVEL ISOLADO, 50 MM², 0,6/1,0 KV, PARA REDE AÉREA DE DISTRIBUIÇÃO DE ENERGIA ELÉTRICA DE BAIXA TENSÃO - FORNECIMENTO E INSTALAÇÃO. AF_07/2020","M","COEFICIENTE DE REPRESENTATIVIDADE",44.34,"CAIXA REFERENCIAL"]
["INSTALACAO ELETRICA/ELETRIFICACAO E ILUMINACAO EXTERNA","INEL","FORNECIMENTO DE MAT/MO P/ELETRIFICACAO E ILUMINACAO PUBLICA","0172","","",101565,"CABO DE COBRE FLEXÍVEL ISOLADO, 70 MM², 0,6/1,0 KV, PARA REDE AÉREA DE DISTRIBUIÇÃO DE ENERGIA ELÉTRICA DE BAIXA TENSÃO - FORNECIMENTO E INSTALAÇÃO. AF_07/2020","M","COEFICIENTE DE REPRESENTATIVIDADE",62.02,"CAIXA REFERENCIAL"]
["INSTALACAO ELETRICA/ELETRIFICACAO E ILUMINACAO EXTERNA","INEL","FORNECIMENTO DE MAT/MO P/ELETRIFICACAO E ILUMINACAO PUBLICA","0172","","",101567,"CABO DE COBRE FLEXÍVEL ISOLADO, 95 MM², 0,6/1,0 KV, PARA REDE AÉREA DE DISTRIBUIÇÃO DE ENERGIA ELÉTRICA DE BAIXA TENSÃO - FORNECIMENTO E INSTALAÇÃO. AF_07/2020","M","COEFICIENTE DE REPRESENTATIVIDADE",80.510000000000005,"CAIXA REFERENCIAL"]
["INSTALACAO ELETRICA/ELETRIFICACAO E ILUMINACAO EXTERNA","INEL","FORNECIMENTO DE MAT/MO P/ELETRIFICACAO E ILUMINACAO PUBLICA","0172","","",101568,"CABO DE COBRE FLEXÍVEL ISOLADO, 120 MM², 0,6/1,0 KV, PARA REDE AÉREA DE DISTRIBUIÇÃO DE ENERGIA ELÉTRICA DE BAIXA TENSÃO - FORNECIMENTO E INSTALAÇÃO. AF_07/2020","M","COEFICIENTE DE REPRESENTATIVIDADE",105.25,"CAIXA REFERENCIAL"]
["INSTALACAO ELETRICA/ELETRIFICACAO E ILUMINACAO EXTERNA","INEL","FORNECIMENTO DE MAT/MO P/ELETRIFICACAO E ILUMINACAO PUBLICA","0172","","",101627,"REATOR PARA LÂMPADA VAPOR DE SÓDIO 250 W, USO EXTERNO - FORNECIMENTO E INSTALAÇÃO. AF_08/2020","UN","ATRIBUÍDO SÃO PAULO",264.11,"CAIXA REFERENCIAL"]
["INSTALACAO ELETRICA/ELETRIFICACAO E ILUMINACAO EXTERNA","INEL","FORNECIMENTO DE MAT/MO P/ELETRIFICACAO E ILUMINACAO PUBLICA","0172","","",101630,"SUBSTITUIÇÃO DE REATOR PARA ILUMINAÇÃO PÚBLICA (NÃO INCLUI FORNECIMENTO). AF_08/2020","UN","ATRIBUÍDO SÃO PAULO",78.91,"CAIXA REFERENCIAL"]
["INSTALACAO ELETRICA/ELETRIFICACAO E ILUMINACAO EXTERNA","INEL","FORNECIMENTO DE MAT/MO P/ELETRIFICACAO E ILUMINACAO PUBLICA","0172","","",101631,"IGNITOR PARA PARTIDA LÂMPADA VAPOR SÓDIO / VAPOR METÁLICO ATÉ 400 W - FORNECIMENTO E INSTALAÇÃO. AF_08/2020","UN","ATRIBUÍDO SÃO PAULO",37.14,"CAIXA REFERENCIAL"]
["INSTALACAO ELETRICA/ELETRIFICACAO E ILUMINACAO EXTERNA","INEL","FORNECIMENTO DE MAT/MO P/ELETRIFICACAO E ILUMINACAO PUBLICA","0172","","",101632,"RELÉ FOTOELÉTRICO PARA COMANDO DE ILUMINAÇÃO EXTERNA 1000 W - FORNECIMENTO E INSTALAÇÃO. AF_08/2020","UN","ATRIBUÍDO SÃO PAULO",37.82,"CAIXA REFERENCIAL"]
["INSTALACAO ELETRICA/ELETRIFICACAO E ILUMINACAO EXTERNA","INEL","FORNECIMENTO DE MAT/MO P/ELETRIFICACAO E ILUMINACAO PUBLICA","0172","","",101633,"SUBSTITUIÇÃO DE RELÉ FOTOELÉTRICO PARA COMANDO DE ILUMINAÇÃO EXTERNA 1000 W - FORNECIMENTO E INSTALAÇÃO. AF_08/2020","UN","ATRIBUÍDO SÃO PAULO",104.36,"CAIXA REFERENCIAL"]
["INSTALACAO ELETRICA/ELETRIFICACAO E ILUMINACAO EXTERNA","INEL","FORNECIMENTO DE MAT/MO P/ELETRIFICACAO E ILUMINACAO PUBLICA","0172","","",101636,"BRAÇO PARA ILUMINAÇÃO PÚBLICA, EM TUBO DE AÇO GALVANIZADO, COMPRIMENTO DE 1,50 M, PARA FIXAÇÃO EM POSTE DE CONCRETO - FORNECIMENTO E INSTALAÇÃO. AF_08/2020","UN","ATRIBUÍDO SÃO PAULO",149.5,"CAIXA REFERENCIAL"]
["INSTALACAO ELETRICA/ELETRIFICACAO E ILUMINACAO EXTERNA","INEL","FORNECIMENTO DE MAT/MO P/ELETRIFICACAO E ILUMINACAO PUBLICA","0172","","",101637,"BRAÇO PARA ILUMINAÇÃO PÚBLICA, EM TUBO DE AÇO GALVANIZADO, COMPRIMENTO DE 1,50 M, PARA FIXAÇÃO EM POSTE METÁLICO - FORNECIMENTO E INSTALAÇÃO. AF_08/2020","UN","ATRIBUÍDO SÃO PAULO",145,"CAIXA REFERENCIAL"]
["INSTALACAO ELETRICA/ELETRIFICACAO E ILUMINACAO EXTERNA","INEL","FORNECIMENTO DE MAT/MO P/ELETRIFICACAO E ILUMINACAO PUBLICA","0172","","",101640,"LÂMPADA VAPOR METÁLICO 400 W - FORNECIMENTO E INSTALAÇÃO. AF_08/2020","UN","ATRIBUÍDO SÃO PAULO",102.3,"CAIXA REFERENCIAL"]
["INSTALACAO ELETRICA/ELETRIFICACAO E ILUMINACAO EXTERNA","INEL","FORNECIMENTO DE MAT/MO P/ELETRIFICACAO E ILUMINACAO PUBLICA","0172","","",101641,"LÂMPADA VAPOR METÁLICO 150 W - FORNECIMENTO E INSTALAÇÃO. AF_08/2020","UN","ATRIBUÍDO SÃO PAULO",52.91,"CAIXA REFERENCIAL"]
["INSTALACAO ELETRICA/ELETRIFICACAO E ILUMINACAO EXTERNA","INEL","FORNECIMENTO DE MAT/MO P/ELETRIFICACAO E ILUMINACAO PUBLICA","0172","","",101642,"LÂMPADA VAPOR DE MERCÚRIO 125 W - FORNECIMENTO E INSTALAÇÃO. AF_08/2020","UN","ATRIBUÍDO SÃO PAULO",26.46,"CAIXA REFERENCIAL"]
["INSTALACAO ELETRICA/ELETRIFICACAO E ILUMINACAO EXTERNA","INEL","FORNECIMENTO DE MAT/MO P/ELETRIFICACAO E ILUMINACAO PUBLICA","0172","","",101643,"LÂMPADA VAPOR DE MERCÚRIO 250 W - FORNECIMENTO E INSTALAÇÃO. AF_08/2020","UN","ATRIBUÍDO SÃO PAULO",46.16,"CAIXA REFERENCIAL"]
["INSTALACAO ELETRICA/ELETRIFICACAO E ILUMINACAO EXTERNA","INEL","FORNECIMENTO DE MAT/MO P/ELETRIFICACAO E ILUMINACAO PUBLICA","0172","","",101644,"LÂMPADA VAPOR DE MERCÚRIO 400 W - FORNECIMENTO E INSTALAÇÃO. AF_08/2020","UN","ATRIBUÍDO SÃO PAULO",62.52,"CAIXA REFERENCIAL"]
["INSTALACAO ELETRICA/ELETRIFICACAO E ILUMINACAO EXTERNA","INEL","FORNECIMENTO DE MAT/MO P/ELETRIFICACAO E ILUMINACAO PUBLICA","0172","","",101648,"LÂMPADA VAPOR DE SÓDIO 150 W - FORNECIMENTO E INSTALAÇÃO. AF_08/2020","UN","ATRIBUÍDO SÃO PAULO",55.82,"CAIXA REFERENCIAL"]
["INSTALACAO ELETRICA/ELETRIFICACAO E ILUMINACAO EXTERNA","INEL","FORNECIMENTO DE MAT/MO P/ELETRIFICACAO E ILUMINACAO PUBLICA","0172","","",101649,"LÂMPADA VAPOR DE SÓDIO 250 W - FORNECIMENTO E INSTALAÇÃO. AF_08/2020","UN","ATRIBUÍDO SÃO PAULO",64.34,"CAIXA REFERENCIAL"]
["INSTALACAO ELETRICA/ELETRIFICACAO E ILUMINACAO EXTERNA","INEL","FORNECIMENTO DE MAT/MO P/ELETRIFICACAO E ILUMINACAO PUBLICA","0172","","",101650,"LÂMPADA VAPOR DE SÓDIO 400 W - FORNECIMENTO E INSTALAÇÃO. AF_08/2020","UN","ATRIBUÍDO SÃO PAULO",74.81,"CAIXA REFERENCIAL"]
["INSTALACAO ELETRICA/ELETRIFICACAO E ILUMINACAO EXTERNA","INEL","FORNECIMENTO DE MAT/MO P/ELETRIFICACAO E ILUMINACAO PUBLICA","0172","","",101651,"SUBSTITUIÇÃO DE LÂMPADA PARA ILUMINAÇÃO PÚBLICA (NÃO INCLUI FORNECIMENTO). AF_08/2020","UN","ATRIBUÍDO SÃO PAULO",68.510000000000005,"CAIXA REFERENCIAL"]
["INSTALACAO ELETRICA/ELETRIFICACAO E ILUMINACAO EXTERNA","INEL","FORNECIMENTO DE MAT/MO P/ELETRIFICACAO E ILUMINACAO PUBLICA","0172","","",101653,"LUMINÁRIA ABERTA PARA ILUMINAÇÃO PÚBLICA, PARA LÂMPADA VAPOR DE MERCÚRIO ATÉ 400 W E MISTA ATÉ 500 W, COM BRAÇO EM TUBO DE AÇO GALV 1\", COMPRIMENTO DE 1,50 M, PARA POSTE DE CONCRETO - FORNECIMENTO E INSTALAÇÃO (EXCLUSIVE LÂMPADA E REATOR). AF_08/2020","UN","ATRIBUÍDO SÃO PAULO",275.02,"CAIXA REFERENCIAL"]
["INSTALACAO ELETRICA/ELETRIFICACAO E ILUMINACAO EXTERNA","INEL","FORNECIMENTO DE MAT/MO P/ELETRIFICACAO E ILUMINACAO PUBLICA","0172","","",101654,"LUMINÁRIA DE LED PARA ILUMINAÇÃO PÚBLICA, DE 33 W ATÉ 50 W - FORNECIMENTO E INSTALAÇÃO. AF_08/2020","UN","ATRIBUÍDO SÃO PAULO",306.48,"CAIXA REFERENCIAL"]
["INSTALACAO ELETRICA/ELETRIFICACAO E ILUMINACAO EXTERNA","INEL","FORNECIMENTO DE MAT/MO P/ELETRIFICACAO E ILUMINACAO PUBLICA","0172","","",101655,"LUMINÁRIA DE LED PARA ILUMINAÇÃO PÚBLICA, DE 51 W ATÉ 67 W - FORNECIMENTO E INSTALAÇÃO. AF_08/2020","UN","ATRIBUÍDO SÃO PAULO",500.34,"CAIXA REFERENCIAL"]
["INSTALACAO ELETRICA/ELETRIFICACAO E ILUMINACAO EXTERNA","INEL","FORNECIMENTO DE MAT/MO P/ELETRIFICACAO E ILUMINACAO PUBLICA","0172","","",101656,"LUMINÁRIA DE LED PARA ILUMINAÇÃO PÚBLICA, DE 68 W ATÉ 97 W - FORNECIMENTO E INSTALAÇÃO. AF_08/2020","UN","ATRIBUÍDO SÃO PAULO",545.61,"CAIXA REFERENCIAL"]
["INSTALACAO ELETRICA/ELETRIFICACAO E ILUMINACAO EXTERNA","INEL","FORNECIMENTO DE MAT/MO P/ELETRIFICACAO E ILUMINACAO PUBLICA","0172","","",101657,"LUMINÁRIA DE LED PARA ILUMINAÇÃO PÚBLICA, DE 98 W ATÉ 137 W - FORNECIMENTO E INSTALAÇÃO. AF_08/2020","UN","ATRIBUÍDO SÃO PAULO",642.03,"CAIXA REFERENCIAL"]
["INSTALACAO ELETRICA/ELETRIFICACAO E ILUMINACAO EXTERNA","INEL","FORNECIMENTO DE MAT/MO P/ELETRIFICACAO E ILUMINACAO PUBLICA","0172","","",101658,"LUMINÁRIA DE LED PARA ILUMINAÇÃO PÚBLICA, DE 138 W ATÉ 180 W - FORNECIMENTO E INSTALAÇÃO. AF_08/2020","UN","ATRIBUÍDO SÃO PAULO",840.29,"CAIXA REFERENCIAL"]
["INSTALACAO ELETRICA/ELETRIFICACAO E ILUMINACAO EXTERNA","INEL","FORNECIMENTO DE MAT/MO P/ELETRIFICACAO E ILUMINACAO PUBLICA","0172","","",101659,"LUMINÁRIA DE LED PARA ILUMINAÇÃO PÚBLICA, DE 181 W ATÉ 239 W - FORNECIMENTO E INSTALAÇÃO. AF_08/2020","UN","ATRIBUÍDO SÃO PAULO",963.6,"CAIXA REFERENCIAL"]
["INSTALACAO ELETRICA/ELETRIFICACAO E ILUMINACAO EXTERNA","INEL","FORNECIMENTO DE MAT/MO P/ELETRIFICACAO E ILUMINACAO PUBLICA","0172","","",101660,"LUMINÁRIA DE LED PARA ILUMINAÇÃO PÚBLICA, DE 240 W ATÉ 350 W - FORNECIMENTO E INSTALAÇÃO. AF_08/2020","UN","ATRIBUÍDO SÃO PAULO",1545.7,"CAIXA REFERENCIAL"]
["INSTALACAO ELETRICA/ELETRIFICACAO E ILUMINACAO EXTERNA","INEL","FORNECIMENTO DE MAT/MO P/ELETRIFICACAO E ILUMINACAO PUBLICA","0172","","",101661,"SUBSTITUIÇÃO DE LUMINÁRIA DE VAPOR DE MERCÚRIO/VAPOR DE SÓDIO POR LUMINÁRIA DE LED PARA ILUMINAÇÃO PÚBLICA (NÃO INCLUI FORNECIMENTO). AF_08/2020","UN","ATRIBUÍDO SÃO PAULO",115.5,"CAIXA REFERENCIAL"]
["INSTALACAO ELETRICA/ELETRIFICACAO E ILUMINACAO EXTERNA","INEL","FORNECIMENTO DE MAT/MO P/ELETRIFICACAO E ILUMINACAO PUBLICA","0172","","",101663,"ABRAÇADEIRA DE FIXAÇÃO DE BRAÇOS DE LUMINÁRIAS DE 2\" - FORNECIMENTO E INSTALAÇÃO. AF_08/2020","UN","COEFICIENTE DE REPRESENTATIVIDADE",29.52,"CAIXA REFERENCIAL"]
["INSTALACAO ELETRICA/ELETRIFICACAO E ILUMINACAO EXTERNA","INEL","FORNECIMENTO DE MAT/MO P/ELETRIFICACAO E ILUMINACAO PUBLICA","0172","","",101664,"ABRAÇADEIRA DE FIXAÇÃO DE BRAÇOS DE LUMINÁRIAS DE 3\" - FORNECIMENTO E INSTALAÇÃO. AF_08/2020","UN","COEFICIENTE DE REPRESENTATIVIDADE",31.29,"CAIXA REFERENCIAL"]
["INSTALACAO ELETRICA/ELETRIFICACAO E ILUMINACAO EXTERNA","INEL","FORNECIMENTO DE MAT/MO P/ELETRIFICACAO E ILUMINACAO PUBLICA","0172","","",101665,"ABRAÇADEIRA DE FIXAÇÃO DE BRAÇOS DE LUMINÁRIAS DE 4\" - FORNECIMENTO E INSTALAÇÃO. AF_08/2020","UN","COEFICIENTE DE REPRESENTATIVIDADE",38.869999999999997,"CAIXA REFERENCIAL"]
["INSTALACAO ELETRICA/ELETRIFICACAO E ILUMINACAO EXTERNA","INEL","FORNECIMENTO DE MAT/MO P/ELETRIFICACAO E ILUMINACAO PUBLICA","0172","","",102085,"LUMINÁRIA ESTANQUE COM PROTEÇÃO CONTRA ÁGUA, POEIRA OU IMPACTOS - FORNECIMENTO E INSTALAÇÃO. AF_08/2020","UN","ATRIBUÍDO SÃO PAULO",197.02,"CAIXA REFERENCIAL"]
["INSTALACAO ELETRICA/ELETRIFICACAO E ILUMINACAO EXTERNA","INEL","POSTE DE CONCRETO","0173","","",100578,"ASSENTAMENTO DE POSTE DE CONCRETO COM COMPRIMENTO NOMINAL DE 9 M, CARGA NOMINAL MENOR OU IGUAL A 1000 DAN, ENGASTAMENTO SIMPLES COM 1,5 M DE SOLO (NÃO INCLUI FORNECIMENTO). AF_11/2019","UN","ATRIBUÍDO SÃO PAULO",434.12,"CAIXA REFERENCIAL"]
["INSTALACAO ELETRICA/ELETRIFICACAO E ILUMINACAO EXTERNA","INEL","POSTE DE CONCRETO","0173","","",100579,"ASSENTAMENTO DE POSTE DE CONCRETO COM COMPRIMENTO NOMINAL DE 10 M, CARGA NOMINAL MENOR OU IGUAL A 1000 DAN, ENGASTAMENTO SIMPLES COM 1,6 M DE SOLO (NÃO INCLUI FORNECIMENTO). AF_11/2019","UN","ATRIBUÍDO SÃO PAULO",475.7,"CAIXA REFERENCIAL"]
["INSTALACAO ELETRICA/ELETRIFICACAO E ILUMINACAO EXTERNA","INEL","POSTE DE CONCRETO","0173","","",100580,"ASSENTAMENTO DE POSTE DE CONCRETO COM COMPRIMENTO NOMINAL DE 10 M, CARGA NOMINAL MAIOR QUE 1000 DAN, ENGASTAMENTO SIMPLES COM 1,6 M DE SOLO (NÃO INCLUI FORNECIMENTO). AF_11/2019","UN","ATRIBUÍDO SÃO PAULO",521.29999999999995,"CAIXA REFERENCIAL"]
["INSTALACAO ELETRICA/ELETRIFICACAO E ILUMINACAO EXTERNA","INEL","POSTE DE CONCRETO","0173","","",100581,"ASSENTAMENTO DE POSTE DE CONCRETO COM COMPRIMENTO NOMINAL DE 10,5 M, CARGA NOMINAL MENOR OU IGUAL A 1000 DAN, ENGASTAMENTO SIMPLES COM 1,65 M DE SOLO (NÃO INCLUI FORNECIMENTO). AF_11/2019","UN","ATRIBUÍDO SÃO PAULO",496.27,"CAIXA REFERENCIAL"]
["INSTALACAO ELETRICA/ELETRIFICACAO E ILUMINACAO EXTERNA","INEL","POSTE DE CONCRETO","0173","","",100582,"ASSENTAMENTO DE POSTE DE CONCRETO COM COMPRIMENTO NOMINAL DE 10,5 M, CARGA NOMINAL MAIOR QUE 1000 DAN, ENGASTAMENTO SIMPLES COM 1,65 M DE SOLO (NÃO INCLUI FORNECIMENTO). AF_11/2019","UN","ATRIBUÍDO SÃO PAULO",578.37,"CAIXA REFERENCIAL"]
["INSTALACAO ELETRICA/ELETRIFICACAO E ILUMINACAO EXTERNA","INEL","POSTE DE CONCRETO","0173","","",100583,"ASSENTAMENTO DE POSTE DE CONCRETO COM COMPRIMENTO NOMINAL DE 11 M, CARGA NOMINAL MENOR OU IGUAL A 1000 DAN, ENGASTAMENTO SIMPLES COM 1,7 M DE SOLO (NÃO INCLUI FORNECIMENTO). AF_11/2019","UN","ATRIBUÍDO SÃO PAULO",518.38,"CAIXA REFERENCIAL"]
["INSTALACAO ELETRICA/ELETRIFICACAO E ILUMINACAO EXTERNA","INEL","POSTE DE CONCRETO","0173","","",100584,"ASSENTAMENTO DE POSTE DE CONCRETO COM COMPRIMENTO NOMINAL DE 11 M, CARGA NOMINAL MAIOR QUE 1000 DAN, ENGASTAMENTO SIMPLES COM 1,7 M DE SOLO (NÃO INCLUI FORNECIMENTO). AF_11/2019","UN","ATRIBUÍDO SÃO PAULO",567.79,"CAIXA REFERENCIAL"]
["INSTALACAO ELETRICA/ELETRIFICACAO E ILUMINACAO EXTERNA","INEL","POSTE DE CONCRETO","0173","","",100585,"ASSENTAMENTO DE POSTE DE CONCRETO COM COMPRIMENTO NOMINAL DE 12 M, CARGA NOMINAL MENOR OU IGUAL A 1000 DAN, ENGASTAMENTO SIMPLES COM 1,8 M DE SOLO (NÃO INCLUI FORNECIMENTO). AF_11/2019","UN","ATRIBUÍDO SÃO PAULO",561.27,"CAIXA REFERENCIAL"]
["INSTALACAO ELETRICA/ELETRIFICACAO E ILUMINACAO EXTERNA","INEL","POSTE DE CONCRETO","0173","","",100586,"ASSENTAMENTO DE POSTE DE CONCRETO COM COMPRIMENTO NOMINAL DE 12 M, CARGA NOMINAL MAIOR QUE 1000 DAN, ENGASTAMENTO SIMPLES COM 1,8 M DE SOLO (NÃO INCLUI FORNECIMENTO). AF_11/2019","UN","ATRIBUÍDO SÃO PAULO",640.09,"CAIXA REFERENCIAL"]
["INSTALACAO ELETRICA/ELETRIFICACAO E ILUMINACAO EXTERNA","INEL","POSTE DE CONCRETO","0173","","",100587,"ASSENTAMENTO DE POSTE DE CONCRETO COM COMPRIMENTO NOMINAL DE 13 M, CARGA NOMINAL MENOR OU IGUAL A 1000 DAN, ENGASTAMENTO SIMPLES COM 1,9 M DE SOLO (NÃO INCLUI FORNECIMENTO). AF_11/2019","UN","ATRIBUÍDO SÃO PAULO",605.71,"CAIXA REFERENCIAL"]
["INSTALACAO ELETRICA/ELETRIFICACAO E ILUMINACAO EXTERNA","INEL","POSTE DE CONCRETO","0173","","",100588,"ASSENTAMENTO DE POSTE DE CONCRETO COM COMPRIMENTO NOMINAL DE 13 M, CARGA NOMINAL MAIOR QUE 1000 DAN, ENGASTAMENTO SIMPLES COM 1,9 M DE SOLO (NÃO INCLUI FORNECIMENTO). AF_11/2019","UN","ATRIBUÍDO SÃO PAULO",666.98,"CAIXA REFERENCIAL"]
["INSTALACAO ELETRICA/ELETRIFICACAO E ILUMINACAO EXTERNA","INEL","POSTE DE CONCRETO","0173","","",100589,"ASSENTAMENTO DE POSTE DE CONCRETO COM COMPRIMENTO NOMINAL DE 13,5 M, CARGA NOMINAL MENOR OU IGUAL A 1000 DAN, ENGASTAMENTO SIMPLES COM 1,95 M DE SOLO (NÃO INCLUI FORNECIMENTO). AF_11/2019","UN","ATRIBUÍDO SÃO PAULO",670.2,"CAIXA REFERENCIAL"]
["INSTALACAO ELETRICA/ELETRIFICACAO E ILUMINACAO EXTERNA","INEL","POSTE DE CONCRETO","0173","","",100590,"ASSENTAMENTO DE POSTE DE CONCRETO COM COMPRIMENTO NOMINAL DE 13,5 M, CARGA NOMINAL MAIOR QUE 1000 DAN, ENGASTAMENTO SIMPLES COM 1,95 M DE SOLO (NÃO INCLUI FORNECIMENTO). AF_11/2019","UN","ATRIBUÍDO SÃO PAULO",730.6,"CAIXA REFERENCIAL"]
["INSTALACAO ELETRICA/ELETRIFICACAO E ILUMINACAO EXTERNA","INEL","POSTE DE CONCRETO","0173","","",100591,"ASSENTAMENTO DE POSTE DE CONCRETO COM COMPRIMENTO NOMINAL DE 14 M, CARGA NOMINAL MENOR OU IGUAL A 1000 DAN, ENGASTAMENTO SIMPLES COM 2 M DE SOLO (NÃO INCLUI FORNECIMENTO). AF_11/2019","UN","ATRIBUÍDO SÃO PAULO",666.3,"CAIXA REFERENCIAL"]
["INSTALACAO ELETRICA/ELETRIFICACAO E ILUMINACAO EXTERNA","INEL","POSTE DE CONCRETO","0173","","",100592,"ASSENTAMENTO DE POSTE DE CONCRETO COM COMPRIMENTO NOMINAL DE 14 M, CARGA NOMINAL MAIOR QUE 1000 DAN, ENGASTAMENTO SIMPLES COM 2 M DE SOLO (NÃO INCLUI FORNECIMENTO). AF_11/2019","UN","ATRIBUÍDO SÃO PAULO",716.39,"CAIXA REFERENCIAL"]
["INSTALACAO ELETRICA/ELETRIFICACAO E ILUMINACAO EXTERNA","INEL","POSTE DE CONCRETO","0173","","",100593,"ASSENTAMENTO DE POSTE DE CONCRETO COM COMPRIMENTO NOMINAL DE 15 M, CARGA NOMINAL MENOR OU IGUAL A 1000 DAN, ENGASTAMENTO SIMPLES COM 2,1 M DE SOLO (NÃO INCLUI FORNECIMENTO). AF_11/2019","UN","ATRIBUÍDO SÃO PAULO",713.49,"CAIXA REFERENCIAL"]
["INSTALACAO ELETRICA/ELETRIFICACAO E ILUMINACAO EXTERNA","INEL","POSTE DE CONCRETO","0173","","",100594,"ASSENTAMENTO DE POSTE DE CONCRETO COM COMPRIMENTO NOMINAL DE 15 M, CARGA NOMINAL MAIOR QUE 1000 DAN, ENGASTAMENTO SIMPLES COM 2,1 M DE SOLO (NÃO INCLUI FORNECIMENTO). AF_11/2019","UN","ATRIBUÍDO SÃO PAULO",798.53,"CAIXA REFERENCIAL"]
["INSTALACAO ELETRICA/ELETRIFICACAO E ILUMINACAO EXTERNA","INEL","POSTE DE CONCRETO","0173","","",100595,"ASSENTAMENTO DE POSTE DE CONCRETO COM COMPRIMENTO NOMINAL DE 18 M, CARGA NOMINAL MENOR OU IGUAL A 1000 DAN, ENGASTAMENTO SIMPLES COM 2,4 M DE SOLO (NÃO INCLUI FORNECIMENTO). AF_11/2019","UN","ATRIBUÍDO SÃO PAULO",855,"CAIXA REFERENCIAL"]
["INSTALACAO ELETRICA/ELETRIFICACAO E ILUMINACAO EXTERNA","INEL","POSTE DE CONCRETO","0173","","",100596,"ASSENTAMENTO DE POSTE DE CONCRETO COM COMPRIMENTO NOMINAL DE 18 M, CARGA NOMINAL MAIOR QUE 1000 DAN, ENGASTAMENTO SIMPLES COM 2,4 M DE SOLO (NÃO INCLUI FORNECIMENTO). AF_11/2019","UN","ATRIBUÍDO SÃO PAULO",969.87,"CAIXA REFERENCIAL"]
["INSTALACAO ELETRICA/ELETRIFICACAO E ILUMINACAO EXTERNA","INEL","POSTE DE CONCRETO","0173","","",100597,"ASSENTAMENTO DE POSTE DE CONCRETO COM COMPRIMENTO NOMINAL DE 20 M, CARGA NOMINAL MENOR OU IGUAL A 1000 DAN, ENGASTAMENTO SIMPLES COM 2,6 M DE SOLO (NÃO INCLUI FORNECIMENTO). AF_11/2019","UN","ATRIBUÍDO SÃO PAULO",988.36,"CAIXA REFERENCIAL"]
["INSTALACAO ELETRICA/ELETRIFICACAO E ILUMINACAO EXTERNA","INEL","POSTE DE CONCRETO","0173","","",100598,"ASSENTAMENTO DE POSTE DE CONCRETO COM COMPRIMENTO NOMINAL DE 20 M, CARGA NOMINAL MAIOR QUE 1000, ENGASTAMENTO SIMPLES COM 2,6 M DE SOLO (NÃO INCLUI FORNECIMENTO). AF_11/2019","UN","ATRIBUÍDO SÃO PAULO",1083.0899999999999,"CAIXA REFERENCIAL"]
["INSTALACAO ELETRICA/ELETRIFICACAO E ILUMINACAO EXTERNA","INEL","POSTE DE CONCRETO","0173","","",100599,"ASSENTAMENTO DE POSTE DE CONCRETO COM COMPRIMENTO NOMINAL DE 9 M, CARGA NOMINAL DE 150 DAN, ENGASTAMENTO BASE CONCRETADA COM 1 M DE CONCRETO E 0,5 M DE SOLO (NÃO INCLUI FORNECIMENTO). AF_11/2019","UN","ATRIBUÍDO SÃO PAULO",458.56,"CAIXA REFERENCIAL"]
["INSTALACAO ELETRICA/ELETRIFICACAO E ILUMINACAO EXTERNA","INEL","POSTE DE CONCRETO","0173","","",100600,"ASSENTAMENTO DE POSTE DE CONCRETO COM COMPRIMENTO NOMINAL DE 9 M, CARGA NOMINAL DE 300 DAN, ENGASTAMENTO BASE CONCRETADA COM 1 M DE CONCRETO E 0,5 M DE SOLO (NÃO INCLUI FORNECIMENTO). AF_11/2019","UN","ATRIBUÍDO SÃO PAULO",550.39,"CAIXA REFERENCIAL"]
["INSTALACAO ELETRICA/ELETRIFICACAO E ILUMINACAO EXTERNA","INEL","POSTE DE CONCRETO","0173","","",100601,"ASSENTAMENTO DE POSTE DE CONCRETO COM COMPRIMENTO NOMINAL DE 9 M, CARGA NOMINAL DE 400 DAN, ENGASTAMENTO BASE CONCRETADA COM 1 M DE CONCRETO E 0,5 M DE SOLO (NÃO INCLUI FORNECIMENTO). AF_11/2019","UN","ATRIBUÍDO SÃO PAULO",708.13,"CAIXA REFERENCIAL"]
["INSTALACAO ELETRICA/ELETRIFICACAO E ILUMINACAO EXTERNA","INEL","POSTE DE CONCRETO","0173","","",100602,"ASSENTAMENTO DE POSTE DE CONCRETO COM COMPRIMENTO NOMINAL DE 9 M, CARGA NOMINAL DE 600 DAN, ENGASTAMENTO BASE CONCRETADA COM 1 M DE CONCRETO E 0,5 M DE SOLO (NÃO INCLUI FORNECIMENTO). AF_11/2019","UN","ATRIBUÍDO SÃO PAULO",904.87,"CAIXA REFERENCIAL"]
["INSTALACAO ELETRICA/ELETRIFICACAO E ILUMINACAO EXTERNA","INEL","POSTE DE CONCRETO","0173","","",100603,"ASSENTAMENTO DE POSTE DE CONCRETO COM COMPRIMENTO NOMINAL DE 9 M, CARGA NOMINAL DE 1000 DAN, ENGASTAMENTO BASE CONCRETADA COM 1 M DE CONCRETO E 0,5 M DE SOLO (NÃO INCLUI FORNECIMENTO). AF_11/2019","UN","ATRIBUÍDO SÃO PAULO",1410.06,"CAIXA REFERENCIAL"]
["INSTALACAO ELETRICA/ELETRIFICACAO E ILUMINACAO EXTERNA","INEL","POSTE DE CONCRETO","0173","","",100604,"ASSENTAMENTO DE POSTE DE CONCRETO COM COMPRIMENTO NOMINAL DE 10 M, CARGA NOMINAL DE 300 DAN, ENGASTAMENTO BASE CONCRETADA COM 1 M DE CONCRETO E 0,6 M DE SOLO (NÃO INCLUI FORNECIMENTO). AF_11/2019","UN","ATRIBUÍDO SÃO PAULO",582.53,"CAIXA REFERENCIAL"]
["INSTALACAO ELETRICA/ELETRIFICACAO E ILUMINACAO EXTERNA","INEL","POSTE DE CONCRETO","0173","","",100605,"ASSENTAMENTO DE POSTE DE CONCRETO COM COMPRIMENTO NOMINAL DE 10 M, CARGA NOMINAL DE 600 DAN, ENGASTAMENTO BASE CONCRETADA COM 1 M DE CONCRETO E 0,6 M DE SOLO (NÃO INCLUI FORNECIMENTO). AF_11/2019","UN","ATRIBUÍDO SÃO PAULO",945.17,"CAIXA REFERENCIAL"]
["INSTALACAO ELETRICA/ELETRIFICACAO E ILUMINACAO EXTERNA","INEL","POSTE DE CONCRETO","0173","","",100606,"ASSENTAMENTO DE POSTE DE CONCRETO COM COMPRIMENTO NOMINAL DE 10 M, CARGA NOMINAL DE 1000 DAN, ENGASTAMENTO BASE CONCRETADA COM 1 M DE CONCRETO E 0,6 M DE SOLO (NÃO INCLUI FORNECIMENTO). AF_11/2019","UN","ATRIBUÍDO SÃO PAULO",1460.84,"CAIXA REFERENCIAL"]
["INSTALACAO ELETRICA/ELETRIFICACAO E ILUMINACAO EXTERNA","INEL","POSTE DE CONCRETO","0173","","",100607,"ASSENTAMENTO DE POSTE DE CONCRETO COM COMPRIMENTO NOMINAL DE 10,5 M, CARGA NOMINAL DE 300 DAN, ENGASTAMENTO BASE CONCRETADA COM 1 M DE CONCRETO E 0,65 M DE SOLO (NÃO INCLUI FORNECIMENTO). AF_11/2019","UN","ATRIBUÍDO SÃO PAULO",597.65,"CAIXA REFERENCIAL"]
["INSTALACAO ELETRICA/ELETRIFICACAO E ILUMINACAO EXTERNA","INEL","POSTE DE CONCRETO","0173","","",100608,"ASSENTAMENTO DE POSTE DE CONCRETO COM COMPRIMENTO NOMINAL DE 10,5 M, CARGA NOMINAL DE 600 DAN, ENGASTAMENTO BASE CONCRETADA COM 1 M DE CONCRETO E 0,65 M DE SOLO (NÃO INCLUI FORNECIMENTO). AF_11/2019","UN","ATRIBUÍDO SÃO PAULO",964.99,"CAIXA REFERENCIAL"]
["INSTALACAO ELETRICA/ELETRIFICACAO E ILUMINACAO EXTERNA","INEL","POSTE DE CONCRETO","0173","","",100609,"ASSENTAMENTO DE POSTE DE CONCRETO COM COMPRIMENTO NOMINAL DE 10,5 M, CARGA NOMINAL DE 1000 DAN, ENGASTAMENTO BASE CONCRETADA COM 1 M DE CONCRETO E 0,65 M DE SOLO (NÃO INCLUI FORNECIMENTO). AF_11/2019","UN","ATRIBUÍDO SÃO PAULO",1488.08,"CAIXA REFERENCIAL"]
["INSTALACAO ELETRICA/ELETRIFICACAO E ILUMINACAO EXTERNA","INEL","POSTE DE CONCRETO","0173","","",100610,"ASSENTAMENTO DE POSTE DE CONCRETO COM COMPRIMENTO NOMINAL DE 11 M, CARGA NOMINAL DE 300 DAN, ENGASTAMENTO BASE CONCRETADA COM 1 M DE CONCRETO E 0,7 M DE SOLO (NÃO INCLUI FORNECIMENTO). AF_11/2019","UN","ATRIBUÍDO SÃO PAULO",612.76,"CAIXA REFERENCIAL"]
["INSTALACAO ELETRICA/ELETRIFICACAO E ILUMINACAO EXTERNA","INEL","POSTE DE CONCRETO","0173","","",100611,"ASSENTAMENTO DE POSTE DE CONCRETO COM COMPRIMENTO NOMINAL DE 11 M, CARGA NOMINAL DE 400 DAN, ENGASTAMENTO BASE CONCRETADA COM 1 M DE CONCRETO E 0,7 M DE SOLO (NÃO INCLUI FORNECIMENTO). AF_11/2019","UN","ATRIBUÍDO SÃO PAULO",777.72,"CAIXA REFERENCIAL"]
["INSTALACAO ELETRICA/ELETRIFICACAO E ILUMINACAO EXTERNA","INEL","POSTE DE CONCRETO","0173","","",100612,"ASSENTAMENTO DE POSTE DE CONCRETO COM COMPRIMENTO NOMINAL DE 11 M, CARGA NOMINAL DE 600 DAN, ENGASTAMENTO BASE CONCRETADA COM 1 M DE CONCRETO E 0,7 M DE SOLO (NÃO INCLUI FORNECIMENTO). AF_11/2019","UN","ATRIBUÍDO SÃO PAULO",984.42,"CAIXA REFERENCIAL"]
["INSTALACAO ELETRICA/ELETRIFICACAO E ILUMINACAO EXTERNA","INEL","POSTE DE CONCRETO","0173","","",100613,"ASSENTAMENTO DE POSTE DE CONCRETO COM COMPRIMENTO NOMINAL DE 11 M, CARGA NOMINAL DE 1000 DAN, ENGASTAMENTO BASE CONCRETADA COM 1 M DE CONCRETO E 0,7 M DE SOLO (NÃO INCLUI FORNECIMENTO). AF_11/2019","UN","ATRIBUÍDO SÃO PAULO",1514.59,"CAIXA REFERENCIAL"]
["INSTALACAO ELETRICA/ELETRIFICACAO E ILUMINACAO EXTERNA","INEL","POSTE DE CONCRETO","0173","","",100614,"ASSENTAMENTO DE POSTE DE CONCRETO COM COMPRIMENTO NOMINAL DE 12 M, CARGA NOMINAL DE 400 DAN, ENGASTAMENTO BASE CONCRETADA COM 1 M DE CONCRETO E 0,8 M DE SOLO (NÃO INCLUI FORNECIMENTO). AF_11/2019","UN","ATRIBUÍDO SÃO PAULO",811.83,"CAIXA REFERENCIAL"]
["INSTALACAO ELETRICA/ELETRIFICACAO E ILUMINACAO EXTERNA","INEL","POSTE DE CONCRETO","0173","","",100615,"ASSENTAMENTO DE POSTE DE CONCRETO COM COMPRIMENTO NOMINAL DE 12 M, CARGA NOMINAL DE 600 DAN, ENGASTAMENTO BASE CONCRETADA COM 1 M DE CONCRETO E 0,8 M DE SOLO (NÃO INCLUI FORNECIMENTO). AF_11/2019","UN","ATRIBUÍDO SÃO PAULO",1022.9,"CAIXA REFERENCIAL"]
["INSTALACAO ELETRICA/ELETRIFICACAO E ILUMINACAO EXTERNA","INEL","POSTE DE CONCRETO","0173","","",100616,"ASSENTAMENTO DE POSTE DE CONCRETO COM COMPRIMENTO NOMINAL DE 12 M, CARGA NOMINAL DE 1000 DAN, ENGASTAMENTO BASE CONCRETADA COM 1 M DE CONCRETO E 0,8 M DE SOLO (NÃO INCLUI FORNECIMENTO). AF_11/2019","UN","ATRIBUÍDO SÃO PAULO",1570.44,"CAIXA REFERENCIAL"]
["INSTALACAO ELETRICA/ELETRIFICACAO E ILUMINACAO EXTERNA","INEL","POSTE DE CONCRETO","0173","","",100617,"ASSENTAMENTO DE POSTE DE CONCRETO COM COMPRIMENTO NOMINAL DE 13 M, CARGA NOMINAL DE 600 DAN, ENGASTAMENTO BASE CONCRETADA COM 1 M DE CONCRETO E 0,9 M DE SOLO (NÃO INCLUI FORNECIMENTO). AF_11/2019","UN","ATRIBUÍDO SÃO PAULO",1061.1600000000001,"CAIXA REFERENCIAL"]
["INSTALACAO ELETRICA/ELETRIFICACAO E ILUMINACAO EXTERNA","INEL","POSTE DE CONCRETO","0173","","",100618,"ASSENTAMENTO DE POSTE DE CONCRETO COM COMPRIMENTO NOMINAL DE 13 M, CARGA NOMINAL DE 1000 DAN, ENGASTAMENTO BASE CONCRETADA COM 1 M DE CONCRETO E 0,9 M DE SOLO - SOMENTE INSTALAÇÃO, SEM FORNECIMENTO. AF_11/2019","UN","ATRIBUÍDO SÃO PAULO",1632.41,"CAIXA REFERENCIAL"]
["INSTALACAO ELETRICA/ELETRIFICACAO E ILUMINACAO EXTERNA","INEL","POSTE METALICO","0174","","",100619,"POSTE DECORATIVO PARA JARDIM EM AÇO TUBULAR, H = *2,5* M, SEM LUMINÁRIA - FORNECIMENTO E INSTALAÇÃO. AF_11/2019","UN","ATRIBUÍDO SÃO PAULO",622.89,"CAIXA REFERENCIAL"]
["INSTALACAO ELETRICA/ELETRIFICACAO E ILUMINACAO EXTERNA","INEL","POSTE METALICO","0174","","",100620,"POSTE DE AÇO CONICO CONTÍNUO CURVO SIMPLES, FLANGEADO, H=9M, INCLUSIVE LUMINÁRIA, SEM LÂMPADA - FORNECIMENTO E INSTALACAO. AF_11/2019","UN","ATRIBUÍDO SÃO PAULO",2975.52,"CAIXA REFERENCIAL"]
["INSTALACAO ELETRICA/ELETRIFICACAO E ILUMINACAO EXTERNA","INEL","POSTE METALICO","0174","","",100621,"POSTE DE AÇO CONICO CONTÍNUO CURVO DUPLO, FLANGEADO, H=9M, INCLUSIVE LUMINÁRIAS, SEM LÂMPADAS - FORNECIMENTO E INSTALACAO. AF_11/2019","UN","ATRIBUÍDO SÃO PAULO",3444.13,"CAIXA REFERENCIAL"]
["INSTALACAO ELETRICA/ELETRIFICACAO E ILUMINACAO EXTERNA","INEL","POSTE METALICO","0174","","",100622,"POSTE DE AÇO CONICO CONTÍNUO CURVO SIMPLES, ENGASTADO, H=9M, INCLUSIVE LUMINÁRIA, SEM LÂMPADA - FORNECIMENTO E INSTALACAO. AF_11/2019","UN","ATRIBUÍDO SÃO PAULO",2499.65,"CAIXA REFERENCIAL"]
["INSTALACAO ELETRICA/ELETRIFICACAO E ILUMINACAO EXTERNA","INEL","POSTE METALICO","0174","","",100623,"POSTE DE AÇO CONICO CONTÍNUO CURVO DUPLO, ENGASTADO, H=9M, INCLUSIVE LUMINÁRIAS, SEM LÂMPADAS - FORNECIMENTO E INSTALACAO. AF_11/2019","UN","ATRIBUÍDO SÃO PAULO",2685.5,"CAIXA REFERENCIAL"]
["INSTALACAO ELETRICA/ELETRIFICACAO E ILUMINACAO EXTERNA","INEL","LUMINARIA EXTERNA","0175","","",97600,"REFLETOR EM ALUMÍNIO, DE SUPORTE E ALÇA, COM 1 LÂMPADA VAPOR DE MERCÚRIO DE 125 W, COM REATOR ALTO FATOR DE POTÊNCIA - FORNECIMENTO E INSTALAÇÃO. AF_02/2020","UN","ATRIBUÍDO SÃO PAULO",349.45,"CAIXA REFERENCIAL"]
["INSTALACAO ELETRICA/ELETRIFICACAO E ILUMINACAO EXTERNA","INEL","LUMINARIA EXTERNA","0175","","",97601,"REFLETOR EM ALUMÍNIO, DE SUPORTE E ALÇA, COM LÂMPADA VAPOR DE MERCÚRIO DE 250 W, COM REATOR ALTO FATOR DE POTÊNCIA - FORNECIMENTO E INSTALAÇÃO. AF_02/2020","UN","ATRIBUÍDO SÃO PAULO",369.15,"CAIXA REFERENCIAL"]
["INSTALACAO ELETRICA/ELETRIFICACAO E ILUMINACAO EXTERNA","INEL","LUMINARIA EXTERNA","0175","","",97605,"LUMINÁRIA ARANDELA TIPO MEIA LUA, DE SOBREPOR, COM 1 LÂMPADA LED DE 6 W, SEM REATOR - FORNECIMENTO E INSTALAÇÃO. AF_02/2020","UN","ATRIBUÍDO SÃO PAULO",92.11,"CAIXA REFERENCIAL"]
["INSTALACAO ELETRICA/ELETRIFICACAO E ILUMINACAO EXTERNA","INEL","LUMINARIA EXTERNA","0175","","",97606,"LUMINÁRIA ARANDELA TIPO MEIA LUA, DE SOBREPOR, COM 1 LÂMPADA FLUORESCENTE DE 15 W, SEM REATOR - FORNECIMENTO E INSTALAÇÃO. AF_02/2020","UN","ATRIBUÍDO SÃO PAULO",100.02,"CAIXA REFERENCIAL"]
["INSTALACAO ELETRICA/ELETRIFICACAO E ILUMINACAO EXTERNA","INEL","LUMINARIA EXTERNA","0175","","",97607,"LUMINÁRIA ARANDELA TIPO TARTARUGA, DE SOBREPOR, COM 1 LÂMPADA LED DE 6 W, SEM REATOR - FORNECIMENTO E INSTALAÇÃO. AF_02/2020","UN","ATRIBUÍDO SÃO PAULO",111,"CAIXA REFERENCIAL"]
["INSTALACAO ELETRICA/ELETRIFICACAO E ILUMINACAO EXTERNA","INEL","LUMINARIA EXTERNA","0175","","",97608,"LUMINÁRIA ARANDELA TIPO TARTARUGA, COM GRADE, DE SOBREPOR, COM 1 LÂMPADA FLUORESCENTE DE 15 W, SEM REATOR - FORNECIMENTO E INSTALAÇÃO. AF_02/2020","UN","ATRIBUÍDO SÃO PAULO",118.91,"CAIXA REFERENCIAL"]
["INSTALACAO ELETRICA/ELETRIFICACAO E ILUMINACAO EXTERNA","INEL","TRANSFORMADORES","0176","","",102102,"TRANSFORMADOR DE DISTRIBUIÇÃO, 30 KVA, TRIFÁSICO, 60 HZ, CLASSE 15 KV, IMERSO EM ÓLEO MINERAL, INSTALAÇÃO EM POSTE (NÃO INCLUSO SUPORTE) - FORNECIMENTO E INSTALAÇÃO. AF_12/2020","UN","ATRIBUÍDO SÃO PAULO",10615.7,"CAIXA REFERENCIAL"]
["INSTALACAO ELETRICA/ELETRIFICACAO E ILUMINACAO EXTERNA","INEL","TRANSFORMADORES","0176","","",102103,"TRANSFORMADOR DE DISTRIBUIÇÃO, 45 KVA, TRIFÁSICO, 60 HZ, CLASSE 15 KV, IMERSO EM ÓLEO MINERAL, INSTALAÇÃO EM POSTE (NÃO INCLUSO SUPORTE) - FORNECIMENTO E INSTALAÇÃO. AF_12/2020","UN","ATRIBUÍDO SÃO PAULO",11816.73,"CAIXA REFERENCIAL"]
["INSTALACAO ELETRICA/ELETRIFICACAO E ILUMINACAO EXTERNA","INEL","TRANSFORMADORES","0176","","",102104,"TRANSFORMADOR DE DISTRIBUIÇÃO, 75 KVA, TRIFÁSICO, 60 HZ, CLASSE 15 KV, IMERSO EM ÓLEO MINERAL, INSTALAÇÃO EM POSTE (NÃO INCLUSO SUPORTE) - FORNECIMENTO E INSTALAÇÃO. AF_12/2020","UN","ATRIBUÍDO SÃO PAULO",15165.72,"CAIXA REFERENCIAL"]
["INSTALACAO ELETRICA/ELETRIFICACAO E ILUMINACAO EXTERNA","INEL","TRANSFORMADORES","0176","","",102105,"TRANSFORMADOR DE DISTRIBUIÇÃO, 112,5 KVA, TRIFÁSICO, 60 HZ, CLASSE 15 KV, IMERSO EM ÓLEO MINERAL, INSTALAÇÃO EM POSTE (NÃO INCLUSO SUPORTE) - FORNECIMENTO E INSTALAÇÃO. AF_12/2020","UN","ATRIBUÍDO SÃO PAULO",18645.45,"CAIXA REFERENCIAL"]
["INSTALACAO ELETRICA/ELETRIFICACAO E ILUMINACAO EXTERNA","INEL","TRANSFORMADORES","0176","","",102106,"TRANSFORMADOR DE DISTRIBUIÇÃO, 150 KVA, TRIFÁSICO, 60 HZ, CLASSE 15 KV, IMERSO EM ÓLEO MINERAL, INSTALAÇÃO EM POSTE (NÃO INCLUSO SUPORTE) - FORNECIMENTO E INSTALAÇÃO. AF_12/2020","UN","ATRIBUÍDO SÃO PAULO",23395.200000000001,"CAIXA REFERENCIAL"]
["INSTALACAO ELETRICA/ELETRIFICACAO E ILUMINACAO EXTERNA","INEL","TRANSFORMADORES","0176","","",102107,"TRANSFORMADOR DE DISTRIBUIÇÃO, 225 KVA, TRIFÁSICO, 60 HZ, CLASSE 15 KV, IMERSO EM ÓLEO MINERAL, INSTALAÇÃO EM POSTE (NÃO INCLUSO SUPORTE) - FORNECIMENTO E INSTALAÇÃO. AF_12/2020","UN","ATRIBUÍDO SÃO PAULO",32655.78,"CAIXA REFERENCIAL"]
["INSTALACAO ELETRICA/ELETRIFICACAO E ILUMINACAO EXTERNA","INEL","TRANSFORMADORES","0176","","",102108,"TRANSFORMADOR DE DISTRIBUIÇÃO, 300 KVA, TRIFÁSICO, 60 HZ, CLASSE 15 KV, IMERSO EM ÓLEO MINERAL, INSTALAÇÃO EM POSTE (NÃO INCLUSO SUPORTE) - FORNECIMENTO E INSTALAÇÃO. AF_12/2020","UN","ATRIBUÍDO SÃO PAULO",38032.120000000003,"CAIXA REFERENCIAL"]
["INSTALACAO ELETRICA/ELETRIFICACAO E ILUMINACAO EXTERNA","INEL","TRANSFORMADORES","0176","","",102109,"SUPORTE PARA TRANSFORMADOR EM POSTE DE CONCRETO CIRCULAR - FORNECIMENTO E INSTALAÇÃO. AF_12/2020","UN","ATRIBUÍDO SÃO PAULO",52.26,"CAIXA REFERENCIAL"]
["INSTALACAO ELETRICA/ELETRIFICACAO E ILUMINACAO EXTERNA","INEL","TRANSFORMADORES","0176","","",102110,"SUPORTE PARA TRANSFORMADOR EM POSTE DE CONCRETO DUPLO T - FORNECIMENTO E INSTALAÇÃO. AF_12/2020","UN","ATRIBUÍDO SÃO PAULO",157.16,"CAIXA REFERENCIAL"]
["INSTALACAO ELETRICA/ELETRIFICACAO E ILUMINACAO EXTERNA","INEL","TRANSFORMADORES","0176","","",103654,"TRANSFORMADOR DE DISTRIBUIÇÃO, 500KVA, TRIFÁSICO, 60 HZ, CLASSE 15 KV, IMERSO EM ÓLEO MINERAL, INSTALAÇÃO EM SOLO (NÃO INCLUSO ABRIGO) - FORNECIMENTO E INSTALAÇÃO. AF_02/2022","UN","ATRIBUÍDO SÃO PAULO",61598.28,"CAIXA REFERENCIAL"]
["INSTALACAO ELETRICA/ELETRIFICACAO E ILUMINACAO EXTERNA","INEL","TRANSFORMADORES","0176","","",103655,"TRANSFORMADOR DE DISTRIBUIÇÃO, 750 KVA, TRIFÁSICO, 60 HZ, CLASSE 15 KV, IMERSO EM ÓLEO MINERAL, INSTALAÇÃO EM SOLO (NÃO INCLUSO ABRIGO) - FORNECIMENTO E INSTALAÇÃO. AF_02/2022","UN","ATRIBUÍDO SÃO PAULO",84391.27,"CAIXA REFERENCIAL"]
["INSTALACAO ELETRICA/ELETRIFICACAO E ILUMINACAO EXTERNA","INEL","TRANSFORMADORES","0176","","",103656,"TRANSFORMADOR DE DISTRIBUIÇÃO, 1000 KVA, TRIFÁSICO, 60 HZ, CLASSE 15 KV, IMERSO EM ÓLEO MINERAL, INSTALAÇÃO EM SOLO (NÃO INCLUSO ABRIGO) - FORNECIMENTO E INSTALAÇÃO. AF_02/2022","UN","ATRIBUÍDO SÃO PAULO",118005.13,"CAIXA REFERENCIAL"]
["INSTALACAO ELETRICA/ELETRIFICACAO E ILUMINACAO EXTERNA","INEL","SISTEMAS DE PROTECAO/ATERRAMENTO","0243","","",96973,"CORDOALHA DE COBRE NU 35 MM², NÃO ENTERRADA, COM ISOLADOR - FORNECIMENTO E INSTALAÇÃO. AF_08/2023","M","ATRIBUÍDO SÃO PAULO",61.85,"CAIXA REFERENCIAL"]
["INSTALACAO ELETRICA/ELETRIFICACAO E ILUMINACAO EXTERNA","INEL","SISTEMAS DE PROTECAO/ATERRAMENTO","0243","","",96974,"CORDOALHA DE COBRE NU 50 MM², NÃO ENTERRADA, COM ISOLADOR - FORNECIMENTO E INSTALAÇÃO. AF_08/2023","M","ATRIBUÍDO SÃO PAULO",79.19,"CAIXA REFERENCIAL"]
["INSTALACAO ELETRICA/ELETRIFICACAO E ILUMINACAO EXTERNA","INEL","SISTEMAS DE PROTECAO/ATERRAMENTO","0243","","",96975,"CORDOALHA DE COBRE NU 70 MM², NÃO ENTERRADA, COM ISOLADOR - FORNECIMENTO E INSTALAÇÃO. AF_08/2023","M","ATRIBUÍDO SÃO PAULO",97.43,"CAIXA REFERENCIAL"]
["INSTALACAO ELETRICA/ELETRIFICACAO E ILUMINACAO EXTERNA","INEL","SISTEMAS DE PROTECAO/ATERRAMENTO","0243","","",96976,"CORDOALHA DE COBRE NU 95 MM², NÃO ENTERRADA, COM ISOLADOR - FORNECIMENTO E INSTALAÇÃO. AF_08/2023","M","ATRIBUÍDO SÃO PAULO",127.51,"CAIXA REFERENCIAL"]
["INSTALACAO ELETRICA/ELETRIFICACAO E ILUMINACAO EXTERNA","INEL","SISTEMAS DE PROTECAO/ATERRAMENTO","0243","","",96977,"CORDOALHA DE COBRE NU 50 MM², ENTERRADA - FORNECIMENTO E INSTALAÇÃO. AF_08/2023","M","COEFICIENTE DE REPRESENTATIVIDADE",48.55,"CAIXA REFERENCIAL"]
["INSTALACAO ELETRICA/ELETRIFICACAO E ILUMINACAO EXTERNA","INEL","SISTEMAS DE PROTECAO/ATERRAMENTO","0243","","",96978,"CORDOALHA DE COBRE NU 70 MM², ENTERRADA - FORNECIMENTO E INSTALAÇÃO. AF_08/2023","M","COEFICIENTE DE REPRESENTATIVIDADE",63.97,"CAIXA REFERENCIAL"]
["INSTALACAO ELETRICA/ELETRIFICACAO E ILUMINACAO EXTERNA","INEL","SISTEMAS DE PROTECAO/ATERRAMENTO","0243","","",96979,"CORDOALHA DE COBRE NU 95 MM², ENTERRADA - FORNECIMENTO E INSTALAÇÃO. AF_08/2023","M","COEFICIENTE DE REPRESENTATIVIDADE",91.48,"CAIXA REFERENCIAL"]
["INSTALACAO ELETRICA/ELETRIFICACAO E ILUMINACAO EXTERNA","INEL","SISTEMAS DE PROTECAO/ATERRAMENTO","0243","","",96984,"ELETRODUTO PVC RÍGIDO, DIÂMETRO 40MM, COM 3 METROS, PARA SPDA - FORNECIMENTO E INSTALAÇÃO. AF_08/2023","UN","COEFICIENTE DE REPRESENTATIVIDADE",55.52,"CAIXA REFERENCIAL"]
["INSTALACAO ELETRICA/ELETRIFICACAO E ILUMINACAO EXTERNA","INEL","SISTEMAS DE PROTECAO/ATERRAMENTO","0243","","",96985,"HASTE DE ATERRAMENTO, DIÂMETRO 5/8\", COM 3 METROS - FORNECIMENTO E INSTALAÇÃO. AF_08/2023","UN","COEFICIENTE DE REPRESENTATIVIDADE",126.48,"CAIXA REFERENCIAL"]
["INSTALACAO ELETRICA/ELETRIFICACAO E ILUMINACAO EXTERNA","INEL","SISTEMAS DE PROTECAO/ATERRAMENTO","0243","","",96986,"HASTE DE ATERRAMENTO, DIÂMETRO 3/4\", COM 3 METROS - FORNECIMENTO E INSTALAÇÃO. AF_08/2023","UN","COEFICIENTE DE REPRESENTATIVIDADE",188.12,"CAIXA REFERENCIAL"]
["INSTALACAO ELETRICA/ELETRIFICACAO E ILUMINACAO EXTERNA","INEL","SISTEMAS DE PROTECAO/ATERRAMENTO","0243","","",96987,"BASE METÁLICA PARA MASTRO 1 ½\"  PARA SPDA - FORNECIMENTO E INSTALAÇÃO. AF_08/2023","UN","ATRIBUÍDO SÃO PAULO",124.11,"CAIXA REFERENCIAL"]
["INSTALACAO ELETRICA/ELETRIFICACAO E ILUMINACAO EXTERNA","INEL","SISTEMAS DE PROTECAO/ATERRAMENTO","0243","","",96988,"MASTRO 1 ½\", COM 3 METROS, PARA SPDA - FORNECIMENTO E INSTALAÇÃO. AF_08/2023","UN","ATRIBUÍDO SÃO PAULO",179.02,"CAIXA REFERENCIAL"]
["INSTALACAO ELETRICA/ELETRIFICACAO E ILUMINACAO EXTERNA","INEL","SISTEMAS DE PROTECAO/ATERRAMENTO","0243","","",96989,"CAPTOR TIPO FRANKLIN PARA SPDA - FORNECIMENTO E INSTALAÇÃO. AF_08/2023","UN","ATRIBUÍDO SÃO PAULO",149.91,"CAIXA REFERENCIAL"]
["INSTALACAO ELETRICA/ELETRIFICACAO E ILUMINACAO EXTERNA","INEL","SISTEMAS DE PROTECAO/ATERRAMENTO","0243","","",98463,"SUPORTE ISOLADOR PARA FIXAÇÃO DA CORDOALHA DE COBRE EM ALVENARIA OU CONCRETO - FORNECIMENTO E INSTALAÇÃO. AF_08/2023","UN","ATRIBUÍDO SÃO PAULO",25.62,"CAIXA REFERENCIAL"]
["INSTALACAO ELETRICA/ELETRIFICACAO E ILUMINACAO EXTERNA","INEL","SISTEMAS DE PROTECAO/ATERRAMENTO","0243","","",104746,"MINI CAPTOR PARA SPDA - FORNECIMENTO E INSTALAÇÃO. AF_08/2023","UN","ATRIBUÍDO SÃO PAULO",28.12,"CAIXA REFERENCIAL"]
["INSTALACAO ELETRICA/ELETRIFICACAO E ILUMINACAO EXTERNA","INEL","SISTEMAS DE PROTECAO/ATERRAMENTO","0243","","",104749,"CONECTOR GRAMPO METÁLICO TIPO OLHAL, PARA SPDA, PARA HASTE DE ATERRAMENTO DE 3/4'' E CABOS DE 10 A 50 MM2 - FORNECIMENTO E INSTALAÇÃO. AF_08/2023","UN","COEFICIENTE DE REPRESENTATIVIDADE",26.38,"CAIXA REFERENCIAL"]
["INSTALACAO ELETRICA/ELETRIFICACAO E ILUMINACAO EXTERNA","INEL","SISTEMAS DE PROTECAO/ATERRAMENTO","0243","","",104750,"CONECTOR GRAMPO METÁLICO TIPO OLHAL, PARA SPDA, PARA HASTE DE ATERRAMENTO DE 5/8'' E CABOS DE 10 A 50 MM2 - FORNECIMENTO E INSTALAÇÃO. AF_08/2023","UN","COEFICIENTE DE REPRESENTATIVIDADE",19.71,"CAIXA REFERENCIAL"]
["INSTALACAO ELETRICA/ELETRIFICACAO E ILUMINACAO EXTERNA","INEL","SISTEMAS DE PROTECAO/ATERRAMENTO","0243","","",104751,"CONECTOR GRAMPO PARALELO METÁLICO, PARA SPDA, PARA CABOS DE 6 A 50 MM2 - FORNECIMENTO E INSTALAÇÃO. AF_08/2023","UN","COEFICIENTE DE REPRESENTATIVIDADE",31.16,"CAIXA REFERENCIAL"]
["INSTALACAO ELETRICA/ELETRIFICACAO E ILUMINACAO EXTERNA","INEL","SISTEMAS DE PROTECAO/ATERRAMENTO","0243","","",104752,"CONECTOR SPLIT-BOLT, PARA SPDA, PARA CABOS ATÉ 35 MM2 - FORNECIMENTO E INSTALAÇÃO. AF_08/2023","UN","COEFICIENTE DE REPRESENTATIVIDADE",22.62,"CAIXA REFERENCIAL"]
["INSTALACAO ELETRICA/ELETRIFICACAO E ILUMINACAO EXTERNA","INEL","SISTEMAS DE PROTECAO/ATERRAMENTO","0243","","",104753,"CONECTOR SPLIT-BOLT, PARA SPDA, PARA CABOS ATÉ 50 MM2 - FORNECIMENTO E INSTALAÇÃO. AF_08/2023","UN","COEFICIENTE DE REPRESENTATIVIDADE",28.17,"CAIXA REFERENCIAL"]
["INSTALACAO ELETRICA/ELETRIFICACAO E ILUMINACAO EXTERNA","INEL","SISTEMAS DE PROTECAO/ATERRAMENTO","0243","","",104754,"CONECTOR SPLIT-BOLT, PARA SPDA, PARA CABOS ATÉ 70 MM2 - FORNECIMENTO E INSTALAÇÃO. AF_08/2023","UN","COEFICIENTE DE REPRESENTATIVIDADE",37.700000000000003,"CAIXA REFERENCIAL"]
["INSTALACAO ELETRICA/ELETRIFICACAO E ILUMINACAO EXTERNA","INEL","SISTEMAS DE PROTECAO/ATERRAMENTO","0243","","",104755,"CONECTOR SPLIT-BOLT, PARA SPDA, PARA CABOS ATÉ 95 MM2 - FORNECIMENTO E INSTALAÇÃO. AF_08/2023","UN","COEFICIENTE DE REPRESENTATIVIDADE",52.48,"CAIXA REFERENCIAL"]
["INSTALACAO ELETRICA/ELETRIFICACAO E ILUMINACAO EXTERNA","INEL","SERVICOS DIVERSOS","0244","","",103490,"PLACA DE CONCRETO PRÉ-MOLDADO COMO PROTEÇÃO MECÂNICA ADICIONAL NO REATERRO PARA REDE ENTERRADA DE DISTRIBUIÇÃO DE ENERGIA ELÉTRICA - FORNECIMENTO E INSTALAÇÃO. AF_12/2021","M3","ATRIBUÍDO SÃO PAULO",2965.14,"CAIXA REFERENCIAL"]
["INSTALACAO ELETRICA/ELETRIFICACAO E ILUMINACAO EXTERNA","INEL","SERVICOS DIVERSOS","0244","","",103491,"CONCRETAGEM COMO PROTEÇÃO MECÂNICA ADICIONAL NO REATERRO PARA REDE ENTERRADA DE DISTRIBUIÇÃO DE ENERGIA ELÉTRICA - FORNECIMENTO E INSTALAÇÃO. AF_12/2021","M3","COEFICIENTE DE REPRESENTATIVIDADE",572.25,"CAIXA REFERENCIAL"]
["INSTALACAO ELETRICA/ELETRIFICACAO E ILUMINACAO EXTERNA","INEL","SERVICOS DIVERSOS","0244","","",104758,"FURO MANUAL EM ALVENARIA, PARA INSTALAÇÕES ELÉTRICAS, DIÂMETROS MENORES OU IGUAIS A 40 MM. AF_09/2023","UN","COEFICIENTE DE REPRESENTATIVIDADE",13.93,"CAIXA REFERENCIAL"]
["INSTALACAO ELETRICA/ELETRIFICACAO E ILUMINACAO EXTERNA","INEL","SERVICOS DIVERSOS","0244","","",104759,"FURO MANUAL EM ALVENARIA, PARA INSTALAÇÕES ELÉTRICAS, DIÂMETROS MAIORES QUE 40 MM E MENORES OU IGUAIS A 75 MM. AF_09/2023","UN","COEFICIENTE DE REPRESENTATIVIDADE",37.14,"CAIXA REFERENCIAL"]
["INSTALACAO ELETRICA/ELETRIFICACAO E ILUMINACAO EXTERNA","INEL","SERVICOS DIVERSOS","0244","","",104760,"FURO MANUAL EM ALVENARIA, PARA INSTALAÇÕES ELÉTRICAS, DIÂMETROS MAIORES QUE 75 MM E MENORES OU IGUAIS A 100 MM. AF_09/2023","UN","COEFICIENTE DE REPRESENTATIVIDADE",54.24,"CAIXA REFERENCIAL"]
["INSTALACAO ELETRICA/ELETRIFICACAO E ILUMINACAO EXTERNA","INEL","SERVICOS DIVERSOS","0244","","",104761,"FURO MECANIZADO EM CONCRETO, COM MARTELO DEMOLIDOR, PARA INSTALAÇÕES ELÉTRICAS, DIÂMETROS MENORES OU IGUAIS A 40 MM. AF_09/2023","UN","COEFICIENTE DE REPRESENTATIVIDADE",10.41,"CAIXA REFERENCIAL"]
["INSTALACAO ELETRICA/ELETRIFICACAO E ILUMINACAO EXTERNA","INEL","SERVICOS DIVERSOS","0244","","",104762,"FURO MECANIZADO EM CONCRETO, COM MARTELO DEMOLIDOR, PARA INSTALAÇÕES ELÉTRICAS, DIÂMETROS MAIORES QUE 40 MM E MENORES OU IGUAIS A 75 MM. AF_09/2023","UN","COEFICIENTE DE REPRESENTATIVIDADE",27.79,"CAIXA REFERENCIAL"]
["INSTALACAO ELETRICA/ELETRIFICACAO E ILUMINACAO EXTERNA","INEL","SERVICOS DIVERSOS","0244","","",104763,"FURO MECANIZADO EM CONCRETO, COM MARTELO DEMOLIDOR, PARA INSTALAÇÕES ELÉTRICAS, DIÂMETROS MAIORES QUE 75 MM E MENORES OU IGUAIS A 150 MM. AF_09/2023","UN","COEFICIENTE DE REPRESENTATIVIDADE",40.590000000000003,"CAIXA REFERENCIAL"]
["INSTALACAO ELETRICA/ELETRIFICACAO E ILUMINACAO EXTERNA","INEL","SERVICOS DIVERSOS","0244","","",104764,"SUPORTE PARA 2 ELETRODUTOS, ESPAÇADO A CADA 80 CM, EM PERFILADO COM COMPRIMENTO DE 25 CM FIXADO EM LAJE, POR METRO DE ELETRODUTO FIXADO. AF_09/2023","M","ATRIBUÍDO SÃO PAULO",21.46,"CAIXA REFERENCIAL"]
["INSTALACAO ELETRICA/ELETRIFICACAO E ILUMINACAO EXTERNA","INEL","SERVICOS DIVERSOS","0244","","",104765,"SUPORTE PARA 4 ELETRODUTOS, ESPAÇADO A CADA 80 CM, EM PERFILADO COM COMPRIMENTO DE 42 CM FIXADO EM LAJE, POR METRO DE ELETRODUTO FIXADO. AF_09/2023","M","ATRIBUÍDO SÃO PAULO",16.420000000000002,"CAIXA REFERENCIAL"]
["INSTALACAO ELETRICA/ELETRIFICACAO E ILUMINACAO EXTERNA","INEL","SERVICOS DIVERSOS","0244","","",104766,"CHUMBAMENTO LINEAR EM ALVENARIA PARA ELETRODUTOS COM DIÂMETROS MENORES OU IGUAIS A 40 MM. AF_09/2023","M","COEFICIENTE DE REPRESENTATIVIDADE",14.47,"CAIXA REFERENCIAL"]
["INSTALACAO ELETRICA/ELETRIFICACAO E ILUMINACAO EXTERNA","INEL","SERVICOS DIVERSOS","0244","","",104768,"FURO MECANIZADO EM ALVENARIA, PARA INSTALAÇÕES ELÉTRICAS, DIÂMETROS MENORES OU IGUAIS A 40 MM. AF_09/2023","UN","COEFICIENTE DE REPRESENTATIVIDADE",0.59,"CAIXA REFERENCIAL"]
["INSTALACAO ELETRICA/ELETRIFICACAO E ILUMINACAO EXTERNA","INEL","SERVICOS DIVERSOS","0244","","",104770,"FURO MECANIZADO EM ALVENARIA, PARA INSTALAÇÕES ELÉTRICAS, DIÂMETROS MAIORES QUE 40 MM E MENORES OU IGUAIS A 75 MM. AF_09/2023","UN","COEFICIENTE DE REPRESENTATIVIDADE",1.57,"CAIXA REFERENCIAL"]
["INSTALACAO ELETRICA/ELETRIFICACAO E ILUMINACAO EXTERNA","INEL","SERVICOS DIVERSOS","0244","","",104772,"FURO MECANIZADO EM ALVENARIA, PARA INSTALAÇÕES ELÉTRICAS, DIÂMETROS MAIORES QUE 75 MM E MENORES OU IGUAIS A 100 MM. AF_09/2023","UN","COEFICIENTE DE REPRESENTATIVIDADE",2.29,"CAIXA REFERENCIAL"]
["INSTALACAO ELETRICA/ELETRIFICACAO E ILUMINACAO EXTERNA","INEL","SERVICOS DIVERSOS","0244","","",104774,"FURO MECANIZADO EM CONCRETO, COM PERFURATRIZ, PARA INSTALAÇÕES ELÉTRICAS, DIÂMETROS MENORES OU IGUAIS A 40 MM. AF_09/2023","UN","COEFICIENTE DE REPRESENTATIVIDADE",2.04,"CAIXA REFERENCIAL"]
["INSTALACAO ELETRICA/ELETRIFICACAO E ILUMINACAO EXTERNA","INEL","SERVICOS DIVERSOS","0244","","",104776,"FURO MECANIZADO EM CONCRETO, COM PERFURATRIZ, PARA INSTALAÇÕES ELÉTRICAS, DIÂMETROS MAIORES QUE 40 MM E MENORES OU IGUAIS A 75 MM. AF_09/2023","UN","COEFICIENTE DE REPRESENTATIVIDADE",5.45,"CAIXA REFERENCIAL"]
["INSTALACAO ELETRICA/ELETRIFICACAO E ILUMINACAO EXTERNA","INEL","SERVICOS DIVERSOS","0244","","",104778,"FURO MECANIZADO EM CONCRETO, COM PERFURATRIZ, PARA INSTALAÇÕES ELÉTRICAS, DIÂMETROS MAIORES QUE 75 MM E MENORES OU IGUAIS A 150 MM. AF_09/2023","UN","COEFICIENTE DE REPRESENTATIVIDADE",7.97,"CAIXA REFERENCIAL"]
["INSTALACAO ELETRICA/ELETRIFICACAO E ILUMINACAO EXTERNA","INEL","SERVICOS DIVERSOS","0244","","",104780,"RASGO LINEAR MECANIZADO EM ALVENARIA, PARA ELETRODUTOS, DIÂMETROS MENORES OU IGUAIS A 40 MM. AF_09/2023","M","COEFICIENTE DE REPRESENTATIVIDADE",6.57,"CAIXA REFERENCIAL"]
["INSTALACAO ELETRICA/ELETRIFICACAO E ILUMINACAO EXTERNA","INEL","SERVICOS DIVERSOS","0244","","",104785,"FIXAÇÃO DE ELETRODUTOS, DIÂMETROS MENORES OU IGUAIS A 40 MM, COM ABRAÇADEIRA METÁLICA RÍGIDA TIPO D COM PARAFUSO DE FIXAÇÃO 1 1/4\", FIXADA DIRETAMENTE NA LAJE OU PAREDE. AF_09/2023","M","COEFICIENTE DE REPRESENTATIVIDADE",13.47,"CAIXA REFERENCIAL"]
["INSTALACOES ESPECIAIS","INES","INCENDIO","0186","","",96765,"ABRIGO PARA HIDRANTE, 90X60X17CM, COM REGISTRO GLOBO ANGULAR 45 GRAUS 2 1/2\", ADAPTADOR STORZ 2 1/2\", MANGUEIRA DE INCÊNDIO 20M, REDUÇÃO 2 1/2\" X 1 1/2\" E ESGUICHO EM LATÃO 1 1/2\" - FORNECIMENTO E INSTALAÇÃO. AF_10/2020","UN","COEFICIENTE DE REPRESENTATIVIDADE",1886.4,"CAIXA REFERENCIAL"]
["INSTALACOES ESPECIAIS","INES","INCENDIO","0186","","",101905,"EXTINTOR DE INCÊNDIO PORTÁTIL COM CARGA DE ÁGUA PRESSURIZADA DE 10 L, CLASSE A - FORNECIMENTO E INSTALAÇÃO. AF_10/2020_PE","UN","COEFICIENTE DE REPRESENTATIVIDADE",267.69,"CAIXA REFERENCIAL"]
["INSTALACOES ESPECIAIS","INES","INCENDIO","0186","","",101906,"EXTINTOR DE INCÊNDIO PORTÁTIL COM CARGA DE CO2 DE 4 KG, CLASSE BC - FORNECIMENTO E INSTALAÇÃO. AF_10/2020_PE","UN","COEFICIENTE DE REPRESENTATIVIDADE",798.07,"CAIXA REFERENCIAL"]
["INSTALACOES ESPECIAIS","INES","INCENDIO","0186","","",101907,"EXTINTOR DE INCÊNDIO PORTÁTIL COM CARGA DE CO2 DE 6 KG, CLASSE BC - FORNECIMENTO E INSTALAÇÃO. AF_10/2020_PE","UN","COEFICIENTE DE REPRESENTATIVIDADE",862.69,"CAIXA REFERENCIAL"]
["INSTALACOES ESPECIAIS","INES","INCENDIO","0186","","",101908,"EXTINTOR DE INCÊNDIO PORTÁTIL COM CARGA DE PQS DE 4 KG, CLASSE BC - FORNECIMENTO E INSTALAÇÃO. AF_10/2020_PE","UN","COEFICIENTE DE REPRESENTATIVIDADE",259.61,"CAIXA REFERENCIAL"]
["INSTALACOES ESPECIAIS","INES","INCENDIO","0186","","",101909,"EXTINTOR DE INCÊNDIO PORTÁTIL COM CARGA DE PQS DE 6 KG, CLASSE BC - FORNECIMENTO E INSTALAÇÃO. AF_10/2020_PE","UN","COEFICIENTE DE REPRESENTATIVIDADE",302.69,"CAIXA REFERENCIAL"]
["INSTALACOES ESPECIAIS","INES","INCENDIO","0186","","",101910,"EXTINTOR DE INCÊNDIO PORTÁTIL COM CARGA DE PQS DE 8 KG, CLASSE BC - FORNECIMENTO E INSTALAÇÃO. AF_10/2020_PE","UN","COEFICIENTE DE REPRESENTATIVIDADE",356.53,"CAIXA REFERENCIAL"]
["INSTALACOES ESPECIAIS","INES","INCENDIO","0186","","",101911,"EXTINTOR DE INCÊNDIO PORTÁTIL COM CARGA DE PQS DE 12 KG, CLASSE BC - FORNECIMENTO E INSTALAÇÃO. AF_10/2020_PE","UN","COEFICIENTE DE REPRESENTATIVIDADE",410.38,"CAIXA REFERENCIAL"]
["INSTALACOES ESPECIAIS","INES","INCENDIO","0186","","",101912,"ABRIGO PARA HIDRANTE, 75X45X17CM, COM REGISTRO GLOBO ANGULAR 45 GRAUS 2 1/2\", ADAPTADOR STORZ 2 1/2\", MANGUEIRA DE INCÊNDIO 15M 2 1/2\" E ESGUICHO EM LATÃO 2 1/2\" - FORNECIMENTO E INSTALAÇÃO. AF_10/2020","UN","COEFICIENTE DE REPRESENTATIVIDADE",2350.37,"CAIXA REFERENCIAL"]
["INSTALACOES ESPECIAIS","INES","INCENDIO","0186","","",101913,"CAIXA DE INCÊNDIO 45X75X17CM - FORNECIMENTO E INSTALAÇÃO. AF_10/2020","UN","COEFICIENTE DE REPRESENTATIVIDADE",489.03,"CAIXA REFERENCIAL"]
["INSTALACOES ESPECIAIS","INES","INCENDIO","0186","","",101914,"CAIXA DE INCÊNDIO 60X90X17CM - FORNECIMENTO E INSTALAÇÃO. AF_10/2020","UN","COEFICIENTE DE REPRESENTATIVIDADE",621.87,"CAIXA REFERENCIAL"]
["INSTALACOES ESPECIAIS","INES","INCENDIO","0186","","",101915,"CONJUNTO DE MANGUEIRA PARA COMBATE A INCÊNDIO EM FIBRA DE POLIESTER PURA, COM 1.1/2\", REVESTIDA INTERNAMENTE, COMPRIMENTO DE 15M - FORNECIMENTO E INSTALAÇÃO. AF_10/2020","UN","COEFICIENTE DE REPRESENTATIVIDADE",456.4,"CAIXA REFERENCIAL"]
["INSTALACOES ESPECIAIS","INES","INCENDIO","0186","","",101916,"HIDRANTE SUBTERRÂNEO PREDIAL (COM CURVA LONGA E CAIXA), DN 75 MM - FORNECIMENTO E INSTALAÇÃO. AF_10/2020","UN","ATRIBUÍDO SÃO PAULO",3525.83,"CAIXA REFERENCIAL"]
["INSTALACOES ESPECIAIS","INES","INCENDIO","0186","","",101917,"MANÔMETRO 0 A 200 PSI (0 A 14 KGF/CM2), D = 50MM - FORNECIMENTO E INSTALAÇÃO. AF_10/2020","UN","ATRIBUÍDO SÃO PAULO",143.1,"CAIXA REFERENCIAL"]
["INSTALACOES ESPECIAIS","INES","TELEFONE","0187","","",98261,"CABO TELEFÔNICO CCI-50 1 PAR, INSTALADO EM ENTRADA DE EDIFICAÇÃO - FORNECIMENTO E INSTALAÇÃO. AF_11/2019","M","COEFICIENTE DE REPRESENTATIVIDADE",3.55,"CAIXA REFERENCIAL"]
["INSTALACOES ESPECIAIS","INES","TELEFONE","0187","","",98262,"CABO TELEFÔNICO CCI-50 2 PARES, SEM BLINDAGEM, INSTALADO EM ENTRADA DE EDIFICAÇÃO - FORNECIMENTO E INSTALAÇÃO. AF_11/2019","M","COEFICIENTE DE REPRESENTATIVIDADE",4.26,"CAIXA REFERENCIAL"]
["INSTALACOES ESPECIAIS","INES","TELEFONE","0187","","",98263,"CABO TELEFÔNICO CCI-50 3 PARES, SEM BLINDAGEM, INSTALADO EM ENTRADA DE EDIFICAÇÃO - FORNECIMENTO E INSTALAÇÃO. AF_11/2019","M","COEFICIENTE DE REPRESENTATIVIDADE",4.46,"CAIXA REFERENCIAL"]
["INSTALACOES ESPECIAIS","INES","TELEFONE","0187","","",98264,"CABO TELEFÔNICO CCI-50 4 PARES, SEM BLINDAGEM, INSTALADO EM ENTRADA DE EDIFICAÇÃO - FORNECIMENTO E INSTALAÇÃO. AF_11/2019","M","COEFICIENTE DE REPRESENTATIVIDADE",5.24,"CAIXA REFERENCIAL"]
["INSTALACOES ESPECIAIS","INES","TELEFONE","0187","","",98265,"CABO TELEFÔNICO CCI-50 5 PARES, SEM BLINDAGEM, INSTALADO EM ENTRADA DE EDIFICAÇÃO - FORNECIMENTO E INSTALAÇÃO. AF_11/2019","M","COEFICIENTE DE REPRESENTATIVIDADE",5.75,"CAIXA REFERENCIAL"]
["INSTALACOES ESPECIAIS","INES","TELEFONE","0187","","",98266,"CABO TELEFÔNICO CCI-50 6 PARES, SEM BLINDAGEM, INSTALADO EM ENTRADA DE EDIFICAÇÃO - FORNECIMENTO E INSTALAÇÃO. AF_11/2019","M","COEFICIENTE DE REPRESENTATIVIDADE",6.44,"CAIXA REFERENCIAL"]
["INSTALACOES ESPECIAIS","INES","TELEFONE","0187","","",98267,"CABO TELEFÔNICO CI-50 10 PARES INSTALADO EM ENTRADA DE EDIFICAÇÃO - FORNECIMENTO E INSTALAÇÃO. AF_11/2019","M","COEFICIENTE DE REPRESENTATIVIDADE",10,"CAIXA REFERENCIAL"]
["INSTALACOES ESPECIAIS","INES","TELEFONE","0187","","",98268,"CABO TELEFÔNICO CI-50 20 PARES INSTALADO EM ENTRADA DE EDIFICAÇÃO - FORNECIMENTO E INSTALAÇÃO. AF_11/2019","M","COEFICIENTE DE REPRESENTATIVIDADE",15.68,"CAIXA REFERENCIAL"]
["INSTALACOES ESPECIAIS","INES","TELEFONE","0187","","",98269,"CABO TELEFÔNICO CI-50 30 PARES INSTALADO EM ENTRADA DE EDIFICAÇÃO - FORNECIMENTO E INSTALAÇÃO. AF_11/2019","M","COEFICIENTE DE REPRESENTATIVIDADE",21.14,"CAIXA REFERENCIAL"]
["INSTALACOES ESPECIAIS","INES","TELEFONE","0187","","",98270,"CABO TELEFÔNICO CI-50 50 PARES INSTALADO EM ENTRADA DE EDIFICAÇÃO - FORNECIMENTO E INSTALAÇÃO. AF_11/2019","M","COEFICIENTE DE REPRESENTATIVIDADE",31.43,"CAIXA REFERENCIAL"]
["INSTALACOES ESPECIAIS","INES","TELEFONE","0187","","",98271,"CABO TELEFÔNICO CI-50 75 PARES INSTALADO EM ENTRADA DE EDIFICAÇÃO - FORNECIMENTO E INSTALAÇÃO. AF_11/2019","M","COEFICIENTE DE REPRESENTATIVIDADE",43.82,"CAIXA REFERENCIAL"]
["INSTALACOES ESPECIAIS","INES","TELEFONE","0187","","",98272,"CABO TELEFÔNICO CI-50 200 PARES INSTALADO EM ENTRADA DE EDIFICAÇÃO - FORNECIMENTO E INSTALAÇÃO. AF_11/2019","M","COEFICIENTE DE REPRESENTATIVIDADE",99.27,"CAIXA REFERENCIAL"]
["INSTALACOES ESPECIAIS","INES","TELEFONE","0187","","",98273,"CABO TELEFÔNICO CCI-50 4 PARES, SEM BLINDAGEM, INSTALADO EM PRUMADA - FORNECIMENTO E INSTALAÇÃO. AF_11/2019","M","COEFICIENTE DE REPRESENTATIVIDADE",2.38,"CAIXA REFERENCIAL"]
["INSTALACOES ESPECIAIS","INES","TELEFONE","0187","","",98274,"CABO TELEFÔNICO CCI-50 5 PARES, SEM BLINDAGEM, INSTALADO EM PRUMADA - FORNECIMENTO E INSTALAÇÃO. AF_11/2019","M","COEFICIENTE DE REPRESENTATIVIDADE",2.88,"CAIXA REFERENCIAL"]
["INSTALACOES ESPECIAIS","INES","TELEFONE","0187","","",98275,"CABO TELEFÔNICO CCI-50 6 PARES, SEM BLINDAGEM, INSTALADO EM PRUMADA - FORNECIMENTO E INSTALAÇÃO. AF_11/2019","M","COEFICIENTE DE REPRESENTATIVIDADE",3.58,"CAIXA REFERENCIAL"]
["INSTALACOES ESPECIAIS","INES","TELEFONE","0187","","",98276,"CABO TELEFÔNICO CI-50 10 PARES INSTALADO EM PRUMADA - FORNECIMENTO E INSTALAÇÃO. AF_11/2019","M","COEFICIENTE DE REPRESENTATIVIDADE",7.14,"CAIXA REFERENCIAL"]
["INSTALACOES ESPECIAIS","INES","TELEFONE","0187","","",98277,"CABO TELEFÔNICO CI-50 20 PARES INSTALADO EM PRUMADA - FORNECIMENTO E INSTALAÇÃO. AF_11/2019","M","COEFICIENTE DE REPRESENTATIVIDADE",12.82,"CAIXA REFERENCIAL"]
["INSTALACOES ESPECIAIS","INES","TELEFONE","0187","","",98278,"CABO TELEFÔNICO CI-50 30 PARES INSTALADO EM PRUMADA - FORNECIMENTO E INSTALAÇÃO. AF_11/2019","M","COEFICIENTE DE REPRESENTATIVIDADE",18.28,"CAIXA REFERENCIAL"]
["INSTALACOES ESPECIAIS","INES","TELEFONE","0187","","",98279,"CABO TELEFÔNICO CI-50 50 PARES INSTALADO EM PRUMADA - FORNECIMENTO E INSTALAÇÃO. AF_11/2019","M","COEFICIENTE DE REPRESENTATIVIDADE",28.58,"CAIXA REFERENCIAL"]
["INSTALACOES ESPECIAIS","INES","TELEFONE","0187","","",98280,"CABO TELEFÔNICO CCI-50 1 PAR, SEM BLINDAGEM, INSTALADO EM DISTRIBUIÇÃO DE EDIFICAÇÃO RESIDENCIAL - FORNECIMENTO E INSTALAÇÃO. AF_11/2019","M","COEFICIENTE DE REPRESENTATIVIDADE",7.23,"CAIXA REFERENCIAL"]
["INSTALACOES ESPECIAIS","INES","TELEFONE","0187","","",98281,"CABO TELEFÔNICO CCI-50 2 PARES, SEM BLINDAGEM, INSTALADO EM DISTRIBUIÇÃO DE EDIFICAÇÃO RESIDENCIAL - FORNECIMENTO E INSTALAÇÃO. AF_11/2019","M","COEFICIENTE DE REPRESENTATIVIDADE",7.94,"CAIXA REFERENCIAL"]
["INSTALACOES ESPECIAIS","INES","TELEFONE","0187","","",98282,"CABO TELEFÔNICO CCI-50 3 PARES, SEM BLINDAGEM, INSTALADO EM DISTRIBUIÇÃO DE EDIFICAÇÃO RESIDENCIAL - FORNECIMENTO E INSTALAÇÃO. AF_11/2019","M","COEFICIENTE DE REPRESENTATIVIDADE",8.14,"CAIXA REFERENCIAL"]
["INSTALACOES ESPECIAIS","INES","TELEFONE","0187","","",98283,"CABO TELEFÔNICO CCI-50 4 PARES, SEM BLINDAGEM, INSTALADO EM DISTRIBUIÇÃO DE EDIFICAÇÃO RESIDENCIAL - FORNECIMENTO E INSTALAÇÃO. AF_11/2019","M","COEFICIENTE DE REPRESENTATIVIDADE",8.92,"CAIXA REFERENCIAL"]
["INSTALACOES ESPECIAIS","INES","TELEFONE","0187","","",98284,"CABO TELEFÔNICO CCI-50 5 PARES, SEM BLINDAGEM, INSTALADO EM DISTRIBUIÇÃO DE EDIFICAÇÃO RESIDENCIAL - FORNECIMENTO E INSTALAÇÃO. AF_11/2019","M","COEFICIENTE DE REPRESENTATIVIDADE",9.42,"CAIXA REFERENCIAL"]
["INSTALACOES ESPECIAIS","INES","TELEFONE","0187","","",98285,"CABO TELEFÔNICO CCI-50 6 PARES, SEM BLINDAGEM, INSTALADO EM DISTRIBUIÇÃO DE EDIFICAÇÃO RESIDENCIAL - FORNECIMENTO E INSTALAÇÃO. AF_11/2019","M","COEFICIENTE DE REPRESENTATIVIDADE",10.119999999999999,"CAIXA REFERENCIAL"]
["INSTALACOES ESPECIAIS","INES","TELEFONE","0187","","",98286,"CABO TELEFÔNICO CI-50 10 PARES INSTALADO EM DISTRIBUIÇÃO DE EDIFICAÇÃO RESIDENCIAL - FORNECIMENTO E INSTALAÇÃO. AF_11/2019","M","COEFICIENTE DE REPRESENTATIVIDADE",13.68,"CAIXA REFERENCIAL"]
["INSTALACOES ESPECIAIS","INES","TELEFONE","0187","","",98287,"CABO TELEFÔNICO CCI-50 1 PAR, SEM BLINDAGEM, INSTALADO EM DISTRIBUIÇÃO DE EDIFICAÇÃO INSTITUCIONAL - FORNECIMENTO E INSTALAÇÃO. AF_11/2019","M","COEFICIENTE DE REPRESENTATIVIDADE",1.35,"CAIXA REFERENCIAL"]
["INSTALACOES ESPECIAIS","INES","TELEFONE","0187","","",98288,"CABO TELEFÔNICO CCI-50 2 PARES, SEM BLINDAGEM, INSTALADO EM DISTRIBUIÇÃO DE EDIFICAÇÃO INSTITUCIONAL - FORNECIMENTO E INSTALAÇÃO. AF_11/2019","M","COEFICIENTE DE REPRESENTATIVIDADE",2.06,"CAIXA REFERENCIAL"]
["INSTALACOES ESPECIAIS","INES","TELEFONE","0187","","",98289,"CABO TELEFÔNICO CCI-50 3 PARES, SEM BLINDAGEM, INSTALADO EM DISTRIBUIÇÃO DE EDIFICAÇÃO INSTITUCIONAL - FORNECIMENTO E INSTALAÇÃO. AF_11/2019","M","COEFICIENTE DE REPRESENTATIVIDADE",2.25,"CAIXA REFERENCIAL"]
["INSTALACOES ESPECIAIS","INES","TELEFONE","0187","","",98290,"CABO TELEFÔNICO CCI-50 4 PARES, SEM BLINDAGEM, INSTALADO EM DISTRIBUIÇÃO DE EDIFICAÇÃO INSTITUCIONAL - FORNECIMENTO E INSTALAÇÃO. AF_11/2019","M","COEFICIENTE DE REPRESENTATIVIDADE",3.03,"CAIXA REFERENCIAL"]
["INSTALACOES ESPECIAIS","INES","TELEFONE","0187","","",98291,"CABO TELEFÔNICO CCI-50 5 PARES, SEM BLINDAGEM, INSTALADO EM DISTRIBUIÇÃO DE EDIFICAÇÃO INSTITUCIONAL - FORNECIMENTO E INSTALAÇÃO. AF_11/2019","M","COEFICIENTE DE REPRESENTATIVIDADE",3.54,"CAIXA REFERENCIAL"]
["INSTALACOES ESPECIAIS","INES","TELEFONE","0187","","",98292,"CABO TELEFÔNICO CCI-50 6 PARES, SEM BLINDAGEM, INSTALADO EM DISTRIBUIÇÃO DE EDIFICAÇÃO INSTITUCIONAL - FORNECIMENTO E INSTALAÇÃO. AF_11/2019","M","COEFICIENTE DE REPRESENTATIVIDADE",4.24,"CAIXA REFERENCIAL"]
["INSTALACOES ESPECIAIS","INES","TELEFONE","0187","","",98293,"CABO TELEFÔNICO CI-50 10 PARES INSTALADO EM DISTRIBUIÇÃO DE EDIFICAÇÃO INSTITUCIONAL - FORNECIMENTO E INSTALAÇÃO. AF_11/2019","M","COEFICIENTE DE REPRESENTATIVIDADE",7.8,"CAIXA REFERENCIAL"]
["INSTALACOES ESPECIAIS","INES","TELEFONE","0187","","",98400,"CABO TELEFÔNICO CTP-APL-50 10 PARES INSTALADO EM ENTRADA DE EDIFICAÇÃO - FORNECIMENTO E INSTALAÇÃO. AF_11/2019","M","COEFICIENTE DE REPRESENTATIVIDADE",12.08,"CAIXA REFERENCIAL"]
["INSTALACOES ESPECIAIS","INES","TELEFONE","0187","","",98401,"CABO TELEFÔNICO CTP-APL-50 20 PARES INSTALADO EM ENTRADA DE EDIFICAÇÃO - FORNECIMENTO E INSTALAÇÃO. AF_11/2019","M","COEFICIENTE DE REPRESENTATIVIDADE",18.559999999999999,"CAIXA REFERENCIAL"]
["INSTALACOES ESPECIAIS","INES","TELEFONE","0187","","",98402,"CABO TELEFÔNICO CTP-APL-50 30 PARES INSTALADO EM ENTRADA DE EDIFICAÇÃO - FORNECIMENTO E INSTALAÇÃO. AF_11/2019","M","COEFICIENTE DE REPRESENTATIVIDADE",21.6,"CAIXA REFERENCIAL"]
["INSTALACOES ESPECIAIS","INES","TELEFONE","0187","","",100556,"CAIXA DE PASSAGEM PARA TELEFONE 15X15X10CM (SOBREPOR), FORNECIMENTO E INSTALACAO. AF_11/2019","UN","COEFICIENTE DE REPRESENTATIVIDADE",37.380000000000003,"CAIXA REFERENCIAL"]
["INSTALACOES ESPECIAIS","INES","TELEFONE","0187","","",100557,"CAIXA DE PASSAGEM PARA TELEFONE 80X80X15CM (SOBREPOR) FORNECIMENTO E INSTALACAO. AF_11/2019","UN","COEFICIENTE DE REPRESENTATIVIDADE",440.91,"CAIXA REFERENCIAL"]
["INSTALACOES ESPECIAIS","INES","TELEFONE","0187","","",100560,"QUADRO DE DISTRIBUIÇÃO PARA TELEFONE N.2, 20X20X12CM EM CHAPA METALICA, DE EMBUTIR, SEM ACESSORIOS, PADRÃO TELEBRAS, FORNECIMENTO E INSTALAÇÃO. AF_11/2019","UN","COEFICIENTE DE REPRESENTATIVIDADE",101.87,"CAIXA REFERENCIAL"]
["INSTALACOES ESPECIAIS","INES","TELEFONE","0187","","",100561,"QUADRO DE DISTRIBUICAO PARA TELEFONE N.3, 40X40X12CM EM CHAPA METALICA, DE EMBUTIR, SEM ACESSORIOS, PADRAO TELEBRAS, FORNECIMENTO E INSTALAÇÃO. AF_11/2019","UN","COEFICIENTE DE REPRESENTATIVIDADE",182.19,"CAIXA REFERENCIAL"]
["INSTALACOES ESPECIAIS","INES","TELEFONE","0187","","",100562,"QUADRO DE DISTRIBUICAO PARA TELEFONE N.4, 60X60X12CM EM CHAPA METALICA, DE EMBUTIR, SEM ACESSORIOS, PADRAO TELEBRAS, FORNECIMENTO E INSTALAÇÃO. AF_11/2019","UN","COEFICIENTE DE REPRESENTATIVIDADE",279.82,"CAIXA REFERENCIAL"]
["INSTALACOES ESPECIAIS","INES","TELEFONE","0187","","",100563,"QUADRO DE DISTRIBUIÇÃO PARA TELEFONE N.5, 80X80X12CM EM CHAPA METALICA, SEM ACESSORIOS, PADRAO TELEBRAS, FORNECIMENTO E INSTALAÇÃO. AF_11/2019","UN","COEFICIENTE DE REPRESENTATIVIDADE",401.63,"CAIXA REFERENCIAL"]
["INSTALACOES ESPECIAIS","INES","TELEFONE","0187","","",101795,"CAIXA ENTERRADA PARA INSTALAÇÕES TELEFÔNICAS TIPO R1, EM ALVENARIA COM BLOCOS DE CONCRETO, DIMENSÕES INTERNAS: 0,35X0,60X0,60 M, EXCLUINDO TAMPÃO. AF_12/2020","UN","ATRIBUÍDO SÃO PAULO",558.1,"CAIXA REFERENCIAL"]
["INSTALACOES ESPECIAIS","INES","TELEFONE","0187","","",101798,"TAMPA PARA CAIXA TIPO R1, EM FERRO FUNDIDO, DIMENSÕES INTERNAS: 0,40 X 0,60 M - FORNECIMENTO E INSTALAÇÃO. AF_12/2020","UN","ATRIBUÍDO SÃO PAULO",373.46,"CAIXA REFERENCIAL"]
["INSTALACOES ESPECIAIS","INES","TELEFONE","0187","","",101799,"TAMPA PARA CAIXA TIPO R2 E R3, EM FERRO FUNDIDO, DIMENSÕES INTERNAS: 0,55 X 1,10 M - FORNECIMENTO E INSTALAÇÃO. AF_12/2020","UN","ATRIBUÍDO SÃO PAULO",908.28,"CAIXA REFERENCIAL"]
["INSTALACOES ESPECIAIS","INES","AR CONDICIONADO","0190","","",98397,"PINTURA ANTICORROSIVA DE DUTO METÁLICO. AF_03/2024","M2","COEFICIENTE DE REPRESENTATIVIDADE",12.39,"CAIXA REFERENCIAL"]
["INSTALACOES ESPECIAIS","INES","AR CONDICIONADO","0190","","",103244,"AR CONDICIONADO SPLIT INVERTER, HI-WALL (PAREDE), 9000 BTU/H, CICLO FRIO - FORNECIMENTO E INSTALAÇÃO. AF_11/2021_PE","UN","ATRIBUÍDO SÃO PAULO",2364.42,"CAIXA REFERENCIAL"]
["INSTALACOES ESPECIAIS","INES","AR CONDICIONADO","0190","","",103245,"AR CONDICIONADO SPLIT ON/OFF, HI-WALL (PAREDE), 9000 BTUS/H, CICLO FRIO - FORNECIMENTO E INSTALAÇÃO. AF_11/2021_PE","UN","ATRIBUÍDO SÃO PAULO",1863.25,"CAIXA REFERENCIAL"]
["INSTALACOES ESPECIAIS","INES","AR CONDICIONADO","0190","","",103246,"AR CONDICIONADO SPLIT ON/OFF, HI-WALL (PAREDE), 9000 BTUS/H, CICLO QUENTE/FRIO - FORNECIMENTO E INSTALAÇÃO. AF_11/2021_PE","UN","ATRIBUÍDO SÃO PAULO",2032.74,"CAIXA REFERENCIAL"]
["INSTALACOES ESPECIAIS","INES","AR CONDICIONADO","0190","","",103247,"AR CONDICIONADO SPLIT INVERTER, HI-WALL (PAREDE), 12000 BTU/H, CICLO FRIO - FORNECIMENTO E INSTALAÇÃO. AF_11/2021_PE","UN","ATRIBUÍDO SÃO PAULO",2625.09,"CAIXA REFERENCIAL"]
["INSTALACOES ESPECIAIS","INES","AR CONDICIONADO","0190","","",103248,"AR CONDICIONADO SPLIT ON/OFF, HI-WALL (PAREDE), 12000 BTUS/H, CICLO FRIO - FORNECIMENTO E INSTALAÇÃO. AF_11/2021_PE","UN","ATRIBUÍDO SÃO PAULO",2143.7199999999998,"CAIXA REFERENCIAL"]
["INSTALACOES ESPECIAIS","INES","AR CONDICIONADO","0190","","",103249,"AR CONDICIONADO SPLIT ON/OFF, HI-WALL (PAREDE), 12000 BTUS/H, CICLO QUENTE/FRIO - FORNECIMENTO E INSTALAÇÃO. AF_11/2021_PE","UN","ATRIBUÍDO SÃO PAULO",2303.67,"CAIXA REFERENCIAL"]
["INSTALACOES ESPECIAIS","INES","AR CONDICIONADO","0190","","",103250,"AR CONDICIONADO SPLIT INVERTER, HI-WALL (PAREDE), 18000 BTU/H, CICLO FRIO - FORNECIMENTO E INSTALAÇÃO. AF_11/2021_PE","UN","ATRIBUÍDO SÃO PAULO",3815.39,"CAIXA REFERENCIAL"]
["INSTALACOES ESPECIAIS","INES","AR CONDICIONADO","0190","","",103251,"AR CONDICIONADO SPLIT ON/OFF, HI-WALL (PAREDE), 18000 BTUS/H, CICLO FRIO - FORNECIMENTO E INSTALAÇÃO. AF_11/2021_PE","UN","ATRIBUÍDO SÃO PAULO",3011.42,"CAIXA REFERENCIAL"]
["INSTALACOES ESPECIAIS","INES","AR CONDICIONADO","0190","","",103252,"AR CONDICIONADO SPLIT ON/OFF, HI-WALL (PAREDE), 18000 BTUS/H, CICLO QUENTE/FRIO - FORNECIMENTO E INSTALAÇÃO. AF_11/2021_PE","UN","ATRIBUÍDO SÃO PAULO",3335.64,"CAIXA REFERENCIAL"]
["INSTALACOES ESPECIAIS","INES","AR CONDICIONADO","0190","","",103253,"AR CONDICIONADO SPLIT INVERTER, HI-WALL (PAREDE), 24000 BTU/H, CICLO FRIO - FORNECIMENTO E INSTALAÇÃO. AF_11/2021_PE","UN","ATRIBUÍDO SÃO PAULO",5203.59,"CAIXA REFERENCIAL"]
["INSTALACOES ESPECIAIS","INES","AR CONDICIONADO","0190","","",103254,"AR CONDICIONADO SPLIT ON/OFF, HI-WALL (PAREDE), 24000 BTUS/H, CICLO FRIO - FORNECIMENTO E INSTALAÇÃO. AF_11/2021_PE","UN","ATRIBUÍDO SÃO PAULO",3889.19,"CAIXA REFERENCIAL"]
["INSTALACOES ESPECIAIS","INES","AR CONDICIONADO","0190","","",103255,"AR CONDICIONADO SPLIT ON/OFF, HI-WALL (PAREDE), 24000 BTUS/H, CICLO QUENTE/FRIO - FORNECIMENTO E INSTALAÇÃO. AF_11/2021_PE","UN","ATRIBUÍDO SÃO PAULO",4352.9399999999996,"CAIXA REFERENCIAL"]
["INSTALACOES ESPECIAIS","INES","AR CONDICIONADO","0190","","",103256,"AR CONDICIONADO SPLIT INVERTER, PISO TETO, 18000 BTU/H, CICLO FRIO - FORNECIMENTO E INSTALAÇÃO. AF_11/2021_PE","UN","ATRIBUÍDO SÃO PAULO",9668.59,"CAIXA REFERENCIAL"]
["INSTALACOES ESPECIAIS","INES","AR CONDICIONADO","0190","","",103257,"AR CONDICIONADO SPLIT ON/OFF, PISO TETO, 18.000 BTU/H, CICLO FRIO - FORNECIMENTO E INSTALAÇÃO. AF_11/2021_PE","UN","ATRIBUÍDO SÃO PAULO",5515.41,"CAIXA REFERENCIAL"]
["INSTALACOES ESPECIAIS","INES","AR CONDICIONADO","0190","","",103258,"AR CONDICIONADO SPLIT INVERTER, PISO TETO, 24000 BTU/H, CICLO FRIO - FORNECIMENTO E INSTALAÇÃO. AF_11/2021_PE","UN","ATRIBUÍDO SÃO PAULO",10810.01,"CAIXA REFERENCIAL"]
["INSTALACOES ESPECIAIS","INES","AR CONDICIONADO","0190","","",103259,"AR CONDICIONADO SPLIT ON/OFF, PISO TETO, 24.000 BTU/H, CICLO FRIO - FORNECIMENTO E INSTALAÇÃO. AF_11/2021_PE","UN","ATRIBUÍDO SÃO PAULO",5819.45,"CAIXA REFERENCIAL"]
["INSTALACOES ESPECIAIS","INES","AR CONDICIONADO","0190","","",103260,"AR CONDICIONADO SPLIT INVERTER, PISO TETO, 24000 BTU/H, QUENTE/FRIO - FORNECIMENTO E INSTALAÇÃO. AF_11/2021_PE","UN","ATRIBUÍDO SÃO PAULO",5978.27,"CAIXA REFERENCIAL"]
["INSTALACOES ESPECIAIS","INES","AR CONDICIONADO","0190","","",103261,"AR CONDICIONADO SPLIT INVERTER, PISO TETO, 36000 BTU/H, CICLO FRIO - FORNECIMENTO E INSTALAÇÃO. AF_11/2021_PE","UN","ATRIBUÍDO SÃO PAULO",12194.16,"CAIXA REFERENCIAL"]
["INSTALACOES ESPECIAIS","INES","AR CONDICIONADO","0190","","",103262,"AR CONDICIONADO SPLIT ON/OFF, PISO TETO, 36.000 BTU/H, CICLO FRIO - FORNECIMENTO E INSTALAÇÃO. AF_11/2021_PE","UN","ATRIBUÍDO SÃO PAULO",7647.09,"CAIXA REFERENCIAL"]
["INSTALACOES ESPECIAIS","INES","AR CONDICIONADO","0190","","",103263,"AR CONDICIONADO SPLIT INVERTER, PISO TETO, 48000 BTU/H, CICLO FRIO - FORNECIMENTO E INSTALAÇÃO. AF_11/2021_PE","UN","ATRIBUÍDO SÃO PAULO",16958.77,"CAIXA REFERENCIAL"]
["INSTALACOES ESPECIAIS","INES","AR CONDICIONADO","0190","","",103264,"AR CONDICIONADO SPLIT ON/OFF, PISO TETO, 48.000 BTU/H, CICLO FRIO - FORNECIMENTO E INSTALAÇÃO. AF_11/2021_PE","UN","ATRIBUÍDO SÃO PAULO",9513.9,"CAIXA REFERENCIAL"]
["INSTALACOES ESPECIAIS","INES","AR CONDICIONADO","0190","","",103265,"AR CONDICIONADO SPLIT INVERTER, PISO TETO, APRESENTANDO ENTRE 54000 E 58000 BTU/H, CICLO FRIO - FORNECIMENTO E INSTALAÇÃO. AF_11/2021_PE","UN","ATRIBUÍDO SÃO PAULO",20443.560000000001,"CAIXA REFERENCIAL"]
["INSTALACOES ESPECIAIS","INES","AR CONDICIONADO","0190","","",103266,"AR CONDICIONADO SPLIT ON/OFF, PISO TETO, 60.000 BTU/H, CICLO FRIO - FORNECIMENTO E INSTALAÇÃO. AF_11/2021_PE","UN","ATRIBUÍDO SÃO PAULO",10624.42,"CAIXA REFERENCIAL"]
["INSTALACOES ESPECIAIS","INES","AR CONDICIONADO","0190","","",103267,"AR CONDICIONADO SPLIT ON/OFF, CASSETE (TETO), FRIO 4 VIAS 18000 BTU/H - FORNECIMENTO E INSTALAÇÃO. AF_11/2021_PE","UN","ATRIBUÍDO SÃO PAULO",6031.48,"CAIXA REFERENCIAL"]
["INSTALACOES ESPECIAIS","INES","AR CONDICIONADO","0190","","",103268,"AR CONDICIONADO SPLIT ON/OFF, CASSETE (TETO), 18000 BTU/H, CICLO QUENTE/FRIO - FORNECIMENTO E INSTALAÇÃO. AF_11/2021_PE","UN","ATRIBUÍDO SÃO PAULO",7162.64,"CAIXA REFERENCIAL"]
["INSTALACOES ESPECIAIS","INES","AR CONDICIONADO","0190","","",103269,"AR CONDICIONADO SPLIT ON/OFF, CASSETE (TETO), FRIO 4 VIAS 24000 BTU/H - FORNECIMENTO E INSTALAÇÃO. AF_11/2021_PE","UN","ATRIBUÍDO SÃO PAULO",7416.13,"CAIXA REFERENCIAL"]
["INSTALACOES ESPECIAIS","INES","AR CONDICIONADO","0190","","",103270,"AR CONDICIONADO SPLIT ON/OFF, CASSETE (TETO), 24000 BTU/H, CICLO QUENTE/FRIO - FORNECIMENTO E INSTALAÇÃO. AF_11/2021_PE","UN","ATRIBUÍDO SÃO PAULO",7698.71,"CAIXA REFERENCIAL"]
["INSTALACOES ESPECIAIS","INES","AR CONDICIONADO","0190","","",103271,"AR CONDICIONADO SPLIT ON/OFF, CASSETE (TETO), FRIO 4 VIAS 36000 BTU/H - FORNECIMENTO E INSTALAÇÃO. AF_11/2021_PE","UN","ATRIBUÍDO SÃO PAULO",10911.08,"CAIXA REFERENCIAL"]
["INSTALACOES ESPECIAIS","INES","AR CONDICIONADO","0190","","",103272,"AR CONDICIONADO SPLIT ON/OFF, CASSETE (TETO), 36000 BTU/H, CICLO QUENTE/FRIO - FORNECIMENTO E INSTALAÇÃO. AF_11/2021_PE","UN","ATRIBUÍDO SÃO PAULO",11270.43,"CAIXA REFERENCIAL"]
["INSTALACOES ESPECIAIS","INES","AR CONDICIONADO","0190","","",103273,"AR CONDICIONADO SPLIT ON/OFF, CASSETE (TETO), FRIO 4 VIAS 48000 BTU/H - FORNECIMENTO E INSTALAÇÃO. AF_11/2021_PE","UN","ATRIBUÍDO SÃO PAULO",11614.4,"CAIXA REFERENCIAL"]
["INSTALACOES ESPECIAIS","INES","AR CONDICIONADO","0190","","",103274,"AR CONDICIONADO SPLIT ON/OFF, CASSETE (TETO), 48000 BTU/H, CICLO QUENTE/FRIO - FORNECIMENTO E INSTALAÇÃO. AF_11/2021_PE","UN","ATRIBUÍDO SÃO PAULO",13304.47,"CAIXA REFERENCIAL"]
["INSTALACOES ESPECIAIS","INES","AR CONDICIONADO","0190","","",103275,"AR CONDICIONADO SPLIT ON/OFF, CASSETE (TETO), FRIO 4 VIAS 60000 BTU/H - FORNECIMENTO E INSTALAÇÃO. AF_11/2021_PE","UN","ATRIBUÍDO SÃO PAULO",13235.47,"CAIXA REFERENCIAL"]
["INSTALACOES ESPECIAIS","INES","AR CONDICIONADO","0190","","",103276,"AR CONDICIONADO SPLIT ON/OFF, CASSETE (TETO), 60000 BTU/H, CICLO QUENTE/FRIO - FORNECIMENTO E INSTALAÇÃO. AF_11/2021_PE","UN","ATRIBUÍDO SÃO PAULO",13889.13,"CAIXA REFERENCIAL"]
["INSTALACOES ESPECIAIS","INES","AR CONDICIONADO","0190","","",103277,"AR CONDICIONADO SPLITÃO 10 TR - FORNECIMENTO E INSTALAÇÃO. AF_11/2021_PE","UN","ATRIBUÍDO SÃO PAULO",25662.83,"CAIXA REFERENCIAL"]
["INSTALACOES ESPECIAIS","INES","AR CONDICIONADO","0190","","",103278,"AR CONDICIONADO SPLITÃO 15 TR - FORNECIMENTO E INSTALAÇÃO. AF_11/2021_PE","UN","ATRIBUÍDO SÃO PAULO",32842.980000000003,"CAIXA REFERENCIAL"]
["INSTALACOES ESPECIAIS","INES","AR CONDICIONADO","0190","","",103288,"RASGO E CHUMBAMENTO EM ALVENARIA PARA TUBOS DE SPLIT PAREDE DE 9000 A 24000 BTUS/H. AF_11/2021","UN","COEFICIENTE DE REPRESENTATIVIDADE",13.72,"CAIXA REFERENCIAL"]
["INSTALACOES ESPECIAIS","INES","AR CONDICIONADO","0190","","",103289,"TUBO EM COBRE FLEXÍVEL, DN 1/4\", COM ISOLAMENTO, INSTALADO EM FORRO, PARA RAMAL DE ALIMENTAÇÃO DE AR CONDICIONADO, INCLUSO FIXADOR. AF_11/2021","M","ATRIBUÍDO SÃO PAULO",29.42,"CAIXA REFERENCIAL"]
["INSTALACOES ESPECIAIS","INES","AR CONDICIONADO","0190","","",103290,"TUBO EM COBRE FLEXÍVEL, DN 3/8\", COM ISOLAMENTO, INSTALADO EM FORRO, PARA RAMAL DE ALIMENTAÇÃO DE AR CONDICIONADO, INCLUSO FIXADOR. AF_11/2021","M","ATRIBUÍDO SÃO PAULO",45.06,"CAIXA REFERENCIAL"]
["INSTALACOES ESPECIAIS","INES","AR CONDICIONADO","0190","","",103291,"TUBO EM COBRE FLEXÍVEL, DN 1/2\", COM ISOLAMENTO, INSTALADO EM FORRO, PARA RAMAL DE ALIMENTAÇÃO DE AR CONDICIONADO, INCLUSO FIXADOR. AF_11/2021","M","ATRIBUÍDO SÃO PAULO",56.54,"CAIXA REFERENCIAL"]
["INSTALACOES ESPECIAIS","INES","AR CONDICIONADO","0190","","",103292,"TUBO EM COBRE FLEXÍVEL, DN 5/8\", COM ISOLAMENTO, INSTALADO EM FORRO, PARA RAMAL DE ALIMENTAÇÃO DE AR CONDICIONADO, INCLUSO FIXADOR. AF_11/2021","M","ATRIBUÍDO SÃO PAULO",68.17,"CAIXA REFERENCIAL"]
["INSTALACOES ESPECIAIS","INES","GAS","0274","","",101936,"INSTALAÇÃO DE TUBOS E CONEXÕES, EM AÇO/FERRO GALVANIZADO, PARA O CENTRO DE MEDIÇÃO DE GÁS DE EDIFÍCIO RESIDENCIAL, COM 4 PAVIMENTOS, 16 UNIDADES HABITACIONAIS, DN 32 (1 1/4\") - FORNECIMENTO E INSTALAÇÃO. AF_10/2020","UN","ATRIBUÍDO SÃO PAULO",7970.54,"CAIXA REFERENCIAL"]
["INSTALACOES ESPECIAIS","INES","GAS","0274","","",101937,"INSTALAÇÃO DE TUBOS E CONEXÕES, EM AÇO/FERRO GALVANIZADO, PARA O CENTRO DE MEDIÇÃO DE GÁS DE EDIFÍCIO RESIDENCIAL, COM 4 PAVIMENTOS, 16 UNIDADES HABITACIONAIS, DN 50 (2\") - FORNECIMENTO E INSTALAÇÃO. AF_10/2020","UN","ATRIBUÍDO SÃO PAULO",14322.32,"CAIXA REFERENCIAL"]
["INSTALACOES ESPECIAIS","INES","INSTALACAO DE LOGICA","0313","","",98294,"CABO ELETRÔNICO CATEGORIA 5E, INSTALADO EM EDIFICAÇÃO RESIDENCIAL - FORNECIMENTO E INSTALAÇÃO. AF_11/2019","M","COEFICIENTE DE REPRESENTATIVIDADE",5.78,"CAIXA REFERENCIAL"]
["INSTALACOES ESPECIAIS","INES","INSTALACAO DE LOGICA","0313","","",98295,"CABO ELETRÔNICO CATEGORIA 5E, INSTALADO EM EDIFICAÇÃO INSTITUCIONAL - FORNECIMENTO E INSTALAÇÃO. AF_11/2019","M","COEFICIENTE DE REPRESENTATIVIDADE",5.12,"CAIXA REFERENCIAL"]
["INSTALACOES ESPECIAIS","INES","INSTALACAO DE LOGICA","0313","","",98296,"CABO ELETRÔNICO CATEGORIA 6, INSTALADO EM EDIFICAÇÃO RESIDENCIAL - FORNECIMENTO E INSTALAÇÃO. AF_11/2019","M","COEFICIENTE DE REPRESENTATIVIDADE",8.4600000000000009,"CAIXA REFERENCIAL"]
["INSTALACOES ESPECIAIS","INES","INSTALACAO DE LOGICA","0313","","",98297,"CABO ELETRÔNICO CATEGORIA 6, INSTALADO EM EDIFICAÇÃO INSTITUCIONAL - FORNECIMENTO E INSTALAÇÃO. AF_11/2019","M","COEFICIENTE DE REPRESENTATIVIDADE",7.39,"CAIXA REFERENCIAL"]
["INSTALACOES ESPECIAIS","INES","INSTALACAO DE LOGICA","0313","","",98298,"CABO ELETRÔNICO CATEGORIA 6A, INSTALADO EM EDIFICAÇÃO RESIDENCIAL - FORNECIMENTO E INSTALAÇÃO. AF_11/2019","M","COEFICIENTE DE REPRESENTATIVIDADE",20.52,"CAIXA REFERENCIAL"]
["INSTALACOES ESPECIAIS","INES","INSTALACAO DE LOGICA","0313","","",98299,"CABO ELETRÔNICO CATEGORIA 6A, INSTALADO EM EDIFICAÇÃO INSTITUCIONAL - FORNECIMENTO E INSTALAÇÃO. AF_11/2019","M","COEFICIENTE DE REPRESENTATIVIDADE",19.21,"CAIXA REFERENCIAL"]
["INSTALACOES ESPECIAIS","INES","INSTALACAO DE LOGICA","0313","","",98300,"CABO COAXIAL RG6 95% - FORNECIMENTO E INSTALAÇÃO. AF_11/2019","M","COEFICIENTE DE REPRESENTATIVIDADE",5.26,"CAIXA REFERENCIAL"]
["INSTALACOES ESPECIAIS","INES","INSTALACAO DE LOGICA","0313","","",98301,"PATCH PANEL 24 PORTAS, CATEGORIA 5E - FORNECIMENTO E INSTALAÇÃO. AF_11/2019","UN","COEFICIENTE DE REPRESENTATIVIDADE",781.22,"CAIXA REFERENCIAL"]
["INSTALACOES ESPECIAIS","INES","INSTALACAO DE LOGICA","0313","","",98302,"PATCH PANEL 24 PORTAS, CATEGORIA 6 - FORNECIMENTO E INSTALAÇÃO. AF_11/2019","UN","COEFICIENTE DE REPRESENTATIVIDADE",1598.45,"CAIXA REFERENCIAL"]
["INSTALACOES ESPECIAIS","INES","INSTALACAO DE LOGICA","0313","","",98304,"PATCH PANEL 48 PORTAS, CATEGORIA 6 - FORNECIMENTO E INSTALAÇÃO. AF_11/2019","UN","COEFICIENTE DE REPRESENTATIVIDADE",5181.49,"CAIXA REFERENCIAL"]
["INSTALACOES ESPECIAIS","INES","INSTALACAO DE LOGICA","0313","","",98305,"RACK FECHADO PARA SERVIDOR - FORNECIMENTO E INSTALAÇÃO. AF_11/2019","UN","COEFICIENTE DE REPRESENTATIVIDADE",4011.79,"CAIXA REFERENCIAL"]
["INSTALACOES ESPECIAIS","INES","INSTALACAO DE LOGICA","0313","","",98306,"BLOCO DE ENGATE RÁPIDO PARA BASTIDOR TIPO M10 - FORNECIMENTO E INSTALAÇÃO. AF_11/2019","UN","COEFICIENTE DE REPRESENTATIVIDADE",75.459999999999994,"CAIXA REFERENCIAL"]
["INSTALACOES ESPECIAIS","INES","INSTALACAO DE LOGICA","0313","","",98307,"TOMADA DE REDE RJ45 - FORNECIMENTO E INSTALAÇÃO. AF_11/2019","UN","COEFICIENTE DE REPRESENTATIVIDADE",48.64,"CAIXA REFERENCIAL"]
["INSTALACOES ESPECIAIS","INES","INSTALACAO DE LOGICA","0313","","",98308,"TOMADA PARA TELEFONE RJ11 - FORNECIMENTO E INSTALAÇÃO. AF_11/2019","UN","COEFICIENTE DE REPRESENTATIVIDADE",31.8,"CAIXA REFERENCIAL"]
["INSTALACOES ESPECIAIS","INES","INSTALACAO DE LOGICA","0313","","",98593,"PATCH PANEL 48 PORTAS, CATEGORIA 5E - FORNECIMENTO E INSTALAÇÃO. AF_11/2019","UN","COEFICIENTE DE REPRESENTATIVIDADE",3515.15,"CAIXA REFERENCIAL"]
["INSTALACOES ESPECIAIS","INES","INSTALACAO DE LOGICA","0313","","",100553,"CABO COAXIAL RG11 95% - FORNECIMENTO E INSTALAÇÃO. AF_11/2019","M","COEFICIENTE DE REPRESENTATIVIDADE",22.1,"CAIXA REFERENCIAL"]
["INSTALACOES ESPECIAIS","INES","INSTALACAO DE LOGICA","0313","","",100554,"CABO COAXIAL RG59 95% - FORNECIMENTO E INSTALAÇÃO. AF_11/2019","M","COEFICIENTE DE REPRESENTATIVIDADE",5.01,"CAIXA REFERENCIAL"]
["INSTALACOES ESPECIAIS","INES","INSTALACAO DE LOGICA","0313","","",100555,"RACK ABERTO EM COLUNA 44U PARA SERVIDOR - FORNECIMENTO E INSTALAÇÃO. AF_11/2019","UN","COEFICIENTE DE REPRESENTATIVIDADE",1996.33,"CAIXA REFERENCIAL"]
["INSTALACOES HIDRO SANITARIAS","INHI","FORNEC. E ASSENTAMENTO DE TUBOS P/INSTALACAO DOMICILIAR","0179","","",89355,"TUBO, PVC, SOLDÁVEL, DN 20MM, INSTALADO EM RAMAL OU SUB-RAMAL DE ÁGUA - FORNECIMENTO E INSTALAÇÃO. AF_06/2022","M","COEFICIENTE DE REPRESENTATIVIDADE",18.850000000000001,"CAIXA REFERENCIAL"]
["INSTALACOES HIDRO SANITARIAS","INHI","FORNEC. E ASSENTAMENTO DE TUBOS P/INSTALACAO DOMICILIAR","0179","","",89356,"TUBO, PVC, SOLDÁVEL, DN 25MM, INSTALADO EM RAMAL OU SUB-RAMAL DE ÁGUA - FORNECIMENTO E INSTALAÇÃO. AF_06/2022","M","COEFICIENTE DE REPRESENTATIVIDADE",21.73,"CAIXA REFERENCIAL"]
["INSTALACOES HIDRO SANITARIAS","INHI","FORNEC. E ASSENTAMENTO DE TUBOS P/INSTALACAO DOMICILIAR","0179","","",89357,"TUBO, PVC, SOLDÁVEL, DN 32MM, INSTALADO EM RAMAL OU SUB-RAMAL DE ÁGUA - FORNECIMENTO E INSTALAÇÃO. AF_06/2022","M","COEFICIENTE DE REPRESENTATIVIDADE",30.09,"CAIXA REFERENCIAL"]
["INSTALACOES HIDRO SANITARIAS","INHI","FORNEC. E ASSENTAMENTO DE TUBOS P/INSTALACAO DOMICILIAR","0179","","",89401,"TUBO, PVC, SOLDÁVEL, DN 20MM, INSTALADO EM RAMAL DE DISTRIBUIÇÃO DE ÁGUA - FORNECIMENTO E INSTALAÇÃO. AF_06/2022","M","COEFICIENTE DE REPRESENTATIVIDADE",10.09,"CAIXA REFERENCIAL"]
["INSTALACOES HIDRO SANITARIAS","INHI","FORNEC. E ASSENTAMENTO DE TUBOS P/INSTALACAO DOMICILIAR","0179","","",89402,"TUBO, PVC, SOLDÁVEL, DN 25MM, INSTALADO EM RAMAL DE DISTRIBUIÇÃO DE ÁGUA - FORNECIMENTO E INSTALAÇÃO. AF_06/2022","M","COEFICIENTE DE REPRESENTATIVIDADE",11.58,"CAIXA REFERENCIAL"]
["INSTALACOES HIDRO SANITARIAS","INHI","FORNEC. E ASSENTAMENTO DE TUBOS P/INSTALACAO DOMICILIAR","0179","","",89403,"TUBO, PVC, SOLDÁVEL, DN 32MM, INSTALADO EM RAMAL DE DISTRIBUIÇÃO DE ÁGUA - FORNECIMENTO E INSTALAÇÃO. AF_06/2022","M","COEFICIENTE DE REPRESENTATIVIDADE",18,"CAIXA REFERENCIAL"]
["INSTALACOES HIDRO SANITARIAS","INHI","FORNEC. E ASSENTAMENTO DE TUBOS P/INSTALACAO DOMICILIAR","0179","","",89446,"TUBO, PVC, SOLDÁVEL, DN 25MM, INSTALADO EM PRUMADA DE ÁGUA - FORNECIMENTO E INSTALAÇÃO. AF_06/2022","M","COEFICIENTE DE REPRESENTATIVIDADE",5.22,"CAIXA REFERENCIAL"]
["INSTALACOES HIDRO SANITARIAS","INHI","FORNEC. E ASSENTAMENTO DE TUBOS P/INSTALACAO DOMICILIAR","0179","","",89447,"TUBO, PVC, SOLDÁVEL, DN 32MM, INSTALADO EM PRUMADA DE ÁGUA - FORNECIMENTO E INSTALAÇÃO. AF_06/2022","M","COEFICIENTE DE REPRESENTATIVIDADE",10.41,"CAIXA REFERENCIAL"]
["INSTALACOES HIDRO SANITARIAS","INHI","FORNEC. E ASSENTAMENTO DE TUBOS P/INSTALACAO DOMICILIAR","0179","","",89448,"TUBO, PVC, SOLDÁVEL, DN 40MM, INSTALADO EM PRUMADA DE ÁGUA - FORNECIMENTO E INSTALAÇÃO. AF_06/2022","M","COEFICIENTE DE REPRESENTATIVIDADE",15.95,"CAIXA REFERENCIAL"]
["INSTALACOES HIDRO SANITARIAS","INHI","FORNEC. E ASSENTAMENTO DE TUBOS P/INSTALACAO DOMICILIAR","0179","","",89449,"TUBO, PVC, SOLDÁVEL, DN 50MM, INSTALADO EM PRUMADA DE ÁGUA - FORNECIMENTO E INSTALAÇÃO. AF_06/2022","M","COEFICIENTE DE REPRESENTATIVIDADE",17.649999999999999,"CAIXA REFERENCIAL"]
["INSTALACOES HIDRO SANITARIAS","INHI","FORNEC. E ASSENTAMENTO DE TUBOS P/INSTALACAO DOMICILIAR","0179","","",89450,"TUBO, PVC, SOLDÁVEL, DN 60MM, INSTALADO EM PRUMADA DE ÁGUA - FORNECIMENTO E INSTALAÇÃO. AF_06/2022","M","COEFICIENTE DE REPRESENTATIVIDADE",28.32,"CAIXA REFERENCIAL"]
["INSTALACOES HIDRO SANITARIAS","INHI","FORNEC. E ASSENTAMENTO DE TUBOS P/INSTALACAO DOMICILIAR","0179","","",89451,"TUBO, PVC, SOLDÁVEL, DN 75MM, INSTALADO EM PRUMADA DE ÁGUA - FORNECIMENTO E INSTALAÇÃO. AF_06/2022","M","COEFICIENTE DE REPRESENTATIVIDADE",46.16,"CAIXA REFERENCIAL"]
["INSTALACOES HIDRO SANITARIAS","INHI","FORNEC. E ASSENTAMENTO DE TUBOS P/INSTALACAO DOMICILIAR","0179","","",89452,"TUBO, PVC, SOLDÁVEL, DN 85MM, INSTALADO EM PRUMADA DE ÁGUA - FORNECIMENTO E INSTALAÇÃO. AF_06/2022","M","COEFICIENTE DE REPRESENTATIVIDADE",63.61,"CAIXA REFERENCIAL"]
["INSTALACOES HIDRO SANITARIAS","INHI","FORNEC. E ASSENTAMENTO DE TUBOS P/INSTALACAO DOMICILIAR","0179","","",89508,"TUBO PVC, SÉRIE R, ÁGUA PLUVIAL, DN 40 MM, FORNECIDO E INSTALADO EM RAMAL DE ENCAMINHAMENTO. AF_06/2022","M","COEFICIENTE DE REPRESENTATIVIDADE",14.38,"CAIXA REFERENCIAL"]
["INSTALACOES HIDRO SANITARIAS","INHI","FORNEC. E ASSENTAMENTO DE TUBOS P/INSTALACAO DOMICILIAR","0179","","",89509,"TUBO PVC, SÉRIE R, ÁGUA PLUVIAL, DN 50 MM, FORNECIDO E INSTALADO EM RAMAL DE ENCAMINHAMENTO. AF_06/2022","M","COEFICIENTE DE REPRESENTATIVIDADE",19.38,"CAIXA REFERENCIAL"]
["INSTALACOES HIDRO SANITARIAS","INHI","FORNEC. E ASSENTAMENTO DE TUBOS P/INSTALACAO DOMICILIAR","0179","","",89511,"TUBO PVC, SÉRIE R, ÁGUA PLUVIAL, DN 75 MM, FORNECIDO E INSTALADO EM RAMAL DE ENCAMINHAMENTO. AF_06/2022","M","COEFICIENTE DE REPRESENTATIVIDADE",32.89,"CAIXA REFERENCIAL"]
["INSTALACOES HIDRO SANITARIAS","INHI","FORNEC. E ASSENTAMENTO DE TUBOS P/INSTALACAO DOMICILIAR","0179","","",89512,"TUBO PVC, SÉRIE R, ÁGUA PLUVIAL, DN 100 MM, FORNECIDO E INSTALADO EM RAMAL DE ENCAMINHAMENTO. AF_06/2022","M","COEFICIENTE DE REPRESENTATIVIDADE",41.88,"CAIXA REFERENCIAL"]
["INSTALACOES HIDRO SANITARIAS","INHI","FORNEC. E ASSENTAMENTO DE TUBOS P/INSTALACAO DOMICILIAR","0179","","",89576,"TUBO PVC, SÉRIE R, ÁGUA PLUVIAL, DN 75 MM, FORNECIDO E INSTALADO EM CONDUTORES VERTICAIS DE ÁGUAS PLUVIAIS. AF_06/2022","M","COEFICIENTE DE REPRESENTATIVIDADE",21.8,"CAIXA REFERENCIAL"]
["INSTALACOES HIDRO SANITARIAS","INHI","FORNEC. E ASSENTAMENTO DE TUBOS P/INSTALACAO DOMICILIAR","0179","","",89578,"TUBO PVC, SÉRIE R, ÁGUA PLUVIAL, DN 100 MM, FORNECIDO E INSTALADO EM CONDUTORES VERTICAIS DE ÁGUAS PLUVIAIS. AF_06/2022","M","COEFICIENTE DE REPRESENTATIVIDADE",27.14,"CAIXA REFERENCIAL"]
["INSTALACOES HIDRO SANITARIAS","INHI","FORNEC. E ASSENTAMENTO DE TUBOS P/INSTALACAO DOMICILIAR","0179","","",89580,"TUBO PVC, SÉRIE R, ÁGUA PLUVIAL, DN 150 MM, FORNECIDO E INSTALADO EM CONDUTORES VERTICAIS DE ÁGUAS PLUVIAIS. AF_06/2022","M","COEFICIENTE DE REPRESENTATIVIDADE",56,"CAIXA REFERENCIAL"]
["INSTALACOES HIDRO SANITARIAS","INHI","FORNEC. E ASSENTAMENTO DE TUBOS P/INSTALACAO DOMICILIAR","0179","","",89633,"TUBO, CPVC, SOLDÁVEL, DN 15MM, INSTALADO EM RAMAL OU SUB-RAMAL DE ÁGUA - FORNECIMENTO E INSTALAÇÃO. AF_06/2022","M","COEFICIENTE DE REPRESENTATIVIDADE",21.88,"CAIXA REFERENCIAL"]
["INSTALACOES HIDRO SANITARIAS","INHI","FORNEC. E ASSENTAMENTO DE TUBOS P/INSTALACAO DOMICILIAR","0179","","",89634,"TUBO, CPVC, SOLDÁVEL, DN 22MM, INSTALADO EM RAMAL OU SUB-RAMAL DE ÁGUA - FORNECIMENTO E INSTALAÇÃO. AF_06/2022","M","COEFICIENTE DE REPRESENTATIVIDADE",30.82,"CAIXA REFERENCIAL"]
["INSTALACOES HIDRO SANITARIAS","INHI","FORNEC. E ASSENTAMENTO DE TUBOS P/INSTALACAO DOMICILIAR","0179","","",89635,"TUBO, CPVC, SOLDÁVEL, DN 28MM, INSTALADO EM RAMAL OU SUB-RAMAL DE ÁGUA - FORNECIMENTO E INSTALAÇÃO. AF_06/2022","M","COEFICIENTE DE REPRESENTATIVIDADE",44.51,"CAIXA REFERENCIAL"]
["INSTALACOES HIDRO SANITARIAS","INHI","FORNEC. E ASSENTAMENTO DE TUBOS P/INSTALACAO DOMICILIAR","0179","","",89636,"TUBO, CPVC, SOLDÁVEL, DN 35MM, INSTALADO EM RAMAL OU SUB-RAMAL DE ÁGUA   FORNECIMENTO E INSTALAÇÃO. AF_06/2022","M","COEFICIENTE DE REPRESENTATIVIDADE",55.74,"CAIXA REFERENCIAL"]
["INSTALACOES HIDRO SANITARIAS","INHI","FORNEC. E ASSENTAMENTO DE TUBOS P/INSTALACAO DOMICILIAR","0179","","",89711,"TUBO PVC, SERIE NORMAL, ESGOTO PREDIAL, DN 40 MM, FORNECIDO E INSTALADO EM RAMAL DE DESCARGA OU RAMAL DE ESGOTO SANITÁRIO. AF_08/2022","M","COEFICIENTE DE REPRESENTATIVIDADE",18.87,"CAIXA REFERENCIAL"]
["INSTALACOES HIDRO SANITARIAS","INHI","FORNEC. E ASSENTAMENTO DE TUBOS P/INSTALACAO DOMICILIAR","0179","","",89712,"TUBO PVC, SERIE NORMAL, ESGOTO PREDIAL, DN 50 MM, FORNECIDO E INSTALADO EM RAMAL DE DESCARGA OU RAMAL DE ESGOTO SANITÁRIO. AF_08/2022","M","COEFICIENTE DE REPRESENTATIVIDADE",23.65,"CAIXA REFERENCIAL"]
["INSTALACOES HIDRO SANITARIAS","INHI","FORNEC. E ASSENTAMENTO DE TUBOS P/INSTALACAO DOMICILIAR","0179","","",89713,"TUBO PVC, SERIE NORMAL, ESGOTO PREDIAL, DN 75 MM, FORNECIDO E INSTALADO EM RAMAL DE DESCARGA OU RAMAL DE ESGOTO SANITÁRIO. AF_08/2022","M","COEFICIENTE DE REPRESENTATIVIDADE",29.39,"CAIXA REFERENCIAL"]
["INSTALACOES HIDRO SANITARIAS","INHI","FORNEC. E ASSENTAMENTO DE TUBOS P/INSTALACAO DOMICILIAR","0179","","",89714,"TUBO PVC, SERIE NORMAL, ESGOTO PREDIAL, DN 100 MM, FORNECIDO E INSTALADO EM RAMAL DE DESCARGA OU RAMAL DE ESGOTO SANITÁRIO. AF_08/2022","M","COEFICIENTE DE REPRESENTATIVIDADE",32.950000000000003,"CAIXA REFERENCIAL"]
["INSTALACOES HIDRO SANITARIAS","INHI","FORNEC. E ASSENTAMENTO DE TUBOS P/INSTALACAO DOMICILIAR","0179","","",89716,"TUBO, CPVC, SOLDÁVEL, DN 22MM, INSTALADO EM RAMAL DE DISTRIBUIÇÃO DE ÁGUA - FORNECIMENTO E INSTALAÇÃO. AF_06/2022","M","COEFICIENTE DE REPRESENTATIVIDADE",21.61,"CAIXA REFERENCIAL"]
["INSTALACOES HIDRO SANITARIAS","INHI","FORNEC. E ASSENTAMENTO DE TUBOS P/INSTALACAO DOMICILIAR","0179","","",89717,"TUBO, CPVC, SOLDÁVEL, DN 28MM, INSTALADO EM RAMAL DE DISTRIBUIÇÃO DE ÁGUA - FORNECIMENTO E INSTALAÇÃO. AF_06/2022","M","COEFICIENTE DE REPRESENTATIVIDADE",33.65,"CAIXA REFERENCIAL"]
["INSTALACOES HIDRO SANITARIAS","INHI","FORNEC. E ASSENTAMENTO DE TUBOS P/INSTALACAO DOMICILIAR","0179","","",89770,"TUBO, CPVC, SOLDÁVEL, DN 35MM, INSTALADO EM PRUMADA DE ÁGUA   FORNECIMENTO E INSTALAÇÃO. AF_06/2022","M","COEFICIENTE DE REPRESENTATIVIDADE",34.92,"CAIXA REFERENCIAL"]
["INSTALACOES HIDRO SANITARIAS","INHI","FORNEC. E ASSENTAMENTO DE TUBOS P/INSTALACAO DOMICILIAR","0179","","",89771,"TUBO, CPVC, SOLDÁVEL, DN 42MM, INSTALADO EM PRUMADA DE ÁGUA   FORNECIMENTO E INSTALAÇÃO. AF_06/2022","M","COEFICIENTE DE REPRESENTATIVIDADE",46.59,"CAIXA REFERENCIAL"]
["INSTALACOES HIDRO SANITARIAS","INHI","FORNEC. E ASSENTAMENTO DE TUBOS P/INSTALACAO DOMICILIAR","0179","","",89773,"TUBO, CPVC, SOLDÁVEL, DN 73MM, INSTALADO EM PRUMADA DE ÁGUA   FORNECIMENTO E INSTALAÇÃO. AF_06/2022","M","COEFICIENTE DE REPRESENTATIVIDADE",109.34,"CAIXA REFERENCIAL"]
["INSTALACOES HIDRO SANITARIAS","INHI","FORNEC. E ASSENTAMENTO DE TUBOS P/INSTALACAO DOMICILIAR","0179","","",89775,"TUBO, CPVC, SOLDÁVEL, DN 89MM, INSTALADO EM PRUMADA DE ÁGUA   FORNECIMENTO E INSTALAÇÃO. AF_06/2022","M","COEFICIENTE DE REPRESENTATIVIDADE",170.8,"CAIXA REFERENCIAL"]
["INSTALACOES HIDRO SANITARIAS","INHI","FORNEC. E ASSENTAMENTO DE TUBOS P/INSTALACAO DOMICILIAR","0179","","",89798,"TUBO PVC, SERIE NORMAL, ESGOTO PREDIAL, DN 50 MM, FORNECIDO E INSTALADO EM PRUMADA DE ESGOTO SANITÁRIO OU VENTILAÇÃO. AF_08/2022","M","COEFICIENTE DE REPRESENTATIVIDADE",11.13,"CAIXA REFERENCIAL"]
["INSTALACOES HIDRO SANITARIAS","INHI","FORNEC. E ASSENTAMENTO DE TUBOS P/INSTALACAO DOMICILIAR","0179","","",89799,"TUBO PVC, SERIE NORMAL, ESGOTO PREDIAL, DN 75 MM, FORNECIDO E INSTALADO EM PRUMADA DE ESGOTO SANITÁRIO OU VENTILAÇÃO. AF_08/2022","M","COEFICIENTE DE REPRESENTATIVIDADE",18.989999999999998,"CAIXA REFERENCIAL"]
["INSTALACOES HIDRO SANITARIAS","INHI","FORNEC. E ASSENTAMENTO DE TUBOS P/INSTALACAO DOMICILIAR","0179","","",89800,"TUBO PVC, SERIE NORMAL, ESGOTO PREDIAL, DN 100 MM, FORNECIDO E INSTALADO EM PRUMADA DE ESGOTO SANITÁRIO OU VENTILAÇÃO. AF_08/2022","M","COEFICIENTE DE REPRESENTATIVIDADE",24.73,"CAIXA REFERENCIAL"]
["INSTALACOES HIDRO SANITARIAS","INHI","FORNEC. E ASSENTAMENTO DE TUBOS P/INSTALACAO DOMICILIAR","0179","","",89848,"TUBO PVC, SERIE NORMAL, ESGOTO PREDIAL, DN 100 MM, FORNECIDO E INSTALADO EM SUBCOLETOR AÉREO DE ESGOTO SANITÁRIO. AF_08/2022","M","COEFICIENTE DE REPRESENTATIVIDADE",23.65,"CAIXA REFERENCIAL"]
["INSTALACOES HIDRO SANITARIAS","INHI","FORNEC. E ASSENTAMENTO DE TUBOS P/INSTALACAO DOMICILIAR","0179","","",89849,"TUBO PVC, SERIE NORMAL, ESGOTO PREDIAL, DN 150 MM, FORNECIDO E INSTALADO EM SUBCOLETOR AÉREO DE ESGOTO SANITÁRIO. AF_08/2022","M","COEFICIENTE DE REPRESENTATIVIDADE",47.55,"CAIXA REFERENCIAL"]
["INSTALACOES HIDRO SANITARIAS","INHI","FORNEC. E ASSENTAMENTO DE TUBOS P/INSTALACAO DOMICILIAR","0179","","",89865,"TUBO, PVC, SOLDÁVEL, DN 25MM, INSTALADO EM DRENO DE AR-CONDICIONADO - FORNECIMENTO E INSTALAÇÃO. AF_08/2022","M","COEFICIENTE DE REPRESENTATIVIDADE",15.93,"CAIXA REFERENCIAL"]
["INSTALACOES HIDRO SANITARIAS","INHI","FORNEC. E ASSENTAMENTO DE TUBOS P/INSTALACAO DOMICILIAR","0179","","",92275,"TUBO EM COBRE RÍGIDO, DN 22 MM, CLASSE E, SEM ISOLAMENTO, INSTALADO EM PRUMADA DE HIDRÁULICA PREDIAL - FORNECIMENTO E INSTALAÇÃO. AF_04/2022","M","ATRIBUÍDO SÃO PAULO",53.36,"CAIXA REFERENCIAL"]
["INSTALACOES HIDRO SANITARIAS","INHI","FORNEC. E ASSENTAMENTO DE TUBOS P/INSTALACAO DOMICILIAR","0179","","",92276,"TUBO EM COBRE RÍGIDO, DN 28 MM, CLASSE E, SEM ISOLAMENTO, INSTALADO EM PRUMADA DE HIDRÁULICA PREDIAL - FORNECIMENTO E INSTALAÇÃO. AF_04/2022","M","ATRIBUÍDO SÃO PAULO",67.760000000000005,"CAIXA REFERENCIAL"]
["INSTALACOES HIDRO SANITARIAS","INHI","FORNEC. E ASSENTAMENTO DE TUBOS P/INSTALACAO DOMICILIAR","0179","","",92277,"TUBO EM COBRE RÍGIDO, DN 35 MM, CLASSE E, SEM ISOLAMENTO, INSTALADO EM PRUMADA DE HIDRÁULICA PREDIAL - FORNECIMENTO E INSTALAÇÃO. AF_04/2022","M","ATRIBUÍDO SÃO PAULO",97.92,"CAIXA REFERENCIAL"]
["INSTALACOES HIDRO SANITARIAS","INHI","FORNEC. E ASSENTAMENTO DE TUBOS P/INSTALACAO DOMICILIAR","0179","","",92278,"TUBO EM COBRE RÍGIDO, DN 42 MM, CLASSE E, SEM ISOLAMENTO, INSTALADO EM PRUMADA DE HIDRÁULICA PREDIAL - FORNECIMENTO E INSTALAÇÃO. AF_04/2022","M","ATRIBUÍDO SÃO PAULO",131.77000000000001,"CAIXA REFERENCIAL"]
["INSTALACOES HIDRO SANITARIAS","INHI","FORNEC. E ASSENTAMENTO DE TUBOS P/INSTALACAO DOMICILIAR","0179","","",92279,"TUBO EM COBRE RÍGIDO, DN 54 MM, CLASSE E, SEM ISOLAMENTO, INSTALADO EM PRUMADA DE HIDRÁULICA PREDIAL - FORNECIMENTO E INSTALAÇÃO. AF_04/2022","M","ATRIBUÍDO SÃO PAULO",190.5,"CAIXA REFERENCIAL"]
["INSTALACOES HIDRO SANITARIAS","INHI","FORNEC. E ASSENTAMENTO DE TUBOS P/INSTALACAO DOMICILIAR","0179","","",92280,"TUBO EM COBRE RÍGIDO, DN 66 MM, CLASSE E, SEM ISOLAMENTO, INSTALADO EM PRUMADA DE HIDRÁULICA PREDIAL - FORNECIMENTO E INSTALAÇÃO. AF_04/2022","M","ATRIBUÍDO SÃO PAULO",267.45,"CAIXA REFERENCIAL"]
["INSTALACOES HIDRO SANITARIAS","INHI","FORNEC. E ASSENTAMENTO DE TUBOS P/INSTALACAO DOMICILIAR","0179","","",92281,"TUBO EM COBRE RÍGIDO, DN 22 MM, CLASSE E, COM ISOLAMENTO, INSTALADO EM PRUMADA DE HIDRÁULICA PREDIAL - FORNECIMENTO E INSTALAÇÃO. AF_04/2022","M","ATRIBUÍDO SÃO PAULO",101.54,"CAIXA REFERENCIAL"]
["INSTALACOES HIDRO SANITARIAS","INHI","FORNEC. E ASSENTAMENTO DE TUBOS P/INSTALACAO DOMICILIAR","0179","","",92282,"TUBO EM COBRE RÍGIDO, DN 28 MM, CLASSE E, COM ISOLAMENTO, INSTALADO EM PRUMADA DE HIDRÁULICA PREDIAL - FORNECIMENTO E INSTALAÇÃO. AF_04/2022","M","ATRIBUÍDO SÃO PAULO",117.91,"CAIXA REFERENCIAL"]
["INSTALACOES HIDRO SANITARIAS","INHI","FORNEC. E ASSENTAMENTO DE TUBOS P/INSTALACAO DOMICILIAR","0179","","",92283,"TUBO EM COBRE RÍGIDO, DN 35 MM, CLASSE E, COM ISOLAMENTO, INSTALADO EM PRUMADA DE HIDRÁULICA PREDIAL - FORNECIMENTO E INSTALAÇÃO. AF_04/2022","M","ATRIBUÍDO SÃO PAULO",161.19999999999999,"CAIXA REFERENCIAL"]
["INSTALACOES HIDRO SANITARIAS","INHI","FORNEC. E ASSENTAMENTO DE TUBOS P/INSTALACAO DOMICILIAR","0179","","",92284,"TUBO EM COBRE RÍGIDO, DN 42 MM, CLASSE E, COM ISOLAMENTO, INSTALADO EM PRUMADA DE HIDRÁULICA PREDIAL - FORNECIMENTO E INSTALAÇÃO. AF_04/2022","M","ATRIBUÍDO SÃO PAULO",203.86,"CAIXA REFERENCIAL"]
["INSTALACOES HIDRO SANITARIAS","INHI","FORNEC. E ASSENTAMENTO DE TUBOS P/INSTALACAO DOMICILIAR","0179","","",92285,"TUBO EM COBRE RÍGIDO, DN 54 MM, CLASSE E, COM ISOLAMENTO, INSTALADO EM PRUMADA DE HIDRÁULICA PREDIAL - FORNECIMENTO E INSTALAÇÃO. AF_04/2022","M","ATRIBUÍDO SÃO PAULO",276.58999999999997,"CAIXA REFERENCIAL"]
["INSTALACOES HIDRO SANITARIAS","INHI","FORNEC. E ASSENTAMENTO DE TUBOS P/INSTALACAO DOMICILIAR","0179","","",92286,"TUBO EM COBRE RÍGIDO, DN 66 MM, CLASSE E, COM ISOLAMENTO, INSTALADO EM PRUMADA DE HIDRÁULICA PREDIAL - FORNECIMENTO E INSTALAÇÃO. AF_04/2022","M","ATRIBUÍDO SÃO PAULO",354.75,"CAIXA REFERENCIAL"]
["INSTALACOES HIDRO SANITARIAS","INHI","FORNEC. E ASSENTAMENTO DE TUBOS P/INSTALACAO DOMICILIAR","0179","","",92305,"TUBO EM COBRE RÍGIDO, DN 15 MM, CLASSE E, SEM ISOLAMENTO, INSTALADO EM RAMAL DE DISTRIBUIÇÃO DE HIDRÁULICA PREDIAL - FORNECIMENTO E INSTALAÇÃO. AF_04/2022","M","ATRIBUÍDO SÃO PAULO",36,"CAIXA REFERENCIAL"]
["INSTALACOES HIDRO SANITARIAS","INHI","FORNEC. E ASSENTAMENTO DE TUBOS P/INSTALACAO DOMICILIAR","0179","","",92306,"TUBO EM COBRE RÍGIDO, DN 22 MM, CLASSE E, SEM ISOLAMENTO, INSTALADO EM RAMAL DE DISTRIBUIÇÃO DE HIDRÁULICA PREDIAL - FORNECIMENTO E INSTALAÇÃO. AF_04/2022","M","ATRIBUÍDO SÃO PAULO",58.47,"CAIXA REFERENCIAL"]
["INSTALACOES HIDRO SANITARIAS","INHI","FORNEC. E ASSENTAMENTO DE TUBOS P/INSTALACAO DOMICILIAR","0179","","",92307,"TUBO EM COBRE RÍGIDO, DN 28 MM, CLASSE E, SEM ISOLAMENTO, INSTALADO EM RAMAL DE DISTRIBUIÇÃO DE HIDRÁULICA PREDIAL - FORNECIMENTO E INSTALAÇÃO. AF_04/2022","M","ATRIBUÍDO SÃO PAULO",73.099999999999994,"CAIXA REFERENCIAL"]
["INSTALACOES HIDRO SANITARIAS","INHI","FORNEC. E ASSENTAMENTO DE TUBOS P/INSTALACAO DOMICILIAR","0179","","",92308,"TUBO EM COBRE RÍGIDO, DN 15 MM, CLASSE E, COM ISOLAMENTO, INSTALADO EM RAMAL DE DISTRIBUIÇÃO DE HIDRÁULICA PREDIAL - FORNECIMENTO E INSTALAÇÃO. AF_04/2022","M","ATRIBUÍDO SÃO PAULO",49.06,"CAIXA REFERENCIAL"]
["INSTALACOES HIDRO SANITARIAS","INHI","FORNEC. E ASSENTAMENTO DE TUBOS P/INSTALACAO DOMICILIAR","0179","","",92309,"TUBO EM COBRE RÍGIDO, DN 22 MM, CLASSE E, COM ISOLAMENTO, INSTALADO EM RAMAL DE DISTRIBUIÇÃO DE HIDRÁULICA PREDIAL - FORNECIMENTO E INSTALAÇÃO. AF_04/2022","M","ATRIBUÍDO SÃO PAULO",109.2,"CAIXA REFERENCIAL"]
["INSTALACOES HIDRO SANITARIAS","INHI","FORNEC. E ASSENTAMENTO DE TUBOS P/INSTALACAO DOMICILIAR","0179","","",92310,"TUBO EM COBRE RÍGIDO, DN 28 MM, CLASSE E, COM ISOLAMENTO, INSTALADO EM RAMAL DE DISTRIBUIÇÃO DE HIDRÁULICA PREDIAL - FORNECIMENTO E INSTALAÇÃO. AF_04/2022","M","ATRIBUÍDO SÃO PAULO",125.8,"CAIXA REFERENCIAL"]
["INSTALACOES HIDRO SANITARIAS","INHI","FORNEC. E ASSENTAMENTO DE TUBOS P/INSTALACAO DOMICILIAR","0179","","",92320,"TUBO EM COBRE RÍGIDO, DN 15 MM, CLASSE E, SEM ISOLAMENTO, INSTALADO EM RAMAL E SUB-RAMAL DE HIDRÁULICA PREDIAL - FORNECIMENTO E INSTALAÇÃO. AF_04/2022","M","ATRIBUÍDO SÃO PAULO",46.5,"CAIXA REFERENCIAL"]
["INSTALACOES HIDRO SANITARIAS","INHI","FORNEC. E ASSENTAMENTO DE TUBOS P/INSTALACAO DOMICILIAR","0179","","",92321,"TUBO EM COBRE RÍGIDO, DN 22 MM, CLASSE E, SEM ISOLAMENTO, INSTALADO EM RAMAL E SUB-RAMAL DE HIDRÁULICA PREDIAL - FORNECIMENTO E INSTALAÇÃO. AF_04/2022","M","ATRIBUÍDO SÃO PAULO",76.56,"CAIXA REFERENCIAL"]
["INSTALACOES HIDRO SANITARIAS","INHI","FORNEC. E ASSENTAMENTO DE TUBOS P/INSTALACAO DOMICILIAR","0179","","",92322,"TUBO EM COBRE RÍGIDO, DN 28 MM, CLASSE E, SEM ISOLAMENTO, INSTALADO EM RAMAL E SUB-RAMAL DE HIDRÁULICA PREDIAL - FORNECIMENTO E INSTALAÇÃO. AF_04/2022","M","ATRIBUÍDO SÃO PAULO",97.68,"CAIXA REFERENCIAL"]
["INSTALACOES HIDRO SANITARIAS","INHI","FORNEC. E ASSENTAMENTO DE TUBOS P/INSTALACAO DOMICILIAR","0179","","",92323,"TUBO EM COBRE RÍGIDO, DN 15 MM, CLASSE E, COM ISOLAMENTO, INSTALADO EM RAMAL E SUB-RAMAL DE HIDRÁULICA PREDIAL - FORNECIMENTO E INSTALAÇÃO. AF_04/2022","M","ATRIBUÍDO SÃO PAULO",57.04,"CAIXA REFERENCIAL"]
["INSTALACOES HIDRO SANITARIAS","INHI","FORNEC. E ASSENTAMENTO DE TUBOS P/INSTALACAO DOMICILIAR","0179","","",92324,"TUBO EM COBRE RÍGIDO, DN 22 MM, CLASSE E, COM ISOLAMENTO, INSTALADO EM RAMAL E SUB-RAMAL DE HIDRÁULICA PREDIAL - FORNECIMENTO E INSTALAÇÃO. AF_04/2022","M","ATRIBUÍDO SÃO PAULO",124.76,"CAIXA REFERENCIAL"]
["INSTALACOES HIDRO SANITARIAS","INHI","FORNEC. E ASSENTAMENTO DE TUBOS P/INSTALACAO DOMICILIAR","0179","","",92325,"TUBO EM COBRE RÍGIDO, DN 28 MM, CLASSE E, COM ISOLAMENTO, INSTALADO EM RAMAL E SUB-RAMAL DE HIDRÁULICA PREDIAL - FORNECIMENTO E INSTALAÇÃO. AF_04/2022","M","ATRIBUÍDO SÃO PAULO",147.86000000000001,"CAIXA REFERENCIAL"]
["INSTALACOES HIDRO SANITARIAS","INHI","FORNEC. E ASSENTAMENTO DE TUBOS P/INSTALACAO DOMICILIAR","0179","","",92335,"TUBO DE AÇO GALVANIZADO COM COSTURA, CLASSE MÉDIA, CONEXÃO RANHURADA, DN 50 (2\"), INSTALADO EM PRUMADAS - FORNECIMENTO E INSTALAÇÃO. AF_10/2020","M","COEFICIENTE DE REPRESENTATIVIDADE",78.63,"CAIXA REFERENCIAL"]
["INSTALACOES HIDRO SANITARIAS","INHI","FORNEC. E ASSENTAMENTO DE TUBOS P/INSTALACAO DOMICILIAR","0179","","",92336,"TUBO DE AÇO GALVANIZADO COM COSTURA, CLASSE MÉDIA, CONEXÃO RANHURADA, DN 65 (2 1/2\"), INSTALADO EM PRUMADAS - FORNECIMENTO E INSTALAÇÃO. AF_10/2020","M","COEFICIENTE DE REPRESENTATIVIDADE",96.52,"CAIXA REFERENCIAL"]
["INSTALACOES HIDRO SANITARIAS","INHI","FORNEC. E ASSENTAMENTO DE TUBOS P/INSTALACAO DOMICILIAR","0179","","",92337,"TUBO DE AÇO GALVANIZADO COM COSTURA, CLASSE MÉDIA, CONEXÃO RANHURADA, DN 80 (3\"), INSTALADO EM PRUMADAS - FORNECIMENTO E INSTALAÇÃO. AF_10/2020","M","COEFICIENTE DE REPRESENTATIVIDADE",126.91,"CAIXA REFERENCIAL"]
["INSTALACOES HIDRO SANITARIAS","INHI","FORNEC. E ASSENTAMENTO DE TUBOS P/INSTALACAO DOMICILIAR","0179","","",92338,"TUBO DE AÇO PRETO SEM COSTURA, CONEXÃO SOLDADA, DN 50 (2\"), INSTALADO EM PRUMADAS - FORNECIMENTO E INSTALAÇÃO. AF_10/2020","M","COEFICIENTE DE REPRESENTATIVIDADE",165.63,"CAIXA REFERENCIAL"]
["INSTALACOES HIDRO SANITARIAS","INHI","FORNEC. E ASSENTAMENTO DE TUBOS P/INSTALACAO DOMICILIAR","0179","","",92339,"TUBO DE AÇO PRETO SEM COSTURA, CONEXÃO SOLDADA, DN 65 (2 1/2\"), INSTALADO EM PRUMADAS - FORNECIMENTO E INSTALAÇÃO. AF_10/2020","M","COEFICIENTE DE REPRESENTATIVIDADE",254.54,"CAIXA REFERENCIAL"]
["INSTALACOES HIDRO SANITARIAS","INHI","FORNEC. E ASSENTAMENTO DE TUBOS P/INSTALACAO DOMICILIAR","0179","","",92341,"TUBO DE AÇO GALVANIZADO COM COSTURA, CLASSE MÉDIA, DN 50 (2\"), CONEXÃO ROSQUEADA, INSTALADO EM PRUMADAS - FORNECIMENTO E INSTALAÇÃO. AF_10/2020","M","COEFICIENTE DE REPRESENTATIVIDADE",88.26,"CAIXA REFERENCIAL"]
["INSTALACOES HIDRO SANITARIAS","INHI","FORNEC. E ASSENTAMENTO DE TUBOS P/INSTALACAO DOMICILIAR","0179","","",92342,"TUBO DE AÇO GALVANIZADO COM COSTURA, CLASSE MÉDIA, DN 65 (2 1/2\"), CONEXÃO ROSQUEADA, INSTALADO EM PRUMADAS - FORNECIMENTO E INSTALAÇÃO. AF_10/2020","M","COEFICIENTE DE REPRESENTATIVIDADE",106.22,"CAIXA REFERENCIAL"]
["INSTALACOES HIDRO SANITARIAS","INHI","FORNEC. E ASSENTAMENTO DE TUBOS P/INSTALACAO DOMICILIAR","0179","","",92343,"TUBO DE AÇO GALVANIZADO COM COSTURA, CLASSE MÉDIA, DN 80 (3\"), CONEXÃO ROSQUEADA, INSTALADO EM PRUMADAS - FORNECIMENTO E INSTALAÇÃO. AF_10/2020","M","COEFICIENTE DE REPRESENTATIVIDADE",136.69999999999999,"CAIXA REFERENCIAL"]
["INSTALACOES HIDRO SANITARIAS","INHI","FORNEC. E ASSENTAMENTO DE TUBOS P/INSTALACAO DOMICILIAR","0179","","",92359,"TUBO DE AÇO PRETO SEM COSTURA, CONEXÃO SOLDADA, DN 25 (1\"), INSTALADO EM REDE DE ALIMENTAÇÃO PARA HIDRANTE - FORNECIMENTO E INSTALAÇÃO. AF_10/2020","M","COEFICIENTE DE REPRESENTATIVIDADE",80.92,"CAIXA REFERENCIAL"]
["INSTALACOES HIDRO SANITARIAS","INHI","FORNEC. E ASSENTAMENTO DE TUBOS P/INSTALACAO DOMICILIAR","0179","","",92360,"TUBO DE AÇO PRETO SEM COSTURA, CONEXÃO SOLDADA, DN 32 (1 1/4\"), INSTALADO EM REDE DE ALIMENTAÇÃO PARA HIDRANTE - FORNECIMENTO E INSTALAÇÃO. AF_10/2020","M","COEFICIENTE DE REPRESENTATIVIDADE",108.22,"CAIXA REFERENCIAL"]
["INSTALACOES HIDRO SANITARIAS","INHI","FORNEC. E ASSENTAMENTO DE TUBOS P/INSTALACAO DOMICILIAR","0179","","",92361,"TUBO DE AÇO PRETO SEM COSTURA, CONEXÃO SOLDADA, DN 50 (2\"), INSTALADO EM REDE DE ALIMENTAÇÃO PARA HIDRANTE - FORNECIMENTO E INSTALAÇÃO. AF_10/2020","M","COEFICIENTE DE REPRESENTATIVIDADE",145.77000000000001,"CAIXA REFERENCIAL"]
["INSTALACOES HIDRO SANITARIAS","INHI","FORNEC. E ASSENTAMENTO DE TUBOS P/INSTALACAO DOMICILIAR","0179","","",92362,"TUBO DE AÇO PRETO SEM COSTURA, CONEXÃO SOLDADA, DN 65 (2 1/2\"), INSTALADO EM REDE DE ALIMENTAÇÃO PARA HIDRANTE - FORNECIMENTO E INSTALAÇÃO. AF_10/2020","M","COEFICIENTE DE REPRESENTATIVIDADE",233.88,"CAIXA REFERENCIAL"]
["INSTALACOES HIDRO SANITARIAS","INHI","FORNEC. E ASSENTAMENTO DE TUBOS P/INSTALACAO DOMICILIAR","0179","","",92364,"TUBO DE AÇO GALVANIZADO COM COSTURA, CLASSE MÉDIA, DN 32 (1 1/4\"), CONEXÃO ROSQUEADA, INSTALADO EM REDE DE ALIMENTAÇÃO PARA HIDRANTE - FORNECIMENTO E INSTALAÇÃO. AF_10/2020","M","COEFICIENTE DE REPRESENTATIVIDADE",47.81,"CAIXA REFERENCIAL"]
["INSTALACOES HIDRO SANITARIAS","INHI","FORNEC. E ASSENTAMENTO DE TUBOS P/INSTALACAO DOMICILIAR","0179","","",92365,"TUBO DE AÇO GALVANIZADO COM COSTURA, CLASSE MÉDIA, DN 40 (1 1/2\"), CONEXÃO ROSQUEADA, INSTALADO EM REDE DE ALIMENTAÇÃO PARA HIDRANTE - FORNECIMENTO E INSTALAÇÃO. AF_10/2020","M","COEFICIENTE DE REPRESENTATIVIDADE",54.97,"CAIXA REFERENCIAL"]
["INSTALACOES HIDRO SANITARIAS","INHI","FORNEC. E ASSENTAMENTO DE TUBOS P/INSTALACAO DOMICILIAR","0179","","",92366,"TUBO DE AÇO GALVANIZADO COM COSTURA, CLASSE MÉDIA, DN 50 (2\"), CONEXÃO ROSQUEADA, INSTALADO EM REDE DE ALIMENTAÇÃO PARA HIDRANTE - FORNECIMENTO E INSTALAÇÃO. AF_10/2020","M","COEFICIENTE DE REPRESENTATIVIDADE",76.349999999999994,"CAIXA REFERENCIAL"]
["INSTALACOES HIDRO SANITARIAS","INHI","FORNEC. E ASSENTAMENTO DE TUBOS P/INSTALACAO DOMICILIAR","0179","","",92367,"TUBO DE AÇO GALVANIZADO COM COSTURA, CLASSE MÉDIA, DN 65 (2 1/2\"), CONEXÃO ROSQUEADA, INSTALADO EM REDE DE ALIMENTAÇÃO PARA HIDRANTE - FORNECIMENTO E INSTALAÇÃO. AF_10/2020","M","COEFICIENTE DE REPRESENTATIVIDADE",93.76,"CAIXA REFERENCIAL"]
["INSTALACOES HIDRO SANITARIAS","INHI","FORNEC. E ASSENTAMENTO DE TUBOS P/INSTALACAO DOMICILIAR","0179","","",92368,"TUBO DE AÇO GALVANIZADO COM COSTURA, CLASSE MÉDIA, DN 80 (3\"), CONEXÃO ROSQUEADA, INSTALADO EM REDE DE ALIMENTAÇÃO PARA HIDRANTE - FORNECIMENTO E INSTALAÇÃO. AF_10/2020","M","COEFICIENTE DE REPRESENTATIVIDADE",123.74,"CAIXA REFERENCIAL"]
["INSTALACOES HIDRO SANITARIAS","INHI","FORNEC. E ASSENTAMENTO DE TUBOS P/INSTALACAO DOMICILIAR","0179","","",92645,"TUBO DE AÇO PRETO SEM COSTURA, CONEXÃO SOLDADA, DN 25 (1\"), INSTALADO EM REDE DE ALIMENTAÇÃO PARA SPRINKLER - FORNECIMENTO E INSTALAÇÃO. AF_10/2020","M","COEFICIENTE DE REPRESENTATIVIDADE",84.5,"CAIXA REFERENCIAL"]
["INSTALACOES HIDRO SANITARIAS","INHI","FORNEC. E ASSENTAMENTO DE TUBOS P/INSTALACAO DOMICILIAR","0179","","",92646,"TUBO DE AÇO PRETO SEM COSTURA, CONEXÃO SOLDADA, DN 32 (1 1/4\"), INSTALADO EM REDE DE ALIMENTAÇÃO PARA SPRINKLER - FORNECIMENTO E INSTALAÇÃO. AF_10/2020","M","COEFICIENTE DE REPRESENTATIVIDADE",111.79,"CAIXA REFERENCIAL"]
["INSTALACOES HIDRO SANITARIAS","INHI","FORNEC. E ASSENTAMENTO DE TUBOS P/INSTALACAO DOMICILIAR","0179","","",92648,"TUBO DE AÇO PRETO SEM COSTURA, CONEXÃO SOLDADA, DN 40 (1 1/2\"), INSTALADO EM REDE DE ALIMENTAÇÃO PARA SPRINKLER - FORNECIMENTO E INSTALAÇÃO. AF_10/2020","M","COEFICIENTE DE REPRESENTATIVIDADE",122.25,"CAIXA REFERENCIAL"]
["INSTALACOES HIDRO SANITARIAS","INHI","FORNEC. E ASSENTAMENTO DE TUBOS P/INSTALACAO DOMICILIAR","0179","","",92649,"TUBO DE AÇO PRETO SEM COSTURA, CONEXÃO SOLDADA, DN 50 (2\"), INSTALADO EM REDE DE ALIMENTAÇÃO PARA SPRINKLER - FORNECIMENTO E INSTALAÇÃO. AF_10/2020","M","COEFICIENTE DE REPRESENTATIVIDADE",149.34,"CAIXA REFERENCIAL"]
["INSTALACOES HIDRO SANITARIAS","INHI","FORNEC. E ASSENTAMENTO DE TUBOS P/INSTALACAO DOMICILIAR","0179","","",92650,"TUBO DE AÇO PRETO SEM COSTURA, CONEXÃO SOLDADA, DN 65 (2 1/2\"), INSTALADO EM REDE DE ALIMENTAÇÃO PARA SPRINKLER - FORNECIMENTO E INSTALAÇÃO. AF_10/2020","M","COEFICIENTE DE REPRESENTATIVIDADE",237.45,"CAIXA REFERENCIAL"]
["INSTALACOES HIDRO SANITARIAS","INHI","FORNEC. E ASSENTAMENTO DE TUBOS P/INSTALACAO DOMICILIAR","0179","","",92652,"TUBO DE AÇO GALVANIZADO COM COSTURA, CLASSE MÉDIA, CONEXÃO ROSQUEADA, DN 32 (1 1/4\"), INSTALADO EM REDE DE ALIMENTAÇÃO PARA SPRINKLER - FORNECIMENTO E INSTALAÇÃO. AF_10/2020","M","COEFICIENTE DE REPRESENTATIVIDADE",52.21,"CAIXA REFERENCIAL"]
["INSTALACOES HIDRO SANITARIAS","INHI","FORNEC. E ASSENTAMENTO DE TUBOS P/INSTALACAO DOMICILIAR","0179","","",92653,"TUBO DE AÇO GALVANIZADO COM COSTURA, CLASSE MÉDIA, CONEXÃO ROSQUEADA, DN 40 (1 1/2\"), INSTALADO EM REDE DE ALIMENTAÇÃO PARA SPRINKLER - FORNECIMENTO E INSTALAÇÃO. AF_10/2020","M","COEFICIENTE DE REPRESENTATIVIDADE",59.41,"CAIXA REFERENCIAL"]
["INSTALACOES HIDRO SANITARIAS","INHI","FORNEC. E ASSENTAMENTO DE TUBOS P/INSTALACAO DOMICILIAR","0179","","",92654,"TUBO DE AÇO GALVANIZADO COM COSTURA, CLASSE MÉDIA, CONEXÃO ROSQUEADA, DN 50 (2\"), INSTALADO EM REDE DE ALIMENTAÇÃO PARA SPRINKLER - FORNECIMENTO E INSTALAÇÃO. AF_10/2020","M","COEFICIENTE DE REPRESENTATIVIDADE",80.790000000000006,"CAIXA REFERENCIAL"]
["INSTALACOES HIDRO SANITARIAS","INHI","FORNEC. E ASSENTAMENTO DE TUBOS P/INSTALACAO DOMICILIAR","0179","","",92655,"TUBO DE AÇO GALVANIZADO COM COSTURA, CLASSE MÉDIA, CONEXÃO ROSQUEADA, DN 65 (2 1/2\"), INSTALADO EM REDE DE ALIMENTAÇÃO PARA SPRINKLER - FORNECIMENTO E INSTALAÇÃO. AF_10/2020","M","COEFICIENTE DE REPRESENTATIVIDADE",98.29,"CAIXA REFERENCIAL"]
["INSTALACOES HIDRO SANITARIAS","INHI","FORNEC. E ASSENTAMENTO DE TUBOS P/INSTALACAO DOMICILIAR","0179","","",92656,"TUBO DE AÇO GALVANIZADO COM COSTURA, CLASSE MÉDIA, CONEXÃO ROSQUEADA, DN 80 (3\"), INSTALADO EM REDE DE ALIMENTAÇÃO PARA SPRINKLER - FORNECIMENTO E INSTALAÇÃO. AF_10/2020","M","COEFICIENTE DE REPRESENTATIVIDADE",128.27000000000001,"CAIXA REFERENCIAL"]
["INSTALACOES HIDRO SANITARIAS","INHI","FORNEC. E ASSENTAMENTO DE TUBOS P/INSTALACAO DOMICILIAR","0179","","",92687,"TUBO DE AÇO GALVANIZADO COM COSTURA, CLASSE MÉDIA, CONEXÃO ROSQUEADA, DN 15 (1/2\"), INSTALADO EM RAMAIS E SUB-RAMAIS DE GÁS - FORNECIMENTO E INSTALAÇÃO. AF_10/2020","M","COEFICIENTE DE REPRESENTATIVIDADE",24.63,"CAIXA REFERENCIAL"]
["INSTALACOES HIDRO SANITARIAS","INHI","FORNEC. E ASSENTAMENTO DE TUBOS P/INSTALACAO DOMICILIAR","0179","","",92688,"TUBO DE AÇO GALVANIZADO COM COSTURA, CLASSE MÉDIA, CONEXÃO ROSQUEADA, DN 20 (3/4\"), INSTALADO EM RAMAIS E SUB-RAMAIS DE GÁS - FORNECIMENTO E INSTALAÇÃO. AF_10/2020","M","COEFICIENTE DE REPRESENTATIVIDADE",34.68,"CAIXA REFERENCIAL"]
["INSTALACOES HIDRO SANITARIAS","INHI","FORNEC. E ASSENTAMENTO DE TUBOS P/INSTALACAO DOMICILIAR","0179","","",92689,"TUBO DE AÇO PRETO SEM COSTURA, CLASSE MÉDIA, CONEXÃO SOLDADA, DN 15 (1/2\"), INSTALADO EM RAMAIS E SUB-RAMAIS DE GÁS - FORNECIMENTO E INSTALAÇÃO. AF_10/2020","M","COEFICIENTE DE REPRESENTATIVIDADE",58.51,"CAIXA REFERENCIAL"]
["INSTALACOES HIDRO SANITARIAS","INHI","FORNEC. E ASSENTAMENTO DE TUBOS P/INSTALACAO DOMICILIAR","0179","","",92690,"TUBO DE AÇO PRETO SEM COSTURA, CLASSE MÉDIA, CONEXÃO SOLDADA, DN 20 (3/4\"), INSTALADO EM RAMAIS E SUB-RAMAIS DE GÁS - FORNECIMENTO E INSTALAÇÃO. AF_10/2020","M","COEFICIENTE DE REPRESENTATIVIDADE",82.74,"CAIXA REFERENCIAL"]
["INSTALACOES HIDRO SANITARIAS","INHI","FORNEC. E ASSENTAMENTO DE TUBOS P/INSTALACAO DOMICILIAR","0179","","",92691,"TUBO DE AÇO PRETO SEM COSTURA, CLASSE MÉDIA, CONEXÃO SOLDADA, DN 25 (1\"), INSTALADO EM RAMAIS  E SUB-RAMAIS DE GÁS - FORNECIMENTO E INSTALAÇÃO. AF_10/2020","M","COEFICIENTE DE REPRESENTATIVIDADE",104.64,"CAIXA REFERENCIAL"]
["INSTALACOES HIDRO SANITARIAS","INHI","FORNEC. E ASSENTAMENTO DE TUBOS P/INSTALACAO DOMICILIAR","0179","","",94462,"TUBO DE AÇO GALVANIZADO COM COSTURA, CLASSE MÉDIA, DN 50 (2\"), CONEXÃO ROSQUEADA, INSTALADO EM RESERVAÇÃO DE ÁGUA DE EDIFICAÇÃO QUE POSSUA RESERVATÓRIO DE FIBRA/FIBROCIMENTO - FORNECIMENTO E INSTALAÇÃO. AF_06/2016","M","COEFICIENTE DE REPRESENTATIVIDADE",87.68,"CAIXA REFERENCIAL"]
["INSTALACOES HIDRO SANITARIAS","INHI","FORNEC. E ASSENTAMENTO DE TUBOS P/INSTALACAO DOMICILIAR","0179","","",94463,"TUBO DE AÇO GALVANIZADO COM COSTURA, CLASSE MÉDIA, DN 65 (2 1/2\"), CONEXÃO ROSQUEADA, INSTALADO EM RESERVAÇÃO DE ÁGUA DE EDIFICAÇÃO QUE POSSUA RESERVATÓRIO DE FIBRA/FIBROCIMENTO - FORNECIMENTO E INSTALAÇÃO. AF_06/2016","M","COEFICIENTE DE REPRESENTATIVIDADE",102.48,"CAIXA REFERENCIAL"]
["INSTALACOES HIDRO SANITARIAS","INHI","FORNEC. E ASSENTAMENTO DE TUBOS P/INSTALACAO DOMICILIAR","0179","","",94464,"TUBO DE AÇO GALVANIZADO COM COSTURA, CLASSE MÉDIA, DN 80 (3\"), CONEXÃO ROSQUEADA, INSTALADO EM RESERVAÇÃO DE ÁGUA DE EDIFICAÇÃO QUE POSSUA RESERVATÓRIO DE FIBRA/FIBROCIMENTO - FORNECIMENTO E INSTALAÇÃO. AF_06/2016","M","COEFICIENTE DE REPRESENTATIVIDADE",144.08000000000001,"CAIXA REFERENCIAL"]
["INSTALACOES HIDRO SANITARIAS","INHI","FORNEC. E ASSENTAMENTO DE TUBOS P/INSTALACAO DOMICILIAR","0179","","",94602,"TUBO EM COBRE RÍGIDO, DN 54 MM, CLASSE E, SEM ISOLAMENTO, INSTALADO EM RESERVAÇÃO DE ÁGUA DE EDIFICAÇÃO QUE POSSUA RESERVATÓRIO DE FIBRA/FIBROCIMENTO - FORNECIMENTO E INSTALAÇÃO. AF_06/2016","M","ATRIBUÍDO SÃO PAULO",203.53,"CAIXA REFERENCIAL"]
["INSTALACOES HIDRO SANITARIAS","INHI","FORNEC. E ASSENTAMENTO DE TUBOS P/INSTALACAO DOMICILIAR","0179","","",94603,"TUBO EM COBRE RÍGIDO, DN 66 MM, CLASSE E, SEM ISOLAMENTO, INSTALADO EM RESERVAÇÃO DE ÁGUA DE EDIFICAÇÃO QUE POSSUA RESERVATÓRIO DE FIBRA/FIBROCIMENTO - FORNECIMENTO E INSTALAÇÃO. AF_06/2016","M","ATRIBUÍDO SÃO PAULO",274.11,"CAIXA REFERENCIAL"]
["INSTALACOES HIDRO SANITARIAS","INHI","FORNEC. E ASSENTAMENTO DE TUBOS P/INSTALACAO DOMICILIAR","0179","","",94604,"TUBO EM COBRE RÍGIDO, DN 79 MM, CLASSE E, SEM ISOLAMENTO, INSTALADO EM RESERVAÇÃO DE ÁGUA DE EDIFICAÇÃO QUE POSSUA RESERVATÓRIO DE FIBRA/FIBROCIMENTO - FORNECIMENTO E INSTALAÇÃO. AF_06/2016","M","ATRIBUÍDO SÃO PAULO",375.02,"CAIXA REFERENCIAL"]
["INSTALACOES HIDRO SANITARIAS","INHI","FORNEC. E ASSENTAMENTO DE TUBOS P/INSTALACAO DOMICILIAR","0179","","",94605,"TUBO EM COBRE RÍGIDO, DN 104 MM, CLASSE E, SEM ISOLAMENTO, INSTALADO EM RESERVAÇÃO DE ÁGUA DE EDIFICAÇÃO QUE POSSUA RESERVATÓRIO DE FIBRA/FIBROCIMENTO - FORNECIMENTO E INSTALAÇÃO. AF_06/2016","M","ATRIBUÍDO SÃO PAULO",537.03,"CAIXA REFERENCIAL"]
["INSTALACOES HIDRO SANITARIAS","INHI","FORNEC. E ASSENTAMENTO DE TUBOS P/INSTALACAO DOMICILIAR","0179","","",94648,"TUBO, PVC, SOLDÁVEL, DN  25 MM, INSTALADO EM RESERVAÇÃO DE ÁGUA DE EDIFICAÇÃO QUE POSSUA RESERVATÓRIO DE FIBRA/FIBROCIMENTO   FORNECIMENTO E INSTALAÇÃO. AF_06/2016","M","COEFICIENTE DE REPRESENTATIVIDADE",10.31,"CAIXA REFERENCIAL"]
["INSTALACOES HIDRO SANITARIAS","INHI","FORNEC. E ASSENTAMENTO DE TUBOS P/INSTALACAO DOMICILIAR","0179","","",94649,"TUBO, PVC, SOLDÁVEL, DN 32 MM, INSTALADO EM RESERVAÇÃO DE ÁGUA DE EDIFICAÇÃO QUE POSSUA RESERVATÓRIO DE FIBRA/FIBROCIMENTO   FORNECIMENTO E INSTALAÇÃO. AF_06/2016","M","COEFICIENTE DE REPRESENTATIVIDADE",15.3,"CAIXA REFERENCIAL"]
["INSTALACOES HIDRO SANITARIAS","INHI","FORNEC. E ASSENTAMENTO DE TUBOS P/INSTALACAO DOMICILIAR","0179","","",94650,"TUBO, PVC, SOLDÁVEL, DN 40 MM, INSTALADO EM RESERVAÇÃO DE ÁGUA DE EDIFICAÇÃO QUE POSSUA RESERVATÓRIO DE FIBRA/FIBROCIMENTO   FORNECIMENTO E INSTALAÇÃO. AF_06/2016","M","COEFICIENTE DE REPRESENTATIVIDADE",22.93,"CAIXA REFERENCIAL"]
["INSTALACOES HIDRO SANITARIAS","INHI","FORNEC. E ASSENTAMENTO DE TUBOS P/INSTALACAO DOMICILIAR","0179","","",94651,"TUBO, PVC, SOLDÁVEL, DN 50 MM, INSTALADO EM RESERVAÇÃO DE ÁGUA DE EDIFICAÇÃO QUE POSSUA RESERVATÓRIO DE FIBRA/FIBROCIMENTO   FORNECIMENTO E INSTALAÇÃO. AF_06/2016","M","COEFICIENTE DE REPRESENTATIVIDADE",24.33,"CAIXA REFERENCIAL"]
["INSTALACOES HIDRO SANITARIAS","INHI","FORNEC. E ASSENTAMENTO DE TUBOS P/INSTALACAO DOMICILIAR","0179","","",94652,"TUBO, PVC, SOLDÁVEL, DN 60 MM, INSTALADO EM RESERVAÇÃO DE ÁGUA DE EDIFICAÇÃO QUE POSSUA RESERVATÓRIO DE FIBRA/FIBROCIMENTO   FORNECIMENTO E INSTALAÇÃO. AF_06/2016","M","COEFICIENTE DE REPRESENTATIVIDADE",38.96,"CAIXA REFERENCIAL"]
["INSTALACOES HIDRO SANITARIAS","INHI","FORNEC. E ASSENTAMENTO DE TUBOS P/INSTALACAO DOMICILIAR","0179","","",94653,"TUBO, PVC, SOLDÁVEL, DN 75 MM, INSTALADO EM RESERVAÇÃO DE ÁGUA DE EDIFICAÇÃO QUE POSSUA RESERVATÓRIO DE FIBRA/FIBROCIMENTO   FORNECIMENTO E INSTALAÇÃO. AF_06/2016","M","COEFICIENTE DE REPRESENTATIVIDADE",55.4,"CAIXA REFERENCIAL"]
["INSTALACOES HIDRO SANITARIAS","INHI","FORNEC. E ASSENTAMENTO DE TUBOS P/INSTALACAO DOMICILIAR","0179","","",94654,"TUBO, PVC, SOLDÁVEL, DN 85 MM, INSTALADO EM RESERVAÇÃO DE ÁGUA DE EDIFICAÇÃO QUE POSSUA RESERVATÓRIO DE FIBRA/FIBROCIMENTO   FORNECIMENTO E INSTALAÇÃO. AF_06/2016","M","COEFICIENTE DE REPRESENTATIVIDADE",79.260000000000005,"CAIXA REFERENCIAL"]
["INSTALACOES HIDRO SANITARIAS","INHI","FORNEC. E ASSENTAMENTO DE TUBOS P/INSTALACAO DOMICILIAR","0179","","",94655,"TUBO, PVC, SOLDÁVEL, DN 110 MM, INSTALADO EM RESERVAÇÃO DE ÁGUA DE EDIFICAÇÃO QUE POSSUA RESERVATÓRIO DE FIBRA/FIBROCIMENTO   FORNECIMENTO E INSTALAÇÃO. AF_06/2016","M","COEFICIENTE DE REPRESENTATIVIDADE",110.24,"CAIXA REFERENCIAL"]
["INSTALACOES HIDRO SANITARIAS","INHI","FORNEC. E ASSENTAMENTO DE TUBOS P/INSTALACAO DOMICILIAR","0179","","",94716,"TUBO, CPVC, SOLDÁVEL, DN 22 MM, INSTALADO EM RESERVAÇÃO DE ÁGUA DE EDIFICAÇÃO QUE POSSUA RESERVATÓRIO DE FIBRA/FIBROCIMENTO - FORNECIMENTO E INSTALAÇÃO. AF_06/2016","M","COEFICIENTE DE REPRESENTATIVIDADE",20.32,"CAIXA REFERENCIAL"]
["INSTALACOES HIDRO SANITARIAS","INHI","FORNEC. E ASSENTAMENTO DE TUBOS P/INSTALACAO DOMICILIAR","0179","","",94717,"TUBO, CPVC, SOLDÁVEL, DN 28 MM, INSTALADO EM RESERVAÇÃO DE ÁGUA DE EDIFICAÇÃO QUE POSSUA RESERVATÓRIO DE FIBRA/FIBROCIMENTO - FORNECIMENTO E INSTALAÇÃO. AF_06/2016","M","COEFICIENTE DE REPRESENTATIVIDADE",30.95,"CAIXA REFERENCIAL"]
["INSTALACOES HIDRO SANITARIAS","INHI","FORNEC. E ASSENTAMENTO DE TUBOS P/INSTALACAO DOMICILIAR","0179","","",94718,"TUBO, CPVC, SOLDÁVEL, DN 35 MM, INSTALADO EM RESERVAÇÃO DE ÁGUA DE EDIFICAÇÃO QUE POSSUA RESERVATÓRIO DE FIBRA/FIBROCIMENTO - FORNECIMENTO E INSTALAÇÃO. AF_06/2016","M","COEFICIENTE DE REPRESENTATIVIDADE",40.06,"CAIXA REFERENCIAL"]
["INSTALACOES HIDRO SANITARIAS","INHI","FORNEC. E ASSENTAMENTO DE TUBOS P/INSTALACAO DOMICILIAR","0179","","",94719,"TUBO, CPVC, SOLDÁVEL, DN 42 MM, INSTALADO EM RESERVAÇÃO DE ÁGUA DE EDIFICAÇÃO QUE POSSUA RESERVATÓRIO DE FIBRA/FIBROCIMENTO - FORNECIMENTO E INSTALAÇÃO. AF_06/2016","M","COEFICIENTE DE REPRESENTATIVIDADE",51.13,"CAIXA REFERENCIAL"]
["INSTALACOES HIDRO SANITARIAS","INHI","FORNEC. E ASSENTAMENTO DE TUBOS P/INSTALACAO DOMICILIAR","0179","","",94720,"TUBO, CPVC, SOLDÁVEL, DN 54 MM, INSTALADO EM RESERVAÇÃO DE ÁGUA DE EDIFICAÇÃO QUE POSSUA RESERVATÓRIO DE FIBRA/FIBROCIMENTO - FORNECIMENTO E INSTALAÇÃO. AF_06/2016","M","COEFICIENTE DE REPRESENTATIVIDADE",74.88,"CAIXA REFERENCIAL"]
["INSTALACOES HIDRO SANITARIAS","INHI","FORNEC. E ASSENTAMENTO DE TUBOS P/INSTALACAO DOMICILIAR","0179","","",94721,"TUBO, CPVC, SOLDÁVEL, DN 73 MM, INSTALADO EM RESERVAÇÃO DE ÁGUA DE EDIFICAÇÃO QUE POSSUA RESERVATÓRIO DE FIBRA/FIBROCIMENTO - FORNECIMENTO E INSTALAÇÃO. AF_06/2016","M","COEFICIENTE DE REPRESENTATIVIDADE",113.15,"CAIXA REFERENCIAL"]
["INSTALACOES HIDRO SANITARIAS","INHI","FORNEC. E ASSENTAMENTO DE TUBOS P/INSTALACAO DOMICILIAR","0179","","",94722,"TUBO, CPVC, SOLDÁVEL, DN 89 MM, INSTALADO EM RESERVAÇÃO DE ÁGUA DE EDIFICAÇÃO QUE POSSUA RESERVATÓRIO DE FIBRA/FIBROCIMENTO - FORNECIMENTO E INSTALAÇÃO. AF_06/2016","M","COEFICIENTE DE REPRESENTATIVIDADE",196.11,"CAIXA REFERENCIAL"]
["INSTALACOES HIDRO SANITARIAS","INHI","FORNEC. E ASSENTAMENTO DE TUBOS P/INSTALACAO DOMICILIAR","0179","","",94723,"TUBO, CPVC, SOLDÁVEL, DN 114 MM, INSTALADO EM RESERVAÇÃO DE ÁGUA DE EDIFICAÇÃO QUE POSSUA RESERVATÓRIO DE FIBRA/FIBROCIMENTO - FORNECIMENTO E INSTALAÇÃO. AF_06/2016","M","COEFICIENTE DE REPRESENTATIVIDADE",349.71,"CAIXA REFERENCIAL"]
["INSTALACOES HIDRO SANITARIAS","INHI","FORNEC. E ASSENTAMENTO DE TUBOS P/INSTALACAO DOMICILIAR","0179","","",95697,"TUBO DE AÇO PRETO SEM COSTURA, CONEXÃO SOLDADA, DN 40 (1 1/2\"), INSTALADO EM REDE DE ALIMENTAÇÃO PARA HIDRANTE - FORNECIMENTO E INSTALAÇÃO. AF_10/2020","M","COEFICIENTE DE REPRESENTATIVIDADE",118.67,"CAIXA REFERENCIAL"]
["INSTALACOES HIDRO SANITARIAS","INHI","FORNEC. E ASSENTAMENTO DE TUBOS P/INSTALACAO DOMICILIAR","0179","","",96635,"TUBO, PPR, DN 25, CLASSE PN 20,  INSTALADO EM RAMAL OU SUB-RAMAL DE ÁGUA   FORNECIMENTO E INSTALAÇÃO. AF_08/2022","M","ATRIBUÍDO SÃO PAULO",37.58,"CAIXA REFERENCIAL"]
["INSTALACOES HIDRO SANITARIAS","INHI","FORNEC. E ASSENTAMENTO DE TUBOS P/INSTALACAO DOMICILIAR","0179","","",96636,"TUBO, PPR, DN 25, CLASSE PN 25 INSTALADO EM RAMAL OU SUB-RAMAL DE ÁGUA   FORNECIMENTO E INSTALAÇÃO. AF_08/2022","M","ATRIBUÍDO SÃO PAULO",39.880000000000003,"CAIXA REFERENCIAL"]
["INSTALACOES HIDRO SANITARIAS","INHI","FORNEC. E ASSENTAMENTO DE TUBOS P/INSTALACAO DOMICILIAR","0179","","",96644,"TUBO, PPR, DN 25, CLASSE PN 20,  INSTALADO EM RAMAL DE DISTRIBUIÇÃO DE ÁGUA   FORNECIMENTO E INSTALAÇÃO. AF_08/2022","M","ATRIBUÍDO SÃO PAULO",20.75,"CAIXA REFERENCIAL"]
["INSTALACOES HIDRO SANITARIAS","INHI","FORNEC. E ASSENTAMENTO DE TUBOS P/INSTALACAO DOMICILIAR","0179","","",96645,"TUBO, PPR, DN 32, CLASSE PN 12,  INSTALADO EM RAMAL DE DISTRIBUIÇÃO DE ÁGUA   FORNECIMENTO E INSTALAÇÃO. AF_08/2022","M","ATRIBUÍDO SÃO PAULO",18.36,"CAIXA REFERENCIAL"]
["INSTALACOES HIDRO SANITARIAS","INHI","FORNEC. E ASSENTAMENTO DE TUBOS P/INSTALACAO DOMICILIAR","0179","","",96646,"TUBO, PPR, DN 40, CLASSE PN 12,  INSTALADO EM RAMAL DE DISTRIBUIÇÃO DE ÁGUA   FORNECIMENTO E INSTALAÇÃO. AF_08/2022","M","ATRIBUÍDO SÃO PAULO",22.49,"CAIXA REFERENCIAL"]
["INSTALACOES HIDRO SANITARIAS","INHI","FORNEC. E ASSENTAMENTO DE TUBOS P/INSTALACAO DOMICILIAR","0179","","",96647,"TUBO, PPR, DN 25, CLASSE PN 25,  INSTALADO EM RAMAL DE DISTRIBUIÇÃO DE ÁGUA   FORNECIMENTO E INSTALAÇÃO. AF_08/2022","M","ATRIBUÍDO SÃO PAULO",22.54,"CAIXA REFERENCIAL"]
["INSTALACOES HIDRO SANITARIAS","INHI","FORNEC. E ASSENTAMENTO DE TUBOS P/INSTALACAO DOMICILIAR","0179","","",96648,"TUBO, PPR, DN 32, CLASSE PN 25,  INSTALADO EM RAMAL DE DISTRIBUIÇÃO DE ÁGUA   FORNECIMENTO E INSTALAÇÃO. AF_08/2022","M","ATRIBUÍDO SÃO PAULO",27.87,"CAIXA REFERENCIAL"]
["INSTALACOES HIDRO SANITARIAS","INHI","FORNEC. E ASSENTAMENTO DE TUBOS P/INSTALACAO DOMICILIAR","0179","","",96649,"TUBO, PPR, DN 40, CLASSE PN 25,  INSTALADO EM RAMAL DE DISTRIBUIÇÃO DE ÁGUA   FORNECIMENTO E INSTALAÇÃO. AF_08/2022","M","ATRIBUÍDO SÃO PAULO",36.950000000000003,"CAIXA REFERENCIAL"]
["INSTALACOES HIDRO SANITARIAS","INHI","FORNEC. E ASSENTAMENTO DE TUBOS P/INSTALACAO DOMICILIAR","0179","","",96668,"TUBO, PPR, DN 25, CLASSE PN 20,  INSTALADO EM PRUMADA DE ÁGUA   FORNECIMENTO E INSTALAÇÃO. AF_08/2022","M","ATRIBUÍDO SÃO PAULO",16.260000000000002,"CAIXA REFERENCIAL"]
["INSTALACOES HIDRO SANITARIAS","INHI","FORNEC. E ASSENTAMENTO DE TUBOS P/INSTALACAO DOMICILIAR","0179","","",96669,"TUBO, PPR, DN 32, CLASSE PN 12,  INSTALADO EM PRUMADA DE ÁGUA   FORNECIMENTO E INSTALAÇÃO. AF_08/2022","M","ATRIBUÍDO SÃO PAULO",15.97,"CAIXA REFERENCIAL"]
["INSTALACOES HIDRO SANITARIAS","INHI","FORNEC. E ASSENTAMENTO DE TUBOS P/INSTALACAO DOMICILIAR","0179","","",96670,"TUBO, PPR, DN 40, CLASSE PN 12,  INSTALADO EM PRUMADA DE ÁGUA   FORNECIMENTO E INSTALAÇÃO. AF_08/2022","M","ATRIBUÍDO SÃO PAULO",20.78,"CAIXA REFERENCIAL"]
["INSTALACOES HIDRO SANITARIAS","INHI","FORNEC. E ASSENTAMENTO DE TUBOS P/INSTALACAO DOMICILIAR","0179","","",96671,"TUBO, PPR, DN 50, CLASSE PN 12,  INSTALADO EM PRUMADA DE ÁGUA   FORNECIMENTO E INSTALAÇÃO. AF_08/2022","M","ATRIBUÍDO SÃO PAULO",31.49,"CAIXA REFERENCIAL"]
["INSTALACOES HIDRO SANITARIAS","INHI","FORNEC. E ASSENTAMENTO DE TUBOS P/INSTALACAO DOMICILIAR","0179","","",96672,"TUBO, PPR, DN 63, CLASSE PN 12,  INSTALADO EM PRUMADA DE ÁGUA   FORNECIMENTO E INSTALAÇÃO. AF_08/2022","M","ATRIBUÍDO SÃO PAULO",48.06,"CAIXA REFERENCIAL"]
["INSTALACOES HIDRO SANITARIAS","INHI","FORNEC. E ASSENTAMENTO DE TUBOS P/INSTALACAO DOMICILIAR","0179","","",96673,"TUBO, PPR, DN 75, CLASSE PN 12,  INSTALADO EM PRUMADA DE ÁGUA   FORNECIMENTO E INSTALAÇÃO. AF_08/2022","M","ATRIBUÍDO SÃO PAULO",60.59,"CAIXA REFERENCIAL"]
["INSTALACOES HIDRO SANITARIAS","INHI","FORNEC. E ASSENTAMENTO DE TUBOS P/INSTALACAO DOMICILIAR","0179","","",96674,"TUBO, PPR, DN 90, CLASSE PN 12,  INSTALADO EM PRUMADA DE ÁGUA   FORNECIMENTO E INSTALAÇÃO. AF_08/2022","M","ATRIBUÍDO SÃO PAULO",98.1,"CAIXA REFERENCIAL"]
["INSTALACOES HIDRO SANITARIAS","INHI","FORNEC. E ASSENTAMENTO DE TUBOS P/INSTALACAO DOMICILIAR","0179","","",96675,"TUBO, PPR, DN 110, CLASSE PN 12,  INSTALADO EM PRUMADA DE ÁGUA   FORNECIMENTO E INSTALAÇÃO. AF_08/2022","M","ATRIBUÍDO SÃO PAULO",142.72,"CAIXA REFERENCIAL"]
["INSTALACOES HIDRO SANITARIAS","INHI","FORNEC. E ASSENTAMENTO DE TUBOS P/INSTALACAO DOMICILIAR","0179","","",96676,"TUBO, PPR, DN 25, CLASSE PN 25,  INSTALADO EM PRUMADA DE ÁGUA   FORNECIMENTO E INSTALAÇÃO. AF_08/2022","M","ATRIBUÍDO SÃO PAULO",20.5,"CAIXA REFERENCIAL"]
["INSTALACOES HIDRO SANITARIAS","INHI","FORNEC. E ASSENTAMENTO DE TUBOS P/INSTALACAO DOMICILIAR","0179","","",96677,"TUBO, PPR, DN 32, CLASSE PN 25,  INSTALADO EM PRUMADA DE ÁGUA   FORNECIMENTO E INSTALAÇÃO. AF_08/2022","M","ATRIBUÍDO SÃO PAULO",26.72,"CAIXA REFERENCIAL"]
["INSTALACOES HIDRO SANITARIAS","INHI","FORNEC. E ASSENTAMENTO DE TUBOS P/INSTALACAO DOMICILIAR","0179","","",96678,"TUBO, PPR, DN 40, CLASSE PN 25,  INSTALADO EM PRUMADA DE ÁGUA   FORNECIMENTO E INSTALAÇÃO. AF_08/2022","M","ATRIBUÍDO SÃO PAULO",36.82,"CAIXA REFERENCIAL"]
["INSTALACOES HIDRO SANITARIAS","INHI","FORNEC. E ASSENTAMENTO DE TUBOS P/INSTALACAO DOMICILIAR","0179","","",96679,"TUBO, PPR, DN 50, CLASSE PN 25,  INSTALADO EM PRUMADA DE ÁGUA   FORNECIMENTO E INSTALAÇÃO. AF_08/2022","M","ATRIBUÍDO SÃO PAULO",54.94,"CAIXA REFERENCIAL"]
["INSTALACOES HIDRO SANITARIAS","INHI","FORNEC. E ASSENTAMENTO DE TUBOS P/INSTALACAO DOMICILIAR","0179","","",96680,"TUBO, PPR, DN 63, CLASSE PN 25,  INSTALADO EM PRUMADA DE ÁGUA   FORNECIMENTO E INSTALAÇÃO. AF_08/2022","M","ATRIBUÍDO SÃO PAULO",90.99,"CAIXA REFERENCIAL"]
["INSTALACOES HIDRO SANITARIAS","INHI","FORNEC. E ASSENTAMENTO DE TUBOS P/INSTALACAO DOMICILIAR","0179","","",96681,"TUBO, PPR, DN 75, CLASSE PN 25,  INSTALADO EM PRUMADA DE ÁGUA   FORNECIMENTO E INSTALAÇÃO. AF_08/2022","M","ATRIBUÍDO SÃO PAULO",122.5,"CAIXA REFERENCIAL"]
["INSTALACOES HIDRO SANITARIAS","INHI","FORNEC. E ASSENTAMENTO DE TUBOS P/INSTALACAO DOMICILIAR","0179","","",96682,"TUBO, PPR, DN 90, CLASSE PN 25,  INSTALADO EM PRUMADA DE ÁGUA   FORNECIMENTO E INSTALAÇÃO. AF_08/2022","M","ATRIBUÍDO SÃO PAULO",202.29,"CAIXA REFERENCIAL"]
["INSTALACOES HIDRO SANITARIAS","INHI","FORNEC. E ASSENTAMENTO DE TUBOS P/INSTALACAO DOMICILIAR","0179","","",96683,"TUBO, PPR, DN 110, CLASSE PN 25,  INSTALADO EM PRUMADA DE ÁGUA   FORNECIMENTO E INSTALAÇÃO. AF_08/2022","M","ATRIBUÍDO SÃO PAULO",277.73,"CAIXA REFERENCIAL"]
["INSTALACOES HIDRO SANITARIAS","INHI","FORNEC. E ASSENTAMENTO DE TUBOS P/INSTALACAO DOMICILIAR","0179","","",96718,"TUBO, PPR, DN 20, CLASSE PN 20,  INSTALADO EM RESERVAÇÃO DE ÁGUA DE EDIFICAÇÃO QUE POSSUA RESERVATÓRIO DE FIBRA/FIBROCIMENTO - FORNECIMENTO E INSTALAÇÃO. AF_06/2016","M","ATRIBUÍDO SÃO PAULO",9.5,"CAIXA REFERENCIAL"]
["INSTALACOES HIDRO SANITARIAS","INHI","FORNEC. E ASSENTAMENTO DE TUBOS P/INSTALACAO DOMICILIAR","0179","","",96719,"TUBO, PPR, DN 25, CLASSE PN 20,  INSTALADO EM RESERVAÇÃO DE ÁGUA DE EDIFICAÇÃO QUE POSSUA RESERVATÓRIO DE FIBRA/FIBROCIMENTO - FORNECIMENTO E INSTALAÇÃO. AF_06/2016","M","ATRIBUÍDO SÃO PAULO",18.37,"CAIXA REFERENCIAL"]
["INSTALACOES HIDRO SANITARIAS","INHI","FORNEC. E ASSENTAMENTO DE TUBOS P/INSTALACAO DOMICILIAR","0179","","",96720,"TUBO, PPR, DN 32, CLASSE PN 12,  INSTALADO EM RESERVAÇÃO DE ÁGUA DE EDIFICAÇÃO QUE POSSUA RESERVATÓRIO DE FIBRA/FIBROCIMENTO - FORNECIMENTO E INSTALAÇÃO. AF_06/2016","M","ATRIBUÍDO SÃO PAULO",17.04,"CAIXA REFERENCIAL"]
["INSTALACOES HIDRO SANITARIAS","INHI","FORNEC. E ASSENTAMENTO DE TUBOS P/INSTALACAO DOMICILIAR","0179","","",96721,"TUBO, PPR, DN 40, CLASSE PN 12,  INSTALADO EM RESERVAÇÃO DE ÁGUA DE EDIFICAÇÃO QUE POSSUA RESERVATÓRIO DE FIBRA/FIBROCIMENTO - FORNECIMENTO E INSTALAÇÃO. AF_06/2016","M","ATRIBUÍDO SÃO PAULO",20.58,"CAIXA REFERENCIAL"]
["INSTALACOES HIDRO SANITARIAS","INHI","FORNEC. E ASSENTAMENTO DE TUBOS P/INSTALACAO DOMICILIAR","0179","","",96722,"TUBO, PPR, DN 50, CLASSE PN 12,  INSTALADO EM RESERVAÇÃO DE ÁGUA DE EDIFICAÇÃO QUE POSSUA RESERVATÓRIO DE FIBRA/FIBROCIMENTO - FORNECIMENTO E INSTALAÇÃO. AF_06/2016","M","ATRIBUÍDO SÃO PAULO",32.9,"CAIXA REFERENCIAL"]
["INSTALACOES HIDRO SANITARIAS","INHI","FORNEC. E ASSENTAMENTO DE TUBOS P/INSTALACAO DOMICILIAR","0179","","",96723,"TUBO, PPR, DN 63, CLASSE PN 12,  INSTALADO EM RESERVAÇÃO DE ÁGUA DE EDIFICAÇÃO QUE POSSUA RESERVATÓRIO DE FIBRA/FIBROCIMENTO - FORNECIMENTO E INSTALAÇÃO. AF_06/2016","M","ATRIBUÍDO SÃO PAULO",46.87,"CAIXA REFERENCIAL"]
["INSTALACOES HIDRO SANITARIAS","INHI","FORNEC. E ASSENTAMENTO DE TUBOS P/INSTALACAO DOMICILIAR","0179","","",96724,"TUBO, PPR, DN 75, CLASSE PN 12,  INSTALADO EM RESERVAÇÃO DE ÁGUA DE EDIFICAÇÃO QUE POSSUA RESERVATÓRIO DE FIBRA/FIBROCIMENTO - FORNECIMENTO E INSTALAÇÃO. AF_06/2016","M","ATRIBUÍDO SÃO PAULO",62.91,"CAIXA REFERENCIAL"]
["INSTALACOES HIDRO SANITARIAS","INHI","FORNEC. E ASSENTAMENTO DE TUBOS P/INSTALACAO DOMICILIAR","0179","","",96725,"TUBO, PPR, DN 90, CLASSE PN 12,  INSTALADO EM RESERVAÇÃO DE ÁGUA DE EDIFICAÇÃO QUE POSSUA RESERVATÓRIO DE FIBRA/FIBROCIMENTO - FORNECIMENTO E INSTALAÇÃO. AF_06/2016","M","ATRIBUÍDO SÃO PAULO",95.65,"CAIXA REFERENCIAL"]
["INSTALACOES HIDRO SANITARIAS","INHI","FORNEC. E ASSENTAMENTO DE TUBOS P/INSTALACAO DOMICILIAR","0179","","",96726,"TUBO, PPR, DN 110, CLASSE PN 12,  INSTALADO EM RESERVAÇÃO DE ÁGUA DE EDIFICAÇÃO QUE POSSUA RESERVATÓRIO DE FIBRA/FIBROCIMENTO - FORNECIMENTO E INSTALAÇÃO. AF_06/2016","M","ATRIBUÍDO SÃO PAULO",135.94,"CAIXA REFERENCIAL"]
["INSTALACOES HIDRO SANITARIAS","INHI","FORNEC. E ASSENTAMENTO DE TUBOS P/INSTALACAO DOMICILIAR","0179","","",96727,"TUBO, PPR, DN 20, CLASSE PN 25,  INSTALADO EM RESERVAÇÃO DE ÁGUA DE EDIFICAÇÃO QUE POSSUA RESERVATÓRIO DE FIBRA/FIBROCIMENTO - FORNECIMENTO E INSTALAÇÃO. AF_06/2016","M","ATRIBUÍDO SÃO PAULO",16.57,"CAIXA REFERENCIAL"]
["INSTALACOES HIDRO SANITARIAS","INHI","FORNEC. E ASSENTAMENTO DE TUBOS P/INSTALACAO DOMICILIAR","0179","","",96728,"TUBO, PPR, DN 25, CLASSE PN 25,  INSTALADO EM RESERVAÇÃO DE ÁGUA DE EDIFICAÇÃO QUE POSSUA RESERVATÓRIO DE FIBRA/FIBROCIMENTO - FORNECIMENTO E INSTALAÇÃO. AF_06/2016","M","ATRIBUÍDO SÃO PAULO",20.440000000000001,"CAIXA REFERENCIAL"]
["INSTALACOES HIDRO SANITARIAS","INHI","FORNEC. E ASSENTAMENTO DE TUBOS P/INSTALACAO DOMICILIAR","0179","","",96729,"TUBO, PPR, DN 32, CLASSE PN 25,  INSTALADO EM RESERVAÇÃO DE ÁGUA DE EDIFICAÇÃO QUE POSSUA RESERVATÓRIO DE FIBRA/FIBROCIMENTO - FORNECIMENTO E INSTALAÇÃO. AF_06/2016","M","ATRIBUÍDO SÃO PAULO",26.79,"CAIXA REFERENCIAL"]
["INSTALACOES HIDRO SANITARIAS","INHI","FORNEC. E ASSENTAMENTO DE TUBOS P/INSTALACAO DOMICILIAR","0179","","",96730,"TUBO, PPR, DN 40, CLASSE PN 25,  INSTALADO EM RESERVAÇÃO DE ÁGUA DE EDIFICAÇÃO QUE POSSUA RESERVATÓRIO DE FIBRA/FIBROCIMENTO - FORNECIMENTO E INSTALAÇÃO. AF_06/2016","M","ATRIBUÍDO SÃO PAULO",34.99,"CAIXA REFERENCIAL"]
["INSTALACOES HIDRO SANITARIAS","INHI","FORNEC. E ASSENTAMENTO DE TUBOS P/INSTALACAO DOMICILIAR","0179","","",96731,"TUBO, PPR, DN 50, CLASSE PN 25,  INSTALADO EM RESERVAÇÃO DE ÁGUA DE EDIFICAÇÃO QUE POSSUA RESERVATÓRIO DE FIBRA/FIBROCIMENTO - FORNECIMENTO E INSTALAÇÃO. AF_06/2016","M","ATRIBUÍDO SÃO PAULO",54.46,"CAIXA REFERENCIAL"]
["INSTALACOES HIDRO SANITARIAS","INHI","FORNEC. E ASSENTAMENTO DE TUBOS P/INSTALACAO DOMICILIAR","0179","","",96732,"TUBO, PPR, DN 63, CLASSE PN 25,  INSTALADO EM RESERVAÇÃO DE ÁGUA DE EDIFICAÇÃO QUE POSSUA RESERVATÓRIO DE FIBRA/FIBROCIMENTO - FORNECIMENTO E INSTALAÇÃO. AF_06/2016","M","ATRIBUÍDO SÃO PAULO",86.24,"CAIXA REFERENCIAL"]
["INSTALACOES HIDRO SANITARIAS","INHI","FORNEC. E ASSENTAMENTO DE TUBOS P/INSTALACAO DOMICILIAR","0179","","",96733,"TUBO, PPR, DN 75, CLASSE PN 25,  INSTALADO EM RESERVAÇÃO DE ÁGUA DE EDIFICAÇÃO QUE POSSUA RESERVATÓRIO DE FIBRA/FIBROCIMENTO - FORNECIMENTO E INSTALAÇÃO. AF_06/2016","M","ATRIBUÍDO SÃO PAULO",119.76,"CAIXA REFERENCIAL"]
["INSTALACOES HIDRO SANITARIAS","INHI","FORNEC. E ASSENTAMENTO DE TUBOS P/INSTALACAO DOMICILIAR","0179","","",96734,"TUBO, PPR, DN 90, CLASSE PN 25,  INSTALADO EM RESERVAÇÃO DE ÁGUA DE EDIFICAÇÃO QUE POSSUA RESERVATÓRIO DE FIBRA/FIBROCIMENTO - FORNECIMENTO E INSTALAÇÃO. AF_06/2016","M","ATRIBUÍDO SÃO PAULO",190.89,"CAIXA REFERENCIAL"]
["INSTALACOES HIDRO SANITARIAS","INHI","FORNEC. E ASSENTAMENTO DE TUBOS P/INSTALACAO DOMICILIAR","0179","","",96735,"TUBO, PPR, DN 110, CLASSE PN 25,  INSTALADO EM RESERVAÇÃO DE ÁGUA DE EDIFICAÇÃO QUE POSSUA RESERVATÓRIO DE FIBRA/FIBROCIMENTO - FORNECIMENTO E INSTALAÇÃO. AF_06/2016","M","ATRIBUÍDO SÃO PAULO",252.23,"CAIXA REFERENCIAL"]
["INSTALACOES HIDRO SANITARIAS","INHI","FORNEC. E ASSENTAMENTO DE TUBOS P/INSTALACAO DOMICILIAR","0179","","",96798,"TUBO, PEX, MONOCAMADA, DN 16, INSTALADO EM RAMAL/SUB-RAMAL OU DISTRIBUIÇÃO DE ÁGUA - FORNECIMENTO E INSTALAÇÃO. AF_02/2023","M","ATRIBUÍDO SÃO PAULO",7.9,"CAIXA REFERENCIAL"]
["INSTALACOES HIDRO SANITARIAS","INHI","FORNEC. E ASSENTAMENTO DE TUBOS P/INSTALACAO DOMICILIAR","0179","","",96799,"TUBO, PEX, MONOCAMADA, DN 20, INSTALADO EM RAMAL/SUB-RAMAL OU DISTRIBUIÇÃO DE ÁGUA - FORNECIMENTO E INSTALAÇÃO. AF_02/2023","M","ATRIBUÍDO SÃO PAULO",10.130000000000001,"CAIXA REFERENCIAL"]
["INSTALACOES HIDRO SANITARIAS","INHI","FORNEC. E ASSENTAMENTO DE TUBOS P/INSTALACAO DOMICILIAR","0179","","",96800,"TUBO, PEX, MONOCAMADA, DN 25, INSTALADO EM RAMAL/SUB-RAMAL OU DISTRIBUIÇÃO DE ÁGUA - FORNECIMENTO E INSTALAÇÃO. AF_02/2023","M","ATRIBUÍDO SÃO PAULO",13.86,"CAIXA REFERENCIAL"]
["INSTALACOES HIDRO SANITARIAS","INHI","FORNEC. E ASSENTAMENTO DE TUBOS P/INSTALACAO DOMICILIAR","0179","","",96801,"TUBO, PEX, MONOCAMADA, DN 32, INSTALADO EM RAMAL/SUB-RAMAL OU DISTRIBUIÇÃO DE ÁGUA - FORNECIMENTO E INSTALAÇÃO. AF_02/2023","M","ATRIBUÍDO SÃO PAULO",21.19,"CAIXA REFERENCIAL"]
["INSTALACOES HIDRO SANITARIAS","INHI","FORNEC. E ASSENTAMENTO DE TUBOS P/INSTALACAO DOMICILIAR","0179","","",97327,"TUBO EM COBRE FLEXÍVEL, DN 1/4\", COM ISOLAMENTO, INSTALADO EM RAMAL DE ALIMENTAÇÃO DE AR CONDICIONADO COM CONDENSADORA INDIVIDUAL   FORNECIMENTO E INSTALAÇÃO. AF_12/2015","M","ATRIBUÍDO SÃO PAULO",24.62,"CAIXA REFERENCIAL"]
["INSTALACOES HIDRO SANITARIAS","INHI","FORNEC. E ASSENTAMENTO DE TUBOS P/INSTALACAO DOMICILIAR","0179","","",97328,"TUBO EM COBRE FLEXÍVEL, DN 3/8\", COM ISOLAMENTO, INSTALADO EM RAMAL DE ALIMENTAÇÃO DE AR CONDICIONADO COM CONDENSADORA INDIVIDUAL - FORNECIMENTO E INSTALAÇÃO. AF_12/2015","M","ATRIBUÍDO SÃO PAULO",40.21,"CAIXA REFERENCIAL"]
["INSTALACOES HIDRO SANITARIAS","INHI","FORNEC. E ASSENTAMENTO DE TUBOS P/INSTALACAO DOMICILIAR","0179","","",97329,"TUBO EM COBRE FLEXÍVEL, DN 1/2\", COM ISOLAMENTO, INSTALADO EM RAMAL DE ALIMENTAÇÃO DE AR CONDICIONADO COM CONDENSADORA INDIVIDUAL - FORNECIMENTO E INSTALAÇÃO. AF_12/2015","M","ATRIBUÍDO SÃO PAULO",51.59,"CAIXA REFERENCIAL"]
["INSTALACOES HIDRO SANITARIAS","INHI","FORNEC. E ASSENTAMENTO DE TUBOS P/INSTALACAO DOMICILIAR","0179","","",97330,"TUBO EM COBRE FLEXÍVEL, DN 5/8\", COM ISOLAMENTO, INSTALADO EM RAMAL DE ALIMENTAÇÃO DE AR CONDICIONADO COM CONDENSADORA INDIVIDUAL - FORNECIMENTO E INSTALAÇÃO. AF_12/2015","M","ATRIBUÍDO SÃO PAULO",63.18,"CAIXA REFERENCIAL"]
["INSTALACOES HIDRO SANITARIAS","INHI","FORNEC. E ASSENTAMENTO DE TUBOS P/INSTALACAO DOMICILIAR","0179","","",97331,"TUBO EM COBRE FLEXÍVEL, DN 1/4\", COM ISOLAMENTO, INSTALADO EM RAMAL DE ALIMENTAÇÃO DE AR CONDICIONADO COM CONDENSADORA CENTRAL - FORNECIMENTO E INSTALAÇÃO. AF_12/2015","M","ATRIBUÍDO SÃO PAULO",24.93,"CAIXA REFERENCIAL"]
["INSTALACOES HIDRO SANITARIAS","INHI","FORNEC. E ASSENTAMENTO DE TUBOS P/INSTALACAO DOMICILIAR","0179","","",97332,"TUBO EM COBRE FLEXÍVEL, DN 3/8\", COM ISOLAMENTO, INSTALADO EM RAMAL DE ALIMENTAÇÃO DE AR CONDICIONADO COM CONDENSADORA CENTRAL - FORNECIMENTO E INSTALAÇÃO. AF_12/2015","M","ATRIBUÍDO SÃO PAULO",40.57,"CAIXA REFERENCIAL"]
["INSTALACOES HIDRO SANITARIAS","INHI","FORNEC. E ASSENTAMENTO DE TUBOS P/INSTALACAO DOMICILIAR","0179","","",97333,"TUBO EM COBRE FLEXÍVEL, DN 1/2\", COM ISOLAMENTO, INSTALADO EM RAMAL DE ALIMENTAÇÃO DE AR CONDICIONADO COM CONDENSADORA CENTRAL - FORNECIMENTO E INSTALAÇÃO. AF_12/2015","M","ATRIBUÍDO SÃO PAULO",52.05,"CAIXA REFERENCIAL"]
["INSTALACOES HIDRO SANITARIAS","INHI","FORNEC. E ASSENTAMENTO DE TUBOS P/INSTALACAO DOMICILIAR","0179","","",97334,"TUBO EM COBRE FLEXÍVEL, DN 5/8\", COM ISOLAMENTO, INSTALADO EM RAMAL DE ALIMENTAÇÃO DE AR CONDICIONADO COM CONDENSADORA CENTRAL   FORNECIMENTO E INSTALAÇÃO. AF_12/2015","M","ATRIBUÍDO SÃO PAULO",63.68,"CAIXA REFERENCIAL"]
["INSTALACOES HIDRO SANITARIAS","INHI","FORNEC. E ASSENTAMENTO DE TUBOS P/INSTALACAO DOMICILIAR","0179","","",97335,"TUBO EM COBRE RÍGIDO, DN 22 MM, CLASSE A, SEM ISOLAMENTO, INSTALADO EM PRUMADA DE GÁS COMBUSTÍVEL - FORNECIMENTO E INSTALAÇÃO. AF_04/2022","M","ATRIBUÍDO SÃO PAULO",76.790000000000006,"CAIXA REFERENCIAL"]
["INSTALACOES HIDRO SANITARIAS","INHI","FORNEC. E ASSENTAMENTO DE TUBOS P/INSTALACAO DOMICILIAR","0179","","",97336,"TUBO EM COBRE RÍGIDO, DN 28 MM, CLASSE A, SEM ISOLAMENTO, INSTALADO EM PRUMADA DE GÁS COMBUSTÍVEL - FORNECIMENTO E INSTALAÇÃO. AF_04/2022","M","ATRIBUÍDO SÃO PAULO",97.74,"CAIXA REFERENCIAL"]
["INSTALACOES HIDRO SANITARIAS","INHI","FORNEC. E ASSENTAMENTO DE TUBOS P/INSTALACAO DOMICILIAR","0179","","",97337,"TUBO EM COBRE RÍGIDO, DN 35 MM, CLASSE A, SEM ISOLAMENTO, INSTALADO EM PRUMADA DE GÁS COMBUSTÍVEL - FORNECIMENTO E INSTALAÇÃO. AF_04/2022","M","ATRIBUÍDO SÃO PAULO",146.99,"CAIXA REFERENCIAL"]
["INSTALACOES HIDRO SANITARIAS","INHI","FORNEC. E ASSENTAMENTO DE TUBOS P/INSTALACAO DOMICILIAR","0179","","",97338,"TUBO EM COBRE RÍGIDO, DN 42 MM, CLASSE A, SEM ISOLAMENTO, INSTALADO EM PRUMADA DE GÁS COMBUSTÍVEL - FORNECIMENTO E INSTALAÇÃO. AF_04/2022","M","ATRIBUÍDO SÃO PAULO",176.85,"CAIXA REFERENCIAL"]
["INSTALACOES HIDRO SANITARIAS","INHI","FORNEC. E ASSENTAMENTO DE TUBOS P/INSTALACAO DOMICILIAR","0179","","",97339,"TUBO EM COBRE RÍGIDO, DN 54 MM, CLASSE A, SEM ISOLAMENTO, INSTALADO EM PRUMADA DE GÁS COMBUSTÍVEL - FORNECIMENTO E INSTALAÇÃO. AF_04/2022","M","ATRIBUÍDO SÃO PAULO",190.5,"CAIXA REFERENCIAL"]
["INSTALACOES HIDRO SANITARIAS","INHI","FORNEC. E ASSENTAMENTO DE TUBOS P/INSTALACAO DOMICILIAR","0179","","",97340,"TUBO EM COBRE RÍGIDO, DN 66 MM, CLASSE A, SEM ISOLAMENTO, INSTALADO EM PRUMADA DE GÁS COMBUSTÍVEL - FORNECIMENTO E INSTALAÇÃO. AF_04/2022","M","ATRIBUÍDO SÃO PAULO",191.65,"CAIXA REFERENCIAL"]
["INSTALACOES HIDRO SANITARIAS","INHI","FORNEC. E ASSENTAMENTO DE TUBOS P/INSTALACAO DOMICILIAR","0179","","",97347,"TUBO EM COBRE RÍGIDO, DN 22 MM, CLASSE I, SEM ISOLAMENTO, INSTALADO EM PRUMADA - FORNECIMENTO E INSTALAÇÃO. AF_12/2015","M","ATRIBUÍDO SÃO PAULO",92.53,"CAIXA REFERENCIAL"]
["INSTALACOES HIDRO SANITARIAS","INHI","FORNEC. E ASSENTAMENTO DE TUBOS P/INSTALACAO DOMICILIAR","0179","","",97348,"TUBO EM COBRE RÍGIDO, DN 28 MM, CLASSE I, SEM ISOLAMENTO, INSTALADO EM PRUMADA - FORNECIMENTO E INSTALAÇÃO. AF_12/2015","M","ATRIBUÍDO SÃO PAULO",127.79,"CAIXA REFERENCIAL"]
["INSTALACOES HIDRO SANITARIAS","INHI","FORNEC. E ASSENTAMENTO DE TUBOS P/INSTALACAO DOMICILIAR","0179","","",97349,"TUBO EM COBRE RÍGIDO, DN 35 MM, CLASSE I, SEM ISOLAMENTO, INSTALADO EM PRUMADA - FORNECIMENTO E INSTALAÇÃO. AF_12/2015","M","ATRIBUÍDO SÃO PAULO",184.16,"CAIXA REFERENCIAL"]
["INSTALACOES HIDRO SANITARIAS","INHI","FORNEC. E ASSENTAMENTO DE TUBOS P/INSTALACAO DOMICILIAR","0179","","",97350,"TUBO EM COBRE RÍGIDO, DN 42 MM, CLASSE I, SEM ISOLAMENTO, INSTALADO EM PRUMADA - FORNECIMENTO E INSTALAÇÃO. AF_12/2015","M","ATRIBUÍDO SÃO PAULO",223.58,"CAIXA REFERENCIAL"]
["INSTALACOES HIDRO SANITARIAS","INHI","FORNEC. E ASSENTAMENTO DE TUBOS P/INSTALACAO DOMICILIAR","0179","","",97351,"TUBO EM COBRE RÍGIDO, DN 54 MM, CLASSE I, SEM ISOLAMENTO, INSTALADO EM PRUMADA - FORNECIMENTO E INSTALAÇÃO. AF_12/2015","M","ATRIBUÍDO SÃO PAULO",309.14,"CAIXA REFERENCIAL"]
["INSTALACOES HIDRO SANITARIAS","INHI","FORNEC. E ASSENTAMENTO DE TUBOS P/INSTALACAO DOMICILIAR","0179","","",97352,"TUBO EM COBRE RÍGIDO, DN 66 MM, CLASSE I, SEM ISOLAMENTO, INSTALADO EM PRUMADA - FORNECIMENTO E INSTALAÇÃO. AF_12/2015","M","ATRIBUÍDO SÃO PAULO",400.59,"CAIXA REFERENCIAL"]
["INSTALACOES HIDRO SANITARIAS","INHI","FORNEC. E ASSENTAMENTO DE TUBOS P/INSTALACAO DOMICILIAR","0179","","",97353,"TUBO EM COBRE RÍGIDO, DN 15 MM, CLASSE I, SEM ISOLAMENTO, INSTALADO EM RAMAL DE DISTRIBUIÇÃO - FORNECIMENTO E INSTALAÇÃO. AF_12/2015","M","ATRIBUÍDO SÃO PAULO",61.11,"CAIXA REFERENCIAL"]
["INSTALACOES HIDRO SANITARIAS","INHI","FORNEC. E ASSENTAMENTO DE TUBOS P/INSTALACAO DOMICILIAR","0179","","",97354,"TUBO EM COBRE RÍGIDO, DN 22 MM, CLASSE I, SEM ISOLAMENTO, INSTALADO EM RAMAL DE DISTRIBUIÇÃO- FORNECIMENTO E INSTALAÇÃO. AF_12/2015","M","ATRIBUÍDO SÃO PAULO",96.92,"CAIXA REFERENCIAL"]
["INSTALACOES HIDRO SANITARIAS","INHI","FORNEC. E ASSENTAMENTO DE TUBOS P/INSTALACAO DOMICILIAR","0179","","",97355,"TUBO EM COBRE RÍGIDO, DN 28 MM, CLASSE I, SEM ISOLAMENTO, INSTALADO EM RAMAL DE DISTRIBUIÇÃO- FORNECIMENTO E INSTALAÇÃO. AF_12/2015","M","ATRIBUÍDO SÃO PAULO",132.5,"CAIXA REFERENCIAL"]
["INSTALACOES HIDRO SANITARIAS","INHI","FORNEC. E ASSENTAMENTO DE TUBOS P/INSTALACAO DOMICILIAR","0179","","",97356,"TUBO EM COBRE RÍGIDO, DN 15 MM, CLASSE I, SEM ISOLAMENTO, INSTALADO EM RAMAL E SUB-RAMAL - FORNECIMENTO E INSTALAÇÃO. AF_12/2015","M","ATRIBUÍDO SÃO PAULO",70.760000000000005,"CAIXA REFERENCIAL"]
["INSTALACOES HIDRO SANITARIAS","INHI","FORNEC. E ASSENTAMENTO DE TUBOS P/INSTALACAO DOMICILIAR","0179","","",97357,"TUBO EM COBRE RÍGIDO, DN 22 MM, CLASSE I, SEM ISOLAMENTO, INSTALADO EM RAMAL E SUB-RAMAL - FORNECIMENTO E INSTALAÇÃO. AF_12/2015","M","ATRIBUÍDO SÃO PAULO",113.5,"CAIXA REFERENCIAL"]
["INSTALACOES HIDRO SANITARIAS","INHI","FORNEC. E ASSENTAMENTO DE TUBOS P/INSTALACAO DOMICILIAR","0179","","",97358,"TUBO EM COBRE RÍGIDO, DN 28 MM, CLASSE I, SEM ISOLAMENTO, INSTALADO EM RAMAL E SUB-RAMAL - FORNECIMENTO E INSTALAÇÃO. AF_12/2015","M","ATRIBUÍDO SÃO PAULO",155.1,"CAIXA REFERENCIAL"]
["INSTALACOES HIDRO SANITARIAS","INHI","FORNEC. E ASSENTAMENTO DE TUBOS P/INSTALACAO DOMICILIAR","0179","","",97498,"TUBO DE AÇO GALVANIZADO COM COSTURA, CLASSE MÉDIA, DN 25 (1\"), CONEXÃO ROSQUEADA, INSTALADO EM REDE DE ALIMENTAÇÃO PARA HIDRANTE - FORNECIMENTO E INSTALAÇÃO. AF_10/2020","M","COEFICIENTE DE REPRESENTATIVIDADE",38.9,"CAIXA REFERENCIAL"]
["INSTALACOES HIDRO SANITARIAS","INHI","FORNEC. E ASSENTAMENTO DE TUBOS P/INSTALACAO DOMICILIAR","0179","","",97535,"TUBO DE AÇO GALVANIZADO COM COSTURA, CLASSE MÉDIA, CONEXÃO ROSQUEADA, DN 25 (1\"), INSTALADO EM REDE DE ALIMENTAÇÃO PARA SPRINKLER - FORNECIMENTO E INSTALAÇÃO. AF_10/2020","M","COEFICIENTE DE REPRESENTATIVIDADE",43.3,"CAIXA REFERENCIAL"]
["INSTALACOES HIDRO SANITARIAS","INHI","FORNEC. E ASSENTAMENTO DE TUBOS P/INSTALACAO DOMICILIAR","0179","","",97536,"TUBO DE AÇO GALVANIZADO COM COSTURA, CLASSE MÉDIA, CONEXÃO ROSQUEADA, DN 25 (1\"), INSTALADO EM RAMAIS  E SUB-RAMAIS DE GÁS - FORNECIMENTO E INSTALAÇÃO. AF_10/2020","M","COEFICIENTE DE REPRESENTATIVIDADE",53.4,"CAIXA REFERENCIAL"]
["INSTALACOES HIDRO SANITARIAS","INHI","FORNEC. E ASSENTAMENTO DE TUBOS P/INSTALACAO DOMICILIAR","0179","","",100788,"KIT CAVALETE PARA GÁS - SEM MEDIDOR OU REGULADOR - ENTRADA INDIVIDUAL PRINCIPAL, EM AÇO GALVANIZADO DN 15 E 25 MM (1/2\" E 1\") - FORNECIMENTO E INSTALAÇÃO. AF_01/2020","UN","ATRIBUÍDO SÃO PAULO",712.19,"CAIXA REFERENCIAL"]
["INSTALACOES HIDRO SANITARIAS","INHI","FORNEC. E ASSENTAMENTO DE TUBOS P/INSTALACAO DOMICILIAR","0179","","",100791,"TUBO, PEX, MULTICAMADA, DN 16, INSTALADO EM IMPLANTAÇÃO DE INSTALAÇÕES DE GÁS - FORNECIMENTO E INSTALAÇÃO. AF_01/2020","M","ATRIBUÍDO SÃO PAULO",16.91,"CAIXA REFERENCIAL"]
["INSTALACOES HIDRO SANITARIAS","INHI","FORNEC. E ASSENTAMENTO DE TUBOS P/INSTALACAO DOMICILIAR","0179","","",100792,"TUBO, PEX, MULTICAMADA, DN 20, INSTALADO EM IMPLANTAÇÃO DE INSTALAÇÕES DE GÁS - FORNECIMENTO E INSTALAÇÃO. AF_01/2020","M","ATRIBUÍDO SÃO PAULO",24.51,"CAIXA REFERENCIAL"]
["INSTALACOES HIDRO SANITARIAS","INHI","FORNEC. E ASSENTAMENTO DE TUBOS P/INSTALACAO DOMICILIAR","0179","","",100793,"TUBO, PEX, MULTICAMADA, DN 26, INSTALADO EM IMPLANTAÇÃO DE INSTALAÇÕES DE GÁS - FORNECIMENTO E INSTALAÇÃO. AF_01/2020","M","ATRIBUÍDO SÃO PAULO",32.380000000000003,"CAIXA REFERENCIAL"]
["INSTALACOES HIDRO SANITARIAS","INHI","FORNEC. E ASSENTAMENTO DE TUBOS P/INSTALACAO DOMICILIAR","0179","","",100794,"TUBO, PEX, MULTICAMADA, DN 32, INSTALADO EM IMPLANTAÇÃO DE INSTALAÇÕES DE GÁS - FORNECIMENTO E INSTALAÇÃO. AF_01/2020","M","ATRIBUÍDO SÃO PAULO",43.51,"CAIXA REFERENCIAL"]
["INSTALACOES HIDRO SANITARIAS","INHI","FORNEC. E ASSENTAMENTO DE TUBOS P/INSTALACAO DOMICILIAR","0179","","",100799,"TUBO, PEX, MULTICAMADA, COM TUBO LUVA, DN 16, INSTALADO EM IMPLANTAÇÃO DE INSTALAÇÕES DE GÁS - FORNECIMENTO E INSTALAÇÃO. AF_01/2020","M","ATRIBUÍDO SÃO PAULO",17.350000000000001,"CAIXA REFERENCIAL"]
["INSTALACOES HIDRO SANITARIAS","INHI","FORNEC. E ASSENTAMENTO DE TUBOS P/INSTALACAO DOMICILIAR","0179","","",100800,"TUBO, PEX, MULTICAMADA, COM TUBO LUVA, DN 20, INSTALADO EM IMPLANTAÇÃO DE INSTALAÇÕES DE GÁS - FORNECIMENTO E INSTALAÇÃO. AF_01/2020","M","ATRIBUÍDO SÃO PAULO",24.96,"CAIXA REFERENCIAL"]
["INSTALACOES HIDRO SANITARIAS","INHI","FORNEC. E ASSENTAMENTO DE TUBOS P/INSTALACAO DOMICILIAR","0179","","",100801,"TUBO, PEX, MULTICAMADA, COM TUBO LUVA, DN 26, INSTALADO EM IMPLANTAÇÃO DE INSTALAÇÕES DE GÁS - FORNECIMENTO E INSTALAÇÃO. AF_01/2020","M","ATRIBUÍDO SÃO PAULO",32.83,"CAIXA REFERENCIAL"]
["INSTALACOES HIDRO SANITARIAS","INHI","FORNEC. E ASSENTAMENTO DE TUBOS P/INSTALACAO DOMICILIAR","0179","","",100802,"TUBO, PEX, MULTICAMADA, COM TUBO LUVA, DN 32, INSTALADO EM IMPLANTAÇÃO DE INSTALAÇÕES DE GÁS - FORNECIMENTO E INSTALAÇÃO. AF_01/2020","M","ATRIBUÍDO SÃO PAULO",43.96,"CAIXA REFERENCIAL"]
["INSTALACOES HIDRO SANITARIAS","INHI","FORNEC. E ASSENTAMENTO DE TUBOS P/INSTALACAO DOMICILIAR","0179","","",100803,"TUBO, PEX, MULTICAMADA, DN 16, INSTALADO EM RAMAL INTERNO DE INSTALAÇÕES DE GÁS - FORNECIMENTO E INSTALAÇÃO. AF_01/2020","M","ATRIBUÍDO SÃO PAULO",15.99,"CAIXA REFERENCIAL"]
["INSTALACOES HIDRO SANITARIAS","INHI","FORNEC. E ASSENTAMENTO DE TUBOS P/INSTALACAO DOMICILIAR","0179","","",100804,"TUBO, PEX, MULTICAMADA, DN 20, INSTALADO EM RAMAL INTERNO DE INSTALAÇÕES DE GÁS - FORNECIMENTO E INSTALAÇÃO. AF_01/2020","M","ATRIBUÍDO SÃO PAULO",23.43,"CAIXA REFERENCIAL"]
["INSTALACOES HIDRO SANITARIAS","INHI","FORNEC. E ASSENTAMENTO DE TUBOS P/INSTALACAO DOMICILIAR","0179","","",100805,"TUBO, PEX, MULTICAMADA, DN 26, INSTALADO EM RAMAL INTERNO DE INSTALAÇÕES DE GÁS - FORNECIMENTO E INSTALAÇÃO. AF_01/2020","M","ATRIBUÍDO SÃO PAULO",31.09,"CAIXA REFERENCIAL"]
["INSTALACOES HIDRO SANITARIAS","INHI","FORNEC. E ASSENTAMENTO DE TUBOS P/INSTALACAO DOMICILIAR","0179","","",100806,"TUBO, PEX, MULTICAMADA, DN 32, INSTALADO EM RAMAL INTERNO DE INSTALAÇÕES DE GÁS - FORNECIMENTO E INSTALAÇÃO. AF_01/2020","M","ATRIBUÍDO SÃO PAULO",41.92,"CAIXA REFERENCIAL"]
["INSTALACOES HIDRO SANITARIAS","INHI","FORNEC. E ASSENTAMENTO DE TUBOS P/INSTALACAO DOMICILIAR","0179","","",100807,"TUBO, PEX, MULTICAMADA, COM TUBO LUVA, DN 16, INSTALADO EM RAMAL INTERNO DE INSTALAÇÕES DE GÁS - FORNECIMENTO E INSTALAÇÃO. AF_01/2020","M","ATRIBUÍDO SÃO PAULO",22.56,"CAIXA REFERENCIAL"]
["INSTALACOES HIDRO SANITARIAS","INHI","FORNEC. E ASSENTAMENTO DE TUBOS P/INSTALACAO DOMICILIAR","0179","","",100808,"TUBO, PEX, MULTICAMADA, COM TUBO LUVA, DN 20, INSTALADO EM RAMAL INTERNO DE INSTALAÇÕES DE GÁS - FORNECIMENTO E INSTALAÇÃO. AF_01/2020","M","ATRIBUÍDO SÃO PAULO",31.14,"CAIXA REFERENCIAL"]
["INSTALACOES HIDRO SANITARIAS","INHI","FORNEC. E ASSENTAMENTO DE TUBOS P/INSTALACAO DOMICILIAR","0179","","",100809,"TUBO, PEX, MULTICAMADA, COM TUBO LUVA, DN 26, INSTALADO EM RAMAL INTERNO DE INSTALAÇÕES DE GÁS - FORNECIMENTO E INSTALAÇÃO. AF_01/2020","M","ATRIBUÍDO SÃO PAULO",40.229999999999997,"CAIXA REFERENCIAL"]
["INSTALACOES HIDRO SANITARIAS","INHI","FORNEC. E ASSENTAMENTO DE TUBOS P/INSTALACAO DOMICILIAR","0179","","",100810,"TUBO, PEX, MULTICAMADA, COM TUBO LUVA, DN 32, INSTALADO EM RAMAL INTERNO DE INSTALAÇÕES DE GÁS - FORNECIMENTO E INSTALAÇÃO. AF_01/2020","M","ATRIBUÍDO SÃO PAULO",53.06,"CAIXA REFERENCIAL"]
["INSTALACOES HIDRO SANITARIAS","INHI","FORNEC. E ASSENTAMENTO DE TUBOS P/INSTALACAO DOMICILIAR","0179","","",101918,"TUBO DE AÇO GALVANIZADO COM COSTURA, CLASSE MÉDIA, DN 100 (4\"), CONEXÃO ROSQUEADA, INSTALADO EM PRUMADAS - FORNECIMENTO E INSTALAÇÃO. AF_10/2020","M","COEFICIENTE DE REPRESENTATIVIDADE",181.36,"CAIXA REFERENCIAL"]
["INSTALACOES HIDRO SANITARIAS","INHI","FORNEC. E ASSENTAMENTO DE TUBOS P/INSTALACAO DOMICILIAR","0179","","",101919,"UNIÃO, EM FERRO GALVANIZADO, 4\", CONEXÃO ROSQUEADA, INSTALADO EM PRUMADAS - FORNECIMENTO E INSTALAÇÃO. AF_10/2020","UN","ATRIBUÍDO SÃO PAULO",448.15,"CAIXA REFERENCIAL"]
["INSTALACOES HIDRO SANITARIAS","INHI","FORNEC. E ASSENTAMENTO DE TUBOS P/INSTALACAO DOMICILIAR","0179","","",101920,"LUVA, EM FERRO GALVANIZADO, 4\", CONEXÃO ROSQUEADA, INSTALADO EM PRUMADAS - FORNECIMENTO E INSTALAÇÃO. AF_10/2020","UN","ATRIBUÍDO SÃO PAULO",209.18,"CAIXA REFERENCIAL"]
["INSTALACOES HIDRO SANITARIAS","INHI","FORNEC. E ASSENTAMENTO DE TUBOS P/INSTALACAO DOMICILIAR","0179","","",101921,"LUVA DE REDUÇÃO, EM FERRO GALVANIZADO, 4\" X 2 1/2\", CONEXÃO ROSQUEADA, INSTALADO EM PRUMADAS - FORNECIMENTO E INSTALAÇÃO. AF_10/2020","UN","ATRIBUÍDO SÃO PAULO",239.95,"CAIXA REFERENCIAL"]
["INSTALACOES HIDRO SANITARIAS","INHI","FORNEC. E ASSENTAMENTO DE TUBOS P/INSTALACAO DOMICILIAR","0179","","",101922,"LUVA DE REDUÇÃO, EM FERRO GALVANIZADO, 4\" X 2\", CONEXÃO ROSQUEADA, INSTALADO EM PRUMADAS - FORNECIMENTO E INSTALAÇÃO. AF_10/2020","UN","ATRIBUÍDO SÃO PAULO",239.95,"CAIXA REFERENCIAL"]
["INSTALACOES HIDRO SANITARIAS","INHI","FORNEC. E ASSENTAMENTO DE TUBOS P/INSTALACAO DOMICILIAR","0179","","",101923,"LUVA DE REDUÇÃO, EM FERRO GALVANIZADO, 4\" X 3\", CONEXÃO ROSQUEADA, INSTALADO EM PRUMADAS - FORNECIMENTO E INSTALAÇÃO. AF_10/2020","UN","ATRIBUÍDO SÃO PAULO",239.95,"CAIXA REFERENCIAL"]
["INSTALACOES HIDRO SANITARIAS","INHI","FORNEC. E ASSENTAMENTO DE TUBOS P/INSTALACAO DOMICILIAR","0179","","",101924,"NIPLE, EM FERRO GALVANIZADO, 4\", CONEXÃO ROSQUEADA, INSTALADO EM PRUMADAS - FORNECIMENTO E INSTALAÇÃO. AF_10/2020","UN","ATRIBUÍDO SÃO PAULO",196.3,"CAIXA REFERENCIAL"]
["INSTALACOES HIDRO SANITARIAS","INHI","FORNEC. E ASSENTAMENTO DE TUBOS P/INSTALACAO DOMICILIAR","0179","","",101925,"JOELHO 90°, EM FERRO GALVANIZADO, 4\", CONEXÃO ROSQUEADA, INSTALADO EM PRUMADAS - FORNECIMENTO E INSTALAÇÃO. AF_10/2020","UN","ATRIBUÍDO SÃO PAULO",329.93,"CAIXA REFERENCIAL"]
["INSTALACOES HIDRO SANITARIAS","INHI","FORNEC. E ASSENTAMENTO DE TUBOS P/INSTALACAO DOMICILIAR","0179","","",101926,"TÊ, EM FERRO GALVANIZADO, 4\", CONEXÃO ROSQUEADA, INSTALADO EM PRUMADAS - FORNECIMENTO E INSTALAÇÃO. AF_10/2020","UN","ATRIBUÍDO SÃO PAULO",424.74,"CAIXA REFERENCIAL"]
["INSTALACOES HIDRO SANITARIAS","INHI","FORNEC. E ASSENTAMENTO DE TUBOS P/INSTALACAO DOMICILIAR","0179","","",101927,"TUBO DE AÇO GALVANIZADO COM COSTURA, CLASSE MÉDIA, DN 100 (4\"), CONEXÃO ROSQUEADA, INSTALADO EM REDE DE ALIMENTAÇÃO PARA HIDRANTE - FORNECIMENTO E INSTALAÇÃO. AF_10/2020","M","COEFICIENTE DE REPRESENTATIVIDADE",167.66,"CAIXA REFERENCIAL"]
["INSTALACOES HIDRO SANITARIAS","INHI","FORNEC. E ASSENTAMENTO DE TUBOS P/INSTALACAO DOMICILIAR","0179","","",101928,"UNIÃO, EM FERRO GALVANIZADO, 4\", CONEXÃO ROSQUEADA, INSTALADO EM REDE DE ALIMENTAÇÃO PARA HIDRANTE - FORNECIMENTO E INSTALAÇÃO. AF_10/2020","UN","ATRIBUÍDO SÃO PAULO",453.4,"CAIXA REFERENCIAL"]
["INSTALACOES HIDRO SANITARIAS","INHI","FORNEC. E ASSENTAMENTO DE TUBOS P/INSTALACAO DOMICILIAR","0179","","",101929,"LUVA, EM FERRO GALVANIZADO, 4\", CONEXÃO ROSQUEADA, INSTALADO EM REDE DE ALIMENTAÇÃO PARA HIDRANTE - FORNECIMENTO E INSTALAÇÃO. AF_10/2020","UN","ATRIBUÍDO SÃO PAULO",214.43,"CAIXA REFERENCIAL"]
["INSTALACOES HIDRO SANITARIAS","INHI","FORNEC. E ASSENTAMENTO DE TUBOS P/INSTALACAO DOMICILIAR","0179","","",101930,"LUVA DE REDUÇÃO, EM FERRO GALVANIZADO, 4\" X 2 1/2\", CONEXÃO ROSQUEADA, INSTALADO EM REDE DE ALIMENTAÇÃO PARA HIDRANTE - FORNECIMENTO E INSTALAÇÃO. AF_10/2020","UN","ATRIBUÍDO SÃO PAULO",245.2,"CAIXA REFERENCIAL"]
["INSTALACOES HIDRO SANITARIAS","INHI","FORNEC. E ASSENTAMENTO DE TUBOS P/INSTALACAO DOMICILIAR","0179","","",101931,"LUVA DE REDUÇÃO, EM FERRO GALVANIZADO, 4\" X 2\", CONEXÃO ROSQUEADA, INSTALADO EM REDE DE ALIMENTAÇÃO PARA HIDRANTE - FORNECIMENTO E INSTALAÇÃO. AF_10/2020","UN","ATRIBUÍDO SÃO PAULO",245.2,"CAIXA REFERENCIAL"]
["INSTALACOES HIDRO SANITARIAS","INHI","FORNEC. E ASSENTAMENTO DE TUBOS P/INSTALACAO DOMICILIAR","0179","","",101932,"LUVA DE REDUÇÃO, EM FERRO GALVANIZADO, 4\" X 3\", CONEXÃO ROSQUEADA, INSTALADO EM REDE DE ALIMENTAÇÃO PARA HIDRANTE - FORNECIMENTO E INSTALAÇÃO. AF_10/2020","UN","ATRIBUÍDO SÃO PAULO",245.2,"CAIXA REFERENCIAL"]
["INSTALACOES HIDRO SANITARIAS","INHI","FORNEC. E ASSENTAMENTO DE TUBOS P/INSTALACAO DOMICILIAR","0179","","",101933,"NIPLE, EM FERRO GALVANIZADO, 4\", CONEXÃO ROSQUEADA, INSTALADO EM REDE DE ALIMENTAÇÃO PARA HIDRANTE - FORNECIMENTO E INSTALAÇÃO. AF_10/2020","UN","ATRIBUÍDO SÃO PAULO",201.55,"CAIXA REFERENCIAL"]
["INSTALACOES HIDRO SANITARIAS","INHI","FORNEC. E ASSENTAMENTO DE TUBOS P/INSTALACAO DOMICILIAR","0179","","",101934,"JOELHO 90°, EM FERRO GALVANIZADO, 4\", CONEXÃO ROSQUEADA, INSTALADO EM REDE DE ALIMENTAÇÃO PARA HIDRANTE - FORNECIMENTO E INSTALAÇÃO. AF_10/2020","UN","ATRIBUÍDO SÃO PAULO",337.8,"CAIXA REFERENCIAL"]
["INSTALACOES HIDRO SANITARIAS","INHI","FORNEC. E ASSENTAMENTO DE TUBOS P/INSTALACAO DOMICILIAR","0179","","",101935,"TÊ, EM FERRO GALVANIZADO, 4\", CONEXÃO ROSQUEADA, INSTALADO EM REDE DE ALIMENTAÇÃO PARA HIDRANTE - FORNECIMENTO E INSTALAÇÃO. AF_10/2020","UN","ATRIBUÍDO SÃO PAULO",435.24,"CAIXA REFERENCIAL"]
["INSTALACOES HIDRO SANITARIAS","INHI","FORNEC. E ASSENTAMENTO DE TUBOS P/INSTALACAO DOMICILIAR","0179","","",103802,"TUBO EM COBRE RÍGIDO, DN 15 MM, CLASSE E, SEM ISOLAMENTO, INSTALADO EM RAMAL E SUB-RAMAL DE GÁS COMBUSTÍVEL - FORNECIMENTO E INSTALAÇÃO. AF_04/2022","M","ATRIBUÍDO SÃO PAULO",38.020000000000003,"CAIXA REFERENCIAL"]
["INSTALACOES HIDRO SANITARIAS","INHI","FORNEC. E ASSENTAMENTO DE TUBOS P/INSTALACAO DOMICILIAR","0179","","",103803,"TUBO EM COBRE RÍGIDO, DN 22 MM, CLASSE E, SEM ISOLAMENTO, INSTALADO EM RAMAL E SUB-RAMAL DE GÁS COMBUSTÍVEL - FORNECIMENTO E INSTALAÇÃO. AF_04/2022","M","ATRIBUÍDO SÃO PAULO",65.37,"CAIXA REFERENCIAL"]
["INSTALACOES HIDRO SANITARIAS","INHI","FORNEC. E ASSENTAMENTO DE TUBOS P/INSTALACAO DOMICILIAR","0179","","",103804,"TUBO EM COBRE RÍGIDO, DN 28 MM, CLASSE E, SEM ISOLAMENTO, INSTALADO EM RAMAL E SUB-RAMAL DE GÁS COMBUSTÍVEL - FORNECIMENTO E INSTALAÇÃO. AF_04/2022","M","ATRIBUÍDO SÃO PAULO",79.19,"CAIXA REFERENCIAL"]
["INSTALACOES HIDRO SANITARIAS","INHI","FORNEC. E ASSENTAMENTO DE TUBOS P/INSTALACAO DOMICILIAR","0179","","",103835,"TUBO EM COBRE RÍGIDO, DN 15 MM, CLASSE A, SEM ISOLAMENTO, INSTALADO EM RAMAL E SUB-RAMAL DE GÁS MEDICINAL - FORNECIMENTO E INSTALAÇÃO. AF_04/2022","M","ATRIBUÍDO SÃO PAULO",59.4,"CAIXA REFERENCIAL"]
["INSTALACOES HIDRO SANITARIAS","INHI","FORNEC. E ASSENTAMENTO DE TUBOS P/INSTALACAO DOMICILIAR","0179","","",103836,"TUBO EM COBRE RÍGIDO, DN 22 MM, CLASSE A, SEM ISOLAMENTO, INSTALADO EM RAMAL E SUB-RAMAL DE GÁS MEDICINAL - FORNECIMENTO E INSTALAÇÃO. AF_04/2022","M","ATRIBUÍDO SÃO PAULO",92.36,"CAIXA REFERENCIAL"]
["INSTALACOES HIDRO SANITARIAS","INHI","FORNEC. E ASSENTAMENTO DE TUBOS P/INSTALACAO DOMICILIAR","0179","","",103837,"TUBO EM COBRE RÍGIDO, DN 28 MM, CLASSE A, SEM ISOLAMENTO, INSTALADO EM RAMAL E SUB-RAMAL DE GÁS MEDICINAL - FORNECIMENTO E INSTALAÇÃO. AF_04/2022","M","ATRIBUÍDO SÃO PAULO",116.49,"CAIXA REFERENCIAL"]
["INSTALACOES HIDRO SANITARIAS","INHI","FORNEC. E ASSENTAMENTO DE TUBOS P/INSTALACAO DOMICILIAR","0179","","",103868,"TUBO EM COBRE RÍGIDO, DN 15 MM, CLASSE E, SEM ISOLAMENTO, INSTALADO EM RAMAL E SUB-RAMAL DE AQUECIMENTO SOLAR - FORNECIMENTO E INSTALAÇÃO. AF_04/2022","M","ATRIBUÍDO SÃO PAULO",47.08,"CAIXA REFERENCIAL"]
["INSTALACOES HIDRO SANITARIAS","INHI","FORNEC. E ASSENTAMENTO DE TUBOS P/INSTALACAO DOMICILIAR","0179","","",103869,"TUBO EM COBRE RÍGIDO, DN 22 MM, CLASSE E, SEM ISOLAMENTO, INSTALADO EM RAMAL E SUB-RAMAL DE AQUECIMENTO SOLAR - FORNECIMENTO E INSTALAÇÃO. AF_04/2022","M","ATRIBUÍDO SÃO PAULO",71.709999999999994,"CAIXA REFERENCIAL"]
["INSTALACOES HIDRO SANITARIAS","INHI","FORNEC. E ASSENTAMENTO DE TUBOS P/INSTALACAO DOMICILIAR","0179","","",103870,"TUBO EM COBRE RÍGIDO, DN 28 MM, CLASSE E, SEM ISOLAMENTO, INSTALADO EM RAMAL E SUB-RAMAL DE AQUECIMENTO SOLAR - FORNECIMENTO E INSTALAÇÃO. AF_04/2022","M","ATRIBUÍDO SÃO PAULO",88.2,"CAIXA REFERENCIAL"]
["INSTALACOES HIDRO SANITARIAS","INHI","FORNEC. E ASSENTAMENTO DE TUBOS P/INSTALACAO DOMICILIAR","0179","","",103871,"TUBO EM COBRE RÍGIDO, DN 15 MM, CLASSE E, COM ISOLAMENTO, INSTALADO EM RAMAL E SUB-RAMAL DE AQUECIMENTO SOLAR - FORNECIMENTO E INSTALAÇÃO. AF_04/2022","M","ATRIBUÍDO SÃO PAULO",57.51,"CAIXA REFERENCIAL"]
["INSTALACOES HIDRO SANITARIAS","INHI","FORNEC. E ASSENTAMENTO DE TUBOS P/INSTALACAO DOMICILIAR","0179","","",103872,"TUBO EM COBRE RÍGIDO, DN 22 MM, CLASSE E, COM ISOLAMENTO, INSTALADO EM RAMAL E SUB-RAMAL DE AQUECIMENTO SOLAR - FORNECIMENTO E INSTALAÇÃO. AF_04/2022","M","ATRIBUÍDO SÃO PAULO",119.81,"CAIXA REFERENCIAL"]
["INSTALACOES HIDRO SANITARIAS","INHI","FORNEC. E ASSENTAMENTO DE TUBOS P/INSTALACAO DOMICILIAR","0179","","",103873,"TUBO EM COBRE RÍGIDO, DN 28 MM, CLASSE E, COM ISOLAMENTO, INSTALADO EM RAMAL E SUB-RAMAL DE AQUECIMENTO SOLAR - FORNECIMENTO E INSTALAÇÃO. AF_04/2022","M","ATRIBUÍDO SÃO PAULO",138.27000000000001,"CAIXA REFERENCIAL"]
["INSTALACOES HIDRO SANITARIAS","INHI","FORNEC. E ASSENTAMENTO DE TUBOS P/INSTALACAO DOMICILIAR","0179","","",103978,"TUBO, PVC, SOLDÁVEL, DN 40MM, INSTALADO EM RAMAL DE DISTRIBUIÇÃO DE ÁGUA - FORNECIMENTO E INSTALAÇÃO. AF_06/2022","M","COEFICIENTE DE REPRESENTATIVIDADE",24.87,"CAIXA REFERENCIAL"]
["INSTALACOES HIDRO SANITARIAS","INHI","FORNEC. E ASSENTAMENTO DE TUBOS P/INSTALACAO DOMICILIAR","0179","","",103979,"TUBO, PVC, SOLDÁVEL, DN 50MM, INSTALADO EM RAMAL DE DISTRIBUIÇÃO DE ÁGUA - FORNECIMENTO E INSTALAÇÃO. AF_06/2022","M","COEFICIENTE DE REPRESENTATIVIDADE",28.29,"CAIXA REFERENCIAL"]
["INSTALACOES HIDRO SANITARIAS","INHI","FORNEC. E ASSENTAMENTO DE TUBOS P/INSTALACAO DOMICILIAR","0179","","",104021,"TUBO, CPVC, SOLDÁVEL, DN 42MM, INSTALADO EM RAMAL DE DISTRIBUIÇÃO DE ÁGUA - FORNECIMENTO E INSTALAÇÃO. AF_06/2022","M","COEFICIENTE DE REPRESENTATIVIDADE",55.81,"CAIXA REFERENCIAL"]
["INSTALACOES HIDRO SANITARIAS","INHI","FORNEC. E ASSENTAMENTO DE TUBOS P/INSTALACAO DOMICILIAR","0179","","",104166,"TUBO PVC, SÉRIE R, ÁGUA PLUVIAL, DN 150 MM, FORNECIDO E INSTALADO EM RAMAL DE ENCAMINHAMENTO. AF_06/2022","M","COEFICIENTE DE REPRESENTATIVIDADE",61.4,"CAIXA REFERENCIAL"]
["INSTALACOES HIDRO SANITARIAS","INHI","FORNEC. E ASSENTAMENTO DE TUBOS P/INSTALACAO DOMICILIAR","0179","","",104194,"TUBO, PPR, DN 20, CLASSE PN20, INSTALADO EM RAMAL OU SUB-RAMAL DE ÁGUA - FORNECIMENTO E INSTALAÇÃO. AF_08/2022","M","ATRIBUÍDO SÃO PAULO",19.88,"CAIXA REFERENCIAL"]
["INSTALACOES HIDRO SANITARIAS","INHI","FORNEC. E ASSENTAMENTO DE TUBOS P/INSTALACAO DOMICILIAR","0179","","",104195,"TUBO, PPR, DN 20, CLASSE PN25, INSTALADO EM RAMAL OU SUB-RAMAL DE ÁGUA - FORNECIMENTO E INSTALAÇÃO. AF_08/2022","M","ATRIBUÍDO SÃO PAULO",21.13,"CAIXA REFERENCIAL"]
["INSTALACOES HIDRO SANITARIAS","INHI","FORNEC. E ASSENTAMENTO DE TUBOS P/INSTALACAO DOMICILIAR","0179","","",104315,"TUBO, PVC, SOLDÁVEL, DN 20 MM, INSTALADO EM DRENO DE AR CONDICIONADO - FORNECIMENTO E INSTALAÇÃO. AF_08/2022","M","COEFICIENTE DE REPRESENTATIVIDADE",14.86,"CAIXA REFERENCIAL"]
["INSTALACOES HIDRO SANITARIAS","INHI","FORNEC. E ASSENTAMENTO DE TUBOS P/INSTALACAO DOMICILIAR","0179","","",104316,"TUBO, PVC, SOLDÁVEL, DN 32 MM, INSTALADO EM DRENO DE AR CONDICIONADO - FORNECIMENTO E INSTALAÇÃO. AF_08/2022","M","COEFICIENTE DE REPRESENTATIVIDADE",21.76,"CAIXA REFERENCIAL"]
["INSTALACOES HIDRO SANITARIAS","INHI","CONEXOES","0180","","",89358,"JOELHO 90 GRAUS, PVC, SOLDÁVEL, DN 20MM, INSTALADO EM RAMAL OU SUB-RAMAL DE ÁGUA - FORNECIMENTO E INSTALAÇÃO. AF_06/2022","UN","COEFICIENTE DE REPRESENTATIVIDADE",7.24,"CAIXA REFERENCIAL"]
["INSTALACOES HIDRO SANITARIAS","INHI","CONEXOES","0180","","",89359,"JOELHO 45 GRAUS, PVC, SOLDÁVEL, DN 20MM, INSTALADO EM RAMAL OU SUB-RAMAL DE ÁGUA - FORNECIMENTO E INSTALAÇÃO. AF_06/2022","UN","COEFICIENTE DE REPRESENTATIVIDADE",7.77,"CAIXA REFERENCIAL"]
["INSTALACOES HIDRO SANITARIAS","INHI","CONEXOES","0180","","",89360,"CURVA 90 GRAUS, PVC, SOLDÁVEL, DN 20MM, INSTALADO EM RAMAL OU SUB-RAMAL DE ÁGUA - FORNECIMENTO E INSTALAÇÃO. AF_06/2022","UN","COEFICIENTE DE REPRESENTATIVIDADE",8.75,"CAIXA REFERENCIAL"]
["INSTALACOES HIDRO SANITARIAS","INHI","CONEXOES","0180","","",89361,"CURVA 45 GRAUS, PVC, SOLDÁVEL, DN 20MM, INSTALADO EM RAMAL OU SUB-RAMAL DE ÁGUA - FORNECIMENTO E INSTALAÇÃO. AF_06/2022","UN","COEFICIENTE DE REPRESENTATIVIDADE",8.82,"CAIXA REFERENCIAL"]
["INSTALACOES HIDRO SANITARIAS","INHI","CONEXOES","0180","","",89362,"JOELHO 90 GRAUS, PVC, SOLDÁVEL, DN 25MM, INSTALADO EM RAMAL OU SUB-RAMAL DE ÁGUA - FORNECIMENTO E INSTALAÇÃO. AF_06/2022","UN","COEFICIENTE DE REPRESENTATIVIDADE",8.59,"CAIXA REFERENCIAL"]
["INSTALACOES HIDRO SANITARIAS","INHI","CONEXOES","0180","","",89363,"JOELHO 45 GRAUS, PVC, SOLDÁVEL, DN 25MM, INSTALADO EM RAMAL OU SUB-RAMAL DE ÁGUA - FORNECIMENTO E INSTALAÇÃO. AF_06/2022","UN","COEFICIENTE DE REPRESENTATIVIDADE",9.36,"CAIXA REFERENCIAL"]
["INSTALACOES HIDRO SANITARIAS","INHI","CONEXOES","0180","","",89364,"CURVA 90 GRAUS, PVC, SOLDÁVEL, DN 25MM, INSTALADO EM RAMAL OU SUB-RAMAL DE ÁGUA - FORNECIMENTO E INSTALAÇÃO. AF_06/2022","UN","COEFICIENTE DE REPRESENTATIVIDADE",10.84,"CAIXA REFERENCIAL"]
["INSTALACOES HIDRO SANITARIAS","INHI","CONEXOES","0180","","",89365,"CURVA 45 GRAUS, PVC, SOLDÁVEL, DN 25MM, INSTALADO EM RAMAL OU SUB-RAMAL DE ÁGUA - FORNECIMENTO E INSTALAÇÃO. AF_06/2022","UN","COEFICIENTE DE REPRESENTATIVIDADE",10.31,"CAIXA REFERENCIAL"]
["INSTALACOES HIDRO SANITARIAS","INHI","CONEXOES","0180","","",89366,"JOELHO 90 GRAUS COM BUCHA DE LATÃO, PVC, SOLDÁVEL, DN 25MM, X 3/4  INSTALADO EM RAMAL OU SUB-RAMAL DE ÁGUA - FORNECIMENTO E INSTALAÇÃO. AF_06/2022","UN","COEFICIENTE DE REPRESENTATIVIDADE",15.27,"CAIXA REFERENCIAL"]
["INSTALACOES HIDRO SANITARIAS","INHI","CONEXOES","0180","","",89367,"JOELHO 90 GRAUS, PVC, SOLDÁVEL, DN 32MM, INSTALADO EM RAMAL OU SUB-RAMAL DE ÁGUA - FORNECIMENTO E INSTALAÇÃO. AF_06/2022","UN","COEFICIENTE DE REPRESENTATIVIDADE",11.95,"CAIXA REFERENCIAL"]
["INSTALACOES HIDRO SANITARIAS","INHI","CONEXOES","0180","","",89368,"JOELHO 45 GRAUS, PVC, SOLDÁVEL, DN 32MM, INSTALADO EM RAMAL OU SUB-RAMAL DE ÁGUA - FORNECIMENTO E INSTALAÇÃO. AF_06/2022","UN","COEFICIENTE DE REPRESENTATIVIDADE",13.66,"CAIXA REFERENCIAL"]
["INSTALACOES HIDRO SANITARIAS","INHI","CONEXOES","0180","","",89369,"CURVA 90 GRAUS, PVC, SOLDÁVEL, DN 32MM, INSTALADO EM RAMAL OU SUB-RAMAL DE ÁGUA - FORNECIMENTO E INSTALAÇÃO. AF_06/2022","UN","COEFICIENTE DE REPRESENTATIVIDADE",15.96,"CAIXA REFERENCIAL"]
["INSTALACOES HIDRO SANITARIAS","INHI","CONEXOES","0180","","",89370,"CURVA 45 GRAUS, PVC, SOLDÁVEL, DN 32MM, INSTALADO EM RAMAL OU SUB-RAMAL DE ÁGUA - FORNECIMENTO E INSTALAÇÃO. AF_06/2022","UN","COEFICIENTE DE REPRESENTATIVIDADE",13.98,"CAIXA REFERENCIAL"]
["INSTALACOES HIDRO SANITARIAS","INHI","CONEXOES","0180","","",89371,"LUVA, PVC, SOLDÁVEL, DN 20MM, INSTALADO EM RAMAL OU SUB-RAMAL DE ÁGUA - FORNECIMENTO E INSTALAÇÃO. AF_06/2022","UN","COEFICIENTE DE REPRESENTATIVIDADE",5.43,"CAIXA REFERENCIAL"]
["INSTALACOES HIDRO SANITARIAS","INHI","CONEXOES","0180","","",89372,"LUVA DE CORRER, PVC, SOLDÁVEL, DN 20MM, INSTALADO EM RAMAL OU SUB-RAMAL DE ÁGUA - FORNECIMENTO E INSTALAÇÃO. AF_06/2022","UN","COEFICIENTE DE REPRESENTATIVIDADE",15.21,"CAIXA REFERENCIAL"]
["INSTALACOES HIDRO SANITARIAS","INHI","CONEXOES","0180","","",89373,"LUVA DE REDUÇÃO, PVC, SOLDÁVEL, DN 25MM X 20MM, INSTALADO EM RAMAL OU SUB-RAMAL DE ÁGUA - FORNECIMENTO E INSTALAÇÃO. AF_06/2022","UN","COEFICIENTE DE REPRESENTATIVIDADE",6.52,"CAIXA REFERENCIAL"]
["INSTALACOES HIDRO SANITARIAS","INHI","CONEXOES","0180","","",89374,"LUVA COM BUCHA DE LATÃO, PVC, SOLDÁVEL, DN 20MM X 1/2\", INSTALADO EM RAMAL OU SUB-RAMAL DE ÁGUA - FORNECIMENTO E INSTALAÇÃO. AF_06/2022","UN","COEFICIENTE DE REPRESENTATIVIDADE",9.48,"CAIXA REFERENCIAL"]
["INSTALACOES HIDRO SANITARIAS","INHI","CONEXOES","0180","","",89375,"UNIÃO, PVC, SOLDÁVEL, DN 20MM, INSTALADO EM RAMAL OU SUB-RAMAL DE ÁGUA - FORNECIMENTO E INSTALAÇÃO. AF_06/2022","UN","COEFICIENTE DE REPRESENTATIVIDADE",11.26,"CAIXA REFERENCIAL"]
["INSTALACOES HIDRO SANITARIAS","INHI","CONEXOES","0180","","",89376,"ADAPTADOR CURTO COM BOLSA E ROSCA PARA REGISTRO, PVC, SOLDÁVEL, DN 20MM X 1/2 , INSTALADO EM RAMAL OU SUB-RAMAL DE ÁGUA - FORNECIMENTO E INSTALAÇÃO. AF_06/2022","UN","COEFICIENTE DE REPRESENTATIVIDADE",5.16,"CAIXA REFERENCIAL"]
["INSTALACOES HIDRO SANITARIAS","INHI","CONEXOES","0180","","",89377,"CURVA DE TRANSPOSIÇÃO, PVC, SOLDÁVEL, DN 20MM, INSTALADO EM RAMAL OU SUB-RAMAL DE ÁGUA - FORNECIMENTO E INSTALAÇÃO. AF_06/2022","UN","COEFICIENTE DE REPRESENTATIVIDADE",9.56,"CAIXA REFERENCIAL"]
["INSTALACOES HIDRO SANITARIAS","INHI","CONEXOES","0180","","",89378,"LUVA, PVC, SOLDÁVEL, DN 25MM, INSTALADO EM RAMAL OU SUB-RAMAL DE ÁGUA - FORNECIMENTO E INSTALAÇÃO. AF_06/2022","UN","COEFICIENTE DE REPRESENTATIVIDADE",6.38,"CAIXA REFERENCIAL"]
["INSTALACOES HIDRO SANITARIAS","INHI","CONEXOES","0180","","",89379,"LUVA DE CORRER, PVC, SOLDÁVEL, DN 25MM, INSTALADO EM RAMAL OU SUB-RAMAL DE ÁGUA - FORNECIMENTO E INSTALAÇÃO. AF_12/2014","UN","COEFICIENTE DE REPRESENTATIVIDADE",17.84,"CAIXA REFERENCIAL"]
["INSTALACOES HIDRO SANITARIAS","INHI","CONEXOES","0180","","",89380,"LUVA DE REDUÇÃO, PVC, SOLDÁVEL, DN 32MM X 25MM, INSTALADO EM RAMAL OU SUB-RAMAL DE ÁGUA - FORNECIMENTO E INSTALAÇÃO. AF_06/2022","UN","COEFICIENTE DE REPRESENTATIVIDADE",9.2799999999999994,"CAIXA REFERENCIAL"]
["INSTALACOES HIDRO SANITARIAS","INHI","CONEXOES","0180","","",89381,"LUVA COM BUCHA DE LATÃO, PVC, SOLDÁVEL, DN 25MM X 3/4 , INSTALADO EM RAMAL OU SUB-RAMAL DE ÁGUA - FORNECIMENTO E INSTALAÇÃO. AF_06/2022","UN","COEFICIENTE DE REPRESENTATIVIDADE",11.66,"CAIXA REFERENCIAL"]
["INSTALACOES HIDRO SANITARIAS","INHI","CONEXOES","0180","","",89382,"UNIÃO, PVC, SOLDÁVEL, DN 25MM, INSTALADO EM RAMAL OU SUB-RAMAL DE ÁGUA - FORNECIMENTO E INSTALAÇÃO. AF_06/2022","UN","COEFICIENTE DE REPRESENTATIVIDADE",13.51,"CAIXA REFERENCIAL"]
["INSTALACOES HIDRO SANITARIAS","INHI","CONEXOES","0180","","",89383,"ADAPTADOR CURTO COM BOLSA E ROSCA PARA REGISTRO, PVC, SOLDÁVEL, DN 25MM X 3/4 , INSTALADO EM RAMAL OU SUB-RAMAL DE ÁGUA - FORNECIMENTO E INSTALAÇÃO. AF_06/2022","UN","COEFICIENTE DE REPRESENTATIVIDADE",6.01,"CAIXA REFERENCIAL"]
["INSTALACOES HIDRO SANITARIAS","INHI","CONEXOES","0180","","",89384,"CURVA DE TRANSPOSIÇÃO, PVC, SOLDÁVEL, DN 25MM, INSTALADO EM RAMAL OU SUB-RAMAL DE ÁGUA   FORNECIMENTO E INSTALAÇÃO. AF_06/2022","UN","COEFICIENTE DE REPRESENTATIVIDADE",12.22,"CAIXA REFERENCIAL"]
["INSTALACOES HIDRO SANITARIAS","INHI","CONEXOES","0180","","",89385,"LUVA SOLDÁVEL E COM ROSCA, PVC, SOLDÁVEL, DN 25MM X 3/4 , INSTALADO EM RAMAL OU SUB-RAMAL DE ÁGUA - FORNECIMENTO E INSTALAÇÃO. AF_06/2022","UN","COEFICIENTE DE REPRESENTATIVIDADE",6.64,"CAIXA REFERENCIAL"]
["INSTALACOES HIDRO SANITARIAS","INHI","CONEXOES","0180","","",89386,"LUVA, PVC, SOLDÁVEL, DN 32MM, INSTALADO EM RAMAL OU SUB-RAMAL DE ÁGUA - FORNECIMENTO E INSTALAÇÃO. AF_06/2022","UN","COEFICIENTE DE REPRESENTATIVIDADE",8.7899999999999991,"CAIXA REFERENCIAL"]
["INSTALACOES HIDRO SANITARIAS","INHI","CONEXOES","0180","","",89387,"LUVA DE CORRER, PVC, SOLDÁVEL, DN 32MM, INSTALADO EM RAMAL OU SUB-RAMAL DE ÁGUA   FORNECIMENTO E INSTALAÇÃO. AF_06/2022","UN","COEFICIENTE DE REPRESENTATIVIDADE",28.59,"CAIXA REFERENCIAL"]
["INSTALACOES HIDRO SANITARIAS","INHI","CONEXOES","0180","","",89389,"LUVA SOLDÁVEL E COM ROSCA, PVC, SOLDÁVEL, DN 32MM X 1 , INSTALADO EM RAMAL OU SUB-RAMAL DE ÁGUA - FORNECIMENTO E INSTALAÇÃO. AF_06/2022","UN","COEFICIENTE DE REPRESENTATIVIDADE",10.67,"CAIXA REFERENCIAL"]
["INSTALACOES HIDRO SANITARIAS","INHI","CONEXOES","0180","","",89390,"UNIÃO, PVC, SOLDÁVEL, DN 32MM, INSTALADO EM RAMAL OU SUB-RAMAL DE ÁGUA - FORNECIMENTO E INSTALAÇÃO. AF_06/2022","UN","COEFICIENTE DE REPRESENTATIVIDADE",20.18,"CAIXA REFERENCIAL"]
["INSTALACOES HIDRO SANITARIAS","INHI","CONEXOES","0180","","",89391,"ADAPTADOR CURTO COM BOLSA E ROSCA PARA REGISTRO, PVC, SOLDÁVEL, DN 32MM X 1 , INSTALADO EM RAMAL OU SUB-RAMAL DE ÁGUA - FORNECIMENTO E INSTALAÇÃO. AF_06/2022","UN","COEFICIENTE DE REPRESENTATIVIDADE",7.97,"CAIXA REFERENCIAL"]
["INSTALACOES HIDRO SANITARIAS","INHI","CONEXOES","0180","","",89392,"CURVA DE TRANSPOSIÇÃO, PVC, SOLDÁVEL, DN 32MM, INSTALADO EM RAMAL OU SUB-RAMAL DE ÁGUA   FORNECIMENTO E INSTALAÇÃO. AF_06/2022","UN","COEFICIENTE DE REPRESENTATIVIDADE",23.21,"CAIXA REFERENCIAL"]
["INSTALACOES HIDRO SANITARIAS","INHI","CONEXOES","0180","","",89393,"TE, PVC, SOLDÁVEL, DN 20MM, INSTALADO EM RAMAL OU SUB-RAMAL DE ÁGUA - FORNECIMENTO E INSTALAÇÃO. AF_06/2022","UN","COEFICIENTE DE REPRESENTATIVIDADE",10.039999999999999,"CAIXA REFERENCIAL"]
["INSTALACOES HIDRO SANITARIAS","INHI","CONEXOES","0180","","",89394,"TÊ COM BUCHA DE LATÃO NA BOLSA CENTRAL, PVC, SOLDÁVEL, DN 20MM X 1/2 , INSTALADO EM RAMAL OU SUB-RAMAL DE ÁGUA - FORNECIMENTO E INSTALAÇÃO. AF_06/2022","UN","COEFICIENTE DE REPRESENTATIVIDADE",17.47,"CAIXA REFERENCIAL"]
["INSTALACOES HIDRO SANITARIAS","INHI","CONEXOES","0180","","",89395,"TE, PVC, SOLDÁVEL, DN 25MM, INSTALADO EM RAMAL OU SUB-RAMAL DE ÁGUA - FORNECIMENTO E INSTALAÇÃO. AF_06/2022","UN","COEFICIENTE DE REPRESENTATIVIDADE",11.87,"CAIXA REFERENCIAL"]
["INSTALACOES HIDRO SANITARIAS","INHI","CONEXOES","0180","","",89396,"TÊ COM BUCHA DE LATÃO NA BOLSA CENTRAL, PVC, SOLDÁVEL, DN 25MM X 1/2 , INSTALADO EM RAMAL OU SUB-RAMAL DE ÁGUA - FORNECIMENTO E INSTALAÇÃO. AF_06/2022","UN","COEFICIENTE DE REPRESENTATIVIDADE",19.149999999999999,"CAIXA REFERENCIAL"]
["INSTALACOES HIDRO SANITARIAS","INHI","CONEXOES","0180","","",89397,"TÊ DE REDUÇÃO, PVC, SOLDÁVEL, DN 25MM X 20MM, INSTALADO EM RAMAL OU SUB-RAMAL DE ÁGUA - FORNECIMENTO E INSTALAÇÃO. AF_06/2022","UN","COEFICIENTE DE REPRESENTATIVIDADE",13.64,"CAIXA REFERENCIAL"]
["INSTALACOES HIDRO SANITARIAS","INHI","CONEXOES","0180","","",89398,"TE, PVC, SOLDÁVEL, DN 32MM, INSTALADO EM RAMAL OU SUB-RAMAL DE ÁGUA - FORNECIMENTO E INSTALAÇÃO. AF_06/2022","UN","COEFICIENTE DE REPRESENTATIVIDADE",16.7,"CAIXA REFERENCIAL"]
["INSTALACOES HIDRO SANITARIAS","INHI","CONEXOES","0180","","",89399,"TÊ COM BUCHA DE LATÃO NA BOLSA CENTRAL, PVC, SOLDÁVEL, DN 32MM X 3/4 , INSTALADO EM RAMAL OU SUB-RAMAL DE ÁGUA - FORNECIMENTO E INSTALAÇÃO. AF_06/2022","UN","COEFICIENTE DE REPRESENTATIVIDADE",23.28,"CAIXA REFERENCIAL"]
["INSTALACOES HIDRO SANITARIAS","INHI","CONEXOES","0180","","",89400,"TÊ DE REDUÇÃO, PVC, SOLDÁVEL, DN 32MM X 25MM, INSTALADO EM RAMAL OU SUB-RAMAL DE ÁGUA - FORNECIMENTO E INSTALAÇÃO. AF_06/2022","UN","COEFICIENTE DE REPRESENTATIVIDADE",18.47,"CAIXA REFERENCIAL"]
["INSTALACOES HIDRO SANITARIAS","INHI","CONEXOES","0180","","",89404,"JOELHO 90 GRAUS, PVC, SOLDÁVEL, DN 20MM, INSTALADO EM RAMAL DE DISTRIBUIÇÃO DE ÁGUA - FORNECIMENTO E INSTALAÇÃO. AF_06/2022","UN","COEFICIENTE DE REPRESENTATIVIDADE",6.61,"CAIXA REFERENCIAL"]
["INSTALACOES HIDRO SANITARIAS","INHI","CONEXOES","0180","","",89405,"JOELHO 45 GRAUS, PVC, SOLDÁVEL, DN 20MM, INSTALADO EM RAMAL DE DISTRIBUIÇÃO DE ÁGUA - FORNECIMENTO E INSTALAÇÃO. AF_06/2022","UN","COEFICIENTE DE REPRESENTATIVIDADE",7.14,"CAIXA REFERENCIAL"]
["INSTALACOES HIDRO SANITARIAS","INHI","CONEXOES","0180","","",89406,"CURVA 90 GRAUS, PVC, SOLDÁVEL, DN 20MM, INSTALADO EM RAMAL DE DISTRIBUIÇÃO DE ÁGUA - FORNECIMENTO E INSTALAÇÃO. AF_06/2022","UN","COEFICIENTE DE REPRESENTATIVIDADE",8.1199999999999992,"CAIXA REFERENCIAL"]
["INSTALACOES HIDRO SANITARIAS","INHI","CONEXOES","0180","","",89407,"CURVA 45 GRAUS, PVC, SOLDÁVEL, DN 20MM, INSTALADO EM RAMAL DE DISTRIBUIÇÃO DE ÁGUA - FORNECIMENTO E INSTALAÇÃO. AF_06/2022","UN","COEFICIENTE DE REPRESENTATIVIDADE",8.19,"CAIXA REFERENCIAL"]
["INSTALACOES HIDRO SANITARIAS","INHI","CONEXOES","0180","","",89408,"JOELHO 90 GRAUS, PVC, SOLDÁVEL, DN 25MM, INSTALADO EM RAMAL DE DISTRIBUIÇÃO DE ÁGUA - FORNECIMENTO E INSTALAÇÃO. AF_06/2022","UN","COEFICIENTE DE REPRESENTATIVIDADE",7.85,"CAIXA REFERENCIAL"]
["INSTALACOES HIDRO SANITARIAS","INHI","CONEXOES","0180","","",89409,"JOELHO 45 GRAUS, PVC, SOLDÁVEL, DN 25MM, INSTALADO EM RAMAL DE DISTRIBUIÇÃO DE ÁGUA - FORNECIMENTO E INSTALAÇÃO. AF_06/2022","UN","COEFICIENTE DE REPRESENTATIVIDADE",8.6199999999999992,"CAIXA REFERENCIAL"]
["INSTALACOES HIDRO SANITARIAS","INHI","CONEXOES","0180","","",89410,"CURVA 90 GRAUS, PVC, SOLDÁVEL, DN 25MM, INSTALADO EM RAMAL DE DISTRIBUIÇÃO DE ÁGUA - FORNECIMENTO E INSTALAÇÃO. AF_06/2022","UN","COEFICIENTE DE REPRESENTATIVIDADE",10.1,"CAIXA REFERENCIAL"]
["INSTALACOES HIDRO SANITARIAS","INHI","CONEXOES","0180","","",89411,"CURVA 45 GRAUS, PVC, SOLDÁVEL, DN 25MM, INSTALADO EM RAMAL DE DISTRIBUIÇÃO DE ÁGUA - FORNECIMENTO E INSTALAÇÃO. AF_06/2022","UN","COEFICIENTE DE REPRESENTATIVIDADE",9.57,"CAIXA REFERENCIAL"]
["INSTALACOES HIDRO SANITARIAS","INHI","CONEXOES","0180","","",89412,"JOELHO 90 GRAUS, PVC, SOLDÁVEL, DN 25MM, X 3/4  INSTALADO EM RAMAL DE DISTRIBUIÇÃO DE ÁGUA - FORNECIMENTO E INSTALAÇÃO. AF_06/2022","UN","COEFICIENTE DE REPRESENTATIVIDADE",8.98,"CAIXA REFERENCIAL"]
["INSTALACOES HIDRO SANITARIAS","INHI","CONEXOES","0180","","",89413,"JOELHO 90 GRAUS, PVC, SOLDÁVEL, DN 32MM, INSTALADO EM RAMAL DE DISTRIBUIÇÃO DE ÁGUA - FORNECIMENTO E INSTALAÇÃO. AF_06/2022","UN","COEFICIENTE DE REPRESENTATIVIDADE",11.07,"CAIXA REFERENCIAL"]
["INSTALACOES HIDRO SANITARIAS","INHI","CONEXOES","0180","","",89414,"JOELHO 45 GRAUS, PVC, SOLDÁVEL, DN 32MM, INSTALADO EM RAMAL DE DISTRIBUIÇÃO DE ÁGUA - FORNECIMENTO E INSTALAÇÃO. AF_06/2022","UN","COEFICIENTE DE REPRESENTATIVIDADE",12.78,"CAIXA REFERENCIAL"]
["INSTALACOES HIDRO SANITARIAS","INHI","CONEXOES","0180","","",89415,"CURVA 90 GRAUS, PVC, SOLDÁVEL, DN 32MM, INSTALADO EM RAMAL DE DISTRIBUIÇÃO DE ÁGUA - FORNECIMENTO E INSTALAÇÃO. AF_06/2022","UN","COEFICIENTE DE REPRESENTATIVIDADE",15.08,"CAIXA REFERENCIAL"]
["INSTALACOES HIDRO SANITARIAS","INHI","CONEXOES","0180","","",89416,"CURVA 45 GRAUS, PVC, SOLDÁVEL, DN 32MM, INSTALADO EM RAMAL DE DISTRIBUIÇÃO DE ÁGUA - FORNECIMENTO E INSTALAÇÃO. AF_06/2022","UN","COEFICIENTE DE REPRESENTATIVIDADE",13.1,"CAIXA REFERENCIAL"]
["INSTALACOES HIDRO SANITARIAS","INHI","CONEXOES","0180","","",89417,"LUVA, PVC, SOLDÁVEL, DN 20MM, INSTALADO EM RAMAL DE DISTRIBUIÇÃO DE ÁGUA - FORNECIMENTO E INSTALAÇÃO. AF_06/2022","UN","COEFICIENTE DE REPRESENTATIVIDADE",5,"CAIXA REFERENCIAL"]
["INSTALACOES HIDRO SANITARIAS","INHI","CONEXOES","0180","","",89418,"LUVA DE CORRER, PVC, SOLDÁVEL, DN 20MM, INSTALADO EM RAMAL DE DISTRIBUIÇÃO DE ÁGUA - FORNECIMENTO E INSTALAÇÃO. AF_06/2022","UN","COEFICIENTE DE REPRESENTATIVIDADE",14.78,"CAIXA REFERENCIAL"]
["INSTALACOES HIDRO SANITARIAS","INHI","CONEXOES","0180","","",89419,"LUVA DE REDUÇÃO, PVC, SOLDÁVEL, DN 25MM X 20MM, INSTALADO EM RAMAL DE DISTRIBUIÇÃO DE ÁGUA - FORNECIMENTO E INSTALAÇÃO. AF_06/2022","UN","COEFICIENTE DE REPRESENTATIVIDADE",6.05,"CAIXA REFERENCIAL"]
["INSTALACOES HIDRO SANITARIAS","INHI","CONEXOES","0180","","",89421,"UNIÃO, PVC, SOLDÁVEL, DN 20MM, INSTALADO EM RAMAL DE DISTRIBUIÇÃO DE ÁGUA - FORNECIMENTO E INSTALAÇÃO. AF_06/2022","UN","COEFICIENTE DE REPRESENTATIVIDADE",10.83,"CAIXA REFERENCIAL"]
["INSTALACOES HIDRO SANITARIAS","INHI","CONEXOES","0180","","",89423,"CURVA DE TRANSPOSIÇÃO, PVC, SOLDÁVEL, DN 20MM, INSTALADO EM RAMAL DE DISTRIBUIÇÃO DE ÁGUA   FORNECIMENTO E INSTALAÇÃO. AF_06/2022","UN","COEFICIENTE DE REPRESENTATIVIDADE",9.1300000000000008,"CAIXA REFERENCIAL"]
["INSTALACOES HIDRO SANITARIAS","INHI","CONEXOES","0180","","",89424,"LUVA, PVC, SOLDÁVEL, DN 25MM, INSTALADO EM RAMAL DE DISTRIBUIÇÃO DE ÁGUA - FORNECIMENTO E INSTALAÇÃO. AF_06/2022","UN","COEFICIENTE DE REPRESENTATIVIDADE",5.89,"CAIXA REFERENCIAL"]
["INSTALACOES HIDRO SANITARIAS","INHI","CONEXOES","0180","","",89425,"LUVA DE CORRER, PVC, SOLDÁVEL, DN 25MM, INSTALADO EM RAMAL DE DISTRIBUIÇÃO DE ÁGUA - FORNECIMENTO E INSTALAÇÃO. AF_06/2022","UN","COEFICIENTE DE REPRESENTATIVIDADE",17.350000000000001,"CAIXA REFERENCIAL"]
["INSTALACOES HIDRO SANITARIAS","INHI","CONEXOES","0180","","",89426,"LUVA DE REDUÇÃO, PVC, SOLDÁVEL, DN 32MM X 25MM, INSTALADO EM RAMAL DE DISTRIBUIÇÃO DE ÁGUA - FORNECIMENTO E INSTALAÇÃO. AF_06/2022","UN","COEFICIENTE DE REPRESENTATIVIDADE",8.74,"CAIXA REFERENCIAL"]
["INSTALACOES HIDRO SANITARIAS","INHI","CONEXOES","0180","","",89427,"LUVA COM BUCHA DE LATÃO, PVC, SOLDÁVEL, DN 25MM X 3/4 , INSTALADO EM RAMAL DE DISTRIBUIÇÃO DE ÁGUA - FORNECIMENTO E INSTALAÇÃO. AF_06/2022","UN","COEFICIENTE DE REPRESENTATIVIDADE",11.19,"CAIXA REFERENCIAL"]
["INSTALACOES HIDRO SANITARIAS","INHI","CONEXOES","0180","","",89428,"UNIÃO, PVC, SOLDÁVEL, DN 25MM, INSTALADO EM RAMAL DE DISTRIBUIÇÃO DE ÁGUA - FORNECIMENTO E INSTALAÇÃO. AF_06/2022","UN","COEFICIENTE DE REPRESENTATIVIDADE",13.02,"CAIXA REFERENCIAL"]
["INSTALACOES HIDRO SANITARIAS","INHI","CONEXOES","0180","","",89429,"ADAPTADOR CURTO COM BOLSA E ROSCA PARA REGISTRO, PVC, SOLDÁVEL, DN 25MM X 3/4 , INSTALADO EM RAMAL DE DISTRIBUIÇÃO DE ÁGUA - FORNECIMENTO E INSTALAÇÃO. AF_06/2022","UN","COEFICIENTE DE REPRESENTATIVIDADE",5.54,"CAIXA REFERENCIAL"]
["INSTALACOES HIDRO SANITARIAS","INHI","CONEXOES","0180","","",89430,"CURVA DE TRANSPOSIÇÃO, PVC, SOLDÁVEL, DN 25MM, INSTALADO EM RAMAL DE DISTRIBUIÇÃO DE ÁGUA   FORNECIMENTO E INSTALAÇÃO. AF_06/2022","UN","COEFICIENTE DE REPRESENTATIVIDADE",11.73,"CAIXA REFERENCIAL"]
["INSTALACOES HIDRO SANITARIAS","INHI","CONEXOES","0180","","",89431,"LUVA, PVC, SOLDÁVEL, DN 32MM, INSTALADO EM RAMAL DE DISTRIBUIÇÃO DE ÁGUA - FORNECIMENTO E INSTALAÇÃO. AF_06/2022","UN","COEFICIENTE DE REPRESENTATIVIDADE",8.2100000000000009,"CAIXA REFERENCIAL"]
["INSTALACOES HIDRO SANITARIAS","INHI","CONEXOES","0180","","",89432,"LUVA DE CORRER, PVC, SOLDÁVEL, DN 32MM, INSTALADO EM RAMAL DE DISTRIBUIÇÃO DE ÁGUA   FORNECIMENTO E INSTALAÇÃO. AF_06/2022","UN","COEFICIENTE DE REPRESENTATIVIDADE",28.01,"CAIXA REFERENCIAL"]
["INSTALACOES HIDRO SANITARIAS","INHI","CONEXOES","0180","","",89433,"LUVA DE REDUÇÃO, PVC, SOLDÁVEL, DN 40MM X 32MM, INSTALADO EM RAMAL DE DISTRIBUIÇÃO DE ÁGUA - FORNECIMENTO E INSTALAÇÃO. AF_06/2022","UN","COEFICIENTE DE REPRESENTATIVIDADE",12.12,"CAIXA REFERENCIAL"]
["INSTALACOES HIDRO SANITARIAS","INHI","CONEXOES","0180","","",89434,"LUVA SOLDÁVEL E COM ROSCA, PVC, SOLDÁVEL, DN 32MM X 1 , INSTALADO EM RAMAL DE DISTRIBUIÇÃO DE ÁGUA - FORNECIMENTO E INSTALAÇÃO. AF_06/2022","UN","COEFICIENTE DE REPRESENTATIVIDADE",10.130000000000001,"CAIXA REFERENCIAL"]
["INSTALACOES HIDRO SANITARIAS","INHI","CONEXOES","0180","","",89435,"UNIÃO, PVC, SOLDÁVEL, DN 32MM, INSTALADO EM RAMAL DE DISTRIBUIÇÃO DE ÁGUA - FORNECIMENTO E INSTALAÇÃO. AF_06/2022","UN","COEFICIENTE DE REPRESENTATIVIDADE",19.600000000000001,"CAIXA REFERENCIAL"]
["INSTALACOES HIDRO SANITARIAS","INHI","CONEXOES","0180","","",89436,"ADAPTADOR CURTO COM BOLSA E ROSCA PARA REGISTRO, PVC, SOLDÁVEL, DN 32MM X 1 , INSTALADO EM RAMAL DE DISTRIBUIÇÃO DE ÁGUA - FORNECIMENTO E INSTALAÇÃO. AF_06/2022","UN","COEFICIENTE DE REPRESENTATIVIDADE",7.43,"CAIXA REFERENCIAL"]
["INSTALACOES HIDRO SANITARIAS","INHI","CONEXOES","0180","","",89437,"CURVA DE TRANSPOSIÇÃO, PVC, SOLDÁVEL, DN 32MM, INSTALADO EM RAMAL DE DISTRIBUIÇÃO DE ÁGUA   FORNECIMENTO E INSTALAÇÃO. AF_06/2022","UN","COEFICIENTE DE REPRESENTATIVIDADE",22.63,"CAIXA REFERENCIAL"]
["INSTALACOES HIDRO SANITARIAS","INHI","CONEXOES","0180","","",89438,"TE, PVC, SOLDÁVEL, DN 20MM, INSTALADO EM RAMAL DE DISTRIBUIÇÃO DE ÁGUA - FORNECIMENTO E INSTALAÇÃO. AF_06/2022","UN","COEFICIENTE DE REPRESENTATIVIDADE",9.19,"CAIXA REFERENCIAL"]
["INSTALACOES HIDRO SANITARIAS","INHI","CONEXOES","0180","","",89439,"TÊ SOLDÁVEL E COM ROSCA NA BOLSA CENTRAL, PVC, SOLDÁVEL, DN 20MM X 1/2 , INSTALADO EM RAMAL DE DISTRIBUIÇÃO DE ÁGUA - FORNECIMENTO E INSTALAÇÃO. AF_06/2022","UN","COEFICIENTE DE REPRESENTATIVIDADE",10.66,"CAIXA REFERENCIAL"]
["INSTALACOES HIDRO SANITARIAS","INHI","CONEXOES","0180","","",89440,"TE, PVC, SOLDÁVEL, DN 25MM, INSTALADO EM RAMAL DE DISTRIBUIÇÃO DE ÁGUA - FORNECIMENTO E INSTALAÇÃO. AF_06/2022","UN","COEFICIENTE DE REPRESENTATIVIDADE",10.89,"CAIXA REFERENCIAL"]
["INSTALACOES HIDRO SANITARIAS","INHI","CONEXOES","0180","","",89442,"TÊ DE REDUÇÃO, PVC, SOLDÁVEL, DN 25MM X 20MM, INSTALADO EM RAMAL DE DISTRIBUIÇÃO DE ÁGUA - FORNECIMENTO E INSTALAÇÃO. AF_06/2022","UN","COEFICIENTE DE REPRESENTATIVIDADE",12.72,"CAIXA REFERENCIAL"]
["INSTALACOES HIDRO SANITARIAS","INHI","CONEXOES","0180","","",89443,"TE, PVC, SOLDÁVEL, DN 32MM, INSTALADO EM RAMAL DE DISTRIBUIÇÃO DE ÁGUA - FORNECIMENTO E INSTALAÇÃO. AF_06/2022","UN","COEFICIENTE DE REPRESENTATIVIDADE",15.53,"CAIXA REFERENCIAL"]
["INSTALACOES HIDRO SANITARIAS","INHI","CONEXOES","0180","","",89444,"TÊ COM BUCHA DE LATÃO NA BOLSA CENTRAL, PVC, SOLDÁVEL, DN 32MM X 3/4 , INSTALADO EM RAMAL DE DISTRIBUIÇÃO DE ÁGUA - FORNECIMENTO E INSTALAÇÃO. AF_06/2022","UN","COEFICIENTE DE REPRESENTATIVIDADE",22.71,"CAIXA REFERENCIAL"]
["INSTALACOES HIDRO SANITARIAS","INHI","CONEXOES","0180","","",89445,"TÊ DE REDUÇÃO, PVC, SOLDÁVEL, DN 32MM X 25MM, INSTALADO EM RAMAL DE DISTRIBUIÇÃO DE ÁGUA - FORNECIMENTO E INSTALAÇÃO. AF_06/2022","UN","COEFICIENTE DE REPRESENTATIVIDADE",17.39,"CAIXA REFERENCIAL"]
["INSTALACOES HIDRO SANITARIAS","INHI","CONEXOES","0180","","",89481,"JOELHO 90 GRAUS, PVC, SOLDÁVEL, DN 25MM, INSTALADO EM PRUMADA DE ÁGUA - FORNECIMENTO E INSTALAÇÃO. AF_06/2022","UN","COEFICIENTE DE REPRESENTATIVIDADE",4.8499999999999996,"CAIXA REFERENCIAL"]
["INSTALACOES HIDRO SANITARIAS","INHI","CONEXOES","0180","","",89485,"JOELHO 45 GRAUS, PVC, SOLDÁVEL, DN 25MM, INSTALADO EM PRUMADA DE ÁGUA - FORNECIMENTO E INSTALAÇÃO. AF_06/2022","UN","COEFICIENTE DE REPRESENTATIVIDADE",5.62,"CAIXA REFERENCIAL"]
["INSTALACOES HIDRO SANITARIAS","INHI","CONEXOES","0180","","",89489,"CURVA 90 GRAUS, PVC, SOLDÁVEL, DN 25MM, INSTALADO EM PRUMADA DE ÁGUA - FORNECIMENTO E INSTALAÇÃO. AF_06/2022","UN","COEFICIENTE DE REPRESENTATIVIDADE",7.1,"CAIXA REFERENCIAL"]
["INSTALACOES HIDRO SANITARIAS","INHI","CONEXOES","0180","","",89490,"CURVA 45 GRAUS, PVC, SOLDÁVEL, DN 25MM, INSTALADO EM PRUMADA DE ÁGUA - FORNECIMENTO E INSTALAÇÃO. AF_06/2022","UN","COEFICIENTE DE REPRESENTATIVIDADE",6.57,"CAIXA REFERENCIAL"]
["INSTALACOES HIDRO SANITARIAS","INHI","CONEXOES","0180","","",89492,"JOELHO 90 GRAUS, PVC, SOLDÁVEL, DN 32MM, INSTALADO EM PRUMADA DE ÁGUA - FORNECIMENTO E INSTALAÇÃO. AF_06/2022","UN","COEFICIENTE DE REPRESENTATIVIDADE",7.57,"CAIXA REFERENCIAL"]
["INSTALACOES HIDRO SANITARIAS","INHI","CONEXOES","0180","","",89493,"JOELHO 45 GRAUS, PVC, SOLDÁVEL, DN 32MM, INSTALADO EM PRUMADA DE ÁGUA - FORNECIMENTO E INSTALAÇÃO. AF_06/2022","UN","COEFICIENTE DE REPRESENTATIVIDADE",9.2799999999999994,"CAIXA REFERENCIAL"]
["INSTALACOES HIDRO SANITARIAS","INHI","CONEXOES","0180","","",89494,"CURVA 90 GRAUS, PVC, SOLDÁVEL, DN 32MM, INSTALADO EM PRUMADA DE ÁGUA - FORNECIMENTO E INSTALAÇÃO. AF_06/2022","UN","COEFICIENTE DE REPRESENTATIVIDADE",11.58,"CAIXA REFERENCIAL"]
["INSTALACOES HIDRO SANITARIAS","INHI","CONEXOES","0180","","",89496,"CURVA 45 GRAUS, PVC, SOLDÁVEL, DN 32MM, INSTALADO EM PRUMADA DE ÁGUA - FORNECIMENTO E INSTALAÇÃO. AF_06/2022","UN","COEFICIENTE DE REPRESENTATIVIDADE",9.6,"CAIXA REFERENCIAL"]
["INSTALACOES HIDRO SANITARIAS","INHI","CONEXOES","0180","","",89497,"JOELHO 90 GRAUS, PVC, SOLDÁVEL, DN 40MM, INSTALADO EM PRUMADA DE ÁGUA - FORNECIMENTO E INSTALAÇÃO. AF_06/2022","UN","COEFICIENTE DE REPRESENTATIVIDADE",12.22,"CAIXA REFERENCIAL"]
["INSTALACOES HIDRO SANITARIAS","INHI","CONEXOES","0180","","",89498,"JOELHO 45 GRAUS, PVC, SOLDÁVEL, DN 40MM, INSTALADO EM PRUMADA DE ÁGUA - FORNECIMENTO E INSTALAÇÃO. AF_06/2022","UN","COEFICIENTE DE REPRESENTATIVIDADE",12.28,"CAIXA REFERENCIAL"]
["INSTALACOES HIDRO SANITARIAS","INHI","CONEXOES","0180","","",89499,"CURVA 90 GRAUS, PVC, SOLDÁVEL, DN 40MM, INSTALADO EM PRUMADA DE ÁGUA - FORNECIMENTO E INSTALAÇÃO. AF_06/2022","UN","COEFICIENTE DE REPRESENTATIVIDADE",18.3,"CAIXA REFERENCIAL"]
["INSTALACOES HIDRO SANITARIAS","INHI","CONEXOES","0180","","",89500,"CURVA 45 GRAUS, PVC, SOLDÁVEL, DN 40MM, INSTALADO EM PRUMADA DE ÁGUA - FORNECIMENTO E INSTALAÇÃO. AF_06/2022","UN","COEFICIENTE DE REPRESENTATIVIDADE",11.74,"CAIXA REFERENCIAL"]
["INSTALACOES HIDRO SANITARIAS","INHI","CONEXOES","0180","","",89501,"JOELHO 90 GRAUS, PVC, SOLDÁVEL, DN 50MM, INSTALADO EM PRUMADA DE ÁGUA - FORNECIMENTO E INSTALAÇÃO. AF_06/2022","UN","COEFICIENTE DE REPRESENTATIVIDADE",13.13,"CAIXA REFERENCIAL"]
["INSTALACOES HIDRO SANITARIAS","INHI","CONEXOES","0180","","",89502,"JOELHO 45 GRAUS, PVC, SOLDÁVEL, DN 50MM, INSTALADO EM PRUMADA DE ÁGUA - FORNECIMENTO E INSTALAÇÃO. AF_06/2022","UN","COEFICIENTE DE REPRESENTATIVIDADE",15.6,"CAIXA REFERENCIAL"]
["INSTALACOES HIDRO SANITARIAS","INHI","CONEXOES","0180","","",89503,"CURVA 90 GRAUS, PVC, SOLDÁVEL, DN 50MM, INSTALADO EM PRUMADA DE ÁGUA - FORNECIMENTO E INSTALAÇÃO. AF_06/2022","UN","COEFICIENTE DE REPRESENTATIVIDADE",21.13,"CAIXA REFERENCIAL"]
["INSTALACOES HIDRO SANITARIAS","INHI","CONEXOES","0180","","",89504,"CURVA 45 GRAUS, PVC, SOLDÁVEL, DN 50MM, INSTALADO EM PRUMADA DE ÁGUA - FORNECIMENTO E INSTALAÇÃO. AF_06/2022","UN","COEFICIENTE DE REPRESENTATIVIDADE",17.38,"CAIXA REFERENCIAL"]
["INSTALACOES HIDRO SANITARIAS","INHI","CONEXOES","0180","","",89505,"JOELHO 90 GRAUS, PVC, SOLDÁVEL, DN 60MM, INSTALADO EM PRUMADA DE ÁGUA - FORNECIMENTO E INSTALAÇÃO. AF_06/2022","UN","COEFICIENTE DE REPRESENTATIVIDADE",38.82,"CAIXA REFERENCIAL"]
["INSTALACOES HIDRO SANITARIAS","INHI","CONEXOES","0180","","",89506,"JOELHO 45 GRAUS, PVC, SOLDÁVEL, DN 60MM, INSTALADO EM PRUMADA DE ÁGUA - FORNECIMENTO E INSTALAÇÃO. AF_06/2022","UN","COEFICIENTE DE REPRESENTATIVIDADE",37.090000000000003,"CAIXA REFERENCIAL"]
["INSTALACOES HIDRO SANITARIAS","INHI","CONEXOES","0180","","",89507,"CURVA 90 GRAUS, PVC, SOLDÁVEL, DN 60MM, INSTALADO EM PRUMADA DE ÁGUA - FORNECIMENTO E INSTALAÇÃO. AF_06/2022","UN","COEFICIENTE DE REPRESENTATIVIDADE",43.94,"CAIXA REFERENCIAL"]
["INSTALACOES HIDRO SANITARIAS","INHI","CONEXOES","0180","","",89510,"CURVA 45 GRAUS, PVC, SOLDÁVEL, DN 60MM, INSTALADO EM PRUMADA DE ÁGUA - FORNECIMENTO E INSTALAÇÃO. AF_06/2022","UN","COEFICIENTE DE REPRESENTATIVIDADE",24.92,"CAIXA REFERENCIAL"]
["INSTALACOES HIDRO SANITARIAS","INHI","CONEXOES","0180","","",89513,"JOELHO 90 GRAUS, PVC, SOLDÁVEL, DN 75MM, INSTALADO EM PRUMADA DE ÁGUA - FORNECIMENTO E INSTALAÇÃO. AF_06/2022","UN","COEFICIENTE DE REPRESENTATIVIDADE",98.07,"CAIXA REFERENCIAL"]
["INSTALACOES HIDRO SANITARIAS","INHI","CONEXOES","0180","","",89514,"JOELHO 90 GRAUS, PVC, SERIE R, ÁGUA PLUVIAL, DN 40 MM, JUNTA SOLDÁVEL, FORNECIDO E INSTALADO EM RAMAL DE ENCAMINHAMENTO. AF_06/2022","UN","COEFICIENTE DE REPRESENTATIVIDADE",6.95,"CAIXA REFERENCIAL"]
["INSTALACOES HIDRO SANITARIAS","INHI","CONEXOES","0180","","",89515,"JOELHO 45 GRAUS, PVC, SOLDÁVEL, DN 75MM, INSTALADO EM PRUMADA DE ÁGUA - FORNECIMENTO E INSTALAÇÃO. AF_06/2022","UN","COEFICIENTE DE REPRESENTATIVIDADE",78.02,"CAIXA REFERENCIAL"]
["INSTALACOES HIDRO SANITARIAS","INHI","CONEXOES","0180","","",89516,"JOELHO 45 GRAUS, PVC, SERIE R, ÁGUA PLUVIAL, DN 40 MM, JUNTA SOLDÁVEL, FORNECIDO E INSTALADO EM RAMAL DE ENCAMINHAMENTO. AF_06/2022","UN","COEFICIENTE DE REPRESENTATIVIDADE",7.02,"CAIXA REFERENCIAL"]
["INSTALACOES HIDRO SANITARIAS","INHI","CONEXOES","0180","","",89517,"CURVA 90 GRAUS, PVC, SOLDÁVEL, DN 75MM, INSTALADO EM PRUMADA DE ÁGUA - FORNECIMENTO E INSTALAÇÃO. AF_06/2022","UN","COEFICIENTE DE REPRESENTATIVIDADE",65.23,"CAIXA REFERENCIAL"]
["INSTALACOES HIDRO SANITARIAS","INHI","CONEXOES","0180","","",89518,"JOELHO 90 GRAUS, PVC, SERIE R, ÁGUA PLUVIAL, DN 50 MM, JUNTA ELÁSTICA, FORNECIDO E INSTALADO EM RAMAL DE ENCAMINHAMENTO. AF_06/2022","UN","COEFICIENTE DE REPRESENTATIVIDADE",14.74,"CAIXA REFERENCIAL"]
["INSTALACOES HIDRO SANITARIAS","INHI","CONEXOES","0180","","",89519,"CURVA 45 GRAUS, PVC, SOLDÁVEL, DN 75MM, INSTALADO EM PRUMADA DE ÁGUA - FORNECIMENTO E INSTALAÇÃO. AF_06/2022","UN","COEFICIENTE DE REPRESENTATIVIDADE",43.95,"CAIXA REFERENCIAL"]
["INSTALACOES HIDRO SANITARIAS","INHI","CONEXOES","0180","","",89520,"JOELHO 45 GRAUS, PVC, SERIE R, ÁGUA PLUVIAL, DN 50 MM, JUNTA ELÁSTICA, FORNECIDO E INSTALADO EM RAMAL DE ENCAMINHAMENTO. AF_06/2022","UN","COEFICIENTE DE REPRESENTATIVIDADE",15.32,"CAIXA REFERENCIAL"]
["INSTALACOES HIDRO SANITARIAS","INHI","CONEXOES","0180","","",89521,"JOELHO 90 GRAUS, PVC, SOLDÁVEL, DN 85MM, INSTALADO EM PRUMADA DE ÁGUA - FORNECIMENTO E INSTALAÇÃO. AF_06/2022","UN","COEFICIENTE DE REPRESENTATIVIDADE",116.89,"CAIXA REFERENCIAL"]
["INSTALACOES HIDRO SANITARIAS","INHI","CONEXOES","0180","","",89522,"JOELHO 90 GRAUS, PVC, SERIE R, ÁGUA PLUVIAL, DN 75 MM, JUNTA ELÁSTICA, FORNECIDO E INSTALADO EM RAMAL DE ENCAMINHAMENTO. AF_06/2022","UN","COEFICIENTE DE REPRESENTATIVIDADE",26.94,"CAIXA REFERENCIAL"]
["INSTALACOES HIDRO SANITARIAS","INHI","CONEXOES","0180","","",89523,"JOELHO 45 GRAUS, PVC, SOLDÁVEL, DN 85MM, INSTALADO EM PRUMADA DE ÁGUA - FORNECIMENTO E INSTALAÇÃO. AF_06/2022","UN","COEFICIENTE DE REPRESENTATIVIDADE",95.43,"CAIXA REFERENCIAL"]
["INSTALACOES HIDRO SANITARIAS","INHI","CONEXOES","0180","","",89524,"JOELHO 45 GRAUS, PVC, SERIE R, ÁGUA PLUVIAL, DN 75 MM, JUNTA ELÁSTICA, FORNECIDO E INSTALADO EM RAMAL DE ENCAMINHAMENTO. AF_06/2022","UN","COEFICIENTE DE REPRESENTATIVIDADE",27.31,"CAIXA REFERENCIAL"]
["INSTALACOES HIDRO SANITARIAS","INHI","CONEXOES","0180","","",89525,"CURVA 90 GRAUS, PVC, SOLDÁVEL, DN 85MM, INSTALADO EM PRUMADA DE ÁGUA - FORNECIMENTO E INSTALAÇÃO. AF_06/2022","UN","COEFICIENTE DE REPRESENTATIVIDADE",82.09,"CAIXA REFERENCIAL"]
["INSTALACOES HIDRO SANITARIAS","INHI","CONEXOES","0180","","",89526,"CURVA 87 GRAUS E 30 MINUTOS, PVC, SERIE R, ÁGUA PLUVIAL, DN 75 MM, JUNTA ELÁSTICA, FORNECIDO E INSTALADO EM RAMAL DE ENCAMINHAMENTO. AF_06/2022","UN","COEFICIENTE DE REPRESENTATIVIDADE",34.15,"CAIXA REFERENCIAL"]
["INSTALACOES HIDRO SANITARIAS","INHI","CONEXOES","0180","","",89527,"CURVA 45 GRAUS, PVC, SOLDÁVEL, DN 85MM, INSTALADO EM PRUMADA DE ÁGUA - FORNECIMENTO E INSTALAÇÃO. AF_06/2022","UN","COEFICIENTE DE REPRESENTATIVIDADE",52.97,"CAIXA REFERENCIAL"]
["INSTALACOES HIDRO SANITARIAS","INHI","CONEXOES","0180","","",89528,"LUVA, PVC, SOLDÁVEL, DN 25MM, INSTALADO EM PRUMADA DE ÁGUA - FORNECIMENTO E INSTALAÇÃO. AF_06/2022","UN","COEFICIENTE DE REPRESENTATIVIDADE",3.88,"CAIXA REFERENCIAL"]
["INSTALACOES HIDRO SANITARIAS","INHI","CONEXOES","0180","","",89529,"JOELHO 90 GRAUS, PVC, SERIE R, ÁGUA PLUVIAL, DN 100 MM, JUNTA ELÁSTICA, FORNECIDO E INSTALADO EM RAMAL DE ENCAMINHAMENTO. AF_06/2022","UN","COEFICIENTE DE REPRESENTATIVIDADE",33.72,"CAIXA REFERENCIAL"]
["INSTALACOES HIDRO SANITARIAS","INHI","CONEXOES","0180","","",89530,"LUVA DE CORRER, PVC, SOLDÁVEL, DN 25MM, INSTALADO EM PRUMADA DE ÁGUA - FORNECIMENTO E INSTALAÇÃO. AF_06/2022","UN","COEFICIENTE DE REPRESENTATIVIDADE",15.34,"CAIXA REFERENCIAL"]
["INSTALACOES HIDRO SANITARIAS","INHI","CONEXOES","0180","","",89531,"JOELHO 45 GRAUS, PVC, SERIE R, ÁGUA PLUVIAL, DN 100 MM, JUNTA ELÁSTICA, FORNECIDO E INSTALADO EM RAMAL DE ENCAMINHAMENTO. AF_06/2022","UN","COEFICIENTE DE REPRESENTATIVIDADE",34.549999999999997,"CAIXA REFERENCIAL"]
["INSTALACOES HIDRO SANITARIAS","INHI","CONEXOES","0180","","",89532,"LUVA DE REDUÇÃO, PVC, SOLDÁVEL, DN 32MM X 25MM, INSTALADO EM PRUMADA DE ÁGUA - FORNECIMENTO E INSTALAÇÃO. AF_06/2022","UN","COEFICIENTE DE REPRESENTATIVIDADE",6.56,"CAIXA REFERENCIAL"]
["INSTALACOES HIDRO SANITARIAS","INHI","CONEXOES","0180","","",89535,"CURVA 87 GRAUS E 30 MINUTOS, PVC, SERIE R, ÁGUA PLUVIAL, DN 100 MM, JUNTA ELÁSTICA, FORNECIDO E INSTALADO EM RAMAL DE ENCAMINHAMENTO. AF_06/2022","UN","COEFICIENTE DE REPRESENTATIVIDADE",38.130000000000003,"CAIXA REFERENCIAL"]
["INSTALACOES HIDRO SANITARIAS","INHI","CONEXOES","0180","","",89536,"UNIÃO, PVC, SOLDÁVEL, DN 25MM, INSTALADO EM PRUMADA DE ÁGUA - FORNECIMENTO E INSTALAÇÃO. AF_06/2022","UN","COEFICIENTE DE REPRESENTATIVIDADE",11.01,"CAIXA REFERENCIAL"]
["INSTALACOES HIDRO SANITARIAS","INHI","CONEXOES","0180","","",89540,"CURVA DE TRANSPOSIÇÃO, PVC, SOLDÁVEL, DN 25MM, INSTALADO EM PRUMADA DE ÁGUA  - FORNECIMENTO E INSTALAÇÃO. AF_06/2022","UN","COEFICIENTE DE REPRESENTATIVIDADE",9.7200000000000006,"CAIXA REFERENCIAL"]
["INSTALACOES HIDRO SANITARIAS","INHI","CONEXOES","0180","","",89541,"LUVA, PVC, SOLDÁVEL, DN 32MM, INSTALADO EM PRUMADA DE ÁGUA - FORNECIMENTO E INSTALAÇÃO. AF_06/2022","UN","COEFICIENTE DE REPRESENTATIVIDADE",5.87,"CAIXA REFERENCIAL"]
["INSTALACOES HIDRO SANITARIAS","INHI","CONEXOES","0180","","",89542,"LUVA DE CORRER, PVC, SOLDÁVEL, DN 32MM, INSTALADO EM PRUMADA DE ÁGUA - FORNECIMENTO E INSTALAÇÃO. AF_06/2022","UN","COEFICIENTE DE REPRESENTATIVIDADE",25.67,"CAIXA REFERENCIAL"]
["INSTALACOES HIDRO SANITARIAS","INHI","CONEXOES","0180","","",89544,"LUVA SIMPLES, PVC, SERIE R, ÁGUA PLUVIAL, DN 40 MM, JUNTA SOLDÁVEL, FORNECIDO E INSTALADO EM RAMAL DE ENCAMINHAMENTO. AF_06/2022","UN","COEFICIENTE DE REPRESENTATIVIDADE",7.04,"CAIXA REFERENCIAL"]
["INSTALACOES HIDRO SANITARIAS","INHI","CONEXOES","0180","","",89545,"LUVA SIMPLES, PVC, SERIE R, ÁGUA PLUVIAL, DN 50 MM, JUNTA ELÁSTICA, FORNECIDO E INSTALADO EM RAMAL DE ENCAMINHAMENTO. AF_06/2022","UN","COEFICIENTE DE REPRESENTATIVIDADE",14.79,"CAIXA REFERENCIAL"]
["INSTALACOES HIDRO SANITARIAS","INHI","CONEXOES","0180","","",89546,"BUCHA DE REDUÇÃO LONGA, PVC, SERIE R, ÁGUA PLUVIAL, DN 50 X 40 MM, JUNTA ELÁSTICA, FORNECIDO E INSTALADO EM RAMAL DE ENCAMINHAMENTO. AF_06/2022","UN","COEFICIENTE DE REPRESENTATIVIDADE",10.3,"CAIXA REFERENCIAL"]
["INSTALACOES HIDRO SANITARIAS","INHI","CONEXOES","0180","","",89547,"LUVA SIMPLES, PVC, SERIE R, ÁGUA PLUVIAL, DN 75 MM, JUNTA ELÁSTICA, FORNECIDO E INSTALADO EM RAMAL DE ENCAMINHAMENTO. AF_06/2022","UN","COEFICIENTE DE REPRESENTATIVIDADE",19.649999999999999,"CAIXA REFERENCIAL"]
["INSTALACOES HIDRO SANITARIAS","INHI","CONEXOES","0180","","",89548,"LUVA DE CORRER, PVC, SERIE R, ÁGUA PLUVIAL, DN 75 MM, JUNTA ELÁSTICA, FORNECIDO E INSTALADO EM RAMAL DE ENCAMINHAMENTO. AF_06/2022","UN","COEFICIENTE DE REPRESENTATIVIDADE",21.4,"CAIXA REFERENCIAL"]
["INSTALACOES HIDRO SANITARIAS","INHI","CONEXOES","0180","","",89549,"REDUÇÃO EXCÊNTRICA, PVC, SERIE R, ÁGUA PLUVIAL, DN 75 X 50 MM, JUNTA ELÁSTICA, FORNECIDO E INSTALADO EM RAMAL DE ENCAMINHAMENTO. AF_06/2022","UN","COEFICIENTE DE REPRESENTATIVIDADE",17.97,"CAIXA REFERENCIAL"]
["INSTALACOES HIDRO SANITARIAS","INHI","CONEXOES","0180","","",89550,"TÊ DE INSPEÇÃO, PVC, SERIE R, ÁGUA PLUVIAL, DN 75 MM, JUNTA ELÁSTICA, FORNECIDO E INSTALADO EM RAMAL DE ENCAMINHAMENTO. AF_06/2022","UN","COEFICIENTE DE REPRESENTATIVIDADE",35.729999999999997,"CAIXA REFERENCIAL"]
["INSTALACOES HIDRO SANITARIAS","INHI","CONEXOES","0180","","",89551,"LUVA SOLDÁVEL E COM ROSCA, PVC, SOLDÁVEL, DN 32MM X 1 , INSTALADO EM PRUMADA DE ÁGUA - FORNECIMENTO E INSTALAÇÃO. AF_06/2022","UN","COEFICIENTE DE REPRESENTATIVIDADE",7.95,"CAIXA REFERENCIAL"]
["INSTALACOES HIDRO SANITARIAS","INHI","CONEXOES","0180","","",89552,"UNIÃO, PVC, SOLDÁVEL, DN 32MM, INSTALADO EM PRUMADA DE ÁGUA - FORNECIMENTO E INSTALAÇÃO. AF_06/2022","UN","COEFICIENTE DE REPRESENTATIVIDADE",17.260000000000002,"CAIXA REFERENCIAL"]
["INSTALACOES HIDRO SANITARIAS","INHI","CONEXOES","0180","","",89553,"ADAPTADOR CURTO COM BOLSA E ROSCA PARA REGISTRO, PVC, SOLDÁVEL, DN 32MM X 1 , INSTALADO EM PRUMADA DE ÁGUA - FORNECIMENTO E INSTALAÇÃO. AF_06/2022","UN","COEFICIENTE DE REPRESENTATIVIDADE",5.25,"CAIXA REFERENCIAL"]
["INSTALACOES HIDRO SANITARIAS","INHI","CONEXOES","0180","","",89554,"LUVA SIMPLES, PVC, SERIE R, ÁGUA PLUVIAL, DN 100 MM, JUNTA ELÁSTICA, FORNECIDO E INSTALADO EM RAMAL DE ENCAMINHAMENTO. AF_06/2022","UN","COEFICIENTE DE REPRESENTATIVIDADE",25.06,"CAIXA REFERENCIAL"]
["INSTALACOES HIDRO SANITARIAS","INHI","CONEXOES","0180","","",89555,"CURVA DE TRANSPOSIÇÃO, PVC, SOLDÁVEL, DN 32MM, INSTALADO EM PRUMADA DE ÁGUA   FORNECIMENTO E INSTALAÇÃO. AF_06/2022","UN","COEFICIENTE DE REPRESENTATIVIDADE",20.29,"CAIXA REFERENCIAL"]
["INSTALACOES HIDRO SANITARIAS","INHI","CONEXOES","0180","","",89556,"LUVA DE CORRER, PVC, SERIE R, ÁGUA PLUVIAL, DN 100 MM, JUNTA ELÁSTICA, FORNECIDO E INSTALADO EM RAMAL DE ENCAMINHAMENTO. AF_06/2022","UN","COEFICIENTE DE REPRESENTATIVIDADE",35.909999999999997,"CAIXA REFERENCIAL"]
["INSTALACOES HIDRO SANITARIAS","INHI","CONEXOES","0180","","",89557,"REDUÇÃO EXCÊNTRICA, PVC, SERIE R, ÁGUA PLUVIAL, DN 100 X 75 MM, JUNTA ELÁSTICA, FORNECIDO E INSTALADO EM RAMAL DE ENCAMINHAMENTO. AF_06/2022","UN","COEFICIENTE DE REPRESENTATIVIDADE",28.9,"CAIXA REFERENCIAL"]
["INSTALACOES HIDRO SANITARIAS","INHI","CONEXOES","0180","","",89558,"LUVA, PVC, SOLDÁVEL, DN 40MM, INSTALADO EM PRUMADA DE ÁGUA - FORNECIMENTO E INSTALAÇÃO. AF_06/2022","UN","COEFICIENTE DE REPRESENTATIVIDADE",8.98,"CAIXA REFERENCIAL"]
["INSTALACOES HIDRO SANITARIAS","INHI","CONEXOES","0180","","",89559,"TÊ DE INSPEÇÃO, PVC, SERIE R, ÁGUA PLUVIAL, DN 100 MM, JUNTA ELÁSTICA, FORNECIDO E INSTALADO EM RAMAL DE ENCAMINHAMENTO. AF_06/2022","UN","COEFICIENTE DE REPRESENTATIVIDADE",57.1,"CAIXA REFERENCIAL"]
["INSTALACOES HIDRO SANITARIAS","INHI","CONEXOES","0180","","",89560,"LUVA DE CORRER, PVC, SOLDÁVEL, DN 40MM, INSTALADO EM PRUMADA DE ÁGUA   FORNECIMENTO E INSTALAÇÃO. AF_06/2022","UN","COEFICIENTE DE REPRESENTATIVIDADE",32.909999999999997,"CAIXA REFERENCIAL"]
["INSTALACOES HIDRO SANITARIAS","INHI","CONEXOES","0180","","",89561,"JUNÇÃO SIMPLES, PVC, SERIE R, ÁGUA PLUVIAL, DN 40 MM, JUNTA SOLDÁVEL, FORNECIDO E INSTALADO EM RAMAL DE ENCAMINHAMENTO. AF_06/2022","UN","COEFICIENTE DE REPRESENTATIVIDADE",12.24,"CAIXA REFERENCIAL"]
["INSTALACOES HIDRO SANITARIAS","INHI","CONEXOES","0180","","",89562,"LUVA DE REDUÇÃO, PVC, SOLDÁVEL, DN 40MM X 32MM, INSTALADO EM PRUMADA DE ÁGUA - FORNECIMENTO E INSTALAÇÃO. AF_06/2022","UN","COEFICIENTE DE REPRESENTATIVIDADE",9.58,"CAIXA REFERENCIAL"]
["INSTALACOES HIDRO SANITARIAS","INHI","CONEXOES","0180","","",89563,"JUNÇÃO SIMPLES, PVC, SERIE R, ÁGUA PLUVIAL, DN 50 MM, JUNTA ELÁSTICA, FORNECIDO E INSTALADO EM RAMAL DE ENCAMINHAMENTO. AF_06/2022","UN","COEFICIENTE DE REPRESENTATIVIDADE",31.42,"CAIXA REFERENCIAL"]
["INSTALACOES HIDRO SANITARIAS","INHI","CONEXOES","0180","","",89564,"LUVA COM ROSCA, PVC, SOLDÁVEL, DN 40MM X 1.1/4 , INSTALADO EM PRUMADA DE ÁGUA - FORNECIMENTO E INSTALAÇÃO. AF_06/2022","UN","COEFICIENTE DE REPRESENTATIVIDADE",14.58,"CAIXA REFERENCIAL"]
["INSTALACOES HIDRO SANITARIAS","INHI","CONEXOES","0180","","",89565,"JUNÇÃO SIMPLES, PVC, SERIE R, ÁGUA PLUVIAL, DN 75 X 75 MM, JUNTA ELÁSTICA, FORNECIDO E INSTALADO EM RAMAL DE ENCAMINHAMENTO. AF_06/2022","UN","COEFICIENTE DE REPRESENTATIVIDADE",49.21,"CAIXA REFERENCIAL"]
["INSTALACOES HIDRO SANITARIAS","INHI","CONEXOES","0180","","",89566,"TÊ, PVC, SERIE R, ÁGUA PLUVIAL, DN 75 MM, JUNTA ELÁSTICA, FORNECIDO E INSTALADO EM RAMAL DE ENCAMINHAMENTO. AF_06/2022","UN","COEFICIENTE DE REPRESENTATIVIDADE",42.49,"CAIXA REFERENCIAL"]
["INSTALACOES HIDRO SANITARIAS","INHI","CONEXOES","0180","","",89567,"JUNÇÃO SIMPLES, PVC, SERIE R, ÁGUA PLUVIAL, DN 100 X 100 MM, JUNTA ELÁSTICA, FORNECIDO E INSTALADO EM RAMAL DE ENCAMINHAMENTO. AF_06/2022","UN","COEFICIENTE DE REPRESENTATIVIDADE",70,"CAIXA REFERENCIAL"]
["INSTALACOES HIDRO SANITARIAS","INHI","CONEXOES","0180","","",89568,"UNIÃO, PVC, SOLDÁVEL, DN 40MM, INSTALADO EM PRUMADA DE ÁGUA - FORNECIMENTO E INSTALAÇÃO. AF_06/2022","UN","COEFICIENTE DE REPRESENTATIVIDADE",30.49,"CAIXA REFERENCIAL"]
["INSTALACOES HIDRO SANITARIAS","INHI","CONEXOES","0180","","",89569,"JUNÇÃO SIMPLES, PVC, SERIE R, ÁGUA PLUVIAL, DN 100 X 75 MM, JUNTA ELÁSTICA, FORNECIDO E INSTALADO EM RAMAL DE ENCAMINHAMENTO. AF_06/2022","UN","COEFICIENTE DE REPRESENTATIVIDADE",80.05,"CAIXA REFERENCIAL"]
["INSTALACOES HIDRO SANITARIAS","INHI","CONEXOES","0180","","",89570,"ADAPTADOR CURTO COM BOLSA E ROSCA PARA REGISTRO, PVC, SOLDÁVEL, DN 40MM X 1.1/2 , INSTALADO EM PRUMADA DE ÁGUA - FORNECIMENTO E INSTALAÇÃO. AF_06/2022","UN","COEFICIENTE DE REPRESENTATIVIDADE",10.61,"CAIXA REFERENCIAL"]
["INSTALACOES HIDRO SANITARIAS","INHI","CONEXOES","0180","","",89571,"TÊ, PVC, SERIE R, ÁGUA PLUVIAL, DN 100 X 100 MM, JUNTA ELÁSTICA, FORNECIDO E INSTALADO EM RAMAL DE ENCAMINHAMENTO. AF_06/2022","UN","COEFICIENTE DE REPRESENTATIVIDADE",61.53,"CAIXA REFERENCIAL"]
["INSTALACOES HIDRO SANITARIAS","INHI","CONEXOES","0180","","",89572,"ADAPTADOR CURTO COM BOLSA E ROSCA PARA REGISTRO, PVC, SOLDÁVEL, DN 40MM X 1.1/4 , INSTALADO EM PRUMADA DE ÁGUA - FORNECIMENTO E INSTALAÇÃO. AF_06/2022","UN","COEFICIENTE DE REPRESENTATIVIDADE",7.99,"CAIXA REFERENCIAL"]
["INSTALACOES HIDRO SANITARIAS","INHI","CONEXOES","0180","","",89573,"TÊ, PVC, SERIE R, ÁGUA PLUVIAL, DN 100 X 75 MM, JUNTA ELÁSTICA, FORNECIDO E INSTALADO EM RAMAL DE ENCAMINHAMENTO. AF_06/2022","UN","COEFICIENTE DE REPRESENTATIVIDADE",66.349999999999994,"CAIXA REFERENCIAL"]
["INSTALACOES HIDRO SANITARIAS","INHI","CONEXOES","0180","","",89574,"JUNÇÃO DUPLA, PVC, SERIE R, ÁGUA PLUVIAL, DN 100 X 100 X 100 MM, JUNTA ELÁSTICA, FORNECIDO E INSTALADO EM RAMAL DE ENCAMINHAMENTO. AF_06/2022","UN","COEFICIENTE DE REPRESENTATIVIDADE",131.24,"CAIXA REFERENCIAL"]
["INSTALACOES HIDRO SANITARIAS","INHI","CONEXOES","0180","","",89575,"LUVA, PVC, SOLDÁVEL, DN 50MM, INSTALADO EM PRUMADA DE ÁGUA - FORNECIMENTO E INSTALAÇÃO. AF_06/2022","UN","COEFICIENTE DE REPRESENTATIVIDADE",10.59,"CAIXA REFERENCIAL"]
["INSTALACOES HIDRO SANITARIAS","INHI","CONEXOES","0180","","",89577,"LUVA DE CORRER, PVC, SOLDÁVEL, DN 50MM, INSTALADO EM PRUMADA DE ÁGUA - FORNECIMENTO E INSTALAÇÃO. AF_06/2022","UN","COEFICIENTE DE REPRESENTATIVIDADE",34.65,"CAIXA REFERENCIAL"]
["INSTALACOES HIDRO SANITARIAS","INHI","CONEXOES","0180","","",89579,"LUVA DE REDUÇÃO, PVC, SOLDÁVEL, DN 50MM X 25MM, INSTALADO EM PRUMADA DE ÁGUA   FORNECIMENTO E INSTALAÇÃO. AF_06/2022","UN","COEFICIENTE DE REPRESENTATIVIDADE",10.85,"CAIXA REFERENCIAL"]
["INSTALACOES HIDRO SANITARIAS","INHI","CONEXOES","0180","","",89581,"JOELHO 90 GRAUS, PVC, SERIE R, ÁGUA PLUVIAL, DN 75 MM, JUNTA ELÁSTICA, FORNECIDO E INSTALADO EM CONDUTORES VERTICAIS DE ÁGUAS PLUVIAIS. AF_06/2022","UN","COEFICIENTE DE REPRESENTATIVIDADE",30.55,"CAIXA REFERENCIAL"]
["INSTALACOES HIDRO SANITARIAS","INHI","CONEXOES","0180","","",89582,"JOELHO 45 GRAUS, PVC, SERIE R, ÁGUA PLUVIAL, DN 75 MM, JUNTA ELÁSTICA, FORNECIDO E INSTALADO EM CONDUTORES VERTICAIS DE ÁGUAS PLUVIAIS. AF_06/2022","UN","COEFICIENTE DE REPRESENTATIVIDADE",30.92,"CAIXA REFERENCIAL"]
["INSTALACOES HIDRO SANITARIAS","INHI","CONEXOES","0180","","",89583,"CURVA 87 GRAUS E 30 MINUTOS, PVC, SERIE R, ÁGUA PLUVIAL, DN 75 MM, JUNTA ELÁSTICA, FORNECIDO E INSTALADO EM CONDUTORES VERTICAIS DE ÁGUAS PLUVIAIS. AF_06/2022","UN","COEFICIENTE DE REPRESENTATIVIDADE",37.76,"CAIXA REFERENCIAL"]
["INSTALACOES HIDRO SANITARIAS","INHI","CONEXOES","0180","","",89584,"JOELHO 90 GRAUS, PVC, SERIE R, ÁGUA PLUVIAL, DN 100 MM, JUNTA ELÁSTICA, FORNECIDO E INSTALADO EM CONDUTORES VERTICAIS DE ÁGUAS PLUVIAIS. AF_06/2022","UN","COEFICIENTE DE REPRESENTATIVIDADE",40.25,"CAIXA REFERENCIAL"]
["INSTALACOES HIDRO SANITARIAS","INHI","CONEXOES","0180","","",89585,"JOELHO 45 GRAUS, PVC, SERIE R, ÁGUA PLUVIAL, DN 100 MM, JUNTA ELÁSTICA, FORNECIDO E INSTALADO EM CONDUTORES VERTICAIS DE ÁGUAS PLUVIAIS. AF_06/2022","UN","COEFICIENTE DE REPRESENTATIVIDADE",41.08,"CAIXA REFERENCIAL"]
["INSTALACOES HIDRO SANITARIAS","INHI","CONEXOES","0180","","",89587,"CURVA 87 GRAUS E 30 MINUTOS, PVC, SERIE R, ÁGUA PLUVIAL, DN 100 MM, JUNTA ELÁSTICA, FORNECIDO E INSTALADO EM CONDUTORES VERTICAIS DE ÁGUAS PLUVIAIS. AF_06/2022","UN","COEFICIENTE DE REPRESENTATIVIDADE",44.66,"CAIXA REFERENCIAL"]
["INSTALACOES HIDRO SANITARIAS","INHI","CONEXOES","0180","","",89590,"JOELHO 90 GRAUS, PVC, SERIE R, ÁGUA PLUVIAL, DN 150 MM, JUNTA ELÁSTICA, FORNECIDO E INSTALADO EM CONDUTORES VERTICAIS DE ÁGUAS PLUVIAIS. AF_06/2022","UN","COEFICIENTE DE REPRESENTATIVIDADE",120.65,"CAIXA REFERENCIAL"]
["INSTALACOES HIDRO SANITARIAS","INHI","CONEXOES","0180","","",89591,"JOELHO 45 GRAUS, PVC, SERIE R, ÁGUA PLUVIAL, DN 150 MM, JUNTA ELÁSTICA, FORNECIDO E INSTALADO EM CONDUTORES VERTICAIS DE ÁGUAS PLUVIAIS. AF_06/2022","UN","COEFICIENTE DE REPRESENTATIVIDADE",118.1,"CAIXA REFERENCIAL"]
["INSTALACOES HIDRO SANITARIAS","INHI","CONEXOES","0180","","",89592,"CURVA 87 GRAUS E 30 MINUTOS, PVC, SERIE R, ÁGUA PLUVIAL, DN 150 MM, JUNTA ELÁSTICA, FORNECIDO E INSTALADO EM CONDUTORES VERTICAIS DE ÁGUAS PLUVIAIS. AF_06/2022","UN","COEFICIENTE DE REPRESENTATIVIDADE",140.52000000000001,"CAIXA REFERENCIAL"]
["INSTALACOES HIDRO SANITARIAS","INHI","CONEXOES","0180","","",89593,"LUVA COM ROSCA, PVC, SOLDÁVEL, DN 50MM X 1.1/2 , INSTALADO EM PRUMADA DE ÁGUA - FORNECIMENTO E INSTALAÇÃO. AF_06/2022","UN","COEFICIENTE DE REPRESENTATIVIDADE",23.33,"CAIXA REFERENCIAL"]
["INSTALACOES HIDRO SANITARIAS","INHI","CONEXOES","0180","","",89594,"UNIÃO, PVC, SOLDÁVEL, DN 50MM, INSTALADO EM PRUMADA DE ÁGUA - FORNECIMENTO E INSTALAÇÃO. AF_06/2022","UN","COEFICIENTE DE REPRESENTATIVIDADE",33.729999999999997,"CAIXA REFERENCIAL"]
["INSTALACOES HIDRO SANITARIAS","INHI","CONEXOES","0180","","",89595,"ADAPTADOR CURTO COM BOLSA E ROSCA PARA REGISTRO, PVC, SOLDÁVEL, DN 50MM X 1.1/4 , INSTALADO EM PRUMADA DE ÁGUA - FORNECIMENTO E INSTALAÇÃO. AF_06/2022","UN","COEFICIENTE DE REPRESENTATIVIDADE",13.42,"CAIXA REFERENCIAL"]
["INSTALACOES HIDRO SANITARIAS","INHI","CONEXOES","0180","","",89596,"ADAPTADOR CURTO COM BOLSA E ROSCA PARA REGISTRO, PVC, SOLDÁVEL, DN 50MM X 1.1/2 , INSTALADO EM PRUMADA DE ÁGUA - FORNECIMENTO E INSTALAÇÃO. AF_06/2022","UN","COEFICIENTE DE REPRESENTATIVIDADE",9.6,"CAIXA REFERENCIAL"]
["INSTALACOES HIDRO SANITARIAS","INHI","CONEXOES","0180","","",89597,"LUVA, PVC, SOLDÁVEL, DN 60MM, INSTALADO EM PRUMADA DE ÁGUA - FORNECIMENTO E INSTALAÇÃO. AF_06/2022","UN","COEFICIENTE DE REPRESENTATIVIDADE",21.04,"CAIXA REFERENCIAL"]
["INSTALACOES HIDRO SANITARIAS","INHI","CONEXOES","0180","","",89598,"LUVA DE CORRER, PVC, SOLDÁVEL, DN 60MM, INSTALADO EM PRUMADA DE ÁGUA   FORNECIMENTO E INSTALAÇÃO. AF_06/2022","UN","COEFICIENTE DE REPRESENTATIVIDADE",46.8,"CAIXA REFERENCIAL"]
["INSTALACOES HIDRO SANITARIAS","INHI","CONEXOES","0180","","",89599,"LUVA SIMPLES, PVC, SERIE R, ÁGUA PLUVIAL, DN 75 MM, JUNTA ELÁSTICA, FORNECIDO E INSTALADO EM CONDUTORES VERTICAIS DE ÁGUAS PLUVIAIS. AF_06/2022","UN","COEFICIENTE DE REPRESENTATIVIDADE",22.07,"CAIXA REFERENCIAL"]
["INSTALACOES HIDRO SANITARIAS","INHI","CONEXOES","0180","","",89600,"LUVA DE CORRER, PVC, SERIE R, ÁGUA PLUVIAL, DN 75 MM, JUNTA ELÁSTICA, FORNECIDO E INSTALADO EM CONDUTORES VERTICAIS DE ÁGUAS PLUVIAIS. AF_06/2022","UN","COEFICIENTE DE REPRESENTATIVIDADE",23.81,"CAIXA REFERENCIAL"]
["INSTALACOES HIDRO SANITARIAS","INHI","CONEXOES","0180","","",89605,"LUVA DE REDUÇÃO, PVC, SOLDÁVEL, DN 60MM X 50MM, INSTALADO EM PRUMADA DE ÁGUA - FORNECIMENTO E INSTALAÇÃO. AF_06/2022","UN","COEFICIENTE DE REPRESENTATIVIDADE",19.149999999999999,"CAIXA REFERENCIAL"]
["INSTALACOES HIDRO SANITARIAS","INHI","CONEXOES","0180","","",89609,"UNIÃO, PVC, SOLDÁVEL, DN 60MM, INSTALADO EM PRUMADA DE ÁGUA - FORNECIMENTO E INSTALAÇÃO. AF_06/2022","UN","COEFICIENTE DE REPRESENTATIVIDADE",79.260000000000005,"CAIXA REFERENCIAL"]
["INSTALACOES HIDRO SANITARIAS","INHI","CONEXOES","0180","","",89610,"ADAPTADOR CURTO COM BOLSA E ROSCA PARA REGISTRO, PVC, SOLDÁVEL, DN 60MM X 2 , INSTALADO EM PRUMADA DE ÁGUA - FORNECIMENTO E INSTALAÇÃO. AF_06/2022","UN","COEFICIENTE DE REPRESENTATIVIDADE",18.100000000000001,"CAIXA REFERENCIAL"]
["INSTALACOES HIDRO SANITARIAS","INHI","CONEXOES","0180","","",89611,"LUVA, PVC, SOLDÁVEL, DN 75MM, INSTALADO EM PRUMADA DE ÁGUA - FORNECIMENTO E INSTALAÇÃO. AF_06/2022","UN","COEFICIENTE DE REPRESENTATIVIDADE",29.77,"CAIXA REFERENCIAL"]
["INSTALACOES HIDRO SANITARIAS","INHI","CONEXOES","0180","","",89612,"UNIÃO, PVC, SOLDÁVEL, DN 75MM, INSTALADO EM PRUMADA DE ÁGUA - FORNECIMENTO E INSTALAÇÃO. AF_06/2022","UN","COEFICIENTE DE REPRESENTATIVIDADE",155.96,"CAIXA REFERENCIAL"]
["INSTALACOES HIDRO SANITARIAS","INHI","CONEXOES","0180","","",89613,"ADAPTADOR CURTO COM BOLSA E ROSCA PARA REGISTRO, PVC, SOLDÁVEL, DN 75MM X 2.1/2\", INSTALADO EM PRUMADA DE ÁGUA - FORNECIMENTO E INSTALAÇÃO. AF_12/2014","UN","COEFICIENTE DE REPRESENTATIVIDADE",28.37,"CAIXA REFERENCIAL"]
["INSTALACOES HIDRO SANITARIAS","INHI","CONEXOES","0180","","",89614,"LUVA, PVC, SOLDÁVEL, DN 85MM, INSTALADO EM PRUMADA DE ÁGUA - FORNECIMENTO E INSTALAÇÃO. AF_06/2022","UN","COEFICIENTE DE REPRESENTATIVIDADE",55.86,"CAIXA REFERENCIAL"]
["INSTALACOES HIDRO SANITARIAS","INHI","CONEXOES","0180","","",89615,"UNIÃO, PVC, SOLDÁVEL, DN 85MM, INSTALADO EM PRUMADA DE ÁGUA - FORNECIMENTO E INSTALAÇÃO. AF_06/2022","UN","COEFICIENTE DE REPRESENTATIVIDADE",184.17,"CAIXA REFERENCIAL"]
["INSTALACOES HIDRO SANITARIAS","INHI","CONEXOES","0180","","",89616,"ADAPTADOR CURTO COM BOLSA E ROSCA PARA REGISTRO, PVC, SOLDÁVEL, DN 85MM X 3 , INSTALADO EM PRUMADA DE ÁGUA - FORNECIMENTO E INSTALAÇÃO. AF_06/2022","UN","COEFICIENTE DE REPRESENTATIVIDADE",37.94,"CAIXA REFERENCIAL"]
["INSTALACOES HIDRO SANITARIAS","INHI","CONEXOES","0180","","",89617,"TE, PVC, SOLDÁVEL, DN 25MM, INSTALADO EM PRUMADA DE ÁGUA - FORNECIMENTO E INSTALAÇÃO. AF_06/2022","UN","COEFICIENTE DE REPRESENTATIVIDADE",6.87,"CAIXA REFERENCIAL"]
["INSTALACOES HIDRO SANITARIAS","INHI","CONEXOES","0180","","",89620,"TE, PVC, SOLDÁVEL, DN 32MM, INSTALADO EM PRUMADA DE ÁGUA - FORNECIMENTO E INSTALAÇÃO. AF_06/2022","UN","COEFICIENTE DE REPRESENTATIVIDADE",10.88,"CAIXA REFERENCIAL"]
["INSTALACOES HIDRO SANITARIAS","INHI","CONEXOES","0180","","",89622,"TÊ DE REDUÇÃO, PVC, SOLDÁVEL, DN 32MM X 25MM, INSTALADO EM PRUMADA DE ÁGUA - FORNECIMENTO E INSTALAÇÃO. AF_06/2022","UN","COEFICIENTE DE REPRESENTATIVIDADE",13.06,"CAIXA REFERENCIAL"]
["INSTALACOES HIDRO SANITARIAS","INHI","CONEXOES","0180","","",89623,"TE, PVC, SOLDÁVEL, DN 40MM, INSTALADO EM PRUMADA DE ÁGUA - FORNECIMENTO E INSTALAÇÃO. AF_06/2022","UN","COEFICIENTE DE REPRESENTATIVIDADE",17.93,"CAIXA REFERENCIAL"]
["INSTALACOES HIDRO SANITARIAS","INHI","CONEXOES","0180","","",89624,"TÊ DE REDUÇÃO, PVC, SOLDÁVEL, DN 40MM X 32MM, INSTALADO EM PRUMADA DE ÁGUA - FORNECIMENTO E INSTALAÇÃO. AF_06/2022","UN","COEFICIENTE DE REPRESENTATIVIDADE",16.579999999999998,"CAIXA REFERENCIAL"]
["INSTALACOES HIDRO SANITARIAS","INHI","CONEXOES","0180","","",89625,"TE, PVC, SOLDÁVEL, DN 50MM, INSTALADO EM PRUMADA DE ÁGUA - FORNECIMENTO E INSTALAÇÃO. AF_06/2022","UN","COEFICIENTE DE REPRESENTATIVIDADE",20.88,"CAIXA REFERENCIAL"]
["INSTALACOES HIDRO SANITARIAS","INHI","CONEXOES","0180","","",89626,"TÊ DE REDUÇÃO, PVC, SOLDÁVEL, DN 50MM X 40MM, INSTALADO EM PRUMADA DE ÁGUA - FORNECIMENTO E INSTALAÇÃO. AF_06/2022","UN","COEFICIENTE DE REPRESENTATIVIDADE",28.03,"CAIXA REFERENCIAL"]
["INSTALACOES HIDRO SANITARIAS","INHI","CONEXOES","0180","","",89627,"TÊ DE REDUÇÃO, PVC, SOLDÁVEL, DN 50MM X 25MM, INSTALADO EM PRUMADA DE ÁGUA - FORNECIMENTO E INSTALAÇÃO. AF_06/2022","UN","COEFICIENTE DE REPRESENTATIVIDADE",18.61,"CAIXA REFERENCIAL"]
["INSTALACOES HIDRO SANITARIAS","INHI","CONEXOES","0180","","",89628,"TE, PVC, SOLDÁVEL, DN 60MM, INSTALADO EM PRUMADA DE ÁGUA - FORNECIMENTO E INSTALAÇÃO. AF_06/2022","UN","COEFICIENTE DE REPRESENTATIVIDADE",44.68,"CAIXA REFERENCIAL"]
["INSTALACOES HIDRO SANITARIAS","INHI","CONEXOES","0180","","",89629,"TE, PVC, SOLDÁVEL, DN 75MM, INSTALADO EM PRUMADA DE ÁGUA - FORNECIMENTO E INSTALAÇÃO. AF_06/2022","UN","COEFICIENTE DE REPRESENTATIVIDADE",75.459999999999994,"CAIXA REFERENCIAL"]
["INSTALACOES HIDRO SANITARIAS","INHI","CONEXOES","0180","","",89630,"TE DE REDUÇÃO, PVC, SOLDÁVEL, DN 75MM X 50MM, INSTALADO EM PRUMADA DE ÁGUA - FORNECIMENTO E INSTALAÇÃO. AF_06/2022","UN","COEFICIENTE DE REPRESENTATIVIDADE",57.19,"CAIXA REFERENCIAL"]
["INSTALACOES HIDRO SANITARIAS","INHI","CONEXOES","0180","","",89631,"TE, PVC, SOLDÁVEL, DN 85MM, INSTALADO EM PRUMADA DE ÁGUA - FORNECIMENTO E INSTALAÇÃO. AF_06/2022","UN","COEFICIENTE DE REPRESENTATIVIDADE",99.19,"CAIXA REFERENCIAL"]
["INSTALACOES HIDRO SANITARIAS","INHI","CONEXOES","0180","","",89632,"TE DE REDUÇÃO, PVC, SOLDÁVEL, DN 85MM X 60MM, INSTALADO EM PRUMADA DE ÁGUA - FORNECIMENTO E INSTALAÇÃO. AF_06/2022","UN","COEFICIENTE DE REPRESENTATIVIDADE",115.59,"CAIXA REFERENCIAL"]
["INSTALACOES HIDRO SANITARIAS","INHI","CONEXOES","0180","","",89637,"JOELHO 90 GRAUS, CPVC, SOLDÁVEL, DN 15MM, INSTALADO EM RAMAL OU SUB-RAMAL DE ÁGUA - FORNECIMENTO E INSTALAÇÃO. AF_06/2022","UN","COEFICIENTE DE REPRESENTATIVIDADE",9.23,"CAIXA REFERENCIAL"]
["INSTALACOES HIDRO SANITARIAS","INHI","CONEXOES","0180","","",89638,"JOELHO 45 GRAUS, CPVC, SOLDÁVEL, DN 15MM, INSTALADO EM RAMAL OU SUB-RAMAL DE ÁGUA - FORNECIMENTO E INSTALAÇÃO. AF_06/2022","UN","COEFICIENTE DE REPRESENTATIVIDADE",9.92,"CAIXA REFERENCIAL"]
["INSTALACOES HIDRO SANITARIAS","INHI","CONEXOES","0180","","",89639,"CURVA 90 GRAUS, CPVC, SOLDÁVEL, DN 15MM, INSTALADO EM RAMAL OU SUB-RAMAL DE ÁGUA - FORNECIMENTO E INSTALAÇÃO. AF_06/2022","UN","COEFICIENTE DE REPRESENTATIVIDADE",10.4,"CAIXA REFERENCIAL"]
["INSTALACOES HIDRO SANITARIAS","INHI","CONEXOES","0180","","",89640,"JOELHO DE TRANSIÇÃO, 90 GRAUS, CPVC, SOLDÁVEL, DN 15MM X 1/2\", INSTALADO EM RAMAL OU SUB-RAMAL DE ÁGUA - FORNECIMENTO E INSTALAÇÃO. AF_06/2022","UN","COEFICIENTE DE REPRESENTATIVIDADE",15.64,"CAIXA REFERENCIAL"]
["INSTALACOES HIDRO SANITARIAS","INHI","CONEXOES","0180","","",89641,"JOELHO 90 GRAUS, CPVC, SOLDÁVEL, DN 22MM, INSTALADO EM RAMAL OU SUB-RAMAL DE ÁGUA - FORNECIMENTO E INSTALAÇÃO. AF_06/2022","UN","COEFICIENTE DE REPRESENTATIVIDADE",11.95,"CAIXA REFERENCIAL"]
["INSTALACOES HIDRO SANITARIAS","INHI","CONEXOES","0180","","",89642,"JOELHO 45 GRAUS, CPVC, SOLDÁVEL, DN 22MM, INSTALADO EM RAMAL OU SUB-RAMAL DE ÁGUA - FORNECIMENTO E INSTALAÇÃO. AF_06/2022","UN","COEFICIENTE DE REPRESENTATIVIDADE",13.16,"CAIXA REFERENCIAL"]
["INSTALACOES HIDRO SANITARIAS","INHI","CONEXOES","0180","","",89643,"CURVA 90 GRAUS, CPVC, SOLDÁVEL, DN 22MM, INSTALADO EM RAMAL OU SUB-RAMAL DE ÁGUA - FORNECIMENTO E INSTALAÇÃO. AF_06/2022","UN","COEFICIENTE DE REPRESENTATIVIDADE",14.12,"CAIXA REFERENCIAL"]
["INSTALACOES HIDRO SANITARIAS","INHI","CONEXOES","0180","","",89644,"JOELHO DE TRANSIÇÃO, 90 GRAUS, CPVC, SOLDÁVEL, DN 22MM X 1/2\", INSTALADO EM RAMAL OU SUB-RAMAL DE ÁGUA - FORNECIMENTO E INSTALAÇÃO. AF_06/2022","UN","COEFICIENTE DE REPRESENTATIVIDADE",19.010000000000002,"CAIXA REFERENCIAL"]
["INSTALACOES HIDRO SANITARIAS","INHI","CONEXOES","0180","","",89645,"JOELHO DE TRANSIÇÃO, 90 GRAUS, CPVC, SOLDÁVEL, DN 22MM X 3/4\", INSTALADO EM RAMAL OU SUB-RAMAL DE ÁGUA - FORNECIMENTO E INSTALAÇÃO. AF_06/2022","UN","COEFICIENTE DE REPRESENTATIVIDADE",26.14,"CAIXA REFERENCIAL"]
["INSTALACOES HIDRO SANITARIAS","INHI","CONEXOES","0180","","",89646,"JOELHO 90 GRAUS, CPVC, SOLDÁVEL, DN 28MM, INSTALADO EM RAMAL OU SUB-RAMAL DE ÁGUA - FORNECIMENTO E INSTALAÇÃO. AF_06/2022","UN","COEFICIENTE DE REPRESENTATIVIDADE",17.57,"CAIXA REFERENCIAL"]
["INSTALACOES HIDRO SANITARIAS","INHI","CONEXOES","0180","","",89647,"JOELHO 45 GRAUS, CPVC, SOLDÁVEL, DN 28MM, INSTALADO EM RAMAL OU SUB-RAMAL DE ÁGUA   FORNECIMENTO E INSTALAÇÃO. AF_06/2022","UN","COEFICIENTE DE REPRESENTATIVIDADE",17.07,"CAIXA REFERENCIAL"]
["INSTALACOES HIDRO SANITARIAS","INHI","CONEXOES","0180","","",89648,"CURVA 90 GRAUS, CPVC, SOLDÁVEL, DN 28MM, INSTALADO EM RAMAL OU SUB-RAMAL DE ÁGUA   FORNECIMENTO E INSTALAÇÃO. AF_06/2022","UN","COEFICIENTE DE REPRESENTATIVIDADE",20.84,"CAIXA REFERENCIAL"]
["INSTALACOES HIDRO SANITARIAS","INHI","CONEXOES","0180","","",89649,"JOELHO 90 GRAUS, CPVC, SOLDÁVEL, DN 35MM, INSTALADO EM RAMAL OU SUB-RAMAL DE ÁGUA   FORNECIMENTO E INSTALAÇÃO. AF_06/2022","UN","COEFICIENTE DE REPRESENTATIVIDADE",25.32,"CAIXA REFERENCIAL"]
["INSTALACOES HIDRO SANITARIAS","INHI","CONEXOES","0180","","",89650,"JOELHO 45 GRAUS, CPVC, SOLDÁVEL, DN 35MM, INSTALADO EM RAMAL OU SUB-RAMAL DE ÁGUA   FORNECIMENTO E INSTALAÇÃO. AF_06/2022","UN","COEFICIENTE DE REPRESENTATIVIDADE",24.09,"CAIXA REFERENCIAL"]
["INSTALACOES HIDRO SANITARIAS","INHI","CONEXOES","0180","","",89651,"LUVA, CPVC, SOLDÁVEL, DN 15MM, INSTALADO EM RAMAL OU SUB-RAMAL DE ÁGUA - FORNECIMENTO E INSTALAÇÃO. AF_06/2022","UN","COEFICIENTE DE REPRESENTATIVIDADE",6.3,"CAIXA REFERENCIAL"]
["INSTALACOES HIDRO SANITARIAS","INHI","CONEXOES","0180","","",89652,"LUVA DE CORRER, CPVC, SOLDÁVEL, DN 15MM, INSTALADO EM RAMAL OU SUB-RAMAL DE ÁGUA   FORNECIMENTO E INSTALAÇÃO. AF_06/2022","UN","COEFICIENTE DE REPRESENTATIVIDADE",10.14,"CAIXA REFERENCIAL"]
["INSTALACOES HIDRO SANITARIAS","INHI","CONEXOES","0180","","",89653,"LUVA DE TRANSIÇÃO, CPVC, SOLDÁVEL, DN15MM X 1/2\", INSTALADO EM RAMAL OU SUB-RAMAL DE ÁGUA - FORNECIMENTO E INSTALAÇÃO. AF_06/2022","UN","COEFICIENTE DE REPRESENTATIVIDADE",14.04,"CAIXA REFERENCIAL"]
["INSTALACOES HIDRO SANITARIAS","INHI","CONEXOES","0180","","",89654,"UNIÃO, CPVC, SOLDÁVEL, DN15MM, INSTALADO EM RAMAL OU SUB-RAMAL DE ÁGUA   FORNECIMENTO E INSTALAÇÃO. AF_06/2022","UN","COEFICIENTE DE REPRESENTATIVIDADE",16.12,"CAIXA REFERENCIAL"]
["INSTALACOES HIDRO SANITARIAS","INHI","CONEXOES","0180","","",89655,"CONECTOR, CPVC, SOLDÁVEL, DN 15MM X 1/2 , INSTALADO EM RAMAL OU SUB-RAMAL DE ÁGUA   FORNECIMENTO E INSTALAÇÃO. AF_06/2022","UN","COEFICIENTE DE REPRESENTATIVIDADE",19.04,"CAIXA REFERENCIAL"]
["INSTALACOES HIDRO SANITARIAS","INHI","CONEXOES","0180","","",89656,"ADAPTADOR, CPVC, SOLDÁVEL, DN15MM, INSTALADO EM RAMAL OU SUB-RAMAL DE ÁGUA   FORNECIMENTO E INSTALAÇÃO. AF_06/2022","UN","COEFICIENTE DE REPRESENTATIVIDADE",17.8,"CAIXA REFERENCIAL"]
["INSTALACOES HIDRO SANITARIAS","INHI","CONEXOES","0180","","",89657,"CURVA DE TRANSPOSIÇÃO, CPVC, SOLDÁVEL, DN15MM, INSTALADO EM RAMAL OU SUB-RAMAL DE ÁGUA   FORNECIMENTO E INSTALAÇÃO. AF_06/2022","UN","COEFICIENTE DE REPRESENTATIVIDADE",11.37,"CAIXA REFERENCIAL"]
["INSTALACOES HIDRO SANITARIAS","INHI","CONEXOES","0180","","",89658,"LUVA, CPVC, SOLDÁVEL, DN 22MM, INSTALADO EM RAMAL OU SUB-RAMAL DE ÁGUA   FORNECIMENTO E INSTALAÇÃO. AF_06/2022","UN","COEFICIENTE DE REPRESENTATIVIDADE",8.3800000000000008,"CAIXA REFERENCIAL"]
["INSTALACOES HIDRO SANITARIAS","INHI","CONEXOES","0180","","",89659,"LUVA DE CORRER, CPVC, SOLDÁVEL, DN 22MM, INSTALADO EM RAMAL OU SUB-RAMAL DE ÁGUA   FORNECIMENTO E INSTALAÇÃO. AF_06/2022","UN","COEFICIENTE DE REPRESENTATIVIDADE",14.18,"CAIXA REFERENCIAL"]
["INSTALACOES HIDRO SANITARIAS","INHI","CONEXOES","0180","","",89660,"LUVA DE TRANSIÇÃO, CPVC, SOLDÁVEL, DN22MM X 25MM, INSTALADO EM RAMAL OU SUB-RAMAL DE ÁGUA - FORNECIMENTO E INSTALAÇÃO. AF_06/2022","UN","COEFICIENTE DE REPRESENTATIVIDADE",8.5500000000000007,"CAIXA REFERENCIAL"]
["INSTALACOES HIDRO SANITARIAS","INHI","CONEXOES","0180","","",89661,"UNIÃO, CPVC, SOLDÁVEL, DN22MM, INSTALADO EM RAMAL OU SUB-RAMAL DE ÁGUA   FORNECIMENTO E INSTALAÇÃO. AF_06/2022","UN","COEFICIENTE DE REPRESENTATIVIDADE",18.95,"CAIXA REFERENCIAL"]
["INSTALACOES HIDRO SANITARIAS","INHI","CONEXOES","0180","","",89662,"CONECTOR, CPVC, SOLDÁVEL, DN 22MM X 1/2 , INSTALADO EM RAMAL OU SUB-RAMAL DE ÁGUA   FORNECIMENTO E INSTALAÇÃO. AF_06/2022","UN","COEFICIENTE DE REPRESENTATIVIDADE",24.54,"CAIXA REFERENCIAL"]
["INSTALACOES HIDRO SANITARIAS","INHI","CONEXOES","0180","","",89663,"ADAPTADOR, CPVC, SOLDÁVEL, DN22MM, INSTALADO EM RAMAL OU SUB-RAMAL DE ÁGUA   FORNECIMENTO E INSTALAÇÃO. AF_06/2022","UN","COEFICIENTE DE REPRESENTATIVIDADE",23.85,"CAIXA REFERENCIAL"]
["INSTALACOES HIDRO SANITARIAS","INHI","CONEXOES","0180","","",89664,"CURVA DE TRANSPOSIÇÃO, CPVC, SOLDÁVEL, DN22MM, INSTALADO EM RAMAL OU SUB-RAMAL DE ÁGUA   FORNECIMENTO E INSTALAÇÃO. AF_06/2022","UN","COEFICIENTE DE REPRESENTATIVIDADE",14.13,"CAIXA REFERENCIAL"]
["INSTALACOES HIDRO SANITARIAS","INHI","CONEXOES","0180","","",89666,"BUCHA DE REDUÇÃO, CPVC, SOLDÁVEL, DN22MM X 15MM, INSTALADO EM RAMAL OU SUB-RAMAL DE ÁGUA   FORNECIMENTO E INSTALAÇÃO. AF_06/2022","UN","COEFICIENTE DE REPRESENTATIVIDADE",6.61,"CAIXA REFERENCIAL"]
["INSTALACOES HIDRO SANITARIAS","INHI","CONEXOES","0180","","",89667,"TÊ DE INSPEÇÃO, PVC, SERIE R, ÁGUA PLUVIAL, DN 75 MM, JUNTA ELÁSTICA, FORNECIDO E INSTALADO EM CONDUTORES VERTICAIS DE ÁGUAS PLUVIAIS. AF_06/2022","UN","COEFICIENTE DE REPRESENTATIVIDADE",38.14,"CAIXA REFERENCIAL"]
["INSTALACOES HIDRO SANITARIAS","INHI","CONEXOES","0180","","",89668,"CONECTOR, CPVC, SOLDÁVEL, DN22MM X 3/4\", INSTALADO EM RAMAL OU SUB-RAMAL DE ÁGUA - FORNECIMENTO E INSTALAÇÃO. AF_06/2022","UN","COEFICIENTE DE REPRESENTATIVIDADE",23.27,"CAIXA REFERENCIAL"]
["INSTALACOES HIDRO SANITARIAS","INHI","CONEXOES","0180","","",89669,"LUVA SIMPLES, PVC, SERIE R, ÁGUA PLUVIAL, DN 100 MM, JUNTA ELÁSTICA, FORNECIDO E INSTALADO EM CONDUTORES VERTICAIS DE ÁGUAS PLUVIAIS. AF_06/2022","UN","COEFICIENTE DE REPRESENTATIVIDADE",29.45,"CAIXA REFERENCIAL"]
["INSTALACOES HIDRO SANITARIAS","INHI","CONEXOES","0180","","",89670,"LUVA, CPVC, SOLDÁVEL, DN 28MM, INSTALADO EM RAMAL OU SUB-RAMAL DE ÁGUA   FORNECIMENTO E INSTALAÇÃO. AF_06/2022","UN","COEFICIENTE DE REPRESENTATIVIDADE",12.15,"CAIXA REFERENCIAL"]
["INSTALACOES HIDRO SANITARIAS","INHI","CONEXOES","0180","","",89671,"LUVA DE CORRER, PVC, SERIE R, ÁGUA PLUVIAL, DN 100 MM, JUNTA ELÁSTICA, FORNECIDO E INSTALADO EM CONDUTORES VERTICAIS DE ÁGUAS PLUVIAIS. AF_06/2022","UN","COEFICIENTE DE REPRESENTATIVIDADE",40.270000000000003,"CAIXA REFERENCIAL"]
["INSTALACOES HIDRO SANITARIAS","INHI","CONEXOES","0180","","",89672,"LUVA DE CORRER, CPVC, SOLDÁVEL, DN 28MM, INSTALADO EM RAMAL OU SUB-RAMAL DE ÁGUA   FORNECIMENTO E INSTALAÇÃO. AF_06/2022","UN","COEFICIENTE DE REPRESENTATIVIDADE",19.37,"CAIXA REFERENCIAL"]
["INSTALACOES HIDRO SANITARIAS","INHI","CONEXOES","0180","","",89673,"REDUÇÃO EXCÊNTRICA, PVC, SERIE R, ÁGUA PLUVIAL, DN 100 X 75 MM, JUNTA ELÁSTICA, FORNECIDO E INSTALADO EM CONDUTORES VERTICAIS DE ÁGUAS PLUVIAIS. AF_06/2022","UN","COEFICIENTE DE REPRESENTATIVIDADE",32.270000000000003,"CAIXA REFERENCIAL"]
["INSTALACOES HIDRO SANITARIAS","INHI","CONEXOES","0180","","",89674,"UNIÃO, CPVC, SOLDÁVEL, DN28MM, INSTALADO EM RAMAL OU SUB-RAMAL DE ÁGUA   FORNECIMENTO E INSTALAÇÃO. AF_06/2022","UN","COEFICIENTE DE REPRESENTATIVIDADE",24.59,"CAIXA REFERENCIAL"]
["INSTALACOES HIDRO SANITARIAS","INHI","CONEXOES","0180","","",89675,"TÊ DE INSPEÇÃO, PVC, SERIE R, ÁGUA PLUVIAL, DN 100 MM, JUNTA ELÁSTICA, FORNECIDO E INSTALADO EM CONDUTORES VERTICAIS DE ÁGUAS PLUVIAIS. AF_06/2022","UN","COEFICIENTE DE REPRESENTATIVIDADE",61.46,"CAIXA REFERENCIAL"]
["INSTALACOES HIDRO SANITARIAS","INHI","CONEXOES","0180","","",89676,"CONECTOR, CPVC, SOLDÁVEL, DN 28MM X 1 , INSTALADO EM RAMAL OU SUB-RAMAL DE ÁGUA   FORNECIMENTO E INSTALAÇÃO. AF_06/2022","UN","COEFICIENTE DE REPRESENTATIVIDADE",29.23,"CAIXA REFERENCIAL"]
["INSTALACOES HIDRO SANITARIAS","INHI","CONEXOES","0180","","",89677,"LUVA SIMPLES, PVC, SERIE R, ÁGUA PLUVIAL, DN 150 MM, JUNTA ELÁSTICA, FORNECIDO E INSTALADO EM CONDUTORES VERTICAIS DE ÁGUAS PLUVIAIS. AF_06/2022","UN","COEFICIENTE DE REPRESENTATIVIDADE",69.599999999999994,"CAIXA REFERENCIAL"]
["INSTALACOES HIDRO SANITARIAS","INHI","CONEXOES","0180","","",89678,"BUCHA DE REDUÇÃO, CPVC, SOLDÁVEL, DN28MM X 22MM, INSTALADO EM RAMAL OU SUB-RAMAL DE ÁGUA   FORNECIMENTO E INSTALAÇÃO. AF_06/2022","UN","COEFICIENTE DE REPRESENTATIVIDADE",10.43,"CAIXA REFERENCIAL"]
["INSTALACOES HIDRO SANITARIAS","INHI","CONEXOES","0180","","",89679,"LUVA DE CORRER, PVC, SERIE R, ÁGUA PLUVIAL, DN 150 MM, JUNTA ELÁSTICA, FORNECIDO E INSTALADO EM CONDUTORES VERTICAIS DE ÁGUAS PLUVIAIS. AF_06/2022","UN","COEFICIENTE DE REPRESENTATIVIDADE",111.73,"CAIXA REFERENCIAL"]
["INSTALACOES HIDRO SANITARIAS","INHI","CONEXOES","0180","","",89680,"LUVA, CPVC, SOLDÁVEL, DN 35MM, INSTALADO EM RAMAL OU SUB-RAMAL DE ÁGUA   FORNECIMENTO E INSTALAÇÃO. AF_06/2022","UN","COEFICIENTE DE REPRESENTATIVIDADE",18.79,"CAIXA REFERENCIAL"]
["INSTALACOES HIDRO SANITARIAS","INHI","CONEXOES","0180","","",89681,"REDUÇÃO EXCÊNTRICA, PVC, SERIE R, ÁGUA PLUVIAL, DN 150 X 100 MM, JUNTA ELÁSTICA, FORNECIDO E INSTALADO EM CONDUTORES VERTICAIS DE ÁGUAS PLUVIAIS. AF_06/2022","UN","COEFICIENTE DE REPRESENTATIVIDADE",80.540000000000006,"CAIXA REFERENCIAL"]
["INSTALACOES HIDRO SANITARIAS","INHI","CONEXOES","0180","","",89682,"LUVA DE CORRER, CPVC, SOLDÁVEL, DN 35MM, INSTALADO EM RAMAL OU SUB-RAMAL DE ÁGUA   FORNECIMENTO E INSTALAÇÃO. AF_06/2022","UN","COEFICIENTE DE REPRESENTATIVIDADE",25.6,"CAIXA REFERENCIAL"]
["INSTALACOES HIDRO SANITARIAS","INHI","CONEXOES","0180","","",89683,"TÊ DE INSPEÇÃO, PVC, SERIE R, ÁGUA PLUVIAL, DN 150 X 100 MM, JUNTA ELÁSTICA, FORNECIDO E INSTALADO EM CONDUTORES VERTICAIS DE ÁGUAS PLUVIAIS. AF_06/2022","UN","COEFICIENTE DE REPRESENTATIVIDADE",237.45,"CAIXA REFERENCIAL"]
["INSTALACOES HIDRO SANITARIAS","INHI","CONEXOES","0180","","",89684,"UNIÃO, CPVC, SOLDÁVEL, DN35MM, INSTALADO EM RAMAL OU SUB-RAMAL DE ÁGUA   FORNECIMENTO E INSTALAÇÃO. AF_06/2022","UN","COEFICIENTE DE REPRESENTATIVIDADE",35.36,"CAIXA REFERENCIAL"]
["INSTALACOES HIDRO SANITARIAS","INHI","CONEXOES","0180","","",89685,"JUNÇÃO SIMPLES, PVC, SERIE R, ÁGUA PLUVIAL, DN 75 X 75 MM, JUNTA ELÁSTICA, FORNECIDO E INSTALADO EM CONDUTORES VERTICAIS DE ÁGUAS PLUVIAIS. AF_06/2022","UN","COEFICIENTE DE REPRESENTATIVIDADE",54.03,"CAIXA REFERENCIAL"]
["INSTALACOES HIDRO SANITARIAS","INHI","CONEXOES","0180","","",89686,"CONECTOR, CPVC, SOLDÁVEL, DN 35MM X 1 1/4 , INSTALADO EM RAMAL OU SUB-RAMAL DE ÁGUA   FORNECIMENTO E INSTALAÇÃO. AF_06/2022","UN","COEFICIENTE DE REPRESENTATIVIDADE",44.32,"CAIXA REFERENCIAL"]
["INSTALACOES HIDRO SANITARIAS","INHI","CONEXOES","0180","","",89687,"TÊ, PVC, SERIE R, ÁGUA PLUVIAL, DN 75 X 75 MM, JUNTA ELÁSTICA, FORNECIDO E INSTALADO EM CONDUTORES VERTICAIS DE ÁGUAS PLUVIAIS. AF_06/2022","UN","COEFICIENTE DE REPRESENTATIVIDADE",47.31,"CAIXA REFERENCIAL"]
["INSTALACOES HIDRO SANITARIAS","INHI","CONEXOES","0180","","",89689,"BUCHA DE REDUÇÃO, CPVC, SOLDÁVEL, DN35MM X 28MM, INSTALADO EM RAMAL OU SUB-RAMAL DE ÁGUA   FORNECIMENTO E INSTALAÇÃO. AF_06/2022","UN","COEFICIENTE DE REPRESENTATIVIDADE",30.04,"CAIXA REFERENCIAL"]
["INSTALACOES HIDRO SANITARIAS","INHI","CONEXOES","0180","","",89690,"JUNÇÃO SIMPLES, PVC, SERIE R, ÁGUA PLUVIAL, DN 100 X 100 MM, JUNTA ELÁSTICA, FORNECIDO E INSTALADO EM CONDUTORES VERTICAIS DE ÁGUAS PLUVIAIS. AF_06/2022","UN","COEFICIENTE DE REPRESENTATIVIDADE",78.7,"CAIXA REFERENCIAL"]
["INSTALACOES HIDRO SANITARIAS","INHI","CONEXOES","0180","","",89691,"TE, CPVC, SOLDÁVEL, DN 15MM, INSTALADO EM RAMAL OU SUB-RAMAL DE ÁGUA - FORNECIMENTO E INSTALAÇÃO. AF_06/2022","UN","COEFICIENTE DE REPRESENTATIVIDADE",11.98,"CAIXA REFERENCIAL"]
["INSTALACOES HIDRO SANITARIAS","INHI","CONEXOES","0180","","",89692,"JUNÇÃO SIMPLES, PVC, SERIE R, ÁGUA PLUVIAL, DN 100 X 75 MM, JUNTA ELÁSTICA, FORNECIDO E INSTALADO EM CONDUTORES VERTICAIS DE ÁGUAS PLUVIAIS. AF_06/2022","UN","COEFICIENTE DE REPRESENTATIVIDADE",87.45,"CAIXA REFERENCIAL"]
["INSTALACOES HIDRO SANITARIAS","INHI","CONEXOES","0180","","",89693,"TÊ, PVC, SERIE R, ÁGUA PLUVIAL, DN 100 X 100 MM, JUNTA ELÁSTICA, FORNECIDO E INSTALADO EM CONDUTORES VERTICAIS DE ÁGUAS PLUVIAIS. AF_06/2022","UN","COEFICIENTE DE REPRESENTATIVIDADE",70.23,"CAIXA REFERENCIAL"]
["INSTALACOES HIDRO SANITARIAS","INHI","CONEXOES","0180","","",89694,"TE DE TRANSIÇÃO, CPVC, SOLDÁVEL, DN 15MM X 1/2 , INSTALADO EM RAMAL OU SUB-RAMAL DE ÁGUA   FORNECIMENTO E INSTALAÇÃO. AF_06/2022","UN","COEFICIENTE DE REPRESENTATIVIDADE",16.920000000000002,"CAIXA REFERENCIAL"]
["INSTALACOES HIDRO SANITARIAS","INHI","CONEXOES","0180","","",89695,"TÊ MISTURADOR, CPVC, SOLDÁVEL, DN15MM, INSTALADO EM RAMAL OU SUB-RAMAL DE ÁGUA   FORNECIMENTO E INSTALAÇÃO. AF_06/2022","UN","COEFICIENTE DE REPRESENTATIVIDADE",14.64,"CAIXA REFERENCIAL"]
["INSTALACOES HIDRO SANITARIAS","INHI","CONEXOES","0180","","",89696,"TÊ, PVC, SERIE R, ÁGUA PLUVIAL, DN 100 X 75 MM, JUNTA ELÁSTICA, FORNECIDO E INSTALADO EM CONDUTORES VERTICAIS DE ÁGUAS PLUVIAIS. AF_06/2022","UN","COEFICIENTE DE REPRESENTATIVIDADE",73.75,"CAIXA REFERENCIAL"]
["INSTALACOES HIDRO SANITARIAS","INHI","CONEXOES","0180","","",89697,"TE, CPVC, SOLDÁVEL, DN 22MM, INSTALADO EM RAMAL OU SUB-RAMAL DE ÁGUA - FORNECIMENTO E INSTALAÇÃO. AF_06/2022","UN","COEFICIENTE DE REPRESENTATIVIDADE",15.67,"CAIXA REFERENCIAL"]
["INSTALACOES HIDRO SANITARIAS","INHI","CONEXOES","0180","","",89698,"JUNÇÃO SIMPLES, PVC, SERIE R, ÁGUA PLUVIAL, DN 150 X 150 MM, JUNTA ELÁSTICA, FORNECIDO E INSTALADO EM CONDUTORES VERTICAIS DE ÁGUAS PLUVIAIS. AF_06/2022","UN","COEFICIENTE DE REPRESENTATIVIDADE",232.06,"CAIXA REFERENCIAL"]
["INSTALACOES HIDRO SANITARIAS","INHI","CONEXOES","0180","","",89699,"JUNÇÃO SIMPLES, PVC, SERIE R, ÁGUA PLUVIAL, DN 150 X 100 MM, JUNTA ELÁSTICA, FORNECIDO E INSTALADO EM CONDUTORES VERTICAIS DE ÁGUAS PLUVIAIS. AF_06/2022","UN","COEFICIENTE DE REPRESENTATIVIDADE",175.89,"CAIXA REFERENCIAL"]
["INSTALACOES HIDRO SANITARIAS","INHI","CONEXOES","0180","","",89700,"TE DE TRANSIÇÃO, CPVC, SOLDÁVEL, DN 22MM X 1/2 , INSTALADO EM RAMAL OU SUB-RAMAL DE ÁGUA   FORNECIMENTO E INSTALAÇÃO. AF_06/2022","UN","COEFICIENTE DE REPRESENTATIVIDADE",19.37,"CAIXA REFERENCIAL"]
["INSTALACOES HIDRO SANITARIAS","INHI","CONEXOES","0180","","",89701,"TÊ, PVC, SERIE R, ÁGUA PLUVIAL, DN 150 X 150 MM, JUNTA ELÁSTICA, FORNECIDO E INSTALADO EM CONDUTORES VERTICAIS DE ÁGUAS PLUVIAIS. AF_06/2022","UN","COEFICIENTE DE REPRESENTATIVIDADE",177.71,"CAIXA REFERENCIAL"]
["INSTALACOES HIDRO SANITARIAS","INHI","CONEXOES","0180","","",89702,"TÊ MISTURADOR, CPVC, SOLDÁVEL, DN22MM, INSTALADO EM RAMAL OU SUB-RAMAL DE ÁGUA   FORNECIMENTO E INSTALAÇÃO. AF_06/2022","UN","COEFICIENTE DE REPRESENTATIVIDADE",18.899999999999999,"CAIXA REFERENCIAL"]
["INSTALACOES HIDRO SANITARIAS","INHI","CONEXOES","0180","","",89703,"TE MISTURADOR DE TRANSIÇÃO, CPVC, SOLDÁVEL, DN 22MM X 3/4\", INSTALADO EM RAMAL OU SUB-RAMAL DE ÁGUA - FORNECIMENTO E INSTALAÇÃO. AF_06/2022","UN","COEFICIENTE DE REPRESENTATIVIDADE",38.32,"CAIXA REFERENCIAL"]
["INSTALACOES HIDRO SANITARIAS","INHI","CONEXOES","0180","","",89704,"TÊ, PVC, SERIE R, ÁGUA PLUVIAL, DN 150 X 100 MM, JUNTA ELÁSTICA, FORNECIDO E INSTALADO EM CONDUTORES VERTICAIS DE ÁGUAS PLUVIAIS. AF_06/2022","UN","COEFICIENTE DE REPRESENTATIVIDADE",137.58000000000001,"CAIXA REFERENCIAL"]
["INSTALACOES HIDRO SANITARIAS","INHI","CONEXOES","0180","","",89705,"TÊ, CPVC, SOLDÁVEL, DN28MM, INSTALADO EM RAMAL OU SUB-RAMAL DE ÁGUA   FORNECIMENTO E INSTALAÇÃO. AF_06/2022","UN","COEFICIENTE DE REPRESENTATIVIDADE",22.07,"CAIXA REFERENCIAL"]
["INSTALACOES HIDRO SANITARIAS","INHI","CONEXOES","0180","","",89706,"TÊ, CPVC, SOLDÁVEL, DN35MM, INSTALADO EM RAMAL OU SUB-RAMAL DE ÁGUA   FORNECIMENTO E INSTALAÇÃO. AF_06/2022","UN","COEFICIENTE DE REPRESENTATIVIDADE",45.89,"CAIXA REFERENCIAL"]
["INSTALACOES HIDRO SANITARIAS","INHI","CONEXOES","0180","","",89718,"TUBO, CPVC, SOLDÁVEL, DN 35MM, INSTALADO EM RAMAL DE DISTRIBUIÇÃO DE ÁGUA   FORNECIMENTO E INSTALAÇÃO. AF_06/2022","M","COEFICIENTE DE REPRESENTATIVIDADE",42.96,"CAIXA REFERENCIAL"]
["INSTALACOES HIDRO SANITARIAS","INHI","CONEXOES","0180","","",89719,"JOELHO 90 GRAUS, CPVC, SOLDÁVEL, DN 22MM, INSTALADO EM RAMAL DE DISTRIBUIÇÃO DE ÁGUA   FORNECIMENTO E INSTALAÇÃO. AF_06/2022","UN","COEFICIENTE DE REPRESENTATIVIDADE",11.28,"CAIXA REFERENCIAL"]
["INSTALACOES HIDRO SANITARIAS","INHI","CONEXOES","0180","","",89720,"JOELHO 45 GRAUS, CPVC, SOLDÁVEL, DN 22MM, INSTALADO EM RAMAL DE DISTRIBUIÇÃO DE ÁGUA   FORNECIMENTO E INSTALAÇÃO. AF_06/2022","UN","COEFICIENTE DE REPRESENTATIVIDADE",12.49,"CAIXA REFERENCIAL"]
["INSTALACOES HIDRO SANITARIAS","INHI","CONEXOES","0180","","",89721,"CURVA 90 GRAUS, CPVC, SOLDÁVEL, DN 22MM, INSTALADO EM RAMAL DE DISTRIBUIÇÃO DE ÁGUA - FORNECIMENTO E INSTALAÇÃO. AF_06/2022","UN","COEFICIENTE DE REPRESENTATIVIDADE",13.45,"CAIXA REFERENCIAL"]
["INSTALACOES HIDRO SANITARIAS","INHI","CONEXOES","0180","","",89723,"JOELHO 90 GRAUS, CPVC, SOLDÁVEL, DN 28MM, INSTALADO EM RAMAL DE DISTRIBUIÇÃO DE ÁGUA   FORNECIMENTO E INSTALAÇÃO. AF_06/2022","UN","COEFICIENTE DE REPRESENTATIVIDADE",16.79,"CAIXA REFERENCIAL"]
["INSTALACOES HIDRO SANITARIAS","INHI","CONEXOES","0180","","",89724,"JOELHO 90 GRAUS, PVC, SERIE NORMAL, ESGOTO PREDIAL, DN 40 MM, JUNTA SOLDÁVEL, FORNECIDO E INSTALADO EM RAMAL DE DESCARGA OU RAMAL DE ESGOTO SANITÁRIO. AF_08/2022","UN","COEFICIENTE DE REPRESENTATIVIDADE",9.02,"CAIXA REFERENCIAL"]
["INSTALACOES HIDRO SANITARIAS","INHI","CONEXOES","0180","","",89725,"JOELHO 45 GRAUS, CPVC, SOLDÁVEL, DN 28MM, INSTALADO EM RAMAL DE DISTRIBUIÇÃO DE ÁGUA   FORNECIMENTO E INSTALAÇÃO. AF_06/2022","UN","COEFICIENTE DE REPRESENTATIVIDADE",16.29,"CAIXA REFERENCIAL"]
["INSTALACOES HIDRO SANITARIAS","INHI","CONEXOES","0180","","",89726,"JOELHO 45 GRAUS, PVC, SERIE NORMAL, ESGOTO PREDIAL, DN 40 MM, JUNTA SOLDÁVEL, FORNECIDO E INSTALADO EM RAMAL DE DESCARGA OU RAMAL DE ESGOTO SANITÁRIO. AF_08/2022","UN","COEFICIENTE DE REPRESENTATIVIDADE",9.1999999999999993,"CAIXA REFERENCIAL"]
["INSTALACOES HIDRO SANITARIAS","INHI","CONEXOES","0180","","",89727,"CURVA 90 GRAUS, CPVC, SOLDÁVEL, DN 28MM, INSTALADO EM RAMAL DE DISTRIBUIÇÃO DE ÁGUA   FORNECIMENTO E INSTALAÇÃO. AF_06/2022","UN","COEFICIENTE DE REPRESENTATIVIDADE",20.059999999999999,"CAIXA REFERENCIAL"]
["INSTALACOES HIDRO SANITARIAS","INHI","CONEXOES","0180","","",89728,"CURVA CURTA 90 GRAUS, PVC, SERIE NORMAL, ESGOTO PREDIAL, DN 40 MM, JUNTA SOLDÁVEL, FORNECIDO E INSTALADO EM RAMAL DE DESCARGA OU RAMAL DE ESGOTO SANITÁRIO. AF_08/2022","UN","COEFICIENTE DE REPRESENTATIVIDADE",11.38,"CAIXA REFERENCIAL"]
["INSTALACOES HIDRO SANITARIAS","INHI","CONEXOES","0180","","",89729,"JOELHO 90 GRAUS, CPVC, SOLDÁVEL, DN 35MM, INSTALADO EM RAMAL DE DISTRIBUIÇÃO DE ÁGUA   FORNECIMENTO E INSTALAÇÃO. AF_06/2022","UN","COEFICIENTE DE REPRESENTATIVIDADE",24.39,"CAIXA REFERENCIAL"]
["INSTALACOES HIDRO SANITARIAS","INHI","CONEXOES","0180","","",89730,"CURVA LONGA 90 GRAUS, PVC, SERIE NORMAL, ESGOTO PREDIAL, DN 40 MM, JUNTA SOLDÁVEL, FORNECIDO E INSTALADO EM RAMAL DE DESCARGA OU RAMAL DE ESGOTO SANITÁRIO. AF_08/2022","UN","COEFICIENTE DE REPRESENTATIVIDADE",12.93,"CAIXA REFERENCIAL"]
["INSTALACOES HIDRO SANITARIAS","INHI","CONEXOES","0180","","",89731,"JOELHO 90 GRAUS, PVC, SERIE NORMAL, ESGOTO PREDIAL, DN 50 MM, JUNTA ELÁSTICA, FORNECIDO E INSTALADO EM RAMAL DE DESCARGA OU RAMAL DE ESGOTO SANITÁRIO. AF_08/2022","UN","COEFICIENTE DE REPRESENTATIVIDADE",14.44,"CAIXA REFERENCIAL"]
["INSTALACOES HIDRO SANITARIAS","INHI","CONEXOES","0180","","",89732,"JOELHO 45 GRAUS, PVC, SERIE NORMAL, ESGOTO PREDIAL, DN 50 MM, JUNTA ELÁSTICA, FORNECIDO E INSTALADO EM RAMAL DE DESCARGA OU RAMAL DE ESGOTO SANITÁRIO. AF_08/2022","UN","COEFICIENTE DE REPRESENTATIVIDADE",15.03,"CAIXA REFERENCIAL"]
["INSTALACOES HIDRO SANITARIAS","INHI","CONEXOES","0180","","",89733,"CURVA CURTA 90 GRAUS, PVC, SERIE NORMAL, ESGOTO PREDIAL, DN 50 MM, JUNTA ELÁSTICA, FORNECIDO E INSTALADO EM RAMAL DE DESCARGA OU RAMAL DE ESGOTO SANITÁRIO. AF_08/2022","UN","COEFICIENTE DE REPRESENTATIVIDADE",21.3,"CAIXA REFERENCIAL"]
["INSTALACOES HIDRO SANITARIAS","INHI","CONEXOES","0180","","",89734,"JOELHO 45 GRAUS, CPVC, SOLDÁVEL, DN 35MM, INSTALADO EM RAMAL DE DISTRIBUIÇÃO DE ÁGUA   FORNECIMENTO E INSTALAÇÃO. AF_06/2022","UN","COEFICIENTE DE REPRESENTATIVIDADE",23.16,"CAIXA REFERENCIAL"]
["INSTALACOES HIDRO SANITARIAS","INHI","CONEXOES","0180","","",89735,"CURVA LONGA 90 GRAUS, PVC, SERIE NORMAL, ESGOTO PREDIAL, DN 50 MM, JUNTA ELÁSTICA, FORNECIDO E INSTALADO EM RAMAL DE DESCARGA OU RAMAL DE ESGOTO SANITÁRIO. AF_08/2022","UN","COEFICIENTE DE REPRESENTATIVIDADE",23.07,"CAIXA REFERENCIAL"]
["INSTALACOES HIDRO SANITARIAS","INHI","CONEXOES","0180","","",89736,"LUVA, CPVC, SOLDÁVEL, DN 22MM, INSTALADO EM RAMAL DE DISTRIBUIÇÃO DE ÁGUA   FORNECIMENTO E INSTALAÇÃO. AF_06/2022","UN","COEFICIENTE DE REPRESENTATIVIDADE",7.94,"CAIXA REFERENCIAL"]
["INSTALACOES HIDRO SANITARIAS","INHI","CONEXOES","0180","","",89737,"JOELHO 90 GRAUS, PVC, SERIE NORMAL, ESGOTO PREDIAL, DN 75 MM, JUNTA ELÁSTICA, FORNECIDO E INSTALADO EM RAMAL DE DESCARGA OU RAMAL DE ESGOTO SANITÁRIO. AF_08/2022","UN","COEFICIENTE DE REPRESENTATIVIDADE",21.55,"CAIXA REFERENCIAL"]
["INSTALACOES HIDRO SANITARIAS","INHI","CONEXOES","0180","","",89738,"LUVA DE CORRER, CPVC, SOLDÁVEL, DN 22MM, INSTALADO EM RAMAL DE DISTRIBUIÇÃO DE ÁGUA   FORNECIMENTO E INSTALAÇÃO. AF_12/2014","UN","COEFICIENTE DE REPRESENTATIVIDADE",13.74,"CAIXA REFERENCIAL"]
["INSTALACOES HIDRO SANITARIAS","INHI","CONEXOES","0180","","",89739,"JOELHO 45 GRAUS, PVC, SERIE NORMAL, ESGOTO PREDIAL, DN 75 MM, JUNTA ELÁSTICA, FORNECIDO E INSTALADO EM RAMAL DE DESCARGA OU RAMAL DE ESGOTO SANITÁRIO. AF_08/2022","UN","COEFICIENTE DE REPRESENTATIVIDADE",22.35,"CAIXA REFERENCIAL"]
["INSTALACOES HIDRO SANITARIAS","INHI","CONEXOES","0180","","",89740,"LUVA DE TRANSIÇÃO, CPVC, SOLDÁVEL, DN 22MM X 25MM, INSTALADO EM RAMAL DE DISTRIBUIÇÃO DE ÁGUA   FORNECIMENTO E INSTALAÇÃO. AF_06/2022","UN","COEFICIENTE DE REPRESENTATIVIDADE",8.08,"CAIXA REFERENCIAL"]
["INSTALACOES HIDRO SANITARIAS","INHI","CONEXOES","0180","","",89741,"UNIÃO, CPVC, SOLDÁVEL, DN 22MM, INSTALADO EM RAMAL DE DISTRIBUIÇÃO DE ÁGUA   FORNECIMENTO E INSTALAÇÃO. AF_06/2022","UN","COEFICIENTE DE REPRESENTATIVIDADE",18.510000000000002,"CAIXA REFERENCIAL"]
["INSTALACOES HIDRO SANITARIAS","INHI","CONEXOES","0180","","",89742,"CURVA CURTA 90 GRAUS, PVC, SERIE NORMAL, ESGOTO PREDIAL, DN 75 MM, JUNTA ELÁSTICA, FORNECIDO E INSTALADO EM RAMAL DE DESCARGA OU RAMAL DE ESGOTO SANITÁRIO. AF_08/2022","UN","COEFICIENTE DE REPRESENTATIVIDADE",35.409999999999997,"CAIXA REFERENCIAL"]
["INSTALACOES HIDRO SANITARIAS","INHI","CONEXOES","0180","","",89743,"CURVA LONGA 90 GRAUS, PVC, SERIE NORMAL, ESGOTO PREDIAL, DN 75 MM, JUNTA ELÁSTICA, FORNECIDO E INSTALADO EM RAMAL DE DESCARGA OU RAMAL DE ESGOTO SANITÁRIO. AF_08/2022","UN","COEFICIENTE DE REPRESENTATIVIDADE",52.11,"CAIXA REFERENCIAL"]
["INSTALACOES HIDRO SANITARIAS","INHI","CONEXOES","0180","","",89744,"JOELHO 90 GRAUS, PVC, SERIE NORMAL, ESGOTO PREDIAL, DN 100 MM, JUNTA ELÁSTICA, FORNECIDO E INSTALADO EM RAMAL DE DESCARGA OU RAMAL DE ESGOTO SANITÁRIO. AF_08/2022","UN","COEFICIENTE DE REPRESENTATIVIDADE",26.2,"CAIXA REFERENCIAL"]
["INSTALACOES HIDRO SANITARIAS","INHI","CONEXOES","0180","","",89746,"JOELHO 45 GRAUS, PVC, SERIE NORMAL, ESGOTO PREDIAL, DN 100 MM, JUNTA ELÁSTICA, FORNECIDO E INSTALADO EM RAMAL DE DESCARGA OU RAMAL DE ESGOTO SANITÁRIO. AF_08/2022","UN","COEFICIENTE DE REPRESENTATIVIDADE",26.87,"CAIXA REFERENCIAL"]
["INSTALACOES HIDRO SANITARIAS","INHI","CONEXOES","0180","","",89747,"ADAPTADOR, CPVC, SOLDÁVEL, DN 22MM, INSTALADO EM RAMAL DE DISTRIBUIÇÃO DE ÁGUA   FORNECIMENTO E INSTALAÇÃO. AF_06/2022","UN","COEFICIENTE DE REPRESENTATIVIDADE",23.41,"CAIXA REFERENCIAL"]
["INSTALACOES HIDRO SANITARIAS","INHI","CONEXOES","0180","","",89748,"CURVA CURTA 90 GRAUS, PVC, SERIE NORMAL, ESGOTO PREDIAL, DN 100 MM, JUNTA ELÁSTICA, FORNECIDO E INSTALADO EM RAMAL DE DESCARGA OU RAMAL DE ESGOTO SANITÁRIO. AF_08/2022","UN","COEFICIENTE DE REPRESENTATIVIDADE",38.4,"CAIXA REFERENCIAL"]
["INSTALACOES HIDRO SANITARIAS","INHI","CONEXOES","0180","","",89749,"CURVA DE TRANSPOSIÇÃO, CPVC, SOLDÁVEL, DN 22MM, INSTALADO EM RAMAL DE DISTRIBUIÇÃO DE ÁGUA   FORNECIMENTO E INSTALAÇÃO. AF_06/2022","UN","COEFICIENTE DE REPRESENTATIVIDADE",13.69,"CAIXA REFERENCIAL"]
["INSTALACOES HIDRO SANITARIAS","INHI","CONEXOES","0180","","",89750,"CURVA LONGA 90 GRAUS, PVC, SERIE NORMAL, ESGOTO PREDIAL, DN 100 MM, JUNTA ELÁSTICA, FORNECIDO E INSTALADO EM RAMAL DE DESCARGA OU RAMAL DE ESGOTO SANITÁRIO. AF_08/2022","UN","COEFICIENTE DE REPRESENTATIVIDADE",66.84,"CAIXA REFERENCIAL"]
["INSTALACOES HIDRO SANITARIAS","INHI","CONEXOES","0180","","",89752,"LUVA SIMPLES, PVC, SERIE NORMAL, ESGOTO PREDIAL, DN 40 MM, JUNTA SOLDÁVEL, FORNECIDO E INSTALADO EM RAMAL DE DESCARGA OU RAMAL DE ESGOTO SANITÁRIO. AF_08/2022","UN","COEFICIENTE DE REPRESENTATIVIDADE",6.68,"CAIXA REFERENCIAL"]
["INSTALACOES HIDRO SANITARIAS","INHI","CONEXOES","0180","","",89753,"LUVA SIMPLES, PVC, SERIE NORMAL, ESGOTO PREDIAL, DN 50 MM, JUNTA ELÁSTICA, FORNECIDO E INSTALADO EM RAMAL DE DESCARGA OU RAMAL DE ESGOTO SANITÁRIO. AF_08/2022","UN","COEFICIENTE DE REPRESENTATIVIDADE",8.06,"CAIXA REFERENCIAL"]
["INSTALACOES HIDRO SANITARIAS","INHI","CONEXOES","0180","","",89754,"LUVA DE CORRER, PVC, SERIE NORMAL, ESGOTO PREDIAL, DN 50 MM, JUNTA ELÁSTICA, FORNECIDO E INSTALADO EM RAMAL DE DESCARGA OU RAMAL DE ESGOTO SANITÁRIO. AF_08/2022","UN","COEFICIENTE DE REPRESENTATIVIDADE",19.010000000000002,"CAIXA REFERENCIAL"]
["INSTALACOES HIDRO SANITARIAS","INHI","CONEXOES","0180","","",89755,"LUVA, CPVC, SOLDÁVEL, DN 28MM, INSTALADO EM RAMAL DE DISTRIBUIÇÃO DE ÁGUA   FORNECIMENTO E INSTALAÇÃO. AF_06/2022","UN","COEFICIENTE DE REPRESENTATIVIDADE",11.64,"CAIXA REFERENCIAL"]
["INSTALACOES HIDRO SANITARIAS","INHI","CONEXOES","0180","","",89756,"LUVA DE CORRER, CPVC, SOLDÁVEL, DN 28MM, INSTALADO EM RAMAL DE DISTRIBUIÇÃO DE ÁGUA   FORNECIMENTO E INSTALAÇÃO. AF_06/2022","UN","COEFICIENTE DE REPRESENTATIVIDADE",18.86,"CAIXA REFERENCIAL"]
["INSTALACOES HIDRO SANITARIAS","INHI","CONEXOES","0180","","",89757,"UNIÃO, CPVC, SOLDÁVEL, DN 28MM, INSTALADO EM RAMAL DE DISTRIBUIÇÃO DE ÁGUA   FORNECIMENTO E INSTALAÇÃO. AF_06/2022","UN","COEFICIENTE DE REPRESENTATIVIDADE",24.08,"CAIXA REFERENCIAL"]
["INSTALACOES HIDRO SANITARIAS","INHI","CONEXOES","0180","","",89758,"CONECTOR, CPVC, SOLDÁVEL, DN 28MM X 1 , INSTALADO EM RAMAL DE DISTRIBUIÇÃO DE ÁGUA   FORNECIMENTO E INSTALAÇÃO. AF_06/2022","UN","COEFICIENTE DE REPRESENTATIVIDADE",29.12,"CAIXA REFERENCIAL"]
["INSTALACOES HIDRO SANITARIAS","INHI","CONEXOES","0180","","",89759,"BUCHA DE REDUÇÃO, CPVC, SOLDÁVEL, DN 28MM X 22MM, INSTALADO EM RAMAL DE DISTRIBUIÇÃO DE ÁGUA - FORNECIMENTO E INSTALAÇÃO. AF_06/2022","UN","COEFICIENTE DE REPRESENTATIVIDADE",9.94,"CAIXA REFERENCIAL"]
["INSTALACOES HIDRO SANITARIAS","INHI","CONEXOES","0180","","",89760,"LUVA, CPVC, SOLDÁVEL, DN 35MM, INSTALADO EM RAMAL DE DISTRIBUIÇÃO DE ÁGUA - FORNECIMENTO E INSTALAÇÃO. AF_06/2022","UN","COEFICIENTE DE REPRESENTATIVIDADE",18.18,"CAIXA REFERENCIAL"]
["INSTALACOES HIDRO SANITARIAS","INHI","CONEXOES","0180","","",89761,"LUVA DE CORRER, CPVC, SOLDÁVEL, DN 35MM, INSTALADO EM RAMAL DE DISTRIBUIÇÃO DE ÁGUA - FORNECIMENTO E INSTALAÇÃO. AF_06/2022","UN","COEFICIENTE DE REPRESENTATIVIDADE",24.99,"CAIXA REFERENCIAL"]
["INSTALACOES HIDRO SANITARIAS","INHI","CONEXOES","0180","","",89762,"UNIÃO, CPVC, SOLDÁVEL, DN35MM, INSTALADO EM RAMAL DE DISTRIBUIÇÃO DE ÁGUA - FORNECIMENTO E INSTALAÇÃO. AF_06/2022","UN","COEFICIENTE DE REPRESENTATIVIDADE",34.75,"CAIXA REFERENCIAL"]
["INSTALACOES HIDRO SANITARIAS","INHI","CONEXOES","0180","","",89763,"CONECTOR, CPVC, SOLDÁVEL, DN 35MM X 1 1/4 , INSTALADO EM RAMAL DE DISTRIBUIÇÃO DE ÁGUA - FORNECIMENTO E INSTALAÇÃO. AF_06/2022","UN","COEFICIENTE DE REPRESENTATIVIDADE",43.73,"CAIXA REFERENCIAL"]
["INSTALACOES HIDRO SANITARIAS","INHI","CONEXOES","0180","","",89764,"BUCHA DE REDUÇÃO, CPVC, SOLDÁVEL, DN35MM X 28MM, INSTALADO EM RAMAL DE DISTRIBUIÇÃO DE ÁGUA - FORNECIMENTO E INSTALAÇÃO. AF_06/2022","UN","COEFICIENTE DE REPRESENTATIVIDADE",29.48,"CAIXA REFERENCIAL"]
["INSTALACOES HIDRO SANITARIAS","INHI","CONEXOES","0180","","",89765,"TE, CPVC, SOLDÁVEL, DN 22MM, INSTALADO EM RAMAL DE DISTRIBUIÇÃO DE ÁGUA - FORNECIMENTO E INSTALAÇÃO. AF_06/2022","UN","COEFICIENTE DE REPRESENTATIVIDADE",14.77,"CAIXA REFERENCIAL"]
["INSTALACOES HIDRO SANITARIAS","INHI","CONEXOES","0180","","",89767,"TÊ MISTURADOR, CPVC, SOLDÁVEL, DN 22MM, INSTALADO EM RAMAL DE DISTRIBUIÇÃO DE ÁGUA - FORNECIMENTO E INSTALAÇÃO. AF_06/2022","UN","COEFICIENTE DE REPRESENTATIVIDADE",18,"CAIXA REFERENCIAL"]
["INSTALACOES HIDRO SANITARIAS","INHI","CONEXOES","0180","","",89768,"TÊ, CPVC, SOLDÁVEL, DN 28MM, INSTALADO EM RAMAL DE DISTRIBUIÇÃO DE ÁGUA - FORNECIMENTO E INSTALAÇÃO. AF_06/2022","UN","COEFICIENTE DE REPRESENTATIVIDADE",21.03,"CAIXA REFERENCIAL"]
["INSTALACOES HIDRO SANITARIAS","INHI","CONEXOES","0180","","",89769,"TÊ, CPVC, SOLDÁVEL, DN35MM, INSTALADO EM RAMAL DE DISTRIBUIÇÃO DE ÁGUA - FORNECIMENTO E INSTALAÇÃO. AF_06/2022","UN","COEFICIENTE DE REPRESENTATIVIDADE",44.65,"CAIXA REFERENCIAL"]
["INSTALACOES HIDRO SANITARIAS","INHI","CONEXOES","0180","","",89772,"TUBO, CPVC, SOLDÁVEL, DN 54MM, INSTALADO EM PRUMADA DE ÁGUA   FORNECIMENTO E INSTALAÇÃO. AF_06/2022","M","COEFICIENTE DE REPRESENTATIVIDADE",67.92,"CAIXA REFERENCIAL"]
["INSTALACOES HIDRO SANITARIAS","INHI","CONEXOES","0180","","",89774,"LUVA SIMPLES, PVC, SERIE NORMAL, ESGOTO PREDIAL, DN 75 MM, JUNTA ELÁSTICA, FORNECIDO E INSTALADO EM RAMAL DE DESCARGA OU RAMAL DE ESGOTO SANITÁRIO. AF_08/2022","UN","COEFICIENTE DE REPRESENTATIVIDADE",13.19,"CAIXA REFERENCIAL"]
["INSTALACOES HIDRO SANITARIAS","INHI","CONEXOES","0180","","",89776,"LUVA DE CORRER, PVC, SERIE NORMAL, ESGOTO PREDIAL, DN 75 MM, JUNTA ELÁSTICA, FORNECIDO E INSTALADO EM RAMAL DE DESCARGA OU RAMAL DE ESGOTO SANITÁRIO. AF_08/2022","UN","COEFICIENTE DE REPRESENTATIVIDADE",23.57,"CAIXA REFERENCIAL"]
["INSTALACOES HIDRO SANITARIAS","INHI","CONEXOES","0180","","",89777,"JOELHO 90 GRAUS, CPVC, SOLDÁVEL, DN 35MM, INSTALADO EM PRUMADA DE ÁGUA   FORNECIMENTO E INSTALAÇÃO. AF_06/2022","UN","COEFICIENTE DE REPRESENTATIVIDADE",20.75,"CAIXA REFERENCIAL"]
["INSTALACOES HIDRO SANITARIAS","INHI","CONEXOES","0180","","",89778,"LUVA SIMPLES, PVC, SERIE NORMAL, ESGOTO PREDIAL, DN 100 MM, JUNTA ELÁSTICA, FORNECIDO E INSTALADO EM RAMAL DE DESCARGA OU RAMAL DE ESGOTO SANITÁRIO. AF_08/2022","UN","COEFICIENTE DE REPRESENTATIVIDADE",15.17,"CAIXA REFERENCIAL"]
["INSTALACOES HIDRO SANITARIAS","INHI","CONEXOES","0180","","",89779,"LUVA DE CORRER, PVC, SERIE NORMAL, ESGOTO PREDIAL, DN 100 MM, JUNTA ELÁSTICA, FORNECIDO E INSTALADO EM RAMAL DE DESCARGA OU RAMAL DE ESGOTO SANITÁRIO. AF_08/2022","UN","COEFICIENTE DE REPRESENTATIVIDADE",31.54,"CAIXA REFERENCIAL"]
["INSTALACOES HIDRO SANITARIAS","INHI","CONEXOES","0180","","",89780,"JOELHO 45 GRAUS, CPVC, SOLDÁVEL, DN 35MM, INSTALADO EM PRUMADA DE ÁGUA - FORNECIMENTO E INSTALAÇÃO. AF_06/2022","UN","COEFICIENTE DE REPRESENTATIVIDADE",19.52,"CAIXA REFERENCIAL"]
["INSTALACOES HIDRO SANITARIAS","INHI","CONEXOES","0180","","",89781,"JOELHO 90 GRAUS, CPVC, SOLDÁVEL, DN 42MM, INSTALADO EM PRUMADA DE ÁGUA   FORNECIMENTO E INSTALAÇÃO. AF_06/2022","UN","COEFICIENTE DE REPRESENTATIVIDADE",29.1,"CAIXA REFERENCIAL"]
["INSTALACOES HIDRO SANITARIAS","INHI","CONEXOES","0180","","",89782,"TE, PVC, SERIE NORMAL, ESGOTO PREDIAL, DN 40 X 40 MM, JUNTA SOLDÁVEL, FORNECIDO E INSTALADO EM RAMAL DE DESCARGA OU RAMAL DE ESGOTO SANITÁRIO. AF_08/2022","UN","COEFICIENTE DE REPRESENTATIVIDADE",12.99,"CAIXA REFERENCIAL"]
["INSTALACOES HIDRO SANITARIAS","INHI","CONEXOES","0180","","",89783,"JUNÇÃO SIMPLES, PVC, SERIE NORMAL, ESGOTO PREDIAL, DN 40 MM, JUNTA SOLDÁVEL, FORNECIDO E INSTALADO EM RAMAL DE DESCARGA OU RAMAL DE ESGOTO SANITÁRIO. AF_08/2022","UN","COEFICIENTE DE REPRESENTATIVIDADE",13.07,"CAIXA REFERENCIAL"]
["INSTALACOES HIDRO SANITARIAS","INHI","CONEXOES","0180","","",89784,"TE, PVC, SERIE NORMAL, ESGOTO PREDIAL, DN 50 X 50 MM, JUNTA ELÁSTICA, FORNECIDO E INSTALADO EM RAMAL DE DESCARGA OU RAMAL DE ESGOTO SANITÁRIO. AF_08/2022","UN","COEFICIENTE DE REPRESENTATIVIDADE",22.99,"CAIXA REFERENCIAL"]
["INSTALACOES HIDRO SANITARIAS","INHI","CONEXOES","0180","","",89785,"JUNÇÃO SIMPLES, PVC, SERIE NORMAL, ESGOTO PREDIAL, DN 50 X 50 MM, JUNTA ELÁSTICA, FORNECIDO E INSTALADO EM RAMAL DE DESCARGA OU RAMAL DE ESGOTO SANITÁRIO. AF_08/2022","UN","COEFICIENTE DE REPRESENTATIVIDADE",24.9,"CAIXA REFERENCIAL"]
["INSTALACOES HIDRO SANITARIAS","INHI","CONEXOES","0180","","",89786,"TE, PVC, SERIE NORMAL, ESGOTO PREDIAL, DN 75 X 75 MM, JUNTA ELÁSTICA, FORNECIDO E INSTALADO EM RAMAL DE DESCARGA OU RAMAL DE ESGOTO SANITÁRIO. AF_08/2022","UN","COEFICIENTE DE REPRESENTATIVIDADE",36.1,"CAIXA REFERENCIAL"]
["INSTALACOES HIDRO SANITARIAS","INHI","CONEXOES","0180","","",89787,"JOELHO 45 GRAUS, CPVC, SOLDÁVEL, DN 42MM, INSTALADO EM PRUMADA DE ÁGUA   FORNECIMENTO E INSTALAÇÃO. AF_06/2022","UN","COEFICIENTE DE REPRESENTATIVIDADE",28.79,"CAIXA REFERENCIAL"]
["INSTALACOES HIDRO SANITARIAS","INHI","CONEXOES","0180","","",89788,"JOELHO 90 GRAUS, CPVC, SOLDÁVEL, DN 54MM, INSTALADO EM PRUMADA DE ÁGUA   FORNECIMENTO E INSTALAÇÃO. AF_06/2022","UN","COEFICIENTE DE REPRESENTATIVIDADE",61.71,"CAIXA REFERENCIAL"]
["INSTALACOES HIDRO SANITARIAS","INHI","CONEXOES","0180","","",89789,"JOELHO 45 GRAUS, CPVC, SOLDÁVEL, DN 54MM, INSTALADO EM PRUMADA DE ÁGUA   FORNECIMENTO E INSTALAÇÃO. AF_06/2022","UN","COEFICIENTE DE REPRESENTATIVIDADE",52.68,"CAIXA REFERENCIAL"]
["INSTALACOES HIDRO SANITARIAS","INHI","CONEXOES","0180","","",89790,"JOELHO 90 GRAUS, CPVC, SOLDÁVEL, DN 73MM, INSTALADO EM PRUMADA DE ÁGUA   FORNECIMENTO E INSTALAÇÃO. AF_06/2022","UN","COEFICIENTE DE REPRESENTATIVIDADE",121.88,"CAIXA REFERENCIAL"]
["INSTALACOES HIDRO SANITARIAS","INHI","CONEXOES","0180","","",89791,"JOELHO 45 GRAUS, CPVC, SOLDÁVEL, DN 73MM, INSTALADO EM PRUMADA DE ÁGUA   FORNECIMENTO E INSTALAÇÃO. AF_06/2022","UN","COEFICIENTE DE REPRESENTATIVIDADE",117.8,"CAIXA REFERENCIAL"]
["INSTALACOES HIDRO SANITARIAS","INHI","CONEXOES","0180","","",89792,"JOELHO 90 GRAUS, CPVC, SOLDÁVEL, DN 89MM, INSTALADO EM PRUMADA DE ÁGUA   FORNECIMENTO E INSTALAÇÃO. AF_06/2022","UN","COEFICIENTE DE REPRESENTATIVIDADE",144.57,"CAIXA REFERENCIAL"]
["INSTALACOES HIDRO SANITARIAS","INHI","CONEXOES","0180","","",89793,"JOELHO 45 GRAUS, CPVC, SOLDÁVEL, DN 89MM, INSTALADO EM PRUMADA DE ÁGUA   FORNECIMENTO E INSTALAÇÃO. AF_06/2022","UN","COEFICIENTE DE REPRESENTATIVIDADE",170,"CAIXA REFERENCIAL"]
["INSTALACOES HIDRO SANITARIAS","INHI","CONEXOES","0180","","",89794,"LUVA, CPVC, SOLDÁVEL, DN 35MM, INSTALADO EM PRUMADA DE ÁGUA   FORNECIMENTO E INSTALAÇÃO. AF_06/2022","UN","COEFICIENTE DE REPRESENTATIVIDADE",15.78,"CAIXA REFERENCIAL"]
["INSTALACOES HIDRO SANITARIAS","INHI","CONEXOES","0180","","",89795,"JUNÇÃO SIMPLES, PVC, SERIE NORMAL, ESGOTO PREDIAL, DN 75 X 75 MM, JUNTA ELÁSTICA, FORNECIDO E INSTALADO EM RAMAL DE DESCARGA OU RAMAL DE ESGOTO SANITÁRIO. AF_08/2022","UN","COEFICIENTE DE REPRESENTATIVIDADE",37.79,"CAIXA REFERENCIAL"]
["INSTALACOES HIDRO SANITARIAS","INHI","CONEXOES","0180","","",89796,"TE, PVC, SERIE NORMAL, ESGOTO PREDIAL, DN 100 X 100 MM, JUNTA ELÁSTICA, FORNECIDO E INSTALADO EM RAMAL DE DESCARGA OU RAMAL DE ESGOTO SANITÁRIO. AF_08/2022","UN","COEFICIENTE DE REPRESENTATIVIDADE",40.74,"CAIXA REFERENCIAL"]
["INSTALACOES HIDRO SANITARIAS","INHI","CONEXOES","0180","","",89797,"JUNÇÃO SIMPLES, PVC, SERIE NORMAL, ESGOTO PREDIAL, DN 100 X 100 MM, JUNTA ELÁSTICA, FORNECIDO E INSTALADO EM RAMAL DE DESCARGA OU RAMAL DE ESGOTO SANITÁRIO. AF_08/2022","UN","COEFICIENTE DE REPRESENTATIVIDADE",47.26,"CAIXA REFERENCIAL"]
["INSTALACOES HIDRO SANITARIAS","INHI","CONEXOES","0180","","",89801,"JOELHO 90 GRAUS, PVC, SERIE NORMAL, ESGOTO PREDIAL, DN 50 MM, JUNTA ELÁSTICA, FORNECIDO E INSTALADO EM PRUMADA DE ESGOTO SANITÁRIO OU VENTILAÇÃO. AF_08/2022","UN","COEFICIENTE DE REPRESENTATIVIDADE",9.74,"CAIXA REFERENCIAL"]
["INSTALACOES HIDRO SANITARIAS","INHI","CONEXOES","0180","","",89802,"JOELHO 45 GRAUS, PVC, SERIE NORMAL, ESGOTO PREDIAL, DN 50 MM, JUNTA ELÁSTICA, FORNECIDO E INSTALADO EM PRUMADA DE ESGOTO SANITÁRIO OU VENTILAÇÃO. AF_08/2022","UN","COEFICIENTE DE REPRESENTATIVIDADE",10.33,"CAIXA REFERENCIAL"]
["INSTALACOES HIDRO SANITARIAS","INHI","CONEXOES","0180","","",89803,"CURVA CURTA 90 GRAUS, PVC, SERIE NORMAL, ESGOTO PREDIAL, DN 50 MM, JUNTA ELÁSTICA, FORNECIDO E INSTALADO EM PRUMADA DE ESGOTO SANITÁRIO OU VENTILAÇÃO. AF_08/2022","UN","COEFICIENTE DE REPRESENTATIVIDADE",16.600000000000001,"CAIXA REFERENCIAL"]
["INSTALACOES HIDRO SANITARIAS","INHI","CONEXOES","0180","","",89804,"CURVA LONGA 90 GRAUS, PVC, SERIE NORMAL, ESGOTO PREDIAL, DN 50 MM, JUNTA ELÁSTICA, FORNECIDO E INSTALADO EM PRUMADA DE ESGOTO SANITÁRIO OU VENTILAÇÃO. AF_08/2022","UN","COEFICIENTE DE REPRESENTATIVIDADE",18.37,"CAIXA REFERENCIAL"]
["INSTALACOES HIDRO SANITARIAS","INHI","CONEXOES","0180","","",89805,"JOELHO 90 GRAUS, PVC, SERIE NORMAL, ESGOTO PREDIAL, DN 75 MM, JUNTA ELÁSTICA, FORNECIDO E INSTALADO EM PRUMADA DE ESGOTO SANITÁRIO OU VENTILAÇÃO. AF_08/2022","UN","COEFICIENTE DE REPRESENTATIVIDADE",19.75,"CAIXA REFERENCIAL"]
["INSTALACOES HIDRO SANITARIAS","INHI","CONEXOES","0180","","",89806,"JOELHO 45 GRAUS, PVC, SERIE NORMAL, ESGOTO PREDIAL, DN 75 MM, JUNTA ELÁSTICA, FORNECIDO E INSTALADO EM PRUMADA DE ESGOTO SANITÁRIO OU VENTILAÇÃO. AF_08/2022","UN","COEFICIENTE DE REPRESENTATIVIDADE",20.55,"CAIXA REFERENCIAL"]
["INSTALACOES HIDRO SANITARIAS","INHI","CONEXOES","0180","","",89807,"CURVA CURTA 90 GRAUS, PVC, SERIE NORMAL, ESGOTO PREDIAL, DN 75 MM, JUNTA ELÁSTICA, FORNECIDO E INSTALADO EM PRUMADA DE ESGOTO SANITÁRIO OU VENTILAÇÃO. AF_08/2022","UN","COEFICIENTE DE REPRESENTATIVIDADE",33.61,"CAIXA REFERENCIAL"]
["INSTALACOES HIDRO SANITARIAS","INHI","CONEXOES","0180","","",89808,"CURVA LONGA 90 GRAUS, PVC, SERIE NORMAL, ESGOTO PREDIAL, DN 75 MM, JUNTA ELÁSTICA, FORNECIDO E INSTALADO EM PRUMADA DE ESGOTO SANITÁRIO OU VENTILAÇÃO. AF_08/2022","UN","COEFICIENTE DE REPRESENTATIVIDADE",50.31,"CAIXA REFERENCIAL"]
["INSTALACOES HIDRO SANITARIAS","INHI","CONEXOES","0180","","",89809,"JOELHO 90 GRAUS, PVC, SERIE NORMAL, ESGOTO PREDIAL, DN 100 MM, JUNTA ELÁSTICA, FORNECIDO E INSTALADO EM PRUMADA DE ESGOTO SANITÁRIO OU VENTILAÇÃO. AF_08/2022","UN","COEFICIENTE DE REPRESENTATIVIDADE",27.32,"CAIXA REFERENCIAL"]
["INSTALACOES HIDRO SANITARIAS","INHI","CONEXOES","0180","","",89810,"JOELHO 45 GRAUS, PVC, SERIE NORMAL, ESGOTO PREDIAL, DN 100 MM, JUNTA ELÁSTICA, FORNECIDO E INSTALADO EM PRUMADA DE ESGOTO SANITÁRIO OU VENTILAÇÃO. AF_08/2022","UN","COEFICIENTE DE REPRESENTATIVIDADE",27.99,"CAIXA REFERENCIAL"]
["INSTALACOES HIDRO SANITARIAS","INHI","CONEXOES","0180","","",89811,"CURVA CURTA 90 GRAUS, PVC, SERIE NORMAL, ESGOTO PREDIAL, DN 100 MM, JUNTA ELÁSTICA, FORNECIDO E INSTALADO EM PRUMADA DE ESGOTO SANITÁRIO OU VENTILAÇÃO. AF_08/2022","UN","COEFICIENTE DE REPRESENTATIVIDADE",39.520000000000003,"CAIXA REFERENCIAL"]
["INSTALACOES HIDRO SANITARIAS","INHI","CONEXOES","0180","","",89812,"CURVA LONGA 90 GRAUS, PVC, SERIE NORMAL, ESGOTO PREDIAL, DN 100 MM, JUNTA ELÁSTICA, FORNECIDO E INSTALADO EM PRUMADA DE ESGOTO SANITÁRIO OU VENTILAÇÃO. AF_08/2022","UN","COEFICIENTE DE REPRESENTATIVIDADE",67.959999999999994,"CAIXA REFERENCIAL"]
["INSTALACOES HIDRO SANITARIAS","INHI","CONEXOES","0180","","",89813,"LUVA SIMPLES, PVC, SERIE NORMAL, ESGOTO PREDIAL, DN 50 MM, JUNTA ELÁSTICA, FORNECIDO E INSTALADO EM PRUMADA DE ESGOTO SANITÁRIO OU VENTILAÇÃO. AF_08/2022","UN","COEFICIENTE DE REPRESENTATIVIDADE",4.8499999999999996,"CAIXA REFERENCIAL"]
["INSTALACOES HIDRO SANITARIAS","INHI","CONEXOES","0180","","",89814,"LUVA DE CORRER, PVC, SERIE NORMAL, ESGOTO PREDIAL, DN 50 MM, JUNTA ELÁSTICA, FORNECIDO E INSTALADO EM PRUMADA DE ESGOTO SANITÁRIO OU VENTILAÇÃO. AF_08/2022","UN","COEFICIENTE DE REPRESENTATIVIDADE",15.88,"CAIXA REFERENCIAL"]
["INSTALACOES HIDRO SANITARIAS","INHI","CONEXOES","0180","","",89815,"LUVA DE CORRER, CPVC, SOLDÁVEL, DN 35MM, INSTALADO EM PRUMADA DE ÁGUA   FORNECIMENTO E INSTALAÇÃO. AF_06/2022","UN","COEFICIENTE DE REPRESENTATIVIDADE",22.59,"CAIXA REFERENCIAL"]
["INSTALACOES HIDRO SANITARIAS","INHI","CONEXOES","0180","","",89816,"UNIÃO, CPVC, SOLDÁVEL, DN35MM, INSTALADO EM PRUMADA DE ÁGUA   FORNECIMENTO E INSTALAÇÃO. AF_06/2022","UN","COEFICIENTE DE REPRESENTATIVIDADE",32.35,"CAIXA REFERENCIAL"]
["INSTALACOES HIDRO SANITARIAS","INHI","CONEXOES","0180","","",89817,"LUVA SIMPLES, PVC, SERIE NORMAL, ESGOTO PREDIAL, DN 75 MM, JUNTA ELÁSTICA, FORNECIDO E INSTALADO EM PRUMADA DE ESGOTO SANITÁRIO OU VENTILAÇÃO. AF_08/2022","UN","COEFICIENTE DE REPRESENTATIVIDADE",11.95,"CAIXA REFERENCIAL"]
["INSTALACOES HIDRO SANITARIAS","INHI","CONEXOES","0180","","",89818,"CONECTOR, CPVC, SOLDÁVEL, DN 35MM X 1 1/4 , INSTALADO EM PRUMADA DE ÁGUA   FORNECIMENTO E INSTALAÇÃO. AF_06/2022","UN","COEFICIENTE DE REPRESENTATIVIDADE",41.38,"CAIXA REFERENCIAL"]
["INSTALACOES HIDRO SANITARIAS","INHI","CONEXOES","0180","","",89819,"LUVA DE CORRER, PVC, SERIE NORMAL, ESGOTO PREDIAL, DN 75 MM, JUNTA ELÁSTICA, FORNECIDO E INSTALADO EM PRUMADA DE ESGOTO SANITÁRIO OU VENTILAÇÃO. AF_08/2022","UN","COEFICIENTE DE REPRESENTATIVIDADE",22.36,"CAIXA REFERENCIAL"]
["INSTALACOES HIDRO SANITARIAS","INHI","CONEXOES","0180","","",89821,"LUVA SIMPLES, PVC, SERIE NORMAL, ESGOTO PREDIAL, DN 100 MM, JUNTA ELÁSTICA, FORNECIDO E INSTALADO EM PRUMADA DE ESGOTO SANITÁRIO OU VENTILAÇÃO. AF_08/2022","UN","COEFICIENTE DE REPRESENTATIVIDADE",15.91,"CAIXA REFERENCIAL"]
["INSTALACOES HIDRO SANITARIAS","INHI","CONEXOES","0180","","",89822,"LUVA, CPVC, SOLDÁVEL, DN 42MM, INSTALADO EM PRUMADA DE ÁGUA   FORNECIMENTO E INSTALAÇÃO. AF_06/2022","UN","COEFICIENTE DE REPRESENTATIVIDADE",20.51,"CAIXA REFERENCIAL"]
["INSTALACOES HIDRO SANITARIAS","INHI","CONEXOES","0180","","",89823,"LUVA DE CORRER, PVC, SERIE NORMAL, ESGOTO PREDIAL, DN 100 MM, JUNTA ELÁSTICA, FORNECIDO E INSTALADO EM PRUMADA DE ESGOTO SANITÁRIO OU VENTILAÇÃO. AF_08/2022","UN","COEFICIENTE DE REPRESENTATIVIDADE",32.28,"CAIXA REFERENCIAL"]
["INSTALACOES HIDRO SANITARIAS","INHI","CONEXOES","0180","","",89824,"LUVA DE CORRER, CPVC, SOLDÁVEL, DN 42MM, INSTALADO EM PRUMADA DE ÁGUA   FORNECIMENTO E INSTALAÇÃO. AF_06/2022","UN","COEFICIENTE DE REPRESENTATIVIDADE",30.52,"CAIXA REFERENCIAL"]
["INSTALACOES HIDRO SANITARIAS","INHI","CONEXOES","0180","","",89825,"TE, PVC, SERIE NORMAL, ESGOTO PREDIAL, DN 50 X 50 MM, JUNTA ELÁSTICA, FORNECIDO E INSTALADO EM PRUMADA DE ESGOTO SANITÁRIO OU VENTILAÇÃO. AF_08/2022","UN","COEFICIENTE DE REPRESENTATIVIDADE",16.73,"CAIXA REFERENCIAL"]
["INSTALACOES HIDRO SANITARIAS","INHI","CONEXOES","0180","","",89826,"LUVA DE TRANSIÇÃO, CPVC, SOLDÁVEL, DN42MM X 1.1/2 , INSTALADO EM PRUMADA DE ÁGUA   FORNECIMENTO E INSTALAÇÃO. AF_06/2022","UN","COEFICIENTE DE REPRESENTATIVIDADE",96.88,"CAIXA REFERENCIAL"]
["INSTALACOES HIDRO SANITARIAS","INHI","CONEXOES","0180","","",89827,"JUNÇÃO SIMPLES, PVC, SERIE NORMAL, ESGOTO PREDIAL, DN 50 X 50 MM, JUNTA ELÁSTICA, FORNECIDO E INSTALADO EM PRUMADA DE ESGOTO SANITÁRIO OU VENTILAÇÃO. AF_08/2022","UN","COEFICIENTE DE REPRESENTATIVIDADE",18.64,"CAIXA REFERENCIAL"]
["INSTALACOES HIDRO SANITARIAS","INHI","CONEXOES","0180","","",89828,"UNIÃO, CPVC, SOLDÁVEL, DN42MM, INSTALADO EM PRUMADA DE ÁGUA   FORNECIMENTO E INSTALAÇÃO. AF_06/2022","UN","COEFICIENTE DE REPRESENTATIVIDADE",46.86,"CAIXA REFERENCIAL"]
["INSTALACOES HIDRO SANITARIAS","INHI","CONEXOES","0180","","",89829,"TE, PVC, SERIE NORMAL, ESGOTO PREDIAL, DN 75 X 75 MM, JUNTA ELÁSTICA, FORNECIDO E INSTALADO EM PRUMADA DE ESGOTO SANITÁRIO OU VENTILAÇÃO. AF_08/2022","UN","COEFICIENTE DE REPRESENTATIVIDADE",33.71,"CAIXA REFERENCIAL"]
["INSTALACOES HIDRO SANITARIAS","INHI","CONEXOES","0180","","",89830,"JUNÇÃO SIMPLES, PVC, SERIE NORMAL, ESGOTO PREDIAL, DN 75 X 75 MM, JUNTA ELÁSTICA, FORNECIDO E INSTALADO EM PRUMADA DE ESGOTO SANITÁRIO OU VENTILAÇÃO. AF_08/2022","UN","COEFICIENTE DE REPRESENTATIVIDADE",35.4,"CAIXA REFERENCIAL"]
["INSTALACOES HIDRO SANITARIAS","INHI","CONEXOES","0180","","",89831,"CONECTOR, CPVC, SOLDÁVEL, DN 42MM X 1.1/2 , INSTALADO EM PRUMADA DE ÁGUA   FORNECIMENTO E INSTALAÇÃO. AF_06/2022","UN","COEFICIENTE DE REPRESENTATIVIDADE",49.92,"CAIXA REFERENCIAL"]
["INSTALACOES HIDRO SANITARIAS","INHI","CONEXOES","0180","","",89832,"BUCHA DE REDUÇÃO, CPVC, SOLDÁVEL, DN 42MM X 22MM, INSTALADO EM RAMAL DE DISTRIBUIÇÃO DE ÁGUA - FORNECIMENTO E INSTALAÇÃO. AF_06/2022","UN","COEFICIENTE DE REPRESENTATIVIDADE",32.71,"CAIXA REFERENCIAL"]
["INSTALACOES HIDRO SANITARIAS","INHI","CONEXOES","0180","","",89833,"TE, PVC, SERIE NORMAL, ESGOTO PREDIAL, DN 100 X 100 MM, JUNTA ELÁSTICA, FORNECIDO E INSTALADO EM PRUMADA DE ESGOTO SANITÁRIO OU VENTILAÇÃO. AF_08/2022","UN","COEFICIENTE DE REPRESENTATIVIDADE",42.22,"CAIXA REFERENCIAL"]
["INSTALACOES HIDRO SANITARIAS","INHI","CONEXOES","0180","","",89834,"JUNÇÃO SIMPLES, PVC, SERIE NORMAL, ESGOTO PREDIAL, DN 100 X 100 MM, JUNTA ELÁSTICA, FORNECIDO E INSTALADO EM PRUMADA DE ESGOTO SANITÁRIO OU VENTILAÇÃO. AF_08/2022","UN","COEFICIENTE DE REPRESENTATIVIDADE",48.74,"CAIXA REFERENCIAL"]
["INSTALACOES HIDRO SANITARIAS","INHI","CONEXOES","0180","","",89835,"LUVA, CPVC, SOLDÁVEL, DN 54MM, INSTALADO EM PRUMADA DE ÁGUA   FORNECIMENTO E INSTALAÇÃO. AF_06/2022","UN","COEFICIENTE DE REPRESENTATIVIDADE",34.74,"CAIXA REFERENCIAL"]
["INSTALACOES HIDRO SANITARIAS","INHI","CONEXOES","0180","","",89836,"LUVA DE TRANSIÇÃO, CPVC, SOLDÁVEL, DN 54MM X 2 , INSTALADO EM PRUMADA DE ÁGUA   FORNECIMENTO E INSTALAÇÃO. AF_06/2022","UN","COEFICIENTE DE REPRESENTATIVIDADE",152.05000000000001,"CAIXA REFERENCIAL"]
["INSTALACOES HIDRO SANITARIAS","INHI","CONEXOES","0180","","",89837,"UNIÃO, CPVC, SOLDÁVEL, DN 54MM, INSTALADO EM PRUMADA DE ÁGUA   FORNECIMENTO E INSTALAÇÃO. AF_06/2022","UN","COEFICIENTE DE REPRESENTATIVIDADE",102.45,"CAIXA REFERENCIAL"]
["INSTALACOES HIDRO SANITARIAS","INHI","CONEXOES","0180","","",89838,"LUVA, CPVC, SOLDÁVEL, DN 73MM, INSTALADO EM PRUMADA DE ÁGUA   FORNECIMENTO E INSTALAÇÃO. AF_06/2022","UN","COEFICIENTE DE REPRESENTATIVIDADE",117.54,"CAIXA REFERENCIAL"]
["INSTALACOES HIDRO SANITARIAS","INHI","CONEXOES","0180","","",89839,"UNIÃO, CPVC, SOLDÁVEL, DN 73MM, INSTALADO EM PRUMADA DE ÁGUA   FORNECIMENTO E INSTALAÇÃO. AF_06/2022","UN","COEFICIENTE DE REPRESENTATIVIDADE",133.04,"CAIXA REFERENCIAL"]
["INSTALACOES HIDRO SANITARIAS","INHI","CONEXOES","0180","","",89840,"LUVA, CPVC, SOLDÁVEL, DN 89MM, INSTALADO EM PRUMADA DE ÁGUA   FORNECIMENTO E INSTALAÇÃO. AF_06/2022","UN","COEFICIENTE DE REPRESENTATIVIDADE",139,"CAIXA REFERENCIAL"]
["INSTALACOES HIDRO SANITARIAS","INHI","CONEXOES","0180","","",89841,"UNIÃO, CPVC, SOLDÁVEL, DN 89MM, INSTALADO EM PRUMADA DE ÁGUA   FORNECIMENTO E INSTALAÇÃO. AF_06/2022","UN","COEFICIENTE DE REPRESENTATIVIDADE",201.88,"CAIXA REFERENCIAL"]
["INSTALACOES HIDRO SANITARIAS","INHI","CONEXOES","0180","","",89842,"TÊ, CPVC, SOLDÁVEL, DN 35MM, INSTALADO EM PRUMADA DE ÁGUA   FORNECIMENTO E INSTALAÇÃO. AF_06/2022","UN","COEFICIENTE DE REPRESENTATIVIDADE",39.83,"CAIXA REFERENCIAL"]
["INSTALACOES HIDRO SANITARIAS","INHI","CONEXOES","0180","","",89844,"TE, CPVC, SOLDÁVEL, DN  42MM, INSTALADO EM PRUMADA DE ÁGUA   FORNECIMENTO E INSTALAÇÃO. AF_06/2022","UN","COEFICIENTE DE REPRESENTATIVIDADE",50.03,"CAIXA REFERENCIAL"]
["INSTALACOES HIDRO SANITARIAS","INHI","CONEXOES","0180","","",89845,"TÊ, CPVC, SOLDÁVEL, DN 54 MM, INSTALADO EM PRUMADA DE ÁGUA   FORNECIMENTO E INSTALAÇÃO. AF_06/2022","UN","COEFICIENTE DE REPRESENTATIVIDADE",77.8,"CAIXA REFERENCIAL"]
["INSTALACOES HIDRO SANITARIAS","INHI","CONEXOES","0180","","",89846,"TÊ, CPVC, SOLDÁVEL, DN 73MM, INSTALADO EM PRUMADA DE ÁGUA   FORNECIMENTO E INSTALAÇÃO. AF_06/2022","UN","COEFICIENTE DE REPRESENTATIVIDADE",164.16,"CAIXA REFERENCIAL"]
["INSTALACOES HIDRO SANITARIAS","INHI","CONEXOES","0180","","",89847,"TÊ, CPVC, SOLDÁVEL, DN 89MM, INSTALADO EM PRUMADA DE ÁGUA   FORNECIMENTO E INSTALAÇÃO. AF_06/2022","UN","COEFICIENTE DE REPRESENTATIVIDADE",196.69,"CAIXA REFERENCIAL"]
["INSTALACOES HIDRO SANITARIAS","INHI","CONEXOES","0180","","",89850,"JOELHO 90 GRAUS, PVC, SERIE NORMAL, ESGOTO PREDIAL, DN 100 MM, JUNTA ELÁSTICA, FORNECIDO E INSTALADO EM SUBCOLETOR AÉREO DE ESGOTO SANITÁRIO. AF_08/2022","UN","COEFICIENTE DE REPRESENTATIVIDADE",30.05,"CAIXA REFERENCIAL"]
["INSTALACOES HIDRO SANITARIAS","INHI","CONEXOES","0180","","",89851,"JOELHO 45 GRAUS, PVC, SERIE NORMAL, ESGOTO PREDIAL, DN 100 MM, JUNTA ELÁSTICA, FORNECIDO E INSTALADO EM SUBCOLETOR AÉREO DE ESGOTO SANITÁRIO. AF_08/2022","UN","COEFICIENTE DE REPRESENTATIVIDADE",30.72,"CAIXA REFERENCIAL"]
["INSTALACOES HIDRO SANITARIAS","INHI","CONEXOES","0180","","",89852,"CURVA CURTA 90 GRAUS, PVC, SERIE NORMAL, ESGOTO PREDIAL, DN 100 MM, JUNTA ELÁSTICA, FORNECIDO E INSTALADO EM SUBCOLETOR AÉREO DE ESGOTO SANITÁRIO. AF_08/2022","UN","COEFICIENTE DE REPRESENTATIVIDADE",42.25,"CAIXA REFERENCIAL"]
["INSTALACOES HIDRO SANITARIAS","INHI","CONEXOES","0180","","",89853,"CURVA LONGA 90 GRAUS, PVC, SERIE NORMAL, ESGOTO PREDIAL, DN 100 MM, JUNTA ELÁSTICA, FORNECIDO E INSTALADO EM SUBCOLETOR AÉREO DE ESGOTO SANITÁRIO. AF_08/2022","UN","COEFICIENTE DE REPRESENTATIVIDADE",70.69,"CAIXA REFERENCIAL"]
["INSTALACOES HIDRO SANITARIAS","INHI","CONEXOES","0180","","",89854,"JOELHO 90 GRAUS, PVC, SERIE NORMAL, ESGOTO PREDIAL, DN 150 MM, JUNTA ELÁSTICA, FORNECIDO E INSTALADO EM SUBCOLETOR AÉREO DE ESGOTO SANITÁRIO. AF_08/2022","UN","COEFICIENTE DE REPRESENTATIVIDADE",97.41,"CAIXA REFERENCIAL"]
["INSTALACOES HIDRO SANITARIAS","INHI","CONEXOES","0180","","",89855,"JOELHO 45 GRAUS, PVC, SERIE NORMAL, ESGOTO PREDIAL, DN 150 MM, JUNTA ELÁSTICA, FORNECIDO E INSTALADO EM SUBCOLETOR AÉREO DE ESGOTO SANITÁRIO. AF_08/2022","UN","COEFICIENTE DE REPRESENTATIVIDADE",101.64,"CAIXA REFERENCIAL"]
["INSTALACOES HIDRO SANITARIAS","INHI","CONEXOES","0180","","",89856,"LUVA SIMPLES, PVC, SERIE NORMAL, ESGOTO PREDIAL, DN 100 MM, JUNTA ELÁSTICA, FORNECIDO E INSTALADO EM SUBCOLETOR AÉREO DE ESGOTO SANITÁRIO. AF_08/2022","UN","COEFICIENTE DE REPRESENTATIVIDADE",17.72,"CAIXA REFERENCIAL"]
["INSTALACOES HIDRO SANITARIAS","INHI","CONEXOES","0180","","",89857,"LUVA DE CORRER, PVC, SERIE NORMAL, ESGOTO PREDIAL, DN 100 MM, JUNTA ELÁSTICA, FORNECIDO E INSTALADO EM SUBCOLETOR AÉREO DE ESGOTO SANITÁRIO. AF_08/2022","UN","COEFICIENTE DE REPRESENTATIVIDADE",34.090000000000003,"CAIXA REFERENCIAL"]
["INSTALACOES HIDRO SANITARIAS","INHI","CONEXOES","0180","","",89860,"TE, PVC, SERIE NORMAL, ESGOTO PREDIAL, DN 100 X 100 MM, JUNTA ELÁSTICA, FORNECIDO E INSTALADO EM SUBCOLETOR AÉREO DE ESGOTO SANITÁRIO. AF_08/2022","UN","COEFICIENTE DE REPRESENTATIVIDADE",45.85,"CAIXA REFERENCIAL"]
["INSTALACOES HIDRO SANITARIAS","INHI","CONEXOES","0180","","",89861,"JUNÇÃO SIMPLES, PVC, SERIE NORMAL, ESGOTO PREDIAL, DN 100 X 100 MM, JUNTA ELÁSTICA, FORNECIDO E INSTALADO EM SUBCOLETOR AÉREO DE ESGOTO SANITÁRIO. AF_08/2022","UN","COEFICIENTE DE REPRESENTATIVIDADE",52.37,"CAIXA REFERENCIAL"]
["INSTALACOES HIDRO SANITARIAS","INHI","CONEXOES","0180","","",89866,"JOELHO 90 GRAUS, PVC, SOLDÁVEL, DN 25MM, INSTALADO EM DRENO DE AR-CONDICIONADO - FORNECIMENTO E INSTALAÇÃO. AF_08/2022","UN","COEFICIENTE DE REPRESENTATIVIDADE",6.65,"CAIXA REFERENCIAL"]
["INSTALACOES HIDRO SANITARIAS","INHI","CONEXOES","0180","","",89867,"JOELHO 45 GRAUS, PVC, SOLDÁVEL, DN 25MM, INSTALADO EM DRENO DE AR-CONDICIONADO - FORNECIMENTO E INSTALAÇÃO. AF_08/2022","UN","COEFICIENTE DE REPRESENTATIVIDADE",7.42,"CAIXA REFERENCIAL"]
["INSTALACOES HIDRO SANITARIAS","INHI","CONEXOES","0180","","",89868,"LUVA, PVC, SOLDÁVEL, DN 25MM, INSTALADO EM DRENO DE AR-CONDICIONADO - FORNECIMENTO E INSTALAÇÃO. AF_08/2022","UN","COEFICIENTE DE REPRESENTATIVIDADE",5.07,"CAIXA REFERENCIAL"]
["INSTALACOES HIDRO SANITARIAS","INHI","CONEXOES","0180","","",89869,"TE, PVC, SOLDÁVEL, DN 25MM, INSTALADO EM DRENO DE AR-CONDICIONADO - FORNECIMENTO E INSTALAÇÃO. AF_08/2022","UN","COEFICIENTE DE REPRESENTATIVIDADE",9.2799999999999994,"CAIXA REFERENCIAL"]
["INSTALACOES HIDRO SANITARIAS","INHI","CONEXOES","0180","","",89979,"LUVA COM BUCHA DE LATÃO, PVC, SOLDÁVEL, DN 32MM X 1 , INSTALADO EM RAMAL OU SUB-RAMAL DE ÁGUA   FORNECIMENTO E INSTALAÇÃO. AF_06/2022","UN","COEFICIENTE DE REPRESENTATIVIDADE",23.47,"CAIXA REFERENCIAL"]
["INSTALACOES HIDRO SANITARIAS","INHI","CONEXOES","0180","","",89981,"LUVA SOLDÁVEL E COM BUCHA DE LATÃO, PVC, SOLDÁVEL, DN 32MM X 1 , INSTALADO EM PRUMADA DE ÁGUA   FORNECIMENTO E INSTALAÇÃO. AF_06/2022","UN","COEFICIENTE DE REPRESENTATIVIDADE",20.75,"CAIXA REFERENCIAL"]
["INSTALACOES HIDRO SANITARIAS","INHI","CONEXOES","0180","","",90373,"JOELHO 90 GRAUS COM BUCHA DE LATÃO, PVC, SOLDÁVEL, DN 25MM, X 1/2  INSTALADO EM RAMAL OU SUB-RAMAL DE ÁGUA - FORNECIMENTO E INSTALAÇÃO. AF_06/2022","UN","COEFICIENTE DE REPRESENTATIVIDADE",12.13,"CAIXA REFERENCIAL"]
["INSTALACOES HIDRO SANITARIAS","INHI","CONEXOES","0180","","",90374,"TÊ COM BUCHA DE LATÃO NA BOLSA CENTRAL, PVC, SOLDÁVEL, DN 25MM X 3/4 , INSTALADO EM RAMAL OU SUB-RAMAL DE ÁGUA - FORNECIMENTO E INSTALAÇÃO. AF_06/2022","UN","COEFICIENTE DE REPRESENTATIVIDADE",20.78,"CAIXA REFERENCIAL"]
["INSTALACOES HIDRO SANITARIAS","INHI","CONEXOES","0180","","",92287,"COTOVELO EM COBRE, DN 22 MM, 90 GRAUS, SEM ANEL DE SOLDA, INSTALADO EM PRUMADA DE HIDRÁULICA PREDIAL - FORNECIMENTO E INSTALAÇÃO. AF_04/2022","UN","ATRIBUÍDO SÃO PAULO",16.559999999999999,"CAIXA REFERENCIAL"]
["INSTALACOES HIDRO SANITARIAS","INHI","CONEXOES","0180","","",92288,"COTOVELO EM COBRE, DN 28 MM, 90 GRAUS, SEM ANEL DE SOLDA, INSTALADO EM PRUMADA DE HIDRÁULICA PREDIAL - FORNECIMENTO E INSTALAÇÃO. AF_04/2022","UN","ATRIBUÍDO SÃO PAULO",26.16,"CAIXA REFERENCIAL"]
["INSTALACOES HIDRO SANITARIAS","INHI","CONEXOES","0180","","",92289,"COTOVELO EM COBRE, DN 35 MM, 90 GRAUS, SEM ANEL DE SOLDA, INSTALADO EM PRUMADA DE HIDRÁULICA PREDIAL - FORNECIMENTO E INSTALAÇÃO. AF_04/2022","UN","ATRIBUÍDO SÃO PAULO",46.5,"CAIXA REFERENCIAL"]
["INSTALACOES HIDRO SANITARIAS","INHI","CONEXOES","0180","","",92290,"COTOVELO EM COBRE, DN 42 MM, 90 GRAUS, SEM ANEL DE SOLDA, INSTALADO EM PRUMADA DE HIDRÁULICA PREDIAL - FORNECIMENTO E INSTALAÇÃO. AF_04/2022","UN","ATRIBUÍDO SÃO PAULO",70.56,"CAIXA REFERENCIAL"]
["INSTALACOES HIDRO SANITARIAS","INHI","CONEXOES","0180","","",92291,"COTOVELO EM COBRE, DN 54 MM, 90 GRAUS, SEM ANEL DE SOLDA, INSTALADO EM PRUMADA DE HIDRÁULICA PREDIAL - FORNECIMENTO E INSTALAÇÃO. AF_04/2022","UN","ATRIBUÍDO SÃO PAULO",109.4,"CAIXA REFERENCIAL"]
["INSTALACOES HIDRO SANITARIAS","INHI","CONEXOES","0180","","",92292,"COTOVELO EM COBRE, DN 66 MM, 90 GRAUS, SEM ANEL DE SOLDA, INSTALADO EM PRUMADA DE HIDRÁULICA PREDIAL - FORNECIMENTO E INSTALAÇÃO. AF_04/2022","UN","ATRIBUÍDO SÃO PAULO",339.82,"CAIXA REFERENCIAL"]
["INSTALACOES HIDRO SANITARIAS","INHI","CONEXOES","0180","","",92293,"LUVA EM COBRE, DN 22 MM, SEM ANEL DE SOLDA, INSTALADO EM PRUMADA DE HIDRÁULICA PREDIAL - FORNECIMENTO E INSTALAÇÃO. AF_04/2022","UN","ATRIBUÍDO SÃO PAULO",9.39,"CAIXA REFERENCIAL"]
["INSTALACOES HIDRO SANITARIAS","INHI","CONEXOES","0180","","",92294,"LUVA EM COBRE, DN 28 MM, SEM ANEL DE SOLDA, INSTALADO EM PRUMADA DE HIDRÁULICA PREDIAL - FORNECIMENTO E INSTALAÇÃO. AF_04/2022","UN","ATRIBUÍDO SÃO PAULO",15.92,"CAIXA REFERENCIAL"]
["INSTALACOES HIDRO SANITARIAS","INHI","CONEXOES","0180","","",92295,"LUVA EM COBRE, DN 35 MM, SEM ANEL DE SOLDA, INSTALADO EM PRUMADA DE HIDRÁULICA PREDIAL - FORNECIMENTO E INSTALAÇÃO. AF_04/2022","UN","ATRIBUÍDO SÃO PAULO",30.14,"CAIXA REFERENCIAL"]
["INSTALACOES HIDRO SANITARIAS","INHI","CONEXOES","0180","","",92296,"LUVA EM COBRE, DN 42 MM, SEM ANEL DE SOLDA, INSTALADO EM PRUMADA DE HIDRÁULICA PREDIAL - FORNECIMENTO E INSTALAÇÃO. AF_04/2022","UN","ATRIBUÍDO SÃO PAULO",39.99,"CAIXA REFERENCIAL"]
["INSTALACOES HIDRO SANITARIAS","INHI","CONEXOES","0180","","",92297,"LUVA EM COBRE, DN 54 MM, SEM ANEL DE SOLDA, INSTALADO EM PRUMADA DE HIDRÁULICA PREDIAL - FORNECIMENTO E INSTALAÇÃO. AF_04/2022","UN","ATRIBUÍDO SÃO PAULO",62.09,"CAIXA REFERENCIAL"]
["INSTALACOES HIDRO SANITARIAS","INHI","CONEXOES","0180","","",92298,"LUVA EM COBRE, DN 66 MM, SEM ANEL DE SOLDA, INSTALADO EM PRUMADA DE HIDRÁULICA PREDIAL - FORNECIMENTO E INSTALAÇÃO. AF_04/2022","UN","ATRIBUÍDO SÃO PAULO",174.97,"CAIXA REFERENCIAL"]
["INSTALACOES HIDRO SANITARIAS","INHI","CONEXOES","0180","","",92299,"TE EM COBRE, DN 22 MM, SEM ANEL DE SOLDA, INSTALADO EM PRUMADA DE HIDRÁULICA PREDIAL - FORNECIMENTO E INSTALAÇÃO. AF_04/2022","UN","ATRIBUÍDO SÃO PAULO",21.78,"CAIXA REFERENCIAL"]
["INSTALACOES HIDRO SANITARIAS","INHI","CONEXOES","0180","","",92300,"TE EM COBRE, DN 28 MM, SEM ANEL DE SOLDA, INSTALADO EM PRUMADA DE HIDRÁULICA PREDIAL - FORNECIMENTO E INSTALAÇÃO. AF_04/2022","UN","ATRIBUÍDO SÃO PAULO",33.25,"CAIXA REFERENCIAL"]
["INSTALACOES HIDRO SANITARIAS","INHI","CONEXOES","0180","","",92301,"TE EM COBRE, DN 35 MM, SEM ANEL DE SOLDA, INSTALADO EM PRUMADA DE HIDRÁULICA PREDIAL - FORNECIMENTO E INSTALAÇÃO. AF_04/2022","UN","ATRIBUÍDO SÃO PAULO",66.05,"CAIXA REFERENCIAL"]
["INSTALACOES HIDRO SANITARIAS","INHI","CONEXOES","0180","","",92302,"TE EM COBRE, DN 42 MM, SEM ANEL DE SOLDA, INSTALADO EM PRUMADA DE HIDRÁULICA PREDIAL - FORNECIMENTO E INSTALAÇÃO. AF_04/2022","UN","ATRIBUÍDO SÃO PAULO",87.35,"CAIXA REFERENCIAL"]
["INSTALACOES HIDRO SANITARIAS","INHI","CONEXOES","0180","","",92303,"TE EM COBRE, DN 54 MM, SEM ANEL DE SOLDA, INSTALADO EM PRUMADA DE HIDRÁULICA PREDIAL - FORNECIMENTO E INSTALAÇÃO. AF_04/2022","UN","ATRIBUÍDO SÃO PAULO",160.59,"CAIXA REFERENCIAL"]
["INSTALACOES HIDRO SANITARIAS","INHI","CONEXOES","0180","","",92304,"TE EM COBRE, DN 66 MM, SEM ANEL DE SOLDA, INSTALADO EM PRUMADA DE HIDRÁULICA PREDIAL - FORNECIMENTO E INSTALAÇÃO. AF_04/2022","UN","ATRIBUÍDO SÃO PAULO",417.79,"CAIXA REFERENCIAL"]
["INSTALACOES HIDRO SANITARIAS","INHI","CONEXOES","0180","","",92311,"COTOVELO EM COBRE, DN 15 MM, 90 GRAUS, SEM ANEL DE SOLDA, INSTALADO EM RAMAL DE DISTRIBUIÇÃO   FORNECIMENTO E INSTALAÇÃO. AF_04/2022","UN","ATRIBUÍDO SÃO PAULO",12.16,"CAIXA REFERENCIAL"]
["INSTALACOES HIDRO SANITARIAS","INHI","CONEXOES","0180","","",92312,"COTOVELO EM COBRE, DN 22 MM, 90 GRAUS, SEM ANEL DE SOLDA, INSTALADO EM RAMAL DE DISTRIBUIÇÃO DE HIDRÁULICA PREDIAL - FORNECIMENTO E INSTALAÇÃO. AF_04/2022","UN","ATRIBUÍDO SÃO PAULO",20.38,"CAIXA REFERENCIAL"]
["INSTALACOES HIDRO SANITARIAS","INHI","CONEXOES","0180","","",92313,"COTOVELO EM COBRE, DN 28 MM, 90 GRAUS, SEM ANEL DE SOLDA, INSTALADO EM RAMAL DE DISTRIBUIÇÃO DE HIDRÁULICA PREDIAL - FORNECIMENTO E INSTALAÇÃO. AF_04/2022","UN","ATRIBUÍDO SÃO PAULO",29.69,"CAIXA REFERENCIAL"]
["INSTALACOES HIDRO SANITARIAS","INHI","CONEXOES","0180","","",92314,"LUVA EM COBRE, DN 15 MM, SEM ANEL DE SOLDA, INSTALADO EM RAMAL DE DISTRIBUIÇÃO DE HIDRÁULICA PREDIAL - FORNECIMENTO E INSTALAÇÃO. AF_04/2022","UN","ATRIBUÍDO SÃO PAULO",8.15,"CAIXA REFERENCIAL"]
["INSTALACOES HIDRO SANITARIAS","INHI","CONEXOES","0180","","",92315,"LUVA EM COBRE, DN 22 MM, SEM ANEL DE SOLDA, INSTALADO EM RAMAL DE DISTRIBUIÇÃO DE HIDRÁULICA PREDIAL - FORNECIMENTO E INSTALAÇÃO. AF_04/2022","UN","ATRIBUÍDO SÃO PAULO",11.94,"CAIXA REFERENCIAL"]
["INSTALACOES HIDRO SANITARIAS","INHI","CONEXOES","0180","","",92316,"LUVA EM COBRE, DN 28 MM, SEM ANEL DE SOLDA, INSTALADO EM RAMAL DE DISTRIBUIÇÃO DE HIDRÁULICA PREDIAL - FORNECIMENTO E INSTALAÇÃO. AF_04/2022","UN","ATRIBUÍDO SÃO PAULO",18.29,"CAIXA REFERENCIAL"]
["INSTALACOES HIDRO SANITARIAS","INHI","CONEXOES","0180","","",92317,"TE EM COBRE, DN 15 MM, SEM ANEL DE SOLDA, INSTALADO EM RAMAL DE DISTRIBUIÇÃO DE HIDRÁULICA PREDIAL - FORNECIMENTO E INSTALAÇÃO. AF_04/2022","UN","ATRIBUÍDO SÃO PAULO",17.059999999999999,"CAIXA REFERENCIAL"]
["INSTALACOES HIDRO SANITARIAS","INHI","CONEXOES","0180","","",92318,"TE EM COBRE, DN 22 MM, SEM ANEL DE SOLDA, INSTALADO EM RAMAL DE DISTRIBUIÇÃO DE HIDRÁULICA PREDIAL - FORNECIMENTO E INSTALAÇÃO. AF_04/2022","UN","ATRIBUÍDO SÃO PAULO",26.89,"CAIXA REFERENCIAL"]
["INSTALACOES HIDRO SANITARIAS","INHI","CONEXOES","0180","","",92319,"TE EM COBRE, DN 28 MM, SEM ANEL DE SOLDA, INSTALADO EM RAMAL DE DISTRIBUIÇÃO DE HIDRÁULICA PREDIAL - FORNECIMENTO E INSTALAÇÃO. AF_04/2022","UN","ATRIBUÍDO SÃO PAULO",37.97,"CAIXA REFERENCIAL"]
["INSTALACOES HIDRO SANITARIAS","INHI","CONEXOES","0180","","",92326,"COTOVELO EM COBRE, DN 15 MM, 90 GRAUS, SEM ANEL DE SOLDA, INSTALADO EM RAMAL E SUB-RAMAL DE HIDRÁULICA PREDIAL - FORNECIMENTO E INSTALAÇÃO. AF_04/2022","UN","ATRIBUÍDO SÃO PAULO",12.79,"CAIXA REFERENCIAL"]
["INSTALACOES HIDRO SANITARIAS","INHI","CONEXOES","0180","","",92327,"COTOVELO EM COBRE, DN 22 MM, 90 GRAUS, SEM ANEL DE SOLDA, INSTALADO EM RAMAL E SUB-RAMAL DE HIDRÁULICA PREDIAL - FORNECIMENTO E INSTALAÇÃO. AF_04/2022","UN","ATRIBUÍDO SÃO PAULO",23.21,"CAIXA REFERENCIAL"]
["INSTALACOES HIDRO SANITARIAS","INHI","CONEXOES","0180","","",92328,"COTOVELO EM COBRE, DN 28 MM, 90 GRAUS, SEM ANEL DE SOLDA, INSTALADO EM RAMAL E SUB-RAMAL DE HIDRÁULICA PREDIAL - FORNECIMENTO E INSTALAÇÃO. AF_04/2022","UN","ATRIBUÍDO SÃO PAULO",34.75,"CAIXA REFERENCIAL"]
["INSTALACOES HIDRO SANITARIAS","INHI","CONEXOES","0180","","",92329,"LUVA EM COBRE, DN 15 MM, SEM ANEL DE SOLDA, INSTALADO EM RAMAL E SUB-RAMAL DE HIDRÁULICA PREDIAL - FORNECIMENTO E INSTALAÇÃO. AF_04/2022","UN","ATRIBUÍDO SÃO PAULO",8.3000000000000007,"CAIXA REFERENCIAL"]
["INSTALACOES HIDRO SANITARIAS","INHI","CONEXOES","0180","","",92330,"LUVA EM COBRE, DN 22 MM, SEM ANEL DE SOLDA, INSTALADO EM RAMAL E SUB-RAMAL DE HIDRÁULICA PREDIAL - FORNECIMENTO E INSTALAÇÃO. AF_04/2022","UN","ATRIBUÍDO SÃO PAULO",13.86,"CAIXA REFERENCIAL"]
["INSTALACOES HIDRO SANITARIAS","INHI","CONEXOES","0180","","",92331,"LUVA EM COBRE, DN 28 MM, SEM ANEL DE SOLDA, INSTALADO EM RAMAL E SUB-RAMAL DE HIDRÁULICA PREDIAL - FORNECIMENTO E INSTALAÇÃO. AF_04/2022","UN","ATRIBUÍDO SÃO PAULO",21.69,"CAIXA REFERENCIAL"]
["INSTALACOES HIDRO SANITARIAS","INHI","CONEXOES","0180","","",92332,"TE EM COBRE, DN 15 MM, SEM ANEL DE SOLDA, INSTALADO EM RAMAL E SUB-RAMAL DE HIDRÁULICA PREDIAL - FORNECIMENTO E INSTALAÇÃO. AF_04/2022","UN","ATRIBUÍDO SÃO PAULO",17.38,"CAIXA REFERENCIAL"]
["INSTALACOES HIDRO SANITARIAS","INHI","CONEXOES","0180","","",92333,"TE EM COBRE, DN 22 MM, SEM ANEL DE SOLDA, INSTALADO EM RAMAL E SUB-RAMAL DE HIDRÁULICA PREDIAL - FORNECIMENTO E INSTALAÇÃO. AF_04/2022","UN","ATRIBUÍDO SÃO PAULO",30.68,"CAIXA REFERENCIAL"]
["INSTALACOES HIDRO SANITARIAS","INHI","CONEXOES","0180","","",92334,"TE EM COBRE, DN 28 MM, SEM ANEL DE SOLDA, INSTALADO EM RAMAL E SUB-RAMAL DE HIDRÁULICA PREDIAL - FORNECIMENTO E INSTALAÇÃO. AF_04/2022","UN","ATRIBUÍDO SÃO PAULO",44.72,"CAIXA REFERENCIAL"]
["INSTALACOES HIDRO SANITARIAS","INHI","CONEXOES","0180","","",92344,"NIPLE, EM FERRO GALVANIZADO, DN 50 (2\"), CONEXÃO ROSQUEADA, INSTALADO EM PRUMADAS - FORNECIMENTO E INSTALAÇÃO. AF_10/2020","UN","ATRIBUÍDO SÃO PAULO",69.010000000000005,"CAIXA REFERENCIAL"]
["INSTALACOES HIDRO SANITARIAS","INHI","CONEXOES","0180","","",92345,"LUVA, EM FERRO GALVANIZADO, DN 50 (2\"), CONEXÃO ROSQUEADA, INSTALADO EM PRUMADAS - FORNECIMENTO E INSTALAÇÃO. AF_10/2020","UN","ATRIBUÍDO SÃO PAULO",68.98,"CAIXA REFERENCIAL"]
["INSTALACOES HIDRO SANITARIAS","INHI","CONEXOES","0180","","",92346,"NIPLE, EM FERRO GALVANIZADO, DN 65 (2 1/2\"), CONEXÃO ROSQUEADA, INSTALADO EM PRUMADAS - FORNECIMENTO E INSTALAÇÃO. AF_10/2020","UN","ATRIBUÍDO SÃO PAULO",92.52,"CAIXA REFERENCIAL"]
["INSTALACOES HIDRO SANITARIAS","INHI","CONEXOES","0180","","",92347,"LUVA, EM FERRO GALVANIZADO, DN 65 (2 1/2\"), CONEXÃO ROSQUEADA, INSTALADO EM PRUMADAS - FORNECIMENTO E INSTALAÇÃO. AF_10/2020","UN","ATRIBUÍDO SÃO PAULO",103.99,"CAIXA REFERENCIAL"]
["INSTALACOES HIDRO SANITARIAS","INHI","CONEXOES","0180","","",92348,"NIPLE, EM FERRO GALVANIZADO, DN 80 (3\"), CONEXÃO ROSQUEADA, INSTALADO EM PRUMADAS - FORNECIMENTO E INSTALAÇÃO. AF_10/2020","UN","ATRIBUÍDO SÃO PAULO",132.81,"CAIXA REFERENCIAL"]
["INSTALACOES HIDRO SANITARIAS","INHI","CONEXOES","0180","","",92349,"LUVA, EM FERRO GALVANIZADO, DN 80 (3\"), CONEXÃO ROSQUEADA, INSTALADO EM PRUMADAS - FORNECIMENTO E INSTALAÇÃO. AF_10/2020","UN","ATRIBUÍDO SÃO PAULO",143.02000000000001,"CAIXA REFERENCIAL"]
["INSTALACOES HIDRO SANITARIAS","INHI","CONEXOES","0180","","",92350,"JOELHO 45 GRAUS, EM FERRO GALVANIZADO, DN 50 (2\"), CONEXÃO ROSQUEADA, INSTALADO EM PRUMADAS - FORNECIMENTO E INSTALAÇÃO. AF_10/2020","UN","ATRIBUÍDO SÃO PAULO",102.61,"CAIXA REFERENCIAL"]
["INSTALACOES HIDRO SANITARIAS","INHI","CONEXOES","0180","","",92351,"JOELHO 90 GRAUS, EM FERRO GALVANIZADO, DN 50 (2\"), CONEXÃO ROSQUEADA, INSTALADO EM PRUMADAS - FORNECIMENTO E INSTALAÇÃO. AF_10/2020","UN","ATRIBUÍDO SÃO PAULO",100.06,"CAIXA REFERENCIAL"]
["INSTALACOES HIDRO SANITARIAS","INHI","CONEXOES","0180","","",92352,"JOELHO 45 GRAUS, EM FERRO GALVANIZADO, DN 65 (2 1/2\"), CONEXÃO ROSQUEADA, INSTALADO EM PRUMADAS - FORNECIMENTO E INSTALAÇÃO. AF_10/2020","UN","ATRIBUÍDO SÃO PAULO",160.91999999999999,"CAIXA REFERENCIAL"]
["INSTALACOES HIDRO SANITARIAS","INHI","CONEXOES","0180","","",92353,"JOELHO 90 GRAUS, EM FERRO GALVANIZADO, DN 65 (2 1/2\"), CONEXÃO ROSQUEADA, INSTALADO EM PRUMADAS - FORNECIMENTO E INSTALAÇÃO. AF_10/2020","UN","ATRIBUÍDO SÃO PAULO",149.69,"CAIXA REFERENCIAL"]
["INSTALACOES HIDRO SANITARIAS","INHI","CONEXOES","0180","","",92354,"JOELHO 45 GRAUS, EM FERRO GALVANIZADO, DN 80 (3\"), CONEXÃO ROSQUEADA, INSTALADO EM PRUMADAS - FORNECIMENTO E INSTALAÇÃO. AF_10/2020","UN","ATRIBUÍDO SÃO PAULO",216.9,"CAIXA REFERENCIAL"]
["INSTALACOES HIDRO SANITARIAS","INHI","CONEXOES","0180","","",92355,"JOELHO 90 GRAUS, EM FERRO GALVANIZADO, DN 80 (3\"), CONEXÃO ROSQUEADA, INSTALADO EM PRUMADAS - FORNECIMENTO E INSTALAÇÃO. AF_10/2020","UN","ATRIBUÍDO SÃO PAULO",195.26,"CAIXA REFERENCIAL"]
["INSTALACOES HIDRO SANITARIAS","INHI","CONEXOES","0180","","",92356,"TÊ, EM FERRO GALVANIZADO, DN 50 (2\"), CONEXÃO ROSQUEADA, INSTALADO EM PRUMADAS - FORNECIMENTO E INSTALAÇÃO. AF_10/2020","UN","ATRIBUÍDO SÃO PAULO",133.34,"CAIXA REFERENCIAL"]
["INSTALACOES HIDRO SANITARIAS","INHI","CONEXOES","0180","","",92357,"TÊ, EM FERRO GALVANIZADO, DN 65 (2 1/2\"), CONEXÃO ROSQUEADA, INSTALADO EM PRUMADAS - FORNECIMENTO E INSTALAÇÃO. AF_10/2020","UN","ATRIBUÍDO SÃO PAULO",205.21,"CAIXA REFERENCIAL"]
["INSTALACOES HIDRO SANITARIAS","INHI","CONEXOES","0180","","",92358,"TÊ, EM FERRO GALVANIZADO, DN 80 (3\"), CONEXÃO ROSQUEADA, INSTALADO EM PRUMADAS - FORNECIMENTO E INSTALAÇÃO. AF_10/2020","UN","ATRIBUÍDO SÃO PAULO",258.23,"CAIXA REFERENCIAL"]
["INSTALACOES HIDRO SANITARIAS","INHI","CONEXOES","0180","","",92369,"NIPLE, EM FERRO GALVANIZADO, DN 25 (1\"), CONEXÃO ROSQUEADA, INSTALADO EM REDE DE ALIMENTAÇÃO PARA HIDRANTE - FORNECIMENTO E INSTALAÇÃO. AF_10/2020","UN","ATRIBUÍDO SÃO PAULO",35.380000000000003,"CAIXA REFERENCIAL"]
["INSTALACOES HIDRO SANITARIAS","INHI","CONEXOES","0180","","",92370,"LUVA, EM FERRO GALVANIZADO, DN 25 (1\"), CONEXÃO ROSQUEADA, INSTALADO EM REDE DE ALIMENTAÇÃO PARA HIDRANTE - FORNECIMENTO E INSTALAÇÃO. AF_10/2020","UN","ATRIBUÍDO SÃO PAULO",37.44,"CAIXA REFERENCIAL"]
["INSTALACOES HIDRO SANITARIAS","INHI","CONEXOES","0180","","",92371,"NIPLE, EM FERRO GALVANIZADO, DN 32 (1 1/4\"), CONEXÃO ROSQUEADA, INSTALADO EM REDE DE ALIMENTAÇÃO PARA HIDRANTE - FORNECIMENTO E INSTALAÇÃO. AF_10/2020","UN","ATRIBUÍDO SÃO PAULO",43.5,"CAIXA REFERENCIAL"]
["INSTALACOES HIDRO SANITARIAS","INHI","CONEXOES","0180","","",92372,"LUVA, EM FERRO GALVANIZADO, DN 32 (1 1/4\"), CONEXÃO ROSQUEADA, INSTALADO EM REDE DE ALIMENTAÇÃO PARA HIDRANTE - FORNECIMENTO E INSTALAÇÃO. AF_10/2020","UN","ATRIBUÍDO SÃO PAULO",45.43,"CAIXA REFERENCIAL"]
["INSTALACOES HIDRO SANITARIAS","INHI","CONEXOES","0180","","",92373,"NIPLE, EM FERRO GALVANIZADO, DN 40 (1 1/2\"), CONEXÃO ROSQUEADA, INSTALADO EM REDE DE ALIMENTAÇÃO PARA HIDRANTE - FORNECIMENTO E INSTALAÇÃO. AF_10/2020","UN","ATRIBUÍDO SÃO PAULO",52.03,"CAIXA REFERENCIAL"]
["INSTALACOES HIDRO SANITARIAS","INHI","CONEXOES","0180","","",92374,"LUVA, EM FERRO GALVANIZADO, DN 40 (1 1/2\"), CONEXÃO ROSQUEADA, INSTALADO EM REDE DE ALIMENTAÇÃO PARA HIDRANTE - FORNECIMENTO E INSTALAÇÃO. AF_10/2020","UN","ATRIBUÍDO SÃO PAULO",52.4,"CAIXA REFERENCIAL"]
["INSTALACOES HIDRO SANITARIAS","INHI","CONEXOES","0180","","",92375,"NIPLE, EM FERRO GALVANIZADO, DN 50 (2\"), CONEXÃO ROSQUEADA, INSTALADO EM REDE DE ALIMENTAÇÃO PARA HIDRANTE - FORNECIMENTO E INSTALAÇÃO. AF_10/2020","UN","ATRIBUÍDO SÃO PAULO",68.959999999999994,"CAIXA REFERENCIAL"]
["INSTALACOES HIDRO SANITARIAS","INHI","CONEXOES","0180","","",92376,"LUVA, EM FERRO GALVANIZADO, DN 50 (2\"), CONEXÃO ROSQUEADA, INSTALADO EM REDE DE ALIMENTAÇÃO PARA HIDRANTE - FORNECIMENTO E INSTALAÇÃO. AF_10/2020","UN","ATRIBUÍDO SÃO PAULO",68.930000000000007,"CAIXA REFERENCIAL"]
["INSTALACOES HIDRO SANITARIAS","INHI","CONEXOES","0180","","",92377,"NIPLE, EM FERRO GALVANIZADO, DN 65 (2 1/2\"), CONEXÃO ROSQUEADA, INSTALADO EM REDE DE ALIMENTAÇÃO PARA HIDRANTE - FORNECIMENTO E INSTALAÇÃO. AF_10/2020","UN","ATRIBUÍDO SÃO PAULO",94.06,"CAIXA REFERENCIAL"]
["INSTALACOES HIDRO SANITARIAS","INHI","CONEXOES","0180","","",92378,"LUVA, EM FERRO GALVANIZADO, DN 65 (2 1/2\"), CONEXÃO ROSQUEADA, INSTALADO EM REDE DE ALIMENTAÇÃO PARA HIDRANTE - FORNECIMENTO E INSTALAÇÃO. AF_10/2020","UN","ATRIBUÍDO SÃO PAULO",105.53,"CAIXA REFERENCIAL"]
["INSTALACOES HIDRO SANITARIAS","INHI","CONEXOES","0180","","",92379,"NIPLE, EM FERRO GALVANIZADO, DN 80 (3\"), CONEXÃO ROSQUEADA, INSTALADO EM REDE DE ALIMENTAÇÃO PARA HIDRANTE - FORNECIMENTO E INSTALAÇÃO. AF_10/2020","UN","ATRIBUÍDO SÃO PAULO",135.97999999999999,"CAIXA REFERENCIAL"]
["INSTALACOES HIDRO SANITARIAS","INHI","CONEXOES","0180","","",92380,"LUVA, EM FERRO GALVANIZADO, DN 80 (3\"), CONEXÃO ROSQUEADA, INSTALADO EM REDE DE ALIMENTAÇÃO PARA HIDRANTE - FORNECIMENTO E INSTALAÇÃO. AF_10/2020","UN","ATRIBUÍDO SÃO PAULO",146.19,"CAIXA REFERENCIAL"]
["INSTALACOES HIDRO SANITARIAS","INHI","CONEXOES","0180","","",92381,"JOELHO 45 GRAUS, EM FERRO GALVANIZADO, DN 25 (1\"), CONEXÃO ROSQUEADA, INSTALADO EM REDE DE ALIMENTAÇÃO PARA HIDRANTE - FORNECIMENTO E INSTALAÇÃO. AF_10/2020","UN","ATRIBUÍDO SÃO PAULO",53.71,"CAIXA REFERENCIAL"]
["INSTALACOES HIDRO SANITARIAS","INHI","CONEXOES","0180","","",92382,"JOELHO 90 GRAUS, EM FERRO GALVANIZADO, DN 25 (1\"), CONEXÃO ROSQUEADA, INSTALADO EM REDE DE ALIMENTAÇÃO PARA HIDRANTE - FORNECIMENTO E INSTALAÇÃO. AF_10/2020","UN","ATRIBUÍDO SÃO PAULO",50.97,"CAIXA REFERENCIAL"]
["INSTALACOES HIDRO SANITARIAS","INHI","CONEXOES","0180","","",92383,"JOELHO 45 GRAUS, EM FERRO GALVANIZADO, DN 32 (1 1/4\"), CONEXÃO ROSQUEADA, INSTALADO EM REDE DE ALIMENTAÇÃO PARA HIDRANTE - FORNECIMENTO E INSTALAÇÃO. AF_10/2020","UN","ATRIBUÍDO SÃO PAULO",69.260000000000005,"CAIXA REFERENCIAL"]
["INSTALACOES HIDRO SANITARIAS","INHI","CONEXOES","0180","","",92384,"JOELHO 90 GRAUS, EM FERRO GALVANIZADO, DN 32 (1 1/4\"), CONEXÃO ROSQUEADA, INSTALADO EM REDE DE ALIMENTAÇÃO PARA HIDRANTE - FORNECIMENTO E INSTALAÇÃO. AF_10/2020","UN","ATRIBUÍDO SÃO PAULO",63.81,"CAIXA REFERENCIAL"]
["INSTALACOES HIDRO SANITARIAS","INHI","CONEXOES","0180","","",92385,"JOELHO 45 GRAUS, EM FERRO GALVANIZADO, DN 40 (1 1/2\"), CONEXÃO ROSQUEADA, INSTALADO EM REDE DE ALIMENTAÇÃO PARA HIDRANTE - FORNECIMENTO E INSTALAÇÃO. AF_10/2020","UN","ATRIBUÍDO SÃO PAULO",79.98,"CAIXA REFERENCIAL"]
["INSTALACOES HIDRO SANITARIAS","INHI","CONEXOES","0180","","",92386,"JOELHO 90 GRAUS, EM FERRO GALVANIZADO, DN 40 (1 1/2\"), CONEXÃO ROSQUEADA, INSTALADO EM REDE DE ALIMENTAÇÃO PARA HIDRANTE - FORNECIMENTO E INSTALAÇÃO. AF_10/2020","UN","ATRIBUÍDO SÃO PAULO",76.22,"CAIXA REFERENCIAL"]
["INSTALACOES HIDRO SANITARIAS","INHI","CONEXOES","0180","","",92387,"JOELHO 45 GRAUS, EM FERRO GALVANIZADO, DN 50 (2\"), CONEXÃO ROSQUEADA, INSTALADO EM REDE DE ALIMENTAÇÃO PARA HIDRANTE - FORNECIMENTO E INSTALAÇÃO. AF_10/2020","UN","ATRIBUÍDO SÃO PAULO",102.51,"CAIXA REFERENCIAL"]
["INSTALACOES HIDRO SANITARIAS","INHI","CONEXOES","0180","","",92388,"JOELHO 90 GRAUS, EM FERRO GALVANIZADO, DN 50 (2\"), CONEXÃO ROSQUEADA, INSTALADO EM REDE DE ALIMENTAÇÃO PARA HIDRANTE - FORNECIMENTO E INSTALAÇÃO. AF_10/2020","UN","ATRIBUÍDO SÃO PAULO",99.96,"CAIXA REFERENCIAL"]
["INSTALACOES HIDRO SANITARIAS","INHI","CONEXOES","0180","","",92389,"JOELHO 45 GRAUS, EM FERRO GALVANIZADO, DN 65 (2 1/2\"), CONEXÃO ROSQUEADA, INSTALADO EM REDE DE ALIMENTAÇÃO PARA HIDRANTE - FORNECIMENTO E INSTALAÇÃO. AF_10/2020","UN","ATRIBUÍDO SÃO PAULO",163.27000000000001,"CAIXA REFERENCIAL"]
["INSTALACOES HIDRO SANITARIAS","INHI","CONEXOES","0180","","",92390,"JOELHO 90 GRAUS, EM FERRO GALVANIZADO, DN 65 (2 1/2\"), CONEXÃO ROSQUEADA, INSTALADO EM REDE DE ALIMENTAÇÃO PARA HIDRANTE - FORNECIMENTO E INSTALAÇÃO. AF_10/2020","UN","ATRIBUÍDO SÃO PAULO",152.04,"CAIXA REFERENCIAL"]
["INSTALACOES HIDRO SANITARIAS","INHI","CONEXOES","0180","","",92635,"JOELHO 45 GRAUS, EM FERRO GALVANIZADO, CONEXÃO ROSQUEADA, DN 80 (3\"), INSTALADO EM REDE DE ALIMENTAÇÃO PARA HIDRANTE - FORNECIMENTO E INSTALAÇÃO. AF_10/2020","UN","ATRIBUÍDO SÃO PAULO",221.65,"CAIXA REFERENCIAL"]
["INSTALACOES HIDRO SANITARIAS","INHI","CONEXOES","0180","","",92636,"JOELHO 90 GRAUS, EM FERRO GALVANIZADO, CONEXÃO ROSQUEADA, DN 80 (3\"), INSTALADO EM REDE DE ALIMENTAÇÃO PARA HIDRANTE - FORNECIMENTO E INSTALAÇÃO. AF_10/2020","UN","ATRIBUÍDO SÃO PAULO",200.01,"CAIXA REFERENCIAL"]
["INSTALACOES HIDRO SANITARIAS","INHI","CONEXOES","0180","","",92637,"TÊ, EM FERRO GALVANIZADO, CONEXÃO ROSQUEADA, DN 25 (1\"), INSTALADO EM REDE DE ALIMENTAÇÃO PARA HIDRANTE - FORNECIMENTO E INSTALAÇÃO. AF_10/2020","UN","ATRIBUÍDO SÃO PAULO",68.95,"CAIXA REFERENCIAL"]
["INSTALACOES HIDRO SANITARIAS","INHI","CONEXOES","0180","","",92638,"TÊ, EM FERRO GALVANIZADO, CONEXÃO ROSQUEADA, DN 32 (1 1/4\"), INSTALADO EM REDE DE ALIMENTAÇÃO PARA HIDRANTE - FORNECIMENTO E INSTALAÇÃO. AF_10/2020","UN","ATRIBUÍDO SÃO PAULO",85.75,"CAIXA REFERENCIAL"]
["INSTALACOES HIDRO SANITARIAS","INHI","CONEXOES","0180","","",92639,"TÊ, EM FERRO GALVANIZADO, CONEXÃO ROSQUEADA, DN 40 (1 1/2\"), INSTALADO EM REDE DE ALIMENTAÇÃO PARA HIDRANTE - FORNECIMENTO E INSTALAÇÃO. AF_10/2020","UN","ATRIBUÍDO SÃO PAULO",100.13,"CAIXA REFERENCIAL"]
["INSTALACOES HIDRO SANITARIAS","INHI","CONEXOES","0180","","",92640,"TÊ, EM FERRO GALVANIZADO, CONEXÃO ROSQUEADA, DN 50 (2\"), INSTALADO EM REDE DE ALIMENTAÇÃO PARA HIDRANTE - FORNECIMENTO E INSTALAÇÃO. AF_10/2020","UN","ATRIBUÍDO SÃO PAULO",133.19999999999999,"CAIXA REFERENCIAL"]
["INSTALACOES HIDRO SANITARIAS","INHI","CONEXOES","0180","","",92642,"TÊ, EM FERRO GALVANIZADO, CONEXÃO ROSQUEADA, DN 65 (2 1/2\"), INSTALADO EM REDE DE ALIMENTAÇÃO PARA HIDRANTE - FORNECIMENTO E INSTALAÇÃO. AF_10/2020","UN","ATRIBUÍDO SÃO PAULO",208.29,"CAIXA REFERENCIAL"]
["INSTALACOES HIDRO SANITARIAS","INHI","CONEXOES","0180","","",92644,"TÊ, EM FERRO GALVANIZADO, CONEXÃO ROSQUEADA, DN 80 (3\"), INSTALADO EM REDE DE ALIMENTAÇÃO PARA HIDRANTE - FORNECIMENTO E INSTALAÇÃO. AF_10/2020","UN","ATRIBUÍDO SÃO PAULO",264.58,"CAIXA REFERENCIAL"]
["INSTALACOES HIDRO SANITARIAS","INHI","CONEXOES","0180","","",92657,"NIPLE, EM FERRO GALVANIZADO, CONEXÃO ROSQUEADA, DN 25 (1\"), INSTALADO EM REDE DE ALIMENTAÇÃO PARA SPRINKLER - FORNECIMENTO E INSTALAÇÃO. AF_10/2020","UN","ATRIBUÍDO SÃO PAULO",26.82,"CAIXA REFERENCIAL"]
["INSTALACOES HIDRO SANITARIAS","INHI","CONEXOES","0180","","",92658,"LUVA, EM FERRO GALVANIZADO, CONEXÃO ROSQUEADA, DN 25 (1\"), INSTALADO EM REDE DE ALIMENTAÇÃO PARA SPRINKLER - FORNECIMENTO E INSTALAÇÃO. AF_10/2020","UN","ATRIBUÍDO SÃO PAULO",28.88,"CAIXA REFERENCIAL"]
["INSTALACOES HIDRO SANITARIAS","INHI","CONEXOES","0180","","",92659,"NIPLE, EM FERRO GALVANIZADO, CONEXÃO ROSQUEADA, DN 32 (1 1/4\"), INSTALADO EM REDE DE ALIMENTAÇÃO PARA SPRINKLER - FORNECIMENTO E INSTALAÇÃO. AF_10/2020","UN","ATRIBUÍDO SÃO PAULO",33.770000000000003,"CAIXA REFERENCIAL"]
["INSTALACOES HIDRO SANITARIAS","INHI","CONEXOES","0180","","",92660,"LUVA, EM FERRO GALVANIZADO, CONEXÃO ROSQUEADA, DN 32 (1 1/4\"), INSTALADO EM REDE DE ALIMENTAÇÃO PARA SPRINKLER - FORNECIMENTO E INSTALAÇÃO. AF_10/2020","UN","ATRIBUÍDO SÃO PAULO",35.700000000000003,"CAIXA REFERENCIAL"]
["INSTALACOES HIDRO SANITARIAS","INHI","CONEXOES","0180","","",92661,"NIPLE, EM FERRO GALVANIZADO, CONEXÃO ROSQUEADA, DN 40 (1 1/2\"), INSTALADO EM REDE DE ALIMENTAÇÃO PARA SPRINKLER - FORNECIMENTO E INSTALAÇÃO. AF_10/2020","UN","ATRIBUÍDO SÃO PAULO",40.94,"CAIXA REFERENCIAL"]
["INSTALACOES HIDRO SANITARIAS","INHI","CONEXOES","0180","","",92662,"LUVA, EM FERRO GALVANIZADO, CONEXÃO ROSQUEADA, DN 40 (1 1/2\"), INSTALADO EM REDE DE ALIMENTAÇÃO PARA SPRINKLER - FORNECIMENTO E INSTALAÇÃO. AF_10/2020","UN","ATRIBUÍDO SÃO PAULO",41.31,"CAIXA REFERENCIAL"]
["INSTALACOES HIDRO SANITARIAS","INHI","CONEXOES","0180","","",92663,"NIPLE, EM FERRO GALVANIZADO, CONEXÃO ROSQUEADA, DN 50 (2\"), INSTALADO EM REDE DE ALIMENTAÇÃO PARA SPRINKLER - FORNECIMENTO E INSTALAÇÃO. AF_10/2020","UN","ATRIBUÍDO SÃO PAULO",56.19,"CAIXA REFERENCIAL"]
["INSTALACOES HIDRO SANITARIAS","INHI","CONEXOES","0180","","",92664,"LUVA, EM FERRO GALVANIZADO, CONEXÃO ROSQUEADA, DN 50 (2\"), INSTALADO EM REDE DE ALIMENTAÇÃO PARA SPRINKLER - FORNECIMENTO E INSTALAÇÃO. AF_10/2020","UN","ATRIBUÍDO SÃO PAULO",56.16,"CAIXA REFERENCIAL"]
["INSTALACOES HIDRO SANITARIAS","INHI","CONEXOES","0180","","",92665,"NIPLE, EM FERRO GALVANIZADO, CONEXÃO ROSQUEADA, DN 65 (2 1/2\"), INSTALADO EM REDE DE ALIMENTAÇÃO PARA SPRINKLER - FORNECIMENTO E INSTALAÇÃO. AF_10/2020","UN","ATRIBUÍDO SÃO PAULO",78.75,"CAIXA REFERENCIAL"]
["INSTALACOES HIDRO SANITARIAS","INHI","CONEXOES","0180","","",92666,"LUVA, EM FERRO GALVANIZADO, CONEXÃO ROSQUEADA, DN 65 (2 1/2\"), INSTALADO EM REDE DE ALIMENTAÇÃO PARA SPRINKLER - FORNECIMENTO E INSTALAÇÃO. AF_10/2020","UN","ATRIBUÍDO SÃO PAULO",90.22,"CAIXA REFERENCIAL"]
["INSTALACOES HIDRO SANITARIAS","INHI","CONEXOES","0180","","",92667,"NIPLE, EM FERRO GALVANIZADO, CONEXÃO ROSQUEADA, DN 80 (3\"), INSTALADO EM REDE DE ALIMENTAÇÃO PARA SPRINKLER - FORNECIMENTO E INSTALAÇÃO. AF_10/2020","UN","ATRIBUÍDO SÃO PAULO",118.18,"CAIXA REFERENCIAL"]
["INSTALACOES HIDRO SANITARIAS","INHI","CONEXOES","0180","","",92668,"LUVA, EM FERRO GALVANIZADO, CONEXÃO ROSQUEADA, DN 80 (3\"), INSTALADO EM REDE DE ALIMENTAÇÃO PARA SPRINKLER - FORNECIMENTO E INSTALAÇÃO. AF_10/2020","UN","ATRIBUÍDO SÃO PAULO",128.38999999999999,"CAIXA REFERENCIAL"]
["INSTALACOES HIDRO SANITARIAS","INHI","CONEXOES","0180","","",92669,"JOELHO 45 GRAUS, EM FERRO GALVANIZADO, CONEXÃO ROSQUEADA, DN 25 (1\"), INSTALADO EM REDE DE ALIMENTAÇÃO PARA SPRINKLER - FORNECIMENTO E INSTALAÇÃO. AF_10/2020","UN","ATRIBUÍDO SÃO PAULO",40.840000000000003,"CAIXA REFERENCIAL"]
["INSTALACOES HIDRO SANITARIAS","INHI","CONEXOES","0180","","",92670,"JOELHO 90 GRAUS, EM FERRO GALVANIZADO, CONEXÃO ROSQUEADA, DN 25 (1\"), INSTALADO EM REDE DE ALIMENTAÇÃO PARA SPRINKLER - FORNECIMENTO E INSTALAÇÃO. AF_10/2020","UN","ATRIBUÍDO SÃO PAULO",38.1,"CAIXA REFERENCIAL"]
["INSTALACOES HIDRO SANITARIAS","INHI","CONEXOES","0180","","",92671,"JOELHO 45 GRAUS, EM FERRO GALVANIZADO, CONEXÃO ROSQUEADA, DN 32 (1 1/4\"), INSTALADO EM REDE DE ALIMENTAÇÃO PARA SPRINKLER - FORNECIMENTO E INSTALAÇÃO. AF_10/2020","UN","ATRIBUÍDO SÃO PAULO",54.68,"CAIXA REFERENCIAL"]
["INSTALACOES HIDRO SANITARIAS","INHI","CONEXOES","0180","","",92672,"JOELHO 90 GRAUS, EM FERRO GALVANIZADO, CONEXÃO ROSQUEADA, DN 32 (1 1/4\"), INSTALADO EM REDE DE ALIMENTAÇÃO PARA SPRINKLER - FORNECIMENTO E INSTALAÇÃO. AF_10/2020","UN","ATRIBUÍDO SÃO PAULO",49.23,"CAIXA REFERENCIAL"]
["INSTALACOES HIDRO SANITARIAS","INHI","CONEXOES","0180","","",92673,"JOELHO 45 GRAUS, EM FERRO GALVANIZADO, CONEXÃO ROSQUEADA, DN 40 (1 1/2\"), INSTALADO EM REDE DE ALIMENTAÇÃO PARA SPRINKLER - FORNECIMENTO E INSTALAÇÃO. AF_10/2020","UN","ATRIBUÍDO SÃO PAULO",63.35,"CAIXA REFERENCIAL"]
["INSTALACOES HIDRO SANITARIAS","INHI","CONEXOES","0180","","",92674,"JOELHO 90 GRAUS, EM FERRO GALVANIZADO, CONEXÃO ROSQUEADA, DN 40 (1 1/2\"), INSTALADO EM REDE DE ALIMENTAÇÃO PARA SPRINKLER - FORNECIMENTO E INSTALAÇÃO. AF_10/2020","UN","ATRIBUÍDO SÃO PAULO",59.59,"CAIXA REFERENCIAL"]
["INSTALACOES HIDRO SANITARIAS","INHI","CONEXOES","0180","","",92675,"JOELHO 45 GRAUS, EM FERRO GALVANIZADO, CONEXÃO ROSQUEADA, DN 50 (2\"), INSTALADO EM REDE DE ALIMENTAÇÃO PARA SPRINKLER - FORNECIMENTO E INSTALAÇÃO. AF_10/2020","UN","ATRIBUÍDO SÃO PAULO",83.4,"CAIXA REFERENCIAL"]
["INSTALACOES HIDRO SANITARIAS","INHI","CONEXOES","0180","","",92676,"JOELHO 90 GRAUS, EM FERRO GALVANIZADO, CONEXÃO ROSQUEADA, DN 50 (2\"), INSTALADO EM REDE DE ALIMENTAÇÃO PARA SPRINKLER - FORNECIMENTO E INSTALAÇÃO. AF_10/2020","UN","ATRIBUÍDO SÃO PAULO",80.849999999999994,"CAIXA REFERENCIAL"]
["INSTALACOES HIDRO SANITARIAS","INHI","CONEXOES","0180","","",92677,"JOELHO 45 GRAUS, EM FERRO GALVANIZADO, CONEXÃO ROSQUEADA, DN 65 (2 1/2\"), INSTALADO EM REDE DE ALIMENTAÇÃO PARA SPRINKLER - FORNECIMENTO E INSTALAÇÃO. AF_10/2020","UN","ATRIBUÍDO SÃO PAULO",140.35,"CAIXA REFERENCIAL"]
["INSTALACOES HIDRO SANITARIAS","INHI","CONEXOES","0180","","",92678,"JOELHO 90 GRAUS, EM FERRO GALVANIZADO, CONEXÃO ROSQUEADA, DN 65 (2 1/2\"), INSTALADO EM REDE DE ALIMENTAÇÃO PARA SPRINKLER - FORNECIMENTO E INSTALAÇÃO. AF_10/2020","UN","ATRIBUÍDO SÃO PAULO",129.12,"CAIXA REFERENCIAL"]
["INSTALACOES HIDRO SANITARIAS","INHI","CONEXOES","0180","","",92679,"JOELHO 45 GRAUS, EM FERRO GALVANIZADO, CONEXÃO ROSQUEADA, DN 80 (3\"), INSTALADO EM REDE DE ALIMENTAÇÃO PARA SPRINKLER - FORNECIMENTO E INSTALAÇÃO. AF_10/2020","UN","ATRIBUÍDO SÃO PAULO",194.97,"CAIXA REFERENCIAL"]
["INSTALACOES HIDRO SANITARIAS","INHI","CONEXOES","0180","","",92680,"JOELHO 90 GRAUS, EM FERRO GALVANIZADO, CONEXÃO ROSQUEADA, DN 80 (3\"), INSTALADO EM REDE DE ALIMENTAÇÃO PARA SPRINKLER - FORNECIMENTO E INSTALAÇÃO. AF_10/2020","UN","ATRIBUÍDO SÃO PAULO",173.33,"CAIXA REFERENCIAL"]
["INSTALACOES HIDRO SANITARIAS","INHI","CONEXOES","0180","","",92681,"TÊ, EM FERRO GALVANIZADO, CONEXÃO ROSQUEADA, DN 25 (1\"), INSTALADO EM REDE DE ALIMENTAÇÃO PARA SPRINKLER - FORNECIMENTO E INSTALAÇÃO. AF_10/2020","UN","ATRIBUÍDO SÃO PAULO",51.79,"CAIXA REFERENCIAL"]
["INSTALACOES HIDRO SANITARIAS","INHI","CONEXOES","0180","","",92682,"TÊ, EM FERRO GALVANIZADO, CONEXÃO ROSQUEADA, DN 32 (1 1/4\"), INSTALADO EM REDE DE ALIMENTAÇÃO PARA SPRINKLER - FORNECIMENTO E INSTALAÇÃO. AF_10/2020","UN","ATRIBUÍDO SÃO PAULO",66.23,"CAIXA REFERENCIAL"]
["INSTALACOES HIDRO SANITARIAS","INHI","CONEXOES","0180","","",92683,"TÊ, EM FERRO GALVANIZADO, CONEXÃO ROSQUEADA, DN 40 (1 1/2\"), INSTALADO EM REDE DE ALIMENTAÇÃO PARA SPRINKLER - FORNECIMENTO E INSTALAÇÃO. AF_10/2020","UN","ATRIBUÍDO SÃO PAULO",77.98,"CAIXA REFERENCIAL"]
["INSTALACOES HIDRO SANITARIAS","INHI","CONEXOES","0180","","",92684,"TÊ, EM FERRO GALVANIZADO, CONEXÃO ROSQUEADA, DN 50 (2\"), INSTALADO EM REDE DE ALIMENTAÇÃO PARA SPRINKLER - FORNECIMENTO E INSTALAÇÃO. AF_10/2020","UN","ATRIBUÍDO SÃO PAULO",107.7,"CAIXA REFERENCIAL"]
["INSTALACOES HIDRO SANITARIAS","INHI","CONEXOES","0180","","",92685,"TÊ, EM FERRO GALVANIZADO, CONEXÃO ROSQUEADA, DN 65 (2 1/2\"), INSTALADO EM REDE DE ALIMENTAÇÃO PARA SPRINKLER - FORNECIMENTO E INSTALAÇÃO. AF_10/2020","UN","ATRIBUÍDO SÃO PAULO",177.75,"CAIXA REFERENCIAL"]
["INSTALACOES HIDRO SANITARIAS","INHI","CONEXOES","0180","","",92686,"TÊ, EM FERRO GALVANIZADO, CONEXÃO ROSQUEADA, DN 80 (3\"), INSTALADO EM REDE DE ALIMENTAÇÃO PARA SPRINKLER - FORNECIMENTO E INSTALAÇÃO. AF_10/2020","UN","ATRIBUÍDO SÃO PAULO",228.97,"CAIXA REFERENCIAL"]
["INSTALACOES HIDRO SANITARIAS","INHI","CONEXOES","0180","","",92692,"NIPLE, EM FERRO GALVANIZADO, CONEXÃO ROSQUEADA, DN 15 (1/2\"), INSTALADO EM RAMAIS E SUB-RAMAIS DE GÁS - FORNECIMENTO E INSTALAÇÃO. AF_10/2020","UN","ATRIBUÍDO SÃO PAULO",14.31,"CAIXA REFERENCIAL"]
["INSTALACOES HIDRO SANITARIAS","INHI","CONEXOES","0180","","",92693,"LUVA, EM FERRO GALVANIZADO, CONEXÃO ROSQUEADA, DN 15 (1/2\"), INSTALADO EM RAMAIS E SUB-RAMAIS DE GÁS - FORNECIMENTO E INSTALAÇÃO. AF_10/2020","UN","ATRIBUÍDO SÃO PAULO",14.77,"CAIXA REFERENCIAL"]
["INSTALACOES HIDRO SANITARIAS","INHI","CONEXOES","0180","","",92694,"NIPLE, EM FERRO GALVANIZADO, CONEXÃO ROSQUEADA, DN 20 (3/4\"), INSTALADO EM RAMAIS E SUB-RAMAIS DE GÁS - FORNECIMENTO E INSTALAÇÃO. AF_10/2020","UN","ATRIBUÍDO SÃO PAULO",22.45,"CAIXA REFERENCIAL"]
["INSTALACOES HIDRO SANITARIAS","INHI","CONEXOES","0180","","",92695,"LUVA, EM FERRO GALVANIZADO, CONEXÃO ROSQUEADA, DN 20 (3/4\"), INSTALADO EM RAMAIS E SUB-RAMAIS DE GÁS - FORNECIMENTO E INSTALAÇÃO. AF_10/2020","UN","ATRIBUÍDO SÃO PAULO",22.91,"CAIXA REFERENCIAL"]
["INSTALACOES HIDRO SANITARIAS","INHI","CONEXOES","0180","","",92696,"NIPLE, EM FERRO GALVANIZADO, CONEXÃO ROSQUEADA, DN 25 (1\"), INSTALADO EM RAMAIS E SUB-RAMAIS DE GÁS - FORNECIMENTO E INSTALAÇÃO. AF_10/2020","UN","ATRIBUÍDO SÃO PAULO",35.01,"CAIXA REFERENCIAL"]
["INSTALACOES HIDRO SANITARIAS","INHI","CONEXOES","0180","","",92697,"LUVA, EM FERRO GALVANIZADO, CONEXÃO ROSQUEADA, DN 25 (1\"), INSTALADO EM RAMAIS E SUB-RAMAIS DE GÁS - FORNECIMENTO E INSTALAÇÃO. AF_10/2020","UN","ATRIBUÍDO SÃO PAULO",37.07,"CAIXA REFERENCIAL"]
["INSTALACOES HIDRO SANITARIAS","INHI","CONEXOES","0180","","",92698,"JOELHO 45 GRAUS, EM FERRO GALVANIZADO, CONEXÃO ROSQUEADA, DN 15 (1/2\"), INSTALADO EM RAMAIS E SUB-RAMAIS DE GÁS - FORNECIMENTO E INSTALAÇÃO. AF_10/2020","UN","ATRIBUÍDO SÃO PAULO",21.13,"CAIXA REFERENCIAL"]
["INSTALACOES HIDRO SANITARIAS","INHI","CONEXOES","0180","","",92699,"JOELHO 90 GRAUS, EM FERRO GALVANIZADO, CONEXÃO ROSQUEADA, DN 15 (1/2\"), INSTALADO EM RAMAIS E SUB-RAMAIS DE GÁS - FORNECIMENTO E INSTALAÇÃO. AF_10/2020","UN","ATRIBUÍDO SÃO PAULO",19.64,"CAIXA REFERENCIAL"]
["INSTALACOES HIDRO SANITARIAS","INHI","CONEXOES","0180","","",92700,"JOELHO 45 GRAUS, EM FERRO GALVANIZADO, CONEXÃO ROSQUEADA, DN 20 (3/4\"), INSTALADO EM RAMAIS E SUB-RAMAIS DE GÁS - FORNECIMENTO E INSTALAÇÃO. AF_10/2020","UN","ATRIBUÍDO SÃO PAULO",34.22,"CAIXA REFERENCIAL"]
["INSTALACOES HIDRO SANITARIAS","INHI","CONEXOES","0180","","",92701,"JOELHO 90 GRAUS, EM FERRO GALVANIZADO, CONEXÃO ROSQUEADA, DN 20 (3/4\"), INSTALADO EM RAMAIS E SUB-RAMAIS DE GÁS - FORNECIMENTO E INSTALAÇÃO. AF_10/2020","UN","ATRIBUÍDO SÃO PAULO",32,"CAIXA REFERENCIAL"]
["INSTALACOES HIDRO SANITARIAS","INHI","CONEXOES","0180","","",92702,"JOELHO 45 GRAUS, EM FERRO GALVANIZADO, CONEXÃO ROSQUEADA, DN 25 (1\"), INSTALADO EM RAMAIS E SUB-RAMAIS DE GÁS - FORNECIMENTO E INSTALAÇÃO. AF_10/2020","UN","ATRIBUÍDO SÃO PAULO",53.21,"CAIXA REFERENCIAL"]
["INSTALACOES HIDRO SANITARIAS","INHI","CONEXOES","0180","","",92703,"JOELHO 90 GRAUS, EM FERRO GALVANIZADO, CONEXÃO ROSQUEADA, DN 25 (1\"), INSTALADO EM RAMAIS E SUB-RAMAIS DE GÁS - FORNECIMENTO E INSTALAÇÃO. AF_10/2020","UN","ATRIBUÍDO SÃO PAULO",50.47,"CAIXA REFERENCIAL"]
["INSTALACOES HIDRO SANITARIAS","INHI","CONEXOES","0180","","",92704,"TÊ, EM FERRO GALVANIZADO, CONEXÃO ROSQUEADA, DN 15 (1/2\"), INSTALADO EM RAMAIS E SUB-RAMAIS DE GÁS - FORNECIMENTO E INSTALAÇÃO. AF_10/2020","UN","ATRIBUÍDO SÃO PAULO",26.47,"CAIXA REFERENCIAL"]
["INSTALACOES HIDRO SANITARIAS","INHI","CONEXOES","0180","","",92705,"TÊ, EM FERRO GALVANIZADO, CONEXÃO ROSQUEADA, DN 20 (3/4\"), INSTALADO EM RAMAIS E SUB-RAMAIS DE GÁS - FORNECIMENTO E INSTALAÇÃO. AF_10/2020","UN","ATRIBUÍDO SÃO PAULO",42.2,"CAIXA REFERENCIAL"]
["INSTALACOES HIDRO SANITARIAS","INHI","CONEXOES","0180","","",92706,"TÊ, EM FERRO GALVANIZADO, CONEXÃO ROSQUEADA, DN 25 (1\"), INSTALADO EM RAMAIS E SUB-RAMAIS DE GÁS - FORNECIMENTO E INSTALAÇÃO. AF_10/2020","UN","ATRIBUÍDO SÃO PAULO",68.27,"CAIXA REFERENCIAL"]
["INSTALACOES HIDRO SANITARIAS","INHI","CONEXOES","0180","","",92889,"UNIÃO, EM FERRO GALVANIZADO, DN 50 (2\"), CONEXÃO ROSQUEADA, INSTALADO EM PRUMADAS - FORNECIMENTO E INSTALAÇÃO. AF_10/2020","UN","ATRIBUÍDO SÃO PAULO",143.47,"CAIXA REFERENCIAL"]
["INSTALACOES HIDRO SANITARIAS","INHI","CONEXOES","0180","","",92890,"UNIÃO, EM FERRO GALVANIZADO, DN 65 (2 1/2\"), CONEXÃO ROSQUEADA, INSTALADO EM PRUMADAS - FORNECIMENTO E INSTALAÇÃO. AF_10/2020","UN","ATRIBUÍDO SÃO PAULO",220.58,"CAIXA REFERENCIAL"]
["INSTALACOES HIDRO SANITARIAS","INHI","CONEXOES","0180","","",92891,"UNIÃO, EM FERRO GALVANIZADO, DN 80 (3\"), CONEXÃO ROSQUEADA, INSTALADO EM PRUMADAS - FORNECIMENTO E INSTALAÇÃO. AF_10/2020","UN","ATRIBUÍDO SÃO PAULO",326.56,"CAIXA REFERENCIAL"]
["INSTALACOES HIDRO SANITARIAS","INHI","CONEXOES","0180","","",92892,"UNIÃO, EM FERRO GALVANIZADO, DN 25 (1\"), CONEXÃO ROSQUEADA, INSTALADO EM REDE DE ALIMENTAÇÃO PARA HIDRANTE - FORNECIMENTO E INSTALAÇÃO. AF_10/2020","UN","ATRIBUÍDO SÃO PAULO",59.61,"CAIXA REFERENCIAL"]
["INSTALACOES HIDRO SANITARIAS","INHI","CONEXOES","0180","","",92893,"UNIÃO, EM FERRO GALVANIZADO, DN 32 (1 1/4\"), CONEXÃO ROSQUEADA, INSTALADO EM REDE DE ALIMENTAÇÃO PARA HIDRANTE - FORNECIMENTO E INSTALAÇÃO. AF_10/2020","UN","ATRIBUÍDO SÃO PAULO",86.64,"CAIXA REFERENCIAL"]
["INSTALACOES HIDRO SANITARIAS","INHI","CONEXOES","0180","","",92894,"UNIÃO, EM FERRO GALVANIZADO, DN 40 (1 1/2\"), CONEXÃO ROSQUEADA, INSTALADO EM REDE DE ALIMENTAÇÃO PARA HIDRANTE - FORNECIMENTO E INSTALAÇÃO. AF_10/2020","UN","ATRIBUÍDO SÃO PAULO",104.12,"CAIXA REFERENCIAL"]
["INSTALACOES HIDRO SANITARIAS","INHI","CONEXOES","0180","","",92895,"UNIÃO, EM FERRO GALVANIZADO, DN 50 (2\"), CONEXÃO ROSQUEADA, INSTALADO EM REDE DE ALIMENTAÇÃO PARA HIDRANTE - FORNECIMENTO E INSTALAÇÃO. AF_10/2020","UN","ATRIBUÍDO SÃO PAULO",143.41999999999999,"CAIXA REFERENCIAL"]
["INSTALACOES HIDRO SANITARIAS","INHI","CONEXOES","0180","","",92896,"UNIÃO, EM FERRO GALVANIZADO, DN 65 (2 1/2\"), CONEXÃO ROSQUEADA, INSTALADO EM REDE DE ALIMENTAÇÃO PARA HIDRANTE - FORNECIMENTO E INSTALAÇÃO. AF_10/2020","UN","ATRIBUÍDO SÃO PAULO",222.12,"CAIXA REFERENCIAL"]
["INSTALACOES HIDRO SANITARIAS","INHI","CONEXOES","0180","","",92897,"UNIÃO, EM FERRO GALVANIZADO, DN 80 (3\"), CONEXÃO ROSQUEADA, INSTALADO EM REDE DE ALIMENTAÇÃO PARA HIDRANTE - FORNECIMENTO E INSTALAÇÃO. AF_10/2020","UN","ATRIBUÍDO SÃO PAULO",329.73,"CAIXA REFERENCIAL"]
["INSTALACOES HIDRO SANITARIAS","INHI","CONEXOES","0180","","",92898,"UNIÃO, EM FERRO GALVANIZADO, CONEXÃO ROSQUEADA, DN 25 (1\"), INSTALADO EM REDE DE ALIMENTAÇÃO PARA SPRINKLER - FORNECIMENTO E INSTALAÇÃO. AF_10/2020","UN","ATRIBUÍDO SÃO PAULO",51.05,"CAIXA REFERENCIAL"]
["INSTALACOES HIDRO SANITARIAS","INHI","CONEXOES","0180","","",92899,"UNIÃO, EM FERRO GALVANIZADO, CONEXÃO ROSQUEADA, DN 32 (1 1/4\"), INSTALADO EM REDE DE ALIMENTAÇÃO PARA SPRINKLER - FORNECIMENTO E INSTALAÇÃO. AF_10/2020","UN","ATRIBUÍDO SÃO PAULO",76.91,"CAIXA REFERENCIAL"]
["INSTALACOES HIDRO SANITARIAS","INHI","CONEXOES","0180","","",92900,"UNIÃO, EM FERRO GALVANIZADO, CONEXÃO ROSQUEADA, DN 40 (1 1/2\"), INSTALADO EM REDE DE ALIMENTAÇÃO PARA SPRINKLER - FORNECIMENTO E INSTALAÇÃO. AF_10/2020","UN","ATRIBUÍDO SÃO PAULO",93.03,"CAIXA REFERENCIAL"]
["INSTALACOES HIDRO SANITARIAS","INHI","CONEXOES","0180","","",92901,"UNIÃO, EM FERRO GALVANIZADO, CONEXÃO ROSQUEADA, DN 50 (2\"), INSTALADO EM REDE DE ALIMENTAÇÃO PARA SPRINKLER - FORNECIMENTO E INSTALAÇÃO. AF_10/2020","UN","ATRIBUÍDO SÃO PAULO",130.65,"CAIXA REFERENCIAL"]
["INSTALACOES HIDRO SANITARIAS","INHI","CONEXOES","0180","","",92902,"UNIÃO, EM FERRO GALVANIZADO, CONEXÃO ROSQUEADA, DN 65 (2 1/2\"), INSTALADO EM REDE DE ALIMENTAÇÃO PARA SPRINKLER - FORNECIMENTO E INSTALAÇÃO. AF_10/2020","UN","ATRIBUÍDO SÃO PAULO",206.81,"CAIXA REFERENCIAL"]
["INSTALACOES HIDRO SANITARIAS","INHI","CONEXOES","0180","","",92903,"UNIÃO, EM FERRO GALVANIZADO, CONEXÃO ROSQUEADA, DN 80 (3\"), INSTALADO EM REDE DE ALIMENTAÇÃO PARA SPRINKLER - FORNECIMENTO E INSTALAÇÃO. AF_10/2020","UN","ATRIBUÍDO SÃO PAULO",311.93,"CAIXA REFERENCIAL"]
["INSTALACOES HIDRO SANITARIAS","INHI","CONEXOES","0180","","",92904,"UNIÃO, EM FERRO GALVANIZADO, CONEXÃO ROSQUEADA, DN 15 (1/2\"), INSTALADO EM RAMAIS E SUB-RAMAIS DE GÁS - FORNECIMENTO E INSTALAÇÃO. AF_10/2020","UN","ATRIBUÍDO SÃO PAULO",35.119999999999997,"CAIXA REFERENCIAL"]
["INSTALACOES HIDRO SANITARIAS","INHI","CONEXOES","0180","","",92905,"UNIÃO, EM FERRO GALVANIZADO, CONEXÃO ROSQUEADA, DN 20 (3/4\"), INSTALADO EM RAMAIS E SUB-RAMAIS DE GÁS - FORNECIMENTO E INSTALAÇÃO. AF_10/2020","UN","ATRIBUÍDO SÃO PAULO",49.61,"CAIXA REFERENCIAL"]
["INSTALACOES HIDRO SANITARIAS","INHI","CONEXOES","0180","","",92906,"UNIÃO, EM FERRO GALVANIZADO, CONEXÃO ROSQUEADA, DN 25 (1\"), INSTALADO EM RAMAIS E SUB-RAMAIS DE GÁS - FORNECIMENTO E INSTALAÇÃO. AF_10/2020","UN","ATRIBUÍDO SÃO PAULO",59.24,"CAIXA REFERENCIAL"]
["INSTALACOES HIDRO SANITARIAS","INHI","CONEXOES","0180","","",92907,"LUVA DE REDUÇÃO, EM FERRO GALVANIZADO, 2\" X 1 1/2\", CONEXÃO ROSQUEADA, INSTALADO EM PRUMADAS - FORNECIMENTO E INSTALAÇÃO. AF_10/2020","UN","ATRIBUÍDO SÃO PAULO",73.31,"CAIXA REFERENCIAL"]
["INSTALACOES HIDRO SANITARIAS","INHI","CONEXOES","0180","","",92908,"LUVA DE REDUÇÃO, EM FERRO GALVANIZADO, 2\" X 1 1/4\", CONEXÃO ROSQUEADA, INSTALADO EM PRUMADAS - FORNECIMENTO E INSTALAÇÃO. AF_10/2020","UN","ATRIBUÍDO SÃO PAULO",73.31,"CAIXA REFERENCIAL"]
["INSTALACOES HIDRO SANITARIAS","INHI","CONEXOES","0180","","",92909,"LUVA DE REDUÇÃO, EM FERRO GALVANIZADO, 2\" X 1\", CONEXÃO ROSQUEADA, INSTALADO EM PRUMADAS - FORNECIMENTO E INSTALAÇÃO. AF_10/2020","UN","ATRIBUÍDO SÃO PAULO",73.31,"CAIXA REFERENCIAL"]
["INSTALACOES HIDRO SANITARIAS","INHI","CONEXOES","0180","","",92910,"LUVA DE REDUÇÃO, EM FERRO GALVANIZADO, 2 1/2\" X 1 1/2\", CONEXÃO ROSQUEADA, INSTALADO EM PRUMADAS - FORNECIMENTO E INSTALAÇÃO. AF_10/2020","UN","ATRIBUÍDO SÃO PAULO",108.84,"CAIXA REFERENCIAL"]
["INSTALACOES HIDRO SANITARIAS","INHI","CONEXOES","0180","","",92911,"LUVA DE REDUÇÃO, EM FERRO GALVANIZADO, 2 1/2\" X 2\", CONEXÃO ROSQUEADA, INSTALADO EM PRUMADAS - FORNECIMENTO E INSTALAÇÃO. AF_10/2020","UN","ATRIBUÍDO SÃO PAULO",108.84,"CAIXA REFERENCIAL"]
["INSTALACOES HIDRO SANITARIAS","INHI","CONEXOES","0180","","",92912,"LUVA DE REDUÇÃO, EM FERRO GALVANIZADO, 3\" X 1 1/2\", CONEXÃO ROSQUEADA, INSTALADO EM PRUMADAS - FORNECIMENTO E INSTALAÇÃO. AF_10/2020","UN","ATRIBUÍDO SÃO PAULO",148.83000000000001,"CAIXA REFERENCIAL"]
["INSTALACOES HIDRO SANITARIAS","INHI","CONEXOES","0180","","",92913,"LUVA DE REDUÇÃO, EM FERRO GALVANIZADO, 3\" X 2 1/2\", CONEXÃO ROSQUEADA, INSTALADO EM PRUMADAS - FORNECIMENTO E INSTALAÇÃO. AF_10/2020","UN","ATRIBUÍDO SÃO PAULO",151.47999999999999,"CAIXA REFERENCIAL"]
["INSTALACOES HIDRO SANITARIAS","INHI","CONEXOES","0180","","",92914,"LUVA DE REDUÇÃO, EM FERRO GALVANIZADO, 3\" X 2\", CONEXÃO ROSQUEADA, INSTALADO EM PRUMADAS - FORNECIMENTO E INSTALAÇÃO. AF_10/2020","UN","ATRIBUÍDO SÃO PAULO",151.47999999999999,"CAIXA REFERENCIAL"]
["INSTALACOES HIDRO SANITARIAS","INHI","CONEXOES","0180","","",92918,"LUVA DE REDUÇÃO, EM FERRO GALVANIZADO, 1\" X 1/2\", CONEXÃO ROSQUEADA, INSTALADO EM REDE DE ALIMENTAÇÃO PARA HIDRANTE - FORNECIMENTO E INSTALAÇÃO. AF_10/2020","UN","ATRIBUÍDO SÃO PAULO",37.270000000000003,"CAIXA REFERENCIAL"]
["INSTALACOES HIDRO SANITARIAS","INHI","CONEXOES","0180","","",92920,"LUVA DE REDUÇÃO, EM FERRO GALVANIZADO, 1\" X 3/4\", CONEXÃO ROSQUEADA, INSTALADO EM REDE DE ALIMENTAÇÃO PARA HIDRANTE - FORNECIMENTO E INSTALAÇÃO. AF_10/2020","UN","ATRIBUÍDO SÃO PAULO",37.56,"CAIXA REFERENCIAL"]
["INSTALACOES HIDRO SANITARIAS","INHI","CONEXOES","0180","","",92925,"LUVA DE REDUÇÃO, EM FERRO GALVANIZADO, 1 1/4\" X 1\", CONEXÃO ROSQUEADA, INSTALADO EM REDE DE ALIMENTAÇÃO PARA HIDRANTE - FORNECIMENTO E INSTALAÇÃO. AF_10/2020","UN","ATRIBUÍDO SÃO PAULO",46.96,"CAIXA REFERENCIAL"]
["INSTALACOES HIDRO SANITARIAS","INHI","CONEXOES","0180","","",92926,"LUVA DE REDUÇÃO, EM FERRO GALVANIZADO, 1 1/4\" X 1/2\", CONEXÃO ROSQUEADA, INSTALADO EM REDE DE ALIMENTAÇÃO PARA HIDRANTE - FORNECIMENTO E INSTALAÇÃO. AF_10/2020","UN","ATRIBUÍDO SÃO PAULO",46.95,"CAIXA REFERENCIAL"]
["INSTALACOES HIDRO SANITARIAS","INHI","CONEXOES","0180","","",92927,"LUVA DE REDUÇÃO, EM FERRO GALVANIZADO, 1 1/4\" X 3/4\", CONEXÃO ROSQUEADA, INSTALADO EM REDE DE ALIMENTAÇÃO PARA HIDRANTE - FORNECIMENTO E INSTALAÇÃO. AF_10/2020","UN","ATRIBUÍDO SÃO PAULO",46.95,"CAIXA REFERENCIAL"]
["INSTALACOES HIDRO SANITARIAS","INHI","CONEXOES","0180","","",92928,"LUVA DE REDUÇÃO, EM FERRO GALVANIZADO, 1 1/2\" X 1 1/4\", CONEXÃO ROSQUEADA, INSTALADO EM REDE DE ALIMENTAÇÃO PARA HIDRANTE - FORNECIMENTO E INSTALAÇÃO. AF_10/2020","UN","ATRIBUÍDO SÃO PAULO",54,"CAIXA REFERENCIAL"]
["INSTALACOES HIDRO SANITARIAS","INHI","CONEXOES","0180","","",92929,"LUVA DE REDUÇÃO, EM FERRO GALVANIZADO, 1 1/2\" X 1\", CONEXÃO ROSQUEADA, INSTALADO EM REDE DE ALIMENTAÇÃO PARA HIDRANTE - FORNECIMENTO E INSTALAÇÃO. AF_10/2020","UN","ATRIBUÍDO SÃO PAULO",54,"CAIXA REFERENCIAL"]
["INSTALACOES HIDRO SANITARIAS","INHI","CONEXOES","0180","","",92930,"LUVA DE REDUÇÃO, EM FERRO GALVANIZADO, 1 1/2\" X 3/4\", CONEXÃO ROSQUEADA, INSTALADO EM REDE DE ALIMENTAÇÃO PARA HIDRANTE - FORNECIMENTO E INSTALAÇÃO. AF_10/2020","UN","ATRIBUÍDO SÃO PAULO",54,"CAIXA REFERENCIAL"]
["INSTALACOES HIDRO SANITARIAS","INHI","CONEXOES","0180","","",92931,"LUVA DE REDUÇÃO, EM FERRO GALVANIZADO, 2\" X 1 1/2\", CONEXÃO ROSQUEADA, INSTALADO EM REDE DE ALIMENTAÇÃO PARA HIDRANTE - FORNECIMENTO E INSTALAÇÃO. AF_10/2020","UN","ATRIBUÍDO SÃO PAULO",73.260000000000005,"CAIXA REFERENCIAL"]
["INSTALACOES HIDRO SANITARIAS","INHI","CONEXOES","0180","","",92932,"LUVA DE REDUÇÃO, EM FERRO GALVANIZADO, 2\" X 1 1/4\", CONEXÃO ROSQUEADA, INSTALADO EM REDE DE ALIMENTAÇÃO PARA HIDRANTE - FORNECIMENTO E INSTALAÇÃO. AF_10/2020","UN","ATRIBUÍDO SÃO PAULO",73.260000000000005,"CAIXA REFERENCIAL"]
["INSTALACOES HIDRO SANITARIAS","INHI","CONEXOES","0180","","",92933,"LUVA DE REDUÇÃO, EM FERRO GALVANIZADO, 2\" X 1\", CONEXÃO ROSQUEADA, INSTALADO EM REDE DE ALIMENTAÇÃO PARA HIDRANTE - FORNECIMENTO E INSTALAÇÃO. AF_10/2020","UN","ATRIBUÍDO SÃO PAULO",73.260000000000005,"CAIXA REFERENCIAL"]
["INSTALACOES HIDRO SANITARIAS","INHI","CONEXOES","0180","","",92934,"LUVA DE REDUÇÃO, EM FERRO GALVANIZADO, 2 1/2\" X 1 1/2\", CONEXÃO ROSQUEADA, INSTALADO EM REDE DE ALIMENTAÇÃO PARA HIDRANTE - FORNECIMENTO E INSTALAÇÃO. AF_10/2020","UN","ATRIBUÍDO SÃO PAULO",110.38,"CAIXA REFERENCIAL"]
["INSTALACOES HIDRO SANITARIAS","INHI","CONEXOES","0180","","",92935,"LUVA DE REDUÇÃO, EM FERRO GALVANIZADO, 2 1/2\" X 2\", CONEXÃO ROSQUEADA, INSTALADO EM REDE DE ALIMENTAÇÃO PARA HIDRANTE - FORNECIMENTO E INSTALAÇÃO. AF_10/2020","UN","ATRIBUÍDO SÃO PAULO",110.38,"CAIXA REFERENCIAL"]
["INSTALACOES HIDRO SANITARIAS","INHI","CONEXOES","0180","","",92936,"LUVA DE REDUÇÃO, EM FERRO GALVANIZADO, 3\" X 2 1/2\", CONEXÃO ROSQUEADA, INSTALADO EM REDE DE ALIMENTAÇÃO PARA HIDRANTE - FORNECIMENTO E INSTALAÇÃO. AF_10/2020","UN","ATRIBUÍDO SÃO PAULO",154.65,"CAIXA REFERENCIAL"]
["INSTALACOES HIDRO SANITARIAS","INHI","CONEXOES","0180","","",92937,"LUVA DE REDUÇÃO, EM FERRO GALVANIZADO, 3\" X 2\", CONEXÃO ROSQUEADA, INSTALADO EM REDE DE ALIMENTAÇÃO PARA HIDRANTE - FORNECIMENTO E INSTALAÇÃO. AF_10/2020","UN","ATRIBUÍDO SÃO PAULO",154.65,"CAIXA REFERENCIAL"]
["INSTALACOES HIDRO SANITARIAS","INHI","CONEXOES","0180","","",92938,"LUVA DE REDUÇÃO, EM FERRO GALVANIZADO, 1\" X 1/2\", CONEXÃO ROSQUEADA, INSTALADO EM REDE DE ALIMENTAÇÃO PARA SPRINKLER - FORNECIMENTO E INSTALAÇÃO. AF_10/2020","UN","ATRIBUÍDO SÃO PAULO",28.71,"CAIXA REFERENCIAL"]
["INSTALACOES HIDRO SANITARIAS","INHI","CONEXOES","0180","","",92939,"LUVA DE REDUÇÃO, EM FERRO GALVANIZADO, 1\" X 3/4\", CONEXÃO ROSQUEADA, INSTALADO EM REDE DE ALIMENTAÇÃO PARA SPRINKLER - FORNECIMENTO E INSTALAÇÃO. AF_10/2020","UN","ATRIBUÍDO SÃO PAULO",29,"CAIXA REFERENCIAL"]
["INSTALACOES HIDRO SANITARIAS","INHI","CONEXOES","0180","","",92940,"LUVA DE REDUÇÃO, EM FERRO GALVANIZADO, 1 1/4\" X 1\", CONEXÃO ROSQUEADA, INSTALADO EM REDE DE ALIMENTAÇÃO PARA SPRINKLER - FORNECIMENTO E INSTALAÇÃO. AF_10/2020","UN","ATRIBUÍDO SÃO PAULO",37.229999999999997,"CAIXA REFERENCIAL"]
["INSTALACOES HIDRO SANITARIAS","INHI","CONEXOES","0180","","",92941,"LUVA DE REDUÇÃO, EM FERRO GALVANIZADO, 1 1/4\" X 1/2\", CONEXÃO ROSQUEADA, INSTALADO EM REDE DE ALIMENTAÇÃO PARA SPRINKLER - FORNECIMENTO E INSTALAÇÃO. AF_10/2020","UN","ATRIBUÍDO SÃO PAULO",37.22,"CAIXA REFERENCIAL"]
["INSTALACOES HIDRO SANITARIAS","INHI","CONEXOES","0180","","",92942,"LUVA DE REDUÇÃO, EM FERRO GALVANIZADO, 1 1/4\" X 3/4\", CONEXÃO ROSQUEADA, INSTALADO EM REDE DE ALIMENTAÇÃO PARA SPRINKLER - FORNECIMENTO E INSTALAÇÃO. AF_10/2020","UN","ATRIBUÍDO SÃO PAULO",37.22,"CAIXA REFERENCIAL"]
["INSTALACOES HIDRO SANITARIAS","INHI","CONEXOES","0180","","",92943,"LUVA DE REDUÇÃO, EM FERRO GALVANIZADO, 1 1/2\" X 1 1/4\", CONEXÃO ROSQUEADA, INSTALADO EM REDE DE ALIMENTAÇÃO PARA SPRINKLER - FORNECIMENTO E INSTALAÇÃO. AF_10/2020","UN","ATRIBUÍDO SÃO PAULO",42.91,"CAIXA REFERENCIAL"]
["INSTALACOES HIDRO SANITARIAS","INHI","CONEXOES","0180","","",92944,"LUVA DE REDUÇÃO, EM FERRO GALVANIZADO, 1 1/2\" X 1\", CONEXÃO ROSQUEADA, INSTALADO EM REDE DE ALIMENTAÇÃO PARA SPRINKLER - FORNECIMENTO E INSTALAÇÃO. AF_10/2020","UN","ATRIBUÍDO SÃO PAULO",42.91,"CAIXA REFERENCIAL"]
["INSTALACOES HIDRO SANITARIAS","INHI","CONEXOES","0180","","",92945,"LUVA DE REDUÇÃO, EM FERRO GALVANIZADO, 1 1/2\" X 3/4\", CONEXÃO ROSQUEADA, INSTALADO EM REDE DE ALIMENTAÇÃO PARA SPRINKLER - FORNECIMENTO E INSTALAÇÃO. AF_10/2020","UN","ATRIBUÍDO SÃO PAULO",42.91,"CAIXA REFERENCIAL"]
["INSTALACOES HIDRO SANITARIAS","INHI","CONEXOES","0180","","",92946,"LUVA DE REDUÇÃO, EM FERRO GALVANIZADO, 2\" X 1 1/2\", CONEXÃO ROSQUEADA, INSTALADO EM REDE DE ALIMENTAÇÃO PARA SPRINKLER - FORNECIMENTO E INSTALAÇÃO. AF_10/2020","UN","ATRIBUÍDO SÃO PAULO",60.49,"CAIXA REFERENCIAL"]
["INSTALACOES HIDRO SANITARIAS","INHI","CONEXOES","0180","","",92947,"LUVA DE REDUÇÃO, EM FERRO GALVANIZADO, 2\" X 1 1/4\", CONEXÃO ROSQUEADA, INSTALADO EM REDE DE ALIMENTAÇÃO PARA SPRINKLER - FORNECIMENTO E INSTALAÇÃO. AF_10/2020","UN","ATRIBUÍDO SÃO PAULO",60.49,"CAIXA REFERENCIAL"]
["INSTALACOES HIDRO SANITARIAS","INHI","CONEXOES","0180","","",92948,"LUVA DE REDUÇÃO, EM FERRO GALVANIZADO, 2\" X 1\", CONEXÃO ROSQUEADA, INSTALADO EM REDE DE ALIMENTAÇÃO PARA SPRINKLER - FORNECIMENTO E INSTALAÇÃO. AF_10/2020","UN","ATRIBUÍDO SÃO PAULO",60.49,"CAIXA REFERENCIAL"]
["INSTALACOES HIDRO SANITARIAS","INHI","CONEXOES","0180","","",92949,"LUVA DE REDUÇÃO, EM FERRO GALVANIZADO, 2 1/2\" X 1 1/2\", CONEXÃO ROSQUEADA, INSTALADO EM REDE DE ALIMENTAÇÃO PARA SPRINKLER - FORNECIMENTO E INSTALAÇÃO. AF_10/2020","UN","ATRIBUÍDO SÃO PAULO",95.07,"CAIXA REFERENCIAL"]
["INSTALACOES HIDRO SANITARIAS","INHI","CONEXOES","0180","","",92950,"LUVA DE REDUÇÃO, EM FERRO GALVANIZADO, 2 1/2\" X 2\", CONEXÃO ROSQUEADA, INSTALADO EM REDE DE ALIMENTAÇÃO PARA SPRINKLER - FORNECIMENTO E INSTALAÇÃO. AF_10/2020","UN","ATRIBUÍDO SÃO PAULO",95.07,"CAIXA REFERENCIAL"]
["INSTALACOES HIDRO SANITARIAS","INHI","CONEXOES","0180","","",92951,"LUVA DE REDUÇÃO, EM FERRO GALVANIZADO, 3\" X 2 1/2\", CONEXÃO ROSQUEADA, INSTALADO EM REDE DE ALIMENTAÇÃO PARA SPRINKLER - FORNECIMENTO E INSTALAÇÃO. AF_10/2020","UN","ATRIBUÍDO SÃO PAULO",136.85,"CAIXA REFERENCIAL"]
["INSTALACOES HIDRO SANITARIAS","INHI","CONEXOES","0180","","",92952,"LUVA DE REDUÇÃO, EM FERRO GALVANIZADO, 3\" X 2\", CONEXÃO ROSQUEADA, INSTALADO EM REDE DE ALIMENTAÇÃO PARA SPRINKLER - FORNECIMENTO E INSTALAÇÃO. AF_10/2020","UN","ATRIBUÍDO SÃO PAULO",136.85,"CAIXA REFERENCIAL"]
["INSTALACOES HIDRO SANITARIAS","INHI","CONEXOES","0180","","",92953,"LUVA DE REDUÇÃO, EM FERRO GALVANIZADO, 3/4\" X 1/2\", CONEXÃO ROSQUEADA, INSTALADO EM RAMAIS E SUB-RAMAIS DE GÁS - FORNECIMENTO E INSTALAÇÃO. AF_10/2020","UN","ATRIBUÍDO SÃO PAULO",24.4,"CAIXA REFERENCIAL"]
["INSTALACOES HIDRO SANITARIAS","INHI","CONEXOES","0180","","",93050,"LUVA PASSANTE EM COBRE, DN 22 MM, SEM ANEL DE SOLDA, INSTALADO EM PRUMADA DE HIDRÁULICA PREDIAL - FORNECIMENTO E INSTALAÇÃO. AF_04/2022","UN","ATRIBUÍDO SÃO PAULO",10.65,"CAIXA REFERENCIAL"]
["INSTALACOES HIDRO SANITARIAS","INHI","CONEXOES","0180","","",93052,"JUNTA DE EXPANSÃO EM COBRE, DN 22 MM, PONTA X PONTA, INSTALADO EM PRUMADA DE HIDRÁULICA PREDIAL - FORNECIMENTO E INSTALAÇÃO. AF_04/2022","UN","ATRIBUÍDO SÃO PAULO",494.86,"CAIXA REFERENCIAL"]
["INSTALACOES HIDRO SANITARIAS","INHI","CONEXOES","0180","","",93054,"CONECTOR EM BRONZE/LATÃO, DN 22 MM X 3/4\", SEM ANEL DE SOLDA, BOLSA X ROSCA F, INSTALADO EM PRUMADA DE HIDRÁULICA PREDIAL - FORNECIMENTO E INSTALAÇÃO. AF_04/2022","UN","ATRIBUÍDO SÃO PAULO",21.22,"CAIXA REFERENCIAL"]
["INSTALACOES HIDRO SANITARIAS","INHI","CONEXOES","0180","","",93055,"CURVA DE TRANSPOSIÇÃO EM BRONZE/LATÃO, DN 22 MM, SEM ANEL DE SOLDA, BOLSA X BOLSA, INSTALADO EM PRUMADA DE HIDRÁULICA PREDIAL - FORNECIMENTO E INSTALAÇÃO. AF_04/2022","UN","ATRIBUÍDO SÃO PAULO",42.72,"CAIXA REFERENCIAL"]
["INSTALACOES HIDRO SANITARIAS","INHI","CONEXOES","0180","","",93056,"LUVA PASSANTE EM COBRE, DN 28 MM, SEM ANEL DE SOLDA, INSTALADO EM PRUMADA DE HIDRÁULICA PREDIAL - FORNECIMENTO E INSTALAÇÃO. AF_04/2022","UN","ATRIBUÍDO SÃO PAULO",15.92,"CAIXA REFERENCIAL"]
["INSTALACOES HIDRO SANITARIAS","INHI","CONEXOES","0180","","",93057,"BUCHA DE REDUÇÃO EM COBRE, DN 28 MM X 22 MM, SEM ANEL DE SOLDA, PONTA X BOLSA, INSTALADO EM PRUMADA DE HIDRÁULICA PREDIAL - FORNECIMENTO E INSTALAÇÃO. AF_04/2022","UN","ATRIBUÍDO SÃO PAULO",13.23,"CAIXA REFERENCIAL"]
["INSTALACOES HIDRO SANITARIAS","INHI","CONEXOES","0180","","",93058,"JUNTA DE EXPANSÃO EM COBRE, DN 28 MM, PONTA X PONTA, INSTALADO EM PRUMADA DE HIDRÁULICA PREDIAL - FORNECIMENTO E INSTALAÇÃO. AF_04/2022","UN","ATRIBUÍDO SÃO PAULO",544.38,"CAIXA REFERENCIAL"]
["INSTALACOES HIDRO SANITARIAS","INHI","CONEXOES","0180","","",93059,"CONECTOR EM BRONZE/LATÃO, DN 28 MM X 1/2\", SEM ANEL DE SOLDA, BOLSA X ROSCA F, INSTALADO EM PRUMADA DE HIDRÁULICA PREDIAL - FORNECIMENTO E INSTALAÇÃO. AF_04/2022","UN","ATRIBUÍDO SÃO PAULO",27.76,"CAIXA REFERENCIAL"]
["INSTALACOES HIDRO SANITARIAS","INHI","CONEXOES","0180","","",93060,"CURVA DE TRANSPOSIÇÃO EM BRONZE/LATÃO, DN 28 MM, SEM ANEL DE SOLDA, BOLSA X BOLSA, INSTALADO EM PRUMADA DE HIDRÁULICA PREDIAL - FORNECIMENTO E INSTALAÇÃO. AF_04/2022","UN","ATRIBUÍDO SÃO PAULO",74.88,"CAIXA REFERENCIAL"]
["INSTALACOES HIDRO SANITARIAS","INHI","CONEXOES","0180","","",93061,"LUVA PASSANTE EM COBRE, DN 35 MM, SEM ANEL DE SOLDA, INSTALADO EM PRUMADA DE HIDRÁULICA PREDIAL - FORNECIMENTO E INSTALAÇÃO. AF_04/2022","UN","ATRIBUÍDO SÃO PAULO",30.27,"CAIXA REFERENCIAL"]
["INSTALACOES HIDRO SANITARIAS","INHI","CONEXOES","0180","","",93062,"BUCHA DE REDUÇÃO EM COBRE, DN 35 MM X 28 MM, SEM ANEL DE SOLDA, PONTA X BOLSA, INSTALADO EM PRUMADA DE HIDRÁULICA PREDIAL - FORNECIMENTO E INSTALAÇÃO. AF_04/2022","UN","ATRIBUÍDO SÃO PAULO",25.53,"CAIXA REFERENCIAL"]
["INSTALACOES HIDRO SANITARIAS","INHI","CONEXOES","0180","","",93063,"JUNTA DE EXPANSÃO EM BRONZE/LATÃO, DN 35 MM, PONTA X PONTA, INSTALADO EM PRUMADA DE HIDRÁULICA PREDIAL - FORNECIMENTO E INSTALAÇÃO. AF_04/2022","UN","ATRIBUÍDO SÃO PAULO",623.80999999999995,"CAIXA REFERENCIAL"]
["INSTALACOES HIDRO SANITARIAS","INHI","CONEXOES","0180","","",93064,"LUVA PASSANTE EM COBRE, DN 42 MM, SEM ANEL DE SOLDA, INSTALADO EM PRUMADA DE HIDRÁULICA PREDIAL - FORNECIMENTO E INSTALAÇÃO. AF_04/2022","UN","ATRIBUÍDO SÃO PAULO",46.53,"CAIXA REFERENCIAL"]
["INSTALACOES HIDRO SANITARIAS","INHI","CONEXOES","0180","","",93065,"BUCHA DE REDUÇÃO EM COBRE, DN 42 MM X 35 MM, SEM ANEL DE SOLDA, PONTA X BOLSA, INSTALADO EM PRUMADA DE HIDRÁULICA PREDIAL - FORNECIMENTO E INSTALAÇÃO. AF_04/2022","UN","ATRIBUÍDO SÃO PAULO",41.77,"CAIXA REFERENCIAL"]
["INSTALACOES HIDRO SANITARIAS","INHI","CONEXOES","0180","","",93066,"JUNTA DE EXPANSÃO EM BRONZE/LATÃO, DN 42 MM, PONTA X PONTA, INSTALADO EM PRUMADA DE HIDRÁULICA PREDIAL - FORNECIMENTO E INSTALAÇÃO. AF_04/2022","UN","ATRIBUÍDO SÃO PAULO",782.89,"CAIXA REFERENCIAL"]
["INSTALACOES HIDRO SANITARIAS","INHI","CONEXOES","0180","","",93067,"LUVA PASSANTE EM COBRE, DN 54 MM, SEM ANEL DE SOLDA, INSTALADO EM PRUMADA DE HIDRÁULICA PREDIAL - FORNECIMENTO E INSTALAÇÃO. AF_04/2022","UN","ATRIBUÍDO SÃO PAULO",69.209999999999994,"CAIXA REFERENCIAL"]
["INSTALACOES HIDRO SANITARIAS","INHI","CONEXOES","0180","","",93068,"BUCHA DE REDUÇÃO EM COBRE, DN 54 MM X 42 MM, SEM ANEL DE SOLDA, PONTA X BOLSA, INSTALADO EM PRUMADA DE HIDRÁULICA PREDIAL - FORNECIMENTO E INSTALAÇÃO. AF_04/2022","UN","ATRIBUÍDO SÃO PAULO",58.84,"CAIXA REFERENCIAL"]
["INSTALACOES HIDRO SANITARIAS","INHI","CONEXOES","0180","","",93069,"JUNTA DE EXPANSÃO EM BRONZE/LATÃO, DN 54 MM, PONTA X PONTA, INSTALADO EM PRUMADA DE HIDRÁULICA PREDIAL - FORNECIMENTO E INSTALAÇÃO. AF_04/2022","UN","ATRIBUÍDO SÃO PAULO",1085.19,"CAIXA REFERENCIAL"]
["INSTALACOES HIDRO SANITARIAS","INHI","CONEXOES","0180","","",93070,"LUVA PASSANTE EM COBRE, DN 66 MM, SEM ANEL DE SOLDA, INSTALADO EM PRUMADA DE HIDRÁULICA PREDIAL - FORNECIMENTO E INSTALAÇÃO. AF_04/2022","UN","ATRIBUÍDO SÃO PAULO",174.97,"CAIXA REFERENCIAL"]
["INSTALACOES HIDRO SANITARIAS","INHI","CONEXOES","0180","","",93071,"BUCHA DE REDUÇÃO EM COBRE, DN 66 MM X 54 MM, SEM ANEL DE SOLDA, PONTA X BOLSA, INSTALADO EM PRUMADA DE HIDRÁULICA PREDIAL - FORNECIMENTO E INSTALAÇÃO. AF_04/2022","UN","ATRIBUÍDO SÃO PAULO",160.87,"CAIXA REFERENCIAL"]
["INSTALACOES HIDRO SANITARIAS","INHI","CONEXOES","0180","","",93072,"JUNTA DE EXPANSÃO EM BRONZE/LATÃO, DN 66 MM, PONTA X PONTA, INSTALADO EM PRUMADA DE HIDRÁULICA PREDIAL - FORNECIMENTO E INSTALAÇÃO. AF_04/2022","UN","ATRIBUÍDO SÃO PAULO",1432.18,"CAIXA REFERENCIAL"]
["INSTALACOES HIDRO SANITARIAS","INHI","CONEXOES","0180","","",93074,"CURVA EM COBRE, DN 15 MM, 45 GRAUS, SEM ANEL DE SOLDA, BOLSA X BOLSA, INSTALADO EM RAMAL DE DISTRIBUIÇÃO DE HIDRÁULICA PREDIAL - FORNECIMENTO E INSTALAÇÃO. AF_04/2022","UN","ATRIBUÍDO SÃO PAULO",12.54,"CAIXA REFERENCIAL"]
["INSTALACOES HIDRO SANITARIAS","INHI","CONEXOES","0180","","",93075,"COTOVELO EM BRONZE/LATÃO, DN 15 MM X 1/2\", 90 GRAUS, SEM ANEL DE SOLDA, BOLSA X ROSCA F, INSTALADO EM RAMAL DE DISTRIBUIÇÃO DE HIDRÁULICA PREDIAL - FORNECIMENTO E INSTALAÇÃO. AF_04/2022","UN","ATRIBUÍDO SÃO PAULO",18.600000000000001,"CAIXA REFERENCIAL"]
["INSTALACOES HIDRO SANITARIAS","INHI","CONEXOES","0180","","",93076,"CURVA EM COBRE, DN 22 MM, 45 GRAUS, SEM ANEL DE SOLDA, BOLSA X BOLSA, INSTALADO EM RAMAL DE DISTRIBUIÇÃO DE HIDRÁULICA PREDIAL - FORNECIMENTO E INSTALAÇÃO. AF_04/2022","UN","ATRIBUÍDO SÃO PAULO",20.11,"CAIXA REFERENCIAL"]
["INSTALACOES HIDRO SANITARIAS","INHI","CONEXOES","0180","","",93077,"COTOVELO EM BRONZE/LATÃO, DN 22 MM X 1/2\", 90 GRAUS, SEM ANEL DE SOLDA, BOLSA X ROSCA F, INSTALADO EM RAMAL DE DISTRIBUIÇÃO DE HIDRÁULICA PREDIAL - FORNECIMENTO E INSTALAÇÃO. AF_04/2022","UN","ATRIBUÍDO SÃO PAULO",26.35,"CAIXA REFERENCIAL"]
["INSTALACOES HIDRO SANITARIAS","INHI","CONEXOES","0180","","",93078,"COTOVELO EM BRONZE/LATÃO, DN 22 MM X 3/4\", 90 GRAUS, SEM ANEL DE SOLDA, BOLSA X ROSCA F, INSTALADO EM RAMAL DE DISTRIBUIÇÃO DE HIDRÁULICA PREDIAL - FORNECIMENTO E INSTALAÇÃO. AF_04/2022","UN","ATRIBUÍDO SÃO PAULO",29.67,"CAIXA REFERENCIAL"]
["INSTALACOES HIDRO SANITARIAS","INHI","CONEXOES","0180","","",93079,"CURVA EM COBRE, DN 28 MM, 45 GRAUS, SEM ANEL DE SOLDA, BOLSA X BOLSA, INSTALADO EM RAMAL DE DISTRIBUIÇÃO DE HIDRÁULICA PREDIAL - FORNECIMENTO E INSTALAÇÃO. AF_04/2022","UN","ATRIBUÍDO SÃO PAULO",28,"CAIXA REFERENCIAL"]
["INSTALACOES HIDRO SANITARIAS","INHI","CONEXOES","0180","","",93080,"LUVA PASSANTE EM COBRE, DN 15 MM, SEM ANEL DE SOLDA, INSTALADO EM RAMAL DE DISTRIBUIÇÃO DE HIDRÁULICA PREDIAL - FORNECIMENTO E INSTALAÇÃO. AF_04/2022","UN","ATRIBUÍDO SÃO PAULO",8.18,"CAIXA REFERENCIAL"]
["INSTALACOES HIDRO SANITARIAS","INHI","CONEXOES","0180","","",93081,"CONECTOR EM BRONZE/LATÃO, DN 15 MM X 1/2\", SEM ANEL DE SOLDA, BOLSA X ROSCA F, INSTALADO EM RAMAL DE DISTRIBUIÇÃO DE HIDRÁULICA PREDIAL - FORNECIMENTO E INSTALAÇÃO. AF_04/2022","UN","ATRIBUÍDO SÃO PAULO",17.55,"CAIXA REFERENCIAL"]
["INSTALACOES HIDRO SANITARIAS","INHI","CONEXOES","0180","","",93082,"CURVA DE TRANSPOSIÇÃO EM BRONZE/LATÃO, DN 15 MM, SEM ANEL DE SOLDA, BOLSA X BOLSA, INSTALADO EM RAMAL DE DISTRIBUIÇÃO DE HIDRÁULICA PREDIAL - FORNECIMENTO E INSTALAÇÃO. AF_04/2022","UN","ATRIBUÍDO SÃO PAULO",22.77,"CAIXA REFERENCIAL"]
["INSTALACOES HIDRO SANITARIAS","INHI","CONEXOES","0180","","",93083,"JUNTA DE EXPANSÃO EM COBRE, DN 15 MM, PONTA X PONTA, INSTALADO EM RAMAL DE DISTRIBUIÇÃO DE HIDRÁULICA PREDIAL - FORNECIMENTO E INSTALAÇÃO. AF_04/2022","UN","ATRIBUÍDO SÃO PAULO",428.47,"CAIXA REFERENCIAL"]
["INSTALACOES HIDRO SANITARIAS","INHI","CONEXOES","0180","","",93084,"LUVA PASSANTE EM COBRE, DN 22 MM, SEM ANEL DE SOLDA, INSTALADO EM RAMAL DE DISTRIBUIÇÃO DE HIDRÁULICA PREDIAL - FORNECIMENTO E INSTALAÇÃO. AF_04/2022","UN","ATRIBUÍDO SÃO PAULO",13.2,"CAIXA REFERENCIAL"]
["INSTALACOES HIDRO SANITARIAS","INHI","CONEXOES","0180","","",93085,"BUCHA DE REDUÇÃO EM COBRE, DN 22 MM X 15 MM, SEM ANEL DE SOLDA, PONTA X BOLSA, INSTALADO EM RAMAL DE DISTRIBUIÇÃO DE HIDRÁULICA PREDIAL - FORNECIMENTO E INSTALAÇÃO. AF_04/2022","UN","ATRIBUÍDO SÃO PAULO",14.12,"CAIXA REFERENCIAL"]
["INSTALACOES HIDRO SANITARIAS","INHI","CONEXOES","0180","","",93086,"JUNTA DE EXPANSÃO EM COBRE, DN 22 MM, PONTA X PONTA, INSTALADO EM RAMAL DE DISTRIBUIÇÃO DE HIDRÁULICA PREDIAL - FORNECIMENTO E INSTALAÇÃO. AF_04/2022","UN","ATRIBUÍDO SÃO PAULO",497.41,"CAIXA REFERENCIAL"]
["INSTALACOES HIDRO SANITARIAS","INHI","CONEXOES","0180","","",93087,"CONECTOR EM BRONZE/LATÃO, DN 22 MM X 1/2\", SEM ANEL DE SOLDA, BOLSA X ROSCA F, INSTALADO EM RAMAL DE DISTRIBUIÇÃO DE HIDRÁULICA PREDIAL - FORNECIMENTO E INSTALAÇÃO. AF_04/2022","UN","ATRIBUÍDO SÃO PAULO",18.39,"CAIXA REFERENCIAL"]
["INSTALACOES HIDRO SANITARIAS","INHI","CONEXOES","0180","","",93088,"CONECTOR EM BRONZE/LATÃO, DN 22 MM X 3/4\", SEM ANEL DE SOLDA, BOLSA X ROSCA F, INSTALADO EM RAMAL DE DISTRIBUIÇÃO DE HIDRÁULICA PREDIAL - FORNECIMENTO E INSTALAÇÃO. AF_04/2022","UN","ATRIBUÍDO SÃO PAULO",22.79,"CAIXA REFERENCIAL"]
["INSTALACOES HIDRO SANITARIAS","INHI","CONEXOES","0180","","",93089,"CURVA DE TRANSPOSIÇÃO EM BRONZE/LATÃO, DN 22 MM, SEM ANEL DE SOLDA, BOLSA X BOLSA, INSTALADO EM RAMAL DE DISTRIBUIÇÃO DE HIDRÁULICA PREDIAL - FORNECIMENTO E INSTALAÇÃO. AF_04/2022","UN","ATRIBUÍDO SÃO PAULO",45.27,"CAIXA REFERENCIAL"]
["INSTALACOES HIDRO SANITARIAS","INHI","CONEXOES","0180","","",93090,"LUVA PASSANTE EM COBRE, DN 28 MM, SEM ANEL DE SOLDA, INSTALADO EM RAMAL DE DISTRIBUIÇÃO DE HIDRÁULICA PREDIAL - FORNECIMENTO E INSTALAÇÃO. AF_04/2022","UN","ATRIBUÍDO SÃO PAULO",18.29,"CAIXA REFERENCIAL"]
["INSTALACOES HIDRO SANITARIAS","INHI","CONEXOES","0180","","",93091,"BUCHA DE REDUÇÃO EM COBRE, DN 28 MM X 22 MM, SEM ANEL DE SOLDA, INSTALADO EM RAMAL DE DISTRIBUIÇÃO DE HIDRÁULICA PREDIAL - FORNECIMENTO E INSTALAÇÃO. AF_04/2022","UN","ATRIBUÍDO SÃO PAULO",15.71,"CAIXA REFERENCIAL"]
["INSTALACOES HIDRO SANITARIAS","INHI","CONEXOES","0180","","",93092,"JUNTA DE EXPANSÃO EM COBRE, DN 28 MM, PONTA X PONTA, INSTALADO EM RAMAL DE DISTRIBUIÇÃO DE HIDRÁULICA PREDIAL - FORNECIMENTO E INSTALAÇÃO. AF_04/2022","UN","ATRIBUÍDO SÃO PAULO",546.75,"CAIXA REFERENCIAL"]
["INSTALACOES HIDRO SANITARIAS","INHI","CONEXOES","0180","","",93093,"CONECTOR EM BRONZE/LATÃO, DN 28 MM X 1/2\", SEM ANEL DE SOLDA, BOLSA X ROSCA F, INSTALADO EM RAMAL DE DISTRIBUIÇÃO DE HIDRÁULICA PREDIAL - FORNECIMENTO E INSTALAÇÃO. AF_04/2022","UN","ATRIBUÍDO SÃO PAULO",28.96,"CAIXA REFERENCIAL"]
["INSTALACOES HIDRO SANITARIAS","INHI","CONEXOES","0180","","",93094,"CURVA DE TRANSPOSIÇÃO EM BRONZE/LATÃO, DN 28 MM, SEM ANEL DE SOLDA, BOLSA X BOLSA, INSTALADO EM RAMAL DE DISTRIBUIÇÃO DE HIDRÁULICA PREDIAL - FORNECIMENTO E INSTALAÇÃO. AF_04/2022","UN","ATRIBUÍDO SÃO PAULO",77.25,"CAIXA REFERENCIAL"]
["INSTALACOES HIDRO SANITARIAS","INHI","CONEXOES","0180","","",93097,"CURVA EM COBRE, DN 15 MM, 45 GRAUS, SEM ANEL DE SOLDA, BOLSA X BOLSA, INSTALADO EM RAMAL E SUB-RAMAL DE HIDRÁULICA PREDIAL - FORNECIMENTO E INSTALAÇÃO. AF_04/2022","UN","ATRIBUÍDO SÃO PAULO",12.78,"CAIXA REFERENCIAL"]
["INSTALACOES HIDRO SANITARIAS","INHI","CONEXOES","0180","","",93098,"COTOVELO EM BRONZE/LATÃO, DN 15 MM X 1/2\", 90 GRAUS, SEM ANEL DE SOLDA, BOLSA X ROSCA F, INSTALADO EM RAMAL E SUB-RAMAL DE HIDRÁULICA PREDIAL - FORNECIMENTO E INSTALAÇÃO. AF_04/2022","UN","ATRIBUÍDO SÃO PAULO",18.71,"CAIXA REFERENCIAL"]
["INSTALACOES HIDRO SANITARIAS","INHI","CONEXOES","0180","","",93099,"CURVA EM COBRE, DN 22 MM, 45 GRAUS, SEM ANEL DE SOLDA, BOLSA X BOLSA, INSTALADO EM RAMAL E SUB-RAMAL DE HIDRÁULICA PREDIAL - FORNECIMENTO E INSTALAÇÃO. AF_04/2022","UN","ATRIBUÍDO SÃO PAULO",22.94,"CAIXA REFERENCIAL"]
["INSTALACOES HIDRO SANITARIAS","INHI","CONEXOES","0180","","",93100,"COTOVELO EM BRONZE/LATÃO, DN 22 MM X 1/2\", 90 GRAUS, SEM ANEL DE SOLDA, BOLSA X ROSCA F, INSTALADO EM RAMAL E SUB-RAMAL DE HIDRÁULICA PREDIAL - FORNECIMENTO E INSTALAÇÃO. AF_04/2022","UN","ATRIBUÍDO SÃO PAULO",27.77,"CAIXA REFERENCIAL"]
["INSTALACOES HIDRO SANITARIAS","INHI","CONEXOES","0180","","",93101,"COTOVELO EM BRONZE/LATÃO, DN 22 MM X 3/4\", 90 GRAUS, SEM ANEL DE SOLDA, BOLSA X ROSCA F, INSTALADO EM RAMAL E SUB-RAMAL DE HIDRÁULICA PREDIAL - FORNECIMENTO E INSTALAÇÃO. AF_04/2022","UN","ATRIBUÍDO SÃO PAULO",31.09,"CAIXA REFERENCIAL"]
["INSTALACOES HIDRO SANITARIAS","INHI","CONEXOES","0180","","",93102,"CURVA EM COBRE, DN 28 MM, 45 GRAUS, SEM ANEL DE SOLDA, BOLSA X BOLSA, INSTALADO EM RAMAL E SUB-RAMAL DE HIDRÁULICA PREDIAL - FORNECIMENTO E INSTALAÇÃO. AF_04/2022","UN","ATRIBUÍDO SÃO PAULO",33.06,"CAIXA REFERENCIAL"]
["INSTALACOES HIDRO SANITARIAS","INHI","CONEXOES","0180","","",93103,"LUVA PASSANTE EM COBRE, DN 15 MM, SEM ANEL DE SOLDA, INSTALADO EM RAMAL E SUB-RAMAL DE HIDRÁULICA PREDIAL - FORNECIMENTO E INSTALAÇÃO. AF_04/2022","UN","ATRIBUÍDO SÃO PAULO",8.33,"CAIXA REFERENCIAL"]
["INSTALACOES HIDRO SANITARIAS","INHI","CONEXOES","0180","","",93104,"CONECTOR EM BRONZE/LATÃO, DN 15 MM X 1/2\", SEM ANEL DE SOLDA, BOLSA X ROSCA F, INSTALADO EM RAMAL E SUB-RAMAL DE HIDRÁULICA PREDIAL - FORNECIMENTO E INSTALAÇÃO. AF_04/2022","UN","ATRIBUÍDO SÃO PAULO",17.64,"CAIXA REFERENCIAL"]
["INSTALACOES HIDRO SANITARIAS","INHI","CONEXOES","0180","","",93105,"CURVA DE TRANSPOSIÇÃO EM BRONZE/LATÃO, DN 15 MM, SEM ANEL DE SOLDA, BOLSA X BOLSA, INSTALADO EM RAMAL E SUB-RAMAL DE HIDRÁULICA PREDIAL - FORNECIMENTO E INSTALAÇÃO. AF_04/2022","UN","ATRIBUÍDO SÃO PAULO",22.92,"CAIXA REFERENCIAL"]
["INSTALACOES HIDRO SANITARIAS","INHI","CONEXOES","0180","","",93106,"JUNTA DE EXPANSÃO EM COBRE, DN 15 MM, PONTA X PONTA, INSTALADO EM RAMAL E SUB-RAMAL DE HIDRÁULICA PREDIAL - FORNECIMENTO E INSTALAÇÃO. AF_04/2022","UN","ATRIBUÍDO SÃO PAULO",428.62,"CAIXA REFERENCIAL"]
["INSTALACOES HIDRO SANITARIAS","INHI","CONEXOES","0180","","",93107,"LUVA PASSANTE EM COBRE, DN 22 MM, SEM ANEL DE SOLDA, INSTALADO EM RAMAL E SUB-RAMAL DE HIDRÁULICA PREDIAL - FORNECIMENTO E INSTALAÇÃO. AF_04/2022","UN","ATRIBUÍDO SÃO PAULO",15.12,"CAIXA REFERENCIAL"]
["INSTALACOES HIDRO SANITARIAS","INHI","CONEXOES","0180","","",93108,"BUCHA DE REDUÇÃO EM COBRE, DN 22 MM X 15 MM, SEM ANEL DE SOLDA, PONTA X BOLSA, INSTALADO EM RAMAL E SUB-RAMAL DE HIDRÁULICA PREDIAL - FORNECIMENTO E INSTALAÇÃO. AF_04/2022","UN","ATRIBUÍDO SÃO PAULO",12.72,"CAIXA REFERENCIAL"]
["INSTALACOES HIDRO SANITARIAS","INHI","CONEXOES","0180","","",93109,"JUNTA DE EXPANSÃO EM COBRE, DN 22 MM, PONTA X PONTA, INSTALADO EM RAMAL E SUB-RAMAL DE HIDRÁULICA PREDIAL - FORNECIMENTO E INSTALAÇÃO. AF_04/2022","UN","ATRIBUÍDO SÃO PAULO",499.33,"CAIXA REFERENCIAL"]
["INSTALACOES HIDRO SANITARIAS","INHI","CONEXOES","0180","","",93110,"CONECTOR EM BRONZE/LATÃO, DN 22 MM X 1/2\", SEM ANEL DE SOLDA, BOLSA X ROSCA F, INSTALADO EM RAMAL E SUB-RAMAL DE HIDRÁULICA PREDIAL - FORNECIMENTO E INSTALAÇÃO. AF_04/2022","UN","ATRIBUÍDO SÃO PAULO",19.350000000000001,"CAIXA REFERENCIAL"]
["INSTALACOES HIDRO SANITARIAS","INHI","CONEXOES","0180","","",93111,"CONECTOR EM BRONZE/LATÃO, DN 22 MM X 3/4\", SEM ANEL DE SOLDA, BOLSA X ROSCA F, INSTALADO EM RAMAL E SUB-RAMAL DE HIDRÁULICA PREDIAL - FORNECIMENTO E INSTALAÇÃO. AF_04/2022","UN","ATRIBUÍDO SÃO PAULO",23.46,"CAIXA REFERENCIAL"]
["INSTALACOES HIDRO SANITARIAS","INHI","CONEXOES","0180","","",93112,"CURVA DE TRANSPOSIÇÃO EM BRONZE/LATÃO, DN 22 MM, SEM ANEL DE SOLDA, BOLSA X BOLSA, INSTALADO EM RAMAL E SUB-RAMAL DE HIDRÁULICA PREDIAL - FORNECIMENTO E INSTALAÇÃO. AF_04/2022","UN","ATRIBUÍDO SÃO PAULO",47.19,"CAIXA REFERENCIAL"]
["INSTALACOES HIDRO SANITARIAS","INHI","CONEXOES","0180","","",93113,"LUVA PASSANTE EM COBRE, DN 28 MM, SEM ANEL DE SOLDA, INSTALADO EM RAMAL E SUB-RAMAL  DE HIDRÁULICA PREDIAL - FORNECIMENTO E INSTALAÇÃO. AF_04/2022","UN","ATRIBUÍDO SÃO PAULO",21.69,"CAIXA REFERENCIAL"]
["INSTALACOES HIDRO SANITARIAS","INHI","CONEXOES","0180","","",93114,"CONECTOR EM BRONZE/LATÃO, DN 28 MM X 1/2\", SEM ANEL DE SOLDA, BOLSA X ROSCA F, INSTALADO EM RAMAL E SUB-RAMAL DE HIDRÁULICA PREDIAL - FORNECIMENTO E INSTALAÇÃO. AF_04/2022","UN","ATRIBUÍDO SÃO PAULO",30.65,"CAIXA REFERENCIAL"]
["INSTALACOES HIDRO SANITARIAS","INHI","CONEXOES","0180","","",93115,"CURVA DE TRANSPOSIÇÃO EM BRONZE/LATÃO, DN 28 MM, SEM ANEL DE SOLDA, BOLSA X BOLSA, INSTALADO EM RAMAL E SUB-RAMAL DE HIDRÁULICA PREDIAL - FORNECIMENTO E INSTALAÇÃO. AF_04/2022","UN","ATRIBUÍDO SÃO PAULO",80.650000000000006,"CAIXA REFERENCIAL"]
["INSTALACOES HIDRO SANITARIAS","INHI","CONEXOES","0180","","",93116,"JUNTA DE EXPANSÃO EM COBRE, DN 28 MM, PONTA X PONTA, INSTALADO EM RAMAL E SUB-RAMAL DE HIDRÁULICA PREDIAL - FORNECIMENTO E INSTALAÇÃO. AF_04/2022","UN","ATRIBUÍDO SÃO PAULO",550.15,"CAIXA REFERENCIAL"]
["INSTALACOES HIDRO SANITARIAS","INHI","CONEXOES","0180","","",93117,"TE DUPLA CURVA EM BRONZE/LATÃO, DN 1/2\" X 15 MM X 1/2\", SEM ANEL DE SOLDA, ROSCA F X BOLSA X ROSCA F, INSTALADO EM RAMAL E SUB-RAMAL DE HIDRÁULICA PREDIAL - FORNECIMENTO E INSTALAÇÃO. AF_04/2022","UN","ATRIBUÍDO SÃO PAULO",55.08,"CAIXA REFERENCIAL"]
["INSTALACOES HIDRO SANITARIAS","INHI","CONEXOES","0180","","",93118,"TE DUPLA CURVA EM BRONZE/LATÃO, DN 3/4\" X 22 MM X 3/4\", SEM ANEL DE SOLDA, ROSCA F X BOLSA X ROSCA F, INSTALADO EM RAMAL E SUB-RAMAL DE HIDRÁULICA PREDIAL - FORNECIMENTO E INSTALAÇÃO. AF_04/2022","UN","ATRIBUÍDO SÃO PAULO",81.19,"CAIXA REFERENCIAL"]
["INSTALACOES HIDRO SANITARIAS","INHI","CONEXOES","0180","","",93119,"CURVA EM COBRE, DN 22 MM, 45 GRAUS, SEM ANEL DE SOLDA, BOLSA X BOLSA, INSTALADO EM PRUMADA DE HIDRÁULICA PREDIAL - FORNECIMENTO E INSTALAÇÃO. AF_04/2022","UN","ATRIBUÍDO SÃO PAULO",16.29,"CAIXA REFERENCIAL"]
["INSTALACOES HIDRO SANITARIAS","INHI","CONEXOES","0180","","",93120,"COTOVELO EM BRONZE/LATÃO, DN 22 MM X 1/2\", 90 GRAUS, SEM ANEL DE SOLDA, BOLSA X ROSCA F, INSTALADO EM PRUMADA DE HIDRÁULICA PREDIAL - FORNECIMENTO E INSTALAÇÃO. AF_04/2022","UN","ATRIBUÍDO SÃO PAULO",24.44,"CAIXA REFERENCIAL"]
["INSTALACOES HIDRO SANITARIAS","INHI","CONEXOES","0180","","",93121,"COTOVELO EM BRONZE/LATÃO, DN 22 MM X 3/4\", 90 GRAUS, SEM ANEL DE SOLDA, BOLSA X ROSCA F, INSTALADO EM PRUMADA DE HIDRÁULICA PREDIAL - FORNECIMENTO E INSTALAÇÃO. AF_04/2022","UN","ATRIBUÍDO SÃO PAULO",27.76,"CAIXA REFERENCIAL"]
["INSTALACOES HIDRO SANITARIAS","INHI","CONEXOES","0180","","",93122,"CURVA EM COBRE, DN 28 MM, 45 GRAUS, SEM ANEL DE SOLDA, BOLSA X BOLSA, INSTALADO EM PRUMADA DE HIDRÁULICA PREDIAL - FORNECIMENTO E INSTALAÇÃO. AF_04/2022","UN","ATRIBUÍDO SÃO PAULO",24.47,"CAIXA REFERENCIAL"]
["INSTALACOES HIDRO SANITARIAS","INHI","CONEXOES","0180","","",93123,"CURVA EM COBRE, DN 35 MM, 45 GRAUS, SEM ANEL DE SOLDA, BOLSA X BOLSA, INSTALADO EM PRUMADA DE HIDRÁULICA PREDIAL -  FORNECIMENTO E INSTALAÇÃO. AF_04/2022","UN","ATRIBUÍDO SÃO PAULO",54.77,"CAIXA REFERENCIAL"]
["INSTALACOES HIDRO SANITARIAS","INHI","CONEXOES","0180","","",93124,"CURVA EM COBRE, DN 42 MM, 45 GRAUS, SEM ANEL DE SOLDA, BOLSA X BOLSA, INSTALADO EM PRUMADA DE HIDRÁULICA PREDIAL - FORNECIMENTO E INSTALAÇÃO. AF_04/2022","UN","ATRIBUÍDO SÃO PAULO",86.08,"CAIXA REFERENCIAL"]
["INSTALACOES HIDRO SANITARIAS","INHI","CONEXOES","0180","","",93125,"CURVA EM COBRE, DN 54 MM, 45 GRAUS, SEM ANEL DE SOLDA, BOLSA X BOLSA, INSTALADO EM PRUMADA DE HIDRÁULICA PREDIAL - FORNECIMENTO E INSTALAÇÃO. AF_04/2022","UN","ATRIBUÍDO SÃO PAULO",126.6,"CAIXA REFERENCIAL"]
["INSTALACOES HIDRO SANITARIAS","INHI","CONEXOES","0180","","",93126,"CURVA EM COBRE, DN 66 MM, 45 GRAUS, SEM ANEL DE SOLDA, BOLSA X BOLSA, INSTALADO EM PRUMADA DE HIDRÁULICA PREDIAL - FORNECIMENTO E INSTALAÇÃO. AF_04/2022","UN","ATRIBUÍDO SÃO PAULO",280.01,"CAIXA REFERENCIAL"]
["INSTALACOES HIDRO SANITARIAS","INHI","CONEXOES","0180","","",93133,"BUCHA DE REDUÇÃO EM COBRE, DN 28 MM X 22 MM, SEM ANEL DE SOLDA, INSTALADO EM RAMAL E SUB-RAMAL DE HIDRÁULICA PREDIAL - FORNECIMENTO E INSTALAÇÃO. AF_04/2022","UN","ATRIBUÍDO SÃO PAULO",18.350000000000001,"CAIXA REFERENCIAL"]
["INSTALACOES HIDRO SANITARIAS","INHI","CONEXOES","0180","","",94465,"LUVA, EM FERRO GALVANIZADO, CONEXÃO ROSQUEADA, DN 50 (2\"), INSTALADO EM RESERVAÇÃO DE ÁGUA DE EDIFICAÇÃO QUE POSSUA RESERVATÓRIO DE FIBRA/FIBROCIMENTO - FORNECIMENTO E INSTALAÇÃO. AF_06/2016","UN","ATRIBUÍDO SÃO PAULO",55.42,"CAIXA REFERENCIAL"]
["INSTALACOES HIDRO SANITARIAS","INHI","CONEXOES","0180","","",94466,"NIPLE, EM FERRO GALVANIZADO, CONEXÃO ROSQUEADA, DN 50 (2\"), INSTALADO EM RESERVAÇÃO DE ÁGUA DE EDIFICAÇÃO QUE POSSUA RESERVATÓRIO DE FIBRA/FIBROCIMENTO - FORNECIMENTO E INSTALAÇÃO. AF_06/2016","UN","ATRIBUÍDO SÃO PAULO",55.45,"CAIXA REFERENCIAL"]
["INSTALACOES HIDRO SANITARIAS","INHI","CONEXOES","0180","","",94467,"LUVA, EM FERRO GALVANIZADO, CONEXÃO ROSQUEADA, DN 65 (2 1/2\"), INSTALADO EM RESERVAÇÃO DE ÁGUA DE EDIFICAÇÃO QUE POSSUA RESERVATÓRIO DE FIBRA/FIBROCIMENTO - FORNECIMENTO E INSTALAÇÃO. AF_06/2016","UN","ATRIBUÍDO SÃO PAULO",87.74,"CAIXA REFERENCIAL"]
["INSTALACOES HIDRO SANITARIAS","INHI","CONEXOES","0180","","",94468,"NIPLE, EM FERRO GALVANIZADO, CONEXÃO ROSQUEADA, DN 65 (2 1/2\"), INSTALADO EM RESERVAÇÃO DE ÁGUA DE EDIFICAÇÃO QUE POSSUA RESERVATÓRIO DE FIBRA/FIBROCIMENTO - FORNECIMENTO E INSTALAÇÃO. AF_06/2016","UN","ATRIBUÍDO SÃO PAULO",76.27,"CAIXA REFERENCIAL"]
["INSTALACOES HIDRO SANITARIAS","INHI","CONEXOES","0180","","",94469,"LUVA, EM FERRO GALVANIZADO, CONEXÃO ROSQUEADA, DN 80 (3\"), INSTALADO EM RESERVAÇÃO DE ÁGUA DE EDIFICAÇÃO QUE POSSUA RESERVATÓRIO DE FIBRA/FIBROCIMENTO - FORNECIMENTO E INSTALAÇÃO. AF_06/2016","UN","ATRIBUÍDO SÃO PAULO",128.19999999999999,"CAIXA REFERENCIAL"]
["INSTALACOES HIDRO SANITARIAS","INHI","CONEXOES","0180","","",94470,"NIPLE, EM FERRO GALVANIZADO, CONEXÃO ROSQUEADA, DN 80 (3\"), INSTALADO EM RESERVAÇÃO DE ÁGUA DE EDIFICAÇÃO QUE POSSUA RESERVATÓRIO DE FIBRA/FIBROCIMENTO - FORNECIMENTO E INSTALAÇÃO. AF_06/2016","UN","ATRIBUÍDO SÃO PAULO",117.99,"CAIXA REFERENCIAL"]
["INSTALACOES HIDRO SANITARIAS","INHI","CONEXOES","0180","","",94471,"COTOVELO 90 GRAUS, EM FERRO GALVANIZADO, CONEXÃO ROSQUEADA, DN 50 (2\"), INSTALADO EM RESERVAÇÃO DE ÁGUA DE EDIFICAÇÃO QUE POSSUA RESERVATÓRIO DE FIBRA/FIBROCIMENTO - FORNECIMENTO E INSTALAÇÃO. AF_06/2016","UN","ATRIBUÍDO SÃO PAULO",79.8,"CAIXA REFERENCIAL"]
["INSTALACOES HIDRO SANITARIAS","INHI","CONEXOES","0180","","",94472,"COTOVELO 45 GRAUS, EM FERRO GALVANIZADO, CONEXÃO ROSQUEADA, DN 50 (2\"), INSTALADO EM RESERVAÇÃO DE ÁGUA DE EDIFICAÇÃO QUE POSSUA RESERVATÓRIO DE FIBRA/FIBROCIMENTO - FORNECIMENTO E INSTALAÇÃO. AF_06/2016","UN","ATRIBUÍDO SÃO PAULO",82.35,"CAIXA REFERENCIAL"]
["INSTALACOES HIDRO SANITARIAS","INHI","CONEXOES","0180","","",94473,"COTOVELO 90 GRAUS, EM FERRO GALVANIZADO, CONEXÃO ROSQUEADA, DN 65 (2 1/2\"), INSTALADO EM RESERVAÇÃO DE ÁGUA DE EDIFICAÇÃO QUE POSSUA RESERVATÓRIO DE FIBRA/FIBROCIMENTO - FORNECIMENTO E INSTALAÇÃO. AF_06/2016","UN","ATRIBUÍDO SÃO PAULO",125.47,"CAIXA REFERENCIAL"]
["INSTALACOES HIDRO SANITARIAS","INHI","CONEXOES","0180","","",94474,"COTOVELO 45 GRAUS, EM FERRO GALVANIZADO, CONEXÃO ROSQUEADA, DN 65 (2 1/2\"), INSTALADO EM RESERVAÇÃO DE ÁGUA DE EDIFICAÇÃO QUE POSSUA RESERVATÓRIO DE FIBRA/FIBROCIMENTO - FORNECIMENTO E INSTALAÇÃO. AF_06/2016","UN","ATRIBUÍDO SÃO PAULO",136.69999999999999,"CAIXA REFERENCIAL"]
["INSTALACOES HIDRO SANITARIAS","INHI","CONEXOES","0180","","",94475,"COTOVELO 90 GRAUS, EM FERRO GALVANIZADO, CONEXÃO ROSQUEADA, DN 80 (3\"), INSTALADO EM RESERVAÇÃO DE ÁGUA DE EDIFICAÇÃO QUE POSSUA RESERVATÓRIO DE FIBRA/FIBROCIMENTO - FORNECIMENTO E INSTALAÇÃO. AF_06/2016","UN","ATRIBUÍDO SÃO PAULO",173.1,"CAIXA REFERENCIAL"]
["INSTALACOES HIDRO SANITARIAS","INHI","CONEXOES","0180","","",94476,"COTOVELO 45 GRAUS, EM FERRO GALVANIZADO, CONEXÃO ROSQUEADA, DN 80 (3\"), INSTALADO EM RESERVAÇÃO DE ÁGUA DE EDIFICAÇÃO QUE POSSUA RESERVATÓRIO DE FIBRA/FIBROCIMENTO - FORNECIMENTO E INSTALAÇÃO. AF_06/2016","UN","ATRIBUÍDO SÃO PAULO",194.74,"CAIXA REFERENCIAL"]
["INSTALACOES HIDRO SANITARIAS","INHI","CONEXOES","0180","","",94477,"TÊ, EM FERRO GALVANIZADO, CONEXÃO ROSQUEADA, DN 50 (2\"), INSTALADO EM RESERVAÇÃO DE ÁGUA DE EDIFICAÇÃO QUE POSSUA RESERVATÓRIO DE FIBRA/FIBROCIMENTO - FORNECIMENTO E INSTALAÇÃO. AF_06/2016","UN","ATRIBUÍDO SÃO PAULO",106.16,"CAIXA REFERENCIAL"]
["INSTALACOES HIDRO SANITARIAS","INHI","CONEXOES","0180","","",94478,"TÊ, EM FERRO GALVANIZADO, CONEXÃO ROSQUEADA, DN 65 (2 1/2\"), INSTALADO EM RESERVAÇÃO DE ÁGUA DE EDIFICAÇÃO QUE POSSUA RESERVATÓRIO DE FIBRA/FIBROCIMENTO - FORNECIMENTO E INSTALAÇÃO. AF_06/2016","UN","ATRIBUÍDO SÃO PAULO",172.72,"CAIXA REFERENCIAL"]
["INSTALACOES HIDRO SANITARIAS","INHI","CONEXOES","0180","","",94479,"TÊ, EM FERRO GALVANIZADO, CONEXÃO ROSQUEADA, DN 80 (3\"), INSTALADO EM RESERVAÇÃO DE ÁGUA DE EDIFICAÇÃO QUE POSSUA RESERVATÓRIO DE FIBRA/FIBROCIMENTO - FORNECIMENTO E INSTALAÇÃO. AF_06/2016","UN","ATRIBUÍDO SÃO PAULO",228.51,"CAIXA REFERENCIAL"]
["INSTALACOES HIDRO SANITARIAS","INHI","CONEXOES","0180","","",94606,"LUVA EM COBRE, DN 54 MM, SEM ANEL DE SOLDA, INSTALADO EM RESERVAÇÃO DE ÁGUA DE EDIFICAÇÃO QUE POSSUA RESERVATÓRIO DE FIBRA/FIBROCIMENTO - FORNECIMENTO E INSTALAÇÃO. AF_06/2016","UN","ATRIBUÍDO SÃO PAULO",75.84,"CAIXA REFERENCIAL"]
["INSTALACOES HIDRO SANITARIAS","INHI","CONEXOES","0180","","",94608,"LUVA EM COBRE, DN 66 MM, SEM ANEL DE SOLDA, INSTALADO EM RESERVAÇÃO DE ÁGUA DE EDIFICAÇÃO QUE POSSUA RESERVATÓRIO DE FIBRA/FIBROCIMENTO - FORNECIMENTO E INSTALAÇÃO. AF_06/2016","UN","ATRIBUÍDO SÃO PAULO",185.42,"CAIXA REFERENCIAL"]
["INSTALACOES HIDRO SANITARIAS","INHI","CONEXOES","0180","","",94610,"LUVA EM COBRE, DN 79 MM, SEM ANEL DE SOLDA, INSTALADO EM RESERVAÇÃO DE ÁGUA DE EDIFICAÇÃO QUE POSSUA RESERVATÓRIO DE FIBRA/FIBROCIMENTO - FORNECIMENTO E INSTALAÇÃO. AF_06/2016","UN","ATRIBUÍDO SÃO PAULO",275.16000000000003,"CAIXA REFERENCIAL"]
["INSTALACOES HIDRO SANITARIAS","INHI","CONEXOES","0180","","",94612,"LUVA DE COBRE, DN 104 MM, SEM ANEL DE SOLDA, INSTALADO EM RESERVAÇÃO DE ÁGUA DE EDIFICAÇÃO QUE POSSUA RESERVATÓRIO DE FIBRA/FIBROCIMENTO - FORNECIMENTO E INSTALAÇÃO. AF_06/2016","UN","ATRIBUÍDO SÃO PAULO",385.79,"CAIXA REFERENCIAL"]
["INSTALACOES HIDRO SANITARIAS","INHI","CONEXOES","0180","","",94614,"COTOVELO EM COBRE, DN 54 MM, 90 GRAUS, SEM ANEL DE SOLDA, INSTALADO EM RESERVAÇÃO DE ÁGUA DE EDIFICAÇÃO QUE POSSUA RESERVATÓRIO DE FIBRA/FIBROCIMENTO - FORNECIMENTO E INSTALAÇÃO. AF_06/2016","UN","ATRIBUÍDO SÃO PAULO",128.15,"CAIXA REFERENCIAL"]
["INSTALACOES HIDRO SANITARIAS","INHI","CONEXOES","0180","","",94615,"CURVA EM COBRE, DN 54 MM, 45 GRAUS, SEM ANEL DE SOLDA, BOLSA X BOLSA, INSTALADO EM RESERVAÇÃO DE ÁGUA DE EDIFICAÇÃO QUE POSSUA RESERVATÓRIO DE FIBRA/FIBROCIMENTO - FORNECIMENTO E INSTALAÇÃO. AF_06/2016","UN","ATRIBUÍDO SÃO PAULO",145.35,"CAIXA REFERENCIAL"]
["INSTALACOES HIDRO SANITARIAS","INHI","CONEXOES","0180","","",94616,"COTOVELO EM COBRE, DN 66 MM, 90 GRAUS, SEM ANEL DE SOLDA, INSTALADO EM RESERVAÇÃO DE ÁGUA DE EDIFICAÇÃO QUE POSSUA RESERVATÓRIO DE FIBRA/FIBROCIMENTO - FORNECIMENTO E INSTALAÇÃO. AF_06/2016","UN","ATRIBUÍDO SÃO PAULO",354.23,"CAIXA REFERENCIAL"]
["INSTALACOES HIDRO SANITARIAS","INHI","CONEXOES","0180","","",94617,"CURVA EM COBRE, DN 66 MM, 45 GRAUS, SEM ANEL DE SOLDA, BOLSA X BOLSA, INSTALADO EM RESERVAÇÃO DE ÁGUA DE EDIFICAÇÃO QUE POSSUA RESERVATÓRIO DE FIBRA/FIBROCIMENTO - FORNECIMENTO E INSTALAÇÃO. AF_06/2016","UN","ATRIBUÍDO SÃO PAULO",294.42,"CAIXA REFERENCIAL"]
["INSTALACOES HIDRO SANITARIAS","INHI","CONEXOES","0180","","",94618,"COTOVELO EM COBRE, DN 79 MM, 90 GRAUS, SEM ANEL DE SOLDA, INSTALADO EM RESERVAÇÃO DE ÁGUA DE EDIFICAÇÃO QUE POSSUA RESERVATÓRIO DE FIBRA/FIBROCIMENTO - FORNECIMENTO E INSTALAÇÃO. AF_06/2016","UN","ATRIBUÍDO SÃO PAULO",347.98,"CAIXA REFERENCIAL"]
["INSTALACOES HIDRO SANITARIAS","INHI","CONEXOES","0180","","",94620,"COTOVELO EM COBRE, DN 104 MM, 90 GRAUS, SEM ANEL DE SOLDA, INSTALADO EM RESERVAÇÃO DE ÁGUA DE EDIFICAÇÃO QUE POSSUA RESERVATÓRIO DE FIBRA/FIBROCIMENTO - FORNECIMENTO E INSTALAÇÃO. AF_06/2016","UN","ATRIBUÍDO SÃO PAULO",795.37,"CAIXA REFERENCIAL"]
["INSTALACOES HIDRO SANITARIAS","INHI","CONEXOES","0180","","",94622,"TE EM COBRE, DN 54 MM, SEM ANEL DE SOLDA, INSTALADO EM RESERVAÇÃO DE ÁGUA DE EDIFICAÇÃO QUE POSSUA RESERVATÓRIO DE FIBRA/FIBROCIMENTO - FORNECIMENTO E INSTALAÇÃO. AF_06/2016","UN","ATRIBUÍDO SÃO PAULO",187.36,"CAIXA REFERENCIAL"]
["INSTALACOES HIDRO SANITARIAS","INHI","CONEXOES","0180","","",94623,"TE EM COBRE, DN 66 MM, SEM ANEL DE SOLDA, INSTALADO EM RESERVAÇÃO DE ÁGUA DE EDIFICAÇÃO QUE POSSUA RESERVATÓRIO DE FIBRA/FIBROCIMENTO - FORNECIMENTO E INSTALAÇÃO. AF_06/2016","UN","ATRIBUÍDO SÃO PAULO",438.83,"CAIXA REFERENCIAL"]
["INSTALACOES HIDRO SANITARIAS","INHI","CONEXOES","0180","","",94624,"TE EM COBRE, DN 79 MM, SEM ANEL DE SOLDA, INSTALADO EM RESERVAÇÃO DE ÁGUA DE EDIFICAÇÃO QUE POSSUA RESERVATÓRIO DE FIBRA/FIBROCIMENTO - FORNECIMENTO E INSTALAÇÃO. AF_06/2016","UN","ATRIBUÍDO SÃO PAULO",667.18,"CAIXA REFERENCIAL"]
["INSTALACOES HIDRO SANITARIAS","INHI","CONEXOES","0180","","",94625,"TE EM COBRE, DN 104 MM, SEM ANEL DE SOLDA, INSTALADO EM RESERVAÇÃO DE ÁGUA DE EDIFICAÇÃO QUE POSSUA RESERVATÓRIO DE FIBRA/FIBROCIMENTO - FORNECIMENTO E INSTALAÇÃO. AF_06/2016","UN","ATRIBUÍDO SÃO PAULO",1386.77,"CAIXA REFERENCIAL"]
["INSTALACOES HIDRO SANITARIAS","INHI","CONEXOES","0180","","",94656,"ADAPTADOR CURTO COM BOLSA E ROSCA PARA REGISTRO, PVC, SOLDÁVEL, DN  25 MM X 3/4 , INSTALADO EM RESERVAÇÃO DE ÁGUA DE EDIFICAÇÃO QUE POSSUA RESERVATÓRIO DE FIBRA/FIBROCIMENTO   FORNECIMENTO E INSTALAÇÃO. AF_06/2016","UN","COEFICIENTE DE REPRESENTATIVIDADE",5.9,"CAIXA REFERENCIAL"]
["INSTALACOES HIDRO SANITARIAS","INHI","CONEXOES","0180","","",94657,"LUVA PVC, SOLDÁVEL, DN  25 MM, INSTALADA EM RESERVAÇÃO DE ÁGUA DE EDIFICAÇÃO QUE POSSUA RESERVATÓRIO DE FIBRA/FIBROCIMENTO   FORNECIMENTO E INSTALAÇÃO. AF_06/2016","UN","COEFICIENTE DE REPRESENTATIVIDADE",5.83,"CAIXA REFERENCIAL"]
["INSTALACOES HIDRO SANITARIAS","INHI","CONEXOES","0180","","",94658,"ADAPTADOR CURTO COM BOLSA E ROSCA PARA REGISTRO, PVC, SOLDÁVEL, DN 32 MM X 1 , INSTALADO EM RESERVAÇÃO DE ÁGUA DE EDIFICAÇÃO QUE POSSUA RESERVATÓRIO DE FIBRA/FIBROCIMENTO   FORNECIMENTO E INSTALAÇÃO. AF_06/2016","UN","COEFICIENTE DE REPRESENTATIVIDADE",6.8,"CAIXA REFERENCIAL"]
["INSTALACOES HIDRO SANITARIAS","INHI","CONEXOES","0180","","",94659,"LUVA PVC, SOLDÁVEL, DN 32 MM, INSTALADA EM RESERVAÇÃO DE ÁGUA DE EDIFICAÇÃO QUE POSSUA RESERVATÓRIO DE FIBRA/FIBROCIMENTO   FORNECIMENTO E INSTALAÇÃO. AF_06/2016","UN","COEFICIENTE DE REPRESENTATIVIDADE",7.01,"CAIXA REFERENCIAL"]
["INSTALACOES HIDRO SANITARIAS","INHI","CONEXOES","0180","","",94660,"ADAPTADOR CURTO COM BOLSA E ROSCA PARA REGISTRO, PVC, SOLDÁVEL, DN 40 MM X 1 1/4 , INSTALADO EM RESERVAÇÃO DE ÁGUA DE EDIFICAÇÃO QUE POSSUA RESERVATÓRIO DE FIBRA/FIBROCIMENTO   FORNECIMENTO E INSTALAÇÃO. AF_06/2016","UN","COEFICIENTE DE REPRESENTATIVIDADE",11.35,"CAIXA REFERENCIAL"]
["INSTALACOES HIDRO SANITARIAS","INHI","CONEXOES","0180","","",94661,"LUVA, PVC, SOLDÁVEL, DN 40 MM, INSTALADO EM RESERVAÇÃO DE ÁGUA DE EDIFICAÇÃO QUE POSSUA RESERVATÓRIO DE FIBRA/FIBROCIMENTO   FORNECIMENTO E INSTALAÇÃO. AF_06/2016","UN","COEFICIENTE DE REPRESENTATIVIDADE",11.9,"CAIXA REFERENCIAL"]
["INSTALACOES HIDRO SANITARIAS","INHI","CONEXOES","0180","","",94662,"ADAPTADOR CURTO COM BOLSA E ROSCA PARA REGISTRO, PVC, SOLDÁVEL, DN 50 MM X 1 1/2 , INSTALADO EM RESERVAÇÃO DE ÁGUA DE EDIFICAÇÃO QUE POSSUA RESERVATÓRIO DE FIBRA/FIBROCIMENTO   FORNECIMENTO E INSTALAÇÃO. AF_06/2016","UN","COEFICIENTE DE REPRESENTATIVIDADE",12.11,"CAIXA REFERENCIAL"]
["INSTALACOES HIDRO SANITARIAS","INHI","CONEXOES","0180","","",94663,"LUVA, PVC, SOLDÁVEL, DN 50 MM, INSTALADO EM RESERVAÇÃO DE ÁGUA DE EDIFICAÇÃO QUE POSSUA RESERVATÓRIO DE FIBRA/FIBROCIMENTO   FORNECIMENTO E INSTALAÇÃO. AF_06/2016","UN","COEFICIENTE DE REPRESENTATIVIDADE",12.01,"CAIXA REFERENCIAL"]
["INSTALACOES HIDRO SANITARIAS","INHI","CONEXOES","0180","","",94664,"ADAPTADOR CURTO COM BOLSA E ROSCA PARA REGISTRO, PVC, SOLDÁVEL, DN 60 MM X 2 , INSTALADO EM RESERVAÇÃO DE ÁGUA DE EDIFICAÇÃO QUE POSSUA RESERVATÓRIO DE FIBRA/FIBROCIMENTO   FORNECIMENTO E INSTALAÇÃO. AF_06/2016","UN","COEFICIENTE DE REPRESENTATIVIDADE",25.05,"CAIXA REFERENCIAL"]
["INSTALACOES HIDRO SANITARIAS","INHI","CONEXOES","0180","","",94665,"LUVA, PVC, SOLDÁVEL, DN 60 MM, INSTALADO EM RESERVAÇÃO DE ÁGUA DE EDIFICAÇÃO QUE POSSUA RESERVATÓRIO DE FIBRA/FIBROCIMENTO   FORNECIMENTO E INSTALAÇÃO. AF_06/2016","UN","COEFICIENTE DE REPRESENTATIVIDADE",27.22,"CAIXA REFERENCIAL"]
["INSTALACOES HIDRO SANITARIAS","INHI","CONEXOES","0180","","",94666,"ADAPTADOR CURTO COM BOLSA E ROSCA PARA REGISTRO, PVC, SOLDÁVEL, DN 75 MM X 2 1/2 , INSTALADO EM RESERVAÇÃO DE ÁGUA DE EDIFICAÇÃO QUE POSSUA RESERVATÓRIO DE FIBRA/FIBROCIMENTO   FORNECIMENTO E INSTALAÇÃO. AF_06/2016","UN","COEFICIENTE DE REPRESENTATIVIDADE",33.270000000000003,"CAIXA REFERENCIAL"]
["INSTALACOES HIDRO SANITARIAS","INHI","CONEXOES","0180","","",94667,"LUVA, PVC, SOLDÁVEL, DN 75 MM, INSTALADO EM RESERVAÇÃO DE ÁGUA DE EDIFICAÇÃO QUE POSSUA RESERVATÓRIO DE FIBRA/FIBROCIMENTO   FORNECIMENTO E INSTALAÇÃO. AF_06/2016","UN","COEFICIENTE DE REPRESENTATIVIDADE",33.36,"CAIXA REFERENCIAL"]
["INSTALACOES HIDRO SANITARIAS","INHI","CONEXOES","0180","","",94668,"ADAPTADOR CURTO COM BOLSA E ROSCA PARA REGISTRO, PVC, SOLDÁVEL, DN 85 MM X 3 , INSTALADO EM RESERVAÇÃO DE ÁGUA DE EDIFICAÇÃO QUE POSSUA RESERVATÓRIO DE FIBRA/FIBROCIMENTO   FORNECIMENTO E INSTALAÇÃO. AF_06/2016","UN","COEFICIENTE DE REPRESENTATIVIDADE",51.74,"CAIXA REFERENCIAL"]
["INSTALACOES HIDRO SANITARIAS","INHI","CONEXOES","0180","","",94669,"LUVA, PVC, SOLDÁVEL, DN 85 MM, INSTALADO EM RESERVAÇÃO DE ÁGUA DE EDIFICAÇÃO QUE POSSUA RESERVATÓRIO DE FIBRA/FIBROCIMENTO   FORNECIMENTO E INSTALAÇÃO. AF_06/2016","UN","COEFICIENTE DE REPRESENTATIVIDADE",68.7,"CAIXA REFERENCIAL"]
["INSTALACOES HIDRO SANITARIAS","INHI","CONEXOES","0180","","",94670,"ADAPTADOR CURTO COM BOLSA E ROSCA PARA REGISTRO, PVC, SOLDÁVEL, DN 110 MM X 4 , INSTALADO EM RESERVAÇÃO DE ÁGUA DE EDIFICAÇÃO QUE POSSUA RESERVATÓRIO DE FIBRA/FIBROCIMENTO   FORNECIMENTO E INSTALAÇÃO. AF_06/2016","UN","COEFICIENTE DE REPRESENTATIVIDADE",68.099999999999994,"CAIXA REFERENCIAL"]
["INSTALACOES HIDRO SANITARIAS","INHI","CONEXOES","0180","","",94671,"LUVA, PVC, SOLDÁVEL, DN 110 MM, INSTALADO EM RESERVAÇÃO DE ÁGUA DE EDIFICAÇÃO QUE POSSUA RESERVATÓRIO DE FIBRA/FIBROCIMENTO   FORNECIMENTO E INSTALAÇÃO. AF_06/2016","UN","COEFICIENTE DE REPRESENTATIVIDADE",99.14,"CAIXA REFERENCIAL"]
["INSTALACOES HIDRO SANITARIAS","INHI","CONEXOES","0180","","",94672,"JOELHO 90 GRAUS COM BUCHA DE LATÃO, PVC, SOLDÁVEL, DN  25 MM, X 3/4\" INSTALADO EM RESERVAÇÃO DE ÁGUA DE EDIFICAÇÃO QUE POSSUA RESERVATÓRIO DE FIBRA/FIBROCIMENTO   FORNECIMENTO E INSTALAÇÃO. AF_06/2016","UN","COEFICIENTE DE REPRESENTATIVIDADE",9.26,"CAIXA REFERENCIAL"]
["INSTALACOES HIDRO SANITARIAS","INHI","CONEXOES","0180","","",94673,"CURVA 90 GRAUS, PVC, SOLDÁVEL, DN  25 MM, INSTALADO EM RESERVAÇÃO DE ÁGUA DE EDIFICAÇÃO QUE POSSUA RESERVATÓRIO DE FIBRA/FIBROCIMENTO   FORNECIMENTO E INSTALAÇÃO. AF_06/2016","UN","COEFICIENTE DE REPRESENTATIVIDADE",9.82,"CAIXA REFERENCIAL"]
["INSTALACOES HIDRO SANITARIAS","INHI","CONEXOES","0180","","",94674,"JOELHO 90 GRAUS, PVC, SOLDÁVEL, DN 32 MM INSTALADO EM RESERVAÇÃO DE ÁGUA DE EDIFICAÇÃO QUE POSSUA RESERVATÓRIO DE FIBRA/FIBROCIMENTO   FORNECIMENTO E INSTALAÇÃO. AF_06/2016","UN","COEFICIENTE DE REPRESENTATIVIDADE",9.26,"CAIXA REFERENCIAL"]
["INSTALACOES HIDRO SANITARIAS","INHI","CONEXOES","0180","","",94675,"CURVA 90 GRAUS, PVC, SOLDÁVEL, DN 32 MM, INSTALADO EM RESERVAÇÃO DE ÁGUA DE EDIFICAÇÃO QUE POSSUA RESERVATÓRIO DE FIBRA/FIBROCIMENTO   FORNECIMENTO E INSTALAÇÃO. AF_06/2016","UN","COEFICIENTE DE REPRESENTATIVIDADE",13.27,"CAIXA REFERENCIAL"]
["INSTALACOES HIDRO SANITARIAS","INHI","CONEXOES","0180","","",94676,"JOELHO 90 GRAUS, PVC, SOLDÁVEL, DN 40 MM INSTALADO EM RESERVAÇÃO DE ÁGUA DE EDIFICAÇÃO QUE POSSUA RESERVATÓRIO DE FIBRA/FIBROCIMENTO   FORNECIMENTO E INSTALAÇÃO. AF_06/2016","UN","COEFICIENTE DE REPRESENTATIVIDADE",16.14,"CAIXA REFERENCIAL"]
["INSTALACOES HIDRO SANITARIAS","INHI","CONEXOES","0180","","",94677,"CURVA 90 GRAUS, PVC, SOLDÁVEL, DN 40 MM, INSTALADO EM RESERVAÇÃO DE ÁGUA DE EDIFICAÇÃO QUE POSSUA RESERVATÓRIO DE FIBRA/FIBROCIMENTO   FORNECIMENTO E INSTALAÇÃO. AF_06/2016","UN","COEFICIENTE DE REPRESENTATIVIDADE",22.22,"CAIXA REFERENCIAL"]
["INSTALACOES HIDRO SANITARIAS","INHI","CONEXOES","0180","","",94678,"JOELHO 90 GRAUS, PVC, SOLDÁVEL, DN 50 MM INSTALADO EM RESERVAÇÃO DE ÁGUA DE EDIFICAÇÃO QUE POSSUA RESERVATÓRIO DE FIBRA/FIBROCIMENTO   FORNECIMENTO E INSTALAÇÃO. AF_06/2016","UN","COEFICIENTE DE REPRESENTATIVIDADE",15.24,"CAIXA REFERENCIAL"]
["INSTALACOES HIDRO SANITARIAS","INHI","CONEXOES","0180","","",94679,"CURVA 90 GRAUS, PVC, SOLDÁVEL, DN 50 MM, INSTALADO EM RESERVAÇÃO DE ÁGUA DE EDIFICAÇÃO QUE POSSUA RESERVATÓRIO DE FIBRA/FIBROCIMENTO   FORNECIMENTO E INSTALAÇÃO. AF_06/2016","UN","COEFICIENTE DE REPRESENTATIVIDADE",23.24,"CAIXA REFERENCIAL"]
["INSTALACOES HIDRO SANITARIAS","INHI","CONEXOES","0180","","",94680,"JOELHO 90 GRAUS, PVC, SOLDÁVEL, DN 60 MM INSTALADO EM RESERVAÇÃO DE ÁGUA DE EDIFICAÇÃO QUE POSSUA RESERVATÓRIO DE FIBRA/FIBROCIMENTO   FORNECIMENTO E INSTALAÇÃO. AF_06/2016","UN","COEFICIENTE DE REPRESENTATIVIDADE",46.9,"CAIXA REFERENCIAL"]
["INSTALACOES HIDRO SANITARIAS","INHI","CONEXOES","0180","","",94681,"CURVA 90 GRAUS, PVC, SOLDÁVEL, DN 60 MM, INSTALADO EM RESERVAÇÃO DE ÁGUA DE EDIFICAÇÃO QUE POSSUA RESERVATÓRIO DE FIBRA/FIBROCIMENTO   FORNECIMENTO E INSTALAÇÃO. AF_06/2016","UN","COEFICIENTE DE REPRESENTATIVIDADE",52.02,"CAIXA REFERENCIAL"]
["INSTALACOES HIDRO SANITARIAS","INHI","CONEXOES","0180","","",94682,"JOELHO 90 GRAUS, PVC, SOLDÁVEL, DN 75 MM INSTALADO EM RESERVAÇÃO DE ÁGUA DE EDIFICAÇÃO QUE POSSUA RESERVATÓRIO DE FIBRA/FIBROCIMENTO   FORNECIMENTO E INSTALAÇÃO. AF_06/2016","UN","COEFICIENTE DE REPRESENTATIVIDADE",103.02,"CAIXA REFERENCIAL"]
["INSTALACOES HIDRO SANITARIAS","INHI","CONEXOES","0180","","",94683,"CURVA 90 GRAUS, PVC, SOLDÁVEL, DN 75 MM, INSTALADO EM RESERVAÇÃO DE ÁGUA DE EDIFICAÇÃO QUE POSSUA RESERVATÓRIO DE FIBRA/FIBROCIMENTO   FORNECIMENTO E INSTALAÇÃO. AF_06/2016","UN","COEFICIENTE DE REPRESENTATIVIDADE",70.180000000000007,"CAIXA REFERENCIAL"]
["INSTALACOES HIDRO SANITARIAS","INHI","CONEXOES","0180","","",94684,"JOELHO 90 GRAUS, PVC, SOLDÁVEL, DN 85 MM INSTALADO EM RESERVAÇÃO DE ÁGUA DE EDIFICAÇÃO QUE POSSUA RESERVATÓRIO DE FIBRA/FIBROCIMENTO   FORNECIMENTO E INSTALAÇÃO. AF_06/2016","UN","COEFICIENTE DE REPRESENTATIVIDADE",133.97,"CAIXA REFERENCIAL"]
["INSTALACOES HIDRO SANITARIAS","INHI","CONEXOES","0180","","",94685,"CURVA 90 GRAUS, PVC, SOLDÁVEL, DN 85 MM, INSTALADO EM RESERVAÇÃO DE ÁGUA DE EDIFICAÇÃO QUE POSSUA RESERVATÓRIO DE FIBRA/FIBROCIMENTO   FORNECIMENTO E INSTALAÇÃO. AF_06/2016","UN","COEFICIENTE DE REPRESENTATIVIDADE",99.17,"CAIXA REFERENCIAL"]
["INSTALACOES HIDRO SANITARIAS","INHI","CONEXOES","0180","","",94686,"JOELHO 90 GRAUS, PVC, SOLDÁVEL, DN 110 MM INSTALADO EM RESERVAÇÃO DE ÁGUA DE EDIFICAÇÃO QUE POSSUA RESERVATÓRIO DE FIBRA/FIBROCIMENTO   FORNECIMENTO E INSTALAÇÃO. AF_06/2016","UN","COEFICIENTE DE REPRESENTATIVIDADE",238.14,"CAIXA REFERENCIAL"]
["INSTALACOES HIDRO SANITARIAS","INHI","CONEXOES","0180","","",94687,"CURVA 90 GRAUS, PVC, SOLDÁVEL, DN 110 MM, INSTALADO EM RESERVAÇÃO DE ÁGUA DE EDIFICAÇÃO QUE POSSUA RESERVATÓRIO DE FIBRA/FIBROCIMENTO   FORNECIMENTO E INSTALAÇÃO. AF_06/2016","UN","COEFICIENTE DE REPRESENTATIVIDADE",215.04,"CAIXA REFERENCIAL"]
["INSTALACOES HIDRO SANITARIAS","INHI","CONEXOES","0180","","",94688,"TÊ, PVC, SOLDÁVEL, DN  25 MM INSTALADO EM RESERVAÇÃO DE ÁGUA DE EDIFICAÇÃO QUE POSSUA RESERVATÓRIO DE FIBRA/FIBROCIMENTO   FORNECIMENTO E INSTALAÇÃO. AF_06/2016","UN","COEFICIENTE DE REPRESENTATIVIDADE",10.47,"CAIXA REFERENCIAL"]
["INSTALACOES HIDRO SANITARIAS","INHI","CONEXOES","0180","","",94689,"TÊ COM BUCHA DE LATÃO NA BOLSA CENTRAL, PVC, SOLDÁVEL, DN  25 MM X 3/4 , INSTALADO EM RESERVAÇÃO DE ÁGUA DE EDIFICAÇÃO QUE POSSUA RESERVATÓRIO DE FIBRA/FIBROCIMENTO   FORNECIMENTO E INSTALAÇÃO. AF_06/2016","UN","COEFICIENTE DE REPRESENTATIVIDADE",13.47,"CAIXA REFERENCIAL"]
["INSTALACOES HIDRO SANITARIAS","INHI","CONEXOES","0180","","",94690,"TÊ, PVC, SOLDÁVEL, DN 32 MM INSTALADO EM RESERVAÇÃO DE ÁGUA DE EDIFICAÇÃO QUE POSSUA RESERVATÓRIO DE FIBRA/FIBROCIMENTO   FORNECIMENTO E INSTALAÇÃO. AF_06/2016","UN","COEFICIENTE DE REPRESENTATIVIDADE",13.02,"CAIXA REFERENCIAL"]
["INSTALACOES HIDRO SANITARIAS","INHI","CONEXOES","0180","","",94691,"TÊ DE REDUÇÃO, PVC, SOLDÁVEL, DN 32 MM X  25 MM, INSTALADO EM RESERVAÇÃO DE ÁGUA DE EDIFICAÇÃO QUE POSSUA RESERVATÓRIO DE FIBRA/FIBROCIMENTO   FORNECIMENTO E INSTALAÇÃO. AF_06/2016","UN","COEFICIENTE DE REPRESENTATIVIDADE",15.92,"CAIXA REFERENCIAL"]
["INSTALACOES HIDRO SANITARIAS","INHI","CONEXOES","0180","","",94692,"TÊ, PVC, SOLDÁVEL, DN 40 MM INSTALADO EM RESERVAÇÃO DE ÁGUA DE EDIFICAÇÃO QUE POSSUA RESERVATÓRIO DE FIBRA/FIBROCIMENTO   FORNECIMENTO E INSTALAÇÃO. AF_06/2016","UN","COEFICIENTE DE REPRESENTATIVIDADE",23.28,"CAIXA REFERENCIAL"]
["INSTALACOES HIDRO SANITARIAS","INHI","CONEXOES","0180","","",94693,"TÊ DE REDUÇÃO, PVC, SOLDÁVEL, DN 40 MM X 32 MM, INSTALADO EM RESERVAÇÃO DE ÁGUA DE EDIFICAÇÃO QUE POSSUA RESERVATÓRIO DE FIBRA/FIBROCIMENTO   FORNECIMENTO E INSTALAÇÃO. AF_06/2016","UN","COEFICIENTE DE REPRESENTATIVIDADE",22.73,"CAIXA REFERENCIAL"]
["INSTALACOES HIDRO SANITARIAS","INHI","CONEXOES","0180","","",94694,"TÊ, PVC, SOLDÁVEL, DN 50 MM INSTALADO EM RESERVAÇÃO DE ÁGUA DE EDIFICAÇÃO QUE POSSUA RESERVATÓRIO DE FIBRA/FIBROCIMENTO   FORNECIMENTO E INSTALAÇÃO. AF_06/2016","UN","COEFICIENTE DE REPRESENTATIVIDADE",23.7,"CAIXA REFERENCIAL"]
["INSTALACOES HIDRO SANITARIAS","INHI","CONEXOES","0180","","",94695,"TÊ DE REDUÇÃO, PVC, SOLDÁVEL, DN 50 MM X 40 MM, INSTALADO EM RESERVAÇÃO DE ÁGUA DE EDIFICAÇÃO QUE POSSUA RESERVATÓRIO DE FIBRA/FIBROCIMENTO   FORNECIMENTO E INSTALAÇÃO. AF_06/2016","UN","COEFICIENTE DE REPRESENTATIVIDADE",32.1,"CAIXA REFERENCIAL"]
["INSTALACOES HIDRO SANITARIAS","INHI","CONEXOES","0180","","",94696,"TÊ, PVC, SOLDÁVEL, DN 60 MM INSTALADO EM RESERVAÇÃO DE ÁGUA DE EDIFICAÇÃO QUE POSSUA RESERVATÓRIO DE FIBRA/FIBROCIMENTO   FORNECIMENTO E INSTALAÇÃO. AF_06/2016","UN","COEFICIENTE DE REPRESENTATIVIDADE",55.95,"CAIXA REFERENCIAL"]
["INSTALACOES HIDRO SANITARIAS","INHI","CONEXOES","0180","","",94697,"TÊ, PVC, SOLDÁVEL, DN 75 MM INSTALADO EM RESERVAÇÃO DE ÁGUA DE EDIFICAÇÃO QUE POSSUA RESERVATÓRIO DE FIBRA/FIBROCIMENTO   FORNECIMENTO E INSTALAÇÃO. AF_06/2016","UN","COEFICIENTE DE REPRESENTATIVIDADE",82.28,"CAIXA REFERENCIAL"]
["INSTALACOES HIDRO SANITARIAS","INHI","CONEXOES","0180","","",94698,"TÊ DE REDUÇÃO, PVC, SOLDÁVEL, DN 75 MM X 50 MM, INSTALADO EM RESERVAÇÃO DE ÁGUA DE EDIFICAÇÃO QUE POSSUA RESERVATÓRIO DE FIBRA/FIBROCIMENTO   FORNECIMENTO E INSTALAÇÃO. AF_06/2016","UN","COEFICIENTE DE REPRESENTATIVIDADE",67.52,"CAIXA REFERENCIAL"]
["INSTALACOES HIDRO SANITARIAS","INHI","CONEXOES","0180","","",94699,"TÊ, PVC, SOLDÁVEL, DN 85 MM INSTALADO EM RESERVAÇÃO DE ÁGUA DE EDIFICAÇÃO QUE POSSUA RESERVATÓRIO DE FIBRA/FIBROCIMENTO   FORNECIMENTO E INSTALAÇÃO. AF_06/2016","UN","COEFICIENTE DE REPRESENTATIVIDADE",122.72,"CAIXA REFERENCIAL"]
["INSTALACOES HIDRO SANITARIAS","INHI","CONEXOES","0180","","",94700,"TÊ DE REDUÇÃO, PVC, SOLDÁVEL, DN 85 MM X 60 MM, INSTALADO EM RESERVAÇÃO DE ÁGUA DE EDIFICAÇÃO QUE POSSUA RESERVATÓRIO DE FIBRA/FIBROCIMENTO   FORNECIMENTO E INSTALAÇÃO. AF_06/2016","UN","COEFICIENTE DE REPRESENTATIVIDADE",142.94,"CAIXA REFERENCIAL"]
["INSTALACOES HIDRO SANITARIAS","INHI","CONEXOES","0180","","",94701,"TÊ, PVC, SOLDÁVEL, DN 110 MM INSTALADO EM RESERVAÇÃO DE ÁGUA DE EDIFICAÇÃO QUE POSSUA RESERVATÓRIO DE FIBRA/FIBROCIMENTO   FORNECIMENTO E INSTALAÇÃO. AF_06/2016","UN","COEFICIENTE DE REPRESENTATIVIDADE",211.81,"CAIXA REFERENCIAL"]
["INSTALACOES HIDRO SANITARIAS","INHI","CONEXOES","0180","","",94702,"TÊ DE REDUÇÃO, PVC, SOLDÁVEL, DN 110 MM X 60 MM, INSTALADO EM RESERVAÇÃO DE ÁGUA DE EDIFICAÇÃO QUE POSSUA RESERVATÓRIO DE FIBRA/FIBROCIMENTO   FORNECIMENTO E INSTALAÇÃO. AF_06/2016","UN","COEFICIENTE DE REPRESENTATIVIDADE",186.67,"CAIXA REFERENCIAL"]
["INSTALACOES HIDRO SANITARIAS","INHI","CONEXOES","0180","","",94703,"ADAPTADOR COM FLANGE E ANEL DE VEDAÇÃO, PVC, SOLDÁVEL, DN  25 MM X 3/4 , INSTALADO EM RESERVAÇÃO DE ÁGUA DE EDIFICAÇÃO QUE POSSUA RESERVATÓRIO DE FIBRA/FIBROCIMENTO   FORNECIMENTO E INSTALAÇÃO. AF_06/2016","UN","COEFICIENTE DE REPRESENTATIVIDADE",20,"CAIXA REFERENCIAL"]
["INSTALACOES HIDRO SANITARIAS","INHI","CONEXOES","0180","","",94704,"ADAPTADOR COM FLANGE E ANEL DE VEDAÇÃO, PVC, SOLDÁVEL, DN 32 MM X 1 , INSTALADO EM RESERVAÇÃO DE ÁGUA DE EDIFICAÇÃO QUE POSSUA RESERVATÓRIO DE FIBRA/FIBROCIMENTO   FORNECIMENTO E INSTALAÇÃO. AF_06/2016","UN","COEFICIENTE DE REPRESENTATIVIDADE",26.18,"CAIXA REFERENCIAL"]
["INSTALACOES HIDRO SANITARIAS","INHI","CONEXOES","0180","","",94705,"ADAPTADOR COM FLANGE E ANEL DE VEDAÇÃO, PVC, SOLDÁVEL, DN 40 MM X 1 1/4 , INSTALADO EM RESERVAÇÃO DE ÁGUA DE EDIFICAÇÃO QUE POSSUA RESERVATÓRIO DE FIBRA/FIBROCIMENTO   FORNECIMENTO E INSTALAÇÃO. AF_06/2016","UN","COEFICIENTE DE REPRESENTATIVIDADE",35.340000000000003,"CAIXA REFERENCIAL"]
["INSTALACOES HIDRO SANITARIAS","INHI","CONEXOES","0180","","",94706,"ADAPTADOR COM FLANGE E ANEL DE VEDAÇÃO, PVC, SOLDÁVEL, DN 50 MM X 1 1/2 , INSTALADO EM RESERVAÇÃO DE ÁGUA DE EDIFICAÇÃO QUE POSSUA RESERVATÓRIO DE FIBRA/FIBROCIMENTO   FORNECIMENTO E INSTALAÇÃO. AF_06/2016","UN","COEFICIENTE DE REPRESENTATIVIDADE",41.35,"CAIXA REFERENCIAL"]
["INSTALACOES HIDRO SANITARIAS","INHI","CONEXOES","0180","","",94707,"ADAPTADOR COM FLANGE E ANEL DE VEDAÇÃO, PVC, SOLDÁVEL, DN 60 MM X 2 , INSTALADO EM RESERVAÇÃO DE ÁGUA DE EDIFICAÇÃO QUE POSSUA RESERVATÓRIO DE FIBRA/FIBROCIMENTO   FORNECIMENTO E INSTALAÇÃO. AF_06/2016","UN","COEFICIENTE DE REPRESENTATIVIDADE",60.83,"CAIXA REFERENCIAL"]
["INSTALACOES HIDRO SANITARIAS","INHI","CONEXOES","0180","","",94713,"ADAPTADOR COM FLANGES LIVRES, PVC, SOLDÁVEL, DN 75 MM X 2 1/2 , INSTALADO EM RESERVAÇÃO DE ÁGUA DE EDIFICAÇÃO QUE POSSUA RESERVATÓRIO DE FIBRA/FIBROCIMENTO   FORNECIMENTO E INSTALAÇÃO. AF_06/2016","UN","COEFICIENTE DE REPRESENTATIVIDADE",233.42,"CAIXA REFERENCIAL"]
["INSTALACOES HIDRO SANITARIAS","INHI","CONEXOES","0180","","",94714,"ADAPTADOR COM FLANGES LIVRES, PVC, SOLDÁVEL, DN 85 MM X 3 , INSTALADO EM RESERVAÇÃO DE ÁGUA DE EDIFICAÇÃO QUE POSSUA RESERVATÓRIO DE FIBRA/FIBROCIMENTO   FORNECIMENTO E INSTALAÇÃO. AF_06/2016","UN","COEFICIENTE DE REPRESENTATIVIDADE",324.68,"CAIXA REFERENCIAL"]
["INSTALACOES HIDRO SANITARIAS","INHI","CONEXOES","0180","","",94715,"ADAPTADOR COM FLANGES LIVRES, PVC, SOLDÁVEL, DN 110 MM X 4 , INSTALADO EM RESERVAÇÃO DE ÁGUA DE EDIFICAÇÃO QUE POSSUA RESERVATÓRIO DE FIBRA/FIBROCIMENTO   FORNECIMENTO E INSTALAÇÃO. AF_06/2016","UN","COEFICIENTE DE REPRESENTATIVIDADE",286.69,"CAIXA REFERENCIAL"]
["INSTALACOES HIDRO SANITARIAS","INHI","CONEXOES","0180","","",94724,"CONECTOR, CPVC, SOLDÁVEL, DN 22 MM X 3/4\", INSTALADO EM RESERVAÇÃO DE ÁGUA DE EDIFICAÇÃO QUE POSSUA RESERVATÓRIO DE FIBRA/FIBROCIMENTO - FORNECIMENTO E INSTALAÇÃO. AF_06/2016","UN","COEFICIENTE DE REPRESENTATIVIDADE",20.69,"CAIXA REFERENCIAL"]
["INSTALACOES HIDRO SANITARIAS","INHI","CONEXOES","0180","","",94725,"LUVA, CPVC, SOLDÁVEL, DN 22 MM, INSTALADO EM RESERVAÇÃO DE ÁGUA DE EDIFICAÇÃO QUE POSSUA RESERVATÓRIO DE FIBRA/FIBROCIMENTO - FORNECIMENTO E INSTALAÇÃO. AF_06/2016","UN","COEFICIENTE DE REPRESENTATIVIDADE",5.67,"CAIXA REFERENCIAL"]
["INSTALACOES HIDRO SANITARIAS","INHI","CONEXOES","0180","","",94726,"CONECTOR, CPVC, SOLDÁVEL, DN 28 MM X 1\", INSTALADO EM RESERVAÇÃO DE ÁGUA DE EDIFICAÇÃO QUE POSSUA RESERVATÓRIO DE FIBRA/FIBROCIMENTO - FORNECIMENTO E INSTALAÇÃO. AF_06/2016","UN","COEFICIENTE DE REPRESENTATIVIDADE",25.55,"CAIXA REFERENCIAL"]
["INSTALACOES HIDRO SANITARIAS","INHI","CONEXOES","0180","","",94727,"LUVA, CPVC, SOLDÁVEL, DN 28 MM, INSTALADO EM RESERVAÇÃO DE ÁGUA DE EDIFICAÇÃO QUE POSSUA RESERVATÓRIO DE FIBRA/FIBROCIMENTO - FORNECIMENTO E INSTALAÇÃO. AF_06/2016","UN","COEFICIENTE DE REPRESENTATIVIDADE",7.9,"CAIXA REFERENCIAL"]
["INSTALACOES HIDRO SANITARIAS","INHI","CONEXOES","0180","","",94728,"CONECTOR, CPVC, SOLDÁVEL, DN 35 MM X 1 1/4\", INSTALADO EM RESERVAÇÃO DE ÁGUA DE EDIFICAÇÃO QUE POSSUA RESERVATÓRIO DE FIBRA/FIBROCIMENTO - FORNECIMENTO E INSTALAÇÃO. AF_06/2016","UN","COEFICIENTE DE REPRESENTATIVIDADE",39.950000000000003,"CAIXA REFERENCIAL"]
["INSTALACOES HIDRO SANITARIAS","INHI","CONEXOES","0180","","",94729,"LUVA, CPVC, SOLDÁVEL, DN 35 MM, INSTALADO EM RESERVAÇÃO DE ÁGUA DE EDIFICAÇÃO QUE POSSUA RESERVATÓRIO DE FIBRA/FIBROCIMENTO - FORNECIMENTO E INSTALAÇÃO. AF_06/2016","UN","COEFICIENTE DE REPRESENTATIVIDADE",14.24,"CAIXA REFERENCIAL"]
["INSTALACOES HIDRO SANITARIAS","INHI","CONEXOES","0180","","",94730,"CONECTOR, CPVC, SOLDÁVEL, DN 42 MM X 1 1/2\", INSTALADO EM RESERVAÇÃO DE ÁGUA DE EDIFICAÇÃO QUE POSSUA RESERVATÓRIO DE FIBRA/FIBROCIMENTO - FORNECIMENTO E INSTALAÇÃO. AF_06/2016","UN","COEFICIENTE DE REPRESENTATIVIDADE",47.74,"CAIXA REFERENCIAL"]
["INSTALACOES HIDRO SANITARIAS","INHI","CONEXOES","0180","","",94731,"LUVA, CPVC, SOLDÁVEL, DN 42 MM, INSTALADO EM RESERVAÇÃO DE ÁGUA DE EDIFICAÇÃO QUE POSSUA RESERVATÓRIO DE FIBRA/FIBROCIMENTO - FORNECIMENTO E INSTALAÇÃO. AF_06/2016","UN","COEFICIENTE DE REPRESENTATIVIDADE",17.7,"CAIXA REFERENCIAL"]
["INSTALACOES HIDRO SANITARIAS","INHI","CONEXOES","0180","","",94732,"CONECTOR, CPVC, SOLDÁVEL, DN 54 MM X 2\", INSTALADO EM RESERVAÇÃO DE ÁGUA DE EDIFICAÇÃO QUE POSSUA RESERVATÓRIO DE FIBRA/FIBROCIMENTO - FORNECIMENTO E INSTALAÇÃO. AF_06/2016","UN","COEFICIENTE DE REPRESENTATIVIDADE",78.13,"CAIXA REFERENCIAL"]
["INSTALACOES HIDRO SANITARIAS","INHI","CONEXOES","0180","","",94733,"LUVA, CPVC, SOLDÁVEL, DN 54 MM, INSTALADO EM RESERVAÇÃO DE ÁGUA DE EDIFICAÇÃO QUE POSSUA RESERVATÓRIO DE FIBRA/FIBROCIMENTO - FORNECIMENTO E INSTALAÇÃO. AF_06/2016","UN","COEFICIENTE DE REPRESENTATIVIDADE",33.57,"CAIXA REFERENCIAL"]
["INSTALACOES HIDRO SANITARIAS","INHI","CONEXOES","0180","","",94734,"CONECTOR, CPVC, SOLDÁVEL, DN 73 MM X 2 1/2\", INSTALADO EM RESERVAÇÃO DE ÁGUA DE EDIFICAÇÃO QUE POSSUA RESERVATÓRIO DE FIBRA/FIBROCIMENTO - FORNECIMENTO E INSTALAÇÃO. AF_06/2016","UN","COEFICIENTE DE REPRESENTATIVIDADE",276.20999999999998,"CAIXA REFERENCIAL"]
["INSTALACOES HIDRO SANITARIAS","INHI","CONEXOES","0180","","",94736,"CONECTOR, CPVC, SOLDÁVEL, DN 89 MM X 3\", INSTALADO EM RESERVAÇÃO DE ÁGUA DE EDIFICAÇÃO QUE POSSUA RESERVATÓRIO DE FIBRA/FIBROCIMENTO - FORNECIMENTO E INSTALAÇÃO. AF_06/2016","UN","COEFICIENTE DE REPRESENTATIVIDADE",405.42,"CAIXA REFERENCIAL"]
["INSTALACOES HIDRO SANITARIAS","INHI","CONEXOES","0180","","",94737,"LUVA, CPVC, SOLDÁVEL, DN 89 MM, INSTALADO EM RESERVAÇÃO DE ÁGUA DE EDIFICAÇÃO QUE POSSUA RESERVATÓRIO DE FIBRA/FIBROCIMENTO - FORNECIMENTO E INSTALAÇÃO. AF_06/2016","UN","COEFICIENTE DE REPRESENTATIVIDADE",137.74,"CAIXA REFERENCIAL"]
["INSTALACOES HIDRO SANITARIAS","INHI","CONEXOES","0180","","",94738,"CONECTOR, CPVC, SOLDÁVEL, DN 114 MM X 4\", INSTALADO EM RESERVAÇÃO DE ÁGUA DE EDIFICAÇÃO QUE POSSUA RESERVATÓRIO DE FIBRA/FIBROCIMENTO - FORNECIMENTO E INSTALAÇÃO. AF_06/2016","UN","COEFICIENTE DE REPRESENTATIVIDADE",1207.67,"CAIXA REFERENCIAL"]
["INSTALACOES HIDRO SANITARIAS","INHI","CONEXOES","0180","","",94739,"LUVA, CPVC, SOLDÁVEL, DN 114 MM, INSTALADO EM RESERVAÇÃO DE ÁGUA DE EDIFICAÇÃO QUE POSSUA RESERVATÓRIO DE FIBRA/FIBROCIMENTO - FORNECIMENTO E INSTALAÇÃO. AF_06/2016","UN","COEFICIENTE DE REPRESENTATIVIDADE",157.38,"CAIXA REFERENCIAL"]
["INSTALACOES HIDRO SANITARIAS","INHI","CONEXOES","0180","","",94740,"JOELHO 90 GRAUS, CPVC, SOLDÁVEL, DN 22 MM, INSTALADO EM RESERVAÇÃO DE ÁGUA DE EDIFICAÇÃO QUE POSSUA RESERVATÓRIO DE FIBRA/FIBROCIMENTO - FORNECIMENTO E INSTALAÇÃO. AF_06/2016","UN","COEFICIENTE DE REPRESENTATIVIDADE",8.8000000000000007,"CAIXA REFERENCIAL"]
["INSTALACOES HIDRO SANITARIAS","INHI","CONEXOES","0180","","",94741,"CURVA 90 GRAUS, CPVC, SOLDÁVEL, DN 22 MM, INSTALADO EM RESERVAÇÃO DE ÁGUA DE EDIFICAÇÃO QUE POSSUA RESERVATÓRIO DE FIBRA/FIBROCIMENTO - FORNECIMENTO E INSTALAÇÃO. AF_06/2016","UN","COEFICIENTE DE REPRESENTATIVIDADE",10.97,"CAIXA REFERENCIAL"]
["INSTALACOES HIDRO SANITARIAS","INHI","CONEXOES","0180","","",94742,"JOELHO 90 GRAUS, CPVC, SOLDÁVEL, DN 28 MM, INSTALADO EM RESERVAÇÃO DE ÁGUA DE EDIFICAÇÃO QUE POSSUA RESERVATÓRIO DE FIBRA/FIBROCIMENTO - FORNECIMENTO E INSTALAÇÃO. AF_06/2016","UN","COEFICIENTE DE REPRESENTATIVIDADE",12.5,"CAIXA REFERENCIAL"]
["INSTALACOES HIDRO SANITARIAS","INHI","CONEXOES","0180","","",94743,"CURVA 90 GRAUS, CPVC, SOLDÁVEL, DN 28 MM, INSTALADO EM RESERVAÇÃO DE ÁGUA DE EDIFICAÇÃO QUE POSSUA RESERVATÓRIO DE FIBRA/FIBROCIMENTO - FORNECIMENTO E INSTALAÇÃO. AF_06/2016","UN","COEFICIENTE DE REPRESENTATIVIDADE",15.77,"CAIXA REFERENCIAL"]
["INSTALACOES HIDRO SANITARIAS","INHI","CONEXOES","0180","","",94744,"JOELHO 90 GRAUS, CPVC, SOLDÁVEL, DN 35 MM, INSTALADO EM RESERVAÇÃO DE ÁGUA DE EDIFICAÇÃO QUE POSSUA RESERVATÓRIO DE FIBRA/FIBROCIMENTO - FORNECIMENTO E INSTALAÇÃO. AF_06/2016","UN","COEFICIENTE DE REPRESENTATIVIDADE",20.010000000000002,"CAIXA REFERENCIAL"]
["INSTALACOES HIDRO SANITARIAS","INHI","CONEXOES","0180","","",94746,"JOELHO 90 GRAUS, CPVC, SOLDÁVEL, DN 42 MM, INSTALADO EM RESERVAÇÃO DE ÁGUA DE EDIFICAÇÃO QUE POSSUA RESERVATÓRIO DE FIBRA/FIBROCIMENTO - FORNECIMENTO E INSTALAÇÃO. AF_06/2016","UN","COEFICIENTE DE REPRESENTATIVIDADE",26.82,"CAIXA REFERENCIAL"]
["INSTALACOES HIDRO SANITARIAS","INHI","CONEXOES","0180","","",94748,"JOELHO 90 GRAUS, CPVC, SOLDÁVEL, DN 54 MM, INSTALADO EM RESERVAÇÃO DE ÁGUA DE EDIFICAÇÃO QUE POSSUA RESERVATÓRIO DE FIBRA/FIBROCIMENTO - FORNECIMENTO E INSTALAÇÃO. AF_06/2016","UN","COEFICIENTE DE REPRESENTATIVIDADE",62.3,"CAIXA REFERENCIAL"]
["INSTALACOES HIDRO SANITARIAS","INHI","CONEXOES","0180","","",94750,"JOELHO 90 GRAUS, CPVC, SOLDÁVEL, DN 73 MM, INSTALADO EM RESERVAÇÃO DE ÁGUA DE EDIFICAÇÃO QUE POSSUA RESERVATÓRIO DE FIBRA/FIBROCIMENTO - FORNECIMENTO E INSTALAÇÃO. AF_06/2016","UN","COEFICIENTE DE REPRESENTATIVIDADE",119.32,"CAIXA REFERENCIAL"]
["INSTALACOES HIDRO SANITARIAS","INHI","CONEXOES","0180","","",94752,"JOELHO 90 GRAUS, CPVC, SOLDÁVEL, DN 89 MM, INSTALADO EM RESERVAÇÃO DE ÁGUA DE EDIFICAÇÃO QUE POSSUA RESERVATÓRIO DE FIBRA/FIBROCIMENTO - FORNECIMENTO E INSTALAÇÃO. AF_06/2016","UN","COEFICIENTE DE REPRESENTATIVIDADE",147.91,"CAIXA REFERENCIAL"]
["INSTALACOES HIDRO SANITARIAS","INHI","CONEXOES","0180","","",94754,"JOELHO 90 GRAUS, CPVC, SOLDÁVEL, DN 114 MM, INSTALADO EM RESERVAÇÃO DE ÁGUA DE EDIFICAÇÃO QUE POSSUA RESERVATÓRIO DE FIBRA/FIBROCIMENTO - FORNECIMENTO E INSTALAÇÃO. AF_06/2016","UN","COEFICIENTE DE REPRESENTATIVIDADE",196.35,"CAIXA REFERENCIAL"]
["INSTALACOES HIDRO SANITARIAS","INHI","CONEXOES","0180","","",94756,"TE, CPVC, SOLDÁVEL, DN 22 MM, INSTALADO EM RESERVAÇÃO DE ÁGUA DE EDIFICAÇÃO QUE POSSUA RESERVATÓRIO DE FIBRA/FIBROCIMENTO - FORNECIMENTO E INSTALAÇÃO. AF_06/2016","UN","COEFICIENTE DE REPRESENTATIVIDADE",11.13,"CAIXA REFERENCIAL"]
["INSTALACOES HIDRO SANITARIAS","INHI","CONEXOES","0180","","",94757,"TE, CPVC, SOLDÁVEL, DN 28 MM, INSTALADO EM RESERVAÇÃO DE ÁGUA DE EDIFICAÇÃO QUE POSSUA RESERVATÓRIO DE FIBRA/FIBROCIMENTO - FORNECIMENTO E INSTALAÇÃO. AF_06/2016","UN","COEFICIENTE DE REPRESENTATIVIDADE",14.85,"CAIXA REFERENCIAL"]
["INSTALACOES HIDRO SANITARIAS","INHI","CONEXOES","0180","","",94758,"TE, CPVC, SOLDÁVEL, DN 35 MM, INSTALADO EM RESERVAÇÃO DE ÁGUA DE EDIFICAÇÃO QUE POSSUA RESERVATÓRIO DE FIBRA/FIBROCIMENTO - FORNECIMENTO E INSTALAÇÃO. AF_06/2016","UN","COEFICIENTE DE REPRESENTATIVIDADE",38.24,"CAIXA REFERENCIAL"]
["INSTALACOES HIDRO SANITARIAS","INHI","CONEXOES","0180","","",94759,"TE, CPVC, SOLDÁVEL, DN 42 MM, INSTALADO EM RESERVAÇÃO DE ÁGUA DE EDIFICAÇÃO QUE POSSUA RESERVATÓRIO DE FIBRA/FIBROCIMENTO - FORNECIMENTO E INSTALAÇÃO. AF_06/2016","UN","COEFICIENTE DE REPRESENTATIVIDADE",46.29,"CAIXA REFERENCIAL"]
["INSTALACOES HIDRO SANITARIAS","INHI","CONEXOES","0180","","",94760,"TE, CPVC, SOLDÁVEL, DN 54 MM, INSTALADO EM RESERVAÇÃO DE ÁGUA DE EDIFICAÇÃO QUE POSSUA RESERVATÓRIO DE FIBRA/FIBROCIMENTO - FORNECIMENTO E INSTALAÇÃO. AF_06/2016","UN","COEFICIENTE DE REPRESENTATIVIDADE",77.790000000000006,"CAIXA REFERENCIAL"]
["INSTALACOES HIDRO SANITARIAS","INHI","CONEXOES","0180","","",94761,"TE, CPVC, SOLDÁVEL, DN 73 MM, INSTALADO EM RESERVAÇÃO DE ÁGUA DE EDIFICAÇÃO QUE POSSUA RESERVATÓRIO DE FIBRA/FIBROCIMENTO - FORNECIMENTO E INSTALAÇÃO. AF_06/2016","UN","COEFICIENTE DE REPRESENTATIVIDADE",159.76,"CAIXA REFERENCIAL"]
["INSTALACOES HIDRO SANITARIAS","INHI","CONEXOES","0180","","",94762,"TE, CPVC, SOLDÁVEL, DN 89 MM, INSTALADO EM RESERVAÇÃO DE ÁGUA DE EDIFICAÇÃO QUE POSSUA RESERVATÓRIO DE FIBRA/FIBROCIMENTO - FORNECIMENTO E INSTALAÇÃO. AF_06/2016","UN","COEFICIENTE DE REPRESENTATIVIDADE",199.44,"CAIXA REFERENCIAL"]
["INSTALACOES HIDRO SANITARIAS","INHI","CONEXOES","0180","","",94763,"TE, CPVC, SOLDÁVEL, DN 114 MM, INSTALADO EM RESERVAÇÃO DE ÁGUA DE EDIFICAÇÃO QUE POSSUA RESERVATÓRIO DE FIBRA/FIBROCIMENTO - FORNECIMENTO E INSTALAÇÃO. AF_06/2016","UN","COEFICIENTE DE REPRESENTATIVIDADE",240.75,"CAIXA REFERENCIAL"]
["INSTALACOES HIDRO SANITARIAS","INHI","CONEXOES","0180","","",94764,"ADAPTADOR COM FLANGE E ANEL DE VEDAÇÃO, CPVC, ROSCÁVEL, DN 15 MM, INSTALADO EM RESERVAÇÃO DE ÁGUA DE EDIFICAÇÃO QUE POSSUA RESERVATÓRIO DE FIBRA/FIBROCIMENTO - FORNECIMENTO E INSTALAÇÃO. AF_06/2016","UN","COEFICIENTE DE REPRESENTATIVIDADE",28.86,"CAIXA REFERENCIAL"]
["INSTALACOES HIDRO SANITARIAS","INHI","CONEXOES","0180","","",94765,"ADAPTADOR COM FLANGE E ANEL DE VEDAÇÃO, CPVC, ROSCÁVEL, DN 22 MM, INSTALADO EM RESERVAÇÃO DE ÁGUA DE EDIFICAÇÃO QUE POSSUA RESERVATÓRIO DE FIBRA/FIBROCIMENTO - FORNECIMENTO E INSTALAÇÃO. AF_06/2016","UN","COEFICIENTE DE REPRESENTATIVIDADE",31.2,"CAIXA REFERENCIAL"]
["INSTALACOES HIDRO SANITARIAS","INHI","CONEXOES","0180","","",94766,"ADAPTADOR COM FLANGE E ANEL DE VEDAÇÃO, CPVC, ROSCÁVEL, DN 28 MM, INSTALADO EM RESERVAÇÃO DE ÁGUA DE EDIFICAÇÃO QUE POSSUA RESERVATÓRIO DE FIBRA/FIBROCIMENTO - FORNECIMENTO E INSTALAÇÃO. AF_06/2016","UN","COEFICIENTE DE REPRESENTATIVIDADE",34.32,"CAIXA REFERENCIAL"]
["INSTALACOES HIDRO SANITARIAS","INHI","CONEXOES","0180","","",94767,"ADAPTADOR COM FLANGE E ANEL DE VEDAÇÃO, CPVC, ROSCÁVEL, DN 35 MM, INSTALADO EM RESERVAÇÃO DE ÁGUA DE EDIFICAÇÃO QUE POSSUA RESERVATÓRIO DE FIBRA/FIBROCIMENTO - FORNECIMENTO E INSTALAÇÃO. AF_06/2016","UN","COEFICIENTE DE REPRESENTATIVIDADE",50.11,"CAIXA REFERENCIAL"]
["INSTALACOES HIDRO SANITARIAS","INHI","CONEXOES","0180","","",94768,"ADAPTADOR COM FLANGE E ANEL DE VEDAÇÃO, CPVC, ROSCÁVEL, DN 42 MM, INSTALADO EM RESERVAÇÃO DE ÁGUA DE EDIFICAÇÃO QUE POSSUA RESERVATÓRIO DE FIBRA/FIBROCIMENTO - FORNECIMENTO E INSTALAÇÃO. AF_06/2016","UN","COEFICIENTE DE REPRESENTATIVIDADE",56.24,"CAIXA REFERENCIAL"]
["INSTALACOES HIDRO SANITARIAS","INHI","CONEXOES","0180","","",94769,"ADAPTADOR COM FLANGE E ANEL DE VEDAÇÃO, CPVC, ROSCÁVEL, DN 54 MM, INSTALADO EM RESERVAÇÃO DE ÁGUA DE EDIFICAÇÃO QUE POSSUA RESERVATÓRIO DE FIBRA/FIBROCIMENTO - FORNECIMENTO E INSTALAÇÃO. AF_06/2016","UN","COEFICIENTE DE REPRESENTATIVIDADE",77.2,"CAIXA REFERENCIAL"]
["INSTALACOES HIDRO SANITARIAS","INHI","CONEXOES","0180","","",94770,"ADAPTADOR COM FLANGES LIVRES, CPVC, ROSCÁVEL, DN 15 MM, INSTALADO EM RESERVAÇÃO DE ÁGUA DE EDIFICAÇÃO QUE POSSUA RESERVATÓRIO DE FIBRA/FIBROCIMENTO - FORNECIMENTO E INSTALAÇÃO. AF_06/2016","UN","COEFICIENTE DE REPRESENTATIVIDADE",33.71,"CAIXA REFERENCIAL"]
["INSTALACOES HIDRO SANITARIAS","INHI","CONEXOES","0180","","",94771,"ADAPTADOR COM FLANGES LIVRES, CPVC, ROSCÁVEL, DN 22 MM, INSTALADO EM RESERVAÇÃO DE ÁGUA DE EDIFICAÇÃO QUE POSSUA RESERVATÓRIO DE FIBRA/FIBROCIMENTO - FORNECIMENTO E INSTALAÇÃO. AF_06/2016","UN","COEFICIENTE DE REPRESENTATIVIDADE",36.049999999999997,"CAIXA REFERENCIAL"]
["INSTALACOES HIDRO SANITARIAS","INHI","CONEXOES","0180","","",94772,"ADAPTADOR COM FLANGES LIVRES, CPVC, ROSCÁVEL, DN 28 MM, INSTALADO EM RESERVAÇÃO DE ÁGUA DE EDIFICAÇÃO QUE POSSUA RESERVATÓRIO DE FIBRA/FIBROCIMENTO - FORNECIMENTO E INSTALAÇÃO. AF_06/2016","UN","COEFICIENTE DE REPRESENTATIVIDADE",39.17,"CAIXA REFERENCIAL"]
["INSTALACOES HIDRO SANITARIAS","INHI","CONEXOES","0180","","",94773,"ADAPTADOR COM FLANGES LIVRES, CPVC, ROSCÁVEL, DN 35 MM, INSTALADO EM RESERVAÇÃO DE ÁGUA DE EDIFICAÇÃO QUE POSSUA RESERVATÓRIO DE FIBRA/FIBROCIMENTO - FORNECIMENTO E INSTALAÇÃO. AF_06/2016","UN","COEFICIENTE DE REPRESENTATIVIDADE",54.96,"CAIXA REFERENCIAL"]
["INSTALACOES HIDRO SANITARIAS","INHI","CONEXOES","0180","","",94774,"ADAPTADOR COM FLANGES LIVRES, CPVC, ROSCÁVEL, DN 42 MM, INSTALADO EM RESERVAÇÃO DE ÁGUA DE EDIFICAÇÃO QUE POSSUA RESERVATÓRIO DE FIBRA/FIBROCIMENTO - FORNECIMENTO E INSTALAÇÃO. AF_06/2016","UN","COEFICIENTE DE REPRESENTATIVIDADE",61.09,"CAIXA REFERENCIAL"]
["INSTALACOES HIDRO SANITARIAS","INHI","CONEXOES","0180","","",94775,"ADAPTADOR COM FLANGES LIVRES, CPVC, ROSCÁVEL, DN 54 MM, INSTALADO EM RESERVAÇÃO DE ÁGUA DE EDIFICAÇÃO QUE POSSUA RESERVATÓRIO DE FIBRA/FIBROCIMENTO - FORNECIMENTO E INSTALAÇÃO. AF_06/2016","UN","COEFICIENTE DE REPRESENTATIVIDADE",83.63,"CAIXA REFERENCIAL"]
["INSTALACOES HIDRO SANITARIAS","INHI","CONEXOES","0180","","",94783,"ADAPTADOR COM FLANGE E ANEL DE VEDAÇÃO, PVC, SOLDÁVEL, DN  20 MM X 1/2 , INSTALADO EM RESERVAÇÃO DE ÁGUA DE EDIFICAÇÃO QUE POSSUA RESERVATÓRIO DE FIBRA/FIBROCIMENTO   FORNECIMENTO E INSTALAÇÃO. AF_06/2016","UN","COEFICIENTE DE REPRESENTATIVIDADE",19.010000000000002,"CAIXA REFERENCIAL"]
["INSTALACOES HIDRO SANITARIAS","INHI","CONEXOES","0180","","",94785,"ADAPTADOR COM FLANGES LIVRES, PVC, SOLDÁVEL LONGO, DN 32 MM X 1 , INSTALADO EM RESERVAÇÃO DE ÁGUA DE EDIFICAÇÃO QUE POSSUA RESERVATÓRIO DE FIBRA/FIBROCIMENTO   FORNECIMENTO E INSTALAÇÃO. AF_06/2016","UN","COEFICIENTE DE REPRESENTATIVIDADE",22.86,"CAIXA REFERENCIAL"]
["INSTALACOES HIDRO SANITARIAS","INHI","CONEXOES","0180","","",94789,"ADAPTADOR COM FLANGES LIVRES, PVC, SOLDÁVEL LONGO, DN 75 MM X 2 1/2 , INSTALADO EM RESERVAÇÃO DE ÁGUA DE EDIFICAÇÃO QUE POSSUA RESERVATÓRIO DE FIBRA/FIBROCIMENTO   FORNECIMENTO E INSTALAÇÃO. AF_06/2016","UN","COEFICIENTE DE REPRESENTATIVIDADE",223.1,"CAIXA REFERENCIAL"]
["INSTALACOES HIDRO SANITARIAS","INHI","CONEXOES","0180","","",94790,"ADAPTADOR COM FLANGES LIVRES, PVC, SOLDÁVEL LONGO, DN 85 MM X 3 , INSTALADO EM RESERVAÇÃO DE ÁGUA DE EDIFICAÇÃO QUE POSSUA RESERVATÓRIO DE FIBRA/FIBROCIMENTO   FORNECIMENTO E INSTALAÇÃO. AF_06/2016","UN","COEFICIENTE DE REPRESENTATIVIDADE",307.36,"CAIXA REFERENCIAL"]
["INSTALACOES HIDRO SANITARIAS","INHI","CONEXOES","0180","","",94791,"ADAPTADOR COM FLANGES LIVRES, PVC, SOLDÁVEL LONGO, DN 110 MM X 4 , INSTALADO EM RESERVAÇÃO DE ÁGUA DE EDIFICAÇÃO QUE POSSUA RESERVATÓRIO DE FIBRA/FIBROCIMENTO   FORNECIMENTO E INSTALAÇÃO. AF_06/2016","UN","COEFICIENTE DE REPRESENTATIVIDADE",405.01,"CAIXA REFERENCIAL"]
["INSTALACOES HIDRO SANITARIAS","INHI","CONEXOES","0180","","",94863,"LUVA, CPVC, SOLDÁVEL, DN 73 MM, INSTALADO EM RESERVAÇÃO DE ÁGUA DE EDIFICAÇÃO QUE POSSUA RESERVATÓRIO DE FIBRA/FIBROCIMENTO - FORNECIMENTO E INSTALAÇÃO. AF_06/2016","UN","COEFICIENTE DE REPRESENTATIVIDADE",113.84,"CAIXA REFERENCIAL"]
["INSTALACOES HIDRO SANITARIAS","INHI","CONEXOES","0180","","",95237,"LUVA COM BUCHA DE LATÃO, PVC, SOLDÁVEL, DN 32MM X 1 , INSTALADO EM RAMAL DE DISTRIBUIÇÃO DE ÁGUA   FORNECIMENTO E INSTALAÇÃO. AF_06/2022","UN","COEFICIENTE DE REPRESENTATIVIDADE",22.93,"CAIXA REFERENCIAL"]
["INSTALACOES HIDRO SANITARIAS","INHI","CONEXOES","0180","","",95693,"LUVA SIMPLES, PVC, SÉRIE NORMAL, ESGOTO PREDIAL, DN 150 MM, JUNTA ELÁSTICA, FORNECIDO E INSTALADO EM SUBCOLETOR AÉREO DE ESGOTO SANITÁRIO. AF_08/2022","UN","COEFICIENTE DE REPRESENTATIVIDADE",42.59,"CAIXA REFERENCIAL"]
["INSTALACOES HIDRO SANITARIAS","INHI","CONEXOES","0180","","",95694,"CURVA 90 GRAUS, PVC, SERIE R, ÁGUA PLUVIAL, DN 100 MM, JUNTA ELÁSTICA, FORNECIDO E INSTALADO EM RAMAL DE ENCAMINHAMENTO. AF_06/2022","UN","COEFICIENTE DE REPRESENTATIVIDADE",46.78,"CAIXA REFERENCIAL"]
["INSTALACOES HIDRO SANITARIAS","INHI","CONEXOES","0180","","",95695,"CURVA 90 GRAUS, PVC, SERIE R, ÁGUA PLUVIAL, DN 100 MM, JUNTA ELÁSTICA, FORNECIDO E INSTALADO EM CONDUTORES VERTICAIS DE ÁGUAS PLUVIAIS. AF_06/2022","UN","COEFICIENTE DE REPRESENTATIVIDADE",53.31,"CAIXA REFERENCIAL"]
["INSTALACOES HIDRO SANITARIAS","INHI","CONEXOES","0180","","",95696,"SPRINKLER TIPO PENDENTE, 68 °C, UNIÃO POR ROSCA DN 15 (1/2\") - FORNECIMENTO E INSTALAÇÃO. AF_10/2020","UN","ATRIBUÍDO SÃO PAULO",31.7,"CAIXA REFERENCIAL"]
["INSTALACOES HIDRO SANITARIAS","INHI","CONEXOES","0180","","",96637,"JOELHO 90 GRAUS, PPR, DN 25 MM, CLASSE PN 25, INSTALADO EM RAMAL OU SUB-RAMAL DE ÁGUA   FORNECIMENTO E INSTALAÇÃO. AF_08/2022","UN","ATRIBUÍDO SÃO PAULO",14.25,"CAIXA REFERENCIAL"]
["INSTALACOES HIDRO SANITARIAS","INHI","CONEXOES","0180","","",96638,"JOELHO 45 GRAUS, PPR, DN 25 MM, CLASSE PN 25, INSTALADO EM RAMAL OU SUB-RAMAL DE ÁGUA   FORNECIMENTO E INSTALAÇÃO. AF_08/2022","UN","ATRIBUÍDO SÃO PAULO",14.61,"CAIXA REFERENCIAL"]
["INSTALACOES HIDRO SANITARIAS","INHI","CONEXOES","0180","","",96639,"LUVA, PPR, DN 25 MM, CLASSE PN 25, INSTALADO EM RAMAL OU SUB-RAMAL DE ÁGUA   FORNECIMENTO E INSTALAÇÃO. AF_08/2022","UN","ATRIBUÍDO SÃO PAULO",9.94,"CAIXA REFERENCIAL"]
["INSTALACOES HIDRO SANITARIAS","INHI","CONEXOES","0180","","",96640,"CONECTOR MACHO, PPR, 25 X 1/2  , CLASSE PN 25, INSTALADO EM RAMAL OU SUB-RAMAL DE ÁGUA   FORNECIMENTO E INSTALAÇÃO. AF_08/2022","UN","ATRIBUÍDO SÃO PAULO",23.44,"CAIXA REFERENCIAL"]
["INSTALACOES HIDRO SANITARIAS","INHI","CONEXOES","0180","","",96641,"CONECTOR FÊMEA, PPR, 25 X 1/2  , CLASSE PN 25, INSTALADO EM RAMAL OU SUB-RAMAL DE ÁGUA   FORNECIMENTO E INSTALAÇÃO. AF_08/2022","UN","ATRIBUÍDO SÃO PAULO",15.6,"CAIXA REFERENCIAL"]
["INSTALACOES HIDRO SANITARIAS","INHI","CONEXOES","0180","","",96642,"TÊ NORMAL, PPR, DN 25 MM, CLASSE PN 25, INSTALADO EM RAMAL OU SUB-RAMAL DE ÁGUA   FORNECIMENTO E INSTALAÇÃO. AF_08/2022","UN","ATRIBUÍDO SÃO PAULO",18.760000000000002,"CAIXA REFERENCIAL"]
["INSTALACOES HIDRO SANITARIAS","INHI","CONEXOES","0180","","",96643,"TÊ MISTURADOR, PPR, 25 X 3/4   , CLASSE PN 25, INSTALADO EM RAMAL OU SUB-RAMAL DE ÁGUA   FORNECIMENTO E INSTALAÇÃO. AF_08/2022","UN","ATRIBUÍDO SÃO PAULO",41.07,"CAIXA REFERENCIAL"]
["INSTALACOES HIDRO SANITARIAS","INHI","CONEXOES","0180","","",96650,"JOELHO 90 GRAUS, PPR, DN 25 MM, CLASSE PN 25, INSTALADO EM RAMAL DE DISTRIBUIÇÃO   FORNECIMENTO E INSTALAÇÃO. AF_08/2022","UN","ATRIBUÍDO SÃO PAULO",8.01,"CAIXA REFERENCIAL"]
["INSTALACOES HIDRO SANITARIAS","INHI","CONEXOES","0180","","",96651,"JOELHO 45 GRAUS, PPR, DN 25 MM, CLASSE PN 25, INSTALADO EM RAMAL DE DISTRIBUIÇÃO DE ÁGUA   FORNECIMENTO E INSTALAÇÃO. AF_08/2022","UN","ATRIBUÍDO SÃO PAULO",8.3699999999999992,"CAIXA REFERENCIAL"]
["INSTALACOES HIDRO SANITARIAS","INHI","CONEXOES","0180","","",96652,"JOELHO 90 GRAUS, PPR, DN 32 MM, CLASSE PN 25, INSTALADO EM RAMAL DE DISTRIBUIÇÃO - FORNECIMENTO E INSTALAÇÃO. AF_08/2022","UN","ATRIBUÍDO SÃO PAULO",9.52,"CAIXA REFERENCIAL"]
["INSTALACOES HIDRO SANITARIAS","INHI","CONEXOES","0180","","",96653,"JOELHO 45 GRAUS, PPR, DN 32 MM, CLASSE PN 25, INSTALADO EM RAMAL DE DISTRIBUIÇÃO DE ÁGUA - FORNECIMENTO E INSTALAÇÃO. AF_08/2022","UN","ATRIBUÍDO SÃO PAULO",12.57,"CAIXA REFERENCIAL"]
["INSTALACOES HIDRO SANITARIAS","INHI","CONEXOES","0180","","",96654,"JOELHO 90 GRAUS, PPR, DN 40 MM, CLASSE PN 25, INSTALADO EM RAMAL DE DISTRIBUIÇÃO - FORNECIMENTO E INSTALAÇÃO. AF_08/2022","UN","ATRIBUÍDO SÃO PAULO",14.33,"CAIXA REFERENCIAL"]
["INSTALACOES HIDRO SANITARIAS","INHI","CONEXOES","0180","","",96655,"JOELHO 45 GRAUS, PPR, DN 40 MM, CLASSE PN 25, INSTALADO EM RAMAL DE DISTRIBUIÇÃO DE ÁGUA - FORNECIMENTO E INSTALAÇÃO. AF_08/2022","UN","ATRIBUÍDO SÃO PAULO",19.29,"CAIXA REFERENCIAL"]
["INSTALACOES HIDRO SANITARIAS","INHI","CONEXOES","0180","","",96656,"LUVA, PPR, DN 25 MM, CLASSE PN 25, INSTALADO EM RAMAL DE DISTRIBUIÇÃO DE ÁGUA   FORNECIMENTO E INSTALAÇÃO. AF_08/2022","UN","ATRIBUÍDO SÃO PAULO",5.78,"CAIXA REFERENCIAL"]
["INSTALACOES HIDRO SANITARIAS","INHI","CONEXOES","0180","","",96657,"CONECTOR MACHO, PPR, 25 X 1/2, CLASSE PN 25, INSTALADO EM RAMAL DE DISTRIBUIÇÃO DE ÁGUA   FORNECIMENTO E INSTALAÇÃO. AF_08/2022","UN","ATRIBUÍDO SÃO PAULO",21.59,"CAIXA REFERENCIAL"]
["INSTALACOES HIDRO SANITARIAS","INHI","CONEXOES","0180","","",96658,"CONECTOR FÊMEA, PPR, 25 X 1/2  , CLASSE PN 25, INSTALADO EM RAMAL DE DISTRIBUIÇÃO DE ÁGUA   FORNECIMENTO E INSTALAÇÃO. AF_08/2022","UN","ATRIBUÍDO SÃO PAULO",13.75,"CAIXA REFERENCIAL"]
["INSTALACOES HIDRO SANITARIAS","INHI","CONEXOES","0180","","",96659,"LUVA, PPR, DN 32 MM, CLASSE PN 25, INSTALADO EM RAMAL DE DISTRIBUIÇÃO DE ÁGUA   FORNECIMENTO E INSTALAÇÃO. AF_08/2022","UN","ATRIBUÍDO SÃO PAULO",7.56,"CAIXA REFERENCIAL"]
["INSTALACOES HIDRO SANITARIAS","INHI","CONEXOES","0180","","",96660,"CONECTOR MACHO, PPR, 32 X 3/4\", CLASSE PN 25, INSTALADO EM RAMAL DE DISTRIBUIÇÃO DE ÁGUA   FORNECIMENTO E INSTALAÇÃO. AF_08/2022","UN","ATRIBUÍDO SÃO PAULO",29.35,"CAIXA REFERENCIAL"]
["INSTALACOES HIDRO SANITARIAS","INHI","CONEXOES","0180","","",96661,"CONECTOR FÊMEA, PPR, 32 X 3/4\", CLASSE PN 25, INSTALADO EM RAMAL DE DISTRIBUIÇÃO DE ÁGUA   FORNECIMENTO E INSTALAÇÃO. AF_08/2022","UN","ATRIBUÍDO SÃO PAULO",29.07,"CAIXA REFERENCIAL"]
["INSTALACOES HIDRO SANITARIAS","INHI","CONEXOES","0180","","",96662,"BUCHA DE REDUÇÃO, PPR, 32 X 25, CLASSE PN 25, INSTALADO EM RAMAL DE DISTRIBUIÇÃO DE ÁGUA   FORNECIMENTO E INSTALAÇÃO. AF_08/2022","UN","ATRIBUÍDO SÃO PAULO",8.43,"CAIXA REFERENCIAL"]
["INSTALACOES HIDRO SANITARIAS","INHI","CONEXOES","0180","","",96663,"LUVA, PPR, DN 40 MM, CLASSE PN 25, INSTALADO EM RAMAL DE DISTRIBUIÇÃO DE ÁGUA   FORNECIMENTO E INSTALAÇÃO. AF_08/2022","UN","ATRIBUÍDO SÃO PAULO",14.39,"CAIXA REFERENCIAL"]
["INSTALACOES HIDRO SANITARIAS","INHI","CONEXOES","0180","","",96664,"BUCHA DE REDUÇÃO, PPR, 40 X 25, CLASSE PN 25, INSTALADO EM RAMAL DE DISTRIBUIÇÃO DE ÁGUA   FORNECIMENTO E INSTALAÇÃO. AF_08/2022","UN","ATRIBUÍDO SÃO PAULO",15.83,"CAIXA REFERENCIAL"]
["INSTALACOES HIDRO SANITARIAS","INHI","CONEXOES","0180","","",96665,"TÊ NORMAL, PPR, DN 25 MM, CLASSE PN 25, INSTALADO EM RAMAL DE DISTRIBUIÇÃO DE ÁGUA   FORNECIMENTO E INSTALAÇÃO. AF_08/2022","UN","ATRIBUÍDO SÃO PAULO",10.42,"CAIXA REFERENCIAL"]
["INSTALACOES HIDRO SANITARIAS","INHI","CONEXOES","0180","","",96666,"TÊ NORMAL, PPR, DN 32 MM, CLASSE PN 25, INSTALADO EM RAMAL DE DISTRIBUIÇÃO DE ÁGUA   FORNECIMENTO E INSTALAÇÃO. AF_08/2022","UN","ATRIBUÍDO SÃO PAULO",15.09,"CAIXA REFERENCIAL"]
["INSTALACOES HIDRO SANITARIAS","INHI","CONEXOES","0180","","",96667,"TÊ NORMAL, PPR, DN 40 MM, CLASSE PN 25, INSTALADO EM RAMAL DE DISTRIBUIÇÃO DE ÁGUA   FORNECIMENTO E INSTALAÇÃO. AF_08/2022","UN","ATRIBUÍDO SÃO PAULO",21.4,"CAIXA REFERENCIAL"]
["INSTALACOES HIDRO SANITARIAS","INHI","CONEXOES","0180","","",96684,"JOELHO 90 GRAUS, PPR, DN 25 MM, CLASSE PN 25, INSTALADO EM PRUMADA DE ÁGUA   FORNECIMENTO E INSTALAÇÃO . AF_08/2022","UN","ATRIBUÍDO SÃO PAULO",10.26,"CAIXA REFERENCIAL"]
["INSTALACOES HIDRO SANITARIAS","INHI","CONEXOES","0180","","",96685,"JOELHO 45 GRAUS, PPR, DN 25 MM, CLASSE PN 25, INSTALADO EM PRUMADA DE ÁGUA   FORNECIMENTO E INSTALAÇÃO . AF_08/2022","UN","ATRIBUÍDO SÃO PAULO",10.62,"CAIXA REFERENCIAL"]
["INSTALACOES HIDRO SANITARIAS","INHI","CONEXOES","0180","","",96686,"JOELHO 90 GRAUS, PPR, DN 32 MM, CLASSE PN 25, INSTALADO EM PRUMADA DE ÁGUA   FORNECIMENTO E INSTALAÇÃO . AF_08/2022","UN","ATRIBUÍDO SÃO PAULO",13.23,"CAIXA REFERENCIAL"]
["INSTALACOES HIDRO SANITARIAS","INHI","CONEXOES","0180","","",96687,"JOELHO 45 GRAUS, PPR, DN 32 MM, CLASSE PN 25, INSTALADO EM PRUMADA DE ÁGUA   FORNECIMENTO E INSTALAÇÃO . AF_08/2022","UN","ATRIBUÍDO SÃO PAULO",16.28,"CAIXA REFERENCIAL"]
["INSTALACOES HIDRO SANITARIAS","INHI","CONEXOES","0180","","",96688,"JOELHO 90 GRAUS, PPR, DN 40 MM, CLASSE PN 25, INSTALADO EM PRUMADA DE ÁGUA   FORNECIMENTO E INSTALAÇÃO . AF_08/2022","UN","ATRIBUÍDO SÃO PAULO",19.670000000000002,"CAIXA REFERENCIAL"]
["INSTALACOES HIDRO SANITARIAS","INHI","CONEXOES","0180","","",96689,"JOELHO 45 GRAUS, PPR, DN 40 MM, CLASSE PN 25, INSTALADO EM PRUMADA DE ÁGUA   FORNECIMENTO E INSTALAÇÃO . AF_08/2022","UN","ATRIBUÍDO SÃO PAULO",24.63,"CAIXA REFERENCIAL"]
["INSTALACOES HIDRO SANITARIAS","INHI","CONEXOES","0180","","",96690,"JOELHO 90 GRAUS, PPR, DN 50 MM, CLASSE PN 25, INSTALADO EM PRUMADA DE ÁGUA   FORNECIMENTO E INSTALAÇÃO . AF_08/2022","UN","ATRIBUÍDO SÃO PAULO",27.44,"CAIXA REFERENCIAL"]
["INSTALACOES HIDRO SANITARIAS","INHI","CONEXOES","0180","","",96691,"JOELHO 45 GRAUS, PPR, DN 50 MM, CLASSE PN 25, INSTALADO EM PRUMADA DE ÁGUA   FORNECIMENTO E INSTALAÇÃO . AF_08/2022","UN","ATRIBUÍDO SÃO PAULO",35.29,"CAIXA REFERENCIAL"]
["INSTALACOES HIDRO SANITARIAS","INHI","CONEXOES","0180","","",96692,"JOELHO 90 GRAUS, PPR, DN 63 MM, CLASSE PN 25, INSTALADO EM PRUMADA DE ÁGUA   FORNECIMENTO E INSTALAÇÃO . AF_08/2022","UN","ATRIBUÍDO SÃO PAULO",38.950000000000003,"CAIXA REFERENCIAL"]
["INSTALACOES HIDRO SANITARIAS","INHI","CONEXOES","0180","","",96693,"JOELHO 45 GRAUS, PPR, DN 63 MM, CLASSE PN 25, INSTALADO EM PRUMADA DE ÁGUA   FORNECIMENTO E INSTALAÇÃO . AF_08/2022","UN","ATRIBUÍDO SÃO PAULO",52.97,"CAIXA REFERENCIAL"]
["INSTALACOES HIDRO SANITARIAS","INHI","CONEXOES","0180","","",96694,"JOELHO 90 GRAUS, PPR, DN 75 MM, CLASSE PN 25, INSTALADO EM PRUMADA DE ÁGUA   FORNECIMENTO E INSTALAÇÃO . AF_08/2022","UN","ATRIBUÍDO SÃO PAULO",83.03,"CAIXA REFERENCIAL"]
["INSTALACOES HIDRO SANITARIAS","INHI","CONEXOES","0180","","",96695,"JOELHO 45 GRAUS, PPR, DN 75 MM, CLASSE PN 25, INSTALADO EM PRUMADA DE ÁGUA   FORNECIMENTO E INSTALAÇÃO . AF_08/2022","UN","ATRIBUÍDO SÃO PAULO",91.58,"CAIXA REFERENCIAL"]
["INSTALACOES HIDRO SANITARIAS","INHI","CONEXOES","0180","","",96696,"JOELHO 90 GRAUS, PPR, DN 90 MM, CLASSE PN 25, INSTALADO EM PRUMADA DE ÁGUA   FORNECIMENTO E INSTALAÇÃO . AF_08/2022","UN","ATRIBUÍDO SÃO PAULO",103.71,"CAIXA REFERENCIAL"]
["INSTALACOES HIDRO SANITARIAS","INHI","CONEXOES","0180","","",96697,"JOELHO 90 GRAUS, PPR, DN 110 MM, CLASSE PN 25, INSTALADO EM PRUMADA DE ÁGUA   FORNECIMENTO E INSTALAÇÃO . AF_08/2022","UN","ATRIBUÍDO SÃO PAULO",308.12,"CAIXA REFERENCIAL"]
["INSTALACOES HIDRO SANITARIAS","INHI","CONEXOES","0180","","",96698,"LUVA, PPR, DN 25 MM, CLASSE PN 25, INSTALADO EM PRUMADA DE ÁGUA   FORNECIMENTO E INSTALAÇÃO . AF_08/2022","UN","ATRIBUÍDO SÃO PAULO",7.28,"CAIXA REFERENCIAL"]
["INSTALACOES HIDRO SANITARIAS","INHI","CONEXOES","0180","","",96699,"CONECTOR MACHO, PPR, 25 X 1/2\", CLASSE PN 25, INSTALADO EM PRUMADA DE ÁGUA   FORNECIMENTO E INSTALAÇÃO . AF_08/2022","UN","ATRIBUÍDO SÃO PAULO",23.09,"CAIXA REFERENCIAL"]
["INSTALACOES HIDRO SANITARIAS","INHI","CONEXOES","0180","","",96700,"CONECTOR FÊMEA, PPR, 25 X 1/2\", CLASSE PN 25, INSTALADO EM PRUMADA DE ÁGUA   FORNECIMENTO E INSTALAÇÃO . AF_08/2022","UN","ATRIBUÍDO SÃO PAULO",15.25,"CAIXA REFERENCIAL"]
["INSTALACOES HIDRO SANITARIAS","INHI","CONEXOES","0180","","",96701,"LUVA, PPR, DN 32 MM, CLASSE PN 25, INSTALADO EM PRUMADA DE ÁGUA   FORNECIMENTO E INSTALAÇÃO. AF_08/2022","UN","ATRIBUÍDO SÃO PAULO",10.029999999999999,"CAIXA REFERENCIAL"]
["INSTALACOES HIDRO SANITARIAS","INHI","CONEXOES","0180","","",96702,"BUCHA DE REDUÇÃO, PPR, 32 X 25, CLASSE PN 25, INSTALADO EM PRUMADA DE ÁGUA   FORNECIMENTO E INSTALAÇÃO . AF_08/2022","UN","ATRIBUÍDO SÃO PAULO",10.42,"CAIXA REFERENCIAL"]
["INSTALACOES HIDRO SANITARIAS","INHI","CONEXOES","0180","","",96703,"LUVA, PPR, DN 40 MM, CLASSE PN 25, INSTALADO EM PRUMADA DE ÁGUA   FORNECIMENTO E INSTALAÇÃO. AF_08/2022","UN","ATRIBUÍDO SÃO PAULO",17.97,"CAIXA REFERENCIAL"]
["INSTALACOES HIDRO SANITARIAS","INHI","CONEXOES","0180","","",96704,"BUCHA DE REDUÇÃO, PPR, 40 X 25, CLASSE PN 25, INSTALADO EM PRUMADA DE ÁGUA   FORNECIMENTO E INSTALAÇÃO . AF_08/2022","UN","ATRIBUÍDO SÃO PAULO",18.37,"CAIXA REFERENCIAL"]
["INSTALACOES HIDRO SANITARIAS","INHI","CONEXOES","0180","","",96705,"LUVA, PPR, DN 50 MM, CLASSE PN 25, INSTALADO EM PRUMADA DE ÁGUA   FORNECIMENTO E INSTALAÇÃO. AF_08/2022","UN","ATRIBUÍDO SÃO PAULO",21.8,"CAIXA REFERENCIAL"]
["INSTALACOES HIDRO SANITARIAS","INHI","CONEXOES","0180","","",96706,"LUVA, PPR, DN 63 MM, CLASSE PN 25, INSTALADO EM PRUMADA DE ÁGUA   FORNECIMENTO E INSTALAÇÃO. AF_08/2022","UN","ATRIBUÍDO SÃO PAULO",32.36,"CAIXA REFERENCIAL"]
["INSTALACOES HIDRO SANITARIAS","INHI","CONEXOES","0180","","",96707,"LUVA, PPR, DN 75 MM, CLASSE PN 25, INSTALADO EM PRUMADA DE ÁGUA   FORNECIMENTO E INSTALAÇÃO. AF_08/2022","UN","ATRIBUÍDO SÃO PAULO",52.17,"CAIXA REFERENCIAL"]
["INSTALACOES HIDRO SANITARIAS","INHI","CONEXOES","0180","","",96708,"LUVA, PPR, DN 90 MM, CLASSE PN 25, INSTALADO EM PRUMADA DE ÁGUA   FORNECIMENTO E INSTALAÇÃO. AF_08/2022","UN","ATRIBUÍDO SÃO PAULO",79.209999999999994,"CAIXA REFERENCIAL"]
["INSTALACOES HIDRO SANITARIAS","INHI","CONEXOES","0180","","",96709,"LUVA, PPR, DN 110 MM, CLASSE PN 25, INSTALADO EM PRUMADA DE ÁGUA   FORNECIMENTO E INSTALAÇÃO. AF_08/2022","UN","ATRIBUÍDO SÃO PAULO",101.12,"CAIXA REFERENCIAL"]
["INSTALACOES HIDRO SANITARIAS","INHI","CONEXOES","0180","","",96710,"TÊ NORMAL, PPR, DN 25 MM, CLASSE PN 25, INSTALADO EM PRUMADA DE ÁGUA   FORNECIMENTO E INSTALAÇÃO . AF_08/2022","UN","ATRIBUÍDO SÃO PAULO",13.43,"CAIXA REFERENCIAL"]
["INSTALACOES HIDRO SANITARIAS","INHI","CONEXOES","0180","","",96711,"TÊ NORMAL, PPR, DN 32 MM, CLASSE PN 25, INSTALADO EM PRUMADA DE ÁGUA   FORNECIMENTO E INSTALAÇÃO . AF_08/2022","UN","ATRIBUÍDO SÃO PAULO",20.03,"CAIXA REFERENCIAL"]
["INSTALACOES HIDRO SANITARIAS","INHI","CONEXOES","0180","","",96712,"TÊ NORMAL, PPR, DN 40 MM, CLASSE PN 25, INSTALADO EM PRUMADA DE ÁGUA   FORNECIMENTO E INSTALAÇÃO . AF_08/2022","UN","ATRIBUÍDO SÃO PAULO",28.54,"CAIXA REFERENCIAL"]
["INSTALACOES HIDRO SANITARIAS","INHI","CONEXOES","0180","","",96713,"TÊ NORMAL, PPR, DN 50 MM, CLASSE PN 25, INSTALADO EM PRUMADA DE ÁGUA   FORNECIMENTO E INSTALAÇÃO . AF_08/2022","UN","ATRIBUÍDO SÃO PAULO",43.88,"CAIXA REFERENCIAL"]
["INSTALACOES HIDRO SANITARIAS","INHI","CONEXOES","0180","","",96714,"TÊ NORMAL, PPR, DN 63 MM, CLASSE PN 25, INSTALADO EM PRUMADA DE ÁGUA   FORNECIMENTO E INSTALAÇÃO . AF_08/2022","UN","ATRIBUÍDO SÃO PAULO",62.52,"CAIXA REFERENCIAL"]
["INSTALACOES HIDRO SANITARIAS","INHI","CONEXOES","0180","","",96715,"TÊ NORMAL, PPR, DN 75 MM, CLASSE PN 25, INSTALADO EM PRUMADA DE ÁGUA   FORNECIMENTO E INSTALAÇÃO . AF_08/2022","UN","ATRIBUÍDO SÃO PAULO",111.67,"CAIXA REFERENCIAL"]
["INSTALACOES HIDRO SANITARIAS","INHI","CONEXOES","0180","","",96716,"TÊ NORMAL, PPR, DN 90 MM, CLASSE PN 25, INSTALADO EM PRUMADA DE ÁGUA   FORNECIMENTO E INSTALAÇÃO . AF_08/2022","UN","ATRIBUÍDO SÃO PAULO",145.53,"CAIXA REFERENCIAL"]
["INSTALACOES HIDRO SANITARIAS","INHI","CONEXOES","0180","","",96717,"TÊ NORMAL, PPR, DN 110 MM, CLASSE PN 25, INSTALADO EM PRUMADA DE ÁGUA   FORNECIMENTO E INSTALAÇÃO . AF_08/2022","UN","ATRIBUÍDO SÃO PAULO",280.04000000000002,"CAIXA REFERENCIAL"]
["INSTALACOES HIDRO SANITARIAS","INHI","CONEXOES","0180","","",96736,"LUVA, PPR, DN 20 MM, CLASSE PN 25, INSTALADO EM RESERVAÇÃO DE ÁGUA DE EDIFICAÇÃO QUE POSSUA RESERVATÓRIO DE FIBRA/FIBROCIMENTO - FORNECIMENTO E INSTALAÇÃO. AF_06/2016","UN","ATRIBUÍDO SÃO PAULO",6.08,"CAIXA REFERENCIAL"]
["INSTALACOES HIDRO SANITARIAS","INHI","CONEXOES","0180","","",96737,"LUVA, PPR, DN 25 MM, CLASSE PN 25, INSTALADO EM RESERVAÇÃO DE ÁGUA DE EDIFICAÇÃO QUE POSSUA RESERVATÓRIO DE FIBRA/FIBROCIMENTO - FORNECIMENTO E INSTALAÇÃO. AF_06/2016","UN","ATRIBUÍDO SÃO PAULO",5.89,"CAIXA REFERENCIAL"]
["INSTALACOES HIDRO SANITARIAS","INHI","CONEXOES","0180","","",96738,"CONECTOR MACHO, PPR, 25 X 1/2'', CLASSE PN 25,  INSTALADO EM RESERVAÇÃO DE ÁGUA DE EDIFICAÇÃO QUE POSSUA RESERVATÓRIO DE FIBRA/FIBROCIMENTO   FORNECIMENTO E INSTALAÇÃO. AF_06/2016","UN","ATRIBUÍDO SÃO PAULO",21.7,"CAIXA REFERENCIAL"]
["INSTALACOES HIDRO SANITARIAS","INHI","CONEXOES","0180","","",96739,"LUVA, PPR, DN 32 MM, CLASSE PN 25, INSTALADO EM RESERVAÇÃO DE ÁGUA DE EDIFICAÇÃO QUE POSSUA RESERVATÓRIO DE FIBRA/FIBROCIMENTO - FORNECIMENTO E INSTALAÇÃO. AF_06/2016","UN","ATRIBUÍDO SÃO PAULO",8.56,"CAIXA REFERENCIAL"]
["INSTALACOES HIDRO SANITARIAS","INHI","CONEXOES","0180","","",96740,"CONECTOR MACHO, PPR, 32 X 3/4'', CLASSE PN 25,  INSTALADO EM RESERVAÇÃO DE ÁGUA DE EDIFICAÇÃO QUE POSSUA RESERVATÓRIO DE FIBRA/FIBROCIMENTO   FORNECIMENTO E INSTALAÇÃO. AF_06/2016","UN","ATRIBUÍDO SÃO PAULO",30.45,"CAIXA REFERENCIAL"]
["INSTALACOES HIDRO SANITARIAS","INHI","CONEXOES","0180","","",96741,"LUVA, PPR, DN 40 MM, CLASSE PN 25, INSTALADO EM RESERVAÇÃO DE ÁGUA DE EDIFICAÇÃO QUE POSSUA RESERVATÓRIO DE FIBRA/FIBROCIMENTO - FORNECIMENTO E INSTALAÇÃO. AF_06/2016","UN","ATRIBUÍDO SÃO PAULO",15.17,"CAIXA REFERENCIAL"]
["INSTALACOES HIDRO SANITARIAS","INHI","CONEXOES","0180","","",96742,"LUVA, PPR, DN 50 MM, CLASSE PN 25, INSTALADO EM RESERVAÇÃO DE ÁGUA DE EDIFICAÇÃO QUE POSSUA RESERVATÓRIO DE FIBRA/FIBROCIMENTO - FORNECIMENTO E INSTALAÇÃO. AF_06/2016","UN","ATRIBUÍDO SÃO PAULO",19.98,"CAIXA REFERENCIAL"]
["INSTALACOES HIDRO SANITARIAS","INHI","CONEXOES","0180","","",96743,"LUVA, PPR, DN 63 MM, CLASSE PN 25, INSTALADO EM RESERVAÇÃO DE ÁGUA DE EDIFICAÇÃO QUE POSSUA RESERVATÓRIO DE FIBRA/FIBROCIMENTO - FORNECIMENTO E INSTALAÇÃO. AF_06/2016","UN","ATRIBUÍDO SÃO PAULO",28.39,"CAIXA REFERENCIAL"]
["INSTALACOES HIDRO SANITARIAS","INHI","CONEXOES","0180","","",96744,"LUVA, PPR, DN 75 MM, CLASSE PN 25, INSTALADO EM RESERVAÇÃO DE ÁGUA DE EDIFICAÇÃO QUE POSSUA RESERVATÓRIO DE FIBRA/FIBROCIMENTO - FORNECIMENTO E INSTALAÇÃO. AF_06/2016","UN","ATRIBUÍDO SÃO PAULO",51.08,"CAIXA REFERENCIAL"]
["INSTALACOES HIDRO SANITARIAS","INHI","CONEXOES","0180","","",96745,"LUVA, PPR, DN 90 MM, CLASSE PN 25, INSTALADO EM RESERVAÇÃO DE ÁGUA DE EDIFICAÇÃO QUE POSSUA RESERVATÓRIO DE FIBRA/FIBROCIMENTO - FORNECIMENTO E INSTALAÇÃO. AF_06/2016","UN","ATRIBUÍDO SÃO PAULO",75.62,"CAIXA REFERENCIAL"]
["INSTALACOES HIDRO SANITARIAS","INHI","CONEXOES","0180","","",96746,"LUVA, PPR, DN 110 MM, CLASSE PN 25, INSTALADO EM RESERVAÇÃO DE ÁGUA DE EDIFICAÇÃO QUE POSSUA RESERVATÓRIO DE FIBRA/FIBROCIMENTO - FORNECIMENTO E INSTALAÇÃO. AF_06/2016","UN","ATRIBUÍDO SÃO PAULO",101.3,"CAIXA REFERENCIAL"]
["INSTALACOES HIDRO SANITARIAS","INHI","CONEXOES","0180","","",96747,"JOELHO 90 GRAUS, PPR, DN 20 MM, CLASSE PN 25,  INSTALADO EM RESERVAÇÃO DE ÁGUA DE EDIFICAÇÃO QUE POSSUA RESERVATÓRIO DE FIBRA/FIBROCIMENTO - FORNECIMENTO E INSTALAÇÃO. AF_06/2016","UN","ATRIBUÍDO SÃO PAULO",7.57,"CAIXA REFERENCIAL"]
["INSTALACOES HIDRO SANITARIAS","INHI","CONEXOES","0180","","",96748,"JOELHO 90 GRAUS, PPR, DN 25 MM, CLASSE PN 25,  INSTALADO EM RESERVAÇÃO DE ÁGUA DE EDIFICAÇÃO QUE POSSUA RESERVATÓRIO DE FIBRA/FIBROCIMENTO - FORNECIMENTO E INSTALAÇÃO. AF_06/2016","UN","ATRIBUÍDO SÃO PAULO",8.17,"CAIXA REFERENCIAL"]
["INSTALACOES HIDRO SANITARIAS","INHI","CONEXOES","0180","","",96749,"JOELHO 90 GRAUS, PPR, DN 32 MM, CLASSE PN 25,  INSTALADO EM RESERVAÇÃO DE ÁGUA DE EDIFICAÇÃO QUE POSSUA RESERVATÓRIO DE FIBRA/FIBROCIMENTO - FORNECIMENTO E INSTALAÇÃO. AF_06/2016","UN","ATRIBUÍDO SÃO PAULO",11.02,"CAIXA REFERENCIAL"]
["INSTALACOES HIDRO SANITARIAS","INHI","CONEXOES","0180","","",96750,"JOELHO 90 GRAUS, PPR, DN 40 MM, CLASSE PN 25,  INSTALADO EM RESERVAÇÃO DE ÁGUA DE EDIFICAÇÃO QUE POSSUA RESERVATÓRIO DE FIBRA/FIBROCIMENTO - FORNECIMENTO E INSTALAÇÃO. AF_06/2016","UN","ATRIBUÍDO SÃO PAULO",15.48,"CAIXA REFERENCIAL"]
["INSTALACOES HIDRO SANITARIAS","INHI","CONEXOES","0180","","",96751,"JOELHO 90 GRAUS, PPR, DN 50 MM, CLASSE PN 25,  INSTALADO EM RESERVAÇÃO DE ÁGUA DE EDIFICAÇÃO QUE POSSUA RESERVATÓRIO DE FIBRA/FIBROCIMENTO - FORNECIMENTO E INSTALAÇÃO. AF_06/2016","UN","ATRIBUÍDO SÃO PAULO",24.66,"CAIXA REFERENCIAL"]
["INSTALACOES HIDRO SANITARIAS","INHI","CONEXOES","0180","","",96752,"JOELHO 90 GRAUS, PPR, DN 63 MM, CLASSE PN 25,  INSTALADO EM RESERVAÇÃO DE ÁGUA DE EDIFICAÇÃO QUE POSSUA RESERVATÓRIO DE FIBRA/FIBROCIMENTO - FORNECIMENTO E INSTALAÇÃO. AF_06/2016","UN","ATRIBUÍDO SÃO PAULO",32.93,"CAIXA REFERENCIAL"]
["INSTALACOES HIDRO SANITARIAS","INHI","CONEXOES","0180","","",96753,"JOELHO 90 GRAUS, PPR, DN 75 MM, CLASSE PN 25,  INSTALADO EM RESERVAÇÃO DE ÁGUA DE EDIFICAÇÃO QUE POSSUA RESERVATÓRIO DE FIBRA/FIBROCIMENTO - FORNECIMENTO E INSTALAÇÃO. AF_06/2016","UN","ATRIBUÍDO SÃO PAULO",81.36,"CAIXA REFERENCIAL"]
["INSTALACOES HIDRO SANITARIAS","INHI","CONEXOES","0180","","",96754,"JOELHO 90 GRAUS, PPR, DN 90 MM, CLASSE PN 25,  INSTALADO EM RESERVAÇÃO DE ÁGUA DE EDIFICAÇÃO QUE POSSUA RESERVATÓRIO DE FIBRA/FIBROCIMENTO - FORNECIMENTO E INSTALAÇÃO. AF_06/2016","UN","ATRIBUÍDO SÃO PAULO",98.29,"CAIXA REFERENCIAL"]
["INSTALACOES HIDRO SANITARIAS","INHI","CONEXOES","0180","","",96755,"JOELHO 90 GRAUS, PPR, DN 110 MM, CLASSE PN 25,  INSTALADO EM RESERVAÇÃO DE ÁGUA DE EDIFICAÇÃO QUE POSSUA RESERVATÓRIO DE FIBRA/FIBROCIMENTO - FORNECIMENTO E INSTALAÇÃO. AF_06/2016","UN","ATRIBUÍDO SÃO PAULO",308.38,"CAIXA REFERENCIAL"]
["INSTALACOES HIDRO SANITARIAS","INHI","CONEXOES","0180","","",96756,"TÊ MISTURADOR, PPR, DN 20 MM, CLASSE PN 25,  INSTALADO EM RESERVAÇÃO DE ÁGUA DE EDIFICAÇÃO QUE POSSUA RESERVATÓRIO DE FIBRA/FIBROCIMENTO - FORNECIMENTO E INSTALAÇÃO. AF_06/2016","UN","ATRIBUÍDO SÃO PAULO",18.95,"CAIXA REFERENCIAL"]
["INSTALACOES HIDRO SANITARIAS","INHI","CONEXOES","0180","","",96757,"TÊ MISTURADOR, PPR, DN 25 MM, CLASSE PN 25,  INSTALADO EM RESERVAÇÃO DE ÁGUA DE EDIFICAÇÃO QUE POSSUA RESERVATÓRIO DE FIBRA/FIBROCIMENTO - FORNECIMENTO E INSTALAÇÃO. AF_06/2016","UN","ATRIBUÍDO SÃO PAULO",22.73,"CAIXA REFERENCIAL"]
["INSTALACOES HIDRO SANITARIAS","INHI","CONEXOES","0180","","",96758,"TÊ, PPR, DN 32 MM, CLASSE PN 25,  INSTALADO EM RESERVAÇÃO DE ÁGUA DE EDIFICAÇÃO QUE POSSUA RESERVATÓRIO DE FIBRA/FIBROCIMENTO - FORNECIMENTO E INSTALAÇÃO. AF_06/2016","UN","ATRIBUÍDO SÃO PAULO",17.09,"CAIXA REFERENCIAL"]
["INSTALACOES HIDRO SANITARIAS","INHI","CONEXOES","0180","","",96759,"TÊ, PPR, DN 40 MM, CLASSE PN 25,  INSTALADO EM RESERVAÇÃO DE ÁGUA DE EDIFICAÇÃO QUE POSSUA RESERVATÓRIO DE FIBRA/FIBROCIMENTO - FORNECIMENTO E INSTALAÇÃO. AF_06/2016","UN","ATRIBUÍDO SÃO PAULO",22.95,"CAIXA REFERENCIAL"]
["INSTALACOES HIDRO SANITARIAS","INHI","CONEXOES","0180","","",96760,"TÊ, PPR, DN 50 MM, CLASSE PN 25,  INSTALADO EM RESERVAÇÃO DE ÁGUA DE EDIFICAÇÃO QUE POSSUA RESERVATÓRIO DE FIBRA/FIBROCIMENTO - FORNECIMENTO E INSTALAÇÃO. AF_06/2016","UN","ATRIBUÍDO SÃO PAULO",40.19,"CAIXA REFERENCIAL"]
["INSTALACOES HIDRO SANITARIAS","INHI","CONEXOES","0180","","",96761,"TÊ, PPR, DN 63 MM, CLASSE PN 25,  INSTALADO EM RESERVAÇÃO DE ÁGUA DE EDIFICAÇÃO QUE POSSUA RESERVATÓRIO DE FIBRA/FIBROCIMENTO - FORNECIMENTO E INSTALAÇÃO. AF_06/2016","UN","ATRIBUÍDO SÃO PAULO",54.51,"CAIXA REFERENCIAL"]
["INSTALACOES HIDRO SANITARIAS","INHI","CONEXOES","0180","","",96762,"TÊ, PPR, DN 75 MM, CLASSE PN 25,  INSTALADO EM RESERVAÇÃO DE ÁGUA DE EDIFICAÇÃO QUE POSSUA RESERVATÓRIO DE FIBRA/FIBROCIMENTO - FORNECIMENTO E INSTALAÇÃO. AF_06/2016","UN","ATRIBUÍDO SÃO PAULO",109.43,"CAIXA REFERENCIAL"]
["INSTALACOES HIDRO SANITARIAS","INHI","CONEXOES","0180","","",96763,"TÊ, PPR, DN 90 MM, CLASSE PN 25,  INSTALADO EM RESERVAÇÃO DE ÁGUA DE EDIFICAÇÃO QUE POSSUA RESERVATÓRIO DE FIBRA/FIBROCIMENTO - FORNECIMENTO E INSTALAÇÃO. AF_06/2016","UN","ATRIBUÍDO SÃO PAULO",138.29,"CAIXA REFERENCIAL"]
["INSTALACOES HIDRO SANITARIAS","INHI","CONEXOES","0180","","",96764,"TÊ, PPR, DN 110 MM, CLASSE PN 25,  INSTALADO EM RESERVAÇÃO DE ÁGUA DE EDIFICAÇÃO QUE POSSUA RESERVATÓRIO DE FIBRA/FIBROCIMENTO - FORNECIMENTO E INSTALAÇÃO. AF_06/2016","UN","ATRIBUÍDO SÃO PAULO",280.39,"CAIXA REFERENCIAL"]
["INSTALACOES HIDRO SANITARIAS","INHI","CONEXOES","0180","","",96802,"KIT CHASSI PEX, PRÉ-FABRICADO, PARA CHUVEIRO, INCLUSO QUADRO METÁLICO, TUBOS, REGISTROS DE PRESSÃO E CONEXÕES POR CRIMPAGEM - FORNECIMENTO E INSTALAÇÃO. AF_02/2023","UN","ATRIBUÍDO SÃO PAULO",369.24,"CAIXA REFERENCIAL"]
["INSTALACOES HIDRO SANITARIAS","INHI","CONEXOES","0180","","",96803,"KIT CHASSI PEX, PRÉ-FABRICADO, PARA COZINHA COM CUBA SIMPLES, INCLUSO QUADRO METÁLICO, TUBOS E CONEXÕES POR CRIMPAGEM - FORNECIMENTO E INSTALAÇÃO. AF_02/2023","UN","ATRIBUÍDO SÃO PAULO",66.790000000000006,"CAIXA REFERENCIAL"]
["INSTALACOES HIDRO SANITARIAS","INHI","CONEXOES","0180","","",96804,"KIT CHASSI PEX, PRÉ-FABRICADO, PARA ÁREA DE SERVIÇO COM TANQUE E MÁQUINA DE LAVAR ROUPA, INCLUSO QUADRO METÁLICO, TUBOS E CONEXÕES POR CRIMPAGEM - FORNECIMENTO E INSTALAÇÃO. AF_02/2023","UN","ATRIBUÍDO SÃO PAULO",107.09,"CAIXA REFERENCIAL"]
["INSTALACOES HIDRO SANITARIAS","INHI","CONEXOES","0180","","",96805,"KIT CHASSI PEX, PRÉ-FABRICADO, PARA CHUVEIRO, INCLUSO QUADRO METÁLICO, TUBOS, REGISTROS DE PRESSÃO E CONEXÕES POR ANEL DESLIZANTE - FORNECIMENTO E INSTALAÇÃO. AF_02/2023","UN","ATRIBUÍDO SÃO PAULO",190.25,"CAIXA REFERENCIAL"]
["INSTALACOES HIDRO SANITARIAS","INHI","CONEXOES","0180","","",96806,"KIT CHASSI PEX, PRÉ-FABRICADO, PARA COZINHA COM CUBA SIMPLES, INCLUSO QUADRO METÁLICO, TUBOS E CONEXÕES POR ANEL DESLIZANTE - FORNECIMENTO E INSTALAÇÃO. AF_02/2023","UN","ATRIBUÍDO SÃO PAULO",72.760000000000005,"CAIXA REFERENCIAL"]
["INSTALACOES HIDRO SANITARIAS","INHI","CONEXOES","0180","","",96807,"KIT CHASSI PEX, PRÉ-FABRICADO, PARA ÁREA DE SERVIÇO COM TANQUE E MÁQUINA DE LAVAR ROUPA, INCLUSO QUADRO METÁLICO, TUBOS E CONEXÕES POR ANEL DESLIZANTE - FORNECIMENTO E INSTALAÇÃO. AF_02/2023","UN","ATRIBUÍDO SÃO PAULO",116.54,"CAIXA REFERENCIAL"]
["INSTALACOES HIDRO SANITARIAS","INHI","CONEXOES","0180","","",96808,"UNIÃO METÁLICA PARA INSTALAÇÕES EM PEX ÁGUA, DN 16 MM, COM ANEL DESLIZANTE - FORNECIMENTO E INSTALAÇÃO. AF_02/2023","UN","ATRIBUÍDO SÃO PAULO",14.75,"CAIXA REFERENCIAL"]
["INSTALACOES HIDRO SANITARIAS","INHI","CONEXOES","0180","","",96809,"CONEXÃO FIXA, ROSCA FÊMEA, METÁLICA, PARA INSTALAÇÕES EM PEX ÁGUA, DN 16 MM X 1/2\", COM ANEL DESLIZANTE. FORNECIMENTO E INSTALAÇÃO. AF_02/2023","UN","ATRIBUÍDO SÃO PAULO",16.309999999999999,"CAIXA REFERENCIAL"]
["INSTALACOES HIDRO SANITARIAS","INHI","CONEXOES","0180","","",96810,"CONEXÃO MÓVEL, ROSCA FÊMEA, METÁLICA, PARA INSTALAÇÕES EM PEX ÁGUA, DN 16 MM X 3/4\", COM ANEL DESLIZANTE. FORNECIMENTO E INSTALAÇÃO. AF_02/2023","UN","ATRIBUÍDO SÃO PAULO",17.71,"CAIXA REFERENCIAL"]
["INSTALACOES HIDRO SANITARIAS","INHI","CONEXOES","0180","","",96811,"UNIÃO METÁLICA PARA INSTALAÇÕES EM PEX ÁGUA, DN 20 MM, COM ANEL DESLIZANTE - FORNECIMENTO E INSTALAÇÃO. AF_02/2023","UN","ATRIBUÍDO SÃO PAULO",18.670000000000002,"CAIXA REFERENCIAL"]
["INSTALACOES HIDRO SANITARIAS","INHI","CONEXOES","0180","","",96812,"CONEXÃO FIXA, ROSCA FÊMEA, METÁLICA, PARA INSTALAÇÕES EM PEX ÁGUA, DN 20 MM X 1/2\", COM ANEL DESLIZANTE. FORNECIMENTO E INSTALAÇÃO. AF_02/2023","UN","ATRIBUÍDO SÃO PAULO",17.010000000000002,"CAIXA REFERENCIAL"]
["INSTALACOES HIDRO SANITARIAS","INHI","CONEXOES","0180","","",96813,"CONEXÃO FIXA, ROSCA FÊMEA, METÁLICA, PARA INSTALAÇÕES EM PEX ÁGUA, DN 20 MM X 3/4\", COM ANEL DESLIZANTE. FORNECIMENTO E INSTALAÇÃO. AF_02/2023","UN","ATRIBUÍDO SÃO PAULO",19.39,"CAIXA REFERENCIAL"]
["INSTALACOES HIDRO SANITARIAS","INHI","CONEXOES","0180","","",96814,"UNIÃO DE REDUÇÃO, METÁLICA, PARA INSTALAÇÕES EM PEX ÁGUA, DN 20 X 16 MM, CONEXÃO POR ANEL DESLIZANTE - FORNECIMENTO E INSTALAÇÃO. AF_02/2023","UN","ATRIBUÍDO SÃO PAULO",13.96,"CAIXA REFERENCIAL"]
["INSTALACOES HIDRO SANITARIAS","INHI","CONEXOES","0180","","",96815,"UNIÃO METÁLICA PARA INSTALAÇÕES EM PEX ÁGUA, DN 25 MM, COM ANEL DESLIZANTE - FORNECIMENTO E INSTALAÇÃO. AF_02/2023","UN","ATRIBUÍDO SÃO PAULO",29.11,"CAIXA REFERENCIAL"]
["INSTALACOES HIDRO SANITARIAS","INHI","CONEXOES","0180","","",96816,"CONEXÃO FIXA, ROSCA FÊMEA, METÁLICA, PARA INSTALAÇÕES EM PEX ÁGUA, DN 25 MM X 3/4\", COM ANEL DESLIZANTE - FORNECIMENTO E INSTALAÇÃO. AF_02/2023","UN","ATRIBUÍDO SÃO PAULO",21.92,"CAIXA REFERENCIAL"]
["INSTALACOES HIDRO SANITARIAS","INHI","CONEXOES","0180","","",96817,"CONEXÃO FIXA, ROSCA FÊMEA, METÁLICA, PARA INSTALAÇÕES EM PEX ÁGUA, DN 25 MM X 1\", COM ANEL DESLIZANTE - FORNECIMENTO E INSTALAÇÃO. AF_02/2023","UN","ATRIBUÍDO SÃO PAULO",29.35,"CAIXA REFERENCIAL"]
["INSTALACOES HIDRO SANITARIAS","INHI","CONEXOES","0180","","",96818,"UNIÃO DE REDUÇÃO, METÁLICA, PARA INSTALAÇÕES EM PEX ÁGUA, DN 25 X 16 MM, CONEXÃO POR ANEL DESLIZANTE - FORNECIMENTO E INSTALAÇÃO. AF_02/2023","UN","ATRIBUÍDO SÃO PAULO",18.84,"CAIXA REFERENCIAL"]
["INSTALACOES HIDRO SANITARIAS","INHI","CONEXOES","0180","","",96819,"UNIÃO DE REDUÇÃO, METÁLICA, PARA INSTALAÇÕES EM PEX ÁGUA, DN 25 X 20 MM, CONEXÃO POR ANEL DESLIZANTE - FORNECIMENTO E INSTALAÇÃO. AF_02/2023","UN","ATRIBUÍDO SÃO PAULO",20.190000000000001,"CAIXA REFERENCIAL"]
["INSTALACOES HIDRO SANITARIAS","INHI","CONEXOES","0180","","",96820,"UNIÃO METÁLICA PARA INSTALAÇÕES EM PEX ÁGUA, DN 32 MM, COM ANEL DESLIZANTE - FORNECIMENTO E INSTALAÇÃO. AF_02/2023","UN","ATRIBUÍDO SÃO PAULO",35,"CAIXA REFERENCIAL"]
["INSTALACOES HIDRO SANITARIAS","INHI","CONEXOES","0180","","",96821,"CONEXÃO FIXA, ROSCA FÊMEA, METÁLICA, PARA INSTALAÇÕES EM PEX ÁGUA, DN 32 MM X 1\", COM ANEL DESLIZANTE - FORNECIMENTO E INSTALAÇÃO. AF_02/2023","UN","ATRIBUÍDO SÃO PAULO",32.68,"CAIXA REFERENCIAL"]
["INSTALACOES HIDRO SANITARIAS","INHI","CONEXOES","0180","","",96822,"UNIÃO DE REDUÇÃO, METÁLICA, PARA INSTALAÇÕES EM PEX ÁGUA, DN 32 X 25 MM, CONEXÃO POR ANEL DESLIZANTE - FORNECIMENTO E INSTALAÇÃO. AF_02/2023","UN","ATRIBUÍDO SÃO PAULO",26.55,"CAIXA REFERENCIAL"]
["INSTALACOES HIDRO SANITARIAS","INHI","CONEXOES","0180","","",96823,"LUVA PARA INSTALAÇÕES EM PEX ÁGUA, DN 16 MM, CONEXÃO POR CRIMPAGEM - FORNECIMENTO E INSTALAÇÃO. AF_02/2023","UN","ATRIBUÍDO SÃO PAULO",9.83,"CAIXA REFERENCIAL"]
["INSTALACOES HIDRO SANITARIAS","INHI","CONEXOES","0180","","",96824,"CONEXÃO FIXA, ROSCA FÊMEA, PARA INSTALAÇÕES EM PEX ÁGUA, DN 16MM X 1/2\", CONEXÃO POR CRIMPAGEM - FORNECIMENTO E INSTALAÇÃO. AF_02/2023","UN","ATRIBUÍDO SÃO PAULO",15.31,"CAIXA REFERENCIAL"]
["INSTALACOES HIDRO SANITARIAS","INHI","CONEXOES","0180","","",96826,"LUVA PARA INSTALAÇÕES EM PEX ÁGUA, DN 20 MM, CONEXÃO POR CRIMPAGEM - FORNECIMENTO E INSTALAÇÃO. AF_02/2023","UN","ATRIBUÍDO SÃO PAULO",11.39,"CAIXA REFERENCIAL"]
["INSTALACOES HIDRO SANITARIAS","INHI","CONEXOES","0180","","",96827,"CONEXÃO FIXA, ROSCA FÊMEA, PARA INSTALAÇÕES EM PEX ÁGUA, DN 20MM X 1/2\", CONEXÃO POR CRIMPAGEM - FORNECIMENTO E INSTALAÇÃO. AF_02/2023","UN","ATRIBUÍDO SÃO PAULO",16.690000000000001,"CAIXA REFERENCIAL"]
["INSTALACOES HIDRO SANITARIAS","INHI","CONEXOES","0180","","",96828,"CONEXÃO FIXA, ROSCA FÊMEA, PARA INSTALAÇÕES EM PEX ÁGUA, DN 20MM X 3/4\", CONEXÃO POR CRIMPAGEM - FORNECIMENTO E INSTALAÇÃO. AF_02/2023","UN","ATRIBUÍDO SÃO PAULO",20.63,"CAIXA REFERENCIAL"]
["INSTALACOES HIDRO SANITARIAS","INHI","CONEXOES","0180","","",96829,"LUVA DE REDUÇÃO PARA INSTALAÇÕES EM PEX ÁGUA, DN 20 X 16 MM, CONEXÃO POR CRIMPAGEM - FORNECIMENTO E INSTALAÇÃO. AF_02/2023","UN","ATRIBUÍDO SÃO PAULO",16.07,"CAIXA REFERENCIAL"]
["INSTALACOES HIDRO SANITARIAS","INHI","CONEXOES","0180","","",96830,"LUVA PARA INSTALAÇÕES EM PEX ÁGUA, DN 25 MM, CONEXÃO POR CRIMPAGEM - FORNECIMENTO E INSTALAÇÃO. AF_02/2023","UN","ATRIBUÍDO SÃO PAULO",18.04,"CAIXA REFERENCIAL"]
["INSTALACOES HIDRO SANITARIAS","INHI","CONEXOES","0180","","",96832,"CONEXÃO FIXA, ROSCA FÊMEA, PARA INSTALAÇÕES EM PEX ÁGUA, DN 25MM X 3/4\", CONEXÃO POR CRIMPAGEM - FORNECIMENTO E INSTALAÇÃO. AF_02/2023","UN","ATRIBUÍDO SÃO PAULO",25.99,"CAIXA REFERENCIAL"]
["INSTALACOES HIDRO SANITARIAS","INHI","CONEXOES","0180","","",96833,"LUVA DE REDUÇÃO PARA INSTALAÇÕES EM PEX ÁGUA, DN 25 X 16 MM, CONEXÃO POR CRIMPAGEM - FORNECIMENTO E INSTALAÇÃO. AF_02/2023","UN","ATRIBUÍDO SÃO PAULO",20.54,"CAIXA REFERENCIAL"]
["INSTALACOES HIDRO SANITARIAS","INHI","CONEXOES","0180","","",96834,"LUVA PARA INSTALAÇÕES EM PEX ÁGUA, DN 32 MM, CONEXÃO POR CRIMPAGEM - FORNECIMENTO E INSTALAÇÃO. AF_02/2023","UN","ATRIBUÍDO SÃO PAULO",24.46,"CAIXA REFERENCIAL"]
["INSTALACOES HIDRO SANITARIAS","INHI","CONEXOES","0180","","",96836,"LUVA DE REDUÇÃO PARA INSTALAÇÕES EM PEX ÁGUA, DN 32 X 25 MM, CONEXÃO POR CRIMPAGEM - FORNECIMENTO E INSTALAÇÃO. AF_02/2023","UN","ATRIBUÍDO SÃO PAULO",29.41,"CAIXA REFERENCIAL"]
["INSTALACOES HIDRO SANITARIAS","INHI","CONEXOES","0180","","",96837,"JOELHO 90 GRAUS, METÁLICO, PARA INSTALAÇÕES EM PEX ÁGUA, DN 16 MM, CONEXÃO POR ANEL DESLIZANTE - FORNECIMENTO E INSTALAÇÃO. AF_02/2023","UN","ATRIBUÍDO SÃO PAULO",18.18,"CAIXA REFERENCIAL"]
["INSTALACOES HIDRO SANITARIAS","INHI","CONEXOES","0180","","",96838,"JOELHO 90 GRAUS, ROSCA FÊMEA TERMINAL, METÁLICO, PARA INSTALAÇÕES EM PEX ÁGUA, DN 16MM X 1/2\", CONEXÃO POR ANEL DESLIZANTE - FORNECIMENTO E INSTALAÇÃO. AF_02/2023","UN","ATRIBUÍDO SÃO PAULO",21.84,"CAIXA REFERENCIAL"]
["INSTALACOES HIDRO SANITARIAS","INHI","CONEXOES","0180","","",96839,"JOELHO, ROSCA FÊMEA, COM BASE FIXA, METÁLICO, PARA INSTALAÇÕES EM PEX ÁGUA, DN 16MM X 1/2\", CONEXÃO POR ANEL DESLIZANTE - FORNECIMENTO E INSTALAÇÃO. AF_02/2023","UN","ATRIBUÍDO SÃO PAULO",22.6,"CAIXA REFERENCIAL"]
["INSTALACOES HIDRO SANITARIAS","INHI","CONEXOES","0180","","",96840,"JOELHO 90 GRAUS, METÁLICO, PARA INSTALAÇÕES EM PEX ÁGUA, DN 20 MM, CONEXÃO POR ANEL DESLIZANTE - FORNECIMENTO E INSTALAÇÃO. AF_02/2023","UN","ATRIBUÍDO SÃO PAULO",21.96,"CAIXA REFERENCIAL"]
["INSTALACOES HIDRO SANITARIAS","INHI","CONEXOES","0180","","",96841,"JOELHO 90 GRAUS, ROSCA FÊMEA TERMINAL, METÁLICO, PARA INSTALAÇÕES EM PEX ÁGUA, DN 20 MM X 1/2\", CONEXÃO POR ANEL DESLIZANTE - FORNECIMENTO E INSTALAÇÃO. AF_02/2023","UN","ATRIBUÍDO SÃO PAULO",24.27,"CAIXA REFERENCIAL"]
["INSTALACOES HIDRO SANITARIAS","INHI","CONEXOES","0180","","",96842,"JOELHO 90 GRAUS, ROSCA FÊMEA TERMINAL, METÁLICO, PARA INSTALAÇÕES EM PEX ÁGUA, DN 20 MM X 3/4\", CONEXÃO POR ANEL DESLIZANTE - FORNECIMENTO E INSTALAÇÃO. AF_02/2023","UN","ATRIBUÍDO SÃO PAULO",27.81,"CAIXA REFERENCIAL"]
["INSTALACOES HIDRO SANITARIAS","INHI","CONEXOES","0180","","",96843,"JOELHO ROSCA FÊMEA, COM BASE FIXA, METÁLICO, PARA INSTALAÇÕES EM PEX ÁGUA, DN 20MM X 1/2\", CONEXÃO POR ANEL DESLIZANTE - FORNECIMENTO E INSTALAÇÃO. AF_02/2023","UN","ATRIBUÍDO SÃO PAULO",25.29,"CAIXA REFERENCIAL"]
["INSTALACOES HIDRO SANITARIAS","INHI","CONEXOES","0180","","",96844,"JOELHO ROSCA FÊMEA, MÓVEL, METÁLICO, PARA INSTALAÇÕES EM PEX ÁGUA, DN 20MM X 3/4\", CONEXÃO POR ANEL DESLIZANTE - FORNECIMENTO E INSTALAÇÃO. AF_02/2023","UN","ATRIBUÍDO SÃO PAULO",29.14,"CAIXA REFERENCIAL"]
["INSTALACOES HIDRO SANITARIAS","INHI","CONEXOES","0180","","",96845,"JOELHO 90 GRAUS, METÁLICO, PARA INSTALAÇÕES EM PEX ÁGUA, DN 25 MM, CONEXÃO POR ANEL DESLIZANTE - FORNECIMENTO E INSTALAÇÃO. AF_02/2023","UN","ATRIBUÍDO SÃO PAULO",34.71,"CAIXA REFERENCIAL"]
["INSTALACOES HIDRO SANITARIAS","INHI","CONEXOES","0180","","",96846,"JOELHO 90 GRAUS, ROSCA FÊMEA TERMINAL, METÁLICO, PARA INSTALAÇÕES EM PEX ÁGUA, DN 25 MM X 3/4\", CONEXÃO POR ANEL DESLIZANTE - FORNECIMENTO E INSTALAÇÃO. AF_02/2023","UN","ATRIBUÍDO SÃO PAULO",32.479999999999997,"CAIXA REFERENCIAL"]
["INSTALACOES HIDRO SANITARIAS","INHI","CONEXOES","0180","","",96847,"JOELHO ROSCA FÊMEA, COM BASE FIXA, METÁLICO, PARA INSTALAÇÕES EM PEX ÁGUA, DN 25MM X 3/4\", CONEXÃO POR ANEL DESLIZANTE - FORNECIMENTO E INSTALAÇÃO. AF_02/2023","UN","ATRIBUÍDO SÃO PAULO",32.03,"CAIXA REFERENCIAL"]
["INSTALACOES HIDRO SANITARIAS","INHI","CONEXOES","0180","","",96848,"JOELHO 90 GRAUS, METÁLICO, PARA INSTALAÇÕES EM PEX ÁGUA, DN 32 MM, CONEXÃO POR ANEL DESLIZANTE - FORNECIMENTO E INSTALAÇÃO. AF_02/2023","UN","ATRIBUÍDO SÃO PAULO",46.11,"CAIXA REFERENCIAL"]
["INSTALACOES HIDRO SANITARIAS","INHI","CONEXOES","0180","","",96849,"JOELHO 90 GRAUS, PARA INSTALAÇÕES EM PEX ÁGUA, DN 16 MM, CONEXÃO POR CRIMPAGEM - FORNECIMENTO E INSTALAÇÃO. AF_02/2023","UN","ATRIBUÍDO SÃO PAULO",14.52,"CAIXA REFERENCIAL"]
["INSTALACOES HIDRO SANITARIAS","INHI","CONEXOES","0180","","",96850,"JOELHO 90 GRAUS, ROSCA FÊMEA TERMINAL, PARA INSTALAÇÕES EM PEX ÁGUA, DN 16MM X 1/2\", CONEXÃO POR CRIMPAGEM - FORNECIMENTO E INSTALAÇÃO. AF_02/2023","UN","ATRIBUÍDO SÃO PAULO",20.38,"CAIXA REFERENCIAL"]
["INSTALACOES HIDRO SANITARIAS","INHI","CONEXOES","0180","","",96852,"JOELHO 90 GRAUS, PARA INSTALAÇÕES EM PEX ÁGUA, DN 20 MM, CONEXÃO POR CRIMPAGEM - FORNECIMENTO E INSTALAÇÃO. AF_02/2023","UN","ATRIBUÍDO SÃO PAULO",18.510000000000002,"CAIXA REFERENCIAL"]
["INSTALACOES HIDRO SANITARIAS","INHI","CONEXOES","0180","","",96853,"JOELHO 90 GRAUS, ROSCA FÊMEA TERMINAL, PARA INSTALAÇÕES EM PEX ÁGUA, DN 20MM X 1/2\", CONEXÃO POR CRIMPAGEM - FORNECIMENTO E INSTALAÇÃO. AF_02/2023","UN","ATRIBUÍDO SÃO PAULO",21.91,"CAIXA REFERENCIAL"]
["INSTALACOES HIDRO SANITARIAS","INHI","CONEXOES","0180","","",96854,"JOELHO 90 GRAUS, ROSCA FÊMEA TERMINAL, PARA INSTALAÇÕES EM PEX ÁGUA, DN 20MM X 3/4\", CONEXÃO POR CRIMPAGEM - FORNECIMENTO E INSTALAÇÃO. AF_02/2023","UN","ATRIBUÍDO SÃO PAULO",27.04,"CAIXA REFERENCIAL"]
["INSTALACOES HIDRO SANITARIAS","INHI","CONEXOES","0180","","",96855,"JOELHO 90 GRAUS, PARA INSTALAÇÕES EM PEX ÁGUA, DN 25 MM, CONEXÃO POR CRIMPAGEM - FORNECIMENTO E INSTALAÇÃO. AF_02/2023","UN","ATRIBUÍDO SÃO PAULO",29.14,"CAIXA REFERENCIAL"]
["INSTALACOES HIDRO SANITARIAS","INHI","CONEXOES","0180","","",96856,"JOELHO 90 GRAUS, ROSCA FÊMEA TERMINAL, PARA INSTALAÇÕES EM PEX ÁGUA, DN 25MM X 1/2\", CONEXÃO POR CRIMPAGEM - FORNECIMENTO E INSTALAÇÃO. AF_02/2023","UN","ATRIBUÍDO SÃO PAULO",31.09,"CAIXA REFERENCIAL"]
["INSTALACOES HIDRO SANITARIAS","INHI","CONEXOES","0180","","",96860,"TÊ, METÁLICO, PARA INSTALAÇÕES EM PEX ÁGUA, DN 16 MM, CONEXÃO POR ANEL DESLIZANTE - FORNECIMENTO E INSTALAÇÃO. AF_02/2023","UN","ATRIBUÍDO SÃO PAULO",26.03,"CAIXA REFERENCIAL"]
["INSTALACOES HIDRO SANITARIAS","INHI","CONEXOES","0180","","",96861,"TÊ, ROSCA FÊMEA, METÁLICO, PARA INSTALAÇÕES EM PEX ÁGUA, DN 16 MM X ½\", CONEXÃO POR ANEL DESLIZANTE - FORNECIMENTO E INSTALAÇÃO. AF_02/2023","UN","ATRIBUÍDO SÃO PAULO",32.92,"CAIXA REFERENCIAL"]
["INSTALACOES HIDRO SANITARIAS","INHI","CONEXOES","0180","","",96862,"TÊ, METÁLICO, PARA INSTALAÇÕES EM PEX ÁGUA, DN 20 MM, CONEXÃO POR ANEL DESLIZANTE - FORNECIMENTO E INSTALAÇÃO. AF_02/2023","UN","ATRIBUÍDO SÃO PAULO",32.03,"CAIXA REFERENCIAL"]
["INSTALACOES HIDRO SANITARIAS","INHI","CONEXOES","0180","","",96863,"TÊ, ROSCA FÊMEA, METÁLICO, PARA INSTALAÇÕES EM PEX ÁGUA, DN 20 MM X 1/2\", CONEXÃO POR ANEL DESLIZANTE - FORNECIMENTO E INSTALAÇÃO. AF_02/2023","UN","ATRIBUÍDO SÃO PAULO",33.700000000000003,"CAIXA REFERENCIAL"]
["INSTALACOES HIDRO SANITARIAS","INHI","CONEXOES","0180","","",96864,"TÊ, METÁLICO, PARA INSTALAÇÕES EM PEX ÁGUA, DN 25 MM, CONEXÃO POR ANEL DESLIZANTE - FORNECIMENTO E INSTALAÇÃO. AF_02/2023","UN","ATRIBUÍDO SÃO PAULO",45.37,"CAIXA REFERENCIAL"]
["INSTALACOES HIDRO SANITARIAS","INHI","CONEXOES","0180","","",96865,"TÊ, ROSCA FÊMEA, METÁLICO, PARA INSTALAÇÕES EM PEX ÁGUA, DN 25 MM X 3/4\", CONEXÃO POR ANEL DESLIZANTE - FORNECIMENTO E INSTALAÇÃO. AF_02/2023","UN","ATRIBUÍDO SÃO PAULO",39.76,"CAIXA REFERENCIAL"]
["INSTALACOES HIDRO SANITARIAS","INHI","CONEXOES","0180","","",96866,"TÊ, METÁLICO, PARA INSTALAÇÕES EM PEX ÁGUA, DN 32 MM, CONEXÃO POR ANEL DESLIZANTE - FORNECIMENTO E INSTALAÇÃO. AF_02/2023","UN","ATRIBUÍDO SÃO PAULO",59.06,"CAIXA REFERENCIAL"]
["INSTALACOES HIDRO SANITARIAS","INHI","CONEXOES","0180","","",96868,"TÊ, PARA INSTALAÇÕES EM PEX ÁGUA, DN 16 MM, CONEXÃO POR CRIMPAGEM - FORNECIMENTO E INSTALAÇÃO. AF_02/2023","UN","ATRIBUÍDO SÃO PAULO",16.98,"CAIXA REFERENCIAL"]
["INSTALACOES HIDRO SANITARIAS","INHI","CONEXOES","0180","","",96869,"TÊ, PARA INSTALAÇÕES EM PEX ÁGUA, DN 20 MM, CONEXÃO POR CRIMPAGEM - FORNECIMENTO E INSTALAÇÃO. AF_02/2023","UN","ATRIBUÍDO SÃO PAULO",26.13,"CAIXA REFERENCIAL"]
["INSTALACOES HIDRO SANITARIAS","INHI","CONEXOES","0180","","",96870,"TÊ, PARA INSTALAÇÕES EM PEX ÁGUA, DN 25 MM, CONEXÃO POR CRIMPAGEM - FORNECIMENTO E INSTALAÇÃO. AF_02/2023","UN","ATRIBUÍDO SÃO PAULO",39.36,"CAIXA REFERENCIAL"]
["INSTALACOES HIDRO SANITARIAS","INHI","CONEXOES","0180","","",96871,"TÊ, PARA INSTALAÇÕES EM PEX ÁGUA, DN 32 MM, CONEXÃO POR CRIMPAGEM - FORNECIMENTO E INSTALAÇÃO. AF_02/2023","UN","ATRIBUÍDO SÃO PAULO",44.95,"CAIXA REFERENCIAL"]
["INSTALACOES HIDRO SANITARIAS","INHI","CONEXOES","0180","","",96872,"DISTRIBUIDOR 2 SAÍDAS, METÁLICO, PARA INSTALAÇÕES EM PEX ÁGUA, ENTRADA DE 3/4\" X 2 SAÍDAS DE 1/2\", CONEXÃO POR ANEL DESLIZANTE - FORNECIMENTO E INSTALAÇÃO. AF_02/2023","UN","ATRIBUÍDO SÃO PAULO",41.53,"CAIXA REFERENCIAL"]
["INSTALACOES HIDRO SANITARIAS","INHI","CONEXOES","0180","","",96873,"DISTRIBUIDOR 2 SAÍDAS, METÁLICO, PARA INSTALAÇÕES EM PEX ÁGUA, ENTRADA DE 1\" X 2 SAÍDAS DE 1/2\", CONEXÃO POR ANEL DESLIZANTE - FORNECIMENTO E INSTALAÇÃO. AF_02/2023","UN","ATRIBUÍDO SÃO PAULO",55.45,"CAIXA REFERENCIAL"]
["INSTALACOES HIDRO SANITARIAS","INHI","CONEXOES","0180","","",96874,"DISTRIBUIDOR 3 SAÍDAS, METÁLICO, PARA INSTALAÇÕES EM PEX ÁGUA, ENTRADA DE 3/4\" X 3 SAÍDAS DE 1/2\", CONEXÃO POR ANEL DESLIZANTE - FORNECIMENTO E INSTALAÇÃO. AF_02/2023","UN","ATRIBUÍDO SÃO PAULO",50.54,"CAIXA REFERENCIAL"]
["INSTALACOES HIDRO SANITARIAS","INHI","CONEXOES","0180","","",96875,"DISTRIBUIDOR 3 SAÍDAS, METÁLICO, PARA INSTALAÇÕES EM PEX ÁGUA, ENTRADA DE 1\" X 3 SAÍDAS DE 1/2\", CONEXÃO POR ANEL DESLIZANTE - FORNECIMENTO E INSTALAÇÃO. AF_02/2023","UN","ATRIBUÍDO SÃO PAULO",66.45,"CAIXA REFERENCIAL"]
["INSTALACOES HIDRO SANITARIAS","INHI","CONEXOES","0180","","",96876,"DISTRIBUIDOR 2 SAÍDAS, PARA INSTALAÇÕES EM PEX ÁGUA, ENTRADA DE 32 MM X 2 SAÍDAS DE 16 MM, CONEXÃO POR CRIMPAGEM FORNECIMENTO E INSTALAÇÃO. AF_02/2023","UN","ATRIBUÍDO SÃO PAULO",158.65,"CAIXA REFERENCIAL"]
["INSTALACOES HIDRO SANITARIAS","INHI","CONEXOES","0180","","",96878,"DISTRIBUIDOR 2 SAÍDAS, PARA INSTALAÇÕES EM PEX ÁGUA, ENTRADA DE 32 MM X 2 SAÍDAS DE 25 MM, CONEXÃO POR CRIMPAGEM - FORNECIMENTO E INSTALAÇÃO. AF_02/2023","UN","ATRIBUÍDO SÃO PAULO",177.75,"CAIXA REFERENCIAL"]
["INSTALACOES HIDRO SANITARIAS","INHI","CONEXOES","0180","","",96879,"DISTRIBUIDOR 3 SAÍDAS, PARA INSTALAÇÕES EM PEX ÁGUA, ENTRADA DE 32 MM X 3 SAÍDAS DE 16 MM, CONEXÃO POR CRIMPAGEM - FORNECIMENTO E INSTALAÇÃO. AF_02/2023","UN","ATRIBUÍDO SÃO PAULO",172.31,"CAIXA REFERENCIAL"]
["INSTALACOES HIDRO SANITARIAS","INHI","CONEXOES","0180","","",96881,"DISTRIBUIDOR 3 SAÍDAS, PARA INSTALAÇÕES EM PEX ÁGUA, ENTRADA DE 32 MM X 3 SAÍDAS DE 25 MM, CONEXÃO POR CRIMPAGEM - FORNECIMENTO E INSTALAÇÃO. AF_02/2023","UN","ATRIBUÍDO SÃO PAULO",203.83,"CAIXA REFERENCIAL"]
["INSTALACOES HIDRO SANITARIAS","INHI","CONEXOES","0180","","",97425,"FLANGE EM AÇO, DN 15 MM X 1/2'', INSTALADO EM RESERVAÇÃO DE ÁGUA DE EDIFICAÇÃO QUE POSSUA RESERVATÓRIO DE FIBRA/FIBROCIMENTO - FORNECIMENTO E INSTALAÇÃO. AF_06/2016","UN","ATRIBUÍDO SÃO PAULO",32.630000000000003,"CAIXA REFERENCIAL"]
["INSTALACOES HIDRO SANITARIAS","INHI","CONEXOES","0180","","",97426,"FLANGE EM AÇO, DN 20 MM X 3/4'', INSTALADO EM RESERVAÇÃO DE ÁGUA DE EDIFICAÇÃO QUE POSSUA RESERVATÓRIO DE FIBRA/FIBROCIMENTO - FORNECIMENTO E INSTALAÇÃO. AF_06/2016","UN","ATRIBUÍDO SÃO PAULO",40.14,"CAIXA REFERENCIAL"]
["INSTALACOES HIDRO SANITARIAS","INHI","CONEXOES","0180","","",97427,"FLANGE EM AÇO, DN 25 MM X 1'', INSTALADO EM RESERVAÇÃO DE ÁGUA DE EDIFICAÇÃO QUE POSSUA RESERVATÓRIO DE FIBRA/FIBROCIMENTO - FORNECIMENTO E INSTALAÇÃO. AF_06/2016","UN","ATRIBUÍDO SÃO PAULO",45.82,"CAIXA REFERENCIAL"]
["INSTALACOES HIDRO SANITARIAS","INHI","CONEXOES","0180","","",97428,"FLANGE EM AÇO, DN 32 MM X 1 1/4'', INSTALADO EM RESERVAÇÃO DE ÁGUA DE EDIFICAÇÃO QUE POSSUA RESERVATÓRIO DE FIBRA/FIBROCIMENTO - FORNECIMENTO E INSTALAÇÃO. AF_06/2016","UN","ATRIBUÍDO SÃO PAULO",59,"CAIXA REFERENCIAL"]
["INSTALACOES HIDRO SANITARIAS","INHI","CONEXOES","0180","","",97429,"FLANGE EM AÇO, DN 40 MM X 1 1/2'', INSTALADO EM RESERVAÇÃO DE ÁGUA DE EDIFICAÇÃO QUE POSSUA RESERVATÓRIO DE FIBRA/FIBROCIMENTO - FORNECIMENTO E INSTALAÇÃO. AF_06/2016","UN","ATRIBUÍDO SÃO PAULO",71.13,"CAIXA REFERENCIAL"]
["INSTALACOES HIDRO SANITARIAS","INHI","CONEXOES","0180","","",97430,"ACOPLAMENTO RÍGIDO EM AÇO, CONEXÃO RANHURADA, DN 50 (2\"), INSTALADO EM PRUMADAS - FORNECIMENTO E INSTALAÇÃO. AF_10/2020","UN","ATRIBUÍDO SÃO PAULO",37.92,"CAIXA REFERENCIAL"]
["INSTALACOES HIDRO SANITARIAS","INHI","CONEXOES","0180","","",97431,"ACOPLAMENTO RÍGIDO EM AÇO, CONEXÃO RANHURADA, DN 65 (2 1/2\"), INSTALADO EM PRUMADAS - FORNECIMENTO E INSTALAÇÃO. AF_10/2020","UN","ATRIBUÍDO SÃO PAULO",42.29,"CAIXA REFERENCIAL"]
["INSTALACOES HIDRO SANITARIAS","INHI","CONEXOES","0180","","",97432,"ACOPLAMENTO RÍGIDO EM AÇO, CONEXÃO RANHURADA, DN 80 (3\"), INSTALADO EM PRUMADAS - FORNECIMENTO E INSTALAÇÃO. AF_10/2020","UN","ATRIBUÍDO SÃO PAULO",47.72,"CAIXA REFERENCIAL"]
["INSTALACOES HIDRO SANITARIAS","INHI","CONEXOES","0180","","",97433,"CURVA 45 GRAUS, EM AÇO, CONEXÃO RANHURADA, DN 50 (2\"), INSTALADO EM PRUMADAS - FORNECIMENTO E INSTALAÇÃO. AF_10/2020","UN","ATRIBUÍDO SÃO PAULO",86.6,"CAIXA REFERENCIAL"]
["INSTALACOES HIDRO SANITARIAS","INHI","CONEXOES","0180","","",97434,"CURVA 90 GRAUS, EM AÇO, CONEXÃO RANHURADA, DN 50 (2\"), INSTALADO EM PRUMADAS - FORNECIMENTO E INSTALAÇÃO. AF_10/2020","UN","ATRIBUÍDO SÃO PAULO",88.23,"CAIXA REFERENCIAL"]
["INSTALACOES HIDRO SANITARIAS","INHI","CONEXOES","0180","","",97435,"CURVA 45 GRAUS, EM AÇO, CONEXÃO RANHURADA, DN 65 (2 1/2\"), INSTALADO EM PRUMADAS - FORNECIMENTO E INSTALAÇÃO. AF_10/2020","UN","ATRIBUÍDO SÃO PAULO",101.29,"CAIXA REFERENCIAL"]
["INSTALACOES HIDRO SANITARIAS","INHI","CONEXOES","0180","","",97436,"CURVA 90 GRAUS, EM AÇO, CONEXÃO RANHURADA, DN 65 (2 1/2\"), INSTALADO EM PRUMADAS - FORNECIMENTO E INSTALAÇÃO. AF_10/2020","UN","ATRIBUÍDO SÃO PAULO",104.41,"CAIXA REFERENCIAL"]
["INSTALACOES HIDRO SANITARIAS","INHI","CONEXOES","0180","","",97437,"CURVA 45 GRAUS, EM AÇO, CONEXÃO RANHURADA, DN 80 (3\"), INSTALADO EM PRUMADAS - FORNECIMENTO E INSTALAÇÃO. AF_10/2020","UN","ATRIBUÍDO SÃO PAULO",115.94,"CAIXA REFERENCIAL"]
["INSTALACOES HIDRO SANITARIAS","INHI","CONEXOES","0180","","",97438,"CURVA 90 GRAUS, EM AÇO, CONEXÃO RANHURADA, DN 80 (3\"), INSTALADO EM PRUMADAS - FORNECIMENTO E INSTALAÇÃO. AF_10/2020","UN","ATRIBUÍDO SÃO PAULO",119.29,"CAIXA REFERENCIAL"]
["INSTALACOES HIDRO SANITARIAS","INHI","CONEXOES","0180","","",97439,"TÊ, EM AÇO, CONEXÃO RANHURADA, DN 50 (2\"), INSTALADO EM PRUMADAS - FORNECIMENTO E INSTALAÇÃO. AF_10/2020","UN","ATRIBUÍDO SÃO PAULO",131.06,"CAIXA REFERENCIAL"]
["INSTALACOES HIDRO SANITARIAS","INHI","CONEXOES","0180","","",97440,"TÊ, EM AÇO, CONEXÃO RANHURADA, DN 65 (2 1/2\"), INSTALADO EM PRUMADAS - FORNECIMENTO E INSTALAÇÃO. AF_10/2020","UN","ATRIBUÍDO SÃO PAULO",157.11000000000001,"CAIXA REFERENCIAL"]
["INSTALACOES HIDRO SANITARIAS","INHI","CONEXOES","0180","","",97442,"TÊ, EM AÇO, CONEXÃO RANHURADA, DN 80 (3\"), INSTALADO EM PRUMADAS - FORNECIMENTO E INSTALAÇÃO. AF_10/2020","UN","ATRIBUÍDO SÃO PAULO",173.59,"CAIXA REFERENCIAL"]
["INSTALACOES HIDRO SANITARIAS","INHI","CONEXOES","0180","","",97443,"LUVA, EM AÇO, CONEXÃO SOLDADA, DN 50 (2\"), INSTALADO EM PRUMADAS - FORNECIMENTO E INSTALAÇÃO. AF_10/2020","UN","ATRIBUÍDO SÃO PAULO",109.53,"CAIXA REFERENCIAL"]
["INSTALACOES HIDRO SANITARIAS","INHI","CONEXOES","0180","","",97444,"LUVA COM REDUÇÃO, EM AÇO, CONEXÃO SOLDADA, DN 50 X 40 MM (2  X 1 1/2\"), INSTALADO EM PRUMADAS - FORNECIMENTO E INSTALAÇÃO. AF_10/2020","UN","ATRIBUÍDO SÃO PAULO",129.91999999999999,"CAIXA REFERENCIAL"]
["INSTALACOES HIDRO SANITARIAS","INHI","CONEXOES","0180","","",97446,"LUVA, EM AÇO, CONEXÃO SOLDADA, DN 65 (2 1/2\"), INSTALADO EM PRUMADAS - FORNECIMENTO E INSTALAÇÃO. AF_10/2020","UN","ATRIBUÍDO SÃO PAULO",228.02,"CAIXA REFERENCIAL"]
["INSTALACOES HIDRO SANITARIAS","INHI","CONEXOES","0180","","",97447,"LUVA COM REDUÇÃO, EM AÇO, CONEXÃO SOLDADA, DN 65 X 50 MM (2 1/2\" X 2\"), INSTALADO EM PRUMADAS - FORNECIMENTO E INSTALAÇÃO. AF_10/2020","UN","ATRIBUÍDO SÃO PAULO",228.02,"CAIXA REFERENCIAL"]
["INSTALACOES HIDRO SANITARIAS","INHI","CONEXOES","0180","","",97449,"LUVA, EM AÇO, CONEXÃO SOLDADA, DN 80 (3\"), INSTALADO EM PRUMADAS - FORNECIMENTO E INSTALAÇÃO. AF_10/2020","UN","ATRIBUÍDO SÃO PAULO",242.5,"CAIXA REFERENCIAL"]
["INSTALACOES HIDRO SANITARIAS","INHI","CONEXOES","0180","","",97450,"LUVA COM REDUÇÃO, EM AÇO, CONEXÃO SOLDADA, DN 80 X 65 MM (3\" X 2 1/2\"), INSTALADO EM PRUMADAS - FORNECIMENTO E INSTALAÇÃO. AF_10/2020","UN","ATRIBUÍDO SÃO PAULO",298.02,"CAIXA REFERENCIAL"]
["INSTALACOES HIDRO SANITARIAS","INHI","CONEXOES","0180","","",97452,"CURVA 45 GRAUS, EM AÇO, CONEXÃO SOLDADA, DN 50 (2\"), INSTALADO EM PRUMADAS - FORNECIMENTO E INSTALAÇÃO. AF_10/2020","UN","ATRIBUÍDO SÃO PAULO",181.18,"CAIXA REFERENCIAL"]
["INSTALACOES HIDRO SANITARIAS","INHI","CONEXOES","0180","","",97453,"CURVA 90 GRAUS, EM AÇO, CONEXÃO SOLDADA, DN 50 (2\"), INSTALADO EM PRUMADAS - FORNECIMENTO E INSTALAÇÃO. AF_10/2020","UN","ATRIBUÍDO SÃO PAULO",192.82,"CAIXA REFERENCIAL"]
["INSTALACOES HIDRO SANITARIAS","INHI","CONEXOES","0180","","",97454,"CURVA 45 GRAUS, EM AÇO, CONEXÃO SOLDADA, DN 65 (2 1/2\"), INSTALADO EM PRUMADAS - FORNECIMENTO E INSTALAÇÃO. AF_10/2020","UN","ATRIBUÍDO SÃO PAULO",312.94,"CAIXA REFERENCIAL"]
["INSTALACOES HIDRO SANITARIAS","INHI","CONEXOES","0180","","",97455,"CURVA 90 GRAUS, EM AÇO, CONEXÃO SOLDADA, DN 65 (2 1/2\"), INSTALADO EM PRUMADAS - FORNECIMENTO E INSTALAÇÃO. AF_10/2020","UN","ATRIBUÍDO SÃO PAULO",331.55,"CAIXA REFERENCIAL"]
["INSTALACOES HIDRO SANITARIAS","INHI","CONEXOES","0180","","",97456,"CURVA 45 GRAUS, EM AÇO, CONEXÃO SOLDADA, DN 80 (3\"), INSTALADO EM PRUMADAS - FORNECIMENTO E INSTALAÇÃO. AF_10/2020","UN","ATRIBUÍDO SÃO PAULO",719.33,"CAIXA REFERENCIAL"]
["INSTALACOES HIDRO SANITARIAS","INHI","CONEXOES","0180","","",97457,"CURVA 90 GRAUS, EM AÇO, CONEXÃO SOLDADA, DN 80 (3\"), INSTALADO EM PRUMADAS - FORNECIMENTO E INSTALAÇÃO. AF_10/2020","UN","ATRIBUÍDO SÃO PAULO",635.84,"CAIXA REFERENCIAL"]
["INSTALACOES HIDRO SANITARIAS","INHI","CONEXOES","0180","","",97458,"TÊ, EM AÇO, CONEXÃO SOLDADA, DN 50 (2\"), INSTALADO EM PRUMADAS - FORNECIMENTO E INSTALAÇÃO. AF_10/2020","UN","ATRIBUÍDO SÃO PAULO",288.27,"CAIXA REFERENCIAL"]
["INSTALACOES HIDRO SANITARIAS","INHI","CONEXOES","0180","","",97459,"TÊ, EM AÇO, CONEXÃO SOLDADA, DN 65 (2 1/2\"), INSTALADO EM PRUMADAS - FORNECIMENTO E INSTALAÇÃO. AF_10/2020","UN","ATRIBUÍDO SÃO PAULO",500.75,"CAIXA REFERENCIAL"]
["INSTALACOES HIDRO SANITARIAS","INHI","CONEXOES","0180","","",97460,"TÊ, EM AÇO, CONEXÃO SOLDADA, DN 80 (3\"), INSTALADO EM PRUMADAS - FORNECIMENTO E INSTALAÇÃO. AF_10/2020","UN","ATRIBUÍDO SÃO PAULO",774.79,"CAIXA REFERENCIAL"]
["INSTALACOES HIDRO SANITARIAS","INHI","CONEXOES","0180","","",97461,"LUVA, EM AÇO, CONEXÃO SOLDADA, DN 25 (1\"), INSTALADO EM REDE DE ALIMENTAÇÃO PARA HIDRANTE - FORNECIMENTO E INSTALAÇÃO. AF_10/2020","UN","ATRIBUÍDO SÃO PAULO",34.6,"CAIXA REFERENCIAL"]
["INSTALACOES HIDRO SANITARIAS","INHI","CONEXOES","0180","","",97462,"LUVA COM REDUÇÃO, EM AÇO, CONEXÃO SOLDADA, DN 25 X 20 MM (1  X 3/4\"), INSTALADO EM REDE DE ALIMENTAÇÃO PARA HIDRANTE - FORNECIMENTO E INSTALAÇÃO. AF_10/2020","UN","ATRIBUÍDO SÃO PAULO",28.63,"CAIXA REFERENCIAL"]
["INSTALACOES HIDRO SANITARIAS","INHI","CONEXOES","0180","","",97464,"LUVA, EM AÇO, CONEXÃO SOLDADA, DN 32 (1 1/4\"), INSTALADO EM REDE DE ALIMENTAÇÃO PARA HIDRANTE - FORNECIMENTO E INSTALAÇÃO. AF_10/2020","UN","ATRIBUÍDO SÃO PAULO",50.06,"CAIXA REFERENCIAL"]
["INSTALACOES HIDRO SANITARIAS","INHI","CONEXOES","0180","","",97465,"LUVA COM REDUÇÃO, EM AÇO, CONEXÃO SOLDADA, DN 32 X 25 MM (1 1/4\"  X 1\"), INSTALADO EM REDE DE ALIMENTAÇÃO PARA HIDRANTE - FORNECIMENTO E INSTALAÇÃO. AF_10/2020","UN","ATRIBUÍDO SÃO PAULO",60.13,"CAIXA REFERENCIAL"]
["INSTALACOES HIDRO SANITARIAS","INHI","CONEXOES","0180","","",97467,"LUVA, EM AÇO, CONEXÃO SOLDADA, DN 40 (1 1/2\"), INSTALADO EM REDE DE ALIMENTAÇÃO PARA HIDRANTE - FORNECIMENTO E INSTALAÇÃO. AF_10/2020","UN","ATRIBUÍDO SÃO PAULO",63.57,"CAIXA REFERENCIAL"]
["INSTALACOES HIDRO SANITARIAS","INHI","CONEXOES","0180","","",97468,"LUVA COM REDUÇÃO, EM AÇO, CONEXÃO SOLDADA, DN 40  X 32 MM (1 1/2\" X 1 1/4\"), INSTALADO EM REDE DE ALIMENTAÇÃO PARA HIDRANTE - FORNECIMENTO E INSTALAÇÃO. AF_10/2020","UN","ATRIBUÍDO SÃO PAULO",76.47,"CAIXA REFERENCIAL"]
["INSTALACOES HIDRO SANITARIAS","INHI","CONEXOES","0180","","",97470,"LUVA, EM AÇO, CONEXÃO SOLDADA, DN 50 (2\"), INSTALADO EM REDE DE ALIMENTAÇÃO PARA HIDRANTE - FORNECIMENTO E INSTALAÇÃO. AF_10/2020","UN","ATRIBUÍDO SÃO PAULO",94.46,"CAIXA REFERENCIAL"]
["INSTALACOES HIDRO SANITARIAS","INHI","CONEXOES","0180","","",97471,"LUVA COM REDUÇÃO, EM AÇO, CONEXÃO SOLDADA, DN 50 X 40 MM (2\" X 1 1/2\"), INSTALADO EM REDE DE ALIMENTAÇÃO PARA HIDRANTE - FORNECIMENTO E INSTALAÇÃO. AF_10/2020","UN","ATRIBUÍDO SÃO PAULO",114.85,"CAIXA REFERENCIAL"]
["INSTALACOES HIDRO SANITARIAS","INHI","CONEXOES","0180","","",97474,"LUVA, EM AÇO, CONEXÃO SOLDADA, DN 65 (2 1/2\"), INSTALADO EM REDE DE ALIMENTAÇÃO PARA HIDRANTE - FORNECIMENTO E INSTALAÇÃO. AF_10/2020","UN","ATRIBUÍDO SÃO PAULO",174.3,"CAIXA REFERENCIAL"]
["INSTALACOES HIDRO SANITARIAS","INHI","CONEXOES","0180","","",97475,"LUVA COM REDUÇÃO, EM AÇO, CONEXÃO SOLDADA, DN 65 X 50 MM (2 1/2\" X 2\"), INSTALADO EM REDE DE ALIMENTAÇÃO PARA HIDRANTE - FORNECIMENTO E INSTALAÇÃO. AF_10/2020","UN","ATRIBUÍDO SÃO PAULO",215.51,"CAIXA REFERENCIAL"]
["INSTALACOES HIDRO SANITARIAS","INHI","CONEXOES","0180","","",97477,"LUVA, EM AÇO, CONEXÃO SOLDADA, DN 80 (3\"), INSTALADO EM REDE DE ALIMENTAÇÃO PARA HIDRANTE - FORNECIMENTO E INSTALAÇÃO. AF_10/2020","UN","ATRIBUÍDO SÃO PAULO",232.56,"CAIXA REFERENCIAL"]
["INSTALACOES HIDRO SANITARIAS","INHI","CONEXOES","0180","","",97478,"LUVA COM REDUÇÃO, EM AÇO, CONEXÃO SOLDADA, DN 80 X 65 MM (3\" X 2 1/2\"), INSTALADO EM REDE DE ALIMENTAÇÃO PARA HIDRANTE - FORNECIMENTO E INSTALAÇÃO. AF_10/2020","UN","ATRIBUÍDO SÃO PAULO",288.08,"CAIXA REFERENCIAL"]
["INSTALACOES HIDRO SANITARIAS","INHI","CONEXOES","0180","","",97479,"CURVA 45 GRAUS, EM AÇO, CONEXÃO SOLDADA, DN 25 (1\"), INSTALADO EM REDE DE ALIMENTAÇÃO PARA HIDRANTE - FORNECIMENTO E INSTALAÇÃO. AF_10/2020","UN","ATRIBUÍDO SÃO PAULO",56.04,"CAIXA REFERENCIAL"]
["INSTALACOES HIDRO SANITARIAS","INHI","CONEXOES","0180","","",97480,"CURVA 90 GRAUS, EM AÇO, CONEXÃO SOLDADA, DN 25 (1\"), INSTALADO EM REDE DE ALIMENTAÇÃO PARA HIDRANTE - FORNECIMENTO E INSTALAÇÃO. AF_10/2020","UN","ATRIBUÍDO SÃO PAULO",56.04,"CAIXA REFERENCIAL"]
["INSTALACOES HIDRO SANITARIAS","INHI","CONEXOES","0180","","",97481,"CURVA 45 GRAUS, EM AÇO, CONEXÃO SOLDADA, DN 32 (1 1/4\"), INSTALADO EM REDE DE ALIMENTAÇÃO PARA HIDRANTE - FORNECIMENTO E INSTALAÇÃO. AF_10/2020","UN","ATRIBUÍDO SÃO PAULO",81.58,"CAIXA REFERENCIAL"]
["INSTALACOES HIDRO SANITARIAS","INHI","CONEXOES","0180","","",97482,"CURVA 90 GRAUS, EM AÇO, CONEXÃO SOLDADA, DN 32 (1 1/4\"), INSTALADO EM REDE DE ALIMENTAÇÃO PARA HIDRANTE - FORNECIMENTO E INSTALAÇÃO. AF_10/2020","UN","ATRIBUÍDO SÃO PAULO",81.58,"CAIXA REFERENCIAL"]
["INSTALACOES HIDRO SANITARIAS","INHI","CONEXOES","0180","","",97483,"CURVA 45 GRAUS, EM AÇO, CONEXÃO SOLDADA, DN 40 (1 1/2\"), INSTALADO EM REDE DE ALIMENTAÇÃO PARA HIDRANTE - FORNECIMENTO E INSTALAÇÃO. AF_10/2020","UN","ATRIBUÍDO SÃO PAULO",114.7,"CAIXA REFERENCIAL"]
["INSTALACOES HIDRO SANITARIAS","INHI","CONEXOES","0180","","",97484,"CURVA 90 GRAUS, EM AÇO, CONEXÃO SOLDADA, DN 40 (1 1/2\"), INSTALADO EM REDE DE ALIMENTAÇÃO PARA HIDRANTE - FORNECIMENTO E INSTALAÇÃO. AF_10/2020","UN","ATRIBUÍDO SÃO PAULO",114.7,"CAIXA REFERENCIAL"]
["INSTALACOES HIDRO SANITARIAS","INHI","CONEXOES","0180","","",97485,"CURVA 45 GRAUS, EM AÇO, CONEXÃO SOLDADA, DN 50 (2\"), INSTALADO EM REDE DE ALIMENTAÇÃO PARA HIDRANTE - FORNECIMENTO E INSTALAÇÃO. AF_10/2020","UN","ATRIBUÍDO SÃO PAULO",158.6,"CAIXA REFERENCIAL"]
["INSTALACOES HIDRO SANITARIAS","INHI","CONEXOES","0180","","",97486,"CURVA 90 GRAUS, EM AÇO, CONEXÃO SOLDADA, DN 50 (2\"), INSTALADO EM REDE DE ALIMENTAÇÃO PARA HIDRANTE - FORNECIMENTO E INSTALAÇÃO. AF_10/2020","UN","ATRIBUÍDO SÃO PAULO",170.24,"CAIXA REFERENCIAL"]
["INSTALACOES HIDRO SANITARIAS","INHI","CONEXOES","0180","","",97487,"CURVA 45 GRAUS, EM AÇO, CONEXÃO SOLDADA, DN 65 (2 1/2\"), INSTALADO EM REDE DE ALIMENTAÇÃO PARA HIDRANTE - FORNECIMENTO E INSTALAÇÃO. AF_10/2020","UN","ATRIBUÍDO SÃO PAULO",294.22000000000003,"CAIXA REFERENCIAL"]
["INSTALACOES HIDRO SANITARIAS","INHI","CONEXOES","0180","","",97488,"CURVA 90 GRAUS, EM AÇO, CONEXÃO SOLDADA, DN 65 (2 1/2\"), INSTALADO EM REDE DE ALIMENTAÇÃO PARA HIDRANTE - FORNECIMENTO E INSTALAÇÃO. AF_10/2020","UN","ATRIBUÍDO SÃO PAULO",312.83,"CAIXA REFERENCIAL"]
["INSTALACOES HIDRO SANITARIAS","INHI","CONEXOES","0180","","",97489,"CURVA 45 GRAUS, EM AÇO, CONEXÃO SOLDADA, DN 80 (3\"), INSTALADO EM REDE DE ALIMENTAÇÃO PARA HIDRANTE - FORNECIMENTO E INSTALAÇÃO. AF_10/2020","UN","ATRIBUÍDO SÃO PAULO",704.39,"CAIXA REFERENCIAL"]
["INSTALACOES HIDRO SANITARIAS","INHI","CONEXOES","0180","","",97490,"CURVA 90 GRAUS, EM AÇO, CONEXÃO SOLDADA, DN 80 (3\"), INSTALADO EM REDE DE ALIMENTAÇÃO PARA HIDRANTE - FORNECIMENTO E INSTALAÇÃO. AF_10/2020","UN","ATRIBUÍDO SÃO PAULO",620.9,"CAIXA REFERENCIAL"]
["INSTALACOES HIDRO SANITARIAS","INHI","CONEXOES","0180","","",97491,"TÊ, EM AÇO, CONEXÃO SOLDADA, DN 25 (1\"), INSTALADO EM REDE DE ALIMENTAÇÃO PARA HIDRANTE - FORNECIMENTO E INSTALAÇÃO. AF_10/2020","UN","ATRIBUÍDO SÃO PAULO",87.03,"CAIXA REFERENCIAL"]
["INSTALACOES HIDRO SANITARIAS","INHI","CONEXOES","0180","","",97492,"TÊ, EM AÇO, CONEXÃO SOLDADA, DN 32 (1 1/4\"), INSTALADO EM REDE DE ALIMENTAÇÃO PARA HIDRANTE - FORNECIMENTO E INSTALAÇÃO. AF_10/2020","UN","ATRIBUÍDO SÃO PAULO",128.19999999999999,"CAIXA REFERENCIAL"]
["INSTALACOES HIDRO SANITARIAS","INHI","CONEXOES","0180","","",97493,"TÊ, EM AÇO, CONEXÃO SOLDADA, DN 40 (1 1/2\"), INSTALADO EM REDE DE ALIMENTAÇÃO PARA HIDRANTE - FORNECIMENTO E INSTALAÇÃO. AF_10/2020","UN","ATRIBUÍDO SÃO PAULO",165.49,"CAIXA REFERENCIAL"]
["INSTALACOES HIDRO SANITARIAS","INHI","CONEXOES","0180","","",97494,"TÊ, EM AÇO, CONEXÃO SOLDADA, DN 50 (2\"), INSTALADO EM REDE DE ALIMENTAÇÃO PARA HIDRANTE - FORNECIMENTO E INSTALAÇÃO. AF_10/2020","UN","ATRIBUÍDO SÃO PAULO",258.11,"CAIXA REFERENCIAL"]
["INSTALACOES HIDRO SANITARIAS","INHI","CONEXOES","0180","","",97495,"TÊ, EM AÇO, CONEXÃO SOLDADA, DN 65 (2 1/2\"), INSTALADO EM REDE DE ALIMENTAÇÃO PARA HIDRANTE - FORNECIMENTO E INSTALAÇÃO. AF_10/2020","UN","ATRIBUÍDO SÃO PAULO",475.73,"CAIXA REFERENCIAL"]
["INSTALACOES HIDRO SANITARIAS","INHI","CONEXOES","0180","","",97496,"TÊ, EM AÇO, CONEXÃO SOLDADA, DN 80 (3\"), INSTALADO EM REDE DE ALIMENTAÇÃO PARA HIDRANTE - FORNECIMENTO E INSTALAÇÃO. AF_10/2020","UN","ATRIBUÍDO SÃO PAULO",754.92,"CAIXA REFERENCIAL"]
["INSTALACOES HIDRO SANITARIAS","INHI","CONEXOES","0180","","",97499,"LUVA, EM AÇO, CONEXÃO SOLDADA, DN 25 (1\"), INSTALADO EM REDE DE ALIMENTAÇÃO PARA SPRINKLER - FORNECIMENTO E INSTALAÇÃO. AF_10/2020","UN","ATRIBUÍDO SÃO PAULO",32.15,"CAIXA REFERENCIAL"]
["INSTALACOES HIDRO SANITARIAS","INHI","CONEXOES","0180","","",97500,"LUVA COM REDUÇÃO, EM AÇO, CONEXÃO SOLDADA, DN 25 X 20 MM (1\" X 3/4\"), INSTALADO EM REDE DE ALIMENTAÇÃO PARA SPRINKLER - FORNECIMENTO E INSTALAÇÃO. AF_10/2020","UN","ATRIBUÍDO SÃO PAULO",26.18,"CAIXA REFERENCIAL"]
["INSTALACOES HIDRO SANITARIAS","INHI","CONEXOES","0180","","",97502,"LUVA, EM AÇO, CONEXÃO SOLDADA, DN 32 (1 1/4\"), INSTALADO EM REDE DE ALIMENTAÇÃO PARA SPRINKLER - FORNECIMENTO E INSTALAÇÃO. AF_10/2020","UN","ATRIBUÍDO SÃO PAULO",45.53,"CAIXA REFERENCIAL"]
["INSTALACOES HIDRO SANITARIAS","INHI","CONEXOES","0180","","",97503,"LUVA COM REDUÇÃO, EM AÇO, CONEXÃO SOLDADA, DN 32 X 25 MM (1 1/4\"  X 1\"), INSTALADO EM REDE DE ALIMENTAÇÃO PARA SPRINKLER - FORNECIMENTO E INSTALAÇÃO. AF_10/2020","UN","ATRIBUÍDO SÃO PAULO",55.83,"CAIXA REFERENCIAL"]
["INSTALACOES HIDRO SANITARIAS","INHI","CONEXOES","0180","","",97505,"LUVA, EM AÇO, CONEXÃO SOLDADA, DN 40 (1 1/2\"), INSTALADO EM REDE DE ALIMENTAÇÃO PARA SPRINKLER - FORNECIMENTO E INSTALAÇÃO. AF_10/2020","UN","ATRIBUÍDO SÃO PAULO",57.21,"CAIXA REFERENCIAL"]
["INSTALACOES HIDRO SANITARIAS","INHI","CONEXOES","0180","","",97506,"LUVA COM REDUÇÃO, EM AÇO, CONEXÃO SOLDADA, DN 40  X 32 MM (1 1/2\" X 1 1/4\"), INSTALADO EM REDE DE ALIMENTAÇÃO PARA SPRINKLER - FORNECIMENTO E INSTALAÇÃO. AF_10/2020","UN","ATRIBUÍDO SÃO PAULO",70.11,"CAIXA REFERENCIAL"]
["INSTALACOES HIDRO SANITARIAS","INHI","CONEXOES","0180","","",97508,"LUVA, EM AÇO, CONEXÃO SOLDADA, DN 50 (2\"), INSTALADO EM REDE DE ALIMENTAÇÃO PARA SPRINKLER - FORNECIMENTO E INSTALAÇÃO. AF_10/2020","UN","ATRIBUÍDO SÃO PAULO",85.43,"CAIXA REFERENCIAL"]
["INSTALACOES HIDRO SANITARIAS","INHI","CONEXOES","0180","","",97509,"LUVA COM REDUÇÃO, EM AÇO, CONEXÃO SOLDADA, DN 50 X 40 MM (2\" X 1 1/2\"), INSTALADO EM REDE DE ALIMENTAÇÃO PARA SPRINKLER - FORNECIMENTO E INSTALAÇÃO. AF_10/2020","UN","ATRIBUÍDO SÃO PAULO",105.82,"CAIXA REFERENCIAL"]
["INSTALACOES HIDRO SANITARIAS","INHI","CONEXOES","0180","","",97511,"LUVA, EM AÇO, CONEXÃO SOLDADA, DN 65 (2 1/2\"), INSTALADO EM REDE DE ALIMENTAÇÃO PARA SPRINKLER - FORNECIMENTO E INSTALAÇÃO. AF_10/2020","UN","ATRIBUÍDO SÃO PAULO",161.36000000000001,"CAIXA REFERENCIAL"]
["INSTALACOES HIDRO SANITARIAS","INHI","CONEXOES","0180","","",97512,"LUVA COM REDUÇÃO, EM AÇO, CONEXÃO SOLDADA, DN 65 X 50 MM (2 1/2\" X 2\"), INSTALADO EM REDE DE ALIMENTAÇÃO PARA SPRINKLER - FORNECIMENTO E INSTALAÇÃO. AF_10/2020","UN","ATRIBUÍDO SÃO PAULO",202.57,"CAIXA REFERENCIAL"]
["INSTALACOES HIDRO SANITARIAS","INHI","CONEXOES","0180","","",97514,"LUVA, EM AÇO, CONEXÃO SOLDADA, DN 80 (3\"), INSTALADO EM REDE DE ALIMENTAÇÃO PARA SPRINKLER - FORNECIMENTO E INSTALAÇÃO. AF_10/2020","UN","ATRIBUÍDO SÃO PAULO",215.54,"CAIXA REFERENCIAL"]
["INSTALACOES HIDRO SANITARIAS","INHI","CONEXOES","0180","","",97515,"LUVA COM REDUÇÃO, EM AÇO, CONEXÃO SOLDADA, DN 80 X 65 MM (3\" X 2 1/2\"), INSTALADO EM REDE DE ALIMENTAÇÃO PARA SPRINKLER - FORNECIMENTO E INSTALAÇÃO. AF_10/2020","UN","ATRIBUÍDO SÃO PAULO",271.06,"CAIXA REFERENCIAL"]
["INSTALACOES HIDRO SANITARIAS","INHI","CONEXOES","0180","","",97517,"CURVA 45 GRAUS, EM AÇO, CONEXÃO SOLDADA, DN 25 (1\"), INSTALADO EM REDE DE ALIMENTAÇÃO PARA SPRINKLER - FORNECIMENTO E INSTALAÇÃO. AF_10/2020","UN","ATRIBUÍDO SÃO PAULO",52.39,"CAIXA REFERENCIAL"]
["INSTALACOES HIDRO SANITARIAS","INHI","CONEXOES","0180","","",97518,"CURVA 90 GRAUS, EM AÇO, CONEXÃO SOLDADA, DN 25 (1\"), INSTALADO EM REDE DE ALIMENTAÇÃO PARA SPRINKLER - FORNECIMENTO E INSTALAÇÃO. AF_10/2020","UN","ATRIBUÍDO SÃO PAULO",52.39,"CAIXA REFERENCIAL"]
["INSTALACOES HIDRO SANITARIAS","INHI","CONEXOES","0180","","",97519,"CURVA 45 GRAUS, EM AÇO, CONEXÃO SOLDADA, DN 32 (1 1/4\"), INSTALADO EM REDE DE ALIMENTAÇÃO PARA SPRINKLER - FORNECIMENTO E INSTALAÇÃO. AF_10/2020","UN","ATRIBUÍDO SÃO PAULO",75.14,"CAIXA REFERENCIAL"]
["INSTALACOES HIDRO SANITARIAS","INHI","CONEXOES","0180","","",97520,"CURVA 90 GRAUS, EM AÇO, CONEXÃO SOLDADA, DN 32 (1 1/4\"), INSTALADO EM REDE DE ALIMENTAÇÃO PARA SPRINKLER - FORNECIMENTO E INSTALAÇÃO. AF_10/2020","UN","ATRIBUÍDO SÃO PAULO",75.14,"CAIXA REFERENCIAL"]
["INSTALACOES HIDRO SANITARIAS","INHI","CONEXOES","0180","","",97521,"CURVA 45 GRAUS, EM AÇO, CONEXÃO SOLDADA, DN 40 (1 1/2\"), INSTALADO EM REDE DE ALIMENTAÇÃO PARA SPRINKLER - FORNECIMENTO E INSTALAÇÃO. AF_10/2020","UN","ATRIBUÍDO SÃO PAULO",105.12,"CAIXA REFERENCIAL"]
["INSTALACOES HIDRO SANITARIAS","INHI","CONEXOES","0180","","",97522,"CURVA 90 GRAUS, EM AÇO, CONEXÃO SOLDADA, DN 40 (1 1/2\"), INSTALADO EM REDE DE ALIMENTAÇÃO PARA SPRINKLER - FORNECIMENTO E INSTALAÇÃO. AF_10/2020","UN","ATRIBUÍDO SÃO PAULO",105.12,"CAIXA REFERENCIAL"]
["INSTALACOES HIDRO SANITARIAS","INHI","CONEXOES","0180","","",97523,"CURVA 45 GRAUS, EM AÇO, CONEXÃO SOLDADA, DN 50 (2\"), INSTALADO EM REDE DE ALIMENTAÇÃO PARA SPRINKLER - FORNECIMENTO E INSTALAÇÃO. AF_10/2020","UN","ATRIBUÍDO SÃO PAULO",145.07,"CAIXA REFERENCIAL"]
["INSTALACOES HIDRO SANITARIAS","INHI","CONEXOES","0180","","",97524,"CURVA 90 GRAUS, EM AÇO, CONEXÃO SOLDADA, DN 50 (2\"), INSTALADO EM REDE DE ALIMENTAÇÃO PARA SPRINKLER - FORNECIMENTO E INSTALAÇÃO. AF_10/2020","UN","ATRIBUÍDO SÃO PAULO",156.71,"CAIXA REFERENCIAL"]
["INSTALACOES HIDRO SANITARIAS","INHI","CONEXOES","0180","","",97525,"CURVA 45 GRAUS, EM AÇO, CONEXÃO SOLDADA, DN 65 (2 1/2\"), INSTALADO EM REDE DE ALIMENTAÇÃO PARA SPRINKLER - FORNECIMENTO E INSTALAÇÃO. AF_10/2020","UN","ATRIBUÍDO SÃO PAULO",274.7,"CAIXA REFERENCIAL"]
["INSTALACOES HIDRO SANITARIAS","INHI","CONEXOES","0180","","",97526,"CURVA 90 GRAUS, EM AÇO, CONEXÃO SOLDADA, DN 65 (2 1/2\"), INSTALADO EM REDE DE ALIMENTAÇÃO PARA SPRINKLER - FORNECIMENTO E INSTALAÇÃO. AF_10/2020","UN","ATRIBUÍDO SÃO PAULO",293.31,"CAIXA REFERENCIAL"]
["INSTALACOES HIDRO SANITARIAS","INHI","CONEXOES","0180","","",97527,"CURVA 45 GRAUS, EM AÇO, CONEXÃO SOLDADA, DN 80 (3\"), INSTALADO EM REDE DE ALIMENTAÇÃO PARA SPRINKLER - FORNECIMENTO E INSTALAÇÃO. AF_10/2020","UN","ATRIBUÍDO SÃO PAULO",678.93,"CAIXA REFERENCIAL"]
["INSTALACOES HIDRO SANITARIAS","INHI","CONEXOES","0180","","",97528,"CURVA 90 GRAUS, EM AÇO, CONEXÃO SOLDADA, DN 80 (3\"), INSTALADO EM REDE DE ALIMENTAÇÃO PARA SPRINKLER - FORNECIMENTO E INSTALAÇÃO. AF_10/2020","UN","ATRIBUÍDO SÃO PAULO",595.44000000000005,"CAIXA REFERENCIAL"]
["INSTALACOES HIDRO SANITARIAS","INHI","CONEXOES","0180","","",97529,"TÊ, EM AÇO, CONEXÃO SOLDADA, DN 25 (1\"), INSTALADO EM REDE DE ALIMENTAÇÃO PARA SPRINKLER - FORNECIMENTO E INSTALAÇÃO. AF_10/2020","UN","ATRIBUÍDO SÃO PAULO",82.24,"CAIXA REFERENCIAL"]
["INSTALACOES HIDRO SANITARIAS","INHI","CONEXOES","0180","","",97530,"TÊ, EM AÇO, CONEXÃO SOLDADA, DN 32 (1 1/4\"), INSTALADO EM REDE DE ALIMENTAÇÃO PARA SPRINKLER - FORNECIMENTO E INSTALAÇÃO. AF_10/2020","UN","ATRIBUÍDO SÃO PAULO",119.61,"CAIXA REFERENCIAL"]
["INSTALACOES HIDRO SANITARIAS","INHI","CONEXOES","0180","","",97531,"TÊ, EM AÇO, CONEXÃO SOLDADA, DN 40 (1 1/2\"), INSTALADO EM REDE DE ALIMENTAÇÃO PARA SPRINKLER - FORNECIMENTO E INSTALAÇÃO. AF_10/2020","UN","ATRIBUÍDO SÃO PAULO",152.69999999999999,"CAIXA REFERENCIAL"]
["INSTALACOES HIDRO SANITARIAS","INHI","CONEXOES","0180","","",97532,"TÊ, EM AÇO, CONEXÃO SOLDADA, DN 50 (2\"), INSTALADO EM REDE DE ALIMENTAÇÃO PARA SPRINKLER - FORNECIMENTO E INSTALAÇÃO. AF_10/2020","UN","ATRIBUÍDO SÃO PAULO",240.07,"CAIXA REFERENCIAL"]
["INSTALACOES HIDRO SANITARIAS","INHI","CONEXOES","0180","","",97533,"TÊ, EM AÇO, CONEXÃO SOLDADA, DN 65 (2 1/2\"), INSTALADO EM REDE DE ALIMENTAÇÃO PARA SPRINKLER - FORNECIMENTO E INSTALAÇÃO. AF_10/2020","UN","ATRIBUÍDO SÃO PAULO",453.57,"CAIXA REFERENCIAL"]
["INSTALACOES HIDRO SANITARIAS","INHI","CONEXOES","0180","","",97534,"TÊ, EM AÇO, CONEXÃO SOLDADA, DN 80 (3\"), INSTALADO EM REDE DE ALIMENTAÇÃO PARA SPRINKLER - FORNECIMENTO E INSTALAÇÃO. AF_10/2020","UN","ATRIBUÍDO SÃO PAULO",720.95,"CAIXA REFERENCIAL"]
["INSTALACOES HIDRO SANITARIAS","INHI","CONEXOES","0180","","",97537,"LUVA, EM AÇO, CONEXÃO SOLDADA, DN 15 (1/2\"), INSTALADO EM RAMAIS E SUB-RAMAIS DE GÁS - FORNECIMENTO E INSTALAÇÃO. AF_10/2020","UN","ATRIBUÍDO SÃO PAULO",23.92,"CAIXA REFERENCIAL"]
["INSTALACOES HIDRO SANITARIAS","INHI","CONEXOES","0180","","",97540,"LUVA, EM AÇO, CONEXÃO SOLDADA, DN 20 (3/4\"), INSTALADO EM RAMAIS E SUB-RAMAIS DE GÁS - FORNECIMENTO E INSTALAÇÃO. AF_10/2020","UN","ATRIBUÍDO SÃO PAULO",31.76,"CAIXA REFERENCIAL"]
["INSTALACOES HIDRO SANITARIAS","INHI","CONEXOES","0180","","",97541,"LUVA COM REDUÇÃO, EM AÇO, CONEXÃO SOLDADA, DN 20 X 15 MM (3/4\" X 1/2\"), INSTALADO EM RAMAIS E SUB-RAMAIS DE GÁS - FORNECIMENTO E INSTALAÇÃO. AF_10/2020","UN","ATRIBUÍDO SÃO PAULO",26.8,"CAIXA REFERENCIAL"]
["INSTALACOES HIDRO SANITARIAS","INHI","CONEXOES","0180","","",97543,"LUVA, EM AÇO, CONEXÃO SOLDADA, DN 25 (1\"), INSTALADO EM RAMAIS E SUB-RAMAIS DE GÁS - FORNECIMENTO E INSTALAÇÃO. AF_10/2020","UN","ATRIBUÍDO SÃO PAULO",51.11,"CAIXA REFERENCIAL"]
["INSTALACOES HIDRO SANITARIAS","INHI","CONEXOES","0180","","",97544,"LUVA COM REDUÇÃO, EM AÇO, CONEXÃO SOLDADA, DN 25 X 20 MM (1\" X 3/4\"), INSTALADO EM RAMAIS E SUB-RAMAIS DE GÁS - FORNECIMENTO E INSTALAÇÃO. AF_10/2020","UN","ATRIBUÍDO SÃO PAULO",45.14,"CAIXA REFERENCIAL"]
["INSTALACOES HIDRO SANITARIAS","INHI","CONEXOES","0180","","",97546,"CURVA 45 GRAUS, EM AÇO, CONEXÃO SOLDADA, DN 15 (1/2\"), INSTALADO EM RAMAIS E SUB-RAMAIS DE GÁS - FORNECIMENTO E INSTALAÇÃO. AF_10/2020","UN","ATRIBUÍDO SÃO PAULO",33.39,"CAIXA REFERENCIAL"]
["INSTALACOES HIDRO SANITARIAS","INHI","CONEXOES","0180","","",97547,"CURVA 90 GRAUS, EM AÇO, CONEXÃO SOLDADA, DN 15 (1/2\"), INSTALADO EM RAMAIS E SUB-RAMAIS DE GÁS - FORNECIMENTO E INSTALAÇÃO. AF_10/2020","UN","ATRIBUÍDO SÃO PAULO",33.39,"CAIXA REFERENCIAL"]
["INSTALACOES HIDRO SANITARIAS","INHI","CONEXOES","0180","","",97548,"CURVA 45 GRAUS, EM AÇO, CONEXÃO SOLDADA, DN 20 (3/4\"), INSTALADO EM RAMAIS E SUB-RAMAIS DE GÁS - FORNECIMENTO E INSTALAÇÃO. AF_10/2020","UN","ATRIBUÍDO SÃO PAULO",49.15,"CAIXA REFERENCIAL"]
["INSTALACOES HIDRO SANITARIAS","INHI","CONEXOES","0180","","",97549,"CURVA 90 GRAUS, EM AÇO, CONEXÃO SOLDADA, DN 20 (3/4\"), INSTALADO EM RAMAIS E SUB-RAMAIS DE GÁS - FORNECIMENTO E INSTALAÇÃO. AF_10/2020","UN","ATRIBUÍDO SÃO PAULO",49.15,"CAIXA REFERENCIAL"]
["INSTALACOES HIDRO SANITARIAS","INHI","CONEXOES","0180","","",97550,"CURVA 45 GRAUS, EM AÇO, CONEXÃO SOLDADA, DN 25 (1\"), INSTALADO EM RAMAIS E SUB-RAMAIS DE GÁS - FORNECIMENTO E INSTALAÇÃO. AF_10/2020","UN","ATRIBUÍDO SÃO PAULO",80.849999999999994,"CAIXA REFERENCIAL"]
["INSTALACOES HIDRO SANITARIAS","INHI","CONEXOES","0180","","",97551,"CURVA 90 GRAUS, EM AÇO, CONEXÃO SOLDADA, DN 25 (1\"), INSTALADO EM RAMAIS E SUB-RAMAIS DE GÁS - FORNECIMENTO E INSTALAÇÃO. AF_10/2020","UN","ATRIBUÍDO SÃO PAULO",80.849999999999994,"CAIXA REFERENCIAL"]
["INSTALACOES HIDRO SANITARIAS","INHI","CONEXOES","0180","","",97552,"TÊ, EM AÇO, CONEXÃO SOLDADA, DN 15 (1/2\"), INSTALADO EM RAMAIS E SUB-RAMAIS DE GÁS - FORNECIMENTO E INSTALAÇÃO. AF_10/2020","UN","ATRIBUÍDO SÃO PAULO",48.82,"CAIXA REFERENCIAL"]
["INSTALACOES HIDRO SANITARIAS","INHI","CONEXOES","0180","","",97553,"TÊ, EM AÇO, CONEXÃO SOLDADA, DN 20 (3/4\"), INSTALADO EM RAMAIS E SUB-RAMAIS DE GÁS - FORNECIMENTO E INSTALAÇÃO. AF_10/2020","UN","ATRIBUÍDO SÃO PAULO",69.84,"CAIXA REFERENCIAL"]
["INSTALACOES HIDRO SANITARIAS","INHI","CONEXOES","0180","","",97554,"TÊ, EM AÇO, CONEXÃO SOLDADA, DN 25 (1\"), INSTALADO EM RAMAIS E SUB-RAMAIS DE GÁS - FORNECIMENTO E INSTALAÇÃO. AF_10/2020","UN","ATRIBUÍDO SÃO PAULO",120.21,"CAIXA REFERENCIAL"]
["INSTALACOES HIDRO SANITARIAS","INHI","CONEXOES","0180","","",98602,"CONECTOR EM BRONZE/LATÃO, DN 22 MM X 1/2\", SEM ANEL DE SOLDA, BOLSA X ROSCA F, INSTALADO EM PRUMADA DE HIDRÁULICA PREDIAL - FORNECIMENTO E INSTALAÇÃO. AF_04/2022","UN","ATRIBUÍDO SÃO PAULO",17.12,"CAIXA REFERENCIAL"]
["INSTALACOES HIDRO SANITARIAS","INHI","CONEXOES","0180","","",103805,"COTOVELO EM COBRE, DN 15 MM, 90 GRAUS, SEM ANEL DE SOLDA, INSTALADO EM RAMAL E SUB-RAMAL DE GÁS COMBUSTÍVEL - FORNECIMENTO E INSTALAÇÃO. AF_04/2022","UN","ATRIBUÍDO SÃO PAULO",16.87,"CAIXA REFERENCIAL"]
["INSTALACOES HIDRO SANITARIAS","INHI","CONEXOES","0180","","",103806,"CURVA EM COBRE, DN 15 MM, 45 GRAUS, SEM ANEL DE SOLDA, BOLSA X BOLSA, INSTALADO EM RAMAL E SUB-RAMAL DE GÁS COMBUSTÍVEL - FORNECIMENTO E INSTALAÇÃO. AF_04/2022","UN","ATRIBUÍDO SÃO PAULO",16.84,"CAIXA REFERENCIAL"]
["INSTALACOES HIDRO SANITARIAS","INHI","CONEXOES","0180","","",103807,"COTOVELO EM BRONZE/LATÃO, DN 15 MM X 1/2\", 90 GRAUS, SEM ANEL DE SOLDA, BOLSA X ROSCA F, INSTALADO EM RAMAL E SUB-RAMAL DE GÁS COMBUSTÍVEL - FORNECIMENTO E INSTALAÇÃO. AF_04/2022","UN","ATRIBUÍDO SÃO PAULO",20.75,"CAIXA REFERENCIAL"]
["INSTALACOES HIDRO SANITARIAS","INHI","CONEXOES","0180","","",103808,"COTOVELO EM COBRE, DN 22 MM, 90 GRAUS, SEM ANEL DE SOLDA, INSTALADO EM RAMAL E SUB-RAMAL DE GÁS COMBUSTÍVEL - FORNECIMENTO E INSTALAÇÃO. AF_04/2022","UN","ATRIBUÍDO SÃO PAULO",31.62,"CAIXA REFERENCIAL"]
["INSTALACOES HIDRO SANITARIAS","INHI","CONEXOES","0180","","",103809,"CURVA EM COBRE, DN 22 MM, 45 GRAUS, SEM ANEL DE SOLDA, BOLSA X BOLSA, INSTALADO EM RAMAL E SUB-RAMAL DE GÁS COMBUSTÍVEL - FORNECIMENTO E INSTALAÇÃO. AF_04/2022","UN","ATRIBUÍDO SÃO PAULO",31.35,"CAIXA REFERENCIAL"]
["INSTALACOES HIDRO SANITARIAS","INHI","CONEXOES","0180","","",103810,"COTOVELO EM BRONZE/LATÃO, DN 22 MM X 1/2\", 90 GRAUS, SEM ANEL DE SOLDA, BOLSA X ROSCA F, INSTALADO EM RAMAL E SUB-RAMAL DE GÁS COMBUSTÍVEL - FORNECIMENTO E INSTALAÇÃO. AF_04/2022","UN","ATRIBUÍDO SÃO PAULO",31.97,"CAIXA REFERENCIAL"]
["INSTALACOES HIDRO SANITARIAS","INHI","CONEXOES","0180","","",103811,"COTOVELO EM BRONZE/LATÃO, DN 22 MM X 3/4\", 90 GRAUS, SEM ANEL DE SOLDA, BOLSA X ROSCA F, INSTALADO EM RAMAL E SUB-RAMAL DE GÁS COMBUSTÍVEL - FORNECIMENTO E INSTALAÇÃO. AF_04/2022","UN","ATRIBUÍDO SÃO PAULO",35.29,"CAIXA REFERENCIAL"]
["INSTALACOES HIDRO SANITARIAS","INHI","CONEXOES","0180","","",103812,"COTOVELO EM COBRE, DN 28 MM, 90 GRAUS, SEM ANEL DE SOLDA, INSTALADO EM RAMAL E SUB-RAMAL DE GÁS COMBUSTÍVEL - FORNECIMENTO E INSTALAÇÃO. AF_04/2022","UN","ATRIBUÍDO SÃO PAULO",46.87,"CAIXA REFERENCIAL"]
["INSTALACOES HIDRO SANITARIAS","INHI","CONEXOES","0180","","",103813,"CURVA EM COBRE, DN 28 MM, 45 GRAUS, SEM ANEL DE SOLDA, BOLSA X BOLSA, INSTALADO EM RAMAL E SUB-RAMAL DE GÁS COMBUSTÍVEL - FORNECIMENTO E INSTALAÇÃO. AF_04/2022","UN","ATRIBUÍDO SÃO PAULO",45.18,"CAIXA REFERENCIAL"]
["INSTALACOES HIDRO SANITARIAS","INHI","CONEXOES","0180","","",103814,"LUVA EM COBRE, DN 15 MM, SEM ANEL DE SOLDA, INSTALADO EM RAMAL E SUB-RAMAL DE GÁS COMBUSTÍVEL - FORNECIMENTO E INSTALAÇÃO. AF_04/2022","UN","ATRIBUÍDO SÃO PAULO",11.03,"CAIXA REFERENCIAL"]
["INSTALACOES HIDRO SANITARIAS","INHI","CONEXOES","0180","","",103815,"LUVA PASSANTE EM COBRE, DN 15 MM, SEM ANEL DE SOLDA, INSTALADO EM RAMAL E SUB-RAMAL DE GÁS COMBUSTÍVEL - FORNECIMENTO E INSTALAÇÃO. AF_04/2022","UN","ATRIBUÍDO SÃO PAULO",11.06,"CAIXA REFERENCIAL"]
["INSTALACOES HIDRO SANITARIAS","INHI","CONEXOES","0180","","",103816,"CURVA DE TRANSPOSIÇÃO EM BRONZE/LATÃO, DN 15 MM, SEM ANEL DE SOLDA, BOLSA X BOLSA, INSTALADO EM RAMAL E SUB-RAMAL DE GÁS COMBUSTÍVEL - FORNECIMENTO E INSTALAÇÃO. AF_04/2022","UN","ATRIBUÍDO SÃO PAULO",25.65,"CAIXA REFERENCIAL"]
["INSTALACOES HIDRO SANITARIAS","INHI","CONEXOES","0180","","",103817,"JUNTA DE EXPANSÃO EM COBRE, DN 15 MM, PONTA X PONTA, INSTALADO EM RAMAL E SUB-RAMAL DE GÁS COMBUSTÍVEL - FORNECIMENTO E INSTALAÇÃO. AF_04/2022","UN","ATRIBUÍDO SÃO PAULO",431.35,"CAIXA REFERENCIAL"]
["INSTALACOES HIDRO SANITARIAS","INHI","CONEXOES","0180","","",103818,"CONECTOR EM BRONZE/LATÃO, DN 15 MM X 1/2\", SEM ANEL DE SOLDA, BOLSA X ROSCA F, INSTALADO EM RAMAL E SUB-RAMAL DE GÁS COMBUSTÍVEL - FORNECIMENTO E INSTALAÇÃO. AF_04/2022","UN","ATRIBUÍDO SÃO PAULO",19,"CAIXA REFERENCIAL"]
["INSTALACOES HIDRO SANITARIAS","INHI","CONEXOES","0180","","",103819,"LUVA EM COBRE, DN 22 MM, SEM ANEL DE SOLDA, INSTALADO EM RAMAL E SUB-RAMAL DE GÁS COMBUSTÍVEL - FORNECIMENTO E INSTALAÇÃO. AF_04/2022","UN","ATRIBUÍDO SÃO PAULO",19.5,"CAIXA REFERENCIAL"]
["INSTALACOES HIDRO SANITARIAS","INHI","CONEXOES","0180","","",103820,"LUVA PASSANTE EM COBRE, DN 22 MM, SEM ANEL DE SOLDA, INSTALADO EM RAMAL E SUB-RAMAL DE GÁS COMBUSTÍVEL - FORNECIMENTO E INSTALAÇÃO. AF_04/2022","UN","ATRIBUÍDO SÃO PAULO",20.76,"CAIXA REFERENCIAL"]
["INSTALACOES HIDRO SANITARIAS","INHI","CONEXOES","0180","","",103821,"JUNTA DE EXPANSÃO EM COBRE, DN 22 MM, PONTA X PONTA, INSTALADO EM RAMAL E SUB-RAMAL DE GÁS COMBUSTÍVEL - FORNECIMENTO E INSTALAÇÃO. AF_04/2022","UN","ATRIBUÍDO SÃO PAULO",504.97,"CAIXA REFERENCIAL"]
["INSTALACOES HIDRO SANITARIAS","INHI","CONEXOES","0180","","",103822,"CURVA DE TRANSPOSIÇÃO EM BRONZE/LATÃO, DN 22 MM, SEM ANEL DE SOLDA, BOLSA X BOLSA, INSTALADO EM RAMAL E SUB-RAMAL DE GÁS COMBUSTÍVEL - FORNECIMENTO E INSTALAÇÃO. AF_04/2022","UN","ATRIBUÍDO SÃO PAULO",52.83,"CAIXA REFERENCIAL"]
["INSTALACOES HIDRO SANITARIAS","INHI","CONEXOES","0180","","",103823,"BUCHA DE REDUÇÃO EM COBRE, DN 22 MM X 15 MM, SEM ANEL DE SOLDA, PONTA X BOLSA, INSTALADO EM RAMAL E SUB-RAMAL DE GÁS COMBUSTÍVEL - FORNECIMENTO E INSTALAÇÃO. AF_04/2022","UN","ATRIBUÍDO SÃO PAULO",16.91,"CAIXA REFERENCIAL"]
["INSTALACOES HIDRO SANITARIAS","INHI","CONEXOES","0180","","",103824,"CONECTOR EM BRONZE/LATÃO, DN 22 MM X 1/2\", SEM ANEL DE SOLDA, BOLSA X ROSCA F, INSTALADO EM RAMAL E SUB-RAMAL DE GÁS COMBUSTÍVEL - FORNECIMENTO E INSTALAÇÃO. AF_04/2022","UN","ATRIBUÍDO SÃO PAULO",22.17,"CAIXA REFERENCIAL"]
["INSTALACOES HIDRO SANITARIAS","INHI","CONEXOES","0180","","",103825,"CONECTOR EM BRONZE/LATÃO, DN 22 MM X 3/4\", SEM ANEL DE SOLDA, BOLSA X ROSCA F, INSTALADO EM RAMAL E SUB-RAMAL DE GÁS COMBUSTÍVEL - FORNECIMENTO E INSTALAÇÃO. AF_04/2022","UN","ATRIBUÍDO SÃO PAULO",26.28,"CAIXA REFERENCIAL"]
["INSTALACOES HIDRO SANITARIAS","INHI","CONEXOES","0180","","",103826,"LUVA EM COBRE, DN 28 MM, SEM ANEL DE SOLDA, INSTALADO EM RAMAL E SUB-RAMAL DE GÁS COMBUSTÍVEL - FORNECIMENTO E INSTALAÇÃO. AF_04/2022","UN","ATRIBUÍDO SÃO PAULO",29.38,"CAIXA REFERENCIAL"]
["INSTALACOES HIDRO SANITARIAS","INHI","CONEXOES","0180","","",103827,"LUVA PASSANTE EM COBRE, DN 28 MM, SEM ANEL DE SOLDA, INSTALADO EM RAMAL E SUB-RAMAL DE GÁS COMBUSTÍVEL - FORNECIMENTO E INSTALAÇÃO. AF_04/2022","UN","ATRIBUÍDO SÃO PAULO",29.38,"CAIXA REFERENCIAL"]
["INSTALACOES HIDRO SANITARIAS","INHI","CONEXOES","0180","","",103828,"CURVA DE TRANSPOSIÇÃO EM BRONZE/LATÃO, DN 28 MM, SEM ANEL DE SOLDA, BOLSA X BOLSA, INSTALADO EM RAMAL E SUB-RAMAL DE GÁS COMBUSTÍVEL - FORNECIMENTO E INSTALAÇÃO. AF_04/2022","UN","ATRIBUÍDO SÃO PAULO",88.34,"CAIXA REFERENCIAL"]
["INSTALACOES HIDRO SANITARIAS","INHI","CONEXOES","0180","","",103829,"JUNTA DE EXPANSÃO EM COBRE, DN 28 MM, PONTA X PONTA, INSTALADO EM RAMAL E SUB-RAMAL DE GÁS COMBUSTÍVEL - FORNECIMENTO E INSTALAÇÃO. AF_04/2022","UN","ATRIBUÍDO SÃO PAULO",557.84,"CAIXA REFERENCIAL"]
["INSTALACOES HIDRO SANITARIAS","INHI","CONEXOES","0180","","",103830,"CONECTOR EM BRONZE/LATÃO, DN 28 MM X 1/2\", SEM ANEL DE SOLDA, BOLSA X ROSCA F, INSTALADO EM RAMAL E SUB-RAMAL DE GÁS COMBUSTÍVEL - FORNECIMENTO E INSTALAÇÃO. AF_04/2022","UN","ATRIBUÍDO SÃO PAULO",34.5,"CAIXA REFERENCIAL"]
["INSTALACOES HIDRO SANITARIAS","INHI","CONEXOES","0180","","",103831,"BUCHA DE REDUÇÃO EM COBRE, DN 28 MM X 22 MM, SEM ANEL DE SOLDA, INSTALADO EM RAMAL E SUB-RAMAL DE GÁS COMBUSTÍVEL - FORNECIMENTO E INSTALAÇÃO. AF_04/2022","UN","ATRIBUÍDO SÃO PAULO",25.25,"CAIXA REFERENCIAL"]
["INSTALACOES HIDRO SANITARIAS","INHI","CONEXOES","0180","","",103832,"TÊ EM COBRE, DN 15 MM, SEM ANEL DE SOLDA, INSTALADO EM RAMAL E SUB-RAMAL DE GÁS COMBUSTÍVEL - FORNECIMENTO E INSTALAÇÃO. AF_04/2022","UN","ATRIBUÍDO SÃO PAULO",22.81,"CAIXA REFERENCIAL"]
["INSTALACOES HIDRO SANITARIAS","INHI","CONEXOES","0180","","",103833,"TE EM COBRE, DN 22 MM, SEM ANEL DE SOLDA, INSTALADO EM RAMAL E SUB-RAMAL DE GÁS COMBUSTÍVEL - FORNECIMENTO E INSTALAÇÃO. AF_04/2022","UN","ATRIBUÍDO SÃO PAULO",41.9,"CAIXA REFERENCIAL"]
["INSTALACOES HIDRO SANITARIAS","INHI","CONEXOES","0180","","",103834,"TÊ EM COBRE, DN 28 MM, SEM ANEL DE SOLDA, INSTALADO EM RAMAL E SUB-RAMAL DE GÁS COMBUSTÍVEL - FORNECIMENTO E INSTALAÇÃO. AF_04/2022","UN","ATRIBUÍDO SÃO PAULO",60.92,"CAIXA REFERENCIAL"]
["INSTALACOES HIDRO SANITARIAS","INHI","CONEXOES","0180","","",103838,"COTOVELO EM COBRE, DN 15 MM, 90 GRAUS, SEM ANEL DE SOLDA, INSTALADO EM RAMAL E SUB-RAMAL DE GÁS MEDICINAL - FORNECIMENTO E INSTALAÇÃO. AF_04/2022","UN","ATRIBUÍDO SÃO PAULO",16.21,"CAIXA REFERENCIAL"]
["INSTALACOES HIDRO SANITARIAS","INHI","CONEXOES","0180","","",103839,"CURVA EM COBRE, DN 15 MM, 45 GRAUS, SEM ANEL DE SOLDA, BOLSA X BOLSA, INSTALADO EM RAMAL E SUB-RAMAL DE GÁS MEDICINAL - FORNECIMENTO E INSTALAÇÃO. AF_04/2022","UN","ATRIBUÍDO SÃO PAULO",16.18,"CAIXA REFERENCIAL"]
["INSTALACOES HIDRO SANITARIAS","INHI","CONEXOES","0180","","",103840,"COTOVELO EM BRONZE/LATÃO, DN 15 MM X 1/2\", 90 GRAUS, SEM ANEL DE SOLDA, BOLSA X ROSCA F, INSTALADO EM RAMAL E SUB-RAMAL DE GÁS MEDICINAL - FORNECIMENTO E INSTALAÇÃO. AF_04/2022","UN","ATRIBUÍDO SÃO PAULO",20.420000000000002,"CAIXA REFERENCIAL"]
["INSTALACOES HIDRO SANITARIAS","INHI","CONEXOES","0180","","",103841,"COTOVELO EM COBRE, DN 22 MM, 90 GRAUS, SEM ANEL DE SOLDA, INSTALADO EM RAMAL E SUB-RAMAL DE GÁS MEDICINAL - FORNECIMENTO E INSTALAÇÃO. AF_04/2022","UN","ATRIBUÍDO SÃO PAULO",26.47,"CAIXA REFERENCIAL"]
["INSTALACOES HIDRO SANITARIAS","INHI","CONEXOES","0180","","",103842,"CURVA EM COBRE, DN 22 MM, 45 GRAUS, SEM ANEL DE SOLDA, BOLSA X BOLSA, INSTALADO EM RAMAL E SUB-RAMAL DE GÁS MEDICINAL - FORNECIMENTO E INSTALAÇÃO. AF_04/2022","UN","ATRIBUÍDO SÃO PAULO",26.2,"CAIXA REFERENCIAL"]
["INSTALACOES HIDRO SANITARIAS","INHI","CONEXOES","0180","","",103843,"COTOVELO EM BRONZE/LATÃO, DN 22 MM X 1/2\", 90 GRAUS, SEM ANEL DE SOLDA, BOLSA X ROSCA F, INSTALADO EM RAMAL E SUB-RAMAL DE GÁS MEDICINAL - FORNECIMENTO E INSTALAÇÃO. AF_04/2022","UN","ATRIBUÍDO SÃO PAULO",29.4,"CAIXA REFERENCIAL"]
["INSTALACOES HIDRO SANITARIAS","INHI","CONEXOES","0180","","",103844,"COTOVELO EM BRONZE/LATÃO, DN 22 MM X 3/4\", 90 GRAUS, SEM ANEL DE SOLDA, BOLSA X ROSCA F, INSTALADO EM RAMAL E SUB-RAMAL DE GÁS MEDICINAL - FORNECIMENTO E INSTALAÇÃO. AF_04/2022","UN","ATRIBUÍDO SÃO PAULO",32.71,"CAIXA REFERENCIAL"]
["INSTALACOES HIDRO SANITARIAS","INHI","CONEXOES","0180","","",103845,"COTOVELO EM COBRE, DN 28 MM, 90 GRAUS, SEM ANEL DE SOLDA, INSTALADO EM RAMAL E SUB-RAMAL DE GÁS MEDICINAL - FORNECIMENTO E INSTALAÇÃO. AF_04/2022","UN","ATRIBUÍDO SÃO PAULO",37.880000000000003,"CAIXA REFERENCIAL"]
["INSTALACOES HIDRO SANITARIAS","INHI","CONEXOES","0180","","",103846,"CURVA EM COBRE, DN 28 MM, 45 GRAUS, SEM ANEL DE SOLDA, BOLSA X BOLSA, INSTALADO EM RAMAL E SUB-RAMAL DE GÁS MEDICINAL - FORNECIMENTO E INSTALAÇÃO. AF_04/2022","UN","ATRIBUÍDO SÃO PAULO",36.19,"CAIXA REFERENCIAL"]
["INSTALACOES HIDRO SANITARIAS","INHI","CONEXOES","0180","","",103847,"LUVA EM COBRE, DN 15 MM, SEM ANEL DE SOLDA, INSTALADO EM RAMAL E SUB-RAMAL DE GÁS MEDICINAL - FORNECIMENTO E INSTALAÇÃO. AF_04/2022","UN","ATRIBUÍDO SÃO PAULO",10.59,"CAIXA REFERENCIAL"]
["INSTALACOES HIDRO SANITARIAS","INHI","CONEXOES","0180","","",103848,"LUVA PASSANTE EM COBRE, DN 15 MM, SEM ANEL DE SOLDA, INSTALADO EM RAMAL E SUB-RAMAL DE GÁS MEDICINAL - FORNECIMENTO E INSTALAÇÃO. AF_04/2022","UN","ATRIBUÍDO SÃO PAULO",10.62,"CAIXA REFERENCIAL"]
["INSTALACOES HIDRO SANITARIAS","INHI","CONEXOES","0180","","",103849,"CURVA DE TRANSPOSIÇÃO EM BRONZE/LATÃO, DN 15 MM, SEM ANEL DE SOLDA, BOLSA X BOLSA, INSTALADO EM RAMAL E SUB-RAMAL DE GÁS MEDICINAL - FORNECIMENTO E INSTALAÇÃO. AF_04/2022","UN","ATRIBUÍDO SÃO PAULO",25.21,"CAIXA REFERENCIAL"]
["INSTALACOES HIDRO SANITARIAS","INHI","CONEXOES","0180","","",103850,"JUNTA DE EXPANSÃO EM COBRE, DN 15 MM, PONTA X PONTA, INSTALADO EM RAMAL E SUB-RAMAL DE GÁS MEDICINAL - FORNECIMENTO E INSTALAÇÃO. AF_04/2022","UN","ATRIBUÍDO SÃO PAULO",430.91,"CAIXA REFERENCIAL"]
["INSTALACOES HIDRO SANITARIAS","INHI","CONEXOES","0180","","",103851,"CONECTOR EM BRONZE/LATÃO, DN 15 MM X 1/2\", SEM ANEL DE SOLDA, BOLSA X ROSCA F, INSTALADO EM RAMAL E SUB-RAMAL DE GÁS MEDICINAL - FORNECIMENTO E INSTALAÇÃO. AF_04/2022","UN","ATRIBUÍDO SÃO PAULO",18.79,"CAIXA REFERENCIAL"]
["INSTALACOES HIDRO SANITARIAS","INHI","CONEXOES","0180","","",103852,"LUVA EM COBRE, DN 22 MM, SEM ANEL DE SOLDA, INSTALADO EM RAMAL E SUB-RAMAL DE GÁS MEDICINAL - FORNECIMENTO E INSTALAÇÃO. AF_04/2022","UN","ATRIBUÍDO SÃO PAULO",16.04,"CAIXA REFERENCIAL"]
["INSTALACOES HIDRO SANITARIAS","INHI","CONEXOES","0180","","",103853,"LUVA PASSANTE EM COBRE, DN 22 MM, SEM ANEL DE SOLDA, INSTALADO EM RAMAL E SUB-RAMAL DE GÁS MEDICINAL - FORNECIMENTO E INSTALAÇÃO. AF_04/2022","UN","ATRIBUÍDO SÃO PAULO",17.3,"CAIXA REFERENCIAL"]
["INSTALACOES HIDRO SANITARIAS","INHI","CONEXOES","0180","","",103854,"JUNTA DE EXPANSÃO EM COBRE, DN 22 MM, PONTA X PONTA, INSTALADO EM RAMAL E SUB-RAMAL DE GÁS MEDICINAL - FORNECIMENTO E INSTALAÇÃO. AF_04/2022","UN","ATRIBUÍDO SÃO PAULO",501.51,"CAIXA REFERENCIAL"]
["INSTALACOES HIDRO SANITARIAS","INHI","CONEXOES","0180","","",103855,"CURVA DE TRANSPOSIÇÃO EM BRONZE/LATÃO, DN 22 MM, SEM ANEL DE SOLDA, BOLSA X BOLSA, INSTALADO EM RAMAL E SUB-RAMAL DE GÁS MEDICINAL - FORNECIMENTO E INSTALAÇÃO. AF_04/2022","UN","ATRIBUÍDO SÃO PAULO",49.37,"CAIXA REFERENCIAL"]
["INSTALACOES HIDRO SANITARIAS","INHI","CONEXOES","0180","","",103856,"BUCHA DE REDUÇÃO EM COBRE, DN 22 MM X 15 MM, SEM ANEL DE SOLDA, PONTA X BOLSA, INSTALADO EM RAMAL E SUB-RAMAL DE GÁS MEDICINAL - FORNECIMENTO E INSTALAÇÃO. AF_04/2022","UN","ATRIBUÍDO SÃO PAULO",15.08,"CAIXA REFERENCIAL"]
["INSTALACOES HIDRO SANITARIAS","INHI","CONEXOES","0180","","",103857,"CONECTOR EM BRONZE/LATÃO, DN 22 MM X 1/2\", SEM ANEL DE SOLDA, BOLSA X ROSCA F, INSTALADO EM RAMAL E SUB-RAMAL DE GÁS MEDICINAL - FORNECIMENTO E INSTALAÇÃO. AF_04/2022","UN","ATRIBUÍDO SÃO PAULO",20.440000000000001,"CAIXA REFERENCIAL"]
["INSTALACOES HIDRO SANITARIAS","INHI","CONEXOES","0180","","",103858,"CONECTOR EM BRONZE/LATÃO, DN 22 MM X 3/4\", SEM ANEL DE SOLDA, BOLSA X ROSCA F, INSTALADO EM RAMAL E SUB-RAMAL DE GÁS MEDICINAL - FORNECIMENTO E INSTALAÇÃO. AF_04/2022","UN","ATRIBUÍDO SÃO PAULO",24.55,"CAIXA REFERENCIAL"]
["INSTALACOES HIDRO SANITARIAS","INHI","CONEXOES","0180","","",103859,"LUVA EM COBRE, DN 28 MM, SEM ANEL DE SOLDA, INSTALADO EM RAMAL E SUB-RAMAL DE GÁS MEDICINAL - FORNECIMENTO E INSTALAÇÃO. AF_04/2022","UN","ATRIBUÍDO SÃO PAULO",23.79,"CAIXA REFERENCIAL"]
["INSTALACOES HIDRO SANITARIAS","INHI","CONEXOES","0180","","",103860,"LUVA PASSANTE EM COBRE, DN 28 MM, SEM ANEL DE SOLDA, INSTALADO EM RAMAL E SUB-RAMAL DE GÁS MEDICINAL - FORNECIMENTO E INSTALAÇÃO. AF_04/2022","UN","ATRIBUÍDO SÃO PAULO",23.79,"CAIXA REFERENCIAL"]
["INSTALACOES HIDRO SANITARIAS","INHI","CONEXOES","0180","","",103861,"CURVA DE TRANSPOSIÇÃO EM BRONZE/LATÃO, DN 28 MM, SEM ANEL DE SOLDA, BOLSA X BOLSA, INSTALADO EM RAMAL E SUB-RAMAL DE GÁS MEDICINAL - FORNECIMENTO E INSTALAÇÃO. AF_04/2022","UN","ATRIBUÍDO SÃO PAULO",82.75,"CAIXA REFERENCIAL"]
["INSTALACOES HIDRO SANITARIAS","INHI","CONEXOES","0180","","",103862,"JUNTA DE EXPANSÃO EM COBRE, DN 28 MM, PONTA X PONTA, INSTALADO EM RAMAL E SUB-RAMAL DE GÁS MEDICINAL - FORNECIMENTO E INSTALAÇÃO. AF_04/2022","UN","ATRIBUÍDO SÃO PAULO",552.25,"CAIXA REFERENCIAL"]
["INSTALACOES HIDRO SANITARIAS","INHI","CONEXOES","0180","","",103863,"CONECTOR EM BRONZE/LATÃO, DN 28 MM X 1/2\", SEM ANEL DE SOLDA, BOLSA X ROSCA F, INSTALADO EM RAMAL E SUB-RAMAL DE GÁS MEDICINAL - FORNECIMENTO E INSTALAÇÃO. AF_04/2022","UN","ATRIBUÍDO SÃO PAULO",31.7,"CAIXA REFERENCIAL"]
["INSTALACOES HIDRO SANITARIAS","INHI","CONEXOES","0180","","",103864,"BUCHA DE REDUÇÃO EM COBRE, DN 28 MM X 22 MM, SEM ANEL DE SOLDA, INSTALADO EM RAMAL E SUB-RAMAL DE GÁS MEDICINAL - FORNECIMENTO E INSTALAÇÃO. AF_04/2022","UN","ATRIBUÍDO SÃO PAULO",20.64,"CAIXA REFERENCIAL"]
["INSTALACOES HIDRO SANITARIAS","INHI","CONEXOES","0180","","",103865,"TÊ EM COBRE, DN 15 MM, SEM ANEL DE SOLDA, INSTALADO EM RAMAL E SUB-RAMAL DE GÁS MEDICINAL - FORNECIMENTO E INSTALAÇÃO. AF_04/2022","UN","ATRIBUÍDO SÃO PAULO",21.92,"CAIXA REFERENCIAL"]
["INSTALACOES HIDRO SANITARIAS","INHI","CONEXOES","0180","","",103866,"TÊ EM COBRE, DN 22 MM, SEM ANEL DE SOLDA, INSTALADO EM RAMAL E SUB-RAMAL DE GÁS MEDICINAL - FORNECIMENTO E INSTALAÇÃO. AF_04/2022","UN","ATRIBUÍDO SÃO PAULO",35.03,"CAIXA REFERENCIAL"]
["INSTALACOES HIDRO SANITARIAS","INHI","CONEXOES","0180","","",103867,"TÊ EM COBRE, DN 28 MM, SEM ANEL DE SOLDA, INSTALADO EM RAMAL E SUB-RAMAL DE GÁS MEDICINAL - FORNECIMENTO E INSTALAÇÃO. AF_04/2022","UN","ATRIBUÍDO SÃO PAULO",48.91,"CAIXA REFERENCIAL"]
["INSTALACOES HIDRO SANITARIAS","INHI","CONEXOES","0180","","",103874,"COTOVELO EM COBRE, DN 15 MM, 90 GRAUS, SEM ANEL DE SOLDA, INSTALADO EM RAMAL E SUB-RAMAL DE AQUECIMENTO SOLAR - FORNECIMENTO E INSTALAÇÃO. AF_04/2022","UN","ATRIBUÍDO SÃO PAULO",16.920000000000002,"CAIXA REFERENCIAL"]
["INSTALACOES HIDRO SANITARIAS","INHI","CONEXOES","0180","","",103875,"CURVA EM COBRE, DN 15 MM, 45 GRAUS, SEM ANEL DE SOLDA, BOLSA X BOLSA, INSTALADO EM RAMAL E SUB-RAMAL DE AQUECIMENTO SOLAR - FORNECIMENTO E INSTALAÇÃO. AF_04/2022","UN","ATRIBUÍDO SÃO PAULO",16.89,"CAIXA REFERENCIAL"]
["INSTALACOES HIDRO SANITARIAS","INHI","CONEXOES","0180","","",103876,"COTOVELO EM BRONZE/LATÃO, DN 15 MM X 1/2\", 90 GRAUS, SEM ANEL DE SOLDA, BOLSA X ROSCA F, INSTALADO EM RAMAL E SUB-RAMAL DE AQUECIMENTO SOLAR - FORNECIMENTO E INSTALAÇÃO. AF_04/2022","UN","ATRIBUÍDO SÃO PAULO",20.77,"CAIXA REFERENCIAL"]
["INSTALACOES HIDRO SANITARIAS","INHI","CONEXOES","0180","","",103877,"COTOVELO EM COBRE, DN 22 MM, 90 GRAUS, SEM ANEL DE SOLDA, INSTALADO EM RAMAL E SUB-RAMAL DE AQUECIMENTO SOLAR - FORNECIMENTO E INSTALAÇÃO. AF_04/2022","UN","ATRIBUÍDO SÃO PAULO",25.71,"CAIXA REFERENCIAL"]
["INSTALACOES HIDRO SANITARIAS","INHI","CONEXOES","0180","","",103878,"CURVA EM COBRE, DN 22 MM, 45 GRAUS, SEM ANEL DE SOLDA, BOLSA X BOLSA, INSTALADO EM RAMAL E SUB-RAMAL DE AQUECIMENTO SOLAR - FORNECIMENTO E INSTALAÇÃO. AF_04/2022","UN","ATRIBUÍDO SÃO PAULO",25.44,"CAIXA REFERENCIAL"]
["INSTALACOES HIDRO SANITARIAS","INHI","CONEXOES","0180","","",103879,"COTOVELO EM BRONZE/LATÃO, DN 22 MM X 1/2\", 90 GRAUS, SEM ANEL DE SOLDA, BOLSA X ROSCA F, INSTALADO EM RAMAL E SUB-RAMAL DE AQUECIMENTO SOLAR - FORNECIMENTO E INSTALAÇÃO. AF_04/2022","UN","ATRIBUÍDO SÃO PAULO",29.02,"CAIXA REFERENCIAL"]
["INSTALACOES HIDRO SANITARIAS","INHI","CONEXOES","0180","","",103880,"COTOVELO EM BRONZE/LATÃO, DN 22 MM X 3/4\", 90 GRAUS, SEM ANEL DE SOLDA, BOLSA X ROSCA F, INSTALADO EM RAMAL E SUB-RAMAL DE AQUECIMENTO SOLAR - FORNECIMENTO E INSTALAÇÃO. AF_04/2022","UN","ATRIBUÍDO SÃO PAULO",32.32,"CAIXA REFERENCIAL"]
["INSTALACOES HIDRO SANITARIAS","INHI","CONEXOES","0180","","",103881,"COTOVELO EM COBRE, DN 28 MM, 90 GRAUS, SEM ANEL DE SOLDA, INSTALADO EM RAMAL E SUB-RAMAL DE AQUECIMENTO SOLAR - FORNECIMENTO E INSTALAÇÃO. AF_04/2022","UN","ATRIBUÍDO SÃO PAULO",35.86,"CAIXA REFERENCIAL"]
["INSTALACOES HIDRO SANITARIAS","INHI","CONEXOES","0180","","",103882,"CURVA EM COBRE, DN 28 MM, 45 GRAUS, SEM ANEL DE SOLDA, BOLSA X BOLSA, INSTALADO EM RAMAL E SUB-RAMAL DE AQUECIMENTO SOLAR - FORNECIMENTO E INSTALAÇÃO. AF_04/2022","UN","ATRIBUÍDO SÃO PAULO",34.17,"CAIXA REFERENCIAL"]
["INSTALACOES HIDRO SANITARIAS","INHI","CONEXOES","0180","","",103883,"LUVA EM COBRE, DN 15 MM, SEM ANEL DE SOLDA, INSTALADO EM RAMAL E SUB-RAMAL DE AQUECIMENTO SOLAR - FORNECIMENTO E INSTALAÇÃO. AF_04/2022","UN","ATRIBUÍDO SÃO PAULO",11.04,"CAIXA REFERENCIAL"]
["INSTALACOES HIDRO SANITARIAS","INHI","CONEXOES","0180","","",103884,"LUVA PASSANTE EM COBRE, DN 15 MM, SEM ANEL DE SOLDA, INSTALADO EM RAMAL E SUB-RAMAL DE AQUECIMENTO SOLAR - FORNECIMENTO E INSTALAÇÃO. AF_04/2022","UN","ATRIBUÍDO SÃO PAULO",11.07,"CAIXA REFERENCIAL"]
["INSTALACOES HIDRO SANITARIAS","INHI","CONEXOES","0180","","",103885,"CURVA DE TRANSPOSIÇÃO EM BRONZE/LATÃO, DN 15 MM, SEM ANEL DE SOLDA, BOLSA X BOLSA, INSTALADO EM RAMAL E SUB-RAMAL DE AQUECIMENTO SOLAR - FORNECIMENTO E INSTALAÇÃO. AF_04/2022","UN","ATRIBUÍDO SÃO PAULO",25.66,"CAIXA REFERENCIAL"]
["INSTALACOES HIDRO SANITARIAS","INHI","CONEXOES","0180","","",103886,"JUNTA DE EXPANSÃO EM COBRE, DN 15 MM, PONTA X PONTA, INSTALADO EM RAMAL E SUB-RAMAL DE AQUECIMENTO SOLAR - FORNECIMENTO E INSTALAÇÃO. AF_04/2022","UN","ATRIBUÍDO SÃO PAULO",431.36,"CAIXA REFERENCIAL"]
["INSTALACOES HIDRO SANITARIAS","INHI","CONEXOES","0180","","",103887,"CONECTOR EM BRONZE/LATÃO, DN 15 MM X 1/2\", SEM ANEL DE SOLDA, BOLSA X ROSCA F, INSTALADO EM RAMAL E SUB-RAMAL DE AQUECIMENTO SOLAR - FORNECIMENTO E INSTALAÇÃO. AF_04/2022","UN","ATRIBUÍDO SÃO PAULO",19.010000000000002,"CAIXA REFERENCIAL"]
["INSTALACOES HIDRO SANITARIAS","INHI","CONEXOES","0180","","",103888,"LUVA EM COBRE, DN 22 MM, SEM ANEL DE SOLDA, INSTALADO EM RAMAL E SUB-RAMAL DE AQUECIMENTO SOLAR - FORNECIMENTO E INSTALAÇÃO. AF_04/2022","UN","ATRIBUÍDO SÃO PAULO",15.5,"CAIXA REFERENCIAL"]
["INSTALACOES HIDRO SANITARIAS","INHI","CONEXOES","0180","","",103889,"LUVA PASSANTE EM COBRE, DN 22 MM, SEM ANEL DE SOLDA, INSTALADO EM RAMAL E SUB-RAMAL DE AQUECIMENTO SOLAR - FORNECIMENTO E INSTALAÇÃO. AF_04/2022","UN","ATRIBUÍDO SÃO PAULO",16.760000000000002,"CAIXA REFERENCIAL"]
["INSTALACOES HIDRO SANITARIAS","INHI","CONEXOES","0180","","",103890,"JUNTA DE EXPANSÃO EM COBRE, DN 22 MM, PONTA X PONTA, INSTALADO EM RAMAL E SUB-RAMAL DE AQUECIMENTO SOLAR - FORNECIMENTO E INSTALAÇÃO. AF_04/2022","UN","ATRIBUÍDO SÃO PAULO",500.97,"CAIXA REFERENCIAL"]
["INSTALACOES HIDRO SANITARIAS","INHI","CONEXOES","0180","","",103891,"CURVA DE TRANSPOSIÇÃO EM BRONZE/LATÃO, DN 22 MM, SEM ANEL DE SOLDA, BOLSA X BOLSA, INSTALADO EM RAMAL E SUB-RAMAL DE AQUECIMENTO SOLAR - FORNECIMENTO E INSTALAÇÃO. AF_04/2022","UN","ATRIBUÍDO SÃO PAULO",48.83,"CAIXA REFERENCIAL"]
["INSTALACOES HIDRO SANITARIAS","INHI","CONEXOES","0180","","",103892,"BUCHA DE REDUÇÃO EM COBRE, DN 22 MM X 15 MM, SEM ANEL DE SOLDA, PONTA X BOLSA, INSTALADO EM RAMAL E SUB-RAMAL DE AQUECIMENTO SOLAR - FORNECIMENTO E INSTALAÇÃO. AF_04/2022","UN","ATRIBUÍDO SÃO PAULO",15.07,"CAIXA REFERENCIAL"]
["INSTALACOES HIDRO SANITARIAS","INHI","CONEXOES","0180","","",103893,"CONECTOR EM BRONZE/LATÃO, DN 22 MM X 1/2\", SEM ANEL DE SOLDA, BOLSA X ROSCA F, INSTALADO EM RAMAL E SUB-RAMAL DE AQUECIMENTO SOLAR - FORNECIMENTO E INSTALAÇÃO. AF_04/2022","UN","ATRIBUÍDO SÃO PAULO",20.170000000000002,"CAIXA REFERENCIAL"]
["INSTALACOES HIDRO SANITARIAS","INHI","CONEXOES","0180","","",103894,"CONECTOR EM BRONZE/LATÃO, DN 22 MM X 3/4\", SEM ANEL DE SOLDA, BOLSA X ROSCA F, INSTALADO EM RAMAL E SUB-RAMAL DE AQUECIMENTO SOLAR - FORNECIMENTO E INSTALAÇÃO. AF_04/2022","UN","ATRIBUÍDO SÃO PAULO",24.28,"CAIXA REFERENCIAL"]
["INSTALACOES HIDRO SANITARIAS","INHI","CONEXOES","0180","","",103895,"LUVA EM COBRE, DN 28 MM, SEM ANEL DE SOLDA, INSTALADO EM RAMAL E SUB-RAMAL DE AQUECIMENTO SOLAR - FORNECIMENTO E INSTALAÇÃO. AF_04/2022","UN","ATRIBUÍDO SÃO PAULO",22.4,"CAIXA REFERENCIAL"]
["INSTALACOES HIDRO SANITARIAS","INHI","CONEXOES","0180","","",103896,"LUVA PASSANTE EM COBRE, DN 28 MM, SEM ANEL DE SOLDA, INSTALADO EM RAMAL E SUB-RAMAL DE AQUECIMENTO SOLAR - FORNECIMENTO E INSTALAÇÃO. AF_04/2022","UN","ATRIBUÍDO SÃO PAULO",22.4,"CAIXA REFERENCIAL"]
["INSTALACOES HIDRO SANITARIAS","INHI","CONEXOES","0180","","",103897,"CURVA DE TRANSPOSIÇÃO EM BRONZE/LATÃO, DN 28 MM, SEM ANEL DE SOLDA, BOLSA X BOLSA, INSTALADO EM RAMAL E SUB-RAMAL DE AQUECIMENTO SOLAR - FORNECIMENTO E INSTALAÇÃO. AF_04/2022","UN","ATRIBUÍDO SÃO PAULO",81.36,"CAIXA REFERENCIAL"]
["INSTALACOES HIDRO SANITARIAS","INHI","CONEXOES","0180","","",103898,"JUNTA DE EXPANSÃO EM COBRE, DN 28 MM, PONTA X PONTA, INSTALADO EM RAMAL E SUB-RAMAL DE AQUECIMENTO SOLAR - FORNECIMENTO E INSTALAÇÃO. AF_04/2022","UN","ATRIBUÍDO SÃO PAULO",550.86,"CAIXA REFERENCIAL"]
["INSTALACOES HIDRO SANITARIAS","INHI","CONEXOES","0180","","",103899,"CONECTOR EM BRONZE/LATÃO, DN 28 MM X 1/2\", SEM ANEL DE SOLDA, BOLSA X ROSCA F, INSTALADO EM RAMAL E SUB-RAMAL DE AQUECIMENTO SOLAR - FORNECIMENTO E INSTALAÇÃO. AF_04/2022","UN","ATRIBUÍDO SÃO PAULO",31.01,"CAIXA REFERENCIAL"]
["INSTALACOES HIDRO SANITARIAS","INHI","CONEXOES","0180","","",103900,"BUCHA DE REDUÇÃO EM COBRE, DN 28 MM X 22 MM, SEM ANEL DE SOLDA, INSTALADO EM RAMAL E SUB-RAMAL DE AQUECIMENTO SOLAR - FORNECIMENTO E INSTALAÇÃO. AF_04/2022","UN","ATRIBUÍDO SÃO PAULO",19.53,"CAIXA REFERENCIAL"]
["INSTALACOES HIDRO SANITARIAS","INHI","CONEXOES","0180","","",103901,"TÊ EM COBRE, DN 15 MM, SEM ANEL DE SOLDA, INSTALADO EM RAMAL E SUB-RAMAL DE AQUECIMENTO SOLAR - FORNECIMENTO E INSTALAÇÃO. AF_04/2022","UN","ATRIBUÍDO SÃO PAULO",22.86,"CAIXA REFERENCIAL"]
["INSTALACOES HIDRO SANITARIAS","INHI","CONEXOES","0180","","",103902,"TÊ EM COBRE, DN 22 MM, SEM ANEL DE SOLDA, INSTALADO EM RAMAL E SUB-RAMAL DE AQUECIMENTO SOLAR - FORNECIMENTO E INSTALAÇÃO. AF_04/2022","UN","ATRIBUÍDO SÃO PAULO",33.99,"CAIXA REFERENCIAL"]
["INSTALACOES HIDRO SANITARIAS","INHI","CONEXOES","0180","","",103903,"TÊ EM COBRE, DN 28 MM, SEM ANEL DE SOLDA, INSTALADO EM RAMAL E SUB-RAMAL DE AQUECIMENTO SOLAR - FORNECIMENTO E INSTALAÇÃO. AF_04/2022","UN","ATRIBUÍDO SÃO PAULO",46.2,"CAIXA REFERENCIAL"]
["INSTALACOES HIDRO SANITARIAS","INHI","CONEXOES","0180","","",103947,"BUCHA DE REDUÇÃO, CURTA, PVC, SOLDÁVEL, DN 25 X 20 MM, INSTALADO EM RAMAL OU SUB-RAMAL DE ÁGUA - FORNECIMENTO E INSTALAÇÃO. AF_06/2022","UN","COEFICIENTE DE REPRESENTATIVIDADE",5.72,"CAIXA REFERENCIAL"]
["INSTALACOES HIDRO SANITARIAS","INHI","CONEXOES","0180","","",103948,"BUCHA DE REDUÇÃO, CURTA, PVC, SOLDÁVEL, DN 32 X 25 MM, INSTALADO EM RAMAL OU SUB-RAMAL DE ÁGUA - FORNECIMENTO E INSTALAÇÃO. AF_06/2022","UN","COEFICIENTE DE REPRESENTATIVIDADE",7.14,"CAIXA REFERENCIAL"]
["INSTALACOES HIDRO SANITARIAS","INHI","CONEXOES","0180","","",103949,"BUCHA DE REDUÇÃO, LONGA, PVC, SOLDÁVEL, DN 32 X 20 MM, INSTALADO EM RAMAL OU SUB-RAMAL DE ÁGUA - FORNECIMENTO E INSTALAÇÃO. AF_06/2022","UN","COEFICIENTE DE REPRESENTATIVIDADE",8.5399999999999991,"CAIXA REFERENCIAL"]
["INSTALACOES HIDRO SANITARIAS","INHI","CONEXOES","0180","","",103950,"JOELHO DE REDUÇÃO, 90 GRAUS, PVC, SOLDÁVEL, DN 25 MM X 20 MM, INSTALADO EM RAMAL OU SUB-RAMAL DE ÁGUA - FORNECIMENTO E INSTALAÇÃO. AF_06/2022","UN","COEFICIENTE DE REPRESENTATIVIDADE",9.98,"CAIXA REFERENCIAL"]
["INSTALACOES HIDRO SANITARIAS","INHI","CONEXOES","0180","","",103951,"JOELHO DE REDUÇÃO, 90 GRAUS, PVC, SOLDÁVEL, DN 32 MM X 25 MM, INSTALADO EM RAMAL OU SUB-RAMAL DE ÁGUA - FORNECIMENTO E INSTALAÇÃO. AF_06/2022","UN","COEFICIENTE DE REPRESENTATIVIDADE",13.86,"CAIXA REFERENCIAL"]
["INSTALACOES HIDRO SANITARIAS","INHI","CONEXOES","0180","","",103952,"BUCHA DE REDUÇÃO, CURTA, PVC, SOLDÁVEL, DN 25 X 20 MM, INSTALADO EM RAMAL DE DISTRIBUIÇÃO DE ÁGUA - FORNECIMENTO E INSTALAÇÃO. AF_06/2022","UN","COEFICIENTE DE REPRESENTATIVIDADE",5.25,"CAIXA REFERENCIAL"]
["INSTALACOES HIDRO SANITARIAS","INHI","CONEXOES","0180","","",103953,"BUCHA DE REDUÇÃO, CURTA, PVC, SOLDÁVEL, DN 32 X 25 MM, INSTALADO EM RAMAL DE DISTRIBUIÇÃO DE ÁGUA - FORNECIMENTO E INSTALAÇÃO. AF_06/2022","UN","COEFICIENTE DE REPRESENTATIVIDADE",6.6,"CAIXA REFERENCIAL"]
["INSTALACOES HIDRO SANITARIAS","INHI","CONEXOES","0180","","",103954,"BUCHA DE REDUÇÃO, LONGA, PVC, SOLDÁVEL, DN 32 X 20 MM, INSTALADO EM RAMAL DE DISTRIBUIÇÃO DE ÁGUA - FORNECIMENTO E INSTALAÇÃO. AF_06/2022","UN","COEFICIENTE DE REPRESENTATIVIDADE",8.01,"CAIXA REFERENCIAL"]
["INSTALACOES HIDRO SANITARIAS","INHI","CONEXOES","0180","","",103955,"JOELHO DE REDUÇÃO, 90 GRAUS, PVC, SOLDÁVEL, DN 25 MM X 20 MM, INSTALADO EM RAMAL DE DISTRIBUIÇÃO DE ÁGUA - FORNECIMENTO E INSTALAÇÃO. AF_06/2022","UN","COEFICIENTE DE REPRESENTATIVIDADE",9.2899999999999991,"CAIXA REFERENCIAL"]
["INSTALACOES HIDRO SANITARIAS","INHI","CONEXOES","0180","","",103956,"JOELHO DE REDUÇÃO, 90 GRAUS, PVC, SOLDÁVEL, DN 32 MM X 25 MM, INSTALADO EM RAMAL DE DISTRIBUIÇÃO DE ÁGUA - FORNECIMENTO E INSTALAÇÃO. AF_06/2022","UN","COEFICIENTE DE REPRESENTATIVIDADE",13.05,"CAIXA REFERENCIAL"]
["INSTALACOES HIDRO SANITARIAS","INHI","CONEXOES","0180","","",103957,"BUCHA DE REDUÇÃO, CURTA, PVC, SOLDÁVEL, DN 32 X 25 MM, INSTALADO EM PRUMADA DE ÁGUA - FORNECIMENTO E INSTALAÇÃO. AF_06/2022","UN","COEFICIENTE DE REPRESENTATIVIDADE",4.42,"CAIXA REFERENCIAL"]
["INSTALACOES HIDRO SANITARIAS","INHI","CONEXOES","0180","","",103958,"BUCHA DE REDUÇÃO, CURTA, PVC, SOLDÁVEL, DN 50 X 40 MM, INSTALADO EM PRUMADA DE ÁGUA - FORNECIMENTO E INSTALAÇÃO. AF_06/2022","UN","COEFICIENTE DE REPRESENTATIVIDADE",9.1300000000000008,"CAIXA REFERENCIAL"]
["INSTALACOES HIDRO SANITARIAS","INHI","CONEXOES","0180","","",103959,"BUCHA DE REDUÇÃO, CURTA, PVC, SOLDÁVEL, DN 60 X 50 MM, INSTALADO EM PRUMADA DE ÁGUA - FORNECIMENTO E INSTALAÇÃO. AF_06/2022","UN","COEFICIENTE DE REPRESENTATIVIDADE",13.77,"CAIXA REFERENCIAL"]
["INSTALACOES HIDRO SANITARIAS","INHI","CONEXOES","0180","","",103962,"BUCHA DE REDUÇÃO, LONGA, PVC, SOLDÁVEL, DN 32 X 20 MM, INSTALADO EM PRUMADA DE ÁGUA - FORNECIMENTO E INSTALAÇÃO. AF_06/2022","UN","COEFICIENTE DE REPRESENTATIVIDADE",5.92,"CAIXA REFERENCIAL"]
["INSTALACOES HIDRO SANITARIAS","INHI","CONEXOES","0180","","",103964,"BUCHA DE REDUÇÃO, LONGA, PVC, SOLDÁVEL, DN 40 X 25 MM, INSTALADO EM PRUMADA DE ÁGUA - FORNECIMENTO E INSTALAÇÃO. AF_06/2022","UN","COEFICIENTE DE REPRESENTATIVIDADE",7.52,"CAIXA REFERENCIAL"]
["INSTALACOES HIDRO SANITARIAS","INHI","CONEXOES","0180","","",103966,"BUCHA DE REDUÇÃO, LONGA, PVC, SOLDÁVEL, DN 50 X 25 MM, INSTALADO EM PRUMADA DE ÁGUA - FORNECIMENTO E INSTALAÇÃO. AF_06/2022","UN","COEFICIENTE DE REPRESENTATIVIDADE",8.8800000000000008,"CAIXA REFERENCIAL"]
["INSTALACOES HIDRO SANITARIAS","INHI","CONEXOES","0180","","",103967,"BUCHA DE REDUÇÃO , LONGA, PVC, SOLDÁVEL, DN 50 X 32 MM, INSTALADO EM PRUMADA DE ÁGUA - FORNECIMENTO E INSTALAÇÃO. AF_06/2022","UN","COEFICIENTE DE REPRESENTATIVIDADE",10.73,"CAIXA REFERENCIAL"]
["INSTALACOES HIDRO SANITARIAS","INHI","CONEXOES","0180","","",103968,"BUCHA DE REDUÇÃO, LONGA, PVC, SOLDÁVEL, DN 60 X 25 MM, INSTALADO EM PRUMADA DE ÁGUA - FORNECIMENTO E INSTALAÇÃO. AF_06/2022","UN","COEFICIENTE DE REPRESENTATIVIDADE",15.52,"CAIXA REFERENCIAL"]
["INSTALACOES HIDRO SANITARIAS","INHI","CONEXOES","0180","","",103969,"BUCHA DE REDUÇÃO, LONGA, PVC, SOLDÁVEL, DN 60 X 32 MM, INSTALADO EM PRUMADA DE ÁGUA - FORNECIMENTO E INSTALAÇÃO. AF_06/2022","UN","COEFICIENTE DE REPRESENTATIVIDADE",18.39,"CAIXA REFERENCIAL"]
["INSTALACOES HIDRO SANITARIAS","INHI","CONEXOES","0180","","",103971,"BUCHA DE REDUÇÃO, LONGA, PVC, SOLDÁVEL, DN 60 X 50 MM, INSTALADO EM PRUMADA DE ÁGUA - FORNECIMENTO E INSTALAÇÃO. AF_06/2022","UN","COEFICIENTE DE REPRESENTATIVIDADE",23.4,"CAIXA REFERENCIAL"]
["INSTALACOES HIDRO SANITARIAS","INHI","CONEXOES","0180","","",103972,"BUCHA DE REDUÇÃO, LONGA, PVC, SOLDÁVEL, DN 75 X 50 MM, INSTALADO EM PRUMADA DE ÁGUA - FORNECIMENTO E INSTALAÇÃO. AF_06/2022","UN","COEFICIENTE DE REPRESENTATIVIDADE",27.07,"CAIXA REFERENCIAL"]
["INSTALACOES HIDRO SANITARIAS","INHI","CONEXOES","0180","","",103974,"JOELHO DE REDUÇÃO, 90 GRAUS, PVC, SOLDÁVEL, DN 32 MM X 25 MM, INSTALADO EM PRUMADA DE ÁGUA - FORNECIMENTO E INSTALAÇÃO. AF_06/2022","UN","COEFICIENTE DE REPRESENTATIVIDADE",9.8000000000000007,"CAIXA REFERENCIAL"]
["INSTALACOES HIDRO SANITARIAS","INHI","CONEXOES","0180","","",103975,"TE DE REDUÇÃO, 90 GRAUS, PVC, SOLDÁVEL, DN 50 MM X 20 MM, INSTALADO EM PRUMADA DE ÁGUA - FORNECIMENTO E INSTALAÇÃO. AF_06/2022","UN","COEFICIENTE DE REPRESENTATIVIDADE",16.45,"CAIXA REFERENCIAL"]
["INSTALACOES HIDRO SANITARIAS","INHI","CONEXOES","0180","","",103976,"TE DE REDUÇÃO, 90 GRAUS, PVC, SOLDÁVEL, DN 50 MM X 32 MM, INSTALADO EM PRUMADA DE ÁGUA - FORNECIMENTO E INSTALAÇÃO. AF_06/2022","UN","COEFICIENTE DE REPRESENTATIVIDADE",23.93,"CAIXA REFERENCIAL"]
["INSTALACOES HIDRO SANITARIAS","INHI","CONEXOES","0180","","",103977,"BUCHA DE REDUÇÃO, PVC, SOLDÁVEL, DN 40MM X 32MM, INSTALADO EM PRUMADA DE ÁGUA - FORNECIMENTO E INSTALAÇÃO. AF_06/2022","UN","COEFICIENTE DE REPRESENTATIVIDADE",6.4,"CAIXA REFERENCIAL"]
["INSTALACOES HIDRO SANITARIAS","INHI","CONEXOES","0180","","",103980,"JOELHO 90 GRAUS, PVC, SOLDÁVEL, DN 40MM, INSTALADO EM RAMAL DE DISTRIBUIÇÃO DE ÁGUA - FORNECIMENTO E INSTALAÇÃO. AF_06/2022","UN","COEFICIENTE DE REPRESENTATIVIDADE",16.239999999999998,"CAIXA REFERENCIAL"]
["INSTALACOES HIDRO SANITARIAS","INHI","CONEXOES","0180","","",103981,"JOELHO 45 GRAUS, PVC, SOLDÁVEL, DN 40MM, INSTALADO EM RAMAL DE DISTRIBUIÇÃO DE ÁGUA - FORNECIMENTO E INSTALAÇÃO. AF_06/2022","UN","COEFICIENTE DE REPRESENTATIVIDADE",16.3,"CAIXA REFERENCIAL"]
["INSTALACOES HIDRO SANITARIAS","INHI","CONEXOES","0180","","",103982,"CURVA 90 GRAUS, PVC, SOLDÁVEL, DN 40MM, INSTALADO EM RAMAL DE DISTRIBUIÇÃO DE ÁGUA - FORNECIMENTO E INSTALAÇÃO. AF_06/2022","UN","COEFICIENTE DE REPRESENTATIVIDADE",22.32,"CAIXA REFERENCIAL"]
["INSTALACOES HIDRO SANITARIAS","INHI","CONEXOES","0180","","",103983,"CURVA 45 GRAUS, PVC, SOLDÁVEL, DN 40MM, INSTALADO EM RAMAL DE DISTRIBUIÇÃO DE ÁGUA - FORNECIMENTO E INSTALAÇÃO. AF_06/2022","UN","COEFICIENTE DE REPRESENTATIVIDADE",15.76,"CAIXA REFERENCIAL"]
["INSTALACOES HIDRO SANITARIAS","INHI","CONEXOES","0180","","",103984,"JOELHO 90 GRAUS, PVC, SOLDÁVEL, DN 50MM, INSTALADO EM RAMAL DE DISTRIBUIÇÃO DE ÁGUA - FORNECIMENTO E INSTALAÇÃO. AF_06/2022","UN","COEFICIENTE DE REPRESENTATIVIDADE",17.84,"CAIXA REFERENCIAL"]
["INSTALACOES HIDRO SANITARIAS","INHI","CONEXOES","0180","","",103985,"JOELHO 45 GRAUS, PVC, SOLDÁVEL, DN 50MM, INSTALADO EM RAMAL DE DISTRIBUIÇÃO DE ÁGUA - FORNECIMENTO E INSTALAÇÃO. AF_06/2022","UN","COEFICIENTE DE REPRESENTATIVIDADE",20.309999999999999,"CAIXA REFERENCIAL"]
["INSTALACOES HIDRO SANITARIAS","INHI","CONEXOES","0180","","",103986,"CURVA 90 GRAUS, PVC, SOLDÁVEL, DN 50MM, INSTALADO EM RAMAL DE DISTRIBUIÇÃO DE ÁGUA - FORNECIMENTO E INSTALAÇÃO. AF_06/2022","UN","COEFICIENTE DE REPRESENTATIVIDADE",25.84,"CAIXA REFERENCIAL"]
["INSTALACOES HIDRO SANITARIAS","INHI","CONEXOES","0180","","",103987,"CURVA 45 GRAUS, PVC, SOLDÁVEL, DN 50MM, INSTALADO EM RAMAL DE DISTRIBUIÇÃO DE ÁGUA - FORNECIMENTO E INSTALAÇÃO. AF_06/2022","UN","COEFICIENTE DE REPRESENTATIVIDADE",22.09,"CAIXA REFERENCIAL"]
["INSTALACOES HIDRO SANITARIAS","INHI","CONEXOES","0180","","",103988,"LUVA, PVC, SOLDÁVEL, DN 40MM, INSTALADO EM RAMAL DE DISTRIBUIÇÃO DE ÁGUA - FORNECIMENTO E INSTALAÇÃO. AF_06/2022","UN","COEFICIENTE DE REPRESENTATIVIDADE",11.7,"CAIXA REFERENCIAL"]
["INSTALACOES HIDRO SANITARIAS","INHI","CONEXOES","0180","","",103990,"UNIÃO, PVC, SOLDÁVEL, DN 40MM, INSTALADO EM RAMAL DE DISTRIBUIÇÃO DE ÁGUA - FORNECIMENTO E INSTALAÇÃO. AF_06/2022","UN","COEFICIENTE DE REPRESENTATIVIDADE",33.21,"CAIXA REFERENCIAL"]
["INSTALACOES HIDRO SANITARIAS","INHI","CONEXOES","0180","","",103991,"LUVA COM ROSCA, PVC, SOLDÁVEL, DN 40MM X 1.1/4\", INSTALADO EM RAMAL DE DISTRIBUIÇÃO DE ÁGUA - FORNECIMENTO E INSTALAÇÃO. AF_06/2022","UN","COEFICIENTE DE REPRESENTATIVIDADE",17.12,"CAIXA REFERENCIAL"]
["INSTALACOES HIDRO SANITARIAS","INHI","CONEXOES","0180","","",103992,"ADAPTADOR CURTO COM BOLSA E ROSCA PARA REGISTRO, PVC, SOLDÁVEL, DN 40MM X 1.1/4\", INSTALADO EM RAMAL DE DISTRIBUIÇÃO DE ÁGUA - FORNECIMENTO E INSTALAÇÃO. AF_06/2022","UN","COEFICIENTE DE REPRESENTATIVIDADE",10.53,"CAIXA REFERENCIAL"]
["INSTALACOES HIDRO SANITARIAS","INHI","CONEXOES","0180","","",103993,"BUCHA DE REDUÇÃO, PVC, SOLDÁVEL, DN 40MM X 32MM, INSTALADO EM RAMAL DE DISTRIBUIÇÃO DE ÁGUA - FORNECIMENTO E INSTALAÇÃO. AF_06/2022","UN","COEFICIENTE DE REPRESENTATIVIDADE",8.94,"CAIXA REFERENCIAL"]
["INSTALACOES HIDRO SANITARIAS","INHI","CONEXOES","0180","","",103994,"ADAPTADOR CURTO COM BOLSA E ROSCA PARA REGISTRO, PVC, SOLDÁVEL, DN 40MM X 1.1/2\", INSTALADO EM RAMAL DE DISTRIBUIÇÃO DE ÁGUA - FORNECIMENTO E INSTALAÇÃO. AF_06/2022","UN","COEFICIENTE DE REPRESENTATIVIDADE",13.09,"CAIXA REFERENCIAL"]
["INSTALACOES HIDRO SANITARIAS","INHI","CONEXOES","0180","","",103995,"LUVA, PVC, SOLDÁVEL, DN 50MM, INSTALADO EM RAMAL DE DISTRIBUIÇÃO DE ÁGUA - FORNECIMENTO E INSTALAÇÃO. AF_06/2022","UN","COEFICIENTE DE REPRESENTATIVIDADE",13.75,"CAIXA REFERENCIAL"]
["INSTALACOES HIDRO SANITARIAS","INHI","CONEXOES","0180","","",103996,"LUVA DE CORRER, PVC, SOLDÁVEL, DN 50MM, INSTALADO EM RAMAL DE DISTRIBUIÇÃO DE ÁGUA - FORNECIMENTO E INSTALAÇÃO. AF_06/2022","UN","COEFICIENTE DE REPRESENTATIVIDADE",37.81,"CAIXA REFERENCIAL"]
["INSTALACOES HIDRO SANITARIAS","INHI","CONEXOES","0180","","",103997,"UNIÃO, PVC, SOLDÁVEL, DN 50MM, INSTALADO EM RAMAL DE DISTRIBUIÇÃO DE ÁGUA - FORNECIMENTO E INSTALAÇÃO. AF_06/2022","UN","COEFICIENTE DE REPRESENTATIVIDADE",36.89,"CAIXA REFERENCIAL"]
["INSTALACOES HIDRO SANITARIAS","INHI","CONEXOES","0180","","",103998,"LUVA DE REDUÇÃO, PVC, SOLDÁVEL, DN 50MM X 25MM, INSTALADO EM RAMAL DE DISTRIBUIÇÃO DE ÁGUA   FORNECIMENTO E INSTALAÇÃO. AF_06/2022","UN","COEFICIENTE DE REPRESENTATIVIDADE",13.44,"CAIXA REFERENCIAL"]
["INSTALACOES HIDRO SANITARIAS","INHI","CONEXOES","0180","","",103999,"BUCHA DE REDUÇÃO, LONGA, PVC, SOLDÁVEL, DN 50 X 25 MM, INSTALADO EM RAMAL DE DISTRIBUIÇÃO DE ÁGUA - FORNECIMENTO E INSTALAÇÃO. AF_06/2022","UN","COEFICIENTE DE REPRESENTATIVIDADE",11.47,"CAIXA REFERENCIAL"]
["INSTALACOES HIDRO SANITARIAS","INHI","CONEXOES","0180","","",104000,"LUVA COM ROSCA, PVC, SOLDÁVEL, DN 50MM X 1.1/2\", INSTALADO EM RAMAL DE DISTRIBUIÇÃO DE ÁGUA - FORNECIMENTO E INSTALAÇÃO. AF_06/2022","UN","COEFICIENTE DE REPRESENTATIVIDADE",26.32,"CAIXA REFERENCIAL"]
["INSTALACOES HIDRO SANITARIAS","INHI","CONEXOES","0180","","",104001,"ADAPTADOR CURTO COM BOLSA E ROSCA PARA REGISTRO, PVC, SOLDÁVEL, DN 50MM X 1.1/2\", INSTALADO EM RAMAL DE DISTRIBUIÇÃO DE ÁGUA - FORNECIMENTO E INSTALAÇÃO. AF_06/2022","UN","COEFICIENTE DE REPRESENTATIVIDADE",12.59,"CAIXA REFERENCIAL"]
["INSTALACOES HIDRO SANITARIAS","INHI","CONEXOES","0180","","",104002,"ADAPTADOR CURTO COM BOLSA E ROSCA PARA REGISTRO, PVC, SOLDÁVEL, DN 50MM X 1.1/4\", INSTALADO EM RAMAL DE DISTRIBUIÇÃO DE ÁGUA - FORNECIMENTO E INSTALAÇÃO. AF_06/2022","UN","COEFICIENTE DE REPRESENTATIVIDADE",16.190000000000001,"CAIXA REFERENCIAL"]
["INSTALACOES HIDRO SANITARIAS","INHI","CONEXOES","0180","","",104003,"BUCHA DE REDUÇÃO , LONGA, PVC, SOLDÁVEL, DN 50 X 32 MM, INSTALADO EM RAMAL DE DISTRIBUIÇÃO DE ÁGUA - FORNECIMENTO E INSTALAÇÃO. AF_06/2022","UN","COEFICIENTE DE REPRESENTATIVIDADE",13.5,"CAIXA REFERENCIAL"]
["INSTALACOES HIDRO SANITARIAS","INHI","CONEXOES","0180","","",104004,"TE, PVC, SOLDÁVEL, DN 50MM, INSTALADO EM RAMAL DE DISTRIBUIÇÃO DE ÁGUA - FORNECIMENTO E INSTALAÇÃO. AF_06/2022","UN","COEFICIENTE DE REPRESENTATIVIDADE",27.18,"CAIXA REFERENCIAL"]
["INSTALACOES HIDRO SANITARIAS","INHI","CONEXOES","0180","","",104005,"TÊ DE REDUÇÃO, PVC, SOLDÁVEL, DN 50MM X 40MM, INSTALADO EM RAMAL DE DISTRIBUIÇÃO DE ÁGUA - FORNECIMENTO E INSTALAÇÃO. AF_06/2022","UN","COEFICIENTE DE REPRESENTATIVIDADE",33.85,"CAIXA REFERENCIAL"]
["INSTALACOES HIDRO SANITARIAS","INHI","CONEXOES","0180","","",104006,"TÊ DE REDUÇÃO, PVC, SOLDÁVEL, DN 50MM X 25MM, INSTALADO EM RAMAL DE DISTRIBUIÇÃO DE ÁGUA - FORNECIMENTO E INSTALAÇÃO. AF_06/2022","UN","COEFICIENTE DE REPRESENTATIVIDADE",23.21,"CAIXA REFERENCIAL"]
["INSTALACOES HIDRO SANITARIAS","INHI","CONEXOES","0180","","",104007,"TE DE REDUÇÃO, 90 GRAUS, PVC, SOLDÁVEL, DN 50 MM X 20 MM, INSTALADO EM RAMAL DE DISTRIBUIÇÃO DE ÁGUA - FORNECIMENTO E INSTALAÇÃO. AF_06/2022","UN","COEFICIENTE DE REPRESENTATIVIDADE",20.28,"CAIXA REFERENCIAL"]
["INSTALACOES HIDRO SANITARIAS","INHI","CONEXOES","0180","","",104008,"TE DE REDUÇÃO, 90 GRAUS, PVC, SOLDÁVEL, DN 50 MM X 32 MM, INSTALADO EM RAMAL DE DISTRIBUIÇÃO DE ÁGUA - FORNECIMENTO E INSTALAÇÃO. AF_06/2022","UN","COEFICIENTE DE REPRESENTATIVIDADE",29.41,"CAIXA REFERENCIAL"]
["INSTALACOES HIDRO SANITARIAS","INHI","CONEXOES","0180","","",104009,"BUCHA DE REDUÇÃO, CURTA, PVC, SOLDÁVEL, DN 50 X 40 MM, INSTALADO EM RAMAL DE DISTRIBUIÇÃO DE ÁGUA - FORNECIMENTO E INSTALAÇÃO. AF_06/2022","UN","COEFICIENTE DE REPRESENTATIVIDADE",12.07,"CAIXA REFERENCIAL"]
["INSTALACOES HIDRO SANITARIAS","INHI","CONEXOES","0180","","",104011,"TE, PVC, SOLDÁVEL, DN 40MM, INSTALADO EM RAMAL DE DISTRIBUIÇÃO DE ÁGUA - FORNECIMENTO E INSTALAÇÃO. AF_06/2022","UN","COEFICIENTE DE REPRESENTATIVIDADE",23.28,"CAIXA REFERENCIAL"]
["INSTALACOES HIDRO SANITARIAS","INHI","CONEXOES","0180","","",104012,"TÊ DE REDUÇÃO, PVC, SOLDÁVEL, DN 40MM X 32MM, INSTALADO EM RAMAL DE DISTRIBUIÇÃO DE ÁGUA - FORNECIMENTO E INSTALAÇÃO. AF_06/2022","UN","COEFICIENTE DE REPRESENTATIVIDADE",21.58,"CAIXA REFERENCIAL"]
["INSTALACOES HIDRO SANITARIAS","INHI","CONEXOES","0180","","",104014,"BUCHA DE REDUÇÃO, LONGA, PVC, SOLDÁVEL, DN 40 X 25 MM, INSTALADO EM RAMAL DE DISTRIBUIÇÃO DE ÁGUA - FORNECIMENTO E INSTALAÇÃO. AF_06/2022","UN","COEFICIENTE DE REPRESENTATIVIDADE",9.89,"CAIXA REFERENCIAL"]
["INSTALACOES HIDRO SANITARIAS","INHI","CONEXOES","0180","","",104015,"TE DE REDUÇÃO, CPVC, SOLDÁVEL, DN 22 X 15 MM, INSTALADO EM RAMAL OU SUB-RAMAL DE ÁGUA - FORNECIMENTO E INSTALAÇÃO. AF_06/2022","UN","COEFICIENTE DE REPRESENTATIVIDADE",14.35,"CAIXA REFERENCIAL"]
["INSTALACOES HIDRO SANITARIAS","INHI","CONEXOES","0180","","",104016,"TE DE REDUÇÃO, CPVC, SOLDÁVEL, DN 28 X 22 MM, INSTALADO EM RAMAL OU SUB-RAMAL DE ÁGUA - FORNECIMENTO E INSTALAÇÃO. AF_06/2022","UN","COEFICIENTE DE REPRESENTATIVIDADE",19.14,"CAIXA REFERENCIAL"]
["INSTALACOES HIDRO SANITARIAS","INHI","CONEXOES","0180","","",104017,"TE DE REDUÇÃO, CPVC, SOLDÁVEL, DN 35 X 28 MM, INSTALADO EM RAMAL OU SUB-RAMAL DE ÁGUA - FORNECIMENTO E INSTALAÇÃO. AF_06/2022","UN","COEFICIENTE DE REPRESENTATIVIDADE",37.03,"CAIXA REFERENCIAL"]
["INSTALACOES HIDRO SANITARIAS","INHI","CONEXOES","0180","","",104018,"TE DE REDUÇÃO, CPVC, SOLDÁVEL, DN 28 X 22 MM, INSTALADO EM RAMAL DE DISTRIBUIÇÃO DE ÁGUA - FORNECIMENTO E INSTALAÇÃO. AF_06/2022","UN","COEFICIENTE DE REPRESENTATIVIDADE",18.170000000000002,"CAIXA REFERENCIAL"]
["INSTALACOES HIDRO SANITARIAS","INHI","CONEXOES","0180","","",104019,"TE DE REDUÇÃO, CPVC, SOLDÁVEL, DN 35 X 28 MM, INSTALADO EM RAMAL DE DISTRIBUIÇÃO DE ÁGUA - FORNECIMENTO E INSTALAÇÃO. AF_06/2022","UN","COEFICIENTE DE REPRESENTATIVIDADE",35.9,"CAIXA REFERENCIAL"]
["INSTALACOES HIDRO SANITARIAS","INHI","CONEXOES","0180","","",104020,"TE DE REDUÇÃO, CPVC, SOLDÁVEL, DN 42 X 35 MM, INSTALADO EM PRUMADA DE ÁGUA - FORNECIMENTO E INSTALAÇÃO. AF_06/2022","UN","COEFICIENTE DE REPRESENTATIVIDADE",44.18,"CAIXA REFERENCIAL"]
["INSTALACOES HIDRO SANITARIAS","INHI","CONEXOES","0180","","",104022,"TE, CPVC, SOLDÁVEL, DN  42MM, INSTALADO EM RAMAL DE DISTRIBUIÇÃO DE ÁGUA - FORNECIMENTO E INSTALAÇÃO. AF_06/2022","UN","COEFICIENTE DE REPRESENTATIVIDADE",55.47,"CAIXA REFERENCIAL"]
["INSTALACOES HIDRO SANITARIAS","INHI","CONEXOES","0180","","",104023,"JOELHO 90 GRAUS, CPVC, SOLDÁVEL, DN 42MM, INSTALADO EM RAMAL DE DISTRIBUIÇÃO DE ÁGUA - FORNECIMENTO E INSTALAÇÃO. AF_06/2022","UN","COEFICIENTE DE REPRESENTATIVIDADE",33.17,"CAIXA REFERENCIAL"]
["INSTALACOES HIDRO SANITARIAS","INHI","CONEXOES","0180","","",104024,"JOELHO 45 GRAUS, CPVC, SOLDÁVEL, DN 42MM, INSTALADO EM RAMAL DE DISTRIBUIÇÃO DE ÁGUA - FORNECIMENTO E INSTALAÇÃO. AF_06/2022","UN","COEFICIENTE DE REPRESENTATIVIDADE",32.86,"CAIXA REFERENCIAL"]
["INSTALACOES HIDRO SANITARIAS","INHI","CONEXOES","0180","","",104025,"LUVA, CPVC, SOLDÁVEL, DN 42MM, INSTALADO EM RAMAL DE DISTRIBUIÇÃO DE ÁGUA - FORNECIMENTO E INSTALAÇÃO. AF_06/2022","UN","COEFICIENTE DE REPRESENTATIVIDADE",23.22,"CAIXA REFERENCIAL"]
["INSTALACOES HIDRO SANITARIAS","INHI","CONEXOES","0180","","",104026,"LUVA DE CORRER, CPVC, SOLDÁVEL, DN 42MM, INSTALADO EM RAMAL DE DISTRIBUIÇÃO DE ÁGUA - FORNECIMENTO E INSTALAÇÃO. AF_06/2022","UN","COEFICIENTE DE REPRESENTATIVIDADE",33.229999999999997,"CAIXA REFERENCIAL"]
["INSTALACOES HIDRO SANITARIAS","INHI","CONEXOES","0180","","",104027,"UNIÃO, CPVC, SOLDÁVEL, DN 42MM, INSTALADO EM RAMAL DE DISTRIBUIÇÃO DE ÁGUA   FORNECIMENTO E INSTALAÇÃO. AF_06/2022","UN","COEFICIENTE DE REPRESENTATIVIDADE",49.57,"CAIXA REFERENCIAL"]
["INSTALACOES HIDRO SANITARIAS","INHI","CONEXOES","0180","","",104028,"LUVA DE TRANSIÇÃO, CPVC, SOLDÁVEL, DN42MM X 1.1/2\", INSTALADO EM RAMAL DE DISTRIBUIÇÃO DE ÁGUA - FORNECIMENTO E INSTALAÇÃO. AF_06/2022","UN","COEFICIENTE DE REPRESENTATIVIDADE",99.45,"CAIXA REFERENCIAL"]
["INSTALACOES HIDRO SANITARIAS","INHI","CONEXOES","0180","","",104029,"CONECTOR, CPVC, SOLDÁVEL, DN 42MM X 1.1/2\", INSTALADO EM RAMAL DE DISTRIBUIÇÃO DE ÁGUA - FORNECIMENTO E INSTALAÇÃO. AF_06/2022","UN","COEFICIENTE DE REPRESENTATIVIDADE",52.49,"CAIXA REFERENCIAL"]
["INSTALACOES HIDRO SANITARIAS","INHI","CONEXOES","0180","","",104030,"TE DE REDUÇÃO, CPVC, SOLDÁVEL, DN 42 X 35 MM, INSTALADO EM RAMAL DE DISTRIBUIÇÃO DE ÁGUA - FORNECIMENTO E INSTALAÇÃO. AF_06/2022","UN","COEFICIENTE DE REPRESENTATIVIDADE",49.32,"CAIXA REFERENCIAL"]
["INSTALACOES HIDRO SANITARIAS","INHI","CONEXOES","0180","","",104159,"LUVA DE CORRER, PVC, SOLDÁVEL, DN 40MM, INSTALADO EM RAMAL DE DISTRIBUIÇÃO DE ÁGUA - FORNECIMENTO E INSTALAÇÃO. AF_06/2022","UN","COEFICIENTE DE REPRESENTATIVIDADE",35.630000000000003,"CAIXA REFERENCIAL"]
["INSTALACOES HIDRO SANITARIAS","INHI","CONEXOES","0180","","",104167,"JOELHO 90 GRAUS, PVC, SERIE R, ÁGUA PLUVIAL, DN 150 MM, JUNTA ELÁSTICA, FORNECIDO E INSTALADO EM RAMAL DE ENCAMINHAMENTO. AF_06/2022","UN","COEFICIENTE DE REPRESENTATIVIDADE",111.08,"CAIXA REFERENCIAL"]
["INSTALACOES HIDRO SANITARIAS","INHI","CONEXOES","0180","","",104168,"JOELHO 45 GRAUS, PVC, SERIE R, ÁGUA PLUVIAL, DN 150 MM, JUNTA ELÁSTICA, FORNECIDO E INSTALADO EM RAMAL DE ENCAMINHAMENTO. AF_06/2022","UN","COEFICIENTE DE REPRESENTATIVIDADE",108.53,"CAIXA REFERENCIAL"]
["INSTALACOES HIDRO SANITARIAS","INHI","CONEXOES","0180","","",104169,"CURVA 87 GRAUS E 30 MINUTOS, PVC, SERIE R, ÁGUA PLUVIAL, DN 150 MM, JUNTA ELÁSTICA, FORNECIDO E INSTALADO EM RAMAL DE ENCAMINHAMENTO. AF_06/2022","UN","COEFICIENTE DE REPRESENTATIVIDADE",130.94999999999999,"CAIXA REFERENCIAL"]
["INSTALACOES HIDRO SANITARIAS","INHI","CONEXOES","0180","","",104170,"LUVA SIMPLES, PVC, SERIE R, ÁGUA PLUVIAL, DN 150 MM, JUNTA ELÁSTICA, FORNECIDO E INSTALADO EM RAMAL DE ENCAMINHAMENTO. AF_06/2022","UN","COEFICIENTE DE REPRESENTATIVIDADE",63.02,"CAIXA REFERENCIAL"]
["INSTALACOES HIDRO SANITARIAS","INHI","CONEXOES","0180","","",104171,"LUVA DE CORRER, PVC, SERIE R, ÁGUA PLUVIAL, DN 150 MM, JUNTA ELÁSTICA, FORNECIDO E INSTALADO EM RAMAL DE ENCAMINHAMENTO. AF_06/2022","UN","COEFICIENTE DE REPRESENTATIVIDADE",80.819999999999993,"CAIXA REFERENCIAL"]
["INSTALACOES HIDRO SANITARIAS","INHI","CONEXOES","0180","","",104172,"TÊ DE INSPEÇÃO, PVC, SERIE R, ÁGUA PLUVIAL, DN 150 MM, JUNTA ELÁSTICA, FORNECIDO E INSTALADO EM RAMAL DE ENCAMINHAMENTO. AF_06/2022","UN","COEFICIENTE DE REPRESENTATIVIDADE",231.07,"CAIXA REFERENCIAL"]
["INSTALACOES HIDRO SANITARIAS","INHI","CONEXOES","0180","","",104173,"REDUÇÃO EXCÊNTRICA, PVC, SERIE R, ÁGUA PLUVIAL, DN 150 X 100 MM, JUNTA ELÁSTICA, FORNECIDO E INSTALADO EM RAMAL DE ENCAMINHAMENTO. AF_06/2022","UN","COEFICIENTE DE REPRESENTATIVIDADE",76.17,"CAIXA REFERENCIAL"]
["INSTALACOES HIDRO SANITARIAS","INHI","CONEXOES","0180","","",104174,"JUNÇÃO SIMPLES, PVC, SERIE R, ÁGUA PLUVIAL, DN 150 X 100 MM, JUNTA ELÁSTICA, FORNECIDO E INSTALADO EM RAMAL DE ENCAMINHAMENTO. AF_06/2022","UN","COEFICIENTE DE REPRESENTATIVIDADE",165.82,"CAIXA REFERENCIAL"]
["INSTALACOES HIDRO SANITARIAS","INHI","CONEXOES","0180","","",104175,"TÊ, PVC, SERIE R, ÁGUA PLUVIAL, DN 150 X 100 MM, JUNTA ELÁSTICA, FORNECIDO E INSTALADO EM RAMAL DE ENCAMINHAMENTO. AF_06/2022","UN","COEFICIENTE DE REPRESENTATIVIDADE",127.51,"CAIXA REFERENCIAL"]
["INSTALACOES HIDRO SANITARIAS","INHI","CONEXOES","0180","","",104176,"JUNÇÃO SIMPLES, PVC, SERIE R, ÁGUA PLUVIAL, DN 150 X 150 MM, JUNTA ELÁSTICA, FORNECIDO E INSTALADO EM RAMAL DE ENCAMINHAMENTO. AF_06/2022","UN","COEFICIENTE DE REPRESENTATIVIDADE",219.3,"CAIXA REFERENCIAL"]
["INSTALACOES HIDRO SANITARIAS","INHI","CONEXOES","0180","","",104177,"TÊ, PVC, SERIE R, ÁGUA PLUVIAL, DN 150 X 150 MM, JUNTA ELÁSTICA, FORNECIDO E INSTALADO EM RAMAL DE ENCAMINHAMENTO. AF_06/2022","UN","COEFICIENTE DE REPRESENTATIVIDADE",164.95,"CAIXA REFERENCIAL"]
["INSTALACOES HIDRO SANITARIAS","INHI","CONEXOES","0180","","",104178,"CAP, PVC, SERIE R, ÁGUA PLUVIAL, DN 100 MM, JUNTA ELÁSTICA, FORNECIDO E INSTALADO EM RAMAL DE ENCAMINHAMENTO. AF_06/2022","UN","COEFICIENTE DE REPRESENTATIVIDADE",19.43,"CAIXA REFERENCIAL"]
["INSTALACOES HIDRO SANITARIAS","INHI","CONEXOES","0180","","",104179,"CAP, PVC, SERIE R, ÁGUA PLUVIAL, DN 150 MM, JUNTA ELÁSTICA, FORNECIDO E INSTALADO EM RAMAL DE ENCAMINHAMENTO. AF_06/2022","UN","COEFICIENTE DE REPRESENTATIVIDADE",72.73,"CAIXA REFERENCIAL"]
["INSTALACOES HIDRO SANITARIAS","INHI","CONEXOES","0180","","",104191,"BUCHA DE REDUÇÃO, PPR, DN 25 X 20 MM, INSTALADO EM RAMAL OU SUB-RAMAL DE ÁGUA - FORNECIMENTO E INSTALAÇÃO. AF_08/2022","UN","ATRIBUÍDO SÃO PAULO",9.3800000000000008,"CAIXA REFERENCIAL"]
["INSTALACOES HIDRO SANITARIAS","INHI","CONEXOES","0180","","",104192,"TÊ MISTURADOR, PPR, F M M, DN 25 X 25 MM, INSTALADO EM RAMAL OU SUB-RAMAL DE ÁGUA - FORNECIMENTO E INSTALAÇÃO. AF_08/2022","UN","ATRIBUÍDO SÃO PAULO",26.23,"CAIXA REFERENCIAL"]
["INSTALACOES HIDRO SANITARIAS","INHI","CONEXOES","0180","","",104193,"JOELHO 45 GRAUS, PPR, F/ F, DN 90 MM, INSTALADO EM PRUMADA DE ÁGUA - FORNECIMENTO E INSTALAÇÃO. AF_08/2022","UN","ATRIBUÍDO SÃO PAULO",152.18,"CAIXA REFERENCIAL"]
["INSTALACOES HIDRO SANITARIAS","INHI","CONEXOES","0180","","",104196,"CURVA 90 GRAUS, PPR, DN 20 MM, INSTALADO EM RAMAL OU SUB-RAMAL DE ÁGUA - FORNECIMENTO E INSTALAÇÃO. AF_08/2022","UN","ATRIBUÍDO SÃO PAULO",14.45,"CAIXA REFERENCIAL"]
["INSTALACOES HIDRO SANITARIAS","INHI","CONEXOES","0180","","",104197,"CURVA 90 GRAUS, PPR, DN 25 MM, INSTALADO EM RAMAL OU SUB-RAMAL DE ÁGUA - FORNECIMENTO E INSTALAÇÃO. AF_08/2022","UN","ATRIBUÍDO SÃO PAULO",27.13,"CAIXA REFERENCIAL"]
["INSTALACOES HIDRO SANITARIAS","INHI","CONEXOES","0180","","",104198,"JOELHO 45 GRAUS, PPR, DN 20 MM, INSTALADO EM RAMAL OU SUB-RAMAL DE ÁGUA - FORNECIMENTO E INSTALAÇÃO. AF_08/2022","UN","ATRIBUÍDO SÃO PAULO",6.95,"CAIXA REFERENCIAL"]
["INSTALACOES HIDRO SANITARIAS","INHI","CONEXOES","0180","","",104199,"JOELHO 90 GRAUS, PPR, DN 20 MM, INSTALADO EM RAMAL OU SUB-RAMAL DE ÁGUA - FORNECIMENTO E INSTALAÇÃO. AF_08/2022","UN","ATRIBUÍDO SÃO PAULO",6.73,"CAIXA REFERENCIAL"]
["INSTALACOES HIDRO SANITARIAS","INHI","CONEXOES","0180","","",104200,"LUVA, PPR, DN 20 MM, INSTALADO EM RAMAL OU SUB-RAMAL DE ÁGUA - FORNECIMENTO E INSTALAÇÃO. AF_08/2022","UN","ATRIBUÍDO SÃO PAULO",5.52,"CAIXA REFERENCIAL"]
["INSTALACOES HIDRO SANITARIAS","INHI","CONEXOES","0180","","",104201,"TÊ MISTURADOR, PPR, F M M, DN 20 X 20 MM, INSTALADO EM RAMAL OU SUB-RAMAL DE ÁGUA - FORNECIMENTO E INSTALAÇÃO. AF_08/2022","UN","ATRIBUÍDO SÃO PAULO",17.84,"CAIXA REFERENCIAL"]
["INSTALACOES HIDRO SANITARIAS","INHI","CONEXOES","0180","","",104202,"TÊ NORMAL, PPR, 90 GRAUS, DN 20 X 20 X 20 MM, INSTALADO EM RAMAL OU SUB-RAMAL DE ÁGUA - FORNECIMENTO E INSTALAÇÃO. AF_08/2022","UN","ATRIBUÍDO SÃO PAULO",10,"CAIXA REFERENCIAL"]
["INSTALACOES HIDRO SANITARIAS","INHI","CONEXOES","0180","","",104317,"JOELHO 90 GRAUS, PVC, SOLDÁVEL, DN 20 MM, INSTALADO EM DRENO DE AR CONDICIONADO - FORNECIMENTO E INSTALAÇÃO. AF_08/2022","UN","COEFICIENTE DE REPRESENTATIVIDADE",6.08,"CAIXA REFERENCIAL"]
["INSTALACOES HIDRO SANITARIAS","INHI","CONEXOES","0180","","",104318,"JOELHO 45 GRAUS, PVC, SOLDÁVEL, DN 20 MM, INSTALADO EM DRENO DE AR CONDICIONADO - FORNECIMENTO E INSTALAÇÃO. AF_08/2022","UN","COEFICIENTE DE REPRESENTATIVIDADE",6.61,"CAIXA REFERENCIAL"]
["INSTALACOES HIDRO SANITARIAS","INHI","CONEXOES","0180","","",104319,"JOELHO 90 GRAUS, PVC, SOLDÁVEL, DN 32 MM, INSTALADO EM DRENO DE AR CONDICIONADO - FORNECIMENTO E INSTALAÇÃO. AF_08/2022","UN","COEFICIENTE DE REPRESENTATIVIDADE",9.01,"CAIXA REFERENCIAL"]
["INSTALACOES HIDRO SANITARIAS","INHI","CONEXOES","0180","","",104320,"JOELHO 45 GRAUS, PVC, SOLDÁVEL, DN 32 MM, INSTALADO EM DRENO DE AR CONDICIONADO - FORNECIMENTO E INSTALAÇÃO. AF_08/2022","UN","COEFICIENTE DE REPRESENTATIVIDADE",10.72,"CAIXA REFERENCIAL"]
["INSTALACOES HIDRO SANITARIAS","INHI","CONEXOES","0180","","",104321,"LUVA, PVC, SOLDÁVEL, DN 20 MM, INSTALADO EM DRENO DE AR CONDICIONADO - FORNECIMENTO E INSTALAÇÃO. AF_08/2022","UN","COEFICIENTE DE REPRESENTATIVIDADE",4.67,"CAIXA REFERENCIAL"]
["INSTALACOES HIDRO SANITARIAS","INHI","CONEXOES","0180","","",104322,"LUVA, PVC, SOLDÁVEL, DN 32 MM, INSTALADO EM DRENO DE AR CONDICIONADO - FORNECIMENTO E INSTALAÇÃO. AF_08/2022","UN","COEFICIENTE DE REPRESENTATIVIDADE",6.81,"CAIXA REFERENCIAL"]
["INSTALACOES HIDRO SANITARIAS","INHI","CONEXOES","0180","","",104323,"TE, PVC, SOLDÁVEL, DN 20 MM, INSTALADO EM DRENO DE AR CONDICIONADO - FORNECIMENTO E INSTALAÇÃO. AF_08/2022","UN","COEFICIENTE DE REPRESENTATIVIDADE",8.49,"CAIXA REFERENCIAL"]
["INSTALACOES HIDRO SANITARIAS","INHI","CONEXOES","0180","","",104324,"TE, PVC, SOLDÁVEL, DN 32 MM, INSTALADO EM DRENO DE AR CONDICIONADO - FORNECIMENTO E INSTALAÇÃO. AF_08/2022","UN","COEFICIENTE DE REPRESENTATIVIDADE",12.78,"CAIXA REFERENCIAL"]
["INSTALACOES HIDRO SANITARIAS","INHI","CONEXOES","0180","","",104341,"BUCHA DE REDUÇÃO LONGA, PVC, SÉRIE NORMAL, ESGOTO PREDIAL, DN 50 X 40 MM, JUNTA SOLDÁVEL E ELÁSTICA, FORNECIDO E INSTALADO EM RAMAL DE DESCARGA OU RAMAL DE ESGOTO SANITÁRIO. AF_08/2022","UN","COEFICIENTE DE REPRESENTATIVIDADE",10.119999999999999,"CAIXA REFERENCIAL"]
["INSTALACOES HIDRO SANITARIAS","INHI","CONEXOES","0180","","",104343,"JUNÇÃO DE REDUÇÃO INVERTIDA, PVC, SÉRIE NORMAL, ESGOTO PREDIAL, DN 75 X 50 MM, JUNTA ELÁSTICA, FORNECIDO E INSTALADO EM RAMAL DE DESCARGA OU RAMAL DE ESGOTO SANITÁRIO. AF_08/2022","UN","COEFICIENTE DE REPRESENTATIVIDADE",31.79,"CAIXA REFERENCIAL"]
["INSTALACOES HIDRO SANITARIAS","INHI","CONEXOES","0180","","",104344,"TE, PVC, SÉRIE NORMAL, ESGOTO PREDIAL, DN 100 X 50 MM, JUNTA ELÁSTICA, FORNECIDO E INSTALADO EM RAMAL DE DESCARGA OU RAMAL DE ESGOTO SANITÁRIO. AF_08/2022","UN","COEFICIENTE DE REPRESENTATIVIDADE",37.94,"CAIXA REFERENCIAL"]
["INSTALACOES HIDRO SANITARIAS","INHI","CONEXOES","0180","","",104345,"JUNÇÃO DE REDUÇÃO INVERTIDA, PVC, SÉRIE NORMAL, ESGOTO PREDIAL, DN 100 X 50 MM, JUNTA ELÁSTICA, FORNECIDO E INSTALADO EM RAMAL DE DESCARGA OU RAMAL DE ESGOTO SANITÁRIO. AF_08/2022","UN","COEFICIENTE DE REPRESENTATIVIDADE",39.619999999999997,"CAIXA REFERENCIAL"]
["INSTALACOES HIDRO SANITARIAS","INHI","CONEXOES","0180","","",104346,"TE, PVC, SÉRIE NORMAL, ESGOTO PREDIAL, DN 100 X 75 MM, JUNTA ELÁSTICA, FORNECIDO E INSTALADO EM RAMAL DE DESCARGA OU RAMAL DE ESGOTO SANITÁRIO. AF_08/2022","UN","COEFICIENTE DE REPRESENTATIVIDADE",41.9,"CAIXA REFERENCIAL"]
["INSTALACOES HIDRO SANITARIAS","INHI","CONEXOES","0180","","",104347,"JUNÇÃO DE REDUCAO INVERTIDA, PVC, SÉRIE NORMAL, ESGOTO PREDIAL, DN 100 X 75 MM, JUNTA ELÁSTICA, FORNECIDO E INSTALADO EM RAMAL DE DESCARGA OU RAMAL DE ESGOTO SANITÁRIO. AF_08/2022","UN","COEFICIENTE DE REPRESENTATIVIDADE",44.07,"CAIXA REFERENCIAL"]
["INSTALACOES HIDRO SANITARIAS","INHI","CONEXOES","0180","","",104348,"TERMINAL DE VENTILAÇÃO, PVC, SÉRIE NORMAL, ESGOTO PREDIAL, DN 50 MM, JUNTA SOLDÁVEL, FORNECIDO E INSTALADO EM PRUMADA DE ESGOTO SANITÁRIO OU VENTILAÇÃO. AF_08/2022","UN","COEFICIENTE DE REPRESENTATIVIDADE",9.07,"CAIXA REFERENCIAL"]
["INSTALACOES HIDRO SANITARIAS","INHI","CONEXOES","0180","","",104350,"JUNÇÃO DE REDUÇÃO INVERTIDA, PVC, SÉRIE NORMAL, ESGOTO PREDIAL, DN 75 X 50 MM, JUNTA ELÁSTICA, FORNECIDO E INSTALADO EM PRUMADA DE ESGOTO SANITÁRIO OU VENTILAÇÃO. AF_08/2022","UN","COEFICIENTE DE REPRESENTATIVIDADE",28.11,"CAIXA REFERENCIAL"]
["INSTALACOES HIDRO SANITARIAS","INHI","CONEXOES","0180","","",104351,"TERMINAL DE VENTILAÇÃO, PVC, SÉRIE NORMAL, ESGOTO PREDIAL, DN 75 MM, JUNTA SOLDÁVEL, FORNECIDO E INSTALADO EM PRUMADA DE ESGOTO SANITÁRIO OU VENTILAÇÃO. AF_08/2022","UN","COEFICIENTE DE REPRESENTATIVIDADE",18.88,"CAIXA REFERENCIAL"]
["INSTALACOES HIDRO SANITARIAS","INHI","CONEXOES","0180","","",104352,"TE, PVC, SÉRIE NORMAL, ESGOTO PREDIAL, DN 100 X 50 MM, JUNTA ELÁSTICA, FORNECIDO E INSTALADO EM PRUMADA DE ESGOTO SANITÁRIO OU VENTILAÇÃO. AF_08/2022","UN","COEFICIENTE DE REPRESENTATIVIDADE",36.85,"CAIXA REFERENCIAL"]
["INSTALACOES HIDRO SANITARIAS","INHI","CONEXOES","0180","","",104353,"JUNÇÃO DE REDUÇÃO INVERTIDA, PVC, SÉRIE NORMAL, ESGOTO PREDIAL, DN 100 X 50 MM, JUNTA ELÁSTICA, FORNECIDO E INSTALADO EM PRUMADA DE ESGOTO SANITÁRIO OU VENTILAÇÃO. AF_08/2022","UN","COEFICIENTE DE REPRESENTATIVIDADE",38.53,"CAIXA REFERENCIAL"]
["INSTALACOES HIDRO SANITARIAS","INHI","CONEXOES","0180","","",104354,"TE, PVC, SÉRIE NORMAL, ESGOTO PREDIAL, DN 100 X 75 MM, JUNTA ELÁSTICA, FORNECIDO E INSTALADO EM PRUMADA DE ESGOTO SANITÁRIO OU VENTILAÇÃO. AF_08/2022","UN","COEFICIENTE DE REPRESENTATIVIDADE",42.09,"CAIXA REFERENCIAL"]
["INSTALACOES HIDRO SANITARIAS","INHI","CONEXOES","0180","","",104355,"JUNÇÃO DE REDUCAO INVERTIDA, PVC, SÉRIE NORMAL, ESGOTO PREDIAL, DN 100 X 75 MM, JUNTA ELÁSTICA, FORNECIDO E INSTALADO EM PRUMADA DE ESGOTO SANITÁRIO OU VENTILAÇÃO. AF_08/2022","UN","COEFICIENTE DE REPRESENTATIVIDADE",44.26,"CAIXA REFERENCIAL"]
["INSTALACOES HIDRO SANITARIAS","INHI","CONEXOES","0180","","",104356,"TERMINAL DE VENTILAÇÃO, PVC, SÉRIE NORMAL, ESGOTO PREDIAL, DN 100 MM, JUNTA SOLDÁVEL, FORNECIDO E INSTALADO EM PRUMADA DE ESGOTO SANITÁRIO OU VENTILAÇÃO. AF_08/2022","UN","COEFICIENTE DE REPRESENTATIVIDADE",25.13,"CAIXA REFERENCIAL"]
["INSTALACOES HIDRO SANITARIAS","INHI","CONEXOES","0180","","",104357,"CAP, PVC, SÉRIE NORMAL, ESGOTO PREDIAL, DN 100 MM, JUNTA ELÁSTICA, FORNECIDO E INSTALADO EM SUBCOLETOR AÉREO DE ESGOTO SANITÁRIO. AF_08/2022","UN","COEFICIENTE DE REPRESENTATIVIDADE",17.39,"CAIXA REFERENCIAL"]
["INSTALACOES HIDRO SANITARIAS","INHI","CONEXOES","0180","","",104576,"LUVA DE REDUÇÃO, PARA INSTALAÇÕES EM PEX ÁGUA, DN 20 X 16 MM, COM ANEL DESLIZANTE - FORNECIMENTO E INSTALAÇÃO. AF_02/2023","UN","ATRIBUÍDO SÃO PAULO",13.96,"CAIXA REFERENCIAL"]
["INSTALACOES HIDRO SANITARIAS","INHI","CONEXOES","0180","","",104577,"LUVA DE REDUÇÃO, PARA INSTALAÇÕES EM PEX ÁGUA, DN 25 X 16 MM, COM ANEL DESLIZANTE - FORNECIMENTO E INSTALAÇÃO. AF_02/2023","UN","ATRIBUÍDO SÃO PAULO",18.84,"CAIXA REFERENCIAL"]
["INSTALACOES HIDRO SANITARIAS","INHI","CONEXOES","0180","","",104578,"LUVA DE REDUÇÃO, PARA INSTALAÇÕES EM PEX ÁGUA, DN 25 X 20 MM, COM ANEL DESLIZANTE - FORNECIMENTO E INSTALAÇÃO. AF_02/2023","UN","ATRIBUÍDO SÃO PAULO",20.190000000000001,"CAIXA REFERENCIAL"]
["INSTALACOES HIDRO SANITARIAS","INHI","CONEXOES","0180","","",104579,"LUVA DE REDUÇÃO, PARA INSTALAÇÕES EM PEX ÁGUA, DN 32 X 25 MM, COM ANEL DESLIZANTE - FORNECIMENTO E INSTALAÇÃO. AF_02/2023","UN","ATRIBUÍDO SÃO PAULO",26.55,"CAIXA REFERENCIAL"]
["INSTALACOES HIDRO SANITARIAS","INHI","CONEXOES","0180","","",104581,"LUVA , PARA INSTALAÇÕES EM PEX ÁGUA, DN 16 MM, COM ANEL DESLIZANTE - FORNECIMENTO E INSTALAÇÃO. AF_02/2023","UN","ATRIBUÍDO SÃO PAULO",12.75,"CAIXA REFERENCIAL"]
["INSTALACOES HIDRO SANITARIAS","INHI","CONEXOES","0180","","",104582,"LUVA , PARA INSTALAÇÕES EM PEX ÁGUA, DN 20 MM, COM ANEL DESLIZANTE - FORNECIMENTO E INSTALAÇÃO. AF_02/2023","UN","ATRIBUÍDO SÃO PAULO",16.29,"CAIXA REFERENCIAL"]
["INSTALACOES HIDRO SANITARIAS","INHI","CONEXOES","0180","","",104583,"LUVA , PARA INSTALAÇÕES EM PEX ÁGUA, DN 25 MM, COM ANEL DESLIZANTE - FORNECIMENTO E INSTALAÇÃO. AF_02/2023","UN","ATRIBUÍDO SÃO PAULO",26.27,"CAIXA REFERENCIAL"]
["INSTALACOES HIDRO SANITARIAS","INHI","CONEXOES","0180","","",104584,"LUVA , PARA INSTALAÇÕES EM PEX ÁGUA, DN 32 MM, COM ANEL DESLIZANTE - FORNECIMENTO E INSTALAÇÃO. AF_02/2023","UN","ATRIBUÍDO SÃO PAULO",31.5,"CAIXA REFERENCIAL"]
["INSTALACOES HIDRO SANITARIAS","INHI","CAIXAS D'DAGUA, DE INSPECAO E DE GORDURA","0181","","",97895,"CAIXA ENTERRADA HIDRÁULICA RETANGULAR, EM CONCRETO PRÉ-MOLDADO, DIMENSÕES INTERNAS: 0,3X0,3X0,3 M. AF_12/2020","UN","ATRIBUÍDO SÃO PAULO",145.46,"CAIXA REFERENCIAL"]
["INSTALACOES HIDRO SANITARIAS","INHI","CAIXAS D'DAGUA, DE INSPECAO E DE GORDURA","0181","","",97896,"CAIXA ENTERRADA HIDRÁULICA RETANGULAR, EM CONCRETO PRÉ-MOLDADO, DIMENSÕES INTERNAS: 0,4X0,4X0,4 M. AF_12/2020","UN","ATRIBUÍDO SÃO PAULO",270.77,"CAIXA REFERENCIAL"]
["INSTALACOES HIDRO SANITARIAS","INHI","CAIXAS D'DAGUA, DE INSPECAO E DE GORDURA","0181","","",97897,"CAIXA ENTERRADA HIDRÁULICA RETANGULAR, EM CONCRETO PRÉ-MOLDADO, DIMENSÕES INTERNAS: 0,6X0,6X0,5 M. AF_12/2020","UN","ATRIBUÍDO SÃO PAULO",353.69,"CAIXA REFERENCIAL"]
["INSTALACOES HIDRO SANITARIAS","INHI","CAIXAS D'DAGUA, DE INSPECAO E DE GORDURA","0181","","",97898,"CAIXA ENTERRADA HIDRÁULICA RETANGULAR, EM CONCRETO PRÉ-MOLDADO, DIMENSÕES INTERNAS: 0,8X0,8X0,5 M. AF_12/2020","UN","ATRIBUÍDO SÃO PAULO",703.49,"CAIXA REFERENCIAL"]
["INSTALACOES HIDRO SANITARIAS","INHI","CAIXAS D'DAGUA, DE INSPECAO E DE GORDURA","0181","","",97900,"CAIXA ENTERRADA HIDRÁULICA RETANGULAR EM ALVENARIA COM TIJOLOS CERÂMICOS MACIÇOS, DIMENSÕES INTERNAS: 0,3X0,3X0,3 M PARA REDE DE ESGOTO. AF_12/2020","UN","ATRIBUÍDO SÃO PAULO",170.83,"CAIXA REFERENCIAL"]
["INSTALACOES HIDRO SANITARIAS","INHI","CAIXAS D'DAGUA, DE INSPECAO E DE GORDURA","0181","","",97901,"CAIXA ENTERRADA HIDRÁULICA RETANGULAR EM ALVENARIA COM TIJOLOS CERÂMICOS MACIÇOS, DIMENSÕES INTERNAS: 0,4X0,4X0,4 M PARA REDE DE ESGOTO. AF_12/2020","UN","ATRIBUÍDO SÃO PAULO",267.3,"CAIXA REFERENCIAL"]
["INSTALACOES HIDRO SANITARIAS","INHI","CAIXAS D'DAGUA, DE INSPECAO E DE GORDURA","0181","","",97902,"CAIXA ENTERRADA HIDRÁULICA RETANGULAR EM ALVENARIA COM TIJOLOS CERÂMICOS MACIÇOS, DIMENSÕES INTERNAS: 0,6X0,6X0,6 M PARA REDE DE ESGOTO. AF_12/2020","UN","ATRIBUÍDO SÃO PAULO",517.03,"CAIXA REFERENCIAL"]
["INSTALACOES HIDRO SANITARIAS","INHI","CAIXAS D'DAGUA, DE INSPECAO E DE GORDURA","0181","","",97903,"CAIXA ENTERRADA HIDRÁULICA RETANGULAR EM ALVENARIA COM TIJOLOS CERÂMICOS MACIÇOS, DIMENSÕES INTERNAS: 0,8X0,8X0,6 M PARA REDE DE ESGOTO. AF_12/2020","UN","ATRIBUÍDO SÃO PAULO",722.42,"CAIXA REFERENCIAL"]
["INSTALACOES HIDRO SANITARIAS","INHI","CAIXAS D'DAGUA, DE INSPECAO E DE GORDURA","0181","","",97904,"CAIXA ENTERRADA HIDRÁULICA RETANGULAR EM ALVENARIA COM TIJOLOS CERÂMICOS MACIÇOS, DIMENSÕES INTERNAS: 1X1X0,6 M PARA REDE DE ESGOTO. AF_12/2020","UN","ATRIBUÍDO SÃO PAULO",858.87,"CAIXA REFERENCIAL"]
["INSTALACOES HIDRO SANITARIAS","INHI","CAIXAS D'DAGUA, DE INSPECAO E DE GORDURA","0181","","",97905,"CAIXA ENTERRADA HIDRÁULICA RETANGULAR, EM ALVENARIA COM BLOCOS DE CONCRETO, DIMENSÕES INTERNAS: 0,4X0,4X0,4 M PARA REDE DE ESGOTO. AF_12/2020","UN","ATRIBUÍDO SÃO PAULO",228.56,"CAIXA REFERENCIAL"]
["INSTALACOES HIDRO SANITARIAS","INHI","CAIXAS D'DAGUA, DE INSPECAO E DE GORDURA","0181","","",97906,"CAIXA ENTERRADA HIDRÁULICA RETANGULAR, EM ALVENARIA COM BLOCOS DE CONCRETO, DIMENSÕES INTERNAS: 0,6X0,6X0,6 M PARA REDE DE ESGOTO. AF_12/2020","UN","ATRIBUÍDO SÃO PAULO",424.92,"CAIXA REFERENCIAL"]
["INSTALACOES HIDRO SANITARIAS","INHI","CAIXAS D'DAGUA, DE INSPECAO E DE GORDURA","0181","","",97907,"CAIXA ENTERRADA HIDRÁULICA RETANGULAR, EM ALVENARIA COM BLOCOS DE CONCRETO, DIMENSÕES INTERNAS: 0,8X0,8X0,6 M PARA REDE DE ESGOTO. AF_12/2020","UN","ATRIBUÍDO SÃO PAULO",604.87,"CAIXA REFERENCIAL"]
["INSTALACOES HIDRO SANITARIAS","INHI","CAIXAS D'DAGUA, DE INSPECAO E DE GORDURA","0181","","",97908,"CAIXA ENTERRADA HIDRÁULICA RETANGULAR, EM ALVENARIA COM BLOCOS DE CONCRETO, DIMENSÕES INTERNAS: 1X1X0,6 M PARA REDE DE ESGOTO. AF_12/2020","UN","ATRIBUÍDO SÃO PAULO",719.79,"CAIXA REFERENCIAL"]
["INSTALACOES HIDRO SANITARIAS","INHI","CAIXAS D'DAGUA, DE INSPECAO E DE GORDURA","0181","","",98102,"CAIXA DE GORDURA SIMPLES, CIRCULAR, EM CONCRETO PRÉ-MOLDADO, DIÂMETRO INTERNO = 0,4 M, ALTURA INTERNA = 0,4 M. AF_12/2020","UN","ATRIBUÍDO SÃO PAULO",139.79,"CAIXA REFERENCIAL"]
["INSTALACOES HIDRO SANITARIAS","INHI","CAIXAS D'DAGUA, DE INSPECAO E DE GORDURA","0181","","",98104,"CAIXA DE GORDURA SIMPLES (CAPACIDADE: 36L), RETANGULAR, EM ALVENARIA COM TIJOLOS CERÂMICOS MACIÇOS, DIMENSÕES INTERNAS = 0,2X0,4 M, ALTURA INTERNA = 0,8 M. AF_12/2020","UN","ATRIBUÍDO SÃO PAULO",330.54,"CAIXA REFERENCIAL"]
["INSTALACOES HIDRO SANITARIAS","INHI","CAIXAS D'DAGUA, DE INSPECAO E DE GORDURA","0181","","",98105,"CAIXA DE GORDURA DUPLA (CAPACIDADE: 126 L), RETANGULAR, EM ALVENARIA COM TIJOLOS CERÂMICOS MACIÇOS, DIMENSÕES INTERNAS = 0,4X0,7 M, ALTURA INTERNA = 0,8 M. AF_12/2020","UN","ATRIBUÍDO SÃO PAULO",578.15,"CAIXA REFERENCIAL"]
["INSTALACOES HIDRO SANITARIAS","INHI","CAIXAS D'DAGUA, DE INSPECAO E DE GORDURA","0181","","",98106,"CAIXA DE GORDURA ESPECIAL (CAPACIDADE: 312 L - PARA ATÉ 146 PESSOAS SERVIDAS NO PICO), RETANGULAR, EM ALVENARIA COM TIJOLOS CERÂMICOS MACIÇOS, DIMENSÕES INTERNAS = 0,4X1,2 M, ALTURA INTERNA = 1 M. AF_12/2020","UN","ATRIBUÍDO SÃO PAULO",951.53,"CAIXA REFERENCIAL"]
["INSTALACOES HIDRO SANITARIAS","INHI","CAIXAS D'DAGUA, DE INSPECAO E DE GORDURA","0181","","",98107,"CAIXA DE GORDURA SIMPLES (CAPACIDADE: 36 L), RETANGULAR, EM ALVENARIA COM BLOCOS DE CONCRETO, DIMENSÕES INTERNAS = 0,2X0,4 M, ALTURA INTERNA = 0,8 M. AF_12/2020","UN","ATRIBUÍDO SÃO PAULO",259.44,"CAIXA REFERENCIAL"]
["INSTALACOES HIDRO SANITARIAS","INHI","CAIXAS D'DAGUA, DE INSPECAO E DE GORDURA","0181","","",98108,"CAIXA DE GORDURA DUPLA (CAPACIDADE: 126 L), RETANGULAR, EM ALVENARIA COM BLOCOS DE CONCRETO, DIMENSÕES INTERNAS = 0,4X0,7 M, ALTURA INTERNA = 0,8 M. AF_12/2020","UN","ATRIBUÍDO SÃO PAULO",463.25,"CAIXA REFERENCIAL"]
["INSTALACOES HIDRO SANITARIAS","INHI","CAIXAS D'DAGUA, DE INSPECAO E DE GORDURA","0181","","",99250,"CAIXA ENTERRADA HIDRÁULICA RETANGULAR EM ALVENARIA COM TIJOLOS CERÂMICOS MACIÇOS, DIMENSÕES INTERNAS: 0,3X0,3X0,3 M PARA REDE DE DRENAGEM. AF_12/2020","UN","ATRIBUÍDO SÃO PAULO",165.74,"CAIXA REFERENCIAL"]
["INSTALACOES HIDRO SANITARIAS","INHI","CAIXAS D'DAGUA, DE INSPECAO E DE GORDURA","0181","","",99251,"CAIXA ENTERRADA HIDRÁULICA RETANGULAR EM ALVENARIA COM TIJOLOS CERÂMICOS MACIÇOS, DIMENSÕES INTERNAS: 0,4X0,4X0,4 M PARA REDE DE DRENAGEM. AF_12/2020","UN","ATRIBUÍDO SÃO PAULO",258.57,"CAIXA REFERENCIAL"]
["INSTALACOES HIDRO SANITARIAS","INHI","CAIXAS D'DAGUA, DE INSPECAO E DE GORDURA","0181","","",99253,"CAIXA ENTERRADA HIDRÁULICA RETANGULAR EM ALVENARIA COM TIJOLOS CERÂMICOS MACIÇOS, DIMENSÕES INTERNAS: 0,6X0,6X0,6 M PARA REDE DE DRENAGEM. AF_12/2020","UN","ATRIBUÍDO SÃO PAULO",497.43,"CAIXA REFERENCIAL"]
["INSTALACOES HIDRO SANITARIAS","INHI","CAIXAS D'DAGUA, DE INSPECAO E DE GORDURA","0181","","",99255,"CAIXA ENTERRADA HIDRÁULICA RETANGULAR EM ALVENARIA COM TIJOLOS CERÂMICOS MACIÇOS, DIMENSÕES INTERNAS: 0,8X0,8X0,6 M PARA REDE DE DRENAGEM. AF_12/2020","UN","ATRIBUÍDO SÃO PAULO",695.54,"CAIXA REFERENCIAL"]
["INSTALACOES HIDRO SANITARIAS","INHI","CAIXAS D'DAGUA, DE INSPECAO E DE GORDURA","0181","","",99257,"CAIXA ENTERRADA HIDRÁULICA RETANGULAR EM ALVENARIA COM TIJOLOS CERÂMICOS MACIÇOS, DIMENSÕES INTERNAS: 1X1X0,6 M PARA REDE DE DRENAGEM. AF_12/2020","UN","ATRIBUÍDO SÃO PAULO",824.11,"CAIXA REFERENCIAL"]
["INSTALACOES HIDRO SANITARIAS","INHI","CAIXAS D'DAGUA, DE INSPECAO E DE GORDURA","0181","","",99258,"CAIXA ENTERRADA HIDRÁULICA RETANGULAR, EM ALVENARIA COM BLOCOS DE CONCRETO, DIMENSÕES INTERNAS: 0,4X0,4X0,4 M PARA REDE DE DRENAGEM. AF_12/2020","UN","ATRIBUÍDO SÃO PAULO",223.02,"CAIXA REFERENCIAL"]
["INSTALACOES HIDRO SANITARIAS","INHI","CAIXAS D'DAGUA, DE INSPECAO E DE GORDURA","0181","","",99260,"CAIXA ENTERRADA HIDRÁULICA RETANGULAR, EM ALVENARIA COM BLOCOS DE CONCRETO, DIMENSÕES INTERNAS: 0,6X0,6X0,6 M PARA REDE DE DRENAGEM. AF_12/2020","UN","ATRIBUÍDO SÃO PAULO",412.57,"CAIXA REFERENCIAL"]
["INSTALACOES HIDRO SANITARIAS","INHI","CAIXAS D'DAGUA, DE INSPECAO E DE GORDURA","0181","","",99262,"CAIXA ENTERRADA HIDRÁULICA RETANGULAR, EM ALVENARIA COM BLOCOS DE CONCRETO, DIMENSÕES INTERNAS: 0,8X0,8X0,6 M PARA REDE DE DRENAGEM. AF_12/2020","UN","ATRIBUÍDO SÃO PAULO",587.26,"CAIXA REFERENCIAL"]
["INSTALACOES HIDRO SANITARIAS","INHI","CAIXAS D'DAGUA, DE INSPECAO E DE GORDURA","0181","","",99264,"CAIXA ENTERRADA HIDRÁULICA RETANGULAR, EM ALVENARIA COM BLOCOS DE CONCRETO, DIMENSÕES INTERNAS: 1X1X0,6 M PARA REDE DE DRENAGEM. AF_12/2020","UN","ATRIBUÍDO SÃO PAULO",695.99,"CAIXA REFERENCIAL"]
["INSTALACOES HIDRO SANITARIAS","INHI","CAIXAS D'DAGUA, DE INSPECAO E DE GORDURA","0181","","",102587,"FURO EM CAIXA D'ÁGUA COM ESPESSURA DE 2 ATÉ 5 MM E DIÂMETRO DE 15 MM. AF_06/2021","UN","COEFICIENTE DE REPRESENTATIVIDADE",3.16,"CAIXA REFERENCIAL"]
["INSTALACOES HIDRO SANITARIAS","INHI","CAIXAS D'DAGUA, DE INSPECAO E DE GORDURA","0181","","",102588,"FURO EM CAIXA D'ÁGUA COM ESPESSURA DE 6 ATÉ 8 MM E DIÂMETRO DE 15 MM. AF_06/2021","UN","COEFICIENTE DE REPRESENTATIVIDADE",4.57,"CAIXA REFERENCIAL"]
["INSTALACOES HIDRO SANITARIAS","INHI","CAIXAS D'DAGUA, DE INSPECAO E DE GORDURA","0181","","",102589,"FURO EM CAIXA D'ÁGUA COM ESPESSURA DE 2 ATÉ 5 MM E DIÂMETRO DE 20 MM. AF_06/2021","UN","COEFICIENTE DE REPRESENTATIVIDADE",3.52,"CAIXA REFERENCIAL"]
["INSTALACOES HIDRO SANITARIAS","INHI","CAIXAS D'DAGUA, DE INSPECAO E DE GORDURA","0181","","",102590,"FURO EM CAIXA D'ÁGUA COM ESPESSURA DE 6 ATÉ 8 MM E DIÂMETRO DE 20 MM. AF_06/2021","UN","COEFICIENTE DE REPRESENTATIVIDADE",4.93,"CAIXA REFERENCIAL"]
["INSTALACOES HIDRO SANITARIAS","INHI","CAIXAS D'DAGUA, DE INSPECAO E DE GORDURA","0181","","",102591,"FURO EM CAIXA D'ÁGUA COM ESPESSURA DE 2 ATÉ 5 MM E DIÂMETRO DE 25 MM. AF_06/2021","UN","COEFICIENTE DE REPRESENTATIVIDADE",3.87,"CAIXA REFERENCIAL"]
["INSTALACOES HIDRO SANITARIAS","INHI","CAIXAS D'DAGUA, DE INSPECAO E DE GORDURA","0181","","",102592,"FURO EM CAIXA D'ÁGUA COM ESPESSURA DE 6 ATÉ 8 MM E DIÂMETRO DE 25 MM. AF_06/2021","UN","COEFICIENTE DE REPRESENTATIVIDADE",5.28,"CAIXA REFERENCIAL"]
["INSTALACOES HIDRO SANITARIAS","INHI","CAIXAS D'DAGUA, DE INSPECAO E DE GORDURA","0181","","",102593,"FURO EM CAIXA D'ÁGUA COM ESPESSURA DE 2 ATÉ 5 MM E DIÂMETRO DE 32 MM. AF_06/2021","UN","COEFICIENTE DE REPRESENTATIVIDADE",4.37,"CAIXA REFERENCIAL"]
["INSTALACOES HIDRO SANITARIAS","INHI","CAIXAS D'DAGUA, DE INSPECAO E DE GORDURA","0181","","",102594,"FURO EM CAIXA D'ÁGUA COM ESPESSURA DE 6 ATÉ 8 MM E DIÂMETRO DE 32 MM. AF_06/2021","UN","COEFICIENTE DE REPRESENTATIVIDADE",5.79,"CAIXA REFERENCIAL"]
["INSTALACOES HIDRO SANITARIAS","INHI","CAIXAS D'DAGUA, DE INSPECAO E DE GORDURA","0181","","",102595,"FURO EM CAIXA D'ÁGUA COM ESPESSURA DE 2 ATÉ 5 MM E DIÂMETRO DE 40 MM. AF_06/2021","UN","COEFICIENTE DE REPRESENTATIVIDADE",4.9400000000000004,"CAIXA REFERENCIAL"]
["INSTALACOES HIDRO SANITARIAS","INHI","CAIXAS D'DAGUA, DE INSPECAO E DE GORDURA","0181","","",102596,"FURO EM CAIXA D'ÁGUA COM ESPESSURA DE 6 ATÉ 8 MM E DIÂMETRO DE 40 MM. AF_06/2021","UN","COEFICIENTE DE REPRESENTATIVIDADE",6.36,"CAIXA REFERENCIAL"]
["INSTALACOES HIDRO SANITARIAS","INHI","CAIXAS D'DAGUA, DE INSPECAO E DE GORDURA","0181","","",102597,"FURO EM CAIXA D'ÁGUA COM ESPESSURA DE 2 ATÉ 5 MM E DIÂMETRO DE 50 MM. AF_06/2021","UN","COEFICIENTE DE REPRESENTATIVIDADE",5.65,"CAIXA REFERENCIAL"]
["INSTALACOES HIDRO SANITARIAS","INHI","CAIXAS D'DAGUA, DE INSPECAO E DE GORDURA","0181","","",102598,"FURO EM CAIXA D'ÁGUA COM ESPESSURA DE 6 ATÉ 8 MM E DIÂMETRO DE 50 MM. AF_06/2021","UN","COEFICIENTE DE REPRESENTATIVIDADE",7.07,"CAIXA REFERENCIAL"]
["INSTALACOES HIDRO SANITARIAS","INHI","CAIXAS D'DAGUA, DE INSPECAO E DE GORDURA","0181","","",102599,"FURO EM CAIXA D'ÁGUA COM ESPESSURA DE 2 ATÉ 5 MM E DIÂMETRO DE 60 MM. AF_06/2021","UN","COEFICIENTE DE REPRESENTATIVIDADE",6.37,"CAIXA REFERENCIAL"]
["INSTALACOES HIDRO SANITARIAS","INHI","CAIXAS D'DAGUA, DE INSPECAO E DE GORDURA","0181","","",102600,"FURO EM CAIXA D'ÁGUA COM ESPESSURA DE 6 ATÉ 8 MM E DIÂMETRO DE 60 MM. AF_06/2021","UN","COEFICIENTE DE REPRESENTATIVIDADE",7.79,"CAIXA REFERENCIAL"]
["INSTALACOES HIDRO SANITARIAS","INHI","CAIXAS D'DAGUA, DE INSPECAO E DE GORDURA","0181","","",102601,"FURO EM CAIXA D'ÁGUA COM ESPESSURA DE 2 ATÉ 5 MM E DIÂMETRO DE 75 MM. AF_06/2021","UN","COEFICIENTE DE REPRESENTATIVIDADE",7.44,"CAIXA REFERENCIAL"]
["INSTALACOES HIDRO SANITARIAS","INHI","CAIXAS D'DAGUA, DE INSPECAO E DE GORDURA","0181","","",102602,"FURO EM CAIXA D'ÁGUA COM ESPESSURA DE 6 ATÉ 8 MM E DIÂMETRO DE 75 MM. AF_06/2021","UN","COEFICIENTE DE REPRESENTATIVIDADE",8.86,"CAIXA REFERENCIAL"]
["INSTALACOES HIDRO SANITARIAS","INHI","CAIXAS D'DAGUA, DE INSPECAO E DE GORDURA","0181","","",102603,"FURO EM CAIXA D'ÁGUA COM ESPESSURA DE 2 ATÉ 5 MM E DIÂMETRO DE 100 MM. AF_06/2021","UN","COEFICIENTE DE REPRESENTATIVIDADE",9.23,"CAIXA REFERENCIAL"]
["INSTALACOES HIDRO SANITARIAS","INHI","CAIXAS D'DAGUA, DE INSPECAO E DE GORDURA","0181","","",102604,"FURO EM CAIXA D'ÁGUA COM ESPESSURA DE 6 ATÉ 8 MM E DIÂMETRO DE 100 MM. AF_06/2021","UN","COEFICIENTE DE REPRESENTATIVIDADE",10.64,"CAIXA REFERENCIAL"]
["INSTALACOES HIDRO SANITARIAS","INHI","CAIXAS D'DAGUA, DE INSPECAO E DE GORDURA","0181","","",102605,"CAIXA D´ÁGUA EM POLIETILENO, 500 LITROS - FORNECIMENTO E INSTALAÇÃO. AF_06/2021","UN","COEFICIENTE DE REPRESENTATIVIDADE",239.99,"CAIXA REFERENCIAL"]
["INSTALACOES HIDRO SANITARIAS","INHI","CAIXAS D'DAGUA, DE INSPECAO E DE GORDURA","0181","","",102606,"CAIXA D´ÁGUA EM POLIETILENO, 750 LITROS - FORNECIMENTO E INSTALAÇÃO. AF_06/2021","UN","COEFICIENTE DE REPRESENTATIVIDADE",369.75,"CAIXA REFERENCIAL"]
["INSTALACOES HIDRO SANITARIAS","INHI","CAIXAS D'DAGUA, DE INSPECAO E DE GORDURA","0181","","",102607,"CAIXA D´ÁGUA EM POLIETILENO, 1000 LITROS - FORNECIMENTO E INSTALAÇÃO. AF_06/2021","UN","COEFICIENTE DE REPRESENTATIVIDADE",395.83,"CAIXA REFERENCIAL"]
["INSTALACOES HIDRO SANITARIAS","INHI","CAIXAS D'DAGUA, DE INSPECAO E DE GORDURA","0181","","",102608,"CAIXA D´ÁGUA EM POLIETILENO, 1500 LITROS - FORNECIMENTO E INSTALAÇÃO. AF_06/2021","UN","COEFICIENTE DE REPRESENTATIVIDADE",906.96,"CAIXA REFERENCIAL"]
["INSTALACOES HIDRO SANITARIAS","INHI","CAIXAS D'DAGUA, DE INSPECAO E DE GORDURA","0181","","",102609,"CAIXA D´ÁGUA EM POLIETILENO, 2000 LITROS - FORNECIMENTO E INSTALAÇÃO. AF_06/2021","UN","COEFICIENTE DE REPRESENTATIVIDADE",1030.6600000000001,"CAIXA REFERENCIAL"]
["INSTALACOES HIDRO SANITARIAS","INHI","CAIXAS D'DAGUA, DE INSPECAO E DE GORDURA","0181","","",102610,"CAIXA D´ÁGUA EM POLIETILENO, 3000 LITROS - FORNECIMENTO E INSTALAÇÃO. AF_06/2021","UN","COEFICIENTE DE REPRESENTATIVIDADE",1771.1,"CAIXA REFERENCIAL"]
["INSTALACOES HIDRO SANITARIAS","INHI","CAIXAS D'DAGUA, DE INSPECAO E DE GORDURA","0181","","",102611,"CAIXA D´ÁGUA EM POLIÉSTER REFORÇADO COM FIBRA DE VIDRO, 500 LITROS - FORNECIMENTO E INSTALAÇÃO. AF_06/2021","UN","COEFICIENTE DE REPRESENTATIVIDADE",398.62,"CAIXA REFERENCIAL"]
["INSTALACOES HIDRO SANITARIAS","INHI","CAIXAS D'DAGUA, DE INSPECAO E DE GORDURA","0181","","",102612,"CAIXA D´ÁGUA EM POLIÉSTER REFORÇADO COM FIBRA DE VIDRO, 750 LITROS - FORNECIMENTO E INSTALAÇÃO. AF_06/2021","UN","COEFICIENTE DE REPRESENTATIVIDADE",572.20000000000005,"CAIXA REFERENCIAL"]
["INSTALACOES HIDRO SANITARIAS","INHI","CAIXAS D'DAGUA, DE INSPECAO E DE GORDURA","0181","","",102613,"CAIXA D´ÁGUA EM POLIÉSTER REFORÇADO COM FIBRA DE VIDRO, 1000 LITROS - FORNECIMENTO E INSTALAÇÃO. AF_06/2021","UN","COEFICIENTE DE REPRESENTATIVIDADE",554.73,"CAIXA REFERENCIAL"]
["INSTALACOES HIDRO SANITARIAS","INHI","CAIXAS D'DAGUA, DE INSPECAO E DE GORDURA","0181","","",102614,"CAIXA D´ÁGUA EM POLIÉSTER REFORÇADO COM FIBRA DE VIDRO, 1500 LITROS - FORNECIMENTO E INSTALAÇÃO. AF_06/2021","UN","COEFICIENTE DE REPRESENTATIVIDADE",852.88,"CAIXA REFERENCIAL"]
["INSTALACOES HIDRO SANITARIAS","INHI","CAIXAS D'DAGUA, DE INSPECAO E DE GORDURA","0181","","",102615,"CAIXA D´ÁGUA EM POLIÉSTER REFORÇADO COM FIBRA DE VIDRO, 2000 LITROS - FORNECIMENTO E INSTALAÇÃO. AF_06/2021","UN","COEFICIENTE DE REPRESENTATIVIDADE",1070.3699999999999,"CAIXA REFERENCIAL"]
["INSTALACOES HIDRO SANITARIAS","INHI","CAIXAS D'DAGUA, DE INSPECAO E DE GORDURA","0181","","",102616,"CAIXA D´ÁGUA EM POLIÉSTER REFORÇADO COM FIBRA DE VIDRO, 3000 LITROS - FORNECIMENTO E INSTALAÇÃO. AF_06/2021","UN","COEFICIENTE DE REPRESENTATIVIDADE",1584.39,"CAIXA REFERENCIAL"]
["INSTALACOES HIDRO SANITARIAS","INHI","CAIXAS D'DAGUA, DE INSPECAO E DE GORDURA","0181","","",102617,"CAIXA D´ÁGUA EM POLIÉSTER REFORÇADO COM FIBRA DE VIDRO, 5000 LITROS - FORNECIMENTO E INSTALAÇÃO. AF_06/2021","UN","ATRIBUÍDO SÃO PAULO",3024.07,"CAIXA REFERENCIAL"]
["INSTALACOES HIDRO SANITARIAS","INHI","CAIXAS D'DAGUA, DE INSPECAO E DE GORDURA","0181","","",102618,"CAIXA D´ÁGUA EM POLIÉSTER REFORÇADO COM FIBRA DE VIDRO, 7000 LITROS - FORNECIMENTO E INSTALAÇÃO. AF_06/2021","UN","ATRIBUÍDO SÃO PAULO",3618.08,"CAIXA REFERENCIAL"]
["INSTALACOES HIDRO SANITARIAS","INHI","CAIXAS D'DAGUA, DE INSPECAO E DE GORDURA","0181","","",102619,"CAIXA D´ÁGUA EM POLIÉSTER REFORÇADO COM FIBRA DE VIDRO, 10000 LITROS - FORNECIMENTO E INSTALAÇÃO. AF_06/2021","UN","ATRIBUÍDO SÃO PAULO",4823.22,"CAIXA REFERENCIAL"]
["INSTALACOES HIDRO SANITARIAS","INHI","CAIXAS D'DAGUA, DE INSPECAO E DE GORDURA","0181","","",102620,"CAIXA D´ÁGUA EM POLIÉSTER REFORÇADO COM FIBRA DE VIDRO, 15000 LITROS - FORNECIMENTO E INSTALAÇÃO. AF_06/2021","UN","ATRIBUÍDO SÃO PAULO",6962.61,"CAIXA REFERENCIAL"]
["INSTALACOES HIDRO SANITARIAS","INHI","CAIXAS D'DAGUA, DE INSPECAO E DE GORDURA","0181","","",102621,"CAIXA D´ÁGUA EM POLIÉSTER REFORÇADO COM FIBRA DE VIDRO, 20000 LITROS - FORNECIMENTO E INSTALAÇÃO. AF_06/2021","UN","ATRIBUÍDO SÃO PAULO",10649.33,"CAIXA REFERENCIAL"]
["INSTALACOES HIDRO SANITARIAS","INHI","CAIXAS D'DAGUA, DE INSPECAO E DE GORDURA","0181","","",102622,"CAIXA D´ÁGUA EM POLIETILENO, 500 LITROS (INCLUSOS TUBOS, CONEXÕES E TORNEIRA DE BÓIA) - FORNECIMENTO E INSTALAÇÃO. AF_06/2021","UN","COEFICIENTE DE REPRESENTATIVIDADE",555.55999999999995,"CAIXA REFERENCIAL"]
["INSTALACOES HIDRO SANITARIAS","INHI","CAIXAS D'DAGUA, DE INSPECAO E DE GORDURA","0181","","",102623,"CAIXA D´ÁGUA EM POLIETILENO, 1000 LITROS (INCLUSOS TUBOS, CONEXÕES E TORNEIRA DE BÓIA) - FORNECIMENTO E INSTALAÇÃO. AF_06/2021","UN","COEFICIENTE DE REPRESENTATIVIDADE",767.15,"CAIXA REFERENCIAL"]
["INSTALACOES HIDRO SANITARIAS","INHI","RALOS/CAIXA SIFONADA","0182","","",89482,"CAIXA SIFONADA, PVC, DN 100 X 100 X 50 MM, FORNECIDA E INSTALADA EM RAMAIS DE ENCAMINHAMENTO DE ÁGUA PLUVIAL. AF_06/2022","UN","COEFICIENTE DE REPRESENTATIVIDADE",33.89,"CAIXA REFERENCIAL"]
["INSTALACOES HIDRO SANITARIAS","INHI","RALOS/CAIXA SIFONADA","0182","","",89491,"CAIXA SIFONADA, PVC, DN 150 X 185 X 75 MM, FORNECIDA E INSTALADA EM RAMAIS DE ENCAMINHAMENTO DE ÁGUA PLUVIAL. AF_06/2022","UN","COEFICIENTE DE REPRESENTATIVIDADE",86.06,"CAIXA REFERENCIAL"]
["INSTALACOES HIDRO SANITARIAS","INHI","RALOS/CAIXA SIFONADA","0182","","",89495,"RALO SIFONADO, PVC, DN 100 X 40 MM, JUNTA SOLDÁVEL, FORNECIDO E INSTALADO EM RAMAIS DE ENCAMINHAMENTO DE ÁGUA PLUVIAL. AF_06/2022","UN","COEFICIENTE DE REPRESENTATIVIDADE",15.63,"CAIXA REFERENCIAL"]
["INSTALACOES HIDRO SANITARIAS","INHI","RALOS/CAIXA SIFONADA","0182","","",89707,"CAIXA SIFONADA, PVC, DN 100 X 100 X 50 MM, JUNTA ELÁSTICA, FORNECIDA E INSTALADA EM RAMAL DE DESCARGA OU EM RAMAL DE ESGOTO SANITÁRIO. AF_08/2022","UN","COEFICIENTE DE REPRESENTATIVIDADE",42.11,"CAIXA REFERENCIAL"]
["INSTALACOES HIDRO SANITARIAS","INHI","RALOS/CAIXA SIFONADA","0182","","",89708,"CAIXA SIFONADA, PVC, DN 150 X 185 X 75 MM, JUNTA ELÁSTICA, FORNECIDA E INSTALADA EM RAMAL DE DESCARGA OU EM RAMAL DE ESGOTO SANITÁRIO. AF_08/2022","UN","COEFICIENTE DE REPRESENTATIVIDADE",88.13,"CAIXA REFERENCIAL"]
["INSTALACOES HIDRO SANITARIAS","INHI","RALOS/CAIXA SIFONADA","0182","","",89709,"RALO SIFONADO, PVC, DN 100 X 40 MM, JUNTA SOLDÁVEL, FORNECIDO E INSTALADO EM RAMAL DE DESCARGA OU EM RAMAL DE ESGOTO SANITÁRIO. AF_08/2022","UN","COEFICIENTE DE REPRESENTATIVIDADE",18.100000000000001,"CAIXA REFERENCIAL"]
["INSTALACOES HIDRO SANITARIAS","INHI","RALOS/CAIXA SIFONADA","0182","","",89710,"RALO SECO, PVC, DN 100 X 40 MM, JUNTA SOLDÁVEL, FORNECIDO E INSTALADO EM RAMAL DE DESCARGA OU EM RAMAL DE ESGOTO SANITÁRIO. AF_08/2022","UN","COEFICIENTE DE REPRESENTATIVIDADE",16,"CAIXA REFERENCIAL"]
["INSTALACOES HIDRO SANITARIAS","INHI","RALOS/CAIXA SIFONADA","0182","","",104326,"RALO SECO CÔNICO, PVC, DN 100 X 40 MM, JUNTA SOLDÁVEL, FORNECIDO E INSTALADO EM RAMAL DE DESCARGA OU EM RAMAL DE ESGOTO SANITÁRIO. AF_08/2022","UN","COEFICIENTE DE REPRESENTATIVIDADE",17.3,"CAIXA REFERENCIAL"]
["INSTALACOES HIDRO SANITARIAS","INHI","RALOS/CAIXA SIFONADA","0182","","",104327,"RALO SIFONADO REDONDO, PVC, DN 100 X 40 MM, JUNTA SOLDÁVEL, FORNECIDO E INSTALADO EM RAMAL DE DESCARGA OU EM RAMAL DE ESGOTO SANITÁRIO. AF_08/2022","UN","COEFICIENTE DE REPRESENTATIVIDADE",16.53,"CAIXA REFERENCIAL"]
["INSTALACOES HIDRO SANITARIAS","INHI","RALOS/CAIXA SIFONADA","0182","","",104328,"CAIXA SIFONADA, COM GRELHA QUADRADA, PVC, DN 150 X 150 X 50 MM, JUNTA SOLDÁVEL, FORNECIDA E INSTALADA EM RAMAL DE DESCARGA OU EM RAMAL DE ESGOTO SANITÁRIO. AF_08/2022","UN","COEFICIENTE DE REPRESENTATIVIDADE",60.19,"CAIXA REFERENCIAL"]
["INSTALACOES HIDRO SANITARIAS","INHI","RALOS/CAIXA SIFONADA","0182","","",104329,"CAIXA SIFONADA, COM GRELHA REDONDA, PVC, DN 150 X 150 X 50 MM, JUNTA SOLDÁVEL, FORNECIDA E INSTALADA EM RAMAL DE DESCARGA OU EM RAMAL DE ESGOTO SANITÁRIO. AF_08/2022","UN","COEFICIENTE DE REPRESENTATIVIDADE",67.680000000000007,"CAIXA REFERENCIAL"]
["INSTALACOES HIDRO SANITARIAS","INHI","APARELHOS SANITARIOS, LOUCAS, METAIS E OUTROS","0183","","",86872,"TANQUE DE LOUÇA BRANCA COM COLUNA, 30L OU EQUIVALENTE - FORNECIMENTO E INSTALAÇÃO. AF_01/2020","UN","COEFICIENTE DE REPRESENTATIVIDADE",717.53,"CAIXA REFERENCIAL"]
["INSTALACOES HIDRO SANITARIAS","INHI","APARELHOS SANITARIOS, LOUCAS, METAIS E OUTROS","0183","","",86874,"TANQUE DE LOUÇA BRANCA SUSPENSO, 18L OU EQUIVALENTE - FORNECIMENTO E INSTALAÇÃO. AF_01/2020","UN","COEFICIENTE DE REPRESENTATIVIDADE",499.46,"CAIXA REFERENCIAL"]
["INSTALACOES HIDRO SANITARIAS","INHI","APARELHOS SANITARIOS, LOUCAS, METAIS E OUTROS","0183","","",86875,"TANQUE DE MÁRMORE SINTÉTICO COM COLUNA, 22L OU EQUIVALENTE   FORNECIMENTO E INSTALAÇÃO. AF_01/2020","UN","COEFICIENTE DE REPRESENTATIVIDADE",551.17999999999995,"CAIXA REFERENCIAL"]
["INSTALACOES HIDRO SANITARIAS","INHI","APARELHOS SANITARIOS, LOUCAS, METAIS E OUTROS","0183","","",86876,"TANQUE DE MÁRMORE SINTÉTICO SUSPENSO, 22L OU EQUIVALENTE - FORNECIMENTO E INSTALAÇÃO. AF_01/2020","UN","COEFICIENTE DE REPRESENTATIVIDADE",321.10000000000002,"CAIXA REFERENCIAL"]
["INSTALACOES HIDRO SANITARIAS","INHI","APARELHOS SANITARIOS, LOUCAS, METAIS E OUTROS","0183","","",86877,"VÁLVULA EM METAL CROMADO 1.1/2\" X 1.1/2\" PARA TANQUE OU LAVATÓRIO, COM OU SEM LADRÃO - FORNECIMENTO E INSTALAÇÃO. AF_01/2020","UN","COEFICIENTE DE REPRESENTATIVIDADE",93.32,"CAIXA REFERENCIAL"]
["INSTALACOES HIDRO SANITARIAS","INHI","APARELHOS SANITARIOS, LOUCAS, METAIS E OUTROS","0183","","",86878,"VÁLVULA EM METAL CROMADO TIPO AMERICANA 3.1/2\" X 1.1/2\" PARA PIA - FORNECIMENTO E INSTALAÇÃO. AF_01/2020","UN","COEFICIENTE DE REPRESENTATIVIDADE",100.83,"CAIXA REFERENCIAL"]
["INSTALACOES HIDRO SANITARIAS","INHI","APARELHOS SANITARIOS, LOUCAS, METAIS E OUTROS","0183","","",86879,"VÁLVULA EM PLÁSTICO 1\" PARA PIA, TANQUE OU LAVATÓRIO, COM OU SEM LADRÃO - FORNECIMENTO E INSTALAÇÃO. AF_01/2020","UN","COEFICIENTE DE REPRESENTATIVIDADE",9.92,"CAIXA REFERENCIAL"]
["INSTALACOES HIDRO SANITARIAS","INHI","APARELHOS SANITARIOS, LOUCAS, METAIS E OUTROS","0183","","",86880,"VÁLVULA EM PLÁSTICO CROMADO TIPO AMERICANA 3.1/2\" X 1.1/2\" SEM ADAPTADOR PARA PIA - FORNECIMENTO E INSTALAÇÃO. AF_01/2020","UN","COEFICIENTE DE REPRESENTATIVIDADE",28.5,"CAIXA REFERENCIAL"]
["INSTALACOES HIDRO SANITARIAS","INHI","APARELHOS SANITARIOS, LOUCAS, METAIS E OUTROS","0183","","",86881,"SIFÃO DO TIPO GARRAFA EM METAL CROMADO 1 X 1.1/2\" - FORNECIMENTO E INSTALAÇÃO. AF_01/2020","UN","COLETADO",287.58999999999997,"CAIXA REFERENCIAL"]
["INSTALACOES HIDRO SANITARIAS","INHI","APARELHOS SANITARIOS, LOUCAS, METAIS E OUTROS","0183","","",86882,"SIFÃO DO TIPO GARRAFA/COPO EM PVC 1.1/4  X 1.1/2\" - FORNECIMENTO E INSTALAÇÃO. AF_01/2020","UN","COEFICIENTE DE REPRESENTATIVIDADE",23.94,"CAIXA REFERENCIAL"]
["INSTALACOES HIDRO SANITARIAS","INHI","APARELHOS SANITARIOS, LOUCAS, METAIS E OUTROS","0183","","",86883,"SIFÃO DO TIPO FLEXÍVEL EM PVC 1  X 1.1/2  - FORNECIMENTO E INSTALAÇÃO. AF_01/2020","UN","COLETADO",12.91,"CAIXA REFERENCIAL"]
["INSTALACOES HIDRO SANITARIAS","INHI","APARELHOS SANITARIOS, LOUCAS, METAIS E OUTROS","0183","","",86884,"ENGATE FLEXÍVEL EM PLÁSTICO BRANCO, 1/2\" X 30CM - FORNECIMENTO E INSTALAÇÃO. AF_01/2020","UN","COEFICIENTE DE REPRESENTATIVIDADE",10.96,"CAIXA REFERENCIAL"]
["INSTALACOES HIDRO SANITARIAS","INHI","APARELHOS SANITARIOS, LOUCAS, METAIS E OUTROS","0183","","",86885,"ENGATE FLEXÍVEL EM PLÁSTICO BRANCO, 1/2\" X 40CM - FORNECIMENTO E INSTALAÇÃO. AF_01/2020","UN","COEFICIENTE DE REPRESENTATIVIDADE",12.57,"CAIXA REFERENCIAL"]
["INSTALACOES HIDRO SANITARIAS","INHI","APARELHOS SANITARIOS, LOUCAS, METAIS E OUTROS","0183","","",86886,"ENGATE FLEXÍVEL EM INOX, 1/2  X 30CM - FORNECIMENTO E INSTALAÇÃO. AF_01/2020","UN","COEFICIENTE DE REPRESENTATIVIDADE",68.77,"CAIXA REFERENCIAL"]
["INSTALACOES HIDRO SANITARIAS","INHI","APARELHOS SANITARIOS, LOUCAS, METAIS E OUTROS","0183","","",86887,"ENGATE FLEXÍVEL EM INOX, 1/2  X 40CM - FORNECIMENTO E INSTALAÇÃO. AF_01/2020","UN","COEFICIENTE DE REPRESENTATIVIDADE",74.819999999999993,"CAIXA REFERENCIAL"]
["INSTALACOES HIDRO SANITARIAS","INHI","APARELHOS SANITARIOS, LOUCAS, METAIS E OUTROS","0183","","",86888,"VASO SANITÁRIO SIFONADO COM CAIXA ACOPLADA LOUÇA BRANCA - FORNECIMENTO E INSTALAÇÃO. AF_01/2020","UN","COEFICIENTE DE REPRESENTATIVIDADE",472.64,"CAIXA REFERENCIAL"]
["INSTALACOES HIDRO SANITARIAS","INHI","APARELHOS SANITARIOS, LOUCAS, METAIS E OUTROS","0183","","",86889,"BANCADA DE GRANITO CINZA POLIDO, DE 1,50 X 0,60 M, PARA PIA DE COZINHA - FORNECIMENTO E INSTALAÇÃO. AF_01/2020","UN","ATRIBUÍDO SÃO PAULO",817.65,"CAIXA REFERENCIAL"]
["INSTALACOES HIDRO SANITARIAS","INHI","APARELHOS SANITARIOS, LOUCAS, METAIS E OUTROS","0183","","",86893,"BANCADA DE MÁRMORE BRANCO POLIDO, DE 1,50 X 0,60 M, PARA PIA DE COZINHA - FORNECIMENTO E INSTALAÇÃO. AF_01/2020","UN","ATRIBUÍDO SÃO PAULO",678.99,"CAIXA REFERENCIAL"]
["INSTALACOES HIDRO SANITARIAS","INHI","APARELHOS SANITARIOS, LOUCAS, METAIS E OUTROS","0183","","",86894,"BANCADA DE MÁRMORE SINTÉTICO, DE 120 X 60CM, COM CUBA INTEGRADA - FORNECIMENTO E INSTALAÇÃO. AF_01/2020","UN","ATRIBUÍDO SÃO PAULO",283.7,"CAIXA REFERENCIAL"]
["INSTALACOES HIDRO SANITARIAS","INHI","APARELHOS SANITARIOS, LOUCAS, METAIS E OUTROS","0183","","",86895,"BANCADA DE GRANITO CINZA POLIDO, DE 0,50 X 0,60 M, PARA LAVATÓRIO - FORNECIMENTO E INSTALAÇÃO. AF_01/2020","UN","ATRIBUÍDO SÃO PAULO",386.84,"CAIXA REFERENCIAL"]
["INSTALACOES HIDRO SANITARIAS","INHI","APARELHOS SANITARIOS, LOUCAS, METAIS E OUTROS","0183","","",86899,"BANCADA DE MÁRMORE BRANCO POLIDO, DE 0,50 X 0,60 M, PARA LAVATÓRIO - FORNECIMENTO E INSTALAÇÃO. AF_01/2020","UN","ATRIBUÍDO SÃO PAULO",334.82,"CAIXA REFERENCIAL"]
["INSTALACOES HIDRO SANITARIAS","INHI","APARELHOS SANITARIOS, LOUCAS, METAIS E OUTROS","0183","","",86900,"CUBA DE EMBUTIR RETANGULAR DE AÇO INOXIDÁVEL, 46 X 30 X 12 CM - FORNECIMENTO E INSTALAÇÃO. AF_01/2020","UN","COEFICIENTE DE REPRESENTATIVIDADE",197.41,"CAIXA REFERENCIAL"]
["INSTALACOES HIDRO SANITARIAS","INHI","APARELHOS SANITARIOS, LOUCAS, METAIS E OUTROS","0183","","",86901,"CUBA DE EMBUTIR OVAL EM LOUÇA BRANCA, 35 X 50CM OU EQUIVALENTE - FORNECIMENTO E INSTALAÇÃO. AF_01/2020","UN","COEFICIENTE DE REPRESENTATIVIDADE",144.75,"CAIXA REFERENCIAL"]
["INSTALACOES HIDRO SANITARIAS","INHI","APARELHOS SANITARIOS, LOUCAS, METAIS E OUTROS","0183","","",86902,"LAVATÓRIO LOUÇA BRANCA COM COLUNA, *44 X 35,5* CM, PADRÃO POPULAR - FORNECIMENTO E INSTALAÇÃO. AF_01/2020","UN","COEFICIENTE DE REPRESENTATIVIDADE",347,"CAIXA REFERENCIAL"]
["INSTALACOES HIDRO SANITARIAS","INHI","APARELHOS SANITARIOS, LOUCAS, METAIS E OUTROS","0183","","",86903,"LAVATÓRIO LOUÇA BRANCA COM COLUNA, 45 X 55CM OU EQUIVALENTE, PADRÃO MÉDIO - FORNECIMENTO E INSTALAÇÃO. AF_01/2020","UN","COEFICIENTE DE REPRESENTATIVIDADE",385,"CAIXA REFERENCIAL"]
["INSTALACOES HIDRO SANITARIAS","INHI","APARELHOS SANITARIOS, LOUCAS, METAIS E OUTROS","0183","","",86904,"LAVATÓRIO LOUÇA BRANCA SUSPENSO, 29,5 X 39CM OU EQUIVALENTE, PADRÃO POPULAR - FORNECIMENTO E INSTALAÇÃO. AF_01/2020","UN","COEFICIENTE DE REPRESENTATIVIDADE",154.87,"CAIXA REFERENCIAL"]
["INSTALACOES HIDRO SANITARIAS","INHI","APARELHOS SANITARIOS, LOUCAS, METAIS E OUTROS","0183","","",86905,"APARELHO MISTURADOR DE MESA PARA LAVATÓRIO, PADRÃO MÉDIO - FORNECIMENTO E INSTALAÇÃO. AF_01/2020","UN","COEFICIENTE DE REPRESENTATIVIDADE",377.5,"CAIXA REFERENCIAL"]
["INSTALACOES HIDRO SANITARIAS","INHI","APARELHOS SANITARIOS, LOUCAS, METAIS E OUTROS","0183","","",86906,"TORNEIRA CROMADA DE MESA, 1/2\" OU 3/4\", PARA LAVATÓRIO, PADRÃO POPULAR - FORNECIMENTO E INSTALAÇÃO. AF_01/2020","UN","COLETADO",69.84,"CAIXA REFERENCIAL"]
["INSTALACOES HIDRO SANITARIAS","INHI","APARELHOS SANITARIOS, LOUCAS, METAIS E OUTROS","0183","","",86908,"APARELHO MISTURADOR DE MESA PARA PIA DE COZINHA, PADRÃO MÉDIO - FORNECIMENTO E INSTALAÇÃO. AF_01/2020","UN","COEFICIENTE DE REPRESENTATIVIDADE",451.75,"CAIXA REFERENCIAL"]
["INSTALACOES HIDRO SANITARIAS","INHI","APARELHOS SANITARIOS, LOUCAS, METAIS E OUTROS","0183","","",86909,"TORNEIRA CROMADA TUBO MÓVEL, DE MESA, 1/2\" OU 3/4\", PARA PIA DE COZINHA, PADRÃO ALTO - FORNECIMENTO E INSTALAÇÃO. AF_01/2020","UN","COEFICIENTE DE REPRESENTATIVIDADE",121.28,"CAIXA REFERENCIAL"]
["INSTALACOES HIDRO SANITARIAS","INHI","APARELHOS SANITARIOS, LOUCAS, METAIS E OUTROS","0183","","",86910,"TORNEIRA CROMADA TUBO MÓVEL, DE PAREDE, 1/2\" OU 3/4\", PARA PIA DE COZINHA, PADRÃO MÉDIO - FORNECIMENTO E INSTALAÇÃO. AF_01/2020","UN","COEFICIENTE DE REPRESENTATIVIDADE",119.36,"CAIXA REFERENCIAL"]
["INSTALACOES HIDRO SANITARIAS","INHI","APARELHOS SANITARIOS, LOUCAS, METAIS E OUTROS","0183","","",86911,"TORNEIRA CROMADA LONGA, DE PAREDE, 1/2\" OU 3/4\", PARA PIA DE COZINHA, PADRÃO POPULAR - FORNECIMENTO E INSTALAÇÃO. AF_01/2020","UN","COEFICIENTE DE REPRESENTATIVIDADE",81.73,"CAIXA REFERENCIAL"]
["INSTALACOES HIDRO SANITARIAS","INHI","APARELHOS SANITARIOS, LOUCAS, METAIS E OUTROS","0183","","",86913,"TORNEIRA CROMADA 1/2\" OU 3/4\" PARA TANQUE, PADRÃO POPULAR - FORNECIMENTO E INSTALAÇÃO. AF_01/2020","UN","COEFICIENTE DE REPRESENTATIVIDADE",51.25,"CAIXA REFERENCIAL"]
["INSTALACOES HIDRO SANITARIAS","INHI","APARELHOS SANITARIOS, LOUCAS, METAIS E OUTROS","0183","","",86914,"TORNEIRA CROMADA 1/2\" OU 3/4\" PARA TANQUE, PADRÃO MÉDIO - FORNECIMENTO E INSTALAÇÃO. AF_01/2020","UN","COEFICIENTE DE REPRESENTATIVIDADE",91.79,"CAIXA REFERENCIAL"]
["INSTALACOES HIDRO SANITARIAS","INHI","APARELHOS SANITARIOS, LOUCAS, METAIS E OUTROS","0183","","",86915,"TORNEIRA CROMADA DE MESA, 1/2\" OU 3/4\", PARA LAVATÓRIO, PADRÃO MÉDIO - FORNECIMENTO E INSTALAÇÃO. AF_01/2020","UN","COEFICIENTE DE REPRESENTATIVIDADE",133.61000000000001,"CAIXA REFERENCIAL"]
["INSTALACOES HIDRO SANITARIAS","INHI","APARELHOS SANITARIOS, LOUCAS, METAIS E OUTROS","0183","","",86916,"TORNEIRA PLÁSTICA 3/4\" PARA TANQUE - FORNECIMENTO E INSTALAÇÃO. AF_01/2020","UN","COEFICIENTE DE REPRESENTATIVIDADE",24.35,"CAIXA REFERENCIAL"]
["INSTALACOES HIDRO SANITARIAS","INHI","APARELHOS SANITARIOS, LOUCAS, METAIS E OUTROS","0183","","",86919,"TANQUE DE LOUÇA BRANCA COM COLUNA, 30L OU EQUIVALENTE, INCLUSO SIFÃO FLEXÍVEL EM PVC, VÁLVULA METÁLICA E TORNEIRA DE METAL CROMADO PADRÃO MÉDIO - FORNECIMENTO E INSTALAÇÃO. AF_01/2020","UN","COEFICIENTE DE REPRESENTATIVIDADE",915.55,"CAIXA REFERENCIAL"]
["INSTALACOES HIDRO SANITARIAS","INHI","APARELHOS SANITARIOS, LOUCAS, METAIS E OUTROS","0183","","",86920,"TANQUE DE LOUÇA BRANCA COM COLUNA, 30L OU EQUIVALENTE, INCLUSO SIFÃO FLEXÍVEL EM PVC, VÁLVULA PLÁSTICA E TORNEIRA DE METAL CROMADO PADRÃO POPULAR - FORNECIMENTO E INSTALAÇÃO. AF_01/2020","UN","COEFICIENTE DE REPRESENTATIVIDADE",791.61,"CAIXA REFERENCIAL"]
["INSTALACOES HIDRO SANITARIAS","INHI","APARELHOS SANITARIOS, LOUCAS, METAIS E OUTROS","0183","","",86921,"TANQUE DE LOUÇA BRANCA COM COLUNA, 30L OU EQUIVALENTE, INCLUSO SIFÃO FLEXÍVEL EM PVC, VÁLVULA PLÁSTICA E TORNEIRA DE PLÁSTICO - FORNECIMENTO E INSTALAÇÃO. AF_01/2020","UN","COEFICIENTE DE REPRESENTATIVIDADE",764.71,"CAIXA REFERENCIAL"]
["INSTALACOES HIDRO SANITARIAS","INHI","APARELHOS SANITARIOS, LOUCAS, METAIS E OUTROS","0183","","",86922,"TANQUE DE LOUÇA BRANCA SUSPENSO, 18L OU EQUIVALENTE, INCLUSO SIFÃO TIPO GARRAFA EM METAL CROMADO, VÁLVULA METÁLICA E TORNEIRA DE METAL CROMADO PADRÃO MÉDIO - FORNECIMENTO E INSTALAÇÃO. AF_01/2020","UN","COEFICIENTE DE REPRESENTATIVIDADE",972.16,"CAIXA REFERENCIAL"]
["INSTALACOES HIDRO SANITARIAS","INHI","APARELHOS SANITARIOS, LOUCAS, METAIS E OUTROS","0183","","",86923,"TANQUE DE LOUÇA BRANCA SUSPENSO, 18L OU EQUIVALENTE, INCLUSO SIFÃO TIPO GARRAFA EM PVC, VÁLVULA PLÁSTICA E TORNEIRA DE METAL CROMADO PADRÃO POPULAR - FORNECIMENTO E INSTALAÇÃO. AF_01/2020","UN","COEFICIENTE DE REPRESENTATIVIDADE",584.57000000000005,"CAIXA REFERENCIAL"]
["INSTALACOES HIDRO SANITARIAS","INHI","APARELHOS SANITARIOS, LOUCAS, METAIS E OUTROS","0183","","",86924,"TANQUE DE LOUÇA BRANCA SUSPENSO, 18L OU EQUIVALENTE, INCLUSO SIFÃO TIPO GARRAFA EM PVC, VÁLVULA PLÁSTICA E TORNEIRA DE PLÁSTICO - FORNECIMENTO E INSTALAÇÃO. AF_01/2020","UN","COEFICIENTE DE REPRESENTATIVIDADE",557.66999999999996,"CAIXA REFERENCIAL"]
["INSTALACOES HIDRO SANITARIAS","INHI","APARELHOS SANITARIOS, LOUCAS, METAIS E OUTROS","0183","","",86925,"TANQUE DE MÁRMORE SINTÉTICO COM COLUNA, 22L OU EQUIVALENTE, INCLUSO SIFÃO FLEXÍVEL EM PVC, VÁLVULA PLÁSTICA E TORNEIRA DE METAL CROMADO PADRÃO POPULAR - FORNECIMENTO E INSTALAÇÃO. AF_01/2020","UN","COEFICIENTE DE REPRESENTATIVIDADE",625.26,"CAIXA REFERENCIAL"]
["INSTALACOES HIDRO SANITARIAS","INHI","APARELHOS SANITARIOS, LOUCAS, METAIS E OUTROS","0183","","",86926,"TANQUE DE MÁRMORE SINTÉTICO COM COLUNA, 22L OU EQUIVALENTE, INCLUSO SIFÃO FLEXÍVEL EM PVC, VÁLVULA PLÁSTICA E TORNEIRA DE PLÁSTICO - FORNECIMENTO E INSTALAÇÃO. AF_01/2020","UN","COEFICIENTE DE REPRESENTATIVIDADE",598.36,"CAIXA REFERENCIAL"]
["INSTALACOES HIDRO SANITARIAS","INHI","APARELHOS SANITARIOS, LOUCAS, METAIS E OUTROS","0183","","",86927,"TANQUE DE MÁRMORE SINTÉTICO SUSPENSO, 22L OU EQUIVALENTE, INCLUSO SIFÃO TIPO GARRAFA EM PVC, VÁLVULA PLÁSTICA E TORNEIRA DE METAL CROMADO PADRÃO POPULAR - FORNEC. E INSTALAÇÃO. AF_01/2020","UN","COEFICIENTE DE REPRESENTATIVIDADE",406.21,"CAIXA REFERENCIAL"]
["INSTALACOES HIDRO SANITARIAS","INHI","APARELHOS SANITARIOS, LOUCAS, METAIS E OUTROS","0183","","",86928,"TANQUE DE MÁRMORE SINTÉTICO SUSPENSO, 22L OU EQUIVALENTE, INCLUSO SIFÃO TIPO GARRAFA EM PVC, VÁLVULA PLÁSTICA E TORNEIRA DE PLÁSTICO - FORNECIMENTO E INSTALAÇÃO. AF_01/2020","UN","COEFICIENTE DE REPRESENTATIVIDADE",379.31,"CAIXA REFERENCIAL"]
["INSTALACOES HIDRO SANITARIAS","INHI","APARELHOS SANITARIOS, LOUCAS, METAIS E OUTROS","0183","","",86929,"TANQUE DE MÁRMORE SINTÉTICO SUSPENSO, 22L OU EQUIVALENTE, INCLUSO SIFÃO FLEXÍVEL EM PVC, VÁLVULA PLÁSTICA E TORNEIRA DE METAL CROMADO PADRÃO POPULAR - FORNECIMENTO E INSTALAÇÃO. AF_01/2020","UN","COEFICIENTE DE REPRESENTATIVIDADE",395.18,"CAIXA REFERENCIAL"]
["INSTALACOES HIDRO SANITARIAS","INHI","APARELHOS SANITARIOS, LOUCAS, METAIS E OUTROS","0183","","",86930,"TANQUE DE MÁRMORE SINTÉTICO SUSPENSO, 22L OU EQUIVALENTE, INCLUSO SIFÃO FLEXÍVEL EM PVC, VÁLVULA PLÁSTICA E TORNEIRA DE PLÁSTICO - FORNECIMENTO E INSTALAÇÃO. AF_01/2020","UN","COEFICIENTE DE REPRESENTATIVIDADE",368.28,"CAIXA REFERENCIAL"]
["INSTALACOES HIDRO SANITARIAS","INHI","APARELHOS SANITARIOS, LOUCAS, METAIS E OUTROS","0183","","",86931,"VASO SANITÁRIO SIFONADO COM CAIXA ACOPLADA LOUÇA BRANCA, INCLUSO ENGATE FLEXÍVEL EM PLÁSTICO BRANCO, 1/2  X 40CM - FORNECIMENTO E INSTALAÇÃO. AF_01/2020","UN","COEFICIENTE DE REPRESENTATIVIDADE",485.21,"CAIXA REFERENCIAL"]
["INSTALACOES HIDRO SANITARIAS","INHI","APARELHOS SANITARIOS, LOUCAS, METAIS E OUTROS","0183","","",86932,"VASO SANITÁRIO SIFONADO COM CAIXA ACOPLADA LOUÇA BRANCA - PADRÃO MÉDIO, INCLUSO ENGATE FLEXÍVEL EM METAL CROMADO, 1/2  X 40CM - FORNECIMENTO E INSTALAÇÃO. AF_01/2020","UN","COEFICIENTE DE REPRESENTATIVIDADE",547.46,"CAIXA REFERENCIAL"]
["INSTALACOES HIDRO SANITARIAS","INHI","APARELHOS SANITARIOS, LOUCAS, METAIS E OUTROS","0183","","",86933,"BANCADA DE MÁRMORE SINTÉTICO 120 X 60CM, COM CUBA INTEGRADA, INCLUSO SIFÃO TIPO GARRAFA EM PVC, VÁLVULA EM PLÁSTICO CROMADO TIPO AMERICANA E TORNEIRA CROMADA LONGA, DE PAREDE, PADRÃO POPULAR - FORNECIMENTO E INSTALAÇÃO. AF_01/2020","UN","ATRIBUÍDO SÃO PAULO",417.87,"CAIXA REFERENCIAL"]
["INSTALACOES HIDRO SANITARIAS","INHI","APARELHOS SANITARIOS, LOUCAS, METAIS E OUTROS","0183","","",86934,"BANCADA DE MÁRMORE SINTÉTICO 120 X 60CM, COM CUBA INTEGRADA, INCLUSO SIFÃO TIPO FLEXÍVEL EM PVC, VÁLVULA EM PLÁSTICO CROMADO TIPO AMERICANA E TORNEIRA CROMADA LONGA, DE PAREDE, PADRÃO POPULAR - FORNECIMENTO E INSTALAÇÃO. AF_01/2020","UN","ATRIBUÍDO SÃO PAULO",406.84,"CAIXA REFERENCIAL"]
["INSTALACOES HIDRO SANITARIAS","INHI","APARELHOS SANITARIOS, LOUCAS, METAIS E OUTROS","0183","","",86935,"CUBA DE EMBUTIR DE AÇO INOXIDÁVEL MÉDIA, INCLUSO VÁLVULA TIPO AMERICANA EM METAL CROMADO E SIFÃO FLEXÍVEL EM PVC - FORNECIMENTO E INSTALAÇÃO. AF_01/2020","UN","COEFICIENTE DE REPRESENTATIVIDADE",311.14999999999998,"CAIXA REFERENCIAL"]
["INSTALACOES HIDRO SANITARIAS","INHI","APARELHOS SANITARIOS, LOUCAS, METAIS E OUTROS","0183","","",86936,"CUBA DE EMBUTIR DE AÇO INOXIDÁVEL MÉDIA, INCLUSO VÁLVULA TIPO AMERICANA E SIFÃO TIPO GARRAFA EM METAL CROMADO - FORNECIMENTO E INSTALAÇÃO. AF_01/2020","UN","COEFICIENTE DE REPRESENTATIVIDADE",585.83000000000004,"CAIXA REFERENCIAL"]
["INSTALACOES HIDRO SANITARIAS","INHI","APARELHOS SANITARIOS, LOUCAS, METAIS E OUTROS","0183","","",86937,"CUBA DE EMBUTIR OVAL EM LOUÇA BRANCA, 35 X 50CM OU EQUIVALENTE, INCLUSO VÁLVULA EM METAL CROMADO E SIFÃO FLEXÍVEL EM PVC - FORNECIMENTO E INSTALAÇÃO. AF_01/2020","UN","COEFICIENTE DE REPRESENTATIVIDADE",250.98,"CAIXA REFERENCIAL"]
["INSTALACOES HIDRO SANITARIAS","INHI","APARELHOS SANITARIOS, LOUCAS, METAIS E OUTROS","0183","","",86938,"CUBA DE EMBUTIR OVAL EM LOUÇA BRANCA, 35 X 50CM OU EQUIVALENTE, INCLUSO VÁLVULA E SIFÃO TIPO GARRAFA EM METAL CROMADO - FORNECIMENTO E INSTALAÇÃO. AF_01/2020","UN","COEFICIENTE DE REPRESENTATIVIDADE",525.66,"CAIXA REFERENCIAL"]
["INSTALACOES HIDRO SANITARIAS","INHI","APARELHOS SANITARIOS, LOUCAS, METAIS E OUTROS","0183","","",86939,"LAVATÓRIO LOUÇA BRANCA COM COLUNA, *44 X 35,5* CM, PADRÃO POPULAR, INCLUSO SIFÃO FLEXÍVEL EM PVC, VÁLVULA E ENGATE FLEXÍVEL 30CM EM PLÁSTICO E COM TORNEIRA CROMADA PADRÃO POPULAR - FORNECIMENTO E INSTALAÇÃO. AF_01/2020","UN","COEFICIENTE DE REPRESENTATIVIDADE",450.63,"CAIXA REFERENCIAL"]
["INSTALACOES HIDRO SANITARIAS","INHI","APARELHOS SANITARIOS, LOUCAS, METAIS E OUTROS","0183","","",86940,"LAVATÓRIO LOUÇA BRANCA COM COLUNA, 45 X 55CM OU EQUIVALENTE, PADRÃO MÉDIO, INCLUSO SIFÃO TIPO GARRAFA, VÁLVULA E ENGATE FLEXÍVEL DE 40CM EM METAL CROMADO, COM APARELHO MISTURADOR PADRÃO MÉDIO - FORNECIMENTO E INSTALAÇÃO. AF_01/2020","UN","COEFICIENTE DE REPRESENTATIVIDADE",1293.05,"CAIXA REFERENCIAL"]
["INSTALACOES HIDRO SANITARIAS","INHI","APARELHOS SANITARIOS, LOUCAS, METAIS E OUTROS","0183","","",86941,"LAVATÓRIO LOUÇA BRANCA COM COLUNA, 45 X 55CM OU EQUIVALENTE, PADRÃO MÉDIO, INCLUSO SIFÃO TIPO GARRAFA, VÁLVULA E ENGATE FLEXÍVEL DE 40CM EM METAL CROMADO, COM TORNEIRA CROMADA DE MESA, PADRÃO MÉDIO - FORNECIMENTO E INSTALAÇÃO. AF_01/2020","UN","COEFICIENTE DE REPRESENTATIVIDADE",974.34,"CAIXA REFERENCIAL"]
["INSTALACOES HIDRO SANITARIAS","INHI","APARELHOS SANITARIOS, LOUCAS, METAIS E OUTROS","0183","","",86942,"LAVATÓRIO LOUÇA BRANCA SUSPENSO, 29,5 X 39CM OU EQUIVALENTE, PADRÃO POPULAR, INCLUSO SIFÃO TIPO GARRAFA EM PVC, VÁLVULA E ENGATE FLEXÍVEL 30CM EM PLÁSTICO E TORNEIRA CROMADA DE MESA, PADRÃO POPULAR - FORNECIMENTO E INSTALAÇÃO. AF_01/2020","UN","COEFICIENTE DE REPRESENTATIVIDADE",269.52999999999997,"CAIXA REFERENCIAL"]
["INSTALACOES HIDRO SANITARIAS","INHI","APARELHOS SANITARIOS, LOUCAS, METAIS E OUTROS","0183","","",86943,"LAVATÓRIO LOUÇA BRANCA SUSPENSO, 29,5 X 39CM OU EQUIVALENTE, PADRÃO POPULAR, INCLUSO SIFÃO FLEXÍVEL EM PVC, VÁLVULA E ENGATE FLEXÍVEL 30CM EM PLÁSTICO E TORNEIRA CROMADA DE MESA, PADRÃO POPULAR - FORNECIMENTO E INSTALAÇÃO. AF_01/2020","UN","COEFICIENTE DE REPRESENTATIVIDADE",258.5,"CAIXA REFERENCIAL"]
["INSTALACOES HIDRO SANITARIAS","INHI","APARELHOS SANITARIOS, LOUCAS, METAIS E OUTROS","0183","","",86947,"BANCADA MÁRMORE BRANCO, 50 X 60 CM, INCLUSO CUBA DE EMBUTIR OVAL EM LOUÇA BRANCA 35 X 50 CM, VÁLVULA, SIFÃO TIPO GARRAFA E ENGATE FLEXÍVEL 40 CM EM METAL CROMADO E APARELHO MISTURADOR DE MESA, PADRÃO MÉDIO - FORNEC. E INSTALAÇÃO. AF_01/2020","UN","ATRIBUÍDO SÃO PAULO",1387.62,"CAIXA REFERENCIAL"]
["INSTALACOES HIDRO SANITARIAS","INHI","APARELHOS SANITARIOS, LOUCAS, METAIS E OUTROS","0183","","",93396,"BANCADA GRANITO CINZA,  50 X 60 CM, INCL. CUBA DE EMBUTIR OVAL LOUÇA BRANCA 35 X 50 CM, VÁLVULA METAL CROMADO, SIFÃO FLEXÍVEL PVC, ENGATE 30 CM FLEXÍVEL PLÁSTICO E TORNEIRA CROMADA DE MESA, PADRÃO POPULAR - FORNEC. E INSTALAÇÃO. AF_01/2020","UN","ATRIBUÍDO SÃO PAULO",718.62,"CAIXA REFERENCIAL"]
["INSTALACOES HIDRO SANITARIAS","INHI","APARELHOS SANITARIOS, LOUCAS, METAIS E OUTROS","0183","","",93441,"BANCADA GRANITO CINZA  150 X 60 CM, COM CUBA DE EMBUTIR DE AÇO, VÁLVULA AMERICANA EM METAL, SIFÃO FLEXÍVEL EM PVC, ENGATE FLEXÍVEL 30 CM, TORNEIRA CROMADA LONGA, DE PAREDE, 1/2\" OU 3/4\", P/ COZINHA, PADRÃO POPULAR - FORNEC. E INSTALAÇÃO. AF_01/2020","UN","ATRIBUÍDO SÃO PAULO",1221.49,"CAIXA REFERENCIAL"]
["INSTALACOES HIDRO SANITARIAS","INHI","APARELHOS SANITARIOS, LOUCAS, METAIS E OUTROS","0183","","",93442,"BANCADA MÁRMORE BRANCO 150 X 60 CM, COM CUBA DE EMBUTIR DE AÇO, VÁLVULA AMERICANA E SIFÃO TIPO GARRAFA EM METAL , ENGATE FLEXÍVEL 30 CM, TORNEIRA CROMADA, DE MESA, 1/2\" OU 3/4\", PARA PIA COZINHA, PADRÃO ALTO - FORNEC. E INSTALAÇÃO. AF_01/2020","UN","ATRIBUÍDO SÃO PAULO",1397.06,"CAIXA REFERENCIAL"]
["INSTALACOES HIDRO SANITARIAS","INHI","APARELHOS SANITARIOS, LOUCAS, METAIS E OUTROS","0183","","",95469,"VASO SANITARIO SIFONADO CONVENCIONAL COM  LOUÇA BRANCA - FORNECIMENTO E INSTALAÇÃO. AF_01/2020","UN","COEFICIENTE DE REPRESENTATIVIDADE",298.89,"CAIXA REFERENCIAL"]
["INSTALACOES HIDRO SANITARIAS","INHI","APARELHOS SANITARIOS, LOUCAS, METAIS E OUTROS","0183","","",95470,"VASO SANITARIO SIFONADO CONVENCIONAL COM LOUÇA BRANCA, INCLUSO CONJUNTO DE LIGAÇÃO PARA BACIA SANITÁRIA AJUSTÁVEL - FORNECIMENTO E INSTALAÇÃO. AF_10/2016","UN","COEFICIENTE DE REPRESENTATIVIDADE",306.06,"CAIXA REFERENCIAL"]
["INSTALACOES HIDRO SANITARIAS","INHI","APARELHOS SANITARIOS, LOUCAS, METAIS E OUTROS","0183","","",95471,"VASO SANITARIO SIFONADO CONVENCIONAL PARA PCD SEM FURO FRONTAL COM  LOUÇA BRANCA SEM ASSENTO -  FORNECIMENTO E INSTALAÇÃO. AF_01/2020","UN","COEFICIENTE DE REPRESENTATIVIDADE",726.63,"CAIXA REFERENCIAL"]
["INSTALACOES HIDRO SANITARIAS","INHI","APARELHOS SANITARIOS, LOUCAS, METAIS E OUTROS","0183","","",95472,"VASO SANITARIO SIFONADO CONVENCIONAL PARA PCD SEM FURO FRONTAL COM LOUÇA BRANCA SEM ASSENTO, INCLUSO CONJUNTO DE LIGAÇÃO PARA BACIA SANITÁRIA AJUSTÁVEL - FORNECIMENTO E INSTALAÇÃO. AF_01/2020","UN","COEFICIENTE DE REPRESENTATIVIDADE",733.8,"CAIXA REFERENCIAL"]
["INSTALACOES HIDRO SANITARIAS","INHI","APARELHOS SANITARIOS, LOUCAS, METAIS E OUTROS","0183","","",95542,"PORTA TOALHA ROSTO EM METAL CROMADO, TIPO ARGOLA, INCLUSO FIXAÇÃO. AF_01/2020","UN","COEFICIENTE DE REPRESENTATIVIDADE",72.040000000000006,"CAIXA REFERENCIAL"]
["INSTALACOES HIDRO SANITARIAS","INHI","APARELHOS SANITARIOS, LOUCAS, METAIS E OUTROS","0183","","",95543,"PORTA TOALHA BANHO EM METAL CROMADO, TIPO BARRA, INCLUSO FIXAÇÃO. AF_01/2020","UN","COEFICIENTE DE REPRESENTATIVIDADE",116.54,"CAIXA REFERENCIAL"]
["INSTALACOES HIDRO SANITARIAS","INHI","APARELHOS SANITARIOS, LOUCAS, METAIS E OUTROS","0183","","",95544,"PAPELEIRA DE PAREDE EM METAL CROMADO SEM TAMPA, INCLUSO FIXAÇÃO. AF_01/2020","UN","COEFICIENTE DE REPRESENTATIVIDADE",91.27,"CAIXA REFERENCIAL"]
["INSTALACOES HIDRO SANITARIAS","INHI","APARELHOS SANITARIOS, LOUCAS, METAIS E OUTROS","0183","","",95545,"SABONETEIRA DE PAREDE EM METAL CROMADO, INCLUSO FIXAÇÃO. AF_01/2020","UN","COLETADO",89.22,"CAIXA REFERENCIAL"]
["INSTALACOES HIDRO SANITARIAS","INHI","APARELHOS SANITARIOS, LOUCAS, METAIS E OUTROS","0183","","",95546,"KIT DE ACESSORIOS PARA BANHEIRO EM METAL CROMADO, 5 PECAS, INCLUSO FIXAÇÃO. AF_01/2020","UN","COEFICIENTE DE REPRESENTATIVIDADE",268.3,"CAIXA REFERENCIAL"]
["INSTALACOES HIDRO SANITARIAS","INHI","APARELHOS SANITARIOS, LOUCAS, METAIS E OUTROS","0183","","",95547,"SABONETEIRA PLASTICA TIPO DISPENSER PARA SABONETE LIQUIDO COM RESERVATORIO 800 A 1500 ML, INCLUSO FIXAÇÃO. AF_01/2020","UN","COLETADO",99.72,"CAIXA REFERENCIAL"]
["INSTALACOES HIDRO SANITARIAS","INHI","APARELHOS SANITARIOS, LOUCAS, METAIS E OUTROS","0183","","",100848,"VASO SANITÁRIO INFANTIL LOUÇA BRANCA - FORNECIMENTO E INSTALACAO. AF_01/2020","UN","COEFICIENTE DE REPRESENTATIVIDADE",529.64,"CAIXA REFERENCIAL"]
["INSTALACOES HIDRO SANITARIAS","INHI","APARELHOS SANITARIOS, LOUCAS, METAIS E OUTROS","0183","","",100849,"ASSENTO SANITÁRIO CONVENCIONAL - FORNECIMENTO E INSTALACAO. AF_01/2020","UN","COLETADO",32.270000000000003,"CAIXA REFERENCIAL"]
["INSTALACOES HIDRO SANITARIAS","INHI","APARELHOS SANITARIOS, LOUCAS, METAIS E OUTROS","0183","","",100851,"ASSENTO SANITÁRIO INFANTIL - FORNECIMENTO E INSTALACAO. AF_01/2020","UN","COEFICIENTE DE REPRESENTATIVIDADE",63.29,"CAIXA REFERENCIAL"]
["INSTALACOES HIDRO SANITARIAS","INHI","APARELHOS SANITARIOS, LOUCAS, METAIS E OUTROS","0183","","",100852,"CUBA DE EMBUTIR RETANGULAR DE AÇO INOXIDÁVEL, 56 X 33 X 12 CM - FORNECIMENTO E INSTALAÇÃO. AF_01/2020","UN","COEFICIENTE DE REPRESENTATIVIDADE",216.57,"CAIXA REFERENCIAL"]
["INSTALACOES HIDRO SANITARIAS","INHI","APARELHOS SANITARIOS, LOUCAS, METAIS E OUTROS","0183","","",100853,"TORNEIRA CROMADA DE MESA PARA LAVATORIO, TIPO MONOCOMANDO. AF_01/2020","UN","COEFICIENTE DE REPRESENTATIVIDADE",320.87,"CAIXA REFERENCIAL"]
["INSTALACOES HIDRO SANITARIAS","INHI","APARELHOS SANITARIOS, LOUCAS, METAIS E OUTROS","0183","","",100854,"TORNEIRA CROMADA DE MESA PARA LAVATÓRIO COM SENSOR DE PRESENCA. AF_01/2020","UN","COEFICIENTE DE REPRESENTATIVIDADE",1671.06,"CAIXA REFERENCIAL"]
["INSTALACOES HIDRO SANITARIAS","INHI","APARELHOS SANITARIOS, LOUCAS, METAIS E OUTROS","0183","","",100856,"MANOPLA E CANOPLA CROMADA - FORNECIMENTO E INSTALAÇÃO. AF_01/2020","UN","COEFICIENTE DE REPRESENTATIVIDADE",35.479999999999997,"CAIXA REFERENCIAL"]
["INSTALACOES HIDRO SANITARIAS","INHI","APARELHOS SANITARIOS, LOUCAS, METAIS E OUTROS","0183","","",100857,"ACABAMENTO MONOCOMANDO PARA CHUVEIRO - FORNECIMENTO E INSTALAÇÃO. AF_01/2020","UN","COEFICIENTE DE REPRESENTATIVIDADE",489.88,"CAIXA REFERENCIAL"]
["INSTALACOES HIDRO SANITARIAS","INHI","APARELHOS SANITARIOS, LOUCAS, METAIS E OUTROS","0183","","",100858,"MICTÓRIO SIFONADO LOUÇA BRANCA - PADRÃO MÉDIO - FORNECIMENTO E INSTALAÇÃO. AF_01/2020","UN","COEFICIENTE DE REPRESENTATIVIDADE",700.93,"CAIXA REFERENCIAL"]
["INSTALACOES HIDRO SANITARIAS","INHI","APARELHOS SANITARIOS, LOUCAS, METAIS E OUTROS","0183","","",100859,"MICTÓRIO SIFONADO LOUÇA BRANCA PARA ENTRADA DE ÁGUA EMBUTIDA - PADRÃO ALTO - FORNECIMENTO E INSTALAÇÃO. AF_01/2020","UN","COEFICIENTE DE REPRESENTATIVIDADE",940.27,"CAIXA REFERENCIAL"]
["INSTALACOES HIDRO SANITARIAS","INHI","APARELHOS SANITARIOS, LOUCAS, METAIS E OUTROS","0183","","",100860,"CHUVEIRO ELÉTRICO COMUM CORPO PLÁSTICO, TIPO DUCHA - FORNECIMENTO E INSTALAÇÃO. AF_01/2020","UN","COLETADO",106.89,"CAIXA REFERENCIAL"]
["INSTALACOES HIDRO SANITARIAS","INHI","APARELHOS SANITARIOS, LOUCAS, METAIS E OUTROS","0183","","",100861,"SUPORTE MÃO FRANCESA EM AÇO, ABAS IGUAIS 30 CM, CAPACIDADE MINIMA 60 KG, BRANCO - FORNECIMENTO E INSTALAÇÃO. AF_01/2020","UN","ATRIBUÍDO SÃO PAULO",34.53,"CAIXA REFERENCIAL"]
["INSTALACOES HIDRO SANITARIAS","INHI","APARELHOS SANITARIOS, LOUCAS, METAIS E OUTROS","0183","","",100862,"SUPORTE MÃO FRANCESA EM ACO, ABAS IGUAIS 40 CM, CAPACIDADE MINIMA 70 KG, BRANCO - FORNECIMENTO E INSTALAÇÃO. AF_01/2020","UN","ATRIBUÍDO SÃO PAULO",37.94,"CAIXA REFERENCIAL"]
["INSTALACOES HIDRO SANITARIAS","INHI","APARELHOS SANITARIOS, LOUCAS, METAIS E OUTROS","0183","","",100863,"BARRA DE APOIO EM \"L\", EM ACO INOX POLIDO 70 X 70 CM, FIXADA NA PAREDE - FORNECIMENTO E INSTALACAO. AF_01/2020","UN","COEFICIENTE DE REPRESENTATIVIDADE",690.79,"CAIXA REFERENCIAL"]
["INSTALACOES HIDRO SANITARIAS","INHI","APARELHOS SANITARIOS, LOUCAS, METAIS E OUTROS","0183","","",100864,"BARRA DE APOIO EM \"L\", EM ACO INOX POLIDO 80 X 80 CM, FIXADA NA PAREDE - FORNECIMENTO E INSTALACAO. AF_01/2020","UN","COEFICIENTE DE REPRESENTATIVIDADE",751.65,"CAIXA REFERENCIAL"]
["INSTALACOES HIDRO SANITARIAS","INHI","APARELHOS SANITARIOS, LOUCAS, METAIS E OUTROS","0183","","",100865,"BARRA DE APOIO LATERAL ARTICULADA, COM TRAVA, EM ACO INOX POLIDO, FIXADA NA PAREDE - FORNECIMENTO E INSTALAÇÃO. AF_01/2020","UN","COEFICIENTE DE REPRESENTATIVIDADE",635.63,"CAIXA REFERENCIAL"]
["INSTALACOES HIDRO SANITARIAS","INHI","APARELHOS SANITARIOS, LOUCAS, METAIS E OUTROS","0183","","",100866,"BARRA DE APOIO RETA, EM ACO INOX POLIDO, COMPRIMENTO 60CM, FIXADA NA PAREDE - FORNECIMENTO E INSTALAÇÃO. AF_01/2020","UN","COEFICIENTE DE REPRESENTATIVIDADE",367.19,"CAIXA REFERENCIAL"]
["INSTALACOES HIDRO SANITARIAS","INHI","APARELHOS SANITARIOS, LOUCAS, METAIS E OUTROS","0183","","",100867,"BARRA DE APOIO RETA, EM ACO INOX POLIDO, COMPRIMENTO 70 CM,  FIXADA NA PAREDE - FORNECIMENTO E INSTALAÇÃO. AF_01/2020","UN","COEFICIENTE DE REPRESENTATIVIDADE",387.26,"CAIXA REFERENCIAL"]
["INSTALACOES HIDRO SANITARIAS","INHI","APARELHOS SANITARIOS, LOUCAS, METAIS E OUTROS","0183","","",100868,"BARRA DE APOIO RETA, EM ACO INOX POLIDO, COMPRIMENTO 80 CM,  FIXADA NA PAREDE - FORNECIMENTO E INSTALAÇÃO. AF_01/2020","UN","COEFICIENTE DE REPRESENTATIVIDADE",400.61,"CAIXA REFERENCIAL"]
["INSTALACOES HIDRO SANITARIAS","INHI","APARELHOS SANITARIOS, LOUCAS, METAIS E OUTROS","0183","","",100869,"BARRA DE APOIO RETA, EM ACO INOX POLIDO, COMPRIMENTO 90 CM,  FIXADA NA PAREDE - FORNECIMENTO E INSTALAÇÃO. AF_01/2020","UN","COEFICIENTE DE REPRESENTATIVIDADE",410.85,"CAIXA REFERENCIAL"]
["INSTALACOES HIDRO SANITARIAS","INHI","APARELHOS SANITARIOS, LOUCAS, METAIS E OUTROS","0183","","",100870,"BARRA DE APOIO RETA, EM ALUMINIO, COMPRIMENTO 60 CM,  FIXADA NA PAREDE - FORNECIMENTO E INSTALAÇÃO. AF_01/2020","UN","ATRIBUÍDO SÃO PAULO",341.71,"CAIXA REFERENCIAL"]
["INSTALACOES HIDRO SANITARIAS","INHI","APARELHOS SANITARIOS, LOUCAS, METAIS E OUTROS","0183","","",100871,"BARRA DE APOIO RETA, EM ALUMINIO, COMPRIMENTO 70 CM,  FIXADA NA PAREDE - FORNECIMENTO E INSTALAÇÃO. AF_01/2020","UN","ATRIBUÍDO SÃO PAULO",364.59,"CAIXA REFERENCIAL"]
["INSTALACOES HIDRO SANITARIAS","INHI","APARELHOS SANITARIOS, LOUCAS, METAIS E OUTROS","0183","","",100872,"BARRA DE APOIO RETA, EM ALUMINIO, COMPRIMENTO 80 CM,  FIXADA NA PAREDE - FORNECIMENTO E INSTALAÇÃO. AF_01/2020","UN","ATRIBUÍDO SÃO PAULO",379.2,"CAIXA REFERENCIAL"]
["INSTALACOES HIDRO SANITARIAS","INHI","APARELHOS SANITARIOS, LOUCAS, METAIS E OUTROS","0183","","",100873,"BARRA DE APOIO RETA, EM ALUMINIO, COMPRIMENTO 90 CM,  FIXADA NA PAREDE - FORNECIMENTO E INSTALAÇÃO. AF_01/2020","UN","ATRIBUÍDO SÃO PAULO",388.32,"CAIXA REFERENCIAL"]
["INSTALACOES HIDRO SANITARIAS","INHI","APARELHOS SANITARIOS, LOUCAS, METAIS E OUTROS","0183","","",100874,"PUXADOR PARA PCD, FIXADO NA PORTA - FORNECIMENTO E INSTALAÇÃO. AF_01/2020","UN","COEFICIENTE DE REPRESENTATIVIDADE",367.19,"CAIXA REFERENCIAL"]
["INSTALACOES HIDRO SANITARIAS","INHI","APARELHOS SANITARIOS, LOUCAS, METAIS E OUTROS","0183","","",100875,"BANCO ARTICULADO, EM ACO INOX, PARA PCD, FIXADO NA PAREDE - FORNECIMENTO E INSTALAÇÃO. AF_01/2020","UN","COEFICIENTE DE REPRESENTATIVIDADE",1178.24,"CAIXA REFERENCIAL"]
["INSTALACOES HIDRO SANITARIAS","INHI","APARELHOS SANITARIOS, LOUCAS, METAIS E OUTROS","0183","","",100878,"VASO SANITÁRIO SIFONADO COM CAIXA ACOPLADA, LOUÇA BRANCA - PADRÃO ALTO - FORNECIMENTO E INSTALAÇÃO. AF_01/2020","UN","COEFICIENTE DE REPRESENTATIVIDADE",625.52,"CAIXA REFERENCIAL"]
["INSTALACOES HIDRO SANITARIAS","INHI","FOSSAS/SUMIDOUROS","0184","","",98052,"TANQUE SÉPTICO CIRCULAR, EM CONCRETO PRÉ-MOLDADO, DIÂMETRO INTERNO = 1,10 M, ALTURA INTERNA = 2,50 M, VOLUME ÚTIL: 2138,2 L (PARA 5 CONTRIBUINTES). AF_12/2020_PA","UN","ATRIBUÍDO SÃO PAULO",1687.85,"CAIXA REFERENCIAL"]
["INSTALACOES HIDRO SANITARIAS","INHI","FOSSAS/SUMIDOUROS","0184","","",98053,"TANQUE SÉPTICO CIRCULAR, EM CONCRETO PRÉ-MOLDADO, DIÂMETRO INTERNO = 1,40 M, ALTURA INTERNA = 2,50 M, VOLUME ÚTIL: 3463,6 L (PARA 13 CONTRIBUINTES). AF_12/2020_PA","UN","ATRIBUÍDO SÃO PAULO",2318.3000000000002,"CAIXA REFERENCIAL"]
["INSTALACOES HIDRO SANITARIAS","INHI","FOSSAS/SUMIDOUROS","0184","","",98054,"TANQUE SÉPTICO CIRCULAR, EM CONCRETO PRÉ-MOLDADO, DIÂMETRO INTERNO = 1,88 M, ALTURA INTERNA = 2,50 M, VOLUME ÚTIL: 6245,8 L (PARA 32 CONTRIBUINTES). AF_12/2020_PA","UN","ATRIBUÍDO SÃO PAULO",3747.04,"CAIXA REFERENCIAL"]
["INSTALACOES HIDRO SANITARIAS","INHI","FOSSAS/SUMIDOUROS","0184","","",98055,"TANQUE SÉPTICO CIRCULAR, EM CONCRETO PRÉ-MOLDADO, DIÂMETRO INTERNO = 2,38 M, ALTURA INTERNA = 2,50 M, VOLUME ÚTIL: 10009,8 L (PARA 69 CONTRIBUINTES). AF_12/2020_PA","UN","ATRIBUÍDO SÃO PAULO",5106.92,"CAIXA REFERENCIAL"]
["INSTALACOES HIDRO SANITARIAS","INHI","FOSSAS/SUMIDOUROS","0184","","",98056,"TANQUE SÉPTICO CIRCULAR, EM CONCRETO PRÉ-MOLDADO, DIÂMETRO INTERNO = 2,38 M, ALTURA INTERNA = 3,0 M, VOLUME ÚTIL: 12234,2 L (PARA 86 CONTRIBUINTES). AF_12/2020_PA","UN","ATRIBUÍDO SÃO PAULO",5934.98,"CAIXA REFERENCIAL"]
["INSTALACOES HIDRO SANITARIAS","INHI","FOSSAS/SUMIDOUROS","0184","","",98057,"TANQUE SÉPTICO CIRCULAR, EM CONCRETO PRÉ-MOLDADO, DIÂMETRO INTERNO = 2,88 M, ALTURA INTERNA = 2,50 M, VOLUME ÚTIL: 14657,4 L (PARA 105 CONTRIBUINTES). AF_12/2020_PA","UN","ATRIBUÍDO SÃO PAULO",7088.68,"CAIXA REFERENCIAL"]
["INSTALACOES HIDRO SANITARIAS","INHI","FOSSAS/SUMIDOUROS","0184","","",98058,"FILTRO ANAERÓBIO CIRCULAR, EM CONCRETO PRÉ-MOLDADO, DIÂMETRO INTERNO = 1,10 M, ALTURA INTERNA = 1,50 M, VOLUME ÚTIL: 1140,4 L (PARA 5 CONTRIBUINTES). AF_12/2020_PA","UN","ATRIBUÍDO SÃO PAULO",1501.29,"CAIXA REFERENCIAL"]
["INSTALACOES HIDRO SANITARIAS","INHI","FOSSAS/SUMIDOUROS","0184","","",98059,"FILTRO ANAERÓBIO CIRCULAR, EM CONCRETO PRÉ-MOLDADO, DIÂMETRO INTERNO = 1,88 M, ALTURA INTERNA = 1,50 M, VOLUME ÚTIL: 3331,1 L (PARA 19 CONTRIBUINTES). AF_12/2020_PA","UN","ATRIBUÍDO SÃO PAULO",3255.82,"CAIXA REFERENCIAL"]
["INSTALACOES HIDRO SANITARIAS","INHI","FOSSAS/SUMIDOUROS","0184","","",98060,"FILTRO ANAERÓBIO CIRCULAR, EM CONCRETO PRÉ-MOLDADO, DIÂMETRO INTERNO = 2,38 M, ALTURA INTERNA = 1,50 M, VOLUME ÚTIL: 5338,6 L (PARA 34 CONTRIBUINTES). AF_12/2020_PA","UN","ATRIBUÍDO SÃO PAULO",4587.6499999999996,"CAIXA REFERENCIAL"]
["INSTALACOES HIDRO SANITARIAS","INHI","FOSSAS/SUMIDOUROS","0184","","",98061,"FILTRO ANAERÓBIO CIRCULAR, EM CONCRETO PRÉ-MOLDADO, DIÂMETRO INTERNO = 2,88 M, ALTURA INTERNA = 1,50 M, VOLUME ÚTIL: 7817,3 L (PARA 75 CONTRIBUINTES). AF_12/2020_PA","UN","ATRIBUÍDO SÃO PAULO",6411.21,"CAIXA REFERENCIAL"]
["INSTALACOES HIDRO SANITARIAS","INHI","FOSSAS/SUMIDOUROS","0184","","",98062,"SUMIDOURO CIRCULAR, EM CONCRETO PRÉ-MOLDADO, DIÂMETRO INTERNO = 1,88 M, ALTURA INTERNA = 2,00 M, ÁREA DE INFILTRAÇÃO: 13,1 M² (PARA 5 CONTRIBUINTES). AF_12/2020_PA","UN","ATRIBUÍDO SÃO PAULO",2521.98,"CAIXA REFERENCIAL"]
["INSTALACOES HIDRO SANITARIAS","INHI","FOSSAS/SUMIDOUROS","0184","","",98063,"SUMIDOURO CIRCULAR, EM CONCRETO PRÉ-MOLDADO, DIÂMETRO INTERNO = 2,38 M, ALTURA INTERNA = 2,50 M, ÁREA DE INFILTRAÇÃO: 21,3 M² (PARA 8 CONTRIBUINTES). AF_12/2020_PA","UN","ATRIBUÍDO SÃO PAULO",3852.73,"CAIXA REFERENCIAL"]
["INSTALACOES HIDRO SANITARIAS","INHI","FOSSAS/SUMIDOUROS","0184","","",98064,"SUMIDOURO CIRCULAR, EM CONCRETO PRÉ-MOLDADO, DIÂMETRO INTERNO = 2,38 M, ALTURA INTERNA = 3,0 M, ÁREA DE INFILTRAÇÃO: 25 M² (PARA 10 CONTRIBUINTES). AF_12/2020_PA","UN","ATRIBUÍDO SÃO PAULO",4430.82,"CAIXA REFERENCIAL"]
["INSTALACOES HIDRO SANITARIAS","INHI","FOSSAS/SUMIDOUROS","0184","","",98065,"SUMIDOURO CIRCULAR, EM CONCRETO PRÉ-MOLDADO, DIÂMETRO INTERNO = 2,88 M, ALTURA INTERNA = 3,0 M, ÁREA DE INFILTRAÇÃO: 31,4 M² (PARA 12 CONTRIBUINTES). AF_12/2020_PA","UN","ATRIBUÍDO SÃO PAULO",6147.87,"CAIXA REFERENCIAL"]
["INSTALACOES HIDRO SANITARIAS","INHI","FOSSAS/SUMIDOUROS","0184","","",98066,"TANQUE SÉPTICO RETANGULAR, EM ALVENARIA COM TIJOLOS CERÂMICOS MACIÇOS, DIMENSÕES INTERNAS: 1,0 X 2,0 X H=1,4 M, VOLUME ÚTIL: 2000 L (PARA 5 CONTRIBUINTES). AF_12/2020","UN","ATRIBUÍDO SÃO PAULO",4180,"CAIXA REFERENCIAL"]
["INSTALACOES HIDRO SANITARIAS","INHI","FOSSAS/SUMIDOUROS","0184","","",98067,"TANQUE SÉPTICO RETANGULAR, EM ALVENARIA COM TIJOLOS CERÂMICOS MACIÇOS, DIMENSÕES INTERNAS: 1,2 X 2,4 X H=1,6 M, VOLUME ÚTIL: 3456 L (PARA 13 CONTRIBUINTES). AF_12/2020","UN","ATRIBUÍDO SÃO PAULO",5559.63,"CAIXA REFERENCIAL"]
["INSTALACOES HIDRO SANITARIAS","INHI","FOSSAS/SUMIDOUROS","0184","","",98068,"TANQUE SÉPTICO RETANGULAR, EM ALVENARIA COM TIJOLOS CERÂMICOS MACIÇOS, DIMENSÕES INTERNAS: 1,4 X 3,2 X H=1,8 M, VOLUME ÚTIL: 6272 L (PARA 32 CONTRIBUINTES). AF_12/2020","UN","ATRIBUÍDO SÃO PAULO",7847.4,"CAIXA REFERENCIAL"]
["INSTALACOES HIDRO SANITARIAS","INHI","FOSSAS/SUMIDOUROS","0184","","",98069,"TANQUE SÉPTICO RETANGULAR, EM ALVENARIA COM TIJOLOS CERÂMICOS MACIÇOS, DIMENSÕES INTERNAS: 1,6 X 4,4 X H=1,8 M, VOLUME ÚTIL: 9856 L (PARA 68 CONTRIBUINTES). AF_12/2020","UN","ATRIBUÍDO SÃO PAULO",10596.53,"CAIXA REFERENCIAL"]
["INSTALACOES HIDRO SANITARIAS","INHI","FOSSAS/SUMIDOUROS","0184","","",98070,"TANQUE SÉPTICO RETANGULAR, EM ALVENARIA COM TIJOLOS CERÂMICOS MACIÇOS, DIMENSÕES INTERNAS: 1,6 X 4,8 X H=2,0 M, VOLUME ÚTIL: 12288 L (PARA 86 CONTRIBUINTES). AF_12/2020","UN","ATRIBUÍDO SÃO PAULO",12062.54,"CAIXA REFERENCIAL"]
["INSTALACOES HIDRO SANITARIAS","INHI","FOSSAS/SUMIDOUROS","0184","","",98071,"TANQUE SÉPTICO RETANGULAR, EM ALVENARIA COM TIJOLOS CERÂMICOS MACIÇOS, DIMENSÕES INTERNAS: 1,6 X 4,6 X H=2,4 M, VOLUME ÚTIL: 14720 L (PARA 105 CONTRIBUINTES). AF_12/2020","UN","ATRIBUÍDO SÃO PAULO",13064.67,"CAIXA REFERENCIAL"]
["INSTALACOES HIDRO SANITARIAS","INHI","FOSSAS/SUMIDOUROS","0184","","",98072,"FILTRO ANAERÓBIO RETANGULAR, EM ALVENARIA COM TIJOLOS CERÂMICOS MACIÇOS, DIMENSÕES INTERNAS: 0,8 X 1,2 X H=1,67 M, VOLUME ÚTIL: 1152 L (PARA 5 CONTRIBUINTES). AF_12/2020","UN","ATRIBUÍDO SÃO PAULO",3550.45,"CAIXA REFERENCIAL"]
["INSTALACOES HIDRO SANITARIAS","INHI","FOSSAS/SUMIDOUROS","0184","","",98073,"FILTRO ANAERÓBIO RETANGULAR, EM ALVENARIA COM TIJOLOS CERÂMICOS MACIÇOS, DIMENSÕES INTERNAS: 1,2 X 1,8 X H=1,67 M, VOLUME ÚTIL: 2592 L (PARA 13 CONTRIBUINTES). AF_12/2020","UN","ATRIBUÍDO SÃO PAULO",5617.22,"CAIXA REFERENCIAL"]
["INSTALACOES HIDRO SANITARIAS","INHI","FOSSAS/SUMIDOUROS","0184","","",98074,"FILTRO ANAERÓBIO RETANGULAR, EM ALVENARIA COM TIJOLOS CERÂMICOS MACIÇOS, DIMENSÕES INTERNAS: 1,4 X 3,0 X H=1,67 M, VOLUME ÚTIL: 5040 L (PARA 32 CONTRIBUINTES). AF_12/2020","UN","ATRIBUÍDO SÃO PAULO",8811.2800000000007,"CAIXA REFERENCIAL"]
["INSTALACOES HIDRO SANITARIAS","INHI","FOSSAS/SUMIDOUROS","0184","","",98075,"FILTRO ANAERÓBIO RETANGULAR, EM ALVENARIA COM TIJOLOS CERÂMICOS MACIÇOS, DIMENSÕES INTERNAS: 1,4 X 4,2 X H=1,67 M, VOLUME ÚTIL: 7056 L (PARA 67 CONTRIBUINTES). AF_12/2020","UN","ATRIBUÍDO SÃO PAULO",11503.1,"CAIXA REFERENCIAL"]
["INSTALACOES HIDRO SANITARIAS","INHI","FOSSAS/SUMIDOUROS","0184","","",98076,"FILTRO ANAERÓBIO RETANGULAR, EM ALVENARIA COM TIJOLOS CERÂMICOS MACIÇOS, DIMENSÕES INTERNAS: 1,6 X 4,6 X H=1,67 M, VOLUME ÚTIL: 8832 L (PARA 84 CONTRIBUINTES). AF_12/2020","UN","ATRIBUÍDO SÃO PAULO",13313.77,"CAIXA REFERENCIAL"]
["INSTALACOES HIDRO SANITARIAS","INHI","FOSSAS/SUMIDOUROS","0184","","",98077,"FILTRO ANAERÓBIO RETANGULAR, EM ALVENARIA COM TIJOLOS CERÂMICOS MACIÇOS, DIMENSÕES INTERNAS: 1,6 X 5,6 X H=1,67 M, VOLUME ÚTIL: 10752 L (PARA 103 CONTRIBUINTES). AF_12/2020","UN","ATRIBUÍDO SÃO PAULO",15706.3,"CAIXA REFERENCIAL"]
["INSTALACOES HIDRO SANITARIAS","INHI","FOSSAS/SUMIDOUROS","0184","","",98078,"SUMIDOURO RETANGULAR, EM ALVENARIA COM TIJOLOS CERÂMICOS MACIÇOS, DIMENSÕES INTERNAS: 0,8 X 1,4 X H=3,0 M, ÁREA DE INFILTRAÇÃO: 13,2 M² (PARA 5 CONTRIBUINTES). AF_12/2020","UN","ATRIBUÍDO SÃO PAULO",3672.51,"CAIXA REFERENCIAL"]
["INSTALACOES HIDRO SANITARIAS","INHI","FOSSAS/SUMIDOUROS","0184","","",98079,"SUMIDOURO RETANGULAR, EM ALVENARIA COM TIJOLOS CERÂMICOS MACIÇOS, DIMENSÕES INTERNAS: 1,0 X 3,0 X H=3,0 M, ÁREA DE INFILTRAÇÃO: 25 M² (PARA 10 CONTRIBUINTES). AF_12/2020","UN","ATRIBUÍDO SÃO PAULO",6471.09,"CAIXA REFERENCIAL"]
["INSTALACOES HIDRO SANITARIAS","INHI","FOSSAS/SUMIDOUROS","0184","","",98080,"SUMIDOURO RETANGULAR, EM ALVENARIA COM TIJOLOS CERÂMICOS MACIÇOS, DIMENSÕES INTERNAS: 1,6 X 3,4 X H=3,0 M, ÁREA DE INFILTRAÇÃO: 32,9 M² (PARA 13 CONTRIBUINTES). AF_12/2020","UN","ATRIBUÍDO SÃO PAULO",8379.92,"CAIXA REFERENCIAL"]
["INSTALACOES HIDRO SANITARIAS","INHI","FOSSAS/SUMIDOUROS","0184","","",98081,"SUMIDOURO RETANGULAR, EM ALVENARIA COM TIJOLOS CERÂMICOS MACIÇOS, DIMENSÕES INTERNAS: 1,6 X 5,8 X H=3,0 M, ÁREA DE INFILTRAÇÃO: 50 M² (PARA 20 CONTRIBUINTES). AF_12/2020","UN","ATRIBUÍDO SÃO PAULO",12460.21,"CAIXA REFERENCIAL"]
["INSTALACOES HIDRO SANITARIAS","INHI","FOSSAS/SUMIDOUROS","0184","","",98082,"TANQUE SÉPTICO RETANGULAR, EM ALVENARIA COM BLOCOS DE CONCRETO, DIMENSÕES INTERNAS: 1,0 X 2,0 X H=1,4 M, VOLUME ÚTIL: 2000 L (PARA 5 CONTRIBUINTES). AF_12/2020","UN","ATRIBUÍDO SÃO PAULO",3517.68,"CAIXA REFERENCIAL"]
["INSTALACOES HIDRO SANITARIAS","INHI","FOSSAS/SUMIDOUROS","0184","","",98083,"TANQUE SÉPTICO RETANGULAR, EM ALVENARIA COM BLOCOS DE CONCRETO, DIMENSÕES INTERNAS: 1,2 X 2,4 X H=1,6 M, VOLUME ÚTIL: 3456 L (PARA 13 CONTRIBUINTES). AF_12/2020","UN","ATRIBUÍDO SÃO PAULO",4632.1899999999996,"CAIXA REFERENCIAL"]
["INSTALACOES HIDRO SANITARIAS","INHI","FOSSAS/SUMIDOUROS","0184","","",98084,"TANQUE SÉPTICO RETANGULAR, EM ALVENARIA COM BLOCOS DE CONCRETO, DIMENSÕES INTERNAS: 1,4 X 3,2 X H=1,8 M, VOLUME ÚTIL: 6272 L (PARA 32 CONTRIBUINTES). AF_12/2020","UN","ATRIBUÍDO SÃO PAULO",6487.87,"CAIXA REFERENCIAL"]
["INSTALACOES HIDRO SANITARIAS","INHI","FOSSAS/SUMIDOUROS","0184","","",98085,"TANQUE SÉPTICO RETANGULAR, EM ALVENARIA COM BLOCOS DE CONCRETO, DIMENSÕES INTERNAS: 1,6 X 4,4 X H=1,8 M, VOLUME ÚTIL: 9856 L (PARA 68 CONTRIBUINTES). AF_12/2020","UN","ATRIBUÍDO SÃO PAULO",8803.6,"CAIXA REFERENCIAL"]
["INSTALACOES HIDRO SANITARIAS","INHI","FOSSAS/SUMIDOUROS","0184","","",98086,"TANQUE SÉPTICO RETANGULAR, EM ALVENARIA COM BLOCOS DE CONCRETO, DIMENSÕES INTERNAS: 1,6 X 4,8 X H=2,0 M, VOLUME ÚTIL: 12288 L (PARA 86 CONTRIBUINTES). AF_12/2020","UN","ATRIBUÍDO SÃO PAULO",9923.2099999999991,"CAIXA REFERENCIAL"]
["INSTALACOES HIDRO SANITARIAS","INHI","FOSSAS/SUMIDOUROS","0184","","",98087,"TANQUE SÉPTICO RETANGULAR, EM ALVENARIA COM BLOCOS DE CONCRETO, DIMENSÕES INTERNAS: 1,6 X 4,6 X H=2,4 M, VOLUME ÚTIL: 14720 L (PARA 105 CONTRIBUINTES). AF_12/2020","UN","ATRIBUÍDO SÃO PAULO",10563.52,"CAIXA REFERENCIAL"]
["INSTALACOES HIDRO SANITARIAS","INHI","FOSSAS/SUMIDOUROS","0184","","",98088,"FILTRO ANAERÓBIO RETANGULAR, EM ALVENARIA COM BLOCOS DE CONCRETO, DIMENSÕES INTERNAS: 0,8 X 1,2 X H=1,67 M, VOLUME ÚTIL: 1152 L (PARA 5 CONTRIBUINTES). AF_12/2020","UN","ATRIBUÍDO SÃO PAULO",3050.07,"CAIXA REFERENCIAL"]
["INSTALACOES HIDRO SANITARIAS","INHI","FOSSAS/SUMIDOUROS","0184","","",98089,"FILTRO ANAERÓBIO RETANGULAR, EM ALVENARIA COM BLOCOS DE CONCRETO, DIMENSÕES INTERNAS: 1,2 X 1,8 X H=1,67 M, VOLUME ÚTIL: 2592 L (PARA 13 CONTRIBUINTES). AF_12/2020","UN","ATRIBUÍDO SÃO PAULO",4835.33,"CAIXA REFERENCIAL"]
["INSTALACOES HIDRO SANITARIAS","INHI","FOSSAS/SUMIDOUROS","0184","","",98090,"FILTRO ANAERÓBIO RETANGULAR, EM ALVENARIA COM BLOCOS DE CONCRETO, DIMENSÕES INTERNAS: 1,4 X 3,0 X H=1,67 M, VOLUME ÚTIL: 5040 L (PARA 32 CONTRIBUINTES). AF_12/2020","UN","ATRIBUÍDO SÃO PAULO",7617.82,"CAIXA REFERENCIAL"]
["INSTALACOES HIDRO SANITARIAS","INHI","FOSSAS/SUMIDOUROS","0184","","",98091,"FILTRO ANAERÓBIO RETANGULAR, EM ALVENARIA COM BLOCOS DE CONCRETO, DIMENSÕES INTERNAS: 1,4 X 4,2 X H=1,67 M, VOLUME ÚTIL: 7056 L (PARA 67 CONTRIBUINTES). AF_12/2020","UN","ATRIBUÍDO SÃO PAULO",9962.84,"CAIXA REFERENCIAL"]
["INSTALACOES HIDRO SANITARIAS","INHI","FOSSAS/SUMIDOUROS","0184","","",98092,"FILTRO ANAERÓBIO RETANGULAR, EM ALVENARIA COM BLOCOS DE CONCRETO, DIMENSÕES INTERNAS: 1,6 X 4,6 X H=1,67 M, VOLUME ÚTIL: 8832 L (PARA 84 CONTRIBUINTES). AF_12/2020","UN","ATRIBUÍDO SÃO PAULO",11586.35,"CAIXA REFERENCIAL"]
["INSTALACOES HIDRO SANITARIAS","INHI","FOSSAS/SUMIDOUROS","0184","","",98093,"FILTRO ANAERÓBIO RETANGULAR, EM ALVENARIA COM BLOCOS DE CONCRETO, DIMENSÕES INTERNAS: 1,6 X 5,6 X H=1,67 M, VOLUME ÚTIL: 10752 L (PARA 103 CONTRIBUINTES). AF_12/2020","UN","ATRIBUÍDO SÃO PAULO",13685.27,"CAIXA REFERENCIAL"]
["INSTALACOES HIDRO SANITARIAS","INHI","FOSSAS/SUMIDOUROS","0184","","",98094,"SUMIDOURO RETANGULAR, EM ALVENARIA COM BLOCOS DE CONCRETO, DIMENSÕES INTERNAS: 0,8 X 1,4 X H=3,0 M, ÁREA DE INFILTRAÇÃO: 13,2 M² (PARA 5 CONTRIBUINTES). AF_12/2020","UN","ATRIBUÍDO SÃO PAULO",2517.36,"CAIXA REFERENCIAL"]
["INSTALACOES HIDRO SANITARIAS","INHI","FOSSAS/SUMIDOUROS","0184","","",98099,"SUMIDOURO RETANGULAR, EM ALVENARIA COM BLOCOS DE CONCRETO, DIMENSÕES INTERNAS: 1,0 X 3,0 X H=3,0 M, ÁREA DE INFILTRAÇÃO: 25 M² (PARA 10 CONTRIBUINTES). AF_12/2020","UN","ATRIBUÍDO SÃO PAULO",4300.07,"CAIXA REFERENCIAL"]
["INSTALACOES HIDRO SANITARIAS","INHI","FOSSAS/SUMIDOUROS","0184","","",98100,"SUMIDOURO RETANGULAR, EM ALVENARIA COM BLOCOS DE CONCRETO, DIMENSÕES INTERNAS: 1,6 X 3,4 X H=3,0 M, ÁREA DE INFILTRAÇÃO: 32,9 M² (PARA 13 CONTRIBUINTES). . AF_12/2020","UN","ATRIBUÍDO SÃO PAULO",5644.44,"CAIXA REFERENCIAL"]
["INSTALACOES HIDRO SANITARIAS","INHI","FOSSAS/SUMIDOUROS","0184","","",98101,"SUMIDOURO RETANGULAR, EM ALVENARIA COM BLOCOS DE CONCRETO, DIMENSÕES INTERNAS: 1,6 X 5,8 X H=3,0 M, ÁREA DE INFILTRAÇÃO: 50 M² (PARA 20 CONTRIBUINTES). . AF_12/2020","UN","ATRIBUÍDO SÃO PAULO",8347.1,"CAIXA REFERENCIAL"]
["INSTALACOES HIDRO SANITARIAS","INHI","FOSSAS/SUMIDOUROS","0184","","",98109,"CAIXA DE GORDURA ESPECIAL (CAPACIDADE: 312 L - PARA ATÉ 146 PESSOAS SERVIDAS NO PICO), RETANGULAR, EM ALVENARIA COM BLOCOS DE CONCRETO, DIMENSÕES INTERNAS = 0,4X1,2 M, ALTURA INTERNA = 1 M. AF_12/2020","UN","ATRIBUÍDO SÃO PAULO",752.07,"CAIXA REFERENCIAL"]
["INSTALACOES HIDRO SANITARIAS","INHI","FOSSAS/SUMIDOUROS","0184","","",98110,"CAIXA DE GORDURA PEQUENA (CAPACIDADE: 19 L), CIRCULAR, EM PVC, DIÂMETRO INTERNO= 0,3 M. AF_12/2020","UN","ATRIBUÍDO SÃO PAULO",322.98,"CAIXA REFERENCIAL"]
["INSTALACOES HIDRO SANITARIAS","INHI","FOSSAS/SUMIDOUROS","0184","","",98111,"CAIXA DE INSPEÇÃO PARA ATERRAMENTO, CIRCULAR, EM POLIETILENO, DIÂMETRO INTERNO = 0,3 M. AF_12/2020","UN","ATRIBUÍDO SÃO PAULO",44.67,"CAIXA REFERENCIAL"]
["INSTALACOES HIDRO SANITARIAS","INHI","FOSSAS/SUMIDOUROS","0184","","",98112,"TIL (TUBO DE INSPEÇÃO E LIMPEZA) CONDOMINIAL PARA ESGOTO, EM PVC, DN 100 X 100 MM. AF_12/2020","UN","ATRIBUÍDO SÃO PAULO",80.650000000000006,"CAIXA REFERENCIAL"]
["INSTALACOES HIDRO SANITARIAS","INHI","FOSSAS/SUMIDOUROS","0184","","",98114,"TAMPA CIRCULAR PARA ESGOTO E DRENAGEM, EM FERRO FUNDIDO, DIÂMETRO INTERNO = 0,6 M. AF_12/2020","UN","ATRIBUÍDO SÃO PAULO",704.45,"CAIXA REFERENCIAL"]
["INSTALACOES HIDRO SANITARIAS","INHI","FOSSAS/SUMIDOUROS","0184","","",98115,"TAMPA CIRCULAR PARA ESGOTO E DRENAGEM, EM CONCRETO PRÉ-MOLDADO, DIÂMETRO INTERNO = 0,60 M E ALTURA = 0,10 M. AF_12/2020","UN","ATRIBUÍDO SÃO PAULO",93.78,"CAIXA REFERENCIAL"]
["INSTALACOES HIDRO SANITARIAS","INHI","REGISTROS/VALVULAS","0271","","",89349,"REGISTRO DE PRESSÃO BRUTO, LATÃO, ROSCÁVEL, 1/2\" - FORNECIMENTO E INSTALAÇÃO. AF_08/2021","UN","COEFICIENTE DE REPRESENTATIVIDADE",26.74,"CAIXA REFERENCIAL"]
["INSTALACOES HIDRO SANITARIAS","INHI","REGISTROS/VALVULAS","0271","","",89351,"REGISTRO DE PRESSÃO BRUTO, LATÃO,  ROSCÁVEL, 3/4'' - FORNECIMENTO E INSTALAÇÃO. AF_08/2021","UN","COEFICIENTE DE REPRESENTATIVIDADE",33.04,"CAIXA REFERENCIAL"]
["INSTALACOES HIDRO SANITARIAS","INHI","REGISTROS/VALVULAS","0271","","",89352,"REGISTRO DE GAVETA BRUTO, LATÃO, ROSCÁVEL, 1/2\" - FORNECIMENTO E INSTALAÇÃO. AF_08/2021","UN","COEFICIENTE DE REPRESENTATIVIDADE",36.36,"CAIXA REFERENCIAL"]
["INSTALACOES HIDRO SANITARIAS","INHI","REGISTROS/VALVULAS","0271","","",89353,"REGISTRO DE GAVETA BRUTO, LATÃO, ROSCÁVEL, 3/4\" - FORNECIMENTO E INSTALAÇÃO. AF_08/2021","UN","COEFICIENTE DE REPRESENTATIVIDADE",39.93,"CAIXA REFERENCIAL"]
["INSTALACOES HIDRO SANITARIAS","INHI","REGISTROS/VALVULAS","0271","","",89354,"MISTURADOR MONOCOMANDO PARA CHUVEIRO, BASE BRUTA E ACABAMENTO CROMADO - FORNECIMENTO E INSTALAÇÃO. AF_08/2021","UN","COEFICIENTE DE REPRESENTATIVIDADE",507.44,"CAIXA REFERENCIAL"]
["INSTALACOES HIDRO SANITARIAS","INHI","REGISTROS/VALVULAS","0271","","",89984,"REGISTRO DE PRESSÃO BRUTO, LATÃO, ROSCÁVEL, 1/2\", COM ACABAMENTO E CANOPLA CROMADOS - FORNECIMENTO E INSTALAÇÃO. AF_08/2021","UN","COEFICIENTE DE REPRESENTATIVIDADE",85.88,"CAIXA REFERENCIAL"]
["INSTALACOES HIDRO SANITARIAS","INHI","REGISTROS/VALVULAS","0271","","",89985,"REGISTRO DE PRESSÃO BRUTO, LATÃO, ROSCÁVEL, 3/4\", COM ACABAMENTO E CANOPLA CROMADOS - FORNECIMENTO E INSTALAÇÃO. AF_08/2021","UN","COEFICIENTE DE REPRESENTATIVIDADE",90.25,"CAIXA REFERENCIAL"]
["INSTALACOES HIDRO SANITARIAS","INHI","REGISTROS/VALVULAS","0271","","",89986,"REGISTRO DE GAVETA BRUTO, LATÃO, ROSCÁVEL, 1/2\", COM ACABAMENTO E CANOPLA CROMADOS - FORNECIMENTO E INSTALAÇÃO. AF_08/2021","UN","COEFICIENTE DE REPRESENTATIVIDADE",83.67,"CAIXA REFERENCIAL"]
["INSTALACOES HIDRO SANITARIAS","INHI","REGISTROS/VALVULAS","0271","","",89987,"REGISTRO DE GAVETA BRUTO, LATÃO, ROSCÁVEL, 3/4\", COM ACABAMENTO E CANOPLA CROMADOS - FORNECIMENTO E INSTALAÇÃO. AF_08/2021","UN","COEFICIENTE DE REPRESENTATIVIDADE",95.08,"CAIXA REFERENCIAL"]
["INSTALACOES HIDRO SANITARIAS","INHI","REGISTROS/VALVULAS","0271","","",90371,"REGISTRO DE ESFERA, PVC, ROSCÁVEL, COM VOLANTE, 3/4\" - FORNECIMENTO E INSTALAÇÃO. AF_08/2021","UN","COEFICIENTE DE REPRESENTATIVIDADE",29.58,"CAIXA REFERENCIAL"]
["INSTALACOES HIDRO SANITARIAS","INHI","REGISTROS/VALVULAS","0271","","",94489,"REGISTRO DE ESFERA, PVC, SOLDÁVEL, COM VOLANTE, DN  25 MM - FORNECIMENTO E INSTALAÇÃO. AF_08/2021","UN","COEFICIENTE DE REPRESENTATIVIDADE",29.78,"CAIXA REFERENCIAL"]
["INSTALACOES HIDRO SANITARIAS","INHI","REGISTROS/VALVULAS","0271","","",94490,"REGISTRO DE ESFERA, PVC, SOLDÁVEL, COM VOLANTE, DN  32 MM - FORNECIMENTO E INSTALAÇÃO. AF_08/2021","UN","COEFICIENTE DE REPRESENTATIVIDADE",44.36,"CAIXA REFERENCIAL"]
["INSTALACOES HIDRO SANITARIAS","INHI","REGISTROS/VALVULAS","0271","","",94491,"REGISTRO DE ESFERA, PVC, SOLDÁVEL, COM VOLANTE, DN  40 MM - FORNECIMENTO E INSTALAÇÃO. AF_08/2021","UN","COEFICIENTE DE REPRESENTATIVIDADE",60.34,"CAIXA REFERENCIAL"]
["INSTALACOES HIDRO SANITARIAS","INHI","REGISTROS/VALVULAS","0271","","",94492,"REGISTRO DE ESFERA, PVC, SOLDÁVEL, COM VOLANTE, DN  50 MM - FORNECIMENTO E INSTALAÇÃO. AF_08/2021","UN","COEFICIENTE DE REPRESENTATIVIDADE",62.06,"CAIXA REFERENCIAL"]
["INSTALACOES HIDRO SANITARIAS","INHI","REGISTROS/VALVULAS","0271","","",94493,"REGISTRO DE ESFERA, PVC, SOLDÁVEL, COM VOLANTE, DN  60 MM - FORNECIMENTO E INSTALAÇÃO. AF_08/2021","UN","COEFICIENTE DE REPRESENTATIVIDADE",113.58,"CAIXA REFERENCIAL"]
["INSTALACOES HIDRO SANITARIAS","INHI","REGISTROS/VALVULAS","0271","","",94495,"REGISTRO DE GAVETA BRUTO, LATÃO, ROSCÁVEL, 1\" - FORNECIMENTO E INSTALAÇÃO. AF_08/2021","UN","COEFICIENTE DE REPRESENTATIVIDADE",61.82,"CAIXA REFERENCIAL"]
["INSTALACOES HIDRO SANITARIAS","INHI","REGISTROS/VALVULAS","0271","","",94496,"REGISTRO DE GAVETA BRUTO, LATÃO, ROSCÁVEL, 1 1/4\" - FORNECIMENTO E INSTALAÇÃO. AF_08/2021","UN","COEFICIENTE DE REPRESENTATIVIDADE",84.26,"CAIXA REFERENCIAL"]
["INSTALACOES HIDRO SANITARIAS","INHI","REGISTROS/VALVULAS","0271","","",94497,"REGISTRO DE GAVETA BRUTO, LATÃO, ROSCÁVEL, 1 1/2\" - FORNECIMENTO E INSTALAÇÃO. AF_08/2021","UN","COEFICIENTE DE REPRESENTATIVIDADE",106.72,"CAIXA REFERENCIAL"]
["INSTALACOES HIDRO SANITARIAS","INHI","REGISTROS/VALVULAS","0271","","",94498,"REGISTRO DE GAVETA BRUTO, LATÃO, ROSCÁVEL, 2\" - FORNECIMENTO E INSTALAÇÃO. AF_08/2021","UN","COEFICIENTE DE REPRESENTATIVIDADE",147.38,"CAIXA REFERENCIAL"]
["INSTALACOES HIDRO SANITARIAS","INHI","REGISTROS/VALVULAS","0271","","",94499,"REGISTRO DE GAVETA BRUTO, LATÃO, ROSCÁVEL, 2 1/2\" - FORNECIMENTO E INSTALAÇÃO. AF_08/2021","UN","COEFICIENTE DE REPRESENTATIVIDADE",294.13,"CAIXA REFERENCIAL"]
["INSTALACOES HIDRO SANITARIAS","INHI","REGISTROS/VALVULAS","0271","","",94500,"REGISTRO DE GAVETA BRUTO, LATÃO, ROSCÁVEL, 3\" - FORNECIMENTO E INSTALAÇÃO. AF_08/2021","UN","COEFICIENTE DE REPRESENTATIVIDADE",356.95,"CAIXA REFERENCIAL"]
["INSTALACOES HIDRO SANITARIAS","INHI","REGISTROS/VALVULAS","0271","","",94501,"REGISTRO DE GAVETA BRUTO, LATÃO, ROSCÁVEL, 4\" - FORNECIMENTO E INSTALAÇÃO. AF_08/2021","UN","COEFICIENTE DE REPRESENTATIVIDADE",722.41,"CAIXA REFERENCIAL"]
["INSTALACOES HIDRO SANITARIAS","INHI","REGISTROS/VALVULAS","0271","","",94792,"REGISTRO DE GAVETA BRUTO, LATÃO, ROSCÁVEL, 1\", COM ACABAMENTO E CANOPLA CROMADOS - FORNECIMENTO E INSTALAÇÃO. AF_08/2021","UN","COEFICIENTE DE REPRESENTATIVIDADE",115.88,"CAIXA REFERENCIAL"]
["INSTALACOES HIDRO SANITARIAS","INHI","REGISTROS/VALVULAS","0271","","",94793,"REGISTRO DE GAVETA BRUTO, LATÃO, ROSCÁVEL, 1 1/4\", COM ACABAMENTO E CANOPLA CROMADOS - FORNECIMENTO E INSTALAÇÃO. AF_08/2021","UN","COEFICIENTE DE REPRESENTATIVIDADE",158.94999999999999,"CAIXA REFERENCIAL"]
["INSTALACOES HIDRO SANITARIAS","INHI","REGISTROS/VALVULAS","0271","","",94794,"REGISTRO DE GAVETA BRUTO, LATÃO, ROSCÁVEL, 1 1/2\", COM ACABAMENTO E CANOPLA CROMADOS - FORNECIMENTO E INSTALAÇÃO. AF_08/2021","UN","COEFICIENTE DE REPRESENTATIVIDADE",168.4,"CAIXA REFERENCIAL"]
["INSTALACOES HIDRO SANITARIAS","INHI","REGISTROS/VALVULAS","0271","","",94795,"TORNEIRA DE BOIA PARA CAIXA D'ÁGUA, ROSCÁVEL, 1/2\" - FORNECIMENTO E INSTALAÇÃO. AF_08/2021","UN","COEFICIENTE DE REPRESENTATIVIDADE",26.13,"CAIXA REFERENCIAL"]
["INSTALACOES HIDRO SANITARIAS","INHI","REGISTROS/VALVULAS","0271","","",94796,"TORNEIRA DE BOIA PARA CAIXA D'ÁGUA, ROSCÁVEL, 3/4\" - FORNECIMENTO E INSTALAÇÃO. AF_08/2021","UN","COEFICIENTE DE REPRESENTATIVIDADE",30.79,"CAIXA REFERENCIAL"]
["INSTALACOES HIDRO SANITARIAS","INHI","REGISTROS/VALVULAS","0271","","",94797,"TORNEIRA DE BOIA PARA CAIXA D'ÁGUA, ROSCÁVEL, 1\" - FORNECIMENTO E INSTALAÇÃO. AF_08/2021","UN","COEFICIENTE DE REPRESENTATIVIDADE",61.42,"CAIXA REFERENCIAL"]
["INSTALACOES HIDRO SANITARIAS","INHI","REGISTROS/VALVULAS","0271","","",94798,"TORNEIRA DE BOIA PARA CAIXA D'ÁGUA, ROSCÁVEL, 1 1/4\" - FORNECIMENTO E INSTALAÇÃO. AF_08/2021","UN","COEFICIENTE DE REPRESENTATIVIDADE",100.61,"CAIXA REFERENCIAL"]
["INSTALACOES HIDRO SANITARIAS","INHI","REGISTROS/VALVULAS","0271","","",94799,"TORNEIRA DE BOIA PARA CAIXA D'ÁGUA, ROSCÁVEL, 1 1/2\" - FORNECIMENTO E INSTALAÇÃO. AF_08/2021","UN","COEFICIENTE DE REPRESENTATIVIDADE",123.95,"CAIXA REFERENCIAL"]
["INSTALACOES HIDRO SANITARIAS","INHI","REGISTROS/VALVULAS","0271","","",94800,"TORNEIRA DE BOIA PARA CAIXA D'ÁGUA, ROSCÁVEL, 2\" - FORNECIMENTO E INSTALAÇÃO. AF_08/2021","UN","COEFICIENTE DE REPRESENTATIVIDADE",159.19,"CAIXA REFERENCIAL"]
["INSTALACOES HIDRO SANITARIAS","INHI","REGISTROS/VALVULAS","0271","","",95248,"VÁLVULA DE ESFERA BRUTA, BRONZE, ROSCÁVEL, 1/2\" - FORNECIMENTO E INSTALAÇÃO. AF_08/2021","UN","COEFICIENTE DE REPRESENTATIVIDADE",52.83,"CAIXA REFERENCIAL"]
["INSTALACOES HIDRO SANITARIAS","INHI","REGISTROS/VALVULAS","0271","","",95249,"VÁLVULA DE ESFERA BRUTA, BRONZE, ROSCÁVEL, 3/4'' - FORNECIMENTO E INSTALAÇÃO. AF_08/2021","UN","COEFICIENTE DE REPRESENTATIVIDADE",62.23,"CAIXA REFERENCIAL"]
["INSTALACOES HIDRO SANITARIAS","INHI","REGISTROS/VALVULAS","0271","","",95250,"VÁLVULA DE ESFERA BRUTA, BRONZE, ROSCÁVEL, 1'' - FORNECIMENTO E INSTALAÇÃO. AF_08/2021","UN","COEFICIENTE DE REPRESENTATIVIDADE",83.97,"CAIXA REFERENCIAL"]
["INSTALACOES HIDRO SANITARIAS","INHI","REGISTROS/VALVULAS","0271","","",95251,"VÁLVULA DE ESFERA BRUTA, BRONZE, ROSCÁVEL, 1 1/4'' - FORNECIMENTO E INSTALAÇÃO. AF_08/2021","UN","COEFICIENTE DE REPRESENTATIVIDADE",124.29,"CAIXA REFERENCIAL"]
["INSTALACOES HIDRO SANITARIAS","INHI","REGISTROS/VALVULAS","0271","","",95252,"VÁLVULA DE ESFERA BRUTA, BRONZE, ROSCÁVEL, 1 1/2'' - FORNECIMENTO E INSTALAÇÃO. AF_08/2021","UN","COEFICIENTE DE REPRESENTATIVIDADE",150.65,"CAIXA REFERENCIAL"]
["INSTALACOES HIDRO SANITARIAS","INHI","REGISTROS/VALVULAS","0271","","",95253,"VÁLVULA DE ESFERA BRUTA, BRONZE, ROSCÁVEL, 2'' - FORNECIMENTO E INSTALAÇÃO. AF_08/2021","UN","COEFICIENTE DE REPRESENTATIVIDADE",229.23,"CAIXA REFERENCIAL"]
["INSTALACOES HIDRO SANITARIAS","INHI","REGISTROS/VALVULAS","0271","","",99619,"VÁLVULA DE RETENÇÃO HORIZONTAL, DE BRONZE, ROSCÁVEL, 3/4\" - FORNECIMENTO E INSTALAÇÃO. AF_08/2021","UN","COEFICIENTE DE REPRESENTATIVIDADE",125.7,"CAIXA REFERENCIAL"]
["INSTALACOES HIDRO SANITARIAS","INHI","REGISTROS/VALVULAS","0271","","",99620,"VÁLVULA DE RETENÇÃO HORIZONTAL, DE BRONZE, ROSCÁVEL, 1\" - FORNECIMENTO E INSTALAÇÃO. AF_08/2021","UN","COEFICIENTE DE REPRESENTATIVIDADE",170.76,"CAIXA REFERENCIAL"]
["INSTALACOES HIDRO SANITARIAS","INHI","REGISTROS/VALVULAS","0271","","",99621,"VÁLVULA DE RETENÇÃO HORIZONTAL, DE BRONZE, ROSCÁVEL, 1 1/4\" - FORNECIMENTO E INSTALAÇÃO. AF_08/2021","UN","COEFICIENTE DE REPRESENTATIVIDADE",254.72,"CAIXA REFERENCIAL"]
["INSTALACOES HIDRO SANITARIAS","INHI","REGISTROS/VALVULAS","0271","","",99622,"VÁLVULA DE RETENÇÃO HORIZONTAL, DE BRONZE, ROSCÁVEL, 1 1/2\"  - FORNECIMENTO E INSTALAÇÃO. AF_08/2021","UN","COEFICIENTE DE REPRESENTATIVIDADE",286.37,"CAIXA REFERENCIAL"]
["INSTALACOES HIDRO SANITARIAS","INHI","REGISTROS/VALVULAS","0271","","",99623,"VÁLVULA DE RETENÇÃO HORIZONTAL, DE BRONZE, ROSCÁVEL, 2\"  - FORNECIMENTO E INSTALAÇÃO. AF_08/2021","UN","COEFICIENTE DE REPRESENTATIVIDADE",399.84,"CAIXA REFERENCIAL"]
["INSTALACOES HIDRO SANITARIAS","INHI","REGISTROS/VALVULAS","0271","","",99624,"VÁLVULA DE RETENÇÃO HORIZONTAL, DE BRONZE, ROSCÁVEL, 2 1/2\" - FORNECIMENTO E INSTALAÇÃO. AF_08/2021","UN","COEFICIENTE DE REPRESENTATIVIDADE",570.33000000000004,"CAIXA REFERENCIAL"]
["INSTALACOES HIDRO SANITARIAS","INHI","REGISTROS/VALVULAS","0271","","",99625,"VÁLVULA DE RETENÇÃO HORIZONTAL, DE BRONZE, ROSCÁVEL, 3\" - FORNECIMENTO E INSTALAÇÃO. AF_08/2021","UN","COEFICIENTE DE REPRESENTATIVIDADE",785.03,"CAIXA REFERENCIAL"]
["INSTALACOES HIDRO SANITARIAS","INHI","REGISTROS/VALVULAS","0271","","",99626,"VÁLVULA DE RETENÇÃO HORIZONTAL, DE BRONZE, ROSCÁVEL, 4\" - FORNECIMENTO E INSTALAÇÃO. AF_08/2021","UN","COEFICIENTE DE REPRESENTATIVIDADE",1210.2,"CAIXA REFERENCIAL"]
["INSTALACOES HIDRO SANITARIAS","INHI","REGISTROS/VALVULAS","0271","","",99627,"VÁLVULA DE RETENÇÃO VERTICAL, DE BRONZE, ROSCÁVEL, 1/2\" - FORNECIMENTO E INSTALAÇÃO. AF_08/2021","UN","COEFICIENTE DE REPRESENTATIVIDADE",75.790000000000006,"CAIXA REFERENCIAL"]
["INSTALACOES HIDRO SANITARIAS","INHI","REGISTROS/VALVULAS","0271","","",99628,"VÁLVULA DE RETENÇÃO VERTICAL, DE BRONZE, ROSCÁVEL, 3/4\" - FORNECIMENTO E INSTALAÇÃO. AF_08/2021","UN","COEFICIENTE DE REPRESENTATIVIDADE",82.42,"CAIXA REFERENCIAL"]
["INSTALACOES HIDRO SANITARIAS","INHI","REGISTROS/VALVULAS","0271","","",99629,"VÁLVULA DE RETENÇÃO VERTICAL, DE BRONZE, ROSCÁVEL, 1\" - FORNECIMENTO E INSTALAÇÃO. AF_08/2021","UN","COEFICIENTE DE REPRESENTATIVIDADE",91.32,"CAIXA REFERENCIAL"]
["INSTALACOES HIDRO SANITARIAS","INHI","REGISTROS/VALVULAS","0271","","",99630,"VÁLVULA DE RETENÇÃO VERTICAL, DE BRONZE, ROSCÁVEL, 1 1/4\" - FORNECIMENTO E INSTALAÇÃO. AF_08/2021","UN","COEFICIENTE DE REPRESENTATIVIDADE",136.06,"CAIXA REFERENCIAL"]
["INSTALACOES HIDRO SANITARIAS","INHI","REGISTROS/VALVULAS","0271","","",99631,"VÁLVULA DE RETENÇÃO VERTICAL, DE BRONZE, ROSCÁVEL, 1 1/2\" - FORNECIMENTO E INSTALAÇÃO. AF_08/2021","UN","COEFICIENTE DE REPRESENTATIVIDADE",158.13,"CAIXA REFERENCIAL"]
["INSTALACOES HIDRO SANITARIAS","INHI","REGISTROS/VALVULAS","0271","","",99632,"VÁLVULA DE RETENÇÃO VERTICAL, DE BRONZE, ROSCÁVEL, 2\" - FORNECIMENTO E INSTALAÇÃO. AF_08/2021","UN","COEFICIENTE DE REPRESENTATIVIDADE",228.37,"CAIXA REFERENCIAL"]
["INSTALACOES HIDRO SANITARIAS","INHI","REGISTROS/VALVULAS","0271","","",99633,"VÁLVULA DE RETENÇÃO VERTICAL, DE BRONZE, ROSCÁVEL, 3\" - FORNECIMENTO E INSTALAÇÃO. AF_08/2021","UN","COEFICIENTE DE REPRESENTATIVIDADE",491.66,"CAIXA REFERENCIAL"]
["INSTALACOES HIDRO SANITARIAS","INHI","REGISTROS/VALVULAS","0271","","",99634,"VÁLVULA DE RETENÇÃO VERTICAL, DE BRONZE, ROSCÁVEL, 4\" - FORNECIMENTO E INSTALAÇÃO. AF_08/2021","UN","COEFICIENTE DE REPRESENTATIVIDADE",841.07,"CAIXA REFERENCIAL"]
["INSTALACOES HIDRO SANITARIAS","INHI","REGISTROS/VALVULAS","0271","","",99635,"VÁLVULA DE DESCARGA METÁLICA, BASE 1 1/2\", ACABAMENTO METALICO CROMADO - FORNECIMENTO E INSTALAÇÃO. AF_08/2021","UN","COEFICIENTE DE REPRESENTATIVIDADE",367.12,"CAIXA REFERENCIAL"]
["INSTALACOES HIDRO SANITARIAS","INHI","REGISTROS/VALVULAS","0271","","",103008,"VÁLVULA DE RETENÇÃO HORIZONTAL, DE BRONZE, ROSCÁVEL, 1/2\" - FORNECIMENTO E INSTALAÇÃO. AF_08/2021","UN","COEFICIENTE DE REPRESENTATIVIDADE",102.86,"CAIXA REFERENCIAL"]
["INSTALACOES HIDRO SANITARIAS","INHI","REGISTROS/VALVULAS","0271","","",103009,"VÁLVULA DE RETENÇÃO VERTICAL, DE BRONZE, ROSCÁVEL, 2 1/2\" - FORNECIMENTO E INSTALAÇÃO. AF_08/2021","UN","COEFICIENTE DE REPRESENTATIVIDADE",361.79,"CAIXA REFERENCIAL"]
["INSTALACOES HIDRO SANITARIAS","INHI","REGISTROS/VALVULAS","0271","","",103010,"VÁLVULA DE RETENÇÃO, DE BRONZE, PÉ COM CRIVOS, ROSCÁVEL, 3/4\" - FORNECIMENTO E INSTALAÇÃO. AF_08/2021","UN","COEFICIENTE DE REPRESENTATIVIDADE",78,"CAIXA REFERENCIAL"]
["INSTALACOES HIDRO SANITARIAS","INHI","REGISTROS/VALVULAS","0271","","",103011,"VÁLVULA DE RETENÇÃO, DE BRONZE, PÉ COM CRIVOS, ROSCÁVEL, 1\" - FORNECIMENTO E INSTALAÇÃO. AF_08/2021","UN","COEFICIENTE DE REPRESENTATIVIDADE",86.85,"CAIXA REFERENCIAL"]
["INSTALACOES HIDRO SANITARIAS","INHI","REGISTROS/VALVULAS","0271","","",103012,"VÁLVULA DE RETENÇÃO, DE BRONZE, PÉ COM CRIVOS, ROSCÁVEL, 1 1/4\" - FORNECIMENTO E INSTALAÇÃO. AF_08/2021","UN","COEFICIENTE DE REPRESENTATIVIDADE",137.11000000000001,"CAIXA REFERENCIAL"]
["INSTALACOES HIDRO SANITARIAS","INHI","REGISTROS/VALVULAS","0271","","",103013,"VÁLVULA DE RETENÇÃO, DE BRONZE, PÉ COM CRIVOS, ROSCÁVEL, 1 1/2\" - FORNECIMENTO E INSTALAÇÃO. AF_08/2021","UN","COEFICIENTE DE REPRESENTATIVIDADE",147.4,"CAIXA REFERENCIAL"]
["INSTALACOES HIDRO SANITARIAS","INHI","REGISTROS/VALVULAS","0271","","",103014,"VÁLVULA DE RETENÇÃO, DE BRONZE, PÉ COM CRIVOS, ROSCÁVEL, 2\" - FORNECIMENTO E INSTALAÇÃO. AF_08/2021","UN","COEFICIENTE DE REPRESENTATIVIDADE",221.9,"CAIXA REFERENCIAL"]
["INSTALACOES HIDRO SANITARIAS","INHI","REGISTROS/VALVULAS","0271","","",103015,"VÁLVULA DE RETENÇÃO, DE BRONZE, PÉ COM CRIVOS, ROSCÁVEL, 2 1/2\" - FORNECIMENTO E INSTALAÇÃO. AF_08/2021","UN","COEFICIENTE DE REPRESENTATIVIDADE",393.04,"CAIXA REFERENCIAL"]
["INSTALACOES HIDRO SANITARIAS","INHI","REGISTROS/VALVULAS","0271","","",103016,"VÁLVULA DE RETENÇÃO, DE BRONZE, PÉ COM CRIVOS, ROSCÁVEL, 3\" - FORNECIMENTO E INSTALAÇÃO. AF_08/2021","UN","COEFICIENTE DE REPRESENTATIVIDADE",537.57000000000005,"CAIXA REFERENCIAL"]
["INSTALACOES HIDRO SANITARIAS","INHI","REGISTROS/VALVULAS","0271","","",103017,"VÁLVULA DE RETENÇÃO, DE BRONZE, PÉ COM CRIVOS, ROSCÁVEL, 4\" - FORNECIMENTO E INSTALAÇÃO. AF_08/2021","UN","COEFICIENTE DE REPRESENTATIVIDADE",939.64,"CAIXA REFERENCIAL"]
["INSTALACOES HIDRO SANITARIAS","INHI","REGISTROS/VALVULAS","0271","","",103018,"VÁLVULA DE DESCARGA METÁLICA, BASE 1 1/4\", ACABAMENTO METALICO CROMADO - FORNECIMENTO E INSTALAÇÃO. AF_08/2021","UN","COEFICIENTE DE REPRESENTATIVIDADE",299.82,"CAIXA REFERENCIAL"]
["INSTALACOES HIDRO SANITARIAS","INHI","REGISTROS/VALVULAS","0271","","",103019,"REGISTRO OU VÁLVULA GLOBO ANGULAR EM LATÃO, PARA HIDRANTES EM INSTALAÇÃO PREDIAL DE INCÊNDIO, 45 GRAUS, 2 1/2\" - FORNECIMENTO E INSTALAÇÃO. AF_08/2021","UN","COEFICIENTE DE REPRESENTATIVIDADE",268.44,"CAIXA REFERENCIAL"]
["INSTALACOES HIDRO SANITARIAS","INHI","REGISTROS/VALVULAS","0271","","",103029,"REGISTRO OU REGULADOR DE GÁS DE COZINHA - FORNECIMENTO E INSTALAÇÃO. AF_08/2021","UN","COEFICIENTE DE REPRESENTATIVIDADE",45.68,"CAIXA REFERENCIAL"]
["INSTALACOES HIDRO SANITARIAS","INHI","REGISTROS/VALVULAS","0271","","",103036,"REGISTRO DE ESFERA, PVC, ROSCÁVEL, COM VOLANTE, 1/2\" - FORNECIMENTO E INSTALAÇÃO. AF_08/2021","UN","COEFICIENTE DE REPRESENTATIVIDADE",23.77,"CAIXA REFERENCIAL"]
["INSTALACOES HIDRO SANITARIAS","INHI","REGISTROS/VALVULAS","0271","","",103037,"REGISTRO DE ESFERA, PVC, ROSCÁVEL, COM VOLANTE, 1\" - FORNECIMENTO E INSTALAÇÃO. AF_08/2021","UN","COEFICIENTE DE REPRESENTATIVIDADE",46.78,"CAIXA REFERENCIAL"]
["INSTALACOES HIDRO SANITARIAS","INHI","REGISTROS/VALVULAS","0271","","",103038,"REGISTRO DE ESFERA, PVC, ROSCÁVEL, COM VOLANTE, 1 1/4\" - FORNECIMENTO E INSTALAÇÃO. AF_08/2021","UN","COEFICIENTE DE REPRESENTATIVIDADE",62.66,"CAIXA REFERENCIAL"]
["INSTALACOES HIDRO SANITARIAS","INHI","REGISTROS/VALVULAS","0271","","",103039,"REGISTRO DE ESFERA, PVC, ROSCÁVEL, COM VOLANTE, 1 1/2\" - FORNECIMENTO E INSTALAÇÃO. AF_08/2021","UN","COEFICIENTE DE REPRESENTATIVIDADE",68.13,"CAIXA REFERENCIAL"]
["INSTALACOES HIDRO SANITARIAS","INHI","REGISTROS/VALVULAS","0271","","",103040,"REGISTRO DE ESFERA, PVC, ROSCÁVEL, COM VOLANTE, 2\" - FORNECIMENTO E INSTALAÇÃO. AF_08/2021","UN","COEFICIENTE DE REPRESENTATIVIDADE",101.33,"CAIXA REFERENCIAL"]
["INSTALACOES HIDRO SANITARIAS","INHI","REGISTROS/VALVULAS","0271","","",103041,"REGISTRO DE ESFERA, PVC, ROSCÁVEL, COM BORBOLETA, 1/2\" - FORNECIMENTO E INSTALAÇÃO. AF_08/2021","UN","COEFICIENTE DE REPRESENTATIVIDADE",19.79,"CAIXA REFERENCIAL"]
["INSTALACOES HIDRO SANITARIAS","INHI","REGISTROS/VALVULAS","0271","","",103042,"REGISTRO DE ESFERA, PVC, ROSCÁVEL, COM BORBOLETA, 3/4\" - FORNECIMENTO E INSTALAÇÃO. AF_08/2021","UN","COEFICIENTE DE REPRESENTATIVIDADE",24.43,"CAIXA REFERENCIAL"]
["INSTALACOES HIDRO SANITARIAS","INHI","REGISTROS/VALVULAS","0271","","",103043,"REGISTRO DE ESFERA, PVC, ROSCÁVEL, COM CABEÇA QUADRADA, 1/2\" - FORNECIMENTO E INSTALAÇÃO. AF_08/2021","UN","COEFICIENTE DE REPRESENTATIVIDADE",22.87,"CAIXA REFERENCIAL"]
["INSTALACOES HIDRO SANITARIAS","INHI","REGISTROS/VALVULAS","0271","","",103044,"REGISTRO DE ESFERA, PVC, ROSCÁVEL, COM CABEÇA QUADRADA, 3/4\" - FORNECIMENTO E INSTALAÇÃO. AF_08/2021","UN","COEFICIENTE DE REPRESENTATIVIDADE",30.84,"CAIXA REFERENCIAL"]
["INSTALACOES HIDRO SANITARIAS","INHI","REGISTROS/VALVULAS","0271","","",103045,"REGISTRO DE PRESSÃO, PVC, ROSCÁVEL, VOLANTE SIMPLES, 1/2\" - FORNECIMENTO E INSTALAÇÃO. AF_08/2021","UN","COEFICIENTE DE REPRESENTATIVIDADE",9.67,"CAIXA REFERENCIAL"]
["INSTALACOES HIDRO SANITARIAS","INHI","REGISTROS/VALVULAS","0271","","",103046,"REGISTRO DE PRESSÃO, PVC, ROSCÁVEL, VOLANTE SIMPLES, 3/4\" - FORNECIMENTO E INSTALAÇÃO. AF_08/2021","UN","COEFICIENTE DE REPRESENTATIVIDADE",23.14,"CAIXA REFERENCIAL"]
["INSTALACOES HIDRO SANITARIAS","INHI","REGISTROS/VALVULAS","0271","","",103047,"REGISTRO DE ESFERA, PVC, SOLDÁVEL, COM VOLANTE, DN  20 MM - FORNECIMENTO E INSTALAÇÃO. AF_08/2021","UN","COEFICIENTE DE REPRESENTATIVIDADE",24.18,"CAIXA REFERENCIAL"]
["INSTALACOES HIDRO SANITARIAS","INHI","REGISTROS/VALVULAS","0271","","",103048,"REGISTRO DE PRESSÃO, PVC, SOLDÁVEL, VOLANTE SIMPLES, DN  20 MM - FORNECIMENTO E INSTALAÇÃO. AF_08/2021","UN","COEFICIENTE DE REPRESENTATIVIDADE",18.059999999999999,"CAIXA REFERENCIAL"]
["INSTALACOES HIDRO SANITARIAS","INHI","REGISTROS/VALVULAS","0271","","",103049,"REGISTRO DE PRESSÃO, PVC, SOLDÁVEL, VOLANTE SIMPLES, DN  25 MM - FORNECIMENTO E INSTALAÇÃO. AF_08/2021","UN","COEFICIENTE DE REPRESENTATIVIDADE",19.59,"CAIXA REFERENCIAL"]
["INSTALACOES HIDRO SANITARIAS","INHI","REGISTROS/VALVULAS","0271","","",103050,"SUBSTITUIÇÃO DE REGISTRO OU VÁLVULA, ROSCÁVEL, DN  20 MM. AF_08/2021","UN","COEFICIENTE DE REPRESENTATIVIDADE",22.74,"CAIXA REFERENCIAL"]
["INSTALACOES HIDRO SANITARIAS","INHI","REGISTROS/VALVULAS","0271","","",103051,"SUBSTITUIÇÃO DE REGISTRO OU VÁLVULA, ROSCÁVEL, DN  25 MM. AF_08/2021","UN","COEFICIENTE DE REPRESENTATIVIDADE",27.43,"CAIXA REFERENCIAL"]
["INSTALACOES HIDRO SANITARIAS","INHI","REGISTROS/VALVULAS","0271","","",103052,"SUBSTITUIÇÃO DE REGISTRO OU VÁLVULA, ROSCÁVEL, DN  32 MM. AF_08/2021","UN","COEFICIENTE DE REPRESENTATIVIDADE",37.08,"CAIXA REFERENCIAL"]
["INSTALACOES HIDRO SANITARIAS","INHI","HIDROMETRO","0272","","",95634,"KIT CAVALETE PARA MEDIÇÃO DE ÁGUA - ENTRADA PRINCIPAL, EM PVC DN 20 MM (1/2\") - FORNECIMENTO E INSTALAÇÃO (EXCLUSIVE HIDRÔMETRO). AF_03/2024","UN","COEFICIENTE DE REPRESENTATIVIDADE",197.3,"CAIXA REFERENCIAL"]
["INSTALACOES HIDRO SANITARIAS","INHI","HIDROMETRO","0272","","",95635,"KIT CAVALETE PARA MEDIÇÃO DE ÁGUA - ENTRADA PRINCIPAL, EM PVC DN 25 MM (3/4\") - FORNECIMENTO E INSTALAÇÃO (EXCLUSIVE HIDRÔMETRO). AF_03/2024","UN","COEFICIENTE DE REPRESENTATIVIDADE",206.84,"CAIXA REFERENCIAL"]
["INSTALACOES HIDRO SANITARIAS","INHI","HIDROMETRO","0272","","",95636,"KIT CAVALETE PARA MEDIÇÃO DE ÁGUA - ENTRADA PRINCIPAL, EM AÇO GALVANIZADO DN 25 MM (1\") - FORNECIMENTO E INSTALAÇÃO (EXCLUSIVE HIDRÔMETRO). AF_03/2024","UN","ATRIBUÍDO SÃO PAULO",381.36,"CAIXA REFERENCIAL"]
["INSTALACOES HIDRO SANITARIAS","INHI","HIDROMETRO","0272","","",95637,"KIT CAVALETE PARA MEDIÇÃO DE ÁGUA - ENTRADA PRINCIPAL, EM AÇO GALVANIZADO DN 32 MM (1 1/4\") - FORNECIMENTO E INSTALAÇÃO (EXCLUSIVE HIDRÔMETRO). AF_03/2024","UN","ATRIBUÍDO SÃO PAULO",511.26,"CAIXA REFERENCIAL"]
["INSTALACOES HIDRO SANITARIAS","INHI","HIDROMETRO","0272","","",95638,"KIT CAVALETE PARA MEDIÇÃO DE ÁGUA - ENTRADA PRINCIPAL, EM AÇO GALVANIZADO DN 40 MM (1 1/2\") - FORNECIMENTO E INSTALAÇÃO (EXCLUSIVE HIDRÔMETRO). AF_03/2024","UN","ATRIBUÍDO SÃO PAULO",634.62,"CAIXA REFERENCIAL"]
["INSTALACOES HIDRO SANITARIAS","INHI","HIDROMETRO","0272","","",95639,"KIT CAVALETE PARA MEDIÇÃO DE ÁGUA - ENTRADA PRINCIPAL, EM AÇO GALVANIZADO DN 50 MM (2\") - FORNECIMENTO E INSTALAÇÃO (EXCLUSIVE HIDRÔMETRO). AF_03/2024","UN","ATRIBUÍDO SÃO PAULO",879.77,"CAIXA REFERENCIAL"]
["INSTALACOES HIDRO SANITARIAS","INHI","HIDROMETRO","0272","","",95641,"KIT CAVALETE PARA MEDIÇÃO DE ÁGUA - ENTRADA INDIVIDUALIZADA, EM PVC DN 25 MM (3/4\"), PARA 2 MEDIDORES - FORNECIMENTO E INSTALAÇÃO (EXCLUSIVE HIDRÔMETRO). AF_03/2024","UN","COEFICIENTE DE REPRESENTATIVIDADE",283.58,"CAIXA REFERENCIAL"]
["INSTALACOES HIDRO SANITARIAS","INHI","HIDROMETRO","0272","","",95642,"KIT CAVALETE PARA MEDIÇÃO DE ÁGUA - ENTRADA INDIVIDUALIZADA, EM PVC DN 25 MM (3/4\"), PARA 3 MEDIDORES - FORNECIMENTO E INSTALAÇÃO (EXCLUSIVE HIDRÔMETRO). AF_03/2024","UN","COEFICIENTE DE REPRESENTATIVIDADE",419.64,"CAIXA REFERENCIAL"]
["INSTALACOES HIDRO SANITARIAS","INHI","HIDROMETRO","0272","","",95643,"KIT CAVALETE PARA MEDIÇÃO DE ÁGUA - ENTRADA INDIVIDUALIZADA, EM PVC DN 25 MM (3/4\"), PARA 4 MEDIDORES - FORNECIMENTO E INSTALAÇÃO (EXCLUSIVE HIDRÔMETRO). AF_03/2024","UN","COEFICIENTE DE REPRESENTATIVIDADE",549.01,"CAIXA REFERENCIAL"]
["INSTALACOES HIDRO SANITARIAS","INHI","HIDROMETRO","0272","","",95644,"KIT CAVALETE PARA MEDIÇÃO DE ÁGUA - ENTRADA INDIVIDUALIZADA, EM PVC DN 32 MM (1\"), PARA 1 MEDIDOR - FORNECIMENTO E INSTALAÇÃO (EXCLUSIVE HIDRÔMETRO). AF_03/2024","UN","COEFICIENTE DE REPRESENTATIVIDADE",209.54,"CAIXA REFERENCIAL"]
["INSTALACOES HIDRO SANITARIAS","INHI","HIDROMETRO","0272","","",95645,"KIT CAVALETE PARA MEDIÇÃO DE ÁGUA - ENTRADA INDIVIDUALIZADA, EM PVC DN 32 MM (1\"), PARA 2 MEDIDORES - FORNECIMENTO E INSTALAÇÃO (EXCLUSIVE HIDRÔMETRO). AF_03/2024","UN","COEFICIENTE DE REPRESENTATIVIDADE",383.99,"CAIXA REFERENCIAL"]
["INSTALACOES HIDRO SANITARIAS","INHI","HIDROMETRO","0272","","",95646,"KIT CAVALETE PARA MEDIÇÃO DE ÁGUA - ENTRADA INDIVIDUALIZADA, EM PVC DN 32 MM (1\"), PARA 3 MEDIDORES - FORNECIMENTO E INSTALAÇÃO (EXCLUSIVE HIDRÔMETRO). AF_03/2024","UN","COEFICIENTE DE REPRESENTATIVIDADE",572.66999999999996,"CAIXA REFERENCIAL"]
["INSTALACOES HIDRO SANITARIAS","INHI","HIDROMETRO","0272","","",95647,"KIT CAVALETE PARA MEDIÇÃO DE ÁGUA - ENTRADA INDIVIDUALIZADA, EM PVC DN 32 MM (1\"), PARA 4 MEDIDORES - FORNECIMENTO E INSTALAÇÃO (EXCLUSIVE HIDRÔMETRO). AF_03/2024","UN","COEFICIENTE DE REPRESENTATIVIDADE",751.13,"CAIXA REFERENCIAL"]
["INSTALACOES HIDRO SANITARIAS","INHI","HIDROMETRO","0272","","",95648,"KIT CAVALETE PARA MEDIÇÃO DE ÁGUA - ENTRADA INDIVIDUALIZADA, EM CPVC DN 28 MM (1\"), PARA 1 MEDIDOR - FORNECIMENTO E INSTALAÇÃO (EXCLUSIVE HIDRÔMETRO). AF_03/2024","UN","COEFICIENTE DE REPRESENTATIVIDADE",472.45,"CAIXA REFERENCIAL"]
["INSTALACOES HIDRO SANITARIAS","INHI","HIDROMETRO","0272","","",95649,"KIT CAVALETE PARA MEDIÇÃO DE ÁGUA - ENTRADA INDIVIDUALIZADA, EM CPVC DN 28 MM (1\"), PARA 2 MEDIDORES - FORNECIMENTO E INSTALAÇÃO (EXCLUSIVE HIDRÔMETRO). AF_03/2024","UN","COEFICIENTE DE REPRESENTATIVIDADE",821.23,"CAIXA REFERENCIAL"]
["INSTALACOES HIDRO SANITARIAS","INHI","HIDROMETRO","0272","","",95650,"KIT CAVALETE PARA MEDIÇÃO DE ÁGUA - ENTRADA INDIVIDUALIZADA, EM CPVC DN 28 MM (1\"), PARA 3 MEDIDORES - FORNECIMENTO E INSTALAÇÃO (EXCLUSIVE HIDRÔMETRO). AF_03/2024","UN","COEFICIENTE DE REPRESENTATIVIDADE",1201.47,"CAIXA REFERENCIAL"]
["INSTALACOES HIDRO SANITARIAS","INHI","HIDROMETRO","0272","","",95651,"KIT CAVALETE PARA MEDIÇÃO DE ÁGUA - ENTRADA INDIVIDUALIZADA, EM CPVC DN 28 MM (1\"), PARA 4 MEDIDORES - FORNECIMENTO E INSTALAÇÃO (EXCLUSIVE HIDRÔMETRO). AF_03/2024","UN","COEFICIENTE DE REPRESENTATIVIDADE",1562.89,"CAIXA REFERENCIAL"]
["INSTALACOES HIDRO SANITARIAS","INHI","HIDROMETRO","0272","","",95652,"KIT CAVALETE PARA MEDIÇÃO DE ÁGUA - ENTRADA INDIVIDUALIZADA, EM CPVC DN 35 MM (1 1/4\"), PARA 1 MEDIDOR - FORNECIMENTO E INSTALAÇÃO (EXCLUSIVE HIDRÔMETRO). AF_03/2024","UN","COEFICIENTE DE REPRESENTATIVIDADE",584.19000000000005,"CAIXA REFERENCIAL"]
["INSTALACOES HIDRO SANITARIAS","INHI","HIDROMETRO","0272","","",95653,"KIT CAVALETE PARA MEDIÇÃO DE ÁGUA - ENTRADA INDIVIDUALIZADA, EM CPVC DN 35 MM (1 1/4\"), PARA 2 MEDIDORES - FORNECIMENTO E INSTALAÇÃO (EXCLUSIVE HIDRÔMETRO). AF_03/2024","UN","COEFICIENTE DE REPRESENTATIVIDADE",1043.26,"CAIXA REFERENCIAL"]
["INSTALACOES HIDRO SANITARIAS","INHI","HIDROMETRO","0272","","",95654,"KIT CAVALETE PARA MEDIÇÃO DE ÁGUA - ENTRADA INDIVIDUALIZADA, EM CPVC DN 35 MM (1 1/4\"), PARA 3 MEDIDORES - FORNECIMENTO E INSTALAÇÃO (EXCLUSIVE HIDRÔMETRO). AF_03/2024","UN","COEFICIENTE DE REPRESENTATIVIDADE",1538.08,"CAIXA REFERENCIAL"]
["INSTALACOES HIDRO SANITARIAS","INHI","HIDROMETRO","0272","","",95655,"KIT CAVALETE PARA MEDIÇÃO DE ÁGUA - ENTRADA INDIVIDUALIZADA, EM CPVC DN 35 MM (1 1/4\"), PARA 4 MEDIDORES - FORNECIMENTO E INSTALAÇÃO (EXCLUSIVE HIDRÔMETRO). AF_03/2024","UN","COEFICIENTE DE REPRESENTATIVIDADE",2008.84,"CAIXA REFERENCIAL"]
["INSTALACOES HIDRO SANITARIAS","INHI","HIDROMETRO","0272","","",95657,"KIT CAVALETE PARA MEDIÇÃO DE ÁGUA - ENTRADA INDIVIDUALIZADA, EM PPR PN20 DN 25 MM (3/4\") PARA 1 MEDIDOR - FORNECIMENTO E INSTALAÇÃO (EXCLUSIVE HIDRÔMETRO). AF_03/2024","UN","ATRIBUÍDO SÃO PAULO",286.75,"CAIXA REFERENCIAL"]
["INSTALACOES HIDRO SANITARIAS","INHI","HIDROMETRO","0272","","",95658,"KIT CAVALETE PARA MEDIÇÃO DE ÁGUA - ENTRADA INDIVIDUALIZADA, EM PPR PN20 DN 25 MM (3/4\") PARA 2 MEDIDORES - FORNECIMENTO E INSTALAÇÃO (EXCLUSIVE HIDRÔMETRO). AF_03/2024","UN","ATRIBUÍDO SÃO PAULO",522.86,"CAIXA REFERENCIAL"]
["INSTALACOES HIDRO SANITARIAS","INHI","HIDROMETRO","0272","","",95659,"KIT CAVALETE PARA MEDIÇÃO DE ÁGUA - ENTRADA INDIVIDUALIZADA, EM PPR PN20 DN 25 MM (3/4\") PARA 3 MEDIDORES - FORNECIMENTO E INSTALAÇÃO (EXCLUSIVE HIDRÔMETRO). AF_03/2024","UN","ATRIBUÍDO SÃO PAULO",778.25,"CAIXA REFERENCIAL"]
["INSTALACOES HIDRO SANITARIAS","INHI","HIDROMETRO","0272","","",95660,"KIT CAVALETE PARA MEDIÇÃO DE ÁGUA - ENTRADA INDIVIDUALIZADA, EM PPR PN20 DN 25 MM (3/4\") PARA 4 MEDIDORES - FORNECIMENTO E INSTALAÇÃO (EXCLUSIVE HIDRÔMETRO). AF_03/2024","UN","ATRIBUÍDO SÃO PAULO",1020.42,"CAIXA REFERENCIAL"]
["INSTALACOES HIDRO SANITARIAS","INHI","HIDROMETRO","0272","","",95661,"KIT CAVALETE PARA MEDIÇÃO DE ÁGUA - ENTRADA INDIVIDUALIZADA, EM PPR PN20 DN 32 MM (1\") PARA 1 MEDIDOR - FORNECIMENTO E INSTALAÇÃO (EXCLUSIVE HIDRÔMETRO). AF_03/2024","UN","ATRIBUÍDO SÃO PAULO",357.22,"CAIXA REFERENCIAL"]
["INSTALACOES HIDRO SANITARIAS","INHI","HIDROMETRO","0272","","",95662,"KIT CAVALETE PARA MEDIÇÃO DE ÁGUA - ENTRADA INDIVIDUALIZADA, EM PPR PN20 DN 32 MM (1\") PARA 2 MEDIDORES - FORNECIMENTO E INSTALAÇÃO (EXCLUSIVE HIDRÔMETRO). AF_03/2024","UN","ATRIBUÍDO SÃO PAULO",662.47,"CAIXA REFERENCIAL"]
["INSTALACOES HIDRO SANITARIAS","INHI","HIDROMETRO","0272","","",95663,"KIT CAVALETE PARA MEDIÇÃO DE ÁGUA - ENTRADA INDIVIDUALIZADA, EM PPR PN20 DN 32 MM (1\") PARA 3 MEDIDORES - FORNECIMENTO E INSTALAÇÃO (EXCLUSIVE HIDRÔMETRO). AF_03/2024","UN","ATRIBUÍDO SÃO PAULO",990.92,"CAIXA REFERENCIAL"]
["INSTALACOES HIDRO SANITARIAS","INHI","HIDROMETRO","0272","","",95664,"KIT CAVALETE PARA MEDIÇÃO DE ÁGUA - ENTRADA INDIVIDUALIZADA, EM PPR PN20 DN 32 MM (1\") PARA 4 MEDIDORES - FORNECIMENTO E INSTALAÇÃO (EXCLUSIVE HIDRÔMETRO). AF_03/2024","UN","ATRIBUÍDO SÃO PAULO",1301.3599999999999,"CAIXA REFERENCIAL"]
["INSTALACOES HIDRO SANITARIAS","INHI","HIDROMETRO","0272","","",95665,"KIT CAVALETE PARA MEDIÇÃO DE ÁGUA - ENTRADA INDIVIDUALIZADA, EM PPR PN25 DN 25 MM (3/4\") PARA 1 MEDIDOR - FORNECIMENTO E INSTALAÇÃO (EXCLUSIVE HIDRÔMETRO). AF_03/2024","UN","ATRIBUÍDO SÃO PAULO",317.37,"CAIXA REFERENCIAL"]
["INSTALACOES HIDRO SANITARIAS","INHI","HIDROMETRO","0272","","",95666,"KIT CAVALETE PARA MEDIÇÃO DE ÁGUA - ENTRADA INDIVIDUALIZADA, EM PPR PN25 DN 25 MM (3/4\") PARA 2 MEDIDORES - FORNECIMENTO E INSTALAÇÃO (EXCLUSIVE HIDRÔMETRO). AF_03/2024","UN","ATRIBUÍDO SÃO PAULO",562.45000000000005,"CAIXA REFERENCIAL"]
["INSTALACOES HIDRO SANITARIAS","INHI","HIDROMETRO","0272","","",95667,"KIT CAVALETE PARA MEDIÇÃO DE ÁGUA - ENTRADA INDIVIDUALIZADA, EM PPR PN25 DN 25 MM (3/4\") PARA 3 MEDIDORES - FORNECIMENTO E INSTALAÇÃO (EXCLUSIVE HIDRÔMETRO). AF_03/2024","UN","ATRIBUÍDO SÃO PAULO",832.98,"CAIXA REFERENCIAL"]
["INSTALACOES HIDRO SANITARIAS","INHI","HIDROMETRO","0272","","",95668,"KIT CAVALETE PARA MEDIÇÃO DE ÁGUA - ENTRADA INDIVIDUALIZADA, EM PPR PN25 DN 25 MM (3/4\") PARA 4 MEDIDORES - FORNECIMENTO E INSTALAÇÃO (EXCLUSIVE HIDRÔMETRO). AF_03/2024","UN","ATRIBUÍDO SÃO PAULO",1088.48,"CAIXA REFERENCIAL"]
["INSTALACOES HIDRO SANITARIAS","INHI","HIDROMETRO","0272","","",95669,"KIT CAVALETE PARA MEDIÇÃO DE ÁGUA - ENTRADA INDIVIDUALIZADA, EM PPR PN25 DN 32 MM (1\") PARA 1 MEDIDOR - FORNECIMENTO E INSTALAÇÃO (EXCLUSIVE HIDRÔMETRO). AF_03/2024","UN","ATRIBUÍDO SÃO PAULO",384.19,"CAIXA REFERENCIAL"]
["INSTALACOES HIDRO SANITARIAS","INHI","HIDROMETRO","0272","","",95670,"KIT CAVALETE PARA MEDIÇÃO DE ÁGUA - ENTRADA INDIVIDUALIZADA, EM PPR PN25 DN 32 MM (1\") PARA 2 MEDIDORES - FORNECIMENTO E INSTALAÇÃO (EXCLUSIVE HIDRÔMETRO). AF_03/2024","UN","ATRIBUÍDO SÃO PAULO",694.92,"CAIXA REFERENCIAL"]
["INSTALACOES HIDRO SANITARIAS","INHI","HIDROMETRO","0272","","",95671,"KIT CAVALETE PARA MEDIÇÃO DE ÁGUA - ENTRADA INDIVIDUALIZADA, EM PPR PN25 DN 32 MM (1\") PARA 3 MEDIDORES - FORNECIMENTO E INSTALAÇÃO (EXCLUSIVE HIDRÔMETRO). AF_03/2024","UN","ATRIBUÍDO SÃO PAULO",1034.46,"CAIXA REFERENCIAL"]
["INSTALACOES HIDRO SANITARIAS","INHI","HIDROMETRO","0272","","",95672,"KIT CAVALETE PARA MEDIÇÃO DE ÁGUA - ENTRADA INDIVIDUALIZADA, EM PPR PN25 DN 32 MM (1\") PARA 4 MEDIDORES - FORNECIMENTO E INSTALAÇÃO (EXCLUSIVE HIDRÔMETRO). AF_03/2024","UN","ATRIBUÍDO SÃO PAULO",1354.92,"CAIXA REFERENCIAL"]
["INSTALACOES HIDRO SANITARIAS","INHI","HIDROMETRO","0272","","",95673,"HIDRÔMETRO DN 1/2\", 1,5 M3/H - FORNECIMENTO E INSTALAÇÃO. AF_03/2024","UN","ATRIBUÍDO SÃO PAULO",113.75,"CAIXA REFERENCIAL"]
["INSTALACOES HIDRO SANITARIAS","INHI","HIDROMETRO","0272","","",95674,"HIDRÔMETRO DN 1/2\", 3,0 M3/H - FORNECIMENTO E INSTALAÇÃO. AF_03/2024","UN","ATRIBUÍDO SÃO PAULO",120.66,"CAIXA REFERENCIAL"]
["INSTALACOES HIDRO SANITARIAS","INHI","HIDROMETRO","0272","","",95675,"HIDRÔMETRO DN 3/4\", 5,0 M3/H - FORNECIMENTO E INSTALAÇÃO. AF_03/2024","UN","ATRIBUÍDO SÃO PAULO",148.88,"CAIXA REFERENCIAL"]
["INSTALACOES HIDRO SANITARIAS","INHI","HIDROMETRO","0272","","",95676,"CAIXA EM CONCRETO PRÉ-MOLDADO PARA ABRIGO DE HIDRÔMETRO COM DN 20 MM - FORNECIMENTO E INSTALAÇÃO. AF_03/2024","UN","COEFICIENTE DE REPRESENTATIVIDADE",104.18,"CAIXA REFERENCIAL"]
["INSTALACOES HIDRO SANITARIAS","INHI","HIDROMETRO","0272","","",97741,"KIT CAVALETE PARA MEDIÇÃO DE ÁGUA - ENTRADA INDIVIDUALIZADA, EM PVC DN 25 MM (3/4\"), PARA 1 MEDIDOR - FORNECIMENTO E INSTALAÇÃO (EXCLUSIVE HIDRÔMETRO). AF_03/2024","UN","COEFICIENTE DE REPRESENTATIVIDADE",158.84,"CAIXA REFERENCIAL"]
["INSTALACOES HIDRO SANITARIAS","INHI","HIDROMETRO","0272","","",104992,"HIDRÔMETRO DN 2\" , 30 M³/H - FORNECIMENTO E INSTALAÇÃO. AF_03/2024","UN","ATRIBUÍDO SÃO PAULO",1187.51,"CAIXA REFERENCIAL"]
["INSTALACOES HIDRO SANITARIAS","INHI","HIDROMETRO","0272","","",104997,"HIDRÔMETRO DN 1\u0094, 7 M³/H - FORNECIMENTO E INSTALAÇÃO. AF_03/2024","UN","ATRIBUÍDO SÃO PAULO",389.33,"CAIXA REFERENCIAL"]
["INSTALACOES HIDRO SANITARIAS","INHI","HIDROMETRO","0272","","",104998,"HIDRÔMETRO DN 1\u0094, 10 M³/H - FORNECIMENTO E INSTALAÇÃO. AF_03/2024","UN","ATRIBUÍDO SÃO PAULO",520.79,"CAIXA REFERENCIAL"]
["INSTALACOES HIDRO SANITARIAS","INHI","HIDROMETRO","0272","","",105135,"HIDRÔMETRO DN 1 1/2\u0094, 20 M³/H - FORNECIMENTO E INSTALAÇÃO. AF_03/2024","UN","ATRIBUÍDO SÃO PAULO",850.68,"CAIXA REFERENCIAL"]
["INSTALACOES HIDRO SANITARIAS","INHI","SERVICOS DIVERSOS","0297","","",90436,"FURO MANUAL EM ALVENARIA, PARA INSTALAÇÕES HIDRÁULICAS, DIÂMETROS MENORES OU IGUAIS A 40 MM. AF_09/2023","UN","COEFICIENTE DE REPRESENTATIVIDADE",13.32,"CAIXA REFERENCIAL"]
["INSTALACOES HIDRO SANITARIAS","INHI","SERVICOS DIVERSOS","0297","","",90437,"FURO MANUAL EM ALVENARIA, PARA INSTALAÇÕES HIDRÁULICAS, DIÂMETROS MAIORES QUE 40 MM E MENORES OU IGUAIS A 75 MM. AF_09/2023","UN","COEFICIENTE DE REPRESENTATIVIDADE",35.5,"CAIXA REFERENCIAL"]
["INSTALACOES HIDRO SANITARIAS","INHI","SERVICOS DIVERSOS","0297","","",90438,"FURO MANUAL EM ALVENARIA, PARA INSTALAÇÕES HIDRÁULICAS, DIÂMETROS MAIORES QUE 75 MM E MENORES OU IGUAIS A 100 MM. AF_09/2023","UN","COEFICIENTE DE REPRESENTATIVIDADE",51.85,"CAIXA REFERENCIAL"]
["INSTALACOES HIDRO SANITARIAS","INHI","SERVICOS DIVERSOS","0297","","",90439,"FURO MECANIZADO EM CONCRETO, COM MARTELO DEMOLIDOR, PARA INSTALAÇÕES HIDRÁULICAS, DIÂMETROS MENORES OU IGUAIS A 40 MM. AF_09/2023","UN","COEFICIENTE DE REPRESENTATIVIDADE",10.33,"CAIXA REFERENCIAL"]
["INSTALACOES HIDRO SANITARIAS","INHI","SERVICOS DIVERSOS","0297","","",90440,"FURO MECANIZADO EM CONCRETO, COM MARTELO DEMOLIDOR, PARA INSTALAÇÕES HIDRÁULICAS, DIÂMETROS MAIORES QUE 40 MM E MENORES OU IGUAIS A 75 MM. AF_09/2023","UN","COEFICIENTE DE REPRESENTATIVIDADE",27.56,"CAIXA REFERENCIAL"]
["INSTALACOES HIDRO SANITARIAS","INHI","SERVICOS DIVERSOS","0297","","",90441,"FURO MECANIZADO EM CONCRETO, COM MARTELO DEMOLIDOR, PARA INSTALAÇÕES HIDRÁULICAS, DIÂMETROS MAIORES QUE 75 MM E MENORES OU IGUAIS A 150 MM. AF_09/2023","UN","COEFICIENTE DE REPRESENTATIVIDADE",40.26,"CAIXA REFERENCIAL"]
["INSTALACOES HIDRO SANITARIAS","INHI","SERVICOS DIVERSOS","0297","","",90443,"RASGO LINEAR MANUAL EM ALVENARIA, PARA RAMAIS/ DISTRIBUIÇÃO DE INSTALAÇÕES HIDRÁULICAS, DIÂMETROS MENORES OU IGUAIS A 40 MM. AF_09/2023","M","COEFICIENTE DE REPRESENTATIVIDADE",7.14,"CAIXA REFERENCIAL"]
["INSTALACOES HIDRO SANITARIAS","INHI","SERVICOS DIVERSOS","0297","","",90444,"RASGO LINEAR MECANIZADO EM CONTRAPISO, PARA RAMAIS/ DISTRIBUIÇÃO DE INSTALAÇÕES HIDRÁULICAS, DIÂMETROS MENORES OU IGUAIS A 40 MM. AF_09/2023_PS","M","COEFICIENTE DE REPRESENTATIVIDADE",14.53,"CAIXA REFERENCIAL"]
["INSTALACOES HIDRO SANITARIAS","INHI","SERVICOS DIVERSOS","0297","","",90445,"RASGO LINEAR MECANIZADO EM CONTRAPISO, PARA RAMAIS/ DISTRIBUIÇÃO DE INSTALAÇÕES HIDRÁULICAS, DIÂMETROS MAIORES QUE 40 MM E MENORES OU IGUAIS A 75 MM. AF_09/2023_PS","M","COEFICIENTE DE REPRESENTATIVIDADE",19.25,"CAIXA REFERENCIAL"]
["INSTALACOES HIDRO SANITARIAS","INHI","SERVICOS DIVERSOS","0297","","",90446,"RASGO LINEAR MECANIZADO EM CONTRAPISO, PARA RAMAIS/ DISTRIBUIÇÃO DE INSTALAÇÕES HIDRÁULICAS, DIÂMETROS MAIORES QUE 75 MM E MENORES OU IGUAIS A 100 MM. AF_09/2023_PS","M","COEFICIENTE DE REPRESENTATIVIDADE",25.57,"CAIXA REFERENCIAL"]
["INSTALACOES HIDRO SANITARIAS","INHI","SERVICOS DIVERSOS","0297","","",90447,"RASGO LINEAR MANUAL EM ALVENARIA, PARA ELETRODUTOS, DIÂMETROS MENORES OU IGUAIS A 40 MM. AF_09/2023","M","COEFICIENTE DE REPRESENTATIVIDADE",7.48,"CAIXA REFERENCIAL"]
["INSTALACOES HIDRO SANITARIAS","INHI","SERVICOS DIVERSOS","0297","","",90451,"PASSANTE TIPO PEÇA EM POLIESTIRENO (ISOPOR), FIXADO EM LAJE, PARA ABERTURA PARA PASSAGEM DE 1 TUBO DE ATÉ 50 MM DE DIÂMETRO. AF_09/2023","UN","ATRIBUÍDO SÃO PAULO",6.37,"CAIXA REFERENCIAL"]
["INSTALACOES HIDRO SANITARIAS","INHI","SERVICOS DIVERSOS","0297","","",90452,"PASSANTE TIPO PEÇA EM POLIESTIRENO (ISOPOR), FIXADO EM LAJE, PARA PASSAGEM DE NO MÁXIMO 5 TUBOS DE 50 MM DE DIÂMETRO. AF_09/2023","UN","ATRIBUÍDO SÃO PAULO",27.43,"CAIXA REFERENCIAL"]
["INSTALACOES HIDRO SANITARIAS","INHI","SERVICOS DIVERSOS","0297","","",90453,"PASSANTE TIPO TUBO COM DIÂMETRO DE 40 MM, FIXADO EM LAJE, PARA PASSAGEM DE TUBULAÇÕES COM NO MÁXIMO 32 MM DE DIÂMETRO. AF_09/2023","UN","COEFICIENTE DE REPRESENTATIVIDADE",3.5,"CAIXA REFERENCIAL"]
["INSTALACOES HIDRO SANITARIAS","INHI","SERVICOS DIVERSOS","0297","","",90454,"PASSANTE TIPO TUBO COM DIÂMETRO DE 75 MM, FIXADO EM LAJE, PARA PASSAGEM DE TUBULAÇÕES COM NO MÁXIMO 50 MM DE DIÂMETRO. AF_09/2023","UN","COEFICIENTE DE REPRESENTATIVIDADE",5.54,"CAIXA REFERENCIAL"]
["INSTALACOES HIDRO SANITARIAS","INHI","SERVICOS DIVERSOS","0297","","",90455,"PASSANTE TIPO TUBO COM DIÂMETRO DE 100 MM, FIXADO EM LAJE, PARA PASSAGEM DE TUBULAÇÕES COM NO MÁXIMO 75 MM DE DIÂMETRO. AF_09/2023","UN","COEFICIENTE DE REPRESENTATIVIDADE",7.1,"CAIXA REFERENCIAL"]
["INSTALACOES HIDRO SANITARIAS","INHI","SERVICOS DIVERSOS","0297","","",90456,"QUEBRA EM ALVENARIA PARA INSTALAÇÃO DE CAIXA DE TOMADA (4X4 OU 4X2). AF_09/2023","UN","COEFICIENTE DE REPRESENTATIVIDADE",4.95,"CAIXA REFERENCIAL"]
["INSTALACOES HIDRO SANITARIAS","INHI","SERVICOS DIVERSOS","0297","","",90457,"QUEBRA EM ALVENARIA PARA INSTALAÇÃO DE QUADRO DISTRIBUIÇÃO PEQUENO (19X25 CM). AF_09/2023","UN","COEFICIENTE DE REPRESENTATIVIDADE",11.31,"CAIXA REFERENCIAL"]
["INSTALACOES HIDRO SANITARIAS","INHI","SERVICOS DIVERSOS","0297","","",90458,"QUEBRA EM ALVENARIA PARA INSTALAÇÃO DE QUADRO DISTRIBUIÇÃO GRANDE (76X40 CM). AF_09/2023","UN","COEFICIENTE DE REPRESENTATIVIDADE",32.28,"CAIXA REFERENCIAL"]
["INSTALACOES HIDRO SANITARIAS","INHI","SERVICOS DIVERSOS","0297","","",90459,"QUEBRA EM ALVENARIA PARA INSTALAÇÃO DE ABRIGO PARA MANGUEIRAS (90X60 CM). AF_09/2023","UN","COEFICIENTE DE REPRESENTATIVIDADE",43.67,"CAIXA REFERENCIAL"]
["INSTALACOES HIDRO SANITARIAS","INHI","SERVICOS DIVERSOS","0297","","",90460,"SUPORTE PARA 2 TUBOS HORIZONTAIS, ESPAÇADO A CADA 56 CM, EM PERFILADO COM COMPRIMENTO DE 25 CM FIXADO EM LAJE, POR METRO DE TUBULAÇÃO FIXADA. AF_09/2023","M","ATRIBUÍDO SÃO PAULO",26.87,"CAIXA REFERENCIAL"]
["INSTALACOES HIDRO SANITARIAS","INHI","SERVICOS DIVERSOS","0297","","",90461,"SUPORTE PARA 4 TUBOS HORIZONTAIS, ESPAÇADO A CADA 56 CM, EM PERFILADO COM COMPRIMENTO DE 42 CM FIXADO EM LAJE, POR METRO DE TUBULAÇÃO FIXADA. AF_09/2023","M","ATRIBUÍDO SÃO PAULO",19.059999999999999,"CAIXA REFERENCIAL"]
["INSTALACOES HIDRO SANITARIAS","INHI","SERVICOS DIVERSOS","0297","","",90462,"SUPORTE PARA 2 TUBOS VERTICAIS, ESPAÇADO A CADA 150 CM, EM PERFILADO COM COMPRIMENTO DE 25 CM FIXADO EM PAREDE, POR METRO DE TUBULAÇÃO FIXADA. AF_09/2023","M","ATRIBUÍDO SÃO PAULO",4.83,"CAIXA REFERENCIAL"]
["INSTALACOES HIDRO SANITARIAS","INHI","SERVICOS DIVERSOS","0297","","",90463,"SUPORTE PARA 4 TUBOS VERTICAIS, ESPAÇADO A CADA 150 CM, EM PERFILADO COM COMPRIMENTO DE 42 CM FIXADO EM PAREDE, POR METRO DE TUBULAÇÃO FIXADA. AF_09/2023","M","ATRIBUÍDO SÃO PAULO",3.92,"CAIXA REFERENCIAL"]
["INSTALACOES HIDRO SANITARIAS","INHI","SERVICOS DIVERSOS","0297","","",90466,"CHUMBAMENTO LINEAR EM ALVENARIA PARA RAMAIS/DISTRIBUIÇÃO DE INSTALAÇÕES HIDRÁULICAS COM DIÂMETROS MENORES OU IGUAIS A 40 MM. AF_09/2023","M","COEFICIENTE DE REPRESENTATIVIDADE",13.97,"CAIXA REFERENCIAL"]
["INSTALACOES HIDRO SANITARIAS","INHI","SERVICOS DIVERSOS","0297","","",90467,"CHUMBAMENTO LINEAR EM ALVENARIA PARA RAMAIS/DISTRIBUIÇÃO DE INSTALAÇÕES HIDRÁULICAS COM DIÂMETROS MAIORES QUE 40 MM E MENORES OU IGUAIS A 75 MM. AF_09/2023","M","COEFICIENTE DE REPRESENTATIVIDADE",21.02,"CAIXA REFERENCIAL"]
["INSTALACOES HIDRO SANITARIAS","INHI","SERVICOS DIVERSOS","0297","","",90468,"CHUMBAMENTO LINEAR EM CONTRAPISO PARA RAMAIS/DISTRIBUIÇÃO DE INSTALAÇÕES HIDRÁULICAS COM DIÂMETROS MENORES OU IGUAIS A 40 MM. AF_09/2023","M","COEFICIENTE DE REPRESENTATIVIDADE",7,"CAIXA REFERENCIAL"]
["INSTALACOES HIDRO SANITARIAS","INHI","SERVICOS DIVERSOS","0297","","",90469,"CHUMBAMENTO LINEAR EM CONTRAPISO PARA RAMAIS/DISTRIBUIÇÃO DE INSTALAÇÕES HIDRÁULICAS COM DIÂMETROS MAIORES QUE 40 MM E MENORES OU IGUAIS A 75 MM. AF_09/2023","M","COEFICIENTE DE REPRESENTATIVIDADE",10.64,"CAIXA REFERENCIAL"]
["INSTALACOES HIDRO SANITARIAS","INHI","SERVICOS DIVERSOS","0297","","",90470,"CHUMBAMENTO LINEAR EM CONTRAPISO PARA RAMAIS/DISTRIBUIÇÃO DE INSTALAÇÕES HIDRÁULICAS COM DIÂMETROS MAIORES QUE 75 MM E MENORES OU IGUAIS A 100 MM. AF_09/2023","M","COEFICIENTE DE REPRESENTATIVIDADE",14.16,"CAIXA REFERENCIAL"]
["INSTALACOES HIDRO SANITARIAS","INHI","SERVICOS DIVERSOS","0297","","",91166,"FIXAÇÃO DE TUBOS HORIZONTAIS DE PEX OU MULTICAMADAS, DIÂMETROS IGUAIS OU INFERIORES A 40 MM, COM ABRAÇADEIRA PLÁSTICA FIXADA EM LAJE. AF_09/2023_PE","M","COEFICIENTE DE REPRESENTATIVIDADE",4.49,"CAIXA REFERENCIAL"]
["INSTALACOES HIDRO SANITARIAS","INHI","SERVICOS DIVERSOS","0297","","",91167,"FIXAÇÃO DE TUBOS HORIZONTAIS DE PPR DIÂMETROS MENORES OU IGUAIS A 40 MM COM ABRAÇADEIRA METÁLICA RÍGIDA TIPO U PERFIL 1 1/4\", FIXADA EM PERFILADO EM LAJE. AF_09/2023_PS","M","COEFICIENTE DE REPRESENTATIVIDADE",10.69,"CAIXA REFERENCIAL"]
["INSTALACOES HIDRO SANITARIAS","INHI","SERVICOS DIVERSOS","0297","","",91170,"FIXAÇÃO DE TUBOS HORIZONTAIS DE PVC ÁGUA, PVC ESGOTO, PVC ÁGUA PLUVIAL, CPVC, PPR, COBRE OU AÇO, DIÂMETROS MENORES OU IGUAIS A 40 MM, COM ABRAÇADEIRA METÁLICA RÍGIDA TIPO U PERFIL 1 1/4\", FIXADA EM PERFILADO EM LAJE. AF_09/2023_PS","M","COEFICIENTE DE REPRESENTATIVIDADE",10.69,"CAIXA REFERENCIAL"]
["INSTALACOES HIDRO SANITARIAS","INHI","SERVICOS DIVERSOS","0297","","",91171,"FIXAÇÃO DE TUBOS HORIZONTAIS DE PVC ÁGUA, PVC ESGOTO, PVC ÁGUA PLUVIAL, CPVC, PPR, COBRE OU AÇO, DIÂMETROS MAIORES QUE 40 MM E MENORES OU IGUAIS A 75 MM, COM ABRAÇADEIRA METÁLICA RÍGIDA TIPO U PERFIL 2 1/2\", FIXADA EM PERFILADO EM LAJE. AF_09/2023_PS","M","COEFICIENTE DE REPRESENTATIVIDADE",17.829999999999998,"CAIXA REFERENCIAL"]
["INSTALACOES HIDRO SANITARIAS","INHI","SERVICOS DIVERSOS","0297","","",91172,"FIXAÇÃO DE TUBOS HORIZONTAIS DE PVC ÁGUA, PVC ESGOTO, PVC ÁGUA PLUVIAL, CPVC, PPR, COBRE OU AÇO, DIÂMETROS MAIORES QUE 75 MM E MENORES OU IGUAIS A 100 MM, COM ABRAÇADEIRA METÁLICA RÍGIDA TIPO U PERFIL 4\", FIXADA EM PERFILADO EM LAJE. AF_09/2023_PS","M","COEFICIENTE DE REPRESENTATIVIDADE",20.62,"CAIXA REFERENCIAL"]
["INSTALACOES HIDRO SANITARIAS","INHI","SERVICOS DIVERSOS","0297","","",91173,"FIXAÇÃO DE TUBOS VERTICAIS DE PVC ÁGUA, PVC ESGOTO, PVC ÁGUA PLUVIAL, CPVC, PPR, COBRE OU AÇO, DIÂMETROS MENORES OU IGUAIS A 40 MM, COM ABRAÇADEIRA METÁLICA RÍGIDA TIPO U PERFIL 1 1/4\", FIXADA EM PERFILADO EM PAREDE. AF_09/2023_PS","M","COEFICIENTE DE REPRESENTATIVIDADE",3.98,"CAIXA REFERENCIAL"]
["INSTALACOES HIDRO SANITARIAS","INHI","SERVICOS DIVERSOS","0297","","",91174,"FIXAÇÃO DE TUBOS VERTICAIS DE PVC ÁGUA, PVC ESGOTO, PVC ÁGUA PLUVIAL, CPVC, PPR, COBRE OU AÇO, DIÂMETROS MAIORES QUE 40 MM E MENORES OU IGUAIS A 75 MM, COM ABRAÇADEIRA METÁLICA RÍGIDA TIPO U PERFIL 2 1/2\", FIXADA EM PERFILADO EM PAREDE. AF_09/2023_PS","M","COEFICIENTE DE REPRESENTATIVIDADE",7.12,"CAIXA REFERENCIAL"]
["INSTALACOES HIDRO SANITARIAS","INHI","SERVICOS DIVERSOS","0297","","",91175,"FIXAÇÃO DE TUBOS VERTICAIS DE PVC ÁGUA, PVC ESGOTO, PVC ÁGUA PLUVIAL, CPVC, PPR, COBRE OU AÇO, DIÂMETROS MAIORES QUE 75 MM E MENORES OU IGUAIS A 100 MM, COM ABRAÇADEIRA METÁLICA RÍGIDA TIPO U PERFIL 4\", FIXADA EM PERFILADO EM PAREDE. AF_09/2023_PS","M","COEFICIENTE DE REPRESENTATIVIDADE",11.13,"CAIXA REFERENCIAL"]
["INSTALACOES HIDRO SANITARIAS","INHI","SERVICOS DIVERSOS","0297","","",91176,"FIXAÇÃO DE TUBOS HORIZONTAIS DE PPR DIÂMETROS MENORES OU IGUAIS A 40 MM, COM ABRAÇADEIRA METÁLICA RÍGIDA TIPO  D  COM PARAFUSO DE FIXAÇÃO 1 1/4\", FIXADA DIRETAMENTE NA LAJE OU PAREDE. AF_09/2023","M","COEFICIENTE DE REPRESENTATIVIDADE",18.88,"CAIXA REFERENCIAL"]
["INSTALACOES HIDRO SANITARIAS","INHI","SERVICOS DIVERSOS","0297","","",91179,"FIXAÇÃO DE TUBOS HORIZONTAIS DE PVC ÁGUA/PVC ESGOTO/PVC PLUVIAL/CPVC/PPR/COBRE OU AÇO, DIÂMETROS MENORES OU IGUAIS A 40 MM, COM ABRAÇADEIRA METÁLICA RÍGIDA TIPO  D  COM PARAFUSO DE FIXAÇÃO 1 1/4\", FIXADA DIRETAMENTE NA LAJE OU PAREDE. AF_09/2023","M","COEFICIENTE DE REPRESENTATIVIDADE",18.88,"CAIXA REFERENCIAL"]
["INSTALACOES HIDRO SANITARIAS","INHI","SERVICOS DIVERSOS","0297","","",91180,"FIXAÇÃO DE TUBOS HORIZONTAIS DE PVC ÁGUA/PVC ESGOTO/PVC PLUVIAL/CPVC/PPR/COBRE OU AÇO, DIÂMETROS MAIORES QUE 40 MM E MENORES OU IGUAIS A 75 MM, COM ABRAÇADEIRA TIPO  D  COM PARAFUSO DE FIXAÇÃO 2 1/2\", FIXADA DIRETAMENTE NA LAJE OU PAREDE. AF_09/2023","M","COEFICIENTE DE REPRESENTATIVIDADE",25.11,"CAIXA REFERENCIAL"]
["INSTALACOES HIDRO SANITARIAS","INHI","SERVICOS DIVERSOS","0297","","",91181,"FIXAÇÃO DE TUBOS HORIZONTAIS DE  PVC ÁGUA/PVC ESGOTO/PVC PLUVIAL/CPVC/PPR/COBRE OU AÇO, DIÂMETROS MAIORES QUE 75 MM E MENORES OU IGUAIS A 100 MM, COM ABRAÇADEIRA TIPO  D  COM PARAFUSO DE FIXAÇÃO 4\", FIXADA DIRETAMENTE NA LAJE OU PAREDE. AF_09/2023","M","COEFICIENTE DE REPRESENTATIVIDADE",26.2,"CAIXA REFERENCIAL"]
["INSTALACOES HIDRO SANITARIAS","INHI","SERVICOS DIVERSOS","0297","","",91182,"FIXAÇÃO DE TUBOS HORIZONTAIS DE PPR, DIÂMETROS MENORES OU IGUAIS A 40 MM, COM ABRAÇADEIRA METÁLICA FLEXÍVEL 18 MM, FIXADA DIRETAMENTE NA LAJE. AF_09/2023","M","ATRIBUÍDO SÃO PAULO",23.73,"CAIXA REFERENCIAL"]
["INSTALACOES HIDRO SANITARIAS","INHI","SERVICOS DIVERSOS","0297","","",91185,"FIXAÇÃO DE TUBOS HORIZONTAIS DE PVC ÁGUA, PVC ESGOTO, PVC ÁGUA PLUVIAL, CPVC, PPR, COBRE OU AÇO, DIÂMETROS MENORES OU IGUAIS A 40 MM, COM ABRAÇADEIRA METÁLICA FLEXÍVEL 18 MM, FIXADA DIRETAMENTE NA LAJE. AF_09/2023","M","ATRIBUÍDO SÃO PAULO",23.73,"CAIXA REFERENCIAL"]
["INSTALACOES HIDRO SANITARIAS","INHI","SERVICOS DIVERSOS","0297","","",91186,"FIXAÇÃO DE TUBOS HORIZONTAIS DE PVC ÁGUA, PVC ESGOTO, PVC ÁGUA PLUVIAL, CPVC, PPR, COBRE OU AÇO, DIÂMETROS MAIORES QUE 40 MM E MENORES OU IGUAIS A 75 MM, COM ABRAÇADEIRA METÁLICA FLEXÍVEL 18 MM, FIXADA DIRETAMENTE NA LAJE. AF_09/2023","M","ATRIBUÍDO SÃO PAULO",25.88,"CAIXA REFERENCIAL"]
["INSTALACOES HIDRO SANITARIAS","INHI","SERVICOS DIVERSOS","0297","","",91187,"FIXAÇÃO DE TUBOS HORIZONTAIS DE PVC ÁGUA, PVC ESGOTO, PVC ÁGUA PLUVIAL, CPVC, PPR, COBRE OU AÇO, DIÂMETROS MAIORES QUE 75 MM E MENORES OU IGUAIS A 100 MM, COM ABRAÇADEIRA METÁLICA FLEXÍVEL 18 MM, FIXADA DIRETAMENTE NA LAJE. AF_09/2023","M","ATRIBUÍDO SÃO PAULO",23.03,"CAIXA REFERENCIAL"]
["INSTALACOES HIDRO SANITARIAS","INHI","SERVICOS DIVERSOS","0297","","",91188,"CHUMBAMENTO PONTUAL DE ABERTURA EM LAJE COM PASSAGEM DE 1 TUBO COM DIÂMETRO DE  50 MM. AF_09/2023","UN","ATRIBUÍDO SÃO PAULO",12.15,"CAIXA REFERENCIAL"]
["INSTALACOES HIDRO SANITARIAS","INHI","SERVICOS DIVERSOS","0297","","",91189,"CHUMBAMENTO PONTUAL DE ABERTURA EM LAJE COM PASSAGEM DE 5 TUBOS COM  DIÂMETROS DE  50 MM. AF_09/2023","UN","ATRIBUÍDO SÃO PAULO",68.349999999999994,"CAIXA REFERENCIAL"]
["INSTALACOES HIDRO SANITARIAS","INHI","SERVICOS DIVERSOS","0297","","",91190,"CHUMBAMENTO PONTUAL EM PASSAGEM DE TUBO COM DIÂMETRO MENOR OU IGUAL A 40 MM. AF_09/2023","UN","COEFICIENTE DE REPRESENTATIVIDADE",9.6999999999999993,"CAIXA REFERENCIAL"]
["INSTALACOES HIDRO SANITARIAS","INHI","SERVICOS DIVERSOS","0297","","",91191,"CHUMBAMENTO PONTUAL EM PASSAGEM DE TUBO COM DIÂMETROS ENTRE 40 MM E 75 MM. AF_09/2023","UN","COEFICIENTE DE REPRESENTATIVIDADE",13.57,"CAIXA REFERENCIAL"]
["INSTALACOES HIDRO SANITARIAS","INHI","SERVICOS DIVERSOS","0297","","",91192,"CHUMBAMENTO PONTUAL EM PASSAGEM DE TUBO COM DIÂMETRO MAIOR QUE 75 MM E MENORES OU IGUAIS A 150 MM. AF_09/2023","UN","COEFICIENTE DE REPRESENTATIVIDADE",20.48,"CAIXA REFERENCIAL"]
["INSTALACOES HIDRO SANITARIAS","INHI","SERVICOS DIVERSOS","0297","","",91222,"RASGO LINEAR MANUAL EM ALVENARIA, PARA RAMAIS/ DISTRIBUIÇÃO DE INSTALAÇÕES HIDRÁULICAS, DIÂMETROS MAIORES QUE 40 MM E MENORES OU IGUAIS A 75 MM. AF_09/2023","M","COEFICIENTE DE REPRESENTATIVIDADE",7.95,"CAIXA REFERENCIAL"]
["INSTALACOES HIDRO SANITARIAS","INHI","SERVICOS DIVERSOS","0297","","",94480,"CONJUNTO HIDRÁULICO PARA INSTALAÇÃO DE BOMBA EM AÇO ROSCÁVEL, DN SUCÇÃO 65 (2½\") E DN RECALQUE 50 (2\"), PARA EDIFICAÇÃO ENTRE 12 E 18 PAVIMENTOS - FORNECIMENTO E INSTALAÇÃO. AF_06/2016","UN","ATRIBUÍDO SÃO PAULO",2896.23,"CAIXA REFERENCIAL"]
["INSTALACOES HIDRO SANITARIAS","INHI","SERVICOS DIVERSOS","0297","","",94481,"CONJUNTO HIDRÁULICO PARA INSTALAÇÃO DE BOMBA EM AÇO ROSCÁVEL, DN SUCÇÃO 50 (2\") E DN RECALQUE 40 (1 1/2\"), PARA EDIFICAÇÃO ENTRE 8 E 12 PAVIMENTOS - FORNECIMENTO E INSTALAÇÃO. AF_06/2016","UN","ATRIBUÍDO SÃO PAULO",2006.8,"CAIXA REFERENCIAL"]
["INSTALACOES HIDRO SANITARIAS","INHI","SERVICOS DIVERSOS","0297","","",94482,"CONJUNTO HIDRÁULICO PARA INSTALAÇÃO DE BOMBA EM AÇO ROSCÁVEL, DN SUCÇÃO 40 (1 1/2\") E DN RECALQUE 32 (1 1/4\"), PARA EDIFICAÇÃO ENTRE 4 E 8 PAVIMENTOS - FORNECIMENTO E INSTALAÇÃO. AF_06/2016","UN","ATRIBUÍDO SÃO PAULO",1570.5,"CAIXA REFERENCIAL"]
["INSTALACOES HIDRO SANITARIAS","INHI","SERVICOS DIVERSOS","0297","","",94483,"CONJUNTO HIDRÁULICO PARA INSTALAÇÃO DE BOMBA EM AÇO ROSCÁVEL, DN SUCÇÃO 32 (1 1/4\") E DN RECALQUE 25 (1\"), PARA EDIFICAÇÃO ATÉ 4 PAVIMENTOS - FORNECIMENTO E INSTALAÇÃO. AF_06/2016","UN","ATRIBUÍDO SÃO PAULO",1313.59,"CAIXA REFERENCIAL"]
["INSTALACOES HIDRO SANITARIAS","INHI","SERVICOS DIVERSOS","0297","","",95541,"FIXAÇÃO DE DUTOS FLEXÍVEIS CIRCULARES,  DIÂMETRO 109 MM OU 4\", COM ABRAÇADEIRA METÁLICA FLEXÍVEL FIXADA DIRETAMENTE NA LAJE, SOMENTE MÃO DE OBRA. AF_09/2023","UN","COEFICIENTE DE REPRESENTATIVIDADE",21.23,"CAIXA REFERENCIAL"]
["INSTALACOES HIDRO SANITARIAS","INHI","SERVICOS DIVERSOS","0297","","",96559,"SUPORTE PARA DUTO EM CHAPA GALVANIZADA BITOLA 26, EM PERFILADO COM COMPRIMENTO DE 35 CM FIXADO EM LAJE, POR METRO DE DUTO FIXADO. AF_09/2023","M2","ATRIBUÍDO SÃO PAULO",36.979999999999997,"CAIXA REFERENCIAL"]
["INSTALACOES HIDRO SANITARIAS","INHI","SERVICOS DIVERSOS","0297","","",96560,"SUPORTE PARA DUTO EM CHAPA GALVANIZADA BITOLA 24, EM PERFILADO COM COMPRIMENTO DE 55 CM FIXADO EM LAJE, POR METRO DE DUTO FIXADO. AF_09/2023","M2","ATRIBUÍDO SÃO PAULO",33.19,"CAIXA REFERENCIAL"]
["INSTALACOES HIDRO SANITARIAS","INHI","SERVICOS DIVERSOS","0297","","",96562,"SUPORTE PARA ELETROCALHA LISA OU PERFURADA EM AÇO GALVANIZADO, LARGURA 400 MM, EM PERFILADO COM COMPRIMENTO DE 45 CM FIXADO EM LAJE, POR METRO DE ELETROCALHA FIXADA. AF_09/2023","M","ATRIBUÍDO SÃO PAULO",51.61,"CAIXA REFERENCIAL"]
["INSTALACOES HIDRO SANITARIAS","INHI","SERVICOS DIVERSOS","0297","","",96563,"SUPORTE PARA ELETROCALHA LISA OU PERFURADA EM AÇO GALVANIZADO, LARGURA 800 MM, EM PERFILADO COM COMPRIMENTO DE 85 CM FIXADO EM LAJE, POR METRO DE ELETROCALHA FIXADA. AF_09/2023","M","ATRIBUÍDO SÃO PAULO",57.61,"CAIXA REFERENCIAL"]
["INSTALACOES HIDRO SANITARIAS","INHI","SERVICOS DIVERSOS","0297","","",100128,"TIL (TUBO DE INSPEÇÃO E LIMPEZA) RADIAL PARA ESGOTO, EM PVC, DN 300X200 MM. AF_12/2020","UN","ATRIBUÍDO SÃO PAULO",1278.53,"CAIXA REFERENCIAL"]
["INSTALACOES HIDRO SANITARIAS","INHI","SERVICOS DIVERSOS","0297","","",101802,"CAIXA ENTERRADA RETENTORA DE AREIA RETANGULAR, EM ALVENARIA COM BLOCOS DE CONCRETO, DIMENSÕES INTERNAS: 1,00 X 1,00 X 1,20 M, EXCLUINDO TAMPÃO. AF_12/2020","UN","ATRIBUÍDO SÃO PAULO",1636.58,"CAIXA REFERENCIAL"]
["INSTALACOES HIDRO SANITARIAS","INHI","SERVICOS DIVERSOS","0297","","",101803,"CAIXA ENTERRADA SEPARADORA DE ÓLEO RETANGULAR, EM ALVENARIA COM BLOCOS DE CONCRETO, DIMENSÕES INTERNAS: 0,6 X 0,6 X 1,00 M, EXCLUINDO TAMPÃO. AF_12/2020","UN","ATRIBUÍDO SÃO PAULO",1040.22,"CAIXA REFERENCIAL"]
["INSTALACOES HIDRO SANITARIAS","INHI","SERVICOS DIVERSOS","0297","","",101804,"CAIXA ENTERRADA SEPARADORA DE ÓLEO RETANGULAR, EM ALVENARIA COM BLOCOS DE CONCRETO, DIMENSÕES INTERNAS: 0,8 X 0,8 X 1,00 M, EXCLUINDO TAMPÃO. AF_12/2020","UN","ATRIBUÍDO SÃO PAULO",1316.28,"CAIXA REFERENCIAL"]
["INSTALACOES HIDRO SANITARIAS","INHI","SERVICOS DIVERSOS","0297","","",101805,"CAIXA ENTERRADA SEPARADORA DE ÓLEO RETANGULAR, EM ALVENARIA COM BLOCOS DE CONCRETO, DIMENSÕES INTERNAS: 1,00 X 1,00 X 1,00 M, EXCLUINDO TAMPÃO. AF_12/2020","UN","ATRIBUÍDO SÃO PAULO",1676.97,"CAIXA REFERENCIAL"]
["INSTALACOES HIDRO SANITARIAS","INHI","SERVICOS DIVERSOS","0297","","",102111,"BOMBA CENTRÍFUGA, MONOFÁSICA, 0,5 CV OU 0,49 HP, HM 6 A 20 M, Q 1,2 A 8,3 M3/H - FORNECIMENTO E INSTALAÇÃO. AF_12/2020","UN","ATRIBUÍDO SÃO PAULO",848.98,"CAIXA REFERENCIAL"]
["INSTALACOES HIDRO SANITARIAS","INHI","SERVICOS DIVERSOS","0297","","",102112,"BOMBA CENTRÍFUGA, MONOFÁSICA, 0,5 CV OU 0,49 HP, HM 6 A 20 M, Q 1,2 A 8,3 M3/H (NÃO INCLUI O FORNECIMENTO DA BOMBA). AF_12/2020","UN","ATRIBUÍDO SÃO PAULO",131.26,"CAIXA REFERENCIAL"]
["INSTALACOES HIDRO SANITARIAS","INHI","SERVICOS DIVERSOS","0297","","",102113,"BOMBA CENTRÍFUGA, TRIFÁSICA, 1 CV OU 0,99 HP, HM 14 A 40 M, Q 0,6 A 8,4 M3/H - FORNECIMENTO E INSTALAÇÃO. AF_12/2020","UN","ATRIBUÍDO SÃO PAULO",1344.38,"CAIXA REFERENCIAL"]
["INSTALACOES HIDRO SANITARIAS","INHI","SERVICOS DIVERSOS","0297","","",102114,"BOMBA CENTRÍFUGA, TRIFÁSICA, 1 CV OU 0,99 HP, HM 14 A 40 M, Q 0,6 A 8,4 M3/H (NÃO INCLUI O FORNECIMENTO DA BOMBA). AF_12/2020","UN","ATRIBUÍDO SÃO PAULO",134.54,"CAIXA REFERENCIAL"]
["INSTALACOES HIDRO SANITARIAS","INHI","SERVICOS DIVERSOS","0297","","",102115,"BOMBA CENTRÍFUGA, TRIFÁSICA, 1,5 CV OU 1,48 HP, HM 10 A 70 M, Q 1,8 A 5,3 M3/H - FORNECIMENTO E INSTALAÇÃO. AF_12/2020","UN","ATRIBUÍDO SÃO PAULO",2339.9699999999998,"CAIXA REFERENCIAL"]
["INSTALACOES HIDRO SANITARIAS","INHI","SERVICOS DIVERSOS","0297","","",102116,"BOMBA CENTRÍFUGA, TRIFÁSICA, 1,5 CV OU 1,48 HP, HM 10 A 24 M, Q 6,1 A 21,9 M3/H - FORNECIMENTO E INSTALAÇÃO. AF_12/2020","UN","ATRIBUÍDO SÃO PAULO",1435.43,"CAIXA REFERENCIAL"]
["INSTALACOES HIDRO SANITARIAS","INHI","SERVICOS DIVERSOS","0297","","",102117,"BOMBA CENTRÍFUGA, TRIFÁSICA, 1,5 CV OU 1,48 HP (NÃO INCLUI O FORNECIMENTO DA BOMBA). AF_12/2020","UN","ATRIBUÍDO SÃO PAULO",138.49,"CAIXA REFERENCIAL"]
["INSTALACOES HIDRO SANITARIAS","INHI","SERVICOS DIVERSOS","0297","","",102118,"BOMBA CENTRÍFUGA, TRIFÁSICA, 3 CV OU 2,96 HP, HM 34 A 40 M, Q 8,6 A 14,8 M3/H - FORNECIMENTO E INSTALAÇÃO. AF_12/2020","UN","ATRIBUÍDO SÃO PAULO",1951.55,"CAIXA REFERENCIAL"]
["INSTALACOES HIDRO SANITARIAS","INHI","SERVICOS DIVERSOS","0297","","",102119,"BOMBA CENTRÍFUGA, TRIFÁSICA, 3 CV OU 2,96 HP, HM 34 A 40 M, Q 8,6 A 14,8 M3/H (NÃO INCLUI O FORNECIMENTO DA BOMBA). AF_12/2020","UN","ATRIBUÍDO SÃO PAULO",141.91,"CAIXA REFERENCIAL"]
["INSTALACOES HIDRO SANITARIAS","INHI","SERVICOS DIVERSOS","0297","","",102121,"MOTO BOMBA HORIZONTAL ATÉ 10 CV, HM 75 A 80 M, Q 25,4 A 48 (NÃO INCLUI O FORNECIMENTO DA BOMBA). AF_12/2020","UN","ATRIBUÍDO SÃO PAULO",177.57,"CAIXA REFERENCIAL"]
["INSTALACOES HIDRO SANITARIAS","INHI","SERVICOS DIVERSOS","0297","","",102122,"BOMBA CENTRÍFUGA, TRIFÁSICA, 10 CV OU 9,86 HP, HM 85 A 140 M, Q 4,2 A 14,9 M3/H - FORNECIMENTO E INSTALAÇÃO. AF_12/2020","UN","ATRIBUÍDO SÃO PAULO",6570.08,"CAIXA REFERENCIAL"]
["INSTALACOES HIDRO SANITARIAS","INHI","SERVICOS DIVERSOS","0297","","",102123,"BOMBA CENTRÍFUGA, TRIFÁSICA, 10 CV OU 9,86 HP, HM 85 A 140 M, Q 4,2 A 14,9 M3/H (NÃO INCLUI O FORNECIMENTO DA BOMBA). AF_12/2020","UN","ATRIBUÍDO SÃO PAULO",187.73,"CAIXA REFERENCIAL"]
["INSTALACOES HIDRO SANITARIAS","INHI","SERVICOS DIVERSOS","0297","","",102136,"INSTALAÇÃO DE QUADRO ELÉTRICO PARA BOMBAS TRIFÁSICAS ATÉ 25 CV (NÃO INCLUI O FORNECIMENTO DO QUADRO). AF_12/2020","UN","COEFICIENTE DE REPRESENTATIVIDADE",67.92,"CAIXA REFERENCIAL"]
["INSTALACOES HIDRO SANITARIAS","INHI","SERVICOS DIVERSOS","0297","","",102137,"CHAVE DE BOIA AUTOMÁTICA SUPERIOR/INFERIOR 15A/250V - FORNECIMENTO E INSTALAÇÃO. AF_12/2020","UN","COEFICIENTE DE REPRESENTATIVIDADE",89.48,"CAIXA REFERENCIAL"]
["INSTALACOES HIDRO SANITARIAS","INHI","SERVICOS DIVERSOS","0297","","",102138,"MOTO BOMBA HORIZONTAL DE 12,5 A 25 CV, HM 140 M (NÃO INCLUI O FORNECIMENTO DA BOMBA). AF_12/2020","UN","ATRIBUÍDO SÃO PAULO",204.27,"CAIXA REFERENCIAL"]
["INSTALACOES HIDRO SANITARIAS","INHI","SERVICOS DIVERSOS","0297","","",103517,"AQUECEDOR SOLAR COMPACTO, KIT PARA 1 COLETOR SOLAR EM VIDRO TEMPERADO E SERPENTINA EM TUBO DE COBRE COM SUPORTE, RESERVATÓRIO, FIXAÇÕES E TUBOS - FORNECIMENTO E INSTALAÇÃO. AF_12/2021","UN","ATRIBUÍDO SÃO PAULO",3582.26,"CAIXA REFERENCIAL"]
["INSTALACOES HIDRO SANITARIAS","INHI","SERVICOS DIVERSOS","0297","","",103519,"BLOCO CONCRETADO NO LOCAL, 20X20X15CM, PARA BASE DE FIXAÇÃO DA ESTRUTURA SOLAR PARA LAJE DE CONCRETO - FORNECIMENTO E INSTALAÇÃO. AF_12/2021","UN","ATRIBUÍDO SÃO PAULO",11.2,"CAIXA REFERENCIAL"]
["INSTALACOES HIDRO SANITARIAS","INHI","SERVICOS DIVERSOS","0297","","",103520,"RESERVATÓRIO TÉRMICO/BOILER SOLAR EM AÇO INOX 400 L COM 2 PLACAS COLETORAS EM VIDRO TEMPERADO COM SERPENTINA EM TUBO DE COBRE 2 X 1 M - FORNECIMENTO E INSTALAÇÃO. AF_12/2021","UN","ATRIBUÍDO SÃO PAULO",5927.19,"CAIXA REFERENCIAL"]
["INSTALACOES HIDRO SANITARIAS","INHI","SERVICOS DIVERSOS","0297","","",103521,"RESERVATÓRIO TÉRMICO/BOILER SOLAR EM AÇO INOX 600 L COM 3 PLACAS COLETORAS EM VIDRO TEMPERADO COM SERPENTINA EM TUBO DE COBRE 2 X 1 M - FORNECIMENTO E INSTALAÇÃO. AF_12/2021","UN","ATRIBUÍDO SÃO PAULO",7869.63,"CAIXA REFERENCIAL"]
["INSTALACOES HIDRO SANITARIAS","INHI","SERVICOS DIVERSOS","0297","","",103522,"RESERVATÓRIO TÉRMICO/BOILER SOLAR EM AÇO INOX 800 L COM 4 PLACAS COLETORAS EM VIDRO TEMPERADO COM SERPENTINA EM TUBO DE COBRE 2 X 1 M - FORNECIMENTO E INSTALAÇÃO. AF_12/2021","UN","ATRIBUÍDO SÃO PAULO",7960,"CAIXA REFERENCIAL"]
["INSTALACOES HIDRO SANITARIAS","INHI","SERVICOS DIVERSOS","0297","","",103523,"RESERVATÓRIO TÉRMICO/BOILER SOLAR EM AÇO INOX 1000 L COM 5 PLACAS COLETORAS EM VIDRO TEMPERADO COM SERPENTINA EM TUBO DE COBRE 2 X 1 M - FORNECIMENTO E INSTALAÇÃO. AF_12/2021","UN","ATRIBUÍDO SÃO PAULO",11966.58,"CAIXA REFERENCIAL"]
["INSTALACOES HIDRO SANITARIAS","INHI","SERVICOS DIVERSOS","0297","","",104660,"CONJUNTO DE PONTOS HIDRÁULICOS DE ÁGUA FRIA PARA BANHEIRO (RAMAL/SUB-RAMAL E DISTRIBUIÇÃO) EM PVC, COM TUBOS, CONEXÕES, REGISTROS, CORTES E FIXAÇÕES EM PRÉDIO COM TUBULAÇÕES EMBUTIDAS COM RASGO. AF_05/2023","UN","ATRIBUÍDO SÃO PAULO",1272.52,"CAIXA REFERENCIAL"]
["INSTALACOES HIDRO SANITARIAS","INHI","SERVICOS DIVERSOS","0297","","",104661,"CONJUNTO DE PONTOS HIDRÁULICOS DE ÁGUA FRIA PARA COZINHA (RAMAL/SUB-RAMAL E DISTRIBUIÇÃO) EM PVC, COM TUBOS, CONEXÕES, REGISTROS, CORTES E FIXAÇÕES EM PRÉDIO COM TUBULAÇÕES EMBUTIDAS COM RASGO. AF_05/2023","UN","ATRIBUÍDO SÃO PAULO",559.97,"CAIXA REFERENCIAL"]
["INSTALACOES HIDRO SANITARIAS","INHI","SERVICOS DIVERSOS","0297","","",104662,"CONJUNTO DE PONTOS HIDRÁULICOS DE ÁGUA FRIA PARA ÁREA DE SERVIÇO (RAMAL/SUB-RAMAL E DISTRIBUIÇÃO) EM PVC, COM TUBOS, CONEXÕES, REGISTROS, CORTES E FIXAÇÕES EM PRÉDIO COM TUBULAÇÕES EMBUTIDAS COM RASGO. AF_05/2023","UN","ATRIBUÍDO SÃO PAULO",391.99,"CAIXA REFERENCIAL"]
["INSTALACOES HIDRO SANITARIAS","INHI","SERVICOS DIVERSOS","0297","","",104663,"CONJUNTO DE PONTOS HIDRÁULICOS DE ÁGUA FRIA PARA BANHEIRO (RAMAL/SUB-RAMAL E DISTRIBUIÇÃO) EM PVC, COM TUBOS, CONEXÕES, REGISTROS, CORTES E FIXAÇÕES EM PRÉDIO (PRUMADA INDIVIDUAL), COM TUBULAÇÕES APARENTES OU EMBUTIDAS SEM RASGO. AF_05/2023","UN","ATRIBUÍDO SÃO PAULO",503.59,"CAIXA REFERENCIAL"]
["INSTALACOES HIDRO SANITARIAS","INHI","SERVICOS DIVERSOS","0297","","",104664,"CONJUNTO DE PONTOS HIDRÁULICOS DE ÁGUA FRIA PARA COZINHA OU SERVIÇO (RAMAL/SUB-RAMAL E DISTRIBUIÇÃO) EM PVC, COM TUBOS, CONEXÕES, REGISTROS, CORTES E FIXAÇÕES EM PRÉDIO (PRUMADA INDIVIDUAL), COM TUBULAÇÕES APARENTES OU EMBUTIDAS SEM RASGO. AF_05/2023","UN","ATRIBUÍDO SÃO PAULO",155.03,"CAIXA REFERENCIAL"]
["INSTALACOES HIDRO SANITARIAS","INHI","SERVICOS DIVERSOS","0297","","",104665,"CONJUNTO DE PONTOS HIDRÁULICOS DE ÁGUA FRIA PARA BANHEIRO (RAMAL/SUB-RAMAL E DISTRIBUIÇÃO) EM PVC, COM TUBOS, CONEXÕES, REGISTROS, CORTES E FIXAÇÕES EM PRÉDIO (PRUMADA COLETIVA), COM TUBULAÇÕES APARENTES OU EMBUTIDAS SEM RASGO. AF_05/2023","UN","ATRIBUÍDO SÃO PAULO",642.63,"CAIXA REFERENCIAL"]
["INSTALACOES HIDRO SANITARIAS","INHI","SERVICOS DIVERSOS","0297","","",104666,"CONJUNTO DE PONTOS HIDRÁULICOS DE ÁGUA FRIA PARA COZINHA OU SERVIÇO (RAMAL/SUB-RAMAL E DISTRIBUIÇÃO) EM PVC, COM  TUBOS, CONEXÕES, REGISTROS, CORTES E FIXAÇÕES EM PRÉDIO (PRUMADA COLETIVA) SEM RASGO . AF_05/2023","UN","ATRIBUÍDO SÃO PAULO",301.70999999999998,"CAIXA REFERENCIAL"]
["INSTALACOES HIDRO SANITARIAS","INHI","SERVICOS DIVERSOS","0297","","",104671,"CONJUNTO DE PONTOS HIDRÁULICOS DE ÁGUA QUENTE PARA BANHEIRO (RAMAL/SUB-RAMAL E DISTRIBUIÇÃO) EM CPVC, COM  TUBOS, CONEXÕES, REGISTROS, CORTES E FIXAÇÕES EM PRÉDIO COM TUBULAÇÕES EMBUTIDAS EM RASGO. AF_05/2023","UN","ATRIBUÍDO SÃO PAULO",1102.93,"CAIXA REFERENCIAL"]
["INSTALACOES HIDRO SANITARIAS","INHI","SERVICOS DIVERSOS","0297","","",104672,"CONJUNTO DE PONTOS HIDRÁULICOS DE ÁGUA QUENTE PARA COZINHA (RAMAL/SUB-RAMAL E DISTRIBUIÇÃO) EM CPVC, COM  TUBOS, CONEXÕES, REGISTROS, CORTES E FIXAÇÕES EM PRÉDIO COM TUBULAÇÕES EMBUTIDAS EM RASGO. AF_05/2023","UN","ATRIBUÍDO SÃO PAULO",399.5,"CAIXA REFERENCIAL"]
["INSTALACOES HIDRO SANITARIAS","INHI","SERVICOS DIVERSOS","0297","","",104673,"CONJUNTO DE PONTOS HIDRÁULICOS DE ÁGUA QUENTE PARA BANHEIRO(RAMAL/SUB-RAMAL E DISTRIBUIÇÃO) EM CPVC, COM  TUBOS, CONEXÕES, REGISTROS, CORTES E FIXAÇÕES EM PRÉDIO COM TUBULAÇÕES APARENTES OU EMBUTIDAS SEM RASGO. AF_05/2023","UN","ATRIBUÍDO SÃO PAULO",680.04,"CAIXA REFERENCIAL"]
["INSTALACOES HIDRO SANITARIAS","INHI","SERVICOS DIVERSOS","0297","","",104676,"CONJUNTO DE PONTOS DE COLETA DE ESGOTO PARA BANHEIRO (RAMAL DE ESGOTO SANITÁRIO), EM PVC SÉRIE NORMAL, COM  TUBOS, CONEXÕES, RALOS, CAIXAS SIFONADAS, CORTES E FIXAÇÕES EM PRÉDIO COM PRUMADA DE DESCIDA DE ESGOTO DENTRO DO BANHEIRO. AF_05/2023","UN","ATRIBUÍDO SÃO PAULO",359.85,"CAIXA REFERENCIAL"]
["INSTALACOES HIDRO SANITARIAS","INHI","SERVICOS DIVERSOS","0297","","",104677,"CONJUNTO DE PONTOS DE COLETA DE ESGOTO PARA BANHEIRO (RAMAL DE ESGOTO SANITÁRIO), EM PVC SÉRIE NORMAL, COM  TUBOS, CONEXÕES, RALOS, CAIXAS SIFONADAS, CORTES E FIXAÇÕES EM PRÉDIO COM PRUMADA DE DESCIDA DE ESGOTO FORA DO BANHEIRO. AF_05/2023","UN","ATRIBUÍDO SÃO PAULO",597.28,"CAIXA REFERENCIAL"]
["INSTALACOES HIDRO SANITARIAS","INHI","SERVICOS DIVERSOS","0297","","",104678,"CONJUNTO DE PONTOS DE COLETA DE ESGOTO PARA COZINHA (RAMAL DE ESGOTO SANITÁRIO), EM PVC SÉRIE NORMAL, COM  TUBOS, CONEXÕES, CORTES E FIXAÇÕES EM PRÉDIO. AF_05/2023","UN","ATRIBUÍDO SÃO PAULO",142.26,"CAIXA REFERENCIAL"]
["INSTALACOES HIDRO SANITARIAS","INHI","SERVICOS DIVERSOS","0297","","",104679,"CONJUNTO DE PONTOS DE COLETA DE ESGOTO PARA ÁREA DE SERVIÇO (RAMAL DE ESGOTO SANITÁRIO), EM PVC SÉRIE NORMAL, COM  TUBOS, CONEXÕES, RALOS, CAIXAS SIFONADAS, CORTES E FIXAÇÕES EM PRÉDIO. AF_05/2023","UN","ATRIBUÍDO SÃO PAULO",151.09,"CAIXA REFERENCIAL"]
["INSTALACOES HIDRO SANITARIAS","INHI","SERVICOS DIVERSOS","0297","","",104767,"FURO MECANIZADO EM ALVENARIA, PARA INSTALAÇÕES HIDRÁULICAS, DIÂMETROS MENORES OU IGUAIS A 40 MM. AF_09/2023","UN","COEFICIENTE DE REPRESENTATIVIDADE",0.55000000000000004,"CAIXA REFERENCIAL"]
["INSTALACOES HIDRO SANITARIAS","INHI","SERVICOS DIVERSOS","0297","","",104769,"FURO MECANIZADO EM ALVENARIA, PARA INSTALAÇÕES HIDRÁULICAS, DIÂMETROS MAIORES QUE 40 MM E MENORES OU IGUAIS A 75 MM. AF_09/2023","UN","COEFICIENTE DE REPRESENTATIVIDADE",1.5,"CAIXA REFERENCIAL"]
["INSTALACOES HIDRO SANITARIAS","INHI","SERVICOS DIVERSOS","0297","","",104771,"FURO MECANIZADO EM ALVENARIA, PARA INSTALAÇÕES HIDRÁULICAS, DIÂMETROS MAIORES QUE 75 MM E MENORES OU IGUAIS A 100 MM. AF_09/2023","UN","COEFICIENTE DE REPRESENTATIVIDADE",2.19,"CAIXA REFERENCIAL"]
["INSTALACOES HIDRO SANITARIAS","INHI","SERVICOS DIVERSOS","0297","","",104773,"FURO MECANIZADO EM CONCRETO, COM PERFURATRIZ, PARA INSTALAÇÕES HIDRÁULICAS, DIÂMETROS MENORES OU IGUAIS A 40 MM. AF_09/2023","UN","COEFICIENTE DE REPRESENTATIVIDADE",1.96,"CAIXA REFERENCIAL"]
["INSTALACOES HIDRO SANITARIAS","INHI","SERVICOS DIVERSOS","0297","","",104775,"FURO MECANIZADO EM CONCRETO, COM PERFURATRIZ, PARA INSTALAÇÕES HIDRÁULICAS, DIÂMETROS MAIORES QUE 40 MM E MENORES OU IGUAIS A 75 MM. AF_09/2023","UN","COEFICIENTE DE REPRESENTATIVIDADE",5.23,"CAIXA REFERENCIAL"]
["INSTALACOES HIDRO SANITARIAS","INHI","SERVICOS DIVERSOS","0297","","",104777,"FURO MECANIZADO EM CONCRETO, COM PERFURATRIZ, PARA INSTALAÇÕES HIDRÁULICAS, DIÂMETROS MAIORES QUE 75 MM E MENORES OU IGUAIS A 150 MM. AF_09/2023","UN","COEFICIENTE DE REPRESENTATIVIDADE",7.65,"CAIXA REFERENCIAL"]
["INSTALACOES HIDRO SANITARIAS","INHI","SERVICOS DIVERSOS","0297","","",104779,"RASGO LINEAR MECANIZADO EM ALVENARIA, PARA RAMAIS/ DISTRIBUIÇÃO DE INSTALAÇÕES HIDRÁULICAS, DIÂMETROS MENORES OU IGUAIS A 40 MM. AF_09/2023","M","COEFICIENTE DE REPRESENTATIVIDADE",6.52,"CAIXA REFERENCIAL"]
["INSTALACOES HIDRO SANITARIAS","INHI","SERVICOS DIVERSOS","0297","","",104781,"RASGO LINEAR MECANIZADO EM ALVENARIA, PARA RAMAIS/ DISTRIBUIÇÃO DE INSTALAÇÕES HIDRÁULICAS, DIÂMETROS MAIORES QUE 40 MM E MENORES OU IGUAIS A 75 MM. AF_09/2023","M","COEFICIENTE DE REPRESENTATIVIDADE",7.54,"CAIXA REFERENCIAL"]
["INSTALACOES HIDRO SANITARIAS","INHI","SERVICOS DIVERSOS","0297","","",104782,"PASSANTE TIPO PEÇA EM FÔRMA DE MADEIRA, FIXADO EM LAJE, PARA PASSAGEM DE NO MÁXIMO 5 TUBOS DE 50 MM DE DIÂMETRO. AF_09/2023","UN","COEFICIENTE DE REPRESENTATIVIDADE",62.13,"CAIXA REFERENCIAL"]
["INSTALACOES HIDRO SANITARIAS","INHI","SERVICOS DIVERSOS","0297","","",104783,"PASSANTE TIPO TUBO COM DIÂMETRO DE 50 MM, FIXADO EM LAJE, PARA PASSAGEM DE TUBULAÇÕES COM NO MÁXIMO 40 MM DE DIÂMETRO. AF_09/2023","UN","COEFICIENTE DE REPRESENTATIVIDADE",4.3899999999999997,"CAIXA REFERENCIAL"]
["INSTALACOES HIDRO SANITARIAS","INHI","SERVICOS DIVERSOS","0297","","",104784,"PASSANTE TIPO TUBO COM DIÂMETRO DE 150 MM, FIXADO EM LAJE, PARA PASSAGEM DE TUBULAÇÕES COM NO MÁXIMO 100 MM DE DIÂMETRO. AF_09/2023","UN","COEFICIENTE DE REPRESENTATIVIDADE",11.88,"CAIXA REFERENCIAL"]
["INSTALACOES HIDRO SANITARIAS","INHI","SERVICOS DIVERSOS","0297","","",104786,"RASGO LINEAR MECANIZADO EM CONCRETO, PARA RAMAIS/ DISTRIBUIÇÃO DE INSTALAÇÕES HIDRÁULICAS, DIÂMETROS MENORES OU IGUAIS A 40 MM. AF_09/2023","M","COEFICIENTE DE REPRESENTATIVIDADE",6.87,"CAIXA REFERENCIAL"]
["INSTALACOES HIDRO SANITARIAS","INHI","SERVICOS DIVERSOS","0297","","",104787,"RASGO LINEAR MECANIZADO EM CONCRETO, PARA RAMAIS/ DISTRIBUIÇÃO DE INSTALAÇÕES HIDRÁULICAS, DIÂMETROS MAIORES QUE 40 MM E MENORES OU IGUAIS A 75 MM. AF_09/2023","M","COEFICIENTE DE REPRESENTATIVIDADE",9.1199999999999992,"CAIXA REFERENCIAL"]
["INSTALACOES HIDRO SANITARIAS","INHI","SERVICOS DIVERSOS","0297","","",104788,"RASGO LINEAR MECANIZADO EM CONCRETO, PARA RAMAIS/ DISTRIBUIÇÃO DE INSTALAÇÕES HIDRÁULICAS, DIÂMETROS MAIORES QUE 75 MM E MENORES OU IGUAIS A 100 MM. AF_09/2023","M","COEFICIENTE DE REPRESENTATIVIDADE",12.11,"CAIXA REFERENCIAL"]
["LIGACOES PREDIAIS AGUA/ESGOTO/ENERGIA/TELEFONE","LIPR","LIGACOES PREDIAIS DE AGUA","0058","","",104031,"COLAR DE TOMADA, PVC, COM TRAVAS, DE 60 MM X 1/2\" OU 60 MM X 3/4\", PARA LIGAÇÃO PREDIAL DE ÁGUA. AF_06/2022","UN","ATRIBUÍDO SÃO PAULO",17.899999999999999,"CAIXA REFERENCIAL"]
["LIGACOES PREDIAIS AGUA/ESGOTO/ENERGIA/TELEFONE","LIPR","LIGACOES PREDIAIS DE AGUA","0058","","",104032,"COLAR DE TOMADA, PVC, COM TRAVAS, DE 75 MM X 1/2\" OU 75 MM X 3/4\", PARA LIGAÇÃO PREDIAL DE ÁGUA. AF_06/2022","UN","ATRIBUÍDO SÃO PAULO",22.44,"CAIXA REFERENCIAL"]
["LIGACOES PREDIAIS AGUA/ESGOTO/ENERGIA/TELEFONE","LIPR","LIGACOES PREDIAIS DE AGUA","0058","","",104033,"COLAR DE TOMADA, PVC, COM TRAVAS, DE 85 MM X 1/2\" OU 85 MM X 3/4\", PARA LIGAÇÃO PREDIAL DE ÁGUA. AF_06/2022","UN","ATRIBUÍDO SÃO PAULO",20.5,"CAIXA REFERENCIAL"]
["LIGACOES PREDIAIS AGUA/ESGOTO/ENERGIA/TELEFONE","LIPR","LIGACOES PREDIAIS DE AGUA","0058","","",104034,"COLAR DE TOMADA, PVC, COM TRAVAS, DE 110 MM X 1/2\" OU 110 MM X 3/4\", PARA LIGAÇÃO PREDIAL DE ÁGUA. AF_06/2022","UN","ATRIBUÍDO SÃO PAULO",26.64,"CAIXA REFERENCIAL"]
["LIGACOES PREDIAIS AGUA/ESGOTO/ENERGIA/TELEFONE","LIPR","LIGACOES PREDIAIS DE AGUA","0058","","",104035,"COLAR DE TOMADA, POLIPROPILENO, COM PARAFUSOS, 63 MM X 1/2\", PARA LIGAÇÃO PREDIAL DE ÁGUA. AF_06/2022","UN","ATRIBUÍDO SÃO PAULO",36.24,"CAIXA REFERENCIAL"]
["LIGACOES PREDIAIS AGUA/ESGOTO/ENERGIA/TELEFONE","LIPR","LIGACOES PREDIAIS DE AGUA","0058","","",104036,"COLAR DE TOMADA, POLIPROPILENO, COM PARAFUSOS, 63 MM X 3/4\", PARA LIGAÇÃO PREDIAL DE ÁGUA. AF_06/2022","UN","ATRIBUÍDO SÃO PAULO",37.39,"CAIXA REFERENCIAL"]
["LIGACOES PREDIAIS AGUA/ESGOTO/ENERGIA/TELEFONE","LIPR","LIGACOES PREDIAIS DE AGUA","0058","","",104039,"TÊ DE SERVIÇO INTEGRADO, POLIPROPILENO, PARA TUBOS EM PEAD, 63 MM X 20 MM, PARA LIGAÇÃO PREDIAL DE ÁGUA. AF_06/2022","UN","ATRIBUÍDO SÃO PAULO",70.91,"CAIXA REFERENCIAL"]
["LIGACOES PREDIAIS AGUA/ESGOTO/ENERGIA/TELEFONE","LIPR","LIGACOES PREDIAIS DE AGUA","0058","","",104043,"ADAPTADOR, POLIPROPILENO, PARA TUBOS EM PEAD, 20 MM X 1/2\", PARA LIGAÇÃO PREDIAL DE ÁGUA. AF_06/2022","UN","ATRIBUÍDO SÃO PAULO",8.07,"CAIXA REFERENCIAL"]
["LIGACOES PREDIAIS AGUA/ESGOTO/ENERGIA/TELEFONE","LIPR","LIGACOES PREDIAIS DE AGUA","0058","","",104044,"ADAPTADOR, POLIPROPILENO, PARA TUBOS EM PEAD, 20 MM X 3/4\", PARA LIGAÇÃO PREDIAL DE ÁGUA. AF_06/2022","UN","ATRIBUÍDO SÃO PAULO",8.5500000000000007,"CAIXA REFERENCIAL"]
["LIGACOES PREDIAIS AGUA/ESGOTO/ENERGIA/TELEFONE","LIPR","LIGACOES PREDIAIS DE AGUA","0058","","",104045,"ADAPTADOR, POLIPROPILENO, PARA TUBOS EM PEAD, 32 MM X 1\", PARA LIGAÇÃO PREDIAL DE ÁGUA. AF_06/2022","UN","ATRIBUÍDO SÃO PAULO",13.52,"CAIXA REFERENCIAL"]
["LIGACOES PREDIAIS AGUA/ESGOTO/ENERGIA/TELEFONE","LIPR","LIGACOES PREDIAIS DE AGUA","0058","","",104046,"COTOVELO/JOELHO COM ADAPTADOR, POLIPROPILENO, PARA TUBOS EM PEAD, 20 MM X 1/2\", PARA LIGAÇÃO PREDIAL DE ÁGUA. AF_06/2022","UN","ATRIBUÍDO SÃO PAULO",7.7,"CAIXA REFERENCIAL"]
["LIGACOES PREDIAIS AGUA/ESGOTO/ENERGIA/TELEFONE","LIPR","LIGACOES PREDIAIS DE AGUA","0058","","",104047,"COTOVELO/JOELHO COM ADAPTADOR, POLIPROPILENO, PARA TUBOS EM PEAD, 20 MM X 3/4\", PARA LIGAÇÃO PREDIAL DE ÁGUA. AF_06/2022","UN","ATRIBUÍDO SÃO PAULO",8.92,"CAIXA REFERENCIAL"]
["LIGACOES PREDIAIS AGUA/ESGOTO/ENERGIA/TELEFONE","LIPR","LIGACOES PREDIAIS DE AGUA","0058","","",104048,"COTOVELO/JOELHO COM ADAPTADOR, POLIPROPILENO, PARA TUBOS EM PEAD, 32 MM X 1\", PARA LIGAÇÃO PREDIAL DE ÁGUA. AF_06/2022","UN","ATRIBUÍDO SÃO PAULO",13.19,"CAIXA REFERENCIAL"]
["LIGACOES PREDIAIS AGUA/ESGOTO/ENERGIA/TELEFONE","LIPR","LIGACOES PREDIAIS DE AGUA","0058","","",104049,"ADAPTADOR, PVC, CURTO COM BOLSA E ROSCA, 20 MM X 1/2\", PARA LIGAÇÃO PREDIAL DE ÁGUA. AF_06/2022","UN","COEFICIENTE DE REPRESENTATIVIDADE",5.4,"CAIXA REFERENCIAL"]
["LIGACOES PREDIAIS AGUA/ESGOTO/ENERGIA/TELEFONE","LIPR","LIGACOES PREDIAIS DE AGUA","0058","","",104050,"ADAPTADOR, PVC, CURTO COM BOLSA E ROSCA, 32 MM X 1\", PARA LIGAÇÃO PREDIAL DE ÁGUA. AF_06/2022","UN","COEFICIENTE DE REPRESENTATIVIDADE",8.1300000000000008,"CAIXA REFERENCIAL"]
["LIGACOES PREDIAIS AGUA/ESGOTO/ENERGIA/TELEFONE","LIPR","LIGACOES PREDIAIS DE AGUA","0058","","",104051,"COTOVELO/JOELHO 90°, POLIPROPILENO, PARA TUBOS EM PEAD, 20 X 20 MM, PARA LIGAÇÃO PREDIAL DE ÁGUA. AF_06/2022","UN","ATRIBUÍDO SÃO PAULO",7.2,"CAIXA REFERENCIAL"]
["LIGACOES PREDIAIS AGUA/ESGOTO/ENERGIA/TELEFONE","LIPR","LIGACOES PREDIAIS DE AGUA","0058","","",104052,"COTOVELO/JOELHO 90°, POLIPROPILENO, PARA TUBOS EM PEAD, 32 X 32 MM, PARA LIGAÇÃO PREDIAL DE ÁGUA. AF_06/2022","UN","ATRIBUÍDO SÃO PAULO",10.08,"CAIXA REFERENCIAL"]
["LIGACOES PREDIAIS AGUA/ESGOTO/ENERGIA/TELEFONE","LIPR","LIGACOES PREDIAIS DE AGUA","0058","","",104053,"UNIÃO, POLIPROPILENO, PARA TUBOS EM PEAD, 20 MM, PARA LIGAÇÃO PREDIAL DE ÁGUA. AF_06/2022","UN","ATRIBUÍDO SÃO PAULO",8.41,"CAIXA REFERENCIAL"]
["LIGACOES PREDIAIS AGUA/ESGOTO/ENERGIA/TELEFONE","LIPR","LIGACOES PREDIAIS DE AGUA","0058","","",104054,"UNIÃO, POLIPROPILENO, PARA TUBOS EM PEAD, 32 MM, PARA LIGAÇÃO PREDIAL DE ÁGUA. AF_06/2022","UN","ATRIBUÍDO SÃO PAULO",16.77,"CAIXA REFERENCIAL"]
["LIGACOES PREDIAIS AGUA/ESGOTO/ENERGIA/TELEFONE","LIPR","LIGACOES PREDIAIS DE AGUA","0058","","",104055,"REGISTRO ESFERA, PVC, DE PASSEIO, PARA POLIETILENO, 20 MM, PARA LIGAÇÃO PREDIAL DE ÁGUA. AF_06/2022","UN","COEFICIENTE DE REPRESENTATIVIDADE",15.69,"CAIXA REFERENCIAL"]
["LIGACOES PREDIAIS AGUA/ESGOTO/ENERGIA/TELEFONE","LIPR","LIGACOES PREDIAIS DE AGUA","0058","","",104056,"REGISTRO ESFERA, PVC, COM ROSCA, 1/2\", PARA LIGAÇÃO PREDIAL DE ÁGUA. AF_06/2022","UN","COEFICIENTE DE REPRESENTATIVIDADE",23.65,"CAIXA REFERENCIAL"]
["LIGACOES PREDIAIS AGUA/ESGOTO/ENERGIA/TELEFONE","LIPR","LIGACOES PREDIAIS DE AGUA","0058","","",104058,"LUVA, PVC, ROSCÁVEL, 1/2\", PARA LIGAÇÃO PREDIAL DE ÁGUA. AF_06/2022","UN","COEFICIENTE DE REPRESENTATIVIDADE",6.02,"CAIXA REFERENCIAL"]
["LIGACOES PREDIAIS AGUA/ESGOTO/ENERGIA/TELEFONE","LIPR","LIGACOES PREDIAIS DE AGUA","0058","","",104059,"LUVA, PVC, ROSCÁVEL, 1\", PARA LIGAÇÃO PREDIAL DE ÁGUA. AF_06/2022","UN","COEFICIENTE DE REPRESENTATIVIDADE",10.220000000000001,"CAIXA REFERENCIAL"]
["LIGACOES PREDIAIS AGUA/ESGOTO/ENERGIA/TELEFONE","LIPR","LIGACOES PREDIAIS DE AGUA","0058","","",104060,"TUBO, PEAD, PE-80, DE = 20 MM X 2,3 MM, PARA LIGAÇÃO PREDIAL DE ÁGUA. AF_06/2022","M","ATRIBUÍDO SÃO PAULO",8.5299999999999994,"CAIXA REFERENCIAL"]
["LIGACOES PREDIAIS AGUA/ESGOTO/ENERGIA/TELEFONE","LIPR","LIGACOES PREDIAIS DE AGUA","0058","","",104061,"TUBO, PEAD, PE-80, DE = 32 MM X 3,0 MM, PARA LIGAÇÃO PREDIAL DE ÁGUA. AF_06/2022","M","ATRIBUÍDO SÃO PAULO",15.34,"CAIXA REFERENCIAL"]
["LIGACOES PREDIAIS AGUA/ESGOTO/ENERGIA/TELEFONE","LIPR","LIGACOES PREDIAIS DE ESGOTO","0059","","",104062,"CURVA LONGA, 90 GRAUS, PVC OCRE, JUNTA ELÁSTICA, DN 100 MM, PARA COLETOR PREDIAL DE ESGOTO. AF_06/2022","UN","COEFICIENTE DE REPRESENTATIVIDADE",60.76,"CAIXA REFERENCIAL"]
["LIGACOES PREDIAIS AGUA/ESGOTO/ENERGIA/TELEFONE","LIPR","LIGACOES PREDIAIS DE ESGOTO","0059","","",104063,"CURVA LONGA, 45 GRAUS, PVC OCRE, JUNTA ELÁSTICA, DN 100 MM, PARA COLETOR PREDIAL DE ESGOTO. AF_06/2022","UN","COEFICIENTE DE REPRESENTATIVIDADE",57.9,"CAIXA REFERENCIAL"]
["LIGACOES PREDIAIS AGUA/ESGOTO/ENERGIA/TELEFONE","LIPR","LIGACOES PREDIAIS DE ESGOTO","0059","","",104064,"CURVA LONGA, 90 GRAUS, PVC OCRE, JUNTA ELÁSTICA, DN 150 MM, PARA COLETOR PREDIAL DE ESGOTO. AF_06/2022","UN","COEFICIENTE DE REPRESENTATIVIDADE",147.53,"CAIXA REFERENCIAL"]
["LIGACOES PREDIAIS AGUA/ESGOTO/ENERGIA/TELEFONE","LIPR","LIGACOES PREDIAIS DE ESGOTO","0059","","",104065,"CURVA LONGA, 45 GRAUS, PVC OCRE, JUNTA ELÁSTICA, DN 150 MM, PARA COLETOR PREDIAL DE ESGOTO. AF_06/2022","UN","COEFICIENTE DE REPRESENTATIVIDADE",125.97,"CAIXA REFERENCIAL"]
["LIGACOES PREDIAIS AGUA/ESGOTO/ENERGIA/TELEFONE","LIPR","LIGACOES PREDIAIS DE ESGOTO","0059","","",104072,"TÊ, PVC OCRE, JUNTA ELÁSTICA, DN 200 MM, PARA COLETOR PREDIAL DE ESGOTO. AF_06/2022","UN","COEFICIENTE DE REPRESENTATIVIDADE",246.09,"CAIXA REFERENCIAL"]
["LIGACOES PREDIAIS AGUA/ESGOTO/ENERGIA/TELEFONE","LIPR","LIGACOES PREDIAIS DE ESGOTO","0059","","",104076,"SELIM, PVC OCRE, COM TRAVA, DN 125 X 100 MM OU 150 X 100 MM, PARA COLETOR PREDIAL DE ESGOTO. AF_06/2022","UN","COEFICIENTE DE REPRESENTATIVIDADE",38.409999999999997,"CAIXA REFERENCIAL"]
["LIGACOES PREDIAIS AGUA/ESGOTO/ENERGIA/TELEFONE","LIPR","LIGACOES PREDIAIS DE ESGOTO","0059","","",104082,"PLUG, PVC OCRE, JUNTA ELÁSTICA, DN 100 MM, PARA COLETOR PREDIAL DE ESGOTO. AF_06/2022","UN","COEFICIENTE DE REPRESENTATIVIDADE",26.14,"CAIXA REFERENCIAL"]
["LIGACOES PREDIAIS AGUA/ESGOTO/ENERGIA/TELEFONE","LIPR","LIGACOES PREDIAIS DE ESGOTO","0059","","",104083,"PLUG, PVC OCRE, JUNTA ELÁSTICA, DN 150 MM, PARA COLETOR PREDIAL DE ESGOTO. AF_06/2022","UN","COEFICIENTE DE REPRESENTATIVIDADE",63.72,"CAIXA REFERENCIAL"]
["LIGACOES PREDIAIS AGUA/ESGOTO/ENERGIA/TELEFONE","LIPR","LIGACOES PREDIAIS DE ESGOTO","0059","","",104084,"CAP, PVC OCRE, JUNTA ELÁSTICA, DN 150 MM, PARA COLETOR PREDIAL DE ESGOTO. AF_06/2022","UN","COEFICIENTE DE REPRESENTATIVIDADE",71.849999999999994,"CAIXA REFERENCIAL"]
["LIGACOES PREDIAIS AGUA/ESGOTO/ENERGIA/TELEFONE","LIPR","LIGACOES PREDIAIS DE ESGOTO","0059","","",104085,"TUBO, PVC OCRE, JUNTA ELÁSTICA, DN 100 MM, PARA COLETOR PREDIAL DE ESGOTO. AF_06/2022","M","COEFICIENTE DE REPRESENTATIVIDADE",44.84,"CAIXA REFERENCIAL"]
["LIGACOES PREDIAIS AGUA/ESGOTO/ENERGIA/TELEFONE","LIPR","LIGACOES PREDIAIS DE ESGOTO","0059","","",104086,"TUBO, PVC OCRE, JUNTA ELÁSTICA, DN 150 MM, PARA COLETOR PREDIAL DE ESGOTO. AF_06/2022","M","COEFICIENTE DE REPRESENTATIVIDADE",79.239999999999995,"CAIXA REFERENCIAL"]
["MOVIMENTO DE TERRA","MOVT","DRAGAGEM","0017","","",104947,"DRAGAGEM DE MATERIAIS DE 1A CATEGORIA E COMPOSTOS ORGÂNICOS E INORGÂNICOS COM RETROESCAVADEIRA (CAÇAMBA: 0,26 M3/88 HP). AF_03/2024","M3","COEFICIENTE DE REPRESENTATIVIDADE",12.6,"CAIXA REFERENCIAL"]
["MOVIMENTO DE TERRA","MOVT","DRAGAGEM","0017","","",104948,"DRAGAGEM DE MATERIAIS DE 1A CATEGORIA E COMPOSTOS ORGÂNICOS E INORGÂNICOS COM ESCAVADEIRA HIDRÁULICA (CAÇAMBA: 0,80 M3/111 HP). AF_03/2024","M3","COLETADO",5.3,"CAIXA REFERENCIAL"]
["MOVIMENTO DE TERRA","MOVT","CORTE/ESCAVACAO EM JAZIDAS OU CAMPO ABERTO","0018","","",96520,"ESCAVAÇÃO MECANIZADA PARA BLOCO DE COROAMENTO OU SAPATA COM RETROESCAVADEIRA (SEM ESCAVAÇÃO PARA COLOCAÇÃO DE FÔRMAS). AF_01/2024","M3","COEFICIENTE DE REPRESENTATIVIDADE",91.28,"CAIXA REFERENCIAL"]
["MOVIMENTO DE TERRA","MOVT","CORTE/ESCAVACAO EM JAZIDAS OU CAMPO ABERTO","0018","","",96521,"ESCAVAÇÃO MECANIZADA PARA BLOCO DE COROAMENTO OU SAPATA COM RETROESCAVADEIRA (INCLUINDO ESCAVAÇÃO PARA COLOCAÇÃO DE FÔRMAS). AF_01/2024","M3","COEFICIENTE DE REPRESENTATIVIDADE",43.4,"CAIXA REFERENCIAL"]
["MOVIMENTO DE TERRA","MOVT","CORTE/ESCAVACAO EM JAZIDAS OU CAMPO ABERTO","0018","","",96522,"ESCAVAÇÃO MANUAL PARA BLOCO DE COROAMENTO OU SAPATA (SEM ESCAVAÇÃO PARA COLOCAÇÃO DE FÔRMAS). AF_01/2024","M3","COLETADO",132.9,"CAIXA REFERENCIAL"]
["MOVIMENTO DE TERRA","MOVT","CORTE/ESCAVACAO EM JAZIDAS OU CAMPO ABERTO","0018","","",96523,"ESCAVAÇÃO MANUAL PARA BLOCO DE COROAMENTO OU SAPATA (INCLUINDO ESCAVAÇÃO PARA COLOCAÇÃO DE FÔRMAS). AF_01/2024","M3","COLETADO",87.98,"CAIXA REFERENCIAL"]
["MOVIMENTO DE TERRA","MOVT","CORTE/ESCAVACAO EM JAZIDAS OU CAMPO ABERTO","0018","","",96524,"ESCAVAÇÃO MECANIZADA PARA VIGA BALDRAME OU SAPATA CORRIDA COM MINI-ESCAVADEIRA (SEM ESCAVAÇÃO PARA COLOCAÇÃO DE FÔRMAS). AF_01/2024","M3","ATRIBUÍDO SÃO PAULO",149.69,"CAIXA REFERENCIAL"]
["MOVIMENTO DE TERRA","MOVT","CORTE/ESCAVACAO EM JAZIDAS OU CAMPO ABERTO","0018","","",96525,"ESCAVAÇÃO MECANIZADA PARA VIGA BALDRAME OU SAPATA CORRIDA COM MINI-ESCAVADEIRA (INCLUINDO ESCAVAÇÃO PARA COLOCAÇÃO DE FÔRMAS). AF_01/2024","M3","ATRIBUÍDO SÃO PAULO",57.61,"CAIXA REFERENCIAL"]
["MOVIMENTO DE TERRA","MOVT","CORTE/ESCAVACAO EM JAZIDAS OU CAMPO ABERTO","0018","","",96526,"ESCAVAÇÃO MANUAL PARA VIGA BALDRAME OU SAPATA CORRIDA (SEM ESCAVAÇÃO PARA COLOCAÇÃO DE FÔRMAS). AF_01/2024","M3","COLETADO",189.98,"CAIXA REFERENCIAL"]
["MOVIMENTO DE TERRA","MOVT","CORTE/ESCAVACAO EM JAZIDAS OU CAMPO ABERTO","0018","","",96527,"ESCAVAÇÃO MANUAL PARA VIGA BALDRAME OU SAPATA CORRIDA (INCLUINDO ESCAVAÇÃO PARA COLOCAÇÃO DE FÔRMAS). AF_01/2024","M3","COLETADO",96.84,"CAIXA REFERENCIAL"]
["MOVIMENTO DE TERRA","MOVT","CORTE/ESCAVACAO EM JAZIDAS OU CAMPO ABERTO","0018","","",96528,"FABRICAÇÃO, MONTAGEM E DESMONTAGEM DE FÔRMA PARA BLOCO DE COROAMENTO, EM MADEIRA SERRADA, E=25 MM, 1 UTILIZAÇÃO. AF_01/2024","M2","COEFICIENTE DE REPRESENTATIVIDADE",171.31,"CAIXA REFERENCIAL"]
["MOVIMENTO DE TERRA","MOVT","CORTE/ESCAVACAO EM JAZIDAS OU CAMPO ABERTO","0018","","",101114,"ESCAVAÇÃO HORIZONTAL EM SOLO DE 1A CATEGORIA COM TRATOR DE ESTEIRAS (100HP/LÂMINA: 2,19M3). AF_07/2020","M3","ATRIBUÍDO SÃO PAULO",4.26,"CAIXA REFERENCIAL"]
["MOVIMENTO DE TERRA","MOVT","CORTE/ESCAVACAO EM JAZIDAS OU CAMPO ABERTO","0018","","",101115,"ESCAVAÇÃO HORIZONTAL EM SOLO DE 1A CATEGORIA COM TRATOR DE ESTEIRAS (150HP/LÂMINA: 3,18M3). AF_07/2020","M3","ATRIBUÍDO SÃO PAULO",3.57,"CAIXA REFERENCIAL"]
["MOVIMENTO DE TERRA","MOVT","CORTE/ESCAVACAO EM JAZIDAS OU CAMPO ABERTO","0018","","",101116,"ESCAVAÇÃO HORIZONTAL EM SOLO DE 1A CATEGORIA COM TRATOR DE ESTEIRAS (170HP/LÂMINA: 5,20M3). AF_07/2020","M3","ATRIBUÍDO SÃO PAULO",2.2200000000000002,"CAIXA REFERENCIAL"]
["MOVIMENTO DE TERRA","MOVT","CORTE/ESCAVACAO EM JAZIDAS OU CAMPO ABERTO","0018","","",101117,"ESCAVAÇÃO HORIZONTAL EM SOLO DE 1A CATEGORIA COM TRATOR DE ESTEIRAS (347HP/LÂMINA: 8,70M3). AF_07/2020","M3","ATRIBUÍDO SÃO PAULO",3.09,"CAIXA REFERENCIAL"]
["MOVIMENTO DE TERRA","MOVT","CORTE/ESCAVACAO EM JAZIDAS OU CAMPO ABERTO","0018","","",101118,"ESCAVAÇÃO HORIZONTAL EM SOLO DE 1A CATEGORIA COM TRATOR DE ESTEIRAS (125HP/LÂMINA: 2,70M3). AF_07/2020","M3","ATRIBUÍDO SÃO PAULO",3.67,"CAIXA REFERENCIAL"]
["MOVIMENTO DE TERRA","MOVT","CORTE/ESCAVACAO EM JAZIDAS OU CAMPO ABERTO","0018","","",101119,"ESCAVAÇÃO HORIZONTAL, INCLUINDO ESCARIFICAÇÃO EM SOLO DE 2A CATEGORIA COM TRATOR DE ESTEIRAS (100HP/LÂMINA: 2,19M3). AF_07/2020","M3","ATRIBUÍDO SÃO PAULO",8.14,"CAIXA REFERENCIAL"]
["MOVIMENTO DE TERRA","MOVT","CORTE/ESCAVACAO EM JAZIDAS OU CAMPO ABERTO","0018","","",101120,"ESCAVAÇÃO HORIZONTAL, INCLUINDO ESCARIFICAÇÃO EM SOLO DE 2A CATEGORIA COM TRATOR DE ESTEIRAS (150HP/LÂMINA: 3,18M3). AF_07/2020","M3","ATRIBUÍDO SÃO PAULO",6.84,"CAIXA REFERENCIAL"]
["MOVIMENTO DE TERRA","MOVT","CORTE/ESCAVACAO EM JAZIDAS OU CAMPO ABERTO","0018","","",101121,"ESCAVAÇÃO HORIZONTAL, INCLUINDO ESCARIFICAÇÃO EM SOLO DE 2A CATEGORIA COM TRATOR DE ESTEIRAS (170HP/LÂMINA: 5,20M3). AF_07/2020","M3","ATRIBUÍDO SÃO PAULO",4.2699999999999996,"CAIXA REFERENCIAL"]
["MOVIMENTO DE TERRA","MOVT","CORTE/ESCAVACAO EM JAZIDAS OU CAMPO ABERTO","0018","","",101122,"ESCAVAÇÃO HORIZONTAL, INCLUINDO ESCARIFICAÇÃO EM SOLO DE 2A CATEGORIA COM TRATOR DE ESTEIRAS (347HP/LÂMINA: 8,70M3). AF_07/2020","M3","ATRIBUÍDO SÃO PAULO",5.91,"CAIXA REFERENCIAL"]
["MOVIMENTO DE TERRA","MOVT","CORTE/ESCAVACAO EM JAZIDAS OU CAMPO ABERTO","0018","","",101123,"ESCAVAÇÃO HORIZONTAL, INCLUINDO ESCARIFICAÇÃO EM SOLO DE 2A CATEGORIA COM TRATOR DE ESTEIRAS (125HP/LÂMINA: 2,70M3). AF_07/2020","M3","ATRIBUÍDO SÃO PAULO",7.02,"CAIXA REFERENCIAL"]
["MOVIMENTO DE TERRA","MOVT","CORTE/ESCAVACAO EM JAZIDAS OU CAMPO ABERTO","0018","","",101124,"ESCAVAÇÃO HORIZONTAL, INCLUINDO CARGA E DESCARGA EM SOLO DE 1A CATEGORIA COM TRATOR DE ESTEIRAS (100HP/LÂMINA: 2,19M3). AF_07/2020","M3","ATRIBUÍDO SÃO PAULO",15.04,"CAIXA REFERENCIAL"]
["MOVIMENTO DE TERRA","MOVT","CORTE/ESCAVACAO EM JAZIDAS OU CAMPO ABERTO","0018","","",101125,"ESCAVAÇÃO HORIZONTAL, INCLUINDO CARGA E DESCARGA EM SOLO DE 1A CATEGORIA COM TRATOR DE ESTEIRAS (150HP/LÂMINA: 3,18M3). AF_07/2020","M3","ATRIBUÍDO SÃO PAULO",14.35,"CAIXA REFERENCIAL"]
["MOVIMENTO DE TERRA","MOVT","CORTE/ESCAVACAO EM JAZIDAS OU CAMPO ABERTO","0018","","",101126,"ESCAVAÇÃO HORIZONTAL, INCLUINDO CARGA E DESCARGA EM SOLO DE 1A CATEGORIA COM TRATOR DE ESTEIRAS (170HP/LÂMINA: 5,20M3). AF_07/2020","M3","ATRIBUÍDO SÃO PAULO",13,"CAIXA REFERENCIAL"]
["MOVIMENTO DE TERRA","MOVT","CORTE/ESCAVACAO EM JAZIDAS OU CAMPO ABERTO","0018","","",101127,"ESCAVAÇÃO HORIZONTAL, INCLUINDO CARGA E DESCARGA EM SOLO DE 1A CATEGORIA COM TRATOR DE ESTEIRAS (347HP/LÂMINA: 8,70M3). AF_07/2020","M3","ATRIBUÍDO SÃO PAULO",13.87,"CAIXA REFERENCIAL"]
["MOVIMENTO DE TERRA","MOVT","CORTE/ESCAVACAO EM JAZIDAS OU CAMPO ABERTO","0018","","",101128,"ESCAVAÇÃO HORIZONTAL, INCLUINDO CARGA E DESCARGA EM SOLO DE 1A CATEGORIA COM TRATOR DE ESTEIRAS (125HP/LÂMINA: 2,70M3). AF_07/2020","M3","ATRIBUÍDO SÃO PAULO",14.45,"CAIXA REFERENCIAL"]
["MOVIMENTO DE TERRA","MOVT","CORTE/ESCAVACAO EM JAZIDAS OU CAMPO ABERTO","0018","","",101129,"ESCAVAÇÃO HORIZONTAL, INCLUINDO ESCARIFICAÇÃO, CARGA E DESCARGA EM SOLO DE 2A CATEGORIA COM TRATOR DE ESTEIRAS (100HP/LÂMINA: 2,19M3). AF_07/2020","M3","ATRIBUÍDO SÃO PAULO",19.350000000000001,"CAIXA REFERENCIAL"]
["MOVIMENTO DE TERRA","MOVT","CORTE/ESCAVACAO EM JAZIDAS OU CAMPO ABERTO","0018","","",101130,"ESCAVAÇÃO HORIZONTAL, INCLUINDO ESCARIFICAÇÃO, CARGA E DESCARGA EM SOLO DE 2A CATEGORIA COM TRATOR DE ESTEIRAS (150HP/LÂMINA: 3,18M3). AF_07/2020","M3","ATRIBUÍDO SÃO PAULO",18.05,"CAIXA REFERENCIAL"]
["MOVIMENTO DE TERRA","MOVT","CORTE/ESCAVACAO EM JAZIDAS OU CAMPO ABERTO","0018","","",101131,"ESCAVAÇÃO HORIZONTAL, INCLUINDO ESCARIFICAÇÃO, CARGA E DESCARGA EM SOLO DE 2A CATEGORIA COM TRATOR DE ESTEIRAS (170HP/LÂMINA: 5,20M3). AF_07/2020","M3","ATRIBUÍDO SÃO PAULO",15.48,"CAIXA REFERENCIAL"]
["MOVIMENTO DE TERRA","MOVT","CORTE/ESCAVACAO EM JAZIDAS OU CAMPO ABERTO","0018","","",101132,"ESCAVAÇÃO HORIZONTAL, INCLUINDO ESCARIFICAÇÃO, CARGA E DESCARGA EM SOLO DE 2A CATEGORIA COM TRATOR DE ESTEIRAS (347HP/LÂMINA: 8,70M3). AF_07/2020","M3","ATRIBUÍDO SÃO PAULO",17.12,"CAIXA REFERENCIAL"]
["MOVIMENTO DE TERRA","MOVT","CORTE/ESCAVACAO EM JAZIDAS OU CAMPO ABERTO","0018","","",101133,"ESCAVAÇÃO HORIZONTAL, INCLUINDO ESCARIFICAÇÃO, CARGA E DESCARGA EM SOLO DE 2A CATEGORIA COM TRATOR DE ESTEIRAS (125HP/LÂMINA: 2,70M3). AF_07/2020","M3","ATRIBUÍDO SÃO PAULO",18.23,"CAIXA REFERENCIAL"]
["MOVIMENTO DE TERRA","MOVT","CORTE/ESCAVACAO EM JAZIDAS OU CAMPO ABERTO","0018","","",101134,"ESCAVAÇÃO HORIZONTAL, INCLUINDO CARGA, DESCARGA E TRANSPORTE EM SOLO DE 1A CATEGORIA COM TRATOR DE ESTEIRAS (100HP/LÂMINA: 2,19M3) E CAMINHÃO BASCULANTE DE 10M3, DMT ATÉ 200M. AF_07/2020","M3","ATRIBUÍDO SÃO PAULO",15.71,"CAIXA REFERENCIAL"]
["MOVIMENTO DE TERRA","MOVT","CORTE/ESCAVACAO EM JAZIDAS OU CAMPO ABERTO","0018","","",101135,"ESCAVAÇÃO HORIZONTAL, INCLUINDO CARGA, DESCARGA E TRANSPORTE EM SOLO DE 1A CATEGORIA COM TRATOR DE ESTEIRAS (150HP/LÂMINA: 3,18M3) E CAMINHÃO BASCULANTE DE 10M3, DMT ATÉ 200M AF_07/2020","M3","ATRIBUÍDO SÃO PAULO",15.02,"CAIXA REFERENCIAL"]
["MOVIMENTO DE TERRA","MOVT","CORTE/ESCAVACAO EM JAZIDAS OU CAMPO ABERTO","0018","","",101136,"ESCAVAÇÃO HORIZONTAL, INCLUINDO CARGA, DESCARGA E TRANSPORTE EM SOLO DE 1A CATEGORIA COM TRATOR DE ESTEIRAS (170HP/LÂMINA: 5,20M3) E CAMINHÃO BASCULANTE DE 10M3, DMT ATÉ 200M. AF_07/2020","M3","ATRIBUÍDO SÃO PAULO",13.67,"CAIXA REFERENCIAL"]
["MOVIMENTO DE TERRA","MOVT","CORTE/ESCAVACAO EM JAZIDAS OU CAMPO ABERTO","0018","","",101137,"ESCAVAÇÃO HORIZONTAL, INCLUINDO CARGA, DESCARGA E TRANSPORTE EM SOLO DE 1A CATEGORIA COM TRATOR DE ESTEIRAS (347HP/LÂMINA: 8,70M3) E CAMINHÃO BASCULANTE DE 10M3, DMT ATÉ 200M. AF_07/2020","M3","ATRIBUÍDO SÃO PAULO",14.54,"CAIXA REFERENCIAL"]
["MOVIMENTO DE TERRA","MOVT","CORTE/ESCAVACAO EM JAZIDAS OU CAMPO ABERTO","0018","","",101138,"ESCAVAÇÃO HORIZONTAL, INCLUINDO CARGA, DESCARGA E TRANSPORTE EM SOLO DE 1A CATEGORIA COM TRATOR DE ESTEIRAS (125HP/LÂMINA: 2,70M3) E CAMINHÃO BASCULANTE DE 10M3, DMT ATÉ 200M. AF_07/2020","M3","ATRIBUÍDO SÃO PAULO",15.12,"CAIXA REFERENCIAL"]
["MOVIMENTO DE TERRA","MOVT","CORTE/ESCAVACAO EM JAZIDAS OU CAMPO ABERTO","0018","","",101139,"ESCAVAÇÃO HORIZONTAL, INCLUINDO  ESCARIFICAÇÃO, CARGA, DESCARGA E TRANSPORTE EM SOLO DE 2A CATEGORIA COM TRATOR DE ESTEIRAS (100HP/LÂMINA: 2,19M3) E CAMINHÃO BASCULANTE DE 10M3, DMT ATÉ 200M. AF_07/2020","M3","ATRIBUÍDO SÃO PAULO",20.04,"CAIXA REFERENCIAL"]
["MOVIMENTO DE TERRA","MOVT","CORTE/ESCAVACAO EM JAZIDAS OU CAMPO ABERTO","0018","","",101140,"ESCAVAÇÃO HORIZONTAL, INCLUINDO ESCARIFICAÇÃO, CARGA, DESCARGA E TRANSPORTE EM SOLO DE 2A CATEGORIA COM TRATOR DE ESTEIRAS (150HP/LÂMINA: 3,18M3) E CAMINHÃO BASCULANTE DE 10M3, DMT ATÉ 200M. AF_07/2020","M3","ATRIBUÍDO SÃO PAULO",18.739999999999998,"CAIXA REFERENCIAL"]
["MOVIMENTO DE TERRA","MOVT","CORTE/ESCAVACAO EM JAZIDAS OU CAMPO ABERTO","0018","","",101141,"ESCAVAÇÃO HORIZONTAL, INCLUINDO ESCARIFICAÇÃO, CARGA, DESCARGA E TRANSPORTE EM SOLO DE 2A CATEGORIA COM TRATOR DE ESTEIRAS (170HP/LÂMINA: 5,20M3) E CAMINHÃO BASCULANTE DE 10M3, DMT ATÉ 200M. AF_07/2020","M3","ATRIBUÍDO SÃO PAULO",16.170000000000002,"CAIXA REFERENCIAL"]
["MOVIMENTO DE TERRA","MOVT","CORTE/ESCAVACAO EM JAZIDAS OU CAMPO ABERTO","0018","","",101142,"ESCAVAÇÃO HORIZONTAL, INCLUINDO ESCARIFICAÇÃO, CARGA, DESCARGA E TRANSPORTE EM SOLO DE 2A CATEGORIA COM TRATOR DE ESTEIRAS (347HP/LÂMINA: 8,70M3) E CAMINHÃO BASCULANTE DE 10M3, DMT ATÉ 200M. AF_07/2020","M3","ATRIBUÍDO SÃO PAULO",17.809999999999999,"CAIXA REFERENCIAL"]
["MOVIMENTO DE TERRA","MOVT","CORTE/ESCAVACAO EM JAZIDAS OU CAMPO ABERTO","0018","","",101143,"ESCAVAÇÃO HORIZONTAL, INCLUINDO ESCARIFICAÇÃO, CARGA, DESCARGA E TRANSPORTE EM SOLO DE 2A CATEGORIA COM TRATOR DE ESTEIRAS (125HP/LÂMINA: 2,70M3) E CAMINHÃO BASCULANTE DE 10M3, DMT ATÉ 200M. AF_07/2020","M3","ATRIBUÍDO SÃO PAULO",18.920000000000002,"CAIXA REFERENCIAL"]
["MOVIMENTO DE TERRA","MOVT","CORTE/ESCAVACAO EM JAZIDAS OU CAMPO ABERTO","0018","","",101144,"ESCAVAÇÃO HORIZONTAL, INCLUINDO CARGA, DESCARGA E TRANSPORTE EM SOLO DE 1A CATEGORIA COM TRATOR DE ESTEIRAS (100HP/LÂMINA: 2,19M3) E CAMINHÃO BASCULANTE DE 14M3, DMT ATÉ 200M. AF_07/2020","M3","ATRIBUÍDO SÃO PAULO",15.38,"CAIXA REFERENCIAL"]
["MOVIMENTO DE TERRA","MOVT","CORTE/ESCAVACAO EM JAZIDAS OU CAMPO ABERTO","0018","","",101145,"ESCAVAÇÃO HORIZONTAL, INCLUINDO CARGA, DESCARGA E TRANSPORTE EM SOLO DE 1A CATEGORIA COM TRATOR DE ESTEIRAS (150HP/LÂMINA: 3,18M3) E CAMINHÃO BASCULANTE DE 14M3, DMT ATÉ 200M. AF_07/2020","M3","ATRIBUÍDO SÃO PAULO",14.69,"CAIXA REFERENCIAL"]
["MOVIMENTO DE TERRA","MOVT","CORTE/ESCAVACAO EM JAZIDAS OU CAMPO ABERTO","0018","","",101146,"ESCAVAÇÃO HORIZONTAL, INCLUINDO CARGA, DESCARGA E TRANSPORTE EM SOLO DE 1A CATEGORIA COM TRATOR DE ESTEIRAS (170HP/LÂMINA: 5,20M3) E CAMINHÃO BASCULANTE DE 14M3, DMT ATÉ 200M. AF_07/2020","M3","ATRIBUÍDO SÃO PAULO",13.34,"CAIXA REFERENCIAL"]
["MOVIMENTO DE TERRA","MOVT","CORTE/ESCAVACAO EM JAZIDAS OU CAMPO ABERTO","0018","","",101147,"ESCAVAÇÃO HORIZONTAL, INCLUINDO CARGA, DESCARGA E TRANSPORTE EM SOLO DE 1A CATEGORIA COM TRATOR DE ESTEIRAS (347HP/LÂMINA: 8,70M3) E CAMINHÃO BASCULANTE DE 14M3, DMT ATÉ 200M. AF_07/2020","M3","ATRIBUÍDO SÃO PAULO",14.21,"CAIXA REFERENCIAL"]
["MOVIMENTO DE TERRA","MOVT","CORTE/ESCAVACAO EM JAZIDAS OU CAMPO ABERTO","0018","","",101148,"ESCAVAÇÃO HORIZONTAL, INCLUINDO CARGA, DESCARGA E TRANSPORTE EM SOLO DE 1A CATEGORIA COM TRATOR DE ESTEIRAS (125HP/LÂMINA: 2,70M3) E CAMINHÃO BASCULANTE DE 14M3, DMT ATÉ 200M. AF_07/2020","M3","ATRIBUÍDO SÃO PAULO",14.79,"CAIXA REFERENCIAL"]
["MOVIMENTO DE TERRA","MOVT","CORTE/ESCAVACAO EM JAZIDAS OU CAMPO ABERTO","0018","","",101149,"ESCAVAÇÃO HORIZONTAL, INCLUINDO ESCARIFICAÇÃO, CARGA, DESCARGA E TRANSPORTE EM SOLO DE 2A CATEGORIA COM TRATOR DE ESTEIRAS (100HP/LÂMINA: 2,19M3) E CAMINHÃO BASCULANTE DE 14M3, DMT ATÉ 200M. AF_07/2020","M3","ATRIBUÍDO SÃO PAULO",19.7,"CAIXA REFERENCIAL"]
["MOVIMENTO DE TERRA","MOVT","CORTE/ESCAVACAO EM JAZIDAS OU CAMPO ABERTO","0018","","",101150,"ESCAVAÇÃO HORIZONTAL, INCLUINDO ESCARIFICAÇÃO, CARGA, DESCARGA E TRANSPORTE EM SOLO DE 2A CATEGORIA COM TRATOR DE ESTEIRAS (150HP/LÂMINA: 3,18M3) E CAMINHÃO BASCULANTE DE 14M3, DMT ATÉ 200M. AF_07/2020","M3","ATRIBUÍDO SÃO PAULO",18.399999999999999,"CAIXA REFERENCIAL"]
["MOVIMENTO DE TERRA","MOVT","CORTE/ESCAVACAO EM JAZIDAS OU CAMPO ABERTO","0018","","",101151,"ESCAVAÇÃO HORIZONTAL, INCLUINDO ESCARIFICAÇÃO, CARGA, DESCARGA E TRANSPORTE EM SOLO DE 2A CATEGORIA COM TRATOR DE ESTEIRAS (170HP/LÂMINA: 5,20M3) E CAMINHÃO BASCULANTE DE 14M3, DMT ATÉ 200M. AF_07/2020","M3","ATRIBUÍDO SÃO PAULO",15.83,"CAIXA REFERENCIAL"]
["MOVIMENTO DE TERRA","MOVT","CORTE/ESCAVACAO EM JAZIDAS OU CAMPO ABERTO","0018","","",101152,"ESCAVAÇÃO HORIZONTAL, INCLUINDO ESCARIFICAÇÃO, CARGA, DESCARGA E TRANSPORTE EM SOLO DE 2A CATEGORIA COM TRATOR DE ESTEIRAS (347HP/LÂMINA: 8,70M3) E CAMINHÃO BASCULANTE DE 14M3, DMT ATÉ 200M. AF_07/2020","M3","ATRIBUÍDO SÃO PAULO",17.47,"CAIXA REFERENCIAL"]
["MOVIMENTO DE TERRA","MOVT","CORTE/ESCAVACAO EM JAZIDAS OU CAMPO ABERTO","0018","","",101153,"ESCAVAÇÃO HORIZONTAL, INCLUINDO ESCARIFICAÇÃO, CARGA, DESCARGA E TRANSPORTE EM SOLO DE 2A CATEGORIA COM TRATOR DE ESTEIRAS (125HP/LÂMINA: 2,70M3) E CAMINHÃO BASCULANTE DE 14M3, DMT ATÉ 200M. AF_07/2020","M3","ATRIBUÍDO SÃO PAULO",18.579999999999998,"CAIXA REFERENCIAL"]
["MOVIMENTO DE TERRA","MOVT","CORTE/ESCAVACAO EM JAZIDAS OU CAMPO ABERTO","0018","","",101206,"ESCAVAÇÃO VERTICAL PARA  EDIFICAÇÃO, COM CARGA, DESCARGA E TRANSPORTE DE SOLO DE 1ª CATEGORIA, COM ESCAVADEIRA HIDRÁULICA (CAÇAMBA: 0,8 M³ / 111 HP), FROTA DE 3 CAMINHÕES BASCULANTES DE 14 M³, DMT ATÉ 1 KM E VELOCIDADE MÉDIA 14 KM/H. AF_05/2020","M3","ATRIBUÍDO SÃO PAULO",12.34,"CAIXA REFERENCIAL"]
["MOVIMENTO DE TERRA","MOVT","CORTE/ESCAVACAO EM JAZIDAS OU CAMPO ABERTO","0018","","",101207,"ESCAVAÇÃO VERTICAL PARA EDIFICAÇÃO, COM CARGA, DESCARGA E TRANSPORTE DE SOLO DE 1ª CATEGORIA, COM ESCAVADEIRA HIDRÁULICA (CAÇAMBA: 0,8 M³ / 111 HP), FROTA DE 2 CAMINHÕES BASCULANTES DE 18 M³, DMT ATÉ 1 KM E VELOCIDADE MÉDIA 14 KM/H. AF_05/2020","M3","ATRIBUÍDO SÃO PAULO",10.7,"CAIXA REFERENCIAL"]
["MOVIMENTO DE TERRA","MOVT","CORTE/ESCAVACAO EM JAZIDAS OU CAMPO ABERTO","0018","","",101208,"ESCAVAÇÃO VERTICAL PARA  EDIFICAÇÃO, COM CARGA, DESCARGA E TRANSPORTE DE SOLO DE 1ª CATEGORIA, COM ESCAVADEIRA HIDRÁULICA (CAÇAMBA: 1,2 M³ / 155 HP), FROTA DE 3 CAMINHÕES BASCULANTES DE 14 M³, DMT ATÉ 1 KM E VELOCIDADE MÉDIA 14 KM/H. AF_05/2020","M3","ATRIBUÍDO SÃO PAULO",10.41,"CAIXA REFERENCIAL"]
["MOVIMENTO DE TERRA","MOVT","CORTE/ESCAVACAO EM JAZIDAS OU CAMPO ABERTO","0018","","",101209,"ESCAVAÇÃO VERTICAL PARA  EDIFICAÇÃO, COM CARGA, DESCARGA E TRANSPORTE DE SOLO DE 1ª CATEGORIA, COM ESCAVADEIRA HIDRÁULICA (CAÇAMBA: 1,2 M³ / 155 HP), FROTA DE 3 CAMINHÕES BASCULANTES DE 18 M³, DMT ATÉ 1 KM E VELOCIDADE MÉDIA 14 KM/H. AF_05/2020","M3","ATRIBUÍDO SÃO PAULO",9.67,"CAIXA REFERENCIAL"]
["MOVIMENTO DE TERRA","MOVT","CORTE/ESCAVACAO EM JAZIDAS OU CAMPO ABERTO","0018","","",101210,"ESCAVAÇÃO VERTICAL PARA  EDIFICAÇÃO, COM CARGA, DESCARGA E TRANSPORTE DE SOLO DE 1ª CATEGORIA, COM ESCAVADEIRA HIDRÁULICA (CAÇAMBA: 0,8 M³ / 111 HP), FROTA DE 4 CAMINHÕES BASCULANTES DE 14 M³, DMT DE 1,5 KM E VELOCIDADE MÉDIA 18 KM/H. AF_05/2020","M3","ATRIBUÍDO SÃO PAULO",17.21,"CAIXA REFERENCIAL"]
["MOVIMENTO DE TERRA","MOVT","CORTE/ESCAVACAO EM JAZIDAS OU CAMPO ABERTO","0018","","",101211,"ESCAVAÇÃO VERTICAL PARA  EDIFICAÇÃO, COM CARGA, DESCARGA E TRANSPORTE DE SOLO DE 1ª CATEGORIA, COM ESCAVADEIRA HIDRÁULICA (CAÇAMBA: 0,8 M³ / 111 HP), FROTA DE 4 CAMINHÕES BASCULANTES DE 14 M³, DMT DE 2 KM E VELOCIDADE MÉDIA 19 KM/H. AF_05/2020","M3","ATRIBUÍDO SÃO PAULO",18.47,"CAIXA REFERENCIAL"]
["MOVIMENTO DE TERRA","MOVT","CORTE/ESCAVACAO EM JAZIDAS OU CAMPO ABERTO","0018","","",101212,"ESCAVAÇÃO VERTICAL PARA  EDIFICAÇÃO, COM CARGA, DESCARGA E TRANSPORTE DE SOLO DE 1ª CATEGORIA, COM ESCAVADEIRA HIDRÁULICA (CAÇAMBA: 0,8 M³ / 111 HP), FROTA DE 5 CAMINHÕES BASCULANTES DE 14 M³, DMT DE 3 KM E VELOCIDADE MÉDIA 20 KM/H. AF_05/2020","M3","ATRIBUÍDO SÃO PAULO",21.51,"CAIXA REFERENCIAL"]
["MOVIMENTO DE TERRA","MOVT","CORTE/ESCAVACAO EM JAZIDAS OU CAMPO ABERTO","0018","","",101213,"ESCAVAÇÃO VERTICAL PARA  EDIFICAÇÃO, COM CARGA, DESCARGA E TRANSPORTE DE SOLO DE 1ª CATEGORIA, COM ESCAVADEIRA HIDRÁULICA (CAÇAMBA: 0,8 M³ / 111 HP), FROTA DE 6 CAMINHÕES BASCULANTES DE 14 M³, DMT DE 4 KM E VELOCIDADE MÉDIA 22 KM/H. AF_05/2020","M3","ATRIBUÍDO SÃO PAULO",24.01,"CAIXA REFERENCIAL"]
["MOVIMENTO DE TERRA","MOVT","CORTE/ESCAVACAO EM JAZIDAS OU CAMPO ABERTO","0018","","",101214,"ESCAVAÇÃO VERTICAL PARA  EDIFICAÇÃO, COM CARGA, DESCARGA E TRANSPORTE DE SOLO DE 1ª CATEGORIA, COM ESCAVADEIRA HIDRÁULICA (CAÇAMBA: 0,8 M³ / 111 HP), FROTA DE 7 CAMINHÕES BASCULANTES DE 14 M³, DMT DE 6 KM E VELOCIDADE MÉDIA 22 KM/H. AF_05/2020","M3","ATRIBUÍDO SÃO PAULO",29.02,"CAIXA REFERENCIAL"]
["MOVIMENTO DE TERRA","MOVT","CORTE/ESCAVACAO EM JAZIDAS OU CAMPO ABERTO","0018","","",101215,"ESCAVAÇÃO VERTICAL PARA  EDIFICAÇÃO, COM CARGA, DESCARGA E TRANSPORTE DE SOLO DE 1ª CATEGORIA, COM ESCAVADEIRA HIDRÁULICA (CAÇAMBA: 0,8 M³ / 111 HP), FROTA DE 4 CAMINHÕES BASCULANTES DE 18 M³, DMT DE 1,5 KM E VELOCIDADE MÉDIA 18 KM/H. AF_05/2020","M3","ATRIBUÍDO SÃO PAULO",16.52,"CAIXA REFERENCIAL"]
["MOVIMENTO DE TERRA","MOVT","CORTE/ESCAVACAO EM JAZIDAS OU CAMPO ABERTO","0018","","",101216,"ESCAVAÇÃO VERTICAL PARA  EDIFICAÇÃO, COM CARGA, DESCARGA E TRANSPORTE DE SOLO DE 1ª CATEGORIA, COM ESCAVADEIRA HIDRÁULICA (CAÇAMBA: 0,8 M³ / 111 HP), FROTA DE 4 CAMINHÕES BASCULANTES DE 18 M³, DMT DE 2 KM E VELOCIDADE MÉDIA 19 KM/H. AF_05/2020","M3","ATRIBUÍDO SÃO PAULO",17.329999999999998,"CAIXA REFERENCIAL"]
["MOVIMENTO DE TERRA","MOVT","CORTE/ESCAVACAO EM JAZIDAS OU CAMPO ABERTO","0018","","",101217,"ESCAVAÇÃO VERTICAL PARA  EDIFICAÇÃO, COM CARGA, DESCARGA E TRANSPORTE DE SOLO DE 1ª CATEGORIA, COM ESCAVADEIRA HIDRÁULICA (CAÇAMBA: 0,8 M³ / 111 HP), FROTA DE 5 CAMINHÕES BASCULANTES DE 18 M³, DMT DE 3 KM E VELOCIDADE MÉDIA 20 KM/H. AF_05/2020","M3","ATRIBUÍDO SÃO PAULO",20.14,"CAIXA REFERENCIAL"]
["MOVIMENTO DE TERRA","MOVT","CORTE/ESCAVACAO EM JAZIDAS OU CAMPO ABERTO","0018","","",101218,"ESCAVAÇÃO VERTICAL PARA  EDIFICAÇÃO, COM CARGA, DESCARGA E TRANSPORTE DE SOLO DE 1ª CATEGORIA, COM ESCAVADEIRA HIDRÁULICA (CAÇAMBA: 0,8 M³ / 111 HP), FROTA DE 5 CAMINHÕES BASCULANTES DE 18 M³, DMT DE 4 KM E VELOCIDADE MÉDIA 22 KM/H. AF_05/2020","M3","ATRIBUÍDO SÃO PAULO",21.34,"CAIXA REFERENCIAL"]
["MOVIMENTO DE TERRA","MOVT","CORTE/ESCAVACAO EM JAZIDAS OU CAMPO ABERTO","0018","","",101219,"ESCAVAÇÃO VERTICAL PARA  EDIFICAÇÃO, COM CARGA, DESCARGA E TRANSPORTE DE SOLO DE 1ª CATEGORIA, COM ESCAVADEIRA HIDRÁULICA (CAÇAMBA: 0,8 M³ / 111 HP), FROTA DE 6 CAMINHÕES BASCULANTES DE 18 M³, DMT DE 6 KM E VELOCIDADE MÉDIA 22 KM/H. AF_05/2020","M3","ATRIBUÍDO SÃO PAULO",25.84,"CAIXA REFERENCIAL"]
["MOVIMENTO DE TERRA","MOVT","CORTE/ESCAVACAO EM JAZIDAS OU CAMPO ABERTO","0018","","",101220,"ESCAVAÇÃO VERTICAL PARA  EDIFICAÇÃO, COM CARGA, DESCARGA E TRANSPORTE DE SOLO DE 1ª CATEGORIA, COM ESCAVADEIRA HIDRÁULICA (CAÇAMBA: 1,2 M³ / 155 HP), FROTA DE 5 CAMINHÕES BASCULANTES DE 14 M³, DMT DE 1,5 KM E VELOCIDADE MÉDIA 18 KM/H. AF_05/2020","M3","ATRIBUÍDO SÃO PAULO",16.190000000000001,"CAIXA REFERENCIAL"]
["MOVIMENTO DE TERRA","MOVT","CORTE/ESCAVACAO EM JAZIDAS OU CAMPO ABERTO","0018","","",101221,"ESCAVAÇÃO VERTICAL PARA  EDIFICAÇÃO, COM CARGA, DESCARGA E TRANSPORTE DE SOLO DE 1ª CATEGORIA, COM ESCAVADEIRA HIDRÁULICA (CAÇAMBA: 1,2 M³ / 155 HP), FROTA DE 5 CAMINHÕES BASCULANTES DE 14 M³, DMT DE 2 KM E VELOCIDADE MÉDIA 19 KM/H. AF_05/2020","M3","ATRIBUÍDO SÃO PAULO",17.12,"CAIXA REFERENCIAL"]
["MOVIMENTO DE TERRA","MOVT","CORTE/ESCAVACAO EM JAZIDAS OU CAMPO ABERTO","0018","","",101222,"ESCAVAÇÃO VERTICAL PARA  EDIFICAÇÃO, COM CARGA, DESCARGA E TRANSPORTE DE SOLO DE 1ª CATEGORIA, COM ESCAVADEIRA HIDRÁULICA (CAÇAMBA: 1,2 M³ / 155 HP), FROTA DE 6 CAMINHÕES BASCULANTES DE 14 M³, DMT DE 3 KM E VELOCIDADE MÉDIA 20 KM/H. AF_05/2020","M3","ATRIBUÍDO SÃO PAULO",19.88,"CAIXA REFERENCIAL"]
["MOVIMENTO DE TERRA","MOVT","CORTE/ESCAVACAO EM JAZIDAS OU CAMPO ABERTO","0018","","",101223,"ESCAVAÇÃO VERTICAL PARA  EDIFICAÇÃO, COM CARGA, DESCARGA E TRANSPORTE DE SOLO DE 1ª CATEGORIA, COM ESCAVADEIRA HIDRÁULICA (CAÇAMBA: 1,2 M³ / 155 HP), FROTA DE 7 CAMINHÕES BASCULANTES DE 14 M³, DMT DE 4 KM E VELOCIDADE MÉDIA 22 KM/H. AF_05/2020","M3","ATRIBUÍDO SÃO PAULO",22.11,"CAIXA REFERENCIAL"]
["MOVIMENTO DE TERRA","MOVT","CORTE/ESCAVACAO EM JAZIDAS OU CAMPO ABERTO","0018","","",101224,"ESCAVAÇÃO VERTICAL PARA  EDIFICAÇÃO, COM CARGA, DESCARGA E TRANSPORTE DE SOLO DE 1ª CATEGORIA, COM ESCAVADEIRA HIDRÁULICA (CAÇAMBA: 1,2 M³ / 155 HP), FROTA DE 9 CAMINHÕES BASCULANTES DE 14 M³, DMT DE 6 KM E VELOCIDADE MÉDIA 22 KM/H. AF_05/2020","M3","ATRIBUÍDO SÃO PAULO",27.7,"CAIXA REFERENCIAL"]
["MOVIMENTO DE TERRA","MOVT","CORTE/ESCAVACAO EM JAZIDAS OU CAMPO ABERTO","0018","","",101225,"ESCAVAÇÃO VERTICAL PARA  EDIFICAÇÃO, COM CARGA, DESCARGA E TRANSPORTE DE SOLO DE 1ª CATEGORIA, COM ESCAVADEIRA HIDRÁULICA (CAÇAMBA: 1,2 M³ / 155 HP), FROTA DE 5 CAMINHÕES BASCULANTES DE 18 M³, DMT DE 1,5 KM E VELOCIDADE MÉDIA 18 KM/H. AF_05/2020","M3","ATRIBUÍDO SÃO PAULO",14.87,"CAIXA REFERENCIAL"]
["MOVIMENTO DE TERRA","MOVT","CORTE/ESCAVACAO EM JAZIDAS OU CAMPO ABERTO","0018","","",101226,"ESCAVAÇÃO VERTICAL PARA  EDIFICAÇÃO, COM CARGA, DESCARGA E TRANSPORTE DE SOLO DE 1ª CATEGORIA, COM ESCAVADEIRA HIDRÁULICA (CAÇAMBA: 1,2 M³ / 155 HP), FROTA DE 5 CAMINHÕES BASCULANTES DE 18 M³, DMT DE 2 KM E VELOCIDADE MÉDIA 19 KM/H. AF_05/2020","M3","ATRIBUÍDO SÃO PAULO",15.68,"CAIXA REFERENCIAL"]
["MOVIMENTO DE TERRA","MOVT","CORTE/ESCAVACAO EM JAZIDAS OU CAMPO ABERTO","0018","","",101227,"ESCAVAÇÃO VERTICAL PARA  EDIFICAÇÃO, COM CARGA, DESCARGA E TRANSPORTE DE SOLO DE 1ª CATEGORIA, COM ESCAVADEIRA HIDRÁULICA (CAÇAMBA: 1,2 M³ / 155 HP), FROTA DE 6 CAMINHÕES BASCULANTES DE 18 M³, DMT DE 3 KM E VELOCIDADE MÉDIA 20 KM/H. AF_05/2020","M3","ATRIBUÍDO SÃO PAULO",18.16,"CAIXA REFERENCIAL"]
["MOVIMENTO DE TERRA","MOVT","CORTE/ESCAVACAO EM JAZIDAS OU CAMPO ABERTO","0018","","",101228,"ESCAVAÇÃO VERTICAL PARA  EDIFICAÇÃO, COM CARGA, DESCARGA E TRANSPORTE DE SOLO DE 1ª CATEGORIA, COM ESCAVADEIRA HIDRÁULICA (CAÇAMBA: 1,2 M³ / 155 HP), FROTA DE 6 CAMINHÕES BASCULANTES DE 18 M³, DMT DE 4 KM E VELOCIDADE MÉDIA 22 KM/H. AF_05/2020","M3","ATRIBUÍDO SÃO PAULO",19.38,"CAIXA REFERENCIAL"]
["MOVIMENTO DE TERRA","MOVT","CORTE/ESCAVACAO EM JAZIDAS OU CAMPO ABERTO","0018","","",101229,"ESCAVAÇÃO VERTICAL PARA  EDIFICAÇÃO, COM CARGA, DESCARGA E TRANSPORTE DE SOLO DE 1ª CATEGORIA, COM ESCAVADEIRA HIDRÁULICA (CAÇAMBA: 1,2 M³ / 155 HP), FROTA DE 8 CAMINHÕES BASCULANTES DE 18 M³, DMT DE 6 KM E VELOCIDADE MÉDIA 22 KM/H. AF_05/2020","M3","ATRIBUÍDO SÃO PAULO",24.41,"CAIXA REFERENCIAL"]
["MOVIMENTO DE TERRA","MOVT","CORTE/ESCAVACAO EM JAZIDAS OU CAMPO ABERTO","0018","","",101230,"ESCAVAÇÃO VERTICAL PARA INFRAESTRUTURA, COM CARGA, DESCARGA E TRANSPORTE DE SOLO DE 1ª CATEGORIA, COM ESCAVADEIRA HIDRÁULICA (CAÇAMBA: 0,8 M³ / 111 HP), FROTA DE 3 CAMINHÕES BASCULANTES DE 14 M³, DMT ATÉ 1 KM E VELOCIDADE MÉDIA14 KM/H. AF_05/2020","M3","ATRIBUÍDO SÃO PAULO",10.86,"CAIXA REFERENCIAL"]
["MOVIMENTO DE TERRA","MOVT","CORTE/ESCAVACAO EM JAZIDAS OU CAMPO ABERTO","0018","","",101231,"ESCAVAÇÃO VERTICAL PARA INFRAESTRUTURA, COM CARGA, DESCARGA E TRANSPORTE DE SOLO DE 1ª CATEGORIA, COM ESCAVADEIRA HIDRÁULICA (CAÇAMBA: 0,8 M³ / 111 HP), FROTA DE 3 CAMINHÕES BASCULANTES DE 18 M³, DMT ATÉ 1 KM E VELOCIDADE MÉDIA14 KM/H. AF_05/2020","M3","ATRIBUÍDO SÃO PAULO",10.34,"CAIXA REFERENCIAL"]
["MOVIMENTO DE TERRA","MOVT","CORTE/ESCAVACAO EM JAZIDAS OU CAMPO ABERTO","0018","","",101232,"ESCAVAÇÃO VERTICAL PARA INFRAESTRUTURA, COM CARGA, DESCARGA E TRANSPORTE DE SOLO DE 1ª CATEGORIA, COM ESCAVADEIRA HIDRÁULICA (CAÇAMBA: 1,2 M³ / 155 HP), FROTA DE 3 CAMINHÕES BASCULANTES DE 14 M³, DMT ATÉ 1 KM E VELOCIDADE MÉDIA14 KM/H. AF_05/2020","M3","ATRIBUÍDO SÃO PAULO",9.31,"CAIXA REFERENCIAL"]
["MOVIMENTO DE TERRA","MOVT","CORTE/ESCAVACAO EM JAZIDAS OU CAMPO ABERTO","0018","","",101233,"ESCAVAÇÃO VERTICAL PARA INFRAESTRUTURA, COM CARGA, DESCARGA E TRANSPORTE DE SOLO DE 1ª CATEGORIA, COM ESCAVADEIRA HIDRÁULICA (CAÇAMBA: 1,2 M³ / 155 HP), FROTA DE 3 CAMINHÕES BASCULANTES DE 18 M³, DMT ATÉ 1 KM E VELOCIDADE MÉDIA14 KM/H. AF_05/2020","M3","ATRIBUÍDO SÃO PAULO",8.58,"CAIXA REFERENCIAL"]
["MOVIMENTO DE TERRA","MOVT","CORTE/ESCAVACAO EM JAZIDAS OU CAMPO ABERTO","0018","","",101234,"ESCAVAÇÃO VERTICAL PARA INFRAESTRUTURA, COM CARGA, DESCARGA E TRANSPORTE DE SOLO DE 1ª CATEGORIA, COM ESCAVADEIRA HIDRÁULICA (CAÇAMBA: 0,8 M³ / 111HP), FROTA DE 5 CAMINHÕES BASCULANTES DE 14 M³, DMT DE 1,5 KM E VELOCIDADE MÉDIA18 KM/H. AF_05/2020","M3","ATRIBUÍDO SÃO PAULO",16.84,"CAIXA REFERENCIAL"]
["MOVIMENTO DE TERRA","MOVT","CORTE/ESCAVACAO EM JAZIDAS OU CAMPO ABERTO","0018","","",101235,"ESCAVAÇÃO VERTICAL PARA INFRAESTRUTURA, COM CARGA, DESCARGA E TRANSPORTE DE SOLO DE 1ª CATEGORIA, COM ESCAVADEIRA HIDRÁULICA (CAÇAMBA: 0,8 M³ / 111HP), FROTA DE 5 CAMINHÕES BASCULANTES DE 14 M³, DMT DE 2 KM E VELOCIDADE MÉDIA 19 KM/H. AF_05/2020","M3","ATRIBUÍDO SÃO PAULO",17.739999999999998,"CAIXA REFERENCIAL"]
["MOVIMENTO DE TERRA","MOVT","CORTE/ESCAVACAO EM JAZIDAS OU CAMPO ABERTO","0018","","",101236,"ESCAVAÇÃO VERTICAL PARA INFRAESTRUTURA, COM CARGA, DESCARGA E TRANSPORTE DE SOLO DE 1ª CATEGORIA, COM ESCAVADEIRA HIDRÁULICA (CAÇAMBA: 0,8 M³ / 111HP), FROTA DE 6 CAMINHÕES BASCULANTES DE 14 M³, DMT DE 3 KM E VELOCIDADE MÉDIA 20 KM/H. AF_05/2020","M3","ATRIBUÍDO SÃO PAULO",20.64,"CAIXA REFERENCIAL"]
["MOVIMENTO DE TERRA","MOVT","CORTE/ESCAVACAO EM JAZIDAS OU CAMPO ABERTO","0018","","",101237,"ESCAVAÇÃO VERTICAL PARA INFRAESTRUTURA, COM CARGA, DESCARGA E TRANSPORTE DE SOLO DE 1ª CATEGORIA, COM ESCAVADEIRA HIDRÁULICA (CAÇAMBA: 0,8 M³ / 111HP), FROTA DE 6 CAMINHÕES BASCULANTES DE 14 M³, DMT DE 4 KM E VELOCIDADE MÉDIA 22 KM/H. AF_05/2020","M3","ATRIBUÍDO SÃO PAULO",22,"CAIXA REFERENCIAL"]
["MOVIMENTO DE TERRA","MOVT","CORTE/ESCAVACAO EM JAZIDAS OU CAMPO ABERTO","0018","","",101238,"ESCAVAÇÃO VERTICAL PARA INFRAESTRUTURA, COM CARGA, DESCARGA E TRANSPORTE DE SOLO DE 1ª CATEGORIA, COM ESCAVADEIRA HIDRÁULICA (CAÇAMBA: 0,8 M³ / 111HP), FROTA DE 8 CAMINHÕES BASCULANTES DE 14 M³, DMT DE 6 KM E VELOCIDADE MÉDIA 22 KM/H. AF_05/2020","M3","ATRIBUÍDO SÃO PAULO",27.78,"CAIXA REFERENCIAL"]
["MOVIMENTO DE TERRA","MOVT","CORTE/ESCAVACAO EM JAZIDAS OU CAMPO ABERTO","0018","","",101239,"ESCAVAÇÃO VERTICAL PARA INFRAESTRUTURA, COM CARGA, DESCARGA E TRANSPORTE DE SOLO DE 1ª CATEGORIA, COM ESCAVADEIRA HIDRÁULICA (CAÇAMBA: 0,8 M³ / 111HP), FROTA DE 4 CAMINHÕES BASCULANTES DE 18 M³, DMT DE 1,5 KM E VELOCIDADE MÉDIA18 KM/H. AF_05/2020","M3","ATRIBUÍDO SÃO PAULO",14.83,"CAIXA REFERENCIAL"]
["MOVIMENTO DE TERRA","MOVT","CORTE/ESCAVACAO EM JAZIDAS OU CAMPO ABERTO","0018","","",101240,"ESCAVAÇÃO VERTICAL PARA INFRAESTRUTURA, COM CARGA, DESCARGA E TRANSPORTE DE SOLO DE 1ª CATEGORIA, COM ESCAVADEIRA HIDRÁULICA (CAÇAMBA: 0,8 M³ / 111HP), FROTA DE 4 CAMINHÕES BASCULANTES DE 18 M³, DMT DE 2 KM E VELOCIDADE MÉDIA 19 KM/H. AF_05/2020","M3","ATRIBUÍDO SÃO PAULO",15.65,"CAIXA REFERENCIAL"]
["MOVIMENTO DE TERRA","MOVT","CORTE/ESCAVACAO EM JAZIDAS OU CAMPO ABERTO","0018","","",101241,"ESCAVAÇÃO VERTICAL PARA INFRAESTRUTURA, COM CARGA, DESCARGA E TRANSPORTE DE SOLO DE 1ª CATEGORIA, COM ESCAVADEIRA HIDRÁULICA (CAÇAMBA: 0,8 M³ / 111HP), FROTA DE 5 CAMINHÕES BASCULANTES DE 18 M³, DMT DE 3 KM E VELOCIDADE MÉDIA 20 KM/H. AF_05/2020","M3","ATRIBUÍDO SÃO PAULO",18.260000000000002,"CAIXA REFERENCIAL"]
["MOVIMENTO DE TERRA","MOVT","CORTE/ESCAVACAO EM JAZIDAS OU CAMPO ABERTO","0018","","",101242,"ESCAVAÇÃO VERTICAL PARA INFRAESTRUTURA, COM CARGA, DESCARGA E TRANSPORTE DE SOLO DE 1ª CATEGORIA, COM ESCAVADEIRA HIDRÁULICA (CAÇAMBA: 0,8 M³ / 111HP), FROTA DE 6 CAMINHÕES BASCULANTES DE 18 M³, DMT DE 4 KM E VELOCIDADE MÉDIA 22 KM/H. AF_05/2020","M3","ATRIBUÍDO SÃO PAULO",20.38,"CAIXA REFERENCIAL"]
["MOVIMENTO DE TERRA","MOVT","CORTE/ESCAVACAO EM JAZIDAS OU CAMPO ABERTO","0018","","",101243,"ESCAVAÇÃO VERTICAL PARA INFRAESTRUTURA, COM CARGA, DESCARGA E TRANSPORTE DE SOLO DE 1ª CATEGORIA, COM ESCAVADEIRA HIDRÁULICA (CAÇAMBA: 0,8 M³ / 111HP), FROTA DE 7 CAMINHÕES BASCULANTES DE 18 M³, DMT DE 6 KM E VELOCIDADE MÉDIA 22 KM/H. AF_05/2020","M3","ATRIBUÍDO SÃO PAULO",24.71,"CAIXA REFERENCIAL"]
["MOVIMENTO DE TERRA","MOVT","CORTE/ESCAVACAO EM JAZIDAS OU CAMPO ABERTO","0018","","",101244,"ESCAVAÇÃO VERTICAL PARA INFRAESTRUTURA, COM CARGA, DESCARGA E TRANSPORTE DE SOLO DE 1ª CATEGORIA, COM ESCAVADEIRA HIDRÁULICA (CAÇAMBA: 1,2M³ / 155HP), FROTA DE 6 CAMINHÕES BASCULANTES DE 14 M³, DMT DE 1,5 KM E VELOCIDADE MÉDIA18 KM/H. AF_05/2020","M3","ATRIBUÍDO SÃO PAULO",15.56,"CAIXA REFERENCIAL"]
["MOVIMENTO DE TERRA","MOVT","CORTE/ESCAVACAO EM JAZIDAS OU CAMPO ABERTO","0018","","",101245,"ESCAVAÇÃO VERTICAL PARA INFRAESTRUTURA, COM CARGA, DESCARGA E TRANSPORTE DE SOLO DE 1ª CATEGORIA, COM ESCAVADEIRA HIDRÁULICA (CAÇAMBA: 1,2 M³ / 155HP), FROTA DE 6 CAMINHÕES BASCULANTES DE 14 M³, DMT DE 2 KM E VELOCIDADE MÉDIA 19 KM/H. AF_05/2020","M3","ATRIBUÍDO SÃO PAULO",16.47,"CAIXA REFERENCIAL"]
["MOVIMENTO DE TERRA","MOVT","CORTE/ESCAVACAO EM JAZIDAS OU CAMPO ABERTO","0018","","",101246,"ESCAVAÇÃO VERTICAL PARA INFRAESTRUTURA, COM CARGA, DESCARGA E TRANSPORTE DE SOLO DE 1ª CATEGORIA, COM ESCAVADEIRA HIDRÁULICA (CAÇAMBA: 1,2 M³ / 155HP), FROTA DE 7 CAMINHÕES BASCULANTES DE 14 M³, DMT DE 3 KM E VELOCIDADE MÉDIA 20 KM/H. AF_05/2020","M3","ATRIBUÍDO SÃO PAULO",19.12,"CAIXA REFERENCIAL"]
["MOVIMENTO DE TERRA","MOVT","CORTE/ESCAVACAO EM JAZIDAS OU CAMPO ABERTO","0018","","",101247,"ESCAVAÇÃO VERTICAL PARA INFRAESTRUTURA, COM CARGA, DESCARGA E TRANSPORTE DE SOLO DE 1ª CATEGORIA, COM ESCAVADEIRA HIDRÁULICA (CAÇAMBA: 1,2 M³ / 155HP), FROTA DE 8 CAMINHÕES BASCULANTES DE 14 M³, DMT DE 4 KM E VELOCIDADE MÉDIA 22 KM/H. AF_05/2020","M3","ATRIBUÍDO SÃO PAULO",21.21,"CAIXA REFERENCIAL"]
["MOVIMENTO DE TERRA","MOVT","CORTE/ESCAVACAO EM JAZIDAS OU CAMPO ABERTO","0018","","",101248,"ESCAVAÇÃO VERTICAL PARA INFRAESTRUTURA, COM CARGA, DESCARGA E TRANSPORTE DE SOLO DE 1ª CATEGORIA, COM ESCAVADEIRA HIDRÁULICA (CAÇAMBA: 1,2 M³ / 155HP), FROTA DE 10 CAMINHÕES BASCULANTES DE 14 M³, DMT DE 6 KM E VELOCIDADE MÉDIA22 KM/H. AF_05/2020","M3","ATRIBUÍDO SÃO PAULO",26.53,"CAIXA REFERENCIAL"]
["MOVIMENTO DE TERRA","MOVT","CORTE/ESCAVACAO EM JAZIDAS OU CAMPO ABERTO","0018","","",101249,"ESCAVAÇÃO VERTICAL PARA INFRAESTRUTURA, COM CARGA, DESCARGA E TRANSPORTE DE SOLO DE 1ª CATEGORIA, COM ESCAVADEIRA HIDRÁULICA (CAÇAMBA: 1,2 M³ / 155HP), FROTA DE 5 CAMINHÕES BASCULANTES DE 18 M³, DMT DE 1,5 KM E VELOCIDADE MÉDIA18 KM/H. AF_05/2020","M3","ATRIBUÍDO SÃO PAULO",13.55,"CAIXA REFERENCIAL"]
["MOVIMENTO DE TERRA","MOVT","CORTE/ESCAVACAO EM JAZIDAS OU CAMPO ABERTO","0018","","",101250,"ESCAVAÇÃO VERTICAL PARA INFRAESTRUTURA, COM CARGA, DESCARGA E TRANSPORTE DE SOLO DE 1ª CATEGORIA, COM ESCAVADEIRA HIDRÁULICA (CAÇAMBA: 1,2 M³ / 155HP), FROTA DE 6 CAMINHÕES BASCULANTES DE 18 M³, DMT DE 2 KM E VELOCIDADE MÉDIA 19 KM/H. AF_05/2020","M3","ATRIBUÍDO SÃO PAULO",15.02,"CAIXA REFERENCIAL"]
["MOVIMENTO DE TERRA","MOVT","CORTE/ESCAVACAO EM JAZIDAS OU CAMPO ABERTO","0018","","",101251,"ESCAVAÇÃO VERTICAL PARA INFRAESTRUTURA, COM CARGA, DESCARGA E TRANSPORTE DE SOLO DE 1ª CATEGORIA, COM ESCAVADEIRA HIDRÁULICA (CAÇAMBA: 1,2 M³ / 155HP), FROTA DE 6 CAMINHÕES BASCULANTES DE 18 M³, DMT DE 3 KM E VELOCIDADE MÉDIA 20 KM/H. AF_05/2020","M3","ATRIBUÍDO SÃO PAULO",17.14,"CAIXA REFERENCIAL"]
["MOVIMENTO DE TERRA","MOVT","CORTE/ESCAVACAO EM JAZIDAS OU CAMPO ABERTO","0018","","",101252,"ESCAVAÇÃO VERTICAL PARA INFRAESTRUTURA, COM CARGA, DESCARGA E TRANSPORTE DE SOLO DE 1ª CATEGORIA, COM ESCAVADEIRA HIDRÁULICA (CAÇAMBA: 1,2 M³ / 155HP), FROTA DE 7 CAMINHÕES BASCULANTES DE 18 M³, DMT DE 4 KM E VELOCIDADE MÉDIA 22 KM/H. AF_05/2020","M3","ATRIBUÍDO SÃO PAULO",18.559999999999999,"CAIXA REFERENCIAL"]
["MOVIMENTO DE TERRA","MOVT","CORTE/ESCAVACAO EM JAZIDAS OU CAMPO ABERTO","0018","","",101253,"ESCAVAÇÃO VERTICAL PARA INFRAESTRUTURA, COM CARGA, DESCARGA E TRANSPORTE DE SOLO DE 1ª CATEGORIA, COM ESCAVADEIRA HIDRÁULICA (CAÇAMBA: 1,2 M³ / 155HP), FROTA DE 9 CAMINHÕES BASCULANTES DE 18 M³, DMT DE 6 KM E VELOCIDADE MÉDIA 22 KM/H. AF_05/2020","M3","ATRIBUÍDO SÃO PAULO",23.36,"CAIXA REFERENCIAL"]
["MOVIMENTO DE TERRA","MOVT","CORTE/ESCAVACAO EM JAZIDAS OU CAMPO ABERTO","0018","","",101254,"ESCAVAÇÃO VERTICAL PARA  EDIFICAÇÃO, COM CARGA, DESCARGA E TRANSPORTE DE SOLO DE 1ª CATEGORIA, COM ESCAVADEIRA HIDRÁULICA (CAÇAMBA: 0,8 M³ / 111HP), FROTA DE 3 CAMINHÕES BASCULANTES DE 10 M³, DMT ATÉ 1 KM E VELOCIDADE MÉDIA 14 KM/H. AF_05/2020","M3","ATRIBUÍDO SÃO PAULO",12.89,"CAIXA REFERENCIAL"]
["MOVIMENTO DE TERRA","MOVT","CORTE/ESCAVACAO EM JAZIDAS OU CAMPO ABERTO","0018","","",101255,"ESCAVAÇÃO VERTICAL PARA  EDIFICAÇÃO, COM CARGA, DESCARGA E TRANSPORTE DE SOLO DE 1ª CATEGORIA, COM ESCAVADEIRA HIDRÁULICA (CAÇAMBA: 1,2 M³ / 155HP), FROTA DE 3 CAMINHÕES BASCULANTES DE 10 M³, DMT ATÉ 1 KM E VELOCIDADE MÉDIA 14 KM/H. AF_05/2020","M3","ATRIBUÍDO SÃO PAULO",11.38,"CAIXA REFERENCIAL"]
["MOVIMENTO DE TERRA","MOVT","CORTE/ESCAVACAO EM JAZIDAS OU CAMPO ABERTO","0018","","",101256,"ESCAVAÇÃO VERTICAL PARA  EDIFICAÇÃO, COM CARGA, DESCARGA E TRANSPORTE DE SOLO DE 1ª CATEGORIA, COM ESCAVADEIRA HIDRÁULICA (CAÇAMBA: 0,8 M³ / 111HP), FROTA DE 5 CAMINHÕES BASCULANTES DE 10 M³, DMT DE 1,5 KM E VELOCIDADE MÉDIA 18 KM/H. AF_05/2020","M3","ATRIBUÍDO SÃO PAULO",19.86,"CAIXA REFERENCIAL"]
["MOVIMENTO DE TERRA","MOVT","CORTE/ESCAVACAO EM JAZIDAS OU CAMPO ABERTO","0018","","",101257,"ESCAVAÇÃO VERTICAL PARA  EDIFICAÇÃO, COM CARGA, DESCARGA E TRANSPORTE DE SOLO DE 1ª CATEGORIA, COM ESCAVADEIRA HIDRÁULICA (CAÇAMBA: 0,8 M³ / 111HP), FROTA DE 5 CAMINHÕES BASCULANTES DE 10 M³, DMT DE 2 KM E VELOCIDADE MÉDIA 19 KM/H. AF_05/2020","M3","ATRIBUÍDO SÃO PAULO",20.94,"CAIXA REFERENCIAL"]
["MOVIMENTO DE TERRA","MOVT","CORTE/ESCAVACAO EM JAZIDAS OU CAMPO ABERTO","0018","","",101258,"ESCAVAÇÃO VERTICAL PARA  EDIFICAÇÃO, COM CARGA, DESCARGA E TRANSPORTE DE SOLO DE 1ª CATEGORIA, COM ESCAVADEIRA HIDRÁULICA (CAÇAMBA: 0,8 M³ / 111HP), FROTA DE 6 CAMINHÕES BASCULANTES DE 10 M³, DMT DE 3 KM E VELOCIDADE MÉDIA 20 KM/H. AF_05/2020","M3","ATRIBUÍDO SÃO PAULO",24.28,"CAIXA REFERENCIAL"]
["MOVIMENTO DE TERRA","MOVT","CORTE/ESCAVACAO EM JAZIDAS OU CAMPO ABERTO","0018","","",101259,"ESCAVAÇÃO VERTICAL PARA  EDIFICAÇÃO, COM CARGA, DESCARGA E TRANSPORTE DE SOLO DE 1ª CATEGORIA, COM ESCAVADEIRA HIDRÁULICA (CAÇAMBA: 0,8 M³ / 111HP), FROTA DE 7 CAMINHÕES BASCULANTES DE 10 M³, DMT DE 4 KM E VELOCIDADE MÉDIA 22 KM/H. AF_05/2020","M3","ATRIBUÍDO SÃO PAULO",26.96,"CAIXA REFERENCIAL"]
["MOVIMENTO DE TERRA","MOVT","CORTE/ESCAVACAO EM JAZIDAS OU CAMPO ABERTO","0018","","",101260,"ESCAVAÇÃO VERTICAL PARA  EDIFICAÇÃO, COM CARGA, DESCARGA E TRANSPORTE DE SOLO DE 1ª CATEGORIA, COM ESCAVADEIRA HIDRÁULICA (CAÇAMBA: 0,8 M³ / 111HP), FROTA DE 9 CAMINHÕES BASCULANTES DE 10 M³, DMT DE 6 KM E VELOCIDADE MÉDIA 22 KM/H. AF_05/2020","M3","ATRIBUÍDO SÃO PAULO",33.69,"CAIXA REFERENCIAL"]
["MOVIMENTO DE TERRA","MOVT","CORTE/ESCAVACAO EM JAZIDAS OU CAMPO ABERTO","0018","","",101261,"ESCAVAÇÃO VERTICAL PARA  EDIFICAÇÃO, COM CARGA, DESCARGA E TRANSPORTE DE SOLO DE 1ª CATEGORIA, COM ESCAVADEIRA HIDRÁULICA (CAÇAMBA: 1,2 M³ / 155HP), FROTA DE 6 CAMINHÕES BASCULANTES DE 10 M³, DMT DE 1,5 KM E VELOCIDADE MÉDIA 18 KM/H. AF_05/2020","M3","ATRIBUÍDO SÃO PAULO",18.78,"CAIXA REFERENCIAL"]
["MOVIMENTO DE TERRA","MOVT","CORTE/ESCAVACAO EM JAZIDAS OU CAMPO ABERTO","0018","","",101262,"ESCAVAÇÃO VERTICAL PARA  EDIFICAÇÃO, COM CARGA, DESCARGA E TRANSPORTE DE SOLO DE 1ª CATEGORIA, COM ESCAVADEIRA HIDRÁULICA (CAÇAMBA: 1,2 M³ / 155HP), FROTA DE 6 CAMINHÕES BASCULANTES DE 10 M³, DMT DE 2 KM E VELOCIDADE MÉDIA 19 KM/H. AF_05/2020","M3","ATRIBUÍDO SÃO PAULO",19.829999999999998,"CAIXA REFERENCIAL"]
["MOVIMENTO DE TERRA","MOVT","CORTE/ESCAVACAO EM JAZIDAS OU CAMPO ABERTO","0018","","",101263,"ESCAVAÇÃO VERTICAL PARA  EDIFICAÇÃO, COM CARGA, DESCARGA E TRANSPORTE DE SOLO DE 1ª CATEGORIA, COM ESCAVADEIRA HIDRÁULICA (CAÇAMBA: 1,2 M³ / 155HP), FROTA DE 7 CAMINHÕES BASCULANTES DE 10 M³, DMT DE 3 KM E VELOCIDADE MÉDIA 20 KM/H. AF_05/2020","M3","ATRIBUÍDO SÃO PAULO",22.93,"CAIXA REFERENCIAL"]
["MOVIMENTO DE TERRA","MOVT","CORTE/ESCAVACAO EM JAZIDAS OU CAMPO ABERTO","0018","","",101264,"ESCAVAÇÃO VERTICAL PARA  EDIFICAÇÃO, COM CARGA, DESCARGA E TRANSPORTE DE SOLO DE 1ª CATEGORIA, COM ESCAVADEIRA HIDRÁULICA (CAÇAMBA: 1,2 M³ / 155HP), FROTA DE 8 CAMINHÕES BASCULANTES DE 10 M³, DMT DE 4 KM E VELOCIDADE MÉDIA 22 KM/H. AF_05/2020","M3","ATRIBUÍDO SÃO PAULO",25.42,"CAIXA REFERENCIAL"]
["MOVIMENTO DE TERRA","MOVT","CORTE/ESCAVACAO EM JAZIDAS OU CAMPO ABERTO","0018","","",101265,"ESCAVAÇÃO VERTICAL PARA  EDIFICAÇÃO, COM CARGA, DESCARGA E TRANSPORTE DE SOLO DE 1ª CATEGORIA, COM ESCAVADEIRA HIDRÁULICA (CAÇAMBA: 1,2 M³ / 155HP), FROTA DE 10 CAMINHÕES BASCULANTES DE 10 M³, DMT DE 6 KM E VELOCIDADE MÉDIA 22 KM/H. AF_05/2020","M3","ATRIBUÍDO SÃO PAULO",31.66,"CAIXA REFERENCIAL"]
["MOVIMENTO DE TERRA","MOVT","CORTE/ESCAVACAO EM JAZIDAS OU CAMPO ABERTO","0018","","",101266,"ESCAVAÇÃO VERTICAL PARA INFRAESTRUTURA, COM CARGA, DESCARGA E TRANSPORTE DE SOLO DE 1ª CATEGORIA, COM ESCAVADEIRA HIDRÁULICA (CAÇAMBA: 0,8 M³ / 111HP), FROTA DE 3 CAMINHÕES BASCULANTES DE 10 M³, DMT ATÉ 1 KM E VELOCIDADE MÉDIA14 KM/H. AF_05/2020","M3","ATRIBUÍDO SÃO PAULO",11.45,"CAIXA REFERENCIAL"]
["MOVIMENTO DE TERRA","MOVT","CORTE/ESCAVACAO EM JAZIDAS OU CAMPO ABERTO","0018","","",101267,"ESCAVAÇÃO VERTICAL PARA INFRAESTRUTURA, COM CARGA, DESCARGA E TRANSPORTE DE SOLO DE 1ª CATEGORIA, COM ESCAVADEIRA HIDRÁULICA (CAÇAMBA: 1,2 M³ / 155HP), FROTA DE 4 CAMINHÕES BASCULANTES DE 10 M³, DMT ATÉ 1 KM E VELOCIDADE MÉDIA14 KM/H. AF_05/2020","M3","ATRIBUÍDO SÃO PAULO",11,"CAIXA REFERENCIAL"]
["MOVIMENTO DE TERRA","MOVT","CORTE/ESCAVACAO EM JAZIDAS OU CAMPO ABERTO","0018","","",101268,"ESCAVAÇÃO VERTICAL PARA INFRAESTRUTURA, COM CARGA, DESCARGA E TRANSPORTE DE SOLO DE 1ª CATEGORIA, COM ESCAVADEIRA HIDRÁULICA (CAÇAMBA: 0,8 M³ / 111HP), FROTA DE 5 CAMINHÕES BASCULANTES DE 10 M³, DMT DE 1,5 KM E VELOCIDADE MÉDIA18 KM/H. AF_05/2020","M3","ATRIBUÍDO SÃO PAULO",18.05,"CAIXA REFERENCIAL"]
["MOVIMENTO DE TERRA","MOVT","CORTE/ESCAVACAO EM JAZIDAS OU CAMPO ABERTO","0018","","",101269,"ESCAVAÇÃO VERTICAL PARA INFRAESTRUTURA, COM CARGA, DESCARGA E TRANSPORTE DE SOLO DE 1ª CATEGORIA, COM ESCAVADEIRA HIDRÁULICA (CAÇAMBA: 0,8 M³ / 111HP), FROTA DE 6 CAMINHÕES BASCULANTES DE 10 M³, DMT DE 2 KM E VELOCIDADE MÉDIA 19 KM/H. AF_05/2020","M3","ATRIBUÍDO SÃO PAULO",20.079999999999998,"CAIXA REFERENCIAL"]
["MOVIMENTO DE TERRA","MOVT","CORTE/ESCAVACAO EM JAZIDAS OU CAMPO ABERTO","0018","","",101270,"ESCAVAÇÃO VERTICAL PARA INFRAESTRUTURA, COM CARGA, DESCARGA E TRANSPORTE DE SOLO DE 1ª CATEGORIA, COM ESCAVADEIRA HIDRÁULICA (CAÇAMBA: 0,8 M³ / 111HP), FROTA DE 7 CAMINHÕES BASCULANTES DE 10 M³, DMT DE 3 KM E VELOCIDADE MÉDIA 20 KM/H. AF_05/2020","M3","ATRIBUÍDO SÃO PAULO",23.25,"CAIXA REFERENCIAL"]
["MOVIMENTO DE TERRA","MOVT","CORTE/ESCAVACAO EM JAZIDAS OU CAMPO ABERTO","0018","","",101271,"ESCAVAÇÃO VERTICAL PARA INFRAESTRUTURA, COM CARGA, DESCARGA E TRANSPORTE DE SOLO DE 1ª CATEGORIA, COM ESCAVADEIRA HIDRÁULICA (CAÇAMBA: 0,8 M³ / 111HP), FROTA DE 8 CAMINHÕES BASCULANTES DE 10 M³, DMT DE 4 KM E VELOCIDADE MÉDIA 22 KM/H. AF_05/2020","M3","ATRIBUÍDO SÃO PAULO",25.78,"CAIXA REFERENCIAL"]
["MOVIMENTO DE TERRA","MOVT","CORTE/ESCAVACAO EM JAZIDAS OU CAMPO ABERTO","0018","","",101272,"ESCAVAÇÃO VERTICAL PARA INFRAESTRUTURA, COM CARGA, DESCARGA E TRANSPORTE DE SOLO DE 1ª CATEGORIA, COM ESCAVADEIRA HIDRÁULICA (CAÇAMBA: 0,8 M³ / 111HP), FROTA DE 10 CAMINHÕES BASCULANTES DE 10 M³, DMT DE 6 KM E VELOCIDADE MÉDIA22 KM/H. AF_05/2020","M3","ATRIBUÍDO SÃO PAULO",32.159999999999997,"CAIXA REFERENCIAL"]
["MOVIMENTO DE TERRA","MOVT","CORTE/ESCAVACAO EM JAZIDAS OU CAMPO ABERTO","0018","","",101273,"ESCAVAÇÃO VERTICAL PARA INFRAESTRUTURA, COM CARGA, DESCARGA E TRANSPORTE DE SOLO DE 1ª CATEGORIA, COM ESCAVADEIRA HIDRÁULICA (CAÇAMBA: 1,2 M³ / 155HP), FROTA DE 6 CAMINHÕES BASCULANTES DE 10 M³, DMT DE 1,5 KM E VELOCIDADE MÉDIA18 KM/H. AF_05/2020","M3","ATRIBUÍDO SÃO PAULO",17.23,"CAIXA REFERENCIAL"]
["MOVIMENTO DE TERRA","MOVT","CORTE/ESCAVACAO EM JAZIDAS OU CAMPO ABERTO","0018","","",101274,"ESCAVAÇÃO VERTICAL PARA INFRAESTRUTURA, COM CARGA, DESCARGA E TRANSPORTE DE SOLO DE 1ª CATEGORIA, COM ESCAVADEIRA HIDRÁULICA (CAÇAMBA: 1,2 M³ / 155HP), FROTA DE 7 CAMINHÕES BASCULANTES DE 10 M³, DMT DE 2 KM E VELOCIDADE MÉDIA 19 KM/H. AF_05/2020","M3","ATRIBUÍDO SÃO PAULO",19.04,"CAIXA REFERENCIAL"]
["MOVIMENTO DE TERRA","MOVT","CORTE/ESCAVACAO EM JAZIDAS OU CAMPO ABERTO","0018","","",101275,"ESCAVAÇÃO VERTICAL PARA INFRAESTRUTURA, COM CARGA, DESCARGA E TRANSPORTE DE SOLO DE 1ª CATEGORIA, COM ESCAVADEIRA HIDRÁULICA (CAÇAMBA: 1,2 M³ / 155HP), FROTA DE 8 CAMINHÕES BASCULANTES DE 10 M³, DMT DE 3 KM E VELOCIDADE MÉDIA 20 KM/H. AF_05/2020","M3","ATRIBUÍDO SÃO PAULO",22.05,"CAIXA REFERENCIAL"]
["MOVIMENTO DE TERRA","MOVT","CORTE/ESCAVACAO EM JAZIDAS OU CAMPO ABERTO","0018","","",101276,"ESCAVAÇÃO VERTICAL PARA INFRAESTRUTURA, COM CARGA, DESCARGA E TRANSPORTE DE SOLO DE 1ª CATEGORIA, COM ESCAVADEIRA HIDRÁULICA (CAÇAMBA: 1,2 M³ / 155HP), FROTA DE 9 CAMINHÕES BASCULANTES DE 10 M³, DMT DE 4 KM E VELOCIDADE MÉDIA 22 KM/H. AF_05/2020","M3","ATRIBUÍDO SÃO PAULO",24.36,"CAIXA REFERENCIAL"]
["MOVIMENTO DE TERRA","MOVT","CORTE/ESCAVACAO EM JAZIDAS OU CAMPO ABERTO","0018","","",101277,"ESCAVAÇÃO VERTICAL PARA INFRAESTRUTURA, COM CARGA, DESCARGA E TRANSPORTE DE SOLO DE 1ª CATEGORIA, COM ESCAVADEIRA HIDRÁULICA (CAÇAMBA: 1,2 M³ / 155HP), FROTA DE 12 CAMINHÕES BASCULANTES DE 10 M³, DMT DE 6 KM E VELOCIDADE MÉDIA22 KM/H. AF_05/2020","M3","ATRIBUÍDO SÃO PAULO",31.12,"CAIXA REFERENCIAL"]
["MOVIMENTO DE TERRA","MOVT","CORTE/ESCAVACAO EM JAZIDAS OU CAMPO ABERTO","0018","","",102354,"DESMONTE DE MATERIAL DE 3ª CATEGORIA (BLOCOS DE ROCHAS OU MATACOS), COM MARTELETE PNEUMÁTICO MANUAL - EXCLUSIVE CARGA E TRANSPORTE. AF_03/2021","M3","ATRIBUÍDO SÃO PAULO",164.51,"CAIXA REFERENCIAL"]
["MOVIMENTO DE TERRA","MOVT","CORTE/ESCAVACAO EM JAZIDAS OU CAMPO ABERTO","0018","","",102355,"DESMONTE DE MATERIAL DE 3ª CATEGORIA (BLOCOS DE ROCHAS OU MATACOS), EM VALA, COM MARTELETE PNEUMÁTICO MANUAL -  EXCLUSIVE RETIRADA, CARGA E TRANSPORTE. AF_03/2021","M3","ATRIBUÍDO SÃO PAULO",194.95,"CAIXA REFERENCIAL"]
["MOVIMENTO DE TERRA","MOVT","CORTE/ESCAVACAO EM JAZIDAS OU CAMPO ABERTO","0018","","",102360,"RETIRADA DE MATERIAL DE 3ª CATEGORIA (APÓS ESCAVAÇÃO/DESMONTE) EM VALAS, COM ESCAVADEIRA HIDRÁULICA - EXCLUSIVE CARGA E TRANSPORTE. AF_03/2021","M3","COLETADO",25.97,"CAIXA REFERENCIAL"]
["MOVIMENTO DE TERRA","MOVT","CORTE/ESCAVACAO EM JAZIDAS OU CAMPO ABERTO","0018","","",102361,"RETIRADA DE MATERIAL DE 3ª CATEGORIA (APÓS ESCAVAÇÃO/DESMONTE) EM VALAS, COM RETROESCAVADEIRA - EXCLUSIVE CARGA E TRANSPORTE. AF_03/2021","M3","COEFICIENTE DE REPRESENTATIVIDADE",41.52,"CAIXA REFERENCIAL"]
["MOVIMENTO DE TERRA","MOVT","ESCAVACAO DE VALAS","0019","","",90082,"ESCAVAÇÃO MECANIZADA DE VALA COM PROF. ATÉ 1,5 M (MÉDIA MONTANTE E JUSANTE/UMA COMPOSIÇÃO POR TRECHO), ESCAVADEIRA (0,8 M3), LARG. DE 1,5 M A 2,5 M, EM SOLO DE 1A CATEGORIA, EM LOCAIS COM ALTO NÍVEL DE INTERFERÊNCIA. AF_02/2021","M3","COLETADO",11.72,"CAIXA REFERENCIAL"]
["MOVIMENTO DE TERRA","MOVT","ESCAVACAO DE VALAS","0019","","",90084,"ESCAVAÇÃO MECANIZADA DE VALA COM PROF. MAIOR QUE 1,5 M ATÉ 3,0 M (MÉDIA MONTANTE E JUSANTE/UMA COMPOSIÇÃO POR TRECHO), ESCAVADEIRA (0,8 M3), LARGURA ATÉ 1,5 M, EM SOLO DE 1A CATEGORIA, EM LOCAIS COM ALTO NÍVEL DE INTERFERÊNCIA. AF_02/2021","M3","COLETADO",11.35,"CAIXA REFERENCIAL"]
["MOVIMENTO DE TERRA","MOVT","ESCAVACAO DE VALAS","0019","","",90086,"ESCAVAÇÃO MECANIZADA DE VALA COM PROF. MAIOR QUE 3,0 M ATÉ 4,5 M(MÉDIA MONTANTE E JUSANTE/UMA COMPOSIÇÃO POR TRECHO), ESCAVADEIRA (0,8 M3), LARG. MENOR QUE 1,5 M, EM SOLO DE 1A CATEGORIA, EM LOCAIS COM ALTO NÍVEL DE INTERFERÊNCIA. AF_02/2021","M3","COLETADO",10.73,"CAIXA REFERENCIAL"]
["MOVIMENTO DE TERRA","MOVT","ESCAVACAO DE VALAS","0019","","",90087,"ESCAVAÇÃO MECANIZADA DE VALA COM PROF. DE 3,0 M ATÉ 4,5 M(MÉDIA MONTANTE E JUSANTE/UMA COMPOSIÇÃO POR TRECHO), ESCAVADEIRA (1,2 M3), LARG. DE 1,5 M A 2,5 M, EM SOLO DE 1A CATEGORIA, EM LOCAIS COM ALTO NÍVEL DE INTERFERÊNCIA. AF_02/2021","M3","COEFICIENTE DE REPRESENTATIVIDADE",9.75,"CAIXA REFERENCIAL"]
["MOVIMENTO DE TERRA","MOVT","ESCAVACAO DE VALAS","0019","","",90090,"ESCAVAÇÃO MECANIZADA DE VALA COM PROF. MAIOR QUE 4,5 M ATÉ 6,0 M(MÉDIA MONTANTE E JUSANTE/UMA COMPOSIÇÃO POR TRECHO), ESCAVADEIRA (1,2 M3), LARG. DE 1,5 M A 2,5 M, EM SOLO DE 1A CATEGORIA, EM LOCAIS COM ALTO NÍVEL DE INTERFERÊNCIA. AF_02/2021","M3","COEFICIENTE DE REPRESENTATIVIDADE",9.5399999999999991,"CAIXA REFERENCIAL"]
["MOVIMENTO DE TERRA","MOVT","ESCAVACAO DE VALAS","0019","","",90091,"ESCAVAÇÃO MECANIZADA DE VALA COM PROF. ATÉ 1,5 M (MÉDIA MONTANTE E JUSANTE/UMA COMPOSIÇÃO POR TRECHO), ESCAVADEIRA (0,8 M3), LARG. DE 1,5 M A 2,5 M, EM SOLO DE 1A CATEGORIA, LOCAIS COM BAIXO NÍVEL DE INTERFERÊNCIA. AF_02/2021","M3","COLETADO",6.34,"CAIXA REFERENCIAL"]
["MOVIMENTO DE TERRA","MOVT","ESCAVACAO DE VALAS","0019","","",90092,"ESCAVAÇÃO MECANIZADA DE VALA COM PROF. MAIOR QUE 1,5 M E ATÉ 3,0 M(MÉDIA MONTANTE E JUSANTE/UMA COMPOSIÇÃO POR TRECHO), ESCAVADEIRA (0,8 M3), LARG. MENOR QUE 1,5 M, EM SOLO DE 1A CATEGORIA, LOCAIS COM BAIXO NÍVEL DE INTERFERÊNCIA. AF_02/2021","M3","COLETADO",6.25,"CAIXA REFERENCIAL"]
["MOVIMENTO DE TERRA","MOVT","ESCAVACAO DE VALAS","0019","","",90094,"ESCAVAÇÃO MECANIZADA DE VALA COM PROF. MAIOR QUE 3,0 M ATÉ 4,5 M (MÉDIA MONTANTE E JUSANTE/UMA COMPOSIÇÃO POR TRECHO), ESCAVADEIRA (0,8 M3), LARG. MENOR QUE 1,5 M, EM SOLO DE 1A CATEGORIA, LOCAIS COM BAIXO NÍVEL DE INTERFERÊNCIA. AF_02/2021","M3","COLETADO",5.92,"CAIXA REFERENCIAL"]
["MOVIMENTO DE TERRA","MOVT","ESCAVACAO DE VALAS","0019","","",90095,"ESCAVAÇÃO MECANIZADA DE VALA COM PROF. MAIOR QUE 3,0 M ATÉ 4,5 M (MÉDIA MONTANTE E JUSANTE/UMA COMPOSIÇÃO POR TRECHO), ESCAVADEIRA (1,2 M3), LARG. DE 1,5 M A 2,5 M, EM SOLO DE 1A CATEGORIA, LOCAIS COM BAIXO NÍVEL DE INTERFERÊNCIA. AF_02/2021","M3","COEFICIENTE DE REPRESENTATIVIDADE",5.37,"CAIXA REFERENCIAL"]
["MOVIMENTO DE TERRA","MOVT","ESCAVACAO DE VALAS","0019","","",90098,"ESCAVAÇÃO MECANIZADA DE VALA COM PROF. MAIOR QUE 4,5 M ATÉ 6,0 M (MÉDIA MONTANTE E JUSANTE/UMA COMPOSIÇÃO POR TRECHO), ESCAVADEIRA (1,2 M3), LARG. DE 1,5 M A 2,5 M, EM SOLO DE 1A CATEGORIA, LOCAIS COM BAIXO NÍVEL DE INTERFERÊNCIA. AF_02/2021","M3","COEFICIENTE DE REPRESENTATIVIDADE",5.28,"CAIXA REFERENCIAL"]
["MOVIMENTO DE TERRA","MOVT","ESCAVACAO DE VALAS","0019","","",90099,"ESCAVAÇÃO MECANIZADA DE VALA COM PROF. ATÉ 1,5 M (MÉDIA MONTANTE E JUSANTE/UMA COMPOSIÇÃO POR TRECHO), RETROESCAV. (0,26 M3), LARG. MENOR QUE 0,8 M, EM SOLO DE 1A CATEGORIA, EM LOCAIS COM ALTO NÍVEL DE INTERFERÊNCIA. AF_02/2021","M3","COEFICIENTE DE REPRESENTATIVIDADE",17.07,"CAIXA REFERENCIAL"]
["MOVIMENTO DE TERRA","MOVT","ESCAVACAO DE VALAS","0019","","",90100,"ESCAVAÇÃO MECANIZADA DE VALA COM PROF. ATÉ 1,5 M (MÉDIA MONTANTE E JUSANTE/UMA COMPOSIÇÃO POR TRECHO), RETROESCAV. (0,26 M3), LARG. DE 0,8 M A 1,5 M, EM SOLO DE 1A CATEGORIA, EM LOCAIS COM ALTO NÍVEL DE INTERFERÊNCIA. AF_02/2021","M3","COEFICIENTE DE REPRESENTATIVIDADE",14.49,"CAIXA REFERENCIAL"]
["MOVIMENTO DE TERRA","MOVT","ESCAVACAO DE VALAS","0019","","",90101,"ESCAVAÇÃO MECANIZADA DE VALA COM PROF. MAIOR QUE 1,5 M ATÉ 3,0 M (MÉDIA MONTANTE E JUSANTE/UMA COMPOSIÇÃO POR TRECHO), RETROESCAV. (0,26 M3), LARG. MENOR QUE 0,8 M, EM SOLO DE 1A CATEGORIA, EM LOCAIS COM ALTO NÍVEL DE INTERFERÊNCIA. AF_02/2021","M3","COEFICIENTE DE REPRESENTATIVIDADE",14.32,"CAIXA REFERENCIAL"]
["MOVIMENTO DE TERRA","MOVT","ESCAVACAO DE VALAS","0019","","",90102,"ESCAVAÇÃO MECANIZADA DE VALA COM PROF. MAIOR QUE 1,5 M ATÉ 3,0 M (MÉDIA MONTANTE E JUSANTE/UMA COMPOSIÇÃO POR TRECHO), RETROESCAV. (0,26 M3), LARGURA DE 0,8 M A 1,5 M, EM SOLO DE 1A CATEGORIA, EM LOCAIS COM ALTO NÍVEL DE INTERFERÊNCIA. AF_02/2021","M3","COEFICIENTE DE REPRESENTATIVIDADE",13.03,"CAIXA REFERENCIAL"]
["MOVIMENTO DE TERRA","MOVT","ESCAVACAO DE VALAS","0019","","",90105,"ESCAVAÇÃO MECANIZADA DE VALA COM PROFUNDIDADE ATÉ 1,5 M (MÉDIA MONTANTE E JUSANTE/UMA COMPOSIÇÃO POR TRECHO), RETROESCAV. (0,26 M3), LARGURA MENOR QUE 0,8 M, EM SOLO DE 1A CATEGORIA, LOCAIS COM BAIXO NÍVEL DE INTERFERÊNCIA. AF_02/2021","M3","COEFICIENTE DE REPRESENTATIVIDADE",9.41,"CAIXA REFERENCIAL"]
["MOVIMENTO DE TERRA","MOVT","ESCAVACAO DE VALAS","0019","","",90106,"ESCAVAÇÃO MECANIZADA DE VALA COM PROFUNDIDADE ATÉ 1,5 M (MÉDIA MONTANTE E JUSANTE/UMA COMPOSIÇÃO POR TRECHO), RETROESCAV. (0,26 M3), LARGURA DE 0,8 M A 1,5 M, EM SOLO DE 1A CATEGORIA, LOCAIS COM BAIXO NÍVEL DE INTERFERÊNCIA. AF_02/2021","M3","COEFICIENTE DE REPRESENTATIVIDADE",8,"CAIXA REFERENCIAL"]
["MOVIMENTO DE TERRA","MOVT","ESCAVACAO DE VALAS","0019","","",90107,"ESCAVAÇÃO MECANIZADA DE VALA COM PROFUNDIDADE MAIOR QUE 1,5 M ATÉ 3,0 M (MÉDIA MONTANTE E JUSANTE/UMA COMPOSIÇÃO POR TRECHO), RETROESCAV. (0,26 M3), LARGURA MENOR QUE 0,8 M, EM SOLO DE 1A CATEGORIA, LOCAIS COM BAIXO NÍVEL DE INTERFERÊNCIA. AF_02/2021","M3","COEFICIENTE DE REPRESENTATIVIDADE",7.9,"CAIXA REFERENCIAL"]
["MOVIMENTO DE TERRA","MOVT","ESCAVACAO DE VALAS","0019","","",90108,"ESCAVAÇÃO MECANIZADA DE VALA COM PROFUNDIDADE MAIOR QUE 1,5 M ATÉ 3,0 M (MÉDIA MONTANTE E JUSANTE/UMA COMPOSIÇÃO POR TRECHO), RETROESCAV (0,26 M3), LARGURA DE 0,8 M A 1,5 M, EM SOLO DE 1A CATEGORIA, LOCAIS COM BAIXO NÍVEL DE INTERFERÊNCIA. AF_02/2021","M3","COEFICIENTE DE REPRESENTATIVIDADE",7.19,"CAIXA REFERENCIAL"]
["MOVIMENTO DE TERRA","MOVT","ESCAVACAO DE VALAS","0019","","",93358,"ESCAVAÇÃO MANUAL DE VALA COM PROFUNDIDADE MENOR OU IGUAL A 1,30 M. AF_02/2021","M3","COLETADO",80.22,"CAIXA REFERENCIAL"]
["MOVIMENTO DE TERRA","MOVT","ESCAVACAO DE VALAS","0019","","",102276,"ESCAVAÇÃO MECANIZADA DE VALA COM PROF. ATÉ 1,5 M (MÉDIA MONTANTE E JUSANTE/UMA COMPOSIÇÃO POR TRECHO), ESCAVADEIRA (0,8 M3), LARG. MENOR QUE 1,5 M, EM SOLO DE 1A CATEGORIA, EM LOCAIS COM ALTO NÍVEL DE INTERFERÊNCIA. AF_02/2021","M3","COLETADO",13.19,"CAIXA REFERENCIAL"]
["MOVIMENTO DE TERRA","MOVT","ESCAVACAO DE VALAS","0019","","",102277,"ESCAVAÇÃO MECANIZADA DE VALA COM PROF. MAIOR QUE  4,5 M ATÉ 6,0 M (MÉDIA MONTANTE E JUSANTE/UMA COMPOSIÇÃO POR TRECHO), ESCAVADEIRA (0,8 M3), LARG. MENOR QUE 1,5 M, EM SOLO DE 1A CATEGORIA, EM LOCAIS COM ALTO NÍVEL DE INTERFERÊNCIA. AF_02/2021","M3","COLETADO",10.41,"CAIXA REFERENCIAL"]
["MOVIMENTO DE TERRA","MOVT","ESCAVACAO DE VALAS","0019","","",102278,"ESCAVAÇÃO MECANIZADA DE VALA COM PROF. MAIOR QUE 1,50 M ATÉ 3,0 M (MÉDIA MONTANTE E JUSANTE/UMA COMPOSIÇÃO POR TRECHO), ESCAVADEIRA (1,2 M3), LARG. DE 1,5 M A 2,5 M, EM SOLO DE 1A CATEGORIA, EM LOCAIS COM ALTO NÍVEL DE INTERFERÊNCIA. AF_02/2021","M3","COEFICIENTE DE REPRESENTATIVIDADE",10.17,"CAIXA REFERENCIAL"]
["MOVIMENTO DE TERRA","MOVT","ESCAVACAO DE VALAS","0019","","",102279,"ESCAVAÇÃO MECANIZADA DE VALA COM PROF. ATÉ 1,5 M (MÉDIA MONTANTE E JUSANTE/UMA COMPOSIÇÃO POR TRECHO), ESCAVADEIRA (0,8 M3),LARG. MENOR QUE 1,5 M, EM SOLO DE 1A CATEGORIA, LOCAIS COM BAIXO NÍVEL DE INTERFERÊNCIA. AF_02/2021","M3","COLETADO",7.27,"CAIXA REFERENCIAL"]
["MOVIMENTO DE TERRA","MOVT","ESCAVACAO DE VALAS","0019","","",102280,"ESCAVAÇÃO MECANIZADA DE VALA COM PROF. MAIOR QUE 4,5 M ATÉ 6,0 M (MÉDIA MONTANTE E JUSANTE/UMA COMPOSIÇÃO POR TRECHO),COM ESCAVADEIRA (0,8 M3), LARG. MENOR QUE 1,5 M, EM SOLO DE 1A CATEGORIA, LOCAIS COM BAIXO NÍVEL DE INTERFERÊNCIA. AF_02/2021","M3","COLETADO",5.74,"CAIXA REFERENCIAL"]
["MOVIMENTO DE TERRA","MOVT","ESCAVACAO DE VALAS","0019","","",102281,"ESCAVAÇÃO MECANIZADA DE VALA COM PROF. MAIOR QUE 1,5 M ATÉ 3,0 M (MÉDIA MONTANTE E JUSANTE/UMA COMPOSIÇÃO POR TRECHO),COM ESCAVADEIRA (1,2 M3),LARG. DE 1,5 M A 2,5 M, EM SOLO DE 1A CATEGORIA, LOCAIS COM BAIXO NÍVEL DE INTERFERÊNCIA. AF_02/2021","M3","COEFICIENTE DE REPRESENTATIVIDADE",5.61,"CAIXA REFERENCIAL"]
["MOVIMENTO DE TERRA","MOVT","ESCAVACAO DE VALAS","0019","","",102282,"ESCAVAÇÃO MECANIZADA DE VALA COM PROF. ATÉ 1,5 M (MÉDIA MONTANTE E JUSANTE/UMA COMPOSIÇÃO POR TRECHO), ESCAVADEIRA (0,8 M3),LARG. MENOR QUE 1,5 M, EM SOLO DE MOLE, EM LOCAIS COM ALTO NÍVEL DE INTERFERÊNCIA. AF_02/2021","M3","COLETADO",14.65,"CAIXA REFERENCIAL"]
["MOVIMENTO DE TERRA","MOVT","ESCAVACAO DE VALAS","0019","","",102283,"ESCAVAÇÃO MECANIZADA DE VALA COM PROF. ATÉ 1,5 M (MÉDIA MONTANTE E JUSANTE/UMA COMPOSIÇÃO POR TRECHO), ESCAVADEIRA (0,8 M3), LARG. DE 1,5 M A 2,5 M, EM SOLO MOLE, EM LOCAIS COM ALTO NÍVEL DE INTERFERÊNCIA. AF_02/2021","M3","COLETADO",13.01,"CAIXA REFERENCIAL"]
["MOVIMENTO DE TERRA","MOVT","ESCAVACAO DE VALAS","0019","","",102284,"ESCAVAÇÃO MECANIZADA DE VALA COM PROF. MAIOR QUE 1,5 M ATÉ 3,0 M (MÉDIA MONTANTE E JUSANTE/UMA COMPOSIÇÃO POR TRECHO), ESCAVADEIRA (0,8 M3), LARGURA ATÉ 1,5 M, EM SOLO MOLE, EM LOCAIS COM ALTO NÍVEL DE INTERFERÊNCIA. AF_02/2021","M3","COLETADO",12.59,"CAIXA REFERENCIAL"]
["MOVIMENTO DE TERRA","MOVT","ESCAVACAO DE VALAS","0019","","",102285,"ESCAVAÇÃO MECANIZADA DE VALA COM PROF. MAIOR QUE 3,0 M ATÉ 4,5 M (MÉDIA MONTANTE E JUSANTE/UMA COMPOSIÇÃO POR TRECHO), ESCAVADEIRA (0,8 M3), LARG. MENOR QUE 1,5 M, EM SOLO  MOLE, EM LOCAIS COM ALTO NÍVEL DE INTERFERÊNCIA. AF_02/2021","M3","COLETADO",11.91,"CAIXA REFERENCIAL"]
["MOVIMENTO DE TERRA","MOVT","ESCAVACAO DE VALAS","0019","","",102286,"ESCAVAÇÃO MECANIZADA DE VALA COM PROF. MAIOR QUE 4,5 M ATÉ 6,0 M (MÉDIA MONTANTE E JUSANTE/UMA COMPOSIÇÃO POR TRECHO), ESCAVADEIRA (0,8 M3),LARG. MENOR QUE 1,5 M, EM SOLO DE MOLE, EM LOCAIS COM ALTO NÍVEL DE INTERFERÊNCIA. AF_02/2021","M3","COLETADO",11.58,"CAIXA REFERENCIAL"]
["MOVIMENTO DE TERRA","MOVT","ESCAVACAO DE VALAS","0019","","",102287,"ESCAVAÇÃO MECANIZADA DE VALA COM PROF. MAIOR QUE 1,5 M ATÉ 3,0 M (MÉDIA MONTANTE E JUSANTE/UMA COMPOSIÇÃO POR TRECHO),COM ESCAVADEIRA (1,2 M3),LARG. DE 1,5 M A 2,5 M, EM SOLO MOLE, EM LOCAIS COM ALTO NÍVEL DE INTERFERÊNCIA. AF_02/2021","M3","COEFICIENTE DE REPRESENTATIVIDADE",11.31,"CAIXA REFERENCIAL"]
["MOVIMENTO DE TERRA","MOVT","ESCAVACAO DE VALAS","0019","","",102288,"ESCAVAÇÃO MECANIZADA DE VALA COM PROF. DE 3,0 M ATÉ 4,5 M (MÉDIA MONTANTE E JUSANTE/UMA COMPOSIÇÃO POR TRECHO), ESCAVADEIRA (1,2 M3), LARG. DE 1,5 M A 2,5 M, EM SOLO MOLE, EM LOCAIS COM ALTO NÍVEL DE INTERFERÊNCIA. AF_02/2021","M3","COEFICIENTE DE REPRESENTATIVIDADE",10.85,"CAIXA REFERENCIAL"]
["MOVIMENTO DE TERRA","MOVT","ESCAVACAO DE VALAS","0019","","",102289,"ESCAVAÇÃO MECANIZADA DE VALA COM PROF. MAIOR QUE 4,5 M ATÉ 6,0 M (MÉDIA MONTANTE E JUSANTE/UMA COMPOSIÇÃO POR TRECHO), ESCAVADEIRA (1,2 M3), LARG. DE 1,5 M A 2,5 M, EM SOLO MOLE, EM LOCAIS COM ALTO NÍVEL DE INTERFERÊNCIA. AF_02/2021","M3","COEFICIENTE DE REPRESENTATIVIDADE",10.6,"CAIXA REFERENCIAL"]
["MOVIMENTO DE TERRA","MOVT","ESCAVACAO DE VALAS","0019","","",102290,"ESCAVAÇÃO MECANIZADA DE VALA COM PROF. ATÉ 1,5 M (MÉDIA MONTANTE E JUSANTE/UMA COMPOSIÇÃO POR TRECHO), ESCAVADEIRA (0,8 M3),LARG. MENOR QUE 1,5 M, EM SOLO MOLE, LOCAIS COM BAIXO NÍVEL DE INTERFERÊNCIA. AF_02/2021","M3","COLETADO",8.08,"CAIXA REFERENCIAL"]
["MOVIMENTO DE TERRA","MOVT","ESCAVACAO DE VALAS","0019","","",102291,"ESCAVAÇÃO MECANIZADA DE VALA COM PROF. ATÉ 1,5 M (MÉDIA MONTANTE E JUSANTE/UMA COMPOSIÇÃO POR TRECHO), ESCAVADEIRA (0,8 M3), LARG. DE 1,5 M A 2,5 M, EM SOLO MOLE, LOCAIS COM BAIXO NÍVEL DE INTERFERÊNCIA. AF_02/2021","M3","COLETADO",7.17,"CAIXA REFERENCIAL"]
["MOVIMENTO DE TERRA","MOVT","ESCAVACAO DE VALAS","0019","","",102292,"ESCAVAÇÃO MECANIZADA DE VALA COM PROF. MAIOR QUE 1,5 M E ATÉ 3,0 M (MÉDIA MONTANTE E JUSANTE/UMA COMPOSIÇÃO POR TRECHO), ESCAVADEIRA (0,8 M3), LARG. MENOR QUE 1,5 M, EM SOLO MOLE, LOCAIS COM BAIXO NÍVEL DE INTERFERÊNCIA. AF_02/2021","M3","COLETADO",6.95,"CAIXA REFERENCIAL"]
["MOVIMENTO DE TERRA","MOVT","ESCAVACAO DE VALAS","0019","","",102293,"ESCAVAÇÃO MECANIZADA DE VALA COM PROF.MAIOR QUE 3,0 M ATÉ 4,5 M (MÉDIA MONTANTE E JUSANTE/UMA COMPOSIÇÃO POR TRECHO), ESCAVADEIRA (0,8 M3), LARG. MENOR QUE 1,5 M, EM SOLO MOLE, LOCAIS COM BAIXO NÍVEL DE INTERFERÊNCIA. AF_02/2021","M3","COLETADO",6.58,"CAIXA REFERENCIAL"]
["MOVIMENTO DE TERRA","MOVT","ESCAVACAO DE VALAS","0019","","",102294,"ESCAVAÇÃO MECANIZADA DE VALA COM PROF. MAIOR QUE 4,5 M ATÉ 6,0 M (MÉDIA MONTANTE E JUSANTE/UMA COMPOSIÇÃO POR TRECHO),COM ESCAVADEIRA (0,8 M3), LARG. MENOR QUE 1,5 M, EM SOLO MOLE, LOCAIS COM BAIXO NÍVEL DE INTERFERÊNCIA. AF_02/2021","M3","COLETADO",6.39,"CAIXA REFERENCIAL"]
["MOVIMENTO DE TERRA","MOVT","ESCAVACAO DE VALAS","0019","","",102295,"ESCAVAÇÃO MECANIZADA DE VALA COM PROF. MAIOR QUE 1,5 M ATÉ 3,0 M (MÉDIA MONTANTE E JUSANTE/UMA COMPOSIÇÃO POR TRECHO),COM ESCAVADEIRA (1,2 M3), LARG. DE 1,5 M A 2,5 M, EM SOLO MOLE, LOCAIS COM BAIXO NÍVEL DE INTERFERÊNCIA. AF_02/2021","M3","COEFICIENTE DE REPRESENTATIVIDADE",6.23,"CAIXA REFERENCIAL"]
["MOVIMENTO DE TERRA","MOVT","ESCAVACAO DE VALAS","0019","","",102296,"ESCAVAÇÃO MECANIZADA DE VALA COM PROF. MAIOR QUE 3,0 M ATÉ 4,5 M (MÉDIA MONTANTE E JUSANTE/UMA COMPOSIÇÃO POR TRECHO), ESCAVADEIRA (1,2 M3), LARG. DE 1,5 M A 2,5 M, EM SOLO MOLE, LOCAIS COM BAIXO NÍVEL DE INTERFERÊNCIA. AF_02/2021","M3","COEFICIENTE DE REPRESENTATIVIDADE",5.97,"CAIXA REFERENCIAL"]
["MOVIMENTO DE TERRA","MOVT","ESCAVACAO DE VALAS","0019","","",102297,"ESCAVAÇÃO MECANIZADA DE VALA COM PROF. MAIOR QUE 4,5 M ATÉ 6,0 M (MÉDIA MONTANTE E JUSANTE/UMA COMPOSIÇÃO POR TRECHO), ESCAVADEIRA (1,2 M3), LARG. DE 1,5 M A 2,5 M, EM SOLO MOLE, LOCAIS COM BAIXO NÍVEL DE INTERFERÊNCIA. AF_02/2021","M3","COEFICIENTE DE REPRESENTATIVIDADE",5.85,"CAIXA REFERENCIAL"]
["MOVIMENTO DE TERRA","MOVT","ESCAVACAO DE VALAS","0019","","",102298,"ESCAVAÇÃO MECANIZADA DE VALA COM PROF. ATÉ 1,5 M (MÉDIA MONTANTE E JUSANTE/UMA COMPOSIÇÃO POR TRECHO), RETROESCAV. (0,26 M3), LARG. MENOR QUE 0,8 M, EM SOLO MOLE, EM LOCAIS COM ALTO NÍVEL DE INTERFERÊNCIA. AF_02/2021","M3","COEFICIENTE DE REPRESENTATIVIDADE",18.96,"CAIXA REFERENCIAL"]
["MOVIMENTO DE TERRA","MOVT","ESCAVACAO DE VALAS","0019","","",102299,"ESCAVAÇÃO MECANIZADA DE VALA COM PROF. ATÉ 1,5 M (MÉDIA MONTANTE E JUSANTE/UMA COMPOSIÇÃO POR TRECHO), RETROESCAV. (0,26 M3), LARG. DE 0,8 M A 1,5 M, EM SOLO MOLE, EM LOCAIS COM ALTO NÍVEL DE INTERFERÊNCIA. AF_02/2021","M3","COEFICIENTE DE REPRESENTATIVIDADE",16.11,"CAIXA REFERENCIAL"]
["MOVIMENTO DE TERRA","MOVT","ESCAVACAO DE VALAS","0019","","",102300,"ESCAVAÇÃO MECANIZADA DE VALA COM PROF. MAIOR QUE 1,5 M ATÉ 3,0 M (MÉDIA MONTANTE E JUSANTE/UMA COMPOSIÇÃO POR TRECHO), RETROESCAV. (0,26 M3), LARG. MENOR QUE 0,8 M, EM SOLO MOLE, EM LOCAIS COM ALTO NÍVEL DE INTERFERÊNCIA. AF_02/2021","M3","COEFICIENTE DE REPRESENTATIVIDADE",15.92,"CAIXA REFERENCIAL"]
["MOVIMENTO DE TERRA","MOVT","ESCAVACAO DE VALAS","0019","","",102301,"ESCAVAÇÃO MECANIZADA DE VALA COM PROF. MAIOR QUE 1,5 M ATÉ 3,0 M (MÉDIA MONTANTE E JUSANTE/UMA COMPOSIÇÃO POR TRECHO), RETROESCAV. (0,26 M3), LARG. DE 0,8 M A 1,5 M, EM SOLO MOLE, EM LOCAIS COM ALTO NÍVEL DE INTERFERÊNCIA. AF_02/2021","M3","COEFICIENTE DE REPRESENTATIVIDADE",14.47,"CAIXA REFERENCIAL"]
["MOVIMENTO DE TERRA","MOVT","ESCAVACAO DE VALAS","0019","","",102302,"ESCAVAÇÃO MECANIZADA DE VALA COM PROF. ATÉ 1,5 M (MÉDIA MONTANTE E JUSANTE/UMA COMPOSIÇÃO POR TRECHO), RETROESCAV. (0,26 M3), LARG. MENOR  QUE 0,8 M, EM SOLO MOLE, LOCAIS COM BAIXO NÍVEL DE NTERFERÊNCIA.  AF_02/2021","M3","COEFICIENTE DE REPRESENTATIVIDADE",10.46,"CAIXA REFERENCIAL"]
["MOVIMENTO DE TERRA","MOVT","ESCAVACAO DE VALAS","0019","","",102303,"ESCAVAÇÃO MECANIZADA DE VALA COM PROF. ATÉ 1,5 M (MÉDIA MONTANTE E JUSANTE/UMA COMPOSIÇÃO POR TRECHO), RETROESCAV. (0,26 M3), LARG. DE 0,8 M A 1,5 M, EM SOLO MOLE, LOCAIS COM BAIXO NÍVEL DE INTERFERÊNCIA. AF_02/2021","M3","COEFICIENTE DE REPRESENTATIVIDADE",8.8800000000000008,"CAIXA REFERENCIAL"]
["MOVIMENTO DE TERRA","MOVT","ESCAVACAO DE VALAS","0019","","",102304,"ESCAVAÇÃO MECANIZADA DE VALA COM PROF. MAIOR QUE 1,5 M ATÉ 3,0 M (MÉDIA MONTANTE E JUSANTE/UMA COMPOSIÇÃO POR TRECHO), RETROESCAV. (0,26 M3 ),LARG. MENOR QUE 0,8 M, EM SOLO MOLE, LOCAIS COM BAIXO NÍVEL DE INTERFERÊNCIA. AF_02/2021","M3","COEFICIENTE DE REPRESENTATIVIDADE",8.77,"CAIXA REFERENCIAL"]
["MOVIMENTO DE TERRA","MOVT","ESCAVACAO DE VALAS","0019","","",102305,"ESCAVAÇÃO MECANIZADA DE VALA COM PROF. MAIOR QUE 1,5 M ATÉ 3,0 M (MÉDIA MONTANTE E JUSANTE/UMA COMPOSIÇÃO POR TRECHO), RETROESCAV. (0,26 M3), LARG. DE 0,8 M A 1,5 M, EM SOLO MOLE, LOCAIS COM BAIXO NÍVEL DE INTERFERÊNCIA. AF_02/2021","M3","COEFICIENTE DE REPRESENTATIVIDADE",7.98,"CAIXA REFERENCIAL"]
["MOVIMENTO DE TERRA","MOVT","ESCAVACAO DE VALAS","0019","","",102306,"ESCAVAÇÃO MECANIZADA DE VALA COM PROF. ATÉ 1,5 M (MÉDIA MONTANTE E JUSANTE/UMA COMPOSIÇÃO POR TRECHO), ESCAVADEIRA (0,8 M3),LARG. ATÉ 1,5 M, EM SOLO DE 2A CATEGORIA, EM LOCAIS COM ALTO NÍVEL DE INTERFERÊNCIA.  AF_02/2021","M3","COLETADO",16.489999999999998,"CAIXA REFERENCIAL"]
["MOVIMENTO DE TERRA","MOVT","ESCAVACAO DE VALAS","0019","","",102307,"ESCAVAÇÃO MECANIZADA DE VALA COM PROF. ATÉ 1,5 M (MÉDIA MONTANTE E JUSANTE/UMA COMPOSIÇÃO POR TRECHO), ESCAVADEIRA (0,8 M3), LARG. DE 1,5 M A 2,5 M, EM SOLO DE 2A CATEGORIA, EM LOCAIS COM ALTO NÍVEL DE INTERFERÊNCIA. AF_02/2021","M3","COLETADO",14.65,"CAIXA REFERENCIAL"]
["MOVIMENTO DE TERRA","MOVT","ESCAVACAO DE VALAS","0019","","",102308,"ESCAVAÇÃO MECANIZADA DE VALA COM PROF. MAIOR QUE 1,5 M ATÉ 3,0 M (MÉDIA MONTANTE E JUSANTE/UMA COMPOSIÇÃO POR TRECHO), ESCAVADEIRA (0,8 M3), LARG. ATÉ 1,5 M, EM SOLO DE 2A CATEGORIA, EM LOCAIS COM ALTO NÍVEL DE INTERFERÊNCIA. AF_02/2021","M3","COLETADO",14.18,"CAIXA REFERENCIAL"]
["MOVIMENTO DE TERRA","MOVT","ESCAVACAO DE VALAS","0019","","",102309,"ESCAVAÇÃO MECANIZADA DE VALA COM PROF. MAIOR QUE 3,0 M ATÉ 4,5 M (MÉDIA MONTANTE E JUSANTE/UMA COMPOSIÇÃO POR TRECHO), ESCAVADEIRA (0,8 M3), LARG. MENOR QUE 1,5 M, EM SOLO DE 2A CATEGORIA, EM LOCAIS COM ALTO NÍVEL DE INTERFERÊNCIA. AF_02/2021","M3","COLETADO",13.43,"CAIXA REFERENCIAL"]
["MOVIMENTO DE TERRA","MOVT","ESCAVACAO DE VALAS","0019","","",102310,"ESCAVAÇÃO MECANIZADA DE VALA COM PROF.MAIOR QUE 4,5 M ATÉ 6,0 M (MÉDIA MONTANTE E JUSANTE/UMA COMPOSIÇÃO POR TRECHO),COM ESCAVADEIRA (0,8 M3), LARG. MENOR QUE 1,5 M, EM SOLO DE 2A CATEGORIA, EM LOCAIS COM ALTO NÍVEL DE INTERFERÊNCIA. AF_02/2021","M3","COLETADO",13.04,"CAIXA REFERENCIAL"]
["MOVIMENTO DE TERRA","MOVT","ESCAVACAO DE VALAS","0019","","",102311,"ESCAVAÇÃO MECANIZADA DE VALA COM PROF. MAIOR QUE 1,5 M ATÉ 3,0 M (MÉDIA MONTANTE E JUSANTE/UMA COMPOSIÇÃO POR TRECHO),COM ESCAVADEIRA (1,2 M3),LARG. DE 1,5 M A 2,5 M, EM SOLO DE 2A CATEGORIA, EM LOCAIS COM ALTO NÍVEL DE INTERFERÊNCIA. AF_02/2021","M3","COEFICIENTE DE REPRESENTATIVIDADE",12.7,"CAIXA REFERENCIAL"]
["MOVIMENTO DE TERRA","MOVT","ESCAVACAO DE VALAS","0019","","",102312,"ESCAVAÇÃO MECANIZADA DE VALA COM PROF. DE 3,0 M ATÉ 4,5 M (MÉDIA MONTANTE E JUSANTE/UMA COMPOSIÇÃO POR TRECHO), ESCAVADEIRA (1,2 M3), LARG. DE 1,5 M A 2,5 M, EM SOLO DE 2A CATEGORIA, EM LOCAIS COM ALTO NÍVEL DE INTERFERÊNCIA. AF_02/2021","M3","COEFICIENTE DE REPRESENTATIVIDADE",12.2,"CAIXA REFERENCIAL"]
["MOVIMENTO DE TERRA","MOVT","ESCAVACAO DE VALAS","0019","","",102313,"ESCAVAÇÃO MECANIZADA DE VALA COM PROF. MAIOR QUE 4,5 M ATÉ 6,0 M (MÉDIA MONTANTE E JUSANTE/UMA COMPOSIÇÃO POR TRECHO), ESCAVADEIRA (1,2 M3), LARG. DE 1,5 M A 2,5 M, EM SOLO DE 2A CATEGORIA, EM LOCAIS COM ALTO NÍVEL DE INTERFERÊNCIA. AF_02/2021","M3","COEFICIENTE DE REPRESENTATIVIDADE",11.93,"CAIXA REFERENCIAL"]
["MOVIMENTO DE TERRA","MOVT","ESCAVACAO DE VALAS","0019","","",102314,"ESCAVAÇÃO MECANIZADA DE VALA COM PROF. ATÉ 1,5 M (MÉDIA MONTANTE E JUSANTE/UMA COMPOSIÇÃO POR TRECHO),COM ESCAVADEIRA (0,8 M3), LARG. MENOR QUE 1,5 M, EM SOLO DE 2A CATEGORIA, LOCAIS COM BAIXO NÍVEL DE INTERFERÊNCIA. AF_02/2021","M3","COLETADO",9.1,"CAIXA REFERENCIAL"]
["MOVIMENTO DE TERRA","MOVT","ESCAVACAO DE VALAS","0019","","",102315,"ESCAVAÇÃO MECANIZADA DE VALA COM PROF. ATÉ 1,5 M (MÉDIA MONTANTE E JUSANTE/UMA COMPOSIÇÃO POR TRECHO), ESCAVADEIRA (0,8 M3), LARG. DE 1,5 M A 2,5 M, EM SOLO DE 2A CATEGORIA, LOCAIS COM BAIXO NÍVEL DE INTERFERÊNCIA. AF_02/2021","M3","COLETADO",8.07,"CAIXA REFERENCIAL"]
["MOVIMENTO DE TERRA","MOVT","ESCAVACAO DE VALAS","0019","","",102316,"ESCAVAÇÃO MECANIZADA DE VALA COM PROF. MAIOR QUE 1,5 M E ATÉ 3,0 M (MÉDIA MONTANTE E JUSANTE/UMA COMPOSIÇÃO POR TRECHO), ESCAVADEIRA (0,8 M3), LARG. MENOR QUE 1,5 M, EM SOLO DE 2A CATEGORIA, LOCAIS COM BAIXO NÍVEL DE INTERFERÊNCIA. AF_02/2021","M3","COLETADO",7.83,"CAIXA REFERENCIAL"]
["MOVIMENTO DE TERRA","MOVT","ESCAVACAO DE VALAS","0019","","",102317,"ESCAVAÇÃO MECANIZADA DE VALA COM PROF.MAIOR QUE 3,0 M ATÉ 4,5 M (MÉDIA MONTANTE E JUSANTE/UMA COMPOSIÇÃO POR TRECHO), ESCAVADEIRA (0,8 M3), LARG. MENOR QUE 1,5 M, EM SOLO DE 2A CATEGORIA, LOCAIS COM BAIXO NÍVEL DE INTERFERÊNCIA. AF_02/2021","M3","COLETADO",7.39,"CAIXA REFERENCIAL"]
["MOVIMENTO DE TERRA","MOVT","ESCAVACAO DE VALAS","0019","","",102318,"ESCAVAÇÃO MECANIZADA DE VALA COM PROF.MAIOR QUE 4,5 M ATÉ 6,0 M (MÉDIA MONTANTE E JUSANTE/UMA COMPOSIÇÃO POR TRECHO),COM ESCAVADEIRA (0,8 M3), LARG. MENOR QUE 1,5 M, EM SOLO DE 2A CATEGORIA, EM LOCAIS COM BAIXO NÍVEL DE INTERFERÊNCIA. AF_02/2021","M3","COLETADO",7.19,"CAIXA REFERENCIAL"]
["MOVIMENTO DE TERRA","MOVT","ESCAVACAO DE VALAS","0019","","",102319,"ESCAVAÇÃO MECANIZADA DE VALA COM PROF. MAIOR QUE 1,5 M ATÉ 3,0 M (MÉDIA MONTANTE E JUSANTE/UMA COMPOSIÇÃO POR TRECHO),COM ESCAVADEIRA (1,2 M3),LARG. DE 1,5 M A 2,5 M, EM SOLO DE 2A CATEGORIA, LOCAIS COM BAIXO NÍVEL DE INTERFERÊNCIA. AF_02/2021","M3","COEFICIENTE DE REPRESENTATIVIDADE",7,"CAIXA REFERENCIAL"]
["MOVIMENTO DE TERRA","MOVT","ESCAVACAO DE VALAS","0019","","",102320,"ESCAVAÇÃO MECANIZADA DE VALA COM PROF. MAIOR QUE 3,0 M ATÉ 4,5 M (MÉDIA MONTANTE E JUSANTE/UMA COMPOSIÇÃO POR TRECHO), ESCAVADEIRA (1,2 M3), LARG. DE 1,5 M A 2,5 M, EM SOLO DE 2A CATEGORIA, LOCAIS COM BAIXO NÍVEL DE INTERFERÊNCIA. AF_02/2021","M3","COEFICIENTE DE REPRESENTATIVIDADE",6.72,"CAIXA REFERENCIAL"]
["MOVIMENTO DE TERRA","MOVT","ESCAVACAO DE VALAS","0019","","",102321,"ESCAVAÇÃO MECANIZADA DE VALA COM PROF. MAIOR QUE 4,5 M ATÉ 6,0 M (MÉDIA MONTANTE E JUSANTE/UMA COMPOSIÇÃO POR TRECHO), ESCAVADEIRA (1,2 M3), LARG. DE 1,5 M A 2,5 M, EM SOLO DE 2A CATEGORIA, LOCAIS COM BAIXO NÍVEL DE INTERFERÊNCIA. AF_02/2021","M3","COEFICIENTE DE REPRESENTATIVIDADE",6.6,"CAIXA REFERENCIAL"]
["MOVIMENTO DE TERRA","MOVT","ESCAVACAO DE VALAS","0019","","",102322,"ESCAVAÇÃO MECANIZADA DE VALA COM PROF. ATÉ 1,5 M (MÉDIA MONTANTE E JUSANTE/UMA COMPOSIÇÃO POR TRECHO), RETROESCAV. (0,26 M3), LARG. MENOR QUE 0,8 M, EM SOLO DE 2A CATEGORIA, EM LOCAIS COM ALTO NÍVEL DE INTERFERÊNCIA. AF_02/2021","M3","COEFICIENTE DE REPRESENTATIVIDADE",21.34,"CAIXA REFERENCIAL"]
["MOVIMENTO DE TERRA","MOVT","ESCAVACAO DE VALAS","0019","","",102323,"ESCAVAÇÃO MECANIZADA DE VALA COM PROF. ATÉ 1,5 M (MÉDIA MONTANTE E JUSANTE/UMA COMPOSIÇÃO POR TRECHO), RETROESCAV. (0,26 M3), LARG. DE 0,8 M A 1,5 M, EM SOLO DE 2A CATEGORIA, EM LOCAIS COM ALTO NÍVEL DE INTERFERÊNCIA. AF_02/2021","M3","COEFICIENTE DE REPRESENTATIVIDADE",18.12,"CAIXA REFERENCIAL"]
["MOVIMENTO DE TERRA","MOVT","ESCAVACAO DE VALAS","0019","","",102324,"ESCAVAÇÃO MECANIZADA DE VALA COM PROF. MAIOR QUE 1,5 M ATÉ 3,0 M (MÉDIA MONTANTE E JUSANTE/UMA COMPOSIÇÃO POR TRECHO), RETROESCAV. (0,26 M3), LARG. MENOR QUE 0,8 M, EM SOLO DE 2A CATEGORIA, EM LOCAIS COM ALTO NÍVEL DE INTERFERÊNCIA. AF_02/2021","M3","COEFICIENTE DE REPRESENTATIVIDADE",17.91,"CAIXA REFERENCIAL"]
["MOVIMENTO DE TERRA","MOVT","ESCAVACAO DE VALAS","0019","","",102325,"ESCAVAÇÃO MECANIZADA DE VALA COM PROF. MAIOR QUE 1,5 M ATÉ 3,0 M (MÉDIA MONTANTE E JUSANTE/UMA COMPOSIÇÃO POR TRECHO), RETROESCAV. (0,26 M3), LARG. DE 0,8 M A 1,5 M, EM SOLO DE 2A CATEGORIA, EM LOCAIS COM ALTO NÍVEL DE INTERFERÊNCIA. AF_02/2021","M3","COEFICIENTE DE REPRESENTATIVIDADE",16.3,"CAIXA REFERENCIAL"]
["MOVIMENTO DE TERRA","MOVT","ESCAVACAO DE VALAS","0019","","",102326,"ESCAVAÇÃO MECANIZADA DE VALA COM PROF. ATÉ 1,5 M (MÉDIA MONTANTE E JUSANTE/UMA COMPOSIÇÃO POR TRECHO), RETROESCAV. (0,26 M3), LARGURA MENOR  QUE 0,8 M, EM SOLO DE 2A CATEGORIA, EM LOCAIS COM BAIXO NÍVEL DE NTERFERÊNCIA. AF_02/2021","M3","COEFICIENTE DE REPRESENTATIVIDADE",11.78,"CAIXA REFERENCIAL"]
["MOVIMENTO DE TERRA","MOVT","ESCAVACAO DE VALAS","0019","","",102327,"ESCAVAÇÃO MECANIZADA DE VALA COM PROF. ATÉ 1,5 M (MÉDIA MONTANTE E JUSANTE/UMA COMPOSIÇÃO POR TRECHO), RETROESCAV. (0,26 M3 ), LARG. DE 0,8 M A 1,5 M, EM SOLO DE 2A CATEGORIA, EM LOCAIS COM BAIXO NÍVEL DE INTERFERÊNCIA. AF_02/2021","M3","COEFICIENTE DE REPRESENTATIVIDADE",10.01,"CAIXA REFERENCIAL"]
["MOVIMENTO DE TERRA","MOVT","ESCAVACAO DE VALAS","0019","","",102328,"ESCAVAÇÃO MECANIZADA DE VALA COM PROF. MAIOR QUE 1,5 M ATÉ 3,0 M (MÉDIA MONTANTE E JUSANTE/UMA COMPOSIÇÃO POR TRECHO), RETROESCAV. (0,26 M3),LARG. MENOR QUE 0,8 M, EM SOLO DE 2A CATEGORIA, EM LOCAIS COM BAIXO NÍVEL DE INTERFERÊNCIA. AF_02/2021","M3","COEFICIENTE DE REPRESENTATIVIDADE",9.8699999999999992,"CAIXA REFERENCIAL"]
["MOVIMENTO DE TERRA","MOVT","ESCAVACAO DE VALAS","0019","","",102329,"ESCAVAÇÃO MECANIZADA DE VALA COM PROF. MAIOR QUE 1,5 M ATÉ 3,0 M (MÉDIA MONTANTE E JUSANTE/UMA COMPOSIÇÃO POR TRECHO), RETROESCAV. (0,26 M3), LARG. DE 0,8 M A 1,5 M, EM SOLO DE 2A CATEGORIA, EM LOCAIS COM BAIXO NÍVEL DE INTERFERÊNCIA. AF_02/2021","M3","COEFICIENTE DE REPRESENTATIVIDADE",8.99,"CAIXA REFERENCIAL"]
["MOVIMENTO DE TERRA","MOVT","ATERRO COM OU S/COMPACTACAO","0020","","",94304,"ATERRO MECANIZADO DE VALA COM ESCAVADEIRA HIDRÁULICA (CAPACIDADE DA CAÇAMBA: 0,8 M³ / POTÊNCIA: 111 HP), LARGURA ATÉ 2,5 M, PROFUNDIDADE ATÉ 1,5 M, COM SOLO ARGILO-ARENOSO. AF_08/2023","M3","ATRIBUÍDO SÃO PAULO",74.849999999999994,"CAIXA REFERENCIAL"]
["MOVIMENTO DE TERRA","MOVT","ATERRO COM OU S/COMPACTACAO","0020","","",94306,"ATERRO MECANIZADO DE VALA COM ESCAVADEIRA HIDRÁULICA (CAPACIDADE DA CAÇAMBA: 0,8 M³ / POTÊNCIA: 111 HP), LARGURA ATÉ 2,5 M, PROFUNDIDADE DE 1,5 A 3,0 M, COM SOLO ARGILO-ARENOSO. AF_08/2023","M3","ATRIBUÍDO SÃO PAULO",68.13,"CAIXA REFERENCIAL"]
["MOVIMENTO DE TERRA","MOVT","ATERRO COM OU S/COMPACTACAO","0020","","",94310,"ATERRO MECANIZADO DE VALA COM ESCAVADEIRA HIDRÁULICA (CAPACIDADE DA CAÇAMBA: 0,8 M³/POTÊNCIA: 111 HP), LARGURA ATÉ 2,5 M, PROFUNDIDADE DE 3,0 A 6,0 M, COM SOLO ARGILO-ARENOSO. AF_08/2023","M3","ATRIBUÍDO SÃO PAULO",65.099999999999994,"CAIXA REFERENCIAL"]
["MOVIMENTO DE TERRA","MOVT","ATERRO COM OU S/COMPACTACAO","0020","","",94316,"ATERRO MECANIZADO DE VALA COM RETROESCAVADEIRA (CAPACIDADE DA CAÇAMBA DA RETRO: 0,26 M³ / POTÊNCIA: 88 HP), LARGURA ATÉ 1,5 M, PROFUNDIDADE ATÉ 1,5 M, COM SOLO ARGILO-ARENOSO. AF_08/2023","M3","ATRIBUÍDO SÃO PAULO",70.08,"CAIXA REFERENCIAL"]
["MOVIMENTO DE TERRA","MOVT","ATERRO COM OU S/COMPACTACAO","0020","","",94318,"ATERRO MECANIZADO DE VALA COM RETROESCAVADEIRA (CAPACIDADE DA CAÇAMBA DA RETRO: 0,26 M³ / POTÊNCIA: 88 HP), LARGURA ATÉ 1,5 M, PROFUNDIDADE DE 1,5 A 3,0 M, COM SOLO ARGILO-ARENOSO. AF_08/2023","M3","ATRIBUÍDO SÃO PAULO",64.040000000000006,"CAIXA REFERENCIAL"]
["MOVIMENTO DE TERRA","MOVT","ATERRO COM OU S/COMPACTACAO","0020","","",94319,"ATERRO MANUAL DE VALAS COM SOLO ARGILO-ARENOSO. AF_08/2023","M3","ATRIBUÍDO SÃO PAULO",76.27,"CAIXA REFERENCIAL"]
["MOVIMENTO DE TERRA","MOVT","ATERRO COM OU S/COMPACTACAO","0020","","",94327,"ATERRO MECANIZADO DE VALA COM ESCAVADEIRA HIDRÁULICA (CAPACIDADE DA CAÇAMBA: 0,8 M³/POTÊNCIA: 111 HP), LARGURA ATÉ 2,5 M, PROFUNDIDADE ATÉ 1,5 M, COM AREIA PARA ATERRO. AF_08/2023","M3","ATRIBUÍDO SÃO PAULO",107.13,"CAIXA REFERENCIAL"]
["MOVIMENTO DE TERRA","MOVT","ATERRO COM OU S/COMPACTACAO","0020","","",94329,"ATERRO MECANIZADO DE VALA COM ESCAVADEIRA HIDRÁULICA (CAPACIDADE DA CAÇAMBA: 0,8 M³/POTÊNCIA: 111 HP), LARGURA ATÉ 2,5 M, PROFUNDIDADE DE 1,5 A 3,0 M, COM AREIA PARA ATERRO. AF_08/2023","M3","ATRIBUÍDO SÃO PAULO",100.41,"CAIXA REFERENCIAL"]
["MOVIMENTO DE TERRA","MOVT","ATERRO COM OU S/COMPACTACAO","0020","","",94333,"ATERRO MECANIZADO DE VALA COM ESCAVADEIRA HIDRÁULICA (CAPACIDADE DA CAÇAMBA: 0,8 M³/POTÊNCIA: 111 HP), LARGURA ATÉ 2,5 M, PROFUNDIDADE DE 3,0 A 6,0 M, COM AREIA PARA ATERRO. AF_08/2023","M3","ATRIBUÍDO SÃO PAULO",97.38,"CAIXA REFERENCIAL"]
["MOVIMENTO DE TERRA","MOVT","ATERRO COM OU S/COMPACTACAO","0020","","",94339,"ATERRO MECANIZADO DE VALA COM RETROESCAVADEIRA (CAPACIDADE DA CAÇAMBA DA RETRO: 0,26 M³/POTÊNCIA: 88 HP), LARGURA ATÉ 1,5 M, PROFUNDIDADE ATÉ 1,5 M, COM AREIA PARA ATERRO. AF_08/2023","M3","ATRIBUÍDO SÃO PAULO",102.36,"CAIXA REFERENCIAL"]
["MOVIMENTO DE TERRA","MOVT","ATERRO COM OU S/COMPACTACAO","0020","","",94341,"ATERRO MECANIZADO DE VALA COM RETROESCAVADEIRA (CAPACIDADE DA CAÇAMBA DA RETRO: 0,26 M³/POTÊNCIA: 88 HP), LARGURA ATÉ 1,5 M, PROFUNDIDADE DE 1,5 A 3,0 M, COM AREIA PARA ATERRO. AF_08/2023","M3","ATRIBUÍDO SÃO PAULO",96.32,"CAIXA REFERENCIAL"]
["MOVIMENTO DE TERRA","MOVT","ATERRO COM OU S/COMPACTACAO","0020","","",94342,"ATERRO MANUAL DE VALAS COM AREIA PARA ATERRO. AF_08/2023","M3","ATRIBUÍDO SÃO PAULO",108.55,"CAIXA REFERENCIAL"]
["MOVIMENTO DE TERRA","MOVT","ATERRO COM OU S/COMPACTACAO","0020","","",96385,"EXECUÇÃO E COMPACTAÇÃO DE ATERRO COM SOLO PREDOMINANTEMENTE ARGILOSO - EXCLUSIVE SOLO, ESCAVAÇÃO, CARGA E TRANSPORTE. AF_11/2019","M3","ATRIBUÍDO SÃO PAULO",12.1,"CAIXA REFERENCIAL"]
["MOVIMENTO DE TERRA","MOVT","ATERRO COM OU S/COMPACTACAO","0020","","",96386,"EXECUÇÃO E COMPACTAÇÃO DE ATERRO COM SOLO PREDOMINANTEMENTE ARENOSO - EXCLUSIVE SOLO, ESCAVAÇÃO, CARGA E TRANSPORTE. AF_11/2019","M3","ATRIBUÍDO SÃO PAULO",9.1,"CAIXA REFERENCIAL"]
["MOVIMENTO DE TERRA","MOVT","ATERRO/REATERRO DE VALAS COM OU S/COMPACTACAO","0021","","",93367,"REATERRO MECANIZADO DE VALA COM ESCAVADEIRA HIDRÁULICA (CAPACIDADE DA CAÇAMBA: 0,8 M³/POTÊNCIA: 111 HP), LARGURA DE 1,5 A 2,5 M, PROFUNDIDADE ATÉ 1,5 M, COM SOLO (SEM SUBSTITUIÇÃO) DE 1ª CATEGORIA, COM COMPACTADOR DE SOLOS DE PERCUSSÃO. AF_08/2023","M3","ATRIBUÍDO SÃO PAULO",24.15,"CAIXA REFERENCIAL"]
["MOVIMENTO DE TERRA","MOVT","ATERRO/REATERRO DE VALAS COM OU S/COMPACTACAO","0021","","",93368,"REATERRO MECANIZADO DE VALA COM ESCAVADEIRA HIDRÁULICA (CAPACIDADE DA CAÇAMBA: 0,8 M³/POTÊNCIA: 111 HP), LARGURA ATÉ 1,5 M, PROFUNDIDADE DE 1,5 A 3,0 M, COM SOLO (SEM SUBSTITUIÇÃO) DE 1ª CATEGORIA, COM COMPACTADOR DE SOLOS DE PERCUSSÃO. AF_08/2023","M3","ATRIBUÍDO SÃO PAULO",21.16,"CAIXA REFERENCIAL"]
["MOVIMENTO DE TERRA","MOVT","ATERRO/REATERRO DE VALAS COM OU S/COMPACTACAO","0021","","",93369,"REATERRO MECANIZADO DE VALA COM ESCAVADEIRA HIDRÁULICA (CAPACIDADE DA CAÇAMBA: 0,8 M³/POTÊNCIA: 111 HP), LARGURA 1,5 A 2,5 M, PROFUNDIDADE 1,5 A 3,0 M, COM SOLO (SEM SUBSTITUIÇÃO) DE 1ª CATEGORIA, COM COMPACTADOR DE SOLOS DE PERCUSSÃO. AF_08/2023","M3","ATRIBUÍDO SÃO PAULO",17.43,"CAIXA REFERENCIAL"]
["MOVIMENTO DE TERRA","MOVT","ATERRO/REATERRO DE VALAS COM OU S/COMPACTACAO","0021","","",93372,"REATERRO MECANIZADO DE VALA COM ESCAVADEIRA HIDRÁULICA (CAPACIDADE DA CAÇAMBA: 0,8 M³/POTÊNCIA: 111 HP), LARGURA ATÉ 1,5 M, PROFUNDIDADE DE 3,0 A 6,0 M, COM SOLO (SEM SUBSTITUIÇÃO) DE 1ª CATEGORIA, COM COMPACTADOR DE SOLOS DE PERCUSSÃO. AF_08/2023","M3","ATRIBUÍDO SÃO PAULO",16.77,"CAIXA REFERENCIAL"]
["MOVIMENTO DE TERRA","MOVT","ATERRO/REATERRO DE VALAS COM OU S/COMPACTACAO","0021","","",93373,"REATERRO MECANIZADO DE VALA COM ESCAVADEIRA HIDRÁULICA (CAPACIDADE DA CAÇAMBA: 0,8 M³/POTÊNCIA: 111 HP), LARGURA 1,5 A 2,5 M, PROFUNDIDADE 3,0 A 6,0 M, COM SOLO (SEM SUBSTITUIÇÃO) DE 1ª CATEGORIA, COM COMPACTADOR DE SOLOS DE PERCUSSÃO. AF_08/2023","M3","ATRIBUÍDO SÃO PAULO",14.4,"CAIXA REFERENCIAL"]
["MOVIMENTO DE TERRA","MOVT","ATERRO/REATERRO DE VALAS COM OU S/COMPACTACAO","0021","","",93378,"REATERRO MECANIZADO DE VALA COM RETROESCAVADEIRA (CAPACIDADE DA CAÇAMBA   DA RETRO: 0,26 M³/POTÊNCIA: 88 HP), LARGURA ATÉ 0,8 M, PROFUNDIDADE ATÉ 1,5 M, COM SOLO (SEM SUBSTITUIÇÃO) DE 1ª CATEGORIA, COM COMPACTADOR DE SOLOS DE PERCUSSÃO. AF_08/2023","M3","ATRIBUÍDO SÃO PAULO",25.24,"CAIXA REFERENCIAL"]
["MOVIMENTO DE TERRA","MOVT","ATERRO/REATERRO DE VALAS COM OU S/COMPACTACAO","0021","","",93379,"REATERRO MECANIZADO DE VALA COM RETROESCAVADEIRA (CAPACIDADE DA CAÇAMBA   DA RETRO: 0,26 M³/POTÊNCIA: 88 HP), LARGURA 0,8 A 1,5 M, PROFUNDIDADE ATÉ 1,5 M, COM SOLO (SEM SUBSTITUIÇÃO) DE 1ª CATEGORIA, COM COMPACTADOR DE SOLOS DE PERCUSSÃO AF_08/2023","M3","ATRIBUÍDO SÃO PAULO",19.38,"CAIXA REFERENCIAL"]
["MOVIMENTO DE TERRA","MOVT","ATERRO/REATERRO DE VALAS COM OU S/COMPACTACAO","0021","","",93380,"REATERRO MECANIZADO DE VALA COM RETROESCAVADEIRA (CAPACIDADE DA CAÇAMBA   DA RETRO: 0,26 M³/POTÊNCIA: 88 HP), LARGURA ATÉ 0,8 M, PROFUNDIDADE 1,5 A 3,0 M, COM SOLO (SEM SUBSTITUIÇÃO) DE 1ª CATEGORIA, COM COMPACTADOR DE SOLOS DE PERCUSSÃO AF_08/2023","M3","ATRIBUÍDO SÃO PAULO",16.489999999999998,"CAIXA REFERENCIAL"]
["MOVIMENTO DE TERRA","MOVT","ATERRO/REATERRO DE VALAS COM OU S/COMPACTACAO","0021","","",93381,"REATERRO MECANIZADO DE VALA COM RETROESCAVADEIRA (CAPACIDADE DA CAÇAMBA   DA RETRO: 0,26 M³/POTÊNCIA: 88 HP), LARGURA 0,8 A 1,5 M, PROFUNDIDADE 1,5 A 3,0 M, COM SOLO (SEM SUBSTITUIÇÃO) DE 1ª CATEGORIA E COMPACTADOR DE SOLOS DE PERCUSSÃO. AF_08/2023","M3","ATRIBUÍDO SÃO PAULO",13.34,"CAIXA REFERENCIAL"]
["MOVIMENTO DE TERRA","MOVT","ATERRO/REATERRO DE VALAS COM OU S/COMPACTACAO","0021","","",93382,"REATERRO MANUAL DE VALAS, COM COMPACTADOR DE SOLOS DE PERCUSSÃO. AF_08/2023","M3","ATRIBUÍDO SÃO PAULO",25.57,"CAIXA REFERENCIAL"]
["MOVIMENTO DE TERRA","MOVT","ATERRO/REATERRO DE VALAS COM OU S/COMPACTACAO","0021","","",104728,"REATERRO MECANIZADO DE VALA COM ESCAVADEIRA HIDRÁULICA (CAPACIDADE DA CAÇAMBA: 0,8 M³/POTÊNCIA: 111 HP), LARGURA DE 1,5 A 2,5 M, PROFUNDIDADE ATÉ 1,5 M, COM SOLO (SEM SUBSTITUIÇÃO) DE 1ª CATEGORIA, COM PLACA VIBRATÓRIA. AF_08/2023","M3","ATRIBUÍDO SÃO PAULO",19.73,"CAIXA REFERENCIAL"]
["MOVIMENTO DE TERRA","MOVT","ATERRO/REATERRO DE VALAS COM OU S/COMPACTACAO","0021","","",104729,"REATERRO MECANIZADO DE VALA COM ESCAVADEIRA HIDRÁULICA (CAPACIDADE DA CAÇAMBA: 0,8 M³/POTÊNCIA: 111 HP), LARGURA ATÉ 1,5 M, PROFUNDIDADE DE 1,5 A 3,0 M, COM SOLO (SEM SUBSTITUIÇÃO) DE 1ª CATEGORIA, COM PLACA VIBRATÓRIA. AF_08/2023","M3","ATRIBUÍDO SÃO PAULO",16.8,"CAIXA REFERENCIAL"]
["MOVIMENTO DE TERRA","MOVT","ATERRO/REATERRO DE VALAS COM OU S/COMPACTACAO","0021","","",104730,"REATERRO MECANIZADO DE VALA COM ESCAVADEIRA HIDRÁULICA (CAPACIDADE DA CAÇAMBA: 0,8 M³/POTÊNCIA: 111 HP), LARGURA DE 1,5 A 2,5 M, PROFUNDIDADE DE 1,5 A 3,0 M, COM SOLO (SEM SUBSTITUIÇÃO) DE 1ª CATEGORIA, COM PLACA VIBRATÓRIA. AF_08/2023","M3","ATRIBUÍDO SÃO PAULO",13.09,"CAIXA REFERENCIAL"]
["MOVIMENTO DE TERRA","MOVT","ATERRO/REATERRO DE VALAS COM OU S/COMPACTACAO","0021","","",104731,"REATERRO MECANIZADO DE VALA COM ESCAVADEIRA HIDRÁULICA (CAPACIDADE DA CAÇAMBA: 0,8 M³/POTÊNCIA: 111 HP), LARGURA ATÉ 1,5 M, PROFUNDIDADE DE 3,0 A 6,0 M, COM SOLO (SEM SUBSTITUIÇÃO) DE 1ª CATEGORIA, COM PLACA VIBRATÓRIA. AF_08/2023","M3","ATRIBUÍDO SÃO PAULO",12.43,"CAIXA REFERENCIAL"]
["MOVIMENTO DE TERRA","MOVT","ATERRO/REATERRO DE VALAS COM OU S/COMPACTACAO","0021","","",104732,"REATERRO MECANIZADO DE VALA COM ESCAVADEIRA HIDRÁULICA (CAPACIDADE DA CAÇAMBA: 0,8 M³/POTÊNCIA: 111 HP), LARGURA DE 1,5 A 2,5 M, PROFUNDIDADE DE 3,0 A 6,0 M, COM SOLO (SEM SUBSTITUIÇÃO) DE 1ª CATEGORIA, COM PLACA VIBRATÓRIA. AF_08/2023","M3","ATRIBUÍDO SÃO PAULO",10.08,"CAIXA REFERENCIAL"]
["MOVIMENTO DE TERRA","MOVT","ATERRO/REATERRO DE VALAS COM OU S/COMPACTACAO","0021","","",104733,"REATERRO MECANIZADO DE VALA COM RETROESCAVADEIRA (CAPACIDADE   DA   CAÇAMBA   DA RETRO: 0,26 M³/POTÊNCIA: 88 HP), LARGURA ATÉ 0,8 M, PROFUNDIDADE ATÉ 1,5 M, COM SOLO (SEM SUBSTITUIÇÃO) DE 1ª CATEGORIA, COM PLACA VIBRATÓRIA. AF_08/2023","M3","ATRIBUÍDO SÃO PAULO",20.170000000000002,"CAIXA REFERENCIAL"]
["MOVIMENTO DE TERRA","MOVT","ATERRO/REATERRO DE VALAS COM OU S/COMPACTACAO","0021","","",104734,"REATERRO MECANIZADO DE VALA COM RETROESCAVADEIRA (CAPACIDADE   DA   CAÇAMBA   DA RETRO: 0,26 M³/POTÊNCIA: 88 HP), LARGURA DE 0,8 A 1,5 M, PROFUNDIDADE ATÉ 1,5 M, COM SOLO (SEM SUBSTITUIÇÃO) DE 1ª CATEGORIA, COM PLACA VIBRATÓRIA. AF_08/2023","M3","ATRIBUÍDO SÃO PAULO",14.66,"CAIXA REFERENCIAL"]
["MOVIMENTO DE TERRA","MOVT","ATERRO/REATERRO DE VALAS COM OU S/COMPACTACAO","0021","","",104735,"REATERRO MECANIZADO DE VALA COM RETROESCAVADEIRA (CAPACIDADE   DA   CAÇAMBA   DA RETRO: 0,26 M³/POTÊNCIA: 88 HP), LARGURA ATÉ 0,8 M, PROFUNDIDADE DE 1,5 A 3,0 M, COM SOLO (SEM SUBSTITUIÇÃO) DE 1ª CATEGORIA, COM PLACA VIBRATÓRIA. AF_08/2023","M3","ATRIBUÍDO SÃO PAULO",11.98,"CAIXA REFERENCIAL"]
["MOVIMENTO DE TERRA","MOVT","ATERRO/REATERRO DE VALAS COM OU S/COMPACTACAO","0021","","",104736,"REATERRO MECANIZADO DE VALA COM RETROESCAVADEIRA (CAPACIDADE   DA   CAÇAMBA   DA RETRO: 0,26 M³/POTÊNCIA: 88 HP), LARGURA DE 0,8 A 1,5 M, PROFUNDIDADE DE 1,5 A 3,0 M, COM SOLO (SEM SUBSTITUIÇÃO) DE 1ª CATEGORIA, COM PLACA VIBRATÓRIA. AF_08/2023","M3","ATRIBUÍDO SÃO PAULO",8.98,"CAIXA REFERENCIAL"]
["MOVIMENTO DE TERRA","MOVT","ATERRO/REATERRO DE VALAS COM OU S/COMPACTACAO","0021","","",104737,"REATERRO MANUAL DE VALAS, COM PLACA VIBRATÓRIA. AF_08/2023","M3","ATRIBUÍDO SÃO PAULO",20.5,"CAIXA REFERENCIAL"]
["MOVIMENTO DE TERRA","MOVT","ATERRO/REATERRO DE VALAS COM OU S/COMPACTACAO","0021","","",104738,"ATERRO MECANIZADO DE VALA COM MINICARREGADEIRA, COM SOLO ARGILO-ARENOSO. AF_08/2023","M3","ATRIBUÍDO SÃO PAULO",79.64,"CAIXA REFERENCIAL"]
["MOVIMENTO DE TERRA","MOVT","ATERRO/REATERRO DE VALAS COM OU S/COMPACTACAO","0021","","",104739,"ATERRO MECANIZADO DE VALA COM MINICARREGADEIRA, COM AREIA PARA ATERRO. AF_08/2023","M3","ATRIBUÍDO SÃO PAULO",111.92,"CAIXA REFERENCIAL"]
["MOVIMENTO DE TERRA","MOVT","ATERRO/REATERRO DE VALAS COM OU S/COMPACTACAO","0021","","",104740,"REATERRO MECANIZADO DE VALA COM MINICARREGADEIRA, COM COMPACTADOR DE SOLOS DE PERCUSSÃO. AF_08/2023","M3","ATRIBUÍDO SÃO PAULO",28.94,"CAIXA REFERENCIAL"]
["MOVIMENTO DE TERRA","MOVT","ATERRO/REATERRO DE VALAS COM OU S/COMPACTACAO","0021","","",104741,"REATERRO MECANIZADO DE VALA COM MINICARREGADEIRA, COM PLACA VIBRATÓRIA. AF_08/2023","M3","ATRIBUÍDO SÃO PAULO",23.87,"CAIXA REFERENCIAL"]
["MOVIMENTO DE TERRA","MOVT","ATERRO/REATERRO DE VALAS COM OU S/COMPACTACAO","0021","","",104742,"COMPACTAÇÃO DE VALAS COM ROLO COMPRESSOR. AF_08/2023","M2","ATRIBUÍDO SÃO PAULO",8.86,"CAIXA REFERENCIAL"]
["MOVIMENTO DE TERRA","MOVT","CARGA, DESCARGA E/OU TRANSPORTE DE MATERIAIS","0022","","",97916,"TRANSPORTE COM CAMINHÃO BASCULANTE DE 6 M³, EM VIA URBANA EM LEITO NATURAL (UNIDADE: TXKM). AF_07/2020","TXKM","ATRIBUÍDO SÃO PAULO",2.4700000000000002,"CAIXA REFERENCIAL"]
["MOVIMENTO DE TERRA","MOVT","CARGA, DESCARGA E/OU TRANSPORTE DE MATERIAIS","0022","","",97917,"TRANSPORTE COM CAMINHÃO BASCULANTE DE 6 M³, EM VIA URBANA EM REVESTIMENTO PRIMÁRIO (UNIDADE: TXKM). AF_07/2020","TXKM","ATRIBUÍDO SÃO PAULO",2.14,"CAIXA REFERENCIAL"]
["MOVIMENTO DE TERRA","MOVT","CARGA, DESCARGA E/OU TRANSPORTE DE MATERIAIS","0022","","",97918,"TRANSPORTE COM CAMINHÃO BASCULANTE DE 6 M³, EM VIA URBANA PAVIMENTADA, DMT ATÉ 30 KM (UNIDADE: TXKM). AF_07/2020","TXKM","ATRIBUÍDO SÃO PAULO",1.97,"CAIXA REFERENCIAL"]
["MOVIMENTO DE TERRA","MOVT","CARGA, DESCARGA E/OU TRANSPORTE DE MATERIAIS","0022","","",97919,"TRANSPORTE COM CAMINHÃO BASCULANTE DE 6 M³, EM VIA URBANA PAVIMENTADA, ADICIONAL PARA DMT EXCEDENTE A 30 KM (UNIDADE: TXKM). AF_07/2020","TXKM","ATRIBUÍDO SÃO PAULO",0.77,"CAIXA REFERENCIAL"]
["MOVIMENTO DE TERRA","MOVT","REGULARIZACAO E APILOAMENTO DE FUNDO DE VALAS","0225","","",101616,"PREPARO DE FUNDO DE VALA COM LARGURA MENOR QUE 1,5 M (ACERTO DO SOLO NATURAL). AF_08/2020","M2","ATRIBUÍDO SÃO PAULO",5.95,"CAIXA REFERENCIAL"]
["MOVIMENTO DE TERRA","MOVT","REGULARIZACAO E APILOAMENTO DE FUNDO DE VALAS","0225","","",101617,"PREPARO DE FUNDO DE VALA COM LARGURA MAIOR OU IGUAL A 1,5 M E MENOR QUE 2,5 M (ACERTO DO SOLO NATURAL). AF_08/2020","M2","ATRIBUÍDO SÃO PAULO",2.94,"CAIXA REFERENCIAL"]
["MOVIMENTO DE TERRA","MOVT","REGULARIZACAO E APILOAMENTO DE FUNDO DE VALAS","0225","","",101618,"PREPARO DE FUNDO DE VALA COM LARGURA MENOR QUE 1,5 M, COM CAMADA DE AREIA, LANÇAMENTO MANUAL. AF_08/2020","M3","ATRIBUÍDO SÃO PAULO",249.52,"CAIXA REFERENCIAL"]
["MOVIMENTO DE TERRA","MOVT","REGULARIZACAO E APILOAMENTO DE FUNDO DE VALAS","0225","","",101619,"PREPARO DE FUNDO DE VALA COM LARGURA MENOR QUE 1,5 M, COM CAMADA DE BRITA, LANÇAMENTO MANUAL. AF_08/2020","M3","ATRIBUÍDO SÃO PAULO",277.13,"CAIXA REFERENCIAL"]
["MOVIMENTO DE TERRA","MOVT","REGULARIZACAO E APILOAMENTO DE FUNDO DE VALAS","0225","","",101620,"PREPARO DE FUNDO DE VALA COM LARGURA MAIOR OU IGUAL A 1,5 M E MENOR QUE 2,5 M, COM CAMADA DE AREIA, LANÇAMENTO MANUAL. AF_08/2020","M3","ATRIBUÍDO SÃO PAULO",225.23,"CAIXA REFERENCIAL"]
["MOVIMENTO DE TERRA","MOVT","REGULARIZACAO E APILOAMENTO DE FUNDO DE VALAS","0225","","",101621,"PREPARO DE FUNDO DE VALA COM LARGURA MAIOR OU IGUAL A 1,5 M E MENOR QUE 2,5 M, COM CAMADA DE BRITA, LANÇAMENTO MANUAL. AF_08/2020","M3","ATRIBUÍDO SÃO PAULO",252.83,"CAIXA REFERENCIAL"]
["MOVIMENTO DE TERRA","MOVT","REGULARIZACAO E APILOAMENTO DE FUNDO DE VALAS","0225","","",101622,"PREPARO DE FUNDO DE VALA COM LARGURA MENOR QUE 1,5 M, COM CAMADA DE AREIA, LANÇAMENTO MECANIZADO. AF_08/2020","M3","ATRIBUÍDO SÃO PAULO",232.24,"CAIXA REFERENCIAL"]
["MOVIMENTO DE TERRA","MOVT","REGULARIZACAO E APILOAMENTO DE FUNDO DE VALAS","0225","","",101623,"PREPARO DE FUNDO DE VALA COM LARGURA MENOR QUE 1,5 M, COM CAMADA DE BRITA, LANÇAMENTO MECANIZADO. AF_08/2020","M3","ATRIBUÍDO SÃO PAULO",255.82,"CAIXA REFERENCIAL"]
["MOVIMENTO DE TERRA","MOVT","REGULARIZACAO E APILOAMENTO DE FUNDO DE VALAS","0225","","",101624,"PREPARO DE FUNDO DE VALA COM LARGURA MAIOR OU IGUAL A 1,5 M E MENOR QUE 2,5 M, COM CAMADA DE BRITA, LANÇAMENTO MECANIZADO. AF_08/2020","M3","ATRIBUÍDO SÃO PAULO",208.25,"CAIXA REFERENCIAL"]
["MOVIMENTO DE TERRA","MOVT","REGULARIZACAO E APILOAMENTO DE FUNDO DE VALAS","0225","","",101625,"PREPARO DE FUNDO DE VALA COM LARGURA MAIOR OU IGUAL A 1,5 M E MENOR QUE 2,5 M, COM CAMADA DE AREIA, LANÇAMENTO MECANIZADO. AF_08/2020","M3","ATRIBUÍDO SÃO PAULO",190.62,"CAIXA REFERENCIAL"]
["PAREDES/PAINEIS","PARE","ALVENARIA DE TIJOLOS CERAMICOS","0063","","",101159,"ALVENARIA DE VEDAÇÃO DE BLOCOS CERÂMICOS MACIÇOS DE 5X10X20CM (ESPESSURA 10CM) E ARGAMASSA DE ASSENTAMENTO COM PREPARO EM BETONEIRA. AF_05/2020","M2","COEFICIENTE DE REPRESENTATIVIDADE",119.29,"CAIXA REFERENCIAL"]
["PAREDES/PAINEIS","PARE","ALVENARIA DE TIJOLOS CERAMICOS","0063","","",103322,"ALVENARIA DE VEDAÇÃO DE BLOCOS CERÂMICOS FURADOS NA VERTICAL DE 9X19X39 CM (ESPESSURA 9 CM) E ARGAMASSA DE ASSENTAMENTO COM PREPARO EM BETONEIRA. AF_12/2021","M2","ATRIBUÍDO SÃO PAULO",46.64,"CAIXA REFERENCIAL"]
["PAREDES/PAINEIS","PARE","ALVENARIA DE TIJOLOS CERAMICOS","0063","","",103323,"ALVENARIA DE VEDAÇÃO DE BLOCOS CERÂMICOS FURADOS NA VERTICAL DE 9X19X39 CM (ESPESSURA 9 CM) E ARGAMASSA DE ASSENTAMENTO COM PREPARO MANUAL. AF_12/2021","M2","ATRIBUÍDO SÃO PAULO",47.53,"CAIXA REFERENCIAL"]
["PAREDES/PAINEIS","PARE","ALVENARIA DE TIJOLOS CERAMICOS","0063","","",103324,"ALVENARIA DE VEDAÇÃO DE BLOCOS CERÂMICOS FURADOS NA VERTICAL DE 14X19X39 CM (ESPESSURA 14 CM) E ARGAMASSA DE ASSENTAMENTO COM PREPARO EM BETONEIRA. AF_12/2021","M2","ATRIBUÍDO SÃO PAULO",62.71,"CAIXA REFERENCIAL"]
["PAREDES/PAINEIS","PARE","ALVENARIA DE TIJOLOS CERAMICOS","0063","","",103325,"ALVENARIA DE VEDAÇÃO DE BLOCOS CERÂMICOS FURADOS NA VERTICAL DE 14X19X39 CM (ESPESSURA 14 CM) E ARGAMASSA DE ASSENTAMENTO COM PREPARO MANUAL. AF_12/2021","M2","ATRIBUÍDO SÃO PAULO",63.73,"CAIXA REFERENCIAL"]
["PAREDES/PAINEIS","PARE","ALVENARIA DE TIJOLOS CERAMICOS","0063","","",103326,"ALVENARIA DE VEDAÇÃO DE BLOCOS CERÂMICOS FURADOS NA VERTICAL DE 19X19X39 CM (ESPESSURA 19 CM) E ARGAMASSA DE ASSENTAMENTO COM PREPARO EM BETONEIRA. AF_12/2021","M2","ATRIBUÍDO SÃO PAULO",75.08,"CAIXA REFERENCIAL"]
["PAREDES/PAINEIS","PARE","ALVENARIA DE TIJOLOS CERAMICOS","0063","","",103327,"ALVENARIA DE VEDAÇÃO DE BLOCOS CERÂMICOS FURADOS NA VERTICAL DE 19X19X39 CM (ESPESSURA 19 CM) E ARGAMASSA DE ASSENTAMENTO COM PREPARO MANUAL. AF_12/2021","M2","ATRIBUÍDO SÃO PAULO",76.27,"CAIXA REFERENCIAL"]
["PAREDES/PAINEIS","PARE","ALVENARIA DE TIJOLOS CERAMICOS","0063","","",103328,"ALVENARIA DE VEDAÇÃO DE BLOCOS CERÂMICOS FURADOS NA HORIZONTAL DE 9X19X19 CM (ESPESSURA 9 CM) E ARGAMASSA DE ASSENTAMENTO COM PREPARO EM BETONEIRA. AF_12/2021","M2","ATRIBUÍDO SÃO PAULO",78.69,"CAIXA REFERENCIAL"]
["PAREDES/PAINEIS","PARE","ALVENARIA DE TIJOLOS CERAMICOS","0063","","",103329,"ALVENARIA DE VEDAÇÃO DE BLOCOS CERÂMICOS FURADOS NA HORIZONTAL DE 9X19X19 CM (ESPESSURA 9 CM) E ARGAMASSA DE ASSENTAMENTO COM PREPARO MANUAL. AF_12/2021","M2","ATRIBUÍDO SÃO PAULO",79.48,"CAIXA REFERENCIAL"]
["PAREDES/PAINEIS","PARE","ALVENARIA DE TIJOLOS CERAMICOS","0063","","",103330,"ALVENARIA DE VEDAÇÃO DE BLOCOS CERÂMICOS FURADOS NA HORIZONTAL DE 11,5X19X19 CM (ESPESSURA 11,5 CM) E ARGAMASSA DE ASSENTAMENTO COM PREPARO EM BETONEIRA. AF_12/2021","M2","ATRIBUÍDO SÃO PAULO",69.849999999999994,"CAIXA REFERENCIAL"]
["PAREDES/PAINEIS","PARE","ALVENARIA DE TIJOLOS CERAMICOS","0063","","",103331,"ALVENARIA DE VEDAÇÃO DE BLOCOS CERÂMICOS FURADOS NA HORIZONTAL DE 11,5X19X19 CM (ESPESSURA 11,5 CM) E ARGAMASSA DE ASSENTAMENTO COM PREPARO MANUAL. AF_12/2021","M2","ATRIBUÍDO SÃO PAULO",70.69,"CAIXA REFERENCIAL"]
["PAREDES/PAINEIS","PARE","ALVENARIA DE TIJOLOS CERAMICOS","0063","","",103332,"ALVENARIA DE VEDAÇÃO DE BLOCOS CERÂMICOS FURADOS NA HORIZONTAL DE 9X14X19 CM (ESPESSURA 9 CM) E ARGAMASSA DE ASSENTAMENTO COM PREPARO EM BETONEIRA. AF_12/2021","M2","ATRIBUÍDO SÃO PAULO",103.89,"CAIXA REFERENCIAL"]
["PAREDES/PAINEIS","PARE","ALVENARIA DE TIJOLOS CERAMICOS","0063","","",103333,"ALVENARIA DE VEDAÇÃO DE BLOCOS CERÂMICOS FURADOS NA HORIZONTAL DE 9X14X19 CM (ESPESSURA 9 CM) E ARGAMASSA DE ASSENTAMENTO COM PREPARO MANUAL. AF_12/2021","M2","ATRIBUÍDO SÃO PAULO",104.8,"CAIXA REFERENCIAL"]
["PAREDES/PAINEIS","PARE","ALVENARIA DE TIJOLOS CERAMICOS","0063","","",103334,"ALVENARIA DE VEDAÇÃO DE BLOCOS CERÂMICOS FURADOS NA HORIZONTAL DE 14X9X19 CM (ESPESSURA 14 CM, BLOCO DEITADO) E ARGAMASSA DE ASSENTAMENTO COM PREPARO EM BETONEIRA. AF_12/2021","M2","ATRIBUÍDO SÃO PAULO",123.96,"CAIXA REFERENCIAL"]
["PAREDES/PAINEIS","PARE","ALVENARIA DE TIJOLOS CERAMICOS","0063","","",103335,"ALVENARIA DE VEDAÇÃO DE BLOCOS CERÂMICOS FURADOS NA HORIZONTAL DE 14X9X19 CM (ESPESSURA 14 CM, BLOCO DEITADO) E ARGAMASSA DE ASSENTAMENTO COM PREPARO MANUAL. AF_12/2021","M2","ATRIBUÍDO SÃO PAULO",125.54,"CAIXA REFERENCIAL"]
["PAREDES/PAINEIS","PARE","ALVENARIA DE TIJOLOS CERAMICOS","0063","","",103350,"ALVENARIA DE VEDAÇÃO DE BLOCOS CERÂMICOS FURADOS NA HORIZONTAL DE 9X9X19 CM (ESPESSURA 9 CM) E ARGAMASSA DE ASSENTAMENTO COM PREPARO EM BETONEIRA. AF_12/2021","M2","ATRIBUÍDO SÃO PAULO",151.87,"CAIXA REFERENCIAL"]
["PAREDES/PAINEIS","PARE","ALVENARIA DE TIJOLOS CERAMICOS","0063","","",103351,"ALVENARIA DE VEDAÇÃO DE BLOCOS CERÂMICOS FURADOS NA HORIZONTAL DE 9X9X19 CM (ESPESSURA 9 CM) E ARGAMASSA DE ASSENTAMENTO COM PREPARO MANUAL. AF_12/2021","M2","ATRIBUÍDO SÃO PAULO",153.02000000000001,"CAIXA REFERENCIAL"]
["PAREDES/PAINEIS","PARE","ALVENARIA DE TIJOLOS CERAMICOS","0063","","",103356,"ALVENARIA DE VEDAÇÃO DE BLOCOS CERÂMICOS FURADOS NA HORIZONTAL DE 9X19X29 CM (ESPESSURA 9 CM) E ARGAMASSA DE ASSENTAMENTO COM PREPARO EM BETONEIRA. AF_12/2021","M2","ATRIBUÍDO SÃO PAULO",46.72,"CAIXA REFERENCIAL"]
["PAREDES/PAINEIS","PARE","ALVENARIA DE TIJOLOS CERAMICOS","0063","","",103357,"ALVENARIA DE VEDAÇÃO DE BLOCOS CERÂMICOS FURADOS NA HORIZONTAL DE 9X19X29 CM (ESPESSURA 9 CM) E ARGAMASSA DE ASSENTAMENTO COM PREPARO MANUAL. AF_12/2021","M2","ATRIBUÍDO SÃO PAULO",47.38,"CAIXA REFERENCIAL"]
["PAREDES/PAINEIS","PARE","ALVENARIA DE ELEMENTOS VAZADOS CERAMICOS","0064","","",89282,"ALVENARIA ESTRUTURAL DE BLOCOS CERÂMICOS 14X19X39, (ESPESSURA DE 14 CM), UTILIZANDO PALHETA E ARGAMASSA DE ASSENTAMENTO COM PREPARO EM BETONEIRA. AF_03/2023","M2","COEFICIENTE DE REPRESENTATIVIDADE",56.05,"CAIXA REFERENCIAL"]
["PAREDES/PAINEIS","PARE","ALVENARIA DE ELEMENTOS VAZADOS CERAMICOS","0064","","",89283,"ALVENARIA ESTRUTURAL DE BLOCOS CERÂMICOS 14X19X39, (ESPESSURA DE 14 CM), UTILIZANDO PALHETA E ARGAMASSA DE ASSENTAMENTO COM PREPARO MANUAL. AF_03/2023","M2","COEFICIENTE DE REPRESENTATIVIDADE",57.02,"CAIXA REFERENCIAL"]
["PAREDES/PAINEIS","PARE","ALVENARIA DE ELEMENTOS VAZADOS CERAMICOS","0064","","",89290,"ALVENARIA ESTRUTURAL DE BLOCOS CERÂMICOS 14X19X29, (ESPESSURA DE 14 CM), UTILIZANDO PALHETA E ARGAMASSA DE ASSENTAMENTO COM PREPARO EM BETONEIRA. AF_03/2023","M2","COEFICIENTE DE REPRESENTATIVIDADE",64.77,"CAIXA REFERENCIAL"]
["PAREDES/PAINEIS","PARE","ALVENARIA DE ELEMENTOS VAZADOS CERAMICOS","0064","","",89291,"ALVENARIA ESTRUTURAL DE BLOCOS CERÂMICOS 14X19X29, (ESPESSURA DE 14 CM), UTILIZANDO PALHETA E ARGAMASSA DE ASSENTAMENTO COM PREPARO MANUAL. AF_03/2023","M2","COEFICIENTE DE REPRESENTATIVIDADE",65.849999999999994,"CAIXA REFERENCIAL"]
["PAREDES/PAINEIS","PARE","ALVENARIA DE ELEMENTOS VAZADOS CERAMICOS","0064","","",89298,"ALVENARIA ESTRUTURAL DE BLOCOS CERÂMICOS 14X19X39, (ESPESSURA DE 14 CM), UTILIZANDO COLHER DE PEDREIRO E ARGAMASSA DE ASSENTAMENTO COM PREPARO EM BETONEIRA. AF_03/2023","M2","COEFICIENTE DE REPRESENTATIVIDADE",66.930000000000007,"CAIXA REFERENCIAL"]
["PAREDES/PAINEIS","PARE","ALVENARIA DE ELEMENTOS VAZADOS CERAMICOS","0064","","",89299,"ALVENARIA ESTRUTURAL DE BLOCOS CERÂMICOS 14X19X39, (ESPESSURA DE 14 CM), UTILIZANDO COLHER DE PEDREIRO E ARGAMASSA DE ASSENTAMENTO COM PREPARO MANUAL. AF_03/2023","M2","COEFICIENTE DE REPRESENTATIVIDADE",68.22,"CAIXA REFERENCIAL"]
["PAREDES/PAINEIS","PARE","ALVENARIA DE ELEMENTOS VAZADOS CERAMICOS","0064","","",89306,"ALVENARIA ESTRUTURAL DE BLOCOS CERÂMICOS 14X19X29, (ESPESSURA DE 14 CM), UTILIZANDO COLHER DE PEDREIRO E ARGAMASSA DE ASSENTAMENTO COM PREPARO EM BETONEIRA. AF_03/2023","M2","COEFICIENTE DE REPRESENTATIVIDADE",80.05,"CAIXA REFERENCIAL"]
["PAREDES/PAINEIS","PARE","ALVENARIA DE ELEMENTOS VAZADOS CERAMICOS","0064","","",89307,"ALVENARIA ESTRUTURAL DE BLOCOS CERÂMICOS 14X19X29, (ESPESSURA DE 14 CM), UTILIZANDO COLHER DE PEDREIRO E ARGAMASSA DE ASSENTAMENTO COM PREPARO MANUAL. AF_03/2023","M2","COEFICIENTE DE REPRESENTATIVIDADE",81.5,"CAIXA REFERENCIAL"]
["PAREDES/PAINEIS","PARE","ALVENARIA DE ELEMENTOS VAZADOS CERAMICOS","0064","","",101157,"ALVENARIA DE VEDAÇÃO DE BLOCOS DE GESSO DE 7X50X66CM (ESPESSURA 7CM). AF_05/2020","M2","COEFICIENTE DE REPRESENTATIVIDADE",55.32,"CAIXA REFERENCIAL"]
["PAREDES/PAINEIS","PARE","ALVENARIA DE ELEMENTOS VAZADOS CERAMICOS","0064","","",101158,"ALVENARIA DE VEDAÇÃO DE BLOCOS DE GESSO DE 10X50X66CM (ESPESSURA 10CM). AF_05/2020","M2","COEFICIENTE DE REPRESENTATIVIDADE",72.13,"CAIXA REFERENCIAL"]
["PAREDES/PAINEIS","PARE","ALVENARIA DE ELEMENTOS VAZADOS CERAMICOS","0064","","",101162,"ALVENARIA DE VEDAÇÃO COM ELEMENTO VAZADO DE CERÂMICA (COBOGÓ) DE 7X20X20CM E ARGAMASSA DE ASSENTAMENTO COM PREPARO EM BETONEIRA. AF_05/2020","M2","COEFICIENTE DE REPRESENTATIVIDADE",128.38999999999999,"CAIXA REFERENCIAL"]
["PAREDES/PAINEIS","PARE","ALVENARIA DE BLOCOS DE CONCRETO","0065","","",103316,"ALVENARIA DE VEDAÇÃO DE BLOCOS VAZADOS DE CONCRETO DE 9X19X39 CM (ESPESSURA 9 CM) E ARGAMASSA DE ASSENTAMENTO COM PREPARO EM BETONEIRA. AF_12/2021","M2","ATRIBUÍDO SÃO PAULO",71.7,"CAIXA REFERENCIAL"]
["PAREDES/PAINEIS","PARE","ALVENARIA DE BLOCOS DE CONCRETO","0065","","",103317,"ALVENARIA DE VEDAÇÃO DE BLOCOS VAZADOS DE CONCRETO DE 9X19X39 CM (ESPESSURA 9 CM) E ARGAMASSA DE ASSENTAMENTO COM PREPARO MANUAL. AF_12/2021","M2","ATRIBUÍDO SÃO PAULO",72.45,"CAIXA REFERENCIAL"]
["PAREDES/PAINEIS","PARE","ALVENARIA DE BLOCOS DE CONCRETO","0065","","",103318,"ALVENARIA DE VEDAÇÃO DE BLOCOS VAZADOS DE CONCRETO DE 14X19X39 CM (ESPESSURA 14 CM)  E ARGAMASSA DE ASSENTAMENTO COM PREPARO EM BETONEIRA. AF_12/2021","M2","ATRIBUÍDO SÃO PAULO",92.74,"CAIXA REFERENCIAL"]
["PAREDES/PAINEIS","PARE","ALVENARIA DE BLOCOS DE CONCRETO","0065","","",103319,"ALVENARIA DE VEDAÇÃO DE BLOCOS VAZADOS DE CONCRETO DE 14X19X39 CM (ESPESSURA 14 CM) E ARGAMASSA DE ASSENTAMENTO COM PREPARO MANUAL. AF_12/2021","M2","ATRIBUÍDO SÃO PAULO",93.62,"CAIXA REFERENCIAL"]
["PAREDES/PAINEIS","PARE","ALVENARIA DE BLOCOS DE CONCRETO","0065","","",103320,"ALVENARIA DE VEDAÇÃO DE BLOCOS VAZADOS DE CONCRETO DE 19X19X39 CM (ESPESSURA 19 CM) E ARGAMASSA DE ASSENTAMENTO COM PREPARO EM BETONEIRA. AF_12/2021","M2","ATRIBUÍDO SÃO PAULO",111.77,"CAIXA REFERENCIAL"]
["PAREDES/PAINEIS","PARE","ALVENARIA DE BLOCOS DE CONCRETO","0065","","",103321,"ALVENARIA DE VEDAÇÃO DE BLOCOS VAZADOS DE CONCRETO DE 19X19X39 CM (ESPESSURA 19 CM) E ARGAMASSA DE ASSENTAMENTO COM PREPARO MANUAL. AF_12/2021","M2","ATRIBUÍDO SÃO PAULO",112.87,"CAIXA REFERENCIAL"]
["PAREDES/PAINEIS","PARE","ALVENARIA DE BLOCOS DE CONCRETO","0065","","",103336,"ALVENARIA DE VEDAÇÃO DE BLOCOS  VAZADOS DE CONCRETO APARENTE DE 9X19X39 CM (ESPESSURA 9 CM) E ARGAMASSA DE ASSENTAMENTO COM PREPARO EM BETONEIRA. AF_12/2021","M2","ATRIBUÍDO SÃO PAULO",80.209999999999994,"CAIXA REFERENCIAL"]
["PAREDES/PAINEIS","PARE","ALVENARIA DE BLOCOS DE CONCRETO","0065","","",103337,"ALVENARIA DE VEDAÇÃO DE BLOCOS  VAZADOS DE CONCRETO APARENTE DE 9X19X39 CM (ESPESSURA 9 CM) E ARGAMASSA DE ASSENTAMENTO COM PREPARO MANUAL. AF_12/2021","M2","ATRIBUÍDO SÃO PAULO",80.959999999999994,"CAIXA REFERENCIAL"]
["PAREDES/PAINEIS","PARE","ALVENARIA DE BLOCOS DE CONCRETO","0065","","",103338,"ALVENARIA DE VEDAÇÃO DE BLOCOS  VAZADOS DE CONCRETO APARENTE DE 14X19X39 CM (ESPESSURA 14 CM) E ARGAMASSA DE ASSENTAMENTO COM PREPARO EM BETONEIRA. AF_12/2021","M2","ATRIBUÍDO SÃO PAULO",105.32,"CAIXA REFERENCIAL"]
["PAREDES/PAINEIS","PARE","ALVENARIA DE BLOCOS DE CONCRETO","0065","","",103339,"ALVENARIA DE VEDAÇÃO DE BLOCOS  VAZADOS DE CONCRETO APARENTE DE 14X19X39 CM (ESPESSURA 14 CM) E ARGAMASSA DE ASSENTAMENTO COM PREPARO MANUAL. AF_12/2021","M2","ATRIBUÍDO SÃO PAULO",106.2,"CAIXA REFERENCIAL"]
["PAREDES/PAINEIS","PARE","ALVENARIA DE BLOCOS DE CONCRETO","0065","","",103340,"ALVENARIA DE VEDAÇÃO DE BLOCOS  VAZADOS DE CONCRETO APARENTE DE 19X19X39 CM (ESPESSURA 19 CM) E ARGAMASSA DE ASSENTAMENTO COM PREPARO EM BETONEIRA. AF_12/2021","M2","ATRIBUÍDO SÃO PAULO",127.69,"CAIXA REFERENCIAL"]
["PAREDES/PAINEIS","PARE","ALVENARIA DE BLOCOS DE CONCRETO","0065","","",103341,"ALVENARIA DE VEDAÇÃO DE BLOCOS  VAZADOS DE CONCRETO APARENTE DE 19X19X39 CM (ESPESSURA 19 CM) E ARGAMASSA DE ASSENTAMENTO COM PREPARO MANUAL. AF_12/2021","M2","ATRIBUÍDO SÃO PAULO",128.79,"CAIXA REFERENCIAL"]
["PAREDES/PAINEIS","PARE","ALVENARIA DE BLOCOS DE CONCRETO","0065","","",103342,"ALVENARIA DE VEDAÇÃO DE BLOCOS  VAZADOS DE CONCRETO DE 14X19X29 CM (ESPESSURA 14 CM) E ARGAMASSA DE ASSENTAMENTO COM PREPARO EM BETONEIRA. AF_12/2021","M2","ATRIBUÍDO SÃO PAULO",108.27,"CAIXA REFERENCIAL"]
["PAREDES/PAINEIS","PARE","ALVENARIA DE BLOCOS DE CONCRETO","0065","","",103343,"ALVENARIA DE VEDAÇÃO DE BLOCOS  VAZADOS DE CONCRETO DE 14X19X29 CM (ESPESSURA 14 CM) E ARGAMASSA DE ASSENTAMENTO COM PREPARO MANUAL. AF_12/2021","M2","ATRIBUÍDO SÃO PAULO",109.24,"CAIXA REFERENCIAL"]
["PAREDES/PAINEIS","PARE","ALVENARIA DE ELEMENTOS VAZADOS DE CONCRETO","0066","","",89453,"ALVENARIA DE BLOCOS DE CONCRETO ESTRUTURAL 14X19X39 CM (ESPESSURA 14 CM), FBK = 4,5 MPA, UTILIZANDO PALHETA. AF_10/2022","M2","COEFICIENTE DE REPRESENTATIVIDADE",82.45,"CAIXA REFERENCIAL"]
["PAREDES/PAINEIS","PARE","ALVENARIA DE ELEMENTOS VAZADOS DE CONCRETO","0066","","",89455,"ALVENARIA DE BLOCOS DE CONCRETO ESTRUTURAL 14X19X39 CM (ESPESSURA 14 CM), FBK = 14 MPA, UTILIZANDO PALHETA. AF_10/2022","M2","COEFICIENTE DE REPRESENTATIVIDADE",99.41,"CAIXA REFERENCIAL"]
["PAREDES/PAINEIS","PARE","ALVENARIA DE ELEMENTOS VAZADOS DE CONCRETO","0066","